{"text_format":"1","workbook":"xlsx","n_sheets":51,"sheets":["PANEL DE CONTROL","PANEL_DNP","NOTAS","DATOS","PPTO_DNP","APUs_DNP","APU_BÁSICO_DNP","Memorias_Cap1_2_3","Memorias_Cap_4","CUADRILLAS_DNP","PRESTACIONES DNP","Interventoría DNP","LISTA_APUS_DNP","LISTA_APUS","CANT_ALCANT_AA","CANT_ALCANT_P_A","CANT_MURO_C_H","CANT_MURO_C_I","APU BÁSICO","SMLMV","BD_INSUMOS (2)","A.U.I","FOR_INSUMOS","LISTA ITEMS","APUs","OBRAS","LISTA_OBRAS (2)","LISTA_OBRAS","INSUMOS","NUEVO_APU","FORMULARIO_NUEVO_APU","FORMULARIO_NUEVO_APU (2)","FORM. APUS_NUEVOS","APUS_PROY","CANTIDADES","CANT_ESTAB","FORM_CANT.","FORM_NUEVAS_CANT","CANTIDADES_PROY","CANT_BOX","APUS_IMPRIM","PPTO_GRAL","PPTO_GRAL_EJEMPLO","PPTO_ESPECIFICO","PPTO_PROY1","C_INDIRECTOS","FACT MULT.","FACT PREST","INTERVENTORIA","PMT","PAGA"],"not_rendered":{"charts":0,"images":182,"macros":1,"external_links":9,"defined_names":289,"comments":17,"pivot_tables":0},"unopened":[],"bounds":{"document_bytes":16777216,"sheet_cells":100000,"rows_first":2000,"rows_last":500,"rows_between":2000,"halvings":0,"cell_chars":16384,"cell_head_chars":4096},"cells_cut":0,"cells_raw":0,"read":"whole","date_system":"1900"}

{"sheet":"PANEL DE CONTROL","index":0,"n_rows":41,"n_cols":11,"rows_kept":41,"cut":false,"hidden":false,"merged":[[2,7,3,15],[6,7,7,15],[4,7,4,15],[10,2,10,14],[37,2,37,15],[12,10,12,14],[24,6,24,11],[28,2,28,8],[12,2,12,8],[20,2,20,8],[38,2,38,15],[40,2,40,15],[14,2,14,7],[28,10,28,14],[20,10,20,14]]}
[]
[]
[null,null,null,null,null,null,null,{"$f":"+(NOW())","v":"2019-10-21T21:57:52.960"}]
[]
[null,null,null,null,null,null,null,"APLICATIVO PRESUPUESTO DE OBRA - RED VIAL TERCIARIA"]
[]
[null,null,null,null,null,null,null,"PANEL DE CONTROL"]
[]
[]
[null,null,null,null,""]
[null,null,"Herramienta de estructuración de presupuesto de obra para proyectos de mejoramiento de vías regionales "]
[null,null,""]
[null,null,"1. VISOR",null,null,null,null,null,null,null,"5. MODIFICACIONES C. INDIRECTOS Y OTROS"]
[]
[]
[]
[]
[]
[]
[]
[null,null,"2. PRESUPUESTO EJEMPLO",null,null,null,null,null,null,null,"6. GENERACIÓN PRESUPUESTO PROYECTO"]
[]
[]
[]
[null,null,null,null,null,null,"3. DATOS DE ENTRADA"]
[]
[]
[]
[null,null,"4. MODIFICACIONES  COSTOS  DIRECTOS",null,null,null,null,null,null,null,"7. NUEVOS INGRESOS"]
[]
[]
[]
[]
[]
[]
[]
[]
[null,null,"AVISO IMPORTANTE"]
[null,null,"Este aplicativo permite a las entidades territoriales obtener presupuestos para:\n1. Obras tipo contenidas en la “CARTILLA GUÍA PARA LA EVALUACIÓN DE CANTIDADES Y EJECUCIÓN DE PRESUPUESTOS PARA LA CONSTRUCCIÓN DE OBRAS MENORES Y DE CONTENCIÓN DE LA RED TERCIARIA Y FÉRREA DEL INVÍAS” adoptada mediante Resolución N°. 10133 de 2017 del Ministerio de Transporte. \n\n2. Placa Huella contenida en la “GUÍA DE DISEÑO DE PAVIMENTOS CON PLACA HUELLA” adoptada mediante Resolución N°. 0004401 de 2017 del Ministerio de Transporte. Aplica para tramos rectos y sin sobre anchos. Para incluir tramos en curva y sobre anchos, se debe hacer el cálculo específico de las cantidades de obra.\n\n3. Placa Huellas proyecto tipo DNP versión 1.0 de 2016 para mejoramiento de vías terciarias.\n\n4. Las 8 alternativas planteadas en el Proyecto Tipo para el mejoramiento de una vía terciaria\n\nGenera los soportes técnicos requeridos para la presentación de proyectos de este tipo de obras como son: APU, Memoria de cantidades de obra, desglose de AUI, factor prestacional, lista de insumos (materiales, equipos, mano de obra y transporte), PMT y PAGA.\n\nIncluye el Presupuesto del proyecto tipo DNP versión 1.0 de febrero de 2018 para mejoramiento de vías terciarias – vías de tercer orden.\n\nLa herramienta de estructuración de presupuesto de obra para proyectos de mejoramiento de vías regionales fue desarrollada por el Programa de Gobernabilidad Regional de USAID y el Departamento Nacional de Planeación -DNP.\n \nLa herramienta de estructuración de presupuesto de obra para proyectos de mejoramiento de vías regionales permitirá a las entidades territoriales, dar los primeros pasos para estructurar el proyecto de mejoramiento vial, con el fin de buscar su financiación a través de diferente fuentes de recursos, optimizando los procesos de formulación de cantidades, mano de obra, equipos y materiales, generando ahorro en costos y tiempo para la entidad territorial en la generación del presupuesto de obra.\n \nLos resultados obtenidos con la aplicación de la herramienta de selección de alternativas para mejoramiento de vías terciarias son responsabilidad única del responsable de la estructuración del proyecto particular y de ninguna forma compromete al Programa de Gobernabilidad Regional de USAID ni al el Departamento Nacional de Planeación -DNP en su uso."]
[]
[null,null,"Proyectó: Equipo Asesor de Proyectos - RGA -USAID\n         Willian German Blanco - Coordinador Nacional Componente Vías terciaras\n         Nubia Piedad Sevilla - Asesora  Componente Vías terciaras\n        José Sélimo Muñoz - Asesor Componente Vías terciaras\nDepartamento Nacional de Planeación\n        Jonatan David Bernal González- Director de Infraestructura y Energía Sostenible\n        José Alejandro Borrego Naranjo - Profesional Universitario"]

{"sheet":"PANEL_DNP","index":1,"n_rows":25,"n_cols":8,"rows_kept":25,"cut":false,"hidden":false,"merged":[[23,2,23,15],[24,2,24,15],[13,2,13,7],[2,7,3,15],[4,7,4,15],[6,7,7,15],[10,2,10,14]]}
[]
[]
[null,null,null,null,null,null,null,{"$f":"+(NOW())","v":"2019-10-21T21:57:52.960"}]
[]
[null,null,null,null,null,null,null,"APLICATIVO PRESUPUESTO DE OBRA - RED VIAL TERCIARIA"]
[]
[null,null,null,null,null,null,null,"PANEL DE CONTROL"]
[]
[]
[null,null,null,null,""]
[null,null,"Herramienta de estructuración de presupuesto de obra para proyectos de mejoramiento de vías regionales "]
[null,null,""]
[]
[]
[]
[]
[]
[]
[]
[]
[]
[]
[]
[null,null,"AVISO IMPORTANTE"]
[null,null,"Proyectó: Equipo Asesor de Proyectos - RGA -USAID\n         Willian German Blanco - Coordinador Nacional Componente Vías terciaras\n         Nubia Piedad Sevilla - Asesora  Componente Vías terciaras\n        José Sélimo Muñoz - Asesor Componente Vías terciaras\nDepartamento Nacional de Planeación\n        Jonatan David Bernal González- Director de Infraestructura y Energía Sostenible\n        José Alejandro Borrego Naranjo - Profesional Universitario"]

{"sheet":"NOTAS","index":2,"n_rows":11,"n_cols":1,"rows_kept":11,"cut":false,"hidden":false,"merged":[]}
["NOTAS A TENER EN CUENTA"]
[]
["La herramienta de estructuración de presupuesto de obra para proyectos de mejoramiento de vías regionales fue desarrollada por el Programa de Gobernabilidad Regional de USAID y el Departamento Nacional de Planeación -DNP.\n \nLa herramienta de estructuración de presupuesto de obra para proyectos de mejoramiento de vías regionales permitirá a las entidades territoriales, dar los primeros pasos para estructurar el proyecto de mejoramiento vial, con el fin de buscar su financiación a través de diferente fuentes de recursos, optimizando los procesos de formulación de cantidades, mano de obra, equipos y materiales, generando ahorro en costos y tiempo para la entidad territorial en la generación del presupuesto de obra.\n \nLos resultados obtenidos con la aplicación de la herramienta de selección de alternativas para mejoramiento de vías terciarias son responsabilidad única del responsable de la estructuración del proyecto particular y de ninguna forma compromete al Programa de Gobernabilidad Regional de USAID ni al el Departamento Nacional de Planeación -DNP en su uso."]
[]
["Los valores consignados en el aplicativo tienen como precios base de los insumos, valores utilizados en el norte departamento del Cauca. En ningún caso son los valores reales o finales del proyecto específico de cada entidad territorial. Los precios deben ser revisados, actualizados y ajustados a los de la zona de ejecución del proyecto."]
[]
["Los Ítems y cantidades de obra tales como excavaciones, rellenos, retiro de materiales, entre otros, se deben revisar y ajustar al estudio topográfico y demás condiciones específicas de cada proyecto a implementar."]
[]
["En el AIU, el porcentaje de la administración varía según el plazo de ejecución vs el costo directo de las obras a ejecutar. Por lo tanto, debe incluirse en la hoja de “DATOS” el plazo real de ejecución previo a la generación del presupuesto específico. En este cálculo, el plazo de ejecución es la variable más sensible, por lo cual un manejo inadecuado de ésta, puede generar porcentajes de administración desfasados."]
[]
["El presupuesto de implementación del PMT está calculado por metro lineal del tramo a intervenir, para totalizar su valor es necesario incluir previamente en la hoja de “DATOS” la longitud total del tramo a intervenir."]

{"sheet":"DATOS","index":3,"n_rows":93,"n_cols":8,"rows_kept":93,"cut":false,"hidden":false,"merged":[[2,2,2,4],[84,2,84,4],[4,2,4,4],[36,2,36,4],[38,2,38,4],[44,2,44,4],[52,2,52,4],[66,2,66,4],[72,2,72,4],[18,2,18,4],[24,2,24,4],[30,2,30,4]]}
[]
[]
[null,null,"DATOS DE ENTRADA"]
[]
[null,null,"1. DATOS GENERALES DEL PROYECTO"]
[]
[null,null,"Departamento:",null,"DEPARTAMENTO DEL CAUCA"]
[]
[null,null,"Municipio:",null,"MUNICIPIO LA ESTRELLA FLUVIAL"]
[]
[null,null,"Dependencia responsable:",null,"SECRETARÍA DE OBRAS PÚBLICAS"]
[]
[null,null,"Nombre del Proyecto:",null,"MEJORAMIENTO DEL TRAMO VIAL LA PAZ - EL PROGRESO ENTRE EL K5+000 Y EL K6+000 DEL MUNICIPIO LA ESTRELLA FLUVIAL"]
[]
[null,null,"Fecha:",null,"2019-10-11",null,"Corresponde a la fecha en la que se elabora el presupuesto y con la cual se rotularán todos lo documentos que lo soportan "]
[]
[null,null,"CODIGO BPIN:",null,null,null,"Ingresar si ya se cuenta con el código BPIN del proyecto "]
[]
[null,null,"Datos del responsable del presupuesto de obra e interventoría"]
[]
[null,null,"Datos del Responsable:",null,"JULIANA MARÍA VELEZ"]
[null,null,"Cargo del Responsable:",null,"SECRETARIA DE OBRAS PÚBLICAS"]
[null,null,"Matricula Profesional N°.:",null,"M.P. N°.  191919199 CAU"]
[]
[null,null,"Datos del responsable del presupuesto para la implementación del PMT"]
[]
[null,null,"Nombre del Responsable:",null,"MARIANA ARBOLEDA"]
[null,null,"Cargo o Profesión del Responsable:",null,"INGENIERA CIVIL"]
[null,null,"Matricula Profesional N°.:",null,"M.P. N°. 191818188 CAU"]
[]
[null,null,"Datos del responsable del presupuesto para la implemantación del PAGA"]
[]
[null,null,"Nombre del Responsable:",null,"ARTURO LAME"]
[null,null,"Cargo o Profesión del Responsable:",null,"INGENIERO AMBIENTAL"]
[null,null,"Matricula Profesional N°.:",null,"M.P. N°. 191717177 CAU"]
[]
[null,null,"2. DATOS PARA EL CÁLCULO DE LOS COSTOS DIRECTOS"]
[]
[null,null,"2.1 DATOS PARA EQUIPO"]
[]
[null,null,"HERRAMIENTA MENOR TIPO - HM1:",null,0.1,null,"Este porcentaje se aplica al valor total de la mano de obra. Se manejan dos tipos de Herramienta Menor (HM1 y HM2), para dar al usuario la opción de aplicar dos porcentajes diferentes de H.M en un mismo presupuesto, según las condiciones específicas de cada APU."]
[]
[null,null,"HERRAMIENTA MENOR TIPO -HM2:",null,0.02,null,"Este porcentaje se aplica al valor total de la mano de obra. Se manejan dos tipos de Herramienta Menor (HM1 y HM2), para dar al usuario la opción de aplicar dos porcentajes diferentes de H.M en un mismo presupuesto, según las condiciones específicas de cada APU."]
[]
[null,null,"2.2 DATOS PARA MATERIALES"]
[]
[null,null,"DESPERDICIOS:",null,0.05]
[]
[null,null,"FACTOR DE EXPANSIÓN:",null,1.25,null,"Este factor se aplica al material proveniente de excavaciones que va a ser desalojado"]
[]
[null,null,"FACTOR DE COMPACTACIÓN:",null,1.3,null,"Este factor se aplica al material con el que se realizarán rellenos"]
[]
[null,null,"2.3 DATOS PARA TRANSPORTES"]
[]
[null,null,"DISTANCIA HASTA SITIOS PARA DISPOSICIÓN DE SOBRANTES:",null,8,null,null,"Dist. desalojo sobrantes"]
[null,null,null,null,null,null,null,"Dist. Cantera para relleno"]
[null,null,"DISTANCIA HASTA CANTERA MATERIAL DE RELLENO 1 (km):",null,10,null,null,"Dist. Cantera Triturado"]
[null,null,null,null,null,null,null,"Dist. Cantera Roca Muerta"]
[null,null,"DISTANCIA HASTA CANTERA TRITURADOS 2 (km):",null,15,null,null,"Dist. Cantera Agregados rio"]
[null,null,null,null,null,null,null,"Dist. Transporte Maquinaria"]
[null,null,"DISTANCIA HASTA FUENTE MATERIAL COMUN O ROCA MUERTA (km):",null,9.5]
[]
[null,null,"DISTANCIA HASTA CANTERA AGREGADOS RIO 2 (km):",null,8]
[]
[null,null,"DISTANCIA TRANSPORTE MAQUINARIA  (km):",null,50]
[]
[null,null,"2.4 DATOS PARA MANO DE OBRA"]
[]
[null,null,"SMMLV AÑO 2019:",null,{"$f":"+SMLMV_2019","v":828116}]
[]
[null,null,"AUXILIO DE TRANSPORTE AÑO 2019:",null,{"$f":"AT_2019","v":97032}]
[]
[null,null,"3. DATOS PARA EL CÁLCULO DE COSTOS INDIRECTOS Y OTROS"]
[]
[null,null,"DURACION DE LA OBRA (meses):",null,3]
[]
[null,null,"LONGITUD PMT (m):",null,1000]
[]
[null,null,"IMPREVISTOS (%):",null,0.02]
[]
[null,null,"UTILIDAD (%):",null,0.05]
[]
[null,null,"IVA (%):",null,0.19]
[]
[null,null,"PÓLIZAS"]
[]
[null,null,"Cumplimiento:",null,1.5E-3]
[null,null,"Manejo y buena inversión del anticipo:",null,2E-3]
[null,null,"Estabilidad de la Obra:",null,4.1000000000000003E-3]
[null,null,"Pago de salarios y prestaciones Sociales:",null,8.0000000000000004E-4]
[null,null,"Responsabilidad Civil Extracontractual:",null,1.4E-3]
[]
[null,null,"% TOTAL PÓLIZAS",null,{"$f":"SUM(E87:E91)","v":9.8000000000000014E-3}]

{"sheet":"PPTO_DNP","index":4,"n_rows":57,"n_cols":8,"rows_kept":57,"cut":false,"hidden":false,"merged":[[56,2,56,7],[2,2,3,3],[2,4,2,6],[2,7,3,7],[3,4,3,6],[45,2,48,4],[54,2,55,7]]}
[]
[]
[null,null,null,null,"PROYECTO TIPO MEJORAMIENTO DE VÍAS TERCIARIAS  Tramo 1 km",null,null,"AVAL"]
[null,null,null,null,"PRESUPUESTO"]
[null,null,"Capítulo/Ítem","Descripción","Unidad","Cantidad","Precio Unitario","Valor parcial"]
[null,null,1,"Realizar obras preliminares",null,null,null,{"$f":"SUM(H7:H7)","v":9570000}]
["APU-DNP1",null,"1.1","Localización y replanteo","m²",{"$f":"Memorias_Cap1_2_3!X78","v":6000},{"$f":"+IFERROR(VLOOKUP(A7,APUS_RANGO_DNP,11,FALSE),\"\")","v":1595},{"$f":"ROUND(F7*G7,0)","v":9570000}]
[null,null,2,"Implementar el mejoramiento de vías terciarias para la estructura de pavimento",null,null,null,{"$f":"SUM(H9:H22)","v":286506561}]
["APU-DNP2",null,"2.1","Excavación mecánica en material común a nivel de subrasante  (incluye retiro de sobrantes, transporte hasta escombrera y derecho de botadero)","m³",{"$f":"+Memorias_Cap1_2_3!X101","v":2772},{"$f":"+IFERROR(VLOOKUP(A9,APUS_RANGO_DNP,11,FALSE),\"\")","v":13064},{"$f":"ROUND(F9*G9,0)","v":36213408}]
["APU-DNP3",null,"2.2","Conformación de la subrasante ","m²",{"$f":"+Memorias_Cap1_2_3!X125","v":6000},3038,{"$f":"ROUND(F10*G10,0)","v":18228000}]
["APU-DNP4",null,"2.3","Subbase granular (incluye suministro, extendido, nivelación, humedecido y compactación)  ","m³",{"$f":"Memorias_Cap1_2_3!X148","v":1440},46055,{"$f":"ROUND(F11*G11,0)","v":66319200}]
["APU-DNP5",null,"2.4","Excavación manual H= 0,15 m y a= 0,20 m para riostras de placa huella (incluye retiro de sobrantes, transporte hasta escombrera y derecho de botadero)  ","m³",{"$f":"Memorias_Cap1_2_3!X170","v":4.83},7819,37766]
["APU-DNP6",null,"2.5","Concreto de 210 kg/cm² (3.000 psi) huellas ","m³",{"$f":"Memorias_Cap1_2_3!X192","v":26.46},314509,8321908]
["APU-DNP7",null,"2.6","Concreto ciclópeo para placa huella (piedra pegada)","m³",{"$f":"Memorias_Cap1_2_3!X215","v":41.16},211173,8691881]
["APU-DNP8",null,"2.7","Concreto de 210 kg/cm² (3.000 psi) para riostras de placa huella","m³",{"$f":"Memorias_Cap1_2_3!X239","v":9.66},298365,2882206]
["APU-DNP9",null,"2.8","Acero de refuerzo 4.200 kg/cm² (60.000 psi) para huellas y riostras","kg",{"$f":"Memorias_Cap1_2_3!X264","v":1634.1780000000001},3250,5311079]
["APU-DNP10",null,"2.9","Mejoramiento de la subrasante con adición de materiales","m³",{"$f":"Memorias_Cap1_2_3!X286","v":270},31339,8461530]
["APU-DNP11",null,"2.10","Base tratada con cemento resistencia R-3.5 (incluye suministro de cemento) ","m³",{"$f":"Memorias_Cap1_2_3!X308","v":0},131054,0]
["APU-DNP12",null,"2.11","Base estabilizada con emulsión asfáltica tipo BEE-38","m³",{"$f":"Memorias_Cap1_2_3!X332","v":928.80000000000007},85914,79796923]
["APU-DNP13",null,"2.12","Base granular estabilizada mecánicamente (Base Granular Clase C)","m³",{"$f":"Memorias_Cap1_2_3!X354","v":0},71776,0]
["APU-DNP14",null,"2.13","Lechada asfáltica con emulsión CRL-1HM, tipo LA-5","m²",{"$f":"Memorias_Cap1_2_3!X376","v":0},3775,0]
["APU-DNP15",null,"2.14","Tratamiento superficial doble con emulsión CRR-2 tipo 1","m²",{"$f":"Memorias_Cap1_2_3!X398","v":4140.0000000000009},12619,52242660]
[null,null,3,"Construir obras de drenaje ",null,null,null,{"$f":"SUM(H24:H31)","v":267057609}]
["APU-DNP16",null,"3.1","Excavación manual","m³",{"$f":"Memorias_Cap1_2_3!X423","v":364.03199999999998},{"$f":"+IFERROR(VLOOKUP(A24,APUS_RANGO_DNP,11,FALSE),\"\")","v":17058},{"$f":"ROUND(F24*G24,0)","v":6209658}]
["APU-DNP17",null,"3.2","Relleno con arena protección tuberia","m³",{"$f":"Memorias_Cap1_2_3!X446","v":103.03208400361075},41554,4281395]
["APU-DNP9",null,"3.3","Acero figurado de refuerzo de 4.200 kg/cm² (60.000 psi)","kg",{"$f":"Memorias_Cap1_2_3!X496","v":25195.5052},3250,81885392]
["APU-DNP18",null,"3.4","Concreto para estructuras resistencia de 210 kg/cm² (3.000 psi)","m³",{"$f":"+Memorias_Cap1_2_3!X530","v":106.61729999999997},313227,33395417]
["APU-DNP19",null,"3.5","Tubería de diámetro 0,9 m (36\") en concreto para cada alcantarilla","m",{"$f":"Memorias_Cap1_2_3!X555","v":54},549685,29682990]
["APU-DNP20",null,"3.6","Concreto para cunetas resistencia de 210 kg/cm² (3.000 psi)","m³",{"$f":"Memorias_Cap1_2_3!X580","v":358.91999999999996},306063,109852132]
["APU-DNP21",null,"3.7","Disipadores de energía en concreto ciclópeo","m³",{"$f":"+Memorias_Cap1_2_3!X608","v":0.81163000000000007},182102,147799]
["APU-DNP22",null,"3.8","Concreto para solado de nivelación resistencia de 140 kg/cm² (2.000 psi)","m³",{"$f":"+Memorias_Cap1_2_3!X642","v":8.3311276859504151},192390,1602826]
[null,null,4,"Construir obras de contención",null,null,null,{"$f":"SUM(H33:H43)","v":24366406.506250001}]
["APU-DNP23",null,"4.1","Paneles de concreto para muros de tierra estabilizada mecánicamente","m²",{"$f":"+Memorias_Cap_4!$AA$29","v":0},{"$f":"+IFERROR(VLOOKUP(A33,APUS_RANGO_DNP,11,FALSE),\"\")","v":111633},{"$f":"+F33*G33","v":0}]
["APU-DNP24",null,"4.2","Excavación de material común para instalación de muros","m³",{"$f":"+Memorias_Cap_4!$AA$74","v":120},16267,{"$f":"+F34*G34","v":1952040}]
["APU-DNP25",null,"4.3","Relleno granular para instalación de muros de contención","m³",{"$f":"+Memorias_Cap_4!$AA$99","v":63},43725,{"$f":"+F35*G35","v":2754675}]
["APU-DNP26",null,"4.4","Solera de nivelación para muros de contención","m³",{"$f":"+Memorias_Cap_4!$AA$124","v":1.5000000000000002},264842,{"$f":"+F36*G36","v":397263.00000000006}]
["APU-DNP27",null,"4.5","Pletina en alternativa de muros de tierra estabilizada mecánicamente con paneles de concreto caso de un muro sin talud a borde de vía","m",{"$f":"+Memorias_Cap_4!$AA$147","v":0},6390,{"$f":"+F37*G37","v":0}]
["APU-DNP3",null,"4.6","Conformación de subrasante para construccion muro de contención","m³",{"$f":"+Memorias_Cap_4!$AA$173","v":30},3038,91140]
["APU-DNP9",null,"4.7","Acero de refuerzo fy=420 Mpa para construccion muro de contencion ","kg",{"$f":"+Memorias_Cap_4!$AA$215","v":2532.2781249999998},3250,8229903.9062499991]
["APU-DNP28",null,"4.8","Concreto f'c=21 MPa para construccion muro de contención","m³",{"$f":"+Memorias_Cap_4!$AA$243","v":31.700000000000003},314548,9971171.6000000015]
["APU-DNP29",null,"4.9","Geotextil NT 1600 para construccion muro de contención","m2",{"$f":"Memorias_Cap_4!$AA$270","v":41},6413,262933]
["APU-DNP30",null,"4.10","Relleno en material filtrante para construccion muro de contención","m³",{"$f":"+Memorias_Cap_4!$AA$295","v":10.5},67360,707280]
["APU-DNP31",null,"4.11","Suministro e instalación de gaviones prefabricados","m³",{"$f":"+Memorias_Cap_4!$AA$323","v":0},103205,0]
[null,null,"Total costos directos",null,null,null,null,{"$f":"H6+H8+H23+H32","v":587500576.50625002}]
[]
[null,null,"Los porcentajes presentados por concepto de AIU son indicativos, cada entidad territorial tiene la responsabilidad de ajustarlos y presentar el correspondiente análisis detallado, de acuerdo con sus condiciones particulares ",null,null,"Administración",0.18,{"$f":"ROUND(H44*G46,0)","v":105750104}]
[null,null,null,null,null,"Imprevistos",0.06,{"$f":"ROUND(H44*G47,0)","v":35250035}]
[null,null,null,null,null,"Utilidad",0.06,{"$f":"ROUND(H44*G48,0)","v":35250035}]
[null,null,null,null,null,"SUBTOTAL AIU",{"$f":"G46+G47+G48","v":0.3},{"$f":"H46+H47+H48","v":176250174}]
[]
[null,null,"Costo total obra",null,null,null,null,{"$f":"+H44+H49","v":763750750.50625002}]
[null,null,"Interventoría",null,null,null,null,{"$f":"'Interventoría DNP'!J61","v":53100382.735719994}]
[null,null,"Valor total del proyecto",null,null,null,null,{"$f":"+H51+H52","v":816851133.24197006}]
[]
[null,null,"Notas aclaratorias:"]
[]
[null,null,"1. En el caso de existir una estructura que no vaya a ser parte del proyecto, se deberán ejecutar las demoliciones indicadas en los planos o las que se consideren para la realización de la obra, para lo cual se ha realizado un ítem adicional correspondiente a esta actividad."]

{"sheet":"APUs_DNP","index":5,"n_rows":1275,"n_cols":14,"rows_kept":1275,"cut":false,"hidden":false,"merged":[[3,1,3,10],[4,1,4,10],[5,1,5,10],[6,1,6,10],[7,8,7,10],[8,1,8,10],[17,7,17,9],[18,1,18,10],[19,1,19,10],[20,1,20,5],[20,8,20,9],[21,8,21,9],[15,1,15,3],[15,5,15,6],[15,8,15,9],[16,1,16,3],[16,5,16,6],[16,8,16,9],[10,1,10,10],[12,1,12,10],[13,1,13,3],[13,5,13,6],[13,8,13,9],[14,1,14,3],[14,5,14,6],[14,8,14,9],[21,1,21,5],[30,1,30,4],[30,8,30,9],[31,7,31,9],[32,1,32,10],[33,1,33,10],[34,1,34,4],[34,8,34,9],[26,1,26,10],[27,1,27,4],[27,8,27,9],[28,1,28,4],[28,8,28,9],[29,1,29,4],[29,8,29,9],[22,1,22,5],[22,8,22,9],[23,1,23,5],[23,8,23,9],[24,7,24,9],[25,1,25,10],[47,1,47,9],[48,1,48,10],[49,1,49,9],[44,1,44,6],[44,8,44,9],[45,1,45,6],[45,8,45,9],[46,1,46,6],[46,8,46,9],[38,7,38,9],[39,1,39,10],[40,1,40,9],[41,1,41,10],[42,1,42,10],[43,1,43,4],[43,8,43,9],[35,1,35,4],[35,8,35,9],[36,1,36,4],[36,8,36,9],[37,1,37,4],[37,8,37,9],[54,1,54,3],[54,5,54,6],[54,8,54,9],[55,1,55,3],[55,5,55,6],[55,8,55,9],[52,1,52,10],[53,1,53,3],[53,5,53,6],[53,8,53,9],[51,1,51,7],[63,1,63,5],[63,8,63,9],[64,7,64,9],[60,1,60,5],[60,8,60,9],[61,1,61,5],[61,8,61,9],[62,1,62,5],[62,8,62,9],[56,1,56,3],[56,5,56,6],[56,8,56,9],[57,7,57,9],[58,1,58,10],[59,1,59,10],[76,1,76,4],[76,8,76,9],[71,7,71,9],[72,1,72,10],[73,1,73,10],[74,1,74,4],[74,8,74,9],[75,1,75,4],[75,8,75,9],[68,1,68,4],[68,8,68,9],[69,1,69,4],[69,8,69,9],[70,1,70,4],[70,8,70,9],[65,1,65,10],[66,1,66,10],[67,1,67,4],[67,8,67,9],[85,1,85,6],[85,8,85,9],[86,1,86,6],[86,8,86,9],[87,1,87,9],[88,1,88,10],[80,1,80,9],[81,1,81,10],[82,1,82,10],[83,1,83,4],[83,8,83,9],[84,1,84,6],[84,8,84,9],[77,1,77,4],[77,8,77,9],[78,7,78,9],[79,1,79,10],[97,7,97,9],[98,1,98,10],[99,1,99,10],[100,1,100,5],[100,8,100,9],[101,1,101,5],[101,8,101,9],[95,1,95,3],[95,5,95,6],[95,8,95,9],[96,1,96,3],[96,5,96,6],[96,8,96,9],[89,1,89,9],[92,1,92,10],[93,1,93,3],[93,5,93,6],[93,8,93,9],[94,1,94,3],[94,5,94,6],[94,8,94,9],[110,1,110,4],[110,8,110,9],[111,7,111,9],[112,1,112,10],[113,1,113,10],[114,1,114,4],[114,8,114,9],[106,1,106,10],[107,1,107,4],[108,1,108,4],[108,8,108,9],[109,1,109,4],[109,8,109,9],[102,1,102,5],[102,8,102,9],[103,1,103,5],[103,8,103,9],[104,7,104,9],[105,1,105,10],[107,8,107,9],[124,1,124,6],[124,8,124,9],[125,1,125,6],[125,8,125,9],[126,1,126,6],[126,8,126,9],[118,7,118,9],[119,1,119,10],[120,1,120,9],[121,1,121,10],[122,1,122,10],[123,1,123,4],[123,8,123,9],[115,1,115,4],[115,8,115,9],[116,1,116,4],[116,8,116,9],[117,1,117,4],[117,8,117,9],[136,1,136,3],[136,5,136,6],[137,1,137,3],[137,5,137,6],[134,1,134,3],[134,5,134,6],[134,8,134,9],[135,1,135,3],[135,5,135,6],[135,8,135,9],[127,1,127,9],[128,1,128,10],[129,1,129,9],[132,1,132,10],[133,1,133,3],[133,5,133,6],[133,8,133,9],[131,1,131,7],[136,8,136,9],[137,8,137,9],[147,1,147,10],[148,1,148,4],[149,1,149,4],[149,8,149,9],[150,1,150,4],[150,8,150,9],[143,1,143,5],[143,8,143,9],[144,1,144,5],[144,8,144,9],[145,7,145,9],[146,1,146,10],[138,7,138,9],[139,1,139,10],[140,1,140,10],[141,1,141,5],[141,8,141,9],[142,1,142,5],[142,8,142,9],[148,8,148,9],[159,7,159,9],[160,1,160,10],[161,1,161,9],[162,1,162,10],[163,1,163,10],[164,1,164,4],[164,8,164,9],[156,1,156,4],[156,8,156,9],[157,1,157,4],[157,8,157,9],[158,1,158,4],[158,8,158,9],[151,1,151,4],[151,8,151,9],[152,7,152,9],[153,1,153,10],[154,1,154,10],[155,1,155,4],[155,8,155,9],[175,1,175,3],[175,5,175,6],[175,8,175,9],[176,1,176,3],[176,5,176,6],[176,8,176,9],[168,1,168,9],[169,1,169,10],[170,1,170,9],[173,1,173,10],[174,1,174,3],[174,5,174,6],[174,8,174,9],[165,1,165,6],[165,8,165,9],[166,1,166,6],[166,8,166,9],[167,1,167,6],[167,8,167,9],[172,1,172,7],[184,1,184,5],[184,8,184,9],[185,7,185,9],[186,1,186,10],[187,1,187,10],[188,1,188,4],[181,1,181,5],[181,8,181,9],[182,1,182,5],[182,8,182,9],[183,1,183,5],[183,8,183,9],[177,1,177,3],[177,5,177,6],[177,8,177,9],[178,7,178,9],[179,1,179,10],[180,1,180,10],[188,8,188,9],[197,1,197,4],[197,8,197,9],[198,1,198,4],[198,8,198,9],[199,7,199,9],[200,1,200,10],[192,7,192,9],[193,1,193,10],[194,1,194,10],[195,1,195,4],[195,8,195,9],[196,1,196,4],[196,8,196,9],[189,1,189,4],[189,8,189,9],[190,1,190,4],[190,8,190,9],[191,1,191,4],[191,8,191,9],[210,1,210,9],[213,1,213,10],[214,1,214,3],[214,5,214,6],[214,8,214,9],[215,1,215,3],[215,5,215,6],[215,8,215,9],[206,1,206,6],[206,8,206,9],[207,1,207,6],[207,8,207,9],[208,1,208,9],[209,1,209,10],[201,1,201,9],[202,1,202,10],[203,1,203,10],[204,1,204,4],[204,8,204,9],[205,1,205,6],[205,8,205,9],[223,1,223,5],[223,8,223,9],[224,1,224,5],[224,8,224,9],[225,7,225,9],[226,1,226,10],[218,7,218,9],[219,1,219,10],[220,1,220,10],[221,1,221,5],[221,8,221,9],[222,1,222,5],[222,8,222,9],[216,1,216,3],[216,5,216,6],[216,8,216,9],[217,1,217,3],[217,5,217,6],[217,8,217,9],[236,1,236,4],[236,8,236,9],[237,1,237,4],[237,8,237,9],[238,1,238,4],[238,8,238,9],[231,1,231,4],[231,8,231,9],[232,7,232,9],[233,1,233,10],[234,1,234,10],[235,1,235,4],[235,8,235,9],[227,1,227,10],[228,1,228,4],[229,1,229,4],[229,8,229,9],[230,1,230,4],[230,8,230,9],[228,8,228,9],[248,1,248,9],[249,1,249,10],[250,1,250,9],[253,1,253,10],[254,1,254,3],[254,5,254,6],[254,8,254,9],[245,1,245,6],[245,8,245,9],[246,1,246,6],[246,8,246,9],[247,1,247,6],[247,8,247,9],[239,7,239,9],[240,1,240,10],[241,1,241,9],[242,1,242,10],[243,1,243,10],[244,1,244,4],[244,8,244,9],[261,1,261,5],[261,8,261,9],[262,1,262,5],[262,8,262,9],[263,1,263,5],[263,8,263,9],[257,1,257,3],[257,5,257,6],[257,8,257,9],[258,7,258,9],[259,1,259,10],[260,1,260,10],[255,1,255,3],[255,5,255,6],[255,8,255,9],[256,1,256,3],[256,5,256,6],[256,8,256,9],[272,7,272,9],[273,1,273,10],[274,1,274,10],[275,1,275,4],[275,8,275,9],[276,1,276,4],[276,8,276,9],[269,1,269,4],[269,8,269,9],[270,1,270,4],[270,8,270,9],[271,1,271,4],[271,8,271,9],[264,1,264,5],[264,8,264,9],[265,7,265,9],[266,1,266,10],[267,1,267,10],[268,1,268,4],[268,8,268,9],[286,1,286,6],[286,8,286,9],[287,1,287,6],[287,8,287,9],[288,1,288,9],[289,1,289,10],[281,1,281,9],[282,1,282,10],[283,1,283,10],[284,1,284,4],[284,8,284,9],[285,1,285,6],[285,8,285,9],[277,1,277,4],[277,8,277,9],[278,1,278,4],[278,8,278,9],[279,7,279,9],[280,1,280,10],[298,7,298,9],[299,1,299,10],[300,1,300,10],[301,1,301,5],[301,8,301,9],[302,1,302,5],[302,8,302,9],[296,1,296,3],[296,5,296,6],[296,8,296,9],[297,1,297,3],[297,5,297,6],[297,8,297,9],[290,1,290,9],[293,1,293,10],[294,1,294,3],[294,5,294,6],[294,8,294,9],[295,1,295,3],[295,5,295,6],[295,8,295,9],[311,1,311,4],[311,8,311,9],[312,7,312,9],[313,1,313,10],[314,1,314,10],[315,1,315,4],[315,8,315,9],[307,1,307,10],[308,1,308,4],[308,8,308,9],[309,1,309,4],[309,8,309,9],[310,1,310,4],[310,8,310,9],[303,1,303,5],[303,8,303,9],[304,1,304,5],[304,8,304,9],[305,7,305,9],[306,1,306,10],[325,1,325,6],[325,8,325,9],[326,1,326,6],[326,8,326,9],[327,1,327,6],[327,8,327,9],[319,7,319,9],[320,1,320,10],[321,1,321,9],[322,1,322,10],[323,1,323,10],[324,1,324,4],[324,8,324,9],[316,1,316,4],[316,8,316,9],[317,1,317,4],[317,8,317,9],[318,1,318,4],[318,8,318,9],[337,1,337,3],[337,5,337,6],[337,8,337,9],[338,7,338,9],[339,1,339,10],[340,1,340,10],[335,1,335,3],[335,5,335,6],[335,8,335,9],[336,1,336,3],[336,5,336,6],[336,8,336,9],[328,1,328,9],[329,1,329,10],[330,1,330,9],[333,1,333,10],[334,1,334,3],[334,5,334,6],[334,8,334,9],[349,1,349,4],[349,8,349,9],[350,1,350,4],[350,8,350,9],[351,1,351,4],[351,8,351,9],[344,1,344,5],[344,8,344,9],[345,7,345,9],[346,1,346,10],[347,1,347,10],[348,1,348,4],[348,8,348,9],[341,1,341,5],[341,8,341,9],[342,1,342,5],[342,8,342,9],[343,1,343,5],[343,8,343,9],[361,1,361,9],[362,1,362,10],[363,1,363,10],[364,1,364,4],[364,8,364,9],[365,1,365,6],[365,8,365,9],[357,1,357,4],[357,8,357,9],[358,1,358,4],[358,8,358,9],[359,7,359,9],[360,1,360,10],[352,7,352,9],[353,1,353,10],[354,1,354,10],[355,1,355,4],[355,8,355,9],[356,1,356,4],[356,8,356,9],[376,1,376,3],[376,5,376,6],[376,8,376,9],[377,1,377,3],[377,8,377,9],[378,1,378,3],[378,5,378,6],[378,8,378,9],[370,1,370,9],[373,1,373,10],[374,1,374,3],[374,5,374,6],[374,8,374,9],[375,1,375,3],[375,5,375,6],[375,8,375,9],[366,1,366,6],[366,8,366,9],[367,1,367,6],[367,8,367,9],[368,1,368,9],[369,1,369,10],[388,1,388,10],[389,1,389,4],[389,8,389,9],[390,1,390,4],[390,8,390,9],[391,1,391,4],[391,8,391,9],[384,1,384,5],[384,8,384,9],[385,1,385,5],[385,8,385,9],[386,7,386,9],[387,1,387,10],[379,7,379,9],[380,1,380,10],[381,1,381,10],[382,1,382,5],[382,8,382,9],[383,1,383,5],[383,8,383,9],[400,7,400,9],[401,1,401,10],[402,1,402,9],[403,1,403,10],[404,1,404,10],[405,1,405,4],[405,8,405,9],[397,1,397,4],[397,8,397,9],[398,1,398,4],[398,8,398,9],[399,1,399,4],[399,8,399,9],[392,1,392,4],[392,8,392,9],[393,7,393,9],[394,1,394,10],[395,1,395,10],[396,1,396,4],[396,8,396,9],[416,1,416,3],[416,5,416,6],[416,8,416,9],[417,1,417,3],[417,5,417,6],[417,8,417,9],[409,1,409,9],[410,1,410,10],[411,1,411,9],[414,1,414,10],[415,1,415,3],[415,5,415,6],[415,8,415,9],[406,1,406,6],[406,8,406,9],[407,1,407,6],[407,8,407,9],[408,1,408,6],[408,8,408,9],[425,1,425,5],[425,8,425,9],[426,1,426,5],[426,8,426,9],[427,7,427,9],[428,1,428,10],[421,1,421,10],[422,1,422,10],[423,1,423,5],[423,8,423,9],[424,1,424,5],[424,8,424,9],[418,1,418,3],[418,8,418,9],[419,1,419,3],[419,5,419,6],[419,8,419,9],[420,7,420,9],[438,1,438,4],[438,8,438,9],[439,1,439,4],[439,8,439,9],[440,1,440,4],[440,8,440,9],[433,1,433,4],[433,8,433,9],[434,7,434,9],[435,1,435,10],[436,1,436,10],[437,1,437,4],[437,8,437,9],[429,1,429,10],[430,1,430,4],[430,8,430,9],[431,1,431,4],[431,8,431,9],[432,1,432,4],[432,8,432,9],[450,1,450,9],[451,1,451,10],[452,1,452,9],[456,1,456,10],[457,1,457,3],[457,5,457,6],[457,8,457,9],[447,1,447,6],[447,8,447,9],[448,1,448,6],[448,8,448,9],[449,1,449,6],[449,8,449,9],[441,7,441,9],[442,1,442,10],[443,1,443,9],[444,1,444,10],[445,1,445,10],[446,1,446,4],[446,8,446,9],[463,1,463,10],[464,1,464,10],[465,1,465,5],[465,8,465,9],[466,1,466,5],[466,8,466,9],[460,1,460,3],[460,8,460,9],[461,1,461,3],[461,5,461,6],[461,8,461,9],[462,7,462,9],[458,1,458,3],[458,5,458,6],[458,8,458,9],[459,1,459,3],[459,5,459,6],[459,8,459,9],[475,1,475,4],[475,8,475,9],[476,7,476,9],[477,1,477,10],[478,1,478,10],[479,1,479,4],[479,8,479,9],[471,1,471,10],[472,1,472,4],[472,8,472,9],[473,1,473,4],[473,8,473,9],[474,1,474,4],[474,8,474,9],[467,1,467,5],[467,8,467,9],[468,1,468,5],[468,8,468,9],[469,7,469,9],[470,1,470,10],[489,1,489,6],[489,8,489,9],[490,1,490,6],[490,8,490,9],[491,1,491,6],[491,8,491,9],[483,7,483,9],[484,1,484,10],[485,1,485,9],[486,1,486,10],[487,1,487,10],[488,1,488,4],[488,8,488,9],[480,1,480,4],[480,8,480,9],[481,1,481,4],[481,8,481,9],[482,1,482,4],[482,8,482,9],[501,1,501,3],[501,8,501,9],[502,1,502,3],[502,5,502,6],[502,8,502,9],[503,7,503,9],[499,1,499,3],[499,5,499,6],[499,8,499,9],[500,1,500,3],[500,5,500,6],[500,8,500,9],[492,1,492,9],[493,1,493,10],[494,1,494,9],[497,1,497,10],[498,1,498,3],[498,5,498,6],[498,8,498,9],[512,1,512,10],[513,1,513,4],[513,8,513,9],[514,1,514,4],[514,8,514,9],[515,1,515,4],[515,8,515,9],[508,1,508,5],[508,8,508,9],[509,1,509,5],[509,8,509,9],[510,7,510,9],[511,1,511,10],[504,1,504,10],[505,1,505,10],[506,1,506,5],[506,8,506,9],[507,1,507,5],[507,8,507,9],[524,7,524,9],[525,1,525,10],[526,1,526,9],[527,1,527,10],[528,1,528,10],[529,1,529,4],[529,8,529,9],[521,1,521,4],[521,8,521,9],[522,1,522,4],[522,8,522,9],[523,1,523,4],[523,8,523,9],[516,1,516,4],[516,8,516,9],[517,7,517,9],[518,1,518,10],[519,1,519,10],[520,1,520,4],[520,8,520,9],[540,1,540,3],[540,5,540,6],[540,8,540,9],[541,1,541,3],[541,5,541,6],[541,8,541,9],[533,1,533,9],[534,1,534,10],[535,1,535,9],[538,1,538,10],[539,1,539,3],[539,5,539,6],[539,8,539,9],[530,1,530,6],[530,8,530,9],[531,1,531,6],[531,8,531,9],[532,1,532,6],[532,8,532,9],[549,1,549,5],[549,8,549,9],[550,1,550,5],[550,8,550,9],[551,7,551,9],[552,1,552,10],[545,1,545,10],[546,1,546,10],[547,1,547,5],[547,8,547,9],[548,1,548,5],[548,8,548,9],[542,1,542,3],[542,8,542,9],[543,1,543,3],[543,5,543,6],[543,8,543,9],[544,7,544,9],[562,1,562,4],[562,8,562,9],[563,1,563,4],[563,8,563,9],[564,1,564,4],[564,8,564,9],[557,1,557,4],[557,8,557,9],[558,7,558,9],[559,1,559,10],[560,1,560,10],[561,1,561,4],[561,8,561,9],[553,1,553,10],[554,1,554,4],[554,8,554,9],[555,1,555,4],[555,8,555,9],[556,1,556,4],[556,8,556,9],[574,1,574,9],[575,1,575,10],[576,1,576,9],[579,1,579,10],[580,1,580,3],[580,5,580,6],[580,8,580,9],[571,1,571,6],[571,8,571,9],[572,1,572,6],[572,8,572,9],[573,1,573,6],[573,8,573,9],[565,7,565,9],[566,1,566,10],[567,1,567,9],[568,1,568,10],[569,1,569,10],[570,1,570,4],[570,8,570,9],[586,7,586,9],[587,1,587,10],[588,1,588,10],[589,1,589,5],[589,8,589,9],[590,1,590,5],[590,8,590,9],[583,1,583,3],[583,8,583,9],[584,1,584,3],[584,5,584,6],[584,8,584,9],[585,1,585,3],[585,5,585,6],[585,8,585,9],[581,1,581,3],[581,5,581,6],[581,8,581,9],[582,1,582,3],[582,5,582,6],[582,8,582,9],[599,1,599,4],[599,8,599,9],[600,7,600,9],[601,1,601,10],[602,1,602,10],[603,1,603,4],[603,8,603,9],[595,1,595,10],[596,1,596,4],[596,8,596,9],[597,1,597,4],[597,8,597,9],[598,1,598,4],[598,8,598,9],[591,1,591,5],[591,8,591,9],[592,1,592,5],[592,8,592,9],[593,7,593,9],[594,1,594,10],[613,1,613,6],[613,8,613,9],[614,1,614,6],[614,8,614,9],[615,1,615,6],[615,8,615,9],[607,7,607,9],[608,1,608,10],[609,1,609,9],[610,1,610,10],[611,1,611,10],[612,1,612,4],[612,8,612,9],[604,1,604,4],[604,8,604,9],[605,1,605,4],[605,8,605,9],[606,1,606,4],[606,8,606,9],[626,7,626,9],[627,1,627,10],[628,1,628,10],[629,1,629,5],[629,8,629,9],[630,1,630,5],[630,8,630,9],[625,1,625,3],[625,5,625,6],[625,8,625,9],[623,1,623,3],[623,5,623,6],[623,8,623,9],[624,1,624,3],[624,5,624,6],[624,8,624,9],[616,1,616,9],[617,1,617,10],[618,1,618,9],[621,1,621,10],[622,1,622,3],[622,5,622,6],[622,8,622,9],[639,1,639,4],[639,8,639,9],[640,7,640,9],[641,1,641,10],[642,1,642,10],[643,1,643,4],[643,8,643,9],[635,1,635,10],[636,1,636,4],[636,8,636,9],[637,1,637,4],[637,8,637,9],[638,1,638,4],[638,8,638,9],[631,1,631,5],[631,8,631,9],[632,1,632,5],[632,8,632,9],[633,7,633,9],[634,1,634,10],[653,1,653,6],[653,8,653,9]],"merged_total":1990,"flags":["merged_cut"]}
[]
[]
[1,2,3,4,5,6,7,8,9,10,11]
[null,"REPÚBLICA DE COLOMBIA"]
[null,{"$f":"+DPTO","v":"DEPARTAMENTO DEL CAUCA"}]
[null,{"$f":"+Nom_Mpio1","v":"MUNICIPIO LA ESTRELLA FLUVIAL"}]
[null,{"$f":"Dependencia","v":"SECRETARÍA DE OBRAS PÚBLICAS"}]
[null,null,null,null,null,null,null,"Fecha:",{"$f":"+Fecha_Pres","v":"2019-10-11"}]
[null,{"$f":"+Nom_proy1","v":"MEJORAMIENTO DEL TRAMO VIAL LA PAZ - EL PROGRESO ENTRE EL K5+000 Y EL K6+000 DEL MUNICIPIO LA ESTRELLA FLUVIAL"}]
[]
[null,"ANÁLISIS DE PRECIOS UNITARIOS"]
["APU-DNP1",{"$f":"IFERROR(VLOOKUP($A12,LISTA_APU_DNP,2,FALSE),\"\")","v":"LOCALIZACIÓN Y REPLANTEO"},null,null,null,null,null,null,"Unidad:",{"$f":"IFERROR(VLOOKUP($A12,LISTA_APU_DNP,3,FALSE),\"\")","v":"m²"},{"$f":"K41","v":1595}]
[null,"I. EQUIPOS Y HERRAMIENTAS"]
[null,"DESCRIPCIÓN",null,null,"UND","TIPO",null,"TARIFA","RENDIMIENTO",null,"VR/UNIT"]
["E31",{"$f":"+IFERROR(VLOOKUP($A15,INSUMOS_BD2,3,FALSE),\"\")","v":"Herramienta Menor HM (% mano de obra)"},null,null,{"$f":"+IFERROR(VLOOKUP($A15,INSUMOS_BD2,4,FALSE),\"\")","v":"glb"},null,null,{"$f":"+IFERROR(ROUND(IF($B15=\"Herramienta Menor (% mano de obra)\",HM,VLOOKUP($A15,INSUMOS_BD2,5,FALSE)),2),\"\")","v":0},null,null,{"$f":"+IFERROR(ROUND(IF($B15=\"Herramienta Menor (% mano de obra)\",$K$39*H15,H15*I15),0),\"\")","v":0}]
[null,{"$f":"+IFERROR(VLOOKUP($A16,INSUMOS_BD2,3,FALSE),\"\")","v":""},null,null,{"$f":"+IFERROR(VLOOKUP($A16,INSUMOS_BD2,4,FALSE),\"\")","v":""},null,null,{"$f":"+IFERROR(ROUND(IF($B16=\"Herramienta Menor (% mano de obra)\",HM,VLOOKUP($A16,INSUMOS_BD2,5,FALSE)),2),\"\")","v":""},null,null,{"$f":"+IFERROR(ROUND(IF($B16=\"Herramienta Menor (% mano de obra)\",$K$39*H16,H16*I16),0),\"\")","v":""}]
[null,{"$f":"+IFERROR(VLOOKUP($A17,INSUMOS_BD2,3,FALSE),\"\")","v":""},null,null,{"$f":"+IFERROR(VLOOKUP($A17,INSUMOS_BD2,4,FALSE),\"\")","v":""},null,null,{"$f":"+IFERROR(ROUND(IF($B17=\"Herramienta Menor (% mano de obra)\",HM,VLOOKUP($A17,INSUMOS_BD2,5,FALSE)),2),\"\")","v":""},null,null,{"$f":"+IFERROR(ROUND(IF($B17=\"Herramienta Menor (% mano de obra)\",$K$39*H17,H17*I17),0),\"\")","v":""}]
[null,null,null,null,null,null,null,"SUB-TOTAL $",null,null,{"$f":"SUM(K15:K17)","v":0}]
[]
[null,"II. MATERIALES"]
[null,"DESCRIPCIÓN",null,null,null,null,"UNIDAD","CANTIDAD","PRECIO UNIT.",null,"VR/UNIT"]
["M25",{"$f":"+IFERROR(VLOOKUP($A22,INSUMOS_BD2,3,FALSE),\"\")","v":"Alambre negro N°. 18"},null,null,null,null,{"$f":"+IFERROR(VLOOKUP($A22,INSUMOS_BD2,4,FALSE),\"\")","v":"kg"},0.01,{"$f":"+IFERROR(VLOOKUP($A22,INSUMOS_BD2,5,FALSE),\"\")","v":2504},null,{"$f":"+IFERROR(ROUND(IF($B22=\"Herramienta Menor (% mano de obra)\",$K$40*H22,H22/I22),0),\"\")","v":0}]
["m75",{"$f":"+IFERROR(VLOOKUP($A23,INSUMOS_BD2,3,FALSE),\"\")","v":"Durmiente ordinario 4*4cm"},null,null,null,null,{"$f":"+IFERROR(VLOOKUP($A23,INSUMOS_BD2,4,FALSE),\"\")","v":"m"},0.5,{"$f":"+IFERROR(VLOOKUP($A23,INSUMOS_BD2,5,FALSE),\"\")","v":2600},null,{"$f":"IFERROR(ROUND(H23*I23,0),\"\")","v":1300}]
["m55",{"$f":"+IFERROR(VLOOKUP($A24,INSUMOS_BD2,3,FALSE),\"\")","v":"Puntilla de 1\""},null,null,null,null,{"$f":"+IFERROR(VLOOKUP($A24,INSUMOS_BD2,4,FALSE),\"\")","v":"lb"},0.01,{"$f":"+IFERROR(VLOOKUP($A24,INSUMOS_BD2,5,FALSE),\"\")","v":2350},null,{"$f":"IFERROR(ROUND(H24*I24,0),\"\")","v":24}]
[null,null,null,null,null,null,null,"SUB-TOTAL $",null,null,{"$f":"SUM(K22:K24)","v":1324}]
[]
[null,"III. TRANSPORTES"]
[null,"MATERIAL",null,null,null,"VOL. o PESO","DISTANCIA","M3 o Ton/Km","TARIFA",null,"VR/UNIT"]
[null,{"$f":"+IFERROR(VLOOKUP($A29,INSUMOS_BD2,3,FALSE),\"\")","v":""},null,null,null,null,null,{"$f":"+IFERROR(VLOOKUP($A29,INSUMOS_BD2,3,FALSE),\"\")","v":""},{"$f":"+IFERROR(VLOOKUP($A29,INSUMOS_BD2,5,FALSE),\"\")","v":""},null,{"$f":"IFERROR(ROUND(F29*G29*I29,0),\"\")","v":""}]
[null,{"$f":"+IFERROR(VLOOKUP($A30,INSUMOS_BD2,3,FALSE),\"\")","v":""},null,null,null,null,null,{"$f":"+IFERROR(VLOOKUP($A30,INSUMOS_BD2,3,FALSE),\"\")","v":""},{"$f":"+IFERROR(VLOOKUP($A30,INSUMOS_BD2,5,FALSE),\"\")","v":""},null,{"$f":"IFERROR(ROUND(F30*G30*I30,0),\"\")","v":""}]
[null,{"$f":"+IFERROR(VLOOKUP($A31,INSUMOS_BD2,3,FALSE),\"\")","v":""},null,null,null,null,null,{"$f":"+IFERROR(VLOOKUP($A31,INSUMOS_BD2,3,FALSE),\"\")","v":""},{"$f":"+IFERROR(VLOOKUP($A31,INSUMOS_BD2,5,FALSE),\"\")","v":""},null,{"$f":"IFERROR(ROUND(F31*G31*I31,0),\"\")","v":""}]
[null,null,null,null,null,null,null,"SUB-TOTAL $",null,null,{"$f":"SUM(K29:K31)","v":0}]
[]
[null,"IV. MANO DE OBRA"]
[null,"TRABAJADOR",null,null,null,null,"UND","VR/HORA","RENDIMIENTO",null,"VR/UNIT"]
["cd1",{"$f":"+IFERROR(VLOOKUP($A36,Cuadrillas_DNP[],2,FALSE),\"\")","v":"Cuadrilla AA (Albañilería) 1Of y 1Ay"},null,null,null,{"$f":"+IFERROR(VLOOKUP($A36,INSUMOS_BD2,4,FALSE),\"\")","v":""},{"$f":"+IFERROR(VLOOKUP($A36,Cuadrillas_DNP[],3,FALSE),\"\")","v":"hora"},{"$f":"+IFERROR(VLOOKUP($A36,Cuadrillas_DNP[],6,FALSE),\"\")","v":16375},1.6555E-2,null,{"$f":"IFERROR(ROUND(H36*I36,0),\"\")","v":271}]
[null,{"$f":"+IFERROR(VLOOKUP($A37,Cuadrillas_DNP[],2,FALSE),\"\")","v":""},null,null,null,{"$f":"+IFERROR(VLOOKUP($A37,INSUMOS_BD2,4,FALSE),\"\")","v":""},{"$f":"+IFERROR(VLOOKUP($A37,Cuadrillas_DNP[],3,FALSE),\"\")","v":""},{"$f":"+IFERROR(VLOOKUP($A37,Cuadrillas_DNP[],6,FALSE),\"\")","v":""},null,null,{"$f":"IFERROR(ROUND(H37*I37,0),\"\")","v":""}]
[null,{"$f":"+IFERROR(VLOOKUP($A38,Cuadrillas_DNP[],2,FALSE),\"\")","v":""},null,null,null,{"$f":"+IFERROR(VLOOKUP($A38,INSUMOS_BD2,4,FALSE),\"\")","v":""},{"$f":"+IFERROR(VLOOKUP($A38,Cuadrillas_DNP[],3,FALSE),\"\")","v":""},{"$f":"+IFERROR(VLOOKUP($A38,Cuadrillas_DNP[],6,FALSE),\"\")","v":""},null,null,{"$f":"IFERROR(ROUND(H38*I38,0),\"\")","v":""}]
[null,null,null,null,null,null,null,"SUB-TOTAL $",null,null,{"$f":"SUM(K36:K38)","v":271}]
[]
[null,"TOTAL COSTO DIRECTO $",null,null,null,null,null,null,null,null,{"$f":"ROUND((+K39+K32+K25+K18),0)","v":1595}]
[]
[null,"V. COSTOS INDIRECTOS"]
[null,"Descripción",null,null,null,null,null,"Porcentaje","Valor Total"]
[null,"ADMINISTRACION",null,null,null,null,null,{"$f":"+ADMON","v":0.01},{"$f":"+K41*H45","v":15.950000000000001}]
[null,"IMPREVISTOS ",null,null,null,null,null,{"$f":"+IMPREVISTOS","v":0.02},{"$f":"+K41*H46","v":31.900000000000002}]
[null,"UTILIDAD",null,null,null,null,null,{"$f":"+UTILIDAD","v":0.05},{"$f":"+K41*H47","v":79.75}]
[null,"TOTAL COSTO INDIRECTO $",null,null,null,null,null,null,null,null,{"$f":"SUM(I45:J47)","v":127.6}]
[]
[null,"Precio Unitario Total  $",null,null,null,null,null,null,null,null,{"$f":"+ROUND(K48+K41,0)","v":1723}]
[]
["APU-DNP2",{"$f":"IFERROR(VLOOKUP($A52,LISTA_APU,2,FALSE),\"\")","v":""},null,null,null,null,null,null,"Unidad:",{"$f":"IFERROR(VLOOKUP($A52,LISTA_APU_DNP,3,FALSE),\"\")","v":"m³"},{"$f":"K81","v":13064}]
[null,"I. EQUIPO"]
[null,"DESCRIPCIÓN",null,null,"UND","TIPO",null,"TARIFA","RENDIMIENTO",null,"VR/UNIT"]
["E31",{"$f":"+IFERROR(VLOOKUP($A55,INSUMOS_BD2,3,FALSE),\"\")","v":"Herramienta Menor HM (% mano de obra)"},null,null,{"$f":"+IFERROR(VLOOKUP($A55,INSUMOS_BD2,4,FALSE),\"\")","v":"glb"},null,null,{"$f":"+IFERROR(ROUND(IF($B55=\"Herramienta Menor (% mano de obra)\",HM,VLOOKUP($A55,INSUMOS_BD2,5,FALSE)),2),\"\")","v":0},null,null,{"$f":"+IFERROR(ROUND(IF($B55=\"Herramienta Menor (% mano de obra)\",$K$79*H55,H55*I55),0),\"\")","v":0}]
["e42",{"$f":"+IFERROR(VLOOKUP($A56,INSUMOS_BD2,3,FALSE),\"\")","v":"Retroexcavadora sobre oruga, potencia 138 HP, balde de 1,5 m3."},null,null,{"$f":"+IFERROR(VLOOKUP($A56,INSUMOS_BD2,4,FALSE),\"\")","v":"hora"},null,null,{"$f":"+IFERROR(ROUND(IF($B56=\"Herramienta Menor (% mano de obra)\",HM,VLOOKUP($A56,INSUMOS_BD2,5,FALSE)),2),\"\")","v":207266},2.8571428571428598E-2,null,{"$f":"+IFERROR(ROUND(IF($B56=\"Herramienta Menor (% mano de obra)\",$K$79*H56,H56*I56),0),\"\")","v":5922}]
["e43",{"$f":"+IFERROR(VLOOKUP($A57,INSUMOS_BD2,3,FALSE),\"\")","v":"Bulldozer, Potencia al volante de 140 HP, motor de 2200 RPM, longitud de hoja 4,80 m. "},null,null,{"$f":"+IFERROR(VLOOKUP($A57,INSUMOS_BD2,4,FALSE),\"\")","v":"hora"},null,null,{"$f":"+IFERROR(ROUND(IF($B57=\"Herramienta Menor (% mano de obra)\",HM,VLOOKUP($A57,INSUMOS_BD2,5,FALSE)),2),\"\")","v":140167},0.01,null,{"$f":"+IFERROR(ROUND(IF($B57=\"Herramienta Menor (% mano de obra)\",$K$79*H57,H57*I57),0),\"\")","v":1402}]
[null,null,null,null,null,null,null,"SUB-TOTAL $",null,null,{"$f":"SUM(K55:K57)","v":7324}]
[]
[null,"II. MATERIALES"]
[null,"DESCRIPCIÓN",null,null,null,null,"UNIDAD","CANTIDAD","PRECIO UNIT.",null,"VR/UNIT"]
["M71",{"$f":"+IFERROR(VLOOKUP($A62,INSUMOS_BD2,3,FALSE),\"\")","v":"Derechos de explotación y/o disposición de materiales"},null,null,null,null,{"$f":"+IFERROR(VLOOKUP($A62,INSUMOS_BD2,4,FALSE),\"\")","v":"m³"},1.3,{"$f":"+IFERROR(VLOOKUP($A62,INSUMOS_BD2,5,FALSE),\"\")","v":2988},null,{"$f":"IFERROR(ROUND(H62*I62,0),\"\")","v":3884}]
[null,{"$f":"+IFERROR(VLOOKUP($A63,INSUMOS_BD2,3,FALSE),\"\")","v":""},null,null,null,null,{"$f":"+IFERROR(VLOOKUP($A63,INSUMOS_BD2,4,FALSE),\"\")","v":""},null,{"$f":"+IFERROR(VLOOKUP($A63,INSUMOS_BD2,5,FALSE),\"\")","v":""},null,{"$f":"IFERROR(ROUND(H63*I63,0),\"\")","v":""}]
[null,{"$f":"+IFERROR(VLOOKUP($A64,INSUMOS_BD2,3,FALSE),\"\")","v":""},null,null,null,null,{"$f":"+IFERROR(VLOOKUP($A64,INSUMOS_BD2,4,FALSE),\"\")","v":""},null,{"$f":"+IFERROR(VLOOKUP($A64,INSUMOS_BD2,5,FALSE),\"\")","v":""},null,{"$f":"IFERROR(ROUND(H64*I64,0),\"\")","v":""}]
[null,null,null,null,null,null,null,"SUB-TOTAL $",null,null,{"$f":"SUM(K62:K64)","v":3884}]
[]
[null,"III. TRANSPORTES"]
[null,"MATERIAL",null,null,null,"VOL. o PESO","DISTANCIA","FACT. EXPANSIÓN","TARIFA (M3 o Ton/Km)",null,"VR/UNIT"]
["T16",{"$f":"+IFERROR(VLOOKUP($A69,INSUMOS_BD2,3,FALSE),\"\")","v":"Volqueta  6 m³ (cargue mecánico) botadero "},null,null,null,{"$f":"H62","v":1.3},1,"-",{"$f":"+IFERROR(VLOOKUP($A69,INSUMOS_BD2,5,FALSE),\"\")","v":1250},null,{"$f":"IFERROR(ROUND(F69*G69*I69,0),\"\")","v":1625}]
["T17",{"$f":"+IFERROR(VLOOKUP($A70,INSUMOS_BD2,3,FALSE),\"\")","v":"Volqueta  6 m³ (cargue mecánico)botadero adicional mayor 20 km"},null,null,null,null,null,null,{"$f":"+IFERROR(VLOOKUP($A70,INSUMOS_BD2,5,FALSE),\"\")","v":1323.25},null,{"$f":"IFERROR(ROUND(F70*G70*I70,0),\"\")","v":0}]
[null,{"$f":"+IFERROR(VLOOKUP($A71,INSUMOS_BD2,3,FALSE),\"\")","v":""},null,null,null,null,null,{"$f":"+IFERROR(VLOOKUP($A71,INSUMOS_BD2,3,FALSE),\"\")","v":""},{"$f":"+IFERROR(VLOOKUP($A71,INSUMOS_BD2,5,FALSE),\"\")","v":""},null,{"$f":"IFERROR(ROUND(F71*G71*I71,0),\"\")","v":""}]
[null,null,null,null,null,null,null,"SUB-TOTAL $",null,null,{"$f":"SUM(K69:K71)","v":1625}]
[]
[null,"IV. MANO DE OBRA"]
[null,"TRABAJADOR",null,null,null,null,"UND","VR/HORA","RENDIMIENTO",null,"VR/UNIT"]
["cd2",{"$f":"+IFERROR(VLOOKUP($A76,Cuadrillas_DNP[],2,FALSE),\"\")","v":"Cuadrilla AA 1Of+2Ay (Albañilería)"},null,null,null,{"$f":"+IFERROR(VLOOKUP($A76,INSUMOS_BD2,4,FALSE),\"\")","v":""},{"$f":"+IFERROR(VLOOKUP($A76,Cuadrillas_DNP[],3,FALSE),\"\")","v":"hora"},{"$f":"+IFERROR(VLOOKUP($A76,Cuadrillas_DNP[],6,FALSE),\"\")","v":23097},0.01,null,{"$f":"IFERROR(ROUND(H76*I76,0),\"\")","v":231}]
[null,{"$f":"+IFERROR(VLOOKUP($A77,Cuadrillas_DNP[],2,FALSE),\"\")","v":""},null,null,null,{"$f":"+IFERROR(VLOOKUP($A77,INSUMOS_BD2,4,FALSE),\"\")","v":""},{"$f":"+IFERROR(VLOOKUP($A77,Cuadrillas_DNP[],3,FALSE),\"\")","v":""},{"$f":"+IFERROR(VLOOKUP($A77,Cuadrillas_DNP[],6,FALSE),\"\")","v":""},null,null,{"$f":"IFERROR(ROUND(H77*I77,0),\"\")","v":""}]
[null,{"$f":"+IFERROR(VLOOKUP($A78,Cuadrillas_DNP[],2,FALSE),\"\")","v":""},null,null,null,{"$f":"+IFERROR(VLOOKUP($A78,INSUMOS_BD2,4,FALSE),\"\")","v":""},{"$f":"+IFERROR(VLOOKUP($A78,Cuadrillas_DNP[],3,FALSE),\"\")","v":""},{"$f":"+IFERROR(VLOOKUP($A78,Cuadrillas_DNP[],6,FALSE),\"\")","v":""},null,null,{"$f":"IFERROR(ROUND(H78*I78,0),\"\")","v":""}]
[null,null,null,null,null,null,null,"SUB-TOTAL $",null,null,{"$f":"SUM(K76:K78)","v":231}]
[]
[null,"TOTAL COSTO DIRECTO $",null,null,null,null,null,null,null,null,{"$f":"ROUND((+K79+K72+K65+K58),0)","v":13064}]
[]
[null,"V. COSTOS INDIRECTOS"]
[null,"Descripción",null,null,null,null,null,"Porcentaje","Valor Total"]
[null,"ADMINISTRACION",null,null,null,null,null,{"$f":"+ADMON","v":0.01},{"$f":"+K81*H85","v":130.64000000000001}]
[null,"IMPREVISTOS ",null,null,null,null,null,{"$f":"+IMPREVISTOS","v":0.02},{"$f":"+K81*H86","v":261.28000000000003}]
[null,"UTILIDAD",null,null,null,null,null,{"$f":"+UTILIDAD","v":0.05},{"$f":"+K81*H87","v":653.20000000000005}]
[null,"TOTAL COSTO INDIRECTO $",null,null,null,null,null,null,null,null,{"$f":"SUM(I85:J87)","v":1045.1200000000001}]
[]
[null,"Precio Unitario Total  $",null,null,null,null,null,null,null,null,{"$f":"+ROUND(K88+K81,0)","v":14109}]
[]
["APU-DNP3",{"$f":"IFERROR(VLOOKUP($A92,LISTA_APU_DNP,2,FALSE),\"\")","v":"CONFORMACIÓN DE LA SUBRASANTE"},null,null,null,null,null,null,"Unidad:",{"$f":"IFERROR(VLOOKUP($A92,LISTA_APU_DNP,3,FALSE),\"\")","v":"m²"},{"$f":"K121","v":3038}]
[null,"I. EQUIPO"]
[null,"DESCRIPCIÓN",null,null,"UND","TIPO",null,"TARIFA","RENDIMIENTO",null,"VR/UNIT"]
["e31",{"$f":"+IFERROR(VLOOKUP($A95,INSUMOS_BD2,3,FALSE),\"\")","v":"Herramienta Menor HM (% mano de obra)"},null,null,{"$f":"+IFERROR(VLOOKUP($A95,INSUMOS_BD2,4,FALSE),\"\")","v":"glb"},null,null,{"$f":"+IFERROR(ROUND(IF($B95=\"Herramienta Menor (% mano de obra)\",HM,VLOOKUP($A95,INSUMOS_BD2,5,FALSE)),2),\"\")","v":0},null,null,{"$f":"+IFERROR(ROUND(IF($B95=\"Herramienta Menor (% mano de obra)\",$K$119*H95,H95*I95),0),\"\")","v":0}]
["e44",{"$f":"+IFERROR(VLOOKUP($A96,INSUMOS_BD2,3,FALSE),\"\")","v":"Vibro compactador 8 Ton"},null,null,{"$f":"+IFERROR(VLOOKUP($A96,INSUMOS_BD2,4,FALSE),\"\")","v":"hora"},null,null,{"$f":"+IFERROR(ROUND(IF($B96=\"Herramienta Menor (% mano de obra)\",HM,VLOOKUP($A96,INSUMOS_BD2,5,FALSE)),2),\"\")","v":116000},8.9786756453423093E-3,null,{"$f":"+IFERROR(ROUND(IF($B96=\"Herramienta Menor (% mano de obra)\",$K$119*H96,H96*I96),0),\"\")","v":1042}]
["e45",{"$f":"+IFERROR(VLOOKUP($A97,INSUMOS_BD2,3,FALSE),\"\")","v":"Motoniveladora 120 Hp"},null,null,{"$f":"+IFERROR(VLOOKUP($A97,INSUMOS_BD2,4,FALSE),\"\")","v":"hora"},null,null,{"$f":"+IFERROR(ROUND(IF($B97=\"Herramienta Menor (% mano de obra)\",HM,VLOOKUP($A97,INSUMOS_BD2,5,FALSE)),2),\"\")","v":120000},8.9786756453423093E-3,null,{"$f":"+IFERROR(ROUND(IF($B97=\"Herramienta Menor (% mano de obra)\",$K$119*H97,H97*I97),0),\"\")","v":1077}]
[null,null,null,null,null,null,null,"SUB-TOTAL $",null,null,{"$f":"SUM(K95:K97)","v":2119}]
[]
[null,"II. MATERIALES"]
[null,"DESCRIPCIÓN",null,null,null,null,"UNIDAD","CANTIDAD","PRECIO UNIT.",null,"VR/UNIT"]
["m118",{"$f":"+IFERROR(VLOOKUP($A102,INSUMOS_BD2,3,FALSE),\"\")","v":"Agua"},null,null,null,null,{"$f":"+IFERROR(VLOOKUP($A102,INSUMOS_BD2,4,FALSE),\"\")","v":"l"},10,{"$f":"+IFERROR(VLOOKUP($A102,INSUMOS_BD2,5,FALSE),\"\")","v":10},null,{"$f":"IFERROR(ROUND(H102*I102,0),\"\")","v":100}]
[null,{"$f":"+IFERROR(VLOOKUP($A103,INSUMOS_BD2,3,FALSE),\"\")","v":""},null,null,null,null,{"$f":"+IFERROR(VLOOKUP($A103,INSUMOS_BD2,4,FALSE),\"\")","v":""},null,{"$f":"+IFERROR(VLOOKUP($A103,INSUMOS_BD2,5,FALSE),\"\")","v":""},null,{"$f":"IFERROR(ROUND(H103*I103,0),\"\")","v":""}]
[null,{"$f":"+IFERROR(VLOOKUP($A104,INSUMOS_BD2,3,FALSE),\"\")","v":""},null,null,null,null,{"$f":"+IFERROR(VLOOKUP($A104,INSUMOS_BD2,4,FALSE),\"\")","v":""},null,{"$f":"+IFERROR(VLOOKUP($A104,INSUMOS_BD2,5,FALSE),\"\")","v":""},null,{"$f":"IFERROR(ROUND(H104*I104,0),\"\")","v":""}]
[null,null,null,null,null,null,null,"SUB-TOTAL $",null,null,{"$f":"SUM(K102:K104)","v":100}]
[]
[null,"III. TRANSPORTES"]
[null,"MATERIAL",null,null,null,"VOL. o PESO","DISTANCIA","FACT. EXPANSIÓN","TARIFA (M3 o Ton/Km)",null,"VR/UNIT"]
[null,{"$f":"+IFERROR(VLOOKUP($A109,INSUMOS_BD2,3,FALSE),\"\")","v":""},null,null,null,null,null,{"$f":"+IFERROR(VLOOKUP($A109,INSUMOS_BD2,3,FALSE),\"\")","v":""},{"$f":"+IFERROR(VLOOKUP($A109,INSUMOS_BD2,5,FALSE),\"\")","v":""},null,{"$f":"IFERROR(ROUND(F109*G109*I109,0),\"\")","v":""}]
[null,{"$f":"+IFERROR(VLOOKUP($A110,INSUMOS_BD2,3,FALSE),\"\")","v":""},null,null,null,null,null,{"$f":"+IFERROR(VLOOKUP($A110,INSUMOS_BD2,3,FALSE),\"\")","v":""},{"$f":"+IFERROR(VLOOKUP($A110,INSUMOS_BD2,5,FALSE),\"\")","v":""},null,{"$f":"IFERROR(ROUND(F110*G110*I110,0),\"\")","v":""}]
[null,{"$f":"+IFERROR(VLOOKUP($A111,INSUMOS_BD2,3,FALSE),\"\")","v":""},null,null,null,null,null,{"$f":"+IFERROR(VLOOKUP($A111,INSUMOS_BD2,3,FALSE),\"\")","v":""},{"$f":"+IFERROR(VLOOKUP($A111,INSUMOS_BD2,5,FALSE),\"\")","v":""},null,{"$f":"IFERROR(ROUND(F111*G111*I111,0),\"\")","v":""}]
[null,null,null,null,null,null,null,"SUB-TOTAL $",null,null,{"$f":"SUM(K109:K111)","v":0}]
[]
[null,"IV. MANO DE OBRA"]
[null,"TRABAJADOR",null,null,null,null,"UND","VR/HORA","RENDIMIENTO",null,"VR/UNIT"]
["cd1",{"$f":"+IFERROR(VLOOKUP($A116,Cuadrillas_DNP[],2,FALSE),\"\")","v":"Cuadrilla AA (Albañilería) 1Of y 1Ay"},null,null,null,{"$f":"+IFERROR(VLOOKUP($A116,INSUMOS_BD2,4,FALSE),\"\")","v":""},{"$f":"+IFERROR(VLOOKUP($A116,Cuadrillas_DNP[],3,FALSE),\"\")","v":"hora"},{"$f":"+IFERROR(VLOOKUP($A116,Cuadrillas_DNP[],6,FALSE),\"\")","v":16375},0.05,null,{"$f":"IFERROR(ROUND(H116*I116,0),\"\")","v":819}]
[null,{"$f":"+IFERROR(VLOOKUP($A117,Cuadrillas_DNP[],2,FALSE),\"\")","v":""},null,null,null,{"$f":"+IFERROR(VLOOKUP($A117,INSUMOS_BD2,4,FALSE),\"\")","v":""},{"$f":"+IFERROR(VLOOKUP($A117,Cuadrillas_DNP[],3,FALSE),\"\")","v":""},{"$f":"+IFERROR(VLOOKUP($A117,Cuadrillas_DNP[],6,FALSE),\"\")","v":""},null,null,{"$f":"IFERROR(ROUND(H117*I117,0),\"\")","v":""}]
[null,{"$f":"+IFERROR(VLOOKUP($A118,Cuadrillas_DNP[],2,FALSE),\"\")","v":""},null,null,null,{"$f":"+IFERROR(VLOOKUP($A118,INSUMOS_BD2,4,FALSE),\"\")","v":""},{"$f":"+IFERROR(VLOOKUP($A118,Cuadrillas_DNP[],3,FALSE),\"\")","v":""},{"$f":"+IFERROR(VLOOKUP($A118,Cuadrillas_DNP[],6,FALSE),\"\")","v":""},null,null,{"$f":"IFERROR(ROUND(H118*I118,0),\"\")","v":""}]
[null,null,null,null,null,null,null,"SUB-TOTAL $",null,null,{"$f":"SUM(K116:K118)","v":819}]
[]
[null,"TOTAL COSTO DIRECTO $",null,null,null,null,null,null,null,null,{"$f":"ROUND((+K119+K112+K105+K98),0)","v":3038}]
[]
[null,"V. COSTOS INDIRECTOS"]
[null,"Descripción",null,null,null,null,null,"Porcentaje","Valor Total"]
[null,"ADMINISTRACION",null,null,null,null,null,{"$f":"+ADMON","v":0.01},{"$f":"+K121*H125","v":30.38}]
[null,"IMPREVISTOS ",null,null,null,null,null,{"$f":"+IMPREVISTOS","v":0.02},{"$f":"+K121*H126","v":60.76}]
[null,"UTILIDAD",null,null,null,null,null,{"$f":"+UTILIDAD","v":0.05},{"$f":"+K121*H127","v":151.9}]
[null,"TOTAL COSTO INDIRECTO $",null,null,null,null,null,null,null,null,{"$f":"SUM(I125:J127)","v":243.04000000000002}]
[]
[null,"Precio Unitario Total  $",null,null,null,null,null,null,null,null,{"$f":"+ROUND(K128+K121,0)","v":3281}]
[]
["APU-DNP4",{"$f":"IFERROR(VLOOKUP($A132,LISTA_APU,2,FALSE),\"\")","v":""},null,null,null,null,null,null,"Unidad:",{"$f":"IFERROR(VLOOKUP($A132,LISTA_APU_DNP,3,FALSE),\"\")","v":"m³"},{"$f":"K162","v":46055}]
[null,"I. EQUIPO"]
[null,"DESCRIPCIÓN",null,null,"UND","TIPO",null,"TARIFA","RENDIMIENTO",null,"VR/UNIT"]
["e31",{"$f":"+IFERROR(VLOOKUP($A135,INSUMOS_BD2,3,FALSE),\"\")","v":"Herramienta Menor HM (% mano de obra)"},null,null,{"$f":"+IFERROR(VLOOKUP($A135,INSUMOS_BD2,4,FALSE),\"\")","v":"glb"},null,null,{"$f":"+IFERROR(ROUND(IF($B135=\"Herramienta Menor (% mano de obra)\",HM,VLOOKUP($A135,INSUMOS_BD2,5,FALSE)),2),\"\")","v":0},null,null,{"$f":"+IFERROR(ROUND(IF($B135=\"Herramienta Menor (% mano de obra)\",$K$160*H135,H135/I135),0),\"\")","v":""},null,"e46"]
["E46",{"$f":"+IFERROR(VLOOKUP($A136,INSUMOS_BD2,3,FALSE),\"\")","v":"Carrotanque de agua(1000 Galones)"},null,null,{"$f":"+IFERROR(VLOOKUP($A136,INSUMOS_BD2,4,FALSE),\"\")","v":"hora"},null,null,{"$f":"+IFERROR(ROUND(IF($B136=\"Herramienta Menor (% mano de obra)\",HM,VLOOKUP($A136,INSUMOS_BD2,5,FALSE)),2),\"\")","v":70000},45,null,{"$f":"+IFERROR(ROUND(IF($B136=\"Herramienta Menor (% mano de obra)\",$K$160*H136,H136/I136),0),\"\")","v":1556},null,"e19"]
["e19",{"$f":"+IFERROR(VLOOKUP($A137,INSUMOS_BD2,3,FALSE),\"\")","v":" MOTONIVELADORA POTENCIA 215 HP, ANCHO DE CUCHILLA 4,27M, PESO 18 TN"},null,null,{"$f":"+IFERROR(VLOOKUP($A137,INSUMOS_BD2,4,FALSE),\"\")","v":"hora"},null,null,{"$f":"+IFERROR(ROUND(IF($B137=\"Herramienta Menor (% mano de obra)\",HM,VLOOKUP($A137,INSUMOS_BD2,5,FALSE)),2),\"\")","v":164000},45,null,{"$f":"+IFERROR(ROUND(IF($B137=\"Herramienta Menor (% mano de obra)\",$K$160*H137,H137/I137),0),\"\")","v":3644},null,"e23"]
["e23",{"$f":"+IFERROR(VLOOKUP($A138,INSUMOS_BD2,3,FALSE),\"\")","v":" VIBROCOMPACTADOR  POTENCIA 153HP PESO 10 TON"},null,null,{"$f":"+IFERROR(VLOOKUP($A138,INSUMOS_BD2,4,FALSE),\"\")","v":"hora"},null,null,{"$f":"+IFERROR(ROUND(IF($B138=\"Herramienta Menor (% mano de obra)\",HM,VLOOKUP($A138,INSUMOS_BD2,5,FALSE)),2),\"\")","v":142000},45,null,{"$f":"+IFERROR(ROUND(IF($B138=\"Herramienta Menor (% mano de obra)\",$K$160*H138,H138/I138),0),\"\")","v":3156},null,"e31"]
[null,null,null,null,null,null,null,"SUB-TOTAL $",null,null,{"$f":"SUM(K135:K138)","v":8356}]
[]
[null,"II. MATERIALES"]
[null,"DESCRIPCIÓN",null,null,null,null,"UNIDAD","CANTIDAD","PRECIO UNIT.",null,"VR/UNIT"]
["M120",{"$f":"+IFERROR(VLOOKUP($A143,INSUMOS_BD2,3,FALSE),\"\")","v":"Agua"},null,null,null,null,{"$f":"+IFERROR(VLOOKUP($A143,INSUMOS_BD2,4,FALSE),\"\")","v":"l"},24,{"$f":"+IFERROR(VLOOKUP($A143,INSUMOS_BD2,5,FALSE),\"\")","v":46.26},null,{"$f":"IFERROR(ROUND(H143*I143,0),\"\")","v":1110}]
["M11",{"$f":"+IFERROR(VLOOKUP($A144,INSUMOS_BD2,3,FALSE),\"\")","v":"MATERIAL DE SUB- BASE CBR=40%"},null,null,null,null,{"$f":"+IFERROR(VLOOKUP($A144,INSUMOS_BD2,4,FALSE),\"\")","v":"m³"},1.3,{"$f":"+IFERROR(VLOOKUP($A144,INSUMOS_BD2,5,FALSE),\"\")","v":26861.101827763297},null,{"$f":"IFERROR(ROUND(H144*I144,0),\"\")","v":34919}]
[null,{"$f":"+IFERROR(VLOOKUP($A145,INSUMOS_BD2,3,FALSE),\"\")","v":""},null,null,null,null,{"$f":"+IFERROR(VLOOKUP($A145,INSUMOS_BD2,4,FALSE),\"\")","v":""},null,{"$f":"+IFERROR(VLOOKUP($A145,INSUMOS_BD2,5,FALSE),\"\")","v":""},null,{"$f":"IFERROR(ROUND(H145*I145,0),\"\")","v":""}]
[null,null,null,null,null,null,null,"SUB-TOTAL $",null,null,{"$f":"SUM(K143:K145)","v":36029}]
[]
[null,"III. TRANSPORTES"]
[null,"MATERIAL",null,null,null,"VOL. o PESO","DISTANCIA","FACT. EXPANSIÓN","TARIFA (M3 o Ton/Km)",null,"VR/UNIT"]
["T6",{"$f":"+IFERROR(VLOOKUP($A150,INSUMOS_BD2,3,FALSE),\"\")","v":" TRANSPORTE MATERIAL DE BASE/SUB BASE"},null,null,null,{"$f":"H144","v":1.3},1,"-",{"$f":"+IFERROR(VLOOKUP($A150,INSUMOS_BD2,5,FALSE),\"\")","v":1250},null,{"$f":"IFERROR(ROUND(F150*G150*I150,0),\"\")","v":1625}]
[null,{"$f":"+IFERROR(VLOOKUP($A151,INSUMOS_BD2,3,FALSE),\"\")","v":""},null,null,null,null,null,null,{"$f":"+IFERROR(VLOOKUP($A151,INSUMOS_BD2,5,FALSE),\"\")","v":""},null,{"$f":"IFERROR(ROUND(F151*G151*I151,0),\"\")","v":""}]
[null,{"$f":"+IFERROR(VLOOKUP($A152,INSUMOS_BD2,3,FALSE),\"\")","v":""},null,null,null,null,null,null,{"$f":"+IFERROR(VLOOKUP($A152,INSUMOS_BD2,5,FALSE),\"\")","v":""},null,{"$f":"IFERROR(ROUND(F152*G152*I152,0),\"\")","v":""}]
[null,null,null,null,null,null,null,"SUB-TOTAL $",null,null,{"$f":"SUM(K150:K152)","v":1625}]
[]
[null,"IV. MANO DE OBRA"]
[null,"TRABAJADOR",null,null,null,null,"UND","VR/HORA","RENDIMIENTO",null,"VR/UNIT"]
["cd1",{"$f":"+IFERROR(VLOOKUP($A157,Cuadrillas_DNP[],2,FALSE),\"\")","v":"Cuadrilla AA (Albañilería) 1Of y 1Ay"},null,null,null,{"$f":"+IFERROR(VLOOKUP($A157,INSUMOS_BD2,4,FALSE),\"\")","v":""},{"$f":"+IFERROR(VLOOKUP($A157,Cuadrillas_DNP[],3,FALSE),\"\")","v":"hora"},{"$f":"+IFERROR(VLOOKUP($A157,Cuadrillas_DNP[],6,FALSE),\"\")","v":16375},2.7777777777777801E-3,null,{"$f":"IFERROR(ROUND(H157*I157,0),\"\")","v":45}]
[null,{"$f":"+IFERROR(VLOOKUP($A158,Cuadrillas_DNP[],2,FALSE),\"\")","v":""},null,null,null,{"$f":"+IFERROR(VLOOKUP($A158,INSUMOS_BD2,4,FALSE),\"\")","v":""},{"$f":"+IFERROR(VLOOKUP($A158,Cuadrillas_DNP[],3,FALSE),\"\")","v":""},{"$f":"+IFERROR(VLOOKUP($A158,Cuadrillas_DNP[],6,FALSE),\"\")","v":""},null,null,{"$f":"IFERROR(ROUND(H158*I158,0),\"\")","v":""}]
[null,{"$f":"+IFERROR(VLOOKUP($A159,Cuadrillas_DNP[],2,FALSE),\"\")","v":""},null,null,null,{"$f":"+IFERROR(VLOOKUP($A159,INSUMOS_BD2,4,FALSE),\"\")","v":""},{"$f":"+IFERROR(VLOOKUP($A159,Cuadrillas_DNP[],3,FALSE),\"\")","v":""},{"$f":"+IFERROR(VLOOKUP($A159,Cuadrillas_DNP[],6,FALSE),\"\")","v":""},null,null,{"$f":"IFERROR(ROUND(H159*I159,0),\"\")","v":""}]
[null,null,null,null,null,null,null,"SUB-TOTAL $",null,null,{"$f":"SUM(K157:K159)","v":45}]
[]
[null,"TOTAL COSTO DIRECTO $",null,null,null,null,null,null,null,null,{"$f":"ROUND((+K160+K153+K146+K139),0)","v":46055}]
[]
[null,"V. COSTOS INDIRECTOS"]
[null,"Descripción",null,null,null,null,null,"Porcentaje","Valor Total"]
[null,"ADMINISTRACION",null,null,null,null,null,{"$f":"+ADMON","v":0.01},{"$f":"+K162*H166","v":460.55}]
[null,"IMPREVISTOS ",null,null,null,null,null,{"$f":"+IMPREVISTOS","v":0.02},{"$f":"+K162*H167","v":921.1}]
[null,"UTILIDAD",null,null,null,null,null,{"$f":"+UTILIDAD","v":0.05},{"$f":"+K162*H168","v":2302.75}]
[null,"TOTAL COSTO INDIRECTO $",null,null,null,null,null,null,null,null,{"$f":"SUM(I166:J168)","v":3684.4}]
[]
[null,"Precio Unitario Total  $",null,null,null,null,null,null,null,null,{"$f":"+ROUND(K169+K162,0)","v":49739}]
[]
["APU-DNP5",{"$f":"IFERROR(VLOOKUP($A173,LISTA_APU,2,FALSE),\"\")","v":""},null,null,null,null,null,null,"Unidad:",{"$f":"IFERROR(VLOOKUP($A173,LISTA_APU_DNP,3,FALSE),\"\")","v":"m³"},{"$f":"K202","v":7819}]
[null,"I. EQUIPO"]
[null,"DESCRIPCIÓN",null,null,"UND","TIPO",null,"TARIFA","RENDIMIENTO",null,"VR/UNIT"]
["e31",{"$f":"+IFERROR(VLOOKUP($A176,INSUMOS_BD2,3,FALSE),\"\")","v":"Herramienta Menor HM (% mano de obra)"},null,null,{"$f":"+IFERROR(VLOOKUP($A176,INSUMOS_BD2,4,FALSE),\"\")","v":"glb"},null,null,{"$f":"+IFERROR(ROUND(IF($B176=\"Herramienta Menor (% mano de obra)\",HM,VLOOKUP($A176,INSUMOS_BD2,5,FALSE)),2),\"\")","v":0},null,null,{"$f":"+IFERROR(ROUND(IF($B176=\"Herramienta Menor (% mano de obra)\",$K$200*H176,H176*I176),0),\"\")","v":0}]
[null,{"$f":"+IFERROR(VLOOKUP($A177,INSUMOS_BD2,3,FALSE),\"\")","v":""},null,null,{"$f":"+IFERROR(VLOOKUP($A177,INSUMOS_BD2,4,FALSE),\"\")","v":""},null,null,{"$f":"+IFERROR(ROUND(IF($B177=\"Herramienta Menor (% mano de obra)\",HM,VLOOKUP($A177,INSUMOS_BD2,5,FALSE)),2),\"\")","v":""},null,null,{"$f":"+IFERROR(ROUND(IF($B177=\"Herramienta Menor (% mano de obra)\",$K$200*H177,H177*I177),0),\"\")","v":""}]
[null,{"$f":"+IFERROR(VLOOKUP($A178,INSUMOS_BD2,3,FALSE),\"\")","v":""},null,null,{"$f":"+IFERROR(VLOOKUP($A178,INSUMOS_BD2,4,FALSE),\"\")","v":""},null,null,{"$f":"+IFERROR(ROUND(IF($B178=\"Herramienta Menor (% mano de obra)\",HM,VLOOKUP($A178,INSUMOS_BD2,5,FALSE)),2),\"\")","v":""},null,null,{"$f":"+IFERROR(ROUND(IF($B178=\"Herramienta Menor (% mano de obra)\",$K$200*H178,H178*I178),0),\"\")","v":""}]
[null,null,null,null,null,null,null,"SUB-TOTAL $",null,null,{"$f":"SUM(K176:K178)","v":0}]
[]
[null,"II. MATERIALES"]
[null,"DESCRIPCIÓN",null,null,null,null,"UNIDAD","CANTIDAD","PRECIO UNIT.",null,"VR/UNIT"]
["m71",{"$f":"+IFERROR(VLOOKUP($A183,INSUMOS_BD2,3,FALSE),\"\")","v":"Derechos de explotación y/o disposición de materiales"},null,null,null,null,{"$f":"+IFERROR(VLOOKUP($A183,INSUMOS_BD2,4,FALSE),\"\")","v":"m³"},1.3,{"$f":"+IFERROR(VLOOKUP($A183,INSUMOS_BD2,5,FALSE),\"\")","v":2988},null,{"$f":"IFERROR(ROUND(H183*I183,0),\"\")","v":3884}]
[null,{"$f":"+IFERROR(VLOOKUP($A184,INSUMOS_BD2,3,FALSE),\"\")","v":""},null,null,null,null,{"$f":"+IFERROR(VLOOKUP($A184,INSUMOS_BD2,4,FALSE),\"\")","v":""},null,{"$f":"+IFERROR(VLOOKUP($A184,INSUMOS_BD2,5,FALSE),\"\")","v":""},null,{"$f":"IFERROR(ROUND(H184*I184,0),\"\")","v":""}]
[null,{"$f":"+IFERROR(VLOOKUP($A185,INSUMOS_BD2,3,FALSE),\"\")","v":""},null,null,null,null,{"$f":"+IFERROR(VLOOKUP($A185,INSUMOS_BD2,4,FALSE),\"\")","v":""},null,{"$f":"+IFERROR(VLOOKUP($A185,INSUMOS_BD2,5,FALSE),\"\")","v":""},null,{"$f":"IFERROR(ROUND(H185*I185,0),\"\")","v":""}]
[null,null,null,null,null,null,null,"SUB-TOTAL $",null,null,{"$f":"SUM(K183:K185)","v":3884}]
[]
[null,"III. TRANSPORTES"]
[null,"MATERIAL",null,null,null,"VOL. o PESO","DISTANCIA","FACT. EXPANSIÓN","TARIFA (M3 o Ton/Km)",null,"VR/UNIT"]
["t16",{"$f":"+IFERROR(VLOOKUP($A190,INSUMOS_BD2,3,FALSE),\"\")","v":"Volqueta  6 m³ (cargue mecánico) botadero "},null,null,null,{"$f":"H183","v":1.3},1,"-",{"$f":"+IFERROR(VLOOKUP($A190,INSUMOS_BD2,5,FALSE),\"\")","v":1250},null,{"$f":"IFERROR(ROUND(F190*G190*I190,0),\"\")","v":1625}]
[null,{"$f":"+IFERROR(VLOOKUP($A191,INSUMOS_BD2,3,FALSE),\"\")","v":""},null,null,null,null,null,null,{"$f":"+IFERROR(VLOOKUP($A191,INSUMOS_BD2,5,FALSE),\"\")","v":""},null,{"$f":"IFERROR(ROUND(F191*G191*I191,0),\"\")","v":""}]
[null,{"$f":"+IFERROR(VLOOKUP($A192,INSUMOS_BD2,3,FALSE),\"\")","v":""},null,null,null,null,null,null,{"$f":"+IFERROR(VLOOKUP($A192,INSUMOS_BD2,5,FALSE),\"\")","v":""},null,{"$f":"IFERROR(ROUND(F192*G192*I192,0),\"\")","v":""}]
[null,null,null,null,null,null,null,"SUB-TOTAL $",null,null,{"$f":"SUM(K190:K192)","v":1625}]
[]
[null,"IV. MANO DE OBRA"]
[null,"TRABAJADOR",null,null,null,null,"UND","VR/HORA","RENDIMIENTO",null,"VR/UNIT"]
["cd2",{"$f":"+IFERROR(VLOOKUP($A197,Cuadrillas_DNP[],2,FALSE),\"\")","v":"Cuadrilla AA 1Of+2Ay (Albañilería)"},null,null,null,{"$f":"+IFERROR(VLOOKUP($A197,INSUMOS_BD2,4,FALSE),\"\")","v":""},{"$f":"+IFERROR(VLOOKUP($A197,Cuadrillas_DNP[],3,FALSE),\"\")","v":"hora"},{"$f":"+IFERROR(VLOOKUP($A197,Cuadrillas_DNP[],6,FALSE),\"\")","v":23097},0.1,null,{"$f":"IFERROR(ROUND(H197*I197,0),\"\")","v":2310}]
[null,{"$f":"+IFERROR(VLOOKUP($A198,Cuadrillas_DNP[],2,FALSE),\"\")","v":""},null,null,null,{"$f":"+IFERROR(VLOOKUP($A198,INSUMOS_BD2,4,FALSE),\"\")","v":""},{"$f":"+IFERROR(VLOOKUP($A198,Cuadrillas_DNP[],3,FALSE),\"\")","v":""},{"$f":"+IFERROR(VLOOKUP($A198,Cuadrillas_DNP[],6,FALSE),\"\")","v":""},null,null,{"$f":"IFERROR(ROUND(H198*I198,0),\"\")","v":""}]
[null,{"$f":"+IFERROR(VLOOKUP($A199,Cuadrillas_DNP[],2,FALSE),\"\")","v":""},null,null,null,{"$f":"+IFERROR(VLOOKUP($A199,INSUMOS_BD2,4,FALSE),\"\")","v":""},{"$f":"+IFERROR(VLOOKUP($A199,Cuadrillas_DNP[],3,FALSE),\"\")","v":""},{"$f":"+IFERROR(VLOOKUP($A199,Cuadrillas_DNP[],6,FALSE),\"\")","v":""},null,null,{"$f":"IFERROR(ROUND(H199*I199,0),\"\")","v":""}]
[null,null,null,null,null,null,null,"SUB-TOTAL $",null,null,{"$f":"SUM(K197:K199)","v":2310}]
[]
[null,"TOTAL COSTO DIRECTO $",null,null,null,null,null,null,null,null,{"$f":"ROUND((+K200+K193+K186+K179),0)","v":7819}]
[]
[null,"V. COSTOS INDIRECTOS"]
[null,"Descripción",null,null,null,null,null,"Porcentaje","Valor Total"]
[null,"ADMINISTRACION",null,null,null,null,null,{"$f":"+ADMON","v":0.01},{"$f":"+K202*H206","v":78.19}]
[null,"IMPREVISTOS ",null,null,null,null,null,{"$f":"+IMPREVISTOS","v":0.02},{"$f":"+K202*H207","v":156.38}]
[null,"UTILIDAD",null,null,null,null,null,{"$f":"+UTILIDAD","v":0.05},{"$f":"+K202*H208","v":390.95000000000005}]
[null,"TOTAL COSTO INDIRECTO $",null,null,null,null,null,null,null,null,{"$f":"SUM(I206:J208)","v":625.52}]
[]
[null,"Precio Unitario Total  $",null,null,null,null,null,null,null,null,{"$f":"+ROUND(K209+K202,0)","v":8445}]
[]
["APU-DNP6",{"$f":"IFERROR(VLOOKUP($A213,LISTA_APU_DNP,2,FALSE),\"\")","v":"CONCRETO DE 210 KG/CM² (3.000 PSI) HUELLAS"},null,null,null,null,null,null,"Unidad:",{"$f":"IFERROR(VLOOKUP($A213,LISTA_APU_DNP,3,FALSE),\"\")","v":"m³"},{"$f":"K242","v":314509}]
[null,"I. EQUIPO"]
[null,"DESCRIPCIÓN",null,null,"UND","TIPO",null,"TARIFA","RENDIMIENTO",null,"VR/UNIT"]
["e31",{"$f":"+IFERROR(VLOOKUP($A216,INSUMOS_BD2,3,FALSE),\"\")","v":"Herramienta Menor HM (% mano de obra)"},null,null,{"$f":"+IFERROR(VLOOKUP($A216,INSUMOS_BD2,4,FALSE),\"\")","v":"glb"},null,null,{"$f":"+IFERROR(ROUND(IF($B216=\"Herramienta Menor (% mano de obra)\",HM,VLOOKUP($A216,INSUMOS_BD2,5,FALSE)),2),\"\")","v":0},null,null,{"$f":"+IFERROR(ROUND(IF($B216=\"Herramienta Menor (% mano de obra)\",$K$240*H216,H216*I216),0),\"\")","v":0}]
["e47",{"$f":"+IFERROR(VLOOKUP($A217,INSUMOS_BD2,3,FALSE),\"\")","v":"formaleta madera"},null,null,{"$f":"+IFERROR(VLOOKUP($A217,INSUMOS_BD2,4,FALSE),\"\")","v":"m²"},null,null,{"$f":"+IFERROR(ROUND(IF($B217=\"Herramienta Menor (% mano de obra)\",HM,VLOOKUP($A217,INSUMOS_BD2,5,FALSE)),2),\"\")","v":2500},4,null,{"$f":"+IFERROR(ROUND(IF($B217=\"Herramienta Menor (% mano de obra)\",$K$240*H217,H217*I217),0),\"\")","v":10000}]
["e48",{"$f":"+IFERROR(VLOOKUP($A218,INSUMOS_BD2,3,FALSE),\"\")","v":"Vibrador a gasolina"},null,null,{"$f":"+IFERROR(VLOOKUP($A218,INSUMOS_BD2,4,FALSE),\"\")","v":"hora"},null,null,{"$f":"+IFERROR(ROUND(IF($B218=\"Herramienta Menor (% mano de obra)\",HM,VLOOKUP($A218,INSUMOS_BD2,5,FALSE)),2),\"\")","v":3830},1,null,{"$f":"+IFERROR(ROUND(IF($B218=\"Herramienta Menor (% mano de obra)\",$K$240*H218,H218*I218),0),\"\")","v":3830}]
[null,null,null,null,null,null,null,"SUB-TOTAL $",null,null,{"$f":"SUM(K216:K218)","v":13830}]
[]
[null,"II. MATERIALES"]
[null,"DESCRIPCIÓN",null,null,null,null,"UNIDAD","CANTIDAD","PRECIO UNIT.",null,"VR/UNIT"]
["M77",{"$f":"+IFERROR(VLOOKUP($A223,INSUMOS_BD2,3,FALSE),\"\")","v":"CONCRETO DE 210 kg/cm² (3.000 PSI)"},null,null,null,null,{"$f":"+IFERROR(VLOOKUP($A223,INSUMOS_BD2,4,FALSE),\"\")","v":"m³"},1.05,{"$f":"+IFERROR(VLOOKUP($A223,INSUMOS_BD2,5,FALSE),\"\")","v":269510},null,{"$f":"IFERROR(ROUND(H223*I223,0),\"\")","v":282986}]
["M76",{"$f":"+IFERROR(VLOOKUP($A224,INSUMOS_BD2,3,FALSE),\"\")","v":"MORTERO 1:3 PARA DILATACIONES"},null,null,null,null,{"$f":"+IFERROR(VLOOKUP($A224,INSUMOS_BD2,4,FALSE),\"\")","v":"m"},1.9875E-2,{"$f":"+IFERROR(VLOOKUP($A224,INSUMOS_BD2,5,FALSE),\"\")","v":309140},null,{"$f":"IFERROR(ROUND(H224*I224,0),\"\")","v":6144}]
[null,{"$f":"+IFERROR(VLOOKUP($A225,INSUMOS_BD2,3,FALSE),\"\")","v":""},null,null,null,null,{"$f":"+IFERROR(VLOOKUP($A225,INSUMOS_BD2,4,FALSE),\"\")","v":""},null,{"$f":"+IFERROR(VLOOKUP($A225,INSUMOS_BD2,5,FALSE),\"\")","v":""},null,{"$f":"IFERROR(ROUND(H225*I225,0),\"\")","v":""}]
[null,null,null,null,null,null,null,"SUB-TOTAL $",null,null,{"$f":"SUM(K223:K225)","v":289130}]
[]
[null,"III. TRANSPORTES"]
[null,"MATERIAL",null,null,null,"VOL. o PESO","DISTANCIA","FACT. EXPANSIÓN","TARIFA (M3 o Ton/Km)",null,"VR/UNIT"]
[null,{"$f":"+IFERROR(VLOOKUP($A230,INSUMOS_BD2,3,FALSE),\"\")","v":""},null,null,null,null,null,{"$f":"+IFERROR(VLOOKUP($A230,INSUMOS_BD2,3,FALSE),\"\")","v":""},{"$f":"+IFERROR(VLOOKUP($A230,INSUMOS_BD2,5,FALSE),\"\")","v":""},null,{"$f":"IFERROR(ROUND(F230*G230*I230,0),\"\")","v":""}]
[null,{"$f":"+IFERROR(VLOOKUP($A231,INSUMOS_BD2,3,FALSE),\"\")","v":""},null,null,null,null,null,{"$f":"+IFERROR(VLOOKUP($A231,INSUMOS_BD2,3,FALSE),\"\")","v":""},{"$f":"+IFERROR(VLOOKUP($A231,INSUMOS_BD2,5,FALSE),\"\")","v":""},null,{"$f":"IFERROR(ROUND(F231*G231*I231,0),\"\")","v":""}]
[null,{"$f":"+IFERROR(VLOOKUP($A232,INSUMOS_BD2,3,FALSE),\"\")","v":""},null,null,null,null,null,{"$f":"+IFERROR(VLOOKUP($A232,INSUMOS_BD2,3,FALSE),\"\")","v":""},{"$f":"+IFERROR(VLOOKUP($A232,INSUMOS_BD2,5,FALSE),\"\")","v":""},null,{"$f":"IFERROR(ROUND(F232*G232*I232,0),\"\")","v":""}]
[null,null,null,null,null,null,null,"SUB-TOTAL $",null,null,{"$f":"SUM(K230:K232)","v":0}]
[]
[null,"IV. MANO DE OBRA"]
[null,"TRABAJADOR",null,null,null,null,"UND","VR/HORA","RENDIMIENTO",null,"VR/UNIT"]
["cd2",{"$f":"+IFERROR(VLOOKUP($A237,Cuadrillas_DNP[],2,FALSE),\"\")","v":"Cuadrilla AA 1Of+2Ay (Albañilería)"},null,null,null,{"$f":"+IFERROR(VLOOKUP($A237,INSUMOS_BD2,4,FALSE),\"\")","v":""},{"$f":"+IFERROR(VLOOKUP($A237,Cuadrillas_DNP[],3,FALSE),\"\")","v":"hora"},{"$f":"+IFERROR(VLOOKUP($A237,Cuadrillas_DNP[],6,FALSE),\"\")","v":23097},0.5,null,{"$f":"IFERROR(ROUND(H237*I237,0),\"\")","v":11549}]
[null,{"$f":"+IFERROR(VLOOKUP($A238,Cuadrillas_DNP[],2,FALSE),\"\")","v":""},null,null,null,{"$f":"+IFERROR(VLOOKUP($A238,INSUMOS_BD2,4,FALSE),\"\")","v":""},{"$f":"+IFERROR(VLOOKUP($A238,Cuadrillas_DNP[],3,FALSE),\"\")","v":""},{"$f":"+IFERROR(VLOOKUP($A238,Cuadrillas_DNP[],6,FALSE),\"\")","v":""},null,null,{"$f":"IFERROR(ROUND(H238*I238,0),\"\")","v":""}]
[null,{"$f":"+IFERROR(VLOOKUP($A239,Cuadrillas_DNP[],2,FALSE),\"\")","v":""},null,null,null,{"$f":"+IFERROR(VLOOKUP($A239,INSUMOS_BD2,4,FALSE),\"\")","v":""},{"$f":"+IFERROR(VLOOKUP($A239,Cuadrillas_DNP[],3,FALSE),\"\")","v":""},{"$f":"+IFERROR(VLOOKUP($A239,Cuadrillas_DNP[],6,FALSE),\"\")","v":""},null,null,{"$f":"IFERROR(ROUND(H239*I239,0),\"\")","v":""}]
[null,null,null,null,null,null,null,"SUB-TOTAL $",null,null,{"$f":"SUM(K237:K239)","v":11549}]
[]
[null,"TOTAL COSTO DIRECTO $",null,null,null,null,null,null,null,null,{"$f":"ROUND((+K240+K233+K226+K219),0)","v":314509}]
[]
[null,"V. COSTOS INDIRECTOS"]
[null,"Descripción",null,null,null,null,null,"Porcentaje","Valor Total"]
[null,"ADMINISTRACION",null,null,null,null,null,{"$f":"+ADMON","v":0.01},{"$f":"+K242*H246","v":3145.09}]
[null,"IMPREVISTOS ",null,null,null,null,null,{"$f":"+IMPREVISTOS","v":0.02},{"$f":"+K242*H247","v":6290.18}]
[null,"UTILIDAD",null,null,null,null,null,{"$f":"+UTILIDAD","v":0.05},{"$f":"+K242*H248","v":15725.45}]
[null,"TOTAL COSTO INDIRECTO $",null,null,null,null,null,null,null,null,{"$f":"SUM(I246:J248)","v":25160.720000000001}]
[]
[null,"Precio Unitario Total  $",null,null,null,null,null,null,null,null,{"$f":"+ROUND(K249+K242,0)","v":339670}]
[]
["APU-DNP7",{"$f":"IFERROR(VLOOKUP($A253,LISTA_APU_DNP,2,FALSE),\"\")","v":"CONCRETO CICLÓPEO PARA PLACA HUELLA (PIEDRA PEGADA)"},null,null,null,null,null,null,"Unidad:",{"$f":"IFERROR(VLOOKUP($A253,LISTA_APU_DNP,3,FALSE),\"\")","v":"m³"},{"$f":"+K282","v":211173}]
[null,"I. EQUIPO"]
[null,"DESCRIPCIÓN",null,null,"UND","TIPO",null,"TARIFA","RENDIMIENTO",null,"VR/UNIT"]
["e31",{"$f":"+IFERROR(VLOOKUP($A256,INSUMOS_BD2,3,FALSE),\"\")","v":"Herramienta Menor HM (% mano de obra)"},null,null,{"$f":"+IFERROR(VLOOKUP($A256,INSUMOS_BD2,4,FALSE),\"\")","v":"glb"},null,null,{"$f":"+IFERROR(ROUND(IF($B256=\"Herramienta Menor (% mano de obra)\",HM,VLOOKUP($A256,INSUMOS_BD2,5,FALSE)),2),\"\")","v":0},null,null,{"$f":"+IFERROR(ROUND(IF($B256=\"Herramienta Menor (% mano de obra)\",$K$280*H256,H256*I256),0),\"\")","v":0}]
["e47",{"$f":"+IFERROR(VLOOKUP($A257,INSUMOS_BD2,3,FALSE),\"\")","v":"formaleta madera"},null,null,{"$f":"+IFERROR(VLOOKUP($A257,INSUMOS_BD2,4,FALSE),\"\")","v":"m²"},null,null,{"$f":"+IFERROR(ROUND(IF($B257=\"Herramienta Menor (% mano de obra)\",HM,VLOOKUP($A257,INSUMOS_BD2,5,FALSE)),2),\"\")","v":2500},4,null,{"$f":"+IFERROR(ROUND(IF($B257=\"Herramienta Menor (% mano de obra)\",$K$280*H257,H257*I257),0),\"\")","v":10000}]
["e48",{"$f":"+IFERROR(VLOOKUP($A258,INSUMOS_BD2,3,FALSE),\"\")","v":"Vibrador a gasolina"},null,null,{"$f":"+IFERROR(VLOOKUP($A258,INSUMOS_BD2,4,FALSE),\"\")","v":"hora"},null,null,{"$f":"+IFERROR(ROUND(IF($B258=\"Herramienta Menor (% mano de obra)\",HM,VLOOKUP($A258,INSUMOS_BD2,5,FALSE)),2),\"\")","v":3830},1,null,{"$f":"+IFERROR(ROUND(IF($B258=\"Herramienta Menor (% mano de obra)\",$K$280*H258,H258*I258),0),\"\")","v":3830}]
[null,null,null,null,null,null,null,"SUB-TOTAL $",null,null,{"$f":"SUM(K256:K258)","v":13830}]
[]
[null,"II. MATERIALES"]
[null,"DESCRIPCIÓN",null,null,null,null,"UNIDAD","CANTIDAD","PRECIO UNIT.",null,"VR/UNIT"]
["m78",{"$f":"+IFERROR(VLOOKUP($A263,INSUMOS_BD2,3,FALSE),\"\")","v":"Concreto de 140 kg/cm²"},null,null,null,null,{"$f":"+IFERROR(VLOOKUP($A263,INSUMOS_BD2,4,FALSE),\"\")","v":"m³"},0.6,{"$f":"+IFERROR(VLOOKUP($A263,INSUMOS_BD2,5,FALSE),\"\")","v":204410},null,{"$f":"IFERROR(ROUND(H263*I263,0),\"\")","v":122646}]
["m79",{"$f":"+IFERROR(VLOOKUP($A264,INSUMOS_BD2,3,FALSE),\"\")","v":"Rajón de piedra del municipio"},null,null,null,null,{"$f":"+IFERROR(VLOOKUP($A264,INSUMOS_BD2,4,FALSE),\"\")","v":"m³"},0.4,{"$f":"+IFERROR(VLOOKUP($A264,INSUMOS_BD2,5,FALSE),\"\")","v":129000},null,{"$f":"IFERROR(ROUND(H264*I264,0),\"\")","v":51600}]
[null,{"$f":"+IFERROR(VLOOKUP($A265,INSUMOS_BD2,3,FALSE),\"\")","v":""},null,null,null,null,{"$f":"+IFERROR(VLOOKUP($A265,INSUMOS_BD2,4,FALSE),\"\")","v":""},null,{"$f":"+IFERROR(VLOOKUP($A265,INSUMOS_BD2,5,FALSE),\"\")","v":""},null,{"$f":"IFERROR(ROUND(H265*I265,0),\"\")","v":""}]
[null,null,null,null,null,null,null,"SUB-TOTAL $",null,null,{"$f":"SUM(K263:K265)","v":174246}]
[]
[null,"III. TRANSPORTES"]
[null,"MATERIAL",null,null,null,"VOL. o PESO","DISTANCIA","FACT. EXPANSIÓN","TARIFA (M3 o Ton/Km)",null,"VR/UNIT"]
[null,{"$f":"+IFERROR(VLOOKUP($A270,INSUMOS_BD2,3,FALSE),\"\")","v":""},null,null,null,null,null,{"$f":"+IFERROR(VLOOKUP($A270,INSUMOS_BD2,3,FALSE),\"\")","v":""},{"$f":"+IFERROR(VLOOKUP($A270,INSUMOS_BD2,5,FALSE),\"\")","v":""},null,{"$f":"IFERROR(ROUND(F270*G270*I270,0),\"\")","v":""}]
[null,{"$f":"+IFERROR(VLOOKUP($A271,INSUMOS_BD2,3,FALSE),\"\")","v":""},null,null,null,null,null,{"$f":"+IFERROR(VLOOKUP($A271,INSUMOS_BD2,3,FALSE),\"\")","v":""},{"$f":"+IFERROR(VLOOKUP($A271,INSUMOS_BD2,5,FALSE),\"\")","v":""},null,{"$f":"IFERROR(ROUND(F271*G271*I271,0),\"\")","v":""}]
[null,{"$f":"+IFERROR(VLOOKUP($A272,INSUMOS_BD2,3,FALSE),\"\")","v":""},null,null,null,null,null,{"$f":"+IFERROR(VLOOKUP($A272,INSUMOS_BD2,3,FALSE),\"\")","v":""},{"$f":"+IFERROR(VLOOKUP($A272,INSUMOS_BD2,5,FALSE),\"\")","v":""},null,{"$f":"IFERROR(ROUND(F272*G272*I272,0),\"\")","v":""}]
[null,null,null,null,null,null,null,"SUB-TOTAL $",null,null,{"$f":"SUM(K270:K272)","v":0}]
[]
[null,"IV. MANO DE OBRA"]
[null,"TRABAJADOR",null,null,null,null,"UND","VR/HORA","RENDIMIENTO",null,"VR/UNIT"]
["cd2",{"$f":"+IFERROR(VLOOKUP($A277,Cuadrillas_DNP[],2,FALSE),\"\")","v":"Cuadrilla AA 1Of+2Ay (Albañilería)"},null,null,null,{"$f":"+IFERROR(VLOOKUP($A277,INSUMOS_BD2,4,FALSE),\"\")","v":""},{"$f":"+IFERROR(VLOOKUP($A277,Cuadrillas_DNP[],3,FALSE),\"\")","v":"hora"},{"$f":"+IFERROR(VLOOKUP($A277,Cuadrillas_DNP[],6,FALSE),\"\")","v":23097},1,null,{"$f":"IFERROR(ROUND(H277*I277,0),\"\")","v":23097}]
[null,{"$f":"+IFERROR(VLOOKUP($A278,Cuadrillas_DNP[],2,FALSE),\"\")","v":""},null,null,null,{"$f":"+IFERROR(VLOOKUP($A278,INSUMOS_BD2,4,FALSE),\"\")","v":""},{"$f":"+IFERROR(VLOOKUP($A278,Cuadrillas_DNP[],3,FALSE),\"\")","v":""},{"$f":"+IFERROR(VLOOKUP($A278,Cuadrillas_DNP[],6,FALSE),\"\")","v":""},null,null,{"$f":"IFERROR(ROUND(H278*I278,0),\"\")","v":""}]
[null,{"$f":"+IFERROR(VLOOKUP($A279,Cuadrillas_DNP[],2,FALSE),\"\")","v":""},null,null,null,{"$f":"+IFERROR(VLOOKUP($A279,INSUMOS_BD2,4,FALSE),\"\")","v":""},{"$f":"+IFERROR(VLOOKUP($A279,Cuadrillas_DNP[],3,FALSE),\"\")","v":""},{"$f":"+IFERROR(VLOOKUP($A279,Cuadrillas_DNP[],6,FALSE),\"\")","v":""},null,null,{"$f":"IFERROR(ROUND(H279*I279,0),\"\")","v":""}]
[null,null,null,null,null,null,null,"SUB-TOTAL $",null,null,{"$f":"SUM(K277:K279)","v":23097}]
[]
[null,"TOTAL COSTO DIRECTO $",null,null,null,null,null,null,null,null,{"$f":"ROUND((+K280+K273+K266+K259),0)","v":211173}]
[]
[null,"V. COSTOS INDIRECTOS"]
[null,"Descripción",null,null,null,null,null,"Porcentaje","Valor Total"]
[null,"ADMINISTRACION",null,null,null,null,null,{"$f":"+ADMON","v":0.01},{"$f":"+K282*H286","v":2111.73}]
[null,"IMPREVISTOS ",null,null,null,null,null,{"$f":"+IMPREVISTOS","v":0.02},{"$f":"+K282*H287","v":4223.46}]
[null,"UTILIDAD",null,null,null,null,null,{"$f":"+UTILIDAD","v":0.05},{"$f":"+K282*H288","v":10558.650000000001}]
[null,"TOTAL COSTO INDIRECTO $",null,null,null,null,null,null,null,null,{"$f":"SUM(I286:J288)","v":16893.840000000004}]
[]
[null,"Precio Unitario Total  $",null,null,null,null,null,null,null,null,{"$f":"+ROUND(K289+K282,0)","v":228067}]
[]
["APU-DNP8",{"$f":"IFERROR(VLOOKUP($A293,LISTA_APU_DNP,2,FALSE),\"\")","v":"CONCRETO DE 210 KG/CM² (3.000 PSI) PARA RIOSTRAS DE PLACA HUELLA"},null,null,null,null,null,null,"Unidad:",{"$f":"IFERROR(VLOOKUP($A293,LISTA_APU_DNP,3,FALSE),\"\")","v":"m³"},{"$f":"+K322","v":298365}]
[null,"I. EQUIPO"]
[null,"DESCRIPCIÓN",null,null,"UND","TIPO",null,"TARIFA","RENDIMIENTO",null,"VR/UNIT"]
["e31",{"$f":"+IFERROR(VLOOKUP($A296,INSUMOS_BD2,3,FALSE),\"\")","v":"Herramienta Menor HM (% mano de obra)"},null,null,{"$f":"+IFERROR(VLOOKUP($A296,INSUMOS_BD2,4,FALSE),\"\")","v":"glb"},null,null,{"$f":"+IFERROR(ROUND(IF($B296=\"Herramienta Menor (% mano de obra)\",HM,VLOOKUP($A296,INSUMOS_BD2,5,FALSE)),2),\"\")","v":0},null,null,{"$f":"+IFERROR(ROUND(IF($B296=\"Herramienta Menor (% mano de obra)\",$K$320*H296,H296*I296),0),\"\")","v":0}]
["e48",{"$f":"+IFERROR(VLOOKUP($A297,INSUMOS_BD2,3,FALSE),\"\")","v":"Vibrador a gasolina"},null,null,{"$f":"+IFERROR(VLOOKUP($A297,INSUMOS_BD2,4,FALSE),\"\")","v":"hora"},null,null,{"$f":"+IFERROR(ROUND(IF($B297=\"Herramienta Menor (% mano de obra)\",HM,VLOOKUP($A297,INSUMOS_BD2,5,FALSE)),2),\"\")","v":3830},1,null,{"$f":"+IFERROR(ROUND(IF($B297=\"Herramienta Menor (% mano de obra)\",$K$320*H297,H297*I297),0),\"\")","v":3830}]
[null,{"$f":"+IFERROR(VLOOKUP($A298,INSUMOS_BD2,3,FALSE),\"\")","v":""},null,null,{"$f":"+IFERROR(VLOOKUP($A298,INSUMOS_BD2,4,FALSE),\"\")","v":""},null,null,{"$f":"+IFERROR(ROUND(IF($B298=\"Herramienta Menor (% mano de obra)\",HM,VLOOKUP($A298,INSUMOS_BD2,5,FALSE)),2),\"\")","v":""},null,null,{"$f":"+IFERROR(ROUND(IF($B298=\"Herramienta Menor (% mano de obra)\",$K$320*H298,H298*I298),0),\"\")","v":""}]
[null,null,null,null,null,null,null,"SUB-TOTAL $",null,null,{"$f":"SUM(K296:K298)","v":3830}]
[]
[null,"II. MATERIALES"]
[null,"DESCRIPCIÓN",null,null,null,null,"UNIDAD","CANTIDAD","PRECIO UNIT.",null,"VR/UNIT"]
["m77",{"$f":"+IFERROR(VLOOKUP($A303,INSUMOS_BD2,3,FALSE),\"\")","v":"CONCRETO DE 210 kg/cm² (3.000 PSI)"},null,null,null,null,{"$f":"+IFERROR(VLOOKUP($A303,INSUMOS_BD2,4,FALSE),\"\")","v":"m³"},1.05,{"$f":"+IFERROR(VLOOKUP($A303,INSUMOS_BD2,5,FALSE),\"\")","v":269510},null,{"$f":"IFERROR(ROUND(H303*I303,0),\"\")","v":282986}]
[null,{"$f":"+IFERROR(VLOOKUP($A304,INSUMOS_BD2,3,FALSE),\"\")","v":""},null,null,null,null,{"$f":"+IFERROR(VLOOKUP($A304,INSUMOS_BD2,4,FALSE),\"\")","v":""},null,{"$f":"+IFERROR(VLOOKUP($A304,INSUMOS_BD2,5,FALSE),\"\")","v":""},null,{"$f":"IFERROR(ROUND(H304*I304,0),\"\")","v":""}]
[null,{"$f":"+IFERROR(VLOOKUP($A305,INSUMOS_BD2,3,FALSE),\"\")","v":""},null,null,null,null,{"$f":"+IFERROR(VLOOKUP($A305,INSUMOS_BD2,4,FALSE),\"\")","v":""},null,{"$f":"+IFERROR(VLOOKUP($A305,INSUMOS_BD2,5,FALSE),\"\")","v":""},null,{"$f":"IFERROR(ROUND(H305*I305,0),\"\")","v":""}]
[null,null,null,null,null,null,null,"SUB-TOTAL $",null,null,{"$f":"SUM(K303:K305)","v":282986}]
[]
[null,"III. TRANSPORTES"]
[null,"MATERIAL",null,null,null,"VOL. o PESO","DISTANCIA","FACT. EXPANSIÓN","TARIFA (M3 o Ton/Km)",null,"VR/UNIT"]
[null,{"$f":"+IFERROR(VLOOKUP($A310,INSUMOS_BD2,3,FALSE),\"\")","v":""},null,null,null,null,1,{"$f":"+IFERROR(VLOOKUP($A310,INSUMOS_BD2,3,FALSE),\"\")","v":""},{"$f":"+IFERROR(VLOOKUP($A310,INSUMOS_BD2,5,FALSE),\"\")","v":""},null,{"$f":"IFERROR(ROUND(F310*G310*I310,0),\"\")","v":""}]
[null,{"$f":"+IFERROR(VLOOKUP($A311,INSUMOS_BD2,3,FALSE),\"\")","v":""},null,null,null,null,null,{"$f":"+IFERROR(VLOOKUP($A311,INSUMOS_BD2,3,FALSE),\"\")","v":""},{"$f":"+IFERROR(VLOOKUP($A311,INSUMOS_BD2,5,FALSE),\"\")","v":""},null,{"$f":"IFERROR(ROUND(F311*G311*I311,0),\"\")","v":""}]
[null,{"$f":"+IFERROR(VLOOKUP($A312,INSUMOS_BD2,3,FALSE),\"\")","v":""},null,null,null,null,null,{"$f":"+IFERROR(VLOOKUP($A312,INSUMOS_BD2,3,FALSE),\"\")","v":""},{"$f":"+IFERROR(VLOOKUP($A312,INSUMOS_BD2,5,FALSE),\"\")","v":""},null,{"$f":"IFERROR(ROUND(F312*G312*I312,0),\"\")","v":""}]
[null,null,null,null,null,null,null,"SUB-TOTAL $",null,null,{"$f":"SUM(K310:K312)","v":0}]
[]
[null,"IV. MANO DE OBRA"]
[null,"TRABAJADOR",null,null,null,null,"UND","VR/HORA","RENDIMIENTO",null,"VR/UNIT"]
["cd2",{"$f":"+IFERROR(VLOOKUP($A317,Cuadrillas_DNP[],2,FALSE),\"\")","v":"Cuadrilla AA 1Of+2Ay (Albañilería)"},null,null,null,{"$f":"+IFERROR(VLOOKUP($A317,INSUMOS_BD2,4,FALSE),\"\")","v":""},{"$f":"+IFERROR(VLOOKUP($A317,Cuadrillas_DNP[],3,FALSE),\"\")","v":"hora"},{"$f":"+IFERROR(VLOOKUP($A317,Cuadrillas_DNP[],6,FALSE),\"\")","v":23097},0.5,null,{"$f":"IFERROR(ROUND(H317*I317,0),\"\")","v":11549}]
[null,{"$f":"+IFERROR(VLOOKUP($A318,Cuadrillas_DNP[],2,FALSE),\"\")","v":""},null,null,null,{"$f":"+IFERROR(VLOOKUP($A318,INSUMOS_BD2,4,FALSE),\"\")","v":""},{"$f":"+IFERROR(VLOOKUP($A318,Cuadrillas_DNP[],3,FALSE),\"\")","v":""},{"$f":"+IFERROR(VLOOKUP($A318,Cuadrillas_DNP[],6,FALSE),\"\")","v":""},null,null,{"$f":"IFERROR(ROUND(H318*I318,0),\"\")","v":""}]
[null,{"$f":"+IFERROR(VLOOKUP($A319,Cuadrillas_DNP[],2,FALSE),\"\")","v":""},null,null,null,{"$f":"+IFERROR(VLOOKUP($A319,INSUMOS_BD2,4,FALSE),\"\")","v":""},{"$f":"+IFERROR(VLOOKUP($A319,Cuadrillas_DNP[],3,FALSE),\"\")","v":""},{"$f":"+IFERROR(VLOOKUP($A319,Cuadrillas_DNP[],6,FALSE),\"\")","v":""},null,null,{"$f":"IFERROR(ROUND(H319*I319,0),\"\")","v":""}]
[null,null,null,null,null,null,null,"SUB-TOTAL $",null,null,{"$f":"SUM(K317:K319)","v":11549}]
[]
[null,"TOTAL COSTO DIRECTO $",null,null,null,null,null,null,null,null,{"$f":"ROUND((+K320+K313+K306+K299),0)","v":298365}]
[]
[null,"V. COSTOS INDIRECTOS"]
[null,"Descripción",null,null,null,null,null,"Porcentaje","Valor Total"]
[null,"ADMINISTRACION",null,null,null,null,null,{"$f":"+ADMON","v":0.01},{"$f":"+K322*H326","v":2983.65}]
[null,"IMPREVISTOS ",null,null,null,null,null,{"$f":"+IMPREVISTOS","v":0.02},{"$f":"+K322*H327","v":5967.3}]
[null,"UTILIDAD",null,null,null,null,null,{"$f":"+UTILIDAD","v":0.05},{"$f":"+K322*H328","v":14918.25}]
[null,"TOTAL COSTO INDIRECTO $",null,null,null,null,null,null,null,null,{"$f":"SUM(I326:J328)","v":23869.200000000001}]
[]
[null,"Precio Unitario Total  $",null,null,null,null,null,null,null,null,{"$f":"+ROUND(K329+K322,0)","v":322234}]
[]
["APU-DNP9",{"$f":"IFERROR(VLOOKUP($A333,LISTA_APU_DNP,2,FALSE),\"\")","v":"ACERO DE REFUERZO 4.200 KG/CM² (60.000 PSI) PARA HUELLAS Y RIOSTRAS"},null,null,null,null,null,null,"Unidad:",{"$f":"IFERROR(VLOOKUP($A333,LISTA_APU_DNP,3,FALSE),\"\")","v":"kg"},{"$f":"+K362","v":3250}]
[null,"I. EQUIPO"]
[null,"DESCRIPCIÓN",null,null,"UND","TIPO",null,"TARIFA","RENDIMIENTO",null,"VR/UNIT"]
["e31",{"$f":"+IFERROR(VLOOKUP($A336,INSUMOS_BD2,3,FALSE),\"\")","v":"Herramienta Menor HM (% mano de obra)"},null,null,{"$f":"+IFERROR(VLOOKUP($A336,INSUMOS_BD2,4,FALSE),\"\")","v":"glb"},null,null,{"$f":"+IFERROR(ROUND(IF($B336=\"Herramienta Menor (% mano de obra)\",HM,VLOOKUP($A336,INSUMOS_BD2,5,FALSE)),2),\"\")","v":0},null,null,{"$f":"+IFERROR(ROUND(IF($B336=\"Herramienta Menor (% mano de obra)\",$K$360*H336,H336*I336),0),\"\")","v":0}]
[null,{"$f":"+IFERROR(VLOOKUP($A337,INSUMOS_BD2,3,FALSE),\"\")","v":""},null,null,{"$f":"+IFERROR(VLOOKUP($A337,INSUMOS_BD2,4,FALSE),\"\")","v":""},null,null,{"$f":"+IFERROR(ROUND(IF($B337=\"Herramienta Menor (% mano de obra)\",HM,VLOOKUP($A337,INSUMOS_BD2,5,FALSE)),2),\"\")","v":""},null,null,{"$f":"+IFERROR(ROUND(IF($B337=\"Herramienta Menor (% mano de obra)\",$K$360*H337,H337*I337),0),\"\")","v":""}]
[null,{"$f":"+IFERROR(VLOOKUP($A338,INSUMOS_BD2,3,FALSE),\"\")","v":""},null,null,{"$f":"+IFERROR(VLOOKUP($A338,INSUMOS_BD2,4,FALSE),\"\")","v":""},null,null,{"$f":"+IFERROR(ROUND(IF($B338=\"Herramienta Menor (% mano de obra)\",HM,VLOOKUP($A338,INSUMOS_BD2,5,FALSE)),2),\"\")","v":""},null,null,{"$f":"+IFERROR(ROUND(IF($B338=\"Herramienta Menor (% mano de obra)\",$K$360*H338,H338*I338),0),\"\")","v":""}]
[null,null,null,null,null,null,null,"SUB-TOTAL $",null,null,{"$f":"SUM(K336:K338)","v":0}]
[]
[null,"II. MATERIALES"]
[null,"DESCRIPCIÓN",null,null,null,null,"UNIDAD","CANTIDAD","PRECIO UNIT.",null,"VR/UNIT"]
["m1",{"$f":"+IFERROR(VLOOKUP($A343,INSUMOS_BD2,3,FALSE),\"\")","v":"Acero de 4200 kg/cm²"},null,null,null,null,{"$f":"+IFERROR(VLOOKUP($A343,INSUMOS_BD2,4,FALSE),\"\")","v":"kg"},1.05,{"$f":"+IFERROR(VLOOKUP($A343,INSUMOS_BD2,5,FALSE),\"\")","v":2400},null,{"$f":"IFERROR(ROUND(H343*I343,0),\"\")","v":2520}]
["m25",{"$f":"+IFERROR(VLOOKUP($A344,INSUMOS_BD2,3,FALSE),\"\")","v":"Alambre negro N°. 18"},null,null,null,null,{"$f":"+IFERROR(VLOOKUP($A344,INSUMOS_BD2,4,FALSE),\"\")","v":"kg"},0.03,{"$f":"+IFERROR(VLOOKUP($A344,INSUMOS_BD2,5,FALSE),\"\")","v":2504},null,{"$f":"IFERROR(ROUND(H344*I344,0),\"\")","v":75}]
[null,{"$f":"+IFERROR(VLOOKUP($A345,INSUMOS_BD2,3,FALSE),\"\")","v":""},null,null,null,null,{"$f":"+IFERROR(VLOOKUP($A345,INSUMOS_BD2,4,FALSE),\"\")","v":""},null,{"$f":"+IFERROR(VLOOKUP($A345,INSUMOS_BD2,5,FALSE),\"\")","v":""},null,{"$f":"IFERROR(ROUND(H345*I345,0),\"\")","v":""}]
[null,null,null,null,null,null,null,"SUB-TOTAL $",null,null,{"$f":"SUM(K343:K345)","v":2595}]
[]
[null,"III. TRANSPORTES"]
[null,"MATERIAL",null,null,null,"VOL. o PESO","DISTANCIA","FACT. EXPANSIÓN","TARIFA (M3 o Ton/Km)",null,"VR/UNIT"]
[null,{"$f":"+IFERROR(VLOOKUP($A350,INSUMOS_BD2,3,FALSE),\"\")","v":""},null,null,null,null,null,null,{"$f":"+IFERROR(VLOOKUP($A350,INSUMOS_BD2,5,FALSE),\"\")","v":""},null,{"$f":"IFERROR(ROUND(F350*G350*I350,0),\"\")","v":""}]
[null,{"$f":"+IFERROR(VLOOKUP($A351,INSUMOS_BD2,3,FALSE),\"\")","v":""},null,null,null,null,null,null,{"$f":"+IFERROR(VLOOKUP($A351,INSUMOS_BD2,5,FALSE),\"\")","v":""},null,{"$f":"IFERROR(ROUND(F351*G351*I351,0),\"\")","v":""}]
[null,{"$f":"+IFERROR(VLOOKUP($A352,INSUMOS_BD2,3,FALSE),\"\")","v":""},null,null,null,null,null,null,{"$f":"+IFERROR(VLOOKUP($A352,INSUMOS_BD2,5,FALSE),\"\")","v":""},null,{"$f":"IFERROR(ROUND(F352*G352*I352,0),\"\")","v":""}]
[null,null,null,null,null,null,null,"SUB-TOTAL $",null,null,{"$f":"SUM(K350:K352)","v":0}]
[]
[null,"IV. MANO DE OBRA"]
[null,"TRABAJADOR",null,null,null,null,"UND","VR/HORA","RENDIMIENTO",null,"VR/UNIT"]
["cd1",{"$f":"+IFERROR(VLOOKUP($A357,Cuadrillas_DNP[],2,FALSE),\"\")","v":"Cuadrilla AA (Albañilería) 1Of y 1Ay"},null,null,null,{"$f":"+IFERROR(VLOOKUP($A357,INSUMOS_BD2,4,FALSE),\"\")","v":""},{"$f":"+IFERROR(VLOOKUP($A357,Cuadrillas_DNP[],3,FALSE),\"\")","v":"hora"},{"$f":"+IFERROR(VLOOKUP($A357,Cuadrillas_DNP[],6,FALSE),\"\")","v":16375},0.04,null,{"$f":"IFERROR(ROUND(H357*I357,0),\"\")","v":655}]
[null,{"$f":"+IFERROR(VLOOKUP($A358,Cuadrillas_DNP[],2,FALSE),\"\")","v":""},null,null,null,{"$f":"+IFERROR(VLOOKUP($A358,INSUMOS_BD2,4,FALSE),\"\")","v":""},{"$f":"+IFERROR(VLOOKUP($A358,Cuadrillas_DNP[],3,FALSE),\"\")","v":""},{"$f":"+IFERROR(VLOOKUP($A358,Cuadrillas_DNP[],6,FALSE),\"\")","v":""},null,null,{"$f":"IFERROR(ROUND(H358*I358,0),\"\")","v":""}]
[null,{"$f":"+IFERROR(VLOOKUP($A359,Cuadrillas_DNP[],2,FALSE),\"\")","v":""},null,null,null,{"$f":"+IFERROR(VLOOKUP($A359,INSUMOS_BD2,4,FALSE),\"\")","v":""},{"$f":"+IFERROR(VLOOKUP($A359,Cuadrillas_DNP[],3,FALSE),\"\")","v":""},{"$f":"+IFERROR(VLOOKUP($A359,Cuadrillas_DNP[],6,FALSE),\"\")","v":""},null,null,{"$f":"IFERROR(ROUND(H359*I359,0),\"\")","v":""}]
[null,null,null,null,null,null,null,"SUB-TOTAL $",null,null,{"$f":"SUM(K357:K359)","v":655}]
[]
[null,"TOTAL COSTO DIRECTO $",null,null,null,null,null,null,null,null,{"$f":"ROUND((+K360+K353+K346+K339),0)","v":3250}]
[]
[null,"V. COSTOS INDIRECTOS"]
[null,"Descripción",null,null,null,null,null,"Porcentaje","Valor Total"]
[null,"ADMINISTRACION",null,null,null,null,null,{"$f":"+ADMON","v":0.01},{"$f":"+K362*H366","v":32.5}]
[null,"IMPREVISTOS ",null,null,null,null,null,{"$f":"+IMPREVISTOS","v":0.02},{"$f":"+K362*H367","v":65}]
[null,"UTILIDAD",null,null,null,null,null,{"$f":"+UTILIDAD","v":0.05},{"$f":"+K362*H368","v":162.5}]
[null,"TOTAL COSTO INDIRECTO $",null,null,null,null,null,null,null,null,{"$f":"SUM(I366:J368)","v":260}]
[]
[null,"Precio Unitario Total  $",null,null,null,null,null,null,null,null,{"$f":"+ROUND(K369+K362,0)","v":3510}]
[]
["APU-DNP10",{"$f":"IFERROR(VLOOKUP($A373,LISTA_APU_DNP,2,FALSE),\"\")","v":"MEJORAMIENTO DE LA SUBRASANTE CON ADICIÓN DE MATERIALES"},null,null,null,null,null,null,"Unidad:",{"$f":"IFERROR(VLOOKUP($A373,LISTA_APU_DNP,3,FALSE),\"\")","v":"m³"},{"$f":"+K403","v":31339}]
[null,"I. EQUIPO"]
[null,"DESCRIPCIÓN",null,null,"UND","TIPO",null,"TARIFA","RENDIMIENTO",null,"VR/UNIT"]
["e31",{"$f":"+IFERROR(VLOOKUP($A376,INSUMOS_BD2,3,FALSE),\"\")","v":"Herramienta Menor HM (% mano de obra)"},null,null,{"$f":"+IFERROR(VLOOKUP($A376,INSUMOS_BD2,4,FALSE),\"\")","v":"glb"},null,null,{"$f":"+IFERROR(ROUND(IF($B376=\"Herramienta Menor (% mano de obra)\",HM,VLOOKUP($A376,INSUMOS_BD2,5,FALSE)),2),\"\")","v":0},null,null,{"$f":"+IFERROR(ROUND(IF($B376=\"Herramienta Menor (% mano de obra)\",$K$401*H376,H376*I376),0),\"\")","v":0}]
["e46",{"$f":"+IFERROR(VLOOKUP($A377,INSUMOS_BD2,3,FALSE),\"\")","v":"Carrotanque de agua(1000 Galones)"},null,null,{"$f":"+IFERROR(VLOOKUP($A377,INSUMOS_BD2,4,FALSE),\"\")","v":"hora"},null,null,{"$f":"+IFERROR(ROUND(IF($B377=\"Herramienta Menor (% mano de obra)\",HM,VLOOKUP($A377,INSUMOS_BD2,5,FALSE)),2),\"\")","v":70000},2.2222222222222199E-2,null,{"$f":"+IFERROR(ROUND(IF($B377=\"Herramienta Menor (% mano de obra)\",$K$401*H377,H377*I377),0),\"\")","v":1556}]
["e19",{"$f":"+IFERROR(VLOOKUP($A378,INSUMOS_BD2,3,FALSE),\"\")","v":" MOTONIVELADORA POTENCIA 215 HP, ANCHO DE CUCHILLA 4,27M, PESO 18 TN"},null,null,{"$f":"+IFERROR(VLOOKUP($A378,INSUMOS_BD2,4,FALSE),\"\")","v":"hora"},null,null,{"$f":"+IFERROR(ROUND(IF($B378=\"Herramienta Menor (% mano de obra)\",HM,VLOOKUP($A378,INSUMOS_BD2,5,FALSE)),2),\"\")","v":164000},2.2222222222222199E-2,null,{"$f":"+IFERROR(ROUND(IF($B378=\"Herramienta Menor (% mano de obra)\",$K$401*H378,H378*I378),0),\"\")","v":3644}]
["e23",{"$f":"+IFERROR(VLOOKUP($A379,INSUMOS_BD2,3,FALSE),\"\")","v":" VIBROCOMPACTADOR  POTENCIA 153HP PESO 10 TON"},null,null,{"$f":"+IFERROR(VLOOKUP($A379,INSUMOS_BD2,4,FALSE),\"\")","v":"hora"},null,null,{"$f":"+IFERROR(ROUND(IF($B379=\"Herramienta Menor (% mano de obra)\",HM,VLOOKUP($A379,INSUMOS_BD2,5,FALSE)),2),\"\")","v":142000},2.2222222222222199E-2,null,{"$f":"+IFERROR(ROUND(IF($B379=\"Herramienta Menor (% mano de obra)\",$K$401*H379,H379*I379),0),\"\")","v":3156}]
[null,null,null,null,null,null,null,"SUB-TOTAL $",null,null,{"$f":"SUM(K376:K379)","v":8356}]
[]
[null,"II. MATERIALES"]
[null,"DESCRIPCIÓN",null,null,null,null,"UNIDAD","CANTIDAD","PRECIO UNIT.",null,"VR/UNIT"]
["m81",{"$f":"+IFERROR(VLOOKUP($A384,INSUMOS_BD2,3,FALSE),\"\")","v":"Material de afirmado"},null,null,null,null,{"$f":"+IFERROR(VLOOKUP($A384,INSUMOS_BD2,4,FALSE),\"\")","v":"m³"},1.25,{"$f":"+IFERROR(VLOOKUP($A384,INSUMOS_BD2,5,FALSE),\"\")","v":16500},null,{"$f":"IFERROR(ROUND(H384*I384,0),\"\")","v":20625}]
["m24",{"$f":"+IFERROR(VLOOKUP($A385,INSUMOS_BD2,3,FALSE),\"\")","v":"AGUA"},null,null,null,null,{"$f":"+IFERROR(VLOOKUP($A385,INSUMOS_BD2,4,FALSE),\"\")","v":"l"},25,{"$f":"+IFERROR(VLOOKUP($A385,INSUMOS_BD2,5,FALSE),\"\")","v":30},null,{"$f":"IFERROR(ROUND(H385*I385,0),\"\")","v":750}]
[null,{"$f":"+IFERROR(VLOOKUP($A386,INSUMOS_BD2,3,FALSE),\"\")","v":""},null,null,null,null,{"$f":"+IFERROR(VLOOKUP($A386,INSUMOS_BD2,4,FALSE),\"\")","v":""},null,{"$f":"+IFERROR(VLOOKUP($A386,INSUMOS_BD2,5,FALSE),\"\")","v":""},null,{"$f":"IFERROR(ROUND(H386*I386,0),\"\")","v":""}]
[null,null,null,null,null,null,null,"SUB-TOTAL $",null,null,{"$f":"SUM(K384:K386)","v":21375}]
[]
[null,"III. TRANSPORTES"]
[null,"MATERIAL",null,null,null,"VOL. o PESO","DISTANCIA","FACT. EXPANSIÓN","TARIFA (M3 o Ton/Km)",null,"VR/UNIT"]
["t1",{"$f":"+IFERROR(VLOOKUP($A391,INSUMOS_BD2,3,FALSE),\"\")","v":"TRANSPORTE DE MATERIAL DE AFIRMADO"},null,null,null,{"$f":"H384","v":1.25},1,"-",{"$f":"+IFERROR(VLOOKUP($A391,INSUMOS_BD2,5,FALSE),\"\")","v":1250},null,{"$f":"IFERROR(ROUND(F391*G391*I391,0),\"\")","v":1563}]
[null,{"$f":"+IFERROR(VLOOKUP($A392,INSUMOS_BD2,3,FALSE),\"\")","v":""},null,null,null,null,null,null,{"$f":"+IFERROR(VLOOKUP($A392,INSUMOS_BD2,5,FALSE),\"\")","v":""},null,{"$f":"IFERROR(ROUND(F392*G392*I392,0),\"\")","v":""}]
[null,{"$f":"+IFERROR(VLOOKUP($A393,INSUMOS_BD2,3,FALSE),\"\")","v":""},null,null,null,null,null,null,{"$f":"+IFERROR(VLOOKUP($A393,INSUMOS_BD2,5,FALSE),\"\")","v":""},null,{"$f":"IFERROR(ROUND(F393*G393*I393,0),\"\")","v":""}]
[null,null,null,null,null,null,null,"SUB-TOTAL $",null,null,{"$f":"SUM(K391:K393)","v":1563}]
[]
[null,"IV. MANO DE OBRA"]
[null,"TRABAJADOR",null,null,null,null,"UND","VR/HORA","RENDIMIENTO",null,"VR/UNIT"]
["cd1",{"$f":"+IFERROR(VLOOKUP($A398,Cuadrillas_DNP[],2,FALSE),\"\")","v":"Cuadrilla AA (Albañilería) 1Of y 1Ay"},null,null,null,{"$f":"+IFERROR(VLOOKUP($A398,INSUMOS_BD2,4,FALSE),\"\")","v":""},{"$f":"+IFERROR(VLOOKUP($A398,Cuadrillas_DNP[],3,FALSE),\"\")","v":"hora"},{"$f":"+IFERROR(VLOOKUP($A398,Cuadrillas_DNP[],6,FALSE),\"\")","v":16375},2.7777777777777801E-3,null,{"$f":"IFERROR(ROUND(H398*I398,0),\"\")","v":45}]
[null,{"$f":"+IFERROR(VLOOKUP($A399,Cuadrillas_DNP[],2,FALSE),\"\")","v":""},null,null,null,{"$f":"+IFERROR(VLOOKUP($A399,INSUMOS_BD2,4,FALSE),\"\")","v":""},{"$f":"+IFERROR(VLOOKUP($A399,Cuadrillas_DNP[],3,FALSE),\"\")","v":""},{"$f":"+IFERROR(VLOOKUP($A399,Cuadrillas_DNP[],6,FALSE),\"\")","v":""},null,null,{"$f":"IFERROR(ROUND(H399*I399,0),\"\")","v":""}]
[null,{"$f":"+IFERROR(VLOOKUP($A400,Cuadrillas_DNP[],2,FALSE),\"\")","v":""},null,null,null,{"$f":"+IFERROR(VLOOKUP($A400,INSUMOS_BD2,4,FALSE),\"\")","v":""},{"$f":"+IFERROR(VLOOKUP($A400,Cuadrillas_DNP[],3,FALSE),\"\")","v":""},{"$f":"+IFERROR(VLOOKUP($A400,Cuadrillas_DNP[],6,FALSE),\"\")","v":""},null,null,{"$f":"IFERROR(ROUND(H400*I400,0),\"\")","v":""}]
[null,null,null,null,null,null,null,"SUB-TOTAL $",null,null,{"$f":"SUM(K398:K400)","v":45}]
[]
[null,"TOTAL COSTO DIRECTO $",null,null,null,null,null,null,null,null,{"$f":"ROUND((+K401+K394+K387+K380),0)","v":31339}]
[]
[null,"V. COSTOS INDIRECTOS"]
[null,"Descripción",null,null,null,null,null,"Porcentaje","Valor Total"]
[null,"ADMINISTRACION",null,null,null,null,null,{"$f":"+ADMON","v":0.01},{"$f":"+K403*H407","v":313.39}]
[null,"IMPREVISTOS ",null,null,null,null,null,{"$f":"+IMPREVISTOS","v":0.02},{"$f":"+K403*H408","v":626.78}]
[null,"UTILIDAD",null,null,null,null,null,{"$f":"+UTILIDAD","v":0.05},{"$f":"+K403*H409","v":1566.95}]
[null,"TOTAL COSTO INDIRECTO $",null,null,null,null,null,null,null,null,{"$f":"SUM(I407:J409)","v":2507.12}]
[]
[null,"Precio Unitario Total  $",null,null,null,null,null,null,null,null,{"$f":"+ROUND(K410+K403,0)","v":33846}]
[]
["APU-DNP11",{"$f":"IFERROR(VLOOKUP($A414,LISTA_APU_DNP,2,FALSE),\"\")","v":"BASE TRATADA CON CEMENTO RESISTENCIA R-3.5 (INCLUYE SUMINISTRO DE CEMENTO)"},null,null,null,null,null,null,"Unidad:",{"$f":"IFERROR(VLOOKUP($A414,LISTA_APU_DNP,3,FALSE),\"\")","v":"m³"},{"$f":"K444","v":131054}]
[null,"I. EQUIPO"]
[null,"DESCRIPCIÓN",null,null,"UND","TIPO",null,"TARIFA","RENDIMIENTO",null,"VR/UNIT"]
["e31",{"$f":"+IFERROR(VLOOKUP($A417,INSUMOS_BD2,3,FALSE),\"\")","v":"Herramienta Menor HM (% mano de obra)"},null,null,{"$f":"+IFERROR(VLOOKUP($A417,INSUMOS_BD2,4,FALSE),\"\")","v":"glb"},null,null,{"$f":"+IFERROR(ROUND(IF($B417=\"Herramienta Menor (% mano de obra)\",HM,VLOOKUP($A417,INSUMOS_BD2,5,FALSE)),2),\"\")","v":0},null,null,{"$f":"+IFERROR(ROUND(IF($B417=\"Herramienta Menor (% mano de obra)\",$K$442*H417,H417*I417),0),\"\")","v":0}]
["e46",{"$f":"+IFERROR(VLOOKUP($A418,INSUMOS_BD2,3,FALSE),\"\")","v":"Carrotanque de agua(1000 Galones)"},null,null,{"$f":"+IFERROR(VLOOKUP($A418,INSUMOS_BD2,4,FALSE),\"\")","v":"hora"},null,null,{"$f":"+IFERROR(ROUND(IF($B418=\"Herramienta Menor (% mano de obra)\",HM,VLOOKUP($A418,INSUMOS_BD2,5,FALSE)),2),\"\")","v":70000},2.2222222222222199E-2,null,{"$f":"+IFERROR(ROUND(IF($B418=\"Herramienta Menor (% mano de obra)\",$K$442*H418,H418*I418),0),\"\")","v":1556}]
["e49",{"$f":"+IFERROR(VLOOKUP($A419,INSUMOS_BD2,3,FALSE),\"\")","v":"Motoniveladora, potencia 140 HP, ancho de cuchilla 3,66 m, peso 11 ton."},null,null,{"$f":"+IFERROR(VLOOKUP($A419,INSUMOS_BD2,4,FALSE),\"\")","v":"hora"},null,null,{"$f":"+IFERROR(ROUND(IF($B419=\"Herramienta Menor (% mano de obra)\",HM,VLOOKUP($A419,INSUMOS_BD2,5,FALSE)),2),\"\")","v":160000},2.2222222222222199E-2,null,{"$f":"+IFERROR(ROUND(IF($B419=\"Herramienta Menor (% mano de obra)\",$K$442*H419,H419*I419),0),\"\")","v":3556}]
["e23",{"$f":"+IFERROR(VLOOKUP($A420,INSUMOS_BD2,3,FALSE),\"\")","v":" VIBROCOMPACTADOR  POTENCIA 153HP PESO 10 TON"},null,null,{"$f":"+IFERROR(VLOOKUP($A420,INSUMOS_BD2,4,FALSE),\"\")","v":"hora"},null,null,{"$f":"+IFERROR(ROUND(IF($B420=\"Herramienta Menor (% mano de obra)\",HM,VLOOKUP($A420,INSUMOS_BD2,5,FALSE)),2),\"\")","v":142000},2.2222222222222199E-2,null,{"$f":"+IFERROR(ROUND(IF($B420=\"Herramienta Menor (% mano de obra)\",$K$442*H420,H420*I420),0),\"\")","v":3156}]
[null,null,null,null,null,null,null,"SUB-TOTAL $",null,null,{"$f":"SUM(K417:K420)","v":8268}]
[]
[null,"II. MATERIALES"]
[null,"DESCRIPCIÓN",null,null,null,null,"UNIDAD","CANTIDAD","PRECIO UNIT.",null,"VR/UNIT"]
["m82",{"$f":"+IFERROR(VLOOKUP($A425,INSUMOS_BD2,3,FALSE),\"\")","v":"Material de base (gradación 2)"},null,null,null,null,{"$f":"+IFERROR(VLOOKUP($A425,INSUMOS_BD2,4,FALSE),\"\")","v":"m³"},1.3,{"$f":"+IFERROR(VLOOKUP($A425,INSUMOS_BD2,5,FALSE),\"\")","v":53012},null,{"$f":"IFERROR(ROUND(H425*I425,0),\"\")","v":68916}]
["m5",{"$f":"+IFERROR(VLOOKUP($A426,INSUMOS_BD2,3,FALSE),\"\")","v":"CEMENTO GRIS"},null,null,null,null,{"$f":"+IFERROR(VLOOKUP($A426,INSUMOS_BD2,4,FALSE),\"\")","v":"kg"},90,{"$f":"+IFERROR(VLOOKUP($A426,INSUMOS_BD2,5,FALSE),\"\")","v":580},null,{"$f":"IFERROR(ROUND(H426*I426,0),\"\")","v":52200}]
[null,{"$f":"+IFERROR(VLOOKUP($A427,INSUMOS_BD2,3,FALSE),\"\")","v":""},null,null,null,null,{"$f":"+IFERROR(VLOOKUP($A427,INSUMOS_BD2,4,FALSE),\"\")","v":""},null,{"$f":"+IFERROR(VLOOKUP($A427,INSUMOS_BD2,5,FALSE),\"\")","v":""},null,{"$f":"IFERROR(ROUND(H427*I427,0),\"\")","v":""}]
[null,null,null,null,null,null,null,"SUB-TOTAL $",null,null,{"$f":"SUM(K425:K427)","v":121116}]
[]
[null,"III. TRANSPORTES"]
[null,"MATERIAL",null,null,null,"VOL. o PESO","DISTANCIA","FACT. EXPANSIÓN","TARIFA (M3 o Ton/Km)",null,"VR/UNIT"]
["t6",{"$f":"+IFERROR(VLOOKUP($A432,INSUMOS_BD2,3,FALSE),\"\")","v":" TRANSPORTE MATERIAL DE BASE/SUB BASE"},null,null,null,{"$f":"H425","v":1.3},1,"-",{"$f":"+IFERROR(VLOOKUP($A432,INSUMOS_BD2,5,FALSE),\"\")","v":1250},null,{"$f":"IFERROR(ROUND(F432*G432*I432,0),\"\")","v":1625}]
[null,{"$f":"+IFERROR(VLOOKUP($A433,INSUMOS_BD2,3,FALSE),\"\")","v":""},null,null,null,null,null,{"$f":"+IFERROR(VLOOKUP($A433,INSUMOS_BD2,3,FALSE),\"\")","v":""},null,null,{"$f":"IFERROR(ROUND(F433*G433*I433,0),\"\")","v":0}]
[null,{"$f":"+IFERROR(VLOOKUP($A434,INSUMOS_BD2,3,FALSE),\"\")","v":""},null,null,null,null,null,{"$f":"+IFERROR(VLOOKUP($A434,INSUMOS_BD2,3,FALSE),\"\")","v":""},null,null,{"$f":"IFERROR(ROUND(F434*G434*I434,0),\"\")","v":0}]
[null,null,null,null,null,null,null,"SUB-TOTAL $",null,null,{"$f":"SUM(K432:K434)","v":1625}]
[]
[null,"IV. MANO DE OBRA"]
[null,"TRABAJADOR",null,null,null,null,"UND","VR/HORA","RENDIMIENTO",null,"VR/UNIT"]
["cd1",{"$f":"+IFERROR(VLOOKUP($A439,Cuadrillas_DNP[],2,FALSE),\"\")","v":"Cuadrilla AA (Albañilería) 1Of y 1Ay"},null,null,null,{"$f":"+IFERROR(VLOOKUP($A439,INSUMOS_BD2,4,FALSE),\"\")","v":""},{"$f":"+IFERROR(VLOOKUP($A439,Cuadrillas_DNP[],3,FALSE),\"\")","v":"hora"},{"$f":"+IFERROR(VLOOKUP($A439,Cuadrillas_DNP[],6,FALSE),\"\")","v":16375},2.7777777777777801E-3,null,{"$f":"IFERROR(ROUND(H439*I439,0),\"\")","v":45}]
[null,{"$f":"+IFERROR(VLOOKUP($A440,Cuadrillas_DNP[],2,FALSE),\"\")","v":""},null,null,null,{"$f":"+IFERROR(VLOOKUP($A440,INSUMOS_BD2,4,FALSE),\"\")","v":""},{"$f":"+IFERROR(VLOOKUP($A440,Cuadrillas_DNP[],3,FALSE),\"\")","v":""},{"$f":"+IFERROR(VLOOKUP($A440,Cuadrillas_DNP[],6,FALSE),\"\")","v":""},null,null,{"$f":"IFERROR(ROUND(H440*I440,0),\"\")","v":""}]
[null,{"$f":"+IFERROR(VLOOKUP($A441,Cuadrillas_DNP[],2,FALSE),\"\")","v":""},null,null,null,{"$f":"+IFERROR(VLOOKUP($A441,INSUMOS_BD2,4,FALSE),\"\")","v":""},{"$f":"+IFERROR(VLOOKUP($A441,Cuadrillas_DNP[],3,FALSE),\"\")","v":""},{"$f":"+IFERROR(VLOOKUP($A441,Cuadrillas_DNP[],6,FALSE),\"\")","v":""},null,null,{"$f":"IFERROR(ROUND(H441*I441,0),\"\")","v":""}]
[null,null,null,null,null,null,null,"SUB-TOTAL $",null,null,{"$f":"SUM(K439:K441)","v":45}]
[]
[null,"TOTAL COSTO DIRECTO $",null,null,null,null,null,null,null,null,{"$f":"ROUND((+K442+K435+K428+K421),0)","v":131054}]
[]
[null,"V. COSTOS INDIRECTOS"]
[null,"Descripción",null,null,null,null,null,"Porcentaje","Valor Total"]
[null,"ADMINISTRACION",null,null,null,null,null,{"$f":"+ADMON","v":0.01},{"$f":"+K444*H448","v":1310.54}]
[null,"IMPREVISTOS ",null,null,null,null,null,{"$f":"+IMPREVISTOS","v":0.02},{"$f":"+K444*H449","v":2621.08}]
[null,"UTILIDAD",null,null,null,null,null,{"$f":"+UTILIDAD","v":0.05},{"$f":"+K444*H450","v":6552.7000000000007}]
[null,"TOTAL COSTO INDIRECTO $",null,null,null,null,null,null,null,null,{"$f":"SUM(I448:J450)","v":10484.32}]
[]
[null,"Precio Unitario Total  $",null,null,null,null,null,null,null,null,{"$f":"+ROUND(K451+K444,0)","v":141538}]
[]
[]
["APU-DNP12",{"$f":"IFERROR(VLOOKUP($A456,LISTA_APU_DNP,2,FALSE),\"\")","v":"BASE ESTABILIZADA CON EMULSIÓN ASFÁLTICA TIPO BEE-38"},null,null,null,null,null,null,"Unidad:",{"$f":"IFERROR(VLOOKUP($A456,LISTA_APU_DNP,3,FALSE),\"\")","v":"m³"},{"$f":"K486","v":85914}]
[null,"I. EQUIPO"]
[null,"DESCRIPCIÓN",null,null,"UND","TIPO",null,"TARIFA","RENDIMIENTO",null,"VR/UNIT"]
["e31",{"$f":"+IFERROR(VLOOKUP($A459,INSUMOS_BD2,3,FALSE),\"\")","v":"Herramienta Menor HM (% mano de obra)"},null,null,{"$f":"+IFERROR(VLOOKUP($A459,INSUMOS_BD2,4,FALSE),\"\")","v":"glb"},null,null,{"$f":"+IFERROR(ROUND(IF($B459=\"Herramienta Menor (% mano de obra)\",HM,VLOOKUP($A459,INSUMOS_BD2,5,FALSE)),2),\"\")","v":0},null,null,{"$f":"+IFERROR(ROUND(IF($B459=\"Herramienta Menor (% mano de obra)\",$K$484*H459,H459*I459),0),\"\")","v":0}]
["e7",{"$f":"+IFERROR(VLOOKUP($A460,INSUMOS_BD2,3,FALSE),\"\")","v":"Carrotanque Irrigador de asfalto, 1000 galones de capacidad"},null,null,{"$f":"+IFERROR(VLOOKUP($A460,INSUMOS_BD2,4,FALSE),\"\")","v":"hora"},null,null,{"$f":"+IFERROR(ROUND(IF($B460=\"Herramienta Menor (% mano de obra)\",HM,VLOOKUP($A460,INSUMOS_BD2,5,FALSE)),2),\"\")","v":95000},3.3333333333333298E-2,null,{"$f":"+IFERROR(ROUND(IF($B460=\"Herramienta Menor (% mano de obra)\",$K$484*H460,H460*I460),0),\"\")","v":3167}]
["e49",{"$f":"+IFERROR(VLOOKUP($A461,INSUMOS_BD2,3,FALSE),\"\")","v":"Motoniveladora, potencia 140 HP, ancho de cuchilla 3,66 m, peso 11 ton."},null,null,{"$f":"+IFERROR(VLOOKUP($A461,INSUMOS_BD2,4,FALSE),\"\")","v":"hora"},null,null,{"$f":"+IFERROR(ROUND(IF($B461=\"Herramienta Menor (% mano de obra)\",HM,VLOOKUP($A461,INSUMOS_BD2,5,FALSE)),2),\"\")","v":160000},3.3333333333333298E-2,null,{"$f":"+IFERROR(ROUND(IF($B461=\"Herramienta Menor (% mano de obra)\",$K$484*H461,H461*I461),0),\"\")","v":5333}]
["e23",{"$f":"+IFERROR(VLOOKUP($A462,INSUMOS_BD2,3,FALSE),\"\")","v":" VIBROCOMPACTADOR  POTENCIA 153HP PESO 10 TON"},null,null,{"$f":"+IFERROR(VLOOKUP($A462,INSUMOS_BD2,4,FALSE),\"\")","v":"hora"},null,null,{"$f":"+IFERROR(ROUND(IF($B462=\"Herramienta Menor (% mano de obra)\",HM,VLOOKUP($A462,INSUMOS_BD2,5,FALSE)),2),\"\")","v":142000},3.3333333333333298E-2,null,{"$f":"+IFERROR(ROUND(IF($B462=\"Herramienta Menor (% mano de obra)\",$K$484*H462,H462*I462),0),\"\")","v":4733}]
[null,null,null,null,null,null,null,"SUB-TOTAL $",null,null,{"$f":"SUM(K459:K462)","v":13233}]
[]
[null,"II. MATERIALES"]
[null,"DESCRIPCIÓN",null,null,null,null,"UNIDAD","CANTIDAD","PRECIO UNIT.",null,"VR/UNIT"]
["m83",{"$f":"+IFERROR(VLOOKUP($A467,INSUMOS_BD2,3,FALSE),\"\")","v":"Material de base (gradación 1)"},null,null,null,null,{"$f":"+IFERROR(VLOOKUP($A467,INSUMOS_BD2,4,FALSE),\"\")","v":"m³"},1.25,{"$f":"+IFERROR(VLOOKUP($A467,INSUMOS_BD2,5,FALSE),\"\")","v":56840},null,{"$f":"IFERROR(ROUND(H467*I467,0),\"\")","v":71050}]
[null,{"$f":"+IFERROR(VLOOKUP($A468,INSUMOS_BD2,3,FALSE),\"\")","v":""},null,null,null,null,{"$f":"+IFERROR(VLOOKUP($A468,INSUMOS_BD2,4,FALSE),\"\")","v":""},null,{"$f":"+IFERROR(VLOOKUP($A468,INSUMOS_BD2,5,FALSE),\"\")","v":""},null,{"$f":"IFERROR(ROUND(H468*I468,0),\"\")","v":""}]
[null,{"$f":"+IFERROR(VLOOKUP($A469,INSUMOS_BD2,3,FALSE),\"\")","v":""},null,null,null,null,{"$f":"+IFERROR(VLOOKUP($A469,INSUMOS_BD2,4,FALSE),\"\")","v":""},null,{"$f":"+IFERROR(VLOOKUP($A469,INSUMOS_BD2,5,FALSE),\"\")","v":""},null,{"$f":"IFERROR(ROUND(H469*I469,0),\"\")","v":""}]
[null,null,null,null,null,null,null,"SUB-TOTAL $",null,null,{"$f":"SUM(K467:K469)","v":71050}]
[]
[null,"III. TRANSPORTES"]
[null,"MATERIAL",null,null,null,"VOL. o PESO","DISTANCIA","FACT. EXPANSIÓN","TARIFA (M3 o Ton/Km)",null,"VR/UNIT"]
["t6",{"$f":"+IFERROR(VLOOKUP($A474,INSUMOS_BD2,3,FALSE),\"\")","v":" TRANSPORTE MATERIAL DE BASE/SUB BASE"},null,null,null,{"$f":"H467","v":1.25},1,"-",{"$f":"+IFERROR(VLOOKUP($A474,INSUMOS_BD2,5,FALSE),\"\")","v":1250},null,{"$f":"IFERROR(ROUND(F474*G474*I474,0),\"\")","v":1563}]
[null,{"$f":"+IFERROR(VLOOKUP($A475,INSUMOS_BD2,3,FALSE),\"\")","v":""},null,null,null,null,null,null,{"$f":"+IFERROR(VLOOKUP($A475,INSUMOS_BD2,5,FALSE),\"\")","v":""},null,{"$f":"IFERROR(ROUND(F475*G475*I475,0),\"\")","v":""}]
[null,{"$f":"+IFERROR(VLOOKUP($A476,INSUMOS_BD2,3,FALSE),\"\")","v":""},null,null,null,null,null,null,{"$f":"+IFERROR(VLOOKUP($A476,INSUMOS_BD2,5,FALSE),\"\")","v":""},null,{"$f":"IFERROR(ROUND(F476*G476*I476,0),\"\")","v":""}]
[null,null,null,null,null,null,null,"SUB-TOTAL $",null,null,{"$f":"SUM(K474:K476)","v":1563}]
[]
[null,"IV. MANO DE OBRA"]
[null,"TRABAJADOR",null,null,null,null,"UND","VR/HORA","RENDIMIENTO",null,"VR/UNIT"]
["cd1",{"$f":"+IFERROR(VLOOKUP($A481,Cuadrillas_DNP[],2,FALSE),\"\")","v":"Cuadrilla AA (Albañilería) 1Of y 1Ay"},null,null,null,{"$f":"+IFERROR(VLOOKUP($A481,INSUMOS_BD2,4,FALSE),\"\")","v":""},{"$f":"+IFERROR(VLOOKUP($A481,Cuadrillas_DNP[],3,FALSE),\"\")","v":"hora"},{"$f":"+IFERROR(VLOOKUP($A481,Cuadrillas_DNP[],6,FALSE),\"\")","v":16375},4.1666666666666701E-3,null,{"$f":"IFERROR(ROUND(H481*I481,0),\"\")","v":68}]
[null,{"$f":"+IFERROR(VLOOKUP($A482,Cuadrillas_DNP[],2,FALSE),\"\")","v":""},null,null,null,{"$f":"+IFERROR(VLOOKUP($A482,INSUMOS_BD2,4,FALSE),\"\")","v":""},{"$f":"+IFERROR(VLOOKUP($A482,Cuadrillas_DNP[],3,FALSE),\"\")","v":""},{"$f":"+IFERROR(VLOOKUP($A482,Cuadrillas_DNP[],6,FALSE),\"\")","v":""},null,null,{"$f":"IFERROR(ROUND(H482*I482,0),\"\")","v":""}]
[null,{"$f":"+IFERROR(VLOOKUP($A483,Cuadrillas_DNP[],2,FALSE),\"\")","v":""},null,null,null,{"$f":"+IFERROR(VLOOKUP($A483,INSUMOS_BD2,4,FALSE),\"\")","v":""},{"$f":"+IFERROR(VLOOKUP($A483,Cuadrillas_DNP[],3,FALSE),\"\")","v":""},{"$f":"+IFERROR(VLOOKUP($A483,Cuadrillas_DNP[],6,FALSE),\"\")","v":""},null,null,{"$f":"IFERROR(ROUND(H483*I483,0),\"\")","v":""}]
[null,null,null,null,null,null,null,"SUB-TOTAL $",null,null,{"$f":"SUM(K481:K483)","v":68}]
[]
[null,"TOTAL COSTO DIRECTO $",null,null,null,null,null,null,null,null,{"$f":"ROUND((+K484+K477+K470+K463),0)","v":85914}]
[]
[null,"V. COSTOS INDIRECTOS"]
[null,"Descripción",null,null,null,null,null,"Porcentaje","Valor Total"]
[null,"ADMINISTRACION",null,null,null,null,null,{"$f":"+ADMON","v":0.01},{"$f":"+K486*H490","v":859.14}]
[null,"IMPREVISTOS ",null,null,null,null,null,{"$f":"+IMPREVISTOS","v":0.02},{"$f":"+K486*H491","v":1718.28}]
[null,"UTILIDAD",null,null,null,null,null,{"$f":"+UTILIDAD","v":0.05},{"$f":"+K486*H492","v":4295.7}]
[null,"TOTAL COSTO INDIRECTO $",null,null,null,null,null,null,null,null,{"$f":"SUM(I490:J492)","v":6873.12}]
[]
[null,"Precio Unitario Total  $",null,null,null,null,null,null,null,null,{"$f":"+ROUND(K493+K486,0)","v":92787}]
[]
["APU-DNP13",{"$f":"IFERROR(VLOOKUP($A497,LISTA_APU_DNP,2,FALSE),\"\")","v":"BASE GRANULAR ESTABILIZADA MECÁNICAMENTE (BASE GRANULAR CLASE C)"},null,null,null,null,null,null,"Unidad:",{"$f":"IFERROR(VLOOKUP($A497,LISTA_APU_DNP,3,FALSE),\"\")","v":"m³"},{"$f":"K527","v":71776}]
[null,"I. EQUIPO"]
[null,"DESCRIPCIÓN",null,null,"UND","TIPO",null,"TARIFA","RENDIMIENTO",null,"VR/UNIT"]
["e31",{"$f":"+IFERROR(VLOOKUP($A500,INSUMOS_BD2,3,FALSE),\"\")","v":"Herramienta Menor HM (% mano de obra)"},null,null,{"$f":"+IFERROR(VLOOKUP($A500,INSUMOS_BD2,4,FALSE),\"\")","v":"glb"},null,null,{"$f":"+IFERROR(ROUND(IF($B500=\"Herramienta Menor (% mano de obra)\",HM,VLOOKUP($A500,INSUMOS_BD2,5,FALSE)),2),\"\")","v":0},null,null,{"$f":"+IFERROR(ROUND(IF($B500=\"Herramienta Menor (% mano de obra)\",$K$525*H500,H500*I500),0),\"\")","v":0}]
["e46",{"$f":"+IFERROR(VLOOKUP($A501,INSUMOS_BD2,3,FALSE),\"\")","v":"Carrotanque de agua(1000 Galones)"},null,null,{"$f":"+IFERROR(VLOOKUP($A501,INSUMOS_BD2,4,FALSE),\"\")","v":"hora"},null,null,{"$f":"+IFERROR(ROUND(IF($B501=\"Herramienta Menor (% mano de obra)\",HM,VLOOKUP($A501,INSUMOS_BD2,5,FALSE)),2),\"\")","v":70000},2.2222222222222199E-2,null,{"$f":"+IFERROR(ROUND(IF($B501=\"Herramienta Menor (% mano de obra)\",$K$525*H501,H501*I501),0),\"\")","v":1556}]
["e19",{"$f":"+IFERROR(VLOOKUP($A502,INSUMOS_BD2,3,FALSE),\"\")","v":" MOTONIVELADORA POTENCIA 215 HP, ANCHO DE CUCHILLA 4,27M, PESO 18 TN"},null,null,{"$f":"+IFERROR(VLOOKUP($A502,INSUMOS_BD2,4,FALSE),\"\")","v":"hora"},null,null,{"$f":"+IFERROR(ROUND(IF($B502=\"Herramienta Menor (% mano de obra)\",HM,VLOOKUP($A502,INSUMOS_BD2,5,FALSE)),2),\"\")","v":164000},2.2222222222222199E-2,null,{"$f":"+IFERROR(ROUND(IF($B502=\"Herramienta Menor (% mano de obra)\",$K$525*H502,H502*I502),0),\"\")","v":3644}]
["e23",{"$f":"+IFERROR(VLOOKUP($A503,INSUMOS_BD2,3,FALSE),\"\")","v":" VIBROCOMPACTADOR  POTENCIA 153HP PESO 10 TON"},null,null,{"$f":"+IFERROR(VLOOKUP($A503,INSUMOS_BD2,4,FALSE),\"\")","v":"hora"},null,null,{"$f":"+IFERROR(ROUND(IF($B503=\"Herramienta Menor (% mano de obra)\",HM,VLOOKUP($A503,INSUMOS_BD2,5,FALSE)),2),\"\")","v":142000},2.2222222222222199E-2,null,{"$f":"+IFERROR(ROUND(IF($B503=\"Herramienta Menor (% mano de obra)\",$K$525*H503,H503*I503),0),\"\")","v":3156}]
[null,null,null,null,null,null,null,"SUB-TOTAL $",null,null,{"$f":"SUM(K500:K503)","v":8356}]
[]
[null,"II. MATERIALES"]
[null,"DESCRIPCIÓN",null,null,null,null,"UNIDAD","CANTIDAD","PRECIO UNIT.",null,"VR/UNIT"]
["m84",{"$f":"+IFERROR(VLOOKUP($A508,INSUMOS_BD2,3,FALSE),\"\")","v":"Material de base (gradación 3)"},null,null,null,null,{"$f":"+IFERROR(VLOOKUP($A508,INSUMOS_BD2,4,FALSE),\"\")","v":"m³"},1.3,{"$f":"+IFERROR(VLOOKUP($A508,INSUMOS_BD2,5,FALSE),\"\")","v":47500},null,{"$f":"IFERROR(ROUND(H508*I508,0),\"\")","v":61750}]
["m240",{"$f":"+IFERROR(VLOOKUP($A509,INSUMOS_BD2,3,FALSE),\"\")","v":""},null,null,null,null,{"$f":"+IFERROR(VLOOKUP($A509,INSUMOS_BD2,4,FALSE),\"\")","v":""},24,{"$f":"+IFERROR(VLOOKUP($A509,INSUMOS_BD2,5,FALSE),\"\")","v":""},null,{"$f":"IFERROR(ROUND(H509*I509,0),\"\")","v":""}]
[null,{"$f":"+IFERROR(VLOOKUP($A510,INSUMOS_BD2,3,FALSE),\"\")","v":""},null,null,null,null,{"$f":"+IFERROR(VLOOKUP($A510,INSUMOS_BD2,4,FALSE),\"\")","v":""},null,{"$f":"+IFERROR(VLOOKUP($A510,INSUMOS_BD2,5,FALSE),\"\")","v":""},null,{"$f":"IFERROR(ROUND(H510*I510,0),\"\")","v":""}]
[null,null,null,null,null,null,null,"SUB-TOTAL $",null,null,{"$f":"SUM(K508:K510)","v":61750}]
[]
[null,"III. TRANSPORTES"]
[null,"MATERIAL",null,null,null,"VOL. o PESO","DISTANCIA","FACT. EXPANSIÓN","TARIFA (M3 o Ton/Km)",null,"VR/UNIT"]
["t6",{"$f":"+IFERROR(VLOOKUP($A515,INSUMOS_BD2,3,FALSE),\"\")","v":" TRANSPORTE MATERIAL DE BASE/SUB BASE"},null,null,null,{"$f":"H508","v":1.3},1,"-",{"$f":"+IFERROR(VLOOKUP($A515,INSUMOS_BD2,5,FALSE),\"\")","v":1250},null,{"$f":"IFERROR(ROUND(F515*G515*I515,0),\"\")","v":1625}]
[null,{"$f":"+IFERROR(VLOOKUP($A516,INSUMOS_BD2,3,FALSE),\"\")","v":""},null,null,null,null,null,null,{"$f":"+IFERROR(VLOOKUP($A516,INSUMOS_BD2,5,FALSE),\"\")","v":""},null,{"$f":"IFERROR(ROUND(F516*G516*I516,0),\"\")","v":""}]
[null,{"$f":"+IFERROR(VLOOKUP($A517,INSUMOS_BD2,3,FALSE),\"\")","v":""},null,null,null,null,null,null,{"$f":"+IFERROR(VLOOKUP($A517,INSUMOS_BD2,5,FALSE),\"\")","v":""},null,{"$f":"IFERROR(ROUND(F517*G517*I517,0),\"\")","v":""}]
[null,null,null,null,null,null,null,"SUB-TOTAL $",null,null,{"$f":"SUM(K515:K517)","v":1625}]
[]
[null,"IV. MANO DE OBRA"]
[null,"TRABAJADOR",null,null,null,null,"UND","VR/HORA","RENDIMIENTO",null,"VR/UNIT"]
["cd1",{"$f":"+IFERROR(VLOOKUP($A522,Cuadrillas_DNP[],2,FALSE),\"\")","v":"Cuadrilla AA (Albañilería) 1Of y 1Ay"},null,null,null,{"$f":"+IFERROR(VLOOKUP($A522,INSUMOS_BD2,4,FALSE),\"\")","v":""},{"$f":"+IFERROR(VLOOKUP($A522,Cuadrillas_DNP[],3,FALSE),\"\")","v":"hora"},{"$f":"+IFERROR(VLOOKUP($A522,Cuadrillas_DNP[],6,FALSE),\"\")","v":16375},2.7777777777777801E-3,null,{"$f":"IFERROR(ROUND(H522*I522,0),\"\")","v":45}]
[null,{"$f":"+IFERROR(VLOOKUP($A523,Cuadrillas_DNP[],2,FALSE),\"\")","v":""},null,null,null,{"$f":"+IFERROR(VLOOKUP($A523,INSUMOS_BD2,4,FALSE),\"\")","v":""},{"$f":"+IFERROR(VLOOKUP($A523,Cuadrillas_DNP[],3,FALSE),\"\")","v":""},{"$f":"+IFERROR(VLOOKUP($A523,Cuadrillas_DNP[],6,FALSE),\"\")","v":""},null,null,{"$f":"IFERROR(ROUND(H523*I523,0),\"\")","v":""}]
[null,{"$f":"+IFERROR(VLOOKUP($A524,Cuadrillas_DNP[],2,FALSE),\"\")","v":""},null,null,null,{"$f":"+IFERROR(VLOOKUP($A524,INSUMOS_BD2,4,FALSE),\"\")","v":""},{"$f":"+IFERROR(VLOOKUP($A524,Cuadrillas_DNP[],3,FALSE),\"\")","v":""},{"$f":"+IFERROR(VLOOKUP($A524,Cuadrillas_DNP[],6,FALSE),\"\")","v":""},null,null,{"$f":"IFERROR(ROUND(H524*I524,0),\"\")","v":""}]
[null,null,null,null,null,null,null,"SUB-TOTAL $",null,null,{"$f":"SUM(K522:K524)","v":45}]
[]
[null,"TOTAL COSTO DIRECTO $",null,null,null,null,null,null,null,null,{"$f":"ROUND((+K525+K518+K511+K504),0)","v":71776}]
[]
[null,"V. COSTOS INDIRECTOS"]
[null,"Descripción",null,null,null,null,null,"Porcentaje","Valor Total"]
[null,"ADMINISTRACION",null,null,null,null,null,{"$f":"+ADMON","v":0.01},{"$f":"+K527*H531","v":717.76}]
[null,"IMPREVISTOS ",null,null,null,null,null,{"$f":"+IMPREVISTOS","v":0.02},{"$f":"+K527*H532","v":1435.52}]
[null,"UTILIDAD",null,null,null,null,null,{"$f":"+UTILIDAD","v":0.05},{"$f":"+K527*H533","v":3588.8}]
[null,"TOTAL COSTO INDIRECTO $",null,null,null,null,null,null,null,null,{"$f":"SUM(I531:J533)","v":5742.08}]
[]
[null,"Precio Unitario Total  $",null,null,null,null,null,null,null,null,{"$f":"+ROUND(K534+K527,0)","v":77518}]
[]
["APU-DNP14",{"$f":"IFERROR(VLOOKUP($A538,LISTA_APU_DNP,2,FALSE),\"\")","v":"LECHADA ASFÁLTICA CON EMULSIÓN CRL-1HM, TIPO LA-5"},null,null,null,null,null,null,"Unidad:",{"$f":"IFERROR(VLOOKUP($A538,LISTA_APU_DNP,3,FALSE),\"\")","v":"m²"},{"$f":"K568","v":3775}]
[null,"I. EQUIPO"]
[null,"DESCRIPCIÓN",null,null,"UND","TIPO",null,"TARIFA","RENDIMIENTO",null,"VR/UNIT"]
["e31",{"$f":"+IFERROR(VLOOKUP($A541,INSUMOS_BD2,3,FALSE),\"\")","v":"Herramienta Menor HM (% mano de obra)"},null,null,{"$f":"+IFERROR(VLOOKUP($A541,INSUMOS_BD2,4,FALSE),\"\")","v":"glb"},null,null,{"$f":"+IFERROR(ROUND(IF($B541=\"Herramienta Menor (% mano de obra)\",HM,VLOOKUP($A541,INSUMOS_BD2,5,FALSE)),2),\"\")","v":0},null,null,{"$f":"+IFERROR(ROUND(IF($B541=\"Herramienta Menor (% mano de obra)\",$K$566*H541,H541*I541),0),\"\")","v":0}]
["e50",{"$f":"+IFERROR(VLOOKUP($A542,INSUMOS_BD2,3,FALSE),\"\")","v":"Camión de Slurry"},null,null,{"$f":"+IFERROR(VLOOKUP($A542,INSUMOS_BD2,4,FALSE),\"\")","v":"hora"},null,null,{"$f":"+IFERROR(ROUND(IF($B542=\"Herramienta Menor (% mano de obra)\",HM,VLOOKUP($A542,INSUMOS_BD2,5,FALSE)),2),\"\")","v":104000},1.66666666666667E-3,null,{"$f":"+IFERROR(ROUND(IF($B542=\"Herramienta Menor (% mano de obra)\",$K$566*H542,H542*I542),0),\"\")","v":173}]
["e11",{"$f":"+IFERROR(VLOOKUP($A543,INSUMOS_BD2,3,FALSE),\"\")","v":" COMPRESOR (BARRIDO Y SOPLADO)"},null,null,{"$f":"+IFERROR(VLOOKUP($A543,INSUMOS_BD2,4,FALSE),\"\")","v":"hora"},null,null,{"$f":"+IFERROR(ROUND(IF($B543=\"Herramienta Menor (% mano de obra)\",HM,VLOOKUP($A543,INSUMOS_BD2,5,FALSE)),2),\"\")","v":65000},1.66666666666667E-3,null,{"$f":"+IFERROR(ROUND(IF($B543=\"Herramienta Menor (% mano de obra)\",$K$566*H543,H543*I543),0),\"\")","v":108}]
[null,{"$f":"+IFERROR(VLOOKUP($A544,INSUMOS_BD2,3,FALSE),\"\")","v":""},null,null,{"$f":"+IFERROR(VLOOKUP($A544,INSUMOS_BD2,4,FALSE),\"\")","v":""},null,null,{"$f":"+IFERROR(ROUND(IF($B544=\"Herramienta Menor (% mano de obra)\",HM,VLOOKUP($A544,INSUMOS_BD2,5,FALSE)),2),\"\")","v":""},null,null,{"$f":"+IFERROR(ROUND(IF($B544=\"Herramienta Menor (% mano de obra)\",$K$566*H544,H544*I544),0),\"\")","v":""}]
[null,null,null,null,null,null,null,"SUB-TOTAL $",null,null,{"$f":"SUM(K541:K544)","v":281}]
[]
[null,"II. MATERIALES"]
[null,"DESCRIPCIÓN",null,null,null,null,"UNIDAD","CANTIDAD","PRECIO UNIT.",null,"VR/UNIT"]
["m85",{"$f":"+IFERROR(VLOOKUP($A549,INSUMOS_BD2,3,FALSE),\"\")","v":"Agregado tipo LA 5 (lechadas)"},null,null,null,null,{"$f":"+IFERROR(VLOOKUP($A549,INSUMOS_BD2,4,FALSE),\"\")","v":"m³"},9.4999999999999998E-3,{"$f":"+IFERROR(VLOOKUP($A549,INSUMOS_BD2,5,FALSE),\"\")","v":66000},null,{"$f":"IFERROR(ROUND(H549*I549,0),\"\")","v":627}]
["m86",{"$f":"+IFERROR(VLOOKUP($A550,INSUMOS_BD2,3,FALSE),\"\")","v":"Emulsión CRL-1h"},null,null,null,null,{"$f":"+IFERROR(VLOOKUP($A550,INSUMOS_BD2,4,FALSE),\"\")","v":"l"},1.71,{"$f":"+IFERROR(VLOOKUP($A550,INSUMOS_BD2,5,FALSE),\"\")","v":1600},null,{"$f":"IFERROR(ROUND(H550*I550,0),\"\")","v":2736}]
[null,{"$f":"+IFERROR(VLOOKUP($A551,INSUMOS_BD2,3,FALSE),\"\")","v":""},null,null,null,null,{"$f":"+IFERROR(VLOOKUP($A551,INSUMOS_BD2,4,FALSE),\"\")","v":""},null,{"$f":"+IFERROR(VLOOKUP($A551,INSUMOS_BD2,5,FALSE),\"\")","v":""},null,{"$f":"IFERROR(ROUND(H551*I551,0),\"\")","v":""}]
[null,null,null,null,null,null,null,"SUB-TOTAL $",null,null,{"$f":"SUM(K549:K551)","v":3363}]
[]
[null,"III. TRANSPORTES"]
[null,"MATERIAL",null,null,null,"VOL. o PESO","DISTANCIA","FACT. EXPANSIÓN","TARIFA (M3 o Ton/Km)",null,"VR/UNIT"]
["t20",{"$f":"+IFERROR(VLOOKUP($A556,INSUMOS_BD2,3,FALSE),\"\")","v":"Transporte de agregado tipo LA-3"},null,null,null,9.4999999999999998E-3,1,"-",{"$f":"+IFERROR(VLOOKUP($A556,INSUMOS_BD2,5,FALSE),\"\")","v":1250},null,{"$f":"IFERROR(ROUND(F556*G556*I556,0),\"\")","v":12}]
[null,{"$f":"+IFERROR(VLOOKUP($A557,INSUMOS_BD2,3,FALSE),\"\")","v":""},null,null,null,null,null,null,{"$f":"+IFERROR(VLOOKUP($A557,INSUMOS_BD2,5,FALSE),\"\")","v":""},null,{"$f":"IFERROR(ROUND(F557*G557*I557,0),\"\")","v":""}]
[null,{"$f":"+IFERROR(VLOOKUP($A558,INSUMOS_BD2,3,FALSE),\"\")","v":""},null,null,null,null,null,null,{"$f":"+IFERROR(VLOOKUP($A558,INSUMOS_BD2,5,FALSE),\"\")","v":""},null,{"$f":"IFERROR(ROUND(F558*G558*I558,0),\"\")","v":""}]
[null,null,null,null,null,null,null,"SUB-TOTAL $",null,null,{"$f":"SUM(K556:K558)","v":12}]
[]
[null,"IV. MANO DE OBRA"]
[null,"TRABAJADOR",null,null,null,null,"UND","VR/HORA","RENDIMIENTO",null,"VR/UNIT"]
["cd1",{"$f":"+IFERROR(VLOOKUP($A563,Cuadrillas_DNP[],2,FALSE),\"\")","v":"Cuadrilla AA (Albañilería) 1Of y 1Ay"},null,null,null,{"$f":"+IFERROR(VLOOKUP($A563,INSUMOS_BD2,4,FALSE),\"\")","v":""},{"$f":"+IFERROR(VLOOKUP($A563,Cuadrillas_DNP[],3,FALSE),\"\")","v":"hora"},{"$f":"+IFERROR(VLOOKUP($A563,Cuadrillas_DNP[],6,FALSE),\"\")","v":16375},7.2770812634082097E-3,null,{"$f":"IFERROR(ROUND(H563*I563,0),\"\")","v":119}]
[null,{"$f":"+IFERROR(VLOOKUP($A564,Cuadrillas_DNP[],2,FALSE),\"\")","v":""},null,null,null,{"$f":"+IFERROR(VLOOKUP($A564,INSUMOS_BD2,4,FALSE),\"\")","v":""},{"$f":"+IFERROR(VLOOKUP($A564,Cuadrillas_DNP[],3,FALSE),\"\")","v":""},{"$f":"+IFERROR(VLOOKUP($A564,Cuadrillas_DNP[],6,FALSE),\"\")","v":""},null,null,{"$f":"IFERROR(ROUND(H564*I564,0),\"\")","v":""}]
[null,{"$f":"+IFERROR(VLOOKUP($A565,Cuadrillas_DNP[],2,FALSE),\"\")","v":""},null,null,null,{"$f":"+IFERROR(VLOOKUP($A565,INSUMOS_BD2,4,FALSE),\"\")","v":""},{"$f":"+IFERROR(VLOOKUP($A565,Cuadrillas_DNP[],3,FALSE),\"\")","v":""},{"$f":"+IFERROR(VLOOKUP($A565,Cuadrillas_DNP[],6,FALSE),\"\")","v":""},null,null,{"$f":"IFERROR(ROUND(H565*I565,0),\"\")","v":""}]
[null,null,null,null,null,null,null,"SUB-TOTAL $",null,null,{"$f":"SUM(K563:K565)","v":119}]
[]
[null,"TOTAL COSTO DIRECTO $",null,null,null,null,null,null,null,null,{"$f":"ROUND((+K566+K559+K552+K545),0)","v":3775}]
[]
[null,"V. COSTOS INDIRECTOS"]
[null,"Descripción",null,null,null,null,null,"Porcentaje","Valor Total"]
[null,"ADMINISTRACION",null,null,null,null,null,{"$f":"+ADMON","v":0.01},{"$f":"+K568*H572","v":37.75}]
[null,"IMPREVISTOS ",null,null,null,null,null,{"$f":"+IMPREVISTOS","v":0.02},{"$f":"+K568*H573","v":75.5}]
[null,"UTILIDAD",null,null,null,null,null,{"$f":"+UTILIDAD","v":0.05},{"$f":"+K568*H574","v":188.75}]
[null,"TOTAL COSTO INDIRECTO $",null,null,null,null,null,null,null,null,{"$f":"SUM(I572:J574)","v":302}]
[]
[null,"Precio Unitario Total  $",null,null,null,null,null,null,null,null,{"$f":"+ROUND(K575+K568,0)","v":4077}]
[]
["APU-DNP15",{"$f":"IFERROR(VLOOKUP($A579,LISTA_APU_DNP,2,FALSE),\"\")","v":"TRATAMIENTO SUPERFICIAL DOBLE CON EMULSIÓN CRR-2 TIPO 1"},null,null,null,null,null,null,"Unidad:",{"$f":"IFERROR(VLOOKUP($A579,LISTA_APU_DNP,3,FALSE),\"\")","v":"m²"},{"$f":"K610","v":12619}]
[null,"I. EQUIPO"]
[null,"DESCRIPCIÓN",null,null,"UND","TIPO",null,"TARIFA","RENDIMIENTO",null,"VR/UNIT"]
["e31",{"$f":"+IFERROR(VLOOKUP($A582,INSUMOS_BD2,3,FALSE),\"\")","v":"Herramienta Menor HM (% mano de obra)"},null,null,{"$f":"+IFERROR(VLOOKUP($A582,INSUMOS_BD2,4,FALSE),\"\")","v":"glb"},null,null,{"$f":"+IFERROR(ROUND(IF($B582=\"Herramienta Menor (% mano de obra)\",HM,VLOOKUP($A582,INSUMOS_BD2,5,FALSE)),2),\"\")","v":0},null,null,{"$f":"+IFERROR(ROUND(IF($B582=\"Herramienta Menor (% mano de obra)\",$K$608*H582,H582*I582),0),\"\")","v":0}]
["e7",{"$f":"+IFERROR(VLOOKUP($A583,INSUMOS_BD2,3,FALSE),\"\")","v":"Carrotanque Irrigador de asfalto, 1000 galones de capacidad"},null,null,{"$f":"+IFERROR(VLOOKUP($A583,INSUMOS_BD2,4,FALSE),\"\")","v":"hora"},null,null,{"$f":"+IFERROR(ROUND(IF($B583=\"Herramienta Menor (% mano de obra)\",HM,VLOOKUP($A583,INSUMOS_BD2,5,FALSE)),2),\"\")","v":95000},3.6363636363636398E-3,null,{"$f":"+IFERROR(ROUND(IF($B583=\"Herramienta Menor (% mano de obra)\",$K$608*H583,H583*I583),0),\"\")","v":345}]
["e51",{"$f":"+IFERROR(VLOOKUP($A584,INSUMOS_BD2,3,FALSE),\"\")","v":"Compactador neumático de Potencia 70 HP, peso de 13 ton"},null,null,{"$f":"+IFERROR(VLOOKUP($A584,INSUMOS_BD2,4,FALSE),\"\")","v":"hora"},null,null,{"$f":"+IFERROR(ROUND(IF($B584=\"Herramienta Menor (% mano de obra)\",HM,VLOOKUP($A584,INSUMOS_BD2,5,FALSE)),2),\"\")","v":132000},3.6363636363636398E-3,null,{"$f":"+IFERROR(ROUND(IF($B584=\"Herramienta Menor (% mano de obra)\",$K$608*H584,H584*I584),0),\"\")","v":480}]
["e11",{"$f":"+IFERROR(VLOOKUP($A585,INSUMOS_BD2,3,FALSE),\"\")","v":" COMPRESOR (BARRIDO Y SOPLADO)"},null,null,{"$f":"+IFERROR(VLOOKUP($A585,INSUMOS_BD2,4,FALSE),\"\")","v":"hora"},null,null,{"$f":"+IFERROR(ROUND(IF($B585=\"Herramienta Menor (% mano de obra)\",HM,VLOOKUP($A585,INSUMOS_BD2,5,FALSE)),2),\"\")","v":65000},3.6363636363636398E-3,null,{"$f":"+IFERROR(ROUND(IF($B585=\"Herramienta Menor (% mano de obra)\",$K$608*H585,H585*I585),0),\"\")","v":236}]
["e52",{"$f":"+IFERROR(VLOOKUP($A586,INSUMOS_BD2,3,FALSE),\"\")","v":"Esparcidor de gravilla, Ancho de esparcimiento 3100mm, Velocidad de trabajo 10—20km2/h"},null,null,{"$f":"+IFERROR(VLOOKUP($A586,INSUMOS_BD2,4,FALSE),\"\")","v":"hora"},null,null,{"$f":"+IFERROR(ROUND(IF($B586=\"Herramienta Menor (% mano de obra)\",HM,VLOOKUP($A586,INSUMOS_BD2,5,FALSE)),2),\"\")","v":76936.2},3.6363636363636398E-3,null,{"$f":"+IFERROR(ROUND(IF($B586=\"Herramienta Menor (% mano de obra)\",$K$608*H586,H586*I586),0),\"\")","v":280}]
[null,null,null,null,null,null,null,"SUB-TOTAL $",null,null,{"$f":"SUM(K582:K586)","v":1341}]
[]
[null,"II. MATERIALES"]
[null,"DESCRIPCIÓN",null,null,null,null,"UNIDAD","CANTIDAD","PRECIO UNIT.",null,"VR/UNIT"]
["m88",{"$f":"+IFERROR(VLOOKUP($A591,INSUMOS_BD2,3,FALSE),\"\")","v":"Agregado para tratamiento superficial doble (primer riego)"},null,null,null,null,{"$f":"+IFERROR(VLOOKUP($A591,INSUMOS_BD2,4,FALSE),\"\")","v":"m³"},2.5000000000000001E-2,{"$f":"+IFERROR(VLOOKUP($A591,INSUMOS_BD2,5,FALSE),\"\")","v":66000},null,{"$f":"IFERROR(ROUND(H591*I591,0),\"\")","v":1650}]
["m87",{"$f":"+IFERROR(VLOOKUP($A592,INSUMOS_BD2,3,FALSE),\"\")","v":"Agregado para tratamiento superficial doble (segundo riego)"},null,null,null,null,{"$f":"+IFERROR(VLOOKUP($A592,INSUMOS_BD2,4,FALSE),\"\")","v":"m³"},1.2999999999999999E-2,{"$f":"+IFERROR(VLOOKUP($A592,INSUMOS_BD2,5,FALSE),\"\")","v":66000},null,{"$f":"IFERROR(ROUND(H592*I592,0),\"\")","v":858}]
["m89",{"$f":"+IFERROR(VLOOKUP($A593,INSUMOS_BD2,3,FALSE),\"\")","v":"Emulsión CRR-2"},null,null,null,null,{"$f":"+IFERROR(VLOOKUP($A593,INSUMOS_BD2,4,FALSE),\"\")","v":"l"},4.24,{"$f":"+IFERROR(VLOOKUP($A593,INSUMOS_BD2,5,FALSE),\"\")","v":2050},null,{"$f":"IFERROR(ROUND(H593*I593,0),\"\")","v":8692}]
[null,null,null,null,null,null,null,"SUB-TOTAL $",null,null,{"$f":"SUM(K591:K593)","v":11200}]
[]
[null,"III. TRANSPORTES"]
[null,"MATERIAL",null,null,null,"VOL. o PESO","DISTANCIA","FACT. EXPANSIÓN","TARIFA (M3 o Ton/Km)",null,"VR/UNIT"]
["t21",{"$f":"+IFERROR(VLOOKUP($A598,INSUMOS_BD2,3,FALSE),\"\")","v":"Transporte de agregados pétreos"},null,null,null,{"$f":"H591+H592","v":3.7999999999999999E-2},1,"-",{"$f":"+IFERROR(VLOOKUP($A598,INSUMOS_BD2,5,FALSE),\"\")","v":1250},null,{"$f":"IFERROR(ROUND(F598*G598*I598,0),\"\")","v":48}]
[null,{"$f":"+IFERROR(VLOOKUP($A599,INSUMOS_BD2,3,FALSE),\"\")","v":""},null,null,null,null,null,null,{"$f":"+IFERROR(VLOOKUP($A599,INSUMOS_BD2,5,FALSE),\"\")","v":""},null,{"$f":"IFERROR(ROUND(F599*G599*I599,0),\"\")","v":""}]
[null,{"$f":"+IFERROR(VLOOKUP($A600,INSUMOS_BD2,3,FALSE),\"\")","v":""},null,null,null,null,null,null,{"$f":"+IFERROR(VLOOKUP($A600,INSUMOS_BD2,5,FALSE),\"\")","v":""},null,{"$f":"IFERROR(ROUND(F600*G600*I600,0),\"\")","v":""}]
[null,null,null,null,null,null,null,"SUB-TOTAL $",null,null,{"$f":"SUM(K598:K600)","v":48}]
[]
[null,"IV. MANO DE OBRA"]
[null,"TRABAJADOR",null,null,null,null,"UND","VR/HORA","RENDIMIENTO",null,"VR/UNIT"]
["cd1",{"$f":"+IFERROR(VLOOKUP($A605,Cuadrillas_DNP[],2,FALSE),\"\")","v":"Cuadrilla AA (Albañilería) 1Of y 1Ay"},null,null,null,{"$f":"+IFERROR(VLOOKUP($A605,INSUMOS_BD2,4,FALSE),\"\")","v":""},{"$f":"+IFERROR(VLOOKUP($A605,Cuadrillas_DNP[],3,FALSE),\"\")","v":"hora"},{"$f":"+IFERROR(VLOOKUP($A605,Cuadrillas_DNP[],6,FALSE),\"\")","v":16375},1.8181818181818199E-3,null,{"$f":"IFERROR(ROUND(H605*I605,0),\"\")","v":30}]
[null,{"$f":"+IFERROR(VLOOKUP($A606,Cuadrillas_DNP[],2,FALSE),\"\")","v":""},null,null,null,{"$f":"+IFERROR(VLOOKUP($A606,INSUMOS_BD2,4,FALSE),\"\")","v":""},{"$f":"+IFERROR(VLOOKUP($A606,Cuadrillas_DNP[],3,FALSE),\"\")","v":""},{"$f":"+IFERROR(VLOOKUP($A606,Cuadrillas_DNP[],6,FALSE),\"\")","v":""},null,null,{"$f":"IFERROR(ROUND(H606*I606,0),\"\")","v":""}]
[null,{"$f":"+IFERROR(VLOOKUP($A607,Cuadrillas_DNP[],2,FALSE),\"\")","v":""},null,null,null,{"$f":"+IFERROR(VLOOKUP($A607,INSUMOS_BD2,4,FALSE),\"\")","v":""},{"$f":"+IFERROR(VLOOKUP($A607,Cuadrillas_DNP[],3,FALSE),\"\")","v":""},{"$f":"+IFERROR(VLOOKUP($A607,Cuadrillas_DNP[],6,FALSE),\"\")","v":""},null,null,{"$f":"IFERROR(ROUND(H607*I607,0),\"\")","v":""}]
[null,null,null,null,null,null,null,"SUB-TOTAL $",null,null,{"$f":"SUM(K605:K607)","v":30}]
[]
[null,"TOTAL COSTO DIRECTO $",null,null,null,null,null,null,null,null,{"$f":"ROUND((+K608+K601+K594+K587),0)","v":12619}]
[]
[null,"V. COSTOS INDIRECTOS"]
[null,"Descripción",null,null,null,null,null,"Porcentaje","Valor Total"]
[null,"ADMINISTRACION",null,null,null,null,null,{"$f":"+ADMON","v":0.01},{"$f":"+K610*H614","v":126.19}]
[null,"IMPREVISTOS ",null,null,null,null,null,{"$f":"+IMPREVISTOS","v":0.02},{"$f":"+K610*H615","v":252.38}]
[null,"UTILIDAD",null,null,null,null,null,{"$f":"+UTILIDAD","v":0.05},{"$f":"+K610*H616","v":630.95000000000005}]
[null,"TOTAL COSTO INDIRECTO $",null,null,null,null,null,null,null,null,{"$f":"SUM(I614:J616)","v":1009.52}]
[]
[null,"Precio Unitario Total  $",null,null,null,null,null,null,null,null,{"$f":"+ROUND(K617+K610,0)","v":13629}]
[]
["APU-DNP16",{"$f":"IFERROR(VLOOKUP($A621,LISTA_APU_DNP,2,FALSE),\"\")","v":"EXCAVACIÓN MANUAL"},null,null,null,null,null,null,"Unidad:",{"$f":"IFERROR(VLOOKUP($A621,LISTA_APU_DNP,3,FALSE),\"\")","v":"m³"},{"$f":"K650","v":17058}]
[null,"I. EQUIPO"]
[null,"DESCRIPCIÓN",null,null,"UND","TIPO",null,"TARIFA","RENDIMIENTO",null,"VR/UNIT"]
["e31",{"$f":"+IFERROR(VLOOKUP($A624,INSUMOS_BD2,3,FALSE),\"\")","v":"Herramienta Menor HM (% mano de obra)"},null,null,{"$f":"+IFERROR(VLOOKUP($A624,INSUMOS_BD2,4,FALSE),\"\")","v":"glb"},null,null,{"$f":"+IFERROR(ROUND(IF($B624=\"Herramienta Menor (% mano de obra)\",HM,VLOOKUP($A624,INSUMOS_BD2,5,FALSE)),2),\"\")","v":0},null,null,{"$f":"+IFERROR(ROUND(IF($B624=\"Herramienta Menor (% mano de obra)\",$K$648*H624,H624*I624),0),\"\")","v":0}]
[null,{"$f":"+IFERROR(VLOOKUP($A625,INSUMOS_BD2,3,FALSE),\"\")","v":""},null,null,{"$f":"+IFERROR(VLOOKUP($A625,INSUMOS_BD2,4,FALSE),\"\")","v":""},null,null,{"$f":"+IFERROR(ROUND(IF($B625=\"Herramienta Menor (% mano de obra)\",HM,VLOOKUP($A625,INSUMOS_BD2,5,FALSE)),2),\"\")","v":""},null,null,{"$f":"+IFERROR(ROUND(IF($B625=\"Herramienta Menor (% mano de obra)\",$K$648*H625,H625*I625),0),\"\")","v":""}]
[null,{"$f":"+IFERROR(VLOOKUP($A626,INSUMOS_BD2,3,FALSE),\"\")","v":""},null,null,{"$f":"+IFERROR(VLOOKUP($A626,INSUMOS_BD2,4,FALSE),\"\")","v":""},null,null,{"$f":"+IFERROR(ROUND(IF($B626=\"Herramienta Menor (% mano de obra)\",HM,VLOOKUP($A626,INSUMOS_BD2,5,FALSE)),2),\"\")","v":""},null,null,{"$f":"+IFERROR(ROUND(IF($B626=\"Herramienta Menor (% mano de obra)\",$K$648*H626,H626*I626),0),\"\")","v":""}]
[null,null,null,null,null,null,null,"SUB-TOTAL $",null,null,{"$f":"SUM(K624:K626)","v":0}]
[]
[null,"II. MATERIALES"]
[null,"DESCRIPCIÓN",null,null,null,null,"UNIDAD","CANTIDAD","PRECIO UNIT.",null,"VR/UNIT"]
["m71",{"$f":"+IFERROR(VLOOKUP($A631,INSUMOS_BD2,3,FALSE),\"\")","v":"Derechos de explotación y/o disposición de materiales"},null,null,null,null,{"$f":"+IFERROR(VLOOKUP($A631,INSUMOS_BD2,4,FALSE),\"\")","v":"m³"},1.3,{"$f":"+IFERROR(VLOOKUP($A631,INSUMOS_BD2,5,FALSE),\"\")","v":2988},null,{"$f":"IFERROR(ROUND(H631*I631,0),\"\")","v":3884}]
[null,{"$f":"+IFERROR(VLOOKUP($A632,INSUMOS_BD2,3,FALSE),\"\")","v":""},null,null,null,null,{"$f":"+IFERROR(VLOOKUP($A632,INSUMOS_BD2,4,FALSE),\"\")","v":""},null,{"$f":"+IFERROR(VLOOKUP($A632,INSUMOS_BD2,5,FALSE),\"\")","v":""},null,{"$f":"IFERROR(ROUND(H632*I632,0),\"\")","v":""}]
[null,{"$f":"+IFERROR(VLOOKUP($A633,INSUMOS_BD2,3,FALSE),\"\")","v":""},null,null,null,null,{"$f":"+IFERROR(VLOOKUP($A633,INSUMOS_BD2,4,FALSE),\"\")","v":""},null,{"$f":"+IFERROR(VLOOKUP($A633,INSUMOS_BD2,5,FALSE),\"\")","v":""},null,{"$f":"IFERROR(ROUND(H633*I633,0),\"\")","v":""}]
[null,null,null,null,null,null,null,"SUB-TOTAL $",null,null,{"$f":"SUM(K631:K633)","v":3884}]
[]
[null,"III. TRANSPORTES"]
[null,"MATERIAL",null,null,null,"VOL. o PESO","DISTANCIA","FACT. EXPANSIÓN","TARIFA (M3 o Ton/Km)",null,"VR/UNIT"]
["t16",{"$f":"+IFERROR(VLOOKUP($A638,INSUMOS_BD2,3,FALSE),\"\")","v":"Volqueta  6 m³ (cargue mecánico) botadero "},null,null,null,{"$f":"H631","v":1.3},1,"-",{"$f":"+IFERROR(VLOOKUP($A638,INSUMOS_BD2,5,FALSE),\"\")","v":1250},null,{"$f":"IFERROR(ROUND(F638*G638*I638,0),\"\")","v":1625}]
[null,{"$f":"+IFERROR(VLOOKUP($A639,INSUMOS_BD2,3,FALSE),\"\")","v":""},null,null,null,null,null,null,{"$f":"+IFERROR(VLOOKUP($A639,INSUMOS_BD2,5,FALSE),\"\")","v":""},null,{"$f":"IFERROR(ROUND(F639*G639*I639,0),\"\")","v":""}]
[null,{"$f":"+IFERROR(VLOOKUP($A640,INSUMOS_BD2,3,FALSE),\"\")","v":""},null,null,null,null,null,null,{"$f":"+IFERROR(VLOOKUP($A640,INSUMOS_BD2,5,FALSE),\"\")","v":""},null,{"$f":"IFERROR(ROUND(F640*G640*I640,0),\"\")","v":""}]
[null,null,null,null,null,null,null,"SUB-TOTAL $",null,null,{"$f":"SUM(K638:K640)","v":1625}]
[]
[null,"IV. MANO DE OBRA"]
[null,"TRABAJADOR",null,null,null,null,"UND","VR/HORA","RENDIMIENTO",null,"VR/UNIT"]
["cd2",{"$f":"+IFERROR(VLOOKUP($A645,Cuadrillas_DNP[],2,FALSE),\"\")","v":"Cuadrilla AA 1Of+2Ay (Albañilería)"},null,null,null,{"$f":"+IFERROR(VLOOKUP($A645,INSUMOS_BD2,4,FALSE),\"\")","v":""},{"$f":"+IFERROR(VLOOKUP($A645,Cuadrillas_DNP[],3,FALSE),\"\")","v":"hora"},{"$f":"+IFERROR(VLOOKUP($A645,Cuadrillas_DNP[],6,FALSE),\"\")","v":23097},0.5,null,{"$f":"IFERROR(ROUND(H645*I645,0),\"\")","v":11549}]
[null,{"$f":"+IFERROR(VLOOKUP($A646,Cuadrillas_DNP[],2,FALSE),\"\")","v":""},null,null,null,{"$f":"+IFERROR(VLOOKUP($A646,INSUMOS_BD2,4,FALSE),\"\")","v":""},{"$f":"+IFERROR(VLOOKUP($A646,Cuadrillas_DNP[],3,FALSE),\"\")","v":""},{"$f":"+IFERROR(VLOOKUP($A646,Cuadrillas_DNP[],6,FALSE),\"\")","v":""},null,null,{"$f":"IFERROR(ROUND(H646*I646,0),\"\")","v":""}]
[null,{"$f":"+IFERROR(VLOOKUP($A647,Cuadrillas_DNP[],2,FALSE),\"\")","v":""},null,null,null,{"$f":"+IFERROR(VLOOKUP($A647,INSUMOS_BD2,4,FALSE),\"\")","v":""},{"$f":"+IFERROR(VLOOKUP($A647,Cuadrillas_DNP[],3,FALSE),\"\")","v":""},{"$f":"+IFERROR(VLOOKUP($A647,Cuadrillas_DNP[],6,FALSE),\"\")","v":""},null,null,{"$f":"IFERROR(ROUND(H647*I647,0),\"\")","v":""}]
[null,null,null,null,null,null,null,"SUB-TOTAL $",null,null,{"$f":"SUM(K645:K647)","v":11549}]
[]
[null,"TOTAL COSTO DIRECTO $",null,null,null,null,null,null,null,null,{"$f":"ROUND((+K648+K641+K634+K627),0)","v":17058}]
[]
[null,"V. COSTOS INDIRECTOS"]
[null,"Descripción",null,null,null,null,null,"Porcentaje","Valor Total"]
[null,"ADMINISTRACION",null,null,null,null,null,{"$f":"+ADMON","v":0.01},{"$f":"+K650*H654","v":170.58}]
[null,"IMPREVISTOS ",null,null,null,null,null,{"$f":"+IMPREVISTOS","v":0.02},{"$f":"+K650*H655","v":341.16}]
[null,"UTILIDAD",null,null,null,null,null,{"$f":"+UTILIDAD","v":0.05},{"$f":"+K650*H656","v":852.90000000000009}]
[null,"TOTAL COSTO INDIRECTO $",null,null,null,null,null,null,null,null,{"$f":"SUM(I654:J656)","v":1364.64}]
[]
[null,"Precio Unitario Total  $",null,null,null,null,null,null,null,null,{"$f":"+ROUND(K657+K650,0)","v":18423}]
[]
["APU-DNP17",{"$f":"IFERROR(VLOOKUP($A661,LISTA_APU_DNP,2,FALSE),\"\")","v":"RELLENO CON ARENA PROTECCIÓN TUBERIA"},null,null,null,null,null,null,"Unidad:",{"$f":"IFERROR(VLOOKUP($A661,LISTA_APU_DNP,3,FALSE),\"\")","v":"m³"},{"$f":"K691","v":41554}]
[null,"I. EQUIPO"]
[null,"DESCRIPCIÓN",null,null,"UND","TIPO",null,"TARIFA","RENDIMIENTO",null,"VR/UNIT"]
["e31",{"$f":"+IFERROR(VLOOKUP($A664,INSUMOS_BD2,3,FALSE),\"\")","v":"Herramienta Menor HM (% mano de obra)"},null,null,{"$f":"+IFERROR(VLOOKUP($A664,INSUMOS_BD2,4,FALSE),\"\")","v":"glb"},null,null,{"$f":"+IFERROR(ROUND(IF($B664=\"Herramienta Menor (% mano de obra)\",HM,VLOOKUP($A664,INSUMOS_BD2,5,FALSE)),2),\"\")","v":0},null,null,{"$f":"+IFERROR(ROUND(IF($B664=\"Herramienta Menor (% mano de obra)\",$K$689*H664,H664*I664),0),\"\")","v":0}]
[null,{"$f":"+IFERROR(VLOOKUP($A665,INSUMOS_BD2,3,FALSE),\"\")","v":""},null,null,{"$f":"+IFERROR(VLOOKUP($A665,INSUMOS_BD2,4,FALSE),\"\")","v":""},null,null,{"$f":"+IFERROR(ROUND(IF($B665=\"Herramienta Menor (% mano de obra)\",HM,VLOOKUP($A665,INSUMOS_BD2,5,FALSE)),2),\"\")","v":""},null,null,{"$f":"+IFERROR(ROUND(IF($B665=\"Herramienta Menor (% mano de obra)\",$K$689*H665,H665*I665),0),\"\")","v":""}]
[null,{"$f":"+IFERROR(VLOOKUP($A666,INSUMOS_BD2,3,FALSE),\"\")","v":""},null,null,{"$f":"+IFERROR(VLOOKUP($A666,INSUMOS_BD2,4,FALSE),\"\")","v":""},null,null,{"$f":"+IFERROR(ROUND(IF($B666=\"Herramienta Menor (% mano de obra)\",HM,VLOOKUP($A666,INSUMOS_BD2,5,FALSE)),2),\"\")","v":""},null,null,{"$f":"+IFERROR(ROUND(IF($B666=\"Herramienta Menor (% mano de obra)\",$K$689*H666,H666*I666),0),\"\")","v":""}]
[null,{"$f":"+IFERROR(VLOOKUP($A667,INSUMOS_BD2,3,FALSE),\"\")","v":""},null,null,{"$f":"+IFERROR(VLOOKUP($A667,INSUMOS_BD2,4,FALSE),\"\")","v":""},null,null,{"$f":"+IFERROR(ROUND(IF($B667=\"Herramienta Menor (% mano de obra)\",HM,VLOOKUP($A667,INSUMOS_BD2,5,FALSE)),2),\"\")","v":""},null,null,{"$f":"+IFERROR(ROUND(IF($B667=\"Herramienta Menor (% mano de obra)\",$K$689*H667,H667*I667),0),\"\")","v":""}]
[null,null,null,null,null,null,null,"SUB-TOTAL $",null,null,{"$f":"SUM(K664:K667)","v":0}]
[]
[null,"II. MATERIALES"]
[null,"DESCRIPCIÓN",null,null,null,null,"UNIDAD","CANTIDAD","PRECIO UNIT.",null,"VR/UNIT"]
["m90",{"$f":"+IFERROR(VLOOKUP($A672,INSUMOS_BD2,3,FALSE),\"\")","v":"Arena lavada"},null,null,null,null,{"$f":"+IFERROR(VLOOKUP($A672,INSUMOS_BD2,4,FALSE),\"\")","v":"m³"},1.3,{"$f":"+IFERROR(VLOOKUP($A672,INSUMOS_BD2,5,FALSE),\"\")","v":29000},null,{"$f":"IFERROR(ROUND(H672*I672,0),\"\")","v":37700}]
[null,{"$f":"+IFERROR(VLOOKUP($A673,INSUMOS_BD2,3,FALSE),\"\")","v":""},null,null,null,null,{"$f":"+IFERROR(VLOOKUP($A673,INSUMOS_BD2,4,FALSE),\"\")","v":""},null,{"$f":"+IFERROR(VLOOKUP($A673,INSUMOS_BD2,5,FALSE),\"\")","v":""},null,{"$f":"IFERROR(ROUND(H673*I673,0),\"\")","v":""}]
[null,{"$f":"+IFERROR(VLOOKUP($A674,INSUMOS_BD2,3,FALSE),\"\")","v":""},null,null,null,null,{"$f":"+IFERROR(VLOOKUP($A674,INSUMOS_BD2,4,FALSE),\"\")","v":""},null,{"$f":"+IFERROR(VLOOKUP($A674,INSUMOS_BD2,5,FALSE),\"\")","v":""},null,{"$f":"IFERROR(ROUND(H674*I674,0),\"\")","v":""}]
[null,null,null,null,null,null,null,"SUB-TOTAL $",null,null,{"$f":"SUM(K672:K674)","v":37700}]
[]
[null,"III. TRANSPORTES"]
[null,"MATERIAL",null,null,null,"VOL. o PESO","DISTANCIA","FACT. EXPANSIÓN","TARIFA (M3 o Ton/Km)",null,"VR/UNIT"]
["t15",{"$f":"+IFERROR(VLOOKUP($A679,INSUMOS_BD2,3,FALSE),\"\")","v":"Transporte de material seleccionado para relleno"},null,null,null,{"$f":"H672","v":1.3},1,"-",{"$f":"+IFERROR(VLOOKUP($A679,INSUMOS_BD2,5,FALSE),\"\")","v":1250},null,{"$f":"IFERROR(ROUND(F679*G679*I679,0),\"\")","v":1625}]
[null,{"$f":"+IFERROR(VLOOKUP($A680,INSUMOS_BD2,3,FALSE),\"\")","v":""},null,null,null,null,null,{"$f":"+IFERROR(VLOOKUP($A680,INSUMOS_BD2,3,FALSE),\"\")","v":""},{"$f":"+IFERROR(VLOOKUP($A680,INSUMOS_BD2,5,FALSE),\"\")","v":""},null,{"$f":"IFERROR(ROUND(F680*G680*I680,0),\"\")","v":""}]
[null,{"$f":"+IFERROR(VLOOKUP($A681,INSUMOS_BD2,3,FALSE),\"\")","v":""},null,null,null,null,null,{"$f":"+IFERROR(VLOOKUP($A681,INSUMOS_BD2,3,FALSE),\"\")","v":""},{"$f":"+IFERROR(VLOOKUP($A681,INSUMOS_BD2,5,FALSE),\"\")","v":""},null,{"$f":"IFERROR(ROUND(F681*G681*I681,0),\"\")","v":""}]
[null,null,null,null,null,null,null,"SUB-TOTAL $",null,null,{"$f":"SUM(K679:K681)","v":1625}]
[]
[null,"IV. MANO DE OBRA"]
[null,"TRABAJADOR",null,null,null,null,"UND","VR/HORA","RENDIMIENTO",null,"VR/UNIT"]
["cd2",{"$f":"+IFERROR(VLOOKUP($A686,Cuadrillas_DNP[],2,FALSE),\"\")","v":"Cuadrilla AA 1Of+2Ay (Albañilería)"},null,null,null,{"$f":"+IFERROR(VLOOKUP($A686,INSUMOS_BD2,4,FALSE),\"\")","v":""},{"$f":"+IFERROR(VLOOKUP($A686,Cuadrillas_DNP[],3,FALSE),\"\")","v":"hora"},{"$f":"+IFERROR(VLOOKUP($A686,Cuadrillas_DNP[],6,FALSE),\"\")","v":23097},9.6515111145691501E-2,null,{"$f":"IFERROR(ROUND(H686*I686,0),\"\")","v":2229}]
[null,{"$f":"+IFERROR(VLOOKUP($A687,Cuadrillas_DNP[],2,FALSE),\"\")","v":""},null,null,null,{"$f":"+IFERROR(VLOOKUP($A687,INSUMOS_BD2,4,FALSE),\"\")","v":""},{"$f":"+IFERROR(VLOOKUP($A687,Cuadrillas_DNP[],3,FALSE),\"\")","v":""},{"$f":"+IFERROR(VLOOKUP($A687,Cuadrillas_DNP[],6,FALSE),\"\")","v":""},null,null,{"$f":"IFERROR(ROUND(H687*I687,0),\"\")","v":""}]
[null,{"$f":"+IFERROR(VLOOKUP($A688,Cuadrillas_DNP[],2,FALSE),\"\")","v":""},null,null,null,{"$f":"+IFERROR(VLOOKUP($A688,INSUMOS_BD2,4,FALSE),\"\")","v":""},{"$f":"+IFERROR(VLOOKUP($A688,Cuadrillas_DNP[],3,FALSE),\"\")","v":""},{"$f":"+IFERROR(VLOOKUP($A688,Cuadrillas_DNP[],6,FALSE),\"\")","v":""},null,null,{"$f":"IFERROR(ROUND(H688*I688,0),\"\")","v":""}]
[null,null,null,null,null,null,null,"SUB-TOTAL $",null,null,{"$f":"SUM(K686:K688)","v":2229}]
[]
[null,"TOTAL COSTO DIRECTO $",null,null,null,null,null,null,null,null,{"$f":"ROUND((+K689+K682+K675+K668),0)","v":41554}]
[]
[null,"V. COSTOS INDIRECTOS"]
[null,"Descripción",null,null,null,null,null,"Porcentaje","Valor Total"]
[null,"ADMINISTRACION",null,null,null,null,null,{"$f":"+ADMON","v":0.01},{"$f":"+K691*H695","v":415.54}]
[null,"IMPREVISTOS ",null,null,null,null,null,{"$f":"+IMPREVISTOS","v":0.02},{"$f":"+K691*H696","v":831.08}]
[null,"UTILIDAD",null,null,null,null,null,{"$f":"+UTILIDAD","v":0.05},{"$f":"+K691*H697","v":2077.7000000000003}]
[null,"TOTAL COSTO INDIRECTO $",null,null,null,null,null,null,null,null,{"$f":"SUM(I695:J697)","v":3324.3200000000006}]
[]
[null,"Precio Unitario Total  $",null,null,null,null,null,null,null,null,{"$f":"+ROUND(K698+K691,0)","v":44878}]
[]
["APU-DNP18",{"$f":"IFERROR(VLOOKUP($A702,LISTA_APU_DNP,2,FALSE),\"\")","v":"CONCRETO PARA ESTRUCTURAS RESISTENCIA DE 210 kg/cm² (3.000 PSI)"},null,null,null,null,null,null,"Unidad:",{"$f":"IFERROR(VLOOKUP($A702,LISTA_APU_DNP,3,FALSE),\"\")","v":"m³"},{"$f":"K732","v":313227}]
[null,"I. EQUIPO"]
[null,"DESCRIPCIÓN",null,null,"UND","TIPO",null,"TARIFA","RENDIMIENTO",null,"VR/UNIT"]
["e47",{"$f":"+IFERROR(VLOOKUP($A705,INSUMOS_BD2,3,FALSE),\"\")","v":"formaleta madera"},null,null,{"$f":"+IFERROR(VLOOKUP($A705,INSUMOS_BD2,4,FALSE),\"\")","v":"m²"},null,null,{"$f":"+IFERROR(ROUND(IF($B705=\"Herramienta Menor (% mano de obra)\",HM,VLOOKUP($A705,INSUMOS_BD2,5,FALSE)),2),\"\")","v":2500},5,null,{"$f":"+IFERROR(ROUND(IF($B705=\"Herramienta Menor (% mano de obra)\",$K$730*H705,H705*I705),0),\"\")","v":12500}]
["e48",{"$f":"+IFERROR(VLOOKUP($A706,INSUMOS_BD2,3,FALSE),\"\")","v":"Vibrador a gasolina"},null,null,{"$f":"+IFERROR(VLOOKUP($A706,INSUMOS_BD2,4,FALSE),\"\")","v":"hora"},null,null,{"$f":"+IFERROR(ROUND(IF($B706=\"Herramienta Menor (% mano de obra)\",HM,VLOOKUP($A706,INSUMOS_BD2,5,FALSE)),2),\"\")","v":3830},0.8,null,{"$f":"+IFERROR(ROUND(IF($B706=\"Herramienta Menor (% mano de obra)\",$K$730*H706,H706*I706),0),\"\")","v":3064}]
["e31",{"$f":"+IFERROR(VLOOKUP($A707,INSUMOS_BD2,3,FALSE),\"\")","v":"Herramienta Menor HM (% mano de obra)"},null,null,{"$f":"+IFERROR(VLOOKUP($A707,INSUMOS_BD2,4,FALSE),\"\")","v":"glb"},null,null,{"$f":"+IFERROR(ROUND(IF($B707=\"Herramienta Menor (% mano de obra)\",HM,VLOOKUP($A707,INSUMOS_BD2,5,FALSE)),2),\"\")","v":0},null,null,{"$f":"+IFERROR(ROUND(IF($B707=\"Herramienta Menor (% mano de obra)\",$K$730*H707,H707*I707),0),\"\")","v":0}]
[null,{"$f":"+IFERROR(VLOOKUP($A708,INSUMOS_BD2,3,FALSE),\"\")","v":""},null,null,{"$f":"+IFERROR(VLOOKUP($A708,INSUMOS_BD2,4,FALSE),\"\")","v":""},null,null,{"$f":"+IFERROR(ROUND(IF($B708=\"Herramienta Menor (% mano de obra)\",HM,VLOOKUP($A708,INSUMOS_BD2,5,FALSE)),2),\"\")","v":""},null,null,{"$f":"+IFERROR(ROUND(IF($B708=\"Herramienta Menor (% mano de obra)\",$K$730*H708,H708*I708),0),\"\")","v":""}]
[null,null,null,null,null,null,null,"SUB-TOTAL $",null,null,{"$f":"SUM(K705:K708)","v":15564}]
[]
[null,"II. MATERIALES"]
[null,"DESCRIPCIÓN",null,null,null,null,"UNIDAD","CANTIDAD","PRECIO UNIT.",null,"VR/UNIT"]
["m77",{"$f":"+IFERROR(VLOOKUP($A713,INSUMOS_BD2,3,FALSE),\"\")","v":"CONCRETO DE 210 kg/cm² (3.000 PSI)"},null,null,null,null,{"$f":"+IFERROR(VLOOKUP($A713,INSUMOS_BD2,4,FALSE),\"\")","v":"m³"},1.05,{"$f":"+IFERROR(VLOOKUP($A713,INSUMOS_BD2,5,FALSE),\"\")","v":269510},null,{"$f":"IFERROR(ROUND(H713*I713,0),\"\")","v":282986}]
[null,{"$f":"+IFERROR(VLOOKUP($A714,INSUMOS_BD2,3,FALSE),\"\")","v":""},null,null,null,null,{"$f":"+IFERROR(VLOOKUP($A714,INSUMOS_BD2,4,FALSE),\"\")","v":""},null,{"$f":"+IFERROR(VLOOKUP($A714,INSUMOS_BD2,5,FALSE),\"\")","v":""},null,{"$f":"IFERROR(ROUND(H714*I714,0),\"\")","v":""}]
[null,{"$f":"+IFERROR(VLOOKUP($A715,INSUMOS_BD2,3,FALSE),\"\")","v":""},null,null,null,null,{"$f":"+IFERROR(VLOOKUP($A715,INSUMOS_BD2,4,FALSE),\"\")","v":""},null,{"$f":"+IFERROR(VLOOKUP($A715,INSUMOS_BD2,5,FALSE),\"\")","v":""},null,{"$f":"IFERROR(ROUND(H715*I715,0),\"\")","v":""}]
[null,null,null,null,null,null,null,"SUB-TOTAL $",null,null,{"$f":"SUM(K713:K715)","v":282986}]
[]
[null,"III. TRANSPORTES"]
[null,"MATERIAL",null,null,null,"VOL. o PESO","DISTANCIA","FACT. EXPANSIÓN","TARIFA (M3 o Ton/Km)",null,"VR/UNIT"]
[null,{"$f":"+IFERROR(VLOOKUP($A720,INSUMOS_BD2,3,FALSE),\"\")","v":""},null,null,null,null,null,"-",{"$f":"+IFERROR(VLOOKUP($A720,INSUMOS_BD2,5,FALSE),\"\")","v":""},null,{"$f":"IFERROR(ROUND(F720*G720*I720,0),\"\")","v":""}]
[null,{"$f":"+IFERROR(VLOOKUP($A721,INSUMOS_BD2,3,FALSE),\"\")","v":""},null,null,null,null,null,{"$f":"+IFERROR(VLOOKUP($A721,INSUMOS_BD2,3,FALSE),\"\")","v":""},{"$f":"+IFERROR(VLOOKUP($A721,INSUMOS_BD2,5,FALSE),\"\")","v":""},null,{"$f":"IFERROR(ROUND(F721*G721*I721,0),\"\")","v":""}]
[null,{"$f":"+IFERROR(VLOOKUP($A722,INSUMOS_BD2,3,FALSE),\"\")","v":""},null,null,null,null,null,{"$f":"+IFERROR(VLOOKUP($A722,INSUMOS_BD2,3,FALSE),\"\")","v":""},{"$f":"+IFERROR(VLOOKUP($A722,INSUMOS_BD2,5,FALSE),\"\")","v":""},null,{"$f":"IFERROR(ROUND(F722*G722*I722,0),\"\")","v":""}]
[null,null,null,null,null,null,null,"SUB-TOTAL $",null,null,{"$f":"SUM(K720:K722)","v":0}]
[]
[null,"IV. MANO DE OBRA"]
[null,"TRABAJADOR",null,null,null,null,"UND","VR/HORA","RENDIMIENTO",null,"VR/UNIT"]
["cd2",{"$f":"+IFERROR(VLOOKUP($A727,Cuadrillas_DNP[],2,FALSE),\"\")","v":"Cuadrilla AA 1Of+2Ay (Albañilería)"},null,null,null,{"$f":"+IFERROR(VLOOKUP($A727,INSUMOS_BD2,4,FALSE),\"\")","v":""},{"$f":"+IFERROR(VLOOKUP($A727,Cuadrillas_DNP[],3,FALSE),\"\")","v":"hora"},{"$f":"+IFERROR(VLOOKUP($A727,Cuadrillas_DNP[],6,FALSE),\"\")","v":23097},0.63545543632546797,null,{"$f":"IFERROR(ROUND(H727*I727,0),\"\")","v":14677}]
[null,{"$f":"+IFERROR(VLOOKUP($A728,Cuadrillas_DNP[],2,FALSE),\"\")","v":""},null,null,null,{"$f":"+IFERROR(VLOOKUP($A728,INSUMOS_BD2,4,FALSE),\"\")","v":""},{"$f":"+IFERROR(VLOOKUP($A728,Cuadrillas_DNP[],3,FALSE),\"\")","v":""},{"$f":"+IFERROR(VLOOKUP($A728,Cuadrillas_DNP[],6,FALSE),\"\")","v":""},null,null,{"$f":"IFERROR(ROUND(H728*I728,0),\"\")","v":""}]
[null,{"$f":"+IFERROR(VLOOKUP($A729,Cuadrillas_DNP[],2,FALSE),\"\")","v":""},null,null,null,{"$f":"+IFERROR(VLOOKUP($A729,INSUMOS_BD2,4,FALSE),\"\")","v":""},{"$f":"+IFERROR(VLOOKUP($A729,Cuadrillas_DNP[],3,FALSE),\"\")","v":""},{"$f":"+IFERROR(VLOOKUP($A729,Cuadrillas_DNP[],6,FALSE),\"\")","v":""},null,null,{"$f":"IFERROR(ROUND(H729*I729,0),\"\")","v":""}]
[null,null,null,null,null,null,null,"SUB-TOTAL $",null,null,{"$f":"SUM(K727:K729)","v":14677}]
[]
[null,"TOTAL COSTO DIRECTO $",null,null,null,null,null,null,null,null,{"$f":"ROUND((+K730+K723+K716+K709),0)","v":313227}]
[]
[null,"V. COSTOS INDIRECTOS"]
[null,"Descripción",null,null,null,null,null,"Porcentaje","Valor Total"]
[null,"ADMINISTRACION",null,null,null,null,null,{"$f":"+ADMON","v":0.01},{"$f":"+K732*H736","v":3132.27}]
[null,"IMPREVISTOS ",null,null,null,null,null,{"$f":"+IMPREVISTOS","v":0.02},{"$f":"+K732*H737","v":6264.54}]
[null,"UTILIDAD",null,null,null,null,null,{"$f":"+UTILIDAD","v":0.05},{"$f":"+K732*H738","v":15661.35}]
[null,"TOTAL COSTO INDIRECTO $",null,null,null,null,null,null,null,null,{"$f":"SUM(I736:J738)","v":25058.16}]
[]
[null,"Precio Unitario Total  $",null,null,null,null,null,null,null,null,{"$f":"+ROUND(K739+K732,0)","v":338285}]
[]
["APU-DNP19",{"$f":"IFERROR(VLOOKUP($A743,LISTA_APU_DNP,2,FALSE),\"\")","v":"TUBERÍA DE DIÁMETRO 0,9 M (36\") EN CONCRETO PARA CADA ALCANTARILLA"},null,null,null,null,null,null,"Unidad:",{"$f":"IFERROR(VLOOKUP($A743,LISTA_APU_DNP,3,FALSE),\"\")","v":"m"},{"$f":"K773","v":549685}]
[null,"I. EQUIPO"]
[null,"DESCRIPCIÓN",null,null,"UND","TIPO",null,"TARIFA","RENDIMIENTO",null,"VR/UNIT"]
["e31",{"$f":"+IFERROR(VLOOKUP($A746,INSUMOS_BD2,3,FALSE),\"\")","v":"Herramienta Menor HM (% mano de obra)"},null,null,{"$f":"+IFERROR(VLOOKUP($A746,INSUMOS_BD2,4,FALSE),\"\")","v":"glb"},null,null,{"$f":"+IFERROR(ROUND(IF($B746=\"Herramienta Menor (% mano de obra)\",HM,VLOOKUP($A746,INSUMOS_BD2,5,FALSE)),2),\"\")","v":0},null,null,{"$f":"+IFERROR(ROUND(IF($B746=\"Herramienta Menor (% mano de obra)\",$K$771*H746,H746*I746),0),\"\")","v":0}]
["e53",{"$f":"+IFERROR(VLOOKUP($A747,INSUMOS_BD2,3,FALSE),\"\")","v":"Retroexcavadora A25C"},null,null,{"$f":"+IFERROR(VLOOKUP($A747,INSUMOS_BD2,4,FALSE),\"\")","v":"hora"},null,null,{"$f":"+IFERROR(ROUND(IF($B747=\"Herramienta Menor (% mano de obra)\",HM,VLOOKUP($A747,INSUMOS_BD2,5,FALSE)),2),\"\")","v":130000},0.33333333333333298,null,{"$f":"+IFERROR(ROUND(IF($B747=\"Herramienta Menor (% mano de obra)\",$K$771*H747,H747*I747),0),\"\")","v":43333}]
[null,{"$f":"+IFERROR(VLOOKUP($A748,INSUMOS_BD2,3,FALSE),\"\")","v":""},null,null,{"$f":"+IFERROR(VLOOKUP($A748,INSUMOS_BD2,4,FALSE),\"\")","v":""},null,null,{"$f":"+IFERROR(ROUND(IF($B748=\"Herramienta Menor (% mano de obra)\",HM,VLOOKUP($A748,INSUMOS_BD2,5,FALSE)),2),\"\")","v":""},null,null,{"$f":"+IFERROR(ROUND(IF($B748=\"Herramienta Menor (% mano de obra)\",$K$771*H748,H748*I748),0),\"\")","v":""}]
[null,{"$f":"+IFERROR(VLOOKUP($A749,INSUMOS_BD2,3,FALSE),\"\")","v":""},null,null,{"$f":"+IFERROR(VLOOKUP($A749,INSUMOS_BD2,4,FALSE),\"\")","v":""},null,null,{"$f":"+IFERROR(ROUND(IF($B749=\"Herramienta Menor (% mano de obra)\",HM,VLOOKUP($A749,INSUMOS_BD2,5,FALSE)),2),\"\")","v":""},null,null,{"$f":"+IFERROR(ROUND(IF($B749=\"Herramienta Menor (% mano de obra)\",$K$771*H749,H749*I749),0),\"\")","v":""}]
[null,null,null,null,null,null,null,"SUB-TOTAL $",null,null,{"$f":"SUM(K746:K749)","v":43333}]
[]
[null,"II. MATERIALES"]
[null,"DESCRIPCIÓN",null,null,null,null,"UNIDAD","CANTIDAD","PRECIO UNIT.",null,"VR/UNIT"]
["m91",{"$f":"+IFERROR(VLOOKUP($A754,INSUMOS_BD2,3,FALSE),\"\")","v":"Mortero 1:3 Para Anillos"},null,null,null,null,{"$f":"+IFERROR(VLOOKUP($A754,INSUMOS_BD2,4,FALSE),\"\")","v":"m³"},0.02,{"$f":"+IFERROR(VLOOKUP($A754,INSUMOS_BD2,5,FALSE),\"\")","v":309140},null,{"$f":"IFERROR(ROUND(H754*I754,0),\"\")","v":6183}]
["m92",{"$f":"+IFERROR(VLOOKUP($A755,INSUMOS_BD2,3,FALSE),\"\")","v":"Material para solado y atraque"},null,null,null,null,{"$f":"+IFERROR(VLOOKUP($A755,INSUMOS_BD2,4,FALSE),\"\")","v":"m³"},0.46,{"$f":"+IFERROR(VLOOKUP($A755,INSUMOS_BD2,5,FALSE),\"\")","v":30316.329243451401},null,{"$f":"IFERROR(ROUND(H755*I755,0),\"\")","v":13946}]
["m93",{"$f":"+IFERROR(VLOOKUP($A756,INSUMOS_BD2,3,FALSE),\"\")","v":"Tubo concreto reforzado 900mm (tipo 1)"},null,null,null,null,{"$f":"+IFERROR(VLOOKUP($A756,INSUMOS_BD2,4,FALSE),\"\")","v":"m"},1,{"$f":"+IFERROR(VLOOKUP($A756,INSUMOS_BD2,5,FALSE),\"\")","v":480000},null,{"$f":"IFERROR(ROUND(H756*I756,0),\"\")","v":480000}]
[null,null,null,null,null,null,null,"SUB-TOTAL $",null,null,{"$f":"SUM(K754:K756)","v":500129}]
[]
[null,"III. TRANSPORTES"]
[null,"MATERIAL",null,null,null,"VOL. o PESO","DISTANCIA","FACT. EXPANSIÓN","TARIFA (M3 o Ton/Km)",null,"VR/UNIT"]
[null,{"$f":"+IFERROR(VLOOKUP($A761,INSUMOS_BD2,3,FALSE),\"\")","v":""},null,null,null,null,null,"-",{"$f":"+IFERROR(VLOOKUP($A761,INSUMOS_BD2,5,FALSE),\"\")","v":""},null,{"$f":"IFERROR(ROUND(F761*G761*I761,3),\"\")","v":""}]
[null,{"$f":"+IFERROR(VLOOKUP($A762,INSUMOS_BD2,3,FALSE),\"\")","v":""},null,null,null,null,null,null,{"$f":"+IFERROR(VLOOKUP($A762,INSUMOS_BD2,5,FALSE),\"\")","v":""},null,{"$f":"IFERROR(ROUND(F762*G762*I762,3),\"\")","v":""}]
[null,{"$f":"+IFERROR(VLOOKUP($A763,INSUMOS_BD2,3,FALSE),\"\")","v":""},null,null,null,null,null,null,{"$f":"+IFERROR(VLOOKUP($A763,INSUMOS_BD2,5,FALSE),\"\")","v":""},null,{"$f":"IFERROR(ROUND(F763*G763*I763,0),\"\")","v":""}]
[null,null,null,null,null,null,null,"SUB-TOTAL $",null,null,{"$f":"SUM(K761:K763)","v":0}]
[]
[null,"IV. MANO DE OBRA"]
[null,"TRABAJADOR",null,null,null,null,"UND","VR/HORA","RENDIMIENTO",null,"VR/UNIT"]
["cd1",{"$f":"+IFERROR(VLOOKUP($A768,Cuadrillas_DNP[],2,FALSE),\"\")","v":"Cuadrilla AA (Albañilería) 1Of y 1Ay"},null,null,null,{"$f":"+IFERROR(VLOOKUP($A768,INSUMOS_BD2,4,FALSE),\"\")","v":""},{"$f":"+IFERROR(VLOOKUP($A768,Cuadrillas_DNP[],3,FALSE),\"\")","v":"hora"},{"$f":"+IFERROR(VLOOKUP($A768,Cuadrillas_DNP[],6,FALSE),\"\")","v":16375},0.38,null,{"$f":"IFERROR(ROUND(H768*I768,0),\"\")","v":6223}]
[null,{"$f":"+IFERROR(VLOOKUP($A769,Cuadrillas_DNP[],2,FALSE),\"\")","v":""},null,null,null,{"$f":"+IFERROR(VLOOKUP($A769,INSUMOS_BD2,4,FALSE),\"\")","v":""},{"$f":"+IFERROR(VLOOKUP($A769,Cuadrillas_DNP[],3,FALSE),\"\")","v":""},{"$f":"+IFERROR(VLOOKUP($A769,Cuadrillas_DNP[],6,FALSE),\"\")","v":""},null,null,{"$f":"IFERROR(ROUND(H769*I769,0),\"\")","v":""}]
[null,{"$f":"+IFERROR(VLOOKUP($A770,Cuadrillas_DNP[],2,FALSE),\"\")","v":""},null,null,null,{"$f":"+IFERROR(VLOOKUP($A770,INSUMOS_BD2,4,FALSE),\"\")","v":""},{"$f":"+IFERROR(VLOOKUP($A770,Cuadrillas_DNP[],3,FALSE),\"\")","v":""},{"$f":"+IFERROR(VLOOKUP($A770,Cuadrillas_DNP[],6,FALSE),\"\")","v":""},null,null,{"$f":"IFERROR(ROUND(H770*I770,0),\"\")","v":""}]
[null,null,null,null,null,null,null,"SUB-TOTAL $",null,null,{"$f":"SUM(K768:K770)","v":6223}]
[]
[null,"TOTAL COSTO DIRECTO $",null,null,null,null,null,null,null,null,{"$f":"ROUND((+K771+K764+K757+K750),0)","v":549685}]
[]
[null,"V. COSTOS INDIRECTOS"]
[null,"Descripción",null,null,null,null,null,"Porcentaje","Valor Total"]
[null,"ADMINISTRACION",null,null,null,null,null,{"$f":"+ADMON","v":0.01},{"$f":"+K773*H777","v":5496.85}]
[null,"IMPREVISTOS ",null,null,null,null,null,{"$f":"+IMPREVISTOS","v":0.02},{"$f":"+K773*H778","v":10993.7}]
[null,"UTILIDAD",null,null,null,null,null,{"$f":"+UTILIDAD","v":0.05},{"$f":"+K773*H779","v":27484.25}]
[null,"TOTAL COSTO INDIRECTO $",null,null,null,null,null,null,null,null,{"$f":"SUM(I777:J779)","v":43974.8}]
[]
[null,"Precio Unitario Total  $",null,null,null,null,null,null,null,null,{"$f":"+ROUND(K780+K773,0)","v":593660}]
[]
["APU-DNP20",{"$f":"IFERROR(VLOOKUP($A784,LISTA_APU_DNP,2,FALSE),\"\")","v":"CONCRETO PARA CUNETAS RESISTENCIA DE 210 KG/CM² (3.000 PSI)"},null,null,null,null,null,null,"Unidad:",{"$f":"IFERROR(VLOOKUP($A784,LISTA_APU_DNP,3,FALSE),\"\")","v":"m³"},{"$f":"K813","v":306063}]
[null,"I. EQUIPO"]
[null,"DESCRIPCIÓN",null,null,"UND","TIPO",null,"TARIFA","RENDIMIENTO",null,"VR/UNIT"]
["e48",{"$f":"+IFERROR(VLOOKUP($A787,INSUMOS_BD2,3,FALSE),\"\")","v":"Vibrador a gasolina"},null,null,{"$f":"+IFERROR(VLOOKUP($A787,INSUMOS_BD2,4,FALSE),\"\")","v":"hora"},null,null,{"$f":"+IFERROR(ROUND(IF($B787=\"Herramienta Menor (% mano de obra)\",HM,VLOOKUP($A787,INSUMOS_BD2,5,FALSE)),2),\"\")","v":3830},0.8,null,{"$f":"+IFERROR(ROUND(IF($B787=\"Herramienta Menor (% mano de obra)\",$K$811*H787,H787*I787),0),\"\")","v":3064}]
["e47",{"$f":"+IFERROR(VLOOKUP($A788,INSUMOS_BD2,3,FALSE),\"\")","v":"formaleta madera"},null,null,{"$f":"+IFERROR(VLOOKUP($A788,INSUMOS_BD2,4,FALSE),\"\")","v":"m²"},null,null,{"$f":"+IFERROR(ROUND(IF($B788=\"Herramienta Menor (% mano de obra)\",HM,VLOOKUP($A788,INSUMOS_BD2,5,FALSE)),2),\"\")","v":2500},2,null,{"$f":"+IFERROR(ROUND(IF($B788=\"Herramienta Menor (% mano de obra)\",$K$811*H788,H788*I788),0),\"\")","v":5000}]
["e31",{"$f":"+IFERROR(VLOOKUP($A789,INSUMOS_BD2,3,FALSE),\"\")","v":"Herramienta Menor HM (% mano de obra)"},null,null,{"$f":"+IFERROR(VLOOKUP($A789,INSUMOS_BD2,4,FALSE),\"\")","v":"glb"},null,null,{"$f":"+IFERROR(ROUND(IF($B789=\"Herramienta Menor (% mano de obra)\",HM,VLOOKUP($A789,INSUMOS_BD2,5,FALSE)),2),\"\")","v":0},null,null,{"$f":"+IFERROR(ROUND(IF($B789=\"Herramienta Menor (% mano de obra)\",$K$811*H789,H789*I789),0),\"\")","v":0}]
[null,null,null,null,null,null,null,"SUB-TOTAL $",null,null,{"$f":"SUM(K787:K789)","v":8064}]
[]
[null,"II. MATERIALES"]
[null,"DESCRIPCIÓN",null,null,null,null,"UNIDAD","CANTIDAD","PRECIO UNIT.",null,"VR/UNIT"]
["m77",{"$f":"+IFERROR(VLOOKUP($A794,INSUMOS_BD2,3,FALSE),\"\")","v":"CONCRETO DE 210 kg/cm² (3.000 PSI)"},null,null,null,null,{"$f":"+IFERROR(VLOOKUP($A794,INSUMOS_BD2,4,FALSE),\"\")","v":"m³"},1.05,{"$f":"+IFERROR(VLOOKUP($A794,INSUMOS_BD2,5,FALSE),\"\")","v":269510},null,{"$f":"IFERROR(ROUND(H794*I794,0),\"\")","v":282986}]
[null,{"$f":"+IFERROR(VLOOKUP($A795,INSUMOS_BD2,3,FALSE),\"\")","v":""},null,null,null,null,{"$f":"+IFERROR(VLOOKUP($A795,INSUMOS_BD2,4,FALSE),\"\")","v":""},null,{"$f":"+IFERROR(VLOOKUP($A795,INSUMOS_BD2,5,FALSE),\"\")","v":""},null,{"$f":"IFERROR(ROUND(H795*I795,0),\"\")","v":""}]
[null,{"$f":"+IFERROR(VLOOKUP($A796,INSUMOS_BD2,3,FALSE),\"\")","v":""},null,null,null,null,{"$f":"+IFERROR(VLOOKUP($A796,INSUMOS_BD2,4,FALSE),\"\")","v":""},null,{"$f":"+IFERROR(VLOOKUP($A796,INSUMOS_BD2,5,FALSE),\"\")","v":""},null,{"$f":"IFERROR(ROUND(H796*I796,0),\"\")","v":""}]
[null,null,null,null,null,null,null,"SUB-TOTAL $",null,null,{"$f":"SUM(K794:K796)","v":282986}]
[]
[null,"III. TRANSPORTES"]
[null,"MATERIAL",null,null,null,"VOL. o PESO","DISTANCIA","FACT. EXPANSIÓN","TARIFA (M3 o Ton/Km)",null,"VR/UNIT"]
[null,{"$f":"+IFERROR(VLOOKUP($A801,INSUMOS_BD2,3,FALSE),\"\")","v":""},null,null,null,null,null,{"$f":"+IFERROR(VLOOKUP($A801,INSUMOS_BD2,3,FALSE),\"\")","v":""},{"$f":"+IFERROR(VLOOKUP($A801,INSUMOS_BD2,5,FALSE),\"\")","v":""},null,{"$f":"IFERROR(ROUND(F801*G801*I801,0),\"\")","v":""}]
[null,{"$f":"+IFERROR(VLOOKUP($A802,INSUMOS_BD2,3,FALSE),\"\")","v":""},null,null,null,null,null,{"$f":"+IFERROR(VLOOKUP($A802,INSUMOS_BD2,3,FALSE),\"\")","v":""},{"$f":"+IFERROR(VLOOKUP($A802,INSUMOS_BD2,5,FALSE),\"\")","v":""},null,{"$f":"IFERROR(ROUND(F802*G802*I802,0),\"\")","v":""}]
[null,{"$f":"+IFERROR(VLOOKUP($A803,INSUMOS_BD2,3,FALSE),\"\")","v":""},null,null,null,null,null,{"$f":"+IFERROR(VLOOKUP($A803,INSUMOS_BD2,3,FALSE),\"\")","v":""},{"$f":"+IFERROR(VLOOKUP($A803,INSUMOS_BD2,5,FALSE),\"\")","v":""},null,{"$f":"IFERROR(ROUND(F803*G803*I803,0),\"\")","v":""}]
[null,null,null,null,null,null,null,"SUB-TOTAL $",null,null,{"$f":"SUM(K801:K803)","v":0}]
[]
[null,"IV. MANO DE OBRA"]
[null,"TRABAJADOR",null,null,null,null,"UND","VR/HORA","RENDIMIENTO",null,"VR/UNIT"]
["cd2",{"$f":"+IFERROR(VLOOKUP($A808,Cuadrillas_DNP[],2,FALSE),\"\")","v":"Cuadrilla AA 1Of+2Ay (Albañilería)"},null,null,null,{"$f":"+IFERROR(VLOOKUP($A808,INSUMOS_BD2,4,FALSE),\"\")","v":""},{"$f":"+IFERROR(VLOOKUP($A808,Cuadrillas_DNP[],3,FALSE),\"\")","v":"hora"},{"$f":"+IFERROR(VLOOKUP($A808,Cuadrillas_DNP[],6,FALSE),\"\")","v":23097},0.65000999999999998,null,{"$f":"IFERROR(ROUND(H808*I808,0),\"\")","v":15013}]
[null,{"$f":"+IFERROR(VLOOKUP($A809,Cuadrillas_DNP[],2,FALSE),\"\")","v":""},null,null,null,{"$f":"+IFERROR(VLOOKUP($A809,INSUMOS_BD2,4,FALSE),\"\")","v":""},{"$f":"+IFERROR(VLOOKUP($A809,Cuadrillas_DNP[],3,FALSE),\"\")","v":""},{"$f":"+IFERROR(VLOOKUP($A809,Cuadrillas_DNP[],6,FALSE),\"\")","v":""},null,null,{"$f":"IFERROR(ROUND(H809*I809,0),\"\")","v":""}]
[null,{"$f":"+IFERROR(VLOOKUP($A810,Cuadrillas_DNP[],2,FALSE),\"\")","v":""},null,null,null,{"$f":"+IFERROR(VLOOKUP($A810,INSUMOS_BD2,4,FALSE),\"\")","v":""},{"$f":"+IFERROR(VLOOKUP($A810,Cuadrillas_DNP[],3,FALSE),\"\")","v":""},{"$f":"+IFERROR(VLOOKUP($A810,Cuadrillas_DNP[],6,FALSE),\"\")","v":""},null,null,{"$f":"IFERROR(ROUND(H810*I810,0),\"\")","v":""}]
[null,null,null,null,null,null,null,"SUB-TOTAL $",null,null,{"$f":"SUM(K808:K810)","v":15013}]
[]
[null,"TOTAL COSTO DIRECTO $",null,null,null,null,null,null,null,null,{"$f":"ROUND((+K811+K804+K797+K790),0)","v":306063}]
[]
[null,"V. COSTOS INDIRECTOS"]
[null,"Descripción",null,null,null,null,null,"Porcentaje","Valor Total"]
[null,"ADMINISTRACION",null,null,null,null,null,{"$f":"+ADMON","v":0.01},{"$f":"+K813*H817","v":3060.63}]
[null,"IMPREVISTOS ",null,null,null,null,null,{"$f":"+IMPREVISTOS","v":0.02},{"$f":"+K813*H818","v":6121.26}]
[null,"UTILIDAD",null,null,null,null,null,{"$f":"+UTILIDAD","v":0.05},{"$f":"+K813*H819","v":15303.150000000001}]
[null,"TOTAL COSTO INDIRECTO $",null,null,null,null,null,null,null,null,{"$f":"SUM(I817:J819)","v":24485.040000000001}]
[]
[null,"Precio Unitario Total  $",null,null,null,null,null,null,null,null,{"$f":"+ROUND(K820+K813,0)","v":330548}]
[]
["APU-DNP21",{"$f":"IFERROR(VLOOKUP($A824,LISTA_APU_DNP,2,FALSE),\"\")","v":"DISIPADORES DE ENERGIA EN CONCRETO CICLOPEO"},null,null,null,null,null,null,"Unidad:",{"$f":"IFERROR(VLOOKUP($A824,LISTA_APU_DNP,3,FALSE),\"\")","v":"m³"},{"$f":"K856","v":182102}]
[null,"I. EQUIPO"]
[null,"DESCRIPCIÓN",null,null,"UND","TIPO",null,"TARIFA","RENDIMIENTO",null,"VR/UNIT"]
["e32",{"$f":"+IFERROR(VLOOKUP($A827,INSUMOS_BD2,3,FALSE),\"\")","v":"Mezcladora de concreto (1 bulto)"},null,null,{"$f":"+IFERROR(VLOOKUP($A827,INSUMOS_BD2,4,FALSE),\"\")","v":"hora"},null,null,{"$f":"+IFERROR(ROUND(IF($B827=\"Herramienta Menor (% mano de obra)\",HM,VLOOKUP($A827,INSUMOS_BD2,5,FALSE)),2),\"\")","v":15000},1,null,{"$f":"+IFERROR(ROUND(IF($B827=\"Herramienta Menor (% mano de obra)\",$K$854*H827,H827*I827),0),\"\")","v":15000}]
["e31",{"$f":"+IFERROR(VLOOKUP($A828,INSUMOS_BD2,3,FALSE),\"\")","v":"Herramienta Menor HM (% mano de obra)"},null,null,{"$f":"+IFERROR(VLOOKUP($A828,INSUMOS_BD2,4,FALSE),\"\")","v":"glb"},null,null,{"$f":"+IFERROR(ROUND(IF($B828=\"Herramienta Menor (% mano de obra)\",HM,VLOOKUP($A828,INSUMOS_BD2,5,FALSE)),2),\"\")","v":0},null,null,{"$f":"+IFERROR(ROUND(IF($B828=\"Herramienta Menor (% mano de obra)\",$K$854*H828,H828*I828),0),\"\")","v":0}]
[null,{"$f":"+IFERROR(VLOOKUP($A829,INSUMOS_BD2,3,FALSE),\"\")","v":""},null,null,{"$f":"+IFERROR(VLOOKUP($A829,INSUMOS_BD2,4,FALSE),\"\")","v":""},null,null,{"$f":"+IFERROR(ROUND(IF($B829=\"Herramienta Menor (% mano de obra)\",HM,VLOOKUP($A829,INSUMOS_BD2,5,FALSE)),2),\"\")","v":""},null,null,{"$f":"+IFERROR(ROUND(IF($B829=\"Herramienta Menor (% mano de obra)\",$K$854*H829,H829*I829),0),\"\")","v":""}]
[null,null,null,null,null,null,null,"SUB-TOTAL $",null,null,{"$f":"SUM(K827:K829)","v":15000}]
[]
[null,"II. MATERIALES"]
[null,"DESCRIPCIÓN",null,null,null,null,"UNIDAD","CANTIDAD","PRECIO UNIT.",null,"VR/UNIT"]
["m94",{"$f":"+IFERROR(VLOOKUP($A834,INSUMOS_BD2,3,FALSE),\"\")","v":"Agregado para concreto hidráulico"},null,null,null,null,{"$f":"+IFERROR(VLOOKUP($A834,INSUMOS_BD2,4,FALSE),\"\")","v":"m³"},0.504,{"$f":"+IFERROR(VLOOKUP($A834,INSUMOS_BD2,5,FALSE),\"\")","v":52545.259645974002},null,{"$f":"IFERROR(ROUND(H834*I834,0),\"\")","v":26483}]
["m42","Formaleta (gaviones, juntas de bordillos, juntas de cunetas, muros, concretos clase D,E, F y G)",null,null,null,null,"m²",2,5678.6776972437101,null,11357]
["m24","AGUA",null,null,null,null,"l",111,30,null,3330]
["m95","Piedra para concreto ciclópeo (rajón o canto rodado)",null,null,null,null,"m³",0.4,50000,null,20000]
["m90","Arena lavada",null,null,null,null,"m³",0.378,29000,null,10962]
["m5","CEMENTO GRIS",null,null,null,null,"kg",156,580,null,90480]
[null,null,null,null,null,null,null,"SUB-TOTAL $",null,null,{"$f":"SUM(K834:K839)","v":162612}]
[]
[null,"III. TRANSPORTES"]
[null,"MATERIAL",null,null,null,"VOL. o PESO","DISTANCIA","FACT. EXPANSIÓN","TARIFA (M3 o Ton/Km)",null,"VR/UNIT"]
["t7",{"$f":"+IFERROR(VLOOKUP($A844,INSUMOS_BD2,3,FALSE),\"\")","v":"Transporte de piedra para gaviones"},null,null,null,{"$f":"H837","v":0.4},1,"-",{"$f":"+IFERROR(VLOOKUP($A844,INSUMOS_BD2,5,FALSE),\"\")","v":1250},null,{"$f":"IFERROR(ROUND(G844*F844*I844,0),\"\")","v":500}]
["t4",{"$f":"+IFERROR(VLOOKUP($A845,INSUMOS_BD2,3,FALSE),\"\")","v":" TRANSPORTE DE ARENA"},null,null,null,{"$f":"H838","v":0.378},1,"-",{"$f":"+IFERROR(VLOOKUP($A845,INSUMOS_BD2,5,FALSE),\"\")","v":1250},null,{"$f":"IFERROR(ROUND(G845*F845*I845,0),\"\")","v":473}]
["t24",{"$f":"+IFERROR(VLOOKUP($A846,INSUMOS_BD2,3,FALSE),\"\")","v":"Transporte de material triturado"},null,null,null,{"$f":"H834","v":0.504},1,"-",{"$f":"+IFERROR(VLOOKUP($A846,INSUMOS_BD2,5,FALSE),\"\")","v":1250},null,{"$f":"IFERROR(ROUND(G846*F846*I846,0),\"\")","v":630}]
[null,null,null,null,null,null,null,"SUB-TOTAL $",null,null,{"$f":"SUM(K844:K846)","v":1603}]
[]
[null,"IV. MANO DE OBRA"]
[null,"TRABAJADOR",null,null,null,null,"UND","VR/HORA","RENDIMIENTO",null,"VR/UNIT"]
["cd2",{"$f":"+IFERROR(VLOOKUP($A851,Cuadrillas_DNP[],2,FALSE),\"\")","v":"Cuadrilla AA 1Of+2Ay (Albañilería)"},null,null,null,{"$f":"+IFERROR(VLOOKUP($A851,INSUMOS_BD2,4,FALSE),\"\")","v":""},{"$f":"+IFERROR(VLOOKUP($A851,Cuadrillas_DNP[],3,FALSE),\"\")","v":"hora"},{"$f":"+IFERROR(VLOOKUP($A851,Cuadrillas_DNP[],6,FALSE),\"\")","v":23097},0.125,null,{"$f":"IFERROR(ROUND(H851*I851,0),\"\")","v":2887}]
[null,{"$f":"+IFERROR(VLOOKUP($A852,Cuadrillas_DNP[],2,FALSE),\"\")","v":""},null,null,null,{"$f":"+IFERROR(VLOOKUP($A852,INSUMOS_BD2,4,FALSE),\"\")","v":""},{"$f":"+IFERROR(VLOOKUP($A852,Cuadrillas_DNP[],3,FALSE),\"\")","v":""},{"$f":"+IFERROR(VLOOKUP($A852,Cuadrillas_DNP[],6,FALSE),\"\")","v":""},null,null,{"$f":"IFERROR(ROUND(H852*I852,0),\"\")","v":""}]
[null,{"$f":"+IFERROR(VLOOKUP($A853,Cuadrillas_DNP[],2,FALSE),\"\")","v":""},null,null,null,{"$f":"+IFERROR(VLOOKUP($A853,INSUMOS_BD2,4,FALSE),\"\")","v":""},{"$f":"+IFERROR(VLOOKUP($A853,Cuadrillas_DNP[],3,FALSE),\"\")","v":""},{"$f":"+IFERROR(VLOOKUP($A853,Cuadrillas_DNP[],6,FALSE),\"\")","v":""},null,null,{"$f":"IFERROR(ROUND(H853*I853,0),\"\")","v":""}]
[null,null,null,null,null,null,null,"SUB-TOTAL $",null,null,{"$f":"SUM(K851:K853)","v":2887}]
[]
[null,"TOTAL COSTO DIRECTO $",null,null,null,null,null,null,null,null,{"$f":"ROUND((+K854+K847+K840+K830),0)","v":182102}]
[]
[null,"V. COSTOS INDIRECTOS"]
[null,"Descripción",null,null,null,null,null,"Porcentaje","Valor Total"]
[null,"ADMINISTRACION",null,null,null,null,null,{"$f":"+ADMON","v":0.01},{"$f":"+K856*H860","v":1821.02}]
[null,"IMPREVISTOS ",null,null,null,null,null,{"$f":"+IMPREVISTOS","v":0.02},{"$f":"+K856*H861","v":3642.04}]
[null,"UTILIDAD",null,null,null,null,null,{"$f":"+UTILIDAD","v":0.05},{"$f":"+K856*H862","v":9105.1}]
[null,"TOTAL COSTO INDIRECTO $",null,null,null,null,null,null,null,null,{"$f":"SUM(I860:J862)","v":14568.16}]
[]
[null,"Precio Unitario Total  $",null,null,null,null,null,null,null,null,{"$f":"+ROUND(K863+K856,0)","v":196670}]
[]
["APU-DNP22",{"$f":"IFERROR(VLOOKUP($A867,LISTA_APU_DNP,2,FALSE),\"\")","v":"CONCRETO PARA SOLADO DE NIVELACIÓN RESISTENCIA DE 140 KG/CM² (2.000 PSI)"},null,null,null,null,null,null,"Unidad:",{"$f":"IFERROR(VLOOKUP($A867,LISTA_APU_DNP,3,FALSE),\"\")","v":"m³"},{"$f":"K899","v":192390}]
[null,"I. EQUIPO"]
[null,"DESCRIPCIÓN",null,null,"UND","TIPO",null,"TARIFA","RENDIMIENTO",null,"VR/UNIT"]
["e32",{"$f":"+IFERROR(VLOOKUP($A870,INSUMOS_BD2,3,FALSE),\"\")","v":"Mezcladora de concreto (1 bulto)"},null,null,{"$f":"+IFERROR(VLOOKUP($A870,INSUMOS_BD2,4,FALSE),\"\")","v":"hora"},null,null,{"$f":"+IFERROR(ROUND(IF($B870=\"Herramienta Menor (% mano de obra)\",HM,VLOOKUP($A870,INSUMOS_BD2,5,FALSE)),2),\"\")","v":15000},1,null,{"$f":"+IFERROR(ROUND(IF($B870=\"Herramienta Menor (% mano de obra)\",$K$897*H870,H870*I870),0),\"\")","v":15000}]
["e31",{"$f":"+IFERROR(VLOOKUP($A871,INSUMOS_BD2,3,FALSE),\"\")","v":"Herramienta Menor HM (% mano de obra)"},null,null,{"$f":"+IFERROR(VLOOKUP($A871,INSUMOS_BD2,4,FALSE),\"\")","v":"glb"},null,null,{"$f":"+IFERROR(ROUND(IF($B871=\"Herramienta Menor (% mano de obra)\",HM,VLOOKUP($A871,INSUMOS_BD2,5,FALSE)),2),\"\")","v":0},null,null,{"$f":"+IFERROR(ROUND(IF($B871=\"Herramienta Menor (% mano de obra)\",$K$897*H871,H871*I871),0),\"\")","v":0}]
[null,{"$f":"+IFERROR(VLOOKUP($A872,INSUMOS_BD2,3,FALSE),\"\")","v":""},null,null,{"$f":"+IFERROR(VLOOKUP($A872,INSUMOS_BD2,4,FALSE),\"\")","v":""},null,null,{"$f":"+IFERROR(ROUND(IF($B872=\"Herramienta Menor (% mano de obra)\",HM,VLOOKUP($A872,INSUMOS_BD2,5,FALSE)),2),\"\")","v":""},null,null,{"$f":"+IFERROR(ROUND(IF($B872=\"Herramienta Menor (% mano de obra)\",$K$897*H872,H872*I872),0),\"\")","v":""}]
[null,null,null,null,null,null,null,"SUB-TOTAL $",null,null,{"$f":"SUM(K870:K872)","v":15000}]
[]
[null,"II. MATERIALES"]
[null,"DESCRIPCIÓN",null,null,null,null,"UNIDAD","CANTIDAD","PRECIO UNIT.",null,"VR/UNIT"]
["m96",{"$f":"+IFERROR(VLOOKUP($A877,INSUMOS_BD2,3,FALSE),\"\")","v":"Cemento"},null,null,null,null,{"$f":"+IFERROR(VLOOKUP($A877,INSUMOS_BD2,4,FALSE),\"\")","v":"kg"},175,{"$f":"+IFERROR(VLOOKUP($A877,INSUMOS_BD2,5,FALSE),\"\")","v":570},null,{"$f":"IFERROR(ROUND(H877*I877,0),\"\")","v":99750}]
["m97","Arena de rio",null,null,null,null,"m³",0.55000000000000004,44000,null,24200]
["m98","Grava",null,null,null,null,"m³",0.98,48000,null,47040]
["m118","Agua",null,null,null,null,"l",160,10,null,1600]
[null,"",null,null,null,null,"",null,"",null,""]
[null,"",null,null,null,null,"",null,"",null,""]
[null,null,null,null,null,null,null,"SUB-TOTAL $",null,null,{"$f":"SUM(K877:K882)","v":172590}]
[]
[null,"III. TRANSPORTES"]
[null,"MATERIAL",null,null,null,"VOL. o PESO","DISTANCIA","FACT. EXPANSIÓN","TARIFA (M3 o Ton/Km)",null,"VR/UNIT"]
["t4",{"$f":"+IFERROR(VLOOKUP($A887,INSUMOS_BD2,3,FALSE),\"\")","v":" TRANSPORTE DE ARENA"},null,null,null,{"$f":"H878","v":0.55000000000000004},1,"-",{"$f":"+IFERROR(VLOOKUP($A887,INSUMOS_BD2,5,FALSE),\"\")","v":1250},null,{"$f":"IFERROR(ROUND(G887*F887*I887,0),\"\")","v":688}]
["t28",{"$f":"+IFERROR(VLOOKUP($A888,INSUMOS_BD2,3,FALSE),\"\")","v":"Transporte de grava"},null,null,null,{"$f":"H879","v":0.98},1,"-",{"$f":"+IFERROR(VLOOKUP($A888,INSUMOS_BD2,5,FALSE),\"\")","v":1250},null,{"$f":"IFERROR(ROUND(G888*F888*I888,0),\"\")","v":1225}]
[null,{"$f":"+IFERROR(VLOOKUP($A889,INSUMOS_BD2,3,FALSE),\"\")","v":""},null,null,null,null,null,null,{"$f":"+IFERROR(VLOOKUP($A889,INSUMOS_BD2,5,FALSE),\"\")","v":""},null,{"$f":"IFERROR(ROUND(G889*F889*I889,0),\"\")","v":""}]
[null,null,null,null,null,null,null,"SUB-TOTAL $",null,null,{"$f":"SUM(K887:K889)","v":1913}]
[]
[null,"IV. MANO DE OBRA"]
[null,"TRABAJADOR",null,null,null,null,"UND","VR/HORA","RENDIMIENTO",null,"VR/UNIT"]
["cd2",{"$f":"+IFERROR(VLOOKUP($A894,Cuadrillas_DNP[],2,FALSE),\"\")","v":"Cuadrilla AA 1Of+2Ay (Albañilería)"},null,null,null,{"$f":"+IFERROR(VLOOKUP($A894,INSUMOS_BD2,4,FALSE),\"\")","v":""},{"$f":"+IFERROR(VLOOKUP($A894,Cuadrillas_DNP[],3,FALSE),\"\")","v":"hora"},{"$f":"+IFERROR(VLOOKUP($A894,Cuadrillas_DNP[],6,FALSE),\"\")","v":23097},0.125,null,{"$f":"IFERROR(ROUND(H894*I894,0),\"\")","v":2887}]
[null,{"$f":"+IFERROR(VLOOKUP($A895,Cuadrillas_DNP[],2,FALSE),\"\")","v":""},null,null,null,{"$f":"+IFERROR(VLOOKUP($A895,INSUMOS_BD2,4,FALSE),\"\")","v":""},{"$f":"+IFERROR(VLOOKUP($A895,Cuadrillas_DNP[],3,FALSE),\"\")","v":""},{"$f":"+IFERROR(VLOOKUP($A895,Cuadrillas_DNP[],6,FALSE),\"\")","v":""},null,null,{"$f":"IFERROR(ROUND(H895*I895,0),\"\")","v":""}]
[null,{"$f":"+IFERROR(VLOOKUP($A896,Cuadrillas_DNP[],2,FALSE),\"\")","v":""},null,null,null,{"$f":"+IFERROR(VLOOKUP($A896,INSUMOS_BD2,4,FALSE),\"\")","v":""},{"$f":"+IFERROR(VLOOKUP($A896,Cuadrillas_DNP[],3,FALSE),\"\")","v":""},{"$f":"+IFERROR(VLOOKUP($A896,Cuadrillas_DNP[],6,FALSE),\"\")","v":""},null,null,{"$f":"IFERROR(ROUND(H896*I896,0),\"\")","v":""}]
[null,null,null,null,null,null,null,"SUB-TOTAL $",null,null,{"$f":"SUM(K894:K896)","v":2887}]
[]
[null,"TOTAL COSTO DIRECTO $",null,null,null,null,null,null,null,null,{"$f":"ROUND((+K897+K890+K883+K873),0)","v":192390}]
[]
[null,"V. COSTOS INDIRECTOS"]
[null,"Descripción",null,null,null,null,null,"Porcentaje","Valor Total"]
[null,"ADMINISTRACION",null,null,null,null,null,{"$f":"+ADMON","v":0.01},{"$f":"+K899*H903","v":1923.9}]
[null,"IMPREVISTOS ",null,null,null,null,null,{"$f":"+IMPREVISTOS","v":0.02},{"$f":"+K899*H904","v":3847.8}]
[null,"UTILIDAD",null,null,null,null,null,{"$f":"+UTILIDAD","v":0.05},{"$f":"+K899*H905","v":9619.5}]
[null,"TOTAL COSTO INDIRECTO $",null,null,null,null,null,null,null,null,{"$f":"SUM(I903:J905)","v":15391.2}]
[]
[null,"Precio Unitario Total  $",null,null,null,null,null,null,null,null,{"$f":"+ROUND(K906+K899,0)","v":207781}]
[]
["APU-DNP23",{"$f":"IFERROR(VLOOKUP($A910,LISTA_APU_DNP,2,FALSE),\"\")","v":"PANELES DE CONCRETO PARA MUROS DE TIERRA ESTABILIZADA MECÁNICAMENTE"},null,null,null,null,null,null,"Unidad:",{"$f":"IFERROR(VLOOKUP($A910,LISTA_APU_DNP,3,FALSE),\"\")","v":"m²"},{"$f":"K940","v":111633}]
[null,"I. EQUIPO"]
[null,"DESCRIPCIÓN",null,null,"UND","TIPO",null,"TARIFA","RENDIMIENTO",null,"VR/UNIT"]
["e55",{"$f":"+IFERROR(VLOOKUP($A913,INSUMOS_BD2,3,FALSE),\"\")","v":"Retroexcavadora E-200 sobre orugas"},null,null,{"$f":"+IFERROR(VLOOKUP($A913,INSUMOS_BD2,4,FALSE),\"\")","v":"hora"},null,null,{"$f":"+IFERROR(ROUND(IF($B913=\"Herramienta Menor (% mano de obra)\",HM,VLOOKUP($A913,INSUMOS_BD2,5,FALSE)),2),\"\")","v":179791.2},{"$f":"1/23","v":4.3478260869565216E-2},null,{"$f":"+IFERROR(ROUND(IF($B913=\"Herramienta Menor (% mano de obra)\",$K$938*H913,H913*I913),0),\"\")","v":7817}]
["e56",{"$f":"+IFERROR(VLOOKUP($A914,INSUMOS_BD2,3,FALSE),\"\")","v":"Taco metálico o puntal (escamas en concreto)"},null,null,{"$f":"+IFERROR(VLOOKUP($A914,INSUMOS_BD2,4,FALSE),\"\")","v":"und"},null,null,{"$f":"+IFERROR(ROUND(IF($B914=\"Herramienta Menor (% mano de obra)\",HM,VLOOKUP($A914,INSUMOS_BD2,5,FALSE)),2),\"\")","v":62.7},1,null,{"$f":"+IFERROR(ROUND(IF($B914=\"Herramienta Menor (% mano de obra)\",$K$938*H914,H914*I914),0),\"\")","v":63}]
["e31",{"$f":"+IFERROR(VLOOKUP($A915,INSUMOS_BD2,3,FALSE),\"\")","v":"Herramienta Menor HM (% mano de obra)"},null,null,{"$f":"+IFERROR(VLOOKUP($A915,INSUMOS_BD2,4,FALSE),\"\")","v":"glb"},null,null,{"$f":"+IFERROR(ROUND(IF($B915=\"Herramienta Menor (% mano de obra)\",HM,VLOOKUP($A915,INSUMOS_BD2,5,FALSE)),2),\"\")","v":0},null,null,{"$f":"+IFERROR(ROUND(IF($B915=\"Herramienta Menor (% mano de obra)\",$K$938*H915,H915*I915),0),\"\")","v":0}]
[null,null,null,null,null,null,null,"SUB-TOTAL $",null,null,{"$f":"SUM(K913:K915)","v":7880}]
[]
[null,"II. MATERIALES"]
[null,"DESCRIPCIÓN",null,null,null,null,"UNIDAD","CANTIDAD","PRECIO UNIT.",null,"VR/UNIT"]
["m99",{"$f":"+IFERROR(VLOOKUP($A920,INSUMOS_BD2,3,FALSE),\"\")","v":"Tubería PVC RD21 de 1´´ (para anclajes)"},null,null,null,null,{"$f":"+IFERROR(VLOOKUP($A920,INSUMOS_BD2,4,FALSE),\"\")","v":"m"},0.35,{"$f":"+IFERROR(VLOOKUP($A920,INSUMOS_BD2,5,FALSE),\"\")","v":5430.3245693219096},null,{"$f":"IFERROR(ROUND(H920*I920,0),\"\")","v":1901}]
["m100",{"$f":"+IFERROR(VLOOKUP($A921,INSUMOS_BD2,3,FALSE),\"\")","v":"Formaleta Metálica"},null,null,null,null,{"$f":"+IFERROR(VLOOKUP($A921,INSUMOS_BD2,4,FALSE),\"\")","v":"m²"},1,{"$f":"+IFERROR(VLOOKUP($A921,INSUMOS_BD2,5,FALSE),\"\")","v":10983.947574969399},null,{"$f":"IFERROR(ROUND(H921*I921,0),\"\")","v":10984}]
["m1",{"$f":"+IFERROR(VLOOKUP($A922,INSUMOS_BD2,3,FALSE),\"\")","v":"Acero de 4200 kg/cm²"},null,null,null,null,{"$f":"+IFERROR(VLOOKUP($A922,INSUMOS_BD2,4,FALSE),\"\")","v":"kg"},3.8,{"$f":"+IFERROR(VLOOKUP($A922,INSUMOS_BD2,5,FALSE),\"\")","v":2400},null,{"$f":"IFERROR(ROUND(H922*I922,0),\"\")","v":9120}]
["M121",{"$f":"+IFERROR(VLOOKUP($A923,INSUMOS_BD2,3,FALSE),\"\")","v":"CONCRETO RESISTENCIA 21 (MPa)"},null,null,null,null,{"$f":"+IFERROR(VLOOKUP($A923,INSUMOS_BD2,4,FALSE),\"\")","v":"m³"},0.18,{"$f":"+IFERROR(VLOOKUP($A923,INSUMOS_BD2,5,FALSE),\"\")","v":411018},null,{"$f":"IFERROR(ROUND(H923*I923,0),\"\")","v":73983}]
[null,null,null,null,null,null,null,"SUB-TOTAL $",null,null,{"$f":"SUM(K920:K923)","v":95988}]
[]
[null,"III. TRANSPORTES"]
[null,"MATERIAL",null,null,null,"VOL. o PESO","DISTANCIA","FACT. EXPANSIÓN","TARIFA (M3 o Ton/Km)",null,"VR/UNIT"]
[null,{"$f":"+IFERROR(VLOOKUP($A928,INSUMOS_BD2,3,FALSE),\"\")","v":""},null,null,null,null,null,null,{"$f":"+IFERROR(VLOOKUP($A928,INSUMOS_BD2,5,FALSE),\"\")","v":""},null,{"$f":"IFERROR(ROUND(F928*G928*I928,0),\"\")","v":""}]
[null,{"$f":"+IFERROR(VLOOKUP($A929,INSUMOS_BD2,3,FALSE),\"\")","v":""},null,null,null,null,null,null,{"$f":"+IFERROR(VLOOKUP($A929,INSUMOS_BD2,5,FALSE),\"\")","v":""},null,{"$f":"IFERROR(ROUND(F929*G929*I929,0),\"\")","v":""}]
[null,{"$f":"+IFERROR(VLOOKUP($A930,INSUMOS_BD2,3,FALSE),\"\")","v":""},null,null,null,null,null,null,{"$f":"+IFERROR(VLOOKUP($A930,INSUMOS_BD2,5,FALSE),\"\")","v":""},null,{"$f":"IFERROR(ROUND(F930*G930*I930,0),\"\")","v":""}]
[null,null,null,null,null,null,null,"SUB-TOTAL $",null,null,{"$f":"SUM(K928:K930)","v":0}]
[]
[null,"IV. MANO DE OBRA"]
[null,"TRABAJADOR",null,null,null,"-","UND","VR/HORA","RENDIMIENTO",null,"VR/UNIT"]
["cd2",{"$f":"+IFERROR(VLOOKUP($A935,Cuadrillas_DNP[],2,FALSE),\"\")","v":"Cuadrilla AA 1Of+2Ay (Albañilería)"},null,null,null,{"$f":"+IFERROR(VLOOKUP($A935,INSUMOS_BD2,4,FALSE),\"\")","v":""},{"$f":"+IFERROR(VLOOKUP($A935,Cuadrillas_DNP[],3,FALSE),\"\")","v":"hora"},{"$f":"+IFERROR(VLOOKUP($A935,Cuadrillas_DNP[],6,FALSE),\"\")","v":23097},0.33619448322704798,null,{"$f":"IFERROR(ROUND(H935*I935,0),\"\")","v":7765}]
[null,{"$f":"+IFERROR(VLOOKUP($A936,Cuadrillas_DNP[],2,FALSE),\"\")","v":""},null,null,null,{"$f":"+IFERROR(VLOOKUP($A936,INSUMOS_BD2,4,FALSE),\"\")","v":""},{"$f":"+IFERROR(VLOOKUP($A936,Cuadrillas_DNP[],3,FALSE),\"\")","v":""},{"$f":"+IFERROR(VLOOKUP($A936,Cuadrillas_DNP[],6,FALSE),\"\")","v":""},null,null,{"$f":"IFERROR(ROUND(H936*I936,0),\"\")","v":""}]
[null,{"$f":"+IFERROR(VLOOKUP($A937,Cuadrillas_DNP[],2,FALSE),\"\")","v":""},null,null,null,{"$f":"+IFERROR(VLOOKUP($A937,INSUMOS_BD2,4,FALSE),\"\")","v":""},{"$f":"+IFERROR(VLOOKUP($A937,Cuadrillas_DNP[],3,FALSE),\"\")","v":""},{"$f":"+IFERROR(VLOOKUP($A937,Cuadrillas_DNP[],6,FALSE),\"\")","v":""},null,null,{"$f":"IFERROR(ROUND(H937*I937,0),\"\")","v":""}]
[null,null,null,null,null,null,null,"SUB-TOTAL $",null,null,{"$f":"SUM(K935:K937)","v":7765}]
[]
[null,"TOTAL COSTO DIRECTO $",null,null,null,null,null,null,null,null,{"$f":"ROUND((+K938+K931+K924+K916),0)","v":111633},null,{"$f":"K916","v":7880},{"$f":"K938+K931+K924","v":103753}]
[]
[null,"V. COSTOS INDIRECTOS"]
[null,"Descripción",null,null,null,null,null,"Porcentaje","Valor Total"]
[null,"ADMINISTRACION",null,null,null,null,null,{"$f":"+ADMON","v":0.01},{"$f":"+K940*H944","v":1116.33}]
[null,"IMPREVISTOS ",null,null,null,null,null,{"$f":"+IMPREVISTOS","v":0.02},{"$f":"+K940*H945","v":2232.66}]
[null,"UTILIDAD",null,null,null,null,null,{"$f":"+UTILIDAD","v":0.05},{"$f":"+K940*H946","v":5581.6500000000005}]
[null,"TOTAL COSTO INDIRECTO $",null,null,null,null,null,null,null,null,{"$f":"SUM(I944:J946)","v":8930.64}]
[]
[null,"Precio Unitario Total  $",null,null,null,null,null,null,null,null,{"$f":"+ROUND(K947+K940,0)","v":120564}]
[]
["APU-DNP24",{"$f":"IFERROR(VLOOKUP($A951,LISTA_APU_DNP,2,FALSE),\"\")","v":"EXCAVACIÓN DE MATERIAL COMÚN PARA INSTALACIÓN DE MUROS"},null,null,null,null,null,null,"Unidad:",{"$f":"IFERROR(VLOOKUP($A951,LISTA_APU_DNP,3,FALSE),\"\")","v":"m³"},{"$f":"K981","v":16267}]
[null,"I. EQUIPO"]
[null,"DESCRIPCIÓN",null,null,"UND","TIPO",null,"TARIFA","RENDIMIENTO",null,"VR/UNIT"]
["e57",{"$f":"+IFERROR(VLOOKUP($A954,INSUMOS_BD2,3,FALSE),\"\")","v":"Retroexcavadora de llantas"},null,null,{"$f":"+IFERROR(VLOOKUP($A954,INSUMOS_BD2,4,FALSE),\"\")","v":"hora"},null,null,{"$f":"+IFERROR(ROUND(IF($B954=\"Herramienta Menor (% mano de obra)\",HM,VLOOKUP($A954,INSUMOS_BD2,5,FALSE)),2),\"\")","v":207266.4},0.06,null,{"$f":"+IFERROR(ROUND(IF($B954=\"Herramienta Menor (% mano de obra)\",$K$979*H954,H954*I954),0),\"\")","v":12436}]
["e31",{"$f":"+IFERROR(VLOOKUP($A955,INSUMOS_BD2,3,FALSE),\"\")","v":"Herramienta Menor HM (% mano de obra)"},null,null,{"$f":"+IFERROR(VLOOKUP($A955,INSUMOS_BD2,4,FALSE),\"\")","v":"glb"},null,null,{"$f":"+IFERROR(ROUND(IF($B955=\"Herramienta Menor (% mano de obra)\",HM,VLOOKUP($A955,INSUMOS_BD2,5,FALSE)),2),\"\")","v":0},null,null,{"$f":"+IFERROR(ROUND(IF($B955=\"Herramienta Menor (% mano de obra)\",$K$979*H955,H955*I955),0),\"\")","v":0}]
[null,{"$f":"+IFERROR(VLOOKUP($A956,INSUMOS_BD2,3,FALSE),\"\")","v":""},null,null,{"$f":"+IFERROR(VLOOKUP($A956,INSUMOS_BD2,4,FALSE),\"\")","v":""},null,null,{"$f":"+IFERROR(ROUND(IF($B956=\"Herramienta Menor (% mano de obra)\",HM,VLOOKUP($A956,INSUMOS_BD2,5,FALSE)),2),\"\")","v":""},null,null,{"$f":"+IFERROR(ROUND(IF($B956=\"Herramienta Menor (% mano de obra)\",$K$979*H956,H956*I956),0),\"\")","v":""},null,{"$f":"1","v":1}]
[null,null,null,null,null,null,null,"SUB-TOTAL $",null,null,{"$f":"SUM(K954:K956)","v":12436},null,{"$f":"M956/I954","v":16.666666666666668}]
[]
[null,"II. MATERIALES"]
[null,"DESCRIPCIÓN",null,null,null,null,"UNIDAD","CANTIDAD","PRECIO UNIT.",null,"VR/UNIT"]
[null,{"$f":"+IFERROR(VLOOKUP($A961,INSUMOS_BD2,3,FALSE),\"\")","v":""},null,null,null,null,{"$f":"+IFERROR(VLOOKUP($A961,INSUMOS_BD2,4,FALSE),\"\")","v":""},null,{"$f":"+IFERROR(VLOOKUP($A961,INSUMOS_BD2,5,FALSE),\"\")","v":""},null,{"$f":"IFERROR(ROUND(H961*I961,0),\"\")","v":""}]
[null,{"$f":"+IFERROR(VLOOKUP($A962,INSUMOS_BD2,3,FALSE),\"\")","v":""},null,null,null,null,{"$f":"+IFERROR(VLOOKUP($A962,INSUMOS_BD2,4,FALSE),\"\")","v":""},null,{"$f":"+IFERROR(VLOOKUP($A962,INSUMOS_BD2,5,FALSE),\"\")","v":""},null,{"$f":"IFERROR(ROUND(H962*I962,0),\"\")","v":""}]
[null,{"$f":"+IFERROR(VLOOKUP($A971,INSUMOS_BD2,3,FALSE),\"\")","v":""},null,null,null,null,{"$f":"+IFERROR(VLOOKUP($A963,INSUMOS_BD2,4,FALSE),\"\")","v":""},null,{"$f":"+IFERROR(VLOOKUP($A963,INSUMOS_BD2,5,FALSE),\"\")","v":""},null,{"$f":"IFERROR(ROUND(H963*I963,0),\"\")","v":""}]
[null,{"$f":"+IFERROR(VLOOKUP($A964,INSUMOS_BD2,3,FALSE),\"\")","v":""},null,null,null,null,{"$f":"+IFERROR(VLOOKUP($A964,INSUMOS_BD2,4,FALSE),\"\")","v":""},null,{"$f":"+IFERROR(VLOOKUP($A964,INSUMOS_BD2,5,FALSE),\"\")","v":""},null,{"$f":"IFERROR(ROUND(H964*I964,0),\"\")","v":""}]
[null,null,null,null,null,null,null,"SUB-TOTAL $",null,null,{"$f":"SUM(K961:K964)","v":0}]
[]
[null,"III. TRANSPORTES"]
[null,"MATERIAL",null,null,null,"VOL. o PESO","DISTANCIA","FACT. EXPANSIÓN","TARIFA (M3 o Ton/Km)",null,"VR/UNIT"]
["t16",{"$f":"+IFERROR(VLOOKUP($A969,INSUMOS_BD2,3,FALSE),\"\")","v":"Volqueta  6 m³ (cargue mecánico) botadero "},null,null,null,1.1000000000000001,1,"-",{"$f":"+IFERROR(VLOOKUP($A969,INSUMOS_BD2,5,FALSE),\"\")","v":1250},null,{"$f":"IFERROR(ROUND(F969*G969*I969,0),\"\")","v":1375}]
["t17",{"$f":"+IFERROR(VLOOKUP($A970,INSUMOS_BD2,3,FALSE),\"\")","v":"Volqueta  6 m³ (cargue mecánico)botadero adicional mayor 20 km"},null,null,null,null,null,null,{"$f":"+IFERROR(VLOOKUP($A970,INSUMOS_BD2,5,FALSE),\"\")","v":1323.25},null,{"$f":"IFERROR(ROUND(F970*G970*I970,0),\"\")","v":0}]
[null,{"$f":"+IFERROR(VLOOKUP($A971,INSUMOS_BD2,3,FALSE),\"\")","v":""},null,null,null,null,null,null,{"$f":"+IFERROR(VLOOKUP($A971,INSUMOS_BD2,5,FALSE),\"\")","v":""},null,{"$f":"IFERROR(ROUND(F971*G971*I971,0),\"\")","v":""}]
[null,null,null,null,null,null,null,"SUB-TOTAL $",null,null,{"$f":"SUM(K969:K971)","v":1375}]
[]
[null,"IV. MANO DE OBRA"]
[null,"TRABAJADOR",null,null,null,"-","UND","VR/HORA","RENDIMIENTO",null,"VR/UNIT"]
["cd1",{"$f":"+IFERROR(VLOOKUP($A976,Cuadrillas_DNP[],2,FALSE),\"\")","v":"Cuadrilla AA (Albañilería) 1Of y 1Ay"},null,null,null,{"$f":"+IFERROR(VLOOKUP($A976,INSUMOS_BD2,4,FALSE),\"\")","v":""},{"$f":"+IFERROR(VLOOKUP($A976,Cuadrillas_DNP[],3,FALSE),\"\")","v":"hora"},{"$f":"+IFERROR(VLOOKUP($A976,Cuadrillas_DNP[],6,FALSE),\"\")","v":16375},0.15,null,{"$f":"IFERROR(ROUND(H976*I976,0),\"\")","v":2456}]
[null,{"$f":"+IFERROR(VLOOKUP($A977,Cuadrillas_DNP[],2,FALSE),\"\")","v":""},null,null,null,{"$f":"+IFERROR(VLOOKUP($A977,INSUMOS_BD2,4,FALSE),\"\")","v":""},{"$f":"+IFERROR(VLOOKUP($A977,Cuadrillas_DNP[],3,FALSE),\"\")","v":""},{"$f":"+IFERROR(VLOOKUP($A977,Cuadrillas_DNP[],6,FALSE),\"\")","v":""},null,null,{"$f":"IFERROR(ROUND(H977*I977,0),\"\")","v":""}]
[null,{"$f":"+IFERROR(VLOOKUP($A978,Cuadrillas_DNP[],2,FALSE),\"\")","v":""},null,null,null,{"$f":"+IFERROR(VLOOKUP($A978,INSUMOS_BD2,4,FALSE),\"\")","v":""},{"$f":"+IFERROR(VLOOKUP($A978,Cuadrillas_DNP[],3,FALSE),\"\")","v":""},{"$f":"+IFERROR(VLOOKUP($A978,Cuadrillas_DNP[],6,FALSE),\"\")","v":""},null,null,{"$f":"IFERROR(ROUND(H978*I978,0),\"\")","v":""}]
[null,null,null,null,null,null,null,"SUB-TOTAL $",null,null,{"$f":"SUM(K976:K978)","v":2456}]
[]
[null,"TOTAL COSTO DIRECTO $",null,null,null,null,null,null,null,null,{"$f":"ROUND((+K979+K972+K965+K957),0)","v":16267}]
[]
[null,"V. COSTOS INDIRECTOS"]
[null,"Descripción",null,null,null,null,null,"Porcentaje","Valor Total"]
[null,"ADMINISTRACION",null,null,null,null,null,{"$f":"+ADMON","v":0.01},{"$f":"+K981*H985","v":162.67000000000002}]
[null,"IMPREVISTOS ",null,null,null,null,null,{"$f":"+IMPREVISTOS","v":0.02},{"$f":"+K981*H986","v":325.34000000000003}]
[null,"UTILIDAD",null,null,null,null,null,{"$f":"+UTILIDAD","v":0.05},{"$f":"+K981*H987","v":813.35}]
[null,"TOTAL COSTO INDIRECTO $",null,null,null,null,null,null,null,null,{"$f":"SUM(I985:J987)","v":1301.3600000000001}]
[]
[null,"Precio Unitario Total  $",null,null,null,null,null,null,null,null,{"$f":"+ROUND(K988+K981,0)","v":17568}]
[]
["APU-DNP26",{"$f":"IFERROR(VLOOKUP($A992,LISTA_APU_DNP,2,FALSE),\"\")","v":"SOLERA DE NIVELACIÓN PARA MUROS DE CONTENCIÓN"},null,null,null,null,null,null,"Unidad:",{"$f":"IFERROR(VLOOKUP($A992,LISTA_APU_DNP,3,FALSE),\"\")","v":"m³"},{"$f":"K1022","v":264842}]
[null,"I. EQUIPO"]
[null,"DESCRIPCIÓN",null,null,"UND","TIPO",null,"TARIFA","RENDIMIENTO",null,"VR/UNIT"]
["E32",{"$f":"+IFERROR(VLOOKUP($A995,INSUMOS_BD2,3,FALSE),\"\")","v":"Mezcladora de concreto (1 bulto)"},null,null,{"$f":"+IFERROR(VLOOKUP($A995,INSUMOS_BD2,4,FALSE),\"\")","v":"hora"},null,null,{"$f":"+IFERROR(ROUND(IF($B995=\"Herramienta Menor (% mano de obra)\",HM,VLOOKUP($A995,INSUMOS_BD2,5,FALSE)),2),\"\")","v":15000},1,null,{"$f":"+IFERROR(ROUND(IF($B995=\"Herramienta Menor (% mano de obra)\",$K$1020*H995,H995*I995),0),\"\")","v":15000}]
["e31",{"$f":"+IFERROR(VLOOKUP($A996,INSUMOS_BD2,3,FALSE),\"\")","v":"Herramienta Menor HM (% mano de obra)"},null,null,{"$f":"+IFERROR(VLOOKUP($A996,INSUMOS_BD2,4,FALSE),\"\")","v":"glb"},null,null,{"$f":"+IFERROR(ROUND(IF($B996=\"Herramienta Menor (% mano de obra)\",HM,VLOOKUP($A996,INSUMOS_BD2,5,FALSE)),2),\"\")","v":0},null,null,{"$f":"+IFERROR(ROUND(IF($B996=\"Herramienta Menor (% mano de obra)\",$K$1020*H996,H996*I996),0),\"\")","v":0}]
[null,{"$f":"+IFERROR(VLOOKUP($A997,INSUMOS_BD2,3,FALSE),\"\")","v":""},null,null,{"$f":"+IFERROR(VLOOKUP($A997,INSUMOS_BD2,4,FALSE),\"\")","v":""},null,null,{"$f":"+IFERROR(ROUND(IF($B997=\"Herramienta Menor (% mano de obra)\",HM,VLOOKUP($A997,INSUMOS_BD2,5,FALSE)),2),\"\")","v":""},null,null,{"$f":"+IFERROR(ROUND(IF($B997=\"Herramienta Menor (% mano de obra)\",$K$1020*H997,H997*I997),0),\"\")","v":""}]
[null,null,null,null,null,null,null,"SUB-TOTAL $",null,null,{"$f":"SUM(K995:K997)","v":15000}]
[]
[null,"II. MATERIALES"]
[null,"DESCRIPCIÓN",null,null,null,null,"UNIDAD","CANTIDAD","PRECIO UNIT.",null,"VR/UNIT"]
["M94",{"$f":"+IFERROR(VLOOKUP($A1002,INSUMOS_BD2,3,FALSE),\"\")","v":"Agregado para concreto hidráulico"},null,null,null,null,{"$f":"+IFERROR(VLOOKUP($A1002,INSUMOS_BD2,4,FALSE),\"\")","v":"m³"},0.84,{"$f":"+IFERROR(VLOOKUP($A1002,INSUMOS_BD2,5,FALSE),\"\")","v":52545.259645974002},null,{"$f":"IFERROR(ROUND(H1002*I1002,0),\"\")","v":44138}]
["M120",{"$f":"+IFERROR(VLOOKUP($A1003,INSUMOS_BD2,3,FALSE),\"\")","v":"Agua"},null,null,null,null,{"$f":"+IFERROR(VLOOKUP($A1003,INSUMOS_BD2,4,FALSE),\"\")","v":"l"},185,{"$f":"+IFERROR(VLOOKUP($A1003,INSUMOS_BD2,5,FALSE),\"\")","v":46.26},null,{"$f":"IFERROR(ROUND(H1003*I1003,0),\"\")","v":8558}]
["M90",{"$f":"+IFERROR(VLOOKUP($A1004,INSUMOS_BD2,3,FALSE),\"\")","v":"Arena lavada"},null,null,null,null,{"$f":"+IFERROR(VLOOKUP($A1004,INSUMOS_BD2,4,FALSE),\"\")","v":"m³"},0.63,{"$f":"+IFERROR(VLOOKUP($A1004,INSUMOS_BD2,5,FALSE),\"\")","v":29000},null,{"$f":"IFERROR(ROUND(H1004*I1004,0),\"\")","v":18270}]
["M5",{"$f":"+IFERROR(VLOOKUP($A1005,INSUMOS_BD2,3,FALSE),\"\")","v":"CEMENTO GRIS"},null,null,null,null,{"$f":"+IFERROR(VLOOKUP($A1005,INSUMOS_BD2,4,FALSE),\"\")","v":"kg"},260,{"$f":"+IFERROR(VLOOKUP($A1005,INSUMOS_BD2,5,FALSE),\"\")","v":580},null,{"$f":"IFERROR(ROUND(H1005*I1005,0),\"\")","v":150800}]
[null,null,null,null,null,null,null,"SUB-TOTAL $",null,null,{"$f":"SUM(K1002:K1005)","v":221766}]
[]
[null,"III. TRANSPORTES"]
[null,"MATERIAL",null,null,null,"VOL. o PESO","DISTANCIA","FACT. EXPANSIÓN","TARIFA (M3 o Ton/Km)",null,"VR/UNIT"]
["t4",{"$f":"+IFERROR(VLOOKUP($A1010,INSUMOS_BD2,3,FALSE),\"\")","v":" TRANSPORTE DE ARENA"},null,null,null,{"$f":"H1004","v":0.63},1,"-",{"$f":"+IFERROR(VLOOKUP($A1010,INSUMOS_BD2,5,FALSE),\"\")","v":1250},null,{"$f":"IFERROR(ROUND(F1010*G1010*I1010,0),\"\")","v":788}]
["T24",{"$f":"+IFERROR(VLOOKUP($A1011,INSUMOS_BD2,3,FALSE),\"\")","v":"Transporte de material triturado"},null,null,null,{"$f":"H1002","v":0.84},1,"-",{"$f":"+IFERROR(VLOOKUP($A1011,INSUMOS_BD2,5,FALSE),\"\")","v":1250},null,{"$f":"IFERROR(ROUND(F1011*G1011*I1011,0),\"\")","v":1050}]
[null,{"$f":"+IFERROR(VLOOKUP($A1012,INSUMOS_BD2,3,FALSE),\"\")","v":""},null,null,null,null,null,null,{"$f":"+IFERROR(VLOOKUP($A1012,INSUMOS_BD2,5,FALSE),\"\")","v":""},null,{"$f":"IFERROR(ROUND(F1012*G1012*I1012,0),\"\")","v":""}]
[null,null,null,null,null,null,null,"SUB-TOTAL $",null,null,{"$f":"SUM(K1010:K1012)","v":1838}]
[]
[null,"IV. MANO DE OBRA"]
[null,"TRABAJADOR",null,null,null,null,"UND","VR/HORA","RENDIMIENTO",null,"VR/UNIT"]
["cd2",{"$f":"+IFERROR(VLOOKUP($A1017,Cuadrillas_DNP[],2,FALSE),\"\")","v":"Cuadrilla AA 1Of+2Ay (Albañilería)"},null,null,null,{"$f":"+IFERROR(VLOOKUP($A1017,INSUMOS_BD2,4,FALSE),\"\")","v":""},{"$f":"+IFERROR(VLOOKUP($A1017,Cuadrillas_DNP[],3,FALSE),\"\")","v":"hora"},{"$f":"+IFERROR(VLOOKUP($A1017,Cuadrillas_DNP[],6,FALSE),\"\")","v":23097},1.1359999999999999,null,{"$f":"IFERROR(ROUND(H1017*I1017,0),\"\")","v":26238}]
[null,{"$f":"+IFERROR(VLOOKUP($A1018,Cuadrillas_DNP[],2,FALSE),\"\")","v":""},null,null,null,{"$f":"+IFERROR(VLOOKUP($A1018,INSUMOS_BD2,4,FALSE),\"\")","v":""},{"$f":"+IFERROR(VLOOKUP($A1018,Cuadrillas_DNP[],3,FALSE),\"\")","v":""},{"$f":"+IFERROR(VLOOKUP($A1018,Cuadrillas_DNP[],6,FALSE),\"\")","v":""},null,null,{"$f":"IFERROR(ROUND(H1018*I1018,0),\"\")","v":""}]
[null,{"$f":"+IFERROR(VLOOKUP($A1019,Cuadrillas_DNP[],2,FALSE),\"\")","v":""},null,null,null,{"$f":"+IFERROR(VLOOKUP($A1019,INSUMOS_BD2,4,FALSE),\"\")","v":""},{"$f":"+IFERROR(VLOOKUP($A1019,Cuadrillas_DNP[],3,FALSE),\"\")","v":""},{"$f":"+IFERROR(VLOOKUP($A1019,Cuadrillas_DNP[],6,FALSE),\"\")","v":""},null,null,{"$f":"IFERROR(ROUND(H1019*I1019,0),\"\")","v":""}]
[null,null,null,null,null,null,null,"SUB-TOTAL $",null,null,{"$f":"SUM(K1017:K1019)","v":26238}]
[]
[null,"TOTAL COSTO DIRECTO $",null,null,null,null,null,null,null,null,{"$f":"ROUND((+K1020+K1013+K1006+K998),0)","v":264842}]
[]
[null,"V. COSTOS INDIRECTOS"]
[null,"Descripción",null,null,null,null,null,"Porcentaje","Valor Total"]
[null,"ADMINISTRACION",null,null,null,null,null,{"$f":"+ADMON","v":0.01},{"$f":"+K1022*H1026","v":2648.42}]
[null,"IMPREVISTOS ",null,null,null,null,null,{"$f":"+IMPREVISTOS","v":0.02},{"$f":"+K1022*H1027","v":5296.84}]
[null,"UTILIDAD",null,null,null,null,null,{"$f":"+UTILIDAD","v":0.05},{"$f":"+K1022*H1028","v":13242.1}]
[null,"TOTAL COSTO INDIRECTO $",null,null,null,null,null,null,null,null,{"$f":"SUM(I1026:J1028)","v":21187.360000000001}]
[]
[null,"Precio Unitario Total  $",null,null,null,null,null,null,null,null,{"$f":"+ROUND(K1029+K1022,0)","v":286029}]
[]
["APU-DNP27",{"$f":"IFERROR(VLOOKUP($A1033,LISTA_APU,2,FALSE),\"\")","v":""},null,null,null,null,null,null,"Unidad:",{"$f":"IFERROR(VLOOKUP($A1033,LISTA_APU_DNP,3,FALSE),\"\")","v":"m"},{"$f":"K1063","v":6390}]
[null,"I. EQUIPO"]
[null,"DESCRIPCIÓN",null,null,"UND","TIPO",null,"TARIFA","RENDIMIENTO",null,"VR/UNIT"]
["e31",{"$f":"+IFERROR(VLOOKUP($A1036,INSUMOS_BD2,3,FALSE),\"\")","v":"Herramienta Menor HM (% mano de obra)"},null,null,{"$f":"+IFERROR(VLOOKUP($A1036,INSUMOS_BD2,4,FALSE),\"\")","v":"glb"},null,null,{"$f":"+IFERROR(ROUND(IF($B1036=\"Herramienta Menor (% mano de obra)\",HM,VLOOKUP($A1036,INSUMOS_BD2,5,FALSE)),2),\"\")","v":0},1,null,{"$f":"+IFERROR(ROUND(IF($B1036=\"Herramienta Menor (% mano de obra)\",$K$1061*H1036,H1036*I1036),0),\"\")","v":0}]
[null,{"$f":"+IFERROR(VLOOKUP($A1037,INSUMOS_BD2,3,FALSE),\"\")","v":""},null,null,{"$f":"+IFERROR(VLOOKUP($A1037,INSUMOS_BD2,4,FALSE),\"\")","v":""},null,null,{"$f":"+IFERROR(ROUND(IF($B1037=\"Herramienta Menor (% mano de obra)\",HM,VLOOKUP($A1037,INSUMOS_BD2,5,FALSE)),2),\"\")","v":""},null,null,{"$f":"+IFERROR(ROUND(IF($B1037=\"Herramienta Menor (% mano de obra)\",$K$1061*H1037,H1037*I1037),0),\"\")","v":""}]
[null,{"$f":"+IFERROR(VLOOKUP($A1038,INSUMOS_BD2,3,FALSE),\"\")","v":""},null,null,{"$f":"+IFERROR(VLOOKUP($A1038,INSUMOS_BD2,4,FALSE),\"\")","v":""},null,null,{"$f":"+IFERROR(ROUND(IF($B1038=\"Herramienta Menor (% mano de obra)\",HM,VLOOKUP($A1038,INSUMOS_BD2,5,FALSE)),2),\"\")","v":""},null,null,{"$f":"+IFERROR(ROUND(IF($B1038=\"Herramienta Menor (% mano de obra)\",$K$1061*H1038,H1038*I1038),0),\"\")","v":""}]
[null,null,null,null,null,null,null,"SUB-TOTAL $",null,null,{"$f":"SUM(K1036:K1038)","v":0}]
[]
[null,"II. MATERIALES"]
[null,"DESCRIPCIÓN",null,null,null,null,"UNIDAD","CANTIDAD","PRECIO UNIT.",null,"VR/UNIT"]
["M102",{"$f":"+IFERROR(VLOOKUP($A1043,INSUMOS_BD2,3,FALSE),\"\")","v":"LAMINA DE ACERO ASTM A572 GRADO 50, 50mm*4mm grado GALV."},null,null,null,null,{"$f":"+IFERROR(VLOOKUP($A1043,INSUMOS_BD2,4,FALSE),\"\")","v":"m"},1,{"$f":"+IFERROR(VLOOKUP($A1043,INSUMOS_BD2,5,FALSE),\"\")","v":5512},null,{"$f":"IFERROR(ROUND(H1043*I1043,0),\"\")","v":5512}]
["m101",{"$f":"+IFERROR(VLOOKUP($A1044,INSUMOS_BD2,3,FALSE),\"\")","v":"TORNILLO ACERO 3/8\"*3\"/AF GRADO 5, TUERCA,ARANDELA"},null,null,null,null,{"$f":"+IFERROR(VLOOKUP($A1044,INSUMOS_BD2,4,FALSE),\"\")","v":"und"},9.0909090909090898E-2,{"$f":"+IFERROR(VLOOKUP($A1044,INSUMOS_BD2,5,FALSE),\"\")","v":4580},null,{"$f":"IFERROR(ROUND(H1044*I1044,0),\"\")","v":416}]
[null,{"$f":"+IFERROR(VLOOKUP($A1045,INSUMOS_BD2,3,FALSE),\"\")","v":""},null,null,null,null,{"$f":"+IFERROR(VLOOKUP($A1045,INSUMOS_BD2,4,FALSE),\"\")","v":""},null,{"$f":"+IFERROR(VLOOKUP($A1045,INSUMOS_BD2,5,FALSE),\"\")","v":""},null,{"$f":"IFERROR(ROUND(H1045*I1045,0),\"\")","v":""}]
[null,{"$f":"+IFERROR(VLOOKUP($A1046,INSUMOS_BD2,3,FALSE),\"\")","v":""},null,null,null,null,{"$f":"+IFERROR(VLOOKUP($A1046,INSUMOS_BD2,4,FALSE),\"\")","v":""},null,{"$f":"+IFERROR(VLOOKUP($A1046,INSUMOS_BD2,5,FALSE),\"\")","v":""},null,{"$f":"IFERROR(ROUND(H1046*I1046,0),\"\")","v":""}]
[null,null,null,null,null,null,null,"SUB-TOTAL $",null,null,{"$f":"SUM(K1043:K1046)","v":5928}]
[]
[null,"III. TRANSPORTES"]
[null,"MATERIAL",null,null,null,"VOL. o PESO","DISTANCIA","FACT. EXPANSIÓN","TARIFA (M3 o Ton/Km)",null,"VR/UNIT"]
[null,{"$f":"+IFERROR(VLOOKUP($A1051,INSUMOS_BD2,3,FALSE),\"\")","v":""},null,null,null,null,null,"-",{"$f":"+IFERROR(VLOOKUP($A1051,INSUMOS_BD2,5,FALSE),\"\")","v":""},null,{"$f":"IFERROR(ROUND(F1051*G1051*I1051,0),\"\")","v":""}]
[null,{"$f":"+IFERROR(VLOOKUP($A1052,INSUMOS_BD2,3,FALSE),\"\")","v":""},null,null,null,null,null,"-",{"$f":"+IFERROR(VLOOKUP($A1052,INSUMOS_BD2,5,FALSE),\"\")","v":""},null,{"$f":"IFERROR(ROUND(F1052*G1052*I1052,0),\"\")","v":""}]
[null,{"$f":"+IFERROR(VLOOKUP($A1053,INSUMOS_BD2,3,FALSE),\"\")","v":""},null,null,null,null,null,"-",{"$f":"+IFERROR(VLOOKUP($A1053,INSUMOS_BD2,5,FALSE),\"\")","v":""},null,{"$f":"IFERROR(ROUND(F1053*G1053*I1053,0),\"\")","v":""}]
[null,null,null,null,null,null,null,"SUB-TOTAL $",null,null,{"$f":"SUM(K1051:K1053)","v":0}]
[]
[null,"IV. MANO DE OBRA"]
[null,"TRABAJADOR",null,null,null,"-","UND","VR/HORA","RENDIMIENTO",null,"VR/UNIT"]
["cd2",{"$f":"+IFERROR(VLOOKUP($A1058,Cuadrillas_DNP[],2,FALSE),\"\")","v":"Cuadrilla AA 1Of+2Ay (Albañilería)"},null,null,null,{"$f":"+IFERROR(VLOOKUP($A1058,INSUMOS_BD2,4,FALSE),\"\")","v":""},{"$f":"+IFERROR(VLOOKUP($A1058,Cuadrillas_DNP[],3,FALSE),\"\")","v":"hora"},{"$f":"+IFERROR(VLOOKUP($A1058,Cuadrillas_DNP[],6,FALSE),\"\")","v":23097},0.02,null,{"$f":"IFERROR(ROUND(H1058*I1058,0),\"\")","v":462}]
[null,{"$f":"+IFERROR(VLOOKUP($A1059,Cuadrillas_DNP[],2,FALSE),\"\")","v":""},null,null,null,{"$f":"+IFERROR(VLOOKUP($A1059,INSUMOS_BD2,4,FALSE),\"\")","v":""},{"$f":"+IFERROR(VLOOKUP($A1059,Cuadrillas_DNP[],3,FALSE),\"\")","v":""},{"$f":"+IFERROR(VLOOKUP($A1059,Cuadrillas_DNP[],6,FALSE),\"\")","v":""},null,null,{"$f":"IFERROR(ROUND(H1059*I1059,0),\"\")","v":""}]
[null,{"$f":"+IFERROR(VLOOKUP($A1060,Cuadrillas_DNP[],2,FALSE),\"\")","v":""},null,null,null,{"$f":"+IFERROR(VLOOKUP($A1060,INSUMOS_BD2,4,FALSE),\"\")","v":""},{"$f":"+IFERROR(VLOOKUP($A1060,Cuadrillas_DNP[],3,FALSE),\"\")","v":""},{"$f":"+IFERROR(VLOOKUP($A1060,Cuadrillas_DNP[],6,FALSE),\"\")","v":""},null,null,{"$f":"IFERROR(ROUND(H1060*I1060,0),\"\")","v":""}]
[null,null,null,null,null,null,null,"SUB-TOTAL $",null,null,{"$f":"SUM(K1058:K1060)","v":462}]
[]
[null,"TOTAL COSTO DIRECTO $",null,null,null,null,null,null,null,null,{"$f":"ROUND((+K1061+K1054+K1047+K1039),0)","v":6390}]
[]
[null,"V. COSTOS INDIRECTOS"]
[null,"Descripción",null,null,null,null,null,"Porcentaje","Valor Total"]
[null,"ADMINISTRACION",null,null,null,null,null,{"$f":"+ADMON","v":0.01},{"$f":"+K1063*H1067","v":63.9}]
[null,"IMPREVISTOS ",null,null,null,null,null,{"$f":"+IMPREVISTOS","v":0.02},{"$f":"+K1063*H1068","v":127.8}]
[null,"UTILIDAD",null,null,null,null,null,{"$f":"+UTILIDAD","v":0.05},{"$f":"+K1063*H1069","v":319.5}]
[null,"TOTAL COSTO INDIRECTO $",null,null,null,null,null,null,null,null,{"$f":"SUM(I1067:J1069)","v":511.2}]
[]
[null,"Precio Unitario Total  $",null,null,null,null,null,null,null,null,{"$f":"+ROUND(K1070+K1063,0)","v":6901}]
[]
["APU-DNP30",{"$f":"IFERROR(VLOOKUP($A1074,LISTA_APU_DNP,2,FALSE),\"\")","v":"RELLENO EN MATERIAL FILTRANTE PARA CONSTRUCCION MURO DE CONTENCIÓN"},null,null,null,null,null,null,"Unidad:",{"$f":"IFERROR(VLOOKUP($A1074,LISTA_APU_DNP,3,FALSE),\"\")","v":"m³"},{"$f":"K1104","v":67360}]
[null,"I. EQUIPO"]
[null,"DESCRIPCIÓN",null,null,"UND","TIPO",null,"TARIFA","RENDIMIENTO",null,"VR/UNIT"]
["e31",{"$f":"+IFERROR(VLOOKUP($A1077,INSUMOS_BD2,3,FALSE),\"\")","v":"Herramienta Menor HM (% mano de obra)"},null,null,{"$f":"+IFERROR(VLOOKUP($A1077,INSUMOS_BD2,4,FALSE),\"\")","v":"glb"},null,null,{"$f":"+IFERROR(ROUND(IF($B1077=\"Herramienta Menor (% mano de obra)\",HM,VLOOKUP($A1077,INSUMOS_BD2,5,FALSE)),2),\"\")","v":0},1,null,{"$f":"+IFERROR(ROUND(IF($B1077=\"Herramienta Menor (% mano de obra)\",$K$1102*H1077,H1077*I1077),0),\"\")","v":0}]
[null,{"$f":"+IFERROR(VLOOKUP($A1078,INSUMOS_BD2,3,FALSE),\"\")","v":""},null,null,{"$f":"+IFERROR(VLOOKUP($A1078,INSUMOS_BD2,4,FALSE),\"\")","v":""},null,null,{"$f":"+IFERROR(ROUND(IF($B1078=\"Herramienta Menor (% mano de obra)\",HM,VLOOKUP($A1078,INSUMOS_BD2,5,FALSE)),2),\"\")","v":""},null,null,{"$f":"+IFERROR(ROUND(IF($B1078=\"Herramienta Menor (% mano de obra)\",$K$1102*H1078,H1078*I1078),0),\"\")","v":""}]
[null,{"$f":"+IFERROR(VLOOKUP($A1079,INSUMOS_BD2,3,FALSE),\"\")","v":""},null,null,{"$f":"+IFERROR(VLOOKUP($A1079,INSUMOS_BD2,4,FALSE),\"\")","v":""},null,null,{"$f":"+IFERROR(ROUND(IF($B1079=\"Herramienta Menor (% mano de obra)\",HM,VLOOKUP($A1079,INSUMOS_BD2,5,FALSE)),2),\"\")","v":""},null,null,{"$f":"+IFERROR(ROUND(IF($B1079=\"Herramienta Menor (% mano de obra)\",$K$1102*H1079,H1079*I1079),0),\"\")","v":""}]
[null,null,null,null,null,null,null,"SUB-TOTAL $",null,null,{"$f":"SUM(K1077:K1079)","v":0}]
[]
[null,"II. MATERIALES"]
[null,"DESCRIPCIÓN",null,null,null,null,"UNIDAD","CANTIDAD","PRECIO UNIT.",null,"VR/UNIT"]
["M103",{"$f":"+IFERROR(VLOOKUP($A1084,INSUMOS_BD2,3,FALSE),\"\")","v":"Material filtrante (6\")"},null,null,null,null,{"$f":"+IFERROR(VLOOKUP($A1084,INSUMOS_BD2,4,FALSE),\"\")","v":"m³"},1.3,{"$f":"+IFERROR(VLOOKUP($A1084,INSUMOS_BD2,5,FALSE),\"\")","v":47994.1},null,{"$f":"IFERROR(ROUND(H1084*I1084,0),\"\")","v":62392}]
[null,{"$f":"+IFERROR(VLOOKUP($A1085,INSUMOS_BD2,3,FALSE),\"\")","v":""},null,null,null,null,{"$f":"+IFERROR(VLOOKUP($A1085,INSUMOS_BD2,4,FALSE),\"\")","v":""},null,{"$f":"+IFERROR(VLOOKUP($A1085,INSUMOS_BD2,5,FALSE),\"\")","v":""},null,{"$f":"IFERROR(ROUND(H1085*I1085,0),\"\")","v":""}]
[null,{"$f":"+IFERROR(VLOOKUP($A1086,INSUMOS_BD2,3,FALSE),\"\")","v":""},null,null,null,null,{"$f":"+IFERROR(VLOOKUP($A1086,INSUMOS_BD2,4,FALSE),\"\")","v":""},null,{"$f":"+IFERROR(VLOOKUP($A1086,INSUMOS_BD2,5,FALSE),\"\")","v":""},null,{"$f":"IFERROR(ROUND(H1086*I1086,0),\"\")","v":""}]
[null,{"$f":"+IFERROR(VLOOKUP($A1087,INSUMOS_BD2,3,FALSE),\"\")","v":""},null,null,null,null,{"$f":"+IFERROR(VLOOKUP($A1087,INSUMOS_BD2,4,FALSE),\"\")","v":""},null,{"$f":"+IFERROR(VLOOKUP($A1087,INSUMOS_BD2,5,FALSE),\"\")","v":""},null,{"$f":"IFERROR(ROUND(H1087*I1087,0),\"\")","v":""}]
[null,null,null,null,null,null,null,"SUB-TOTAL $",null,null,{"$f":"SUM(K1084:K1087)","v":62392}]
[]
[null,"III. TRANSPORTES"]
[null,"MATERIAL",null,null,null,"VOL. o PESO","DISTANCIA","FACT. EXPANSIÓN","TARIFA (M3 o Ton/Km)",null,"VR/UNIT"]
["t15",{"$f":"+IFERROR(VLOOKUP($A1092,INSUMOS_BD2,3,FALSE),\"\")","v":"Transporte de material seleccionado para relleno"},null,null,null,{"$f":"H1084","v":1.3},1,null,{"$f":"+IFERROR(VLOOKUP($A1092,INSUMOS_BD2,5,FALSE),\"\")","v":1250},null,{"$f":"IFERROR(ROUND(F1092*G1092*I1092,0),\"\")","v":1625}]
[null,{"$f":"+IFERROR(VLOOKUP($A1093,INSUMOS_BD2,3,FALSE),\"\")","v":""},null,null,null,null,null,null,{"$f":"+IFERROR(VLOOKUP($A1093,INSUMOS_BD2,5,FALSE),\"\")","v":""},null,{"$f":"IFERROR(ROUND(F1093*G1093*I1093,0),\"\")","v":""}]
[null,{"$f":"+IFERROR(VLOOKUP($A1094,INSUMOS_BD2,3,FALSE),\"\")","v":""},null,null,null,null,null,null,{"$f":"+IFERROR(VLOOKUP($A1094,INSUMOS_BD2,5,FALSE),\"\")","v":""},null,{"$f":"IFERROR(ROUND(F1094*G1094*I1094,0),\"\")","v":""}]
[null,null,null,null,null,null,null,"SUB-TOTAL $",null,null,{"$f":"SUM(K1092:K1094)","v":1625}]
[]
[null,"IV. MANO DE OBRA"]
[null,"TRABAJADOR",null,null,null,"-","UND","VR/HORA","RENDIMIENTO",null,"VR/UNIT"]
["cd2",{"$f":"+IFERROR(VLOOKUP($A1099,Cuadrillas_DNP[],2,FALSE),\"\")","v":"Cuadrilla AA 1Of+2Ay (Albañilería)"},null,null,null,{"$f":"+IFERROR(VLOOKUP($A1099,INSUMOS_BD2,4,FALSE),\"\")","v":""},{"$f":"+IFERROR(VLOOKUP($A1099,Cuadrillas_DNP[],3,FALSE),\"\")","v":"hora"},{"$f":"+IFERROR(VLOOKUP($A1099,Cuadrillas_DNP[],6,FALSE),\"\")","v":23097},0.144740764499453,null,{"$f":"IFERROR(ROUND(H1099*I1099,0),\"\")","v":3343}]
[null,{"$f":"+IFERROR(VLOOKUP($A1100,Cuadrillas_DNP[],2,FALSE),\"\")","v":""},null,null,null,{"$f":"+IFERROR(VLOOKUP($A1100,INSUMOS_BD2,4,FALSE),\"\")","v":""},{"$f":"+IFERROR(VLOOKUP($A1100,Cuadrillas_DNP[],3,FALSE),\"\")","v":""},{"$f":"+IFERROR(VLOOKUP($A1100,Cuadrillas_DNP[],6,FALSE),\"\")","v":""},null,null,{"$f":"IFERROR(ROUND(H1100*I1100,0),\"\")","v":""}]
[null,{"$f":"+IFERROR(VLOOKUP($A1101,Cuadrillas_DNP[],2,FALSE),\"\")","v":""},null,null,null,{"$f":"+IFERROR(VLOOKUP($A1101,INSUMOS_BD2,4,FALSE),\"\")","v":""},{"$f":"+IFERROR(VLOOKUP($A1101,Cuadrillas_DNP[],3,FALSE),\"\")","v":""},{"$f":"+IFERROR(VLOOKUP($A1101,Cuadrillas_DNP[],6,FALSE),\"\")","v":""},null,null,{"$f":"IFERROR(ROUND(H1101*I1101,0),\"\")","v":""}]
[null,null,null,null,null,null,null,"SUB-TOTAL $",null,null,{"$f":"SUM(K1099:K1101)","v":3343}]
[]
[null,"TOTAL COSTO DIRECTO $",null,null,null,null,null,null,null,null,{"$f":"ROUND((+K1102+K1095+K1088+K1080),0)","v":67360}]
[]
[null,"V. COSTOS INDIRECTOS"]
[null,"Descripción",null,null,null,null,null,"Porcentaje","Valor Total"]
[null,"ADMINISTRACION",null,null,null,null,null,{"$f":"+ADMON","v":0.01},{"$f":"+K1104*H1108","v":673.6}]
[null,"IMPREVISTOS ",null,null,null,null,null,{"$f":"+IMPREVISTOS","v":0.02},{"$f":"+K1104*H1109","v":1347.2}]
[null,"UTILIDAD",null,null,null,null,null,{"$f":"+UTILIDAD","v":0.05},{"$f":"+K1104*H1110","v":3368}]
[null,"TOTAL COSTO INDIRECTO $",null,null,null,null,null,null,null,null,{"$f":"SUM(I1108:J1110)","v":5388.8}]
[]
[null,"Precio Unitario Total  $",null,null,null,null,null,null,null,null,{"$f":"+ROUND(K1111+K1104,0)","v":72749}]
[]
["APU-DNP31",{"$f":"IFERROR(VLOOKUP($A1115,LISTA_APU_DNP,2,FALSE),\"\")","v":"SUMINISTRO E INSTALACIÓN DE GAVIONES PREFABRICADOS"},null,null,null,null,null,null,"Unidad:",{"$f":"IFERROR(VLOOKUP($A1115,LISTA_APU_DNP,3,FALSE),\"\")","v":"m³"},{"$f":"K1145","v":103205}]
[null,"I. EQUIPO"]
[null,"DESCRIPCIÓN",null,null,"UND","TIPO",null,"TARIFA","RENDIMIENTO",null,"VR/UNIT"]
["e31",{"$f":"+IFERROR(VLOOKUP($A1118,INSUMOS_BD2,3,FALSE),\"\")","v":"Herramienta Menor HM (% mano de obra)"},null,null,{"$f":"+IFERROR(VLOOKUP($A1118,INSUMOS_BD2,4,FALSE),\"\")","v":"glb"},null,null,{"$f":"+IFERROR(ROUND(IF($B1118=\"Herramienta Menor (% mano de obra)\",HM,VLOOKUP($A1118,INSUMOS_BD2,5,FALSE)),2),\"\")","v":0},null,null,{"$f":"+IFERROR(ROUND(IF($B1118=\"Herramienta Menor (% mano de obra)\",$K$1143*H1118,H1118*I1118),0),\"\")","v":0}]
[null,{"$f":"+IFERROR(VLOOKUP($A1119,INSUMOS_BD2,3,FALSE),\"\")","v":""},null,null,{"$f":"+IFERROR(VLOOKUP($A1119,INSUMOS_BD2,4,FALSE),\"\")","v":""},null,null,{"$f":"+IFERROR(ROUND(IF($B1119=\"Herramienta Menor (% mano de obra)\",HM,VLOOKUP($A1119,INSUMOS_BD2,5,FALSE)),2),\"\")","v":""},null,null,{"$f":"+IFERROR(ROUND(IF($B1119=\"Herramienta Menor (% mano de obra)\",$K$1143*H1119,H1119*I1119),0),\"\")","v":""}]
[null,{"$f":"+IFERROR(VLOOKUP($A1120,INSUMOS_BD2,3,FALSE),\"\")","v":""},null,null,{"$f":"+IFERROR(VLOOKUP($A1120,INSUMOS_BD2,4,FALSE),\"\")","v":""},null,null,{"$f":"+IFERROR(ROUND(IF($B1120=\"Herramienta Menor (% mano de obra)\",HM,VLOOKUP($A1120,INSUMOS_BD2,5,FALSE)),2),\"\")","v":""},null,null,{"$f":"+IFERROR(ROUND(IF($B1120=\"Herramienta Menor (% mano de obra)\",$K$1143*H1120,H1120*I1120),0),\"\")","v":""}]
[null,null,null,null,null,null,null,"SUB-TOTAL $",null,null,{"$f":"SUM(K1118:K1120)","v":0}]
[]
[null,"II. MATERIALES"]
[null,"DESCRIPCIÓN",null,null,null,null,"UNIDAD","CANTIDAD","PRECIO UNIT.",null,"VR/UNIT"]
["m54",{"$f":"+IFERROR(VLOOKUP($A1125,INSUMOS_BD2,3,FALSE),\"\")","v":"Piedra para gavión"},null,null,null,null,{"$f":"+IFERROR(VLOOKUP($A1125,INSUMOS_BD2,4,FALSE),\"\")","v":"m³"},1.1000000000000001,{"$f":"+IFERROR(VLOOKUP($A1125,INSUMOS_BD2,5,FALSE),\"\")","v":31900},null,{"$f":"IFERROR(ROUND(H1125*I1125,0),\"\")","v":35090}]
["m27",{"$f":"+IFERROR(VLOOKUP($A1126,INSUMOS_BD2,3,FALSE),\"\")","v":"ALAMBRE GALVANIZADO No.12"},null,null,null,null,{"$f":"+IFERROR(VLOOKUP($A1126,INSUMOS_BD2,4,FALSE),\"\")","v":"kg"},1.1499999999999999,{"$f":"+IFERROR(VLOOKUP($A1126,INSUMOS_BD2,5,FALSE),\"\")","v":5234.6666666666697},null,{"$f":"IFERROR(ROUND(H1126*I1126,0),\"\")","v":6020}]
["m42",{"$f":"+IFERROR(VLOOKUP($A1127,INSUMOS_BD2,3,FALSE),\"\")","v":"Formaleta (gaviones, juntas de bordillos, juntas de cunetas, muros, concretos clase D,E, F y G)"},null,null,null,null,{"$f":"+IFERROR(VLOOKUP($A1127,INSUMOS_BD2,4,FALSE),\"\")","v":"m²"},2,{"$f":"+IFERROR(VLOOKUP($A1127,INSUMOS_BD2,5,FALSE),\"\")","v":5678.6776972437101},null,{"$f":"IFERROR(ROUND(H1127*I1127,0),\"\")","v":11357}]
["m48",{"$f":"+IFERROR(VLOOKUP($A1128,INSUMOS_BD2,3,FALSE),\"\")","v":"MALLA PARA GAVIONES ( 2 M3) "},null,null,null,null,{"$f":"+IFERROR(VLOOKUP($A1128,INSUMOS_BD2,4,FALSE),\"\")","v":"und"},0.5,{"$f":"+IFERROR(VLOOKUP($A1128,INSUMOS_BD2,5,FALSE),\"\")","v":86484.304600000003},null,{"$f":"IFERROR(ROUND(H1128*I1128,0),\"\")","v":43242}]
[null,null,null,null,null,null,null,"SUB-TOTAL $",null,null,{"$f":"SUM(K1125:K1128)","v":95709}]
[]
[null,"III. TRANSPORTES"]
[null,"MATERIAL",null,null,null,"VOL. o PESO","DISTANCIA","FACT. EXPANSIÓN","TARIFA (M3 o Ton/Km)",null,"VR/UNIT"]
["t7",{"$f":"+IFERROR(VLOOKUP($A1133,INSUMOS_BD2,3,FALSE),\"\")","v":"Transporte de piedra para gaviones"},null,null,null,{"$f":"H1125","v":1.1000000000000001},1,null,{"$f":"+IFERROR(VLOOKUP($A1133,INSUMOS_BD2,5,FALSE),\"\")","v":1250},null,{"$f":"IFERROR(ROUND(F1133*G1133*I1133,0),\"\")","v":1375}]
[null,{"$f":"+IFERROR(VLOOKUP($A1134,INSUMOS_BD2,3,FALSE),\"\")","v":""},null,null,null,null,null,null,{"$f":"+IFERROR(VLOOKUP($A1134,INSUMOS_BD2,5,FALSE),\"\")","v":""},null,{"$f":"IFERROR(ROUND(F1134*G1134*I1134,0),\"\")","v":""}]
[null,{"$f":"+IFERROR(VLOOKUP($A1135,INSUMOS_BD2,3,FALSE),\"\")","v":""},null,null,null,null,null,null,{"$f":"+IFERROR(VLOOKUP($A1135,INSUMOS_BD2,5,FALSE),\"\")","v":""},null,{"$f":"IFERROR(ROUND(F1135*G1135*I1135,0),\"\")","v":""}]
[null,null,null,null,null,null,null,"SUB-TOTAL $",null,null,{"$f":"SUM(K1133:K1135)","v":1375}]
[]
[null,"IV. MANO DE OBRA"]
[null,"TRABAJADOR",null,null,null,"-","UND","VR/HORA","RENDIMIENTO",null,"VR/UNIT"]
["cd2",{"$f":"+IFERROR(VLOOKUP($A1140,Cuadrillas_DNP[],2,FALSE),\"\")","v":"Cuadrilla AA 1Of+2Ay (Albañilería)"},null,null,null,{"$f":"+IFERROR(VLOOKUP($A1140,INSUMOS_BD2,4,FALSE),\"\")","v":""},{"$f":"+IFERROR(VLOOKUP($A1140,Cuadrillas_DNP[],3,FALSE),\"\")","v":"hora"},{"$f":"+IFERROR(VLOOKUP($A1140,Cuadrillas_DNP[],6,FALSE),\"\")","v":23097},0.26500000000000001,null,{"$f":"IFERROR(ROUND(H1140*I1140,0),\"\")","v":6121}]
[null,{"$f":"+IFERROR(VLOOKUP($A1141,Cuadrillas_DNP[],2,FALSE),\"\")","v":""},null,null,null,{"$f":"+IFERROR(VLOOKUP($A1141,INSUMOS_BD2,4,FALSE),\"\")","v":""},{"$f":"+IFERROR(VLOOKUP($A1141,Cuadrillas_DNP[],3,FALSE),\"\")","v":""},{"$f":"+IFERROR(VLOOKUP($A1141,Cuadrillas_DNP[],6,FALSE),\"\")","v":""},null,null,{"$f":"IFERROR(ROUND(H1141*I1141,0),\"\")","v":""}]
[null,{"$f":"+IFERROR(VLOOKUP($A1142,Cuadrillas_DNP[],2,FALSE),\"\")","v":""},null,null,null,{"$f":"+IFERROR(VLOOKUP($A1142,INSUMOS_BD2,4,FALSE),\"\")","v":""},{"$f":"+IFERROR(VLOOKUP($A1142,Cuadrillas_DNP[],3,FALSE),\"\")","v":""},{"$f":"+IFERROR(VLOOKUP($A1142,Cuadrillas_DNP[],6,FALSE),\"\")","v":""},null,null,{"$f":"IFERROR(ROUND(H1142*I1142,0),\"\")","v":""}]
[null,null,null,null,null,null,null,"SUB-TOTAL $",null,null,{"$f":"SUM(K1140:K1142)","v":6121}]
[]
[null,"TOTAL COSTO DIRECTO $",null,null,null,null,null,null,null,null,{"$f":"ROUND((+K1143+K1136+K1129+K1121),0)","v":103205}]
[]
[null,"V. COSTOS INDIRECTOS"]
[null,"Descripción",null,null,null,null,null,"Porcentaje","Valor Total"]
[null,"ADMINISTRACION",null,null,null,null,null,{"$f":"+ADMON","v":0.01},{"$f":"+K1145*H1149","v":1032.05}]
[null,"IMPREVISTOS ",null,null,null,null,null,{"$f":"+IMPREVISTOS","v":0.02},{"$f":"+K1145*H1150","v":2064.1}]
[null,"UTILIDAD",null,null,null,null,null,{"$f":"+UTILIDAD","v":0.05},{"$f":"+K1145*H1151","v":5160.25}]
[null,"TOTAL COSTO INDIRECTO $",null,null,null,null,null,null,null,null,{"$f":"SUM(I1149:J1151)","v":8256.4}]
[]
[null,"Precio Unitario Total  $",null,null,null,null,null,null,null,null,{"$f":"+ROUND(K1152+K1145,0)","v":111461}]
[]
["APU-DNP25",{"$f":"IFERROR(VLOOKUP($A1156,LISTA_APU_DNP,2,FALSE),\"\")","v":"RELLENO GRANULAR PARA INSTALACIÓN DE MUROS DE CONTENCIÓN"},null,null,null,null,null,null,"Unidad:",{"$f":"IFERROR(VLOOKUP($A1156,LISTA_APU_DNP,3,FALSE),\"\")","v":"m³"},{"$f":"K1186","v":43725}]
[null,"I. EQUIPO"]
[null,"DESCRIPCIÓN",null,null,"UND","TIPO",null,"TARIFA","RENDIMIENTO",null,"VR/UNIT"]
["e19",{"$f":"+IFERROR(VLOOKUP($A1159,INSUMOS_BD2,3,FALSE),\"\")","v":" MOTONIVELADORA POTENCIA 215 HP, ANCHO DE CUCHILLA 4,27M, PESO 18 TN"},null,null,{"$f":"+IFERROR(VLOOKUP($A1159,INSUMOS_BD2,4,FALSE),\"\")","v":"hora"},null,null,{"$f":"+IFERROR(ROUND(IF($B1159=\"Herramienta Menor (% mano de obra)\",HM,VLOOKUP($A1159,INSUMOS_BD2,5,FALSE)),2),\"\")","v":164000},{"$f":"1/15","v":6.6666666666666666E-2},null,{"$f":"+IFERROR(ROUND(IF($B1159=\"Herramienta Menor (% mano de obra)\",$K$1102*H1159,H1159*I1159),0),\"\")","v":10933}]
["e23",{"$f":"+IFERROR(VLOOKUP($A1160,INSUMOS_BD2,3,FALSE),\"\")","v":" VIBROCOMPACTADOR  POTENCIA 153HP PESO 10 TON"},null,null,{"$f":"+IFERROR(VLOOKUP($A1160,INSUMOS_BD2,4,FALSE),\"\")","v":"hora"},null,null,{"$f":"+IFERROR(ROUND(IF($B1160=\"Herramienta Menor (% mano de obra)\",HM,VLOOKUP($A1160,INSUMOS_BD2,5,FALSE)),2),\"\")","v":142000},{"$f":"1/15","v":6.6666666666666666E-2},null,{"$f":"+IFERROR(ROUND(IF($B1160=\"Herramienta Menor (% mano de obra)\",$K$1102*H1160,H1160*I1160),0),\"\")","v":9467}]
["e31",{"$f":"+IFERROR(VLOOKUP($A1161,INSUMOS_BD2,3,FALSE),\"\")","v":"Herramienta Menor HM (% mano de obra)"},null,null,{"$f":"+IFERROR(VLOOKUP($A1161,INSUMOS_BD2,4,FALSE),\"\")","v":"glb"},null,null,{"$f":"+IFERROR(ROUND(IF($B1161=\"Herramienta Menor (% mano de obra)\",HM,VLOOKUP($A1161,INSUMOS_BD2,5,FALSE)),2),\"\")","v":0},null,null,{"$f":"+IFERROR(ROUND(IF($B1161=\"Herramienta Menor (% mano de obra)\",$K$1102*H1161,H1161*I1161),0),\"\")","v":0}]
[null,null,null,null,null,null,null,"SUB-TOTAL $",null,null,{"$f":"SUM(K1159:K1161)","v":20400}]
[]
[null,"II. MATERIALES"]
[null,"DESCRIPCIÓN",null,null,null,null,"UNIDAD","CANTIDAD","PRECIO UNIT.",null,"VR/UNIT"]
["m12",{"$f":"+IFERROR(VLOOKUP($A1166,INSUMOS_BD2,3,FALSE),\"\")","v":"MATERIAL SELECCIONADO PARA RELLENO"},null,null,null,null,{"$f":"+IFERROR(VLOOKUP($A1166,INSUMOS_BD2,4,FALSE),\"\")","v":"m³"},1.05,{"$f":"+IFERROR(VLOOKUP($A1166,INSUMOS_BD2,5,FALSE),\"\")","v":18848.266666666699},null,{"$f":"IFERROR(ROUND(H1166*I1166,0),\"\")","v":19791}]
["m120",{"$f":"+IFERROR(VLOOKUP($A1167,INSUMOS_BD2,3,FALSE),\"\")","v":"Agua"},null,null,null,null,{"$f":"+IFERROR(VLOOKUP($A1167,INSUMOS_BD2,4,FALSE),\"\")","v":"l"},30,{"$f":"+IFERROR(VLOOKUP($A1167,INSUMOS_BD2,5,FALSE),\"\")","v":46.26},null,{"$f":"IFERROR(ROUND(H1167*I1167,0),\"\")","v":1388}]
[null,{"$f":"+IFERROR(VLOOKUP($A1168,INSUMOS_BD2,3,FALSE),\"\")","v":""},null,null,null,null,{"$f":"+IFERROR(VLOOKUP($A1168,INSUMOS_BD2,4,FALSE),\"\")","v":""},null,{"$f":"+IFERROR(VLOOKUP($A1168,INSUMOS_BD2,5,FALSE),\"\")","v":""},null,{"$f":"IFERROR(ROUND(H1168*I1168,0),\"\")","v":""}]
[null,{"$f":"+IFERROR(VLOOKUP($A1169,INSUMOS_BD2,3,FALSE),\"\")","v":""},null,null,null,null,{"$f":"+IFERROR(VLOOKUP($A1169,INSUMOS_BD2,4,FALSE),\"\")","v":""},null,{"$f":"+IFERROR(VLOOKUP($A1169,INSUMOS_BD2,5,FALSE),\"\")","v":""},null,{"$f":"IFERROR(ROUND(H1169*I1169,0),\"\")","v":""}]
[null,null,null,null,null,null,null,"SUB-TOTAL $",null,null,{"$f":"SUM(K1166:K1169)","v":21179}]
[]
[null,"III. TRANSPORTES"]
[null,"MATERIAL",null,null,null,"VOL. o PESO","DISTANCIA","FACT. EXPANSIÓN","TARIFA (M3 o Ton/Km)",null,"VR/UNIT"]
["t15",{"$f":"+IFERROR(VLOOKUP($A1174,INSUMOS_BD2,3,FALSE),\"\")","v":"Transporte de material seleccionado para relleno"},null,null,null,{"$f":"H1166","v":1.05},1,"-",{"$f":"+IFERROR(VLOOKUP($A1174,INSUMOS_BD2,5,FALSE),\"\")","v":1250},null,{"$f":"IFERROR(ROUND(F1174*G1174*I1174,0),\"\")","v":1313}]
[null,{"$f":"+IFERROR(VLOOKUP($A1175,INSUMOS_BD2,3,FALSE),\"\")","v":""},null,null,null,null,null,null,{"$f":"+IFERROR(VLOOKUP($A1175,INSUMOS_BD2,5,FALSE),\"\")","v":""},null,{"$f":"IFERROR(ROUND(F1175*G1175*I1175,0),\"\")","v":""}]
[null,{"$f":"+IFERROR(VLOOKUP($A1176,INSUMOS_BD2,3,FALSE),\"\")","v":""},null,null,null,null,null,null,{"$f":"+IFERROR(VLOOKUP($A1176,INSUMOS_BD2,5,FALSE),\"\")","v":""},null,{"$f":"IFERROR(ROUND(F1176*G1176*I1176,0),\"\")","v":""}]
[null,null,null,null,null,null,null,"SUB-TOTAL $",null,null,{"$f":"SUM(K1174:K1176)","v":1313}]
[]
[null,"IV. MANO DE OBRA"]
[null,"TRABAJADOR",null,null,null,"-","UND","VR/HORA","RENDIMIENTO",null,"VR/UNIT"]
["cd2",{"$f":"+IFERROR(VLOOKUP($A1181,Cuadrillas_DNP[],2,FALSE),\"\")","v":"Cuadrilla AA 1Of+2Ay (Albañilería)"},null,null,null,{"$f":"+IFERROR(VLOOKUP($A1181,INSUMOS_BD2,4,FALSE),\"\")","v":""},{"$f":"+IFERROR(VLOOKUP($A1181,Cuadrillas_DNP[],3,FALSE),\"\")","v":"hora"},{"$f":"+IFERROR(VLOOKUP($A1181,Cuadrillas_DNP[],6,FALSE),\"\")","v":23097},3.6057507263876833E-2,null,{"$f":"IFERROR(ROUND(H1181*I1181,0),\"\")","v":833}]
[null,{"$f":"+IFERROR(VLOOKUP($A1182,Cuadrillas_DNP[],2,FALSE),\"\")","v":""},null,null,null,{"$f":"+IFERROR(VLOOKUP($A1182,INSUMOS_BD2,4,FALSE),\"\")","v":""},{"$f":"+IFERROR(VLOOKUP($A1182,Cuadrillas_DNP[],3,FALSE),\"\")","v":""},{"$f":"+IFERROR(VLOOKUP($A1182,Cuadrillas_DNP[],6,FALSE),\"\")","v":""},null,null,{"$f":"IFERROR(ROUND(H1182*I1182,0),\"\")","v":""}]
[null,{"$f":"+IFERROR(VLOOKUP($A1183,Cuadrillas_DNP[],2,FALSE),\"\")","v":""},null,null,null,{"$f":"+IFERROR(VLOOKUP($A1183,INSUMOS_BD2,4,FALSE),\"\")","v":""},{"$f":"+IFERROR(VLOOKUP($A1183,Cuadrillas_DNP[],3,FALSE),\"\")","v":""},{"$f":"+IFERROR(VLOOKUP($A1183,Cuadrillas_DNP[],6,FALSE),\"\")","v":""},null,null,{"$f":"IFERROR(ROUND(H1183*I1183,0),\"\")","v":""}]
[null,null,null,null,null,null,null,"SUB-TOTAL $",null,null,{"$f":"SUM(K1181:K1183)","v":833}]
[]
[null,"TOTAL COSTO DIRECTO $",null,null,null,null,null,null,null,null,{"$f":"ROUND((+K1184+K1177+K1170+K1162),0)","v":43725}]
[]
[null,"V. COSTOS INDIRECTOS"]
[null,"Descripción",null,null,null,null,null,"Porcentaje","Valor Total"]
[null,"ADMINISTRACION",null,null,null,null,null,{"$f":"+ADMON","v":0.01},{"$f":"+K1186*H1190","v":437.25}]
[null,"IMPREVISTOS ",null,null,null,null,null,{"$f":"+IMPREVISTOS","v":0.02},{"$f":"+K1186*H1191","v":874.5}]
[null,"UTILIDAD",null,null,null,null,null,{"$f":"+UTILIDAD","v":0.05},{"$f":"+K1186*H1192","v":2186.25}]
[null,"TOTAL COSTO INDIRECTO $",null,null,null,null,null,null,null,null,{"$f":"SUM(I1190:J1192)","v":3498}]
[]
[null,"Precio Unitario Total  $",null,null,null,null,null,null,null,null,{"$f":"+ROUND(K1193+K1186,0)","v":47223}]
[]
["APU-DNP28",{"$f":"IFERROR(VLOOKUP($A1197,LISTA_APU_DNP,2,FALSE),\"\")","v":"CONCRETO F'C=21 MPA PARA CONSTRUCCIÓN MURO DE CONTENCIÓN"},null,null,null,null,null,null,"Unidad:",{"$f":"IFERROR(VLOOKUP($A1197,LISTA_APU_DNP,3,FALSE),\"\")","v":"m³"},{"$f":"K1226","v":314548}]
[null,"I. EQUIPO"]
[null,"DESCRIPCIÓN",null,null,"UND","TIPO",null,"TARIFA","RENDIMIENTO",null,"VR/UNIT"]
["e48",{"$f":"+IFERROR(VLOOKUP($A1200,INSUMOS_BD2,3,FALSE),\"\")","v":"Vibrador a gasolina"},null,null,{"$f":"+IFERROR(VLOOKUP($A1200,INSUMOS_BD2,4,FALSE),\"\")","v":"hora"},null,null,{"$f":"+IFERROR(ROUND(IF($B1200=\"Herramienta Menor (% mano de obra)\",HM,VLOOKUP($A1200,INSUMOS_BD2,5,FALSE)),2),\"\")","v":3830},1,null,{"$f":"+IFERROR(ROUND(IF($B1200=\"Herramienta Menor (% mano de obra)\",$K$1224*H1200,H1200*I1200),0),\"\")","v":3830}]
["e47",{"$f":"+IFERROR(VLOOKUP($A1201,INSUMOS_BD2,3,FALSE),\"\")","v":"formaleta madera"},null,null,{"$f":"+IFERROR(VLOOKUP($A1201,INSUMOS_BD2,4,FALSE),\"\")","v":"m²"},null,null,{"$f":"+IFERROR(ROUND(IF($B1201=\"Herramienta Menor (% mano de obra)\",HM,VLOOKUP($A1201,INSUMOS_BD2,5,FALSE)),2),\"\")","v":2500},4,null,{"$f":"+IFERROR(ROUND(IF($B1201=\"Herramienta Menor (% mano de obra)\",$K$1224*H1201,H1201*I1201),0),\"\")","v":10000}]
["e31",{"$f":"+IFERROR(VLOOKUP($A1202,INSUMOS_BD2,3,FALSE),\"\")","v":"Herramienta Menor HM (% mano de obra)"},null,null,{"$f":"+IFERROR(VLOOKUP($A1202,INSUMOS_BD2,4,FALSE),\"\")","v":"glb"},null,null,{"$f":"+IFERROR(ROUND(IF($B1202=\"Herramienta Menor (% mano de obra)\",HM,VLOOKUP($A1202,INSUMOS_BD2,5,FALSE)),2),\"\")","v":0},null,null,{"$f":"+IFERROR(ROUND(IF($B1202=\"Herramienta Menor (% mano de obra)\",$K$1224*H1202,H1202*I1202),0),\"\")","v":0}]
[null,null,null,null,null,null,null,"SUB-TOTAL $",null,null,{"$f":"SUM(K1200:K1202)","v":13830}]
[]
[null,"II. MATERIALES"]
[null,"DESCRIPCIÓN",null,null,null,null,"UNIDAD","CANTIDAD","PRECIO UNIT.",null,"VR/UNIT"]
["m77",{"$f":"+IFERROR(VLOOKUP($A1207,INSUMOS_BD2,3,FALSE),\"\")","v":"CONCRETO DE 210 kg/cm² (3.000 PSI)"},null,null,null,null,{"$f":"+IFERROR(VLOOKUP($A1207,INSUMOS_BD2,4,FALSE),\"\")","v":"m³"},1.05,{"$f":"+IFERROR(VLOOKUP($A1207,INSUMOS_BD2,5,FALSE),\"\")","v":269510},null,{"$f":"IFERROR(ROUND(H1207*I1207,0),\"\")","v":282986}]
["m76",{"$f":"+IFERROR(VLOOKUP($A1208,INSUMOS_BD2,3,FALSE),\"\")","v":"MORTERO 1:3 PARA DILATACIONES"},null,null,null,null,{"$f":"+IFERROR(VLOOKUP($A1208,INSUMOS_BD2,4,FALSE),\"\")","v":"m"},0.02,{"$f":"+IFERROR(VLOOKUP($A1208,INSUMOS_BD2,5,FALSE),\"\")","v":309140},null,{"$f":"IFERROR(ROUND(H1208*I1208,0),\"\")","v":6183}]
[null,{"$f":"+IFERROR(VLOOKUP($A1209,INSUMOS_BD2,3,FALSE),\"\")","v":""},null,null,null,null,{"$f":"+IFERROR(VLOOKUP($A1209,INSUMOS_BD2,4,FALSE),\"\")","v":""},null,{"$f":"+IFERROR(VLOOKUP($A1209,INSUMOS_BD2,5,FALSE),\"\")","v":""},null,{"$f":"IFERROR(ROUND(H1209*I1209,0),\"\")","v":""}]
[null,null,null,null,null,null,null,"SUB-TOTAL $",null,null,{"$f":"SUM(K1207:K1209)","v":289169}]
[]
[null,"III. TRANSPORTES"]
[null,"MATERIAL",null,null,null,"VOL. o PESO","DISTANCIA","FACT. EXPANSIÓN","TARIFA (M3 o Ton/Km)",null,"VR/UNIT"]
[null,{"$f":"+IFERROR(VLOOKUP($A1214,INSUMOS_BD2,3,FALSE),\"\")","v":""},null,null,null,null,null,{"$f":"+IFERROR(VLOOKUP($A1214,INSUMOS_BD2,3,FALSE),\"\")","v":""},{"$f":"+IFERROR(VLOOKUP($A1214,INSUMOS_BD2,5,FALSE),\"\")","v":""},null,{"$f":"IFERROR(ROUND(F1214*G1214*I1214,0),\"\")","v":""}]
[null,{"$f":"+IFERROR(VLOOKUP($A1215,INSUMOS_BD2,3,FALSE),\"\")","v":""},null,null,null,null,null,{"$f":"+IFERROR(VLOOKUP($A1215,INSUMOS_BD2,3,FALSE),\"\")","v":""},{"$f":"+IFERROR(VLOOKUP($A1215,INSUMOS_BD2,5,FALSE),\"\")","v":""},null,{"$f":"IFERROR(ROUND(F1215*G1215*I1215,0),\"\")","v":""}]
[null,{"$f":"+IFERROR(VLOOKUP($A1216,INSUMOS_BD2,3,FALSE),\"\")","v":""},null,null,null,null,null,{"$f":"+IFERROR(VLOOKUP($A1216,INSUMOS_BD2,3,FALSE),\"\")","v":""},{"$f":"+IFERROR(VLOOKUP($A1216,INSUMOS_BD2,5,FALSE),\"\")","v":""},null,{"$f":"IFERROR(ROUND(F1216*G1216*I1216,0),\"\")","v":""}]
[null,null,null,null,null,null,null,"SUB-TOTAL $",null,null,{"$f":"SUM(K1214:K1216)","v":0}]
[]
[null,"IV. MANO DE OBRA"]
[null,"TRABAJADOR",null,null,null,null,"UND","VR/HORA","RENDIMIENTO",null,"VR/UNIT"]
["cd2",{"$f":"+IFERROR(VLOOKUP($A1221,Cuadrillas_DNP[],2,FALSE),\"\")","v":"Cuadrilla AA 1Of+2Ay (Albañilería)"},null,null,null,{"$f":"+IFERROR(VLOOKUP($A1221,INSUMOS_BD2,4,FALSE),\"\")","v":""},{"$f":"+IFERROR(VLOOKUP($A1221,Cuadrillas_DNP[],3,FALSE),\"\")","v":"hora"},{"$f":"+IFERROR(VLOOKUP($A1221,Cuadrillas_DNP[],6,FALSE),\"\")","v":23097},0.5,null,{"$f":"IFERROR(ROUND(H1221*I1221,0),\"\")","v":11549}]
[null,{"$f":"+IFERROR(VLOOKUP($A1222,Cuadrillas_DNP[],2,FALSE),\"\")","v":""},null,null,null,{"$f":"+IFERROR(VLOOKUP($A1222,INSUMOS_BD2,4,FALSE),\"\")","v":""},{"$f":"+IFERROR(VLOOKUP($A1222,Cuadrillas_DNP[],3,FALSE),\"\")","v":""},{"$f":"+IFERROR(VLOOKUP($A1222,Cuadrillas_DNP[],6,FALSE),\"\")","v":""},null,null,{"$f":"IFERROR(ROUND(H1222*I1222,0),\"\")","v":""}]
[null,{"$f":"+IFERROR(VLOOKUP($A1223,Cuadrillas_DNP[],2,FALSE),\"\")","v":""},null,null,null,{"$f":"+IFERROR(VLOOKUP($A1223,INSUMOS_BD2,4,FALSE),\"\")","v":""},{"$f":"+IFERROR(VLOOKUP($A1223,Cuadrillas_DNP[],3,FALSE),\"\")","v":""},{"$f":"+IFERROR(VLOOKUP($A1223,Cuadrillas_DNP[],6,FALSE),\"\")","v":""},null,null,{"$f":"IFERROR(ROUND(H1223*I1223,0),\"\")","v":""}]
[null,null,null,null,null,null,null,"SUB-TOTAL $",null,null,{"$f":"SUM(K1221:K1223)","v":11549}]
[]
[null,"TOTAL COSTO DIRECTO $",null,null,null,null,null,null,null,null,{"$f":"ROUND((+K1224+K1217+K1210+K1203),0)","v":314548}]
[]
[null,"V. COSTOS INDIRECTOS"]
[null,"Descripción",null,null,null,null,null,"Porcentaje","Valor Total"]
[null,"ADMINISTRACION",null,null,null,null,null,{"$f":"+ADMON","v":0.01},{"$f":"+K1226*H1230","v":3145.48}]
[null,"IMPREVISTOS ",null,null,null,null,null,{"$f":"+IMPREVISTOS","v":0.02},{"$f":"+K1226*H1231","v":6290.96}]
[null,"UTILIDAD",null,null,null,null,null,{"$f":"+UTILIDAD","v":0.05},{"$f":"+K1226*H1232","v":15727.400000000001}]
[null,"TOTAL COSTO INDIRECTO $",null,null,null,null,null,null,null,null,{"$f":"SUM(I1230:J1232)","v":25163.840000000004}]
[]
[null,"Precio Unitario Total  $",null,null,null,null,null,null,null,null,{"$f":"+ROUND(K1233+K1226,0)","v":339712}]
[]
["APU-DNP29",{"$f":"IFERROR(VLOOKUP($A1237,LISTA_APU_DNP,2,FALSE),\"\")","v":"GEOTEXTIL NT 1600 PARA CONSTRUCCIÓN MURO DE CONTENCIÓN"},null,null,null,null,null,null,"Unidad:",{"$f":"IFERROR(VLOOKUP($A1237,LISTA_APU_DNP,3,FALSE),\"\")","v":"m²"},{"$f":"K1266","v":6413}]
[null,"I. EQUIPO"]
[null,"DESCRIPCIÓN",null,null,"UND","TIPO",null,"TARIFA","RENDIMIENTO",null,"VR/UNIT"]
[null,{"$f":"+IFERROR(VLOOKUP($A1240,INSUMOS_BD2,3,FALSE),\"\")","v":""},null,null,{"$f":"+IFERROR(VLOOKUP($A1240,INSUMOS_BD2,4,FALSE),\"\")","v":""},null,null,{"$f":"+IFERROR(ROUND(IF($B1240=\"Herramienta Menor (% mano de obra)\",HM,VLOOKUP($A1240,INSUMOS_BD2,5,FALSE)),2),\"\")","v":""},null,null,{"$f":"+IFERROR(ROUND(IF($B1240=\"Herramienta Menor (% mano de obra)\",$K$1264*H1240,H1240*I1240),0),\"\")","v":""}]
[null,{"$f":"+IFERROR(VLOOKUP($A1241,INSUMOS_BD2,3,FALSE),\"\")","v":""},null,null,{"$f":"+IFERROR(VLOOKUP($A1241,INSUMOS_BD2,4,FALSE),\"\")","v":""},null,null,{"$f":"+IFERROR(ROUND(IF($B1241=\"Herramienta Menor (% mano de obra)\",HM,VLOOKUP($A1241,INSUMOS_BD2,5,FALSE)),2),\"\")","v":""},null,null,{"$f":"+IFERROR(ROUND(IF($B1241=\"Herramienta Menor (% mano de obra)\",$K$1264*H1241,H1241*I1241),0),\"\")","v":""}]
[null,{"$f":"+IFERROR(VLOOKUP($A1242,INSUMOS_BD2,3,FALSE),\"\")","v":""},null,null,{"$f":"+IFERROR(VLOOKUP($A1242,INSUMOS_BD2,4,FALSE),\"\")","v":""},null,null,{"$f":"+IFERROR(ROUND(IF($B1242=\"Herramienta Menor (% mano de obra)\",HM,VLOOKUP($A1242,INSUMOS_BD2,5,FALSE)),2),\"\")","v":""},null,null,{"$f":"+IFERROR(ROUND(IF($B1242=\"Herramienta Menor (% mano de obra)\",$K$1264*H1242,H1242*I1242),0),\"\")","v":""}]
[null,null,null,null,null,null,null,"SUB-TOTAL $",null,null,{"$f":"SUM(K1240:K1242)","v":0}]
[]
[null,"II. MATERIALES"]
[null,"DESCRIPCIÓN",null,null,null,null,"UNIDAD","CANTIDAD","PRECIO UNIT.",null,"VR/UNIT"]
["m122",{"$f":"+IFERROR(VLOOKUP($A1247,INSUMOS_BD2,3,FALSE),\"\")","v":"Geotextil Fortex BX-40"},null,null,null,null,{"$f":"+IFERROR(VLOOKUP($A1247,INSUMOS_BD2,4,FALSE),\"\")","v":"m²"},1.3,{"$f":"+IFERROR(VLOOKUP($A1247,INSUMOS_BD2,5,FALSE),\"\")","v":4453},null,{"$f":"IFERROR(ROUND(H1247*I1247,0),\"\")","v":5789}]
[null,{"$f":"+IFERROR(VLOOKUP($A1248,INSUMOS_BD2,3,FALSE),\"\")","v":""},null,null,null,null,{"$f":"+IFERROR(VLOOKUP($A1248,INSUMOS_BD2,4,FALSE),\"\")","v":""},null,{"$f":"+IFERROR(VLOOKUP($A1248,INSUMOS_BD2,5,FALSE),\"\")","v":""},null,{"$f":"IFERROR(ROUND(H1248*I1248,0),\"\")","v":""}]
[null,{"$f":"+IFERROR(VLOOKUP($A1249,INSUMOS_BD2,3,FALSE),\"\")","v":""},null,null,null,null,{"$f":"+IFERROR(VLOOKUP($A1249,INSUMOS_BD2,4,FALSE),\"\")","v":""},null,{"$f":"+IFERROR(VLOOKUP($A1249,INSUMOS_BD2,5,FALSE),\"\")","v":""},null,{"$f":"IFERROR(ROUND(H1249*I1249,0),\"\")","v":""}]
[null,null,null,null,null,null,null,"SUB-TOTAL $",null,null,{"$f":"SUM(K1247:K1249)","v":5789}]
[]
[null,"III. TRANSPORTES"]
[null,"MATERIAL",null,null,null,"VOL. o PESO","DISTANCIA","FACT. EXPANSIÓN","TARIFA (M3 o Ton/Km)",null,"VR/UNIT"]
[null,{"$f":"+IFERROR(VLOOKUP($A1254,INSUMOS_BD2,3,FALSE),\"\")","v":""},null,null,null,null,null,{"$f":"+IFERROR(VLOOKUP($A1254,INSUMOS_BD2,3,FALSE),\"\")","v":""},{"$f":"+IFERROR(VLOOKUP($A1254,INSUMOS_BD2,5,FALSE),\"\")","v":""},null,{"$f":"IFERROR(ROUND(F1254*G1254*I1254,0),\"\")","v":""}]
[null,{"$f":"+IFERROR(VLOOKUP($A1255,INSUMOS_BD2,3,FALSE),\"\")","v":""},null,null,null,null,null,{"$f":"+IFERROR(VLOOKUP($A1255,INSUMOS_BD2,3,FALSE),\"\")","v":""},{"$f":"+IFERROR(VLOOKUP($A1255,INSUMOS_BD2,5,FALSE),\"\")","v":""},null,{"$f":"IFERROR(ROUND(F1255*G1255*I1255,0),\"\")","v":""}]
[null,{"$f":"+IFERROR(VLOOKUP($A1256,INSUMOS_BD2,3,FALSE),\"\")","v":""},null,null,null,null,null,{"$f":"+IFERROR(VLOOKUP($A1256,INSUMOS_BD2,3,FALSE),\"\")","v":""},{"$f":"+IFERROR(VLOOKUP($A1256,INSUMOS_BD2,5,FALSE),\"\")","v":""},null,{"$f":"IFERROR(ROUND(F1256*G1256*I1256,0),\"\")","v":""}]
[null,null,null,null,null,null,null,"SUB-TOTAL $",null,null,{"$f":"SUM(K1254:K1256)","v":0}]
[]
[null,"IV. MANO DE OBRA"]
[null,"TRABAJADOR",null,null,null,null,"UND","VR/HORA","RENDIMIENTO",null,"VR/UNIT"]
["cd2",{"$f":"+IFERROR(VLOOKUP($A1261,Cuadrillas_DNP[],2,FALSE),\"\")","v":"Cuadrilla AA 1Of+2Ay (Albañilería)"},null,null,null,{"$f":"+IFERROR(VLOOKUP($A1261,INSUMOS_BD2,4,FALSE),\"\")","v":""},{"$f":"+IFERROR(VLOOKUP($A1261,Cuadrillas_DNP[],3,FALSE),\"\")","v":"hora"},{"$f":"+IFERROR(VLOOKUP($A1261,Cuadrillas_DNP[],6,FALSE),\"\")","v":23097},{"$f":"0.005/0.185","v":2.7027027027027029E-2},null,{"$f":"IFERROR(ROUND(H1261*I1261,0),\"\")","v":624}]
[null,{"$f":"+IFERROR(VLOOKUP($A1262,Cuadrillas_DNP[],2,FALSE),\"\")","v":""},null,null,null,{"$f":"+IFERROR(VLOOKUP($A1262,INSUMOS_BD2,4,FALSE),\"\")","v":""},{"$f":"+IFERROR(VLOOKUP($A1262,Cuadrillas_DNP[],3,FALSE),\"\")","v":""},{"$f":"+IFERROR(VLOOKUP($A1262,Cuadrillas_DNP[],6,FALSE),\"\")","v":""},null,null,{"$f":"IFERROR(ROUND(H1262*I1262,0),\"\")","v":""}]
[null,{"$f":"+IFERROR(VLOOKUP($A1263,Cuadrillas_DNP[],2,FALSE),\"\")","v":""},null,null,null,{"$f":"+IFERROR(VLOOKUP($A1263,INSUMOS_BD2,4,FALSE),\"\")","v":""},{"$f":"+IFERROR(VLOOKUP($A1263,Cuadrillas_DNP[],3,FALSE),\"\")","v":""},{"$f":"+IFERROR(VLOOKUP($A1263,Cuadrillas_DNP[],6,FALSE),\"\")","v":""},null,null,{"$f":"IFERROR(ROUND(H1263*I1263,0),\"\")","v":""}]
[null,null,null,null,null,null,null,"SUB-TOTAL $",null,null,{"$f":"SUM(K1261:K1263)","v":624}]
[]
[null,"TOTAL COSTO DIRECTO $",null,null,null,null,null,null,null,null,{"$f":"ROUND((+K1264+K1257+K1250+K1243),0)","v":6413}]
[]
[null,"V. COSTOS INDIRECTOS"]
[null,"Descripción",null,null,null,null,null,"Porcentaje","Valor Total"]
[null,"ADMINISTRACION",null,null,null,null,null,{"$f":"+ADMON","v":0.01},{"$f":"+K1266*H1270","v":64.13}]
[null,"IMPREVISTOS ",null,null,null,null,null,{"$f":"+IMPREVISTOS","v":0.02},{"$f":"+K1266*H1271","v":128.26}]
[null,"UTILIDAD",null,null,null,null,null,{"$f":"+UTILIDAD","v":0.05},{"$f":"+K1266*H1272","v":320.65000000000003}]
[null,"TOTAL COSTO INDIRECTO $",null,null,null,null,null,null,null,null,{"$f":"SUM(I1270:J1272)","v":513.04}]
[]
[null,"Precio Unitario Total  $",null,null,null,null,null,null,null,null,{"$f":"+ROUND(K1273+K1266,0)","v":6926}]

{"sheet":"APU_BÁSICO_DNP","index":6,"n_rows":172,"n_cols":12,"rows_kept":172,"cut":false,"hidden":false,"merged":[[168,1,168,4],[168,8,168,9],[169,8,169,9],[170,1,170,10],[171,1,171,9],[162,1,162,9],[163,1,163,10],[164,1,164,10],[165,1,165,4],[165,8,165,9],[166,1,166,4],[166,8,166,9],[167,1,167,4],[167,8,167,9],[156,1,156,10],[157,1,157,10],[158,1,158,4],[158,8,158,9],[159,1,159,4],[159,8,159,9],[160,1,160,4],[160,8,160,9],[161,1,161,4],[161,8,161,9],[151,1,151,5],[151,8,151,9],[152,1,152,5],[152,8,152,9],[153,1,153,5],[153,8,153,9],[154,1,154,5],[154,8,154,9],[155,8,155,9],[145,1,145,3],[145,5,145,6],[145,8,145,9],[146,8,146,9],[147,1,147,10],[148,1,148,10],[149,1,149,5],[149,8,149,9],[150,1,150,5],[150,8,150,9],[141,1,141,10],[142,1,142,3],[142,5,142,6],[142,8,142,9],[143,1,143,3],[143,5,143,6],[143,8,143,9],[144,1,144,3],[144,5,144,6],[144,8,144,9],[103,1,103,4],[103,8,103,9],[104,8,104,9],[105,1,105,10],[106,1,106,9],[97,1,97,9],[98,1,98,10],[99,1,99,10],[100,1,100,4],[100,8,100,9],[101,1,101,4],[101,8,101,9],[102,1,102,4],[102,8,102,9],[91,1,91,10],[92,1,92,10],[93,1,93,4],[93,8,93,9],[94,1,94,4],[94,8,94,9],[95,1,95,4],[95,8,95,9],[96,1,96,4],[96,8,96,9],[86,1,86,5],[86,8,86,9],[87,1,87,5],[87,8,87,9],[88,1,88,5],[88,8,88,9],[89,1,89,5],[89,8,89,9],[90,8,90,9],[80,1,80,3],[80,5,80,6],[80,8,80,9],[81,8,81,9],[82,1,82,10],[83,1,83,10],[84,1,84,5],[84,8,84,9],[85,1,85,5],[85,8,85,9],[77,1,77,3],[77,5,77,6],[77,8,77,9],[78,1,78,3],[78,5,78,6],[78,8,78,9],[79,1,79,3],[79,5,79,6],[79,8,79,9],[57,8,57,9],[58,1,58,10],[59,1,59,10],[60,1,60,4],[60,8,60,9],[61,1,61,4],[76,1,76,10],[23,1,23,5],[23,8,23,9],[38,1,38,4],[38,8,38,9],[39,8,39,9],[40,1,40,10],[41,1,41,9],[54,8,54,9],[55,1,55,5],[55,8,55,9],[56,1,56,5],[56,8,56,9],[24,1,24,5],[24,8,24,9],[34,1,34,10],[35,1,35,4],[35,8,35,9],[36,1,36,4],[36,8,36,9],[37,1,37,4],[37,8,37,9],[30,1,30,4],[30,8,30,9],[31,1,31,4],[31,8,31,9],[32,1,32,9],[33,1,33,10],[2,1,2,10],[3,1,3,10],[4,1,4,10],[5,1,5,10],[6,8,6,10],[7,1,7,10],[16,8,16,9],[17,1,17,10],[18,1,18,10],[14,1,14,3],[14,5,14,6],[14,8,14,9],[15,1,15,3],[15,5,15,6],[15,8,15,9],[54,1,54,5],[9,1,9,10],[11,1,11,10],[12,1,12,3],[12,5,12,6],[12,8,12,9],[13,1,13,3],[13,5,13,6],[13,8,13,9],[19,1,19,5],[19,8,19,9],[20,1,20,5],[20,8,20,9],[25,8,25,9],[26,1,26,10],[27,1,27,10],[28,1,28,4],[28,8,28,9],[29,1,29,4],[29,8,29,9],[21,1,21,5],[21,8,21,9],[22,1,22,5],[22,8,22,9],[48,1,48,3],[48,5,48,6],[48,8,48,9],[49,8,49,9],[50,1,50,10],[51,1,51,10],[52,1,52,5],[52,8,52,9],[53,1,53,5],[53,8,53,9],[44,1,44,10],[45,1,45,3],[45,5,45,6],[45,8,45,9],[46,1,46,3],[46,5,46,6],[46,8,46,9],[47,1,47,3],[47,5,47,6],[47,8,47,9],[61,8,61,9],[62,1,62,4],[62,8,62,9],[63,1,63,4],[63,8,63,9],[64,1,64,9],[65,1,65,10],[66,1,66,10],[67,1,67,4],[67,8,67,9],[68,1,68,4],[68,8,68,9],[69,1,69,4],[69,8,69,9],[70,1,70,4],[70,8,70,9],[71,8,71,9],[72,1,72,10],[73,1,73,9],[109,1,109,10],[110,1,110,3],[110,5,110,6],[110,8,110,9],[111,1,111,3],[111,5,111,6],[111,8,111,9],[112,1,112,3],[112,5,112,6],[112,8,112,9],[113,1,113,3],[113,5,113,6],[113,8,113,9],[114,8,114,9],[115,1,115,10],[116,1,116,10],[117,1,117,5],[117,8,117,9],[118,1,118,5],[118,8,118,9],[119,1,119,5],[119,8,119,9],[120,1,120,5],[120,8,120,9],[121,1,121,5],[121,8,121,9],[122,8,122,9],[123,1,123,10],[124,1,124,10],[125,1,125,4],[125,8,125,9],[126,1,126,4],[126,8,126,9],[127,1,127,4],[127,8,127,9],[128,1,128,4],[128,8,128,9],[129,1,129,9],[136,8,136,9],[137,1,137,10],[138,1,138,9],[130,1,130,10],[131,1,131,10],[132,1,132,4],[132,8,132,9],[133,1,133,4],[133,8,133,9],[134,1,134,4],[134,8,134,9],[135,1,135,4],[135,8,135,9]]}
[null,null,null,5]
[]
[null,"REPÚBLICA DE COLOMBIA"]
[null,{"$f":"+DPTO","v":"DEPARTAMENTO DEL CAUCA"}]
[null,{"$f":"+Nom_Mpio1","v":"MUNICIPIO LA ESTRELLA FLUVIAL"}]
[null,{"$f":"Dependencia","v":"SECRETARÍA DE OBRAS PÚBLICAS"}]
[null,null,null,null,null,null,null,"Fecha:",{"$f":"+Fecha_Pres","v":"2019-10-11"}]
[null,{"$f":"Nom_proy1","v":"MEJORAMIENTO DEL TRAMO VIAL LA PAZ - EL PROGRESO ENTRE EL K5+000 Y EL K6+000 DEL MUNICIPIO LA ESTRELLA FLUVIAL"}]
[]
[null,"ANÁLISIS DE PRECIOS UNITARIOS BÁSICOS"]
["APU-DNP32",{"$f":"IFERROR(VLOOKUP($A11,LISTA_APU,2,FALSE),\"\")","v":""},null,null,null,null,null,null,"Unidad:",{"$f":"IFERROR(VLOOKUP($A11,LISTA_APU,3,FALSE),\"\")","v":""},{"$f":"K42","v":269510}]
[null,"I. EQUIPO"]
[null,"DESCRIPCIÓN",null,null,"MARCA","TIPO",null,"TARIFA/HORA","RENDIMIENTO",null,"Vr. UNITARIO"]
[null,{"$f":"+IFERROR(VLOOKUP($A14,INSUMOS_BD2,3,FALSE),\"\")","v":""},null,null,null,null,null,{"$f":"+IFERROR(ROUND(IF($B14=\"Herramienta Menor (% mano de obra)\",HM,VLOOKUP($A14,INSUMOS_BD2,5,FALSE)),2),\"\")","v":""},null,null,{"$f":"+IFERROR(ROUND(IF($B14=\"Herramienta Menor (% mano de obra)\",$K$40*H14,H14/I14),0),\"\")","v":""}]
[null,{"$f":"+IFERROR(VLOOKUP($A15,INSUMOS_BD2,3,FALSE),\"\")","v":""},null,null,null,null,null,{"$f":"+IFERROR(ROUND(IF($B15=\"Herramienta Menor (% mano de obra)\",HM,VLOOKUP($A15,INSUMOS_BD2,5,FALSE)),2),\"\")","v":""},null,null,{"$f":"+IFERROR(ROUND(IF($B15=\"Herramienta Menor (% mano de obra)\",$K$40*H15,H15/I15),0),\"\")","v":""}]
[null,{"$f":"+IFERROR(VLOOKUP($A16,INSUMOS_BD2,3,FALSE),\"\")","v":""},null,null,null,null,null,{"$f":"+IFERROR(ROUND(IF($B16=\"Herramienta Menor (% mano de obra)\",HM,VLOOKUP($A16,INSUMOS_BD2,5,FALSE)),2),\"\")","v":""},null,null,{"$f":"+IFERROR(ROUND(IF($B16=\"Herramienta Menor (% mano de obra)\",$K$40*H16,H16/I16),0),\"\")","v":""}]
[null,null,null,null,null,null,null,null,"SUBTOTAL $",null,{"$f":"SUM(K14:K16)","v":0}]
[]
[null,"II. MATERIALES"]
[null,"DESCRIPCIÓN",null,null,null,null,"UNIDAD","CANTIDAD","PRECIO UNIT.",null,"Vr. UNITARIO"]
["m96",{"$f":"+IFERROR(VLOOKUP($A21,INSUMOS_BD2,3,FALSE),\"\")","v":"Cemento"},null,null,null,null,{"$f":"+IFERROR(VLOOKUP($A21,INSUMOS_BD2,4,FALSE),\"\")","v":"kg"},350,{"$f":"+IFERROR(VLOOKUP($A21,INSUMOS_BD2,5,FALSE),\"\")","v":570},null,{"$f":"IFERROR(ROUND(H21*I21,0),\"\")","v":199500}]
["m97",{"$f":"+IFERROR(VLOOKUP($A22,INSUMOS_BD2,3,FALSE),\"\")","v":"Arena de rio"},null,null,null,null,{"$f":"+IFERROR(VLOOKUP($A22,INSUMOS_BD2,4,FALSE),\"\")","v":"m³"},0.56000000000000005,{"$f":"+IFERROR(VLOOKUP($A22,INSUMOS_BD2,5,FALSE),\"\")","v":44000},null,{"$f":"IFERROR(ROUND(H22*I22,0),\"\")","v":24640}]
["m98",{"$f":"+IFERROR(VLOOKUP($A23,INSUMOS_BD2,3,FALSE),\"\")","v":"Grava"},null,null,null,null,{"$f":"+IFERROR(VLOOKUP($A23,INSUMOS_BD2,4,FALSE),\"\")","v":"m³"},0.84,{"$f":"+IFERROR(VLOOKUP($A23,INSUMOS_BD2,5,FALSE),\"\")","v":48000},null,{"$f":"IFERROR(ROUND(H23*I23,0),\"\")","v":40320}]
["e54",{"$f":"+IFERROR(VLOOKUP($A24,INSUMOS_BD2,3,FALSE),\"\")","v":"Mezcladora de trompo"},null,null,null,null,{"$f":"+IFERROR(VLOOKUP($A24,INSUMOS_BD2,4,FALSE),\"\")","v":"día"},0.13,{"$f":"+IFERROR(VLOOKUP($A24,INSUMOS_BD2,5,FALSE),\"\")","v":25000},null,{"$f":"IFERROR(ROUND(H24*I24,0),\"\")","v":3250}]
["m118",{"$f":"+IFERROR(VLOOKUP($A25,INSUMOS_BD2,3,FALSE),\"\")","v":"Agua"},null,null,null,null,{"$f":"+IFERROR(VLOOKUP($A25,INSUMOS_BD2,4,FALSE),\"\")","v":"l"},180,{"$f":"+IFERROR(VLOOKUP($A25,INSUMOS_BD2,5,FALSE),\"\")","v":10},null,{"$f":"IFERROR(ROUND(H25*I25,0),\"\")","v":1800}]
[null,null,null,null,null,null,null,null,"SUBTOTAL $",null,{"$f":"SUM(K21:K25)","v":269510}]
[]
[null,"III. TRANSPORTES"]
[null,"MATERIAL",null,null,null,"FACT. EXPANSIÓN","DISTANCIA","VOL. o PESO","TARIFA (M3 o Ton/Km)",null,"Vr. UNITARIO"]
[null,{"$f":"+IFERROR(VLOOKUP($A30,INSUMOS_BD2,3,FALSE),\"\")","v":""},null,null,null,null,null,{"$f":"+IFERROR(VLOOKUP($A30,INSUMOS_BD2,3,FALSE),\"\")","v":""},{"$f":"+IFERROR(VLOOKUP($A30,INSUMOS_BD2,5,FALSE),\"\")","v":""},null,{"$f":"IFERROR(ROUND(F30*G30*I30,0),\"\")","v":""}]
[null,{"$f":"+IFERROR(VLOOKUP($A31,INSUMOS_BD2,3,FALSE),\"\")","v":""},null,null,null,null,null,{"$f":"+IFERROR(VLOOKUP($A31,INSUMOS_BD2,3,FALSE),\"\")","v":""},{"$f":"+IFERROR(VLOOKUP($A31,INSUMOS_BD2,5,FALSE),\"\")","v":""},null,{"$f":"IFERROR(ROUND(F31*G31*I31,0),\"\")","v":""}]
[null,{"$f":"+IFERROR(VLOOKUP($A32,INSUMOS_BD2,3,FALSE),\"\")","v":""},null,null,null,null,null,{"$f":"+IFERROR(VLOOKUP($A32,INSUMOS_BD2,3,FALSE),\"\")","v":""},{"$f":"+IFERROR(VLOOKUP($A32,INSUMOS_BD2,5,FALSE),\"\")","v":""},null,{"$f":"IFERROR(ROUND(F32*G32*I32,0),\"\")","v":""}]
[null,"SUBTOTAL $",null,null,null,null,null,null,null,null,{"$f":"SUM(K30:K32)","v":0}]
[]
[null,"IV. MANO DE OBRA"]
[null,"TRABAJADOR",null,null,null,"JORNAL","PRESTACIÓN","JORNAL TOTAL","RENDIMIENTO",null,"Vr. UNITARIO"]
[null,{"$f":"+IFERROR(VLOOKUP($A37,INSUMOS_BD2,3,FALSE),\"\")","v":""},null,null,null,{"$f":"+IFERROR(VLOOKUP($A37,INSUMOS_BD2,5,FALSE),\"\")","v":""},null,{"$f":"IFERROR(F37*(1+G37),\"\")","v":""},null,null,{"$f":"IFERROR(ROUND(H37/I37,0),\"\")","v":""}]
[null,{"$f":"+IFERROR(VLOOKUP($A38,INSUMOS_BD2,3,FALSE),\"\")","v":""},null,null,null,{"$f":"+IFERROR(VLOOKUP($A38,INSUMOS_BD2,5,FALSE),\"\")","v":""},null,{"$f":"IFERROR(F38*(1+G38),\"\")","v":""},null,null,{"$f":"IFERROR(ROUND(H38/I38,0),\"\")","v":""}]
[null,{"$f":"+IFERROR(VLOOKUP($A39,INSUMOS_BD2,3,FALSE),\"\")","v":""},null,null,null,{"$f":"+IFERROR(VLOOKUP($A39,INSUMOS_BD2,5,FALSE),\"\")","v":""},null,{"$f":"IFERROR(F39*(1+G39),\"\")","v":""},null,null,{"$f":"IFERROR(ROUND(H39/I39,0),\"\")","v":""}]
[null,null,null,null,null,null,null,null,"SUBTOTAL $",null,{"$f":"SUM(K37:K39)","v":0}]
[]
[null,"TOTAL COSTO DIRECTO $",null,null,null,null,null,null,null,null,{"$f":"ROUND((+K40+K33+K26+K17),0)","v":269510}]
[]
["APU-DNP33",{"$f":"IFERROR(VLOOKUP($A44,LISTA_APU,2,FALSE),\"\")","v":""},null,null,null,null,null,null,"Unidad:",{"$f":"IFERROR(VLOOKUP($A44,LISTA_APU,3,FALSE),\"\")","v":""},{"$f":"K74","v":309140}]
[null,"I. EQUIPO"]
[null,"DESCRIPCIÓN",null,null,"MARCA","TIPO",null,"TARIFA/HORA","RENDIMIENTO",null,"Vr. UNITARIO"]
[null,{"$f":"+IFERROR(VLOOKUP($A47,INSUMOS_BD2,3,FALSE),\"\")","v":""},null,null,null,null,null,{"$f":"+IFERROR(ROUND(IF($B47=\"Herramienta Menor (% mano de obra)\",HM,VLOOKUP($A47,INSUMOS_BD2,5,FALSE)),2),\"\")","v":""},null,null,{"$f":"+IFERROR(ROUND(IF($B47=\"Herramienta Menor (% mano de obra)\",$K$72*H47,H47/I47),0),\"\")","v":""}]
[null,{"$f":"+IFERROR(VLOOKUP($A48,INSUMOS_BD2,3,FALSE),\"\")","v":""},null,null,null,null,null,{"$f":"+IFERROR(ROUND(IF($B48=\"Herramienta Menor (% mano de obra)\",HM,VLOOKUP($A48,INSUMOS_BD2,5,FALSE)),2),\"\")","v":""},null,null,{"$f":"+IFERROR(ROUND(IF($B48=\"Herramienta Menor (% mano de obra)\",$K$72*H48,H48/I48),0),\"\")","v":""}]
[null,{"$f":"+IFERROR(VLOOKUP($A49,INSUMOS_BD2,3,FALSE),\"\")","v":""},null,null,null,null,null,{"$f":"+IFERROR(ROUND(IF($B49=\"Herramienta Menor (% mano de obra)\",HM,VLOOKUP($A49,INSUMOS_BD2,5,FALSE)),2),\"\")","v":""},null,null,{"$f":"+IFERROR(ROUND(IF($B49=\"Herramienta Menor (% mano de obra)\",$K$72*H49,H49/I49),0),\"\")","v":""}]
[null,null,null,null,null,null,null,null,"SUBTOTAL $",null,{"$f":"SUM(K47:K49)","v":0}]
[]
[null,"II. MATERIALES"]
[null,"DESCRIPCIÓN",null,null,null,null,"UNIDAD","CANTIDAD","PRECIO UNIT.",null,"Vr. UNITARIO"]
["m96",{"$f":"+IFERROR(VLOOKUP($A54,INSUMOS_BD2,3,FALSE),\"\")","v":"Cemento"},null,null,null,null,{"$f":"+IFERROR(VLOOKUP($A54,INSUMOS_BD2,4,FALSE),\"\")","v":"kg"},454,{"$f":"+IFERROR(VLOOKUP($A54,INSUMOS_BD2,5,FALSE),\"\")","v":570},null,{"$f":"IFERROR(ROUND(H54*I54,0),\"\")","v":258780}]
["m97",{"$f":"+IFERROR(VLOOKUP($A55,INSUMOS_BD2,3,FALSE),\"\")","v":"Arena de rio"},null,null,null,null,{"$f":"+IFERROR(VLOOKUP($A55,INSUMOS_BD2,4,FALSE),\"\")","v":"m³"},1.0900000000000001,{"$f":"+IFERROR(VLOOKUP($A55,INSUMOS_BD2,5,FALSE),\"\")","v":44000},null,{"$f":"IFERROR(ROUND(H55*I55,0),\"\")","v":47960}]
["m118",{"$f":"+IFERROR(VLOOKUP($A56,INSUMOS_BD2,3,FALSE),\"\")","v":"Agua"},null,null,null,null,{"$f":"+IFERROR(VLOOKUP($A56,INSUMOS_BD2,4,FALSE),\"\")","v":"l"},240,{"$f":"+IFERROR(VLOOKUP($A56,INSUMOS_BD2,5,FALSE),\"\")","v":10},null,{"$f":"IFERROR(ROUND(H56*I56,0),\"\")","v":2400}]
[null,{"$f":"+IFERROR(VLOOKUP($A57,INSUMOS_BD2,3,FALSE),\"\")","v":""},null,null,null,null,{"$f":"+IFERROR(VLOOKUP($A57,INSUMOS_BD2,4,FALSE),\"\")","v":""},null,{"$f":"+IFERROR(VLOOKUP($A57,INSUMOS_BD2,5,FALSE),\"\")","v":""},null,{"$f":"IFERROR(ROUND(H57*I57,0),\"\")","v":""}]
[null,null,null,null,null,null,null,null,"SUBTOTAL $",null,{"$f":"SUM(K54:K57)","v":309140}]
[]
[null,"III. TRANSPORTES"]
[null,"MATERIAL",null,null,null,"FACT. EXPANSIÓN","DISTANCIA","VOL. o PESO","TARIFA (M3 o Ton/Km)",null,"Vr. UNITARIO"]
[null,{"$f":"+IFERROR(VLOOKUP($A62,INSUMOS_BD2,3,FALSE),\"\")","v":""},null,null,null,null,null,{"$f":"+IFERROR(VLOOKUP($A62,INSUMOS_BD2,3,FALSE),\"\")","v":""},{"$f":"+IFERROR(VLOOKUP($A62,INSUMOS_BD2,5,FALSE),\"\")","v":""},null,{"$f":"IFERROR(ROUND(F62*G62*I62,0),\"\")","v":""}]
[null,{"$f":"+IFERROR(VLOOKUP($A63,INSUMOS_BD2,3,FALSE),\"\")","v":""},null,null,null,null,null,{"$f":"+IFERROR(VLOOKUP($A63,INSUMOS_BD2,3,FALSE),\"\")","v":""},{"$f":"+IFERROR(VLOOKUP($A63,INSUMOS_BD2,5,FALSE),\"\")","v":""},null,{"$f":"IFERROR(ROUND(F63*G63*I63,0),\"\")","v":""}]
[null,{"$f":"+IFERROR(VLOOKUP($A64,INSUMOS_BD2,3,FALSE),\"\")","v":""},null,null,null,null,null,{"$f":"+IFERROR(VLOOKUP($A64,INSUMOS_BD2,3,FALSE),\"\")","v":""},{"$f":"+IFERROR(VLOOKUP($A64,INSUMOS_BD2,5,FALSE),\"\")","v":""},null,{"$f":"IFERROR(ROUND(F64*G64*I64,0),\"\")","v":""}]
[null,"SUBTOTAL $",null,null,null,null,null,null,null,null,{"$f":"SUM(K62:K64)","v":0}]
[]
[null,"IV. MANO DE OBRA"]
[null,"TRABAJADOR",null,null,null,"JORNAL","PRESTACIÓN","JORNAL TOTAL","RENDIMIENTO",null,"Vr. UNITARIO"]
[null,{"$f":"+IFERROR(VLOOKUP($A69,INSUMOS_BD2,3,FALSE),\"\")","v":""},null,null,null,{"$f":"+IFERROR(VLOOKUP($A69,INSUMOS_BD2,5,FALSE),\"\")","v":""},null,{"$f":"IFERROR(F69*(1+G69),\"\")","v":""},null,null,{"$f":"IFERROR(ROUND(H69/I69,0),\"\")","v":""}]
[null,{"$f":"+IFERROR(VLOOKUP($A70,INSUMOS_BD2,3,FALSE),\"\")","v":""},null,null,null,{"$f":"+IFERROR(VLOOKUP($A70,INSUMOS_BD2,5,FALSE),\"\")","v":""},null,{"$f":"IFERROR(F70*(1+G70),\"\")","v":""},null,null,{"$f":"IFERROR(ROUND(H70/I70,0),\"\")","v":""}]
[null,{"$f":"+IFERROR(VLOOKUP($A71,INSUMOS_BD2,3,FALSE),\"\")","v":""},null,null,null,{"$f":"+IFERROR(VLOOKUP($A71,INSUMOS_BD2,5,FALSE),\"\")","v":""},null,{"$f":"IFERROR(F71*(1+G71),\"\")","v":""},null,null,{"$f":"IFERROR(ROUND(H71/I71,0),\"\")","v":""}]
[null,null,null,null,null,null,null,null,"SUBTOTAL $",null,{"$f":"SUM(K69:K71)","v":0}]
[]
[null,"TOTAL COSTO DIRECTO $",null,null,null,null,null,null,null,null,{"$f":"ROUND((+K72+K65+K58+K50),0)","v":309140}]
[]
["APU-DNP34",{"$f":"IFERROR(VLOOKUP($A76,LISTA_APU,2,FALSE),\"\")","v":""},null,null,null,null,null,null,"Unidad:",{"$f":"IFERROR(VLOOKUP($A76,LISTA_APU,3,FALSE),\"\")","v":""},{"$f":"K107","v":204410}]
[null,"I. EQUIPO"]
[null,"DESCRIPCIÓN",null,null,"MARCA","TIPO",null,"TARIFA/HORA","RENDIMIENTO",null,"Vr. UNITARIO"]
[null,{"$f":"+IFERROR(VLOOKUP($A79,INSUMOS_BD2,3,FALSE),\"\")","v":""},null,null,null,null,null,{"$f":"+IFERROR(ROUND(IF($B79=\"Herramienta Menor (% mano de obra)\",HM,VLOOKUP($A79,INSUMOS_BD2,5,FALSE)),2),\"\")","v":""},null,null,{"$f":"+IFERROR(ROUND(IF($B79=\"Herramienta Menor (% mano de obra)\",$K$40*H79,H79/I79),0),\"\")","v":""}]
[null,{"$f":"+IFERROR(VLOOKUP($A80,INSUMOS_BD2,3,FALSE),\"\")","v":""},null,null,null,null,null,{"$f":"+IFERROR(ROUND(IF($B80=\"Herramienta Menor (% mano de obra)\",HM,VLOOKUP($A80,INSUMOS_BD2,5,FALSE)),2),\"\")","v":""},null,null,{"$f":"+IFERROR(ROUND(IF($B80=\"Herramienta Menor (% mano de obra)\",$K$40*H80,H80/I80),0),\"\")","v":""}]
[null,{"$f":"+IFERROR(VLOOKUP($A81,INSUMOS_BD2,3,FALSE),\"\")","v":""},null,null,null,null,null,{"$f":"+IFERROR(ROUND(IF($B81=\"Herramienta Menor (% mano de obra)\",HM,VLOOKUP($A81,INSUMOS_BD2,5,FALSE)),2),\"\")","v":""},null,null,{"$f":"+IFERROR(ROUND(IF($B81=\"Herramienta Menor (% mano de obra)\",$K$40*H81,H81/I81),0),\"\")","v":""}]
[null,null,null,null,null,null,null,null,"SUBTOTAL $",null,{"$f":"SUM(K79:K81)","v":0}]
[]
[null,"II. MATERIALES"]
[null,"DESCRIPCIÓN",null,null,null,null,"UNIDAD","CANTIDAD","PRECIO UNIT.",null,"Vr. UNITARIO"]
["m96",{"$f":"+IFERROR(VLOOKUP($A86,INSUMOS_BD2,3,FALSE),\"\")","v":"Cemento"},null,null,null,null,{"$f":"+IFERROR(VLOOKUP($A86,INSUMOS_BD2,4,FALSE),\"\")","v":"kg"},230,{"$f":"+IFERROR(VLOOKUP($A86,INSUMOS_BD2,5,FALSE),\"\")","v":570},null,{"$f":"IFERROR(ROUND(H86*I86,0),\"\")","v":131100}]
["m97",{"$f":"+IFERROR(VLOOKUP($A87,INSUMOS_BD2,3,FALSE),\"\")","v":"Arena de rio"},null,null,null,null,{"$f":"+IFERROR(VLOOKUP($A87,INSUMOS_BD2,4,FALSE),\"\")","v":"m³"},0.55000000000000004,{"$f":"+IFERROR(VLOOKUP($A87,INSUMOS_BD2,5,FALSE),\"\")","v":44000},null,{"$f":"IFERROR(ROUND(H87*I87,0),\"\")","v":24200}]
["m98",{"$f":"+IFERROR(VLOOKUP($A88,INSUMOS_BD2,3,FALSE),\"\")","v":"Grava"},null,null,null,null,{"$f":"+IFERROR(VLOOKUP($A88,INSUMOS_BD2,4,FALSE),\"\")","v":"m³"},0.92,{"$f":"+IFERROR(VLOOKUP($A88,INSUMOS_BD2,5,FALSE),\"\")","v":48000},null,{"$f":"IFERROR(ROUND(H88*I88,0),\"\")","v":44160}]
["e54",{"$f":"+IFERROR(VLOOKUP($A89,INSUMOS_BD2,3,FALSE),\"\")","v":"Mezcladora de trompo"},null,null,null,null,{"$f":"+IFERROR(VLOOKUP($A89,INSUMOS_BD2,4,FALSE),\"\")","v":"día"},0.13,{"$f":"+IFERROR(VLOOKUP($A89,INSUMOS_BD2,5,FALSE),\"\")","v":25000},null,{"$f":"IFERROR(ROUND(H89*I89,0),\"\")","v":3250}]
["m118",{"$f":"+IFERROR(VLOOKUP($A90,INSUMOS_BD2,3,FALSE),\"\")","v":"Agua"},null,null,null,null,{"$f":"+IFERROR(VLOOKUP($A90,INSUMOS_BD2,4,FALSE),\"\")","v":"l"},170,{"$f":"+IFERROR(VLOOKUP($A90,INSUMOS_BD2,5,FALSE),\"\")","v":10},null,{"$f":"IFERROR(ROUND(H90*I90,0),\"\")","v":1700}]
[null,null,null,null,null,null,null,null,"SUBTOTAL $",null,{"$f":"SUM(K86:K90)","v":204410}]
[]
[null,"III. TRANSPORTES"]
[null,"MATERIAL",null,null,null,"FACT. EXPANSIÓN","DISTANCIA","VOL. o PESO","TARIFA (M3 o Ton/Km)",null,"Vr. UNITARIO"]
[null,{"$f":"+IFERROR(VLOOKUP($A95,INSUMOS_BD2,3,FALSE),\"\")","v":""},null,null,null,null,null,{"$f":"+IFERROR(VLOOKUP($A95,INSUMOS_BD2,3,FALSE),\"\")","v":""},{"$f":"+IFERROR(VLOOKUP($A95,INSUMOS_BD2,5,FALSE),\"\")","v":""},null,{"$f":"IFERROR(ROUND(F95*G95*I95,0),\"\")","v":""}]
[null,{"$f":"+IFERROR(VLOOKUP($A96,INSUMOS_BD2,3,FALSE),\"\")","v":""},null,null,null,null,null,{"$f":"+IFERROR(VLOOKUP($A96,INSUMOS_BD2,3,FALSE),\"\")","v":""},{"$f":"+IFERROR(VLOOKUP($A96,INSUMOS_BD2,5,FALSE),\"\")","v":""},null,{"$f":"IFERROR(ROUND(F96*G96*I96,0),\"\")","v":""}]
[null,{"$f":"+IFERROR(VLOOKUP($A97,INSUMOS_BD2,3,FALSE),\"\")","v":""},null,null,null,null,null,{"$f":"+IFERROR(VLOOKUP($A97,INSUMOS_BD2,3,FALSE),\"\")","v":""},{"$f":"+IFERROR(VLOOKUP($A97,INSUMOS_BD2,5,FALSE),\"\")","v":""},null,{"$f":"IFERROR(ROUND(F97*G97*I97,0),\"\")","v":""}]
[null,"SUBTOTAL $",null,null,null,null,null,null,null,null,{"$f":"SUM(K95:K97)","v":0}]
[]
[null,"IV. MANO DE OBRA"]
[null,"TRABAJADOR",null,null,null,"JORNAL","PRESTACIÓN","JORNAL TOTAL","RENDIMIENTO",null,"Vr. UNITARIO"]
[null,{"$f":"+IFERROR(VLOOKUP($A102,INSUMOS_BD2,3,FALSE),\"\")","v":""},null,null,null,{"$f":"+IFERROR(VLOOKUP($A102,INSUMOS_BD2,5,FALSE),\"\")","v":""},null,{"$f":"IFERROR(F102*(1+G102),\"\")","v":""},null,null,{"$f":"IFERROR(ROUND(H102/I102,0),\"\")","v":""}]
[null,{"$f":"+IFERROR(VLOOKUP($A103,INSUMOS_BD2,3,FALSE),\"\")","v":""},null,null,null,{"$f":"+IFERROR(VLOOKUP($A103,INSUMOS_BD2,5,FALSE),\"\")","v":""},null,{"$f":"IFERROR(F103*(1+G103),\"\")","v":""},null,null,{"$f":"IFERROR(ROUND(H103/I103,0),\"\")","v":""}]
[null,{"$f":"+IFERROR(VLOOKUP($A104,INSUMOS_BD2,3,FALSE),\"\")","v":""},null,null,null,{"$f":"+IFERROR(VLOOKUP($A104,INSUMOS_BD2,5,FALSE),\"\")","v":""},null,{"$f":"IFERROR(F104*(1+G104),\"\")","v":""},null,null,{"$f":"IFERROR(ROUND(H104/I104,0),\"\")","v":""}]
[null,null,null,null,null,null,null,null,"SUBTOTAL $",null,{"$f":"SUM(K102:K104)","v":0}]
[]
[null,"TOTAL COSTO DIRECTO $",null,null,null,null,null,null,null,null,{"$f":"ROUND((+K105+K98+K91+K82),0)","v":204410}]
[]
["APU-DNP35",{"$f":"IFERROR(VLOOKUP($A109,LISTA_APU,2,FALSE),\"\")","v":""},null,null,null,null,null,null,"Unidad:",{"$f":"IFERROR(VLOOKUP($A109,LISTA_APU,3,FALSE),\"\")","v":""},{"$f":"K139","v":309140}]
[null,"I. EQUIPO"]
[null,"DESCRIPCIÓN",null,null,"MARCA","TIPO",null,"TARIFA/HORA","RENDIMIENTO",null,"Vr. UNITARIO"]
[null,{"$f":"+IFERROR(VLOOKUP($A112,INSUMOS_BD2,3,FALSE),\"\")","v":""},null,null,null,null,null,{"$f":"+IFERROR(ROUND(IF($B112=\"Herramienta Menor (% mano de obra)\",HM,VLOOKUP($A112,INSUMOS_BD2,5,FALSE)),2),\"\")","v":""},null,null,{"$f":"+IFERROR(ROUND(IF($B112=\"Herramienta Menor (% mano de obra)\",$K$137*H112,H112/I112),0),\"\")","v":""}]
[null,{"$f":"+IFERROR(VLOOKUP($A113,INSUMOS_BD2,3,FALSE),\"\")","v":""},null,null,null,null,null,{"$f":"+IFERROR(ROUND(IF($B113=\"Herramienta Menor (% mano de obra)\",HM,VLOOKUP($A113,INSUMOS_BD2,5,FALSE)),2),\"\")","v":""},null,null,{"$f":"+IFERROR(ROUND(IF($B113=\"Herramienta Menor (% mano de obra)\",$K$137*H113,H113/I113),0),\"\")","v":""}]
[null,{"$f":"+IFERROR(VLOOKUP($A114,INSUMOS_BD2,3,FALSE),\"\")","v":""},null,null,null,null,null,{"$f":"+IFERROR(ROUND(IF($B114=\"Herramienta Menor (% mano de obra)\",HM,VLOOKUP($A114,INSUMOS_BD2,5,FALSE)),2),\"\")","v":""},null,null,{"$f":"+IFERROR(ROUND(IF($B114=\"Herramienta Menor (% mano de obra)\",$K$137*H114,H114/I114),0),\"\")","v":""}]
[null,null,null,null,null,null,null,null,"SUBTOTAL $",null,{"$f":"SUM(K112:K114)","v":0}]
[]
[null,"II. MATERIALES"]
[null,"DESCRIPCIÓN",null,null,null,null,"UNIDAD","CANTIDAD","PRECIO UNIT.",null,"Vr. UNITARIO"]
["m96",{"$f":"+IFERROR(VLOOKUP($A119,INSUMOS_BD2,3,FALSE),\"\")","v":"Cemento"},null,null,null,null,{"$f":"+IFERROR(VLOOKUP($A119,INSUMOS_BD2,4,FALSE),\"\")","v":"kg"},454,{"$f":"+IFERROR(VLOOKUP($A119,INSUMOS_BD2,5,FALSE),\"\")","v":570},null,{"$f":"IFERROR(ROUND(H119*I119,0),\"\")","v":258780}]
["m97",{"$f":"+IFERROR(VLOOKUP($A120,INSUMOS_BD2,3,FALSE),\"\")","v":"Arena de rio"},null,null,null,null,{"$f":"+IFERROR(VLOOKUP($A120,INSUMOS_BD2,4,FALSE),\"\")","v":"m³"},1.0900000000000001,{"$f":"+IFERROR(VLOOKUP($A120,INSUMOS_BD2,5,FALSE),\"\")","v":44000},null,{"$f":"IFERROR(ROUND(H120*I120,0),\"\")","v":47960}]
["m118",{"$f":"+IFERROR(VLOOKUP($A121,INSUMOS_BD2,3,FALSE),\"\")","v":"Agua"},null,null,null,null,{"$f":"+IFERROR(VLOOKUP($A121,INSUMOS_BD2,4,FALSE),\"\")","v":"l"},240,{"$f":"+IFERROR(VLOOKUP($A121,INSUMOS_BD2,5,FALSE),\"\")","v":10},null,{"$f":"IFERROR(ROUND(H121*I121,0),\"\")","v":2400}]
[null,{"$f":"+IFERROR(VLOOKUP($A122,INSUMOS_BD2,3,FALSE),\"\")","v":""},null,null,null,null,{"$f":"+IFERROR(VLOOKUP($A122,INSUMOS_BD2,4,FALSE),\"\")","v":""},null,{"$f":"+IFERROR(VLOOKUP($A122,INSUMOS_BD2,5,FALSE),\"\")","v":""},null,{"$f":"IFERROR(ROUND(H122*I122,0),\"\")","v":""}]
[null,null,null,null,null,null,null,null,"SUBTOTAL $",null,{"$f":"SUM(K119:K122)","v":309140}]
[]
[null,"III. TRANSPORTES"]
[null,"MATERIAL",null,null,null,"FACT. EXPANSIÓN","DISTANCIA","VOL. o PESO","TARIFA (M3 o Ton/Km)",null,"Vr. UNITARIO"]
[null,{"$f":"+IFERROR(VLOOKUP($A127,INSUMOS_BD2,3,FALSE),\"\")","v":""},null,null,null,null,null,{"$f":"+IFERROR(VLOOKUP($A127,INSUMOS_BD2,3,FALSE),\"\")","v":""},{"$f":"+IFERROR(VLOOKUP($A127,INSUMOS_BD2,5,FALSE),\"\")","v":""},null,{"$f":"IFERROR(ROUND(F127*G127*I127,0),\"\")","v":""}]
[null,{"$f":"+IFERROR(VLOOKUP($A128,INSUMOS_BD2,3,FALSE),\"\")","v":""},null,null,null,null,null,{"$f":"+IFERROR(VLOOKUP($A128,INSUMOS_BD2,3,FALSE),\"\")","v":""},{"$f":"+IFERROR(VLOOKUP($A128,INSUMOS_BD2,5,FALSE),\"\")","v":""},null,{"$f":"IFERROR(ROUND(F128*G128*I128,0),\"\")","v":""}]
[null,{"$f":"+IFERROR(VLOOKUP($A129,INSUMOS_BD2,3,FALSE),\"\")","v":""},null,null,null,null,null,{"$f":"+IFERROR(VLOOKUP($A129,INSUMOS_BD2,3,FALSE),\"\")","v":""},{"$f":"+IFERROR(VLOOKUP($A129,INSUMOS_BD2,5,FALSE),\"\")","v":""},null,{"$f":"IFERROR(ROUND(F129*G129*I129,0),\"\")","v":""}]
[null,"SUBTOTAL $",null,null,null,null,null,null,null,null,{"$f":"SUM(K127:K129)","v":0}]
[]
[null,"IV. MANO DE OBRA"]
[null,"TRABAJADOR",null,null,null,"JORNAL","PRESTACIÓN","JORNAL TOTAL","RENDIMIENTO",null,"Vr. UNITARIO"]
[null,{"$f":"+IFERROR(VLOOKUP($A134,INSUMOS_BD2,3,FALSE),\"\")","v":""},null,null,null,{"$f":"+IFERROR(VLOOKUP($A134,INSUMOS_BD2,5,FALSE),\"\")","v":""},null,{"$f":"IFERROR(F134*(1+G134),\"\")","v":""},null,null,{"$f":"IFERROR(ROUND(H134/I134,0),\"\")","v":""}]
[null,{"$f":"+IFERROR(VLOOKUP($A135,INSUMOS_BD2,3,FALSE),\"\")","v":""},null,null,null,{"$f":"+IFERROR(VLOOKUP($A135,INSUMOS_BD2,5,FALSE),\"\")","v":""},null,{"$f":"IFERROR(F135*(1+G135),\"\")","v":""},null,null,{"$f":"IFERROR(ROUND(H135/I135,0),\"\")","v":""}]
[null,{"$f":"+IFERROR(VLOOKUP($A136,INSUMOS_BD2,3,FALSE),\"\")","v":""},null,null,null,{"$f":"+IFERROR(VLOOKUP($A136,INSUMOS_BD2,5,FALSE),\"\")","v":""},null,{"$f":"IFERROR(F136*(1+G136),\"\")","v":""},null,null,{"$f":"IFERROR(ROUND(H136/I136,0),\"\")","v":""}]
[null,null,null,null,null,null,null,null,"SUBTOTAL $",null,{"$f":"SUM(K134:K136)","v":0}]
[]
[null,"TOTAL COSTO DIRECTO $",null,null,null,null,null,null,null,null,{"$f":"ROUND((+K137+K130+K123+K115),0)","v":309140}]
[]
["APU-DNP36",{"$f":"IFERROR(VLOOKUP($A141,LISTA_APU,2,FALSE),\"\")","v":""},null,null,null,null,null,null,"Unidad:",{"$f":"IFERROR(VLOOKUP($A141,LISTA_APU,3,FALSE),\"\")","v":""},{"$f":"K172","v":411018}]
[null,"I. EQUIPO"]
[null,"DESCRIPCIÓN",null,null,"MARCA","TIPO",null,"TARIFA/HORA","RENDIMIENTO",null,"Vr. UNITARIO"]
[null,{"$f":"+IFERROR(VLOOKUP($A144,INSUMOS_BD2,3,FALSE),\"\")","v":""},null,null,null,null,null,{"$f":"+IFERROR(ROUND(IF($B144=\"Herramienta Menor (% mano de obra)\",HM,VLOOKUP($A144,INSUMOS_BD2,5,FALSE)),2),\"\")","v":""},null,null,{"$f":"+IFERROR(ROUND(IF($B144=\"Herramienta Menor (% mano de obra)\",$K$170*H144,H144/I144),0),\"\")","v":""}]
[null,{"$f":"+IFERROR(VLOOKUP($A145,INSUMOS_BD2,3,FALSE),\"\")","v":""},null,null,null,null,null,{"$f":"+IFERROR(ROUND(IF($B145=\"Herramienta Menor (% mano de obra)\",HM,VLOOKUP($A145,INSUMOS_BD2,5,FALSE)),2),\"\")","v":""},null,null,{"$f":"+IFERROR(ROUND(IF($B145=\"Herramienta Menor (% mano de obra)\",$K$170*H145,H145/I145),0),\"\")","v":""}]
[null,{"$f":"+IFERROR(VLOOKUP($A146,INSUMOS_BD2,3,FALSE),\"\")","v":""},null,null,null,null,null,{"$f":"+IFERROR(ROUND(IF($B146=\"Herramienta Menor (% mano de obra)\",HM,VLOOKUP($A146,INSUMOS_BD2,5,FALSE)),2),\"\")","v":""},null,null,{"$f":"+IFERROR(ROUND(IF($B146=\"Herramienta Menor (% mano de obra)\",$K$170*H146,H146/I146),0),\"\")","v":""}]
[null,null,null,null,null,null,null,null,"SUBTOTAL $",null,{"$f":"SUM(K144:K146)","v":0}]
[]
[null,"II. MATERIALES"]
[null,"DESCRIPCIÓN",null,null,null,null,"UNIDAD","CANTIDAD","PRECIO UNIT.",null,"Vr. UNITARIO"]
["m96",{"$f":"+IFERROR(VLOOKUP($A151,INSUMOS_BD2,3,FALSE),\"\")","v":"Cemento"},null,null,null,null,{"$f":"+IFERROR(VLOOKUP($A151,INSUMOS_BD2,4,FALSE),\"\")","v":"kg"},350,{"$f":"+IFERROR(VLOOKUP($A151,INSUMOS_BD2,5,FALSE),\"\")","v":570},null,{"$f":"IFERROR(ROUND(H151*I151,0),\"\")","v":199500}]
["m97",{"$f":"+IFERROR(VLOOKUP($A152,INSUMOS_BD2,3,FALSE),\"\")","v":"Arena de rio"},null,null,null,null,{"$f":"+IFERROR(VLOOKUP($A152,INSUMOS_BD2,4,FALSE),\"\")","v":"m³"},0.56000000000000005,{"$f":"+IFERROR(VLOOKUP($A152,INSUMOS_BD2,5,FALSE),\"\")","v":44000},null,{"$f":"IFERROR(ROUND(H152*I152,0),\"\")","v":24640}]
["m98",{"$f":"+IFERROR(VLOOKUP($A153,INSUMOS_BD2,3,FALSE),\"\")","v":"Grava"},null,null,null,null,{"$f":"+IFERROR(VLOOKUP($A153,INSUMOS_BD2,4,FALSE),\"\")","v":"m³"},0.84,{"$f":"+IFERROR(VLOOKUP($A153,INSUMOS_BD2,5,FALSE),\"\")","v":48000},null,{"$f":"IFERROR(ROUND(H153*I153,0),\"\")","v":40320}]
["e54",{"$f":"+IFERROR(VLOOKUP($A154,INSUMOS_BD2,3,FALSE),\"\")","v":"Mezcladora de trompo"},null,null,null,null,{"$f":"+IFERROR(VLOOKUP($A154,INSUMOS_BD2,4,FALSE),\"\")","v":"día"},0.6,{"$f":"+IFERROR(VLOOKUP($A154,INSUMOS_BD2,5,FALSE),\"\")","v":25000},null,{"$f":"IFERROR(ROUND(H154*I154,0),\"\")","v":15000}]
["m118",{"$f":"+IFERROR(VLOOKUP($A155,INSUMOS_BD2,3,FALSE),\"\")","v":"Agua"},null,null,null,null,{"$f":"+IFERROR(VLOOKUP($A155,INSUMOS_BD2,4,FALSE),\"\")","v":"l"},180,{"$f":"+IFERROR(VLOOKUP($A155,INSUMOS_BD2,5,FALSE),\"\")","v":10},null,{"$f":"IFERROR(ROUND(H155*I155,0),\"\")","v":1800}]
[null,null,null,null,null,null,null,null,"SUBTOTAL $",null,{"$f":"SUM(K151:K155)","v":281260}]
[]
[null,"III. TRANSPORTES"]
[null,"MATERIAL",null,null,null,"FACT. EXPANSIÓN","DISTANCIA","VOL. o PESO","TARIFA (M3 o Ton/Km)",null,"Vr. UNITARIO"]
[null,{"$f":"+IFERROR(VLOOKUP($A160,INSUMOS_BD2,3,FALSE),\"\")","v":""},null,null,null,null,null,{"$f":"+IFERROR(VLOOKUP($A160,INSUMOS_BD2,3,FALSE),\"\")","v":""},{"$f":"+IFERROR(VLOOKUP($A160,INSUMOS_BD2,5,FALSE),\"\")","v":""},null,{"$f":"IFERROR(ROUND(F160*G160*I160,0),\"\")","v":""}]
[null,{"$f":"+IFERROR(VLOOKUP($A161,INSUMOS_BD2,3,FALSE),\"\")","v":""},null,null,null,null,null,{"$f":"+IFERROR(VLOOKUP($A161,INSUMOS_BD2,3,FALSE),\"\")","v":""},{"$f":"+IFERROR(VLOOKUP($A161,INSUMOS_BD2,5,FALSE),\"\")","v":""},null,{"$f":"IFERROR(ROUND(F161*G161*I161,0),\"\")","v":""}]
[null,{"$f":"+IFERROR(VLOOKUP($A162,INSUMOS_BD2,3,FALSE),\"\")","v":""},null,null,null,null,null,{"$f":"+IFERROR(VLOOKUP($A162,INSUMOS_BD2,3,FALSE),\"\")","v":""},{"$f":"+IFERROR(VLOOKUP($A162,INSUMOS_BD2,5,FALSE),\"\")","v":""},null,{"$f":"IFERROR(ROUND(F162*G162*I162,0),\"\")","v":""}]
[null,"SUBTOTAL $",null,null,null,null,null,null,null,null,{"$f":"SUM(K160:K162)","v":0}]
[]
[null,"IV. MANO DE OBRA"]
[null,"TRABAJADOR",null,null,null,"-","UND","VR/HORA","RENDIMIENTO",null,"Vr. UNITARIO"]
["cd2",{"$f":"+IFERROR(VLOOKUP($A167,Cuadrillas_DNP[],2,FALSE),\"\")","v":"Cuadrilla AA 1Of+2Ay (Albañilería)"},null,null,null,null,{"$f":"IFERROR(VLOOKUP($A167,Cuadrillas_DNP[],3,FALSE),\"\")","v":"hora"},{"$f":"IFERROR(VLOOKUP($A167,Cuadrillas_DNP[],6,FALSE),\"\")","v":23097},0.17799999999999999,null,{"$f":"IFERROR(ROUND(H167/I167,0),\"\")","v":129758}]
[null,{"$f":"+IFERROR(VLOOKUP($A168,Cuadrillas_DNP[],2,FALSE),\"\")","v":""},null,null,null,null,{"$f":"IFERROR(VLOOKUP($A168,Cuadrillas_DNP[],3,FALSE),\"\")","v":""},{"$f":"IFERROR(VLOOKUP($A168,Cuadrillas_DNP[],6,FALSE),\"\")","v":""},null,null,{"$f":"IFERROR(ROUND(H168/I168,0),\"\")","v":""}]
[null,{"$f":"+IFERROR(VLOOKUP($A169,Cuadrillas_DNP[],2,FALSE),\"\")","v":""},null,null,null,null,{"$f":"IFERROR(VLOOKUP($A169,Cuadrillas_DNP[],3,FALSE),\"\")","v":""},{"$f":"IFERROR(VLOOKUP($A169,Cuadrillas_DNP[],6,FALSE),\"\")","v":""},null,null,{"$f":"IFERROR(ROUND(H169/I169,0),\"\")","v":""}]
[null,null,null,null,null,null,null,null,"SUBTOTAL $",null,{"$f":"SUM(K167:K169)","v":129758}]
[]
[null,"TOTAL COSTO DIRECTO $",null,null,null,null,null,null,null,null,{"$f":"ROUND((+K170+K163+K156+K147),0)","v":411018},410988]

{"sheet":"Memorias_Cap1_2_3","index":7,"n_rows":651,"n_cols":48,"rows_kept":651,"cut":false,"hidden":false,"merged":[[2,1,6,10],[2,11,4,25],[2,26,6,61],[5,11,6,25],[16,15,16,17],[16,19,16,21],[71,20,71,22],[71,23,71,25],[71,26,71,61],[70,1,70,3],[70,24,70,29],[70,30,70,37],[70,38,70,47],[70,48,70,61],[71,4,71,6],[71,7,71,9],[71,10,71,12],[71,13,71,15],[71,16,71,18],[17,15,17,17],[63,1,67,10],[63,11,65,25],[63,26,67,61],[66,11,67,25],[69,1,69,3],[69,38,69,47],[69,48,69,61],[74,20,74,22],[74,23,74,25],[75,1,75,3],[75,4,75,6],[75,7,75,9],[75,10,75,12],[75,13,75,15],[75,16,75,18],[75,20,75,22],[75,23,75,25],[74,1,74,3],[74,4,74,6],[74,7,74,9],[74,10,74,12],[74,13,74,15],[74,16,74,18],[72,23,72,25],[73,1,73,3],[73,4,73,6],[73,7,73,9],[73,10,73,12],[73,13,73,15],[73,16,73,18],[73,20,73,22],[73,23,73,25],[72,1,72,3],[72,4,72,6],[72,7,72,9],[72,10,72,12],[72,13,72,15],[72,16,72,18],[72,20,72,22],[80,1,80,61],[82,1,82,46],[82,47,82,61],[88,1,92,10],[88,11,90,25],[88,26,92,61],[91,11,92,25],[76,20,76,22],[76,23,76,25],[77,20,77,22],[77,23,77,25],[79,1,79,3],[79,4,79,36],[76,1,76,3],[76,4,76,6],[76,7,76,9],[76,10,76,12],[76,13,76,15],[76,16,76,18],[97,23,97,25],[97,26,97,61],[98,1,98,3],[98,4,98,6],[98,7,98,9],[98,10,98,12],[98,13,98,15],[98,16,98,18],[98,20,98,22],[98,23,98,25],[97,4,97,6],[97,7,97,9],[97,10,97,12],[97,13,97,15],[97,16,97,18],[97,20,97,22],[95,1,95,3],[95,38,95,47],[95,48,95,61],[96,1,96,3],[96,24,96,29],[96,30,96,37],[96,38,96,47],[96,48,96,61],[106,1,106,46],[106,47,106,61],[112,1,116,10],[112,11,114,25],[112,26,116,61],[115,11,116,25],[99,20,99,22],[99,23,99,25],[100,20,100,22],[100,23,100,25],[102,1,102,3],[102,4,102,61],[99,1,99,3],[99,4,99,6],[99,7,99,9],[99,10,99,12],[99,13,99,15],[99,16,99,18],[121,23,121,25],[121,26,121,61],[122,1,122,3],[122,4,122,6],[122,7,122,9],[122,10,122,12],[122,13,122,15],[122,16,122,18],[122,20,122,22],[122,23,122,25],[121,4,121,6],[121,7,121,9],[121,10,121,12],[121,13,121,15],[121,16,121,18],[121,20,121,22],[119,1,119,3],[119,38,119,47],[119,48,119,61],[120,1,120,3],[120,24,120,29],[120,30,120,37],[120,38,120,47],[120,48,120,61],[127,1,127,61],[128,1,128,61],[130,1,130,46],[130,47,130,61],[136,1,140,10],[136,11,138,25],[136,26,140,61],[139,11,140,25],[123,20,123,22],[123,23,123,25],[124,20,124,22],[124,23,124,25],[126,1,126,3],[126,4,126,61],[123,1,123,3],[123,4,123,6],[123,7,123,9],[123,10,123,12],[123,13,123,15],[123,16,123,18],[144,23,144,25],[144,26,144,61],[145,1,145,3],[145,4,145,6],[145,7,145,9],[145,10,145,12],[145,13,145,15],[145,16,145,18],[145,20,145,22],[145,23,145,25],[144,4,144,6],[144,7,144,9],[144,10,144,12],[144,13,144,15],[144,16,144,18],[144,20,144,22],[142,1,142,3],[142,38,142,47],[142,48,142,61],[143,1,143,3],[143,24,143,29],[143,30,143,37],[143,38,143,47],[143,48,143,61],[151,1,151,61],[153,1,153,46],[153,47,153,61],[159,1,163,10],[159,11,161,25],[159,26,163,61],[162,11,163,25],[146,20,146,22],[146,23,146,25],[147,20,147,22],[147,23,147,25],[149,1,149,3],[150,1,150,61],[146,1,146,3],[146,4,146,6],[146,7,146,9],[146,10,146,12],[146,13,146,15],[146,16,146,18],[167,23,167,25],[167,26,167,61],[168,1,168,3],[168,4,168,6],[168,7,168,9],[168,10,168,12],[168,13,168,15],[168,16,168,18],[168,20,168,22],[168,23,168,25],[167,4,167,6],[167,7,167,9],[167,10,167,12],[167,13,167,15],[167,16,167,18],[167,20,167,22],[165,1,165,3],[165,38,165,47],[165,48,165,61],[166,1,166,3],[166,24,166,29],[166,30,166,37],[166,38,166,47],[166,48,166,61],[187,1,187,3],[187,38,187,47],[187,48,187,61],[188,1,188,3],[188,24,188,29],[188,30,188,37],[188,38,188,47],[188,48,188,61],[175,1,175,46],[175,47,175,61],[181,1,185,10],[181,11,183,25],[181,26,185,61],[184,11,185,25],[169,20,169,22],[169,23,169,25],[171,1,171,3],[171,4,171,61],[172,1,172,61],[173,1,173,61],[197,1,197,46],[197,47,197,61],[203,1,207,10],[203,11,205,25],[203,26,207,61],[206,11,207,25],[191,20,191,22],[191,23,191,25],[193,1,193,3],[193,4,193,61],[194,1,194,61],[195,1,195,61],[189,23,189,25],[189,26,189,61],[190,1,190,3],[190,4,190,6],[190,7,190,9],[190,10,190,12],[190,13,190,15],[190,16,190,18],[190,20,190,22],[190,23,190,25],[189,4,189,6],[189,7,189,9],[189,10,189,12],[189,13,189,15],[189,16,189,18],[189,20,189,22],[211,23,211,25],[211,26,211,61],[212,1,212,3],[212,4,212,6],[212,7,212,9],[212,10,212,12],[212,13,212,15],[212,16,212,18],[212,20,212,22],[212,23,212,25],[211,4,211,6],[211,7,211,9],[211,10,211,12],[211,13,211,15],[211,16,211,18],[211,20,211,22],[209,1,209,3],[209,38,209,47],[209,48,209,61],[210,1,210,3],[210,24,210,29],[210,30,210,37],[210,38,210,47],[210,48,210,61],[232,1,232,3],[232,38,232,47],[232,48,232,61],[234,1,234,3],[234,24,234,29],[234,30,234,37],[234,38,234,47],[234,48,234,61],[217,1,217,61],[218,1,218,61],[220,1,220,46],[220,47,220,61],[226,1,230,10],[226,11,228,25],[226,26,230,61],[229,11,230,25],[213,20,213,22],[213,23,213,25],[214,20,214,22],[214,23,214,25],[216,1,216,3],[216,4,216,61],[213,1,213,3],[213,4,213,6],[213,7,213,9],[213,10,213,12],[213,13,213,15],[213,16,213,18],[244,1,244,46],[244,47,244,61],[250,1,254,10],[250,11,252,25],[250,26,254,61],[253,11,254,25],[238,20,238,22],[238,23,238,25],[240,1,240,3],[240,4,240,61],[241,1,241,61],[242,1,242,61],[236,23,236,25],[236,26,236,61],[237,1,237,3],[237,4,237,6],[237,7,237,9],[237,10,237,12],[237,13,237,15],[237,16,237,18],[237,20,237,22],[237,23,237,25],[236,4,236,6],[236,7,236,9],[236,10,236,12],[236,13,236,15],[236,16,236,18],[236,20,236,22],[259,23,259,25],[259,26,259,61],[260,1,260,3],[260,4,260,6],[260,7,260,9],[260,10,260,12],[260,13,260,15],[260,16,260,18],[260,20,260,22],[260,23,260,25],[259,4,259,6],[259,7,259,9],[259,10,259,12],[259,13,259,15],[259,16,259,18],[259,20,259,22],[256,1,256,3],[256,38,256,47],[256,48,256,61],[257,1,257,3],[257,24,257,29],[257,30,257,37],[257,38,257,47],[257,48,257,61],[275,1,279,10],[275,11,277,25],[275,26,279,61],[278,11,279,25],[281,1,281,3],[281,38,281,47],[281,48,281,61],[263,23,263,25],[265,1,265,3],[265,4,265,61],[266,1,266,61],[267,1,267,61],[269,1,269,46],[269,47,269,61],[261,20,261,22],[261,23,261,25],[262,1,262,3],[262,4,262,6],[262,7,262,9],[262,10,262,12],[262,13,262,15],[262,16,262,18],[262,20,262,22],[262,23,262,25],[261,1,261,3],[261,4,261,6],[261,7,261,9],[261,10,261,12],[261,13,261,15],[261,16,261,18],[283,20,283,22],[283,23,283,25],[283,26,283,61],[284,1,284,3],[284,4,284,6],[284,7,284,9],[284,10,284,12],[284,13,284,15],[284,16,284,18],[284,20,284,22],[282,1,282,3],[282,24,282,29],[282,30,282,37],[282,38,282,47],[282,48,282,61],[283,4,283,6],[283,7,283,9],[283,10,283,12],[283,13,283,15],[283,16,283,18],[303,1,303,3],[303,38,303,47],[303,48,303,61],[304,1,304,3],[304,24,304,29],[304,30,304,37],[304,38,304,47],[304,48,304,61],[291,1,291,46],[291,47,291,61],[297,1,301,10],[297,11,299,25],[297,26,301,61],[300,11,301,25],[284,23,284,25],[285,23,285,25],[287,1,287,3],[287,4,287,61],[288,1,288,61],[289,1,289,61],[319,1,323,10],[319,11,321,25],[319,26,323,61],[322,11,323,25],[326,1,326,3],[326,38,326,47],[326,48,326,61],[307,23,307,25],[309,1,309,3],[309,4,309,61],[310,1,310,61],[311,1,311,61],[313,1,313,46],[313,47,313,61],[305,23,305,25],[305,26,305,61],[306,1,306,3],[306,4,306,6],[306,7,306,9],[306,10,306,12],[306,13,306,15],[306,16,306,18],[306,20,306,22],[306,23,306,25],[305,4,305,6],[305,7,305,9],[305,10,305,12],[305,13,305,15],[305,16,305,18],[305,20,305,22],[328,20,328,22],[328,23,328,25],[328,26,328,61],[329,1,329,3],[329,4,329,6],[329,7,329,9],[329,10,329,12],[329,13,329,15],[329,16,329,18],[329,20,329,22],[327,1,327,3],[327,24,327,29],[327,30,327,37],[327,38,327,47],[327,48,327,61],[328,4,328,6],[328,7,328,9],[328,10,328,12],[328,13,328,15],[328,16,328,18],[349,1,349,3],[349,38,349,47],[349,48,349,61],[350,1,350,3],[350,30,350,37],[350,38,350,47],[350,48,350,61],[331,23,331,25],[333,1,333,3],[337,47,337,61],[343,1,347,10],[343,11,345,25],[343,26,347,61],[346,11,347,25],[329,23,329,25],[330,1,330,3],[330,4,330,6],[330,7,330,9],[330,10,330,12],[330,13,330,15],[330,16,330,18],[330,20,330,22],[330,23,330,25],[371,1,371,3],[371,38,371,47],[371,48,371,61],[372,1,372,3],[372,30,372,37],[372,38,372,47],[372,48,372,61],[353,23,353,25],[355,1,355,3],[359,47,359,61],[365,1,369,10],[365,11,367,25],[365,26,369,61],[368,11,369,25],[351,23,351,25],[351,26,351,61],[352,1,352,3],[352,4,352,6],[352,7,352,9],[352,10,352,12],[352,13,352,15],[352,16,352,18],[352,20,352,22],[352,23,352,25],[351,4,351,6],[351,7,351,9],[351,10,351,12],[351,13,351,15],[351,16,351,18],[351,20,351,22],[393,1,393,3],[393,38,393,47],[393,48,393,61],[394,1,394,3],[394,30,394,37],[394,38,394,47],[394,48,394,61],[375,23,375,25],[377,1,377,3],[381,47,381,61],[387,1,391,10],[387,11,389,25],[387,26,391,61],[390,11,391,25],[373,23,373,25],[373,26,373,61],[374,1,374,3],[374,4,374,6],[374,7,374,9],[374,10,374,12],[374,13,374,15],[374,16,374,18],[374,20,374,22],[374,23,374,25],[373,4,373,6],[373,7,373,9],[373,10,373,12],[373,13,373,15],[373,16,373,18],[373,20,373,22],[415,1,415,3],[415,38,415,47],[415,48,415,61],[416,1,416,3],[416,30,416,37],[416,38,416,47],[416,48,416,61],[397,23,397,25],[399,1,399,3],[403,47,403,61],[409,1,413,10],[409,11,411,25],[409,26,413,61],[412,11,413,25],[395,23,395,25],[395,26,395,61],[396,1,396,3],[396,4,396,6],[396,7,396,9],[396,10,396,12],[396,13,396,15],[396,16,396,18],[396,20,396,22],[396,23,396,25],[395,4,395,6],[395,7,395,9],[395,10,395,12],[395,13,395,15],[395,16,395,18],[395,20,395,22],[419,16,419,18],[419,20,419,22],[419,23,419,25],[420,1,420,3],[420,4,420,6],[420,7,420,9],[420,10,420,12],[420,13,420,15],[420,16,420,18],[420,20,420,22],[417,26,418,61],[418,4,418,6],[418,7,418,9],[418,10,418,12],[418,13,418,15],[419,1,419,3],[419,4,419,6],[419,7,419,9],[419,10,419,12],[419,13,419,15],[417,1,418,3],[417,4,417,15],[417,16,418,18],[417,19,418,19],[417,20,418,22],[417,23,418,25],[422,23,422,25],[424,1,424,3],[424,4,424,25],[428,47,428,61],[434,1,438,10],[434,11,436,25],[434,26,438,61],[437,11,438,25],[420,23,420,25],[421,1,421,3],[421,4,421,6],[421,7,421,9],[421,10,421,12],[421,13,421,15],[421,16,421,18],[421,20,421,22],[421,23,421,25],[442,23,442,25],[442,26,442,61],[443,1,443,3],[443,4,443,6],[443,7,443,9],[443,10,443,12],[443,13,443,15],[443,16,443,18],[443,20,443,22],[443,23,443,25],[442,4,442,6],[442,7,442,9],[442,10,442,12],[442,13,442,15],[442,16,442,18],[442,20,442,22],[440,1,440,3],[440,38,440,47],[440,48,440,61],[441,1,441,3],[441,38,441,47],[441,48,441,61],[464,1,464,3],[464,38,464,47],[464,48,464,61],[465,1,465,3],[465,30,465,37],[465,38,465,47],[465,48,465,61],[444,20,444,22],[444,23,444,25],[445,23,445,25],[447,1,447,3],[452,47,452,61],[458,1,462,10],[458,11,460,25],[458,26,462,61],[461,11,462,25],[444,1,444,3],[444,4,444,6],[444,7,444,9],[444,10,444,12],[444,13,444,15],[444,16,444,18],[467,23,467,25],[468,1,468,3],[468,4,468,6],[468,7,468,9],[468,10,468,12],[468,13,468,15],[468,16,468,18],[468,20,468,22],[468,23,468,25],[466,20,466,22],[466,23,466,25],[466,26,466,61],[467,1,467,3],[467,4,467,6],[467,7,467,9],[467,10,467,12],[467,13,467,15],[467,16,467,18],[467,20,467,22],[466,1,466,3],[466,4,466,6],[466,7,466,9],[466,10,466,12],[466,13,466,15],[466,16,466,18],[471,20,471,22],[471,23,471,25],[472,1,472,3],[472,4,472,6],[472,7,472,9],[472,10,472,12],[472,13,472,15],[472,16,472,18],[472,20,472,22],[472,23,472,25],[471,1,471,3],[471,4,471,6],[471,7,471,9],[471,10,471,12],[471,13,471,15],[471,16,471,18],[469,20,469,22],[469,23,469,25],[470,1,470,3],[470,4,470,6],[470,7,470,9],[470,10,470,12],[470,13,470,15],[470,16,470,18],[470,20,470,22],[470,23,470,25],[469,1,469,3],[469,4,469,6],[469,7,469,9],[469,10,469,12],[469,13,469,15],[469,16,469,18],[475,20,475,22],[475,23,475,25],[476,1,476,3],[476,4,476,6],[476,7,476,9],[476,10,476,12],[476,13,476,15],[476,16,476,18],[476,20,476,22],[476,23,476,25],[475,1,475,3],[475,4,475,6],[475,7,475,9],[475,10,475,12],[475,13,475,15],[475,16,475,18],[473,20,473,22],[473,23,473,25],[474,1,474,3],[474,4,474,6],[474,7,474,9],[474,10,474,12],[474,13,474,15],[474,16,474,18],[474,20,474,22],[474,23,474,25],[473,1,473,3],[473,4,473,6],[473,7,473,9],[473,10,473,12],[473,13,473,15],[473,16,473,18],[479,20,479,22],[479,23,479,25],[480,1,480,3],[480,4,480,6],[480,7,480,9],[480,10,480,12],[480,13,480,15],[480,16,480,18],[480,20,480,22],[480,23,480,25],[479,1,479,3],[479,4,479,6],[479,7,479,9],[479,10,479,12],[479,13,479,15],[479,16,479,18],[477,20,477,22],[477,23,477,25],[478,1,478,3],[478,4,478,6],[478,7,478,9],[478,10,478,12],[478,13,478,15],[478,16,478,18],[478,20,478,22],[478,23,478,25],[477,1,477,3],[477,4,477,6],[477,7,477,9],[477,10,477,12],[477,13,477,15],[477,16,477,18],[483,20,483,22],[483,23,483,25],[484,1,484,3],[484,4,484,6],[484,7,484,9],[484,10,484,12],[484,13,484,15],[484,16,484,18],[484,20,484,22],[484,23,484,25],[483,1,483,3],[483,4,483,6],[483,7,483,9],[483,10,483,12],[483,13,483,15],[483,16,483,18],[481,20,481,22],[481,23,481,25],[482,1,482,3],[482,4,482,6],[482,7,482,9],[482,10,482,12],[482,13,482,15],[482,16,482,18],[482,20,482,22],[482,23,482,25],[481,1,481,3],[481,4,481,6],[481,7,481,9],[481,10,481,12],[481,13,481,15],[481,16,481,18],[487,20,487,22],[487,23,487,25],[488,1,488,3],[488,4,488,6],[488,7,488,9],[488,10,488,12],[488,13,488,15],[488,16,488,18],[488,20,488,22],[488,23,488,25],[487,1,487,3],[487,4,487,6],[487,7,487,9],[487,10,487,12],[487,13,487,15],[487,16,487,18],[485,20,485,22],[485,23,485,25],[486,1,486,3],[486,4,486,6],[486,7,486,9],[486,10,486,12],[486,13,486,15],[486,16,486,18],[486,20,486,22],[486,23,486,25],[485,1,485,3],[485,4,485,6],[485,7,485,9],[485,10,485,12],[485,13,485,15],[485,16,485,18],[491,20,491,22],[491,23,491,25],[492,1,492,3],[492,4,492,6],[492,7,492,9],[492,10,492,12],[492,13,492,15],[492,16,492,18],[492,20,492,22],[492,23,492,25],[491,1,491,3],[491,4,491,6],[491,7,491,9],[491,10,491,12],[491,13,491,15],[491,16,491,18],[489,20,489,22],[489,23,489,25],[490,1,490,3],[490,4,490,6],[490,7,490,9],[490,10,490,12],[490,13,490,15],[490,16,490,18],[490,20,490,22],[490,23,490,25],[489,1,489,3],[489,4,489,6],[489,7,489,9],[489,10,489,12],[489,13,489,15],[489,16,489,18],[495,23,495,25],[497,1,497,3],[501,47,501,61],[507,1,511,10],[507,11,509,25],[507,26,511,61],[510,11,511,25],[493,20,493,22],[493,23,493,25],[494,1,494,3],[494,4,494,6],[494,7,494,9],[494,10,494,12],[494,13,494,15],[494,16,494,18],[494,20,494,22],[494,23,494,25],[493,1,493,3],[493,4,493,6],[493,7,493,9],[493,10,493,12],[493,13,493,15],[493,16,493,18],[515,26,515,61],[516,1,516,3],[516,4,516,6],[516,7,516,9],[516,10,516,12],[516,13,516,15],[516,16,516,18],[516,20,516,22],[516,23,516,25],[515,4,515,6],[515,7,515,9],[515,10,515,12],[515,13,515,15],[515,16,515,18],[515,20,515,22],[513,1,513,3],[513,38,513,47],[513,48,513,61],[514,1,514,3],[514,38,514,47],[514,48,514,61],[517,20,517,22],[517,23,517,25],[518,1,518,3],[518,4,518,6],[518,7,518,9],[518,10,518,12],[518,13,518,15],[518,16,518,18],[518,20,518,22],[518,23,518,25],[517,1,517,3],[517,4,517,6],[517,7,517,9],[517,10,517,12],[517,13,517,15],[517,16,517,18],[515,23,515,25],[521,20,521,22],[521,23,521,25],[522,1,522,3],[522,4,522,6],[522,7,522,9],[522,10,522,12],[522,13,522,15],[522,16,522,18],[522,20,522,22],[522,23,522,25],[521,1,521,3],[521,4,521,6],[521,7,521,9],[521,10,521,12],[521,13,521,15],[521,16,521,18],[519,20,519,22],[519,23,519,25],[520,1,520,3]],"merged_total":1342,"flags":["merged_cut"]}
[]
[]
[null,null,null,null,null,null,null,null,null,null,null,"PROYECTO TIPO MEJORAMIENTO DE VÍAS TERCIARIAS Tramo 1 km",null,null,null,null,null,null,null,null,null,null,null,null,null,null,"AVAL"]
[]
[]
[null,null,null,null,null,null,null,null,null,null,null,"MEMORIAS DE CANTIDADES"]
[]
[null,"Nota: Se recomienda modificar las casillas de color amarillo por parte de la entidad territorial según las características propias"]
[]
[null,null,null,"Cantidades de placa huella tramo recto (tangente 1) Sección final de 6,0 m incluyendo cunetas en ambos costados","Cantidad","Unidad",null,null,"Diámetro ",null,null,"Área",null,"Masa"]
[null,null,null,"Longitud del subtramo",100,"m",null,"Nº","Pulgadas","cm","mm","mm2","cm2","kg/m"]
[null,null,null,"Espesor placa huella y de piedra pegada",0.15,"m",null,1,{"$f":"H12/8","v":0.125},{"$f":"I12*2.54","v":0.3175},{"$f":"J12*10","v":3.1749999999999998},{"$f":"3.1416*0.25*K12*K12","v":7.9173228749999991},{"$f":"3.1416*0.25*J12*J12","v":7.9173228749999991E-2},"-",null,"Longitud aceros de refuerzo alcantarilla",7.4]
[null,null,null,"Espesor subbase granular ",0.15,"m",null,2,0.25,0.63500000000000001,6.35,31.669291499999996,0.31669291499999996,0.25,null,"Longitud a7",0.89]
[null,null,null,"Longitud de huella",2.8,"m",null,3,0.375,0.95250000000000001,9.5250000000000004,71.25590587500001,0.71255905875000003,0.56000000000000005,null,"Espacimiento aceros refuerzo",0.15]
[null,null,null,"Cantidad de huellas en el tramo (igual a la cantidad de riostras)",{"$f":"ROUNDUP(E11/(E14+(E16/2)),0)","v":35},"un",null,4,0.5,1.27,12.7,126.67716599999999,1.2667716599999999,0.99399999999999999,null,"Cantidad de varillas",4]
[null,null,null,"Ancho de riostra",0.2,"m",null,5,0.625,1.5874999999999999,15.875,197.933071875,1.9793307187499998,1.552]
[null,null,null,"Alto de riostras",0.3,"m",null,6,0.75,1.905,19.05,285.02362350000004,2.8502362350000001,2.2349999999999999,null,"Longitud guardarueda",null,null,1.4,"Espaciamiento guardarueda",null,null,0.25]
[null,null,null,"Ancho placa huella de e=0,15 m",0.9,"m",null,7,0.875,2.2225000000000001,22.225000000000001,387.94882087500008,3.8794882087500007,3.0419999999999998,null,"Cantidad de aletas",null,null,2]
[null,null,null,"Cantidad de huellas por sección",2,"un",null,8,1,2.54,25.4,506.70866399999994,5.0670866399999994,3.9729999999999999]
[null,null,null,"Longitud libre de sección transversal (igual a longitud de riostra)",{"$f":"(E18*E19)+(E25*E26)+(E27*E28)","v":4.6000000000000005},"m",null,9,1.125,2.8574999999999999,28.574999999999999,641.30315287500002,6.4130315287499995,5.0599999999999996,null,"No. Muros Box Culvert",null,null,2]
[null,null,null,"Área de cuneta: cuneta, por metro",7.5700000000000003E-2,"m2",null,10,1.25,3.1749999999999998,31.75,791.73228749999998,7.9173228749999991,6.4039999999999999,null,"No. Guardarruedas Box Culvert",null,null,2]
[null,null,null,"Área de cuneta: sardinel + pata, por metro",0.1043,"m2",null,null,null,null,null,null,null,null,null,"No. Aletas Box Culvert",null,null,4]
[null,null,null,"Ancho de cuneta (en la sección transversal)",0.7,"m"]
[null,null,null,"Cantidad de cunetas",2,"un"]
[null,null,null,"Ancho piedra pegada externa",0.95,"m"]
[null,null,null,"Cantidad de secciones de piedra pegada externa",2,"un"]
[null,null,null,"Ancho piedra pegada interna",0.9,"m"]
[null,null,null,"Cantidad de secciones de piedra pegada interna",1,"un"]
[null,null,null,"Sobreancho",0,"m"]
[null,null,null,"Cantidad de secciones de sobreancho",0,"un"]
[null,null,null,"Separación acero longitudinal de huellas",0.15,"m"]
[null,null,null,"Recubrimiento acero de huellas",7.4999999999999997E-2,"m"]
[null,null,null,"Separación acero transversal de huellas",0.3,"m"]
[null,null,null,"Total concreto huellas",{"$f":"(E19*E18*E14*E15)","v":176.4},"m3"]
[null,null,null,"Total concreto cunetas",{"$f":"(E21+E22)*E11*E24","v":36},"m3"]
[null,null,null,"Total concreto riostras",{"$f":"E20*E16*E17*E15","v":9.66},"m3"]
[null,null,null,"Total concreto ciclópeo (piedra pegada)",{"$f":"((E25*E26)+(E27*E28)*E12*E14*E15)","v":15.13},"m3"]
[null,null,null,"Acero longitudinal en una huella - N°4 C/15 ",{"$f":"+(E18/E31)*(E14+E16)*E15*E19*N15","v":1252.44},"kg"]
[null,null,null,"Longitud de traslapo longitudinal en huella (y longitud de \"s\" de refuerzo del bordillo)",0.6,"m"]
[null,null,null,"Acero traslapo en huellas longitudinal N°4 C/15 - Son 9 traslapos por sección de 2,80 m",{"$f":"+E39*(E18/E31)*E15*E19*N15","v":250.48799999999997},"kg"]
[null,null,null,"Acero huellas transversal N°2 C/30",{"$f":"+(E18-E32-E32)*ROUNDUP((E14/E33),0)*E19*E15*N13","v":131.25000000000003},"kg"]
[null,null,null,"Total acero huellas",{"$f":"+E38+E40+E41","v":1634.1780000000001}]
[null,null,null,"Cantidad de varillas longitudinales en berma-cuneta No. 4, 3 en cuneta, 2 en bordillo",5,"un"]
[null,null,null,"Acero cunetas longitudinal No. 4, 3 en cuneta, 2 en bordillo",{"$f":"E11*E43*E24*N15","v":994},"kg"]
[null,null,null,"Acero cunetas transversal No. 2, 1 recto de 0,37 m ",0.37,"m"]
[null,null,null,"Acero cunetas transversal No. 2, 1 de 0,37 cm en cuneta y 1 en \"S\" de L= 60 cm",{"$f":"((E11/E33)*(E45)*N13*E24)+((E11/E31)*(E39)*N14*E24)","v":509.6666666666668},"kg"]
[null,null,null,"Total acero cunetas",{"$f":"+E44+E46","v":1503.6666666666667},"kg"]
[null,null,null,"Acero longitudinal riostra figura 1. Son 2 No. 4 de 5.20 m",{"$f":"5.2*2","v":10.4},"kg"]
[null,null,null,"Acero longitudinal riostra figura 2. Son 2 No. 4 de 1,40 m",{"$f":"1.4*2","v":2.8},"kg"]
[null,null,null,"Acero longitudinal riostra figura 3. Son 2 No. 4 de 4,60 m",{"$f":"4.6*2","v":9.1999999999999993},"kg"]
[null,null,null,"Total acero longitudinal riostras ",{"$f":"(E48+E49+E50)*N15*E15","v":779.29599999999994},"kg"]
[null,null,null,"Total acero transversal riostras ",{"$f":"((E20+E24*E23-E16-E16)/E31)*N13*E15","v":326.66666666666669},"kg"]
[null,null,null,"Total acero riostras",{"$f":"+E51+E52","v":1105.9626666666666},"kg"]
[]
[null,null,null,"Cantidades de mejoramientos diferentes a placa huella. Tramo recto (tangente 1) Sección final de 6,0 m incluyendo cunetas en ambos costados","Cantidad","Unidad"]
[null,null,null,"Ancho total sección transversal",6,"m"]
[null,null,null,"Longitud unitaria ",900,"m"]
[null,null,null,"Espesor estándar tratamiento superficial",0.03,"m"]
[null,null,null,"Espesor estándar base tratada",0.2,"m"]
[null,null,null,"Espesor estándar subbase",0.25,"m"]
[null,null,null,"Espesor estándar mejoramiento rasante",0.05,"m"]
[]
[]
[null,null,null,null,null,null,null,null,null,null,null,"PROYECTO TIPO MEJORAMIENTO DE VÍAS TERCIARIAS Tramo 1 km",null,null,null,null,null,null,null,null,null,null,null,null,null,null,"AVAL"]
[]
[]
[null,null,null,null,null,null,null,null,null,null,null,"MEMORIAS DE CANTIDADES"]
[]
[]
[null,"Capítulo",null,null,{"$f":"+'[3] PPTO DNP'!$B$5","v":1},{"$f":"+'[3] PPTO DNP'!$C$5","v":"Realizar obras preliminares"}]
[null,"Ítem",null,null,1.1000000000000001,{"$f":"+'[3] PPTO DNP'!C6","v":"Localización y replanteo"},null,null,null,null,null,null,null,null,null,null,null,null,null,null,null,null,null,null,"UNIDAD",null,null,null,null,null,{"$f":"+'[3] PPTO DNP'!D6","v":"m²"}]
[null,"Área/lugar/elemento",null,null,"Longitud (m)",null,null,"Ancho (m)",null,null,"Alto (m)",null,null,"Peso (kg)",null,null,"V. PARCIAL",null,null,"N° DE ELEMENTOS ","UNIDAD ",null,null,"TOTAL"]
[null,"Área de intervención de placa huella",null,null,{"$f":"+E11","v":100},null,null,{"$f":"+E20+E23+E23","v":6.0000000000000009},null,null,null,null,null,null,null,null,{"$f":"E73*H73","v":600.00000000000011},null,null,1,{"$f":"+$AE$71","v":"m²"},null,null,{"$f":"Q73*T73","v":600.00000000000011}]
[null,"Área de intervención de placa huella",null,null,{"$f":"+E57","v":900},null,null,{"$f":"+E56","v":6},null,null,null,null,null,null,null,null,{"$f":"E74*H74","v":5400},null,null,1,{"$f":"+$AE$71","v":"m²"},null,null,{"$f":"Q74*T74","v":5400}]
[null,"Muro",null,null,null,null,null,null,null,null,null,null,null,null,null,null,{"$f":"E75*H75","v":0},null,null,1,{"$f":"+$AE$71","v":"m²"},null,null,{"$f":"Q75*T75","v":0}]
[null,"Box culvert",null,null,null,null,null,null,null,null,null,null,null,null,null,null,{"$f":"E76*H76","v":0},null,null,1,{"$f":"+$AE$71","v":"m²"},null,null,{"$f":"Q76*T76","v":0}]
[null,"Alcantarillas",null,null,null,null,null,null,null,null,null,null,null,null,null,null,{"$f":"E77*H77","v":0},null,null,9,{"$f":"+$AE$71","v":"m²"},null,null,{"$f":"Q77*T77","v":0}]
[null,null,null,null,null,null,null,null,null,null,null,null,null,null,null,null,null,null,null,null,"TOTAL",null,null,{"$f":"SUM(X73:Z77)","v":6000}]
[]
[null,"Observaciones"]
[]
[]
[null,null,null,null,null,null,null,null,null,null,null,null,null,null,null,null,null,null,null,null,null,null,null,null,null,null,null,null,null,null,null,null,null,null,null,null,null,null,null,null,null,null,null,null,null,null,null,"Pag. _1___ de __1__"]
[]
[]
[null,null,"CONTRATISTA",null,null,null,null,null,null,null,null,null,null,null,null,null,null,null,null,null,null,null,null,null,null,null,null,null,null,null,null,"Vo.Bo. INTERVENTOR"]
[]
[]
[null,null,null,null,null,null,null,null,null,null,null,"PROYECTO TIPO MEJORAMIENTO DE VÍAS TERCIARIAS Tramo 1 km",null,null,null,null,null,null,null,null,null,null,null,null,null,null,"AVAL"]
[]
[]
[null,null,null,null,null,null,null,null,null,null,null,"MEMORIAS DE CANTIDADES"]
[]
[]
[]
[null,"Capítulo",null,null,{"$f":"+'[3] PPTO DNP'!$B$7","v":2},{"$f":"+'[3] PPTO DNP'!$C$7","v":"Implementar el mejoramiento de vías terciarias para la estructura de pavimento"}]
[null,"Ítem",null,null,{"$f":"+'[3] PPTO DNP'!B8","v":"2.1"},{"$f":"+'[3] PPTO DNP'!C8","v":"Excavación mecánica en material común a nivel de subrasante  (incluye retiro de sobrantes, transporte hasta escombrera y derecho de botadero)"},null,null,null,null,null,null,null,null,null,null,null,null,null,null,null,null,null,null,"UNIDAD",null,null,null,null,null,{"$f":"+'[3] PPTO DNP'!D8","v":"m³"}]
[null,"Área/lugar/elemento",null,null,"Longitud (m)",null,null,"Ancho (m)",null,null,"Alto (m)",null,null,"Peso (kg)",null,null,"V. PARCIAL",null,null,"N° DE ELEMENTOS ","UNIDAD ",null,null,"TOTAL"]
[null,"Mejoramiento con placa huella",null,null,{"$f":"+E73","v":100},null,null,{"$f":"+H73","v":6.0000000000000009},null,null,{"$f":"+E12+E13","v":0.3},null,null,null,null,null,{"$f":"E99*H99*K99","v":180.00000000000003},null,null,null,{"$f":"+$AE$71","v":"m²"},null,null,{"$f":"+Q99","v":180.00000000000003}]
[null,"Mejoramiento con alternativa seleccionada",null,null,{"$f":"+E74","v":900},null,null,{"$f":"+H74","v":6},null,null,{"$f":"+E58+E59+E60","v":0.48},null,null,null,null,null,{"$f":"E100*H100*K100","v":2592},null,null,null,{"$f":"+$AE$71","v":"m²"},null,null,{"$f":"+Q100","v":2592}]
[null,null,null,null,null,null,null,null,null,null,null,null,null,null,null,null,null,null,null,null,"TOTAL",null,null,{"$f":"SUM(X99:Z100)","v":2772}]
[]
[null,"Observaciones"]
[]
[]
[]
[null,null,null,null,null,null,null,null,null,null,null,null,null,null,null,null,null,null,null,null,null,null,null,null,null,null,null,null,null,null,null,null,null,null,null,null,null,null,null,null,null,null,null,null,null,null,null,"Pag. _1___ de __1__"]
[]
[]
[null,null,"CONTRATISTA",null,null,null,null,null,null,null,null,null,null,null,null,null,null,null,null,null,null,null,null,null,null,null,null,null,null,null,null,"Vo.Bo. INTERVENTOR"]
[]
[]
[null,null,null,null,null,null,null,null,null,null,null,"PROYECTO TIPO MEJORAMIENTO DE VÍAS TERCIARIAS Tramo 1 km",null,null,null,null,null,null,null,null,null,null,null,null,null,null,"AVAL"]
[]
[]
[null,null,null,null,null,null,null,null,null,null,null,"MEMORIAS DE CANTIDADES"]
[]
[]
[]
[null,"Capítulo",null,null,{"$f":"+'[3] PPTO DNP'!$B$7","v":2},{"$f":"+'[3] PPTO DNP'!$C$7","v":"Implementar el mejoramiento de vías terciarias para la estructura de pavimento"}]
[null,"Ítem",null,null,{"$f":"'[3] PPTO DNP'!B9","v":"2.2"},{"$f":"+'[3] PPTO DNP'!C9","v":"Conformación de la subrasante "},null,null,null,null,null,null,null,null,null,null,null,null,null,null,null,null,null,null,"UNIDAD",null,null,null,null,null,{"$f":"+'[3] PPTO DNP'!D9","v":"m²"}]
[null,"Área/lugar/elemento",null,null,"Longitud (m)",null,null,"Ancho (m)",null,null,"Alto (m)",null,null,"Peso (kg)",null,null,"V. PARCIAL",null,null,"N° DE ELEMENTOS ","UNIDAD ",null,null,"TOTAL"]
[null,"Conformación de la subrasante bajo el área de placa huella",null,null,{"$f":"+E99","v":100},null,null,{"$f":"+H99","v":6.0000000000000009},null,null,null,null,null,null,null,null,{"$f":"E123*H123","v":600.00000000000011},null,null,null,{"$f":"+$AE$121","v":"m²"},null,null,{"$f":"+Q123","v":600.00000000000011}]
[null,"Conformación de la subrasante bajo el área con mejoramiento diferente a placa huella",null,null,{"$f":"+E100","v":900},null,null,{"$f":"+H100","v":6},null,null,null,null,null,null,null,null,{"$f":"E124*H124","v":5400},null,null,null,{"$f":"+$AE$121","v":"m²"},null,null,{"$f":"+Q124","v":5400}]
[null,null,null,null,null,null,null,null,null,null,null,null,null,null,null,null,null,null,null,null,"TOTAL",null,null,{"$f":"SUM(X123:Z124)","v":6000}]
[]
[null,"Observaciones"]
[]
[]
[]
[null,null,null,null,null,null,null,null,null,null,null,null,null,null,null,null,null,null,null,null,null,null,null,null,null,null,null,null,null,null,null,null,null,null,null,null,null,null,null,null,null,null,null,null,null,null,null,"Pag. _1___ de __1__"]
[]
[]
[null,null,"CONTRATISTA",null,null,null,null,null,null,null,null,null,null,null,null,null,null,null,null,null,null,null,null,null,null,null,null,null,null,null,null,"Vo.Bo. INTERVENTOR"]
[]
[]
[null,null,null,null,null,null,null,null,null,null,null,"PROYECTO TIPO MEJORAMIENTO DE VÍAS TERCIARIAS Tramo 1 km",null,null,null,null,null,null,null,null,null,null,null,null,null,null,"AVAL"]
[]
[]
[null,null,null,null,null,null,null,null,null,null,null,"MEMORIAS DE CANTIDADES"]
[]
[]
[null,"Capítulo",null,null,{"$f":"+'[3] PPTO DNP'!$B$7","v":2},{"$f":"+'[3] PPTO DNP'!$C$7","v":"Implementar el mejoramiento de vías terciarias para la estructura de pavimento"}]
[null,"Ítem",null,null,{"$f":"'[3] PPTO DNP'!B10","v":"2.3"},{"$f":"+'[3] PPTO DNP'!C10","v":"Subbase granular (incluye suministro, extendido, nivelación, humedecido y compactación)  "},null,null,null,null,null,null,null,null,null,null,null,null,null,null,null,null,null,null,"UNIDAD",null,null,null,null,null,{"$f":"+'[3] PPTO DNP'!D10","v":"m³"}]
[null,"Área/lugar/elemento",null,null,"Longitud (m)",null,null,"Ancho (m)",null,null,"Alto (m)",null,null,"Peso (kg)",null,null,"V. PARCIAL",null,null,"N° DE ELEMENTOS ","UNIDAD ",null,null,"TOTAL"]
[null,"Conformación de la subbase bajo el área de placa huella",null,null,{"$f":"+E99","v":100},null,null,{"$f":"+H99","v":6.0000000000000009},null,null,0.15,null,null,null,null,null,{"$f":"E146*H146*K146","v":90.000000000000014},null,null,null,{"$f":"+$AE$144","v":"m³"},null,null,{"$f":"+E146*H146*K146","v":90.000000000000014}]
[null,"Conformación de la subbase bajo el área de mejoramiento diferente a placa huella",null,null,{"$f":"+E100","v":900},null,null,{"$f":"+H100","v":6},null,null,{"$f":"+E60","v":0.25},null,null,null,null,null,{"$f":"E147*H147*K147","v":1350},null,null,null,{"$f":"+$AE$144","v":"m³"},null,null,{"$f":"+E147*H147*K147","v":1350}]
[null,null,null,null,null,null,null,null,null,null,null,null,null,null,null,null,null,null,null,null,"TOTAL",null,null,{"$f":"SUM(X146:Z147)","v":1440}]
[]
[null,"Observaciones"]
[]
[]
[]
[null,null,null,null,null,null,null,null,null,null,null,null,null,null,null,null,null,null,null,null,null,null,null,null,null,null,null,null,null,null,null,null,null,null,null,null,null,null,null,null,null,null,null,null,null,null,null,"Pag. _1___ de __1__"]
[]
[]
[null,null,"CONTRATISTA",null,null,null,null,null,null,null,null,null,null,null,null,null,null,null,null,null,null,null,null,null,null,null,null,null,null,null,null,"Vo.Bo. INTERVENTOR"]
[]
[]
[null,null,null,null,null,null,null,null,null,null,null,"PROYECTO TIPO MEJORAMIENTO DE VÍAS TERCIARIAS Tramo 1 km",null,null,null,null,null,null,null,null,null,null,null,null,null,null,"AVAL"]
[]
[]
[null,null,null,null,null,null,null,null,null,null,null,"MEMORIAS DE CANTIDADES"]
[]
[]
[null,"Capítulo",null,null,{"$f":"+'[3] PPTO DNP'!$B$7","v":2},{"$f":"+'[3] PPTO DNP'!$C$7","v":"Implementar el mejoramiento de vías terciarias para la estructura de pavimento"}]
[null,"Ítem",null,null,{"$f":"'[3] PPTO DNP'!B11","v":"2.4"},{"$f":"+'[3] PPTO DNP'!C11","v":"Excavación manual H= 0,15 m y a= 0,20 m para riostras de placa huella (incluye retiro de sobrantes, transporte hasta escombrera y derecho de botadero)  "},null,null,null,null,null,null,null,null,null,null,null,null,null,null,null,null,null,null,"UNIDAD",null,null,null,null,null,{"$f":"+'[3] PPTO DNP'!D11","v":"m³"}]
[null,"Área/lugar/elemento",null,null,"Longitud (m)",null,null,"Ancho (m)",null,null,"Alto (m)",null,null,"Peso (kg)",null,null,"V. PARCIAL",null,null,"N° DE ELEMENTOS ","UNIDAD ",null,null,"TOTAL"]
[null,"Riostras después de terminar la subbase en el área de placa huella",null,null,{"$f":"+E20","v":4.6000000000000005},null,null,{"$f":"+E16","v":0.2},null,null,{"$f":"+E13","v":0.15},null,null,null,null,null,{"$f":"E169*H169*K169","v":0.13800000000000001},null,null,{"$f":"+E15","v":35},{"$f":"+$AE$167","v":"m³"},null,null,{"$f":"Q169*T169","v":4.83}]
[null,null,null,null,null,null,null,null,null,null,null,null,null,null,null,null,null,null,null,null,"TOTAL",null,null,{"$f":"SUM(X169:Z169)","v":4.83}]
[]
[null,"Observaciones"]
[]
[]
[]
[null,null,null,null,null,null,null,null,null,null,null,null,null,null,null,null,null,null,null,null,null,null,null,null,null,null,null,null,null,null,null,null,null,null,null,null,null,null,null,null,null,null,null,null,null,null,null,"Pag. _1___ de __1__"]
[]
[]
[null,null,"CONTRATISTA",null,null,null,null,null,null,null,null,null,null,null,null,null,null,null,null,null,null,null,null,null,null,null,null,null,null,null,null,"Vo.Bo. INTERVENTOR"]
[]
[]
[null,null,null,null,null,null,null,null,null,null,null,"PROYECTO TIPO MEJORAMIENTO DE VÍAS TERCIARIAS Tramo 1 km",null,null,null,null,null,null,null,null,null,null,null,null,null,null,"AVAL"]
[]
[]
[null,null,null,null,null,null,null,null,null,null,null,"MEMORIAS DE CANTIDADES"]
[]
[]
[null,"Capítulo",null,null,{"$f":"+'[3] PPTO DNP'!$B$7","v":2},{"$f":"+'[3] PPTO DNP'!$C$7","v":"Implementar el mejoramiento de vías terciarias para la estructura de pavimento"}]
[null,"Ítem",null,null,{"$f":"'[3] PPTO DNP'!B12","v":"2.5"},{"$f":"+'[3] PPTO DNP'!C12","v":"Concreto de 210 kg/cm² (3.000 psi) huellas "},null,null,null,null,null,null,null,null,null,null,null,null,null,null,null,null,null,null,"UNIDAD",null,null,null,null,null,{"$f":"+'[3] PPTO DNP'!D12","v":"m³"}]
[null,"Área/lugar/elemento",null,null,"Longitud (m)",null,null,"Ancho (m)",null,null,"Alto (m)",null,null,"Área (m2)",null,null,"V. PARCIAL",null,null,"N° DE ELEMENTOS ","UNIDAD ",null,null,"TOTAL"]
[null,"Huellas",null,null,{"$f":"+E14","v":2.8},null,null,{"$f":"+E18","v":0.9},null,null,{"$f":"+E12","v":0.15},null,null,null,null,null,{"$f":"E191*H191*K191","v":0.378},null,null,{"$f":"+E19*E15","v":70},{"$f":"+$AE$189","v":"m³"},null,null,{"$f":"Q191*T191","v":26.46}]
[null,null,null,null,null,null,null,null,null,null,null,null,null,null,null,null,null,null,null,null,"TOTAL",null,null,{"$f":"SUM(X191:Z191)","v":26.46}]
[]
[null,"Observaciones"]
[]
[]
[]
[null,null,null,null,null,null,null,null,null,null,null,null,null,null,null,null,null,null,null,null,null,null,null,null,null,null,null,null,null,null,null,null,null,null,null,null,null,null,null,null,null,null,null,null,null,null,null,"Pag. _1___ de __1__"]
[]
[]
[null,null,"CONTRATISTA",null,null,null,null,null,null,null,null,null,null,null,null,null,null,null,null,null,null,null,null,null,null,null,null,null,null,null,null,"Vo.Bo. INTERVENTOR"]
[]
[]
[null,null,null,null,null,null,null,null,null,null,null,"PROYECTO TIPO MEJORAMIENTO DE VÍAS TERCIARIAS Tramo 1 km",null,null,null,null,null,null,null,null,null,null,null,null,null,null,"AVAL"]
[]
[]
[null,null,null,null,null,null,null,null,null,null,null,"MEMORIAS DE CANTIDADES"]
[]
[]
[null,"Capítulo",null,null,{"$f":"+'[3] PPTO DNP'!$B$7","v":2},{"$f":"+'[3] PPTO DNP'!$C$7","v":"Implementar el mejoramiento de vías terciarias para la estructura de pavimento"}]
[null,"Ítem",null,null,{"$f":"'[3] PPTO DNP'!B13","v":"2.6"},{"$f":"+'[3] PPTO DNP'!C13","v":"Concreto ciclópeo para placa huella (piedra pegada)"},null,null,null,null,null,null,null,null,null,null,null,null,null,null,null,null,null,null,"UNIDAD",null,null,null,null,null,{"$f":"+'[3] PPTO DNP'!D27","v":"m"}]
[null,"Área/lugar/elemento",null,null,"Longitud (m)",null,null,"Ancho (m)",null,null,"Alto (m)",null,null,"Peso (kg)",null,null,"V. PARCIAL",null,null,"N° DE ELEMENTOS ","UNIDAD ",null,null,"TOTAL"]
[null,"Franja de piedra pegada interna",null,null,{"$f":"+E14","v":2.8},null,null,{"$f":"+E27","v":0.9},null,null,{"$f":"+E12","v":0.15},null,null,null,null,null,{"$f":"+E213*H213*K213","v":0.378},null,null,{"$f":"+E15","v":35},{"$f":"+$AE$211","v":"m"},null,null,{"$f":"+Q213*T213","v":13.23}]
[null,"Franja de piedra pegada externa",null,null,{"$f":"+E213","v":2.8},null,null,{"$f":"+E25","v":0.95},null,null,{"$f":"+K213","v":0.15},null,null,null,null,null,{"$f":"+E214*H214*K214","v":0.39899999999999997},null,null,{"$f":"+T213*E26","v":70},{"$f":"+$AE$211","v":"m"},null,null,{"$f":"+Q214*T214","v":27.929999999999996}]
[null,null,null,null,null,null,null,null,null,null,null,null,null,null,null,null,null,null,null,null,"TOTAL",null,null,{"$f":"SUM(X213:Z214)","v":41.16}]
[]
[null,"Observaciones"]
[]
[]
[]
[null,null,null,null,null,null,null,null,null,null,null,null,null,null,null,null,null,null,null,null,null,null,null,null,null,null,null,null,null,null,null,null,null,null,null,null,null,null,null,null,null,null,null,null,null,null,null,"Pag. _1___ de __1__"]
[]
[]
[null,null,"CONTRATISTA",null,null,null,null,null,null,null,null,null,null,null,null,null,null,null,null,null,null,null,null,null,null,null,null,null,null,null,null,"Vo.Bo. INTERVENTOR"]
[]
[]
[null,null,null,null,null,null,null,null,null,null,null,"PROYECTO TIPO MEJORAMIENTO DE VÍAS TERCIARIAS Tramo 1 km",null,null,null,null,null,null,null,null,null,null,null,null,null,null,"AVAL"]
[]
[]
[null,null,null,null,null,null,null,null,null,null,null,"MEMORIAS DE CANTIDADES"]
[]
[]
[null,"Capítulo",null,null,{"$f":"+'[3] PPTO DNP'!$B$7","v":2},{"$f":"+'[3] PPTO DNP'!$C$7","v":"Implementar el mejoramiento de vías terciarias para la estructura de pavimento"}]
[]
[null,"Ítem",null,null,{"$f":"'[3] PPTO DNP'!B14","v":"2.7"},{"$f":"+'[3] PPTO DNP'!C14","v":"Concreto de 210 kg/cm² (3.000 psi) para riostras de placa huella"},null,null,null,null,null,null,null,null,null,null,null,null,null,null,null,null,null,null,"UNIDAD",null,null,null,null,null,{"$f":"+'[3] PPTO DNP'!D14","v":"m³"}]
[]
[null,"Área/lugar/elemento",null,null,"Longitud (m)",null,null,"Ancho (m)",null,null,"Alto (m)",null,null,"Peso (kg)",null,null,"V. PARCIAL",null,null,"N° DE ELEMENTOS ","UNIDAD ",null,null,"TOTAL"]
[null,"Riostras en el tramo",null,null,{"$f":"+E20","v":4.6000000000000005},null,null,{"$f":"+E16","v":0.2},null,null,{"$f":"+E17","v":0.3},null,null,null,null,null,{"$f":"E238*H238*K238","v":0.27600000000000002},null,null,{"$f":"+E15","v":35},{"$f":"+$AE$235","v":"m³"},null,null,{"$f":"+Q238*T238","v":9.66}]
[null,null,null,null,null,null,null,null,null,null,null,null,null,null,null,null,null,null,null,null,"TOTAL",null,null,{"$f":"SUM(X238:Z238)","v":9.66}]
[]
[null,"Observaciones"]
[]
[]
[]
[null,null,null,null,null,null,null,null,null,null,null,null,null,null,null,null,null,null,null,null,null,null,null,null,null,null,null,null,null,null,null,null,null,null,null,null,null,null,null,null,null,null,null,null,null,null,null,"Pag. _1___ de __1__"]
[]
[]
[null,null,"CONTRATISTA",null,null,null,null,null,null,null,null,null,null,null,null,null,null,null,null,null,null,null,null,null,null,null,null,null,null,null,null,"Vo.Bo. INTERVENTOR"]
[]
[]
[null,null,null,null,null,null,null,null,null,null,null,"PROYECTO TIPO MEJORAMIENTO DE VÍAS TERCIARIAS Tramo 1 km",null,null,null,null,null,null,null,null,null,null,null,null,null,null,"AVAL"]
[]
[]
[null,null,null,null,null,null,null,null,null,null,null,"MEMORIAS DE CANTIDADES"]
[]
[]
[null,"Capítulo",null,null,{"$f":"+'[3] PPTO DNP'!$B$7","v":2},{"$f":"+'[3] PPTO DNP'!$C$7","v":"Implementar el mejoramiento de vías terciarias para la estructura de pavimento"}]
[null,"Ítem",null,null,{"$f":"'[3] PPTO DNP'!B15","v":"2.8"},{"$f":"+'[3] PPTO DNP'!C15","v":"Acero de refuerzo 4.200 kg/cm² (60.000 psi) para huellas y riostras"},null,null,null,null,null,null,null,null,null,null,null,null,null,null,null,null,null,null,"UNIDAD",null,null,null,null,null,{"$f":"+'[3] PPTO DNP'!D15","v":"kg"}]
[]
[null,"Área/lugar/elemento",null,null,"Longitud (m)",null,null,null,null,null,null,null,null,"Peso (kg/m)",null,null,"V. PARCIAL",null,null,"N° DE ELEMENTOS ","UNIDAD ",null,null,"TOTAL"]
[null,{"$f":"+D38","v":"Acero longitudinal en una huella - N°4 C/15 "},null,null,{"$f":"+(E18/E31)*(E14+E16)","v":18},null,null,null,null,null,null,null,null,{"$f":"+N15","v":0.99399999999999999},null,null,{"$f":"E261*K261*N261","v":0},null,null,{"$f":"E15*E19","v":70},{"$f":"+AE258","v":"kg"},null,null,{"$f":"+E261*N261*T261","v":1252.44}]
[null,{"$f":"+D40","v":"Acero traslapo en huellas longitudinal N°4 C/15 - Son 9 traslapos por sección de 2,80 m"},null,null,{"$f":"+E39*(E18/E31)","v":3.5999999999999996},null,null,null,null,null,null,null,null,{"$f":"+N261","v":0.99399999999999999},null,null,{"$f":"E262*K262*N262","v":0},null,null,{"$f":"E15*E19","v":70},{"$f":"+AE258","v":"kg"},null,null,{"$f":"+E262*N262*T262","v":250.488}]
[null,{"$f":"+D41","v":"Acero huellas transversal N°2 C/30"},null,null,{"$f":"+(E18-E32-E32)*ROUNDUP((E14/E33),0)","v":7.5000000000000009},null,null,null,null,null,null,null,null,{"$f":"+N13","v":0.25},null,null,{"$f":"E263*K263*N263","v":0},null,null,{"$f":"+E19*E15","v":70},{"$f":"+AE258","v":"kg"},null,null,{"$f":"+E263*N263*T263","v":131.25000000000003}]
[null,null,null,null,null,null,null,null,null,null,null,null,null,null,null,null,null,null,null,null,"TOTAL",null,null,{"$f":"SUM(X261:Z263)","v":1634.1780000000001}]
[]
[null,"Observaciones"]
[]
[]
[]
[null,null,null,null,null,null,null,null,null,null,null,null,null,null,null,null,null,null,null,null,null,null,null,null,null,null,null,null,null,null,null,null,null,null,null,null,null,null,null,null,null,null,null,null,null,null,null,"Pag. _1___ de __1__"]
[]
[]
[null,null,"CONTRATISTA",null,null,null,null,null,null,null,null,null,null,null,null,null,null,null,null,null,null,null,null,null,null,null,null,null,null,null,null,"Vo.Bo. INTERVENTOR"]
[]
[]
[null,null,null,null,null,null,null,null,null,null,null,"PROYECTO TIPO MEJORAMIENTO DE VÍAS TERCIARIAS Tramo 1 km",null,null,null,null,null,null,null,null,null,null,null,null,null,null,"AVAL"]
[]
[]
[null,null,null,null,null,null,null,null,null,null,null,"MEMORIAS DE CANTIDADES"]
[]
[]
[null,"Capítulo",null,null,{"$f":"+'[3] PPTO DNP'!$B$7","v":2},{"$f":"+'[3] PPTO DNP'!$C$7","v":"Implementar el mejoramiento de vías terciarias para la estructura de pavimento"}]
[null,"Ítem",null,null,{"$f":"'[3] PPTO DNP'!B16","v":"2.9"},{"$f":"'[3] PPTO DNP'!C16","v":"Mejoramiento de la subrasante con adición de materiales"},null,null,null,null,null,null,null,null,null,null,null,null,null,null,null,null,null,null,"UNIDAD",null,null,null,null,null,{"$f":"+'[3] PPTO DNP'!D16","v":"m³"}]
[null,"Área/lugar/elemento",null,null,"Longitud (m)",null,null,"Ancho (m)",null,null,"Alto (m)",null,null,"Peso (kg)",null,null,"V. PARCIAL",null,null,"N° DE ELEMENTOS ","UNIDAD ",null,null,"TOTAL"]
[null,"Subbbase granular",null,null,{"$f":"+E57","v":900},null,null,{"$f":"+E56","v":6},null,null,{"$f":"+E61","v":0.05},null,null,null,null,null,{"$f":"E285*H285*K285","v":270},null,null,1,"m³",null,null,{"$f":"Q285*T285","v":270}]
[null,null,null,null,null,null,null,null,null,null,null,null,null,null,null,null,null,null,null,null,"TOTAL",null,null,{"$f":"SUM(X285:Z285)","v":270}]
[]
[null,"Observaciones"]
[]
[]
[]
[null,null,null,null,null,null,null,null,null,null,null,null,null,null,null,null,null,null,null,null,null,null,null,null,null,null,null,null,null,null,null,null,null,null,null,null,null,null,null,null,null,null,null,null,null,null,null,"Pag. _1___ de __1__"]
[]
[]
[null,null,"CONTRATISTA",null,null,null,null,null,null,null,null,null,null,null,null,null,null,null,null,null,null,null,null,null,null,null,null,null,null,null,null,"Vo.Bo. INTERVENTOR"]
[]
[]
[null,null,null,null,null,null,null,null,null,null,null,"PROYECTO TIPO MEJORAMIENTO DE VÍAS TERCIARIAS Tramo 1 km",null,null,null,null,null,null,null,null,null,null,null,null,null,null,"AVAL"]
[]
[]
[null,null,null,null,null,null,null,null,null,null,null,"MEMORIAS DE CANTIDADES"]
[]
[]
[null,"Capítulo",null,null,{"$f":"+'[3] PPTO DNP'!$B$7","v":2},{"$f":"+'[3] PPTO DNP'!$C$7","v":"Implementar el mejoramiento de vías terciarias para la estructura de pavimento"}]
[null,"Ítem",null,null,{"$f":"'[3] PPTO DNP'!B17","v":"2.10"},{"$f":"'[3] PPTO DNP'!C17","v":"Base tratada con cemento resistencia R-3.5 (incluye suministro de cemento) "},null,null,null,null,null,null,null,null,null,null,null,null,null,null,null,null,null,null,"UNIDAD",null,null,null,null,null,{"$f":"+'[3] PPTO DNP'!D17","v":"m³"}]
[null,"Área/lugar/elemento",null,null,"Longitud (m)",null,null,"Ancho (m)",null,null,"Alto (m)",null,null,"Peso (kg)",null,null,"V. PARCIAL",null,null,"N° DE ELEMENTOS ","UNIDAD ",null,null,"TOTAL"]
[null,"Mejoramiento de la subrasante con adición de materiales",null,null,{"$f":"+E57","v":900},null,null,{"$f":"+E56","v":6},null,null,{"$f":"+E59","v":0.2},null,null,null,null,null,{"$f":"E307*H307*K307","v":1080},null,null,0,"m³",null,null,{"$f":"+E307*H307*K307*T307","v":0}]
[null,null,null,null,null,null,null,null,null,null,null,null,null,null,null,null,null,null,null,null,"TOTAL",null,null,{"$f":"SUM(X307:Z307)","v":0}]
[]
[null,"Observaciones"]
[]
[]
[]
[null,null,null,null,null,null,null,null,null,null,null,null,null,null,null,null,null,null,null,null,null,null,null,null,null,null,null,null,null,null,null,null,null,null,null,null,null,null,null,null,null,null,null,null,null,null,null,"Pag. _1___ de __1__"]
[]
[]
[null,null,"CONTRATISTA",null,null,null,null,null,null,null,null,null,null,null,null,null,null,null,null,null,null,null,null,null,null,null,null,null,null,null,null,"Vo.Bo. INTERVENTOR"]
[]
[]
[null,null,null,null,null,null,null,null,null,null,null,"PROYECTO TIPO MEJORAMIENTO DE VÍAS TERCIARIAS Tramo 1 km",null,null,null,null,null,null,null,null,null,null,null,null,null,null,"AVAL"]
[]
[]
[null,null,null,null,null,null,null,null,null,null,null,"MEMORIAS DE CANTIDADES"]
[]
[]
[]
[null,"Capítulo",null,null,{"$f":"+'[3] PPTO DNP'!$B$7","v":2},{"$f":"+'[3] PPTO DNP'!$C$7","v":"Implementar el mejoramiento de vías terciarias para la estructura de pavimento"}]
[null,"Ítem",null,null,{"$f":"'[3] PPTO DNP'!B18","v":"2.11"},{"$f":"'[3] PPTO DNP'!C18","v":"Base estabilizada con emulsión asfáltica tipo BEE-38"},null,null,null,null,null,null,null,null,null,null,null,null,null,null,null,null,null,null,"UNIDAD",null,null,null,null,null,{"$f":"+'[3] PPTO DNP'!D18","v":"m³"}]
[null,"Área/lugar/elemento",null,null,"Longitud (m)",null,null,"Ancho (m)",null,null,"Alto (m)",null,null,"Peso (kg)",null,null,"V. PARCIAL",null,null,"N° DE ELEMENTOS ","UNIDAD ",null,null,"TOTAL"]
[null,"Base estabilizada con emulsión asfáltica tipo BEE-38 (primera capa constructiva)",null,null,{"$f":"+E57","v":900},null,null,{"$f":"+E56","v":6},null,null,{"$f":"0.08","v":0.08},null,null,null,null,null,{"$f":"E330*H330*K330","v":432},null,null,1,"m³",null,null,{"$f":"+E330*H330*K330*T330","v":432}]
[null,"Base estabilizada con emulsión asfáltica tipo BEE-38 (segunda capa constructiva)",null,null,{"$f":"+E57","v":900},null,null,{"$f":"+E20","v":4.6000000000000005},null,null,0.12,null,null,null,null,null,{"$f":"E331*H331*K331","v":496.80000000000007},null,null,1,"m³",null,null,{"$f":"+E331*H331*K331*T331","v":496.80000000000007}]
[null,null,null,null,null,null,null,null,null,null,null,null,null,null,null,null,null,null,null,null,"TOTAL",null,null,{"$f":"SUM(X330:Z331)","v":928.80000000000007}]
[]
[null,"Observaciones"]
[]
[]
[]
[null,null,null,null,null,null,null,null,null,null,null,null,null,null,null,null,null,null,null,null,null,null,null,null,null,null,null,null,null,null,null,null,null,null,null,null,null,null,null,null,null,null,null,null,null,null,null,"Pag. _1___ de __1__"]
[]
[]
[null,null,"CONTRATISTA",null,null,null,null,null,null,null,null,null,null,null,null,null,null,null,null,null,null,null,null,null,null,null,null,null,null,null,null,"Vo.Bo. INTERVENTOR"]
[]
[]
[null,null,null,null,null,null,null,null,null,null,null,"PROYECTO TIPO MEJORAMIENTO DE VÍAS TERCIARIAS Tramo 1 km",null,null,null,null,null,null,null,null,null,null,null,null,null,null,"AVAL"]
[]
[]
[null,null,null,null,null,null,null,null,null,null,null,"MEMORIAS DE CANTIDADES"]
[]
[]
[null,"Capítulo",null,null,{"$f":"+'[3] PPTO DNP'!$B$7","v":2},{"$f":"+'[3] PPTO DNP'!$C$7","v":"Implementar el mejoramiento de vías terciarias para la estructura de pavimento"}]
[null,"Ítem",null,null,{"$f":"'[3] PPTO DNP'!B19","v":"2.12"},{"$f":"'[3] PPTO DNP'!C19","v":"Base granular estabilizada mecánicamente (Base Granular Clase C)"},null,null,null,null,null,null,null,null,null,null,null,null,null,null,null,null,null,null,"UNIDAD",null,null,null,null,null,{"$f":"+'[3] PPTO DNP'!D19","v":"m³"}]
[null,"Área/lugar/elemento",null,null,"Longitud (m)",null,null,"Ancho (m)",null,null,"Alto (m)",null,null,"Peso (kg)",null,null,"V. PARCIAL",null,null,"N° DE ELEMENTOS ","UNIDAD ",null,null,"TOTAL"]
[null,"Base granular estabilizada mecánicamente (Base Granular Clase C)",null,null,{"$f":"+E57","v":900},null,null,{"$f":"+E56","v":6},null,null,{"$f":"+E59","v":0.2},null,null,null,null,null,{"$f":"E353*H353*K353","v":1080},null,null,0,"m³",null,null,{"$f":"+E353*H353*K353*T353","v":0}]
[null,null,null,null,null,null,null,null,null,null,null,null,null,null,null,null,null,null,null,null,"TOTAL",null,null,{"$f":"SUM(X353:Z353)","v":0}]
[]
[null,"Observaciones"]
[]
[]
[]
[null,null,null,null,null,null,null,null,null,null,null,null,null,null,null,null,null,null,null,null,null,null,null,null,null,null,null,null,null,null,null,null,null,null,null,null,null,null,null,null,null,null,null,null,null,null,null,"Pag. _1___ de __1__"]
[]
[]
[null,null,"CONTRATISTA",null,null,null,null,null,null,null,null,null,null,null,null,null,null,null,null,null,null,null,null,null,null,null,null,null,null,null,null,"Vo.Bo. INTERVENTOR"]
[]
[]
[null,null,null,null,null,null,null,null,null,null,null,"PROYECTO TIPO MEJORAMIENTO DE VÍAS TERCIARIAS Tramo 1 km",null,null,null,null,null,null,null,null,null,null,null,null,null,null,"AVAL"]
[]
[]
[null,null,null,null,null,null,null,null,null,null,null,"MEMORIAS DE CANTIDADES"]
[]
[]
[null,"Capítulo",null,null,{"$f":"+'[3] PPTO DNP'!$B$7","v":2},{"$f":"+'[3] PPTO DNP'!$C$7","v":"Implementar el mejoramiento de vías terciarias para la estructura de pavimento"}]
[null,"Ítem",null,null,{"$f":"'[3] PPTO DNP'!B20","v":"2.13"},{"$f":"'[3] PPTO DNP'!C20","v":"Lechada asfáltica con emulsión CRL-1HM, tipo LA-5"},null,null,null,null,null,null,null,null,null,null,null,null,null,null,null,null,null,null,"UNIDAD",null,null,null,null,null,{"$f":"+'[3] PPTO DNP'!D20","v":"m²"}]
[null,"Área/lugar/elemento",null,null,"Longitud (m)",null,null,"Ancho (m)",null,null,"Alto (m)",null,null,"Peso (kg)",null,null,"V. PARCIAL",null,null,"N° DE ELEMENTOS ","UNIDAD ",null,null,"TOTAL"]
[null,"Lechada asfáltica con emulsión CRL-1HM, tipo LA-5",null,null,{"$f":"+E57","v":900},null,null,{"$f":"+E20","v":4.6000000000000005},null,null,{"$f":"+E86","v":0},null,null,null,null,null,{"$f":"+E375*H375","v":4140.0000000000009},null,null,0,"m³",null,null,{"$f":"+Q375*T375","v":0}]
[null,null,null,null,null,null,null,null,null,null,null,null,null,null,null,null,null,null,null,null,"TOTAL",null,null,{"$f":"SUM(X375:Z375)","v":0}]
[]
[null,"Observaciones"]
[]
[]
[]
[null,null,null,null,null,null,null,null,null,null,null,null,null,null,null,null,null,null,null,null,null,null,null,null,null,null,null,null,null,null,null,null,null,null,null,null,null,null,null,null,null,null,null,null,null,null,null,"Pag. _1___ de __1__"]
[]
[]
[null,null,"CONTRATISTA",null,null,null,null,null,null,null,null,null,null,null,null,null,null,null,null,null,null,null,null,null,null,null,null,null,null,null,null,"Vo.Bo. INTERVENTOR"]
[]
[]
[null,null,null,null,null,null,null,null,null,null,null,"PROYECTO TIPO MEJORAMIENTO DE VÍAS TERCIARIAS Tramo 1 km",null,null,null,null,null,null,null,null,null,null,null,null,null,null,"AVAL"]
[]
[]
[null,null,null,null,null,null,null,null,null,null,null,"MEMORIAS DE CANTIDADES"]
[]
[]
[null,"Capítulo",null,null,{"$f":"+'[3] PPTO DNP'!$B$7","v":2},{"$f":"+'[3] PPTO DNP'!$C$7","v":"Implementar el mejoramiento de vías terciarias para la estructura de pavimento"}]
[null,"Ítem",null,null,{"$f":"'[3] PPTO DNP'!B21","v":"2.14"},{"$f":"'[3] PPTO DNP'!C21","v":"Tratamiento superficial doble con emulsión CRR-2 tipo 1"},null,null,null,null,null,null,null,null,null,null,null,null,null,null,null,null,null,null,"UNIDAD",null,null,null,null,null,{"$f":"+'[3] PPTO DNP'!D21","v":"m²"}]
[null,"Área/lugar/elemento",null,null,"Longitud (m)",null,null,"Ancho (m)",null,null,"Alto (m)",null,null,"Peso (kg)",null,null,"V. PARCIAL",null,null,"N° DE ELEMENTOS ","UNIDAD ",null,null,"TOTAL"]
[null,"Tratamiento superficial doble",null,null,{"$f":"+E57","v":900},null,null,{"$f":"+E20","v":4.6000000000000005},null,null,null,null,null,null,null,null,{"$f":"E397*H397","v":4140.0000000000009},null,null,1,"m³",null,null,{"$f":"+Q397*T397","v":4140.0000000000009}]
[null,null,null,null,null,null,null,null,null,null,null,null,null,null,null,null,null,null,null,null,"TOTAL",null,null,{"$f":"SUM(X397:Z397)","v":4140.0000000000009}]
[]
[null,"Observaciones"]
[]
[]
[]
[null,null,null,null,null,null,null,null,null,null,null,null,null,null,null,null,null,null,null,null,null,null,null,null,null,null,null,null,null,null,null,null,null,null,null,null,null,null,null,null,null,null,null,null,null,null,null,"Pag. _1___ de __1__"]
[]
[]
[null,null,"CONTRATISTA",null,null,null,null,null,null,null,null,null,null,null,null,null,null,null,null,null,null,null,null,null,null,null,null,null,null,null,null,"Vo.Bo. INTERVENTOR"]
[]
[]
[null,null,null,null,null,null,null,null,null,null,null,"PROYECTO TIPO MEJORAMIENTO DE VÍAS TERCIARIAS Tramo 1 km",null,null,null,null,null,null,null,null,null,null,null,null,null,null,"AVAL"]
[]
[]
[null,null,null,null,null,null,null,null,null,null,null,"MEMORIAS DE CANTIDADES"]
[]
[]
[null,"Capítulo",null,null,{"$f":"+'[3] PPTO DNP'!$B$22","v":3},{"$f":"+'[3] PPTO DNP'!$C$22","v":"Construir obras de drenaje "}]
[null,"Ítem",null,null,{"$f":"'[3] PPTO DNP'!B23","v":"3.1"},{"$f":"'[3] PPTO DNP'!C23","v":"Excavación manual"},null,null,null,null,null,null,null,null,null,null,null,null,null,null,null,null,null,null,"UNIDAD",null,null,null,null,null,{"$f":"+'[3] PPTO DNP'!D23","v":"m³"}]
[null,"ÁREA O LUGAR",null,null,"DIMENSIONES ",null,null,null,null,null,null,null,null,null,null,null,"V. PARCIAL",null,null,"N° DE ELEMENTOS ","UNIDAD ",null,null,"TOTAL"]
[null,null,null,null,"Longitud (m)",null,null,"Ancho (m)",null,null,"Alto (m)",null,null,"Peso (kg)"]
[null,"Excavación tuberia",null,null,6,null,null,1.6,null,null,2.25,null,null,null,null,null,{"$f":"E420*H420*K420","v":21.6},null,null,9,"m3",null,null,{"$f":"Q420*T420","v":194.4}]
[null,"Poceta",null,null,1.9,null,null,1.5,null,null,2.3199999999999998,null,null,null,null,null,{"$f":"E421*H421*K421","v":6.6119999999999983},null,null,9,"m3",null,null,{"$f":"Q421*T421","v":59.507999999999981}]
[null,"Muro salida",null,null,1.52,null,null,2.5,null,null,2.5099999999999998,null,null,null,null,null,{"$f":"((((H422+1.5)/2))*((2.5+5.55)/2))*E422","v":12.236000000000001},null,null,9,"m3",null,null,{"$f":"Q422*T422","v":110.12400000000001}]
[null,null,null,null,null,null,null,null,null,null,null,null,null,null,null,null,null,null,null,null,"TOTAL",null,null,{"$f":"SUM(X420:Z422)","v":364.03199999999998}]
[]
[null,"Observaciones",null,null,"Modifique valores de celdas en amarillo para ajustar a las condiciones del km de su proyecto"]
[]
[]
[]
[null,null,null,null,null,null,null,null,null,null,null,null,null,null,null,null,null,null,null,null,null,null,null,null,null,null,null,null,null,null,null,null,null,null,null,null,null,null,null,null,null,null,null,null,null,null,null,"Pag. __1__ de __1__"]
[]
[]
[null,null,"CONTRATISTA",null,null,null,null,null,null,null,null,null,null,null,null,null,null,null,null,null,null,null,null,null,null,null,null,null,null,null,null,"Vo.Bo. INTERVENTOR"]
[]
[]
[null,null,null,null,null,null,null,null,null,null,null,"PROYECTO TIPO MEJORAMIENTO DE VÍAS TERCIARIAS Tramo 1 km",null,null,null,null,null,null,null,null,null,null,null,null,null,null,"AVAL"]
[]
[]
[null,null,null,null,null,null,null,null,null,null,null,"MEMORIAS DE CANTIDADES"]
[]
[]
[null,"Capítulo",null,null,{"$f":"+'[3] PPTO DNP'!$B$22","v":3},{"$f":"+'[3] PPTO DNP'!$C$22","v":"Construir obras de drenaje "}]
[null,"Ítem",null,null,{"$f":"'[3] PPTO DNP'!B24","v":"3.2"},{"$f":"'[3] PPTO DNP'!C24","v":"Relleno con arena protección tuberia"},null,null,null,null,null,null,null,null,null,null,null,null,null,null,null,null,null,null,"UNIDAD",null,null,null,null,null,"m³"]
[null,"Área/lugar/elemento",null,null,"Longitud (m)",null,null,"Ancho (m)",null,null,"Alto (m)",null,null,"Peso (kg)",null,null,"V. PARCIAL",null,null,"N° DE ELEMENTOS ","UNIDAD ",null,null,"TOTAL"]
[null,"Relleno con arena",null,null,6,null,null,1.6,null,null,2.25,null,null,null,null,null,{"$f":"E444*H444*K444-4.45","v":17.150000000000002},null,null,9,"m3",null,null,{"$f":"+Q444*T444","v":154.35000000000002}]
[null,"Descuento área tubo ",null,null,6,null,null,{"$f":"PI()","v":3.1415926535897931},null,null,{"$f":"1.1/2","v":0.55000000000000004},null,null,null,null,null,{"$f":"+(H445*(K445^2))*E445","v":5.7019906662654751},null,null,9,null,null,null,{"$f":"-Q445*T445","v":-51.317915996389274}]
[null,null,null,null,null,null,null,null,null,null,null,null,null,null,null,null,null,null,null,null,"TOTAL",null,null,{"$f":"SUM(X444:Z445)","v":103.03208400361075}]
[]
[null,"Observaciones"]
[]
[]
[]
[]
[null,null,null,null,null,null,null,null,null,null,null,null,null,null,null,null,null,null,null,null,null,null,null,null,null,null,null,null,null,null,null,null,null,null,null,null,null,null,null,null,null,null,null,null,null,null,null,"Pag. ____ de ____"]
[]
[]
[null,null,"CONTRATISTA",null,null,null,null,null,null,null,null,null,null,null,null,null,null,null,null,null,null,null,null,null,null,null,null,null,null,null,null,"Vo.Bo. INTERVENTOR"]
[]
[]
[null,null,null,null,null,null,null,null,null,null,null,"PROYECTO TIPO MEJORAMIENTO DE VÍAS TERCIARIAS Tramo 1 km",null,null,null,null,null,null,null,null,null,null,null,null,null,null,"AVAL"]
[]
[]
[null,null,null,null,null,null,null,null,null,null,null,"MEMORIAS DE CANTIDADES"]
[]
[]
[null,"Capítulo",null,null,{"$f":"+'[3] PPTO DNP'!$B$22","v":3},{"$f":"+'[3] PPTO DNP'!$C$22","v":"Construir obras de drenaje "}]
[null,"Ítem",null,null,{"$f":"'[3] PPTO DNP'!B25","v":"3.3"},{"$f":"'[3] PPTO DNP'!C25","v":"Acero figurado de refuerzo de 4.200 kg/cm² (60.000 psi)"},null,null,null,null,null,null,null,null,null,null,null,null,null,null,null,null,null,null,"UNIDAD",null,null,null,null,null,{"$f":"+'[3] PPTO DNP'!D25","v":"kg"}]
[null,"Capítulo",null,null,"Longitud (m)",null,null,"Ancho (m)",null,null,"Alto (m)",null,null,"Peso (kg)",null,null,"V. PARCIAL",null,null,"N° DE ELEMENTOS ","UNIDAD ",null,null,"TOTAL"]
[null,"Acero alcantarilla",null,null,1036.2173038229375,null,null,null,null,null,null,null,null,0.99399999999999999,null,null,{"$f":"+N468*E468","v":1030},null,null,9,{"$f":"+$AE$466","v":"kg"},null,null,{"$f":"Q468*T468","v":9270}]
[null,"Acero refuerzo Box culvert (varillas A a C)  box culvert 1,5 m x 1,5 m sin relleno Varilla A",null,null,1.66,null,null,{"$f":"+($Q$12/$Q$14)*E469","v":81.893333333333331},null,null,null,null,null,0.56000000000000005,null,null,{"$f":"+N469*H469*$Q$15","v":183.44106666666667},null,null,1,"kg",null,null,{"$f":"T469*Q469","v":183.44106666666667}]
[null,"Acero refuerzo Box culvert (varillas A a C)  box culvert 1,5 m x 1,5 m sin relleno Varilla B",null,null,1.88,null,null,{"$f":"+($Q$12/$Q$14)*E470","v":92.74666666666667},null,null,null,null,null,0.56000000000000005,null,null,{"$f":"+N470*H470*$Q$15","v":207.75253333333336},null,null,1,"kg",null,null,{"$f":"T470*Q470","v":207.75253333333336}]
[null,"Acero refuerzo Box culvert (varillas A a C)  box culvert 1,5 m x 1,5 m sin relleno Varilla C",null,null,0.81,null,null,{"$f":"+($Q$12/$Q$14)*E471","v":39.960000000000008},null,null,null,null,null,0.56000000000000005,null,null,{"$f":"+N471*H471*$Q$15","v":89.510400000000033},null,null,1,"kg",null,null,89.510400000000033]
[null,"Acero refuerzo Box culvert (varillas A a C)  box culvert 1,5 m x 1,5 m sin relleno Varilla A (a7)",null,null,1.66,null,null,{"$f":"+($Q$13/$Q$14)*E472*2","v":19.698666666666668},null,null,null,null,null,0.56000000000000005,null,null,{"$f":"+N472*H472*$Q$15","v":44.125013333333342},null,null,1,"kg",null,null,44.125013333333342]
[null,"Acero refuerzo Box culvert  guardaruedas sin relleno box culvert 1,5 m x 1,5 m Varilla O",null,null,1.75,null,null,{"$f":"+($S$17/$W$17)*E473","v":9.7999999999999989},null,null,null,null,null,0.99399999999999999,null,null,{"$f":"+N473*H473","v":9.7411999999999992},null,null,1,"kg",null,null,9.7411999999999992]
[null,"Acero refuerzo Box culvert  guardaruedas sin relleno box culvert 1,5 m x 1,5 m Varilla P",null,null,1.1000000000000001,null,null,{"$f":"+($S$17/$W$17)*E474","v":6.16},null,null,null,null,null,0.99399999999999999,null,null,{"$f":"+N474*H474","v":6.1230400000000005},null,null,1,"kg",null,null,6.1230400000000005]
[null,"Acero refuerzo Box culvert  aletas sin relleno box culvert 1,5 m x 1,5 m Varilla D",null,null,0.8,null,null,{"$f":"+(E475/$W$17)*N475","v":3.1808000000000001},null,null,8,null,null,0.99399999999999999,null,null,{"$f":"+K475*H475","v":25.446400000000001},null,null,1,"kg",null,null,25.446400000000001]
[null,"Acero refuerzo Box culvert  aletas sin relleno box culvert 1,5 m x 1,5 m Varilla E",null,null,0.95,null,null,3.7771999999999997,null,null,8,null,null,0.99399999999999999,null,null,30.217599999999997,null,null,1,"kg",null,null,30.217599999999997]
[null,"Acero refuerzo Box culvert  aletas sin relleno box culvert 1,5 m x 1,5 m Varilla F",null,null,1.08,null,null,4.2940800000000001,null,null,8,null,null,0.99399999999999999,null,null,34.352640000000001,null,null,1,"kg",null,null,34.352640000000001]
[null,"Acero refuerzo Box culvert  aletas sin relleno box culvert 1,5 m x 1,5 m Varilla G",null,null,1.27,null,null,5.0495200000000002,null,null,8,null,null,0.99399999999999999,null,null,40.396160000000002,null,null,1,"kg",null,null,40.396160000000002]
[null,"Acero refuerzo Box culvert  aletas sin relleno box culvert 1,5 m x 1,5 m Varilla H",null,null,1.35,null,null,5.3676000000000004,null,null,8,null,null,0.99399999999999999,null,null,42.940800000000003,null,null,1,"kg",null,null,42.940800000000003]
[null,"Acero refuerzo Box culvert  aletas sin relleno box culvert 1,5 m x 1,5 m Varilla I",null,null,1.4,null,null,5.5663999999999998,null,null,8,null,null,0.99399999999999999,null,null,44.531199999999998,null,null,1,"kg",null,null,44.531199999999998]
[null,"Acero refuerzo Box culvert  aletas sin relleno box culvert 1,5 m x 1,5 m Varilla J",null,null,1.55,null,null,null,null,null,8,null,null,0.99399999999999999,null,null,null,null,null,1,"kg",null,null,{"$f":"+N481*K481*E481*T481","v":12.3256}]
[null,"Acero refuerzo Box culvert  aletas sin relleno box culvert 1,5 m x 1,5 m Varilla K",null,null,1.83,null,null,null,null,null,8,null,null,0.99399999999999999,null,null,null,null,null,1,"kg",null,null,{"$f":"+N482*K482*E482*T482","v":14.552160000000001}]
[null,"Acero refuerzo Box culvert  aletas sin relleno box culvert 1,5 m x 1,5 m Varilla L",null,null,0.93,null,null,null,null,null,8,null,null,0.99399999999999999,null,null,null,null,null,1,"kg",null,null,{"$f":"+N483*K483*E483*T483","v":7.3953600000000002}]
[null,"Acero refuerzo Box culvert  aletas sin relleno box culvert 1,5 m x 1,5 m Varilla M",null,null,1.27,null,null,null,null,null,8,null,null,0.99399999999999999,null,null,null,null,null,1,"kg",null,null,{"$f":"+N484*K484*E484*T484","v":10.09904}]
[null,"Acero refuerzo Box culvert  aletas sin relleno box culvert 1,5 m x 1,5 m Varilla N",null,null,1.78,null,null,null,null,null,24,null,null,0.99399999999999999,null,null,null,null,null,1,"kg",null,null,{"$f":"+N485*K485*E485*T485","v":42.463680000000004}]
[null,"Acero refuerzo Box culvert  placa base y plca superior box culvert 1,5 m x 1,5 m Varilla R",null,null,2.35,null,null,{"$f":"+($S$17/$W$17)*E486","v":13.16},null,null,null,null,null,0.99399999999999999,null,null,{"$f":"+N486*H486*$S$18","v":26.16208},null,null,1,"kg",null,null,{"$f":"T486*Q486","v":26.16208}]
[null,"Acero refuerzo Box culvert  placa base y plca superior box culvert 1,5 m x 1,5 m Varilla S",null,null,1.45,null,null,{"$f":"+($S$17/$W$17)*E487","v":8.1199999999999992},null,null,null,null,null,0.99399999999999999,null,null,{"$f":"+N487*H487*$S$18","v":16.14256},null,null,1,"kg",null,null,{"$f":"T487*Q487","v":16.14256}]
[null,"Acero refuerzo Box culvert  placa base y plca superior box culvert 1,5 m x 1,5 m Varilla T",null,null,8.7799999999999994,null,null,{"$f":"+($S$17/$W$17)*E488","v":49.167999999999992},null,null,null,null,null,0.56000000000000005,null,null,{"$f":"+N488*H488*$S$18","v":55.068159999999999},null,null,1,"kg",null,null,{"$f":"+T488*N488","v":0.56000000000000005}]
[null,"Acero refuerzo Box culvert  placa base y plca superior box culvert 1,5 m x 1,5 m Varilla U",null,null,7,null,null,{"$f":"+($S$17/$W$17)*E489","v":39.199999999999996},null,null,null,null,null,0.56000000000000005,null,null,{"$f":"+N489*H489*$S$18","v":43.903999999999996},null,null,1,"kg",null,null,{"$f":"+T489*N489","v":0.56000000000000005}]
[null,"Acero cunetas longitudinal No. 4, 3 en cuneta, 2 en bordillo zona placa huella",null,null,{"$f":"+E11","v":100},null,null,null,null,null,null,null,null,{"$f":"+N15","v":0.99399999999999999},null,null,null,null,null,{"$f":"+E24*E43","v":10},"kg",null,null,{"$f":"+T490*N490*E490","v":994}]
[null,"Acero cunetas transversal No. 2, 1 recto de 0,37 m  zona placa huella ",null,null,{"$f":"+E45","v":0.37},null,null,null,null,null,null,null,null,{"$f":"+N13","v":0.25},null,null,null,null,null,{"$f":"+(E11)/E33*E24","v":666.66666666666674},"kg",null,null,61.666666666666671]
[null,"Acero cunetas transversal No. 2, 1 de 0,37 cm en cuneta y 1 en \"S\" de L= 60 cm zona placa huella",null,null,{"$f":"+E39","v":0.6},null,null,null,null,null,null,null,null,{"$f":"+N14","v":0.56000000000000005},null,null,null,null,null,{"$f":"+E11/E31*E24","v":1333.3333333333335},"kg",null,null,448.00000000000011]
[null,{"$f":"+D44","v":"Acero cunetas longitudinal No. 4, 3 en cuneta, 2 en bordillo"},null,null,{"$f":"+E57","v":900},null,null,null,null,null,null,null,null,{"$f":"+N15","v":0.99399999999999999},null,null,null,null,null,{"$f":"+E24*E43","v":10},"kg",null,null,8946]
[null,{"$f":"+D45","v":"Acero cunetas transversal No. 2, 1 recto de 0,37 m "},null,null,{"$f":"+E45","v":0.37},null,null,null,null,null,null,null,null,{"$f":"+N13","v":0.25},null,null,null,null,null,{"$f":"+(E57)/E33*E24","v":6000},"kg",null,null,555]
[null,{"$f":"+D46","v":"Acero cunetas transversal No. 2, 1 de 0,37 cm en cuneta y 1 en \"S\" de L= 60 cm"},null,null,{"$f":"+E39","v":0.6},null,null,null,null,null,null,null,null,{"$f":"+N14","v":0.56000000000000005},null,null,null,null,null,{"$f":"+E57/E31*E24","v":12000},"kg",null,null,4032.0000000000005]
[null,null,null,null,null,null,null,null,null,null,null,null,null,null,null,null,null,null,null,null,"TOTAL",null,null,{"$f":"SUM(X468:Z495)","v":25195.5052}]
[]
[null,"Observaciones"]
[]
[]
[]
[null,null,null,null,null,null,null,null,null,null,null,null,null,null,null,null,null,null,null,null,null,null,null,null,null,null,null,null,null,null,null,null,null,null,null,null,null,null,null,null,null,null,null,null,null,null,null,"Pag. ____ de ____"]
[]
[]
[null,null,"CONTRATISTA",null,null,null,null,null,null,null,null,null,null,null,null,null,null,null,null,null,null,null,null,null,null,null,null,null,null,null,null,"Vo.Bo. INTERVENTOR"]
[]
[]
[null,null,null,null,null,null,null,null,null,null,null,"PROYECTO TIPO MEJORAMIENTO DE VÍAS TERCIARIAS Tramo 1 km",null,null,null,null,null,null,null,null,null,null,null,null,null,null,"AVAL"]
[]
[]
[null,null,null,null,null,null,null,null,null,null,null,"MEMORIAS DE CANTIDADES"]
[]
[]
[null,"Capítulo",null,null,{"$f":"+'[3] PPTO DNP'!$B$22","v":3},"Construir obras de drenaje "]
[null,"Ítem",null,null,{"$f":"+'[3] PPTO DNP'!$B$26","v":"3.4"},{"$f":"+'[3] PPTO DNP'!C26","v":"Concreto para estructuras resistencia de 210 kg/cm² (3.000 psi)"},null,null,null,null,null,null,null,null,null,null,null,null,null,null,null,null,null,null,"UNIDAD",null,null,null,null,null,"m³"]
[null,"Área/lugar/elemento",null,null,"Longitud (m)",null,null,"Ancho (m)",null,null,"Alto (m)",null,null,"Cantidad individual",null,null,"V. PARCIAL",null,null,"N° DE ELEMENTOS ","UNIDAD ",null,null,"TOTAL"]
[null,"Poceta muros",null,null,1.9,null,null,1.5,null,null,2.3199999999999998,null,null,null,null,null,{"$f":"E517*H517*K517","v":6.6119999999999983},null,null,9,{"$f":"+$AE$515","v":"m³"},null,null,{"$f":"+T517*Q517","v":59.507999999999981}]
[null,"Poceta losa fondo",null,null,1.4,null,null,1,null,null,0.25,null,null,null,null,null,{"$f":"E518*H518*K518","v":0.35},null,null,9,{"$f":"+$AE$515","v":"m³"},null,null,{"$f":"+T518*Q518","v":3.15}]
[null,"Descuento volumen vacio poceta",null,null,1.4,null,null,1,null,null,2.3199999999999998,null,null,null,null,null,{"$f":"-E519*H519*K519","v":-3.2479999999999998},null,null,9,{"$f":"+$AE$515","v":"m³"},null,null,{"$f":"+T519*Q519","v":-29.231999999999999}]
[null,"Vástago y zarpa de salida",null,null,5.7638016528925586,null,null,0.25,null,null,2.42,null,null,null,null,null,{"$f":"E520*H520*K520","v":3.4870999999999981},null,null,9,{"$f":"+$AE$515","v":"m³"},null,null,{"$f":"Q520*T520","v":31.383899999999983}]
[null,"Zarpa de entrada",null,null,5.81,null,null,1.2,null,null,0.3,null,null,null,null,null,2.0915999999999997,null,null,9,"m³",null,null,18.824399999999997]
[null,"Losa de fondo",null,null,1.27,null,null,0.2,null,null,3.0750000000000002,null,null,null,null,null,0.78105000000000002,null,null,9,"m³",null,null,7.0294500000000006]
[null,"Dintel antisocavación",null,null,4.3499999999999996,null,null,0.3,null,null,0.25,null,null,null,null,null,0.32624999999999998,null,null,9,"m³",null,null,2.9362499999999998]
[null,"Placa superior box culvert 1,5 m x 1,5 m sin relleno ",null,null,7.5,null,null,1.5,null,null,0.25,null,null,{"$f":"24000*Q524","v":67500},null,null,2.8125,null,null,1,"m³",null,null,2.8125]
[null,"Placa base box culvert 1,5 m x 1,5 m sin relleno ",null,null,7.5,null,null,1.5,null,null,0.25,null,null,67500,null,null,2.8125,null,null,1,"m³",null,null,2.8125]
[null,"Muros box culvert 1,5 m x 1,5 m sin relleno ",null,null,7.5,null,null,0.25,null,null,1,null,null,90000,null,null,{"$f":"E526*H526*K526*$S$20","v":3.75},null,null,1,"m³",null,null,3.75]
[null,"Guardarueda box culvert 1,5 m x 1,5 m sin relleno ",null,null,1.5,null,null,0.6,null,null,0.25,null,null,10799.999999999998,null,null,{"$f":"E527*H527*K527*$S$21","v":0.44999999999999996},null,null,1,"m³",null,null,0.44999999999999996]
[null,"Aletas box culvert 1,5 m x 1,5 m sin relleno ",null,null,1.5,null,null,0.25,null,null,1.5,null,null,26251.200000000001,null,null,{"$f":"1.0938*H528*$S$22","v":1.0938000000000001},null,null,1,"m³",null,null,1.0938000000000001]
[null,"Bases aletas box culvert 1,5 m x 1,5 m sin relleno ",null,null,1.5,null,null,0.25,null,null,null,null,null,50364,null,null,{"$f":"4.197*H529*S21","v":2.0985},null,null,1,"m³",null,null,2.0985]
[null,null,null,null,null,null,null,null,null,null,null,null,null,null,null,null,null,null,null,null,"TOTAL",null,null,{"$f":"SUM(X517:Z529)","v":106.61729999999997}]
[]
[null,"Observaciones"]
[]
[]
[]
[null,null,null,null,null,null,null,null,null,null,null,null,null,null,null,null,null,null,null,null,null,null,null,null,null,null,null,null,null,null,null,null,null,null,null,null,null,null,null,null,null,null,null,null,null,null,null,"Pag. ____ de ____"]
[]
[]
[null,null,null,null,null,null,null,null,null,null,null,null,null,null,null,null,null,null,null,null,null,null,null,null,null,null,null,null,null,null,null,null,null,null,null,null,null,null,null,null,null,null,null,null,null,null,null,"Pag. ____ de ____"]
[]
[]
[null,null,"CONTRATISTA",null,null,null,null,null,null,null,null,null,null,null,null,null,null,null,null,null,null,null,null,null,null,null,null,null,null,null,null,"Vo.Bo. INTERVENTOR"]
[]
[]
[null,null,null,null,null,null,null,null,null,null,null,"PROYECTO TIPO MEJORAMIENTO DE VÍAS TERCIARIAS Tramo 1 km",null,null,null,null,null,null,null,null,null,null,null,null,null,null,"AVAL"]
[]
[]
[null,null,null,null,null,null,null,null,null,null,null,"MEMORIAS DE CANTIDADES"]
[]
[]
[null,"Capítulo",null,null,{"$f":"+'[3] PPTO DNP'!$B$22","v":3},"Construir las obras de drenaje con la tubería"]
[null,"Ítem",null,null,{"$f":"'[3] PPTO DNP'!B27","v":"3.5"},{"$f":"'[3] PPTO DNP'!C27","v":"Tubería de diámetro 0,9 m (36\") en concreto para cada alcantarilla"},null,null,null,null,null,null,null,null,null,null,null,null,null,null,null,null,null,null,"UNIDAD",null,null,null,null,null,"m"]
[null,"Área/lugar/elemento",null,null,"Longitud (m)",null,null,"Ancho (m)",null,null,"Alto (m)",null,null,"Peso (kg)",null,null,"V. PARCIAL",null,null,"N° DE ELEMENTOS ","UNIDAD ",null,null,"TOTAL"]
[null,{"$f":"F552","v":"Tubería de diámetro 0,9 m (36\") en concreto para cada alcantarilla"},null,null,6,null,null,null,null,null,null,null,null,null,null,null,{"$f":"E554","v":6},null,null,9,"m",null,null,{"$f":"Q554*T554","v":54}]
[null,null,null,null,null,null,null,null,null,null,null,null,null,null,null,null,null,null,null,null,"TOTAL",null,null,{"$f":"SUM(X554:Z554)","v":54}]
[]
[null,"Observaciones"]
[]
[]
[]
[]
[null,null,null,null,null,null,null,null,null,null,null,null,null,null,null,null,null,null,null,null,null,null,null,null,null,null,null,null,null,null,null,null,null,null,null,null,null,null,null,null,null,null,null,null,null,null,null,"Pag. ____ de ____"]
[]
[]
[null,null,"CONTRATISTA",null,null,null,null,null,null,null,null,null,null,null,null,null,null,null,null,null,null,null,null,null,null,null,null,null,null,null,null,"Vo.Bo. INTERVENTOR"]
[]
[null,null,null,null,null,null,null,null,null,null,null,"PROYECTO TIPO MEJORAMIENTO DE VÍAS TERCIARIAS Tramo 1 km",null,null,null,null,null,null,null,null,null,null,null,null,null,null,"AVAL"]
[]
[]
[null,null,null,null,null,null,null,null,null,null,null,"MEMORIAS DE CANTIDADES"]
[]
[]
[null,"Capítulo",null,null,{"$f":"+'[3] PPTO DNP'!$B$22","v":3},"Construir obras de drenaje "]
[null,"Ítem",null,null,{"$f":"+'[3] PPTO DNP'!$B$28","v":"3.6"},{"$f":"+'[3] PPTO DNP'!C28","v":"Concreto para cunetas resistencia de 210 kg/cm² (3.000 psi)"},null,null,null,null,null,null,null,null,null,null,null,null,null,null,null,null,null,null,"UNIDAD",null,null,null,null,null,"m³"]
[null,"Área/lugar/elemento",null,null,"Longitud (m)",null,null,"Área de la sección (m2)",null,null,null,null,null,null,null,null,"V. PARCIAL",null,null,"N° DE ELEMENTOS ","UNIDAD ",null,null,"TOTAL"]
[null,"Longitud en área de placa huella",null,null,{"$f":"+E11","v":100},null,null,{"$f":"+E21+E22","v":0.18},null,null,null,null,null,null,null,null,{"$f":"+E576*H576","v":18},null,null,{"$f":"+E24","v":2},{"$f":"+$AE$574","v":"m³"},null,null,{"$f":"Q576*T576","v":36}]
[null,"Longitud en área diferente a placa huella",null,null,{"$f":"+E57","v":900},null,null,{"$f":"+E21+E22","v":0.18},null,null,null,null,null,null,null,null,{"$f":"+E577*H577","v":162},null,null,{"$f":"+E24","v":2},{"$f":"+$AE$574","v":"m³"},null,null,{"$f":"Q577*T577","v":324}]
[null,"Descuentos en zonas de alcantarillas",null,null,-2,null,null,{"$f":"+E21+E22","v":0.18},null,null,null,null,null,null,null,null,{"$f":"+E578*H578","v":-0.36},null,null,{"$f":"+E24","v":2},{"$f":"+$AE$574","v":"m³"},null,null,{"$f":"Q578*T578","v":-0.72}]
[null,"Descuentos en zona de box culvert",null,null,-1,null,null,{"$f":"+E21+E22","v":0.18},null,null,null,null,null,null,null,null,{"$f":"+E579*H579","v":-0.18},null,null,{"$f":"+E24","v":2},{"$f":"+$AE$574","v":"m³"},null,null,{"$f":"Q579*T579","v":-0.36}]
[null,null,null,null,null,null,null,null,null,null,null,null,null,null,null,null,null,null,null,null,"TOTAL",null,null,{"$f":"SUM(X576:Z579)","v":358.91999999999996}]
[]
[null,"Observaciones"]
[]
[]
[]
[null,null,null,null,null,null,null,null,null,null,null,null,null,null,null,null,null,null,null,null,null,null,null,null,null,null,null,null,null,null,null,null,null,null,null,null,null,null,null,null,null,null,null,null,null,null,null,"Pag. ____ de ____"]
[]
[]
[null,null,null,null,null,null,null,null,null,null,null,null,null,null,null,null,null,null,null,null,null,null,null,null,null,null,null,null,null,null,null,null,null,null,null,null,null,null,null,null,null,null,null,null,null,null,null,"Pag. ____ de ____"]
[]
[]
[null,null,"CONTRATISTA",null,null,null,null,null,null,null,null,null,null,null,null,null,null,null,null,null,null,null,null,null,null,null,null,null,null,null,null,"Vo.Bo. INTERVENTOR"]
[]
[]
[null,null,null,null,null,null,null,null,null,null,null,"PROYECTO TIPO MEJORAMIENTO DE VÍAS TERCIARIAS Tramo 1 km",null,null,null,null,null,null,null,null,null,null,null,null,null,null,"AVAL"]
[]
[]
[null,null,null,null,null,null,null,null,null,null,null,"MEMORIAS DE CANTIDADES"]
[]
[]
[null,"Capítulo",null,null,{"$f":"+'[3] PPTO DNP'!$B$22","v":3},"Construir obras de drenaje "]
[null,"Ítem",null,null,{"$f":"+'[3] PPTO DNP'!$B$29","v":"3.7"},{"$f":"+'[3] PPTO DNP'!C29","v":"Disipadores de energía en concreto ciclópeo"},null,null,null,null,null,null,null,null,null,null,null,null,null,null,null,null,null,null,"UNIDAD",null,null,null,null,null,"m³"]
[null,"Área/lugar/elemento",null,null,"Area (m2)",null,null,"Ancho (m)",null,null,"Alto (m)",null,null,"Peso (kg)",null,null,"V. PARCIAL",null,null,"N° DE ELEMENTOS ","UNIDAD ",null,null,"TOTAL"]
[null,"Pantallas de concreto",null,null,2.0674000000000001,null,null,0.1,null,null,null,null,null,null,null,null,null,null,null,2,"m³",null,null,{"$f":"+E604*H604*T604","v":0.41348000000000007}]
[null,"Losa de escalonamiento",null,null,0.79630000000000001,null,null,0.5,null,null,null,null,null,null,null,null,null,null,null,1,"m³",null,null,{"$f":"+E605*H605*T605","v":0.39815}]
[]
[]
[null,"TOTAL",null,null,null,null,null,null,null,null,null,null,null,null,null,null,null,null,null,null,null,null,null,{"$f":"SUM(X604:Z607)","v":0.81163000000000007}]
[]
[null,"Observaciones"]
[]
[]
[]
[null,null,null,null,null,null,null,null,null,null,null,null,null,null,null,null,null,null,null,null,null,null,null,null,null,null,null,null,null,null,null,null,null,null,null,null,null,null,null,null,null,null,null,null,null,null,null,"Pag. _1___ de __1__"]
[]
[]
[null,null,"CONTRATISTA",null,null,null,null,null,null,null,null,null,null,null,null,null,null,null,null,null,null,null,null,null,null,null,null,null,null,null,null,"Vo.Bo. INTERVENTOR"]
[]
[]
[null,null,null,null,null,null,null,null,null,null,null,"PROYECTO TIPO MEJORAMIENTO DE VÍAS TERCIARIAS Tramo 1 km",null,null,null,null,null,null,null,null,null,null,null,null,null,null,"AVAL"]
[]
[]
[null,null,null,null,null,null,null,null,null,null,null,"MEMORIAS DE CANTIDADES"]
[]
[]
[null,"Capítulo",null,null,{"$f":"+'[3] PPTO DNP'!$B$22","v":3},"Construir obras de drenaje "]
[null,"Ítem",null,null,{"$f":"+'[3] PPTO DNP'!$B$30","v":"3.8"},{"$f":"+'[3] PPTO DNP'!C30","v":"Concreto para solado de nivelación resistencia de 140 kg/cm² (2.000 psi)"},null,null,null,null,null,null,null,null,null,null,null,null,null,null,null,null,null,null,"UNIDAD",null,null,null,null,null,"m³"]
[null,"Área/lugar/elemento",null,null,"Longitud (m)",null,null,"Ancho (m)",null,null,"Alto (m)",null,null,"Peso (kg)",null,null,"V. PARCIAL",null,null,"N° DE ELEMENTOS ","UNIDAD ",null,null,"TOTAL"]
[null,"Solado Poceta muros",null,null,{"$f":"+E517","v":1.9},null,null,{"$f":"+H517","v":1.5},null,null,0.05,null,null,null,null,null,null,null,null,{"$f":"+T517","v":9},"m³",null,null,{"$f":"+E629*H629*T629*K629","v":1.2825}]
[null,"Solado Poceta losa fondo",null,null,1.4,null,null,1,null,null,0.05,null,null,null,null,null,null,null,null,9,"m³",null,null,{"$f":"+E630*H630*T630*K630","v":0.63}]
[null,"Solado Descuento volumen vacio poceta",null,null,1.4,null,null,1,null,null,0.05,null,null,null,null,null,null,null,null,9,"m³",null,null,0.63]
[null,"Solado Vástago y zarpa de salida",null,null,5.7638016528925586,null,null,0.25,null,null,0.05,null,null,null,null,null,null,null,null,9,"m³",null,null,0.64842768595041289]
[null,"Solado Zarpa de entrada",null,null,5.81,null,null,1.2,null,null,0.05,null,null,null,null,null,null,null,null,9,"m³",null,null,3.1374]
[null,"Solado Losa de fondo",null,null,1.27,null,null,0.2,null,null,0.05,null,null,null,null,null,null,null,null,9,"m³",null,null,0.11430000000000001]
[null,"Solado Dintel antisocavación",null,null,4.3499999999999996,null,null,0.3,null,null,0.05,null,null,null,null,null,null,null,null,9,"m³",null,null,0.58724999999999994]
[null,"Solado Placa superior box culvert 1,5 m x 1,5 m sin relleno ",null,null,7.5,null,null,1.5,null,null,0.05,null,null,null,null,null,null,null,null,1,"m³",null,null,0.5625]
[null,"Solado Placa base box culvert 1,5 m x 1,5 m sin relleno ",null,null,7.5,null,null,1.5,null,null,0.05,null,null,null,null,null,null,null,null,1,"m³",null,null,0.5625]
[null,"Solado Muros box culvert 1,5 m x 1,5 m sin relleno ",null,null,7.5,null,null,0.25,null,null,0.05,null,null,null,null,null,null,null,null,1,"m³",null,null,9.375E-2]
[null,"Solado Guardarueda box culvert 1,5 m x 1,5 m sin relleno ",null,null,1.5,null,null,0.6,null,null,0.05,null,null,null,null,null,null,null,null,1,"m³",null,null,4.4999999999999998E-2]
[null,"Solado Aletas box culvert 1,5 m x 1,5 m sin relleno ",null,null,1.5,null,null,0.25,null,null,0.05,null,null,null,null,null,null,null,null,1,"m³",null,null,1.8750000000000003E-2]
[null,"Solado Bases aletas box culvert 1,5 m x 1,5 m sin relleno ",null,null,1.5,null,null,0.25,null,null,0.05,null,null,null,null,null,null,null,null,1,"m³",null,null,1.8750000000000003E-2]
[null,"TOTAL",null,null,null,null,null,null,null,null,null,null,null,null,null,null,null,null,null,null,null,null,null,{"$f":"SUM(X629:Z641)","v":8.3311276859504151}]
[]
[null,"Observaciones"]
[]
[]
[]
[null,null,null,null,null,null,null,null,null,null,null,null,null,null,null,null,null,null,null,null,null,null,null,null,null,null,null,null,null,null,null,null,null,null,null,null,null,null,null,null,null,null,null,null,null,null,null,"Pag. _1___ de __1__"]
[]
[]
[null,null,"CONTRATISTA",null,null,null,null,null,null,null,null,null,null,null,null,null,null,null,null,null,null,null,null,null,null,null,null,null,null,null,null,"Vo.Bo. INTERVENTOR"]

{"sheet":"Memorias_Cap_4","index":8,"n_rows":1197,"n_cols":165,"rows_kept":1197,"cut":false,"hidden":false,"merged":[[1,1,1,64],[3,1,7,10],[3,11,5,25],[3,26,7,64],[6,11,7,25],[9,1,10,64],[9,149,9,151],[9,152,9,154],[9,155,9,156],[12,1,12,6],[12,41,12,50],[12,51,12,64],[9,121,9,122],[9,133,9,135],[9,136,9,139],[9,140,9,142],[9,143,9,145],[9,146,9,148],[9,103,9,105],[9,106,9,108],[9,109,9,111],[9,112,9,114],[9,115,9,117],[9,118,9,120],[14,41,14,50],[14,51,14,57],[14,58,14,59],[15,7,15,9],[15,10,15,12],[15,13,15,15],[15,16,15,18],[15,19,15,21],[15,23,15,25],[15,26,15,28],[13,1,13,6],[13,27,13,32],[13,33,13,40],[14,1,14,6],[14,7,14,8],[14,9,14,26],[14,27,14,28],[14,29,14,32],[14,33,14,40],[18,23,18,25],[18,26,18,28],[19,1,19,6],[19,7,19,9],[19,10,19,12],[19,13,19,15],[19,16,19,18],[19,19,19,21],[19,23,19,25],[19,26,19,28],[18,1,18,6],[18,7,18,9],[18,10,18,12],[18,13,18,15],[18,16,18,18],[18,19,18,21],[16,23,16,25],[16,26,16,28],[17,1,17,6],[17,7,17,9],[17,10,17,12],[17,13,17,15],[17,16,17,18],[17,19,17,21],[17,23,17,25],[17,26,17,28],[16,1,16,6],[16,7,16,9],[16,10,16,12],[16,13,16,15],[16,16,16,18],[16,19,16,21],[22,23,22,25],[22,26,22,28],[23,1,23,6],[23,7,23,9],[23,10,23,12],[23,13,23,15],[23,16,23,18],[23,19,23,21],[23,23,23,25],[23,26,23,28],[22,1,22,6],[22,7,22,9],[22,10,22,12],[22,13,22,15],[22,16,22,18],[22,19,22,21],[20,23,20,25],[20,26,20,28],[21,1,21,6],[21,7,21,9],[21,10,21,12],[21,13,21,15],[21,16,21,18],[21,19,21,21],[21,23,21,25],[21,26,21,28],[20,1,20,6],[20,7,20,9],[20,10,20,12],[20,13,20,15],[20,16,20,18],[20,19,20,21],[26,23,26,25],[26,26,26,28],[27,1,27,6],[27,7,27,9],[27,10,27,12],[27,13,27,15],[27,16,27,18],[27,19,27,21],[27,23,27,25],[27,26,27,28],[26,1,26,6],[26,7,26,9],[26,10,26,12],[26,13,26,15],[26,16,26,18],[26,19,26,21],[24,23,24,25],[24,26,24,28],[25,1,25,6],[25,7,25,9],[25,10,25,12],[25,13,25,15],[25,16,25,18],[25,19,25,21],[25,23,25,25],[25,26,25,28],[24,1,24,6],[24,7,24,9],[24,10,24,12],[24,13,24,15],[24,16,24,18],[24,19,24,21],[32,1,32,64],[34,1,34,49],[34,50,34,64],[36,1,36,12],[36,39,36,64],[37,1,38,12],[37,39,38,64],[28,23,28,25],[28,26,28,28],[29,1,29,6],[30,1,30,6],[30,7,30,64],[31,1,31,64],[28,1,28,6],[28,7,28,9],[28,10,28,12],[28,13,28,15],[28,16,28,18],[28,19,28,21],[42,1,42,6],[42,7,42,8],[42,9,42,26],[44,7,44,9],[44,10,44,12],[44,13,44,15],[44,16,44,18],[44,19,44,21],[44,23,44,25],[44,26,44,28],[40,1,40,6],[40,8,40,40],[40,41,40,50],[40,51,40,64],[41,1,41,6],[41,7,41,8],[41,9,41,26],[41,27,41,32],[41,33,41,40],[52,1,52,49],[52,50,52,64],[58,1,62,10],[58,11,60,25],[58,26,62,64],[61,11,62,25],[46,1,46,25],[46,26,46,28],[48,1,48,6],[48,7,48,64],[49,1,49,64],[50,1,50,64],[44,29,44,64],[45,1,45,6],[45,7,45,9],[45,10,45,12],[45,13,45,15],[45,16,45,18],[45,19,45,21],[45,23,45,25],[45,26,45,28],[66,26,66,28],[66,29,66,64],[67,1,67,6],[67,7,67,9],[67,10,67,12],[67,13,67,15],[67,16,67,18],[67,19,67,21],[67,23,67,25],[67,26,67,28],[66,7,66,9],[66,10,66,12],[66,13,66,15],[66,16,66,18],[66,19,66,21],[66,23,66,25],[64,1,64,6],[64,41,64,50],[64,51,64,64],[65,1,65,6],[65,27,65,32],[65,33,65,40],[70,23,70,25],[70,26,70,28],[71,1,71,6],[71,7,71,9],[71,10,71,12],[71,13,71,15],[71,16,71,18],[71,19,71,21],[71,23,71,25],[71,26,71,28],[70,1,70,6],[70,7,70,9],[70,10,70,12],[70,13,70,15],[70,16,70,18],[70,19,70,21],[68,23,68,25],[68,26,68,28],[69,1,69,6],[69,7,69,9],[69,10,69,12],[69,13,69,15],[69,16,69,18],[69,19,69,21],[69,23,69,25],[69,26,69,28],[68,1,68,6],[68,7,68,9],[68,10,68,12],[68,13,68,15],[68,16,68,18],[68,19,68,21],[76,1,76,64],[77,1,77,64],[79,1,79,49],[79,50,79,64],[85,1,89,10],[85,11,87,25],[85,26,89,64],[88,11,89,25],[72,23,72,25],[72,26,72,28],[73,23,73,25],[73,26,73,28],[75,1,75,6],[75,7,75,64],[72,1,72,6],[72,7,72,9],[72,10,72,12],[72,13,72,15],[72,16,72,18],[72,19,72,21],[93,29,93,64],[94,1,94,6],[94,7,94,9],[94,10,94,12],[94,13,94,15],[94,16,94,18],[94,19,94,21],[94,23,94,25],[94,26,94,28],[93,7,93,9],[93,10,93,12],[93,13,93,15],[93,16,93,18],[93,19,93,21],[93,23,93,25],[91,1,91,6],[91,41,91,50],[91,51,91,64],[92,1,92,6],[92,8,92,26],[92,27,92,32],[92,33,92,40],[95,23,95,25],[95,26,95,28],[96,1,96,6],[96,7,96,9],[96,10,96,12],[96,13,96,15],[96,16,96,18],[96,19,96,21],[96,23,96,25],[96,26,96,28],[95,1,95,6],[95,7,95,9],[95,10,95,12],[95,13,95,15],[95,16,95,18],[95,19,95,21],[93,26,93,28],[101,1,101,64],[102,1,102,64],[104,1,104,49],[104,50,104,64],[110,1,114,10],[110,11,112,25],[110,26,114,64],[113,11,114,25],[97,23,97,25],[97,26,97,28],[98,23,98,25],[98,26,98,28],[100,1,100,6],[100,7,100,64],[97,1,97,6],[97,7,97,9],[97,10,97,12],[97,13,97,15],[97,16,97,18],[97,19,97,21],[118,29,118,64],[119,1,119,6],[119,7,119,9],[119,10,119,12],[119,13,119,15],[119,16,119,18],[119,19,119,21],[119,23,119,25],[119,26,119,28],[118,7,118,9],[118,10,118,12],[118,13,118,15],[118,16,118,18],[118,19,118,21],[118,23,118,25],[116,1,116,6],[116,41,116,50],[116,51,116,64],[117,1,117,6],[117,27,117,32],[117,33,117,40],[120,23,120,25],[120,26,120,28],[121,1,121,6],[121,7,121,9],[121,10,121,12],[121,13,121,15],[121,16,121,18],[121,19,121,21],[121,23,121,25],[121,26,121,28],[120,1,120,6],[120,7,120,9],[120,10,120,12],[120,13,120,15],[120,16,120,18],[120,19,120,21],[118,26,118,28],[126,1,126,64],[127,1,127,64],[129,1,129,49],[129,50,129,64],[135,1,139,10],[135,11,137,25],[135,26,139,64],[138,11,139,25],[122,23,122,25],[122,26,122,28],[123,23,123,25],[123,26,123,28],[125,1,125,6],[125,7,125,64],[122,1,122,6],[122,7,122,9],[122,10,122,12],[122,13,122,15],[122,16,122,18],[122,19,122,21],[143,26,143,28],[143,29,143,64],[144,1,144,6],[144,7,144,9],[144,10,144,12],[144,13,144,15],[144,16,144,18],[144,19,144,21],[144,23,144,25],[144,26,144,28],[143,7,143,9],[143,10,143,12],[143,13,143,15],[143,16,143,18],[143,19,143,21],[143,23,143,25],[141,1,141,6],[141,41,141,50],[141,51,141,64],[142,1,142,6],[142,27,142,32],[142,33,142,40],[148,1,148,64],[149,1,149,64],[151,1,151,49],[151,50,151,64],[157,1,161,10],[157,11,159,25],[157,26,161,64],[160,11,161,25],[145,23,145,25],[145,26,145,28],[146,23,146,25],[146,26,146,28],[147,1,147,6],[147,7,147,64],[145,1,145,6],[145,7,145,9],[145,10,145,12],[145,13,145,15],[145,16,145,18],[145,19,145,21],[165,1,165,6],[165,7,165,8],[165,9,165,26],[167,7,167,9],[167,10,167,12],[167,13,167,15],[167,16,167,18],[167,19,167,21],[167,23,167,25],[167,26,167,28],[163,1,163,6],[163,8,163,40],[163,41,163,50],[163,51,163,64],[164,1,164,6],[164,7,164,8],[164,9,164,26],[164,27,164,32],[164,33,164,40],[169,23,169,25],[169,26,169,28],[170,1,170,6],[170,7,170,9],[170,10,170,12],[170,13,170,15],[170,16,170,18],[170,19,170,21],[170,23,170,25],[170,26,170,28],[169,1,169,6],[169,7,169,9],[169,10,169,12],[169,13,169,15],[169,16,169,18],[169,19,169,21],[167,29,167,64],[168,1,168,6],[168,7,168,9],[168,10,168,12],[168,13,168,15],[168,16,168,18],[168,19,168,21],[168,23,168,25],[168,26,168,28],[175,1,175,64],[176,1,176,64],[178,1,178,49],[178,50,178,64],[184,1,188,10],[184,11,186,25],[184,26,188,64],[187,11,188,25],[171,23,171,25],[171,26,171,28],[172,23,172,25],[172,26,172,28],[174,1,174,6],[174,7,174,64],[171,1,171,6],[171,7,171,9],[171,10,171,12],[171,13,171,15],[171,16,171,18],[171,19,171,21],[192,1,192,6],[192,7,192,8],[192,9,192,26],[194,7,194,9],[194,10,194,12],[194,13,194,15],[194,16,194,18],[194,19,194,21],[194,23,194,25],[194,26,194,28],[190,1,190,6],[190,8,190,40],[190,41,190,50],[190,51,190,64],[191,1,191,6],[191,7,191,8],[191,9,191,26],[191,27,191,32],[191,33,191,40],[197,23,197,25],[197,26,197,28],[198,1,198,6],[198,7,198,9],[198,10,198,12],[198,13,198,15],[198,16,198,18],[198,19,198,21],[198,23,198,25],[198,26,198,28],[197,1,197,6],[197,7,197,9],[197,10,197,12],[197,13,197,15],[197,16,197,18],[197,19,197,21],[195,23,195,25],[195,26,195,28],[196,1,196,6],[196,7,196,9],[196,10,196,12],[196,13,196,15],[196,16,196,18],[196,19,196,21],[196,23,196,25],[196,26,196,28],[195,1,195,6],[195,7,195,9],[195,10,195,12],[195,13,195,15],[195,16,195,18],[195,19,195,21],[201,23,201,25],[201,26,201,28],[202,1,202,6],[202,7,202,9],[202,10,202,12],[202,13,202,15],[202,16,202,18],[202,19,202,21],[202,23,202,25],[202,26,202,28],[201,1,201,6],[201,7,201,9],[201,10,201,12],[201,13,201,15],[201,16,201,18],[201,19,201,21],[199,23,199,25],[199,26,199,28],[200,1,200,6],[200,7,200,9],[200,10,200,12],[200,13,200,15],[200,16,200,18],[200,19,200,21],[200,23,200,25],[200,26,200,28],[199,1,199,6],[199,7,199,9],[199,10,199,12],[199,13,199,15],[199,16,199,18],[199,19,199,21],[205,23,205,25],[205,26,205,28],[206,1,206,6],[206,7,206,9],[206,10,206,12],[206,13,206,15],[206,16,206,18],[206,19,206,21],[206,23,206,25],[206,26,206,28],[205,1,205,6],[205,7,205,9],[205,10,205,12],[205,13,205,15],[205,16,205,18],[205,19,205,21],[203,23,203,25],[203,26,203,28],[204,1,204,6],[204,7,204,9],[204,10,204,12],[204,13,204,15],[204,16,204,18],[204,19,204,21],[204,23,204,25],[204,26,204,28],[203,1,203,6],[203,7,203,9],[203,10,203,12],[203,13,203,15],[203,16,203,18],[203,19,203,21],[209,23,209,25],[209,26,209,28],[210,1,210,6],[210,7,210,9],[210,10,210,12],[210,13,210,15],[210,16,210,18],[210,19,210,21],[210,23,210,25],[210,26,210,28],[209,1,209,6],[209,7,209,9],[209,10,209,12],[209,13,209,15],[209,16,209,18],[209,19,209,21],[207,23,207,25],[207,26,207,28],[208,1,208,6],[208,7,208,9],[208,10,208,12],[208,13,208,15],[208,16,208,18],[208,19,208,21],[208,23,208,25],[208,26,208,28],[207,1,207,6],[207,7,207,9],[207,10,207,12],[207,13,207,15],[207,16,207,18],[207,19,207,21],[213,23,213,25],[213,26,213,28],[214,23,214,25],[214,26,214,28],[216,1,216,6],[216,7,216,64],[213,1,213,6],[213,7,213,9],[213,10,213,12],[213,13,213,15],[213,16,213,18],[213,19,213,21],[211,23,211,25],[211,26,211,28],[212,1,212,6],[212,7,212,9],[212,10,212,12],[212,13,212,15],[212,16,212,18],[212,19,212,21],[212,23,212,25],[212,26,212,28],[211,1,211,6],[211,7,211,9],[211,10,211,12],[211,13,211,15],[211,16,211,18],[211,19,211,21],[232,1,232,6],[232,8,232,40],[232,41,232,50],[232,51,232,64],[233,1,233,6],[233,7,233,8],[233,9,233,26],[233,27,233,32],[233,33,233,40],[217,1,217,64],[218,1,218,64],[220,1,220,49],[220,50,220,64],[226,1,230,10],[226,11,228,25],[226,26,230,64],[229,11,230,25],[236,29,236,64],[237,1,237,6],[237,7,237,9],[237,10,237,12],[237,13,237,15],[237,16,237,18],[237,19,237,21],[237,23,237,25],[237,26,237,28],[234,1,234,6],[234,7,234,8],[234,9,234,26],[236,7,236,9],[236,10,236,12],[236,13,236,15],[236,16,236,18],[236,19,236,21],[236,23,236,25],[236,26,236,28],[240,23,240,25],[240,26,240,28],[241,1,241,6],[241,7,241,9],[241,10,241,12],[241,13,241,15],[241,16,241,18],[241,19,241,21],[241,23,241,25],[241,26,241,28],[240,1,240,6],[240,7,240,9],[240,10,240,12],[240,13,240,15],[240,16,240,18],[240,19,240,21],[238,23,238,25],[238,26,238,28],[239,1,239,6],[239,7,239,9],[239,10,239,12],[239,13,239,15],[239,16,239,18],[239,19,239,21],[239,23,239,25],[239,26,239,28],[238,1,238,6],[238,7,238,9],[238,10,238,12],[238,13,238,15],[238,16,238,18],[238,19,238,21],[260,1,260,6],[260,8,260,40],[260,41,260,50],[260,51,260,64],[261,1,261,6],[261,7,261,8],[261,9,261,26],[261,27,261,32],[261,33,261,40],[248,1,248,49],[248,50,248,64],[254,1,258,10],[254,11,256,25],[254,26,258,64],[257,11,258,25],[242,23,242,25],[242,26,242,28],[244,1,244,6],[244,7,244,64],[245,1,245,64],[246,1,246,64],[264,29,264,64],[265,1,265,6],[265,7,265,9],[265,10,265,12],[265,13,265,15],[265,16,265,18],[265,19,265,21],[265,23,265,25],[265,26,265,28],[262,1,262,6],[262,7,262,8],[262,9,262,26],[264,7,264,9],[264,10,264,12],[264,13,264,15],[264,16,264,18],[264,19,264,21],[264,23,264,25],[264,26,264,28],[268,23,268,25],[268,26,268,28],[269,23,269,25],[269,26,269,28],[271,1,271,6],[271,7,271,64],[268,1,268,6],[268,7,268,9],[268,10,268,12],[268,13,268,15],[268,16,268,18],[268,19,268,21],[266,23,266,25],[266,26,266,28],[267,1,267,6],[267,7,267,9],[267,10,267,12],[267,13,267,15],[267,16,267,18],[267,19,267,21],[267,23,267,25],[267,26,267,28],[266,1,266,6],[266,7,266,9],[266,10,266,12],[266,13,266,15],[266,16,266,18],[266,19,266,21],[287,1,287,6],[287,8,287,40],[287,41,287,50],[287,51,287,64],[288,1,288,6],[288,7,288,8],[288,9,288,26],[288,27,288,32],[288,33,288,40],[272,1,272,64],[273,1,273,64],[275,1,275,49],[275,50,275,64],[281,1,285,10],[281,11,283,25],[281,26,285,64],[284,11,285,25],[291,29,291,64],[292,1,292,6],[292,7,292,9],[292,10,292,12],[292,13,292,15],[292,16,292,18],[292,19,292,21],[292,23,292,25],[292,26,292,28],[289,1,289,6],[289,7,289,8],[289,9,289,26],[291,7,291,9],[291,10,291,12],[291,13,291,15],[291,16,291,18],[291,19,291,21],[291,23,291,25],[291,26,291,28],[297,1,297,64],[298,1,298,64],[300,1,300,49],[300,50,300,64],[306,1,310,10],[306,11,308,25],[306,26,310,64],[309,11,310,25],[293,23,293,25],[293,26,293,28],[294,23,294,25],[294,26,294,28],[296,1,296,6],[296,7,296,64],[293,1,293,6],[293,7,293,9],[293,10,293,12],[293,13,293,15],[293,16,293,18],[293,19,293,21],[314,1,314,6],[314,7,314,8],[314,9,314,26],[316,7,316,9],[316,10,316,12],[316,13,316,15],[316,16,316,18],[316,19,316,21],[316,23,316,25],[316,26,316,28],[312,1,312,6],[312,8,312,40],[312,41,312,50],[312,51,312,64],[313,1,313,6],[313,7,313,8],[313,9,313,26],[313,27,313,32],[313,33,313,40],[319,23,319,25],[319,26,319,28],[320,1,320,6],[320,7,320,9],[320,10,320,12],[320,13,320,15],[320,16,320,18],[320,19,320,21],[320,23,320,25],[320,26,320,28],[319,1,319,6],[319,7,319,9],[319,10,319,12],[319,13,319,15],[319,16,319,18],[319,19,319,21],[317,23,317,25],[317,26,317,28],[318,1,318,6],[318,7,318,9],[318,10,318,12],[318,13,318,15],[318,16,318,18],[318,19,318,21],[318,23,318,25],[318,26,318,28],[317,1,317,6],[317,7,317,9],[317,10,317,12],[317,13,317,15],[317,16,317,18],[317,19,317,21],[345,1,345,6],[345,41,345,50],[345,51,345,64],[346,1,346,6],[346,27,346,32],[346,33,346,40],[328,1,328,49],[328,50,328,64],[341,1,341,12],[341,13,343,38],[341,39,341,64],[342,1,343,12],[342,39,343,64],[322,23,322,25],[322,26,322,28],[324,1,324,6],[324,7,324,64],[325,1,325,64],[326,1,326,64],[348,29,348,64],[355,1,355,6],[355,7,355,9],[355,10,355,12],[355,13,355,15],[355,16,355,18],[355,19,355,21],[355,23,355,25],[355,26,355,28],[347,41,347,50],[347,51,347,57],[347,58,347,59],[348,7,348,9],[348,10,348,12],[348,13,348,15],[348,16,348,18],[348,19,348,21],[348,23,348,25],[348,26,348,28],[347,1,347,6],[347,7,347,8],[347,9,347,26],[347,27,347,28],[347,29,347,32],[347,33,347,40],[373,1,373,6],[373,8,373,40],[373,41,373,50],[373,51,373,64],[374,1,374,6],[374,7,374,8],[374,9,374,26],[374,27,374,32],[374,33,374,40],[362,1,362,49],[362,50,362,64],[369,1,369,12],[369,39,369,64],[370,1,371,12],[370,39,371,64],[356,1,356,25],[356,26,356,28],[358,1,358,6],[358,7,358,64],[359,1,359,64],[360,1,360,64],[383,1,383,64],[385,1,385,49],[385,50,385,64],[391,1,391,12],[391,39,391,64],[392,1,393,12],[392,39,393,64],[377,29,377,64],[379,23,379,25],[379,26,379,28],[381,1,381,6],[381,7,381,64],[382,1,382,64],[375,1,375,6],[375,7,375,8],[375,9,375,26],[377,7,377,9],[377,10,377,12],[377,13,377,15],[377,16,377,18],[377,19,377,21],[377,23,377,25]],"merged_total":2442,"flags":["merged_cut"]}
[null,null,null,null,null,null,null,null,null,null,null,null,null,null,null,null,null,null,null,null,null,null,null,null,null,null,null,null,null,null,null,null,null,null,null,null,null,null,null,null,null,null,null,null,null,null,null,null,null,null,null,null,null,null,null,null,null,null,null,null,null,null,null,null,null,null,null,"tipo","ancho","alto"]
[null,null,null,null,null,null,null,null,null,null,null,null,null,null,null,null,null,null,null,null,null,null,null,null,null,null,null,null,null,null,null,null,null,null,null,null,null,null,null,null,null,null,null,null,null,null,null,null,null,null,null,null,null,null,null,null,null,null,null,null,null,null,null,null,null,null,null,"Escamas tipo A",1.5,1.5]
[null,null,null,null,null,null,null,null,null,null,null,null,null,null,null,null,null,null,null,null,null,null,null,null,null,null,null,null,null,null,null,null,null,null,null,null,null,null,null,null,null,null,null,null,null,null,null,null,null,null,null,null,null,null,null,null,null,null,null,null,null,null,null,null,null,null,null,"Escamas tipo H",1.5,1.48]
[null,null,null,null,null,null,null,null,null,null,null,"PROYECTO TIPO MEJORAMIENTO DE VÍAS TERCIARIAS Tramo 1 km",null,null,null,null,null,null,null,null,null,null,null,null,null,null,"AVAL"]
[]
[]
[null,null,null,null,null,null,null,null,null,null,null,"MEMORIAS DE CANTIDADES"]
[]
[null,null,null,null,null,null,null,null,null,null,null,null,null,null,null,null,null,null,null,null,null,null,null,null,null,null,null,null,null,null,null,null,null,null,null,null,null,null,null,null,null,null,null,null,null,null,null,null,null,null,null,null,null,null,null,null,null,null,null,null,null,null,null,null,null,null,null,"Escamas tipo AR",1.5,1.5,null,"h","A","B","D","H","AR","BR","ARRANQUES","profundidad",0,null,null,1,2,3,4,5,6,7,8,9,null,null,null,1,{"$f":"+CR9+1","v":2},{"$f":"+CS9+1","v":3},4,5,6,7,8,9,10,11,12,13,14,15,16,17,18,19,20,21,22,23,24,25,26,27,28,null,null,1,2,3,4,5,6,7,8,9,10,11,12,13,14,15,16,17,18,19,20,21,22,23,24,25,26,27,28,29,30,31,32,null,"Muro No.","Altura","Base","Vol/m","A","B","Long"]
[null,"El implantador debe definir una longitud de muro y una altura para el cálculo de las cantidades",null,null,null,null,null,null,null,null,null,null,null,null,null,null,null,null,null,null,null,null,null,null,null,null,null,null,null,null,null,null,null,null,null,null,null,null,null,null,null,null,null,null,null,null,null,null,null,null,null,null,null,null,null,null,null,null,null,null,null,null,null,null,null,null,null,"Escamas tipo HR",1.5,1.48,null,0,0,0,0,0,0,0,0,0,3,null,null,"h","A","B","D","H","AR","BR","ARRANQUES","profundidad",0,null,null,null,null,null,null,null,null,null,null,"Varilla A",null,null,"Varilla B",null,null,"Varilla C",null,null,"Varilla D",null,null,"Varilla E",null,null,"Varilla F",null,null,"REF",null,null,null,null,null,null,null,null,null,null,null,"Varilla A",null,null,"Varilla B",null,null,null,"Varilla C",null,null,"Varilla D",null,null,"Varilla E",null,null,"Varilla F",null,null,"Varilla G",null,null,"REF",null,null,"I",3,4,8.5,8,1,2]
[null,null,null,null,null,null,null,null,null,null,null,null,null,null,null,null,null,null,null,null,null,null,null,null,null,null,null,null,null,null,null,null,null,null,null,null,null,null,null,null,null,null,null,null,null,null,null,null,null,null,null,null,null,null,null,null,null,null,null,null,null,null,null,null,null,null,null,"Escamas tipo GR",1.5,1.29,null,"2.23 - 2.795",1,1,1,1,null,null,12,3,{"$f":"+CC10+3","v":6},null,null,"2.23 - 2.795",1,1,1,1,null,null,12,4,{"$f":"CO10+3","v":3},null,null,"H","a","b","c","d","T","h","B","Fi","S","LT","Fi","S","LT","Fi","S","LT","Fi","S","LT","Fi","S","LT","Fi","S","LT","Fi","S",null,null,"H","a","b","c","d","T","h","B","Fi","S","LT","Fi","S",null,"LT","Fi","S","LT","Fi","S","LT","Fi","S","LT","Fi","S","LT","Fi","S","LT","Fi","S",null,"II",4,5,14,14,null,{"$f":"+FI10+2","v":4}]
[null,null,null,null,null,null,null,null,null,null,null,null,null,null,null,null,null,null,null,null,null,null,null,null,null,null,null,null,null,null,null,null,null,null,null,null,null,null,null,null,null,null,null,null,null,null,null,null,null,null,null,null,null,null,null,null,null,null,null,null,null,null,null,null,null,null,null,"Escamas tipo KR",1.5,1.67,null,"3.73 - 4.295",3,1,1,1,null,null,20,4,{"$f":"+CC11+3","v":9},null,null,"2.98 - 3.545",1,null,1,1,1,1,16,5,{"$f":"+CO11+3","v":6},null,null,3,0.5,0.3,0.1,1.5,0.4,2.6,2.4,"1/2\"",0.35,2.7,"1/2\"",0.2,2.7,"1/2\"",0.15,3.05,null,null,null,null,null,null,"1/2\"",0.35,3.1,"1/2\"",0.35,null,null,3,0.5,0.3,0.1,1.5,0.4,2.6,2.4,"1/2\"",0.3,2.5,"5/8\"",0.25,null,2.6,"1/2\"",0.15,3.05,null,null,null,null,null,null,"1/2\"",0.35,3.1,"5/8\"",0.2,2.2999999999999998,"1/2\"",0.3,null,null,null,null,null,null,null,{"$f":"+FI11+2","v":6}]
[null,"Capítulo",null,null,null,null,null,{"$f":"+'[3] PPTO DNP'!$B$31","v":4},{"$f":"+'[3] PPTO DNP'!$C$31","v":"Construir obras de contención"},null,null,null,null,null,null,null,null,null,null,null,null,null,null,null,null,null,null,null,null,null,null,null,null,null,null,null,null,null,null,null,null,null,null,null,null,null,null,null,null,null,null,null,null,null,null,null,null,null,null,null,null,null,null,null,null,null,null,"Escamas tipo LR",1.5,1.85,null,"4.48 - 5.045",4,1,1,1,null,null,24,4,{"$f":"+CC12+3","v":12},null,null,"3.73 - 4.295",2,null,1,1,1,1,21,5,9,null,null,4,0.7,0.3,0.2,1.8,0.5,3.5,3,"1/2\"",0.25,3.1,"1/2\"",0.1,3.1,"1/2\"",0.2,4.05,"1/2\"",0.2,3,null,null,null,"1/2\"",0.25,4.0999999999999996,"1/2\"",0.25,null,null,4,0.7,0.3,0.2,1.8,0.5,3.5,3,"1/2\"",0.25,3.1,"5/8\"",0.15,null,3.2,"5/8\"",0.25,4.0999999999999996,"5/8\"",0.25,3.05,null,null,null,"1/2\"",0.25,4.0999999999999996,"5/8\"",0.2,2.2999999999999998,"1/2\"",0.25,null,null,null,null,null,null,null,{"$f":"+FI12+2","v":8}]
[null,"Ítem",null,null,null,null,null,{"$f":"+'[3] PPTO DNP'!B32","v":"4.1"},{"$f":"+'[3] PPTO DNP'!C32","v":"Paneles de concreto para muros de tierra estabilizada mecánicamente"},null,null,null,null,null,null,null,null,null,null,null,null,null,null,null,null,null,null,"UNIDAD",null,null,null,null,null,"m2",null,null,null,null,null,null,null,null,null,null,null,null,null,null,null,null,null,null,null,null,null,null,null,null,null,null,null,null,null,null,null,null,null,"Escamas tipo BR",1.5,0.75,null,"5.23 - 5.795",5,1,1,1,null,null,28,5,{"$f":"+CC13+3","v":15},null,null,"4.48 - 5.045",2,null,1,1,2,1,25,6,12,null,null,5,1.05,0.3,0.25,2.2000000000000002,0.55000000000000004,4.45,3.8,"5/8\"",0.2,4.2,"5/8\"",0.15,4.2,"5/8\"",0.3,5.0999999999999996,"5/8\"",0.3,3.5,"5/8\"",0.3,2.5,"1/2\"",0.25,5.0999999999999996,"1/2\"",0.25,null,null,5,1.05,0.3,0.25,2.2000000000000002,0.55000000000000004,4.45,3.8,"5/8\"",0.2,4.2,"3/4\"",0.1,null,4.3,"3/4\"",0.3,5.15,"3/4\"",0.3,3.6,"3/4\"",0.3,2.6,"1/2\"",0.25,5.0999999999999996,"5/8\"",0.2,2.2999999999999998,"1/2\"",0.25,null,null,null,null,null,null,null,10]
[null,null,null,null,null,null,null,null,null,null,null,null,null,null,null,null,null,null,null,null,null,null,null,null,null,null,null,"Long muro (m)",null,3,null,null,null,"m",null,null,null,null,null,null,null,"h",null,null,null,null,null,null,null,null,null,"7.295 - 8.045",null,null,null,null,null,null,"m",null,null,null,null,null,null,null,null,"Escamas tipo DR",1.5,0.73,null,"5.98 - 6.545",6,1,1,1,null,null,32,5,{"$f":"+CC14+3","v":18},null,null,"5.23 - 5.795",2,null,1,1,3,1,29,6,15,null,null,6,1.4,0.3,0.3,2.6,0.6,5.4,4.5999999999999996,"5/8\"",0.15,5,"5/8\"",0.1,5,"3/4\"",0.36,6.15,"3/4\"",0.36,4.6500000000000004,"3/4\"",0.36,4,"1/2\"",0.2,6.1,"1/2\"",0.2,null,null,6,1.4,0.3,0.3,2.6,0.6,5.4,4.5999999999999996,"5/8\"",0.1,5,"7/8\"",0.1,null,5.2,"7/8\"",0.3,6.2,"7/8\"",0.3,4.7,"7/8\"",0.3,4.05,"1/2\"",0.2,6.1,"5/8\"",0.2,2.2999999999999998,"1/2\"",0.2,null,null,null,null,null,null,null,12]
[null,"Área/lugar/elemento",null,null,null,null,null,"Tipo de muro",null,null,"Ancho (m)",null,null,"Alto (m)",null,null,"Cantidad de paneles",null,null,"V. PARCIAL",null,null,"N° DE ELEMENTOS ","UNIDAD ",null,null,"TOTAL",null,null,null,null,null,null,null,null,null,null,null,null,null,null,null,null,null,null,null,null,null,null,null,null,null,null,null,null,null,null,null,null,null,null,null,null,null,null,null,null,"Escamas tipo CR",1.5,0.54500000000000004,null,"7.295 - 8.045",5,null,1,1,3,1,40,6,{"$f":"CC15+3","v":21},null,null,"5.98 - 6.545",3,null,1,1,3,1,33,7,18,null,null,7,1.4,0.3,0.4,3,0.7,6.3,5.0999999999999996,"3/4\"",0.1,5.5,"3/4\"",0.1,5.6,"3/4\"",0.3,7.15,"3/4\"",0.3,5.65,"3/4\"",0.3,5,"1/2\"",0.2,7.1,"1/2\"",0.2,null,null,7,1.4,0.3,0.4,3,0.7,6.3,5.0999999999999996,"3/4\"",0.15,5.9,"1\"",0.1,null,6.1,"1\"",0.25,7.25,"1\"",0.25,5.65,"1\"",0.25,5.0999999999999996,"1/2\"",0.2,7.1,"5/8\"",0.2,2.2999999999999998,"1/2\"",0.2,null,null,null,null,null,null,null,14]
[null,"Escamas tipo A",null,null,null,null,null,"Muros de tierra estabilizada mecánicamente con paneles de concreto caso de un muro sin talud a borde de vía",null,null,{"$f":"+VLOOKUP($B17,$BP$2:$BR$30,2,0)","v":1.5},null,null,{"$f":"+VLOOKUP($B17,$BP$2:$BR$30,3,0)","v":1.5},null,null,{"$f":"+VLOOKUP($AZ$15,$BT$10:$CA$28,2,0)","v":5},null,null,{"$f":"+N17*K17","v":2.25},null,null,0,{"$f":"+$AH$14","v":"m2"},null,null,{"$f":"+Q17*T17*W17","v":0},null,null,null,null,null,null,null,null,null,null,null,null,null,null,null,null,null,null,null,null,null,null,null,null,null,null,null,null,null,null,null,null,null,null,null,null,null,null,null,null,"Escamas tipo ER",1.5,0.92,null,"8.23 - 8.605",5,null,1,1,4,1,{"$f":"23+22","v":45},6,{"$f":"+CC16+3","v":24},null,null,"6.73 - 7.105",3,null,1,1,4,1,38,7,21,null,null,null,null,null,null,null,null,null,null,null,null,null,null,null,null,null,null,null,null,null,null,null,null,null,null,null,null,null,null,null,null,null,null,null,null,null,null,null,null,null,null,null,null,null,null,null,null,null,null,null,null,null,null,null,null,null,null,null,null,null,null,null,null,null,null,null,null,null,null,null,16]
[null,"Escamas tipo B",null,null,null,null,null,"Muros de tierra estabilizada mecánicamente con paneles de concreto caso de un muro sin talud a borde de vía",null,null,1.5,null,null,0.75,null,null,{"$f":"+VLOOKUP($AZ$15,$BT$10:$CA$28,3,0)","v":0},null,null,1.125,null,null,0,"m2",null,null,0,null,null,null,null,null,null,null,null,null,null,null,null,null,null,null,null,null,null,null,null,null,null,null,null,null,null,null,null,null,null,null,null,null,null,null,null,null,null,null,null,"Escamas tipo FR",1.5,1.1000000000000001,null,"8.795 - 9.545",6,null,1,1,4,2,50,7,{"$f":"+CC17+3","v":27},null,null,"7.295 - 8.045",3,null,1,1,5,1,44,7,24,null,null,null,null,null,null,null,null,null,null,null,null,null,null,null,null,null,null,null,null,null,null,null,null,null,null,null,null,null,null,null,null,null,null,null,null,null,null,null,null,null,null,null,null,null,null,null,null,null,null,null,null,null,null,null,null,null,null,null,null,null,null,null,null,null,null,null,null,null,null,null,18]
[null,"Escamas tipo D",null,null,null,null,null,"Muros de tierra estabilizada mecánicamente con paneles de concreto caso de un muro sin talud a borde de vía",null,null,1.5,null,null,0.73,null,null,{"$f":"+VLOOKUP($AZ$15,$BT$10:$CA$28,4,0)","v":1},null,null,1.095,null,null,0,"m2",null,null,0,null,null,null,null,null,null,null,null,null,null,null,null,null,null,null,null,null,null,null,null,null,null,null,null,null,null,null,null,null,null,null,null,null,null,null,null,null,null,null,null,"Escamas tipo B",1.5,0.75,null,"9.73 - 9.92",6,null,1,1,5,1,{"$f":"28*2","v":56},7,null,null,null,"8.23 - 8.605",3,null,1,1,6,1,49,8,null,null,null,null,null,null,null,null,"FI","PESO",null,null,null,null,null,null,null,null,null,null,null,null,null,null,null,null,null,null,null,null,null,null,null,null,null,null,null,null,"FI","PESO",null,null,null,null,null,null,null,null,null,null,null,null,null,null,null,null,null,null,null,null,null,null,null,null,null,null,null,null,null,null,null,null,20]
[null,"Escamas tipo H",null,null,null,null,null,"Muros de tierra estabilizada mecánicamente con paneles de concreto caso de un muro sin talud a borde de vía",null,null,1.5,null,null,1.48,null,null,{"$f":"+VLOOKUP($AZ$15,$BT$10:$CA$28,5,0)","v":1},null,null,2.2199999999999998,null,null,0,"m2",null,null,0,null,null,null,null,null,null,null,null,null,null,null,null,null,null,null,null,null,null,null,null,null,null,null,null,null,null,null,null,null,null,null,null,null,null,null,null,null,null,null,null,"Escamas tipo D",1.5,0.73,null,"10.105 - 11.045",6,null,1,1,6,1,60,8,null,null,null,"8.795 - 9.545",3,null,1,1,7,1,55,9,null,null,null,null,null,null,null,null,0,0,null,null,null,null,null,null,null,null,null,null,null,null,null,null,null,null,null,null,null,null,null,null,null,null,null,null,null,null,0,0,null,null,null,null,null,null,null,null,null,null,null,null,null,null,null,null,null,null,null,null,null,null,null,null,null,null,null,null,null,null,null,null,22]
[null,"Escamas tipo AR",null,null,null,null,null,"Muros de tierra estabilizada mecánicamente con paneles de concreto caso de un muro sin talud a borde de vía",null,null,1.5,null,null,1.5,null,null,{"$f":"+VLOOKUP($AZ$15,$BT$10:$CA$28,6,0)","v":3},null,null,2.25,null,null,0,"m2",null,null,0,null,null,null,null,null,null,null,null,null,null,null,null,null,null,null,null,null,null,null,null,null,null,null,null,null,null,null,null,null,null,null,null,null,null,null,null,null,null,null,null,"Escamas tipo C",1.5,0.54500000000000004,null,"11.23 - 11.42",6,null,1,1,7,1,{"$f":"33+34","v":67},8,null,null,null,"9.73 - 9.92",4,null,1,1,7,1,63,9,null,null,null,null,null,null,null,1,"1/8\"",{"$f":"+(CV21*CV21)/16","v":6.25E-2},null,null,null,null,null,null,null,null,null,null,null,null,null,null,null,null,null,null,null,null,null,null,null,null,null,null,null,1,"1/8\"",{"$f":"+(DZ21*DZ21)/16","v":6.25E-2},null,null,null,null,null,null,null,null,null,null,null,null,null,null,null,null,null,null,null,null,null,null,null,null,null,null,null,null,null,null,null,null,24]
[null,"Escamas tipo BR",null,null,null,null,null,"Muros de tierra estabilizada mecánicamente con paneles de concreto caso de un muro sin talud a borde de vía",null,null,1.5,null,null,0.75,null,null,{"$f":"+VLOOKUP($AZ$15,$BT$10:$CA$28,7,0)","v":1},null,null,1.125,null,null,0,"m2",null,null,0,null,null,null,null,null,null,null,null,null,null,null,null,null,null,null,null,null,null,null,null,null,null,null,null,null,null,null,null,null,null,null,null,null,null,null,null,null,null,null,null,null,null,null,null,"11.605 - 12.545",6,null,1,1,8,1,{"$f":"37+36","v":73},9,null,null,null,"10.105 - 11.045",3,null,1,1,9,1,69,10,null,null,null,null,null,null,null,2,"1/4\"",0.25,null,null,null,null,null,null,null,null,null,null,null,null,null,null,null,null,null,null,null,null,null,null,null,null,null,null,null,2,"1/4\"",0.25,null,null,null,null,null,null,null,null,null,null,null,null,null,null,null,null,null,null,null,null,null,null,null,null,null,null,null,null,null,null,null,null,26]
[null,"Escamas tipo A",null,null,null,null,null,"Paneles de concreto en alternativa de muros de tierra estabilizada mecánicamente con paneles de concreto caso de un muro sin talud a borde de vía -- concreto - caso de un muros con talud inclinado a 30º",null,null,{"$f":"+VLOOKUP($B17,$BP$2:$BR$30,2,0)","v":1.5},null,null,{"$f":"+VLOOKUP($B17,$BP$2:$BR$30,3,0)","v":1.5},null,null,{"$f":"+VLOOKUP($AZ$348,$CF$11:$CM$28,2,0)","v":3},null,null,2.25,null,null,null,{"$f":"+$AH$347","v":"m2"},null,null,0,null,null,null,null,null,null,null,null,null,null,null,null,null,null,null,null,null,null,null,null,null,null,null,null,null,null,null,null,null,null,null,null,null,null,null,null,null,null,null,null,null,null,null,null,"12.73 - 12.92",7,null,1,1,8,1,80,9,null,null,null,"11.23 - 11.42",3,null,1,1,10,1,77,10,null,null,null,null,null,null,null,3,"3/8\"",0.5625,null,null,null,null,null,null,null,null,null,null,null,null,null,null,null,null,null,null,null,null,null,null,null,null,null,null,null,3,"3/8\"",0.5625]
[null,"Escamas tipo B",null,null,null,null,null,"Paneles de concreto en alternativa de muros de tierra estabilizada mecánicamente con paneles de concreto caso de un muro sin talud a borde de vía -- concreto - caso de un muros con talud inclinado a 30º",null,null,1.5,null,null,0.75,null,null,{"$f":"+VLOOKUP($AZ$348,$CF$11:$CM$28,3,0)","v":0},null,null,1.125,null,null,0,"m2",null,null,0,null,null,null,null,null,null,null,null,null,null,null,null,null,null,null,null,null,null,null,null,null,null,null,null,null,null,null,null,null,null,null,null,null,null,null,null,null,null,null,null,null,null,null,null,null,null,null,null,null,null,null,null,null,null,null,null,"11.605 - 12.545",3,null,1,1,11,1,84,11,null,null,null,null,null,null,null,4,"1/2\"",1,null,null,null,null,null,null,null,null,null,null,null,null,null,null,null,null,null,null,null,null,null,null,null,null,null,null,null,4,"1/2\"",1]
[null,"Escamas tipo D",null,null,null,null,null,"Paneles de concreto en alternativa de muros de tierra estabilizada mecánicamente con paneles de concreto caso de un muro sin talud a borde de vía -- concreto - caso de un muros con talud inclinado a 30º",null,null,1.5,null,null,0.73,null,null,{"$f":"+VLOOKUP($AZ$348,$CF$11:$CM$28,4,0)","v":1},null,null,1.095,null,null,0,"m2",null,null,0,null,null,null,null,null,null,null,null,null,null,null,null,null,null,null,null,null,null,null,null,null,null,null,null,null,null,null,null,null,null,null,null,null,null,null,null,null,null,null,null,null,null,null,null,null,null,null,null,null,null,null,null,null,null,null,null,"12.73 - 12.92",3,null,1,1,12,1,93,11,null,null,null,null,null,null,null,5,"5/8\"",1.5625,null,null,null,null,null,null,null,null,null,null,null,null,null,null,null,null,null,null,null,null,null,null,null,null,null,null,null,5,"5/8\"",1.5625]
[null,"Escamas tipo H",null,null,null,null,null,"Paneles de concreto en alternativa de muros de tierra estabilizada mecánicamente con paneles de concreto caso de un muro sin talud a borde de vía -- concreto - caso de un muros con talud inclinado a 30º",null,null,1.5,null,null,1.48,null,null,{"$f":"+VLOOKUP($AZ$348,$CF$11:$CM$28,5,0)","v":1},null,null,2.2199999999999998,null,null,0,"m2",null,null,0,null,null,null,null,null,null,null,null,null,null,null,null,null,null,null,null,null,null,null,null,null,null,null,null,null,null,null,null,null,null,null,null,null,null,null,null,null,null,null,null,null,null,null,null,null,null,null,null,null,null,null,null,null,null,null,null,null,null,null,null,null,null,null,null,null,null,null,null,null,null,null,null,6,"3/4\"",2.25,null,null,null,null,null,null,null,null,null,null,null,null,null,null,null,null,null,null,null,null,null,null,null,null,null,null,null,6,"3/4\"",2.25]
[null,"Escamas tipo AR",null,null,null,null,null,"Paneles de concreto en alternativa de muros de tierra estabilizada mecánicamente con paneles de concreto caso de un muro sin talud a borde de vía -- concreto - caso de un muros con talud inclinado a 30º",null,null,1.5,null,null,1.5,null,null,{"$f":"+VLOOKUP($AZ$348,$CF$11:$CM$28,6,0)","v":5},null,null,2.25,null,null,0,"m2",null,null,0,null,null,null,null,null,null,null,null,null,null,null,null,null,null,null,null,null,null,null,null,null,null,null,null,null,null,null,null,null,null,null,null,null,null,null,null,null,null,null,null,null,null,null,null,null,null,null,null,null,null,null,null,null,null,null,null,null,null,null,null,null,null,null,null,null,null,null,null,null,null,null,null,7,"7/8\"",3.0625,null,null,null,null,null,null,null,null,null,null,null,null,null,null,null,null,null,null,null,null,null,null,null,null,null,null,null,7,"7/8\"",3.0625]
[null,"Escamas tipo BR",null,null,null,null,null,"Paneles de concreto en alternativa de muros de tierra estabilizada mecánicamente con paneles de concreto caso de un muro sin talud a borde de vía -- concreto - caso de un muros con talud inclinado a 30º",null,null,1.5,null,null,0.75,null,null,{"$f":"+VLOOKUP($AZ$348,$CF$11:$CM$28,7,0)","v":1},null,null,1.125,null,null,0,"m2",null,null,0,null,null,null,null,null,null,null,null,null,null,null,null,null,null,null,null,null,null,null,null,null,null,null,null,null,null,null,null,null,null,null,null,null,null,null,null,null,null,null,null,null,null,null,null,null,null,null,null,null,null,null,null,null,null,null,null,null,null,null,null,null,null,null,null,null,null,null,null,null,null,null,null,8,"1\"",4,null,null,null,null,null,null,null,null,null,null,null,null,null,null,null,null,null,null,null,null,null,null,null,null,null,null,null,8,"1\"",4]
[null,null,null,null,null,null,null,null,null,null,null,null,null,null,null,null,0,null,null,null,null,null,{"$f":"SUM(W17:W28)","v":0},"TOTAL",null,null,{"$f":"SUM(AA17:AC28)","v":0},null,null,null,null,null,null,null,null,null,null,null,null,null,null,null,null,null,null,null,null,null,null,null,null,null,null,null,null,null,null,null,null,null,null,null,null,null,null,null,null,null,null,null,null,null,null,null,null,null,null,null,null,null,null,null,null,null,null,null,null,null,null,null,null,null,null,null,null,null,null,null,null,null,null,null,null,null,null,null,null,null,null,null,null,null,null,null,null,null,null,null,null,null,null,null,null,null,null,null,null,null,null,null,null,null,null,null,null,null,null,null,null,null,null,null,null,null,null,null,null,null,null,null,null,null,null,null,null,null,null,null,null,null,null,null,null,null,{"$f":"+FI22+2","v":28}]
[]
[null,"Observaciones",null,null,null,null,null,"Indicar en las celdas amarillas la cantidad de muros de cada tipo a implementar especificado en la descripción del Ítem"]
[]
[]
[]
[null,null,null,null,null,null,null,null,null,null,null,null,null,null,null,null,null,null,null,null,null,null,null,null,null,null,null,null,null,null,null,null,null,null,null,null,null,null,null,null,null,null,null,null,null,null,null,null,null,null,"Pag. ____ de ____"]
[]
[null,"MEMORIAS DE CANTIDADES DE OBRA"]
[null,"MUROS DE CONTENCIÓN"]
[]
[]
[null,"Capítulo",null,null,null,null,null,5,"Construir muros de tierra estabilidaza mecánicamente con paneles de concreto - caso de un muros sin talud a borde de vía"]
[null,"Ítem",null,null,null,null,null,"5.7",null,"Arranque, incluye arranque, armadura, tuerca y tornillo",null,null,null,null,null,null,null,null,null,null,null,null,null,null,null,null,null,"UNIDAD",null,null,null,null,null,"und"]
[]
[]
[null,"Área/lugar/elemento",null,null,null,null,null,"Longitud (m)",null,null,"Ancho (m)",null,null,"Alto (m)",null,null,"Peso (kg)",null,null,"V. PARCIAL",null,null,"N° DE ELEMENTOS ","UNIDAD ",null,null,"TOTAL"]
[null,"Arranque",null,null,null,null,null,null,null,null,null,null,null,null,null,null,null,null,null,null,null,null,{"$f":"+VLOOKUP($AZ$15,$BT$10:$CA$28,8,0)","v":40},{"$f":"+AH42","v":"und"},null,null,{"$f":"+W46*($AD$15/3)","v":40}]
[null,"TOTAL",null,null,null,null,null,null,null,null,null,null,null,null,null,null,null,null,null,null,null,null,null,null,null,null,{"$f":"+AA46","v":40}]
[]
[null,"Observaciones"]
[]
[]
[]
[null,null,null,null,null,null,null,null,null,null,null,null,null,null,null,null,null,null,null,null,null,null,null,null,null,null,null,null,null,null,null,null,null,null,null,null,null,null,null,null,null,null,null,null,null,null,null,null,null,null,"Pag. ____ de ____"]
[]
[]
[null,null,null,"CONTRATISTA",null,null,null,null,null,null,null,null,null,null,null,null,null,null,null,null,null,null,null,null,null,null,null,null,null,null,null,null,null,null,"Vo.Bo. INTERVENTOR"]
[]
[]
[null,null,null,null,null,null,null,null,null,null,null,"PROYECTO TIPO MEJORAMIENTO DE VÍAS TERCIARIAS Tramo 1 km",null,null,null,null,null,null,null,null,null,null,null,null,null,null,"AVAL"]
[]
[]
[null,null,null,null,null,null,null,null,null,null,null,"MEMORIAS DE CANTIDADES"]
[]
[]
[null,"Capítulo",null,null,null,null,null,{"$f":"+'[3] PPTO DNP'!$B$31","v":4},{"$f":"+'[3] PPTO DNP'!$C$31","v":"Construir obras de contención"}]
[null,"Ítem",null,null,null,null,null,{"$f":"+'[3] PPTO DNP'!B33","v":"4.2"},{"$f":"+'[3] PPTO DNP'!C33","v":"Excavación de material común para instalación de muros"},null,null,null,null,null,null,null,null,null,null,null,null,null,null,null,null,null,null,"UNIDAD",null,null,null,null,null,"m3"]
[null,"Área/lugar/elemento",null,null,null,null,null,"Longitud (m)",null,null,"Ancho (m)",null,null,"Alto (m)",null,null,"Peso (kg)",null,null,"V. PARCIAL",null,null,"N° DE ELEMENTOS ","UNIDAD ",null,null,"TOTAL"]
[null,"Excavación en alternativa de muros de tierra estabilizada mecánicamente con paneles de concreto caso de un muro sin talud a borde de vía",null,null,null,null,null,{"$f":"+$AD$15","v":3},null,null,{"$f":"+VLOOKUP($AZ$15,$BT$10:$CB$28,9,0)","v":6},null,null,{"$f":"+MID($AZ$15,1,5)+0.15","v":7295.15},null,null,null,null,null,{"$f":"+N68*K68*H68","v":131312.69999999998},null,null,0,{"$f":"+AH66","v":"m3"},null,null,{"$f":"+T68*W68","v":0}]
[null,"Excavación en alternativa de muros de tierra estabilizada mecánicamente con paneles de concreto caso de un muro sin talud a borde de vía -- concreto - caso de un muros con talud inclinado a 30º",null,null,null,null,null,{"$f":"+$AD$348","v":6},null,null,{"$f":"+VLOOKUP($AZ$348,$CF$11:$CN$28,9,0)","v":7},null,null,{"$f":"+MID($AZ$348,1,5)+0.15","v":7295.15},null,null,null,null,null,306396.3,null,null,0,{"$f":"+AH375","v":"m3"},null,null,0]
[null,"Excavación para construccion muro de contención de corona - Relleno Horizontal y sobre carga viva ",null,null,null,null,null,{"$f":"+$AH$464","v":1},null,null,{"$f":"+VLOOKUP($AR$464,$CR$12:$DS$16,8,0)","v":5.0999999999999996},null,null,{"$f":"+$AR$464","v":7},null,null,null,null,null,35.699999999999996,null,null,0,{"$f":"+AH66","v":"m3"},null,null,0]
[null,"Excavación para muro de contención de pata",null,null,null,null,null,{"$f":"+$AH$677","v":10},null,null,{"$f":"+VLOOKUP($AR$677,$DV$12:$EC$16,8,0)","v":3},null,null,{"$f":"+$AR$677","v":4},null,null,null,null,null,120,null,null,1,{"$f":"+AH676","v":"m3"},null,null,120]
[null,"Excavación  para muro en gavión con sobrecarga",null,null,null,null,null,{"$f":"+$AP$893","v":2},null,null,{"$f":"+VLOOKUP($AD$893,$FC$9:$FH$11,3,0)","v":5},null,null,{"$f":"+VLOOKUP($AD$893,$FC$9:$FH$11,2,0)","v":4},null,null,null,null,null,40,null,null,0,{"$f":"+AH892","v":"m3"},null,null,0]
[null,"Excavación Excavación  para muro en gavión sin sobrecarga",null,null,null,null,null,{"$f":"+$AP$979","v":2},null,null,{"$f":"+VLOOKUP($AD$893,$BT$1183:$BY$1184,3,0)","v":4},null,null,{"$f":"+VLOOKUP($AD$979,$BT$1183:$BY$1184,2,0)","v":4},null,null,null,null,null,32,null,null,0,{"$f":"+AH978","v":"m3"},null,null,0]
[null,null,null,null,null,null,null,null,null,null,null,null,null,null,null,null,null,null,null,null,null,null,null,"TOTAL",null,null,{"$f":"SUM(AA68:AC73)","v":120}]
[]
[null,"Observaciones",null,null,null,null,null,"Indicar en las celdas amarillas la cantidad de muros de cada tipo a implementar especificado en la descripción del Ítem"]
[]
[]
[]
[null,null,null,null,null,null,null,null,null,null,null,null,null,null,null,null,null,null,null,null,null,null,null,null,null,null,null,null,null,null,null,null,null,null,null,null,null,null,null,null,null,null,null,null,null,null,null,null,null,null,"Pag. ____ de ____"]
[]
[]
[null,null,null,"CONTRATISTA",null,null,null,null,null,null,null,null,null,null,null,null,null,null,null,null,null,null,null,null,null,null,null,null,null,null,null,null,null,null,"Vo.Bo. INTERVENTOR"]
[]
[]
[null,null,null,null,null,null,null,null,null,null,null,"PROYECTO TIPO MEJORAMIENTO DE VÍAS TERCIARIAS Tramo 1 km",null,null,null,null,null,null,null,null,null,null,null,null,null,null,"AVAL"]
[]
[]
[null,null,null,null,null,null,null,null,null,null,null,"MEMORIAS DE CANTIDADES"]
[]
[]
[null,"Capítulo",null,null,null,null,null,{"$f":"+'[3] PPTO DNP'!$B$31","v":4},{"$f":"+'[3] PPTO DNP'!$C$31","v":"Construir obras de contención"}]
[null,"Ítem",null,null,null,null,null,{"$f":"+'[3] PPTO DNP'!B34","v":"4.3"},{"$f":"+'[3] PPTO DNP'!C34","v":"Relleno granular para instalación de muros de contención"},null,null,null,null,null,null,null,null,null,null,null,null,null,null,null,null,null,null,"UNIDAD",null,null,null,null,null,"m3"]
[null,"Área/lugar/elemento",null,null,null,null,null,"Longitud (m)",null,null,"Ancho (m)",null,null,"Alto (m)",null,null,"Peso (kg)",null,null,"V. PARCIAL",null,null,"N° DE ELEMENTOS ","UNIDAD ",null,null,"TOTAL"]
[null,"Relleno granular en alternativa de muros de tierra estabilizada mecánicamente con paneles de concreto caso de un muro sin talud a borde de vía (Según especificación 680P)",null,null,null,null,null,{"$f":"+$AD$15","v":3},null,null,{"$f":"+VLOOKUP($AZ$15,$BT$10:$CB$28,9,0)","v":6},null,null,{"$f":"+MID($AZ$15,1,5)","v":"7.295"},null,null,null,null,null,{"$f":"+N95*K95*H95","v":131310},null,null,0,"m3",null,null,{"$f":"+T95*W95","v":0}]
[null,"Relleno en alternativa de muros de tierra estabilizada mecánicamente con paneles de concreto caso de un muro sin talud a borde de vía -- concreto - caso de un muros con talud inclinado a 30º (Según especificación 680P",null,null,null,null,null,{"$f":"+$AD$348","v":6},null,null,{"$f":"+VLOOKUP($AZ$348,$CF$11:$CN$28,9,0)","v":7},null,null,{"$f":"+MID($AZ$348,1,5)","v":"7.295"},null,null,null,null,null,{"$f":"+N96*K96*H96","v":306390},null,null,0,"m3",null,null,{"$f":"+W96*T96","v":0}]
[null,"Relleno granular según especificaciones invias 610 para construccion muro de contencion de corona - Relleno Horizontal y sobre carga viva  ",null,null,null,null,null,{"$f":"+$AH$464","v":1},null,null,{"$f":"+VLOOKUP($AR$464,$CR$12:$DS$16,5,0)","v":3},null,null,{"$f":"+VLOOKUP($AR$464,$CR$11:$DT$16,7,0)","v":6.3},null,null,null,null,null,{"$f":"+N97*K97*H97","v":18.899999999999999},null,null,0,"m3",null,null,{"$f":"+T97*W97","v":0}]
[null,"Relleno granular según especificaciones invias 610 para muro de contención de pata",null,null,null,null,null,{"$f":"+$AH$677","v":10},null,null,{"$f":"+VLOOKUP($AR$677,$DV$12:$EC$16,5,0)","v":1.8},null,null,{"$f":"+VLOOKUP($AR$677,$DV$12:$FA$16,7,0)","v":3.5},null,null,null,null,null,{"$f":"+N98*K98*H98","v":63},null,null,1,{"$f":"+AH94","v":0},null,null,{"$f":"+T98*W98","v":63}]
[null,null,null,null,null,null,null,null,null,null,null,null,null,null,null,null,null,null,null,null,null,null,null,"TOTAL",null,null,{"$f":"SUM(AA95:AC98)","v":63}]
[]
[null,"Observaciones",null,null,null,null,null,"Indicar en las celdas amarillas la cantidad de muros de cada tipo a implementar especificado en la descripción del Ítem"]
[]
[]
[]
[null,null,null,null,null,null,null,null,null,null,null,null,null,null,null,null,null,null,null,null,null,null,null,null,null,null,null,null,null,null,null,null,null,null,null,null,null,null,null,null,null,null,null,null,null,null,null,null,null,null,"Pag. ____ de ____"]
[]
[]
[null,null,null,"CONTRATISTA",null,null,null,null,null,null,null,null,null,null,null,null,null,null,null,null,null,null,null,null,null,null,null,null,null,null,null,null,null,null,"Vo.Bo. INTERVENTOR"]
[]
[]
[null,null,null,null,null,null,null,null,null,null,null,"PROYECTO TIPO MEJORAMIENTO DE VÍAS TERCIARIAS Tramo 1 km",null,null,null,null,null,null,null,null,null,null,null,null,null,null,"AVAL"]
[]
[]
[null,null,null,null,null,null,null,null,null,null,null,"MEMORIAS DE CANTIDADES"]
[]
[]
[null,"Capítulo",null,null,null,null,null,{"$f":"+'[3] PPTO DNP'!$B$31","v":4},{"$f":"+'[3] PPTO DNP'!$C$31","v":"Construir obras de contención"}]
[null,"Ítem",null,null,null,null,null,{"$f":"+'[3] PPTO DNP'!B35","v":"4.4"},{"$f":"+'[3] PPTO DNP'!C35","v":"Solera de nivelación para muros de contención"},null,null,null,null,null,null,null,null,null,null,null,null,null,null,null,null,null,null,"UNIDAD",null,null,null,null,null,"m3"]
[null,"Área/lugar/elemento",null,null,null,null,null,"Longitud (m)",null,null,"Ancho (m)",null,null,"Alto (m)",null,null,"Peso (kg)",null,null,"V. PARCIAL",null,null,"N° DE ELEMENTOS ","UNIDAD ",null,null,"TOTAL"]
[null,"Solera de nivelación en alternativa de muros de tierra estabilizada mecánicamente con paneles de concreto caso de un muro sin talud a borde de vía concreto fc=14MPa",null,null,null,null,null,{"$f":"+$AD$15","v":3},null,null,0.35,null,null,0.15,null,null,null,null,null,{"$f":"IF(OR(AD15=0,AZ15=0),0,N120*K120*H120)","v":0.1575},null,null,0,{"$f":"+AH118","v":"m3"},null,null,{"$f":"+T120*W120","v":0}]
[null,"Solera de nivelación en alternativa de muros de tierra estabilizada mecánicamente con paneles de concreto caso de un muro sin talud a borde de vía -- concreto - caso de un muros con talud inclinado a 30º concreto fc=14MPa",null,null,null,null,null,{"$f":"+$AD$348","v":6},null,null,0.35,null,null,0.15,null,null,null,null,null,{"$f":"IF(OR(AD39=0,AZ39=0),0,N121*K121*H121)","v":0},null,null,0,"m3",null,null,{"$f":"+W121*T121","v":0}]
[null,"Solera de nivelación concreto fc=14MPa para construccion muro de contencion de corona - Relleno Horizontal y sobre carga viva  ",null,null,null,null,null,{"$f":"+$AH$677","v":10},null,null,{"$f":"+VLOOKUP($AR$464,$CR$12:$DS$16,8,0)","v":5.0999999999999996},null,null,0.05,null,null,null,null,null,{"$f":"+N122*K122*H122","v":2.5499999999999998},null,null,0,"m3",null,null,{"$f":"+W122*T122","v":0}]
[null,"Solera de Nivelación concreto fc=14MPa Solera de Nivelación concreto fc=14 MPa para muro de contención de pata",null,null,null,null,null,{"$f":"+$AH$677","v":10},null,null,{"$f":"+VLOOKUP($AR$677,$DV$12:$EC$16,8,0)","v":3},null,null,0.05,null,null,null,null,null,{"$f":"+N123*K123*H123","v":1.5000000000000002},null,null,1,"m3",null,null,{"$f":"+T123*W123","v":1.5000000000000002}]
[null,null,null,null,null,null,null,null,null,null,null,null,null,null,null,null,null,null,null,null,null,null,null,"TOTAL",null,null,{"$f":"SUM(AA120:AC123)","v":1.5000000000000002}]
[]
[null,"Observaciones",null,null,null,null,null,"Indicar en las celdas amarillas la cantidad de muros de cada tipo a implementar especificado en la descripción del Ítem"]
[]
[]
[]
[null,null,null,null,null,null,null,null,null,null,null,null,null,null,null,null,null,null,null,null,null,null,null,null,null,null,null,null,null,null,null,null,null,null,null,null,null,null,null,null,null,null,null,null,null,null,null,null,null,null,"Pag. ____ de ____"]
[]
[]
[null,null,null,"CONTRATISTA",null,null,null,null,null,null,null,null,null,null,null,null,null,null,null,null,null,null,null,null,null,null,null,null,null,null,null,null,null,null,"Vo.Bo. INTERVENTOR"]
[]
[]
[null,null,null,null,null,null,null,null,null,null,null,"PROYECTO TIPO MEJORAMIENTO DE VÍAS TERCIARIAS Tramo 1 km",null,null,null,null,null,null,null,null,null,null,null,null,null,null,"AVAL"]
[]
[]
[null,null,null,null,null,null,null,null,null,null,null,"MEMORIAS DE CANTIDADES"]
[]
[]
[null,"Capítulo",null,null,null,null,null,{"$f":"+'[3] PPTO DNP'!$B$31","v":4},{"$f":"+'[3] PPTO DNP'!$C$31","v":"Construir obras de contención"}]
[null,"Ítem",null,null,null,null,null,{"$f":"+'[3] PPTO DNP'!B36","v":"4.5"},{"$f":"+'[3] PPTO DNP'!C36","v":"Pletina en alternativa de muros de tierra estabilizada mecánicamente con paneles de concreto caso de un muro sin talud a borde de vía"},null,null,null,null,null,null,null,null,null,null,null,null,null,null,null,null,null,null,"UNIDAD",null,null,null,null,null,"m"]
[null,"Área/lugar/elemento",null,null,null,null,null,"Longitud (m)",null,null,"Ancho (m)",null,null,"Alto (m)",null,null,"Cantidad de paneles",null,null,"V. PARCIAL",null,null,"N° DE ELEMENTOS ","UNIDAD ",null,null,"TOTAL"]
[null,"Pletina en alternativa de muros de tierra estabilizada mecánicamente con paneles de concreto caso de un muro sin talud a borde de vía",null,null,null,null,null,{"$f":"+VLOOKUP($AZ$15,$BT$10:$CB$28,9,0)","v":6},null,null,null,null,null,null,null,null,{"$f":"+Q17+Q18+Q19+Q20+Q21+Q22","v":11},null,null,{"$f":"+H145*Q145","v":66},null,null,0,{"$f":"+AH143","v":"m"},null,null,{"$f":"+T145*W145","v":0}]
[null,"Pletinas  para muros de tierra estabilizada mecánicamente con paneles de concreto caso de un muro sin talud a borde de vía -- concreto - caso de un muros con talud inclinado a 30º",null,null,null,null,null,{"$f":"+VLOOKUP($AZ$348,$CF$11:$CN$28,9,0)","v":7},null,null,null,null,null,null,null,null,{"$f":"+Q23+Q24+Q25+Q26+Q27+Q28","v":11},null,null,{"$f":"+H146*Q146","v":77},null,null,0,"m",null,null,{"$f":"+T146*W146","v":0}]
[null,null,null,null,null,null,null,null,null,null,null,null,null,null,null,null,null,null,null,null,null,null,null,"TOTAL",null,null,{"$f":"SUM(AA145:AC146)","v":0}]
[null,"Observaciones",null,null,null,null,null,"Indicar en las celdas amarillas la cantidad de muros de cada tipo a implementar especificado en la descripción del Ítem"]
[]
[]
[]
[null,null,null,null,null,null,null,null,null,null,null,null,null,null,null,null,null,null,null,null,null,null,null,null,null,null,null,null,null,null,null,null,null,null,null,null,null,null,null,null,null,null,null,null,null,null,null,null,null,null,"Pag. ____ de ____"]
[]
[]
[null,null,null,"CONTRATISTA",null,null,null,null,null,null,null,null,null,null,null,null,null,null,null,null,null,null,null,null,null,null,null,null,null,null,null,null,null,null,"Vo.Bo. INTERVENTOR"]
[]
[]
[null,null,null,null,null,null,null,null,null,null,null,"PROYECTO TIPO MEJORAMIENTO DE VÍAS TERCIARIAS Tramo 1 km",null,null,null,null,null,null,null,null,null,null,null,null,null,null,"AVAL"]
[]
[]
[null,null,null,null,null,null,null,null,null,null,null,"MEMORIAS DE CANTIDADES"]
[]
[]
[null,"Capítulo",null,null,null,null,null,{"$f":"+'[3] PPTO DNP'!$B$31","v":4},{"$f":"+'[3] PPTO DNP'!$C$31","v":"Construir obras de contención"}]
[null,"Ítem",null,null,null,null,null,null,null,{"$f":"+'[3] PPTO DNP'!$C$37","v":"Conformación de subrasante para construccion muro de contención"},null,null,null,null,null,null,null,null,null,null,null,null,null,null,null,null,null,"UNIDAD",null,null,null,null,null,"m2"]
[null,null,null,null,null,null,null,null,null,{"$f":"+'[3] PPTO DNP'!B37","v":"4.6"}]
[]
[null,"Área/lugar/elemento",null,null,null,null,null,"Longitud (m)",null,null,"Ancho (m)",null,null,"Alto (m)",null,null,"Peso (kg)",null,null,"V. PARCIAL",null,null,"N° DE ELEMENTOS ","UNIDAD ",null,null,"TOTAL"]
[null,"Conformacion de sub rasante para construccion muro de contencion de corona - Relleno Horizontal y sobre carga viva  ",null,null,null,null,null,{"$f":"+$AH$464","v":1},null,null,{"$f":"+VLOOKUP($AR$464,$CR$12:$DS$16,8,0)","v":5.0999999999999996},null,null,null,null,null,null,null,null,{"$f":"K169*H169","v":5.0999999999999996},null,null,0,{"$f":"+$AH$165","v":"m2"},null,null,{"$f":"+T169*W169","v":0}]
[null,"Conformación de subrasante para muro de contención de pata",null,null,null,null,null,{"$f":"+$AH$677","v":10},null,null,{"$f":"+VLOOKUP($AR$677,$DV$12:$EC$16,8,0)","v":3},null,null,null,null,null,null,null,null,{"$f":"K170*H170","v":30},null,null,1,{"$f":"+$AH$165","v":"m2"},null,null,{"$f":"+T170*W170","v":30}]
[null,"Conformación de subrasante para muro en gavión con sobrecarga",null,null,null,null,null,{"$f":"+$AP$893","v":2},null,null,{"$f":"+VLOOKUP($AD$893,$FC$9:$FH$11,3,0)","v":5},null,null,null,null,null,null,null,null,{"$f":"+H171*K171","v":10},null,null,0,{"$f":"+$AH$165","v":"m2"},null,null,{"$f":"+T171*W171","v":0}]
[null,"Conformación de subrasante para muro en gavión sin sobrecarga",null,null,null,null,null,{"$f":"+$AP$979","v":2},null,null,{"$f":"+VLOOKUP($AD$893,$BT$1183:$BY$1184,3,0)","v":4},null,null,null,null,null,null,null,null,{"$f":"+H172*K172","v":8},null,null,0,{"$f":"+$AH$165","v":"m2"},null,null,{"$f":"+T172*W172","v":0}]
[null,null,null,null,null,null,null,null,null,null,null,null,null,null,null,null,null,null,null,null,null,null,null,"TOTAL",null,null,{"$f":"SUM(AA169:AC172)","v":30}]
[]
[null,"Observaciones",null,null,null,null,null,"Indicar en las celdas amarillas la cantidad de muros de cada tipo a implementar especificado en la descripción del Ítem"]
[]
[]
[]
[null,null,null,null,null,null,null,null,null,null,null,null,null,null,null,null,null,null,null,null,null,null,null,null,null,null,null,null,null,null,null,null,null,null,null,null,null,null,null,null,null,null,null,null,null,null,null,null,null,null,"Pag. ____ de ____"]
[]
[]
[null,null,null,"CONTRATISTA",null,null,null,null,null,null,null,null,null,null,null,null,null,null,null,null,null,null,null,null,null,null,null,null,null,null,null,null,null,null,"Vo.Bo. INTERVENTOR"]
[]
[]
[null,null,null,null,null,null,null,null,null,null,null,"PROYECTO TIPO MEJORAMIENTO DE VÍAS TERCIARIAS Tramo 1 km",null,null,null,null,null,null,null,null,null,null,null,null,null,null,"AVAL"]
[]
[]
[null,null,null,null,null,null,null,null,null,null,null,"MEMORIAS DE CANTIDADES"]
[]
[]
[null,"Capítulo",null,null,null,null,null,{"$f":"+'[3] PPTO DNP'!$B$31","v":4},{"$f":"+'[3] PPTO DNP'!$C$31","v":"Construir obras de contención"}]
[null,"Ítem",null,null,null,null,null,null,null,{"$f":"+'[3] PPTO DNP'!$C$38","v":"Acero de refuerzo fy=420 Mpa para construccion muro de contencion "},null,null,null,null,null,null,null,null,null,null,null,null,null,null,null,null,null,"UNIDAD",null,null,null,null,null,"kg"]
[null,{"$f":"+'[3] PPTO DNP'!$B$38","v":"4.7"}]
[]
[null,"Área/lugar/elemento",null,null,null,null,null,"Longitud (m)",null,null,"Diametro (\")",null,null,"Separación (m)",null,null,"Peso (kg)",null,null,"V. PARCIAL",null,null,"N° DE ELEMENTOS ","UNIDAD ",null,null,"TOTAL",null,null,"No Muros"]
[null,"Varilla A Acero de refuerzo fy=420 Mpa para construccion muro de contencion de corona - Relleno Horizontal y sobre carga viva  ",null,null,null,null,null,{"$f":"+VLOOKUP($AR$464,$CR$12:$DS$16,11,0)","v":5.5},null,null,{"$f":"+VLOOKUP($AR$464,$CR$12:$DS$16,9,0)","v":"3/4\""},null,null,{"$f":"+VLOOKUP($AR$464,$CR$12:$DS$16,10,0)","v":0.1},null,null,{"$f":"+VLOOKUP(K196,$EA$20:$EB$34,2,0)","v":2.25},null,null,{"$f":"+Q196*H196","v":12.375},null,null,{"$f":"IF(H196>0,+ROUNDUP(($AH$464-0.075*2)/N196,0)+1,0)","v":10},{"$f":"+$AH$745","v":"kg"},null,null,{"$f":"+W196*T196*AD196","v":0},null,null,0]
[null,"Varilla B Acero de refuerzo fy=420 Mpa para construccion muro de contencion de corona - Relleno Horizontal y sobre carga viva  ",null,null,null,null,null,{"$f":"+VLOOKUP($AR$464,$CR$12:$DS$16,14,0)","v":5.6},null,null,{"$f":"+VLOOKUP($AR$464,$CR$12:$DS$16,12,0)","v":"3/4\""},null,null,{"$f":"+VLOOKUP($AR$464,$CR$12:$DS$16,13,0)","v":0.1},null,null,2.25,null,null,12.6,null,null,10,"kg",null,null,0,null,null,0]
[null,"Varilla C Acero de refuerzo fy=420 Mpa para construccion muro de contencion de corona - Relleno Horizontal y sobre carga viva  ",null,null,null,null,null,{"$f":"+VLOOKUP($AR$464,$CR$12:$DS$16,17,0)","v":7.15},null,null,{"$f":"+VLOOKUP($AR$464,$CR$12:$DS$16,15,0)","v":"3/4\""},null,null,{"$f":"+VLOOKUP($AR$464,$CR$12:$DS$16,16,0)","v":0.3},null,null,2.25,null,null,16.087500000000002,null,null,4,"kg",null,null,0,null,null,0]
[null,"Varilla D Acero de refuerzo fy=420 Mpa para construccion muro de contencion de corona - Relleno Horizontal y sobre carga viva  ",null,null,null,null,null,{"$f":"+VLOOKUP($AR$464,$CR$12:$DS$16,20,0)","v":5.65},null,null,{"$f":"+VLOOKUP($AR$464,$CR$12:$DS$16,18,0)","v":"3/4\""},null,null,{"$f":"+VLOOKUP($AR$464,$CR$12:$DS$16,19,0)","v":0.3},null,null,2.25,null,null,12.7125,null,null,4,"kg",null,null,0,null,null,0]
[null,"Varilla E Acero de refuerzo fy=420 Mpa para construccion muro de contencion de corona - Relleno Horizontal y sobre carga viva  ",null,null,null,null,null,{"$f":"+VLOOKUP($AR$464,$CR$12:$DS$16,23,0)","v":5},null,null,{"$f":"+VLOOKUP($AR$464,$CR$12:$DS$16,21,0)","v":"3/4\""},null,null,{"$f":"+VLOOKUP($AR$464,$CR$12:$DS$16,22,0)","v":0.3},null,null,2.25,null,null,11.25,null,null,4,"kg",null,null,0,null,null,0]
[null,"Varilla F Acero de refuerzo fy=420 Mpa para construccion muro de contencion de corona - Relleno Horizontal y sobre carga viva  ",null,null,null,null,null,{"$f":"+VLOOKUP($AR$464,$CR$12:$DS$16,26,0)","v":7.1},null,null,{"$f":"+VLOOKUP($AR$464,$CR$12:$DS$16,24,0)","v":"1/2\""},null,null,{"$f":"+VLOOKUP($AR$464,$CR$12:$DS$16,25,0)","v":0.2},null,null,1,null,null,7.1,null,null,6,"kg",null,null,0,null,null,0]
[null,"Zapata Acero de refuerzo fy=420 Mpa para construccion muro de contencion de corona - Relleno Horizontal y sobre carga viva  ",null,null,null,null,null,{"$f":"+$AH$464-(0.075*2)","v":0.85},null,null,{"$f":"+VLOOKUP($AR$464,$CR$12:$DS$16,27,0)","v":"1/2\""},null,null,{"$f":"+VLOOKUP($AR$464,$CR$12:$DS$16,28,0)","v":0.2},null,null,1,null,null,{"$f":"+Q202*H202+0.4","v":1.25},null,null,{"$f":"+(ROUND((((VLOOKUP($AR$464,$CR$12:$DS$16,8,0)))-(0.075*2))/N202,0)+1)*2","v":52},"kg",null,null,0,null,null,0]
[null,"Muro Acero de refuerzo fy=420 Mpa para construccion muro de contencion de corona - Relleno Horizontal y sobre carga viva  ",null,null,null,null,null,{"$f":"+$AH$464-(0.075*2)","v":0.85},null,null,{"$f":"+VLOOKUP($AR$464,$CR$12:$DS$16,27,0)","v":"1/2\""},null,null,{"$f":"+VLOOKUP($AR$464,$CR$12:$DS$16,28,0)","v":0.2},null,null,1,null,null,{"$f":"+Q203*H203+0.4","v":1.25},null,null,{"$f":"+(ROUND((((VLOOKUP($AR$464,$CR$12:$DS$16,8,0)))-(0.075*2))/N203,0)+1)*2","v":52},"kg",null,null,0,null,null,0]
[null,"Varilla A   Acero de refuerzo fy=420 Mpa para muro de contención de pata",null,null,null,null,null,{"$f":"+VLOOKUP($AR$677,$DV$12:$FA$16,11,0)","v":3.1},null,null,"1/2\"",null,null,{"$f":"+VLOOKUP($AR$677,$DV$12:$FA$16,10,0)","v":0.25},null,null,1,null,null,{"$f":"+Q204*H204","v":3.1},null,null,{"$f":"IF(H204>0,+ROUNDUP(($AH$677-0.075*2)/N204,0)+1,0)","v":41},"kg",null,null,{"$f":"+W204*T204*AD204","v":127.10000000000001},null,null,1]
[null,"Varilla B Acero de refuerzo fy=420 Mpa para muro de contención de pata",null,null,null,null,null,{"$f":"+VLOOKUP($AR$677,$DV$12:$FA$16,15,0)","v":3.2},null,null,"5/8\"",null,null,{"$f":"+VLOOKUP($AR$677,$DV$12:$FA$16,13,0)","v":0.15},null,null,1.5625,null,null,5,null,null,67,"kg",null,null,335,null,null,1]
[null,"Varilla C Acero de refuerzo fy=420 Mpa para muro de contención de pata",null,null,null,null,null,{"$f":"+VLOOKUP($AR$677,$DV$12:$FA$16,18,0)","v":4.0999999999999996},null,null,"5/8\"",null,null,{"$f":"+VLOOKUP($AR$677,$DV$12:$FA$16,17,0)","v":0.25},null,null,1.5625,null,null,6.4062499999999991,null,null,41,"kg",null,null,262.65624999999994,null,null,1]
[null,"Varilla D Acero de refuerzo fy=420 Mpa para muro de contención de pata",null,null,null,null,null,{"$f":"+VLOOKUP($AR$677,$DV$12:$FA$16,21,0)","v":3.05},null,null,"5/8\"",null,null,{"$f":"+VLOOKUP($AR$677,$DV$12:$FA$16,20,0)","v":0.25},null,null,1.5625,null,null,4.765625,null,null,41,"kg",null,null,195.390625,null,null,1]
[null,"Varilla E Acero de refuerzo fy=420 Mpa para muro de contención de pata",null,null,null,null,null,{"$f":"+VLOOKUP($AR$677,$DV$12:$FA$16,24,0)","v":0},null,null,0,null,null,{"$f":"+VLOOKUP($AR$677,$DV$12:$FA$16,23,0)","v":0},null,null,0,null,null,0,null,null,0,"kg",null,null,0,null,null,1]
[null,"Varilla F Acero de refuerzo fy=420 Mpa para muro de contención de pata",null,null,null,null,null,{"$f":"+VLOOKUP($AR$677,$DV$12:$FA$16,27,0)","v":4.0999999999999996},null,null,"1/2\"",null,null,{"$f":"+VLOOKUP($AR$677,$DV$12:$FA$16,26,0)","v":0.25},null,null,1,null,null,4.0999999999999996,null,null,41,"kg",null,null,168.1,null,null,1]
[null,"Varilla G Acero de refuerzo fy=420 Mpa para muro de contención de pata",null,null,null,null,null,{"$f":"+VLOOKUP($AR$677,$DV$12:$FA$16,30,0)","v":2.2999999999999998},null,null,"5/8\"",null,null,{"$f":"+VLOOKUP($AR$677,$DV$12:$FA$16,29,0)","v":0.2},null,null,1.5625,null,null,3.5937499999999996,null,null,51,"kg",null,null,183.28124999999997,null,null,1]
[null,"Zapata Acero de refuerzo fy=420 Mpa para muro de contención de pata",null,null,null,null,null,{"$f":"$AH$677-(0.075*2)","v":9.85},null,null,"1/2\"",null,null,{"$f":"+VLOOKUP($AR$677,$DV$12:$FA$16,32,0)","v":0.25},null,null,1,null,null,{"$f":"+Q211*H211+0.4","v":10.25},null,null,41,"kg",null,null,420.25,null,null,1]
[null,"Dentellon Acero de refuerzo fy=420 Mpa para muro de contención de pata",null,null,null,null,null,{"$f":"$AH$677-(0.075*2)","v":9.85},null,null,"1/2\"",null,null,{"$f":"+VLOOKUP($AR$677,$DV$12:$FA$16,32,0)","v":0.25},null,null,1,null,null,{"$f":"+Q212*H212+0.4","v":10.25},null,null,41,"kg",null,null,420.25,null,null,1]
[null,"Muro Acero de refuerzo fy=420 Mpa para muro de contención de pata",null,null,null,null,null,{"$f":"$AH$677-(0.075*2)","v":9.85},null,null,"1/2\"",null,null,{"$f":"+VLOOKUP($AR$677,$DV$12:$FA$16,32,0)","v":0.25},null,null,1,null,null,{"$f":"+Q213*H213+0.4","v":10.25},null,null,41,"kg",null,null,420.25,null,null,1]
[]
[null,null,null,null,null,null,null,null,null,null,null,null,null,null,null,null,null,null,null,null,null,null,null,"TOTAL",null,null,{"$f":"SUM(AA196:AC213)","v":2532.2781249999998}]
[]
[null,"Observaciones",null,null,null,null,null,"Indicar en las celdas amarillas la cantidad de muros de cada tipo a implementar especificado en la descripción del Ítem"]
[]
[]
[]
[null,null,null,null,null,null,null,null,null,null,null,null,null,null,null,null,null,null,null,null,null,null,null,null,null,null,null,null,null,null,null,null,null,null,null,null,null,null,null,null,null,null,null,null,null,null,null,null,null,null,"Pag. ____ de ____"]
[]
[]
[null,null,null,"CONTRATISTA",null,null,null,null,null,null,null,null,null,null,null,null,null,null,null,null,null,null,null,null,null,null,null,null,null,null,null,null,null,null,"Vo.Bo. INTERVENTOR"]
[]
[]
[null,null,null,null,null,null,null,null,null,null,null,"PROYECTO TIPO MEJORAMIENTO DE VÍAS TERCIARIAS Tramo 1 km",null,null,null,null,null,null,null,null,null,null,null,null,null,null,"AVAL"]
[]
[]
[null,null,null,null,null,null,null,null,null,null,null,"MEMORIAS DE CANTIDADES"]
[]
[]
[null,"Capítulo",null,null,null,null,null,{"$f":"+'[3] PPTO DNP'!$B$31","v":4},{"$f":"+'[3] PPTO DNP'!$C$31","v":"Construir obras de contención"}]
[null,"Ítem",null,null,null,null,null,null,null,{"$f":"+'[3] PPTO DNP'!$C$39","v":"Concreto f'c=21 MPa para construccion muro de contención"},null,null,null,null,null,null,null,null,null,null,null,null,null,null,null,null,null,"UNIDAD",null,null,null,null,null,"m3"]
[null,null,null,null,null,null,null,null,null,{"$f":"+'[3] PPTO DNP'!$B$39","v":"4.8"}]
[]
[null,"Área/lugar/elemento",null,null,null,null,null,"Base 1(m)",null,null,"Ancho (m)",null,null,"Alto (m)",null,null,"Base 2 (m)",null,null,"V. PARCIAL",null,null,"N° DE ELEMENTOS ","UNIDAD ",null,null,"TOTAL"]
[null,"Zapata Concreto f'c=21MPa para construccion muro de contencion de corona - Relleno Horizontal y sobre carga viva  ",null,null,null,null,null,{"$f":"+VLOOKUP($AR$464,$CR$12:$DS$16,8,0)","v":5.0999999999999996},null,null,{"$f":"+$AH$464","v":1},null,null,{"$f":"+VLOOKUP($AR$464,$CR$12:$DS$16,6,0)","v":0.7},null,null,null,null,null,{"$f":"+H238*K238*N238","v":3.5699999999999994},null,null,0,{"$f":"$AH$565","v":"m3"},null,null,{"$f":"+T238*W238","v":0}]
[null,"Muro Concreto f'c=21MPa para construccion muro de contencion de corona - Relleno Horizontal y sobre carga viva  ",null,null,null,null,null,{"$f":"+VLOOKUP($AR$464,$CR$12:$DS$16,8,0)-VLOOKUP($AR$464,$CR$12:$DS$16,5,0)-VLOOKUP($AR$464,$CR$12:$DS$16,2,0)","v":0.69999999999999973},null,null,{"$f":"+$AH$464","v":1},null,null,{"$f":"+VLOOKUP($AR$464,$CR$12:$DS$16,7,0)","v":6.3},null,null,{"$f":"+VLOOKUP($AR$464,$CR$12:$DS$16,3,0)","v":0.3},null,null,{"$f":"+((H239+Q239)/2)*N239*K239","v":3.149999999999999},null,null,0,{"$f":"$AH$565","v":"m3"},null,null,{"$f":"+T239*W239","v":0}]
[null,"Zapata Concreto f'c=21MPa para muro de contención de pata",null,null,null,null,null,{"$f":"+VLOOKUP($AR$677,$DV$12:$FA$16,8,0)","v":3},null,null,{"$f":"+$AH$677","v":10},null,null,{"$f":"+VLOOKUP($AR$677,$DV$12:$FA$16,6,0)","v":0.5},null,null,null,null,null,{"$f":"+H240*K240*N240","v":15},null,null,1,{"$f":"+$AH$778","v":"m3"},null,null,{"$f":"+T240*W240","v":15}]
[null,"Dentellon Concreto f'c=21MPa para muro de contención de pata",null,null,null,null,null,0.4,null,null,{"$f":"+$AH$677","v":10},null,null,0.6,null,null,{"$f":"+VLOOKUP($AR$677,$DV$12:$FA$16,8,0)-VLOOKUP($AR$677,$DV$12:$FA$16,5,0)-VLOOKUP($AR$677,$DV$12:$FA$16,2,0)","v":0.5},null,null,{"$f":"+((H241+Q241)/2)*N241*K241","v":2.7},null,null,1,{"$f":"+$AH$778","v":"m3"},null,null,{"$f":"+T241*W241","v":2.7}]
[null,"Muro Concreto f'c=21MPa para muro de contención de pata",null,null,null,null,null,{"$f":"+VLOOKUP($AR$677,$DV$12:$FA$16,8,0)-VLOOKUP($AR$677,$DV$12:$FA$16,5,0)-VLOOKUP($AR$677,$DV$12:$FA$16,2,0)","v":0.5},null,null,{"$f":"+$AH$677","v":10},null,null,{"$f":"+VLOOKUP($AR$677,$DV$12:$FA$16,7,0)","v":3.5},null,null,{"$f":"+VLOOKUP($AR$677,$DV$12:$FA$16,3,0)","v":0.3},null,null,{"$f":"+((H242+Q242)/2)*N242*K242","v":14.000000000000002},null,null,1,{"$f":"+$AH$778","v":"m3"},null,null,{"$f":"+T242*W242","v":14.000000000000002}]
[null,null,null,null,null,null,null,null,null,null,null,null,null,null,null,null,null,null,null,null,null,null,null,"TOTAL",null,null,{"$f":"+SUM(AA238:AC242)","v":31.700000000000003}]
[]
[null,"Observaciones",null,null,null,null,null,"Indicar en las celdas amarillas la cantidad de muros de cada tipo a implementar especificado en la descripción del Ítem"]
[]
[]
[]
[null,null,null,null,null,null,null,null,null,null,null,null,null,null,null,null,null,null,null,null,null,null,null,null,null,null,null,null,null,null,null,null,null,null,null,null,null,null,null,null,null,null,null,null,null,null,null,null,null,null,"Pag. ____ de ____"]
[]
[]
[null,null,null,"CONTRATISTA",null,null,null,null,null,null,null,null,null,null,null,null,null,null,null,null,null,null,null,null,null,null,null,null,null,null,null,null,null,null,"Vo.Bo. INTERVENTOR"]
[]
[]
[null,null,null,null,null,null,null,null,null,null,null,"PROYECTO TIPO MEJORAMIENTO DE VÍAS TERCIARIAS Tramo 1 km",null,null,null,null,null,null,null,null,null,null,null,null,null,null,"AVAL"]
[]
[]
[null,null,null,null,null,null,null,null,null,null,null,"MEMORIAS DE CANTIDADES"]
[]
[]
[null,"Capítulo",null,null,null,null,null,{"$f":"+'[3] PPTO DNP'!$B$31","v":4},{"$f":"+'[3] PPTO DNP'!$C$31","v":"Construir obras de contención"}]
[null,"Ítem",null,null,null,null,null,null,null,{"$f":"+'[3] PPTO DNP'!$C$40","v":"Geotextil NT 1600 para construccion muro de contención"},null,null,null,null,null,null,null,null,null,null,null,null,null,null,null,null,null,"UNIDAD",null,null,null,null,null,"m2"]
[null,null,null,null,null,null,null,null,null,{"$f":"+'[3] PPTO DNP'!$B$40","v":"4.9"}]
[]
[null,"Área/lugar/elemento",null,null,null,null,null,"Longitud (m)",null,null,"Ancho (m)",null,null,"Alto (m)",null,null,"Peso (kg)",null,null,"V. PARCIAL",null,null,"N° DE MUROS","UNIDAD ",null,null,"TOTAL"]
[null,"Geotextil NT 1600 para construccion muro de contencion de corona - Relleno Horizontal y sobre carga viva  ",null,null,null,null,null,{"$f":"+VLOOKUP($AR$464,$CR$11:$DT$16,7,0)+0.6","v":6.8999999999999995},null,null,{"$f":"+$AH$464","v":1},null,null,null,null,null,null,null,null,{"$f":"+K266*H266","v":6.8999999999999995},null,null,0,{"$f":"+$AH$262","v":"m2"},null,null,{"$f":"+T266*W266","v":0}]
[null,"Geotextil NT 1600 Geotextil NT 1600 para muro de contención de pata",null,null,null,null,null,{"$f":"+VLOOKUP($AR$677,$DV$12:$FA$16,7,0)+0.6","v":4.0999999999999996},null,null,{"$f":"+$AH$677","v":10},null,null,null,null,null,null,null,null,{"$f":"+K267*H267","v":41},null,null,1,{"$f":"+$AH$262","v":"m2"},null,null,{"$f":"+T267*W267","v":41}]
[null,"Geotextil NT 1600 Geotextil NT 1600  para muro en gavion con sobrecarga",null,null,null,null,null,{"$f":"+$AP$893","v":2},null,null,{"$f":"+VLOOKUP($AD$893,$FC$9:$FH$11,3,0)","v":5},null,null,{"$f":"+VLOOKUP($AD$893,$FC$9:$FH$11,2,0)","v":4},null,null,null,null,null,{"$f":"+H268*K268+N268*H268","v":18},null,null,0,{"$f":"+$AH$262","v":"m2"},null,null,{"$f":"+T268*W268","v":0}]
[null,"Geotextil NT 1600  para muro en gavión sin sobrecarga",null,null,null,null,null,{"$f":"+$AP$893","v":2},null,null,{"$f":"+VLOOKUP($AD$893,$FC$9:$FH$11,3,0)","v":5},null,null,{"$f":"+VLOOKUP($AD$893,$FC$9:$FH$11,2,0)","v":4},null,null,null,null,null,{"$f":"+H269*K269+N269*H269","v":18},null,null,0,{"$f":"+$AH$262","v":"m2"},null,null,{"$f":"+T269*W269","v":0}]
[null,null,null,null,null,null,null,null,null,null,null,null,null,null,null,null,null,null,null,null,null,null,null,"TOTAL",null,null,{"$f":"+SUM(AA266:AC269)","v":41}]
[]
[null,"Observaciones",null,null,null,null,null,"Indicar en las celdas amarillas la cantidad de muros de cada tipo a implementar especificado en la descripción del Ítem"]
[]
[]
[]
[null,null,null,null,null,null,null,null,null,null,null,null,null,null,null,null,null,null,null,null,null,null,null,null,null,null,null,null,null,null,null,null,null,null,null,null,null,null,null,null,null,null,null,null,null,null,null,null,null,null,"Pag. ____ de ____"]
[]
[]
[null,null,null,"CONTRATISTA",null,null,null,null,null,null,null,null,null,null,null,null,null,null,null,null,null,null,null,null,null,null,null,null,null,null,null,null,null,null,"Vo.Bo. INTERVENTOR"]
[]
[]
[null,null,null,null,null,null,null,null,null,null,null,"PROYECTO TIPO MEJORAMIENTO DE VÍAS TERCIARIAS Tramo 1 km",null,null,null,null,null,null,null,null,null,null,null,null,null,null,"AVAL"]
[]
[]
[null,null,null,null,null,null,null,null,null,null,null,"MEMORIAS DE CANTIDADES"]
[]
[]
[null,"Capítulo",null,null,null,null,null,{"$f":"+'[3] PPTO DNP'!$B$31","v":4},{"$f":"+'[3] PPTO DNP'!$C$31","v":"Construir obras de contención"}]
[null,"Ítem",null,null,null,null,null,null,null,{"$f":"+'[3] PPTO DNP'!C41","v":"Relleno en material filtrante para construccion muro de contención"},null,null,null,null,null,null,null,null,null,null,null,null,null,null,null,null,null,"UNIDAD",null,null,null,null,null,"m3"]
[null,null,null,null,null,null,null,null,null,{"$f":"+'[3] PPTO DNP'!B41","v":"4.10"}]
[]
[null,"Área/lugar/elemento",null,null,null,null,null,"Longitud (m)",null,null,"Ancho (m)",null,null,"Alto (m)",null,null,"Peso (kg)",null,null,"V. PARCIAL",null,null,"N° DE ELEMENTOS ","UNIDAD ",null,null,"TOTAL"]
[null,"Relleno en material filtrante para construccion muro de contencion de corona - Relleno Horizontal y sobre carga viva  ",null,null,null,null,null,{"$f":"+$AH$464","v":1},null,null,0.3,null,null,{"$f":"+VLOOKUP($AR$464,$CR$12:$DS$16,7,0)","v":6.3},null,null,null,null,null,{"$f":"+N293*K293*H293","v":1.89},null,null,0,{"$f":"+$AH$289","v":"m3"},null,null,{"$f":"+T293*W293","v":0}]
[null,"Relleno en material filtrante para muro de contención de pata",null,null,null,null,null,{"$f":"+$AH$677","v":10},null,null,0.3,null,null,{"$f":"+VLOOKUP($AR$677,$DV$12:$FA$16,7,0)","v":3.5},null,null,null,null,null,{"$f":"+N294*K294*H294","v":10.5},null,null,1,{"$f":"+$AH$289","v":"m3"},null,null,{"$f":"+T294*W294","v":10.5}]
[null,null,null,null,null,null,null,null,null,null,null,null,null,null,null,null,null,null,null,null,null,null,null,"TOTAL",null,null,{"$f":"+SUM(AA293:AC294)","v":10.5}]
[]
[null,"Observaciones",null,null,null,null,null,"Indicar en las celdas amarillas la cantidad de muros de cada tipo a implementar especificado en la descripción del Ítem"]
[]
[]
[]
[null,null,null,null,null,null,null,null,null,null,null,null,null,null,null,null,null,null,null,null,null,null,null,null,null,null,null,null,null,null,null,null,null,null,null,null,null,null,null,null,null,null,null,null,null,null,null,null,null,null,"Pag. ____ de ____"]
[]
[]
[null,null,null,"CONTRATISTA",null,null,null,null,null,null,null,null,null,null,null,null,null,null,null,null,null,null,null,null,null,null,null,null,null,null,null,null,null,null,"Vo.Bo. INTERVENTOR"]
[]
[]
[null,null,null,null,null,null,null,null,null,null,null,"PROYECTO TIPO MEJORAMIENTO DE VÍAS TERCIARIAS Tramo 1 km",null,null,null,null,null,null,null,null,null,null,null,null,null,null,"AVAL"]
[]
[]
[null,null,null,null,null,null,null,null,null,null,null,"MEMORIAS DE CANTIDADES"]
[]
[]
[null,"Capítulo",null,null,null,null,null,{"$f":"+'[3] PPTO DNP'!$B$31","v":4},{"$f":"+'[3] PPTO DNP'!$C$31","v":"Construir obras de contención"}]
[null,"Ítem",null,null,null,null,null,null,null,{"$f":"+'[3] PPTO DNP'!$C$42","v":"Suministro e instalación de gaviones prefabricados"},null,null,null,null,null,null,null,null,null,null,null,null,null,null,null,null,null,"UNIDAD",null,null,null,null,null,"m3"]
[null,null,null,null,null,null,null,null,null,{"$f":"+'[3] PPTO DNP'!$B$42","v":"4.11"}]
[]
[null,"Área/lugar/elemento",null,null,null,null,null,"Longitud (m)",null,null,"Ancho (m)",null,null,"Alto (m)",null,null,"N° DE ELEMENTOS ",null,null,"V. PARCIAL",null,null,"No. De Elementos","UNIDAD ",null,null,"TOTAL",null,null,"No. Muros"]
[null,"Elemento A Suministro e instalación de gaviones prefabricados (incluye, malla, piedra, tirantes y formaleta)  para muro modulares prefabricados en gavion con sobrecarga",null,null,null,null,null,{"$f":"+$AP$893","v":2},null,null,1,null,null,1,null,null,{"$f":"+VLOOKUP($AD$893,$FC$10:$FH$11,5,0)*($AP$893/2)","v":14},null,null,{"$f":"+N318*K318*H318","v":2},null,null,0,{"$f":"+$AH$314","v":"m3"},null,null,{"$f":"+Q318*T318*AD318","v":0},null,null,0]
[null,"Elemento B Suministro e instalación de gaviones prefabricados (incluye, malla, piedra, tirantes y formaleta)  para muro modulares prefabricados en gavion con sobrecarga",null,null,null,null,null,{"$f":"+$AP$893","v":2},null,null,1,null,null,0.5,null,null,{"$f":"+VLOOKUP($AD$893,$FC$10:$FH$11,6,0)*($AP$893/2)","v":0},null,null,{"$f":"+N319*K319*H319","v":1},null,null,0,{"$f":"+$AH$314","v":"m3"},null,null,{"$f":"+Q319*T319*AD319","v":0},null,null,0]
[null,"Elemento A Suministro e instalación de gaviones prefabricados (incluye, malla, piedra, tirantes y formaleta)  para muro modulares prefabricados en gavión sin sobrecarga",null,null,null,null,null,{"$f":"+$AP$979","v":2},null,null,1,null,null,1,null,null,null,null,null,{"$f":"+N320*K320*H320","v":2},null,null,{"$f":"+VLOOKUP($AD$979,$BT$1183:$BY$1184,5,0)*($AP$979/2)","v":10},{"$f":"+$AH$314","v":"m3"},null,null,{"$f":"+W320*T320*AD320","v":0},null,null,0]
[null,"Elemento B Suministro e instalación de gaviones prefabricados (incluye, malla, piedra, tirantes y formaleta)  para muro modulares prefabricados en gavión sin sobrecarga",null,null,null,null,null,{"$f":"+$AP$979","v":2},null,null,1,null,null,0.5,null,null,null,null,null,{"$f":"+N321*K321*H321","v":1},null,null,{"$f":"+VLOOKUP($AD$979,$BT$1183:$BY$1184,6,0)*($AP$979/2)","v":1},{"$f":"+$AH$314","v":"m3"},null,null,{"$f":"+W321*T321*AD321","v":0},null,null,0]
[]
[null,null,null,null,null,null,null,null,null,null,null,null,null,null,null,null,null,null,null,null,null,null,null,"TOTAL",null,null,{"$f":"SUM(AA318:AC321)","v":0}]
[]
[null,"Observaciones",null,null,null,null,null,"Indicar en las celdas amarillas la cantidad de muros de cada tipo a implementar especificado en la descripción del Ítem"]
[]
[]
[]
[null,null,null,null,null,null,null,null,null,null,null,null,null,null,null,null,null,null,null,null,null,null,null,null,null,null,null,null,null,null,null,null,null,null,null,null,null,null,null,null,null,null,null,null,null,null,null,null,null,null,"Pag. ____ de ____"]
[]
[]
[null,null,null,"CONTRATISTA",null,null,null,null,null,null,null,null,null,null,null,null,null,null,null,null,null,null,null,null,null,null,null,null,null,null,null,null,null,null,"Vo.Bo. INTERVENTOR"]
[]
[]
[]
[]
[]
[]
[]
[]
[]
[null,"MEMORIAS DE CANTIDADES DE OBRA"]
[null,"MUROS DE CONTENCIÓN"]
[]
[]
[null,"Capítulo",null,null,null,null,null,{"$f":"+'[3] PPTO DNP'!$B$31","v":4},{"$f":"+'[3] PPTO DNP'!$C$31","v":"Construir obras de contención"}]
[null,"Ítem",null,null,null,null,null,{"$f":"+'[3] PPTO DNP'!B37","v":"4.6"},{"$f":"+'[3] PPTO DNP'!C37","v":"Conformación de subrasante para construccion muro de contención"},null,null,null,null,null,null,null,null,null,null,null,null,null,null,null,null,null,null,"UNIDAD",null,null,null,null,null,"m2"]
[null,null,null,null,null,null,null,null,null,null,null,null,null,null,null,null,null,null,null,null,null,null,null,null,null,null,null,"Long muro (m)",null,6,null,null,null,"m",null,null,null,null,null,null,null,"h",null,null,null,null,null,null,null,null,null,"7.295 - 8.045",null,null,null,null,null,null,"m"]
[null,"Área/lugar/elemento",null,null,null,null,null,"Longitud (m)",null,null,"Ancho (m)",null,null,"Alto (m)",null,null,"Peso (kg)",null,null,"V. PARCIAL",null,null,"N° DE MUROS","UNIDAD ",null,null,"TOTAL"]
[]
[]
[]
[]
[]
[]
[]
[null,"TOTAL",null,null,null,null,null,null,null,null,null,null,null,null,null,null,null,null,null,null,null,null,null,null,null,null,{"$f":"SUM(AA23:AC28)","v":0}]
[]
[null,"Observaciones"]
[]
[]
[]
[null,null,null,null,null,null,null,null,null,null,null,null,null,null,null,null,null,null,null,null,null,null,null,null,null,null,null,null,null,null,null,null,null,null,null,null,null,null,null,null,null,null,null,null,null,null,null,null,null,null,"Pag. ____ de ____"]
[]
[]
[null,null,null,"CONTRATISTA",null,null,null,null,null,null,null,null,null,null,null,null,null,null,null,null,null,null,null,null,null,null,null,null,null,null,null,null,null,null,"Vo.Bo. INTERVENTOR"]
[]
[]
[]
[null,"MEMORIAS DE CANTIDADES DE OBRA"]
[null,"MUROS DE CONTENCIÓN"]
[]
[]
[null,"Capítulo",null,null,null,null,null,{"$f":"+'[3] PPTO DNP'!$B$31","v":4},{"$f":"+'[3] PPTO DNP'!$C$31","v":"Construir obras de contención"}]
[null,"Ítem",null,null,null,null,null,null,null,null,null,null,null,null,null,null,null,null,null,null,null,null,null,null,null,null,null,"UNIDAD",null,null,null,null,null,"m3"]
[null,{"$f":"+'[3] PPTO DNP'!B38","v":"4.7"},null,null,null,null,null,null,null,{"$f":"+'[3] PPTO DNP'!C38","v":"Acero de refuerzo fy=420 Mpa para construccion muro de contencion "}]
[]
[null,"Área/lugar/elemento",null,null,null,null,null,"Longitud (m)",null,null,"Ancho (m)",null,null,"Alto (m)",null,null,"Peso (kg)",null,null,"V. PARCIAL",null,null,"N° DE ELEMENTOS ","UNIDAD ",null,null,"TOTAL"]
[]
[null,null,null,null,null,null,null,null,null,null,null,null,null,null,null,null,null,null,null,null,null,null,null,"TOTAL",null,null,{"$f":"+SUM(AA69)","v":0}]
[]
[null,"Observaciones"]
[]
[]
[]
[null,null,null,null,null,null,null,null,null,null,null,null,null,null,null,null,null,null,null,null,null,null,null,null,null,null,null,null,null,null,null,null,null,null,null,null,null,null,null,null,null,null,null,null,null,null,null,null,null,null,"Pag. ____ de ____"]
[]
[]
[null,null,null,"CONTRATISTA",null,null,null,null,null,null,null,null,null,null,null,null,null,null,null,null,null,null,null,null,null,null,null,null,null,null,null,null,null,null,"Vo.Bo. INTERVENTOR"]
[]
[]
[null,"MEMORIAS DE CANTIDADES DE OBRA"]
[null,"MUROS DE CONTENCIÓN"]
[]
[]
[null,"Capítulo",null,null,null,null,null,{"$f":"+'[3] PPTO DNP'!$B$31","v":4},{"$f":"+'[3] PPTO DNP'!$C$31","v":"Construir obras de contención"}]
[null,"Ítem",null,null,null,null,null,null,null,{"$f":"+'[3] PPTO DNP'!$C$39","v":"Concreto f'c=21 MPa para construccion muro de contención"},null,null,null,null,null,null,null,null,null,null,null,null,null,null,null,null,null,"UNIDAD",null,null,null,null,null,"m3"]
[null,{"$f":"+'[3] PPTO DNP'!B39","v":"4.8"}]
[]
[null,"Área/lugar/elemento",null,null,null,null,null,"Longitud (m)",null,null,"Ancho (m)",null,null,"Alto (m)",null,null,"Peso (kg)",null,null,"V. PARCIAL",null,null,"N° DE ELEMENTOS ","UNIDAD ",null,null,"TOTAL"]
[null,"Relleno Granular (Según especificación 680P",null,null,null,null,null,{"$f":"+$AD$348","v":6},null,null,{"$f":"+VLOOKUP($AZ$348,$CF$11:$CN$28,9,0)","v":7},null,null,{"$f":"+MID($AZ$348,1,5)","v":"7.295"},null,null,null,null,null,{"$f":"+N401*K401*H401","v":306390},null,null,0,{"$f":"+AH397","v":"m3"},null,null,{"$f":"+W401*T401","v":0}]
[null,null,null,null,null,null,null,null,null,null,null,null,null,null,null,null,null,null,null,null,null,null,null,"TOTAL",null,null,{"$f":"+AA401","v":0}]
[]
[null,"Observaciones"]
[]
[]
[]
[null,null,null,null,null,null,null,null,null,null,null,null,null,null,null,null,null,null,null,null,null,null,null,null,null,null,null,null,null,null,null,null,null,null,null,null,null,null,null,null,null,null,null,null,null,null,null,null,null,null,"Pag. ____ de ____"]
[]
[]
[null,null,null,"CONTRATISTA",null,null,null,null,null,null,null,null,null,null,null,null,null,null,null,null,null,null,null,null,null,null,null,null,null,null,null,null,null,null,"Vo.Bo. INTERVENTOR"]
[]
[]
[null,"MEMORIAS DE CANTIDADES DE OBRA"]
[null,"MUROS DE CONTENCIÓN"]
[]
[]
[null,"Capítulo",null,null,null,null,null,{"$f":"+'[3] PPTO DNP'!$B$31","v":4},{"$f":"+'[3] PPTO DNP'!$C$31","v":"Construir obras de contención"}]
[null,"Ítem",null,null,null,null,null,null,null,{"$f":"+'[3] PPTO DNP'!$C$40","v":"Geotextil NT 1600 para construccion muro de contención"},null,null,null,null,null,null,null,null,null,null,null,null,null,null,null,null,null,"UNIDAD",null,null,null,null,null,"m3"]
[null,{"$f":"+'[3] PPTO DNP'!B40","v":"4.9"}]
[]
[null,"Área/lugar/elemento",null,null,null,null,null,"Longitud (m)",null,null,"Ancho (m)",null,null,"Alto (m)",null,null,"Peso (kg)",null,null,"V. PARCIAL",null,null,"N° DE ELEMENTOS ","UNIDAD ",null,null,"TOTAL"]
[null,"Solera de Nivelación concreto fc=14MPa",null,null,null,null,null,{"$f":"+$AD$348","v":6},null,null,0.35,null,null,0.15,null,null,null,null,null,{"$f":"IF(OR(AD348=0,AZ348=0),0,N423*K423*H423)","v":0.315},null,null,0,{"$f":"+AH419","v":"m3"},null,null,{"$f":"+W423*T423","v":0}]
[null,null,null,null,null,null,null,null,null,null,null,null,null,null,null,null,null,null,null,null,null,null,null,"TOTAL",null,null,{"$f":"+AA423","v":0}]
[]
[null,"Observaciones"]
[]
[]
[]
[null,null,null,null,null,null,null,null,null,null,null,null,null,null,null,null,null,null,null,null,null,null,null,null,null,null,null,null,null,null,null,null,null,null,null,null,null,null,null,null,null,null,null,null,null,null,null,null,null,null,"Pag. ____ de ____"]
[]
[]
[null,null,null,"CONTRATISTA",null,null,null,null,null,null,null,null,null,null,null,null,null,null,null,null,null,null,null,null,null,null,null,null,null,null,null,null,null,null,"Vo.Bo. INTERVENTOR"]
[]
[]
[null,"MEMORIAS DE CANTIDADES DE OBRA"]
[null,"MUROS DE CONTENCIÓN"]
[]
[]
[null,"Capítulo",null,null,null,null,null,{"$f":"+'[3] PPTO DNP'!$B$31","v":4},{"$f":"+'[3] PPTO DNP'!$C$31","v":"Construir obras de contención"}]
[null,"Ítem",null,null,null,null,null,{"$f":"+'[3] PPTO DNP'!B41","v":"4.10"},null,{"$f":"+'[3] PPTO DNP'!$C$41","v":"Relleno en material filtrante para construccion muro de contención"},null,null,null,null,null,null,null,null,null,null,null,null,null,null,null,null,null,"UNIDAD",null,null,null,null,null,"m"]
[]
[]
[null,"Área/lugar/elemento",null,null,null,null,null,"Longitud (m)",null,null,"Ancho (m)",null,null,"Alto (m)",null,null,"Peso (kg)",null,null,"V. PARCIAL",null,null,"N° DE ELEMENTOS ","UNIDAD ",null,null,"TOTAL"]
[null,"Pletinas",null,null,null,null,null,{"$f":"+VLOOKUP($AZ$348,$CF$11:$CN$28,9,0)","v":7},null,null,null,null,null,44,null,null,null,null,null,{"$f":"+IF(OR(AD348=0,AZ348=0),0,H445)","v":7},null,null,1,{"$f":"+AH441","v":"m"},null,null,{"$f":"+N445*T445*W445","v":308}]
[null,null,null,null,null,null,null,null,null,null,null,null,null,null,null,null,null,null,null,null,null,null,null,"TOTAL",null,null,{"$f":"SUM(AA445)","v":308}]
[]
[null,"Observaciones"]
[]
[]
[]
[null,null,null,null,null,null,null,null,null,null,null,null,null,null,null,null,null,null,null,null,null,null,null,null,null,null,null,null,null,null,null,null,null,null,null,null,null,null,null,null,null,null,null,null,null,null,null,null,null,null,"Pag. ____ de ____"]
[]
[]
[null,null,null,"CONTRATISTA",null,null,null,null,null,null,null,null,null,null,null,null,null,null,null,null,null,null,null,null,null,null,null,null,null,null,null,null,null,null,"Vo.Bo. INTERVENTOR"]
[]
[]
[null,"MEMORIAS DE CANTIDADES DE OBRA"]
[null,"MUROS DE CONTENCIÓN"]
[]
[]
[null,"Capítulo",null,null,null,null,null,{"$f":"+'[3] PPTO DNP'!$B$31","v":4},{"$f":"+'[3] PPTO DNP'!$C$31","v":"Construir obras de contención"}]
[null,"Ítem",null,null,null,null,null,{"$f":"+'[3] PPTO DNP'!B42","v":"4.11"},null,{"$f":"+'[3] PPTO DNP'!$C$42","v":"Suministro e instalación de gaviones prefabricados"},null,null,null,null,null,null,null,null,null,null,null,null,null,null,null,null,null,"UNIDAD",null,null,null,null,null,"m3"]
[null,null,null,null,null,null,null,null,null,null,null,null,null,null,null,null,null,null,null,null,null,null,null,null,null,null,null,"Longitud (m)",null,null,null,null,null,1,null,null,null,"Altura (m)",null,null,null,null,null,7]
[]
[null,"Área/lugar/elemento",null,null,null,null,null,"Longitud (m)",null,null,"Ancho (m)",null,null,"Alto (m)",null,null,"Peso (kg)",null,null,"V. PARCIAL",null,null,"N° DE ELEMENTOS ","UNIDAD ",null,null,"TOTAL"]
[]
[]
[null,null,null,null,null,null,null,null,null,null,null,null,null,null,null,null,null,null,null,null,null,null,null,"TOTAL",null,null,{"$f":"+AA467","v":0}]
[]
[null,"Observaciones"]
[]
[]
[]
[null,null,null,null,null,null,null,null,null,null,null,null,null,null,null,null,null,null,null,null,null,null,null,null,null,null,null,null,null,null,null,null,null,null,null,null,null,null,null,null,null,null,null,null,null,null,null,null,null,null,"Pag. ____ de ____"]
[]
[]
[null,null,null,"CONTRATISTA",null,null,null,null,null,null,null,null,null,null,null,null,null,null,null,null,null,null,null,null,null,null,null,null,null,null,null,null,null,null,"Vo.Bo. INTERVENTOR"]
[]
[]
[null,"MEMORIAS DE CANTIDADES DE OBRA"]
[null,"MUROS DE CONTENCIÓN"]
[]
[]
[null,"Capítulo",null,null,null,null,null,{"$f":"+'[3] PPTO DNP'!$B$31","v":4},{"$f":"+'[3] PPTO DNP'!$C$31","v":"Construir obras de contención"}]
[null,"Ítem",null,null,null,null,null,null,null,{"$f":"+'[3] PPTO DNP'!#REF!","v":{"$error":"#REF!"}},null,null,null,null,null,null,null,null,null,null,null,null,null,null,null,null,null,"UNIDAD",null,null,null,null,null,"m2"]
[null,{"$f":"+'[3] PPTO DNP'!#REF!","v":{"$error":"#REF!"}}]
[]
[null,"Área/lugar/elemento",null,null,null,null,null,"Longitud (m)",null,null,"Ancho (m)",null,null,"Alto (m)",null,null,"Peso (kg)",null,null,"V. PARCIAL",null,null,"N° DE ELEMENTOS ","UNIDAD ",null,null,"TOTAL"]
[null,"Conformacion de sub rasante",null,null,null,null,null,{"$f":"+$AH$464","v":1},null,null,{"$f":"+VLOOKUP($AR$464,$CR$12:$DS$16,8,0)","v":5.0999999999999996},null,null,null,null,null,null,null,null,{"$f":"K490*H490","v":5.0999999999999996},null,null,0,{"$f":"+AH486","v":"m2"},null,null,{"$f":"+T490*W490","v":0}]
[]
[null,null,null,null,null,null,null,null,null,null,null,null,null,null,null,null,null,null,null,null,null,null,null,"TOTAL",null,null,{"$f":"+AA490","v":0}]
[]
[null,"Observaciones"]
[]
[]
[]
[null,null,null,null,null,null,null,null,null,null,null,null,null,null,null,null,null,null,null,null,null,null,null,null,null,null,null,null,null,null,null,null,null,null,null,null,null,null,null,null,null,null,null,null,null,null,null,null,null,null,"Pag. ____ de ____"]
[]
[]
[null,null,null,"CONTRATISTA",null,null,null,null,null,null,null,null,null,null,null,null,null,null,null,null,null,null,null,null,null,null,null,null,null,null,null,null,null,null,"Vo.Bo. INTERVENTOR"]
[]
[]
[null,"MEMORIAS DE CANTIDADES DE OBRA"]
[null,"MUROS DE CONTENCIÓN"]
[]
[]
[null,"Capítulo",null,null,null,null,null,{"$f":"+'[3] PPTO DNP'!$B$31","v":4},{"$f":"+'[3] PPTO DNP'!$C$31","v":"Construir obras de contención"}]
[null,"Ítem",null,null,null,null,null,{"$f":"+'[3] PPTO DNP'!#REF!","v":{"$error":"#REF!"}},null,{"$f":"+'[3] PPTO DNP'!#REF!","v":{"$error":"#REF!"}},null,null,null,null,null,null,null,null,null,null,null,null,null,null,null,null,null,"UNIDAD",null,null,null,null,null,"m3"]
[]
[]
[null,"Área/lugar/elemento",null,null,null,null,null,"Longitud (m)",null,null,"Ancho (m)",null,null,"Alto (m)",null,null,"Peso (kg)",null,null,"V. PARCIAL",null,null,"N° DE ELEMENTOS ","UNIDAD ",null,null,"TOTAL"]
[null,"Solera de Nivelación concreto fc=14MPa",null,null,null,null,null,{"$f":"+$AH$677","v":10},null,null,{"$f":"+VLOOKUP($AR$464,$CR$12:$DS$16,8,0)","v":5.0999999999999996},null,null,0.05,null,null,null,null,null,{"$f":"+N513*K513*H513","v":2.5499999999999998},null,null,0,{"$f":"+AH509","v":"m3"},null,null,{"$f":"+T513*W513","v":0}]
[]
[null,null,null,null,null,null,null,null,null,null,null,null,null,null,null,null,null,null,null,null,null,null,null,"TOTAL",null,null,{"$f":"+AA513","v":0}]
[]
[null,"Observaciones"]
[]
[]
[]
[null,null,null,null,null,null,null,null,null,null,null,null,null,null,null,null,null,null,null,null,null,null,null,null,null,null,null,null,null,null,null,null,null,null,null,null,null,null,null,null,null,null,null,null,null,null,null,null,null,null,"Pag. ____ de ____"]
[]
[]
[null,null,null,"CONTRATISTA",null,null,null,null,null,null,null,null,null,null,null,null,null,null,null,null,null,null,null,null,null,null,null,null,null,null,null,null,null,null,"Vo.Bo. INTERVENTOR"]
[]
[]
[null,"MEMORIAS DE CANTIDADES DE OBRA"]
[null,"MUROS DE CONTENCIÓN"]
[]
[]
[null,"Capítulo",null,null,null,null,null,{"$f":"+'[3] PPTO DNP'!$B$31","v":4},{"$f":"+'[3] PPTO DNP'!$C$31","v":"Construir obras de contención"}]
[null,"Ítem",null,null,null,null,null,{"$f":"+'[3] PPTO DNP'!#REF!","v":{"$error":"#REF!"}},null,{"$f":"+'[3] PPTO DNP'!#REF!","v":{"$error":"#REF!"}},null,null,null,null,null,null,null,null,null,null,null,null,null,null,null,null,null,"UNIDAD",null,null,null,null,null,"kg"]
[]
[]
[null,"Área/lugar/elemento",null,null,null,null,null,"Longitud (m)",null,null,"Diametro (\")",null,null,"Separación (m)",null,null,"Peso (kg)",null,null,"V. PARCIAL",null,null,"N° DE ELEMENTOS ","UNIDAD ",null,null,"TOTAL",null,null,"No Muros"]
[null,"Varilla A",null,null,null,null,null,{"$f":"+VLOOKUP($AR$464,$CR$12:$DS$16,11,0)","v":5.5},null,null,{"$f":"+VLOOKUP($AR$464,$CR$12:$DS$16,9,0)","v":"3/4\""},null,null,{"$f":"+VLOOKUP($AR$464,$CR$12:$DS$16,10,0)","v":0.1},null,null,{"$f":"+VLOOKUP(K536,$EA$20:$EB$34,2,0)","v":2.25},null,null,{"$f":"+Q536*H536","v":12.375},null,null,{"$f":"IF(H536>0,+ROUNDUP(($AH$464-0.075*2)/N536,0)+1,0)","v":10},{"$f":"+$AH$745","v":"kg"},null,null,{"$f":"+W536*T536*AD536","v":123.75},null,null,1]
[null,"Varilla B",null,null,null,null,null,{"$f":"+VLOOKUP($AR$464,$CR$12:$DS$16,14,0)","v":5.6},null,null,{"$f":"+VLOOKUP($AR$464,$CR$12:$DS$16,12,0)","v":"3/4\""},null,null,{"$f":"+VLOOKUP($AR$464,$CR$12:$DS$16,13,0)","v":0.1},null,null,2.25,null,null,12.6,null,null,10,"kg",null,null,126,null,null,1]
[null,"Varilla C",null,null,null,null,null,{"$f":"+VLOOKUP($AR$464,$CR$12:$DS$16,17,0)","v":7.15},null,null,{"$f":"+VLOOKUP($AR$464,$CR$12:$DS$16,15,0)","v":"3/4\""},null,null,{"$f":"+VLOOKUP($AR$464,$CR$12:$DS$16,16,0)","v":0.3},null,null,2.25,null,null,16.087500000000002,null,null,4,"kg",null,null,64.350000000000009,null,null,1]
[null,"Varilla D",null,null,null,null,null,{"$f":"+VLOOKUP($AR$464,$CR$12:$DS$16,20,0)","v":5.65},null,null,{"$f":"+VLOOKUP($AR$464,$CR$12:$DS$16,18,0)","v":"3/4\""},null,null,{"$f":"+VLOOKUP($AR$464,$CR$12:$DS$16,19,0)","v":0.3},null,null,2.25,null,null,12.7125,null,null,4,"kg",null,null,50.85,null,null,1]
[null,"Varilla E",null,null,null,null,null,{"$f":"+VLOOKUP($AR$464,$CR$12:$DS$16,23,0)","v":5},null,null,{"$f":"+VLOOKUP($AR$464,$CR$12:$DS$16,21,0)","v":"3/4\""},null,null,{"$f":"+VLOOKUP($AR$464,$CR$12:$DS$16,22,0)","v":0.3},null,null,2.25,null,null,11.25,null,null,4,"kg",null,null,45,null,null,1]
[null,"Varilla F",null,null,null,null,null,{"$f":"+VLOOKUP($AR$464,$CR$12:$DS$16,26,0)","v":7.1},null,null,{"$f":"+VLOOKUP($AR$464,$CR$12:$DS$16,24,0)","v":"1/2\""},null,null,{"$f":"+VLOOKUP($AR$464,$CR$12:$DS$16,25,0)","v":0.2},null,null,1,null,null,7.1,null,null,6,"kg",null,null,42.599999999999994,null,null,1]
[]
[null,"Zapata",null,null,null,null,null,{"$f":"+$AH$464-(0.075*2)","v":0.85},null,null,{"$f":"+VLOOKUP($AR$464,$CR$12:$DS$16,27,0)","v":"1/2\""},null,null,{"$f":"+VLOOKUP($AR$464,$CR$12:$DS$16,28,0)","v":0.2},null,null,{"$f":"+VLOOKUP(K543,$EA$20:$EB$34,2,0)","v":1},null,null,{"$f":"+Q543*H543+0.4","v":1.25},null,null,{"$f":"+(ROUND((((VLOOKUP($AR$464,$CR$12:$DS$16,8,0)))-(0.075*2))/N543,0)+1)*2","v":52},{"$f":"+$AH$745","v":"kg"},null,null,{"$f":"+W543*T543*AD543","v":65},null,null,1]
[]
[null,"Muro",null,null,null,null,null,{"$f":"+$AH$464-(0.075*2)","v":0.85},null,null,{"$f":"+VLOOKUP($AR$464,$CR$12:$DS$16,27,0)","v":"1/2\""},null,null,{"$f":"+VLOOKUP($AR$464,$CR$12:$DS$16,28,0)","v":0.2},null,null,{"$f":"+VLOOKUP(K545,$EA$20:$EB$34,2,0)","v":1},null,null,{"$f":"+Q545*H545+0.4","v":1.25},null,null,{"$f":"+(ROUND((((VLOOKUP($AR$464,$CR$12:$DS$16,8,0)))-(0.075*2))/N545,0)+1)*2","v":52},{"$f":"+$AH$745","v":"kg"},null,null,{"$f":"+W545*T545*AD545","v":65},null,null,1]
[]
[]
[null,null,null,null,null,null,null,null,null,null,null,null,null,null,null,null,null,null,null,null,null,null,null,"TOTAL",null,null,{"$f":"SUM(AA536:AC545)","v":582.55000000000007}]
[]
[null,"Observaciones"]
[]
[]
[]
[null,null,null,null,null,null,null,null,null,null,null,null,null,null,null,null,null,null,null,null,null,null,null,null,null,null,null,null,null,null,null,null,null,null,null,null,null,null,null,null,null,null,null,null,null,null,null,null,null,null,"Pag. ____ de ____"]
[]
[]
[null,null,null,"CONTRATISTA",null,null,null,null,null,null,null,null,null,null,null,null,null,null,null,null,null,null,null,null,null,null,null,null,null,null,null,null,null,null,"Vo.Bo. INTERVENTOR"]
[]
[]
[null,"MEMORIAS DE CANTIDADES DE OBRA"]
[null,"MUROS DE CONTENCIÓN"]
[]
[]
[null,"Capítulo",null,null,null,null,null,{"$f":"+'[3] PPTO DNP'!$B$31","v":4},{"$f":"+'[3] PPTO DNP'!$C$31","v":"Construir obras de contención"}]
[null,"Ítem",null,null,null,null,null,{"$f":"+'[3] PPTO DNP'!#REF!","v":{"$error":"#REF!"}},null,{"$f":"+'[3] PPTO DNP'!#REF!","v":{"$error":"#REF!"}},null,null,null,null,null,null,null,null,null,null,null,null,null,null,null,null,null,"UNIDAD",null,null,null,null,null,"m3"]
[]
[]
[null,"Área/lugar/elemento",null,null,null,null,null,"Base 1(m)",null,null,"Ancho (m)",null,null,"Alto (m)",null,null,"Base 2 (m)",null,null,"V. PARCIAL",null,null,"N° DE ELEMENTOS ","UNIDAD ",null,null,"TOTAL"]
[null,"Zapata",null,null,null,null,null,{"$f":"+VLOOKUP($AR$464,$CR$12:$DS$16,8,0)","v":5.0999999999999996},null,null,{"$f":"+$AH$464","v":1},null,null,{"$f":"+VLOOKUP($AR$464,$CR$12:$DS$16,6,0)","v":0.7},null,null,null,null,null,{"$f":"+H569*K569*N569","v":3.5699999999999994},null,null,0,{"$f":"$AH$565","v":"m3"},null,null,{"$f":"+T569*W569","v":0}]
[null,"Muro",null,null,null,null,null,{"$f":"+VLOOKUP($AR$464,$CR$12:$DS$16,8,0)-VLOOKUP($AR$464,$CR$12:$DS$16,5,0)-VLOOKUP($AR$464,$CR$12:$DS$16,2,0)","v":0.69999999999999973},null,null,{"$f":"+$AH$464","v":1},null,null,{"$f":"+VLOOKUP($AR$464,$CR$12:$DS$16,7,0)","v":6.3},null,null,{"$f":"+VLOOKUP($AR$464,$CR$12:$DS$16,3,0)","v":0.3},null,null,{"$f":"+((H570+Q570)/2)*N570*K570","v":3.149999999999999},null,null,0,{"$f":"$AH$565","v":"m3"},null,null,{"$f":"+T570*W570","v":0}]
[null,null,null,null,null,null,null,null,null,null,null,null,null,null,null,null,null,null,null,null,null,null,null,"TOTAL",null,null,{"$f":"+SUM(AA569:AC570)","v":0}]
[]
[null,"Observaciones"]
[]
[]
[]
[null,null,null,null,null,null,null,null,null,null,null,null,null,null,null,null,null,null,null,null,null,null,null,null,null,null,null,null,null,null,null,null,null,null,null,null,null,null,null,null,null,null,null,null,null,null,null,null,null,null,"Pag. ____ de ____"]
[]
[]
[null,null,null,"CONTRATISTA",null,null,null,null,null,null,null,null,null,null,null,null,null,null,null,null,null,null,null,null,null,null,null,null,null,null,null,null,null,null,"Vo.Bo. INTERVENTOR"]
[]
[]
[null,"MEMORIAS DE CANTIDADES DE OBRA"]
[null,"MUROS DE CONTENCIÓN"]
[]
[]
[null,"Capítulo",null,null,null,null,null,{"$f":"+'[3] PPTO DNP'!$B$31","v":4},{"$f":"+'[3] PPTO DNP'!$C$31","v":"Construir obras de contención"}]
[null,"Ítem",null,null,null,null,null,null,null,{"$f":"+'[3] PPTO DNP'!#REF!","v":{"$error":"#REF!"}},null,null,null,null,null,null,null,null,null,null,null,null,null,null,null,null,null,"UNIDAD",null,null,null,null,null,"m2"]
[null,{"$f":"+'[3] PPTO DNP'!#REF!","v":{"$error":"#REF!"}}]
[]
[null,"Área/lugar/elemento",null,null,null,null,null,"Longitud (m)",null,null,"Ancho (m)",null,null,"Alto (m)",null,null,"Peso (kg)",null,null,"V. PARCIAL",null,null,"N° DE MUROS","UNIDAD ",null,null,"TOTAL"]
[null,"Geotextil NT 1600",null,null,null,null,null,{"$f":"+VLOOKUP($AR$464,$CR$11:$DT$16,7,0)+0.6","v":6.8999999999999995},null,null,{"$f":"+$AH$464","v":1},null,null,null,null,null,null,null,null,{"$f":"+K592*H592","v":6.8999999999999995},null,null,0,{"$f":"+AH588","v":"m2"},null,null,{"$f":"+T592*W592","v":0}]
[null,null,null,null,null,null,null,null,null,null,null,null,null,null,null,null,null,null,null,null,null,null,null,"TOTAL",null,null,{"$f":"+SUM(AA592)","v":0}]
[]
[null,"Observaciones"]
[]
[]
[]
[null,null,null,null,null,null,null,null,null,null,null,null,null,null,null,null,null,null,null,null,null,null,null,null,null,null,null,null,null,null,null,null,null,null,null,null,null,null,null,null,null,null,null,null,null,null,null,null,null,null,"Pag. ____ de ____"]
[]
[]
[null,null,null,"CONTRATISTA",null,null,null,null,null,null,null,null,null,null,null,null,null,null,null,null,null,null,null,null,null,null,null,null,null,null,null,null,null,null,"Vo.Bo. INTERVENTOR"]
[]
[]
[null,"MEMORIAS DE CANTIDADES DE OBRA"]
[null,"MUROS DE CONTENCIÓN"]
[]
[]
[null,"Capítulo",null,null,null,null,null,{"$f":"+'[3] PPTO DNP'!$B$31","v":4},{"$f":"+'[3] PPTO DNP'!$C$31","v":"Construir obras de contención"}]
[null,"Ítem",null,null,null,null,null,null,null,{"$f":"+'[3] PPTO DNP'!#REF!","v":{"$error":"#REF!"}},null,null,null,null,null,null,null,null,null,null,null,null,null,null,null,null,null,"UNIDAD",null,null,null,null,null,"m"]
[null,{"$f":"+'[3] PPTO DNP'!#REF!","v":{"$error":"#REF!"}}]
[]
[null,"Área/lugar/elemento",null,null,null,null,null,"Longitud (m)",null,null,"Ancho (m)",null,null,"Alto (m)",null,null,"Peso (kg)",null,null,"V. PARCIAL",null,null,"N° DE ELEMENTOS ","UNIDAD ",null,null,"TOTAL"]
[null,"Tuberia de drenaje 4\"",null,null,null,null,null,{"$f":"+$AH$464","v":1},null,null,null,null,null,null,null,null,null,null,null,{"$f":"+H614","v":1},null,null,0,{"$f":"+AH610","v":"m"},null,null,{"$f":"+T614*W614","v":0}]
[null,null,null,null,null,null,null,null,null,null,null,null,null,null,null,null,null,null,null,null,null,null,null,"TOTAL",null,null,{"$f":"+SUM(AA614:AC614)","v":0}]
[]
[null,"Observaciones"]
[]
[]
[]
[null,null,null,null,null,null,null,null,null,null,null,null,null,null,null,null,null,null,null,null,null,null,null,null,null,null,null,null,null,null,null,null,null,null,null,null,null,null,null,null,null,null,null,null,null,null,null,null,null,null,"Pag. ____ de ____"]
[]
[]
[null,null,null,"CONTRATISTA",null,null,null,null,null,null,null,null,null,null,null,null,null,null,null,null,null,null,null,null,null,null,null,null,null,null,null,null,null,null,"Vo.Bo. INTERVENTOR"]
[]
[]
[null,"MEMORIAS DE CANTIDADES DE OBRA"]
[null,"MUROS DE CONTENCIÓN"]
[]
[]
[null,"Capítulo",null,null,null,null,null,{"$f":"+'[3] PPTO DNP'!$B$31","v":4},{"$f":"+'[3] PPTO DNP'!$C$31","v":"Construir obras de contención"}]
[null,"Ítem",null,null,null,null,null,null,null,{"$f":"+'[3] PPTO DNP'!#REF!","v":{"$error":"#REF!"}},null,null,null,null,null,null,null,null,null,null,null,null,null,null,null,null,null,"UNIDAD",null,null,null,null,null,"m3"]
[null,{"$f":"+'[3] PPTO DNP'!#REF!","v":{"$error":"#REF!"}}]
[]
[null,"Área/lugar/elemento",null,null,null,null,null,"Longitud (m)",null,null,"Ancho (m)",null,null,"Alto (m)",null,null,"Peso (kg)",null,null,"V. PARCIAL",null,null,"N° DE ELEMENTOS ","UNIDAD ",null,null,"TOTAL"]
[null,"Relleno material filtrante",null,null,null,null,null,{"$f":"+$AH$464","v":1},null,null,0.3,null,null,{"$f":"+VLOOKUP($AR$464,$CR$12:$DS$16,7,0)","v":6.3},null,null,null,null,null,{"$f":"+N636*K636*H636","v":1.89},null,null,0,{"$f":"+AH632","v":"m3"},null,null,{"$f":"+T636*W636","v":0}]
[null,null,null,null,null,null,null,null,null,null,null,null,null,null,null,null,null,null,null,null,null,null,null,"TOTAL",null,null,{"$f":"+SUM(AA636:AC636)","v":0}]
[]
[null,"Observaciones"]
[]
[]
[]
[null,null,null,null,null,null,null,null,null,null,null,null,null,null,null,null,null,null,null,null,null,null,null,null,null,null,null,null,null,null,null,null,null,null,null,null,null,null,null,null,null,null,null,null,null,null,null,null,null,null,"Pag. ____ de ____"]
[]
[]
[null,null,null,"CONTRATISTA",null,null,null,null,null,null,null,null,null,null,null,null,null,null,null,null,null,null,null,null,null,null,null,null,null,null,null,null,null,null,"Vo.Bo. INTERVENTOR"]
[]
[]
[null,"MEMORIAS DE CANTIDADES DE OBRA"]
[null,"MUROS DE CONTENCIÓN"]
[]
[]
[null,"Capítulo",null,null,null,null,null,{"$f":"+'[3] PPTO DNP'!$B$31","v":4},{"$f":"+'[3] PPTO DNP'!$C$31","v":"Construir obras de contención"}]
[null,"Ítem",null,null,null,null,null,{"$f":"+'[3] PPTO DNP'!#REF!","v":{"$error":"#REF!"}},null,{"$f":"+'[3] PPTO DNP'!#REF!","v":{"$error":"#REF!"}},null,null,null,null,null,null,null,null,null,null,null,null,null,null,null,null,null,"UNIDAD",null,null,null,null,null,"m3"]
[]
[]
[null,"Área/lugar/elemento",null,null,null,null,null,"Longitud (m)",null,null,"Ancho (m)",null,null,"Alto (m)",null,null,"Peso (kg)",null,null,"V. PARCIAL",null,null,"N° DE ELEMENTOS ","UNIDAD ",null,null,"TOTAL"]
[null,"Relleno granular",null,null,null,null,null,{"$f":"+$AH$464","v":1},null,null,{"$f":"+VLOOKUP($AR$464,$CR$12:$DS$16,5,0)","v":3},null,null,{"$f":"+VLOOKUP($AR$464,$CR$11:$DT$16,7,0)","v":6.3},null,null,null,null,null,{"$f":"+N658*K658*H658","v":18.899999999999999},null,null,0,{"$f":"+AH654","v":"m3"},null,null,{"$f":"+T658*W658","v":0}]
[null,null,null,null,null,null,null,null,null,null,null,null,null,null,null,null,null,null,null,null,null,null,null,"TOTAL",null,null,{"$f":"+SUM(AA658:AC658)","v":0}]
[]
[null,"Observaciones"]
[]
[]
[]
[null,null,null,null,null,null,null,null,null,null,null,null,null,null,null,null,null,null,null,null,null,null,null,null,null,null,null,null,null,null,null,null,null,null,null,null,null,null,null,null,null,null,null,null,null,null,null,null,null,null,"Pag. ____ de ____"]
[]
[]
[null,null,null,"CONTRATISTA",null,null,null,null,null,null,null,null,null,null,null,null,null,null,null,null,null,null,null,null,null,null,null,null,null,null,null,null,null,null,"Vo.Bo. INTERVENTOR"]
[]
[]
[null,"MEMORIAS DE CANTIDADES DE OBRA"]
[null,"MUROS DE CONTENCIÓN"]
[]
[]
[null,"Capítulo",null,null,null,null,null,{"$f":"+'[3] PPTO DNP'!$B$31","v":4},{"$f":"+'[3] PPTO DNP'!$C$31","v":"Construir obras de contención"}]
[null,"Ítem",null,null,null,null,null,{"$f":"+'[3] PPTO DNP'!#REF!","v":{"$error":"#REF!"}},null,{"$f":"+'[3] PPTO DNP'!#REF!","v":{"$error":"#REF!"}},null,null,null,null,null,null,null,null,null,null,null,null,null,null,null,null,null,"UNIDAD",null,null,null,null,null,"m3"]
[null,null,null,null,null,null,null,null,null,null,null,null,null,null,null,null,null,null,null,null,null,null,null,null,null,null,null,"Longitud (m)",null,null,null,null,null,10,null,null,null,"Altura (m)",null,null,null,null,null,4]
[]
[null,"Área/lugar/elemento",null,null,null,null,null,"Longitud (m)",null,null,"Ancho (m)",null,null,"Alto (m)",null,null,"Peso (kg)",null,null,"V. PARCIAL",null,null,"N° DE ELEMENTOS ","UNIDAD ",null,null,"TOTAL"]
[]
[]
[null,null,null,null,null,null,null,null,null,null,null,null,null,null,null,null,null,null,null,null,null,null,null,"TOTAL",null,null,{"$f":"+AA71","v":120}]
[]
[null,"Observaciones"]
[]
[]
[]
[null,null,null,null,null,null,null,null,null,null,null,null,null,null,null,null,null,null,null,null,null,null,null,null,null,null,null,null,null,null,null,null,null,null,null,null,null,null,null,null,null,null,null,null,null,null,null,null,null,null,"Pag. ____ de ____"]
[]
[]
[null,null,null,"CONTRATISTA",null,null,null,null,null,null,null,null,null,null,null,null,null,null,null,null,null,null,null,null,null,null,null,null,null,null,null,null,null,null,"Vo.Bo. INTERVENTOR"]
[]
[]
[null,"MEMORIAS DE CANTIDADES DE OBRA"]
[null,"MUROS DE CONTENCIÓN"]
[]
[]
[null,"Capítulo",null,null,null,null,null,{"$f":"+'[3] PPTO DNP'!$B$31","v":4},{"$f":"+'[3] PPTO DNP'!$C$31","v":"Construir obras de contención"}]
[null,"Ítem",null,null,null,null,null,{"$f":"+'[3] PPTO DNP'!#REF!","v":{"$error":"#REF!"}},null,{"$f":"+'[3] PPTO DNP'!#REF!","v":{"$error":"#REF!"}},null,null,null,null,null,null,null,null,null,null,null,null,null,null,null,null,null,"UNIDAD",null,null,null,null,null,"m3"]
[]
[]
[null,"Área/lugar/elemento",null,null,null,null,null,"Longitud (m)",null,null,"Ancho (m)",null,null,"Alto (m)",null,null,"Peso (kg)",null,null,"V. PARCIAL",null,null,"N° DE ELEMENTOS ","UNIDAD ",null,null,"TOTAL"]
[null,"Conformacion de sub rasante",null,null,null,null,null,{"$f":"+$AH$677","v":10},null,null,{"$f":"+VLOOKUP($AR$677,$DV$12:$EC$16,8,0)","v":3},null,null,null,null,null,null,null,null,{"$f":"K703*H703","v":30},null,null,null,{"$f":"+AH699","v":"m3"},null,null,{"$f":"+T703","v":30}]
[]
[null,null,null,null,null,null,null,null,null,null,null,null,null,null,null,null,null,null,null,null,null,null,null,"TOTAL",null,null,{"$f":"+AA703","v":30}]
[]
[null,"Observaciones"]
[]
[]
[]
[null,null,null,null,null,null,null,null,null,null,null,null,null,null,null,null,null,null,null,null,null,null,null,null,null,null,null,null,null,null,null,null,null,null,null,null,null,null,null,null,null,null,null,null,null,null,null,null,null,null,"Pag. ____ de ____"]
[]
[]
[null,null,null,"CONTRATISTA",null,null,null,null,null,null,null,null,null,null,null,null,null,null,null,null,null,null,null,null,null,null,null,null,null,null,null,null,null,null,"Vo.Bo. INTERVENTOR"]
[]
[]
[null,"MEMORIAS DE CANTIDADES DE OBRA"]
[null,"MUROS DE CONTENCIÓN"]
[]
[]
[null,"Capítulo",null,null,null,null,null,{"$f":"+'[3] PPTO DNP'!$B$31","v":4},{"$f":"+'[3] PPTO DNP'!$C$31","v":"Construir obras de contención"}]
[null,"Ítem",null,null,null,null,null,{"$f":"+'[3] PPTO DNP'!#REF!","v":{"$error":"#REF!"}},null,{"$f":"+'[3] PPTO DNP'!#REF!","v":{"$error":"#REF!"}},null,null,null,null,null,null,null,null,null,null,null,null,null,null,null,null,null,"UNIDAD",null,null,null,null,null,"m3"]
[]
[]
[null,"Área/lugar/elemento",null,null,null,null,null,"Longitud (m)",null,null,"Ancho (m)",null,null,"Alto (m)",null,null,"Peso (kg)",null,null,"V. PARCIAL",null,null,"N° DE ELEMENTOS ","UNIDAD ",null,null,"TOTAL"]
[null,"Solera de Nivelación concreto fc=14MPa",null,null,null,null,null,{"$f":"+$AH$677","v":10},null,null,{"$f":"+VLOOKUP($AR$677,$DV$12:$EC$16,8,0)","v":3},null,null,0.05,null,null,null,null,null,{"$f":"+N726*K726*H726","v":1.5000000000000002},null,null,null,{"$f":"+AH722","v":"m3"},null,null,{"$f":"+T726","v":1.5000000000000002}]
[]
[null,null,null,null,null,null,null,null,null,null,null,null,null,null,null,null,null,null,null,null,null,null,null,"TOTAL",null,null,{"$f":"+AA726","v":1.5000000000000002}]
[]
[null,"Observaciones"]
[]
[]
[]
[null,null,null,null,null,null,null,null,null,null,null,null,null,null,null,null,null,null,null,null,null,null,null,null,null,null,null,null,null,null,null,null,null,null,null,null,null,null,null,null,null,null,null,null,null,null,null,null,null,null,"Pag. ____ de ____"]
[]
[]
[null,null,null,"CONTRATISTA",null,null,null,null,null,null,null,null,null,null,null,null,null,null,null,null,null,null,null,null,null,null,null,null,null,null,null,null,null,null,"Vo.Bo. INTERVENTOR"]
[]
[]
[null,"MEMORIAS DE CANTIDADES DE OBRA"]
[null,"MUROS DE CONTENCIÓN"]
[]
[]
[null,"Capítulo",null,null,null,null,null,{"$f":"+'[3] PPTO DNP'!$B$31","v":4},{"$f":"+'[3] PPTO DNP'!$C$31","v":"Construir obras de contención"}]
[null,"Ítem",null,null,null,null,null,{"$f":"+'[3] PPTO DNP'!#REF!","v":{"$error":"#REF!"}},null,{"$f":"+'[3] PPTO DNP'!#REF!","v":{"$error":"#REF!"}},null,null,null,null,null,null,null,null,null,null,null,null,null,null,null,null,null,"UNIDAD",null,null,null,null,null,"kg"]
[]
[]
[null,"Área/lugar/elemento",null,null,null,null,null,"Longitud (m)",null,null,"Diametro (\")",null,null,"Separación (m)",null,null,"Peso (kg)",null,null,"V. PARCIAL",null,null,"No. de muros","UNIDAD ",null,null,"TOTAL",null,null,"N° DE ELEMENTOS "]
[null,"Varilla A",null,null,null,null,null,{"$f":"+VLOOKUP($AR$677,$DV$12:$FA$16,11,0)","v":3.1},null,null,"1/2\"",null,null,{"$f":"+VLOOKUP($AR$677,$DV$12:$FA$16,10,0)","v":0.25},null,null,{"$f":"+VLOOKUP(K749,$EA$20:$EB$34,2,0)","v":1},null,null,{"$f":"+Q749*H749","v":3.1},null,null,1,{"$f":"+$AH$745","v":"kg"},null,null,{"$f":"+AD749*T749*W749","v":127.10000000000001},null,null,{"$f":"IF(H749>0,+ROUNDUP(($AH$677-0.075*2)/N749,0)+1,0)","v":41}]
[null,"Varilla B",null,null,null,null,null,{"$f":"+VLOOKUP($AR$677,$DV$12:$FA$16,15,0)","v":3.2},null,null,"5/8\"",null,null,{"$f":"+VLOOKUP($AR$677,$DV$12:$FA$16,13,0)","v":0.15},null,null,1.5625,null,null,5,null,null,1,"kg",null,null,{"$f":"+AD750*T750*W750","v":335},null,null,67]
[null,"Varilla C",null,null,null,null,null,{"$f":"+VLOOKUP($AR$677,$DV$12:$FA$16,18,0)","v":4.0999999999999996},null,null,"5/8\"",null,null,{"$f":"+VLOOKUP($AR$677,$DV$12:$FA$16,17,0)","v":0.25},null,null,1.5625,null,null,6.4062499999999991,null,null,1,"kg",null,null,262.65624999999994,null,null,41]
[null,"Varilla D",null,null,null,null,null,{"$f":"+VLOOKUP($AR$677,$DV$12:$FA$16,21,0)","v":3.05},null,null,"5/8\"",null,null,{"$f":"+VLOOKUP($AR$677,$DV$12:$FA$16,20,0)","v":0.25},null,null,1.5625,null,null,4.765625,null,null,1,"kg",null,null,195.390625,null,null,41]
[null,"Varilla E",null,null,null,null,null,{"$f":"+VLOOKUP($AR$677,$DV$12:$FA$16,24,0)","v":0},null,null,0,null,null,{"$f":"+VLOOKUP($AR$677,$DV$12:$FA$16,23,0)","v":0},null,null,0,null,null,0,null,null,1,"kg",null,null,0,null,null,0]
[null,"Varilla F",null,null,null,null,null,{"$f":"+VLOOKUP($AR$677,$DV$12:$FA$16,27,0)","v":4.0999999999999996},null,null,"1/2\"",null,null,{"$f":"+VLOOKUP($AR$677,$DV$12:$FA$16,26,0)","v":0.25},null,null,1,null,null,4.0999999999999996,null,null,1,"kg",null,null,168.1,null,null,41]
[null,"Varilla G",null,null,null,null,null,{"$f":"+VLOOKUP($AR$677,$DV$12:$FA$16,30,0)","v":2.2999999999999998},null,null,"5/8\"",null,null,{"$f":"+VLOOKUP($AR$677,$DV$12:$FA$16,29,0)","v":0.2},null,null,1.5625,null,null,3.5937499999999996,null,null,1,"kg",null,null,183.28124999999997,null,null,51]
[null,"Zapata",null,null,null,null,null,{"$f":"$AH$677-(0.075*2)","v":9.85},null,null,"1/2\"",null,null,{"$f":"+VLOOKUP($AR$677,$DV$12:$FA$16,32,0)","v":0.25},null,null,1,null,null,{"$f":"+Q756*H756+0.4","v":10.25},null,null,1,"kg",null,null,266.5,null,null,{"$f":"+(ROUNDUP((((VLOOKUP($AR$677,$DV$12:$FA$16,8,0)))-(0.075*2))/N756,0)+1)*2","v":26}]
[null,"Dentellon",null,null,null,null,null,{"$f":"$AH$677-(0.075*2)","v":9.85},null,null,"1/2\"",null,null,{"$f":"+VLOOKUP($AR$677,$DV$12:$FA$16,32,0)","v":0.25},null,null,1,null,null,{"$f":"+Q757*H757+0.4","v":10.25},null,null,1,"kg",null,null,20.5,null,null,2]
[null,"Muro",null,null,null,null,null,{"$f":"$AH$677-(0.075*2)","v":9.85},null,null,"1/2\"",null,null,{"$f":"+VLOOKUP($AR$677,$DV$12:$FA$16,32,0)","v":0.25},null,null,1,null,null,{"$f":"+Q758*H758+0.4","v":10.25},null,null,1,"kg",null,null,307.5,null,null,{"$f":"+(ROUNDUP((((VLOOKUP($AR$677,$DV$12:$FA$16,7,0)))-(0.075*2))/N758,0)+1)*2","v":30}]
[]
[]
[null,null,null,null,null,null,null,null,null,null,null,null,null,null,null,null,null,null,null,null,null,null,null,"TOTAL",null,null,{"$f":"+SUM(AA749:AC760)","v":1866.0281249999998}]
[]
[null,"Observaciones"]
[]
[]
[]
[null,null,null,null,null,null,null,null,null,null,null,null,null,null,null,null,null,null,null,null,null,null,null,null,null,null,null,null,null,null,null,null,null,null,null,null,null,null,null,null,null,null,null,null,null,null,null,null,null,null,"Pag. ____ de ____"]
[]
[]
[null,null,null,"CONTRATISTA",null,null,null,null,null,null,null,null,null,null,null,null,null,null,null,null,null,null,null,null,null,null,null,null,null,null,null,null,null,null,"Vo.Bo. INTERVENTOR"]
[]
[]
[null,"MEMORIAS DE CANTIDADES DE OBRA"]
[null,"MUROS DE CONTENCIÓN"]
[]
[]
[null,"Capítulo",null,null,null,null,null,{"$f":"+'[3] PPTO DNP'!$B$31","v":4},{"$f":"+'[3] PPTO DNP'!$C$31","v":"Construir obras de contención"}]
[null,"Ítem",null,null,null,null,null,{"$f":"+'[3] PPTO DNP'!#REF!","v":{"$error":"#REF!"}},null,{"$f":"+'[3] PPTO DNP'!#REF!","v":{"$error":"#REF!"}},null,null,null,null,null,null,null,null,null,null,null,null,null,null,null,null,null,"UNIDAD",null,null,null,null,null,"m3"]
[]
[]
[null,"Área/lugar/elemento",null,null,null,null,null,"Base 1(m)",null,null,"Ancho (m)",null,null,"Alto (m)",null,null,"Base 2 (m)",null,null,"V. PARCIAL",null,null,"N° DE ELEMENTOS ","UNIDAD ",null,null,"TOTAL"]
[null,"Zapata",null,null,null,null,null,{"$f":"+VLOOKUP($AR$677,$DV$12:$FA$16,8,0)","v":3},null,null,{"$f":"+$AH$677","v":10},null,null,{"$f":"+VLOOKUP($AR$677,$DV$12:$FA$16,6,0)","v":0.5},null,null,null,null,null,{"$f":"+H782*K782*N782","v":15},null,null,null,{"$f":"+$AH$778","v":"m3"},null,null,{"$f":"+T782","v":15}]
[null,"Dentellon",null,null,null,null,null,0.4,null,null,{"$f":"+$AH$677","v":10},null,null,0.6,null,null,{"$f":"+VLOOKUP($AR$677,$DV$12:$FA$16,8,0)-VLOOKUP($AR$677,$DV$12:$FA$16,5,0)-VLOOKUP($AR$677,$DV$12:$FA$16,2,0)","v":0.5},null,null,{"$f":"+((H783+Q783)/2)*N783*K783","v":2.7},null,null,null,{"$f":"+$AH$778","v":"m3"},null,null,{"$f":"+T783","v":2.7}]
[null,"Muro",null,null,null,null,null,{"$f":"+VLOOKUP($AR$677,$DV$12:$FA$16,8,0)-VLOOKUP($AR$677,$DV$12:$FA$16,5,0)-VLOOKUP($AR$677,$DV$12:$FA$16,2,0)","v":0.5},null,null,{"$f":"+$AH$677","v":10},null,null,{"$f":"+VLOOKUP($AR$677,$DV$12:$FA$16,7,0)","v":3.5},null,null,{"$f":"+VLOOKUP($AR$677,$DV$12:$FA$16,3,0)","v":0.3},null,null,{"$f":"+((H784+Q784)/2)*N784*K784","v":14.000000000000002},null,null,null,{"$f":"+$AH$778","v":"m3"},null,null,{"$f":"+T784","v":14.000000000000002}]
[]
[]
[null,null,null,null,null,null,null,null,null,null,null,null,null,null,null,null,null,null,null,null,null,null,null,"TOTAL",null,null,{"$f":"+SUM(AA782:AC786)","v":31.700000000000003}]
[]
[null,"Observaciones"]
[]
[]
[]
[null,null,null,null,null,null,null,null,null,null,null,null,null,null,null,null,null,null,null,null,null,null,null,null,null,null,null,null,null,null,null,null,null,null,null,null,null,null,null,null,null,null,null,null,null,null,null,null,null,null,"Pag. ____ de ____"]
[]
[]
[null,null,null,"CONTRATISTA",null,null,null,null,null,null,null,null,null,null,null,null,null,null,null,null,null,null,null,null,null,null,null,null,null,null,null,null,null,null,"Vo.Bo. INTERVENTOR"]
[]
[]
[null,"MEMORIAS DE CANTIDADES DE OBRA"]
[null,"MUROS DE CONTENCIÓN"]
[]
[]
[null,"Capítulo",null,null,null,null,null,{"$f":"+'[3] PPTO DNP'!$B$31","v":4},{"$f":"+'[3] PPTO DNP'!$C$31","v":"Construir obras de contención"}]
[null,"Ítem",null,null,null,null,null,{"$f":"+'[3] PPTO DNP'!#REF!","v":{"$error":"#REF!"}},null,{"$f":"+'[3] PPTO DNP'!#REF!","v":{"$error":"#REF!"}},null,null,null,null,null,null,null,null,null,null,null,null,null,null,null,null,null,"UNIDAD",null,null,null,null,null,"m2"]
[]
[]
[null,"Área/lugar/elemento",null,null,null,null,null,"Longitud (m)",null,null,"Ancho (m)",null,null,"Alto (m)",null,null,"Peso (kg)",null,null,"V. PARCIAL",null,null,"N° DE ELEMENTOS ","UNIDAD ",null,null,"TOTAL"]
[null,"Geotextil NT 1600",null,null,null,null,null,{"$f":"+VLOOKUP($AR$677,$DV$12:$FA$16,7,0)+0.6","v":4.0999999999999996},null,null,{"$f":"+$AH$677","v":10},null,null,null,null,null,null,null,null,{"$f":"+K808*H808","v":41},null,null,null,{"$f":"+AH804","v":"m2"},null,null,{"$f":"+T808","v":41}]
[null,null,null,null,null,null,null,null,null,null,null,null,null,null,null,null,null,null,null,null,null,null,null,"TOTAL",null,null,{"$f":"+SUM(AA808:AC808)","v":41}]
[]
[null,"Observaciones"]
[]
[]
[]
[null,null,null,null,null,null,null,null,null,null,null,null,null,null,null,null,null,null,null,null,null,null,null,null,null,null,null,null,null,null,null,null,null,null,null,null,null,null,null,null,null,null,null,null,null,null,null,null,null,null,"Pag. ____ de ____"]
[]
[]
[null,null,null,"CONTRATISTA",null,null,null,null,null,null,null,null,null,null,null,null,null,null,null,null,null,null,null,null,null,null,null,null,null,null,null,null,null,null,"Vo.Bo. INTERVENTOR"]
[]
[]
[null,"MEMORIAS DE CANTIDADES DE OBRA"]
[null,"MUROS DE CONTENCIÓN"]
[]
[]
[null,"Capítulo",null,null,null,null,null,{"$f":"+'[3] PPTO DNP'!$B$31","v":4},{"$f":"+'[3] PPTO DNP'!$C$31","v":"Construir obras de contención"}]
[null,"Ítem",null,null,null,null,null,null,null,{"$f":"+'[3] PPTO DNP'!#REF!","v":{"$error":"#REF!"}},null,null,null,null,null,null,null,null,null,null,null,null,null,null,null,null,null,"UNIDAD",null,null,null,null,null,"m"]
[null,{"$f":"+'[3] PPTO DNP'!#REF!","v":{"$error":"#REF!"}}]
[]
[null,"Área/lugar/elemento",null,null,null,null,null,"Longitud (m)",null,null,"Ancho (m)",null,null,"Alto (m)",null,null,"Peso (kg)",null,null,"V. PARCIAL",null,null,"N° DE ELEMENTOS ","UNIDAD ",null,null,"TOTAL"]
[null,"Tuberia de drenaje 4\"",null,null,null,null,null,{"$f":"+$AH$677","v":10},null,null,null,null,null,null,null,null,null,null,null,{"$f":"+H830","v":10},null,null,null,{"$f":"+AH826","v":"m"},null,null,{"$f":"+T830","v":10}]
[null,null,null,null,null,null,null,null,null,null,null,null,null,null,null,null,null,null,null,null,null,null,null,"TOTAL",null,null,{"$f":"+SUM(AA830:AC830)","v":10}]
[]
[null,"Observaciones"]
[]
[]
[]
[null,null,null,null,null,null,null,null,null,null,null,null,null,null,null,null,null,null,null,null,null,null,null,null,null,null,null,null,null,null,null,null,null,null,null,null,null,null,null,null,null,null,null,null,null,null,null,null,null,null,"Pag. ____ de ____"]
[]
[]
[null,null,null,"CONTRATISTA",null,null,null,null,null,null,null,null,null,null,null,null,null,null,null,null,null,null,null,null,null,null,null,null,null,null,null,null,null,null,"Vo.Bo. INTERVENTOR"]
[]
[]
[null,"MEMORIAS DE CANTIDADES DE OBRA"]
[null,"MUROS DE CONTENCIÓN"]
[]
[]
[null,"Capítulo",null,null,null,null,null,{"$f":"+'[3] PPTO DNP'!$B$31","v":4},{"$f":"+'[3] PPTO DNP'!$C$31","v":"Construir obras de contención"}]
[null,"Ítem",null,null,null,null,null,{"$f":"+'[3] PPTO DNP'!#REF!","v":{"$error":"#REF!"}},null,{"$f":"+'[3] PPTO DNP'!#REF!","v":{"$error":"#REF!"}},null,null,null,null,null,null,null,null,null,null,null,null,null,null,null,null,null,"UNIDAD",null,null,null,null,null,"m3"]
[]
[]
[null,"Área/lugar/elemento",null,null,null,null,null,"Longitud (m)",null,null,"Ancho (m)",null,null,"Alto (m)",null,null,"Peso (kg)",null,null,"V. PARCIAL",null,null,"N° DE ELEMENTOS ","UNIDAD ",null,null,"TOTAL"]
[null,"Relleno material filtrante",null,null,null,null,null,{"$f":"+$AH$677","v":10},null,null,0.3,null,null,{"$f":"+VLOOKUP($AR$677,$DV$12:$FA$16,7,0)","v":3.5},null,null,null,null,null,{"$f":"+N852*K852*H852","v":10.5},null,null,null,{"$f":"+AH848","v":"m3"},null,null,{"$f":"+T852","v":10.5}]
[null,null,null,null,null,null,null,null,null,null,null,null,null,null,null,null,null,null,null,null,null,null,null,"TOTAL",null,null,{"$f":"+SUM(AA852:AC852)","v":10.5}]
[]
[null,"Observaciones"]
[]
[]
[]
[null,null,null,null,null,null,null,null,null,null,null,null,null,null,null,null,null,null,null,null,null,null,null,null,null,null,null,null,null,null,null,null,null,null,null,null,null,null,null,null,null,null,null,null,null,null,null,null,null,null,"Pag. ____ de ____"]
[]
[]
[null,null,null,"CONTRATISTA",null,null,null,null,null,null,null,null,null,null,null,null,null,null,null,null,null,null,null,null,null,null,null,null,null,null,null,null,null,null,"Vo.Bo. INTERVENTOR"]
[]
[]
[null,"MEMORIAS DE CANTIDADES DE OBRA"]
[null,"MUROS DE CONTENCIÓN"]
[]
[]
[null,"Capítulo",null,null,null,null,null,{"$f":"+'[3] PPTO DNP'!$B$31","v":4},{"$f":"+'[3] PPTO DNP'!$C$31","v":"Construir obras de contención"}]
[null,"Ítem",null,null,null,null,null,{"$f":"+'[3] PPTO DNP'!#REF!","v":{"$error":"#REF!"}},null,{"$f":"+'[3] PPTO DNP'!#REF!","v":{"$error":"#REF!"}},null,null,null,null,null,null,null,null,null,null,null,null,null,null,null,null,null,"UNIDAD",null,null,null,null,null,"m3"]
[]
[]
[null,"Área/lugar/elemento",null,null,null,null,null,"Longitud (m)",null,null,"Ancho (m)",null,null,"Alto (m)",null,null,"Peso (kg)",null,null,"V. PARCIAL",null,null,"N° DE ELEMENTOS ","UNIDAD ",null,null,"TOTAL"]
[null,"Relleno granular",null,null,null,null,null,{"$f":"+$AH$677","v":10},null,null,{"$f":"+VLOOKUP($AR$677,$DV$12:$EC$16,5,0)","v":1.8},null,null,{"$f":"+VLOOKUP($AR$677,$DV$12:$FA$16,7,0)","v":3.5},null,null,null,null,null,{"$f":"+N874*K874*H874","v":63},null,null,null,{"$f":"+AH870","v":"m3"},null,null,{"$f":"+T874","v":63}]
[null,null,null,null,null,null,null,null,null,null,null,null,null,null,null,null,null,null,null,null,null,null,null,"TOTAL",null,null,{"$f":"+SUM(AA874:AC874)","v":63}]
[]
[null,"Observaciones"]
[]
[]
[]
[null,null,null,null,null,null,null,null,null,null,null,null,null,null,null,null,null,null,null,null,null,null,null,null,null,null,null,null,null,null,null,null,null,null,null,null,null,null,null,null,null,null,null,null,null,null,null,null,null,null,"Pag. ____ de ____"]
[]
[]
[null,null,null,"CONTRATISTA",null,null,null,null,null,null,null,null,null,null,null,null,null,null,null,null,null,null,null,null,null,null,null,null,null,null,null,null,null,null,"Vo.Bo. INTERVENTOR"]
[]
[]
[null,"MEMORIAS DE CANTIDADES DE OBRA"]
[null,"MUROS DE CONTENCIÓN"]
[]
[]
[null,"Capítulo",null,null,null,null,null,{"$f":"+'[3] PPTO DNP'!$B$31","v":4},{"$f":"+'[3] PPTO DNP'!$C$31","v":"Construir obras de contención"}]
[null,"Ítem",null,null,null,null,null,{"$f":"+'[3] PPTO DNP'!#REF!","v":{"$error":"#REF!"}},null,{"$f":"+'[3] PPTO DNP'!#REF!","v":{"$error":"#REF!"}},null,null,null,null,null,null,null,null,null,null,null,null,null,null,null,null,null,"UNIDAD",null,null,null,null,null,"m3"]
[null,null,null,null,null,null,null,null,null,null,null,null,null,null,null,null,null,null,null,null,null,null,null,null,null,null,null,"Tipo de Muro",null,"II",null,null,null,"Longitud del muro (m)",null,null,null,null,null,null,null,2]
[]
[null,"Área/lugar/elemento",null,null,null,null,null,"Longitud (m)",null,null,"Ancho (m)",null,null,"Alto (m)",null,null,"Peso (kg)",null,null,"V. PARCIAL",null,null,"N° DE ELEMENTOS ","UNIDAD ",null,null,"TOTAL"]
[]
[null,null,null,null,null,null,null,null,null,null,null,null,null,null,null,null,null,null,null,null,null,null,null,"TOTAL",null,null,{"$f":"+SUM(AA72:AC72)","v":0}]
[]
[null,"Observaciones"]
[]
[]
[]
[null,null,null,null,null,null,null,null,null,null,null,null,null,null,null,null,null,null,null,null,null,null,null,null,null,null,null,null,null,null,null,null,null,null,null,null,null,null,null,null,null,null,null,null,null,null,null,null,null,null,"Pag. ____ de ____"]
[]
[]
[null,null,null,"CONTRATISTA",null,null,null,null,null,null,null,null,null,null,null,null,null,null,null,null,null,null,null,null,null,null,null,null,null,null,null,null,null,null,"Vo.Bo. INTERVENTOR"]
[]
[null,"MEMORIAS DE CANTIDADES DE OBRA"]
[null,"MUROS DE CONTENCIÓN"]
[]
[null,"Capítulo",null,null,null,null,null,{"$f":"+'[3] PPTO DNP'!$B$31","v":4},{"$f":"+'[3] PPTO DNP'!$C$31","v":"Construir obras de contención"}]
[null,"Ítem",null,null,null,null,null,{"$f":"+'[3] PPTO DNP'!#REF!","v":{"$error":"#REF!"}},null,{"$f":"+'[3] PPTO DNP'!#REF!","v":{"$error":"#REF!"}},null,null,null,null,null,null,null,null,null,null,null,null,null,null,null,null,null,"UNIDAD",null,null,null,null,null,"m2"]
[]
[]
[null,"Área/lugar/elemento",null,null,null,null,null,"Longitud (m)",null,null,"Ancho (m)",null,null,"Alto (m)",null,null,"Peso (kg)",null,null,"V. PARCIAL",null,null,"N° DE ELEMENTOS ","UNIDAD ",null,null,"TOTAL"]
[null,"Excavación",null,null,null,null,null,{"$f":"+$AP$893","v":2},null,null,{"$f":"+VLOOKUP($AD$893,$FC$9:$FH$11,3,0)","v":5},null,null,null,null,null,null,null,null,{"$f":"+H916*K916","v":10},null,null,0,{"$f":"+AH912","v":"m2"},null,null,{"$f":"+T916*W916","v":0}]
[null,null,null,null,null,null,null,null,null,null,null,null,null,null,null,null,null,null,null,null,null,null,null,"TOTAL",null,null,{"$f":"+SUM(AA916:AC916)","v":0}]
[]
[null,"Observaciones"]
[]
[]
[]
[null,null,null,null,null,null,null,null,null,null,null,null,null,null,null,null,null,null,null,null,null,null,null,null,null,null,null,null,null,null,null,null,null,null,null,null,null,null,null,null,null,null,null,null,null,null,null,null,null,null,"Pag. ____ de ____"]
[]
[]
[null,null,null,"CONTRATISTA",null,null,null,null,null,null,null,null,null,null,null,null,null,null,null,null,null,null,null,null,null,null,null,null,null,null,null,null,null,null,"Vo.Bo. INTERVENTOR"]
[]
[]
[null,"MEMORIAS DE CANTIDADES DE OBRA"]
[null,"MUROS DE CONTENCIÓN"]
[]
[null,"Capítulo",null,null,null,null,null,{"$f":"+'[3] PPTO DNP'!$B$31","v":4},{"$f":"+'[3] PPTO DNP'!$C$31","v":"Construir obras de contención"}]
[null,"Ítem",null,null,null,null,null,{"$f":"+'[3] PPTO DNP'!#REF!","v":{"$error":"#REF!"}},null,{"$f":"+'[3] PPTO DNP'!#REF!","v":{"$error":"#REF!"}},null,null,null,null,null,null,null,null,null,null,null,null,null,null,null,null,null,"UNIDAD",null,null,null,null,null,"m3"]
[]
[]
[null,"Área/lugar/elemento",null,null,null,null,null,"Longitud (m)",null,null,"Ancho (m)",null,null,"Alto (m)",null,null,"N° DE ELEMENTOS ",null,null,"V. PARCIAL",null,null,"No. Muros","UNIDAD ",null,null,"TOTAL"]
[null,"Elemento A",null,null,null,null,null,{"$f":"+$AP$893","v":2},null,null,1,null,null,1,null,null,{"$f":"+VLOOKUP($AD$893,$FC$10:$FH$11,5,0)*($AP$893/2)","v":14},null,null,{"$f":"+N937*K937*H937","v":2},null,null,0,{"$f":"+AH933","v":"m3"},null,null,{"$f":"+Q937*T937*W937","v":0}]
[null,"Elemento B",null,null,null,null,null,{"$f":"+$AP$893","v":2},null,null,1,null,null,0.5,null,null,{"$f":"+VLOOKUP($AD$893,$FC$10:$FH$11,6,0)*($AP$893/2)","v":0},null,null,{"$f":"+N938*K938*H938","v":1},null,null,0,{"$f":"+AH933","v":"m3"},null,null,{"$f":"+Q938*T938*W938","v":0}]
[null,null,null,null,null,null,null,null,null,null,null,null,null,null,null,null,null,null,null,null,null,null,null,"TOTAL",null,null,{"$f":"SUM(AA937:AC938)","v":0}]
[]
[null,"Observaciones"]
[]
[]
[]
[null,null,null,null,null,null,null,null,null,null,null,null,null,null,null,null,null,null,null,null,null,null,null,null,null,null,null,null,null,null,null,null,null,null,null,null,null,null,null,null,null,null,null,null,null,null,null,null,null,null,"Pag. ____ de ____"]
[]
[]
[null,null,null,"CONTRATISTA",null,null,null,null,null,null,null,null,null,null,null,null,null,null,null,null,null,null,null,null,null,null,null,null,null,null,null,null,null,null,"Vo.Bo. INTERVENTOR"]
[]
[]
[null,"MEMORIAS DE CANTIDADES DE OBRA"]
[null,"MUROS DE CONTENCIÓN"]
[]
[null,"Capítulo",null,null,null,null,null,{"$f":"+'[3] PPTO DNP'!$B$31","v":4},{"$f":"+'[3] PPTO DNP'!$C$31","v":"Construir obras de contención"}]
[null,"Ítem",null,null,null,null,null,{"$f":"+'[3] PPTO DNP'!#REF!","v":{"$error":"#REF!"}},null,{"$f":"+'[3] PPTO DNP'!#REF!","v":{"$error":"#REF!"}},null,null,null,null,null,null,null,null,null,null,null,null,null,null,null,null,null,"UNIDAD",null,null,null,null,null,"m2"]
[]
[]
[null,"Área/lugar/elemento",null,null,null,null,null,"Longitud (m)",null,null,"Ancho (m)",null,null,"Alto (m)",null,null,"Peso (kg)",null,null,"V. PARCIAL",null,null,"N° DE ELEMENTOS ","UNIDAD ",null,null,"TOTAL"]
[null,"Geotextil NT 1600",null,null,null,null,null,{"$f":"+$AP$893","v":2},null,null,{"$f":"+VLOOKUP($AD$893,$FC$9:$FH$11,3,0)","v":5},null,null,{"$f":"+VLOOKUP($AD$893,$FC$9:$FH$11,2,0)","v":4},null,null,null,null,null,{"$f":"+H959*K959+N959*H959","v":18},null,null,0,{"$f":"+AH955","v":"m2"},null,null,{"$f":"+T959*W959","v":0}]
[]
[null,null,null,null,null,null,null,null,null,null,null,null,null,null,null,null,null,null,null,null,null,null,null,"TOTAL",null,null,{"$f":"+SUM(AA959:AC960)","v":0}]
[]
[null,"Observaciones"]
[]
[]
[]
[null,null,null,null,null,null,null,null,null,null,null,null,null,null,null,null,null,null,null,null,null,null,null,null,null,null,null,null,null,null,null,null,null,null,null,null,null,null,null,null,null,null,null,null,null,null,null,null,null,null,"Pag. ____ de ____"]
[]
[]
[null,null,null,"CONTRATISTA",null,null,null,null,null,null,null,null,null,null,null,null,null,null,null,null,null,null,null,null,null,null,null,null,null,null,null,null,null,null,"Vo.Bo. INTERVENTOR"]
[]
[]
[null,"MEMORIAS DE CANTIDADES DE OBRA"]
[null,"MUROS DE CONTENCIÓN"]
[]
[]
[null,"Capítulo",null,null,null,null,null,{"$f":"+'[3] PPTO DNP'!$B$31","v":4},{"$f":"+'[3] PPTO DNP'!$C$31","v":"Construir obras de contención"}]
[null,"Ítem",null,null,null,null,null,{"$f":"+'[3] PPTO DNP'!#REF!","v":{"$error":"#REF!"}},null,{"$f":"+'[3] PPTO DNP'!#REF!","v":{"$error":"#REF!"}},null,null,null,null,null,null,null,null,null,null,null,null,null,null,null,null,null,"UNIDAD",null,null,null,null,null,"m3"]
[null,null,null,null,null,null,null,null,null,null,null,null,null,null,null,null,null,null,null,null,null,null,null,null,null,null,null,"Tipo de Muro",null,"II",null,null,null,"Longitud del muro (m)",null,null,null,null,null,null,null,2]
[]
[null,"Área/lugar/elemento",null,null,null,null,null,"Longitud (m)",null,null,"Ancho (m)",null,null,"Alto (m)",null,null,"Peso (kg)",null,null,"V. PARCIAL",null,null,"N° DE ELEMENTOS ","UNIDAD ",null,null,"TOTAL"]
[]
[null,null,null,null,null,null,null,null,null,null,null,null,null,null,null,null,null,null,null,null,null,null,null,"TOTAL",null,null,{"$f":"+SUM(AA73:AC73)","v":0}]
[]
[null,"Observaciones"]
[]
[]
[]
[null,null,null,null,null,null,null,null,null,null,null,null,null,null,null,null,null,null,null,null,null,null,null,null,null,null,null,null,null,null,null,null,null,null,null,null,null,null,null,null,null,null,null,null,null,null,null,null,null,null,"Pag. ____ de ____"]
[]
[]
[null,null,null,"CONTRATISTA",null,null,null,null,null,null,null,null,null,null,null,null,null,null,null,null,null,null,null,null,null,null,null,null,null,null,null,null,null,null,"Vo.Bo. INTERVENTOR"]
[]
[null,"MEMORIAS DE CANTIDADES DE OBRA"]
[null,"MUROS DE CONTENCIÓN"]
[]
[null,"Capítulo",null,null,null,null,null,{"$f":"+'[3] PPTO DNP'!$B$31","v":4},{"$f":"+'[3] PPTO DNP'!$C$31","v":"Construir obras de contención"}]
[null,"Ítem",null,null,null,null,null,{"$f":"+'[3] PPTO DNP'!#REF!","v":{"$error":"#REF!"}},null,{"$f":"+'[3] PPTO DNP'!#REF!","v":{"$error":"#REF!"}},null,null,null,null,null,null,null,null,null,null,null,null,null,null,null,null,null,"UNIDAD",null,null,null,null,null,"m2"]
[]
[]
[null,"Área/lugar/elemento",null,null,null,null,null,"Longitud (m)",null,null,"Ancho (m)",null,null,"Alto (m)",null,null,"Peso (kg)",null,null,"V. PARCIAL",null,null,"N° DE ELEMENTOS ","UNIDAD ",null,null,"TOTAL"]
[null,"Conformación de sub rasante",null,null,null,null,null,{"$f":"+$AP$979","v":2},null,null,{"$f":"+VLOOKUP($AD$893,$BT$1183:$BY$1184,3,0)","v":4},null,null,null,null,null,null,null,null,{"$f":"+H1002*K1002","v":8},null,null,0,{"$f":"+AH998","v":"m2"},null,null,{"$f":"+T1002*W1002","v":0}]
[null,null,null,null,null,null,null,null,null,null,null,null,null,null,null,null,null,null,null,null,null,null,null,"TOTAL",null,null,{"$f":"+SUM(AA1002:AC1002)","v":0}]
[]
[null,"Observaciones"]
[]
[]
[]
[null,null,null,null,null,null,null,null,null,null,null,null,null,null,null,null,null,null,null,null,null,null,null,null,null,null,null,null,null,null,null,null,null,null,null,null,null,null,null,null,null,null,null,null,null,null,null,null,null,null,"Pag. ____ de ____"]
[]
[]
[null,null,null,"CONTRATISTA",null,null,null,null,null,null,null,null,null,null,null,null,null,null,null,null,null,null,null,null,null,null,null,null,null,null,null,null,null,null,"Vo.Bo. INTERVENTOR"]
[]
[]
[null,"MEMORIAS DE CANTIDADES DE OBRA"]
[null,"MUROS DE CONTENCIÓN"]
[]
[null,"Capítulo",null,null,null,null,null,{"$f":"+'[3] PPTO DNP'!$B$31","v":4},{"$f":"+'[3] PPTO DNP'!$C$31","v":"Construir obras de contención"}]
[null,"Ítem",null,null,null,null,null,{"$f":"+'[3] PPTO DNP'!#REF!","v":{"$error":"#REF!"}},null,{"$f":"+'[3] PPTO DNP'!#REF!","v":{"$error":"#REF!"}},null,null,null,null,null,null,null,null,null,null,null,null,null,null,null,null,null,"UNIDAD",null,null,null,null,null,"m3"]
[]
[]
[null,"Área/lugar/elemento",null,null,null,null,null,"Longitud (m)",null,null,"Ancho (m)",null,null,"Alto (m)",null,null,"Peso (kg)",null,null,"V. PARCIAL",null,null,"N° DE ELEMENTOS ","UNIDAD ",null,null,"TOTAL",null,null,"No. Muros"]
[null,"Elemento A",null,null,null,null,null,{"$f":"+$AP$979","v":2},null,null,1,null,null,1,null,null,null,null,null,{"$f":"+N1023*K1023*H1023","v":2},null,null,{"$f":"+VLOOKUP($AD$979,$BT$1183:$BY$1184,5,0)*($AP$979/2)","v":10},{"$f":"+AH1019","v":"m3"},null,null,{"$f":"+W1023*T1023*AD1023","v":0},null,null,0]
[null,"Elemento B",null,null,null,null,null,{"$f":"+$AP$979","v":2},null,null,1,null,null,0.5,null,null,null,null,null,{"$f":"+N1024*K1024*H1024","v":1},null,null,{"$f":"+VLOOKUP($AD$979,$BT$1183:$BY$1184,6,0)*($AP$979/2)","v":1},{"$f":"+AH1019","v":"m3"},null,null,{"$f":"+W1024*T1024*AD1024","v":0},null,null,0]
[null,null,null,null,null,null,null,null,null,null,null,null,null,null,null,null,null,null,null,null,null,null,null,"TOTAL",null,null,{"$f":"SUM(AA1023:AC1024)","v":0}]
[]
[null,"Observaciones"]
[]
[]
[]
[null,null,null,null,null,null,null,null,null,null,null,null,null,null,null,null,null,null,null,null,null,null,null,null,null,null,null,null,null,null,null,null,null,null,null,null,null,null,null,null,null,null,null,null,null,null,null,null,null,null,"Pag. ____ de ____"]
[]
[]
[null,null,null,"CONTRATISTA",null,null,null,null,null,null,null,null,null,null,null,null,null,null,null,null,null,null,null,null,null,null,null,null,null,null,null,null,null,null,"Vo.Bo. INTERVENTOR"]
[]
[]
[null,"MEMORIAS DE CANTIDADES DE OBRA"]
[null,"MUROS DE CONTENCIÓN"]
[]
[null,"Capítulo",null,null,null,null,null,{"$f":"+'[3] PPTO DNP'!$B$31","v":4},{"$f":"+'[3] PPTO DNP'!$C$31","v":"Construir obras de contención"}]
[null,"Ítem",null,null,null,null,null,{"$f":"+'[3] PPTO DNP'!#REF!","v":{"$error":"#REF!"}},null,{"$f":"+'[3] PPTO DNP'!#REF!","v":{"$error":"#REF!"}},null,null,null,null,null,null,null,null,null,null,null,null,null,null,null,null,null,"UNIDAD",null,null,null,null,null,"m2"]
[]
[]
[null,"Área/lugar/elemento",null,null,null,null,null,"Longitud (m)",null,null,"Ancho (m)",null,null,"Alto (m)",null,null,"Peso (kg)",null,null,"V. PARCIAL",null,null,"N° DE ELEMENTOS ","UNIDAD ",null,null,"TOTAL"]
[null,"Geotextil NT 1600",null,null,null,null,null,{"$f":"+$AP$893","v":2},null,null,{"$f":"+VLOOKUP($AD$893,$FC$9:$FH$11,3,0)","v":5},null,null,{"$f":"+VLOOKUP($AD$893,$FC$9:$FH$11,2,0)","v":4},null,null,null,null,null,{"$f":"+H1045*K1045+N1045*H1045","v":18},null,null,0,{"$f":"+AH1041","v":"m2"},null,null,{"$f":"+T1045*W1045","v":0}]
[]
[null,null,null,null,null,null,null,null,null,null,null,null,null,null,null,null,null,null,null,null,null,null,null,"TOTAL",null,null,{"$f":"+SUM(AA1045:AC1046)","v":0}]
[]
[null,"Observaciones"]
[]
[]
[]
[null,null,null,null,null,null,null,null,null,null,null,null,null,null,null,null,null,null,null,null,null,null,null,null,null,null,null,null,null,null,null,null,null,null,null,null,null,null,null,null,null,null,null,null,null,null,null,null,null,null,"Pag. ____ de ____"]
[]
[]
[null,null,null,"CONTRATISTA",null,null,null,null,null,null,null,null,null,null,null,null,null,null,null,null,null,null,null,null,null,null,null,null,null,null,null,null,null,null,"Vo.Bo. INTERVENTOR"]
[]
[]
[]
[]
[]
[]
[]
[]
[]
[]
[]
[]
[]
[]
[]
[]
[]
[]
[]
[]
[]
[]
[]
[]
[]
[]
[]
[]
[]
[]
[]
[]
[]
[]
[]
[]
[]
[]
[]
[]
[]
[]
[]
[]
[]
[]
[]
[]
[]
[]
[]
[]
[]
[]
[null,null,null,null,null,null,null,null,null,null,null,null,null,null,null,null,null,null,null,null,null,null,null,null,null,null,null,null,null,null,null,null,null,null,null,null,null,null,null,null,null,null,null,null,null,null,null,null,null,null,null,null,null,null,null,null,null,null,null,null,null,null,null,null,null,null,null,null,null,null,null,null,null,null,null,null,null,{"$f":"+FI29+2","v":30}]
[]
[]
[]
[]
[]
[]
[]
[]
[]
[]
[]
[]
[]
[]
[]
[]
[]
[]
[]
[]
[]
[]
[]
[]
[]
[]
[]
[]
[]
[]
[]
[]
[]
[]
[]
[]
[]
[]
[]
[]
[]
[]
[]
[]
[]
[]
[]
[]
[]
[]
[]
[]
[]
[]
[]
[]
[]
[]
[]
[]
[]
[]
[]
[]
[]
[]
[]
[]
[]
[]
[null,null,null,null,null,null,null,null,null,null,null,null,null,null,null,null,null,null,null,null,null,null,null,null,null,null,null,null,null,null,null,null,null,null,null,null,null,null,null,null,null,null,null,null,null,null,null,null,null,null,null,null,null,null,null,null,null,null,null,null,null,null,null,null,null,null,null,null,null,null,null,"Muro No.","Altura","Base","Vol/m","A","B","Long"]
[null,null,null,null,null,null,null,null,null,null,null,null,null,null,null,null,null,null,null,null,null,null,null,null,null,null,null,null,null,null,null,null,null,null,null,null,null,null,null,null,null,null,null,null,null,null,null,null,null,null,null,null,null,null,null,null,null,null,null,null,null,null,null,null,null,null,null,null,null,null,null,"I",3,3,6.5,6,1,2]
[null,null,null,null,null,null,null,null,null,null,null,null,null,null,null,null,null,null,null,null,null,null,null,null,null,null,null,null,null,null,null,null,null,null,null,null,null,null,null,null,null,null,null,null,null,null,null,null,null,null,null,null,null,null,null,null,null,null,null,null,null,null,null,null,null,null,null,null,null,null,null,"II",4,4,10.5,10,1,{"$f":"+BZ1183+2","v":4}]
[null,null,null,null,null,null,null,null,null,null,null,null,null,null,null,null,null,null,null,null,null,null,null,null,null,null,null,null,null,null,null,null,null,null,null,null,null,null,null,null,null,null,null,null,null,null,null,null,null,null,null,null,null,null,null,null,null,null,null,null,null,null,null,null,null,null,null,null,null,null,null,null,null,null,null,null,null,{"$f":"+BZ1184+2","v":6}]
[null,null,null,null,null,null,null,null,null,null,null,null,null,null,null,null,null,null,null,null,null,null,null,null,null,null,null,null,null,null,null,null,null,null,null,null,null,null,null,null,null,null,null,null,null,null,null,null,null,null,null,null,null,null,null,null,null,null,null,null,null,null,null,null,null,null,null,null,null,null,null,null,null,null,null,null,null,8]
[null,null,null,null,null,null,null,null,null,null,null,null,null,null,null,null,null,null,null,null,null,null,null,null,null,null,null,null,null,null,null,null,null,null,null,null,null,null,null,null,null,null,null,null,null,null,null,null,null,null,null,null,null,null,null,null,null,null,null,null,null,null,null,null,null,null,null,null,null,null,null,null,null,null,null,null,null,10]
[null,null,null,null,null,null,null,null,null,null,null,null,null,null,null,null,null,null,null,null,null,null,null,null,null,null,null,null,null,null,null,null,null,null,null,null,null,null,null,null,null,null,null,null,null,null,null,null,null,null,null,null,null,null,null,null,null,null,null,null,null,null,null,null,null,null,null,null,null,null,null,null,null,null,null,null,null,12]
[null,null,null,null,null,null,null,null,null,null,null,null,null,null,null,null,null,null,null,null,null,null,null,null,null,null,null,null,null,null,null,null,null,null,null,null,null,null,null,null,null,null,null,null,null,null,null,null,null,null,null,null,null,null,null,null,null,null,null,null,null,null,null,null,null,null,null,null,null,null,null,null,null,null,null,null,null,14]
[null,null,null,null,null,null,null,null,null,null,null,null,null,null,null,null,null,null,null,null,null,null,null,null,null,null,null,null,null,null,null,null,null,null,null,null,null,null,null,null,null,null,null,null,null,null,null,null,null,null,null,null,null,null,null,null,null,null,null,null,null,null,null,null,null,null,null,null,null,null,null,null,null,null,null,null,null,16]
[null,null,null,null,null,null,null,null,null,null,null,null,null,null,null,null,null,null,null,null,null,null,null,null,null,null,null,null,null,null,null,null,null,null,null,null,null,null,null,null,null,null,null,null,null,null,null,null,null,null,null,null,null,null,null,null,null,null,null,null,null,null,null,null,null,null,null,null,null,null,null,null,null,null,null,null,null,18]
[null,null,null,null,null,null,null,null,null,null,null,null,null,null,null,null,null,null,null,null,null,null,null,null,null,null,null,null,null,null,null,null,null,null,null,null,null,null,null,null,null,null,null,null,null,null,null,null,null,null,null,null,null,null,null,null,null,null,null,null,null,null,null,null,null,null,null,null,null,null,null,null,null,null,null,null,null,20]
[null,null,null,null,null,null,null,null,null,null,null,null,null,null,null,null,null,null,null,null,null,null,null,null,null,null,null,null,null,null,null,null,null,null,null,null,null,null,null,null,null,null,null,null,null,null,null,null,null,null,null,null,null,null,null,null,null,null,null,null,null,null,null,null,null,null,null,null,null,null,null,null,null,null,null,null,null,22]
[null,null,null,null,null,null,null,null,null,null,null,null,null,null,null,null,null,null,null,null,null,null,null,null,null,null,null,null,null,null,null,null,null,null,null,null,null,null,null,null,null,null,null,null,null,null,null,null,null,null,null,null,null,null,null,null,null,null,null,null,null,null,null,null,null,null,null,null,null,null,null,null,null,null,null,null,null,24]
[null,null,null,null,null,null,null,null,null,null,null,null,null,null,null,null,null,null,null,null,null,null,null,null,null,null,null,null,null,null,null,null,null,null,null,null,null,null,null,null,null,null,null,null,null,null,null,null,null,null,null,null,null,null,null,null,null,null,null,null,null,null,null,null,null,null,null,null,null,null,null,null,null,null,null,null,null,26]
[null,null,null,null,null,null,null,null,null,null,null,null,null,null,null,null,null,null,null,null,null,null,null,null,null,null,null,null,null,null,null,null,null,null,null,null,null,null,null,null,null,null,null,null,null,null,null,null,null,null,null,null,null,null,null,null,null,null,null,null,null,null,null,null,null,null,null,null,null,null,null,null,null,null,null,null,null,28]
[null,null,null,null,null,null,null,null,null,null,null,null,null,null,null,null,null,null,null,null,null,null,null,null,null,null,null,null,null,null,null,null,null,null,null,null,null,null,null,null,null,null,null,null,null,null,null,null,null,null,null,null,null,null,null,null,null,null,null,null,null,null,null,null,null,null,null,null,null,null,null,null,null,null,null,null,null,30]

{"sheet":"CUADRILLAS_DNP","index":9,"n_rows":32,"n_cols":9,"rows_kept":32,"cut":false,"hidden":false,"merged":[]}
[]
[]
[]
[null,"SMMLV 2017","Factor sobre el SMMLV de la región","AUXILIO DE TRANSPORTE","(SMMLV FINAL+1 AT)","día"]
["1 AYUDANTE A",{"$f":"SMLMV_2017","v":737717},1,{"$f":"AT_2017","v":83140},{"$f":"IF(C5<=2,B5*C5+D5,B5*C5)","v":820857},{"$f":"+ROUND(E5/30,0)","v":27362}]
["1 OFICIAL A",{"$f":"SMLMV_2017","v":737717},1.5,{"$f":"AT_2017","v":83140},{"$f":"IF(C6<=2,B6*C6+D6,B6*C6)","v":1189715.5},{"$f":"+ROUND(E6/30,0)","v":39657}]
[]
[]
["Código","Descripción","unidad","Cantidad","Precio con prestaciones","Total"]
["cd1","Cuadrilla AA (Albañilería) 1Of y 1Ay","hora",null,null,{"$f":"F16","v":16375}]
[null,"Ayudante A","jor",0.125,{"$f":"+$F$5","v":27362},{"$f":"+D11*E11","v":3420.25}]
[null,"Oficial A","jor",0.125,{"$f":"+$F$6","v":39657},{"$f":"+D12*E12","v":4957.125}]
[null,"Subtotal",null,null,null,{"$f":"SUM(F11:F12)","v":8377.375}]
[null,"Factor prestacional de ingreso por hora efectiva / base hora laboral","%",{"$f":"+HLOOKUP($C$5,'[4]PRESTACIONES DNP'!$C$44:$K$46,3)-100%","v":0.96553039845136035},null,{"$f":"F11*D14","v":3302.355345303265}]
[null,null,null,{"$f":"+HLOOKUP($C$6,'[4]PRESTACIONES DNP'!$C$44:$K$46,3)-100%","v":0.94708926256137826},null,{"$f":"F12*D15","v":4694.8398606745723}]
[null,"Total hora ",null,null,null,{"$f":"+ROUND(F13+F14+F15,0)","v":16375}]
[]
["cd2","Cuadrilla AA 1Of+2Ay (Albañilería)","hora",null,null,{"$f":"F24","v":23097}]
[null,"Ayudante A","jor",0.25,{"$f":"+$F$5","v":27362},{"$f":"+D19*E19","v":6840.5}]
[null,"Oficial A","jor",0.125,{"$f":"+$F$6","v":39657},{"$f":"+D20*E20","v":4957.125}]
[null,"Subtotal",null,null,null,{"$f":"SUM(F19:F20)","v":11797.625}]
[null,"Factor prestacional de ingreso por hora efectiva / base hora laboral","%",{"$f":"+HLOOKUP($C$5,'[4]PRESTACIONES DNP'!$C$44:$K$46,3)-100%","v":0.96553039845136035},null,{"$f":"+F19*D22","v":6604.7106906065301},null,null,""]
[null,null,null,{"$f":"+HLOOKUP($C$6,'[4]PRESTACIONES DNP'!$C$44:$K$46,3)-100%","v":0.94708926256137826},null,{"$f":"+F20*D23","v":4694.8398606745723}]
[null,"Total hora ",null,null,null,{"$f":"+ROUND(F21+F22+F23,0)","v":23097}]
[]
["cd3","Cuadrilla AA (Albañilería)   1 Ay","hora",null,null,{"$f":"F32","v":6723}]
[null,"Ayudante A","jor",0.125,{"$f":"+$F$5","v":27362},{"$f":"+D27*E27","v":3420.25}]
[null,"Oficial A","jor",0,{"$f":"+$F$6","v":39657},{"$f":"+D28*E28","v":0}]
[null,"Subtotal",null,null,null,{"$f":"SUM(F27:F28)","v":3420.25}]
[null,"Factor prestacional de ingreso por hora efectiva / base hora laboral","%",{"$f":"+HLOOKUP($C$5,'[4]PRESTACIONES DNP'!$C$44:$K$46,3)-100%","v":0.96553039845136035},null,{"$f":"+F27*D30","v":3302.355345303265}]
[null,null,null,{"$f":"+HLOOKUP($C$6,'[4]PRESTACIONES DNP'!$C$44:$K$46,3)-100%","v":0.94708926256137826},null,{"$f":"+F28*D31","v":0}]
[null,"Total hora ",null,null,null,{"$f":"+ROUND(F29+F30+F31,0)","v":6723}]

{"sheet":"PRESTACIONES DNP","index":10,"n_rows":128,"n_cols":11,"rows_kept":128,"cut":false,"hidden":false,"merged":[[77,9,78,9],[77,10,78,10],[103,1,103,4],[105,4,124,4],[127,1,127,4],[53,8,72,8],[75,6,75,8],[77,2,78,2],[77,3,78,3],[77,4,78,4],[77,5,78,5],[77,6,78,6],[77,7,78,7],[77,8,78,8],[3,1,3,10],[4,1,4,10],[29,1,29,8],[36,1,36,4],[49,1,49,10],[51,2,52,2],[51,3,52,3],[51,4,52,4],[51,5,52,5],[51,6,51,8]]}
[]
[]
[]
[null,"PROYECTO TIPO MEJORAMIENTO DE VÍAS TERCIARIAS  Tramo 1 km"]
[null,"Sueldos y parafiscales personal por salario mínimo"]
[]
[null,"2017-06-01",737717]
[]
[null,"SALARIO ANUAL SMMLV",1,1.2,1.5,1.8,2,2.5,3,3.5,4]
[null,"AUX. TRANS ANUAL SIN DESC (B*12)",{"$f":"+C11*12","v":997680},{"$f":"+D11*12","v":997680},997680,997680,997680,0,0,0,0]
[null,"(B) AUX. TRANS MES",83140,83140,83140,83140,83140]
[null," (A) SALARIO MES",{"$f":"ROUND($C$7*C9,0)","v":737717},{"$f":"ROUND($C$7*D9,0)","v":885260},1106576,1327891,1475434,1844293,2213151,2582010,2950868]
[null,"SUELDO ANUAL (Ax 12)",{"$f":"+ROUND(C12*12,0)","v":8852604},{"$f":"+ROUND(D12*12,0)","v":10623120},13278912,15934692,17705208,22131516,26557812,{"$f":"+ROUND(J12*12,0)","v":30984120},{"$f":"+ROUND(K12*12,0)","v":35410416}]
[null,"(C ) CESANTÍAS (A+B)*10%",{"$f":"+ROUND((C13+C10)*0.1,0)","v":985028},{"$f":"+ROUND((D13+D10)*0.1,0)","v":1162080},1427659,1693237,1870289,2213152,2655781,{"$f":"+ROUND((J13+J10)*0.1,0)","v":3098412},{"$f":"+ROUND((K13+K10)*0.1,0)","v":3541042}]
[null,"VACACIONES (A+B)",{"$f":"+ROUND(C12/2,0)","v":368859},{"$f":"+ROUND(D12/2,0)","v":442630},553288,663946,737717,922147,1106576,{"$f":"+ROUND(J12/2,0)","v":1291005},{"$f":"+ROUND(K12/2,0)","v":1475434}]
[null,"PRIMA (A+B)",{"$f":"+C12+C11","v":820857},{"$f":"+D12+D11","v":968400},1189716,1411031,1558574,1844293,2213151,{"$f":"+J12+J11","v":2582010},{"$f":"+K12+K11","v":2950868}]
[null,"INTERES DE CESANTIA (CX12%)",{"$f":"+ROUND(C14*(1%*12),0)","v":118203},{"$f":"+ROUND(D14*(1%*12),0)","v":139450},171319,203188,224435,265578,318694,{"$f":"+ROUND(J14*(1%*12),0)","v":371809},{"$f":"+ROUND(K14*(1%*12),0)","v":424925}]
[null,"FIC (Fondo  (A+12/40)",{"$f":"+ROUND((C12*12)/40,0)","v":221315},{"$f":"+ROUND((C12*12)/40,0)","v":221315},{"$f":"+ROUND((C12*12)/40,0)","v":221315},{"$f":"+ROUND((C12*12)/40,0)","v":221315},{"$f":"+ROUND((C12*12)/40,0)","v":221315},{"$f":"+ROUND((C12*12)/40,0)","v":221315},{"$f":"+ROUND(($C$12*12)/40,0)","v":221315},{"$f":"+ROUND(($C$12*12)/40,0)","v":221315},{"$f":"+ROUND(($C$12*12)/40,0)","v":221315}]
[null,"AUX. TRANSP CON DESC (B/30)-(360-18)",{"$f":"(C11/30)*(360-18)","v":947796},{"$f":"(D11/30)*(360-18)","v":947796},947796,947796,947796,0,0,{"$f":"(J11/30)*(360-18)","v":0},{"$f":"(K11/30)*(360-18)","v":0}]
[null,"SALUD, ENFERMEDAD GENERAL Y MUERTE SEGÚN CREE",0,0,0,0,0,0,0,0,0]
[null,"PENSIÓN ((A*12)*12%)",{"$f":"+ROUND(C13*12%,0)","v":1062312},{"$f":"+ROUND(D13*12%,0)","v":1274774},1593469,1912163,2124625,2655782,3186937,{"$f":"+ROUND(J13*12%,0)","v":3718094},{"$f":"+ROUND(K13*12%,0)","v":4249250}]
[null,"RIESGOS PROFESIONALES ((A*12)*6,96)",{"$f":"+ROUND((C12*12)*6.96%,0)","v":616141},{"$f":"+ROUND((D12*12)*6.96%,0)","v":739369},924212,1109055,1232282,1540354,1848424,{"$f":"+ROUND((J12*12)*6.96%,0)","v":2156495},{"$f":"+ROUND((K12*12)*6.96%,0)","v":2464565}]
[null,"CAJA DE COMPENSACIÓN (A*12)*4%)",{"$f":"+ROUND((C12*12)*4%,0)","v":354104},{"$f":"+ROUND((D12*12)*4%,0)","v":424925},531156,637388,708208,885261,1062312,{"$f":"+ROUND((J12*12)*4%,0)","v":1239365},{"$f":"+ROUND((K12*12)*4%,0)","v":1416417}]
[null,"SENA SEGÚN CREE",0,0,0,0,0,0,0,0,0]
[null,"ICBF SEGUN CREE",0,0,0,0,0,0,0,0,0]
[null,"DOTACIÓN ",377400,377400,377400,377400,377400,0,0,0,0]
[null,"Implementos de seguridad industrial",172620,172620,172620,172620,172620,172620,172620,172620,172620]
[null,"TOTAL (X)",{"$f":"SUM(C13:C27)","v":14897239},17493879,21388862,25283831,27880469,32852018,39343622,45835245,52326852]
[]
[null,"SALARIO NOMINAL"]
[null,"ANUAL",{"$f":"+C10+C13","v":9850284},11620800,14276592,16932372,18702888,22131516,26557812,30984120,35410416]
[null,"MENSUAL",{"$f":"+C11+C12","v":820857},{"$f":"+D11+D12","v":968400},1189716,1411031,1558574,1844293,2213151,{"$f":"+J11+J12","v":2582010},{"$f":"+K11+K12","v":2950868}]
[null,"DÍA",{"$f":"+C32/30","v":27361.9},{"$f":"+D32/30","v":32280},39657.199999999997,47034.366666666669,51952.466666666667,61476.433333333334,73771.7,{"$f":"+J32/30","v":86067},{"$f":"+K32/30","v":98362.266666666663}]
[null,"HORA",{"$f":"+ROUND(C33/8,0)","v":3420},{"$f":"+ROUND(D33/8,0)","v":4035},4957,5879,6494,7685,9221,{"$f":"+ROUND(J33/8,0)","v":10758},{"$f":"+ROUND(K33/8,0)","v":12295}]
[]
[]
[null,"CÁLCULO DEL SOBRECOSTO PARA HORAS EFECTIVAS TRABAJADAS"]
[null,"(F) SALARIO MÍNIMO ANUAL CON PRESTACIONES",null,{"$f":"+C28","v":14897239}]
[null,"(G) HORAS CALENDARIO ANUALES ","360x8  HORAS",{"$f":"360*8","v":2880}]
[null,"(H) HORAS LABORALESANUALES","52 SEMANAS X48 HORAS",{"$f":"48*52","v":2496}]
[null,"(I) HORAS EFECTIVAS ANUALES","2920-((52DOMINGOS+15 FESTIVOS+3PERMISOS+15DIAS VACACIONES)X8 HORAS)",{"$f":"+(365-53-17-3-15)*8","v":2216}]
[null,"(J) VALOR HORA CALENDARIO  (F/G)",null,{"$f":"+D38/D39","v":5172.6524305555558},1]
[null,"(K) VALOR HORA LABORAL (F/H)",null,{"$f":"+D38/D40","v":5968.4451121794873},{"$f":"+(D43*E42)/D42","v":1.1538461538461537}]
[null,"(L) VALOR HORA EFECTIVA (F/I)",null,{"$f":"+D38/D41","v":6722.5807761732849},{"$f":"+(D44*E43)/D43","v":1.2996389891696749}]
[]
[null,"SALARIO ANUAL SMMLV",1,1.2,1.5,1.8,2,2.5,3,3.5,4]
[null,"PORCENTAJE SALARIO VS SALARIO MÁS ADICIONES ((TOTAL ANUALX100%)/(SUELDO ANUAL+AUXILIO TRANSPORTE ANUAL)",{"$f":"+(C28*100%)/(C10+C13)","v":1.5123664454750747},1.5053936906237093,1.498177015915283,1.4932243988024831,1.4907039490371754,1.4843998034296431,1.481433109022686,1.479314080890469,1.4777248592617493]
[null,"PORCENTAJE HORA EFECTIVA  BASE HORA CALENDARIO ",{"$f":"+C47*$E$44","v":1.9655303984513603},1.9564683343846039,1.9470892625613783,1.9406526482631548,1.9373769734779172,1.9291838600529654,1.9253282283327324,1.9225742567529558,1.9205088423618399]
[]
[null,"SUELDOS Y PARAFISCALES PERSONAL DE OBRA POR ADMINISTRACIÓN"]
[]
[null,null,"DIRECTOR DE OBRA","RESIDENTE DE OBRA","ALMACENISTA","VIGILANTE","COMISION TOPOGRÁFICA"]
[null,null,null,null,null,null,"TOPÓGRAFO","EJERO O CADENERO","ALQUILER EQUIPO"]
[null,null,10,5.5,1.8,1.2,3,1.8,250000]
[null,"SALARIO ANUAL SMMLV",3.5,2.5,1.5,1.2,1,1]
[null,"AUX. TRANS ANUAL SIN DESC (B*12)",1,{"$f":"+D57*12","v":0},{"$f":"+E57*12","v":932400},{"$f":"+F57*12","v":932400},{"$f":"+G57*12","v":932400},{"$f":"+H57*12","v":932400}]
[null,"(B) AUX. TRANS MES",0,0,77700,77700,77700,77700]
[null," (A) SALARIO MES",{"$f":"ROUND(689455*C55,0)","v":2413093},1723638,1034183,827346,689455,689455]
[null,"SUELDO ANUAL (Ax 12)",{"$f":"+ROUND(C58*12,0)","v":28957116},20683656,12410196,9928152,8273460,8273460]
[null,"(C ) CESANTÍAS (A+B)*10%",{"$f":"+ROUND((C59+C56)*0.1,0)","v":2895712},2068366,1334260,1086055,920586,920586]
[null,"VACACIONES (A+B)",{"$f":"+ROUND(C58/2,0)","v":1206547},861819,517092,413673,344728,344728]
[null,"PRIMA (A+B)",{"$f":"+C58+C57","v":2413093},1723638,1111883,905046,767155,767155]
[null,"INTERÉS DE CESANTIA (CX12%)",{"$f":"+ROUND(C60*(1%*12),0)","v":347485},248204,160111,130327,110470,110470]
[null,"FONDO FORMACIÓN PROFESIONAL DEL SENA (A+12/40)",{"$f":"+ROUND((689455*12)/40,0)","v":206837},206837,206837,206837,206837,206837]
[null,"AUX. TRANSP CON DESC (B/30)-(360-18)",{"$f":"(C57/30)*(360-18)","v":0},0,885780,885780,885780,885780]
[null,"SALUD, ENFERMEDAD GENERAL Y MUERTE SEGÚN CREE",0,0,0,0,0,0]
[null,"PENSIÓN ((A*12)*12%)",{"$f":"+ROUND(C59*12%,0)","v":3474854},2482039,1489224,1191378,992815,992815]
[null,"RIESGOS PROFESIONALES ((A*12)*6,96)",{"$f":"+ROUND((C58*12)*6.96%,0)","v":2015415},1439582,863750,690999,575833,575833]
[null,"CAJA DE COMPENSACIÓN (A*12)*4%)",{"$f":"+ROUND((C58*12)*4%,0)","v":1158285},827346,496408,397126,330938,330938]
[null,"SENA SEGÚN CREE",0,0,0,0,0,0]
[null,"ICBF SEGÚN CREE",0,0,0,0,0,0]
[null,"DOTACIÓN ",0,0,405900,405900,405900,405900]
[null,"EXAMEN MÉDICO",336280,336280,336280,336280,336280,336280]
[null,"TOTAL (X)",{"$f":"SUM(C59:C73)-6","v":43011618},{"$f":"SUM(D59:D73)+3","v":30877770},{"$f":"SUM(E59:E73)","v":20217721},{"$f":"SUM(F59:F73)","v":16577553},{"$f":"SUM(G59:G73)","v":14150782},{"$f":"SUM(H59:H73)","v":14150782},{"$f":"+I54*12","v":3000000}]
[null,"TOTAL MES ",{"$f":"ROUND(C74/12,0)","v":3584302},{"$f":"D74/12","v":2573147.5},1684810.0833333333,1381462.75,1179231.8333333333,1179231.8333333333,250000]
[null,null,null,null,null,null,{"$f":"+G75+H75+I75","v":2608463.6666666665}]
[]
[null,null,"RECURSOS HUMANOS  ","MAESTRO AUXILIAR","CONTRAMAESTRO","EJERO","OFICIALES","AYUDANTES","TECNICO EN SEGURIDAD INDUSTRIAL","AUXILIAR ADMINISTRATIVO","MAESTRO GENERAL"]
[]
[null,null,3.5,2,1.8,1.5,2,1.2,3.5,3.5,3]
[null,"SALARIO ANUAL SMMLV",2.2999999999999998,2,1.8,1.5,2,1.2,2.2999999999999998,1,2.2999999999999998]
[null,"AUX TRANS ANUAL SIN DESC (B*12)",{"$f":"+C83*12","v":0},932400,932400,932400,932400,932400,{"$f":"+I83*12","v":0},{"$f":"+J83*12","v":0},{"$f":"+K83*12","v":0}]
[null,"(B) AUX TRANS MES",0,77700,77700,77700,77700,77700,0,0,0]
[null," (A) SALARIO MES",{"$f":"ROUND(689455*C81,0)","v":1585747},1378910,1241019,1034183,1378910,827346,{"$f":"ROUND(689455*I81,0)","v":1585747},{"$f":"ROUND(689455*J81,0)","v":689455},{"$f":"ROUND(689455*K81,0)","v":1585747}]
[null,"SUELDO ANUAL (Ax 12)",{"$f":"+ROUND(C84*12,0)","v":19028964},16546920,14892228,12410196,16546920,9928152,{"$f":"+ROUND(I84*12,0)","v":19028964},{"$f":"+ROUND(J84*12,0)","v":8273460},{"$f":"+ROUND(K84*12,0)","v":19028964}]
[null,"(C ) CESANTÍAS (A+B)*10%",{"$f":"+ROUND((C85+C82)*0.1,0)","v":1902896},1747932,1582463,1334260,1747932,1086055,{"$f":"+ROUND((I85+I82)*0.1,0)","v":1902896},{"$f":"+ROUND((J85+J82)*0.1,0)","v":827346},{"$f":"+ROUND((K85+K82)*0.1,0)","v":1902896}]
[null,"VACACIONES (A+B)",{"$f":"+ROUND(C84/2,0)","v":792874},689455,620510,517092,689455,413673,{"$f":"+ROUND(I84/2,0)","v":792874},{"$f":"+ROUND(J84/2,0)","v":344728},{"$f":"+ROUND(K84/2,0)","v":792874}]
[null,"PRIMA (A+B)",{"$f":"+C84+C83","v":1585747},1456610,1318719,1111883,1456610,905046,{"$f":"+I84+I83","v":1585747},{"$f":"+J84+J83","v":689455},{"$f":"+K84+K83","v":1585747}]
[null,"INTERÉS DE CESANTIA (CX12%)",{"$f":"+ROUND(C86*(1%*12),0)","v":228348},209752,189896,160111,209752,130327,{"$f":"+ROUND(I86*(1%*12),0)","v":228348},{"$f":"+ROUND(J86*(1%*12),0)","v":99282},{"$f":"+ROUND(K86*(1%*12),0)","v":228348}]
[null,"FONDO FORMACIÓN PROFESIONAL DEL SENA (A+12/40)",{"$f":"+ROUND((C84*12)/40,0)","v":475724},{"$f":"+ROUND((D84*12)/40,0)","v":413673},{"$f":"+ROUND((E84*12)/40,0)","v":372306},{"$f":"+ROUND((F84*12)/40,0)","v":310255},{"$f":"+ROUND((689455*12)/40,0)","v":206837},{"$f":"+ROUND((689455*12)/40,0)","v":206837},{"$f":"+ROUND((I84*12)/40,0)","v":475724},{"$f":"+ROUND((J84*12)/40,0)","v":206837},{"$f":"+ROUND((K84*12)/40,0)","v":475724}]
[null,"AUX. TRANSP CON DESC (B/30)-(360-18)",{"$f":"(C83/30)*(360-18)","v":0},885780,885780,885780,885780,885780,{"$f":"(I83/30)*(360-18)","v":0},{"$f":"(J83/30)*(360-18)","v":0},{"$f":"(K83/30)*(360-18)","v":0}]
[null,"SALUD, ENFERMEDAD GENERAL Y MUERTE SEGÚN CREE",0,0,0,0,0,0,0,0,0]
[null,"PENSIÓN ((A*12)*12%)",{"$f":"+ROUND(C85*12%,0)","v":2283476},1985630,1787067,1489224,1985630,1191378,{"$f":"+ROUND(I85*12%,0)","v":2283476},{"$f":"+ROUND(J85*12%,0)","v":992815},{"$f":"+ROUND(K85*12%,0)","v":2283476}]
[null,"RIESGOS PROFESIONALES ((A*12)*6,96)",{"$f":"+ROUND((C84*12)*6.96%,0)","v":1324416},1151666,1036499,863750,1151666,690999,{"$f":"+ROUND((I84*12)*6.96%,0)","v":1324416},{"$f":"+ROUND((J84*12)*6.96%,0)","v":575833},{"$f":"+ROUND((K84*12)*6.96%,0)","v":1324416}]
[null,"CAJA DE COMPENSACIÓN (A*12)*4%)",{"$f":"+ROUND((C84*12)*4%,0)","v":761159},661877,595689,496408,661877,397126,{"$f":"+ROUND((I84*12)*4%,0)","v":761159},{"$f":"+ROUND((J84*12)*4%,0)","v":330938},{"$f":"+ROUND((K84*12)*4%,0)","v":761159}]
[null,"SENA SEGÚN CREE",0,0,0,0,0,0,0,0,0]
[null,"ICBF SEGÚN CREE",0,0,0,0,0,0,0,0,0]
[null,"DOTACIóN ",0,405900,405900,405900,405900,405900,0,0,405900]
[null,"EXAMEN MÉDICO",336280,336280,336280,336280,336280,336280,336280,336280,336280]
[null,"TOTAL ANUAL (X)",{"$f":"SUM(C85:C99)","v":28719884},26491475,24023337,20321139,26284639,16577553,{"$f":"SUM(I85:I99)","v":28719884},{"$f":"SUM(J85:J99)","v":12676974},{"$f":"SUM(K85:K99)","v":29125784}]
[null,"TOTAL MES ",{"$f":"C100/12","v":2393323.6666666665},2207622.9166666665,2001944.75,1693428.25,2190386.5833333335,1381462.75,2393323.6666666665,1056414.5,2427148.6666666665]
[]
[]
[null,"COMISIÓN TOPOGRÁFICA"]
[null,"TOPÓGRAFO","EJERO O CADENERO","AYUDANTE","ALQUILER EQUIPO"]
[null,3,1.8,1.2,166766.32999999999]
[null,1,0.8,0.8]
[null,{"$f":"+B109*12","v":932400},{"$f":"+C109*12","v":932400},{"$f":"+D109*12","v":932400}]
[null,77700,77700,77700]
[null,{"$f":"ROUND(689455*B107,0)","v":689455},{"$f":"ROUND(689455*C107,0)","v":551564},{"$f":"ROUND(689455*D107,0)","v":551564}]
[null,{"$f":"+ROUND(B110*12,0)","v":8273460},{"$f":"+ROUND(C110*12,0)","v":6618768},{"$f":"+ROUND(D110*12,0)","v":6618768}]
[null,{"$f":"+ROUND((B111+B108)*0.1,0)","v":920586},{"$f":"+ROUND((C111+C108)*0.1,0)","v":755117},{"$f":"+ROUND((D111+D108)*0.1,0)","v":755117}]
[null,{"$f":"+ROUND(B110/2,0)","v":344728},{"$f":"+ROUND(C110/2,0)","v":275782},{"$f":"+ROUND(D110/2,0)","v":275782}]
[null,{"$f":"+B110+B109","v":767155},{"$f":"+C110+C109","v":629264},{"$f":"+D110+D109","v":629264}]
[null,{"$f":"+ROUND(B112*(1%*12),0)","v":110470},{"$f":"+ROUND(C112*(1%*12),0)","v":90614},{"$f":"+ROUND(D112*(1%*12),0)","v":90614}]
[null,{"$f":"+ROUND((689455*12)/40,0)","v":206837},{"$f":"+ROUND((689455*12)/40,0)","v":206837},{"$f":"+ROUND((689455*12)/40,0)","v":206837}]
[null,{"$f":"(B109/30)*(360-18)","v":885780},{"$f":"(C109/30)*(360-18)","v":885780},{"$f":"(D109/30)*(360-18)","v":885780}]
[null,0,0,0]
[null,{"$f":"+ROUND(B111*12%,0)","v":992815},{"$f":"+ROUND(C111*12%,0)","v":794252},{"$f":"+ROUND(D111*12%,0)","v":794252}]
[null,{"$f":"+ROUND((B110*12)*6.96%,0)","v":575833},{"$f":"+ROUND((C110*12)*6.96%,0)","v":460666},{"$f":"+ROUND((D110*12)*6.96%,0)","v":460666}]
[null,{"$f":"+ROUND((B110*12)*4%,0)","v":330938},{"$f":"+ROUND((C110*12)*4%,0)","v":264751},{"$f":"+ROUND((D110*12)*4%,0)","v":264751}]
[null,0,0,0]
[null,0,0,0]
[null,405900,405900,405900]
[null,336280,336280,336280]
[null,{"$f":"SUM(B111:B125)","v":14150782},{"$f":"SUM(C111:C125)","v":11724011},{"$f":"SUM(D111:D125)","v":11724011},{"$f":"+E106*12","v":2001195.96}]
[null,{"$f":"B126/12","v":1179231.8333333333},{"$f":"C126/12","v":977000.91666666663},{"$f":"D126/12","v":977000.91666666663},{"$f":"E126/12","v":166766.32999999999}]
[null,{"$f":"+B127+C127+D127+E127","v":3299999.9966666666}]

{"sheet":"Interventoría DNP","index":11,"n_rows":63,"n_cols":10,"rows_kept":63,"cut":false,"hidden":false,"merged":[[8,1,9,1],[8,2,9,2],[2,1,4,3],[2,4,4,6],[2,7,4,8],[6,1,6,8],[7,1,7,8],[56,1,56,9],[57,2,57,8],[58,2,58,8],[62,1,63,9],[20,1,20,8],[21,1,21,8],[22,1,22,9],[23,1,23,9],[24,8,24,9],[55,2,55,8]]}
[]
[]
[null,null,null,null,"PROYECTO TIPO MEJORAMIENTO DE VÍAS TERCIARIAS  Tramo 1 km",null,null,"AVAL"]
[]
[]
[]
[null,"CÁLCULO DETALLADO DEL VALOR DE LA INTERVENTORÍA "]
[null,"INTERVENTORÍA TÉCNICA, ADMINISTRATIVA Y FINANCIERA PARA LA CONSTRUCCIÓN DEL PROYECTO TIPO DE MEJORAMIENTO DE VÍA TERCIARIA"]
[null,"N°","CONCEPTO","A","B","C","D","E","F"]
[null,null,null,"SUELDO MES BÁSICO","CANTIDAD","% DE DEDICACIÓN","VALOR MES (A * B * C)","N° DE MESES","TOTAL PARCIAL\n(D * E)"]
[null,1,"PERSONAL"]
[null,1.1000000000000001,"PERSONAL DE SUPERVISIÓN"]
[null,"1.1.1","Director de Interventoría (Cat. 2)",5088054,1,0.2,{"$f":"ROUND(D13*E13*F13,0)","v":1017611},5,{"$f":"ROUND(G13*H13,0)","v":5088055}]
[null,"1.1.2","Ingenieros/Arquitecto  Residentes de de Interventoría  (Cat. 5)",3000800,1,0.80084715022458886,{"$f":"ROUND(D14*E14*F14,0)","v":2403182},5,{"$f":"ROUND(G14*H14,0)","v":12015910}]
[null,1.3,"PERSONAL DE APOYO"]
[null,"1.3.1","Contador",4355000,1,0.05,217750,4,871000]
[null,"1.3.2","Auxiliar de oficina",878090,1,0.4,351236,4,1404944]
[null,"1.3.3","Comisión de topografía",4500000,1,0.05,225000,4,900000]
[null,"1.3.4","Otros",600000,1,5.0000884955752216E-2,30001,2,60002]
[null,null,null,null,null,null,null,"SUBTOTAL COSTOS DE PERSONAL",{"$f":"+SUM(I13:I19)","v":20339911}]
[]
[null,"CALCULO DEL FACTOR MULTIPLICADOR"]
[]
[null,"OTROS COSTOS DIRECTOS"]
[null,null,null,null,null,null,null,null,"%"]
[null,"A","NÓMINA BASE DE CÁLCULO",null,null,null,null,null,null,1]
[]
[null,"B","PRESTACIONES SOCIALES",null,null,null,null,null,null,{"$f":"+SUM(I29:I35)","v":0.40793333333333331}]
[null,null,"Seguridad social SALUD",null,null,null,null,null,0]
[null,null,"Seguridad social PENSIÓN",null,null,null,null,null,0.12]
[null,null,"Seguridad social ARL",null,null,null,null,null,6.9599999999999995E-2]
[null,null,"Cesantías",null,null,null,null,null,{"$f":"1/12","v":8.3333333333333329E-2}]
[null,null,"Intereses sobre cesantías",null,null,null,null,null,{"$f":"+I32*0.12","v":9.9999999999999985E-3}]
[null,null,"Prima anual",null,null,null,null,null,{"$f":"1/12","v":8.3333333333333329E-2}]
[null,null,"Vacaciones",null,null,null,null,null,{"$f":"+I34/2","v":4.1666666666666664E-2}]
[null,"C","GASTOS DIRECTOS",null,null,null,null,"subtotal",null,{"$f":"+SUM(I37:I42)","v":0.43345405985306429}]
[null,null,"Alquiler de oficina",250000,4,null,null,{"$f":"+D37*E37","v":1000000},{"$f":"+H37/$I$20","v":4.9164423580811148E-2}]
[null,null,"Alquiler Equipos de oficina (2PC + 1 impresora)",360000,4,null,null,1440000,7.079676995636805E-2]
[null,null,"Alquiler mobiliario basico ",120000,4,null,null,480000,2.359892331878935E-2]
[null,null,"Dotacion personal (cada 6 meses)",1416417,1,null,null,1416417,6.9637325355061785E-2]
[null,null,"Servicios Públicos (energia  - acueducto)",120000,4,null,null,480000,2.359892331878935E-2]
[null,null,"Gastos de viaje - viaticos",1000000,4,null,null,4000000,0.19665769432324459]
[null,"D","GASTOS GENERALES",null,null,null,null,"subtotal",null,{"$f":"+SUM(I44:I50)","v":0.2216540310820436}]
[null,null,"Personal administrativo no facturado ",2803324.6,4,0.25,null,{"$f":"+D44*E44*F44","v":2803324.6},{"$f":"+H44/$I$20","v":0.13782383806890797}]
[null,null,"Utiles oficina ",50000,1,null,null,{"$f":"+D45*E45","v":50000},{"$f":"+H45/$I$20","v":2.4582211790405571E-3}]
[null,null,"Fotocopias e impresiones",50000,4,null,null,{"$f":"+D46*E46","v":200000},{"$f":"+H46/$I$20","v":9.8328847161622285E-3}]
[null,null,"Comunicaciones (telefonía móvil e internet)",200000,4,null,null,{"$f":"+D47*E47","v":800000},{"$f":"+H47/$I$20","v":3.9331538864648914E-2}]
[null,null,"Inducción de personal",350000,1,null,null,{"$f":"+D48*E48","v":350000},{"$f":"+H48/$I$20","v":1.72075482532839E-2}]
[null,null,"Asesoría legal",null,null,null,null,null,0.01]
[null,null,"Depreciación de mobiliario",null,null,null,null,null,5.0000000000000001E-3]
[null,null,"Seguros oficina del consultor",null,null,null,null,null,2.2700000000000001E-2]
[null,"D","GASTOS DE PERFECCIONAMIENTO",null,null,null,null,null,null,0.1125]
[]
[null,"E","HONORARIOS",null,null,null,null,null,null,{"$f":"0.2*(J52+J43+J36+J28+J26)","v":0.43510828485368824}]
[null,null,"Honorarios estimados sobre el FM - según consultor"," ",null,null,null,null,0.2]
[null,null,"SUBTOTAL OTROS COSTOS DIRECTOS",null,null,null,null,null,null,{"$f":"+SUM(J26:J55)","v":2.610649709122129}]
[null,"RESUMEN GENERAL"]
[null,null,"SUBTOTAL COSTOS DE PRESONAL",null,null,null,null,null,null,{"$f":"+I20","v":20339911}]
[null,null,"FACTOR MULTIPLICADOR",null,null,null,null,"IVA",0.19,{"$f":"+J56","v":2.610649709122129}]
[]
[null,null,null,null,null,null,null,null,"TOTAL OFERTA",{"$f":"+J59*J58","v":53100382.735719994}]
[]
[null,"El analisis de costo presentado es indicativo, cada entidad territorial tiene la responsabilidad de ajustralos y presentar el correspondiente analisis detallado, de acuerdo a sus condiciones locales particulares. "]

{"sheet":"LISTA_APUS_DNP","index":12,"n_rows":40,"n_cols":7,"rows_kept":40,"cut":false,"hidden":false,"merged":[]}
[]
[]
[]
["CONSEC.","COD. APU","DESCRIPCIÓN","UND","Fecha","ESTADO","V/UNIT"]
[null,"APU-DNP1","LOCALIZACIÓN Y REPLANTEO","m²"]
[27,"APU-DNP2","EXCAVACIÓN MECÁNICA EN MATERIAL COMÚN A NIVEL DE SUBRASANTE  (INCLUYE RETIRO DE SOBRANTES, TRANSPORTE HASTA ESCOMBRERA Y DERECHO DE BOTADERO)","m³","2019-01-11","Activo"]
[28,"APU-DNP3","CONFORMACIÓN DE LA SUBRASANTE","m²","2019-01-11","Activo"]
[29,"APU-DNP4","SUBBASE GRANULAR (INCLUYE SUMINISTRO, EXTENDIDO, NIVELACIÓN, HUMEDECIDO Y COMPACTACIÓN)  ","m³","2019-01-11","Activo"]
[30,"APU-DNP5","EXCAVACIÓN MANUAL H= 0,15 M Y A= 0,20 M PARA RIOSTRAS DE PLACA HUELLA (INCLUYE RETIRO DE SOBRANTES, TRANSPORTE HASTA ESCOMBRERA Y DERECHO DE BOTADERO)  ","m³","2019-01-11","Activo"]
[31,"APU-DNP6","CONCRETO DE 210 KG/CM² (3.000 PSI) HUELLAS","m³","2019-01-11","Activo"]
[32,"APU-DNP7","CONCRETO CICLÓPEO PARA PLACA HUELLA (PIEDRA PEGADA)","m³","2019-01-11","Activo"]
[33,"APU-DNP8","CONCRETO DE 210 KG/CM² (3.000 PSI) PARA RIOSTRAS DE PLACA HUELLA","m³","2019-01-11","Activo"]
[34,"APU-DNP9","ACERO DE REFUERZO 4.200 KG/CM² (60.000 PSI) PARA HUELLAS Y RIOSTRAS","kg","2019-01-11","Activo"]
[35,"APU-DNP10","MEJORAMIENTO DE LA SUBRASANTE CON ADICIÓN DE MATERIALES","m³","2019-01-11","Activo"]
[36,"APU-DNP11","BASE TRATADA CON CEMENTO RESISTENCIA R-3.5 (INCLUYE SUMINISTRO DE CEMENTO)","m³","2019-01-11","Activo"]
[37,"APU-DNP12","BASE ESTABILIZADA CON EMULSIÓN ASFÁLTICA TIPO BEE-38","m³","2019-01-12","Activo"]
[38,"APU-DNP13","BASE GRANULAR ESTABILIZADA MECÁNICAMENTE (BASE GRANULAR CLASE C)","m³","2019-01-12","Activo"]
[39,"APU-DNP14","LECHADA ASFÁLTICA CON EMULSIÓN CRL-1HM, TIPO LA-5","m²","2019-01-12","Activo"]
[40,"APU-DNP15","TRATAMIENTO SUPERFICIAL DOBLE CON EMULSIÓN CRR-2 TIPO 1","m²","2019-01-12","Activo"]
[41,"APU-DNP16","EXCAVACIÓN MANUAL","m³","2019-01-12","Activo"]
[42,"APU-DNP17","RELLENO CON ARENA PROTECCIÓN TUBERIA","m³","2019-01-12","Activo"]
[43,"APU-DNP18","CONCRETO PARA ESTRUCTURAS RESISTENCIA DE 210 kg/cm² (3.000 PSI)","m³","2019-01-12","Activo"]
[null,"APU-DNP19","TUBERÍA DE DIÁMETRO 0,9 M (36\") EN CONCRETO PARA CADA ALCANTARILLA","m"]
[44,"APU-DNP20","CONCRETO PARA CUNETAS RESISTENCIA DE 210 KG/CM² (3.000 PSI)","m³","2019-01-12","Activo"]
[26,"APU-DNP21","DISIPADORES DE ENERGIA EN CONCRETO CICLOPEO","m³","2019-01-11","Activo"]
[null,"APU-DNP22","CONCRETO PARA SOLADO DE NIVELACIÓN RESISTENCIA DE 140 KG/CM² (2.000 PSI)","m³"]
[45,"APU-DNP23","PANELES DE CONCRETO PARA MUROS DE TIERRA ESTABILIZADA MECÁNICAMENTE","m²","2019-01-14","Activo"]
[46,"APU-DNP24","EXCAVACIÓN DE MATERIAL COMÚN PARA INSTALACIÓN DE MUROS","m³","2019-01-14","Activo"]
[47,"APU-DNP25","RELLENO GRANULAR PARA INSTALACIÓN DE MUROS DE CONTENCIÓN","m³","2019-01-14","Activo"]
[48,"APU-DNP26","SOLERA DE NIVELACIÓN PARA MUROS DE CONTENCIÓN","m³","2019-01-14","Activo"]
[49,"APU-DNP27","PLETINA EN ALTERNATIVA DE MUROS DE TIERRA ESTABILIZADA MECÁNICAMENTE CON PANELES DE CONCRETO CASO DE UN MURO SIN TALUD A BORDE DE VÍA","m","2019-01-14","Activo"]
[null,"APU-DNP28","CONCRETO F'C=21 MPA PARA CONSTRUCCIÓN MURO DE CONTENCIÓN","m³"]
[null,"APU-DNP29","GEOTEXTIL NT 1600 PARA CONSTRUCCIÓN MURO DE CONTENCIÓN","m²"]
[50,"APU-DNP30","RELLENO EN MATERIAL FILTRANTE PARA CONSTRUCCION MURO DE CONTENCIÓN","m³","2019-01-15","Activo"]
[null,"APU-DNP31","SUMINISTRO E INSTALACIÓN DE GAVIONES PREFABRICADOS","m³"]
[null,"APU-DNP32","CONCRETO DE 210 kg/cm² (3.000 PSI)","m³",null,null,{"$f":"+IFERROR(VLOOKUP($B36,APUS_RANGO,11,FALSE),\"\")","v":""}]
[null,"APU-DNP33","MORTERO 1:3 PARA DILATACIONES ","m³",null,null,{"$f":"+IFERROR(VLOOKUP($B37,APUS_RANGO,11,FALSE),\"\")","v":""}]
[null,"APU-DNP34","CONCRETO DE 140 kg/cm²","m³",null,null,{"$f":"+IFERROR(VLOOKUP($B38,APUS_RANGO,11,FALSE),\"\")","v":""}]
[null,"APU-DNP35","MORTERO 1:3 PARA ANILLOS","m³",null,null,{"$f":"+IFERROR(VLOOKUP($B39,APUS_RANGO,11,FALSE),\"\")","v":""}]
[null,"APU-DNP36","CONCRETO RESISTENCIA 21 (MPa)","m³",null,null,{"$f":"+IFERROR(VLOOKUP($B40,APUS_RANGO,11,FALSE),\"\")","v":""}]

{"sheet":"LISTA_APUS","index":13,"n_rows":38,"n_cols":8,"rows_kept":38,"cut":false,"hidden":false,"merged":[]}
[]
[]
[]
["CONSEC.","COD. APU","DESCRIPCIÓN","UND","Fecha","ESTADO","V/UNIT","Columna1"]
[1,"APU1",{"$f":"+IFERROR(VLOOKUP($B5,Nombre_APU,3,FALSE),\"\")","v":"LOCALIZACIÓN Y REPLANTEO"},{"$f":"+IFERROR(VLOOKUP($B5,Nombre_APU,4,FALSE),\"\")","v":"m"},null,null,{"$f":"+IFERROR(VLOOKUP($B5,APUS_RANGO,11,FALSE),\"\")","v":""},"APU1"]
[2,"APU2","EXCAVACION SIN CLASIFICAR DE LA EXPLANACION Y CANALES","m³",null,null,6661,"APU2"]
[3,"APU3","RELLENO PARA ESTRUCTURAS CON MATERIAL IMPORTADO","m³",null,null,2420,"APU3"]
[4,"APU4","RETIRO MATERIAL DE EXCAVACIÓN (Incluye transporte)","m³",null,null,20935,"APU4"]
[5,"APU5","CONFORMACION DE CALZADA EXISTENTE","m²",null,null,959,"APU5"]
[6,"APU6","SUB-BASE GRANULAR (incluye suministro, extendido, nivelación, humedecido y compactación)   ","m³",null,null,93516,"APU6"]
[7,"APU7","CONCRETO 21 MPA (CLASE D)","m³","00:00:00",null,550989,"APU7"]
[8,"APU8",{"$f":"+IFERROR(VLOOKUP($B12,Nombre_APU,3,FALSE),\"\")","v":"PIEDRA PEGADA"},{"$f":"+IFERROR(VLOOKUP($B12,Nombre_APU,4,FALSE),\"\")","v":"m³"},null,null,370997,"APU8"]
[9,"APU9",{"$f":"+IFERROR(VLOOKUP($B13,Nombre_APU,3,FALSE),\"\")","v":"ACERO REFUERZO FLEJADO 60000 PSI - 420 Mpa"},"kg",null,null,4302,"APU9"]
[10,"APU10",{"$f":"+IFERROR(VLOOKUP($B14,Nombre_APU,3,FALSE),\"\")","v":"SEÑAL VERTICAL DE TRANSITO TIPO 1 CON LAMINA RETRORREFLECTIVA TIPO III 75X75 cm"},"Und",null,null,502123,"APU10"]
[11,"APU11","TRANPORTE DE MAQUINARIA","km",null,null,30769,"APU11"]
[12,"APU12",{"$f":"+IFERROR(VLOOKUP($B16,Nombre_APU,3,FALSE),\"\")","v":"BORDILLO PREFABRICADO A15 (15x35x80cm)"},"m",null,null,50812,"APU12"]
[13,"APU13",{"$f":"+IFERROR(VLOOKUP($B17,Nombre_APU,3,FALSE),\"\")","v":"LOCALIZACIÓN Y REPLANTEO"},"m²",null,null,3222,"APU13"]
[14,"APU14",{"$f":"+IFERROR(VLOOKUP($B18,Nombre_APU,3,FALSE),\"\")","v":"EXCAVACIONES VARIAS EN MATERIAL COMUN EN SECO (Incluye retiro)"},"m³",null,null,23078,"APU14"]
[15,"APU15","MORTERO 1:3","m³",null,null,{"$f":"+'APU BÁSICO'!K91","v":404847},"APU15"]
[16,"APU16",{"$f":"+IFERROR(VLOOKUP($B20,Nombre_APU,3,FALSE),\"\")","v":"LOCALIZACIÓN Y REPLANTEO"},{"$f":"+IFERROR(VLOOKUP($B20,Nombre_APU,4,FALSE),\"\")","v":"und"},null,null,{"$f":"+IFERROR(VLOOKUP($B20,APUS_RANGO,11,FALSE),\"\")","v":213819},"APU16"]
[17,"APU17"," DEMOLICION DE ESTRUCTURAS","m³",null,null,106842,"APU17"]
[18,"APU18"," CONCRETO SIMPLE 14 MPa (CLASE F) PARA ATRAQUE ","m³",null,null,286353,"APU18"]
[19,"APU19","GAVIÓNES MALLA ALAMBRE DE ACERO ENTRELAZADO  CLASE 1; RECUBRIMIENTO ZINC (GALV)","m³",null,null,172053,"APU19"]
[20,"APU20","GEOTEXTIL TIPO NT-2500 O SIMILAR NO TEJIDO ","m²",null,null,8361,"APU20"]
[21,"APU21","GEOTEXTIL NO TEJIDO 1600","m²",null,null,5611,"APU21"]
[22,"APU22","FILTRO EN GRAVA FINA","m³",null,null,175313,"APU22"]
[23,"APU23","TUBERÍA DE DRENAJE DE Ø = 4\"","m",null,null,31338,"APU23"]
[24,"APU24","CONCRETO 14 MPA (CLASE F) PARA SOLADO","m³",null,null,286353,"APU24"]
[25,"APU25","TUBERIA EN CONCRETO REFORZADO 21 MPa - D=900 mm ","m",null,null,559377,"APU25"]
[26,"APU26","CARACTERIZACIÓN VIAL","km",null,null,696696,"APU26"]
[27,"APU27","CONCRETO BÁSICO 21 Mpa","m³","2019-02-15",null,{"$f":"+APU20_BASICO","v":345238},"APU27"]
[28,"APU28","CONCRETO BÁSICO 14 Mpa","m³","2019-02-15",null,{"$f":"+APU21_BASICO","v":280338},"APU28"]
[29,"APU29",{"$f":"+IFERROR(VLOOKUP($B33,Nombre_APU,3,FALSE),\"\")","v":"MEJORAMIENTO DE LA SUBRASANTE CON ADICIÓN DE MATERIALES"},{"$f":"+IFERROR(VLOOKUP($B33,Nombre_APU,4,FALSE),\"\")","v":"m³"},"2019-06-17","Activo",{"$f":"+IFERROR(VLOOKUP($B33,APUS_RANGO,11,FALSE),\"\")","v":45080}]
[30,"APU30","BASE TRATADA CON CEMENTO RESISTENCIA R-3.5 (incluye suministro de cemento) ","m³","2019-06-17","Activo",154264]
[31,"APU31","LECHADA ASFÁLTICA CON EMULSIÓN CRL-1HM, TIPO LA-5","m²",null,null,3905]
[32,"APU32","TRATAMIENTO SUPERFICIAL DOBLE CON EMULSIÓN CRR-2, TIPO 1","m²",null,null,13419]
[33,"APU33","BASE ESTABILIZADA CON EMULSIÓN ASFÁLTICA TIPO BEE - 38","m³",null,null,300861]
[34,"APU34","BASE GRANULAR ESTABILIZADA MECÁNICAMENTE (Base Granular Clase C)","m³",null,null,86769]

{"sheet":"CANT_ALCANT_AA","index":14,"n_rows":77,"n_cols":8,"rows_kept":77,"cut":false,"hidden":false,"merged":[[4,0,4,7],[5,0,6,0],[17,0,17,6],[23,0,23,6],[25,0,25,6],[26,0,27,0],[33,0,33,6],[67,0,67,6],[70,0,70,7],[71,0,72,0],[76,0,76,7],[41,0,41,7],[43,0,43,7],[44,0,45,0],[55,0,55,7],[56,0,57,0]]}
[]
[]
[]
[]
["DEMOLICIÓN ALETA"]
["ELEMENTO","LONG","ALTURA/ANCHO 1","ALTURA/ANCHO 2","ALTURA/ANCHO PROM","ESPESOR","CANT","VOLUMEN"]
[null,"m","m","m","m","m","und","m3"]
["MURO FRONTAL",1.8,null,null,2.25,0.25,1,{"$f":"ROUND(B8*E8*F8*G8,2)","v":1.01}]
["ALETAS",1.8,2.25,1.5,{"$f":"(C9+D9)/2","v":1.875},0.25,2,{"$f":"ROUND(B9*E9*F9*G9,2)","v":1.69}]
["ZAPATA MURO ",1.8,null,null,1.2,0.3,1,0.65]
["ZAPATA ALETAS",1.8,null,null,1.2,0.3,2,1.3]
["LOSA ",1.27,4.3499999999999996,1.8,{"$f":"(C12+D12)/2","v":3.0749999999999997},0.2,1,0.78]
["DENTELLÓN LOSA ",4.3499999999999996,null,null,0.3,0.25,1,0.33]
["GUARDA RUEDA",1.8,null,null,0.2,0.25,1,0.09]
[null,null,null,null,null,null,"TOTAL",{"$f":"SUM(H8:H14)","v":5.8500000000000005}]
[]
[]
["DEMOLICIÓN TUBERÍA"]
["ELEMENTO","LONG. ","DIÁMETRO","AREA/TUBO","VOL/TUBO","LONG ALC","VOL/ALC"]
[null,"m","m","m2","m3","m","m3"]
["TUBO DE 24\"",1,{"$f":"ROUND((24*2.54/100),2)","v":0.61},{"$f":"ROUND((3.1416*(C21/2)*(C21/2)),2)","v":0.28999999999999998},{"$f":"D21*B21","v":0.28999999999999998},{"$f":"5+1.5+1.5","v":8},{"$f":"E21*F21","v":2.3199999999999998}]
[null,null,null,null,null,"TOTAL",{"$f":"SUM(G21)","v":2.3199999999999998}]
[]
["RELLENOS"]
[]
["RELLENO CON MATERIAL IMPORTADO"]
["ELEMENTO","LONG","ANCHO","ALTURA","ESPESOR","CANT","VOLUMEN"]
[null,"m","m",null,"m","und","m3"]
["Relleno con material importado",7,1.6,{"$f":"1+1.1","v":2.1},null,null,{"$f":"ROUND(B29*C29*D29,2)","v":23.52}]
["Descuento tubería",null,null,null,null,null,{"$f":"-G38","v":-6.6499999999999995}]
[null,null,null,null,null,"TOTAL",{"$f":"SUM(G29:G30)","v":16.87}]
[]
[]
["VOLUMEN TUBO 36\""]
["ELEMENTO","LONG. ","DIÁMETRO","AREA/TUBO","VOL/TUBO","LONG ALC","VOL/ALC"]
[null,"m","m","m2","m3","m","m3"]
["TUBO DE 36\"",1,1.1000000000000001,{"$f":"ROUND((3.1416*(C37/2)*(C37/2)),2)","v":0.95},{"$f":"D37*B37","v":0.95},7,{"$f":"E37*F37","v":6.6499999999999995}]
[null,null,null,null,null,"TOTAL",{"$f":"SUM(G37)","v":6.6499999999999995}]
[]
[]
[]
["CONCRETOS"]
[]
["CONCRETO 21 MPA PARA ALETAS (Encole)"]
["ELEMENTO","LONG","ALTURA/ANCHO 1","ALTURA/ANCHO 2","ALTURA/ANCHO PROM","ESPESOR","CANT","VOLUMEN"]
[null,"m","m","m","m","m","und","m3"]
["MURO FRONTAL",1.8,null,null,2.25,0.25,1,{"$f":"ROUND(B47*E47*F47*G47,2)","v":1.01}]
["ALETAS",1.8,2.25,1.5,{"$f":"(C48+D48)/2","v":1.875},0.25,2,{"$f":"ROUND(B48*E48*F48*G48,2)","v":1.69}]
["ZAPATA MURO ",1.8,null,null,1.2,0.3,1,0.65]
["ZAPATA ALETAS",1.8,null,null,1.2,0.3,2,1.3]
["LOSA ",1.27,4.3499999999999996,1.8,{"$f":"(C51+D51)/2","v":3.0749999999999997},0.2,1,0.78]
["DENTELLÓN LOSA ",4.3499999999999996,null,null,0.3,0.25,1,0.33]
["GUARDA RUEDA",1.8,null,null,0.2,0.25,1,0.09]
[null,null,null,null,null,null,"SUB-TOTAL",{"$f":"SUM(H47:H53)","v":5.8500000000000005}]
[]
["CONCRETO 21 MPA PARA ALETAS (Descole)"]
["ELEMENTO","LONG",null,null,"ALTURA","ESPESOR","CANT","VOLUMEN"]
[null,"m",null,null,"m","m","und","m3"]
["MURO FRONTAL",1.8,null,null,2.25,0.25,1,{"$f":"ROUND(B59*E59*F59*G59,2)","v":1.01}]
["ALETAS",1.8,2.25,1.5,{"$f":"(C60+D60)/2","v":1.875},0.25,2,{"$f":"ROUND(B60*E60*F60*G60,2)","v":1.69}]
["ZAPATA MURO ",1.8,null,null,1.2,0.3,1,0.65]
["ZAPATA ALETAS",1.8,null,null,1.2,0.3,2,1.3]
["LOSA ",1.27,4.3499999999999996,1.8,{"$f":"(C63+D63)/2","v":3.0749999999999997},0.2,1,0.78]
["DENTELLÓN LOSA ",4.3499999999999996,null,null,0.3,0.25,1,0.33]
["GUARDA RUEDA",1.8,null,null,0.2,0.25,1,0.09]
[null,null,null,null,null,null,"SUB-TOTAL",{"$f":"SUM(H59:H65)","v":5.8500000000000005}]
[]
["TOTAL CONCRETO PARA POCETA Y ALETAS",null,null,null,null,null,null,{"$f":"H54+H66","v":11.700000000000001}]
[]
[]
[" CONCRETO SIMPLE 14 MPA (CLASE F) PARA ATRAQUE "]
["ELEMENTO","LONG",null,null,"ALTURA/ANCHO","ESPESOR","CANT","VOLUMEN"]
[null,"m",null,null,"m","m","und","m3"]
["ATRAQUE TUBERÍA",7,null,null,1.6,0.15,1,{"$f":"ROUND(B74*E74*F74*G74,2)","v":1.68}]
[null,null,null,null,null,null,"TOTAL",{"$f":"SUM(H74:H74)","v":1.68}]
[]
["ACERO DE REFUERZO"]

{"sheet":"CANT_ALCANT_P_A","index":15,"n_rows":93,"n_cols":8,"rows_kept":93,"cut":false,"hidden":false,"merged":[[53,0,53,6],[1,0,1,7],[3,0,3,5],[4,0,5,0],[11,0,11,7],[12,0,13,0],[24,0,24,6],[31,0,31,6],[33,0,34,0],[43,0,43,6],[45,0,45,6],[46,0,47,0],[86,0,86,7],[87,0,88,0],[92,0,92,7],[61,0,61,7],[63,0,63,7],[64,0,65,0],[75,0,75,7],[76,0,77,0],[83,0,83,6]]}
[]
["DEMOLICIONES"]
[]
["DEMOLICIÓN POCETA"]
["ELEMENTO","LONG","ALTURA","ESPESOR","CANT","VOLUMEN"]
[null,"m","m","m","und","m3"]
["MURO 1",1.4,2.12,0.25,2,{"$f":"ROUND(B7*C7*D7*E7,2)","v":1.48}]
["MURO 2",1.5,2.12,0.25,2,{"$f":"ROUND(B8*C8*D8*E8,2)","v":1.59}]
["LOSA ",1.9,1.5,0.2,1,{"$f":"ROUND((B9*C9*D9*E9),2)","v":0.56999999999999995}]
[null,null,null,null,"TOTAL",{"$f":"SUM(F7:F9)","v":3.64}]
[]
["DEMOLICIÓN ALETA"]
["ELEMENTO","LONG","ALTURA/ANCHO 1","ALTURA/ANCHO 2","ALTURA/ANCHO PROM","ESPESOR","CANT","VOLUMEN"]
[null,"m","m","m","m","m","und","m3"]
["MURO FRONTAL",1.8,null,null,2.25,0.25,1,{"$f":"ROUND(B15*E15*F15*G15,2)","v":1.01}]
["ALETAS",1.8,2.25,1.5,{"$f":"(C16+D16)/2","v":1.875},0.25,2,{"$f":"ROUND(B16*E16*F16*G16,2)","v":1.69}]
["ZAPATA MURO ",1.8,null,null,1.2,0.3,1,0.65]
["ZAPATA ALETAS",1.8,null,null,1.2,0.3,2,1.3]
["LOSA ",1.27,4.3499999999999996,1.8,{"$f":"(C19+D19)/2","v":3.0749999999999997},0.2,1,0.78]
["DENTELLÓN LOSA ",4.3499999999999996,null,null,0.3,0.25,1,0.33]
["GUARDA RUEDA",1.8,null,null,0.2,0.25,1,0.09]
[null,null,null,null,null,null,"TOTAL",{"$f":"SUM(H15:H21)","v":5.8500000000000005}]
[]
[]
["DEMOLICIÓN TUBERÍA"]
["ELEMENTO","LONG. ","DIÁMETRO","AREA/TUBO","VOL/TUBO","LONG ALC","VOL/ALC"]
[null,"m","m","m2","m3","m","m3"]
["TUBO DE 24\"",1,{"$f":"ROUND((24*2.54/100),2)","v":0.61},{"$f":"ROUND((3.1416*(C28/2)*(C28/2)),2)","v":0.28999999999999998},{"$f":"D28*B28","v":0.28999999999999998},{"$f":"5+1.5+1.5","v":8},{"$f":"E28*F28","v":2.3199999999999998}]
[null,null,null,null,null,"TOTAL",{"$f":"SUM(G28)","v":2.3199999999999998}]
[]
[]
["EXCAVACIONES"]
[]
["ELEMENTO","LONG","ANCHO","ALTURA","ESPESOR","CANT","VOLUMEN"]
[null,"m","m",null,"m","und","m3"]
["Para instalación de tubería",7,1.6,{"$f":"1+1.1+0.15","v":2.25},null,null,{"$f":"ROUND(B36*C36*D36,2)","v":25.2}]
["Para Poceta (Encole)",1.9,1.5,2.3199999999999998,null,null,{"$f":"ROUND(B37*C37*D37,2)","v":6.61}]
["Para Aletas (Descole)",{"$f":"(4.35+1.8)/2","v":3.0749999999999997},{"$f":"0.25+1.27","v":1.52},2.2200000000000002,null,null,{"$f":"ROUND(B38*C38*D38,2)","v":10.38}]
["Para Dentellón losa",4.3499999999999996,0.25,0.3,null,null,{"$f":"ROUND(B39*C39*D39,2)","v":0.33}]
["Para zapata muro frontal (Descole)",1.8,1.2,0.3,null,null,{"$f":"ROUND(B40*C40*D40,2)","v":0.65}]
["Para zapata muro lateral (Descole)",1.8,1.2,0.3,null,2,{"$f":"ROUND(B41*C41*D41*F41,2)","v":1.3}]
[null,null,null,null,null,"TOTAL",{"$f":"SUM(G36:G41)","v":44.469999999999992}]
[]
["RELLENOS"]
[]
["RELLENO CON MATERIAL IMPORTADO"]
["ELEMENTO","LONG","ANCHO","ALTURA","ESPESOR","CANT","VOLUMEN"]
[null,"m","m",null,"m","und","m3"]
["Relleno con material importado",7,1.6,{"$f":"1+1.1","v":2.1},null,null,{"$f":"ROUND(B49*C49*D49,2)","v":23.52}]
["Descuento tubería",null,null,null,null,null,{"$f":"-G58","v":-6.6499999999999995}]
[null,null,null,null,null,"TOTAL",{"$f":"SUM(G49:G50)","v":16.87}]
[]
[]
["VOLUMEN TUBO 36\""]
["ELEMENTO","LONG. ","DIÁMETRO","AREA/TUBO","VOL/TUBO","LONG ALC","VOL/ALC"]
[null,"m","m","m2","m3","m","m3"]
["TUBO DE 36\"",1,1.1000000000000001,{"$f":"ROUND((3.1416*(C57/2)*(C57/2)),2)","v":0.95},{"$f":"D57*B57","v":0.95},7,{"$f":"E57*F57","v":6.6499999999999995}]
[null,null,null,null,null,"TOTAL",{"$f":"SUM(G57)","v":6.6499999999999995}]
[]
[]
[]
["CONCRETOS"]
[]
["CONCRETO 21 MPA PARA ALETAS (Descole)"]
["ELEMENTO","LONG","ALTURA/ANCHO 1","ALTURA/ANCHO 2","ALTURA/ANCHO PROM","ESPESOR","CANT","VOLUMEN"]
[null,"m","m","m","m","m","und","m3"]
["MURO FRONTAL",1.8,null,null,2.25,0.25,1,{"$f":"ROUND(B67*E67*F67*G67,2)","v":1.01}]
["ALETAS",1.8,2.25,1.5,{"$f":"(C68+D68)/2","v":1.875},0.25,2,{"$f":"ROUND(B68*E68*F68*G68,2)","v":1.69}]
["ZAPATA MURO ",1.8,null,null,1.2,0.3,1,0.65]
["ZAPATA ALETAS",1.8,null,null,1.2,0.3,2,1.3]
["LOSA ",1.27,4.3499999999999996,1.8,{"$f":"(C71+D71)/2","v":3.0749999999999997},0.2,1,0.78]
["DENTELLÓN LOSA ",4.3499999999999996,null,null,0.3,0.25,1,0.33]
["GUARDA RUEDA",1.8,null,null,0.2,0.25,1,0.09]
[null,null,null,null,null,null,"SUB-TOTAL",{"$f":"SUM(H67:H73)","v":5.8500000000000005}]
[]
["CONCRETO 21 MPA PARA POCETA (Encole)"]
["ELEMENTO","LONG",null,null,"ALTURA","ESPESOR","CANT","VOLUMEN"]
[null,"m",null,null,"m","m","und","m3"]
["MURO FRONTAL",1.4,null,null,{"$f":"2.32-0.25","v":2.0699999999999998},0.25,2,{"$f":"ROUND(B79*E79*F79*G79,2)","v":1.45}]
["MURO LATERAL",1.5,null,null,{"$f":"2.32-0.25","v":2.0699999999999998},0.25,2,{"$f":"ROUND(B80*E80*F80*G80,2)","v":1.55}]
["LOSA ",1.9,null,null,1.5,0.25,1,{"$f":"ROUND((B81*E81*F81*G81),2)","v":0.71}]
[null,null,null,null,null,null,"SUB-TOTAL",{"$f":"SUM(H79:H81)","v":3.71}]
[]
["TOTAL CONCRETO PARA POCETA Y ALETAS",null,null,null,null,null,null,{"$f":"H74+H82","v":9.56}]
[]
[]
[" CONCRETO SIMPLE 14 MPA (CLASE F) PARA ATRAQUE "]
["ELEMENTO","LONG",null,null,"ALTURA/ANCHO","ESPESOR","CANT","VOLUMEN"]
[null,"m",null,null,"m","m","und","m3"]
["ATRAQUE TUBERÍA",7,null,null,1.6,0.15,1,{"$f":"ROUND(B90*E90*F90*G90,2)","v":1.68}]
[null,null,null,null,null,null,"TOTAL",{"$f":"SUM(H90:H90)","v":1.68}]
[]
["ACERO DE REFUERZO"]

{"sheet":"CANT_MURO_C_H","index":16,"n_rows":17,"n_cols":60,"rows_kept":17,"cut":false,"hidden":false,"merged":[[4,54,4,56],[4,0,5,0],[4,1,5,1],[4,2,5,2],[4,4,5,4],[4,5,4,12],[4,13,4,20],[4,21,4,28],[4,29,4,36],[4,37,4,44],[4,45,4,50],[4,51,4,53]]}
[]
[]
[]
[]
["H (m)","B (m)","h (m)","Peso","ф (Pulg)","Varilla A",null,null,null,null,null,null,null,"Varilla B",null,null,null,null,null,null,null,"Varilla C",null,null,null,null,null,null,null,"Varilla D",null,null,null,null,null,null,null,"Varilla E",null,null,null,null,null,null,null,"Varilla F",null,null,null,null,null,"Varilla R Muro",null,null,"Varilla R Zapata",null,null,"Peso total ","Peso Cartilla","Diferencia"]
[null,null,null,"Kg/ml",null,"s","ф","Kg/ml","I1","g1","LT","# Var/ ml","Kg","s","ф","Kg/ml","I2","g2","LT","# Var/ ml","Kg","s","ф","Kg/ml","I3","g3","LT","# Var/ ml","Kg","s","ф","Kg/ml","I4","g4","LT","# Var/ ml","Kg/ml","s","ф","Kg/ml","I5","g5","LT","# Var/ ml","Kg/ml","s","I6","g6","LT","# Var/ ml","Kg/ml","s","# Var","Kg/ml","s","# Var","Kg/ml","Kg","Kg","Kg"]
[2,1.7,1.7,0.99399999999999999,"1/2\"",0.35,null,null,1.6,0.2,{"$f":"I7+2*J7","v":2},{"$f":"ROUND(1/F7,0)","v":3},{"$f":"$D$7*L7*K7","v":5.9640000000000004},0.35,null,null,1.6,0.2,{"$f":"Q7+2*R7","v":2},{"$f":"ROUND(1/N7,0)","v":3},{"$f":"$D$7*T7*S7","v":5.9640000000000004},0.35,null,null,1.9,0.2,{"$f":"Y7+Z7","v":2.1},{"$f":"ROUND(1/V7,0)","v":3},{"$f":"$D$7*AB7*AA7","v":6.2622000000000009},null,null,null,null,null,null,null,null,null,null,null,null,null,null,null,null,0.35,1.9,0.2,{"$f":"AU7+AV7","v":2.1},{"$f":"ROUND(1/AT7,0)","v":3},{"$f":"$D$7*AX7*AW7","v":6.2622000000000009},0.35,{"$f":"ROUND(((C7-0.05-0.0127)/AZ7)+1,0)*2","v":12},{"$f":"$D$7*BA7*1","v":11.928000000000001},0.35,{"$f":"ROUND(((B7-0.05*2-0.0127)/BC7)+1,0)*2","v":12},{"$f":"$D$7*BD7*1","v":11.928000000000001},{"$f":"SUM(BE7,BB7,AY7,AC7,M7,U7)","v":48.308399999999999},43.7,{"$f":"BF7-BG7","v":4.6083999999999961}]
[2.5,2,2.15,0.99399999999999999,"1/2\"",0.3,null,null,1.9,0.2,{"$f":"I8+2*J8","v":2.2999999999999998},{"$f":"ROUND(1/F8,0)+1","v":4},{"$f":"$D$7*L8*K8","v":9.1448},0.3,null,null,1.9,0.2,{"$f":"Q8+2*R8","v":2.2999999999999998},{"$f":"ROUND(1/N8,0)+1","v":4},{"$f":"$D$7*T8*S8","v":9.1448},0.25,null,null,2.4,0.2,{"$f":"Y8+Z8","v":2.6},{"$f":"ROUND(1/V8,0)+1","v":5},{"$f":"$D$7*AB8*AA8","v":12.922000000000001},null,null,null,null,null,null,null,null,null,null,null,null,null,null,null,null,0.3,2.4,0.2,{"$f":"AU8+AV8","v":2.6},{"$f":"ROUND(1/AT8,0)+1","v":4},{"$f":"$D$7*AX8*AW8","v":10.3376},0.3,16,{"$f":"$D$7*BA8*1","v":15.904},0.3,14,{"$f":"$D$7*BD8*1","v":13.916},{"$f":"SUM(BE8,BB8,AY8,AC8,M8,U8)","v":71.369200000000006},62.7,{"$f":"BF8-BG8","v":8.6692000000000036}]
[3,2.2000000000000002,2.6,0.99399999999999999,"1/2\"",0.3,null,null,2.1,0.2,{"$f":"I9+2*J9","v":2.5},{"$f":"ROUND(1/F9,0)+1","v":4},9.94,0.2,null,null,2.1,0.2,{"$f":"Q9+2*R9","v":2.5},{"$f":"ROUND(1/N9,0)+1","v":6},{"$f":"$D$7*T9*S9","v":14.91},0.15,null,null,2.9,0.2,3.1,{"$f":"ROUND(1/V9,0)","v":7},{"$f":"$D$7*AB9*AA9","v":21.569800000000001},null,null,null,null,null,null,null,null,null,null,null,null,null,null,null,null,0.3,2.9,0.2,3.1,4,{"$f":"$D$7*AX9*AW9","v":12.3256},0.3,18,17.891999999999999,0.3,16,15.904,{"$f":"SUM(BE9,BB9,AY9,AC9,M9,U9)","v":92.541399999999996},84.5,8.0413999999999959]
[3.5,2.4500000000000002,3.05,0.99399999999999999,"1/2\"",0.25,null,null,2.35,0.2,{"$f":"I10+2*J10","v":2.75},{"$f":"ROUND(1/F10,0)+1","v":5},13.667499999999999,0.1,null,null,2.35,0.2,{"$f":"Q10+2*R10","v":2.75},{"$f":"ROUND(1/N10,0)+1","v":11},{"$f":"$D$7*T10*S10","v":30.068499999999997},0.2,null,null,3.4,0.2,3.6,{"$f":"ROUND(1/V10,0)+1","v":6},{"$f":"$D$7*AB10*AA10","v":21.470400000000001},0.2,null,null,2.8,0.2,{"$f":"AG10+AH10","v":3},{"$f":"ROUND(1/AD10,0)+1","v":6},{"$f":"$D$7*AJ10*AI10","v":17.892000000000003},null,null,null,null,null,null,null,null,0.3,3.4,0.2,3.6,4,{"$f":"$D$7*AX10*AW10","v":14.313600000000001},0.3,22,21.867999999999999,0.3,18,17.891999999999999,{"$f":"SUM(BE10,BB10,AY10,AC10,M10,U10,AK10)","v":137.172},120.8,16.372]
[4,3,3.5,0.99399999999999999,"1/2\"",0.25,null,null,2.9,0.2,3.3,{"$f":"ROUND(1/F11,0)+1","v":5},16.401,0.1,null,null,2.9,0.2,3.3,{"$f":"ROUND(1/N11,0)+1","v":11},{"$f":"$D$7*T11*S11","v":36.082199999999993},0.2,null,null,3.9,0.2,4.0999999999999996,6,{"$f":"$D$7*AB11*AA11","v":24.452400000000001},0.2,null,null,3,0.2,{"$f":"AG11+AH11","v":3.2},6,{"$f":"$D$7*AJ11*AI11","v":19.084800000000001},null,null,null,null,null,null,null,null,0.3,3.9,0.2,4.0999999999999996,4,16.301599999999997,0.3,24,23.856000000000002,0.3,22,21.867999999999999,{"$f":"SUM(BE11,BB11,AY11,AC11,M11,U11,AK11)","v":158.04599999999999},140.4,17.645999999999987]
[4.5,3.5,3.95,0.99399999999999999,"1/2\"",0.15,null,null,3.4,0.2,3.8,{"$f":"ROUND(1/F12,0)","v":7},26.4404,0.15,"5/8",1.56,3.4,0.25,3.9,{"$f":"ROUND(1/N12,0)","v":7},{"$f":"P12*T12*S12","v":42.588000000000001},0.2,"1/2",0.99399999999999999,4.4000000000000004,0.2,4.6000000000000005,6,{"$f":"X12*AB12*AA12","v":27.434400000000004},0.2,"1/2",0.99399999999999999,3.8,0.2,{"$f":"AG12+AH12","v":4},6,{"$f":"AF12*AJ12*AI12","v":23.856000000000002},null,null,null,null,null,null,null,null,0.3,4.4000000000000004,0.2,4.6000000000000005,4,18.289600000000004,0.3,28,27.832000000000001,0.3,24,23.856000000000002,{"$f":"SUM(BE12,BB12,AY12,AC12,M12,U12,AK12)","v":190.29640000000001},174.4,15.8964]
[5,3.8,4.45,0.99399999999999999,"-",0.1,"1/2",0.99399999999999999,3.7,0.2,4.1000000000000005,{"$f":"ROUND(1/F13,0)+1","v":11},44.8294,0.1,"5/8",1.56,3.7,0.25,4.2,{"$f":"ROUND(1/N13,0)+1","v":11},72.072000000000003,0.3,"5/8",1.56,4.8499999999999996,0.25,5.0999999999999996,4,31.823999999999998,0.3,"5/8",1.56,4,0.25,4.25,4,26.52,0.3,"5/8",1.56,3,0.25,{"$f":"AP13+AO13","v":3.25},{"$f":"ROUND(1/AL13,0)+1","v":4},{"$f":"AN13*AR13*AQ13","v":20.28},0.3,4.9000000000000004,0.2,5.1000000000000005,4,20.277600000000003,0.25,38,37.771999999999998,0.25,32,31.808,{"$f":"SUM(BE13,BB13,AY13,AC13,M13,U13,AS13,AK13)","v":285.38299999999998},254.8,30.58299999999997]
[5.5,4.2,4.9000000000000004,0.99399999999999999,"-",0.15,"5/8",1.56,4.0999999999999996,0.25,4.5999999999999996,7,{"$f":"H14*L14*K14","v":50.231999999999999},0.15,"3/4",2.25,4.0999999999999996,0.3,4.6999999999999993,{"$f":"ROUND(1/N14,0)","v":7},74.024999999999991,0.45,"3/4",2.25,5.35,0.3,5.6499999999999995,3,38.137499999999996,0.45,"3/4",2.25,4,0.3,4.3,3,29.024999999999999,0.45,"3/4",2.25,3.6,0.3,{"$f":"AP14+AO14","v":3.9},{"$f":"ROUND(1/AL14,0)+1","v":3},26.324999999999999,0.25,5.4,0.2,{"$f":"AU14+AV14","v":5.6000000000000005},5,27.832000000000001,0.25,40,39.76,0.25,34,33.795999999999999,{"$f":"SUM(BE14,BB14,AY14,AC14,M14,U14,AS14,AK14)","v":319.13249999999994},282.3,36.832499999999925]
[6,4.5999999999999996,5.4,0.99399999999999999,"-",0.125,"5/8",1.56,4.5,0.25,5,{"$f":"ROUND(1/F15,0)+1","v":9},{"$f":"H15*L15*K15","v":70.2},0.125,"3/4",2.25,4.5,0.3,5.0999999999999996,{"$f":"ROUND(1/N15,0)+1","v":9},103.27499999999999,0.36,"3/4",2.25,5.9,0.3,6.2,4,55.800000000000004,0.36,"3/4",2.25,4.4000000000000004,0.3,4.7,4,42.300000000000004,0.36,"3/4",2.25,3.7,0.3,{"$f":"AP15+AO15","v":4},{"$f":"ROUND(1/AL15,0)+1","v":4},36,0.25,5.9,0.2,6.1000000000000005,5,30.317,0.25,44,43.735999999999997,0.25,38,37.771999999999998,{"$f":"SUM(BE15,BB15,AY15,AC15,M15,U15,AS15,AK15)","v":419.4},351,68.399999999999977]
[6.5,4.8,5.85,0.99399999999999999,"-",0.125,"5/8",1.56,4.7,0.25,5.2,{"$f":"ROUND(1/F16,0)+1","v":9},{"$f":"H16*L16*K16","v":73.00800000000001},0.125,"7/8",3.0419999999999998,4.7,0.35,5.4,{"$f":"ROUND(1/N16,0)+1","v":9},147.84120000000001,0.3,"3/4",2.25,6.35,0.3,6.6499999999999995,4,59.849999999999994,0.3,"3/4",2.25,5,0.3,5.3,4,47.699999999999996,0.3,"3/4",2.25,4.5,0.3,{"$f":"AP16+AO16","v":4.8},{"$f":"ROUND(1/AL16,0)+1","v":4},43.199999999999996,0.25,6.4,0.2,6.6000000000000005,5,32.802,0.25,48,47.712000000000003,0.25,40,39.76,{"$f":"SUM(BE16,BB16,AY16,AC16,M16,U16,AS16,AK16)","v":491.8732},433,58.873199999999997]
[7,5.0999999999999996,6.3,0.99399999999999999,"-",0.15,"3/4",2.25,5,0.3,5.6,7,{"$f":"H17*L17*K17","v":88.199999999999989},0.1,"7/8",3.0419999999999998,5,0.35,5.7,{"$f":"ROUND(1/N17,0)+1","v":11},190.73339999999999,0.3,"7/8",3.0419999999999998,6.85,0.35,7.1999999999999993,4,87.609599999999986,0.3,"7/8",3.0419999999999998,5.65,0.35,6,4,73.007999999999996,0.3,"7/8",3.0419999999999998,4.6500000000000004,0.35,{"$f":"AP17+AO17","v":5},{"$f":"ROUND(1/AL17,0)+1","v":4},60.839999999999996,0.25,6.9,0.2,{"$f":"AU17+AV17","v":7.1000000000000005},5,35.286999999999999,0.25,52,51.688000000000002,0.25,42,41.747999999999998,{"$f":"SUM(BE17,BB17,AY17,AC17,M17,U17,AS17,AK17)","v":629.11400000000003},561.6,67.51400000000001]

{"sheet":"CANT_MURO_C_I","index":17,"n_rows":18,"n_cols":68,"rows_kept":18,"cut":false,"hidden":false,"merged":[[5,13,5,20],[5,0,6,0],[5,1,6,1],[5,2,6,2],[5,4,6,4],[5,5,5,12],[5,57,5,58],[5,59,5,64],[5,21,5,28],[5,29,5,36],[5,37,5,44],[5,45,5,50],[5,51,5,53],[5,54,5,56]]}
[]
[]
[]
[]
[]
["H (m)","B (m)","h (m)","Peso","ф (Pulg)","Varilla A",null,null,null,null,null,null,null,"Varilla B",null,null,null,null,null,null,null,"Varilla C",null,null,null,null,null,null,null,"Varilla D",null,null,null,null,null,null,null,"Varilla E",null,null,null,null,null,null,null,"Varilla F",null,null,null,null,null,"Varilla R Muro",null,null,"Varilla R Zapata",null,null,"Varilla R Pata",null,"Varilla G Pata",null,null,null,null,null,"Peso total ","Peso cartilla","Diferencia"]
[null,null,null,"Kg/ml",null,"s","ф","Kg/ml","I1","g1","LT","# Var/ ml","Kg","s","ф","Kg/ml","I2","g2","LT","# Var/ ml","Kg","s","ф","Kg/ml","I3","g3","LT","# Var/ ml","Kg","s","ф","Kg/ml","I4","g4","LT","# Var/ ml","Kg/ml","s","ф","Kg/ml","I5","g5","LT","# Var/ ml","Kg/ml","s","I6","g6","LT","# Var/ ml","Kg/ml","s","# Var","Kg/ml","s","# Var","Kg/ml","# Var","Kg/ml","s","ф","Kg/ml","LT","# Var/ ml","Kg","Kg","Kg","Kg"]
[2,1.45,1.65,0.99399999999999999,"1/2\"",0.3,null,null,1.35,0.2,{"$f":"I8+2*J8","v":1.75},{"$f":"ROUND(IF(OR(F8=0.35,F8=0.15),1/F8,1/F8+1),0)","v":4},{"$f":"$D$8*L8*K8","v":6.9580000000000002},0.3,null,null,{"$f":"B8-0.1","v":1.3499999999999999},0.2,{"$f":"Q8+2*R8","v":1.75},{"$f":"ROUND(IF(OR(N8=0.35,N8=0.15),1/N8,1/N8+1),0)","v":4},{"$f":"$D$8*T8*S8","v":6.9580000000000002},0.3,null,null,{"$f":"A8-0.1","v":1.9},0.2,{"$f":"Y8+Z8","v":2.1},{"$f":"ROUND(IF(OR(V8=0.35,V8=0.15),1/V8,1/V8+1),0)","v":4},{"$f":"$D$8*AB8*AA8","v":8.3496000000000006},null,null,null,null,null,null,null,null,null,null,null,null,null,null,null,null,0.3,1.9,0.2,{"$f":"AU8+AV8","v":2.1},{"$f":"ROUND(IF(OR(AT8=0.35,AT8=0.15),1/AT8,1/AT8+1),0)","v":4},{"$f":"$D$8*AX8*AW8","v":8.3496000000000006},0.3,{"$f":"ROUND(((C8-0.05-0.0127)/AZ8)+1,0)*2","v":12},{"$f":"$D$8*BA8*1","v":11.928000000000001},0.3,{"$f":"ROUND(((B8-0.05*2-0.0127)/BC8)+1,0)*2","v":10},{"$f":"$D$8*BD8*1","v":9.94},2,{"$f":"$D$8*BF8*1","v":1.988},0.2,"5/8",1.56,2.2999999999999998,{"$f":"ROUND(IF(OR(BH8=0.35,BH8=0.15),1/BH8,1/BH8+1),0)","v":6},{"$f":"BJ8*BK8*BL8","v":21.527999999999999},{"$f":"SUM(BE8,BB8,AY8,AC8,M8,U8,AS8,AK8,BM8,BG8)","v":75.999200000000002},54,{"$f":"BN8-BO8","v":21.999200000000002}]
[2.5,1.9,2.1,0.99399999999999999,"1/2\"",0.3,null,null,1.8,0.2,{"$f":"I9+2*J9","v":2.2000000000000002},{"$f":"ROUND(IF(OR(F9=0.35,F9=0.15),1/F9,1/F9+1),0)","v":4},{"$f":"$D$8*L9*K9","v":8.7472000000000012},0.25,null,null,{"$f":"B9-0.1","v":1.7999999999999998},0.2,{"$f":"Q9+2*R9","v":2.1999999999999997},{"$f":"ROUND(IF(OR(N9=0.35,N9=0.15),1/N9,1/N9+1),0)","v":5},{"$f":"$D$8*T9*S9","v":10.933999999999997},0.3,null,null,{"$f":"A9-0.1","v":2.4},0.2,{"$f":"Y9+Z9","v":2.6},{"$f":"ROUND(IF(OR(V9=0.35,V9=0.15),1/V9,1/V9+1),0)","v":4},{"$f":"$D$8*AB9*AA9","v":10.3376},null,null,null,null,null,null,null,null,null,null,null,null,null,null,null,null,0.3,2.4,0.2,{"$f":"AU9+AV9","v":2.6},{"$f":"ROUND(IF(OR(AT9=0.35,AT9=0.15),1/AT9,1/AT9+1),0)","v":4},{"$f":"$D$8*AX9*AW9","v":10.3376},0.3,16,{"$f":"$D$8*BA9*1","v":15.904},0.3,14,{"$f":"$D$8*BD9*1","v":13.916},2,{"$f":"$D$8*BF9*1","v":1.988},0.2,"5/8",1.56,2.2999999999999998,{"$f":"ROUND(IF(OR(BH9=0.35,BH9=0.15),1/BH9,1/BH9+1),0)","v":6},{"$f":"BJ9*BK9*BL9","v":21.527999999999999},93.692399999999992,67.8,25.892399999999995]
[3,2.1,2.6,0.99399999999999999,"1/2\"",0.3,null,null,2,0.2,{"$f":"I10+2*J10","v":2.4},4,{"$f":"$D$8*L10*K10","v":9.5423999999999989},0.15,null,null,2,0.2,{"$f":"Q10+2*R10","v":2.4},7,{"$f":"$D$8*T10*S10","v":16.699200000000001},0.25,null,null,2.9,0.2,3.1,5,{"$f":"$D$8*AB10*AA10","v":15.407},null,null,null,null,null,null,null,null,null,null,null,null,null,null,null,null,0.3,2.9,0.2,3.1,4,{"$f":"$D$8*AX10*AW10","v":12.3256},0.3,18,17.891999999999999,0.3,16,15.904,2,1.988,0.2,"5/8",1.56,2.2999999999999998,6,21.527999999999999,111.28620000000001,85.7,25.586200000000005]
[3.5,2.4,3.1,0.99399999999999999,"1/2\"",0.3,null,null,2.2999999999999998,0.2,{"$f":"I11+2*J11","v":2.6999999999999997},4,{"$f":"$D$8*L11*K11","v":10.735199999999999},0.25,"3/4",2.25,2.2999999999999998,0.3,{"$f":"Q11+2*R11","v":2.9},5,{"$f":"P11*T11*S11","v":32.625},0.15,"5/8",1.56,{"$f":"A11-0.15","v":3.35},0.25,3.6,7,{"$f":"X11*AB11*AA11","v":39.311999999999998},null,null,null,null,null,null,null,null,null,null,null,null,null,null,null,null,0.3,3.4,0.2,3.6,4,{"$f":"$D$8*AX11*AW11","v":14.313600000000001},0.3,22,21.867999999999999,0.3,18,17.891999999999999,2,1.988,0.2,"5/8",1.56,2.2999999999999998,6,21.527999999999999,160.26179999999999,128.6,31.661799999999999]
[4,2.9,3.5,0.99399999999999999,"1/2\"",0.25,null,null,2.8,0.2,3.1999999999999997,5,{"$f":"$D$8*L12*K12","v":15.903999999999998},0.2,"3/4",2.25,2.8,0.3,3.4,6,{"$f":"P12*T12*S12","v":45.9},0.35,"3/4",2.25,3.9,0.3,4.2,3,{"$f":"X12*AB12*AA12","v":28.35},0.35,"3/4",2.25,3.4,0.3,{"$f":"AG12+AH12","v":3.6999999999999997},{"$f":"ROUND(IF(OR(AD12=0.35,AD12=0.15),1/AD12,1/AD12+1),0)","v":3},{"$f":"AF12*AJ12*AI12","v":24.974999999999998},null,null,null,null,null,null,null,null,0.3,3.9,0.2,4.0999999999999996,4,16.301599999999997,0.3,24,23.856000000000002,0.3,20,19.88,2,1.988,0.2,"5/8",1.56,2.2999999999999998,6,21.527999999999999,{"$f":"SUM(BE12,BB12,AY12,AC12,M12,U12,AS12,AK12,BM12,BG12)","v":198.68259999999998},165.4,33.282599999999974]
[4.5,3.3,4,0.99399999999999999,"-",0.25,"5/8",1.56,3.2,0.25,3.7,5,{"$f":"H13*L13*K13","v":28.860000000000003},0.15,"3/4",2.25,3.1999999999999997,0.3,3.8,7,59.849999999999994,0.25,"3/4",2.25,4.4000000000000004,0.3,4.7,5,52.875,0.25,"3/4",2.25,3.7,0.3,{"$f":"AG13+AH13","v":4},{"$f":"ROUND(IF(OR(AD13=0.35,AD13=0.15),1/AD13,1/AD13+1),0)","v":5},45,null,null,null,null,null,null,null,null,0.3,4.4000000000000004,0.2,4.6000000000000005,4,18.289600000000004,0.3,28,27.832000000000001,0.3,24,23.856000000000002,2,1.988,0.2,"5/8",1.56,2.2999999999999998,6,21.527999999999999,280.07859999999999,231,49.078599999999994]
[5,3.8,4.45,0.99399999999999999,"-",0.15,"5/8",1.56,3.7,0.25,4.2,7,45.864000000000004,0.1,"3/4",2.25,3.6999999999999997,0.3,4.3,11,106.425,0.35,"7/8",3.0419999999999998,{"$f":"A14-0.15","v":4.8499999999999996},0.35,5.1999999999999993,3,47.455199999999991,0.35,"7/8",3.0419999999999998,4.05,0.35,4.3999999999999995,3,40.154399999999995,0.35,"7/8",3.0419999999999998,3.55,0.35,{"$f":"AP14+AO14","v":3.9},{"$f":"ROUND(IF(OR(AL14=0.35,AL14=0.15),1/AL14,1/AL14+1),0)","v":3},{"$f":"AN14*AR14*AQ14","v":35.5914},0.3,4.9000000000000004,0.2,5.1000000000000005,4,20.277600000000003,0.3,32,31.808,0.3,26,25.844000000000001,2,1.988,0.2,"5/8",1.56,2.2999999999999998,6,21.527999999999999,376.93560000000008,340.7,36.23560000000009]
[5.5,4.3,4.9000000000000004,0.99399999999999999,"-",0.15,"5/8",1.56,4.2,0.25,4.7,7,51.323999999999998,0.15,"7/8",3.0419999999999998,4.2,0.35,4.9000000000000004,7,104.34059999999999,0.3,"7/8",3.0419999999999998,{"$f":"A15-0.15","v":5.35},0.35,5.6999999999999993,4,69.357599999999991,0.3,"7/8",3.0419999999999998,4.55,0.35,4.8999999999999995,4,59.62319999999999,0.3,"7/8",3.0419999999999998,3.95,0.35,{"$f":"AP15+AO15","v":4.3},{"$f":"ROUND(IF(OR(AL15=0.35,AL15=0.15),1/AL15,1/AL15+1),0)","v":4},{"$f":"AN15*AR15*AQ15","v":52.322399999999995},0.25,5.4,0.2,{"$f":"AU15+AV15","v":5.6000000000000005},5,27.832000000000001,0.25,40,39.76,0.25,36,35.783999999999999,2,1.988,0.2,"5/8",1.56,2.2999999999999998,6,21.527999999999999,463.85980000000001,399.3,64.559799999999996]
[6,4.5999999999999996,5.4,0.99399999999999999,"-",0.1,"5/8",1.56,4.5,0.25,5,11,85.8,0.1,"7/8",3.0419999999999998,4.5,0.35,5.2,11,174.00239999999999,0.3,1,3.9750000000000001,5.9,0.4,6.3000000000000007,4,100.17000000000002,0.3,1,3.9750000000000001,5.0999999999999996,0.4,5.5,4,87.45,0.3,1,3.9750000000000001,4.5999999999999996,0.4,{"$f":"AP16+AO16","v":5},{"$f":"ROUND(IF(OR(AL16=0.35,AL16=0.15),1/AL16,1/AL16+1),0)","v":4},{"$f":"AN16*AR16*AQ16","v":79.5},0.25,5.8,0.2,6,5,29.82,0.25,44,43.735999999999997,0.25,38,37.771999999999998,2,1.988,0.2,"5/8",1.56,2.2999999999999998,6,21.527999999999999,661.76640000000009,572.9,88.866400000000112]
[6.5,5,5.8,0.99399999999999999,"-",0.15,"3/4",2.25,4.9000000000000004,0.3,5.5,7,86.625,0.1,1,3.9750000000000001,4.9000000000000004,0.4,5.7,11,249.23250000000002,0.3,1,3.9750000000000001,6.4,0.4,6.8000000000000007,4,108.12000000000002,0.3,1,3.9750000000000001,5.6,0.4,6,4,95.4,0.3,1,3.9750000000000001,5,0.4,{"$f":"AP17+AO17","v":5.4},{"$f":"ROUND(IF(OR(AL17=0.35,AL17=0.15),1/AL17,1/AL17+1),0)","v":4},{"$f":"AN17*AR17*AQ17","v":85.860000000000014},0.25,6.4,0.2,6.6000000000000005,5,32.802,0.25,48,47.712000000000003,0.25,42,41.747999999999998,2,1.988,0.2,"5/8",1.56,2.2999999999999998,6,21.527999999999999,771.01550000000009,673,98.015500000000088]
[7,5.5,6.2,0.99399999999999999,"-",0.15,"3/4",2.25,5.4,0.3,6,7,94.5,0.1,1,3.9750000000000001,5.4,0.4,{"$f":"Q18+2*R18","v":6.2},11,271.09500000000003,0.25,1,3.9750000000000001,6.9,0.4,7.3000000000000007,5,145.08750000000001,0.25,1,3.9750000000000001,6,0.4,6.4,5,127.2,0.25,1,3.9750000000000001,5.5,0.4,{"$f":"AP18+AO18","v":5.9},{"$f":"ROUND(IF(OR(AL18=0.35,AL18=0.15),1/AL18,1/AL18+1),0)","v":5},{"$f":"AN18*AR18*AQ18","v":117.2625},0.25,6.9,0.2,{"$f":"AU18+AV18","v":7.1000000000000005},5,35.286999999999999,0.25,52,51.688000000000002,0.25,46,45.723999999999997,2,1.988,0.2,"5/8",1.56,2.2999999999999998,6,21.527999999999999,{"$f":"SUM(BE18,BB18,AY18,AC18,M18,U18,AS18,AK18,BM18,BG18)","v":911.36000000000024},780,131.36000000000024]

{"sheet":"APU BÁSICO","index":18,"n_rows":128,"n_cols":11,"rows_kept":128,"cut":false,"hidden":false,"merged":[[80,1,80,10],[81,1,81,9],[74,1,74,10],[75,1,75,4],[75,8,75,9],[76,1,76,4],[76,8,76,9],[77,1,77,4],[77,8,77,9],[79,1,79,9],[72,1,72,9],[73,1,73,10],[66,1,66,10],[67,1,67,10],[68,1,68,4],[68,8,68,9],[69,1,69,4],[69,8,69,9],[78,1,78,4],[78,8,78,9],[58,1,58,10],[59,1,59,10],[60,1,60,5],[60,8,60,9],[61,1,61,5],[61,8,61,9],[57,1,57,9],[71,1,71,4],[71,8,71,9],[70,1,70,4],[70,8,70,9],[65,1,65,9],[62,1,62,5],[62,8,62,9],[63,1,63,5],[63,8,63,9],[64,1,64,5],[64,8,64,9],[48,1,48,4],[49,1,49,4],[53,8,53,9],[54,5,54,6],[54,8,54,9],[53,1,53,4],[54,1,54,4],[55,1,55,4],[56,1,56,4],[35,1,35,10],[36,1,36,4],[36,8,36,9],[37,1,37,4],[37,8,37,9],[38,1,38,4],[38,8,38,9],[40,1,40,9],[47,1,47,4],[51,1,51,7],[55,5,55,6],[55,8,55,9],[56,5,56,6],[56,8,56,9],[52,1,52,10],[53,5,53,6],[34,1,34,10],[27,1,27,10],[28,1,28,10],[29,1,29,4],[29,8,29,9],[30,1,30,4],[30,8,30,9],[31,1,31,4],[31,8,31,9],[32,1,32,4],[32,8,32,9],[33,1,33,9],[39,1,39,4],[39,8,39,9],[41,1,41,10],[42,1,42,9],[50,1,50,10],[26,1,26,9],[23,1,23,5],[23,8,23,9],[24,1,24,5],[24,8,24,9],[25,1,25,5],[25,8,25,9],[11,1,11,10],[14,1,14,4],[15,1,15,4],[16,1,16,4],[19,1,19,10],[20,1,20,10],[21,1,21,5],[21,8,21,9],[22,1,22,5],[22,8,22,9],[18,1,18,9],[17,5,17,6],[17,8,17,9],[2,1,8,2],[2,3,2,8],[2,9,8,10],[3,3,3,8],[4,3,4,8],[5,3,5,8],[6,3,6,8],[7,3,7,8],[8,3,8,5],[8,6,8,8],[9,1,9,10],[13,1,13,10],[14,5,14,6],[14,8,14,9],[15,5,15,6],[15,8,15,9],[17,1,17,4],[12,1,12,7],[16,5,16,6],[16,8,16,9],[10,1,10,10],[91,1,91,10],[92,1,92,3],[92,5,92,6],[92,8,92,9],[93,1,93,3],[93,5,93,6],[93,8,93,9],[94,1,94,3],[94,5,94,6],[94,8,94,9],[95,1,95,3],[95,5,95,6],[95,8,95,9],[97,1,97,10],[98,1,98,10],[99,1,99,5],[99,8,99,9],[100,1,100,5],[100,8,100,9],[108,1,108,4],[108,8,108,9],[109,1,109,4],[109,8,109,9],[110,1,110,4],[110,8,110,9],[111,1,111,9],[101,1,101,5],[101,8,101,9],[102,1,102,5],[102,8,102,9],[103,1,103,5],[103,8,103,9],[105,1,105,10],[106,1,106,10],[86,1,86,4],[87,1,87,4],[88,1,88,4],[90,1,90,7],[125,1,125,4],[126,1,126,4],[127,1,127,4],[96,1,96,9],[104,1,104,9],[118,1,118,9],[119,1,119,10],[120,1,120,9],[112,1,112,10],[113,1,113,10],[114,1,114,4],[114,8,114,9],[115,1,115,4],[115,8,115,9],[116,1,116,4],[116,8,116,9],[117,1,117,4],[117,8,117,9],[107,1,107,4],[107,8,107,9]]}
[]
[]
[null,null,null,"REPÚBLICA DE COLOMBIA"]
[null,null,null,{"$f":"+DPTO","v":"DEPARTAMENTO DEL CAUCA"}]
[null,null,null,{"$f":"+Nom_Mpio1","v":"MUNICIPIO LA ESTRELLA FLUVIAL"}]
[null,null,null,{"$f":"Dependencia","v":"SECRETARÍA DE OBRAS PÚBLICAS"}]
[null,null,null,{"$f":"+Nom_proy1","v":"MEJORAMIENTO DEL TRAMO VIAL LA PAZ - EL PROGRESO ENTRE EL K5+000 Y EL K6+000 DEL MUNICIPIO LA ESTRELLA FLUVIAL"}]
[]
[null,null,null,"Fecha:",null,null,{"$f":"+Fecha_Pres","v":"2019-10-11"}]
[]
[null,"ANÁLISIS DE PRECIOS UNITARIOS BÁSICOS"]
[]
["APU27",{"$f":"IFERROR(VLOOKUP($A13,LISTA_APU,2,FALSE),\"\")","v":"CONCRETO BÁSICO 21 Mpa"},null,null,null,null,null,null,"Unidad:",{"$f":"IFERROR(VLOOKUP($A13,LISTA_APU,3,FALSE),\"\")","v":"m³"},{"$f":"K43","v":345238}]
[null,"I. EQUIPO"]
[null,"DESCRIPCIÓN",null,null,null,"TIPO",null,"TARIFA/HORA","RENDIMIENTO",null,"Vr. UNITARIO"]
["e32",{"$f":"+IFERROR(VLOOKUP($A16,INSUMOS_BD2,3,FALSE),\"\")","v":"Mezcladora de concreto (1 bulto)"},null,null,null,null,null,{"$f":"+IFERROR(ROUND(IF($B16=\"Herramienta Menor HM (% mano de obra)\",HM,IF($B16=\"Herramienta Menor HM2 (% mano de obra)\",HM_2,VLOOKUP($A16,INSUMOS_BD2,5,FALSE))),2),\"\")","v":15000},1,null,{"$f":"+IFERROR(ROUND(IF($B16=\"Herramienta Menor HM (% mano de obra)\",$K$41*H16,IF($B16=\"Herramienta Menor HM2 (% mano de obra)\",$K$41*H16,H16/I16)),0),\"\")","v":15000}]
["e31",{"$f":"+IFERROR(VLOOKUP($A17,INSUMOS_BD2,3,FALSE),\"\")","v":"Herramienta Menor HM (% mano de obra)"},null,null,null,null,null,{"$f":"+IFERROR(ROUND(IF($B17=\"Herramienta Menor HM (% mano de obra)\",HM,IF($B17=\"Herramienta Menor HM2 (% mano de obra)\",HM_2,VLOOKUP($A17,INSUMOS_BD2,5,FALSE))),2),\"\")","v":0.1},null,null,{"$f":"+IFERROR(ROUND(IF($B17=\"Herramienta Menor HM (% mano de obra)\",$K$41*H17,IF($B17=\"Herramienta Menor HM2 (% mano de obra)\",$K$41*H17,H17/I17)),0),\"\")","v":2676}]
[null,{"$f":"+IFERROR(VLOOKUP($A18,INSUMOS_BD2,3,FALSE),\"\")","v":""},null,null,null,null,null,{"$f":"+IFERROR(ROUND(IF($B18=\"Herramienta Menor HM (% mano de obra)\",HM,IF($B18=\"Herramienta Menor HM2 (% mano de obra)\",HM_2,VLOOKUP($A18,INSUMOS_BD2,5,FALSE))),2),\"\")","v":""},null,null,{"$f":"+IFERROR(ROUND(IF($B18=\"Herramienta Menor HM (% mano de obra)\",$K$41*H18,IF($B18=\"Herramienta Menor HM2 (% mano de obra)\",$K$41*H18,H18/I18)),0),\"\")","v":""}]
[null,"SUB-TOTAL ",null,null,null,null,null,null,null,null,{"$f":"SUM(K16:K18)","v":17676}]
[]
[null,"II. MATERIALES"]
[null,"DESCRIPCIÓN",null,null,null,null,"UNIDAD","CANTIDAD","PRECIO UNIT.",null,"Vr. UNITARIO"]
["m5",{"$f":"+IFERROR(VLOOKUP($A23,INSUMOS_BD2,3,FALSE),\"\")","v":"CEMENTO GRIS"},null,null,null,null,{"$f":"+IFERROR(VLOOKUP($A23,INSUMOS_BD2,4,FALSE),\"\")","v":"kg"},350,{"$f":"+IFERROR(VLOOKUP($A23,INSUMOS_BD2,5,FALSE),\"\")","v":580},null,{"$f":"IFERROR(ROUND(H23*I23,0),\"\")","v":203000}]
["m4",{"$f":"+IFERROR(VLOOKUP($A24,INSUMOS_BD2,3,FALSE),\"\")","v":"ARENA "},null,null,null,null,{"$f":"+IFERROR(VLOOKUP($A24,INSUMOS_BD2,4,FALSE),\"\")","v":"m³"},0.56000000000000005,{"$f":"+IFERROR(VLOOKUP($A24,INSUMOS_BD2,5,FALSE),\"\")","v":60000},null,{"$f":"IFERROR(ROUND(H24*I24,0),\"\")","v":33600}]
["m2",{"$f":"+IFERROR(VLOOKUP($A25,INSUMOS_BD2,3,FALSE),\"\")","v":"AGREGADO PARA CONCRETO HIDRAULICO MAX 1\" "},null,null,null,null,{"$f":"+IFERROR(VLOOKUP($A25,INSUMOS_BD2,4,FALSE),\"\")","v":"m³"},0.84,{"$f":"+IFERROR(VLOOKUP($A25,INSUMOS_BD2,5,FALSE),\"\")","v":70000},null,{"$f":"IFERROR(ROUND(H25*I25,0),\"\")","v":58800}]
["m24",{"$f":"+IFERROR(VLOOKUP($A26,INSUMOS_BD2,3,FALSE),\"\")","v":"AGUA"},null,null,null,null,{"$f":"+IFERROR(VLOOKUP($A26,INSUMOS_BD2,4,FALSE),\"\")","v":"l"},180,{"$f":"+IFERROR(VLOOKUP($A26,INSUMOS_BD2,5,FALSE),\"\")","v":30},null,{"$f":"IFERROR(ROUND(H26*I26,0),\"\")","v":5400}]
[null,"SUB-TOTAL ",null,null,null,null,null,null,null,null,{"$f":"SUM(K23:K26)","v":300800}]
[]
[null,"III. TRANSPORTES"]
[null,"MATERIAL",null,null,null,"FACT. EXPAN o COMPACT","DISTANCIA","VOL. o PESO","TARIFA (m3 o ton/km)",null,"Vr. UNITARIO"]
[null,{"$f":"+IFERROR(VLOOKUP($A31,INSUMOS_BD2,3,FALSE),\"\")","v":""},null,null,null,null,null,{"$f":"+IFERROR(VLOOKUP($A31,INSUMOS_BD2,3,FALSE),\"\")","v":""},{"$f":"+IFERROR(VLOOKUP($A31,INSUMOS_BD2,5,FALSE),\"\")","v":""},null,{"$f":"IFERROR(ROUND(G31*H31*I31,0),\"\")","v":""}]
[null,{"$f":"+IFERROR(VLOOKUP($A32,INSUMOS_BD2,3,FALSE),\"\")","v":""},null,null,null,null,null,{"$f":"+IFERROR(VLOOKUP($A32,INSUMOS_BD2,3,FALSE),\"\")","v":""},{"$f":"+IFERROR(VLOOKUP($A32,INSUMOS_BD2,5,FALSE),\"\")","v":""},null,""]
[null,{"$f":"+IFERROR(VLOOKUP($A33,INSUMOS_BD2,3,FALSE),\"\")","v":""},null,null,null,null,null,{"$f":"+IFERROR(VLOOKUP($A33,INSUMOS_BD2,3,FALSE),\"\")","v":""},{"$f":"+IFERROR(VLOOKUP($A33,INSUMOS_BD2,5,FALSE),\"\")","v":""},null,""]
[null,"SUB-TOTAL ",null,null,null,null,null,null,null,null,{"$f":"SUM(K31:K33)","v":0}]
[]
[null,"IV. MANO DE OBRA"]
[null,"TRABAJADOR",null,null,null,"JORNAL","PRESTACIÓN","JORNAL TOTAL","RENDIMIENTO",null,"Vr. UNITARIO"]
["MO18",{"$f":"+IFERROR(VLOOKUP($A38,INSUMOS_BD2,3,FALSE),\"\")","v":"OFICIAL (1)"},null,null,null,{"$f":"+IFERROR(VLOOKUP($A38,INSUMOS_BD2,5,FALSE),\"\")","v":46000},{"$f":"+F_PREST","v":0.68363548318755485},{"$f":"IFERROR(F38*(1+G38),\"\")","v":77447.23222662753},16,null,{"$f":"IFERROR(ROUND(H38/I38,0),\"\")","v":4840}]
["MO7",{"$f":"+IFERROR(VLOOKUP($A39,INSUMOS_BD2,3,FALSE),\"\")","v":" OBREROS (8)"},null,null,null,{"$f":"+IFERROR(VLOOKUP($A39,INSUMOS_BD2,5,FALSE),\"\")","v":208328},{"$f":"+F_PREST","v":0.68363548318755485},{"$f":"IFERROR(F39*(1+G39),\"\")","v":350748.41294149694},16,null,{"$f":"IFERROR(ROUND(H39/I39,0),\"\")","v":21922}]
[null,{"$f":"+IFERROR(VLOOKUP($A40,INSUMOS_BD2,3,FALSE),\"\")","v":""},null,null,null,{"$f":"+IFERROR(VLOOKUP($A40,INSUMOS_BD2,5,FALSE),\"\")","v":""},null,{"$f":"IFERROR(F40*(1+G40),\"\")","v":""},null,null,{"$f":"IFERROR(ROUND(H40/I40,0),\"\")","v":""}]
[null,"SUB-TOTAL ",null,null,null,null,null,null,null,null,{"$f":"SUM(K38:K40)","v":26762}]
[]
[null,"TOTAL COSTO DIRECTO",null,null,null,null,null,null,null,null,{"$f":"ROUND((+K41+K34+K27+K19),0)","v":345238}]
[]
[]
[]
[]
[null,{"$f":"+Responsable","v":"JULIANA MARÍA VELEZ"}]
[null,{"$f":"+Cargo","v":"SECRETARIA DE OBRAS PÚBLICAS"}]
[null,{"$f":"+MT_Responsable","v":"M.P. N°.  191919199 CAU"}]
[]
["APU28",{"$f":"IFERROR(VLOOKUP($A52,LISTA_APU,2,FALSE),\"\")","v":"CONCRETO BÁSICO 14 Mpa"},null,null,null,null,null,null,"Unidad:",{"$f":"IFERROR(VLOOKUP($A52,LISTA_APU,3,FALSE),\"\")","v":"m³"},{"$f":"K82","v":280338}]
[null,"I. EQUIPO"]
[null,"DESCRIPCIÓN",null,null,null,"TIPO",null,"TARIFA/HORA","RENDIMIENTO",null,"Vr. UNITARIO"]
["e32",{"$f":"+IFERROR(VLOOKUP($A55,INSUMOS_BD2,3,FALSE),\"\")","v":"Mezcladora de concreto (1 bulto)"},null,null,null,null,null,{"$f":"+IFERROR(ROUND(IF($B55=\"Herramienta Menor HM (% mano de obra)\",HM,IF($B55=\"Herramienta Menor HM2 (% mano de obra)\",HM_2,VLOOKUP($A55,INSUMOS_BD2,5,FALSE))),2),\"\")","v":15000},1,null,{"$f":"+IFERROR(ROUND(IF($B55=\"Herramienta Menor HM (% mano de obra)\",$K$80*H55,IF($B55=\"Herramienta Menor HM2 (% mano de obra)\",$K$80*H55,H55/I55)),0),\"\")","v":15000}]
["e31",{"$f":"+IFERROR(VLOOKUP($A56,INSUMOS_BD2,3,FALSE),\"\")","v":"Herramienta Menor HM (% mano de obra)"},null,null,null,null,null,{"$f":"+IFERROR(ROUND(IF($B56=\"Herramienta Menor HM (% mano de obra)\",HM,IF($B56=\"Herramienta Menor HM2 (% mano de obra)\",HM_2,VLOOKUP($A56,INSUMOS_BD2,5,FALSE))),2),\"\")","v":0.1},null,null,{"$f":"+IFERROR(ROUND(IF($B56=\"Herramienta Menor HM (% mano de obra)\",$K$80*H56,IF($B56=\"Herramienta Menor HM2 (% mano de obra)\",$K$80*H56,H56/I56)),0),\"\")","v":2676}]
[null,{"$f":"+IFERROR(VLOOKUP($A57,INSUMOS_BD2,3,FALSE),\"\")","v":""},null,null,null,null,null,{"$f":"+IFERROR(ROUND(IF($B57=\"Herramienta Menor HM (% mano de obra)\",HM,IF($B57=\"Herramienta Menor HM2 (% mano de obra)\",HM_2,VLOOKUP($A57,INSUMOS_BD2,5,FALSE))),2),\"\")","v":""},null,null,""]
[null,"SUB-TOTAL ",null,null,null,null,null,null,null,null,{"$f":"SUM(K55:K57)","v":17676}]
[]
[null,"II. MATERIALES"]
[null,"DESCRIPCIÓN",null,null,null,null,"UNIDAD","CANTIDAD","PRECIO UNIT.",null,"Vr. UNITARIO"]
["m5",{"$f":"+IFERROR(VLOOKUP($A62,INSUMOS_BD2,3,FALSE),\"\")","v":"CEMENTO GRIS"},null,null,null,null,{"$f":"+IFERROR(VLOOKUP($A62,INSUMOS_BD2,4,FALSE),\"\")","v":"kg"},230,{"$f":"+IFERROR(VLOOKUP($A62,INSUMOS_BD2,5,FALSE),\"\")","v":580},null,{"$f":"IFERROR(ROUND(H62*I62,0),\"\")","v":133400}]
["m4",{"$f":"+IFERROR(VLOOKUP($A63,INSUMOS_BD2,3,FALSE),\"\")","v":"ARENA "},null,null,null,null,{"$f":"+IFERROR(VLOOKUP($A63,INSUMOS_BD2,4,FALSE),\"\")","v":"m³"},0.55000000000000004,{"$f":"+IFERROR(VLOOKUP($A63,INSUMOS_BD2,5,FALSE),\"\")","v":60000},null,{"$f":"IFERROR(ROUND(H63*I63,0),\"\")","v":33000}]
["m2",{"$f":"+IFERROR(VLOOKUP($A64,INSUMOS_BD2,3,FALSE),\"\")","v":"AGREGADO PARA CONCRETO HIDRAULICO MAX 1\" "},null,null,null,null,{"$f":"+IFERROR(VLOOKUP($A64,INSUMOS_BD2,4,FALSE),\"\")","v":"m³"},0.92,{"$f":"+IFERROR(VLOOKUP($A64,INSUMOS_BD2,5,FALSE),\"\")","v":70000},null,{"$f":"IFERROR(ROUND(H64*I64,0),\"\")","v":64400}]
["m24",{"$f":"+IFERROR(VLOOKUP($A65,INSUMOS_BD2,3,FALSE),\"\")","v":"AGUA"},null,null,null,null,{"$f":"+IFERROR(VLOOKUP($A65,INSUMOS_BD2,4,FALSE),\"\")","v":"l"},170,{"$f":"+IFERROR(VLOOKUP($A65,INSUMOS_BD2,5,FALSE),\"\")","v":30},null,{"$f":"IFERROR(ROUND(H65*I65,0),\"\")","v":5100}]
[null,"SUB-TOTAL ",null,null,null,null,null,null,null,null,{"$f":"SUM(K62:K65)","v":235900}]
[]
[null,"III. TRANSPORTES"]
[null,"MATERIAL",null,null,null,"FACT. EXPAN o COMPACT","DISTANCIA","VOL. o PESO","TARIFA (m3 o ton/km)",null,"Vr. UNITARIO"]
[null,{"$f":"+IFERROR(VLOOKUP($A70,INSUMOS_BD2,3,FALSE),\"\")","v":""},null,null,null,null,null,{"$f":"+IFERROR(VLOOKUP($A70,INSUMOS_BD2,3,FALSE),\"\")","v":""},{"$f":"+IFERROR(VLOOKUP($A70,INSUMOS_BD2,5,FALSE),\"\")","v":""},null,{"$f":"IFERROR(ROUND(G70*H70*I70,0),\"\")","v":""}]
[null,{"$f":"+IFERROR(VLOOKUP($A71,INSUMOS_BD2,3,FALSE),\"\")","v":""},null,null,null,null,null,{"$f":"+IFERROR(VLOOKUP($A71,INSUMOS_BD2,3,FALSE),\"\")","v":""},{"$f":"+IFERROR(VLOOKUP($A71,INSUMOS_BD2,5,FALSE),\"\")","v":""},null,{"$f":"IFERROR(ROUND(G71*H71*I71,0),\"\")","v":""}]
[null,{"$f":"+IFERROR(VLOOKUP($A72,INSUMOS_BD2,3,FALSE),\"\")","v":""},null,null,null,null,null,{"$f":"+IFERROR(VLOOKUP($A72,INSUMOS_BD2,3,FALSE),\"\")","v":""},{"$f":"+IFERROR(VLOOKUP($A72,INSUMOS_BD2,5,FALSE),\"\")","v":""},null,""]
[null,"SUB-TOTAL ",null,null,null,null,null,null,null,null,{"$f":"SUM(K70:K72)","v":0}]
[]
[null,"IV. MANO DE OBRA"]
[null,"TRABAJADOR",null,null,null,"JORNAL","PRESTACIÓN","JORNAL TOTAL","RENDIMIENTO",null,"Vr. UNITARIO"]
["MO18",{"$f":"+IFERROR(VLOOKUP($A77,INSUMOS_BD2,3,FALSE),\"\")","v":"OFICIAL (1)"},null,null,null,{"$f":"+IFERROR(VLOOKUP($A77,INSUMOS_BD2,5,FALSE),\"\")","v":46000},{"$f":"+F_PREST","v":0.68363548318755485},{"$f":"IFERROR(F77*(1+G77),\"\")","v":77447.23222662753},16,null,{"$f":"IFERROR(ROUND(H77/I77,0),\"\")","v":4840}]
["MO7",{"$f":"+IFERROR(VLOOKUP($A78,INSUMOS_BD2,3,FALSE),\"\")","v":" OBREROS (8)"},null,null,null,{"$f":"+IFERROR(VLOOKUP($A78,INSUMOS_BD2,5,FALSE),\"\")","v":208328},{"$f":"+F_PREST","v":0.68363548318755485},{"$f":"IFERROR(F78*(1+G78),\"\")","v":350748.41294149694},16,null,{"$f":"IFERROR(ROUND(H78/I78,0),\"\")","v":21922}]
[null,{"$f":"+IFERROR(VLOOKUP($A79,INSUMOS_BD2,3,FALSE),\"\")","v":""},null,null,null,{"$f":"+IFERROR(VLOOKUP($A79,INSUMOS_BD2,5,FALSE),\"\")","v":""},null,{"$f":"IFERROR(F79*(1+G79),\"\")","v":""},null,null,{"$f":"IFERROR(ROUND(H79/I79,0),\"\")","v":""}]
[null,"SUB-TOTAL ",null,null,null,null,null,null,null,null,{"$f":"SUM(K77:K79)","v":26762}]
[]
[null,"TOTAL COSTO DIRECTO $",null,null,null,null,null,null,null,null,{"$f":"ROUND((+K80+K73+K66+K58),0)","v":280338}]
[]
[]
[]
[]
[null,{"$f":"+Responsable","v":"JULIANA MARÍA VELEZ"}]
[null,{"$f":"+Cargo","v":"SECRETARIA DE OBRAS PÚBLICAS"}]
[null,{"$f":"+MT_Responsable","v":"M.P. N°.  191919199 CAU"}]
[]
["APU15",{"$f":"IFERROR(VLOOKUP($A91,LISTA_APU,2,FALSE),\"\")","v":"MORTERO 1:3"},null,null,null,null,null,null,"Unidad:",{"$f":"IFERROR(VLOOKUP($A91,LISTA_APU,3,FALSE),\"\")","v":"m³"},{"$f":"K121","v":404847}]
[null,"I. EQUIPO"]
[null,"DESCRIPCIÓN",null,null,"MARCA","TIPO",null,"TARIFA/HORA","RENDIMIENTO",null,"Vr. UNITARIO"]
["e31",{"$f":"+IFERROR(VLOOKUP($A94,INSUMOS_BD2,3,FALSE),\"\")","v":"Herramienta Menor HM (% mano de obra)"},null,null,null,null,null,{"$f":"+IFERROR(ROUND(IF($B94=\"Herramienta Menor HM (% mano de obra)\",HM,IF($B94=\"Herramienta Menor HM2 (% mano de obra)\",HM_2,VLOOKUP($A94,INSUMOS_BD2,5,FALSE))),2),\"\")","v":0.1},null,null,{"$f":"+IFERROR(ROUND(IF($B94=\"Herramienta Menor HM (% mano de obra)\",$K$119*H94,IF($B94=\"Herramienta Menor HM2 (% mano de obra)\",$K$119*H94,H94/I94)),0),\"\")","v":6321}]
[null,{"$f":"+IFERROR(VLOOKUP($A95,INSUMOS_BD2,3,FALSE),\"\")","v":""},null,null,null,null,null,{"$f":"+IFERROR(ROUND(IF($B95=\"Herramienta Menor HM (% mano de obra)\",HM,IF($B95=\"Herramienta Menor HM2 (% mano de obra)\",HM_2,VLOOKUP($A95,INSUMOS_BD2,5,FALSE))),2),\"\")","v":""},null,null,{"$f":"+IFERROR(ROUND(IF($B95=\"Herramienta Menor HM (% mano de obra)\",$K$119*H95,IF($B95=\"Herramienta Menor HM2 (% mano de obra)\",$K$119*H95,H95/I95)),0),\"\")","v":""}]
[null,{"$f":"+IFERROR(VLOOKUP($A96,INSUMOS_BD2,3,FALSE),\"\")","v":""},null,null,null,null,null,{"$f":"+IFERROR(ROUND(IF($B96=\"Herramienta Menor HM (% mano de obra)\",HM,IF($B96=\"Herramienta Menor HM2 (% mano de obra)\",HM_2,VLOOKUP($A96,INSUMOS_BD2,5,FALSE))),2),\"\")","v":""},null,null,""]
[null,"SUB-TOTAL ",null,null,null,null,null,null,null,null,{"$f":"SUM(K94:K96)","v":6321}]
[]
[null,"II. MATERIALES"]
[null,"DESCRIPCIÓN",null,null,null,null,"UNIDAD","CANTIDAD","PRECIO UNIT.",null,"Vr. UNITARIO"]
["m5",{"$f":"+IFERROR(VLOOKUP($A101,INSUMOS_BD2,3,FALSE),\"\")","v":"CEMENTO GRIS"},null,null,null,null,{"$f":"+IFERROR(VLOOKUP($A101,INSUMOS_BD2,4,FALSE),\"\")","v":"kg"},454,{"$f":"+IFERROR(VLOOKUP($A101,INSUMOS_BD2,5,FALSE),\"\")","v":580},null,{"$f":"IFERROR(ROUND(H101*I101,0),\"\")","v":263320}]
["m4",{"$f":"+IFERROR(VLOOKUP($A102,INSUMOS_BD2,3,FALSE),\"\")","v":"ARENA "},null,null,null,null,{"$f":"+IFERROR(VLOOKUP($A102,INSUMOS_BD2,4,FALSE),\"\")","v":"m³"},1.0900000000000001,{"$f":"+IFERROR(VLOOKUP($A102,INSUMOS_BD2,5,FALSE),\"\")","v":60000},null,{"$f":"IFERROR(ROUND(H102*I102,0),\"\")","v":65400}]
["m24",{"$f":"+IFERROR(VLOOKUP($A103,INSUMOS_BD2,3,FALSE),\"\")","v":"AGUA"},null,null,null,null,{"$f":"+IFERROR(VLOOKUP($A103,INSUMOS_BD2,4,FALSE),\"\")","v":"l"},220,{"$f":"+IFERROR(VLOOKUP($A103,INSUMOS_BD2,5,FALSE),\"\")","v":30},null,{"$f":"IFERROR(ROUND(H103*I103,0),\"\")","v":6600}]
[null,{"$f":"+IFERROR(VLOOKUP($A104,INSUMOS_BD2,3,FALSE),\"\")","v":""},null,null,null,null,{"$f":"+IFERROR(VLOOKUP($A104,INSUMOS_BD2,4,FALSE),\"\")","v":""},null,{"$f":"+IFERROR(VLOOKUP($A104,INSUMOS_BD2,5,FALSE),\"\")","v":""},null,{"$f":"IFERROR(ROUND(H104*I104,0),\"\")","v":""}]
[null,"SUB-TOTAL ",null,null,null,null,null,null,null,null,{"$f":"SUM(K101:K104)","v":335320}]
[]
[null,"III. TRANSPORTES"]
[null,"MATERIAL",null,null,null,"FACT. EXPAN o COMPACT","DISTANCIA","VOL. o PESO","TARIFA (m3 o ton/km)",null,"Vr. UNITARIO"]
[null,{"$f":"+IFERROR(VLOOKUP($A109,INSUMOS_BD2,3,FALSE),\"\")","v":""},null,null,null,null,null,{"$f":"+IFERROR(VLOOKUP($A109,INSUMOS_BD2,3,FALSE),\"\")","v":""},{"$f":"+IFERROR(VLOOKUP($A109,INSUMOS_BD2,5,FALSE),\"\")","v":""},null,{"$f":"IFERROR(ROUND(F109*G109*I109,0),\"\")","v":""}]
[null,{"$f":"+IFERROR(VLOOKUP($A110,INSUMOS_BD2,3,FALSE),\"\")","v":""},null,null,null,null,null,{"$f":"+IFERROR(VLOOKUP($A110,INSUMOS_BD2,3,FALSE),\"\")","v":""},{"$f":"+IFERROR(VLOOKUP($A110,INSUMOS_BD2,5,FALSE),\"\")","v":""},null,{"$f":"IFERROR(ROUND(F110*G110*I110,0),\"\")","v":""}]
[null,{"$f":"+IFERROR(VLOOKUP($A111,INSUMOS_BD2,3,FALSE),\"\")","v":""},null,null,null,null,null,{"$f":"+IFERROR(VLOOKUP($A111,INSUMOS_BD2,3,FALSE),\"\")","v":""},{"$f":"+IFERROR(VLOOKUP($A111,INSUMOS_BD2,5,FALSE),\"\")","v":""},null,{"$f":"IFERROR(ROUND(F111*G111*I111,0),\"\")","v":""}]
[null,"SUB-TOTAL ",null,null,null,null,null,null,null,null,{"$f":"SUM(K109:K111)","v":0}]
[]
[null,"IV. MANO DE OBRA"]
[null,"TRABAJADOR",null,null,null,"JORNAL","PRESTACIÓN","JORNAL TOTAL","RENDIMIENTO",null,"Vr. UNITARIO"]
["MO18",{"$f":"+IFERROR(VLOOKUP($A116,INSUMOS_BD2,3,FALSE),\"\")","v":"OFICIAL (1)"},null,null,null,{"$f":"+IFERROR(VLOOKUP($A116,INSUMOS_BD2,5,FALSE),\"\")","v":46000},{"$f":"+F_PREST","v":0.68363548318755485},{"$f":"IFERROR(F116*(1+G116),\"\")","v":77447.23222662753},4,null,{"$f":"IFERROR(ROUND(H116/I116,0),\"\")","v":19362}]
["MO16",{"$f":"+IFERROR(VLOOKUP($A117,INSUMOS_BD2,3,FALSE),\"\")","v":"OBREROS (4)"},null,null,null,{"$f":"+IFERROR(VLOOKUP($A117,INSUMOS_BD2,5,FALSE),\"\")","v":104164},{"$f":"+F_PREST","v":0.68363548318755485},{"$f":"IFERROR(F117*(1+G117),\"\")","v":175374.20647074847},4,null,{"$f":"IFERROR(ROUND(H117/I117,0),\"\")","v":43844}]
[null,{"$f":"+IFERROR(VLOOKUP($A118,INSUMOS_BD2,3,FALSE),\"\")","v":""},null,null,null,{"$f":"+IFERROR(VLOOKUP($A118,INSUMOS_BD2,5,FALSE),\"\")","v":""},null,{"$f":"IFERROR(F118*(1+G118),\"\")","v":""},null,null,{"$f":"IFERROR(ROUND(H118/I118,0),\"\")","v":""}]
[null,"SUB-TOTAL ",null,null,null,null,null,null,null,null,{"$f":"SUM(K116:K118)","v":63206}]
[]
[null,"TOTAL COSTO DIRECTO $",null,null,null,null,null,null,null,null,{"$f":"ROUND((+K119+K112+K105+K97),0)","v":404847}]
[]
[]
[]
[]
[null,{"$f":"+Responsable","v":"JULIANA MARÍA VELEZ"}]
[null,{"$f":"+Cargo","v":"SECRETARIA DE OBRAS PÚBLICAS"}]
[null,{"$f":"+MT_Responsable","v":"M.P. N°.  191919199 CAU"}]

{"sheet":"SMLMV","index":19,"n_rows":27,"n_cols":7,"rows_kept":27,"cut":false,"hidden":false,"merged":[[2,2,2,4],[2,5,2,6]]}
[]
[]
[null,null,"HISTÓRICO SALARIO MÍNIMO MENSUAL LEGAL VIGENTE",null,null,"AUXILIO DE TRANSPORTE"]
[null,null,"AÑO","Monto Diario","Monto Mensual","Monto Diario2","Monto Mensual3"]
[null,null,2004,{"$f":"SMLM[[#This Row],[Monto Mensual]]/30","v":11933.333333333334},358000,{"$f":"G5/30","v":0}]
[null,null,2005,{"$f":"SMLM[[#This Row],[Monto Mensual]]/30","v":12716.666666666666},381500,0]
[null,null,2006,{"$f":"SMLM[[#This Row],[Monto Mensual]]/30","v":13600},408000,0]
[null,null,2007,{"$f":"SMLM[[#This Row],[Monto Mensual]]/30","v":14456.666666666666},433700,0]
[null,null,2008,{"$f":"SMLM[[#This Row],[Monto Mensual]]/30","v":15383.333333333334},461500,0]
[null,null,2009,{"$f":"SMLM[[#This Row],[Monto Mensual]]/30","v":16563.333333333332},496900,0]
[null,null,2010,{"$f":"SMLM[[#This Row],[Monto Mensual]]/30","v":17166.666666666668},515000,{"$f":"G11/30","v":0}]
[null,null,2011,{"$f":"SMLM[[#This Row],[Monto Mensual]]/30","v":17853.333333333332},535600,0]
[null,null,2012,{"$f":"SMLM[[#This Row],[Monto Mensual]]/30","v":18890},566700,0]
[null,null,2013,{"$f":"SMLM[[#This Row],[Monto Mensual]]/30","v":19650},589500,0]
[null,null,2014,{"$f":"SMLM[[#This Row],[Monto Mensual]]/30","v":20533.333333333332},616000,0]
[null,null,2015,{"$f":"SMLM[[#This Row],[Monto Mensual]]/30","v":21478.333333333332},644350,0]
[null,null,2016,{"$f":"SMLM[[#This Row],[Monto Mensual]]/30","v":22981.833333333332},689455,0]
[null,null,2017,{"$f":"SMLM[[#This Row],[Monto Mensual]]/30","v":24590.566666666666},737717,{"$f":"G18/30","v":2771.3333333333335},83140]
[null,null,2018,{"$f":"SMLM[[#This Row],[Monto Mensual]]/30","v":26041},781230,0]
[null,null,2019,{"$f":"SMLM[[#This Row],[Monto Mensual]]/30","v":27603.866666666665},828116,3234.4,97032]
[null,null,2020,{"$f":"SMLM[[#This Row],[Monto Mensual]]/30","v":0},null,0]
[null,null,2021,{"$f":"SMLM[[#This Row],[Monto Mensual]]/30","v":0},null,0]
[null,null,2022,{"$f":"SMLM[[#This Row],[Monto Mensual]]/30","v":0},null,0]
[null,null,2023,{"$f":"SMLM[[#This Row],[Monto Mensual]]/30","v":0},null,0]
[null,null,2023,{"$f":"SMLM[[#This Row],[Monto Mensual]]/30","v":0},null,0]
[null,null,2023,{"$f":"SMLM[[#This Row],[Monto Mensual]]/30","v":0},null,0]
[null,null,2023,{"$f":"SMLM[[#This Row],[Monto Mensual]]/30","v":0},null,0]

{"sheet":"BD_INSUMOS (2)","index":20,"n_rows":288,"n_cols":10,"rows_kept":288,"cut":false,"hidden":false,"merged":[[3,1,6,2],[3,3,3,8],[4,3,4,8],[5,3,5,8],[6,6,6,8]]}
[]
[]
[]
[null,null,null,"NOMBRE DEL PROYECTO:"]
[null,null,null,{"$f":"+Nom_proy1","v":"MEJORAMIENTO DEL TRAMO VIAL LA PAZ - EL PROGRESO ENTRE EL K5+000 Y EL K6+000 DEL MUNICIPIO LA ESTRELLA FLUVIAL"}]
[null,null,null,"LISTADO DE INSUMOS CON PRECIOS"]
[null,null,null,null,null,"FECHA:",{"$f":"+Fecha_Pres","v":"2019-10-11"}]
[null,"Consecutivo","FECHA","No. Cod.","Tipo de Insumo","DESCRIPCIÓN","UNIDAD","PRECIO UNIT.","% DEDICACIÓN","ESTATUS"]
[null,1,"2019-07-18","M1","Materiales","Acero de 4200 kg/cm²","kg",2400,0,"Activo"]
[null,112,"2019-07-18","MO1","Mano de Obra"," INGENIERO ELECTRICISTA (1)","Jornal",83333,null,"Activo"]
[null,75,"2019-07-18","E3","Maquinaria y equipo","CORTADORA DE CONCRETO","$/hora",40000,null,"Activo"]
[null,113,"2019-07-18","MO2","Mano de Obra"," LINIERO (1)","Jornal",26041,null,"Activo"]
[null,145,"2019-07-18","T1","Transporte","TRANSPORTE DE MATERIAL DE AFIRMADO","m³/km",1250,null,"Activo"]
[null,2,"2019-07-18","M2","Materiales","AGREGADO PARA CONCRETO HIDRAULICO MAX 1\" ","m³",70000,0,"Activo"]
[null,3,"2019-07-18","M3","Materiales","ALAMBRE NEGRO PARA AMARRE","Kg",3800,null,"Activo"]
[null,4,"2019-07-18","M4","Materiales","ARENA ","m³",60000,null,"Activo"]
[null,5,"2019-07-18","M5","Materiales","CEMENTO GRIS","kg",580,null,"Activo"]
[null,6,"2019-07-18","M6","Materiales","CESPEDONES"," m²",2730,null,"Activo"]
[null,7,"2019-07-18","M7","Materiales","DISOLVENTE PARA PINTURA (ESPECIFICAR EL TIPO DE DISOLVENTE QUE ESTA UTILIZANDO)","gal",26000,null,"Activo"]
[null,8,"2019-07-18","M8","Materiales","EMULSION ASFALTICA DE ROTURA LENTA CRL-0","l",2000,null,"Activo"]
[null,9,"2019-07-18","M9","Materiales","ESFERAS REFLECTIVAS","kg",4800,null,"Activo"]
[null,10,"2019-07-18","M10","Materiales","MATERIAL DE BASE","m³",32000,null,"Activo"]
[null,11,"2019-07-18","M11","Materiales","MATERIAL DE SUB- BASE CBR=40%","m³",26861.101827763297,null,"Activo"]
[null,12,"2019-07-18","M12","Materiales","MATERIAL SELECCIONADO PARA RELLENO","m³",18848.266666666699,null,"Activo"]
[null,13,"2019-07-18","M13","Materiales","MEZCLA DENSA EN CALIENTE MDC-2","m³",300000,null,"Activo"]
[null,14,"2019-07-18","M14","Materiales","PINTURA ACRILICA PURA PARA TRAFICO","gal",82400,null,"Activo"]
[null,15,"2019-07-18","M15","Materiales","POSTE DE MADERA PARA CERCAS Y PARA UTILIZAR EN LAS ESCAMAS EN CONCRETO","und",9715,null,"Activo"]
[null,16,"2019-07-18","M16","Materiales","POSTE EN ANGULO DE 2*2*1/4 DE 3,5M PARA SEÑAL","und",75000,null,"Activo"]
[null,17,"2019-07-18","M17","Materiales","RESINA TERMOPLASTICA","kg",10000,null,"Activo"]
[null,18,"2019-07-18","M18","Materiales","SELLO DE JUNTAS","kg",2500,null,"Activo"]
[null,19,"2019-07-18","M19","Materiales","TABLERO EN LAMINA GALVANIZADA DE 75*75 CALIBRE 16 REFLECTIVO TIPO 1","und",330000,null,"Activo"]
[null,20,"2019-07-18","M20","Materiales","TACHA REFLECTIVA UNIDIRECCIONAL","und",5500,null,"Activo"]
[null,21,"2019-07-18","M21","Materiales","TIERRA ABONADA"," m³",32550,null,"Activo"]
[null,22,"2019-07-18","M22","Materiales","TUBERIA DE CONCRETO REFORZADO 21 MPA DE 900 mm DIAMETRO INTERIOR","m",480000,null,"Activo"]
[null,23,"2019-07-18","M23","Materiales","ACPM PARA MECHEROS","gl",8748,null,"Activo"]
[null,24,"2019-07-18","M24","Materiales","AGUA","l",30,null,"Activo"]
[null,25,"2019-01-09","M25","Materiales","Alambre negro N°. 18","kg",2504,null,"Activo"]
[null,26,"2019-07-18","M26","Materiales","ALAMBRE DE PUAS CALIBRE 12 (340 M)","m",500,null,"Activo"]
[null,27,"2019-07-18","M27","Materiales","ALAMBRE GALVANIZADO No.12","kg",5234.6666666666697,null,"Activo"]
[null,28,"2019-07-18","M28","Materiales","BAÑOS PORTATILES","glb",300000,null,"Activo"]
[null,29,"2019-07-18","M29","Materiales","BARRICADA (2m x 1m)","und",417600,null,"Activo"]
[null,30,"2019-07-18","M30","Materiales","BENTONITA","kg",500,null,"Activo"]
[null,31,"2019-07-18","M31","Materiales","CAMPAMENTO","glb",3200000,null,"Activo"]
[null,32,"2019-07-18","M32","Materiales","CHALECOS (Malla)","und",20000,null,"Activo"]
[null,33,"2019-07-18","M33","Materiales","CINTA PARA DELINEADOR (300m)","und",38280,null,"Activo"]
[null,34,"2019-07-18","M34","Materiales","CINTA REFLECTIVA","und",1550,null,"Activo"]
[null,35,"2019-07-18","M35","Materiales","CINTILLA DE POLIURETANO (SIKAROAD)","m",1100,null,"Activo"]
[null,36,"2019-07-18","M36","Materiales","COMPENSACION POR INTERVENCION PREDIAL","glb",29000,null,"Activo"]
[null,37,"2019-07-18","M37","Materiales","CONCRETO CLASE D","m³",504598,null,"Activo"]
[null,38,"2019-07-18","M38","Materiales","CONO DE SEGURIDAD ALT 0,45MPLASTICO NARANJA REFLECTIVO","und",25230,null,"Activo"]
[null,39,"2019-07-18","M39","Materiales","DELINEADOR TUBULAR ","und",39440,null,"Activo"]
[null,40,"2019-07-18","M40","Materiales","ESTACAS,PINTURA,TACHUELAS,HILO","glb",5000,null,"Activo"]
[null,41,"2019-07-18","M41","Materiales","FORMALETA DE CONCRETO CLASE D, E, Fy G","m²",12000,null,"Activo"]
[null,42,"2019-07-18","M42","Materiales","Formaleta (gaviones, juntas de bordillos, juntas de cunetas, muros, concretos clase D,E, F y G)","m²",5678.6776972437101,null,"Activo"]
[null,43,"2019-07-18","M43","Materiales","Geotextil No Tejido Ref 1600","m²",4000,null,"Activo"]
[null,44,"2019-07-18","M44","Materiales","Geotextil NT-2500 o Similar No Tejido","m²",6500,null,"Activo"]
[null,45,"2019-07-18","M45","Materiales","GEOTEXTIL T2400 O SIMILAR","m²",7000,null,"Activo"]
[null,46,"2019-07-18","M46","Materiales","GRAPAS","kg",4200,null,"Activo"]
[null,47,"2019-07-18","M47","Materiales","GUADUA TACO X 3M","und",2500,null,"Activo"]
[null,48,"2019-07-18","M48","Materiales","MALLA PARA GAVIONES ( 2 M3) ","und",86484.304600000003,null,"Activo"]
[null,49,"2019-07-18","M49","Materiales","MATERIAL FILTRANTE PARA RELLENO","m³",65643,null,"Activo"]
[null,50,"2019-07-18","M50","Materiales","MATERIAL GRANULAR FILTRANTE (TAM. MAXIMO 2\")","m³",87000,null,"Activo"]
[null,51,"2019-07-18","M51","Materiales","MECHERO","und",10000,null,"Activo"]
[null,52,"2019-07-18","M52","Materiales","PAPELERIA INFORMACION CAPACITACION TALLERES","glb",25000,null,"Activo"]
[null,53,"2019-07-18","M53","Materiales","PAPELERIA INFORMACION SOCIALIZACION Y FINALIZACION PROYECTO","glb",250000,null,"Activo"]
[null,54,"2019-07-18","M54","Materiales","Piedra para gavión","m³",31900,null,"Activo"]
[null,55,"2019-01-07","M55","Materiales","Puntilla de 1\"","lb",2350,null,"Activo"]
[null,56,"2019-07-18","M56","Materiales","SALIDA EN PVC D=2\"","und",1365,null,"Activo"]
[null,57,"2019-07-18","M57","Materiales","SELLO DE SILICONA O SELLADOR AUTONIVELANTE","m",5500,null,"Activo"]
[null,58,"2019-07-18","M58","Materiales","SEÑAL VERTICAL 75X75 LAM CAL 18 REF NG 3M","und",160000,null,"Activo"]
[null,59,"2019-07-18","M59","Materiales","SEÑALIZADOR TUBULAR H=1,27M","und",23000,null,"Activo"]
[null,60,"2019-07-18","M60","Materiales","SERVICIOS PUBLICOS","glb",250000,null,"Activo"]
[null,61,"2019-07-18","M61","Materiales","SEÑALIZACION SIO-01","und",250800,null,"Activo"]
[null,62,"2019-07-18","M62","Materiales","SEÑALIZACION SIO-02","und",150800,null,"Activo"]
[null,63,"2019-07-18","M63","Materiales","SEÑALIZACION SIO-03","und",150800,null,"Activo"]
[null,64,"2019-07-18","M64","Materiales","SEÑALIZACION SPO-01","und",111360,null,"Activo"]
[null,65,"2019-07-18","M65","Materiales","SEÑALIZACION SRO-01","und",111360,null,"Activo"]
[null,66,"2019-07-18","M66","Materiales","SEÑALIZACION SRO-02","und",111360,null,"Activo"]
[null,67,"2019-07-18","M67","Materiales","TELA VERDE POLIPROPILENO","rollo",110000,null,"Activo"]
[null,68,"2019-07-18","M68","Materiales","TUBERIA PERFORADA CORRUGADA PVC 100mm","m",23000,null,"Activo"]
[null,69,"2019-07-18","M69","Materiales","TUBERÍA PERFORADA CORRUGADA PVC DE 2\" ","m",11890,null,"Activo"]
[null,70,"2019-07-18","M70","Materiales","UNIÓN EN PVC D=2\"","und",1680,null,"Activo"]
[null,71,"2019-07-18","M71","Materiales","Derechos de explotación y/o disposición de materiales","m³",2988,null,"Activo"]
[null,72,"2019-07-18","M72","Materiales","ANTISOL BLANCO (20kg)","kg",8000,null,"Activo"]
[null,73,"2019-07-18","M73","Materiales","RECEBO SELECCIONADO","m³",20000,null,"Activo"]
[null,74,"2019-07-18","M74","Materiales","MORTERO 1:3 DE RECUBRIMIENTO","m³",234367,null,"Activo"]
[null,89,"2019-07-18","M113","Materiales"," FORMALETA (GAVIONES, JUNTAS DE BORDILLOS, JUNTAS DE CUNETAS, MUROS)","m²",8000,null,"Activo"]
[null,163,"2019-01-07","M75","Materiales","Durmiente ordinario 4*4cm","m",2600,null,"Activo"]
[null,170,"2019-01-11","M82","Materiales","Material de base (gradación 2)","m³",53012,null,"Activo"]
[null,176,"2019-01-11","M76","Materiales","MORTERO 1:3 PARA DILATACIONES","m",{"$f":"'[6]APU BÁSICO DNP'!K44","v":309140},null,"Activo"]
[null,76,"2019-07-18","E4","Maquinaria y equipo"," CARGADOR 920 O EQUIVALENTE","$/hora",140000,null,"Activo"]
[null,77,"2019-07-18","E5","Maquinaria y equipo"," CARGADOR 930 O EQUIVALENTE","$/hora",190000,null,"Activo"]
[null,78,"2019-07-18","E6","Maquinaria y equipo"," CARROTANQUE DE AGUA 1.000 gal","$/hora",68000,null,"Activo"]
[null,79,"2019-07-18","E7","Maquinaria y equipo","Carrotanque Irrigador de asfalto, 1000 galones de capacidad","hora",95000,null,"Activo"]
[null,80,"2019-07-18","E8","Maquinaria y equipo"," CIZALLA MANUAL DE 9 CMS","$/hora",800,null,"Activo"]
[null,81,"2019-07-18","E9","Maquinaria y equipo"," COMPACTADOR MANUAL (RANA)","$/hora",10000,null,"Activo"]
[null,82,"2019-07-18","E10","Maquinaria y equipo"," COMPACTADOR MANUAL (SALTARÍN) PESO 52 KG","$/hora",15000,null,"Activo"]
[null,83,"2019-07-18","E11","Maquinaria y equipo"," COMPRESOR (BARRIDO Y SOPLADO)","hora",65000,null,"Activo"]
[null,84,"2019-07-18","E12","Maquinaria y equipo"," COMPRESOR 125 PIES 3 CON MARTILLO","$/hora",90000,null,"Activo"]
[null,85,"2019-07-18","E13","Maquinaria y equipo","EQUIPO DE PINTURA PRESION MAZ 3300 PSI","$/hora",16000,null,"Activo"]
[null,86,"2019-07-18","E14","Maquinaria y equipo"," EQUIPO DE OXICORTE","$/hora",31500,null,"Activo"]
[null,87,"2019-07-18","E15","Maquinaria y equipo"," EQUIPO DE PERFORACIÓN (TRACKDRILL)","$/hora",115.5,null,"Activo"]
[null,88,"2019-07-18","E16","Maquinaria y equipo","EQUIPO DE TOPOGRAFÍA","$/hora",15750,null,"Activo"]
[null,90,"2019-07-18","E18","Maquinaria y equipo"," MAQUINA TERMICA PEGATACHAS","$/hora",15000,null,"Activo"]
[null,177,"2019-01-11","M79","Materiales","Rajón de piedra del municipio","m³",129000,null,"Activo"]
[null,91,"2019-07-18","E19","Maquinaria y equipo"," MOTONIVELADORA POTENCIA 215 HP, ANCHO DE CUCHILLA 4,27M, PESO 18 TN","hora",164000,null,"Activo"]
[null,92,"2019-07-18","E20","Maquinaria y equipo"," RETROEXCAVADORA CAP. 1.5 YD3 SOBRE ORUGA","$/hora",130000,null,"Activo"]
[null,93,"2019-07-18","E21","Maquinaria y equipo"," TERMINADORA DE ASFALTO (FINISHER)","$/hora",120000,null,"Activo"]
[null,94,"2019-07-18","E22","Maquinaria y equipo"," VEHICULO DELINEADOR","$/hora",93700,null,"Activo"]
[null,95,"2019-07-18","E23","Maquinaria y equipo"," VIBROCOMPACTADOR  POTENCIA 153HP PESO 10 TON","hora",142000,null,"Activo"]
[null,96,"2019-07-18","E24","Maquinaria y equipo"," VOLQUETA 6 M3","$/hora",77350,null,"Activo"]
[null,97,"2019-07-18","E25","Maquinaria y equipo","ALQUILER SILLAS Y MOBILIARIO (EN SITIO)","und",100000,null,"Activo"]
[null,98,"2019-07-18","E26","Maquinaria y equipo","CAMIONETA DOBLE CABINA","$/hora",38400,null,"Activo"]
[null,99,"2019-07-18","E27","Maquinaria y equipo","COMPACTADOR NEUMATICO","$/hora",75000,null,"Activo"]
[null,100,"2019-07-18","E28","Maquinaria y equipo","COMPUTADOR","und",50000,null,"Activo"]
[null,101,"2019-07-18","E29","Maquinaria y equipo","ESTACION TOPOGRAFIA","$/hora",15750,null,"Activo"]
[null,102,"2019-07-18","E30","Maquinaria y equipo","GRUA HIDRAULICA","$/hora",100000,null,"Activo"]
[null,103,"2019-07-18","E31","Maquinaria y equipo","Herramienta Menor HM (% mano de obra)","glb",0,0,"Activo"]
[null,104,"2019-07-18","E32","Maquinaria y equipo","Mezcladora de concreto (1 bulto)","hora",15000,null,"Activo"]
[null,105,"2019-07-18","E33","Maquinaria y equipo","PLANTA ELECTRICA","$/hora",20000,null,"Activo"]
[null,106,"2019-07-18","E34","Maquinaria y equipo","RETROCARGADOR DOBLE TRANSMISION","$/hora",120000,null,"Activo"]
[null,107,"2019-07-18","E35","Maquinaria y equipo","VIBRADOR DE CONCRETO","$/hora",7000,null,"Activo"]
[null,108,"2019-07-18","E36","Maquinaria y equipo","VIDEO BEAM","und",50000,null,"Activo"]
[null,109,"2019-07-18","E37","Maquinaria y equipo","BARRENO","$/hora",2000,null,"Activo"]
[null,110,"2019-07-18","E38","Maquinaria y equipo","MOTOBOMBA 3\"","$/hora",8200,null,"Activo"]
[null,111,"2019-07-18","E39","Maquinaria y equipo","RETROEXCAVADORA CARGADORA","$/hora",130000,null,"Activo"]
[null,160,"2019-07-18","E40","Maquinaria y equipo","Buldo","und",45000,null,"Activo"]
[null,114,"2019-07-18","MO3","Mano de Obra"," OBREROS (1)","Jornal",26041,null,"Activo"]
[null,115,"2019-07-18","MO4","Mano de Obra"," OBREROS (2)","Jornal",52082,null,"Activo"]
[null,116,"2019-07-18","MO5","Mano de Obra"," OBREROS (7)","Jornal",{"$f":"26041*7","v":182287},null,"Activo"]
[null,117,"2019-07-18","MO6","Mano de Obra"," OBREROS (5)","Jornal",130205,null,"Activo"]
[null,118,"2019-07-18","MO7","Mano de Obra"," OBREROS (8)","Jornal",208328,null,"Activo"]
[null,119,"2019-07-18","MO8","Mano de Obra","ESTAQUERO (1)","Jornal",26041,null,"Activo"]
[null,120,"2019-07-18","MO9","Mano de Obra","ESTAQUERO (2)","Jornal",52082,null,"Activo"]
[null,121,"2019-07-18","M010","Mano de Obra"," PALETEROS (2)","Jornal",52082,null,"Activo"]
[null,122,"2019-07-18","MO11","Mano de Obra","COORDINADOR DE PROYECTO","Jornal",128870,null,"Activo"]
[null,123,"2019-07-18","MO12","Mano de Obra","Especialista Ambiental","Sueldo",4500000,null,"Activo"]
[null,124,"2019-07-18","MO13","Mano de Obra","ESPECIALISTA SOCIAL","Jornal",128870,null,"Activo"]
[null,125,"2019-07-18","MO14","Mano de Obra","GRUPO DE ORDEN Y ASEO","Jornal",128870,null,"Activo"]
[null,126,"2019-07-18","MO15","Mano de Obra","OBREROS (3)","Jornal",78123,null,"Activo"]
[null,127,"2019-07-18","MO16","Mano de Obra","OBREROS (4)","Jornal",104164,null,"Activo"]
[null,128,"2019-07-18","MO17","Mano de Obra","OBREROS (6)","Jornal",156246,null,"Activo"]
[null,129,"2019-07-18","MO18","Mano de Obra","OFICIAL (1)","Jornal",46000,null,"Activo"]
[null,130,"2019-07-18","MO19","Mano de Obra","RASTRILLEROS (1)","Jornal",39061.5,null,"Activo"]
[null,131,"2019-07-18","MO20","Mano de Obra","REGULADOR DE ORDEN","Jornal",128870,null,"Activo"]
[null,132,"2019-07-18","MO21","Mano de Obra","RESIDENTE AMBIENTAL","Jornal",128870,null,"Activo"]
[null,133,"2019-07-18","MO22","Mano de Obra","CADENERO 1","Jornal",50000,null,"Activo"]
[null,134,"2019-07-18","MO23","Mano de Obra","CADENERO 2","Jornal",40000,null,"Activo"]
[null,135,"2019-07-18","MO24","Mano de Obra","TOPOGRAFO (1)","Jornal",80000,null,"Activo"]
[null,136,"2019-07-18","MO25","Mano de Obra","COMISIÓN TOPOGRAFÍA","Jornal",242082,null,"Activo"]
[null,137,"2019-07-18","MO26","Mano de Obra","OBREROS (9)","Jornal",234369,null,"Activo"]
[null,138,"2019-07-18","MO27","Mano de Obra","OBREROS (11)","Jornal",286451,null,"Activo"]
[null,139,"2019-07-18","MO28","Mano de Obra","Director de obra","Sueldo",6000000,0.5,"Activo"]
[null,140,"2019-07-18","MO29","Mano de Obra","Residente de Obra","Sueldo",3500000,1,"Activo"]
[null,141,"2019-07-18","MO30","Mano de Obra","Ingeniero Auxiliar","Sueldo",3000000,1,"Activo"]
[null,142,"2019-07-18","MO31","Mano de Obra","Almacenista","Salario",1800000,1,"Activo"]
[null,143,"2019-07-18","MO32","Mano de Obra","Secretaria","Salario",1500000,null,"Activo"]
[null,144,"2019-07-18","MO33","Mano de Obra","Celador","Salario",1800000,1,"Activo"]
[null,221,"2019-03-13","MO34","Mano de Obra","Ingeniero Civil","Jornal",120000,null,"Activo"]
[null,243,"2019-03-19","MO35","Mano de Obra","Especialista en Estructuras","Sueldo",4500000,0.3,"Activo"]
[null,146,"2019-07-18","T2","Transporte"," TARIFA DE TRANSPORTE DE TIERRA ABONADA","m³/km",1200,null,"Activo"]
[null,147,"2019-07-18","T3","Transporte"," TRANSPORTE AGREGADO PARA CONCRETO HIDRAULICO","m³/km",1200,null,"Activo"]
[null,148,"2019-07-18","T4","Transporte"," TRANSPORTE DE ARENA","m³/km",1250,null,"Activo"]
[null,149,"2019-07-18","T5","Transporte"," TRANSPORTE MATERIAL DE RELLENO","m³/km",1200,null,"Activo"]
[null,150,"2019-07-18","T6","Transporte"," TRANSPORTE MATERIAL DE BASE/SUB BASE","m³/km",1250,null,"Activo"]
[null,151,"2019-07-18","T7","Transporte","Transporte de piedra para gaviones","m³/km",1250,null,"Activo"]
[null,152,"2019-07-18","T8","Transporte"," TRANSPORTE TUBO CONCRETO REFORZADO 900 MM","m³/km",1200,null,"Activo"]
[null,153,"2019-07-18","T9","Transporte","TRACTOMULA PARA TRANSPORTE DE POSTES","t/km",700000,null,"Activo"]
[null,154,"2019-07-18","T10","Transporte","TRANSPORTE MATERIAL ASFALTICO","m³/km",1200,null,"Activo"]
[null,155,"2019-07-18","T11","Transporte","TRANSPORTE MATERIAL GRANULAR FILTRANTE","m³/km",1250,null,"Activo"]
[null,156,"2019-07-18","T12","Transporte","TRANSPORTE MATERIAL COMUN","m³/km",1200,null,"Activo"]
[null,157,"2019-07-18","T13","Transporte","TRANSPORTE DE CEMENTO","t/km",800,null,"Activo"]
[null,158,"2019-07-18","T14","Transporte","TRANSPORTE MATERIAL DEMOLICION","m³/km",1200,null,"Activo"]
[null,159,"2019-07-18","T15","Transporte","Transporte de material seleccionado para relleno","m³/km",1250,null,"Activo"]
[null,168,"2019-01-11","T16","Transporte","Volqueta  6 m³ (cargue mecánico) botadero ","m³",1250,null,"Activo"]
[null,161,"2019-07-18","E41","Maquinaria y equipo","Andamio","und",50000,null,"Activo"]
[null,162,"2019-01-07","E42","Maquinaria y equipo","Retroexcavadora sobre oruga, potencia 138 HP, balde de 1,5 m3.","hora",207266,null,"Activo"]
[null,164,"2019-01-07","E43","Maquinaria y equipo","Bulldozer, Potencia al volante de 140 HP, motor de 2200 RPM, longitud de hoja 4,80 m. ","hora",140167,null,"Activo"]
[null,178,"2019-01-11","M77","Materiales","CONCRETO DE 210 kg/cm² (3.000 PSI)","m³",{"$f":"'[6]APU BÁSICO DNP'!APU20_BASICO","v":269510},null,"Activo"]
[null,165,"2019-01-08","E1","Maquinaria y equipo"," BULDOZER D6","$/hora",180000,null,"Activo"]
[null,166,"2019-01-08","E45","Maquinaria y equipo","Motoniveladora 120 Hp","hora",120000,null,"Activo"]
[null,167,"2019-01-11","E46","Maquinaria y equipo","Carrotanque de agua(1000 Galones)","hora",70000,null,"Activo"]
[null,172,"2019-01-12","E2","Maquinaria y equipo","ASPERSOR MANUAL","$/hora",1750,null,"Activo"]
[null,169,"2019-01-11","T17","Transporte","Volqueta  6 m³ (cargue mecánico)botadero adicional mayor 20 km","m³",1323.25,null,"Activo"]
[null,171,"2019-01-11","T18","Transporte","TRANSPORTE DE MATERIAL DE SUBBASE","m³/km",1250,"","Activo"]
[null,179,"2019-01-11","M78","Materiales","Concreto de 140 kg/cm²","m³",{"$f":"'[6]APU BÁSICO DNP'!K76","v":204410},null,"Activo"]
[null,184,"2019-01-11","T19","Transporte","Transporte de material de afirmado","m³/km",1250,null,"Activo"]
[null,173,"2019-01-11","E47","Maquinaria y equipo","formaleta madera","m²",2500,null,"Activo"]
[null,174,"2019-01-08","E44","Maquinaria y equipo","Vibro compactador 8 Ton","hora",116000,null,"Activo"]
[null,175,"2019-01-11","E48","Maquinaria y equipo","Vibrador a gasolina","hora",3830,null,"Activo"]
[null,183,"2019-01-12","E50","Maquinaria y equipo","Camión de Slurry","hora",104000,null,"Activo"]
[null,180,"2019-01-11","M80","Materiales","Concreto de 210 kg/cm² ","m³",410988,null,"Eliminado"]
[null,181,"2019-01-11","M81","Materiales","Material de afirmado","m³",16500,null,"Activo"]
[null,182,"2019-01-12","M83","Materiales","Material de base (gradación 1)","m³",56840,null,"Activo"]
[null,185,"2019-01-12","M85","Materiales","Agregado tipo LA 5 (lechadas)","m³",66000,null,"Activo"]
[null,187,"2019-01-12","M84","Materiales","Material de base (gradación 3)","m³",47500,null,"Activo"]
[null,188,"2019-01-12","M86","Materiales","Emulsión CRL-1h","l",1600,null,"Activo"]
[null,189,"2019-01-12","M88","Materiales","Agregado para tratamiento superficial doble (primer riego)","m³",66000,null,"Activo"]
[null,186,"2019-01-12","E49","Maquinaria y equipo","Motoniveladora, potencia 140 HP, ancho de cuchilla 3,66 m, peso 11 ton.","hora",160000,null,"Activo"]
[null,190,"2019-01-12","T20","Transporte","Transporte de agregado tipo LA-3","m³/km",1250,null,"Activo"]
[null,191,"2019-01-12","M87","Materiales","Agregado para tratamiento superficial doble (segundo riego)","m³",66000,null,"Activo"]
[null,192,"2019-01-12","E52","Maquinaria y equipo","Esparcidor de gravilla, Ancho de esparcimiento 3100mm, Velocidad de trabajo 10—20km2/h","hora",76936.2,null,"Activo"]
[null,195,"2019-01-12","M90","Materiales","Arena lavada","m³",29000,null,"Activo"]
[null,196,"2019-01-12","M92","Materiales","Material para solado y atraque","m³",30316.329243451401,null,"Activo"]
[null,197,"2019-01-12","M89","Materiales","Emulsión CRR-2","l",2050,null,"Activo"]
[null,198,"2019-01-12","T21","Transporte","Transporte de agregados pétreos","m³/km",1250,null,"Activo"]
[null,199,"2019-01-12","M91","Materiales","Mortero 1:3 Para Anillos","m³",{"$f":"'[6]APU BÁSICO DNP'!K109","v":309140},null,"Activo"]
[null,193,"2019-01-12","E51","Maquinaria y equipo","Compactador neumático de Potencia 70 HP, peso de 13 ton","hora",132000,null,"Activo"]
[null,194,"2019-01-12","E53","Maquinaria y equipo","Retroexcavadora A25C","hora",130000,null,"Activo"]
[null,208,"2019-01-14","E55","Maquinaria y equipo","Retroexcavadora E-200 sobre orugas","hora",179791.20120000001,null,"Activo"]
[null,200,"2019-01-12","M93","Materiales","Tubo concreto reforzado 900mm (tipo 1)","m",480000,null,"Activo"]
[null,204,"2019-01-13","M94","Materiales","Agregado para concreto hidráulico","m³",52545.259645974002,null,"Activo"]
[null,205,"2019-01-13","M96","Materiales","Cemento","kg",570,null,"Activo"]
[null,201,"2019-01-12","T23","Transporte","Transporte de material de solado y atraque tubería de concreto reforzado","m³*km",575,null,"Activo"]
[null,206,"2019-01-13","M95","Materiales","Piedra para concreto ciclópeo (rajón o canto rodado)","m³",50000,null,"Activo"]
[null,207,"2019-01-13","M97","Materiales","Arena de rio","m³",44000,null,"Activo"]
[null,202,"2019-01-12","T22","Transporte","Transporte de tubería de concreto reforzado","kg*km",0.56279999999999997,null,"Activo"]
[null,203,"2019-01-13","T24","Transporte","Transporte de material triturado","m³/km",1250,null,"Activo"]
[null,211,"2019-01-14","T25","Transporte","Transporte de concreto","m³/km",1280,null,"Activo"]
[null,210,"2019-01-14","M100","Materiales","Formaleta Metálica","m²",10983.947574969399,null,"Activo"]
[null,212,"2019-01-13","M98","Materiales","Grava","m³",48000,null,"Activo"]
[null,213,"2019-01-14","M99","Materiales","Tubería PVC RD21 de 1´´ (para anclajes)","m",5430.3245693219096,null,"Activo"]
[null,214,"2019-01-14","M101","Materiales","TORNILLO ACERO 3/8\"*3\"/AF GRADO 5, TUERCA,ARANDELA","und",4580,null,"Activo"]
[null,209,"2019-01-13","E54","Maquinaria y equipo","Mezcladora de trompo","día",25000,null,"Activo"]
[null,215,"2019-01-14","E56","Maquinaria y equipo","Taco metálico o puntal (escamas en concreto)","und",62.7,null,"Activo"]
[null,217,"2019-01-15","M103","Materiales","Material filtrante (6\")","m³",47994.1,null,"Activo"]
[null,236,"2019-02-25","T26","Transporte","Transporte Material de Subbase","m³",1200,null,"Activo"]
[null,218,"2019-01-14","M102","Materiales","LAMINA DE ACERO ASTM A572 GRADO 50, 50mm*4mm grado GALV.","m",5512,null,"Activo"]
[null,220,"2019-03-13","M115","Materiales","Pintura esmalte","gln",60000,null,"Activo"]
[null,222,"2019-03-13","M116","Materiales","Bordillo prefabricado A15 (15x35x80cm)","und",30000,null,"Activo"]
[null,216,"2019-01-14","E57","Maquinaria y equipo","Retroexcavadora de llantas","hora",207266.4,null,"Activo"]
[null,219,"2019-03-13","E60","Maquinaria y equipo","GPS doble frecuencia","hora",10000,null,"Activo"]
[null,223,"2019-03-14","M118","Materiales","Agua","l",10,null,"Activo"]
[null,226,"2019-02-19","M104","Materiales","Estaca","und",250,null,"Activo"]
[null,224,"2019-03-04","E58","Maquinaria y equipo","Camioneta Transporte Materiales","hora",45000,null,"Activo"]
[null,227,"2019-02-19","M105","Materiales","Esmalte Doméstico","gal",50000,null,"Activo"]
[null,244,"2019-03-19","MO36","Mano de Obra","Especialista en Geotecnia o suelos","Sueldo",4500000,0.3,"Activo"]
[null,228,"2019-02-25","M106","Materiales","Material de Sub- Base CBR=30%","m³",47000,null,"Activo"]
[null,229,"2019-02-26","M108","Materiales","CONCRETO BÁSICO 21 MPA","m³",{"$f":"APU20_BASICO","v":345238},null,"Activo"]
[null,225,"2019-03-05","E59","Maquinaria y equipo","Camabaja","hora",200000,null,"Activo"]
[null,250,"2019-03-20","E61","Maquinaria y equipo","Alquiler Equipo de Computo","mes",300000,null,"Activo"]
[null,230,"2019-02-27","M109","Materiales","CONCRETO BÁSICO 14 MPA","m³",{"$f":"APU21_BASICO","v":280338},null,"Activo"]
[null,231,"2019-03-04","M110","Materiales","Acero PDR-6O","kg",3300,null,"Activo"]
[null,232,"2019-03-05","M111","Materiales","Piedra río D<20cm","m³",50000,null,"Activo"]
[null,233,"2019-03-05","M112","Materiales","MALLA PARA GAVIONES ( 2 M3) ","und",86484.3046414173,null,"Activo"]
[null,234,"2019-03-06","M114","Materiales","Geodren Filtro","m",30000,null,"Activo"]
[null,235,"2019-02-27","M117","Materiales","MORTERO 1:3","m³",{"$f":"'[6]APU BÁSICO'!K105","v":411716},null,"Activo"]
[null,238,"2019-03-14","M119","Materiales","Arena fina","m³",44000,null,"Activo"]
[null,239,"2019-03-14","M120","Materiales","Agua","l",46.26,null,"Activo"]
[null,241,"2019-03-14","M121","Materiales","CONCRETO RESISTENCIA 21 (MPa)","m³",{"$f":"'[6]APU BÁSICO DNP'!K141","v":411018}]
[null,242,"2019-03-18","M122","Materiales","Geotextil Fortex BX-40","m²",4453,null,"Activo"]
[null,237,"2019-03-04","T27","Transporte","Transporte de piedra para ciclopeo","m³",1250,null,"Activo"]
[null,240,"2019-03-14","T28","Transporte","Transporte de grava","m³",1250,null,"Activo"]
[null,257,"2019-03-20","M123","Materiales","Papeleria ","mes",200000,null,"Activo"]
[null,263,"2019-04-15","M124","Materiales","Señales temporales","und",130000,null,"Activo"]
[null,277,"2019-10-08","T29","Transporte","Transporte de agregado tipo LA-5","m³/km",1250,null,"Activo"]
[null,264,"2019-04-15","M125","Materiales","Paleta pare-siga reflectiva","und",30000,null,"Activo"]
[null,265,"2019-04-15","M126","Materiales","Barricada plástica (2,5m x 1,4m)","und",570000,null,"Activo"]
[null,245,"2019-03-19","MO37","Mano de Obra","Especialista en Pavimentos","Sueldo",4500000,0.3,"Activo"]
[null,246,"2019-03-19","MO38","Mano de Obra","Especialista en Hidráulica e Hidrología","Sueldo",4500000,0.3,"Activo"]
[null,247,"2019-03-19","MO39","Mano de Obra","Topógrafo","Sueldo",2500000,1,"Activo"]
[null,248,"2019-03-19","MO40","Mano de Obra","Cadenero","Salario",1500000,1,"Activo"]
[null,249,"2019-03-19","MO41","Mano de Obra","Asistente Administrativa","Salario",1500000,1,"Activo"]
[null,272,"2019-07-25","MO42","Mano de Obra","Director de Interventoría","Sueldo",6000000,null,"Activo"]
[null,273,"2019-07-25","MO43","Mano de Obra","Residente de Interventoría","Sueldo",3500000,null,"Activo"]
[null,251,"2019-03-20","E62","Maquinaria y equipo","Alquiler de Impresora","mes",150000,null,"Activo"]
[null,252,"2019-03-20","E63","Maquinaria y equipo","Alquiler Equipo de Comunicación (Celular) ","mes",150000,null,"Activo"]
[null,253,"2019-03-20","E64","Maquinaria y equipo","Alquiler Camioneta 4x4","mes",3800000,null,"Activo"]
[null,254,"2019-03-20","E65","Maquinaria y equipo","Alquiler de Campamento","mes",1000000,null,"Activo"]
[null,255,"2019-03-20","E66","Maquinaria y equipo","Alquiler de Bodega","mes",1000000,null,"Activo"]
[null,256,"2019-03-20","E67","Maquinaria y equipo","Alquiler Muebles de Oficina","mes",500000,null,"Activo"]
[null,258,"2019-03-20","E68","Maquinaria y equipo","Internet Banda Ancha","mes",150000,null,"Activo"]
[null,266,"2019-04-15","M127","Materiales","Delineador tubular ","und",35000,null,"Activo"]
[null,259,"2019-03-20","E69","Maquinaria y equipo","Servicios Publicos Agua y Enería","mes",300000,null,"Activo"]
[null,260,"2019-03-20","E70","Maquinaria y equipo","Ensayos de Control de Calidad","mes",600000,null,"Activo"]
[null,261,"2019-03-20","E71","Maquinaria y equipo","Alquiler Equipo de Topografía","mes",1500000,null,"Activo"]
[null,262,"2019-03-20","E72","Maquinaria y equipo","Valla informativa","mes",70000,null,"Activo"]
[null,275,"2019-08-06","E73","Maquinaria y equipo","Herramienta Menor HM2 (% mano de obra)","glb",0,0,"Activo"]
[null,267,"2019-04-15","M128","Materiales","Cinta para delineador (300ml)","rollo",30000,null,"Activo"]
[null,268,"2019-04-15","M129","Materiales","Cinta señalización reflectante","rollo",55000,null,"Activo"]
[null,269,"2019-04-15","M130","Materiales","Cono PVC señalización vial 90cm cinta reflectiva seguridad","und",120000,null,"Activo"]
[null,270,"2019-04-15","M131","Materiales","Chaleco reflectivo (malla)","und",20000,null,"Activo"]
[null,271,"2019-04-15","M132","Materiales","Reflector led intemperie","und",60000,null,"Activo"]
[null,276,"2019-10-04","M107","Materiales","Emulsión Asfaltica","l",2200,null,"Activo"]
[null,274,"2019-07-30","MO44","Mano de Obra","Especialista en Vías o Pavimentos","Sueldo",4500000,null,"Activo"]
[null,278,"2019-10-10","MO45","Mano de Obra","Profesional SISO","Sueldo",3000000,null,"Activo"]
[null,280,"2019-10-11","MO46","Mano de Obra","Viáticos","mes",1200000,null,"Activo"]
[null,279,"2019-10-11","E74","Maquinaria y equipo","Plan Telefonía Celular","mes",120000,null,"Activo"]

{"sheet":"A.U.I","index":21,"n_rows":86,"n_cols":13,"rows_kept":86,"cut":false,"hidden":false,"merged":[[12,4,12,12],[14,4,14,12],[15,5,15,7],[20,5,20,7],[28,5,28,7],[16,5,16,7],[17,5,17,7],[18,5,18,7],[22,5,22,7],[23,5,23,7],[19,5,19,7],[21,5,21,7],[29,5,29,7],[30,5,30,7],[24,5,24,7],[27,5,27,7],[52,4,52,11],[25,5,25,7],[26,5,26,7],[43,5,43,9],[37,5,37,9],[34,5,34,9],[35,5,35,9],[36,5,36,9],[31,4,31,11],[33,4,33,12],[49,4,49,11],[50,4,50,11],[51,4,51,11],[68,5,68,12],[38,5,38,9],[39,5,39,9],[40,5,40,9],[41,5,41,9],[42,5,42,9],[57,4,57,12],[44,5,44,9],[45,5,45,9],[46,5,46,9],[48,5,48,9],[47,5,47,9],[61,5,61,11],[62,5,62,11],[76,5,76,10],[69,5,69,10],[65,4,65,11],[70,5,70,10],[53,4,53,11],[54,4,54,11],[55,4,55,11],[71,5,71,10],[63,5,63,11],[64,5,64,11],[73,5,73,10],[74,5,74,10],[75,5,75,10],[58,5,58,11],[59,5,59,11],[60,5,60,11],[84,4,84,6],[85,4,85,6],[2,4,8,5],[2,12,8,12],[7,6,7,11],[10,4,10,12],[83,4,83,6],[2,6,2,11],[3,6,3,11],[4,6,4,11],[5,6,5,11],[8,6,8,8],[8,9,8,11],[6,6,6,11],[72,5,72,10],[77,5,77,11]]}
[]
[]
[null,null,null,null,null,null,"REPÚBLICA DE COLOMBIA"]
[null,null,null,null,null,null,{"$f":"+DPTO","v":"DEPARTAMENTO DEL CAUCA"}]
[null,null,null,null,null,null,{"$f":"+Nom_Mpio1","v":"MUNICIPIO LA ESTRELLA FLUVIAL"}]
[null,null,null,null,null,null,{"$f":"Dependencia","v":"SECRETARÍA DE OBRAS PÚBLICAS"}]
[null,null,null,null,null,null,{"$f":"+Nom_proy1","v":"MEJORAMIENTO DEL TRAMO VIAL LA PAZ - EL PROGRESO ENTRE EL K5+000 Y EL K6+000 DEL MUNICIPIO LA ESTRELLA FLUVIAL"}]
[]
[null,null,null,null,null,null,"Fecha:",null,null,{"$f":"+Fecha_Pres","v":"2019-10-11"}]
[]
[null,null,null,null,"DESGLOCE DEL AIU"]
[]
[null,null,null,null,"1. AMINISTRACIÓN"]
[]
[null,null,null,null,"I. COSTOS DE PERSONAL"]
[null,null,"N°. CÓDIGO",null,"ITEM","CARGO",null,null,"% DEDICACIÓN","CANT","SUELDO/SALARIO","FACTOR PRESTACIONAL","TOTAL COSTO DE\nPERSONAL"]
[null,null,null,null,1,"PERSONAL PROFESIONAL"]
[null,null,"MO28",null,1.1000000000000001,{"$f":"+IFERROR(VLOOKUP($C18,MATERIALES1[],2,FALSE),\"\")","v":"Director de obra"},null,null,0.5,1,{"$f":"+IFERROR(VLOOKUP($C18,INSUMOS!$B$125:$F$157,4,FALSE),\"\")","v":6000000},{"$f":"+F_PREST","v":0.68363548318755485},{"$f":"ROUND(I18*J18*K18*L18,0)","v":2050906}]
[null,null,"MO29",null,{"$f":"E18+0.1","v":1.2000000000000002},{"$f":"+IFERROR(VLOOKUP($C19,MATERIALES1[],2,FALSE),\"\")","v":"Residente de Obra"},null,null,1,1,{"$f":"+IFERROR(VLOOKUP($C19,INSUMOS!$B$125:$F$157,4,FALSE),\"\")","v":3500000},0.68363548318755485,2392724]
[null,null,"MO30",null,1.3000000000000003,{"$f":"+IFERROR(VLOOKUP($C20,MATERIALES1[],2,FALSE),\"\")","v":"Ingeniero Auxiliar"},null,null,1,1,{"$f":"+IFERROR(VLOOKUP($C20,INSUMOS!$B$125:$F$157,4,FALSE),\"\")","v":3000000},0.68363548318755485,2050906]
[null,null,"MO35",null,1.4000000000000004,{"$f":"+IFERROR(VLOOKUP($C21,MATERIALES1[],2,FALSE),\"\")","v":"Especialista en Estructuras"},null,null,0.3,1,{"$f":"+IFERROR(VLOOKUP($C21,MATERIALES1[],4,FALSE),\"\")","v":4500000},0.68363548318755485,922908]
[null,null,"MO36",null,1.5000000000000004,{"$f":"+IFERROR(VLOOKUP($C22,MATERIALES1[],2,FALSE),\"\")","v":"Especialista en Geotecnia o suelos"},null,null,0.3,1,{"$f":"+IFERROR(VLOOKUP($C22,MATERIALES1[],4,FALSE),\"\")","v":4500000},0.68363548318755485,922908]
[null,null,"MO37",null,1.6000000000000005,{"$f":"+IFERROR(VLOOKUP($C23,MATERIALES1[],2,FALSE),\"\")","v":"Especialista en Pavimentos"},null,null,0.3,1,{"$f":"+IFERROR(VLOOKUP($C23,MATERIALES1[],4,FALSE),\"\")","v":4500000},0.68363548318755485,922908]
[null,null,"MO38",null,1.7000000000000006,{"$f":"+IFERROR(VLOOKUP($C24,MATERIALES1[],2,FALSE),\"\")","v":"Especialista en Hidráulica e Hidrología"},null,null,0.3,1,{"$f":"+IFERROR(VLOOKUP($C24,MATERIALES1[],4,FALSE),\"\")","v":4500000},0.68363548318755485,922908]
[null,null,null,null,2,"PERSONAL TÉCNICO"]
[null,null,"MO39",null,{"$f":"E25+0.1","v":2.1},{"$f":"+IFERROR(VLOOKUP($C26,MATERIALES1[],2,FALSE),\"\")","v":"Topógrafo"},null,null,null,null,{"$f":"+IFERROR(VLOOKUP($C26,MATERIALES1[],4,FALSE),\"\")","v":2500000},{"$f":"+F_PREST","v":0.68363548318755485},{"$f":"ROUND(I26*J26*K26*L26,0)","v":0}]
[null,null,"MO40",null,{"$f":"E26+0.1","v":2.2000000000000002},{"$f":"+IFERROR(VLOOKUP($C27,MATERIALES1[],2,FALSE),\"\")","v":"Cadenero"},null,null,null,null,{"$f":"+IFERROR(VLOOKUP($C27,MATERIALES1[],4,FALSE),\"\")","v":1500000},{"$f":"+F_PREST","v":0.68363548318755485},{"$f":"ROUND(I27*J27*K27*L27,0)","v":0}]
[null,null,null,null,3,"PERSONAL ADMINISTRATIVO"]
[null,null,"MO31",null,{"$f":"E28+0.1","v":3.1},{"$f":"+IFERROR(VLOOKUP($C29,MATERIALES1[],2,FALSE),\"\")","v":"Almacenista"},null,null,1,1,{"$f":"+IFERROR(VLOOKUP($C29,MATERIALES1[],4,FALSE),\"\")","v":1800000},{"$f":"+F_PREST","v":0.68363548318755485},{"$f":"ROUND(I29*J29*K29*L29,0)","v":1230544}]
[null,null,"MO41",null,{"$f":"E29+0.1","v":3.2},{"$f":"+IFERROR(VLOOKUP($C30,MATERIALES1[],2,FALSE),\"\")","v":"Asistente Administrativa"},null,null,1,1,{"$f":"+IFERROR(VLOOKUP($C30,MATERIALES1[],4,FALSE),\"\")","v":1500000},{"$f":"+F_PREST","v":0.68363548318755485},{"$f":"ROUND(I30*J30*K30*L30,0)","v":1025453}]
[null,null,"MO33",null,{"$f":"E30+0.1","v":3.3000000000000003},{"$f":"+IFERROR(VLOOKUP($C31,MATERIALES1[],2,FALSE),\"\")","v":"Celador"},null,null,1,1,{"$f":"+IFERROR(VLOOKUP($C31,MATERIALES1[],4,FALSE),\"\")","v":1800000},{"$f":"+F_PREST","v":0.68363548318755485},{"$f":"ROUND(I31*J31*K31*L31,0)","v":1230544}]
[null,null,null,null,"COSTOS DE PERSONAL POR MES",null,null,null,null,null,null,null,{"$f":"SUM(M18:M31)","v":13672709}]
[]
[null,null,null,null,"II.  COSTOS OPERACIONALES"]
[null,null,"N°. CÓDIGO",null,"ITEM","DESCRIPCION",null,null,null,null,"CANT","TARIFA MENSUAL","VALOR TOTAL"]
[null,null,null,null,1,"COSTOS DIRECTOS DE CAMPO"]
[null,null,"E61",null,{"$f":"E36+0.1","v":1.1000000000000001},{"$f":"IFERROR(VLOOKUP($C37,INSUMOS!$B$9:$J$500,2,FALSE),\"\")","v":"Alquiler Equipo de Computo"},null,null,null,null,3,{"$f":"IFERROR(VLOOKUP($C37,INSUMOS!$B$9:$J$500,4,FALSE),\"\")","v":300000},{"$f":"ROUND(K37*L37,2)","v":900000}]
[null,null,"E62",null,{"$f":"E37+0.1","v":1.2000000000000002},{"$f":"IFERROR(VLOOKUP($C38,INSUMOS!$B$9:$J$500,2,FALSE),\"\")","v":"Alquiler de Impresora"},null,null,null,null,1,{"$f":"IFERROR(VLOOKUP($C38,INSUMOS!$B$9:$J$500,4,FALSE),\"\")","v":150000},150000]
[null,null,"E63",null,1.3000000000000003,{"$f":"IFERROR(VLOOKUP($C39,INSUMOS!$B$9:$J$500,2,FALSE),\"\")","v":"Alquiler Equipo de Comunicación (Celular) "},null,null,null,null,3,{"$f":"IFERROR(VLOOKUP($C39,INSUMOS!$B$9:$J$500,4,FALSE),\"\")","v":150000},450000]
[null,null,"E64",null,1.4000000000000004,{"$f":"IFERROR(VLOOKUP($C40,INSUMOS!$B$9:$J$500,2,FALSE),\"\")","v":"Alquiler Camioneta 4x4"},null,null,null,null,1,{"$f":"IFERROR(VLOOKUP($C40,INSUMOS!$B$9:$J$500,4,FALSE),\"\")","v":3800000},3800000]
[null,null,"E65",null,1.5000000000000004,{"$f":"IFERROR(VLOOKUP($C41,INSUMOS!$B$9:$J$500,2,FALSE),\"\")","v":"Alquiler de Campamento"},null,null,null,null,1,{"$f":"IFERROR(VLOOKUP($C41,INSUMOS!$B$9:$J$500,4,FALSE),\"\")","v":1000000},1000000]
[null,null,"E66",null,1.6000000000000005,{"$f":"IFERROR(VLOOKUP($C42,INSUMOS!$B$9:$J$500,2,FALSE),\"\")","v":"Alquiler de Bodega"},null,null,null,null,1,{"$f":"IFERROR(VLOOKUP($C42,INSUMOS!$B$9:$J$500,4,FALSE),\"\")","v":1000000},1000000]
[null,null,"E67",null,1.7000000000000006,{"$f":"IFERROR(VLOOKUP($C43,INSUMOS!$B$9:$J$500,2,FALSE),\"\")","v":"Alquiler Muebles de Oficina"},null,null,null,null,1,{"$f":"IFERROR(VLOOKUP($C43,INSUMOS!$B$9:$J$500,4,FALSE),\"\")","v":500000},500000]
[null,null,"M123",null,1.8000000000000007,{"$f":"IFERROR(VLOOKUP($C44,INSUMOS!$B$9:$J$500,2,FALSE),\"\")","v":"Papeleria "},null,null,null,null,1,{"$f":"IFERROR(VLOOKUP($C44,INSUMOS!$B$9:$J$500,4,FALSE),\"\")","v":200000},200000]
[null,null,"E68",null,1.9000000000000008,{"$f":"IFERROR(VLOOKUP($C45,INSUMOS!$B$9:$J$500,2,FALSE),\"\")","v":"Internet Banda Ancha"},null,null,null,null,1,{"$f":"IFERROR(VLOOKUP($C45,INSUMOS!$B$9:$J$500,4,FALSE),\"\")","v":150000},150000]
[null,null,"E69",null,1.1000000000000001,{"$f":"IFERROR(VLOOKUP($C46,INSUMOS!$B$9:$J$500,2,FALSE),\"\")","v":"Servicios Publicos Agua y Enería"},null,null,null,null,1,{"$f":"IFERROR(VLOOKUP($C46,INSUMOS!$B$9:$J$500,4,FALSE),\"\")","v":300000},300000]
[null,null,"E70",null,{"$f":"E46+0.01","v":1.1100000000000001},{"$f":"IFERROR(VLOOKUP($C47,INSUMOS!$B$9:$J$500,2,FALSE),\"\")","v":"Ensayos de Control de Calidad"},null,null,null,null,1,{"$f":"IFERROR(VLOOKUP($C47,INSUMOS!$B$9:$J$500,4,FALSE),\"\")","v":600000},600000]
[null,null,"E71",null,{"$f":"E47+0.01","v":1.1200000000000001},{"$f":"IFERROR(VLOOKUP($C48,INSUMOS!$B$9:$J$500,2,FALSE),\"\")","v":"Alquiler Equipo de Topografía"},null,null,null,null,1,{"$f":"IFERROR(VLOOKUP($C48,INSUMOS!$B$9:$J$500,4,FALSE),\"\")","v":1500000},1500000]
[null,null,"E72",null,{"$f":"E48+0.01","v":1.1300000000000001},{"$f":"IFERROR(VLOOKUP($C49,INSUMOS!$B$9:$J$500,2,FALSE),\"\")","v":"Valla informativa"},null,null,null,null,2,{"$f":"IFERROR(VLOOKUP($C49,INSUMOS!$B$9:$J$500,4,FALSE),\"\")","v":70000},140000]
[null,null,null,null,"COSTOS OPERACIONALES POR MES",null,null,null,null,null,null,null,{"$f":"SUM(M37:M49)","v":10690000}]
[]
[null,null,null,null,"COSTOS DE PERSONAL Y OPERACIONALES POR MES",null,null,null,null,null,null,null,{"$f":"M32+M50","v":24362709}]
[]
[null,null,null,null,"PLAZO DE EJECUCIÓN DE LA OBRA",null,null,null,null,null,null,null,{"$f":"D_OBRA","v":3}]
[]
[null,null,null,null,"COSTOS DE PERSONAL Y OPERACIONALES DURANTE LA EJECUCIÓN DE LA OBRA ( I+II )",null,null,null,null,null,null,null,{"$f":"M52*M54","v":73088127}]
[]
[null,null,null,null,"III.  COSTOS DE LEGALIZACIÓN"]
[null,null,null,null,"ITEM","DESCRIPCION",null,null,null,null,null,null,"%"]
[null,null,null,null,1,"PÓLIZAS"]
[null,null,null,null,{"$f":"E60+0.1","v":1.1000000000000001},"Cumplimiento",null,null,null,null,null,null,{"$f":"+Poliza_cump.","v":1.5E-3}]
[null,null,null,null,{"$f":"E61+0.1","v":1.2000000000000002},"Manejo y buena inversión del anticipo",null,null,null,null,null,null,{"$f":"+Poliza_anticipo","v":2E-3}]
[null,null,null,null,{"$f":"E62+0.1","v":1.3000000000000003},"Estabilidad de la Obra",null,null,null,null,null,null,{"$f":"+Poliza_Estab.","v":4.1000000000000003E-3}]
[null,null,null,null,{"$f":"E63+0.1","v":1.4000000000000004},"Pago de salarios y prestaciones Sociales",null,null,null,null,null,null,{"$f":"+Poliza_Salarios","v":8.0000000000000004E-4}]
[null,null,null,null,{"$f":"E64+0.1","v":1.5000000000000004},"Responsabilidad Civil Extracontractual",null,null,null,null,null,null,{"$f":"+Poliza_RCE","v":1.4E-3}]
[null,null,null,null,"% PÓLIZAS",null,null,null,null,null,null,null,{"$f":"SUM(M61:M65)","v":9.8000000000000014E-3}]
[]
[]
[null,null,null,null,null,"RESUMEN DE COSTOS"]
[null,null,null,null,null,"TIPO DE COSTOS",null,null,null,null,null,"VALOR","%"]
[null,null,null,null,null,"COSTO DIRECTO - VALOR BASICO DE OBRAS",null,null,null,null,null,{"$f":"C_DIRECTO","v":0}]
[null,null,null,null,null,"COSTOS DE PERSONAL Y OPERACIONALES ",null,null,null,null,null,{"$f":"M56","v":73088127}]
[null,null,null,null,null,"% COSTOS DE PERSONAL Y OPERACIONALES",null,null,null,null,null,null,{"$f":"IFERROR(L72/L71,\"\")","v":""}]
[null,null,null,null,null,"% PÓLIZAS",null,null,null,null,null,null,{"$f":"M66","v":9.8000000000000014E-3}]
[null,null,null,null,null,"1. ADMINISTRACION",null,null,null,null,null,null,{"$f":"ROUND(SUM(M73:M74),2)","v":0.01}]
[null,null,null,null,null,"2. IMPREVISTOS",null,null,null,null,null,null,{"$f":"IMPREVISTOS","v":0.02}]
[null,null,null,null,null,"3. UTILIDAD",null,null,null,null,null,null,{"$f":"UTILIDAD","v":0.05}]
[null,null,null,null,null,"AIU",null,null,null,null,null,null,{"$f":"SUM(M75:M77)","v":0.08}]
[]
[]
[]
[]
[]
[null,null,null,null,{"$f":"+Responsable","v":"JULIANA MARÍA VELEZ"}]
[null,null,null,null,{"$f":"+Cargo","v":"SECRETARIA DE OBRAS PÚBLICAS"}]
[null,null,null,null,{"$f":"+MT_Responsable","v":"M.P. N°.  191919199 CAU"}]

{"sheet":"FOR_INSUMOS","index":22,"n_rows":18,"n_cols":11,"rows_kept":18,"cut":false,"hidden":false,"merged":[[9,4,17,4],[0,1,5,1],[0,2,0,4],[1,2,3,4],[4,2,4,4],[6,1,6,4],[16,1,16,2],[17,1,17,2],[9,1,9,2],[10,1,10,2],[11,1,11,2],[12,1,12,2],[13,1,13,2],[14,1,14,2],[15,1,15,2]]}
[null,null,"NOMBRE DEL PROYECTO:",null,null,null,null,null,null,null,1]
[null,null,{"$f":"+Nom_proy1","v":"MEJORAMIENTO DEL TRAMO VIAL LA PAZ - EL PROGRESO ENTRE EL K5+000 Y EL K6+000 DEL MUNICIPIO LA ESTRELLA FLUVIAL"},null,null,null,null,null,null,"Unidades"]
[null,null,null,null,null,null,null,null,null,"kg"]
[null,null,null,null,null,null,null,null,null,"km"]
[null,null,"FORMULARIO INSUMOS CON PRECIOS",null,null,null,null,null,null,"m²"]
[null,null,"FECHA:",{"$f":"+Fecha_Pres","v":"2019-10-11"},null,null,null,null,null,"m³"]
[null,null,null,null,null,null,null,null,null,"m"]
[null,null,null,null,null,null,null,null,null,"und"]
[null,null,null,null,null,null,null,null,null,"hora"]
[null,"NÚMERO CONSECUTIVO GENERAL",null,null,null,null,null,null,null,"día"]
[null,"FECHA","FECHA",null,null,null,null,null,null,"Jornal"]
[null,"NÚMERO CONSECUTIVO SEGÚN TIPO DE INSUMO",null,null,null,null,null,null,null,"gal"]
[null,"TIPO DE INSUMO A INCLUIR",null,null,null,null,null,null,null,"l"]
[null,"DESCRIPCIÓN DEL INSUMO A INCLUIR",null,null,null,null,null,null,null,"Sueldo"]
[null,"UNIDAD DE MEDIDA","UNIDAD",null,null,null,null,null,null,"Salario"]
[null,"PRECIO UNITARIO DEL INSUMO",null,null,null,null,null,null,null,"mes"]
[null,"PORCENTAJE DE DEDICACIÓN (solo para personal profesional)",null,null,null,null,null,null,null,"m³/km"]
[null,"ESTADO","% DEDICACIÓN"]

{"sheet":"LISTA ITEMS","index":23,"n_rows":1191,"n_cols":9,"rows_kept":1191,"cut":false,"hidden":false,"merged":[]}
[]
[]
["CONSECUTIVO","COD. APU","COD. CANT.","DESCRIPCIÓN","UND","DENOMINACIÓN","FECHA","CÒD_APUS"]
[1,null,1,"PLACA HUELLA TIPO 1 (Bord-Cun-Cto-Pp-Cto-Pp-Cto-Cun-Bord)","m","OBRA"]
[2,null,"1.1","PRELIMINARES",null,"CAPITULO"]
[3,"APU1","1.1.1","LOCALIZACIÓN Y REPLANTEO","m","ÍTEM",null,{"$f":"+IFERROR(CONS_LISTA_ITEM[[#This Row],[COD. APU]],\"\")","v":"APU1"},"APU1"]
[4,null,"1.2","MOVIMIENTOS TIERRA",null,"CAPITULO",null,{"$f":"+IFERROR(CONS_LISTA_ITEM[[#This Row],[COD. APU]],\"\")","v":0}]
[5,"APU2","1.2.1","EXCAVACION SIN CLASIFICAR DE LA EXPLANACION Y CANALES","m³","ÍTEM",null,{"$f":"+IFERROR(CONS_LISTA_ITEM[[#This Row],[COD. APU]],\"\")","v":"APU2"},"APU2"]
[6,"APU3","1.2.2","RELLENO PARA ESTRUCTURAS CON MATERIAL IMPORTADO","m³","ÍTEM",null,{"$f":"+IFERROR(CONS_LISTA_ITEM[[#This Row],[COD. APU]],\"\")","v":"APU3"},"APU3"]
[7,"APU4","1.2.3","RETIRO MATERIAL DE EXCAVACIÓN (Incluye transporte)","m³","ÍTEM",null,{"$f":"+IFERROR(CONS_LISTA_ITEM[[#This Row],[COD. APU]],\"\")","v":"APU4"},"APU4"]
[8,"APU5","1.2.4","CONFORMACION DE CALZADA EXISTENTE","m²","ÍTEM",null,{"$f":"+IFERROR(CONS_LISTA_ITEM[[#This Row],[COD. APU]],\"\")","v":"APU5"},"APU5"]
[9,null,"1.3"," CAPA GRANULAR",null,"CAPITULO",null,{"$f":"+IFERROR(CONS_LISTA_ITEM[[#This Row],[COD. APU]],\"\")","v":0}]
[10,"APU6","1.3.1","SUB-BASE GRANULAR (incluye suministro, extendido, nivelación, humedecido y compactación)   ","m³","ÍTEM",null,{"$f":"+IFERROR(CONS_LISTA_ITEM[[#This Row],[COD. APU]],\"\")","v":"APU6"},"APU6"]
[11,null,"1.4","CONCRETO PLACA HUELLA",null,"CAPITULO",null,{"$f":"+IFERROR(CONS_LISTA_ITEM[[#This Row],[COD. APU]],\"\")","v":0}]
[12,"APU7","1.4.1","CONCRETO 21 MPA (CLASE D) PARA PLACA HUELLA","m³","ÍTEM",null,{"$f":"+IFERROR(CONS_LISTA_ITEM[[#This Row],[COD. APU]],\"\")","v":"APU7"},"APU7"]
[13,"APU7","1.4.2","CONCRETO 21 MPA (CLASE D) PARA DENTELLÓN","m³","ÍTEM",null,{"$f":"+IFERROR(CONS_LISTA_ITEM[[#This Row],[COD. APU]],\"\")","v":"APU7"},"APU7"]
[14,"APU7","1.4.3","CONCRETO 21 MPA (CLASE D) PARA VIGAS INICIAL Y FINAL","m³","ÍTEM",null,{"$f":"+IFERROR(CONS_LISTA_ITEM[[#This Row],[COD. APU]],\"\")","v":"APU7"},"APU7"]
[15,"APU7","1.4.4","CONCRETO 21 MPA (CLASE D) PARA VIGA RIOSTRA","m³","ÍTEM",null,{"$f":"+IFERROR(CONS_LISTA_ITEM[[#This Row],[COD. APU]],\"\")","v":"APU7"},"APU7"]
[16,"APU8","1.4.5","PIEDRA PEGADA","m³","ÍTEM",null,{"$f":"+IFERROR(CONS_LISTA_ITEM[[#This Row],[COD. APU]],\"\")","v":"APU8"},"APU8"]
[17,null,"1.5","CONCRETO CUNETAS Y BORDILLOS",null,"CAPITULO",null,{"$f":"+IFERROR(CONS_LISTA_ITEM[[#This Row],[COD. APU]],\"\")","v":0}]
[18,"APU7","1.5.1","CUNETA EN CONCRETO DE 21 MPA","m³","ÍTEM",null,{"$f":"+IFERROR(CONS_LISTA_ITEM[[#This Row],[COD. APU]],\"\")","v":"APU7"},"APU7"]
[19,"APU7","1.5.2","BORDILLO EN CONCRETO DE 21 MPA","m³","ÍTEM",null,{"$f":"+IFERROR(CONS_LISTA_ITEM[[#This Row],[COD. APU]],\"\")","v":"APU7"},"APU7"]
[20,null,"1.6","ACERO REFUERZO",null,"CAPITULO",null,{"$f":"+IFERROR(CONS_LISTA_ITEM[[#This Row],[COD. APU]],\"\")","v":0}]
[21,"APU9","1.6.1","ACERO REFUERZO FLEJADO 60000 PSI - 420 Mpa","kg","ÍTEM",null,{"$f":"+IFERROR(CONS_LISTA_ITEM[[#This Row],[COD. APU]],\"\")","v":"APU9"},"APU9"]
[22,null,"1.7","SEÑALIZACIÓN",null,"CAPITULO",null,{"$f":"+IFERROR(CONS_LISTA_ITEM[[#This Row],[COD. APU]],\"\")","v":0}]
[23,"APU10","1.7.1","SEÑAL VERTICAL DE TRANSITO TIPO 1 CON LAMINA RETRORREFLECTIVA TIPO III 75X75 cm","Und","ÍTEM",null,{"$f":"+IFERROR(CONS_LISTA_ITEM[[#This Row],[COD. APU]],\"\")","v":"APU10"},"APU10"]
[24,null,"1.8","TRANSPORTE DE EQUIPO",null,"CAPITULO",null,{"$f":"+IFERROR(CONS_LISTA_ITEM[[#This Row],[COD. APU]],\"\")","v":0}]
[25,"APU11","1.8.1","TRANSPORTE DE MOTONIVELADORA","km","ÍTEM",null,{"$f":"+IFERROR(CONS_LISTA_ITEM[[#This Row],[COD. APU]],\"\")","v":"APU11"},"APU11"]
[26,"APU11","1.8.2","TRANSPORTE DE RETROCARGADOR","km","ÍTEM",null,{"$f":"+IFERROR(CONS_LISTA_ITEM[[#This Row],[COD. APU]],\"\")","v":"APU11"},"APU11"]
[27,"APU11","1.8.3","TRANSPORTE DE VIBROCOMPACTADOR","km","ÍTEM",null,{"$f":"+IFERROR(CONS_LISTA_ITEM[[#This Row],[COD. APU]],\"\")","v":"APU11"},"APU11"]
[28,null,2,"PLACA HUELLA TIPO 2 CASO 1  ( Bord-Cun-Cto-Pp-Cto-Pp-Cto-Bord )","m","OBRA",null,{"$f":"+IFERROR(CONS_LISTA_ITEM[[#This Row],[COD. APU]],\"\")","v":0}]
[29,null,"2.1","PRELIMINARES",null,"CAPITULO",null,{"$f":"+IFERROR(CONS_LISTA_ITEM[[#This Row],[COD. APU]],\"\")","v":0}]
[30,"APU1","2.1.1",{"$f":"+Loc_rep","v":"LOCALIZACIÓN Y REPLANTEO"},"m","ÍTEM",null,{"$f":"+IFERROR(CONS_LISTA_ITEM[[#This Row],[COD. APU]],\"\")","v":"APU1"},"APU1"]
[31,null,"2.2","MOVIMIENTOS TIERRA",null,"CAPITULO",null,{"$f":"+IFERROR(CONS_LISTA_ITEM[[#This Row],[COD. APU]],\"\")","v":0}]
[32,"APU2","2.2.1","EXCAVACION SIN CLASIFICAR DE LA EXPLANACION Y CANALES","m³","ÍTEM",null,{"$f":"+IFERROR(CONS_LISTA_ITEM[[#This Row],[COD. APU]],\"\")","v":"APU2"},"APU2"]
[33,"APU3","2.2.2","RELLENO PARA ESTRUCTURAS CON MATERIAL IMPORTADO","m³","ÍTEM",null,{"$f":"+IFERROR(CONS_LISTA_ITEM[[#This Row],[COD. APU]],\"\")","v":"APU3"},"APU3"]
[34,"APU4","2.2.3","RETIRO MATERIAL DE EXCAVACIÓN (Incluye transporte)","m³","ÍTEM",null,{"$f":"+IFERROR(CONS_LISTA_ITEM[[#This Row],[COD. APU]],\"\")","v":"APU4"},"APU4"]
[35,"APU5","2.2.4","CONFORMACION DE CALZADA EXISTENTE","m²","ÍTEM",null,{"$f":"+IFERROR(CONS_LISTA_ITEM[[#This Row],[COD. APU]],\"\")","v":"APU5"},"APU5"]
[36,null,"2.3"," CAPA GRANULAR",null,"CAPITULO",null,{"$f":"+IFERROR(CONS_LISTA_ITEM[[#This Row],[COD. APU]],\"\")","v":0}]
[37,"APU6","2.3.1","SUB-BASE GRANULAR (incluye suministro, extendido, nivelación, humedecido y compactación)  ","m³","ÍTEM",null,{"$f":"+IFERROR(CONS_LISTA_ITEM[[#This Row],[COD. APU]],\"\")","v":"APU6"},"APU6"]
[38,null,"2.4","CONCRETO PLACA HUELLA",null,"CAPITULO",null,{"$f":"+IFERROR(CONS_LISTA_ITEM[[#This Row],[COD. APU]],\"\")","v":0}]
[39,"APU7","2.4.1","CONCRETO 21 MPA (CLASE D) PARA PLACA HUELLA","m³","ÍTEM",null,{"$f":"+IFERROR(CONS_LISTA_ITEM[[#This Row],[COD. APU]],\"\")","v":"APU7"},"APU7"]
[40,"APU7","2.4.2","CONCRETO 21 MPA (CLASE D) PARA DENTELLÓN","m³","ÍTEM",null,{"$f":"+IFERROR(CONS_LISTA_ITEM[[#This Row],[COD. APU]],\"\")","v":"APU7"},"APU7"]
[41,"APU7","2.4.3","CONCRETO 21 MPA (CLASE D) PARA VIGAS INICIAL Y FINAL","m³","ÍTEM",null,{"$f":"+IFERROR(CONS_LISTA_ITEM[[#This Row],[COD. APU]],\"\")","v":"APU7"},"APU7"]
[42,"APU7","2.4.4","CONCRETO 21 MPA (CLASE D) PARA VIGA RIOSTRA","m³","ÍTEM",null,{"$f":"+IFERROR(CONS_LISTA_ITEM[[#This Row],[COD. APU]],\"\")","v":"APU7"},"APU7"]
[43,"APU8","2.4.5","PIEDRA PEGADA","m³","ÍTEM",null,{"$f":"+IFERROR(CONS_LISTA_ITEM[[#This Row],[COD. APU]],\"\")","v":"APU8"},"APU8"]
[44,null,"2.5","CONCRETO CUNETAS Y BORDILLOS",null,"CAPITULO",null,{"$f":"+IFERROR(CONS_LISTA_ITEM[[#This Row],[COD. APU]],\"\")","v":0}]
[45,"APU7","2.5.1","CUNETA EN CONCRETO DE 21 MPA","m³","ÍTEM",null,{"$f":"+IFERROR(CONS_LISTA_ITEM[[#This Row],[COD. APU]],\"\")","v":"APU7"},"APU7"]
[46,"APU7","2.5.2","BORDILLO EN CONCRETO DE 21 MPA","m³","ÍTEM",null,{"$f":"+IFERROR(CONS_LISTA_ITEM[[#This Row],[COD. APU]],\"\")","v":"APU7"},"APU7"]
[47,"APU12","2.5.3","BORDILLO PREFABRICADO A15 (15x35x80cm)","m","ÍTEM",null,{"$f":"+IFERROR(CONS_LISTA_ITEM[[#This Row],[COD. APU]],\"\")","v":"APU12"},"APU12"]
[48,null,"2.6","ACERO REFUERZO",null,"CAPITULO",null,{"$f":"+IFERROR(CONS_LISTA_ITEM[[#This Row],[COD. APU]],\"\")","v":0}]
[49,"APU9","2.6.1","ACERO REFUERZO FLEJADO 60000 PSI - 420 Mpa","kg","ÍTEM",null,{"$f":"+IFERROR(CONS_LISTA_ITEM[[#This Row],[COD. APU]],\"\")","v":"APU9"},"APU9"]
[50,null,"2.7","SEÑALIZACIÓN",null,"CAPITULO",null,{"$f":"+IFERROR(CONS_LISTA_ITEM[[#This Row],[COD. APU]],\"\")","v":0}]
[51,"APU10","2.7.1","SEÑAL VERTICAL DE TRANSITO TIPO 1 CON LAMINA RETRORREFLECTIVA TIPO III 75X75 cm","und","ÍTEM",null,{"$f":"+IFERROR(CONS_LISTA_ITEM[[#This Row],[COD. APU]],\"\")","v":"APU10"},"APU10"]
[52,null,"2.8","TRANSPORTE DE EQUIPO",null,"CAPITULO",null,{"$f":"+IFERROR(CONS_LISTA_ITEM[[#This Row],[COD. APU]],\"\")","v":0}]
[53,"APU11","2.8.1","TRANSPORTE DE MOTONIVELADORA","km","ÍTEM",null,{"$f":"+IFERROR(CONS_LISTA_ITEM[[#This Row],[COD. APU]],\"\")","v":"APU11"},"APU11"]
[54,"APU11","2.8.2","TRANSPORTE DE RETROCARGADOR","km","ÍTEM",null,{"$f":"+IFERROR(CONS_LISTA_ITEM[[#This Row],[COD. APU]],\"\")","v":"APU11"},"APU11"]
[55,"APU11","2.8.3","TRANSPORTE DE VIBROCOMPACTADOR","km","ÍTEM",null,{"$f":"+IFERROR(CONS_LISTA_ITEM[[#This Row],[COD. APU]],\"\")","v":"APU11"},"APU11"]
[56,null,3,"PLACA HUELLA TIPO 2 CASO 2  ( Bord-Cto-Pp-Cto-Pp-Cto-Bord )","m","OBRA",null,{"$f":"+IFERROR(CONS_LISTA_ITEM[[#This Row],[COD. APU]],\"\")","v":0}]
[57,null,"3.1","PRELIMINARES",null,"CAPITULO",null,{"$f":"+IFERROR(CONS_LISTA_ITEM[[#This Row],[COD. APU]],\"\")","v":0}]
[58,"APU1","3.1.1",{"$f":"+Loc_rep","v":"LOCALIZACIÓN Y REPLANTEO"},"m","ÍTEM",null,{"$f":"+IFERROR(CONS_LISTA_ITEM[[#This Row],[COD. APU]],\"\")","v":"APU1"},"APU1"]
[59,null,"3.2","MOVIMIENTOS TIERRA",null,"CAPITULO",null,{"$f":"+IFERROR(CONS_LISTA_ITEM[[#This Row],[COD. APU]],\"\")","v":0}]
[60,"APU2","3.2.1","EXCAVACION SIN CLASIFICAR DE LA EXPLANACION Y CANALES","m³","ÍTEM",null,{"$f":"+IFERROR(CONS_LISTA_ITEM[[#This Row],[COD. APU]],\"\")","v":"APU2"},"APU2"]
[61,"APU3","3.2.2","RELLENO PARA ESTRUCTURAS CON MATERIAL IMPORTADO","m³","ÍTEM",null,{"$f":"+IFERROR(CONS_LISTA_ITEM[[#This Row],[COD. APU]],\"\")","v":"APU3"},"APU3"]
[62,"APU4","3.2.3","RETIRO MATERIAL DE EXCAVACIÓN (Incluye transporte)","m³","ÍTEM",null,{"$f":"+IFERROR(CONS_LISTA_ITEM[[#This Row],[COD. APU]],\"\")","v":"APU4"},"APU4"]
[63,"APU5","3.2.4","CONFORMACION DE CALZADA EXISTENTE","m²","ÍTEM",null,{"$f":"+IFERROR(CONS_LISTA_ITEM[[#This Row],[COD. APU]],\"\")","v":"APU5"},"APU5"]
[64,null,"3.3"," CAPA GRANULAR",null,"CAPITULO",null,{"$f":"+IFERROR(CONS_LISTA_ITEM[[#This Row],[COD. APU]],\"\")","v":0}]
[65,"APU6","3.3.1","SUB-BASE GRANULAR (incluye suministro, extendido, nivelación, humedecido y compactación)  ","m³","ÍTEM",null,{"$f":"+IFERROR(CONS_LISTA_ITEM[[#This Row],[COD. APU]],\"\")","v":"APU6"},"APU6"]
[66,null,"3.4","CONCRETO PLACA HUELLA",null,"CAPITULO",null,{"$f":"+IFERROR(CONS_LISTA_ITEM[[#This Row],[COD. APU]],\"\")","v":0}]
[67,"APU7","3.4.1","CONCRETO 21 MPA (CLASE D) PARA PLACA HUELLA","m³","ÍTEM",null,{"$f":"+IFERROR(CONS_LISTA_ITEM[[#This Row],[COD. APU]],\"\")","v":"APU7"},"APU7"]
[68,"APU7","3.4.2","CONCRETO 21 MPA (CLASE D) PARA DENTELLÓN","m³","ÍTEM",null,{"$f":"+IFERROR(CONS_LISTA_ITEM[[#This Row],[COD. APU]],\"\")","v":"APU7"},"APU7"]
[69,"APU7","3.4.3","CONCRETO 21 MPA (CLASE D) PARA VIGAS INICIAL Y FINAL","m³","ÍTEM",null,{"$f":"+IFERROR(CONS_LISTA_ITEM[[#This Row],[COD. APU]],\"\")","v":"APU7"},"APU7"]
[70,"APU7","3.4.4","CONCRETO 21 MPA (CLASE D) PARA VIGA RIOSTRA","m³","ÍTEM",null,{"$f":"+IFERROR(CONS_LISTA_ITEM[[#This Row],[COD. APU]],\"\")","v":"APU7"},"APU7"]
[71,"APU8","3.4.5","PIEDRA PEGADA","m³","ÍTEM",null,{"$f":"+IFERROR(CONS_LISTA_ITEM[[#This Row],[COD. APU]],\"\")","v":"APU8"},"APU8"]
[72,null,"3.5","CONCRETO CUNETAS Y BORDILLOS",null,"CAPITULO",null,{"$f":"+IFERROR(CONS_LISTA_ITEM[[#This Row],[COD. APU]],\"\")","v":0}]
[73,"APU12","3.5.1","BORDILLO PREFABRICADO A15 (15x35x80cm)","m","ÍTEM",null,{"$f":"+IFERROR(CONS_LISTA_ITEM[[#This Row],[COD. APU]],\"\")","v":"APU12"},"APU12"]
[74,null,"3.6","ACERO REFUERZO",null,"CAPITULO",null,{"$f":"+IFERROR(CONS_LISTA_ITEM[[#This Row],[COD. APU]],\"\")","v":0}]
[75,"APU9","3.6.1","ACERO REFUERZO FLEJADO 60000 PSI - 420 Mpa","kg","ÍTEM",null,{"$f":"+IFERROR(CONS_LISTA_ITEM[[#This Row],[COD. APU]],\"\")","v":"APU9"},"APU9"]
[76,null,"3.7","SEÑALIZACIÓN",null,"CAPITULO",null,{"$f":"+IFERROR(CONS_LISTA_ITEM[[#This Row],[COD. APU]],\"\")","v":0}]
[77,"APU10","3.7.1","SEÑAL VERTICAL DE TRANSITO TIPO 1 CON LAMINA RETRORREFLECTIVA TIPO III 75X75 cm","und","ÍTEM",null,{"$f":"+IFERROR(CONS_LISTA_ITEM[[#This Row],[COD. APU]],\"\")","v":"APU10"},"APU10"]
[78,null,"3.8","TRANSPORTE DE EQUIPO",null,"CAPITULO",null,{"$f":"+IFERROR(CONS_LISTA_ITEM[[#This Row],[COD. APU]],\"\")","v":0}]
[79,"APU11","3.8.1","TRANSPORTE DE MOTONIVELADORA","km","ÍTEM",null,{"$f":"+IFERROR(CONS_LISTA_ITEM[[#This Row],[COD. APU]],\"\")","v":"APU11"},"APU11"]
[80,"APU11","3.8.2","TRANSPORTE DE RETROCARGADOR","km","ÍTEM",null,{"$f":"+IFERROR(CONS_LISTA_ITEM[[#This Row],[COD. APU]],\"\")","v":"APU11"},"APU11"]
[81,"APU11","3.8.3","TRANSPORTE DE VIBROCOMPACTADOR","km","ÍTEM",null,{"$f":"+IFERROR(CONS_LISTA_ITEM[[#This Row],[COD. APU]],\"\")","v":"APU11"},"APU11"]
[82,null,4,"PLACA HUELLA TIPO 3  ( Bord-Cun-Cto-Pp-Cto-Cun-Bord )","m","OBRA",null,{"$f":"+IFERROR(CONS_LISTA_ITEM[[#This Row],[COD. APU]],\"\")","v":0}]
[83,null,"4.1","PRELIMINARES",null,"CAPITULO",null,{"$f":"+IFERROR(CONS_LISTA_ITEM[[#This Row],[COD. APU]],\"\")","v":0}]
[84,"APU1","4.1.1","LOCALIZACIÓN Y REPLANTEO","m","ÍTEM",null,{"$f":"+IFERROR(CONS_LISTA_ITEM[[#This Row],[COD. APU]],\"\")","v":"APU1"},"APU1"]
[85,null,"4.2","MOVIMIENTOS TIERRA",null,"CAPITULO",null,{"$f":"+IFERROR(CONS_LISTA_ITEM[[#This Row],[COD. APU]],\"\")","v":0}]
[86,"APU2","4.2.1","EXCAVACION SIN CLASIFICAR DE LA EXPLANACION Y CANALES","m³","ÍTEM",null,{"$f":"+IFERROR(CONS_LISTA_ITEM[[#This Row],[COD. APU]],\"\")","v":"APU2"},"APU2"]
[87,"APU3","4.2.2","RELLENO PARA ESTRUCTURAS CON MATERIAL IMPORTADO","m³","ÍTEM",null,{"$f":"+IFERROR(CONS_LISTA_ITEM[[#This Row],[COD. APU]],\"\")","v":"APU3"},"APU3"]
[88,"APU4","4.2.3","RETIRO MATERIAL DE EXCAVACIÓN (Incluye transporte)","m³","ÍTEM",null,{"$f":"+IFERROR(CONS_LISTA_ITEM[[#This Row],[COD. APU]],\"\")","v":"APU4"},"APU4"]
[89,"APU5","4.2.4","CONFORMACION DE CALZADA EXISTENTE","m²","ÍTEM",null,{"$f":"+IFERROR(CONS_LISTA_ITEM[[#This Row],[COD. APU]],\"\")","v":"APU5"},"APU5"]
[90,null,"4.3"," CAPA GRANULAR",null,"CAPITULO",null,{"$f":"+IFERROR(CONS_LISTA_ITEM[[#This Row],[COD. APU]],\"\")","v":0}]
[91,"APU6","4.3.1","SUB-BASE GRANULAR (incluye suministro, extendido, nivelación, humedecido y compactación)  ","m³","ÍTEM",null,{"$f":"+IFERROR(CONS_LISTA_ITEM[[#This Row],[COD. APU]],\"\")","v":"APU6"},"APU6"]
[92,null,"4.4","CONCRETO PLACA HUELLA",null,"CAPITULO",null,{"$f":"+IFERROR(CONS_LISTA_ITEM[[#This Row],[COD. APU]],\"\")","v":0}]
[93,"APU7","4.4.1","CONCRETO 21 MPA (CLASE D) PARA PLACA HUELLA","m³","ÍTEM",null,{"$f":"+IFERROR(CONS_LISTA_ITEM[[#This Row],[COD. APU]],\"\")","v":"APU7"},"APU7"]
[94,"APU7","4.4.2","CONCRETO 21 MPA (CLASE D) PARA DENTELLÓN","m³","ÍTEM",null,{"$f":"+IFERROR(CONS_LISTA_ITEM[[#This Row],[COD. APU]],\"\")","v":"APU7"},"APU7"]
[95,"APU7","4.4.3","CONCRETO 21 MPA (CLASE D) PARA VIGAS INICIAL Y FINAL","m³","ÍTEM",null,{"$f":"+IFERROR(CONS_LISTA_ITEM[[#This Row],[COD. APU]],\"\")","v":"APU7"},"APU7"]
[96,"APU7","4.4.4","CONCRETO 21 MPA (CLASE D) PARA VIGA RIOSTRA","m³","ÍTEM",null,{"$f":"+IFERROR(CONS_LISTA_ITEM[[#This Row],[COD. APU]],\"\")","v":"APU7"},"APU7"]
[97,"APU8","4.4.5","PIEDRA PEGADA","m³","ÍTEM",null,{"$f":"+IFERROR(CONS_LISTA_ITEM[[#This Row],[COD. APU]],\"\")","v":"APU8"},"APU8"]
[98,null,"4.5","CONCRETO CUNETAS Y BORDILLOS",null,"CAPITULO",null,{"$f":"+IFERROR(CONS_LISTA_ITEM[[#This Row],[COD. APU]],\"\")","v":0}]
[99,"APU7","4.5.1","CUNETA EN CONCRETO DE 21 MPA","m³","ÍTEM",null,{"$f":"+IFERROR(CONS_LISTA_ITEM[[#This Row],[COD. APU]],\"\")","v":"APU7"},"APU7"]
[100,"APU7","4.5.2","BORDILLO EN CONCRETO DE 21 MPA","m³","ÍTEM",null,{"$f":"+IFERROR(CONS_LISTA_ITEM[[#This Row],[COD. APU]],\"\")","v":"APU7"},"APU7"]
[101,null,"4.6","ACERO REFUERZO",null,"CAPITULO",null,{"$f":"+IFERROR(CONS_LISTA_ITEM[[#This Row],[COD. APU]],\"\")","v":0}]
[102,"APU9","4.6.1","ACERO REFUERZO FLEJADO 60000 PSI - 420 Mpa","kg","ÍTEM",null,{"$f":"+IFERROR(CONS_LISTA_ITEM[[#This Row],[COD. APU]],\"\")","v":"APU9"},"APU9"]
[103,null,"4.7","SEÑALIZACIÓN",null,"CAPITULO",null,{"$f":"+IFERROR(CONS_LISTA_ITEM[[#This Row],[COD. APU]],\"\")","v":0}]
[104,"APU10","4.7.1","SEÑAL VERTICAL DE TRANSITO TIPO 1 CON LAMINA RETRORREFLECTIVA TIPO III 75X75 cm","und","ÍTEM",null,{"$f":"+IFERROR(CONS_LISTA_ITEM[[#This Row],[COD. APU]],\"\")","v":"APU10"},"APU10"]
[105,null,"4.8","TRANSPORTE DE EQUIPO",null,"CAPITULO",null,{"$f":"+IFERROR(CONS_LISTA_ITEM[[#This Row],[COD. APU]],\"\")","v":0}]
[106,"APU11","4.8.1","TRANSPORTE DE MOTONIVELADORA","km","ÍTEM",null,{"$f":"+IFERROR(CONS_LISTA_ITEM[[#This Row],[COD. APU]],\"\")","v":"APU11"},"APU11"]
[107,"APU11","4.8.2","TRANSPORTE DE RETROCARGADOR","km","ÍTEM",null,{"$f":"+IFERROR(CONS_LISTA_ITEM[[#This Row],[COD. APU]],\"\")","v":"APU11"},"APU11"]
[108,"APU11","4.8.3","TRANSPORTE DE VIBROCOMPACTADOR","km","ÍTEM",null,{"$f":"+IFERROR(CONS_LISTA_ITEM[[#This Row],[COD. APU]],\"\")","v":"APU11"},"APU11"]
[109,null,5,"PLACA HUELLA TIPO DEL MINTRANSPORTE (Resolución 04401 de 2017)  -  (Bord-Cun-Pp-Cto-Pp-Cto-Pp-Cun-Bord)","m","OBRA",null,{"$f":"+IFERROR(CONS_LISTA_ITEM[[#This Row],[COD. APU]],\"\")","v":0}]
[110,null,"5.1","PRELIMINARES",null,"CAPITULO",null,{"$f":"+IFERROR(CONS_LISTA_ITEM[[#This Row],[COD. APU]],\"\")","v":0}]
[111,"APU1","5.1.1","LOCALIZACIÓN Y REPLANTEO","m","ÍTEM",null,{"$f":"+IFERROR(CONS_LISTA_ITEM[[#This Row],[COD. APU]],\"\")","v":"APU1"},"APU1"]
[112,null,"5.2","MOVIMIENTOS TIERRA",null,"CAPITULO",null,{"$f":"+IFERROR(CONS_LISTA_ITEM[[#This Row],[COD. APU]],\"\")","v":0}]
[113,"APU2","5.2.1","EXCAVACION SIN CLASIFICAR DE LA EXPLANACION Y CANALES","m³","ÍTEM",null,{"$f":"+IFERROR(CONS_LISTA_ITEM[[#This Row],[COD. APU]],\"\")","v":"APU2"},"APU2"]
[114,"APU3","5.2.2","RELLENO PARA ESTRUCTURAS CON MATERIAL IMPORTADO","m³","ÍTEM",null,{"$f":"+IFERROR(CONS_LISTA_ITEM[[#This Row],[COD. APU]],\"\")","v":"APU3"},"APU3"]
[115,"APU4","5.2.3","RETIRO MATERIAL DE EXCAVACIÓN (Incluye transporte)","m³","ÍTEM",null,{"$f":"+IFERROR(CONS_LISTA_ITEM[[#This Row],[COD. APU]],\"\")","v":"APU4"},"APU4"]
[116,"APU5","5.2.4","CONFORMACION DE CALZADA EXISTENTE","m²","ÍTEM",null,{"$f":"+IFERROR(CONS_LISTA_ITEM[[#This Row],[COD. APU]],\"\")","v":"APU5"},"APU5"]
[117,null,"5.3"," CAPA GRANULAR",null,"CAPITULO",null,{"$f":"+IFERROR(CONS_LISTA_ITEM[[#This Row],[COD. APU]],\"\")","v":0}]
[118,"APU6","5.3.1","SUB-BASE GRANULAR (incluye suministro, extendido, nivelación, humedecido y compactación)  ","m³","ÍTEM",null,{"$f":"+IFERROR(CONS_LISTA_ITEM[[#This Row],[COD. APU]],\"\")","v":"APU6"},"APU6"]
[119,null,"5.4","CONCRETO PLACA HUELLA",null,"CAPITULO",null,{"$f":"+IFERROR(CONS_LISTA_ITEM[[#This Row],[COD. APU]],\"\")","v":0}]
[120,"APU7","5.4.1","CONCRETO 21 MPA (CLASE D) PARA PLACA HUELLA","m³","ÍTEM",null,{"$f":"+IFERROR(CONS_LISTA_ITEM[[#This Row],[COD. APU]],\"\")","v":"APU7"},"APU7"]
[121,"APU7","5.4.2","CONCRETO 21 MPA (CLASE D) PARA VIGA RIOSTRA","m³","ÍTEM",null,{"$f":"+IFERROR(CONS_LISTA_ITEM[[#This Row],[COD. APU]],\"\")","v":"APU7"},"APU7"]
[122,"APU8","5.4.3","PIEDRA PEGADA","m³","ÍTEM",null,{"$f":"+IFERROR(CONS_LISTA_ITEM[[#This Row],[COD. APU]],\"\")","v":"APU8"},"APU8"]
[123,null,"5.5","CONCRETO CUNETAS Y BORDILLOS",null,"CAPITULO",null,{"$f":"+IFERROR(CONS_LISTA_ITEM[[#This Row],[COD. APU]],\"\")","v":0}]
[124,"APU7","5.5.1","CUNETA EN CONCRETO DE 21 MPA","m³","ÍTEM",null,{"$f":"+IFERROR(CONS_LISTA_ITEM[[#This Row],[COD. APU]],\"\")","v":"APU7"},"APU7"]
[125,"APU7","5.5.2","BORDILLO EN CONCRETO DE 21 MPA","m³","ÍTEM",null,{"$f":"+IFERROR(CONS_LISTA_ITEM[[#This Row],[COD. APU]],\"\")","v":"APU7"},"APU7"]
[126,null,"5.6","ACERO REFUERZO",null,"CAPITULO",null,{"$f":"+IFERROR(CONS_LISTA_ITEM[[#This Row],[COD. APU]],\"\")","v":0}]
[127,"APU9","5.6.1","ACERO REFUERZO FLEJADO 60000 PSI - 420 Mpa","kg","ÍTEM",null,{"$f":"+IFERROR(CONS_LISTA_ITEM[[#This Row],[COD. APU]],\"\")","v":"APU9"},"APU9"]
[128,null,"5.7","SEÑALIZACIÓN",null,"CAPITULO",null,{"$f":"+IFERROR(CONS_LISTA_ITEM[[#This Row],[COD. APU]],\"\")","v":0}]
[129,"APU10","5.7.1","SEÑAL VERTICAL DE TRANSITO TIPO 1 CON LAMINA RETRORREFLECTIVA TIPO III 75X75 cm","und","ÍTEM",null,{"$f":"+IFERROR(CONS_LISTA_ITEM[[#This Row],[COD. APU]],\"\")","v":"APU10"},"APU10"]
[130,null,"5.8","TRANSPORTE DE EQUIPO",null,"CAPITULO",null,{"$f":"+IFERROR(CONS_LISTA_ITEM[[#This Row],[COD. APU]],\"\")","v":0}]
[131,"APU11","5.8.1","TRANSPORTE DE MOTONIVELADORA","km","ÍTEM",null,{"$f":"+IFERROR(CONS_LISTA_ITEM[[#This Row],[COD. APU]],\"\")","v":"APU11"},"APU11"]
[132,"APU11","5.8.2","TRANSPORTE DE RETROCARGADOR","km","ÍTEM",null,{"$f":"+IFERROR(CONS_LISTA_ITEM[[#This Row],[COD. APU]],\"\")","v":"APU11"},"APU11"]
[133,"APU11","5.8.3","TRANSPORTE DE VIBROCOMPACTADOR","km","ÍTEM",null,{"$f":"+IFERROR(CONS_LISTA_ITEM[[#This Row],[COD. APU]],\"\")","v":"APU11"},"APU11"]
[134,null,null,"MUROS EN GAVIÓN CON SOBRECARGA",null,"ÍTEM",null,{"$f":"+IFERROR(CONS_LISTA_ITEM[[#This Row],[COD. APU]],\"\")","v":0}]
[135,null,6,"MUROS EN GAVIÓN CON SOBRECARGA - H=3,0M - B=4,0M","m","OBRA",null,{"$f":"+IFERROR(CONS_LISTA_ITEM[[#This Row],[COD. APU]],\"\")","v":0}]
[136,null,"6.1","PRELIMINARES",null,"CAPITULO",null,{"$f":"+IFERROR(CONS_LISTA_ITEM[[#This Row],[COD. APU]],\"\")","v":0}]
[137,"APU13","6.1.1","LOCALIZACIÓN Y REPLANTEO","m²","ÍTEM",null,{"$f":"+IFERROR(CONS_LISTA_ITEM[[#This Row],[COD. APU]],\"\")","v":"APU13"},"APU13"]
[138,0,"6.2","MOVIMIENTOS TIERRA",null,"CAPITULO",null,{"$f":"+IFERROR(CONS_LISTA_ITEM[[#This Row],[COD. APU]],\"\")","v":0},0]
[139,"APU14","6.2.1","EXCAVACIONES VARIAS EN MATERIAL COMUN EN SECO (Incluye retiro)","m³","ÍTEM",null,{"$f":"+IFERROR(CONS_LISTA_ITEM[[#This Row],[COD. APU]],\"\")","v":"APU14"},"APU14"]
[140,"APU3","6.2.2","RELLENO PARA ESTRUCTURAS CON MATERIAL IMPORTADO","m³","ÍTEM",null,{"$f":"+IFERROR(CONS_LISTA_ITEM[[#This Row],[COD. APU]],\"\")","v":"APU3"},"APU3"]
[141,0,"6.3","OBRAS GAVIÓN",null,"CAPITULO",null,{"$f":"+IFERROR(CONS_LISTA_ITEM[[#This Row],[COD. APU]],\"\")","v":0},0]
[142,"APU19","6.3.1","GAVIÓNES MALLA ALAMBRE DE ACERO ENTRELAZADO  CLASE 1; RECUBRIMIENTO ZINC (GALV)","m³","ÍTEM",null,{"$f":"+IFERROR(CONS_LISTA_ITEM[[#This Row],[COD. APU]],\"\")","v":"APU19"},"APU19"]
[143,"APU20","6.3.2","GEOTEXTIL TIPO NT-2500 O SIMILAR NO TEJIDO ","m²","ÍTEM",null,{"$f":"+IFERROR(CONS_LISTA_ITEM[[#This Row],[COD. APU]],\"\")","v":"APU20"},"APU20"]
[144,0,7,"MUROS EN GAVIÓN CON SOBRECARGA - H=4,0M - B=5,0M","m","OBRA",null,{"$f":"+IFERROR(CONS_LISTA_ITEM[[#This Row],[COD. APU]],\"\")","v":0},0]
[145,0,"7.1","PRELIMINARES",null,"CAPITULO",null,{"$f":"+IFERROR(CONS_LISTA_ITEM[[#This Row],[COD. APU]],\"\")","v":0},0]
[146,"APU13","7.1.1","LOCALIZACIÓN Y REPLANTEO","m²","ÍTEM",null,{"$f":"+IFERROR(CONS_LISTA_ITEM[[#This Row],[COD. APU]],\"\")","v":"APU13"},"APU13"]
[147,0,"7.2","MOVIMIENTOS TIERRA",null,"CAPITULO",null,{"$f":"+IFERROR(CONS_LISTA_ITEM[[#This Row],[COD. APU]],\"\")","v":0},0]
[148,"APU14","7.2.1","EXCAVACIONES VARIAS EN MATERIAL COMUN EN SECO (Incluye retiro)","m³","ÍTEM",null,{"$f":"+IFERROR(CONS_LISTA_ITEM[[#This Row],[COD. APU]],\"\")","v":"APU14"},"APU14"]
[149,"APU3","7.2.2","RELLENO PARA ESTRUCTURAS CON MATERIAL IMPORTADO","m³","ÍTEM",null,{"$f":"+IFERROR(CONS_LISTA_ITEM[[#This Row],[COD. APU]],\"\")","v":"APU3"},"APU3"]
[150,0,"7.3","OBRAS GAVIÓN",null,"CAPITULO",null,{"$f":"+IFERROR(CONS_LISTA_ITEM[[#This Row],[COD. APU]],\"\")","v":0},0]
[151,"APU19","7.3.1","GAVIÓNES MALLA ALAMBRE DE ACERO ENTRELAZADO  CLASE 1; RECUBRIMIENTO ZINC (GALV)","m³","ÍTEM",null,{"$f":"+IFERROR(CONS_LISTA_ITEM[[#This Row],[COD. APU]],\"\")","v":"APU19"},"APU19"]
[152,"APU20","7.3.2","GEOTEXTIL TIPO NT-2500 O SIMILAR NO TEJIDO ","m²","ÍTEM",null,{"$f":"+IFERROR(CONS_LISTA_ITEM[[#This Row],[COD. APU]],\"\")","v":"APU20"},"APU20"]
[153,0,null,"MUROS EN GAVIÓN SIN SOBRECARGA",null,0,null,{"$f":"+IFERROR(CONS_LISTA_ITEM[[#This Row],[COD. APU]],\"\")","v":0},0]
[154,0,8,"MUROS EN GAVIÓN SIN SOBRECARGA - H=3,0M - B=3,0M","m","OBRA",null,{"$f":"+IFERROR(CONS_LISTA_ITEM[[#This Row],[COD. APU]],\"\")","v":0},0]
[155,0,"8.1","PRELIMINARES",null,"CAPITULO",null,{"$f":"+IFERROR(CONS_LISTA_ITEM[[#This Row],[COD. APU]],\"\")","v":0},0]
[156,"APU13","8.1.1","LOCALIZACIÓN Y REPLANTEO","m²","ÍTEM",null,{"$f":"+IFERROR(CONS_LISTA_ITEM[[#This Row],[COD. APU]],\"\")","v":"APU13"},"APU13"]
[157,0,"8.2","MOVIMIENTOS TIERRA",null,"CAPITULO",null,{"$f":"+IFERROR(CONS_LISTA_ITEM[[#This Row],[COD. APU]],\"\")","v":0},0]
[158,"APU14","8.2.1","EXCAVACIONES VARIAS EN MATERIAL COMUN EN SECO (Incluye retiro)","m³","ÍTEM",null,{"$f":"+IFERROR(CONS_LISTA_ITEM[[#This Row],[COD. APU]],\"\")","v":"APU14"},"APU14"]
[159,"APU3","8.2.2","RELLENO PARA ESTRUCTURAS CON MATERIAL IMPORTADO","m³","ÍTEM",null,{"$f":"+IFERROR(CONS_LISTA_ITEM[[#This Row],[COD. APU]],\"\")","v":"APU3"},"APU3"]
[160,0,"8.3","OBRAS GAVIÓN",null,"CAPITULO",null,{"$f":"+IFERROR(CONS_LISTA_ITEM[[#This Row],[COD. APU]],\"\")","v":0},0]
[161,"APU19","8.3.1","GAVIÓNES MALLA ALAMBRE DE ACERO ENTRELAZADO  CLASE 1; RECUBRIMIENTO ZINC (GALV)","m³","ÍTEM",null,{"$f":"+IFERROR(CONS_LISTA_ITEM[[#This Row],[COD. APU]],\"\")","v":"APU19"},"APU19"]
[162,"APU20","8.3.2","GEOTEXTIL TIPO NT-2500 O SIMILAR NO TEJIDO ","m²","ÍTEM",null,{"$f":"+IFERROR(CONS_LISTA_ITEM[[#This Row],[COD. APU]],\"\")","v":"APU20"},"APU20"]
[163,0,9,"MUROS EN GAVIÓN SIN SOBRECARGA - H=4,0M - B=4,0M","m","OBRA",null,{"$f":"+IFERROR(CONS_LISTA_ITEM[[#This Row],[COD. APU]],\"\")","v":0},0]
[164,0,"9.1","PRELIMINARES",null,"CAPITULO",null,{"$f":"+IFERROR(CONS_LISTA_ITEM[[#This Row],[COD. APU]],\"\")","v":0},0]
[165,"APU13","9.1.1","LOCALIZACIÓN Y REPLANTEO","m²","ÍTEM",null,{"$f":"+IFERROR(CONS_LISTA_ITEM[[#This Row],[COD. APU]],\"\")","v":"APU13"},"APU13"]
[166,0,"9.2","MOVIMIENTOS TIERRA",null,"CAPITULO",null,{"$f":"+IFERROR(CONS_LISTA_ITEM[[#This Row],[COD. APU]],\"\")","v":0},0]
[167,"APU14","9.2.1","EXCAVACIONES VARIAS EN MATERIAL COMUN EN SECO (Incluye retiro)","m³","ÍTEM",null,{"$f":"+IFERROR(CONS_LISTA_ITEM[[#This Row],[COD. APU]],\"\")","v":"APU14"},"APU14"]
[168,"APU3","9.2.2","RELLENO PARA ESTRUCTURAS CON MATERIAL IMPORTADO","m³","ÍTEM",null,{"$f":"+IFERROR(CONS_LISTA_ITEM[[#This Row],[COD. APU]],\"\")","v":"APU3"},"APU3"]
[169,0,"9.3","OBRAS GAVIÓN",null,"CAPITULO",null,{"$f":"+IFERROR(CONS_LISTA_ITEM[[#This Row],[COD. APU]],\"\")","v":0},0]
[170,"APU19","9.3.1","GAVIÓNES MALLA ALAMBRE DE ACERO ENTRELAZADO  CLASE 1; RECUBRIMIENTO ZINC (GALV)","m³","ÍTEM",null,{"$f":"+IFERROR(CONS_LISTA_ITEM[[#This Row],[COD. APU]],\"\")","v":"APU19"},"APU19"]
[171,"APU20","9.3.2","GEOTEXTIL TIPO NT-2500 O SIMILAR NO TEJIDO ","m²","ÍTEM",null,{"$f":"+IFERROR(CONS_LISTA_ITEM[[#This Row],[COD. APU]],\"\")","v":"APU20"},"APU20"]
[172,0,null,"MUROS DE CONTENCIÓN EN CONCRETO",null,null,null,{"$f":"+IFERROR(CONS_LISTA_ITEM[[#This Row],[COD. APU]],\"\")","v":0},0]
[173,0,null,"MUROS DE CONTENCIÓN DE CORONA (RELLENO HORIZONTAL Y SOBRECARGA VIVA)",null,null,null,{"$f":"+IFERROR(CONS_LISTA_ITEM[[#This Row],[COD. APU]],\"\")","v":0},0]
[174,0,10,"MURO DE CONTENCIÓN DE CORONA (RELLENO HORIZONTAL Y SOBRECARGA VIVA) - H=3,0M","m","OBRA",null,{"$f":"+IFERROR(CONS_LISTA_ITEM[[#This Row],[COD. APU]],\"\")","v":0},0]
[175,0,"10.1","PRELIMINARES",null,"CAPITULO",null,{"$f":"+IFERROR(CONS_LISTA_ITEM[[#This Row],[COD. APU]],\"\")","v":0},0]
[176,"APU13","10.1.1","LOCALIZACIÓN Y REPLANTEO","m²","ÍTEM",null,{"$f":"+IFERROR(CONS_LISTA_ITEM[[#This Row],[COD. APU]],\"\")","v":"APU13"},"APU13"]
[177,0,"10.2","MOVIMIENTOS TIERRA",null,"CAPITULO",null,{"$f":"+IFERROR(CONS_LISTA_ITEM[[#This Row],[COD. APU]],\"\")","v":0},0]
[178,"APU14","10.2.1","EXCAVACIONES VARIAS EN MATERIAL COMUN EN SECO (Incluye retiro)","m³","ÍTEM",null,{"$f":"+IFERROR(CONS_LISTA_ITEM[[#This Row],[COD. APU]],\"\")","v":"APU14"},"APU14"]
[179,"APU3","10.2.2","RELLENO PARA ESTRUCTURAS CON MATERIAL IMPORTADO","m³","ÍTEM",null,{"$f":"+IFERROR(CONS_LISTA_ITEM[[#This Row],[COD. APU]],\"\")","v":"APU3"},"APU3"]
[180,0,"10.3","ESTRUCTURAS EN CONCRETO",null,"CAPITULO",null,{"$f":"+IFERROR(CONS_LISTA_ITEM[[#This Row],[COD. APU]],\"\")","v":0},0]
[181,"APU7","10.3.1","CONCRETO 21 MPA (CLASE D) PARA MURO Y ZAPATA","m³","ÍTEM",null,{"$f":"+IFERROR(CONS_LISTA_ITEM[[#This Row],[COD. APU]],\"\")","v":"APU7"},"APU7"]
[182,"APU24","10.3.2","CONCRETO 14 MPA (CLASE F) PARA SOLADO","m³","ÍTEM",null,{"$f":"+IFERROR(CONS_LISTA_ITEM[[#This Row],[COD. APU]],\"\")","v":"APU24"},"APU24"]
[183,0,"10.4","ACERO REFUERZO",null,"CAPITULO",null,{"$f":"+IFERROR(CONS_LISTA_ITEM[[#This Row],[COD. APU]],\"\")","v":0},0]
[184,"APU9","10.4.1","ACERO REFUERZO FLEJADO 60000 PSI - 420 Mpa","kg","ÍTEM",null,{"$f":"+IFERROR(CONS_LISTA_ITEM[[#This Row],[COD. APU]],\"\")","v":"APU9"},"APU9"]
[185,0,"10.5","DRENAJES",null,"CAPITULO",null,{"$f":"+IFERROR(CONS_LISTA_ITEM[[#This Row],[COD. APU]],\"\")","v":0},0]
[186,"APU21","10.5.1","GEOTEXTIL NO TEJIDO 1600","m²","ÍTEM",null,{"$f":"+IFERROR(CONS_LISTA_ITEM[[#This Row],[COD. APU]],\"\")","v":"APU21"},"APU21"]
[187,"APU22","10.5.2","FILTRO EN GRAVA FINA","m³","ÍTEM",null,{"$f":"+IFERROR(CONS_LISTA_ITEM[[#This Row],[COD. APU]],\"\")","v":"APU22"},"APU22"]
[188,"APU23","10.5.3","TUBERÍA DE DRENAJE DE Ø = 4\"","m","ÍTEM",null,{"$f":"+IFERROR(CONS_LISTA_ITEM[[#This Row],[COD. APU]],\"\")","v":"APU23"},"APU23"]
[189,0,11,"MURO DE CONTENCIÓN DE CORONA (RELLENO HORIZONTAL Y SOBRECARGA VIVA) - H=4,0M","m","OBRA",null,{"$f":"+IFERROR(CONS_LISTA_ITEM[[#This Row],[COD. APU]],\"\")","v":0},0]
[190,0,"11.1","PRELIMINARES",null,"CAPITULO",null,{"$f":"+IFERROR(CONS_LISTA_ITEM[[#This Row],[COD. APU]],\"\")","v":0},0]
[191,"APU13","11.1.1","LOCALIZACIÓN Y REPLANTEO","m²","ÍTEM",null,{"$f":"+IFERROR(CONS_LISTA_ITEM[[#This Row],[COD. APU]],\"\")","v":"APU13"},"APU13"]
[192,0,"11.2","MOVIMIENTOS TIERRA",null,"CAPITULO",null,{"$f":"+IFERROR(CONS_LISTA_ITEM[[#This Row],[COD. APU]],\"\")","v":0},0]
[193,"APU14","11.2.1","EXCAVACIONES VARIAS EN MATERIAL COMUN EN SECO (Incluye retiro)","m³","ÍTEM",null,{"$f":"+IFERROR(CONS_LISTA_ITEM[[#This Row],[COD. APU]],\"\")","v":"APU14"},"APU14"]
[194,"APU3","11.2.2","RELLENO PARA ESTRUCTURAS CON MATERIAL IMPORTADO","m³","ÍTEM",null,{"$f":"+IFERROR(CONS_LISTA_ITEM[[#This Row],[COD. APU]],\"\")","v":"APU3"},"APU3"]
[195,0,"11.3","ESTRUCTURAS EN CONCRETO",null,"CAPITULO",null,{"$f":"+IFERROR(CONS_LISTA_ITEM[[#This Row],[COD. APU]],\"\")","v":0},0]
[196,"APU7","11.3.1","CONCRETO 21 MPA (CLASE D) PARA MURO Y ZAPATA","m³","ÍTEM",null,{"$f":"+IFERROR(CONS_LISTA_ITEM[[#This Row],[COD. APU]],\"\")","v":"APU7"},"APU7"]
[197,"APU24","11.3.2","CONCRETO 14 MPA (CLASE F) PARA SOLADO","m³","ÍTEM",null,{"$f":"+IFERROR(CONS_LISTA_ITEM[[#This Row],[COD. APU]],\"\")","v":"APU24"},"APU24"]
[198,0,"11.4","ACERO REFUERZO",null,"CAPITULO",null,{"$f":"+IFERROR(CONS_LISTA_ITEM[[#This Row],[COD. APU]],\"\")","v":0},0]
[199,"APU9","11.4.1","ACERO REFUERZO FLEJADO 60000 PSI - 420 Mpa","kg","ÍTEM",null,{"$f":"+IFERROR(CONS_LISTA_ITEM[[#This Row],[COD. APU]],\"\")","v":"APU9"},"APU9"]
[200,0,"11.5","DRENAJES",null,"CAPITULO",null,{"$f":"+IFERROR(CONS_LISTA_ITEM[[#This Row],[COD. APU]],\"\")","v":0},0]
[201,"APU21","11.5.1","GEOTEXTIL NO TEJIDO 1600","m²","ÍTEM",null,{"$f":"+IFERROR(CONS_LISTA_ITEM[[#This Row],[COD. APU]],\"\")","v":"APU21"},"APU21"]
[202,"APU22","11.5.2","FILTRO EN GRAVA FINA","m³","ÍTEM",null,{"$f":"+IFERROR(CONS_LISTA_ITEM[[#This Row],[COD. APU]],\"\")","v":"APU22"},"APU22"]
[203,"APU23","11.5.3","TUBERÍA DE DRENAJE DE Ø = 4\"","m","ÍTEM",null,{"$f":"+IFERROR(CONS_LISTA_ITEM[[#This Row],[COD. APU]],\"\")","v":"APU23"},"APU23"]
[204,0,12,"MURO DE CONTENCIÓN DE CORONA (RELLENO HORIZONTAL Y SOBRECARGA VIVA) - H=5,0M","m","OBRA",null,{"$f":"+IFERROR(CONS_LISTA_ITEM[[#This Row],[COD. APU]],\"\")","v":0},0]
[205,0,"12.1","PRELIMINARES",null,"CAPITULO",null,{"$f":"+IFERROR(CONS_LISTA_ITEM[[#This Row],[COD. APU]],\"\")","v":0},0]
[206,"APU13","12.1.1","LOCALIZACIÓN Y REPLANTEO","m²","ÍTEM",null,{"$f":"+IFERROR(CONS_LISTA_ITEM[[#This Row],[COD. APU]],\"\")","v":"APU13"},"APU13"]
[207,0,"12.2","MOVIMIENTOS TIERRA",null,"CAPITULO",null,{"$f":"+IFERROR(CONS_LISTA_ITEM[[#This Row],[COD. APU]],\"\")","v":0},0]
[208,"APU14","12.2.1","EXCAVACIONES VARIAS EN MATERIAL COMUN EN SECO (Incluye retiro)","m³","ÍTEM",null,{"$f":"+IFERROR(CONS_LISTA_ITEM[[#This Row],[COD. APU]],\"\")","v":"APU14"},"APU14"]
[209,"APU3","12.2.2","RELLENO PARA ESTRUCTURAS CON MATERIAL IMPORTADO","m³","ÍTEM",null,{"$f":"+IFERROR(CONS_LISTA_ITEM[[#This Row],[COD. APU]],\"\")","v":"APU3"},"APU3"]
[210,0,"12.3","ESTRUCTURAS EN CONCRETO",null,"CAPITULO",null,{"$f":"+IFERROR(CONS_LISTA_ITEM[[#This Row],[COD. APU]],\"\")","v":0},0]
[211,"APU7","12.3.1","CONCRETO 21 MPA (CLASE D) PARA MURO Y ZAPATA","m³","ÍTEM",null,{"$f":"+IFERROR(CONS_LISTA_ITEM[[#This Row],[COD. APU]],\"\")","v":"APU7"},"APU7"]
[212,"APU24","12.3.2","CONCRETO 14 MPA (CLASE F) PARA SOLADO","m³","ÍTEM",null,{"$f":"+IFERROR(CONS_LISTA_ITEM[[#This Row],[COD. APU]],\"\")","v":"APU24"},"APU24"]
[213,0,"12.4","ACERO REFUERZO",null,"CAPITULO",null,{"$f":"+IFERROR(CONS_LISTA_ITEM[[#This Row],[COD. APU]],\"\")","v":0},0]
[214,"APU9","12.4.1","ACERO REFUERZO FLEJADO 60000 PSI - 420 Mpa","kg","ÍTEM",null,{"$f":"+IFERROR(CONS_LISTA_ITEM[[#This Row],[COD. APU]],\"\")","v":"APU9"},"APU9"]
[215,0,"12.5","DRENAJES",null,"CAPITULO",null,{"$f":"+IFERROR(CONS_LISTA_ITEM[[#This Row],[COD. APU]],\"\")","v":0},0]
[216,"APU21","12.5.1","GEOTEXTIL NO TEJIDO 1600","m²","ÍTEM",null,{"$f":"+IFERROR(CONS_LISTA_ITEM[[#This Row],[COD. APU]],\"\")","v":"APU21"},"APU21"]
[217,"APU22","12.5.2","FILTRO EN GRAVA FINA","m³","ÍTEM",null,{"$f":"+IFERROR(CONS_LISTA_ITEM[[#This Row],[COD. APU]],\"\")","v":"APU22"},"APU22"]
[218,"APU23","12.5.3","TUBERÍA DE DRENAJE DE Ø = 4\"","m","ÍTEM",null,{"$f":"+IFERROR(CONS_LISTA_ITEM[[#This Row],[COD. APU]],\"\")","v":"APU23"},"APU23"]
[219,0,13,"MURO DE CONTENCIÓN DE CORONA (RELLENO HORIZONTAL Y SOBRECARGA VIVA) - H=6,0M","m","OBRA",null,{"$f":"+IFERROR(CONS_LISTA_ITEM[[#This Row],[COD. APU]],\"\")","v":0},0]
[220,0,"13.1","PRELIMINARES",null,"CAPITULO",null,{"$f":"+IFERROR(CONS_LISTA_ITEM[[#This Row],[COD. APU]],\"\")","v":0},0]
[221,"APU13","13.1.1","LOCALIZACIÓN Y REPLANTEO","m²","ÍTEM",null,{"$f":"+IFERROR(CONS_LISTA_ITEM[[#This Row],[COD. APU]],\"\")","v":"APU13"},"APU13"]
[222,0,"13.2","MOVIMIENTOS TIERRA",null,"CAPITULO",null,{"$f":"+IFERROR(CONS_LISTA_ITEM[[#This Row],[COD. APU]],\"\")","v":0},0]
[223,"APU14","13.2.1","EXCAVACIONES VARIAS EN MATERIAL COMUN EN SECO (Incluye retiro)","m³","ÍTEM",null,{"$f":"+IFERROR(CONS_LISTA_ITEM[[#This Row],[COD. APU]],\"\")","v":"APU14"},"APU14"]
[224,"APU3","13.2.2","RELLENO PARA ESTRUCTURAS CON MATERIAL IMPORTADO","m³","ÍTEM",null,{"$f":"+IFERROR(CONS_LISTA_ITEM[[#This Row],[COD. APU]],\"\")","v":"APU3"},"APU3"]
[225,0,"13.3","ESTRUCTURAS EN CONCRETO",null,"CAPITULO",null,{"$f":"+IFERROR(CONS_LISTA_ITEM[[#This Row],[COD. APU]],\"\")","v":0},0]
[226,"APU7","13.3.1","CONCRETO 21 MPA (CLASE D) PARA MURO Y ZAPATA","m³","ÍTEM",null,{"$f":"+IFERROR(CONS_LISTA_ITEM[[#This Row],[COD. APU]],\"\")","v":"APU7"},"APU7"]
[227,"APU24","13.3.2","CONCRETO 14 MPA (CLASE F) PARA SOLADO","m³","ÍTEM",null,{"$f":"+IFERROR(CONS_LISTA_ITEM[[#This Row],[COD. APU]],\"\")","v":"APU24"},"APU24"]
[228,0,"13.4","ACERO REFUERZO",null,"CAPITULO",null,{"$f":"+IFERROR(CONS_LISTA_ITEM[[#This Row],[COD. APU]],\"\")","v":0},0]
[229,"APU9","13.4.1","ACERO REFUERZO FLEJADO 60000 PSI - 420 Mpa","kg","ÍTEM",null,{"$f":"+IFERROR(CONS_LISTA_ITEM[[#This Row],[COD. APU]],\"\")","v":"APU9"},"APU9"]
[230,0,"13.5","DRENAJES",null,"CAPITULO",null,{"$f":"+IFERROR(CONS_LISTA_ITEM[[#This Row],[COD. APU]],\"\")","v":0},0]
[231,"APU21","13.5.1","GEOTEXTIL NO TEJIDO 1600","m²","ÍTEM",null,{"$f":"+IFERROR(CONS_LISTA_ITEM[[#This Row],[COD. APU]],\"\")","v":"APU21"},"APU21"]
[232,"APU22","13.5.2","FILTRO EN GRAVA FINA","m³","ÍTEM",null,{"$f":"+IFERROR(CONS_LISTA_ITEM[[#This Row],[COD. APU]],\"\")","v":"APU22"},"APU22"]
[233,"APU23","13.5.3","TUBERÍA DE DRENAJE DE Ø = 4\"","m","ÍTEM",null,{"$f":"+IFERROR(CONS_LISTA_ITEM[[#This Row],[COD. APU]],\"\")","v":"APU23"},"APU23"]
[234,0,14,"MURO DE CONTENCIÓN DE CORONA (RELLENO HORIZONTAL Y SOBRECARGA VIVA) - H=7,0M","m","OBRA",null,{"$f":"+IFERROR(CONS_LISTA_ITEM[[#This Row],[COD. APU]],\"\")","v":0},0]
[235,0,"14.1","PRELIMINARES",null,"CAPITULO",null,{"$f":"+IFERROR(CONS_LISTA_ITEM[[#This Row],[COD. APU]],\"\")","v":0},0]
[236,"APU13","14.1.1","LOCALIZACIÓN Y REPLANTEO","m²","ÍTEM",null,{"$f":"+IFERROR(CONS_LISTA_ITEM[[#This Row],[COD. APU]],\"\")","v":"APU13"},"APU13"]
[237,0,"14.2","MOVIMIENTOS TIERRA",null,"CAPITULO",null,{"$f":"+IFERROR(CONS_LISTA_ITEM[[#This Row],[COD. APU]],\"\")","v":0},0]
[238,"APU14","14.2.1","EXCAVACIONES VARIAS EN MATERIAL COMUN EN SECO (Incluye retiro)","m³","ÍTEM",null,{"$f":"+IFERROR(CONS_LISTA_ITEM[[#This Row],[COD. APU]],\"\")","v":"APU14"},"APU14"]
[239,"APU3","14.2.2","RELLENO PARA ESTRUCTURAS CON MATERIAL IMPORTADO","m³","ÍTEM",null,{"$f":"+IFERROR(CONS_LISTA_ITEM[[#This Row],[COD. APU]],\"\")","v":"APU3"},"APU3"]
[240,0,"14.3","ESTRUCTURAS EN CONCRETO",null,"CAPITULO",null,{"$f":"+IFERROR(CONS_LISTA_ITEM[[#This Row],[COD. APU]],\"\")","v":0},0]
[241,"APU7","14.3.1","CONCRETO 21 MPA (CLASE D) PARA MURO Y ZAPATA","m³","ÍTEM",null,{"$f":"+IFERROR(CONS_LISTA_ITEM[[#This Row],[COD. APU]],\"\")","v":"APU7"},"APU7"]
[242,"APU24","14.3.2","CONCRETO 14 MPA (CLASE F) PARA SOLADO","m³","ÍTEM",null,{"$f":"+IFERROR(CONS_LISTA_ITEM[[#This Row],[COD. APU]],\"\")","v":"APU24"},"APU24"]
[243,0,"14.4","ACERO REFUERZO",null,"CAPITULO",null,{"$f":"+IFERROR(CONS_LISTA_ITEM[[#This Row],[COD. APU]],\"\")","v":0},0]
[244,"APU9","14.4.1","ACERO REFUERZO FLEJADO 60000 PSI - 420 Mpa","kg","ÍTEM",null,{"$f":"+IFERROR(CONS_LISTA_ITEM[[#This Row],[COD. APU]],\"\")","v":"APU9"},"APU9"]
[245,0,"14.5","DRENAJES",null,"CAPITULO",null,{"$f":"+IFERROR(CONS_LISTA_ITEM[[#This Row],[COD. APU]],\"\")","v":0},0]
[246,"APU21","14.5.1","GEOTEXTIL NO TEJIDO 1600","m²","ÍTEM",null,{"$f":"+IFERROR(CONS_LISTA_ITEM[[#This Row],[COD. APU]],\"\")","v":"APU21"},"APU21"]
[247,"APU22","14.5.2","FILTRO EN GRAVA FINA","m³","ÍTEM",null,{"$f":"+IFERROR(CONS_LISTA_ITEM[[#This Row],[COD. APU]],\"\")","v":"APU22"},"APU22"]
[248,"APU23","14.5.3","TUBERÍA DE DRENAJE DE Ø = 4\"","m","ÍTEM",null,{"$f":"+IFERROR(CONS_LISTA_ITEM[[#This Row],[COD. APU]],\"\")","v":"APU23"},"APU23"]
[249,0,null,"MUROS DE CONTENCIÓN DE PATA (RELLENO INCLINADO)","m","OBRA",null,{"$f":"+IFERROR(CONS_LISTA_ITEM[[#This Row],[COD. APU]],\"\")","v":0},0]
[250,0,15,"MURO DE CONTENCIÓN DE PATA  (RELLENO INCLINADO) - H=3,0M","m","OBRA",null,{"$f":"+IFERROR(CONS_LISTA_ITEM[[#This Row],[COD. APU]],\"\")","v":0},0]
[251,0,"15.1","PRELIMINARES",null,"CAPITULO",null,{"$f":"+IFERROR(CONS_LISTA_ITEM[[#This Row],[COD. APU]],\"\")","v":0},0]
[252,"APU13","15.1.1","LOCALIZACIÓN Y REPLANTEO","m²","ÍTEM",null,{"$f":"+IFERROR(CONS_LISTA_ITEM[[#This Row],[COD. APU]],\"\")","v":"APU13"},"APU13"]
[253,0,"15.2","MOVIMIENTOS TIERRA",null,"CAPITULO",null,{"$f":"+IFERROR(CONS_LISTA_ITEM[[#This Row],[COD. APU]],\"\")","v":0},0]
[254,"APU14","15.2.1","EXCAVACIONES VARIAS EN MATERIAL COMUN EN SECO (Incluye retiro)","m³","ÍTEM",null,{"$f":"+IFERROR(CONS_LISTA_ITEM[[#This Row],[COD. APU]],\"\")","v":"APU14"},"APU14"]
[255,"APU3","15.2.2","RELLENO PARA ESTRUCTURAS CON MATERIAL IMPORTADO","m³","ÍTEM",null,{"$f":"+IFERROR(CONS_LISTA_ITEM[[#This Row],[COD. APU]],\"\")","v":"APU3"},"APU3"]
[256,0,"15.3","ESTRUCTURAS EN CONCRETO",null,"CAPITULO",null,{"$f":"+IFERROR(CONS_LISTA_ITEM[[#This Row],[COD. APU]],\"\")","v":0},0]
[257,"APU7","15.3.1","CONCRETO 21 MPA (CLASE D) PARA MURO Y ZAPATA","m³","ÍTEM",null,{"$f":"+IFERROR(CONS_LISTA_ITEM[[#This Row],[COD. APU]],\"\")","v":"APU7"},"APU7"]
[258,"APU24","15.3.2","CONCRETO 14 MPA (CLASE F) PARA SOLADO","m³","ÍTEM",null,{"$f":"+IFERROR(CONS_LISTA_ITEM[[#This Row],[COD. APU]],\"\")","v":"APU24"},"APU24"]
[259,0,"15.4","ACERO REFUERZO",null,"CAPITULO",null,{"$f":"+IFERROR(CONS_LISTA_ITEM[[#This Row],[COD. APU]],\"\")","v":0},0]
[260,"APU9","15.4.1","ACERO REFUERZO FLEJADO 60000 PSI - 420 Mpa","kg","ÍTEM",null,{"$f":"+IFERROR(CONS_LISTA_ITEM[[#This Row],[COD. APU]],\"\")","v":"APU9"},"APU9"]
[261,0,"15.5","DRENAJES",null,"CAPITULO",null,{"$f":"+IFERROR(CONS_LISTA_ITEM[[#This Row],[COD. APU]],\"\")","v":0},0]
[262,"APU21","15.5.1","GEOTEXTIL NO TEJIDO 1600","m²","ÍTEM",null,{"$f":"+IFERROR(CONS_LISTA_ITEM[[#This Row],[COD. APU]],\"\")","v":"APU21"},"APU21"]
[263,"APU22","15.5.2","FILTRO EN GRAVA FINA","m³","ÍTEM",null,{"$f":"+IFERROR(CONS_LISTA_ITEM[[#This Row],[COD. APU]],\"\")","v":"APU22"},"APU22"]
[264,"APU23","15.5.3","TUBERÍA DE DRENAJE DE Ø = 4\"","m","ÍTEM",null,{"$f":"+IFERROR(CONS_LISTA_ITEM[[#This Row],[COD. APU]],\"\")","v":"APU23"},"APU23"]
[265,0,16,"MURO DE CONTENCIÓN DE PATA  (RELLENO INCLINADO) - H=4,0M","m","OBRA",null,{"$f":"+IFERROR(CONS_LISTA_ITEM[[#This Row],[COD. APU]],\"\")","v":0},0]
[266,0,"16.1","PRELIMINARES",null,"CAPITULO",null,{"$f":"+IFERROR(CONS_LISTA_ITEM[[#This Row],[COD. APU]],\"\")","v":0},0]
[267,"APU13","16.1.1","LOCALIZACIÓN Y REPLANTEO","m²","ÍTEM",null,{"$f":"+IFERROR(CONS_LISTA_ITEM[[#This Row],[COD. APU]],\"\")","v":"APU13"},"APU13"]
[268,0,"16.2","MOVIMIENTOS TIERRA",null,"CAPITULO",null,{"$f":"+IFERROR(CONS_LISTA_ITEM[[#This Row],[COD. APU]],\"\")","v":0},0]
[269,"APU14","16.2.1","EXCAVACIONES VARIAS EN MATERIAL COMUN EN SECO (Incluye retiro)","m³","ÍTEM",null,{"$f":"+IFERROR(CONS_LISTA_ITEM[[#This Row],[COD. APU]],\"\")","v":"APU14"},"APU14"]
[270,"APU3","16.2.2","RELLENO PARA ESTRUCTURAS CON MATERIAL IMPORTADO","m³","ÍTEM",null,{"$f":"+IFERROR(CONS_LISTA_ITEM[[#This Row],[COD. APU]],\"\")","v":"APU3"},"APU3"]
[271,0,"16.3","ESTRUCTURAS EN CONCRETO",null,"CAPITULO",null,{"$f":"+IFERROR(CONS_LISTA_ITEM[[#This Row],[COD. APU]],\"\")","v":0},0]
[272,"APU7","16.3.1","CONCRETO 21 MPA (CLASE D) PARA MURO Y ZAPATA","m³","ÍTEM",null,{"$f":"+IFERROR(CONS_LISTA_ITEM[[#This Row],[COD. APU]],\"\")","v":"APU7"},"APU7"]
[273,"APU24","16.3.2","CONCRETO 14 MPA (CLASE F) PARA SOLADO","m³","ÍTEM",null,{"$f":"+IFERROR(CONS_LISTA_ITEM[[#This Row],[COD. APU]],\"\")","v":"APU24"},"APU24"]
[274,0,"16.4","ACERO REFUERZO",null,"CAPITULO",null,{"$f":"+IFERROR(CONS_LISTA_ITEM[[#This Row],[COD. APU]],\"\")","v":0},0]
[275,"APU9","16.4.1","ACERO REFUERZO FLEJADO 60000 PSI - 420 Mpa","kg","ÍTEM",null,{"$f":"+IFERROR(CONS_LISTA_ITEM[[#This Row],[COD. APU]],\"\")","v":"APU9"},"APU9"]
[276,0,"16.5","DRENAJES",null,"CAPITULO",null,{"$f":"+IFERROR(CONS_LISTA_ITEM[[#This Row],[COD. APU]],\"\")","v":0},0]
[277,"APU21","16.5.1","GEOTEXTIL NO TEJIDO 1600","m²","ÍTEM",null,{"$f":"+IFERROR(CONS_LISTA_ITEM[[#This Row],[COD. APU]],\"\")","v":"APU21"},"APU21"]
[278,"APU22","16.5.2","FILTRO EN GRAVA FINA","m³","ÍTEM",null,{"$f":"+IFERROR(CONS_LISTA_ITEM[[#This Row],[COD. APU]],\"\")","v":"APU22"},"APU22"]
[279,"APU23","16.5.3","TUBERÍA DE DRENAJE DE Ø = 4\"","m","ÍTEM",null,{"$f":"+IFERROR(CONS_LISTA_ITEM[[#This Row],[COD. APU]],\"\")","v":"APU23"},"APU23"]
[280,0,17,"MURO DE CONTENCIÓN DE PATA  (RELLENO INCLINADO) - H=5,0M","m","OBRA",null,{"$f":"+IFERROR(CONS_LISTA_ITEM[[#This Row],[COD. APU]],\"\")","v":0},0]
[281,0,"17.1","PRELIMINARES",null,"CAPITULO",null,{"$f":"+IFERROR(CONS_LISTA_ITEM[[#This Row],[COD. APU]],\"\")","v":0},0]
[282,"APU13","17.1.1","LOCALIZACIÓN Y REPLANTEO","m²","ÍTEM",null,{"$f":"+IFERROR(CONS_LISTA_ITEM[[#This Row],[COD. APU]],\"\")","v":"APU13"},"APU13"]
[283,0,"17.2","MOVIMIENTOS TIERRA",null,"CAPITULO",null,{"$f":"+IFERROR(CONS_LISTA_ITEM[[#This Row],[COD. APU]],\"\")","v":0},0]
[284,"APU14","17.2.1","EXCAVACIONES VARIAS EN MATERIAL COMUN EN SECO (Incluye retiro)","m³","ÍTEM",null,{"$f":"+IFERROR(CONS_LISTA_ITEM[[#This Row],[COD. APU]],\"\")","v":"APU14"},"APU14"]
[285,"APU3","17.2.2","RELLENO PARA ESTRUCTURAS CON MATERIAL IMPORTADO","m³","ÍTEM",null,{"$f":"+IFERROR(CONS_LISTA_ITEM[[#This Row],[COD. APU]],\"\")","v":"APU3"},"APU3"]
[286,0,"17.3","ESTRUCTURAS EN CONCRETO",null,"CAPITULO",null,{"$f":"+IFERROR(CONS_LISTA_ITEM[[#This Row],[COD. APU]],\"\")","v":0},0]
[287,"APU7","17.3.1","CONCRETO 21 MPA (CLASE D) PARA MURO Y ZAPATA","m³","ÍTEM",null,{"$f":"+IFERROR(CONS_LISTA_ITEM[[#This Row],[COD. APU]],\"\")","v":"APU7"},"APU7"]
[288,"APU24","17.3.2","CONCRETO 14 MPA (CLASE F) PARA SOLADO","m³","ÍTEM",null,{"$f":"+IFERROR(CONS_LISTA_ITEM[[#This Row],[COD. APU]],\"\")","v":"APU24"},"APU24"]
[289,0,"17.4","ACERO REFUERZO",null,"CAPITULO",null,{"$f":"+IFERROR(CONS_LISTA_ITEM[[#This Row],[COD. APU]],\"\")","v":0},0]
[290,"APU9","17.4.1","ACERO REFUERZO FLEJADO 60000 PSI - 420 Mpa","kg","ÍTEM",null,{"$f":"+IFERROR(CONS_LISTA_ITEM[[#This Row],[COD. APU]],\"\")","v":"APU9"},"APU9"]
[291,0,"17.5","DRENAJES",null,"CAPITULO",null,{"$f":"+IFERROR(CONS_LISTA_ITEM[[#This Row],[COD. APU]],\"\")","v":0},0]
[292,"APU21","17.5.1","GEOTEXTIL NO TEJIDO 1600","m²","ÍTEM",null,{"$f":"+IFERROR(CONS_LISTA_ITEM[[#This Row],[COD. APU]],\"\")","v":"APU21"},"APU21"]
[293,"APU22","17.5.2","FILTRO EN GRAVA FINA","m³","ÍTEM",null,{"$f":"+IFERROR(CONS_LISTA_ITEM[[#This Row],[COD. APU]],\"\")","v":"APU22"},"APU22"]
[294,"APU23","17.5.3","TUBERÍA DE DRENAJE DE Ø = 4\"","m","ÍTEM",null,{"$f":"+IFERROR(CONS_LISTA_ITEM[[#This Row],[COD. APU]],\"\")","v":"APU23"},"APU23"]
[295,0,18,"MURO DE CONTENCIÓN DE PATA  (RELLENO INCLINADO) - H=6,0M","m","OBRA",null,{"$f":"+IFERROR(CONS_LISTA_ITEM[[#This Row],[COD. APU]],\"\")","v":0},0]
[296,0,"18.1","PRELIMINARES",null,"CAPITULO",null,{"$f":"+IFERROR(CONS_LISTA_ITEM[[#This Row],[COD. APU]],\"\")","v":0},0]
[297,"APU13","18.1.1","LOCALIZACIÓN Y REPLANTEO","m²","ÍTEM",null,{"$f":"+IFERROR(CONS_LISTA_ITEM[[#This Row],[COD. APU]],\"\")","v":"APU13"},"APU13"]
[298,0,"18.2","MOVIMIENTOS TIERRA",null,"CAPITULO",null,{"$f":"+IFERROR(CONS_LISTA_ITEM[[#This Row],[COD. APU]],\"\")","v":0},0]
[299,"APU14","18.2.1","EXCAVACIONES VARIAS EN MATERIAL COMUN EN SECO (Incluye retiro)","m³","ÍTEM",null,{"$f":"+IFERROR(CONS_LISTA_ITEM[[#This Row],[COD. APU]],\"\")","v":"APU14"},"APU14"]
[300,"APU3","18.2.2","RELLENO PARA ESTRUCTURAS CON MATERIAL IMPORTADO","m³","ÍTEM",null,{"$f":"+IFERROR(CONS_LISTA_ITEM[[#This Row],[COD. APU]],\"\")","v":"APU3"},"APU3"]
[301,0,"18.3","ESTRUCTURAS EN CONCRETO",null,"CAPITULO",null,{"$f":"+IFERROR(CONS_LISTA_ITEM[[#This Row],[COD. APU]],\"\")","v":0},0]
[302,"APU7","18.3.1","CONCRETO 21 MPA (CLASE D) PARA MURO Y ZAPATA","m³","ÍTEM",null,{"$f":"+IFERROR(CONS_LISTA_ITEM[[#This Row],[COD. APU]],\"\")","v":"APU7"},"APU7"]
[303,"APU24","18.3.2","CONCRETO 14 MPA (CLASE F) PARA SOLADO","m³","ÍTEM",null,{"$f":"+IFERROR(CONS_LISTA_ITEM[[#This Row],[COD. APU]],\"\")","v":"APU24"},"APU24"]
[304,0,"18.4","ACERO REFUERZO",null,"CAPITULO",null,{"$f":"+IFERROR(CONS_LISTA_ITEM[[#This Row],[COD. APU]],\"\")","v":0},0]
[305,"APU9","18.4.1","ACERO REFUERZO FLEJADO 60000 PSI - 420 Mpa","kg","ÍTEM",null,{"$f":"+IFERROR(CONS_LISTA_ITEM[[#This Row],[COD. APU]],\"\")","v":"APU9"},"APU9"]
[306,0,"18.5","DRENAJES",null,"CAPITULO",null,{"$f":"+IFERROR(CONS_LISTA_ITEM[[#This Row],[COD. APU]],\"\")","v":0},0]
[307,"APU21","18.5.1","GEOTEXTIL NO TEJIDO 1600","m²","ÍTEM",null,{"$f":"+IFERROR(CONS_LISTA_ITEM[[#This Row],[COD. APU]],\"\")","v":"APU21"},"APU21"]
[308,"APU22","18.5.2","FILTRO EN GRAVA FINA","m³","ÍTEM",null,{"$f":"+IFERROR(CONS_LISTA_ITEM[[#This Row],[COD. APU]],\"\")","v":"APU22"},"APU22"]
[309,"APU23","18.5.3","TUBERÍA DE DRENAJE DE Ø = 4\"","m","ÍTEM",null,{"$f":"+IFERROR(CONS_LISTA_ITEM[[#This Row],[COD. APU]],\"\")","v":"APU23"},"APU23"]
[310,0,19,"MURO DE CONTENCIÓN DE PATA  (RELLENO INCLINADO) - H=7,0M","m","OBRA",null,{"$f":"+IFERROR(CONS_LISTA_ITEM[[#This Row],[COD. APU]],\"\")","v":0},0]
[311,0,"19.1","PRELIMINARES",null,"CAPITULO",null,{"$f":"+IFERROR(CONS_LISTA_ITEM[[#This Row],[COD. APU]],\"\")","v":0},0]
[312,"APU13","19.1.1","LOCALIZACIÓN Y REPLANTEO","m²","ÍTEM",null,{"$f":"+IFERROR(CONS_LISTA_ITEM[[#This Row],[COD. APU]],\"\")","v":"APU13"},"APU13"]
[313,0,"19.2","MOVIMIENTOS TIERRA",null,"CAPITULO",null,{"$f":"+IFERROR(CONS_LISTA_ITEM[[#This Row],[COD. APU]],\"\")","v":0},0]
[314,"APU14","19.2.1","EXCAVACIONES VARIAS EN MATERIAL COMUN EN SECO (Incluye retiro)","m³","ÍTEM",null,{"$f":"+IFERROR(CONS_LISTA_ITEM[[#This Row],[COD. APU]],\"\")","v":"APU14"},"APU14"]
[315,"APU3","19.2.2","RELLENO PARA ESTRUCTURAS CON MATERIAL IMPORTADO","m³","ÍTEM",null,{"$f":"+IFERROR(CONS_LISTA_ITEM[[#This Row],[COD. APU]],\"\")","v":"APU3"},"APU3"]
[316,0,"19.3","ESTRUCTURAS EN CONCRETO",null,"CAPITULO",null,{"$f":"+IFERROR(CONS_LISTA_ITEM[[#This Row],[COD. APU]],\"\")","v":0},0]
[317,"APU7","19.3.1","CONCRETO 21 MPA (CLASE D) PARA MURO Y ZAPATA","m³","ÍTEM",null,{"$f":"+IFERROR(CONS_LISTA_ITEM[[#This Row],[COD. APU]],\"\")","v":"APU7"},"APU7"]
[318,"APU24","19.3.2","CONCRETO 14 MPA (CLASE F) PARA SOLADO","m³","ÍTEM",null,{"$f":"+IFERROR(CONS_LISTA_ITEM[[#This Row],[COD. APU]],\"\")","v":"APU24"},"APU24"]
[319,0,"19.4","ACERO REFUERZO",null,"CAPITULO",null,{"$f":"+IFERROR(CONS_LISTA_ITEM[[#This Row],[COD. APU]],\"\")","v":0},0]
[320,"APU9","19.4.1","ACERO REFUERZO FLEJADO 60000 PSI - 420 Mpa","kg","ÍTEM",null,{"$f":"+IFERROR(CONS_LISTA_ITEM[[#This Row],[COD. APU]],\"\")","v":"APU9"},"APU9"]
[321,0,"19.5","DRENAJES",null,"CAPITULO",null,{"$f":"+IFERROR(CONS_LISTA_ITEM[[#This Row],[COD. APU]],\"\")","v":0},0]
[322,"APU21","19.5.1","GEOTEXTIL NO TEJIDO 1600","m²","ÍTEM",null,{"$f":"+IFERROR(CONS_LISTA_ITEM[[#This Row],[COD. APU]],\"\")","v":"APU21"},"APU21"]
[323,"APU22","19.5.2","FILTRO EN GRAVA FINA","m³","ÍTEM",null,{"$f":"+IFERROR(CONS_LISTA_ITEM[[#This Row],[COD. APU]],\"\")","v":"APU22"},"APU22"]
[324,"APU23","19.5.3","TUBERÍA DE DRENAJE DE Ø = 4\"","m","ÍTEM",null,{"$f":"+IFERROR(CONS_LISTA_ITEM[[#This Row],[COD. APU]],\"\")","v":"APU23"},"APU23"]
[325,0,null,"BOX CULVERT",null,null,null,{"$f":"+IFERROR(CONS_LISTA_ITEM[[#This Row],[COD. APU]],\"\")","v":0},0]
[326,0,null,"BOX CULVERT SIN RELLENO - hf=0",null,null,null,{"$f":"+IFERROR(CONS_LISTA_ITEM[[#This Row],[COD. APU]],\"\")","v":0},0]
[327,0,20,"BOX CULVERT SIN RELLENO - hf=0 - Bint=1,0M - Hint=1,0M ","und","OBRA",null,{"$f":"+IFERROR(CONS_LISTA_ITEM[[#This Row],[COD. APU]],\"\")","v":0},0]
[328,0,"20.1","PRELIMINARES",null,"CAPITULO",null,{"$f":"+IFERROR(CONS_LISTA_ITEM[[#This Row],[COD. APU]],\"\")","v":0},0]
[329,"APU1","20.1.1","LOCALIZACIÓN Y REPLANTEO","m","ÍTEM",null,{"$f":"+IFERROR(CONS_LISTA_ITEM[[#This Row],[COD. APU]],\"\")","v":"APU1"},"APU1"]
[330,0,"20.2","MOVIMIENTOS TIERRA",null,"CAPITULO",null,{"$f":"+IFERROR(CONS_LISTA_ITEM[[#This Row],[COD. APU]],\"\")","v":0},0]
[331,"APU14","20.2.1","EXCAVACIONES VARIAS EN MATERIAL COMUN EN SECO (Incluye retiro)","m³","ÍTEM",null,{"$f":"+IFERROR(CONS_LISTA_ITEM[[#This Row],[COD. APU]],\"\")","v":"APU14"},"APU14"]
[332,"APU4","20.2.2","RETIRO MATERIAL DE EXCAVACIÓN (Incluye transporte)","m³","ÍTEM",null,{"$f":"+IFERROR(CONS_LISTA_ITEM[[#This Row],[COD. APU]],\"\")","v":"APU4"},"APU15"]
[333,0,"20.3","ESTRUCTURAS EN CONCRETO",null,"CAPITULO",null,{"$f":"+IFERROR(CONS_LISTA_ITEM[[#This Row],[COD. APU]],\"\")","v":0},0]
[334,"APU7","20.3.1","CONCRETO 21 MPA (CLASE D)","m³","ÍTEM",null,{"$f":"+IFERROR(CONS_LISTA_ITEM[[#This Row],[COD. APU]],\"\")","v":"APU7"},"APU7"]
[335,0,"20.4","ACERO REFUERZO",null,"CAPITULO",null,{"$f":"+IFERROR(CONS_LISTA_ITEM[[#This Row],[COD. APU]],\"\")","v":0},0]
[336,"APU9","20.4.1","ACERO REFUERZO FLEJADO 60000 PSI - 420 Mpa","kg","ÍTEM",null,{"$f":"+IFERROR(CONS_LISTA_ITEM[[#This Row],[COD. APU]],\"\")","v":"APU9"},"APU9"]
[337,0,21,"BOX CULVERT SIN RELLENO - HF=0 - BINT=1,5M - HINT=1,5M ","und","OBRA",null,{"$f":"+IFERROR(CONS_LISTA_ITEM[[#This Row],[COD. APU]],\"\")","v":0},0]
[338,0,"21.1","PRELIMINARES",null,"CAPITULO",null,{"$f":"+IFERROR(CONS_LISTA_ITEM[[#This Row],[COD. APU]],\"\")","v":0},0]
[339,"APU1","21.1.1","LOCALIZACIÓN Y REPLANTEO","m","ÍTEM",null,{"$f":"+IFERROR(CONS_LISTA_ITEM[[#This Row],[COD. APU]],\"\")","v":"APU1"},"APU1"]
[340,0,"21.2","MOVIMIENTOS TIERRA",null,"CAPITULO",null,{"$f":"+IFERROR(CONS_LISTA_ITEM[[#This Row],[COD. APU]],\"\")","v":0},0]
[341,"APU14","21.2.1","EXCAVACIONES VARIAS EN MATERIAL COMUN EN SECO (Incluye retiro)","m³","ÍTEM",null,{"$f":"+IFERROR(CONS_LISTA_ITEM[[#This Row],[COD. APU]],\"\")","v":"APU14"},"APU14"]
[342,"APU4","21.2.2","RETIRO MATERIAL DE EXCAVACIÓN (Incluye transporte)","m³","ÍTEM",null,{"$f":"+IFERROR(CONS_LISTA_ITEM[[#This Row],[COD. APU]],\"\")","v":"APU4"},"APU15"]
[343,0,"21.3","ESTRUCTURAS EN CONCRETO",null,"CAPITULO",null,{"$f":"+IFERROR(CONS_LISTA_ITEM[[#This Row],[COD. APU]],\"\")","v":0},0]
[344,"APU7","21.3.1","CONCRETO 21 MPA (CLASE D)","m³","ÍTEM",null,{"$f":"+IFERROR(CONS_LISTA_ITEM[[#This Row],[COD. APU]],\"\")","v":"APU7"},"APU7"]
[345,0,"21.4","ACERO REFUERZO",null,"CAPITULO",null,{"$f":"+IFERROR(CONS_LISTA_ITEM[[#This Row],[COD. APU]],\"\")","v":0},0]
[346,"APU9","21.4.1","ACERO REFUERZO FLEJADO 60000 PSI - 420 Mpa","kg","ÍTEM",null,{"$f":"+IFERROR(CONS_LISTA_ITEM[[#This Row],[COD. APU]],\"\")","v":"APU9"},"APU9"]
[347,0,22,"BOX CULVERT SIN RELLENO - HF=0 - BINT=2,0M - HINT=2,0M ","und","OBRA",null,{"$f":"+IFERROR(CONS_LISTA_ITEM[[#This Row],[COD. APU]],\"\")","v":0},0]
[348,0,"22.1","PRELIMINARES",null,"CAPITULO",null,{"$f":"+IFERROR(CONS_LISTA_ITEM[[#This Row],[COD. APU]],\"\")","v":0},0]
[349,"APU1","22.1.1","LOCALIZACIÓN Y REPLANTEO","m","ÍTEM",null,{"$f":"+IFERROR(CONS_LISTA_ITEM[[#This Row],[COD. APU]],\"\")","v":"APU1"},"APU1"]
[350,0,"22.2","MOVIMIENTOS TIERRA",null,"CAPITULO",null,{"$f":"+IFERROR(CONS_LISTA_ITEM[[#This Row],[COD. APU]],\"\")","v":0},0]
[351,"APU14","22.2.1","EXCAVACIONES VARIAS EN MATERIAL COMUN EN SECO (Incluye retiro)","m³","ÍTEM",null,{"$f":"+IFERROR(CONS_LISTA_ITEM[[#This Row],[COD. APU]],\"\")","v":"APU14"},"APU14"]
[352,"APU4","22.2.2","RETIRO MATERIAL DE EXCAVACIÓN (Incluye transporte)","m³","ÍTEM",null,{"$f":"+IFERROR(CONS_LISTA_ITEM[[#This Row],[COD. APU]],\"\")","v":"APU4"},"APU15"]
[353,0,"22.3","ESTRUCTURAS EN CONCRETO",null,"CAPITULO",null,{"$f":"+IFERROR(CONS_LISTA_ITEM[[#This Row],[COD. APU]],\"\")","v":0},0]
[354,"APU7","22.3.1","CONCRETO 21 MPA (CLASE D)","m³","ÍTEM",null,{"$f":"+IFERROR(CONS_LISTA_ITEM[[#This Row],[COD. APU]],\"\")","v":"APU7"},"APU7"]
[355,0,"22.4","ACERO REFUERZO",null,"CAPITULO",null,{"$f":"+IFERROR(CONS_LISTA_ITEM[[#This Row],[COD. APU]],\"\")","v":0},0]
[356,"APU9","22.4.1","ACERO REFUERZO FLEJADO 60000 PSI - 420 Mpa","kg","ÍTEM",null,{"$f":"+IFERROR(CONS_LISTA_ITEM[[#This Row],[COD. APU]],\"\")","v":"APU9"},"APU9"]
[357,0,23,"BOX CULVERT SIN RELLENO - HF=0 - BINT=3,0M - HINT=3,0M ","und","OBRA",null,{"$f":"+IFERROR(CONS_LISTA_ITEM[[#This Row],[COD. APU]],\"\")","v":0},0]
[358,0,"23.1","PRELIMINARES",null,"CAPITULO",null,{"$f":"+IFERROR(CONS_LISTA_ITEM[[#This Row],[COD. APU]],\"\")","v":0},0]
[359,"APU1","23.1.1","LOCALIZACIÓN Y REPLANTEO","m","ÍTEM",null,{"$f":"+IFERROR(CONS_LISTA_ITEM[[#This Row],[COD. APU]],\"\")","v":"APU1"},"APU1"]
[360,0,"23.2","MOVIMIENTOS TIERRA",null,"CAPITULO",null,{"$f":"+IFERROR(CONS_LISTA_ITEM[[#This Row],[COD. APU]],\"\")","v":0},0]
[361,"APU14","23.2.1","EXCAVACIONES VARIAS EN MATERIAL COMUN EN SECO (Incluye retiro)","m³","ÍTEM",null,{"$f":"+IFERROR(CONS_LISTA_ITEM[[#This Row],[COD. APU]],\"\")","v":"APU14"},"APU14"]
[362,"APU4","23.2.2","RETIRO MATERIAL DE EXCAVACIÓN (Incluye transporte)","m³","ÍTEM",null,{"$f":"+IFERROR(CONS_LISTA_ITEM[[#This Row],[COD. APU]],\"\")","v":"APU4"},"APU15"]
[363,0,"23.3","ESTRUCTURAS EN CONCRETO",null,"CAPITULO",null,{"$f":"+IFERROR(CONS_LISTA_ITEM[[#This Row],[COD. APU]],\"\")","v":0},0]
[364,"APU7","23.3.1","CONCRETO 21 MPA (CLASE D)","m³","ÍTEM",null,{"$f":"+IFERROR(CONS_LISTA_ITEM[[#This Row],[COD. APU]],\"\")","v":"APU7"},"APU7"]
[365,0,"23.4","ACERO REFUERZO",null,"CAPITULO",null,{"$f":"+IFERROR(CONS_LISTA_ITEM[[#This Row],[COD. APU]],\"\")","v":0},0]
[366,"APU9","23.4.1","ACERO REFUERZO FLEJADO 60000 PSI - 420 Mpa","kg","ÍTEM",null,{"$f":"+IFERROR(CONS_LISTA_ITEM[[#This Row],[COD. APU]],\"\")","v":"APU9"},"APU9"]
[367,0,null,"BOX CULVERT CON RELLENO -  1,0M < HF < 5,0M",null,null,null,{"$f":"+IFERROR(CONS_LISTA_ITEM[[#This Row],[COD. APU]],\"\")","v":0},0]
[368,0,24,"BOX CULVERT CON RELLENO - 1,0M < HF < 5,0M - BINT=1,0M - HINT=1,0M ","und","OBRA",null,{"$f":"+IFERROR(CONS_LISTA_ITEM[[#This Row],[COD. APU]],\"\")","v":0},0]
[369,0,"24.1","PRELIMINARES",null,"CAPITULO",null,{"$f":"+IFERROR(CONS_LISTA_ITEM[[#This Row],[COD. APU]],\"\")","v":0},0]
[370,"APU1","24.1.1","LOCALIZACIÓN Y REPLANTEO","m","ÍTEM",null,{"$f":"+IFERROR(CONS_LISTA_ITEM[[#This Row],[COD. APU]],\"\")","v":"APU1"},"APU1"]
[371,0,"24.2","MOVIMIENTOS TIERRA",null,"CAPITULO",null,{"$f":"+IFERROR(CONS_LISTA_ITEM[[#This Row],[COD. APU]],\"\")","v":0},0]
[372,"APU14","24.2.1","EXCAVACIONES VARIAS EN MATERIAL COMUN EN SECO (Incluye retiro)","m³","ÍTEM",null,{"$f":"+IFERROR(CONS_LISTA_ITEM[[#This Row],[COD. APU]],\"\")","v":"APU14"},"APU14"]
[373,"APU4","24.2.2","RETIRO MATERIAL DE EXCAVACIÓN (Incluye transporte)","m³","ÍTEM",null,{"$f":"+IFERROR(CONS_LISTA_ITEM[[#This Row],[COD. APU]],\"\")","v":"APU4"},"APU15"]
[374,"APU3","24.2.3","RELLENO PARA ESTRUCTURAS CON MATERIAL IMPORTADO","m³","ÍTEM",null,{"$f":"+IFERROR(CONS_LISTA_ITEM[[#This Row],[COD. APU]],\"\")","v":"APU3"},"APU3"]
[375,0,"24.3","ESTRUCTURAS EN CONCRETO",null,"CAPITULO",null,{"$f":"+IFERROR(CONS_LISTA_ITEM[[#This Row],[COD. APU]],\"\")","v":0},0]
[376,"APU7","24.3.1","CONCRETO 21 MPA (CLASE D)","m³","ÍTEM",null,{"$f":"+IFERROR(CONS_LISTA_ITEM[[#This Row],[COD. APU]],\"\")","v":"APU7"},"APU7"]
[377,0,"24.4","ACERO REFUERZO",null,"CAPITULO",null,{"$f":"+IFERROR(CONS_LISTA_ITEM[[#This Row],[COD. APU]],\"\")","v":0},0]
[378,"APU9","24.4.1","ACERO REFUERZO FLEJADO 60000 PSI - 420 Mpa","kg","ÍTEM",null,{"$f":"+IFERROR(CONS_LISTA_ITEM[[#This Row],[COD. APU]],\"\")","v":"APU9"},"APU9"]
[379,0,25,"BOX CULVERT CON RELLENO - 1,0M < HF < 5,0M - BINT=1,5M - HINT=1,5M ","und","OBRA",null,{"$f":"+IFERROR(CONS_LISTA_ITEM[[#This Row],[COD. APU]],\"\")","v":0},0]
[380,0,"25.1","PRELIMINARES",null,"CAPITULO",null,{"$f":"+IFERROR(CONS_LISTA_ITEM[[#This Row],[COD. APU]],\"\")","v":0},0]
[381,"APU1","25.1.1","LOCALIZACIÓN Y REPLANTEO","m","ÍTEM",null,{"$f":"+IFERROR(CONS_LISTA_ITEM[[#This Row],[COD. APU]],\"\")","v":"APU1"},"APU1"]
[382,0,"25.2","MOVIMIENTOS TIERRA",null,"CAPITULO",null,{"$f":"+IFERROR(CONS_LISTA_ITEM[[#This Row],[COD. APU]],\"\")","v":0},0]
[383,"APU14","25.2.1","EXCAVACIONES VARIAS EN MATERIAL COMUN EN SECO (Incluye retiro)","m³","ÍTEM",null,{"$f":"+IFERROR(CONS_LISTA_ITEM[[#This Row],[COD. APU]],\"\")","v":"APU14"},"APU14"]
[384,"APU4","25.2.2","RETIRO MATERIAL DE EXCAVACIÓN (Incluye transporte)","m³","ÍTEM",null,{"$f":"+IFERROR(CONS_LISTA_ITEM[[#This Row],[COD. APU]],\"\")","v":"APU4"},"APU15"]
[385,"APU3","25.2.3","RELLENO PARA ESTRUCTURAS CON MATERIAL IMPORTADO","m³","ÍTEM",null,{"$f":"+IFERROR(CONS_LISTA_ITEM[[#This Row],[COD. APU]],\"\")","v":"APU3"},"APU3"]
[386,0,"25.3","ESTRUCTURAS EN CONCRETO",null,"CAPITULO",null,{"$f":"+IFERROR(CONS_LISTA_ITEM[[#This Row],[COD. APU]],\"\")","v":0},0]
[387,"APU7","25.3.1","CONCRETO 21 MPA (CLASE D)","m³","ÍTEM",null,{"$f":"+IFERROR(CONS_LISTA_ITEM[[#This Row],[COD. APU]],\"\")","v":"APU7"},"APU7"]
[388,0,"25.4","ACERO REFUERZO",null,"CAPITULO",null,{"$f":"+IFERROR(CONS_LISTA_ITEM[[#This Row],[COD. APU]],\"\")","v":0},0]
[389,"APU9","25.4.1","ACERO REFUERZO FLEJADO 60000 PSI - 420 Mpa","kg","ÍTEM",null,{"$f":"+IFERROR(CONS_LISTA_ITEM[[#This Row],[COD. APU]],\"\")","v":"APU9"},"APU9"]
[390,0,26,"BOX CULVERT CON RELLENO - 1,0M < HF < 5,0M - BINT=2,0M - HINT=2,0M ","und","OBRA",null,{"$f":"+IFERROR(CONS_LISTA_ITEM[[#This Row],[COD. APU]],\"\")","v":0},0]
[391,0,"26.1","PRELIMINARES",null,"CAPITULO",null,{"$f":"+IFERROR(CONS_LISTA_ITEM[[#This Row],[COD. APU]],\"\")","v":0},0]
[392,"APU1","26.1.1","LOCALIZACIÓN Y REPLANTEO","m","ÍTEM",null,{"$f":"+IFERROR(CONS_LISTA_ITEM[[#This Row],[COD. APU]],\"\")","v":"APU1"},"APU1"]
[393,0,"26.2","MOVIMIENTOS TIERRA",null,"CAPITULO",null,{"$f":"+IFERROR(CONS_LISTA_ITEM[[#This Row],[COD. APU]],\"\")","v":0},0]
[394,"APU14","26.2.1","EXCAVACIONES VARIAS EN MATERIAL COMUN EN SECO (Incluye retiro)","m³","ÍTEM",null,{"$f":"+IFERROR(CONS_LISTA_ITEM[[#This Row],[COD. APU]],\"\")","v":"APU14"},"APU14"]
[395,"APU4","26.2.2","RETIRO MATERIAL DE EXCAVACIÓN (Incluye transporte)","m³","ÍTEM",null,{"$f":"+IFERROR(CONS_LISTA_ITEM[[#This Row],[COD. APU]],\"\")","v":"APU4"},"APU15"]
[396,"APU3","26.2.3","RELLENO PARA ESTRUCTURAS CON MATERIAL IMPORTADO","m³","ÍTEM",null,{"$f":"+IFERROR(CONS_LISTA_ITEM[[#This Row],[COD. APU]],\"\")","v":"APU3"},"APU3"]
[397,0,"26.3","ESTRUCTURAS EN CONCRETO",null,"CAPITULO",null,{"$f":"+IFERROR(CONS_LISTA_ITEM[[#This Row],[COD. APU]],\"\")","v":0},0]
[398,"APU7","26.3.1","CONCRETO 21 MPA (CLASE D)","m³","ÍTEM",null,{"$f":"+IFERROR(CONS_LISTA_ITEM[[#This Row],[COD. APU]],\"\")","v":"APU7"},"APU7"]
[399,0,"26.4","ACERO REFUERZO",null,"CAPITULO",null,{"$f":"+IFERROR(CONS_LISTA_ITEM[[#This Row],[COD. APU]],\"\")","v":0},0]
[400,"APU9","26.4.1","ACERO REFUERZO FLEJADO 60000 PSI - 420 MPa","kg","ÍTEM",null,{"$f":"+IFERROR(CONS_LISTA_ITEM[[#This Row],[COD. APU]],\"\")","v":"APU9"},"APU9"]
[401,0,27,"BOX CULVERT CON RELLENO - 1,0M < HF < 5,0M - BINT=3,0M - HINT=3,0M ","und","OBRA",null,{"$f":"+IFERROR(CONS_LISTA_ITEM[[#This Row],[COD. APU]],\"\")","v":0},0]
[402,0,"27.1","PRELIMINARES",null,"CAPITULO",null,{"$f":"+IFERROR(CONS_LISTA_ITEM[[#This Row],[COD. APU]],\"\")","v":0},0]
[403,"APU1","27.1.1","LOCALIZACIÓN Y REPLANTEO","m","ÍTEM",null,{"$f":"+IFERROR(CONS_LISTA_ITEM[[#This Row],[COD. APU]],\"\")","v":"APU1"},"APU1"]
[404,0,"27.2","MOVIMIENTOS TIERRA",null,"CAPITULO",null,{"$f":"+IFERROR(CONS_LISTA_ITEM[[#This Row],[COD. APU]],\"\")","v":0},0]
[405,"APU14","27.2.1","EXCAVACIONES VARIAS EN MATERIAL COMUN EN SECO (Incluye retiro)","m³","ÍTEM",null,{"$f":"+IFERROR(CONS_LISTA_ITEM[[#This Row],[COD. APU]],\"\")","v":"APU14"},"APU14"]
[406,"APU4","27.2.2","RETIRO MATERIAL DE EXCAVACIÓN (Incluye transporte)","m³","ÍTEM",null,{"$f":"+IFERROR(CONS_LISTA_ITEM[[#This Row],[COD. APU]],\"\")","v":"APU4"},"APU15"]
[407,"APU3","27.2.3","RELLENO PARA ESTRUCTURAS CON MATERIAL IMPORTADO","m³","ÍTEM",null,{"$f":"+IFERROR(CONS_LISTA_ITEM[[#This Row],[COD. APU]],\"\")","v":"APU3"},"APU3"]
[408,0,"27.3","ESTRUCTURAS EN CONCRETO",null,"CAPITULO",null,{"$f":"+IFERROR(CONS_LISTA_ITEM[[#This Row],[COD. APU]],\"\")","v":0},0]
[409,"APU7","27.3.1","CONCRETO 21 MPA (CLASE D)","m³","ÍTEM",null,{"$f":"+IFERROR(CONS_LISTA_ITEM[[#This Row],[COD. APU]],\"\")","v":"APU7"},"APU7"]
[410,0,"27.4","ACERO REFUERZO",null,"CAPITULO",null,{"$f":"+IFERROR(CONS_LISTA_ITEM[[#This Row],[COD. APU]],\"\")","v":0},0]
[411,"APU9","27.4.1","ACERO REFUERZO FLEJADO 60000 PSI - 420 MPa","kg","ÍTEM",null,{"$f":"+IFERROR(CONS_LISTA_ITEM[[#This Row],[COD. APU]],\"\")","v":"APU9"},"APU9"]
[412,0,null,"CONSTRUCCIÓN Y REPOSICIÓN ALCANTARILLAS CIRCULARES 36\"",null,null,null,{"$f":"+IFERROR(CONS_LISTA_ITEM[[#This Row],[COD. APU]],\"\")","v":0},0]
[413,0,28,"ALCANTARILLA TIPO POCETA - ALETA - D=36\" ","und","OBRA",null,{"$f":"+IFERROR(CONS_LISTA_ITEM[[#This Row],[COD. APU]],\"\")","v":0},0]
[414,0,"28.1","PRELIMINARES",null,"CAPITULO",null,{"$f":"+IFERROR(CONS_LISTA_ITEM[[#This Row],[COD. APU]],\"\")","v":0},0]
[415,"APU16","28.1.1","LOCALIZACIÓN Y REPLANTEO","und","ÍTEM",null,{"$f":"+IFERROR(CONS_LISTA_ITEM[[#This Row],[COD. APU]],\"\")","v":"APU16"},"APU16"]
[416,"APU17","28.1.2"," DEMOLICION DE ESTRUCTURAS","m³","ÍTEM",null,{"$f":"+IFERROR(CONS_LISTA_ITEM[[#This Row],[COD. APU]],\"\")","v":"APU17"},"APU17"]
[417,0,"28.2","MOVIMIENTOS TIERRA",null,"CAPITULO",null,{"$f":"+IFERROR(CONS_LISTA_ITEM[[#This Row],[COD. APU]],\"\")","v":0},0]
[418,"APU14","28.2.1","EXCAVACIONES VARIAS EN MATERIAL COMUN EN SECO - ALCANTARILLA (Incluye retiro) ","m³","ÍTEM",null,{"$f":"+IFERROR(CONS_LISTA_ITEM[[#This Row],[COD. APU]],\"\")","v":"APU14"},"APU14"]
[419,"APU14","28.2.2","EXCAVACIONES EN MATERIAL COMUN EN SECO - CUNETAS (Incluye retiro)","m³","ÍTEM",null,{"$f":"+IFERROR(CONS_LISTA_ITEM[[#This Row],[COD. APU]],\"\")","v":"APU14"},"APU14"]
[420,"APU3","28.2.3","RELLENO PARA ESTRUCTURAS CON MATERIAL IMPORTADO","m³","ÍTEM",null,{"$f":"+IFERROR(CONS_LISTA_ITEM[[#This Row],[COD. APU]],\"\")","v":"APU3"},"APU3"]
[421,"APU4","28.2.4","RETIRO MATERIAL DE EXCAVACIÓN (Incluye transporte)","m³","ÍTEM",null,{"$f":"+IFERROR(CONS_LISTA_ITEM[[#This Row],[COD. APU]],\"\")","v":"APU4"},"APU15"]
[422,0,"28.3","ESTRUCTURAS EN CONCRETO",null,"CAPITULO",null,{"$f":"+IFERROR(CONS_LISTA_ITEM[[#This Row],[COD. APU]],\"\")","v":0},0]
[423,"APU7","28.3.1","CONCRETO 21 MPa (CLASE D) PARA POCETA Y ALETAS","m³","ÍTEM",null,{"$f":"+IFERROR(CONS_LISTA_ITEM[[#This Row],[COD. APU]],\"\")","v":"APU7"},"APU7"]
[424,"APU7","28.3.2","CONCRETO 21 MPa (CLASE D) PARA CUNETAS","m³","ÍTEM",null,{"$f":"+IFERROR(CONS_LISTA_ITEM[[#This Row],[COD. APU]],\"\")","v":"APU7"},"APU7"]
[425,"APU18","28.3.3"," CONCRETO SIMPLE 14 MPa (CLASE F) PARA ATRAQUE ","m³","ÍTEM",null,{"$f":"+IFERROR(CONS_LISTA_ITEM[[#This Row],[COD. APU]],\"\")","v":"APU18"},"APU18"]
[426,0,"28.4","ACERO REFUERZO",null,"CAPITULO",null,{"$f":"+IFERROR(CONS_LISTA_ITEM[[#This Row],[COD. APU]],\"\")","v":0},0]
[427,"APU9","28.4.1","ACERO DE REFUERZO 60.000 PSI - 420 MPa PARA POCETA (Encole)","kg","ÍTEM",null,{"$f":"+IFERROR(CONS_LISTA_ITEM[[#This Row],[COD. APU]],\"\")","v":"APU9"},"APU9"]
[428,"APU9","28.4.2","ACERO DE REFUERZO 60.000 PSI - 420 MPa PARA ALETAS (Descole)","kg","ÍTEM",null,{"$f":"+IFERROR(CONS_LISTA_ITEM[[#This Row],[COD. APU]],\"\")","v":"APU9"},"APU9"]
[429,"APU9","28.4.3","ACERO DE REFUERZO 60.000 PSI - 420 MPa PARA CUNETAS","kg","ÍTEM",null,{"$f":"+IFERROR(CONS_LISTA_ITEM[[#This Row],[COD. APU]],\"\")","v":"APU9"},"APU9"]
[430,0,"28.5"," TUBERIAS",null,"CAPITULO",null,{"$f":"+IFERROR(CONS_LISTA_ITEM[[#This Row],[COD. APU]],\"\")","v":0},0]
[431,"APU25","28.5.1","TUBERIA EN CONCRETO REFORZADO 21 MPa - D=900 mm ","m","ÍTEM",null,{"$f":"+IFERROR(CONS_LISTA_ITEM[[#This Row],[COD. APU]],\"\")","v":"APU25"},"APU25"]
[432,0,29,"ALCANTARILLA TIPO ALETA - ALETA - D=36\"","und","OBRA",null,{"$f":"+IFERROR(CONS_LISTA_ITEM[[#This Row],[COD. APU]],\"\")","v":0},0]
[433,0,"29.1","PRELIMINARES",null,"CAPITULO",null,{"$f":"+IFERROR(CONS_LISTA_ITEM[[#This Row],[COD. APU]],\"\")","v":0},0]
[434,"APU16","29.1.1","LOCALIZACIÓN Y REPLANTEO","und","ÍTEM",null,{"$f":"+IFERROR(CONS_LISTA_ITEM[[#This Row],[COD. APU]],\"\")","v":"APU16"},"APU16"]
[435,"APU17","29.1.2"," DEMOLICION DE ESTRUCTURAS","m³","ÍTEM",null,{"$f":"+IFERROR(CONS_LISTA_ITEM[[#This Row],[COD. APU]],\"\")","v":"APU17"},"APU17"]
[436,0,"29.2","MOVIMIENTOS TIERRA",null,"CAPITULO",null,{"$f":"+IFERROR(CONS_LISTA_ITEM[[#This Row],[COD. APU]],\"\")","v":0},0]
[437,"APU14","29.2.1","EXCAVACIONES VARIAS EN MATERIAL COMUN EN SECO - ALCANTARILLA (Incluye retiro) ","m³","ÍTEM",null,{"$f":"+IFERROR(CONS_LISTA_ITEM[[#This Row],[COD. APU]],\"\")","v":"APU14"},"APU14"]
[438,"APU14","29.2.2","EXCAVACIONES EN MATERIAL COMUN EN SECO - CUNETAS (Incluye retiro)","m³","ÍTEM",null,{"$f":"+IFERROR(CONS_LISTA_ITEM[[#This Row],[COD. APU]],\"\")","v":"APU14"},"APU14"]
[439,"APU3","29.2.3","RELLENO PARA ESTRUCTURAS CON MATERIAL IMPORTADO","m³","ÍTEM",null,{"$f":"+IFERROR(CONS_LISTA_ITEM[[#This Row],[COD. APU]],\"\")","v":"APU3"},"APU3"]
[440,"APU4","29.2.4","RETIRO MATERIAL DE EXCAVACIÓN (Incluye transporte)","m³","ÍTEM",null,{"$f":"+IFERROR(CONS_LISTA_ITEM[[#This Row],[COD. APU]],\"\")","v":"APU4"},"APU15"]
[441,0,"29.3","ESTRUCTURAS EN CONCRETO",null,"CAPITULO",null,{"$f":"+IFERROR(CONS_LISTA_ITEM[[#This Row],[COD. APU]],\"\")","v":0},0]
[442,"APU7","29.3.1","CONCRETO 21 MPa (CLASE D) PARA ALETAS (Encole y Descole)","m³","ÍTEM",null,{"$f":"+IFERROR(CONS_LISTA_ITEM[[#This Row],[COD. APU]],\"\")","v":"APU7"},"APU7"]
[443,"APU7","29.3.2","CONCRETO 21 MPa (CLASE D) PARA CUNETAS","m³","ÍTEM",null,{"$f":"+IFERROR(CONS_LISTA_ITEM[[#This Row],[COD. APU]],\"\")","v":"APU7"},"APU7"]
[444,"APU18","29.3.3"," CONCRETO SIMPLE 14 MPa (CLASE F) PARA ATRAQUE ","m³","ÍTEM",null,{"$f":"+IFERROR(CONS_LISTA_ITEM[[#This Row],[COD. APU]],\"\")","v":"APU18"},"APU18"]
[445,0,"29.4","ACERO REFUERZO",null,"CAPITULO",null,{"$f":"+IFERROR(CONS_LISTA_ITEM[[#This Row],[COD. APU]],\"\")","v":0},0]
[446,"APU9","29.4.1","ACERO DE REFUERZO 60.000 PSI - 420 MPa PARA ALETAS (Encole y Descole)","kg","ÍTEM",null,{"$f":"+IFERROR(CONS_LISTA_ITEM[[#This Row],[COD. APU]],\"\")","v":"APU9"},"APU9"]
[447,"APU9","29.4.2","ACERO DE REFUERZO 60.000 PSI - 420 MPa PARA CUNETAS","kg","ÍTEM",null,{"$f":"+IFERROR(CONS_LISTA_ITEM[[#This Row],[COD. APU]],\"\")","v":"APU9"},"APU9"]
[448,0,"29.5"," TUBERIAS",null,"CAPITULO",null,{"$f":"+IFERROR(CONS_LISTA_ITEM[[#This Row],[COD. APU]],\"\")","v":0},0]
[449,"APU25","29.5.1","TUBERIA EN CONCRETO REFORZADO 21 MPa - D=900 mm ","m","ÍTEM",null,{"$f":"+IFERROR(CONS_LISTA_ITEM[[#This Row],[COD. APU]],\"\")","v":"APU25"},"APU25"]
[450,0,30,"CARACTERIZACIÓN VIAL","km","OBRA",null,{"$f":"+IFERROR(CONS_LISTA_ITEM[[#This Row],[COD. APU]],\"\")","v":0},0]
[451,0,"30.1","CARACTERIZACIÓN VIAL","km","CAPITULO",null,{"$f":"+IFERROR(CONS_LISTA_ITEM[[#This Row],[COD. APU]],\"\")","v":0},0]
[452,"APU26","30.1.1","CARACTERIZACIÓN VIAL","km","ÍTEM",null,{"$f":"+IFERROR(CONS_LISTA_ITEM[[#This Row],[COD. APU]],\"\")","v":"APU26"},"APU26"]
[453,null,null,"ESTABILIZACIONES ALTERNATIVAS",null,null,null,{"$f":"+IFERROR(CONS_LISTA_ITEM[[#This Row],[COD. APU]],\"\")","v":0}]
[454,null,31,"ALTERNATIVA 1: BASE ESTABILIZADA CON CEMENTO + LECHADA ASFÁLTICA","m","OBRA",null,{"$f":"+IFERROR(CONS_LISTA_ITEM[[#This Row],[COD. APU]],\"\")","v":0}]
[455,null,"31.1","PRELIMINARES",null,"CAPITULO",null,{"$f":"+IFERROR(CONS_LISTA_ITEM[[#This Row],[COD. APU]],\"\")","v":0}]
[456,"APU1","31.1.1","LOCALIZACIÓN Y REPLANTEO","m","ÍTEM",null,{"$f":"+IFERROR(CONS_LISTA_ITEM[[#This Row],[COD. APU]],\"\")","v":"APU1"}]
[457,null,"31.2","IMPLEMENTAR EL MEJORAMIENTO DE VÍAS TERCIARIAS PARA LA ESTRUCTURA DE PAVIMENTO",null,"CAPITULO",null,{"$f":"+IFERROR(CONS_LISTA_ITEM[[#This Row],[COD. APU]],\"\")","v":0}]
[458,"APU14","31.2.1","EXCAVACIONES VARIAS EN MATERIAL COMUN EN SECO (Incluye retiro)","m³","ÍTEM",null,{"$f":"+IFERROR(CONS_LISTA_ITEM[[#This Row],[COD. APU]],\"\")","v":"APU14"}]
[459,"APU5","31.2.2","CONFORMACION DE CALZADA EXISTENTE","m²","ÍTEM",null,{"$f":"+IFERROR(CONS_LISTA_ITEM[[#This Row],[COD. APU]],\"\")","v":"APU5"}]
[460,"APU6","31.2.3","SUB-BASE GRANULAR (incluye suministro, extendido, nivelación, humedecido y compactación)","m³","ÍTEM",null,{"$f":"+IFERROR(CONS_LISTA_ITEM[[#This Row],[COD. APU]],\"\")","v":"APU6"}]
[461,"APU29","31.2.4","MEJORAMIENTO DE LA SUBRASANTE CON ADICIÓN DE MATERIALES","m³","ÍTEM",null,{"$f":"+IFERROR(CONS_LISTA_ITEM[[#This Row],[COD. APU]],\"\")","v":"APU29"}]
[462,"APU30","31.2.5","BASE TRATADA CON CEMENTO RESISTENCIA R-3.5 (incluye suministro de cemento) ","m³","ÍTEM",null,{"$f":"+IFERROR(CONS_LISTA_ITEM[[#This Row],[COD. APU]],\"\")","v":"APU30"}]
[463,"APU31","31.2.6","LECHADA ASFÁLTICA CON EMULSIÓN CRL-1HM, TIPO LA-5","m²","ÍTEM",null,{"$f":"+IFERROR(CONS_LISTA_ITEM[[#This Row],[COD. APU]],\"\")","v":"APU31"}]
[464,null,"31.3","CONSTRUIR OBRAS DE DRENAJE - CUNETAS",null,"CAPITULO",null,{"$f":"+IFERROR(CONS_LISTA_ITEM[[#This Row],[COD. APU]],\"\")","v":0}]
[465,"APU9","31.3.1","ACERO REFUERZO FLEJADO 60000 PSI - 420 Mpa","kg","ÍTEM",null,{"$f":"+IFERROR(CONS_LISTA_ITEM[[#This Row],[COD. APU]],\"\")","v":"APU9"}]
[466,"APU7","31.3.2","CUNETA - BORDILLO EN CONCRETO DE 21 MPA","m³","ÍTEM",null,{"$f":"+IFERROR(CONS_LISTA_ITEM[[#This Row],[COD. APU]],\"\")","v":"APU7"}]
[467,null,32,"ALTERNATIVA 2: BASE ESTABILIZADA CON CEMENTO+TRATAMIENTO SUPERFICIAL DOBLE","m","OBRA",null,{"$f":"+IFERROR(CONS_LISTA_ITEM[[#This Row],[COD. APU]],\"\")","v":0}]
[468,null,"32.1","PRELIMINARES",null,"CAPITULO",null,{"$f":"+IFERROR(CONS_LISTA_ITEM[[#This Row],[COD. APU]],\"\")","v":0}]
[469,"APU1","32.1.1","LOCALIZACIÓN Y REPLANTEO","m","ÍTEM",null,{"$f":"+IFERROR(CONS_LISTA_ITEM[[#This Row],[COD. APU]],\"\")","v":"APU1"}]
[470,null,"32.2","IMPLEMENTAR EL MEJORAMIENTO DE VÍAS TERCIARIAS PARA LA ESTRUCTURA DE PAVIMENTO",null,"CAPITULO",null,{"$f":"+IFERROR(CONS_LISTA_ITEM[[#This Row],[COD. APU]],\"\")","v":0}]
[471,"APU14","32.2.1","EXCAVACIONES VARIAS EN MATERIAL COMUN EN SECO (Incluye retiro)","m³","ÍTEM",null,{"$f":"+IFERROR(CONS_LISTA_ITEM[[#This Row],[COD. APU]],\"\")","v":"APU14"}]
[472,"APU5","32.2.2","CONFORMACION DE CALZADA EXISTENTE","m²","ÍTEM",null,{"$f":"+IFERROR(CONS_LISTA_ITEM[[#This Row],[COD. APU]],\"\")","v":"APU5"}]
[473,"APU6","32.2.3","SUB-BASE GRANULAR (incluye suministro, extendido, nivelación, humedecido y compactación)","m³","ÍTEM",null,{"$f":"+IFERROR(CONS_LISTA_ITEM[[#This Row],[COD. APU]],\"\")","v":"APU6"}]
[474,"APU29","32.2.4","MEJORAMIENTO DE LA SUBRASANTE CON ADICIÓN DE MATERIALES","m³","ÍTEM",null,{"$f":"+IFERROR(CONS_LISTA_ITEM[[#This Row],[COD. APU]],\"\")","v":"APU29"}]
[475,"APU30","32.2.5","BASE TRATADA CON CEMENTO RESISTENCIA R-3.5 (incluye suministro de cemento) ","m³","ÍTEM",null,{"$f":"+IFERROR(CONS_LISTA_ITEM[[#This Row],[COD. APU]],\"\")","v":"APU30"}]
[476,"APU32","32.2.6","TRATAMIENTO SUPERFICIAL DOBLE CON EMULSIÓN CRR-2, TIPO 1","m²","ÍTEM",null,{"$f":"+IFERROR(CONS_LISTA_ITEM[[#This Row],[COD. APU]],\"\")","v":"APU32"}]
[477,null,"32.3","CONSTRUIR OBRAS DE DRENAJE - CUNETAS",null,"CAPITULO",null,{"$f":"+IFERROR(CONS_LISTA_ITEM[[#This Row],[COD. APU]],\"\")","v":0}]
[478,"APU9","32.3.1","ACERO REFUERZO FLEJADO 60000 PSI - 420 Mpa","kg","ÍTEM",null,{"$f":"+IFERROR(CONS_LISTA_ITEM[[#This Row],[COD. APU]],\"\")","v":"APU9"}]
[479,"APU7","32.3.2","CUNETA - BORDILLO EN CONCRETO DE 21 MPA","m³","ÍTEM",null,{"$f":"+IFERROR(CONS_LISTA_ITEM[[#This Row],[COD. APU]],\"\")","v":"APU7"}]
[480,null,33,"ALTERNATIVA 3: BASE ESTABILIZADA CON EMULSIÓN ASFÁLTICA+LECHADA ASFÁLTICA","m","OBRA",null,{"$f":"+IFERROR(CONS_LISTA_ITEM[[#This Row],[COD. APU]],\"\")","v":0}]
[481,null,"33.1","PRELIMINARES",null,"CAPITULO",null,{"$f":"+IFERROR(CONS_LISTA_ITEM[[#This Row],[COD. APU]],\"\")","v":0}]
[482,"APU1","33.1.1","LOCALIZACIÓN Y REPLANTEO","m","ÍTEM",null,{"$f":"+IFERROR(CONS_LISTA_ITEM[[#This Row],[COD. APU]],\"\")","v":"APU1"}]
[483,null,"33.2","IMPLEMENTAR EL MEJORAMIENTO DE VÍAS TERCIARIAS PARA LA ESTRUCTURA DE PAVIMENTO",null,"CAPITULO",null,{"$f":"+IFERROR(CONS_LISTA_ITEM[[#This Row],[COD. APU]],\"\")","v":0}]
[484,"APU14","33.2.1","EXCAVACIONES VARIAS EN MATERIAL COMUN EN SECO (Incluye retiro)","m³","ÍTEM",null,{"$f":"+IFERROR(CONS_LISTA_ITEM[[#This Row],[COD. APU]],\"\")","v":"APU14"}]
[485,"APU5","33.2.2","CONFORMACION DE CALZADA EXISTENTE","m²","ÍTEM",null,{"$f":"+IFERROR(CONS_LISTA_ITEM[[#This Row],[COD. APU]],\"\")","v":"APU5"}]
[486,"APU6","33.2.3","SUB-BASE GRANULAR (incluye suministro, extendido, nivelación, humedecido y compactación)","m³","ÍTEM",null,{"$f":"+IFERROR(CONS_LISTA_ITEM[[#This Row],[COD. APU]],\"\")","v":"APU6"}]
[487,"APU29","33.2.4","MEJORAMIENTO DE LA SUBRASANTE CON ADICIÓN DE MATERIALES","m³","ÍTEM",null,{"$f":"+IFERROR(CONS_LISTA_ITEM[[#This Row],[COD. APU]],\"\")","v":"APU29"}]
[488,"APU33","33.2.5","BASE ESTABILIZADA CON EMULSIÓN ASFÁLTICA TIPO BEE - 38","m³","ÍTEM",null,{"$f":"+IFERROR(CONS_LISTA_ITEM[[#This Row],[COD. APU]],\"\")","v":"APU33"}]
[489,"APU31","33.2.6","LECHADA ASFÁLTICA CON EMULSIÓN CRL-1HM, TIPO LA-5","m²","ÍTEM",null,{"$f":"+IFERROR(CONS_LISTA_ITEM[[#This Row],[COD. APU]],\"\")","v":"APU31"}]
[490,null,"33.3","CONSTRUIR OBRAS DE DRENAJE - CUNETAS",null,"CAPITULO",null,{"$f":"+IFERROR(CONS_LISTA_ITEM[[#This Row],[COD. APU]],\"\")","v":0}]
[491,"APU9","33.3.1","ACERO REFUERZO FLEJADO 60000 PSI - 420 Mpa","kg","ÍTEM",null,{"$f":"+IFERROR(CONS_LISTA_ITEM[[#This Row],[COD. APU]],\"\")","v":"APU9"}]
[492,"APU7","33.3.2","CUNETA - BORDILLO EN CONCRETO DE 21 MPA","m³","ÍTEM",null,{"$f":"+IFERROR(CONS_LISTA_ITEM[[#This Row],[COD. APU]],\"\")","v":"APU7"}]
[493,null,34,"ALTERNATIVA 4: BASE ESTABILIZADA CON EMULSIÓN ASFÁLTICA+TRATAMIENTO SUPERFICIAL DOBLE","m","OBRA",null,{"$f":"+IFERROR(CONS_LISTA_ITEM[[#This Row],[COD. APU]],\"\")","v":0}]
[494,null,"34.1","PRELIMINARES",null,"CAPITULO",null,{"$f":"+IFERROR(CONS_LISTA_ITEM[[#This Row],[COD. APU]],\"\")","v":0}]
[495,"APU1","34.1.1","LOCALIZACIÓN Y REPLANTEO","m","ÍTEM",null,{"$f":"+IFERROR(CONS_LISTA_ITEM[[#This Row],[COD. APU]],\"\")","v":"APU1"}]
[496,null,"34.2","IMPLEMENTAR EL MEJORAMIENTO DE VÍAS TERCIARIAS PARA LA ESTRUCTURA DE PAVIMENTO",null,"CAPITULO",null,{"$f":"+IFERROR(CONS_LISTA_ITEM[[#This Row],[COD. APU]],\"\")","v":0}]
[497,"APU14","34.2.1","EXCAVACIONES VARIAS EN MATERIAL COMUN EN SECO (Incluye retiro)","m³","ÍTEM",null,{"$f":"+IFERROR(CONS_LISTA_ITEM[[#This Row],[COD. APU]],\"\")","v":"APU14"}]
[498,"APU5","34.2.2","CONFORMACION DE CALZADA EXISTENTE","m²","ÍTEM",null,{"$f":"+IFERROR(CONS_LISTA_ITEM[[#This Row],[COD. APU]],\"\")","v":"APU5"}]
[499,"APU6","34.2.3","SUB-BASE GRANULAR (incluye suministro, extendido, nivelación, humedecido y compactación)","m³","ÍTEM",null,{"$f":"+IFERROR(CONS_LISTA_ITEM[[#This Row],[COD. APU]],\"\")","v":"APU6"}]
[500,"APU29","34.2.4","MEJORAMIENTO DE LA SUBRASANTE CON ADICIÓN DE MATERIALES","m³","ÍTEM",null,{"$f":"+IFERROR(CONS_LISTA_ITEM[[#This Row],[COD. APU]],\"\")","v":"APU29"}]
[501,"APU33","34.2.5","BASE ESTABILIZADA CON EMULSIÓN ASFÁLTICA TIPO BEE - 38","m³","ÍTEM",null,{"$f":"+IFERROR(CONS_LISTA_ITEM[[#This Row],[COD. APU]],\"\")","v":"APU33"}]
[502,"APU32","34.2.6","TRATAMIENTO SUPERFICIAL DOBLE CON EMULSIÓN CRR-2, TIPO 1","m²","ÍTEM",null,{"$f":"+IFERROR(CONS_LISTA_ITEM[[#This Row],[COD. APU]],\"\")","v":"APU32"}]
[503,null,"34.3","CONSTRUIR OBRAS DE DRENAJE - CUNETAS",null,"CAPITULO",null,{"$f":"+IFERROR(CONS_LISTA_ITEM[[#This Row],[COD. APU]],\"\")","v":0}]
[504,"APU9","34.3.1","ACERO REFUERZO FLEJADO 60000 PSI - 420 Mpa","kg","ÍTEM",null,{"$f":"+IFERROR(CONS_LISTA_ITEM[[#This Row],[COD. APU]],\"\")","v":"APU9"}]
[505,"APU7","34.3.2","CUNETA - BORDILLO EN CONCRETO DE 21 MPA","m³","ÍTEM",null,{"$f":"+IFERROR(CONS_LISTA_ITEM[[#This Row],[COD. APU]],\"\")","v":"APU7"}]
[506,null,35,"ALTERNATIVA 5: BASE ESTABILIZADA MECÁNICAMENTE+LECHADA ASFÁLTICA","m","OBRA",null,{"$f":"+IFERROR(CONS_LISTA_ITEM[[#This Row],[COD. APU]],\"\")","v":0}]
[507,null,"35.1","PRELIMINARES",null,"CAPITULO",null,{"$f":"+IFERROR(CONS_LISTA_ITEM[[#This Row],[COD. APU]],\"\")","v":0}]
[508,"APU1","35.1.1","LOCALIZACIÓN Y REPLANTEO","m","ÍTEM",null,{"$f":"+IFERROR(CONS_LISTA_ITEM[[#This Row],[COD. APU]],\"\")","v":"APU1"}]
[509,null,"35.2","IMPLEMENTAR EL MEJORAMIENTO DE VÍAS TERCIARIAS PARA LA ESTRUCTURA DE PAVIMENTO",null,"CAPITULO",null,{"$f":"+IFERROR(CONS_LISTA_ITEM[[#This Row],[COD. APU]],\"\")","v":0}]
[510,"APU14","35.2.1","EXCAVACIONES VARIAS EN MATERIAL COMUN EN SECO (Incluye retiro)","m³","ÍTEM",null,{"$f":"+IFERROR(CONS_LISTA_ITEM[[#This Row],[COD. APU]],\"\")","v":"APU14"}]
[511,"APU5","35.2.2","CONFORMACION DE CALZADA EXISTENTE","m²","ÍTEM",null,{"$f":"+IFERROR(CONS_LISTA_ITEM[[#This Row],[COD. APU]],\"\")","v":"APU5"}]
[512,"APU6","35.2.3","SUB-BASE GRANULAR (incluye suministro, extendido, nivelación, humedecido y compactación)","m³","ÍTEM",null,{"$f":"+IFERROR(CONS_LISTA_ITEM[[#This Row],[COD. APU]],\"\")","v":"APU6"}]
[513,"APU29","35.2.4","MEJORAMIENTO DE LA SUBRASANTE CON ADICIÓN DE MATERIALES","m³","ÍTEM",null,{"$f":"+IFERROR(CONS_LISTA_ITEM[[#This Row],[COD. APU]],\"\")","v":"APU29"}]
[514,"APU34","35.2.5","BASE GRANULAR ESTABILIZADA MECÁNICAMENTE (Base Granular Clase C)","m³","ÍTEM",null,{"$f":"+IFERROR(CONS_LISTA_ITEM[[#This Row],[COD. APU]],\"\")","v":"APU34"}]
[515,"APU31","35.2.6","LECHADA ASFÁLTICA CON EMULSIÓN CRL-1HM, TIPO LA-5","m²","ÍTEM",null,{"$f":"+IFERROR(CONS_LISTA_ITEM[[#This Row],[COD. APU]],\"\")","v":"APU31"}]
[516,null,"35.3","CONSTRUIR OBRAS DE DRENAJE - CUNETAS",null,"CAPITULO",null,{"$f":"+IFERROR(CONS_LISTA_ITEM[[#This Row],[COD. APU]],\"\")","v":0}]
[517,"APU9","35.3.1","ACERO REFUERZO FLEJADO 60000 PSI - 420 Mpa","kg","ÍTEM",null,{"$f":"+IFERROR(CONS_LISTA_ITEM[[#This Row],[COD. APU]],\"\")","v":"APU9"}]
[518,"APU7","35.3.2","CUNETA - BORDILLO EN CONCRETO DE 21 MPA","m³","ÍTEM",null,{"$f":"+IFERROR(CONS_LISTA_ITEM[[#This Row],[COD. APU]],\"\")","v":"APU7"}]
[519,null,36,"ALTERNATIVA 6: BASE ESTABILIZADA MECÁNICAMENTE+TRATAMIENTO SUPERFICIAL DOBLE","m","OBRA",null,{"$f":"+IFERROR(CONS_LISTA_ITEM[[#This Row],[COD. APU]],\"\")","v":0}]
[520,null,"36.1","PRELIMINARES",null,"CAPITULO",null,{"$f":"+IFERROR(CONS_LISTA_ITEM[[#This Row],[COD. APU]],\"\")","v":0}]
[521,"APU1","36.1.1","LOCALIZACIÓN Y REPLANTEO","m","ÍTEM",null,{"$f":"+IFERROR(CONS_LISTA_ITEM[[#This Row],[COD. APU]],\"\")","v":"APU1"}]
[522,null,"36.2","IMPLEMENTAR EL MEJORAMIENTO DE VÍAS TERCIARIAS PARA LA ESTRUCTURA DE PAVIMENTO",null,"CAPITULO",null,{"$f":"+IFERROR(CONS_LISTA_ITEM[[#This Row],[COD. APU]],\"\")","v":0}]
[523,"APU14","36.2.1","EXCAVACIONES VARIAS EN MATERIAL COMUN EN SECO (Incluye retiro)","m³","ÍTEM",null,{"$f":"+IFERROR(CONS_LISTA_ITEM[[#This Row],[COD. APU]],\"\")","v":"APU14"}]
[524,"APU5","36.2.2","CONFORMACION DE CALZADA EXISTENTE","m²","ÍTEM",null,{"$f":"+IFERROR(CONS_LISTA_ITEM[[#This Row],[COD. APU]],\"\")","v":"APU5"}]
[525,"APU6","36.2.3","SUB-BASE GRANULAR (incluye suministro, extendido, nivelación, humedecido y compactación)","m³","ÍTEM",null,{"$f":"+IFERROR(CONS_LISTA_ITEM[[#This Row],[COD. APU]],\"\")","v":"APU6"}]
[526,"APU29","36.2.4","MEJORAMIENTO DE LA SUBRASANTE CON ADICIÓN DE MATERIALES","m³","ÍTEM",null,{"$f":"+IFERROR(CONS_LISTA_ITEM[[#This Row],[COD. APU]],\"\")","v":"APU29"}]
[527,"APU34","36.2.5","BASE GRANULAR ESTABILIZADA MECÁNICAMENTE (Base Granular Clase C)","m³","ÍTEM",null,{"$f":"+IFERROR(CONS_LISTA_ITEM[[#This Row],[COD. APU]],\"\")","v":"APU34"}]
[528,"APU32","36.2.6","TRATAMIENTO SUPERFICIAL DOBLE CON EMULSIÓN CRR-2, TIPO 1","m²","ÍTEM",null,{"$f":"+IFERROR(CONS_LISTA_ITEM[[#This Row],[COD. APU]],\"\")","v":"APU32"}]
[529,null,"36.3","CONSTRUIR OBRAS DE DRENAJE - CUNETAS",null,"CAPITULO",null,{"$f":"+IFERROR(CONS_LISTA_ITEM[[#This Row],[COD. APU]],\"\")","v":0}]
[530,"APU9","36.3.1","ACERO REFUERZO FLEJADO 60000 PSI - 420 Mpa","kg","ÍTEM",null,{"$f":"+IFERROR(CONS_LISTA_ITEM[[#This Row],[COD. APU]],\"\")","v":"APU9"}]
[531,"APU7","36.3.2","CUNETA - BORDILLO EN CONCRETO DE 21 MPA","m³","ÍTEM",null,{"$f":"+IFERROR(CONS_LISTA_ITEM[[#This Row],[COD. APU]],\"\")","v":"APU7"}]
[532,null,37,"ALTERNATIVA 7: VÍA EXISTENTE + LECHADA ASFÁLTICA","m","OBRA",null,{"$f":"+IFERROR(CONS_LISTA_ITEM[[#This Row],[COD. APU]],\"\")","v":0}]
[533,null,"37.1","PRELIMINARES",null,"CAPITULO",null,{"$f":"+IFERROR(CONS_LISTA_ITEM[[#This Row],[COD. APU]],\"\")","v":0}]
[534,"APU1","37.1.1","LOCALIZACIÓN Y REPLANTEO","m","ÍTEM",null,{"$f":"+IFERROR(CONS_LISTA_ITEM[[#This Row],[COD. APU]],\"\")","v":"APU1"}]
[535,null,"37.2","IMPLEMENTAR EL MEJORAMIENTO DE VÍAS TERCIARIAS PARA LA ESTRUCTURA DE PAVIMENTO",null,"CAPITULO",null,{"$f":"+IFERROR(CONS_LISTA_ITEM[[#This Row],[COD. APU]],\"\")","v":0}]
[536,"APU14","37.2.1","EXCAVACIONES VARIAS EN MATERIAL COMUN EN SECO (Incluye retiro)","m³","ÍTEM",null,{"$f":"+IFERROR(CONS_LISTA_ITEM[[#This Row],[COD. APU]],\"\")","v":"APU14"}]
[537,"APU5","37.2.2","CONFORMACION DE CALZADA EXISTENTE","m²","ÍTEM",null,{"$f":"+IFERROR(CONS_LISTA_ITEM[[#This Row],[COD. APU]],\"\")","v":"APU5"}]
[538,"APU31","37.2.3","LECHADA ASFÁLTICA CON EMULSIÓN CRL-1HM, TIPO LA-5","m²","ÍTEM",null,{"$f":"+IFERROR(CONS_LISTA_ITEM[[#This Row],[COD. APU]],\"\")","v":"APU31"}]
[539,null,"37.3","CONSTRUIR OBRAS DE DRENAJE - CUNETAS",null,"CAPITULO",null,{"$f":"+IFERROR(CONS_LISTA_ITEM[[#This Row],[COD. APU]],\"\")","v":0}]
[540,"APU9","37.3.1","ACERO REFUERZO FLEJADO 60000 PSI - 420 Mpa","kg","ÍTEM",null,{"$f":"+IFERROR(CONS_LISTA_ITEM[[#This Row],[COD. APU]],\"\")","v":"APU9"}]
[541,"APU7","37.3.2","CUNETA - BORDILLO EN CONCRETO DE 21 MPA","m³","ÍTEM",null,{"$f":"+IFERROR(CONS_LISTA_ITEM[[#This Row],[COD. APU]],\"\")","v":"APU7"}]
[542,null,38,"ALTERNATIVA 8: VÍA EXISTENTE + TRATAMIENTO SUPERFICIAL DOBLE","m","OBRA",null,{"$f":"+IFERROR(CONS_LISTA_ITEM[[#This Row],[COD. APU]],\"\")","v":0}]
[543,null,"38.1","PRELIMINARES",null,"CAPITULO",null,{"$f":"+IFERROR(CONS_LISTA_ITEM[[#This Row],[COD. APU]],\"\")","v":0}]
[544,"APU1","38.1.1","LOCALIZACIÓN Y REPLANTEO","m","ÍTEM",null,{"$f":"+IFERROR(CONS_LISTA_ITEM[[#This Row],[COD. APU]],\"\")","v":"APU1"}]
[545,null,"38.2","IMPLEMENTAR EL MEJORAMIENTO DE VÍAS TERCIARIAS PARA LA ESTRUCTURA DE PAVIMENTO",null,"CAPITULO",null,{"$f":"+IFERROR(CONS_LISTA_ITEM[[#This Row],[COD. APU]],\"\")","v":0}]
[546,"APU14","38.2.1","EXCAVACIONES VARIAS EN MATERIAL COMUN EN SECO (Incluye retiro)","m³","ÍTEM",null,{"$f":"+IFERROR(CONS_LISTA_ITEM[[#This Row],[COD. APU]],\"\")","v":"APU14"}]
[547,"APU5","38.2.2","CONFORMACION DE CALZADA EXISTENTE","m²","ÍTEM",null,{"$f":"+IFERROR(CONS_LISTA_ITEM[[#This Row],[COD. APU]],\"\")","v":"APU5"}]
[548,"APU32","38.2.3","TRATAMIENTO SUPERFICIAL DOBLE CON EMULSIÓN CRR-2, TIPO 1","m²","ÍTEM",null,{"$f":"+IFERROR(CONS_LISTA_ITEM[[#This Row],[COD. APU]],\"\")","v":"APU32"}]
[549,null,"38.3","CONSTRUIR OBRAS DE DRENAJE - CUNETAS",null,"CAPITULO",null,{"$f":"+IFERROR(CONS_LISTA_ITEM[[#This Row],[COD. APU]],\"\")","v":0}]
[550,"APU9","38.3.1","ACERO REFUERZO FLEJADO 60000 PSI - 420 Mpa","kg","ÍTEM",null,{"$f":"+IFERROR(CONS_LISTA_ITEM[[#This Row],[COD. APU]],\"\")","v":"APU9"}]
[551,"APU7","38.3.2","CUNETA - BORDILLO EN CONCRETO DE 21 MPA","m³","ÍTEM",null,{"$f":"+IFERROR(CONS_LISTA_ITEM[[#This Row],[COD. APU]],\"\")","v":"APU7"}]
[null,null,null,null,null,null,null,{"$f":"+IFERROR(CONS_LISTA_ITEM[[#This Row],[COD. APU]],\"\")","v":""}]
[null,null,null,null,null,null,null,{"$f":"+IFERROR(CONS_LISTA_ITEM[[#This Row],[COD. APU]],\"\")","v":""}]
[null,null,null,null,null,null,null,{"$f":"+IFERROR(CONS_LISTA_ITEM[[#This Row],[COD. APU]],\"\")","v":""}]
[null,null,null,null,null,null,null,{"$f":"+IFERROR(CONS_LISTA_ITEM[[#This Row],[COD. APU]],\"\")","v":""}]
[null,null,null,null,null,null,null,{"$f":"+IFERROR(CONS_LISTA_ITEM[[#This Row],[COD. APU]],\"\")","v":""}]
[null,null,null,null,null,null,null,{"$f":"+IFERROR(CONS_LISTA_ITEM[[#This Row],[COD. APU]],\"\")","v":""}]
[null,null,null,null,null,null,null,{"$f":"+IFERROR(CONS_LISTA_ITEM[[#This Row],[COD. APU]],\"\")","v":""}]
[null,null,null,null,null,null,null,{"$f":"+IFERROR(CONS_LISTA_ITEM[[#This Row],[COD. APU]],\"\")","v":""}]
[null,null,null,null,null,null,null,{"$f":"+IFERROR(CONS_LISTA_ITEM[[#This Row],[COD. APU]],\"\")","v":""}]
[null,null,null,null,null,null,null,{"$f":"+IFERROR(CONS_LISTA_ITEM[[#This Row],[COD. APU]],\"\")","v":""}]
[null,null,null,null,null,null,null,{"$f":"+IFERROR(CONS_LISTA_ITEM[[#This Row],[COD. APU]],\"\")","v":""}]
[null,null,null,null,null,null,null,{"$f":"+IFERROR(CONS_LISTA_ITEM[[#This Row],[COD. APU]],\"\")","v":""}]
[null,null,null,null,null,null,null,{"$f":"+IFERROR(CONS_LISTA_ITEM[[#This Row],[COD. APU]],\"\")","v":""}]
[null,null,null,null,null,null,null,{"$f":"+IFERROR(CONS_LISTA_ITEM[[#This Row],[COD. APU]],\"\")","v":""}]
[null,null,null,null,null,null,null,{"$f":"+IFERROR(CONS_LISTA_ITEM[[#This Row],[COD. APU]],\"\")","v":""}]
[null,null,null,null,null,null,null,{"$f":"+IFERROR(CONS_LISTA_ITEM[[#This Row],[COD. APU]],\"\")","v":""}]
[null,null,null,null,null,null,null,{"$f":"+IFERROR(CONS_LISTA_ITEM[[#This Row],[COD. APU]],\"\")","v":""}]
[null,null,null,null,null,null,null,{"$f":"+IFERROR(CONS_LISTA_ITEM[[#This Row],[COD. APU]],\"\")","v":""}]
[null,null,null,null,null,null,null,{"$f":"+IFERROR(CONS_LISTA_ITEM[[#This Row],[COD. APU]],\"\")","v":""}]
[null,null,null,null,null,null,null,{"$f":"+IFERROR(CONS_LISTA_ITEM[[#This Row],[COD. APU]],\"\")","v":""}]
[null,null,null,null,null,null,null,{"$f":"+IFERROR(CONS_LISTA_ITEM[[#This Row],[COD. APU]],\"\")","v":""}]
[null,null,null,null,null,null,null,{"$f":"+IFERROR(CONS_LISTA_ITEM[[#This Row],[COD. APU]],\"\")","v":""}]
[null,null,null,null,null,null,null,{"$f":"+IFERROR(CONS_LISTA_ITEM[[#This Row],[COD. APU]],\"\")","v":""}]
[null,null,null,null,null,null,null,{"$f":"+IFERROR(CONS_LISTA_ITEM[[#This Row],[COD. APU]],\"\")","v":""}]
[null,null,null,null,null,null,null,{"$f":"+IFERROR(CONS_LISTA_ITEM[[#This Row],[COD. APU]],\"\")","v":""}]
[null,null,null,null,null,null,null,{"$f":"+IFERROR(CONS_LISTA_ITEM[[#This Row],[COD. APU]],\"\")","v":""}]
[null,null,null,null,null,null,null,{"$f":"+IFERROR(CONS_LISTA_ITEM[[#This Row],[COD. APU]],\"\")","v":""}]
[null,null,null,null,null,null,null,{"$f":"+IFERROR(CONS_LISTA_ITEM[[#This Row],[COD. APU]],\"\")","v":""}]
[null,null,null,null,null,null,null,{"$f":"+IFERROR(CONS_LISTA_ITEM[[#This Row],[COD. APU]],\"\")","v":""}]
[null,null,null,null,null,null,null,{"$f":"+IFERROR(CONS_LISTA_ITEM[[#This Row],[COD. APU]],\"\")","v":""}]
[null,null,null,null,null,null,null,{"$f":"+IFERROR(CONS_LISTA_ITEM[[#This Row],[COD. APU]],\"\")","v":""}]
[null,null,null,null,null,null,null,{"$f":"+IFERROR(CONS_LISTA_ITEM[[#This Row],[COD. APU]],\"\")","v":""}]
[null,null,null,null,null,null,null,{"$f":"+IFERROR(CONS_LISTA_ITEM[[#This Row],[COD. APU]],\"\")","v":""}]
[null,null,null,null,null,null,null,{"$f":"+IFERROR(CONS_LISTA_ITEM[[#This Row],[COD. APU]],\"\")","v":""}]
[null,null,null,null,null,null,null,{"$f":"+IFERROR(CONS_LISTA_ITEM[[#This Row],[COD. APU]],\"\")","v":""}]
[null,null,null,null,null,null,null,{"$f":"+IFERROR(CONS_LISTA_ITEM[[#This Row],[COD. APU]],\"\")","v":""}]
[null,null,null,null,null,null,null,{"$f":"+IFERROR(CONS_LISTA_ITEM[[#This Row],[COD. APU]],\"\")","v":""}]
[null,null,null,null,null,null,null,{"$f":"+IFERROR(CONS_LISTA_ITEM[[#This Row],[COD. APU]],\"\")","v":""}]
[null,null,null,null,null,null,null,{"$f":"+IFERROR(CONS_LISTA_ITEM[[#This Row],[COD. APU]],\"\")","v":""}]
[null,null,null,null,null,null,null,{"$f":"+IFERROR(CONS_LISTA_ITEM[[#This Row],[COD. APU]],\"\")","v":""}]
[null,null,null,null,null,null,null,{"$f":"+IFERROR(CONS_LISTA_ITEM[[#This Row],[COD. APU]],\"\")","v":""}]
[null,null,null,null,null,null,null,{"$f":"+IFERROR(CONS_LISTA_ITEM[[#This Row],[COD. APU]],\"\")","v":""}]
[null,null,null,null,null,null,null,{"$f":"+IFERROR(CONS_LISTA_ITEM[[#This Row],[COD. APU]],\"\")","v":""}]
[null,null,null,null,null,null,null,{"$f":"+IFERROR(CONS_LISTA_ITEM[[#This Row],[COD. APU]],\"\")","v":""}]
[null,null,null,null,null,null,null,{"$f":"+IFERROR(CONS_LISTA_ITEM[[#This Row],[COD. APU]],\"\")","v":""}]
[null,null,null,null,null,null,null,{"$f":"+IFERROR(CONS_LISTA_ITEM[[#This Row],[COD. APU]],\"\")","v":""}]
[null,null,null,null,null,null,null,{"$f":"+IFERROR(CONS_LISTA_ITEM[[#This Row],[COD. APU]],\"\")","v":""}]
[null,null,null,null,null,null,null,{"$f":"+IFERROR(CONS_LISTA_ITEM[[#This Row],[COD. APU]],\"\")","v":""}]
[null,null,null,null,null,null,null,{"$f":"+IFERROR(CONS_LISTA_ITEM[[#This Row],[COD. APU]],\"\")","v":""}]
[null,null,null,null,null,null,null,{"$f":"+IFERROR(CONS_LISTA_ITEM[[#This Row],[COD. APU]],\"\")","v":""}]
[null,null,null,null,null,null,null,{"$f":"+IFERROR(CONS_LISTA_ITEM[[#This Row],[COD. APU]],\"\")","v":""}]
[null,null,null,null,null,null,null,{"$f":"+IFERROR(CONS_LISTA_ITEM[[#This Row],[COD. APU]],\"\")","v":""}]
[null,null,null,null,null,null,null,{"$f":"+IFERROR(CONS_LISTA_ITEM[[#This Row],[COD. APU]],\"\")","v":""}]
[null,null,null,null,null,null,null,{"$f":"+IFERROR(CONS_LISTA_ITEM[[#This Row],[COD. APU]],\"\")","v":""}]
[null,null,null,null,null,null,null,{"$f":"+IFERROR(CONS_LISTA_ITEM[[#This Row],[COD. APU]],\"\")","v":""}]
[null,null,null,null,null,null,null,{"$f":"+IFERROR(CONS_LISTA_ITEM[[#This Row],[COD. APU]],\"\")","v":""}]
[null,null,null,null,null,null,null,{"$f":"+IFERROR(CONS_LISTA_ITEM[[#This Row],[COD. APU]],\"\")","v":""}]
[null,null,null,null,null,null,null,{"$f":"+IFERROR(CONS_LISTA_ITEM[[#This Row],[COD. APU]],\"\")","v":""}]
[null,null,null,null,null,null,null,{"$f":"+IFERROR(CONS_LISTA_ITEM[[#This Row],[COD. APU]],\"\")","v":""}]
[null,null,null,null,null,null,null,{"$f":"+IFERROR(CONS_LISTA_ITEM[[#This Row],[COD. APU]],\"\")","v":""}]
[null,null,null,null,null,null,null,{"$f":"+IFERROR(CONS_LISTA_ITEM[[#This Row],[COD. APU]],\"\")","v":""}]
[null,null,null,null,null,null,null,{"$f":"+IFERROR(CONS_LISTA_ITEM[[#This Row],[COD. APU]],\"\")","v":""}]
[null,null,null,null,null,null,null,{"$f":"+IFERROR(CONS_LISTA_ITEM[[#This Row],[COD. APU]],\"\")","v":""}]
[null,null,null,null,null,null,null,{"$f":"+IFERROR(CONS_LISTA_ITEM[[#This Row],[COD. APU]],\"\")","v":""}]
[null,null,null,null,null,null,null,{"$f":"+IFERROR(CONS_LISTA_ITEM[[#This Row],[COD. APU]],\"\")","v":""}]
[null,null,null,null,null,null,null,{"$f":"+IFERROR(CONS_LISTA_ITEM[[#This Row],[COD. APU]],\"\")","v":""}]
[null,null,null,null,null,null,null,{"$f":"+IFERROR(CONS_LISTA_ITEM[[#This Row],[COD. APU]],\"\")","v":""}]
[null,null,null,null,null,null,null,{"$f":"+IFERROR(CONS_LISTA_ITEM[[#This Row],[COD. APU]],\"\")","v":""}]
[null,null,null,null,null,null,null,{"$f":"+IFERROR(CONS_LISTA_ITEM[[#This Row],[COD. APU]],\"\")","v":""}]
[null,null,null,null,null,null,null,{"$f":"+IFERROR(CONS_LISTA_ITEM[[#This Row],[COD. APU]],\"\")","v":""}]
[null,null,null,null,null,null,null,{"$f":"+IFERROR(CONS_LISTA_ITEM[[#This Row],[COD. APU]],\"\")","v":""}]
[null,null,null,null,null,null,null,{"$f":"+IFERROR(CONS_LISTA_ITEM[[#This Row],[COD. APU]],\"\")","v":""}]
[null,null,null,null,null,null,null,{"$f":"+IFERROR(CONS_LISTA_ITEM[[#This Row],[COD. APU]],\"\")","v":""}]
[null,null,null,null,null,null,null,{"$f":"+IFERROR(CONS_LISTA_ITEM[[#This Row],[COD. APU]],\"\")","v":""}]
[null,null,null,null,null,null,null,{"$f":"+IFERROR(CONS_LISTA_ITEM[[#This Row],[COD. APU]],\"\")","v":""}]
[null,null,null,null,null,null,null,{"$f":"+IFERROR(CONS_LISTA_ITEM[[#This Row],[COD. APU]],\"\")","v":""}]
[null,null,null,null,null,null,null,{"$f":"+IFERROR(CONS_LISTA_ITEM[[#This Row],[COD. APU]],\"\")","v":""}]
[null,null,null,null,null,null,null,{"$f":"+IFERROR(CONS_LISTA_ITEM[[#This Row],[COD. APU]],\"\")","v":""}]
[null,null,null,null,null,null,null,{"$f":"+IFERROR(CONS_LISTA_ITEM[[#This Row],[COD. APU]],\"\")","v":""}]
[null,null,null,null,null,null,null,{"$f":"+IFERROR(CONS_LISTA_ITEM[[#This Row],[COD. APU]],\"\")","v":""}]
[null,null,null,null,null,null,null,{"$f":"+IFERROR(CONS_LISTA_ITEM[[#This Row],[COD. APU]],\"\")","v":""}]
[null,null,null,null,null,null,null,{"$f":"+IFERROR(CONS_LISTA_ITEM[[#This Row],[COD. APU]],\"\")","v":""}]
[null,null,null,null,null,null,null,{"$f":"+IFERROR(CONS_LISTA_ITEM[[#This Row],[COD. APU]],\"\")","v":""}]
[null,null,null,null,null,null,null,{"$f":"+IFERROR(CONS_LISTA_ITEM[[#This Row],[COD. APU]],\"\")","v":""}]
[null,null,null,null,null,null,null,{"$f":"+IFERROR(CONS_LISTA_ITEM[[#This Row],[COD. APU]],\"\")","v":""}]
[null,null,null,null,null,null,null,{"$f":"+IFERROR(CONS_LISTA_ITEM[[#This Row],[COD. APU]],\"\")","v":""}]
[null,null,null,null,null,null,null,{"$f":"+IFERROR(CONS_LISTA_ITEM[[#This Row],[COD. APU]],\"\")","v":""}]
[null,null,null,null,null,null,null,{"$f":"+IFERROR(CONS_LISTA_ITEM[[#This Row],[COD. APU]],\"\")","v":""}]
[null,null,null,null,null,null,null,{"$f":"+IFERROR(CONS_LISTA_ITEM[[#This Row],[COD. APU]],\"\")","v":""}]
[null,null,null,null,null,null,null,{"$f":"+IFERROR(CONS_LISTA_ITEM[[#This Row],[COD. APU]],\"\")","v":""}]
[null,null,null,null,null,null,null,{"$f":"+IFERROR(CONS_LISTA_ITEM[[#This Row],[COD. APU]],\"\")","v":""}]
[null,null,null,null,null,null,null,{"$f":"+IFERROR(CONS_LISTA_ITEM[[#This Row],[COD. APU]],\"\")","v":""}]
[null,null,null,null,null,null,null,{"$f":"+IFERROR(CONS_LISTA_ITEM[[#This Row],[COD. APU]],\"\")","v":""}]
[null,null,null,null,null,null,null,{"$f":"+IFERROR(CONS_LISTA_ITEM[[#This Row],[COD. APU]],\"\")","v":""}]
[null,null,null,null,null,null,null,{"$f":"+IFERROR(CONS_LISTA_ITEM[[#This Row],[COD. APU]],\"\")","v":""}]
[null,null,null,null,null,null,null,{"$f":"+IFERROR(CONS_LISTA_ITEM[[#This Row],[COD. APU]],\"\")","v":""}]
[null,null,null,null,null,null,null,{"$f":"+IFERROR(CONS_LISTA_ITEM[[#This Row],[COD. APU]],\"\")","v":""}]
[null,null,null,null,null,null,null,{"$f":"+IFERROR(CONS_LISTA_ITEM[[#This Row],[COD. APU]],\"\")","v":""}]
[null,null,null,null,null,null,null,{"$f":"+IFERROR(CONS_LISTA_ITEM[[#This Row],[COD. APU]],\"\")","v":""}]
[null,null,null,null,null,null,null,{"$f":"+IFERROR(CONS_LISTA_ITEM[[#This Row],[COD. APU]],\"\")","v":""}]
[null,null,null,null,null,null,null,{"$f":"+IFERROR(CONS_LISTA_ITEM[[#This Row],[COD. APU]],\"\")","v":""}]
[null,null,null,null,null,null,null,{"$f":"+IFERROR(CONS_LISTA_ITEM[[#This Row],[COD. APU]],\"\")","v":""}]
[null,null,null,null,null,null,null,{"$f":"+IFERROR(CONS_LISTA_ITEM[[#This Row],[COD. APU]],\"\")","v":""}]
[null,null,null,null,null,null,null,{"$f":"+IFERROR(CONS_LISTA_ITEM[[#This Row],[COD. APU]],\"\")","v":""}]
[null,null,null,null,null,null,null,{"$f":"+IFERROR(CONS_LISTA_ITEM[[#This Row],[COD. APU]],\"\")","v":""}]
[null,null,null,null,null,null,null,{"$f":"+IFERROR(CONS_LISTA_ITEM[[#This Row],[COD. APU]],\"\")","v":""}]
[null,null,null,null,null,null,null,{"$f":"+IFERROR(CONS_LISTA_ITEM[[#This Row],[COD. APU]],\"\")","v":""}]
[null,null,null,null,null,null,null,{"$f":"+IFERROR(CONS_LISTA_ITEM[[#This Row],[COD. APU]],\"\")","v":""}]
[null,null,null,null,null,null,null,{"$f":"+IFERROR(CONS_LISTA_ITEM[[#This Row],[COD. APU]],\"\")","v":""}]
[null,null,null,null,null,null,null,{"$f":"+IFERROR(CONS_LISTA_ITEM[[#This Row],[COD. APU]],\"\")","v":""}]
[null,null,null,null,null,null,null,{"$f":"+IFERROR(CONS_LISTA_ITEM[[#This Row],[COD. APU]],\"\")","v":""}]
[null,null,null,null,null,null,null,{"$f":"+IFERROR(CONS_LISTA_ITEM[[#This Row],[COD. APU]],\"\")","v":""}]
[null,null,null,null,null,null,null,{"$f":"+IFERROR(CONS_LISTA_ITEM[[#This Row],[COD. APU]],\"\")","v":""}]
[null,null,null,null,null,null,null,{"$f":"+IFERROR(CONS_LISTA_ITEM[[#This Row],[COD. APU]],\"\")","v":""}]
[null,null,null,null,null,null,null,{"$f":"+IFERROR(CONS_LISTA_ITEM[[#This Row],[COD. APU]],\"\")","v":""}]
[null,null,null,null,null,null,null,{"$f":"+IFERROR(CONS_LISTA_ITEM[[#This Row],[COD. APU]],\"\")","v":""}]
[null,null,null,null,null,null,null,{"$f":"+IFERROR(CONS_LISTA_ITEM[[#This Row],[COD. APU]],\"\")","v":""}]
[null,null,null,null,null,null,null,{"$f":"+IFERROR(CONS_LISTA_ITEM[[#This Row],[COD. APU]],\"\")","v":""}]
[null,null,null,null,null,null,null,{"$f":"+IFERROR(CONS_LISTA_ITEM[[#This Row],[COD. APU]],\"\")","v":""}]
[null,null,null,null,null,null,null,{"$f":"+IFERROR(CONS_LISTA_ITEM[[#This Row],[COD. APU]],\"\")","v":""}]
[null,null,null,null,null,null,null,{"$f":"+IFERROR(CONS_LISTA_ITEM[[#This Row],[COD. APU]],\"\")","v":""}]
[null,null,null,null,null,null,null,{"$f":"+IFERROR(CONS_LISTA_ITEM[[#This Row],[COD. APU]],\"\")","v":""}]
[null,null,null,null,null,null,null,{"$f":"+IFERROR(CONS_LISTA_ITEM[[#This Row],[COD. APU]],\"\")","v":""}]
[null,null,null,null,null,null,null,{"$f":"+IFERROR(CONS_LISTA_ITEM[[#This Row],[COD. APU]],\"\")","v":""}]
[null,null,null,null,null,null,null,{"$f":"+IFERROR(CONS_LISTA_ITEM[[#This Row],[COD. APU]],\"\")","v":""}]
[null,null,null,null,null,null,null,{"$f":"+IFERROR(CONS_LISTA_ITEM[[#This Row],[COD. APU]],\"\")","v":""}]
[null,null,null,null,null,null,null,{"$f":"+IFERROR(CONS_LISTA_ITEM[[#This Row],[COD. APU]],\"\")","v":""}]
[null,null,null,null,null,null,null,{"$f":"+IFERROR(CONS_LISTA_ITEM[[#This Row],[COD. APU]],\"\")","v":""}]
[null,null,null,null,null,null,null,{"$f":"+IFERROR(CONS_LISTA_ITEM[[#This Row],[COD. APU]],\"\")","v":""}]
[null,null,null,null,null,null,null,{"$f":"+IFERROR(CONS_LISTA_ITEM[[#This Row],[COD. APU]],\"\")","v":""}]
[null,null,null,null,null,null,null,{"$f":"+IFERROR(CONS_LISTA_ITEM[[#This Row],[COD. APU]],\"\")","v":""}]
[null,null,null,null,null,null,null,{"$f":"+IFERROR(CONS_LISTA_ITEM[[#This Row],[COD. APU]],\"\")","v":""}]
[null,null,null,null,null,null,null,{"$f":"+IFERROR(CONS_LISTA_ITEM[[#This Row],[COD. APU]],\"\")","v":""}]
[null,null,null,null,null,null,null,{"$f":"+IFERROR(CONS_LISTA_ITEM[[#This Row],[COD. APU]],\"\")","v":""}]
[null,null,null,null,null,null,null,{"$f":"+IFERROR(CONS_LISTA_ITEM[[#This Row],[COD. APU]],\"\")","v":""}]
[null,null,null,null,null,null,null,{"$f":"+IFERROR(CONS_LISTA_ITEM[[#This Row],[COD. APU]],\"\")","v":""}]
[null,null,null,null,null,null,null,{"$f":"+IFERROR(CONS_LISTA_ITEM[[#This Row],[COD. APU]],\"\")","v":""}]
[null,null,null,null,null,null,null,{"$f":"+IFERROR(CONS_LISTA_ITEM[[#This Row],[COD. APU]],\"\")","v":""}]
[null,null,null,null,null,null,null,{"$f":"+IFERROR(CONS_LISTA_ITEM[[#This Row],[COD. APU]],\"\")","v":""}]
[null,null,null,null,null,null,null,{"$f":"+IFERROR(CONS_LISTA_ITEM[[#This Row],[COD. APU]],\"\")","v":""}]
[null,null,null,null,null,null,null,{"$f":"+IFERROR(CONS_LISTA_ITEM[[#This Row],[COD. APU]],\"\")","v":""}]
[null,null,null,null,null,null,null,{"$f":"+IFERROR(CONS_LISTA_ITEM[[#This Row],[COD. APU]],\"\")","v":""}]
[null,null,null,null,null,null,null,{"$f":"+IFERROR(CONS_LISTA_ITEM[[#This Row],[COD. APU]],\"\")","v":""}]
[null,null,null,null,null,null,null,{"$f":"+IFERROR(CONS_LISTA_ITEM[[#This Row],[COD. APU]],\"\")","v":""}]
[null,null,null,null,null,null,null,{"$f":"+IFERROR(CONS_LISTA_ITEM[[#This Row],[COD. APU]],\"\")","v":""}]
[null,null,null,null,null,null,null,{"$f":"+IFERROR(CONS_LISTA_ITEM[[#This Row],[COD. APU]],\"\")","v":""}]
[null,null,null,null,null,null,null,{"$f":"+IFERROR(CONS_LISTA_ITEM[[#This Row],[COD. APU]],\"\")","v":""}]
[null,null,null,null,null,null,null,{"$f":"+IFERROR(CONS_LISTA_ITEM[[#This Row],[COD. APU]],\"\")","v":""}]
[null,null,null,null,null,null,null,{"$f":"+IFERROR(CONS_LISTA_ITEM[[#This Row],[COD. APU]],\"\")","v":""}]
[null,null,null,null,null,null,null,{"$f":"+IFERROR(CONS_LISTA_ITEM[[#This Row],[COD. APU]],\"\")","v":""}]
[null,null,null,null,null,null,null,{"$f":"+IFERROR(CONS_LISTA_ITEM[[#This Row],[COD. APU]],\"\")","v":""}]
[null,null,null,null,null,null,null,{"$f":"+IFERROR(CONS_LISTA_ITEM[[#This Row],[COD. APU]],\"\")","v":""}]
[null,null,null,null,null,null,null,{"$f":"+IFERROR(CONS_LISTA_ITEM[[#This Row],[COD. APU]],\"\")","v":""}]
[null,null,null,null,null,null,null,{"$f":"+IFERROR(CONS_LISTA_ITEM[[#This Row],[COD. APU]],\"\")","v":""}]
[null,null,null,null,null,null,null,{"$f":"+IFERROR(CONS_LISTA_ITEM[[#This Row],[COD. APU]],\"\")","v":""}]
[null,null,null,null,null,null,null,{"$f":"+IFERROR(CONS_LISTA_ITEM[[#This Row],[COD. APU]],\"\")","v":""}]
[null,null,null,null,null,null,null,{"$f":"+IFERROR(CONS_LISTA_ITEM[[#This Row],[COD. APU]],\"\")","v":""}]
[null,null,null,null,null,null,null,{"$f":"+IFERROR(CONS_LISTA_ITEM[[#This Row],[COD. APU]],\"\")","v":""}]
[null,null,null,null,null,null,null,{"$f":"+IFERROR(CONS_LISTA_ITEM[[#This Row],[COD. APU]],\"\")","v":""}]
[null,null,null,null,null,null,null,{"$f":"+IFERROR(CONS_LISTA_ITEM[[#This Row],[COD. APU]],\"\")","v":""}]
[null,null,null,null,null,null,null,{"$f":"+IFERROR(CONS_LISTA_ITEM[[#This Row],[COD. APU]],\"\")","v":""}]
[null,null,null,null,null,null,null,{"$f":"+IFERROR(CONS_LISTA_ITEM[[#This Row],[COD. APU]],\"\")","v":""}]
[null,null,null,null,null,null,null,{"$f":"+IFERROR(CONS_LISTA_ITEM[[#This Row],[COD. APU]],\"\")","v":""}]
[null,null,null,null,null,null,null,{"$f":"+IFERROR(CONS_LISTA_ITEM[[#This Row],[COD. APU]],\"\")","v":""}]
[null,null,null,null,null,null,null,{"$f":"+IFERROR(CONS_LISTA_ITEM[[#This Row],[COD. APU]],\"\")","v":""}]
[null,null,null,null,null,null,null,{"$f":"+IFERROR(CONS_LISTA_ITEM[[#This Row],[COD. APU]],\"\")","v":""}]
[null,null,null,null,null,null,null,{"$f":"+IFERROR(CONS_LISTA_ITEM[[#This Row],[COD. APU]],\"\")","v":""}]
[null,null,null,null,null,null,null,{"$f":"+IFERROR(CONS_LISTA_ITEM[[#This Row],[COD. APU]],\"\")","v":""}]
[null,null,null,null,null,null,null,{"$f":"+IFERROR(CONS_LISTA_ITEM[[#This Row],[COD. APU]],\"\")","v":""}]
[null,null,null,null,null,null,null,{"$f":"+IFERROR(CONS_LISTA_ITEM[[#This Row],[COD. APU]],\"\")","v":""}]
[null,null,null,null,null,null,null,{"$f":"+IFERROR(CONS_LISTA_ITEM[[#This Row],[COD. APU]],\"\")","v":""}]
[null,null,null,null,null,null,null,{"$f":"+IFERROR(CONS_LISTA_ITEM[[#This Row],[COD. APU]],\"\")","v":""}]
[null,null,null,null,null,null,null,{"$f":"+IFERROR(CONS_LISTA_ITEM[[#This Row],[COD. APU]],\"\")","v":""}]
[null,null,null,null,null,null,null,{"$f":"+IFERROR(CONS_LISTA_ITEM[[#This Row],[COD. APU]],\"\")","v":""}]
[null,null,null,null,null,null,null,{"$f":"+IFERROR(CONS_LISTA_ITEM[[#This Row],[COD. APU]],\"\")","v":""}]
[null,null,null,null,null,null,null,{"$f":"+IFERROR(CONS_LISTA_ITEM[[#This Row],[COD. APU]],\"\")","v":""}]
[null,null,null,null,null,null,null,{"$f":"+IFERROR(CONS_LISTA_ITEM[[#This Row],[COD. APU]],\"\")","v":""}]
[null,null,null,null,null,null,null,{"$f":"+IFERROR(CONS_LISTA_ITEM[[#This Row],[COD. APU]],\"\")","v":""}]
[null,null,null,null,null,null,null,{"$f":"+IFERROR(CONS_LISTA_ITEM[[#This Row],[COD. APU]],\"\")","v":""}]
[null,null,null,null,null,null,null,{"$f":"+IFERROR(CONS_LISTA_ITEM[[#This Row],[COD. APU]],\"\")","v":""}]
[null,null,null,null,null,null,null,{"$f":"+IFERROR(CONS_LISTA_ITEM[[#This Row],[COD. APU]],\"\")","v":""}]
[null,null,null,null,null,null,null,{"$f":"+IFERROR(CONS_LISTA_ITEM[[#This Row],[COD. APU]],\"\")","v":""}]
[null,null,null,null,null,null,null,{"$f":"+IFERROR(CONS_LISTA_ITEM[[#This Row],[COD. APU]],\"\")","v":""}]
[null,null,null,null,null,null,null,{"$f":"+IFERROR(CONS_LISTA_ITEM[[#This Row],[COD. APU]],\"\")","v":""}]
[null,null,null,null,null,null,null,{"$f":"+IFERROR(CONS_LISTA_ITEM[[#This Row],[COD. APU]],\"\")","v":""}]
[null,null,null,null,null,null,null,{"$f":"+IFERROR(CONS_LISTA_ITEM[[#This Row],[COD. APU]],\"\")","v":""}]
[null,null,null,null,null,null,null,{"$f":"+IFERROR(CONS_LISTA_ITEM[[#This Row],[COD. APU]],\"\")","v":""}]
[null,null,null,null,null,null,null,{"$f":"+IFERROR(CONS_LISTA_ITEM[[#This Row],[COD. APU]],\"\")","v":""}]
[null,null,null,null,null,null,null,{"$f":"+IFERROR(CONS_LISTA_ITEM[[#This Row],[COD. APU]],\"\")","v":""}]
[null,null,null,null,null,null,null,{"$f":"+IFERROR(CONS_LISTA_ITEM[[#This Row],[COD. APU]],\"\")","v":""}]
[null,null,null,null,null,null,null,{"$f":"+IFERROR(CONS_LISTA_ITEM[[#This Row],[COD. APU]],\"\")","v":""}]
[null,null,null,null,null,null,null,{"$f":"+IFERROR(CONS_LISTA_ITEM[[#This Row],[COD. APU]],\"\")","v":""}]
[null,null,null,null,null,null,null,{"$f":"+IFERROR(CONS_LISTA_ITEM[[#This Row],[COD. APU]],\"\")","v":""}]
[null,null,null,null,null,null,null,{"$f":"+IFERROR(CONS_LISTA_ITEM[[#This Row],[COD. APU]],\"\")","v":""}]
[null,null,null,null,null,null,null,{"$f":"+IFERROR(CONS_LISTA_ITEM[[#This Row],[COD. APU]],\"\")","v":""}]
[null,null,null,null,null,null,null,{"$f":"+IFERROR(CONS_LISTA_ITEM[[#This Row],[COD. APU]],\"\")","v":""}]
[null,null,null,null,null,null,null,{"$f":"+IFERROR(CONS_LISTA_ITEM[[#This Row],[COD. APU]],\"\")","v":""}]
[null,null,null,null,null,null,null,{"$f":"+IFERROR(CONS_LISTA_ITEM[[#This Row],[COD. APU]],\"\")","v":""}]
[null,null,null,null,null,null,null,{"$f":"+IFERROR(CONS_LISTA_ITEM[[#This Row],[COD. APU]],\"\")","v":""}]
[null,null,null,null,null,null,null,{"$f":"+IFERROR(CONS_LISTA_ITEM[[#This Row],[COD. APU]],\"\")","v":""}]
[null,null,null,null,null,null,null,{"$f":"+IFERROR(CONS_LISTA_ITEM[[#This Row],[COD. APU]],\"\")","v":""}]
[null,null,null,null,null,null,null,{"$f":"+IFERROR(CONS_LISTA_ITEM[[#This Row],[COD. APU]],\"\")","v":""}]
[null,null,null,null,null,null,null,{"$f":"+IFERROR(CONS_LISTA_ITEM[[#This Row],[COD. APU]],\"\")","v":""}]
[null,null,null,null,null,null,null,{"$f":"+IFERROR(CONS_LISTA_ITEM[[#This Row],[COD. APU]],\"\")","v":""}]
[null,null,null,null,null,null,null,{"$f":"+IFERROR(CONS_LISTA_ITEM[[#This Row],[COD. APU]],\"\")","v":""}]
[null,null,null,null,null,null,null,{"$f":"+IFERROR(CONS_LISTA_ITEM[[#This Row],[COD. APU]],\"\")","v":""}]
[null,null,null,null,null,null,null,{"$f":"+IFERROR(CONS_LISTA_ITEM[[#This Row],[COD. APU]],\"\")","v":""}]
[null,null,null,null,null,null,null,{"$f":"+IFERROR(CONS_LISTA_ITEM[[#This Row],[COD. APU]],\"\")","v":""}]
[null,null,null,null,null,null,null,{"$f":"+IFERROR(CONS_LISTA_ITEM[[#This Row],[COD. APU]],\"\")","v":""}]
[null,null,null,null,null,null,null,{"$f":"+IFERROR(CONS_LISTA_ITEM[[#This Row],[COD. APU]],\"\")","v":""}]
[null,null,null,null,null,null,null,{"$f":"+IFERROR(CONS_LISTA_ITEM[[#This Row],[COD. APU]],\"\")","v":""}]
[null,null,null,null,null,null,null,{"$f":"+IFERROR(CONS_LISTA_ITEM[[#This Row],[COD. APU]],\"\")","v":""}]
[null,null,null,null,null,null,null,{"$f":"+IFERROR(CONS_LISTA_ITEM[[#This Row],[COD. APU]],\"\")","v":""}]
[null,null,null,null,null,null,null,{"$f":"+IFERROR(CONS_LISTA_ITEM[[#This Row],[COD. APU]],\"\")","v":""}]
[null,null,null,null,null,null,null,{"$f":"+IFERROR(CONS_LISTA_ITEM[[#This Row],[COD. APU]],\"\")","v":""}]
[null,null,null,null,null,null,null,{"$f":"+IFERROR(CONS_LISTA_ITEM[[#This Row],[COD. APU]],\"\")","v":""}]
[null,null,null,null,null,null,null,{"$f":"+IFERROR(CONS_LISTA_ITEM[[#This Row],[COD. APU]],\"\")","v":""}]
[null,null,null,null,null,null,null,{"$f":"+IFERROR(CONS_LISTA_ITEM[[#This Row],[COD. APU]],\"\")","v":""}]
[null,null,null,null,null,null,null,{"$f":"+IFERROR(CONS_LISTA_ITEM[[#This Row],[COD. APU]],\"\")","v":""}]
[null,null,null,null,null,null,null,{"$f":"+IFERROR(CONS_LISTA_ITEM[[#This Row],[COD. APU]],\"\")","v":""}]
[null,null,null,null,null,null,null,{"$f":"+IFERROR(CONS_LISTA_ITEM[[#This Row],[COD. APU]],\"\")","v":""}]
[null,null,null,null,null,null,null,{"$f":"+IFERROR(CONS_LISTA_ITEM[[#This Row],[COD. APU]],\"\")","v":""}]
[null,null,null,null,null,null,null,{"$f":"+IFERROR(CONS_LISTA_ITEM[[#This Row],[COD. APU]],\"\")","v":""}]
[null,null,null,null,null,null,null,{"$f":"+IFERROR(CONS_LISTA_ITEM[[#This Row],[COD. APU]],\"\")","v":""}]
[null,null,null,null,null,null,null,{"$f":"+IFERROR(CONS_LISTA_ITEM[[#This Row],[COD. APU]],\"\")","v":""}]
[null,null,null,null,null,null,null,{"$f":"+IFERROR(CONS_LISTA_ITEM[[#This Row],[COD. APU]],\"\")","v":""}]
[null,null,null,null,null,null,null,{"$f":"+IFERROR(CONS_LISTA_ITEM[[#This Row],[COD. APU]],\"\")","v":""}]
[null,null,null,null,null,null,null,{"$f":"+IFERROR(CONS_LISTA_ITEM[[#This Row],[COD. APU]],\"\")","v":""}]
[null,null,null,null,null,null,null,{"$f":"+IFERROR(CONS_LISTA_ITEM[[#This Row],[COD. APU]],\"\")","v":""}]
[null,null,null,null,null,null,null,{"$f":"+IFERROR(CONS_LISTA_ITEM[[#This Row],[COD. APU]],\"\")","v":""}]
[null,null,null,null,null,null,null,{"$f":"+IFERROR(CONS_LISTA_ITEM[[#This Row],[COD. APU]],\"\")","v":""}]
[null,null,null,null,null,null,null,{"$f":"+IFERROR(CONS_LISTA_ITEM[[#This Row],[COD. APU]],\"\")","v":""}]
[null,null,null,null,null,null,null,{"$f":"+IFERROR(CONS_LISTA_ITEM[[#This Row],[COD. APU]],\"\")","v":""}]
[null,null,null,null,null,null,null,{"$f":"+IFERROR(CONS_LISTA_ITEM[[#This Row],[COD. APU]],\"\")","v":""}]
[null,null,null,null,null,null,null,{"$f":"+IFERROR(CONS_LISTA_ITEM[[#This Row],[COD. APU]],\"\")","v":""}]
[null,null,null,null,null,null,null,{"$f":"+IFERROR(CONS_LISTA_ITEM[[#This Row],[COD. APU]],\"\")","v":""}]
[null,null,null,null,null,null,null,{"$f":"+IFERROR(CONS_LISTA_ITEM[[#This Row],[COD. APU]],\"\")","v":""}]
[null,null,null,null,null,null,null,{"$f":"+IFERROR(CONS_LISTA_ITEM[[#This Row],[COD. APU]],\"\")","v":""}]
[null,null,null,null,null,null,null,{"$f":"+IFERROR(CONS_LISTA_ITEM[[#This Row],[COD. APU]],\"\")","v":""}]
[null,null,null,null,null,null,null,{"$f":"+IFERROR(CONS_LISTA_ITEM[[#This Row],[COD. APU]],\"\")","v":""}]
[null,null,null,null,null,null,null,{"$f":"+IFERROR(CONS_LISTA_ITEM[[#This Row],[COD. APU]],\"\")","v":""}]
[null,null,null,null,null,null,null,{"$f":"+IFERROR(CONS_LISTA_ITEM[[#This Row],[COD. APU]],\"\")","v":""}]
[null,null,null,null,null,null,null,{"$f":"+IFERROR(CONS_LISTA_ITEM[[#This Row],[COD. APU]],\"\")","v":""}]
[null,null,null,null,null,null,null,{"$f":"+IFERROR(CONS_LISTA_ITEM[[#This Row],[COD. APU]],\"\")","v":""}]
[null,null,null,null,null,null,null,{"$f":"+IFERROR(CONS_LISTA_ITEM[[#This Row],[COD. APU]],\"\")","v":""}]
[null,null,null,null,null,null,null,{"$f":"+IFERROR(CONS_LISTA_ITEM[[#This Row],[COD. APU]],\"\")","v":""}]
[null,null,null,null,null,null,null,{"$f":"+IFERROR(CONS_LISTA_ITEM[[#This Row],[COD. APU]],\"\")","v":""}]
[null,null,null,null,null,null,null,{"$f":"+IFERROR(CONS_LISTA_ITEM[[#This Row],[COD. APU]],\"\")","v":""}]
[null,null,null,null,null,null,null,{"$f":"+IFERROR(CONS_LISTA_ITEM[[#This Row],[COD. APU]],\"\")","v":""}]
[null,null,null,null,null,null,null,{"$f":"+IFERROR(CONS_LISTA_ITEM[[#This Row],[COD. APU]],\"\")","v":""}]
[null,null,null,null,null,null,null,{"$f":"+IFERROR(CONS_LISTA_ITEM[[#This Row],[COD. APU]],\"\")","v":""}]
[null,null,null,null,null,null,null,{"$f":"+IFERROR(CONS_LISTA_ITEM[[#This Row],[COD. APU]],\"\")","v":""}]
[null,null,null,null,null,null,null,{"$f":"+IFERROR(CONS_LISTA_ITEM[[#This Row],[COD. APU]],\"\")","v":""}]
[null,null,null,null,null,null,null,{"$f":"+IFERROR(CONS_LISTA_ITEM[[#This Row],[COD. APU]],\"\")","v":""}]
[null,null,null,null,null,null,null,{"$f":"+IFERROR(CONS_LISTA_ITEM[[#This Row],[COD. APU]],\"\")","v":""}]
[null,null,null,null,null,null,null,{"$f":"+IFERROR(CONS_LISTA_ITEM[[#This Row],[COD. APU]],\"\")","v":""}]
[null,null,null,null,null,null,null,{"$f":"+IFERROR(CONS_LISTA_ITEM[[#This Row],[COD. APU]],\"\")","v":""}]
[null,null,null,null,null,null,null,{"$f":"+IFERROR(CONS_LISTA_ITEM[[#This Row],[COD. APU]],\"\")","v":""}]
[null,null,null,null,null,null,null,{"$f":"+IFERROR(CONS_LISTA_ITEM[[#This Row],[COD. APU]],\"\")","v":""}]
[null,null,null,null,null,null,null,{"$f":"+IFERROR(CONS_LISTA_ITEM[[#This Row],[COD. APU]],\"\")","v":""}]
[null,null,null,null,null,null,null,{"$f":"+IFERROR(CONS_LISTA_ITEM[[#This Row],[COD. APU]],\"\")","v":""}]
[null,null,null,null,null,null,null,{"$f":"+IFERROR(CONS_LISTA_ITEM[[#This Row],[COD. APU]],\"\")","v":""}]
[null,null,null,null,null,null,null,{"$f":"+IFERROR(CONS_LISTA_ITEM[[#This Row],[COD. APU]],\"\")","v":""}]
[null,null,null,null,null,null,null,{"$f":"+IFERROR(CONS_LISTA_ITEM[[#This Row],[COD. APU]],\"\")","v":""}]
[null,null,null,null,null,null,null,{"$f":"+IFERROR(CONS_LISTA_ITEM[[#This Row],[COD. APU]],\"\")","v":""}]
[null,null,null,null,null,null,null,{"$f":"+IFERROR(CONS_LISTA_ITEM[[#This Row],[COD. APU]],\"\")","v":""}]
[null,null,null,null,null,null,null,{"$f":"+IFERROR(CONS_LISTA_ITEM[[#This Row],[COD. APU]],\"\")","v":""}]
[null,null,null,null,null,null,null,{"$f":"+IFERROR(CONS_LISTA_ITEM[[#This Row],[COD. APU]],\"\")","v":""}]
[null,null,null,null,null,null,null,{"$f":"+IFERROR(CONS_LISTA_ITEM[[#This Row],[COD. APU]],\"\")","v":""}]
[null,null,null,null,null,null,null,{"$f":"+IFERROR(CONS_LISTA_ITEM[[#This Row],[COD. APU]],\"\")","v":""}]
[null,null,null,null,null,null,null,{"$f":"+IFERROR(CONS_LISTA_ITEM[[#This Row],[COD. APU]],\"\")","v":""}]
[null,null,null,null,null,null,null,{"$f":"+IFERROR(CONS_LISTA_ITEM[[#This Row],[COD. APU]],\"\")","v":""}]
[null,null,null,null,null,null,null,{"$f":"+IFERROR(CONS_LISTA_ITEM[[#This Row],[COD. APU]],\"\")","v":""}]
[null,null,null,null,null,null,null,{"$f":"+IFERROR(CONS_LISTA_ITEM[[#This Row],[COD. APU]],\"\")","v":""}]
[null,null,null,null,null,null,null,{"$f":"+IFERROR(CONS_LISTA_ITEM[[#This Row],[COD. APU]],\"\")","v":""}]
[null,null,null,null,null,null,null,{"$f":"+IFERROR(CONS_LISTA_ITEM[[#This Row],[COD. APU]],\"\")","v":""}]
[null,null,null,null,null,null,null,{"$f":"+IFERROR(CONS_LISTA_ITEM[[#This Row],[COD. APU]],\"\")","v":""}]
[null,null,null,null,null,null,null,{"$f":"+IFERROR(CONS_LISTA_ITEM[[#This Row],[COD. APU]],\"\")","v":""}]
[null,null,null,null,null,null,null,{"$f":"+IFERROR(CONS_LISTA_ITEM[[#This Row],[COD. APU]],\"\")","v":""}]
[null,null,null,null,null,null,null,{"$f":"+IFERROR(CONS_LISTA_ITEM[[#This Row],[COD. APU]],\"\")","v":""}]
[null,null,null,null,null,null,null,{"$f":"+IFERROR(CONS_LISTA_ITEM[[#This Row],[COD. APU]],\"\")","v":""}]
[null,null,null,null,null,null,null,{"$f":"+IFERROR(CONS_LISTA_ITEM[[#This Row],[COD. APU]],\"\")","v":""}]
[null,null,null,null,null,null,null,{"$f":"+IFERROR(CONS_LISTA_ITEM[[#This Row],[COD. APU]],\"\")","v":""}]
[null,null,null,null,null,null,null,{"$f":"+IFERROR(CONS_LISTA_ITEM[[#This Row],[COD. APU]],\"\")","v":""}]
[null,null,null,null,null,null,null,{"$f":"+IFERROR(CONS_LISTA_ITEM[[#This Row],[COD. APU]],\"\")","v":""}]
[null,null,null,null,null,null,null,{"$f":"+IFERROR(CONS_LISTA_ITEM[[#This Row],[COD. APU]],\"\")","v":""}]
[null,null,null,null,null,null,null,{"$f":"+IFERROR(CONS_LISTA_ITEM[[#This Row],[COD. APU]],\"\")","v":""}]
[null,null,null,null,null,null,null,{"$f":"+IFERROR(CONS_LISTA_ITEM[[#This Row],[COD. APU]],\"\")","v":""}]
[null,null,null,null,null,null,null,{"$f":"+IFERROR(CONS_LISTA_ITEM[[#This Row],[COD. APU]],\"\")","v":""}]
[null,null,null,null,null,null,null,{"$f":"+IFERROR(CONS_LISTA_ITEM[[#This Row],[COD. APU]],\"\")","v":""}]
[null,null,null,null,null,null,null,{"$f":"+IFERROR(CONS_LISTA_ITEM[[#This Row],[COD. APU]],\"\")","v":""}]
[null,null,null,null,null,null,null,{"$f":"+IFERROR(CONS_LISTA_ITEM[[#This Row],[COD. APU]],\"\")","v":""}]
[null,null,null,null,null,null,null,{"$f":"+IFERROR(CONS_LISTA_ITEM[[#This Row],[COD. APU]],\"\")","v":""}]
[null,null,null,null,null,null,null,{"$f":"+IFERROR(CONS_LISTA_ITEM[[#This Row],[COD. APU]],\"\")","v":""}]
[null,null,null,null,null,null,null,{"$f":"+IFERROR(CONS_LISTA_ITEM[[#This Row],[COD. APU]],\"\")","v":""}]
[null,null,null,null,null,null,null,{"$f":"+IFERROR(CONS_LISTA_ITEM[[#This Row],[COD. APU]],\"\")","v":""}]
[null,null,null,null,null,null,null,{"$f":"+IFERROR(CONS_LISTA_ITEM[[#This Row],[COD. APU]],\"\")","v":""}]
[null,null,null,null,null,null,null,{"$f":"+IFERROR(CONS_LISTA_ITEM[[#This Row],[COD. APU]],\"\")","v":""}]
[null,null,null,null,null,null,null,{"$f":"+IFERROR(CONS_LISTA_ITEM[[#This Row],[COD. APU]],\"\")","v":""}]
[null,null,null,null,null,null,null,{"$f":"+IFERROR(CONS_LISTA_ITEM[[#This Row],[COD. APU]],\"\")","v":""}]
[null,null,null,null,null,null,null,{"$f":"+IFERROR(CONS_LISTA_ITEM[[#This Row],[COD. APU]],\"\")","v":""}]
[null,null,null,null,null,null,null,{"$f":"+IFERROR(CONS_LISTA_ITEM[[#This Row],[COD. APU]],\"\")","v":""}]
[null,null,null,null,null,null,null,{"$f":"+IFERROR(CONS_LISTA_ITEM[[#This Row],[COD. APU]],\"\")","v":""}]
[null,null,null,null,null,null,null,{"$f":"+IFERROR(CONS_LISTA_ITEM[[#This Row],[COD. APU]],\"\")","v":""}]
[null,null,null,null,null,null,null,{"$f":"+IFERROR(CONS_LISTA_ITEM[[#This Row],[COD. APU]],\"\")","v":""}]
[null,null,null,null,null,null,null,{"$f":"+IFERROR(CONS_LISTA_ITEM[[#This Row],[COD. APU]],\"\")","v":""}]
[null,null,null,null,null,null,null,{"$f":"+IFERROR(CONS_LISTA_ITEM[[#This Row],[COD. APU]],\"\")","v":""}]
[null,null,null,null,null,null,null,{"$f":"+IFERROR(CONS_LISTA_ITEM[[#This Row],[COD. APU]],\"\")","v":""}]
[null,null,null,null,null,null,null,{"$f":"+IFERROR(CONS_LISTA_ITEM[[#This Row],[COD. APU]],\"\")","v":""}]
[null,null,null,null,null,null,null,{"$f":"+IFERROR(CONS_LISTA_ITEM[[#This Row],[COD. APU]],\"\")","v":""}]
[null,null,null,null,null,null,null,{"$f":"+IFERROR(CONS_LISTA_ITEM[[#This Row],[COD. APU]],\"\")","v":""}]
[null,null,null,null,null,null,null,{"$f":"+IFERROR(CONS_LISTA_ITEM[[#This Row],[COD. APU]],\"\")","v":""}]
[null,null,null,null,null,null,null,{"$f":"+IFERROR(CONS_LISTA_ITEM[[#This Row],[COD. APU]],\"\")","v":""}]
[null,null,null,null,null,null,null,{"$f":"+IFERROR(CONS_LISTA_ITEM[[#This Row],[COD. APU]],\"\")","v":""}]
[null,null,null,null,null,null,null,{"$f":"+IFERROR(CONS_LISTA_ITEM[[#This Row],[COD. APU]],\"\")","v":""}]
[null,null,null,null,null,null,null,{"$f":"+IFERROR(CONS_LISTA_ITEM[[#This Row],[COD. APU]],\"\")","v":""}]
[null,null,null,null,null,null,null,{"$f":"+IFERROR(CONS_LISTA_ITEM[[#This Row],[COD. APU]],\"\")","v":""}]
[null,null,null,null,null,null,null,{"$f":"+IFERROR(CONS_LISTA_ITEM[[#This Row],[COD. APU]],\"\")","v":""}]
[null,null,null,null,null,null,null,{"$f":"+IFERROR(CONS_LISTA_ITEM[[#This Row],[COD. APU]],\"\")","v":""}]
[null,null,null,null,null,null,null,{"$f":"+IFERROR(CONS_LISTA_ITEM[[#This Row],[COD. APU]],\"\")","v":""}]
[null,null,null,null,null,null,null,{"$f":"+IFERROR(CONS_LISTA_ITEM[[#This Row],[COD. APU]],\"\")","v":""}]
[null,null,null,null,null,null,null,{"$f":"+IFERROR(CONS_LISTA_ITEM[[#This Row],[COD. APU]],\"\")","v":""}]
[null,null,null,null,null,null,null,{"$f":"+IFERROR(CONS_LISTA_ITEM[[#This Row],[COD. APU]],\"\")","v":""}]
[null,null,null,null,null,null,null,{"$f":"+IFERROR(CONS_LISTA_ITEM[[#This Row],[COD. APU]],\"\")","v":""}]
[null,null,null,null,null,null,null,{"$f":"+IFERROR(CONS_LISTA_ITEM[[#This Row],[COD. APU]],\"\")","v":""}]
[null,null,null,null,null,null,null,{"$f":"+IFERROR(CONS_LISTA_ITEM[[#This Row],[COD. APU]],\"\")","v":""}]
[null,null,null,null,null,null,null,{"$f":"+IFERROR(CONS_LISTA_ITEM[[#This Row],[COD. APU]],\"\")","v":""}]
[null,null,null,null,null,null,null,{"$f":"+IFERROR(CONS_LISTA_ITEM[[#This Row],[COD. APU]],\"\")","v":""}]
[null,null,null,null,null,null,null,{"$f":"+IFERROR(CONS_LISTA_ITEM[[#This Row],[COD. APU]],\"\")","v":""}]
[null,null,null,null,null,null,null,{"$f":"+IFERROR(CONS_LISTA_ITEM[[#This Row],[COD. APU]],\"\")","v":""}]
[null,null,null,null,null,null,null,{"$f":"+IFERROR(CONS_LISTA_ITEM[[#This Row],[COD. APU]],\"\")","v":""}]
[null,null,null,null,null,null,null,{"$f":"+IFERROR(CONS_LISTA_ITEM[[#This Row],[COD. APU]],\"\")","v":""}]
[null,null,null,null,null,null,null,{"$f":"+IFERROR(CONS_LISTA_ITEM[[#This Row],[COD. APU]],\"\")","v":""}]
[null,null,null,null,null,null,null,{"$f":"+IFERROR(CONS_LISTA_ITEM[[#This Row],[COD. APU]],\"\")","v":""}]
[null,null,null,null,null,null,null,{"$f":"+IFERROR(CONS_LISTA_ITEM[[#This Row],[COD. APU]],\"\")","v":""}]
[null,null,null,null,null,null,null,{"$f":"+IFERROR(CONS_LISTA_ITEM[[#This Row],[COD. APU]],\"\")","v":""}]
[null,null,null,null,null,null,null,{"$f":"+IFERROR(CONS_LISTA_ITEM[[#This Row],[COD. APU]],\"\")","v":""}]
[null,null,null,null,null,null,null,{"$f":"+IFERROR(CONS_LISTA_ITEM[[#This Row],[COD. APU]],\"\")","v":""}]
[null,null,null,null,null,null,null,{"$f":"+IFERROR(CONS_LISTA_ITEM[[#This Row],[COD. APU]],\"\")","v":""}]
[null,null,null,null,null,null,null,{"$f":"+IFERROR(CONS_LISTA_ITEM[[#This Row],[COD. APU]],\"\")","v":""}]
[null,null,null,null,null,null,null,{"$f":"+IFERROR(CONS_LISTA_ITEM[[#This Row],[COD. APU]],\"\")","v":""}]
[null,null,null,null,null,null,null,{"$f":"+IFERROR(CONS_LISTA_ITEM[[#This Row],[COD. APU]],\"\")","v":""}]
[null,null,null,null,null,null,null,{"$f":"+IFERROR(CONS_LISTA_ITEM[[#This Row],[COD. APU]],\"\")","v":""}]
[null,null,null,null,null,null,null,{"$f":"+IFERROR(CONS_LISTA_ITEM[[#This Row],[COD. APU]],\"\")","v":""}]
[null,null,null,null,null,null,null,{"$f":"+IFERROR(CONS_LISTA_ITEM[[#This Row],[COD. APU]],\"\")","v":""}]
[null,null,null,null,null,null,null,{"$f":"+IFERROR(CONS_LISTA_ITEM[[#This Row],[COD. APU]],\"\")","v":""}]
[null,null,null,null,null,null,null,{"$f":"+IFERROR(CONS_LISTA_ITEM[[#This Row],[COD. APU]],\"\")","v":""}]
[null,null,null,null,null,null,null,{"$f":"+IFERROR(CONS_LISTA_ITEM[[#This Row],[COD. APU]],\"\")","v":""}]
[null,null,null,null,null,null,null,{"$f":"+IFERROR(CONS_LISTA_ITEM[[#This Row],[COD. APU]],\"\")","v":""}]
[null,null,null,null,null,null,null,{"$f":"+IFERROR(CONS_LISTA_ITEM[[#This Row],[COD. APU]],\"\")","v":""}]
[null,null,null,null,null,null,null,{"$f":"+IFERROR(CONS_LISTA_ITEM[[#This Row],[COD. APU]],\"\")","v":""}]
[null,null,null,null,null,null,null,{"$f":"+IFERROR(CONS_LISTA_ITEM[[#This Row],[COD. APU]],\"\")","v":""}]
[null,null,null,null,null,null,null,{"$f":"+IFERROR(CONS_LISTA_ITEM[[#This Row],[COD. APU]],\"\")","v":""}]
[null,null,null,null,null,null,null,{"$f":"+IFERROR(CONS_LISTA_ITEM[[#This Row],[COD. APU]],\"\")","v":""}]
[null,null,null,null,null,null,null,{"$f":"+IFERROR(CONS_LISTA_ITEM[[#This Row],[COD. APU]],\"\")","v":""}]
[null,null,null,null,null,null,null,{"$f":"+IFERROR(CONS_LISTA_ITEM[[#This Row],[COD. APU]],\"\")","v":""}]
[null,null,null,null,null,null,null,{"$f":"+IFERROR(CONS_LISTA_ITEM[[#This Row],[COD. APU]],\"\")","v":""}]
[null,null,null,null,null,null,null,{"$f":"+IFERROR(CONS_LISTA_ITEM[[#This Row],[COD. APU]],\"\")","v":""}]
[null,null,null,null,null,null,null,{"$f":"+IFERROR(CONS_LISTA_ITEM[[#This Row],[COD. APU]],\"\")","v":""}]
[null,null,null,null,null,null,null,{"$f":"+IFERROR(CONS_LISTA_ITEM[[#This Row],[COD. APU]],\"\")","v":""}]
[null,null,null,null,null,null,null,{"$f":"+IFERROR(CONS_LISTA_ITEM[[#This Row],[COD. APU]],\"\")","v":""}]
[null,null,null,null,null,null,null,{"$f":"+IFERROR(CONS_LISTA_ITEM[[#This Row],[COD. APU]],\"\")","v":""}]
[null,null,null,null,null,null,null,{"$f":"+IFERROR(CONS_LISTA_ITEM[[#This Row],[COD. APU]],\"\")","v":""}]
[null,null,null,null,null,null,null,{"$f":"+IFERROR(CONS_LISTA_ITEM[[#This Row],[COD. APU]],\"\")","v":""}]
[null,null,null,null,null,null,null,{"$f":"+IFERROR(CONS_LISTA_ITEM[[#This Row],[COD. APU]],\"\")","v":""}]
[null,null,null,null,null,null,null,{"$f":"+IFERROR(CONS_LISTA_ITEM[[#This Row],[COD. APU]],\"\")","v":""}]
[null,null,null,null,null,null,null,{"$f":"+IFERROR(CONS_LISTA_ITEM[[#This Row],[COD. APU]],\"\")","v":""}]
[null,null,null,null,null,null,null,{"$f":"+IFERROR(CONS_LISTA_ITEM[[#This Row],[COD. APU]],\"\")","v":""}]
[null,null,null,null,null,null,null,{"$f":"+IFERROR(CONS_LISTA_ITEM[[#This Row],[COD. APU]],\"\")","v":""}]
[null,null,null,null,null,null,null,{"$f":"+IFERROR(CONS_LISTA_ITEM[[#This Row],[COD. APU]],\"\")","v":""}]
[null,null,null,null,null,null,null,{"$f":"+IFERROR(CONS_LISTA_ITEM[[#This Row],[COD. APU]],\"\")","v":""}]
[null,null,null,null,null,null,null,{"$f":"+IFERROR(CONS_LISTA_ITEM[[#This Row],[COD. APU]],\"\")","v":""}]
[null,null,null,null,null,null,null,{"$f":"+IFERROR(CONS_LISTA_ITEM[[#This Row],[COD. APU]],\"\")","v":""}]
[null,null,null,null,null,null,null,{"$f":"+IFERROR(CONS_LISTA_ITEM[[#This Row],[COD. APU]],\"\")","v":""}]
[null,null,null,null,null,null,null,{"$f":"+IFERROR(CONS_LISTA_ITEM[[#This Row],[COD. APU]],\"\")","v":""}]
[null,null,null,null,null,null,null,{"$f":"+IFERROR(CONS_LISTA_ITEM[[#This Row],[COD. APU]],\"\")","v":""}]
[null,null,null,null,null,null,null,{"$f":"+IFERROR(CONS_LISTA_ITEM[[#This Row],[COD. APU]],\"\")","v":""}]
[null,null,null,null,null,null,null,{"$f":"+IFERROR(CONS_LISTA_ITEM[[#This Row],[COD. APU]],\"\")","v":""}]
[null,null,null,null,null,null,null,{"$f":"+IFERROR(CONS_LISTA_ITEM[[#This Row],[COD. APU]],\"\")","v":""}]
[null,null,null,null,null,null,null,{"$f":"+IFERROR(CONS_LISTA_ITEM[[#This Row],[COD. APU]],\"\")","v":""}]
[null,null,null,null,null,null,null,{"$f":"+IFERROR(CONS_LISTA_ITEM[[#This Row],[COD. APU]],\"\")","v":""}]
[null,null,null,null,null,null,null,{"$f":"+IFERROR(CONS_LISTA_ITEM[[#This Row],[COD. APU]],\"\")","v":""}]
[null,null,null,null,null,null,null,{"$f":"+IFERROR(CONS_LISTA_ITEM[[#This Row],[COD. APU]],\"\")","v":""}]
[null,null,null,null,null,null,null,{"$f":"+IFERROR(CONS_LISTA_ITEM[[#This Row],[COD. APU]],\"\")","v":""}]
[null,null,null,null,null,null,null,{"$f":"+IFERROR(CONS_LISTA_ITEM[[#This Row],[COD. APU]],\"\")","v":""}]
[null,null,null,null,null,null,null,{"$f":"+IFERROR(CONS_LISTA_ITEM[[#This Row],[COD. APU]],\"\")","v":""}]
[null,null,null,null,null,null,null,{"$f":"+IFERROR(CONS_LISTA_ITEM[[#This Row],[COD. APU]],\"\")","v":""}]
[null,null,null,null,null,null,null,{"$f":"+IFERROR(CONS_LISTA_ITEM[[#This Row],[COD. APU]],\"\")","v":""}]
[null,null,null,null,null,null,null,{"$f":"+IFERROR(CONS_LISTA_ITEM[[#This Row],[COD. APU]],\"\")","v":""}]
[null,null,null,null,null,null,null,{"$f":"+IFERROR(CONS_LISTA_ITEM[[#This Row],[COD. APU]],\"\")","v":""}]
[null,null,null,null,null,null,null,{"$f":"+IFERROR(CONS_LISTA_ITEM[[#This Row],[COD. APU]],\"\")","v":""}]
[null,null,null,null,null,null,null,{"$f":"+IFERROR(CONS_LISTA_ITEM[[#This Row],[COD. APU]],\"\")","v":""}]
[null,null,null,null,null,null,null,{"$f":"+IFERROR(CONS_LISTA_ITEM[[#This Row],[COD. APU]],\"\")","v":""}]
[null,null,null,null,null,null,null,{"$f":"+IFERROR(CONS_LISTA_ITEM[[#This Row],[COD. APU]],\"\")","v":""}]
[null,null,null,null,null,null,null,{"$f":"+IFERROR(CONS_LISTA_ITEM[[#This Row],[COD. APU]],\"\")","v":""}]
[null,null,null,null,null,null,null,{"$f":"+IFERROR(CONS_LISTA_ITEM[[#This Row],[COD. APU]],\"\")","v":""}]
[null,null,null,null,null,null,null,{"$f":"+IFERROR(CONS_LISTA_ITEM[[#This Row],[COD. APU]],\"\")","v":""}]
[null,null,null,null,null,null,null,{"$f":"+IFERROR(CONS_LISTA_ITEM[[#This Row],[COD. APU]],\"\")","v":""}]
[null,null,null,null,null,null,null,{"$f":"+IFERROR(CONS_LISTA_ITEM[[#This Row],[COD. APU]],\"\")","v":""}]
[null,null,null,null,null,null,null,{"$f":"+IFERROR(CONS_LISTA_ITEM[[#This Row],[COD. APU]],\"\")","v":""}]
[null,null,null,null,null,null,null,{"$f":"+IFERROR(CONS_LISTA_ITEM[[#This Row],[COD. APU]],\"\")","v":""}]
[null,null,null,null,null,null,null,{"$f":"+IFERROR(CONS_LISTA_ITEM[[#This Row],[COD. APU]],\"\")","v":""}]
[null,null,null,null,null,null,null,{"$f":"+IFERROR(CONS_LISTA_ITEM[[#This Row],[COD. APU]],\"\")","v":""}]
[null,null,null,null,null,null,null,{"$f":"+IFERROR(CONS_LISTA_ITEM[[#This Row],[COD. APU]],\"\")","v":""}]
[null,null,null,null,null,null,null,{"$f":"+IFERROR(CONS_LISTA_ITEM[[#This Row],[COD. APU]],\"\")","v":""}]
[null,null,null,null,null,null,null,{"$f":"+IFERROR(CONS_LISTA_ITEM[[#This Row],[COD. APU]],\"\")","v":""}]
[null,null,null,null,null,null,null,{"$f":"+IFERROR(CONS_LISTA_ITEM[[#This Row],[COD. APU]],\"\")","v":""}]
[null,null,null,null,null,null,null,{"$f":"+IFERROR(CONS_LISTA_ITEM[[#This Row],[COD. APU]],\"\")","v":""}]
[null,null,null,null,null,null,null,{"$f":"+IFERROR(CONS_LISTA_ITEM[[#This Row],[COD. APU]],\"\")","v":""}]
[null,null,null,null,null,null,null,{"$f":"+IFERROR(CONS_LISTA_ITEM[[#This Row],[COD. APU]],\"\")","v":""}]
[null,null,null,null,null,null,null,{"$f":"+IFERROR(CONS_LISTA_ITEM[[#This Row],[COD. APU]],\"\")","v":""}]
[null,null,null,null,null,null,null,{"$f":"+IFERROR(CONS_LISTA_ITEM[[#This Row],[COD. APU]],\"\")","v":""}]
[null,null,null,null,null,null,null,{"$f":"+IFERROR(CONS_LISTA_ITEM[[#This Row],[COD. APU]],\"\")","v":""}]
[null,null,null,null,null,null,null,{"$f":"+IFERROR(CONS_LISTA_ITEM[[#This Row],[COD. APU]],\"\")","v":""}]
[null,null,null,null,null,null,null,{"$f":"+IFERROR(CONS_LISTA_ITEM[[#This Row],[COD. APU]],\"\")","v":""}]
[null,null,null,null,null,null,null,{"$f":"+IFERROR(CONS_LISTA_ITEM[[#This Row],[COD. APU]],\"\")","v":""}]
[null,null,null,null,null,null,null,{"$f":"+IFERROR(CONS_LISTA_ITEM[[#This Row],[COD. APU]],\"\")","v":""}]
[null,null,null,null,null,null,null,{"$f":"+IFERROR(CONS_LISTA_ITEM[[#This Row],[COD. APU]],\"\")","v":""}]
[null,null,null,null,null,null,null,{"$f":"+IFERROR(CONS_LISTA_ITEM[[#This Row],[COD. APU]],\"\")","v":""}]
[null,null,null,null,null,null,null,{"$f":"+IFERROR(CONS_LISTA_ITEM[[#This Row],[COD. APU]],\"\")","v":""}]
[null,null,null,null,null,null,null,{"$f":"+IFERROR(CONS_LISTA_ITEM[[#This Row],[COD. APU]],\"\")","v":""}]
[null,null,null,null,null,null,null,{"$f":"+IFERROR(CONS_LISTA_ITEM[[#This Row],[COD. APU]],\"\")","v":""}]
[null,null,null,null,null,null,null,{"$f":"+IFERROR(CONS_LISTA_ITEM[[#This Row],[COD. APU]],\"\")","v":""}]
[null,null,null,null,null,null,null,{"$f":"+IFERROR(CONS_LISTA_ITEM[[#This Row],[COD. APU]],\"\")","v":""}]
[null,null,null,null,null,null,null,{"$f":"+IFERROR(CONS_LISTA_ITEM[[#This Row],[COD. APU]],\"\")","v":""}]
[null,null,null,null,null,null,null,{"$f":"+IFERROR(CONS_LISTA_ITEM[[#This Row],[COD. APU]],\"\")","v":""}]
[null,null,null,null,null,null,null,{"$f":"+IFERROR(CONS_LISTA_ITEM[[#This Row],[COD. APU]],\"\")","v":""}]
[null,null,null,null,null,null,null,{"$f":"+IFERROR(CONS_LISTA_ITEM[[#This Row],[COD. APU]],\"\")","v":""}]
[null,null,null,null,null,null,null,{"$f":"+IFERROR(CONS_LISTA_ITEM[[#This Row],[COD. APU]],\"\")","v":""}]
[null,null,null,null,null,null,null,{"$f":"+IFERROR(CONS_LISTA_ITEM[[#This Row],[COD. APU]],\"\")","v":""}]
[null,null,null,null,null,null,null,{"$f":"+IFERROR(CONS_LISTA_ITEM[[#This Row],[COD. APU]],\"\")","v":""}]
[null,null,null,null,null,null,null,{"$f":"+IFERROR(CONS_LISTA_ITEM[[#This Row],[COD. APU]],\"\")","v":""}]
[null,null,null,null,null,null,null,{"$f":"+IFERROR(CONS_LISTA_ITEM[[#This Row],[COD. APU]],\"\")","v":""}]
[null,null,null,null,null,null,null,{"$f":"+IFERROR(CONS_LISTA_ITEM[[#This Row],[COD. APU]],\"\")","v":""}]
[null,null,null,null,null,null,null,{"$f":"+IFERROR(CONS_LISTA_ITEM[[#This Row],[COD. APU]],\"\")","v":""}]
[null,null,null,null,null,null,null,{"$f":"+IFERROR(CONS_LISTA_ITEM[[#This Row],[COD. APU]],\"\")","v":""}]
[null,null,null,null,null,null,null,{"$f":"+IFERROR(CONS_LISTA_ITEM[[#This Row],[COD. APU]],\"\")","v":""}]
[null,null,null,null,null,null,null,{"$f":"+IFERROR(CONS_LISTA_ITEM[[#This Row],[COD. APU]],\"\")","v":""}]
[null,null,null,null,null,null,null,{"$f":"+IFERROR(CONS_LISTA_ITEM[[#This Row],[COD. APU]],\"\")","v":""}]
[null,null,null,null,null,null,null,{"$f":"+IFERROR(CONS_LISTA_ITEM[[#This Row],[COD. APU]],\"\")","v":""}]
[null,null,null,null,null,null,null,{"$f":"+IFERROR(CONS_LISTA_ITEM[[#This Row],[COD. APU]],\"\")","v":""}]
[null,null,null,null,null,null,null,{"$f":"+IFERROR(CONS_LISTA_ITEM[[#This Row],[COD. APU]],\"\")","v":""}]
[null,null,null,null,null,null,null,{"$f":"+IFERROR(CONS_LISTA_ITEM[[#This Row],[COD. APU]],\"\")","v":""}]
[null,null,null,null,null,null,null,{"$f":"+IFERROR(CONS_LISTA_ITEM[[#This Row],[COD. APU]],\"\")","v":""}]
[null,null,null,null,null,null,null,{"$f":"+IFERROR(CONS_LISTA_ITEM[[#This Row],[COD. APU]],\"\")","v":""}]
[null,null,null,null,null,null,null,{"$f":"+IFERROR(CONS_LISTA_ITEM[[#This Row],[COD. APU]],\"\")","v":""}]
[null,null,null,null,null,null,null,{"$f":"+IFERROR(CONS_LISTA_ITEM[[#This Row],[COD. APU]],\"\")","v":""}]
[null,null,null,null,null,null,null,{"$f":"+IFERROR(CONS_LISTA_ITEM[[#This Row],[COD. APU]],\"\")","v":""}]
[null,null,null,null,null,null,null,{"$f":"+IFERROR(CONS_LISTA_ITEM[[#This Row],[COD. APU]],\"\")","v":""}]
[null,null,null,null,null,null,null,{"$f":"+IFERROR(CONS_LISTA_ITEM[[#This Row],[COD. APU]],\"\")","v":""}]
[null,null,null,null,null,null,null,{"$f":"+IFERROR(CONS_LISTA_ITEM[[#This Row],[COD. APU]],\"\")","v":""}]
[null,null,null,null,null,null,null,{"$f":"+IFERROR(CONS_LISTA_ITEM[[#This Row],[COD. APU]],\"\")","v":""}]
[null,null,null,null,null,null,null,{"$f":"+IFERROR(CONS_LISTA_ITEM[[#This Row],[COD. APU]],\"\")","v":""}]
[null,null,null,null,null,null,null,{"$f":"+IFERROR(CONS_LISTA_ITEM[[#This Row],[COD. APU]],\"\")","v":""}]
[null,null,null,null,null,null,null,{"$f":"+IFERROR(CONS_LISTA_ITEM[[#This Row],[COD. APU]],\"\")","v":""}]
[null,null,null,null,null,null,null,{"$f":"+IFERROR(CONS_LISTA_ITEM[[#This Row],[COD. APU]],\"\")","v":""}]
[null,null,null,null,null,null,null,{"$f":"+IFERROR(CONS_LISTA_ITEM[[#This Row],[COD. APU]],\"\")","v":""}]
[null,null,null,null,null,null,null,{"$f":"+IFERROR(CONS_LISTA_ITEM[[#This Row],[COD. APU]],\"\")","v":""}]
[null,null,null,null,null,null,null,{"$f":"+IFERROR(CONS_LISTA_ITEM[[#This Row],[COD. APU]],\"\")","v":""}]
[null,null,null,null,null,null,null,{"$f":"+IFERROR(CONS_LISTA_ITEM[[#This Row],[COD. APU]],\"\")","v":""}]
[null,null,null,null,null,null,null,{"$f":"+IFERROR(CONS_LISTA_ITEM[[#This Row],[COD. APU]],\"\")","v":""}]
[null,null,null,null,null,null,null,{"$f":"+IFERROR(CONS_LISTA_ITEM[[#This Row],[COD. APU]],\"\")","v":""}]
[null,null,null,null,null,null,null,{"$f":"+IFERROR(CONS_LISTA_ITEM[[#This Row],[COD. APU]],\"\")","v":""}]
[null,null,null,null,null,null,null,{"$f":"+IFERROR(CONS_LISTA_ITEM[[#This Row],[COD. APU]],\"\")","v":""}]
[null,null,null,null,null,null,null,{"$f":"+IFERROR(CONS_LISTA_ITEM[[#This Row],[COD. APU]],\"\")","v":""}]
[null,null,null,null,null,null,null,{"$f":"+IFERROR(CONS_LISTA_ITEM[[#This Row],[COD. APU]],\"\")","v":""}]
[null,null,null,null,null,null,null,{"$f":"+IFERROR(CONS_LISTA_ITEM[[#This Row],[COD. APU]],\"\")","v":""}]
[null,null,null,null,null,null,null,{"$f":"+IFERROR(CONS_LISTA_ITEM[[#This Row],[COD. APU]],\"\")","v":""}]
[null,null,null,null,null,null,null,{"$f":"+IFERROR(CONS_LISTA_ITEM[[#This Row],[COD. APU]],\"\")","v":""}]
[null,null,null,null,null,null,null,{"$f":"+IFERROR(CONS_LISTA_ITEM[[#This Row],[COD. APU]],\"\")","v":""}]
[null,null,null,null,null,null,null,{"$f":"+IFERROR(CONS_LISTA_ITEM[[#This Row],[COD. APU]],\"\")","v":""}]
[null,null,null,null,null,null,null,{"$f":"+IFERROR(CONS_LISTA_ITEM[[#This Row],[COD. APU]],\"\")","v":""}]
[null,null,null,null,null,null,null,{"$f":"+IFERROR(CONS_LISTA_ITEM[[#This Row],[COD. APU]],\"\")","v":""}]
[null,null,null,null,null,null,null,{"$f":"+IFERROR(CONS_LISTA_ITEM[[#This Row],[COD. APU]],\"\")","v":""}]
[null,null,null,null,null,null,null,{"$f":"+IFERROR(CONS_LISTA_ITEM[[#This Row],[COD. APU]],\"\")","v":""}]
[null,null,null,null,null,null,null,{"$f":"+IFERROR(CONS_LISTA_ITEM[[#This Row],[COD. APU]],\"\")","v":""}]
[null,null,null,null,null,null,null,{"$f":"+IFERROR(CONS_LISTA_ITEM[[#This Row],[COD. APU]],\"\")","v":""}]
[null,null,null,null,null,null,null,{"$f":"+IFERROR(CONS_LISTA_ITEM[[#This Row],[COD. APU]],\"\")","v":""}]
[null,null,null,null,null,null,null,{"$f":"+IFERROR(CONS_LISTA_ITEM[[#This Row],[COD. APU]],\"\")","v":""}]
[null,null,null,null,null,null,null,{"$f":"+IFERROR(CONS_LISTA_ITEM[[#This Row],[COD. APU]],\"\")","v":""}]
[null,null,null,null,null,null,null,{"$f":"+IFERROR(CONS_LISTA_ITEM[[#This Row],[COD. APU]],\"\")","v":""}]
[null,null,null,null,null,null,null,{"$f":"+IFERROR(CONS_LISTA_ITEM[[#This Row],[COD. APU]],\"\")","v":""}]
[null,null,null,null,null,null,null,{"$f":"+IFERROR(CONS_LISTA_ITEM[[#This Row],[COD. APU]],\"\")","v":""}]
[null,null,null,null,null,null,null,{"$f":"+IFERROR(CONS_LISTA_ITEM[[#This Row],[COD. APU]],\"\")","v":""}]
[null,null,null,null,null,null,null,{"$f":"+IFERROR(CONS_LISTA_ITEM[[#This Row],[COD. APU]],\"\")","v":""}]
[null,null,null,null,null,null,null,{"$f":"+IFERROR(CONS_LISTA_ITEM[[#This Row],[COD. APU]],\"\")","v":""}]
[null,null,null,null,null,null,null,{"$f":"+IFERROR(CONS_LISTA_ITEM[[#This Row],[COD. APU]],\"\")","v":""}]
[null,null,null,null,null,null,null,{"$f":"+IFERROR(CONS_LISTA_ITEM[[#This Row],[COD. APU]],\"\")","v":""}]
[null,null,null,null,null,null,null,{"$f":"+IFERROR(CONS_LISTA_ITEM[[#This Row],[COD. APU]],\"\")","v":""}]
[null,null,null,null,null,null,null,{"$f":"+IFERROR(CONS_LISTA_ITEM[[#This Row],[COD. APU]],\"\")","v":""}]
[null,null,null,null,null,null,null,{"$f":"+IFERROR(CONS_LISTA_ITEM[[#This Row],[COD. APU]],\"\")","v":""}]
[null,null,null,null,null,null,null,{"$f":"+IFERROR(CONS_LISTA_ITEM[[#This Row],[COD. APU]],\"\")","v":""}]
[null,null,null,null,null,null,null,{"$f":"+IFERROR(CONS_LISTA_ITEM[[#This Row],[COD. APU]],\"\")","v":""}]
[null,null,null,null,null,null,null,{"$f":"+IFERROR(CONS_LISTA_ITEM[[#This Row],[COD. APU]],\"\")","v":""}]
[null,null,null,null,null,null,null,{"$f":"+IFERROR(CONS_LISTA_ITEM[[#This Row],[COD. APU]],\"\")","v":""}]
[null,null,null,null,null,null,null,{"$f":"+IFERROR(CONS_LISTA_ITEM[[#This Row],[COD. APU]],\"\")","v":""}]
[null,null,null,null,null,null,null,{"$f":"+IFERROR(CONS_LISTA_ITEM[[#This Row],[COD. APU]],\"\")","v":""}]
[null,null,null,null,null,null,null,{"$f":"+IFERROR(CONS_LISTA_ITEM[[#This Row],[COD. APU]],\"\")","v":""}]
[null,null,null,null,null,null,null,{"$f":"+IFERROR(CONS_LISTA_ITEM[[#This Row],[COD. APU]],\"\")","v":""}]
[null,null,null,null,null,null,null,{"$f":"+IFERROR(CONS_LISTA_ITEM[[#This Row],[COD. APU]],\"\")","v":""}]
[null,null,null,null,null,null,null,{"$f":"+IFERROR(CONS_LISTA_ITEM[[#This Row],[COD. APU]],\"\")","v":""}]
[null,null,null,null,null,null,null,{"$f":"+IFERROR(CONS_LISTA_ITEM[[#This Row],[COD. APU]],\"\")","v":""}]
[null,null,null,null,null,null,null,{"$f":"+IFERROR(CONS_LISTA_ITEM[[#This Row],[COD. APU]],\"\")","v":""}]
[null,null,null,null,null,null,null,{"$f":"+IFERROR(CONS_LISTA_ITEM[[#This Row],[COD. APU]],\"\")","v":""}]
[null,null,null,null,null,null,null,{"$f":"+IFERROR(CONS_LISTA_ITEM[[#This Row],[COD. APU]],\"\")","v":""}]
[null,null,null,null,null,null,null,{"$f":"+IFERROR(CONS_LISTA_ITEM[[#This Row],[COD. APU]],\"\")","v":""}]
[null,null,null,null,null,null,null,{"$f":"+IFERROR(CONS_LISTA_ITEM[[#This Row],[COD. APU]],\"\")","v":""}]
[null,null,null,null,null,null,null,{"$f":"+IFERROR(CONS_LISTA_ITEM[[#This Row],[COD. APU]],\"\")","v":""}]
[null,null,null,null,null,null,null,{"$f":"+IFERROR(CONS_LISTA_ITEM[[#This Row],[COD. APU]],\"\")","v":""}]
[null,null,null,null,null,null,null,{"$f":"+IFERROR(CONS_LISTA_ITEM[[#This Row],[COD. APU]],\"\")","v":""}]
[null,null,null,null,null,null,null,{"$f":"+IFERROR(CONS_LISTA_ITEM[[#This Row],[COD. APU]],\"\")","v":""}]
[null,null,null,null,null,null,null,{"$f":"+IFERROR(CONS_LISTA_ITEM[[#This Row],[COD. APU]],\"\")","v":""}]
[null,null,null,null,null,null,null,{"$f":"+IFERROR(CONS_LISTA_ITEM[[#This Row],[COD. APU]],\"\")","v":""}]
[null,null,null,null,null,null,null,{"$f":"+IFERROR(CONS_LISTA_ITEM[[#This Row],[COD. APU]],\"\")","v":""}]
[null,null,null,null,null,null,null,{"$f":"+IFERROR(CONS_LISTA_ITEM[[#This Row],[COD. APU]],\"\")","v":""}]
[null,null,null,null,null,null,null,{"$f":"+IFERROR(CONS_LISTA_ITEM[[#This Row],[COD. APU]],\"\")","v":""}]
[null,null,null,null,null,null,null,{"$f":"+IFERROR(CONS_LISTA_ITEM[[#This Row],[COD. APU]],\"\")","v":""}]
[null,null,null,null,null,null,null,{"$f":"+IFERROR(CONS_LISTA_ITEM[[#This Row],[COD. APU]],\"\")","v":""}]
[null,null,null,null,null,null,null,{"$f":"+IFERROR(CONS_LISTA_ITEM[[#This Row],[COD. APU]],\"\")","v":""}]
[null,null,null,null,null,null,null,{"$f":"+IFERROR(CONS_LISTA_ITEM[[#This Row],[COD. APU]],\"\")","v":""}]
[null,null,null,null,null,null,null,{"$f":"+IFERROR(CONS_LISTA_ITEM[[#This Row],[COD. APU]],\"\")","v":""}]
[null,null,null,null,null,null,null,{"$f":"+IFERROR(CONS_LISTA_ITEM[[#This Row],[COD. APU]],\"\")","v":""}]
[null,null,null,null,null,null,null,{"$f":"+IFERROR(CONS_LISTA_ITEM[[#This Row],[COD. APU]],\"\")","v":""}]
[null,null,null,null,null,null,null,{"$f":"+IFERROR(CONS_LISTA_ITEM[[#This Row],[COD. APU]],\"\")","v":""}]
[null,null,null,null,null,null,null,{"$f":"+IFERROR(CONS_LISTA_ITEM[[#This Row],[COD. APU]],\"\")","v":""}]
[null,null,null,null,null,null,null,{"$f":"+IFERROR(CONS_LISTA_ITEM[[#This Row],[COD. APU]],\"\")","v":""}]
[null,null,null,null,null,null,null,{"$f":"+IFERROR(CONS_LISTA_ITEM[[#This Row],[COD. APU]],\"\")","v":""}]
[null,null,null,null,null,null,null,{"$f":"+IFERROR(CONS_LISTA_ITEM[[#This Row],[COD. APU]],\"\")","v":""}]
[null,null,null,null,null,null,null,{"$f":"+IFERROR(CONS_LISTA_ITEM[[#This Row],[COD. APU]],\"\")","v":""}]
[null,null,null,null,null,null,null,{"$f":"+IFERROR(CONS_LISTA_ITEM[[#This Row],[COD. APU]],\"\")","v":""}]
[null,null,null,null,null,null,null,{"$f":"+IFERROR(CONS_LISTA_ITEM[[#This Row],[COD. APU]],\"\")","v":""}]
[null,null,null,null,null,null,null,{"$f":"+IFERROR(CONS_LISTA_ITEM[[#This Row],[COD. APU]],\"\")","v":""}]
[null,null,null,null,null,null,null,{"$f":"+IFERROR(CONS_LISTA_ITEM[[#This Row],[COD. APU]],\"\")","v":""}]
[null,null,null,null,null,null,null,{"$f":"+IFERROR(CONS_LISTA_ITEM[[#This Row],[COD. APU]],\"\")","v":""}]
[null,null,null,null,null,null,null,{"$f":"+IFERROR(CONS_LISTA_ITEM[[#This Row],[COD. APU]],\"\")","v":""}]
[null,null,null,null,null,null,null,{"$f":"+IFERROR(CONS_LISTA_ITEM[[#This Row],[COD. APU]],\"\")","v":""}]
[null,null,null,null,null,null,null,{"$f":"+IFERROR(CONS_LISTA_ITEM[[#This Row],[COD. APU]],\"\")","v":""}]
[null,null,null,null,null,null,null,{"$f":"+IFERROR(CONS_LISTA_ITEM[[#This Row],[COD. APU]],\"\")","v":""}]
[null,null,null,null,null,null,null,{"$f":"+IFERROR(CONS_LISTA_ITEM[[#This Row],[COD. APU]],\"\")","v":""}]
[null,null,null,null,null,null,null,{"$f":"+IFERROR(CONS_LISTA_ITEM[[#This Row],[COD. APU]],\"\")","v":""}]
[null,null,null,null,null,null,null,{"$f":"+IFERROR(CONS_LISTA_ITEM[[#This Row],[COD. APU]],\"\")","v":""}]
[null,null,null,null,null,null,null,{"$f":"+IFERROR(CONS_LISTA_ITEM[[#This Row],[COD. APU]],\"\")","v":""}]
[null,null,null,null,null,null,null,{"$f":"+IFERROR(CONS_LISTA_ITEM[[#This Row],[COD. APU]],\"\")","v":""}]
[null,null,null,null,null,null,null,{"$f":"+IFERROR(CONS_LISTA_ITEM[[#This Row],[COD. APU]],\"\")","v":""}]
[null,null,null,null,null,null,null,{"$f":"+IFERROR(CONS_LISTA_ITEM[[#This Row],[COD. APU]],\"\")","v":""}]
[null,null,null,null,null,null,null,{"$f":"+IFERROR(CONS_LISTA_ITEM[[#This Row],[COD. APU]],\"\")","v":""}]
[null,null,null,null,null,null,null,{"$f":"+IFERROR(CONS_LISTA_ITEM[[#This Row],[COD. APU]],\"\")","v":""}]
[null,null,null,null,null,null,null,{"$f":"+IFERROR(CONS_LISTA_ITEM[[#This Row],[COD. APU]],\"\")","v":""}]
[null,null,null,null,null,null,null,{"$f":"+IFERROR(CONS_LISTA_ITEM[[#This Row],[COD. APU]],\"\")","v":""}]
[null,null,null,null,null,null,null,{"$f":"+IFERROR(CONS_LISTA_ITEM[[#This Row],[COD. APU]],\"\")","v":""}]
[null,null,null,null,null,null,null,{"$f":"+IFERROR(CONS_LISTA_ITEM[[#This Row],[COD. APU]],\"\")","v":""}]
[null,null,null,null,null,null,null,{"$f":"+IFERROR(CONS_LISTA_ITEM[[#This Row],[COD. APU]],\"\")","v":""}]
[null,null,null,null,null,null,null,{"$f":"+IFERROR(CONS_LISTA_ITEM[[#This Row],[COD. APU]],\"\")","v":""}]
[null,null,null,null,null,null,null,{"$f":"+IFERROR(CONS_LISTA_ITEM[[#This Row],[COD. APU]],\"\")","v":""}]
[null,null,null,null,null,null,null,{"$f":"+IFERROR(CONS_LISTA_ITEM[[#This Row],[COD. APU]],\"\")","v":""}]
[null,null,null,null,null,null,null,{"$f":"+IFERROR(CONS_LISTA_ITEM[[#This Row],[COD. APU]],\"\")","v":""}]
[null,null,null,null,null,null,null,{"$f":"+IFERROR(CONS_LISTA_ITEM[[#This Row],[COD. APU]],\"\")","v":""}]
[null,null,null,null,null,null,null,{"$f":"+IFERROR(CONS_LISTA_ITEM[[#This Row],[COD. APU]],\"\")","v":""}]
[null,null,null,null,null,null,null,{"$f":"+IFERROR(CONS_LISTA_ITEM[[#This Row],[COD. APU]],\"\")","v":""}]
[null,null,null,null,null,null,null,{"$f":"+IFERROR(CONS_LISTA_ITEM[[#This Row],[COD. APU]],\"\")","v":""}]
[null,null,null,null,null,null,null,{"$f":"+IFERROR(CONS_LISTA_ITEM[[#This Row],[COD. APU]],\"\")","v":""}]
[null,null,null,null,null,null,null,{"$f":"+IFERROR(CONS_LISTA_ITEM[[#This Row],[COD. APU]],\"\")","v":""}]
[null,null,null,null,null,null,null,{"$f":"+IFERROR(CONS_LISTA_ITEM[[#This Row],[COD. APU]],\"\")","v":""}]
[null,null,null,null,null,null,null,{"$f":"+IFERROR(CONS_LISTA_ITEM[[#This Row],[COD. APU]],\"\")","v":""}]
[null,null,null,null,null,null,null,{"$f":"+IFERROR(CONS_LISTA_ITEM[[#This Row],[COD. APU]],\"\")","v":""}]
[null,null,null,null,null,null,null,{"$f":"+IFERROR(CONS_LISTA_ITEM[[#This Row],[COD. APU]],\"\")","v":""}]
[null,null,null,null,null,null,null,{"$f":"+IFERROR(CONS_LISTA_ITEM[[#This Row],[COD. APU]],\"\")","v":""}]
[null,null,null,null,null,null,null,{"$f":"+IFERROR(CONS_LISTA_ITEM[[#This Row],[COD. APU]],\"\")","v":""}]
[null,null,null,null,null,null,null,{"$f":"+IFERROR(CONS_LISTA_ITEM[[#This Row],[COD. APU]],\"\")","v":""}]
[null,null,null,null,null,null,null,{"$f":"+IFERROR(CONS_LISTA_ITEM[[#This Row],[COD. APU]],\"\")","v":""}]
[null,null,null,null,null,null,null,{"$f":"+IFERROR(CONS_LISTA_ITEM[[#This Row],[COD. APU]],\"\")","v":""}]
[null,null,null,null,null,null,null,{"$f":"+IFERROR(CONS_LISTA_ITEM[[#This Row],[COD. APU]],\"\")","v":""}]
[null,null,null,null,null,null,null,{"$f":"+IFERROR(CONS_LISTA_ITEM[[#This Row],[COD. APU]],\"\")","v":""}]
[null,null,null,null,null,null,null,{"$f":"+IFERROR(CONS_LISTA_ITEM[[#This Row],[COD. APU]],\"\")","v":""}]
[null,null,null,null,null,null,null,{"$f":"+IFERROR(CONS_LISTA_ITEM[[#This Row],[COD. APU]],\"\")","v":""}]
[null,null,null,null,null,null,null,{"$f":"+IFERROR(CONS_LISTA_ITEM[[#This Row],[COD. APU]],\"\")","v":""}]
[null,null,null,null,null,null,null,{"$f":"+IFERROR(CONS_LISTA_ITEM[[#This Row],[COD. APU]],\"\")","v":""}]
[null,null,null,null,null,null,null,{"$f":"+IFERROR(CONS_LISTA_ITEM[[#This Row],[COD. APU]],\"\")","v":""}]
[null,null,null,null,null,null,null,{"$f":"+IFERROR(CONS_LISTA_ITEM[[#This Row],[COD. APU]],\"\")","v":""}]
[null,null,null,null,null,null,null,{"$f":"+IFERROR(CONS_LISTA_ITEM[[#This Row],[COD. APU]],\"\")","v":""}]
[null,null,null,null,null,null,null,{"$f":"+IFERROR(CONS_LISTA_ITEM[[#This Row],[COD. APU]],\"\")","v":""}]
[null,null,null,null,null,null,null,{"$f":"+IFERROR(CONS_LISTA_ITEM[[#This Row],[COD. APU]],\"\")","v":""}]
[null,null,null,null,null,null,null,{"$f":"+IFERROR(CONS_LISTA_ITEM[[#This Row],[COD. APU]],\"\")","v":""}]
[null,null,null,null,null,null,null,{"$f":"+IFERROR(CONS_LISTA_ITEM[[#This Row],[COD. APU]],\"\")","v":""}]
[null,null,null,null,null,null,null,{"$f":"+IFERROR(CONS_LISTA_ITEM[[#This Row],[COD. APU]],\"\")","v":""}]
[null,null,null,null,null,null,null,{"$f":"+IFERROR(CONS_LISTA_ITEM[[#This Row],[COD. APU]],\"\")","v":""}]
[null,null,null,null,null,null,null,{"$f":"+IFERROR(CONS_LISTA_ITEM[[#This Row],[COD. APU]],\"\")","v":""}]
[null,null,null,null,null,null,null,{"$f":"+IFERROR(CONS_LISTA_ITEM[[#This Row],[COD. APU]],\"\")","v":""}]
[null,null,null,null,null,null,null,{"$f":"+IFERROR(CONS_LISTA_ITEM[[#This Row],[COD. APU]],\"\")","v":""}]
[null,null,null,null,null,null,null,{"$f":"+IFERROR(CONS_LISTA_ITEM[[#This Row],[COD. APU]],\"\")","v":""}]
[null,null,null,null,null,null,null,{"$f":"+IFERROR(CONS_LISTA_ITEM[[#This Row],[COD. APU]],\"\")","v":""}]
[null,null,null,null,null,null,null,{"$f":"+IFERROR(CONS_LISTA_ITEM[[#This Row],[COD. APU]],\"\")","v":""}]
[null,null,null,null,null,null,null,{"$f":"+IFERROR(CONS_LISTA_ITEM[[#This Row],[COD. APU]],\"\")","v":""}]
[null,null,null,null,null,null,null,{"$f":"+IFERROR(CONS_LISTA_ITEM[[#This Row],[COD. APU]],\"\")","v":""}]
[null,null,null,null,null,null,null,{"$f":"+IFERROR(CONS_LISTA_ITEM[[#This Row],[COD. APU]],\"\")","v":""}]
[null,null,null,null,null,null,null,{"$f":"+IFERROR(CONS_LISTA_ITEM[[#This Row],[COD. APU]],\"\")","v":""}]
[null,null,null,null,null,null,null,{"$f":"+IFERROR(CONS_LISTA_ITEM[[#This Row],[COD. APU]],\"\")","v":""}]
[null,null,null,null,null,null,null,{"$f":"+IFERROR(CONS_LISTA_ITEM[[#This Row],[COD. APU]],\"\")","v":""}]
[null,null,null,null,null,null,null,{"$f":"+IFERROR(CONS_LISTA_ITEM[[#This Row],[COD. APU]],\"\")","v":""}]
[null,null,null,null,null,null,null,{"$f":"+IFERROR(CONS_LISTA_ITEM[[#This Row],[COD. APU]],\"\")","v":""}]
[null,null,null,null,null,null,null,{"$f":"+IFERROR(CONS_LISTA_ITEM[[#This Row],[COD. APU]],\"\")","v":""}]
[null,null,null,null,null,null,null,{"$f":"+IFERROR(CONS_LISTA_ITEM[[#This Row],[COD. APU]],\"\")","v":""}]
[null,null,null,null,null,null,null,{"$f":"+IFERROR(CONS_LISTA_ITEM[[#This Row],[COD. APU]],\"\")","v":""}]
[null,null,null,null,null,null,null,{"$f":"+IFERROR(CONS_LISTA_ITEM[[#This Row],[COD. APU]],\"\")","v":""}]
[null,null,null,null,null,null,null,{"$f":"+IFERROR(CONS_LISTA_ITEM[[#This Row],[COD. APU]],\"\")","v":""}]
[null,null,null,null,null,null,null,{"$f":"+IFERROR(CONS_LISTA_ITEM[[#This Row],[COD. APU]],\"\")","v":""}]
[null,null,null,null,null,null,null,{"$f":"+IFERROR(CONS_LISTA_ITEM[[#This Row],[COD. APU]],\"\")","v":""}]
[null,null,null,null,null,null,null,{"$f":"+IFERROR(CONS_LISTA_ITEM[[#This Row],[COD. APU]],\"\")","v":""}]
[null,null,null,null,null,null,null,{"$f":"+IFERROR(CONS_LISTA_ITEM[[#This Row],[COD. APU]],\"\")","v":""}]
[null,null,null,null,null,null,null,{"$f":"+IFERROR(CONS_LISTA_ITEM[[#This Row],[COD. APU]],\"\")","v":""}]
[null,null,null,null,null,null,null,{"$f":"+IFERROR(CONS_LISTA_ITEM[[#This Row],[COD. APU]],\"\")","v":""}]
[null,null,null,null,null,null,null,{"$f":"+IFERROR(CONS_LISTA_ITEM[[#This Row],[COD. APU]],\"\")","v":""}]
[null,null,null,null,null,null,null,{"$f":"+IFERROR(CONS_LISTA_ITEM[[#This Row],[COD. APU]],\"\")","v":""}]
[null,null,null,null,null,null,null,{"$f":"+IFERROR(CONS_LISTA_ITEM[[#This Row],[COD. APU]],\"\")","v":""}]
[null,null,null,null,null,null,null,{"$f":"+IFERROR(CONS_LISTA_ITEM[[#This Row],[COD. APU]],\"\")","v":""}]
[null,null,null,null,null,null,null,{"$f":"+IFERROR(CONS_LISTA_ITEM[[#This Row],[COD. APU]],\"\")","v":""}]
[null,null,null,null,null,null,null,{"$f":"+IFERROR(CONS_LISTA_ITEM[[#This Row],[COD. APU]],\"\")","v":""}]
[null,null,null,null,null,null,null,{"$f":"+IFERROR(CONS_LISTA_ITEM[[#This Row],[COD. APU]],\"\")","v":""}]
[null,null,null,null,null,null,null,{"$f":"+IFERROR(CONS_LISTA_ITEM[[#This Row],[COD. APU]],\"\")","v":""}]
[null,null,null,null,null,null,null,{"$f":"+IFERROR(CONS_LISTA_ITEM[[#This Row],[COD. APU]],\"\")","v":""}]
[null,null,null,null,null,null,null,{"$f":"+IFERROR(CONS_LISTA_ITEM[[#This Row],[COD. APU]],\"\")","v":""}]
[null,null,null,null,null,null,null,{"$f":"+IFERROR(CONS_LISTA_ITEM[[#This Row],[COD. APU]],\"\")","v":""}]
[null,null,null,null,null,null,null,{"$f":"+IFERROR(CONS_LISTA_ITEM[[#This Row],[COD. APU]],\"\")","v":""}]
[null,null,null,null,null,null,null,{"$f":"+IFERROR(CONS_LISTA_ITEM[[#This Row],[COD. APU]],\"\")","v":""}]
[null,null,null,null,null,null,null,{"$f":"+IFERROR(CONS_LISTA_ITEM[[#This Row],[COD. APU]],\"\")","v":""}]
[null,null,null,null,null,null,null,{"$f":"+IFERROR(CONS_LISTA_ITEM[[#This Row],[COD. APU]],\"\")","v":""}]
[null,null,null,null,null,null,null,{"$f":"+IFERROR(CONS_LISTA_ITEM[[#This Row],[COD. APU]],\"\")","v":""}]
[null,null,null,null,null,null,null,{"$f":"+IFERROR(CONS_LISTA_ITEM[[#This Row],[COD. APU]],\"\")","v":""}]
[null,null,null,null,null,null,null,{"$f":"+IFERROR(CONS_LISTA_ITEM[[#This Row],[COD. APU]],\"\")","v":""}]
[null,null,null,null,null,null,null,{"$f":"+IFERROR(CONS_LISTA_ITEM[[#This Row],[COD. APU]],\"\")","v":""}]
[null,null,null,null,null,null,null,{"$f":"+IFERROR(CONS_LISTA_ITEM[[#This Row],[COD. APU]],\"\")","v":""}]
[null,null,null,null,null,null,null,{"$f":"+IFERROR(CONS_LISTA_ITEM[[#This Row],[COD. APU]],\"\")","v":""}]
[null,null,null,null,null,null,null,{"$f":"+IFERROR(CONS_LISTA_ITEM[[#This Row],[COD. APU]],\"\")","v":""}]
[null,null,null,null,null,null,null,{"$f":"+IFERROR(CONS_LISTA_ITEM[[#This Row],[COD. APU]],\"\")","v":""}]
[null,null,null,null,null,null,null,{"$f":"+IFERROR(CONS_LISTA_ITEM[[#This Row],[COD. APU]],\"\")","v":""}]
[null,null,null,null,null,null,null,{"$f":"+IFERROR(CONS_LISTA_ITEM[[#This Row],[COD. APU]],\"\")","v":""}]
[null,null,null,null,null,null,null,{"$f":"+IFERROR(CONS_LISTA_ITEM[[#This Row],[COD. APU]],\"\")","v":""}]

{"sheet":"APUs","index":24,"n_rows":1510,"n_cols":11,"rows_kept":1510,"cut":false,"hidden":false,"merged":[[1458,1,1458,4],[1459,1,1459,4],[1460,1,1460,4],[1507,1,1507,4],[1508,1,1508,4],[1509,1,1509,4],[972,1,972,4],[973,1,973,4],[974,1,974,4],[1019,1,1019,4],[1020,1,1020,4],[1021,1,1021,4],[1067,1,1067,4],[1068,1,1068,4],[1069,1,1069,4],[1115,1,1115,4],[1116,1,1116,4],[1117,1,1117,4],[1163,1,1163,4],[1164,1,1164,4],[1165,1,1165,4],[1211,1,1211,4],[1212,1,1212,4],[1453,1,1453,9],[1439,1,1439,4],[1439,8,1439,9],[1440,1,1440,4],[1440,8,1440,9],[1441,1,1441,4],[1441,8,1441,9],[1442,1,1442,9],[1443,1,1443,10],[491,8,491,9],[492,1,492,5],[492,8,492,9],[493,1,493,5],[493,8,493,9],[494,1,494,5],[495,1,495,5],[496,1,496,5],[497,1,497,5],[500,1,500,10],[534,1,534,4],[535,1,535,4],[536,1,536,4],[537,1,537,4],[583,1,583,4],[566,8,566,9],[560,8,560,9],[561,1,561,9],[562,1,562,10],[558,8,558,9],[559,8,559,9],[558,1,558,4],[559,1,559,4],[560,1,560,4],[563,1,563,9],[564,1,564,10],[565,1,565,10],[583,8,583,9],[517,1,517,6],[566,1,566,6],[693,1,693,10],[694,1,694,10],[695,1,695,4],[695,8,695,9],[710,1,710,10],[697,1,697,4],[607,8,607,9],[610,1,610,9],[617,1,617,9],[618,1,618,10],[619,1,619,9],[637,1,637,10],[639,8,639,9],[640,8,640,9],[633,8,633,9],[634,8,634,9],[632,8,632,9],[629,1,629,10],[630,5,630,6],[630,8,630,9],[624,1,624,4],[625,1,625,4],[626,1,626,4],[673,1,673,4],[674,1,674,4],[631,5,631,6],[631,8,631,9],[628,1,628,7],[630,1,630,4],[631,1,631,4],[632,1,632,4],[633,1,633,4],[150,1,150,4],[151,1,151,4],[152,1,152,4],[197,1,197,4],[198,1,198,4],[199,1,199,4],[243,1,243,4],[244,1,244,4],[245,1,245,4],[290,1,290,4],[291,1,291,4],[289,1,289,4],[335,1,335,4],[336,1,336,4],[337,1,337,4],[381,1,381,4],[681,1,681,4],[435,1,435,4],[436,1,436,4],[437,1,437,4],[438,1,438,4],[439,1,439,4],[483,1,483,4],[484,1,484,4],[485,1,485,4],[486,1,486,4],[487,1,487,4],[459,1,459,4],[460,1,460,4],[607,1,607,4],[608,1,608,9],[609,1,609,10],[387,8,387,9],[682,1,682,4],[683,1,683,4],[728,1,728,4],[729,1,729,4],[730,1,730,4],[731,1,731,4],[732,1,732,4],[726,1,726,7],[688,1,688,5],[594,1,594,9],[635,1,635,9],[636,1,636,10],[638,1,638,5],[638,8,638,9],[639,1,639,5],[640,1,640,5],[641,1,641,5],[642,1,642,5],[645,1,645,10],[646,1,646,4],[646,8,646,9],[647,1,647,4],[675,1,675,4],[722,1,722,4],[696,1,696,4],[696,8,696,9],[429,1,429,4],[430,1,430,4],[431,1,431,4],[477,1,477,4],[478,1,478,4],[143,1,143,9],[190,1,190,9],[236,1,236,9],[109,1,109,4],[110,1,110,4],[111,1,111,4],[112,1,112,4],[156,1,156,4],[157,1,157,4],[158,1,158,4],[159,1,159,4],[203,1,203,4],[204,1,204,4],[205,1,205,4],[216,8,216,9],[217,1,217,4],[1437,1,1437,10],[1419,8,1419,9],[1420,1,1420,9],[1421,1,1421,10],[1422,1,1422,10],[1423,1,1423,5],[1423,8,1423,9],[498,1,498,9],[499,1,499,10],[339,1,339,7],[387,1,387,4],[388,1,388,4],[389,1,389,4],[390,1,390,4],[391,1,391,4],[385,1,385,7],[13,1,13,7],[45,1,45,6],[56,1,56,4],[57,1,57,4],[58,1,58,4],[62,1,62,4],[63,1,63,4],[64,1,64,4],[1450,1,1450,6],[1450,8,1450,9],[1451,1,1451,9],[1452,1,1452,10],[15,1,15,4],[16,1,16,4],[17,1,17,4],[18,1,18,4],[217,8,217,9],[218,1,218,4],[249,1,249,4],[250,1,250,4],[251,1,251,4],[247,1,247,7],[295,1,295,4],[296,1,296,4],[297,1,297,4],[293,1,293,7],[341,1,341,4],[1418,5,1418,6],[1418,8,1418,9],[1419,5,1419,6],[1444,1,1444,9],[1445,1,1445,10],[1424,1,1424,5],[1424,8,1424,9],[1425,1,1425,5],[1425,8,1425,9],[1426,1,1426,5],[1426,8,1426,9],[1449,1,1449,6],[1449,8,1449,9],[1427,1,1427,5],[1427,8,1427,9],[1428,1,1428,9],[1429,1,1429,10],[1430,1,1430,10],[1431,1,1431,4],[1431,8,1431,9],[1432,1,1432,4],[1432,8,1432,9],[1433,1,1433,4],[1433,8,1433,9],[1434,1,1434,4],[1434,8,1434,9],[1435,1,1435,9],[1436,1,1436,10],[1446,1,1446,10],[1447,8,1447,9],[1448,1,1448,6],[1448,8,1448,9],[1438,1,1438,4],[1438,8,1438,9],[1412,1,1412,7],[1413,1,1413,10],[1414,5,1414,6],[1414,8,1414,9],[1415,5,1415,6],[1415,8,1415,9],[1416,5,1416,6],[1416,8,1416,9],[1417,5,1417,6],[1417,8,1417,9],[1392,1,1392,9],[1393,1,1393,10],[1394,1,1394,9],[1395,1,1395,10],[1396,1,1396,10],[1397,8,1397,9],[1398,1,1398,6],[1398,8,1398,9],[1399,1,1399,6],[1399,8,1399,9],[1400,1,1400,6],[1400,8,1400,9],[1401,1,1401,9],[1402,1,1402,10],[1403,1,1403,9],[1414,1,1414,4],[1415,1,1415,4],[1408,1,1408,4],[1409,1,1409,4],[1410,1,1410,4],[1382,1,1382,4],[1382,8,1382,9],[1383,1,1383,4],[1383,8,1383,9],[1384,1,1384,4],[1384,8,1384,9],[1385,1,1385,9],[1386,1,1386,10],[1387,1,1387,10],[1388,1,1388,4],[1388,8,1388,9],[1389,1,1389,4],[1389,8,1389,9],[1390,1,1390,4],[1390,8,1390,9],[1391,1,1391,4],[1391,8,1391,9],[1370,1,1370,9],[1371,1,1371,10],[1372,1,1372,10],[1373,1,1373,5],[1373,8,1373,9],[1374,1,1374,5],[1374,8,1374,9],[1375,1,1375,5],[1375,8,1375,9],[1376,1,1376,5],[1376,8,1376,9],[1377,1,1377,5],[1377,8,1377,9],[1378,1,1378,9],[1379,1,1379,10],[1380,1,1380,10],[1381,1,1381,4],[1381,8,1381,9],[1364,5,1364,6],[1364,8,1364,9],[1365,5,1365,6],[1365,8,1365,9],[1366,5,1366,6],[1366,8,1366,9],[1367,5,1367,6],[1367,8,1367,9],[1369,5,1369,6],[1369,8,1369,9],[1368,5,1368,6],[1368,8,1368,9],[1213,1,1213,4],[1260,1,1260,4],[1261,1,1261,4],[1262,1,1262,4],[1309,1,1309,4],[1310,1,1310,4],[1311,1,1311,4],[1358,1,1358,4],[1359,1,1359,4],[1360,1,1360,4],[1216,1,1216,10],[1217,5,1217,6],[1217,8,1217,9],[1218,5,1218,6],[1218,8,1218,9],[1219,5,1219,6],[1219,8,1219,9],[1221,5,1221,6],[1221,8,1221,9],[1222,1,1222,9],[1009,1,1009,6],[1009,8,1009,9],[1362,1,1362,7],[1363,1,1363,10],[1073,5,1073,6],[1073,8,1073,9],[1074,5,1074,6],[985,1,985,5],[985,8,985,9],[986,1,986,5],[986,8,986,9],[953,1,953,4],[953,8,953,9],[954,1,954,4],[954,8,954,9],[955,1,955,4],[955,8,955,9],[956,1,956,9],[957,1,957,10],[1074,8,1074,9],[1077,1,1077,9],[1078,1,1078,10],[1079,1,1079,10],[1080,1,1080,5],[1080,8,1080,9],[1081,1,1081,5],[1081,8,1081,9],[1075,5,1075,6],[1075,8,1075,9],[1076,5,1076,6],[1076,8,1076,9],[989,1,989,9],[939,1,939,5],[939,8,939,9],[940,1,940,5],[941,1,941,5],[942,1,942,9],[943,1,943,10],[944,1,944,10],[945,1,945,4],[945,8,945,9],[946,1,946,4],[946,8,946,9],[949,1,949,9],[950,1,950,10],[951,1,951,10],[952,1,952,4],[952,8,952,9],[940,8,940,9],[947,1,947,4],[947,8,947,9],[948,1,948,4],[948,8,948,9],[941,8,941,9],[880,5,880,6],[881,5,881,6],[861,1,861,10],[867,1,867,9],[868,1,868,10],[898,1,898,4],[898,8,898,9],[899,1,899,4],[899,8,899,9],[900,1,900,4],[900,8,900,9],[901,1,901,4],[901,8,901,9],[883,8,883,9],[886,1,886,10],[880,8,880,9],[881,8,881,9],[882,8,882,9],[882,5,882,6],[883,5,883,6],[884,5,884,6],[884,8,884,9],[885,1,885,9],[887,1,887,10],[894,8,894,9],[888,8,888,9],[889,8,889,9],[874,1,874,4],[875,1,875,4],[876,1,876,4],[892,1,892,5],[892,8,892,9],[804,8,804,9],[805,1,805,4],[805,8,805,9],[814,8,814,9],[815,8,815,9],[812,8,812,9],[813,8,813,9],[811,1,811,10],[806,1,806,4],[806,8,806,9],[807,1,807,9],[808,1,808,10],[809,1,809,9],[810,1,810,10],[869,1,869,9],[841,1,841,5],[842,1,842,5],[843,1,843,5],[832,8,832,9],[833,5,833,6],[833,8,833,9],[827,1,827,7],[829,1,829,4],[830,1,830,4],[831,1,831,4],[832,1,832,4],[833,1,833,4],[812,1,812,6],[863,1,863,6],[738,8,738,9],[739,1,739,5],[740,1,740,5],[741,1,741,5],[744,1,744,10],[879,1,879,10],[813,1,813,6],[814,1,814,6],[815,1,815,6],[830,8,830,9],[829,8,829,9],[816,1,816,9],[817,1,817,10],[818,1,818,9],[828,1,828,10],[829,5,829,6],[830,5,830,6],[823,1,823,4],[824,1,824,4],[825,1,825,4],[760,1,760,10],[762,1,762,6],[763,1,763,6],[764,1,764,6],[764,8,764,9],[761,8,761,9],[762,8,762,9],[786,8,786,9],[787,8,787,9],[780,8,780,9],[782,5,782,6],[782,8,782,9],[733,1,733,9],[734,1,734,10],[735,1,735,10],[736,1,736,5],[748,8,748,9],[742,1,742,9],[743,1,743,10],[747,1,747,4],[747,8,747,9],[740,8,740,9],[741,8,741,9],[729,5,729,6],[729,8,729,9],[736,8,736,9],[723,1,723,4],[724,1,724,4],[745,1,745,4],[745,8,745,9],[746,1,746,4],[746,8,746,9],[748,1,748,4],[732,8,732,9],[728,8,728,9],[730,5,730,6],[730,8,730,9],[731,5,731,6],[731,8,731,9],[732,5,732,6],[739,8,739,9],[737,1,737,5],[737,8,737,9],[738,1,738,5],[692,1,692,9],[597,8,597,9],[598,8,598,9],[606,8,606,9],[599,8,599,9],[600,8,600,9],[601,1,601,9],[602,1,602,10],[552,8,552,9],[520,1,520,6],[520,8,520,9],[521,1,521,9],[522,1,522,10],[523,1,523,9],[544,8,544,9],[545,8,545,9],[537,8,537,9],[540,1,540,10],[533,1,533,10],[535,8,535,9],[536,8,536,9],[534,5,534,6],[534,8,534,9],[593,1,593,5],[593,8,593,9],[535,5,535,6],[536,5,536,6],[537,5,537,6],[538,1,538,9],[539,1,539,10],[605,8,605,9],[528,1,528,4],[606,1,606,4],[586,1,586,4],[504,1,504,4],[504,8,504,9],[503,8,503,9],[495,8,495,9],[496,8,496,9],[497,8,497,9],[490,1,490,10],[494,8,494,9],[501,1,501,4],[501,8,501,9],[502,1,502,4],[502,8,502,9],[503,1,503,4],[451,8,451,9],[452,1,452,4],[452,8,452,9],[453,1,453,4],[453,8,453,9],[486,5,486,6],[456,1,456,10],[457,8,457,9],[458,8,458,9],[454,1,454,9],[455,1,455,10],[457,1,457,4],[458,1,458,4],[466,8,466,9],[467,8,467,9],[461,1,461,9],[462,1,462,10],[459,8,459,9],[460,8,460,9],[448,1,448,10],[449,1,449,10],[405,1,405,4],[405,8,405,9],[406,1,406,9],[411,8,411,9],[414,1,414,10],[409,8,409,9],[410,8,410,9],[407,1,407,10],[408,1,408,10],[409,1,409,4],[410,1,410,4],[411,1,411,4],[412,1,412,4],[412,8,412,9],[413,1,413,9],[418,8,418,9],[415,1,415,9],[437,8,437,9],[435,5,435,6],[435,8,435,9],[436,5,436,6],[437,5,437,6],[438,5,438,6],[439,5,439,6],[442,1,442,10],[440,1,440,9],[441,1,441,10],[434,1,434,10],[356,8,356,9],[357,8,357,9],[361,1,361,4],[361,8,361,9],[362,1,362,4],[363,1,363,4],[364,1,364,4],[444,1,444,5],[444,8,444,9],[445,1,445,5],[446,1,446,5],[447,1,447,9],[375,1,375,10],[370,8,370,9],[371,8,371,9],[382,1,382,4],[383,1,383,4],[443,1,443,5],[443,8,443,9],[373,1,373,6],[373,8,373,9],[374,1,374,9],[376,1,376,9],[391,5,391,6],[391,8,391,9],[404,8,404,9],[397,8,397,9],[389,5,389,6],[390,5,390,6],[390,8,390,9],[388,8,388,9],[389,8,389,9],[251,8,251,9],[253,1,253,10],[257,8,257,9],[249,8,249,9],[250,8,250,9],[248,1,248,10],[249,5,249,6],[250,5,250,6],[251,5,251,6],[252,1,252,9],[254,1,254,10],[354,8,354,9],[355,1,355,4],[355,8,355,9],[356,1,356,4],[357,1,357,4],[358,1,358,9],[354,1,354,4],[295,8,295,9],[271,1,271,4],[271,8,271,9],[272,1,272,4],[272,8,272,9],[273,1,273,9],[274,1,274,10],[281,8,281,9],[275,1,275,9],[277,1,277,10],[278,8,278,9],[279,1,279,6],[279,8,279,9],[280,1,280,6],[226,1,226,4],[226,8,226,9],[235,8,235,9],[237,1,237,10],[238,1,238,9],[231,1,231,10],[232,8,232,9],[233,8,233,9],[234,8,234,9],[229,1,229,9],[230,1,230,10],[228,1,228,10],[233,1,233,6],[225,1,225,4],[225,8,225,9],[219,8,219,9],[234,1,234,6],[235,1,235,6],[204,5,204,6],[204,8,204,9],[205,5,205,6],[205,8,205,9],[209,8,209,9],[210,1,210,5],[210,8,210,9],[187,8,187,9],[191,1,191,10],[186,8,186,9],[179,1,179,4],[179,8,179,9],[180,1,180,4],[180,8,180,9],[182,1,182,10],[183,1,183,9],[184,1,184,10],[185,1,185,10],[187,1,187,6],[188,1,188,6],[188,8,188,9],[189,1,189,6],[189,8,189,9],[192,1,192,9],[202,1,202,10],[203,5,203,6],[203,8,203,9],[186,1,186,6],[156,8,156,9],[157,5,157,6],[157,8,157,9],[159,5,159,6],[159,8,159,9],[162,1,162,10],[163,1,163,5],[164,1,164,5],[165,1,165,5],[164,8,164,9],[165,8,165,9],[161,1,161,10],[163,8,163,9],[158,5,158,6],[158,8,158,9],[111,5,111,6],[111,8,111,9],[112,5,112,6],[112,8,112,9],[132,8,132,9],[133,1,133,4],[133,8,133,9],[135,1,135,10],[136,1,136,9],[137,1,137,10],[138,1,138,10],[139,8,139,9],[140,1,140,6],[140,8,140,9],[141,1,141,6],[141,8,141,9],[121,1,121,10],[126,8,126,9],[127,1,127,9],[128,1,128,10],[129,1,129,10],[17,5,17,6],[17,8,17,9],[18,5,18,6],[18,8,18,9],[30,1,30,4],[30,8,30,9],[31,1,31,4],[31,8,31,9],[41,1,41,10],[42,1,42,9],[43,1,43,10],[44,1,44,10],[45,8,45,9],[37,1,37,4],[37,8,37,9],[38,1,38,4],[38,8,38,9],[39,1,39,4],[49,1,49,9],[96,1,96,9],[39,8,39,9],[32,1,32,4],[32,8,32,9],[34,1,34,10],[35,1,35,10],[36,1,36,4],[36,8,36,9],[78,8,78,9],[15,5,15,6],[15,8,15,9],[16,5,16,6],[16,8,16,9],[11,1,11,10],[14,1,14,10],[3,3,3,8],[4,3,4,8],[5,3,5,8],[6,3,6,8],[7,3,7,8],[9,3,9,5],[9,6,9,8],[3,1,9,2],[3,9,9,10],[29,1,29,4],[29,8,29,9],[24,1,24,5],[24,8,24,9],[25,1,25,5],[25,8,25,9],[27,1,27,10],[28,1,28,10],[20,1,20,10],[21,1,21,10],[22,1,22,5],[22,8,22,9],[23,1,23,5],[23,8,23,9],[19,1,19,9],[26,1,26,9],[8,3,8,8],[79,1,79,4],[79,8,79,9],[81,1,81,10],[82,1,82,10],[83,1,83,4],[83,8,83,9],[84,1,84,4],[84,8,84,9],[64,5,64,6],[64,8,64,9],[65,5,65,6],[65,8,65,9],[50,1,50,10],[51,1,51,9],[46,1,46,6],[46,8,46,9],[47,1,47,6],[47,8,47,9],[48,1,48,6],[48,8,48,9],[61,1,61,10],[62,5,62,6],[62,8,62,9],[63,5,63,6],[63,8,63,9],[65,1,65,4],[89,1,89,9],[91,1,91,10],[92,8,92,9],[93,1,93,6],[93,8,93,9],[94,1,94,6],[97,1,97,10],[98,1,98,9],[108,1,108,10],[109,5,109,6],[109,8,109,9],[71,1,71,5],[71,8,71,9],[72,1,72,5],[72,8,72,9],[67,1,67,10],[68,1,68,10],[69,1,69,5],[69,8,69,9],[70,1,70,5],[70,8,70,9],[74,1,74,10],[75,1,75,10],[76,1,76,4],[76,8,76,9],[77,1,77,4],[77,8,77,9],[86,1,86,4],[86,8,86,9],[85,1,85,4],[85,8,85,9],[78,1,78,4],[168,1,168,10],[169,1,169,10],[170,8,170,9],[166,1,166,5],[170,1,170,4],[171,1,171,4],[172,1,172,4],[173,1,173,4],[142,1,142,6],[142,8,142,9],[144,1,144,10],[145,1,145,9],[132,1,132,4],[155,1,155,10],[156,5,156,6],[88,1,88,10],[110,5,110,6],[110,8,110,9],[95,1,95,6],[95,8,95,9],[90,1,90,10],[94,8,94,9],[116,8,116,9],[114,1,114,10],[115,1,115,10],[116,1,116,5],[117,1,117,5],[117,8,117,9],[118,1,118,5],[118,8,118,9],[119,1,119,5],[119,8,119,9],[218,8,218,9],[220,1,220,9],[221,1,221,10],[222,1,222,10],[223,1,223,4],[223,8,223,9],[224,1,224,4],[224,8,224,9],[211,1,211,5],[211,8,211,9],[212,1,212,5],[214,1,214,10],[215,1,215,10],[216,1,216,4],[207,1,207,10],[208,1,208,10],[209,1,209,5],[212,8,212,9],[219,1,219,4],[130,1,130,4],[130,8,130,9],[123,8,123,9],[122,1,122,10],[123,1,123,4],[124,1,124,4],[124,8,124,9],[125,1,125,4],[125,8,125,9],[126,1,126,4],[255,1,255,5],[255,8,255,9],[270,8,270,9],[269,8,269,9],[263,8,263,9],[270,1,270,4],[256,1,256,5],[256,8,256,9],[257,1,257,5],[258,1,258,5],[258,8,258,9],[259,1,259,9],[261,1,261,10],[262,1,262,4],[263,1,263,4],[264,1,264,4],[264,8,264,9],[265,1,265,4],[265,8,265,9],[260,1,260,10],[262,8,262,9],[232,1,232,6],[280,8,280,9],[281,1,281,6],[266,1,266,9],[267,1,267,10],[268,1,268,10],[269,1,269,4],[282,1,282,9],[283,1,283,10],[284,1,284,9],[353,1,353,10],[343,8,343,9],[340,1,340,10],[341,5,341,6],[341,8,341,9],[342,5,342,6],[342,8,342,9],[343,5,343,6],[344,1,344,9],[345,1,345,10],[346,1,346,10],[347,1,347,5],[347,8,347,9],[348,1,348,5],[348,8,348,9],[349,1,349,5],[349,8,349,9],[342,1,342,4],[350,1,350,5],[350,8,350,9],[351,1,351,9]],"merged_total":2152,"flags":["merged_cut"]}
[]
[]
[1,2,3,4,5,6,7,8,9,10,11]
[null,null,null,"REPÚBLICA DE COLOMBIA"]
[null,null,null,{"$f":"+DPTO","v":"DEPARTAMENTO DEL CAUCA"}]
[null,null,null,{"$f":"+Nom_Mpio1","v":"MUNICIPIO LA ESTRELLA FLUVIAL"}]
[null,null,null,{"$f":"Dependencia","v":"SECRETARÍA DE OBRAS PÚBLICAS"}]
[null,null,null,{"$f":"+Nom_proy1","v":"MEJORAMIENTO DEL TRAMO VIAL LA PAZ - EL PROGRESO ENTRE EL K5+000 Y EL K6+000 DEL MUNICIPIO LA ESTRELLA FLUVIAL"}]
[]
[null,null,null,"Fecha:",null,null,{"$f":"+Fecha_Pres","v":"2019-10-11"}]
[]
[null,"ANÁLISIS DE PRECIOS UNITARIOS"]
[]
["APU3",{"$f":"IFERROR(VLOOKUP($A14,LISTA_APU,2,FALSE),\"\")","v":"RELLENO PARA ESTRUCTURAS CON MATERIAL IMPORTADO"},null,null,null,null,null,null,"Unidad:",{"$f":"IFERROR(VLOOKUP($A14,LISTA_APU,3,FALSE),\"\")","v":"m³"},{"$f":"K43","v":2420}]
[null,"I. EQUIPO"]
[null,"DESCRIPCIÓN",null,null,null,"TIPO",null,"TARIFA/HORA","RENDIMIENTO",null,"Vr. UNITARIO"]
["e16",{"$f":"+IFERROR(VLOOKUP($A17,INSUMOS_BD2,3,FALSE),\"\")","v":"EQUIPO DE TOPOGRAFÍA"},null,null,null,null,null,{"$f":"+IFERROR(ROUND(IF($B17=\"Herramienta Menor HM (% mano de obra)\",HM,IF($B17=\"Herramienta Menor HM2 (% mano de obra)\",HM_2,VLOOKUP($A17,INSUMOS_BD2,5,FALSE))),2),\"\")","v":15750},200,null,{"$f":"+IFERROR(ROUND(IF($B17=\"Herramienta Menor HM (% mano de obra)\",$K$41*H17,IF($B17=\"Herramienta Menor HM2 (% mano de obra)\",$K$41*H17,H17/I17)),0),\"\")","v":79}]
["e31",{"$f":"+IFERROR(VLOOKUP($A18,INSUMOS_BD2,3,FALSE),\"\")","v":"Herramienta Menor HM (% mano de obra)"},null,null,null,null,null,{"$f":"+IFERROR(ROUND(IF($B18=\"Herramienta Menor HM (% mano de obra)\",HM,IF($B18=\"Herramienta Menor HM2 (% mano de obra)\",HM_2,VLOOKUP($A18,INSUMOS_BD2,5,FALSE))),2),\"\")","v":0.1},null,null,{"$f":"+IFERROR(ROUND(IF($B18=\"Herramienta Menor HM (% mano de obra)\",$K$41*H18,IF($B18=\"Herramienta Menor HM2 (% mano de obra)\",$K$41*H18,H18/I18)),0),\"\")","v":204}]
[null,{"$f":"+IFERROR(VLOOKUP($A19,INSUMOS_BD2,3,FALSE),\"\")","v":""},null,null,null,null,null,{"$f":"+IFERROR(ROUND(IF($B19=\"Herramienta Menor HM (% mano de obra)\",HM,IF($B19=\"Herramienta Menor HM2 (% mano de obra)\",HM_2,VLOOKUP($A19,INSUMOS_BD2,5,FALSE))),2),\"\")","v":""},null,null,{"$f":"+IFERROR(ROUND(IF($B19=\"Herramienta Menor HM (% mano de obra)\",$K$41*H19,IF($B19=\"Herramienta Menor HM2 (% mano de obra)\",$K$41*H19,H19/I19)),0),\"\")","v":""}]
[null,"SUB-TOTAL ",null,null,null,null,null,null,null,null,{"$f":"SUM(K17:K19)","v":283}]
[]
[null,"II. MATERIALES"]
[null,"DESCRIPCIÓN",null,null,null,null,"UNIDAD","CANTIDAD","PRECIO UNIT.",null,"Vr. UNITARIO"]
["m104",{"$f":"+IFERROR(VLOOKUP($A24,INSUMOS_BD2,3,FALSE),\"\")","v":"Estaca"},null,null,null,null,{"$f":"+IFERROR(VLOOKUP($A24,INSUMOS_BD2,4,FALSE),\"\")","v":"und"},0.2,{"$f":"+IFERROR(VLOOKUP($A24,INSUMOS_BD2,5,FALSE),\"\")","v":250},null,{"$f":"IFERROR(ROUND(H24*I24,0),\"\")","v":50}]
["m105",{"$f":"+IFERROR(VLOOKUP($A25,INSUMOS_BD2,3,FALSE),\"\")","v":"Esmalte Doméstico"},null,null,null,null,{"$f":"+IFERROR(VLOOKUP($A25,INSUMOS_BD2,4,FALSE),\"\")","v":"gal"},5.0000000000000001E-4,{"$f":"+IFERROR(VLOOKUP($A25,INSUMOS_BD2,5,FALSE),\"\")","v":50000},null,{"$f":"IFERROR(ROUND(H25*I25,0),\"\")","v":25}]
["m55",{"$f":"+IFERROR(VLOOKUP($A26,INSUMOS_BD2,3,FALSE),\"\")","v":"Puntilla de 1\""},null,null,null,null,{"$f":"+IFERROR(VLOOKUP($A26,INSUMOS_BD2,4,FALSE),\"\")","v":"lb"},0.01,{"$f":"+IFERROR(VLOOKUP($A26,INSUMOS_BD2,5,FALSE),\"\")","v":2350},null,{"$f":"IFERROR(ROUND(H26*I26,0),\"\")","v":24}]
[null,"SUB-TOTAL ",null,null,null,null,null,null,null,null,{"$f":"SUM(K24:K26)","v":99}]
[]
[null,"III. TRANSPORTES"]
[null,"MATERIAL",null,null,null,"FACT. EXPAN o COMPACT","DISTANCIA","VOL. o PESO","TARIFA (m3 o ton/km)",null,"Vr. UNITARIO"]
[null,{"$f":"+IFERROR(VLOOKUP($A31,INSUMOS_BD2,3,FALSE),\"\")","v":""},null,null,null,null,null,{"$f":"+IFERROR(VLOOKUP($A31,INSUMOS_BD2,3,FALSE),\"\")","v":""},{"$f":"+IFERROR(VLOOKUP($A31,INSUMOS_BD2,5,FALSE),\"\")","v":""},null,{"$f":"IFERROR(ROUND(F31*G31*I31,0),\"\")","v":""}]
[null,{"$f":"+IFERROR(VLOOKUP($A32,INSUMOS_BD2,3,FALSE),\"\")","v":""},null,null,null,null,null,{"$f":"+IFERROR(VLOOKUP($A32,INSUMOS_BD2,3,FALSE),\"\")","v":""},{"$f":"+IFERROR(VLOOKUP($A32,INSUMOS_BD2,5,FALSE),\"\")","v":""},null,{"$f":"IFERROR(ROUND(F32*G32*I32,0),\"\")","v":""}]
[null,{"$f":"+IFERROR(VLOOKUP($A33,INSUMOS_BD2,3,FALSE),\"\")","v":""},null,null,null,null,null,{"$f":"+IFERROR(VLOOKUP($A33,INSUMOS_BD2,3,FALSE),\"\")","v":""},{"$f":"+IFERROR(VLOOKUP($A33,INSUMOS_BD2,5,FALSE),\"\")","v":""},null,{"$f":"IFERROR(ROUND(F33*G33*I33,0),\"\")","v":""}]
[null,"SUB-TOTAL ",null,null,null,null,null,null,null,null,{"$f":"SUM(K31:K33)","v":0}]
[]
[null,"IV. MANO DE OBRA"]
[null,"TRABAJADOR",null,null,null,"JORNAL","PRESTACIÓN","JORNAL TOTAL","RENDIMIENTO",null,"Vr. UNITARIO"]
["MO25",{"$f":"+IFERROR(VLOOKUP($A38,INSUMOS_BD2,3,FALSE),\"\")","v":"COMISIÓN TOPOGRAFÍA"},null,null,null,{"$f":"+IFERROR(VLOOKUP($A38,INSUMOS_BD2,5,FALSE),\"\")","v":242082},{"$f":"+F_PREST","v":0.68363548318755485},{"$f":"IFERROR(F38*(1+G38),\"\")","v":407577.84504100966},200,null,{"$f":"IFERROR(ROUND(H38/I38,0),\"\")","v":2038}]
[null,{"$f":"+IFERROR(VLOOKUP($A39,INSUMOS_BD2,3,FALSE),\"\")","v":""},null,null,null,{"$f":"+IFERROR(VLOOKUP($A39,INSUMOS_BD2,4,FALSE),\"\")","v":""},null,{"$f":"IFERROR(F39*(1+G39),\"\")","v":""},null,null,{"$f":"IFERROR(ROUND(H39/I39,0),\"\")","v":""}]
[null,{"$f":"+IFERROR(VLOOKUP($A40,INSUMOS_BD2,3,FALSE),\"\")","v":""},null,null,null,"",null,{"$f":"IFERROR(F40*(1+G40),\"\")","v":""},null,null,{"$f":"IFERROR(ROUND(H40/I40,0),\"\")","v":""}]
[null,"SUB-TOTAL ",null,null,null,null,null,null,null,null,{"$f":"SUM(K38:K40)","v":2038}]
[]
[null,"TOTAL COSTO DIRECTO",null,null,null,null,null,null,null,null,{"$f":"ROUND((+K41+K34+K27+K20),0)","v":2420}]
[]
[null,"V. COSTOS INDIRECTOS"]
[null,"DESCRIPCIÓN",null,null,null,null,null,"PORCENTAJE","V/TOTAL"]
[null,"ADMINISTRACION",null,null,null,null,null,{"$f":"+ADMON","v":0.01},{"$f":"ROUND(K43*H47,0)","v":24}]
[null,"IMPREVISTOS ",null,null,null,null,null,{"$f":"+IMPREVISTOS","v":0.02},{"$f":"ROUND(K43*H48,0)","v":48}]
[null,"UTILIDAD",null,null,null,null,null,{"$f":"+UTILIDAD","v":0.05},{"$f":"ROUND(K43*H49,0)","v":121}]
[null,"TOTAL COSTOS INDIRECTOS ",null,null,null,null,null,null,null,null,{"$f":"SUM(I47:J49)","v":193}]
[]
[null,"VALOR UNITARIO",null,null,null,null,null,null,null,null,{"$f":"+ROUND(K50+K43,0)","v":2613}]
[]
[]
[]
[]
[null,{"$f":"+Responsable","v":"JULIANA MARÍA VELEZ"}]
[null,{"$f":"+Cargo","v":"SECRETARIA DE OBRAS PÚBLICAS"}]
[null,{"$f":"+MT_Responsable","v":"M.P. N°.  191919199 CAU"}]
[]
["APU13",{"$f":"IFERROR(VLOOKUP($A61,LISTA_APU,2,FALSE),\"\")","v":"LOCALIZACIÓN Y REPLANTEO"},null,null,null,null,null,null,"Unidad:",{"$f":"IFERROR(VLOOKUP($A61,LISTA_APU,3,FALSE),\"\")","v":"m²"},{"$f":"K90","v":3222}]
[null,"I. EQUIPO"]
[null,"DESCRIPCIÓN",null,null,null,"TIPO",null,"TARIFA/HORA","RENDIMIENTO",null,"Vr. UNITARIO"]
["E16",{"$f":"+IFERROR(VLOOKUP($A64,INSUMOS_BD2,3,FALSE),\"\")","v":"EQUIPO DE TOPOGRAFÍA"},null,null,null,null,null,{"$f":"+IFERROR(ROUND(IF($B64=\"Herramienta Menor HM (% mano de obra)\",HM,IF($B64=\"Herramienta Menor HM2 (% mano de obra)\",HM_2,VLOOKUP($A64,INSUMOS_BD2,5,FALSE))),2),\"\")","v":15750},180,null,{"$f":"+IFERROR(ROUND(IF($B64=\"Herramienta Menor HM (% mano de obra)\",$K$88*H64,IF($B64=\"Herramienta Menor HM2 (% mano de obra)\",$K$88*H64,H64/I64)),0),\"\")","v":88}]
["e31",{"$f":"+IFERROR(VLOOKUP($A65,INSUMOS_BD2,3,FALSE),\"\")","v":"Herramienta Menor HM (% mano de obra)"},null,null,null,null,null,{"$f":"+IFERROR(ROUND(IF($B65=\"Herramienta Menor HM (% mano de obra)\",HM,IF($B65=\"Herramienta Menor HM2 (% mano de obra)\",HM_2,VLOOKUP($A65,INSUMOS_BD2,5,FALSE))),2),\"\")","v":0.1},null,null,{"$f":"+IFERROR(ROUND(IF($B65=\"Herramienta Menor HM (% mano de obra)\",$K$88*H65,IF($B65=\"Herramienta Menor HM2 (% mano de obra)\",$K$88*H65,H65/I65)),0),\"\")","v":226}]
[null,{"$f":"+IFERROR(VLOOKUP($A66,INSUMOS_BD2,3,FALSE),\"\")","v":""},null,null,null,null,null,{"$f":"+IFERROR(ROUND(IF($B66=\"Herramienta Menor HM (% mano de obra)\",HM,IF($B66=\"Herramienta Menor HM2 (% mano de obra)\",HM_2,VLOOKUP($A66,INSUMOS_BD2,5,FALSE))),2),\"\")","v":""},null,null,{"$f":"+IFERROR(ROUND(IF($B66=\"Herramienta Menor HM (% mano de obra)\",$K$88*H66,IF($B66=\"Herramienta Menor HM2 (% mano de obra)\",$K$88*H66,H66/I66)),0),\"\")","v":""}]
[null,"SUB-TOTAL ",null,null,null,null,null,null,null,null,{"$f":"SUM(K64:K66)","v":314}]
[]
[null,"II. MATERIALES"]
[null,"DESCRIPCIÓN",null,null,null,null,"UNIDAD","CANTIDAD","PRECIO UNIT.",null,"Vr. UNITARIO"]
["m104",{"$f":"+IFERROR(VLOOKUP($A71,INSUMOS_BD2,3,FALSE),\"\")","v":"Estaca"},null,null,null,null,{"$f":"+IFERROR(VLOOKUP($A71,INSUMOS_BD2,4,FALSE),\"\")","v":"und"},2,{"$f":"+IFERROR(VLOOKUP($A71,INSUMOS_BD2,5,FALSE),\"\")","v":250},null,{"$f":"IFERROR(ROUND(H71*I71,0),\"\")","v":500}]
["m105",{"$f":"+IFERROR(VLOOKUP($A72,INSUMOS_BD2,3,FALSE),\"\")","v":"Esmalte Doméstico"},null,null,null,null,{"$f":"+IFERROR(VLOOKUP($A72,INSUMOS_BD2,4,FALSE),\"\")","v":"gal"},1E-3,{"$f":"+IFERROR(VLOOKUP($A72,INSUMOS_BD2,5,FALSE),\"\")","v":50000},null,{"$f":"IFERROR(ROUND(H72*I72,0),\"\")","v":50}]
["m55",{"$f":"+IFERROR(VLOOKUP($A73,INSUMOS_BD2,3,FALSE),\"\")","v":"Puntilla de 1\""},null,null,null,null,{"$f":"+IFERROR(VLOOKUP($A73,INSUMOS_BD2,4,FALSE),\"\")","v":"lb"},0.04,{"$f":"+IFERROR(VLOOKUP($A73,INSUMOS_BD2,5,FALSE),\"\")","v":2350},null,{"$f":"IFERROR(ROUND(H73*I73,0),\"\")","v":94}]
[null,"SUB-TOTAL ",null,null,null,null,null,null,null,null,{"$f":"SUM(K71:K73)","v":644}]
[]
[null,"III. TRANSPORTES"]
[null,"MATERIAL",null,null,null,"FACT. EXPAN o COMPACT","DISTANCIA","VOL. o PESO","TARIFA (m3 o ton/km)",null,"Vr. UNITARIO"]
[null,{"$f":"+IFERROR(VLOOKUP($A78,INSUMOS_BD2,3,FALSE),\"\")","v":""},null,null,null,null,null,{"$f":"+IFERROR(VLOOKUP($A78,INSUMOS_BD2,3,FALSE),\"\")","v":""},{"$f":"+IFERROR(VLOOKUP($A78,INSUMOS_BD2,5,FALSE),\"\")","v":""},null,{"$f":"IFERROR(ROUND(F78*G78*I78,0),\"\")","v":""}]
[null,{"$f":"+IFERROR(VLOOKUP($A79,INSUMOS_BD2,3,FALSE),\"\")","v":""},null,null,null,null,null,{"$f":"+IFERROR(VLOOKUP($A79,INSUMOS_BD2,3,FALSE),\"\")","v":""},{"$f":"+IFERROR(VLOOKUP($A79,INSUMOS_BD2,5,FALSE),\"\")","v":""},null,{"$f":"IFERROR(ROUND(F79*G79*I79,0),\"\")","v":""}]
[null,{"$f":"+IFERROR(VLOOKUP($A80,INSUMOS_BD2,3,FALSE),\"\")","v":""},null,null,null,null,null,{"$f":"+IFERROR(VLOOKUP($A80,INSUMOS_BD2,3,FALSE),\"\")","v":""},{"$f":"+IFERROR(VLOOKUP($A80,INSUMOS_BD2,5,FALSE),\"\")","v":""},null,{"$f":"IFERROR(ROUND(F80*G80*I80,0),\"\")","v":""}]
[null,"SUB-TOTAL ",null,null,null,null,null,null,null,null,{"$f":"SUM(K78:K80)","v":0}]
[]
[null,"IV. MANO DE OBRA"]
[null,"TRABAJADOR",null,null,null,"JORNAL","PRESTACIÓN","JORNAL TOTAL","RENDIMIENTO",null,"Vr. UNITARIO"]
["MO25",{"$f":"+IFERROR(VLOOKUP($A85,INSUMOS_BD2,3,FALSE),\"\")","v":"COMISIÓN TOPOGRAFÍA"},null,null,null,{"$f":"+IFERROR(VLOOKUP($A85,INSUMOS_BD2,5,FALSE),\"\")","v":242082},{"$f":"+F_PREST","v":0.68363548318755485},{"$f":"IFERROR(F85*(1+G85),\"\")","v":407577.84504100966},180,null,{"$f":"IFERROR(ROUND(H85/I85,0),\"\")","v":2264}]
[null,{"$f":"+IFERROR(VLOOKUP($A86,INSUMOS_BD2,3,FALSE),\"\")","v":""},null,null,null,{"$f":"+IFERROR(VLOOKUP($A86,INSUMOS_BD2,4,FALSE),\"\")","v":""},null,{"$f":"IFERROR(F86*(1+G86),\"\")","v":""},null,null,{"$f":"IFERROR(ROUND(H86/I86,0),\"\")","v":""}]
[null,{"$f":"+IFERROR(VLOOKUP($A87,INSUMOS_BD2,3,FALSE),\"\")","v":""},null,null,null,"",null,{"$f":"IFERROR(F87*(1+G87),\"\")","v":""},null,null,{"$f":"IFERROR(ROUND(H87/I87,0),\"\")","v":""}]
[null,"SUB-TOTAL ",null,null,null,null,null,null,null,null,{"$f":"SUM(K85:K87)","v":2264}]
[]
[null,"TOTAL COSTO DIRECTO",null,null,null,null,null,null,null,null,{"$f":"ROUND((+K88+K81+K74+K67),0)","v":3222}]
[]
[null,"V. COSTOS INDIRECTOS"]
[null,"DESCRIPCIÓN",null,null,null,null,null,"PORCENTAJE","V/TOTAL"]
[null,"ADMINISTRACION",null,null,null,null,null,{"$f":"+ADMON","v":0.01},{"$f":"ROUND(K90*H94,0)","v":32}]
[null,"IMPREVISTOS ",null,null,null,null,null,{"$f":"+IMPREVISTOS","v":0.02},{"$f":"ROUND(K90*H95,0)","v":64}]
[null,"UTILIDAD",null,null,null,null,null,{"$f":"+UTILIDAD","v":0.05},{"$f":"ROUND(K90*H96,0)","v":161}]
[null,"TOTAL COSTOS INDIRECTOS ",null,null,null,null,null,null,null,null,{"$f":"SUM(I94:J96)","v":257}]
[]
[null,"VALOR UNITARIO",null,null,null,null,null,null,null,null,{"$f":"+ROUND(K97+K90,0)","v":3479}]
[]
[]
[]
[]
[null,{"$f":"+Responsable","v":"JULIANA MARÍA VELEZ"}]
[null,{"$f":"+Cargo","v":"SECRETARIA DE OBRAS PÚBLICAS"}]
[null,{"$f":"+MT_Responsable","v":"M.P. N°.  191919199 CAU"}]
[]
["APU16",{"$f":"IFERROR(VLOOKUP($A108,LISTA_APU,2,FALSE),\"\")","v":"LOCALIZACIÓN Y REPLANTEO"},null,null,null,null,null,null,"Unidad:",{"$f":"IFERROR(VLOOKUP($A108,LISTA_APU,3,FALSE),\"\")","v":"und"},{"$f":"K137","v":213819}]
[null,"I. EQUIPO"]
[null,"DESCRIPCIÓN",null,null,null,"TIPO",null,"TARIFA/HORA","RENDIMIENTO",null,"Vr. UNITARIO"]
["e16",{"$f":"+IFERROR(VLOOKUP($A111,INSUMOS_BD2,3,FALSE),\"\")","v":"EQUIPO DE TOPOGRAFÍA"},null,null,null,null,null,{"$f":"+IFERROR(ROUND(IF($B111=\"Herramienta Menor HM (% mano de obra)\",HM,IF($B111=\"Herramienta Menor HM2 (% mano de obra)\",HM_2,VLOOKUP($A111,INSUMOS_BD2,5,FALSE))),2),\"\")","v":15750},0.5,null,{"$f":"+IFERROR(ROUND(IF($B111=\"Herramienta Menor HM (% mano de obra)\",$K$135*H111,IF($B111=\"Herramienta Menor HM2 (% mano de obra)\",$K$135*H111,H111/I111)),0),\"\")","v":31500}]
["e31",{"$f":"+IFERROR(VLOOKUP($A112,INSUMOS_BD2,3,FALSE),\"\")","v":"Herramienta Menor HM (% mano de obra)"},null,null,null,null,null,{"$f":"+IFERROR(ROUND(IF($B112=\"Herramienta Menor HM (% mano de obra)\",HM,IF($B112=\"Herramienta Menor HM2 (% mano de obra)\",HM_2,VLOOKUP($A112,INSUMOS_BD2,5,FALSE))),2),\"\")","v":0.1},null,null,{"$f":"+IFERROR(ROUND(IF($B112=\"Herramienta Menor HM (% mano de obra)\",$K$135*H112,IF($B112=\"Herramienta Menor HM2 (% mano de obra)\",$K$135*H112,H112/I112)),0),\"\")","v":16303}]
[null,{"$f":"+IFERROR(VLOOKUP($A113,INSUMOS_BD2,3,FALSE),\"\")","v":""},null,null,null,null,null,{"$f":"+IFERROR(ROUND(IF($B113=\"Herramienta Menor HM (% mano de obra)\",HM,IF($B113=\"Herramienta Menor HM2 (% mano de obra)\",HM_2,VLOOKUP($A113,INSUMOS_BD2,5,FALSE))),2),\"\")","v":""},null,null,{"$f":"+IFERROR(ROUND(IF($B113=\"Herramienta Menor HM (% mano de obra)\",$K$135*H113,IF($B113=\"Herramienta Menor HM2 (% mano de obra)\",$K$135*H113,H113/I113)),0),\"\")","v":""}]
[null,"SUB-TOTAL ",null,null,null,null,null,null,null,null,{"$f":"SUM(K111:K113)","v":47803}]
[]
[null,"II. MATERIALES"]
[null,"DESCRIPCIÓN",null,null,null,null,"UNIDAD","CANTIDAD","PRECIO UNIT.",null,"Vr. UNITARIO"]
["m104",{"$f":"+IFERROR(VLOOKUP($A118,INSUMOS_BD2,3,FALSE),\"\")","v":"Estaca"},null,null,null,null,{"$f":"+IFERROR(VLOOKUP($A118,INSUMOS_BD2,4,FALSE),\"\")","v":"und"},10,{"$f":"+IFERROR(VLOOKUP($A118,INSUMOS_BD2,5,FALSE),\"\")","v":250},null,{"$f":"IFERROR(ROUND(H118*I118,0),\"\")","v":2500}]
["m105",{"$f":"+IFERROR(VLOOKUP($A119,INSUMOS_BD2,3,FALSE),\"\")","v":"Esmalte Doméstico"},null,null,null,null,{"$f":"+IFERROR(VLOOKUP($A119,INSUMOS_BD2,4,FALSE),\"\")","v":"gal"},5.0000000000000001E-3,{"$f":"+IFERROR(VLOOKUP($A119,INSUMOS_BD2,5,FALSE),\"\")","v":50000},null,{"$f":"IFERROR(ROUND(H119*I119,0),\"\")","v":250}]
["m55",{"$f":"+IFERROR(VLOOKUP($A120,INSUMOS_BD2,3,FALSE),\"\")","v":"Puntilla de 1\""},null,null,null,null,{"$f":"+IFERROR(VLOOKUP($A120,INSUMOS_BD2,4,FALSE),\"\")","v":"lb"},0.1,{"$f":"+IFERROR(VLOOKUP($A120,INSUMOS_BD2,5,FALSE),\"\")","v":2350},null,{"$f":"IFERROR(ROUND(H120*I120,0),\"\")","v":235}]
[null,"SUB-TOTAL ",null,null,null,null,null,null,null,null,{"$f":"SUM(K118:K120)","v":2985}]
[]
[null,"III. TRANSPORTES"]
[null,"MATERIAL",null,null,null,"FACT. EXPAN o COMPACT","DISTANCIA","VOL. o PESO","TARIFA (m3 o ton/km)",null,"Vr. UNITARIO"]
[null,{"$f":"+IFERROR(VLOOKUP($A125,INSUMOS_BD2,3,FALSE),\"\")","v":""},null,null,null,null,null,{"$f":"+IFERROR(VLOOKUP($A125,INSUMOS_BD2,3,FALSE),\"\")","v":""},{"$f":"+IFERROR(VLOOKUP($A125,INSUMOS_BD2,5,FALSE),\"\")","v":""},null,{"$f":"IFERROR(ROUND(F125*G125*I125,0),\"\")","v":""}]
[null,{"$f":"+IFERROR(VLOOKUP($A126,INSUMOS_BD2,3,FALSE),\"\")","v":""},null,null,null,null,null,{"$f":"+IFERROR(VLOOKUP($A126,INSUMOS_BD2,3,FALSE),\"\")","v":""},{"$f":"+IFERROR(VLOOKUP($A126,INSUMOS_BD2,5,FALSE),\"\")","v":""},null,{"$f":"IFERROR(ROUND(F126*G126*I126,0),\"\")","v":""}]
[null,{"$f":"+IFERROR(VLOOKUP($A127,INSUMOS_BD2,3,FALSE),\"\")","v":""},null,null,null,null,null,{"$f":"+IFERROR(VLOOKUP($A127,INSUMOS_BD2,3,FALSE),\"\")","v":""},{"$f":"+IFERROR(VLOOKUP($A127,INSUMOS_BD2,5,FALSE),\"\")","v":""},null,{"$f":"IFERROR(ROUND(F127*G127*I127,0),\"\")","v":""}]
[null,"SUB-TOTAL ",null,null,null,null,null,null,null,null,{"$f":"SUM(K125:K127)","v":0}]
[]
[null,"IV. MANO DE OBRA"]
[null,"TRABAJADOR",null,null,null,"JORNAL","PRESTACIÓN","JORNAL TOTAL","RENDIMIENTO",null,"Vr. UNITARIO"]
["MO25",{"$f":"+IFERROR(VLOOKUP($A132,INSUMOS_BD2,3,FALSE),\"\")","v":"COMISIÓN TOPOGRAFÍA"},null,null,null,{"$f":"+IFERROR(VLOOKUP($A132,INSUMOS_BD2,5,FALSE),\"\")","v":242082},{"$f":"+F_PREST","v":0.68363548318755485},{"$f":"IFERROR(F132*(1+G132),\"\")","v":407577.84504100966},2.5,null,{"$f":"IFERROR(ROUND(H132/I132,0),\"\")","v":163031}]
[null,{"$f":"+IFERROR(VLOOKUP($A133,INSUMOS_BD2,3,FALSE),\"\")","v":""},null,null,null,{"$f":"+IFERROR(VLOOKUP($A133,INSUMOS_BD2,4,FALSE),\"\")","v":""},null,{"$f":"IFERROR(F133*(1+G133),\"\")","v":""},null,null,{"$f":"IFERROR(ROUND(H133/I133,0),\"\")","v":""}]
[null,{"$f":"+IFERROR(VLOOKUP($A134,INSUMOS_BD2,3,FALSE),\"\")","v":""},null,null,null,{"$f":"+IFERROR(VLOOKUP($A134,INSUMOS_BD2,4,FALSE),\"\")","v":""},null,{"$f":"IFERROR(F134*(1+G134),\"\")","v":""},null,null,{"$f":"IFERROR(ROUND(H134/I134,0),\"\")","v":""}]
[null,"SUB-TOTAL ",null,null,null,null,null,null,null,null,{"$f":"SUM(K132:K134)","v":163031}]
[]
[null,"TOTAL COSTO DIRECTO",null,null,null,null,null,null,null,null,{"$f":"ROUND((+K135+K128+K121+K114),0)","v":213819}]
[]
[null,"V. COSTOS INDIRECTOS"]
[null,"DESCRIPCIÓN",null,null,null,null,null,"PORCENTAJE","V/TOTAL"]
[null,"ADMINISTRACION",null,null,null,null,null,{"$f":"+ADMON","v":0.01},{"$f":"ROUND(K137*H141,0)","v":2138}]
[null,"IMPREVISTOS ",null,null,null,null,null,{"$f":"+IMPREVISTOS","v":0.02},{"$f":"ROUND(K137*H142,0)","v":4276}]
[null,"UTILIDAD",null,null,null,null,null,{"$f":"+UTILIDAD","v":0.05},{"$f":"ROUND(K137*H143,0)","v":10691}]
[null,"TOTAL COSTOS INDIRECTOS ",null,null,null,null,null,null,null,null,{"$f":"SUM(I141:J143)","v":17105}]
[]
[null,"VALOR UNITARIO",null,null,null,null,null,null,null,null,{"$f":"+ROUND(K144+K137,0)","v":230924}]
[]
[]
[]
[]
[null,{"$f":"+Responsable","v":"JULIANA MARÍA VELEZ"}]
[null,{"$f":"+Cargo","v":"SECRETARIA DE OBRAS PÚBLICAS"}]
[null,{"$f":"+MT_Responsable","v":"M.P. N°.  191919199 CAU"}]
[]
["APU17",{"$f":"IFERROR(VLOOKUP($A155,LISTA_APU,2,FALSE),\"\")","v":" DEMOLICION DE ESTRUCTURAS"},null,null,null,null,null,null,"Unidad:",{"$f":"IFERROR(VLOOKUP($A155,LISTA_APU,3,FALSE),\"\")","v":"m³"},{"$f":"K184","v":106842}]
[null,"I. EQUIPO"]
[null,"DESCRIPCIÓN",null,null,null,"TIPO",null,"TARIFA/HORA","RENDIMIENTO",null,"Vr. UNITARIO"]
["e20",{"$f":"+IFERROR(VLOOKUP($A158,INSUMOS_BD2,3,FALSE),\"\")","v":" RETROEXCAVADORA CAP. 1.5 YD3 SOBRE ORUGA"},null,null,null,null,null,{"$f":"+IFERROR(ROUND(IF($B158=\"Herramienta Menor HM (% mano de obra)\",HM,IF($B158=\"Herramienta Menor HM2 (% mano de obra)\",HM_2,VLOOKUP($A158,INSUMOS_BD2,5,FALSE))),2),\"\")","v":130000},3,null,{"$f":"+IFERROR(ROUND(IF($B158=\"Herramienta Menor HM (% mano de obra)\",$K$182*H158,IF($B158=\"Herramienta Menor HM2 (% mano de obra)\",$K$182*H158,H158/I158)),0),\"\")","v":43333}]
["E12",{"$f":"+IFERROR(VLOOKUP($A159,INSUMOS_BD2,3,FALSE),\"\")","v":" COMPRESOR 125 PIES 3 CON MARTILLO"},null,null,null,null,null,{"$f":"+IFERROR(ROUND(IF($B159=\"Herramienta Menor HM (% mano de obra)\",HM,IF($B159=\"Herramienta Menor HM2 (% mano de obra)\",HM_2,VLOOKUP($A159,INSUMOS_BD2,5,FALSE))),2),\"\")","v":90000},3,null,{"$f":"+IFERROR(ROUND(IF($B159=\"Herramienta Menor HM (% mano de obra)\",$K$182*H159,IF($B159=\"Herramienta Menor HM2 (% mano de obra)\",$K$182*H159,H159/I159)),0),\"\")","v":30000}]
["e14",{"$f":"+IFERROR(VLOOKUP($A160,INSUMOS_BD2,3,FALSE),\"\")","v":" EQUIPO DE OXICORTE"},null,null,null,null,null,{"$f":"+IFERROR(ROUND(IF($B160=\"Herramienta Menor HM (% mano de obra)\",HM,IF($B160=\"Herramienta Menor HM2 (% mano de obra)\",HM_2,VLOOKUP($A160,INSUMOS_BD2,5,FALSE))),2),\"\")","v":31500},3,null,{"$f":"+IFERROR(ROUND(IF($B160=\"Herramienta Menor HM (% mano de obra)\",$K$182*H160,IF($B160=\"Herramienta Menor HM2 (% mano de obra)\",$K$182*H160,H160/I160)),0),\"\")","v":10500}]
[null,"SUB-TOTAL ",null,null,null,null,null,null,null,null,{"$f":"SUM(K158:K160)","v":83833}]
[]
[null,"II. MATERIALES"]
[null,"DESCRIPCIÓN",null,null,null,null,"UNIDAD","CANTIDAD","PRECIO UNIT.",null,"Vr. UNITARIO"]
[null,{"$f":"+IFERROR(VLOOKUP($A165,INSUMOS_BD2,3,FALSE),\"\")","v":""},null,null,null,null,{"$f":"+IFERROR(VLOOKUP($A165,INSUMOS_BD2,4,FALSE),\"\")","v":""},null,{"$f":"+IFERROR(VLOOKUP($A165,INSUMOS_BD2,5,FALSE),\"\")","v":""},null,{"$f":"IFERROR(ROUND(H165*I165,0),\"\")","v":""}]
[null,{"$f":"+IFERROR(VLOOKUP($A166,INSUMOS_BD2,3,FALSE),\"\")","v":""},null,null,null,null,{"$f":"+IFERROR(VLOOKUP($A166,INSUMOS_BD2,4,FALSE),\"\")","v":""},null,{"$f":"+IFERROR(VLOOKUP($A166,INSUMOS_BD2,5,FALSE),\"\")","v":""},null,{"$f":"IFERROR(ROUND(H166*I166,0),\"\")","v":""}]
[null,{"$f":"+IFERROR(VLOOKUP($A167,INSUMOS_BD2,3,FALSE),\"\")","v":""},null,null,null,null,{"$f":"+IFERROR(VLOOKUP($A167,INSUMOS_BD2,4,FALSE),\"\")","v":""},null,{"$f":"+IFERROR(VLOOKUP($A167,INSUMOS_BD2,5,FALSE),\"\")","v":""},null,{"$f":"IFERROR(ROUND(H167*I167,0),\"\")","v":""}]
[null,"SUB-TOTAL ",null,null,null,null,null,null,null,null,{"$f":"SUM(K165:K167)","v":0}]
[]
[null,"III. TRANSPORTES"]
[null,"MATERIAL",null,null,null,"FACT. EXPAN o COMPACT","DISTANCIA","VOL. o PESO","TARIFA (m3 o ton/km)",null,"Vr. UNITARIO"]
["t14",{"$f":"+IFERROR(VLOOKUP($A172,INSUMOS_BD2,3,FALSE),\"\")","v":"TRANSPORTE MATERIAL DEMOLICION"},null,null,null,{"$f":"+F_Expan","v":1.25},{"$f":"+D_Bote","v":8},1,{"$f":"+IFERROR(VLOOKUP($A172,INSUMOS_BD2,5,FALSE),\"\")","v":1200},null,{"$f":"IFERROR(ROUND(F172*G172*H172*I172,0),\"\")","v":12000}]
[null,{"$f":"+IFERROR(VLOOKUP($A173,INSUMOS_BD2,3,FALSE),\"\")","v":""},null,null,null,null,null,{"$f":"+IFERROR(VLOOKUP($A173,INSUMOS_BD2,3,FALSE),\"\")","v":""},{"$f":"+IFERROR(VLOOKUP($A173,INSUMOS_BD2,5,FALSE),\"\")","v":""},null,{"$f":"IFERROR(ROUND(F173*G173*I173,0),\"\")","v":""}]
[null,{"$f":"+IFERROR(VLOOKUP($A174,INSUMOS_BD2,3,FALSE),\"\")","v":""},null,null,null,null,null,{"$f":"+IFERROR(VLOOKUP($A174,INSUMOS_BD2,3,FALSE),\"\")","v":""},{"$f":"+IFERROR(VLOOKUP($A174,INSUMOS_BD2,5,FALSE),\"\")","v":""},null,{"$f":"IFERROR(ROUND(F174*G174*I174,0),\"\")","v":""}]
[null,"SUB-TOTAL ",null,null,null,null,null,null,null,null,{"$f":"SUM(K172:K174)","v":12000}]
[]
[null,"IV. MANO DE OBRA"]
[null,"TRABAJADOR",null,null,null,"JORNAL","PRESTACIÓN","JORNAL TOTAL","RENDIMIENTO",null,"Vr. UNITARIO"]
["MO4",{"$f":"+IFERROR(VLOOKUP($A179,INSUMOS_BD2,3,FALSE),\"\")","v":" OBREROS (2)"},null,null,null,{"$f":"+IFERROR(VLOOKUP($A179,INSUMOS_BD2,5,FALSE),\"\")","v":52082},{"$f":"+F_PREST","v":0.68363548318755485},{"$f":"IFERROR(F179*(1+G179),\"\")","v":87687.103235374234},15,null,{"$f":"IFERROR(ROUND(H179/I179,0),\"\")","v":5846}]
["MO18",{"$f":"+IFERROR(VLOOKUP($A180,INSUMOS_BD2,3,FALSE),\"\")","v":"OFICIAL (1)"},null,null,null,{"$f":"+IFERROR(VLOOKUP($A180,INSUMOS_BD2,5,FALSE),\"\")","v":46000},{"$f":"+F_PREST","v":0.68363548318755485},{"$f":"IFERROR(F180*(1+G180),\"\")","v":77447.23222662753},15,null,{"$f":"IFERROR(ROUND(H180/I180,0),\"\")","v":5163}]
[null,{"$f":"+IFERROR(VLOOKUP($A181,INSUMOS_BD2,3,FALSE),\"\")","v":""},null,null,null,{"$f":"+IFERROR(VLOOKUP($A181,INSUMOS_BD2,4,FALSE),\"\")","v":""},null,{"$f":"IFERROR(F181*(1+G181),\"\")","v":""},null,null,{"$f":"IFERROR(ROUND(H181/I181,0),\"\")","v":""}]
[null,"SUB-TOTAL ",null,null,null,null,null,null,null,null,{"$f":"SUM(K179:K181)","v":11009}]
[]
[null,"TOTAL COSTO DIRECTO",null,null,null,null,null,null,null,null,{"$f":"ROUND((+K182+K175+K168+K161),0)","v":106842}]
[]
[null,"V. COSTOS INDIRECTOS"]
[null,"DESCRIPCIÓN",null,null,null,null,null,"PORCENTAJE","V/TOTAL"]
[null,"ADMINISTRACION",null,null,null,null,null,{"$f":"+ADMON","v":0.01},{"$f":"ROUND(K184*H188,0)","v":1068}]
[null,"IMPREVISTOS ",null,null,null,null,null,{"$f":"+IMPREVISTOS","v":0.02},{"$f":"ROUND(K184*H189,0)","v":2137}]
[null,"UTILIDAD",null,null,null,null,null,{"$f":"+UTILIDAD","v":0.05},{"$f":"ROUND(K184*H190,0)","v":5342}]
[null,"TOTAL COSTOS INDIRECTOS ",null,null,null,null,null,null,null,null,{"$f":"SUM(I188:J190)","v":8547}]
[]
[null,"VALOR UNITARIO",null,null,null,null,null,null,null,null,{"$f":"+ROUND(K191+K184,0)","v":115389}]
[]
[]
[]
[]
[null,{"$f":"+Responsable","v":"JULIANA MARÍA VELEZ"}]
[null,{"$f":"+Cargo","v":"SECRETARIA DE OBRAS PÚBLICAS"}]
[null,{"$f":"+MT_Responsable","v":"M.P. N°.  191919199 CAU"}]
[]
["APU2",{"$f":"IFERROR(VLOOKUP($A202,LISTA_APU,2,FALSE),\"\")","v":"EXCAVACION SIN CLASIFICAR DE LA EXPLANACION Y CANALES"},null,null,null,null,null,null,"Unidad:",{"$f":"IFERROR(VLOOKUP($A202,LISTA_APU,3,FALSE),\"\")","v":"m³"},{"$f":"K230","v":6661}]
[null,"I. EQUIPO"]
[null,"DESCRIPCIÓN",null,null,null,"TIPO",null,"TARIFA/HORA","RENDIMIENTO",null,"Vr. UNITARIO"]
["e20",{"$f":"+IFERROR(VLOOKUP($A205,INSUMOS_BD2,3,FALSE),\"\")","v":" RETROEXCAVADORA CAP. 1.5 YD3 SOBRE ORUGA"},null,null,null,null,null,{"$f":"+IFERROR(ROUND(IF($B205=\"Herramienta Menor HM (% mano de obra)\",HM,IF($B205=\"Herramienta Menor HM2 (% mano de obra)\",HM_2,VLOOKUP($A205,INSUMOS_BD2,5,FALSE))),2),\"\")","v":130000},20,null,{"$f":"+IFERROR(ROUND(IF($B205=\"Herramienta Menor HM (% mano de obra)\",$K$228*H205,IF($B205=\"Herramienta Menor HM2 (% mano de obra)\",$K$228*H205,H205/I205)),0),\"\")","v":6500}]
["e31",{"$f":"+IFERROR(VLOOKUP($A206,INSUMOS_BD2,3,FALSE),\"\")","v":"Herramienta Menor HM (% mano de obra)"},null,null,null,null,null,{"$f":"+IFERROR(ROUND(IF($B206=\"Herramienta Menor HM (% mano de obra)\",HM,IF($B206=\"Herramienta Menor HM2 (% mano de obra)\",HM_2,VLOOKUP($A206,INSUMOS_BD2,5,FALSE))),2),\"\")","v":0.1},null,null,{"$f":"+IFERROR(ROUND(IF($B206=\"Herramienta Menor HM (% mano de obra)\",$K$228*H206,IF($B206=\"Herramienta Menor HM2 (% mano de obra)\",$K$228*H206,H206/I206)),0),\"\")","v":15}]
[null,"SUB-TOTAL ",null,null,null,null,null,null,null,null,{"$f":"SUM(K205:K206)","v":6515}]
[]
[null,"II. MATERIALES"]
[null,"DESCRIPCIÓN",null,null,null,null,"UNIDAD","CANTIDAD","PRECIO UNIT.",null,"Vr. UNITARIO"]
[null,{"$f":"+IFERROR(VLOOKUP($A211,INSUMOS_BD2,3,FALSE),\"\")","v":""},null,null,null,null,{"$f":"+IFERROR(VLOOKUP($A211,INSUMOS_BD2,3,FALSE),\"\")","v":""},null,{"$f":"+IFERROR(VLOOKUP($A211,INSUMOS_BD2,5,FALSE),\"\")","v":""},null,{"$f":"IFERROR(ROUND(H211*I211,0),\"\")","v":""}]
[null,{"$f":"+IFERROR(VLOOKUP($A212,INSUMOS_BD2,3,FALSE),\"\")","v":""},null,null,null,null,{"$f":"+IFERROR(VLOOKUP($A212,INSUMOS_BD2,3,FALSE),\"\")","v":""},null,{"$f":"+IFERROR(VLOOKUP($A212,INSUMOS_BD2,5,FALSE),\"\")","v":""},null,{"$f":"IFERROR(ROUND(H212*I212,0),\"\")","v":""}]
[null,{"$f":"+IFERROR(VLOOKUP($A213,INSUMOS_BD2,3,FALSE),\"\")","v":""},null,null,null,null,{"$f":"+IFERROR(VLOOKUP($A213,INSUMOS_BD2,3,FALSE),\"\")","v":""},null,{"$f":"+IFERROR(VLOOKUP($A213,INSUMOS_BD2,5,FALSE),\"\")","v":""},null,{"$f":"IFERROR(ROUND(H213*I213,0),\"\")","v":""}]
[null,"SUB-TOTAL ",null,null,null,null,null,null,null,null,{"$f":"SUM(K211:K213)","v":0}]
[]
[null,"III. TRANSPORTES"]
[null,"MATERIAL",null,null,null,"FACT. EXPAN o COMPACT","DISTANCIA","VOL. o PESO","TARIFA (m3 o ton/km)",null,"Vr. UNITARIO"]
[null,{"$f":"+IFERROR(VLOOKUP($A218,INSUMOS_BD2,3,FALSE),\"\")","v":""},null,null,null,null,null,{"$f":"+IFERROR(VLOOKUP($A218,INSUMOS_BD2,3,FALSE),\"\")","v":""},{"$f":"+IFERROR(VLOOKUP($A218,INSUMOS_BD2,5,FALSE),\"\")","v":""},null,{"$f":"IFERROR(ROUND(F218*G218*I218,0),\"\")","v":""}]
[null,{"$f":"+IFERROR(VLOOKUP($A219,INSUMOS_BD2,3,FALSE),\"\")","v":""},null,null,null,null,null,{"$f":"+IFERROR(VLOOKUP($A219,INSUMOS_BD2,3,FALSE),\"\")","v":""},{"$f":"+IFERROR(VLOOKUP($A219,INSUMOS_BD2,5,FALSE),\"\")","v":""},null,{"$f":"IFERROR(ROUND(F219*G219*I219,0),\"\")","v":""}]
[null,{"$f":"+IFERROR(VLOOKUP($A220,INSUMOS_BD2,3,FALSE),\"\")","v":""},null,null,null,null,null,{"$f":"+IFERROR(VLOOKUP($A220,INSUMOS_BD2,3,FALSE),\"\")","v":""},{"$f":"+IFERROR(VLOOKUP($A220,INSUMOS_BD2,5,FALSE),\"\")","v":""},null,{"$f":"IFERROR(ROUND(F220*G220*I220,0),\"\")","v":""}]
[null,"SUB-TOTAL ",null,null,null,null,null,null,null,null,{"$f":"SUM(K218:K220)","v":0}]
[]
[null,"IV. MANO DE OBRA"]
[null,"TRABAJADOR",null,null,null,"JORNAL","PRESTACIÓN","JORNAL TOTAL","RENDIMIENTO",null,"Vr. UNITARIO"]
["MO3",{"$f":"+IFERROR(VLOOKUP($A225,INSUMOS_BD2,3,FALSE),\"\")","v":" OBREROS (1)"},null,null,null,{"$f":"+IFERROR(VLOOKUP($A225,INSUMOS_BD2,5,FALSE),\"\")","v":26041},{"$f":"+F_PREST","v":0.68363548318755485},{"$f":"IFERROR(F225*(1+G225),\"\")","v":43843.551617687117},300,null,{"$f":"IFERROR(ROUND(H225/I225,0),\"\")","v":146}]
[null,{"$f":"+IFERROR(VLOOKUP($A226,INSUMOS_BD2,3,FALSE),\"\")","v":""},null,null,null,{"$f":"+IFERROR(VLOOKUP($A226,INSUMOS_BD2,4,FALSE),\"\")","v":""},null,{"$f":"IFERROR(F226*(1+G226),\"\")","v":""},null,null,""]
[null,{"$f":"+IFERROR(VLOOKUP($A227,INSUMOS_BD2,3,FALSE),\"\")","v":""},null,null,null,{"$f":"+IFERROR(VLOOKUP($A227,INSUMOS_BD2,4,FALSE),\"\")","v":""},null,{"$f":"IFERROR(F227*(1+G227),\"\")","v":""},null,null,""]
[null,"SUB-TOTAL ",null,null,null,null,null,null,null,null,{"$f":"SUM(K225:K227)","v":146}]
[]
[null,"TOTAL COSTO DIRECTO",null,null,null,null,null,null,null,null,{"$f":"ROUND((+K228+K221+K214+K207),0)","v":6661}]
[]
[null,"V. COSTOS INDIRECTOS"]
[null,"DESCRIPCIÓN",null,null,null,null,null,"PORCENTAJE","V/TOTAL"]
[null,"ADMINISTRACION",null,null,null,null,null,{"$f":"+ADMON","v":0.01},{"$f":"ROUND(K230*H234,0)","v":67}]
[null,"IMPREVISTOS ",null,null,null,null,null,{"$f":"+IMPREVISTOS","v":0.02},{"$f":"ROUND(K230*H235,0)","v":133}]
[null,"UTILIDAD",null,null,null,null,null,{"$f":"+UTILIDAD","v":0.05},{"$f":"ROUND(K230*H236,0)","v":333}]
[null,"TOTAL COSTOS INDIRECTOS ",null,null,null,null,null,null,null,null,{"$f":"SUM(I234:J236)","v":533}]
[]
[null,"VALOR UNITARIO",null,null,null,null,null,null,null,null,{"$f":"+ROUND(K230+K237,0)","v":7194}]
[]
[]
[]
[]
[null,{"$f":"+Responsable","v":"JULIANA MARÍA VELEZ"}]
[null,{"$f":"+Cargo","v":"SECRETARIA DE OBRAS PÚBLICAS"}]
[null,{"$f":"+MT_Responsable","v":"M.P. N°.  191919199 CAU"}]
[]
["APU14",{"$f":"IFERROR(VLOOKUP($A248,LISTA_APU,2,FALSE),\"\")","v":"EXCAVACIONES VARIAS EN MATERIAL COMUN EN SECO (Incluye retiro)"},null,null,null,null,null,null,"Unidad:",{"$f":"IFERROR(VLOOKUP($A248,LISTA_APU,3,FALSE),\"\")","v":"m³"},{"$f":"K276","v":23078}]
[null,"I. EQUIPO"]
[null,"DESCRIPCIÓN",null,null,null,"TIPO",null,"TARIFA/HORA","RENDIMIENTO",null,"Vr. UNITARIO"]
["e39",{"$f":"+IFERROR(VLOOKUP($A251,INSUMOS_BD2,3,FALSE),\"\")","v":"RETROEXCAVADORA CARGADORA"},null,null,null,null,null,{"$f":"+IFERROR(ROUND(IF($B251=\"Herramienta Menor HM (% mano de obra)\",HM,IF($B251=\"Herramienta Menor HM2 (% mano de obra)\",HM_2,VLOOKUP($A251,INSUMOS_BD2,5,FALSE))),2),\"\")","v":130000},18,null,{"$f":"+IFERROR(ROUND(IF($B251=\"Herramienta Menor HM (% mano de obra)\",$K$274*H251,IF($B251=\"Herramienta Menor HM2 (% mano de obra)\",$K$274*H251,H251/I251)),0),\"\")","v":7222}]
["e31",{"$f":"+IFERROR(VLOOKUP($A252,INSUMOS_BD2,3,FALSE),\"\")","v":"Herramienta Menor HM (% mano de obra)"},null,null,null,null,null,{"$f":"+IFERROR(ROUND(IF($B252=\"Herramienta Menor HM (% mano de obra)\",HM,IF($B252=\"Herramienta Menor HM2 (% mano de obra)\",HM_2,VLOOKUP($A252,INSUMOS_BD2,5,FALSE))),2),\"\")","v":0.1},null,null,{"$f":"+IFERROR(ROUND(IF($B252=\"Herramienta Menor HM (% mano de obra)\",$K$274*H252,IF($B252=\"Herramienta Menor HM2 (% mano de obra)\",$K$274*H252,H252/I252)),0),\"\")","v":11}]
[null,"SUB-TOTAL ",null,null,null,null,null,null,null,null,{"$f":"SUM(K251:K252)","v":7233}]
[]
[null,"II. MATERIALES"]
[null,"DESCRIPCIÓN",null,null,null,null,"UNIDAD","CANTIDAD","PRECIO UNIT.",null,"Vr. UNITARIO"]
["m71",{"$f":"+IFERROR(VLOOKUP($A257,INSUMOS_BD2,3,FALSE),\"\")","v":"Derechos de explotación y/o disposición de materiales"},null,null,null,null,{"$f":"+IFERROR(VLOOKUP($A257,INSUMOS_BD2,4,FALSE),\"\")","v":"m³"},{"$f":"F_Expan","v":1.25},{"$f":"+IFERROR(VLOOKUP($A257,INSUMOS_BD2,5,FALSE),\"\")","v":2988},null,{"$f":"IFERROR(ROUND(H257*I257,0),\"\")","v":3735}]
[null,{"$f":"+IFERROR(VLOOKUP($A258,INSUMOS_BD2,3,FALSE),\"\")","v":""},null,null,null,null,{"$f":"+IFERROR(VLOOKUP($A258,INSUMOS_BD2,3,FALSE),\"\")","v":""},null,{"$f":"+IFERROR(VLOOKUP($A258,INSUMOS_BD2,5,FALSE),\"\")","v":""},null,{"$f":"IFERROR(ROUND(H258*I258,0),\"\")","v":""}]
[null,{"$f":"+IFERROR(VLOOKUP($A259,INSUMOS_BD2,3,FALSE),\"\")","v":""},null,null,null,null,{"$f":"+IFERROR(VLOOKUP($A259,INSUMOS_BD2,3,FALSE),\"\")","v":""},null,{"$f":"+IFERROR(VLOOKUP($A259,INSUMOS_BD2,5,FALSE),\"\")","v":""},null,{"$f":"IFERROR(ROUND(H259*I259,0),\"\")","v":""}]
[null,"SUB-TOTAL ",null,null,null,null,null,null,null,null,{"$f":"SUM(K257:K259)","v":3735}]
[]
[null,"III. TRANSPORTES"]
[null,"MATERIAL",null,null,null,"FACT. EXPAN o COMPACT","DISTANCIA","VOL. o PESO","TARIFA (m3 o ton/km)",null,"Vr. UNITARIO"]
["t12",{"$f":"+IFERROR(VLOOKUP($A264,INSUMOS_BD2,3,FALSE),\"\")","v":"TRANSPORTE MATERIAL COMUN"},null,null,null,{"$f":"+F_Expan","v":1.25},{"$f":"D_Bote","v":8},1,{"$f":"+IFERROR(VLOOKUP($A264,INSUMOS_BD2,5,FALSE),\"\")","v":1200},null,{"$f":"IFERROR(ROUND(F264*G264*H264*I264,0),\"\")","v":12000}]
[null,{"$f":"+IFERROR(VLOOKUP($A265,INSUMOS_BD2,3,FALSE),\"\")","v":""},null,null,null,null,null,{"$f":"+IFERROR(VLOOKUP($A265,INSUMOS_BD2,3,FALSE),\"\")","v":""},"",null,{"$f":"IFERROR(ROUND(F265*G265*H265*I265,0),\"\")","v":""}]
[null,{"$f":"+IFERROR(VLOOKUP($A266,INSUMOS_BD2,3,FALSE),\"\")","v":""},null,null,null,null,null,{"$f":"+IFERROR(VLOOKUP($A266,INSUMOS_BD2,3,FALSE),\"\")","v":""},{"$f":"+IFERROR(VLOOKUP($A266,INSUMOS_BD2,5,FALSE),\"\")","v":""},null,{"$f":"IFERROR(ROUND(F266*G266*H266*I266,0),\"\")","v":""}]
[null,"SUB-TOTAL ",null,null,null,null,null,null,null,null,{"$f":"SUM(K264:K266)","v":12000}]
[]
[null,"IV. MANO DE OBRA"]
[null,"TRABAJADOR",null,null,null,"JORNAL","PRESTACIÓN","JORNAL TOTAL","RENDIMIENTO",null,"Vr. UNITARIO"]
["MO3",{"$f":"+IFERROR(VLOOKUP($A271,INSUMOS_BD2,3,FALSE),\"\")","v":" OBREROS (1)"},null,null,null,{"$f":"+IFERROR(VLOOKUP($A271,INSUMOS_BD2,5,FALSE),\"\")","v":26041},{"$f":"+F_PREST","v":0.68363548318755485},{"$f":"IFERROR(F271*(1+G271),\"\")","v":43843.551617687117},400,null,{"$f":"IFERROR(ROUND(H271/I271,0),\"\")","v":110}]
[null,{"$f":"+IFERROR(VLOOKUP($A272,INSUMOS_BD2,3,FALSE),\"\")","v":""},null,null,null,{"$f":"+IFERROR(VLOOKUP($A272,INSUMOS_BD2,4,FALSE),\"\")","v":""},null,{"$f":"IFERROR(F272*(1+G272),\"\")","v":""},null,null,{"$f":"IFERROR(ROUND(H272/I272,0),\"\")","v":""}]
[null,{"$f":"+IFERROR(VLOOKUP($A273,INSUMOS_BD2,3,FALSE),\"\")","v":""},null,null,null,{"$f":"+IFERROR(VLOOKUP($A273,INSUMOS_BD2,4,FALSE),\"\")","v":""},null,{"$f":"IFERROR(F273*(1+G273),\"\")","v":""},null,null,{"$f":"IFERROR(ROUND(H273/I273,0),\"\")","v":""}]
[null,"SUB-TOTAL ",null,null,null,null,null,null,null,null,{"$f":"SUM(K271:K273)","v":110}]
[]
[null,"TOTAL COSTO DIRECTO",null,null,null,null,null,null,null,null,{"$f":"ROUND((+K274+K267+K260+K253),0)","v":23078}]
[]
[null,"V. COSTOS INDIRECTOS"]
[null,"DESCRIPCIÓN",null,null,null,null,null,"PORCENTAJE","V/TOTAL"]
[null,"ADMINISTRACION",null,null,null,null,null,{"$f":"+ADMON","v":0.01},{"$f":"ROUND(K276*H280,0)","v":231}]
[null,"IMPREVISTOS ",null,null,null,null,null,{"$f":"+IMPREVISTOS","v":0.02},{"$f":"ROUND(K276*H281,0)","v":462}]
[null,"UTILIDAD",null,null,null,null,null,{"$f":"+UTILIDAD","v":0.05},{"$f":"ROUND(K276*H282,0)","v":1154}]
[null,"TOTAL COSTOS INDIRECTOS ",null,null,null,null,null,null,null,null,{"$f":"SUM(I280:J282)","v":1847}]
[]
[null,"VALOR UNITARIO",null,null,null,null,null,null,null,null,{"$f":"+ROUND(K276+K283,0)","v":24925}]
[]
[]
[]
[]
[null,{"$f":"+Responsable","v":"JULIANA MARÍA VELEZ"}]
[null,{"$f":"+Cargo","v":"SECRETARIA DE OBRAS PÚBLICAS"}]
[null,{"$f":"+MT_Responsable","v":"M.P. N°.  191919199 CAU"}]
[]
["APU4",{"$f":"IFERROR(VLOOKUP($A294,LISTA_APU,2,FALSE),\"\")","v":"RETIRO MATERIAL DE EXCAVACIÓN (Incluye transporte)"},null,null,null,null,null,null,"Unidad:",{"$f":"IFERROR(VLOOKUP($A294,LISTA_APU,3,FALSE),\"\")","v":"m³"},{"$f":"K322","v":20935}]
[null,"I. EQUIPO"]
[null,"DESCRIPCIÓN",null,null,null,"TIPO",null,"TARIFA/HORA","RENDIMIENTO",null,"Vr. UNITARIO"]
["e39",{"$f":"+IFERROR(VLOOKUP($A297,INSUMOS_BD2,3,FALSE),\"\")","v":"RETROEXCAVADORA CARGADORA"},null,null,null,null,null,{"$f":"+IFERROR(ROUND(IF($B297=\"Herramienta Menor HM (% mano de obra)\",HM,IF($B297=\"Herramienta Menor HM2 (% mano de obra)\",HM_2,VLOOKUP($A297,INSUMOS_BD2,5,FALSE))),2),\"\")","v":130000},25,null,{"$f":"+IFERROR(ROUND(IF($B297=\"Herramienta Menor HM (% mano de obra)\",$K$320*H297,IF($B297=\"Herramienta Menor HM2 (% mano de obra)\",$K$320*H297,H297/I297)),0),\"\")","v":5200}]
[null,{"$f":"+IFERROR(VLOOKUP($A298,INSUMOS_BD2,3,FALSE),\"\")","v":""},null,null,null,null,null,{"$f":"+IFERROR(ROUND(IF($B298=\"Herramienta Menor HM (% mano de obra)\",HM,IF($B298=\"Herramienta Menor HM2 (% mano de obra)\",HM_2,VLOOKUP($A298,INSUMOS_BD2,5,FALSE))),2),\"\")","v":""},null,null,{"$f":"+IFERROR(ROUND(IF($B298=\"Herramienta Menor HM (% mano de obra)\",$K$320*H298,IF($B298=\"Herramienta Menor HM2 (% mano de obra)\",$K$320*H298,H298/I298)),0),\"\")","v":""}]
[null,"SUB-TOTAL ",null,null,null,null,null,null,null,null,{"$f":"SUM(K297:K298)","v":5200}]
[]
[null,"II. MATERIALES"]
[null,"DESCRIPCIÓN",null,null,null,null,"UNIDAD","CANTIDAD","PRECIO UNIT.",null,"Vr. UNITARIO"]
["m71",{"$f":"+IFERROR(VLOOKUP($A303,INSUMOS_BD2,3,FALSE),\"\")","v":"Derechos de explotación y/o disposición de materiales"},null,null,null,null,{"$f":"+IFERROR(VLOOKUP($A303,INSUMOS_BD2,4,FALSE),\"\")","v":"m³"},{"$f":"F_Expan","v":1.25},{"$f":"+IFERROR(VLOOKUP($A303,INSUMOS_BD2,5,FALSE),\"\")","v":2988},null,{"$f":"IFERROR(ROUND(H303*I303,0),\"\")","v":3735}]
[null,{"$f":"+IFERROR(VLOOKUP($A304,INSUMOS_BD2,3,FALSE),\"\")","v":""},null,null,null,null,{"$f":"+IFERROR(VLOOKUP($A304,INSUMOS_BD2,3,FALSE),\"\")","v":""},null,{"$f":"+IFERROR(VLOOKUP($A304,INSUMOS_BD2,5,FALSE),\"\")","v":""},null,{"$f":"IFERROR(ROUND(H304*I304,0),\"\")","v":""}]
[null,{"$f":"+IFERROR(VLOOKUP($A305,INSUMOS_BD2,3,FALSE),\"\")","v":""},null,null,null,null,{"$f":"+IFERROR(VLOOKUP($A305,INSUMOS_BD2,3,FALSE),\"\")","v":""},null,{"$f":"+IFERROR(VLOOKUP($A305,INSUMOS_BD2,5,FALSE),\"\")","v":""},null,{"$f":"IFERROR(ROUND(H305*I305,0),\"\")","v":""}]
[null,"SUB-TOTAL ",null,null,null,null,null,null,null,null,{"$f":"SUM(K303:K305)","v":3735}]
[]
[null,"III. TRANSPORTES"]
[null,"MATERIAL",null,null,null,"FACT. EXPAN o COMPACT","DISTANCIA","VOL. o PESO","TARIFA (m3 o ton/km)",null,"Vr. UNITARIO"]
["t12",{"$f":"+IFERROR(VLOOKUP($A310,INSUMOS_BD2,3,FALSE),\"\")","v":"TRANSPORTE MATERIAL COMUN"},null,null,null,{"$f":"+F_Expan","v":1.25},{"$f":"D_Bote","v":8},1,{"$f":"+IFERROR(VLOOKUP($A310,INSUMOS_BD2,5,FALSE),\"\")","v":1200},null,{"$f":"IFERROR(ROUND(F310*G310*H310*I310,0),\"\")","v":12000}]
[null,{"$f":"+IFERROR(VLOOKUP($A311,INSUMOS_BD2,3,FALSE),\"\")","v":""},null,null,null,null,null,{"$f":"+IFERROR(VLOOKUP($A311,INSUMOS_BD2,3,FALSE),\"\")","v":""},"",null,{"$f":"IFERROR(ROUND(F311*G311*H311*I311,0),\"\")","v":""}]
[null,{"$f":"+IFERROR(VLOOKUP($A312,INSUMOS_BD2,3,FALSE),\"\")","v":""},null,null,null,null,null,{"$f":"+IFERROR(VLOOKUP($A312,INSUMOS_BD2,3,FALSE),\"\")","v":""},{"$f":"+IFERROR(VLOOKUP($A312,INSUMOS_BD2,5,FALSE),\"\")","v":""},null,{"$f":"IFERROR(ROUND(F312*G312*H312*I312,0),\"\")","v":""}]
[null,"SUB-TOTAL ",null,null,null,null,null,null,null,null,{"$f":"SUM(K310:K312)","v":12000}]
[]
[null,"IV. MANO DE OBRA"]
[null,"TRABAJADOR",null,null,null,"JORNAL","PRESTACIÓN","JORNAL TOTAL","RENDIMIENTO",null,"Vr. UNITARIO"]
[null,{"$f":"+IFERROR(VLOOKUP($A317,INSUMOS_BD2,3,FALSE),\"\")","v":""},null,null,null,{"$f":"+IFERROR(VLOOKUP($A317,INSUMOS_BD2,5,FALSE),\"\")","v":""},null,{"$f":"IFERROR(F317*(1+G317),\"\")","v":""},null,null,{"$f":"IFERROR(ROUND(H317/I317,0),\"\")","v":""}]
[null,{"$f":"+IFERROR(VLOOKUP($A318,INSUMOS_BD2,3,FALSE),\"\")","v":""},null,null,null,{"$f":"+IFERROR(VLOOKUP($A318,INSUMOS_BD2,4,FALSE),\"\")","v":""},null,{"$f":"IFERROR(F318*(1+G318),\"\")","v":""},null,null,{"$f":"IFERROR(ROUND(H318/I318,0),\"\")","v":""}]
[null,{"$f":"+IFERROR(VLOOKUP($A319,INSUMOS_BD2,3,FALSE),\"\")","v":""},null,null,null,{"$f":"+IFERROR(VLOOKUP($A319,INSUMOS_BD2,4,FALSE),\"\")","v":""},null,{"$f":"IFERROR(F319*(1+G319),\"\")","v":""},null,null,{"$f":"IFERROR(ROUND(H319/I319,0),\"\")","v":""}]
[null,"SUB-TOTAL ",null,null,null,null,null,null,null,null,{"$f":"SUM(K317:K319)","v":0}]
[]
[null,"TOTAL COSTO DIRECTO",null,null,null,null,null,null,null,null,{"$f":"ROUND((+K320+K313+K306+K299),0)","v":20935}]
[]
[null,"V. COSTOS INDIRECTOS"]
[null,"DESCRIPCIÓN",null,null,null,null,null,"PORCENTAJE","V/TOTAL"]
[null,"ADMINISTRACION",null,null,null,null,null,{"$f":"+ADMON","v":0.01},{"$f":"ROUND(K322*H326,0)","v":209}]
[null,"IMPREVISTOS ",null,null,null,null,null,{"$f":"+IMPREVISTOS","v":0.02},{"$f":"ROUND(K322*H327,0)","v":419}]
[null,"UTILIDAD",null,null,null,null,null,{"$f":"+UTILIDAD","v":0.05},{"$f":"ROUND(K322*H328,0)","v":1047}]
[null,"TOTAL COSTOS INDIRECTOS ",null,null,null,null,null,null,null,null,{"$f":"SUM(I326:J328)","v":1675}]
[]
[null,"VALOR UNITARIO",null,null,null,null,null,null,null,null,{"$f":"+ROUND(K322+K329,0)","v":22610}]
[]
[]
[]
[]
[null,{"$f":"+Responsable","v":"JULIANA MARÍA VELEZ"}]
[null,{"$f":"+Cargo","v":"SECRETARIA DE OBRAS PÚBLICAS"}]
[null,{"$f":"+MT_Responsable","v":"M.P. N°.  191919199 CAU"}]
[]
["APU3",{"$f":"IFERROR(VLOOKUP($A340,LISTA_APU,2,FALSE),\"\")","v":"RELLENO PARA ESTRUCTURAS CON MATERIAL IMPORTADO"},null,null,null,null,null,null,"Unidad:",{"$f":"IFERROR(VLOOKUP($A340,LISTA_APU,3,FALSE),\"\")","v":"m³"},{"$f":"K368","v":62090}]
[null,"I. EQUIPO"]
[null,"DESCRIPCIÓN",null,null,null,"TIPO",null,"TARIFA/HORA","RENDIMIENTO",null,"Vr. UNITARIO"]
["e10",{"$f":"+IFERROR(VLOOKUP($A343,INSUMOS_BD2,3,FALSE),\"\")","v":" COMPACTADOR MANUAL (SALTARÍN) PESO 52 KG"},null,null,null,null,null,{"$f":"+IFERROR(ROUND(IF($B343=\"Herramienta Menor HM (% mano de obra)\",HM,IF($B343=\"Herramienta Menor HM2 (% mano de obra)\",HM_2,VLOOKUP($A343,INSUMOS_BD2,5,FALSE))),2),\"\")","v":15000},2,null,{"$f":"+IFERROR(ROUND(IF($B343=\"Herramienta Menor HM (% mano de obra)\",$K$366*H343,IF($B343=\"Herramienta Menor HM2 (% mano de obra)\",$K$366*H343,H343/I343)),0),\"\")","v":7500}]
["e31",{"$f":"+IFERROR(VLOOKUP($A344,INSUMOS_BD2,3,FALSE),\"\")","v":"Herramienta Menor HM (% mano de obra)"},null,null,null,null,null,{"$f":"+IFERROR(ROUND(IF($B344=\"Herramienta Menor HM (% mano de obra)\",HM,IF($B344=\"Herramienta Menor HM2 (% mano de obra)\",HM_2,VLOOKUP($A344,INSUMOS_BD2,5,FALSE))),2),\"\")","v":0.1},null,null,{"$f":"+IFERROR(ROUND(IF($B344=\"Herramienta Menor HM (% mano de obra)\",$K$366*H344,IF($B344=\"Herramienta Menor HM2 (% mano de obra)\",$K$366*H344,H344/I344)),0),\"\")","v":1306}]
[null,"SUB-TOTAL ",null,null,null,null,null,null,null,null,{"$f":"SUM(K343:K344)","v":8806}]
[]
[null,"II. MATERIALES"]
[null,"DESCRIPCIÓN",null,null,null,null,"UNIDAD","CANTIDAD","PRECIO UNIT.",null,"Vr. UNITARIO"]
["m12",{"$f":"+IFERROR(VLOOKUP($A349,INSUMOS_BD2,3,FALSE),\"\")","v":"MATERIAL SELECCIONADO PARA RELLENO"},null,null,null,null,{"$f":"+IFERROR(VLOOKUP($A349,INSUMOS_BD2,4,FALSE),\"\")","v":"m³"},{"$f":"+F_Compac","v":1.3},{"$f":"+IFERROR(VLOOKUP($A349,INSUMOS_BD2,5,FALSE),\"\")","v":18848.266666666699},null,{"$f":"IFERROR(ROUND(H349*I349,0),\"\")","v":24503}]
["m24",{"$f":"+IFERROR(VLOOKUP($A350,INSUMOS_BD2,3,FALSE),\"\")","v":"AGUA"},null,null,null,null,{"$f":"+IFERROR(VLOOKUP($A350,INSUMOS_BD2,4,FALSE),\"\")","v":"l"},30,{"$f":"+IFERROR(VLOOKUP($A350,INSUMOS_BD2,5,FALSE),\"\")","v":30},null,{"$f":"IFERROR(ROUND(H350*I350,0),\"\")","v":900}]
[null,{"$f":"+IFERROR(VLOOKUP($A351,INSUMOS_BD2,3,FALSE),\"\")","v":""},null,null,null,null,"",null,{"$f":"+IFERROR(VLOOKUP($A351,INSUMOS_BD2,5,FALSE),\"\")","v":""},null,{"$f":"IFERROR(ROUND(H351*I351,0),\"\")","v":""}]
[null,"SUB-TOTAL ",null,null,null,null,null,null,null,null,{"$f":"SUM(K349:K351)","v":25403}]
[]
[null,"III. TRANSPORTES"]
[null,"MATERIAL",null,null,null,"FACT. EXPAN o COMPACT","DISTANCIA","VOL. o PESO","TARIFA (m3 o ton/km)",null,"Vr. UNITARIO"]
["t5",{"$f":"+IFERROR(VLOOKUP($A356,INSUMOS_BD2,3,FALSE),\"\")","v":" TRANSPORTE MATERIAL DE RELLENO"},null,null,null,"-",{"$f":"+D_Cantera3","v":9.5},{"$f":"H349","v":1.3},{"$f":"+IFERROR(VLOOKUP($A356,INSUMOS_BD2,5,FALSE),\"\")","v":1200},null,{"$f":"IFERROR(ROUND(G356*H356*I356,0),\"\")","v":14820}]
[null,{"$f":"+IFERROR(VLOOKUP($A357,INSUMOS_BD2,3,FALSE),\"\")","v":""},null,null,null,null,null,{"$f":"+IFERROR(VLOOKUP($A357,INSUMOS_BD2,3,FALSE),\"\")","v":""},{"$f":"+IFERROR(VLOOKUP($A357,INSUMOS_BD2,5,FALSE),\"\")","v":""},null,{"$f":"IFERROR(ROUND(F357*G357*H357*I357,0),\"\")","v":""}]
[null,{"$f":"+IFERROR(VLOOKUP($A358,INSUMOS_BD2,3,FALSE),\"\")","v":""},null,null,null,null,null,{"$f":"+IFERROR(VLOOKUP($A358,INSUMOS_BD2,3,FALSE),\"\")","v":""},{"$f":"+IFERROR(VLOOKUP($A358,INSUMOS_BD2,5,FALSE),\"\")","v":""},null,{"$f":"IFERROR(ROUND(F358*G358*H358*I358,0),\"\")","v":""}]
[null,"SUB-TOTAL ",null,null,null,null,null,null,null,null,{"$f":"SUM(K356:K358)","v":14820}]
[]
[null,"IV. MANO DE OBRA"]
[null,"TRABAJADOR",null,null,null,"JORNAL","PRESTACIÓN","JORNAL TOTAL","RENDIMIENTO",null,"Vr. UNITARIO"]
["MO18",{"$f":"+IFERROR(VLOOKUP($A363,INSUMOS_BD2,3,FALSE),\"\")","v":"OFICIAL (1)"},null,null,null,{"$f":"+IFERROR(VLOOKUP($A363,INSUMOS_BD2,5,FALSE),\"\")","v":46000},{"$f":"+F_PREST","v":0.68363548318755485},{"$f":"IFERROR(F363*(1+G363),\"\")","v":77447.23222662753},16,null,{"$f":"IFERROR(ROUND(H363/I363,0),\"\")","v":4840}]
["MO15",{"$f":"+IFERROR(VLOOKUP($A364,INSUMOS_BD2,3,FALSE),\"\")","v":"OBREROS (3)"},null,null,null,{"$f":"+IFERROR(VLOOKUP($A364,INSUMOS_BD2,5,FALSE),\"\")","v":78123},{"$f":"+F_PREST","v":0.68363548318755485},{"$f":"IFERROR(F364*(1+G364),\"\")","v":131530.65485306134},16,null,{"$f":"IFERROR(ROUND(H364/I364,0),\"\")","v":8221}]
[null,{"$f":"+IFERROR(VLOOKUP($A365,INSUMOS_BD2,3,FALSE),\"\")","v":""},null,null,null,{"$f":"+IFERROR(VLOOKUP($A365,INSUMOS_BD2,4,FALSE),\"\")","v":""},null,{"$f":"IFERROR(F365*(1+G365),\"\")","v":""},null,null,{"$f":"IFERROR(ROUND(H365/I365,0),\"\")","v":""}]
[null,"SUB-TOTAL ",null,null,null,null,null,null,null,null,{"$f":"SUM(K363:K365)","v":13061}]
[]
[null,"TOTAL COSTO DIRECTO",null,null,null,null,null,null,null,null,{"$f":"ROUND((+K366+K359+K352+K345),0)","v":62090}]
[]
[null,"V. COSTOS INDIRECTOS"]
[null,"DESCRIPCIÓN",null,null,null,null,null,"PORCENTAJE","V/TOTAL"]
[null,"ADMINISTRACION",null,null,null,null,null,{"$f":"+ADMON","v":0.01},{"$f":"ROUND(K368*H372,0)","v":621}]
[null,"IMPREVISTOS ",null,null,null,null,null,{"$f":"+IMPREVISTOS","v":0.02},{"$f":"ROUND(K368*H373,0)","v":1242}]
[null,"UTILIDAD",null,null,null,null,null,{"$f":"+UTILIDAD","v":0.05},{"$f":"ROUND(K368*H374,0)","v":3105}]
[null,"TOTAL COSTOS INDIRECTOS ",null,null,null,null,null,null,null,null,{"$f":"SUM(I372:J374)","v":4968}]
[]
[null,"VALOR UNITARIO",null,null,null,null,null,null,null,null,{"$f":"+ROUND(K368+K375,0)","v":67058}]
[]
[]
[]
[]
[null,{"$f":"+Responsable","v":"JULIANA MARÍA VELEZ"}]
[null,{"$f":"+Cargo","v":"SECRETARIA DE OBRAS PÚBLICAS"}]
[null,{"$f":"+MT_Responsable","v":"M.P. N°.  191919199 CAU"}]
[]
["APU5",{"$f":"IFERROR(VLOOKUP($A386,LISTA_APU,2,FALSE),\"\")","v":"CONFORMACION DE CALZADA EXISTENTE"},null,null,null,null,null,null,"Unidad:",{"$f":"IFERROR(VLOOKUP($A386,LISTA_APU,3,FALSE),\"\")","v":"m²"},{"$f":"K416","v":959}]
[null,"I. EQUIPO"]
[null,"DESCRIPCIÓN",null,null,null,"TIPO",null,"TARIFA/HORA","RENDIMIENTO",null,"Vr. UNITARIO"]
["e6",{"$f":"+IFERROR(VLOOKUP($A389,INSUMOS_BD2,3,FALSE),\"\")","v":" CARROTANQUE DE AGUA 1.000 gal"},null,null,null,null,null,{"$f":"+IFERROR(ROUND(IF($B389=\"Herramienta Menor HM (% mano de obra)\",HM,IF($B389=\"Herramienta Menor HM2 (% mano de obra)\",HM_2,VLOOKUP($A389,INSUMOS_BD2,5,FALSE))),2),\"\")","v":68000},500,null,{"$f":"+IFERROR(ROUND(IF($B389=\"Herramienta Menor HM (% mano de obra)\",$K$414*H389,IF($B389=\"Herramienta Menor HM2 (% mano de obra)\",$K$414*H389,H389/I389)),0),\"\")","v":136}]
["e19",{"$f":"+IFERROR(VLOOKUP($A390,INSUMOS_BD2,3,FALSE),\"\")","v":" MOTONIVELADORA POTENCIA 215 HP, ANCHO DE CUCHILLA 4,27M, PESO 18 TN"},null,null,null,null,null,{"$f":"+IFERROR(ROUND(IF($B390=\"Herramienta Menor HM (% mano de obra)\",HM,IF($B390=\"Herramienta Menor HM2 (% mano de obra)\",HM_2,VLOOKUP($A390,INSUMOS_BD2,5,FALSE))),2),\"\")","v":164000},500,null,{"$f":"+IFERROR(ROUND(IF($B390=\"Herramienta Menor HM (% mano de obra)\",$K$414*H390,IF($B390=\"Herramienta Menor HM2 (% mano de obra)\",$K$414*H390,H390/I390)),0),\"\")","v":328}]
["e23",{"$f":"+IFERROR(VLOOKUP($A391,INSUMOS_BD2,3,FALSE),\"\")","v":" VIBROCOMPACTADOR  POTENCIA 153HP PESO 10 TON"},null,null,null,null,null,{"$f":"+IFERROR(ROUND(IF($B391=\"Herramienta Menor HM (% mano de obra)\",HM,IF($B391=\"Herramienta Menor HM2 (% mano de obra)\",HM_2,VLOOKUP($A391,INSUMOS_BD2,5,FALSE))),2),\"\")","v":142000},500,null,{"$f":"+IFERROR(ROUND(IF($B391=\"Herramienta Menor HM (% mano de obra)\",$K$414*H391,IF($B391=\"Herramienta Menor HM2 (% mano de obra)\",$K$414*H391,H391/I391)),0),\"\")","v":284}]
["e31",{"$f":"+IFERROR(VLOOKUP($A392,INSUMOS_BD2,3,FALSE),\"\")","v":"Herramienta Menor HM (% mano de obra)"},null,null,null,null,null,{"$f":"+IFERROR(ROUND(IF($B392=\"Herramienta Menor HM (% mano de obra)\",HM,IF($B392=\"Herramienta Menor HM2 (% mano de obra)\",HM_2,VLOOKUP($A392,INSUMOS_BD2,5,FALSE))),2),\"\")","v":0.1},null,null,{"$f":"+IFERROR(ROUND(IF($B392=\"Herramienta Menor HM (% mano de obra)\",$K$414*H392,IF($B392=\"Herramienta Menor HM2 (% mano de obra)\",$K$414*H392,H392/I392)),0),\"\")","v":11}]
[null,"SUB-TOTAL ",null,null,null,null,null,null,null,null,{"$f":"SUM(K389:K392)","v":759}]
[]
[null,"II. MATERIALES"]
[null,"DESCRIPCIÓN",null,null,null,null,"UNIDAD","CANTIDAD","PRECIO UNIT.",null,"Vr. UNITARIO"]
["m24",{"$f":"+IFERROR(VLOOKUP($A397,INSUMOS_BD2,3,FALSE),\"\")","v":"AGUA"},null,null,null,null,{"$f":"+IFERROR(VLOOKUP($A397,INSUMOS_BD2,4,FALSE),\"\")","v":"l"},3,{"$f":"+IFERROR(VLOOKUP($A397,INSUMOS_BD2,5,FALSE),\"\")","v":30},null,{"$f":"IFERROR(ROUND(H397*I397,0),\"\")","v":90}]
[null,{"$f":"+IFERROR(VLOOKUP($A398,INSUMOS_BD2,3,FALSE),\"\")","v":""},null,null,null,null,{"$f":"+IFERROR(VLOOKUP($A398,INSUMOS_BD2,4,FALSE),\"\")","v":""},null,{"$f":"+IFERROR(VLOOKUP($A398,INSUMOS_BD2,5,FALSE),\"\")","v":""},null,{"$f":"IFERROR(ROUND(H398*I398,0),\"\")","v":""}]
[null,{"$f":"+IFERROR(VLOOKUP($A399,INSUMOS_BD2,3,FALSE),\"\")","v":""},null,null,null,null,"",null,{"$f":"+IFERROR(VLOOKUP($A399,INSUMOS_BD2,5,FALSE),\"\")","v":""},null,{"$f":"IFERROR(ROUND(H399*I399,0),\"\")","v":""}]
[null,"SUB-TOTAL ",null,null,null,null,null,null,null,null,{"$f":"SUM(K397:K399)","v":90}]
[]
[null,"III. TRANSPORTES"]
[null,"MATERIAL",null,null,null,"FACT. EXPAN o COMPACT","DISTANCIA","VOL. o PESO","TARIFA (m3 o ton/km)",null,"Vr. UNITARIO"]
[null,{"$f":"+IFERROR(VLOOKUP($A404,INSUMOS_BD2,3,FALSE),\"\")","v":""},null,null,null,null,null,null,{"$f":"+IFERROR(VLOOKUP($A404,INSUMOS_BD2,5,FALSE),\"\")","v":""},null,{"$f":"IFERROR(ROUND(G404*H404*I404,0),\"\")","v":""}]
[null,{"$f":"+IFERROR(VLOOKUP($A405,INSUMOS_BD2,3,FALSE),\"\")","v":""},null,null,null,null,null,{"$f":"+IFERROR(VLOOKUP($A405,INSUMOS_BD2,3,FALSE),\"\")","v":""},{"$f":"+IFERROR(VLOOKUP($A405,INSUMOS_BD2,5,FALSE),\"\")","v":""},null,{"$f":"IFERROR(ROUND(F405*G405*H405*I405,0),\"\")","v":""}]
[null,{"$f":"+IFERROR(VLOOKUP($A406,INSUMOS_BD2,3,FALSE),\"\")","v":""},null,null,null,null,null,{"$f":"+IFERROR(VLOOKUP($A406,INSUMOS_BD2,3,FALSE),\"\")","v":""},{"$f":"+IFERROR(VLOOKUP($A406,INSUMOS_BD2,5,FALSE),\"\")","v":""},null,{"$f":"IFERROR(ROUND(F406*G406*H406*I406,0),\"\")","v":""}]
[null,"SUB-TOTAL ",null,null,null,null,null,null,null,null,{"$f":"SUM(K404:K406)","v":0}]
[]
[null,"IV. MANO DE OBRA"]
[null,"TRABAJADOR",null,null,null,"JORNAL","PRESTACIÓN","JORNAL TOTAL","RENDIMIENTO",null,"Vr. UNITARIO"]
["MO18",{"$f":"+IFERROR(VLOOKUP($A411,INSUMOS_BD2,3,FALSE),\"\")","v":"OFICIAL (1)"},null,null,null,{"$f":"+IFERROR(VLOOKUP($A411,INSUMOS_BD2,5,FALSE),\"\")","v":46000},{"$f":"+F_PREST","v":0.68363548318755485},{"$f":"IFERROR(F411*(1+G411),\"\")","v":77447.23222662753},1500,null,{"$f":"IFERROR(ROUND(H411/I411,0),\"\")","v":52}]
["MO4",{"$f":"+IFERROR(VLOOKUP($A412,INSUMOS_BD2,3,FALSE),\"\")","v":" OBREROS (2)"},null,null,null,{"$f":"+IFERROR(VLOOKUP($A412,INSUMOS_BD2,5,FALSE),\"\")","v":52082},{"$f":"+F_PREST","v":0.68363548318755485},{"$f":"IFERROR(F412*(1+G412),\"\")","v":87687.103235374234},1500,null,{"$f":"IFERROR(ROUND(H412/I412,0),\"\")","v":58}]
[null,{"$f":"+IFERROR(VLOOKUP($A413,INSUMOS_BD2,3,FALSE),\"\")","v":""},null,null,null,{"$f":"+IFERROR(VLOOKUP($A413,INSUMOS_BD2,4,FALSE),\"\")","v":""},null,{"$f":"IFERROR(F413*(1+G413),\"\")","v":""},null,null,{"$f":"IFERROR(ROUND(H413/I413,0),\"\")","v":""}]
[null,"SUB-TOTAL ",null,null,null,null,null,null,null,null,{"$f":"SUM(K411:K413)","v":110}]
[]
[null,"TOTAL COSTO DIRECTO",null,null,null,null,null,null,null,null,{"$f":"ROUND((+K414+K407+K400+K393),0)","v":959}]
[]
[null,"V. COSTOS INDIRECTOS"]
[null,"DESCRIPCIÓN",null,null,null,null,null,"PORCENTAJE","V/TOTAL"]
[null,"ADMINISTRACION",null,null,null,null,null,{"$f":"+ADMON","v":0.01},{"$f":"ROUND(K416*H420,0)","v":10}]
[null,"IMPREVISTOS ",null,null,null,null,null,{"$f":"+IMPREVISTOS","v":0.02},{"$f":"ROUND(K416*H421,0)","v":19}]
[null,"UTILIDAD",null,null,null,null,null,{"$f":"+UTILIDAD","v":0.05},{"$f":"ROUND(K416*H422,0)","v":48}]
[null,"TOTAL COSTOS INDIRECTOS ",null,null,null,null,null,null,null,null,{"$f":"SUM(I420:J422)","v":77}]
[]
[null,"VALOR UNITARIO",null,null,null,null,null,null,null,null,{"$f":"+ROUND(K416+K423,0)","v":1036}]
[]
[]
[]
[]
[null,{"$f":"+Responsable","v":"JULIANA MARÍA VELEZ"}]
[null,{"$f":"+Cargo","v":"SECRETARIA DE OBRAS PÚBLICAS"}]
[null,{"$f":"+MT_Responsable","v":"M.P. N°.  191919199 CAU"}]
[]
["APU6",{"$f":"IFERROR(VLOOKUP($A434,LISTA_APU,2,FALSE),\"\")","v":"SUB-BASE GRANULAR (incluye suministro, extendido, nivelación, humedecido y compactación)   "},null,null,null,null,null,null,"Unidad:",{"$f":"IFERROR(VLOOKUP($A434,LISTA_APU,3,FALSE),\"\")","v":"m³"},{"$f":"K464","v":93516}]
[null,"I. EQUIPO"]
[null,"DESCRIPCIÓN",null,null,null,"TIPO",null,"TARIFA/HORA","RENDIMIENTO",null,"Vr. UNITARIO"]
["e6",{"$f":"+IFERROR(VLOOKUP($A437,INSUMOS_BD2,3,FALSE),\"\")","v":" CARROTANQUE DE AGUA 1.000 gal"},null,null,null,null,null,{"$f":"+IFERROR(ROUND(IF($B437=\"Herramienta Menor HM (% mano de obra)\",HM,IF($B437=\"Herramienta Menor HM2 (% mano de obra)\",HM_2,VLOOKUP($A437,INSUMOS_BD2,5,FALSE))),2),\"\")","v":68000},45,null,{"$f":"+IFERROR(ROUND(IF($B437=\"Herramienta Menor HM (% mano de obra)\",$K$462*H437,IF($B437=\"Herramienta Menor HM2 (% mano de obra)\",$K$462*H437,H437/I437)),0),\"\")","v":1511}]
["e19",{"$f":"+IFERROR(VLOOKUP($A438,INSUMOS_BD2,3,FALSE),\"\")","v":" MOTONIVELADORA POTENCIA 215 HP, ANCHO DE CUCHILLA 4,27M, PESO 18 TN"},null,null,null,null,null,{"$f":"+IFERROR(ROUND(IF($B438=\"Herramienta Menor HM (% mano de obra)\",HM,IF($B438=\"Herramienta Menor HM2 (% mano de obra)\",HM_2,VLOOKUP($A438,INSUMOS_BD2,5,FALSE))),2),\"\")","v":164000},45,null,{"$f":"+IFERROR(ROUND(IF($B438=\"Herramienta Menor HM (% mano de obra)\",$K$462*H438,IF($B438=\"Herramienta Menor HM2 (% mano de obra)\",$K$462*H438,H438/I438)),0),\"\")","v":3644}]
["e23",{"$f":"+IFERROR(VLOOKUP($A439,INSUMOS_BD2,3,FALSE),\"\")","v":" VIBROCOMPACTADOR  POTENCIA 153HP PESO 10 TON"},null,null,null,null,null,{"$f":"+IFERROR(ROUND(IF($B439=\"Herramienta Menor HM (% mano de obra)\",HM,IF($B439=\"Herramienta Menor HM2 (% mano de obra)\",HM_2,VLOOKUP($A439,INSUMOS_BD2,5,FALSE))),2),\"\")","v":142000},45,null,{"$f":"+IFERROR(ROUND(IF($B439=\"Herramienta Menor HM (% mano de obra)\",$K$462*H439,IF($B439=\"Herramienta Menor HM2 (% mano de obra)\",$K$462*H439,H439/I439)),0),\"\")","v":3156}]
["e31",{"$f":"+IFERROR(VLOOKUP($A440,INSUMOS_BD2,3,FALSE),\"\")","v":"Herramienta Menor HM (% mano de obra)"},null,null,null,null,null,{"$f":"+IFERROR(ROUND(IF($B440=\"Herramienta Menor HM (% mano de obra)\",HM,IF($B440=\"Herramienta Menor HM2 (% mano de obra)\",HM_2,VLOOKUP($A440,INSUMOS_BD2,5,FALSE))),2),\"\")","v":0.1},null,null,{"$f":"+IFERROR(ROUND(IF($B440=\"Herramienta Menor HM (% mano de obra)\",$K$462*H440,IF($B440=\"Herramienta Menor HM2 (% mano de obra)\",$K$462*H440,H440/I440)),0),\"\")","v":46}]
[null,"SUB-TOTAL ",null,null,null,null,null,null,null,null,{"$f":"SUM(K437:K440)","v":8357}]
[]
[null,"II. MATERIALES"]
[null,"DESCRIPCIÓN",null,null,null,null,"UNIDAD","CANTIDAD","PRECIO UNIT.",null,"Vr. UNITARIO"]
["M106",{"$f":"+IFERROR(VLOOKUP($A445,INSUMOS_BD2,3,FALSE),\"\")","v":"Material de Sub- Base CBR=30%"},null,null,null,null,{"$f":"+IFERROR(VLOOKUP($A445,INSUMOS_BD2,4,FALSE),\"\")","v":"m³"},{"$f":"+F_Compac","v":1.3},{"$f":"+IFERROR(VLOOKUP($A445,INSUMOS_BD2,5,FALSE),\"\")","v":47000},null,{"$f":"IFERROR(ROUND(H445*I445,0),\"\")","v":61100}]
["m24",{"$f":"+IFERROR(VLOOKUP($A446,INSUMOS_BD2,3,FALSE),\"\")","v":"AGUA"},null,null,null,null,{"$f":"+IFERROR(VLOOKUP($A446,INSUMOS_BD2,4,FALSE),\"\")","v":"l"},24,{"$f":"+IFERROR(VLOOKUP($A446,INSUMOS_BD2,5,FALSE),\"\")","v":30},null,{"$f":"IFERROR(ROUND(H446*I446,0),\"\")","v":720}]
[null,{"$f":"+IFERROR(VLOOKUP($A447,INSUMOS_BD2,3,FALSE),\"\")","v":""},null,null,null,null,{"$f":"+IFERROR(VLOOKUP($A447,INSUMOS_BD2,4,FALSE),\"\")","v":""},null,{"$f":"+IFERROR(VLOOKUP($A447,INSUMOS_BD2,5,FALSE),\"\")","v":""},null,{"$f":"IFERROR(ROUND(H447*I447,0),\"\")","v":""}]
[null,"SUB-TOTAL ",null,null,null,null,null,null,null,null,{"$f":"SUM(K445:K447)","v":61820}]
[]
[null,"III. TRANSPORTES"]
[null,"MATERIAL",null,null,null,"FACT. EXPAN o COMPACT","DISTANCIA","VOL. o PESO","TARIFA (m3 o ton/km)",null,"Vr. UNITARIO"]
["m107",{"$f":"+IFERROR(VLOOKUP($A452,INSUMOS_BD2,3,FALSE),\"\")","v":"Emulsión Asfaltica"},null,null,null,"-",{"$f":"D_Cantera4","v":8},{"$f":"H445","v":1.3},{"$f":"+IFERROR(VLOOKUP($A452,INSUMOS_BD2,5,FALSE),\"\")","v":2200},null,{"$f":"IFERROR(ROUND(G452*H452*I452,0),\"\")","v":22880}]
[null,{"$f":"+IFERROR(VLOOKUP($A453,INSUMOS_BD2,3,FALSE),\"\")","v":""},null,null,null,null,null,{"$f":"+IFERROR(VLOOKUP($A453,INSUMOS_BD2,3,FALSE),\"\")","v":""},{"$f":"+IFERROR(VLOOKUP($A453,INSUMOS_BD2,5,FALSE),\"\")","v":""},null,{"$f":"IFERROR(ROUND(G453*H453*I453,0),\"\")","v":""}]
[null,{"$f":"+IFERROR(VLOOKUP($A454,INSUMOS_BD2,3,FALSE),\"\")","v":""},null,null,null,null,null,{"$f":"+IFERROR(VLOOKUP($A454,INSUMOS_BD2,3,FALSE),\"\")","v":""},{"$f":"+IFERROR(VLOOKUP($A454,INSUMOS_BD2,5,FALSE),\"\")","v":""},null,{"$f":"IFERROR(ROUND(G454*H454*I454,0),\"\")","v":""}]
[null,"SUB-TOTAL ",null,null,null,null,null,null,null,null,{"$f":"SUM(K452:K454)","v":22880}]
[]
[null,"IV. MANO DE OBRA"]
[null,"TRABAJADOR",null,null,null,"JORNAL","PRESTACIÓN","JORNAL TOTAL","RENDIMIENTO",null,"Vr. UNITARIO"]
["mo18",{"$f":"+IFERROR(VLOOKUP($A459,INSUMOS_BD2,3,FALSE),\"\")","v":"OFICIAL (1)"},null,null,null,{"$f":"+IFERROR(VLOOKUP($A459,INSUMOS_BD2,5,FALSE),\"\")","v":46000},{"$f":"+F_PREST","v":0.68363548318755485},{"$f":"IFERROR(F459*(1+G459),\"\")","v":77447.23222662753},360,null,{"$f":"IFERROR(ROUND(H459/I459,0),\"\")","v":215}]
["mo4",{"$f":"+IFERROR(VLOOKUP($A460,INSUMOS_BD2,3,FALSE),\"\")","v":" OBREROS (2)"},null,null,null,{"$f":"+IFERROR(VLOOKUP($A460,INSUMOS_BD2,5,FALSE),\"\")","v":52082},{"$f":"+F_PREST","v":0.68363548318755485},{"$f":"IFERROR(F460*(1+G460),\"\")","v":87687.103235374234},360,null,{"$f":"IFERROR(ROUND(H460/I460,0),\"\")","v":244}]
[null,{"$f":"+IFERROR(VLOOKUP($A461,INSUMOS_BD2,3,FALSE),\"\")","v":""},null,null,null,{"$f":"+IFERROR(VLOOKUP($A461,INSUMOS_BD2,4,FALSE),\"\")","v":""},null,{"$f":"IFERROR(F461*(1+G461),\"\")","v":""},null,null,{"$f":"IFERROR(ROUND(H461/I461,0),\"\")","v":""}]
[null,"SUB-TOTAL ",null,null,null,null,null,null,null,null,{"$f":"SUM(K459:K461)","v":459}]
[]
[null,"TOTAL COSTO DIRECTO",null,null,null,null,null,null,null,null,{"$f":"ROUND((+K462+K455+K448+K441),0)","v":93516}]
[]
[null,"V. COSTOS INDIRECTOS"]
[null,"DESCRIPCIÓN",null,null,null,null,null,"PORCENTAJE","V/TOTAL"]
[null,"ADMINISTRACION",null,null,null,null,null,{"$f":"+ADMON","v":0.01},{"$f":"ROUND(K464*H468,0)","v":935}]
[null,"IMPREVISTOS ",null,null,null,null,null,{"$f":"+IMPREVISTOS","v":0.02},{"$f":"ROUND(K464*H469,0)","v":1870}]
[null,"UTILIDAD",null,null,null,null,null,{"$f":"+UTILIDAD","v":0.05},{"$f":"ROUND(K464*H470,0)","v":4676}]
[null,"TOTAL COSTOS INDIRECTOS ",null,null,null,null,null,null,null,null,{"$f":"SUM(I468:J470)","v":7481}]
[]
[null,"VALOR UNITARIO",null,null,null,null,null,null,null,null,{"$f":"+ROUND(K471+K464,0)","v":100997}]
[]
[]
[]
[]
[null,{"$f":"+Responsable","v":"JULIANA MARÍA VELEZ"}]
[null,{"$f":"+Cargo","v":"SECRETARIA DE OBRAS PÚBLICAS"}]
[null,{"$f":"+MT_Responsable","v":"M.P. N°.  191919199 CAU"}]
[]
["APU7",{"$f":"IFERROR(VLOOKUP($A482,LISTA_APU,2,FALSE),\"\")","v":"CONCRETO 21 MPA (CLASE D)"},null,null,null,null,null,null,"Unidad:",{"$f":"IFERROR(VLOOKUP($A482,LISTA_APU,3,FALSE),\"\")","v":"m³"},{"$f":"K515","v":550989}]
[null,"I. EQUIPO"]
[null,"DESCRIPCIÓN",null,null,null,"TIPO",null,"TARIFA/HORA","RENDIMIENTO",null,"Vr. UNITARIO"]
["e35",{"$f":"+IFERROR(VLOOKUP($A485,INSUMOS_BD2,3,FALSE),\"\")","v":"VIBRADOR DE CONCRETO"},null,null,null,null,null,{"$f":"+IFERROR(ROUND(IF($B485=\"Herramienta Menor HM (% mano de obra)\",HM,IF($B485=\"Herramienta Menor HM2 (% mano de obra)\",HM_2,VLOOKUP($A485,INSUMOS_BD2,5,FALSE))),2),\"\")","v":7000},2,null,{"$f":"+IFERROR(ROUND(IF($B485=\"Herramienta Menor HM (% mano de obra)\",$K$513*H485,IF($B485=\"Herramienta Menor HM2 (% mano de obra)\",$K$513*H485,H485/I485)),0),\"\")","v":3500}]
["e2",{"$f":"+IFERROR(VLOOKUP($A486,INSUMOS_BD2,3,FALSE),\"\")","v":"ASPERSOR MANUAL"},null,null,null,null,null,{"$f":"+IFERROR(ROUND(IF($B486=\"Herramienta Menor HM (% mano de obra)\",HM,IF($B486=\"Herramienta Menor HM2 (% mano de obra)\",HM_2,VLOOKUP($A486,INSUMOS_BD2,5,FALSE))),2),\"\")","v":1750},2,null,{"$f":"+IFERROR(ROUND(IF($B486=\"Herramienta Menor HM (% mano de obra)\",$K$513*H486,IF($B486=\"Herramienta Menor HM2 (% mano de obra)\",$K$513*H486,H486/I486)),0),\"\")","v":875}]
["e31",{"$f":"+IFERROR(VLOOKUP($A487,INSUMOS_BD2,3,FALSE),\"\")","v":"Herramienta Menor HM (% mano de obra)"},null,null,null,null,null,{"$f":"+IFERROR(ROUND(IF($B487=\"Herramienta Menor HM (% mano de obra)\",HM,IF($B487=\"Herramienta Menor HM2 (% mano de obra)\",HM_2,VLOOKUP($A487,INSUMOS_BD2,5,FALSE))),2),\"\")","v":0.1},2,null,{"$f":"+IFERROR(ROUND(IF($B487=\"Herramienta Menor HM (% mano de obra)\",$K$513*H487,IF($B487=\"Herramienta Menor HM2 (% mano de obra)\",$K$513*H487,H487/I487)),0),\"\")","v":10705}]
[null,{"$f":"+IFERROR(VLOOKUP($A488,INSUMOS_BD2,3,FALSE),\"\")","v":""},null,null,null,null,null,{"$f":"+IFERROR(ROUND(IF($B488=\"Herramienta Menor HM (% mano de obra)\",HM,IF($B488=\"Herramienta Menor HM2 (% mano de obra)\",HM_2,VLOOKUP($A488,INSUMOS_BD2,5,FALSE))),2),\"\")","v":""},null,null,{"$f":"+IFERROR(ROUND(IF($B488=\"Herramienta Menor HM (% mano de obra)\",$K$513*H488,IF($B488=\"Herramienta Menor HM2 (% mano de obra)\",$K$513*H488,H488/I488)),0),\"\")","v":""}]
[null,"SUB-TOTAL ",null,null,null,null,null,null,null,null,{"$f":"SUM(K485:K488)","v":15080}]
[]
[null,"II. MATERIALES"]
[null,"DESCRIPCIÓN",null,null,null,null,"UNIDAD","CANTIDAD","PRECIO UNIT.",null,"Vr. UNITARIO"]
["M108",{"$f":"+IFERROR(VLOOKUP($A493,INSUMOS_BD2,3,FALSE),\"\")","v":"CONCRETO BÁSICO 21 MPA"},null,null,null,null,{"$f":"+IFERROR(VLOOKUP($A493,INSUMOS_BD2,4,FALSE),\"\")","v":"m³"},1,{"$f":"+IFERROR(VLOOKUP($A493,INSUMOS_BD2,5,FALSE),\"\")","v":345238},null,{"$f":"IFERROR(ROUND(H493*I493,0),\"\")","v":345238}]
["M72","ANTISOL BLANCO (20kg)",null,null,null,null,"kg",1,8000,null,8000]
["M41","FORMALETA DE CONCRETO CLASE D, E, Fy G",null,null,null,null,"m²",4.5999999999999996,12000,null,55200]
[null,"DESPERDICIOS",null,null,null,null,"",{"$f":"DESPER","v":0.05},"",null,{"$f":"ROUND(SUM(K493:K495)*H496,0)","v":20422}]
[null,"",null,null,null,null,"",null,"",null,""]
[null,"",null,null,null,null,"",null,"",null,""]
[null,"SUB-TOTAL ",null,null,null,null,null,null,null,null,{"$f":"SUM(K493:K498)","v":428860}]
[]
[null,"III. TRANSPORTES"]
[null,"MATERIAL",null,null,null,"FACT. EXPAN o COMPACT","DISTANCIA","VOL. o PESO","TARIFA (m3 o ton/km)",null,"Vr. UNITARIO"]
[null,{"$f":"+IFERROR(VLOOKUP($A503,INSUMOS_BD2,3,FALSE),\"\")","v":""},null,null,null,null,null,{"$f":"+IFERROR(VLOOKUP($A503,INSUMOS_BD2,3,FALSE),\"\")","v":""},{"$f":"+IFERROR(VLOOKUP($A503,INSUMOS_BD2,5,FALSE),\"\")","v":""},null,{"$f":"IFERROR(ROUND(F503*G503*I503,0),\"\")","v":""}]
[null,{"$f":"+IFERROR(VLOOKUP($A504,INSUMOS_BD2,3,FALSE),\"\")","v":""},null,null,null,null,null,{"$f":"+IFERROR(VLOOKUP($A504,INSUMOS_BD2,3,FALSE),\"\")","v":""},{"$f":"+IFERROR(VLOOKUP($A504,INSUMOS_BD2,5,FALSE),\"\")","v":""},null,{"$f":"IFERROR(ROUND(F504*G504*I504,0),\"\")","v":""}]
[null,{"$f":"+IFERROR(VLOOKUP($A505,INSUMOS_BD2,3,FALSE),\"\")","v":""},null,null,null,null,null,{"$f":"+IFERROR(VLOOKUP($A505,INSUMOS_BD2,3,FALSE),\"\")","v":""},{"$f":"+IFERROR(VLOOKUP($A505,INSUMOS_BD2,5,FALSE),\"\")","v":""},null,{"$f":"IFERROR(ROUND(F505*G505*I505,0),\"\")","v":""}]
[null,"SUB-TOTAL ",null,null,null,null,null,null,null,null,{"$f":"SUM(K503:K505)","v":0}]
[]
[null,"IV. MANO DE OBRA"]
[null,"TRABAJADOR",null,null,null,"JORNAL","PRESTACIÓN","JORNAL TOTAL","RENDIMIENTO",null,"Vr. UNITARIO"]
["mo7",{"$f":"+IFERROR(VLOOKUP($A510,INSUMOS_BD2,3,FALSE),\"\")","v":" OBREROS (8)"},null,null,null,{"$f":"+IFERROR(VLOOKUP($A510,INSUMOS_BD2,5,FALSE),\"\")","v":208328},{"$f":"+F_PREST","v":0.68363548318755485},{"$f":"IFERROR(F510*(1+G510),\"\")","v":350748.41294149694},4,null,{"$f":"IFERROR(ROUND(H510/I510,0),\"\")","v":87687}]
["mo18",{"$f":"+IFERROR(VLOOKUP($A511,INSUMOS_BD2,3,FALSE),\"\")","v":"OFICIAL (1)"},null,null,null,{"$f":"+IFERROR(VLOOKUP($A511,INSUMOS_BD2,5,FALSE),\"\")","v":46000},{"$f":"+F_PREST","v":0.68363548318755485},{"$f":"IFERROR(F511*(1+G511),\"\")","v":77447.23222662753},4,null,{"$f":"IFERROR(ROUND(H511/I511,0),\"\")","v":19362}]
[null,{"$f":"+IFERROR(VLOOKUP($A512,INSUMOS_BD2,3,FALSE),\"\")","v":""},null,null,null,{"$f":"+IFERROR(VLOOKUP($A512,INSUMOS_BD2,5,FALSE),\"\")","v":""},null,{"$f":"IFERROR(F512*(1+G512),\"\")","v":""},null,null,{"$f":"IFERROR(ROUND(H512/I512,0),\"\")","v":""}]
[null,"SUB-TOTAL ",null,null,null,null,null,null,null,null,{"$f":"SUM(K510:K512)","v":107049}]
[]
[null,"TOTAL COSTO DIRECTO",null,null,null,null,null,null,null,null,{"$f":"ROUND((+K513+K506+K499+K489),0)","v":550989}]
[]
[null,"V. COSTOS INDIRECTOS"]
[null,"DESCRIPCIÓN",null,null,null,null,null,"PORCENTAJE","V/TOTAL"]
[null,"ADMINISTRACION",null,null,null,null,null,{"$f":"+ADMON","v":0.01},{"$f":"ROUND(K515*H519,0)","v":5510}]
[null,"IMPREVISTOS ",null,null,null,null,null,{"$f":"+IMPREVISTOS","v":0.02},{"$f":"ROUND(K515*H520,0)","v":11020}]
[null,"UTILIDAD",null,null,null,null,null,{"$f":"+UTILIDAD","v":0.05},{"$f":"ROUND(K515*H521,0)","v":27549}]
[null,"TOTAL COSTOS INDIRECTOS ",null,null,null,null,null,null,null,null,{"$f":"SUM(I519:J521)","v":44079}]
[]
[null,"VALOR UNITARIO",null,null,null,null,null,null,null,null,{"$f":"+ROUND(K522+K515,0)","v":595068}]
[]
[]
[]
[]
[null,{"$f":"+Responsable","v":"JULIANA MARÍA VELEZ"}]
[null,{"$f":"+Cargo","v":"SECRETARIA DE OBRAS PÚBLICAS"}]
[null,{"$f":"+MT_Responsable","v":"M.P. N°.  191919199 CAU"}]
[]
["APU8",{"$f":"IFERROR(VLOOKUP($A533,LISTA_APU,2,FALSE),\"\")","v":"PIEDRA PEGADA"},null,null,null,null,null,null,"Unidad:",{"$f":"IFERROR(VLOOKUP($A533,LISTA_APU,3,FALSE),\"\")","v":"m³"},{"$f":"K564","v":370997}]
[null,"I. EQUIPO"]
[null,"DESCRIPCIÓN",null,null,null,"TIPO",null,"TARIFA/HORA","RENDIMIENTO",null,"Vr. UNITARIO"]
["e35",{"$f":"+IFERROR(VLOOKUP($A536,INSUMOS_BD2,3,FALSE),\"\")","v":"VIBRADOR DE CONCRETO"},null,null,null,null,null,{"$f":"+IFERROR(ROUND(IF($B536=\"Herramienta Menor HM (% mano de obra)\",HM,IF($B536=\"Herramienta Menor HM2 (% mano de obra)\",HM_2,VLOOKUP($A536,INSUMOS_BD2,5,FALSE))),2),\"\")","v":7000},2,null,{"$f":"+IFERROR(ROUND(IF($B536=\"Herramienta Menor HM (% mano de obra)\",$K$562*H536,IF($B536=\"Herramienta Menor HM2 (% mano de obra)\",$K$562*H536,H536/I536)),0),\"\")","v":3500}]
["e2",{"$f":"+IFERROR(VLOOKUP($A537,INSUMOS_BD2,3,FALSE),\"\")","v":"ASPERSOR MANUAL"},null,null,null,null,null,{"$f":"+IFERROR(ROUND(IF($B537=\"Herramienta Menor HM (% mano de obra)\",HM,IF($B537=\"Herramienta Menor HM2 (% mano de obra)\",HM_2,VLOOKUP($A537,INSUMOS_BD2,5,FALSE))),2),\"\")","v":1750},2,null,{"$f":"+IFERROR(ROUND(IF($B537=\"Herramienta Menor HM (% mano de obra)\",$K$562*H537,IF($B537=\"Herramienta Menor HM2 (% mano de obra)\",$K$562*H537,H537/I537)),0),\"\")","v":875}]
["e31",{"$f":"+IFERROR(VLOOKUP($A538,INSUMOS_BD2,3,FALSE),\"\")","v":"Herramienta Menor HM (% mano de obra)"},null,null,null,null,null,{"$f":"+IFERROR(ROUND(IF($B538=\"Herramienta Menor HM (% mano de obra)\",HM,IF($B538=\"Herramienta Menor HM2 (% mano de obra)\",HM_2,VLOOKUP($A538,INSUMOS_BD2,5,FALSE))),2),\"\")","v":0.1},2,null,{"$f":"+IFERROR(ROUND(IF($B538=\"Herramienta Menor HM (% mano de obra)\",$K$562*H538,IF($B538=\"Herramienta Menor HM2 (% mano de obra)\",$K$562*H538,H538/I538)),0),\"\")","v":10705}]
[null,"SUB-TOTAL ",null,null,null,null,null,null,null,null,{"$f":"SUM(K536:K537)","v":4375}]
[]
[null,"II. MATERIALES"]
[null,"DESCRIPCIÓN",null,null,null,null,"UNIDAD","CANTIDAD","PRECIO UNIT.",null,"Vr. UNITARIO"]
["M109",{"$f":"+IFERROR(VLOOKUP($A543,INSUMOS_BD2,3,FALSE),\"\")","v":"CONCRETO BÁSICO 14 MPA"},null,null,null,null,{"$f":"+IFERROR(VLOOKUP($A543,INSUMOS_BD2,4,FALSE),\"\")","v":"m³"},0.6,{"$f":"+IFERROR(VLOOKUP($A543,INSUMOS_BD2,5,FALSE),\"\")","v":280338},null,{"$f":"IFERROR(ROUND(H543*I543,0),\"\")","v":168203}]
["M95",{"$f":"+IFERROR(VLOOKUP($A544,INSUMOS_BD2,3,FALSE),\"\")","v":"Piedra para concreto ciclópeo (rajón o canto rodado)"},null,null,null,null,{"$f":"+IFERROR(VLOOKUP($A544,INSUMOS_BD2,4,FALSE),\"\")","v":"m³"},0.4,{"$f":"+IFERROR(VLOOKUP($A544,INSUMOS_BD2,5,FALSE),\"\")","v":50000},null,{"$f":"IFERROR(ROUND(H544*I544,0),\"\")","v":20000}]
["M41",{"$f":"+IFERROR(VLOOKUP($A545,INSUMOS_BD2,3,FALSE),\"\")","v":"FORMALETA DE CONCRETO CLASE D, E, Fy G"},null,null,null,null,{"$f":"+IFERROR(VLOOKUP($A545,INSUMOS_BD2,4,FALSE),\"\")","v":"m²"},4.5999999999999996,{"$f":"+IFERROR(VLOOKUP($A545,INSUMOS_BD2,5,FALSE),\"\")","v":12000},null,{"$f":"IFERROR(ROUND(H545*I545,0),\"\")","v":55200}]
[null,"DESPERDICIOS",null,null,null,null,{"$f":"+IFERROR(VLOOKUP($A546,INSUMOS_BD2,4,FALSE),\"\")","v":""},{"$f":"DESPER","v":0.05},{"$f":"+IFERROR(VLOOKUP($A546,INSUMOS_BD2,5,FALSE),\"\")","v":""},null,{"$f":"ROUND(SUM(K543:K545)*H546,0)","v":12170}]
[null,{"$f":"+IFERROR(VLOOKUP($A547,INSUMOS_BD2,3,FALSE),\"\")","v":""},null,null,null,null,{"$f":"+IFERROR(VLOOKUP($A547,INSUMOS_BD2,4,FALSE),\"\")","v":""},null,{"$f":"+IFERROR(VLOOKUP($A547,INSUMOS_BD2,5,FALSE),\"\")","v":""},null,{"$f":"IFERROR(ROUND(H547*I547,0),\"\")","v":""}]
[null,"SUB-TOTAL ",null,null,null,null,null,null,null,null,{"$f":"SUM(K543:K547)","v":255573}]
[]
[null,"III. TRANSPORTES"]
[null,"MATERIAL",null,null,null,"FACT. EXPAN o COMPACT","DISTANCIA","VOL. o PESO","TARIFA (m3 o ton/km)",null,"Vr. UNITARIO"]
["t27",{"$f":"+IFERROR(VLOOKUP($A552,INSUMOS_BD2,3,FALSE),\"\")","v":"Transporte de piedra para ciclopeo"},null,null,null,"-",{"$f":"D_Cantera4","v":8},{"$f":"H544","v":0.4},{"$f":"+IFERROR(VLOOKUP($A552,INSUMOS_BD2,5,FALSE),\"\")","v":1250},null,{"$f":"ROUND(G552*H552*I552,0)","v":4000}]
[null,{"$f":"+IFERROR(VLOOKUP($A553,INSUMOS_BD2,3,FALSE),\"\")","v":""},null,null,null,null,null,{"$f":"+IFERROR(VLOOKUP($A553,INSUMOS_BD2,3,FALSE),\"\")","v":""},{"$f":"+IFERROR(VLOOKUP($A553,INSUMOS_BD2,5,FALSE),\"\")","v":""},null,{"$f":"IFERROR(ROUND(F553*G553*I553,0),\"\")","v":""}]
[null,{"$f":"+IFERROR(VLOOKUP($A554,INSUMOS_BD2,3,FALSE),\"\")","v":""},null,null,null,null,null,{"$f":"+IFERROR(VLOOKUP($A554,INSUMOS_BD2,3,FALSE),\"\")","v":""},{"$f":"+IFERROR(VLOOKUP($A554,INSUMOS_BD2,5,FALSE),\"\")","v":""},null,{"$f":"IFERROR(ROUND(F554*G554*I554,0),\"\")","v":""}]
[null,"SUB-TOTAL ",null,null,null,null,null,null,null,null,{"$f":"SUM(K552:K554)","v":4000}]
[]
[null,"IV. MANO DE OBRA"]
[null,"TRABAJADOR",null,null,null,"JORNAL","PRESTACIÓN","JORNAL TOTAL","RENDIMIENTO",null,"Vr. UNITARIO"]
["mo18",{"$f":"+IFERROR(VLOOKUP($A559,INSUMOS_BD2,3,FALSE),\"\")","v":"OFICIAL (1)"},null,null,null,{"$f":"+IFERROR(VLOOKUP($A559,INSUMOS_BD2,5,FALSE),\"\")","v":46000},{"$f":"+F_PREST","v":0.68363548318755485},{"$f":"IFERROR(F559*(1+G559),\"\")","v":77447.23222662753},4,null,{"$f":"IFERROR(ROUND(H559/I559,0),\"\")","v":19362}]
["mo7",{"$f":"+IFERROR(VLOOKUP($A560,INSUMOS_BD2,3,FALSE),\"\")","v":" OBREROS (8)"},null,null,null,{"$f":"+IFERROR(VLOOKUP($A560,INSUMOS_BD2,5,FALSE),\"\")","v":208328},{"$f":"+F_PREST","v":0.68363548318755485},{"$f":"IFERROR(F560*(1+G560),\"\")","v":350748.41294149694},4,null,{"$f":"IFERROR(ROUND(H560/I560,0),\"\")","v":87687}]
[null,{"$f":"+IFERROR(VLOOKUP($A561,INSUMOS_BD2,3,FALSE),\"\")","v":""},null,null,null,{"$f":"+IFERROR(VLOOKUP($A561,INSUMOS_BD2,4,FALSE),\"\")","v":""},null,{"$f":"IFERROR(F561*(1+G561),\"\")","v":""},null,null,{"$f":"IFERROR(ROUND(H561/I561,0),\"\")","v":""}]
[null,"SUB-TOTAL ",null,null,null,null,null,null,null,null,{"$f":"SUM(K559:K561)","v":107049}]
[]
[null,"TOTAL COSTO DIRECTO",null,null,null,null,null,null,null,null,{"$f":"ROUND((+K562+K555+K548+K539),0)","v":370997}]
[]
[null,"V. COSTOS INDIRECTOS"]
[null,"DESCRIPCIÓN",null,null,null,null,null,"PORCENTAJE","V/TOTAL"]
[null,"ADMINISTRACION",null,null,null,null,null,{"$f":"+ADMON","v":0.01},{"$f":"ROUND(K564*H568,0)","v":3710}]
[null,"IMPREVISTOS ",null,null,null,null,null,{"$f":"+IMPREVISTOS","v":0.02},{"$f":"ROUND(K564*H569,0)","v":7420}]
[null,"UTILIDAD",null,null,null,null,null,{"$f":"+UTILIDAD","v":0.05},{"$f":"ROUND(K564*H570,0)","v":18550}]
[null,"TOTAL COSTOS INDIRECTOS ",null,null,null,null,null,null,null,null,{"$f":"SUM(I568:J570)","v":29680}]
[]
[null,"VALOR UNITARIO",null,null,null,null,null,null,null,null,{"$f":"+ROUND(K571+K564,0)","v":400677}]
[]
[]
[]
[]
[null,{"$f":"+Responsable","v":"JULIANA MARÍA VELEZ"}]
[null,{"$f":"+Cargo","v":"SECRETARIA DE OBRAS PÚBLICAS"}]
[null,{"$f":"+MT_Responsable","v":"M.P. N°.  191919199 CAU"}]
[]
["APU9",{"$f":"IFERROR(VLOOKUP($A582,LISTA_APU,2,FALSE),\"\")","v":"ACERO REFUERZO FLEJADO 60000 PSI - 420 Mpa"},null,null,null,null,null,null,"Unidad:",{"$f":"IFERROR(VLOOKUP($A582,LISTA_APU,3,FALSE),\"\")","v":"kg"},{"$f":"K611","v":4302}]
[null,"I. EQUIPO"]
[null,"DESCRIPCIÓN",null,null,null,"TIPO",null,"TARIFA/HORA","RENDIMIENTO",null,"Vr. UNITARIO"]
["e8",{"$f":"+IFERROR(VLOOKUP($A585,INSUMOS_BD2,3,FALSE),\"\")","v":" CIZALLA MANUAL DE 9 CMS"},null,null,null,null,null,{"$f":"+IFERROR(ROUND(IF($B585=\"Herramienta Menor HM (% mano de obra)\",HM,IF($B585=\"Herramienta Menor HM2 (% mano de obra)\",HM_2,VLOOKUP($A585,INSUMOS_BD2,5,FALSE))),2),\"\")","v":800},40,null,{"$f":"+IFERROR(ROUND(IF($B585=\"Herramienta Menor HM (% mano de obra)\",$K$609*H585,IF($B585=\"Herramienta Menor HM2 (% mano de obra)\",$K$609*H585,H585/I585)),0),\"\")","v":20}]
["e31",{"$f":"+IFERROR(VLOOKUP($A586,INSUMOS_BD2,3,FALSE),\"\")","v":"Herramienta Menor HM (% mano de obra)"},null,null,null,null,null,{"$f":"+IFERROR(ROUND(IF($B586=\"Herramienta Menor HM (% mano de obra)\",HM,IF($B586=\"Herramienta Menor HM2 (% mano de obra)\",HM_2,VLOOKUP($A586,INSUMOS_BD2,5,FALSE))),2),\"\")","v":0.1},null,null,{"$f":"+IFERROR(ROUND(IF($B586=\"Herramienta Menor HM (% mano de obra)\",$K$609*H586,IF($B586=\"Herramienta Menor HM2 (% mano de obra)\",$K$609*H586,H586/I586)),0),\"\")","v":64}]
[null,null,null,null,null,null,null,{"$f":"+IFERROR(ROUND(IF($B587=\"Herramienta Menor HM (% mano de obra)\",HM,IF($B587=\"Herramienta Menor HM2 (% mano de obra)\",HM_2,VLOOKUP($A587,INSUMOS_BD2,5,FALSE))),2),\"\")","v":""},null,null,{"$f":"+IFERROR(ROUND(IF($B587=\"Herramienta Menor HM (% mano de obra)\",$K$609*H587,IF($B587=\"Herramienta Menor HM2 (% mano de obra)\",$K$609*H587,H587/I587)),0),\"\")","v":""}]
[null,"SUB-TOTAL ",null,null,null,null,null,null,null,null,{"$f":"SUM(K585:K587)","v":84}]
[]
[null,"II. MATERIALES"]
[null,"DESCRIPCIÓN",null,null,null,null,"UNIDAD","CANTIDAD","PRECIO UNIT.",null,"Vr. UNITARIO"]
["m110",{"$f":"+IFERROR(VLOOKUP($A592,INSUMOS_BD2,3,FALSE),\"\")","v":"Acero PDR-6O"},null,null,null,null,{"$f":"+IFERROR(VLOOKUP($A592,INSUMOS_BD2,4,FALSE),\"\")","v":"kg"},1.05,{"$f":"+IFERROR(VLOOKUP($A592,INSUMOS_BD2,5,FALSE),\"\")","v":3300},null,{"$f":"IFERROR(ROUND(H592*I592,0),\"\")","v":3465}]
["m3",{"$f":"+IFERROR(VLOOKUP($A593,INSUMOS_BD2,3,FALSE),\"\")","v":"ALAMBRE NEGRO PARA AMARRE"},null,null,null,null,{"$f":"+IFERROR(VLOOKUP($A593,INSUMOS_BD2,4,FALSE),\"\")","v":"Kg"},0.03,{"$f":"+IFERROR(VLOOKUP($A593,INSUMOS_BD2,5,FALSE),\"\")","v":3800},null,{"$f":"IFERROR(ROUND(H593*I593,0),\"\")","v":114}]
[null,{"$f":"+IFERROR(VLOOKUP($A594,INSUMOS_BD2,3,FALSE),\"\")","v":""},null,null,null,null,"",null,{"$f":"+IFERROR(VLOOKUP($A594,INSUMOS_BD2,5,FALSE),\"\")","v":""},null,{"$f":"IFERROR(ROUND(H594*I594,0),\"\")","v":""}]
[null,"SUB-TOTAL ",null,null,null,null,null,null,null,null,{"$f":"SUM(K592:K594)","v":3579}]
[]
[null,"III. TRANSPORTES"]
[null,"MATERIAL",null,null,null,"FACT. EXPAN o COMPACT","DISTANCIA","VOL. o PESO","TARIFA (m3 o ton/km)",null,"Vr. UNITARIO"]
[null,{"$f":"+IFERROR(VLOOKUP($A599,INSUMOS_BD2,3,FALSE),\"\")","v":""},null,null,null,null,null,null,{"$f":"+IFERROR(VLOOKUP($A599,INSUMOS_BD2,5,FALSE),\"\")","v":""},null,{"$f":"IFERROR(ROUND(F599*G599*I599,0),\"\")","v":""}]
[null,{"$f":"+IFERROR(VLOOKUP($A600,INSUMOS_BD2,3,FALSE),\"\")","v":""},null,null,null,null,null,null,{"$f":"+IFERROR(VLOOKUP($A600,INSUMOS_BD2,5,FALSE),\"\")","v":""},null,{"$f":"IFERROR(ROUND(F600*G600*I600,0),\"\")","v":""}]
[null,{"$f":"+IFERROR(VLOOKUP($A601,INSUMOS_BD2,3,FALSE),\"\")","v":""},null,null,null,null,null,null,{"$f":"+IFERROR(VLOOKUP($A601,INSUMOS_BD2,5,FALSE),\"\")","v":""},null,{"$f":"IFERROR(ROUND(F601*G601*I601,0),\"\")","v":""}]
[null,"SUB-TOTAL ",null,null,null,null,null,null,null,null,{"$f":"SUM(K599:K601)","v":0}]
[]
[null,"IV. MANO DE OBRA"]
[null,"TRABAJADOR",null,null,null,"JORNAL","PRESTACIÓN","JORNAL TOTAL","RENDIMIENTO",null,"Vr. UNITARIO"]
["mo18",{"$f":"+IFERROR(VLOOKUP($A606,INSUMOS_BD2,3,FALSE),\"\")","v":"OFICIAL (1)"},null,null,null,{"$f":"+IFERROR(VLOOKUP($A606,INSUMOS_BD2,5,FALSE),\"\")","v":46000},{"$f":"+F_PREST","v":0.68363548318755485},{"$f":"IFERROR(F606*(1+G606),\"\")","v":77447.23222662753},190,null,{"$f":"IFERROR(ROUND(H606/I606,0),\"\")","v":408}]
["mo3",{"$f":"+IFERROR(VLOOKUP($A607,INSUMOS_BD2,3,FALSE),\"\")","v":" OBREROS (1)"},null,null,null,{"$f":"+IFERROR(VLOOKUP($A607,INSUMOS_BD2,5,FALSE),\"\")","v":26041},{"$f":"+F_PREST","v":0.68363548318755485},{"$f":"IFERROR(F607*(1+G607),\"\")","v":43843.551617687117},190,null,{"$f":"IFERROR(ROUND(H607/I607,0),\"\")","v":231}]
[null,{"$f":"+IFERROR(VLOOKUP($A608,INSUMOS_BD2,3,FALSE),\"\")","v":""},null,null,null,{"$f":"+IFERROR(VLOOKUP($A608,INSUMOS_BD2,4,FALSE),\"\")","v":""},null,{"$f":"IFERROR(F608*(1+G608),\"\")","v":""},null,null,{"$f":"IFERROR(ROUND(H608/I608,0),\"\")","v":""}]
[null,"SUB-TOTAL ",null,null,null,null,null,null,null,null,{"$f":"SUM(K606:K608)","v":639}]
[]
[null,"TOTAL COSTO DIRECTO",null,null,null,null,null,null,null,null,{"$f":"ROUND((+K609+K602+K595+K588),0)","v":4302}]
[]
[null,"V. COSTOS INDIRECTOS"]
[null,"DESCRIPCIÓN",null,null,null,null,null,"PORCENTAJE","V/TOTAL"]
[null,"ADMINISTRACION",null,null,null,null,null,{"$f":"+ADMON","v":0.01},{"$f":"ROUND(K611*H615,0)","v":43}]
[null,"IMPREVISTOS ",null,null,null,null,null,{"$f":"+IMPREVISTOS","v":0.02},{"$f":"ROUND(K611*H616,0)","v":86}]
[null,"UTILIDAD",null,null,null,null,null,{"$f":"+UTILIDAD","v":0.05},{"$f":"ROUND(K611*H617,0)","v":215}]
[null,"TOTAL COSTOS INDIRECTOS ",null,null,null,null,null,null,null,null,{"$f":"SUM(I615:J617)","v":344}]
[]
[null,"VALOR UNITARIO",null,null,null,null,null,null,null,null,{"$f":"+ROUND(K618+K611,0)","v":4646}]
[]
[]
[]
[]
[null,{"$f":"+Responsable","v":"JULIANA MARÍA VELEZ"}]
[null,{"$f":"+Cargo","v":"SECRETARIA DE OBRAS PÚBLICAS"}]
[null,{"$f":"+MT_Responsable","v":"M.P. N°.  191919199 CAU"}]
[]
["APU10",{"$f":"IFERROR(VLOOKUP($A629,LISTA_APU,2,FALSE),\"\")","v":"SEÑAL VERTICAL DE TRANSITO TIPO 1 CON LAMINA RETRORREFLECTIVA TIPO III 75X75 cm"},null,null,null,null,null,null,"Unidad:",{"$f":"IFERROR(VLOOKUP($A629,LISTA_APU,3,FALSE),\"\")","v":"Und"},{"$f":"K660","v":502123}]
[null,"I. EQUIPO"]
[null,"DESCRIPCIÓN",null,null,null,"TIPO",null,"TARIFA/HORA","RENDIMIENTO",null,"Vr. UNITARIO"]
["e58",{"$f":"+IFERROR(VLOOKUP($A632,INSUMOS_BD2,3,FALSE),\"\")","v":"Camioneta Transporte Materiales"},null,null,null,null,null,{"$f":"+IFERROR(ROUND(IF($B632=\"Herramienta Menor HM (% mano de obra)\",HM,IF($B632=\"Herramienta Menor HM2 (% mano de obra)\",HM_2,VLOOKUP($A632,INSUMOS_BD2,5,FALSE))),2),\"\")","v":45000},1,null,{"$f":"+IFERROR(ROUND(IF($B632=\"Herramienta Menor HM (% mano de obra)\",$K$658*H632,IF($B632=\"Herramienta Menor HM2 (% mano de obra)\",$K$658*H632,H632/I632)),0),\"\")","v":45000}]
["e31",{"$f":"+IFERROR(VLOOKUP($A633,INSUMOS_BD2,3,FALSE),\"\")","v":"Herramienta Menor HM (% mano de obra)"},null,null,null,null,null,{"$f":"+IFERROR(ROUND(IF($B633=\"Herramienta Menor HM (% mano de obra)\",HM,IF($B633=\"Herramienta Menor HM2 (% mano de obra)\",HM_2,VLOOKUP($A633,INSUMOS_BD2,5,FALSE))),2),\"\")","v":0.1},null,null,{"$f":"+IFERROR(ROUND(IF($B633=\"Herramienta Menor HM (% mano de obra)\",$K$658*H633,IF($B633=\"Herramienta Menor HM2 (% mano de obra)\",$K$658*H633,H633/I633)),0),\"\")","v":3483}]
[null,{"$f":"+IFERROR(VLOOKUP($A634,INSUMOS_BD2,3,FALSE),\"\")","v":""},null,null,null,null,null,{"$f":"+IFERROR(ROUND(IF($B634=\"Herramienta Menor HM (% mano de obra)\",HM,IF($B634=\"Herramienta Menor HM2 (% mano de obra)\",HM_2,VLOOKUP($A634,INSUMOS_BD2,5,FALSE))),2),\"\")","v":""},null,null,{"$f":"+IFERROR(ROUND(IF($B634=\"Herramienta Menor HM (% mano de obra)\",$K$658*H634,IF($B634=\"Herramienta Menor HM2 (% mano de obra)\",$K$658*H634,H634/I634)),0),\"\")","v":""}]
[null,{"$f":"+IFERROR(VLOOKUP($A635,INSUMOS_BD2,3,FALSE),\"\")","v":""},null,null,null,null,null,{"$f":"+IFERROR(ROUND(IF($B635=\"Herramienta Menor HM (% mano de obra)\",HM,IF($B635=\"Herramienta Menor HM2 (% mano de obra)\",HM_2,VLOOKUP($A635,INSUMOS_BD2,5,FALSE))),2),\"\")","v":""},null,null,{"$f":"+IFERROR(ROUND(IF($B635=\"Herramienta Menor HM (% mano de obra)\",$K$658*H635,IF($B635=\"Herramienta Menor HM2 (% mano de obra)\",$K$658*H635,H635/I635)),0),\"\")","v":""}]
[null,"SUB-TOTAL ",null,null,null,null,null,null,null,null,{"$f":"SUM(K632:K635)","v":48483}]
[]
[null,"II. MATERIALES"]
[null,"DESCRIPCIÓN",null,null,null,null,"UNIDAD","CANTIDAD","PRECIO UNIT.",null,"Vr. UNITARIO"]
["m16",{"$f":"+IFERROR(VLOOKUP($A640,INSUMOS_BD2,3,FALSE),\"\")","v":"POSTE EN ANGULO DE 2*2*1/4 DE 3,5M PARA SEÑAL"},null,null,null,null,{"$f":"+IFERROR(VLOOKUP($A640,INSUMOS_BD2,4,FALSE),\"\")","v":"und"},1,{"$f":"+IFERROR(VLOOKUP($A640,INSUMOS_BD2,5,FALSE),\"\")","v":75000},null,{"$f":"IFERROR(ROUND(H640*I640,0),\"\")","v":75000}]
["m19",{"$f":"+IFERROR(VLOOKUP($A641,INSUMOS_BD2,3,FALSE),\"\")","v":"TABLERO EN LAMINA GALVANIZADA DE 75*75 CALIBRE 16 REFLECTIVO TIPO 1"},null,null,null,null,{"$f":"+IFERROR(VLOOKUP($A641,INSUMOS_BD2,4,FALSE),\"\")","v":"und"},1,{"$f":"+IFERROR(VLOOKUP($A641,INSUMOS_BD2,5,FALSE),\"\")","v":330000},null,{"$f":"IFERROR(ROUND(H641*I641,0),\"\")","v":330000}]
["M108",{"$f":"+IFERROR(VLOOKUP($A642,INSUMOS_BD2,3,FALSE),\"\")","v":"CONCRETO BÁSICO 21 MPA"},null,null,null,null,{"$f":"+IFERROR(VLOOKUP($A642,INSUMOS_BD2,4,FALSE),\"\")","v":"m³"},0.04,{"$f":"+IFERROR(VLOOKUP($A642,INSUMOS_BD2,5,FALSE),\"\")","v":345238},null,{"$f":"IFERROR(ROUND(H642*I642,0),\"\")","v":13810}]
[null,{"$f":"+IFERROR(VLOOKUP($A643,INSUMOS_BD2,3,FALSE),\"\")","v":""},null,null,null,null,{"$f":"+IFERROR(VLOOKUP($A643,INSUMOS_BD2,4,FALSE),\"\")","v":""},null,{"$f":"+IFERROR(VLOOKUP($A643,INSUMOS_BD2,5,FALSE),\"\")","v":""},null,{"$f":"IFERROR(ROUND(H643*I643,0),\"\")","v":""}]
[null,"SUB-TOTAL ",null,null,null,null,null,null,null,null,{"$f":"SUM(K640:K643)","v":418810}]
[]
[null,"III. TRANSPORTES"]
[null,"MATERIAL",null,null,null,"FACT. EXPAN o COMPACT","DISTANCIA","VOL. o PESO","TARIFA (m3 o ton/km)",null,"Vr. UNITARIO"]
[null,{"$f":"+IFERROR(VLOOKUP($A648,INSUMOS_BD2,3,FALSE),\"\")","v":""},null,null,null,null,null,null,{"$f":"+IFERROR(VLOOKUP($A648,INSUMOS_BD2,5,FALSE),\"\")","v":""},null,{"$f":"IFERROR(ROUND(F648*G648*I648,0),\"\")","v":""}]
[null,{"$f":"+IFERROR(VLOOKUP($A649,INSUMOS_BD2,3,FALSE),\"\")","v":""},null,null,null,null,null,null,{"$f":"+IFERROR(VLOOKUP($A649,INSUMOS_BD2,5,FALSE),\"\")","v":""},null,{"$f":"IFERROR(ROUND(F649*G649*I649,0),\"\")","v":""}]
[null,{"$f":"+IFERROR(VLOOKUP($A650,INSUMOS_BD2,3,FALSE),\"\")","v":""},null,null,null,null,null,null,{"$f":"+IFERROR(VLOOKUP($A650,INSUMOS_BD2,5,FALSE),\"\")","v":""},null,{"$f":"IFERROR(ROUND(F650*G650*I650,0),\"\")","v":""}]
[null,"SUB-TOTAL ",null,null,null,null,null,null,null,null,{"$f":"SUM(K648:K650)","v":0}]
[]
[null,"IV. MANO DE OBRA"]
[null,"TRABAJADOR",null,null,null,"JORNAL","PRESTACIÓN","JORNAL TOTAL","RENDIMIENTO",null,"Vr. UNITARIO"]
["mO18",{"$f":"+IFERROR(VLOOKUP($A655,INSUMOS_BD2,3,FALSE),\"\")","v":"OFICIAL (1)"},null,null,null,{"$f":"+IFERROR(VLOOKUP($A655,INSUMOS_BD2,5,FALSE),\"\")","v":46000},{"$f":"+F_PREST","v":0.68363548318755485},{"$f":"IFERROR(F655*(1+G655),\"\")","v":77447.23222662753},6,null,{"$f":"IFERROR(ROUND(H655/I655,0),\"\")","v":12908}]
["mo15",{"$f":"+IFERROR(VLOOKUP($A656,INSUMOS_BD2,3,FALSE),\"\")","v":"OBREROS (3)"},null,null,null,{"$f":"+IFERROR(VLOOKUP($A656,INSUMOS_BD2,5,FALSE),\"\")","v":78123},{"$f":"+F_PREST","v":0.68363548318755485},{"$f":"IFERROR(F656*(1+G656),\"\")","v":131530.65485306134},6,null,{"$f":"IFERROR(ROUND(H656/I656,0),\"\")","v":21922}]
[null,{"$f":"+IFERROR(VLOOKUP($A657,INSUMOS_BD2,3,FALSE),\"\")","v":""},null,null,null,{"$f":"+IFERROR(VLOOKUP($A657,INSUMOS_BD2,4,FALSE),\"\")","v":""},null,{"$f":"IFERROR(F657*(1+G657),\"\")","v":""},null,null,{"$f":"IFERROR(ROUND(H657/I657,0),\"\")","v":""}]
[null,"SUB-TOTAL ",null,null,null,null,null,null,null,null,{"$f":"SUM(K655:K657)","v":34830}]
[]
[null,"TOTAL COSTO DIRECTO",null,null,null,null,null,null,null,null,{"$f":"ROUND((+K658+K651+K644+K636),0)","v":502123}]
[]
[null,"V. COSTOS INDIRECTOS"]
[null,"DESCRIPCIÓN",null,null,null,null,null,"PORCENTAJE","V/TOTAL"]
[null,"ADMINISTRACION",null,null,null,null,null,{"$f":"+ADMON","v":0.01},{"$f":"ROUND(K660*H664,0)","v":5021}]
[null,"IMPREVISTOS ",null,null,null,null,null,{"$f":"+IMPREVISTOS","v":0.02},{"$f":"ROUND(K660*H665,0)","v":10042}]
[null,"UTILIDAD",null,null,null,null,null,{"$f":"+UTILIDAD","v":0.05},{"$f":"ROUND(K660*H666,0)","v":25106}]
[null,"TOTAL COSTOS INDIRECTOS ",null,null,null,null,null,null,null,null,{"$f":"SUM(I664:J666)","v":40169}]
[]
[null,"VALOR UNITARIO",null,null,null,null,null,null,null,null,{"$f":"+ROUND(K667+K660,0)","v":542292}]
[]
[]
[]
[]
[null,{"$f":"+Responsable","v":"JULIANA MARÍA VELEZ"}]
[null,{"$f":"+Cargo","v":"SECRETARIA DE OBRAS PÚBLICAS"}]
[null,{"$f":"+MT_Responsable","v":"M.P. N°.  191919199 CAU"}]
[]
["APU11",{"$f":"IFERROR(VLOOKUP($A678,LISTA_APU,2,FALSE),\"\")","v":"TRANPORTE DE MAQUINARIA"},null,null,null,null,null,null,"Unidad:",{"$f":"IFERROR(VLOOKUP($A678,LISTA_APU,3,FALSE),\"\")","v":"km"},{"$f":"K709","v":30769}]
[null,"I. EQUIPO"]
[null,"DESCRIPCIÓN",null,null,null,"TIPO",null,"TARIFA/HORA","RENDIMIENTO",null,"Vr. UNITARIO"]
["e59",{"$f":"+IFERROR(VLOOKUP($A681,INSUMOS_BD2,3,FALSE),\"\")","v":"Camabaja"},null,null,null,null,null,{"$f":"+IFERROR(ROUND(IF($B681=\"Herramienta Menor HM (% mano de obra)\",HM,IF($B681=\"Herramienta Menor HM2 (% mano de obra)\",HM_2,VLOOKUP($A681,INSUMOS_BD2,5,FALSE))),2),\"\")","v":200000},6.5,null,{"$f":"+IFERROR(ROUND(IF($B681=\"Herramienta Menor HM (% mano de obra)\",$K$707*H681,IF($B681=\"Herramienta Menor HM2 (% mano de obra)\",$K$707*H681,H681/I681)),0),\"\")","v":30769}]
[null,{"$f":"+IFERROR(VLOOKUP($A682,INSUMOS_BD2,3,FALSE),\"\")","v":""},null,null,null,null,null,{"$f":"+IFERROR(ROUND(IF($B682=\"Herramienta Menor HM (% mano de obra)\",HM,IF($B682=\"Herramienta Menor HM2 (% mano de obra)\",HM_2,VLOOKUP($A682,INSUMOS_BD2,5,FALSE))),2),\"\")","v":""},null,null,{"$f":"+IFERROR(ROUND(IF($B682=\"Herramienta Menor HM (% mano de obra)\",$K$707*H682,IF($B682=\"Herramienta Menor HM2 (% mano de obra)\",$K$707*H682,H682/I682)),0),\"\")","v":""}]
[null,{"$f":"+IFERROR(VLOOKUP($A683,INSUMOS_BD2,3,FALSE),\"\")","v":""},null,null,null,null,null,{"$f":"+IFERROR(ROUND(IF($B683=\"Herramienta Menor HM (% mano de obra)\",HM,IF($B683=\"Herramienta Menor HM2 (% mano de obra)\",HM_2,VLOOKUP($A683,INSUMOS_BD2,5,FALSE))),2),\"\")","v":""},null,null,{"$f":"+IFERROR(ROUND(IF($B683=\"Herramienta Menor HM (% mano de obra)\",$K$707*H683,IF($B683=\"Herramienta Menor HM2 (% mano de obra)\",$K$707*H683,H683/I683)),0),\"\")","v":""}]
[null,{"$f":"+IFERROR(VLOOKUP($A684,INSUMOS_BD2,3,FALSE),\"\")","v":""},null,null,null,null,null,{"$f":"+IFERROR(ROUND(IF($B684=\"Herramienta Menor HM (% mano de obra)\",HM,IF($B684=\"Herramienta Menor HM2 (% mano de obra)\",HM_2,VLOOKUP($A684,INSUMOS_BD2,5,FALSE))),2),\"\")","v":""},null,null,{"$f":"+IFERROR(ROUND(IF($B684=\"Herramienta Menor HM (% mano de obra)\",$K$707*H684,IF($B684=\"Herramienta Menor HM2 (% mano de obra)\",$K$707*H684,H684/I684)),0),\"\")","v":""}]
[null,"SUB-TOTAL ",null,null,null,null,null,null,null,null,{"$f":"SUM(K681:K684)","v":30769}]
[]
[null,"II. MATERIALES"]
[null,"DESCRIPCIÓN",null,null,null,null,"UNIDAD","CANTIDAD","PRECIO UNIT.",null,"Vr. UNITARIO"]
[null,{"$f":"+IFERROR(VLOOKUP($A689,INSUMOS_BD2,3,FALSE),\"\")","v":""},null,null,null,null,{"$f":"+IFERROR(VLOOKUP($A689,INSUMOS_BD2,4,FALSE),\"\")","v":""},null,{"$f":"+IFERROR(VLOOKUP($A689,INSUMOS_BD2,5,FALSE),\"\")","v":""},null,{"$f":"IFERROR(ROUND(H689*I689,0),\"\")","v":""}]
[null,{"$f":"+IFERROR(VLOOKUP($A690,INSUMOS_BD2,3,FALSE),\"\")","v":""},null,null,null,null,{"$f":"+IFERROR(VLOOKUP($A690,INSUMOS_BD2,4,FALSE),\"\")","v":""},null,{"$f":"+IFERROR(VLOOKUP($A690,INSUMOS_BD2,5,FALSE),\"\")","v":""},null,{"$f":"IFERROR(ROUND(H690*I690,0),\"\")","v":""}]
[null,{"$f":"+IFERROR(VLOOKUP($A691,INSUMOS_BD2,3,FALSE),\"\")","v":""},null,null,null,null,{"$f":"+IFERROR(VLOOKUP($A691,INSUMOS_BD2,4,FALSE),\"\")","v":""},null,{"$f":"+IFERROR(VLOOKUP($A691,INSUMOS_BD2,5,FALSE),\"\")","v":""},null,{"$f":"IFERROR(ROUND(H691*I691,0),\"\")","v":""}]
[null,{"$f":"+IFERROR(VLOOKUP($A692,INSUMOS_BD2,3,FALSE),\"\")","v":""},null,null,null,null,{"$f":"+IFERROR(VLOOKUP($A692,INSUMOS_BD2,4,FALSE),\"\")","v":""},null,{"$f":"+IFERROR(VLOOKUP($A692,INSUMOS_BD2,5,FALSE),\"\")","v":""},null,{"$f":"IFERROR(ROUND(H692*I692,0),\"\")","v":""}]
[null,"SUB-TOTAL ",null,null,null,null,null,null,null,null,{"$f":"SUM(K689:K692)","v":0}]
[]
[null,"III. TRANSPORTES"]
[null,"MATERIAL",null,null,null,"FACT. EXPAN o COMPACT","DISTANCIA","VOL. o PESO","TARIFA (m3 o ton/km)",null,"Vr. UNITARIO"]
[null,{"$f":"+IFERROR(VLOOKUP($A697,INSUMOS_BD2,3,FALSE),\"\")","v":""},null,null,null,null,null,null,{"$f":"+IFERROR(VLOOKUP($A697,INSUMOS_BD2,5,FALSE),\"\")","v":""},null,{"$f":"IFERROR(ROUND(F697*G697*I697,0),\"\")","v":""}]
[null,{"$f":"+IFERROR(VLOOKUP($A698,INSUMOS_BD2,3,FALSE),\"\")","v":""},null,null,null,null,null,null,{"$f":"+IFERROR(VLOOKUP($A698,INSUMOS_BD2,5,FALSE),\"\")","v":""},null,{"$f":"IFERROR(ROUND(F698*G698*I698,0),\"\")","v":""}]
[null,{"$f":"+IFERROR(VLOOKUP($A699,INSUMOS_BD2,3,FALSE),\"\")","v":""},null,null,null,null,null,null,{"$f":"+IFERROR(VLOOKUP($A699,INSUMOS_BD2,5,FALSE),\"\")","v":""},null,{"$f":"IFERROR(ROUND(F699*G699*I699,0),\"\")","v":""}]
[null,"SUB-TOTAL ",null,null,null,null,null,null,null,null,{"$f":"SUM(K697:K699)","v":0}]
[]
[null,"IV. MANO DE OBRA"]
[null,"TRABAJADOR",null,null,null,"JORNAL","PRESTACIÓN","JORNAL TOTAL","RENDIMIENTO",null,"Vr. UNITARIO"]
[null,{"$f":"+IFERROR(VLOOKUP($A704,INSUMOS_BD2,3,FALSE),\"\")","v":""},null,null,null,{"$f":"+IFERROR(VLOOKUP($A704,INSUMOS_BD2,5,FALSE),\"\")","v":""},null,{"$f":"IFERROR(F704*(1+G704),\"\")","v":""},null,null,{"$f":"IFERROR(ROUND(H704/I704,0),\"\")","v":""}]
[null,{"$f":"+IFERROR(VLOOKUP($A705,INSUMOS_BD2,3,FALSE),\"\")","v":""},null,null,null,{"$f":"+IFERROR(VLOOKUP($A705,INSUMOS_BD2,5,FALSE),\"\")","v":""},null,{"$f":"IFERROR(F705*(1+G705),\"\")","v":""},null,null,{"$f":"IFERROR(ROUND(H705/I705,0),\"\")","v":""}]
[null,{"$f":"+IFERROR(VLOOKUP($A706,INSUMOS_BD2,3,FALSE),\"\")","v":""},null,null,null,{"$f":"+IFERROR(VLOOKUP($A706,INSUMOS_BD2,4,FALSE),\"\")","v":""},null,{"$f":"IFERROR(F706*(1+G706),\"\")","v":""},null,null,{"$f":"IFERROR(ROUND(H706/I706,0),\"\")","v":""}]
[null,"SUB-TOTAL ",null,null,null,null,null,null,null,null,{"$f":"SUM(K704:K706)","v":0}]
[]
[null,"TOTAL COSTO DIRECTO",null,null,null,null,null,null,null,null,{"$f":"ROUND((+K707+K700+K693+K685),0)","v":30769}]
[]
[null,"V. COSTOS INDIRECTOS"]
[null,"DESCRIPCIÓN",null,null,null,null,null,"PORCENTAJE","V/TOTAL"]
[null,"ADMINISTRACION",null,null,null,null,null,{"$f":"+ADMON","v":0.01},{"$f":"ROUND(K709*H713,0)","v":308}]
[null,"IMPREVISTOS ",null,null,null,null,null,{"$f":"+IMPREVISTOS","v":0.02},{"$f":"ROUND(K709*H714,0)","v":615}]
[null,"UTILIDAD",null,null,null,null,null,{"$f":"+UTILIDAD","v":0.05},{"$f":"ROUND(K709*H715,0)","v":1538}]
[null,"TOTAL COSTOS INDIRECTOS ",null,null,null,null,null,null,null,null,{"$f":"SUM(I713:J715)","v":2461}]
[]
[null,"VALOR UNITARIO",null,null,null,null,null,null,null,null,{"$f":"+ROUND(K716+K709,0)","v":33230}]
[]
[]
[]
[]
[null,{"$f":"+Responsable","v":"JULIANA MARÍA VELEZ"}]
[null,{"$f":"+Cargo","v":"SECRETARIA DE OBRAS PÚBLICAS"}]
[null,{"$f":"+MT_Responsable","v":"M.P. N°.  191919199 CAU"}]
[]
["APU12",{"$f":"IFERROR(VLOOKUP($A727,LISTA_APU,2,FALSE),\"\")","v":"BORDILLO PREFABRICADO A15 (15x35x80cm)"},null,null,null,null,null,null,"Unidad:",{"$f":"IFERROR(VLOOKUP($A727,LISTA_APU,3,FALSE),\"\")","v":"m"},{"$f":"K759","v":50812}]
[null,"I. EQUIPO"]
[null,"DESCRIPCIÓN",null,null,null,"TIPO",null,"TARIFA/HORA","RENDIMIENTO",null,"Vr. UNITARIO"]
["E31",{"$f":"+IFERROR(VLOOKUP($A730,INSUMOS_BD2,3,FALSE),\"\")","v":"Herramienta Menor HM (% mano de obra)"},null,null,null,null,null,{"$f":"+IFERROR(ROUND(IF($B730=\"Herramienta Menor HM (% mano de obra)\",HM,IF($B730=\"Herramienta Menor HM2 (% mano de obra)\",HM_2,VLOOKUP($A730,INSUMOS_BD2,5,FALSE))),2),\"\")","v":0.1},null,null,{"$f":"+IFERROR(ROUND(IF($B730=\"Herramienta Menor HM (% mano de obra)\",$K$757*H730,IF($B730=\"Herramienta Menor HM2 (% mano de obra)\",$K$757*H730,H730/I730)),0),\"\")","v":836}]
[null,{"$f":"+IFERROR(VLOOKUP($A731,INSUMOS_BD2,3,FALSE),\"\")","v":""},null,null,null,null,null,{"$f":"+IFERROR(ROUND(IF($B731=\"Herramienta Menor HM (% mano de obra)\",HM,IF($B731=\"Herramienta Menor HM2 (% mano de obra)\",HM_2,VLOOKUP($A731,INSUMOS_BD2,5,FALSE))),2),\"\")","v":""},null,null,{"$f":"+IFERROR(ROUND(IF($B731=\"Herramienta Menor HM (% mano de obra)\",$K$757*H731,IF($B731=\"Herramienta Menor HM2 (% mano de obra)\",$K$757*H731,H731/I731)),0),\"\")","v":""}]
[null,{"$f":"+IFERROR(VLOOKUP($A732,INSUMOS_BD2,3,FALSE),\"\")","v":""},null,null,null,null,null,{"$f":"+IFERROR(ROUND(IF($B732=\"Herramienta Menor HM (% mano de obra)\",HM,IF($B732=\"Herramienta Menor HM2 (% mano de obra)\",HM_2,VLOOKUP($A732,INSUMOS_BD2,5,FALSE))),2),\"\")","v":""},null,null,{"$f":"+IFERROR(ROUND(IF($B732=\"Herramienta Menor HM (% mano de obra)\",$K$757*H732,IF($B732=\"Herramienta Menor HM2 (% mano de obra)\",$K$757*H732,H732/I732)),0),\"\")","v":""}]
[null,{"$f":"+IFERROR(VLOOKUP($A733,INSUMOS_BD2,3,FALSE),\"\")","v":""},null,null,null,null,null,{"$f":"+IFERROR(ROUND(IF($B733=\"Herramienta Menor HM (% mano de obra)\",HM,IF($B733=\"Herramienta Menor HM2 (% mano de obra)\",HM_2,VLOOKUP($A733,INSUMOS_BD2,5,FALSE))),2),\"\")","v":""},null,null,{"$f":"+IFERROR(ROUND(IF($B733=\"Herramienta Menor HM (% mano de obra)\",$K$757*H733,IF($B733=\"Herramienta Menor HM2 (% mano de obra)\",$K$757*H733,H733/I733)),0),\"\")","v":""}]
[null,"SUB-TOTAL ",null,null,null,null,null,null,null,null,{"$f":"SUM(K730:K733)","v":836}]
[]
[null,"II. MATERIALES"]
[null,"DESCRIPCIÓN",null,null,null,null,"UNIDAD","CANTIDAD","PRECIO UNIT.",null,"Vr. UNITARIO"]
["m116",{"$f":"+IFERROR(VLOOKUP($A738,INSUMOS_BD2,3,FALSE),\"\")","v":"Bordillo prefabricado A15 (15x35x80cm)"},null,null,null,null,{"$f":"+IFERROR(VLOOKUP($A738,INSUMOS_BD2,4,FALSE),\"\")","v":"und"},1.25,{"$f":"+IFERROR(VLOOKUP($A738,INSUMOS_BD2,5,FALSE),\"\")","v":30000},null,{"$f":"IFERROR(ROUND(H738*I738,0),\"\")","v":37500}]
["m117",{"$f":"+IFERROR(VLOOKUP($A739,INSUMOS_BD2,3,FALSE),\"\")","v":"MORTERO 1:3"},null,null,null,null,{"$f":"+IFERROR(VLOOKUP($A739,INSUMOS_BD2,4,FALSE),\"\")","v":"m³"},0.01,{"$f":"+IFERROR(VLOOKUP($A739,INSUMOS_BD2,5,FALSE),\"\")","v":411716},null,{"$f":"IFERROR(ROUND(H739*I739,0),\"\")","v":4117}]
[null,{"$f":"+IFERROR(VLOOKUP($A740,INSUMOS_BD2,3,FALSE),\"\")","v":""},null,null,null,null,{"$f":"+IFERROR(VLOOKUP($A740,INSUMOS_BD2,4,FALSE),\"\")","v":""},null,{"$f":"+IFERROR(VLOOKUP($A740,INSUMOS_BD2,5,FALSE),\"\")","v":""},null,{"$f":"IFERROR(ROUND(H740*I740,0),\"\")","v":""}]
[null,{"$f":"+IFERROR(VLOOKUP($A741,INSUMOS_BD2,3,FALSE),\"\")","v":""},null,null,null,null,{"$f":"+IFERROR(VLOOKUP($A741,INSUMOS_BD2,4,FALSE),\"\")","v":""},null,{"$f":"+IFERROR(VLOOKUP($A741,INSUMOS_BD2,5,FALSE),\"\")","v":""},null,{"$f":"IFERROR(ROUND(H741*I741,0),\"\")","v":""}]
[null,{"$f":"+IFERROR(VLOOKUP($A742,INSUMOS_BD2,3,FALSE),\"\")","v":""},null,null,null,null,{"$f":"+IFERROR(VLOOKUP($A742,INSUMOS_BD2,4,FALSE),\"\")","v":""},null,{"$f":"+IFERROR(VLOOKUP($A742,INSUMOS_BD2,5,FALSE),\"\")","v":""},null,{"$f":"IFERROR(ROUND(H742*I742,0),\"\")","v":""}]
[null,"SUB-TOTAL ",null,null,null,null,null,null,null,null,{"$f":"SUM(K738:K742)","v":41617}]
[]
[null,"III. TRANSPORTES"]
[null,"MATERIAL",null,null,null,"FACT. EXPAN o COMPACT","DISTANCIA","VOL. o PESO","TARIFA (m3 o ton/km)",null,"Vr. UNITARIO"]
[null,{"$f":"+IFERROR(VLOOKUP($A747,INSUMOS_BD2,3,FALSE),\"\")","v":""},null,null,null,null,null,{"$f":"+IFERROR(VLOOKUP($A747,INSUMOS_BD2,3,FALSE),\"\")","v":""},{"$f":"+IFERROR(VLOOKUP($A747,INSUMOS_BD2,5,FALSE),\"\")","v":""},null,{"$f":"IFERROR(ROUND(F747*G747*I747,0),\"\")","v":""}]
[null,{"$f":"+IFERROR(VLOOKUP($A748,INSUMOS_BD2,3,FALSE),\"\")","v":""},null,null,null,null,null,{"$f":"+IFERROR(VLOOKUP($A748,INSUMOS_BD2,3,FALSE),\"\")","v":""},{"$f":"+IFERROR(VLOOKUP($A748,INSUMOS_BD2,5,FALSE),\"\")","v":""},null,{"$f":"IFERROR(ROUND(F748*G748*I748,0),\"\")","v":""}]
[null,{"$f":"+IFERROR(VLOOKUP($A749,INSUMOS_BD2,3,FALSE),\"\")","v":""},null,null,null,null,null,{"$f":"+IFERROR(VLOOKUP($A749,INSUMOS_BD2,3,FALSE),\"\")","v":""},{"$f":"+IFERROR(VLOOKUP($A749,INSUMOS_BD2,5,FALSE),\"\")","v":""},null,{"$f":"IFERROR(ROUND(F749*G749*I749,0),\"\")","v":""}]
[null,"SUB-TOTAL ",null,null,null,null,null,null,null,null,{"$f":"SUM(K747:K749)","v":0}]
[]
[null,"IV. MANO DE OBRA"]
[null,"TRABAJADOR",null,null,null,"JORNAL","PRESTACIÓN","JORNAL TOTAL","RENDIMIENTO",null,"Vr. UNITARIO"]
["mo18",{"$f":"+IFERROR(VLOOKUP($A754,INSUMOS_BD2,3,FALSE),\"\")","v":"OFICIAL (1)"},null,null,null,{"$f":"+IFERROR(VLOOKUP($A754,INSUMOS_BD2,5,FALSE),\"\")","v":46000},{"$f":"+F_PREST","v":0.68363548318755485},{"$f":"IFERROR(F754*(1+G754),\"\")","v":77447.23222662753},25,null,{"$f":"IFERROR(ROUND(H754/I754,0),\"\")","v":3098}]
["mo15",{"$f":"+IFERROR(VLOOKUP($A755,INSUMOS_BD2,3,FALSE),\"\")","v":"OBREROS (3)"},null,null,null,{"$f":"+IFERROR(VLOOKUP($A755,INSUMOS_BD2,5,FALSE),\"\")","v":78123},{"$f":"+F_PREST","v":0.68363548318755485},{"$f":"IFERROR(F755*(1+G755),\"\")","v":131530.65485306134},25,null,{"$f":"IFERROR(ROUND(H755/I755,0),\"\")","v":5261}]
[null,{"$f":"+IFERROR(VLOOKUP($A756,INSUMOS_BD2,3,FALSE),\"\")","v":""},null,null,null,{"$f":"+IFERROR(VLOOKUP($A756,INSUMOS_BD2,5,FALSE),\"\")","v":""},null,{"$f":"IFERROR(F756*(1+G756),\"\")","v":""},null,null,{"$f":"IFERROR(ROUND(H756/I756,0),\"\")","v":""}]
[null,"SUB-TOTAL ",null,null,null,null,null,null,null,null,{"$f":"SUM(K754:K756)","v":8359}]
[]
[null,"TOTAL COSTO DIRECTO",null,null,null,null,null,null,null,null,{"$f":"ROUND((+K757+K750+K743+K734),0)","v":50812}]
[]
[null,"V. COSTOS INDIRECTOS"]
[null,"DESCRIPCIÓN",null,null,null,null,null,"PORCENTAJE","V/TOTAL"]
[null,"ADMINISTRACION",null,null,null,null,null,{"$f":"+ADMON","v":0.01},{"$f":"ROUND(K759*H763,0)","v":508}]
[null,"IMPREVISTOS ",null,null,null,null,null,{"$f":"+IMPREVISTOS","v":0.02},{"$f":"ROUND(K759*H764,0)","v":1016}]
[null,"UTILIDAD",null,null,null,null,null,{"$f":"+UTILIDAD","v":0.05},{"$f":"ROUND(K759*H765,0)","v":2541}]
[null,"TOTAL COSTOS INDIRECTOS ",null,null,null,null,null,null,null,null,{"$f":"SUM(I763:J765)","v":4065}]
[]
[null,"VALOR UNITARIO",null,null,null,null,null,null,null,null,{"$f":"+ROUND(K766+K759,0)","v":54877}]
[]
[]
[]
[]
[null,{"$f":"+Responsable","v":"JULIANA MARÍA VELEZ"}]
[null,{"$f":"+Cargo","v":"SECRETARIA DE OBRAS PÚBLICAS"}]
[null,{"$f":"+MT_Responsable","v":"M.P. N°.  191919199 CAU"}]
[]
["apu19",{"$f":"IFERROR(VLOOKUP($A777,LISTA_APU,2,FALSE),\"\")","v":"GAVIÓNES MALLA ALAMBRE DE ACERO ENTRELAZADO  CLASE 1; RECUBRIMIENTO ZINC (GALV)"},null,null,null,null,null,null,"Unidad:",{"$f":"IFERROR(VLOOKUP($A777,LISTA_APU,3,FALSE),\"\")","v":"m³"},{"$f":"K810","v":172053}]
[null,"I. EQUIPO"]
[null,"DESCRIPCIÓN",null,null,null,"TIPO",null,"TARIFA/HORA","RENDIMIENTO",null,"Vr. UNITARIO"]
["e31",{"$f":"+IFERROR(VLOOKUP($A780,INSUMOS_BD2,3,FALSE),\"\")","v":"Herramienta Menor HM (% mano de obra)"},null,null,null,null,null,{"$f":"+IFERROR(ROUND(IF($B780=\"Herramienta Menor HM (% mano de obra)\",HM,IF($B780=\"Herramienta Menor HM2 (% mano de obra)\",HM_2,VLOOKUP($A780,INSUMOS_BD2,5,FALSE))),2),\"\")","v":0.1},2,null,{"$f":"+IFERROR(ROUND(IF($B780=\"Herramienta Menor HM (% mano de obra)\",$K$808*H780,IF($B780=\"Herramienta Menor HM2 (% mano de obra)\",$K$808*H780,H780/I780)),0),\"\")","v":3708}]
[null,{"$f":"+IFERROR(VLOOKUP($A781,INSUMOS_BD2,3,FALSE),\"\")","v":""},null,null,null,null,null,{"$f":"+IFERROR(ROUND(IF($B781=\"Herramienta Menor HM (% mano de obra)\",HM,IF($B781=\"Herramienta Menor HM2 (% mano de obra)\",HM_2,VLOOKUP($A781,INSUMOS_BD2,5,FALSE))),2),\"\")","v":""},null,null,{"$f":"+IFERROR(ROUND(IF($B781=\"Herramienta Menor HM (% mano de obra)\",$K$808*H781,IF($B781=\"Herramienta Menor HM2 (% mano de obra)\",$K$808*H781,H781/I781)),0),\"\")","v":""}]
[null,{"$f":"+IFERROR(VLOOKUP($A782,INSUMOS_BD2,3,FALSE),\"\")","v":""},null,null,null,null,null,{"$f":"+IFERROR(ROUND(IF($B782=\"Herramienta Menor HM (% mano de obra)\",HM,IF($B782=\"Herramienta Menor HM2 (% mano de obra)\",HM_2,VLOOKUP($A782,INSUMOS_BD2,5,FALSE))),2),\"\")","v":""},null,null,{"$f":"+IFERROR(ROUND(IF($B782=\"Herramienta Menor HM (% mano de obra)\",$K$808*H782,IF($B782=\"Herramienta Menor HM2 (% mano de obra)\",$K$808*H782,H782/I782)),0),\"\")","v":""}]
[null,{"$f":"+IFERROR(VLOOKUP($A783,INSUMOS_BD2,3,FALSE),\"\")","v":""},null,null,null,null,null,{"$f":"+IFERROR(ROUND(IF($B783=\"Herramienta Menor HM (% mano de obra)\",HM,IF($B783=\"Herramienta Menor HM2 (% mano de obra)\",HM_2,VLOOKUP($A783,INSUMOS_BD2,5,FALSE))),2),\"\")","v":""},null,null,{"$f":"+IFERROR(ROUND(IF($B783=\"Herramienta Menor HM (% mano de obra)\",$K$808*H783,IF($B783=\"Herramienta Menor HM2 (% mano de obra)\",$K$808*H783,H783/I783)),0),\"\")","v":""}]
[null,"SUB-TOTAL ",null,null,null,null,null,null,null,null,{"$f":"SUM(K780:K783)","v":3708}]
[]
[null,"II. MATERIALES"]
[null,"DESCRIPCIÓN",null,null,null,null,"UNIDAD","CANTIDAD","PRECIO UNIT.",null,"Vr. UNITARIO"]
["M111",{"$f":"+IFERROR(VLOOKUP($A788,INSUMOS_BD2,3,FALSE),\"\")","v":"Piedra río D<20cm"},null,null,null,null,{"$f":"+IFERROR(VLOOKUP($A788,INSUMOS_BD2,4,FALSE),\"\")","v":"m³"},1.1000000000000001,{"$f":"+IFERROR(VLOOKUP($A788,INSUMOS_BD2,5,FALSE),\"\")","v":50000},null,{"$f":"IFERROR(ROUND(H788*I788,0),\"\")","v":55000}]
["M48","MALLA PARA GAVIONES ( 2 M3) ",null,null,null,null,"und",0.5,86484.304600000003,null,43242]
["M27","ALAMBRE GALVANIZADO No.12",null,null,null,null,"kg",1.1499999999999999,5234.6666666666697,null,6020]
["M113"," FORMALETA (GAVIONES, JUNTAS DE BORDILLOS, JUNTAS DE CUNETAS, MUROS)",null,null,null,null,"m²",2,8000,null,16000]
[null,"",null,null,null,null,"",null,"",null,""]
[null,"",null,null,null,null,"",null,"",null,""]
[null,"SUB-TOTAL ",null,null,null,null,null,null,null,null,{"$f":"SUM(K788:K793)","v":120262}]
[]
[null,"III. TRANSPORTES"]
[null,"MATERIAL",null,null,null,"FACT. EXPAN o COMPACT","DISTANCIA","VOL. o PESO","TARIFA (m3 o ton/km)",null,"Vr. UNITARIO"]
["t7",{"$f":"+IFERROR(VLOOKUP($A798,INSUMOS_BD2,3,FALSE),\"\")","v":"Transporte de piedra para gaviones"},null,null,null,"-",{"$f":"+D_Cantera4","v":8},{"$f":"H788","v":1.1000000000000001},{"$f":"+IFERROR(VLOOKUP($A798,INSUMOS_BD2,5,FALSE),\"\")","v":1250},null,{"$f":"IFERROR(ROUND(G798*H798*I798,0),\"\")","v":11000}]
[null,{"$f":"+IFERROR(VLOOKUP($A799,INSUMOS_BD2,3,FALSE),\"\")","v":""},null,null,null,null,null,null,{"$f":"+IFERROR(VLOOKUP($A799,INSUMOS_BD2,5,FALSE),\"\")","v":""},null,{"$f":"IFERROR(ROUND(G799*H799*I799,0),\"\")","v":""}]
[null,{"$f":"+IFERROR(VLOOKUP($A800,INSUMOS_BD2,3,FALSE),\"\")","v":""},null,null,null,null,null,null,{"$f":"+IFERROR(VLOOKUP($A800,INSUMOS_BD2,5,FALSE),\"\")","v":""},null,{"$f":"IFERROR(ROUND(G800*H800*I800,0),\"\")","v":""}]
[null,"SUB-TOTAL ",null,null,null,null,null,null,null,null,{"$f":"SUM(K798:K800)","v":11000}]
[]
[null,"IV. MANO DE OBRA"]
[null,"TRABAJADOR",null,null,null,"JORNAL","PRESTACIÓN","JORNAL TOTAL","RENDIMIENTO",null,"Vr. UNITARIO"]
["mo18",{"$f":"+IFERROR(VLOOKUP($A805,INSUMOS_BD2,3,FALSE),\"\")","v":"OFICIAL (1)"},null,null,null,{"$f":"+IFERROR(VLOOKUP($A805,INSUMOS_BD2,5,FALSE),\"\")","v":46000},{"$f":"+F_PREST","v":0.68363548318755485},{"$f":"IFERROR(F805*(1+G805),\"\")","v":77447.23222662753},8,null,{"$f":"IFERROR(ROUND(H805/I805,0),\"\")","v":9681}]
["mo6",{"$f":"+IFERROR(VLOOKUP($A806,INSUMOS_BD2,3,FALSE),\"\")","v":" OBREROS (5)"},null,null,null,{"$f":"+IFERROR(VLOOKUP($A806,INSUMOS_BD2,5,FALSE),\"\")","v":130205},{"$f":"+F_PREST","v":0.68363548318755485},{"$f":"IFERROR(F806*(1+G806),\"\")","v":219217.75808843557},8,null,{"$f":"IFERROR(ROUND(H806/I806,0),\"\")","v":27402}]
[null,{"$f":"+IFERROR(VLOOKUP($A807,INSUMOS_BD2,3,FALSE),\"\")","v":""},null,null,null,{"$f":"+IFERROR(VLOOKUP($A807,INSUMOS_BD2,5,FALSE),\"\")","v":""},null,{"$f":"IFERROR(F807*(1+G807),\"\")","v":""},null,null,""]
[null,"SUB-TOTAL ",null,null,null,null,null,null,null,null,{"$f":"SUM(K805:K807)","v":37083}]
[]
[null,"TOTAL COSTO DIRECTO",null,null,null,null,null,null,null,null,{"$f":"ROUND((+K808+K801+K794+K784),0)","v":172053}]
[]
[null,"V. COSTOS INDIRECTOS"]
[null,"DESCRIPCIÓN",null,null,null,null,null,"PORCENTAJE","V/TOTAL"]
[null,"ADMINISTRACION",null,null,null,null,null,{"$f":"+ADMON","v":0.01},{"$f":"ROUND(K810*H814,0)","v":1721}]
[null,"IMPREVISTOS ",null,null,null,null,null,{"$f":"+IMPREVISTOS","v":0.02},{"$f":"ROUND(K810*H815,0)","v":3441}]
[null,"UTILIDAD",null,null,null,null,null,{"$f":"+UTILIDAD","v":0.05},{"$f":"ROUND(K810*H816,0)","v":8603}]
[null,"TOTAL COSTOS INDIRECTOS ",null,null,null,null,null,null,null,null,{"$f":"SUM(I814:J816)","v":13765}]
[]
[null,"VALOR UNITARIO",null,null,null,null,null,null,null,null,{"$f":"+ROUND(K817+K810,0)","v":185818}]
[]
[]
[]
[]
[null,{"$f":"+Responsable","v":"JULIANA MARÍA VELEZ"}]
[null,{"$f":"+Cargo","v":"SECRETARIA DE OBRAS PÚBLICAS"}]
[null,{"$f":"+MT_Responsable","v":"M.P. N°.  191919199 CAU"}]
[]
["apu20",{"$f":"IFERROR(VLOOKUP($A828,LISTA_APU,2,FALSE),\"\")","v":"GEOTEXTIL TIPO NT-2500 O SIMILAR NO TEJIDO "},null,null,null,null,null,null,"Unidad:",{"$f":"IFERROR(VLOOKUP($A828,LISTA_APU,3,FALSE),\"\")","v":"m²"},{"$f":"K861","v":8361}]
[null,"I. EQUIPO"]
[null,"DESCRIPCIÓN",null,null,null,"TIPO",null,"TARIFA/HORA","RENDIMIENTO",null,"Vr. UNITARIO"]
["e31",{"$f":"+IFERROR(VLOOKUP($A831,INSUMOS_BD2,3,FALSE),\"\")","v":"Herramienta Menor HM (% mano de obra)"},null,null,null,null,null,{"$f":"+IFERROR(ROUND(IF($B831=\"Herramienta Menor HM (% mano de obra)\",HM,IF($B831=\"Herramienta Menor HM2 (% mano de obra)\",HM_2,VLOOKUP($A831,INSUMOS_BD2,5,FALSE))),2),\"\")","v":0.1},null,null,{"$f":"+IFERROR(ROUND(IF($B831=\"Herramienta Menor HM (% mano de obra)\",$K$859*H831,IF($B831=\"Herramienta Menor HM2 (% mano de obra)\",$K$859*H831,H831/I831)),0),\"\")","v":110}]
[null,{"$f":"+IFERROR(VLOOKUP($A832,INSUMOS_BD2,3,FALSE),\"\")","v":""},null,null,null,null,null,{"$f":"+IFERROR(ROUND(IF($B832=\"Herramienta Menor HM (% mano de obra)\",HM,IF($B832=\"Herramienta Menor HM2 (% mano de obra)\",HM_2,VLOOKUP($A832,INSUMOS_BD2,5,FALSE))),2),\"\")","v":""},null,null,{"$f":"+IFERROR(ROUND(IF($B832=\"Herramienta Menor HM (% mano de obra)\",$K$859*H832,IF($B832=\"Herramienta Menor HM2 (% mano de obra)\",$K$859*H832,H832/I832)),0),\"\")","v":""}]
[null,{"$f":"+IFERROR(VLOOKUP($A833,INSUMOS_BD2,3,FALSE),\"\")","v":""},null,null,null,null,null,{"$f":"+IFERROR(ROUND(IF($B833=\"Herramienta Menor HM (% mano de obra)\",HM,IF($B833=\"Herramienta Menor HM2 (% mano de obra)\",HM_2,VLOOKUP($A833,INSUMOS_BD2,5,FALSE))),2),\"\")","v":""},null,null,{"$f":"+IFERROR(ROUND(IF($B833=\"Herramienta Menor HM (% mano de obra)\",$K$859*H833,IF($B833=\"Herramienta Menor HM2 (% mano de obra)\",$K$859*H833,H833/I833)),0),\"\")","v":""}]
[null,{"$f":"+IFERROR(VLOOKUP($A834,INSUMOS_BD2,3,FALSE),\"\")","v":""},null,null,null,null,null,{"$f":"+IFERROR(ROUND(IF($B834=\"Herramienta Menor HM (% mano de obra)\",HM,IF($B834=\"Herramienta Menor HM2 (% mano de obra)\",HM_2,VLOOKUP($A834,INSUMOS_BD2,5,FALSE))),2),\"\")","v":""},null,null,{"$f":"+IFERROR(ROUND(IF($B834=\"Herramienta Menor HM (% mano de obra)\",$K$859*H834,IF($B834=\"Herramienta Menor HM2 (% mano de obra)\",$K$859*H834,H834/I834)),0),\"\")","v":""}]
[null,"SUB-TOTAL ",null,null,null,null,null,null,null,null,{"$f":"SUM(B831:K834)","v":110.1}]
[]
[null,"II. MATERIALES"]
[null,"DESCRIPCIÓN",null,null,null,null,"UNIDAD","CANTIDAD","PRECIO UNIT.",null,"Vr. UNITARIO"]
["M44",{"$f":"+IFERROR(VLOOKUP($A839,INSUMOS_BD2,3,FALSE),\"\")","v":"Geotextil NT-2500 o Similar No Tejido"},null,null,null,null,{"$f":"+IFERROR(VLOOKUP($A839,INSUMOS_BD2,4,FALSE),\"\")","v":"m²"},1.1000000000000001,{"$f":"+IFERROR(VLOOKUP($A839,INSUMOS_BD2,5,FALSE),\"\")","v":6500},null,{"$f":"IFERROR(ROUND(H839*I839,0),\"\")","v":7150}]
[null,"",null,null,null,null,"",null,"",null,""]
[null,"",null,null,null,null,"",null,"",null,""]
[null,"",null,null,null,null,"",null,"",null,""]
[null,"",null,null,null,null,"",null,"",null,""]
[null,"",null,null,null,null,"",null,"",null,""]
[null,"SUB-TOTAL ",null,null,null,null,null,null,null,null,{"$f":"SUM(K839:K844)","v":7150}]
[]
[null,"III. TRANSPORTES"]
[null,"MATERIAL",null,null,null,"FACT. EXPAN o COMPACT","DISTANCIA","VOL. o PESO","TARIFA (m3 o ton/km)",null,"Vr. UNITARIO"]
[null,{"$f":"+IFERROR(VLOOKUP($A849,INSUMOS_BD2,3,FALSE),\"\")","v":""},null,null,null,null,null,"",{"$f":"+IFERROR(VLOOKUP($A849,INSUMOS_BD2,5,FALSE),\"\")","v":""},null,{"$f":"IFERROR(ROUND(F849*G849*I849,0),\"\")","v":""}]
[null,{"$f":"+IFERROR(VLOOKUP($A850,INSUMOS_BD2,3,FALSE),\"\")","v":""},null,null,null,null,null,{"$f":"+IFERROR(VLOOKUP($A850,INSUMOS_BD2,3,FALSE),\"\")","v":""},{"$f":"+IFERROR(VLOOKUP($A850,INSUMOS_BD2,5,FALSE),\"\")","v":""},null,{"$f":"IFERROR(ROUND(F850*G850*I850,0),\"\")","v":""}]
[null,{"$f":"+IFERROR(VLOOKUP($A851,INSUMOS_BD2,3,FALSE),\"\")","v":""},null,null,null,null,null,{"$f":"+IFERROR(VLOOKUP($A851,INSUMOS_BD2,3,FALSE),\"\")","v":""},{"$f":"+IFERROR(VLOOKUP($A851,INSUMOS_BD2,5,FALSE),\"\")","v":""},null,{"$f":"IFERROR(ROUND(F851*G851*I851,0),\"\")","v":""}]
[null,"SUB-TOTAL ",null,null,null,null,null,null,null,null,{"$f":"SUM(K849:K851)","v":0}]
[]
[null,"IV. MANO DE OBRA"]
[null,"TRABAJADOR",null,null,null,"JORNAL","PRESTACIÓN","JORNAL TOTAL","RENDIMIENTO",null,"Vr. UNITARIO"]
["MO18",{"$f":"+IFERROR(VLOOKUP($A856,INSUMOS_BD2,3,FALSE),\"\")","v":"OFICIAL (1)"},null,null,null,{"$f":"+IFERROR(VLOOKUP($A856,INSUMOS_BD2,5,FALSE),\"\")","v":46000},{"$f":"+F_PREST","v":0.68363548318755485},{"$f":"IFERROR(F856*(1+G856),\"\")","v":77447.23222662753},150,null,{"$f":"IFERROR(ROUND(H856/I856,0),\"\")","v":516}]
["MO4",{"$f":"+IFERROR(VLOOKUP($A857,INSUMOS_BD2,3,FALSE),\"\")","v":" OBREROS (2)"},null,null,null,{"$f":"+IFERROR(VLOOKUP($A857,INSUMOS_BD2,5,FALSE),\"\")","v":52082},{"$f":"+F_PREST","v":0.68363548318755485},{"$f":"IFERROR(F857*(1+G857),\"\")","v":87687.103235374234},150,null,{"$f":"IFERROR(ROUND(H857/I857,0),\"\")","v":585}]
[null,{"$f":"+IFERROR(VLOOKUP($A858,INSUMOS_BD2,3,FALSE),\"\")","v":""},null,null,null,{"$f":"+IFERROR(VLOOKUP($A858,INSUMOS_BD2,5,FALSE),\"\")","v":""},null,{"$f":"IFERROR(F858*(1+G858),\"\")","v":""},null,null,{"$f":"IFERROR(ROUND(H858/I858,0),\"\")","v":""}]
[null,"SUB-TOTAL ",null,null,null,null,null,null,null,null,{"$f":"SUM(K856:K858)","v":1101}]
[]
[null,"TOTAL COSTO DIRECTO",null,null,null,null,null,null,null,null,{"$f":"ROUND((+K859+K852+K845+K835),0)","v":8361}]
[]
[null,"V. COSTOS INDIRECTOS"]
[null,"DESCRIPCIÓN",null,null,null,null,null,"PORCENTAJE","V/TOTAL"]
[null,"ADMINISTRACION",null,null,null,null,null,{"$f":"+ADMON","v":0.01},{"$f":"ROUND(K861*H865,0)","v":84}]
[null,"IMPREVISTOS ",null,null,null,null,null,{"$f":"+IMPREVISTOS","v":0.02},{"$f":"ROUND(K861*H866,0)","v":167}]
[null,"UTILIDAD",null,null,null,null,null,{"$f":"+UTILIDAD","v":0.05},{"$f":"ROUND(K861*H867,0)","v":418}]
[null,"TOTAL COSTOS INDIRECTOS ",null,null,null,null,null,null,null,null,{"$f":"SUM(I865:J867)","v":669}]
[]
[null,"VALOR UNITARIO",null,null,null,null,null,null,null,null,{"$f":"+ROUND(K868+K861,0)","v":9030}]
[]
[]
[]
[]
[null,{"$f":"+Responsable","v":"JULIANA MARÍA VELEZ"}]
[null,{"$f":"+Cargo","v":"SECRETARIA DE OBRAS PÚBLICAS"}]
[null,{"$f":"+MT_Responsable","v":"M.P. N°.  191919199 CAU"}]
[]
["APU21",{"$f":"IFERROR(VLOOKUP($A879,LISTA_APU,2,FALSE),\"\")","v":"GEOTEXTIL NO TEJIDO 1600"},null,null,null,null,null,null,"Unidad:",{"$f":"IFERROR(VLOOKUP($A879,LISTA_APU,3,FALSE),\"\")","v":"m²"},{"$f":"K912","v":5611}]
[null,"I. EQUIPO"]
[null,"DESCRIPCIÓN",null,null,null,"TIPO",null,"TARIFA/HORA","RENDIMIENTO",null,"Vr. UNITARIO"]
["e31",{"$f":"+IFERROR(VLOOKUP($A882,INSUMOS_BD2,3,FALSE),\"\")","v":"Herramienta Menor HM (% mano de obra)"},null,null,null,null,null,{"$f":"+IFERROR(ROUND(IF($B882=\"Herramienta Menor HM (% mano de obra)\",HM,IF($B882=\"Herramienta Menor HM2 (% mano de obra)\",HM_2,VLOOKUP($A882,INSUMOS_BD2,5,FALSE))),2),\"\")","v":0.1},null,null,{"$f":"+IFERROR(ROUND(IF($B882=\"Herramienta Menor HM (% mano de obra)\",$K$910*H882,IF($B882=\"Herramienta Menor HM2 (% mano de obra)\",$K$910*H882,H882/I882)),0),\"\")","v":110}]
[null,{"$f":"+IFERROR(VLOOKUP($A883,INSUMOS_BD2,3,FALSE),\"\")","v":""},null,null,null,null,null,{"$f":"+IFERROR(ROUND(IF($B883=\"Herramienta Menor HM (% mano de obra)\",HM,IF($B883=\"Herramienta Menor HM2 (% mano de obra)\",HM_2,VLOOKUP($A883,INSUMOS_BD2,5,FALSE))),2),\"\")","v":""},null,null,{"$f":"+IFERROR(ROUND(IF($B883=\"Herramienta Menor HM (% mano de obra)\",$K$910*H883,IF($B883=\"Herramienta Menor HM2 (% mano de obra)\",$K$910*H883,H883/I883)),0),\"\")","v":""}]
[null,{"$f":"+IFERROR(VLOOKUP($A884,INSUMOS_BD2,3,FALSE),\"\")","v":""},null,null,null,null,null,{"$f":"+IFERROR(ROUND(IF($B884=\"Herramienta Menor HM (% mano de obra)\",HM,IF($B884=\"Herramienta Menor HM2 (% mano de obra)\",HM_2,VLOOKUP($A884,INSUMOS_BD2,5,FALSE))),2),\"\")","v":""},null,null,{"$f":"+IFERROR(ROUND(IF($B884=\"Herramienta Menor HM (% mano de obra)\",$K$910*H884,IF($B884=\"Herramienta Menor HM2 (% mano de obra)\",$K$910*H884,H884/I884)),0),\"\")","v":""}]
[null,{"$f":"+IFERROR(VLOOKUP($A885,INSUMOS_BD2,3,FALSE),\"\")","v":""},null,null,null,null,null,{"$f":"+IFERROR(ROUND(IF($B885=\"Herramienta Menor HM (% mano de obra)\",HM,IF($B885=\"Herramienta Menor HM2 (% mano de obra)\",HM_2,VLOOKUP($A885,INSUMOS_BD2,5,FALSE))),2),\"\")","v":""},null,null,{"$f":"+IFERROR(ROUND(IF($B885=\"Herramienta Menor HM (% mano de obra)\",$K$910*H885,IF($B885=\"Herramienta Menor HM2 (% mano de obra)\",$K$910*H885,H885/I885)),0),\"\")","v":""}]
[null,"SUB-TOTAL ",null,null,null,null,null,null,null,null,{"$f":"SUM(K882:K885)","v":110}]
[]
[null,"II. MATERIALES"]
[null,"DESCRIPCIÓN",null,null,null,null,"UNIDAD","CANTIDAD","PRECIO UNIT.",null,"Vr. UNITARIO"]
["M43",{"$f":"+IFERROR(VLOOKUP($A890,INSUMOS_BD2,3,FALSE),\"\")","v":"Geotextil No Tejido Ref 1600"},null,null,null,null,{"$f":"+IFERROR(VLOOKUP($A890,INSUMOS_BD2,4,FALSE),\"\")","v":"m²"},1.1000000000000001,{"$f":"+IFERROR(VLOOKUP($A890,INSUMOS_BD2,5,FALSE),\"\")","v":4000},null,{"$f":"IFERROR(ROUND(H890*I890,0),\"\")","v":4400}]
[null,"",null,null,null,null,"",null,"",null,""]
[null,"",null,null,null,null,"",null,"",null,""]
[null,"",null,null,null,null,"",null,"",null,""]
[null,"",null,null,null,null,"",null,"",null,""]
[null,"",null,null,null,null,"",null,"",null,""]
[null,"SUB-TOTAL ",null,null,null,null,null,null,null,null,{"$f":"SUM(K890:K895)","v":4400}]
[]
[null,"III. TRANSPORTES"]
[null,"MATERIAL",null,null,null,"FACT. EXPAN o COMPACT","DISTANCIA","VOL. o PESO","TARIFA (m3 o ton/km)",null,"Vr. UNITARIO"]
[null,{"$f":"+IFERROR(VLOOKUP($A900,INSUMOS_BD2,3,FALSE),\"\")","v":""},null,null,null,null,null,"",{"$f":"+IFERROR(VLOOKUP($A900,INSUMOS_BD2,5,FALSE),\"\")","v":""},null,{"$f":"IFERROR(ROUND(F900*G900*I900,0),\"\")","v":""}]
[null,{"$f":"+IFERROR(VLOOKUP($A901,INSUMOS_BD2,3,FALSE),\"\")","v":""},null,null,null,null,null,{"$f":"+IFERROR(VLOOKUP($A901,INSUMOS_BD2,3,FALSE),\"\")","v":""},{"$f":"+IFERROR(VLOOKUP($A901,INSUMOS_BD2,5,FALSE),\"\")","v":""},null,{"$f":"IFERROR(ROUND(F901*G901*I901,0),\"\")","v":""}]
[null,{"$f":"+IFERROR(VLOOKUP($A902,INSUMOS_BD2,3,FALSE),\"\")","v":""},null,null,null,null,null,{"$f":"+IFERROR(VLOOKUP($A902,INSUMOS_BD2,3,FALSE),\"\")","v":""},{"$f":"+IFERROR(VLOOKUP($A902,INSUMOS_BD2,5,FALSE),\"\")","v":""},null,{"$f":"IFERROR(ROUND(F902*G902*I902,0),\"\")","v":""}]
[null,"SUB-TOTAL ",null,null,null,null,null,null,null,null,{"$f":"SUM(K900:K902)","v":0}]
[]
[null,"IV. MANO DE OBRA"]
[null,"TRABAJADOR",null,null,null,"JORNAL","PRESTACIÓN","JORNAL TOTAL","RENDIMIENTO",null,"Vr. UNITARIO"]
["MO18",{"$f":"+IFERROR(VLOOKUP($A907,INSUMOS_BD2,3,FALSE),\"\")","v":"OFICIAL (1)"},null,null,null,{"$f":"+IFERROR(VLOOKUP($A907,INSUMOS_BD2,5,FALSE),\"\")","v":46000},{"$f":"+F_PREST","v":0.68363548318755485},{"$f":"IFERROR(F907*(1+G907),\"\")","v":77447.23222662753},150,null,{"$f":"IFERROR(ROUND(H907/I907,0),\"\")","v":516}]
["MO4",{"$f":"+IFERROR(VLOOKUP($A908,INSUMOS_BD2,3,FALSE),\"\")","v":" OBREROS (2)"},null,null,null,{"$f":"+IFERROR(VLOOKUP($A908,INSUMOS_BD2,5,FALSE),\"\")","v":52082},{"$f":"+F_PREST","v":0.68363548318755485},{"$f":"IFERROR(F908*(1+G908),\"\")","v":87687.103235374234},150,null,{"$f":"IFERROR(ROUND(H908/I908,0),\"\")","v":585}]
[null,{"$f":"+IFERROR(VLOOKUP($A909,INSUMOS_BD2,3,FALSE),\"\")","v":""},null,null,null,{"$f":"+IFERROR(VLOOKUP($A909,INSUMOS_BD2,5,FALSE),\"\")","v":""},null,{"$f":"IFERROR(F909*(1+G909),\"\")","v":""},null,null,{"$f":"IFERROR(ROUND(H909/I909,0),\"\")","v":""}]
[null,"SUB-TOTAL ",null,null,null,null,null,null,null,null,{"$f":"SUM(K907:K909)","v":1101}]
[]
[null,"TOTAL COSTO DIRECTO",null,null,null,null,null,null,null,null,{"$f":"ROUND((+K910+K903+K896+K886),0)","v":5611}]
[]
[null,"V. COSTOS INDIRECTOS"]
[null,"DESCRIPCIÓN",null,null,null,null,null,"PORCENTAJE","V/TOTAL"]
[null,"ADMINISTRACION",null,null,null,null,null,{"$f":"+ADMON","v":0.01},{"$f":"ROUND(K912*H916,0)","v":56}]
[null,"IMPREVISTOS ",null,null,null,null,null,{"$f":"+IMPREVISTOS","v":0.02},{"$f":"ROUND(K912*H917,0)","v":112}]
[null,"UTILIDAD",null,null,null,null,null,{"$f":"+UTILIDAD","v":0.05},{"$f":"ROUND(K912*H918,0)","v":281}]
[null,"TOTAL COSTOS INDIRECTOS ",null,null,null,null,null,null,null,null,{"$f":"SUM(I916:J918)","v":449}]
[]
[null,"VALOR UNITARIO",null,null,null,null,null,null,null,null,{"$f":"+ROUND(K919+K912,0)","v":6060}]
[]
[]
[]
[]
[null,{"$f":"+Responsable","v":"JULIANA MARÍA VELEZ"}]
[null,{"$f":"+Cargo","v":"SECRETARIA DE OBRAS PÚBLICAS"}]
[null,{"$f":"+MT_Responsable","v":"M.P. N°.  191919199 CAU"}]
[]
["APU22",{"$f":"IFERROR(VLOOKUP($A930,LISTA_APU,2,FALSE),\"\")","v":"FILTRO EN GRAVA FINA"},null,null,null,null,null,null,"Unidad:",{"$f":"IFERROR(VLOOKUP($A930,LISTA_APU,3,FALSE),\"\")","v":"m³"},{"$f":"K959","v":175313}]
[null,"I. EQUIPO"]
[null,"DESCRIPCIÓN",null,null,null,"TIPO",null,"TARIFA/HORA","RENDIMIENTO",null,"Vr. UNITARIO"]
["e31",{"$f":"+IFERROR(VLOOKUP($A933,INSUMOS_BD2,3,FALSE),\"\")","v":"Herramienta Menor HM (% mano de obra)"},null,null,null,null,null,{"$f":"+IFERROR(ROUND(IF($B933=\"Herramienta Menor HM (% mano de obra)\",HM,IF($B933=\"Herramienta Menor HM2 (% mano de obra)\",HM_2,VLOOKUP($A933,INSUMOS_BD2,5,FALSE))),2),\"\")","v":0.1},null,null,{"$f":"+IFERROR(ROUND(IF($B933=\"Herramienta Menor HM (% mano de obra)\",$K$957*H933,IF($B933=\"Herramienta Menor HM2 (% mano de obra)\",$K$957*H933,H933/I933)),0),\"\")","v":2090}]
[null,{"$f":"+IFERROR(VLOOKUP($A934,INSUMOS_BD2,3,FALSE),\"\")","v":""},null,null,null,null,null,{"$f":"+IFERROR(ROUND(IF($B934=\"Herramienta Menor HM (% mano de obra)\",HM,IF($B934=\"Herramienta Menor HM2 (% mano de obra)\",HM_2,VLOOKUP($A934,INSUMOS_BD2,5,FALSE))),2),\"\")","v":""},null,null,{"$f":"+IFERROR(ROUND(IF($B934=\"Herramienta Menor HM (% mano de obra)\",$K$957*H934,IF($B934=\"Herramienta Menor HM2 (% mano de obra)\",$K$957*H934,H934/I934)),0),\"\")","v":""}]
[null,{"$f":"+IFERROR(VLOOKUP($A935,INSUMOS_BD2,3,FALSE),\"\")","v":""},null,null,null,null,null,{"$f":"+IFERROR(ROUND(IF($B935=\"Herramienta Menor HM (% mano de obra)\",HM,IF($B935=\"Herramienta Menor HM2 (% mano de obra)\",HM_2,VLOOKUP($A935,INSUMOS_BD2,5,FALSE))),2),\"\")","v":""},null,null,{"$f":"+IFERROR(ROUND(IF($B935=\"Herramienta Menor HM (% mano de obra)\",$K$957*H935,IF($B935=\"Herramienta Menor HM2 (% mano de obra)\",$K$957*H935,H935/I935)),0),\"\")","v":""}]
[null,"SUB-TOTAL ",null,null,null,null,null,null,null,null,{"$f":"SUM(K933)","v":2090}]
[]
[null,"II. MATERIALES"]
[null,"DESCRIPCIÓN",null,null,null,null,"UNIDAD","CANTIDAD","PRECIO UNIT.",null,"Vr. UNITARIO"]
["M50",{"$f":"+IFERROR(VLOOKUP($A940,INSUMOS_BD2,3,FALSE),\"\")","v":"MATERIAL GRANULAR FILTRANTE (TAM. MAXIMO 2\")"},null,null,null,null,{"$f":"+IFERROR(VLOOKUP($A940,INSUMOS_BD2,4,FALSE),\"\")","v":"m³"},1.1000000000000001,{"$f":"+IFERROR(VLOOKUP($A940,INSUMOS_BD2,5,FALSE),\"\")","v":87000},null,{"$f":"IFERROR(ROUND(H940*I940,0),\"\")","v":95700}]
["M41",{"$f":"+IFERROR(VLOOKUP($A941,INSUMOS_BD2,3,FALSE),\"\")","v":"FORMALETA DE CONCRETO CLASE D, E, Fy G"},null,null,null,null,{"$f":"+IFERROR(VLOOKUP($A941,INSUMOS_BD2,4,FALSE),\"\")","v":"m²"},3,{"$f":"+IFERROR(VLOOKUP($A941,INSUMOS_BD2,5,FALSE),\"\")","v":12000},null,{"$f":"IFERROR(ROUND(H941*I941,0),\"\")","v":36000}]
[null,{"$f":"+IFERROR(VLOOKUP($A942,INSUMOS_BD2,3,FALSE),\"\")","v":""},null,null,null,null,{"$f":"+IFERROR(VLOOKUP($A942,INSUMOS_BD2,4,FALSE),\"\")","v":""},null,{"$f":"+IFERROR(VLOOKUP($A942,INSUMOS_BD2,5,FALSE),\"\")","v":""},null,{"$f":"IFERROR(ROUND(H942*I942,0),\"\")","v":""}]
[null,"SUB-TOTAL ",null,null,null,null,null,null,null,null,{"$f":"SUM(K940:K941)","v":131700}]
[]
[null,"III. TRANSPORTES"]
[null,"MATERIAL",null,null,null,"FACT. EXPAN o COMPACT","DISTANCIA","VOL. o PESO","TARIFA (m3 o ton/km)",null,"Vr. UNITARIO"]
["t11",{"$f":"+IFERROR(VLOOKUP($A947,INSUMOS_BD2,3,FALSE),\"\")","v":"TRANSPORTE MATERIAL GRANULAR FILTRANTE"},null,null,null,"-",{"$f":"D_Cantera2","v":15},{"$f":"H940","v":1.1000000000000001},{"$f":"+IFERROR(VLOOKUP($A947,INSUMOS_BD2,5,FALSE),\"\")","v":1250},null,{"$f":"IFERROR(ROUND(G947*H947*I947,0),\"\")","v":20625}]
[null,{"$f":"+IFERROR(VLOOKUP($A948,INSUMOS_BD2,3,FALSE),\"\")","v":""},null,null,null,null,null,{"$f":"+IFERROR(VLOOKUP($A948,INSUMOS_BD2,3,FALSE),\"\")","v":""},{"$f":"+IFERROR(VLOOKUP($A948,INSUMOS_BD2,5,FALSE),\"\")","v":""},null,{"$f":"IFERROR(ROUND(G948*H948*I948,0),\"\")","v":""}]
[null,{"$f":"+IFERROR(VLOOKUP($A949,INSUMOS_BD2,3,FALSE),\"\")","v":""},null,null,null,null,null,{"$f":"+IFERROR(VLOOKUP($A949,INSUMOS_BD2,3,FALSE),\"\")","v":""},{"$f":"+IFERROR(VLOOKUP($A949,INSUMOS_BD2,5,FALSE),\"\")","v":""},null,{"$f":"IFERROR(ROUND(G949*H949*I949,0),\"\")","v":""}]
[null,"SUB-TOTAL ",null,null,null,null,null,null,null,null,{"$f":"SUM(K947:K949)","v":20625}]
[]
[null,"IV. MANO DE OBRA"]
[null,"TRABAJADOR",null,null,null,"JORNAL","PRESTACIÓN","JORNAL TOTAL","RENDIMIENTO",null,"Vr. UNITARIO"]
["mo18",{"$f":"+IFERROR(VLOOKUP($A954,INSUMOS_BD2,3,FALSE),\"\")","v":"OFICIAL (1)"},null,null,null,{"$f":"+IFERROR(VLOOKUP($A954,INSUMOS_BD2,5,FALSE),\"\")","v":46000},{"$f":"+F_PREST","v":0.68363548318755485},{"$f":"IFERROR(F954*(1+G954),\"\")","v":77447.23222662753},10,null,{"$f":"IFERROR(ROUND(H954/I954,0),\"\")","v":7745}]
["mo15",{"$f":"+IFERROR(VLOOKUP($A955,INSUMOS_BD2,3,FALSE),\"\")","v":"OBREROS (3)"},null,null,null,{"$f":"+IFERROR(VLOOKUP($A955,INSUMOS_BD2,5,FALSE),\"\")","v":78123},{"$f":"+F_PREST","v":0.68363548318755485},{"$f":"IFERROR(F955*(1+G955),\"\")","v":131530.65485306134},10,null,{"$f":"IFERROR(ROUND(H955/I955,0),\"\")","v":13153}]
[null,{"$f":"+IFERROR(VLOOKUP($A956,INSUMOS_BD2,3,FALSE),\"\")","v":""},null,null,null,{"$f":"+IFERROR(VLOOKUP($A956,INSUMOS_BD2,4,FALSE),\"\")","v":""},null,{"$f":"IFERROR(F956*(1+G956),\"\")","v":""},null,null,{"$f":"IFERROR(ROUND(H956/I956,0),\"\")","v":""}]
[null,"SUB-TOTAL ",null,null,null,null,null,null,null,null,{"$f":"SUM(K954:K956)","v":20898}]
[]
[null,"TOTAL COSTO DIRECTO",null,null,null,null,null,null,null,null,{"$f":"ROUND((+K957+K950+K943+K936),0)","v":175313}]
[]
[null,"V. COSTOS INDIRECTOS"]
[null,"DESCRIPCIÓN",null,null,null,null,null,"PORCENTAJE","V/TOTAL"]
[null,"ADMINISTRACION",null,null,null,null,null,{"$f":"+ADMON","v":0.01},{"$f":"ROUND(K959*H963,0)","v":1753}]
[null,"IMPREVISTOS ",null,null,null,null,null,{"$f":"+IMPREVISTOS","v":0.02},{"$f":"ROUND(K959*H964,0)","v":3506}]
[null,"UTILIDAD",null,null,null,null,null,{"$f":"+UTILIDAD","v":0.05},{"$f":"ROUND(K959*H965,0)","v":8766}]
[null,"TOTAL COSTOS INDIRECTOS ",null,null,null,null,null,null,null,null,{"$f":"SUM(I963:J965)","v":14025}]
[]
[null,"VALOR UNITARIO",null,null,null,null,null,null,null,null,{"$f":"+ROUND(K966+K959,0)","v":189338}]
[]
[]
[]
[]
[null,{"$f":"+Responsable","v":"JULIANA MARÍA VELEZ"}]
[null,{"$f":"+Cargo","v":"SECRETARIA DE OBRAS PÚBLICAS"}]
[null,{"$f":"+MT_Responsable","v":"M.P. N°.  191919199 CAU"}]
[]
["APU23",{"$f":"IFERROR(VLOOKUP($A977,LISTA_APU,2,FALSE),\"\")","v":"TUBERÍA DE DRENAJE DE Ø = 4\""},null,null,null,null,null,null,"Unidad:",{"$f":"IFERROR(VLOOKUP($A977,LISTA_APU,3,FALSE),\"\")","v":"m"},{"$f":"K1006","v":31338}]
[null,"I. EQUIPO"]
[null,"DESCRIPCIÓN",null,null,null,"TIPO",null,"TARIFA/HORA","RENDIMIENTO",null,"Vr. UNITARIO"]
["e31",{"$f":"+IFERROR(VLOOKUP($A980,INSUMOS_BD2,3,FALSE),\"\")","v":"Herramienta Menor HM (% mano de obra)"},null,null,null,null,null,{"$f":"+IFERROR(ROUND(IF($B980=\"Herramienta Menor HM (% mano de obra)\",HM,IF($B980=\"Herramienta Menor HM2 (% mano de obra)\",HM_2,VLOOKUP($A980,INSUMOS_BD2,5,FALSE))),2),\"\")","v":0.1},null,null,{"$f":"+IFERROR(ROUND(IF($B980=\"Herramienta Menor HM (% mano de obra)\",$K$1004*H980,IF($B980=\"Herramienta Menor HM2 (% mano de obra)\",$K$1004*H980,H980/I980)),0),\"\")","v":758}]
[null,{"$f":"+IFERROR(VLOOKUP($A981,INSUMOS_BD2,3,FALSE),\"\")","v":""},null,null,null,null,null,{"$f":"+IFERROR(ROUND(IF($B981=\"Herramienta Menor HM (% mano de obra)\",HM,IF($B981=\"Herramienta Menor HM2 (% mano de obra)\",HM_2,VLOOKUP($A981,INSUMOS_BD2,5,FALSE))),2),\"\")","v":""},null,null,{"$f":"+IFERROR(ROUND(IF($B981=\"Herramienta Menor HM (% mano de obra)\",$K$1004*H981,IF($B981=\"Herramienta Menor HM2 (% mano de obra)\",$K$1004*H981,H981/I981)),0),\"\")","v":""}]
[null,{"$f":"+IFERROR(VLOOKUP($A982,INSUMOS_BD2,3,FALSE),\"\")","v":""},null,null,null,null,null,{"$f":"+IFERROR(ROUND(IF($B982=\"Herramienta Menor HM (% mano de obra)\",HM,IF($B982=\"Herramienta Menor HM2 (% mano de obra)\",HM_2,VLOOKUP($A982,INSUMOS_BD2,5,FALSE))),2),\"\")","v":""},null,null,{"$f":"+IFERROR(ROUND(IF($B982=\"Herramienta Menor HM (% mano de obra)\",$K$1004*H982,IF($B982=\"Herramienta Menor HM2 (% mano de obra)\",$K$1004*H982,H982/I982)),0),\"\")","v":""}]
[null,"SUB-TOTAL ",null,null,null,null,null,null,null,null,{"$f":"SUM(K980)","v":758}]
[]
[null,"II. MATERIALES"]
[null,"DESCRIPCIÓN",null,null,null,null,"UNIDAD","CANTIDAD","PRECIO UNIT.",null,"Vr. UNITARIO"]
["M68",{"$f":"+IFERROR(VLOOKUP($A987,INSUMOS_BD2,3,FALSE),\"\")","v":"TUBERIA PERFORADA CORRUGADA PVC 100mm"},null,null,null,null,{"$f":"+IFERROR(VLOOKUP($A987,INSUMOS_BD2,4,FALSE),\"\")","v":"m"},1,{"$f":"+IFERROR(VLOOKUP($A987,INSUMOS_BD2,5,FALSE),\"\")","v":23000},null,{"$f":"IFERROR(ROUND(H987*I987,0),\"\")","v":23000}]
[null,{"$f":"+IFERROR(VLOOKUP($A988,INSUMOS_BD2,3,FALSE),\"\")","v":""},null,null,null,null,{"$f":"+IFERROR(VLOOKUP($A988,INSUMOS_BD2,4,FALSE),\"\")","v":""},null,{"$f":"+IFERROR(VLOOKUP($A988,INSUMOS_BD2,5,FALSE),\"\")","v":""},null,{"$f":"IFERROR(ROUND(H988*I988,0),\"\")","v":""}]
[null,{"$f":"+IFERROR(VLOOKUP($A989,INSUMOS_BD2,3,FALSE),\"\")","v":""},null,null,null,null,{"$f":"+IFERROR(VLOOKUP($A989,INSUMOS_BD2,4,FALSE),\"\")","v":""},null,{"$f":"+IFERROR(VLOOKUP($A989,INSUMOS_BD2,5,FALSE),\"\")","v":""},null,{"$f":"IFERROR(ROUND(H989*I989,0),\"\")","v":""}]
[null,"SUB-TOTAL ",null,null,null,null,null,null,null,null,{"$f":"SUM(K987:K989)","v":23000}]
[]
[null,"III. TRANSPORTES"]
[null,"MATERIAL",null,null,null,"FACT. EXPAN o COMPACT","DISTANCIA","VOL. o PESO","TARIFA (m3 o ton/km)",null,"Vr. UNITARIO"]
[null,{"$f":"+IFERROR(VLOOKUP($A994,INSUMOS_BD2,3,FALSE),\"\")","v":""},null,null,null,null,null,{"$f":"+IFERROR(VLOOKUP($A994,INSUMOS_BD2,3,FALSE),\"\")","v":""},{"$f":"+IFERROR(VLOOKUP($A994,INSUMOS_BD2,5,FALSE),\"\")","v":""},null,{"$f":"IFERROR(ROUND(F994*G994*I994,0),\"\")","v":""}]
[null,{"$f":"+IFERROR(VLOOKUP($A995,INSUMOS_BD2,3,FALSE),\"\")","v":""},null,null,null,null,null,{"$f":"+IFERROR(VLOOKUP($A995,INSUMOS_BD2,3,FALSE),\"\")","v":""},{"$f":"+IFERROR(VLOOKUP($A995,INSUMOS_BD2,5,FALSE),\"\")","v":""},null,{"$f":"IFERROR(ROUND(F995*G995*I995,0),\"\")","v":""}]
[null,{"$f":"+IFERROR(VLOOKUP($A996,INSUMOS_BD2,3,FALSE),\"\")","v":""},null,null,null,null,null,{"$f":"+IFERROR(VLOOKUP($A996,INSUMOS_BD2,3,FALSE),\"\")","v":""},{"$f":"+IFERROR(VLOOKUP($A996,INSUMOS_BD2,5,FALSE),\"\")","v":""},null,{"$f":"IFERROR(ROUND(F996*G996*I996,0),\"\")","v":""}]
[null,"SUB-TOTAL ",null,null,null,null,null,null,null,null,{"$f":"SUM(K994:K996)","v":0}]
[]
[null,"IV. MANO DE OBRA"]
[null,"TRABAJADOR",null,null,null,"JORNAL","PRESTACIÓN","JORNAL TOTAL","RENDIMIENTO",null,"Vr. UNITARIO"]
["mo18",{"$f":"+IFERROR(VLOOKUP($A1001,INSUMOS_BD2,3,FALSE),\"\")","v":"OFICIAL (1)"},null,null,null,{"$f":"+IFERROR(VLOOKUP($A1001,INSUMOS_BD2,5,FALSE),\"\")","v":46000},{"$f":"+F_PREST","v":0.68363548318755485},{"$f":"IFERROR(F1001*(1+G1001),\"\")","v":77447.23222662753},16,null,{"$f":"IFERROR(ROUND(H1001/I1001,0),\"\")","v":4840}]
["mo3",{"$f":"+IFERROR(VLOOKUP($A1002,INSUMOS_BD2,3,FALSE),\"\")","v":" OBREROS (1)"},null,null,null,{"$f":"+IFERROR(VLOOKUP($A1002,INSUMOS_BD2,5,FALSE),\"\")","v":26041},{"$f":"+F_PREST","v":0.68363548318755485},{"$f":"IFERROR(F1002*(1+G1002),\"\")","v":43843.551617687117},16,null,{"$f":"IFERROR(ROUND(H1002/I1002,0),\"\")","v":2740}]
[null,{"$f":"+IFERROR(VLOOKUP($A1003,INSUMOS_BD2,3,FALSE),\"\")","v":""},null,null,null,{"$f":"+IFERROR(VLOOKUP($A1003,INSUMOS_BD2,5,FALSE),\"\")","v":""},null,{"$f":"IFERROR(F1003*(1+G1003),\"\")","v":""},null,null,{"$f":"IFERROR(ROUND(H1003/I1003,0),\"\")","v":""}]
[null,"SUB-TOTAL ",null,null,null,null,null,null,null,null,{"$f":"SUM(K1001:K1003)","v":7580}]
[]
[null,"TOTAL COSTO DIRECTO",null,null,null,null,null,null,null,null,{"$f":"ROUND((+K1004+K997+K990+K983),0)","v":31338}]
[]
[null,"V. COSTOS INDIRECTOS"]
[null,"DESCRIPCIÓN",null,null,null,null,null,"PORCENTAJE","V/TOTAL"]
[null,"ADMINISTRACION",null,null,null,null,null,{"$f":"+ADMON","v":0.01},{"$f":"ROUND(K1006*H1010,0)","v":313}]
[null,"IMPREVISTOS ",null,null,null,null,null,{"$f":"+IMPREVISTOS","v":0.02},{"$f":"ROUND(K1006*H1011,0)","v":627}]
[null,"UTILIDAD",null,null,null,null,null,{"$f":"+UTILIDAD","v":0.05},{"$f":"ROUND(K1006*H1012,0)","v":1567}]
[null,"TOTAL COSTOS INDIRECTOS ",null,null,null,null,null,null,null,null,{"$f":"SUM(I1010:J1012)","v":2507}]
[]
[null,"VALOR UNITARIO",null,null,null,null,null,null,null,null,{"$f":"+ROUND(K1013+K1006,0)","v":33845}]
[]
[]
[]
[]
[null,{"$f":"+Responsable","v":"JULIANA MARÍA VELEZ"}]
[null,{"$f":"+Cargo","v":"SECRETARIA DE OBRAS PÚBLICAS"}]
[null,{"$f":"+MT_Responsable","v":"M.P. N°.  191919199 CAU"}]
[]
["APU24",{"$f":"IFERROR(VLOOKUP($A1024,LISTA_APU,2,FALSE),\"\")","v":"CONCRETO 14 MPA (CLASE F) PARA SOLADO"},null,null,null,null,null,null,"Unidad:",{"$f":"IFERROR(VLOOKUP($A1024,LISTA_APU,3,FALSE),\"\")","v":"m³"},{"$f":"K1054","v":286353}]
[null,"I. EQUIPO"]
[null,"DESCRIPCIÓN",null,null,null,"TIPO",null,"TARIFA/HORA","RENDIMIENTO",null,"Vr. UNITARIO"]
["e35",{"$f":"+IFERROR(VLOOKUP($A1027,INSUMOS_BD2,3,FALSE),\"\")","v":"VIBRADOR DE CONCRETO"},null,null,null,null,null,{"$f":"+IFERROR(ROUND(IF($B1027=\"Herramienta Menor HM (% mano de obra)\",HM,IF($B1027=\"Herramienta Menor HM2 (% mano de obra)\",HM_2,VLOOKUP($A1027,INSUMOS_BD2,5,FALSE))),2),\"\")","v":7000},2,null,{"$f":"+IFERROR(ROUND(IF($B1027=\"Herramienta Menor HM (% mano de obra)\",$K$1052*H1027,IF($B1027=\"Herramienta Menor HM2 (% mano de obra)\",$K$1052*H1027,H1027/I1027)),0),\"\")","v":3500}]
["E31",{"$f":"+IFERROR(VLOOKUP($A1028,INSUMOS_BD2,3,FALSE),\"\")","v":"Herramienta Menor HM (% mano de obra)"},null,null,null,null,null,{"$f":"+IFERROR(ROUND(IF($B1028=\"Herramienta Menor HM (% mano de obra)\",HM,IF($B1028=\"Herramienta Menor HM2 (% mano de obra)\",HM_2,VLOOKUP($A1028,INSUMOS_BD2,5,FALSE))),2),\"\")","v":0.1},2,null,{"$f":"+IFERROR(ROUND(IF($B1028=\"Herramienta Menor HM (% mano de obra)\",$K$1052*H1028,IF($B1028=\"Herramienta Menor HM2 (% mano de obra)\",$K$1052*H1028,H1028/I1028)),0),\"\")","v":8513}]
[null,{"$f":"+IFERROR(VLOOKUP($A1029,INSUMOS_BD2,3,FALSE),\"\")","v":""},null,null,null,null,null,{"$f":"+IFERROR(ROUND(IF($B1029=\"Herramienta Menor HM (% mano de obra)\",HM,IF($B1029=\"Herramienta Menor HM2 (% mano de obra)\",HM_2,VLOOKUP($A1029,INSUMOS_BD2,5,FALSE))),2),\"\")","v":""},null,null,{"$f":"+IFERROR(ROUND(IF($B1029=\"Herramienta Menor HM (% mano de obra)\",$K$1052*H1029,IF($B1029=\"Herramienta Menor HM2 (% mano de obra)\",$K$1052*H1029,H1029/I1029)),0),\"\")","v":""}]
[null,"SUB-TOTAL ",null,null,null,null,null,null,null,null,{"$f":"SUM(K1027:K1029)","v":12013}]
[]
[null,"II. MATERIALES"]
[null,"DESCRIPCIÓN",null,null,null,null,"UNIDAD","CANTIDAD","PRECIO UNIT.",null,"Vr. UNITARIO"]
["M109",{"$f":"+IFERROR(VLOOKUP($A1034,INSUMOS_BD2,3,FALSE),\"\")","v":"CONCRETO BÁSICO 14 MPA"},null,null,null,null,{"$f":"+IFERROR(VLOOKUP($A1034,INSUMOS_BD2,4,FALSE),\"\")","v":"m³"},0.6,{"$f":"+IFERROR(VLOOKUP($A1034,INSUMOS_BD2,5,FALSE),\"\")","v":280338},null,{"$f":"IFERROR(ROUND(H1034*I1034,0),\"\")","v":168203}]
["M41",{"$f":"+IFERROR(VLOOKUP($A1035,INSUMOS_BD2,3,FALSE),\"\")","v":"FORMALETA DE CONCRETO CLASE D, E, Fy G"},null,null,null,null,{"$f":"+IFERROR(VLOOKUP($A1035,INSUMOS_BD2,4,FALSE),\"\")","v":"m²"},1,{"$f":"+IFERROR(VLOOKUP($A1035,INSUMOS_BD2,5,FALSE),\"\")","v":12000},null,{"$f":"IFERROR(ROUND(H1035*I1035,0),\"\")","v":12000}]
[null,"DESPERDICIOS",null,null,null,null,{"$f":"+IFERROR(VLOOKUP($A1036,INSUMOS_BD2,4,FALSE),\"\")","v":""},{"$f":"DESPER","v":0.05},{"$f":"+IFERROR(VLOOKUP($A1036,INSUMOS_BD2,5,FALSE),\"\")","v":""},null,{"$f":"ROUND(SUM(K1034:K1035)*H1036,0)","v":9010}]
[null,{"$f":"+IFERROR(VLOOKUP($A1037,INSUMOS_BD2,3,FALSE),\"\")","v":""},null,null,null,null,{"$f":"+IFERROR(VLOOKUP($A1037,INSUMOS_BD2,4,FALSE),\"\")","v":""},null,{"$f":"+IFERROR(VLOOKUP($A1037,INSUMOS_BD2,5,FALSE),\"\")","v":""},null,{"$f":"IFERROR(ROUND(H1037*I1037,0),\"\")","v":""}]
[null,"SUB-TOTAL ",null,null,null,null,null,null,null,null,{"$f":"SUM(K1034:K1037)","v":189213}]
[]
[null,"III. TRANSPORTES"]
[null,"MATERIAL",null,null,null,"FACT. EXPAN o COMPACT","DISTANCIA","VOL. o PESO","TARIFA (m3 o ton/km)",null,"Vr. UNITARIO"]
[null,{"$f":"+IFERROR(VLOOKUP($A1042,INSUMOS_BD2,3,FALSE),\"\")","v":""}]
[null,{"$f":"+IFERROR(VLOOKUP($A1043,INSUMOS_BD2,3,FALSE),\"\")","v":""},null,null,null,null,null,{"$f":"+IFERROR(VLOOKUP($A1043,INSUMOS_BD2,3,FALSE),\"\")","v":""}]
[null,{"$f":"+IFERROR(VLOOKUP($A1044,INSUMOS_BD2,3,FALSE),\"\")","v":""},null,null,null,null,null,{"$f":"+IFERROR(VLOOKUP($A1044,INSUMOS_BD2,3,FALSE),\"\")","v":""}]
[null,"SUB-TOTAL ",null,null,null,null,null,null,null,null,{"$f":"SUM(K1042:K1044)","v":0}]
[]
[null,"IV. MANO DE OBRA"]
[null,"TRABAJADOR",null,null,null,"JORNAL","PRESTACIÓN","JORNAL TOTAL","RENDIMIENTO",null,"Vr. UNITARIO"]
["mo18",{"$f":"+IFERROR(VLOOKUP($A1049,INSUMOS_BD2,3,FALSE),\"\")","v":"OFICIAL (1)"},null,null,null,{"$f":"+IFERROR(VLOOKUP($A1049,INSUMOS_BD2,5,FALSE),\"\")","v":46000},{"$f":"+F_PREST","v":0.68363548318755485},{"$f":"IFERROR(F1049*(1+G1049),\"\")","v":77447.23222662753},4,null,{"$f":"IFERROR(ROUND(H1049/I1049,0),\"\")","v":19362}]
["mo17",{"$f":"+IFERROR(VLOOKUP($A1050,INSUMOS_BD2,3,FALSE),\"\")","v":"OBREROS (6)"},null,null,null,{"$f":"+IFERROR(VLOOKUP($A1050,INSUMOS_BD2,5,FALSE),\"\")","v":156246},{"$f":"+F_PREST","v":0.68363548318755485},{"$f":"IFERROR(F1050*(1+G1050),\"\")","v":263061.30970612267},4,null,{"$f":"IFERROR(ROUND(H1050/I1050,0),\"\")","v":65765}]
[null,{"$f":"+IFERROR(VLOOKUP($A1051,INSUMOS_BD2,3,FALSE),\"\")","v":""},null,null,null,{"$f":"+IFERROR(VLOOKUP($A1051,INSUMOS_BD2,4,FALSE),\"\")","v":""},null,{"$f":"IFERROR(F1051*(1+G1051),\"\")","v":""},null,null,{"$f":"IFERROR(ROUND(H1051/I1051,0),\"\")","v":""}]
[null,"SUB-TOTAL ",null,null,null,null,null,null,null,null,{"$f":"SUM(K1049:K1051)","v":85127}]
[]
[null,"TOTAL COSTO DIRECTO",null,null,null,null,null,null,null,null,{"$f":"ROUND((+K1052+K1045+K1038+K1030),0)","v":286353}]
[]
[null,"V. COSTOS INDIRECTOS"]
[null,"DESCRIPCIÓN",null,null,null,null,null,"PORCENTAJE","V/TOTAL"]
[null,"ADMINISTRACION",null,null,null,null,null,{"$f":"+ADMON","v":0.01},{"$f":"ROUND(K1054*H1058,0)","v":2864}]
[null,"IMPREVISTOS ",null,null,null,null,null,{"$f":"+IMPREVISTOS","v":0.02},{"$f":"ROUND(K1054*H1059,0)","v":5727}]
[null,"UTILIDAD",null,null,null,null,null,{"$f":"+UTILIDAD","v":0.05},{"$f":"ROUND(K1054*H1060,0)","v":14318}]
[null,"TOTAL COSTOS INDIRECTOS ",null,null,null,null,null,null,null,null,{"$f":"SUM(I1058:J1060)","v":22909}]
[]
[null,"VALOR UNITARIO",null,null,null,null,null,null,null,null,{"$f":"+ROUND(K1061+K1054,0)","v":309262}]
[]
[]
[]
[]
[null,{"$f":"+Responsable","v":"JULIANA MARÍA VELEZ"}]
[null,{"$f":"+Cargo","v":"SECRETARIA DE OBRAS PÚBLICAS"}]
[null,{"$f":"+MT_Responsable","v":"M.P. N°.  191919199 CAU"}]
[]
["APU25",{"$f":"IFERROR(VLOOKUP($A1072,LISTA_APU,2,FALSE),\"\")","v":"TUBERIA EN CONCRETO REFORZADO 21 MPa - D=900 mm "},null,null,null,null,null,null,"Unidad:",{"$f":"IFERROR(VLOOKUP($A1072,LISTA_APU,3,FALSE),\"\")","v":"m"},{"$f":"K1102","v":559377}]
[null,"I. EQUIPO"]
[null,"DESCRIPCIÓN",null,null,null,"TIPO",null,"TARIFA/HORA","RENDIMIENTO",null,"Vr. UNITARIO"]
["e53",{"$f":"+IFERROR(VLOOKUP($A1075,INSUMOS_BD2,3,FALSE),\"\")","v":"Retroexcavadora A25C"},null,null,null,null,null,{"$f":"+IFERROR(ROUND(IF($B1075=\"Herramienta Menor HM (% mano de obra)\",HM,IF($B1075=\"Herramienta Menor HM2 (% mano de obra)\",HM_2,VLOOKUP($A1075,INSUMOS_BD2,5,FALSE))),2),\"\")","v":130000},3,null,{"$f":"+IFERROR(ROUND(IF($B1075=\"Herramienta Menor HM (% mano de obra)\",$K$1100*H1075,IF($B1075=\"Herramienta Menor HM2 (% mano de obra)\",$K$1100*H1075,H1075/I1075)),0),\"\")","v":43333}]
["E31",{"$f":"+IFERROR(VLOOKUP($A1076,INSUMOS_BD2,3,FALSE),\"\")","v":"Herramienta Menor HM (% mano de obra)"},null,null,null,null,null,{"$f":"+IFERROR(ROUND(IF($B1076=\"Herramienta Menor HM (% mano de obra)\",HM,IF($B1076=\"Herramienta Menor HM2 (% mano de obra)\",HM_2,VLOOKUP($A1076,INSUMOS_BD2,5,FALSE))),2),\"\")","v":0.1},null,null,{"$f":"+IFERROR(ROUND(IF($B1076=\"Herramienta Menor HM (% mano de obra)\",$K$1100*H1076,IF($B1076=\"Herramienta Menor HM2 (% mano de obra)\",$K$1100*H1076,H1076/I1076)),0),\"\")","v":2528}]
[null,{"$f":"+IFERROR(VLOOKUP($A1077,INSUMOS_BD2,3,FALSE),\"\")","v":""},null,null,null,null,null,{"$f":"+IFERROR(ROUND(IF($B1077=\"Herramienta Menor HM (% mano de obra)\",HM,IF($B1077=\"Herramienta Menor HM2 (% mano de obra)\",HM_2,VLOOKUP($A1077,INSUMOS_BD2,5,FALSE))),2),\"\")","v":""},null,null,{"$f":"+IFERROR(ROUND(IF($B1077=\"Herramienta Menor HM (% mano de obra)\",$K$1100*H1077,IF($B1077=\"Herramienta Menor HM2 (% mano de obra)\",$K$1100*H1077,H1077/I1077)),0),\"\")","v":""}]
[null,"SUB-TOTAL ",null,null,null,null,null,null,null,null,{"$f":"SUM(K1075:K1077)","v":45861}]
[]
[null,"II. MATERIALES"]
[null,"DESCRIPCIÓN",null,null,null,null,"UNIDAD","CANTIDAD","PRECIO UNIT.",null,"Vr. UNITARIO"]
["M93",{"$f":"+IFERROR(VLOOKUP($A1082,INSUMOS_BD2,3,FALSE),\"\")","v":"Tubo concreto reforzado 900mm (tipo 1)"},null,null,null,null,{"$f":"+IFERROR(VLOOKUP($A1082,INSUMOS_BD2,4,FALSE),\"\")","v":"m"},1,{"$f":"+IFERROR(VLOOKUP($A1082,INSUMOS_BD2,5,FALSE),\"\")","v":480000},null,{"$f":"IFERROR(ROUND(H1082*I1082,0),\"\")","v":480000}]
["M117",{"$f":"+IFERROR(VLOOKUP($A1083,INSUMOS_BD2,3,FALSE),\"\")","v":"MORTERO 1:3"},null,null,null,null,{"$f":"+IFERROR(VLOOKUP($A1083,INSUMOS_BD2,4,FALSE),\"\")","v":"m³"},0.02,{"$f":"+IFERROR(VLOOKUP($A1083,INSUMOS_BD2,5,FALSE),\"\")","v":411716},null,{"$f":"IFERROR(ROUND(H1083*I1083,0),\"\")","v":8234}]
[]
[null,{"$f":"+IFERROR(VLOOKUP($A1085,INSUMOS_BD2,3,FALSE),\"\")","v":""},null,null,null,null,{"$f":"+IFERROR(VLOOKUP($A1085,INSUMOS_BD2,4,FALSE),\"\")","v":""},null,{"$f":"+IFERROR(VLOOKUP($A1085,INSUMOS_BD2,5,FALSE),\"\")","v":""},null,{"$f":"IFERROR(ROUND(H1085*I1085,0),\"\")","v":""}]
[null,"SUB-TOTAL ",null,null,null,null,null,null,null,null,{"$f":"SUM(K1082:K1085)","v":488234}]
[]
[null,"III. TRANSPORTES"]
[null,"MATERIAL",null,null,null,"FACT. EXPAN o COMPACT","DISTANCIA","VOL. o PESO","TARIFA (m3 o ton/km)",null,"Vr. UNITARIO"]
[null,{"$f":"+IFERROR(VLOOKUP($A1090,INSUMOS_BD2,3,FALSE),\"\")","v":""}]
[null,{"$f":"+IFERROR(VLOOKUP($A1091,INSUMOS_BD2,3,FALSE),\"\")","v":""},null,null,null,null,null,{"$f":"+IFERROR(VLOOKUP($A1091,INSUMOS_BD2,3,FALSE),\"\")","v":""}]
[null,{"$f":"+IFERROR(VLOOKUP($A1092,INSUMOS_BD2,3,FALSE),\"\")","v":""},null,null,null,null,null,{"$f":"+IFERROR(VLOOKUP($A1092,INSUMOS_BD2,3,FALSE),\"\")","v":""}]
[null,"SUB-TOTAL ",null,null,null,null,null,null,null,null,{"$f":"SUM(K1090:K1092)","v":0}]
[]
[null,"IV. MANO DE OBRA"]
[null,"TRABAJADOR",null,null,null,"JORNAL","PRESTACIÓN","JORNAL TOTAL","RENDIMIENTO",null,"Vr. UNITARIO"]
["mo18",{"$f":"+IFERROR(VLOOKUP($A1097,INSUMOS_BD2,3,FALSE),\"\")","v":"OFICIAL (1)"},null,null,null,{"$f":"+IFERROR(VLOOKUP($A1097,INSUMOS_BD2,5,FALSE),\"\")","v":46000},{"$f":"+F_PREST","v":0.68363548318755485},{"$f":"IFERROR(F1097*(1+G1097),\"\")","v":77447.23222662753},10,null,{"$f":"IFERROR(ROUND(H1097/I1097,0),\"\")","v":7745}]
["mo16",{"$f":"+IFERROR(VLOOKUP($A1098,INSUMOS_BD2,3,FALSE),\"\")","v":"OBREROS (4)"},null,null,null,{"$f":"+IFERROR(VLOOKUP($A1098,INSUMOS_BD2,5,FALSE),\"\")","v":104164},{"$f":"+F_PREST","v":0.68363548318755485},{"$f":"IFERROR(F1098*(1+G1098),\"\")","v":175374.20647074847},10,null,{"$f":"IFERROR(ROUND(H1098/I1098,0),\"\")","v":17537}]
[null,{"$f":"+IFERROR(VLOOKUP($A1099,INSUMOS_BD2,3,FALSE),\"\")","v":""},null,null,null,{"$f":"+IFERROR(VLOOKUP($A1099,INSUMOS_BD2,4,FALSE),\"\")","v":""},null,{"$f":"IFERROR(F1099*(1+G1099),\"\")","v":""},null,null,{"$f":"IFERROR(ROUND(H1099/I1099,0),\"\")","v":""}]
[null,"SUB-TOTAL ",null,null,null,null,null,null,null,null,{"$f":"SUM(K1097:K1099)","v":25282}]
[]
[null,"TOTAL COSTO DIRECTO",null,null,null,null,null,null,null,null,{"$f":"ROUND((+K1100+K1093+K1086+K1078),0)","v":559377}]
[]
[null,"V. COSTOS INDIRECTOS"]
[null,"DESCRIPCIÓN",null,null,null,null,null,"PORCENTAJE","V/TOTAL"]
[null,"ADMINISTRACION",null,null,null,null,null,{"$f":"+ADMON","v":0.01},{"$f":"ROUND(K1102*H1106,0)","v":5594}]
[null,"IMPREVISTOS ",null,null,null,null,null,{"$f":"+IMPREVISTOS","v":0.02},{"$f":"ROUND(K1102*H1107,0)","v":11188}]
[null,"UTILIDAD",null,null,null,null,null,{"$f":"+UTILIDAD","v":0.05},{"$f":"ROUND(K1102*H1108,0)","v":27969}]
[null,"TOTAL COSTOS INDIRECTOS ",null,null,null,null,null,null,null,null,{"$f":"SUM(I1106:J1108)","v":44751}]
[]
[null,"VALOR UNITARIO",null,null,null,null,null,null,null,null,{"$f":"+ROUND(K1109+K1102,0)","v":604128}]
[]
[]
[]
[]
[null,{"$f":"+Responsable","v":"JULIANA MARÍA VELEZ"}]
[null,{"$f":"+Cargo","v":"SECRETARIA DE OBRAS PÚBLICAS"}]
[null,{"$f":"+MT_Responsable","v":"M.P. N°.  191919199 CAU"}]
[]
["APU18",{"$f":"IFERROR(VLOOKUP($A1120,LISTA_APU,2,FALSE),\"\")","v":" CONCRETO SIMPLE 14 MPa (CLASE F) PARA ATRAQUE "},null,null,null,null,null,null,"Unidad:",{"$f":"IFERROR(VLOOKUP($A1120,LISTA_APU,3,FALSE),\"\")","v":"m³"},{"$f":"K1150","v":286353}]
[null,"I. EQUIPO"]
[null,"DESCRIPCIÓN",null,null,null,"TIPO",null,"TARIFA/HORA","RENDIMIENTO",null,"Vr. UNITARIO"]
["e35",{"$f":"+IFERROR(VLOOKUP($A1123,INSUMOS_BD2,3,FALSE),\"\")","v":"VIBRADOR DE CONCRETO"},null,null,null,null,null,{"$f":"+IFERROR(ROUND(IF($B1123=\"Herramienta Menor HM (% mano de obra)\",HM,IF($B1123=\"Herramienta Menor HM2 (% mano de obra)\",HM_2,VLOOKUP($A1123,INSUMOS_BD2,5,FALSE))),2),\"\")","v":7000},2,null,{"$f":"+IFERROR(ROUND(IF($B1123=\"Herramienta Menor HM (% mano de obra)\",$K$1148*H1123,IF($B1123=\"Herramienta Menor HM2 (% mano de obra)\",$K$1148*H1123,H1123/I1123)),0),\"\")","v":3500}]
["E31",{"$f":"+IFERROR(VLOOKUP($A1124,INSUMOS_BD2,3,FALSE),\"\")","v":"Herramienta Menor HM (% mano de obra)"},null,null,null,null,null,{"$f":"+IFERROR(ROUND(IF($B1124=\"Herramienta Menor HM (% mano de obra)\",HM,IF($B1124=\"Herramienta Menor HM2 (% mano de obra)\",HM_2,VLOOKUP($A1124,INSUMOS_BD2,5,FALSE))),2),\"\")","v":0.1},2,null,{"$f":"+IFERROR(ROUND(IF($B1124=\"Herramienta Menor HM (% mano de obra)\",$K$1148*H1124,IF($B1124=\"Herramienta Menor HM2 (% mano de obra)\",$K$1148*H1124,H1124/I1124)),0),\"\")","v":8513}]
[null,{"$f":"+IFERROR(VLOOKUP($A1125,INSUMOS_BD2,3,FALSE),\"\")","v":""},null,null,null,null,null,{"$f":"+IFERROR(ROUND(IF($B1125=\"Herramienta Menor HM (% mano de obra)\",HM,IF($B1125=\"Herramienta Menor HM2 (% mano de obra)\",HM_2,VLOOKUP($A1125,INSUMOS_BD2,5,FALSE))),2),\"\")","v":""},null,null,{"$f":"+IFERROR(ROUND(IF($B1125=\"Herramienta Menor HM (% mano de obra)\",$K$1148*H1125,IF($B1125=\"Herramienta Menor HM2 (% mano de obra)\",$K$1148*H1125,H1125/I1125)),0),\"\")","v":""}]
[null,"SUB-TOTAL ",null,null,null,null,null,null,null,null,{"$f":"SUM(K1123:K1125)","v":12013}]
[]
[null,"II. MATERIALES"]
[null,"DESCRIPCIÓN",null,null,null,null,"UNIDAD","CANTIDAD","PRECIO UNIT.",null,"Vr. UNITARIO"]
["M109",{"$f":"+IFERROR(VLOOKUP($A1130,INSUMOS_BD2,3,FALSE),\"\")","v":"CONCRETO BÁSICO 14 MPA"},null,null,null,null,{"$f":"+IFERROR(VLOOKUP($A1130,INSUMOS_BD2,4,FALSE),\"\")","v":"m³"},0.6,{"$f":"+IFERROR(VLOOKUP($A1130,INSUMOS_BD2,5,FALSE),\"\")","v":280338},null,{"$f":"IFERROR(ROUND(H1130*I1130,0),\"\")","v":168203}]
["M41",{"$f":"+IFERROR(VLOOKUP($A1131,INSUMOS_BD2,3,FALSE),\"\")","v":"FORMALETA DE CONCRETO CLASE D, E, Fy G"},null,null,null,null,{"$f":"+IFERROR(VLOOKUP($A1131,INSUMOS_BD2,4,FALSE),\"\")","v":"m²"},1,{"$f":"+IFERROR(VLOOKUP($A1131,INSUMOS_BD2,5,FALSE),\"\")","v":12000},null,{"$f":"IFERROR(ROUND(H1131*I1131,0),\"\")","v":12000}]
[null,"DESPERDICIOS",null,null,null,null,{"$f":"+IFERROR(VLOOKUP($A1132,INSUMOS_BD2,4,FALSE),\"\")","v":""},{"$f":"DESPER","v":0.05},{"$f":"+IFERROR(VLOOKUP($A1132,INSUMOS_BD2,5,FALSE),\"\")","v":""},null,{"$f":"ROUND(SUM(K1130:K1131)*H1132,0)","v":9010}]
[null,{"$f":"+IFERROR(VLOOKUP($A1133,INSUMOS_BD2,3,FALSE),\"\")","v":""},null,null,null,null,{"$f":"+IFERROR(VLOOKUP($A1133,INSUMOS_BD2,4,FALSE),\"\")","v":""},null,{"$f":"+IFERROR(VLOOKUP($A1133,INSUMOS_BD2,5,FALSE),\"\")","v":""},null,{"$f":"IFERROR(ROUND(H1133*I1133,0),\"\")","v":""}]
[null,"SUB-TOTAL ",null,null,null,null,null,null,null,null,{"$f":"SUM(K1130:K1133)","v":189213}]
[]
[null,"III. TRANSPORTES"]
[null,"MATERIAL",null,null,null,"FACT. EXPAN o COMPACT","DISTANCIA","VOL. o PESO","TARIFA (m3 o ton/km)",null,"Vr. UNITARIO"]
[null,{"$f":"+IFERROR(VLOOKUP($A1138,INSUMOS_BD2,3,FALSE),\"\")","v":""}]
[null,{"$f":"+IFERROR(VLOOKUP($A1139,INSUMOS_BD2,3,FALSE),\"\")","v":""},null,null,null,null,null,{"$f":"+IFERROR(VLOOKUP($A1139,INSUMOS_BD2,3,FALSE),\"\")","v":""}]
[null,{"$f":"+IFERROR(VLOOKUP($A1140,INSUMOS_BD2,3,FALSE),\"\")","v":""},null,null,null,null,null,{"$f":"+IFERROR(VLOOKUP($A1140,INSUMOS_BD2,3,FALSE),\"\")","v":""}]
[null,"SUB-TOTAL ",null,null,null,null,null,null,null,null,{"$f":"SUM(K1138:K1140)","v":0}]
[]
[null,"IV. MANO DE OBRA"]
[null,"TRABAJADOR",null,null,null,"JORNAL","PRESTACIÓN","JORNAL TOTAL","RENDIMIENTO",null,"Vr. UNITARIO"]
["mo18",{"$f":"+IFERROR(VLOOKUP($A1145,INSUMOS_BD2,3,FALSE),\"\")","v":"OFICIAL (1)"},null,null,null,{"$f":"+IFERROR(VLOOKUP($A1145,INSUMOS_BD2,5,FALSE),\"\")","v":46000},{"$f":"+F_PREST","v":0.68363548318755485},{"$f":"IFERROR(F1145*(1+G1145),\"\")","v":77447.23222662753},4,null,{"$f":"IFERROR(ROUND(H1145/I1145,0),\"\")","v":19362}]
["mo17",{"$f":"+IFERROR(VLOOKUP($A1146,INSUMOS_BD2,3,FALSE),\"\")","v":"OBREROS (6)"},null,null,null,{"$f":"+IFERROR(VLOOKUP($A1146,INSUMOS_BD2,5,FALSE),\"\")","v":156246},{"$f":"+F_PREST","v":0.68363548318755485},{"$f":"IFERROR(F1146*(1+G1146),\"\")","v":263061.30970612267},4,null,{"$f":"IFERROR(ROUND(H1146/I1146,0),\"\")","v":65765}]
[null,{"$f":"+IFERROR(VLOOKUP($A1147,INSUMOS_BD2,3,FALSE),\"\")","v":""},null,null,null,{"$f":"+IFERROR(VLOOKUP($A1147,INSUMOS_BD2,4,FALSE),\"\")","v":""},null,{"$f":"IFERROR(F1147*(1+G1147),\"\")","v":""},null,null,{"$f":"IFERROR(ROUND(H1147/I1147,0),\"\")","v":""}]
[null,"SUB-TOTAL ",null,null,null,null,null,null,null,null,{"$f":"SUM(K1145:K1147)","v":85127}]
[]
[null,"TOTAL COSTO DIRECTO",null,null,null,null,null,null,null,null,{"$f":"ROUND((+K1148+K1141+K1134+K1126),0)","v":286353}]
[]
[null,"V. COSTOS INDIRECTOS"]
[null,"DESCRIPCIÓN",null,null,null,null,null,"PORCENTAJE","V/TOTAL"]
[null,"ADMINISTRACION",null,null,null,null,null,{"$f":"+ADMON","v":0.01},{"$f":"ROUND(K1150*H1154,0)","v":2864}]
[null,"IMPREVISTOS ",null,null,null,null,null,{"$f":"+IMPREVISTOS","v":0.02},{"$f":"ROUND(K1150*H1155,0)","v":5727}]
[null,"UTILIDAD",null,null,null,null,null,{"$f":"+UTILIDAD","v":0.05},{"$f":"ROUND(K1150*H1156,0)","v":14318}]
[null,"TOTAL COSTOS INDIRECTOS ",null,null,null,null,null,null,null,null,{"$f":"SUM(I1154:J1156)","v":22909}]
[]
[null,"VALOR UNITARIO",null,null,null,null,null,null,null,null,{"$f":"+ROUND(K1157+K1150,0)","v":309262}]
[]
[]
[]
[]
[null,{"$f":"+Responsable","v":"JULIANA MARÍA VELEZ"}]
[null,{"$f":"+Cargo","v":"SECRETARIA DE OBRAS PÚBLICAS"}]
[null,{"$f":"+MT_Responsable","v":"M.P. N°.  191919199 CAU"}]
[]
["APU26",{"$f":"IFERROR(VLOOKUP($A1168,LISTA_APU,2,FALSE),\"\")","v":"CARACTERIZACIÓN VIAL"},null,null,null,null,null,null,"Unidad:",{"$f":"IFERROR(VLOOKUP($A1168,LISTA_APU,3,FALSE),\"\")","v":"km"},{"$f":"K1198","v":696696}]
[null,"I. EQUIPO"]
[null,"DESCRIPCIÓN",null,null,null,"TIPO",null,"TARIFA/HORA","RENDIMIENTO",null,"Vr. UNITARIO"]
["e60",{"$f":"+IFERROR(VLOOKUP($A1171,INSUMOS_BD2,3,FALSE),\"\")","v":"GPS doble frecuencia"},null,null,null,null,null,{"$f":"+IFERROR(ROUND(IF($B1171=\"Herramienta Menor HM (% mano de obra)\",HM,IF($B1171=\"Herramienta Menor HM2 (% mano de obra)\",HM_2,VLOOKUP($A1171,INSUMOS_BD2,5,FALSE))),2),\"\")","v":10000},{"$f":"1.2/8","v":0.15},null,{"$f":"+IFERROR(ROUND(IF($B1171=\"Herramienta Menor HM (% mano de obra)\",$K$1182*H1171,IF($B1171=\"Herramienta Menor HM2 (% mano de obra)\",$K$1182*H1171,H1171/I1171)),0),\"\")","v":66667}]
["e26",{"$f":"+IFERROR(VLOOKUP($A1172,INSUMOS_BD2,3,FALSE),\"\")","v":"CAMIONETA DOBLE CABINA"},null,null,null,null,null,{"$f":"+IFERROR(ROUND(IF($B1172=\"Herramienta Menor HM (% mano de obra)\",HM,IF($B1172=\"Herramienta Menor HM2 (% mano de obra)\",HM_2,VLOOKUP($A1172,INSUMOS_BD2,5,FALSE))),2),\"\")","v":38400},{"$f":"1.2/8","v":0.15},null,{"$f":"+IFERROR(ROUND(IF($B1172=\"Herramienta Menor HM (% mano de obra)\",$K$1182*H1172,IF($B1172=\"Herramienta Menor HM2 (% mano de obra)\",$K$1182*H1172,H1172/I1172)),0),\"\")","v":256000}]
["e31",{"$f":"+IFERROR(VLOOKUP($A1173,INSUMOS_BD2,3,FALSE),\"\")","v":"Herramienta Menor HM (% mano de obra)"},null,null,null,null,null,{"$f":"+IFERROR(ROUND(IF($B1173=\"Herramienta Menor HM (% mano de obra)\",HM,IF($B1173=\"Herramienta Menor HM2 (% mano de obra)\",HM_2,VLOOKUP($A1173,INSUMOS_BD2,5,FALSE))),2),\"\")","v":0.1},null,null,{"$f":"+IFERROR(ROUND(IF($B1173=\"Herramienta Menor HM (% mano de obra)\",$K$1182*H1173,IF($B1173=\"Herramienta Menor HM2 (% mano de obra)\",$K$1182*H1173,H1173/I1173)),0),\"\")","v":1850}]
[null,"SUB-TOTAL ",null,null,null,null,null,null,null,null,{"$f":"SUM(K1171:K1173)","v":324517}]
[]
[null,"II. MATERIALES"]
[null,"DESCRIPCIÓN",null,null,null,null,"UNIDAD","CANTIDAD","PRECIO UNIT.",null,"Vr. UNITARIO"]
["m104",{"$f":"+IFERROR(VLOOKUP($A1178,INSUMOS_BD2,3,FALSE),\"\")","v":"Estaca"},null,null,null,null,{"$f":"+IFERROR(VLOOKUP($A1178,INSUMOS_BD2,4,FALSE),\"\")","v":"und"},50,{"$f":"+IFERROR(VLOOKUP($A1178,INSUMOS_BD2,5,FALSE),\"\")","v":250},null,{"$f":"IFERROR(ROUND(H1178*I1178,0),\"\")","v":12500}]
["m115",{"$f":"+IFERROR(VLOOKUP($A1179,INSUMOS_BD2,3,FALSE),\"\")","v":"Pintura esmalte"},null,null,null,null,{"$f":"+IFERROR(VLOOKUP($A1179,INSUMOS_BD2,4,FALSE),\"\")","v":"gln"},0.1,{"$f":"+IFERROR(VLOOKUP($A1179,INSUMOS_BD2,5,FALSE),\"\")","v":60000},null,{"$f":"IFERROR(ROUND(H1179*I1179,0),\"\")","v":6000}]
[null,null,null,null,null,null,null,null,null,null,{"$f":"IFERROR(ROUND(H1180*I1180,0),\"\")","v":0}]
[null,{"$f":"+IFERROR(VLOOKUP($A1181,INSUMOS_BD2,3,FALSE),\"\")","v":""},null,null,null,null,{"$f":"+IFERROR(VLOOKUP($A1181,INSUMOS_BD2,4,FALSE),\"\")","v":""},null,{"$f":"+IFERROR(VLOOKUP($A1181,INSUMOS_BD2,5,FALSE),\"\")","v":""},null,{"$f":"IFERROR(ROUND(H1181*I1181,0),\"\")","v":""}]
[null,"SUB-TOTAL ",null,null,null,null,null,null,null,null,{"$f":"SUM(K1178:K1181)","v":18500}]
[]
[null,"III. TRANSPORTES"]
[null,"MATERIAL",null,null,null,"FACT. EXPAN o COMPACT","DISTANCIA","VOL. o PESO","TARIFA (m3 o ton/km)",null,"Vr. UNITARIO"]
[null,{"$f":"+IFERROR(VLOOKUP($A1186,INSUMOS_BD2,3,FALSE),\"\")","v":""}]
[null,{"$f":"+IFERROR(VLOOKUP($A1187,INSUMOS_BD2,3,FALSE),\"\")","v":""},null,null,null,null,null,{"$f":"+IFERROR(VLOOKUP($A1187,INSUMOS_BD2,3,FALSE),\"\")","v":""}]
[null,{"$f":"+IFERROR(VLOOKUP($A1188,INSUMOS_BD2,3,FALSE),\"\")","v":""},null,null,null,null,null,{"$f":"+IFERROR(VLOOKUP($A1188,INSUMOS_BD2,3,FALSE),\"\")","v":""}]
[null,"SUB-TOTAL ",null,null,null,null,null,null,null,null,{"$f":"SUM(K1186:K1188)","v":0}]
[]
[null,"IV. MANO DE OBRA"]
[null,"TRABAJADOR",null,null,null,"JORNAL","PRESTACIÓN","JORNAL TOTAL","RENDIMIENTO",null,"Vr. UNITARIO"]
["mo34",{"$f":"+IFERROR(VLOOKUP($A1193,INSUMOS_BD2,3,FALSE),\"\")","v":"Ingeniero Civil"},null,null,null,{"$f":"+IFERROR(VLOOKUP($A1193,INSUMOS_BD2,5,FALSE),\"\")","v":120000},{"$f":"+F_PREST","v":0.68363548318755485},{"$f":"IFERROR(F1193*(1+G1193),\"\")","v":202036.25798250659},1.2,null,{"$f":"IFERROR(ROUND(H1193/I1193,0),\"\")","v":168364}]
["mo24",{"$f":"+IFERROR(VLOOKUP($A1194,INSUMOS_BD2,3,FALSE),\"\")","v":"TOPOGRAFO (1)"},null,null,null,{"$f":"+IFERROR(VLOOKUP($A1194,INSUMOS_BD2,5,FALSE),\"\")","v":80000},{"$f":"+F_PREST","v":0.68363548318755485},{"$f":"IFERROR(F1194*(1+G1194),\"\")","v":134690.83865500439},1.2,null,{"$f":"IFERROR(ROUND(H1194/I1194,0),\"\")","v":112242}]
["mo4",{"$f":"+IFERROR(VLOOKUP($A1195,INSUMOS_BD2,3,FALSE),\"\")","v":" OBREROS (2)"},null,null,null,{"$f":"+IFERROR(VLOOKUP($A1195,INSUMOS_BD2,5,FALSE),\"\")","v":52082},{"$f":"+F_PREST","v":0.68363548318755485},{"$f":"IFERROR(F1195*(1+G1195),\"\")","v":87687.103235374234},1.2,null,{"$f":"IFERROR(ROUND(H1195/I1195,0),\"\")","v":73073}]
[null,"SUB-TOTAL ",null,null,null,null,null,null,null,null,{"$f":"SUM(K1193:K1195)","v":353679}]
[]
[null,"TOTAL COSTO DIRECTO",null,null,null,null,null,null,null,null,{"$f":"ROUND((+K1196+K1189+K1182+K1174),0)","v":696696}]
[]
[null,"V. COSTOS INDIRECTOS"]
[null,"DESCRIPCIÓN",null,null,null,null,null,"PORCENTAJE","V/TOTAL"]
[null,"ADMINISTRACION",null,null,null,null,null,{"$f":"+ADMON","v":0.01},{"$f":"ROUND(K1198*H1202,0)","v":6967}]
[null,"IMPREVISTOS ",null,null,null,null,null,{"$f":"+IMPREVISTOS","v":0.02},{"$f":"ROUND(K1198*H1203,0)","v":13934}]
[null,"UTILIDAD",null,null,null,null,null,{"$f":"+UTILIDAD","v":0.05},{"$f":"ROUND(K1198*H1204,0)","v":34835}]
[null,"TOTAL COSTOS INDIRECTOS ",null,null,null,null,null,null,null,null,{"$f":"SUM(I1202:J1204)","v":55736}]
[]
[null,"VALOR UNITARIO",null,null,null,null,null,null,null,null,{"$f":"+ROUND(K1205+K1198,0)","v":752432}]
[]
[]
[]
[]
[null,{"$f":"+Responsable","v":"JULIANA MARÍA VELEZ"}]
[null,{"$f":"+Cargo","v":"SECRETARIA DE OBRAS PÚBLICAS"}]
[null,{"$f":"+MT_Responsable","v":"M.P. N°.  191919199 CAU"}]
[]
["APU29",{"$f":"IFERROR(VLOOKUP($A1216,LISTA_APU,2,FALSE),\"\")","v":"MEJORAMIENTO DE LA SUBRASANTE CON ADICIÓN DE MATERIALES"},null,null,null,null,null,null,"Unidad:",{"$f":"IFERROR(VLOOKUP($A1216,LISTA_APU,3,FALSE),\"\")","v":"m³"},{"$f":"K1247","v":45080}]
[null,"I. EQUIPO"]
[null,"DESCRIPCIÓN",null,null,null,"TIPO",null,"TARIFA/HORA","RENDIMIENTO",null,"Vr. UNITARIO"]
["e31",{"$f":"+IFERROR(VLOOKUP($A1219,INSUMOS_BD2,3,FALSE),\"\")","v":"Herramienta Menor HM (% mano de obra)"},null,null,null,null,null,{"$f":"+IFERROR(ROUND(IF($B1219=\"Herramienta Menor HM (% mano de obra)\",HM,IF($B1219=\"Herramienta Menor HM2 (% mano de obra)\",HM_2,VLOOKUP($A1219,INSUMOS_BD2,5,FALSE))),2),\"\")","v":0.1},null,null,{"$f":"+IFERROR(ROUND(IF($B1219=\"Herramienta Menor HM (% mano de obra)\",$K$1245*H1219,IF($B1219=\"Herramienta Menor HM2 (% mano de obra)\",$K$1245*H1219,H1219/I1219)),0),\"\")","v":46}]
["e46",{"$f":"+IFERROR(VLOOKUP($A1220,INSUMOS_BD2,3,FALSE),\"\")","v":"Carrotanque de agua(1000 Galones)"},null,null,null,null,null,{"$f":"+IFERROR(ROUND(IF($B1220=\"Herramienta Menor HM (% mano de obra)\",HM,IF($B1220=\"Herramienta Menor HM2 (% mano de obra)\",HM_2,VLOOKUP($A1220,INSUMOS_BD2,5,FALSE))),2),\"\")","v":70000},45,null,{"$f":"+IFERROR(ROUND(IF($B1220=\"Herramienta Menor HM (% mano de obra)\",$K$1245*H1220,IF($B1220=\"Herramienta Menor HM2 (% mano de obra)\",$K$1245*H1220,H1220/I1220)),0),\"\")","v":1556}]
["e19",{"$f":"+IFERROR(VLOOKUP($A1221,INSUMOS_BD2,3,FALSE),\"\")","v":" MOTONIVELADORA POTENCIA 215 HP, ANCHO DE CUCHILLA 4,27M, PESO 18 TN"},null,null,null,null,null,{"$f":"+IFERROR(ROUND(IF($B1221=\"Herramienta Menor HM (% mano de obra)\",HM,IF($B1221=\"Herramienta Menor HM2 (% mano de obra)\",HM_2,VLOOKUP($A1221,INSUMOS_BD2,5,FALSE))),2),\"\")","v":164000},45,null,{"$f":"+IFERROR(ROUND(IF($B1221=\"Herramienta Menor HM (% mano de obra)\",$K$1245*H1221,IF($B1221=\"Herramienta Menor HM2 (% mano de obra)\",$K$1245*H1221,H1221/I1221)),0),\"\")","v":3644}]
["e23",{"$f":"+IFERROR(VLOOKUP($A1222,INSUMOS_BD2,3,FALSE),\"\")","v":" VIBROCOMPACTADOR  POTENCIA 153HP PESO 10 TON"},null,null,null,null,null,{"$f":"+IFERROR(ROUND(IF($B1222=\"Herramienta Menor HM (% mano de obra)\",HM,IF($B1222=\"Herramienta Menor HM2 (% mano de obra)\",HM_2,VLOOKUP($A1222,INSUMOS_BD2,5,FALSE))),2),\"\")","v":142000},45,null,{"$f":"+IFERROR(ROUND(IF($B1222=\"Herramienta Menor HM (% mano de obra)\",$K$1245*H1222,IF($B1222=\"Herramienta Menor HM2 (% mano de obra)\",$K$1245*H1222,H1222/I1222)),0),\"\")","v":3156}]
[null,"SUB-TOTAL ",null,null,null,null,null,null,null,null,{"$f":"SUM(K1219:K1222)","v":8402}]
[]
[null,"II. MATERIALES"]
[null,"DESCRIPCIÓN",null,null,null,null,"UNIDAD","CANTIDAD","PRECIO UNIT.",null,"Vr. UNITARIO"]
["m81",{"$f":"+IFERROR(VLOOKUP($A1227,INSUMOS_BD2,3,FALSE),\"\")","v":"Material de afirmado"},null,null,null,null,{"$f":"+IFERROR(VLOOKUP($A1227,INSUMOS_BD2,4,FALSE),\"\")","v":"m³"},1.25,{"$f":"+IFERROR(VLOOKUP($A1227,INSUMOS_BD2,5,FALSE),\"\")","v":16500},null,{"$f":"IFERROR(ROUND(H1227*I1227,0),\"\")","v":20625}]
["m24",{"$f":"+IFERROR(VLOOKUP($A1228,INSUMOS_BD2,3,FALSE),\"\")","v":"AGUA"},null,null,null,null,{"$f":"+IFERROR(VLOOKUP($A1228,INSUMOS_BD2,4,FALSE),\"\")","v":"l"},25,{"$f":"+IFERROR(VLOOKUP($A1228,INSUMOS_BD2,5,FALSE),\"\")","v":30},null,{"$f":"IFERROR(ROUND(H1228*I1228,0),\"\")","v":750}]
[null,{"$f":"+IFERROR(VLOOKUP($A1229,INSUMOS_BD2,3,FALSE),\"\")","v":""},null,null,null,null,{"$f":"+IFERROR(VLOOKUP($A1229,INSUMOS_BD2,4,FALSE),\"\")","v":""},null,{"$f":"+IFERROR(VLOOKUP($A1229,INSUMOS_BD2,5,FALSE),\"\")","v":""},null,{"$f":"IFERROR(ROUND(H1229*I1229,0),\"\")","v":""}]
[null,{"$f":"+IFERROR(VLOOKUP($A1230,INSUMOS_BD2,3,FALSE),\"\")","v":""},null,null,null,null,{"$f":"+IFERROR(VLOOKUP($A1230,INSUMOS_BD2,4,FALSE),\"\")","v":""},null,{"$f":"+IFERROR(VLOOKUP($A1230,INSUMOS_BD2,5,FALSE),\"\")","v":""},null,{"$f":"IFERROR(ROUND(H1230*I1230,0),\"\")","v":""}]
[null,"SUB-TOTAL ",null,null,null,null,null,null,null,null,{"$f":"SUM(K1227:K1230)","v":21375}]
[]
[null,"III. TRANSPORTES"]
[null,"MATERIAL",null,null,null,"FACT. EXPAN o COMPACT","DISTANCIA","VOL. o PESO","TARIFA (m3 o ton/km)",null,"Vr. UNITARIO"]
["t19",{"$f":"+IFERROR(VLOOKUP($A1235,INSUMOS_BD2,3,FALSE),\"\")","v":"Transporte de material de afirmado"},null,null,null,null,{"$f":"D_Cantera3","v":9.5},{"$f":"H1227","v":1.25},{"$f":"+IFERROR(VLOOKUP($A1235,INSUMOS_BD2,5,FALSE),\"\")","v":1250},null,{"$f":"G1235*H1235*I1235","v":14843.75}]
[null,{"$f":"+IFERROR(VLOOKUP($A1236,INSUMOS_BD2,3,FALSE),\"\")","v":""},null,null,null,null,null,{"$f":"+IFERROR(VLOOKUP($A1236,INSUMOS_BD2,3,FALSE),\"\")","v":""}]
[null,{"$f":"+IFERROR(VLOOKUP($A1237,INSUMOS_BD2,3,FALSE),\"\")","v":""},null,null,null,null,null,{"$f":"+IFERROR(VLOOKUP($A1237,INSUMOS_BD2,3,FALSE),\"\")","v":""}]
[null,"SUB-TOTAL ",null,null,null,null,null,null,null,null,{"$f":"SUM(K1235:K1237)","v":14843.75}]
[]
[null,"IV. MANO DE OBRA"]
[null,"TRABAJADOR",null,null,null,"JORNAL","PRESTACIÓN","JORNAL TOTAL","RENDIMIENTO",null,"Vr. UNITARIO"]
["mo18",{"$f":"+IFERROR(VLOOKUP($A1242,INSUMOS_BD2,3,FALSE),\"\")","v":"OFICIAL (1)"},null,null,null,{"$f":"+IFERROR(VLOOKUP($A1242,INSUMOS_BD2,5,FALSE),\"\")","v":46000},{"$f":"+F_PREST","v":0.68363548318755485},{"$f":"IFERROR(F1242*(1+G1242),\"\")","v":77447.23222662753},360,null,{"$f":"IFERROR(ROUND(H1242/I1242,0),\"\")","v":215}]
["mo4",{"$f":"+IFERROR(VLOOKUP($A1243,INSUMOS_BD2,3,FALSE),\"\")","v":" OBREROS (2)"},null,null,null,{"$f":"+IFERROR(VLOOKUP($A1243,INSUMOS_BD2,5,FALSE),\"\")","v":52082},{"$f":"+F_PREST","v":0.68363548318755485},{"$f":"IFERROR(F1243*(1+G1243),\"\")","v":87687.103235374234},360,null,{"$f":"IFERROR(ROUND(H1243/I1243,0),\"\")","v":244}]
[null,{"$f":"+IFERROR(VLOOKUP($A1244,INSUMOS_BD2,3,FALSE),\"\")","v":""},null,null,null,{"$f":"+IFERROR(VLOOKUP($A1244,INSUMOS_BD2,5,FALSE),\"\")","v":""},null,{"$f":"IFERROR(F1244*(1+G1244),\"\")","v":""},null,null,{"$f":"IFERROR(ROUND(H1244/I1244,0),\"\")","v":""}]
[null,"SUB-TOTAL ",null,null,null,null,null,null,null,null,{"$f":"SUM(K1242:K1244)","v":459}]
[]
[null,"TOTAL COSTO DIRECTO",null,null,null,null,null,null,null,null,{"$f":"ROUND((+K1245+K1238+K1231+K1223),0)","v":45080}]
[]
[null,"V. COSTOS INDIRECTOS"]
[null,"DESCRIPCIÓN",null,null,null,null,null,"PORCENTAJE","V/TOTAL"]
[null,"ADMINISTRACION",null,null,null,null,null,{"$f":"+ADMON","v":0.01},{"$f":"ROUND(K1247*H1251,0)","v":451}]
[null,"IMPREVISTOS ",null,null,null,null,null,{"$f":"+IMPREVISTOS","v":0.02},{"$f":"ROUND(K1247*H1252,0)","v":902}]
[null,"UTILIDAD",null,null,null,null,null,{"$f":"+UTILIDAD","v":0.05},{"$f":"ROUND(K1247*H1253,0)","v":2254}]
[null,"TOTAL COSTOS INDIRECTOS ",null,null,null,null,null,null,null,null,{"$f":"SUM(I1251:J1253)","v":3607}]
[]
[null,"VALOR UNITARIO",null,null,null,null,null,null,null,null,{"$f":"+ROUND(K1254+K1247,0)","v":48687}]
[]
[]
[]
[]
[null,{"$f":"+Responsable","v":"JULIANA MARÍA VELEZ"}]
[null,{"$f":"+Cargo","v":"SECRETARIA DE OBRAS PÚBLICAS"}]
[null,{"$f":"+MT_Responsable","v":"M.P. N°.  191919199 CAU"}]
[]
["APU30",{"$f":"IFERROR(VLOOKUP($A1265,LISTA_APU,2,FALSE),\"\")","v":"BASE TRATADA CON CEMENTO RESISTENCIA R-3.5 (incluye suministro de cemento) "},null,null,null,null,null,null,"Unidad:",{"$f":"IFERROR(VLOOKUP($A1265,LISTA_APU,3,FALSE),\"\")","v":"m³"},{"$f":"K1296","v":154264}]
[null,"I. EQUIPO"]
[null,"DESCRIPCIÓN",null,null,null,"TIPO",null,"TARIFA/HORA","RENDIMIENTO",null,"Vr. UNITARIO"]
["e31",{"$f":"+IFERROR(VLOOKUP($A1268,INSUMOS_BD2,3,FALSE),\"\")","v":"Herramienta Menor HM (% mano de obra)"},null,null,null,null,null,{"$f":"+IFERROR(ROUND(IF($B1268=\"Herramienta Menor HM (% mano de obra)\",HM,IF($B1268=\"Herramienta Menor HM2 (% mano de obra)\",HM_2,VLOOKUP($A1268,INSUMOS_BD2,5,FALSE))),2),\"\")","v":0.1},null,null,{"$f":"+IFERROR(ROUND(IF($B1268=\"Herramienta Menor HM (% mano de obra)\",$K$1294*H1268,IF($B1268=\"Herramienta Menor HM2 (% mano de obra)\",$K$1294*H1268,H1268/I1268)),0),\"\")","v":46}]
["e46",{"$f":"+IFERROR(VLOOKUP($A1269,INSUMOS_BD2,3,FALSE),\"\")","v":"Carrotanque de agua(1000 Galones)"},null,null,null,null,null,{"$f":"+IFERROR(ROUND(IF($B1269=\"Herramienta Menor HM (% mano de obra)\",HM,IF($B1269=\"Herramienta Menor HM2 (% mano de obra)\",HM_2,VLOOKUP($A1269,INSUMOS_BD2,5,FALSE))),2),\"\")","v":70000},45,null,{"$f":"+IFERROR(ROUND(IF($B1269=\"Herramienta Menor HM (% mano de obra)\",$K$1294*H1269,IF($B1269=\"Herramienta Menor HM2 (% mano de obra)\",$K$1294*H1269,H1269/I1269)),0),\"\")","v":1556}]
["e49",{"$f":"+IFERROR(VLOOKUP($A1270,INSUMOS_BD2,3,FALSE),\"\")","v":"Motoniveladora, potencia 140 HP, ancho de cuchilla 3,66 m, peso 11 ton."},null,null,null,null,null,{"$f":"+IFERROR(ROUND(IF($B1270=\"Herramienta Menor HM (% mano de obra)\",HM,IF($B1270=\"Herramienta Menor HM2 (% mano de obra)\",HM_2,VLOOKUP($A1270,INSUMOS_BD2,5,FALSE))),2),\"\")","v":160000},45,null,{"$f":"+IFERROR(ROUND(IF($B1270=\"Herramienta Menor HM (% mano de obra)\",$K$1294*H1270,IF($B1270=\"Herramienta Menor HM2 (% mano de obra)\",$K$1294*H1270,H1270/I1270)),0),\"\")","v":3556}]
["e23",{"$f":"+IFERROR(VLOOKUP($A1271,INSUMOS_BD2,3,FALSE),\"\")","v":" VIBROCOMPACTADOR  POTENCIA 153HP PESO 10 TON"},null,null,null,null,null,{"$f":"+IFERROR(ROUND(IF($B1271=\"Herramienta Menor HM (% mano de obra)\",HM,IF($B1271=\"Herramienta Menor HM2 (% mano de obra)\",HM_2,VLOOKUP($A1271,INSUMOS_BD2,5,FALSE))),2),\"\")","v":142000},45,null,{"$f":"+IFERROR(ROUND(IF($B1271=\"Herramienta Menor HM (% mano de obra)\",$K$1294*H1271,IF($B1271=\"Herramienta Menor HM2 (% mano de obra)\",$K$1294*H1271,H1271/I1271)),0),\"\")","v":3156}]
[null,"SUB-TOTAL ",null,null,null,null,null,null,null,null,{"$f":"SUM(K1268:K1271)","v":8314}]
[]
[null,"II. MATERIALES"]
[null,"DESCRIPCIÓN",null,null,null,null,"UNIDAD","CANTIDAD","PRECIO UNIT.",null,"Vr. UNITARIO"]
["m82",{"$f":"+IFERROR(VLOOKUP($A1276,INSUMOS_BD2,3,FALSE),\"\")","v":"Material de base (gradación 2)"},null,null,null,null,{"$f":"+IFERROR(VLOOKUP($A1276,INSUMOS_BD2,4,FALSE),\"\")","v":"m³"},1.3,{"$f":"+IFERROR(VLOOKUP($A1276,INSUMOS_BD2,5,FALSE),\"\")","v":53012},null,{"$f":"IFERROR(ROUND(H1276*I1276,0),\"\")","v":68916}]
["m5",{"$f":"+IFERROR(VLOOKUP($A1277,INSUMOS_BD2,3,FALSE),\"\")","v":"CEMENTO GRIS"},null,null,null,null,{"$f":"+IFERROR(VLOOKUP($A1277,INSUMOS_BD2,4,FALSE),\"\")","v":"kg"},90,{"$f":"+IFERROR(VLOOKUP($A1277,INSUMOS_BD2,5,FALSE),\"\")","v":580},null,{"$f":"IFERROR(ROUND(H1277*I1277,0),\"\")","v":52200}]
[null,{"$f":"+IFERROR(VLOOKUP($A1278,INSUMOS_BD2,3,FALSE),\"\")","v":""},null,null,null,null,{"$f":"+IFERROR(VLOOKUP($A1278,INSUMOS_BD2,4,FALSE),\"\")","v":""},null,{"$f":"+IFERROR(VLOOKUP($A1278,INSUMOS_BD2,5,FALSE),\"\")","v":""},null,{"$f":"IFERROR(ROUND(H1278*I1278,0),\"\")","v":""}]
[null,{"$f":"+IFERROR(VLOOKUP($A1279,INSUMOS_BD2,3,FALSE),\"\")","v":""},null,null,null,null,{"$f":"+IFERROR(VLOOKUP($A1279,INSUMOS_BD2,4,FALSE),\"\")","v":""},null,{"$f":"+IFERROR(VLOOKUP($A1279,INSUMOS_BD2,5,FALSE),\"\")","v":""},null,{"$f":"IFERROR(ROUND(H1279*I1279,0),\"\")","v":""}]
[null,"SUB-TOTAL ",null,null,null,null,null,null,null,null,{"$f":"SUM(K1276:K1279)","v":121116}]
[]
[null,"III. TRANSPORTES"]
[null,"MATERIAL",null,null,null,"FACT. EXPAN o COMPACT","DISTANCIA","VOL. o PESO","TARIFA (m3 o ton/km)",null,"Vr. UNITARIO"]
["t6",{"$f":"+IFERROR(VLOOKUP($A1284,INSUMOS_BD2,3,FALSE),\"\")","v":" TRANSPORTE MATERIAL DE BASE/SUB BASE"},null,null,null,null,{"$f":"D_Cantera2","v":15},{"$f":"H1276","v":1.3},{"$f":"+IFERROR(VLOOKUP($A1284,INSUMOS_BD2,5,FALSE),\"\")","v":1250},null,{"$f":"G1284*H1284*I1284","v":24375}]
[null,{"$f":"+IFERROR(VLOOKUP($A1285,INSUMOS_BD2,3,FALSE),\"\")","v":""},null,null,null,null,null,{"$f":"+IFERROR(VLOOKUP($A1285,INSUMOS_BD2,3,FALSE),\"\")","v":""}]
[null,{"$f":"+IFERROR(VLOOKUP($A1286,INSUMOS_BD2,3,FALSE),\"\")","v":""},null,null,null,null,null,{"$f":"+IFERROR(VLOOKUP($A1286,INSUMOS_BD2,3,FALSE),\"\")","v":""}]
[null,"SUB-TOTAL ",null,null,null,null,null,null,null,null,{"$f":"SUM(K1284:K1286)","v":24375}]
[]
[null,"IV. MANO DE OBRA"]
[null,"TRABAJADOR",null,null,null,"JORNAL","PRESTACIÓN","JORNAL TOTAL","RENDIMIENTO",null,"Vr. UNITARIO"]
["mo18",{"$f":"+IFERROR(VLOOKUP($A1291,INSUMOS_BD2,3,FALSE),\"\")","v":"OFICIAL (1)"},null,null,null,{"$f":"+IFERROR(VLOOKUP($A1291,INSUMOS_BD2,5,FALSE),\"\")","v":46000},{"$f":"+F_PREST","v":0.68363548318755485},{"$f":"IFERROR(F1291*(1+G1291),\"\")","v":77447.23222662753},360,null,{"$f":"IFERROR(ROUND(H1291/I1291,0),\"\")","v":215}]
["mo4",{"$f":"+IFERROR(VLOOKUP($A1292,INSUMOS_BD2,3,FALSE),\"\")","v":" OBREROS (2)"},null,null,null,{"$f":"+IFERROR(VLOOKUP($A1292,INSUMOS_BD2,5,FALSE),\"\")","v":52082},{"$f":"+F_PREST","v":0.68363548318755485},{"$f":"IFERROR(F1292*(1+G1292),\"\")","v":87687.103235374234},360,null,{"$f":"IFERROR(ROUND(H1292/I1292,0),\"\")","v":244}]
[null,{"$f":"+IFERROR(VLOOKUP($A1293,INSUMOS_BD2,3,FALSE),\"\")","v":""},null,null,null,{"$f":"+IFERROR(VLOOKUP($A1293,INSUMOS_BD2,5,FALSE),\"\")","v":""},null,{"$f":"IFERROR(F1293*(1+G1293),\"\")","v":""},null,null,{"$f":"IFERROR(ROUND(H1293/I1293,0),\"\")","v":""}]
[null,"SUB-TOTAL ",null,null,null,null,null,null,null,null,{"$f":"SUM(K1291:K1293)","v":459}]
[]
[null,"TOTAL COSTO DIRECTO",null,null,null,null,null,null,null,null,{"$f":"ROUND((+K1294+K1287+K1280+K1272),0)","v":154264}]
[]
[null,"V. COSTOS INDIRECTOS"]
[null,"DESCRIPCIÓN",null,null,null,null,null,"PORCENTAJE","V/TOTAL"]
[null,"ADMINISTRACION",null,null,null,null,null,{"$f":"+ADMON","v":0.01},{"$f":"ROUND(K1296*H1300,0)","v":1543}]
[null,"IMPREVISTOS ",null,null,null,null,null,{"$f":"+IMPREVISTOS","v":0.02},{"$f":"ROUND(K1296*H1301,0)","v":3085}]
[null,"UTILIDAD",null,null,null,null,null,{"$f":"+UTILIDAD","v":0.05},{"$f":"ROUND(K1296*H1302,0)","v":7713}]
[null,"TOTAL COSTOS INDIRECTOS ",null,null,null,null,null,null,null,null,{"$f":"SUM(I1300:J1302)","v":12341}]
[]
[null,"VALOR UNITARIO",null,null,null,null,null,null,null,null,{"$f":"+ROUND(K1303+K1296,0)","v":166605}]
[]
[]
[]
[]
[null,{"$f":"+Responsable","v":"JULIANA MARÍA VELEZ"}]
[null,{"$f":"+Cargo","v":"SECRETARIA DE OBRAS PÚBLICAS"}]
[null,{"$f":"+MT_Responsable","v":"M.P. N°.  191919199 CAU"}]
[]
["APU31",{"$f":"IFERROR(VLOOKUP($A1314,LISTA_APU,2,FALSE),\"\")","v":"LECHADA ASFÁLTICA CON EMULSIÓN CRL-1HM, TIPO LA-5"},null,null,null,null,null,null,"Unidad:",{"$f":"IFERROR(VLOOKUP($A1314,LISTA_APU,3,FALSE),\"\")","v":"m²"},{"$f":"K1345","v":3905}]
[null,"I. EQUIPO"]
[null,"DESCRIPCIÓN",null,null,null,"TIPO",null,"TARIFA/HORA","RENDIMIENTO",null,"Vr. UNITARIO"]
["e31",{"$f":"+IFERROR(VLOOKUP($A1317,INSUMOS_BD2,3,FALSE),\"\")","v":"Herramienta Menor HM (% mano de obra)"},null,null,null,null,null,{"$f":"+IFERROR(ROUND(IF($B1317=\"Herramienta Menor HM (% mano de obra)\",HM,IF($B1317=\"Herramienta Menor HM2 (% mano de obra)\",HM_2,VLOOKUP($A1317,INSUMOS_BD2,5,FALSE))),2),\"\")","v":0.1},null,null,{"$f":"+IFERROR(ROUND(IF($B1317=\"Herramienta Menor HM (% mano de obra)\",$K$1343*H1317,IF($B1317=\"Herramienta Menor HM2 (% mano de obra)\",$K$1343*H1317,H1317/I1317)),0),\"\")","v":8}]
["e50",{"$f":"+IFERROR(VLOOKUP($A1318,INSUMOS_BD2,3,FALSE),\"\")","v":"Camión de Slurry"},null,null,null,null,null,{"$f":"+IFERROR(ROUND(IF($B1318=\"Herramienta Menor HM (% mano de obra)\",HM,IF($B1318=\"Herramienta Menor HM2 (% mano de obra)\",HM_2,VLOOKUP($A1318,INSUMOS_BD2,5,FALSE))),2),\"\")","v":104000},600,null,{"$f":"+IFERROR(ROUND(IF($B1318=\"Herramienta Menor HM (% mano de obra)\",$K$1343*H1318,IF($B1318=\"Herramienta Menor HM2 (% mano de obra)\",$K$1343*H1318,H1318/I1318)),0),\"\")","v":173}]
["e11",{"$f":"+IFERROR(VLOOKUP($A1319,INSUMOS_BD2,3,FALSE),\"\")","v":" COMPRESOR (BARRIDO Y SOPLADO)"},null,null,null,null,null,{"$f":"+IFERROR(ROUND(IF($B1319=\"Herramienta Menor HM (% mano de obra)\",HM,IF($B1319=\"Herramienta Menor HM2 (% mano de obra)\",HM_2,VLOOKUP($A1319,INSUMOS_BD2,5,FALSE))),2),\"\")","v":65000},600,null,{"$f":"+IFERROR(ROUND(IF($B1319=\"Herramienta Menor HM (% mano de obra)\",$K$1343*H1319,IF($B1319=\"Herramienta Menor HM2 (% mano de obra)\",$K$1343*H1319,H1319/I1319)),0),\"\")","v":108}]
[null,{"$f":"+IFERROR(VLOOKUP($A1320,INSUMOS_BD2,3,FALSE),\"\")","v":""},null,null,null,null,null,{"$f":"+IFERROR(ROUND(IF($B1320=\"Herramienta Menor HM (% mano de obra)\",HM,IF($B1320=\"Herramienta Menor HM2 (% mano de obra)\",HM_2,VLOOKUP($A1320,INSUMOS_BD2,5,FALSE))),2),\"\")","v":""},null,null,{"$f":"+IFERROR(ROUND(IF($B1320=\"Herramienta Menor HM (% mano de obra)\",$K$1343*H1320,IF($B1320=\"Herramienta Menor HM2 (% mano de obra)\",$K$1343*H1320,H1320/I1320)),0),\"\")","v":""}]
[null,"SUB-TOTAL ",null,null,null,null,null,null,null,null,{"$f":"SUM(K1317:K1320)","v":289}]
[]
[null,"II. MATERIALES"]
[null,"DESCRIPCIÓN",null,null,null,null,"UNIDAD","CANTIDAD","PRECIO UNIT.",null,"Vr. UNITARIO"]
["m85",{"$f":"+IFERROR(VLOOKUP($A1325,INSUMOS_BD2,3,FALSE),\"\")","v":"Agregado tipo LA 5 (lechadas)"},null,null,null,null,{"$f":"+IFERROR(VLOOKUP($A1325,INSUMOS_BD2,4,FALSE),\"\")","v":"m³"},9.4999999999999998E-3,{"$f":"+IFERROR(VLOOKUP($A1325,INSUMOS_BD2,5,FALSE),\"\")","v":66000},null,{"$f":"IFERROR(ROUND(H1325*I1325,0),\"\")","v":627}]
["m86",{"$f":"+IFERROR(VLOOKUP($A1326,INSUMOS_BD2,3,FALSE),\"\")","v":"Emulsión CRL-1h"},null,null,null,null,{"$f":"+IFERROR(VLOOKUP($A1326,INSUMOS_BD2,4,FALSE),\"\")","v":"l"},1.71,{"$f":"+IFERROR(VLOOKUP($A1326,INSUMOS_BD2,5,FALSE),\"\")","v":1600},null,{"$f":"IFERROR(ROUND(H1326*I1326,0),\"\")","v":2736}]
[null,{"$f":"+IFERROR(VLOOKUP($A1327,INSUMOS_BD2,3,FALSE),\"\")","v":""},null,null,null,null,{"$f":"+IFERROR(VLOOKUP($A1327,INSUMOS_BD2,4,FALSE),\"\")","v":""},null,{"$f":"+IFERROR(VLOOKUP($A1327,INSUMOS_BD2,5,FALSE),\"\")","v":""},null,{"$f":"IFERROR(ROUND(H1327*I1327,0),\"\")","v":""}]
[null,{"$f":"+IFERROR(VLOOKUP($A1328,INSUMOS_BD2,3,FALSE),\"\")","v":""},null,null,null,null,{"$f":"+IFERROR(VLOOKUP($A1328,INSUMOS_BD2,4,FALSE),\"\")","v":""},null,{"$f":"+IFERROR(VLOOKUP($A1328,INSUMOS_BD2,5,FALSE),\"\")","v":""},null,{"$f":"IFERROR(ROUND(H1328*I1328,0),\"\")","v":""}]
[null,"SUB-TOTAL ",null,null,null,null,null,null,null,null,{"$f":"SUM(K1325:K1328)","v":3363}]
[]
[null,"III. TRANSPORTES"]
[null,"MATERIAL",null,null,null,"FACT. EXPAN o COMPACT","DISTANCIA","VOL. o PESO","TARIFA (m3 o ton/km)",null,"Vr. UNITARIO"]
["t29",{"$f":"+IFERROR(VLOOKUP($A1333,INSUMOS_BD2,3,FALSE),\"\")","v":"Transporte de agregado tipo LA-5"},null,null,null,null,{"$f":"D_Cantera2","v":15},{"$f":"H1325","v":9.4999999999999998E-3},{"$f":"+IFERROR(VLOOKUP($A1333,INSUMOS_BD2,5,FALSE),\"\")","v":1250},null,{"$f":"IFERROR(ROUND(G1333*H1333*I1333,0),\"\")","v":178}]
[null,{"$f":"+IFERROR(VLOOKUP($A1334,INSUMOS_BD2,3,FALSE),\"\")","v":""},null,null,null,null,null,{"$f":"+IFERROR(VLOOKUP($A1334,INSUMOS_BD2,3,FALSE),\"\")","v":""},null,null,{"$f":"IFERROR(ROUND(G1334*H1334*I1334,0),\"\")","v":""}]
[null,{"$f":"+IFERROR(VLOOKUP($A1335,INSUMOS_BD2,3,FALSE),\"\")","v":""},null,null,null,null,null,{"$f":"+IFERROR(VLOOKUP($A1335,INSUMOS_BD2,3,FALSE),\"\")","v":""},null,null,{"$f":"IFERROR(ROUND(G1335*H1335*I1335,0),\"\")","v":""}]
[null,"SUB-TOTAL ",null,null,null,null,null,null,null,null,{"$f":"SUM(K1333:K1335)","v":178}]
[]
[null,"IV. MANO DE OBRA"]
[null,"TRABAJADOR",null,null,null,"JORNAL","PRESTACIÓN","JORNAL TOTAL","RENDIMIENTO",null,"Vr. UNITARIO"]
["mo18",{"$f":"+IFERROR(VLOOKUP($A1340,INSUMOS_BD2,3,FALSE),\"\")","v":"OFICIAL (1)"},null,null,null,{"$f":"+IFERROR(VLOOKUP($A1340,INSUMOS_BD2,5,FALSE),\"\")","v":46000},{"$f":"+F_PREST","v":0.68363548318755485},{"$f":"IFERROR(F1340*(1+G1340),\"\")","v":77447.23222662753},2200,null,{"$f":"IFERROR(ROUND(H1340/I1340,0),\"\")","v":35}]
["mo4",{"$f":"+IFERROR(VLOOKUP($A1341,INSUMOS_BD2,3,FALSE),\"\")","v":" OBREROS (2)"},null,null,null,{"$f":"+IFERROR(VLOOKUP($A1341,INSUMOS_BD2,5,FALSE),\"\")","v":52082},{"$f":"+F_PREST","v":0.68363548318755485},{"$f":"IFERROR(F1341*(1+G1341),\"\")","v":87687.103235374234},2200,null,{"$f":"IFERROR(ROUND(H1341/I1341,0),\"\")","v":40}]
[null,{"$f":"+IFERROR(VLOOKUP($A1342,INSUMOS_BD2,3,FALSE),\"\")","v":""},null,null,null,{"$f":"+IFERROR(VLOOKUP($A1342,INSUMOS_BD2,5,FALSE),\"\")","v":""},null,{"$f":"IFERROR(F1342*(1+G1342),\"\")","v":""},null,null,{"$f":"IFERROR(ROUND(H1342/I1342,0),\"\")","v":""}]
[null,"SUB-TOTAL ",null,null,null,null,null,null,null,null,{"$f":"SUM(K1340:K1342)","v":75}]
[]
[null,"TOTAL COSTO DIRECTO",null,null,null,null,null,null,null,null,{"$f":"ROUND((+K1343+K1336+K1329+K1321),0)","v":3905}]
[]
[null,"V. COSTOS INDIRECTOS"]
[null,"DESCRIPCIÓN",null,null,null,null,null,"PORCENTAJE","V/TOTAL"]
[null,"ADMINISTRACION",null,null,null,null,null,{"$f":"+ADMON","v":0.01},{"$f":"ROUND(K1345*H1349,0)","v":39}]
[null,"IMPREVISTOS ",null,null,null,null,null,{"$f":"+IMPREVISTOS","v":0.02},{"$f":"ROUND(K1345*H1350,0)","v":78}]
[null,"UTILIDAD",null,null,null,null,null,{"$f":"+UTILIDAD","v":0.05},{"$f":"ROUND(K1345*H1351,0)","v":195}]
[null,"TOTAL COSTOS INDIRECTOS ",null,null,null,null,null,null,null,null,{"$f":"SUM(I1349:J1351)","v":312}]
[]
[null,"VALOR UNITARIO",null,null,null,null,null,null,null,null,{"$f":"+ROUND(K1352+K1345,0)","v":4217}]
[]
[]
[]
[]
[null,{"$f":"+Responsable","v":"JULIANA MARÍA VELEZ"}]
[null,{"$f":"+Cargo","v":"SECRETARIA DE OBRAS PÚBLICAS"}]
[null,{"$f":"+MT_Responsable","v":"M.P. N°.  191919199 CAU"}]
[]
["APU32",{"$f":"IFERROR(VLOOKUP($A1363,LISTA_APU,2,FALSE),\"\")","v":"TRATAMIENTO SUPERFICIAL DOBLE CON EMULSIÓN CRR-2, TIPO 1"},null,null,null,null,null,null,"Unidad:",{"$f":"IFERROR(VLOOKUP($A1363,LISTA_APU,3,FALSE),\"\")","v":"m²"},{"$f":"K1395","v":13419}]
[null,"I. EQUIPO"]
[null,"DESCRIPCIÓN",null,null,null,"TIPO",null,"TARIFA/HORA","RENDIMIENTO",null,"Vr. UNITARIO"]
["e31",{"$f":"+IFERROR(VLOOKUP($A1366,INSUMOS_BD2,3,FALSE),\"\")","v":"Herramienta Menor HM (% mano de obra)"},null,null,null,null,null,{"$f":"+IFERROR(ROUND(IF($B1366=\"Herramienta Menor HM (% mano de obra)\",HM,IF($B1366=\"Herramienta Menor HM2 (% mano de obra)\",HM_2,VLOOKUP($A1366,INSUMOS_BD2,5,FALSE))),2),\"\")","v":0.1},null,null,{"$f":"+IFERROR(ROUND(IF($B1366=\"Herramienta Menor HM (% mano de obra)\",$K$1393*H1366,IF($B1366=\"Herramienta Menor HM2 (% mano de obra)\",$K$1393*H1366,H1366/I1366)),0),\"\")","v":15}]
["e7",{"$f":"+IFERROR(VLOOKUP($A1367,INSUMOS_BD2,3,FALSE),\"\")","v":"Carrotanque Irrigador de asfalto, 1000 galones de capacidad"},null,null,null,null,null,{"$f":"+IFERROR(ROUND(IF($B1367=\"Herramienta Menor HM (% mano de obra)\",HM,IF($B1367=\"Herramienta Menor HM2 (% mano de obra)\",HM_2,VLOOKUP($A1367,INSUMOS_BD2,5,FALSE))),2),\"\")","v":95000},275,null,{"$f":"+IFERROR(ROUND(IF($B1367=\"Herramienta Menor HM (% mano de obra)\",$K$1393*H1367,IF($B1367=\"Herramienta Menor HM2 (% mano de obra)\",$K$1393*H1367,H1367/I1367)),0),\"\")","v":345}]
["e51",{"$f":"+IFERROR(VLOOKUP($A1368,INSUMOS_BD2,3,FALSE),\"\")","v":"Compactador neumático de Potencia 70 HP, peso de 13 ton"},null,null,null,null,null,{"$f":"+IFERROR(ROUND(IF($B1368=\"Herramienta Menor HM (% mano de obra)\",HM,IF($B1368=\"Herramienta Menor HM2 (% mano de obra)\",HM_2,VLOOKUP($A1368,INSUMOS_BD2,5,FALSE))),2),\"\")","v":132000},275,null,{"$f":"+IFERROR(ROUND(IF($B1368=\"Herramienta Menor HM (% mano de obra)\",$K$1393*H1368,IF($B1368=\"Herramienta Menor HM2 (% mano de obra)\",$K$1393*H1368,H1368/I1368)),0),\"\")","v":480}]
["e11",{"$f":"+IFERROR(VLOOKUP($A1369,INSUMOS_BD2,3,FALSE),\"\")","v":" COMPRESOR (BARRIDO Y SOPLADO)"},null,null,null,null,null,{"$f":"+IFERROR(ROUND(IF($B1369=\"Herramienta Menor HM (% mano de obra)\",HM,IF($B1369=\"Herramienta Menor HM2 (% mano de obra)\",HM_2,VLOOKUP($A1369,INSUMOS_BD2,5,FALSE))),2),\"\")","v":65000},275,null,{"$f":"+IFERROR(ROUND(IF($B1369=\"Herramienta Menor HM (% mano de obra)\",$K$1393*H1369,IF($B1369=\"Herramienta Menor HM2 (% mano de obra)\",$K$1393*H1369,H1369/I1369)),0),\"\")","v":236}]
["e52",{"$f":"+IFERROR(VLOOKUP($A1370,INSUMOS_BD2,3,FALSE),\"\")","v":"Esparcidor de gravilla, Ancho de esparcimiento 3100mm, Velocidad de trabajo 10—20km2/h"},null,null,null,null,null,{"$f":"+IFERROR(ROUND(IF($B1370=\"Herramienta Menor HM (% mano de obra)\",HM,IF($B1370=\"Herramienta Menor HM2 (% mano de obra)\",HM_2,VLOOKUP($A1370,INSUMOS_BD2,5,FALSE))),2),\"\")","v":76936.2},275,null,{"$f":"+IFERROR(ROUND(IF($B1370=\"Herramienta Menor HM (% mano de obra)\",$K$1393*H1370,IF($B1370=\"Herramienta Menor HM2 (% mano de obra)\",$K$1393*H1370,H1370/I1370)),0),\"\")","v":280}]
[null,"SUB-TOTAL ",null,null,null,null,null,null,null,null,{"$f":"SUM(K1366:K1370)","v":1356}]
[]
[null,"II. MATERIALES"]
[null,"DESCRIPCIÓN",null,null,null,null,"UNIDAD","CANTIDAD","PRECIO UNIT.",null,"Vr. UNITARIO"]
["m88",{"$f":"+IFERROR(VLOOKUP($A1375,INSUMOS_BD2,3,FALSE),\"\")","v":"Agregado para tratamiento superficial doble (primer riego)"},null,null,null,null,{"$f":"+IFERROR(VLOOKUP($A1375,INSUMOS_BD2,4,FALSE),\"\")","v":"m³"},2.5000000000000001E-2,{"$f":"+IFERROR(VLOOKUP($A1375,INSUMOS_BD2,5,FALSE),\"\")","v":66000},null,{"$f":"IFERROR(ROUND(H1375*I1375,0),\"\")","v":1650}]
["m87",{"$f":"+IFERROR(VLOOKUP($A1376,INSUMOS_BD2,3,FALSE),\"\")","v":"Agregado para tratamiento superficial doble (segundo riego)"},null,null,null,null,{"$f":"+IFERROR(VLOOKUP($A1376,INSUMOS_BD2,4,FALSE),\"\")","v":"m³"},1.2999999999999999E-2,{"$f":"+IFERROR(VLOOKUP($A1376,INSUMOS_BD2,5,FALSE),\"\")","v":66000},null,{"$f":"IFERROR(ROUND(H1376*I1376,0),\"\")","v":858}]
["m89",{"$f":"+IFERROR(VLOOKUP($A1377,INSUMOS_BD2,3,FALSE),\"\")","v":"Emulsión CRR-2"},null,null,null,null,{"$f":"+IFERROR(VLOOKUP($A1377,INSUMOS_BD2,4,FALSE),\"\")","v":"l"},4.24,{"$f":"+IFERROR(VLOOKUP($A1377,INSUMOS_BD2,5,FALSE),\"\")","v":2050},null,{"$f":"IFERROR(ROUND(H1377*I1377,0),\"\")","v":8692}]
[null,{"$f":"+IFERROR(VLOOKUP($A1378,INSUMOS_BD2,3,FALSE),\"\")","v":""},null,null,null,null,{"$f":"+IFERROR(VLOOKUP($A1378,INSUMOS_BD2,4,FALSE),\"\")","v":""},null,{"$f":"+IFERROR(VLOOKUP($A1378,INSUMOS_BD2,5,FALSE),\"\")","v":""},null,{"$f":"IFERROR(ROUND(H1378*I1378,0),\"\")","v":""}]
[null,"SUB-TOTAL ",null,null,null,null,null,null,null,null,{"$f":"SUM(K1375:K1378)","v":11200}]
[]
[null,"III. TRANSPORTES"]
[null,"MATERIAL",null,null,null,"FACT. EXPAN o COMPACT","DISTANCIA","VOL. o PESO","TARIFA (m3 o ton/km)",null,"Vr. UNITARIO"]
["t21",{"$f":"+IFERROR(VLOOKUP($A1383,INSUMOS_BD2,3,FALSE),\"\")","v":"Transporte de agregados pétreos"},null,null,null,null,{"$f":"D_Cantera2","v":15},{"$f":"H1375+H1376","v":3.7999999999999999E-2},{"$f":"+IFERROR(VLOOKUP($A1383,INSUMOS_BD2,5,FALSE),\"\")","v":1250},null,{"$f":"G1383*H1383*I1383","v":712.49999999999989}]
[null,{"$f":"+IFERROR(VLOOKUP($A1384,INSUMOS_BD2,3,FALSE),\"\")","v":""},null,null,null,null,null,{"$f":"+IFERROR(VLOOKUP($A1384,INSUMOS_BD2,3,FALSE),\"\")","v":""}]
[null,{"$f":"+IFERROR(VLOOKUP($A1385,INSUMOS_BD2,3,FALSE),\"\")","v":""},null,null,null,null,null,{"$f":"+IFERROR(VLOOKUP($A1385,INSUMOS_BD2,3,FALSE),\"\")","v":""}]
[null,"SUB-TOTAL ",null,null,null,null,null,null,null,null,{"$f":"SUM(K1383:K1385)","v":712.49999999999989}]
[]
[null,"IV. MANO DE OBRA"]
[null,"TRABAJADOR",null,null,null,"JORNAL","PRESTACIÓN","JORNAL TOTAL","RENDIMIENTO",null,"Vr. UNITARIO"]
["mo18",{"$f":"+IFERROR(VLOOKUP($A1390,INSUMOS_BD2,3,FALSE),\"\")","v":"OFICIAL (1)"},null,null,null,{"$f":"+IFERROR(VLOOKUP($A1390,INSUMOS_BD2,5,FALSE),\"\")","v":46000},{"$f":"+F_PREST","v":0.68363548318755485},{"$f":"IFERROR(F1390*(1+G1390),\"\")","v":77447.23222662753},1100,null,{"$f":"IFERROR(ROUND(H1390/I1390,0),\"\")","v":70}]
["mo4",{"$f":"+IFERROR(VLOOKUP($A1391,INSUMOS_BD2,3,FALSE),\"\")","v":" OBREROS (2)"},null,null,null,{"$f":"+IFERROR(VLOOKUP($A1391,INSUMOS_BD2,5,FALSE),\"\")","v":52082},{"$f":"+F_PREST","v":0.68363548318755485},{"$f":"IFERROR(F1391*(1+G1391),\"\")","v":87687.103235374234},1100,null,{"$f":"IFERROR(ROUND(H1391/I1391,0),\"\")","v":80}]
[null,{"$f":"+IFERROR(VLOOKUP($A1392,INSUMOS_BD2,3,FALSE),\"\")","v":""},null,null,null,{"$f":"+IFERROR(VLOOKUP($A1392,INSUMOS_BD2,5,FALSE),\"\")","v":""},null,{"$f":"IFERROR(F1392*(1+G1392),\"\")","v":""},null,null,{"$f":"IFERROR(ROUND(H1392/I1392,0),\"\")","v":""}]
[null,"SUB-TOTAL ",null,null,null,null,null,null,null,null,{"$f":"SUM(K1390:K1392)","v":150}]
[]
[null,"TOTAL COSTO DIRECTO",null,null,null,null,null,null,null,null,{"$f":"ROUND((+K1393+K1386+K1379+K1371),0)","v":13419}]
[]
[null,"V. COSTOS INDIRECTOS"]
[null,"DESCRIPCIÓN",null,null,null,null,null,"PORCENTAJE","V/TOTAL"]
[null,"ADMINISTRACION",null,null,null,null,null,{"$f":"+ADMON","v":0.01},{"$f":"ROUND(K1395*H1399,0)","v":134}]
[null,"IMPREVISTOS ",null,null,null,null,null,{"$f":"+IMPREVISTOS","v":0.02},{"$f":"ROUND(K1395*H1400,0)","v":268}]
[null,"UTILIDAD",null,null,null,null,null,{"$f":"+UTILIDAD","v":0.05},{"$f":"ROUND(K1395*H1401,0)","v":671}]
[null,"TOTAL COSTOS INDIRECTOS ",null,null,null,null,null,null,null,null,{"$f":"SUM(I1399:J1401)","v":1073}]
[]
[null,"VALOR UNITARIO",null,null,null,null,null,null,null,null,{"$f":"+ROUND(K1402+K1395,0)","v":14492}]
[]
[]
[]
[]
[null,{"$f":"+Responsable","v":"JULIANA MARÍA VELEZ"}]
[null,{"$f":"+Cargo","v":"SECRETARIA DE OBRAS PÚBLICAS"}]
[null,{"$f":"+MT_Responsable","v":"M.P. N°.  191919199 CAU"}]
[]
["APU33",{"$f":"IFERROR(VLOOKUP($A1413,LISTA_APU,2,FALSE),\"\")","v":"BASE ESTABILIZADA CON EMULSIÓN ASFÁLTICA TIPO BEE - 38"},null,null,null,null,null,null,"Unidad:",{"$f":"IFERROR(VLOOKUP($A1413,LISTA_APU,3,FALSE),\"\")","v":"m³"},{"$f":"K1445","v":300861}]
[null,"I. EQUIPO"]
[null,"DESCRIPCIÓN",null,null,null,"TIPO",null,"TARIFA/HORA","RENDIMIENTO",null,"Vr. UNITARIO"]
["e31",{"$f":"+IFERROR(VLOOKUP($A1416,INSUMOS_BD2,3,FALSE),\"\")","v":"Herramienta Menor HM (% mano de obra)"},null,null,null,null,null,{"$f":"+IFERROR(ROUND(IF($B1416=\"Herramienta Menor HM (% mano de obra)\",HM,IF($B1416=\"Herramienta Menor HM2 (% mano de obra)\",HM_2,VLOOKUP($A1416,INSUMOS_BD2,5,FALSE))),2),\"\")","v":0.1},null,null,{"$f":"+IFERROR(ROUND(IF($B1416=\"Herramienta Menor HM (% mano de obra)\",$K$1393*H1416,IF($B1416=\"Herramienta Menor HM2 (% mano de obra)\",$K$1393*H1416,H1416/I1416)),0),\"\")","v":15}]
["e7",{"$f":"+IFERROR(VLOOKUP($A1417,INSUMOS_BD2,3,FALSE),\"\")","v":"Carrotanque Irrigador de asfalto, 1000 galones de capacidad"},null,null,null,null,null,{"$f":"+IFERROR(ROUND(IF($B1417=\"Herramienta Menor HM (% mano de obra)\",HM,IF($B1417=\"Herramienta Menor HM2 (% mano de obra)\",HM_2,VLOOKUP($A1417,INSUMOS_BD2,5,FALSE))),2),\"\")","v":95000},30,null,{"$f":"+IFERROR(ROUND(IF($B1417=\"Herramienta Menor HM (% mano de obra)\",$K$1393*H1417,IF($B1417=\"Herramienta Menor HM2 (% mano de obra)\",$K$1393*H1417,H1417/I1417)),0),\"\")","v":3167}]
["e49",{"$f":"+IFERROR(VLOOKUP($A1418,INSUMOS_BD2,3,FALSE),\"\")","v":"Motoniveladora, potencia 140 HP, ancho de cuchilla 3,66 m, peso 11 ton."},null,null,null,null,null,{"$f":"+IFERROR(ROUND(IF($B1418=\"Herramienta Menor HM (% mano de obra)\",HM,IF($B1418=\"Herramienta Menor HM2 (% mano de obra)\",HM_2,VLOOKUP($A1418,INSUMOS_BD2,5,FALSE))),2),\"\")","v":160000},30,null,{"$f":"+IFERROR(ROUND(IF($B1418=\"Herramienta Menor HM (% mano de obra)\",$K$1393*H1418,IF($B1418=\"Herramienta Menor HM2 (% mano de obra)\",$K$1393*H1418,H1418/I1418)),0),\"\")","v":5333}]
["e23",{"$f":"+IFERROR(VLOOKUP($A1419,INSUMOS_BD2,3,FALSE),\"\")","v":" VIBROCOMPACTADOR  POTENCIA 153HP PESO 10 TON"},null,null,null,null,null,{"$f":"+IFERROR(ROUND(IF($B1419=\"Herramienta Menor HM (% mano de obra)\",HM,IF($B1419=\"Herramienta Menor HM2 (% mano de obra)\",HM_2,VLOOKUP($A1419,INSUMOS_BD2,5,FALSE))),2),\"\")","v":142000},30,null,{"$f":"+IFERROR(ROUND(IF($B1419=\"Herramienta Menor HM (% mano de obra)\",$K$1393*H1419,IF($B1419=\"Herramienta Menor HM2 (% mano de obra)\",$K$1393*H1419,H1419/I1419)),0),\"\")","v":4733}]
[null,{"$f":"+IFERROR(VLOOKUP($A1420,INSUMOS_BD2,3,FALSE),\"\")","v":""},null,null,null,null,null,{"$f":"+IFERROR(ROUND(IF($B1420=\"Herramienta Menor HM (% mano de obra)\",HM,IF($B1420=\"Herramienta Menor HM2 (% mano de obra)\",HM_2,VLOOKUP($A1420,INSUMOS_BD2,5,FALSE))),2),\"\")","v":""},null,null,{"$f":"+IFERROR(ROUND(IF($B1420=\"Herramienta Menor HM (% mano de obra)\",$K$1393*H1420,IF($B1420=\"Herramienta Menor HM2 (% mano de obra)\",$K$1393*H1420,H1420/I1420)),0),\"\")","v":""}]
[null,"SUB-TOTAL ",null,null,null,null,null,null,null,null,{"$f":"SUM(K1416:K1420)","v":13248}]
[]
[null,"II. MATERIALES"]
[null,"DESCRIPCIÓN",null,null,null,null,"UNIDAD","CANTIDAD","PRECIO UNIT.",null,"Vr. UNITARIO"]
["m83",{"$f":"+IFERROR(VLOOKUP($A1425,INSUMOS_BD2,3,FALSE),\"\")","v":"Material de base (gradación 1)"},null,null,null,null,{"$f":"+IFERROR(VLOOKUP($A1425,INSUMOS_BD2,4,FALSE),\"\")","v":"m³"},1.25,{"$f":"+IFERROR(VLOOKUP($A1425,INSUMOS_BD2,5,FALSE),\"\")","v":56840},null,{"$f":"IFERROR(ROUND(H1425*I1425,0),\"\")","v":71050}]
["m86",{"$f":"+IFERROR(VLOOKUP($A1426,INSUMOS_BD2,3,FALSE),\"\")","v":"Emulsión CRL-1h"},null,null,null,null,{"$f":"+IFERROR(VLOOKUP($A1426,INSUMOS_BD2,4,FALSE),\"\")","v":"l"},120,{"$f":"+IFERROR(VLOOKUP($A1426,INSUMOS_BD2,5,FALSE),\"\")","v":1600},null,{"$f":"IFERROR(ROUND(H1426*I1426,0),\"\")","v":192000}]
["m24",{"$f":"+IFERROR(VLOOKUP($A1427,INSUMOS_BD2,3,FALSE),\"\")","v":"AGUA"},null,null,null,null,{"$f":"+IFERROR(VLOOKUP($A1427,INSUMOS_BD2,4,FALSE),\"\")","v":"l"},10,{"$f":"+IFERROR(VLOOKUP($A1427,INSUMOS_BD2,5,FALSE),\"\")","v":30},null,{"$f":"IFERROR(ROUND(H1427*I1427,0),\"\")","v":300}]
[null,{"$f":"+IFERROR(VLOOKUP($A1428,INSUMOS_BD2,3,FALSE),\"\")","v":""},null,null,null,null,{"$f":"+IFERROR(VLOOKUP($A1428,INSUMOS_BD2,4,FALSE),\"\")","v":""},null,{"$f":"+IFERROR(VLOOKUP($A1428,INSUMOS_BD2,5,FALSE),\"\")","v":""},null,{"$f":"IFERROR(ROUND(H1428*I1428,0),\"\")","v":""}]
[null,"SUB-TOTAL ",null,null,null,null,null,null,null,null,{"$f":"SUM(K1425:K1428)","v":263350}]
[]
[null,"III. TRANSPORTES"]
[null,"MATERIAL",null,null,null,"FACT. EXPAN o COMPACT","DISTANCIA","VOL. o PESO","TARIFA (m3 o ton/km)",null,"Vr. UNITARIO"]
["t21",{"$f":"+IFERROR(VLOOKUP($A1433,INSUMOS_BD2,3,FALSE),\"\")","v":"Transporte de agregados pétreos"},null,null,null,null,{"$f":"D_Cantera2","v":15},{"$f":"H1425","v":1.25},{"$f":"+IFERROR(VLOOKUP($A1433,INSUMOS_BD2,5,FALSE),\"\")","v":1250},null,{"$f":"G1433*H1433*I1433","v":23437.5}]
[null,{"$f":"+IFERROR(VLOOKUP($A1434,INSUMOS_BD2,3,FALSE),\"\")","v":""},null,null,null,null,null,{"$f":"+IFERROR(VLOOKUP($A1434,INSUMOS_BD2,3,FALSE),\"\")","v":""}]
[null,{"$f":"+IFERROR(VLOOKUP($A1435,INSUMOS_BD2,3,FALSE),\"\")","v":""},null,null,null,null,null,{"$f":"+IFERROR(VLOOKUP($A1435,INSUMOS_BD2,3,FALSE),\"\")","v":""}]
[null,"SUB-TOTAL ",null,null,null,null,null,null,null,null,{"$f":"SUM(K1433:K1435)","v":23437.5}]
[]
[null,"IV. MANO DE OBRA"]
[null,"TRABAJADOR",null,null,null,"JORNAL","PRESTACIÓN","JORNAL TOTAL","RENDIMIENTO",null,"Vr. UNITARIO"]
["mo18",{"$f":"+IFERROR(VLOOKUP($A1440,INSUMOS_BD2,3,FALSE),\"\")","v":"OFICIAL (1)"},null,null,null,{"$f":"+IFERROR(VLOOKUP($A1440,INSUMOS_BD2,5,FALSE),\"\")","v":46000},{"$f":"+F_PREST","v":0.68363548318755485},{"$f":"IFERROR(F1440*(1+G1440),\"\")","v":77447.23222662753},200,null,{"$f":"IFERROR(ROUND(H1440/I1440,0),\"\")","v":387}]
["mo4",{"$f":"+IFERROR(VLOOKUP($A1441,INSUMOS_BD2,3,FALSE),\"\")","v":" OBREROS (2)"},null,null,null,{"$f":"+IFERROR(VLOOKUP($A1441,INSUMOS_BD2,5,FALSE),\"\")","v":52082},{"$f":"+F_PREST","v":0.68363548318755485},{"$f":"IFERROR(F1441*(1+G1441),\"\")","v":87687.103235374234},200,null,{"$f":"IFERROR(ROUND(H1441/I1441,0),\"\")","v":438}]
[null,{"$f":"+IFERROR(VLOOKUP($A1442,INSUMOS_BD2,3,FALSE),\"\")","v":""},null,null,null,{"$f":"+IFERROR(VLOOKUP($A1442,INSUMOS_BD2,5,FALSE),\"\")","v":""},null,{"$f":"IFERROR(F1442*(1+G1442),\"\")","v":""},null,null,{"$f":"IFERROR(ROUND(H1442/I1442,0),\"\")","v":""}]
[null,"SUB-TOTAL ",null,null,null,null,null,null,null,null,{"$f":"SUM(K1440:K1442)","v":825}]
[]
[null,"TOTAL COSTO DIRECTO",null,null,null,null,null,null,null,null,{"$f":"ROUND((+K1443+K1436+K1429+K1421),0)","v":300861}]
[]
[null,"V. COSTOS INDIRECTOS"]
[null,"DESCRIPCIÓN",null,null,null,null,null,"PORCENTAJE","V/TOTAL"]
[null,"ADMINISTRACION",null,null,null,null,null,{"$f":"+ADMON","v":0.01},{"$f":"ROUND(K1445*H1449,0)","v":3009}]
[null,"IMPREVISTOS ",null,null,null,null,null,{"$f":"+IMPREVISTOS","v":0.02},{"$f":"ROUND(K1445*H1450,0)","v":6017}]
[null,"UTILIDAD",null,null,null,null,null,{"$f":"+UTILIDAD","v":0.05},{"$f":"ROUND(K1445*H1451,0)","v":15043}]
[null,"TOTAL COSTOS INDIRECTOS ",null,null,null,null,null,null,null,null,{"$f":"SUM(I1449:J1451)","v":24069}]
[]
[null,"VALOR UNITARIO",null,null,null,null,null,null,null,null,{"$f":"+ROUND(K1452+K1445,0)","v":324930}]
[]
[]
[]
[]
[null,{"$f":"+Responsable","v":"JULIANA MARÍA VELEZ"}]
[null,{"$f":"+Cargo","v":"SECRETARIA DE OBRAS PÚBLICAS"}]
[null,{"$f":"+MT_Responsable","v":"M.P. N°.  191919199 CAU"}]
[]
["APU34",{"$f":"IFERROR(VLOOKUP($A1463,LISTA_APU,2,FALSE),\"\")","v":"BASE GRANULAR ESTABILIZADA MECÁNICAMENTE (Base Granular Clase C)"},null,null,null,null,null,null,"Unidad:",{"$f":"IFERROR(VLOOKUP($A1463,LISTA_APU,3,FALSE),\"\")","v":"m³"},{"$f":"K1494","v":86769}]
[null,"I. EQUIPO"]
[null,"DESCRIPCIÓN",null,null,null,"TIPO",null,"TARIFA/HORA","RENDIMIENTO",null,"Vr. UNITARIO"]
["e31",{"$f":"+IFERROR(VLOOKUP($A1466,INSUMOS_BD2,3,FALSE),\"\")","v":"Herramienta Menor HM (% mano de obra)"},null,null,null,null,null,{"$f":"+IFERROR(ROUND(IF($B1466=\"Herramienta Menor HM (% mano de obra)\",HM,IF($B1466=\"Herramienta Menor HM2 (% mano de obra)\",HM_2,VLOOKUP($A1466,INSUMOS_BD2,5,FALSE))),2),\"\")","v":0.1},null,null,{"$f":"+IFERROR(ROUND(IF($B1466=\"Herramienta Menor HM (% mano de obra)\",$K$1245*H1466,IF($B1466=\"Herramienta Menor HM2 (% mano de obra)\",$K$1245*H1466,H1466/I1466)),0),\"\")","v":46}]
["e46",{"$f":"+IFERROR(VLOOKUP($A1467,INSUMOS_BD2,3,FALSE),\"\")","v":"Carrotanque de agua(1000 Galones)"},null,null,null,null,null,{"$f":"+IFERROR(ROUND(IF($B1467=\"Herramienta Menor HM (% mano de obra)\",HM,IF($B1467=\"Herramienta Menor HM2 (% mano de obra)\",HM_2,VLOOKUP($A1467,INSUMOS_BD2,5,FALSE))),2),\"\")","v":70000},45,null,{"$f":"+IFERROR(ROUND(IF($B1467=\"Herramienta Menor HM (% mano de obra)\",$K$1245*H1467,IF($B1467=\"Herramienta Menor HM2 (% mano de obra)\",$K$1245*H1467,H1467/I1467)),0),\"\")","v":1556}]
["e19",{"$f":"+IFERROR(VLOOKUP($A1468,INSUMOS_BD2,3,FALSE),\"\")","v":" MOTONIVELADORA POTENCIA 215 HP, ANCHO DE CUCHILLA 4,27M, PESO 18 TN"},null,null,null,null,null,{"$f":"+IFERROR(ROUND(IF($B1468=\"Herramienta Menor HM (% mano de obra)\",HM,IF($B1468=\"Herramienta Menor HM2 (% mano de obra)\",HM_2,VLOOKUP($A1468,INSUMOS_BD2,5,FALSE))),2),\"\")","v":164000},45,null,{"$f":"+IFERROR(ROUND(IF($B1468=\"Herramienta Menor HM (% mano de obra)\",$K$1245*H1468,IF($B1468=\"Herramienta Menor HM2 (% mano de obra)\",$K$1245*H1468,H1468/I1468)),0),\"\")","v":3644}]
["e23",{"$f":"+IFERROR(VLOOKUP($A1469,INSUMOS_BD2,3,FALSE),\"\")","v":" VIBROCOMPACTADOR  POTENCIA 153HP PESO 10 TON"},null,null,null,null,null,{"$f":"+IFERROR(ROUND(IF($B1469=\"Herramienta Menor HM (% mano de obra)\",HM,IF($B1469=\"Herramienta Menor HM2 (% mano de obra)\",HM_2,VLOOKUP($A1469,INSUMOS_BD2,5,FALSE))),2),\"\")","v":142000},45,null,{"$f":"+IFERROR(ROUND(IF($B1469=\"Herramienta Menor HM (% mano de obra)\",$K$1245*H1469,IF($B1469=\"Herramienta Menor HM2 (% mano de obra)\",$K$1245*H1469,H1469/I1469)),0),\"\")","v":3156}]
[null,"SUB-TOTAL ",null,null,null,null,null,null,null,null,{"$f":"SUM(K1466:K1469)","v":8402}]
[]
[null,"II. MATERIALES"]
[null,"DESCRIPCIÓN",null,null,null,null,"UNIDAD","CANTIDAD","PRECIO UNIT.",null,"Vr. UNITARIO"]
["m84",{"$f":"+IFERROR(VLOOKUP($A1474,INSUMOS_BD2,3,FALSE),\"\")","v":"Material de base (gradación 3)"},null,null,null,null,{"$f":"+IFERROR(VLOOKUP($A1474,INSUMOS_BD2,4,FALSE),\"\")","v":"m³"},1.3,{"$f":"+IFERROR(VLOOKUP($A1474,INSUMOS_BD2,5,FALSE),\"\")","v":47500},null,{"$f":"IFERROR(ROUND(H1474*I1474,0),\"\")","v":61750}]
["m24",{"$f":"+IFERROR(VLOOKUP($A1475,INSUMOS_BD2,3,FALSE),\"\")","v":"AGUA"},null,null,null,null,{"$f":"+IFERROR(VLOOKUP($A1475,INSUMOS_BD2,4,FALSE),\"\")","v":"l"},24,{"$f":"+IFERROR(VLOOKUP($A1475,INSUMOS_BD2,5,FALSE),\"\")","v":30},null,{"$f":"IFERROR(ROUND(H1475*I1475,0),\"\")","v":720}]
[null,{"$f":"+IFERROR(VLOOKUP($A1476,INSUMOS_BD2,3,FALSE),\"\")","v":""},null,null,null,null,{"$f":"+IFERROR(VLOOKUP($A1476,INSUMOS_BD2,4,FALSE),\"\")","v":""},null,{"$f":"+IFERROR(VLOOKUP($A1476,INSUMOS_BD2,5,FALSE),\"\")","v":""},null,{"$f":"IFERROR(ROUND(H1476*I1476,0),\"\")","v":""}]
[null,{"$f":"+IFERROR(VLOOKUP($A1477,INSUMOS_BD2,3,FALSE),\"\")","v":""},null,null,null,null,{"$f":"+IFERROR(VLOOKUP($A1477,INSUMOS_BD2,4,FALSE),\"\")","v":""},null,{"$f":"+IFERROR(VLOOKUP($A1477,INSUMOS_BD2,5,FALSE),\"\")","v":""},null,{"$f":"IFERROR(ROUND(H1477*I1477,0),\"\")","v":""}]
[null,"SUB-TOTAL ",null,null,null,null,null,null,null,null,{"$f":"SUM(K1474:K1477)","v":62470}]
[]
[null,"III. TRANSPORTES"]
[null,"MATERIAL",null,null,null,"FACT. EXPAN o COMPACT","DISTANCIA","VOL. o PESO","TARIFA (m3 o ton/km)",null,"Vr. UNITARIO"]
["t19",{"$f":"+IFERROR(VLOOKUP($A1482,INSUMOS_BD2,3,FALSE),\"\")","v":"Transporte de material de afirmado"},null,null,null,null,{"$f":"D_Cantera3","v":9.5},{"$f":"H1474","v":1.3},{"$f":"+IFERROR(VLOOKUP($A1482,INSUMOS_BD2,5,FALSE),\"\")","v":1250},null,{"$f":"G1482*H1482*I1482","v":15437.5}]
[null,{"$f":"+IFERROR(VLOOKUP($A1483,INSUMOS_BD2,3,FALSE),\"\")","v":""},null,null,null,null,null,{"$f":"+IFERROR(VLOOKUP($A1483,INSUMOS_BD2,3,FALSE),\"\")","v":""}]
[null,{"$f":"+IFERROR(VLOOKUP($A1484,INSUMOS_BD2,3,FALSE),\"\")","v":""},null,null,null,null,null,{"$f":"+IFERROR(VLOOKUP($A1484,INSUMOS_BD2,3,FALSE),\"\")","v":""}]
[null,"SUB-TOTAL ",null,null,null,null,null,null,null,null,{"$f":"SUM(K1482:K1484)","v":15437.5}]
[]
[null,"IV. MANO DE OBRA"]
[null,"TRABAJADOR",null,null,null,"JORNAL","PRESTACIÓN","JORNAL TOTAL","RENDIMIENTO",null,"Vr. UNITARIO"]
["mo18",{"$f":"+IFERROR(VLOOKUP($A1489,INSUMOS_BD2,3,FALSE),\"\")","v":"OFICIAL (1)"},null,null,null,{"$f":"+IFERROR(VLOOKUP($A1489,INSUMOS_BD2,5,FALSE),\"\")","v":46000},{"$f":"+F_PREST","v":0.68363548318755485},{"$f":"IFERROR(F1489*(1+G1489),\"\")","v":77447.23222662753},360,null,{"$f":"IFERROR(ROUND(H1489/I1489,0),\"\")","v":215}]
["mo4",{"$f":"+IFERROR(VLOOKUP($A1490,INSUMOS_BD2,3,FALSE),\"\")","v":" OBREROS (2)"},null,null,null,{"$f":"+IFERROR(VLOOKUP($A1490,INSUMOS_BD2,5,FALSE),\"\")","v":52082},{"$f":"+F_PREST","v":0.68363548318755485},{"$f":"IFERROR(F1490*(1+G1490),\"\")","v":87687.103235374234},360,null,{"$f":"IFERROR(ROUND(H1490/I1490,0),\"\")","v":244}]
[null,{"$f":"+IFERROR(VLOOKUP($A1491,INSUMOS_BD2,3,FALSE),\"\")","v":""},null,null,null,{"$f":"+IFERROR(VLOOKUP($A1491,INSUMOS_BD2,5,FALSE),\"\")","v":""},null,{"$f":"IFERROR(F1491*(1+G1491),\"\")","v":""},null,null,{"$f":"IFERROR(ROUND(H1491/I1491,0),\"\")","v":""}]
[null,"SUB-TOTAL ",null,null,null,null,null,null,null,null,{"$f":"SUM(K1489:K1491)","v":459}]
[]
[null,"TOTAL COSTO DIRECTO",null,null,null,null,null,null,null,null,{"$f":"ROUND((+K1492+K1485+K1478+K1470),0)","v":86769}]
[]
[null,"V. COSTOS INDIRECTOS"]
[null,"DESCRIPCIÓN",null,null,null,null,null,"PORCENTAJE","V/TOTAL"]
[null,"ADMINISTRACION",null,null,null,null,null,{"$f":"+ADMON","v":0.01},{"$f":"ROUND(K1494*H1498,0)","v":868}]
[null,"IMPREVISTOS ",null,null,null,null,null,{"$f":"+IMPREVISTOS","v":0.02},{"$f":"ROUND(K1494*H1499,0)","v":1735}]
[null,"UTILIDAD",null,null,null,null,null,{"$f":"+UTILIDAD","v":0.05},{"$f":"ROUND(K1494*H1500,0)","v":4338}]
[null,"TOTAL COSTOS INDIRECTOS ",null,null,null,null,null,null,null,null,{"$f":"SUM(I1498:J1500)","v":6941}]
[]
[null,"VALOR UNITARIO",null,null,null,null,null,null,null,null,{"$f":"+ROUND(K1501+K1494,0)","v":93710}]
[]
[]
[]
[]
[null,{"$f":"+Responsable","v":"JULIANA MARÍA VELEZ"}]
[null,{"$f":"+Cargo","v":"SECRETARIA DE OBRAS PÚBLICAS"}]
[null,{"$f":"+MT_Responsable","v":"M.P. N°.  191919199 CAU"}]

{"sheet":"OBRAS","index":25,"n_rows":61,"n_cols":5,"rows_kept":61,"cut":false,"hidden":false,"merged":[]}
[null,"CÓDIGO","OBRAS TIPO","UNIDAD","CARTILLA GUÍA "]
[null,1,{"$f":"+IFERROR(VLOOKUP(ListadoObras[[#This Row],[CÓDIGO]],LISTA_ITEMS[],2,0),\"\")","v":"PLACA HUELLA TIPO 1 (Bord-Cun-Cto-Pp-Cto-Pp-Cto-Cun-Bord)"},{"$f":"+IFERROR(VLOOKUP(ListadoObras[[#This Row],[CÓDIGO]],OBRAS_TIPO[],3,0),\"\")","v":"m"}]
[null,2,{"$f":"+IFERROR(VLOOKUP(ListadoObras[[#This Row],[CÓDIGO]],LISTA_ITEMS[],2,0),\"\")","v":"PLACA HUELLA TIPO 2 CASO 1  ( Bord-Cun-Cto-Pp-Cto-Pp-Cto-Bord )"},{"$f":"+IFERROR(VLOOKUP(ListadoObras[[#This Row],[CÓDIGO]],OBRAS_TIPO[],3,0),\"\")","v":"m"}]
[null,3,{"$f":"+IFERROR(VLOOKUP(ListadoObras[[#This Row],[CÓDIGO]],LISTA_ITEMS[],2,0),\"\")","v":"PLACA HUELLA TIPO 2 CASO 2  ( Bord-Cto-Pp-Cto-Pp-Cto-Bord )"},{"$f":"+IFERROR(VLOOKUP(ListadoObras[[#This Row],[CÓDIGO]],OBRAS_TIPO[],3,0),\"\")","v":"m"}]
[null,4,{"$f":"+IFERROR(VLOOKUP(ListadoObras[[#This Row],[CÓDIGO]],LISTA_ITEMS[],2,0),\"\")","v":"PLACA HUELLA TIPO 3  ( Bord-Cun-Cto-Pp-Cto-Cun-Bord )"},{"$f":"+IFERROR(VLOOKUP(ListadoObras[[#This Row],[CÓDIGO]],OBRAS_TIPO[],3,0),\"\")","v":"m"}]
[null,5,{"$f":"+IFERROR(VLOOKUP(ListadoObras[[#This Row],[CÓDIGO]],LISTA_ITEMS[],2,0),\"\")","v":"PLACA HUELLA TIPO DEL MINTRANSPORTE (Resolución 04401 de 2017)  -  (Bord-Cun-Pp-Cto-Pp-Cto-Pp-Cun-Bord)"},{"$f":"+IFERROR(VLOOKUP(ListadoObras[[#This Row],[CÓDIGO]],OBRAS_TIPO[],3,0),\"\")","v":"m"},"“GUÍA DE DISEÑO DE PAVIMENTOS CON PLACA HUELLA”"]
[null,6,{"$f":"+IFERROR(VLOOKUP(ListadoObras[[#This Row],[CÓDIGO]],LISTA_ITEMS[],2,0),\"\")","v":"MUROS EN GAVIÓN CON SOBRECARGA - H=3,0M - B=4,0M"},{"$f":"+IFERROR(VLOOKUP(ListadoObras[[#This Row],[CÓDIGO]],OBRAS_TIPO[],3,0),\"\")","v":"m"}," “CARTILLA GUÍA PARA LA EVALUACIÓN DE CANTIDADES Y EJECUCIÓN DE PRESUPUESTOS PARA LA CONSTRUCCIÓN DE OBRAS MENORES Y DE CONTENCIÓN DE LA RED TERCIARIA Y FÉRREA DEL INVÍAS”"]
[null,7,{"$f":"+IFERROR(VLOOKUP(ListadoObras[[#This Row],[CÓDIGO]],LISTA_ITEMS[],2,0),\"\")","v":"MUROS EN GAVIÓN CON SOBRECARGA - H=4,0M - B=5,0M"},{"$f":"+IFERROR(VLOOKUP(ListadoObras[[#This Row],[CÓDIGO]],OBRAS_TIPO[],3,0),\"\")","v":"m"}," “CARTILLA GUÍA PARA LA EVALUACIÓN DE CANTIDADES Y EJECUCIÓN DE PRESUPUESTOS PARA LA CONSTRUCCIÓN DE OBRAS MENORES Y DE CONTENCIÓN DE LA RED TERCIARIA Y FÉRREA DEL INVÍAS”"]
[null,8,{"$f":"+IFERROR(VLOOKUP(ListadoObras[[#This Row],[CÓDIGO]],LISTA_ITEMS[],2,0),\"\")","v":"MUROS EN GAVIÓN SIN SOBRECARGA - H=3,0M - B=3,0M"},{"$f":"+IFERROR(VLOOKUP(ListadoObras[[#This Row],[CÓDIGO]],OBRAS_TIPO[],3,0),\"\")","v":"m"}," “CARTILLA GUÍA PARA LA EVALUACIÓN DE CANTIDADES Y EJECUCIÓN DE PRESUPUESTOS PARA LA CONSTRUCCIÓN DE OBRAS MENORES Y DE CONTENCIÓN DE LA RED TERCIARIA Y FÉRREA DEL INVÍAS”"]
[null,9,{"$f":"+IFERROR(VLOOKUP(ListadoObras[[#This Row],[CÓDIGO]],LISTA_ITEMS[],2,0),\"\")","v":"MUROS EN GAVIÓN SIN SOBRECARGA - H=4,0M - B=4,0M"},{"$f":"+IFERROR(VLOOKUP(ListadoObras[[#This Row],[CÓDIGO]],OBRAS_TIPO[],3,0),\"\")","v":"m"}," “CARTILLA GUÍA PARA LA EVALUACIÓN DE CANTIDADES Y EJECUCIÓN DE PRESUPUESTOS PARA LA CONSTRUCCIÓN DE OBRAS MENORES Y DE CONTENCIÓN DE LA RED TERCIARIA Y FÉRREA DEL INVÍAS”"]
[null,10,{"$f":"+IFERROR(VLOOKUP(ListadoObras[[#This Row],[CÓDIGO]],LISTA_ITEMS[],2,0),\"\")","v":"MURO DE CONTENCIÓN DE CORONA (RELLENO HORIZONTAL Y SOBRECARGA VIVA) - H=3,0M"},{"$f":"+IFERROR(VLOOKUP(ListadoObras[[#This Row],[CÓDIGO]],OBRAS_TIPO[],3,0),\"\")","v":"m"}," “CARTILLA GUÍA PARA LA EVALUACIÓN DE CANTIDADES Y EJECUCIÓN DE PRESUPUESTOS PARA LA CONSTRUCCIÓN DE OBRAS MENORES Y DE CONTENCIÓN DE LA RED TERCIARIA Y FÉRREA DEL INVÍAS”"]
[null,11,{"$f":"+IFERROR(VLOOKUP(ListadoObras[[#This Row],[CÓDIGO]],LISTA_ITEMS[],2,0),\"\")","v":"MURO DE CONTENCIÓN DE CORONA (RELLENO HORIZONTAL Y SOBRECARGA VIVA) - H=4,0M"},{"$f":"+IFERROR(VLOOKUP(ListadoObras[[#This Row],[CÓDIGO]],OBRAS_TIPO[],3,0),\"\")","v":"m"}," “CARTILLA GUÍA PARA LA EVALUACIÓN DE CANTIDADES Y EJECUCIÓN DE PRESUPUESTOS PARA LA CONSTRUCCIÓN DE OBRAS MENORES Y DE CONTENCIÓN DE LA RED TERCIARIA Y FÉRREA DEL INVÍAS”"]
[null,12,{"$f":"+IFERROR(VLOOKUP(ListadoObras[[#This Row],[CÓDIGO]],LISTA_ITEMS[],2,0),\"\")","v":"MURO DE CONTENCIÓN DE CORONA (RELLENO HORIZONTAL Y SOBRECARGA VIVA) - H=5,0M"},{"$f":"+IFERROR(VLOOKUP(ListadoObras[[#This Row],[CÓDIGO]],OBRAS_TIPO[],3,0),\"\")","v":"m"}," “CARTILLA GUÍA PARA LA EVALUACIÓN DE CANTIDADES Y EJECUCIÓN DE PRESUPUESTOS PARA LA CONSTRUCCIÓN DE OBRAS MENORES Y DE CONTENCIÓN DE LA RED TERCIARIA Y FÉRREA DEL INVÍAS”"]
[null,13,{"$f":"+IFERROR(VLOOKUP(ListadoObras[[#This Row],[CÓDIGO]],LISTA_ITEMS[],2,0),\"\")","v":"MURO DE CONTENCIÓN DE CORONA (RELLENO HORIZONTAL Y SOBRECARGA VIVA) - H=6,0M"},{"$f":"+IFERROR(VLOOKUP(ListadoObras[[#This Row],[CÓDIGO]],OBRAS_TIPO[],3,0),\"\")","v":"m"}," “CARTILLA GUÍA PARA LA EVALUACIÓN DE CANTIDADES Y EJECUCIÓN DE PRESUPUESTOS PARA LA CONSTRUCCIÓN DE OBRAS MENORES Y DE CONTENCIÓN DE LA RED TERCIARIA Y FÉRREA DEL INVÍAS”"]
[null,14,{"$f":"+IFERROR(VLOOKUP(ListadoObras[[#This Row],[CÓDIGO]],LISTA_ITEMS[],2,0),\"\")","v":"MURO DE CONTENCIÓN DE CORONA (RELLENO HORIZONTAL Y SOBRECARGA VIVA) - H=7,0M"},{"$f":"+IFERROR(VLOOKUP(ListadoObras[[#This Row],[CÓDIGO]],OBRAS_TIPO[],3,0),\"\")","v":"m"}," “CARTILLA GUÍA PARA LA EVALUACIÓN DE CANTIDADES Y EJECUCIÓN DE PRESUPUESTOS PARA LA CONSTRUCCIÓN DE OBRAS MENORES Y DE CONTENCIÓN DE LA RED TERCIARIA Y FÉRREA DEL INVÍAS”"]
[null,15,{"$f":"+IFERROR(VLOOKUP(ListadoObras[[#This Row],[CÓDIGO]],LISTA_ITEMS[],2,0),\"\")","v":"MURO DE CONTENCIÓN DE PATA  (RELLENO INCLINADO) - H=3,0M"},{"$f":"+IFERROR(VLOOKUP(ListadoObras[[#This Row],[CÓDIGO]],OBRAS_TIPO[],3,0),\"\")","v":"m"}," “CARTILLA GUÍA PARA LA EVALUACIÓN DE CANTIDADES Y EJECUCIÓN DE PRESUPUESTOS PARA LA CONSTRUCCIÓN DE OBRAS MENORES Y DE CONTENCIÓN DE LA RED TERCIARIA Y FÉRREA DEL INVÍAS”"]
[null,16,{"$f":"+IFERROR(VLOOKUP(ListadoObras[[#This Row],[CÓDIGO]],LISTA_ITEMS[],2,0),\"\")","v":"MURO DE CONTENCIÓN DE PATA  (RELLENO INCLINADO) - H=4,0M"},{"$f":"+IFERROR(VLOOKUP(ListadoObras[[#This Row],[CÓDIGO]],OBRAS_TIPO[],3,0),\"\")","v":"m"}," “CARTILLA GUÍA PARA LA EVALUACIÓN DE CANTIDADES Y EJECUCIÓN DE PRESUPUESTOS PARA LA CONSTRUCCIÓN DE OBRAS MENORES Y DE CONTENCIÓN DE LA RED TERCIARIA Y FÉRREA DEL INVÍAS”"]
[null,17,{"$f":"+IFERROR(VLOOKUP(ListadoObras[[#This Row],[CÓDIGO]],LISTA_ITEMS[],2,0),\"\")","v":"MURO DE CONTENCIÓN DE PATA  (RELLENO INCLINADO) - H=5,0M"},{"$f":"+IFERROR(VLOOKUP(ListadoObras[[#This Row],[CÓDIGO]],OBRAS_TIPO[],3,0),\"\")","v":"m"}," “CARTILLA GUÍA PARA LA EVALUACIÓN DE CANTIDADES Y EJECUCIÓN DE PRESUPUESTOS PARA LA CONSTRUCCIÓN DE OBRAS MENORES Y DE CONTENCIÓN DE LA RED TERCIARIA Y FÉRREA DEL INVÍAS”"]
[null,18,{"$f":"+IFERROR(VLOOKUP(ListadoObras[[#This Row],[CÓDIGO]],LISTA_ITEMS[],2,0),\"\")","v":"MURO DE CONTENCIÓN DE PATA  (RELLENO INCLINADO) - H=6,0M"},{"$f":"+IFERROR(VLOOKUP(ListadoObras[[#This Row],[CÓDIGO]],OBRAS_TIPO[],3,0),\"\")","v":"m"}," “CARTILLA GUÍA PARA LA EVALUACIÓN DE CANTIDADES Y EJECUCIÓN DE PRESUPUESTOS PARA LA CONSTRUCCIÓN DE OBRAS MENORES Y DE CONTENCIÓN DE LA RED TERCIARIA Y FÉRREA DEL INVÍAS”"]
[null,19,{"$f":"+IFERROR(VLOOKUP(ListadoObras[[#This Row],[CÓDIGO]],LISTA_ITEMS[],2,0),\"\")","v":"MURO DE CONTENCIÓN DE PATA  (RELLENO INCLINADO) - H=7,0M"},{"$f":"+IFERROR(VLOOKUP(ListadoObras[[#This Row],[CÓDIGO]],OBRAS_TIPO[],3,0),\"\")","v":"m"}," “CARTILLA GUÍA PARA LA EVALUACIÓN DE CANTIDADES Y EJECUCIÓN DE PRESUPUESTOS PARA LA CONSTRUCCIÓN DE OBRAS MENORES Y DE CONTENCIÓN DE LA RED TERCIARIA Y FÉRREA DEL INVÍAS”"]
[null,20,{"$f":"+IFERROR(VLOOKUP(ListadoObras[[#This Row],[CÓDIGO]],LISTA_ITEMS[],2,0),\"\")","v":"BOX CULVERT SIN RELLENO - hf=0 - Bint=1,0M - Hint=1,0M "},{"$f":"+IFERROR(VLOOKUP(ListadoObras[[#This Row],[CÓDIGO]],OBRAS_TIPO[],3,0),\"\")","v":"und"}," “CARTILLA GUÍA PARA LA EVALUACIÓN DE CANTIDADES Y EJECUCIÓN DE PRESUPUESTOS PARA LA CONSTRUCCIÓN DE OBRAS MENORES Y DE CONTENCIÓN DE LA RED TERCIARIA Y FÉRREA DEL INVÍAS”"]
[null,21,{"$f":"+IFERROR(VLOOKUP(ListadoObras[[#This Row],[CÓDIGO]],LISTA_ITEMS[],2,0),\"\")","v":"BOX CULVERT SIN RELLENO - HF=0 - BINT=1,5M - HINT=1,5M "},{"$f":"+IFERROR(VLOOKUP(ListadoObras[[#This Row],[CÓDIGO]],OBRAS_TIPO[],3,0),\"\")","v":"und"}," “CARTILLA GUÍA PARA LA EVALUACIÓN DE CANTIDADES Y EJECUCIÓN DE PRESUPUESTOS PARA LA CONSTRUCCIÓN DE OBRAS MENORES Y DE CONTENCIÓN DE LA RED TERCIARIA Y FÉRREA DEL INVÍAS”"]
[null,22,{"$f":"+IFERROR(VLOOKUP(ListadoObras[[#This Row],[CÓDIGO]],LISTA_ITEMS[],2,0),\"\")","v":"BOX CULVERT SIN RELLENO - HF=0 - BINT=2,0M - HINT=2,0M "},{"$f":"+IFERROR(VLOOKUP(ListadoObras[[#This Row],[CÓDIGO]],OBRAS_TIPO[],3,0),\"\")","v":"und"}," “CARTILLA GUÍA PARA LA EVALUACIÓN DE CANTIDADES Y EJECUCIÓN DE PRESUPUESTOS PARA LA CONSTRUCCIÓN DE OBRAS MENORES Y DE CONTENCIÓN DE LA RED TERCIARIA Y FÉRREA DEL INVÍAS”"]
[null,23,{"$f":"+IFERROR(VLOOKUP(ListadoObras[[#This Row],[CÓDIGO]],LISTA_ITEMS[],2,0),\"\")","v":"BOX CULVERT SIN RELLENO - HF=0 - BINT=3,0M - HINT=3,0M "},{"$f":"+IFERROR(VLOOKUP(ListadoObras[[#This Row],[CÓDIGO]],OBRAS_TIPO[],3,0),\"\")","v":"und"}," “CARTILLA GUÍA PARA LA EVALUACIÓN DE CANTIDADES Y EJECUCIÓN DE PRESUPUESTOS PARA LA CONSTRUCCIÓN DE OBRAS MENORES Y DE CONTENCIÓN DE LA RED TERCIARIA Y FÉRREA DEL INVÍAS”"]
[null,24,{"$f":"+IFERROR(VLOOKUP(ListadoObras[[#This Row],[CÓDIGO]],LISTA_ITEMS[],2,0),\"\")","v":"BOX CULVERT CON RELLENO - 1,0M < HF < 5,0M - BINT=1,0M - HINT=1,0M "},{"$f":"+IFERROR(VLOOKUP(ListadoObras[[#This Row],[CÓDIGO]],OBRAS_TIPO[],3,0),\"\")","v":"und"}," “CARTILLA GUÍA PARA LA EVALUACIÓN DE CANTIDADES Y EJECUCIÓN DE PRESUPUESTOS PARA LA CONSTRUCCIÓN DE OBRAS MENORES Y DE CONTENCIÓN DE LA RED TERCIARIA Y FÉRREA DEL INVÍAS”"]
[null,25,{"$f":"+IFERROR(VLOOKUP(ListadoObras[[#This Row],[CÓDIGO]],LISTA_ITEMS[],2,0),\"\")","v":"BOX CULVERT CON RELLENO - 1,0M < HF < 5,0M - BINT=1,5M - HINT=1,5M "},{"$f":"+IFERROR(VLOOKUP(ListadoObras[[#This Row],[CÓDIGO]],OBRAS_TIPO[],3,0),\"\")","v":"und"}," “CARTILLA GUÍA PARA LA EVALUACIÓN DE CANTIDADES Y EJECUCIÓN DE PRESUPUESTOS PARA LA CONSTRUCCIÓN DE OBRAS MENORES Y DE CONTENCIÓN DE LA RED TERCIARIA Y FÉRREA DEL INVÍAS”"]
[null,26,{"$f":"+IFERROR(VLOOKUP(ListadoObras[[#This Row],[CÓDIGO]],LISTA_ITEMS[],2,0),\"\")","v":"BOX CULVERT CON RELLENO - 1,0M < HF < 5,0M - BINT=2,0M - HINT=2,0M "},{"$f":"+IFERROR(VLOOKUP(ListadoObras[[#This Row],[CÓDIGO]],OBRAS_TIPO[],3,0),\"\")","v":"und"}," “CARTILLA GUÍA PARA LA EVALUACIÓN DE CANTIDADES Y EJECUCIÓN DE PRESUPUESTOS PARA LA CONSTRUCCIÓN DE OBRAS MENORES Y DE CONTENCIÓN DE LA RED TERCIARIA Y FÉRREA DEL INVÍAS”"]
[null,27,{"$f":"+IFERROR(VLOOKUP(ListadoObras[[#This Row],[CÓDIGO]],LISTA_ITEMS[],2,0),\"\")","v":"BOX CULVERT CON RELLENO - 1,0M < HF < 5,0M - BINT=3,0M - HINT=3,0M "},{"$f":"+IFERROR(VLOOKUP(ListadoObras[[#This Row],[CÓDIGO]],OBRAS_TIPO[],3,0),\"\")","v":"und"}," “CARTILLA GUÍA PARA LA EVALUACIÓN DE CANTIDADES Y EJECUCIÓN DE PRESUPUESTOS PARA LA CONSTRUCCIÓN DE OBRAS MENORES Y DE CONTENCIÓN DE LA RED TERCIARIA Y FÉRREA DEL INVÍAS”"]
[null,28,{"$f":"+IFERROR(VLOOKUP(ListadoObras[[#This Row],[CÓDIGO]],LISTA_ITEMS[],2,0),\"\")","v":"ALCANTARILLA TIPO POCETA - ALETA - D=36\" "},{"$f":"+IFERROR(VLOOKUP(ListadoObras[[#This Row],[CÓDIGO]],OBRAS_TIPO[],3,0),\"\")","v":"und"}," “CARTILLA GUÍA PARA LA EVALUACIÓN DE CANTIDADES Y EJECUCIÓN DE PRESUPUESTOS PARA LA CONSTRUCCIÓN DE OBRAS MENORES Y DE CONTENCIÓN DE LA RED TERCIARIA Y FÉRREA DEL INVÍAS”"]
[null,29,{"$f":"+IFERROR(VLOOKUP(ListadoObras[[#This Row],[CÓDIGO]],LISTA_ITEMS[],2,0),\"\")","v":"ALCANTARILLA TIPO ALETA - ALETA - D=36\""},{"$f":"+IFERROR(VLOOKUP(ListadoObras[[#This Row],[CÓDIGO]],OBRAS_TIPO[],3,0),\"\")","v":"und"}," “CARTILLA GUÍA PARA LA EVALUACIÓN DE CANTIDADES Y EJECUCIÓN DE PRESUPUESTOS PARA LA CONSTRUCCIÓN DE OBRAS MENORES Y DE CONTENCIÓN DE LA RED TERCIARIA Y FÉRREA DEL INVÍAS”"]
[null,30,{"$f":"+IFERROR(VLOOKUP(ListadoObras[[#This Row],[CÓDIGO]],LISTA_ITEMS[],2,0),\"\")","v":"CARACTERIZACIÓN VIAL"},{"$f":"+IFERROR(VLOOKUP(ListadoObras[[#This Row],[CÓDIGO]],OBRAS_TIPO[],3,0),\"\")","v":"km"}]
[null,31,{"$f":"+IFERROR(VLOOKUP(ListadoObras[[#This Row],[CÓDIGO]],LISTA_ITEMS[],2,0),\"\")","v":"ALTERNATIVA 1: BASE ESTABILIZADA CON CEMENTO + LECHADA ASFÁLTICA"},{"$f":"+IFERROR(VLOOKUP(ListadoObras[[#This Row],[CÓDIGO]],OBRAS_TIPO[],3,0),\"\")","v":"m"}]
[null,32,{"$f":"+IFERROR(VLOOKUP(ListadoObras[[#This Row],[CÓDIGO]],LISTA_ITEMS[],2,0),\"\")","v":"ALTERNATIVA 2: BASE ESTABILIZADA CON CEMENTO+TRATAMIENTO SUPERFICIAL DOBLE"},{"$f":"+IFERROR(VLOOKUP(ListadoObras[[#This Row],[CÓDIGO]],OBRAS_TIPO[],3,0),\"\")","v":"m"}]
[null,33,{"$f":"+IFERROR(VLOOKUP(ListadoObras[[#This Row],[CÓDIGO]],LISTA_ITEMS[],2,0),\"\")","v":"ALTERNATIVA 3: BASE ESTABILIZADA CON EMULSIÓN ASFÁLTICA+LECHADA ASFÁLTICA"},{"$f":"+IFERROR(VLOOKUP(ListadoObras[[#This Row],[CÓDIGO]],OBRAS_TIPO[],3,0),\"\")","v":"m"}]
[null,34,{"$f":"+IFERROR(VLOOKUP(ListadoObras[[#This Row],[CÓDIGO]],LISTA_ITEMS[],2,0),\"\")","v":"ALTERNATIVA 4: BASE ESTABILIZADA CON EMULSIÓN ASFÁLTICA+TRATAMIENTO SUPERFICIAL DOBLE"},{"$f":"+IFERROR(VLOOKUP(ListadoObras[[#This Row],[CÓDIGO]],OBRAS_TIPO[],3,0),\"\")","v":"m"}]
[null,35,{"$f":"+IFERROR(VLOOKUP(ListadoObras[[#This Row],[CÓDIGO]],LISTA_ITEMS[],2,0),\"\")","v":"ALTERNATIVA 5: BASE ESTABILIZADA MECÁNICAMENTE+LECHADA ASFÁLTICA"},{"$f":"+IFERROR(VLOOKUP(ListadoObras[[#This Row],[CÓDIGO]],OBRAS_TIPO[],3,0),\"\")","v":"m"}]
[null,36,{"$f":"+IFERROR(VLOOKUP(ListadoObras[[#This Row],[CÓDIGO]],LISTA_ITEMS[],2,0),\"\")","v":"ALTERNATIVA 6: BASE ESTABILIZADA MECÁNICAMENTE+TRATAMIENTO SUPERFICIAL DOBLE"},{"$f":"+IFERROR(VLOOKUP(ListadoObras[[#This Row],[CÓDIGO]],OBRAS_TIPO[],3,0),\"\")","v":"m"}]
[null,37,{"$f":"+IFERROR(VLOOKUP(ListadoObras[[#This Row],[CÓDIGO]],LISTA_ITEMS[],2,0),\"\")","v":"ALTERNATIVA 7: VÍA EXISTENTE + LECHADA ASFÁLTICA"},{"$f":"+IFERROR(VLOOKUP(ListadoObras[[#This Row],[CÓDIGO]],OBRAS_TIPO[],3,0),\"\")","v":"m"}]
[null,38,{"$f":"+IFERROR(VLOOKUP(ListadoObras[[#This Row],[CÓDIGO]],LISTA_ITEMS[],2,0),\"\")","v":"ALTERNATIVA 8: VÍA EXISTENTE + TRATAMIENTO SUPERFICIAL DOBLE"},{"$f":"+IFERROR(VLOOKUP(ListadoObras[[#This Row],[CÓDIGO]],OBRAS_TIPO[],3,0),\"\")","v":"m"}]
[null,39,{"$f":"+IFERROR(VLOOKUP(ListadoObras[[#This Row],[CÓDIGO]],LISTA_ITEMS[],2,0),\"\")","v":""},{"$f":"+IFERROR(VLOOKUP(ListadoObras[[#This Row],[CÓDIGO]],OBRAS_TIPO[],3,0),\"\")","v":""}]
[null,40,{"$f":"+IFERROR(VLOOKUP(ListadoObras[[#This Row],[CÓDIGO]],LISTA_ITEMS[],2,0),\"\")","v":""},{"$f":"+IFERROR(VLOOKUP(ListadoObras[[#This Row],[CÓDIGO]],OBRAS_TIPO[],3,0),\"\")","v":""}]
[null,41,{"$f":"+IFERROR(VLOOKUP(ListadoObras[[#This Row],[CÓDIGO]],LISTA_ITEMS[],2,0),\"\")","v":""},{"$f":"+IFERROR(VLOOKUP(ListadoObras[[#This Row],[CÓDIGO]],OBRAS_TIPO[],3,0),\"\")","v":""}]
[null,42,{"$f":"+IFERROR(VLOOKUP(ListadoObras[[#This Row],[CÓDIGO]],LISTA_ITEMS[],2,0),\"\")","v":""},{"$f":"+IFERROR(VLOOKUP(ListadoObras[[#This Row],[CÓDIGO]],OBRAS_TIPO[],3,0),\"\")","v":""}]
[null,43,{"$f":"+IFERROR(VLOOKUP(ListadoObras[[#This Row],[CÓDIGO]],LISTA_ITEMS[],2,0),\"\")","v":""},{"$f":"+IFERROR(VLOOKUP(ListadoObras[[#This Row],[CÓDIGO]],OBRAS_TIPO[],3,0),\"\")","v":""}]
[null,44,{"$f":"+IFERROR(VLOOKUP(ListadoObras[[#This Row],[CÓDIGO]],LISTA_ITEMS[],2,0),\"\")","v":""},{"$f":"+IFERROR(VLOOKUP(ListadoObras[[#This Row],[CÓDIGO]],OBRAS_TIPO[],3,0),\"\")","v":""}]
[null,45,{"$f":"+IFERROR(VLOOKUP(ListadoObras[[#This Row],[CÓDIGO]],LISTA_ITEMS[],2,0),\"\")","v":""},{"$f":"+IFERROR(VLOOKUP(ListadoObras[[#This Row],[CÓDIGO]],OBRAS_TIPO[],3,0),\"\")","v":""}]
[null,46,{"$f":"+IFERROR(VLOOKUP(ListadoObras[[#This Row],[CÓDIGO]],LISTA_ITEMS[],2,0),\"\")","v":""},{"$f":"+IFERROR(VLOOKUP(ListadoObras[[#This Row],[CÓDIGO]],OBRAS_TIPO[],3,0),\"\")","v":""}]
[null,47,{"$f":"+IFERROR(VLOOKUP(ListadoObras[[#This Row],[CÓDIGO]],LISTA_ITEMS[],2,0),\"\")","v":""},{"$f":"+IFERROR(VLOOKUP(ListadoObras[[#This Row],[CÓDIGO]],OBRAS_TIPO[],3,0),\"\")","v":""}]
[null,48,{"$f":"+IFERROR(VLOOKUP(ListadoObras[[#This Row],[CÓDIGO]],LISTA_ITEMS[],2,0),\"\")","v":""},{"$f":"+IFERROR(VLOOKUP(ListadoObras[[#This Row],[CÓDIGO]],OBRAS_TIPO[],3,0),\"\")","v":""}]
[null,49,{"$f":"+IFERROR(VLOOKUP(ListadoObras[[#This Row],[CÓDIGO]],LISTA_ITEMS[],2,0),\"\")","v":""},{"$f":"+IFERROR(VLOOKUP(ListadoObras[[#This Row],[CÓDIGO]],OBRAS_TIPO[],3,0),\"\")","v":""}]
[null,50,{"$f":"+IFERROR(VLOOKUP(ListadoObras[[#This Row],[CÓDIGO]],LISTA_ITEMS[],2,0),\"\")","v":""},{"$f":"+IFERROR(VLOOKUP(ListadoObras[[#This Row],[CÓDIGO]],OBRAS_TIPO[],3,0),\"\")","v":""}]
[null,51,{"$f":"+IFERROR(VLOOKUP(ListadoObras[[#This Row],[CÓDIGO]],LISTA_ITEMS[],2,0),\"\")","v":""},{"$f":"+IFERROR(VLOOKUP(ListadoObras[[#This Row],[CÓDIGO]],OBRAS_TIPO[],3,0),\"\")","v":""}]
[null,52,{"$f":"+IFERROR(VLOOKUP(ListadoObras[[#This Row],[CÓDIGO]],LISTA_ITEMS[],2,0),\"\")","v":""},{"$f":"+IFERROR(VLOOKUP(ListadoObras[[#This Row],[CÓDIGO]],OBRAS_TIPO[],3,0),\"\")","v":""}]
[null,53,{"$f":"+IFERROR(VLOOKUP(ListadoObras[[#This Row],[CÓDIGO]],LISTA_ITEMS[],2,0),\"\")","v":""},{"$f":"+IFERROR(VLOOKUP(ListadoObras[[#This Row],[CÓDIGO]],OBRAS_TIPO[],3,0),\"\")","v":""}]
[null,54,{"$f":"+IFERROR(VLOOKUP(ListadoObras[[#This Row],[CÓDIGO]],LISTA_ITEMS[],2,0),\"\")","v":""},{"$f":"+IFERROR(VLOOKUP(ListadoObras[[#This Row],[CÓDIGO]],OBRAS_TIPO[],3,0),\"\")","v":""}]
[null,55,{"$f":"+IFERROR(VLOOKUP(ListadoObras[[#This Row],[CÓDIGO]],LISTA_ITEMS[],2,0),\"\")","v":""},{"$f":"+IFERROR(VLOOKUP(ListadoObras[[#This Row],[CÓDIGO]],OBRAS_TIPO[],3,0),\"\")","v":""}]
[null,56,{"$f":"+IFERROR(VLOOKUP(ListadoObras[[#This Row],[CÓDIGO]],LISTA_ITEMS[],2,0),\"\")","v":""},{"$f":"+IFERROR(VLOOKUP(ListadoObras[[#This Row],[CÓDIGO]],OBRAS_TIPO[],3,0),\"\")","v":""}]
[null,57,{"$f":"+IFERROR(VLOOKUP(ListadoObras[[#This Row],[CÓDIGO]],LISTA_ITEMS[],2,0),\"\")","v":""},{"$f":"+IFERROR(VLOOKUP(ListadoObras[[#This Row],[CÓDIGO]],OBRAS_TIPO[],3,0),\"\")","v":""}]
[null,58,{"$f":"+IFERROR(VLOOKUP(ListadoObras[[#This Row],[CÓDIGO]],LISTA_ITEMS[],2,0),\"\")","v":""},{"$f":"+IFERROR(VLOOKUP(ListadoObras[[#This Row],[CÓDIGO]],OBRAS_TIPO[],3,0),\"\")","v":""}]
[null,59,{"$f":"+IFERROR(VLOOKUP(ListadoObras[[#This Row],[CÓDIGO]],LISTA_ITEMS[],2,0),\"\")","v":""},{"$f":"+IFERROR(VLOOKUP(ListadoObras[[#This Row],[CÓDIGO]],OBRAS_TIPO[],3,0),\"\")","v":""}]
[null,60,{"$f":"+IFERROR(VLOOKUP(ListadoObras[[#This Row],[CÓDIGO]],LISTA_ITEMS[],2,0),\"\")","v":""},{"$f":"+IFERROR(VLOOKUP(ListadoObras[[#This Row],[CÓDIGO]],OBRAS_TIPO[],3,0),\"\")","v":""}]

{"sheet":"LISTA_OBRAS (2)","index":26,"n_rows":71,"n_cols":8,"rows_kept":71,"cut":false,"hidden":true,"merged":[]}
[]
[]
["CÓDIGO","OBRAS TIPO","UNIDAD","CANT. x OBRA","K_INICIAL","Valor Inicial","K_FINAL","Valor Final"]
[null,"PLACA HUELLA "]
[1,"PLACA HUELLA TIPO 1 (Bord-Cun-Cto-Pp-Cto-Pp-Cto-Cun-Bord)","m",1000,"Kinicio=",0,"Kfinal=",1000]
[2,"PLACA HUELLA TIPO 2 CASO 1  ( Bord-Cun-Cto-Pp-Cto-Pp-Cto-Bord )","m",500,"Kinicio=",2500,"Kfinal=",3000]
[3,"PLACA HUELLA TIPO 2 CASO 2  ( Bord-Cto-Pp-Cto-Pp-Cto-Bord )","m",1000,"Kinicio=",4200,"Kfinal=",5200]
[4,"PLACA HUELLA TIPO 3  ( Bord-Cun-Cto-Pp-Cto-Cun-Bord )","m",200,"Kinicio=",6000,"Kfinal=",6200]
[5,"PLACA HUELLA TIPO DEL MINTRANSPORTE (Resolución 04401 de 2017)  -  (Bord-Cun-Pp-Cto-Pp-Cto-Pp-Cun-Bord)","m",100,"Kinicio=",7000,"Kfinal=",7100]
[null,"MUROS EN GAVIÓN"]
[null,"MUROS EN GAVIÓN CON SOBRECARGA"]
[6,"MUROS EN GAVIÓN CON SOBRECARGA - H=3,0M - B=4,0M","m",10,"Kinicio=",1000,"Kfinal=",1010]
[7,"MUROS EN GAVIÓN CON SOBRECARGA - H=4,0M - B=5,0M","m",10,"Kinicio=",1500,"Kfinal=",1510]
[null,"MUROS EN GAVIÓN SIN SOBRECARGA"]
[8,"MUROS EN GAVIÓN SIN SOBRECARGA - H=3,0M - B=3,0M","m",10,"Kinicio=",2050,"Kfinal=",2060]
[9,"MUROS EN GAVIÓN SIN SOBRECARGA - H=4,0M - B=4,0M","m",10,"Kinicio=",2500,"Kfinal=",2510]
[null,"MUROS DE CONTENCIÓN EN CONCRETO"]
[null,"MUROS DE CONTENCIÓN DE CORONA (RELLENO HORIZONTAL Y SOBRECARGA VIVA)"]
[10,"MURO DE CONTENCIÓN DE CORONA (RELLENO HORIZONTAL Y SOBRECARGA VIVA) - H=3,0M","m",10,"Kinicio=",3000,"Kfinal=",3010]
[11,"MURO DE CONTENCIÓN DE CORONA (RELLENO HORIZONTAL Y SOBRECARGA VIVA) - H=4,0M","m",10,"Kinicio=",3200,"Kfinal=",3210]
[12,"MURO DE CONTENCIÓN DE CORONA (RELLENO HORIZONTAL Y SOBRECARGA VIVA) - H=5,0M","m",10,"Kinicio=",3500,"Kfinal=",3510]
[13,"MURO DE CONTENCIÓN DE CORONA (RELLENO HORIZONTAL Y SOBRECARGA VIVA) - H=6,0M","m",10,"Kinicio=",4100,"Kfinal=",4110]
[14,"MURO DE CONTENCIÓN DE CORONA (RELLENO HORIZONTAL Y SOBRECARGA VIVA) - H=7,0M","m",10,"Kinicio=",4330,"Kfinal=",4340]
[null,"MUROS DE CONTENCIÓN DE PATA (RELLENO INCLINADO)"]
[15,"MURO DE CONTENCIÓN DE PATA  (RELLENO INCLINADO) - H=3,0M","m",10,"Kinicio=",5000,"Kfinal=",5010]
[16,"MURO DE CONTENCIÓN DE PATA  (RELLENO INCLINADO) - H=4,0M","m",10,"Kinicio=",5250,"Kfinal=",5260]
[17,"MURO DE CONTENCIÓN DE PATA  (RELLENO INCLINADO) - H=5,0M","m",10,"Kinicio=",5680,"Kfinal=",5690]
[18,"MURO DE CONTENCIÓN DE PATA  (RELLENO INCLINADO) - H=6,0M","m",10,"Kinicio=",6350,"Kfinal=",6360]
[19,"MURO DE CONTENCIÓN DE PATA  (RELLENO INCLINADO) - H=7,0M","m",10,"Kinicio=",6990,"Kfinal=",7000]
[null,"BOX CULVERT"]
[null,"BOX CULVERT SIN RELLENO - HF=0"]
[20,"BOX CULVERT SIN RELLENO - hf=0 - Bint=1,0M - Hint=1,0M ","und",1,"Long Box=",5,"m"]
[21,"BOX CULVERT SIN RELLENO - HF=0 - BINT=1,5M - HINT=1,5M ","und",1,"Long Box=",6,"m"]
[22,"BOX CULVERT SIN RELLENO - HF=0 - BINT=2,0M - HINT=2,0M ","und",1,"Long Box=",6,"m"]
[23,"BOX CULVERT SIN RELLENO - HF=0 - BINT=3,0M - HINT=3,0M ","und",1,"Long Box=",5,"m"]
[null,"BOX CULVERT CON RELLENO -  1,0M < HF < 5,0M"]
[24,"BOX CULVERT CON RELLENO - 1,0M < HF < 5,0M - BINT=1,0M - HINT=1,0M ","und",2,"Long Box=",5,"m"]
[25,"BOX CULVERT CON RELLENO - 1,0M < HF < 5,0M - BINT=1,5M - HINT=1,5M ","und",2,"Long Box=",6,"m"]
[26,"BOX CULVERT CON RELLENO - 1,0M < HF < 5,0M - BINT=2,0M - HINT=2,0M ","und",1,"Long Box=",6,"m"]
[27,"BOX CULVERT CON RELLENO - 1,0M < HF < 5,0M - BINT=3,0M - HINT=3,0M ","und",1,"Long Box=",7,"m"]
[null,"ALCANTARILLAS",null,0]
[28,"ALCANTARILLA TIPO POCETA - ALETA - D=36\" ","und",1,"Long Alcantarilla=",7]
[29,"ALCANTARILLA TIPO ALETA - ALETA - D=36\"","und",1,"Long Alcantarilla=",7]
[null,"CARACTERIZACIÓN VIAL"]
[30,"CARACTERIZACIÓN VIAL","km",5.0000000000000001E-3,"Kinicio=",1,"Kfinal=",6]
[null,"ALTERNATIVAS DE ESTABILIZACIÓN",null,0]
[31,"ALTERNATIVA 1: BASE ESTABILIZADA CON CEMENTO + LECHADA ASFÁLTICA","m",800,"Kinicio=",1200,"Kfinal=",2000]
[32,"ALTERNATIVA 1: BASE ESTABILIZADA CON CEMENTO+LECHADA ASFÁLTICA","m",0,"Kinicio=",0,"Kfinal="]
[33,"ALTERNATIVA 2: BASE ESTABILIZADA CON CEMENTO+TRATAMIENTO SUPERFICIAL DOBLE","m",0,"Kinicio=",0,"Kfinal="]
[34,"ALTERNATIVA 3: BASE ESTABILIZADA CON EMULSIÓN ASFÁLTICA+LECHADA ASFÁLTICA","m",0,"Kinicio=",0,"Kfinal="]
[35,"ALTERNATIVA 4: BASE ESTABILIZADA CON EMULSIÓN ASFÁLTICA+TRATAMIENTO SUPERFICIAL DOBLE","m",0,"Kinicio=",0,"Kfinal="]
[36,"ALTERNATIVA 5: BASE ESTABILIZADA MECÁNICAMENTE+LECHADA ASFÁLTICA","m",0,"Kinicio=",0,"Kfinal="]
[37,"ALTERNATIVA 6: BASE ESTABILIZADA MECÁNICAMENTE+TRATAMIENTO SUPERFICIAL DOBLE","m",0,"Kinicio=",0,"Kfinal="]
[38,"ALTERNATIVA 7: LECHADA ASFÁLTICA","m",0,"Kinicio=",0,"Kfinal="]
[39,"ALTERNATIVA 8: TRATAMIENTO SUPERFICIAL DOBLE","m",0,"Kinicio=",0,"Kfinal="]
[]
[]
[]
[]
[]
[null,{"$f":"+IFERROR(VLOOKUP(#REF!,OBRAS_TIPO8[],2,0),\"\")","v":""},{"$f":"+IFERROR(VLOOKUP(#REF!,OBRAS_TIPO8[],3,0),\"\")","v":""},{"$f":"+IFERROR(VLOOKUP(#REF!,OBRAS_TIPO8[],4,0),\"\")","v":""}]
[null,{"$f":"+IFERROR(VLOOKUP(#REF!,OBRAS_TIPO8[],2,0),\"\")","v":""},{"$f":"+IFERROR(VLOOKUP(#REF!,OBRAS_TIPO8[],3,0),\"\")","v":""},{"$f":"+IFERROR(VLOOKUP(#REF!,OBRAS_TIPO8[],4,0),\"\")","v":""}]
[null,{"$f":"+IFERROR(VLOOKUP(#REF!,OBRAS_TIPO8[],2,0),\"\")","v":""},{"$f":"+IFERROR(VLOOKUP(#REF!,OBRAS_TIPO8[],3,0),\"\")","v":""},{"$f":"+IFERROR(VLOOKUP(#REF!,OBRAS_TIPO8[],4,0),\"\")","v":""}]
[null,{"$f":"+IFERROR(VLOOKUP(#REF!,OBRAS_TIPO8[],2,0),\"\")","v":""},{"$f":"+IFERROR(VLOOKUP(#REF!,OBRAS_TIPO8[],3,0),\"\")","v":""},{"$f":"+IFERROR(VLOOKUP(#REF!,OBRAS_TIPO8[],4,0),\"\")","v":""}]
[null,{"$f":"+IFERROR(VLOOKUP(#REF!,OBRAS_TIPO8[],2,0),\"\")","v":""},{"$f":"+IFERROR(VLOOKUP(#REF!,OBRAS_TIPO8[],3,0),\"\")","v":""},{"$f":"+IFERROR(VLOOKUP(#REF!,OBRAS_TIPO8[],4,0),\"\")","v":""}]
[null,{"$f":"+IFERROR(VLOOKUP(#REF!,OBRAS_TIPO8[],2,0),\"\")","v":""},{"$f":"+IFERROR(VLOOKUP(#REF!,OBRAS_TIPO8[],3,0),\"\")","v":""},{"$f":"+IFERROR(VLOOKUP(#REF!,OBRAS_TIPO8[],4,0),\"\")","v":""}]
[null,{"$f":"+IFERROR(VLOOKUP(#REF!,OBRAS_TIPO8[],2,0),\"\")","v":""},{"$f":"+IFERROR(VLOOKUP(#REF!,OBRAS_TIPO8[],3,0),\"\")","v":""},{"$f":"+IFERROR(VLOOKUP(#REF!,OBRAS_TIPO8[],4,0),\"\")","v":""}]
[null,{"$f":"+IFERROR(VLOOKUP(#REF!,OBRAS_TIPO8[],2,0),\"\")","v":""},{"$f":"+IFERROR(VLOOKUP(#REF!,OBRAS_TIPO8[],3,0),\"\")","v":""},{"$f":"+IFERROR(VLOOKUP(#REF!,OBRAS_TIPO8[],4,0),\"\")","v":""}]
[null,{"$f":"+IFERROR(VLOOKUP(#REF!,OBRAS_TIPO8[],2,0),\"\")","v":""},{"$f":"+IFERROR(VLOOKUP(#REF!,OBRAS_TIPO8[],3,0),\"\")","v":""},{"$f":"+IFERROR(VLOOKUP(#REF!,OBRAS_TIPO8[],4,0),\"\")","v":""}]
[null,{"$f":"+IFERROR(VLOOKUP(#REF!,OBRAS_TIPO8[],2,0),\"\")","v":""},{"$f":"+IFERROR(VLOOKUP(#REF!,OBRAS_TIPO8[],3,0),\"\")","v":""},{"$f":"+IFERROR(VLOOKUP(#REF!,OBRAS_TIPO8[],4,0),\"\")","v":""}]
[null,{"$f":"+IFERROR(VLOOKUP(#REF!,OBRAS_TIPO8[],2,0),\"\")","v":""},{"$f":"+IFERROR(VLOOKUP(#REF!,OBRAS_TIPO8[],3,0),\"\")","v":""},{"$f":"+IFERROR(VLOOKUP(#REF!,OBRAS_TIPO8[],4,0),\"\")","v":""}]

{"sheet":"LISTA_OBRAS","index":27,"n_rows":55,"n_cols":8,"rows_kept":55,"cut":false,"hidden":false,"merged":[]}
[]
[]
["CÓDIGO","OBRAS TIPO","UND","CANT. x OBRA","K_INICIAL","Valor Inicial","K_FINAL","Valor Final"]
[null,"PLACA HUELLA "]
[1,{"$f":"+IFERROR(VLOOKUP($A5,LISTA_ITEMS[],2,FALSE),\"\")","v":"PLACA HUELLA TIPO 1 (Bord-Cun-Cto-Pp-Cto-Pp-Cto-Cun-Bord)"},{"$f":"+IFERROR(VLOOKUP($A5,LISTA_ITEMS[],3,FALSE),\"\")","v":"m"},{"$f":"OBRAS_TIPO[[#This Row],[Valor Final]]-OBRAS_TIPO[[#This Row],[Valor Inicial]]","v":0},"Kinicio=",null,"Kfinal="]
[{"$f":"A5+1","v":2},{"$f":"+IFERROR(VLOOKUP($A6,LISTA_ITEMS[],2,FALSE),\"\")","v":"PLACA HUELLA TIPO 2 CASO 1  ( Bord-Cun-Cto-Pp-Cto-Pp-Cto-Bord )"},{"$f":"+IFERROR(VLOOKUP($A6,LISTA_ITEMS[],3,FALSE),\"\")","v":"m"},{"$f":"OBRAS_TIPO[[#This Row],[Valor Final]]-OBRAS_TIPO[[#This Row],[Valor Inicial]]","v":0},"Kinicio=",null,"Kfinal="]
[{"$f":"A6+1","v":3},{"$f":"+IFERROR(VLOOKUP($A7,LISTA_ITEMS[],2,FALSE),\"\")","v":"PLACA HUELLA TIPO 2 CASO 2  ( Bord-Cto-Pp-Cto-Pp-Cto-Bord )"},{"$f":"+IFERROR(VLOOKUP($A7,LISTA_ITEMS[],3,FALSE),\"\")","v":"m"},{"$f":"OBRAS_TIPO[[#This Row],[Valor Final]]-OBRAS_TIPO[[#This Row],[Valor Inicial]]","v":0},"Kinicio=",null,"Kfinal="]
[{"$f":"A7+1","v":4},{"$f":"+IFERROR(VLOOKUP($A8,LISTA_ITEMS[],2,FALSE),\"\")","v":"PLACA HUELLA TIPO 3  ( Bord-Cun-Cto-Pp-Cto-Cun-Bord )"},{"$f":"+IFERROR(VLOOKUP($A8,LISTA_ITEMS[],3,FALSE),\"\")","v":"m"},{"$f":"OBRAS_TIPO[[#This Row],[Valor Final]]-OBRAS_TIPO[[#This Row],[Valor Inicial]]","v":0},"Kinicio=",null,"Kfinal="]
[{"$f":"A8+1","v":5},{"$f":"+IFERROR(VLOOKUP($A9,LISTA_ITEMS[],2,FALSE),\"\")","v":"PLACA HUELLA TIPO DEL MINTRANSPORTE (Resolución 04401 de 2017)  -  (Bord-Cun-Pp-Cto-Pp-Cto-Pp-Cun-Bord)"},{"$f":"+IFERROR(VLOOKUP($A9,LISTA_ITEMS[],3,FALSE),\"\")","v":"m"},{"$f":"OBRAS_TIPO[[#This Row],[Valor Final]]-OBRAS_TIPO[[#This Row],[Valor Inicial]]","v":1000},"Kinicio=",5000,"Kfinal=",6000]
[null,"MUROS EN GAVIÓN"]
[null,"MUROS EN GAVIÓN CON SOBRECARGA"]
[{"$f":"A9+1","v":6},{"$f":"+IFERROR(VLOOKUP($A12,LISTA_ITEMS[],2,FALSE),\"\")","v":"MUROS EN GAVIÓN CON SOBRECARGA - H=3,0M - B=4,0M"},{"$f":"+IFERROR(VLOOKUP($A12,LISTA_ITEMS[],3,FALSE),\"\")","v":"m"},{"$f":"OBRAS_TIPO[[#This Row],[Valor Final]]-OBRAS_TIPO[[#This Row],[Valor Inicial]]","v":30},"Kinicio=",5500,"Kfinal=",5530]
[{"$f":"A12+1","v":7},{"$f":"+IFERROR(VLOOKUP($A13,LISTA_ITEMS[],2,FALSE),\"\")","v":"MUROS EN GAVIÓN CON SOBRECARGA - H=4,0M - B=5,0M"},{"$f":"+IFERROR(VLOOKUP($A13,LISTA_ITEMS[],3,FALSE),\"\")","v":"m"},{"$f":"OBRAS_TIPO[[#This Row],[Valor Final]]-OBRAS_TIPO[[#This Row],[Valor Inicial]]","v":20},"Kinicio=",5600,"Kfinal=",5620]
[null,"MUROS EN GAVIÓN SIN SOBRECARGA"]
[{"$f":"A13+1","v":8},{"$f":"+IFERROR(VLOOKUP($A15,LISTA_ITEMS[],2,FALSE),\"\")","v":"MUROS EN GAVIÓN SIN SOBRECARGA - H=3,0M - B=3,0M"},{"$f":"+IFERROR(VLOOKUP($A15,LISTA_ITEMS[],3,FALSE),\"\")","v":"m"},{"$f":"OBRAS_TIPO[[#This Row],[Valor Final]]-OBRAS_TIPO[[#This Row],[Valor Inicial]]","v":15},"Kinicio=",5900,"Kfinal=",5915]
[{"$f":"A15+1","v":9},{"$f":"+IFERROR(VLOOKUP($A16,LISTA_ITEMS[],2,FALSE),\"\")","v":"MUROS EN GAVIÓN SIN SOBRECARGA - H=4,0M - B=4,0M"},{"$f":"+IFERROR(VLOOKUP($A16,LISTA_ITEMS[],3,FALSE),\"\")","v":"m"},{"$f":"OBRAS_TIPO[[#This Row],[Valor Final]]-OBRAS_TIPO[[#This Row],[Valor Inicial]]","v":10},"Kinicio=",5950,"Kfinal=",5960]
[null,"MUROS DE CONTENCIÓN EN CONCRETO"]
[null,"MUROS DE CONTENCIÓN DE CORONA (RELLENO HORIZONTAL Y SOBRECARGA VIVA)"]
[{"$f":"A16+1","v":10},{"$f":"+IFERROR(VLOOKUP($A19,LISTA_ITEMS[],2,FALSE),\"\")","v":"MURO DE CONTENCIÓN DE CORONA (RELLENO HORIZONTAL Y SOBRECARGA VIVA) - H=3,0M"},{"$f":"+IFERROR(VLOOKUP($A19,LISTA_ITEMS[],3,FALSE),\"\")","v":"m"},{"$f":"OBRAS_TIPO[[#This Row],[Valor Final]]-OBRAS_TIPO[[#This Row],[Valor Inicial]]","v":10},"Kinicio=",5800,"Kfinal=",5810]
[{"$f":"A19+1","v":11},{"$f":"+IFERROR(VLOOKUP($A20,LISTA_ITEMS[],2,FALSE),\"\")","v":"MURO DE CONTENCIÓN DE CORONA (RELLENO HORIZONTAL Y SOBRECARGA VIVA) - H=4,0M"},{"$f":"+IFERROR(VLOOKUP($A20,LISTA_ITEMS[],3,FALSE),\"\")","v":"m"},{"$f":"OBRAS_TIPO[[#This Row],[Valor Final]]-OBRAS_TIPO[[#This Row],[Valor Inicial]]","v":15},"Kinicio=",6000,"Kfinal=",6015]
[{"$f":"A20+1","v":12},{"$f":"+IFERROR(VLOOKUP($A21,LISTA_ITEMS[],2,FALSE),\"\")","v":"MURO DE CONTENCIÓN DE CORONA (RELLENO HORIZONTAL Y SOBRECARGA VIVA) - H=5,0M"},{"$f":"+IFERROR(VLOOKUP($A21,LISTA_ITEMS[],3,FALSE),\"\")","v":"m"},{"$f":"OBRAS_TIPO[[#This Row],[Valor Final]]-OBRAS_TIPO[[#This Row],[Valor Inicial]]","v":0},"Kinicio=",null,"Kfinal="]
[{"$f":"A21+1","v":13},{"$f":"+IFERROR(VLOOKUP($A22,LISTA_ITEMS[],2,FALSE),\"\")","v":"MURO DE CONTENCIÓN DE CORONA (RELLENO HORIZONTAL Y SOBRECARGA VIVA) - H=6,0M"},{"$f":"+IFERROR(VLOOKUP($A22,LISTA_ITEMS[],3,FALSE),\"\")","v":"m"},{"$f":"OBRAS_TIPO[[#This Row],[Valor Final]]-OBRAS_TIPO[[#This Row],[Valor Inicial]]","v":0},"Kinicio=",null,"Kfinal="]
[{"$f":"A22+1","v":14},{"$f":"+IFERROR(VLOOKUP($A23,LISTA_ITEMS[],2,FALSE),\"\")","v":"MURO DE CONTENCIÓN DE CORONA (RELLENO HORIZONTAL Y SOBRECARGA VIVA) - H=7,0M"},{"$f":"+IFERROR(VLOOKUP($A23,LISTA_ITEMS[],3,FALSE),\"\")","v":"m"},{"$f":"OBRAS_TIPO[[#This Row],[Valor Final]]-OBRAS_TIPO[[#This Row],[Valor Inicial]]","v":0},"Kinicio=",null,"Kfinal="]
[null,"MUROS DE CONTENCIÓN DE PATA (RELLENO INCLINADO)"]
[{"$f":"A23+1","v":15},{"$f":"+IFERROR(VLOOKUP($A25,LISTA_ITEMS[],2,FALSE),\"\")","v":"MURO DE CONTENCIÓN DE PATA  (RELLENO INCLINADO) - H=3,0M"},{"$f":"+IFERROR(VLOOKUP($A25,LISTA_ITEMS[],3,FALSE),\"\")","v":"m"},{"$f":"OBRAS_TIPO[[#This Row],[Valor Final]]-OBRAS_TIPO[[#This Row],[Valor Inicial]]","v":0},"Kinicio=",null,"Kfinal="]
[{"$f":"A25+1","v":16},{"$f":"+IFERROR(VLOOKUP($A26,LISTA_ITEMS[],2,FALSE),\"\")","v":"MURO DE CONTENCIÓN DE PATA  (RELLENO INCLINADO) - H=4,0M"},{"$f":"+IFERROR(VLOOKUP($A26,LISTA_ITEMS[],3,FALSE),\"\")","v":"m"},{"$f":"OBRAS_TIPO[[#This Row],[Valor Final]]-OBRAS_TIPO[[#This Row],[Valor Inicial]]","v":0},"Kinicio=",null,"Kfinal="]
[{"$f":"A26+1","v":17},{"$f":"+IFERROR(VLOOKUP($A27,LISTA_ITEMS[],2,FALSE),\"\")","v":"MURO DE CONTENCIÓN DE PATA  (RELLENO INCLINADO) - H=5,0M"},{"$f":"+IFERROR(VLOOKUP($A27,LISTA_ITEMS[],3,FALSE),\"\")","v":"m"},{"$f":"OBRAS_TIPO[[#This Row],[Valor Final]]-OBRAS_TIPO[[#This Row],[Valor Inicial]]","v":0},"Kinicio=",null,"Kfinal="]
[{"$f":"A27+1","v":18},{"$f":"+IFERROR(VLOOKUP($A28,LISTA_ITEMS[],2,FALSE),\"\")","v":"MURO DE CONTENCIÓN DE PATA  (RELLENO INCLINADO) - H=6,0M"},{"$f":"+IFERROR(VLOOKUP($A28,LISTA_ITEMS[],3,FALSE),\"\")","v":"m"},{"$f":"OBRAS_TIPO[[#This Row],[Valor Final]]-OBRAS_TIPO[[#This Row],[Valor Inicial]]","v":0},"Kinicio=",null,"Kfinal="]
[{"$f":"A28+1","v":19},{"$f":"+IFERROR(VLOOKUP($A29,LISTA_ITEMS[],2,FALSE),\"\")","v":"MURO DE CONTENCIÓN DE PATA  (RELLENO INCLINADO) - H=7,0M"},{"$f":"+IFERROR(VLOOKUP($A29,LISTA_ITEMS[],3,FALSE),\"\")","v":"m"},{"$f":"OBRAS_TIPO[[#This Row],[Valor Final]]-OBRAS_TIPO[[#This Row],[Valor Inicial]]","v":0},"Kinicio=",null,"Kfinal="]
[null,"BOX CULVERT"]
[null,"BOX CULVERT SIN RELLENO - HF=0"]
[{"$f":"A29+1","v":20},{"$f":"+IFERROR(VLOOKUP($A32,LISTA_ITEMS[],2,FALSE),\"\")","v":"BOX CULVERT SIN RELLENO - hf=0 - Bint=1,0M - Hint=1,0M "},{"$f":"+IFERROR(VLOOKUP($A32,LISTA_ITEMS[],3,FALSE),\"\")","v":"und"},null,"Long Box=",null,"m"]
[{"$f":"A32+1","v":21},{"$f":"+IFERROR(VLOOKUP($A33,LISTA_ITEMS[],2,FALSE),\"\")","v":"BOX CULVERT SIN RELLENO - HF=0 - BINT=1,5M - HINT=1,5M "},{"$f":"+IFERROR(VLOOKUP($A33,LISTA_ITEMS[],3,FALSE),\"\")","v":"und"},null,"Long Box=",null,"m"]
[22,{"$f":"+IFERROR(VLOOKUP($A34,LISTA_ITEMS[],2,FALSE),\"\")","v":"BOX CULVERT SIN RELLENO - HF=0 - BINT=2,0M - HINT=2,0M "},{"$f":"+IFERROR(VLOOKUP($A34,LISTA_ITEMS[],3,FALSE),\"\")","v":"und"},2,"Long Box=",5,"m"]
[23,{"$f":"+IFERROR(VLOOKUP($A35,LISTA_ITEMS[],2,FALSE),\"\")","v":"BOX CULVERT SIN RELLENO - HF=0 - BINT=3,0M - HINT=3,0M "},{"$f":"+IFERROR(VLOOKUP($A35,LISTA_ITEMS[],3,FALSE),\"\")","v":"und"},null,"Long Box=",null,"m"]
[null,"BOX CULVERT CON RELLENO -  1,0M < HF < 5,0M"]
[{"$f":"A35+1","v":24},{"$f":"+IFERROR(VLOOKUP($A37,LISTA_ITEMS[],2,FALSE),\"\")","v":"BOX CULVERT CON RELLENO - 1,0M < HF < 5,0M - BINT=1,0M - HINT=1,0M "},{"$f":"+IFERROR(VLOOKUP($A37,LISTA_ITEMS[],3,FALSE),\"\")","v":"und"},null,"Long Box=",null,"m"]
[25,{"$f":"+IFERROR(VLOOKUP($A38,LISTA_ITEMS[],2,FALSE),\"\")","v":"BOX CULVERT CON RELLENO - 1,0M < HF < 5,0M - BINT=1,5M - HINT=1,5M "},{"$f":"+IFERROR(VLOOKUP($A38,LISTA_ITEMS[],3,FALSE),\"\")","v":"und"},null,"Long Box=",null,"m"]
[26,{"$f":"+IFERROR(VLOOKUP($A39,LISTA_ITEMS[],2,FALSE),\"\")","v":"BOX CULVERT CON RELLENO - 1,0M < HF < 5,0M - BINT=2,0M - HINT=2,0M "},{"$f":"+IFERROR(VLOOKUP($A39,LISTA_ITEMS[],3,FALSE),\"\")","v":"und"},null,"Long Box=",null,"m"]
[{"$f":"A39+1","v":27},{"$f":"+IFERROR(VLOOKUP($A40,LISTA_ITEMS[],2,FALSE),\"\")","v":"BOX CULVERT CON RELLENO - 1,0M < HF < 5,0M - BINT=3,0M - HINT=3,0M "},{"$f":"+IFERROR(VLOOKUP($A40,LISTA_ITEMS[],3,FALSE),\"\")","v":"und"},null,"Long Box=",null,"m"]
[null,"ALCANTARILLAS",null,{"$f":"OBRAS_TIPO[[#This Row],[Valor Final]]-OBRAS_TIPO[[#This Row],[Valor Inicial]]","v":0}]
[{"$f":"A40+1","v":28},{"$f":"+IFERROR(VLOOKUP($A42,LISTA_ITEMS[],2,FALSE),\"\")","v":"ALCANTARILLA TIPO POCETA - ALETA - D=36\" "},{"$f":"+IFERROR(VLOOKUP($A42,LISTA_ITEMS[],3,FALSE),\"\")","v":"und"},4,"Long Alcantarilla=",7]
[{"$f":"A42+1","v":29},{"$f":"+IFERROR(VLOOKUP($A43,LISTA_ITEMS[],2,FALSE),\"\")","v":"ALCANTARILLA TIPO ALETA - ALETA - D=36\""},{"$f":"+IFERROR(VLOOKUP($A43,LISTA_ITEMS[],3,FALSE),\"\")","v":"und"},null,"Long Alcantarilla=",7]
[null,"CARACTERIZACIÓN VIAL"]
[{"$f":"A43+1","v":30},{"$f":"+IFERROR(VLOOKUP($A45,LISTA_ITEMS[],2,FALSE),\"\")","v":"CARACTERIZACIÓN VIAL"},{"$f":"+IFERROR(VLOOKUP($A45,LISTA_ITEMS[],3,FALSE),\"\")","v":"km"},{"$f":"+(OBRAS_TIPO[[#This Row],[Valor Final]]-OBRAS_TIPO[[#This Row],[Valor Inicial]])/1000","v":21},"Kinicio=",null,"Kfinal=",21000]
[null,"ALTERNATIVAS DE MEJORAMIENTO DE VÍAS TERCIARIAS (Soluciones estructurales y de transitabilidad)",null,{"$f":"OBRAS_TIPO[[#This Row],[Valor Final]]-OBRAS_TIPO[[#This Row],[Valor Inicial]]","v":0}]
[{"$f":"A45+1","v":31},{"$f":"+IFERROR(VLOOKUP($A47,LISTA_ITEMS[],2,FALSE),\"\")","v":"ALTERNATIVA 1: BASE ESTABILIZADA CON CEMENTO + LECHADA ASFÁLTICA"},{"$f":"+IFERROR(VLOOKUP($A47,LISTA_ITEMS[],3,FALSE),\"\")","v":"m"},{"$f":"OBRAS_TIPO[[#This Row],[Valor Final]]-OBRAS_TIPO[[#This Row],[Valor Inicial]]","v":200},"Kinicio=",5000,"Kfinal=",5200]
[{"$f":"A47+1","v":32},{"$f":"+IFERROR(VLOOKUP($A48,LISTA_ITEMS[],2,FALSE),\"\")","v":"ALTERNATIVA 2: BASE ESTABILIZADA CON CEMENTO+TRATAMIENTO SUPERFICIAL DOBLE"},{"$f":"+IFERROR(VLOOKUP($A48,LISTA_ITEMS[],3,FALSE),\"\")","v":"m"},{"$f":"OBRAS_TIPO[[#This Row],[Valor Final]]-OBRAS_TIPO[[#This Row],[Valor Inicial]]","v":300},"Kinicio=",5500,"Kfinal=",5800]
[33,{"$f":"+IFERROR(VLOOKUP($A49,LISTA_ITEMS[],2,FALSE),\"\")","v":"ALTERNATIVA 3: BASE ESTABILIZADA CON EMULSIÓN ASFÁLTICA+LECHADA ASFÁLTICA"},{"$f":"+IFERROR(VLOOKUP($A49,LISTA_ITEMS[],3,FALSE),\"\")","v":"m"},{"$f":"OBRAS_TIPO[[#This Row],[Valor Final]]-OBRAS_TIPO[[#This Row],[Valor Inicial]]","v":200},"Kinicio=",6000,"Kfinal=",6200]
[34,{"$f":"+IFERROR(VLOOKUP($A50,LISTA_ITEMS[],2,FALSE),\"\")","v":"ALTERNATIVA 4: BASE ESTABILIZADA CON EMULSIÓN ASFÁLTICA+TRATAMIENTO SUPERFICIAL DOBLE"},{"$f":"+IFERROR(VLOOKUP($A50,LISTA_ITEMS[],3,FALSE),\"\")","v":"m"},{"$f":"OBRAS_TIPO[[#This Row],[Valor Final]]-OBRAS_TIPO[[#This Row],[Valor Inicial]]","v":400},"Kinicio=",6500,"Kfinal=",6900]
[35,{"$f":"+IFERROR(VLOOKUP($A51,LISTA_ITEMS[],2,FALSE),\"\")","v":"ALTERNATIVA 5: BASE ESTABILIZADA MECÁNICAMENTE+LECHADA ASFÁLTICA"},{"$f":"+IFERROR(VLOOKUP($A51,LISTA_ITEMS[],3,FALSE),\"\")","v":"m"},{"$f":"OBRAS_TIPO[[#This Row],[Valor Final]]-OBRAS_TIPO[[#This Row],[Valor Inicial]]","v":300},"Kinicio=",7000,"Kfinal=",7300]
[36,{"$f":"+IFERROR(VLOOKUP($A52,LISTA_ITEMS[],2,FALSE),\"\")","v":"ALTERNATIVA 6: BASE ESTABILIZADA MECÁNICAMENTE+TRATAMIENTO SUPERFICIAL DOBLE"},{"$f":"+IFERROR(VLOOKUP($A52,LISTA_ITEMS[],3,FALSE),\"\")","v":"m"},{"$f":"OBRAS_TIPO[[#This Row],[Valor Final]]-OBRAS_TIPO[[#This Row],[Valor Inicial]]","v":200},"Kinicio=",7500,"Kfinal=",7700]
[37,{"$f":"+IFERROR(VLOOKUP($A53,LISTA_ITEMS[],2,FALSE),\"\")","v":"ALTERNATIVA 7: VÍA EXISTENTE + LECHADA ASFÁLTICA"},{"$f":"+IFERROR(VLOOKUP($A53,LISTA_ITEMS[],3,FALSE),\"\")","v":"m"},{"$f":"OBRAS_TIPO[[#This Row],[Valor Final]]-OBRAS_TIPO[[#This Row],[Valor Inicial]]","v":500},"Kinicio=",8000,"Kfinal=",8500]
[38,{"$f":"+IFERROR(VLOOKUP($A54,LISTA_ITEMS[],2,FALSE),\"\")","v":"ALTERNATIVA 8: VÍA EXISTENTE + TRATAMIENTO SUPERFICIAL DOBLE"},{"$f":"+IFERROR(VLOOKUP($A54,LISTA_ITEMS[],3,FALSE),\"\")","v":"m"},{"$f":"OBRAS_TIPO[[#This Row],[Valor Final]]-OBRAS_TIPO[[#This Row],[Valor Inicial]]","v":500},"Kinicio=",8500,"Kfinal=",9000]
[null,{"$f":"+IFERROR(VLOOKUP($A55,LISTA_ITEMS[],2,FALSE),\"\")","v":""},{"$f":"+IFERROR(VLOOKUP($A55,LISTA_ITEMS[],3,FALSE),\"\")","v":""}]

{"sheet":"INSUMOS","index":28,"n_rows":2011,"n_cols":6,"rows_kept":2011,"cut":false,"hidden":false,"merged":[[2,1,7,1],[3,2,5,4],[2,2,2,4],[6,2,6,4],[9,1,9,4],[7,3,7,4]]}
[]
[]
[null,null,"NOMBRE DEL PROYECTO:"]
[null,null,{"$f":"+Nom_proy1","v":"MEJORAMIENTO DEL TRAMO VIAL LA PAZ - EL PROGRESO ENTRE EL K5+000 Y EL K6+000 DEL MUNICIPIO LA ESTRELLA FLUVIAL"}]
[]
[]
[null,null,"LISTADO DE INSUMOS CON PRECIOS"]
[null,null,"FECHA:",{"$f":"+Fecha_Pres","v":"2019-10-11"}]
[]
[null,"INSUMOS"]
["Consecutivo","No.","DESCRIPCIÓN","UNIDAD","PRECIO UNIT.","% DEDICACIÓN"]
[1,{"$f":"+IFERROR(VLOOKUP($A12,BD_INSUMOS2[],3,FALSE),\"\")","v":"M1"},{"$f":"+IFERROR(VLOOKUP($A12,BD_INSUMOS2[],5,FALSE),\"\")","v":"Acero de 4200 kg/cm²"},{"$f":"+IFERROR(VLOOKUP($A12,BD_INSUMOS2[],6,FALSE),\"\")","v":"kg"},{"$f":"+IFERROR(VLOOKUP($A12,BD_INSUMOS2[],7,FALSE),\"\")","v":2400},{"$f":"+IFERROR(VLOOKUP($A12,BD_INSUMOS2[],8,FALSE),\"\")","v":0}]
[2,{"$f":"+IFERROR(VLOOKUP($A13,BD_INSUMOS2[],3,FALSE),\"\")","v":"M2"},{"$f":"+IFERROR(VLOOKUP($A13,BD_INSUMOS2[],5,FALSE),\"\")","v":"AGREGADO PARA CONCRETO HIDRAULICO MAX 1\" "},{"$f":"+IFERROR(VLOOKUP($A13,BD_INSUMOS2[],6,FALSE),\"\")","v":"m³"},{"$f":"+IFERROR(VLOOKUP($A13,BD_INSUMOS2[],7,FALSE),\"\")","v":70000},{"$f":"+IFERROR(VLOOKUP($A13,BD_INSUMOS2[],8,FALSE),\"\")","v":0}]
[3,{"$f":"+IFERROR(VLOOKUP($A14,BD_INSUMOS2[],3,FALSE),\"\")","v":"M3"},{"$f":"+IFERROR(VLOOKUP($A14,BD_INSUMOS2[],5,FALSE),\"\")","v":"ALAMBRE NEGRO PARA AMARRE"},{"$f":"+IFERROR(VLOOKUP($A14,BD_INSUMOS2[],6,FALSE),\"\")","v":"Kg"},{"$f":"+IFERROR(VLOOKUP($A14,BD_INSUMOS2[],7,FALSE),\"\")","v":3800},{"$f":"+IFERROR(VLOOKUP($A14,BD_INSUMOS2[],8,FALSE),\"\")","v":0}]
[4,{"$f":"+IFERROR(VLOOKUP($A15,BD_INSUMOS2[],3,FALSE),\"\")","v":"M4"},{"$f":"+IFERROR(VLOOKUP($A15,BD_INSUMOS2[],5,FALSE),\"\")","v":"ARENA "},{"$f":"+IFERROR(VLOOKUP($A15,BD_INSUMOS2[],6,FALSE),\"\")","v":"m³"},{"$f":"+IFERROR(VLOOKUP($A15,BD_INSUMOS2[],7,FALSE),\"\")","v":60000},{"$f":"+IFERROR(VLOOKUP($A15,BD_INSUMOS2[],8,FALSE),\"\")","v":0}]
[5,{"$f":"+IFERROR(VLOOKUP($A16,BD_INSUMOS2[],3,FALSE),\"\")","v":"M5"},{"$f":"+IFERROR(VLOOKUP($A16,BD_INSUMOS2[],5,FALSE),\"\")","v":"CEMENTO GRIS"},{"$f":"+IFERROR(VLOOKUP($A16,BD_INSUMOS2[],6,FALSE),\"\")","v":"kg"},{"$f":"+IFERROR(VLOOKUP($A16,BD_INSUMOS2[],7,FALSE),\"\")","v":580},{"$f":"+IFERROR(VLOOKUP($A16,BD_INSUMOS2[],8,FALSE),\"\")","v":0}]
[6,{"$f":"+IFERROR(VLOOKUP($A17,BD_INSUMOS2[],3,FALSE),\"\")","v":"M6"},{"$f":"+IFERROR(VLOOKUP($A17,BD_INSUMOS2[],5,FALSE),\"\")","v":"CESPEDONES"},{"$f":"+IFERROR(VLOOKUP($A17,BD_INSUMOS2[],6,FALSE),\"\")","v":" m²"},{"$f":"+IFERROR(VLOOKUP($A17,BD_INSUMOS2[],7,FALSE),\"\")","v":2730},{"$f":"+IFERROR(VLOOKUP($A17,BD_INSUMOS2[],8,FALSE),\"\")","v":0}]
[7,{"$f":"+IFERROR(VLOOKUP($A18,BD_INSUMOS2[],3,FALSE),\"\")","v":"M7"},{"$f":"+IFERROR(VLOOKUP($A18,BD_INSUMOS2[],5,FALSE),\"\")","v":"DISOLVENTE PARA PINTURA (ESPECIFICAR EL TIPO DE DISOLVENTE QUE ESTA UTILIZANDO)"},{"$f":"+IFERROR(VLOOKUP($A18,BD_INSUMOS2[],6,FALSE),\"\")","v":"gal"},{"$f":"+IFERROR(VLOOKUP($A18,BD_INSUMOS2[],7,FALSE),\"\")","v":26000},{"$f":"+IFERROR(VLOOKUP($A18,BD_INSUMOS2[],8,FALSE),\"\")","v":0}]
[8,{"$f":"+IFERROR(VLOOKUP($A19,BD_INSUMOS2[],3,FALSE),\"\")","v":"M8"},{"$f":"+IFERROR(VLOOKUP($A19,BD_INSUMOS2[],5,FALSE),\"\")","v":"EMULSION ASFALTICA DE ROTURA LENTA CRL-0"},{"$f":"+IFERROR(VLOOKUP($A19,BD_INSUMOS2[],6,FALSE),\"\")","v":"l"},{"$f":"+IFERROR(VLOOKUP($A19,BD_INSUMOS2[],7,FALSE),\"\")","v":2000},{"$f":"+IFERROR(VLOOKUP($A19,BD_INSUMOS2[],8,FALSE),\"\")","v":0}]
[9,{"$f":"+IFERROR(VLOOKUP($A20,BD_INSUMOS2[],3,FALSE),\"\")","v":"M9"},{"$f":"+IFERROR(VLOOKUP($A20,BD_INSUMOS2[],5,FALSE),\"\")","v":"ESFERAS REFLECTIVAS"},{"$f":"+IFERROR(VLOOKUP($A20,BD_INSUMOS2[],6,FALSE),\"\")","v":"kg"},{"$f":"+IFERROR(VLOOKUP($A20,BD_INSUMOS2[],7,FALSE),\"\")","v":4800},{"$f":"+IFERROR(VLOOKUP($A20,BD_INSUMOS2[],8,FALSE),\"\")","v":0}]
[10,{"$f":"+IFERROR(VLOOKUP($A21,BD_INSUMOS2[],3,FALSE),\"\")","v":"M10"},{"$f":"+IFERROR(VLOOKUP($A21,BD_INSUMOS2[],5,FALSE),\"\")","v":"MATERIAL DE BASE"},{"$f":"+IFERROR(VLOOKUP($A21,BD_INSUMOS2[],6,FALSE),\"\")","v":"m³"},{"$f":"+IFERROR(VLOOKUP($A21,BD_INSUMOS2[],7,FALSE),\"\")","v":32000},{"$f":"+IFERROR(VLOOKUP($A21,BD_INSUMOS2[],8,FALSE),\"\")","v":0}]
[11,{"$f":"+IFERROR(VLOOKUP($A22,BD_INSUMOS2[],3,FALSE),\"\")","v":"M11"},{"$f":"+IFERROR(VLOOKUP($A22,BD_INSUMOS2[],5,FALSE),\"\")","v":"MATERIAL DE SUB- BASE CBR=40%"},{"$f":"+IFERROR(VLOOKUP($A22,BD_INSUMOS2[],6,FALSE),\"\")","v":"m³"},{"$f":"+IFERROR(VLOOKUP($A22,BD_INSUMOS2[],7,FALSE),\"\")","v":26861.101827763297},{"$f":"+IFERROR(VLOOKUP($A22,BD_INSUMOS2[],8,FALSE),\"\")","v":0}]
[12,{"$f":"+IFERROR(VLOOKUP($A23,BD_INSUMOS2[],3,FALSE),\"\")","v":"M12"},{"$f":"+IFERROR(VLOOKUP($A23,BD_INSUMOS2[],5,FALSE),\"\")","v":"MATERIAL SELECCIONADO PARA RELLENO"},{"$f":"+IFERROR(VLOOKUP($A23,BD_INSUMOS2[],6,FALSE),\"\")","v":"m³"},{"$f":"+IFERROR(VLOOKUP($A23,BD_INSUMOS2[],7,FALSE),\"\")","v":18848.266666666699},{"$f":"+IFERROR(VLOOKUP($A23,BD_INSUMOS2[],8,FALSE),\"\")","v":0}]
[13,{"$f":"+IFERROR(VLOOKUP($A24,BD_INSUMOS2[],3,FALSE),\"\")","v":"M13"},{"$f":"+IFERROR(VLOOKUP($A24,BD_INSUMOS2[],5,FALSE),\"\")","v":"MEZCLA DENSA EN CALIENTE MDC-2"},{"$f":"+IFERROR(VLOOKUP($A24,BD_INSUMOS2[],6,FALSE),\"\")","v":"m³"},{"$f":"+IFERROR(VLOOKUP($A24,BD_INSUMOS2[],7,FALSE),\"\")","v":300000},{"$f":"+IFERROR(VLOOKUP($A24,BD_INSUMOS2[],8,FALSE),\"\")","v":0}]
[14,{"$f":"+IFERROR(VLOOKUP($A25,BD_INSUMOS2[],3,FALSE),\"\")","v":"M14"},{"$f":"+IFERROR(VLOOKUP($A25,BD_INSUMOS2[],5,FALSE),\"\")","v":"PINTURA ACRILICA PURA PARA TRAFICO"},{"$f":"+IFERROR(VLOOKUP($A25,BD_INSUMOS2[],6,FALSE),\"\")","v":"gal"},{"$f":"+IFERROR(VLOOKUP($A25,BD_INSUMOS2[],7,FALSE),\"\")","v":82400},{"$f":"+IFERROR(VLOOKUP($A25,BD_INSUMOS2[],8,FALSE),\"\")","v":0}]
[15,{"$f":"+IFERROR(VLOOKUP($A26,BD_INSUMOS2[],3,FALSE),\"\")","v":"M15"},{"$f":"+IFERROR(VLOOKUP($A26,BD_INSUMOS2[],5,FALSE),\"\")","v":"POSTE DE MADERA PARA CERCAS Y PARA UTILIZAR EN LAS ESCAMAS EN CONCRETO"},{"$f":"+IFERROR(VLOOKUP($A26,BD_INSUMOS2[],6,FALSE),\"\")","v":"und"},{"$f":"+IFERROR(VLOOKUP($A26,BD_INSUMOS2[],7,FALSE),\"\")","v":9715},{"$f":"+IFERROR(VLOOKUP($A26,BD_INSUMOS2[],8,FALSE),\"\")","v":0}]
[16,{"$f":"+IFERROR(VLOOKUP($A27,BD_INSUMOS2[],3,FALSE),\"\")","v":"M16"},{"$f":"+IFERROR(VLOOKUP($A27,BD_INSUMOS2[],5,FALSE),\"\")","v":"POSTE EN ANGULO DE 2*2*1/4 DE 3,5M PARA SEÑAL"},{"$f":"+IFERROR(VLOOKUP($A27,BD_INSUMOS2[],6,FALSE),\"\")","v":"und"},{"$f":"+IFERROR(VLOOKUP($A27,BD_INSUMOS2[],7,FALSE),\"\")","v":75000},{"$f":"+IFERROR(VLOOKUP($A27,BD_INSUMOS2[],8,FALSE),\"\")","v":0}]
[17,{"$f":"+IFERROR(VLOOKUP($A28,BD_INSUMOS2[],3,FALSE),\"\")","v":"M17"},{"$f":"+IFERROR(VLOOKUP($A28,BD_INSUMOS2[],5,FALSE),\"\")","v":"RESINA TERMOPLASTICA"},{"$f":"+IFERROR(VLOOKUP($A28,BD_INSUMOS2[],6,FALSE),\"\")","v":"kg"},{"$f":"+IFERROR(VLOOKUP($A28,BD_INSUMOS2[],7,FALSE),\"\")","v":10000},{"$f":"+IFERROR(VLOOKUP($A28,BD_INSUMOS2[],8,FALSE),\"\")","v":0}]
[18,{"$f":"+IFERROR(VLOOKUP($A29,BD_INSUMOS2[],3,FALSE),\"\")","v":"M18"},{"$f":"+IFERROR(VLOOKUP($A29,BD_INSUMOS2[],5,FALSE),\"\")","v":"SELLO DE JUNTAS"},{"$f":"+IFERROR(VLOOKUP($A29,BD_INSUMOS2[],6,FALSE),\"\")","v":"kg"},{"$f":"+IFERROR(VLOOKUP($A29,BD_INSUMOS2[],7,FALSE),\"\")","v":2500},{"$f":"+IFERROR(VLOOKUP($A29,BD_INSUMOS2[],8,FALSE),\"\")","v":0}]
[19,{"$f":"+IFERROR(VLOOKUP($A30,BD_INSUMOS2[],3,FALSE),\"\")","v":"M19"},{"$f":"+IFERROR(VLOOKUP($A30,BD_INSUMOS2[],5,FALSE),\"\")","v":"TABLERO EN LAMINA GALVANIZADA DE 75*75 CALIBRE 16 REFLECTIVO TIPO 1"},{"$f":"+IFERROR(VLOOKUP($A30,BD_INSUMOS2[],6,FALSE),\"\")","v":"und"},{"$f":"+IFERROR(VLOOKUP($A30,BD_INSUMOS2[],7,FALSE),\"\")","v":330000},{"$f":"+IFERROR(VLOOKUP($A30,BD_INSUMOS2[],8,FALSE),\"\")","v":0}]
[20,{"$f":"+IFERROR(VLOOKUP($A31,BD_INSUMOS2[],3,FALSE),\"\")","v":"M20"},{"$f":"+IFERROR(VLOOKUP($A31,BD_INSUMOS2[],5,FALSE),\"\")","v":"TACHA REFLECTIVA UNIDIRECCIONAL"},{"$f":"+IFERROR(VLOOKUP($A31,BD_INSUMOS2[],6,FALSE),\"\")","v":"und"},{"$f":"+IFERROR(VLOOKUP($A31,BD_INSUMOS2[],7,FALSE),\"\")","v":5500},{"$f":"+IFERROR(VLOOKUP($A31,BD_INSUMOS2[],8,FALSE),\"\")","v":0}]
[21,{"$f":"+IFERROR(VLOOKUP($A32,BD_INSUMOS2[],3,FALSE),\"\")","v":"M21"},{"$f":"+IFERROR(VLOOKUP($A32,BD_INSUMOS2[],5,FALSE),\"\")","v":"TIERRA ABONADA"},{"$f":"+IFERROR(VLOOKUP($A32,BD_INSUMOS2[],6,FALSE),\"\")","v":" m³"},{"$f":"+IFERROR(VLOOKUP($A32,BD_INSUMOS2[],7,FALSE),\"\")","v":32550},{"$f":"+IFERROR(VLOOKUP($A32,BD_INSUMOS2[],8,FALSE),\"\")","v":0}]
[22,{"$f":"+IFERROR(VLOOKUP($A33,BD_INSUMOS2[],3,FALSE),\"\")","v":"M22"},{"$f":"+IFERROR(VLOOKUP($A33,BD_INSUMOS2[],5,FALSE),\"\")","v":"TUBERIA DE CONCRETO REFORZADO 21 MPA DE 900 mm DIAMETRO INTERIOR"},{"$f":"+IFERROR(VLOOKUP($A33,BD_INSUMOS2[],6,FALSE),\"\")","v":"m"},{"$f":"+IFERROR(VLOOKUP($A33,BD_INSUMOS2[],7,FALSE),\"\")","v":480000},{"$f":"+IFERROR(VLOOKUP($A33,BD_INSUMOS2[],8,FALSE),\"\")","v":0}]
[23,{"$f":"+IFERROR(VLOOKUP($A34,BD_INSUMOS2[],3,FALSE),\"\")","v":"M23"},{"$f":"+IFERROR(VLOOKUP($A34,BD_INSUMOS2[],5,FALSE),\"\")","v":"ACPM PARA MECHEROS"},{"$f":"+IFERROR(VLOOKUP($A34,BD_INSUMOS2[],6,FALSE),\"\")","v":"gl"},{"$f":"+IFERROR(VLOOKUP($A34,BD_INSUMOS2[],7,FALSE),\"\")","v":8748},{"$f":"+IFERROR(VLOOKUP($A34,BD_INSUMOS2[],8,FALSE),\"\")","v":0}]
[24,{"$f":"+IFERROR(VLOOKUP($A35,BD_INSUMOS2[],3,FALSE),\"\")","v":"M24"},{"$f":"+IFERROR(VLOOKUP($A35,BD_INSUMOS2[],5,FALSE),\"\")","v":"AGUA"},{"$f":"+IFERROR(VLOOKUP($A35,BD_INSUMOS2[],6,FALSE),\"\")","v":"l"},{"$f":"+IFERROR(VLOOKUP($A35,BD_INSUMOS2[],7,FALSE),\"\")","v":30},{"$f":"+IFERROR(VLOOKUP($A35,BD_INSUMOS2[],8,FALSE),\"\")","v":0}]
[25,{"$f":"+IFERROR(VLOOKUP($A36,BD_INSUMOS2[],3,FALSE),\"\")","v":"M25"},{"$f":"+IFERROR(VLOOKUP($A36,BD_INSUMOS2[],5,FALSE),\"\")","v":"Alambre negro N°. 18"},{"$f":"+IFERROR(VLOOKUP($A36,BD_INSUMOS2[],6,FALSE),\"\")","v":"kg"},{"$f":"+IFERROR(VLOOKUP($A36,BD_INSUMOS2[],7,FALSE),\"\")","v":2504},{"$f":"+IFERROR(VLOOKUP($A36,BD_INSUMOS2[],8,FALSE),\"\")","v":0}]
[26,{"$f":"+IFERROR(VLOOKUP($A37,BD_INSUMOS2[],3,FALSE),\"\")","v":"M26"},{"$f":"+IFERROR(VLOOKUP($A37,BD_INSUMOS2[],5,FALSE),\"\")","v":"ALAMBRE DE PUAS CALIBRE 12 (340 M)"},{"$f":"+IFERROR(VLOOKUP($A37,BD_INSUMOS2[],6,FALSE),\"\")","v":"m"},{"$f":"+IFERROR(VLOOKUP($A37,BD_INSUMOS2[],7,FALSE),\"\")","v":500},{"$f":"+IFERROR(VLOOKUP($A37,BD_INSUMOS2[],8,FALSE),\"\")","v":0}]
[27,{"$f":"+IFERROR(VLOOKUP($A38,BD_INSUMOS2[],3,FALSE),\"\")","v":"M27"},{"$f":"+IFERROR(VLOOKUP($A38,BD_INSUMOS2[],5,FALSE),\"\")","v":"ALAMBRE GALVANIZADO No.12"},{"$f":"+IFERROR(VLOOKUP($A38,BD_INSUMOS2[],6,FALSE),\"\")","v":"kg"},{"$f":"+IFERROR(VLOOKUP($A38,BD_INSUMOS2[],7,FALSE),\"\")","v":5234.6666666666697},{"$f":"+IFERROR(VLOOKUP($A38,BD_INSUMOS2[],8,FALSE),\"\")","v":0}]
[28,{"$f":"+IFERROR(VLOOKUP($A39,BD_INSUMOS2[],3,FALSE),\"\")","v":"M28"},{"$f":"+IFERROR(VLOOKUP($A39,BD_INSUMOS2[],5,FALSE),\"\")","v":"BAÑOS PORTATILES"},{"$f":"+IFERROR(VLOOKUP($A39,BD_INSUMOS2[],6,FALSE),\"\")","v":"glb"},{"$f":"+IFERROR(VLOOKUP($A39,BD_INSUMOS2[],7,FALSE),\"\")","v":300000},{"$f":"+IFERROR(VLOOKUP($A39,BD_INSUMOS2[],8,FALSE),\"\")","v":0}]
[29,{"$f":"+IFERROR(VLOOKUP($A40,BD_INSUMOS2[],3,FALSE),\"\")","v":"M29"},{"$f":"+IFERROR(VLOOKUP($A40,BD_INSUMOS2[],5,FALSE),\"\")","v":"BARRICADA (2m x 1m)"},{"$f":"+IFERROR(VLOOKUP($A40,BD_INSUMOS2[],6,FALSE),\"\")","v":"und"},{"$f":"+IFERROR(VLOOKUP($A40,BD_INSUMOS2[],7,FALSE),\"\")","v":417600},{"$f":"+IFERROR(VLOOKUP($A40,BD_INSUMOS2[],8,FALSE),\"\")","v":0}]
[30,{"$f":"+IFERROR(VLOOKUP($A41,BD_INSUMOS2[],3,FALSE),\"\")","v":"M30"},{"$f":"+IFERROR(VLOOKUP($A41,BD_INSUMOS2[],5,FALSE),\"\")","v":"BENTONITA"},{"$f":"+IFERROR(VLOOKUP($A41,BD_INSUMOS2[],6,FALSE),\"\")","v":"kg"},{"$f":"+IFERROR(VLOOKUP($A41,BD_INSUMOS2[],7,FALSE),\"\")","v":500},{"$f":"+IFERROR(VLOOKUP($A41,BD_INSUMOS2[],8,FALSE),\"\")","v":0}]
[31,{"$f":"+IFERROR(VLOOKUP($A42,BD_INSUMOS2[],3,FALSE),\"\")","v":"M31"},{"$f":"+IFERROR(VLOOKUP($A42,BD_INSUMOS2[],5,FALSE),\"\")","v":"CAMPAMENTO"},{"$f":"+IFERROR(VLOOKUP($A42,BD_INSUMOS2[],6,FALSE),\"\")","v":"glb"},{"$f":"+IFERROR(VLOOKUP($A42,BD_INSUMOS2[],7,FALSE),\"\")","v":3200000},{"$f":"+IFERROR(VLOOKUP($A42,BD_INSUMOS2[],8,FALSE),\"\")","v":0}]
[32,{"$f":"+IFERROR(VLOOKUP($A43,BD_INSUMOS2[],3,FALSE),\"\")","v":"M32"},{"$f":"+IFERROR(VLOOKUP($A43,BD_INSUMOS2[],5,FALSE),\"\")","v":"CHALECOS (Malla)"},{"$f":"+IFERROR(VLOOKUP($A43,BD_INSUMOS2[],6,FALSE),\"\")","v":"und"},{"$f":"+IFERROR(VLOOKUP($A43,BD_INSUMOS2[],7,FALSE),\"\")","v":20000},{"$f":"+IFERROR(VLOOKUP($A43,BD_INSUMOS2[],8,FALSE),\"\")","v":0}]
[33,{"$f":"+IFERROR(VLOOKUP($A44,BD_INSUMOS2[],3,FALSE),\"\")","v":"M33"},{"$f":"+IFERROR(VLOOKUP($A44,BD_INSUMOS2[],5,FALSE),\"\")","v":"CINTA PARA DELINEADOR (300m)"},{"$f":"+IFERROR(VLOOKUP($A44,BD_INSUMOS2[],6,FALSE),\"\")","v":"und"},{"$f":"+IFERROR(VLOOKUP($A44,BD_INSUMOS2[],7,FALSE),\"\")","v":38280},{"$f":"+IFERROR(VLOOKUP($A44,BD_INSUMOS2[],8,FALSE),\"\")","v":0}]
[34,{"$f":"+IFERROR(VLOOKUP($A45,BD_INSUMOS2[],3,FALSE),\"\")","v":"M34"},{"$f":"+IFERROR(VLOOKUP($A45,BD_INSUMOS2[],5,FALSE),\"\")","v":"CINTA REFLECTIVA"},{"$f":"+IFERROR(VLOOKUP($A45,BD_INSUMOS2[],6,FALSE),\"\")","v":"und"},{"$f":"+IFERROR(VLOOKUP($A45,BD_INSUMOS2[],7,FALSE),\"\")","v":1550},{"$f":"+IFERROR(VLOOKUP($A45,BD_INSUMOS2[],8,FALSE),\"\")","v":0}]
[35,{"$f":"+IFERROR(VLOOKUP($A46,BD_INSUMOS2[],3,FALSE),\"\")","v":"M35"},{"$f":"+IFERROR(VLOOKUP($A46,BD_INSUMOS2[],5,FALSE),\"\")","v":"CINTILLA DE POLIURETANO (SIKAROAD)"},{"$f":"+IFERROR(VLOOKUP($A46,BD_INSUMOS2[],6,FALSE),\"\")","v":"m"},{"$f":"+IFERROR(VLOOKUP($A46,BD_INSUMOS2[],7,FALSE),\"\")","v":1100},{"$f":"+IFERROR(VLOOKUP($A46,BD_INSUMOS2[],8,FALSE),\"\")","v":0}]
[36,{"$f":"+IFERROR(VLOOKUP($A47,BD_INSUMOS2[],3,FALSE),\"\")","v":"M36"},{"$f":"+IFERROR(VLOOKUP($A47,BD_INSUMOS2[],5,FALSE),\"\")","v":"COMPENSACION POR INTERVENCION PREDIAL"},{"$f":"+IFERROR(VLOOKUP($A47,BD_INSUMOS2[],6,FALSE),\"\")","v":"glb"},{"$f":"+IFERROR(VLOOKUP($A47,BD_INSUMOS2[],7,FALSE),\"\")","v":29000},{"$f":"+IFERROR(VLOOKUP($A47,BD_INSUMOS2[],8,FALSE),\"\")","v":0}]
[37,{"$f":"+IFERROR(VLOOKUP($A48,BD_INSUMOS2[],3,FALSE),\"\")","v":"M37"},{"$f":"+IFERROR(VLOOKUP($A48,BD_INSUMOS2[],5,FALSE),\"\")","v":"CONCRETO CLASE D"},{"$f":"+IFERROR(VLOOKUP($A48,BD_INSUMOS2[],6,FALSE),\"\")","v":"m³"},{"$f":"+IFERROR(VLOOKUP($A48,BD_INSUMOS2[],7,FALSE),\"\")","v":504598},{"$f":"+IFERROR(VLOOKUP($A48,BD_INSUMOS2[],8,FALSE),\"\")","v":0}]
[38,{"$f":"+IFERROR(VLOOKUP($A49,BD_INSUMOS2[],3,FALSE),\"\")","v":"M38"},{"$f":"+IFERROR(VLOOKUP($A49,BD_INSUMOS2[],5,FALSE),\"\")","v":"CONO DE SEGURIDAD ALT 0,45MPLASTICO NARANJA REFLECTIVO"},{"$f":"+IFERROR(VLOOKUP($A49,BD_INSUMOS2[],6,FALSE),\"\")","v":"und"},{"$f":"+IFERROR(VLOOKUP($A49,BD_INSUMOS2[],7,FALSE),\"\")","v":25230},{"$f":"+IFERROR(VLOOKUP($A49,BD_INSUMOS2[],8,FALSE),\"\")","v":0}]
[39,{"$f":"+IFERROR(VLOOKUP($A50,BD_INSUMOS2[],3,FALSE),\"\")","v":"M39"},{"$f":"+IFERROR(VLOOKUP($A50,BD_INSUMOS2[],5,FALSE),\"\")","v":"DELINEADOR TUBULAR "},{"$f":"+IFERROR(VLOOKUP($A50,BD_INSUMOS2[],6,FALSE),\"\")","v":"und"},{"$f":"+IFERROR(VLOOKUP($A50,BD_INSUMOS2[],7,FALSE),\"\")","v":39440},{"$f":"+IFERROR(VLOOKUP($A50,BD_INSUMOS2[],8,FALSE),\"\")","v":0}]
[40,{"$f":"+IFERROR(VLOOKUP($A51,BD_INSUMOS2[],3,FALSE),\"\")","v":"M40"},{"$f":"+IFERROR(VLOOKUP($A51,BD_INSUMOS2[],5,FALSE),\"\")","v":"ESTACAS,PINTURA,TACHUELAS,HILO"},{"$f":"+IFERROR(VLOOKUP($A51,BD_INSUMOS2[],6,FALSE),\"\")","v":"glb"},{"$f":"+IFERROR(VLOOKUP($A51,BD_INSUMOS2[],7,FALSE),\"\")","v":5000},{"$f":"+IFERROR(VLOOKUP($A51,BD_INSUMOS2[],8,FALSE),\"\")","v":0}]
[41,{"$f":"+IFERROR(VLOOKUP($A52,BD_INSUMOS2[],3,FALSE),\"\")","v":"M41"},{"$f":"+IFERROR(VLOOKUP($A52,BD_INSUMOS2[],5,FALSE),\"\")","v":"FORMALETA DE CONCRETO CLASE D, E, Fy G"},{"$f":"+IFERROR(VLOOKUP($A52,BD_INSUMOS2[],6,FALSE),\"\")","v":"m²"},{"$f":"+IFERROR(VLOOKUP($A52,BD_INSUMOS2[],7,FALSE),\"\")","v":12000},{"$f":"+IFERROR(VLOOKUP($A52,BD_INSUMOS2[],8,FALSE),\"\")","v":0}]
[42,{"$f":"+IFERROR(VLOOKUP($A53,BD_INSUMOS2[],3,FALSE),\"\")","v":"M42"},{"$f":"+IFERROR(VLOOKUP($A53,BD_INSUMOS2[],5,FALSE),\"\")","v":"Formaleta (gaviones, juntas de bordillos, juntas de cunetas, muros, concretos clase D,E, F y G)"},{"$f":"+IFERROR(VLOOKUP($A53,BD_INSUMOS2[],6,FALSE),\"\")","v":"m²"},{"$f":"+IFERROR(VLOOKUP($A53,BD_INSUMOS2[],7,FALSE),\"\")","v":5678.6776972437101},{"$f":"+IFERROR(VLOOKUP($A53,BD_INSUMOS2[],8,FALSE),\"\")","v":0}]
[43,{"$f":"+IFERROR(VLOOKUP($A54,BD_INSUMOS2[],3,FALSE),\"\")","v":"M43"},{"$f":"+IFERROR(VLOOKUP($A54,BD_INSUMOS2[],5,FALSE),\"\")","v":"Geotextil No Tejido Ref 1600"},{"$f":"+IFERROR(VLOOKUP($A54,BD_INSUMOS2[],6,FALSE),\"\")","v":"m²"},{"$f":"+IFERROR(VLOOKUP($A54,BD_INSUMOS2[],7,FALSE),\"\")","v":4000},{"$f":"+IFERROR(VLOOKUP($A54,BD_INSUMOS2[],8,FALSE),\"\")","v":0}]
[44,{"$f":"+IFERROR(VLOOKUP($A55,BD_INSUMOS2[],3,FALSE),\"\")","v":"M44"},{"$f":"+IFERROR(VLOOKUP($A55,BD_INSUMOS2[],5,FALSE),\"\")","v":"Geotextil NT-2500 o Similar No Tejido"},{"$f":"+IFERROR(VLOOKUP($A55,BD_INSUMOS2[],6,FALSE),\"\")","v":"m²"},{"$f":"+IFERROR(VLOOKUP($A55,BD_INSUMOS2[],7,FALSE),\"\")","v":6500},{"$f":"+IFERROR(VLOOKUP($A55,BD_INSUMOS2[],8,FALSE),\"\")","v":0}]
[45,{"$f":"+IFERROR(VLOOKUP($A56,BD_INSUMOS2[],3,FALSE),\"\")","v":"M45"},{"$f":"+IFERROR(VLOOKUP($A56,BD_INSUMOS2[],5,FALSE),\"\")","v":"GEOTEXTIL T2400 O SIMILAR"},{"$f":"+IFERROR(VLOOKUP($A56,BD_INSUMOS2[],6,FALSE),\"\")","v":"m²"},{"$f":"+IFERROR(VLOOKUP($A56,BD_INSUMOS2[],7,FALSE),\"\")","v":7000},{"$f":"+IFERROR(VLOOKUP($A56,BD_INSUMOS2[],8,FALSE),\"\")","v":0}]
[46,{"$f":"+IFERROR(VLOOKUP($A57,BD_INSUMOS2[],3,FALSE),\"\")","v":"M46"},{"$f":"+IFERROR(VLOOKUP($A57,BD_INSUMOS2[],5,FALSE),\"\")","v":"GRAPAS"},{"$f":"+IFERROR(VLOOKUP($A57,BD_INSUMOS2[],6,FALSE),\"\")","v":"kg"},{"$f":"+IFERROR(VLOOKUP($A57,BD_INSUMOS2[],7,FALSE),\"\")","v":4200},{"$f":"+IFERROR(VLOOKUP($A57,BD_INSUMOS2[],8,FALSE),\"\")","v":0}]
[47,{"$f":"+IFERROR(VLOOKUP($A58,BD_INSUMOS2[],3,FALSE),\"\")","v":"M47"},{"$f":"+IFERROR(VLOOKUP($A58,BD_INSUMOS2[],5,FALSE),\"\")","v":"GUADUA TACO X 3M"},{"$f":"+IFERROR(VLOOKUP($A58,BD_INSUMOS2[],6,FALSE),\"\")","v":"und"},{"$f":"+IFERROR(VLOOKUP($A58,BD_INSUMOS2[],7,FALSE),\"\")","v":2500},{"$f":"+IFERROR(VLOOKUP($A58,BD_INSUMOS2[],8,FALSE),\"\")","v":0}]
[48,{"$f":"+IFERROR(VLOOKUP($A59,BD_INSUMOS2[],3,FALSE),\"\")","v":"M48"},{"$f":"+IFERROR(VLOOKUP($A59,BD_INSUMOS2[],5,FALSE),\"\")","v":"MALLA PARA GAVIONES ( 2 M3) "},{"$f":"+IFERROR(VLOOKUP($A59,BD_INSUMOS2[],6,FALSE),\"\")","v":"und"},{"$f":"+IFERROR(VLOOKUP($A59,BD_INSUMOS2[],7,FALSE),\"\")","v":86484.304600000003},{"$f":"+IFERROR(VLOOKUP($A59,BD_INSUMOS2[],8,FALSE),\"\")","v":0}]
[49,{"$f":"+IFERROR(VLOOKUP($A60,BD_INSUMOS2[],3,FALSE),\"\")","v":"M49"},{"$f":"+IFERROR(VLOOKUP($A60,BD_INSUMOS2[],5,FALSE),\"\")","v":"MATERIAL FILTRANTE PARA RELLENO"},{"$f":"+IFERROR(VLOOKUP($A60,BD_INSUMOS2[],6,FALSE),\"\")","v":"m³"},{"$f":"+IFERROR(VLOOKUP($A60,BD_INSUMOS2[],7,FALSE),\"\")","v":65643},{"$f":"+IFERROR(VLOOKUP($A60,BD_INSUMOS2[],8,FALSE),\"\")","v":0}]
[50,{"$f":"+IFERROR(VLOOKUP($A61,BD_INSUMOS2[],3,FALSE),\"\")","v":"M50"},{"$f":"+IFERROR(VLOOKUP($A61,BD_INSUMOS2[],5,FALSE),\"\")","v":"MATERIAL GRANULAR FILTRANTE (TAM. MAXIMO 2\")"},{"$f":"+IFERROR(VLOOKUP($A61,BD_INSUMOS2[],6,FALSE),\"\")","v":"m³"},{"$f":"+IFERROR(VLOOKUP($A61,BD_INSUMOS2[],7,FALSE),\"\")","v":87000},{"$f":"+IFERROR(VLOOKUP($A61,BD_INSUMOS2[],8,FALSE),\"\")","v":0}]
[51,{"$f":"+IFERROR(VLOOKUP($A62,BD_INSUMOS2[],3,FALSE),\"\")","v":"M51"},{"$f":"+IFERROR(VLOOKUP($A62,BD_INSUMOS2[],5,FALSE),\"\")","v":"MECHERO"},{"$f":"+IFERROR(VLOOKUP($A62,BD_INSUMOS2[],6,FALSE),\"\")","v":"und"},{"$f":"+IFERROR(VLOOKUP($A62,BD_INSUMOS2[],7,FALSE),\"\")","v":10000},{"$f":"+IFERROR(VLOOKUP($A62,BD_INSUMOS2[],8,FALSE),\"\")","v":0}]
[52,{"$f":"+IFERROR(VLOOKUP($A63,BD_INSUMOS2[],3,FALSE),\"\")","v":"M52"},{"$f":"+IFERROR(VLOOKUP($A63,BD_INSUMOS2[],5,FALSE),\"\")","v":"PAPELERIA INFORMACION CAPACITACION TALLERES"},{"$f":"+IFERROR(VLOOKUP($A63,BD_INSUMOS2[],6,FALSE),\"\")","v":"glb"},{"$f":"+IFERROR(VLOOKUP($A63,BD_INSUMOS2[],7,FALSE),\"\")","v":25000},{"$f":"+IFERROR(VLOOKUP($A63,BD_INSUMOS2[],8,FALSE),\"\")","v":0}]
[53,{"$f":"+IFERROR(VLOOKUP($A64,BD_INSUMOS2[],3,FALSE),\"\")","v":"M53"},{"$f":"+IFERROR(VLOOKUP($A64,BD_INSUMOS2[],5,FALSE),\"\")","v":"PAPELERIA INFORMACION SOCIALIZACION Y FINALIZACION PROYECTO"},{"$f":"+IFERROR(VLOOKUP($A64,BD_INSUMOS2[],6,FALSE),\"\")","v":"glb"},{"$f":"+IFERROR(VLOOKUP($A64,BD_INSUMOS2[],7,FALSE),\"\")","v":250000},{"$f":"+IFERROR(VLOOKUP($A64,BD_INSUMOS2[],8,FALSE),\"\")","v":0}]
[54,{"$f":"+IFERROR(VLOOKUP($A65,BD_INSUMOS2[],3,FALSE),\"\")","v":"M54"},{"$f":"+IFERROR(VLOOKUP($A65,BD_INSUMOS2[],5,FALSE),\"\")","v":"Piedra para gavión"},{"$f":"+IFERROR(VLOOKUP($A65,BD_INSUMOS2[],6,FALSE),\"\")","v":"m³"},{"$f":"+IFERROR(VLOOKUP($A65,BD_INSUMOS2[],7,FALSE),\"\")","v":31900},{"$f":"+IFERROR(VLOOKUP($A65,BD_INSUMOS2[],8,FALSE),\"\")","v":0}]
[55,{"$f":"+IFERROR(VLOOKUP($A66,BD_INSUMOS2[],3,FALSE),\"\")","v":"M55"},{"$f":"+IFERROR(VLOOKUP($A66,BD_INSUMOS2[],5,FALSE),\"\")","v":"Puntilla de 1\""},{"$f":"+IFERROR(VLOOKUP($A66,BD_INSUMOS2[],6,FALSE),\"\")","v":"lb"},{"$f":"+IFERROR(VLOOKUP($A66,BD_INSUMOS2[],7,FALSE),\"\")","v":2350},{"$f":"+IFERROR(VLOOKUP($A66,BD_INSUMOS2[],8,FALSE),\"\")","v":0}]
[56,{"$f":"+IFERROR(VLOOKUP($A67,BD_INSUMOS2[],3,FALSE),\"\")","v":"M56"},{"$f":"+IFERROR(VLOOKUP($A67,BD_INSUMOS2[],5,FALSE),\"\")","v":"SALIDA EN PVC D=2\""},{"$f":"+IFERROR(VLOOKUP($A67,BD_INSUMOS2[],6,FALSE),\"\")","v":"und"},{"$f":"+IFERROR(VLOOKUP($A67,BD_INSUMOS2[],7,FALSE),\"\")","v":1365},{"$f":"+IFERROR(VLOOKUP($A67,BD_INSUMOS2[],8,FALSE),\"\")","v":0}]
[57,{"$f":"+IFERROR(VLOOKUP($A68,BD_INSUMOS2[],3,FALSE),\"\")","v":"M57"},{"$f":"+IFERROR(VLOOKUP($A68,BD_INSUMOS2[],5,FALSE),\"\")","v":"SELLO DE SILICONA O SELLADOR AUTONIVELANTE"},{"$f":"+IFERROR(VLOOKUP($A68,BD_INSUMOS2[],6,FALSE),\"\")","v":"m"},{"$f":"+IFERROR(VLOOKUP($A68,BD_INSUMOS2[],7,FALSE),\"\")","v":5500},{"$f":"+IFERROR(VLOOKUP($A68,BD_INSUMOS2[],8,FALSE),\"\")","v":0}]
[58,{"$f":"+IFERROR(VLOOKUP($A69,BD_INSUMOS2[],3,FALSE),\"\")","v":"M58"},{"$f":"+IFERROR(VLOOKUP($A69,BD_INSUMOS2[],5,FALSE),\"\")","v":"SEÑAL VERTICAL 75X75 LAM CAL 18 REF NG 3M"},{"$f":"+IFERROR(VLOOKUP($A69,BD_INSUMOS2[],6,FALSE),\"\")","v":"und"},{"$f":"+IFERROR(VLOOKUP($A69,BD_INSUMOS2[],7,FALSE),\"\")","v":160000},{"$f":"+IFERROR(VLOOKUP($A69,BD_INSUMOS2[],8,FALSE),\"\")","v":0}]
[59,{"$f":"+IFERROR(VLOOKUP($A70,BD_INSUMOS2[],3,FALSE),\"\")","v":"M59"},{"$f":"+IFERROR(VLOOKUP($A70,BD_INSUMOS2[],5,FALSE),\"\")","v":"SEÑALIZADOR TUBULAR H=1,27M"},{"$f":"+IFERROR(VLOOKUP($A70,BD_INSUMOS2[],6,FALSE),\"\")","v":"und"},{"$f":"+IFERROR(VLOOKUP($A70,BD_INSUMOS2[],7,FALSE),\"\")","v":23000},{"$f":"+IFERROR(VLOOKUP($A70,BD_INSUMOS2[],8,FALSE),\"\")","v":0}]
[60,{"$f":"+IFERROR(VLOOKUP($A71,BD_INSUMOS2[],3,FALSE),\"\")","v":"M60"},{"$f":"+IFERROR(VLOOKUP($A71,BD_INSUMOS2[],5,FALSE),\"\")","v":"SERVICIOS PUBLICOS"},{"$f":"+IFERROR(VLOOKUP($A71,BD_INSUMOS2[],6,FALSE),\"\")","v":"glb"},{"$f":"+IFERROR(VLOOKUP($A71,BD_INSUMOS2[],7,FALSE),\"\")","v":250000},{"$f":"+IFERROR(VLOOKUP($A71,BD_INSUMOS2[],8,FALSE),\"\")","v":0}]
[61,{"$f":"+IFERROR(VLOOKUP($A72,BD_INSUMOS2[],3,FALSE),\"\")","v":"M61"},{"$f":"+IFERROR(VLOOKUP($A72,BD_INSUMOS2[],5,FALSE),\"\")","v":"SEÑALIZACION SIO-01"},{"$f":"+IFERROR(VLOOKUP($A72,BD_INSUMOS2[],6,FALSE),\"\")","v":"und"},{"$f":"+IFERROR(VLOOKUP($A72,BD_INSUMOS2[],7,FALSE),\"\")","v":250800},{"$f":"+IFERROR(VLOOKUP($A72,BD_INSUMOS2[],8,FALSE),\"\")","v":0}]
[62,{"$f":"+IFERROR(VLOOKUP($A73,BD_INSUMOS2[],3,FALSE),\"\")","v":"M62"},{"$f":"+IFERROR(VLOOKUP($A73,BD_INSUMOS2[],5,FALSE),\"\")","v":"SEÑALIZACION SIO-02"},{"$f":"+IFERROR(VLOOKUP($A73,BD_INSUMOS2[],6,FALSE),\"\")","v":"und"},{"$f":"+IFERROR(VLOOKUP($A73,BD_INSUMOS2[],7,FALSE),\"\")","v":150800},{"$f":"+IFERROR(VLOOKUP($A73,BD_INSUMOS2[],8,FALSE),\"\")","v":0}]
[63,{"$f":"+IFERROR(VLOOKUP($A74,BD_INSUMOS2[],3,FALSE),\"\")","v":"M63"},{"$f":"+IFERROR(VLOOKUP($A74,BD_INSUMOS2[],5,FALSE),\"\")","v":"SEÑALIZACION SIO-03"},{"$f":"+IFERROR(VLOOKUP($A74,BD_INSUMOS2[],6,FALSE),\"\")","v":"und"},{"$f":"+IFERROR(VLOOKUP($A74,BD_INSUMOS2[],7,FALSE),\"\")","v":150800},{"$f":"+IFERROR(VLOOKUP($A74,BD_INSUMOS2[],8,FALSE),\"\")","v":0}]
[64,{"$f":"+IFERROR(VLOOKUP($A75,BD_INSUMOS2[],3,FALSE),\"\")","v":"M64"},{"$f":"+IFERROR(VLOOKUP($A75,BD_INSUMOS2[],5,FALSE),\"\")","v":"SEÑALIZACION SPO-01"},{"$f":"+IFERROR(VLOOKUP($A75,BD_INSUMOS2[],6,FALSE),\"\")","v":"und"},{"$f":"+IFERROR(VLOOKUP($A75,BD_INSUMOS2[],7,FALSE),\"\")","v":111360},{"$f":"+IFERROR(VLOOKUP($A75,BD_INSUMOS2[],8,FALSE),\"\")","v":0}]
[65,{"$f":"+IFERROR(VLOOKUP($A76,BD_INSUMOS2[],3,FALSE),\"\")","v":"M65"},{"$f":"+IFERROR(VLOOKUP($A76,BD_INSUMOS2[],5,FALSE),\"\")","v":"SEÑALIZACION SRO-01"},{"$f":"+IFERROR(VLOOKUP($A76,BD_INSUMOS2[],6,FALSE),\"\")","v":"und"},{"$f":"+IFERROR(VLOOKUP($A76,BD_INSUMOS2[],7,FALSE),\"\")","v":111360},{"$f":"+IFERROR(VLOOKUP($A76,BD_INSUMOS2[],8,FALSE),\"\")","v":0}]
[66,{"$f":"+IFERROR(VLOOKUP($A77,BD_INSUMOS2[],3,FALSE),\"\")","v":"M66"},{"$f":"+IFERROR(VLOOKUP($A77,BD_INSUMOS2[],5,FALSE),\"\")","v":"SEÑALIZACION SRO-02"},{"$f":"+IFERROR(VLOOKUP($A77,BD_INSUMOS2[],6,FALSE),\"\")","v":"und"},{"$f":"+IFERROR(VLOOKUP($A77,BD_INSUMOS2[],7,FALSE),\"\")","v":111360},{"$f":"+IFERROR(VLOOKUP($A77,BD_INSUMOS2[],8,FALSE),\"\")","v":0}]
[67,{"$f":"+IFERROR(VLOOKUP($A78,BD_INSUMOS2[],3,FALSE),\"\")","v":"M67"},{"$f":"+IFERROR(VLOOKUP($A78,BD_INSUMOS2[],5,FALSE),\"\")","v":"TELA VERDE POLIPROPILENO"},{"$f":"+IFERROR(VLOOKUP($A78,BD_INSUMOS2[],6,FALSE),\"\")","v":"rollo"},{"$f":"+IFERROR(VLOOKUP($A78,BD_INSUMOS2[],7,FALSE),\"\")","v":110000},{"$f":"+IFERROR(VLOOKUP($A78,BD_INSUMOS2[],8,FALSE),\"\")","v":0}]
[68,{"$f":"+IFERROR(VLOOKUP($A79,BD_INSUMOS2[],3,FALSE),\"\")","v":"M68"},{"$f":"+IFERROR(VLOOKUP($A79,BD_INSUMOS2[],5,FALSE),\"\")","v":"TUBERIA PERFORADA CORRUGADA PVC 100mm"},{"$f":"+IFERROR(VLOOKUP($A79,BD_INSUMOS2[],6,FALSE),\"\")","v":"m"},{"$f":"+IFERROR(VLOOKUP($A79,BD_INSUMOS2[],7,FALSE),\"\")","v":23000},{"$f":"+IFERROR(VLOOKUP($A79,BD_INSUMOS2[],8,FALSE),\"\")","v":0}]
[69,{"$f":"+IFERROR(VLOOKUP($A80,BD_INSUMOS2[],3,FALSE),\"\")","v":"M69"},{"$f":"+IFERROR(VLOOKUP($A80,BD_INSUMOS2[],5,FALSE),\"\")","v":"TUBERÍA PERFORADA CORRUGADA PVC DE 2\" "},{"$f":"+IFERROR(VLOOKUP($A80,BD_INSUMOS2[],6,FALSE),\"\")","v":"m"},{"$f":"+IFERROR(VLOOKUP($A80,BD_INSUMOS2[],7,FALSE),\"\")","v":11890},{"$f":"+IFERROR(VLOOKUP($A80,BD_INSUMOS2[],8,FALSE),\"\")","v":0}]
[70,{"$f":"+IFERROR(VLOOKUP($A81,BD_INSUMOS2[],3,FALSE),\"\")","v":"M70"},{"$f":"+IFERROR(VLOOKUP($A81,BD_INSUMOS2[],5,FALSE),\"\")","v":"UNIÓN EN PVC D=2\""},{"$f":"+IFERROR(VLOOKUP($A81,BD_INSUMOS2[],6,FALSE),\"\")","v":"und"},{"$f":"+IFERROR(VLOOKUP($A81,BD_INSUMOS2[],7,FALSE),\"\")","v":1680},{"$f":"+IFERROR(VLOOKUP($A81,BD_INSUMOS2[],8,FALSE),\"\")","v":0}]
[71,{"$f":"+IFERROR(VLOOKUP($A82,BD_INSUMOS2[],3,FALSE),\"\")","v":"M71"},{"$f":"+IFERROR(VLOOKUP($A82,BD_INSUMOS2[],5,FALSE),\"\")","v":"Derechos de explotación y/o disposición de materiales"},{"$f":"+IFERROR(VLOOKUP($A82,BD_INSUMOS2[],6,FALSE),\"\")","v":"m³"},{"$f":"+IFERROR(VLOOKUP($A82,BD_INSUMOS2[],7,FALSE),\"\")","v":2988},{"$f":"+IFERROR(VLOOKUP($A82,BD_INSUMOS2[],8,FALSE),\"\")","v":0}]
[72,{"$f":"+IFERROR(VLOOKUP($A83,BD_INSUMOS2[],3,FALSE),\"\")","v":"M72"},{"$f":"+IFERROR(VLOOKUP($A83,BD_INSUMOS2[],5,FALSE),\"\")","v":"ANTISOL BLANCO (20kg)"},{"$f":"+IFERROR(VLOOKUP($A83,BD_INSUMOS2[],6,FALSE),\"\")","v":"kg"},{"$f":"+IFERROR(VLOOKUP($A83,BD_INSUMOS2[],7,FALSE),\"\")","v":8000},{"$f":"+IFERROR(VLOOKUP($A83,BD_INSUMOS2[],8,FALSE),\"\")","v":0}]
[73,{"$f":"+IFERROR(VLOOKUP($A84,BD_INSUMOS2[],3,FALSE),\"\")","v":"M73"},{"$f":"+IFERROR(VLOOKUP($A84,BD_INSUMOS2[],5,FALSE),\"\")","v":"RECEBO SELECCIONADO"},{"$f":"+IFERROR(VLOOKUP($A84,BD_INSUMOS2[],6,FALSE),\"\")","v":"m³"},{"$f":"+IFERROR(VLOOKUP($A84,BD_INSUMOS2[],7,FALSE),\"\")","v":20000},{"$f":"+IFERROR(VLOOKUP($A84,BD_INSUMOS2[],8,FALSE),\"\")","v":0}]
[74,{"$f":"+IFERROR(VLOOKUP($A85,BD_INSUMOS2[],3,FALSE),\"\")","v":"M74"},{"$f":"+IFERROR(VLOOKUP($A85,BD_INSUMOS2[],5,FALSE),\"\")","v":"MORTERO 1:3 DE RECUBRIMIENTO"},{"$f":"+IFERROR(VLOOKUP($A85,BD_INSUMOS2[],6,FALSE),\"\")","v":"m³"},{"$f":"+IFERROR(VLOOKUP($A85,BD_INSUMOS2[],7,FALSE),\"\")","v":234367},{"$f":"+IFERROR(VLOOKUP($A85,BD_INSUMOS2[],8,FALSE),\"\")","v":0}]
[75,{"$f":"+IFERROR(VLOOKUP($A86,BD_INSUMOS2[],3,FALSE),\"\")","v":"E3"},{"$f":"+IFERROR(VLOOKUP($A86,BD_INSUMOS2[],5,FALSE),\"\")","v":"CORTADORA DE CONCRETO"},{"$f":"+IFERROR(VLOOKUP($A86,BD_INSUMOS2[],6,FALSE),\"\")","v":"$/hora"},{"$f":"+IFERROR(VLOOKUP($A86,BD_INSUMOS2[],7,FALSE),\"\")","v":40000},{"$f":"+IFERROR(VLOOKUP($A86,BD_INSUMOS2[],8,FALSE),\"\")","v":0}]
[76,{"$f":"+IFERROR(VLOOKUP($A87,BD_INSUMOS2[],3,FALSE),\"\")","v":"E4"},{"$f":"+IFERROR(VLOOKUP($A87,BD_INSUMOS2[],5,FALSE),\"\")","v":" CARGADOR 920 O EQUIVALENTE"},{"$f":"+IFERROR(VLOOKUP($A87,BD_INSUMOS2[],6,FALSE),\"\")","v":"$/hora"},{"$f":"+IFERROR(VLOOKUP($A87,BD_INSUMOS2[],7,FALSE),\"\")","v":140000},{"$f":"+IFERROR(VLOOKUP($A87,BD_INSUMOS2[],8,FALSE),\"\")","v":0}]
[77,{"$f":"+IFERROR(VLOOKUP($A88,BD_INSUMOS2[],3,FALSE),\"\")","v":"E5"},{"$f":"+IFERROR(VLOOKUP($A88,BD_INSUMOS2[],5,FALSE),\"\")","v":" CARGADOR 930 O EQUIVALENTE"},{"$f":"+IFERROR(VLOOKUP($A88,BD_INSUMOS2[],6,FALSE),\"\")","v":"$/hora"},{"$f":"+IFERROR(VLOOKUP($A88,BD_INSUMOS2[],7,FALSE),\"\")","v":190000},{"$f":"+IFERROR(VLOOKUP($A88,BD_INSUMOS2[],8,FALSE),\"\")","v":0}]
[78,{"$f":"+IFERROR(VLOOKUP($A89,BD_INSUMOS2[],3,FALSE),\"\")","v":"E6"},{"$f":"+IFERROR(VLOOKUP($A89,BD_INSUMOS2[],5,FALSE),\"\")","v":" CARROTANQUE DE AGUA 1.000 gal"},{"$f":"+IFERROR(VLOOKUP($A89,BD_INSUMOS2[],6,FALSE),\"\")","v":"$/hora"},{"$f":"+IFERROR(VLOOKUP($A89,BD_INSUMOS2[],7,FALSE),\"\")","v":68000},{"$f":"+IFERROR(VLOOKUP($A89,BD_INSUMOS2[],8,FALSE),\"\")","v":0}]
[79,{"$f":"+IFERROR(VLOOKUP($A90,BD_INSUMOS2[],3,FALSE),\"\")","v":"E7"},{"$f":"+IFERROR(VLOOKUP($A90,BD_INSUMOS2[],5,FALSE),\"\")","v":"Carrotanque Irrigador de asfalto, 1000 galones de capacidad"},{"$f":"+IFERROR(VLOOKUP($A90,BD_INSUMOS2[],6,FALSE),\"\")","v":"hora"},{"$f":"+IFERROR(VLOOKUP($A90,BD_INSUMOS2[],7,FALSE),\"\")","v":95000},{"$f":"+IFERROR(VLOOKUP($A90,BD_INSUMOS2[],8,FALSE),\"\")","v":0}]
[80,{"$f":"+IFERROR(VLOOKUP($A91,BD_INSUMOS2[],3,FALSE),\"\")","v":"E8"},{"$f":"+IFERROR(VLOOKUP($A91,BD_INSUMOS2[],5,FALSE),\"\")","v":" CIZALLA MANUAL DE 9 CMS"},{"$f":"+IFERROR(VLOOKUP($A91,BD_INSUMOS2[],6,FALSE),\"\")","v":"$/hora"},{"$f":"+IFERROR(VLOOKUP($A91,BD_INSUMOS2[],7,FALSE),\"\")","v":800},{"$f":"+IFERROR(VLOOKUP($A91,BD_INSUMOS2[],8,FALSE),\"\")","v":0}]
[81,{"$f":"+IFERROR(VLOOKUP($A92,BD_INSUMOS2[],3,FALSE),\"\")","v":"E9"},{"$f":"+IFERROR(VLOOKUP($A92,BD_INSUMOS2[],5,FALSE),\"\")","v":" COMPACTADOR MANUAL (RANA)"},{"$f":"+IFERROR(VLOOKUP($A92,BD_INSUMOS2[],6,FALSE),\"\")","v":"$/hora"},{"$f":"+IFERROR(VLOOKUP($A92,BD_INSUMOS2[],7,FALSE),\"\")","v":10000},{"$f":"+IFERROR(VLOOKUP($A92,BD_INSUMOS2[],8,FALSE),\"\")","v":0}]
[82,{"$f":"+IFERROR(VLOOKUP($A93,BD_INSUMOS2[],3,FALSE),\"\")","v":"E10"},{"$f":"+IFERROR(VLOOKUP($A93,BD_INSUMOS2[],5,FALSE),\"\")","v":" COMPACTADOR MANUAL (SALTARÍN) PESO 52 KG"},{"$f":"+IFERROR(VLOOKUP($A93,BD_INSUMOS2[],6,FALSE),\"\")","v":"$/hora"},{"$f":"+IFERROR(VLOOKUP($A93,BD_INSUMOS2[],7,FALSE),\"\")","v":15000},{"$f":"+IFERROR(VLOOKUP($A93,BD_INSUMOS2[],8,FALSE),\"\")","v":0}]
[83,{"$f":"+IFERROR(VLOOKUP($A94,BD_INSUMOS2[],3,FALSE),\"\")","v":"E11"},{"$f":"+IFERROR(VLOOKUP($A94,BD_INSUMOS2[],5,FALSE),\"\")","v":" COMPRESOR (BARRIDO Y SOPLADO)"},{"$f":"+IFERROR(VLOOKUP($A94,BD_INSUMOS2[],6,FALSE),\"\")","v":"hora"},{"$f":"+IFERROR(VLOOKUP($A94,BD_INSUMOS2[],7,FALSE),\"\")","v":65000},{"$f":"+IFERROR(VLOOKUP($A94,BD_INSUMOS2[],8,FALSE),\"\")","v":0}]
[84,{"$f":"+IFERROR(VLOOKUP($A95,BD_INSUMOS2[],3,FALSE),\"\")","v":"E12"},{"$f":"+IFERROR(VLOOKUP($A95,BD_INSUMOS2[],5,FALSE),\"\")","v":" COMPRESOR 125 PIES 3 CON MARTILLO"},{"$f":"+IFERROR(VLOOKUP($A95,BD_INSUMOS2[],6,FALSE),\"\")","v":"$/hora"},{"$f":"+IFERROR(VLOOKUP($A95,BD_INSUMOS2[],7,FALSE),\"\")","v":90000},{"$f":"+IFERROR(VLOOKUP($A95,BD_INSUMOS2[],8,FALSE),\"\")","v":0}]
[85,{"$f":"+IFERROR(VLOOKUP($A96,BD_INSUMOS2[],3,FALSE),\"\")","v":"E13"},{"$f":"+IFERROR(VLOOKUP($A96,BD_INSUMOS2[],5,FALSE),\"\")","v":"EQUIPO DE PINTURA PRESION MAZ 3300 PSI"},{"$f":"+IFERROR(VLOOKUP($A96,BD_INSUMOS2[],6,FALSE),\"\")","v":"$/hora"},{"$f":"+IFERROR(VLOOKUP($A96,BD_INSUMOS2[],7,FALSE),\"\")","v":16000},{"$f":"+IFERROR(VLOOKUP($A96,BD_INSUMOS2[],8,FALSE),\"\")","v":0}]
[86,{"$f":"+IFERROR(VLOOKUP($A97,BD_INSUMOS2[],3,FALSE),\"\")","v":"E14"},{"$f":"+IFERROR(VLOOKUP($A97,BD_INSUMOS2[],5,FALSE),\"\")","v":" EQUIPO DE OXICORTE"},{"$f":"+IFERROR(VLOOKUP($A97,BD_INSUMOS2[],6,FALSE),\"\")","v":"$/hora"},{"$f":"+IFERROR(VLOOKUP($A97,BD_INSUMOS2[],7,FALSE),\"\")","v":31500},{"$f":"+IFERROR(VLOOKUP($A97,BD_INSUMOS2[],8,FALSE),\"\")","v":0}]
[87,{"$f":"+IFERROR(VLOOKUP($A98,BD_INSUMOS2[],3,FALSE),\"\")","v":"E15"},{"$f":"+IFERROR(VLOOKUP($A98,BD_INSUMOS2[],5,FALSE),\"\")","v":" EQUIPO DE PERFORACIÓN (TRACKDRILL)"},{"$f":"+IFERROR(VLOOKUP($A98,BD_INSUMOS2[],6,FALSE),\"\")","v":"$/hora"},{"$f":"+IFERROR(VLOOKUP($A98,BD_INSUMOS2[],7,FALSE),\"\")","v":115.5},{"$f":"+IFERROR(VLOOKUP($A98,BD_INSUMOS2[],8,FALSE),\"\")","v":0}]
[88,{"$f":"+IFERROR(VLOOKUP($A99,BD_INSUMOS2[],3,FALSE),\"\")","v":"E16"},{"$f":"+IFERROR(VLOOKUP($A99,BD_INSUMOS2[],5,FALSE),\"\")","v":"EQUIPO DE TOPOGRAFÍA"},{"$f":"+IFERROR(VLOOKUP($A99,BD_INSUMOS2[],6,FALSE),\"\")","v":"$/hora"},{"$f":"+IFERROR(VLOOKUP($A99,BD_INSUMOS2[],7,FALSE),\"\")","v":15750},{"$f":"+IFERROR(VLOOKUP($A99,BD_INSUMOS2[],8,FALSE),\"\")","v":0}]
[89,{"$f":"+IFERROR(VLOOKUP($A100,BD_INSUMOS2[],3,FALSE),\"\")","v":"M113"},{"$f":"+IFERROR(VLOOKUP($A100,BD_INSUMOS2[],5,FALSE),\"\")","v":" FORMALETA (GAVIONES, JUNTAS DE BORDILLOS, JUNTAS DE CUNETAS, MUROS)"},{"$f":"+IFERROR(VLOOKUP($A100,BD_INSUMOS2[],6,FALSE),\"\")","v":"m²"},{"$f":"+IFERROR(VLOOKUP($A100,BD_INSUMOS2[],7,FALSE),\"\")","v":8000},{"$f":"+IFERROR(VLOOKUP($A100,BD_INSUMOS2[],8,FALSE),\"\")","v":0}]
[90,{"$f":"+IFERROR(VLOOKUP($A101,BD_INSUMOS2[],3,FALSE),\"\")","v":"E18"},{"$f":"+IFERROR(VLOOKUP($A101,BD_INSUMOS2[],5,FALSE),\"\")","v":" MAQUINA TERMICA PEGATACHAS"},{"$f":"+IFERROR(VLOOKUP($A101,BD_INSUMOS2[],6,FALSE),\"\")","v":"$/hora"},{"$f":"+IFERROR(VLOOKUP($A101,BD_INSUMOS2[],7,FALSE),\"\")","v":15000},{"$f":"+IFERROR(VLOOKUP($A101,BD_INSUMOS2[],8,FALSE),\"\")","v":0}]
[91,{"$f":"+IFERROR(VLOOKUP($A102,BD_INSUMOS2[],3,FALSE),\"\")","v":"E19"},{"$f":"+IFERROR(VLOOKUP($A102,BD_INSUMOS2[],5,FALSE),\"\")","v":" MOTONIVELADORA POTENCIA 215 HP, ANCHO DE CUCHILLA 4,27M, PESO 18 TN"},{"$f":"+IFERROR(VLOOKUP($A102,BD_INSUMOS2[],6,FALSE),\"\")","v":"hora"},{"$f":"+IFERROR(VLOOKUP($A102,BD_INSUMOS2[],7,FALSE),\"\")","v":164000},{"$f":"+IFERROR(VLOOKUP($A102,BD_INSUMOS2[],8,FALSE),\"\")","v":0}]
[92,{"$f":"+IFERROR(VLOOKUP($A103,BD_INSUMOS2[],3,FALSE),\"\")","v":"E20"},{"$f":"+IFERROR(VLOOKUP($A103,BD_INSUMOS2[],5,FALSE),\"\")","v":" RETROEXCAVADORA CAP. 1.5 YD3 SOBRE ORUGA"},{"$f":"+IFERROR(VLOOKUP($A103,BD_INSUMOS2[],6,FALSE),\"\")","v":"$/hora"},{"$f":"+IFERROR(VLOOKUP($A103,BD_INSUMOS2[],7,FALSE),\"\")","v":130000},{"$f":"+IFERROR(VLOOKUP($A103,BD_INSUMOS2[],8,FALSE),\"\")","v":0}]
[93,{"$f":"+IFERROR(VLOOKUP($A104,BD_INSUMOS2[],3,FALSE),\"\")","v":"E21"},{"$f":"+IFERROR(VLOOKUP($A104,BD_INSUMOS2[],5,FALSE),\"\")","v":" TERMINADORA DE ASFALTO (FINISHER)"},{"$f":"+IFERROR(VLOOKUP($A104,BD_INSUMOS2[],6,FALSE),\"\")","v":"$/hora"},{"$f":"+IFERROR(VLOOKUP($A104,BD_INSUMOS2[],7,FALSE),\"\")","v":120000},{"$f":"+IFERROR(VLOOKUP($A104,BD_INSUMOS2[],8,FALSE),\"\")","v":0}]
[94,{"$f":"+IFERROR(VLOOKUP($A105,BD_INSUMOS2[],3,FALSE),\"\")","v":"E22"},{"$f":"+IFERROR(VLOOKUP($A105,BD_INSUMOS2[],5,FALSE),\"\")","v":" VEHICULO DELINEADOR"},{"$f":"+IFERROR(VLOOKUP($A105,BD_INSUMOS2[],6,FALSE),\"\")","v":"$/hora"},{"$f":"+IFERROR(VLOOKUP($A105,BD_INSUMOS2[],7,FALSE),\"\")","v":93700},{"$f":"+IFERROR(VLOOKUP($A105,BD_INSUMOS2[],8,FALSE),\"\")","v":0}]
[95,{"$f":"+IFERROR(VLOOKUP($A106,BD_INSUMOS2[],3,FALSE),\"\")","v":"E23"},{"$f":"+IFERROR(VLOOKUP($A106,BD_INSUMOS2[],5,FALSE),\"\")","v":" VIBROCOMPACTADOR  POTENCIA 153HP PESO 10 TON"},{"$f":"+IFERROR(VLOOKUP($A106,BD_INSUMOS2[],6,FALSE),\"\")","v":"hora"},{"$f":"+IFERROR(VLOOKUP($A106,BD_INSUMOS2[],7,FALSE),\"\")","v":142000},{"$f":"+IFERROR(VLOOKUP($A106,BD_INSUMOS2[],8,FALSE),\"\")","v":0}]
[96,{"$f":"+IFERROR(VLOOKUP($A107,BD_INSUMOS2[],3,FALSE),\"\")","v":"E24"},{"$f":"+IFERROR(VLOOKUP($A107,BD_INSUMOS2[],5,FALSE),\"\")","v":" VOLQUETA 6 M3"},{"$f":"+IFERROR(VLOOKUP($A107,BD_INSUMOS2[],6,FALSE),\"\")","v":"$/hora"},{"$f":"+IFERROR(VLOOKUP($A107,BD_INSUMOS2[],7,FALSE),\"\")","v":77350},{"$f":"+IFERROR(VLOOKUP($A107,BD_INSUMOS2[],8,FALSE),\"\")","v":0}]
[97,{"$f":"+IFERROR(VLOOKUP($A108,BD_INSUMOS2[],3,FALSE),\"\")","v":"E25"},{"$f":"+IFERROR(VLOOKUP($A108,BD_INSUMOS2[],5,FALSE),\"\")","v":"ALQUILER SILLAS Y MOBILIARIO (EN SITIO)"},{"$f":"+IFERROR(VLOOKUP($A108,BD_INSUMOS2[],6,FALSE),\"\")","v":"und"},{"$f":"+IFERROR(VLOOKUP($A108,BD_INSUMOS2[],7,FALSE),\"\")","v":100000},{"$f":"+IFERROR(VLOOKUP($A108,BD_INSUMOS2[],8,FALSE),\"\")","v":0}]
[98,{"$f":"+IFERROR(VLOOKUP($A109,BD_INSUMOS2[],3,FALSE),\"\")","v":"E26"},{"$f":"+IFERROR(VLOOKUP($A109,BD_INSUMOS2[],5,FALSE),\"\")","v":"CAMIONETA DOBLE CABINA"},{"$f":"+IFERROR(VLOOKUP($A109,BD_INSUMOS2[],6,FALSE),\"\")","v":"$/hora"},{"$f":"+IFERROR(VLOOKUP($A109,BD_INSUMOS2[],7,FALSE),\"\")","v":38400},{"$f":"+IFERROR(VLOOKUP($A109,BD_INSUMOS2[],8,FALSE),\"\")","v":0}]
[99,{"$f":"+IFERROR(VLOOKUP($A110,BD_INSUMOS2[],3,FALSE),\"\")","v":"E27"},{"$f":"+IFERROR(VLOOKUP($A110,BD_INSUMOS2[],5,FALSE),\"\")","v":"COMPACTADOR NEUMATICO"},{"$f":"+IFERROR(VLOOKUP($A110,BD_INSUMOS2[],6,FALSE),\"\")","v":"$/hora"},{"$f":"+IFERROR(VLOOKUP($A110,BD_INSUMOS2[],7,FALSE),\"\")","v":75000},{"$f":"+IFERROR(VLOOKUP($A110,BD_INSUMOS2[],8,FALSE),\"\")","v":0}]
[100,{"$f":"+IFERROR(VLOOKUP($A111,BD_INSUMOS2[],3,FALSE),\"\")","v":"E28"},{"$f":"+IFERROR(VLOOKUP($A111,BD_INSUMOS2[],5,FALSE),\"\")","v":"COMPUTADOR"},{"$f":"+IFERROR(VLOOKUP($A111,BD_INSUMOS2[],6,FALSE),\"\")","v":"und"},{"$f":"+IFERROR(VLOOKUP($A111,BD_INSUMOS2[],7,FALSE),\"\")","v":50000},{"$f":"+IFERROR(VLOOKUP($A111,BD_INSUMOS2[],8,FALSE),\"\")","v":0}]
[101,{"$f":"+IFERROR(VLOOKUP($A112,BD_INSUMOS2[],3,FALSE),\"\")","v":"E29"},{"$f":"+IFERROR(VLOOKUP($A112,BD_INSUMOS2[],5,FALSE),\"\")","v":"ESTACION TOPOGRAFIA"},{"$f":"+IFERROR(VLOOKUP($A112,BD_INSUMOS2[],6,FALSE),\"\")","v":"$/hora"},{"$f":"+IFERROR(VLOOKUP($A112,BD_INSUMOS2[],7,FALSE),\"\")","v":15750},{"$f":"+IFERROR(VLOOKUP($A112,BD_INSUMOS2[],8,FALSE),\"\")","v":0}]
[102,{"$f":"+IFERROR(VLOOKUP($A113,BD_INSUMOS2[],3,FALSE),\"\")","v":"E30"},{"$f":"+IFERROR(VLOOKUP($A113,BD_INSUMOS2[],5,FALSE),\"\")","v":"GRUA HIDRAULICA"},{"$f":"+IFERROR(VLOOKUP($A113,BD_INSUMOS2[],6,FALSE),\"\")","v":"$/hora"},{"$f":"+IFERROR(VLOOKUP($A113,BD_INSUMOS2[],7,FALSE),\"\")","v":100000},{"$f":"+IFERROR(VLOOKUP($A113,BD_INSUMOS2[],8,FALSE),\"\")","v":0}]
[103,{"$f":"+IFERROR(VLOOKUP($A114,BD_INSUMOS2[],3,FALSE),\"\")","v":"E31"},{"$f":"+IFERROR(VLOOKUP($A114,BD_INSUMOS2[],5,FALSE),\"\")","v":"Herramienta Menor HM (% mano de obra)"},{"$f":"+IFERROR(VLOOKUP($A114,BD_INSUMOS2[],6,FALSE),\"\")","v":"glb"},{"$f":"+IFERROR(VLOOKUP($A114,BD_INSUMOS2[],7,FALSE),\"\")","v":0},{"$f":"+IFERROR(VLOOKUP($A114,BD_INSUMOS2[],8,FALSE),\"\")","v":0}]
[104,{"$f":"+IFERROR(VLOOKUP($A115,BD_INSUMOS2[],3,FALSE),\"\")","v":"E32"},{"$f":"+IFERROR(VLOOKUP($A115,BD_INSUMOS2[],5,FALSE),\"\")","v":"Mezcladora de concreto (1 bulto)"},{"$f":"+IFERROR(VLOOKUP($A115,BD_INSUMOS2[],6,FALSE),\"\")","v":"hora"},{"$f":"+IFERROR(VLOOKUP($A115,BD_INSUMOS2[],7,FALSE),\"\")","v":15000},{"$f":"+IFERROR(VLOOKUP($A115,BD_INSUMOS2[],8,FALSE),\"\")","v":0}]
[105,{"$f":"+IFERROR(VLOOKUP($A116,BD_INSUMOS2[],3,FALSE),\"\")","v":"E33"},{"$f":"+IFERROR(VLOOKUP($A116,BD_INSUMOS2[],5,FALSE),\"\")","v":"PLANTA ELECTRICA"},{"$f":"+IFERROR(VLOOKUP($A116,BD_INSUMOS2[],6,FALSE),\"\")","v":"$/hora"},{"$f":"+IFERROR(VLOOKUP($A116,BD_INSUMOS2[],7,FALSE),\"\")","v":20000},{"$f":"+IFERROR(VLOOKUP($A116,BD_INSUMOS2[],8,FALSE),\"\")","v":0}]
[106,{"$f":"+IFERROR(VLOOKUP($A117,BD_INSUMOS2[],3,FALSE),\"\")","v":"E34"},{"$f":"+IFERROR(VLOOKUP($A117,BD_INSUMOS2[],5,FALSE),\"\")","v":"RETROCARGADOR DOBLE TRANSMISION"},{"$f":"+IFERROR(VLOOKUP($A117,BD_INSUMOS2[],6,FALSE),\"\")","v":"$/hora"},{"$f":"+IFERROR(VLOOKUP($A117,BD_INSUMOS2[],7,FALSE),\"\")","v":120000},{"$f":"+IFERROR(VLOOKUP($A117,BD_INSUMOS2[],8,FALSE),\"\")","v":0}]
[107,{"$f":"+IFERROR(VLOOKUP($A118,BD_INSUMOS2[],3,FALSE),\"\")","v":"E35"},{"$f":"+IFERROR(VLOOKUP($A118,BD_INSUMOS2[],5,FALSE),\"\")","v":"VIBRADOR DE CONCRETO"},{"$f":"+IFERROR(VLOOKUP($A118,BD_INSUMOS2[],6,FALSE),\"\")","v":"$/hora"},{"$f":"+IFERROR(VLOOKUP($A118,BD_INSUMOS2[],7,FALSE),\"\")","v":7000},{"$f":"+IFERROR(VLOOKUP($A118,BD_INSUMOS2[],8,FALSE),\"\")","v":0}]
[108,{"$f":"+IFERROR(VLOOKUP($A119,BD_INSUMOS2[],3,FALSE),\"\")","v":"E36"},{"$f":"+IFERROR(VLOOKUP($A119,BD_INSUMOS2[],5,FALSE),\"\")","v":"VIDEO BEAM"},{"$f":"+IFERROR(VLOOKUP($A119,BD_INSUMOS2[],6,FALSE),\"\")","v":"und"},{"$f":"+IFERROR(VLOOKUP($A119,BD_INSUMOS2[],7,FALSE),\"\")","v":50000},{"$f":"+IFERROR(VLOOKUP($A119,BD_INSUMOS2[],8,FALSE),\"\")","v":0}]
[109,{"$f":"+IFERROR(VLOOKUP($A120,BD_INSUMOS2[],3,FALSE),\"\")","v":"E37"},{"$f":"+IFERROR(VLOOKUP($A120,BD_INSUMOS2[],5,FALSE),\"\")","v":"BARRENO"},{"$f":"+IFERROR(VLOOKUP($A120,BD_INSUMOS2[],6,FALSE),\"\")","v":"$/hora"},{"$f":"+IFERROR(VLOOKUP($A120,BD_INSUMOS2[],7,FALSE),\"\")","v":2000},{"$f":"+IFERROR(VLOOKUP($A120,BD_INSUMOS2[],8,FALSE),\"\")","v":0}]
[110,{"$f":"+IFERROR(VLOOKUP($A121,BD_INSUMOS2[],3,FALSE),\"\")","v":"E38"},{"$f":"+IFERROR(VLOOKUP($A121,BD_INSUMOS2[],5,FALSE),\"\")","v":"MOTOBOMBA 3\""},{"$f":"+IFERROR(VLOOKUP($A121,BD_INSUMOS2[],6,FALSE),\"\")","v":"$/hora"},{"$f":"+IFERROR(VLOOKUP($A121,BD_INSUMOS2[],7,FALSE),\"\")","v":8200},{"$f":"+IFERROR(VLOOKUP($A121,BD_INSUMOS2[],8,FALSE),\"\")","v":0}]
[111,{"$f":"+IFERROR(VLOOKUP($A122,BD_INSUMOS2[],3,FALSE),\"\")","v":"E39"},{"$f":"+IFERROR(VLOOKUP($A122,BD_INSUMOS2[],5,FALSE),\"\")","v":"RETROEXCAVADORA CARGADORA"},{"$f":"+IFERROR(VLOOKUP($A122,BD_INSUMOS2[],6,FALSE),\"\")","v":"$/hora"},{"$f":"+IFERROR(VLOOKUP($A122,BD_INSUMOS2[],7,FALSE),\"\")","v":130000},{"$f":"+IFERROR(VLOOKUP($A122,BD_INSUMOS2[],8,FALSE),\"\")","v":0}]
[112,{"$f":"+IFERROR(VLOOKUP($A123,BD_INSUMOS2[],3,FALSE),\"\")","v":"MO1"},{"$f":"+IFERROR(VLOOKUP($A123,BD_INSUMOS2[],5,FALSE),\"\")","v":" INGENIERO ELECTRICISTA (1)"},{"$f":"+IFERROR(VLOOKUP($A123,BD_INSUMOS2[],6,FALSE),\"\")","v":"Jornal"},{"$f":"+IFERROR(VLOOKUP($A123,BD_INSUMOS2[],7,FALSE),\"\")","v":83333},{"$f":"+IFERROR(VLOOKUP($A123,BD_INSUMOS2[],8,FALSE),\"\")","v":0}]
[113,{"$f":"+IFERROR(VLOOKUP($A124,BD_INSUMOS2[],3,FALSE),\"\")","v":"MO2"},{"$f":"+IFERROR(VLOOKUP($A124,BD_INSUMOS2[],5,FALSE),\"\")","v":" LINIERO (1)"},{"$f":"+IFERROR(VLOOKUP($A124,BD_INSUMOS2[],6,FALSE),\"\")","v":"Jornal"},{"$f":"+IFERROR(VLOOKUP($A124,BD_INSUMOS2[],7,FALSE),\"\")","v":26041},{"$f":"+IFERROR(VLOOKUP($A124,BD_INSUMOS2[],8,FALSE),\"\")","v":0}]
[114,{"$f":"+IFERROR(VLOOKUP($A125,BD_INSUMOS2[],3,FALSE),\"\")","v":"MO3"},{"$f":"+IFERROR(VLOOKUP($A125,BD_INSUMOS2[],5,FALSE),\"\")","v":" OBREROS (1)"},{"$f":"+IFERROR(VLOOKUP($A125,BD_INSUMOS2[],6,FALSE),\"\")","v":"Jornal"},{"$f":"+IFERROR(VLOOKUP($A125,BD_INSUMOS2[],7,FALSE),\"\")","v":26041},{"$f":"+IFERROR(VLOOKUP($A125,BD_INSUMOS2[],8,FALSE),\"\")","v":0}]
[115,{"$f":"+IFERROR(VLOOKUP($A126,BD_INSUMOS2[],3,FALSE),\"\")","v":"MO4"},{"$f":"+IFERROR(VLOOKUP($A126,BD_INSUMOS2[],5,FALSE),\"\")","v":" OBREROS (2)"},{"$f":"+IFERROR(VLOOKUP($A126,BD_INSUMOS2[],6,FALSE),\"\")","v":"Jornal"},{"$f":"+IFERROR(VLOOKUP($A126,BD_INSUMOS2[],7,FALSE),\"\")","v":52082},{"$f":"+IFERROR(VLOOKUP($A126,BD_INSUMOS2[],8,FALSE),\"\")","v":0}]
[116,{"$f":"+IFERROR(VLOOKUP($A127,BD_INSUMOS2[],3,FALSE),\"\")","v":"MO5"},{"$f":"+IFERROR(VLOOKUP($A127,BD_INSUMOS2[],5,FALSE),\"\")","v":" OBREROS (7)"},{"$f":"+IFERROR(VLOOKUP($A127,BD_INSUMOS2[],6,FALSE),\"\")","v":"Jornal"},{"$f":"+IFERROR(VLOOKUP($A127,BD_INSUMOS2[],7,FALSE),\"\")","v":182287},{"$f":"+IFERROR(VLOOKUP($A127,BD_INSUMOS2[],8,FALSE),\"\")","v":0}]
[117,{"$f":"+IFERROR(VLOOKUP($A128,BD_INSUMOS2[],3,FALSE),\"\")","v":"MO6"},{"$f":"+IFERROR(VLOOKUP($A128,BD_INSUMOS2[],5,FALSE),\"\")","v":" OBREROS (5)"},{"$f":"+IFERROR(VLOOKUP($A128,BD_INSUMOS2[],6,FALSE),\"\")","v":"Jornal"},{"$f":"+IFERROR(VLOOKUP($A128,BD_INSUMOS2[],7,FALSE),\"\")","v":130205},{"$f":"+IFERROR(VLOOKUP($A128,BD_INSUMOS2[],8,FALSE),\"\")","v":0}]
[118,{"$f":"+IFERROR(VLOOKUP($A129,BD_INSUMOS2[],3,FALSE),\"\")","v":"MO7"},{"$f":"+IFERROR(VLOOKUP($A129,BD_INSUMOS2[],5,FALSE),\"\")","v":" OBREROS (8)"},{"$f":"+IFERROR(VLOOKUP($A129,BD_INSUMOS2[],6,FALSE),\"\")","v":"Jornal"},{"$f":"+IFERROR(VLOOKUP($A129,BD_INSUMOS2[],7,FALSE),\"\")","v":208328},{"$f":"+IFERROR(VLOOKUP($A129,BD_INSUMOS2[],8,FALSE),\"\")","v":0}]
[119,{"$f":"+IFERROR(VLOOKUP($A130,BD_INSUMOS2[],3,FALSE),\"\")","v":"MO8"},{"$f":"+IFERROR(VLOOKUP($A130,BD_INSUMOS2[],5,FALSE),\"\")","v":"ESTAQUERO (1)"},{"$f":"+IFERROR(VLOOKUP($A130,BD_INSUMOS2[],6,FALSE),\"\")","v":"Jornal"},{"$f":"+IFERROR(VLOOKUP($A130,BD_INSUMOS2[],7,FALSE),\"\")","v":26041},{"$f":"+IFERROR(VLOOKUP($A130,BD_INSUMOS2[],8,FALSE),\"\")","v":0}]
[120,{"$f":"+IFERROR(VLOOKUP($A131,BD_INSUMOS2[],3,FALSE),\"\")","v":"MO9"},{"$f":"+IFERROR(VLOOKUP($A131,BD_INSUMOS2[],5,FALSE),\"\")","v":"ESTAQUERO (2)"},{"$f":"+IFERROR(VLOOKUP($A131,BD_INSUMOS2[],6,FALSE),\"\")","v":"Jornal"},{"$f":"+IFERROR(VLOOKUP($A131,BD_INSUMOS2[],7,FALSE),\"\")","v":52082},{"$f":"+IFERROR(VLOOKUP($A131,BD_INSUMOS2[],8,FALSE),\"\")","v":0}]
[121,{"$f":"+IFERROR(VLOOKUP($A132,BD_INSUMOS2[],3,FALSE),\"\")","v":"M010"},{"$f":"+IFERROR(VLOOKUP($A132,BD_INSUMOS2[],5,FALSE),\"\")","v":" PALETEROS (2)"},{"$f":"+IFERROR(VLOOKUP($A132,BD_INSUMOS2[],6,FALSE),\"\")","v":"Jornal"},{"$f":"+IFERROR(VLOOKUP($A132,BD_INSUMOS2[],7,FALSE),\"\")","v":52082},{"$f":"+IFERROR(VLOOKUP($A132,BD_INSUMOS2[],8,FALSE),\"\")","v":0}]
[122,{"$f":"+IFERROR(VLOOKUP($A133,BD_INSUMOS2[],3,FALSE),\"\")","v":"MO11"},{"$f":"+IFERROR(VLOOKUP($A133,BD_INSUMOS2[],5,FALSE),\"\")","v":"COORDINADOR DE PROYECTO"},{"$f":"+IFERROR(VLOOKUP($A133,BD_INSUMOS2[],6,FALSE),\"\")","v":"Jornal"},{"$f":"+IFERROR(VLOOKUP($A133,BD_INSUMOS2[],7,FALSE),\"\")","v":128870},{"$f":"+IFERROR(VLOOKUP($A133,BD_INSUMOS2[],8,FALSE),\"\")","v":0}]
[123,{"$f":"+IFERROR(VLOOKUP($A134,BD_INSUMOS2[],3,FALSE),\"\")","v":"MO12"},{"$f":"+IFERROR(VLOOKUP($A134,BD_INSUMOS2[],5,FALSE),\"\")","v":"Especialista Ambiental"},{"$f":"+IFERROR(VLOOKUP($A134,BD_INSUMOS2[],6,FALSE),\"\")","v":"Sueldo"},{"$f":"+IFERROR(VLOOKUP($A134,BD_INSUMOS2[],7,FALSE),\"\")","v":4500000},{"$f":"+IFERROR(VLOOKUP($A134,BD_INSUMOS2[],8,FALSE),\"\")","v":0}]
[124,{"$f":"+IFERROR(VLOOKUP($A135,BD_INSUMOS2[],3,FALSE),\"\")","v":"MO13"},{"$f":"+IFERROR(VLOOKUP($A135,BD_INSUMOS2[],5,FALSE),\"\")","v":"ESPECIALISTA SOCIAL"},{"$f":"+IFERROR(VLOOKUP($A135,BD_INSUMOS2[],6,FALSE),\"\")","v":"Jornal"},{"$f":"+IFERROR(VLOOKUP($A135,BD_INSUMOS2[],7,FALSE),\"\")","v":128870},{"$f":"+IFERROR(VLOOKUP($A135,BD_INSUMOS2[],8,FALSE),\"\")","v":0}]
[125,{"$f":"+IFERROR(VLOOKUP($A136,BD_INSUMOS2[],3,FALSE),\"\")","v":"MO14"},{"$f":"+IFERROR(VLOOKUP($A136,BD_INSUMOS2[],5,FALSE),\"\")","v":"GRUPO DE ORDEN Y ASEO"},{"$f":"+IFERROR(VLOOKUP($A136,BD_INSUMOS2[],6,FALSE),\"\")","v":"Jornal"},{"$f":"+IFERROR(VLOOKUP($A136,BD_INSUMOS2[],7,FALSE),\"\")","v":128870},{"$f":"+IFERROR(VLOOKUP($A136,BD_INSUMOS2[],8,FALSE),\"\")","v":0}]
[126,{"$f":"+IFERROR(VLOOKUP($A137,BD_INSUMOS2[],3,FALSE),\"\")","v":"MO15"},{"$f":"+IFERROR(VLOOKUP($A137,BD_INSUMOS2[],5,FALSE),\"\")","v":"OBREROS (3)"},{"$f":"+IFERROR(VLOOKUP($A137,BD_INSUMOS2[],6,FALSE),\"\")","v":"Jornal"},{"$f":"+IFERROR(VLOOKUP($A137,BD_INSUMOS2[],7,FALSE),\"\")","v":78123},{"$f":"+IFERROR(VLOOKUP($A137,BD_INSUMOS2[],8,FALSE),\"\")","v":0}]
[127,{"$f":"+IFERROR(VLOOKUP($A138,BD_INSUMOS2[],3,FALSE),\"\")","v":"MO16"},{"$f":"+IFERROR(VLOOKUP($A138,BD_INSUMOS2[],5,FALSE),\"\")","v":"OBREROS (4)"},{"$f":"+IFERROR(VLOOKUP($A138,BD_INSUMOS2[],6,FALSE),\"\")","v":"Jornal"},{"$f":"+IFERROR(VLOOKUP($A138,BD_INSUMOS2[],7,FALSE),\"\")","v":104164},{"$f":"+IFERROR(VLOOKUP($A138,BD_INSUMOS2[],8,FALSE),\"\")","v":0}]
[128,{"$f":"+IFERROR(VLOOKUP($A139,BD_INSUMOS2[],3,FALSE),\"\")","v":"MO17"},{"$f":"+IFERROR(VLOOKUP($A139,BD_INSUMOS2[],5,FALSE),\"\")","v":"OBREROS (6)"},{"$f":"+IFERROR(VLOOKUP($A139,BD_INSUMOS2[],6,FALSE),\"\")","v":"Jornal"},{"$f":"+IFERROR(VLOOKUP($A139,BD_INSUMOS2[],7,FALSE),\"\")","v":156246},{"$f":"+IFERROR(VLOOKUP($A139,BD_INSUMOS2[],8,FALSE),\"\")","v":0}]
[129,{"$f":"+IFERROR(VLOOKUP($A140,BD_INSUMOS2[],3,FALSE),\"\")","v":"MO18"},{"$f":"+IFERROR(VLOOKUP($A140,BD_INSUMOS2[],5,FALSE),\"\")","v":"OFICIAL (1)"},{"$f":"+IFERROR(VLOOKUP($A140,BD_INSUMOS2[],6,FALSE),\"\")","v":"Jornal"},{"$f":"+IFERROR(VLOOKUP($A140,BD_INSUMOS2[],7,FALSE),\"\")","v":46000},{"$f":"+IFERROR(VLOOKUP($A140,BD_INSUMOS2[],8,FALSE),\"\")","v":0}]
[130,{"$f":"+IFERROR(VLOOKUP($A141,BD_INSUMOS2[],3,FALSE),\"\")","v":"MO19"},{"$f":"+IFERROR(VLOOKUP($A141,BD_INSUMOS2[],5,FALSE),\"\")","v":"RASTRILLEROS (1)"},{"$f":"+IFERROR(VLOOKUP($A141,BD_INSUMOS2[],6,FALSE),\"\")","v":"Jornal"},{"$f":"+IFERROR(VLOOKUP($A141,BD_INSUMOS2[],7,FALSE),\"\")","v":39061.5},{"$f":"+IFERROR(VLOOKUP($A141,BD_INSUMOS2[],8,FALSE),\"\")","v":0}]
[131,{"$f":"+IFERROR(VLOOKUP($A142,BD_INSUMOS2[],3,FALSE),\"\")","v":"MO20"},{"$f":"+IFERROR(VLOOKUP($A142,BD_INSUMOS2[],5,FALSE),\"\")","v":"REGULADOR DE ORDEN"},{"$f":"+IFERROR(VLOOKUP($A142,BD_INSUMOS2[],6,FALSE),\"\")","v":"Jornal"},{"$f":"+IFERROR(VLOOKUP($A142,BD_INSUMOS2[],7,FALSE),\"\")","v":128870},{"$f":"+IFERROR(VLOOKUP($A142,BD_INSUMOS2[],8,FALSE),\"\")","v":0}]
[132,{"$f":"+IFERROR(VLOOKUP($A143,BD_INSUMOS2[],3,FALSE),\"\")","v":"MO21"},{"$f":"+IFERROR(VLOOKUP($A143,BD_INSUMOS2[],5,FALSE),\"\")","v":"RESIDENTE AMBIENTAL"},{"$f":"+IFERROR(VLOOKUP($A143,BD_INSUMOS2[],6,FALSE),\"\")","v":"Jornal"},{"$f":"+IFERROR(VLOOKUP($A143,BD_INSUMOS2[],7,FALSE),\"\")","v":128870},{"$f":"+IFERROR(VLOOKUP($A143,BD_INSUMOS2[],8,FALSE),\"\")","v":0}]
[133,{"$f":"+IFERROR(VLOOKUP($A144,BD_INSUMOS2[],3,FALSE),\"\")","v":"MO22"},{"$f":"+IFERROR(VLOOKUP($A144,BD_INSUMOS2[],5,FALSE),\"\")","v":"CADENERO 1"},{"$f":"+IFERROR(VLOOKUP($A144,BD_INSUMOS2[],6,FALSE),\"\")","v":"Jornal"},{"$f":"+IFERROR(VLOOKUP($A144,BD_INSUMOS2[],7,FALSE),\"\")","v":50000},{"$f":"+IFERROR(VLOOKUP($A144,BD_INSUMOS2[],8,FALSE),\"\")","v":0}]
[134,{"$f":"+IFERROR(VLOOKUP($A145,BD_INSUMOS2[],3,FALSE),\"\")","v":"MO23"},{"$f":"+IFERROR(VLOOKUP($A145,BD_INSUMOS2[],5,FALSE),\"\")","v":"CADENERO 2"},{"$f":"+IFERROR(VLOOKUP($A145,BD_INSUMOS2[],6,FALSE),\"\")","v":"Jornal"},{"$f":"+IFERROR(VLOOKUP($A145,BD_INSUMOS2[],7,FALSE),\"\")","v":40000},{"$f":"+IFERROR(VLOOKUP($A145,BD_INSUMOS2[],8,FALSE),\"\")","v":0}]
[135,{"$f":"+IFERROR(VLOOKUP($A146,BD_INSUMOS2[],3,FALSE),\"\")","v":"MO24"},{"$f":"+IFERROR(VLOOKUP($A146,BD_INSUMOS2[],5,FALSE),\"\")","v":"TOPOGRAFO (1)"},{"$f":"+IFERROR(VLOOKUP($A146,BD_INSUMOS2[],6,FALSE),\"\")","v":"Jornal"},{"$f":"+IFERROR(VLOOKUP($A146,BD_INSUMOS2[],7,FALSE),\"\")","v":80000},{"$f":"+IFERROR(VLOOKUP($A146,BD_INSUMOS2[],8,FALSE),\"\")","v":0}]
[136,{"$f":"+IFERROR(VLOOKUP($A147,BD_INSUMOS2[],3,FALSE),\"\")","v":"MO25"},{"$f":"+IFERROR(VLOOKUP($A147,BD_INSUMOS2[],5,FALSE),\"\")","v":"COMISIÓN TOPOGRAFÍA"},{"$f":"+IFERROR(VLOOKUP($A147,BD_INSUMOS2[],6,FALSE),\"\")","v":"Jornal"},{"$f":"+IFERROR(VLOOKUP($A147,BD_INSUMOS2[],7,FALSE),\"\")","v":242082},{"$f":"+IFERROR(VLOOKUP($A147,BD_INSUMOS2[],8,FALSE),\"\")","v":0}]
[137,{"$f":"+IFERROR(VLOOKUP($A148,BD_INSUMOS2[],3,FALSE),\"\")","v":"MO26"},{"$f":"+IFERROR(VLOOKUP($A148,BD_INSUMOS2[],5,FALSE),\"\")","v":"OBREROS (9)"},{"$f":"+IFERROR(VLOOKUP($A148,BD_INSUMOS2[],6,FALSE),\"\")","v":"Jornal"},{"$f":"+IFERROR(VLOOKUP($A148,BD_INSUMOS2[],7,FALSE),\"\")","v":234369},{"$f":"+IFERROR(VLOOKUP($A148,BD_INSUMOS2[],8,FALSE),\"\")","v":0}]
[138,{"$f":"+IFERROR(VLOOKUP($A149,BD_INSUMOS2[],3,FALSE),\"\")","v":"MO27"},{"$f":"+IFERROR(VLOOKUP($A149,BD_INSUMOS2[],5,FALSE),\"\")","v":"OBREROS (11)"},{"$f":"+IFERROR(VLOOKUP($A149,BD_INSUMOS2[],6,FALSE),\"\")","v":"Jornal"},{"$f":"+IFERROR(VLOOKUP($A149,BD_INSUMOS2[],7,FALSE),\"\")","v":286451},{"$f":"+IFERROR(VLOOKUP($A149,BD_INSUMOS2[],8,FALSE),\"\")","v":0}]
[139,{"$f":"+IFERROR(VLOOKUP($A150,BD_INSUMOS2[],3,FALSE),\"\")","v":"MO28"},{"$f":"+IFERROR(VLOOKUP($A150,BD_INSUMOS2[],5,FALSE),\"\")","v":"Director de obra"},{"$f":"+IFERROR(VLOOKUP($A150,BD_INSUMOS2[],6,FALSE),\"\")","v":"Sueldo"},{"$f":"+IFERROR(VLOOKUP($A150,BD_INSUMOS2[],7,FALSE),\"\")","v":6000000},{"$f":"+IFERROR(VLOOKUP($A150,BD_INSUMOS2[],8,FALSE),\"\")","v":0.5}]
[140,{"$f":"+IFERROR(VLOOKUP($A151,BD_INSUMOS2[],3,FALSE),\"\")","v":"MO29"},{"$f":"+IFERROR(VLOOKUP($A151,BD_INSUMOS2[],5,FALSE),\"\")","v":"Residente de Obra"},{"$f":"+IFERROR(VLOOKUP($A151,BD_INSUMOS2[],6,FALSE),\"\")","v":"Sueldo"},{"$f":"+IFERROR(VLOOKUP($A151,BD_INSUMOS2[],7,FALSE),\"\")","v":3500000},{"$f":"+IFERROR(VLOOKUP($A151,BD_INSUMOS2[],8,FALSE),\"\")","v":1}]
[141,{"$f":"+IFERROR(VLOOKUP($A152,BD_INSUMOS2[],3,FALSE),\"\")","v":"MO30"},{"$f":"+IFERROR(VLOOKUP($A152,BD_INSUMOS2[],5,FALSE),\"\")","v":"Ingeniero Auxiliar"},{"$f":"+IFERROR(VLOOKUP($A152,BD_INSUMOS2[],6,FALSE),\"\")","v":"Sueldo"},{"$f":"+IFERROR(VLOOKUP($A152,BD_INSUMOS2[],7,FALSE),\"\")","v":3000000},{"$f":"+IFERROR(VLOOKUP($A152,BD_INSUMOS2[],8,FALSE),\"\")","v":1}]
[142,{"$f":"+IFERROR(VLOOKUP($A153,BD_INSUMOS2[],3,FALSE),\"\")","v":"MO31"},{"$f":"+IFERROR(VLOOKUP($A153,BD_INSUMOS2[],5,FALSE),\"\")","v":"Almacenista"},{"$f":"+IFERROR(VLOOKUP($A153,BD_INSUMOS2[],6,FALSE),\"\")","v":"Salario"},{"$f":"+IFERROR(VLOOKUP($A153,BD_INSUMOS2[],7,FALSE),\"\")","v":1800000},{"$f":"+IFERROR(VLOOKUP($A153,BD_INSUMOS2[],8,FALSE),\"\")","v":1}]
[143,{"$f":"+IFERROR(VLOOKUP($A154,BD_INSUMOS2[],3,FALSE),\"\")","v":"MO32"},{"$f":"+IFERROR(VLOOKUP($A154,BD_INSUMOS2[],5,FALSE),\"\")","v":"Secretaria"},{"$f":"+IFERROR(VLOOKUP($A154,BD_INSUMOS2[],6,FALSE),\"\")","v":"Salario"},{"$f":"+IFERROR(VLOOKUP($A154,BD_INSUMOS2[],7,FALSE),\"\")","v":1500000},{"$f":"+IFERROR(VLOOKUP($A154,BD_INSUMOS2[],8,FALSE),\"\")","v":0}]
[144,{"$f":"+IFERROR(VLOOKUP($A155,BD_INSUMOS2[],3,FALSE),\"\")","v":"MO33"},{"$f":"+IFERROR(VLOOKUP($A155,BD_INSUMOS2[],5,FALSE),\"\")","v":"Celador"},{"$f":"+IFERROR(VLOOKUP($A155,BD_INSUMOS2[],6,FALSE),\"\")","v":"Salario"},{"$f":"+IFERROR(VLOOKUP($A155,BD_INSUMOS2[],7,FALSE),\"\")","v":1800000},{"$f":"+IFERROR(VLOOKUP($A155,BD_INSUMOS2[],8,FALSE),\"\")","v":1}]
[145,{"$f":"+IFERROR(VLOOKUP($A156,BD_INSUMOS2[],3,FALSE),\"\")","v":"T1"},{"$f":"+IFERROR(VLOOKUP($A156,BD_INSUMOS2[],5,FALSE),\"\")","v":"TRANSPORTE DE MATERIAL DE AFIRMADO"},{"$f":"+IFERROR(VLOOKUP($A156,BD_INSUMOS2[],6,FALSE),\"\")","v":"m³/km"},{"$f":"+IFERROR(VLOOKUP($A156,BD_INSUMOS2[],7,FALSE),\"\")","v":1250},{"$f":"+IFERROR(VLOOKUP($A156,BD_INSUMOS2[],8,FALSE),\"\")","v":0}]
[146,{"$f":"+IFERROR(VLOOKUP($A157,BD_INSUMOS2[],3,FALSE),\"\")","v":"T2"},{"$f":"+IFERROR(VLOOKUP($A157,BD_INSUMOS2[],5,FALSE),\"\")","v":" TARIFA DE TRANSPORTE DE TIERRA ABONADA"},{"$f":"+IFERROR(VLOOKUP($A157,BD_INSUMOS2[],6,FALSE),\"\")","v":"m³/km"},{"$f":"+IFERROR(VLOOKUP($A157,BD_INSUMOS2[],7,FALSE),\"\")","v":1200},{"$f":"+IFERROR(VLOOKUP($A157,BD_INSUMOS2[],8,FALSE),\"\")","v":0}]
[147,{"$f":"+IFERROR(VLOOKUP($A158,BD_INSUMOS2[],3,FALSE),\"\")","v":"T3"},{"$f":"+IFERROR(VLOOKUP($A158,BD_INSUMOS2[],5,FALSE),\"\")","v":" TRANSPORTE AGREGADO PARA CONCRETO HIDRAULICO"},{"$f":"+IFERROR(VLOOKUP($A158,BD_INSUMOS2[],6,FALSE),\"\")","v":"m³/km"},{"$f":"+IFERROR(VLOOKUP($A158,BD_INSUMOS2[],7,FALSE),\"\")","v":1200},{"$f":"+IFERROR(VLOOKUP($A158,BD_INSUMOS2[],8,FALSE),\"\")","v":0}]
[148,{"$f":"+IFERROR(VLOOKUP($A159,BD_INSUMOS2[],3,FALSE),\"\")","v":"T4"},{"$f":"+IFERROR(VLOOKUP($A159,BD_INSUMOS2[],5,FALSE),\"\")","v":" TRANSPORTE DE ARENA"},{"$f":"+IFERROR(VLOOKUP($A159,BD_INSUMOS2[],6,FALSE),\"\")","v":"m³/km"},{"$f":"+IFERROR(VLOOKUP($A159,BD_INSUMOS2[],7,FALSE),\"\")","v":1250},{"$f":"+IFERROR(VLOOKUP($A159,BD_INSUMOS2[],8,FALSE),\"\")","v":0}]
[149,{"$f":"+IFERROR(VLOOKUP($A160,BD_INSUMOS2[],3,FALSE),\"\")","v":"T5"},{"$f":"+IFERROR(VLOOKUP($A160,BD_INSUMOS2[],5,FALSE),\"\")","v":" TRANSPORTE MATERIAL DE RELLENO"},{"$f":"+IFERROR(VLOOKUP($A160,BD_INSUMOS2[],6,FALSE),\"\")","v":"m³/km"},{"$f":"+IFERROR(VLOOKUP($A160,BD_INSUMOS2[],7,FALSE),\"\")","v":1200},{"$f":"+IFERROR(VLOOKUP($A160,BD_INSUMOS2[],8,FALSE),\"\")","v":0}]
[150,{"$f":"+IFERROR(VLOOKUP($A161,BD_INSUMOS2[],3,FALSE),\"\")","v":"T6"},{"$f":"+IFERROR(VLOOKUP($A161,BD_INSUMOS2[],5,FALSE),\"\")","v":" TRANSPORTE MATERIAL DE BASE/SUB BASE"},{"$f":"+IFERROR(VLOOKUP($A161,BD_INSUMOS2[],6,FALSE),\"\")","v":"m³/km"},{"$f":"+IFERROR(VLOOKUP($A161,BD_INSUMOS2[],7,FALSE),\"\")","v":1250},{"$f":"+IFERROR(VLOOKUP($A161,BD_INSUMOS2[],8,FALSE),\"\")","v":0}]
[151,{"$f":"+IFERROR(VLOOKUP($A162,BD_INSUMOS2[],3,FALSE),\"\")","v":"T7"},{"$f":"+IFERROR(VLOOKUP($A162,BD_INSUMOS2[],5,FALSE),\"\")","v":"Transporte de piedra para gaviones"},{"$f":"+IFERROR(VLOOKUP($A162,BD_INSUMOS2[],6,FALSE),\"\")","v":"m³/km"},{"$f":"+IFERROR(VLOOKUP($A162,BD_INSUMOS2[],7,FALSE),\"\")","v":1250},{"$f":"+IFERROR(VLOOKUP($A162,BD_INSUMOS2[],8,FALSE),\"\")","v":0}]
[152,{"$f":"+IFERROR(VLOOKUP($A163,BD_INSUMOS2[],3,FALSE),\"\")","v":"T8"},{"$f":"+IFERROR(VLOOKUP($A163,BD_INSUMOS2[],5,FALSE),\"\")","v":" TRANSPORTE TUBO CONCRETO REFORZADO 900 MM"},{"$f":"+IFERROR(VLOOKUP($A163,BD_INSUMOS2[],6,FALSE),\"\")","v":"m³/km"},{"$f":"+IFERROR(VLOOKUP($A163,BD_INSUMOS2[],7,FALSE),\"\")","v":1200},{"$f":"+IFERROR(VLOOKUP($A163,BD_INSUMOS2[],8,FALSE),\"\")","v":0}]
[153,{"$f":"+IFERROR(VLOOKUP($A164,BD_INSUMOS2[],3,FALSE),\"\")","v":"T9"},{"$f":"+IFERROR(VLOOKUP($A164,BD_INSUMOS2[],5,FALSE),\"\")","v":"TRACTOMULA PARA TRANSPORTE DE POSTES"},{"$f":"+IFERROR(VLOOKUP($A164,BD_INSUMOS2[],6,FALSE),\"\")","v":"t/km"},{"$f":"+IFERROR(VLOOKUP($A164,BD_INSUMOS2[],7,FALSE),\"\")","v":700000},{"$f":"+IFERROR(VLOOKUP($A164,BD_INSUMOS2[],8,FALSE),\"\")","v":0}]
[154,{"$f":"+IFERROR(VLOOKUP($A165,BD_INSUMOS2[],3,FALSE),\"\")","v":"T10"},{"$f":"+IFERROR(VLOOKUP($A165,BD_INSUMOS2[],5,FALSE),\"\")","v":"TRANSPORTE MATERIAL ASFALTICO"},{"$f":"+IFERROR(VLOOKUP($A165,BD_INSUMOS2[],6,FALSE),\"\")","v":"m³/km"},{"$f":"+IFERROR(VLOOKUP($A165,BD_INSUMOS2[],7,FALSE),\"\")","v":1200},{"$f":"+IFERROR(VLOOKUP($A165,BD_INSUMOS2[],8,FALSE),\"\")","v":0}]
[155,{"$f":"+IFERROR(VLOOKUP($A166,BD_INSUMOS2[],3,FALSE),\"\")","v":"T11"},{"$f":"+IFERROR(VLOOKUP($A166,BD_INSUMOS2[],5,FALSE),\"\")","v":"TRANSPORTE MATERIAL GRANULAR FILTRANTE"},{"$f":"+IFERROR(VLOOKUP($A166,BD_INSUMOS2[],6,FALSE),\"\")","v":"m³/km"},{"$f":"+IFERROR(VLOOKUP($A166,BD_INSUMOS2[],7,FALSE),\"\")","v":1250},{"$f":"+IFERROR(VLOOKUP($A166,BD_INSUMOS2[],8,FALSE),\"\")","v":0}]
[156,{"$f":"+IFERROR(VLOOKUP($A167,BD_INSUMOS2[],3,FALSE),\"\")","v":"T12"},{"$f":"+IFERROR(VLOOKUP($A167,BD_INSUMOS2[],5,FALSE),\"\")","v":"TRANSPORTE MATERIAL COMUN"},{"$f":"+IFERROR(VLOOKUP($A167,BD_INSUMOS2[],6,FALSE),\"\")","v":"m³/km"},{"$f":"+IFERROR(VLOOKUP($A167,BD_INSUMOS2[],7,FALSE),\"\")","v":1200},{"$f":"+IFERROR(VLOOKUP($A167,BD_INSUMOS2[],8,FALSE),\"\")","v":0}]
[157,{"$f":"+IFERROR(VLOOKUP($A168,BD_INSUMOS2[],3,FALSE),\"\")","v":"T13"},{"$f":"+IFERROR(VLOOKUP($A168,BD_INSUMOS2[],5,FALSE),\"\")","v":"TRANSPORTE DE CEMENTO"},{"$f":"+IFERROR(VLOOKUP($A168,BD_INSUMOS2[],6,FALSE),\"\")","v":"t/km"},{"$f":"+IFERROR(VLOOKUP($A168,BD_INSUMOS2[],7,FALSE),\"\")","v":800},{"$f":"+IFERROR(VLOOKUP($A168,BD_INSUMOS2[],8,FALSE),\"\")","v":0}]
[158,{"$f":"+IFERROR(VLOOKUP($A169,BD_INSUMOS2[],3,FALSE),\"\")","v":"T14"},{"$f":"+IFERROR(VLOOKUP($A169,BD_INSUMOS2[],5,FALSE),\"\")","v":"TRANSPORTE MATERIAL DEMOLICION"},{"$f":"+IFERROR(VLOOKUP($A169,BD_INSUMOS2[],6,FALSE),\"\")","v":"m³/km"},{"$f":"+IFERROR(VLOOKUP($A169,BD_INSUMOS2[],7,FALSE),\"\")","v":1200},{"$f":"+IFERROR(VLOOKUP($A169,BD_INSUMOS2[],8,FALSE),\"\")","v":0}]
[159,{"$f":"+IFERROR(VLOOKUP($A170,BD_INSUMOS2[],3,FALSE),\"\")","v":"T15"},{"$f":"+IFERROR(VLOOKUP($A170,BD_INSUMOS2[],5,FALSE),\"\")","v":"Transporte de material seleccionado para relleno"},{"$f":"+IFERROR(VLOOKUP($A170,BD_INSUMOS2[],6,FALSE),\"\")","v":"m³/km"},{"$f":"+IFERROR(VLOOKUP($A170,BD_INSUMOS2[],7,FALSE),\"\")","v":1250},{"$f":"+IFERROR(VLOOKUP($A170,BD_INSUMOS2[],8,FALSE),\"\")","v":0}]
[160,{"$f":"+IFERROR(VLOOKUP($A171,BD_INSUMOS2[],3,FALSE),\"\")","v":"E40"},{"$f":"+IFERROR(VLOOKUP($A171,BD_INSUMOS2[],5,FALSE),\"\")","v":"Buldo"},{"$f":"+IFERROR(VLOOKUP($A171,BD_INSUMOS2[],6,FALSE),\"\")","v":"und"},{"$f":"+IFERROR(VLOOKUP($A171,BD_INSUMOS2[],7,FALSE),\"\")","v":45000},{"$f":"+IFERROR(VLOOKUP($A171,BD_INSUMOS2[],8,FALSE),\"\")","v":0}]
[161,{"$f":"+IFERROR(VLOOKUP($A172,BD_INSUMOS2[],3,FALSE),\"\")","v":"E41"},{"$f":"+IFERROR(VLOOKUP($A172,BD_INSUMOS2[],5,FALSE),\"\")","v":"Andamio"},{"$f":"+IFERROR(VLOOKUP($A172,BD_INSUMOS2[],6,FALSE),\"\")","v":"und"},{"$f":"+IFERROR(VLOOKUP($A172,BD_INSUMOS2[],7,FALSE),\"\")","v":50000},{"$f":"+IFERROR(VLOOKUP($A172,BD_INSUMOS2[],8,FALSE),\"\")","v":0}]
[162,{"$f":"+IFERROR(VLOOKUP($A173,BD_INSUMOS2[],3,FALSE),\"\")","v":"E42"},{"$f":"+IFERROR(VLOOKUP($A173,BD_INSUMOS2[],5,FALSE),\"\")","v":"Retroexcavadora sobre oruga, potencia 138 HP, balde de 1,5 m3."},{"$f":"+IFERROR(VLOOKUP($A173,BD_INSUMOS2[],6,FALSE),\"\")","v":"hora"},{"$f":"+IFERROR(VLOOKUP($A173,BD_INSUMOS2[],7,FALSE),\"\")","v":207266},{"$f":"+IFERROR(VLOOKUP($A173,BD_INSUMOS2[],8,FALSE),\"\")","v":0}]
[163,{"$f":"+IFERROR(VLOOKUP($A174,BD_INSUMOS2[],3,FALSE),\"\")","v":"M75"},{"$f":"+IFERROR(VLOOKUP($A174,BD_INSUMOS2[],5,FALSE),\"\")","v":"Durmiente ordinario 4*4cm"},{"$f":"+IFERROR(VLOOKUP($A174,BD_INSUMOS2[],6,FALSE),\"\")","v":"m"},{"$f":"+IFERROR(VLOOKUP($A174,BD_INSUMOS2[],7,FALSE),\"\")","v":2600},{"$f":"+IFERROR(VLOOKUP($A174,BD_INSUMOS2[],8,FALSE),\"\")","v":0}]
[164,{"$f":"+IFERROR(VLOOKUP($A175,BD_INSUMOS2[],3,FALSE),\"\")","v":"E43"},{"$f":"+IFERROR(VLOOKUP($A175,BD_INSUMOS2[],5,FALSE),\"\")","v":"Bulldozer, Potencia al volante de 140 HP, motor de 2200 RPM, longitud de hoja 4,80 m. "},{"$f":"+IFERROR(VLOOKUP($A175,BD_INSUMOS2[],6,FALSE),\"\")","v":"hora"},{"$f":"+IFERROR(VLOOKUP($A175,BD_INSUMOS2[],7,FALSE),\"\")","v":140167},{"$f":"+IFERROR(VLOOKUP($A175,BD_INSUMOS2[],8,FALSE),\"\")","v":0}]
[165,{"$f":"+IFERROR(VLOOKUP($A176,BD_INSUMOS2[],3,FALSE),\"\")","v":"E1"},{"$f":"+IFERROR(VLOOKUP($A176,BD_INSUMOS2[],5,FALSE),\"\")","v":" BULDOZER D6"},{"$f":"+IFERROR(VLOOKUP($A176,BD_INSUMOS2[],6,FALSE),\"\")","v":"$/hora"},{"$f":"+IFERROR(VLOOKUP($A176,BD_INSUMOS2[],7,FALSE),\"\")","v":180000},{"$f":"+IFERROR(VLOOKUP($A176,BD_INSUMOS2[],8,FALSE),\"\")","v":0}]
[166,{"$f":"+IFERROR(VLOOKUP($A177,BD_INSUMOS2[],3,FALSE),\"\")","v":"E45"},{"$f":"+IFERROR(VLOOKUP($A177,BD_INSUMOS2[],5,FALSE),\"\")","v":"Motoniveladora 120 Hp"},{"$f":"+IFERROR(VLOOKUP($A177,BD_INSUMOS2[],6,FALSE),\"\")","v":"hora"},{"$f":"+IFERROR(VLOOKUP($A177,BD_INSUMOS2[],7,FALSE),\"\")","v":120000},{"$f":"+IFERROR(VLOOKUP($A177,BD_INSUMOS2[],8,FALSE),\"\")","v":0}]
[167,{"$f":"+IFERROR(VLOOKUP($A178,BD_INSUMOS2[],3,FALSE),\"\")","v":"E46"},{"$f":"+IFERROR(VLOOKUP($A178,BD_INSUMOS2[],5,FALSE),\"\")","v":"Carrotanque de agua(1000 Galones)"},{"$f":"+IFERROR(VLOOKUP($A178,BD_INSUMOS2[],6,FALSE),\"\")","v":"hora"},{"$f":"+IFERROR(VLOOKUP($A178,BD_INSUMOS2[],7,FALSE),\"\")","v":70000},{"$f":"+IFERROR(VLOOKUP($A178,BD_INSUMOS2[],8,FALSE),\"\")","v":0}]
[168,{"$f":"+IFERROR(VLOOKUP($A179,BD_INSUMOS2[],3,FALSE),\"\")","v":"T16"},{"$f":"+IFERROR(VLOOKUP($A179,BD_INSUMOS2[],5,FALSE),\"\")","v":"Volqueta  6 m³ (cargue mecánico) botadero "},{"$f":"+IFERROR(VLOOKUP($A179,BD_INSUMOS2[],6,FALSE),\"\")","v":"m³"},{"$f":"+IFERROR(VLOOKUP($A179,BD_INSUMOS2[],7,FALSE),\"\")","v":1250},{"$f":"+IFERROR(VLOOKUP($A179,BD_INSUMOS2[],8,FALSE),\"\")","v":0}]
[169,{"$f":"+IFERROR(VLOOKUP($A180,BD_INSUMOS2[],3,FALSE),\"\")","v":"T17"},{"$f":"+IFERROR(VLOOKUP($A180,BD_INSUMOS2[],5,FALSE),\"\")","v":"Volqueta  6 m³ (cargue mecánico)botadero adicional mayor 20 km"},{"$f":"+IFERROR(VLOOKUP($A180,BD_INSUMOS2[],6,FALSE),\"\")","v":"m³"},{"$f":"+IFERROR(VLOOKUP($A180,BD_INSUMOS2[],7,FALSE),\"\")","v":1323.25},{"$f":"+IFERROR(VLOOKUP($A180,BD_INSUMOS2[],8,FALSE),\"\")","v":0}]
[170,{"$f":"+IFERROR(VLOOKUP($A181,BD_INSUMOS2[],3,FALSE),\"\")","v":"M82"},{"$f":"+IFERROR(VLOOKUP($A181,BD_INSUMOS2[],5,FALSE),\"\")","v":"Material de base (gradación 2)"},{"$f":"+IFERROR(VLOOKUP($A181,BD_INSUMOS2[],6,FALSE),\"\")","v":"m³"},{"$f":"+IFERROR(VLOOKUP($A181,BD_INSUMOS2[],7,FALSE),\"\")","v":53012},{"$f":"+IFERROR(VLOOKUP($A181,BD_INSUMOS2[],8,FALSE),\"\")","v":0}]
[171,{"$f":"+IFERROR(VLOOKUP($A182,BD_INSUMOS2[],3,FALSE),\"\")","v":"T18"},{"$f":"+IFERROR(VLOOKUP($A182,BD_INSUMOS2[],5,FALSE),\"\")","v":"TRANSPORTE DE MATERIAL DE SUBBASE"},{"$f":"+IFERROR(VLOOKUP($A182,BD_INSUMOS2[],6,FALSE),\"\")","v":"m³/km"},{"$f":"+IFERROR(VLOOKUP($A182,BD_INSUMOS2[],7,FALSE),\"\")","v":1250},{"$f":"+IFERROR(VLOOKUP($A182,BD_INSUMOS2[],8,FALSE),\"\")","v":""}]
[172,{"$f":"+IFERROR(VLOOKUP($A183,BD_INSUMOS2[],3,FALSE),\"\")","v":"E2"},{"$f":"+IFERROR(VLOOKUP($A183,BD_INSUMOS2[],5,FALSE),\"\")","v":"ASPERSOR MANUAL"},{"$f":"+IFERROR(VLOOKUP($A183,BD_INSUMOS2[],6,FALSE),\"\")","v":"$/hora"},{"$f":"+IFERROR(VLOOKUP($A183,BD_INSUMOS2[],7,FALSE),\"\")","v":1750},{"$f":"+IFERROR(VLOOKUP($A183,BD_INSUMOS2[],8,FALSE),\"\")","v":0}]
[173,{"$f":"+IFERROR(VLOOKUP($A184,BD_INSUMOS2[],3,FALSE),\"\")","v":"E47"},{"$f":"+IFERROR(VLOOKUP($A184,BD_INSUMOS2[],5,FALSE),\"\")","v":"formaleta madera"},{"$f":"+IFERROR(VLOOKUP($A184,BD_INSUMOS2[],6,FALSE),\"\")","v":"m²"},{"$f":"+IFERROR(VLOOKUP($A184,BD_INSUMOS2[],7,FALSE),\"\")","v":2500},{"$f":"+IFERROR(VLOOKUP($A184,BD_INSUMOS2[],8,FALSE),\"\")","v":0}]
[174,{"$f":"+IFERROR(VLOOKUP($A185,BD_INSUMOS2[],3,FALSE),\"\")","v":"E44"},{"$f":"+IFERROR(VLOOKUP($A185,BD_INSUMOS2[],5,FALSE),\"\")","v":"Vibro compactador 8 Ton"},{"$f":"+IFERROR(VLOOKUP($A185,BD_INSUMOS2[],6,FALSE),\"\")","v":"hora"},{"$f":"+IFERROR(VLOOKUP($A185,BD_INSUMOS2[],7,FALSE),\"\")","v":116000},{"$f":"+IFERROR(VLOOKUP($A185,BD_INSUMOS2[],8,FALSE),\"\")","v":0}]
[175,{"$f":"+IFERROR(VLOOKUP($A186,BD_INSUMOS2[],3,FALSE),\"\")","v":"E48"},{"$f":"+IFERROR(VLOOKUP($A186,BD_INSUMOS2[],5,FALSE),\"\")","v":"Vibrador a gasolina"},{"$f":"+IFERROR(VLOOKUP($A186,BD_INSUMOS2[],6,FALSE),\"\")","v":"hora"},{"$f":"+IFERROR(VLOOKUP($A186,BD_INSUMOS2[],7,FALSE),\"\")","v":3830},{"$f":"+IFERROR(VLOOKUP($A186,BD_INSUMOS2[],8,FALSE),\"\")","v":0}]
[176,{"$f":"+IFERROR(VLOOKUP($A187,BD_INSUMOS2[],3,FALSE),\"\")","v":"M76"},{"$f":"+IFERROR(VLOOKUP($A187,BD_INSUMOS2[],5,FALSE),\"\")","v":"MORTERO 1:3 PARA DILATACIONES"},{"$f":"+IFERROR(VLOOKUP($A187,BD_INSUMOS2[],6,FALSE),\"\")","v":"m"},{"$f":"+IFERROR(VLOOKUP($A187,BD_INSUMOS2[],7,FALSE),\"\")","v":309140},{"$f":"+IFERROR(VLOOKUP($A187,BD_INSUMOS2[],8,FALSE),\"\")","v":0}]
[177,{"$f":"+IFERROR(VLOOKUP($A188,BD_INSUMOS2[],3,FALSE),\"\")","v":"M79"},{"$f":"+IFERROR(VLOOKUP($A188,BD_INSUMOS2[],5,FALSE),\"\")","v":"Rajón de piedra del municipio"},{"$f":"+IFERROR(VLOOKUP($A188,BD_INSUMOS2[],6,FALSE),\"\")","v":"m³"},{"$f":"+IFERROR(VLOOKUP($A188,BD_INSUMOS2[],7,FALSE),\"\")","v":129000},{"$f":"+IFERROR(VLOOKUP($A188,BD_INSUMOS2[],8,FALSE),\"\")","v":0}]
[178,{"$f":"+IFERROR(VLOOKUP($A189,BD_INSUMOS2[],3,FALSE),\"\")","v":"M77"},{"$f":"+IFERROR(VLOOKUP($A189,BD_INSUMOS2[],5,FALSE),\"\")","v":"CONCRETO DE 210 kg/cm² (3.000 PSI)"},{"$f":"+IFERROR(VLOOKUP($A189,BD_INSUMOS2[],6,FALSE),\"\")","v":"m³"},{"$f":"+IFERROR(VLOOKUP($A189,BD_INSUMOS2[],7,FALSE),\"\")","v":269510},{"$f":"+IFERROR(VLOOKUP($A189,BD_INSUMOS2[],8,FALSE),\"\")","v":0}]
[179,{"$f":"+IFERROR(VLOOKUP($A190,BD_INSUMOS2[],3,FALSE),\"\")","v":"M78"},{"$f":"+IFERROR(VLOOKUP($A190,BD_INSUMOS2[],5,FALSE),\"\")","v":"Concreto de 140 kg/cm²"},{"$f":"+IFERROR(VLOOKUP($A190,BD_INSUMOS2[],6,FALSE),\"\")","v":"m³"},{"$f":"+IFERROR(VLOOKUP($A190,BD_INSUMOS2[],7,FALSE),\"\")","v":204410},{"$f":"+IFERROR(VLOOKUP($A190,BD_INSUMOS2[],8,FALSE),\"\")","v":0}]
[180,{"$f":"+IFERROR(VLOOKUP($A191,BD_INSUMOS2[],3,FALSE),\"\")","v":"M80"},{"$f":"+IFERROR(VLOOKUP($A191,BD_INSUMOS2[],5,FALSE),\"\")","v":"Concreto de 210 kg/cm² "},{"$f":"+IFERROR(VLOOKUP($A191,BD_INSUMOS2[],6,FALSE),\"\")","v":"m³"},{"$f":"+IFERROR(VLOOKUP($A191,BD_INSUMOS2[],7,FALSE),\"\")","v":410988},{"$f":"+IFERROR(VLOOKUP($A191,BD_INSUMOS2[],8,FALSE),\"\")","v":0}]
[181,{"$f":"+IFERROR(VLOOKUP($A192,BD_INSUMOS2[],3,FALSE),\"\")","v":"M81"},{"$f":"+IFERROR(VLOOKUP($A192,BD_INSUMOS2[],5,FALSE),\"\")","v":"Material de afirmado"},{"$f":"+IFERROR(VLOOKUP($A192,BD_INSUMOS2[],6,FALSE),\"\")","v":"m³"},{"$f":"+IFERROR(VLOOKUP($A192,BD_INSUMOS2[],7,FALSE),\"\")","v":16500},{"$f":"+IFERROR(VLOOKUP($A192,BD_INSUMOS2[],8,FALSE),\"\")","v":0}]
[182,{"$f":"+IFERROR(VLOOKUP($A193,BD_INSUMOS2[],3,FALSE),\"\")","v":"M83"},{"$f":"+IFERROR(VLOOKUP($A193,BD_INSUMOS2[],5,FALSE),\"\")","v":"Material de base (gradación 1)"},{"$f":"+IFERROR(VLOOKUP($A193,BD_INSUMOS2[],6,FALSE),\"\")","v":"m³"},{"$f":"+IFERROR(VLOOKUP($A193,BD_INSUMOS2[],7,FALSE),\"\")","v":56840},{"$f":"+IFERROR(VLOOKUP($A193,BD_INSUMOS2[],8,FALSE),\"\")","v":0}]
[183,{"$f":"+IFERROR(VLOOKUP($A194,BD_INSUMOS2[],3,FALSE),\"\")","v":"E50"},{"$f":"+IFERROR(VLOOKUP($A194,BD_INSUMOS2[],5,FALSE),\"\")","v":"Camión de Slurry"},{"$f":"+IFERROR(VLOOKUP($A194,BD_INSUMOS2[],6,FALSE),\"\")","v":"hora"},{"$f":"+IFERROR(VLOOKUP($A194,BD_INSUMOS2[],7,FALSE),\"\")","v":104000},{"$f":"+IFERROR(VLOOKUP($A194,BD_INSUMOS2[],8,FALSE),\"\")","v":0}]
[184,{"$f":"+IFERROR(VLOOKUP($A195,BD_INSUMOS2[],3,FALSE),\"\")","v":"T19"},{"$f":"+IFERROR(VLOOKUP($A195,BD_INSUMOS2[],5,FALSE),\"\")","v":"Transporte de material de afirmado"},{"$f":"+IFERROR(VLOOKUP($A195,BD_INSUMOS2[],6,FALSE),\"\")","v":"m³/km"},{"$f":"+IFERROR(VLOOKUP($A195,BD_INSUMOS2[],7,FALSE),\"\")","v":1250},{"$f":"+IFERROR(VLOOKUP($A195,BD_INSUMOS2[],8,FALSE),\"\")","v":0}]
[185,{"$f":"+IFERROR(VLOOKUP($A196,BD_INSUMOS2[],3,FALSE),\"\")","v":"M85"},{"$f":"+IFERROR(VLOOKUP($A196,BD_INSUMOS2[],5,FALSE),\"\")","v":"Agregado tipo LA 5 (lechadas)"},{"$f":"+IFERROR(VLOOKUP($A196,BD_INSUMOS2[],6,FALSE),\"\")","v":"m³"},{"$f":"+IFERROR(VLOOKUP($A196,BD_INSUMOS2[],7,FALSE),\"\")","v":66000},{"$f":"+IFERROR(VLOOKUP($A196,BD_INSUMOS2[],8,FALSE),\"\")","v":0}]
[186,{"$f":"+IFERROR(VLOOKUP($A197,BD_INSUMOS2[],3,FALSE),\"\")","v":"E49"},{"$f":"+IFERROR(VLOOKUP($A197,BD_INSUMOS2[],5,FALSE),\"\")","v":"Motoniveladora, potencia 140 HP, ancho de cuchilla 3,66 m, peso 11 ton."},{"$f":"+IFERROR(VLOOKUP($A197,BD_INSUMOS2[],6,FALSE),\"\")","v":"hora"},{"$f":"+IFERROR(VLOOKUP($A197,BD_INSUMOS2[],7,FALSE),\"\")","v":160000},{"$f":"+IFERROR(VLOOKUP($A197,BD_INSUMOS2[],8,FALSE),\"\")","v":0}]
[187,{"$f":"+IFERROR(VLOOKUP($A198,BD_INSUMOS2[],3,FALSE),\"\")","v":"M84"},{"$f":"+IFERROR(VLOOKUP($A198,BD_INSUMOS2[],5,FALSE),\"\")","v":"Material de base (gradación 3)"},{"$f":"+IFERROR(VLOOKUP($A198,BD_INSUMOS2[],6,FALSE),\"\")","v":"m³"},{"$f":"+IFERROR(VLOOKUP($A198,BD_INSUMOS2[],7,FALSE),\"\")","v":47500},{"$f":"+IFERROR(VLOOKUP($A198,BD_INSUMOS2[],8,FALSE),\"\")","v":0}]
[188,{"$f":"+IFERROR(VLOOKUP($A199,BD_INSUMOS2[],3,FALSE),\"\")","v":"M86"},{"$f":"+IFERROR(VLOOKUP($A199,BD_INSUMOS2[],5,FALSE),\"\")","v":"Emulsión CRL-1h"},{"$f":"+IFERROR(VLOOKUP($A199,BD_INSUMOS2[],6,FALSE),\"\")","v":"l"},{"$f":"+IFERROR(VLOOKUP($A199,BD_INSUMOS2[],7,FALSE),\"\")","v":1600},{"$f":"+IFERROR(VLOOKUP($A199,BD_INSUMOS2[],8,FALSE),\"\")","v":0}]
[189,{"$f":"+IFERROR(VLOOKUP($A200,BD_INSUMOS2[],3,FALSE),\"\")","v":"M88"},{"$f":"+IFERROR(VLOOKUP($A200,BD_INSUMOS2[],5,FALSE),\"\")","v":"Agregado para tratamiento superficial doble (primer riego)"},{"$f":"+IFERROR(VLOOKUP($A200,BD_INSUMOS2[],6,FALSE),\"\")","v":"m³"},{"$f":"+IFERROR(VLOOKUP($A200,BD_INSUMOS2[],7,FALSE),\"\")","v":66000},{"$f":"+IFERROR(VLOOKUP($A200,BD_INSUMOS2[],8,FALSE),\"\")","v":0}]
[190,{"$f":"+IFERROR(VLOOKUP($A201,BD_INSUMOS2[],3,FALSE),\"\")","v":"T20"},{"$f":"+IFERROR(VLOOKUP($A201,BD_INSUMOS2[],5,FALSE),\"\")","v":"Transporte de agregado tipo LA-3"},{"$f":"+IFERROR(VLOOKUP($A201,BD_INSUMOS2[],6,FALSE),\"\")","v":"m³/km"},{"$f":"+IFERROR(VLOOKUP($A201,BD_INSUMOS2[],7,FALSE),\"\")","v":1250},{"$f":"+IFERROR(VLOOKUP($A201,BD_INSUMOS2[],8,FALSE),\"\")","v":0}]
[191,{"$f":"+IFERROR(VLOOKUP($A202,BD_INSUMOS2[],3,FALSE),\"\")","v":"M87"},{"$f":"+IFERROR(VLOOKUP($A202,BD_INSUMOS2[],5,FALSE),\"\")","v":"Agregado para tratamiento superficial doble (segundo riego)"},{"$f":"+IFERROR(VLOOKUP($A202,BD_INSUMOS2[],6,FALSE),\"\")","v":"m³"},{"$f":"+IFERROR(VLOOKUP($A202,BD_INSUMOS2[],7,FALSE),\"\")","v":66000},{"$f":"+IFERROR(VLOOKUP($A202,BD_INSUMOS2[],8,FALSE),\"\")","v":0}]
[192,{"$f":"+IFERROR(VLOOKUP($A203,BD_INSUMOS2[],3,FALSE),\"\")","v":"E52"},{"$f":"+IFERROR(VLOOKUP($A203,BD_INSUMOS2[],5,FALSE),\"\")","v":"Esparcidor de gravilla, Ancho de esparcimiento 3100mm, Velocidad de trabajo 10—20km2/h"},{"$f":"+IFERROR(VLOOKUP($A203,BD_INSUMOS2[],6,FALSE),\"\")","v":"hora"},{"$f":"+IFERROR(VLOOKUP($A203,BD_INSUMOS2[],7,FALSE),\"\")","v":76936.2},{"$f":"+IFERROR(VLOOKUP($A203,BD_INSUMOS2[],8,FALSE),\"\")","v":0}]
[193,{"$f":"+IFERROR(VLOOKUP($A204,BD_INSUMOS2[],3,FALSE),\"\")","v":"E51"},{"$f":"+IFERROR(VLOOKUP($A204,BD_INSUMOS2[],5,FALSE),\"\")","v":"Compactador neumático de Potencia 70 HP, peso de 13 ton"},{"$f":"+IFERROR(VLOOKUP($A204,BD_INSUMOS2[],6,FALSE),\"\")","v":"hora"},{"$f":"+IFERROR(VLOOKUP($A204,BD_INSUMOS2[],7,FALSE),\"\")","v":132000},{"$f":"+IFERROR(VLOOKUP($A204,BD_INSUMOS2[],8,FALSE),\"\")","v":0}]
[194,{"$f":"+IFERROR(VLOOKUP($A205,BD_INSUMOS2[],3,FALSE),\"\")","v":"E53"},{"$f":"+IFERROR(VLOOKUP($A205,BD_INSUMOS2[],5,FALSE),\"\")","v":"Retroexcavadora A25C"},{"$f":"+IFERROR(VLOOKUP($A205,BD_INSUMOS2[],6,FALSE),\"\")","v":"hora"},{"$f":"+IFERROR(VLOOKUP($A205,BD_INSUMOS2[],7,FALSE),\"\")","v":130000},{"$f":"+IFERROR(VLOOKUP($A205,BD_INSUMOS2[],8,FALSE),\"\")","v":0}]
[195,{"$f":"+IFERROR(VLOOKUP($A206,BD_INSUMOS2[],3,FALSE),\"\")","v":"M90"},{"$f":"+IFERROR(VLOOKUP($A206,BD_INSUMOS2[],5,FALSE),\"\")","v":"Arena lavada"},{"$f":"+IFERROR(VLOOKUP($A206,BD_INSUMOS2[],6,FALSE),\"\")","v":"m³"},{"$f":"+IFERROR(VLOOKUP($A206,BD_INSUMOS2[],7,FALSE),\"\")","v":29000},{"$f":"+IFERROR(VLOOKUP($A206,BD_INSUMOS2[],8,FALSE),\"\")","v":0}]
[196,{"$f":"+IFERROR(VLOOKUP($A207,BD_INSUMOS2[],3,FALSE),\"\")","v":"M92"},{"$f":"+IFERROR(VLOOKUP($A207,BD_INSUMOS2[],5,FALSE),\"\")","v":"Material para solado y atraque"},{"$f":"+IFERROR(VLOOKUP($A207,BD_INSUMOS2[],6,FALSE),\"\")","v":"m³"},{"$f":"+IFERROR(VLOOKUP($A207,BD_INSUMOS2[],7,FALSE),\"\")","v":30316.329243451401},{"$f":"+IFERROR(VLOOKUP($A207,BD_INSUMOS2[],8,FALSE),\"\")","v":0}]
[197,{"$f":"+IFERROR(VLOOKUP($A208,BD_INSUMOS2[],3,FALSE),\"\")","v":"M89"},{"$f":"+IFERROR(VLOOKUP($A208,BD_INSUMOS2[],5,FALSE),\"\")","v":"Emulsión CRR-2"},{"$f":"+IFERROR(VLOOKUP($A208,BD_INSUMOS2[],6,FALSE),\"\")","v":"l"},{"$f":"+IFERROR(VLOOKUP($A208,BD_INSUMOS2[],7,FALSE),\"\")","v":2050},{"$f":"+IFERROR(VLOOKUP($A208,BD_INSUMOS2[],8,FALSE),\"\")","v":0}]
[198,{"$f":"+IFERROR(VLOOKUP($A209,BD_INSUMOS2[],3,FALSE),\"\")","v":"T21"},{"$f":"+IFERROR(VLOOKUP($A209,BD_INSUMOS2[],5,FALSE),\"\")","v":"Transporte de agregados pétreos"},{"$f":"+IFERROR(VLOOKUP($A209,BD_INSUMOS2[],6,FALSE),\"\")","v":"m³/km"},{"$f":"+IFERROR(VLOOKUP($A209,BD_INSUMOS2[],7,FALSE),\"\")","v":1250},{"$f":"+IFERROR(VLOOKUP($A209,BD_INSUMOS2[],8,FALSE),\"\")","v":0}]
[199,{"$f":"+IFERROR(VLOOKUP($A210,BD_INSUMOS2[],3,FALSE),\"\")","v":"M91"},{"$f":"+IFERROR(VLOOKUP($A210,BD_INSUMOS2[],5,FALSE),\"\")","v":"Mortero 1:3 Para Anillos"},{"$f":"+IFERROR(VLOOKUP($A210,BD_INSUMOS2[],6,FALSE),\"\")","v":"m³"},{"$f":"+IFERROR(VLOOKUP($A210,BD_INSUMOS2[],7,FALSE),\"\")","v":309140},{"$f":"+IFERROR(VLOOKUP($A210,BD_INSUMOS2[],8,FALSE),\"\")","v":0}]
[200,{"$f":"+IFERROR(VLOOKUP($A211,BD_INSUMOS2[],3,FALSE),\"\")","v":"M93"},{"$f":"+IFERROR(VLOOKUP($A211,BD_INSUMOS2[],5,FALSE),\"\")","v":"Tubo concreto reforzado 900mm (tipo 1)"},{"$f":"+IFERROR(VLOOKUP($A211,BD_INSUMOS2[],6,FALSE),\"\")","v":"m"},{"$f":"+IFERROR(VLOOKUP($A211,BD_INSUMOS2[],7,FALSE),\"\")","v":480000},{"$f":"+IFERROR(VLOOKUP($A211,BD_INSUMOS2[],8,FALSE),\"\")","v":0}]
[201,{"$f":"+IFERROR(VLOOKUP($A212,BD_INSUMOS2[],3,FALSE),\"\")","v":"T23"},{"$f":"+IFERROR(VLOOKUP($A212,BD_INSUMOS2[],5,FALSE),\"\")","v":"Transporte de material de solado y atraque tubería de concreto reforzado"},{"$f":"+IFERROR(VLOOKUP($A212,BD_INSUMOS2[],6,FALSE),\"\")","v":"m³*km"},{"$f":"+IFERROR(VLOOKUP($A212,BD_INSUMOS2[],7,FALSE),\"\")","v":575},{"$f":"+IFERROR(VLOOKUP($A212,BD_INSUMOS2[],8,FALSE),\"\")","v":0}]
[202,{"$f":"+IFERROR(VLOOKUP($A213,BD_INSUMOS2[],3,FALSE),\"\")","v":"T22"},{"$f":"+IFERROR(VLOOKUP($A213,BD_INSUMOS2[],5,FALSE),\"\")","v":"Transporte de tubería de concreto reforzado"},{"$f":"+IFERROR(VLOOKUP($A213,BD_INSUMOS2[],6,FALSE),\"\")","v":"kg*km"},{"$f":"+IFERROR(VLOOKUP($A213,BD_INSUMOS2[],7,FALSE),\"\")","v":0.56279999999999997},{"$f":"+IFERROR(VLOOKUP($A213,BD_INSUMOS2[],8,FALSE),\"\")","v":0}]
[203,{"$f":"+IFERROR(VLOOKUP($A214,BD_INSUMOS2[],3,FALSE),\"\")","v":"T24"},{"$f":"+IFERROR(VLOOKUP($A214,BD_INSUMOS2[],5,FALSE),\"\")","v":"Transporte de material triturado"},{"$f":"+IFERROR(VLOOKUP($A214,BD_INSUMOS2[],6,FALSE),\"\")","v":"m³/km"},{"$f":"+IFERROR(VLOOKUP($A214,BD_INSUMOS2[],7,FALSE),\"\")","v":1250},{"$f":"+IFERROR(VLOOKUP($A214,BD_INSUMOS2[],8,FALSE),\"\")","v":0}]
[204,{"$f":"+IFERROR(VLOOKUP($A215,BD_INSUMOS2[],3,FALSE),\"\")","v":"M94"},{"$f":"+IFERROR(VLOOKUP($A215,BD_INSUMOS2[],5,FALSE),\"\")","v":"Agregado para concreto hidráulico"},{"$f":"+IFERROR(VLOOKUP($A215,BD_INSUMOS2[],6,FALSE),\"\")","v":"m³"},{"$f":"+IFERROR(VLOOKUP($A215,BD_INSUMOS2[],7,FALSE),\"\")","v":52545.259645974002},{"$f":"+IFERROR(VLOOKUP($A215,BD_INSUMOS2[],8,FALSE),\"\")","v":0}]
[205,{"$f":"+IFERROR(VLOOKUP($A216,BD_INSUMOS2[],3,FALSE),\"\")","v":"M96"},{"$f":"+IFERROR(VLOOKUP($A216,BD_INSUMOS2[],5,FALSE),\"\")","v":"Cemento"},{"$f":"+IFERROR(VLOOKUP($A216,BD_INSUMOS2[],6,FALSE),\"\")","v":"kg"},{"$f":"+IFERROR(VLOOKUP($A216,BD_INSUMOS2[],7,FALSE),\"\")","v":570},{"$f":"+IFERROR(VLOOKUP($A216,BD_INSUMOS2[],8,FALSE),\"\")","v":0}]
[206,{"$f":"+IFERROR(VLOOKUP($A217,BD_INSUMOS2[],3,FALSE),\"\")","v":"M95"},{"$f":"+IFERROR(VLOOKUP($A217,BD_INSUMOS2[],5,FALSE),\"\")","v":"Piedra para concreto ciclópeo (rajón o canto rodado)"},{"$f":"+IFERROR(VLOOKUP($A217,BD_INSUMOS2[],6,FALSE),\"\")","v":"m³"},{"$f":"+IFERROR(VLOOKUP($A217,BD_INSUMOS2[],7,FALSE),\"\")","v":50000},{"$f":"+IFERROR(VLOOKUP($A217,BD_INSUMOS2[],8,FALSE),\"\")","v":0}]
[207,{"$f":"+IFERROR(VLOOKUP($A218,BD_INSUMOS2[],3,FALSE),\"\")","v":"M97"},{"$f":"+IFERROR(VLOOKUP($A218,BD_INSUMOS2[],5,FALSE),\"\")","v":"Arena de rio"},{"$f":"+IFERROR(VLOOKUP($A218,BD_INSUMOS2[],6,FALSE),\"\")","v":"m³"},{"$f":"+IFERROR(VLOOKUP($A218,BD_INSUMOS2[],7,FALSE),\"\")","v":44000},{"$f":"+IFERROR(VLOOKUP($A218,BD_INSUMOS2[],8,FALSE),\"\")","v":0}]
[208,{"$f":"+IFERROR(VLOOKUP($A219,BD_INSUMOS2[],3,FALSE),\"\")","v":"E55"},{"$f":"+IFERROR(VLOOKUP($A219,BD_INSUMOS2[],5,FALSE),\"\")","v":"Retroexcavadora E-200 sobre orugas"},{"$f":"+IFERROR(VLOOKUP($A219,BD_INSUMOS2[],6,FALSE),\"\")","v":"hora"},{"$f":"+IFERROR(VLOOKUP($A219,BD_INSUMOS2[],7,FALSE),\"\")","v":179791.20120000001},{"$f":"+IFERROR(VLOOKUP($A219,BD_INSUMOS2[],8,FALSE),\"\")","v":0}]
[209,{"$f":"+IFERROR(VLOOKUP($A220,BD_INSUMOS2[],3,FALSE),\"\")","v":"E54"},{"$f":"+IFERROR(VLOOKUP($A220,BD_INSUMOS2[],5,FALSE),\"\")","v":"Mezcladora de trompo"},{"$f":"+IFERROR(VLOOKUP($A220,BD_INSUMOS2[],6,FALSE),\"\")","v":"día"},{"$f":"+IFERROR(VLOOKUP($A220,BD_INSUMOS2[],7,FALSE),\"\")","v":25000},{"$f":"+IFERROR(VLOOKUP($A220,BD_INSUMOS2[],8,FALSE),\"\")","v":0}]
[210,{"$f":"+IFERROR(VLOOKUP($A221,BD_INSUMOS2[],3,FALSE),\"\")","v":"M100"},{"$f":"+IFERROR(VLOOKUP($A221,BD_INSUMOS2[],5,FALSE),\"\")","v":"Formaleta Metálica"},{"$f":"+IFERROR(VLOOKUP($A221,BD_INSUMOS2[],6,FALSE),\"\")","v":"m²"},{"$f":"+IFERROR(VLOOKUP($A221,BD_INSUMOS2[],7,FALSE),\"\")","v":10983.947574969399},{"$f":"+IFERROR(VLOOKUP($A221,BD_INSUMOS2[],8,FALSE),\"\")","v":0}]
[211,{"$f":"+IFERROR(VLOOKUP($A222,BD_INSUMOS2[],3,FALSE),\"\")","v":"T25"},{"$f":"+IFERROR(VLOOKUP($A222,BD_INSUMOS2[],5,FALSE),\"\")","v":"Transporte de concreto"},{"$f":"+IFERROR(VLOOKUP($A222,BD_INSUMOS2[],6,FALSE),\"\")","v":"m³/km"},{"$f":"+IFERROR(VLOOKUP($A222,BD_INSUMOS2[],7,FALSE),\"\")","v":1280},{"$f":"+IFERROR(VLOOKUP($A222,BD_INSUMOS2[],8,FALSE),\"\")","v":0}]
[212,{"$f":"+IFERROR(VLOOKUP($A223,BD_INSUMOS2[],3,FALSE),\"\")","v":"M98"},{"$f":"+IFERROR(VLOOKUP($A223,BD_INSUMOS2[],5,FALSE),\"\")","v":"Grava"},{"$f":"+IFERROR(VLOOKUP($A223,BD_INSUMOS2[],6,FALSE),\"\")","v":"m³"},{"$f":"+IFERROR(VLOOKUP($A223,BD_INSUMOS2[],7,FALSE),\"\")","v":48000},{"$f":"+IFERROR(VLOOKUP($A223,BD_INSUMOS2[],8,FALSE),\"\")","v":0}]
[213,{"$f":"+IFERROR(VLOOKUP($A224,BD_INSUMOS2[],3,FALSE),\"\")","v":"M99"},{"$f":"+IFERROR(VLOOKUP($A224,BD_INSUMOS2[],5,FALSE),\"\")","v":"Tubería PVC RD21 de 1´´ (para anclajes)"},{"$f":"+IFERROR(VLOOKUP($A224,BD_INSUMOS2[],6,FALSE),\"\")","v":"m"},{"$f":"+IFERROR(VLOOKUP($A224,BD_INSUMOS2[],7,FALSE),\"\")","v":5430.3245693219096},{"$f":"+IFERROR(VLOOKUP($A224,BD_INSUMOS2[],8,FALSE),\"\")","v":0}]
[214,{"$f":"+IFERROR(VLOOKUP($A225,BD_INSUMOS2[],3,FALSE),\"\")","v":"M101"},{"$f":"+IFERROR(VLOOKUP($A225,BD_INSUMOS2[],5,FALSE),\"\")","v":"TORNILLO ACERO 3/8\"*3\"/AF GRADO 5, TUERCA,ARANDELA"},{"$f":"+IFERROR(VLOOKUP($A225,BD_INSUMOS2[],6,FALSE),\"\")","v":"und"},{"$f":"+IFERROR(VLOOKUP($A225,BD_INSUMOS2[],7,FALSE),\"\")","v":4580},{"$f":"+IFERROR(VLOOKUP($A225,BD_INSUMOS2[],8,FALSE),\"\")","v":0}]
[215,{"$f":"+IFERROR(VLOOKUP($A226,BD_INSUMOS2[],3,FALSE),\"\")","v":"E56"},{"$f":"+IFERROR(VLOOKUP($A226,BD_INSUMOS2[],5,FALSE),\"\")","v":"Taco metálico o puntal (escamas en concreto)"},{"$f":"+IFERROR(VLOOKUP($A226,BD_INSUMOS2[],6,FALSE),\"\")","v":"und"},{"$f":"+IFERROR(VLOOKUP($A226,BD_INSUMOS2[],7,FALSE),\"\")","v":62.7},{"$f":"+IFERROR(VLOOKUP($A226,BD_INSUMOS2[],8,FALSE),\"\")","v":0}]
[216,{"$f":"+IFERROR(VLOOKUP($A227,BD_INSUMOS2[],3,FALSE),\"\")","v":"E57"},{"$f":"+IFERROR(VLOOKUP($A227,BD_INSUMOS2[],5,FALSE),\"\")","v":"Retroexcavadora de llantas"},{"$f":"+IFERROR(VLOOKUP($A227,BD_INSUMOS2[],6,FALSE),\"\")","v":"hora"},{"$f":"+IFERROR(VLOOKUP($A227,BD_INSUMOS2[],7,FALSE),\"\")","v":207266.4},{"$f":"+IFERROR(VLOOKUP($A227,BD_INSUMOS2[],8,FALSE),\"\")","v":0}]
[217,{"$f":"+IFERROR(VLOOKUP($A228,BD_INSUMOS2[],3,FALSE),\"\")","v":"M103"},{"$f":"+IFERROR(VLOOKUP($A228,BD_INSUMOS2[],5,FALSE),\"\")","v":"Material filtrante (6\")"},{"$f":"+IFERROR(VLOOKUP($A228,BD_INSUMOS2[],6,FALSE),\"\")","v":"m³"},{"$f":"+IFERROR(VLOOKUP($A228,BD_INSUMOS2[],7,FALSE),\"\")","v":47994.1},{"$f":"+IFERROR(VLOOKUP($A228,BD_INSUMOS2[],8,FALSE),\"\")","v":0}]
[218,{"$f":"+IFERROR(VLOOKUP($A229,BD_INSUMOS2[],3,FALSE),\"\")","v":"M102"},{"$f":"+IFERROR(VLOOKUP($A229,BD_INSUMOS2[],5,FALSE),\"\")","v":"LAMINA DE ACERO ASTM A572 GRADO 50, 50mm*4mm grado GALV."},{"$f":"+IFERROR(VLOOKUP($A229,BD_INSUMOS2[],6,FALSE),\"\")","v":"m"},{"$f":"+IFERROR(VLOOKUP($A229,BD_INSUMOS2[],7,FALSE),\"\")","v":5512},{"$f":"+IFERROR(VLOOKUP($A229,BD_INSUMOS2[],8,FALSE),\"\")","v":0}]
[219,{"$f":"+IFERROR(VLOOKUP($A230,BD_INSUMOS2[],3,FALSE),\"\")","v":"E60"},{"$f":"+IFERROR(VLOOKUP($A230,BD_INSUMOS2[],5,FALSE),\"\")","v":"GPS doble frecuencia"},{"$f":"+IFERROR(VLOOKUP($A230,BD_INSUMOS2[],6,FALSE),\"\")","v":"hora"},{"$f":"+IFERROR(VLOOKUP($A230,BD_INSUMOS2[],7,FALSE),\"\")","v":10000},{"$f":"+IFERROR(VLOOKUP($A230,BD_INSUMOS2[],8,FALSE),\"\")","v":0}]
[220,{"$f":"+IFERROR(VLOOKUP($A231,BD_INSUMOS2[],3,FALSE),\"\")","v":"M115"},{"$f":"+IFERROR(VLOOKUP($A231,BD_INSUMOS2[],5,FALSE),\"\")","v":"Pintura esmalte"},{"$f":"+IFERROR(VLOOKUP($A231,BD_INSUMOS2[],6,FALSE),\"\")","v":"gln"},{"$f":"+IFERROR(VLOOKUP($A231,BD_INSUMOS2[],7,FALSE),\"\")","v":60000},{"$f":"+IFERROR(VLOOKUP($A231,BD_INSUMOS2[],8,FALSE),\"\")","v":0}]
[221,{"$f":"+IFERROR(VLOOKUP($A232,BD_INSUMOS2[],3,FALSE),\"\")","v":"MO34"},{"$f":"+IFERROR(VLOOKUP($A232,BD_INSUMOS2[],5,FALSE),\"\")","v":"Ingeniero Civil"},{"$f":"+IFERROR(VLOOKUP($A232,BD_INSUMOS2[],6,FALSE),\"\")","v":"Jornal"},{"$f":"+IFERROR(VLOOKUP($A232,BD_INSUMOS2[],7,FALSE),\"\")","v":120000},{"$f":"+IFERROR(VLOOKUP($A232,BD_INSUMOS2[],8,FALSE),\"\")","v":0}]
[222,{"$f":"+IFERROR(VLOOKUP($A233,BD_INSUMOS2[],3,FALSE),\"\")","v":"M116"},{"$f":"+IFERROR(VLOOKUP($A233,BD_INSUMOS2[],5,FALSE),\"\")","v":"Bordillo prefabricado A15 (15x35x80cm)"},{"$f":"+IFERROR(VLOOKUP($A233,BD_INSUMOS2[],6,FALSE),\"\")","v":"und"},{"$f":"+IFERROR(VLOOKUP($A233,BD_INSUMOS2[],7,FALSE),\"\")","v":30000},{"$f":"+IFERROR(VLOOKUP($A233,BD_INSUMOS2[],8,FALSE),\"\")","v":0}]
[223,{"$f":"+IFERROR(VLOOKUP($A234,BD_INSUMOS2[],3,FALSE),\"\")","v":"M118"},{"$f":"+IFERROR(VLOOKUP($A234,BD_INSUMOS2[],5,FALSE),\"\")","v":"Agua"},{"$f":"+IFERROR(VLOOKUP($A234,BD_INSUMOS2[],6,FALSE),\"\")","v":"l"},{"$f":"+IFERROR(VLOOKUP($A234,BD_INSUMOS2[],7,FALSE),\"\")","v":10},{"$f":"+IFERROR(VLOOKUP($A234,BD_INSUMOS2[],8,FALSE),\"\")","v":0}]
[224,{"$f":"+IFERROR(VLOOKUP($A235,BD_INSUMOS2[],3,FALSE),\"\")","v":"E58"},{"$f":"+IFERROR(VLOOKUP($A235,BD_INSUMOS2[],5,FALSE),\"\")","v":"Camioneta Transporte Materiales"},{"$f":"+IFERROR(VLOOKUP($A235,BD_INSUMOS2[],6,FALSE),\"\")","v":"hora"},{"$f":"+IFERROR(VLOOKUP($A235,BD_INSUMOS2[],7,FALSE),\"\")","v":45000},{"$f":"+IFERROR(VLOOKUP($A235,BD_INSUMOS2[],8,FALSE),\"\")","v":0}]
[225,{"$f":"+IFERROR(VLOOKUP($A236,BD_INSUMOS2[],3,FALSE),\"\")","v":"E59"},{"$f":"+IFERROR(VLOOKUP($A236,BD_INSUMOS2[],5,FALSE),\"\")","v":"Camabaja"},{"$f":"+IFERROR(VLOOKUP($A236,BD_INSUMOS2[],6,FALSE),\"\")","v":"hora"},{"$f":"+IFERROR(VLOOKUP($A236,BD_INSUMOS2[],7,FALSE),\"\")","v":200000},{"$f":"+IFERROR(VLOOKUP($A236,BD_INSUMOS2[],8,FALSE),\"\")","v":0}]
[226,{"$f":"+IFERROR(VLOOKUP($A237,BD_INSUMOS2[],3,FALSE),\"\")","v":"M104"},{"$f":"+IFERROR(VLOOKUP($A237,BD_INSUMOS2[],5,FALSE),\"\")","v":"Estaca"},{"$f":"+IFERROR(VLOOKUP($A237,BD_INSUMOS2[],6,FALSE),\"\")","v":"und"},{"$f":"+IFERROR(VLOOKUP($A237,BD_INSUMOS2[],7,FALSE),\"\")","v":250},{"$f":"+IFERROR(VLOOKUP($A237,BD_INSUMOS2[],8,FALSE),\"\")","v":0}]
[227,{"$f":"+IFERROR(VLOOKUP($A238,BD_INSUMOS2[],3,FALSE),\"\")","v":"M105"},{"$f":"+IFERROR(VLOOKUP($A238,BD_INSUMOS2[],5,FALSE),\"\")","v":"Esmalte Doméstico"},{"$f":"+IFERROR(VLOOKUP($A238,BD_INSUMOS2[],6,FALSE),\"\")","v":"gal"},{"$f":"+IFERROR(VLOOKUP($A238,BD_INSUMOS2[],7,FALSE),\"\")","v":50000},{"$f":"+IFERROR(VLOOKUP($A238,BD_INSUMOS2[],8,FALSE),\"\")","v":0}]
[228,{"$f":"+IFERROR(VLOOKUP($A239,BD_INSUMOS2[],3,FALSE),\"\")","v":"M106"},{"$f":"+IFERROR(VLOOKUP($A239,BD_INSUMOS2[],5,FALSE),\"\")","v":"Material de Sub- Base CBR=30%"},{"$f":"+IFERROR(VLOOKUP($A239,BD_INSUMOS2[],6,FALSE),\"\")","v":"m³"},{"$f":"+IFERROR(VLOOKUP($A239,BD_INSUMOS2[],7,FALSE),\"\")","v":47000},{"$f":"+IFERROR(VLOOKUP($A239,BD_INSUMOS2[],8,FALSE),\"\")","v":0}]
[229,{"$f":"+IFERROR(VLOOKUP($A240,BD_INSUMOS2[],3,FALSE),\"\")","v":"M108"},{"$f":"+IFERROR(VLOOKUP($A240,BD_INSUMOS2[],5,FALSE),\"\")","v":"CONCRETO BÁSICO 21 MPA"},{"$f":"+IFERROR(VLOOKUP($A240,BD_INSUMOS2[],6,FALSE),\"\")","v":"m³"},{"$f":"+IFERROR(VLOOKUP($A240,BD_INSUMOS2[],7,FALSE),\"\")","v":345238},{"$f":"+IFERROR(VLOOKUP($A240,BD_INSUMOS2[],8,FALSE),\"\")","v":0}]
[230,{"$f":"+IFERROR(VLOOKUP($A241,BD_INSUMOS2[],3,FALSE),\"\")","v":"M109"},{"$f":"+IFERROR(VLOOKUP($A241,BD_INSUMOS2[],5,FALSE),\"\")","v":"CONCRETO BÁSICO 14 MPA"},{"$f":"+IFERROR(VLOOKUP($A241,BD_INSUMOS2[],6,FALSE),\"\")","v":"m³"},{"$f":"+IFERROR(VLOOKUP($A241,BD_INSUMOS2[],7,FALSE),\"\")","v":280338},{"$f":"+IFERROR(VLOOKUP($A241,BD_INSUMOS2[],8,FALSE),\"\")","v":0}]
[231,{"$f":"+IFERROR(VLOOKUP($A242,BD_INSUMOS2[],3,FALSE),\"\")","v":"M110"},{"$f":"+IFERROR(VLOOKUP($A242,BD_INSUMOS2[],5,FALSE),\"\")","v":"Acero PDR-6O"},{"$f":"+IFERROR(VLOOKUP($A242,BD_INSUMOS2[],6,FALSE),\"\")","v":"kg"},{"$f":"+IFERROR(VLOOKUP($A242,BD_INSUMOS2[],7,FALSE),\"\")","v":3300},{"$f":"+IFERROR(VLOOKUP($A242,BD_INSUMOS2[],8,FALSE),\"\")","v":0}]
[232,{"$f":"+IFERROR(VLOOKUP($A243,BD_INSUMOS2[],3,FALSE),\"\")","v":"M111"},{"$f":"+IFERROR(VLOOKUP($A243,BD_INSUMOS2[],5,FALSE),\"\")","v":"Piedra río D<20cm"},{"$f":"+IFERROR(VLOOKUP($A243,BD_INSUMOS2[],6,FALSE),\"\")","v":"m³"},{"$f":"+IFERROR(VLOOKUP($A243,BD_INSUMOS2[],7,FALSE),\"\")","v":50000},{"$f":"+IFERROR(VLOOKUP($A243,BD_INSUMOS2[],8,FALSE),\"\")","v":0}]
[233,{"$f":"+IFERROR(VLOOKUP($A244,BD_INSUMOS2[],3,FALSE),\"\")","v":"M112"},{"$f":"+IFERROR(VLOOKUP($A244,BD_INSUMOS2[],5,FALSE),\"\")","v":"MALLA PARA GAVIONES ( 2 M3) "},{"$f":"+IFERROR(VLOOKUP($A244,BD_INSUMOS2[],6,FALSE),\"\")","v":"und"},{"$f":"+IFERROR(VLOOKUP($A244,BD_INSUMOS2[],7,FALSE),\"\")","v":86484.3046414173},{"$f":"+IFERROR(VLOOKUP($A244,BD_INSUMOS2[],8,FALSE),\"\")","v":0}]
[234,{"$f":"+IFERROR(VLOOKUP($A245,BD_INSUMOS2[],3,FALSE),\"\")","v":"M114"},{"$f":"+IFERROR(VLOOKUP($A245,BD_INSUMOS2[],5,FALSE),\"\")","v":"Geodren Filtro"},{"$f":"+IFERROR(VLOOKUP($A245,BD_INSUMOS2[],6,FALSE),\"\")","v":"m"},{"$f":"+IFERROR(VLOOKUP($A245,BD_INSUMOS2[],7,FALSE),\"\")","v":30000},{"$f":"+IFERROR(VLOOKUP($A245,BD_INSUMOS2[],8,FALSE),\"\")","v":0}]
[235,{"$f":"+IFERROR(VLOOKUP($A246,BD_INSUMOS2[],3,FALSE),\"\")","v":"M117"},{"$f":"+IFERROR(VLOOKUP($A246,BD_INSUMOS2[],5,FALSE),\"\")","v":"MORTERO 1:3"},{"$f":"+IFERROR(VLOOKUP($A246,BD_INSUMOS2[],6,FALSE),\"\")","v":"m³"},{"$f":"+IFERROR(VLOOKUP($A246,BD_INSUMOS2[],7,FALSE),\"\")","v":411716},{"$f":"+IFERROR(VLOOKUP($A246,BD_INSUMOS2[],8,FALSE),\"\")","v":0}]
[236,{"$f":"+IFERROR(VLOOKUP($A247,BD_INSUMOS2[],3,FALSE),\"\")","v":"T26"},{"$f":"+IFERROR(VLOOKUP($A247,BD_INSUMOS2[],5,FALSE),\"\")","v":"Transporte Material de Subbase"},{"$f":"+IFERROR(VLOOKUP($A247,BD_INSUMOS2[],6,FALSE),\"\")","v":"m³"},{"$f":"+IFERROR(VLOOKUP($A247,BD_INSUMOS2[],7,FALSE),\"\")","v":1200},{"$f":"+IFERROR(VLOOKUP($A247,BD_INSUMOS2[],8,FALSE),\"\")","v":0}]
[237,{"$f":"+IFERROR(VLOOKUP($A248,BD_INSUMOS2[],3,FALSE),\"\")","v":"T27"},{"$f":"+IFERROR(VLOOKUP($A248,BD_INSUMOS2[],5,FALSE),\"\")","v":"Transporte de piedra para ciclopeo"},{"$f":"+IFERROR(VLOOKUP($A248,BD_INSUMOS2[],6,FALSE),\"\")","v":"m³"},{"$f":"+IFERROR(VLOOKUP($A248,BD_INSUMOS2[],7,FALSE),\"\")","v":1250},{"$f":"+IFERROR(VLOOKUP($A248,BD_INSUMOS2[],8,FALSE),\"\")","v":0}]
[238,{"$f":"+IFERROR(VLOOKUP($A249,BD_INSUMOS2[],3,FALSE),\"\")","v":"M119"},{"$f":"+IFERROR(VLOOKUP($A249,BD_INSUMOS2[],5,FALSE),\"\")","v":"Arena fina"},{"$f":"+IFERROR(VLOOKUP($A249,BD_INSUMOS2[],6,FALSE),\"\")","v":"m³"},{"$f":"+IFERROR(VLOOKUP($A249,BD_INSUMOS2[],7,FALSE),\"\")","v":44000},{"$f":"+IFERROR(VLOOKUP($A249,BD_INSUMOS2[],8,FALSE),\"\")","v":0}]
[239,{"$f":"+IFERROR(VLOOKUP($A250,BD_INSUMOS2[],3,FALSE),\"\")","v":"M120"},{"$f":"+IFERROR(VLOOKUP($A250,BD_INSUMOS2[],5,FALSE),\"\")","v":"Agua"},{"$f":"+IFERROR(VLOOKUP($A250,BD_INSUMOS2[],6,FALSE),\"\")","v":"l"},{"$f":"+IFERROR(VLOOKUP($A250,BD_INSUMOS2[],7,FALSE),\"\")","v":46.26},{"$f":"+IFERROR(VLOOKUP($A250,BD_INSUMOS2[],8,FALSE),\"\")","v":0}]
[240,{"$f":"+IFERROR(VLOOKUP($A251,BD_INSUMOS2[],3,FALSE),\"\")","v":"T28"},{"$f":"+IFERROR(VLOOKUP($A251,BD_INSUMOS2[],5,FALSE),\"\")","v":"Transporte de grava"},{"$f":"+IFERROR(VLOOKUP($A251,BD_INSUMOS2[],6,FALSE),\"\")","v":"m³"},{"$f":"+IFERROR(VLOOKUP($A251,BD_INSUMOS2[],7,FALSE),\"\")","v":1250},{"$f":"+IFERROR(VLOOKUP($A251,BD_INSUMOS2[],8,FALSE),\"\")","v":0}]
[241,{"$f":"+IFERROR(VLOOKUP($A252,BD_INSUMOS2[],3,FALSE),\"\")","v":"M121"},{"$f":"+IFERROR(VLOOKUP($A252,BD_INSUMOS2[],5,FALSE),\"\")","v":"CONCRETO RESISTENCIA 21 (MPa)"},{"$f":"+IFERROR(VLOOKUP($A252,BD_INSUMOS2[],6,FALSE),\"\")","v":"m³"},{"$f":"+IFERROR(VLOOKUP($A252,BD_INSUMOS2[],7,FALSE),\"\")","v":411018},{"$f":"+IFERROR(VLOOKUP($A252,BD_INSUMOS2[],8,FALSE),\"\")","v":0}]
[242,{"$f":"+IFERROR(VLOOKUP($A253,BD_INSUMOS2[],3,FALSE),\"\")","v":"M122"},{"$f":"+IFERROR(VLOOKUP($A253,BD_INSUMOS2[],5,FALSE),\"\")","v":"Geotextil Fortex BX-40"},{"$f":"+IFERROR(VLOOKUP($A253,BD_INSUMOS2[],6,FALSE),\"\")","v":"m²"},{"$f":"+IFERROR(VLOOKUP($A253,BD_INSUMOS2[],7,FALSE),\"\")","v":4453},{"$f":"+IFERROR(VLOOKUP($A253,BD_INSUMOS2[],8,FALSE),\"\")","v":0}]
[243,{"$f":"+IFERROR(VLOOKUP($A254,BD_INSUMOS2[],3,FALSE),\"\")","v":"MO35"},{"$f":"+IFERROR(VLOOKUP($A254,BD_INSUMOS2[],5,FALSE),\"\")","v":"Especialista en Estructuras"},{"$f":"+IFERROR(VLOOKUP($A254,BD_INSUMOS2[],6,FALSE),\"\")","v":"Sueldo"},{"$f":"+IFERROR(VLOOKUP($A254,BD_INSUMOS2[],7,FALSE),\"\")","v":4500000},{"$f":"+IFERROR(VLOOKUP($A254,BD_INSUMOS2[],8,FALSE),\"\")","v":0.3}]
[244,{"$f":"+IFERROR(VLOOKUP($A255,BD_INSUMOS2[],3,FALSE),\"\")","v":"MO36"},{"$f":"+IFERROR(VLOOKUP($A255,BD_INSUMOS2[],5,FALSE),\"\")","v":"Especialista en Geotecnia o suelos"},{"$f":"+IFERROR(VLOOKUP($A255,BD_INSUMOS2[],6,FALSE),\"\")","v":"Sueldo"},{"$f":"+IFERROR(VLOOKUP($A255,BD_INSUMOS2[],7,FALSE),\"\")","v":4500000},{"$f":"+IFERROR(VLOOKUP($A255,BD_INSUMOS2[],8,FALSE),\"\")","v":0.3}]
[245,{"$f":"+IFERROR(VLOOKUP($A256,BD_INSUMOS2[],3,FALSE),\"\")","v":"MO37"},{"$f":"+IFERROR(VLOOKUP($A256,BD_INSUMOS2[],5,FALSE),\"\")","v":"Especialista en Pavimentos"},{"$f":"+IFERROR(VLOOKUP($A256,BD_INSUMOS2[],6,FALSE),\"\")","v":"Sueldo"},{"$f":"+IFERROR(VLOOKUP($A256,BD_INSUMOS2[],7,FALSE),\"\")","v":4500000},{"$f":"+IFERROR(VLOOKUP($A256,BD_INSUMOS2[],8,FALSE),\"\")","v":0.3}]
[246,{"$f":"+IFERROR(VLOOKUP($A257,BD_INSUMOS2[],3,FALSE),\"\")","v":"MO38"},{"$f":"+IFERROR(VLOOKUP($A257,BD_INSUMOS2[],5,FALSE),\"\")","v":"Especialista en Hidráulica e Hidrología"},{"$f":"+IFERROR(VLOOKUP($A257,BD_INSUMOS2[],6,FALSE),\"\")","v":"Sueldo"},{"$f":"+IFERROR(VLOOKUP($A257,BD_INSUMOS2[],7,FALSE),\"\")","v":4500000},{"$f":"+IFERROR(VLOOKUP($A257,BD_INSUMOS2[],8,FALSE),\"\")","v":0.3}]
[247,{"$f":"+IFERROR(VLOOKUP($A258,BD_INSUMOS2[],3,FALSE),\"\")","v":"MO39"},{"$f":"+IFERROR(VLOOKUP($A258,BD_INSUMOS2[],5,FALSE),\"\")","v":"Topógrafo"},{"$f":"+IFERROR(VLOOKUP($A258,BD_INSUMOS2[],6,FALSE),\"\")","v":"Sueldo"},{"$f":"+IFERROR(VLOOKUP($A258,BD_INSUMOS2[],7,FALSE),\"\")","v":2500000},{"$f":"+IFERROR(VLOOKUP($A258,BD_INSUMOS2[],8,FALSE),\"\")","v":1}]
[248,{"$f":"+IFERROR(VLOOKUP($A259,BD_INSUMOS2[],3,FALSE),\"\")","v":"MO40"},{"$f":"+IFERROR(VLOOKUP($A259,BD_INSUMOS2[],5,FALSE),\"\")","v":"Cadenero"},{"$f":"+IFERROR(VLOOKUP($A259,BD_INSUMOS2[],6,FALSE),\"\")","v":"Salario"},{"$f":"+IFERROR(VLOOKUP($A259,BD_INSUMOS2[],7,FALSE),\"\")","v":1500000},{"$f":"+IFERROR(VLOOKUP($A259,BD_INSUMOS2[],8,FALSE),\"\")","v":1}]
[249,{"$f":"+IFERROR(VLOOKUP($A260,BD_INSUMOS2[],3,FALSE),\"\")","v":"MO41"},{"$f":"+IFERROR(VLOOKUP($A260,BD_INSUMOS2[],5,FALSE),\"\")","v":"Asistente Administrativa"},{"$f":"+IFERROR(VLOOKUP($A260,BD_INSUMOS2[],6,FALSE),\"\")","v":"Salario"},{"$f":"+IFERROR(VLOOKUP($A260,BD_INSUMOS2[],7,FALSE),\"\")","v":1500000},{"$f":"+IFERROR(VLOOKUP($A260,BD_INSUMOS2[],8,FALSE),\"\")","v":1}]
[250,{"$f":"+IFERROR(VLOOKUP($A261,BD_INSUMOS2[],3,FALSE),\"\")","v":"E61"},{"$f":"+IFERROR(VLOOKUP($A261,BD_INSUMOS2[],5,FALSE),\"\")","v":"Alquiler Equipo de Computo"},{"$f":"+IFERROR(VLOOKUP($A261,BD_INSUMOS2[],6,FALSE),\"\")","v":"mes"},{"$f":"+IFERROR(VLOOKUP($A261,BD_INSUMOS2[],7,FALSE),\"\")","v":300000},{"$f":"+IFERROR(VLOOKUP($A261,BD_INSUMOS2[],8,FALSE),\"\")","v":0}]
[251,{"$f":"+IFERROR(VLOOKUP($A262,BD_INSUMOS2[],3,FALSE),\"\")","v":"E62"},{"$f":"+IFERROR(VLOOKUP($A262,BD_INSUMOS2[],5,FALSE),\"\")","v":"Alquiler de Impresora"},{"$f":"+IFERROR(VLOOKUP($A262,BD_INSUMOS2[],6,FALSE),\"\")","v":"mes"},{"$f":"+IFERROR(VLOOKUP($A262,BD_INSUMOS2[],7,FALSE),\"\")","v":150000},{"$f":"+IFERROR(VLOOKUP($A262,BD_INSUMOS2[],8,FALSE),\"\")","v":0}]
[252,{"$f":"+IFERROR(VLOOKUP($A263,BD_INSUMOS2[],3,FALSE),\"\")","v":"E63"},{"$f":"+IFERROR(VLOOKUP($A263,BD_INSUMOS2[],5,FALSE),\"\")","v":"Alquiler Equipo de Comunicación (Celular) "},{"$f":"+IFERROR(VLOOKUP($A263,BD_INSUMOS2[],6,FALSE),\"\")","v":"mes"},{"$f":"+IFERROR(VLOOKUP($A263,BD_INSUMOS2[],7,FALSE),\"\")","v":150000},{"$f":"+IFERROR(VLOOKUP($A263,BD_INSUMOS2[],8,FALSE),\"\")","v":0}]
[253,{"$f":"+IFERROR(VLOOKUP($A264,BD_INSUMOS2[],3,FALSE),\"\")","v":"E64"},{"$f":"+IFERROR(VLOOKUP($A264,BD_INSUMOS2[],5,FALSE),\"\")","v":"Alquiler Camioneta 4x4"},{"$f":"+IFERROR(VLOOKUP($A264,BD_INSUMOS2[],6,FALSE),\"\")","v":"mes"},{"$f":"+IFERROR(VLOOKUP($A264,BD_INSUMOS2[],7,FALSE),\"\")","v":3800000},{"$f":"+IFERROR(VLOOKUP($A264,BD_INSUMOS2[],8,FALSE),\"\")","v":0}]
[254,{"$f":"+IFERROR(VLOOKUP($A265,BD_INSUMOS2[],3,FALSE),\"\")","v":"E65"},{"$f":"+IFERROR(VLOOKUP($A265,BD_INSUMOS2[],5,FALSE),\"\")","v":"Alquiler de Campamento"},{"$f":"+IFERROR(VLOOKUP($A265,BD_INSUMOS2[],6,FALSE),\"\")","v":"mes"},{"$f":"+IFERROR(VLOOKUP($A265,BD_INSUMOS2[],7,FALSE),\"\")","v":1000000},{"$f":"+IFERROR(VLOOKUP($A265,BD_INSUMOS2[],8,FALSE),\"\")","v":0}]
[255,{"$f":"+IFERROR(VLOOKUP($A266,BD_INSUMOS2[],3,FALSE),\"\")","v":"E66"},{"$f":"+IFERROR(VLOOKUP($A266,BD_INSUMOS2[],5,FALSE),\"\")","v":"Alquiler de Bodega"},{"$f":"+IFERROR(VLOOKUP($A266,BD_INSUMOS2[],6,FALSE),\"\")","v":"mes"},{"$f":"+IFERROR(VLOOKUP($A266,BD_INSUMOS2[],7,FALSE),\"\")","v":1000000},{"$f":"+IFERROR(VLOOKUP($A266,BD_INSUMOS2[],8,FALSE),\"\")","v":0}]
[256,{"$f":"+IFERROR(VLOOKUP($A267,BD_INSUMOS2[],3,FALSE),\"\")","v":"E67"},{"$f":"+IFERROR(VLOOKUP($A267,BD_INSUMOS2[],5,FALSE),\"\")","v":"Alquiler Muebles de Oficina"},{"$f":"+IFERROR(VLOOKUP($A267,BD_INSUMOS2[],6,FALSE),\"\")","v":"mes"},{"$f":"+IFERROR(VLOOKUP($A267,BD_INSUMOS2[],7,FALSE),\"\")","v":500000},{"$f":"+IFERROR(VLOOKUP($A267,BD_INSUMOS2[],8,FALSE),\"\")","v":0}]
[257,{"$f":"+IFERROR(VLOOKUP($A268,BD_INSUMOS2[],3,FALSE),\"\")","v":"M123"},{"$f":"+IFERROR(VLOOKUP($A268,BD_INSUMOS2[],5,FALSE),\"\")","v":"Papeleria "},{"$f":"+IFERROR(VLOOKUP($A268,BD_INSUMOS2[],6,FALSE),\"\")","v":"mes"},{"$f":"+IFERROR(VLOOKUP($A268,BD_INSUMOS2[],7,FALSE),\"\")","v":200000},{"$f":"+IFERROR(VLOOKUP($A268,BD_INSUMOS2[],8,FALSE),\"\")","v":0}]
[258,{"$f":"+IFERROR(VLOOKUP($A269,BD_INSUMOS2[],3,FALSE),\"\")","v":"E68"},{"$f":"+IFERROR(VLOOKUP($A269,BD_INSUMOS2[],5,FALSE),\"\")","v":"Internet Banda Ancha"},{"$f":"+IFERROR(VLOOKUP($A269,BD_INSUMOS2[],6,FALSE),\"\")","v":"mes"},{"$f":"+IFERROR(VLOOKUP($A269,BD_INSUMOS2[],7,FALSE),\"\")","v":150000},{"$f":"+IFERROR(VLOOKUP($A269,BD_INSUMOS2[],8,FALSE),\"\")","v":0}]
[259,{"$f":"+IFERROR(VLOOKUP($A270,BD_INSUMOS2[],3,FALSE),\"\")","v":"E69"},{"$f":"+IFERROR(VLOOKUP($A270,BD_INSUMOS2[],5,FALSE),\"\")","v":"Servicios Publicos Agua y Enería"},{"$f":"+IFERROR(VLOOKUP($A270,BD_INSUMOS2[],6,FALSE),\"\")","v":"mes"},{"$f":"+IFERROR(VLOOKUP($A270,BD_INSUMOS2[],7,FALSE),\"\")","v":300000},{"$f":"+IFERROR(VLOOKUP($A270,BD_INSUMOS2[],8,FALSE),\"\")","v":0}]
[260,{"$f":"+IFERROR(VLOOKUP($A271,BD_INSUMOS2[],3,FALSE),\"\")","v":"E70"},{"$f":"+IFERROR(VLOOKUP($A271,BD_INSUMOS2[],5,FALSE),\"\")","v":"Ensayos de Control de Calidad"},{"$f":"+IFERROR(VLOOKUP($A271,BD_INSUMOS2[],6,FALSE),\"\")","v":"mes"},{"$f":"+IFERROR(VLOOKUP($A271,BD_INSUMOS2[],7,FALSE),\"\")","v":600000},{"$f":"+IFERROR(VLOOKUP($A271,BD_INSUMOS2[],8,FALSE),\"\")","v":0}]
[261,{"$f":"+IFERROR(VLOOKUP($A272,BD_INSUMOS2[],3,FALSE),\"\")","v":"E71"},{"$f":"+IFERROR(VLOOKUP($A272,BD_INSUMOS2[],5,FALSE),\"\")","v":"Alquiler Equipo de Topografía"},{"$f":"+IFERROR(VLOOKUP($A272,BD_INSUMOS2[],6,FALSE),\"\")","v":"mes"},{"$f":"+IFERROR(VLOOKUP($A272,BD_INSUMOS2[],7,FALSE),\"\")","v":1500000},{"$f":"+IFERROR(VLOOKUP($A272,BD_INSUMOS2[],8,FALSE),\"\")","v":0}]
[262,{"$f":"+IFERROR(VLOOKUP($A273,BD_INSUMOS2[],3,FALSE),\"\")","v":"E72"},{"$f":"+IFERROR(VLOOKUP($A273,BD_INSUMOS2[],5,FALSE),\"\")","v":"Valla informativa"},{"$f":"+IFERROR(VLOOKUP($A273,BD_INSUMOS2[],6,FALSE),\"\")","v":"mes"},{"$f":"+IFERROR(VLOOKUP($A273,BD_INSUMOS2[],7,FALSE),\"\")","v":70000},{"$f":"+IFERROR(VLOOKUP($A273,BD_INSUMOS2[],8,FALSE),\"\")","v":0}]
[263,{"$f":"+IFERROR(VLOOKUP($A274,BD_INSUMOS2[],3,FALSE),\"\")","v":"M124"},{"$f":"+IFERROR(VLOOKUP($A274,BD_INSUMOS2[],5,FALSE),\"\")","v":"Señales temporales"},{"$f":"+IFERROR(VLOOKUP($A274,BD_INSUMOS2[],6,FALSE),\"\")","v":"und"},{"$f":"+IFERROR(VLOOKUP($A274,BD_INSUMOS2[],7,FALSE),\"\")","v":130000},{"$f":"+IFERROR(VLOOKUP($A274,BD_INSUMOS2[],8,FALSE),\"\")","v":0}]
[264,{"$f":"+IFERROR(VLOOKUP($A275,BD_INSUMOS2[],3,FALSE),\"\")","v":"M125"},{"$f":"+IFERROR(VLOOKUP($A275,BD_INSUMOS2[],5,FALSE),\"\")","v":"Paleta pare-siga reflectiva"},{"$f":"+IFERROR(VLOOKUP($A275,BD_INSUMOS2[],6,FALSE),\"\")","v":"und"},{"$f":"+IFERROR(VLOOKUP($A275,BD_INSUMOS2[],7,FALSE),\"\")","v":30000},{"$f":"+IFERROR(VLOOKUP($A275,BD_INSUMOS2[],8,FALSE),\"\")","v":0}]
[265,{"$f":"+IFERROR(VLOOKUP($A276,BD_INSUMOS2[],3,FALSE),\"\")","v":"M126"},{"$f":"+IFERROR(VLOOKUP($A276,BD_INSUMOS2[],5,FALSE),\"\")","v":"Barricada plástica (2,5m x 1,4m)"},{"$f":"+IFERROR(VLOOKUP($A276,BD_INSUMOS2[],6,FALSE),\"\")","v":"und"},{"$f":"+IFERROR(VLOOKUP($A276,BD_INSUMOS2[],7,FALSE),\"\")","v":570000},{"$f":"+IFERROR(VLOOKUP($A276,BD_INSUMOS2[],8,FALSE),\"\")","v":0}]
[266,{"$f":"+IFERROR(VLOOKUP($A277,BD_INSUMOS2[],3,FALSE),\"\")","v":"M127"},{"$f":"+IFERROR(VLOOKUP($A277,BD_INSUMOS2[],5,FALSE),\"\")","v":"Delineador tubular "},{"$f":"+IFERROR(VLOOKUP($A277,BD_INSUMOS2[],6,FALSE),\"\")","v":"und"},{"$f":"+IFERROR(VLOOKUP($A277,BD_INSUMOS2[],7,FALSE),\"\")","v":35000},{"$f":"+IFERROR(VLOOKUP($A277,BD_INSUMOS2[],8,FALSE),\"\")","v":0}]
[267,{"$f":"+IFERROR(VLOOKUP($A278,BD_INSUMOS2[],3,FALSE),\"\")","v":"M128"},{"$f":"+IFERROR(VLOOKUP($A278,BD_INSUMOS2[],5,FALSE),\"\")","v":"Cinta para delineador (300ml)"},{"$f":"+IFERROR(VLOOKUP($A278,BD_INSUMOS2[],6,FALSE),\"\")","v":"rollo"},{"$f":"+IFERROR(VLOOKUP($A278,BD_INSUMOS2[],7,FALSE),\"\")","v":30000},{"$f":"+IFERROR(VLOOKUP($A278,BD_INSUMOS2[],8,FALSE),\"\")","v":0}]
[268,{"$f":"+IFERROR(VLOOKUP($A279,BD_INSUMOS2[],3,FALSE),\"\")","v":"M129"},{"$f":"+IFERROR(VLOOKUP($A279,BD_INSUMOS2[],5,FALSE),\"\")","v":"Cinta señalización reflectante"},{"$f":"+IFERROR(VLOOKUP($A279,BD_INSUMOS2[],6,FALSE),\"\")","v":"rollo"},{"$f":"+IFERROR(VLOOKUP($A279,BD_INSUMOS2[],7,FALSE),\"\")","v":55000},{"$f":"+IFERROR(VLOOKUP($A279,BD_INSUMOS2[],8,FALSE),\"\")","v":0}]
[269,{"$f":"+IFERROR(VLOOKUP($A280,BD_INSUMOS2[],3,FALSE),\"\")","v":"M130"},{"$f":"+IFERROR(VLOOKUP($A280,BD_INSUMOS2[],5,FALSE),\"\")","v":"Cono PVC señalización vial 90cm cinta reflectiva seguridad"},{"$f":"+IFERROR(VLOOKUP($A280,BD_INSUMOS2[],6,FALSE),\"\")","v":"und"},{"$f":"+IFERROR(VLOOKUP($A280,BD_INSUMOS2[],7,FALSE),\"\")","v":120000},{"$f":"+IFERROR(VLOOKUP($A280,BD_INSUMOS2[],8,FALSE),\"\")","v":0}]
[270,{"$f":"+IFERROR(VLOOKUP($A281,BD_INSUMOS2[],3,FALSE),\"\")","v":"M131"},{"$f":"+IFERROR(VLOOKUP($A281,BD_INSUMOS2[],5,FALSE),\"\")","v":"Chaleco reflectivo (malla)"},{"$f":"+IFERROR(VLOOKUP($A281,BD_INSUMOS2[],6,FALSE),\"\")","v":"und"},{"$f":"+IFERROR(VLOOKUP($A281,BD_INSUMOS2[],7,FALSE),\"\")","v":20000},{"$f":"+IFERROR(VLOOKUP($A281,BD_INSUMOS2[],8,FALSE),\"\")","v":0}]
[271,{"$f":"+IFERROR(VLOOKUP($A282,BD_INSUMOS2[],3,FALSE),\"\")","v":"M132"},{"$f":"+IFERROR(VLOOKUP($A282,BD_INSUMOS2[],5,FALSE),\"\")","v":"Reflector led intemperie"},{"$f":"+IFERROR(VLOOKUP($A282,BD_INSUMOS2[],6,FALSE),\"\")","v":"und"},{"$f":"+IFERROR(VLOOKUP($A282,BD_INSUMOS2[],7,FALSE),\"\")","v":60000},{"$f":"+IFERROR(VLOOKUP($A282,BD_INSUMOS2[],8,FALSE),\"\")","v":0}]
[272,{"$f":"+IFERROR(VLOOKUP($A283,BD_INSUMOS2[],3,FALSE),\"\")","v":"MO42"},{"$f":"+IFERROR(VLOOKUP($A283,BD_INSUMOS2[],5,FALSE),\"\")","v":"Director de Interventoría"},{"$f":"+IFERROR(VLOOKUP($A283,BD_INSUMOS2[],6,FALSE),\"\")","v":"Sueldo"},{"$f":"+IFERROR(VLOOKUP($A283,BD_INSUMOS2[],7,FALSE),\"\")","v":6000000},{"$f":"+IFERROR(VLOOKUP($A283,BD_INSUMOS2[],8,FALSE),\"\")","v":0}]
[273,{"$f":"+IFERROR(VLOOKUP($A284,BD_INSUMOS2[],3,FALSE),\"\")","v":"MO43"},{"$f":"+IFERROR(VLOOKUP($A284,BD_INSUMOS2[],5,FALSE),\"\")","v":"Residente de Interventoría"},{"$f":"+IFERROR(VLOOKUP($A284,BD_INSUMOS2[],6,FALSE),\"\")","v":"Sueldo"},{"$f":"+IFERROR(VLOOKUP($A284,BD_INSUMOS2[],7,FALSE),\"\")","v":3500000},{"$f":"+IFERROR(VLOOKUP($A284,BD_INSUMOS2[],8,FALSE),\"\")","v":0}]
[274,{"$f":"+IFERROR(VLOOKUP($A285,BD_INSUMOS2[],3,FALSE),\"\")","v":"MO44"},{"$f":"+IFERROR(VLOOKUP($A285,BD_INSUMOS2[],5,FALSE),\"\")","v":"Especialista en Vías o Pavimentos"},{"$f":"+IFERROR(VLOOKUP($A285,BD_INSUMOS2[],6,FALSE),\"\")","v":"Sueldo"},{"$f":"+IFERROR(VLOOKUP($A285,BD_INSUMOS2[],7,FALSE),\"\")","v":4500000},{"$f":"+IFERROR(VLOOKUP($A285,BD_INSUMOS2[],8,FALSE),\"\")","v":0}]
[275,{"$f":"+IFERROR(VLOOKUP($A286,BD_INSUMOS2[],3,FALSE),\"\")","v":"E73"},{"$f":"+IFERROR(VLOOKUP($A286,BD_INSUMOS2[],5,FALSE),\"\")","v":"Herramienta Menor HM2 (% mano de obra)"},{"$f":"+IFERROR(VLOOKUP($A286,BD_INSUMOS2[],6,FALSE),\"\")","v":"glb"},{"$f":"+IFERROR(VLOOKUP($A286,BD_INSUMOS2[],7,FALSE),\"\")","v":0},{"$f":"+IFERROR(VLOOKUP($A286,BD_INSUMOS2[],8,FALSE),\"\")","v":0}]
[276,{"$f":"+IFERROR(VLOOKUP($A287,BD_INSUMOS2[],3,FALSE),\"\")","v":"M107"},{"$f":"+IFERROR(VLOOKUP($A287,BD_INSUMOS2[],5,FALSE),\"\")","v":"Emulsión Asfaltica"},{"$f":"+IFERROR(VLOOKUP($A287,BD_INSUMOS2[],6,FALSE),\"\")","v":"l"},{"$f":"+IFERROR(VLOOKUP($A287,BD_INSUMOS2[],7,FALSE),\"\")","v":2200},{"$f":"+IFERROR(VLOOKUP($A287,BD_INSUMOS2[],8,FALSE),\"\")","v":0}]
[277,{"$f":"+IFERROR(VLOOKUP($A288,BD_INSUMOS2[],3,FALSE),\"\")","v":"T29"},{"$f":"+IFERROR(VLOOKUP($A288,BD_INSUMOS2[],5,FALSE),\"\")","v":"Transporte de agregado tipo LA-5"},{"$f":"+IFERROR(VLOOKUP($A288,BD_INSUMOS2[],6,FALSE),\"\")","v":"m³/km"},{"$f":"+IFERROR(VLOOKUP($A288,BD_INSUMOS2[],7,FALSE),\"\")","v":1250},{"$f":"+IFERROR(VLOOKUP($A288,BD_INSUMOS2[],8,FALSE),\"\")","v":0}]
[278,{"$f":"+IFERROR(VLOOKUP($A289,BD_INSUMOS2[],3,FALSE),\"\")","v":"MO45"},{"$f":"+IFERROR(VLOOKUP($A289,BD_INSUMOS2[],5,FALSE),\"\")","v":"Profesional SISO"},{"$f":"+IFERROR(VLOOKUP($A289,BD_INSUMOS2[],6,FALSE),\"\")","v":"Sueldo"},{"$f":"+IFERROR(VLOOKUP($A289,BD_INSUMOS2[],7,FALSE),\"\")","v":3000000},{"$f":"+IFERROR(VLOOKUP($A289,BD_INSUMOS2[],8,FALSE),\"\")","v":0}]
[279,{"$f":"+IFERROR(VLOOKUP($A290,BD_INSUMOS2[],3,FALSE),\"\")","v":"E74"},{"$f":"+IFERROR(VLOOKUP($A290,BD_INSUMOS2[],5,FALSE),\"\")","v":"Plan Telefonía Celular"},{"$f":"+IFERROR(VLOOKUP($A290,BD_INSUMOS2[],6,FALSE),\"\")","v":"mes"},{"$f":"+IFERROR(VLOOKUP($A290,BD_INSUMOS2[],7,FALSE),\"\")","v":120000},{"$f":"+IFERROR(VLOOKUP($A290,BD_INSUMOS2[],8,FALSE),\"\")","v":0}]
[280,{"$f":"+IFERROR(VLOOKUP($A291,BD_INSUMOS2[],3,FALSE),\"\")","v":"MO46"},{"$f":"+IFERROR(VLOOKUP($A291,BD_INSUMOS2[],5,FALSE),\"\")","v":"Viáticos"},{"$f":"+IFERROR(VLOOKUP($A291,BD_INSUMOS2[],6,FALSE),\"\")","v":"mes"},{"$f":"+IFERROR(VLOOKUP($A291,BD_INSUMOS2[],7,FALSE),\"\")","v":1200000},{"$f":"+IFERROR(VLOOKUP($A291,BD_INSUMOS2[],8,FALSE),\"\")","v":0}]
[281,{"$f":"+IFERROR(VLOOKUP($A292,BD_INSUMOS2[],3,FALSE),\"\")","v":""},{"$f":"+IFERROR(VLOOKUP($A292,BD_INSUMOS2[],5,FALSE),\"\")","v":""},{"$f":"+IFERROR(VLOOKUP($A292,BD_INSUMOS2[],6,FALSE),\"\")","v":""},{"$f":"+IFERROR(VLOOKUP($A292,BD_INSUMOS2[],7,FALSE),\"\")","v":""},{"$f":"+IFERROR(VLOOKUP($A292,BD_INSUMOS2[],8,FALSE),\"\")","v":""}]
[282,{"$f":"+IFERROR(VLOOKUP($A293,BD_INSUMOS2[],3,FALSE),\"\")","v":""},{"$f":"+IFERROR(VLOOKUP($A293,BD_INSUMOS2[],5,FALSE),\"\")","v":""},{"$f":"+IFERROR(VLOOKUP($A293,BD_INSUMOS2[],6,FALSE),\"\")","v":""},{"$f":"+IFERROR(VLOOKUP($A293,BD_INSUMOS2[],7,FALSE),\"\")","v":""},{"$f":"+IFERROR(VLOOKUP($A293,BD_INSUMOS2[],8,FALSE),\"\")","v":""}]
[283,{"$f":"+IFERROR(VLOOKUP($A294,BD_INSUMOS2[],3,FALSE),\"\")","v":""},{"$f":"+IFERROR(VLOOKUP($A294,BD_INSUMOS2[],5,FALSE),\"\")","v":""},{"$f":"+IFERROR(VLOOKUP($A294,BD_INSUMOS2[],6,FALSE),\"\")","v":""},{"$f":"+IFERROR(VLOOKUP($A294,BD_INSUMOS2[],7,FALSE),\"\")","v":""},{"$f":"+IFERROR(VLOOKUP($A294,BD_INSUMOS2[],8,FALSE),\"\")","v":""}]
[284,{"$f":"+IFERROR(VLOOKUP($A295,BD_INSUMOS2[],3,FALSE),\"\")","v":""},{"$f":"+IFERROR(VLOOKUP($A295,BD_INSUMOS2[],5,FALSE),\"\")","v":""},{"$f":"+IFERROR(VLOOKUP($A295,BD_INSUMOS2[],6,FALSE),\"\")","v":""},{"$f":"+IFERROR(VLOOKUP($A295,BD_INSUMOS2[],7,FALSE),\"\")","v":""},{"$f":"+IFERROR(VLOOKUP($A295,BD_INSUMOS2[],8,FALSE),\"\")","v":""}]
[285,{"$f":"+IFERROR(VLOOKUP($A296,BD_INSUMOS2[],3,FALSE),\"\")","v":""},{"$f":"+IFERROR(VLOOKUP($A296,BD_INSUMOS2[],5,FALSE),\"\")","v":""},{"$f":"+IFERROR(VLOOKUP($A296,BD_INSUMOS2[],6,FALSE),\"\")","v":""},{"$f":"+IFERROR(VLOOKUP($A296,BD_INSUMOS2[],7,FALSE),\"\")","v":""},{"$f":"+IFERROR(VLOOKUP($A296,BD_INSUMOS2[],8,FALSE),\"\")","v":""}]
[286,{"$f":"+IFERROR(VLOOKUP($A297,BD_INSUMOS2[],3,FALSE),\"\")","v":""},{"$f":"+IFERROR(VLOOKUP($A297,BD_INSUMOS2[],5,FALSE),\"\")","v":""},{"$f":"+IFERROR(VLOOKUP($A297,BD_INSUMOS2[],6,FALSE),\"\")","v":""},{"$f":"+IFERROR(VLOOKUP($A297,BD_INSUMOS2[],7,FALSE),\"\")","v":""},{"$f":"+IFERROR(VLOOKUP($A297,BD_INSUMOS2[],8,FALSE),\"\")","v":""}]
[287,{"$f":"+IFERROR(VLOOKUP($A298,BD_INSUMOS2[],3,FALSE),\"\")","v":""},{"$f":"+IFERROR(VLOOKUP($A298,BD_INSUMOS2[],5,FALSE),\"\")","v":""},{"$f":"+IFERROR(VLOOKUP($A298,BD_INSUMOS2[],6,FALSE),\"\")","v":""},{"$f":"+IFERROR(VLOOKUP($A298,BD_INSUMOS2[],7,FALSE),\"\")","v":""},{"$f":"+IFERROR(VLOOKUP($A298,BD_INSUMOS2[],8,FALSE),\"\")","v":""}]
[288,{"$f":"+IFERROR(VLOOKUP($A299,BD_INSUMOS2[],3,FALSE),\"\")","v":""},{"$f":"+IFERROR(VLOOKUP($A299,BD_INSUMOS2[],5,FALSE),\"\")","v":""},{"$f":"+IFERROR(VLOOKUP($A299,BD_INSUMOS2[],6,FALSE),\"\")","v":""},{"$f":"+IFERROR(VLOOKUP($A299,BD_INSUMOS2[],7,FALSE),\"\")","v":""},{"$f":"+IFERROR(VLOOKUP($A299,BD_INSUMOS2[],8,FALSE),\"\")","v":""}]
[289,{"$f":"+IFERROR(VLOOKUP($A300,BD_INSUMOS2[],3,FALSE),\"\")","v":""},{"$f":"+IFERROR(VLOOKUP($A300,BD_INSUMOS2[],5,FALSE),\"\")","v":""},{"$f":"+IFERROR(VLOOKUP($A300,BD_INSUMOS2[],6,FALSE),\"\")","v":""},{"$f":"+IFERROR(VLOOKUP($A300,BD_INSUMOS2[],7,FALSE),\"\")","v":""},{"$f":"+IFERROR(VLOOKUP($A300,BD_INSUMOS2[],8,FALSE),\"\")","v":""}]
[290,{"$f":"+IFERROR(VLOOKUP($A301,BD_INSUMOS2[],3,FALSE),\"\")","v":""},{"$f":"+IFERROR(VLOOKUP($A301,BD_INSUMOS2[],5,FALSE),\"\")","v":""},{"$f":"+IFERROR(VLOOKUP($A301,BD_INSUMOS2[],6,FALSE),\"\")","v":""},{"$f":"+IFERROR(VLOOKUP($A301,BD_INSUMOS2[],7,FALSE),\"\")","v":""},{"$f":"+IFERROR(VLOOKUP($A301,BD_INSUMOS2[],8,FALSE),\"\")","v":""}]
[291,{"$f":"+IFERROR(VLOOKUP($A302,BD_INSUMOS2[],3,FALSE),\"\")","v":""},{"$f":"+IFERROR(VLOOKUP($A302,BD_INSUMOS2[],5,FALSE),\"\")","v":""},{"$f":"+IFERROR(VLOOKUP($A302,BD_INSUMOS2[],6,FALSE),\"\")","v":""},{"$f":"+IFERROR(VLOOKUP($A302,BD_INSUMOS2[],7,FALSE),\"\")","v":""},{"$f":"+IFERROR(VLOOKUP($A302,BD_INSUMOS2[],8,FALSE),\"\")","v":""}]
[292,{"$f":"+IFERROR(VLOOKUP($A303,BD_INSUMOS2[],3,FALSE),\"\")","v":""},{"$f":"+IFERROR(VLOOKUP($A303,BD_INSUMOS2[],5,FALSE),\"\")","v":""},{"$f":"+IFERROR(VLOOKUP($A303,BD_INSUMOS2[],6,FALSE),\"\")","v":""},{"$f":"+IFERROR(VLOOKUP($A303,BD_INSUMOS2[],7,FALSE),\"\")","v":""},{"$f":"+IFERROR(VLOOKUP($A303,BD_INSUMOS2[],8,FALSE),\"\")","v":""}]
[293,{"$f":"+IFERROR(VLOOKUP($A304,BD_INSUMOS2[],3,FALSE),\"\")","v":""},{"$f":"+IFERROR(VLOOKUP($A304,BD_INSUMOS2[],5,FALSE),\"\")","v":""},{"$f":"+IFERROR(VLOOKUP($A304,BD_INSUMOS2[],6,FALSE),\"\")","v":""},{"$f":"+IFERROR(VLOOKUP($A304,BD_INSUMOS2[],7,FALSE),\"\")","v":""},{"$f":"+IFERROR(VLOOKUP($A304,BD_INSUMOS2[],8,FALSE),\"\")","v":""}]
[294,{"$f":"+IFERROR(VLOOKUP($A305,BD_INSUMOS2[],3,FALSE),\"\")","v":""},{"$f":"+IFERROR(VLOOKUP($A305,BD_INSUMOS2[],5,FALSE),\"\")","v":""},{"$f":"+IFERROR(VLOOKUP($A305,BD_INSUMOS2[],6,FALSE),\"\")","v":""},{"$f":"+IFERROR(VLOOKUP($A305,BD_INSUMOS2[],7,FALSE),\"\")","v":""},{"$f":"+IFERROR(VLOOKUP($A305,BD_INSUMOS2[],8,FALSE),\"\")","v":""}]
[295,{"$f":"+IFERROR(VLOOKUP($A306,BD_INSUMOS2[],3,FALSE),\"\")","v":""},{"$f":"+IFERROR(VLOOKUP($A306,BD_INSUMOS2[],5,FALSE),\"\")","v":""},{"$f":"+IFERROR(VLOOKUP($A306,BD_INSUMOS2[],6,FALSE),\"\")","v":""},{"$f":"+IFERROR(VLOOKUP($A306,BD_INSUMOS2[],7,FALSE),\"\")","v":""},{"$f":"+IFERROR(VLOOKUP($A306,BD_INSUMOS2[],8,FALSE),\"\")","v":""}]
[296,{"$f":"+IFERROR(VLOOKUP($A307,BD_INSUMOS2[],3,FALSE),\"\")","v":""},{"$f":"+IFERROR(VLOOKUP($A307,BD_INSUMOS2[],5,FALSE),\"\")","v":""},{"$f":"+IFERROR(VLOOKUP($A307,BD_INSUMOS2[],6,FALSE),\"\")","v":""},{"$f":"+IFERROR(VLOOKUP($A307,BD_INSUMOS2[],7,FALSE),\"\")","v":""},{"$f":"+IFERROR(VLOOKUP($A307,BD_INSUMOS2[],8,FALSE),\"\")","v":""}]
[297,{"$f":"+IFERROR(VLOOKUP($A308,BD_INSUMOS2[],3,FALSE),\"\")","v":""},{"$f":"+IFERROR(VLOOKUP($A308,BD_INSUMOS2[],5,FALSE),\"\")","v":""},{"$f":"+IFERROR(VLOOKUP($A308,BD_INSUMOS2[],6,FALSE),\"\")","v":""},{"$f":"+IFERROR(VLOOKUP($A308,BD_INSUMOS2[],7,FALSE),\"\")","v":""},{"$f":"+IFERROR(VLOOKUP($A308,BD_INSUMOS2[],8,FALSE),\"\")","v":""}]
[298,{"$f":"+IFERROR(VLOOKUP($A309,BD_INSUMOS2[],3,FALSE),\"\")","v":""},{"$f":"+IFERROR(VLOOKUP($A309,BD_INSUMOS2[],5,FALSE),\"\")","v":""},{"$f":"+IFERROR(VLOOKUP($A309,BD_INSUMOS2[],6,FALSE),\"\")","v":""},{"$f":"+IFERROR(VLOOKUP($A309,BD_INSUMOS2[],7,FALSE),\"\")","v":""},{"$f":"+IFERROR(VLOOKUP($A309,BD_INSUMOS2[],8,FALSE),\"\")","v":""}]
[299,{"$f":"+IFERROR(VLOOKUP($A310,BD_INSUMOS2[],3,FALSE),\"\")","v":""},{"$f":"+IFERROR(VLOOKUP($A310,BD_INSUMOS2[],5,FALSE),\"\")","v":""},{"$f":"+IFERROR(VLOOKUP($A310,BD_INSUMOS2[],6,FALSE),\"\")","v":""},{"$f":"+IFERROR(VLOOKUP($A310,BD_INSUMOS2[],7,FALSE),\"\")","v":""},{"$f":"+IFERROR(VLOOKUP($A310,BD_INSUMOS2[],8,FALSE),\"\")","v":""}]
[300,{"$f":"+IFERROR(VLOOKUP($A311,BD_INSUMOS2[],3,FALSE),\"\")","v":""},{"$f":"+IFERROR(VLOOKUP($A311,BD_INSUMOS2[],5,FALSE),\"\")","v":""},{"$f":"+IFERROR(VLOOKUP($A311,BD_INSUMOS2[],6,FALSE),\"\")","v":""},{"$f":"+IFERROR(VLOOKUP($A311,BD_INSUMOS2[],7,FALSE),\"\")","v":""},{"$f":"+IFERROR(VLOOKUP($A311,BD_INSUMOS2[],8,FALSE),\"\")","v":""}]
[301,{"$f":"+IFERROR(VLOOKUP($A312,BD_INSUMOS2[],3,FALSE),\"\")","v":""},{"$f":"+IFERROR(VLOOKUP($A312,BD_INSUMOS2[],5,FALSE),\"\")","v":""},{"$f":"+IFERROR(VLOOKUP($A312,BD_INSUMOS2[],6,FALSE),\"\")","v":""},{"$f":"+IFERROR(VLOOKUP($A312,BD_INSUMOS2[],7,FALSE),\"\")","v":""},{"$f":"+IFERROR(VLOOKUP($A312,BD_INSUMOS2[],8,FALSE),\"\")","v":""}]
[302,{"$f":"+IFERROR(VLOOKUP($A313,BD_INSUMOS2[],3,FALSE),\"\")","v":""},{"$f":"+IFERROR(VLOOKUP($A313,BD_INSUMOS2[],5,FALSE),\"\")","v":""},{"$f":"+IFERROR(VLOOKUP($A313,BD_INSUMOS2[],6,FALSE),\"\")","v":""},{"$f":"+IFERROR(VLOOKUP($A313,BD_INSUMOS2[],7,FALSE),\"\")","v":""},{"$f":"+IFERROR(VLOOKUP($A313,BD_INSUMOS2[],8,FALSE),\"\")","v":""}]
[303,{"$f":"+IFERROR(VLOOKUP($A314,BD_INSUMOS2[],3,FALSE),\"\")","v":""},{"$f":"+IFERROR(VLOOKUP($A314,BD_INSUMOS2[],5,FALSE),\"\")","v":""},{"$f":"+IFERROR(VLOOKUP($A314,BD_INSUMOS2[],6,FALSE),\"\")","v":""},{"$f":"+IFERROR(VLOOKUP($A314,BD_INSUMOS2[],7,FALSE),\"\")","v":""},{"$f":"+IFERROR(VLOOKUP($A314,BD_INSUMOS2[],8,FALSE),\"\")","v":""}]
[304,{"$f":"+IFERROR(VLOOKUP($A315,BD_INSUMOS2[],3,FALSE),\"\")","v":""},{"$f":"+IFERROR(VLOOKUP($A315,BD_INSUMOS2[],5,FALSE),\"\")","v":""},{"$f":"+IFERROR(VLOOKUP($A315,BD_INSUMOS2[],6,FALSE),\"\")","v":""},{"$f":"+IFERROR(VLOOKUP($A315,BD_INSUMOS2[],7,FALSE),\"\")","v":""},{"$f":"+IFERROR(VLOOKUP($A315,BD_INSUMOS2[],8,FALSE),\"\")","v":""}]
[305,{"$f":"+IFERROR(VLOOKUP($A316,BD_INSUMOS2[],3,FALSE),\"\")","v":""},{"$f":"+IFERROR(VLOOKUP($A316,BD_INSUMOS2[],5,FALSE),\"\")","v":""},{"$f":"+IFERROR(VLOOKUP($A316,BD_INSUMOS2[],6,FALSE),\"\")","v":""},{"$f":"+IFERROR(VLOOKUP($A316,BD_INSUMOS2[],7,FALSE),\"\")","v":""},{"$f":"+IFERROR(VLOOKUP($A316,BD_INSUMOS2[],8,FALSE),\"\")","v":""}]
[306,{"$f":"+IFERROR(VLOOKUP($A317,BD_INSUMOS2[],3,FALSE),\"\")","v":""},{"$f":"+IFERROR(VLOOKUP($A317,BD_INSUMOS2[],5,FALSE),\"\")","v":""},{"$f":"+IFERROR(VLOOKUP($A317,BD_INSUMOS2[],6,FALSE),\"\")","v":""},{"$f":"+IFERROR(VLOOKUP($A317,BD_INSUMOS2[],7,FALSE),\"\")","v":""},{"$f":"+IFERROR(VLOOKUP($A317,BD_INSUMOS2[],8,FALSE),\"\")","v":""}]
[307,{"$f":"+IFERROR(VLOOKUP($A318,BD_INSUMOS2[],3,FALSE),\"\")","v":""},{"$f":"+IFERROR(VLOOKUP($A318,BD_INSUMOS2[],5,FALSE),\"\")","v":""},{"$f":"+IFERROR(VLOOKUP($A318,BD_INSUMOS2[],6,FALSE),\"\")","v":""},{"$f":"+IFERROR(VLOOKUP($A318,BD_INSUMOS2[],7,FALSE),\"\")","v":""},{"$f":"+IFERROR(VLOOKUP($A318,BD_INSUMOS2[],8,FALSE),\"\")","v":""}]
[308,{"$f":"+IFERROR(VLOOKUP($A319,BD_INSUMOS2[],3,FALSE),\"\")","v":""},{"$f":"+IFERROR(VLOOKUP($A319,BD_INSUMOS2[],5,FALSE),\"\")","v":""},{"$f":"+IFERROR(VLOOKUP($A319,BD_INSUMOS2[],6,FALSE),\"\")","v":""},{"$f":"+IFERROR(VLOOKUP($A319,BD_INSUMOS2[],7,FALSE),\"\")","v":""},{"$f":"+IFERROR(VLOOKUP($A319,BD_INSUMOS2[],8,FALSE),\"\")","v":""}]
[309,{"$f":"+IFERROR(VLOOKUP($A320,BD_INSUMOS2[],3,FALSE),\"\")","v":""},{"$f":"+IFERROR(VLOOKUP($A320,BD_INSUMOS2[],5,FALSE),\"\")","v":""},{"$f":"+IFERROR(VLOOKUP($A320,BD_INSUMOS2[],6,FALSE),\"\")","v":""},{"$f":"+IFERROR(VLOOKUP($A320,BD_INSUMOS2[],7,FALSE),\"\")","v":""},{"$f":"+IFERROR(VLOOKUP($A320,BD_INSUMOS2[],8,FALSE),\"\")","v":""}]
[310,{"$f":"+IFERROR(VLOOKUP($A321,BD_INSUMOS2[],3,FALSE),\"\")","v":""},{"$f":"+IFERROR(VLOOKUP($A321,BD_INSUMOS2[],5,FALSE),\"\")","v":""},{"$f":"+IFERROR(VLOOKUP($A321,BD_INSUMOS2[],6,FALSE),\"\")","v":""},{"$f":"+IFERROR(VLOOKUP($A321,BD_INSUMOS2[],7,FALSE),\"\")","v":""},{"$f":"+IFERROR(VLOOKUP($A321,BD_INSUMOS2[],8,FALSE),\"\")","v":""}]
[311,{"$f":"+IFERROR(VLOOKUP($A322,BD_INSUMOS2[],3,FALSE),\"\")","v":""},{"$f":"+IFERROR(VLOOKUP($A322,BD_INSUMOS2[],5,FALSE),\"\")","v":""},{"$f":"+IFERROR(VLOOKUP($A322,BD_INSUMOS2[],6,FALSE),\"\")","v":""},{"$f":"+IFERROR(VLOOKUP($A322,BD_INSUMOS2[],7,FALSE),\"\")","v":""},{"$f":"+IFERROR(VLOOKUP($A322,BD_INSUMOS2[],8,FALSE),\"\")","v":""}]
[312,{"$f":"+IFERROR(VLOOKUP($A323,BD_INSUMOS2[],3,FALSE),\"\")","v":""},{"$f":"+IFERROR(VLOOKUP($A323,BD_INSUMOS2[],5,FALSE),\"\")","v":""},{"$f":"+IFERROR(VLOOKUP($A323,BD_INSUMOS2[],6,FALSE),\"\")","v":""},{"$f":"+IFERROR(VLOOKUP($A323,BD_INSUMOS2[],7,FALSE),\"\")","v":""},{"$f":"+IFERROR(VLOOKUP($A323,BD_INSUMOS2[],8,FALSE),\"\")","v":""}]
[313,{"$f":"+IFERROR(VLOOKUP($A324,BD_INSUMOS2[],3,FALSE),\"\")","v":""},{"$f":"+IFERROR(VLOOKUP($A324,BD_INSUMOS2[],5,FALSE),\"\")","v":""},{"$f":"+IFERROR(VLOOKUP($A324,BD_INSUMOS2[],6,FALSE),\"\")","v":""},{"$f":"+IFERROR(VLOOKUP($A324,BD_INSUMOS2[],7,FALSE),\"\")","v":""},{"$f":"+IFERROR(VLOOKUP($A324,BD_INSUMOS2[],8,FALSE),\"\")","v":""}]
[314,{"$f":"+IFERROR(VLOOKUP($A325,BD_INSUMOS2[],3,FALSE),\"\")","v":""},{"$f":"+IFERROR(VLOOKUP($A325,BD_INSUMOS2[],5,FALSE),\"\")","v":""},{"$f":"+IFERROR(VLOOKUP($A325,BD_INSUMOS2[],6,FALSE),\"\")","v":""},{"$f":"+IFERROR(VLOOKUP($A325,BD_INSUMOS2[],7,FALSE),\"\")","v":""},{"$f":"+IFERROR(VLOOKUP($A325,BD_INSUMOS2[],8,FALSE),\"\")","v":""}]
[315,{"$f":"+IFERROR(VLOOKUP($A326,BD_INSUMOS2[],3,FALSE),\"\")","v":""},{"$f":"+IFERROR(VLOOKUP($A326,BD_INSUMOS2[],5,FALSE),\"\")","v":""},{"$f":"+IFERROR(VLOOKUP($A326,BD_INSUMOS2[],6,FALSE),\"\")","v":""},{"$f":"+IFERROR(VLOOKUP($A326,BD_INSUMOS2[],7,FALSE),\"\")","v":""},{"$f":"+IFERROR(VLOOKUP($A326,BD_INSUMOS2[],8,FALSE),\"\")","v":""}]
[316,{"$f":"+IFERROR(VLOOKUP($A327,BD_INSUMOS2[],3,FALSE),\"\")","v":""},{"$f":"+IFERROR(VLOOKUP($A327,BD_INSUMOS2[],5,FALSE),\"\")","v":""},{"$f":"+IFERROR(VLOOKUP($A327,BD_INSUMOS2[],6,FALSE),\"\")","v":""},{"$f":"+IFERROR(VLOOKUP($A327,BD_INSUMOS2[],7,FALSE),\"\")","v":""},{"$f":"+IFERROR(VLOOKUP($A327,BD_INSUMOS2[],8,FALSE),\"\")","v":""}]
[317,{"$f":"+IFERROR(VLOOKUP($A328,BD_INSUMOS2[],3,FALSE),\"\")","v":""},{"$f":"+IFERROR(VLOOKUP($A328,BD_INSUMOS2[],5,FALSE),\"\")","v":""},{"$f":"+IFERROR(VLOOKUP($A328,BD_INSUMOS2[],6,FALSE),\"\")","v":""},{"$f":"+IFERROR(VLOOKUP($A328,BD_INSUMOS2[],7,FALSE),\"\")","v":""},{"$f":"+IFERROR(VLOOKUP($A328,BD_INSUMOS2[],8,FALSE),\"\")","v":""}]
[318,{"$f":"+IFERROR(VLOOKUP($A329,BD_INSUMOS2[],3,FALSE),\"\")","v":""},{"$f":"+IFERROR(VLOOKUP($A329,BD_INSUMOS2[],5,FALSE),\"\")","v":""},{"$f":"+IFERROR(VLOOKUP($A329,BD_INSUMOS2[],6,FALSE),\"\")","v":""},{"$f":"+IFERROR(VLOOKUP($A329,BD_INSUMOS2[],7,FALSE),\"\")","v":""},{"$f":"+IFERROR(VLOOKUP($A329,BD_INSUMOS2[],8,FALSE),\"\")","v":""}]
[319,{"$f":"+IFERROR(VLOOKUP($A330,BD_INSUMOS2[],3,FALSE),\"\")","v":""},{"$f":"+IFERROR(VLOOKUP($A330,BD_INSUMOS2[],5,FALSE),\"\")","v":""},{"$f":"+IFERROR(VLOOKUP($A330,BD_INSUMOS2[],6,FALSE),\"\")","v":""},{"$f":"+IFERROR(VLOOKUP($A330,BD_INSUMOS2[],7,FALSE),\"\")","v":""},{"$f":"+IFERROR(VLOOKUP($A330,BD_INSUMOS2[],8,FALSE),\"\")","v":""}]
[320,{"$f":"+IFERROR(VLOOKUP($A331,BD_INSUMOS2[],3,FALSE),\"\")","v":""},{"$f":"+IFERROR(VLOOKUP($A331,BD_INSUMOS2[],5,FALSE),\"\")","v":""},{"$f":"+IFERROR(VLOOKUP($A331,BD_INSUMOS2[],6,FALSE),\"\")","v":""},{"$f":"+IFERROR(VLOOKUP($A331,BD_INSUMOS2[],7,FALSE),\"\")","v":""},{"$f":"+IFERROR(VLOOKUP($A331,BD_INSUMOS2[],8,FALSE),\"\")","v":""}]
[321,{"$f":"+IFERROR(VLOOKUP($A332,BD_INSUMOS2[],3,FALSE),\"\")","v":""},{"$f":"+IFERROR(VLOOKUP($A332,BD_INSUMOS2[],5,FALSE),\"\")","v":""},{"$f":"+IFERROR(VLOOKUP($A332,BD_INSUMOS2[],6,FALSE),\"\")","v":""},{"$f":"+IFERROR(VLOOKUP($A332,BD_INSUMOS2[],7,FALSE),\"\")","v":""},{"$f":"+IFERROR(VLOOKUP($A332,BD_INSUMOS2[],8,FALSE),\"\")","v":""}]
[322,{"$f":"+IFERROR(VLOOKUP($A333,BD_INSUMOS2[],3,FALSE),\"\")","v":""},{"$f":"+IFERROR(VLOOKUP($A333,BD_INSUMOS2[],5,FALSE),\"\")","v":""},{"$f":"+IFERROR(VLOOKUP($A333,BD_INSUMOS2[],6,FALSE),\"\")","v":""},{"$f":"+IFERROR(VLOOKUP($A333,BD_INSUMOS2[],7,FALSE),\"\")","v":""},{"$f":"+IFERROR(VLOOKUP($A333,BD_INSUMOS2[],8,FALSE),\"\")","v":""}]
[323,{"$f":"+IFERROR(VLOOKUP($A334,BD_INSUMOS2[],3,FALSE),\"\")","v":""},{"$f":"+IFERROR(VLOOKUP($A334,BD_INSUMOS2[],5,FALSE),\"\")","v":""},{"$f":"+IFERROR(VLOOKUP($A334,BD_INSUMOS2[],6,FALSE),\"\")","v":""},{"$f":"+IFERROR(VLOOKUP($A334,BD_INSUMOS2[],7,FALSE),\"\")","v":""},{"$f":"+IFERROR(VLOOKUP($A334,BD_INSUMOS2[],8,FALSE),\"\")","v":""}]
[324,{"$f":"+IFERROR(VLOOKUP($A335,BD_INSUMOS2[],3,FALSE),\"\")","v":""},{"$f":"+IFERROR(VLOOKUP($A335,BD_INSUMOS2[],5,FALSE),\"\")","v":""},{"$f":"+IFERROR(VLOOKUP($A335,BD_INSUMOS2[],6,FALSE),\"\")","v":""},{"$f":"+IFERROR(VLOOKUP($A335,BD_INSUMOS2[],7,FALSE),\"\")","v":""},{"$f":"+IFERROR(VLOOKUP($A335,BD_INSUMOS2[],8,FALSE),\"\")","v":""}]
[325,{"$f":"+IFERROR(VLOOKUP($A336,BD_INSUMOS2[],3,FALSE),\"\")","v":""},{"$f":"+IFERROR(VLOOKUP($A336,BD_INSUMOS2[],5,FALSE),\"\")","v":""},{"$f":"+IFERROR(VLOOKUP($A336,BD_INSUMOS2[],6,FALSE),\"\")","v":""},{"$f":"+IFERROR(VLOOKUP($A336,BD_INSUMOS2[],7,FALSE),\"\")","v":""},{"$f":"+IFERROR(VLOOKUP($A336,BD_INSUMOS2[],8,FALSE),\"\")","v":""}]
[326,{"$f":"+IFERROR(VLOOKUP($A337,BD_INSUMOS2[],3,FALSE),\"\")","v":""},{"$f":"+IFERROR(VLOOKUP($A337,BD_INSUMOS2[],5,FALSE),\"\")","v":""},{"$f":"+IFERROR(VLOOKUP($A337,BD_INSUMOS2[],6,FALSE),\"\")","v":""},{"$f":"+IFERROR(VLOOKUP($A337,BD_INSUMOS2[],7,FALSE),\"\")","v":""},{"$f":"+IFERROR(VLOOKUP($A337,BD_INSUMOS2[],8,FALSE),\"\")","v":""}]
[327,{"$f":"+IFERROR(VLOOKUP($A338,BD_INSUMOS2[],3,FALSE),\"\")","v":""},{"$f":"+IFERROR(VLOOKUP($A338,BD_INSUMOS2[],5,FALSE),\"\")","v":""},{"$f":"+IFERROR(VLOOKUP($A338,BD_INSUMOS2[],6,FALSE),\"\")","v":""},{"$f":"+IFERROR(VLOOKUP($A338,BD_INSUMOS2[],7,FALSE),\"\")","v":""},{"$f":"+IFERROR(VLOOKUP($A338,BD_INSUMOS2[],8,FALSE),\"\")","v":""}]
[328,{"$f":"+IFERROR(VLOOKUP($A339,BD_INSUMOS2[],3,FALSE),\"\")","v":""},{"$f":"+IFERROR(VLOOKUP($A339,BD_INSUMOS2[],5,FALSE),\"\")","v":""},{"$f":"+IFERROR(VLOOKUP($A339,BD_INSUMOS2[],6,FALSE),\"\")","v":""},{"$f":"+IFERROR(VLOOKUP($A339,BD_INSUMOS2[],7,FALSE),\"\")","v":""},{"$f":"+IFERROR(VLOOKUP($A339,BD_INSUMOS2[],8,FALSE),\"\")","v":""}]
[329,{"$f":"+IFERROR(VLOOKUP($A340,BD_INSUMOS2[],3,FALSE),\"\")","v":""},{"$f":"+IFERROR(VLOOKUP($A340,BD_INSUMOS2[],5,FALSE),\"\")","v":""},{"$f":"+IFERROR(VLOOKUP($A340,BD_INSUMOS2[],6,FALSE),\"\")","v":""},{"$f":"+IFERROR(VLOOKUP($A340,BD_INSUMOS2[],7,FALSE),\"\")","v":""},{"$f":"+IFERROR(VLOOKUP($A340,BD_INSUMOS2[],8,FALSE),\"\")","v":""}]
[330,{"$f":"+IFERROR(VLOOKUP($A341,BD_INSUMOS2[],3,FALSE),\"\")","v":""},{"$f":"+IFERROR(VLOOKUP($A341,BD_INSUMOS2[],5,FALSE),\"\")","v":""},{"$f":"+IFERROR(VLOOKUP($A341,BD_INSUMOS2[],6,FALSE),\"\")","v":""},{"$f":"+IFERROR(VLOOKUP($A341,BD_INSUMOS2[],7,FALSE),\"\")","v":""},{"$f":"+IFERROR(VLOOKUP($A341,BD_INSUMOS2[],8,FALSE),\"\")","v":""}]
[331,{"$f":"+IFERROR(VLOOKUP($A342,BD_INSUMOS2[],3,FALSE),\"\")","v":""},{"$f":"+IFERROR(VLOOKUP($A342,BD_INSUMOS2[],5,FALSE),\"\")","v":""},{"$f":"+IFERROR(VLOOKUP($A342,BD_INSUMOS2[],6,FALSE),\"\")","v":""},{"$f":"+IFERROR(VLOOKUP($A342,BD_INSUMOS2[],7,FALSE),\"\")","v":""},{"$f":"+IFERROR(VLOOKUP($A342,BD_INSUMOS2[],8,FALSE),\"\")","v":""}]
[332,{"$f":"+IFERROR(VLOOKUP($A343,BD_INSUMOS2[],3,FALSE),\"\")","v":""},{"$f":"+IFERROR(VLOOKUP($A343,BD_INSUMOS2[],5,FALSE),\"\")","v":""},{"$f":"+IFERROR(VLOOKUP($A343,BD_INSUMOS2[],6,FALSE),\"\")","v":""},{"$f":"+IFERROR(VLOOKUP($A343,BD_INSUMOS2[],7,FALSE),\"\")","v":""},{"$f":"+IFERROR(VLOOKUP($A343,BD_INSUMOS2[],8,FALSE),\"\")","v":""}]
[333,{"$f":"+IFERROR(VLOOKUP($A344,BD_INSUMOS2[],3,FALSE),\"\")","v":""},{"$f":"+IFERROR(VLOOKUP($A344,BD_INSUMOS2[],5,FALSE),\"\")","v":""},{"$f":"+IFERROR(VLOOKUP($A344,BD_INSUMOS2[],6,FALSE),\"\")","v":""},{"$f":"+IFERROR(VLOOKUP($A344,BD_INSUMOS2[],7,FALSE),\"\")","v":""},{"$f":"+IFERROR(VLOOKUP($A344,BD_INSUMOS2[],8,FALSE),\"\")","v":""}]
[334,{"$f":"+IFERROR(VLOOKUP($A345,BD_INSUMOS2[],3,FALSE),\"\")","v":""},{"$f":"+IFERROR(VLOOKUP($A345,BD_INSUMOS2[],5,FALSE),\"\")","v":""},{"$f":"+IFERROR(VLOOKUP($A345,BD_INSUMOS2[],6,FALSE),\"\")","v":""},{"$f":"+IFERROR(VLOOKUP($A345,BD_INSUMOS2[],7,FALSE),\"\")","v":""},{"$f":"+IFERROR(VLOOKUP($A345,BD_INSUMOS2[],8,FALSE),\"\")","v":""}]
[335,{"$f":"+IFERROR(VLOOKUP($A346,BD_INSUMOS2[],3,FALSE),\"\")","v":""},{"$f":"+IFERROR(VLOOKUP($A346,BD_INSUMOS2[],5,FALSE),\"\")","v":""},{"$f":"+IFERROR(VLOOKUP($A346,BD_INSUMOS2[],6,FALSE),\"\")","v":""},{"$f":"+IFERROR(VLOOKUP($A346,BD_INSUMOS2[],7,FALSE),\"\")","v":""},{"$f":"+IFERROR(VLOOKUP($A346,BD_INSUMOS2[],8,FALSE),\"\")","v":""}]
[336,{"$f":"+IFERROR(VLOOKUP($A347,BD_INSUMOS2[],3,FALSE),\"\")","v":""},{"$f":"+IFERROR(VLOOKUP($A347,BD_INSUMOS2[],5,FALSE),\"\")","v":""},{"$f":"+IFERROR(VLOOKUP($A347,BD_INSUMOS2[],6,FALSE),\"\")","v":""},{"$f":"+IFERROR(VLOOKUP($A347,BD_INSUMOS2[],7,FALSE),\"\")","v":""},{"$f":"+IFERROR(VLOOKUP($A347,BD_INSUMOS2[],8,FALSE),\"\")","v":""}]
[337,{"$f":"+IFERROR(VLOOKUP($A348,BD_INSUMOS2[],3,FALSE),\"\")","v":""},{"$f":"+IFERROR(VLOOKUP($A348,BD_INSUMOS2[],5,FALSE),\"\")","v":""},{"$f":"+IFERROR(VLOOKUP($A348,BD_INSUMOS2[],6,FALSE),\"\")","v":""},{"$f":"+IFERROR(VLOOKUP($A348,BD_INSUMOS2[],7,FALSE),\"\")","v":""},{"$f":"+IFERROR(VLOOKUP($A348,BD_INSUMOS2[],8,FALSE),\"\")","v":""}]
[338,{"$f":"+IFERROR(VLOOKUP($A349,BD_INSUMOS2[],3,FALSE),\"\")","v":""},{"$f":"+IFERROR(VLOOKUP($A349,BD_INSUMOS2[],5,FALSE),\"\")","v":""},{"$f":"+IFERROR(VLOOKUP($A349,BD_INSUMOS2[],6,FALSE),\"\")","v":""},{"$f":"+IFERROR(VLOOKUP($A349,BD_INSUMOS2[],7,FALSE),\"\")","v":""},{"$f":"+IFERROR(VLOOKUP($A349,BD_INSUMOS2[],8,FALSE),\"\")","v":""}]
[339,{"$f":"+IFERROR(VLOOKUP($A350,BD_INSUMOS2[],3,FALSE),\"\")","v":""},{"$f":"+IFERROR(VLOOKUP($A350,BD_INSUMOS2[],5,FALSE),\"\")","v":""},{"$f":"+IFERROR(VLOOKUP($A350,BD_INSUMOS2[],6,FALSE),\"\")","v":""},{"$f":"+IFERROR(VLOOKUP($A350,BD_INSUMOS2[],7,FALSE),\"\")","v":""},{"$f":"+IFERROR(VLOOKUP($A350,BD_INSUMOS2[],8,FALSE),\"\")","v":""}]
[340,{"$f":"+IFERROR(VLOOKUP($A351,BD_INSUMOS2[],3,FALSE),\"\")","v":""},{"$f":"+IFERROR(VLOOKUP($A351,BD_INSUMOS2[],5,FALSE),\"\")","v":""},{"$f":"+IFERROR(VLOOKUP($A351,BD_INSUMOS2[],6,FALSE),\"\")","v":""},{"$f":"+IFERROR(VLOOKUP($A351,BD_INSUMOS2[],7,FALSE),\"\")","v":""},{"$f":"+IFERROR(VLOOKUP($A351,BD_INSUMOS2[],8,FALSE),\"\")","v":""}]
[341,{"$f":"+IFERROR(VLOOKUP($A352,BD_INSUMOS2[],3,FALSE),\"\")","v":""},{"$f":"+IFERROR(VLOOKUP($A352,BD_INSUMOS2[],5,FALSE),\"\")","v":""},{"$f":"+IFERROR(VLOOKUP($A352,BD_INSUMOS2[],6,FALSE),\"\")","v":""},{"$f":"+IFERROR(VLOOKUP($A352,BD_INSUMOS2[],7,FALSE),\"\")","v":""},{"$f":"+IFERROR(VLOOKUP($A352,BD_INSUMOS2[],8,FALSE),\"\")","v":""}]
[342,{"$f":"+IFERROR(VLOOKUP($A353,BD_INSUMOS2[],3,FALSE),\"\")","v":""},{"$f":"+IFERROR(VLOOKUP($A353,BD_INSUMOS2[],5,FALSE),\"\")","v":""},{"$f":"+IFERROR(VLOOKUP($A353,BD_INSUMOS2[],6,FALSE),\"\")","v":""},{"$f":"+IFERROR(VLOOKUP($A353,BD_INSUMOS2[],7,FALSE),\"\")","v":""},{"$f":"+IFERROR(VLOOKUP($A353,BD_INSUMOS2[],8,FALSE),\"\")","v":""}]
[343,{"$f":"+IFERROR(VLOOKUP($A354,BD_INSUMOS2[],3,FALSE),\"\")","v":""},{"$f":"+IFERROR(VLOOKUP($A354,BD_INSUMOS2[],5,FALSE),\"\")","v":""},{"$f":"+IFERROR(VLOOKUP($A354,BD_INSUMOS2[],6,FALSE),\"\")","v":""},{"$f":"+IFERROR(VLOOKUP($A354,BD_INSUMOS2[],7,FALSE),\"\")","v":""},{"$f":"+IFERROR(VLOOKUP($A354,BD_INSUMOS2[],8,FALSE),\"\")","v":""}]
[344,{"$f":"+IFERROR(VLOOKUP($A355,BD_INSUMOS2[],3,FALSE),\"\")","v":""},{"$f":"+IFERROR(VLOOKUP($A355,BD_INSUMOS2[],5,FALSE),\"\")","v":""},{"$f":"+IFERROR(VLOOKUP($A355,BD_INSUMOS2[],6,FALSE),\"\")","v":""},{"$f":"+IFERROR(VLOOKUP($A355,BD_INSUMOS2[],7,FALSE),\"\")","v":""},{"$f":"+IFERROR(VLOOKUP($A355,BD_INSUMOS2[],8,FALSE),\"\")","v":""}]
[345,{"$f":"+IFERROR(VLOOKUP($A356,BD_INSUMOS2[],3,FALSE),\"\")","v":""},{"$f":"+IFERROR(VLOOKUP($A356,BD_INSUMOS2[],5,FALSE),\"\")","v":""},{"$f":"+IFERROR(VLOOKUP($A356,BD_INSUMOS2[],6,FALSE),\"\")","v":""},{"$f":"+IFERROR(VLOOKUP($A356,BD_INSUMOS2[],7,FALSE),\"\")","v":""},{"$f":"+IFERROR(VLOOKUP($A356,BD_INSUMOS2[],8,FALSE),\"\")","v":""}]
[346,{"$f":"+IFERROR(VLOOKUP($A357,BD_INSUMOS2[],3,FALSE),\"\")","v":""},{"$f":"+IFERROR(VLOOKUP($A357,BD_INSUMOS2[],5,FALSE),\"\")","v":""},{"$f":"+IFERROR(VLOOKUP($A357,BD_INSUMOS2[],6,FALSE),\"\")","v":""},{"$f":"+IFERROR(VLOOKUP($A357,BD_INSUMOS2[],7,FALSE),\"\")","v":""},{"$f":"+IFERROR(VLOOKUP($A357,BD_INSUMOS2[],8,FALSE),\"\")","v":""}]
[347,{"$f":"+IFERROR(VLOOKUP($A358,BD_INSUMOS2[],3,FALSE),\"\")","v":""},{"$f":"+IFERROR(VLOOKUP($A358,BD_INSUMOS2[],5,FALSE),\"\")","v":""},{"$f":"+IFERROR(VLOOKUP($A358,BD_INSUMOS2[],6,FALSE),\"\")","v":""},{"$f":"+IFERROR(VLOOKUP($A358,BD_INSUMOS2[],7,FALSE),\"\")","v":""},{"$f":"+IFERROR(VLOOKUP($A358,BD_INSUMOS2[],8,FALSE),\"\")","v":""}]
[348,{"$f":"+IFERROR(VLOOKUP($A359,BD_INSUMOS2[],3,FALSE),\"\")","v":""},{"$f":"+IFERROR(VLOOKUP($A359,BD_INSUMOS2[],5,FALSE),\"\")","v":""},{"$f":"+IFERROR(VLOOKUP($A359,BD_INSUMOS2[],6,FALSE),\"\")","v":""},{"$f":"+IFERROR(VLOOKUP($A359,BD_INSUMOS2[],7,FALSE),\"\")","v":""},{"$f":"+IFERROR(VLOOKUP($A359,BD_INSUMOS2[],8,FALSE),\"\")","v":""}]
[349,{"$f":"+IFERROR(VLOOKUP($A360,BD_INSUMOS2[],3,FALSE),\"\")","v":""},{"$f":"+IFERROR(VLOOKUP($A360,BD_INSUMOS2[],5,FALSE),\"\")","v":""},{"$f":"+IFERROR(VLOOKUP($A360,BD_INSUMOS2[],6,FALSE),\"\")","v":""},{"$f":"+IFERROR(VLOOKUP($A360,BD_INSUMOS2[],7,FALSE),\"\")","v":""},{"$f":"+IFERROR(VLOOKUP($A360,BD_INSUMOS2[],8,FALSE),\"\")","v":""}]
[350,{"$f":"+IFERROR(VLOOKUP($A361,BD_INSUMOS2[],3,FALSE),\"\")","v":""},{"$f":"+IFERROR(VLOOKUP($A361,BD_INSUMOS2[],5,FALSE),\"\")","v":""},{"$f":"+IFERROR(VLOOKUP($A361,BD_INSUMOS2[],6,FALSE),\"\")","v":""},{"$f":"+IFERROR(VLOOKUP($A361,BD_INSUMOS2[],7,FALSE),\"\")","v":""},{"$f":"+IFERROR(VLOOKUP($A361,BD_INSUMOS2[],8,FALSE),\"\")","v":""}]
[351,{"$f":"+IFERROR(VLOOKUP($A362,BD_INSUMOS2[],3,FALSE),\"\")","v":""},{"$f":"+IFERROR(VLOOKUP($A362,BD_INSUMOS2[],5,FALSE),\"\")","v":""},{"$f":"+IFERROR(VLOOKUP($A362,BD_INSUMOS2[],6,FALSE),\"\")","v":""},{"$f":"+IFERROR(VLOOKUP($A362,BD_INSUMOS2[],7,FALSE),\"\")","v":""},{"$f":"+IFERROR(VLOOKUP($A362,BD_INSUMOS2[],8,FALSE),\"\")","v":""}]
[352,{"$f":"+IFERROR(VLOOKUP($A363,BD_INSUMOS2[],3,FALSE),\"\")","v":""},{"$f":"+IFERROR(VLOOKUP($A363,BD_INSUMOS2[],5,FALSE),\"\")","v":""},{"$f":"+IFERROR(VLOOKUP($A363,BD_INSUMOS2[],6,FALSE),\"\")","v":""},{"$f":"+IFERROR(VLOOKUP($A363,BD_INSUMOS2[],7,FALSE),\"\")","v":""},{"$f":"+IFERROR(VLOOKUP($A363,BD_INSUMOS2[],8,FALSE),\"\")","v":""}]
[353,{"$f":"+IFERROR(VLOOKUP($A364,BD_INSUMOS2[],3,FALSE),\"\")","v":""},{"$f":"+IFERROR(VLOOKUP($A364,BD_INSUMOS2[],5,FALSE),\"\")","v":""},{"$f":"+IFERROR(VLOOKUP($A364,BD_INSUMOS2[],6,FALSE),\"\")","v":""},{"$f":"+IFERROR(VLOOKUP($A364,BD_INSUMOS2[],7,FALSE),\"\")","v":""},{"$f":"+IFERROR(VLOOKUP($A364,BD_INSUMOS2[],8,FALSE),\"\")","v":""}]
[354,{"$f":"+IFERROR(VLOOKUP($A365,BD_INSUMOS2[],3,FALSE),\"\")","v":""},{"$f":"+IFERROR(VLOOKUP($A365,BD_INSUMOS2[],5,FALSE),\"\")","v":""},{"$f":"+IFERROR(VLOOKUP($A365,BD_INSUMOS2[],6,FALSE),\"\")","v":""},{"$f":"+IFERROR(VLOOKUP($A365,BD_INSUMOS2[],7,FALSE),\"\")","v":""},{"$f":"+IFERROR(VLOOKUP($A365,BD_INSUMOS2[],8,FALSE),\"\")","v":""}]
[355,{"$f":"+IFERROR(VLOOKUP($A366,BD_INSUMOS2[],3,FALSE),\"\")","v":""},{"$f":"+IFERROR(VLOOKUP($A366,BD_INSUMOS2[],5,FALSE),\"\")","v":""},{"$f":"+IFERROR(VLOOKUP($A366,BD_INSUMOS2[],6,FALSE),\"\")","v":""},{"$f":"+IFERROR(VLOOKUP($A366,BD_INSUMOS2[],7,FALSE),\"\")","v":""},{"$f":"+IFERROR(VLOOKUP($A366,BD_INSUMOS2[],8,FALSE),\"\")","v":""}]
[356,{"$f":"+IFERROR(VLOOKUP($A367,BD_INSUMOS2[],3,FALSE),\"\")","v":""},{"$f":"+IFERROR(VLOOKUP($A367,BD_INSUMOS2[],5,FALSE),\"\")","v":""},{"$f":"+IFERROR(VLOOKUP($A367,BD_INSUMOS2[],6,FALSE),\"\")","v":""},{"$f":"+IFERROR(VLOOKUP($A367,BD_INSUMOS2[],7,FALSE),\"\")","v":""},{"$f":"+IFERROR(VLOOKUP($A367,BD_INSUMOS2[],8,FALSE),\"\")","v":""}]
[357,{"$f":"+IFERROR(VLOOKUP($A368,BD_INSUMOS2[],3,FALSE),\"\")","v":""},{"$f":"+IFERROR(VLOOKUP($A368,BD_INSUMOS2[],5,FALSE),\"\")","v":""},{"$f":"+IFERROR(VLOOKUP($A368,BD_INSUMOS2[],6,FALSE),\"\")","v":""},{"$f":"+IFERROR(VLOOKUP($A368,BD_INSUMOS2[],7,FALSE),\"\")","v":""},{"$f":"+IFERROR(VLOOKUP($A368,BD_INSUMOS2[],8,FALSE),\"\")","v":""}]
[358,{"$f":"+IFERROR(VLOOKUP($A369,BD_INSUMOS2[],3,FALSE),\"\")","v":""},{"$f":"+IFERROR(VLOOKUP($A369,BD_INSUMOS2[],5,FALSE),\"\")","v":""},{"$f":"+IFERROR(VLOOKUP($A369,BD_INSUMOS2[],6,FALSE),\"\")","v":""},{"$f":"+IFERROR(VLOOKUP($A369,BD_INSUMOS2[],7,FALSE),\"\")","v":""},{"$f":"+IFERROR(VLOOKUP($A369,BD_INSUMOS2[],8,FALSE),\"\")","v":""}]
[359,{"$f":"+IFERROR(VLOOKUP($A370,BD_INSUMOS2[],3,FALSE),\"\")","v":""},{"$f":"+IFERROR(VLOOKUP($A370,BD_INSUMOS2[],5,FALSE),\"\")","v":""},{"$f":"+IFERROR(VLOOKUP($A370,BD_INSUMOS2[],6,FALSE),\"\")","v":""},{"$f":"+IFERROR(VLOOKUP($A370,BD_INSUMOS2[],7,FALSE),\"\")","v":""},{"$f":"+IFERROR(VLOOKUP($A370,BD_INSUMOS2[],8,FALSE),\"\")","v":""}]
[360,{"$f":"+IFERROR(VLOOKUP($A371,BD_INSUMOS2[],3,FALSE),\"\")","v":""},{"$f":"+IFERROR(VLOOKUP($A371,BD_INSUMOS2[],5,FALSE),\"\")","v":""},{"$f":"+IFERROR(VLOOKUP($A371,BD_INSUMOS2[],6,FALSE),\"\")","v":""},{"$f":"+IFERROR(VLOOKUP($A371,BD_INSUMOS2[],7,FALSE),\"\")","v":""},{"$f":"+IFERROR(VLOOKUP($A371,BD_INSUMOS2[],8,FALSE),\"\")","v":""}]
[361,{"$f":"+IFERROR(VLOOKUP($A372,BD_INSUMOS2[],3,FALSE),\"\")","v":""},{"$f":"+IFERROR(VLOOKUP($A372,BD_INSUMOS2[],5,FALSE),\"\")","v":""},{"$f":"+IFERROR(VLOOKUP($A372,BD_INSUMOS2[],6,FALSE),\"\")","v":""},{"$f":"+IFERROR(VLOOKUP($A372,BD_INSUMOS2[],7,FALSE),\"\")","v":""},{"$f":"+IFERROR(VLOOKUP($A372,BD_INSUMOS2[],8,FALSE),\"\")","v":""}]
[362,{"$f":"+IFERROR(VLOOKUP($A373,BD_INSUMOS2[],3,FALSE),\"\")","v":""},{"$f":"+IFERROR(VLOOKUP($A373,BD_INSUMOS2[],5,FALSE),\"\")","v":""},{"$f":"+IFERROR(VLOOKUP($A373,BD_INSUMOS2[],6,FALSE),\"\")","v":""},{"$f":"+IFERROR(VLOOKUP($A373,BD_INSUMOS2[],7,FALSE),\"\")","v":""},{"$f":"+IFERROR(VLOOKUP($A373,BD_INSUMOS2[],8,FALSE),\"\")","v":""}]
[363,{"$f":"+IFERROR(VLOOKUP($A374,BD_INSUMOS2[],3,FALSE),\"\")","v":""},{"$f":"+IFERROR(VLOOKUP($A374,BD_INSUMOS2[],5,FALSE),\"\")","v":""},{"$f":"+IFERROR(VLOOKUP($A374,BD_INSUMOS2[],6,FALSE),\"\")","v":""},{"$f":"+IFERROR(VLOOKUP($A374,BD_INSUMOS2[],7,FALSE),\"\")","v":""},{"$f":"+IFERROR(VLOOKUP($A374,BD_INSUMOS2[],8,FALSE),\"\")","v":""}]
[364,{"$f":"+IFERROR(VLOOKUP($A375,BD_INSUMOS2[],3,FALSE),\"\")","v":""},{"$f":"+IFERROR(VLOOKUP($A375,BD_INSUMOS2[],5,FALSE),\"\")","v":""},{"$f":"+IFERROR(VLOOKUP($A375,BD_INSUMOS2[],6,FALSE),\"\")","v":""},{"$f":"+IFERROR(VLOOKUP($A375,BD_INSUMOS2[],7,FALSE),\"\")","v":""},{"$f":"+IFERROR(VLOOKUP($A375,BD_INSUMOS2[],8,FALSE),\"\")","v":""}]
[365,{"$f":"+IFERROR(VLOOKUP($A376,BD_INSUMOS2[],3,FALSE),\"\")","v":""},{"$f":"+IFERROR(VLOOKUP($A376,BD_INSUMOS2[],5,FALSE),\"\")","v":""},{"$f":"+IFERROR(VLOOKUP($A376,BD_INSUMOS2[],6,FALSE),\"\")","v":""},{"$f":"+IFERROR(VLOOKUP($A376,BD_INSUMOS2[],7,FALSE),\"\")","v":""},{"$f":"+IFERROR(VLOOKUP($A376,BD_INSUMOS2[],8,FALSE),\"\")","v":""}]
[366,{"$f":"+IFERROR(VLOOKUP($A377,BD_INSUMOS2[],3,FALSE),\"\")","v":""},{"$f":"+IFERROR(VLOOKUP($A377,BD_INSUMOS2[],5,FALSE),\"\")","v":""},{"$f":"+IFERROR(VLOOKUP($A377,BD_INSUMOS2[],6,FALSE),\"\")","v":""},{"$f":"+IFERROR(VLOOKUP($A377,BD_INSUMOS2[],7,FALSE),\"\")","v":""},{"$f":"+IFERROR(VLOOKUP($A377,BD_INSUMOS2[],8,FALSE),\"\")","v":""}]
[367,{"$f":"+IFERROR(VLOOKUP($A378,BD_INSUMOS2[],3,FALSE),\"\")","v":""},{"$f":"+IFERROR(VLOOKUP($A378,BD_INSUMOS2[],5,FALSE),\"\")","v":""},{"$f":"+IFERROR(VLOOKUP($A378,BD_INSUMOS2[],6,FALSE),\"\")","v":""},{"$f":"+IFERROR(VLOOKUP($A378,BD_INSUMOS2[],7,FALSE),\"\")","v":""},{"$f":"+IFERROR(VLOOKUP($A378,BD_INSUMOS2[],8,FALSE),\"\")","v":""}]
[368,{"$f":"+IFERROR(VLOOKUP($A379,BD_INSUMOS2[],3,FALSE),\"\")","v":""},{"$f":"+IFERROR(VLOOKUP($A379,BD_INSUMOS2[],5,FALSE),\"\")","v":""},{"$f":"+IFERROR(VLOOKUP($A379,BD_INSUMOS2[],6,FALSE),\"\")","v":""},{"$f":"+IFERROR(VLOOKUP($A379,BD_INSUMOS2[],7,FALSE),\"\")","v":""},{"$f":"+IFERROR(VLOOKUP($A379,BD_INSUMOS2[],8,FALSE),\"\")","v":""}]
[369,{"$f":"+IFERROR(VLOOKUP($A380,BD_INSUMOS2[],3,FALSE),\"\")","v":""},{"$f":"+IFERROR(VLOOKUP($A380,BD_INSUMOS2[],5,FALSE),\"\")","v":""},{"$f":"+IFERROR(VLOOKUP($A380,BD_INSUMOS2[],6,FALSE),\"\")","v":""},{"$f":"+IFERROR(VLOOKUP($A380,BD_INSUMOS2[],7,FALSE),\"\")","v":""},{"$f":"+IFERROR(VLOOKUP($A380,BD_INSUMOS2[],8,FALSE),\"\")","v":""}]
[370,{"$f":"+IFERROR(VLOOKUP($A381,BD_INSUMOS2[],3,FALSE),\"\")","v":""},{"$f":"+IFERROR(VLOOKUP($A381,BD_INSUMOS2[],5,FALSE),\"\")","v":""},{"$f":"+IFERROR(VLOOKUP($A381,BD_INSUMOS2[],6,FALSE),\"\")","v":""},{"$f":"+IFERROR(VLOOKUP($A381,BD_INSUMOS2[],7,FALSE),\"\")","v":""},{"$f":"+IFERROR(VLOOKUP($A381,BD_INSUMOS2[],8,FALSE),\"\")","v":""}]
[371,{"$f":"+IFERROR(VLOOKUP($A382,BD_INSUMOS2[],3,FALSE),\"\")","v":""},{"$f":"+IFERROR(VLOOKUP($A382,BD_INSUMOS2[],5,FALSE),\"\")","v":""},{"$f":"+IFERROR(VLOOKUP($A382,BD_INSUMOS2[],6,FALSE),\"\")","v":""},{"$f":"+IFERROR(VLOOKUP($A382,BD_INSUMOS2[],7,FALSE),\"\")","v":""},{"$f":"+IFERROR(VLOOKUP($A382,BD_INSUMOS2[],8,FALSE),\"\")","v":""}]
[372,{"$f":"+IFERROR(VLOOKUP($A383,BD_INSUMOS2[],3,FALSE),\"\")","v":""},{"$f":"+IFERROR(VLOOKUP($A383,BD_INSUMOS2[],5,FALSE),\"\")","v":""},{"$f":"+IFERROR(VLOOKUP($A383,BD_INSUMOS2[],6,FALSE),\"\")","v":""},{"$f":"+IFERROR(VLOOKUP($A383,BD_INSUMOS2[],7,FALSE),\"\")","v":""},{"$f":"+IFERROR(VLOOKUP($A383,BD_INSUMOS2[],8,FALSE),\"\")","v":""}]
[373,{"$f":"+IFERROR(VLOOKUP($A384,BD_INSUMOS2[],3,FALSE),\"\")","v":""},{"$f":"+IFERROR(VLOOKUP($A384,BD_INSUMOS2[],5,FALSE),\"\")","v":""},{"$f":"+IFERROR(VLOOKUP($A384,BD_INSUMOS2[],6,FALSE),\"\")","v":""},{"$f":"+IFERROR(VLOOKUP($A384,BD_INSUMOS2[],7,FALSE),\"\")","v":""},{"$f":"+IFERROR(VLOOKUP($A384,BD_INSUMOS2[],8,FALSE),\"\")","v":""}]
[374,{"$f":"+IFERROR(VLOOKUP($A385,BD_INSUMOS2[],3,FALSE),\"\")","v":""},{"$f":"+IFERROR(VLOOKUP($A385,BD_INSUMOS2[],5,FALSE),\"\")","v":""},{"$f":"+IFERROR(VLOOKUP($A385,BD_INSUMOS2[],6,FALSE),\"\")","v":""},{"$f":"+IFERROR(VLOOKUP($A385,BD_INSUMOS2[],7,FALSE),\"\")","v":""},{"$f":"+IFERROR(VLOOKUP($A385,BD_INSUMOS2[],8,FALSE),\"\")","v":""}]
[375,{"$f":"+IFERROR(VLOOKUP($A386,BD_INSUMOS2[],3,FALSE),\"\")","v":""},{"$f":"+IFERROR(VLOOKUP($A386,BD_INSUMOS2[],5,FALSE),\"\")","v":""},{"$f":"+IFERROR(VLOOKUP($A386,BD_INSUMOS2[],6,FALSE),\"\")","v":""},{"$f":"+IFERROR(VLOOKUP($A386,BD_INSUMOS2[],7,FALSE),\"\")","v":""},{"$f":"+IFERROR(VLOOKUP($A386,BD_INSUMOS2[],8,FALSE),\"\")","v":""}]
[376,{"$f":"+IFERROR(VLOOKUP($A387,BD_INSUMOS2[],3,FALSE),\"\")","v":""},{"$f":"+IFERROR(VLOOKUP($A387,BD_INSUMOS2[],5,FALSE),\"\")","v":""},{"$f":"+IFERROR(VLOOKUP($A387,BD_INSUMOS2[],6,FALSE),\"\")","v":""},{"$f":"+IFERROR(VLOOKUP($A387,BD_INSUMOS2[],7,FALSE),\"\")","v":""},{"$f":"+IFERROR(VLOOKUP($A387,BD_INSUMOS2[],8,FALSE),\"\")","v":""}]
[377,{"$f":"+IFERROR(VLOOKUP($A388,BD_INSUMOS2[],3,FALSE),\"\")","v":""},{"$f":"+IFERROR(VLOOKUP($A388,BD_INSUMOS2[],5,FALSE),\"\")","v":""},{"$f":"+IFERROR(VLOOKUP($A388,BD_INSUMOS2[],6,FALSE),\"\")","v":""},{"$f":"+IFERROR(VLOOKUP($A388,BD_INSUMOS2[],7,FALSE),\"\")","v":""},{"$f":"+IFERROR(VLOOKUP($A388,BD_INSUMOS2[],8,FALSE),\"\")","v":""}]
[378,{"$f":"+IFERROR(VLOOKUP($A389,BD_INSUMOS2[],3,FALSE),\"\")","v":""},{"$f":"+IFERROR(VLOOKUP($A389,BD_INSUMOS2[],5,FALSE),\"\")","v":""},{"$f":"+IFERROR(VLOOKUP($A389,BD_INSUMOS2[],6,FALSE),\"\")","v":""},{"$f":"+IFERROR(VLOOKUP($A389,BD_INSUMOS2[],7,FALSE),\"\")","v":""},{"$f":"+IFERROR(VLOOKUP($A389,BD_INSUMOS2[],8,FALSE),\"\")","v":""}]
[379,{"$f":"+IFERROR(VLOOKUP($A390,BD_INSUMOS2[],3,FALSE),\"\")","v":""},{"$f":"+IFERROR(VLOOKUP($A390,BD_INSUMOS2[],5,FALSE),\"\")","v":""},{"$f":"+IFERROR(VLOOKUP($A390,BD_INSUMOS2[],6,FALSE),\"\")","v":""},{"$f":"+IFERROR(VLOOKUP($A390,BD_INSUMOS2[],7,FALSE),\"\")","v":""},{"$f":"+IFERROR(VLOOKUP($A390,BD_INSUMOS2[],8,FALSE),\"\")","v":""}]
[380,{"$f":"+IFERROR(VLOOKUP($A391,BD_INSUMOS2[],3,FALSE),\"\")","v":""},{"$f":"+IFERROR(VLOOKUP($A391,BD_INSUMOS2[],5,FALSE),\"\")","v":""},{"$f":"+IFERROR(VLOOKUP($A391,BD_INSUMOS2[],6,FALSE),\"\")","v":""},{"$f":"+IFERROR(VLOOKUP($A391,BD_INSUMOS2[],7,FALSE),\"\")","v":""},{"$f":"+IFERROR(VLOOKUP($A391,BD_INSUMOS2[],8,FALSE),\"\")","v":""}]
[381,{"$f":"+IFERROR(VLOOKUP($A392,BD_INSUMOS2[],3,FALSE),\"\")","v":""},{"$f":"+IFERROR(VLOOKUP($A392,BD_INSUMOS2[],5,FALSE),\"\")","v":""},{"$f":"+IFERROR(VLOOKUP($A392,BD_INSUMOS2[],6,FALSE),\"\")","v":""},{"$f":"+IFERROR(VLOOKUP($A392,BD_INSUMOS2[],7,FALSE),\"\")","v":""},{"$f":"+IFERROR(VLOOKUP($A392,BD_INSUMOS2[],8,FALSE),\"\")","v":""}]
[382,{"$f":"+IFERROR(VLOOKUP($A393,BD_INSUMOS2[],3,FALSE),\"\")","v":""},{"$f":"+IFERROR(VLOOKUP($A393,BD_INSUMOS2[],5,FALSE),\"\")","v":""},{"$f":"+IFERROR(VLOOKUP($A393,BD_INSUMOS2[],6,FALSE),\"\")","v":""},{"$f":"+IFERROR(VLOOKUP($A393,BD_INSUMOS2[],7,FALSE),\"\")","v":""},{"$f":"+IFERROR(VLOOKUP($A393,BD_INSUMOS2[],8,FALSE),\"\")","v":""}]
[383,{"$f":"+IFERROR(VLOOKUP($A394,BD_INSUMOS2[],3,FALSE),\"\")","v":""},{"$f":"+IFERROR(VLOOKUP($A394,BD_INSUMOS2[],5,FALSE),\"\")","v":""},{"$f":"+IFERROR(VLOOKUP($A394,BD_INSUMOS2[],6,FALSE),\"\")","v":""},{"$f":"+IFERROR(VLOOKUP($A394,BD_INSUMOS2[],7,FALSE),\"\")","v":""},{"$f":"+IFERROR(VLOOKUP($A394,BD_INSUMOS2[],8,FALSE),\"\")","v":""}]
[384,{"$f":"+IFERROR(VLOOKUP($A395,BD_INSUMOS2[],3,FALSE),\"\")","v":""},{"$f":"+IFERROR(VLOOKUP($A395,BD_INSUMOS2[],5,FALSE),\"\")","v":""},{"$f":"+IFERROR(VLOOKUP($A395,BD_INSUMOS2[],6,FALSE),\"\")","v":""},{"$f":"+IFERROR(VLOOKUP($A395,BD_INSUMOS2[],7,FALSE),\"\")","v":""},{"$f":"+IFERROR(VLOOKUP($A395,BD_INSUMOS2[],8,FALSE),\"\")","v":""}]
[385,{"$f":"+IFERROR(VLOOKUP($A396,BD_INSUMOS2[],3,FALSE),\"\")","v":""},{"$f":"+IFERROR(VLOOKUP($A396,BD_INSUMOS2[],5,FALSE),\"\")","v":""},{"$f":"+IFERROR(VLOOKUP($A396,BD_INSUMOS2[],6,FALSE),\"\")","v":""},{"$f":"+IFERROR(VLOOKUP($A396,BD_INSUMOS2[],7,FALSE),\"\")","v":""},{"$f":"+IFERROR(VLOOKUP($A396,BD_INSUMOS2[],8,FALSE),\"\")","v":""}]
[386,{"$f":"+IFERROR(VLOOKUP($A397,BD_INSUMOS2[],3,FALSE),\"\")","v":""},{"$f":"+IFERROR(VLOOKUP($A397,BD_INSUMOS2[],5,FALSE),\"\")","v":""},{"$f":"+IFERROR(VLOOKUP($A397,BD_INSUMOS2[],6,FALSE),\"\")","v":""},{"$f":"+IFERROR(VLOOKUP($A397,BD_INSUMOS2[],7,FALSE),\"\")","v":""},{"$f":"+IFERROR(VLOOKUP($A397,BD_INSUMOS2[],8,FALSE),\"\")","v":""}]
[387,{"$f":"+IFERROR(VLOOKUP($A398,BD_INSUMOS2[],3,FALSE),\"\")","v":""},{"$f":"+IFERROR(VLOOKUP($A398,BD_INSUMOS2[],5,FALSE),\"\")","v":""},{"$f":"+IFERROR(VLOOKUP($A398,BD_INSUMOS2[],6,FALSE),\"\")","v":""},{"$f":"+IFERROR(VLOOKUP($A398,BD_INSUMOS2[],7,FALSE),\"\")","v":""},{"$f":"+IFERROR(VLOOKUP($A398,BD_INSUMOS2[],8,FALSE),\"\")","v":""}]
[388,{"$f":"+IFERROR(VLOOKUP($A399,BD_INSUMOS2[],3,FALSE),\"\")","v":""},{"$f":"+IFERROR(VLOOKUP($A399,BD_INSUMOS2[],5,FALSE),\"\")","v":""},{"$f":"+IFERROR(VLOOKUP($A399,BD_INSUMOS2[],6,FALSE),\"\")","v":""},{"$f":"+IFERROR(VLOOKUP($A399,BD_INSUMOS2[],7,FALSE),\"\")","v":""},{"$f":"+IFERROR(VLOOKUP($A399,BD_INSUMOS2[],8,FALSE),\"\")","v":""}]
[389,{"$f":"+IFERROR(VLOOKUP($A400,BD_INSUMOS2[],3,FALSE),\"\")","v":""},{"$f":"+IFERROR(VLOOKUP($A400,BD_INSUMOS2[],5,FALSE),\"\")","v":""},{"$f":"+IFERROR(VLOOKUP($A400,BD_INSUMOS2[],6,FALSE),\"\")","v":""},{"$f":"+IFERROR(VLOOKUP($A400,BD_INSUMOS2[],7,FALSE),\"\")","v":""},{"$f":"+IFERROR(VLOOKUP($A400,BD_INSUMOS2[],8,FALSE),\"\")","v":""}]
[390,{"$f":"+IFERROR(VLOOKUP($A401,BD_INSUMOS2[],3,FALSE),\"\")","v":""},{"$f":"+IFERROR(VLOOKUP($A401,BD_INSUMOS2[],5,FALSE),\"\")","v":""},{"$f":"+IFERROR(VLOOKUP($A401,BD_INSUMOS2[],6,FALSE),\"\")","v":""},{"$f":"+IFERROR(VLOOKUP($A401,BD_INSUMOS2[],7,FALSE),\"\")","v":""},{"$f":"+IFERROR(VLOOKUP($A401,BD_INSUMOS2[],8,FALSE),\"\")","v":""}]
[391,{"$f":"+IFERROR(VLOOKUP($A402,BD_INSUMOS2[],3,FALSE),\"\")","v":""},{"$f":"+IFERROR(VLOOKUP($A402,BD_INSUMOS2[],5,FALSE),\"\")","v":""},{"$f":"+IFERROR(VLOOKUP($A402,BD_INSUMOS2[],6,FALSE),\"\")","v":""},{"$f":"+IFERROR(VLOOKUP($A402,BD_INSUMOS2[],7,FALSE),\"\")","v":""},{"$f":"+IFERROR(VLOOKUP($A402,BD_INSUMOS2[],8,FALSE),\"\")","v":""}]
[392,{"$f":"+IFERROR(VLOOKUP($A403,BD_INSUMOS2[],3,FALSE),\"\")","v":""},{"$f":"+IFERROR(VLOOKUP($A403,BD_INSUMOS2[],5,FALSE),\"\")","v":""},{"$f":"+IFERROR(VLOOKUP($A403,BD_INSUMOS2[],6,FALSE),\"\")","v":""},{"$f":"+IFERROR(VLOOKUP($A403,BD_INSUMOS2[],7,FALSE),\"\")","v":""},{"$f":"+IFERROR(VLOOKUP($A403,BD_INSUMOS2[],8,FALSE),\"\")","v":""}]
[393,{"$f":"+IFERROR(VLOOKUP($A404,BD_INSUMOS2[],3,FALSE),\"\")","v":""},{"$f":"+IFERROR(VLOOKUP($A404,BD_INSUMOS2[],5,FALSE),\"\")","v":""},{"$f":"+IFERROR(VLOOKUP($A404,BD_INSUMOS2[],6,FALSE),\"\")","v":""},{"$f":"+IFERROR(VLOOKUP($A404,BD_INSUMOS2[],7,FALSE),\"\")","v":""},{"$f":"+IFERROR(VLOOKUP($A404,BD_INSUMOS2[],8,FALSE),\"\")","v":""}]
[394,{"$f":"+IFERROR(VLOOKUP($A405,BD_INSUMOS2[],3,FALSE),\"\")","v":""},{"$f":"+IFERROR(VLOOKUP($A405,BD_INSUMOS2[],5,FALSE),\"\")","v":""},{"$f":"+IFERROR(VLOOKUP($A405,BD_INSUMOS2[],6,FALSE),\"\")","v":""},{"$f":"+IFERROR(VLOOKUP($A405,BD_INSUMOS2[],7,FALSE),\"\")","v":""},{"$f":"+IFERROR(VLOOKUP($A405,BD_INSUMOS2[],8,FALSE),\"\")","v":""}]
[395,{"$f":"+IFERROR(VLOOKUP($A406,BD_INSUMOS2[],3,FALSE),\"\")","v":""},{"$f":"+IFERROR(VLOOKUP($A406,BD_INSUMOS2[],5,FALSE),\"\")","v":""},{"$f":"+IFERROR(VLOOKUP($A406,BD_INSUMOS2[],6,FALSE),\"\")","v":""},{"$f":"+IFERROR(VLOOKUP($A406,BD_INSUMOS2[],7,FALSE),\"\")","v":""},{"$f":"+IFERROR(VLOOKUP($A406,BD_INSUMOS2[],8,FALSE),\"\")","v":""}]
[396,{"$f":"+IFERROR(VLOOKUP($A407,BD_INSUMOS2[],3,FALSE),\"\")","v":""},{"$f":"+IFERROR(VLOOKUP($A407,BD_INSUMOS2[],5,FALSE),\"\")","v":""},{"$f":"+IFERROR(VLOOKUP($A407,BD_INSUMOS2[],6,FALSE),\"\")","v":""},{"$f":"+IFERROR(VLOOKUP($A407,BD_INSUMOS2[],7,FALSE),\"\")","v":""},{"$f":"+IFERROR(VLOOKUP($A407,BD_INSUMOS2[],8,FALSE),\"\")","v":""}]
[397,{"$f":"+IFERROR(VLOOKUP($A408,BD_INSUMOS2[],3,FALSE),\"\")","v":""},{"$f":"+IFERROR(VLOOKUP($A408,BD_INSUMOS2[],5,FALSE),\"\")","v":""},{"$f":"+IFERROR(VLOOKUP($A408,BD_INSUMOS2[],6,FALSE),\"\")","v":""},{"$f":"+IFERROR(VLOOKUP($A408,BD_INSUMOS2[],7,FALSE),\"\")","v":""},{"$f":"+IFERROR(VLOOKUP($A408,BD_INSUMOS2[],8,FALSE),\"\")","v":""}]
[398,{"$f":"+IFERROR(VLOOKUP($A409,BD_INSUMOS2[],3,FALSE),\"\")","v":""},{"$f":"+IFERROR(VLOOKUP($A409,BD_INSUMOS2[],5,FALSE),\"\")","v":""},{"$f":"+IFERROR(VLOOKUP($A409,BD_INSUMOS2[],6,FALSE),\"\")","v":""},{"$f":"+IFERROR(VLOOKUP($A409,BD_INSUMOS2[],7,FALSE),\"\")","v":""},{"$f":"+IFERROR(VLOOKUP($A409,BD_INSUMOS2[],8,FALSE),\"\")","v":""}]
[399,{"$f":"+IFERROR(VLOOKUP($A410,BD_INSUMOS2[],3,FALSE),\"\")","v":""},{"$f":"+IFERROR(VLOOKUP($A410,BD_INSUMOS2[],5,FALSE),\"\")","v":""},{"$f":"+IFERROR(VLOOKUP($A410,BD_INSUMOS2[],6,FALSE),\"\")","v":""},{"$f":"+IFERROR(VLOOKUP($A410,BD_INSUMOS2[],7,FALSE),\"\")","v":""},{"$f":"+IFERROR(VLOOKUP($A410,BD_INSUMOS2[],8,FALSE),\"\")","v":""}]
[400,{"$f":"+IFERROR(VLOOKUP($A411,BD_INSUMOS2[],3,FALSE),\"\")","v":""},{"$f":"+IFERROR(VLOOKUP($A411,BD_INSUMOS2[],5,FALSE),\"\")","v":""},{"$f":"+IFERROR(VLOOKUP($A411,BD_INSUMOS2[],6,FALSE),\"\")","v":""},{"$f":"+IFERROR(VLOOKUP($A411,BD_INSUMOS2[],7,FALSE),\"\")","v":""},{"$f":"+IFERROR(VLOOKUP($A411,BD_INSUMOS2[],8,FALSE),\"\")","v":""}]
[401,{"$f":"+IFERROR(VLOOKUP($A412,BD_INSUMOS2[],3,FALSE),\"\")","v":""},{"$f":"+IFERROR(VLOOKUP($A412,BD_INSUMOS2[],5,FALSE),\"\")","v":""},{"$f":"+IFERROR(VLOOKUP($A412,BD_INSUMOS2[],6,FALSE),\"\")","v":""},{"$f":"+IFERROR(VLOOKUP($A412,BD_INSUMOS2[],7,FALSE),\"\")","v":""},{"$f":"+IFERROR(VLOOKUP($A412,BD_INSUMOS2[],8,FALSE),\"\")","v":""}]
[402,{"$f":"+IFERROR(VLOOKUP($A413,BD_INSUMOS2[],3,FALSE),\"\")","v":""},{"$f":"+IFERROR(VLOOKUP($A413,BD_INSUMOS2[],5,FALSE),\"\")","v":""},{"$f":"+IFERROR(VLOOKUP($A413,BD_INSUMOS2[],6,FALSE),\"\")","v":""},{"$f":"+IFERROR(VLOOKUP($A413,BD_INSUMOS2[],7,FALSE),\"\")","v":""},{"$f":"+IFERROR(VLOOKUP($A413,BD_INSUMOS2[],8,FALSE),\"\")","v":""}]
[403,{"$f":"+IFERROR(VLOOKUP($A414,BD_INSUMOS2[],3,FALSE),\"\")","v":""},{"$f":"+IFERROR(VLOOKUP($A414,BD_INSUMOS2[],5,FALSE),\"\")","v":""},{"$f":"+IFERROR(VLOOKUP($A414,BD_INSUMOS2[],6,FALSE),\"\")","v":""},{"$f":"+IFERROR(VLOOKUP($A414,BD_INSUMOS2[],7,FALSE),\"\")","v":""},{"$f":"+IFERROR(VLOOKUP($A414,BD_INSUMOS2[],8,FALSE),\"\")","v":""}]
[404,{"$f":"+IFERROR(VLOOKUP($A415,BD_INSUMOS2[],3,FALSE),\"\")","v":""},{"$f":"+IFERROR(VLOOKUP($A415,BD_INSUMOS2[],5,FALSE),\"\")","v":""},{"$f":"+IFERROR(VLOOKUP($A415,BD_INSUMOS2[],6,FALSE),\"\")","v":""},{"$f":"+IFERROR(VLOOKUP($A415,BD_INSUMOS2[],7,FALSE),\"\")","v":""},{"$f":"+IFERROR(VLOOKUP($A415,BD_INSUMOS2[],8,FALSE),\"\")","v":""}]
[405,{"$f":"+IFERROR(VLOOKUP($A416,BD_INSUMOS2[],3,FALSE),\"\")","v":""},{"$f":"+IFERROR(VLOOKUP($A416,BD_INSUMOS2[],5,FALSE),\"\")","v":""},{"$f":"+IFERROR(VLOOKUP($A416,BD_INSUMOS2[],6,FALSE),\"\")","v":""},{"$f":"+IFERROR(VLOOKUP($A416,BD_INSUMOS2[],7,FALSE),\"\")","v":""},{"$f":"+IFERROR(VLOOKUP($A416,BD_INSUMOS2[],8,FALSE),\"\")","v":""}]
[406,{"$f":"+IFERROR(VLOOKUP($A417,BD_INSUMOS2[],3,FALSE),\"\")","v":""},{"$f":"+IFERROR(VLOOKUP($A417,BD_INSUMOS2[],5,FALSE),\"\")","v":""},{"$f":"+IFERROR(VLOOKUP($A417,BD_INSUMOS2[],6,FALSE),\"\")","v":""},{"$f":"+IFERROR(VLOOKUP($A417,BD_INSUMOS2[],7,FALSE),\"\")","v":""},{"$f":"+IFERROR(VLOOKUP($A417,BD_INSUMOS2[],8,FALSE),\"\")","v":""}]
[407,{"$f":"+IFERROR(VLOOKUP($A418,BD_INSUMOS2[],3,FALSE),\"\")","v":""},{"$f":"+IFERROR(VLOOKUP($A418,BD_INSUMOS2[],5,FALSE),\"\")","v":""},{"$f":"+IFERROR(VLOOKUP($A418,BD_INSUMOS2[],6,FALSE),\"\")","v":""},{"$f":"+IFERROR(VLOOKUP($A418,BD_INSUMOS2[],7,FALSE),\"\")","v":""},{"$f":"+IFERROR(VLOOKUP($A418,BD_INSUMOS2[],8,FALSE),\"\")","v":""}]
[408,{"$f":"+IFERROR(VLOOKUP($A419,BD_INSUMOS2[],3,FALSE),\"\")","v":""},{"$f":"+IFERROR(VLOOKUP($A419,BD_INSUMOS2[],5,FALSE),\"\")","v":""},{"$f":"+IFERROR(VLOOKUP($A419,BD_INSUMOS2[],6,FALSE),\"\")","v":""},{"$f":"+IFERROR(VLOOKUP($A419,BD_INSUMOS2[],7,FALSE),\"\")","v":""},{"$f":"+IFERROR(VLOOKUP($A419,BD_INSUMOS2[],8,FALSE),\"\")","v":""}]
[409,{"$f":"+IFERROR(VLOOKUP($A420,BD_INSUMOS2[],3,FALSE),\"\")","v":""},{"$f":"+IFERROR(VLOOKUP($A420,BD_INSUMOS2[],5,FALSE),\"\")","v":""},{"$f":"+IFERROR(VLOOKUP($A420,BD_INSUMOS2[],6,FALSE),\"\")","v":""},{"$f":"+IFERROR(VLOOKUP($A420,BD_INSUMOS2[],7,FALSE),\"\")","v":""},{"$f":"+IFERROR(VLOOKUP($A420,BD_INSUMOS2[],8,FALSE),\"\")","v":""}]
[410,{"$f":"+IFERROR(VLOOKUP($A421,BD_INSUMOS2[],3,FALSE),\"\")","v":""},{"$f":"+IFERROR(VLOOKUP($A421,BD_INSUMOS2[],5,FALSE),\"\")","v":""},{"$f":"+IFERROR(VLOOKUP($A421,BD_INSUMOS2[],6,FALSE),\"\")","v":""},{"$f":"+IFERROR(VLOOKUP($A421,BD_INSUMOS2[],7,FALSE),\"\")","v":""},{"$f":"+IFERROR(VLOOKUP($A421,BD_INSUMOS2[],8,FALSE),\"\")","v":""}]
[411,{"$f":"+IFERROR(VLOOKUP($A422,BD_INSUMOS2[],3,FALSE),\"\")","v":""},{"$f":"+IFERROR(VLOOKUP($A422,BD_INSUMOS2[],5,FALSE),\"\")","v":""},{"$f":"+IFERROR(VLOOKUP($A422,BD_INSUMOS2[],6,FALSE),\"\")","v":""},{"$f":"+IFERROR(VLOOKUP($A422,BD_INSUMOS2[],7,FALSE),\"\")","v":""},{"$f":"+IFERROR(VLOOKUP($A422,BD_INSUMOS2[],8,FALSE),\"\")","v":""}]
[412,{"$f":"+IFERROR(VLOOKUP($A423,BD_INSUMOS2[],3,FALSE),\"\")","v":""},{"$f":"+IFERROR(VLOOKUP($A423,BD_INSUMOS2[],5,FALSE),\"\")","v":""},{"$f":"+IFERROR(VLOOKUP($A423,BD_INSUMOS2[],6,FALSE),\"\")","v":""},{"$f":"+IFERROR(VLOOKUP($A423,BD_INSUMOS2[],7,FALSE),\"\")","v":""},{"$f":"+IFERROR(VLOOKUP($A423,BD_INSUMOS2[],8,FALSE),\"\")","v":""}]
[413,{"$f":"+IFERROR(VLOOKUP($A424,BD_INSUMOS2[],3,FALSE),\"\")","v":""},{"$f":"+IFERROR(VLOOKUP($A424,BD_INSUMOS2[],5,FALSE),\"\")","v":""},{"$f":"+IFERROR(VLOOKUP($A424,BD_INSUMOS2[],6,FALSE),\"\")","v":""},{"$f":"+IFERROR(VLOOKUP($A424,BD_INSUMOS2[],7,FALSE),\"\")","v":""},{"$f":"+IFERROR(VLOOKUP($A424,BD_INSUMOS2[],8,FALSE),\"\")","v":""}]
[414,{"$f":"+IFERROR(VLOOKUP($A425,BD_INSUMOS2[],3,FALSE),\"\")","v":""},{"$f":"+IFERROR(VLOOKUP($A425,BD_INSUMOS2[],5,FALSE),\"\")","v":""},{"$f":"+IFERROR(VLOOKUP($A425,BD_INSUMOS2[],6,FALSE),\"\")","v":""},{"$f":"+IFERROR(VLOOKUP($A425,BD_INSUMOS2[],7,FALSE),\"\")","v":""},{"$f":"+IFERROR(VLOOKUP($A425,BD_INSUMOS2[],8,FALSE),\"\")","v":""}]
[415,{"$f":"+IFERROR(VLOOKUP($A426,BD_INSUMOS2[],3,FALSE),\"\")","v":""},{"$f":"+IFERROR(VLOOKUP($A426,BD_INSUMOS2[],5,FALSE),\"\")","v":""},{"$f":"+IFERROR(VLOOKUP($A426,BD_INSUMOS2[],6,FALSE),\"\")","v":""},{"$f":"+IFERROR(VLOOKUP($A426,BD_INSUMOS2[],7,FALSE),\"\")","v":""},{"$f":"+IFERROR(VLOOKUP($A426,BD_INSUMOS2[],8,FALSE),\"\")","v":""}]
[416,{"$f":"+IFERROR(VLOOKUP($A427,BD_INSUMOS2[],3,FALSE),\"\")","v":""},{"$f":"+IFERROR(VLOOKUP($A427,BD_INSUMOS2[],5,FALSE),\"\")","v":""},{"$f":"+IFERROR(VLOOKUP($A427,BD_INSUMOS2[],6,FALSE),\"\")","v":""},{"$f":"+IFERROR(VLOOKUP($A427,BD_INSUMOS2[],7,FALSE),\"\")","v":""},{"$f":"+IFERROR(VLOOKUP($A427,BD_INSUMOS2[],8,FALSE),\"\")","v":""}]
[417,{"$f":"+IFERROR(VLOOKUP($A428,BD_INSUMOS2[],3,FALSE),\"\")","v":""},{"$f":"+IFERROR(VLOOKUP($A428,BD_INSUMOS2[],5,FALSE),\"\")","v":""},{"$f":"+IFERROR(VLOOKUP($A428,BD_INSUMOS2[],6,FALSE),\"\")","v":""},{"$f":"+IFERROR(VLOOKUP($A428,BD_INSUMOS2[],7,FALSE),\"\")","v":""},{"$f":"+IFERROR(VLOOKUP($A428,BD_INSUMOS2[],8,FALSE),\"\")","v":""}]
[418,{"$f":"+IFERROR(VLOOKUP($A429,BD_INSUMOS2[],3,FALSE),\"\")","v":""},{"$f":"+IFERROR(VLOOKUP($A429,BD_INSUMOS2[],5,FALSE),\"\")","v":""},{"$f":"+IFERROR(VLOOKUP($A429,BD_INSUMOS2[],6,FALSE),\"\")","v":""},{"$f":"+IFERROR(VLOOKUP($A429,BD_INSUMOS2[],7,FALSE),\"\")","v":""},{"$f":"+IFERROR(VLOOKUP($A429,BD_INSUMOS2[],8,FALSE),\"\")","v":""}]
[419,{"$f":"+IFERROR(VLOOKUP($A430,BD_INSUMOS2[],3,FALSE),\"\")","v":""},{"$f":"+IFERROR(VLOOKUP($A430,BD_INSUMOS2[],5,FALSE),\"\")","v":""},{"$f":"+IFERROR(VLOOKUP($A430,BD_INSUMOS2[],6,FALSE),\"\")","v":""},{"$f":"+IFERROR(VLOOKUP($A430,BD_INSUMOS2[],7,FALSE),\"\")","v":""},{"$f":"+IFERROR(VLOOKUP($A430,BD_INSUMOS2[],8,FALSE),\"\")","v":""}]
[420,{"$f":"+IFERROR(VLOOKUP($A431,BD_INSUMOS2[],3,FALSE),\"\")","v":""},{"$f":"+IFERROR(VLOOKUP($A431,BD_INSUMOS2[],5,FALSE),\"\")","v":""},{"$f":"+IFERROR(VLOOKUP($A431,BD_INSUMOS2[],6,FALSE),\"\")","v":""},{"$f":"+IFERROR(VLOOKUP($A431,BD_INSUMOS2[],7,FALSE),\"\")","v":""},{"$f":"+IFERROR(VLOOKUP($A431,BD_INSUMOS2[],8,FALSE),\"\")","v":""}]
[421,{"$f":"+IFERROR(VLOOKUP($A432,BD_INSUMOS2[],3,FALSE),\"\")","v":""},{"$f":"+IFERROR(VLOOKUP($A432,BD_INSUMOS2[],5,FALSE),\"\")","v":""},{"$f":"+IFERROR(VLOOKUP($A432,BD_INSUMOS2[],6,FALSE),\"\")","v":""},{"$f":"+IFERROR(VLOOKUP($A432,BD_INSUMOS2[],7,FALSE),\"\")","v":""},{"$f":"+IFERROR(VLOOKUP($A432,BD_INSUMOS2[],8,FALSE),\"\")","v":""}]
[422,{"$f":"+IFERROR(VLOOKUP($A433,BD_INSUMOS2[],3,FALSE),\"\")","v":""},{"$f":"+IFERROR(VLOOKUP($A433,BD_INSUMOS2[],5,FALSE),\"\")","v":""},{"$f":"+IFERROR(VLOOKUP($A433,BD_INSUMOS2[],6,FALSE),\"\")","v":""},{"$f":"+IFERROR(VLOOKUP($A433,BD_INSUMOS2[],7,FALSE),\"\")","v":""},{"$f":"+IFERROR(VLOOKUP($A433,BD_INSUMOS2[],8,FALSE),\"\")","v":""}]
[423,{"$f":"+IFERROR(VLOOKUP($A434,BD_INSUMOS2[],3,FALSE),\"\")","v":""},{"$f":"+IFERROR(VLOOKUP($A434,BD_INSUMOS2[],5,FALSE),\"\")","v":""},{"$f":"+IFERROR(VLOOKUP($A434,BD_INSUMOS2[],6,FALSE),\"\")","v":""},{"$f":"+IFERROR(VLOOKUP($A434,BD_INSUMOS2[],7,FALSE),\"\")","v":""},{"$f":"+IFERROR(VLOOKUP($A434,BD_INSUMOS2[],8,FALSE),\"\")","v":""}]
[424,{"$f":"+IFERROR(VLOOKUP($A435,BD_INSUMOS2[],3,FALSE),\"\")","v":""},{"$f":"+IFERROR(VLOOKUP($A435,BD_INSUMOS2[],5,FALSE),\"\")","v":""},{"$f":"+IFERROR(VLOOKUP($A435,BD_INSUMOS2[],6,FALSE),\"\")","v":""},{"$f":"+IFERROR(VLOOKUP($A435,BD_INSUMOS2[],7,FALSE),\"\")","v":""},{"$f":"+IFERROR(VLOOKUP($A435,BD_INSUMOS2[],8,FALSE),\"\")","v":""}]
[425,{"$f":"+IFERROR(VLOOKUP($A436,BD_INSUMOS2[],3,FALSE),\"\")","v":""},{"$f":"+IFERROR(VLOOKUP($A436,BD_INSUMOS2[],5,FALSE),\"\")","v":""},{"$f":"+IFERROR(VLOOKUP($A436,BD_INSUMOS2[],6,FALSE),\"\")","v":""},{"$f":"+IFERROR(VLOOKUP($A436,BD_INSUMOS2[],7,FALSE),\"\")","v":""},{"$f":"+IFERROR(VLOOKUP($A436,BD_INSUMOS2[],8,FALSE),\"\")","v":""}]
[426,{"$f":"+IFERROR(VLOOKUP($A437,BD_INSUMOS2[],3,FALSE),\"\")","v":""},{"$f":"+IFERROR(VLOOKUP($A437,BD_INSUMOS2[],5,FALSE),\"\")","v":""},{"$f":"+IFERROR(VLOOKUP($A437,BD_INSUMOS2[],6,FALSE),\"\")","v":""},{"$f":"+IFERROR(VLOOKUP($A437,BD_INSUMOS2[],7,FALSE),\"\")","v":""},{"$f":"+IFERROR(VLOOKUP($A437,BD_INSUMOS2[],8,FALSE),\"\")","v":""}]
[427,{"$f":"+IFERROR(VLOOKUP($A438,BD_INSUMOS2[],3,FALSE),\"\")","v":""},{"$f":"+IFERROR(VLOOKUP($A438,BD_INSUMOS2[],5,FALSE),\"\")","v":""},{"$f":"+IFERROR(VLOOKUP($A438,BD_INSUMOS2[],6,FALSE),\"\")","v":""},{"$f":"+IFERROR(VLOOKUP($A438,BD_INSUMOS2[],7,FALSE),\"\")","v":""},{"$f":"+IFERROR(VLOOKUP($A438,BD_INSUMOS2[],8,FALSE),\"\")","v":""}]
[428,{"$f":"+IFERROR(VLOOKUP($A439,BD_INSUMOS2[],3,FALSE),\"\")","v":""},{"$f":"+IFERROR(VLOOKUP($A439,BD_INSUMOS2[],5,FALSE),\"\")","v":""},{"$f":"+IFERROR(VLOOKUP($A439,BD_INSUMOS2[],6,FALSE),\"\")","v":""},{"$f":"+IFERROR(VLOOKUP($A439,BD_INSUMOS2[],7,FALSE),\"\")","v":""},{"$f":"+IFERROR(VLOOKUP($A439,BD_INSUMOS2[],8,FALSE),\"\")","v":""}]
[429,{"$f":"+IFERROR(VLOOKUP($A440,BD_INSUMOS2[],3,FALSE),\"\")","v":""},{"$f":"+IFERROR(VLOOKUP($A440,BD_INSUMOS2[],5,FALSE),\"\")","v":""},{"$f":"+IFERROR(VLOOKUP($A440,BD_INSUMOS2[],6,FALSE),\"\")","v":""},{"$f":"+IFERROR(VLOOKUP($A440,BD_INSUMOS2[],7,FALSE),\"\")","v":""},{"$f":"+IFERROR(VLOOKUP($A440,BD_INSUMOS2[],8,FALSE),\"\")","v":""}]
[430,{"$f":"+IFERROR(VLOOKUP($A441,BD_INSUMOS2[],3,FALSE),\"\")","v":""},{"$f":"+IFERROR(VLOOKUP($A441,BD_INSUMOS2[],5,FALSE),\"\")","v":""},{"$f":"+IFERROR(VLOOKUP($A441,BD_INSUMOS2[],6,FALSE),\"\")","v":""},{"$f":"+IFERROR(VLOOKUP($A441,BD_INSUMOS2[],7,FALSE),\"\")","v":""},{"$f":"+IFERROR(VLOOKUP($A441,BD_INSUMOS2[],8,FALSE),\"\")","v":""}]
[431,{"$f":"+IFERROR(VLOOKUP($A442,BD_INSUMOS2[],3,FALSE),\"\")","v":""},{"$f":"+IFERROR(VLOOKUP($A442,BD_INSUMOS2[],5,FALSE),\"\")","v":""},{"$f":"+IFERROR(VLOOKUP($A442,BD_INSUMOS2[],6,FALSE),\"\")","v":""},{"$f":"+IFERROR(VLOOKUP($A442,BD_INSUMOS2[],7,FALSE),\"\")","v":""},{"$f":"+IFERROR(VLOOKUP($A442,BD_INSUMOS2[],8,FALSE),\"\")","v":""}]
[432,{"$f":"+IFERROR(VLOOKUP($A443,BD_INSUMOS2[],3,FALSE),\"\")","v":""},{"$f":"+IFERROR(VLOOKUP($A443,BD_INSUMOS2[],5,FALSE),\"\")","v":""},{"$f":"+IFERROR(VLOOKUP($A443,BD_INSUMOS2[],6,FALSE),\"\")","v":""},{"$f":"+IFERROR(VLOOKUP($A443,BD_INSUMOS2[],7,FALSE),\"\")","v":""},{"$f":"+IFERROR(VLOOKUP($A443,BD_INSUMOS2[],8,FALSE),\"\")","v":""}]
[433,{"$f":"+IFERROR(VLOOKUP($A444,BD_INSUMOS2[],3,FALSE),\"\")","v":""},{"$f":"+IFERROR(VLOOKUP($A444,BD_INSUMOS2[],5,FALSE),\"\")","v":""},{"$f":"+IFERROR(VLOOKUP($A444,BD_INSUMOS2[],6,FALSE),\"\")","v":""},{"$f":"+IFERROR(VLOOKUP($A444,BD_INSUMOS2[],7,FALSE),\"\")","v":""},{"$f":"+IFERROR(VLOOKUP($A444,BD_INSUMOS2[],8,FALSE),\"\")","v":""}]
[434,{"$f":"+IFERROR(VLOOKUP($A445,BD_INSUMOS2[],3,FALSE),\"\")","v":""},{"$f":"+IFERROR(VLOOKUP($A445,BD_INSUMOS2[],5,FALSE),\"\")","v":""},{"$f":"+IFERROR(VLOOKUP($A445,BD_INSUMOS2[],6,FALSE),\"\")","v":""},{"$f":"+IFERROR(VLOOKUP($A445,BD_INSUMOS2[],7,FALSE),\"\")","v":""},{"$f":"+IFERROR(VLOOKUP($A445,BD_INSUMOS2[],8,FALSE),\"\")","v":""}]
[435,{"$f":"+IFERROR(VLOOKUP($A446,BD_INSUMOS2[],3,FALSE),\"\")","v":""},{"$f":"+IFERROR(VLOOKUP($A446,BD_INSUMOS2[],5,FALSE),\"\")","v":""},{"$f":"+IFERROR(VLOOKUP($A446,BD_INSUMOS2[],6,FALSE),\"\")","v":""},{"$f":"+IFERROR(VLOOKUP($A446,BD_INSUMOS2[],7,FALSE),\"\")","v":""},{"$f":"+IFERROR(VLOOKUP($A446,BD_INSUMOS2[],8,FALSE),\"\")","v":""}]
[436,{"$f":"+IFERROR(VLOOKUP($A447,BD_INSUMOS2[],3,FALSE),\"\")","v":""},{"$f":"+IFERROR(VLOOKUP($A447,BD_INSUMOS2[],5,FALSE),\"\")","v":""},{"$f":"+IFERROR(VLOOKUP($A447,BD_INSUMOS2[],6,FALSE),\"\")","v":""},{"$f":"+IFERROR(VLOOKUP($A447,BD_INSUMOS2[],7,FALSE),\"\")","v":""},{"$f":"+IFERROR(VLOOKUP($A447,BD_INSUMOS2[],8,FALSE),\"\")","v":""}]
[437,{"$f":"+IFERROR(VLOOKUP($A448,BD_INSUMOS2[],3,FALSE),\"\")","v":""},{"$f":"+IFERROR(VLOOKUP($A448,BD_INSUMOS2[],5,FALSE),\"\")","v":""},{"$f":"+IFERROR(VLOOKUP($A448,BD_INSUMOS2[],6,FALSE),\"\")","v":""},{"$f":"+IFERROR(VLOOKUP($A448,BD_INSUMOS2[],7,FALSE),\"\")","v":""},{"$f":"+IFERROR(VLOOKUP($A448,BD_INSUMOS2[],8,FALSE),\"\")","v":""}]
[438,{"$f":"+IFERROR(VLOOKUP($A449,BD_INSUMOS2[],3,FALSE),\"\")","v":""},{"$f":"+IFERROR(VLOOKUP($A449,BD_INSUMOS2[],5,FALSE),\"\")","v":""},{"$f":"+IFERROR(VLOOKUP($A449,BD_INSUMOS2[],6,FALSE),\"\")","v":""},{"$f":"+IFERROR(VLOOKUP($A449,BD_INSUMOS2[],7,FALSE),\"\")","v":""},{"$f":"+IFERROR(VLOOKUP($A449,BD_INSUMOS2[],8,FALSE),\"\")","v":""}]
[439,{"$f":"+IFERROR(VLOOKUP($A450,BD_INSUMOS2[],3,FALSE),\"\")","v":""},{"$f":"+IFERROR(VLOOKUP($A450,BD_INSUMOS2[],5,FALSE),\"\")","v":""},{"$f":"+IFERROR(VLOOKUP($A450,BD_INSUMOS2[],6,FALSE),\"\")","v":""},{"$f":"+IFERROR(VLOOKUP($A450,BD_INSUMOS2[],7,FALSE),\"\")","v":""},{"$f":"+IFERROR(VLOOKUP($A450,BD_INSUMOS2[],8,FALSE),\"\")","v":""}]
[440,{"$f":"+IFERROR(VLOOKUP($A451,BD_INSUMOS2[],3,FALSE),\"\")","v":""},{"$f":"+IFERROR(VLOOKUP($A451,BD_INSUMOS2[],5,FALSE),\"\")","v":""},{"$f":"+IFERROR(VLOOKUP($A451,BD_INSUMOS2[],6,FALSE),\"\")","v":""},{"$f":"+IFERROR(VLOOKUP($A451,BD_INSUMOS2[],7,FALSE),\"\")","v":""},{"$f":"+IFERROR(VLOOKUP($A451,BD_INSUMOS2[],8,FALSE),\"\")","v":""}]
[441,{"$f":"+IFERROR(VLOOKUP($A452,BD_INSUMOS2[],3,FALSE),\"\")","v":""},{"$f":"+IFERROR(VLOOKUP($A452,BD_INSUMOS2[],5,FALSE),\"\")","v":""},{"$f":"+IFERROR(VLOOKUP($A452,BD_INSUMOS2[],6,FALSE),\"\")","v":""},{"$f":"+IFERROR(VLOOKUP($A452,BD_INSUMOS2[],7,FALSE),\"\")","v":""},{"$f":"+IFERROR(VLOOKUP($A452,BD_INSUMOS2[],8,FALSE),\"\")","v":""}]
[442,{"$f":"+IFERROR(VLOOKUP($A453,BD_INSUMOS2[],3,FALSE),\"\")","v":""},{"$f":"+IFERROR(VLOOKUP($A453,BD_INSUMOS2[],5,FALSE),\"\")","v":""},{"$f":"+IFERROR(VLOOKUP($A453,BD_INSUMOS2[],6,FALSE),\"\")","v":""},{"$f":"+IFERROR(VLOOKUP($A453,BD_INSUMOS2[],7,FALSE),\"\")","v":""},{"$f":"+IFERROR(VLOOKUP($A453,BD_INSUMOS2[],8,FALSE),\"\")","v":""}]
[443,{"$f":"+IFERROR(VLOOKUP($A454,BD_INSUMOS2[],3,FALSE),\"\")","v":""},{"$f":"+IFERROR(VLOOKUP($A454,BD_INSUMOS2[],5,FALSE),\"\")","v":""},{"$f":"+IFERROR(VLOOKUP($A454,BD_INSUMOS2[],6,FALSE),\"\")","v":""},{"$f":"+IFERROR(VLOOKUP($A454,BD_INSUMOS2[],7,FALSE),\"\")","v":""},{"$f":"+IFERROR(VLOOKUP($A454,BD_INSUMOS2[],8,FALSE),\"\")","v":""}]
[444,{"$f":"+IFERROR(VLOOKUP($A455,BD_INSUMOS2[],3,FALSE),\"\")","v":""},{"$f":"+IFERROR(VLOOKUP($A455,BD_INSUMOS2[],5,FALSE),\"\")","v":""},{"$f":"+IFERROR(VLOOKUP($A455,BD_INSUMOS2[],6,FALSE),\"\")","v":""},{"$f":"+IFERROR(VLOOKUP($A455,BD_INSUMOS2[],7,FALSE),\"\")","v":""},{"$f":"+IFERROR(VLOOKUP($A455,BD_INSUMOS2[],8,FALSE),\"\")","v":""}]
[445,{"$f":"+IFERROR(VLOOKUP($A456,BD_INSUMOS2[],3,FALSE),\"\")","v":""},{"$f":"+IFERROR(VLOOKUP($A456,BD_INSUMOS2[],5,FALSE),\"\")","v":""},{"$f":"+IFERROR(VLOOKUP($A456,BD_INSUMOS2[],6,FALSE),\"\")","v":""},{"$f":"+IFERROR(VLOOKUP($A456,BD_INSUMOS2[],7,FALSE),\"\")","v":""},{"$f":"+IFERROR(VLOOKUP($A456,BD_INSUMOS2[],8,FALSE),\"\")","v":""}]
[446,{"$f":"+IFERROR(VLOOKUP($A457,BD_INSUMOS2[],3,FALSE),\"\")","v":""},{"$f":"+IFERROR(VLOOKUP($A457,BD_INSUMOS2[],5,FALSE),\"\")","v":""},{"$f":"+IFERROR(VLOOKUP($A457,BD_INSUMOS2[],6,FALSE),\"\")","v":""},{"$f":"+IFERROR(VLOOKUP($A457,BD_INSUMOS2[],7,FALSE),\"\")","v":""},{"$f":"+IFERROR(VLOOKUP($A457,BD_INSUMOS2[],8,FALSE),\"\")","v":""}]
[447,{"$f":"+IFERROR(VLOOKUP($A458,BD_INSUMOS2[],3,FALSE),\"\")","v":""},{"$f":"+IFERROR(VLOOKUP($A458,BD_INSUMOS2[],5,FALSE),\"\")","v":""},{"$f":"+IFERROR(VLOOKUP($A458,BD_INSUMOS2[],6,FALSE),\"\")","v":""},{"$f":"+IFERROR(VLOOKUP($A458,BD_INSUMOS2[],7,FALSE),\"\")","v":""},{"$f":"+IFERROR(VLOOKUP($A458,BD_INSUMOS2[],8,FALSE),\"\")","v":""}]
[448,{"$f":"+IFERROR(VLOOKUP($A459,BD_INSUMOS2[],3,FALSE),\"\")","v":""},{"$f":"+IFERROR(VLOOKUP($A459,BD_INSUMOS2[],5,FALSE),\"\")","v":""},{"$f":"+IFERROR(VLOOKUP($A459,BD_INSUMOS2[],6,FALSE),\"\")","v":""},{"$f":"+IFERROR(VLOOKUP($A459,BD_INSUMOS2[],7,FALSE),\"\")","v":""},{"$f":"+IFERROR(VLOOKUP($A459,BD_INSUMOS2[],8,FALSE),\"\")","v":""}]
[449,{"$f":"+IFERROR(VLOOKUP($A460,BD_INSUMOS2[],3,FALSE),\"\")","v":""},{"$f":"+IFERROR(VLOOKUP($A460,BD_INSUMOS2[],5,FALSE),\"\")","v":""},{"$f":"+IFERROR(VLOOKUP($A460,BD_INSUMOS2[],6,FALSE),\"\")","v":""},{"$f":"+IFERROR(VLOOKUP($A460,BD_INSUMOS2[],7,FALSE),\"\")","v":""},{"$f":"+IFERROR(VLOOKUP($A460,BD_INSUMOS2[],8,FALSE),\"\")","v":""}]
[450,{"$f":"+IFERROR(VLOOKUP($A461,BD_INSUMOS2[],3,FALSE),\"\")","v":""},{"$f":"+IFERROR(VLOOKUP($A461,BD_INSUMOS2[],5,FALSE),\"\")","v":""},{"$f":"+IFERROR(VLOOKUP($A461,BD_INSUMOS2[],6,FALSE),\"\")","v":""},{"$f":"+IFERROR(VLOOKUP($A461,BD_INSUMOS2[],7,FALSE),\"\")","v":""},{"$f":"+IFERROR(VLOOKUP($A461,BD_INSUMOS2[],8,FALSE),\"\")","v":""}]
[451,{"$f":"+IFERROR(VLOOKUP($A462,BD_INSUMOS2[],3,FALSE),\"\")","v":""},{"$f":"+IFERROR(VLOOKUP($A462,BD_INSUMOS2[],5,FALSE),\"\")","v":""},{"$f":"+IFERROR(VLOOKUP($A462,BD_INSUMOS2[],6,FALSE),\"\")","v":""},{"$f":"+IFERROR(VLOOKUP($A462,BD_INSUMOS2[],7,FALSE),\"\")","v":""},{"$f":"+IFERROR(VLOOKUP($A462,BD_INSUMOS2[],8,FALSE),\"\")","v":""}]
[452,{"$f":"+IFERROR(VLOOKUP($A463,BD_INSUMOS2[],3,FALSE),\"\")","v":""},{"$f":"+IFERROR(VLOOKUP($A463,BD_INSUMOS2[],5,FALSE),\"\")","v":""},{"$f":"+IFERROR(VLOOKUP($A463,BD_INSUMOS2[],6,FALSE),\"\")","v":""},{"$f":"+IFERROR(VLOOKUP($A463,BD_INSUMOS2[],7,FALSE),\"\")","v":""},{"$f":"+IFERROR(VLOOKUP($A463,BD_INSUMOS2[],8,FALSE),\"\")","v":""}]
[453,{"$f":"+IFERROR(VLOOKUP($A464,BD_INSUMOS2[],3,FALSE),\"\")","v":""},{"$f":"+IFERROR(VLOOKUP($A464,BD_INSUMOS2[],5,FALSE),\"\")","v":""},{"$f":"+IFERROR(VLOOKUP($A464,BD_INSUMOS2[],6,FALSE),\"\")","v":""},{"$f":"+IFERROR(VLOOKUP($A464,BD_INSUMOS2[],7,FALSE),\"\")","v":""},{"$f":"+IFERROR(VLOOKUP($A464,BD_INSUMOS2[],8,FALSE),\"\")","v":""}]
[454,{"$f":"+IFERROR(VLOOKUP($A465,BD_INSUMOS2[],3,FALSE),\"\")","v":""},{"$f":"+IFERROR(VLOOKUP($A465,BD_INSUMOS2[],5,FALSE),\"\")","v":""},{"$f":"+IFERROR(VLOOKUP($A465,BD_INSUMOS2[],6,FALSE),\"\")","v":""},{"$f":"+IFERROR(VLOOKUP($A465,BD_INSUMOS2[],7,FALSE),\"\")","v":""},{"$f":"+IFERROR(VLOOKUP($A465,BD_INSUMOS2[],8,FALSE),\"\")","v":""}]
[455,{"$f":"+IFERROR(VLOOKUP($A466,BD_INSUMOS2[],3,FALSE),\"\")","v":""},{"$f":"+IFERROR(VLOOKUP($A466,BD_INSUMOS2[],5,FALSE),\"\")","v":""},{"$f":"+IFERROR(VLOOKUP($A466,BD_INSUMOS2[],6,FALSE),\"\")","v":""},{"$f":"+IFERROR(VLOOKUP($A466,BD_INSUMOS2[],7,FALSE),\"\")","v":""},{"$f":"+IFERROR(VLOOKUP($A466,BD_INSUMOS2[],8,FALSE),\"\")","v":""}]
[456,{"$f":"+IFERROR(VLOOKUP($A467,BD_INSUMOS2[],3,FALSE),\"\")","v":""},{"$f":"+IFERROR(VLOOKUP($A467,BD_INSUMOS2[],5,FALSE),\"\")","v":""},{"$f":"+IFERROR(VLOOKUP($A467,BD_INSUMOS2[],6,FALSE),\"\")","v":""},{"$f":"+IFERROR(VLOOKUP($A467,BD_INSUMOS2[],7,FALSE),\"\")","v":""},{"$f":"+IFERROR(VLOOKUP($A467,BD_INSUMOS2[],8,FALSE),\"\")","v":""}]
[457,{"$f":"+IFERROR(VLOOKUP($A468,BD_INSUMOS2[],3,FALSE),\"\")","v":""},{"$f":"+IFERROR(VLOOKUP($A468,BD_INSUMOS2[],5,FALSE),\"\")","v":""},{"$f":"+IFERROR(VLOOKUP($A468,BD_INSUMOS2[],6,FALSE),\"\")","v":""},{"$f":"+IFERROR(VLOOKUP($A468,BD_INSUMOS2[],7,FALSE),\"\")","v":""},{"$f":"+IFERROR(VLOOKUP($A468,BD_INSUMOS2[],8,FALSE),\"\")","v":""}]
[458,{"$f":"+IFERROR(VLOOKUP($A469,BD_INSUMOS2[],3,FALSE),\"\")","v":""},{"$f":"+IFERROR(VLOOKUP($A469,BD_INSUMOS2[],5,FALSE),\"\")","v":""},{"$f":"+IFERROR(VLOOKUP($A469,BD_INSUMOS2[],6,FALSE),\"\")","v":""},{"$f":"+IFERROR(VLOOKUP($A469,BD_INSUMOS2[],7,FALSE),\"\")","v":""},{"$f":"+IFERROR(VLOOKUP($A469,BD_INSUMOS2[],8,FALSE),\"\")","v":""}]
[459,{"$f":"+IFERROR(VLOOKUP($A470,BD_INSUMOS2[],3,FALSE),\"\")","v":""},{"$f":"+IFERROR(VLOOKUP($A470,BD_INSUMOS2[],5,FALSE),\"\")","v":""},{"$f":"+IFERROR(VLOOKUP($A470,BD_INSUMOS2[],6,FALSE),\"\")","v":""},{"$f":"+IFERROR(VLOOKUP($A470,BD_INSUMOS2[],7,FALSE),\"\")","v":""},{"$f":"+IFERROR(VLOOKUP($A470,BD_INSUMOS2[],8,FALSE),\"\")","v":""}]
[460,{"$f":"+IFERROR(VLOOKUP($A471,BD_INSUMOS2[],3,FALSE),\"\")","v":""},{"$f":"+IFERROR(VLOOKUP($A471,BD_INSUMOS2[],5,FALSE),\"\")","v":""},{"$f":"+IFERROR(VLOOKUP($A471,BD_INSUMOS2[],6,FALSE),\"\")","v":""},{"$f":"+IFERROR(VLOOKUP($A471,BD_INSUMOS2[],7,FALSE),\"\")","v":""},{"$f":"+IFERROR(VLOOKUP($A471,BD_INSUMOS2[],8,FALSE),\"\")","v":""}]
[461,{"$f":"+IFERROR(VLOOKUP($A472,BD_INSUMOS2[],3,FALSE),\"\")","v":""},{"$f":"+IFERROR(VLOOKUP($A472,BD_INSUMOS2[],5,FALSE),\"\")","v":""},{"$f":"+IFERROR(VLOOKUP($A472,BD_INSUMOS2[],6,FALSE),\"\")","v":""},{"$f":"+IFERROR(VLOOKUP($A472,BD_INSUMOS2[],7,FALSE),\"\")","v":""},{"$f":"+IFERROR(VLOOKUP($A472,BD_INSUMOS2[],8,FALSE),\"\")","v":""}]
[462,{"$f":"+IFERROR(VLOOKUP($A473,BD_INSUMOS2[],3,FALSE),\"\")","v":""},{"$f":"+IFERROR(VLOOKUP($A473,BD_INSUMOS2[],5,FALSE),\"\")","v":""},{"$f":"+IFERROR(VLOOKUP($A473,BD_INSUMOS2[],6,FALSE),\"\")","v":""},{"$f":"+IFERROR(VLOOKUP($A473,BD_INSUMOS2[],7,FALSE),\"\")","v":""},{"$f":"+IFERROR(VLOOKUP($A473,BD_INSUMOS2[],8,FALSE),\"\")","v":""}]
[463,{"$f":"+IFERROR(VLOOKUP($A474,BD_INSUMOS2[],3,FALSE),\"\")","v":""},{"$f":"+IFERROR(VLOOKUP($A474,BD_INSUMOS2[],5,FALSE),\"\")","v":""},{"$f":"+IFERROR(VLOOKUP($A474,BD_INSUMOS2[],6,FALSE),\"\")","v":""},{"$f":"+IFERROR(VLOOKUP($A474,BD_INSUMOS2[],7,FALSE),\"\")","v":""},{"$f":"+IFERROR(VLOOKUP($A474,BD_INSUMOS2[],8,FALSE),\"\")","v":""}]
[464,{"$f":"+IFERROR(VLOOKUP($A475,BD_INSUMOS2[],3,FALSE),\"\")","v":""},{"$f":"+IFERROR(VLOOKUP($A475,BD_INSUMOS2[],5,FALSE),\"\")","v":""},{"$f":"+IFERROR(VLOOKUP($A475,BD_INSUMOS2[],6,FALSE),\"\")","v":""},{"$f":"+IFERROR(VLOOKUP($A475,BD_INSUMOS2[],7,FALSE),\"\")","v":""},{"$f":"+IFERROR(VLOOKUP($A475,BD_INSUMOS2[],8,FALSE),\"\")","v":""}]
[465,{"$f":"+IFERROR(VLOOKUP($A476,BD_INSUMOS2[],3,FALSE),\"\")","v":""},{"$f":"+IFERROR(VLOOKUP($A476,BD_INSUMOS2[],5,FALSE),\"\")","v":""},{"$f":"+IFERROR(VLOOKUP($A476,BD_INSUMOS2[],6,FALSE),\"\")","v":""},{"$f":"+IFERROR(VLOOKUP($A476,BD_INSUMOS2[],7,FALSE),\"\")","v":""},{"$f":"+IFERROR(VLOOKUP($A476,BD_INSUMOS2[],8,FALSE),\"\")","v":""}]
[466,{"$f":"+IFERROR(VLOOKUP($A477,BD_INSUMOS2[],3,FALSE),\"\")","v":""},{"$f":"+IFERROR(VLOOKUP($A477,BD_INSUMOS2[],5,FALSE),\"\")","v":""},{"$f":"+IFERROR(VLOOKUP($A477,BD_INSUMOS2[],6,FALSE),\"\")","v":""},{"$f":"+IFERROR(VLOOKUP($A477,BD_INSUMOS2[],7,FALSE),\"\")","v":""},{"$f":"+IFERROR(VLOOKUP($A477,BD_INSUMOS2[],8,FALSE),\"\")","v":""}]
[467,{"$f":"+IFERROR(VLOOKUP($A478,BD_INSUMOS2[],3,FALSE),\"\")","v":""},{"$f":"+IFERROR(VLOOKUP($A478,BD_INSUMOS2[],5,FALSE),\"\")","v":""},{"$f":"+IFERROR(VLOOKUP($A478,BD_INSUMOS2[],6,FALSE),\"\")","v":""},{"$f":"+IFERROR(VLOOKUP($A478,BD_INSUMOS2[],7,FALSE),\"\")","v":""},{"$f":"+IFERROR(VLOOKUP($A478,BD_INSUMOS2[],8,FALSE),\"\")","v":""}]
[468,{"$f":"+IFERROR(VLOOKUP($A479,BD_INSUMOS2[],3,FALSE),\"\")","v":""},{"$f":"+IFERROR(VLOOKUP($A479,BD_INSUMOS2[],5,FALSE),\"\")","v":""},{"$f":"+IFERROR(VLOOKUP($A479,BD_INSUMOS2[],6,FALSE),\"\")","v":""},{"$f":"+IFERROR(VLOOKUP($A479,BD_INSUMOS2[],7,FALSE),\"\")","v":""},{"$f":"+IFERROR(VLOOKUP($A479,BD_INSUMOS2[],8,FALSE),\"\")","v":""}]
[469,{"$f":"+IFERROR(VLOOKUP($A480,BD_INSUMOS2[],3,FALSE),\"\")","v":""},{"$f":"+IFERROR(VLOOKUP($A480,BD_INSUMOS2[],5,FALSE),\"\")","v":""},{"$f":"+IFERROR(VLOOKUP($A480,BD_INSUMOS2[],6,FALSE),\"\")","v":""},{"$f":"+IFERROR(VLOOKUP($A480,BD_INSUMOS2[],7,FALSE),\"\")","v":""},{"$f":"+IFERROR(VLOOKUP($A480,BD_INSUMOS2[],8,FALSE),\"\")","v":""}]
[470,{"$f":"+IFERROR(VLOOKUP($A481,BD_INSUMOS2[],3,FALSE),\"\")","v":""},{"$f":"+IFERROR(VLOOKUP($A481,BD_INSUMOS2[],5,FALSE),\"\")","v":""},{"$f":"+IFERROR(VLOOKUP($A481,BD_INSUMOS2[],6,FALSE),\"\")","v":""},{"$f":"+IFERROR(VLOOKUP($A481,BD_INSUMOS2[],7,FALSE),\"\")","v":""},{"$f":"+IFERROR(VLOOKUP($A481,BD_INSUMOS2[],8,FALSE),\"\")","v":""}]
[471,{"$f":"+IFERROR(VLOOKUP($A482,BD_INSUMOS2[],3,FALSE),\"\")","v":""},{"$f":"+IFERROR(VLOOKUP($A482,BD_INSUMOS2[],5,FALSE),\"\")","v":""},{"$f":"+IFERROR(VLOOKUP($A482,BD_INSUMOS2[],6,FALSE),\"\")","v":""},{"$f":"+IFERROR(VLOOKUP($A482,BD_INSUMOS2[],7,FALSE),\"\")","v":""},{"$f":"+IFERROR(VLOOKUP($A482,BD_INSUMOS2[],8,FALSE),\"\")","v":""}]
[472,{"$f":"+IFERROR(VLOOKUP($A483,BD_INSUMOS2[],3,FALSE),\"\")","v":""},{"$f":"+IFERROR(VLOOKUP($A483,BD_INSUMOS2[],5,FALSE),\"\")","v":""},{"$f":"+IFERROR(VLOOKUP($A483,BD_INSUMOS2[],6,FALSE),\"\")","v":""},{"$f":"+IFERROR(VLOOKUP($A483,BD_INSUMOS2[],7,FALSE),\"\")","v":""},{"$f":"+IFERROR(VLOOKUP($A483,BD_INSUMOS2[],8,FALSE),\"\")","v":""}]
[473,{"$f":"+IFERROR(VLOOKUP($A484,BD_INSUMOS2[],3,FALSE),\"\")","v":""},{"$f":"+IFERROR(VLOOKUP($A484,BD_INSUMOS2[],5,FALSE),\"\")","v":""},{"$f":"+IFERROR(VLOOKUP($A484,BD_INSUMOS2[],6,FALSE),\"\")","v":""},{"$f":"+IFERROR(VLOOKUP($A484,BD_INSUMOS2[],7,FALSE),\"\")","v":""},{"$f":"+IFERROR(VLOOKUP($A484,BD_INSUMOS2[],8,FALSE),\"\")","v":""}]
[474,{"$f":"+IFERROR(VLOOKUP($A485,BD_INSUMOS2[],3,FALSE),\"\")","v":""},{"$f":"+IFERROR(VLOOKUP($A485,BD_INSUMOS2[],5,FALSE),\"\")","v":""},{"$f":"+IFERROR(VLOOKUP($A485,BD_INSUMOS2[],6,FALSE),\"\")","v":""},{"$f":"+IFERROR(VLOOKUP($A485,BD_INSUMOS2[],7,FALSE),\"\")","v":""},{"$f":"+IFERROR(VLOOKUP($A485,BD_INSUMOS2[],8,FALSE),\"\")","v":""}]
[475,{"$f":"+IFERROR(VLOOKUP($A486,BD_INSUMOS2[],3,FALSE),\"\")","v":""},{"$f":"+IFERROR(VLOOKUP($A486,BD_INSUMOS2[],5,FALSE),\"\")","v":""},{"$f":"+IFERROR(VLOOKUP($A486,BD_INSUMOS2[],6,FALSE),\"\")","v":""},{"$f":"+IFERROR(VLOOKUP($A486,BD_INSUMOS2[],7,FALSE),\"\")","v":""},{"$f":"+IFERROR(VLOOKUP($A486,BD_INSUMOS2[],8,FALSE),\"\")","v":""}]
[476,{"$f":"+IFERROR(VLOOKUP($A487,BD_INSUMOS2[],3,FALSE),\"\")","v":""},{"$f":"+IFERROR(VLOOKUP($A487,BD_INSUMOS2[],5,FALSE),\"\")","v":""},{"$f":"+IFERROR(VLOOKUP($A487,BD_INSUMOS2[],6,FALSE),\"\")","v":""},{"$f":"+IFERROR(VLOOKUP($A487,BD_INSUMOS2[],7,FALSE),\"\")","v":""},{"$f":"+IFERROR(VLOOKUP($A487,BD_INSUMOS2[],8,FALSE),\"\")","v":""}]
[477,{"$f":"+IFERROR(VLOOKUP($A488,BD_INSUMOS2[],3,FALSE),\"\")","v":""},{"$f":"+IFERROR(VLOOKUP($A488,BD_INSUMOS2[],5,FALSE),\"\")","v":""},{"$f":"+IFERROR(VLOOKUP($A488,BD_INSUMOS2[],6,FALSE),\"\")","v":""},{"$f":"+IFERROR(VLOOKUP($A488,BD_INSUMOS2[],7,FALSE),\"\")","v":""},{"$f":"+IFERROR(VLOOKUP($A488,BD_INSUMOS2[],8,FALSE),\"\")","v":""}]
[478,{"$f":"+IFERROR(VLOOKUP($A489,BD_INSUMOS2[],3,FALSE),\"\")","v":""},{"$f":"+IFERROR(VLOOKUP($A489,BD_INSUMOS2[],5,FALSE),\"\")","v":""},{"$f":"+IFERROR(VLOOKUP($A489,BD_INSUMOS2[],6,FALSE),\"\")","v":""},{"$f":"+IFERROR(VLOOKUP($A489,BD_INSUMOS2[],7,FALSE),\"\")","v":""},{"$f":"+IFERROR(VLOOKUP($A489,BD_INSUMOS2[],8,FALSE),\"\")","v":""}]
[479,{"$f":"+IFERROR(VLOOKUP($A490,BD_INSUMOS2[],3,FALSE),\"\")","v":""},{"$f":"+IFERROR(VLOOKUP($A490,BD_INSUMOS2[],5,FALSE),\"\")","v":""},{"$f":"+IFERROR(VLOOKUP($A490,BD_INSUMOS2[],6,FALSE),\"\")","v":""},{"$f":"+IFERROR(VLOOKUP($A490,BD_INSUMOS2[],7,FALSE),\"\")","v":""},{"$f":"+IFERROR(VLOOKUP($A490,BD_INSUMOS2[],8,FALSE),\"\")","v":""}]
[480,{"$f":"+IFERROR(VLOOKUP($A491,BD_INSUMOS2[],3,FALSE),\"\")","v":""},{"$f":"+IFERROR(VLOOKUP($A491,BD_INSUMOS2[],5,FALSE),\"\")","v":""},{"$f":"+IFERROR(VLOOKUP($A491,BD_INSUMOS2[],6,FALSE),\"\")","v":""},{"$f":"+IFERROR(VLOOKUP($A491,BD_INSUMOS2[],7,FALSE),\"\")","v":""},{"$f":"+IFERROR(VLOOKUP($A491,BD_INSUMOS2[],8,FALSE),\"\")","v":""}]
[481,{"$f":"+IFERROR(VLOOKUP($A492,BD_INSUMOS2[],3,FALSE),\"\")","v":""},{"$f":"+IFERROR(VLOOKUP($A492,BD_INSUMOS2[],5,FALSE),\"\")","v":""},{"$f":"+IFERROR(VLOOKUP($A492,BD_INSUMOS2[],6,FALSE),\"\")","v":""},{"$f":"+IFERROR(VLOOKUP($A492,BD_INSUMOS2[],7,FALSE),\"\")","v":""},{"$f":"+IFERROR(VLOOKUP($A492,BD_INSUMOS2[],8,FALSE),\"\")","v":""}]
[482,{"$f":"+IFERROR(VLOOKUP($A493,BD_INSUMOS2[],3,FALSE),\"\")","v":""},{"$f":"+IFERROR(VLOOKUP($A493,BD_INSUMOS2[],5,FALSE),\"\")","v":""},{"$f":"+IFERROR(VLOOKUP($A493,BD_INSUMOS2[],6,FALSE),\"\")","v":""},{"$f":"+IFERROR(VLOOKUP($A493,BD_INSUMOS2[],7,FALSE),\"\")","v":""},{"$f":"+IFERROR(VLOOKUP($A493,BD_INSUMOS2[],8,FALSE),\"\")","v":""}]
[483,{"$f":"+IFERROR(VLOOKUP($A494,BD_INSUMOS2[],3,FALSE),\"\")","v":""},{"$f":"+IFERROR(VLOOKUP($A494,BD_INSUMOS2[],5,FALSE),\"\")","v":""},{"$f":"+IFERROR(VLOOKUP($A494,BD_INSUMOS2[],6,FALSE),\"\")","v":""},{"$f":"+IFERROR(VLOOKUP($A494,BD_INSUMOS2[],7,FALSE),\"\")","v":""},{"$f":"+IFERROR(VLOOKUP($A494,BD_INSUMOS2[],8,FALSE),\"\")","v":""}]
[484,{"$f":"+IFERROR(VLOOKUP($A495,BD_INSUMOS2[],3,FALSE),\"\")","v":""},{"$f":"+IFERROR(VLOOKUP($A495,BD_INSUMOS2[],5,FALSE),\"\")","v":""},{"$f":"+IFERROR(VLOOKUP($A495,BD_INSUMOS2[],6,FALSE),\"\")","v":""},{"$f":"+IFERROR(VLOOKUP($A495,BD_INSUMOS2[],7,FALSE),\"\")","v":""},{"$f":"+IFERROR(VLOOKUP($A495,BD_INSUMOS2[],8,FALSE),\"\")","v":""}]
[485,{"$f":"+IFERROR(VLOOKUP($A496,BD_INSUMOS2[],3,FALSE),\"\")","v":""},{"$f":"+IFERROR(VLOOKUP($A496,BD_INSUMOS2[],5,FALSE),\"\")","v":""},{"$f":"+IFERROR(VLOOKUP($A496,BD_INSUMOS2[],6,FALSE),\"\")","v":""},{"$f":"+IFERROR(VLOOKUP($A496,BD_INSUMOS2[],7,FALSE),\"\")","v":""},{"$f":"+IFERROR(VLOOKUP($A496,BD_INSUMOS2[],8,FALSE),\"\")","v":""}]
[486,{"$f":"+IFERROR(VLOOKUP($A497,BD_INSUMOS2[],3,FALSE),\"\")","v":""},{"$f":"+IFERROR(VLOOKUP($A497,BD_INSUMOS2[],5,FALSE),\"\")","v":""},{"$f":"+IFERROR(VLOOKUP($A497,BD_INSUMOS2[],6,FALSE),\"\")","v":""},{"$f":"+IFERROR(VLOOKUP($A497,BD_INSUMOS2[],7,FALSE),\"\")","v":""},{"$f":"+IFERROR(VLOOKUP($A497,BD_INSUMOS2[],8,FALSE),\"\")","v":""}]
[487,{"$f":"+IFERROR(VLOOKUP($A498,BD_INSUMOS2[],3,FALSE),\"\")","v":""},{"$f":"+IFERROR(VLOOKUP($A498,BD_INSUMOS2[],5,FALSE),\"\")","v":""},{"$f":"+IFERROR(VLOOKUP($A498,BD_INSUMOS2[],6,FALSE),\"\")","v":""},{"$f":"+IFERROR(VLOOKUP($A498,BD_INSUMOS2[],7,FALSE),\"\")","v":""},{"$f":"+IFERROR(VLOOKUP($A498,BD_INSUMOS2[],8,FALSE),\"\")","v":""}]
[488,{"$f":"+IFERROR(VLOOKUP($A499,BD_INSUMOS2[],3,FALSE),\"\")","v":""},{"$f":"+IFERROR(VLOOKUP($A499,BD_INSUMOS2[],5,FALSE),\"\")","v":""},{"$f":"+IFERROR(VLOOKUP($A499,BD_INSUMOS2[],6,FALSE),\"\")","v":""},{"$f":"+IFERROR(VLOOKUP($A499,BD_INSUMOS2[],7,FALSE),\"\")","v":""},{"$f":"+IFERROR(VLOOKUP($A499,BD_INSUMOS2[],8,FALSE),\"\")","v":""}]
[489,{"$f":"+IFERROR(VLOOKUP($A500,BD_INSUMOS2[],3,FALSE),\"\")","v":""},{"$f":"+IFERROR(VLOOKUP($A500,BD_INSUMOS2[],5,FALSE),\"\")","v":""},{"$f":"+IFERROR(VLOOKUP($A500,BD_INSUMOS2[],6,FALSE),\"\")","v":""},{"$f":"+IFERROR(VLOOKUP($A500,BD_INSUMOS2[],7,FALSE),\"\")","v":""},{"$f":"+IFERROR(VLOOKUP($A500,BD_INSUMOS2[],8,FALSE),\"\")","v":""}]
[490,{"$f":"+IFERROR(VLOOKUP($A501,BD_INSUMOS2[],3,FALSE),\"\")","v":""},{"$f":"+IFERROR(VLOOKUP($A501,BD_INSUMOS2[],5,FALSE),\"\")","v":""},{"$f":"+IFERROR(VLOOKUP($A501,BD_INSUMOS2[],6,FALSE),\"\")","v":""},{"$f":"+IFERROR(VLOOKUP($A501,BD_INSUMOS2[],7,FALSE),\"\")","v":""},{"$f":"+IFERROR(VLOOKUP($A501,BD_INSUMOS2[],8,FALSE),\"\")","v":""}]
[491,{"$f":"+IFERROR(VLOOKUP($A502,BD_INSUMOS2[],3,FALSE),\"\")","v":""},{"$f":"+IFERROR(VLOOKUP($A502,BD_INSUMOS2[],5,FALSE),\"\")","v":""},{"$f":"+IFERROR(VLOOKUP($A502,BD_INSUMOS2[],6,FALSE),\"\")","v":""},{"$f":"+IFERROR(VLOOKUP($A502,BD_INSUMOS2[],7,FALSE),\"\")","v":""},{"$f":"+IFERROR(VLOOKUP($A502,BD_INSUMOS2[],8,FALSE),\"\")","v":""}]
[492,{"$f":"+IFERROR(VLOOKUP($A503,BD_INSUMOS2[],3,FALSE),\"\")","v":""},{"$f":"+IFERROR(VLOOKUP($A503,BD_INSUMOS2[],5,FALSE),\"\")","v":""},{"$f":"+IFERROR(VLOOKUP($A503,BD_INSUMOS2[],6,FALSE),\"\")","v":""},{"$f":"+IFERROR(VLOOKUP($A503,BD_INSUMOS2[],7,FALSE),\"\")","v":""},{"$f":"+IFERROR(VLOOKUP($A503,BD_INSUMOS2[],8,FALSE),\"\")","v":""}]
[493,{"$f":"+IFERROR(VLOOKUP($A504,BD_INSUMOS2[],3,FALSE),\"\")","v":""},{"$f":"+IFERROR(VLOOKUP($A504,BD_INSUMOS2[],5,FALSE),\"\")","v":""},{"$f":"+IFERROR(VLOOKUP($A504,BD_INSUMOS2[],6,FALSE),\"\")","v":""},{"$f":"+IFERROR(VLOOKUP($A504,BD_INSUMOS2[],7,FALSE),\"\")","v":""},{"$f":"+IFERROR(VLOOKUP($A504,BD_INSUMOS2[],8,FALSE),\"\")","v":""}]
[494,{"$f":"+IFERROR(VLOOKUP($A505,BD_INSUMOS2[],3,FALSE),\"\")","v":""},{"$f":"+IFERROR(VLOOKUP($A505,BD_INSUMOS2[],5,FALSE),\"\")","v":""},{"$f":"+IFERROR(VLOOKUP($A505,BD_INSUMOS2[],6,FALSE),\"\")","v":""},{"$f":"+IFERROR(VLOOKUP($A505,BD_INSUMOS2[],7,FALSE),\"\")","v":""},{"$f":"+IFERROR(VLOOKUP($A505,BD_INSUMOS2[],8,FALSE),\"\")","v":""}]
[495,{"$f":"+IFERROR(VLOOKUP($A506,BD_INSUMOS2[],3,FALSE),\"\")","v":""},{"$f":"+IFERROR(VLOOKUP($A506,BD_INSUMOS2[],5,FALSE),\"\")","v":""},{"$f":"+IFERROR(VLOOKUP($A506,BD_INSUMOS2[],6,FALSE),\"\")","v":""},{"$f":"+IFERROR(VLOOKUP($A506,BD_INSUMOS2[],7,FALSE),\"\")","v":""},{"$f":"+IFERROR(VLOOKUP($A506,BD_INSUMOS2[],8,FALSE),\"\")","v":""}]
[496,{"$f":"+IFERROR(VLOOKUP($A507,BD_INSUMOS2[],3,FALSE),\"\")","v":""},{"$f":"+IFERROR(VLOOKUP($A507,BD_INSUMOS2[],5,FALSE),\"\")","v":""},{"$f":"+IFERROR(VLOOKUP($A507,BD_INSUMOS2[],6,FALSE),\"\")","v":""},{"$f":"+IFERROR(VLOOKUP($A507,BD_INSUMOS2[],7,FALSE),\"\")","v":""},{"$f":"+IFERROR(VLOOKUP($A507,BD_INSUMOS2[],8,FALSE),\"\")","v":""}]
[497,{"$f":"+IFERROR(VLOOKUP($A508,BD_INSUMOS2[],3,FALSE),\"\")","v":""},{"$f":"+IFERROR(VLOOKUP($A508,BD_INSUMOS2[],5,FALSE),\"\")","v":""},{"$f":"+IFERROR(VLOOKUP($A508,BD_INSUMOS2[],6,FALSE),\"\")","v":""},{"$f":"+IFERROR(VLOOKUP($A508,BD_INSUMOS2[],7,FALSE),\"\")","v":""},{"$f":"+IFERROR(VLOOKUP($A508,BD_INSUMOS2[],8,FALSE),\"\")","v":""}]
[498,{"$f":"+IFERROR(VLOOKUP($A509,BD_INSUMOS2[],3,FALSE),\"\")","v":""},{"$f":"+IFERROR(VLOOKUP($A509,BD_INSUMOS2[],5,FALSE),\"\")","v":""},{"$f":"+IFERROR(VLOOKUP($A509,BD_INSUMOS2[],6,FALSE),\"\")","v":""},{"$f":"+IFERROR(VLOOKUP($A509,BD_INSUMOS2[],7,FALSE),\"\")","v":""},{"$f":"+IFERROR(VLOOKUP($A509,BD_INSUMOS2[],8,FALSE),\"\")","v":""}]
[499,{"$f":"+IFERROR(VLOOKUP($A510,BD_INSUMOS2[],3,FALSE),\"\")","v":""},{"$f":"+IFERROR(VLOOKUP($A510,BD_INSUMOS2[],5,FALSE),\"\")","v":""},{"$f":"+IFERROR(VLOOKUP($A510,BD_INSUMOS2[],6,FALSE),\"\")","v":""},{"$f":"+IFERROR(VLOOKUP($A510,BD_INSUMOS2[],7,FALSE),\"\")","v":""},{"$f":"+IFERROR(VLOOKUP($A510,BD_INSUMOS2[],8,FALSE),\"\")","v":""}]
[500,{"$f":"+IFERROR(VLOOKUP($A511,BD_INSUMOS2[],3,FALSE),\"\")","v":""},{"$f":"+IFERROR(VLOOKUP($A511,BD_INSUMOS2[],5,FALSE),\"\")","v":""},{"$f":"+IFERROR(VLOOKUP($A511,BD_INSUMOS2[],6,FALSE),\"\")","v":""},{"$f":"+IFERROR(VLOOKUP($A511,BD_INSUMOS2[],7,FALSE),\"\")","v":""},{"$f":"+IFERROR(VLOOKUP($A511,BD_INSUMOS2[],8,FALSE),\"\")","v":""}]
[501,{"$f":"+IFERROR(VLOOKUP($A512,BD_INSUMOS2[],3,FALSE),\"\")","v":""},{"$f":"+IFERROR(VLOOKUP($A512,BD_INSUMOS2[],5,FALSE),\"\")","v":""},{"$f":"+IFERROR(VLOOKUP($A512,BD_INSUMOS2[],6,FALSE),\"\")","v":""},{"$f":"+IFERROR(VLOOKUP($A512,BD_INSUMOS2[],7,FALSE),\"\")","v":""},{"$f":"+IFERROR(VLOOKUP($A512,BD_INSUMOS2[],8,FALSE),\"\")","v":""}]
[502,{"$f":"+IFERROR(VLOOKUP($A513,BD_INSUMOS2[],3,FALSE),\"\")","v":""},{"$f":"+IFERROR(VLOOKUP($A513,BD_INSUMOS2[],5,FALSE),\"\")","v":""},{"$f":"+IFERROR(VLOOKUP($A513,BD_INSUMOS2[],6,FALSE),\"\")","v":""},{"$f":"+IFERROR(VLOOKUP($A513,BD_INSUMOS2[],7,FALSE),\"\")","v":""},{"$f":"+IFERROR(VLOOKUP($A513,BD_INSUMOS2[],8,FALSE),\"\")","v":""}]
[503,{"$f":"+IFERROR(VLOOKUP($A514,BD_INSUMOS2[],3,FALSE),\"\")","v":""},{"$f":"+IFERROR(VLOOKUP($A514,BD_INSUMOS2[],5,FALSE),\"\")","v":""},{"$f":"+IFERROR(VLOOKUP($A514,BD_INSUMOS2[],6,FALSE),\"\")","v":""},{"$f":"+IFERROR(VLOOKUP($A514,BD_INSUMOS2[],7,FALSE),\"\")","v":""},{"$f":"+IFERROR(VLOOKUP($A514,BD_INSUMOS2[],8,FALSE),\"\")","v":""}]
[504,{"$f":"+IFERROR(VLOOKUP($A515,BD_INSUMOS2[],3,FALSE),\"\")","v":""},{"$f":"+IFERROR(VLOOKUP($A515,BD_INSUMOS2[],5,FALSE),\"\")","v":""},{"$f":"+IFERROR(VLOOKUP($A515,BD_INSUMOS2[],6,FALSE),\"\")","v":""},{"$f":"+IFERROR(VLOOKUP($A515,BD_INSUMOS2[],7,FALSE),\"\")","v":""},{"$f":"+IFERROR(VLOOKUP($A515,BD_INSUMOS2[],8,FALSE),\"\")","v":""}]
[505,{"$f":"+IFERROR(VLOOKUP($A516,BD_INSUMOS2[],3,FALSE),\"\")","v":""},{"$f":"+IFERROR(VLOOKUP($A516,BD_INSUMOS2[],5,FALSE),\"\")","v":""},{"$f":"+IFERROR(VLOOKUP($A516,BD_INSUMOS2[],6,FALSE),\"\")","v":""},{"$f":"+IFERROR(VLOOKUP($A516,BD_INSUMOS2[],7,FALSE),\"\")","v":""},{"$f":"+IFERROR(VLOOKUP($A516,BD_INSUMOS2[],8,FALSE),\"\")","v":""}]
[506,{"$f":"+IFERROR(VLOOKUP($A517,BD_INSUMOS2[],3,FALSE),\"\")","v":""},{"$f":"+IFERROR(VLOOKUP($A517,BD_INSUMOS2[],5,FALSE),\"\")","v":""},{"$f":"+IFERROR(VLOOKUP($A517,BD_INSUMOS2[],6,FALSE),\"\")","v":""},{"$f":"+IFERROR(VLOOKUP($A517,BD_INSUMOS2[],7,FALSE),\"\")","v":""},{"$f":"+IFERROR(VLOOKUP($A517,BD_INSUMOS2[],8,FALSE),\"\")","v":""}]
[507,{"$f":"+IFERROR(VLOOKUP($A518,BD_INSUMOS2[],3,FALSE),\"\")","v":""},{"$f":"+IFERROR(VLOOKUP($A518,BD_INSUMOS2[],5,FALSE),\"\")","v":""},{"$f":"+IFERROR(VLOOKUP($A518,BD_INSUMOS2[],6,FALSE),\"\")","v":""},{"$f":"+IFERROR(VLOOKUP($A518,BD_INSUMOS2[],7,FALSE),\"\")","v":""},{"$f":"+IFERROR(VLOOKUP($A518,BD_INSUMOS2[],8,FALSE),\"\")","v":""}]
[508,{"$f":"+IFERROR(VLOOKUP($A519,BD_INSUMOS2[],3,FALSE),\"\")","v":""},{"$f":"+IFERROR(VLOOKUP($A519,BD_INSUMOS2[],5,FALSE),\"\")","v":""},{"$f":"+IFERROR(VLOOKUP($A519,BD_INSUMOS2[],6,FALSE),\"\")","v":""},{"$f":"+IFERROR(VLOOKUP($A519,BD_INSUMOS2[],7,FALSE),\"\")","v":""},{"$f":"+IFERROR(VLOOKUP($A519,BD_INSUMOS2[],8,FALSE),\"\")","v":""}]
[509,{"$f":"+IFERROR(VLOOKUP($A520,BD_INSUMOS2[],3,FALSE),\"\")","v":""},{"$f":"+IFERROR(VLOOKUP($A520,BD_INSUMOS2[],5,FALSE),\"\")","v":""},{"$f":"+IFERROR(VLOOKUP($A520,BD_INSUMOS2[],6,FALSE),\"\")","v":""},{"$f":"+IFERROR(VLOOKUP($A520,BD_INSUMOS2[],7,FALSE),\"\")","v":""},{"$f":"+IFERROR(VLOOKUP($A520,BD_INSUMOS2[],8,FALSE),\"\")","v":""}]
[510,{"$f":"+IFERROR(VLOOKUP($A521,BD_INSUMOS2[],3,FALSE),\"\")","v":""},{"$f":"+IFERROR(VLOOKUP($A521,BD_INSUMOS2[],5,FALSE),\"\")","v":""},{"$f":"+IFERROR(VLOOKUP($A521,BD_INSUMOS2[],6,FALSE),\"\")","v":""},{"$f":"+IFERROR(VLOOKUP($A521,BD_INSUMOS2[],7,FALSE),\"\")","v":""},{"$f":"+IFERROR(VLOOKUP($A521,BD_INSUMOS2[],8,FALSE),\"\")","v":""}]
[511,{"$f":"+IFERROR(VLOOKUP($A522,BD_INSUMOS2[],3,FALSE),\"\")","v":""},{"$f":"+IFERROR(VLOOKUP($A522,BD_INSUMOS2[],5,FALSE),\"\")","v":""},{"$f":"+IFERROR(VLOOKUP($A522,BD_INSUMOS2[],6,FALSE),\"\")","v":""},{"$f":"+IFERROR(VLOOKUP($A522,BD_INSUMOS2[],7,FALSE),\"\")","v":""},{"$f":"+IFERROR(VLOOKUP($A522,BD_INSUMOS2[],8,FALSE),\"\")","v":""}]
[512,{"$f":"+IFERROR(VLOOKUP($A523,BD_INSUMOS2[],3,FALSE),\"\")","v":""},{"$f":"+IFERROR(VLOOKUP($A523,BD_INSUMOS2[],5,FALSE),\"\")","v":""},{"$f":"+IFERROR(VLOOKUP($A523,BD_INSUMOS2[],6,FALSE),\"\")","v":""},{"$f":"+IFERROR(VLOOKUP($A523,BD_INSUMOS2[],7,FALSE),\"\")","v":""},{"$f":"+IFERROR(VLOOKUP($A523,BD_INSUMOS2[],8,FALSE),\"\")","v":""}]
[513,{"$f":"+IFERROR(VLOOKUP($A524,BD_INSUMOS2[],3,FALSE),\"\")","v":""},{"$f":"+IFERROR(VLOOKUP($A524,BD_INSUMOS2[],5,FALSE),\"\")","v":""},{"$f":"+IFERROR(VLOOKUP($A524,BD_INSUMOS2[],6,FALSE),\"\")","v":""},{"$f":"+IFERROR(VLOOKUP($A524,BD_INSUMOS2[],7,FALSE),\"\")","v":""},{"$f":"+IFERROR(VLOOKUP($A524,BD_INSUMOS2[],8,FALSE),\"\")","v":""}]
[514,{"$f":"+IFERROR(VLOOKUP($A525,BD_INSUMOS2[],3,FALSE),\"\")","v":""},{"$f":"+IFERROR(VLOOKUP($A525,BD_INSUMOS2[],5,FALSE),\"\")","v":""},{"$f":"+IFERROR(VLOOKUP($A525,BD_INSUMOS2[],6,FALSE),\"\")","v":""},{"$f":"+IFERROR(VLOOKUP($A525,BD_INSUMOS2[],7,FALSE),\"\")","v":""},{"$f":"+IFERROR(VLOOKUP($A525,BD_INSUMOS2[],8,FALSE),\"\")","v":""}]
[515,{"$f":"+IFERROR(VLOOKUP($A526,BD_INSUMOS2[],3,FALSE),\"\")","v":""},{"$f":"+IFERROR(VLOOKUP($A526,BD_INSUMOS2[],5,FALSE),\"\")","v":""},{"$f":"+IFERROR(VLOOKUP($A526,BD_INSUMOS2[],6,FALSE),\"\")","v":""},{"$f":"+IFERROR(VLOOKUP($A526,BD_INSUMOS2[],7,FALSE),\"\")","v":""},{"$f":"+IFERROR(VLOOKUP($A526,BD_INSUMOS2[],8,FALSE),\"\")","v":""}]
[516,{"$f":"+IFERROR(VLOOKUP($A527,BD_INSUMOS2[],3,FALSE),\"\")","v":""},{"$f":"+IFERROR(VLOOKUP($A527,BD_INSUMOS2[],5,FALSE),\"\")","v":""},{"$f":"+IFERROR(VLOOKUP($A527,BD_INSUMOS2[],6,FALSE),\"\")","v":""},{"$f":"+IFERROR(VLOOKUP($A527,BD_INSUMOS2[],7,FALSE),\"\")","v":""},{"$f":"+IFERROR(VLOOKUP($A527,BD_INSUMOS2[],8,FALSE),\"\")","v":""}]
[517,{"$f":"+IFERROR(VLOOKUP($A528,BD_INSUMOS2[],3,FALSE),\"\")","v":""},{"$f":"+IFERROR(VLOOKUP($A528,BD_INSUMOS2[],5,FALSE),\"\")","v":""},{"$f":"+IFERROR(VLOOKUP($A528,BD_INSUMOS2[],6,FALSE),\"\")","v":""},{"$f":"+IFERROR(VLOOKUP($A528,BD_INSUMOS2[],7,FALSE),\"\")","v":""},{"$f":"+IFERROR(VLOOKUP($A528,BD_INSUMOS2[],8,FALSE),\"\")","v":""}]
[518,{"$f":"+IFERROR(VLOOKUP($A529,BD_INSUMOS2[],3,FALSE),\"\")","v":""},{"$f":"+IFERROR(VLOOKUP($A529,BD_INSUMOS2[],5,FALSE),\"\")","v":""},{"$f":"+IFERROR(VLOOKUP($A529,BD_INSUMOS2[],6,FALSE),\"\")","v":""},{"$f":"+IFERROR(VLOOKUP($A529,BD_INSUMOS2[],7,FALSE),\"\")","v":""},{"$f":"+IFERROR(VLOOKUP($A529,BD_INSUMOS2[],8,FALSE),\"\")","v":""}]
[519,{"$f":"+IFERROR(VLOOKUP($A530,BD_INSUMOS2[],3,FALSE),\"\")","v":""},{"$f":"+IFERROR(VLOOKUP($A530,BD_INSUMOS2[],5,FALSE),\"\")","v":""},{"$f":"+IFERROR(VLOOKUP($A530,BD_INSUMOS2[],6,FALSE),\"\")","v":""},{"$f":"+IFERROR(VLOOKUP($A530,BD_INSUMOS2[],7,FALSE),\"\")","v":""},{"$f":"+IFERROR(VLOOKUP($A530,BD_INSUMOS2[],8,FALSE),\"\")","v":""}]
[520,{"$f":"+IFERROR(VLOOKUP($A531,BD_INSUMOS2[],3,FALSE),\"\")","v":""},{"$f":"+IFERROR(VLOOKUP($A531,BD_INSUMOS2[],5,FALSE),\"\")","v":""},{"$f":"+IFERROR(VLOOKUP($A531,BD_INSUMOS2[],6,FALSE),\"\")","v":""},{"$f":"+IFERROR(VLOOKUP($A531,BD_INSUMOS2[],7,FALSE),\"\")","v":""},{"$f":"+IFERROR(VLOOKUP($A531,BD_INSUMOS2[],8,FALSE),\"\")","v":""}]
[521,{"$f":"+IFERROR(VLOOKUP($A532,BD_INSUMOS2[],3,FALSE),\"\")","v":""},{"$f":"+IFERROR(VLOOKUP($A532,BD_INSUMOS2[],5,FALSE),\"\")","v":""},{"$f":"+IFERROR(VLOOKUP($A532,BD_INSUMOS2[],6,FALSE),\"\")","v":""},{"$f":"+IFERROR(VLOOKUP($A532,BD_INSUMOS2[],7,FALSE),\"\")","v":""},{"$f":"+IFERROR(VLOOKUP($A532,BD_INSUMOS2[],8,FALSE),\"\")","v":""}]
[522,{"$f":"+IFERROR(VLOOKUP($A533,BD_INSUMOS2[],3,FALSE),\"\")","v":""},{"$f":"+IFERROR(VLOOKUP($A533,BD_INSUMOS2[],5,FALSE),\"\")","v":""},{"$f":"+IFERROR(VLOOKUP($A533,BD_INSUMOS2[],6,FALSE),\"\")","v":""},{"$f":"+IFERROR(VLOOKUP($A533,BD_INSUMOS2[],7,FALSE),\"\")","v":""},{"$f":"+IFERROR(VLOOKUP($A533,BD_INSUMOS2[],8,FALSE),\"\")","v":""}]
[523,{"$f":"+IFERROR(VLOOKUP($A534,BD_INSUMOS2[],3,FALSE),\"\")","v":""},{"$f":"+IFERROR(VLOOKUP($A534,BD_INSUMOS2[],5,FALSE),\"\")","v":""},{"$f":"+IFERROR(VLOOKUP($A534,BD_INSUMOS2[],6,FALSE),\"\")","v":""},{"$f":"+IFERROR(VLOOKUP($A534,BD_INSUMOS2[],7,FALSE),\"\")","v":""},{"$f":"+IFERROR(VLOOKUP($A534,BD_INSUMOS2[],8,FALSE),\"\")","v":""}]
[524,{"$f":"+IFERROR(VLOOKUP($A535,BD_INSUMOS2[],3,FALSE),\"\")","v":""},{"$f":"+IFERROR(VLOOKUP($A535,BD_INSUMOS2[],5,FALSE),\"\")","v":""},{"$f":"+IFERROR(VLOOKUP($A535,BD_INSUMOS2[],6,FALSE),\"\")","v":""},{"$f":"+IFERROR(VLOOKUP($A535,BD_INSUMOS2[],7,FALSE),\"\")","v":""},{"$f":"+IFERROR(VLOOKUP($A535,BD_INSUMOS2[],8,FALSE),\"\")","v":""}]
[525,{"$f":"+IFERROR(VLOOKUP($A536,BD_INSUMOS2[],3,FALSE),\"\")","v":""},{"$f":"+IFERROR(VLOOKUP($A536,BD_INSUMOS2[],5,FALSE),\"\")","v":""},{"$f":"+IFERROR(VLOOKUP($A536,BD_INSUMOS2[],6,FALSE),\"\")","v":""},{"$f":"+IFERROR(VLOOKUP($A536,BD_INSUMOS2[],7,FALSE),\"\")","v":""},{"$f":"+IFERROR(VLOOKUP($A536,BD_INSUMOS2[],8,FALSE),\"\")","v":""}]
[526,{"$f":"+IFERROR(VLOOKUP($A537,BD_INSUMOS2[],3,FALSE),\"\")","v":""},{"$f":"+IFERROR(VLOOKUP($A537,BD_INSUMOS2[],5,FALSE),\"\")","v":""},{"$f":"+IFERROR(VLOOKUP($A537,BD_INSUMOS2[],6,FALSE),\"\")","v":""},{"$f":"+IFERROR(VLOOKUP($A537,BD_INSUMOS2[],7,FALSE),\"\")","v":""},{"$f":"+IFERROR(VLOOKUP($A537,BD_INSUMOS2[],8,FALSE),\"\")","v":""}]
[527,{"$f":"+IFERROR(VLOOKUP($A538,BD_INSUMOS2[],3,FALSE),\"\")","v":""},{"$f":"+IFERROR(VLOOKUP($A538,BD_INSUMOS2[],5,FALSE),\"\")","v":""},{"$f":"+IFERROR(VLOOKUP($A538,BD_INSUMOS2[],6,FALSE),\"\")","v":""},{"$f":"+IFERROR(VLOOKUP($A538,BD_INSUMOS2[],7,FALSE),\"\")","v":""},{"$f":"+IFERROR(VLOOKUP($A538,BD_INSUMOS2[],8,FALSE),\"\")","v":""}]
[528,{"$f":"+IFERROR(VLOOKUP($A539,BD_INSUMOS2[],3,FALSE),\"\")","v":""},{"$f":"+IFERROR(VLOOKUP($A539,BD_INSUMOS2[],5,FALSE),\"\")","v":""},{"$f":"+IFERROR(VLOOKUP($A539,BD_INSUMOS2[],6,FALSE),\"\")","v":""},{"$f":"+IFERROR(VLOOKUP($A539,BD_INSUMOS2[],7,FALSE),\"\")","v":""},{"$f":"+IFERROR(VLOOKUP($A539,BD_INSUMOS2[],8,FALSE),\"\")","v":""}]
[529,{"$f":"+IFERROR(VLOOKUP($A540,BD_INSUMOS2[],3,FALSE),\"\")","v":""},{"$f":"+IFERROR(VLOOKUP($A540,BD_INSUMOS2[],5,FALSE),\"\")","v":""},{"$f":"+IFERROR(VLOOKUP($A540,BD_INSUMOS2[],6,FALSE),\"\")","v":""},{"$f":"+IFERROR(VLOOKUP($A540,BD_INSUMOS2[],7,FALSE),\"\")","v":""},{"$f":"+IFERROR(VLOOKUP($A540,BD_INSUMOS2[],8,FALSE),\"\")","v":""}]
[530,{"$f":"+IFERROR(VLOOKUP($A541,BD_INSUMOS2[],3,FALSE),\"\")","v":""},{"$f":"+IFERROR(VLOOKUP($A541,BD_INSUMOS2[],5,FALSE),\"\")","v":""},{"$f":"+IFERROR(VLOOKUP($A541,BD_INSUMOS2[],6,FALSE),\"\")","v":""},{"$f":"+IFERROR(VLOOKUP($A541,BD_INSUMOS2[],7,FALSE),\"\")","v":""},{"$f":"+IFERROR(VLOOKUP($A541,BD_INSUMOS2[],8,FALSE),\"\")","v":""}]
[531,{"$f":"+IFERROR(VLOOKUP($A542,BD_INSUMOS2[],3,FALSE),\"\")","v":""},{"$f":"+IFERROR(VLOOKUP($A542,BD_INSUMOS2[],5,FALSE),\"\")","v":""},{"$f":"+IFERROR(VLOOKUP($A542,BD_INSUMOS2[],6,FALSE),\"\")","v":""},{"$f":"+IFERROR(VLOOKUP($A542,BD_INSUMOS2[],7,FALSE),\"\")","v":""},{"$f":"+IFERROR(VLOOKUP($A542,BD_INSUMOS2[],8,FALSE),\"\")","v":""}]
[532,{"$f":"+IFERROR(VLOOKUP($A543,BD_INSUMOS2[],3,FALSE),\"\")","v":""},{"$f":"+IFERROR(VLOOKUP($A543,BD_INSUMOS2[],5,FALSE),\"\")","v":""},{"$f":"+IFERROR(VLOOKUP($A543,BD_INSUMOS2[],6,FALSE),\"\")","v":""},{"$f":"+IFERROR(VLOOKUP($A543,BD_INSUMOS2[],7,FALSE),\"\")","v":""},{"$f":"+IFERROR(VLOOKUP($A543,BD_INSUMOS2[],8,FALSE),\"\")","v":""}]
[533,{"$f":"+IFERROR(VLOOKUP($A544,BD_INSUMOS2[],3,FALSE),\"\")","v":""},{"$f":"+IFERROR(VLOOKUP($A544,BD_INSUMOS2[],5,FALSE),\"\")","v":""},{"$f":"+IFERROR(VLOOKUP($A544,BD_INSUMOS2[],6,FALSE),\"\")","v":""},{"$f":"+IFERROR(VLOOKUP($A544,BD_INSUMOS2[],7,FALSE),\"\")","v":""},{"$f":"+IFERROR(VLOOKUP($A544,BD_INSUMOS2[],8,FALSE),\"\")","v":""}]
[534,{"$f":"+IFERROR(VLOOKUP($A545,BD_INSUMOS2[],3,FALSE),\"\")","v":""},{"$f":"+IFERROR(VLOOKUP($A545,BD_INSUMOS2[],5,FALSE),\"\")","v":""},{"$f":"+IFERROR(VLOOKUP($A545,BD_INSUMOS2[],6,FALSE),\"\")","v":""},{"$f":"+IFERROR(VLOOKUP($A545,BD_INSUMOS2[],7,FALSE),\"\")","v":""},{"$f":"+IFERROR(VLOOKUP($A545,BD_INSUMOS2[],8,FALSE),\"\")","v":""}]
[535,{"$f":"+IFERROR(VLOOKUP($A546,BD_INSUMOS2[],3,FALSE),\"\")","v":""},{"$f":"+IFERROR(VLOOKUP($A546,BD_INSUMOS2[],5,FALSE),\"\")","v":""},{"$f":"+IFERROR(VLOOKUP($A546,BD_INSUMOS2[],6,FALSE),\"\")","v":""},{"$f":"+IFERROR(VLOOKUP($A546,BD_INSUMOS2[],7,FALSE),\"\")","v":""},{"$f":"+IFERROR(VLOOKUP($A546,BD_INSUMOS2[],8,FALSE),\"\")","v":""}]
[536,{"$f":"+IFERROR(VLOOKUP($A547,BD_INSUMOS2[],3,FALSE),\"\")","v":""},{"$f":"+IFERROR(VLOOKUP($A547,BD_INSUMOS2[],5,FALSE),\"\")","v":""},{"$f":"+IFERROR(VLOOKUP($A547,BD_INSUMOS2[],6,FALSE),\"\")","v":""},{"$f":"+IFERROR(VLOOKUP($A547,BD_INSUMOS2[],7,FALSE),\"\")","v":""},{"$f":"+IFERROR(VLOOKUP($A547,BD_INSUMOS2[],8,FALSE),\"\")","v":""}]
[537,{"$f":"+IFERROR(VLOOKUP($A548,BD_INSUMOS2[],3,FALSE),\"\")","v":""},{"$f":"+IFERROR(VLOOKUP($A548,BD_INSUMOS2[],5,FALSE),\"\")","v":""},{"$f":"+IFERROR(VLOOKUP($A548,BD_INSUMOS2[],6,FALSE),\"\")","v":""},{"$f":"+IFERROR(VLOOKUP($A548,BD_INSUMOS2[],7,FALSE),\"\")","v":""},{"$f":"+IFERROR(VLOOKUP($A548,BD_INSUMOS2[],8,FALSE),\"\")","v":""}]
[538,{"$f":"+IFERROR(VLOOKUP($A549,BD_INSUMOS2[],3,FALSE),\"\")","v":""},{"$f":"+IFERROR(VLOOKUP($A549,BD_INSUMOS2[],5,FALSE),\"\")","v":""},{"$f":"+IFERROR(VLOOKUP($A549,BD_INSUMOS2[],6,FALSE),\"\")","v":""},{"$f":"+IFERROR(VLOOKUP($A549,BD_INSUMOS2[],7,FALSE),\"\")","v":""},{"$f":"+IFERROR(VLOOKUP($A549,BD_INSUMOS2[],8,FALSE),\"\")","v":""}]
[539,{"$f":"+IFERROR(VLOOKUP($A550,BD_INSUMOS2[],3,FALSE),\"\")","v":""},{"$f":"+IFERROR(VLOOKUP($A550,BD_INSUMOS2[],5,FALSE),\"\")","v":""},{"$f":"+IFERROR(VLOOKUP($A550,BD_INSUMOS2[],6,FALSE),\"\")","v":""},{"$f":"+IFERROR(VLOOKUP($A550,BD_INSUMOS2[],7,FALSE),\"\")","v":""},{"$f":"+IFERROR(VLOOKUP($A550,BD_INSUMOS2[],8,FALSE),\"\")","v":""}]
[540,{"$f":"+IFERROR(VLOOKUP($A551,BD_INSUMOS2[],3,FALSE),\"\")","v":""},{"$f":"+IFERROR(VLOOKUP($A551,BD_INSUMOS2[],5,FALSE),\"\")","v":""},{"$f":"+IFERROR(VLOOKUP($A551,BD_INSUMOS2[],6,FALSE),\"\")","v":""},{"$f":"+IFERROR(VLOOKUP($A551,BD_INSUMOS2[],7,FALSE),\"\")","v":""},{"$f":"+IFERROR(VLOOKUP($A551,BD_INSUMOS2[],8,FALSE),\"\")","v":""}]
[541,{"$f":"+IFERROR(VLOOKUP($A552,BD_INSUMOS2[],3,FALSE),\"\")","v":""},{"$f":"+IFERROR(VLOOKUP($A552,BD_INSUMOS2[],5,FALSE),\"\")","v":""},{"$f":"+IFERROR(VLOOKUP($A552,BD_INSUMOS2[],6,FALSE),\"\")","v":""},{"$f":"+IFERROR(VLOOKUP($A552,BD_INSUMOS2[],7,FALSE),\"\")","v":""},{"$f":"+IFERROR(VLOOKUP($A552,BD_INSUMOS2[],8,FALSE),\"\")","v":""}]
[542,{"$f":"+IFERROR(VLOOKUP($A553,BD_INSUMOS2[],3,FALSE),\"\")","v":""},{"$f":"+IFERROR(VLOOKUP($A553,BD_INSUMOS2[],5,FALSE),\"\")","v":""},{"$f":"+IFERROR(VLOOKUP($A553,BD_INSUMOS2[],6,FALSE),\"\")","v":""},{"$f":"+IFERROR(VLOOKUP($A553,BD_INSUMOS2[],7,FALSE),\"\")","v":""},{"$f":"+IFERROR(VLOOKUP($A553,BD_INSUMOS2[],8,FALSE),\"\")","v":""}]
[543,{"$f":"+IFERROR(VLOOKUP($A554,BD_INSUMOS2[],3,FALSE),\"\")","v":""},{"$f":"+IFERROR(VLOOKUP($A554,BD_INSUMOS2[],5,FALSE),\"\")","v":""},{"$f":"+IFERROR(VLOOKUP($A554,BD_INSUMOS2[],6,FALSE),\"\")","v":""},{"$f":"+IFERROR(VLOOKUP($A554,BD_INSUMOS2[],7,FALSE),\"\")","v":""},{"$f":"+IFERROR(VLOOKUP($A554,BD_INSUMOS2[],8,FALSE),\"\")","v":""}]
[544,{"$f":"+IFERROR(VLOOKUP($A555,BD_INSUMOS2[],3,FALSE),\"\")","v":""},{"$f":"+IFERROR(VLOOKUP($A555,BD_INSUMOS2[],5,FALSE),\"\")","v":""},{"$f":"+IFERROR(VLOOKUP($A555,BD_INSUMOS2[],6,FALSE),\"\")","v":""},{"$f":"+IFERROR(VLOOKUP($A555,BD_INSUMOS2[],7,FALSE),\"\")","v":""},{"$f":"+IFERROR(VLOOKUP($A555,BD_INSUMOS2[],8,FALSE),\"\")","v":""}]
[545,{"$f":"+IFERROR(VLOOKUP($A556,BD_INSUMOS2[],3,FALSE),\"\")","v":""},{"$f":"+IFERROR(VLOOKUP($A556,BD_INSUMOS2[],5,FALSE),\"\")","v":""},{"$f":"+IFERROR(VLOOKUP($A556,BD_INSUMOS2[],6,FALSE),\"\")","v":""},{"$f":"+IFERROR(VLOOKUP($A556,BD_INSUMOS2[],7,FALSE),\"\")","v":""},{"$f":"+IFERROR(VLOOKUP($A556,BD_INSUMOS2[],8,FALSE),\"\")","v":""}]
[546,{"$f":"+IFERROR(VLOOKUP($A557,BD_INSUMOS2[],3,FALSE),\"\")","v":""},{"$f":"+IFERROR(VLOOKUP($A557,BD_INSUMOS2[],5,FALSE),\"\")","v":""},{"$f":"+IFERROR(VLOOKUP($A557,BD_INSUMOS2[],6,FALSE),\"\")","v":""},{"$f":"+IFERROR(VLOOKUP($A557,BD_INSUMOS2[],7,FALSE),\"\")","v":""},{"$f":"+IFERROR(VLOOKUP($A557,BD_INSUMOS2[],8,FALSE),\"\")","v":""}]
[547,{"$f":"+IFERROR(VLOOKUP($A558,BD_INSUMOS2[],3,FALSE),\"\")","v":""},{"$f":"+IFERROR(VLOOKUP($A558,BD_INSUMOS2[],5,FALSE),\"\")","v":""},{"$f":"+IFERROR(VLOOKUP($A558,BD_INSUMOS2[],6,FALSE),\"\")","v":""},{"$f":"+IFERROR(VLOOKUP($A558,BD_INSUMOS2[],7,FALSE),\"\")","v":""},{"$f":"+IFERROR(VLOOKUP($A558,BD_INSUMOS2[],8,FALSE),\"\")","v":""}]
[548,{"$f":"+IFERROR(VLOOKUP($A559,BD_INSUMOS2[],3,FALSE),\"\")","v":""},{"$f":"+IFERROR(VLOOKUP($A559,BD_INSUMOS2[],5,FALSE),\"\")","v":""},{"$f":"+IFERROR(VLOOKUP($A559,BD_INSUMOS2[],6,FALSE),\"\")","v":""},{"$f":"+IFERROR(VLOOKUP($A559,BD_INSUMOS2[],7,FALSE),\"\")","v":""},{"$f":"+IFERROR(VLOOKUP($A559,BD_INSUMOS2[],8,FALSE),\"\")","v":""}]
[549,{"$f":"+IFERROR(VLOOKUP($A560,BD_INSUMOS2[],3,FALSE),\"\")","v":""},{"$f":"+IFERROR(VLOOKUP($A560,BD_INSUMOS2[],5,FALSE),\"\")","v":""},{"$f":"+IFERROR(VLOOKUP($A560,BD_INSUMOS2[],6,FALSE),\"\")","v":""},{"$f":"+IFERROR(VLOOKUP($A560,BD_INSUMOS2[],7,FALSE),\"\")","v":""},{"$f":"+IFERROR(VLOOKUP($A560,BD_INSUMOS2[],8,FALSE),\"\")","v":""}]
[550,{"$f":"+IFERROR(VLOOKUP($A561,BD_INSUMOS2[],3,FALSE),\"\")","v":""},{"$f":"+IFERROR(VLOOKUP($A561,BD_INSUMOS2[],5,FALSE),\"\")","v":""},{"$f":"+IFERROR(VLOOKUP($A561,BD_INSUMOS2[],6,FALSE),\"\")","v":""},{"$f":"+IFERROR(VLOOKUP($A561,BD_INSUMOS2[],7,FALSE),\"\")","v":""},{"$f":"+IFERROR(VLOOKUP($A561,BD_INSUMOS2[],8,FALSE),\"\")","v":""}]
[551,{"$f":"+IFERROR(VLOOKUP($A562,BD_INSUMOS2[],3,FALSE),\"\")","v":""},{"$f":"+IFERROR(VLOOKUP($A562,BD_INSUMOS2[],5,FALSE),\"\")","v":""},{"$f":"+IFERROR(VLOOKUP($A562,BD_INSUMOS2[],6,FALSE),\"\")","v":""},{"$f":"+IFERROR(VLOOKUP($A562,BD_INSUMOS2[],7,FALSE),\"\")","v":""},{"$f":"+IFERROR(VLOOKUP($A562,BD_INSUMOS2[],8,FALSE),\"\")","v":""}]
[552,{"$f":"+IFERROR(VLOOKUP($A563,BD_INSUMOS2[],3,FALSE),\"\")","v":""},{"$f":"+IFERROR(VLOOKUP($A563,BD_INSUMOS2[],5,FALSE),\"\")","v":""},{"$f":"+IFERROR(VLOOKUP($A563,BD_INSUMOS2[],6,FALSE),\"\")","v":""},{"$f":"+IFERROR(VLOOKUP($A563,BD_INSUMOS2[],7,FALSE),\"\")","v":""},{"$f":"+IFERROR(VLOOKUP($A563,BD_INSUMOS2[],8,FALSE),\"\")","v":""}]
[553,{"$f":"+IFERROR(VLOOKUP($A564,BD_INSUMOS2[],3,FALSE),\"\")","v":""},{"$f":"+IFERROR(VLOOKUP($A564,BD_INSUMOS2[],5,FALSE),\"\")","v":""},{"$f":"+IFERROR(VLOOKUP($A564,BD_INSUMOS2[],6,FALSE),\"\")","v":""},{"$f":"+IFERROR(VLOOKUP($A564,BD_INSUMOS2[],7,FALSE),\"\")","v":""},{"$f":"+IFERROR(VLOOKUP($A564,BD_INSUMOS2[],8,FALSE),\"\")","v":""}]
[554,{"$f":"+IFERROR(VLOOKUP($A565,BD_INSUMOS2[],3,FALSE),\"\")","v":""},{"$f":"+IFERROR(VLOOKUP($A565,BD_INSUMOS2[],5,FALSE),\"\")","v":""},{"$f":"+IFERROR(VLOOKUP($A565,BD_INSUMOS2[],6,FALSE),\"\")","v":""},{"$f":"+IFERROR(VLOOKUP($A565,BD_INSUMOS2[],7,FALSE),\"\")","v":""},{"$f":"+IFERROR(VLOOKUP($A565,BD_INSUMOS2[],8,FALSE),\"\")","v":""}]
[555,{"$f":"+IFERROR(VLOOKUP($A566,BD_INSUMOS2[],3,FALSE),\"\")","v":""},{"$f":"+IFERROR(VLOOKUP($A566,BD_INSUMOS2[],5,FALSE),\"\")","v":""},{"$f":"+IFERROR(VLOOKUP($A566,BD_INSUMOS2[],6,FALSE),\"\")","v":""},{"$f":"+IFERROR(VLOOKUP($A566,BD_INSUMOS2[],7,FALSE),\"\")","v":""},{"$f":"+IFERROR(VLOOKUP($A566,BD_INSUMOS2[],8,FALSE),\"\")","v":""}]
[556,{"$f":"+IFERROR(VLOOKUP($A567,BD_INSUMOS2[],3,FALSE),\"\")","v":""},{"$f":"+IFERROR(VLOOKUP($A567,BD_INSUMOS2[],5,FALSE),\"\")","v":""},{"$f":"+IFERROR(VLOOKUP($A567,BD_INSUMOS2[],6,FALSE),\"\")","v":""},{"$f":"+IFERROR(VLOOKUP($A567,BD_INSUMOS2[],7,FALSE),\"\")","v":""},{"$f":"+IFERROR(VLOOKUP($A567,BD_INSUMOS2[],8,FALSE),\"\")","v":""}]
[557,{"$f":"+IFERROR(VLOOKUP($A568,BD_INSUMOS2[],3,FALSE),\"\")","v":""},{"$f":"+IFERROR(VLOOKUP($A568,BD_INSUMOS2[],5,FALSE),\"\")","v":""},{"$f":"+IFERROR(VLOOKUP($A568,BD_INSUMOS2[],6,FALSE),\"\")","v":""},{"$f":"+IFERROR(VLOOKUP($A568,BD_INSUMOS2[],7,FALSE),\"\")","v":""},{"$f":"+IFERROR(VLOOKUP($A568,BD_INSUMOS2[],8,FALSE),\"\")","v":""}]
[558,{"$f":"+IFERROR(VLOOKUP($A569,BD_INSUMOS2[],3,FALSE),\"\")","v":""},{"$f":"+IFERROR(VLOOKUP($A569,BD_INSUMOS2[],5,FALSE),\"\")","v":""},{"$f":"+IFERROR(VLOOKUP($A569,BD_INSUMOS2[],6,FALSE),\"\")","v":""},{"$f":"+IFERROR(VLOOKUP($A569,BD_INSUMOS2[],7,FALSE),\"\")","v":""},{"$f":"+IFERROR(VLOOKUP($A569,BD_INSUMOS2[],8,FALSE),\"\")","v":""}]
[559,{"$f":"+IFERROR(VLOOKUP($A570,BD_INSUMOS2[],3,FALSE),\"\")","v":""},{"$f":"+IFERROR(VLOOKUP($A570,BD_INSUMOS2[],5,FALSE),\"\")","v":""},{"$f":"+IFERROR(VLOOKUP($A570,BD_INSUMOS2[],6,FALSE),\"\")","v":""},{"$f":"+IFERROR(VLOOKUP($A570,BD_INSUMOS2[],7,FALSE),\"\")","v":""},{"$f":"+IFERROR(VLOOKUP($A570,BD_INSUMOS2[],8,FALSE),\"\")","v":""}]
[560,{"$f":"+IFERROR(VLOOKUP($A571,BD_INSUMOS2[],3,FALSE),\"\")","v":""},{"$f":"+IFERROR(VLOOKUP($A571,BD_INSUMOS2[],5,FALSE),\"\")","v":""},{"$f":"+IFERROR(VLOOKUP($A571,BD_INSUMOS2[],6,FALSE),\"\")","v":""},{"$f":"+IFERROR(VLOOKUP($A571,BD_INSUMOS2[],7,FALSE),\"\")","v":""},{"$f":"+IFERROR(VLOOKUP($A571,BD_INSUMOS2[],8,FALSE),\"\")","v":""}]
[561,{"$f":"+IFERROR(VLOOKUP($A572,BD_INSUMOS2[],3,FALSE),\"\")","v":""},{"$f":"+IFERROR(VLOOKUP($A572,BD_INSUMOS2[],5,FALSE),\"\")","v":""},{"$f":"+IFERROR(VLOOKUP($A572,BD_INSUMOS2[],6,FALSE),\"\")","v":""},{"$f":"+IFERROR(VLOOKUP($A572,BD_INSUMOS2[],7,FALSE),\"\")","v":""},{"$f":"+IFERROR(VLOOKUP($A572,BD_INSUMOS2[],8,FALSE),\"\")","v":""}]
[562,{"$f":"+IFERROR(VLOOKUP($A573,BD_INSUMOS2[],3,FALSE),\"\")","v":""},{"$f":"+IFERROR(VLOOKUP($A573,BD_INSUMOS2[],5,FALSE),\"\")","v":""},{"$f":"+IFERROR(VLOOKUP($A573,BD_INSUMOS2[],6,FALSE),\"\")","v":""},{"$f":"+IFERROR(VLOOKUP($A573,BD_INSUMOS2[],7,FALSE),\"\")","v":""},{"$f":"+IFERROR(VLOOKUP($A573,BD_INSUMOS2[],8,FALSE),\"\")","v":""}]
[563,{"$f":"+IFERROR(VLOOKUP($A574,BD_INSUMOS2[],3,FALSE),\"\")","v":""},{"$f":"+IFERROR(VLOOKUP($A574,BD_INSUMOS2[],5,FALSE),\"\")","v":""},{"$f":"+IFERROR(VLOOKUP($A574,BD_INSUMOS2[],6,FALSE),\"\")","v":""},{"$f":"+IFERROR(VLOOKUP($A574,BD_INSUMOS2[],7,FALSE),\"\")","v":""},{"$f":"+IFERROR(VLOOKUP($A574,BD_INSUMOS2[],8,FALSE),\"\")","v":""}]
[564,{"$f":"+IFERROR(VLOOKUP($A575,BD_INSUMOS2[],3,FALSE),\"\")","v":""},{"$f":"+IFERROR(VLOOKUP($A575,BD_INSUMOS2[],5,FALSE),\"\")","v":""},{"$f":"+IFERROR(VLOOKUP($A575,BD_INSUMOS2[],6,FALSE),\"\")","v":""},{"$f":"+IFERROR(VLOOKUP($A575,BD_INSUMOS2[],7,FALSE),\"\")","v":""},{"$f":"+IFERROR(VLOOKUP($A575,BD_INSUMOS2[],8,FALSE),\"\")","v":""}]
[565,{"$f":"+IFERROR(VLOOKUP($A576,BD_INSUMOS2[],3,FALSE),\"\")","v":""},{"$f":"+IFERROR(VLOOKUP($A576,BD_INSUMOS2[],5,FALSE),\"\")","v":""},{"$f":"+IFERROR(VLOOKUP($A576,BD_INSUMOS2[],6,FALSE),\"\")","v":""},{"$f":"+IFERROR(VLOOKUP($A576,BD_INSUMOS2[],7,FALSE),\"\")","v":""},{"$f":"+IFERROR(VLOOKUP($A576,BD_INSUMOS2[],8,FALSE),\"\")","v":""}]
[566,{"$f":"+IFERROR(VLOOKUP($A577,BD_INSUMOS2[],3,FALSE),\"\")","v":""},{"$f":"+IFERROR(VLOOKUP($A577,BD_INSUMOS2[],5,FALSE),\"\")","v":""},{"$f":"+IFERROR(VLOOKUP($A577,BD_INSUMOS2[],6,FALSE),\"\")","v":""},{"$f":"+IFERROR(VLOOKUP($A577,BD_INSUMOS2[],7,FALSE),\"\")","v":""},{"$f":"+IFERROR(VLOOKUP($A577,BD_INSUMOS2[],8,FALSE),\"\")","v":""}]
[567,{"$f":"+IFERROR(VLOOKUP($A578,BD_INSUMOS2[],3,FALSE),\"\")","v":""},{"$f":"+IFERROR(VLOOKUP($A578,BD_INSUMOS2[],5,FALSE),\"\")","v":""},{"$f":"+IFERROR(VLOOKUP($A578,BD_INSUMOS2[],6,FALSE),\"\")","v":""},{"$f":"+IFERROR(VLOOKUP($A578,BD_INSUMOS2[],7,FALSE),\"\")","v":""},{"$f":"+IFERROR(VLOOKUP($A578,BD_INSUMOS2[],8,FALSE),\"\")","v":""}]
[568,{"$f":"+IFERROR(VLOOKUP($A579,BD_INSUMOS2[],3,FALSE),\"\")","v":""},{"$f":"+IFERROR(VLOOKUP($A579,BD_INSUMOS2[],5,FALSE),\"\")","v":""},{"$f":"+IFERROR(VLOOKUP($A579,BD_INSUMOS2[],6,FALSE),\"\")","v":""},{"$f":"+IFERROR(VLOOKUP($A579,BD_INSUMOS2[],7,FALSE),\"\")","v":""},{"$f":"+IFERROR(VLOOKUP($A579,BD_INSUMOS2[],8,FALSE),\"\")","v":""}]
[569,{"$f":"+IFERROR(VLOOKUP($A580,BD_INSUMOS2[],3,FALSE),\"\")","v":""},{"$f":"+IFERROR(VLOOKUP($A580,BD_INSUMOS2[],5,FALSE),\"\")","v":""},{"$f":"+IFERROR(VLOOKUP($A580,BD_INSUMOS2[],6,FALSE),\"\")","v":""},{"$f":"+IFERROR(VLOOKUP($A580,BD_INSUMOS2[],7,FALSE),\"\")","v":""},{"$f":"+IFERROR(VLOOKUP($A580,BD_INSUMOS2[],8,FALSE),\"\")","v":""}]
[570,{"$f":"+IFERROR(VLOOKUP($A581,BD_INSUMOS2[],3,FALSE),\"\")","v":""},{"$f":"+IFERROR(VLOOKUP($A581,BD_INSUMOS2[],5,FALSE),\"\")","v":""},{"$f":"+IFERROR(VLOOKUP($A581,BD_INSUMOS2[],6,FALSE),\"\")","v":""},{"$f":"+IFERROR(VLOOKUP($A581,BD_INSUMOS2[],7,FALSE),\"\")","v":""},{"$f":"+IFERROR(VLOOKUP($A581,BD_INSUMOS2[],8,FALSE),\"\")","v":""}]
[571,{"$f":"+IFERROR(VLOOKUP($A582,BD_INSUMOS2[],3,FALSE),\"\")","v":""},{"$f":"+IFERROR(VLOOKUP($A582,BD_INSUMOS2[],5,FALSE),\"\")","v":""},{"$f":"+IFERROR(VLOOKUP($A582,BD_INSUMOS2[],6,FALSE),\"\")","v":""},{"$f":"+IFERROR(VLOOKUP($A582,BD_INSUMOS2[],7,FALSE),\"\")","v":""},{"$f":"+IFERROR(VLOOKUP($A582,BD_INSUMOS2[],8,FALSE),\"\")","v":""}]
[572,{"$f":"+IFERROR(VLOOKUP($A583,BD_INSUMOS2[],3,FALSE),\"\")","v":""},{"$f":"+IFERROR(VLOOKUP($A583,BD_INSUMOS2[],5,FALSE),\"\")","v":""},{"$f":"+IFERROR(VLOOKUP($A583,BD_INSUMOS2[],6,FALSE),\"\")","v":""},{"$f":"+IFERROR(VLOOKUP($A583,BD_INSUMOS2[],7,FALSE),\"\")","v":""},{"$f":"+IFERROR(VLOOKUP($A583,BD_INSUMOS2[],8,FALSE),\"\")","v":""}]
[573,{"$f":"+IFERROR(VLOOKUP($A584,BD_INSUMOS2[],3,FALSE),\"\")","v":""},{"$f":"+IFERROR(VLOOKUP($A584,BD_INSUMOS2[],5,FALSE),\"\")","v":""},{"$f":"+IFERROR(VLOOKUP($A584,BD_INSUMOS2[],6,FALSE),\"\")","v":""},{"$f":"+IFERROR(VLOOKUP($A584,BD_INSUMOS2[],7,FALSE),\"\")","v":""},{"$f":"+IFERROR(VLOOKUP($A584,BD_INSUMOS2[],8,FALSE),\"\")","v":""}]
[574,{"$f":"+IFERROR(VLOOKUP($A585,BD_INSUMOS2[],3,FALSE),\"\")","v":""},{"$f":"+IFERROR(VLOOKUP($A585,BD_INSUMOS2[],5,FALSE),\"\")","v":""},{"$f":"+IFERROR(VLOOKUP($A585,BD_INSUMOS2[],6,FALSE),\"\")","v":""},{"$f":"+IFERROR(VLOOKUP($A585,BD_INSUMOS2[],7,FALSE),\"\")","v":""},{"$f":"+IFERROR(VLOOKUP($A585,BD_INSUMOS2[],8,FALSE),\"\")","v":""}]
[575,{"$f":"+IFERROR(VLOOKUP($A586,BD_INSUMOS2[],3,FALSE),\"\")","v":""},{"$f":"+IFERROR(VLOOKUP($A586,BD_INSUMOS2[],5,FALSE),\"\")","v":""},{"$f":"+IFERROR(VLOOKUP($A586,BD_INSUMOS2[],6,FALSE),\"\")","v":""},{"$f":"+IFERROR(VLOOKUP($A586,BD_INSUMOS2[],7,FALSE),\"\")","v":""},{"$f":"+IFERROR(VLOOKUP($A586,BD_INSUMOS2[],8,FALSE),\"\")","v":""}]
[576,{"$f":"+IFERROR(VLOOKUP($A587,BD_INSUMOS2[],3,FALSE),\"\")","v":""},{"$f":"+IFERROR(VLOOKUP($A587,BD_INSUMOS2[],5,FALSE),\"\")","v":""},{"$f":"+IFERROR(VLOOKUP($A587,BD_INSUMOS2[],6,FALSE),\"\")","v":""},{"$f":"+IFERROR(VLOOKUP($A587,BD_INSUMOS2[],7,FALSE),\"\")","v":""},{"$f":"+IFERROR(VLOOKUP($A587,BD_INSUMOS2[],8,FALSE),\"\")","v":""}]
[577,{"$f":"+IFERROR(VLOOKUP($A588,BD_INSUMOS2[],3,FALSE),\"\")","v":""},{"$f":"+IFERROR(VLOOKUP($A588,BD_INSUMOS2[],5,FALSE),\"\")","v":""},{"$f":"+IFERROR(VLOOKUP($A588,BD_INSUMOS2[],6,FALSE),\"\")","v":""},{"$f":"+IFERROR(VLOOKUP($A588,BD_INSUMOS2[],7,FALSE),\"\")","v":""},{"$f":"+IFERROR(VLOOKUP($A588,BD_INSUMOS2[],8,FALSE),\"\")","v":""}]
[578,{"$f":"+IFERROR(VLOOKUP($A589,BD_INSUMOS2[],3,FALSE),\"\")","v":""},{"$f":"+IFERROR(VLOOKUP($A589,BD_INSUMOS2[],5,FALSE),\"\")","v":""},{"$f":"+IFERROR(VLOOKUP($A589,BD_INSUMOS2[],6,FALSE),\"\")","v":""},{"$f":"+IFERROR(VLOOKUP($A589,BD_INSUMOS2[],7,FALSE),\"\")","v":""},{"$f":"+IFERROR(VLOOKUP($A589,BD_INSUMOS2[],8,FALSE),\"\")","v":""}]
[579,{"$f":"+IFERROR(VLOOKUP($A590,BD_INSUMOS2[],3,FALSE),\"\")","v":""},{"$f":"+IFERROR(VLOOKUP($A590,BD_INSUMOS2[],5,FALSE),\"\")","v":""},{"$f":"+IFERROR(VLOOKUP($A590,BD_INSUMOS2[],6,FALSE),\"\")","v":""},{"$f":"+IFERROR(VLOOKUP($A590,BD_INSUMOS2[],7,FALSE),\"\")","v":""},{"$f":"+IFERROR(VLOOKUP($A590,BD_INSUMOS2[],8,FALSE),\"\")","v":""}]
[580,{"$f":"+IFERROR(VLOOKUP($A591,BD_INSUMOS2[],3,FALSE),\"\")","v":""},{"$f":"+IFERROR(VLOOKUP($A591,BD_INSUMOS2[],5,FALSE),\"\")","v":""},{"$f":"+IFERROR(VLOOKUP($A591,BD_INSUMOS2[],6,FALSE),\"\")","v":""},{"$f":"+IFERROR(VLOOKUP($A591,BD_INSUMOS2[],7,FALSE),\"\")","v":""},{"$f":"+IFERROR(VLOOKUP($A591,BD_INSUMOS2[],8,FALSE),\"\")","v":""}]
[581,{"$f":"+IFERROR(VLOOKUP($A592,BD_INSUMOS2[],3,FALSE),\"\")","v":""},{"$f":"+IFERROR(VLOOKUP($A592,BD_INSUMOS2[],5,FALSE),\"\")","v":""},{"$f":"+IFERROR(VLOOKUP($A592,BD_INSUMOS2[],6,FALSE),\"\")","v":""},{"$f":"+IFERROR(VLOOKUP($A592,BD_INSUMOS2[],7,FALSE),\"\")","v":""},{"$f":"+IFERROR(VLOOKUP($A592,BD_INSUMOS2[],8,FALSE),\"\")","v":""}]
[582,{"$f":"+IFERROR(VLOOKUP($A593,BD_INSUMOS2[],3,FALSE),\"\")","v":""},{"$f":"+IFERROR(VLOOKUP($A593,BD_INSUMOS2[],5,FALSE),\"\")","v":""},{"$f":"+IFERROR(VLOOKUP($A593,BD_INSUMOS2[],6,FALSE),\"\")","v":""},{"$f":"+IFERROR(VLOOKUP($A593,BD_INSUMOS2[],7,FALSE),\"\")","v":""},{"$f":"+IFERROR(VLOOKUP($A593,BD_INSUMOS2[],8,FALSE),\"\")","v":""}]
[583,{"$f":"+IFERROR(VLOOKUP($A594,BD_INSUMOS2[],3,FALSE),\"\")","v":""},{"$f":"+IFERROR(VLOOKUP($A594,BD_INSUMOS2[],5,FALSE),\"\")","v":""},{"$f":"+IFERROR(VLOOKUP($A594,BD_INSUMOS2[],6,FALSE),\"\")","v":""},{"$f":"+IFERROR(VLOOKUP($A594,BD_INSUMOS2[],7,FALSE),\"\")","v":""},{"$f":"+IFERROR(VLOOKUP($A594,BD_INSUMOS2[],8,FALSE),\"\")","v":""}]
[584,{"$f":"+IFERROR(VLOOKUP($A595,BD_INSUMOS2[],3,FALSE),\"\")","v":""},{"$f":"+IFERROR(VLOOKUP($A595,BD_INSUMOS2[],5,FALSE),\"\")","v":""},{"$f":"+IFERROR(VLOOKUP($A595,BD_INSUMOS2[],6,FALSE),\"\")","v":""},{"$f":"+IFERROR(VLOOKUP($A595,BD_INSUMOS2[],7,FALSE),\"\")","v":""},{"$f":"+IFERROR(VLOOKUP($A595,BD_INSUMOS2[],8,FALSE),\"\")","v":""}]
[585,{"$f":"+IFERROR(VLOOKUP($A596,BD_INSUMOS2[],3,FALSE),\"\")","v":""},{"$f":"+IFERROR(VLOOKUP($A596,BD_INSUMOS2[],5,FALSE),\"\")","v":""},{"$f":"+IFERROR(VLOOKUP($A596,BD_INSUMOS2[],6,FALSE),\"\")","v":""},{"$f":"+IFERROR(VLOOKUP($A596,BD_INSUMOS2[],7,FALSE),\"\")","v":""},{"$f":"+IFERROR(VLOOKUP($A596,BD_INSUMOS2[],8,FALSE),\"\")","v":""}]
[586,{"$f":"+IFERROR(VLOOKUP($A597,BD_INSUMOS2[],3,FALSE),\"\")","v":""},{"$f":"+IFERROR(VLOOKUP($A597,BD_INSUMOS2[],5,FALSE),\"\")","v":""},{"$f":"+IFERROR(VLOOKUP($A597,BD_INSUMOS2[],6,FALSE),\"\")","v":""},{"$f":"+IFERROR(VLOOKUP($A597,BD_INSUMOS2[],7,FALSE),\"\")","v":""},{"$f":"+IFERROR(VLOOKUP($A597,BD_INSUMOS2[],8,FALSE),\"\")","v":""}]
[587,{"$f":"+IFERROR(VLOOKUP($A598,BD_INSUMOS2[],3,FALSE),\"\")","v":""},{"$f":"+IFERROR(VLOOKUP($A598,BD_INSUMOS2[],5,FALSE),\"\")","v":""},{"$f":"+IFERROR(VLOOKUP($A598,BD_INSUMOS2[],6,FALSE),\"\")","v":""},{"$f":"+IFERROR(VLOOKUP($A598,BD_INSUMOS2[],7,FALSE),\"\")","v":""},{"$f":"+IFERROR(VLOOKUP($A598,BD_INSUMOS2[],8,FALSE),\"\")","v":""}]
[588,{"$f":"+IFERROR(VLOOKUP($A599,BD_INSUMOS2[],3,FALSE),\"\")","v":""},{"$f":"+IFERROR(VLOOKUP($A599,BD_INSUMOS2[],5,FALSE),\"\")","v":""},{"$f":"+IFERROR(VLOOKUP($A599,BD_INSUMOS2[],6,FALSE),\"\")","v":""},{"$f":"+IFERROR(VLOOKUP($A599,BD_INSUMOS2[],7,FALSE),\"\")","v":""},{"$f":"+IFERROR(VLOOKUP($A599,BD_INSUMOS2[],8,FALSE),\"\")","v":""}]
[589,{"$f":"+IFERROR(VLOOKUP($A600,BD_INSUMOS2[],3,FALSE),\"\")","v":""},{"$f":"+IFERROR(VLOOKUP($A600,BD_INSUMOS2[],5,FALSE),\"\")","v":""},{"$f":"+IFERROR(VLOOKUP($A600,BD_INSUMOS2[],6,FALSE),\"\")","v":""},{"$f":"+IFERROR(VLOOKUP($A600,BD_INSUMOS2[],7,FALSE),\"\")","v":""},{"$f":"+IFERROR(VLOOKUP($A600,BD_INSUMOS2[],8,FALSE),\"\")","v":""}]
[590,{"$f":"+IFERROR(VLOOKUP($A601,BD_INSUMOS2[],3,FALSE),\"\")","v":""},{"$f":"+IFERROR(VLOOKUP($A601,BD_INSUMOS2[],5,FALSE),\"\")","v":""},{"$f":"+IFERROR(VLOOKUP($A601,BD_INSUMOS2[],6,FALSE),\"\")","v":""},{"$f":"+IFERROR(VLOOKUP($A601,BD_INSUMOS2[],7,FALSE),\"\")","v":""},{"$f":"+IFERROR(VLOOKUP($A601,BD_INSUMOS2[],8,FALSE),\"\")","v":""}]
[591,{"$f":"+IFERROR(VLOOKUP($A602,BD_INSUMOS2[],3,FALSE),\"\")","v":""},{"$f":"+IFERROR(VLOOKUP($A602,BD_INSUMOS2[],5,FALSE),\"\")","v":""},{"$f":"+IFERROR(VLOOKUP($A602,BD_INSUMOS2[],6,FALSE),\"\")","v":""},{"$f":"+IFERROR(VLOOKUP($A602,BD_INSUMOS2[],7,FALSE),\"\")","v":""},{"$f":"+IFERROR(VLOOKUP($A602,BD_INSUMOS2[],8,FALSE),\"\")","v":""}]
[592,{"$f":"+IFERROR(VLOOKUP($A603,BD_INSUMOS2[],3,FALSE),\"\")","v":""},{"$f":"+IFERROR(VLOOKUP($A603,BD_INSUMOS2[],5,FALSE),\"\")","v":""},{"$f":"+IFERROR(VLOOKUP($A603,BD_INSUMOS2[],6,FALSE),\"\")","v":""},{"$f":"+IFERROR(VLOOKUP($A603,BD_INSUMOS2[],7,FALSE),\"\")","v":""},{"$f":"+IFERROR(VLOOKUP($A603,BD_INSUMOS2[],8,FALSE),\"\")","v":""}]
[593,{"$f":"+IFERROR(VLOOKUP($A604,BD_INSUMOS2[],3,FALSE),\"\")","v":""},{"$f":"+IFERROR(VLOOKUP($A604,BD_INSUMOS2[],5,FALSE),\"\")","v":""},{"$f":"+IFERROR(VLOOKUP($A604,BD_INSUMOS2[],6,FALSE),\"\")","v":""},{"$f":"+IFERROR(VLOOKUP($A604,BD_INSUMOS2[],7,FALSE),\"\")","v":""},{"$f":"+IFERROR(VLOOKUP($A604,BD_INSUMOS2[],8,FALSE),\"\")","v":""}]
[594,{"$f":"+IFERROR(VLOOKUP($A605,BD_INSUMOS2[],3,FALSE),\"\")","v":""},{"$f":"+IFERROR(VLOOKUP($A605,BD_INSUMOS2[],5,FALSE),\"\")","v":""},{"$f":"+IFERROR(VLOOKUP($A605,BD_INSUMOS2[],6,FALSE),\"\")","v":""},{"$f":"+IFERROR(VLOOKUP($A605,BD_INSUMOS2[],7,FALSE),\"\")","v":""},{"$f":"+IFERROR(VLOOKUP($A605,BD_INSUMOS2[],8,FALSE),\"\")","v":""}]
[595,{"$f":"+IFERROR(VLOOKUP($A606,BD_INSUMOS2[],3,FALSE),\"\")","v":""},{"$f":"+IFERROR(VLOOKUP($A606,BD_INSUMOS2[],5,FALSE),\"\")","v":""},{"$f":"+IFERROR(VLOOKUP($A606,BD_INSUMOS2[],6,FALSE),\"\")","v":""},{"$f":"+IFERROR(VLOOKUP($A606,BD_INSUMOS2[],7,FALSE),\"\")","v":""},{"$f":"+IFERROR(VLOOKUP($A606,BD_INSUMOS2[],8,FALSE),\"\")","v":""}]
[596,{"$f":"+IFERROR(VLOOKUP($A607,BD_INSUMOS2[],3,FALSE),\"\")","v":""},{"$f":"+IFERROR(VLOOKUP($A607,BD_INSUMOS2[],5,FALSE),\"\")","v":""},{"$f":"+IFERROR(VLOOKUP($A607,BD_INSUMOS2[],6,FALSE),\"\")","v":""},{"$f":"+IFERROR(VLOOKUP($A607,BD_INSUMOS2[],7,FALSE),\"\")","v":""},{"$f":"+IFERROR(VLOOKUP($A607,BD_INSUMOS2[],8,FALSE),\"\")","v":""}]
[597,{"$f":"+IFERROR(VLOOKUP($A608,BD_INSUMOS2[],3,FALSE),\"\")","v":""},{"$f":"+IFERROR(VLOOKUP($A608,BD_INSUMOS2[],5,FALSE),\"\")","v":""},{"$f":"+IFERROR(VLOOKUP($A608,BD_INSUMOS2[],6,FALSE),\"\")","v":""},{"$f":"+IFERROR(VLOOKUP($A608,BD_INSUMOS2[],7,FALSE),\"\")","v":""},{"$f":"+IFERROR(VLOOKUP($A608,BD_INSUMOS2[],8,FALSE),\"\")","v":""}]
[598,{"$f":"+IFERROR(VLOOKUP($A609,BD_INSUMOS2[],3,FALSE),\"\")","v":""},{"$f":"+IFERROR(VLOOKUP($A609,BD_INSUMOS2[],5,FALSE),\"\")","v":""},{"$f":"+IFERROR(VLOOKUP($A609,BD_INSUMOS2[],6,FALSE),\"\")","v":""},{"$f":"+IFERROR(VLOOKUP($A609,BD_INSUMOS2[],7,FALSE),\"\")","v":""},{"$f":"+IFERROR(VLOOKUP($A609,BD_INSUMOS2[],8,FALSE),\"\")","v":""}]
[599,{"$f":"+IFERROR(VLOOKUP($A610,BD_INSUMOS2[],3,FALSE),\"\")","v":""},{"$f":"+IFERROR(VLOOKUP($A610,BD_INSUMOS2[],5,FALSE),\"\")","v":""},{"$f":"+IFERROR(VLOOKUP($A610,BD_INSUMOS2[],6,FALSE),\"\")","v":""},{"$f":"+IFERROR(VLOOKUP($A610,BD_INSUMOS2[],7,FALSE),\"\")","v":""},{"$f":"+IFERROR(VLOOKUP($A610,BD_INSUMOS2[],8,FALSE),\"\")","v":""}]
[600,{"$f":"+IFERROR(VLOOKUP($A611,BD_INSUMOS2[],3,FALSE),\"\")","v":""},{"$f":"+IFERROR(VLOOKUP($A611,BD_INSUMOS2[],5,FALSE),\"\")","v":""},{"$f":"+IFERROR(VLOOKUP($A611,BD_INSUMOS2[],6,FALSE),\"\")","v":""},{"$f":"+IFERROR(VLOOKUP($A611,BD_INSUMOS2[],7,FALSE),\"\")","v":""},{"$f":"+IFERROR(VLOOKUP($A611,BD_INSUMOS2[],8,FALSE),\"\")","v":""}]
[601,{"$f":"+IFERROR(VLOOKUP($A612,BD_INSUMOS2[],3,FALSE),\"\")","v":""},{"$f":"+IFERROR(VLOOKUP($A612,BD_INSUMOS2[],5,FALSE),\"\")","v":""},{"$f":"+IFERROR(VLOOKUP($A612,BD_INSUMOS2[],6,FALSE),\"\")","v":""},{"$f":"+IFERROR(VLOOKUP($A612,BD_INSUMOS2[],7,FALSE),\"\")","v":""},{"$f":"+IFERROR(VLOOKUP($A612,BD_INSUMOS2[],8,FALSE),\"\")","v":""}]
[602,{"$f":"+IFERROR(VLOOKUP($A613,BD_INSUMOS2[],3,FALSE),\"\")","v":""},{"$f":"+IFERROR(VLOOKUP($A613,BD_INSUMOS2[],5,FALSE),\"\")","v":""},{"$f":"+IFERROR(VLOOKUP($A613,BD_INSUMOS2[],6,FALSE),\"\")","v":""},{"$f":"+IFERROR(VLOOKUP($A613,BD_INSUMOS2[],7,FALSE),\"\")","v":""},{"$f":"+IFERROR(VLOOKUP($A613,BD_INSUMOS2[],8,FALSE),\"\")","v":""}]
[603,{"$f":"+IFERROR(VLOOKUP($A614,BD_INSUMOS2[],3,FALSE),\"\")","v":""},{"$f":"+IFERROR(VLOOKUP($A614,BD_INSUMOS2[],5,FALSE),\"\")","v":""},{"$f":"+IFERROR(VLOOKUP($A614,BD_INSUMOS2[],6,FALSE),\"\")","v":""},{"$f":"+IFERROR(VLOOKUP($A614,BD_INSUMOS2[],7,FALSE),\"\")","v":""},{"$f":"+IFERROR(VLOOKUP($A614,BD_INSUMOS2[],8,FALSE),\"\")","v":""}]
[604,{"$f":"+IFERROR(VLOOKUP($A615,BD_INSUMOS2[],3,FALSE),\"\")","v":""},{"$f":"+IFERROR(VLOOKUP($A615,BD_INSUMOS2[],5,FALSE),\"\")","v":""},{"$f":"+IFERROR(VLOOKUP($A615,BD_INSUMOS2[],6,FALSE),\"\")","v":""},{"$f":"+IFERROR(VLOOKUP($A615,BD_INSUMOS2[],7,FALSE),\"\")","v":""},{"$f":"+IFERROR(VLOOKUP($A615,BD_INSUMOS2[],8,FALSE),\"\")","v":""}]
[605,{"$f":"+IFERROR(VLOOKUP($A616,BD_INSUMOS2[],3,FALSE),\"\")","v":""},{"$f":"+IFERROR(VLOOKUP($A616,BD_INSUMOS2[],5,FALSE),\"\")","v":""},{"$f":"+IFERROR(VLOOKUP($A616,BD_INSUMOS2[],6,FALSE),\"\")","v":""},{"$f":"+IFERROR(VLOOKUP($A616,BD_INSUMOS2[],7,FALSE),\"\")","v":""},{"$f":"+IFERROR(VLOOKUP($A616,BD_INSUMOS2[],8,FALSE),\"\")","v":""}]
[606,{"$f":"+IFERROR(VLOOKUP($A617,BD_INSUMOS2[],3,FALSE),\"\")","v":""},{"$f":"+IFERROR(VLOOKUP($A617,BD_INSUMOS2[],5,FALSE),\"\")","v":""},{"$f":"+IFERROR(VLOOKUP($A617,BD_INSUMOS2[],6,FALSE),\"\")","v":""},{"$f":"+IFERROR(VLOOKUP($A617,BD_INSUMOS2[],7,FALSE),\"\")","v":""},{"$f":"+IFERROR(VLOOKUP($A617,BD_INSUMOS2[],8,FALSE),\"\")","v":""}]
[607,{"$f":"+IFERROR(VLOOKUP($A618,BD_INSUMOS2[],3,FALSE),\"\")","v":""},{"$f":"+IFERROR(VLOOKUP($A618,BD_INSUMOS2[],5,FALSE),\"\")","v":""},{"$f":"+IFERROR(VLOOKUP($A618,BD_INSUMOS2[],6,FALSE),\"\")","v":""},{"$f":"+IFERROR(VLOOKUP($A618,BD_INSUMOS2[],7,FALSE),\"\")","v":""},{"$f":"+IFERROR(VLOOKUP($A618,BD_INSUMOS2[],8,FALSE),\"\")","v":""}]
[608,{"$f":"+IFERROR(VLOOKUP($A619,BD_INSUMOS2[],3,FALSE),\"\")","v":""},{"$f":"+IFERROR(VLOOKUP($A619,BD_INSUMOS2[],5,FALSE),\"\")","v":""},{"$f":"+IFERROR(VLOOKUP($A619,BD_INSUMOS2[],6,FALSE),\"\")","v":""},{"$f":"+IFERROR(VLOOKUP($A619,BD_INSUMOS2[],7,FALSE),\"\")","v":""},{"$f":"+IFERROR(VLOOKUP($A619,BD_INSUMOS2[],8,FALSE),\"\")","v":""}]
[609,{"$f":"+IFERROR(VLOOKUP($A620,BD_INSUMOS2[],3,FALSE),\"\")","v":""},{"$f":"+IFERROR(VLOOKUP($A620,BD_INSUMOS2[],5,FALSE),\"\")","v":""},{"$f":"+IFERROR(VLOOKUP($A620,BD_INSUMOS2[],6,FALSE),\"\")","v":""},{"$f":"+IFERROR(VLOOKUP($A620,BD_INSUMOS2[],7,FALSE),\"\")","v":""},{"$f":"+IFERROR(VLOOKUP($A620,BD_INSUMOS2[],8,FALSE),\"\")","v":""}]
[610,{"$f":"+IFERROR(VLOOKUP($A621,BD_INSUMOS2[],3,FALSE),\"\")","v":""},{"$f":"+IFERROR(VLOOKUP($A621,BD_INSUMOS2[],5,FALSE),\"\")","v":""},{"$f":"+IFERROR(VLOOKUP($A621,BD_INSUMOS2[],6,FALSE),\"\")","v":""},{"$f":"+IFERROR(VLOOKUP($A621,BD_INSUMOS2[],7,FALSE),\"\")","v":""},{"$f":"+IFERROR(VLOOKUP($A621,BD_INSUMOS2[],8,FALSE),\"\")","v":""}]
[611,{"$f":"+IFERROR(VLOOKUP($A622,BD_INSUMOS2[],3,FALSE),\"\")","v":""},{"$f":"+IFERROR(VLOOKUP($A622,BD_INSUMOS2[],5,FALSE),\"\")","v":""},{"$f":"+IFERROR(VLOOKUP($A622,BD_INSUMOS2[],6,FALSE),\"\")","v":""},{"$f":"+IFERROR(VLOOKUP($A622,BD_INSUMOS2[],7,FALSE),\"\")","v":""},{"$f":"+IFERROR(VLOOKUP($A622,BD_INSUMOS2[],8,FALSE),\"\")","v":""}]
[612,{"$f":"+IFERROR(VLOOKUP($A623,BD_INSUMOS2[],3,FALSE),\"\")","v":""},{"$f":"+IFERROR(VLOOKUP($A623,BD_INSUMOS2[],5,FALSE),\"\")","v":""},{"$f":"+IFERROR(VLOOKUP($A623,BD_INSUMOS2[],6,FALSE),\"\")","v":""},{"$f":"+IFERROR(VLOOKUP($A623,BD_INSUMOS2[],7,FALSE),\"\")","v":""},{"$f":"+IFERROR(VLOOKUP($A623,BD_INSUMOS2[],8,FALSE),\"\")","v":""}]
[613,{"$f":"+IFERROR(VLOOKUP($A624,BD_INSUMOS2[],3,FALSE),\"\")","v":""},{"$f":"+IFERROR(VLOOKUP($A624,BD_INSUMOS2[],5,FALSE),\"\")","v":""},{"$f":"+IFERROR(VLOOKUP($A624,BD_INSUMOS2[],6,FALSE),\"\")","v":""},{"$f":"+IFERROR(VLOOKUP($A624,BD_INSUMOS2[],7,FALSE),\"\")","v":""},{"$f":"+IFERROR(VLOOKUP($A624,BD_INSUMOS2[],8,FALSE),\"\")","v":""}]
[614,{"$f":"+IFERROR(VLOOKUP($A625,BD_INSUMOS2[],3,FALSE),\"\")","v":""},{"$f":"+IFERROR(VLOOKUP($A625,BD_INSUMOS2[],5,FALSE),\"\")","v":""},{"$f":"+IFERROR(VLOOKUP($A625,BD_INSUMOS2[],6,FALSE),\"\")","v":""},{"$f":"+IFERROR(VLOOKUP($A625,BD_INSUMOS2[],7,FALSE),\"\")","v":""},{"$f":"+IFERROR(VLOOKUP($A625,BD_INSUMOS2[],8,FALSE),\"\")","v":""}]
[615,{"$f":"+IFERROR(VLOOKUP($A626,BD_INSUMOS2[],3,FALSE),\"\")","v":""},{"$f":"+IFERROR(VLOOKUP($A626,BD_INSUMOS2[],5,FALSE),\"\")","v":""},{"$f":"+IFERROR(VLOOKUP($A626,BD_INSUMOS2[],6,FALSE),\"\")","v":""},{"$f":"+IFERROR(VLOOKUP($A626,BD_INSUMOS2[],7,FALSE),\"\")","v":""},{"$f":"+IFERROR(VLOOKUP($A626,BD_INSUMOS2[],8,FALSE),\"\")","v":""}]
[616,{"$f":"+IFERROR(VLOOKUP($A627,BD_INSUMOS2[],3,FALSE),\"\")","v":""},{"$f":"+IFERROR(VLOOKUP($A627,BD_INSUMOS2[],5,FALSE),\"\")","v":""},{"$f":"+IFERROR(VLOOKUP($A627,BD_INSUMOS2[],6,FALSE),\"\")","v":""},{"$f":"+IFERROR(VLOOKUP($A627,BD_INSUMOS2[],7,FALSE),\"\")","v":""},{"$f":"+IFERROR(VLOOKUP($A627,BD_INSUMOS2[],8,FALSE),\"\")","v":""}]
[617,{"$f":"+IFERROR(VLOOKUP($A628,BD_INSUMOS2[],3,FALSE),\"\")","v":""},{"$f":"+IFERROR(VLOOKUP($A628,BD_INSUMOS2[],5,FALSE),\"\")","v":""},{"$f":"+IFERROR(VLOOKUP($A628,BD_INSUMOS2[],6,FALSE),\"\")","v":""},{"$f":"+IFERROR(VLOOKUP($A628,BD_INSUMOS2[],7,FALSE),\"\")","v":""},{"$f":"+IFERROR(VLOOKUP($A628,BD_INSUMOS2[],8,FALSE),\"\")","v":""}]
[618,{"$f":"+IFERROR(VLOOKUP($A629,BD_INSUMOS2[],3,FALSE),\"\")","v":""},{"$f":"+IFERROR(VLOOKUP($A629,BD_INSUMOS2[],5,FALSE),\"\")","v":""},{"$f":"+IFERROR(VLOOKUP($A629,BD_INSUMOS2[],6,FALSE),\"\")","v":""},{"$f":"+IFERROR(VLOOKUP($A629,BD_INSUMOS2[],7,FALSE),\"\")","v":""},{"$f":"+IFERROR(VLOOKUP($A629,BD_INSUMOS2[],8,FALSE),\"\")","v":""}]
[619,{"$f":"+IFERROR(VLOOKUP($A630,BD_INSUMOS2[],3,FALSE),\"\")","v":""},{"$f":"+IFERROR(VLOOKUP($A630,BD_INSUMOS2[],5,FALSE),\"\")","v":""},{"$f":"+IFERROR(VLOOKUP($A630,BD_INSUMOS2[],6,FALSE),\"\")","v":""},{"$f":"+IFERROR(VLOOKUP($A630,BD_INSUMOS2[],7,FALSE),\"\")","v":""},{"$f":"+IFERROR(VLOOKUP($A630,BD_INSUMOS2[],8,FALSE),\"\")","v":""}]
[620,{"$f":"+IFERROR(VLOOKUP($A631,BD_INSUMOS2[],3,FALSE),\"\")","v":""},{"$f":"+IFERROR(VLOOKUP($A631,BD_INSUMOS2[],5,FALSE),\"\")","v":""},{"$f":"+IFERROR(VLOOKUP($A631,BD_INSUMOS2[],6,FALSE),\"\")","v":""},{"$f":"+IFERROR(VLOOKUP($A631,BD_INSUMOS2[],7,FALSE),\"\")","v":""},{"$f":"+IFERROR(VLOOKUP($A631,BD_INSUMOS2[],8,FALSE),\"\")","v":""}]
[621,{"$f":"+IFERROR(VLOOKUP($A632,BD_INSUMOS2[],3,FALSE),\"\")","v":""},{"$f":"+IFERROR(VLOOKUP($A632,BD_INSUMOS2[],5,FALSE),\"\")","v":""},{"$f":"+IFERROR(VLOOKUP($A632,BD_INSUMOS2[],6,FALSE),\"\")","v":""},{"$f":"+IFERROR(VLOOKUP($A632,BD_INSUMOS2[],7,FALSE),\"\")","v":""},{"$f":"+IFERROR(VLOOKUP($A632,BD_INSUMOS2[],8,FALSE),\"\")","v":""}]
[622,{"$f":"+IFERROR(VLOOKUP($A633,BD_INSUMOS2[],3,FALSE),\"\")","v":""},{"$f":"+IFERROR(VLOOKUP($A633,BD_INSUMOS2[],5,FALSE),\"\")","v":""},{"$f":"+IFERROR(VLOOKUP($A633,BD_INSUMOS2[],6,FALSE),\"\")","v":""},{"$f":"+IFERROR(VLOOKUP($A633,BD_INSUMOS2[],7,FALSE),\"\")","v":""},{"$f":"+IFERROR(VLOOKUP($A633,BD_INSUMOS2[],8,FALSE),\"\")","v":""}]
[623,{"$f":"+IFERROR(VLOOKUP($A634,BD_INSUMOS2[],3,FALSE),\"\")","v":""},{"$f":"+IFERROR(VLOOKUP($A634,BD_INSUMOS2[],5,FALSE),\"\")","v":""},{"$f":"+IFERROR(VLOOKUP($A634,BD_INSUMOS2[],6,FALSE),\"\")","v":""},{"$f":"+IFERROR(VLOOKUP($A634,BD_INSUMOS2[],7,FALSE),\"\")","v":""},{"$f":"+IFERROR(VLOOKUP($A634,BD_INSUMOS2[],8,FALSE),\"\")","v":""}]
[624,{"$f":"+IFERROR(VLOOKUP($A635,BD_INSUMOS2[],3,FALSE),\"\")","v":""},{"$f":"+IFERROR(VLOOKUP($A635,BD_INSUMOS2[],5,FALSE),\"\")","v":""},{"$f":"+IFERROR(VLOOKUP($A635,BD_INSUMOS2[],6,FALSE),\"\")","v":""},{"$f":"+IFERROR(VLOOKUP($A635,BD_INSUMOS2[],7,FALSE),\"\")","v":""},{"$f":"+IFERROR(VLOOKUP($A635,BD_INSUMOS2[],8,FALSE),\"\")","v":""}]
[625,{"$f":"+IFERROR(VLOOKUP($A636,BD_INSUMOS2[],3,FALSE),\"\")","v":""},{"$f":"+IFERROR(VLOOKUP($A636,BD_INSUMOS2[],5,FALSE),\"\")","v":""},{"$f":"+IFERROR(VLOOKUP($A636,BD_INSUMOS2[],6,FALSE),\"\")","v":""},{"$f":"+IFERROR(VLOOKUP($A636,BD_INSUMOS2[],7,FALSE),\"\")","v":""},{"$f":"+IFERROR(VLOOKUP($A636,BD_INSUMOS2[],8,FALSE),\"\")","v":""}]
[626,{"$f":"+IFERROR(VLOOKUP($A637,BD_INSUMOS2[],3,FALSE),\"\")","v":""},{"$f":"+IFERROR(VLOOKUP($A637,BD_INSUMOS2[],5,FALSE),\"\")","v":""},{"$f":"+IFERROR(VLOOKUP($A637,BD_INSUMOS2[],6,FALSE),\"\")","v":""},{"$f":"+IFERROR(VLOOKUP($A637,BD_INSUMOS2[],7,FALSE),\"\")","v":""},{"$f":"+IFERROR(VLOOKUP($A637,BD_INSUMOS2[],8,FALSE),\"\")","v":""}]
[627,{"$f":"+IFERROR(VLOOKUP($A638,BD_INSUMOS2[],3,FALSE),\"\")","v":""},{"$f":"+IFERROR(VLOOKUP($A638,BD_INSUMOS2[],5,FALSE),\"\")","v":""},{"$f":"+IFERROR(VLOOKUP($A638,BD_INSUMOS2[],6,FALSE),\"\")","v":""},{"$f":"+IFERROR(VLOOKUP($A638,BD_INSUMOS2[],7,FALSE),\"\")","v":""},{"$f":"+IFERROR(VLOOKUP($A638,BD_INSUMOS2[],8,FALSE),\"\")","v":""}]
[628,{"$f":"+IFERROR(VLOOKUP($A639,BD_INSUMOS2[],3,FALSE),\"\")","v":""},{"$f":"+IFERROR(VLOOKUP($A639,BD_INSUMOS2[],5,FALSE),\"\")","v":""},{"$f":"+IFERROR(VLOOKUP($A639,BD_INSUMOS2[],6,FALSE),\"\")","v":""},{"$f":"+IFERROR(VLOOKUP($A639,BD_INSUMOS2[],7,FALSE),\"\")","v":""},{"$f":"+IFERROR(VLOOKUP($A639,BD_INSUMOS2[],8,FALSE),\"\")","v":""}]
[629,{"$f":"+IFERROR(VLOOKUP($A640,BD_INSUMOS2[],3,FALSE),\"\")","v":""},{"$f":"+IFERROR(VLOOKUP($A640,BD_INSUMOS2[],5,FALSE),\"\")","v":""},{"$f":"+IFERROR(VLOOKUP($A640,BD_INSUMOS2[],6,FALSE),\"\")","v":""},{"$f":"+IFERROR(VLOOKUP($A640,BD_INSUMOS2[],7,FALSE),\"\")","v":""},{"$f":"+IFERROR(VLOOKUP($A640,BD_INSUMOS2[],8,FALSE),\"\")","v":""}]
[630,{"$f":"+IFERROR(VLOOKUP($A641,BD_INSUMOS2[],3,FALSE),\"\")","v":""},{"$f":"+IFERROR(VLOOKUP($A641,BD_INSUMOS2[],5,FALSE),\"\")","v":""},{"$f":"+IFERROR(VLOOKUP($A641,BD_INSUMOS2[],6,FALSE),\"\")","v":""},{"$f":"+IFERROR(VLOOKUP($A641,BD_INSUMOS2[],7,FALSE),\"\")","v":""},{"$f":"+IFERROR(VLOOKUP($A641,BD_INSUMOS2[],8,FALSE),\"\")","v":""}]
[631,{"$f":"+IFERROR(VLOOKUP($A642,BD_INSUMOS2[],3,FALSE),\"\")","v":""},{"$f":"+IFERROR(VLOOKUP($A642,BD_INSUMOS2[],5,FALSE),\"\")","v":""},{"$f":"+IFERROR(VLOOKUP($A642,BD_INSUMOS2[],6,FALSE),\"\")","v":""},{"$f":"+IFERROR(VLOOKUP($A642,BD_INSUMOS2[],7,FALSE),\"\")","v":""},{"$f":"+IFERROR(VLOOKUP($A642,BD_INSUMOS2[],8,FALSE),\"\")","v":""}]
[632,{"$f":"+IFERROR(VLOOKUP($A643,BD_INSUMOS2[],3,FALSE),\"\")","v":""},{"$f":"+IFERROR(VLOOKUP($A643,BD_INSUMOS2[],5,FALSE),\"\")","v":""},{"$f":"+IFERROR(VLOOKUP($A643,BD_INSUMOS2[],6,FALSE),\"\")","v":""},{"$f":"+IFERROR(VLOOKUP($A643,BD_INSUMOS2[],7,FALSE),\"\")","v":""},{"$f":"+IFERROR(VLOOKUP($A643,BD_INSUMOS2[],8,FALSE),\"\")","v":""}]
[633,{"$f":"+IFERROR(VLOOKUP($A644,BD_INSUMOS2[],3,FALSE),\"\")","v":""},{"$f":"+IFERROR(VLOOKUP($A644,BD_INSUMOS2[],5,FALSE),\"\")","v":""},{"$f":"+IFERROR(VLOOKUP($A644,BD_INSUMOS2[],6,FALSE),\"\")","v":""},{"$f":"+IFERROR(VLOOKUP($A644,BD_INSUMOS2[],7,FALSE),\"\")","v":""},{"$f":"+IFERROR(VLOOKUP($A644,BD_INSUMOS2[],8,FALSE),\"\")","v":""}]
[634,{"$f":"+IFERROR(VLOOKUP($A645,BD_INSUMOS2[],3,FALSE),\"\")","v":""},{"$f":"+IFERROR(VLOOKUP($A645,BD_INSUMOS2[],5,FALSE),\"\")","v":""},{"$f":"+IFERROR(VLOOKUP($A645,BD_INSUMOS2[],6,FALSE),\"\")","v":""},{"$f":"+IFERROR(VLOOKUP($A645,BD_INSUMOS2[],7,FALSE),\"\")","v":""},{"$f":"+IFERROR(VLOOKUP($A645,BD_INSUMOS2[],8,FALSE),\"\")","v":""}]
[635,{"$f":"+IFERROR(VLOOKUP($A646,BD_INSUMOS2[],3,FALSE),\"\")","v":""},{"$f":"+IFERROR(VLOOKUP($A646,BD_INSUMOS2[],5,FALSE),\"\")","v":""},{"$f":"+IFERROR(VLOOKUP($A646,BD_INSUMOS2[],6,FALSE),\"\")","v":""},{"$f":"+IFERROR(VLOOKUP($A646,BD_INSUMOS2[],7,FALSE),\"\")","v":""},{"$f":"+IFERROR(VLOOKUP($A646,BD_INSUMOS2[],8,FALSE),\"\")","v":""}]
[636,{"$f":"+IFERROR(VLOOKUP($A647,BD_INSUMOS2[],3,FALSE),\"\")","v":""},{"$f":"+IFERROR(VLOOKUP($A647,BD_INSUMOS2[],5,FALSE),\"\")","v":""},{"$f":"+IFERROR(VLOOKUP($A647,BD_INSUMOS2[],6,FALSE),\"\")","v":""},{"$f":"+IFERROR(VLOOKUP($A647,BD_INSUMOS2[],7,FALSE),\"\")","v":""},{"$f":"+IFERROR(VLOOKUP($A647,BD_INSUMOS2[],8,FALSE),\"\")","v":""}]
[637,{"$f":"+IFERROR(VLOOKUP($A648,BD_INSUMOS2[],3,FALSE),\"\")","v":""},{"$f":"+IFERROR(VLOOKUP($A648,BD_INSUMOS2[],5,FALSE),\"\")","v":""},{"$f":"+IFERROR(VLOOKUP($A648,BD_INSUMOS2[],6,FALSE),\"\")","v":""},{"$f":"+IFERROR(VLOOKUP($A648,BD_INSUMOS2[],7,FALSE),\"\")","v":""},{"$f":"+IFERROR(VLOOKUP($A648,BD_INSUMOS2[],8,FALSE),\"\")","v":""}]
[638,{"$f":"+IFERROR(VLOOKUP($A649,BD_INSUMOS2[],3,FALSE),\"\")","v":""},{"$f":"+IFERROR(VLOOKUP($A649,BD_INSUMOS2[],5,FALSE),\"\")","v":""},{"$f":"+IFERROR(VLOOKUP($A649,BD_INSUMOS2[],6,FALSE),\"\")","v":""},{"$f":"+IFERROR(VLOOKUP($A649,BD_INSUMOS2[],7,FALSE),\"\")","v":""},{"$f":"+IFERROR(VLOOKUP($A649,BD_INSUMOS2[],8,FALSE),\"\")","v":""}]
[639,{"$f":"+IFERROR(VLOOKUP($A650,BD_INSUMOS2[],3,FALSE),\"\")","v":""},{"$f":"+IFERROR(VLOOKUP($A650,BD_INSUMOS2[],5,FALSE),\"\")","v":""},{"$f":"+IFERROR(VLOOKUP($A650,BD_INSUMOS2[],6,FALSE),\"\")","v":""},{"$f":"+IFERROR(VLOOKUP($A650,BD_INSUMOS2[],7,FALSE),\"\")","v":""},{"$f":"+IFERROR(VLOOKUP($A650,BD_INSUMOS2[],8,FALSE),\"\")","v":""}]
[640,{"$f":"+IFERROR(VLOOKUP($A651,BD_INSUMOS2[],3,FALSE),\"\")","v":""},{"$f":"+IFERROR(VLOOKUP($A651,BD_INSUMOS2[],5,FALSE),\"\")","v":""},{"$f":"+IFERROR(VLOOKUP($A651,BD_INSUMOS2[],6,FALSE),\"\")","v":""},{"$f":"+IFERROR(VLOOKUP($A651,BD_INSUMOS2[],7,FALSE),\"\")","v":""},{"$f":"+IFERROR(VLOOKUP($A651,BD_INSUMOS2[],8,FALSE),\"\")","v":""}]
[641,{"$f":"+IFERROR(VLOOKUP($A652,BD_INSUMOS2[],3,FALSE),\"\")","v":""},{"$f":"+IFERROR(VLOOKUP($A652,BD_INSUMOS2[],5,FALSE),\"\")","v":""},{"$f":"+IFERROR(VLOOKUP($A652,BD_INSUMOS2[],6,FALSE),\"\")","v":""},{"$f":"+IFERROR(VLOOKUP($A652,BD_INSUMOS2[],7,FALSE),\"\")","v":""},{"$f":"+IFERROR(VLOOKUP($A652,BD_INSUMOS2[],8,FALSE),\"\")","v":""}]
[642,{"$f":"+IFERROR(VLOOKUP($A653,BD_INSUMOS2[],3,FALSE),\"\")","v":""},{"$f":"+IFERROR(VLOOKUP($A653,BD_INSUMOS2[],5,FALSE),\"\")","v":""},{"$f":"+IFERROR(VLOOKUP($A653,BD_INSUMOS2[],6,FALSE),\"\")","v":""},{"$f":"+IFERROR(VLOOKUP($A653,BD_INSUMOS2[],7,FALSE),\"\")","v":""},{"$f":"+IFERROR(VLOOKUP($A653,BD_INSUMOS2[],8,FALSE),\"\")","v":""}]
[643,{"$f":"+IFERROR(VLOOKUP($A654,BD_INSUMOS2[],3,FALSE),\"\")","v":""},{"$f":"+IFERROR(VLOOKUP($A654,BD_INSUMOS2[],5,FALSE),\"\")","v":""},{"$f":"+IFERROR(VLOOKUP($A654,BD_INSUMOS2[],6,FALSE),\"\")","v":""},{"$f":"+IFERROR(VLOOKUP($A654,BD_INSUMOS2[],7,FALSE),\"\")","v":""},{"$f":"+IFERROR(VLOOKUP($A654,BD_INSUMOS2[],8,FALSE),\"\")","v":""}]
[644,{"$f":"+IFERROR(VLOOKUP($A655,BD_INSUMOS2[],3,FALSE),\"\")","v":""},{"$f":"+IFERROR(VLOOKUP($A655,BD_INSUMOS2[],5,FALSE),\"\")","v":""},{"$f":"+IFERROR(VLOOKUP($A655,BD_INSUMOS2[],6,FALSE),\"\")","v":""},{"$f":"+IFERROR(VLOOKUP($A655,BD_INSUMOS2[],7,FALSE),\"\")","v":""},{"$f":"+IFERROR(VLOOKUP($A655,BD_INSUMOS2[],8,FALSE),\"\")","v":""}]
[645,{"$f":"+IFERROR(VLOOKUP($A656,BD_INSUMOS2[],3,FALSE),\"\")","v":""},{"$f":"+IFERROR(VLOOKUP($A656,BD_INSUMOS2[],5,FALSE),\"\")","v":""},{"$f":"+IFERROR(VLOOKUP($A656,BD_INSUMOS2[],6,FALSE),\"\")","v":""},{"$f":"+IFERROR(VLOOKUP($A656,BD_INSUMOS2[],7,FALSE),\"\")","v":""},{"$f":"+IFERROR(VLOOKUP($A656,BD_INSUMOS2[],8,FALSE),\"\")","v":""}]
[646,{"$f":"+IFERROR(VLOOKUP($A657,BD_INSUMOS2[],3,FALSE),\"\")","v":""},{"$f":"+IFERROR(VLOOKUP($A657,BD_INSUMOS2[],5,FALSE),\"\")","v":""},{"$f":"+IFERROR(VLOOKUP($A657,BD_INSUMOS2[],6,FALSE),\"\")","v":""},{"$f":"+IFERROR(VLOOKUP($A657,BD_INSUMOS2[],7,FALSE),\"\")","v":""},{"$f":"+IFERROR(VLOOKUP($A657,BD_INSUMOS2[],8,FALSE),\"\")","v":""}]
[647,{"$f":"+IFERROR(VLOOKUP($A658,BD_INSUMOS2[],3,FALSE),\"\")","v":""},{"$f":"+IFERROR(VLOOKUP($A658,BD_INSUMOS2[],5,FALSE),\"\")","v":""},{"$f":"+IFERROR(VLOOKUP($A658,BD_INSUMOS2[],6,FALSE),\"\")","v":""},{"$f":"+IFERROR(VLOOKUP($A658,BD_INSUMOS2[],7,FALSE),\"\")","v":""},{"$f":"+IFERROR(VLOOKUP($A658,BD_INSUMOS2[],8,FALSE),\"\")","v":""}]
[648,{"$f":"+IFERROR(VLOOKUP($A659,BD_INSUMOS2[],3,FALSE),\"\")","v":""},{"$f":"+IFERROR(VLOOKUP($A659,BD_INSUMOS2[],5,FALSE),\"\")","v":""},{"$f":"+IFERROR(VLOOKUP($A659,BD_INSUMOS2[],6,FALSE),\"\")","v":""},{"$f":"+IFERROR(VLOOKUP($A659,BD_INSUMOS2[],7,FALSE),\"\")","v":""},{"$f":"+IFERROR(VLOOKUP($A659,BD_INSUMOS2[],8,FALSE),\"\")","v":""}]
[649,{"$f":"+IFERROR(VLOOKUP($A660,BD_INSUMOS2[],3,FALSE),\"\")","v":""},{"$f":"+IFERROR(VLOOKUP($A660,BD_INSUMOS2[],5,FALSE),\"\")","v":""},{"$f":"+IFERROR(VLOOKUP($A660,BD_INSUMOS2[],6,FALSE),\"\")","v":""},{"$f":"+IFERROR(VLOOKUP($A660,BD_INSUMOS2[],7,FALSE),\"\")","v":""},{"$f":"+IFERROR(VLOOKUP($A660,BD_INSUMOS2[],8,FALSE),\"\")","v":""}]
[650,{"$f":"+IFERROR(VLOOKUP($A661,BD_INSUMOS2[],3,FALSE),\"\")","v":""},{"$f":"+IFERROR(VLOOKUP($A661,BD_INSUMOS2[],5,FALSE),\"\")","v":""},{"$f":"+IFERROR(VLOOKUP($A661,BD_INSUMOS2[],6,FALSE),\"\")","v":""},{"$f":"+IFERROR(VLOOKUP($A661,BD_INSUMOS2[],7,FALSE),\"\")","v":""},{"$f":"+IFERROR(VLOOKUP($A661,BD_INSUMOS2[],8,FALSE),\"\")","v":""}]
[651,{"$f":"+IFERROR(VLOOKUP($A662,BD_INSUMOS2[],3,FALSE),\"\")","v":""},{"$f":"+IFERROR(VLOOKUP($A662,BD_INSUMOS2[],5,FALSE),\"\")","v":""},{"$f":"+IFERROR(VLOOKUP($A662,BD_INSUMOS2[],6,FALSE),\"\")","v":""},{"$f":"+IFERROR(VLOOKUP($A662,BD_INSUMOS2[],7,FALSE),\"\")","v":""},{"$f":"+IFERROR(VLOOKUP($A662,BD_INSUMOS2[],8,FALSE),\"\")","v":""}]
[652,{"$f":"+IFERROR(VLOOKUP($A663,BD_INSUMOS2[],3,FALSE),\"\")","v":""},{"$f":"+IFERROR(VLOOKUP($A663,BD_INSUMOS2[],5,FALSE),\"\")","v":""},{"$f":"+IFERROR(VLOOKUP($A663,BD_INSUMOS2[],6,FALSE),\"\")","v":""},{"$f":"+IFERROR(VLOOKUP($A663,BD_INSUMOS2[],7,FALSE),\"\")","v":""},{"$f":"+IFERROR(VLOOKUP($A663,BD_INSUMOS2[],8,FALSE),\"\")","v":""}]
[653,{"$f":"+IFERROR(VLOOKUP($A664,BD_INSUMOS2[],3,FALSE),\"\")","v":""},{"$f":"+IFERROR(VLOOKUP($A664,BD_INSUMOS2[],5,FALSE),\"\")","v":""},{"$f":"+IFERROR(VLOOKUP($A664,BD_INSUMOS2[],6,FALSE),\"\")","v":""},{"$f":"+IFERROR(VLOOKUP($A664,BD_INSUMOS2[],7,FALSE),\"\")","v":""},{"$f":"+IFERROR(VLOOKUP($A664,BD_INSUMOS2[],8,FALSE),\"\")","v":""}]
[654,{"$f":"+IFERROR(VLOOKUP($A665,BD_INSUMOS2[],3,FALSE),\"\")","v":""},{"$f":"+IFERROR(VLOOKUP($A665,BD_INSUMOS2[],5,FALSE),\"\")","v":""},{"$f":"+IFERROR(VLOOKUP($A665,BD_INSUMOS2[],6,FALSE),\"\")","v":""},{"$f":"+IFERROR(VLOOKUP($A665,BD_INSUMOS2[],7,FALSE),\"\")","v":""},{"$f":"+IFERROR(VLOOKUP($A665,BD_INSUMOS2[],8,FALSE),\"\")","v":""}]
[655,{"$f":"+IFERROR(VLOOKUP($A666,BD_INSUMOS2[],3,FALSE),\"\")","v":""},{"$f":"+IFERROR(VLOOKUP($A666,BD_INSUMOS2[],5,FALSE),\"\")","v":""},{"$f":"+IFERROR(VLOOKUP($A666,BD_INSUMOS2[],6,FALSE),\"\")","v":""},{"$f":"+IFERROR(VLOOKUP($A666,BD_INSUMOS2[],7,FALSE),\"\")","v":""},{"$f":"+IFERROR(VLOOKUP($A666,BD_INSUMOS2[],8,FALSE),\"\")","v":""}]
[656,{"$f":"+IFERROR(VLOOKUP($A667,BD_INSUMOS2[],3,FALSE),\"\")","v":""},{"$f":"+IFERROR(VLOOKUP($A667,BD_INSUMOS2[],5,FALSE),\"\")","v":""},{"$f":"+IFERROR(VLOOKUP($A667,BD_INSUMOS2[],6,FALSE),\"\")","v":""},{"$f":"+IFERROR(VLOOKUP($A667,BD_INSUMOS2[],7,FALSE),\"\")","v":""},{"$f":"+IFERROR(VLOOKUP($A667,BD_INSUMOS2[],8,FALSE),\"\")","v":""}]
[657,{"$f":"+IFERROR(VLOOKUP($A668,BD_INSUMOS2[],3,FALSE),\"\")","v":""},{"$f":"+IFERROR(VLOOKUP($A668,BD_INSUMOS2[],5,FALSE),\"\")","v":""},{"$f":"+IFERROR(VLOOKUP($A668,BD_INSUMOS2[],6,FALSE),\"\")","v":""},{"$f":"+IFERROR(VLOOKUP($A668,BD_INSUMOS2[],7,FALSE),\"\")","v":""},{"$f":"+IFERROR(VLOOKUP($A668,BD_INSUMOS2[],8,FALSE),\"\")","v":""}]
[658,{"$f":"+IFERROR(VLOOKUP($A669,BD_INSUMOS2[],3,FALSE),\"\")","v":""},{"$f":"+IFERROR(VLOOKUP($A669,BD_INSUMOS2[],5,FALSE),\"\")","v":""},{"$f":"+IFERROR(VLOOKUP($A669,BD_INSUMOS2[],6,FALSE),\"\")","v":""},{"$f":"+IFERROR(VLOOKUP($A669,BD_INSUMOS2[],7,FALSE),\"\")","v":""},{"$f":"+IFERROR(VLOOKUP($A669,BD_INSUMOS2[],8,FALSE),\"\")","v":""}]
[659,{"$f":"+IFERROR(VLOOKUP($A670,BD_INSUMOS2[],3,FALSE),\"\")","v":""},{"$f":"+IFERROR(VLOOKUP($A670,BD_INSUMOS2[],5,FALSE),\"\")","v":""},{"$f":"+IFERROR(VLOOKUP($A670,BD_INSUMOS2[],6,FALSE),\"\")","v":""},{"$f":"+IFERROR(VLOOKUP($A670,BD_INSUMOS2[],7,FALSE),\"\")","v":""},{"$f":"+IFERROR(VLOOKUP($A670,BD_INSUMOS2[],8,FALSE),\"\")","v":""}]
[660,{"$f":"+IFERROR(VLOOKUP($A671,BD_INSUMOS2[],3,FALSE),\"\")","v":""},{"$f":"+IFERROR(VLOOKUP($A671,BD_INSUMOS2[],5,FALSE),\"\")","v":""},{"$f":"+IFERROR(VLOOKUP($A671,BD_INSUMOS2[],6,FALSE),\"\")","v":""},{"$f":"+IFERROR(VLOOKUP($A671,BD_INSUMOS2[],7,FALSE),\"\")","v":""},{"$f":"+IFERROR(VLOOKUP($A671,BD_INSUMOS2[],8,FALSE),\"\")","v":""}]
[661,{"$f":"+IFERROR(VLOOKUP($A672,BD_INSUMOS2[],3,FALSE),\"\")","v":""},{"$f":"+IFERROR(VLOOKUP($A672,BD_INSUMOS2[],5,FALSE),\"\")","v":""},{"$f":"+IFERROR(VLOOKUP($A672,BD_INSUMOS2[],6,FALSE),\"\")","v":""},{"$f":"+IFERROR(VLOOKUP($A672,BD_INSUMOS2[],7,FALSE),\"\")","v":""},{"$f":"+IFERROR(VLOOKUP($A672,BD_INSUMOS2[],8,FALSE),\"\")","v":""}]
[662,{"$f":"+IFERROR(VLOOKUP($A673,BD_INSUMOS2[],3,FALSE),\"\")","v":""},{"$f":"+IFERROR(VLOOKUP($A673,BD_INSUMOS2[],5,FALSE),\"\")","v":""},{"$f":"+IFERROR(VLOOKUP($A673,BD_INSUMOS2[],6,FALSE),\"\")","v":""},{"$f":"+IFERROR(VLOOKUP($A673,BD_INSUMOS2[],7,FALSE),\"\")","v":""},{"$f":"+IFERROR(VLOOKUP($A673,BD_INSUMOS2[],8,FALSE),\"\")","v":""}]
[663,{"$f":"+IFERROR(VLOOKUP($A674,BD_INSUMOS2[],3,FALSE),\"\")","v":""},{"$f":"+IFERROR(VLOOKUP($A674,BD_INSUMOS2[],5,FALSE),\"\")","v":""},{"$f":"+IFERROR(VLOOKUP($A674,BD_INSUMOS2[],6,FALSE),\"\")","v":""},{"$f":"+IFERROR(VLOOKUP($A674,BD_INSUMOS2[],7,FALSE),\"\")","v":""},{"$f":"+IFERROR(VLOOKUP($A674,BD_INSUMOS2[],8,FALSE),\"\")","v":""}]
[664,{"$f":"+IFERROR(VLOOKUP($A675,BD_INSUMOS2[],3,FALSE),\"\")","v":""},{"$f":"+IFERROR(VLOOKUP($A675,BD_INSUMOS2[],5,FALSE),\"\")","v":""},{"$f":"+IFERROR(VLOOKUP($A675,BD_INSUMOS2[],6,FALSE),\"\")","v":""},{"$f":"+IFERROR(VLOOKUP($A675,BD_INSUMOS2[],7,FALSE),\"\")","v":""},{"$f":"+IFERROR(VLOOKUP($A675,BD_INSUMOS2[],8,FALSE),\"\")","v":""}]
[665,{"$f":"+IFERROR(VLOOKUP($A676,BD_INSUMOS2[],3,FALSE),\"\")","v":""},{"$f":"+IFERROR(VLOOKUP($A676,BD_INSUMOS2[],5,FALSE),\"\")","v":""},{"$f":"+IFERROR(VLOOKUP($A676,BD_INSUMOS2[],6,FALSE),\"\")","v":""},{"$f":"+IFERROR(VLOOKUP($A676,BD_INSUMOS2[],7,FALSE),\"\")","v":""},{"$f":"+IFERROR(VLOOKUP($A676,BD_INSUMOS2[],8,FALSE),\"\")","v":""}]
[666,{"$f":"+IFERROR(VLOOKUP($A677,BD_INSUMOS2[],3,FALSE),\"\")","v":""},{"$f":"+IFERROR(VLOOKUP($A677,BD_INSUMOS2[],5,FALSE),\"\")","v":""},{"$f":"+IFERROR(VLOOKUP($A677,BD_INSUMOS2[],6,FALSE),\"\")","v":""},{"$f":"+IFERROR(VLOOKUP($A677,BD_INSUMOS2[],7,FALSE),\"\")","v":""},{"$f":"+IFERROR(VLOOKUP($A677,BD_INSUMOS2[],8,FALSE),\"\")","v":""}]
[667,{"$f":"+IFERROR(VLOOKUP($A678,BD_INSUMOS2[],3,FALSE),\"\")","v":""},{"$f":"+IFERROR(VLOOKUP($A678,BD_INSUMOS2[],5,FALSE),\"\")","v":""},{"$f":"+IFERROR(VLOOKUP($A678,BD_INSUMOS2[],6,FALSE),\"\")","v":""},{"$f":"+IFERROR(VLOOKUP($A678,BD_INSUMOS2[],7,FALSE),\"\")","v":""},{"$f":"+IFERROR(VLOOKUP($A678,BD_INSUMOS2[],8,FALSE),\"\")","v":""}]
[668,{"$f":"+IFERROR(VLOOKUP($A679,BD_INSUMOS2[],3,FALSE),\"\")","v":""},{"$f":"+IFERROR(VLOOKUP($A679,BD_INSUMOS2[],5,FALSE),\"\")","v":""},{"$f":"+IFERROR(VLOOKUP($A679,BD_INSUMOS2[],6,FALSE),\"\")","v":""},{"$f":"+IFERROR(VLOOKUP($A679,BD_INSUMOS2[],7,FALSE),\"\")","v":""},{"$f":"+IFERROR(VLOOKUP($A679,BD_INSUMOS2[],8,FALSE),\"\")","v":""}]
[669,{"$f":"+IFERROR(VLOOKUP($A680,BD_INSUMOS2[],3,FALSE),\"\")","v":""},{"$f":"+IFERROR(VLOOKUP($A680,BD_INSUMOS2[],5,FALSE),\"\")","v":""},{"$f":"+IFERROR(VLOOKUP($A680,BD_INSUMOS2[],6,FALSE),\"\")","v":""},{"$f":"+IFERROR(VLOOKUP($A680,BD_INSUMOS2[],7,FALSE),\"\")","v":""},{"$f":"+IFERROR(VLOOKUP($A680,BD_INSUMOS2[],8,FALSE),\"\")","v":""}]
[670,{"$f":"+IFERROR(VLOOKUP($A681,BD_INSUMOS2[],3,FALSE),\"\")","v":""},{"$f":"+IFERROR(VLOOKUP($A681,BD_INSUMOS2[],5,FALSE),\"\")","v":""},{"$f":"+IFERROR(VLOOKUP($A681,BD_INSUMOS2[],6,FALSE),\"\")","v":""},{"$f":"+IFERROR(VLOOKUP($A681,BD_INSUMOS2[],7,FALSE),\"\")","v":""},{"$f":"+IFERROR(VLOOKUP($A681,BD_INSUMOS2[],8,FALSE),\"\")","v":""}]
[671,{"$f":"+IFERROR(VLOOKUP($A682,BD_INSUMOS2[],3,FALSE),\"\")","v":""},{"$f":"+IFERROR(VLOOKUP($A682,BD_INSUMOS2[],5,FALSE),\"\")","v":""},{"$f":"+IFERROR(VLOOKUP($A682,BD_INSUMOS2[],6,FALSE),\"\")","v":""},{"$f":"+IFERROR(VLOOKUP($A682,BD_INSUMOS2[],7,FALSE),\"\")","v":""},{"$f":"+IFERROR(VLOOKUP($A682,BD_INSUMOS2[],8,FALSE),\"\")","v":""}]
[672,{"$f":"+IFERROR(VLOOKUP($A683,BD_INSUMOS2[],3,FALSE),\"\")","v":""},{"$f":"+IFERROR(VLOOKUP($A683,BD_INSUMOS2[],5,FALSE),\"\")","v":""},{"$f":"+IFERROR(VLOOKUP($A683,BD_INSUMOS2[],6,FALSE),\"\")","v":""},{"$f":"+IFERROR(VLOOKUP($A683,BD_INSUMOS2[],7,FALSE),\"\")","v":""},{"$f":"+IFERROR(VLOOKUP($A683,BD_INSUMOS2[],8,FALSE),\"\")","v":""}]
[673,{"$f":"+IFERROR(VLOOKUP($A684,BD_INSUMOS2[],3,FALSE),\"\")","v":""},{"$f":"+IFERROR(VLOOKUP($A684,BD_INSUMOS2[],5,FALSE),\"\")","v":""},{"$f":"+IFERROR(VLOOKUP($A684,BD_INSUMOS2[],6,FALSE),\"\")","v":""},{"$f":"+IFERROR(VLOOKUP($A684,BD_INSUMOS2[],7,FALSE),\"\")","v":""},{"$f":"+IFERROR(VLOOKUP($A684,BD_INSUMOS2[],8,FALSE),\"\")","v":""}]
[674,{"$f":"+IFERROR(VLOOKUP($A685,BD_INSUMOS2[],3,FALSE),\"\")","v":""},{"$f":"+IFERROR(VLOOKUP($A685,BD_INSUMOS2[],5,FALSE),\"\")","v":""},{"$f":"+IFERROR(VLOOKUP($A685,BD_INSUMOS2[],6,FALSE),\"\")","v":""},{"$f":"+IFERROR(VLOOKUP($A685,BD_INSUMOS2[],7,FALSE),\"\")","v":""},{"$f":"+IFERROR(VLOOKUP($A685,BD_INSUMOS2[],8,FALSE),\"\")","v":""}]
[675,{"$f":"+IFERROR(VLOOKUP($A686,BD_INSUMOS2[],3,FALSE),\"\")","v":""},{"$f":"+IFERROR(VLOOKUP($A686,BD_INSUMOS2[],5,FALSE),\"\")","v":""},{"$f":"+IFERROR(VLOOKUP($A686,BD_INSUMOS2[],6,FALSE),\"\")","v":""},{"$f":"+IFERROR(VLOOKUP($A686,BD_INSUMOS2[],7,FALSE),\"\")","v":""},{"$f":"+IFERROR(VLOOKUP($A686,BD_INSUMOS2[],8,FALSE),\"\")","v":""}]
[676,{"$f":"+IFERROR(VLOOKUP($A687,BD_INSUMOS2[],3,FALSE),\"\")","v":""},{"$f":"+IFERROR(VLOOKUP($A687,BD_INSUMOS2[],5,FALSE),\"\")","v":""},{"$f":"+IFERROR(VLOOKUP($A687,BD_INSUMOS2[],6,FALSE),\"\")","v":""},{"$f":"+IFERROR(VLOOKUP($A687,BD_INSUMOS2[],7,FALSE),\"\")","v":""},{"$f":"+IFERROR(VLOOKUP($A687,BD_INSUMOS2[],8,FALSE),\"\")","v":""}]
[677,{"$f":"+IFERROR(VLOOKUP($A688,BD_INSUMOS2[],3,FALSE),\"\")","v":""},{"$f":"+IFERROR(VLOOKUP($A688,BD_INSUMOS2[],5,FALSE),\"\")","v":""},{"$f":"+IFERROR(VLOOKUP($A688,BD_INSUMOS2[],6,FALSE),\"\")","v":""},{"$f":"+IFERROR(VLOOKUP($A688,BD_INSUMOS2[],7,FALSE),\"\")","v":""},{"$f":"+IFERROR(VLOOKUP($A688,BD_INSUMOS2[],8,FALSE),\"\")","v":""}]
[678,{"$f":"+IFERROR(VLOOKUP($A689,BD_INSUMOS2[],3,FALSE),\"\")","v":""},{"$f":"+IFERROR(VLOOKUP($A689,BD_INSUMOS2[],5,FALSE),\"\")","v":""},{"$f":"+IFERROR(VLOOKUP($A689,BD_INSUMOS2[],6,FALSE),\"\")","v":""},{"$f":"+IFERROR(VLOOKUP($A689,BD_INSUMOS2[],7,FALSE),\"\")","v":""},{"$f":"+IFERROR(VLOOKUP($A689,BD_INSUMOS2[],8,FALSE),\"\")","v":""}]
[679,{"$f":"+IFERROR(VLOOKUP($A690,BD_INSUMOS2[],3,FALSE),\"\")","v":""},{"$f":"+IFERROR(VLOOKUP($A690,BD_INSUMOS2[],5,FALSE),\"\")","v":""},{"$f":"+IFERROR(VLOOKUP($A690,BD_INSUMOS2[],6,FALSE),\"\")","v":""},{"$f":"+IFERROR(VLOOKUP($A690,BD_INSUMOS2[],7,FALSE),\"\")","v":""},{"$f":"+IFERROR(VLOOKUP($A690,BD_INSUMOS2[],8,FALSE),\"\")","v":""}]
[680,{"$f":"+IFERROR(VLOOKUP($A691,BD_INSUMOS2[],3,FALSE),\"\")","v":""},{"$f":"+IFERROR(VLOOKUP($A691,BD_INSUMOS2[],5,FALSE),\"\")","v":""},{"$f":"+IFERROR(VLOOKUP($A691,BD_INSUMOS2[],6,FALSE),\"\")","v":""},{"$f":"+IFERROR(VLOOKUP($A691,BD_INSUMOS2[],7,FALSE),\"\")","v":""},{"$f":"+IFERROR(VLOOKUP($A691,BD_INSUMOS2[],8,FALSE),\"\")","v":""}]
[681,{"$f":"+IFERROR(VLOOKUP($A692,BD_INSUMOS2[],3,FALSE),\"\")","v":""},{"$f":"+IFERROR(VLOOKUP($A692,BD_INSUMOS2[],5,FALSE),\"\")","v":""},{"$f":"+IFERROR(VLOOKUP($A692,BD_INSUMOS2[],6,FALSE),\"\")","v":""},{"$f":"+IFERROR(VLOOKUP($A692,BD_INSUMOS2[],7,FALSE),\"\")","v":""},{"$f":"+IFERROR(VLOOKUP($A692,BD_INSUMOS2[],8,FALSE),\"\")","v":""}]
[682,{"$f":"+IFERROR(VLOOKUP($A693,BD_INSUMOS2[],3,FALSE),\"\")","v":""},{"$f":"+IFERROR(VLOOKUP($A693,BD_INSUMOS2[],5,FALSE),\"\")","v":""},{"$f":"+IFERROR(VLOOKUP($A693,BD_INSUMOS2[],6,FALSE),\"\")","v":""},{"$f":"+IFERROR(VLOOKUP($A693,BD_INSUMOS2[],7,FALSE),\"\")","v":""},{"$f":"+IFERROR(VLOOKUP($A693,BD_INSUMOS2[],8,FALSE),\"\")","v":""}]
[683,{"$f":"+IFERROR(VLOOKUP($A694,BD_INSUMOS2[],3,FALSE),\"\")","v":""},{"$f":"+IFERROR(VLOOKUP($A694,BD_INSUMOS2[],5,FALSE),\"\")","v":""},{"$f":"+IFERROR(VLOOKUP($A694,BD_INSUMOS2[],6,FALSE),\"\")","v":""},{"$f":"+IFERROR(VLOOKUP($A694,BD_INSUMOS2[],7,FALSE),\"\")","v":""},{"$f":"+IFERROR(VLOOKUP($A694,BD_INSUMOS2[],8,FALSE),\"\")","v":""}]
[684,{"$f":"+IFERROR(VLOOKUP($A695,BD_INSUMOS2[],3,FALSE),\"\")","v":""},{"$f":"+IFERROR(VLOOKUP($A695,BD_INSUMOS2[],5,FALSE),\"\")","v":""},{"$f":"+IFERROR(VLOOKUP($A695,BD_INSUMOS2[],6,FALSE),\"\")","v":""},{"$f":"+IFERROR(VLOOKUP($A695,BD_INSUMOS2[],7,FALSE),\"\")","v":""},{"$f":"+IFERROR(VLOOKUP($A695,BD_INSUMOS2[],8,FALSE),\"\")","v":""}]
[685,{"$f":"+IFERROR(VLOOKUP($A696,BD_INSUMOS2[],3,FALSE),\"\")","v":""},{"$f":"+IFERROR(VLOOKUP($A696,BD_INSUMOS2[],5,FALSE),\"\")","v":""},{"$f":"+IFERROR(VLOOKUP($A696,BD_INSUMOS2[],6,FALSE),\"\")","v":""},{"$f":"+IFERROR(VLOOKUP($A696,BD_INSUMOS2[],7,FALSE),\"\")","v":""},{"$f":"+IFERROR(VLOOKUP($A696,BD_INSUMOS2[],8,FALSE),\"\")","v":""}]
[686,{"$f":"+IFERROR(VLOOKUP($A697,BD_INSUMOS2[],3,FALSE),\"\")","v":""},{"$f":"+IFERROR(VLOOKUP($A697,BD_INSUMOS2[],5,FALSE),\"\")","v":""},{"$f":"+IFERROR(VLOOKUP($A697,BD_INSUMOS2[],6,FALSE),\"\")","v":""},{"$f":"+IFERROR(VLOOKUP($A697,BD_INSUMOS2[],7,FALSE),\"\")","v":""},{"$f":"+IFERROR(VLOOKUP($A697,BD_INSUMOS2[],8,FALSE),\"\")","v":""}]
[687,{"$f":"+IFERROR(VLOOKUP($A698,BD_INSUMOS2[],3,FALSE),\"\")","v":""},{"$f":"+IFERROR(VLOOKUP($A698,BD_INSUMOS2[],5,FALSE),\"\")","v":""},{"$f":"+IFERROR(VLOOKUP($A698,BD_INSUMOS2[],6,FALSE),\"\")","v":""},{"$f":"+IFERROR(VLOOKUP($A698,BD_INSUMOS2[],7,FALSE),\"\")","v":""},{"$f":"+IFERROR(VLOOKUP($A698,BD_INSUMOS2[],8,FALSE),\"\")","v":""}]
[688,{"$f":"+IFERROR(VLOOKUP($A699,BD_INSUMOS2[],3,FALSE),\"\")","v":""},{"$f":"+IFERROR(VLOOKUP($A699,BD_INSUMOS2[],5,FALSE),\"\")","v":""},{"$f":"+IFERROR(VLOOKUP($A699,BD_INSUMOS2[],6,FALSE),\"\")","v":""},{"$f":"+IFERROR(VLOOKUP($A699,BD_INSUMOS2[],7,FALSE),\"\")","v":""},{"$f":"+IFERROR(VLOOKUP($A699,BD_INSUMOS2[],8,FALSE),\"\")","v":""}]
[689,{"$f":"+IFERROR(VLOOKUP($A700,BD_INSUMOS2[],3,FALSE),\"\")","v":""},{"$f":"+IFERROR(VLOOKUP($A700,BD_INSUMOS2[],5,FALSE),\"\")","v":""},{"$f":"+IFERROR(VLOOKUP($A700,BD_INSUMOS2[],6,FALSE),\"\")","v":""},{"$f":"+IFERROR(VLOOKUP($A700,BD_INSUMOS2[],7,FALSE),\"\")","v":""},{"$f":"+IFERROR(VLOOKUP($A700,BD_INSUMOS2[],8,FALSE),\"\")","v":""}]
[690,{"$f":"+IFERROR(VLOOKUP($A701,BD_INSUMOS2[],3,FALSE),\"\")","v":""},{"$f":"+IFERROR(VLOOKUP($A701,BD_INSUMOS2[],5,FALSE),\"\")","v":""},{"$f":"+IFERROR(VLOOKUP($A701,BD_INSUMOS2[],6,FALSE),\"\")","v":""},{"$f":"+IFERROR(VLOOKUP($A701,BD_INSUMOS2[],7,FALSE),\"\")","v":""},{"$f":"+IFERROR(VLOOKUP($A701,BD_INSUMOS2[],8,FALSE),\"\")","v":""}]
[691,{"$f":"+IFERROR(VLOOKUP($A702,BD_INSUMOS2[],3,FALSE),\"\")","v":""},{"$f":"+IFERROR(VLOOKUP($A702,BD_INSUMOS2[],5,FALSE),\"\")","v":""},{"$f":"+IFERROR(VLOOKUP($A702,BD_INSUMOS2[],6,FALSE),\"\")","v":""},{"$f":"+IFERROR(VLOOKUP($A702,BD_INSUMOS2[],7,FALSE),\"\")","v":""},{"$f":"+IFERROR(VLOOKUP($A702,BD_INSUMOS2[],8,FALSE),\"\")","v":""}]
[692,{"$f":"+IFERROR(VLOOKUP($A703,BD_INSUMOS2[],3,FALSE),\"\")","v":""},{"$f":"+IFERROR(VLOOKUP($A703,BD_INSUMOS2[],5,FALSE),\"\")","v":""},{"$f":"+IFERROR(VLOOKUP($A703,BD_INSUMOS2[],6,FALSE),\"\")","v":""},{"$f":"+IFERROR(VLOOKUP($A703,BD_INSUMOS2[],7,FALSE),\"\")","v":""},{"$f":"+IFERROR(VLOOKUP($A703,BD_INSUMOS2[],8,FALSE),\"\")","v":""}]
[693,{"$f":"+IFERROR(VLOOKUP($A704,BD_INSUMOS2[],3,FALSE),\"\")","v":""},{"$f":"+IFERROR(VLOOKUP($A704,BD_INSUMOS2[],5,FALSE),\"\")","v":""},{"$f":"+IFERROR(VLOOKUP($A704,BD_INSUMOS2[],6,FALSE),\"\")","v":""},{"$f":"+IFERROR(VLOOKUP($A704,BD_INSUMOS2[],7,FALSE),\"\")","v":""},{"$f":"+IFERROR(VLOOKUP($A704,BD_INSUMOS2[],8,FALSE),\"\")","v":""}]
[694,{"$f":"+IFERROR(VLOOKUP($A705,BD_INSUMOS2[],3,FALSE),\"\")","v":""},{"$f":"+IFERROR(VLOOKUP($A705,BD_INSUMOS2[],5,FALSE),\"\")","v":""},{"$f":"+IFERROR(VLOOKUP($A705,BD_INSUMOS2[],6,FALSE),\"\")","v":""},{"$f":"+IFERROR(VLOOKUP($A705,BD_INSUMOS2[],7,FALSE),\"\")","v":""},{"$f":"+IFERROR(VLOOKUP($A705,BD_INSUMOS2[],8,FALSE),\"\")","v":""}]
[695,{"$f":"+IFERROR(VLOOKUP($A706,BD_INSUMOS2[],3,FALSE),\"\")","v":""},{"$f":"+IFERROR(VLOOKUP($A706,BD_INSUMOS2[],5,FALSE),\"\")","v":""},{"$f":"+IFERROR(VLOOKUP($A706,BD_INSUMOS2[],6,FALSE),\"\")","v":""},{"$f":"+IFERROR(VLOOKUP($A706,BD_INSUMOS2[],7,FALSE),\"\")","v":""},{"$f":"+IFERROR(VLOOKUP($A706,BD_INSUMOS2[],8,FALSE),\"\")","v":""}]
[696,{"$f":"+IFERROR(VLOOKUP($A707,BD_INSUMOS2[],3,FALSE),\"\")","v":""},{"$f":"+IFERROR(VLOOKUP($A707,BD_INSUMOS2[],5,FALSE),\"\")","v":""},{"$f":"+IFERROR(VLOOKUP($A707,BD_INSUMOS2[],6,FALSE),\"\")","v":""},{"$f":"+IFERROR(VLOOKUP($A707,BD_INSUMOS2[],7,FALSE),\"\")","v":""},{"$f":"+IFERROR(VLOOKUP($A707,BD_INSUMOS2[],8,FALSE),\"\")","v":""}]
[697,{"$f":"+IFERROR(VLOOKUP($A708,BD_INSUMOS2[],3,FALSE),\"\")","v":""},{"$f":"+IFERROR(VLOOKUP($A708,BD_INSUMOS2[],5,FALSE),\"\")","v":""},{"$f":"+IFERROR(VLOOKUP($A708,BD_INSUMOS2[],6,FALSE),\"\")","v":""},{"$f":"+IFERROR(VLOOKUP($A708,BD_INSUMOS2[],7,FALSE),\"\")","v":""},{"$f":"+IFERROR(VLOOKUP($A708,BD_INSUMOS2[],8,FALSE),\"\")","v":""}]
[698,{"$f":"+IFERROR(VLOOKUP($A709,BD_INSUMOS2[],3,FALSE),\"\")","v":""},{"$f":"+IFERROR(VLOOKUP($A709,BD_INSUMOS2[],5,FALSE),\"\")","v":""},{"$f":"+IFERROR(VLOOKUP($A709,BD_INSUMOS2[],6,FALSE),\"\")","v":""},{"$f":"+IFERROR(VLOOKUP($A709,BD_INSUMOS2[],7,FALSE),\"\")","v":""},{"$f":"+IFERROR(VLOOKUP($A709,BD_INSUMOS2[],8,FALSE),\"\")","v":""}]
[699,{"$f":"+IFERROR(VLOOKUP($A710,BD_INSUMOS2[],3,FALSE),\"\")","v":""},{"$f":"+IFERROR(VLOOKUP($A710,BD_INSUMOS2[],5,FALSE),\"\")","v":""},{"$f":"+IFERROR(VLOOKUP($A710,BD_INSUMOS2[],6,FALSE),\"\")","v":""},{"$f":"+IFERROR(VLOOKUP($A710,BD_INSUMOS2[],7,FALSE),\"\")","v":""},{"$f":"+IFERROR(VLOOKUP($A710,BD_INSUMOS2[],8,FALSE),\"\")","v":""}]
[700,{"$f":"+IFERROR(VLOOKUP($A711,BD_INSUMOS2[],3,FALSE),\"\")","v":""},{"$f":"+IFERROR(VLOOKUP($A711,BD_INSUMOS2[],5,FALSE),\"\")","v":""},{"$f":"+IFERROR(VLOOKUP($A711,BD_INSUMOS2[],6,FALSE),\"\")","v":""},{"$f":"+IFERROR(VLOOKUP($A711,BD_INSUMOS2[],7,FALSE),\"\")","v":""},{"$f":"+IFERROR(VLOOKUP($A711,BD_INSUMOS2[],8,FALSE),\"\")","v":""}]
[701,{"$f":"+IFERROR(VLOOKUP($A712,BD_INSUMOS2[],3,FALSE),\"\")","v":""},{"$f":"+IFERROR(VLOOKUP($A712,BD_INSUMOS2[],5,FALSE),\"\")","v":""},{"$f":"+IFERROR(VLOOKUP($A712,BD_INSUMOS2[],6,FALSE),\"\")","v":""},{"$f":"+IFERROR(VLOOKUP($A712,BD_INSUMOS2[],7,FALSE),\"\")","v":""},{"$f":"+IFERROR(VLOOKUP($A712,BD_INSUMOS2[],8,FALSE),\"\")","v":""}]
[702,{"$f":"+IFERROR(VLOOKUP($A713,BD_INSUMOS2[],3,FALSE),\"\")","v":""},{"$f":"+IFERROR(VLOOKUP($A713,BD_INSUMOS2[],5,FALSE),\"\")","v":""},{"$f":"+IFERROR(VLOOKUP($A713,BD_INSUMOS2[],6,FALSE),\"\")","v":""},{"$f":"+IFERROR(VLOOKUP($A713,BD_INSUMOS2[],7,FALSE),\"\")","v":""},{"$f":"+IFERROR(VLOOKUP($A713,BD_INSUMOS2[],8,FALSE),\"\")","v":""}]
[703,{"$f":"+IFERROR(VLOOKUP($A714,BD_INSUMOS2[],3,FALSE),\"\")","v":""},{"$f":"+IFERROR(VLOOKUP($A714,BD_INSUMOS2[],5,FALSE),\"\")","v":""},{"$f":"+IFERROR(VLOOKUP($A714,BD_INSUMOS2[],6,FALSE),\"\")","v":""},{"$f":"+IFERROR(VLOOKUP($A714,BD_INSUMOS2[],7,FALSE),\"\")","v":""},{"$f":"+IFERROR(VLOOKUP($A714,BD_INSUMOS2[],8,FALSE),\"\")","v":""}]
[704,{"$f":"+IFERROR(VLOOKUP($A715,BD_INSUMOS2[],3,FALSE),\"\")","v":""},{"$f":"+IFERROR(VLOOKUP($A715,BD_INSUMOS2[],5,FALSE),\"\")","v":""},{"$f":"+IFERROR(VLOOKUP($A715,BD_INSUMOS2[],6,FALSE),\"\")","v":""},{"$f":"+IFERROR(VLOOKUP($A715,BD_INSUMOS2[],7,FALSE),\"\")","v":""},{"$f":"+IFERROR(VLOOKUP($A715,BD_INSUMOS2[],8,FALSE),\"\")","v":""}]
[705,{"$f":"+IFERROR(VLOOKUP($A716,BD_INSUMOS2[],3,FALSE),\"\")","v":""},{"$f":"+IFERROR(VLOOKUP($A716,BD_INSUMOS2[],5,FALSE),\"\")","v":""},{"$f":"+IFERROR(VLOOKUP($A716,BD_INSUMOS2[],6,FALSE),\"\")","v":""},{"$f":"+IFERROR(VLOOKUP($A716,BD_INSUMOS2[],7,FALSE),\"\")","v":""},{"$f":"+IFERROR(VLOOKUP($A716,BD_INSUMOS2[],8,FALSE),\"\")","v":""}]
[706,{"$f":"+IFERROR(VLOOKUP($A717,BD_INSUMOS2[],3,FALSE),\"\")","v":""},{"$f":"+IFERROR(VLOOKUP($A717,BD_INSUMOS2[],5,FALSE),\"\")","v":""},{"$f":"+IFERROR(VLOOKUP($A717,BD_INSUMOS2[],6,FALSE),\"\")","v":""},{"$f":"+IFERROR(VLOOKUP($A717,BD_INSUMOS2[],7,FALSE),\"\")","v":""},{"$f":"+IFERROR(VLOOKUP($A717,BD_INSUMOS2[],8,FALSE),\"\")","v":""}]
[707,{"$f":"+IFERROR(VLOOKUP($A718,BD_INSUMOS2[],3,FALSE),\"\")","v":""},{"$f":"+IFERROR(VLOOKUP($A718,BD_INSUMOS2[],5,FALSE),\"\")","v":""},{"$f":"+IFERROR(VLOOKUP($A718,BD_INSUMOS2[],6,FALSE),\"\")","v":""},{"$f":"+IFERROR(VLOOKUP($A718,BD_INSUMOS2[],7,FALSE),\"\")","v":""},{"$f":"+IFERROR(VLOOKUP($A718,BD_INSUMOS2[],8,FALSE),\"\")","v":""}]
[708,{"$f":"+IFERROR(VLOOKUP($A719,BD_INSUMOS2[],3,FALSE),\"\")","v":""},{"$f":"+IFERROR(VLOOKUP($A719,BD_INSUMOS2[],5,FALSE),\"\")","v":""},{"$f":"+IFERROR(VLOOKUP($A719,BD_INSUMOS2[],6,FALSE),\"\")","v":""},{"$f":"+IFERROR(VLOOKUP($A719,BD_INSUMOS2[],7,FALSE),\"\")","v":""},{"$f":"+IFERROR(VLOOKUP($A719,BD_INSUMOS2[],8,FALSE),\"\")","v":""}]
[709,{"$f":"+IFERROR(VLOOKUP($A720,BD_INSUMOS2[],3,FALSE),\"\")","v":""},{"$f":"+IFERROR(VLOOKUP($A720,BD_INSUMOS2[],5,FALSE),\"\")","v":""},{"$f":"+IFERROR(VLOOKUP($A720,BD_INSUMOS2[],6,FALSE),\"\")","v":""},{"$f":"+IFERROR(VLOOKUP($A720,BD_INSUMOS2[],7,FALSE),\"\")","v":""},{"$f":"+IFERROR(VLOOKUP($A720,BD_INSUMOS2[],8,FALSE),\"\")","v":""}]
[710,{"$f":"+IFERROR(VLOOKUP($A721,BD_INSUMOS2[],3,FALSE),\"\")","v":""},{"$f":"+IFERROR(VLOOKUP($A721,BD_INSUMOS2[],5,FALSE),\"\")","v":""},{"$f":"+IFERROR(VLOOKUP($A721,BD_INSUMOS2[],6,FALSE),\"\")","v":""},{"$f":"+IFERROR(VLOOKUP($A721,BD_INSUMOS2[],7,FALSE),\"\")","v":""},{"$f":"+IFERROR(VLOOKUP($A721,BD_INSUMOS2[],8,FALSE),\"\")","v":""}]
[711,{"$f":"+IFERROR(VLOOKUP($A722,BD_INSUMOS2[],3,FALSE),\"\")","v":""},{"$f":"+IFERROR(VLOOKUP($A722,BD_INSUMOS2[],5,FALSE),\"\")","v":""},{"$f":"+IFERROR(VLOOKUP($A722,BD_INSUMOS2[],6,FALSE),\"\")","v":""},{"$f":"+IFERROR(VLOOKUP($A722,BD_INSUMOS2[],7,FALSE),\"\")","v":""},{"$f":"+IFERROR(VLOOKUP($A722,BD_INSUMOS2[],8,FALSE),\"\")","v":""}]
[712,{"$f":"+IFERROR(VLOOKUP($A723,BD_INSUMOS2[],3,FALSE),\"\")","v":""},{"$f":"+IFERROR(VLOOKUP($A723,BD_INSUMOS2[],5,FALSE),\"\")","v":""},{"$f":"+IFERROR(VLOOKUP($A723,BD_INSUMOS2[],6,FALSE),\"\")","v":""},{"$f":"+IFERROR(VLOOKUP($A723,BD_INSUMOS2[],7,FALSE),\"\")","v":""},{"$f":"+IFERROR(VLOOKUP($A723,BD_INSUMOS2[],8,FALSE),\"\")","v":""}]
[713,{"$f":"+IFERROR(VLOOKUP($A724,BD_INSUMOS2[],3,FALSE),\"\")","v":""},{"$f":"+IFERROR(VLOOKUP($A724,BD_INSUMOS2[],5,FALSE),\"\")","v":""},{"$f":"+IFERROR(VLOOKUP($A724,BD_INSUMOS2[],6,FALSE),\"\")","v":""},{"$f":"+IFERROR(VLOOKUP($A724,BD_INSUMOS2[],7,FALSE),\"\")","v":""},{"$f":"+IFERROR(VLOOKUP($A724,BD_INSUMOS2[],8,FALSE),\"\")","v":""}]
[714,{"$f":"+IFERROR(VLOOKUP($A725,BD_INSUMOS2[],3,FALSE),\"\")","v":""},{"$f":"+IFERROR(VLOOKUP($A725,BD_INSUMOS2[],5,FALSE),\"\")","v":""},{"$f":"+IFERROR(VLOOKUP($A725,BD_INSUMOS2[],6,FALSE),\"\")","v":""},{"$f":"+IFERROR(VLOOKUP($A725,BD_INSUMOS2[],7,FALSE),\"\")","v":""},{"$f":"+IFERROR(VLOOKUP($A725,BD_INSUMOS2[],8,FALSE),\"\")","v":""}]
[715,{"$f":"+IFERROR(VLOOKUP($A726,BD_INSUMOS2[],3,FALSE),\"\")","v":""},{"$f":"+IFERROR(VLOOKUP($A726,BD_INSUMOS2[],5,FALSE),\"\")","v":""},{"$f":"+IFERROR(VLOOKUP($A726,BD_INSUMOS2[],6,FALSE),\"\")","v":""},{"$f":"+IFERROR(VLOOKUP($A726,BD_INSUMOS2[],7,FALSE),\"\")","v":""},{"$f":"+IFERROR(VLOOKUP($A726,BD_INSUMOS2[],8,FALSE),\"\")","v":""}]
[716,{"$f":"+IFERROR(VLOOKUP($A727,BD_INSUMOS2[],3,FALSE),\"\")","v":""},{"$f":"+IFERROR(VLOOKUP($A727,BD_INSUMOS2[],5,FALSE),\"\")","v":""},{"$f":"+IFERROR(VLOOKUP($A727,BD_INSUMOS2[],6,FALSE),\"\")","v":""},{"$f":"+IFERROR(VLOOKUP($A727,BD_INSUMOS2[],7,FALSE),\"\")","v":""},{"$f":"+IFERROR(VLOOKUP($A727,BD_INSUMOS2[],8,FALSE),\"\")","v":""}]
[717,{"$f":"+IFERROR(VLOOKUP($A728,BD_INSUMOS2[],3,FALSE),\"\")","v":""},{"$f":"+IFERROR(VLOOKUP($A728,BD_INSUMOS2[],5,FALSE),\"\")","v":""},{"$f":"+IFERROR(VLOOKUP($A728,BD_INSUMOS2[],6,FALSE),\"\")","v":""},{"$f":"+IFERROR(VLOOKUP($A728,BD_INSUMOS2[],7,FALSE),\"\")","v":""},{"$f":"+IFERROR(VLOOKUP($A728,BD_INSUMOS2[],8,FALSE),\"\")","v":""}]
[718,{"$f":"+IFERROR(VLOOKUP($A729,BD_INSUMOS2[],3,FALSE),\"\")","v":""},{"$f":"+IFERROR(VLOOKUP($A729,BD_INSUMOS2[],5,FALSE),\"\")","v":""},{"$f":"+IFERROR(VLOOKUP($A729,BD_INSUMOS2[],6,FALSE),\"\")","v":""},{"$f":"+IFERROR(VLOOKUP($A729,BD_INSUMOS2[],7,FALSE),\"\")","v":""},{"$f":"+IFERROR(VLOOKUP($A729,BD_INSUMOS2[],8,FALSE),\"\")","v":""}]
[719,{"$f":"+IFERROR(VLOOKUP($A730,BD_INSUMOS2[],3,FALSE),\"\")","v":""},{"$f":"+IFERROR(VLOOKUP($A730,BD_INSUMOS2[],5,FALSE),\"\")","v":""},{"$f":"+IFERROR(VLOOKUP($A730,BD_INSUMOS2[],6,FALSE),\"\")","v":""},{"$f":"+IFERROR(VLOOKUP($A730,BD_INSUMOS2[],7,FALSE),\"\")","v":""},{"$f":"+IFERROR(VLOOKUP($A730,BD_INSUMOS2[],8,FALSE),\"\")","v":""}]
[720,{"$f":"+IFERROR(VLOOKUP($A731,BD_INSUMOS2[],3,FALSE),\"\")","v":""},{"$f":"+IFERROR(VLOOKUP($A731,BD_INSUMOS2[],5,FALSE),\"\")","v":""},{"$f":"+IFERROR(VLOOKUP($A731,BD_INSUMOS2[],6,FALSE),\"\")","v":""},{"$f":"+IFERROR(VLOOKUP($A731,BD_INSUMOS2[],7,FALSE),\"\")","v":""},{"$f":"+IFERROR(VLOOKUP($A731,BD_INSUMOS2[],8,FALSE),\"\")","v":""}]
[721,{"$f":"+IFERROR(VLOOKUP($A732,BD_INSUMOS2[],3,FALSE),\"\")","v":""},{"$f":"+IFERROR(VLOOKUP($A732,BD_INSUMOS2[],5,FALSE),\"\")","v":""},{"$f":"+IFERROR(VLOOKUP($A732,BD_INSUMOS2[],6,FALSE),\"\")","v":""},{"$f":"+IFERROR(VLOOKUP($A732,BD_INSUMOS2[],7,FALSE),\"\")","v":""},{"$f":"+IFERROR(VLOOKUP($A732,BD_INSUMOS2[],8,FALSE),\"\")","v":""}]
[722,{"$f":"+IFERROR(VLOOKUP($A733,BD_INSUMOS2[],3,FALSE),\"\")","v":""},{"$f":"+IFERROR(VLOOKUP($A733,BD_INSUMOS2[],5,FALSE),\"\")","v":""},{"$f":"+IFERROR(VLOOKUP($A733,BD_INSUMOS2[],6,FALSE),\"\")","v":""},{"$f":"+IFERROR(VLOOKUP($A733,BD_INSUMOS2[],7,FALSE),\"\")","v":""},{"$f":"+IFERROR(VLOOKUP($A733,BD_INSUMOS2[],8,FALSE),\"\")","v":""}]
[723,{"$f":"+IFERROR(VLOOKUP($A734,BD_INSUMOS2[],3,FALSE),\"\")","v":""},{"$f":"+IFERROR(VLOOKUP($A734,BD_INSUMOS2[],5,FALSE),\"\")","v":""},{"$f":"+IFERROR(VLOOKUP($A734,BD_INSUMOS2[],6,FALSE),\"\")","v":""},{"$f":"+IFERROR(VLOOKUP($A734,BD_INSUMOS2[],7,FALSE),\"\")","v":""},{"$f":"+IFERROR(VLOOKUP($A734,BD_INSUMOS2[],8,FALSE),\"\")","v":""}]
[724,{"$f":"+IFERROR(VLOOKUP($A735,BD_INSUMOS2[],3,FALSE),\"\")","v":""},{"$f":"+IFERROR(VLOOKUP($A735,BD_INSUMOS2[],5,FALSE),\"\")","v":""},{"$f":"+IFERROR(VLOOKUP($A735,BD_INSUMOS2[],6,FALSE),\"\")","v":""},{"$f":"+IFERROR(VLOOKUP($A735,BD_INSUMOS2[],7,FALSE),\"\")","v":""},{"$f":"+IFERROR(VLOOKUP($A735,BD_INSUMOS2[],8,FALSE),\"\")","v":""}]
[725,{"$f":"+IFERROR(VLOOKUP($A736,BD_INSUMOS2[],3,FALSE),\"\")","v":""},{"$f":"+IFERROR(VLOOKUP($A736,BD_INSUMOS2[],5,FALSE),\"\")","v":""},{"$f":"+IFERROR(VLOOKUP($A736,BD_INSUMOS2[],6,FALSE),\"\")","v":""},{"$f":"+IFERROR(VLOOKUP($A736,BD_INSUMOS2[],7,FALSE),\"\")","v":""},{"$f":"+IFERROR(VLOOKUP($A736,BD_INSUMOS2[],8,FALSE),\"\")","v":""}]
[726,{"$f":"+IFERROR(VLOOKUP($A737,BD_INSUMOS2[],3,FALSE),\"\")","v":""},{"$f":"+IFERROR(VLOOKUP($A737,BD_INSUMOS2[],5,FALSE),\"\")","v":""},{"$f":"+IFERROR(VLOOKUP($A737,BD_INSUMOS2[],6,FALSE),\"\")","v":""},{"$f":"+IFERROR(VLOOKUP($A737,BD_INSUMOS2[],7,FALSE),\"\")","v":""},{"$f":"+IFERROR(VLOOKUP($A737,BD_INSUMOS2[],8,FALSE),\"\")","v":""}]
[727,{"$f":"+IFERROR(VLOOKUP($A738,BD_INSUMOS2[],3,FALSE),\"\")","v":""},{"$f":"+IFERROR(VLOOKUP($A738,BD_INSUMOS2[],5,FALSE),\"\")","v":""},{"$f":"+IFERROR(VLOOKUP($A738,BD_INSUMOS2[],6,FALSE),\"\")","v":""},{"$f":"+IFERROR(VLOOKUP($A738,BD_INSUMOS2[],7,FALSE),\"\")","v":""},{"$f":"+IFERROR(VLOOKUP($A738,BD_INSUMOS2[],8,FALSE),\"\")","v":""}]
[728,{"$f":"+IFERROR(VLOOKUP($A739,BD_INSUMOS2[],3,FALSE),\"\")","v":""},{"$f":"+IFERROR(VLOOKUP($A739,BD_INSUMOS2[],5,FALSE),\"\")","v":""},{"$f":"+IFERROR(VLOOKUP($A739,BD_INSUMOS2[],6,FALSE),\"\")","v":""},{"$f":"+IFERROR(VLOOKUP($A739,BD_INSUMOS2[],7,FALSE),\"\")","v":""},{"$f":"+IFERROR(VLOOKUP($A739,BD_INSUMOS2[],8,FALSE),\"\")","v":""}]
[729,{"$f":"+IFERROR(VLOOKUP($A740,BD_INSUMOS2[],3,FALSE),\"\")","v":""},{"$f":"+IFERROR(VLOOKUP($A740,BD_INSUMOS2[],5,FALSE),\"\")","v":""},{"$f":"+IFERROR(VLOOKUP($A740,BD_INSUMOS2[],6,FALSE),\"\")","v":""},{"$f":"+IFERROR(VLOOKUP($A740,BD_INSUMOS2[],7,FALSE),\"\")","v":""},{"$f":"+IFERROR(VLOOKUP($A740,BD_INSUMOS2[],8,FALSE),\"\")","v":""}]
[730,{"$f":"+IFERROR(VLOOKUP($A741,BD_INSUMOS2[],3,FALSE),\"\")","v":""},{"$f":"+IFERROR(VLOOKUP($A741,BD_INSUMOS2[],5,FALSE),\"\")","v":""},{"$f":"+IFERROR(VLOOKUP($A741,BD_INSUMOS2[],6,FALSE),\"\")","v":""},{"$f":"+IFERROR(VLOOKUP($A741,BD_INSUMOS2[],7,FALSE),\"\")","v":""},{"$f":"+IFERROR(VLOOKUP($A741,BD_INSUMOS2[],8,FALSE),\"\")","v":""}]
[731,{"$f":"+IFERROR(VLOOKUP($A742,BD_INSUMOS2[],3,FALSE),\"\")","v":""},{"$f":"+IFERROR(VLOOKUP($A742,BD_INSUMOS2[],5,FALSE),\"\")","v":""},{"$f":"+IFERROR(VLOOKUP($A742,BD_INSUMOS2[],6,FALSE),\"\")","v":""},{"$f":"+IFERROR(VLOOKUP($A742,BD_INSUMOS2[],7,FALSE),\"\")","v":""},{"$f":"+IFERROR(VLOOKUP($A742,BD_INSUMOS2[],8,FALSE),\"\")","v":""}]
[732,{"$f":"+IFERROR(VLOOKUP($A743,BD_INSUMOS2[],3,FALSE),\"\")","v":""},{"$f":"+IFERROR(VLOOKUP($A743,BD_INSUMOS2[],5,FALSE),\"\")","v":""},{"$f":"+IFERROR(VLOOKUP($A743,BD_INSUMOS2[],6,FALSE),\"\")","v":""},{"$f":"+IFERROR(VLOOKUP($A743,BD_INSUMOS2[],7,FALSE),\"\")","v":""},{"$f":"+IFERROR(VLOOKUP($A743,BD_INSUMOS2[],8,FALSE),\"\")","v":""}]
[733,{"$f":"+IFERROR(VLOOKUP($A744,BD_INSUMOS2[],3,FALSE),\"\")","v":""},{"$f":"+IFERROR(VLOOKUP($A744,BD_INSUMOS2[],5,FALSE),\"\")","v":""},{"$f":"+IFERROR(VLOOKUP($A744,BD_INSUMOS2[],6,FALSE),\"\")","v":""},{"$f":"+IFERROR(VLOOKUP($A744,BD_INSUMOS2[],7,FALSE),\"\")","v":""},{"$f":"+IFERROR(VLOOKUP($A744,BD_INSUMOS2[],8,FALSE),\"\")","v":""}]
[734,{"$f":"+IFERROR(VLOOKUP($A745,BD_INSUMOS2[],3,FALSE),\"\")","v":""},{"$f":"+IFERROR(VLOOKUP($A745,BD_INSUMOS2[],5,FALSE),\"\")","v":""},{"$f":"+IFERROR(VLOOKUP($A745,BD_INSUMOS2[],6,FALSE),\"\")","v":""},{"$f":"+IFERROR(VLOOKUP($A745,BD_INSUMOS2[],7,FALSE),\"\")","v":""},{"$f":"+IFERROR(VLOOKUP($A745,BD_INSUMOS2[],8,FALSE),\"\")","v":""}]
[735,{"$f":"+IFERROR(VLOOKUP($A746,BD_INSUMOS2[],3,FALSE),\"\")","v":""},{"$f":"+IFERROR(VLOOKUP($A746,BD_INSUMOS2[],5,FALSE),\"\")","v":""},{"$f":"+IFERROR(VLOOKUP($A746,BD_INSUMOS2[],6,FALSE),\"\")","v":""},{"$f":"+IFERROR(VLOOKUP($A746,BD_INSUMOS2[],7,FALSE),\"\")","v":""},{"$f":"+IFERROR(VLOOKUP($A746,BD_INSUMOS2[],8,FALSE),\"\")","v":""}]
[736,{"$f":"+IFERROR(VLOOKUP($A747,BD_INSUMOS2[],3,FALSE),\"\")","v":""},{"$f":"+IFERROR(VLOOKUP($A747,BD_INSUMOS2[],5,FALSE),\"\")","v":""},{"$f":"+IFERROR(VLOOKUP($A747,BD_INSUMOS2[],6,FALSE),\"\")","v":""},{"$f":"+IFERROR(VLOOKUP($A747,BD_INSUMOS2[],7,FALSE),\"\")","v":""},{"$f":"+IFERROR(VLOOKUP($A747,BD_INSUMOS2[],8,FALSE),\"\")","v":""}]
[737,{"$f":"+IFERROR(VLOOKUP($A748,BD_INSUMOS2[],3,FALSE),\"\")","v":""},{"$f":"+IFERROR(VLOOKUP($A748,BD_INSUMOS2[],5,FALSE),\"\")","v":""},{"$f":"+IFERROR(VLOOKUP($A748,BD_INSUMOS2[],6,FALSE),\"\")","v":""},{"$f":"+IFERROR(VLOOKUP($A748,BD_INSUMOS2[],7,FALSE),\"\")","v":""},{"$f":"+IFERROR(VLOOKUP($A748,BD_INSUMOS2[],8,FALSE),\"\")","v":""}]
[738,{"$f":"+IFERROR(VLOOKUP($A749,BD_INSUMOS2[],3,FALSE),\"\")","v":""},{"$f":"+IFERROR(VLOOKUP($A749,BD_INSUMOS2[],5,FALSE),\"\")","v":""},{"$f":"+IFERROR(VLOOKUP($A749,BD_INSUMOS2[],6,FALSE),\"\")","v":""},{"$f":"+IFERROR(VLOOKUP($A749,BD_INSUMOS2[],7,FALSE),\"\")","v":""},{"$f":"+IFERROR(VLOOKUP($A749,BD_INSUMOS2[],8,FALSE),\"\")","v":""}]
[739,{"$f":"+IFERROR(VLOOKUP($A750,BD_INSUMOS2[],3,FALSE),\"\")","v":""},{"$f":"+IFERROR(VLOOKUP($A750,BD_INSUMOS2[],5,FALSE),\"\")","v":""},{"$f":"+IFERROR(VLOOKUP($A750,BD_INSUMOS2[],6,FALSE),\"\")","v":""},{"$f":"+IFERROR(VLOOKUP($A750,BD_INSUMOS2[],7,FALSE),\"\")","v":""},{"$f":"+IFERROR(VLOOKUP($A750,BD_INSUMOS2[],8,FALSE),\"\")","v":""}]
[740,{"$f":"+IFERROR(VLOOKUP($A751,BD_INSUMOS2[],3,FALSE),\"\")","v":""},{"$f":"+IFERROR(VLOOKUP($A751,BD_INSUMOS2[],5,FALSE),\"\")","v":""},{"$f":"+IFERROR(VLOOKUP($A751,BD_INSUMOS2[],6,FALSE),\"\")","v":""},{"$f":"+IFERROR(VLOOKUP($A751,BD_INSUMOS2[],7,FALSE),\"\")","v":""},{"$f":"+IFERROR(VLOOKUP($A751,BD_INSUMOS2[],8,FALSE),\"\")","v":""}]
[741,{"$f":"+IFERROR(VLOOKUP($A752,BD_INSUMOS2[],3,FALSE),\"\")","v":""},{"$f":"+IFERROR(VLOOKUP($A752,BD_INSUMOS2[],5,FALSE),\"\")","v":""},{"$f":"+IFERROR(VLOOKUP($A752,BD_INSUMOS2[],6,FALSE),\"\")","v":""},{"$f":"+IFERROR(VLOOKUP($A752,BD_INSUMOS2[],7,FALSE),\"\")","v":""},{"$f":"+IFERROR(VLOOKUP($A752,BD_INSUMOS2[],8,FALSE),\"\")","v":""}]
[742,{"$f":"+IFERROR(VLOOKUP($A753,BD_INSUMOS2[],3,FALSE),\"\")","v":""},{"$f":"+IFERROR(VLOOKUP($A753,BD_INSUMOS2[],5,FALSE),\"\")","v":""},{"$f":"+IFERROR(VLOOKUP($A753,BD_INSUMOS2[],6,FALSE),\"\")","v":""},{"$f":"+IFERROR(VLOOKUP($A753,BD_INSUMOS2[],7,FALSE),\"\")","v":""},{"$f":"+IFERROR(VLOOKUP($A753,BD_INSUMOS2[],8,FALSE),\"\")","v":""}]
[743,{"$f":"+IFERROR(VLOOKUP($A754,BD_INSUMOS2[],3,FALSE),\"\")","v":""},{"$f":"+IFERROR(VLOOKUP($A754,BD_INSUMOS2[],5,FALSE),\"\")","v":""},{"$f":"+IFERROR(VLOOKUP($A754,BD_INSUMOS2[],6,FALSE),\"\")","v":""},{"$f":"+IFERROR(VLOOKUP($A754,BD_INSUMOS2[],7,FALSE),\"\")","v":""},{"$f":"+IFERROR(VLOOKUP($A754,BD_INSUMOS2[],8,FALSE),\"\")","v":""}]
[744,{"$f":"+IFERROR(VLOOKUP($A755,BD_INSUMOS2[],3,FALSE),\"\")","v":""},{"$f":"+IFERROR(VLOOKUP($A755,BD_INSUMOS2[],5,FALSE),\"\")","v":""},{"$f":"+IFERROR(VLOOKUP($A755,BD_INSUMOS2[],6,FALSE),\"\")","v":""},{"$f":"+IFERROR(VLOOKUP($A755,BD_INSUMOS2[],7,FALSE),\"\")","v":""},{"$f":"+IFERROR(VLOOKUP($A755,BD_INSUMOS2[],8,FALSE),\"\")","v":""}]
[745,{"$f":"+IFERROR(VLOOKUP($A756,BD_INSUMOS2[],3,FALSE),\"\")","v":""},{"$f":"+IFERROR(VLOOKUP($A756,BD_INSUMOS2[],5,FALSE),\"\")","v":""},{"$f":"+IFERROR(VLOOKUP($A756,BD_INSUMOS2[],6,FALSE),\"\")","v":""},{"$f":"+IFERROR(VLOOKUP($A756,BD_INSUMOS2[],7,FALSE),\"\")","v":""},{"$f":"+IFERROR(VLOOKUP($A756,BD_INSUMOS2[],8,FALSE),\"\")","v":""}]
[746,{"$f":"+IFERROR(VLOOKUP($A757,BD_INSUMOS2[],3,FALSE),\"\")","v":""},{"$f":"+IFERROR(VLOOKUP($A757,BD_INSUMOS2[],5,FALSE),\"\")","v":""},{"$f":"+IFERROR(VLOOKUP($A757,BD_INSUMOS2[],6,FALSE),\"\")","v":""},{"$f":"+IFERROR(VLOOKUP($A757,BD_INSUMOS2[],7,FALSE),\"\")","v":""},{"$f":"+IFERROR(VLOOKUP($A757,BD_INSUMOS2[],8,FALSE),\"\")","v":""}]
[747,{"$f":"+IFERROR(VLOOKUP($A758,BD_INSUMOS2[],3,FALSE),\"\")","v":""},{"$f":"+IFERROR(VLOOKUP($A758,BD_INSUMOS2[],5,FALSE),\"\")","v":""},{"$f":"+IFERROR(VLOOKUP($A758,BD_INSUMOS2[],6,FALSE),\"\")","v":""},{"$f":"+IFERROR(VLOOKUP($A758,BD_INSUMOS2[],7,FALSE),\"\")","v":""},{"$f":"+IFERROR(VLOOKUP($A758,BD_INSUMOS2[],8,FALSE),\"\")","v":""}]
[748,{"$f":"+IFERROR(VLOOKUP($A759,BD_INSUMOS2[],3,FALSE),\"\")","v":""},{"$f":"+IFERROR(VLOOKUP($A759,BD_INSUMOS2[],5,FALSE),\"\")","v":""},{"$f":"+IFERROR(VLOOKUP($A759,BD_INSUMOS2[],6,FALSE),\"\")","v":""},{"$f":"+IFERROR(VLOOKUP($A759,BD_INSUMOS2[],7,FALSE),\"\")","v":""},{"$f":"+IFERROR(VLOOKUP($A759,BD_INSUMOS2[],8,FALSE),\"\")","v":""}]
[749,{"$f":"+IFERROR(VLOOKUP($A760,BD_INSUMOS2[],3,FALSE),\"\")","v":""},{"$f":"+IFERROR(VLOOKUP($A760,BD_INSUMOS2[],5,FALSE),\"\")","v":""},{"$f":"+IFERROR(VLOOKUP($A760,BD_INSUMOS2[],6,FALSE),\"\")","v":""},{"$f":"+IFERROR(VLOOKUP($A760,BD_INSUMOS2[],7,FALSE),\"\")","v":""},{"$f":"+IFERROR(VLOOKUP($A760,BD_INSUMOS2[],8,FALSE),\"\")","v":""}]
[750,{"$f":"+IFERROR(VLOOKUP($A761,BD_INSUMOS2[],3,FALSE),\"\")","v":""},{"$f":"+IFERROR(VLOOKUP($A761,BD_INSUMOS2[],5,FALSE),\"\")","v":""},{"$f":"+IFERROR(VLOOKUP($A761,BD_INSUMOS2[],6,FALSE),\"\")","v":""},{"$f":"+IFERROR(VLOOKUP($A761,BD_INSUMOS2[],7,FALSE),\"\")","v":""},{"$f":"+IFERROR(VLOOKUP($A761,BD_INSUMOS2[],8,FALSE),\"\")","v":""}]
[751,{"$f":"+IFERROR(VLOOKUP($A762,BD_INSUMOS2[],3,FALSE),\"\")","v":""},{"$f":"+IFERROR(VLOOKUP($A762,BD_INSUMOS2[],5,FALSE),\"\")","v":""},{"$f":"+IFERROR(VLOOKUP($A762,BD_INSUMOS2[],6,FALSE),\"\")","v":""},{"$f":"+IFERROR(VLOOKUP($A762,BD_INSUMOS2[],7,FALSE),\"\")","v":""},{"$f":"+IFERROR(VLOOKUP($A762,BD_INSUMOS2[],8,FALSE),\"\")","v":""}]
[752,{"$f":"+IFERROR(VLOOKUP($A763,BD_INSUMOS2[],3,FALSE),\"\")","v":""},{"$f":"+IFERROR(VLOOKUP($A763,BD_INSUMOS2[],5,FALSE),\"\")","v":""},{"$f":"+IFERROR(VLOOKUP($A763,BD_INSUMOS2[],6,FALSE),\"\")","v":""},{"$f":"+IFERROR(VLOOKUP($A763,BD_INSUMOS2[],7,FALSE),\"\")","v":""},{"$f":"+IFERROR(VLOOKUP($A763,BD_INSUMOS2[],8,FALSE),\"\")","v":""}]
[753,{"$f":"+IFERROR(VLOOKUP($A764,BD_INSUMOS2[],3,FALSE),\"\")","v":""},{"$f":"+IFERROR(VLOOKUP($A764,BD_INSUMOS2[],5,FALSE),\"\")","v":""},{"$f":"+IFERROR(VLOOKUP($A764,BD_INSUMOS2[],6,FALSE),\"\")","v":""},{"$f":"+IFERROR(VLOOKUP($A764,BD_INSUMOS2[],7,FALSE),\"\")","v":""},{"$f":"+IFERROR(VLOOKUP($A764,BD_INSUMOS2[],8,FALSE),\"\")","v":""}]
[754,{"$f":"+IFERROR(VLOOKUP($A765,BD_INSUMOS2[],3,FALSE),\"\")","v":""},{"$f":"+IFERROR(VLOOKUP($A765,BD_INSUMOS2[],5,FALSE),\"\")","v":""},{"$f":"+IFERROR(VLOOKUP($A765,BD_INSUMOS2[],6,FALSE),\"\")","v":""},{"$f":"+IFERROR(VLOOKUP($A765,BD_INSUMOS2[],7,FALSE),\"\")","v":""},{"$f":"+IFERROR(VLOOKUP($A765,BD_INSUMOS2[],8,FALSE),\"\")","v":""}]
[755,{"$f":"+IFERROR(VLOOKUP($A766,BD_INSUMOS2[],3,FALSE),\"\")","v":""},{"$f":"+IFERROR(VLOOKUP($A766,BD_INSUMOS2[],5,FALSE),\"\")","v":""},{"$f":"+IFERROR(VLOOKUP($A766,BD_INSUMOS2[],6,FALSE),\"\")","v":""},{"$f":"+IFERROR(VLOOKUP($A766,BD_INSUMOS2[],7,FALSE),\"\")","v":""},{"$f":"+IFERROR(VLOOKUP($A766,BD_INSUMOS2[],8,FALSE),\"\")","v":""}]
[756,{"$f":"+IFERROR(VLOOKUP($A767,BD_INSUMOS2[],3,FALSE),\"\")","v":""},{"$f":"+IFERROR(VLOOKUP($A767,BD_INSUMOS2[],5,FALSE),\"\")","v":""},{"$f":"+IFERROR(VLOOKUP($A767,BD_INSUMOS2[],6,FALSE),\"\")","v":""},{"$f":"+IFERROR(VLOOKUP($A767,BD_INSUMOS2[],7,FALSE),\"\")","v":""},{"$f":"+IFERROR(VLOOKUP($A767,BD_INSUMOS2[],8,FALSE),\"\")","v":""}]
[757,{"$f":"+IFERROR(VLOOKUP($A768,BD_INSUMOS2[],3,FALSE),\"\")","v":""},{"$f":"+IFERROR(VLOOKUP($A768,BD_INSUMOS2[],5,FALSE),\"\")","v":""},{"$f":"+IFERROR(VLOOKUP($A768,BD_INSUMOS2[],6,FALSE),\"\")","v":""},{"$f":"+IFERROR(VLOOKUP($A768,BD_INSUMOS2[],7,FALSE),\"\")","v":""},{"$f":"+IFERROR(VLOOKUP($A768,BD_INSUMOS2[],8,FALSE),\"\")","v":""}]
[758,{"$f":"+IFERROR(VLOOKUP($A769,BD_INSUMOS2[],3,FALSE),\"\")","v":""},{"$f":"+IFERROR(VLOOKUP($A769,BD_INSUMOS2[],5,FALSE),\"\")","v":""},{"$f":"+IFERROR(VLOOKUP($A769,BD_INSUMOS2[],6,FALSE),\"\")","v":""},{"$f":"+IFERROR(VLOOKUP($A769,BD_INSUMOS2[],7,FALSE),\"\")","v":""},{"$f":"+IFERROR(VLOOKUP($A769,BD_INSUMOS2[],8,FALSE),\"\")","v":""}]
[759,{"$f":"+IFERROR(VLOOKUP($A770,BD_INSUMOS2[],3,FALSE),\"\")","v":""},{"$f":"+IFERROR(VLOOKUP($A770,BD_INSUMOS2[],5,FALSE),\"\")","v":""},{"$f":"+IFERROR(VLOOKUP($A770,BD_INSUMOS2[],6,FALSE),\"\")","v":""},{"$f":"+IFERROR(VLOOKUP($A770,BD_INSUMOS2[],7,FALSE),\"\")","v":""},{"$f":"+IFERROR(VLOOKUP($A770,BD_INSUMOS2[],8,FALSE),\"\")","v":""}]
[760,{"$f":"+IFERROR(VLOOKUP($A771,BD_INSUMOS2[],3,FALSE),\"\")","v":""},{"$f":"+IFERROR(VLOOKUP($A771,BD_INSUMOS2[],5,FALSE),\"\")","v":""},{"$f":"+IFERROR(VLOOKUP($A771,BD_INSUMOS2[],6,FALSE),\"\")","v":""},{"$f":"+IFERROR(VLOOKUP($A771,BD_INSUMOS2[],7,FALSE),\"\")","v":""},{"$f":"+IFERROR(VLOOKUP($A771,BD_INSUMOS2[],8,FALSE),\"\")","v":""}]
[761,{"$f":"+IFERROR(VLOOKUP($A772,BD_INSUMOS2[],3,FALSE),\"\")","v":""},{"$f":"+IFERROR(VLOOKUP($A772,BD_INSUMOS2[],5,FALSE),\"\")","v":""},{"$f":"+IFERROR(VLOOKUP($A772,BD_INSUMOS2[],6,FALSE),\"\")","v":""},{"$f":"+IFERROR(VLOOKUP($A772,BD_INSUMOS2[],7,FALSE),\"\")","v":""},{"$f":"+IFERROR(VLOOKUP($A772,BD_INSUMOS2[],8,FALSE),\"\")","v":""}]
[762,{"$f":"+IFERROR(VLOOKUP($A773,BD_INSUMOS2[],3,FALSE),\"\")","v":""},{"$f":"+IFERROR(VLOOKUP($A773,BD_INSUMOS2[],5,FALSE),\"\")","v":""},{"$f":"+IFERROR(VLOOKUP($A773,BD_INSUMOS2[],6,FALSE),\"\")","v":""},{"$f":"+IFERROR(VLOOKUP($A773,BD_INSUMOS2[],7,FALSE),\"\")","v":""},{"$f":"+IFERROR(VLOOKUP($A773,BD_INSUMOS2[],8,FALSE),\"\")","v":""}]
[763,{"$f":"+IFERROR(VLOOKUP($A774,BD_INSUMOS2[],3,FALSE),\"\")","v":""},{"$f":"+IFERROR(VLOOKUP($A774,BD_INSUMOS2[],5,FALSE),\"\")","v":""},{"$f":"+IFERROR(VLOOKUP($A774,BD_INSUMOS2[],6,FALSE),\"\")","v":""},{"$f":"+IFERROR(VLOOKUP($A774,BD_INSUMOS2[],7,FALSE),\"\")","v":""},{"$f":"+IFERROR(VLOOKUP($A774,BD_INSUMOS2[],8,FALSE),\"\")","v":""}]
[764,{"$f":"+IFERROR(VLOOKUP($A775,BD_INSUMOS2[],3,FALSE),\"\")","v":""},{"$f":"+IFERROR(VLOOKUP($A775,BD_INSUMOS2[],5,FALSE),\"\")","v":""},{"$f":"+IFERROR(VLOOKUP($A775,BD_INSUMOS2[],6,FALSE),\"\")","v":""},{"$f":"+IFERROR(VLOOKUP($A775,BD_INSUMOS2[],7,FALSE),\"\")","v":""},{"$f":"+IFERROR(VLOOKUP($A775,BD_INSUMOS2[],8,FALSE),\"\")","v":""}]
[765,{"$f":"+IFERROR(VLOOKUP($A776,BD_INSUMOS2[],3,FALSE),\"\")","v":""},{"$f":"+IFERROR(VLOOKUP($A776,BD_INSUMOS2[],5,FALSE),\"\")","v":""},{"$f":"+IFERROR(VLOOKUP($A776,BD_INSUMOS2[],6,FALSE),\"\")","v":""},{"$f":"+IFERROR(VLOOKUP($A776,BD_INSUMOS2[],7,FALSE),\"\")","v":""},{"$f":"+IFERROR(VLOOKUP($A776,BD_INSUMOS2[],8,FALSE),\"\")","v":""}]
[766,{"$f":"+IFERROR(VLOOKUP($A777,BD_INSUMOS2[],3,FALSE),\"\")","v":""},{"$f":"+IFERROR(VLOOKUP($A777,BD_INSUMOS2[],5,FALSE),\"\")","v":""},{"$f":"+IFERROR(VLOOKUP($A777,BD_INSUMOS2[],6,FALSE),\"\")","v":""},{"$f":"+IFERROR(VLOOKUP($A777,BD_INSUMOS2[],7,FALSE),\"\")","v":""},{"$f":"+IFERROR(VLOOKUP($A777,BD_INSUMOS2[],8,FALSE),\"\")","v":""}]
[767,{"$f":"+IFERROR(VLOOKUP($A778,BD_INSUMOS2[],3,FALSE),\"\")","v":""},{"$f":"+IFERROR(VLOOKUP($A778,BD_INSUMOS2[],5,FALSE),\"\")","v":""},{"$f":"+IFERROR(VLOOKUP($A778,BD_INSUMOS2[],6,FALSE),\"\")","v":""},{"$f":"+IFERROR(VLOOKUP($A778,BD_INSUMOS2[],7,FALSE),\"\")","v":""},{"$f":"+IFERROR(VLOOKUP($A778,BD_INSUMOS2[],8,FALSE),\"\")","v":""}]
[768,{"$f":"+IFERROR(VLOOKUP($A779,BD_INSUMOS2[],3,FALSE),\"\")","v":""},{"$f":"+IFERROR(VLOOKUP($A779,BD_INSUMOS2[],5,FALSE),\"\")","v":""},{"$f":"+IFERROR(VLOOKUP($A779,BD_INSUMOS2[],6,FALSE),\"\")","v":""},{"$f":"+IFERROR(VLOOKUP($A779,BD_INSUMOS2[],7,FALSE),\"\")","v":""},{"$f":"+IFERROR(VLOOKUP($A779,BD_INSUMOS2[],8,FALSE),\"\")","v":""}]
[769,{"$f":"+IFERROR(VLOOKUP($A780,BD_INSUMOS2[],3,FALSE),\"\")","v":""},{"$f":"+IFERROR(VLOOKUP($A780,BD_INSUMOS2[],5,FALSE),\"\")","v":""},{"$f":"+IFERROR(VLOOKUP($A780,BD_INSUMOS2[],6,FALSE),\"\")","v":""},{"$f":"+IFERROR(VLOOKUP($A780,BD_INSUMOS2[],7,FALSE),\"\")","v":""},{"$f":"+IFERROR(VLOOKUP($A780,BD_INSUMOS2[],8,FALSE),\"\")","v":""}]
[770,{"$f":"+IFERROR(VLOOKUP($A781,BD_INSUMOS2[],3,FALSE),\"\")","v":""},{"$f":"+IFERROR(VLOOKUP($A781,BD_INSUMOS2[],5,FALSE),\"\")","v":""},{"$f":"+IFERROR(VLOOKUP($A781,BD_INSUMOS2[],6,FALSE),\"\")","v":""},{"$f":"+IFERROR(VLOOKUP($A781,BD_INSUMOS2[],7,FALSE),\"\")","v":""},{"$f":"+IFERROR(VLOOKUP($A781,BD_INSUMOS2[],8,FALSE),\"\")","v":""}]
[771,{"$f":"+IFERROR(VLOOKUP($A782,BD_INSUMOS2[],3,FALSE),\"\")","v":""},{"$f":"+IFERROR(VLOOKUP($A782,BD_INSUMOS2[],5,FALSE),\"\")","v":""},{"$f":"+IFERROR(VLOOKUP($A782,BD_INSUMOS2[],6,FALSE),\"\")","v":""},{"$f":"+IFERROR(VLOOKUP($A782,BD_INSUMOS2[],7,FALSE),\"\")","v":""},{"$f":"+IFERROR(VLOOKUP($A782,BD_INSUMOS2[],8,FALSE),\"\")","v":""}]
[772,{"$f":"+IFERROR(VLOOKUP($A783,BD_INSUMOS2[],3,FALSE),\"\")","v":""},{"$f":"+IFERROR(VLOOKUP($A783,BD_INSUMOS2[],5,FALSE),\"\")","v":""},{"$f":"+IFERROR(VLOOKUP($A783,BD_INSUMOS2[],6,FALSE),\"\")","v":""},{"$f":"+IFERROR(VLOOKUP($A783,BD_INSUMOS2[],7,FALSE),\"\")","v":""},{"$f":"+IFERROR(VLOOKUP($A783,BD_INSUMOS2[],8,FALSE),\"\")","v":""}]
[773,{"$f":"+IFERROR(VLOOKUP($A784,BD_INSUMOS2[],3,FALSE),\"\")","v":""},{"$f":"+IFERROR(VLOOKUP($A784,BD_INSUMOS2[],5,FALSE),\"\")","v":""},{"$f":"+IFERROR(VLOOKUP($A784,BD_INSUMOS2[],6,FALSE),\"\")","v":""},{"$f":"+IFERROR(VLOOKUP($A784,BD_INSUMOS2[],7,FALSE),\"\")","v":""},{"$f":"+IFERROR(VLOOKUP($A784,BD_INSUMOS2[],8,FALSE),\"\")","v":""}]
[774,{"$f":"+IFERROR(VLOOKUP($A785,BD_INSUMOS2[],3,FALSE),\"\")","v":""},{"$f":"+IFERROR(VLOOKUP($A785,BD_INSUMOS2[],5,FALSE),\"\")","v":""},{"$f":"+IFERROR(VLOOKUP($A785,BD_INSUMOS2[],6,FALSE),\"\")","v":""},{"$f":"+IFERROR(VLOOKUP($A785,BD_INSUMOS2[],7,FALSE),\"\")","v":""},{"$f":"+IFERROR(VLOOKUP($A785,BD_INSUMOS2[],8,FALSE),\"\")","v":""}]
[775,{"$f":"+IFERROR(VLOOKUP($A786,BD_INSUMOS2[],3,FALSE),\"\")","v":""},{"$f":"+IFERROR(VLOOKUP($A786,BD_INSUMOS2[],5,FALSE),\"\")","v":""},{"$f":"+IFERROR(VLOOKUP($A786,BD_INSUMOS2[],6,FALSE),\"\")","v":""},{"$f":"+IFERROR(VLOOKUP($A786,BD_INSUMOS2[],7,FALSE),\"\")","v":""},{"$f":"+IFERROR(VLOOKUP($A786,BD_INSUMOS2[],8,FALSE),\"\")","v":""}]
[776,{"$f":"+IFERROR(VLOOKUP($A787,BD_INSUMOS2[],3,FALSE),\"\")","v":""},{"$f":"+IFERROR(VLOOKUP($A787,BD_INSUMOS2[],5,FALSE),\"\")","v":""},{"$f":"+IFERROR(VLOOKUP($A787,BD_INSUMOS2[],6,FALSE),\"\")","v":""},{"$f":"+IFERROR(VLOOKUP($A787,BD_INSUMOS2[],7,FALSE),\"\")","v":""},{"$f":"+IFERROR(VLOOKUP($A787,BD_INSUMOS2[],8,FALSE),\"\")","v":""}]
[777,{"$f":"+IFERROR(VLOOKUP($A788,BD_INSUMOS2[],3,FALSE),\"\")","v":""},{"$f":"+IFERROR(VLOOKUP($A788,BD_INSUMOS2[],5,FALSE),\"\")","v":""},{"$f":"+IFERROR(VLOOKUP($A788,BD_INSUMOS2[],6,FALSE),\"\")","v":""},{"$f":"+IFERROR(VLOOKUP($A788,BD_INSUMOS2[],7,FALSE),\"\")","v":""},{"$f":"+IFERROR(VLOOKUP($A788,BD_INSUMOS2[],8,FALSE),\"\")","v":""}]
[778,{"$f":"+IFERROR(VLOOKUP($A789,BD_INSUMOS2[],3,FALSE),\"\")","v":""},{"$f":"+IFERROR(VLOOKUP($A789,BD_INSUMOS2[],5,FALSE),\"\")","v":""},{"$f":"+IFERROR(VLOOKUP($A789,BD_INSUMOS2[],6,FALSE),\"\")","v":""},{"$f":"+IFERROR(VLOOKUP($A789,BD_INSUMOS2[],7,FALSE),\"\")","v":""},{"$f":"+IFERROR(VLOOKUP($A789,BD_INSUMOS2[],8,FALSE),\"\")","v":""}]
[779,{"$f":"+IFERROR(VLOOKUP($A790,BD_INSUMOS2[],3,FALSE),\"\")","v":""},{"$f":"+IFERROR(VLOOKUP($A790,BD_INSUMOS2[],5,FALSE),\"\")","v":""},{"$f":"+IFERROR(VLOOKUP($A790,BD_INSUMOS2[],6,FALSE),\"\")","v":""},{"$f":"+IFERROR(VLOOKUP($A790,BD_INSUMOS2[],7,FALSE),\"\")","v":""},{"$f":"+IFERROR(VLOOKUP($A790,BD_INSUMOS2[],8,FALSE),\"\")","v":""}]
[780,{"$f":"+IFERROR(VLOOKUP($A791,BD_INSUMOS2[],3,FALSE),\"\")","v":""},{"$f":"+IFERROR(VLOOKUP($A791,BD_INSUMOS2[],5,FALSE),\"\")","v":""},{"$f":"+IFERROR(VLOOKUP($A791,BD_INSUMOS2[],6,FALSE),\"\")","v":""},{"$f":"+IFERROR(VLOOKUP($A791,BD_INSUMOS2[],7,FALSE),\"\")","v":""},{"$f":"+IFERROR(VLOOKUP($A791,BD_INSUMOS2[],8,FALSE),\"\")","v":""}]
[781,{"$f":"+IFERROR(VLOOKUP($A792,BD_INSUMOS2[],3,FALSE),\"\")","v":""},{"$f":"+IFERROR(VLOOKUP($A792,BD_INSUMOS2[],5,FALSE),\"\")","v":""},{"$f":"+IFERROR(VLOOKUP($A792,BD_INSUMOS2[],6,FALSE),\"\")","v":""},{"$f":"+IFERROR(VLOOKUP($A792,BD_INSUMOS2[],7,FALSE),\"\")","v":""},{"$f":"+IFERROR(VLOOKUP($A792,BD_INSUMOS2[],8,FALSE),\"\")","v":""}]
[782,{"$f":"+IFERROR(VLOOKUP($A793,BD_INSUMOS2[],3,FALSE),\"\")","v":""},{"$f":"+IFERROR(VLOOKUP($A793,BD_INSUMOS2[],5,FALSE),\"\")","v":""},{"$f":"+IFERROR(VLOOKUP($A793,BD_INSUMOS2[],6,FALSE),\"\")","v":""},{"$f":"+IFERROR(VLOOKUP($A793,BD_INSUMOS2[],7,FALSE),\"\")","v":""},{"$f":"+IFERROR(VLOOKUP($A793,BD_INSUMOS2[],8,FALSE),\"\")","v":""}]
[783,{"$f":"+IFERROR(VLOOKUP($A794,BD_INSUMOS2[],3,FALSE),\"\")","v":""},{"$f":"+IFERROR(VLOOKUP($A794,BD_INSUMOS2[],5,FALSE),\"\")","v":""},{"$f":"+IFERROR(VLOOKUP($A794,BD_INSUMOS2[],6,FALSE),\"\")","v":""},{"$f":"+IFERROR(VLOOKUP($A794,BD_INSUMOS2[],7,FALSE),\"\")","v":""},{"$f":"+IFERROR(VLOOKUP($A794,BD_INSUMOS2[],8,FALSE),\"\")","v":""}]
[784,{"$f":"+IFERROR(VLOOKUP($A795,BD_INSUMOS2[],3,FALSE),\"\")","v":""},{"$f":"+IFERROR(VLOOKUP($A795,BD_INSUMOS2[],5,FALSE),\"\")","v":""},{"$f":"+IFERROR(VLOOKUP($A795,BD_INSUMOS2[],6,FALSE),\"\")","v":""},{"$f":"+IFERROR(VLOOKUP($A795,BD_INSUMOS2[],7,FALSE),\"\")","v":""},{"$f":"+IFERROR(VLOOKUP($A795,BD_INSUMOS2[],8,FALSE),\"\")","v":""}]
[785,{"$f":"+IFERROR(VLOOKUP($A796,BD_INSUMOS2[],3,FALSE),\"\")","v":""},{"$f":"+IFERROR(VLOOKUP($A796,BD_INSUMOS2[],5,FALSE),\"\")","v":""},{"$f":"+IFERROR(VLOOKUP($A796,BD_INSUMOS2[],6,FALSE),\"\")","v":""},{"$f":"+IFERROR(VLOOKUP($A796,BD_INSUMOS2[],7,FALSE),\"\")","v":""},{"$f":"+IFERROR(VLOOKUP($A796,BD_INSUMOS2[],8,FALSE),\"\")","v":""}]
[786,{"$f":"+IFERROR(VLOOKUP($A797,BD_INSUMOS2[],3,FALSE),\"\")","v":""},{"$f":"+IFERROR(VLOOKUP($A797,BD_INSUMOS2[],5,FALSE),\"\")","v":""},{"$f":"+IFERROR(VLOOKUP($A797,BD_INSUMOS2[],6,FALSE),\"\")","v":""},{"$f":"+IFERROR(VLOOKUP($A797,BD_INSUMOS2[],7,FALSE),\"\")","v":""},{"$f":"+IFERROR(VLOOKUP($A797,BD_INSUMOS2[],8,FALSE),\"\")","v":""}]
[787,{"$f":"+IFERROR(VLOOKUP($A798,BD_INSUMOS2[],3,FALSE),\"\")","v":""},{"$f":"+IFERROR(VLOOKUP($A798,BD_INSUMOS2[],5,FALSE),\"\")","v":""},{"$f":"+IFERROR(VLOOKUP($A798,BD_INSUMOS2[],6,FALSE),\"\")","v":""},{"$f":"+IFERROR(VLOOKUP($A798,BD_INSUMOS2[],7,FALSE),\"\")","v":""},{"$f":"+IFERROR(VLOOKUP($A798,BD_INSUMOS2[],8,FALSE),\"\")","v":""}]
[788,{"$f":"+IFERROR(VLOOKUP($A799,BD_INSUMOS2[],3,FALSE),\"\")","v":""},{"$f":"+IFERROR(VLOOKUP($A799,BD_INSUMOS2[],5,FALSE),\"\")","v":""},{"$f":"+IFERROR(VLOOKUP($A799,BD_INSUMOS2[],6,FALSE),\"\")","v":""},{"$f":"+IFERROR(VLOOKUP($A799,BD_INSUMOS2[],7,FALSE),\"\")","v":""},{"$f":"+IFERROR(VLOOKUP($A799,BD_INSUMOS2[],8,FALSE),\"\")","v":""}]
[789,{"$f":"+IFERROR(VLOOKUP($A800,BD_INSUMOS2[],3,FALSE),\"\")","v":""},{"$f":"+IFERROR(VLOOKUP($A800,BD_INSUMOS2[],5,FALSE),\"\")","v":""},{"$f":"+IFERROR(VLOOKUP($A800,BD_INSUMOS2[],6,FALSE),\"\")","v":""},{"$f":"+IFERROR(VLOOKUP($A800,BD_INSUMOS2[],7,FALSE),\"\")","v":""},{"$f":"+IFERROR(VLOOKUP($A800,BD_INSUMOS2[],8,FALSE),\"\")","v":""}]
[790,{"$f":"+IFERROR(VLOOKUP($A801,BD_INSUMOS2[],3,FALSE),\"\")","v":""},{"$f":"+IFERROR(VLOOKUP($A801,BD_INSUMOS2[],5,FALSE),\"\")","v":""},{"$f":"+IFERROR(VLOOKUP($A801,BD_INSUMOS2[],6,FALSE),\"\")","v":""},{"$f":"+IFERROR(VLOOKUP($A801,BD_INSUMOS2[],7,FALSE),\"\")","v":""},{"$f":"+IFERROR(VLOOKUP($A801,BD_INSUMOS2[],8,FALSE),\"\")","v":""}]
[791,{"$f":"+IFERROR(VLOOKUP($A802,BD_INSUMOS2[],3,FALSE),\"\")","v":""},{"$f":"+IFERROR(VLOOKUP($A802,BD_INSUMOS2[],5,FALSE),\"\")","v":""},{"$f":"+IFERROR(VLOOKUP($A802,BD_INSUMOS2[],6,FALSE),\"\")","v":""},{"$f":"+IFERROR(VLOOKUP($A802,BD_INSUMOS2[],7,FALSE),\"\")","v":""},{"$f":"+IFERROR(VLOOKUP($A802,BD_INSUMOS2[],8,FALSE),\"\")","v":""}]
[792,{"$f":"+IFERROR(VLOOKUP($A803,BD_INSUMOS2[],3,FALSE),\"\")","v":""},{"$f":"+IFERROR(VLOOKUP($A803,BD_INSUMOS2[],5,FALSE),\"\")","v":""},{"$f":"+IFERROR(VLOOKUP($A803,BD_INSUMOS2[],6,FALSE),\"\")","v":""},{"$f":"+IFERROR(VLOOKUP($A803,BD_INSUMOS2[],7,FALSE),\"\")","v":""},{"$f":"+IFERROR(VLOOKUP($A803,BD_INSUMOS2[],8,FALSE),\"\")","v":""}]
[793,{"$f":"+IFERROR(VLOOKUP($A804,BD_INSUMOS2[],3,FALSE),\"\")","v":""},{"$f":"+IFERROR(VLOOKUP($A804,BD_INSUMOS2[],5,FALSE),\"\")","v":""},{"$f":"+IFERROR(VLOOKUP($A804,BD_INSUMOS2[],6,FALSE),\"\")","v":""},{"$f":"+IFERROR(VLOOKUP($A804,BD_INSUMOS2[],7,FALSE),\"\")","v":""},{"$f":"+IFERROR(VLOOKUP($A804,BD_INSUMOS2[],8,FALSE),\"\")","v":""}]
[794,{"$f":"+IFERROR(VLOOKUP($A805,BD_INSUMOS2[],3,FALSE),\"\")","v":""},{"$f":"+IFERROR(VLOOKUP($A805,BD_INSUMOS2[],5,FALSE),\"\")","v":""},{"$f":"+IFERROR(VLOOKUP($A805,BD_INSUMOS2[],6,FALSE),\"\")","v":""},{"$f":"+IFERROR(VLOOKUP($A805,BD_INSUMOS2[],7,FALSE),\"\")","v":""},{"$f":"+IFERROR(VLOOKUP($A805,BD_INSUMOS2[],8,FALSE),\"\")","v":""}]
[795,{"$f":"+IFERROR(VLOOKUP($A806,BD_INSUMOS2[],3,FALSE),\"\")","v":""},{"$f":"+IFERROR(VLOOKUP($A806,BD_INSUMOS2[],5,FALSE),\"\")","v":""},{"$f":"+IFERROR(VLOOKUP($A806,BD_INSUMOS2[],6,FALSE),\"\")","v":""},{"$f":"+IFERROR(VLOOKUP($A806,BD_INSUMOS2[],7,FALSE),\"\")","v":""},{"$f":"+IFERROR(VLOOKUP($A806,BD_INSUMOS2[],8,FALSE),\"\")","v":""}]
[796,{"$f":"+IFERROR(VLOOKUP($A807,BD_INSUMOS2[],3,FALSE),\"\")","v":""},{"$f":"+IFERROR(VLOOKUP($A807,BD_INSUMOS2[],5,FALSE),\"\")","v":""},{"$f":"+IFERROR(VLOOKUP($A807,BD_INSUMOS2[],6,FALSE),\"\")","v":""},{"$f":"+IFERROR(VLOOKUP($A807,BD_INSUMOS2[],7,FALSE),\"\")","v":""},{"$f":"+IFERROR(VLOOKUP($A807,BD_INSUMOS2[],8,FALSE),\"\")","v":""}]
[797,{"$f":"+IFERROR(VLOOKUP($A808,BD_INSUMOS2[],3,FALSE),\"\")","v":""},{"$f":"+IFERROR(VLOOKUP($A808,BD_INSUMOS2[],5,FALSE),\"\")","v":""},{"$f":"+IFERROR(VLOOKUP($A808,BD_INSUMOS2[],6,FALSE),\"\")","v":""},{"$f":"+IFERROR(VLOOKUP($A808,BD_INSUMOS2[],7,FALSE),\"\")","v":""},{"$f":"+IFERROR(VLOOKUP($A808,BD_INSUMOS2[],8,FALSE),\"\")","v":""}]
[798,{"$f":"+IFERROR(VLOOKUP($A809,BD_INSUMOS2[],3,FALSE),\"\")","v":""},{"$f":"+IFERROR(VLOOKUP($A809,BD_INSUMOS2[],5,FALSE),\"\")","v":""},{"$f":"+IFERROR(VLOOKUP($A809,BD_INSUMOS2[],6,FALSE),\"\")","v":""},{"$f":"+IFERROR(VLOOKUP($A809,BD_INSUMOS2[],7,FALSE),\"\")","v":""},{"$f":"+IFERROR(VLOOKUP($A809,BD_INSUMOS2[],8,FALSE),\"\")","v":""}]
[799,{"$f":"+IFERROR(VLOOKUP($A810,BD_INSUMOS2[],3,FALSE),\"\")","v":""},{"$f":"+IFERROR(VLOOKUP($A810,BD_INSUMOS2[],5,FALSE),\"\")","v":""},{"$f":"+IFERROR(VLOOKUP($A810,BD_INSUMOS2[],6,FALSE),\"\")","v":""},{"$f":"+IFERROR(VLOOKUP($A810,BD_INSUMOS2[],7,FALSE),\"\")","v":""},{"$f":"+IFERROR(VLOOKUP($A810,BD_INSUMOS2[],8,FALSE),\"\")","v":""}]
[800,{"$f":"+IFERROR(VLOOKUP($A811,BD_INSUMOS2[],3,FALSE),\"\")","v":""},{"$f":"+IFERROR(VLOOKUP($A811,BD_INSUMOS2[],5,FALSE),\"\")","v":""},{"$f":"+IFERROR(VLOOKUP($A811,BD_INSUMOS2[],6,FALSE),\"\")","v":""},{"$f":"+IFERROR(VLOOKUP($A811,BD_INSUMOS2[],7,FALSE),\"\")","v":""},{"$f":"+IFERROR(VLOOKUP($A811,BD_INSUMOS2[],8,FALSE),\"\")","v":""}]
[801,{"$f":"+IFERROR(VLOOKUP($A812,BD_INSUMOS2[],3,FALSE),\"\")","v":""},{"$f":"+IFERROR(VLOOKUP($A812,BD_INSUMOS2[],5,FALSE),\"\")","v":""},{"$f":"+IFERROR(VLOOKUP($A812,BD_INSUMOS2[],6,FALSE),\"\")","v":""},{"$f":"+IFERROR(VLOOKUP($A812,BD_INSUMOS2[],7,FALSE),\"\")","v":""},{"$f":"+IFERROR(VLOOKUP($A812,BD_INSUMOS2[],8,FALSE),\"\")","v":""}]
[802,{"$f":"+IFERROR(VLOOKUP($A813,BD_INSUMOS2[],3,FALSE),\"\")","v":""},{"$f":"+IFERROR(VLOOKUP($A813,BD_INSUMOS2[],5,FALSE),\"\")","v":""},{"$f":"+IFERROR(VLOOKUP($A813,BD_INSUMOS2[],6,FALSE),\"\")","v":""},{"$f":"+IFERROR(VLOOKUP($A813,BD_INSUMOS2[],7,FALSE),\"\")","v":""},{"$f":"+IFERROR(VLOOKUP($A813,BD_INSUMOS2[],8,FALSE),\"\")","v":""}]
[803,{"$f":"+IFERROR(VLOOKUP($A814,BD_INSUMOS2[],3,FALSE),\"\")","v":""},{"$f":"+IFERROR(VLOOKUP($A814,BD_INSUMOS2[],5,FALSE),\"\")","v":""},{"$f":"+IFERROR(VLOOKUP($A814,BD_INSUMOS2[],6,FALSE),\"\")","v":""},{"$f":"+IFERROR(VLOOKUP($A814,BD_INSUMOS2[],7,FALSE),\"\")","v":""},{"$f":"+IFERROR(VLOOKUP($A814,BD_INSUMOS2[],8,FALSE),\"\")","v":""}]
[804,{"$f":"+IFERROR(VLOOKUP($A815,BD_INSUMOS2[],3,FALSE),\"\")","v":""},{"$f":"+IFERROR(VLOOKUP($A815,BD_INSUMOS2[],5,FALSE),\"\")","v":""},{"$f":"+IFERROR(VLOOKUP($A815,BD_INSUMOS2[],6,FALSE),\"\")","v":""},{"$f":"+IFERROR(VLOOKUP($A815,BD_INSUMOS2[],7,FALSE),\"\")","v":""},{"$f":"+IFERROR(VLOOKUP($A815,BD_INSUMOS2[],8,FALSE),\"\")","v":""}]
[805,{"$f":"+IFERROR(VLOOKUP($A816,BD_INSUMOS2[],3,FALSE),\"\")","v":""},{"$f":"+IFERROR(VLOOKUP($A816,BD_INSUMOS2[],5,FALSE),\"\")","v":""},{"$f":"+IFERROR(VLOOKUP($A816,BD_INSUMOS2[],6,FALSE),\"\")","v":""},{"$f":"+IFERROR(VLOOKUP($A816,BD_INSUMOS2[],7,FALSE),\"\")","v":""},{"$f":"+IFERROR(VLOOKUP($A816,BD_INSUMOS2[],8,FALSE),\"\")","v":""}]
[806,{"$f":"+IFERROR(VLOOKUP($A817,BD_INSUMOS2[],3,FALSE),\"\")","v":""},{"$f":"+IFERROR(VLOOKUP($A817,BD_INSUMOS2[],5,FALSE),\"\")","v":""},{"$f":"+IFERROR(VLOOKUP($A817,BD_INSUMOS2[],6,FALSE),\"\")","v":""},{"$f":"+IFERROR(VLOOKUP($A817,BD_INSUMOS2[],7,FALSE),\"\")","v":""},{"$f":"+IFERROR(VLOOKUP($A817,BD_INSUMOS2[],8,FALSE),\"\")","v":""}]
[807,{"$f":"+IFERROR(VLOOKUP($A818,BD_INSUMOS2[],3,FALSE),\"\")","v":""},{"$f":"+IFERROR(VLOOKUP($A818,BD_INSUMOS2[],5,FALSE),\"\")","v":""},{"$f":"+IFERROR(VLOOKUP($A818,BD_INSUMOS2[],6,FALSE),\"\")","v":""},{"$f":"+IFERROR(VLOOKUP($A818,BD_INSUMOS2[],7,FALSE),\"\")","v":""},{"$f":"+IFERROR(VLOOKUP($A818,BD_INSUMOS2[],8,FALSE),\"\")","v":""}]
[808,{"$f":"+IFERROR(VLOOKUP($A819,BD_INSUMOS2[],3,FALSE),\"\")","v":""},{"$f":"+IFERROR(VLOOKUP($A819,BD_INSUMOS2[],5,FALSE),\"\")","v":""},{"$f":"+IFERROR(VLOOKUP($A819,BD_INSUMOS2[],6,FALSE),\"\")","v":""},{"$f":"+IFERROR(VLOOKUP($A819,BD_INSUMOS2[],7,FALSE),\"\")","v":""},{"$f":"+IFERROR(VLOOKUP($A819,BD_INSUMOS2[],8,FALSE),\"\")","v":""}]
[809,{"$f":"+IFERROR(VLOOKUP($A820,BD_INSUMOS2[],3,FALSE),\"\")","v":""},{"$f":"+IFERROR(VLOOKUP($A820,BD_INSUMOS2[],5,FALSE),\"\")","v":""},{"$f":"+IFERROR(VLOOKUP($A820,BD_INSUMOS2[],6,FALSE),\"\")","v":""},{"$f":"+IFERROR(VLOOKUP($A820,BD_INSUMOS2[],7,FALSE),\"\")","v":""},{"$f":"+IFERROR(VLOOKUP($A820,BD_INSUMOS2[],8,FALSE),\"\")","v":""}]
[810,{"$f":"+IFERROR(VLOOKUP($A821,BD_INSUMOS2[],3,FALSE),\"\")","v":""},{"$f":"+IFERROR(VLOOKUP($A821,BD_INSUMOS2[],5,FALSE),\"\")","v":""},{"$f":"+IFERROR(VLOOKUP($A821,BD_INSUMOS2[],6,FALSE),\"\")","v":""},{"$f":"+IFERROR(VLOOKUP($A821,BD_INSUMOS2[],7,FALSE),\"\")","v":""},{"$f":"+IFERROR(VLOOKUP($A821,BD_INSUMOS2[],8,FALSE),\"\")","v":""}]
[811,{"$f":"+IFERROR(VLOOKUP($A822,BD_INSUMOS2[],3,FALSE),\"\")","v":""},{"$f":"+IFERROR(VLOOKUP($A822,BD_INSUMOS2[],5,FALSE),\"\")","v":""},{"$f":"+IFERROR(VLOOKUP($A822,BD_INSUMOS2[],6,FALSE),\"\")","v":""},{"$f":"+IFERROR(VLOOKUP($A822,BD_INSUMOS2[],7,FALSE),\"\")","v":""},{"$f":"+IFERROR(VLOOKUP($A822,BD_INSUMOS2[],8,FALSE),\"\")","v":""}]
[812,{"$f":"+IFERROR(VLOOKUP($A823,BD_INSUMOS2[],3,FALSE),\"\")","v":""},{"$f":"+IFERROR(VLOOKUP($A823,BD_INSUMOS2[],5,FALSE),\"\")","v":""},{"$f":"+IFERROR(VLOOKUP($A823,BD_INSUMOS2[],6,FALSE),\"\")","v":""},{"$f":"+IFERROR(VLOOKUP($A823,BD_INSUMOS2[],7,FALSE),\"\")","v":""},{"$f":"+IFERROR(VLOOKUP($A823,BD_INSUMOS2[],8,FALSE),\"\")","v":""}]
[813,{"$f":"+IFERROR(VLOOKUP($A824,BD_INSUMOS2[],3,FALSE),\"\")","v":""},{"$f":"+IFERROR(VLOOKUP($A824,BD_INSUMOS2[],5,FALSE),\"\")","v":""},{"$f":"+IFERROR(VLOOKUP($A824,BD_INSUMOS2[],6,FALSE),\"\")","v":""},{"$f":"+IFERROR(VLOOKUP($A824,BD_INSUMOS2[],7,FALSE),\"\")","v":""},{"$f":"+IFERROR(VLOOKUP($A824,BD_INSUMOS2[],8,FALSE),\"\")","v":""}]
[814,{"$f":"+IFERROR(VLOOKUP($A825,BD_INSUMOS2[],3,FALSE),\"\")","v":""},{"$f":"+IFERROR(VLOOKUP($A825,BD_INSUMOS2[],5,FALSE),\"\")","v":""},{"$f":"+IFERROR(VLOOKUP($A825,BD_INSUMOS2[],6,FALSE),\"\")","v":""},{"$f":"+IFERROR(VLOOKUP($A825,BD_INSUMOS2[],7,FALSE),\"\")","v":""},{"$f":"+IFERROR(VLOOKUP($A825,BD_INSUMOS2[],8,FALSE),\"\")","v":""}]
[815,{"$f":"+IFERROR(VLOOKUP($A826,BD_INSUMOS2[],3,FALSE),\"\")","v":""},{"$f":"+IFERROR(VLOOKUP($A826,BD_INSUMOS2[],5,FALSE),\"\")","v":""},{"$f":"+IFERROR(VLOOKUP($A826,BD_INSUMOS2[],6,FALSE),\"\")","v":""},{"$f":"+IFERROR(VLOOKUP($A826,BD_INSUMOS2[],7,FALSE),\"\")","v":""},{"$f":"+IFERROR(VLOOKUP($A826,BD_INSUMOS2[],8,FALSE),\"\")","v":""}]
[816,{"$f":"+IFERROR(VLOOKUP($A827,BD_INSUMOS2[],3,FALSE),\"\")","v":""},{"$f":"+IFERROR(VLOOKUP($A827,BD_INSUMOS2[],5,FALSE),\"\")","v":""},{"$f":"+IFERROR(VLOOKUP($A827,BD_INSUMOS2[],6,FALSE),\"\")","v":""},{"$f":"+IFERROR(VLOOKUP($A827,BD_INSUMOS2[],7,FALSE),\"\")","v":""},{"$f":"+IFERROR(VLOOKUP($A827,BD_INSUMOS2[],8,FALSE),\"\")","v":""}]
[817,{"$f":"+IFERROR(VLOOKUP($A828,BD_INSUMOS2[],3,FALSE),\"\")","v":""},{"$f":"+IFERROR(VLOOKUP($A828,BD_INSUMOS2[],5,FALSE),\"\")","v":""},{"$f":"+IFERROR(VLOOKUP($A828,BD_INSUMOS2[],6,FALSE),\"\")","v":""},{"$f":"+IFERROR(VLOOKUP($A828,BD_INSUMOS2[],7,FALSE),\"\")","v":""},{"$f":"+IFERROR(VLOOKUP($A828,BD_INSUMOS2[],8,FALSE),\"\")","v":""}]
[818,{"$f":"+IFERROR(VLOOKUP($A829,BD_INSUMOS2[],3,FALSE),\"\")","v":""},{"$f":"+IFERROR(VLOOKUP($A829,BD_INSUMOS2[],5,FALSE),\"\")","v":""},{"$f":"+IFERROR(VLOOKUP($A829,BD_INSUMOS2[],6,FALSE),\"\")","v":""},{"$f":"+IFERROR(VLOOKUP($A829,BD_INSUMOS2[],7,FALSE),\"\")","v":""},{"$f":"+IFERROR(VLOOKUP($A829,BD_INSUMOS2[],8,FALSE),\"\")","v":""}]
[819,{"$f":"+IFERROR(VLOOKUP($A830,BD_INSUMOS2[],3,FALSE),\"\")","v":""},{"$f":"+IFERROR(VLOOKUP($A830,BD_INSUMOS2[],5,FALSE),\"\")","v":""},{"$f":"+IFERROR(VLOOKUP($A830,BD_INSUMOS2[],6,FALSE),\"\")","v":""},{"$f":"+IFERROR(VLOOKUP($A830,BD_INSUMOS2[],7,FALSE),\"\")","v":""},{"$f":"+IFERROR(VLOOKUP($A830,BD_INSUMOS2[],8,FALSE),\"\")","v":""}]
[820,{"$f":"+IFERROR(VLOOKUP($A831,BD_INSUMOS2[],3,FALSE),\"\")","v":""},{"$f":"+IFERROR(VLOOKUP($A831,BD_INSUMOS2[],5,FALSE),\"\")","v":""},{"$f":"+IFERROR(VLOOKUP($A831,BD_INSUMOS2[],6,FALSE),\"\")","v":""},{"$f":"+IFERROR(VLOOKUP($A831,BD_INSUMOS2[],7,FALSE),\"\")","v":""},{"$f":"+IFERROR(VLOOKUP($A831,BD_INSUMOS2[],8,FALSE),\"\")","v":""}]
[821,{"$f":"+IFERROR(VLOOKUP($A832,BD_INSUMOS2[],3,FALSE),\"\")","v":""},{"$f":"+IFERROR(VLOOKUP($A832,BD_INSUMOS2[],5,FALSE),\"\")","v":""},{"$f":"+IFERROR(VLOOKUP($A832,BD_INSUMOS2[],6,FALSE),\"\")","v":""},{"$f":"+IFERROR(VLOOKUP($A832,BD_INSUMOS2[],7,FALSE),\"\")","v":""},{"$f":"+IFERROR(VLOOKUP($A832,BD_INSUMOS2[],8,FALSE),\"\")","v":""}]
[822,{"$f":"+IFERROR(VLOOKUP($A833,BD_INSUMOS2[],3,FALSE),\"\")","v":""},{"$f":"+IFERROR(VLOOKUP($A833,BD_INSUMOS2[],5,FALSE),\"\")","v":""},{"$f":"+IFERROR(VLOOKUP($A833,BD_INSUMOS2[],6,FALSE),\"\")","v":""},{"$f":"+IFERROR(VLOOKUP($A833,BD_INSUMOS2[],7,FALSE),\"\")","v":""},{"$f":"+IFERROR(VLOOKUP($A833,BD_INSUMOS2[],8,FALSE),\"\")","v":""}]
[823,{"$f":"+IFERROR(VLOOKUP($A834,BD_INSUMOS2[],3,FALSE),\"\")","v":""},{"$f":"+IFERROR(VLOOKUP($A834,BD_INSUMOS2[],5,FALSE),\"\")","v":""},{"$f":"+IFERROR(VLOOKUP($A834,BD_INSUMOS2[],6,FALSE),\"\")","v":""},{"$f":"+IFERROR(VLOOKUP($A834,BD_INSUMOS2[],7,FALSE),\"\")","v":""},{"$f":"+IFERROR(VLOOKUP($A834,BD_INSUMOS2[],8,FALSE),\"\")","v":""}]
[824,{"$f":"+IFERROR(VLOOKUP($A835,BD_INSUMOS2[],3,FALSE),\"\")","v":""},{"$f":"+IFERROR(VLOOKUP($A835,BD_INSUMOS2[],5,FALSE),\"\")","v":""},{"$f":"+IFERROR(VLOOKUP($A835,BD_INSUMOS2[],6,FALSE),\"\")","v":""},{"$f":"+IFERROR(VLOOKUP($A835,BD_INSUMOS2[],7,FALSE),\"\")","v":""},{"$f":"+IFERROR(VLOOKUP($A835,BD_INSUMOS2[],8,FALSE),\"\")","v":""}]
[825,{"$f":"+IFERROR(VLOOKUP($A836,BD_INSUMOS2[],3,FALSE),\"\")","v":""},{"$f":"+IFERROR(VLOOKUP($A836,BD_INSUMOS2[],5,FALSE),\"\")","v":""},{"$f":"+IFERROR(VLOOKUP($A836,BD_INSUMOS2[],6,FALSE),\"\")","v":""},{"$f":"+IFERROR(VLOOKUP($A836,BD_INSUMOS2[],7,FALSE),\"\")","v":""},{"$f":"+IFERROR(VLOOKUP($A836,BD_INSUMOS2[],8,FALSE),\"\")","v":""}]
[826,{"$f":"+IFERROR(VLOOKUP($A837,BD_INSUMOS2[],3,FALSE),\"\")","v":""},{"$f":"+IFERROR(VLOOKUP($A837,BD_INSUMOS2[],5,FALSE),\"\")","v":""},{"$f":"+IFERROR(VLOOKUP($A837,BD_INSUMOS2[],6,FALSE),\"\")","v":""},{"$f":"+IFERROR(VLOOKUP($A837,BD_INSUMOS2[],7,FALSE),\"\")","v":""},{"$f":"+IFERROR(VLOOKUP($A837,BD_INSUMOS2[],8,FALSE),\"\")","v":""}]
[827,{"$f":"+IFERROR(VLOOKUP($A838,BD_INSUMOS2[],3,FALSE),\"\")","v":""},{"$f":"+IFERROR(VLOOKUP($A838,BD_INSUMOS2[],5,FALSE),\"\")","v":""},{"$f":"+IFERROR(VLOOKUP($A838,BD_INSUMOS2[],6,FALSE),\"\")","v":""},{"$f":"+IFERROR(VLOOKUP($A838,BD_INSUMOS2[],7,FALSE),\"\")","v":""},{"$f":"+IFERROR(VLOOKUP($A838,BD_INSUMOS2[],8,FALSE),\"\")","v":""}]
[828,{"$f":"+IFERROR(VLOOKUP($A839,BD_INSUMOS2[],3,FALSE),\"\")","v":""},{"$f":"+IFERROR(VLOOKUP($A839,BD_INSUMOS2[],5,FALSE),\"\")","v":""},{"$f":"+IFERROR(VLOOKUP($A839,BD_INSUMOS2[],6,FALSE),\"\")","v":""},{"$f":"+IFERROR(VLOOKUP($A839,BD_INSUMOS2[],7,FALSE),\"\")","v":""},{"$f":"+IFERROR(VLOOKUP($A839,BD_INSUMOS2[],8,FALSE),\"\")","v":""}]
[829,{"$f":"+IFERROR(VLOOKUP($A840,BD_INSUMOS2[],3,FALSE),\"\")","v":""},{"$f":"+IFERROR(VLOOKUP($A840,BD_INSUMOS2[],5,FALSE),\"\")","v":""},{"$f":"+IFERROR(VLOOKUP($A840,BD_INSUMOS2[],6,FALSE),\"\")","v":""},{"$f":"+IFERROR(VLOOKUP($A840,BD_INSUMOS2[],7,FALSE),\"\")","v":""},{"$f":"+IFERROR(VLOOKUP($A840,BD_INSUMOS2[],8,FALSE),\"\")","v":""}]
[830,{"$f":"+IFERROR(VLOOKUP($A841,BD_INSUMOS2[],3,FALSE),\"\")","v":""},{"$f":"+IFERROR(VLOOKUP($A841,BD_INSUMOS2[],5,FALSE),\"\")","v":""},{"$f":"+IFERROR(VLOOKUP($A841,BD_INSUMOS2[],6,FALSE),\"\")","v":""},{"$f":"+IFERROR(VLOOKUP($A841,BD_INSUMOS2[],7,FALSE),\"\")","v":""},{"$f":"+IFERROR(VLOOKUP($A841,BD_INSUMOS2[],8,FALSE),\"\")","v":""}]
[831,{"$f":"+IFERROR(VLOOKUP($A842,BD_INSUMOS2[],3,FALSE),\"\")","v":""},{"$f":"+IFERROR(VLOOKUP($A842,BD_INSUMOS2[],5,FALSE),\"\")","v":""},{"$f":"+IFERROR(VLOOKUP($A842,BD_INSUMOS2[],6,FALSE),\"\")","v":""},{"$f":"+IFERROR(VLOOKUP($A842,BD_INSUMOS2[],7,FALSE),\"\")","v":""},{"$f":"+IFERROR(VLOOKUP($A842,BD_INSUMOS2[],8,FALSE),\"\")","v":""}]
[832,{"$f":"+IFERROR(VLOOKUP($A843,BD_INSUMOS2[],3,FALSE),\"\")","v":""},{"$f":"+IFERROR(VLOOKUP($A843,BD_INSUMOS2[],5,FALSE),\"\")","v":""},{"$f":"+IFERROR(VLOOKUP($A843,BD_INSUMOS2[],6,FALSE),\"\")","v":""},{"$f":"+IFERROR(VLOOKUP($A843,BD_INSUMOS2[],7,FALSE),\"\")","v":""},{"$f":"+IFERROR(VLOOKUP($A843,BD_INSUMOS2[],8,FALSE),\"\")","v":""}]
[833,{"$f":"+IFERROR(VLOOKUP($A844,BD_INSUMOS2[],3,FALSE),\"\")","v":""},{"$f":"+IFERROR(VLOOKUP($A844,BD_INSUMOS2[],5,FALSE),\"\")","v":""},{"$f":"+IFERROR(VLOOKUP($A844,BD_INSUMOS2[],6,FALSE),\"\")","v":""},{"$f":"+IFERROR(VLOOKUP($A844,BD_INSUMOS2[],7,FALSE),\"\")","v":""},{"$f":"+IFERROR(VLOOKUP($A844,BD_INSUMOS2[],8,FALSE),\"\")","v":""}]
[834,{"$f":"+IFERROR(VLOOKUP($A845,BD_INSUMOS2[],3,FALSE),\"\")","v":""},{"$f":"+IFERROR(VLOOKUP($A845,BD_INSUMOS2[],5,FALSE),\"\")","v":""},{"$f":"+IFERROR(VLOOKUP($A845,BD_INSUMOS2[],6,FALSE),\"\")","v":""},{"$f":"+IFERROR(VLOOKUP($A845,BD_INSUMOS2[],7,FALSE),\"\")","v":""},{"$f":"+IFERROR(VLOOKUP($A845,BD_INSUMOS2[],8,FALSE),\"\")","v":""}]
[835,{"$f":"+IFERROR(VLOOKUP($A846,BD_INSUMOS2[],3,FALSE),\"\")","v":""},{"$f":"+IFERROR(VLOOKUP($A846,BD_INSUMOS2[],5,FALSE),\"\")","v":""},{"$f":"+IFERROR(VLOOKUP($A846,BD_INSUMOS2[],6,FALSE),\"\")","v":""},{"$f":"+IFERROR(VLOOKUP($A846,BD_INSUMOS2[],7,FALSE),\"\")","v":""},{"$f":"+IFERROR(VLOOKUP($A846,BD_INSUMOS2[],8,FALSE),\"\")","v":""}]
[836,{"$f":"+IFERROR(VLOOKUP($A847,BD_INSUMOS2[],3,FALSE),\"\")","v":""},{"$f":"+IFERROR(VLOOKUP($A847,BD_INSUMOS2[],5,FALSE),\"\")","v":""},{"$f":"+IFERROR(VLOOKUP($A847,BD_INSUMOS2[],6,FALSE),\"\")","v":""},{"$f":"+IFERROR(VLOOKUP($A847,BD_INSUMOS2[],7,FALSE),\"\")","v":""},{"$f":"+IFERROR(VLOOKUP($A847,BD_INSUMOS2[],8,FALSE),\"\")","v":""}]
[837,{"$f":"+IFERROR(VLOOKUP($A848,BD_INSUMOS2[],3,FALSE),\"\")","v":""},{"$f":"+IFERROR(VLOOKUP($A848,BD_INSUMOS2[],5,FALSE),\"\")","v":""},{"$f":"+IFERROR(VLOOKUP($A848,BD_INSUMOS2[],6,FALSE),\"\")","v":""},{"$f":"+IFERROR(VLOOKUP($A848,BD_INSUMOS2[],7,FALSE),\"\")","v":""},{"$f":"+IFERROR(VLOOKUP($A848,BD_INSUMOS2[],8,FALSE),\"\")","v":""}]
[838,{"$f":"+IFERROR(VLOOKUP($A849,BD_INSUMOS2[],3,FALSE),\"\")","v":""},{"$f":"+IFERROR(VLOOKUP($A849,BD_INSUMOS2[],5,FALSE),\"\")","v":""},{"$f":"+IFERROR(VLOOKUP($A849,BD_INSUMOS2[],6,FALSE),\"\")","v":""},{"$f":"+IFERROR(VLOOKUP($A849,BD_INSUMOS2[],7,FALSE),\"\")","v":""},{"$f":"+IFERROR(VLOOKUP($A849,BD_INSUMOS2[],8,FALSE),\"\")","v":""}]
[839,{"$f":"+IFERROR(VLOOKUP($A850,BD_INSUMOS2[],3,FALSE),\"\")","v":""},{"$f":"+IFERROR(VLOOKUP($A850,BD_INSUMOS2[],5,FALSE),\"\")","v":""},{"$f":"+IFERROR(VLOOKUP($A850,BD_INSUMOS2[],6,FALSE),\"\")","v":""},{"$f":"+IFERROR(VLOOKUP($A850,BD_INSUMOS2[],7,FALSE),\"\")","v":""},{"$f":"+IFERROR(VLOOKUP($A850,BD_INSUMOS2[],8,FALSE),\"\")","v":""}]
[840,{"$f":"+IFERROR(VLOOKUP($A851,BD_INSUMOS2[],3,FALSE),\"\")","v":""},{"$f":"+IFERROR(VLOOKUP($A851,BD_INSUMOS2[],5,FALSE),\"\")","v":""},{"$f":"+IFERROR(VLOOKUP($A851,BD_INSUMOS2[],6,FALSE),\"\")","v":""},{"$f":"+IFERROR(VLOOKUP($A851,BD_INSUMOS2[],7,FALSE),\"\")","v":""},{"$f":"+IFERROR(VLOOKUP($A851,BD_INSUMOS2[],8,FALSE),\"\")","v":""}]
[841,{"$f":"+IFERROR(VLOOKUP($A852,BD_INSUMOS2[],3,FALSE),\"\")","v":""},{"$f":"+IFERROR(VLOOKUP($A852,BD_INSUMOS2[],5,FALSE),\"\")","v":""},{"$f":"+IFERROR(VLOOKUP($A852,BD_INSUMOS2[],6,FALSE),\"\")","v":""},{"$f":"+IFERROR(VLOOKUP($A852,BD_INSUMOS2[],7,FALSE),\"\")","v":""},{"$f":"+IFERROR(VLOOKUP($A852,BD_INSUMOS2[],8,FALSE),\"\")","v":""}]
[842,{"$f":"+IFERROR(VLOOKUP($A853,BD_INSUMOS2[],3,FALSE),\"\")","v":""},{"$f":"+IFERROR(VLOOKUP($A853,BD_INSUMOS2[],5,FALSE),\"\")","v":""},{"$f":"+IFERROR(VLOOKUP($A853,BD_INSUMOS2[],6,FALSE),\"\")","v":""},{"$f":"+IFERROR(VLOOKUP($A853,BD_INSUMOS2[],7,FALSE),\"\")","v":""},{"$f":"+IFERROR(VLOOKUP($A853,BD_INSUMOS2[],8,FALSE),\"\")","v":""}]
[843,{"$f":"+IFERROR(VLOOKUP($A854,BD_INSUMOS2[],3,FALSE),\"\")","v":""},{"$f":"+IFERROR(VLOOKUP($A854,BD_INSUMOS2[],5,FALSE),\"\")","v":""},{"$f":"+IFERROR(VLOOKUP($A854,BD_INSUMOS2[],6,FALSE),\"\")","v":""},{"$f":"+IFERROR(VLOOKUP($A854,BD_INSUMOS2[],7,FALSE),\"\")","v":""},{"$f":"+IFERROR(VLOOKUP($A854,BD_INSUMOS2[],8,FALSE),\"\")","v":""}]
[844,{"$f":"+IFERROR(VLOOKUP($A855,BD_INSUMOS2[],3,FALSE),\"\")","v":""},{"$f":"+IFERROR(VLOOKUP($A855,BD_INSUMOS2[],5,FALSE),\"\")","v":""},{"$f":"+IFERROR(VLOOKUP($A855,BD_INSUMOS2[],6,FALSE),\"\")","v":""},{"$f":"+IFERROR(VLOOKUP($A855,BD_INSUMOS2[],7,FALSE),\"\")","v":""},{"$f":"+IFERROR(VLOOKUP($A855,BD_INSUMOS2[],8,FALSE),\"\")","v":""}]
[845,{"$f":"+IFERROR(VLOOKUP($A856,BD_INSUMOS2[],3,FALSE),\"\")","v":""},{"$f":"+IFERROR(VLOOKUP($A856,BD_INSUMOS2[],5,FALSE),\"\")","v":""},{"$f":"+IFERROR(VLOOKUP($A856,BD_INSUMOS2[],6,FALSE),\"\")","v":""},{"$f":"+IFERROR(VLOOKUP($A856,BD_INSUMOS2[],7,FALSE),\"\")","v":""},{"$f":"+IFERROR(VLOOKUP($A856,BD_INSUMOS2[],8,FALSE),\"\")","v":""}]
[846,{"$f":"+IFERROR(VLOOKUP($A857,BD_INSUMOS2[],3,FALSE),\"\")","v":""},{"$f":"+IFERROR(VLOOKUP($A857,BD_INSUMOS2[],5,FALSE),\"\")","v":""},{"$f":"+IFERROR(VLOOKUP($A857,BD_INSUMOS2[],6,FALSE),\"\")","v":""},{"$f":"+IFERROR(VLOOKUP($A857,BD_INSUMOS2[],7,FALSE),\"\")","v":""},{"$f":"+IFERROR(VLOOKUP($A857,BD_INSUMOS2[],8,FALSE),\"\")","v":""}]
[847,{"$f":"+IFERROR(VLOOKUP($A858,BD_INSUMOS2[],3,FALSE),\"\")","v":""},{"$f":"+IFERROR(VLOOKUP($A858,BD_INSUMOS2[],5,FALSE),\"\")","v":""},{"$f":"+IFERROR(VLOOKUP($A858,BD_INSUMOS2[],6,FALSE),\"\")","v":""},{"$f":"+IFERROR(VLOOKUP($A858,BD_INSUMOS2[],7,FALSE),\"\")","v":""},{"$f":"+IFERROR(VLOOKUP($A858,BD_INSUMOS2[],8,FALSE),\"\")","v":""}]
[848,{"$f":"+IFERROR(VLOOKUP($A859,BD_INSUMOS2[],3,FALSE),\"\")","v":""},{"$f":"+IFERROR(VLOOKUP($A859,BD_INSUMOS2[],5,FALSE),\"\")","v":""},{"$f":"+IFERROR(VLOOKUP($A859,BD_INSUMOS2[],6,FALSE),\"\")","v":""},{"$f":"+IFERROR(VLOOKUP($A859,BD_INSUMOS2[],7,FALSE),\"\")","v":""},{"$f":"+IFERROR(VLOOKUP($A859,BD_INSUMOS2[],8,FALSE),\"\")","v":""}]
[849,{"$f":"+IFERROR(VLOOKUP($A860,BD_INSUMOS2[],3,FALSE),\"\")","v":""},{"$f":"+IFERROR(VLOOKUP($A860,BD_INSUMOS2[],5,FALSE),\"\")","v":""},{"$f":"+IFERROR(VLOOKUP($A860,BD_INSUMOS2[],6,FALSE),\"\")","v":""},{"$f":"+IFERROR(VLOOKUP($A860,BD_INSUMOS2[],7,FALSE),\"\")","v":""},{"$f":"+IFERROR(VLOOKUP($A860,BD_INSUMOS2[],8,FALSE),\"\")","v":""}]
[850,{"$f":"+IFERROR(VLOOKUP($A861,BD_INSUMOS2[],3,FALSE),\"\")","v":""},{"$f":"+IFERROR(VLOOKUP($A861,BD_INSUMOS2[],5,FALSE),\"\")","v":""},{"$f":"+IFERROR(VLOOKUP($A861,BD_INSUMOS2[],6,FALSE),\"\")","v":""},{"$f":"+IFERROR(VLOOKUP($A861,BD_INSUMOS2[],7,FALSE),\"\")","v":""},{"$f":"+IFERROR(VLOOKUP($A861,BD_INSUMOS2[],8,FALSE),\"\")","v":""}]
[851,{"$f":"+IFERROR(VLOOKUP($A862,BD_INSUMOS2[],3,FALSE),\"\")","v":""},{"$f":"+IFERROR(VLOOKUP($A862,BD_INSUMOS2[],5,FALSE),\"\")","v":""},{"$f":"+IFERROR(VLOOKUP($A862,BD_INSUMOS2[],6,FALSE),\"\")","v":""},{"$f":"+IFERROR(VLOOKUP($A862,BD_INSUMOS2[],7,FALSE),\"\")","v":""},{"$f":"+IFERROR(VLOOKUP($A862,BD_INSUMOS2[],8,FALSE),\"\")","v":""}]
[852,{"$f":"+IFERROR(VLOOKUP($A863,BD_INSUMOS2[],3,FALSE),\"\")","v":""},{"$f":"+IFERROR(VLOOKUP($A863,BD_INSUMOS2[],5,FALSE),\"\")","v":""},{"$f":"+IFERROR(VLOOKUP($A863,BD_INSUMOS2[],6,FALSE),\"\")","v":""},{"$f":"+IFERROR(VLOOKUP($A863,BD_INSUMOS2[],7,FALSE),\"\")","v":""},{"$f":"+IFERROR(VLOOKUP($A863,BD_INSUMOS2[],8,FALSE),\"\")","v":""}]
[853,{"$f":"+IFERROR(VLOOKUP($A864,BD_INSUMOS2[],3,FALSE),\"\")","v":""},{"$f":"+IFERROR(VLOOKUP($A864,BD_INSUMOS2[],5,FALSE),\"\")","v":""},{"$f":"+IFERROR(VLOOKUP($A864,BD_INSUMOS2[],6,FALSE),\"\")","v":""},{"$f":"+IFERROR(VLOOKUP($A864,BD_INSUMOS2[],7,FALSE),\"\")","v":""},{"$f":"+IFERROR(VLOOKUP($A864,BD_INSUMOS2[],8,FALSE),\"\")","v":""}]
[854,{"$f":"+IFERROR(VLOOKUP($A865,BD_INSUMOS2[],3,FALSE),\"\")","v":""},{"$f":"+IFERROR(VLOOKUP($A865,BD_INSUMOS2[],5,FALSE),\"\")","v":""},{"$f":"+IFERROR(VLOOKUP($A865,BD_INSUMOS2[],6,FALSE),\"\")","v":""},{"$f":"+IFERROR(VLOOKUP($A865,BD_INSUMOS2[],7,FALSE),\"\")","v":""},{"$f":"+IFERROR(VLOOKUP($A865,BD_INSUMOS2[],8,FALSE),\"\")","v":""}]
[855,{"$f":"+IFERROR(VLOOKUP($A866,BD_INSUMOS2[],3,FALSE),\"\")","v":""},{"$f":"+IFERROR(VLOOKUP($A866,BD_INSUMOS2[],5,FALSE),\"\")","v":""},{"$f":"+IFERROR(VLOOKUP($A866,BD_INSUMOS2[],6,FALSE),\"\")","v":""},{"$f":"+IFERROR(VLOOKUP($A866,BD_INSUMOS2[],7,FALSE),\"\")","v":""},{"$f":"+IFERROR(VLOOKUP($A866,BD_INSUMOS2[],8,FALSE),\"\")","v":""}]
[856,{"$f":"+IFERROR(VLOOKUP($A867,BD_INSUMOS2[],3,FALSE),\"\")","v":""},{"$f":"+IFERROR(VLOOKUP($A867,BD_INSUMOS2[],5,FALSE),\"\")","v":""},{"$f":"+IFERROR(VLOOKUP($A867,BD_INSUMOS2[],6,FALSE),\"\")","v":""},{"$f":"+IFERROR(VLOOKUP($A867,BD_INSUMOS2[],7,FALSE),\"\")","v":""},{"$f":"+IFERROR(VLOOKUP($A867,BD_INSUMOS2[],8,FALSE),\"\")","v":""}]
[857,{"$f":"+IFERROR(VLOOKUP($A868,BD_INSUMOS2[],3,FALSE),\"\")","v":""},{"$f":"+IFERROR(VLOOKUP($A868,BD_INSUMOS2[],5,FALSE),\"\")","v":""},{"$f":"+IFERROR(VLOOKUP($A868,BD_INSUMOS2[],6,FALSE),\"\")","v":""},{"$f":"+IFERROR(VLOOKUP($A868,BD_INSUMOS2[],7,FALSE),\"\")","v":""},{"$f":"+IFERROR(VLOOKUP($A868,BD_INSUMOS2[],8,FALSE),\"\")","v":""}]
[858,{"$f":"+IFERROR(VLOOKUP($A869,BD_INSUMOS2[],3,FALSE),\"\")","v":""},{"$f":"+IFERROR(VLOOKUP($A869,BD_INSUMOS2[],5,FALSE),\"\")","v":""},{"$f":"+IFERROR(VLOOKUP($A869,BD_INSUMOS2[],6,FALSE),\"\")","v":""},{"$f":"+IFERROR(VLOOKUP($A869,BD_INSUMOS2[],7,FALSE),\"\")","v":""},{"$f":"+IFERROR(VLOOKUP($A869,BD_INSUMOS2[],8,FALSE),\"\")","v":""}]
[859,{"$f":"+IFERROR(VLOOKUP($A870,BD_INSUMOS2[],3,FALSE),\"\")","v":""},{"$f":"+IFERROR(VLOOKUP($A870,BD_INSUMOS2[],5,FALSE),\"\")","v":""},{"$f":"+IFERROR(VLOOKUP($A870,BD_INSUMOS2[],6,FALSE),\"\")","v":""},{"$f":"+IFERROR(VLOOKUP($A870,BD_INSUMOS2[],7,FALSE),\"\")","v":""},{"$f":"+IFERROR(VLOOKUP($A870,BD_INSUMOS2[],8,FALSE),\"\")","v":""}]
[860,{"$f":"+IFERROR(VLOOKUP($A871,BD_INSUMOS2[],3,FALSE),\"\")","v":""},{"$f":"+IFERROR(VLOOKUP($A871,BD_INSUMOS2[],5,FALSE),\"\")","v":""},{"$f":"+IFERROR(VLOOKUP($A871,BD_INSUMOS2[],6,FALSE),\"\")","v":""},{"$f":"+IFERROR(VLOOKUP($A871,BD_INSUMOS2[],7,FALSE),\"\")","v":""},{"$f":"+IFERROR(VLOOKUP($A871,BD_INSUMOS2[],8,FALSE),\"\")","v":""}]
[861,{"$f":"+IFERROR(VLOOKUP($A872,BD_INSUMOS2[],3,FALSE),\"\")","v":""},{"$f":"+IFERROR(VLOOKUP($A872,BD_INSUMOS2[],5,FALSE),\"\")","v":""},{"$f":"+IFERROR(VLOOKUP($A872,BD_INSUMOS2[],6,FALSE),\"\")","v":""},{"$f":"+IFERROR(VLOOKUP($A872,BD_INSUMOS2[],7,FALSE),\"\")","v":""},{"$f":"+IFERROR(VLOOKUP($A872,BD_INSUMOS2[],8,FALSE),\"\")","v":""}]
[862,{"$f":"+IFERROR(VLOOKUP($A873,BD_INSUMOS2[],3,FALSE),\"\")","v":""},{"$f":"+IFERROR(VLOOKUP($A873,BD_INSUMOS2[],5,FALSE),\"\")","v":""},{"$f":"+IFERROR(VLOOKUP($A873,BD_INSUMOS2[],6,FALSE),\"\")","v":""},{"$f":"+IFERROR(VLOOKUP($A873,BD_INSUMOS2[],7,FALSE),\"\")","v":""},{"$f":"+IFERROR(VLOOKUP($A873,BD_INSUMOS2[],8,FALSE),\"\")","v":""}]
[863,{"$f":"+IFERROR(VLOOKUP($A874,BD_INSUMOS2[],3,FALSE),\"\")","v":""},{"$f":"+IFERROR(VLOOKUP($A874,BD_INSUMOS2[],5,FALSE),\"\")","v":""},{"$f":"+IFERROR(VLOOKUP($A874,BD_INSUMOS2[],6,FALSE),\"\")","v":""},{"$f":"+IFERROR(VLOOKUP($A874,BD_INSUMOS2[],7,FALSE),\"\")","v":""},{"$f":"+IFERROR(VLOOKUP($A874,BD_INSUMOS2[],8,FALSE),\"\")","v":""}]
[864,{"$f":"+IFERROR(VLOOKUP($A875,BD_INSUMOS2[],3,FALSE),\"\")","v":""},{"$f":"+IFERROR(VLOOKUP($A875,BD_INSUMOS2[],5,FALSE),\"\")","v":""},{"$f":"+IFERROR(VLOOKUP($A875,BD_INSUMOS2[],6,FALSE),\"\")","v":""},{"$f":"+IFERROR(VLOOKUP($A875,BD_INSUMOS2[],7,FALSE),\"\")","v":""},{"$f":"+IFERROR(VLOOKUP($A875,BD_INSUMOS2[],8,FALSE),\"\")","v":""}]
[865,{"$f":"+IFERROR(VLOOKUP($A876,BD_INSUMOS2[],3,FALSE),\"\")","v":""},{"$f":"+IFERROR(VLOOKUP($A876,BD_INSUMOS2[],5,FALSE),\"\")","v":""},{"$f":"+IFERROR(VLOOKUP($A876,BD_INSUMOS2[],6,FALSE),\"\")","v":""},{"$f":"+IFERROR(VLOOKUP($A876,BD_INSUMOS2[],7,FALSE),\"\")","v":""},{"$f":"+IFERROR(VLOOKUP($A876,BD_INSUMOS2[],8,FALSE),\"\")","v":""}]
[866,{"$f":"+IFERROR(VLOOKUP($A877,BD_INSUMOS2[],3,FALSE),\"\")","v":""},{"$f":"+IFERROR(VLOOKUP($A877,BD_INSUMOS2[],5,FALSE),\"\")","v":""},{"$f":"+IFERROR(VLOOKUP($A877,BD_INSUMOS2[],6,FALSE),\"\")","v":""},{"$f":"+IFERROR(VLOOKUP($A877,BD_INSUMOS2[],7,FALSE),\"\")","v":""},{"$f":"+IFERROR(VLOOKUP($A877,BD_INSUMOS2[],8,FALSE),\"\")","v":""}]
[867,{"$f":"+IFERROR(VLOOKUP($A878,BD_INSUMOS2[],3,FALSE),\"\")","v":""},{"$f":"+IFERROR(VLOOKUP($A878,BD_INSUMOS2[],5,FALSE),\"\")","v":""},{"$f":"+IFERROR(VLOOKUP($A878,BD_INSUMOS2[],6,FALSE),\"\")","v":""},{"$f":"+IFERROR(VLOOKUP($A878,BD_INSUMOS2[],7,FALSE),\"\")","v":""},{"$f":"+IFERROR(VLOOKUP($A878,BD_INSUMOS2[],8,FALSE),\"\")","v":""}]
[868,{"$f":"+IFERROR(VLOOKUP($A879,BD_INSUMOS2[],3,FALSE),\"\")","v":""},{"$f":"+IFERROR(VLOOKUP($A879,BD_INSUMOS2[],5,FALSE),\"\")","v":""},{"$f":"+IFERROR(VLOOKUP($A879,BD_INSUMOS2[],6,FALSE),\"\")","v":""},{"$f":"+IFERROR(VLOOKUP($A879,BD_INSUMOS2[],7,FALSE),\"\")","v":""},{"$f":"+IFERROR(VLOOKUP($A879,BD_INSUMOS2[],8,FALSE),\"\")","v":""}]
[869,{"$f":"+IFERROR(VLOOKUP($A880,BD_INSUMOS2[],3,FALSE),\"\")","v":""},{"$f":"+IFERROR(VLOOKUP($A880,BD_INSUMOS2[],5,FALSE),\"\")","v":""},{"$f":"+IFERROR(VLOOKUP($A880,BD_INSUMOS2[],6,FALSE),\"\")","v":""},{"$f":"+IFERROR(VLOOKUP($A880,BD_INSUMOS2[],7,FALSE),\"\")","v":""},{"$f":"+IFERROR(VLOOKUP($A880,BD_INSUMOS2[],8,FALSE),\"\")","v":""}]
[870,{"$f":"+IFERROR(VLOOKUP($A881,BD_INSUMOS2[],3,FALSE),\"\")","v":""},{"$f":"+IFERROR(VLOOKUP($A881,BD_INSUMOS2[],5,FALSE),\"\")","v":""},{"$f":"+IFERROR(VLOOKUP($A881,BD_INSUMOS2[],6,FALSE),\"\")","v":""},{"$f":"+IFERROR(VLOOKUP($A881,BD_INSUMOS2[],7,FALSE),\"\")","v":""},{"$f":"+IFERROR(VLOOKUP($A881,BD_INSUMOS2[],8,FALSE),\"\")","v":""}]
[871,{"$f":"+IFERROR(VLOOKUP($A882,BD_INSUMOS2[],3,FALSE),\"\")","v":""},{"$f":"+IFERROR(VLOOKUP($A882,BD_INSUMOS2[],5,FALSE),\"\")","v":""},{"$f":"+IFERROR(VLOOKUP($A882,BD_INSUMOS2[],6,FALSE),\"\")","v":""},{"$f":"+IFERROR(VLOOKUP($A882,BD_INSUMOS2[],7,FALSE),\"\")","v":""},{"$f":"+IFERROR(VLOOKUP($A882,BD_INSUMOS2[],8,FALSE),\"\")","v":""}]
[872,{"$f":"+IFERROR(VLOOKUP($A883,BD_INSUMOS2[],3,FALSE),\"\")","v":""},{"$f":"+IFERROR(VLOOKUP($A883,BD_INSUMOS2[],5,FALSE),\"\")","v":""},{"$f":"+IFERROR(VLOOKUP($A883,BD_INSUMOS2[],6,FALSE),\"\")","v":""},{"$f":"+IFERROR(VLOOKUP($A883,BD_INSUMOS2[],7,FALSE),\"\")","v":""},{"$f":"+IFERROR(VLOOKUP($A883,BD_INSUMOS2[],8,FALSE),\"\")","v":""}]
[873,{"$f":"+IFERROR(VLOOKUP($A884,BD_INSUMOS2[],3,FALSE),\"\")","v":""},{"$f":"+IFERROR(VLOOKUP($A884,BD_INSUMOS2[],5,FALSE),\"\")","v":""},{"$f":"+IFERROR(VLOOKUP($A884,BD_INSUMOS2[],6,FALSE),\"\")","v":""},{"$f":"+IFERROR(VLOOKUP($A884,BD_INSUMOS2[],7,FALSE),\"\")","v":""},{"$f":"+IFERROR(VLOOKUP($A884,BD_INSUMOS2[],8,FALSE),\"\")","v":""}]
[874,{"$f":"+IFERROR(VLOOKUP($A885,BD_INSUMOS2[],3,FALSE),\"\")","v":""},{"$f":"+IFERROR(VLOOKUP($A885,BD_INSUMOS2[],5,FALSE),\"\")","v":""},{"$f":"+IFERROR(VLOOKUP($A885,BD_INSUMOS2[],6,FALSE),\"\")","v":""},{"$f":"+IFERROR(VLOOKUP($A885,BD_INSUMOS2[],7,FALSE),\"\")","v":""},{"$f":"+IFERROR(VLOOKUP($A885,BD_INSUMOS2[],8,FALSE),\"\")","v":""}]
[875,{"$f":"+IFERROR(VLOOKUP($A886,BD_INSUMOS2[],3,FALSE),\"\")","v":""},{"$f":"+IFERROR(VLOOKUP($A886,BD_INSUMOS2[],5,FALSE),\"\")","v":""},{"$f":"+IFERROR(VLOOKUP($A886,BD_INSUMOS2[],6,FALSE),\"\")","v":""},{"$f":"+IFERROR(VLOOKUP($A886,BD_INSUMOS2[],7,FALSE),\"\")","v":""},{"$f":"+IFERROR(VLOOKUP($A886,BD_INSUMOS2[],8,FALSE),\"\")","v":""}]
[876,{"$f":"+IFERROR(VLOOKUP($A887,BD_INSUMOS2[],3,FALSE),\"\")","v":""},{"$f":"+IFERROR(VLOOKUP($A887,BD_INSUMOS2[],5,FALSE),\"\")","v":""},{"$f":"+IFERROR(VLOOKUP($A887,BD_INSUMOS2[],6,FALSE),\"\")","v":""},{"$f":"+IFERROR(VLOOKUP($A887,BD_INSUMOS2[],7,FALSE),\"\")","v":""},{"$f":"+IFERROR(VLOOKUP($A887,BD_INSUMOS2[],8,FALSE),\"\")","v":""}]
[877,{"$f":"+IFERROR(VLOOKUP($A888,BD_INSUMOS2[],3,FALSE),\"\")","v":""},{"$f":"+IFERROR(VLOOKUP($A888,BD_INSUMOS2[],5,FALSE),\"\")","v":""},{"$f":"+IFERROR(VLOOKUP($A888,BD_INSUMOS2[],6,FALSE),\"\")","v":""},{"$f":"+IFERROR(VLOOKUP($A888,BD_INSUMOS2[],7,FALSE),\"\")","v":""},{"$f":"+IFERROR(VLOOKUP($A888,BD_INSUMOS2[],8,FALSE),\"\")","v":""}]
[878,{"$f":"+IFERROR(VLOOKUP($A889,BD_INSUMOS2[],3,FALSE),\"\")","v":""},{"$f":"+IFERROR(VLOOKUP($A889,BD_INSUMOS2[],5,FALSE),\"\")","v":""},{"$f":"+IFERROR(VLOOKUP($A889,BD_INSUMOS2[],6,FALSE),\"\")","v":""},{"$f":"+IFERROR(VLOOKUP($A889,BD_INSUMOS2[],7,FALSE),\"\")","v":""},{"$f":"+IFERROR(VLOOKUP($A889,BD_INSUMOS2[],8,FALSE),\"\")","v":""}]
[879,{"$f":"+IFERROR(VLOOKUP($A890,BD_INSUMOS2[],3,FALSE),\"\")","v":""},{"$f":"+IFERROR(VLOOKUP($A890,BD_INSUMOS2[],5,FALSE),\"\")","v":""},{"$f":"+IFERROR(VLOOKUP($A890,BD_INSUMOS2[],6,FALSE),\"\")","v":""},{"$f":"+IFERROR(VLOOKUP($A890,BD_INSUMOS2[],7,FALSE),\"\")","v":""},{"$f":"+IFERROR(VLOOKUP($A890,BD_INSUMOS2[],8,FALSE),\"\")","v":""}]
[880,{"$f":"+IFERROR(VLOOKUP($A891,BD_INSUMOS2[],3,FALSE),\"\")","v":""},{"$f":"+IFERROR(VLOOKUP($A891,BD_INSUMOS2[],5,FALSE),\"\")","v":""},{"$f":"+IFERROR(VLOOKUP($A891,BD_INSUMOS2[],6,FALSE),\"\")","v":""},{"$f":"+IFERROR(VLOOKUP($A891,BD_INSUMOS2[],7,FALSE),\"\")","v":""},{"$f":"+IFERROR(VLOOKUP($A891,BD_INSUMOS2[],8,FALSE),\"\")","v":""}]
[881,{"$f":"+IFERROR(VLOOKUP($A892,BD_INSUMOS2[],3,FALSE),\"\")","v":""},{"$f":"+IFERROR(VLOOKUP($A892,BD_INSUMOS2[],5,FALSE),\"\")","v":""},{"$f":"+IFERROR(VLOOKUP($A892,BD_INSUMOS2[],6,FALSE),\"\")","v":""},{"$f":"+IFERROR(VLOOKUP($A892,BD_INSUMOS2[],7,FALSE),\"\")","v":""},{"$f":"+IFERROR(VLOOKUP($A892,BD_INSUMOS2[],8,FALSE),\"\")","v":""}]
[882,{"$f":"+IFERROR(VLOOKUP($A893,BD_INSUMOS2[],3,FALSE),\"\")","v":""},{"$f":"+IFERROR(VLOOKUP($A893,BD_INSUMOS2[],5,FALSE),\"\")","v":""},{"$f":"+IFERROR(VLOOKUP($A893,BD_INSUMOS2[],6,FALSE),\"\")","v":""},{"$f":"+IFERROR(VLOOKUP($A893,BD_INSUMOS2[],7,FALSE),\"\")","v":""},{"$f":"+IFERROR(VLOOKUP($A893,BD_INSUMOS2[],8,FALSE),\"\")","v":""}]
[883,{"$f":"+IFERROR(VLOOKUP($A894,BD_INSUMOS2[],3,FALSE),\"\")","v":""},{"$f":"+IFERROR(VLOOKUP($A894,BD_INSUMOS2[],5,FALSE),\"\")","v":""},{"$f":"+IFERROR(VLOOKUP($A894,BD_INSUMOS2[],6,FALSE),\"\")","v":""},{"$f":"+IFERROR(VLOOKUP($A894,BD_INSUMOS2[],7,FALSE),\"\")","v":""},{"$f":"+IFERROR(VLOOKUP($A894,BD_INSUMOS2[],8,FALSE),\"\")","v":""}]
[884,{"$f":"+IFERROR(VLOOKUP($A895,BD_INSUMOS2[],3,FALSE),\"\")","v":""},{"$f":"+IFERROR(VLOOKUP($A895,BD_INSUMOS2[],5,FALSE),\"\")","v":""},{"$f":"+IFERROR(VLOOKUP($A895,BD_INSUMOS2[],6,FALSE),\"\")","v":""},{"$f":"+IFERROR(VLOOKUP($A895,BD_INSUMOS2[],7,FALSE),\"\")","v":""},{"$f":"+IFERROR(VLOOKUP($A895,BD_INSUMOS2[],8,FALSE),\"\")","v":""}]
[885,{"$f":"+IFERROR(VLOOKUP($A896,BD_INSUMOS2[],3,FALSE),\"\")","v":""},{"$f":"+IFERROR(VLOOKUP($A896,BD_INSUMOS2[],5,FALSE),\"\")","v":""},{"$f":"+IFERROR(VLOOKUP($A896,BD_INSUMOS2[],6,FALSE),\"\")","v":""},{"$f":"+IFERROR(VLOOKUP($A896,BD_INSUMOS2[],7,FALSE),\"\")","v":""},{"$f":"+IFERROR(VLOOKUP($A896,BD_INSUMOS2[],8,FALSE),\"\")","v":""}]
[886,{"$f":"+IFERROR(VLOOKUP($A897,BD_INSUMOS2[],3,FALSE),\"\")","v":""},{"$f":"+IFERROR(VLOOKUP($A897,BD_INSUMOS2[],5,FALSE),\"\")","v":""},{"$f":"+IFERROR(VLOOKUP($A897,BD_INSUMOS2[],6,FALSE),\"\")","v":""},{"$f":"+IFERROR(VLOOKUP($A897,BD_INSUMOS2[],7,FALSE),\"\")","v":""},{"$f":"+IFERROR(VLOOKUP($A897,BD_INSUMOS2[],8,FALSE),\"\")","v":""}]
[887,{"$f":"+IFERROR(VLOOKUP($A898,BD_INSUMOS2[],3,FALSE),\"\")","v":""},{"$f":"+IFERROR(VLOOKUP($A898,BD_INSUMOS2[],5,FALSE),\"\")","v":""},{"$f":"+IFERROR(VLOOKUP($A898,BD_INSUMOS2[],6,FALSE),\"\")","v":""},{"$f":"+IFERROR(VLOOKUP($A898,BD_INSUMOS2[],7,FALSE),\"\")","v":""},{"$f":"+IFERROR(VLOOKUP($A898,BD_INSUMOS2[],8,FALSE),\"\")","v":""}]
[888,{"$f":"+IFERROR(VLOOKUP($A899,BD_INSUMOS2[],3,FALSE),\"\")","v":""},{"$f":"+IFERROR(VLOOKUP($A899,BD_INSUMOS2[],5,FALSE),\"\")","v":""},{"$f":"+IFERROR(VLOOKUP($A899,BD_INSUMOS2[],6,FALSE),\"\")","v":""},{"$f":"+IFERROR(VLOOKUP($A899,BD_INSUMOS2[],7,FALSE),\"\")","v":""},{"$f":"+IFERROR(VLOOKUP($A899,BD_INSUMOS2[],8,FALSE),\"\")","v":""}]
[889,{"$f":"+IFERROR(VLOOKUP($A900,BD_INSUMOS2[],3,FALSE),\"\")","v":""},{"$f":"+IFERROR(VLOOKUP($A900,BD_INSUMOS2[],5,FALSE),\"\")","v":""},{"$f":"+IFERROR(VLOOKUP($A900,BD_INSUMOS2[],6,FALSE),\"\")","v":""},{"$f":"+IFERROR(VLOOKUP($A900,BD_INSUMOS2[],7,FALSE),\"\")","v":""},{"$f":"+IFERROR(VLOOKUP($A900,BD_INSUMOS2[],8,FALSE),\"\")","v":""}]
[890,{"$f":"+IFERROR(VLOOKUP($A901,BD_INSUMOS2[],3,FALSE),\"\")","v":""},{"$f":"+IFERROR(VLOOKUP($A901,BD_INSUMOS2[],5,FALSE),\"\")","v":""},{"$f":"+IFERROR(VLOOKUP($A901,BD_INSUMOS2[],6,FALSE),\"\")","v":""},{"$f":"+IFERROR(VLOOKUP($A901,BD_INSUMOS2[],7,FALSE),\"\")","v":""},{"$f":"+IFERROR(VLOOKUP($A901,BD_INSUMOS2[],8,FALSE),\"\")","v":""}]
[891,{"$f":"+IFERROR(VLOOKUP($A902,BD_INSUMOS2[],3,FALSE),\"\")","v":""},{"$f":"+IFERROR(VLOOKUP($A902,BD_INSUMOS2[],5,FALSE),\"\")","v":""},{"$f":"+IFERROR(VLOOKUP($A902,BD_INSUMOS2[],6,FALSE),\"\")","v":""},{"$f":"+IFERROR(VLOOKUP($A902,BD_INSUMOS2[],7,FALSE),\"\")","v":""},{"$f":"+IFERROR(VLOOKUP($A902,BD_INSUMOS2[],8,FALSE),\"\")","v":""}]
[892,{"$f":"+IFERROR(VLOOKUP($A903,BD_INSUMOS2[],3,FALSE),\"\")","v":""},{"$f":"+IFERROR(VLOOKUP($A903,BD_INSUMOS2[],5,FALSE),\"\")","v":""},{"$f":"+IFERROR(VLOOKUP($A903,BD_INSUMOS2[],6,FALSE),\"\")","v":""},{"$f":"+IFERROR(VLOOKUP($A903,BD_INSUMOS2[],7,FALSE),\"\")","v":""},{"$f":"+IFERROR(VLOOKUP($A903,BD_INSUMOS2[],8,FALSE),\"\")","v":""}]
[893,{"$f":"+IFERROR(VLOOKUP($A904,BD_INSUMOS2[],3,FALSE),\"\")","v":""},{"$f":"+IFERROR(VLOOKUP($A904,BD_INSUMOS2[],5,FALSE),\"\")","v":""},{"$f":"+IFERROR(VLOOKUP($A904,BD_INSUMOS2[],6,FALSE),\"\")","v":""},{"$f":"+IFERROR(VLOOKUP($A904,BD_INSUMOS2[],7,FALSE),\"\")","v":""},{"$f":"+IFERROR(VLOOKUP($A904,BD_INSUMOS2[],8,FALSE),\"\")","v":""}]
[894,{"$f":"+IFERROR(VLOOKUP($A905,BD_INSUMOS2[],3,FALSE),\"\")","v":""},{"$f":"+IFERROR(VLOOKUP($A905,BD_INSUMOS2[],5,FALSE),\"\")","v":""},{"$f":"+IFERROR(VLOOKUP($A905,BD_INSUMOS2[],6,FALSE),\"\")","v":""},{"$f":"+IFERROR(VLOOKUP($A905,BD_INSUMOS2[],7,FALSE),\"\")","v":""},{"$f":"+IFERROR(VLOOKUP($A905,BD_INSUMOS2[],8,FALSE),\"\")","v":""}]
[895,{"$f":"+IFERROR(VLOOKUP($A906,BD_INSUMOS2[],3,FALSE),\"\")","v":""},{"$f":"+IFERROR(VLOOKUP($A906,BD_INSUMOS2[],5,FALSE),\"\")","v":""},{"$f":"+IFERROR(VLOOKUP($A906,BD_INSUMOS2[],6,FALSE),\"\")","v":""},{"$f":"+IFERROR(VLOOKUP($A906,BD_INSUMOS2[],7,FALSE),\"\")","v":""},{"$f":"+IFERROR(VLOOKUP($A906,BD_INSUMOS2[],8,FALSE),\"\")","v":""}]
[896,{"$f":"+IFERROR(VLOOKUP($A907,BD_INSUMOS2[],3,FALSE),\"\")","v":""},{"$f":"+IFERROR(VLOOKUP($A907,BD_INSUMOS2[],5,FALSE),\"\")","v":""},{"$f":"+IFERROR(VLOOKUP($A907,BD_INSUMOS2[],6,FALSE),\"\")","v":""},{"$f":"+IFERROR(VLOOKUP($A907,BD_INSUMOS2[],7,FALSE),\"\")","v":""},{"$f":"+IFERROR(VLOOKUP($A907,BD_INSUMOS2[],8,FALSE),\"\")","v":""}]
[897,{"$f":"+IFERROR(VLOOKUP($A908,BD_INSUMOS2[],3,FALSE),\"\")","v":""},{"$f":"+IFERROR(VLOOKUP($A908,BD_INSUMOS2[],5,FALSE),\"\")","v":""},{"$f":"+IFERROR(VLOOKUP($A908,BD_INSUMOS2[],6,FALSE),\"\")","v":""},{"$f":"+IFERROR(VLOOKUP($A908,BD_INSUMOS2[],7,FALSE),\"\")","v":""},{"$f":"+IFERROR(VLOOKUP($A908,BD_INSUMOS2[],8,FALSE),\"\")","v":""}]
[898,{"$f":"+IFERROR(VLOOKUP($A909,BD_INSUMOS2[],3,FALSE),\"\")","v":""},{"$f":"+IFERROR(VLOOKUP($A909,BD_INSUMOS2[],5,FALSE),\"\")","v":""},{"$f":"+IFERROR(VLOOKUP($A909,BD_INSUMOS2[],6,FALSE),\"\")","v":""},{"$f":"+IFERROR(VLOOKUP($A909,BD_INSUMOS2[],7,FALSE),\"\")","v":""},{"$f":"+IFERROR(VLOOKUP($A909,BD_INSUMOS2[],8,FALSE),\"\")","v":""}]
[899,{"$f":"+IFERROR(VLOOKUP($A910,BD_INSUMOS2[],3,FALSE),\"\")","v":""},{"$f":"+IFERROR(VLOOKUP($A910,BD_INSUMOS2[],5,FALSE),\"\")","v":""},{"$f":"+IFERROR(VLOOKUP($A910,BD_INSUMOS2[],6,FALSE),\"\")","v":""},{"$f":"+IFERROR(VLOOKUP($A910,BD_INSUMOS2[],7,FALSE),\"\")","v":""},{"$f":"+IFERROR(VLOOKUP($A910,BD_INSUMOS2[],8,FALSE),\"\")","v":""}]
[900,{"$f":"+IFERROR(VLOOKUP($A911,BD_INSUMOS2[],3,FALSE),\"\")","v":""},{"$f":"+IFERROR(VLOOKUP($A911,BD_INSUMOS2[],5,FALSE),\"\")","v":""},{"$f":"+IFERROR(VLOOKUP($A911,BD_INSUMOS2[],6,FALSE),\"\")","v":""},{"$f":"+IFERROR(VLOOKUP($A911,BD_INSUMOS2[],7,FALSE),\"\")","v":""},{"$f":"+IFERROR(VLOOKUP($A911,BD_INSUMOS2[],8,FALSE),\"\")","v":""}]
[901,{"$f":"+IFERROR(VLOOKUP($A912,BD_INSUMOS2[],3,FALSE),\"\")","v":""},{"$f":"+IFERROR(VLOOKUP($A912,BD_INSUMOS2[],5,FALSE),\"\")","v":""},{"$f":"+IFERROR(VLOOKUP($A912,BD_INSUMOS2[],6,FALSE),\"\")","v":""},{"$f":"+IFERROR(VLOOKUP($A912,BD_INSUMOS2[],7,FALSE),\"\")","v":""},{"$f":"+IFERROR(VLOOKUP($A912,BD_INSUMOS2[],8,FALSE),\"\")","v":""}]
[902,{"$f":"+IFERROR(VLOOKUP($A913,BD_INSUMOS2[],3,FALSE),\"\")","v":""},{"$f":"+IFERROR(VLOOKUP($A913,BD_INSUMOS2[],5,FALSE),\"\")","v":""},{"$f":"+IFERROR(VLOOKUP($A913,BD_INSUMOS2[],6,FALSE),\"\")","v":""},{"$f":"+IFERROR(VLOOKUP($A913,BD_INSUMOS2[],7,FALSE),\"\")","v":""},{"$f":"+IFERROR(VLOOKUP($A913,BD_INSUMOS2[],8,FALSE),\"\")","v":""}]
[903,{"$f":"+IFERROR(VLOOKUP($A914,BD_INSUMOS2[],3,FALSE),\"\")","v":""},{"$f":"+IFERROR(VLOOKUP($A914,BD_INSUMOS2[],5,FALSE),\"\")","v":""},{"$f":"+IFERROR(VLOOKUP($A914,BD_INSUMOS2[],6,FALSE),\"\")","v":""},{"$f":"+IFERROR(VLOOKUP($A914,BD_INSUMOS2[],7,FALSE),\"\")","v":""},{"$f":"+IFERROR(VLOOKUP($A914,BD_INSUMOS2[],8,FALSE),\"\")","v":""}]
[904,{"$f":"+IFERROR(VLOOKUP($A915,BD_INSUMOS2[],3,FALSE),\"\")","v":""},{"$f":"+IFERROR(VLOOKUP($A915,BD_INSUMOS2[],5,FALSE),\"\")","v":""},{"$f":"+IFERROR(VLOOKUP($A915,BD_INSUMOS2[],6,FALSE),\"\")","v":""},{"$f":"+IFERROR(VLOOKUP($A915,BD_INSUMOS2[],7,FALSE),\"\")","v":""},{"$f":"+IFERROR(VLOOKUP($A915,BD_INSUMOS2[],8,FALSE),\"\")","v":""}]
[905,{"$f":"+IFERROR(VLOOKUP($A916,BD_INSUMOS2[],3,FALSE),\"\")","v":""},{"$f":"+IFERROR(VLOOKUP($A916,BD_INSUMOS2[],5,FALSE),\"\")","v":""},{"$f":"+IFERROR(VLOOKUP($A916,BD_INSUMOS2[],6,FALSE),\"\")","v":""},{"$f":"+IFERROR(VLOOKUP($A916,BD_INSUMOS2[],7,FALSE),\"\")","v":""},{"$f":"+IFERROR(VLOOKUP($A916,BD_INSUMOS2[],8,FALSE),\"\")","v":""}]
[906,{"$f":"+IFERROR(VLOOKUP($A917,BD_INSUMOS2[],3,FALSE),\"\")","v":""},{"$f":"+IFERROR(VLOOKUP($A917,BD_INSUMOS2[],5,FALSE),\"\")","v":""},{"$f":"+IFERROR(VLOOKUP($A917,BD_INSUMOS2[],6,FALSE),\"\")","v":""},{"$f":"+IFERROR(VLOOKUP($A917,BD_INSUMOS2[],7,FALSE),\"\")","v":""},{"$f":"+IFERROR(VLOOKUP($A917,BD_INSUMOS2[],8,FALSE),\"\")","v":""}]
[907,{"$f":"+IFERROR(VLOOKUP($A918,BD_INSUMOS2[],3,FALSE),\"\")","v":""},{"$f":"+IFERROR(VLOOKUP($A918,BD_INSUMOS2[],5,FALSE),\"\")","v":""},{"$f":"+IFERROR(VLOOKUP($A918,BD_INSUMOS2[],6,FALSE),\"\")","v":""},{"$f":"+IFERROR(VLOOKUP($A918,BD_INSUMOS2[],7,FALSE),\"\")","v":""},{"$f":"+IFERROR(VLOOKUP($A918,BD_INSUMOS2[],8,FALSE),\"\")","v":""}]
[908,{"$f":"+IFERROR(VLOOKUP($A919,BD_INSUMOS2[],3,FALSE),\"\")","v":""},{"$f":"+IFERROR(VLOOKUP($A919,BD_INSUMOS2[],5,FALSE),\"\")","v":""},{"$f":"+IFERROR(VLOOKUP($A919,BD_INSUMOS2[],6,FALSE),\"\")","v":""},{"$f":"+IFERROR(VLOOKUP($A919,BD_INSUMOS2[],7,FALSE),\"\")","v":""},{"$f":"+IFERROR(VLOOKUP($A919,BD_INSUMOS2[],8,FALSE),\"\")","v":""}]
[909,{"$f":"+IFERROR(VLOOKUP($A920,BD_INSUMOS2[],3,FALSE),\"\")","v":""},{"$f":"+IFERROR(VLOOKUP($A920,BD_INSUMOS2[],5,FALSE),\"\")","v":""},{"$f":"+IFERROR(VLOOKUP($A920,BD_INSUMOS2[],6,FALSE),\"\")","v":""},{"$f":"+IFERROR(VLOOKUP($A920,BD_INSUMOS2[],7,FALSE),\"\")","v":""},{"$f":"+IFERROR(VLOOKUP($A920,BD_INSUMOS2[],8,FALSE),\"\")","v":""}]
[910,{"$f":"+IFERROR(VLOOKUP($A921,BD_INSUMOS2[],3,FALSE),\"\")","v":""},{"$f":"+IFERROR(VLOOKUP($A921,BD_INSUMOS2[],5,FALSE),\"\")","v":""},{"$f":"+IFERROR(VLOOKUP($A921,BD_INSUMOS2[],6,FALSE),\"\")","v":""},{"$f":"+IFERROR(VLOOKUP($A921,BD_INSUMOS2[],7,FALSE),\"\")","v":""},{"$f":"+IFERROR(VLOOKUP($A921,BD_INSUMOS2[],8,FALSE),\"\")","v":""}]
[911,{"$f":"+IFERROR(VLOOKUP($A922,BD_INSUMOS2[],3,FALSE),\"\")","v":""},{"$f":"+IFERROR(VLOOKUP($A922,BD_INSUMOS2[],5,FALSE),\"\")","v":""},{"$f":"+IFERROR(VLOOKUP($A922,BD_INSUMOS2[],6,FALSE),\"\")","v":""},{"$f":"+IFERROR(VLOOKUP($A922,BD_INSUMOS2[],7,FALSE),\"\")","v":""},{"$f":"+IFERROR(VLOOKUP($A922,BD_INSUMOS2[],8,FALSE),\"\")","v":""}]
[912,{"$f":"+IFERROR(VLOOKUP($A923,BD_INSUMOS2[],3,FALSE),\"\")","v":""},{"$f":"+IFERROR(VLOOKUP($A923,BD_INSUMOS2[],5,FALSE),\"\")","v":""},{"$f":"+IFERROR(VLOOKUP($A923,BD_INSUMOS2[],6,FALSE),\"\")","v":""},{"$f":"+IFERROR(VLOOKUP($A923,BD_INSUMOS2[],7,FALSE),\"\")","v":""},{"$f":"+IFERROR(VLOOKUP($A923,BD_INSUMOS2[],8,FALSE),\"\")","v":""}]
[913,{"$f":"+IFERROR(VLOOKUP($A924,BD_INSUMOS2[],3,FALSE),\"\")","v":""},{"$f":"+IFERROR(VLOOKUP($A924,BD_INSUMOS2[],5,FALSE),\"\")","v":""},{"$f":"+IFERROR(VLOOKUP($A924,BD_INSUMOS2[],6,FALSE),\"\")","v":""},{"$f":"+IFERROR(VLOOKUP($A924,BD_INSUMOS2[],7,FALSE),\"\")","v":""},{"$f":"+IFERROR(VLOOKUP($A924,BD_INSUMOS2[],8,FALSE),\"\")","v":""}]
[914,{"$f":"+IFERROR(VLOOKUP($A925,BD_INSUMOS2[],3,FALSE),\"\")","v":""},{"$f":"+IFERROR(VLOOKUP($A925,BD_INSUMOS2[],5,FALSE),\"\")","v":""},{"$f":"+IFERROR(VLOOKUP($A925,BD_INSUMOS2[],6,FALSE),\"\")","v":""},{"$f":"+IFERROR(VLOOKUP($A925,BD_INSUMOS2[],7,FALSE),\"\")","v":""},{"$f":"+IFERROR(VLOOKUP($A925,BD_INSUMOS2[],8,FALSE),\"\")","v":""}]
[915,{"$f":"+IFERROR(VLOOKUP($A926,BD_INSUMOS2[],3,FALSE),\"\")","v":""},{"$f":"+IFERROR(VLOOKUP($A926,BD_INSUMOS2[],5,FALSE),\"\")","v":""},{"$f":"+IFERROR(VLOOKUP($A926,BD_INSUMOS2[],6,FALSE),\"\")","v":""},{"$f":"+IFERROR(VLOOKUP($A926,BD_INSUMOS2[],7,FALSE),\"\")","v":""},{"$f":"+IFERROR(VLOOKUP($A926,BD_INSUMOS2[],8,FALSE),\"\")","v":""}]
[916,{"$f":"+IFERROR(VLOOKUP($A927,BD_INSUMOS2[],3,FALSE),\"\")","v":""},{"$f":"+IFERROR(VLOOKUP($A927,BD_INSUMOS2[],5,FALSE),\"\")","v":""},{"$f":"+IFERROR(VLOOKUP($A927,BD_INSUMOS2[],6,FALSE),\"\")","v":""},{"$f":"+IFERROR(VLOOKUP($A927,BD_INSUMOS2[],7,FALSE),\"\")","v":""},{"$f":"+IFERROR(VLOOKUP($A927,BD_INSUMOS2[],8,FALSE),\"\")","v":""}]
[917,{"$f":"+IFERROR(VLOOKUP($A928,BD_INSUMOS2[],3,FALSE),\"\")","v":""},{"$f":"+IFERROR(VLOOKUP($A928,BD_INSUMOS2[],5,FALSE),\"\")","v":""},{"$f":"+IFERROR(VLOOKUP($A928,BD_INSUMOS2[],6,FALSE),\"\")","v":""},{"$f":"+IFERROR(VLOOKUP($A928,BD_INSUMOS2[],7,FALSE),\"\")","v":""},{"$f":"+IFERROR(VLOOKUP($A928,BD_INSUMOS2[],8,FALSE),\"\")","v":""}]
[918,{"$f":"+IFERROR(VLOOKUP($A929,BD_INSUMOS2[],3,FALSE),\"\")","v":""},{"$f":"+IFERROR(VLOOKUP($A929,BD_INSUMOS2[],5,FALSE),\"\")","v":""},{"$f":"+IFERROR(VLOOKUP($A929,BD_INSUMOS2[],6,FALSE),\"\")","v":""},{"$f":"+IFERROR(VLOOKUP($A929,BD_INSUMOS2[],7,FALSE),\"\")","v":""},{"$f":"+IFERROR(VLOOKUP($A929,BD_INSUMOS2[],8,FALSE),\"\")","v":""}]
[919,{"$f":"+IFERROR(VLOOKUP($A930,BD_INSUMOS2[],3,FALSE),\"\")","v":""},{"$f":"+IFERROR(VLOOKUP($A930,BD_INSUMOS2[],5,FALSE),\"\")","v":""},{"$f":"+IFERROR(VLOOKUP($A930,BD_INSUMOS2[],6,FALSE),\"\")","v":""},{"$f":"+IFERROR(VLOOKUP($A930,BD_INSUMOS2[],7,FALSE),\"\")","v":""},{"$f":"+IFERROR(VLOOKUP($A930,BD_INSUMOS2[],8,FALSE),\"\")","v":""}]
[920,{"$f":"+IFERROR(VLOOKUP($A931,BD_INSUMOS2[],3,FALSE),\"\")","v":""},{"$f":"+IFERROR(VLOOKUP($A931,BD_INSUMOS2[],5,FALSE),\"\")","v":""},{"$f":"+IFERROR(VLOOKUP($A931,BD_INSUMOS2[],6,FALSE),\"\")","v":""},{"$f":"+IFERROR(VLOOKUP($A931,BD_INSUMOS2[],7,FALSE),\"\")","v":""},{"$f":"+IFERROR(VLOOKUP($A931,BD_INSUMOS2[],8,FALSE),\"\")","v":""}]
[921,{"$f":"+IFERROR(VLOOKUP($A932,BD_INSUMOS2[],3,FALSE),\"\")","v":""},{"$f":"+IFERROR(VLOOKUP($A932,BD_INSUMOS2[],5,FALSE),\"\")","v":""},{"$f":"+IFERROR(VLOOKUP($A932,BD_INSUMOS2[],6,FALSE),\"\")","v":""},{"$f":"+IFERROR(VLOOKUP($A932,BD_INSUMOS2[],7,FALSE),\"\")","v":""},{"$f":"+IFERROR(VLOOKUP($A932,BD_INSUMOS2[],8,FALSE),\"\")","v":""}]
[922,{"$f":"+IFERROR(VLOOKUP($A933,BD_INSUMOS2[],3,FALSE),\"\")","v":""},{"$f":"+IFERROR(VLOOKUP($A933,BD_INSUMOS2[],5,FALSE),\"\")","v":""},{"$f":"+IFERROR(VLOOKUP($A933,BD_INSUMOS2[],6,FALSE),\"\")","v":""},{"$f":"+IFERROR(VLOOKUP($A933,BD_INSUMOS2[],7,FALSE),\"\")","v":""},{"$f":"+IFERROR(VLOOKUP($A933,BD_INSUMOS2[],8,FALSE),\"\")","v":""}]
[923,{"$f":"+IFERROR(VLOOKUP($A934,BD_INSUMOS2[],3,FALSE),\"\")","v":""},{"$f":"+IFERROR(VLOOKUP($A934,BD_INSUMOS2[],5,FALSE),\"\")","v":""},{"$f":"+IFERROR(VLOOKUP($A934,BD_INSUMOS2[],6,FALSE),\"\")","v":""},{"$f":"+IFERROR(VLOOKUP($A934,BD_INSUMOS2[],7,FALSE),\"\")","v":""},{"$f":"+IFERROR(VLOOKUP($A934,BD_INSUMOS2[],8,FALSE),\"\")","v":""}]
[924,{"$f":"+IFERROR(VLOOKUP($A935,BD_INSUMOS2[],3,FALSE),\"\")","v":""},{"$f":"+IFERROR(VLOOKUP($A935,BD_INSUMOS2[],5,FALSE),\"\")","v":""},{"$f":"+IFERROR(VLOOKUP($A935,BD_INSUMOS2[],6,FALSE),\"\")","v":""},{"$f":"+IFERROR(VLOOKUP($A935,BD_INSUMOS2[],7,FALSE),\"\")","v":""},{"$f":"+IFERROR(VLOOKUP($A935,BD_INSUMOS2[],8,FALSE),\"\")","v":""}]
[925,{"$f":"+IFERROR(VLOOKUP($A936,BD_INSUMOS2[],3,FALSE),\"\")","v":""},{"$f":"+IFERROR(VLOOKUP($A936,BD_INSUMOS2[],5,FALSE),\"\")","v":""},{"$f":"+IFERROR(VLOOKUP($A936,BD_INSUMOS2[],6,FALSE),\"\")","v":""},{"$f":"+IFERROR(VLOOKUP($A936,BD_INSUMOS2[],7,FALSE),\"\")","v":""},{"$f":"+IFERROR(VLOOKUP($A936,BD_INSUMOS2[],8,FALSE),\"\")","v":""}]
[926,{"$f":"+IFERROR(VLOOKUP($A937,BD_INSUMOS2[],3,FALSE),\"\")","v":""},{"$f":"+IFERROR(VLOOKUP($A937,BD_INSUMOS2[],5,FALSE),\"\")","v":""},{"$f":"+IFERROR(VLOOKUP($A937,BD_INSUMOS2[],6,FALSE),\"\")","v":""},{"$f":"+IFERROR(VLOOKUP($A937,BD_INSUMOS2[],7,FALSE),\"\")","v":""},{"$f":"+IFERROR(VLOOKUP($A937,BD_INSUMOS2[],8,FALSE),\"\")","v":""}]
[927,{"$f":"+IFERROR(VLOOKUP($A938,BD_INSUMOS2[],3,FALSE),\"\")","v":""},{"$f":"+IFERROR(VLOOKUP($A938,BD_INSUMOS2[],5,FALSE),\"\")","v":""},{"$f":"+IFERROR(VLOOKUP($A938,BD_INSUMOS2[],6,FALSE),\"\")","v":""},{"$f":"+IFERROR(VLOOKUP($A938,BD_INSUMOS2[],7,FALSE),\"\")","v":""},{"$f":"+IFERROR(VLOOKUP($A938,BD_INSUMOS2[],8,FALSE),\"\")","v":""}]
[928,{"$f":"+IFERROR(VLOOKUP($A939,BD_INSUMOS2[],3,FALSE),\"\")","v":""},{"$f":"+IFERROR(VLOOKUP($A939,BD_INSUMOS2[],5,FALSE),\"\")","v":""},{"$f":"+IFERROR(VLOOKUP($A939,BD_INSUMOS2[],6,FALSE),\"\")","v":""},{"$f":"+IFERROR(VLOOKUP($A939,BD_INSUMOS2[],7,FALSE),\"\")","v":""},{"$f":"+IFERROR(VLOOKUP($A939,BD_INSUMOS2[],8,FALSE),\"\")","v":""}]
[929,{"$f":"+IFERROR(VLOOKUP($A940,BD_INSUMOS2[],3,FALSE),\"\")","v":""},{"$f":"+IFERROR(VLOOKUP($A940,BD_INSUMOS2[],5,FALSE),\"\")","v":""},{"$f":"+IFERROR(VLOOKUP($A940,BD_INSUMOS2[],6,FALSE),\"\")","v":""},{"$f":"+IFERROR(VLOOKUP($A940,BD_INSUMOS2[],7,FALSE),\"\")","v":""},{"$f":"+IFERROR(VLOOKUP($A940,BD_INSUMOS2[],8,FALSE),\"\")","v":""}]
[930,{"$f":"+IFERROR(VLOOKUP($A941,BD_INSUMOS2[],3,FALSE),\"\")","v":""},{"$f":"+IFERROR(VLOOKUP($A941,BD_INSUMOS2[],5,FALSE),\"\")","v":""},{"$f":"+IFERROR(VLOOKUP($A941,BD_INSUMOS2[],6,FALSE),\"\")","v":""},{"$f":"+IFERROR(VLOOKUP($A941,BD_INSUMOS2[],7,FALSE),\"\")","v":""},{"$f":"+IFERROR(VLOOKUP($A941,BD_INSUMOS2[],8,FALSE),\"\")","v":""}]
[931,{"$f":"+IFERROR(VLOOKUP($A942,BD_INSUMOS2[],3,FALSE),\"\")","v":""},{"$f":"+IFERROR(VLOOKUP($A942,BD_INSUMOS2[],5,FALSE),\"\")","v":""},{"$f":"+IFERROR(VLOOKUP($A942,BD_INSUMOS2[],6,FALSE),\"\")","v":""},{"$f":"+IFERROR(VLOOKUP($A942,BD_INSUMOS2[],7,FALSE),\"\")","v":""},{"$f":"+IFERROR(VLOOKUP($A942,BD_INSUMOS2[],8,FALSE),\"\")","v":""}]
[932,{"$f":"+IFERROR(VLOOKUP($A943,BD_INSUMOS2[],3,FALSE),\"\")","v":""},{"$f":"+IFERROR(VLOOKUP($A943,BD_INSUMOS2[],5,FALSE),\"\")","v":""},{"$f":"+IFERROR(VLOOKUP($A943,BD_INSUMOS2[],6,FALSE),\"\")","v":""},{"$f":"+IFERROR(VLOOKUP($A943,BD_INSUMOS2[],7,FALSE),\"\")","v":""},{"$f":"+IFERROR(VLOOKUP($A943,BD_INSUMOS2[],8,FALSE),\"\")","v":""}]
[933,{"$f":"+IFERROR(VLOOKUP($A944,BD_INSUMOS2[],3,FALSE),\"\")","v":""},{"$f":"+IFERROR(VLOOKUP($A944,BD_INSUMOS2[],5,FALSE),\"\")","v":""},{"$f":"+IFERROR(VLOOKUP($A944,BD_INSUMOS2[],6,FALSE),\"\")","v":""},{"$f":"+IFERROR(VLOOKUP($A944,BD_INSUMOS2[],7,FALSE),\"\")","v":""},{"$f":"+IFERROR(VLOOKUP($A944,BD_INSUMOS2[],8,FALSE),\"\")","v":""}]
[934,{"$f":"+IFERROR(VLOOKUP($A945,BD_INSUMOS2[],3,FALSE),\"\")","v":""},{"$f":"+IFERROR(VLOOKUP($A945,BD_INSUMOS2[],5,FALSE),\"\")","v":""},{"$f":"+IFERROR(VLOOKUP($A945,BD_INSUMOS2[],6,FALSE),\"\")","v":""},{"$f":"+IFERROR(VLOOKUP($A945,BD_INSUMOS2[],7,FALSE),\"\")","v":""},{"$f":"+IFERROR(VLOOKUP($A945,BD_INSUMOS2[],8,FALSE),\"\")","v":""}]
[935,{"$f":"+IFERROR(VLOOKUP($A946,BD_INSUMOS2[],3,FALSE),\"\")","v":""},{"$f":"+IFERROR(VLOOKUP($A946,BD_INSUMOS2[],5,FALSE),\"\")","v":""},{"$f":"+IFERROR(VLOOKUP($A946,BD_INSUMOS2[],6,FALSE),\"\")","v":""},{"$f":"+IFERROR(VLOOKUP($A946,BD_INSUMOS2[],7,FALSE),\"\")","v":""},{"$f":"+IFERROR(VLOOKUP($A946,BD_INSUMOS2[],8,FALSE),\"\")","v":""}]
[936,{"$f":"+IFERROR(VLOOKUP($A947,BD_INSUMOS2[],3,FALSE),\"\")","v":""},{"$f":"+IFERROR(VLOOKUP($A947,BD_INSUMOS2[],5,FALSE),\"\")","v":""},{"$f":"+IFERROR(VLOOKUP($A947,BD_INSUMOS2[],6,FALSE),\"\")","v":""},{"$f":"+IFERROR(VLOOKUP($A947,BD_INSUMOS2[],7,FALSE),\"\")","v":""},{"$f":"+IFERROR(VLOOKUP($A947,BD_INSUMOS2[],8,FALSE),\"\")","v":""}]
[937,{"$f":"+IFERROR(VLOOKUP($A948,BD_INSUMOS2[],3,FALSE),\"\")","v":""},{"$f":"+IFERROR(VLOOKUP($A948,BD_INSUMOS2[],5,FALSE),\"\")","v":""},{"$f":"+IFERROR(VLOOKUP($A948,BD_INSUMOS2[],6,FALSE),\"\")","v":""},{"$f":"+IFERROR(VLOOKUP($A948,BD_INSUMOS2[],7,FALSE),\"\")","v":""},{"$f":"+IFERROR(VLOOKUP($A948,BD_INSUMOS2[],8,FALSE),\"\")","v":""}]
[938,{"$f":"+IFERROR(VLOOKUP($A949,BD_INSUMOS2[],3,FALSE),\"\")","v":""},{"$f":"+IFERROR(VLOOKUP($A949,BD_INSUMOS2[],5,FALSE),\"\")","v":""},{"$f":"+IFERROR(VLOOKUP($A949,BD_INSUMOS2[],6,FALSE),\"\")","v":""},{"$f":"+IFERROR(VLOOKUP($A949,BD_INSUMOS2[],7,FALSE),\"\")","v":""},{"$f":"+IFERROR(VLOOKUP($A949,BD_INSUMOS2[],8,FALSE),\"\")","v":""}]
[939,{"$f":"+IFERROR(VLOOKUP($A950,BD_INSUMOS2[],3,FALSE),\"\")","v":""},{"$f":"+IFERROR(VLOOKUP($A950,BD_INSUMOS2[],5,FALSE),\"\")","v":""},{"$f":"+IFERROR(VLOOKUP($A950,BD_INSUMOS2[],6,FALSE),\"\")","v":""},{"$f":"+IFERROR(VLOOKUP($A950,BD_INSUMOS2[],7,FALSE),\"\")","v":""},{"$f":"+IFERROR(VLOOKUP($A950,BD_INSUMOS2[],8,FALSE),\"\")","v":""}]
[940,{"$f":"+IFERROR(VLOOKUP($A951,BD_INSUMOS2[],3,FALSE),\"\")","v":""},{"$f":"+IFERROR(VLOOKUP($A951,BD_INSUMOS2[],5,FALSE),\"\")","v":""},{"$f":"+IFERROR(VLOOKUP($A951,BD_INSUMOS2[],6,FALSE),\"\")","v":""},{"$f":"+IFERROR(VLOOKUP($A951,BD_INSUMOS2[],7,FALSE),\"\")","v":""},{"$f":"+IFERROR(VLOOKUP($A951,BD_INSUMOS2[],8,FALSE),\"\")","v":""}]
[941,{"$f":"+IFERROR(VLOOKUP($A952,BD_INSUMOS2[],3,FALSE),\"\")","v":""},{"$f":"+IFERROR(VLOOKUP($A952,BD_INSUMOS2[],5,FALSE),\"\")","v":""},{"$f":"+IFERROR(VLOOKUP($A952,BD_INSUMOS2[],6,FALSE),\"\")","v":""},{"$f":"+IFERROR(VLOOKUP($A952,BD_INSUMOS2[],7,FALSE),\"\")","v":""},{"$f":"+IFERROR(VLOOKUP($A952,BD_INSUMOS2[],8,FALSE),\"\")","v":""}]
[942,{"$f":"+IFERROR(VLOOKUP($A953,BD_INSUMOS2[],3,FALSE),\"\")","v":""},{"$f":"+IFERROR(VLOOKUP($A953,BD_INSUMOS2[],5,FALSE),\"\")","v":""},{"$f":"+IFERROR(VLOOKUP($A953,BD_INSUMOS2[],6,FALSE),\"\")","v":""},{"$f":"+IFERROR(VLOOKUP($A953,BD_INSUMOS2[],7,FALSE),\"\")","v":""},{"$f":"+IFERROR(VLOOKUP($A953,BD_INSUMOS2[],8,FALSE),\"\")","v":""}]
[943,{"$f":"+IFERROR(VLOOKUP($A954,BD_INSUMOS2[],3,FALSE),\"\")","v":""},{"$f":"+IFERROR(VLOOKUP($A954,BD_INSUMOS2[],5,FALSE),\"\")","v":""},{"$f":"+IFERROR(VLOOKUP($A954,BD_INSUMOS2[],6,FALSE),\"\")","v":""},{"$f":"+IFERROR(VLOOKUP($A954,BD_INSUMOS2[],7,FALSE),\"\")","v":""},{"$f":"+IFERROR(VLOOKUP($A954,BD_INSUMOS2[],8,FALSE),\"\")","v":""}]
[944,{"$f":"+IFERROR(VLOOKUP($A955,BD_INSUMOS2[],3,FALSE),\"\")","v":""},{"$f":"+IFERROR(VLOOKUP($A955,BD_INSUMOS2[],5,FALSE),\"\")","v":""},{"$f":"+IFERROR(VLOOKUP($A955,BD_INSUMOS2[],6,FALSE),\"\")","v":""},{"$f":"+IFERROR(VLOOKUP($A955,BD_INSUMOS2[],7,FALSE),\"\")","v":""},{"$f":"+IFERROR(VLOOKUP($A955,BD_INSUMOS2[],8,FALSE),\"\")","v":""}]
[945,{"$f":"+IFERROR(VLOOKUP($A956,BD_INSUMOS2[],3,FALSE),\"\")","v":""},{"$f":"+IFERROR(VLOOKUP($A956,BD_INSUMOS2[],5,FALSE),\"\")","v":""},{"$f":"+IFERROR(VLOOKUP($A956,BD_INSUMOS2[],6,FALSE),\"\")","v":""},{"$f":"+IFERROR(VLOOKUP($A956,BD_INSUMOS2[],7,FALSE),\"\")","v":""},{"$f":"+IFERROR(VLOOKUP($A956,BD_INSUMOS2[],8,FALSE),\"\")","v":""}]
[946,{"$f":"+IFERROR(VLOOKUP($A957,BD_INSUMOS2[],3,FALSE),\"\")","v":""},{"$f":"+IFERROR(VLOOKUP($A957,BD_INSUMOS2[],5,FALSE),\"\")","v":""},{"$f":"+IFERROR(VLOOKUP($A957,BD_INSUMOS2[],6,FALSE),\"\")","v":""},{"$f":"+IFERROR(VLOOKUP($A957,BD_INSUMOS2[],7,FALSE),\"\")","v":""},{"$f":"+IFERROR(VLOOKUP($A957,BD_INSUMOS2[],8,FALSE),\"\")","v":""}]
[947,{"$f":"+IFERROR(VLOOKUP($A958,BD_INSUMOS2[],3,FALSE),\"\")","v":""},{"$f":"+IFERROR(VLOOKUP($A958,BD_INSUMOS2[],5,FALSE),\"\")","v":""},{"$f":"+IFERROR(VLOOKUP($A958,BD_INSUMOS2[],6,FALSE),\"\")","v":""},{"$f":"+IFERROR(VLOOKUP($A958,BD_INSUMOS2[],7,FALSE),\"\")","v":""},{"$f":"+IFERROR(VLOOKUP($A958,BD_INSUMOS2[],8,FALSE),\"\")","v":""}]
[948,{"$f":"+IFERROR(VLOOKUP($A959,BD_INSUMOS2[],3,FALSE),\"\")","v":""},{"$f":"+IFERROR(VLOOKUP($A959,BD_INSUMOS2[],5,FALSE),\"\")","v":""},{"$f":"+IFERROR(VLOOKUP($A959,BD_INSUMOS2[],6,FALSE),\"\")","v":""},{"$f":"+IFERROR(VLOOKUP($A959,BD_INSUMOS2[],7,FALSE),\"\")","v":""},{"$f":"+IFERROR(VLOOKUP($A959,BD_INSUMOS2[],8,FALSE),\"\")","v":""}]
[949,{"$f":"+IFERROR(VLOOKUP($A960,BD_INSUMOS2[],3,FALSE),\"\")","v":""},{"$f":"+IFERROR(VLOOKUP($A960,BD_INSUMOS2[],5,FALSE),\"\")","v":""},{"$f":"+IFERROR(VLOOKUP($A960,BD_INSUMOS2[],6,FALSE),\"\")","v":""},{"$f":"+IFERROR(VLOOKUP($A960,BD_INSUMOS2[],7,FALSE),\"\")","v":""},{"$f":"+IFERROR(VLOOKUP($A960,BD_INSUMOS2[],8,FALSE),\"\")","v":""}]
[950,{"$f":"+IFERROR(VLOOKUP($A961,BD_INSUMOS2[],3,FALSE),\"\")","v":""},{"$f":"+IFERROR(VLOOKUP($A961,BD_INSUMOS2[],5,FALSE),\"\")","v":""},{"$f":"+IFERROR(VLOOKUP($A961,BD_INSUMOS2[],6,FALSE),\"\")","v":""},{"$f":"+IFERROR(VLOOKUP($A961,BD_INSUMOS2[],7,FALSE),\"\")","v":""},{"$f":"+IFERROR(VLOOKUP($A961,BD_INSUMOS2[],8,FALSE),\"\")","v":""}]
[951,{"$f":"+IFERROR(VLOOKUP($A962,BD_INSUMOS2[],3,FALSE),\"\")","v":""},{"$f":"+IFERROR(VLOOKUP($A962,BD_INSUMOS2[],5,FALSE),\"\")","v":""},{"$f":"+IFERROR(VLOOKUP($A962,BD_INSUMOS2[],6,FALSE),\"\")","v":""},{"$f":"+IFERROR(VLOOKUP($A962,BD_INSUMOS2[],7,FALSE),\"\")","v":""},{"$f":"+IFERROR(VLOOKUP($A962,BD_INSUMOS2[],8,FALSE),\"\")","v":""}]
[952,{"$f":"+IFERROR(VLOOKUP($A963,BD_INSUMOS2[],3,FALSE),\"\")","v":""},{"$f":"+IFERROR(VLOOKUP($A963,BD_INSUMOS2[],5,FALSE),\"\")","v":""},{"$f":"+IFERROR(VLOOKUP($A963,BD_INSUMOS2[],6,FALSE),\"\")","v":""},{"$f":"+IFERROR(VLOOKUP($A963,BD_INSUMOS2[],7,FALSE),\"\")","v":""},{"$f":"+IFERROR(VLOOKUP($A963,BD_INSUMOS2[],8,FALSE),\"\")","v":""}]
[953,{"$f":"+IFERROR(VLOOKUP($A964,BD_INSUMOS2[],3,FALSE),\"\")","v":""},{"$f":"+IFERROR(VLOOKUP($A964,BD_INSUMOS2[],5,FALSE),\"\")","v":""},{"$f":"+IFERROR(VLOOKUP($A964,BD_INSUMOS2[],6,FALSE),\"\")","v":""},{"$f":"+IFERROR(VLOOKUP($A964,BD_INSUMOS2[],7,FALSE),\"\")","v":""},{"$f":"+IFERROR(VLOOKUP($A964,BD_INSUMOS2[],8,FALSE),\"\")","v":""}]
[954,{"$f":"+IFERROR(VLOOKUP($A965,BD_INSUMOS2[],3,FALSE),\"\")","v":""},{"$f":"+IFERROR(VLOOKUP($A965,BD_INSUMOS2[],5,FALSE),\"\")","v":""},{"$f":"+IFERROR(VLOOKUP($A965,BD_INSUMOS2[],6,FALSE),\"\")","v":""},{"$f":"+IFERROR(VLOOKUP($A965,BD_INSUMOS2[],7,FALSE),\"\")","v":""},{"$f":"+IFERROR(VLOOKUP($A965,BD_INSUMOS2[],8,FALSE),\"\")","v":""}]
[955,{"$f":"+IFERROR(VLOOKUP($A966,BD_INSUMOS2[],3,FALSE),\"\")","v":""},{"$f":"+IFERROR(VLOOKUP($A966,BD_INSUMOS2[],5,FALSE),\"\")","v":""},{"$f":"+IFERROR(VLOOKUP($A966,BD_INSUMOS2[],6,FALSE),\"\")","v":""},{"$f":"+IFERROR(VLOOKUP($A966,BD_INSUMOS2[],7,FALSE),\"\")","v":""},{"$f":"+IFERROR(VLOOKUP($A966,BD_INSUMOS2[],8,FALSE),\"\")","v":""}]
[956,{"$f":"+IFERROR(VLOOKUP($A967,BD_INSUMOS2[],3,FALSE),\"\")","v":""},{"$f":"+IFERROR(VLOOKUP($A967,BD_INSUMOS2[],5,FALSE),\"\")","v":""},{"$f":"+IFERROR(VLOOKUP($A967,BD_INSUMOS2[],6,FALSE),\"\")","v":""},{"$f":"+IFERROR(VLOOKUP($A967,BD_INSUMOS2[],7,FALSE),\"\")","v":""},{"$f":"+IFERROR(VLOOKUP($A967,BD_INSUMOS2[],8,FALSE),\"\")","v":""}]
[957,{"$f":"+IFERROR(VLOOKUP($A968,BD_INSUMOS2[],3,FALSE),\"\")","v":""},{"$f":"+IFERROR(VLOOKUP($A968,BD_INSUMOS2[],5,FALSE),\"\")","v":""},{"$f":"+IFERROR(VLOOKUP($A968,BD_INSUMOS2[],6,FALSE),\"\")","v":""},{"$f":"+IFERROR(VLOOKUP($A968,BD_INSUMOS2[],7,FALSE),\"\")","v":""},{"$f":"+IFERROR(VLOOKUP($A968,BD_INSUMOS2[],8,FALSE),\"\")","v":""}]
[958,{"$f":"+IFERROR(VLOOKUP($A969,BD_INSUMOS2[],3,FALSE),\"\")","v":""},{"$f":"+IFERROR(VLOOKUP($A969,BD_INSUMOS2[],5,FALSE),\"\")","v":""},{"$f":"+IFERROR(VLOOKUP($A969,BD_INSUMOS2[],6,FALSE),\"\")","v":""},{"$f":"+IFERROR(VLOOKUP($A969,BD_INSUMOS2[],7,FALSE),\"\")","v":""},{"$f":"+IFERROR(VLOOKUP($A969,BD_INSUMOS2[],8,FALSE),\"\")","v":""}]
[959,{"$f":"+IFERROR(VLOOKUP($A970,BD_INSUMOS2[],3,FALSE),\"\")","v":""},{"$f":"+IFERROR(VLOOKUP($A970,BD_INSUMOS2[],5,FALSE),\"\")","v":""},{"$f":"+IFERROR(VLOOKUP($A970,BD_INSUMOS2[],6,FALSE),\"\")","v":""},{"$f":"+IFERROR(VLOOKUP($A970,BD_INSUMOS2[],7,FALSE),\"\")","v":""},{"$f":"+IFERROR(VLOOKUP($A970,BD_INSUMOS2[],8,FALSE),\"\")","v":""}]
[960,{"$f":"+IFERROR(VLOOKUP($A971,BD_INSUMOS2[],3,FALSE),\"\")","v":""},{"$f":"+IFERROR(VLOOKUP($A971,BD_INSUMOS2[],5,FALSE),\"\")","v":""},{"$f":"+IFERROR(VLOOKUP($A971,BD_INSUMOS2[],6,FALSE),\"\")","v":""},{"$f":"+IFERROR(VLOOKUP($A971,BD_INSUMOS2[],7,FALSE),\"\")","v":""},{"$f":"+IFERROR(VLOOKUP($A971,BD_INSUMOS2[],8,FALSE),\"\")","v":""}]
[961,{"$f":"+IFERROR(VLOOKUP($A972,BD_INSUMOS2[],3,FALSE),\"\")","v":""},{"$f":"+IFERROR(VLOOKUP($A972,BD_INSUMOS2[],5,FALSE),\"\")","v":""},{"$f":"+IFERROR(VLOOKUP($A972,BD_INSUMOS2[],6,FALSE),\"\")","v":""},{"$f":"+IFERROR(VLOOKUP($A972,BD_INSUMOS2[],7,FALSE),\"\")","v":""},{"$f":"+IFERROR(VLOOKUP($A972,BD_INSUMOS2[],8,FALSE),\"\")","v":""}]
[962,{"$f":"+IFERROR(VLOOKUP($A973,BD_INSUMOS2[],3,FALSE),\"\")","v":""},{"$f":"+IFERROR(VLOOKUP($A973,BD_INSUMOS2[],5,FALSE),\"\")","v":""},{"$f":"+IFERROR(VLOOKUP($A973,BD_INSUMOS2[],6,FALSE),\"\")","v":""},{"$f":"+IFERROR(VLOOKUP($A973,BD_INSUMOS2[],7,FALSE),\"\")","v":""},{"$f":"+IFERROR(VLOOKUP($A973,BD_INSUMOS2[],8,FALSE),\"\")","v":""}]
[963,{"$f":"+IFERROR(VLOOKUP($A974,BD_INSUMOS2[],3,FALSE),\"\")","v":""},{"$f":"+IFERROR(VLOOKUP($A974,BD_INSUMOS2[],5,FALSE),\"\")","v":""},{"$f":"+IFERROR(VLOOKUP($A974,BD_INSUMOS2[],6,FALSE),\"\")","v":""},{"$f":"+IFERROR(VLOOKUP($A974,BD_INSUMOS2[],7,FALSE),\"\")","v":""},{"$f":"+IFERROR(VLOOKUP($A974,BD_INSUMOS2[],8,FALSE),\"\")","v":""}]
[964,{"$f":"+IFERROR(VLOOKUP($A975,BD_INSUMOS2[],3,FALSE),\"\")","v":""},{"$f":"+IFERROR(VLOOKUP($A975,BD_INSUMOS2[],5,FALSE),\"\")","v":""},{"$f":"+IFERROR(VLOOKUP($A975,BD_INSUMOS2[],6,FALSE),\"\")","v":""},{"$f":"+IFERROR(VLOOKUP($A975,BD_INSUMOS2[],7,FALSE),\"\")","v":""},{"$f":"+IFERROR(VLOOKUP($A975,BD_INSUMOS2[],8,FALSE),\"\")","v":""}]
[965,{"$f":"+IFERROR(VLOOKUP($A976,BD_INSUMOS2[],3,FALSE),\"\")","v":""},{"$f":"+IFERROR(VLOOKUP($A976,BD_INSUMOS2[],5,FALSE),\"\")","v":""},{"$f":"+IFERROR(VLOOKUP($A976,BD_INSUMOS2[],6,FALSE),\"\")","v":""},{"$f":"+IFERROR(VLOOKUP($A976,BD_INSUMOS2[],7,FALSE),\"\")","v":""},{"$f":"+IFERROR(VLOOKUP($A976,BD_INSUMOS2[],8,FALSE),\"\")","v":""}]
[966,{"$f":"+IFERROR(VLOOKUP($A977,BD_INSUMOS2[],3,FALSE),\"\")","v":""},{"$f":"+IFERROR(VLOOKUP($A977,BD_INSUMOS2[],5,FALSE),\"\")","v":""},{"$f":"+IFERROR(VLOOKUP($A977,BD_INSUMOS2[],6,FALSE),\"\")","v":""},{"$f":"+IFERROR(VLOOKUP($A977,BD_INSUMOS2[],7,FALSE),\"\")","v":""},{"$f":"+IFERROR(VLOOKUP($A977,BD_INSUMOS2[],8,FALSE),\"\")","v":""}]
[967,{"$f":"+IFERROR(VLOOKUP($A978,BD_INSUMOS2[],3,FALSE),\"\")","v":""},{"$f":"+IFERROR(VLOOKUP($A978,BD_INSUMOS2[],5,FALSE),\"\")","v":""},{"$f":"+IFERROR(VLOOKUP($A978,BD_INSUMOS2[],6,FALSE),\"\")","v":""},{"$f":"+IFERROR(VLOOKUP($A978,BD_INSUMOS2[],7,FALSE),\"\")","v":""},{"$f":"+IFERROR(VLOOKUP($A978,BD_INSUMOS2[],8,FALSE),\"\")","v":""}]
[968,{"$f":"+IFERROR(VLOOKUP($A979,BD_INSUMOS2[],3,FALSE),\"\")","v":""},{"$f":"+IFERROR(VLOOKUP($A979,BD_INSUMOS2[],5,FALSE),\"\")","v":""},{"$f":"+IFERROR(VLOOKUP($A979,BD_INSUMOS2[],6,FALSE),\"\")","v":""},{"$f":"+IFERROR(VLOOKUP($A979,BD_INSUMOS2[],7,FALSE),\"\")","v":""},{"$f":"+IFERROR(VLOOKUP($A979,BD_INSUMOS2[],8,FALSE),\"\")","v":""}]
[969,{"$f":"+IFERROR(VLOOKUP($A980,BD_INSUMOS2[],3,FALSE),\"\")","v":""},{"$f":"+IFERROR(VLOOKUP($A980,BD_INSUMOS2[],5,FALSE),\"\")","v":""},{"$f":"+IFERROR(VLOOKUP($A980,BD_INSUMOS2[],6,FALSE),\"\")","v":""},{"$f":"+IFERROR(VLOOKUP($A980,BD_INSUMOS2[],7,FALSE),\"\")","v":""},{"$f":"+IFERROR(VLOOKUP($A980,BD_INSUMOS2[],8,FALSE),\"\")","v":""}]
[970,{"$f":"+IFERROR(VLOOKUP($A981,BD_INSUMOS2[],3,FALSE),\"\")","v":""},{"$f":"+IFERROR(VLOOKUP($A981,BD_INSUMOS2[],5,FALSE),\"\")","v":""},{"$f":"+IFERROR(VLOOKUP($A981,BD_INSUMOS2[],6,FALSE),\"\")","v":""},{"$f":"+IFERROR(VLOOKUP($A981,BD_INSUMOS2[],7,FALSE),\"\")","v":""},{"$f":"+IFERROR(VLOOKUP($A981,BD_INSUMOS2[],8,FALSE),\"\")","v":""}]
[971,{"$f":"+IFERROR(VLOOKUP($A982,BD_INSUMOS2[],3,FALSE),\"\")","v":""},{"$f":"+IFERROR(VLOOKUP($A982,BD_INSUMOS2[],5,FALSE),\"\")","v":""},{"$f":"+IFERROR(VLOOKUP($A982,BD_INSUMOS2[],6,FALSE),\"\")","v":""},{"$f":"+IFERROR(VLOOKUP($A982,BD_INSUMOS2[],7,FALSE),\"\")","v":""},{"$f":"+IFERROR(VLOOKUP($A982,BD_INSUMOS2[],8,FALSE),\"\")","v":""}]
[972,{"$f":"+IFERROR(VLOOKUP($A983,BD_INSUMOS2[],3,FALSE),\"\")","v":""},{"$f":"+IFERROR(VLOOKUP($A983,BD_INSUMOS2[],5,FALSE),\"\")","v":""},{"$f":"+IFERROR(VLOOKUP($A983,BD_INSUMOS2[],6,FALSE),\"\")","v":""},{"$f":"+IFERROR(VLOOKUP($A983,BD_INSUMOS2[],7,FALSE),\"\")","v":""},{"$f":"+IFERROR(VLOOKUP($A983,BD_INSUMOS2[],8,FALSE),\"\")","v":""}]
[973,{"$f":"+IFERROR(VLOOKUP($A984,BD_INSUMOS2[],3,FALSE),\"\")","v":""},{"$f":"+IFERROR(VLOOKUP($A984,BD_INSUMOS2[],5,FALSE),\"\")","v":""},{"$f":"+IFERROR(VLOOKUP($A984,BD_INSUMOS2[],6,FALSE),\"\")","v":""},{"$f":"+IFERROR(VLOOKUP($A984,BD_INSUMOS2[],7,FALSE),\"\")","v":""},{"$f":"+IFERROR(VLOOKUP($A984,BD_INSUMOS2[],8,FALSE),\"\")","v":""}]
[974,{"$f":"+IFERROR(VLOOKUP($A985,BD_INSUMOS2[],3,FALSE),\"\")","v":""},{"$f":"+IFERROR(VLOOKUP($A985,BD_INSUMOS2[],5,FALSE),\"\")","v":""},{"$f":"+IFERROR(VLOOKUP($A985,BD_INSUMOS2[],6,FALSE),\"\")","v":""},{"$f":"+IFERROR(VLOOKUP($A985,BD_INSUMOS2[],7,FALSE),\"\")","v":""},{"$f":"+IFERROR(VLOOKUP($A985,BD_INSUMOS2[],8,FALSE),\"\")","v":""}]
[975,{"$f":"+IFERROR(VLOOKUP($A986,BD_INSUMOS2[],3,FALSE),\"\")","v":""},{"$f":"+IFERROR(VLOOKUP($A986,BD_INSUMOS2[],5,FALSE),\"\")","v":""},{"$f":"+IFERROR(VLOOKUP($A986,BD_INSUMOS2[],6,FALSE),\"\")","v":""},{"$f":"+IFERROR(VLOOKUP($A986,BD_INSUMOS2[],7,FALSE),\"\")","v":""},{"$f":"+IFERROR(VLOOKUP($A986,BD_INSUMOS2[],8,FALSE),\"\")","v":""}]
[976,{"$f":"+IFERROR(VLOOKUP($A987,BD_INSUMOS2[],3,FALSE),\"\")","v":""},{"$f":"+IFERROR(VLOOKUP($A987,BD_INSUMOS2[],5,FALSE),\"\")","v":""},{"$f":"+IFERROR(VLOOKUP($A987,BD_INSUMOS2[],6,FALSE),\"\")","v":""},{"$f":"+IFERROR(VLOOKUP($A987,BD_INSUMOS2[],7,FALSE),\"\")","v":""},{"$f":"+IFERROR(VLOOKUP($A987,BD_INSUMOS2[],8,FALSE),\"\")","v":""}]
[977,{"$f":"+IFERROR(VLOOKUP($A988,BD_INSUMOS2[],3,FALSE),\"\")","v":""},{"$f":"+IFERROR(VLOOKUP($A988,BD_INSUMOS2[],5,FALSE),\"\")","v":""},{"$f":"+IFERROR(VLOOKUP($A988,BD_INSUMOS2[],6,FALSE),\"\")","v":""},{"$f":"+IFERROR(VLOOKUP($A988,BD_INSUMOS2[],7,FALSE),\"\")","v":""},{"$f":"+IFERROR(VLOOKUP($A988,BD_INSUMOS2[],8,FALSE),\"\")","v":""}]
[978,{"$f":"+IFERROR(VLOOKUP($A989,BD_INSUMOS2[],3,FALSE),\"\")","v":""},{"$f":"+IFERROR(VLOOKUP($A989,BD_INSUMOS2[],5,FALSE),\"\")","v":""},{"$f":"+IFERROR(VLOOKUP($A989,BD_INSUMOS2[],6,FALSE),\"\")","v":""},{"$f":"+IFERROR(VLOOKUP($A989,BD_INSUMOS2[],7,FALSE),\"\")","v":""},{"$f":"+IFERROR(VLOOKUP($A989,BD_INSUMOS2[],8,FALSE),\"\")","v":""}]
[979,{"$f":"+IFERROR(VLOOKUP($A990,BD_INSUMOS2[],3,FALSE),\"\")","v":""},{"$f":"+IFERROR(VLOOKUP($A990,BD_INSUMOS2[],5,FALSE),\"\")","v":""},{"$f":"+IFERROR(VLOOKUP($A990,BD_INSUMOS2[],6,FALSE),\"\")","v":""},{"$f":"+IFERROR(VLOOKUP($A990,BD_INSUMOS2[],7,FALSE),\"\")","v":""},{"$f":"+IFERROR(VLOOKUP($A990,BD_INSUMOS2[],8,FALSE),\"\")","v":""}]
[980,{"$f":"+IFERROR(VLOOKUP($A991,BD_INSUMOS2[],3,FALSE),\"\")","v":""},{"$f":"+IFERROR(VLOOKUP($A991,BD_INSUMOS2[],5,FALSE),\"\")","v":""},{"$f":"+IFERROR(VLOOKUP($A991,BD_INSUMOS2[],6,FALSE),\"\")","v":""},{"$f":"+IFERROR(VLOOKUP($A991,BD_INSUMOS2[],7,FALSE),\"\")","v":""},{"$f":"+IFERROR(VLOOKUP($A991,BD_INSUMOS2[],8,FALSE),\"\")","v":""}]
[981,{"$f":"+IFERROR(VLOOKUP($A992,BD_INSUMOS2[],3,FALSE),\"\")","v":""},{"$f":"+IFERROR(VLOOKUP($A992,BD_INSUMOS2[],5,FALSE),\"\")","v":""},{"$f":"+IFERROR(VLOOKUP($A992,BD_INSUMOS2[],6,FALSE),\"\")","v":""},{"$f":"+IFERROR(VLOOKUP($A992,BD_INSUMOS2[],7,FALSE),\"\")","v":""},{"$f":"+IFERROR(VLOOKUP($A992,BD_INSUMOS2[],8,FALSE),\"\")","v":""}]
[982,{"$f":"+IFERROR(VLOOKUP($A993,BD_INSUMOS2[],3,FALSE),\"\")","v":""},{"$f":"+IFERROR(VLOOKUP($A993,BD_INSUMOS2[],5,FALSE),\"\")","v":""},{"$f":"+IFERROR(VLOOKUP($A993,BD_INSUMOS2[],6,FALSE),\"\")","v":""},{"$f":"+IFERROR(VLOOKUP($A993,BD_INSUMOS2[],7,FALSE),\"\")","v":""},{"$f":"+IFERROR(VLOOKUP($A993,BD_INSUMOS2[],8,FALSE),\"\")","v":""}]
[983,{"$f":"+IFERROR(VLOOKUP($A994,BD_INSUMOS2[],3,FALSE),\"\")","v":""},{"$f":"+IFERROR(VLOOKUP($A994,BD_INSUMOS2[],5,FALSE),\"\")","v":""},{"$f":"+IFERROR(VLOOKUP($A994,BD_INSUMOS2[],6,FALSE),\"\")","v":""},{"$f":"+IFERROR(VLOOKUP($A994,BD_INSUMOS2[],7,FALSE),\"\")","v":""},{"$f":"+IFERROR(VLOOKUP($A994,BD_INSUMOS2[],8,FALSE),\"\")","v":""}]
[984,{"$f":"+IFERROR(VLOOKUP($A995,BD_INSUMOS2[],3,FALSE),\"\")","v":""},{"$f":"+IFERROR(VLOOKUP($A995,BD_INSUMOS2[],5,FALSE),\"\")","v":""},{"$f":"+IFERROR(VLOOKUP($A995,BD_INSUMOS2[],6,FALSE),\"\")","v":""},{"$f":"+IFERROR(VLOOKUP($A995,BD_INSUMOS2[],7,FALSE),\"\")","v":""},{"$f":"+IFERROR(VLOOKUP($A995,BD_INSUMOS2[],8,FALSE),\"\")","v":""}]
[985,{"$f":"+IFERROR(VLOOKUP($A996,BD_INSUMOS2[],3,FALSE),\"\")","v":""},{"$f":"+IFERROR(VLOOKUP($A996,BD_INSUMOS2[],5,FALSE),\"\")","v":""},{"$f":"+IFERROR(VLOOKUP($A996,BD_INSUMOS2[],6,FALSE),\"\")","v":""},{"$f":"+IFERROR(VLOOKUP($A996,BD_INSUMOS2[],7,FALSE),\"\")","v":""},{"$f":"+IFERROR(VLOOKUP($A996,BD_INSUMOS2[],8,FALSE),\"\")","v":""}]
[986,{"$f":"+IFERROR(VLOOKUP($A997,BD_INSUMOS2[],3,FALSE),\"\")","v":""},{"$f":"+IFERROR(VLOOKUP($A997,BD_INSUMOS2[],5,FALSE),\"\")","v":""},{"$f":"+IFERROR(VLOOKUP($A997,BD_INSUMOS2[],6,FALSE),\"\")","v":""},{"$f":"+IFERROR(VLOOKUP($A997,BD_INSUMOS2[],7,FALSE),\"\")","v":""},{"$f":"+IFERROR(VLOOKUP($A997,BD_INSUMOS2[],8,FALSE),\"\")","v":""}]
[987,{"$f":"+IFERROR(VLOOKUP($A998,BD_INSUMOS2[],3,FALSE),\"\")","v":""},{"$f":"+IFERROR(VLOOKUP($A998,BD_INSUMOS2[],5,FALSE),\"\")","v":""},{"$f":"+IFERROR(VLOOKUP($A998,BD_INSUMOS2[],6,FALSE),\"\")","v":""},{"$f":"+IFERROR(VLOOKUP($A998,BD_INSUMOS2[],7,FALSE),\"\")","v":""},{"$f":"+IFERROR(VLOOKUP($A998,BD_INSUMOS2[],8,FALSE),\"\")","v":""}]
[988,{"$f":"+IFERROR(VLOOKUP($A999,BD_INSUMOS2[],3,FALSE),\"\")","v":""},{"$f":"+IFERROR(VLOOKUP($A999,BD_INSUMOS2[],5,FALSE),\"\")","v":""},{"$f":"+IFERROR(VLOOKUP($A999,BD_INSUMOS2[],6,FALSE),\"\")","v":""},{"$f":"+IFERROR(VLOOKUP($A999,BD_INSUMOS2[],7,FALSE),\"\")","v":""},{"$f":"+IFERROR(VLOOKUP($A999,BD_INSUMOS2[],8,FALSE),\"\")","v":""}]
[989,{"$f":"+IFERROR(VLOOKUP($A1000,BD_INSUMOS2[],3,FALSE),\"\")","v":""},{"$f":"+IFERROR(VLOOKUP($A1000,BD_INSUMOS2[],5,FALSE),\"\")","v":""},{"$f":"+IFERROR(VLOOKUP($A1000,BD_INSUMOS2[],6,FALSE),\"\")","v":""},{"$f":"+IFERROR(VLOOKUP($A1000,BD_INSUMOS2[],7,FALSE),\"\")","v":""},{"$f":"+IFERROR(VLOOKUP($A1000,BD_INSUMOS2[],8,FALSE),\"\")","v":""}]
[990,{"$f":"+IFERROR(VLOOKUP($A1001,BD_INSUMOS2[],3,FALSE),\"\")","v":""},{"$f":"+IFERROR(VLOOKUP($A1001,BD_INSUMOS2[],5,FALSE),\"\")","v":""},{"$f":"+IFERROR(VLOOKUP($A1001,BD_INSUMOS2[],6,FALSE),\"\")","v":""},{"$f":"+IFERROR(VLOOKUP($A1001,BD_INSUMOS2[],7,FALSE),\"\")","v":""},{"$f":"+IFERROR(VLOOKUP($A1001,BD_INSUMOS2[],8,FALSE),\"\")","v":""}]
[991,{"$f":"+IFERROR(VLOOKUP($A1002,BD_INSUMOS2[],3,FALSE),\"\")","v":""},{"$f":"+IFERROR(VLOOKUP($A1002,BD_INSUMOS2[],5,FALSE),\"\")","v":""},{"$f":"+IFERROR(VLOOKUP($A1002,BD_INSUMOS2[],6,FALSE),\"\")","v":""},{"$f":"+IFERROR(VLOOKUP($A1002,BD_INSUMOS2[],7,FALSE),\"\")","v":""},{"$f":"+IFERROR(VLOOKUP($A1002,BD_INSUMOS2[],8,FALSE),\"\")","v":""}]
[992,{"$f":"+IFERROR(VLOOKUP($A1003,BD_INSUMOS2[],3,FALSE),\"\")","v":""},{"$f":"+IFERROR(VLOOKUP($A1003,BD_INSUMOS2[],5,FALSE),\"\")","v":""},{"$f":"+IFERROR(VLOOKUP($A1003,BD_INSUMOS2[],6,FALSE),\"\")","v":""},{"$f":"+IFERROR(VLOOKUP($A1003,BD_INSUMOS2[],7,FALSE),\"\")","v":""},{"$f":"+IFERROR(VLOOKUP($A1003,BD_INSUMOS2[],8,FALSE),\"\")","v":""}]
[993,{"$f":"+IFERROR(VLOOKUP($A1004,BD_INSUMOS2[],3,FALSE),\"\")","v":""},{"$f":"+IFERROR(VLOOKUP($A1004,BD_INSUMOS2[],5,FALSE),\"\")","v":""},{"$f":"+IFERROR(VLOOKUP($A1004,BD_INSUMOS2[],6,FALSE),\"\")","v":""},{"$f":"+IFERROR(VLOOKUP($A1004,BD_INSUMOS2[],7,FALSE),\"\")","v":""},{"$f":"+IFERROR(VLOOKUP($A1004,BD_INSUMOS2[],8,FALSE),\"\")","v":""}]
[994,{"$f":"+IFERROR(VLOOKUP($A1005,BD_INSUMOS2[],3,FALSE),\"\")","v":""},{"$f":"+IFERROR(VLOOKUP($A1005,BD_INSUMOS2[],5,FALSE),\"\")","v":""},{"$f":"+IFERROR(VLOOKUP($A1005,BD_INSUMOS2[],6,FALSE),\"\")","v":""},{"$f":"+IFERROR(VLOOKUP($A1005,BD_INSUMOS2[],7,FALSE),\"\")","v":""},{"$f":"+IFERROR(VLOOKUP($A1005,BD_INSUMOS2[],8,FALSE),\"\")","v":""}]
[995,{"$f":"+IFERROR(VLOOKUP($A1006,BD_INSUMOS2[],3,FALSE),\"\")","v":""},{"$f":"+IFERROR(VLOOKUP($A1006,BD_INSUMOS2[],5,FALSE),\"\")","v":""},{"$f":"+IFERROR(VLOOKUP($A1006,BD_INSUMOS2[],6,FALSE),\"\")","v":""},{"$f":"+IFERROR(VLOOKUP($A1006,BD_INSUMOS2[],7,FALSE),\"\")","v":""},{"$f":"+IFERROR(VLOOKUP($A1006,BD_INSUMOS2[],8,FALSE),\"\")","v":""}]
[996,{"$f":"+IFERROR(VLOOKUP($A1007,BD_INSUMOS2[],3,FALSE),\"\")","v":""},{"$f":"+IFERROR(VLOOKUP($A1007,BD_INSUMOS2[],5,FALSE),\"\")","v":""},{"$f":"+IFERROR(VLOOKUP($A1007,BD_INSUMOS2[],6,FALSE),\"\")","v":""},{"$f":"+IFERROR(VLOOKUP($A1007,BD_INSUMOS2[],7,FALSE),\"\")","v":""},{"$f":"+IFERROR(VLOOKUP($A1007,BD_INSUMOS2[],8,FALSE),\"\")","v":""}]
[997,{"$f":"+IFERROR(VLOOKUP($A1008,BD_INSUMOS2[],3,FALSE),\"\")","v":""},{"$f":"+IFERROR(VLOOKUP($A1008,BD_INSUMOS2[],5,FALSE),\"\")","v":""},{"$f":"+IFERROR(VLOOKUP($A1008,BD_INSUMOS2[],6,FALSE),\"\")","v":""},{"$f":"+IFERROR(VLOOKUP($A1008,BD_INSUMOS2[],7,FALSE),\"\")","v":""},{"$f":"+IFERROR(VLOOKUP($A1008,BD_INSUMOS2[],8,FALSE),\"\")","v":""}]
[998,{"$f":"+IFERROR(VLOOKUP($A1009,BD_INSUMOS2[],3,FALSE),\"\")","v":""},{"$f":"+IFERROR(VLOOKUP($A1009,BD_INSUMOS2[],5,FALSE),\"\")","v":""},{"$f":"+IFERROR(VLOOKUP($A1009,BD_INSUMOS2[],6,FALSE),\"\")","v":""},{"$f":"+IFERROR(VLOOKUP($A1009,BD_INSUMOS2[],7,FALSE),\"\")","v":""},{"$f":"+IFERROR(VLOOKUP($A1009,BD_INSUMOS2[],8,FALSE),\"\")","v":""}]
[999,{"$f":"+IFERROR(VLOOKUP($A1010,BD_INSUMOS2[],3,FALSE),\"\")","v":""},{"$f":"+IFERROR(VLOOKUP($A1010,BD_INSUMOS2[],5,FALSE),\"\")","v":""},{"$f":"+IFERROR(VLOOKUP($A1010,BD_INSUMOS2[],6,FALSE),\"\")","v":""},{"$f":"+IFERROR(VLOOKUP($A1010,BD_INSUMOS2[],7,FALSE),\"\")","v":""},{"$f":"+IFERROR(VLOOKUP($A1010,BD_INSUMOS2[],8,FALSE),\"\")","v":""}]
[1000,{"$f":"+IFERROR(VLOOKUP($A1011,BD_INSUMOS2[],3,FALSE),\"\")","v":""},{"$f":"+IFERROR(VLOOKUP($A1011,BD_INSUMOS2[],5,FALSE),\"\")","v":""},{"$f":"+IFERROR(VLOOKUP($A1011,BD_INSUMOS2[],6,FALSE),\"\")","v":""},{"$f":"+IFERROR(VLOOKUP($A1011,BD_INSUMOS2[],7,FALSE),\"\")","v":""},{"$f":"+IFERROR(VLOOKUP($A1011,BD_INSUMOS2[],8,FALSE),\"\")","v":""}]
[1001,{"$f":"+IFERROR(VLOOKUP($A1012,BD_INSUMOS2[],3,FALSE),\"\")","v":""},{"$f":"+IFERROR(VLOOKUP($A1012,BD_INSUMOS2[],5,FALSE),\"\")","v":""},{"$f":"+IFERROR(VLOOKUP($A1012,BD_INSUMOS2[],6,FALSE),\"\")","v":""},{"$f":"+IFERROR(VLOOKUP($A1012,BD_INSUMOS2[],7,FALSE),\"\")","v":""},{"$f":"+IFERROR(VLOOKUP($A1012,BD_INSUMOS2[],8,FALSE),\"\")","v":""}]
[1002,{"$f":"+IFERROR(VLOOKUP($A1013,BD_INSUMOS2[],3,FALSE),\"\")","v":""},{"$f":"+IFERROR(VLOOKUP($A1013,BD_INSUMOS2[],5,FALSE),\"\")","v":""},{"$f":"+IFERROR(VLOOKUP($A1013,BD_INSUMOS2[],6,FALSE),\"\")","v":""},{"$f":"+IFERROR(VLOOKUP($A1013,BD_INSUMOS2[],7,FALSE),\"\")","v":""},{"$f":"+IFERROR(VLOOKUP($A1013,BD_INSUMOS2[],8,FALSE),\"\")","v":""}]
[1003,{"$f":"+IFERROR(VLOOKUP($A1014,BD_INSUMOS2[],3,FALSE),\"\")","v":""},{"$f":"+IFERROR(VLOOKUP($A1014,BD_INSUMOS2[],5,FALSE),\"\")","v":""},{"$f":"+IFERROR(VLOOKUP($A1014,BD_INSUMOS2[],6,FALSE),\"\")","v":""},{"$f":"+IFERROR(VLOOKUP($A1014,BD_INSUMOS2[],7,FALSE),\"\")","v":""},{"$f":"+IFERROR(VLOOKUP($A1014,BD_INSUMOS2[],8,FALSE),\"\")","v":""}]
[1004,{"$f":"+IFERROR(VLOOKUP($A1015,BD_INSUMOS2[],3,FALSE),\"\")","v":""},{"$f":"+IFERROR(VLOOKUP($A1015,BD_INSUMOS2[],5,FALSE),\"\")","v":""},{"$f":"+IFERROR(VLOOKUP($A1015,BD_INSUMOS2[],6,FALSE),\"\")","v":""},{"$f":"+IFERROR(VLOOKUP($A1015,BD_INSUMOS2[],7,FALSE),\"\")","v":""},{"$f":"+IFERROR(VLOOKUP($A1015,BD_INSUMOS2[],8,FALSE),\"\")","v":""}]
[1005,{"$f":"+IFERROR(VLOOKUP($A1016,BD_INSUMOS2[],3,FALSE),\"\")","v":""},{"$f":"+IFERROR(VLOOKUP($A1016,BD_INSUMOS2[],5,FALSE),\"\")","v":""},{"$f":"+IFERROR(VLOOKUP($A1016,BD_INSUMOS2[],6,FALSE),\"\")","v":""},{"$f":"+IFERROR(VLOOKUP($A1016,BD_INSUMOS2[],7,FALSE),\"\")","v":""},{"$f":"+IFERROR(VLOOKUP($A1016,BD_INSUMOS2[],8,FALSE),\"\")","v":""}]
[1006,{"$f":"+IFERROR(VLOOKUP($A1017,BD_INSUMOS2[],3,FALSE),\"\")","v":""},{"$f":"+IFERROR(VLOOKUP($A1017,BD_INSUMOS2[],5,FALSE),\"\")","v":""},{"$f":"+IFERROR(VLOOKUP($A1017,BD_INSUMOS2[],6,FALSE),\"\")","v":""},{"$f":"+IFERROR(VLOOKUP($A1017,BD_INSUMOS2[],7,FALSE),\"\")","v":""},{"$f":"+IFERROR(VLOOKUP($A1017,BD_INSUMOS2[],8,FALSE),\"\")","v":""}]
[1007,{"$f":"+IFERROR(VLOOKUP($A1018,BD_INSUMOS2[],3,FALSE),\"\")","v":""},{"$f":"+IFERROR(VLOOKUP($A1018,BD_INSUMOS2[],5,FALSE),\"\")","v":""},{"$f":"+IFERROR(VLOOKUP($A1018,BD_INSUMOS2[],6,FALSE),\"\")","v":""},{"$f":"+IFERROR(VLOOKUP($A1018,BD_INSUMOS2[],7,FALSE),\"\")","v":""},{"$f":"+IFERROR(VLOOKUP($A1018,BD_INSUMOS2[],8,FALSE),\"\")","v":""}]
[1008,{"$f":"+IFERROR(VLOOKUP($A1019,BD_INSUMOS2[],3,FALSE),\"\")","v":""},{"$f":"+IFERROR(VLOOKUP($A1019,BD_INSUMOS2[],5,FALSE),\"\")","v":""},{"$f":"+IFERROR(VLOOKUP($A1019,BD_INSUMOS2[],6,FALSE),\"\")","v":""},{"$f":"+IFERROR(VLOOKUP($A1019,BD_INSUMOS2[],7,FALSE),\"\")","v":""},{"$f":"+IFERROR(VLOOKUP($A1019,BD_INSUMOS2[],8,FALSE),\"\")","v":""}]
[1009,{"$f":"+IFERROR(VLOOKUP($A1020,BD_INSUMOS2[],3,FALSE),\"\")","v":""},{"$f":"+IFERROR(VLOOKUP($A1020,BD_INSUMOS2[],5,FALSE),\"\")","v":""},{"$f":"+IFERROR(VLOOKUP($A1020,BD_INSUMOS2[],6,FALSE),\"\")","v":""},{"$f":"+IFERROR(VLOOKUP($A1020,BD_INSUMOS2[],7,FALSE),\"\")","v":""},{"$f":"+IFERROR(VLOOKUP($A1020,BD_INSUMOS2[],8,FALSE),\"\")","v":""}]
[1010,{"$f":"+IFERROR(VLOOKUP($A1021,BD_INSUMOS2[],3,FALSE),\"\")","v":""},{"$f":"+IFERROR(VLOOKUP($A1021,BD_INSUMOS2[],5,FALSE),\"\")","v":""},{"$f":"+IFERROR(VLOOKUP($A1021,BD_INSUMOS2[],6,FALSE),\"\")","v":""},{"$f":"+IFERROR(VLOOKUP($A1021,BD_INSUMOS2[],7,FALSE),\"\")","v":""},{"$f":"+IFERROR(VLOOKUP($A1021,BD_INSUMOS2[],8,FALSE),\"\")","v":""}]
[1011,{"$f":"+IFERROR(VLOOKUP($A1022,BD_INSUMOS2[],3,FALSE),\"\")","v":""},{"$f":"+IFERROR(VLOOKUP($A1022,BD_INSUMOS2[],5,FALSE),\"\")","v":""},{"$f":"+IFERROR(VLOOKUP($A1022,BD_INSUMOS2[],6,FALSE),\"\")","v":""},{"$f":"+IFERROR(VLOOKUP($A1022,BD_INSUMOS2[],7,FALSE),\"\")","v":""},{"$f":"+IFERROR(VLOOKUP($A1022,BD_INSUMOS2[],8,FALSE),\"\")","v":""}]
[1012,{"$f":"+IFERROR(VLOOKUP($A1023,BD_INSUMOS2[],3,FALSE),\"\")","v":""},{"$f":"+IFERROR(VLOOKUP($A1023,BD_INSUMOS2[],5,FALSE),\"\")","v":""},{"$f":"+IFERROR(VLOOKUP($A1023,BD_INSUMOS2[],6,FALSE),\"\")","v":""},{"$f":"+IFERROR(VLOOKUP($A1023,BD_INSUMOS2[],7,FALSE),\"\")","v":""},{"$f":"+IFERROR(VLOOKUP($A1023,BD_INSUMOS2[],8,FALSE),\"\")","v":""}]
[1013,{"$f":"+IFERROR(VLOOKUP($A1024,BD_INSUMOS2[],3,FALSE),\"\")","v":""},{"$f":"+IFERROR(VLOOKUP($A1024,BD_INSUMOS2[],5,FALSE),\"\")","v":""},{"$f":"+IFERROR(VLOOKUP($A1024,BD_INSUMOS2[],6,FALSE),\"\")","v":""},{"$f":"+IFERROR(VLOOKUP($A1024,BD_INSUMOS2[],7,FALSE),\"\")","v":""},{"$f":"+IFERROR(VLOOKUP($A1024,BD_INSUMOS2[],8,FALSE),\"\")","v":""}]
[1014,{"$f":"+IFERROR(VLOOKUP($A1025,BD_INSUMOS2[],3,FALSE),\"\")","v":""},{"$f":"+IFERROR(VLOOKUP($A1025,BD_INSUMOS2[],5,FALSE),\"\")","v":""},{"$f":"+IFERROR(VLOOKUP($A1025,BD_INSUMOS2[],6,FALSE),\"\")","v":""},{"$f":"+IFERROR(VLOOKUP($A1025,BD_INSUMOS2[],7,FALSE),\"\")","v":""},{"$f":"+IFERROR(VLOOKUP($A1025,BD_INSUMOS2[],8,FALSE),\"\")","v":""}]
[1015,{"$f":"+IFERROR(VLOOKUP($A1026,BD_INSUMOS2[],3,FALSE),\"\")","v":""},{"$f":"+IFERROR(VLOOKUP($A1026,BD_INSUMOS2[],5,FALSE),\"\")","v":""},{"$f":"+IFERROR(VLOOKUP($A1026,BD_INSUMOS2[],6,FALSE),\"\")","v":""},{"$f":"+IFERROR(VLOOKUP($A1026,BD_INSUMOS2[],7,FALSE),\"\")","v":""},{"$f":"+IFERROR(VLOOKUP($A1026,BD_INSUMOS2[],8,FALSE),\"\")","v":""}]
[1016,{"$f":"+IFERROR(VLOOKUP($A1027,BD_INSUMOS2[],3,FALSE),\"\")","v":""},{"$f":"+IFERROR(VLOOKUP($A1027,BD_INSUMOS2[],5,FALSE),\"\")","v":""},{"$f":"+IFERROR(VLOOKUP($A1027,BD_INSUMOS2[],6,FALSE),\"\")","v":""},{"$f":"+IFERROR(VLOOKUP($A1027,BD_INSUMOS2[],7,FALSE),\"\")","v":""},{"$f":"+IFERROR(VLOOKUP($A1027,BD_INSUMOS2[],8,FALSE),\"\")","v":""}]
[1017,{"$f":"+IFERROR(VLOOKUP($A1028,BD_INSUMOS2[],3,FALSE),\"\")","v":""},{"$f":"+IFERROR(VLOOKUP($A1028,BD_INSUMOS2[],5,FALSE),\"\")","v":""},{"$f":"+IFERROR(VLOOKUP($A1028,BD_INSUMOS2[],6,FALSE),\"\")","v":""},{"$f":"+IFERROR(VLOOKUP($A1028,BD_INSUMOS2[],7,FALSE),\"\")","v":""},{"$f":"+IFERROR(VLOOKUP($A1028,BD_INSUMOS2[],8,FALSE),\"\")","v":""}]
[1018,{"$f":"+IFERROR(VLOOKUP($A1029,BD_INSUMOS2[],3,FALSE),\"\")","v":""},{"$f":"+IFERROR(VLOOKUP($A1029,BD_INSUMOS2[],5,FALSE),\"\")","v":""},{"$f":"+IFERROR(VLOOKUP($A1029,BD_INSUMOS2[],6,FALSE),\"\")","v":""},{"$f":"+IFERROR(VLOOKUP($A1029,BD_INSUMOS2[],7,FALSE),\"\")","v":""},{"$f":"+IFERROR(VLOOKUP($A1029,BD_INSUMOS2[],8,FALSE),\"\")","v":""}]
[1019,{"$f":"+IFERROR(VLOOKUP($A1030,BD_INSUMOS2[],3,FALSE),\"\")","v":""},{"$f":"+IFERROR(VLOOKUP($A1030,BD_INSUMOS2[],5,FALSE),\"\")","v":""},{"$f":"+IFERROR(VLOOKUP($A1030,BD_INSUMOS2[],6,FALSE),\"\")","v":""},{"$f":"+IFERROR(VLOOKUP($A1030,BD_INSUMOS2[],7,FALSE),\"\")","v":""},{"$f":"+IFERROR(VLOOKUP($A1030,BD_INSUMOS2[],8,FALSE),\"\")","v":""}]
[1020,{"$f":"+IFERROR(VLOOKUP($A1031,BD_INSUMOS2[],3,FALSE),\"\")","v":""},{"$f":"+IFERROR(VLOOKUP($A1031,BD_INSUMOS2[],5,FALSE),\"\")","v":""},{"$f":"+IFERROR(VLOOKUP($A1031,BD_INSUMOS2[],6,FALSE),\"\")","v":""},{"$f":"+IFERROR(VLOOKUP($A1031,BD_INSUMOS2[],7,FALSE),\"\")","v":""},{"$f":"+IFERROR(VLOOKUP($A1031,BD_INSUMOS2[],8,FALSE),\"\")","v":""}]
[1021,{"$f":"+IFERROR(VLOOKUP($A1032,BD_INSUMOS2[],3,FALSE),\"\")","v":""},{"$f":"+IFERROR(VLOOKUP($A1032,BD_INSUMOS2[],5,FALSE),\"\")","v":""},{"$f":"+IFERROR(VLOOKUP($A1032,BD_INSUMOS2[],6,FALSE),\"\")","v":""},{"$f":"+IFERROR(VLOOKUP($A1032,BD_INSUMOS2[],7,FALSE),\"\")","v":""},{"$f":"+IFERROR(VLOOKUP($A1032,BD_INSUMOS2[],8,FALSE),\"\")","v":""}]
[1022,{"$f":"+IFERROR(VLOOKUP($A1033,BD_INSUMOS2[],3,FALSE),\"\")","v":""},{"$f":"+IFERROR(VLOOKUP($A1033,BD_INSUMOS2[],5,FALSE),\"\")","v":""},{"$f":"+IFERROR(VLOOKUP($A1033,BD_INSUMOS2[],6,FALSE),\"\")","v":""},{"$f":"+IFERROR(VLOOKUP($A1033,BD_INSUMOS2[],7,FALSE),\"\")","v":""},{"$f":"+IFERROR(VLOOKUP($A1033,BD_INSUMOS2[],8,FALSE),\"\")","v":""}]
[1023,{"$f":"+IFERROR(VLOOKUP($A1034,BD_INSUMOS2[],3,FALSE),\"\")","v":""},{"$f":"+IFERROR(VLOOKUP($A1034,BD_INSUMOS2[],5,FALSE),\"\")","v":""},{"$f":"+IFERROR(VLOOKUP($A1034,BD_INSUMOS2[],6,FALSE),\"\")","v":""},{"$f":"+IFERROR(VLOOKUP($A1034,BD_INSUMOS2[],7,FALSE),\"\")","v":""},{"$f":"+IFERROR(VLOOKUP($A1034,BD_INSUMOS2[],8,FALSE),\"\")","v":""}]
[1024,{"$f":"+IFERROR(VLOOKUP($A1035,BD_INSUMOS2[],3,FALSE),\"\")","v":""},{"$f":"+IFERROR(VLOOKUP($A1035,BD_INSUMOS2[],5,FALSE),\"\")","v":""},{"$f":"+IFERROR(VLOOKUP($A1035,BD_INSUMOS2[],6,FALSE),\"\")","v":""},{"$f":"+IFERROR(VLOOKUP($A1035,BD_INSUMOS2[],7,FALSE),\"\")","v":""},{"$f":"+IFERROR(VLOOKUP($A1035,BD_INSUMOS2[],8,FALSE),\"\")","v":""}]
[1025,{"$f":"+IFERROR(VLOOKUP($A1036,BD_INSUMOS2[],3,FALSE),\"\")","v":""},{"$f":"+IFERROR(VLOOKUP($A1036,BD_INSUMOS2[],5,FALSE),\"\")","v":""},{"$f":"+IFERROR(VLOOKUP($A1036,BD_INSUMOS2[],6,FALSE),\"\")","v":""},{"$f":"+IFERROR(VLOOKUP($A1036,BD_INSUMOS2[],7,FALSE),\"\")","v":""},{"$f":"+IFERROR(VLOOKUP($A1036,BD_INSUMOS2[],8,FALSE),\"\")","v":""}]
[1026,{"$f":"+IFERROR(VLOOKUP($A1037,BD_INSUMOS2[],3,FALSE),\"\")","v":""},{"$f":"+IFERROR(VLOOKUP($A1037,BD_INSUMOS2[],5,FALSE),\"\")","v":""},{"$f":"+IFERROR(VLOOKUP($A1037,BD_INSUMOS2[],6,FALSE),\"\")","v":""},{"$f":"+IFERROR(VLOOKUP($A1037,BD_INSUMOS2[],7,FALSE),\"\")","v":""},{"$f":"+IFERROR(VLOOKUP($A1037,BD_INSUMOS2[],8,FALSE),\"\")","v":""}]
[1027,{"$f":"+IFERROR(VLOOKUP($A1038,BD_INSUMOS2[],3,FALSE),\"\")","v":""},{"$f":"+IFERROR(VLOOKUP($A1038,BD_INSUMOS2[],5,FALSE),\"\")","v":""},{"$f":"+IFERROR(VLOOKUP($A1038,BD_INSUMOS2[],6,FALSE),\"\")","v":""},{"$f":"+IFERROR(VLOOKUP($A1038,BD_INSUMOS2[],7,FALSE),\"\")","v":""},{"$f":"+IFERROR(VLOOKUP($A1038,BD_INSUMOS2[],8,FALSE),\"\")","v":""}]
[1028,{"$f":"+IFERROR(VLOOKUP($A1039,BD_INSUMOS2[],3,FALSE),\"\")","v":""},{"$f":"+IFERROR(VLOOKUP($A1039,BD_INSUMOS2[],5,FALSE),\"\")","v":""},{"$f":"+IFERROR(VLOOKUP($A1039,BD_INSUMOS2[],6,FALSE),\"\")","v":""},{"$f":"+IFERROR(VLOOKUP($A1039,BD_INSUMOS2[],7,FALSE),\"\")","v":""},{"$f":"+IFERROR(VLOOKUP($A1039,BD_INSUMOS2[],8,FALSE),\"\")","v":""}]
[1029,{"$f":"+IFERROR(VLOOKUP($A1040,BD_INSUMOS2[],3,FALSE),\"\")","v":""},{"$f":"+IFERROR(VLOOKUP($A1040,BD_INSUMOS2[],5,FALSE),\"\")","v":""},{"$f":"+IFERROR(VLOOKUP($A1040,BD_INSUMOS2[],6,FALSE),\"\")","v":""},{"$f":"+IFERROR(VLOOKUP($A1040,BD_INSUMOS2[],7,FALSE),\"\")","v":""},{"$f":"+IFERROR(VLOOKUP($A1040,BD_INSUMOS2[],8,FALSE),\"\")","v":""}]
[1030,{"$f":"+IFERROR(VLOOKUP($A1041,BD_INSUMOS2[],3,FALSE),\"\")","v":""},{"$f":"+IFERROR(VLOOKUP($A1041,BD_INSUMOS2[],5,FALSE),\"\")","v":""},{"$f":"+IFERROR(VLOOKUP($A1041,BD_INSUMOS2[],6,FALSE),\"\")","v":""},{"$f":"+IFERROR(VLOOKUP($A1041,BD_INSUMOS2[],7,FALSE),\"\")","v":""},{"$f":"+IFERROR(VLOOKUP($A1041,BD_INSUMOS2[],8,FALSE),\"\")","v":""}]
[1031,{"$f":"+IFERROR(VLOOKUP($A1042,BD_INSUMOS2[],3,FALSE),\"\")","v":""},{"$f":"+IFERROR(VLOOKUP($A1042,BD_INSUMOS2[],5,FALSE),\"\")","v":""},{"$f":"+IFERROR(VLOOKUP($A1042,BD_INSUMOS2[],6,FALSE),\"\")","v":""},{"$f":"+IFERROR(VLOOKUP($A1042,BD_INSUMOS2[],7,FALSE),\"\")","v":""},{"$f":"+IFERROR(VLOOKUP($A1042,BD_INSUMOS2[],8,FALSE),\"\")","v":""}]
[1032,{"$f":"+IFERROR(VLOOKUP($A1043,BD_INSUMOS2[],3,FALSE),\"\")","v":""},{"$f":"+IFERROR(VLOOKUP($A1043,BD_INSUMOS2[],5,FALSE),\"\")","v":""},{"$f":"+IFERROR(VLOOKUP($A1043,BD_INSUMOS2[],6,FALSE),\"\")","v":""},{"$f":"+IFERROR(VLOOKUP($A1043,BD_INSUMOS2[],7,FALSE),\"\")","v":""},{"$f":"+IFERROR(VLOOKUP($A1043,BD_INSUMOS2[],8,FALSE),\"\")","v":""}]
[1033,{"$f":"+IFERROR(VLOOKUP($A1044,BD_INSUMOS2[],3,FALSE),\"\")","v":""},{"$f":"+IFERROR(VLOOKUP($A1044,BD_INSUMOS2[],5,FALSE),\"\")","v":""},{"$f":"+IFERROR(VLOOKUP($A1044,BD_INSUMOS2[],6,FALSE),\"\")","v":""},{"$f":"+IFERROR(VLOOKUP($A1044,BD_INSUMOS2[],7,FALSE),\"\")","v":""},{"$f":"+IFERROR(VLOOKUP($A1044,BD_INSUMOS2[],8,FALSE),\"\")","v":""}]
[1034,{"$f":"+IFERROR(VLOOKUP($A1045,BD_INSUMOS2[],3,FALSE),\"\")","v":""},{"$f":"+IFERROR(VLOOKUP($A1045,BD_INSUMOS2[],5,FALSE),\"\")","v":""},{"$f":"+IFERROR(VLOOKUP($A1045,BD_INSUMOS2[],6,FALSE),\"\")","v":""},{"$f":"+IFERROR(VLOOKUP($A1045,BD_INSUMOS2[],7,FALSE),\"\")","v":""},{"$f":"+IFERROR(VLOOKUP($A1045,BD_INSUMOS2[],8,FALSE),\"\")","v":""}]
[1035,{"$f":"+IFERROR(VLOOKUP($A1046,BD_INSUMOS2[],3,FALSE),\"\")","v":""},{"$f":"+IFERROR(VLOOKUP($A1046,BD_INSUMOS2[],5,FALSE),\"\")","v":""},{"$f":"+IFERROR(VLOOKUP($A1046,BD_INSUMOS2[],6,FALSE),\"\")","v":""},{"$f":"+IFERROR(VLOOKUP($A1046,BD_INSUMOS2[],7,FALSE),\"\")","v":""},{"$f":"+IFERROR(VLOOKUP($A1046,BD_INSUMOS2[],8,FALSE),\"\")","v":""}]
[1036,{"$f":"+IFERROR(VLOOKUP($A1047,BD_INSUMOS2[],3,FALSE),\"\")","v":""},{"$f":"+IFERROR(VLOOKUP($A1047,BD_INSUMOS2[],5,FALSE),\"\")","v":""},{"$f":"+IFERROR(VLOOKUP($A1047,BD_INSUMOS2[],6,FALSE),\"\")","v":""},{"$f":"+IFERROR(VLOOKUP($A1047,BD_INSUMOS2[],7,FALSE),\"\")","v":""},{"$f":"+IFERROR(VLOOKUP($A1047,BD_INSUMOS2[],8,FALSE),\"\")","v":""}]
[1037,{"$f":"+IFERROR(VLOOKUP($A1048,BD_INSUMOS2[],3,FALSE),\"\")","v":""},{"$f":"+IFERROR(VLOOKUP($A1048,BD_INSUMOS2[],5,FALSE),\"\")","v":""},{"$f":"+IFERROR(VLOOKUP($A1048,BD_INSUMOS2[],6,FALSE),\"\")","v":""},{"$f":"+IFERROR(VLOOKUP($A1048,BD_INSUMOS2[],7,FALSE),\"\")","v":""},{"$f":"+IFERROR(VLOOKUP($A1048,BD_INSUMOS2[],8,FALSE),\"\")","v":""}]
[1038,{"$f":"+IFERROR(VLOOKUP($A1049,BD_INSUMOS2[],3,FALSE),\"\")","v":""},{"$f":"+IFERROR(VLOOKUP($A1049,BD_INSUMOS2[],5,FALSE),\"\")","v":""},{"$f":"+IFERROR(VLOOKUP($A1049,BD_INSUMOS2[],6,FALSE),\"\")","v":""},{"$f":"+IFERROR(VLOOKUP($A1049,BD_INSUMOS2[],7,FALSE),\"\")","v":""},{"$f":"+IFERROR(VLOOKUP($A1049,BD_INSUMOS2[],8,FALSE),\"\")","v":""}]
[1039,{"$f":"+IFERROR(VLOOKUP($A1050,BD_INSUMOS2[],3,FALSE),\"\")","v":""},{"$f":"+IFERROR(VLOOKUP($A1050,BD_INSUMOS2[],5,FALSE),\"\")","v":""},{"$f":"+IFERROR(VLOOKUP($A1050,BD_INSUMOS2[],6,FALSE),\"\")","v":""},{"$f":"+IFERROR(VLOOKUP($A1050,BD_INSUMOS2[],7,FALSE),\"\")","v":""},{"$f":"+IFERROR(VLOOKUP($A1050,BD_INSUMOS2[],8,FALSE),\"\")","v":""}]
[1040,{"$f":"+IFERROR(VLOOKUP($A1051,BD_INSUMOS2[],3,FALSE),\"\")","v":""},{"$f":"+IFERROR(VLOOKUP($A1051,BD_INSUMOS2[],5,FALSE),\"\")","v":""},{"$f":"+IFERROR(VLOOKUP($A1051,BD_INSUMOS2[],6,FALSE),\"\")","v":""},{"$f":"+IFERROR(VLOOKUP($A1051,BD_INSUMOS2[],7,FALSE),\"\")","v":""},{"$f":"+IFERROR(VLOOKUP($A1051,BD_INSUMOS2[],8,FALSE),\"\")","v":""}]
[1041,{"$f":"+IFERROR(VLOOKUP($A1052,BD_INSUMOS2[],3,FALSE),\"\")","v":""},{"$f":"+IFERROR(VLOOKUP($A1052,BD_INSUMOS2[],5,FALSE),\"\")","v":""},{"$f":"+IFERROR(VLOOKUP($A1052,BD_INSUMOS2[],6,FALSE),\"\")","v":""},{"$f":"+IFERROR(VLOOKUP($A1052,BD_INSUMOS2[],7,FALSE),\"\")","v":""},{"$f":"+IFERROR(VLOOKUP($A1052,BD_INSUMOS2[],8,FALSE),\"\")","v":""}]
[1042,{"$f":"+IFERROR(VLOOKUP($A1053,BD_INSUMOS2[],3,FALSE),\"\")","v":""},{"$f":"+IFERROR(VLOOKUP($A1053,BD_INSUMOS2[],5,FALSE),\"\")","v":""},{"$f":"+IFERROR(VLOOKUP($A1053,BD_INSUMOS2[],6,FALSE),\"\")","v":""},{"$f":"+IFERROR(VLOOKUP($A1053,BD_INSUMOS2[],7,FALSE),\"\")","v":""},{"$f":"+IFERROR(VLOOKUP($A1053,BD_INSUMOS2[],8,FALSE),\"\")","v":""}]
[1043,{"$f":"+IFERROR(VLOOKUP($A1054,BD_INSUMOS2[],3,FALSE),\"\")","v":""},{"$f":"+IFERROR(VLOOKUP($A1054,BD_INSUMOS2[],5,FALSE),\"\")","v":""},{"$f":"+IFERROR(VLOOKUP($A1054,BD_INSUMOS2[],6,FALSE),\"\")","v":""},{"$f":"+IFERROR(VLOOKUP($A1054,BD_INSUMOS2[],7,FALSE),\"\")","v":""},{"$f":"+IFERROR(VLOOKUP($A1054,BD_INSUMOS2[],8,FALSE),\"\")","v":""}]
[1044,{"$f":"+IFERROR(VLOOKUP($A1055,BD_INSUMOS2[],3,FALSE),\"\")","v":""},{"$f":"+IFERROR(VLOOKUP($A1055,BD_INSUMOS2[],5,FALSE),\"\")","v":""},{"$f":"+IFERROR(VLOOKUP($A1055,BD_INSUMOS2[],6,FALSE),\"\")","v":""},{"$f":"+IFERROR(VLOOKUP($A1055,BD_INSUMOS2[],7,FALSE),\"\")","v":""},{"$f":"+IFERROR(VLOOKUP($A1055,BD_INSUMOS2[],8,FALSE),\"\")","v":""}]
[1045,{"$f":"+IFERROR(VLOOKUP($A1056,BD_INSUMOS2[],3,FALSE),\"\")","v":""},{"$f":"+IFERROR(VLOOKUP($A1056,BD_INSUMOS2[],5,FALSE),\"\")","v":""},{"$f":"+IFERROR(VLOOKUP($A1056,BD_INSUMOS2[],6,FALSE),\"\")","v":""},{"$f":"+IFERROR(VLOOKUP($A1056,BD_INSUMOS2[],7,FALSE),\"\")","v":""},{"$f":"+IFERROR(VLOOKUP($A1056,BD_INSUMOS2[],8,FALSE),\"\")","v":""}]
[1046,{"$f":"+IFERROR(VLOOKUP($A1057,BD_INSUMOS2[],3,FALSE),\"\")","v":""},{"$f":"+IFERROR(VLOOKUP($A1057,BD_INSUMOS2[],5,FALSE),\"\")","v":""},{"$f":"+IFERROR(VLOOKUP($A1057,BD_INSUMOS2[],6,FALSE),\"\")","v":""},{"$f":"+IFERROR(VLOOKUP($A1057,BD_INSUMOS2[],7,FALSE),\"\")","v":""},{"$f":"+IFERROR(VLOOKUP($A1057,BD_INSUMOS2[],8,FALSE),\"\")","v":""}]
[1047,{"$f":"+IFERROR(VLOOKUP($A1058,BD_INSUMOS2[],3,FALSE),\"\")","v":""},{"$f":"+IFERROR(VLOOKUP($A1058,BD_INSUMOS2[],5,FALSE),\"\")","v":""},{"$f":"+IFERROR(VLOOKUP($A1058,BD_INSUMOS2[],6,FALSE),\"\")","v":""},{"$f":"+IFERROR(VLOOKUP($A1058,BD_INSUMOS2[],7,FALSE),\"\")","v":""},{"$f":"+IFERROR(VLOOKUP($A1058,BD_INSUMOS2[],8,FALSE),\"\")","v":""}]
[1048,{"$f":"+IFERROR(VLOOKUP($A1059,BD_INSUMOS2[],3,FALSE),\"\")","v":""},{"$f":"+IFERROR(VLOOKUP($A1059,BD_INSUMOS2[],5,FALSE),\"\")","v":""},{"$f":"+IFERROR(VLOOKUP($A1059,BD_INSUMOS2[],6,FALSE),\"\")","v":""},{"$f":"+IFERROR(VLOOKUP($A1059,BD_INSUMOS2[],7,FALSE),\"\")","v":""},{"$f":"+IFERROR(VLOOKUP($A1059,BD_INSUMOS2[],8,FALSE),\"\")","v":""}]
[1049,{"$f":"+IFERROR(VLOOKUP($A1060,BD_INSUMOS2[],3,FALSE),\"\")","v":""},{"$f":"+IFERROR(VLOOKUP($A1060,BD_INSUMOS2[],5,FALSE),\"\")","v":""},{"$f":"+IFERROR(VLOOKUP($A1060,BD_INSUMOS2[],6,FALSE),\"\")","v":""},{"$f":"+IFERROR(VLOOKUP($A1060,BD_INSUMOS2[],7,FALSE),\"\")","v":""},{"$f":"+IFERROR(VLOOKUP($A1060,BD_INSUMOS2[],8,FALSE),\"\")","v":""}]
[1050,{"$f":"+IFERROR(VLOOKUP($A1061,BD_INSUMOS2[],3,FALSE),\"\")","v":""},{"$f":"+IFERROR(VLOOKUP($A1061,BD_INSUMOS2[],5,FALSE),\"\")","v":""},{"$f":"+IFERROR(VLOOKUP($A1061,BD_INSUMOS2[],6,FALSE),\"\")","v":""},{"$f":"+IFERROR(VLOOKUP($A1061,BD_INSUMOS2[],7,FALSE),\"\")","v":""},{"$f":"+IFERROR(VLOOKUP($A1061,BD_INSUMOS2[],8,FALSE),\"\")","v":""}]
[1051,{"$f":"+IFERROR(VLOOKUP($A1062,BD_INSUMOS2[],3,FALSE),\"\")","v":""},{"$f":"+IFERROR(VLOOKUP($A1062,BD_INSUMOS2[],5,FALSE),\"\")","v":""},{"$f":"+IFERROR(VLOOKUP($A1062,BD_INSUMOS2[],6,FALSE),\"\")","v":""},{"$f":"+IFERROR(VLOOKUP($A1062,BD_INSUMOS2[],7,FALSE),\"\")","v":""},{"$f":"+IFERROR(VLOOKUP($A1062,BD_INSUMOS2[],8,FALSE),\"\")","v":""}]
[1052,{"$f":"+IFERROR(VLOOKUP($A1063,BD_INSUMOS2[],3,FALSE),\"\")","v":""},{"$f":"+IFERROR(VLOOKUP($A1063,BD_INSUMOS2[],5,FALSE),\"\")","v":""},{"$f":"+IFERROR(VLOOKUP($A1063,BD_INSUMOS2[],6,FALSE),\"\")","v":""},{"$f":"+IFERROR(VLOOKUP($A1063,BD_INSUMOS2[],7,FALSE),\"\")","v":""},{"$f":"+IFERROR(VLOOKUP($A1063,BD_INSUMOS2[],8,FALSE),\"\")","v":""}]
[1053,{"$f":"+IFERROR(VLOOKUP($A1064,BD_INSUMOS2[],3,FALSE),\"\")","v":""},{"$f":"+IFERROR(VLOOKUP($A1064,BD_INSUMOS2[],5,FALSE),\"\")","v":""},{"$f":"+IFERROR(VLOOKUP($A1064,BD_INSUMOS2[],6,FALSE),\"\")","v":""},{"$f":"+IFERROR(VLOOKUP($A1064,BD_INSUMOS2[],7,FALSE),\"\")","v":""},{"$f":"+IFERROR(VLOOKUP($A1064,BD_INSUMOS2[],8,FALSE),\"\")","v":""}]
[1054,{"$f":"+IFERROR(VLOOKUP($A1065,BD_INSUMOS2[],3,FALSE),\"\")","v":""},{"$f":"+IFERROR(VLOOKUP($A1065,BD_INSUMOS2[],5,FALSE),\"\")","v":""},{"$f":"+IFERROR(VLOOKUP($A1065,BD_INSUMOS2[],6,FALSE),\"\")","v":""},{"$f":"+IFERROR(VLOOKUP($A1065,BD_INSUMOS2[],7,FALSE),\"\")","v":""},{"$f":"+IFERROR(VLOOKUP($A1065,BD_INSUMOS2[],8,FALSE),\"\")","v":""}]
[1055,{"$f":"+IFERROR(VLOOKUP($A1066,BD_INSUMOS2[],3,FALSE),\"\")","v":""},{"$f":"+IFERROR(VLOOKUP($A1066,BD_INSUMOS2[],5,FALSE),\"\")","v":""},{"$f":"+IFERROR(VLOOKUP($A1066,BD_INSUMOS2[],6,FALSE),\"\")","v":""},{"$f":"+IFERROR(VLOOKUP($A1066,BD_INSUMOS2[],7,FALSE),\"\")","v":""},{"$f":"+IFERROR(VLOOKUP($A1066,BD_INSUMOS2[],8,FALSE),\"\")","v":""}]
[1056,{"$f":"+IFERROR(VLOOKUP($A1067,BD_INSUMOS2[],3,FALSE),\"\")","v":""},{"$f":"+IFERROR(VLOOKUP($A1067,BD_INSUMOS2[],5,FALSE),\"\")","v":""},{"$f":"+IFERROR(VLOOKUP($A1067,BD_INSUMOS2[],6,FALSE),\"\")","v":""},{"$f":"+IFERROR(VLOOKUP($A1067,BD_INSUMOS2[],7,FALSE),\"\")","v":""},{"$f":"+IFERROR(VLOOKUP($A1067,BD_INSUMOS2[],8,FALSE),\"\")","v":""}]
[1057,{"$f":"+IFERROR(VLOOKUP($A1068,BD_INSUMOS2[],3,FALSE),\"\")","v":""},{"$f":"+IFERROR(VLOOKUP($A1068,BD_INSUMOS2[],5,FALSE),\"\")","v":""},{"$f":"+IFERROR(VLOOKUP($A1068,BD_INSUMOS2[],6,FALSE),\"\")","v":""},{"$f":"+IFERROR(VLOOKUP($A1068,BD_INSUMOS2[],7,FALSE),\"\")","v":""},{"$f":"+IFERROR(VLOOKUP($A1068,BD_INSUMOS2[],8,FALSE),\"\")","v":""}]
[1058,{"$f":"+IFERROR(VLOOKUP($A1069,BD_INSUMOS2[],3,FALSE),\"\")","v":""},{"$f":"+IFERROR(VLOOKUP($A1069,BD_INSUMOS2[],5,FALSE),\"\")","v":""},{"$f":"+IFERROR(VLOOKUP($A1069,BD_INSUMOS2[],6,FALSE),\"\")","v":""},{"$f":"+IFERROR(VLOOKUP($A1069,BD_INSUMOS2[],7,FALSE),\"\")","v":""},{"$f":"+IFERROR(VLOOKUP($A1069,BD_INSUMOS2[],8,FALSE),\"\")","v":""}]
[1059,{"$f":"+IFERROR(VLOOKUP($A1070,BD_INSUMOS2[],3,FALSE),\"\")","v":""},{"$f":"+IFERROR(VLOOKUP($A1070,BD_INSUMOS2[],5,FALSE),\"\")","v":""},{"$f":"+IFERROR(VLOOKUP($A1070,BD_INSUMOS2[],6,FALSE),\"\")","v":""},{"$f":"+IFERROR(VLOOKUP($A1070,BD_INSUMOS2[],7,FALSE),\"\")","v":""},{"$f":"+IFERROR(VLOOKUP($A1070,BD_INSUMOS2[],8,FALSE),\"\")","v":""}]
[1060,{"$f":"+IFERROR(VLOOKUP($A1071,BD_INSUMOS2[],3,FALSE),\"\")","v":""},{"$f":"+IFERROR(VLOOKUP($A1071,BD_INSUMOS2[],5,FALSE),\"\")","v":""},{"$f":"+IFERROR(VLOOKUP($A1071,BD_INSUMOS2[],6,FALSE),\"\")","v":""},{"$f":"+IFERROR(VLOOKUP($A1071,BD_INSUMOS2[],7,FALSE),\"\")","v":""},{"$f":"+IFERROR(VLOOKUP($A1071,BD_INSUMOS2[],8,FALSE),\"\")","v":""}]
[1061,{"$f":"+IFERROR(VLOOKUP($A1072,BD_INSUMOS2[],3,FALSE),\"\")","v":""},{"$f":"+IFERROR(VLOOKUP($A1072,BD_INSUMOS2[],5,FALSE),\"\")","v":""},{"$f":"+IFERROR(VLOOKUP($A1072,BD_INSUMOS2[],6,FALSE),\"\")","v":""},{"$f":"+IFERROR(VLOOKUP($A1072,BD_INSUMOS2[],7,FALSE),\"\")","v":""},{"$f":"+IFERROR(VLOOKUP($A1072,BD_INSUMOS2[],8,FALSE),\"\")","v":""}]
[1062,{"$f":"+IFERROR(VLOOKUP($A1073,BD_INSUMOS2[],3,FALSE),\"\")","v":""},{"$f":"+IFERROR(VLOOKUP($A1073,BD_INSUMOS2[],5,FALSE),\"\")","v":""},{"$f":"+IFERROR(VLOOKUP($A1073,BD_INSUMOS2[],6,FALSE),\"\")","v":""},{"$f":"+IFERROR(VLOOKUP($A1073,BD_INSUMOS2[],7,FALSE),\"\")","v":""},{"$f":"+IFERROR(VLOOKUP($A1073,BD_INSUMOS2[],8,FALSE),\"\")","v":""}]
[1063,{"$f":"+IFERROR(VLOOKUP($A1074,BD_INSUMOS2[],3,FALSE),\"\")","v":""},{"$f":"+IFERROR(VLOOKUP($A1074,BD_INSUMOS2[],5,FALSE),\"\")","v":""},{"$f":"+IFERROR(VLOOKUP($A1074,BD_INSUMOS2[],6,FALSE),\"\")","v":""},{"$f":"+IFERROR(VLOOKUP($A1074,BD_INSUMOS2[],7,FALSE),\"\")","v":""},{"$f":"+IFERROR(VLOOKUP($A1074,BD_INSUMOS2[],8,FALSE),\"\")","v":""}]
[1064,{"$f":"+IFERROR(VLOOKUP($A1075,BD_INSUMOS2[],3,FALSE),\"\")","v":""},{"$f":"+IFERROR(VLOOKUP($A1075,BD_INSUMOS2[],5,FALSE),\"\")","v":""},{"$f":"+IFERROR(VLOOKUP($A1075,BD_INSUMOS2[],6,FALSE),\"\")","v":""},{"$f":"+IFERROR(VLOOKUP($A1075,BD_INSUMOS2[],7,FALSE),\"\")","v":""},{"$f":"+IFERROR(VLOOKUP($A1075,BD_INSUMOS2[],8,FALSE),\"\")","v":""}]
[1065,{"$f":"+IFERROR(VLOOKUP($A1076,BD_INSUMOS2[],3,FALSE),\"\")","v":""},{"$f":"+IFERROR(VLOOKUP($A1076,BD_INSUMOS2[],5,FALSE),\"\")","v":""},{"$f":"+IFERROR(VLOOKUP($A1076,BD_INSUMOS2[],6,FALSE),\"\")","v":""},{"$f":"+IFERROR(VLOOKUP($A1076,BD_INSUMOS2[],7,FALSE),\"\")","v":""},{"$f":"+IFERROR(VLOOKUP($A1076,BD_INSUMOS2[],8,FALSE),\"\")","v":""}]
[1066,{"$f":"+IFERROR(VLOOKUP($A1077,BD_INSUMOS2[],3,FALSE),\"\")","v":""},{"$f":"+IFERROR(VLOOKUP($A1077,BD_INSUMOS2[],5,FALSE),\"\")","v":""},{"$f":"+IFERROR(VLOOKUP($A1077,BD_INSUMOS2[],6,FALSE),\"\")","v":""},{"$f":"+IFERROR(VLOOKUP($A1077,BD_INSUMOS2[],7,FALSE),\"\")","v":""},{"$f":"+IFERROR(VLOOKUP($A1077,BD_INSUMOS2[],8,FALSE),\"\")","v":""}]
[1067,{"$f":"+IFERROR(VLOOKUP($A1078,BD_INSUMOS2[],3,FALSE),\"\")","v":""},{"$f":"+IFERROR(VLOOKUP($A1078,BD_INSUMOS2[],5,FALSE),\"\")","v":""},{"$f":"+IFERROR(VLOOKUP($A1078,BD_INSUMOS2[],6,FALSE),\"\")","v":""},{"$f":"+IFERROR(VLOOKUP($A1078,BD_INSUMOS2[],7,FALSE),\"\")","v":""},{"$f":"+IFERROR(VLOOKUP($A1078,BD_INSUMOS2[],8,FALSE),\"\")","v":""}]
[1068,{"$f":"+IFERROR(VLOOKUP($A1079,BD_INSUMOS2[],3,FALSE),\"\")","v":""},{"$f":"+IFERROR(VLOOKUP($A1079,BD_INSUMOS2[],5,FALSE),\"\")","v":""},{"$f":"+IFERROR(VLOOKUP($A1079,BD_INSUMOS2[],6,FALSE),\"\")","v":""},{"$f":"+IFERROR(VLOOKUP($A1079,BD_INSUMOS2[],7,FALSE),\"\")","v":""},{"$f":"+IFERROR(VLOOKUP($A1079,BD_INSUMOS2[],8,FALSE),\"\")","v":""}]
[1069,{"$f":"+IFERROR(VLOOKUP($A1080,BD_INSUMOS2[],3,FALSE),\"\")","v":""},{"$f":"+IFERROR(VLOOKUP($A1080,BD_INSUMOS2[],5,FALSE),\"\")","v":""},{"$f":"+IFERROR(VLOOKUP($A1080,BD_INSUMOS2[],6,FALSE),\"\")","v":""},{"$f":"+IFERROR(VLOOKUP($A1080,BD_INSUMOS2[],7,FALSE),\"\")","v":""},{"$f":"+IFERROR(VLOOKUP($A1080,BD_INSUMOS2[],8,FALSE),\"\")","v":""}]
[1070,{"$f":"+IFERROR(VLOOKUP($A1081,BD_INSUMOS2[],3,FALSE),\"\")","v":""},{"$f":"+IFERROR(VLOOKUP($A1081,BD_INSUMOS2[],5,FALSE),\"\")","v":""},{"$f":"+IFERROR(VLOOKUP($A1081,BD_INSUMOS2[],6,FALSE),\"\")","v":""},{"$f":"+IFERROR(VLOOKUP($A1081,BD_INSUMOS2[],7,FALSE),\"\")","v":""},{"$f":"+IFERROR(VLOOKUP($A1081,BD_INSUMOS2[],8,FALSE),\"\")","v":""}]
[1071,{"$f":"+IFERROR(VLOOKUP($A1082,BD_INSUMOS2[],3,FALSE),\"\")","v":""},{"$f":"+IFERROR(VLOOKUP($A1082,BD_INSUMOS2[],5,FALSE),\"\")","v":""},{"$f":"+IFERROR(VLOOKUP($A1082,BD_INSUMOS2[],6,FALSE),\"\")","v":""},{"$f":"+IFERROR(VLOOKUP($A1082,BD_INSUMOS2[],7,FALSE),\"\")","v":""},{"$f":"+IFERROR(VLOOKUP($A1082,BD_INSUMOS2[],8,FALSE),\"\")","v":""}]
[1072,{"$f":"+IFERROR(VLOOKUP($A1083,BD_INSUMOS2[],3,FALSE),\"\")","v":""},{"$f":"+IFERROR(VLOOKUP($A1083,BD_INSUMOS2[],5,FALSE),\"\")","v":""},{"$f":"+IFERROR(VLOOKUP($A1083,BD_INSUMOS2[],6,FALSE),\"\")","v":""},{"$f":"+IFERROR(VLOOKUP($A1083,BD_INSUMOS2[],7,FALSE),\"\")","v":""},{"$f":"+IFERROR(VLOOKUP($A1083,BD_INSUMOS2[],8,FALSE),\"\")","v":""}]
[1073,{"$f":"+IFERROR(VLOOKUP($A1084,BD_INSUMOS2[],3,FALSE),\"\")","v":""},{"$f":"+IFERROR(VLOOKUP($A1084,BD_INSUMOS2[],5,FALSE),\"\")","v":""},{"$f":"+IFERROR(VLOOKUP($A1084,BD_INSUMOS2[],6,FALSE),\"\")","v":""},{"$f":"+IFERROR(VLOOKUP($A1084,BD_INSUMOS2[],7,FALSE),\"\")","v":""},{"$f":"+IFERROR(VLOOKUP($A1084,BD_INSUMOS2[],8,FALSE),\"\")","v":""}]
[1074,{"$f":"+IFERROR(VLOOKUP($A1085,BD_INSUMOS2[],3,FALSE),\"\")","v":""},{"$f":"+IFERROR(VLOOKUP($A1085,BD_INSUMOS2[],5,FALSE),\"\")","v":""},{"$f":"+IFERROR(VLOOKUP($A1085,BD_INSUMOS2[],6,FALSE),\"\")","v":""},{"$f":"+IFERROR(VLOOKUP($A1085,BD_INSUMOS2[],7,FALSE),\"\")","v":""},{"$f":"+IFERROR(VLOOKUP($A1085,BD_INSUMOS2[],8,FALSE),\"\")","v":""}]
[1075,{"$f":"+IFERROR(VLOOKUP($A1086,BD_INSUMOS2[],3,FALSE),\"\")","v":""},{"$f":"+IFERROR(VLOOKUP($A1086,BD_INSUMOS2[],5,FALSE),\"\")","v":""},{"$f":"+IFERROR(VLOOKUP($A1086,BD_INSUMOS2[],6,FALSE),\"\")","v":""},{"$f":"+IFERROR(VLOOKUP($A1086,BD_INSUMOS2[],7,FALSE),\"\")","v":""},{"$f":"+IFERROR(VLOOKUP($A1086,BD_INSUMOS2[],8,FALSE),\"\")","v":""}]
[1076,{"$f":"+IFERROR(VLOOKUP($A1087,BD_INSUMOS2[],3,FALSE),\"\")","v":""},{"$f":"+IFERROR(VLOOKUP($A1087,BD_INSUMOS2[],5,FALSE),\"\")","v":""},{"$f":"+IFERROR(VLOOKUP($A1087,BD_INSUMOS2[],6,FALSE),\"\")","v":""},{"$f":"+IFERROR(VLOOKUP($A1087,BD_INSUMOS2[],7,FALSE),\"\")","v":""},{"$f":"+IFERROR(VLOOKUP($A1087,BD_INSUMOS2[],8,FALSE),\"\")","v":""}]
[1077,{"$f":"+IFERROR(VLOOKUP($A1088,BD_INSUMOS2[],3,FALSE),\"\")","v":""},{"$f":"+IFERROR(VLOOKUP($A1088,BD_INSUMOS2[],5,FALSE),\"\")","v":""},{"$f":"+IFERROR(VLOOKUP($A1088,BD_INSUMOS2[],6,FALSE),\"\")","v":""},{"$f":"+IFERROR(VLOOKUP($A1088,BD_INSUMOS2[],7,FALSE),\"\")","v":""},{"$f":"+IFERROR(VLOOKUP($A1088,BD_INSUMOS2[],8,FALSE),\"\")","v":""}]
[1078,{"$f":"+IFERROR(VLOOKUP($A1089,BD_INSUMOS2[],3,FALSE),\"\")","v":""},{"$f":"+IFERROR(VLOOKUP($A1089,BD_INSUMOS2[],5,FALSE),\"\")","v":""},{"$f":"+IFERROR(VLOOKUP($A1089,BD_INSUMOS2[],6,FALSE),\"\")","v":""},{"$f":"+IFERROR(VLOOKUP($A1089,BD_INSUMOS2[],7,FALSE),\"\")","v":""},{"$f":"+IFERROR(VLOOKUP($A1089,BD_INSUMOS2[],8,FALSE),\"\")","v":""}]
[1079,{"$f":"+IFERROR(VLOOKUP($A1090,BD_INSUMOS2[],3,FALSE),\"\")","v":""},{"$f":"+IFERROR(VLOOKUP($A1090,BD_INSUMOS2[],5,FALSE),\"\")","v":""},{"$f":"+IFERROR(VLOOKUP($A1090,BD_INSUMOS2[],6,FALSE),\"\")","v":""},{"$f":"+IFERROR(VLOOKUP($A1090,BD_INSUMOS2[],7,FALSE),\"\")","v":""},{"$f":"+IFERROR(VLOOKUP($A1090,BD_INSUMOS2[],8,FALSE),\"\")","v":""}]
[1080,{"$f":"+IFERROR(VLOOKUP($A1091,BD_INSUMOS2[],3,FALSE),\"\")","v":""},{"$f":"+IFERROR(VLOOKUP($A1091,BD_INSUMOS2[],5,FALSE),\"\")","v":""},{"$f":"+IFERROR(VLOOKUP($A1091,BD_INSUMOS2[],6,FALSE),\"\")","v":""},{"$f":"+IFERROR(VLOOKUP($A1091,BD_INSUMOS2[],7,FALSE),\"\")","v":""},{"$f":"+IFERROR(VLOOKUP($A1091,BD_INSUMOS2[],8,FALSE),\"\")","v":""}]
[1081,{"$f":"+IFERROR(VLOOKUP($A1092,BD_INSUMOS2[],3,FALSE),\"\")","v":""},{"$f":"+IFERROR(VLOOKUP($A1092,BD_INSUMOS2[],5,FALSE),\"\")","v":""},{"$f":"+IFERROR(VLOOKUP($A1092,BD_INSUMOS2[],6,FALSE),\"\")","v":""},{"$f":"+IFERROR(VLOOKUP($A1092,BD_INSUMOS2[],7,FALSE),\"\")","v":""},{"$f":"+IFERROR(VLOOKUP($A1092,BD_INSUMOS2[],8,FALSE),\"\")","v":""}]
[1082,{"$f":"+IFERROR(VLOOKUP($A1093,BD_INSUMOS2[],3,FALSE),\"\")","v":""},{"$f":"+IFERROR(VLOOKUP($A1093,BD_INSUMOS2[],5,FALSE),\"\")","v":""},{"$f":"+IFERROR(VLOOKUP($A1093,BD_INSUMOS2[],6,FALSE),\"\")","v":""},{"$f":"+IFERROR(VLOOKUP($A1093,BD_INSUMOS2[],7,FALSE),\"\")","v":""},{"$f":"+IFERROR(VLOOKUP($A1093,BD_INSUMOS2[],8,FALSE),\"\")","v":""}]
[1083,{"$f":"+IFERROR(VLOOKUP($A1094,BD_INSUMOS2[],3,FALSE),\"\")","v":""},{"$f":"+IFERROR(VLOOKUP($A1094,BD_INSUMOS2[],5,FALSE),\"\")","v":""},{"$f":"+IFERROR(VLOOKUP($A1094,BD_INSUMOS2[],6,FALSE),\"\")","v":""},{"$f":"+IFERROR(VLOOKUP($A1094,BD_INSUMOS2[],7,FALSE),\"\")","v":""},{"$f":"+IFERROR(VLOOKUP($A1094,BD_INSUMOS2[],8,FALSE),\"\")","v":""}]
[1084,{"$f":"+IFERROR(VLOOKUP($A1095,BD_INSUMOS2[],3,FALSE),\"\")","v":""},{"$f":"+IFERROR(VLOOKUP($A1095,BD_INSUMOS2[],5,FALSE),\"\")","v":""},{"$f":"+IFERROR(VLOOKUP($A1095,BD_INSUMOS2[],6,FALSE),\"\")","v":""},{"$f":"+IFERROR(VLOOKUP($A1095,BD_INSUMOS2[],7,FALSE),\"\")","v":""},{"$f":"+IFERROR(VLOOKUP($A1095,BD_INSUMOS2[],8,FALSE),\"\")","v":""}]
[1085,{"$f":"+IFERROR(VLOOKUP($A1096,BD_INSUMOS2[],3,FALSE),\"\")","v":""},{"$f":"+IFERROR(VLOOKUP($A1096,BD_INSUMOS2[],5,FALSE),\"\")","v":""},{"$f":"+IFERROR(VLOOKUP($A1096,BD_INSUMOS2[],6,FALSE),\"\")","v":""},{"$f":"+IFERROR(VLOOKUP($A1096,BD_INSUMOS2[],7,FALSE),\"\")","v":""},{"$f":"+IFERROR(VLOOKUP($A1096,BD_INSUMOS2[],8,FALSE),\"\")","v":""}]
[1086,{"$f":"+IFERROR(VLOOKUP($A1097,BD_INSUMOS2[],3,FALSE),\"\")","v":""},{"$f":"+IFERROR(VLOOKUP($A1097,BD_INSUMOS2[],5,FALSE),\"\")","v":""},{"$f":"+IFERROR(VLOOKUP($A1097,BD_INSUMOS2[],6,FALSE),\"\")","v":""},{"$f":"+IFERROR(VLOOKUP($A1097,BD_INSUMOS2[],7,FALSE),\"\")","v":""},{"$f":"+IFERROR(VLOOKUP($A1097,BD_INSUMOS2[],8,FALSE),\"\")","v":""}]
[1087,{"$f":"+IFERROR(VLOOKUP($A1098,BD_INSUMOS2[],3,FALSE),\"\")","v":""},{"$f":"+IFERROR(VLOOKUP($A1098,BD_INSUMOS2[],5,FALSE),\"\")","v":""},{"$f":"+IFERROR(VLOOKUP($A1098,BD_INSUMOS2[],6,FALSE),\"\")","v":""},{"$f":"+IFERROR(VLOOKUP($A1098,BD_INSUMOS2[],7,FALSE),\"\")","v":""},{"$f":"+IFERROR(VLOOKUP($A1098,BD_INSUMOS2[],8,FALSE),\"\")","v":""}]
[1088,{"$f":"+IFERROR(VLOOKUP($A1099,BD_INSUMOS2[],3,FALSE),\"\")","v":""},{"$f":"+IFERROR(VLOOKUP($A1099,BD_INSUMOS2[],5,FALSE),\"\")","v":""},{"$f":"+IFERROR(VLOOKUP($A1099,BD_INSUMOS2[],6,FALSE),\"\")","v":""},{"$f":"+IFERROR(VLOOKUP($A1099,BD_INSUMOS2[],7,FALSE),\"\")","v":""},{"$f":"+IFERROR(VLOOKUP($A1099,BD_INSUMOS2[],8,FALSE),\"\")","v":""}]
[1089,{"$f":"+IFERROR(VLOOKUP($A1100,BD_INSUMOS2[],3,FALSE),\"\")","v":""},{"$f":"+IFERROR(VLOOKUP($A1100,BD_INSUMOS2[],5,FALSE),\"\")","v":""},{"$f":"+IFERROR(VLOOKUP($A1100,BD_INSUMOS2[],6,FALSE),\"\")","v":""},{"$f":"+IFERROR(VLOOKUP($A1100,BD_INSUMOS2[],7,FALSE),\"\")","v":""},{"$f":"+IFERROR(VLOOKUP($A1100,BD_INSUMOS2[],8,FALSE),\"\")","v":""}]
[1090,{"$f":"+IFERROR(VLOOKUP($A1101,BD_INSUMOS2[],3,FALSE),\"\")","v":""},{"$f":"+IFERROR(VLOOKUP($A1101,BD_INSUMOS2[],5,FALSE),\"\")","v":""},{"$f":"+IFERROR(VLOOKUP($A1101,BD_INSUMOS2[],6,FALSE),\"\")","v":""},{"$f":"+IFERROR(VLOOKUP($A1101,BD_INSUMOS2[],7,FALSE),\"\")","v":""},{"$f":"+IFERROR(VLOOKUP($A1101,BD_INSUMOS2[],8,FALSE),\"\")","v":""}]
[1091,{"$f":"+IFERROR(VLOOKUP($A1102,BD_INSUMOS2[],3,FALSE),\"\")","v":""},{"$f":"+IFERROR(VLOOKUP($A1102,BD_INSUMOS2[],5,FALSE),\"\")","v":""},{"$f":"+IFERROR(VLOOKUP($A1102,BD_INSUMOS2[],6,FALSE),\"\")","v":""},{"$f":"+IFERROR(VLOOKUP($A1102,BD_INSUMOS2[],7,FALSE),\"\")","v":""},{"$f":"+IFERROR(VLOOKUP($A1102,BD_INSUMOS2[],8,FALSE),\"\")","v":""}]
[1092,{"$f":"+IFERROR(VLOOKUP($A1103,BD_INSUMOS2[],3,FALSE),\"\")","v":""},{"$f":"+IFERROR(VLOOKUP($A1103,BD_INSUMOS2[],5,FALSE),\"\")","v":""},{"$f":"+IFERROR(VLOOKUP($A1103,BD_INSUMOS2[],6,FALSE),\"\")","v":""},{"$f":"+IFERROR(VLOOKUP($A1103,BD_INSUMOS2[],7,FALSE),\"\")","v":""},{"$f":"+IFERROR(VLOOKUP($A1103,BD_INSUMOS2[],8,FALSE),\"\")","v":""}]
[1093,{"$f":"+IFERROR(VLOOKUP($A1104,BD_INSUMOS2[],3,FALSE),\"\")","v":""},{"$f":"+IFERROR(VLOOKUP($A1104,BD_INSUMOS2[],5,FALSE),\"\")","v":""},{"$f":"+IFERROR(VLOOKUP($A1104,BD_INSUMOS2[],6,FALSE),\"\")","v":""},{"$f":"+IFERROR(VLOOKUP($A1104,BD_INSUMOS2[],7,FALSE),\"\")","v":""},{"$f":"+IFERROR(VLOOKUP($A1104,BD_INSUMOS2[],8,FALSE),\"\")","v":""}]
[1094,{"$f":"+IFERROR(VLOOKUP($A1105,BD_INSUMOS2[],3,FALSE),\"\")","v":""},{"$f":"+IFERROR(VLOOKUP($A1105,BD_INSUMOS2[],5,FALSE),\"\")","v":""},{"$f":"+IFERROR(VLOOKUP($A1105,BD_INSUMOS2[],6,FALSE),\"\")","v":""},{"$f":"+IFERROR(VLOOKUP($A1105,BD_INSUMOS2[],7,FALSE),\"\")","v":""},{"$f":"+IFERROR(VLOOKUP($A1105,BD_INSUMOS2[],8,FALSE),\"\")","v":""}]
[1095,{"$f":"+IFERROR(VLOOKUP($A1106,BD_INSUMOS2[],3,FALSE),\"\")","v":""},{"$f":"+IFERROR(VLOOKUP($A1106,BD_INSUMOS2[],5,FALSE),\"\")","v":""},{"$f":"+IFERROR(VLOOKUP($A1106,BD_INSUMOS2[],6,FALSE),\"\")","v":""},{"$f":"+IFERROR(VLOOKUP($A1106,BD_INSUMOS2[],7,FALSE),\"\")","v":""},{"$f":"+IFERROR(VLOOKUP($A1106,BD_INSUMOS2[],8,FALSE),\"\")","v":""}]
[1096,{"$f":"+IFERROR(VLOOKUP($A1107,BD_INSUMOS2[],3,FALSE),\"\")","v":""},{"$f":"+IFERROR(VLOOKUP($A1107,BD_INSUMOS2[],5,FALSE),\"\")","v":""},{"$f":"+IFERROR(VLOOKUP($A1107,BD_INSUMOS2[],6,FALSE),\"\")","v":""},{"$f":"+IFERROR(VLOOKUP($A1107,BD_INSUMOS2[],7,FALSE),\"\")","v":""},{"$f":"+IFERROR(VLOOKUP($A1107,BD_INSUMOS2[],8,FALSE),\"\")","v":""}]
[1097,{"$f":"+IFERROR(VLOOKUP($A1108,BD_INSUMOS2[],3,FALSE),\"\")","v":""},{"$f":"+IFERROR(VLOOKUP($A1108,BD_INSUMOS2[],5,FALSE),\"\")","v":""},{"$f":"+IFERROR(VLOOKUP($A1108,BD_INSUMOS2[],6,FALSE),\"\")","v":""},{"$f":"+IFERROR(VLOOKUP($A1108,BD_INSUMOS2[],7,FALSE),\"\")","v":""},{"$f":"+IFERROR(VLOOKUP($A1108,BD_INSUMOS2[],8,FALSE),\"\")","v":""}]
[1098,{"$f":"+IFERROR(VLOOKUP($A1109,BD_INSUMOS2[],3,FALSE),\"\")","v":""},{"$f":"+IFERROR(VLOOKUP($A1109,BD_INSUMOS2[],5,FALSE),\"\")","v":""},{"$f":"+IFERROR(VLOOKUP($A1109,BD_INSUMOS2[],6,FALSE),\"\")","v":""},{"$f":"+IFERROR(VLOOKUP($A1109,BD_INSUMOS2[],7,FALSE),\"\")","v":""},{"$f":"+IFERROR(VLOOKUP($A1109,BD_INSUMOS2[],8,FALSE),\"\")","v":""}]
[1099,{"$f":"+IFERROR(VLOOKUP($A1110,BD_INSUMOS2[],3,FALSE),\"\")","v":""},{"$f":"+IFERROR(VLOOKUP($A1110,BD_INSUMOS2[],5,FALSE),\"\")","v":""},{"$f":"+IFERROR(VLOOKUP($A1110,BD_INSUMOS2[],6,FALSE),\"\")","v":""},{"$f":"+IFERROR(VLOOKUP($A1110,BD_INSUMOS2[],7,FALSE),\"\")","v":""},{"$f":"+IFERROR(VLOOKUP($A1110,BD_INSUMOS2[],8,FALSE),\"\")","v":""}]
[1100,{"$f":"+IFERROR(VLOOKUP($A1111,BD_INSUMOS2[],3,FALSE),\"\")","v":""},{"$f":"+IFERROR(VLOOKUP($A1111,BD_INSUMOS2[],5,FALSE),\"\")","v":""},{"$f":"+IFERROR(VLOOKUP($A1111,BD_INSUMOS2[],6,FALSE),\"\")","v":""},{"$f":"+IFERROR(VLOOKUP($A1111,BD_INSUMOS2[],7,FALSE),\"\")","v":""},{"$f":"+IFERROR(VLOOKUP($A1111,BD_INSUMOS2[],8,FALSE),\"\")","v":""}]
[1101,{"$f":"+IFERROR(VLOOKUP($A1112,BD_INSUMOS2[],3,FALSE),\"\")","v":""},{"$f":"+IFERROR(VLOOKUP($A1112,BD_INSUMOS2[],5,FALSE),\"\")","v":""},{"$f":"+IFERROR(VLOOKUP($A1112,BD_INSUMOS2[],6,FALSE),\"\")","v":""},{"$f":"+IFERROR(VLOOKUP($A1112,BD_INSUMOS2[],7,FALSE),\"\")","v":""},{"$f":"+IFERROR(VLOOKUP($A1112,BD_INSUMOS2[],8,FALSE),\"\")","v":""}]
[1102,{"$f":"+IFERROR(VLOOKUP($A1113,BD_INSUMOS2[],3,FALSE),\"\")","v":""},{"$f":"+IFERROR(VLOOKUP($A1113,BD_INSUMOS2[],5,FALSE),\"\")","v":""},{"$f":"+IFERROR(VLOOKUP($A1113,BD_INSUMOS2[],6,FALSE),\"\")","v":""},{"$f":"+IFERROR(VLOOKUP($A1113,BD_INSUMOS2[],7,FALSE),\"\")","v":""},{"$f":"+IFERROR(VLOOKUP($A1113,BD_INSUMOS2[],8,FALSE),\"\")","v":""}]
[1103,{"$f":"+IFERROR(VLOOKUP($A1114,BD_INSUMOS2[],3,FALSE),\"\")","v":""},{"$f":"+IFERROR(VLOOKUP($A1114,BD_INSUMOS2[],5,FALSE),\"\")","v":""},{"$f":"+IFERROR(VLOOKUP($A1114,BD_INSUMOS2[],6,FALSE),\"\")","v":""},{"$f":"+IFERROR(VLOOKUP($A1114,BD_INSUMOS2[],7,FALSE),\"\")","v":""},{"$f":"+IFERROR(VLOOKUP($A1114,BD_INSUMOS2[],8,FALSE),\"\")","v":""}]
[1104,{"$f":"+IFERROR(VLOOKUP($A1115,BD_INSUMOS2[],3,FALSE),\"\")","v":""},{"$f":"+IFERROR(VLOOKUP($A1115,BD_INSUMOS2[],5,FALSE),\"\")","v":""},{"$f":"+IFERROR(VLOOKUP($A1115,BD_INSUMOS2[],6,FALSE),\"\")","v":""},{"$f":"+IFERROR(VLOOKUP($A1115,BD_INSUMOS2[],7,FALSE),\"\")","v":""},{"$f":"+IFERROR(VLOOKUP($A1115,BD_INSUMOS2[],8,FALSE),\"\")","v":""}]
[1105,{"$f":"+IFERROR(VLOOKUP($A1116,BD_INSUMOS2[],3,FALSE),\"\")","v":""},{"$f":"+IFERROR(VLOOKUP($A1116,BD_INSUMOS2[],5,FALSE),\"\")","v":""},{"$f":"+IFERROR(VLOOKUP($A1116,BD_INSUMOS2[],6,FALSE),\"\")","v":""},{"$f":"+IFERROR(VLOOKUP($A1116,BD_INSUMOS2[],7,FALSE),\"\")","v":""},{"$f":"+IFERROR(VLOOKUP($A1116,BD_INSUMOS2[],8,FALSE),\"\")","v":""}]
[1106,{"$f":"+IFERROR(VLOOKUP($A1117,BD_INSUMOS2[],3,FALSE),\"\")","v":""},{"$f":"+IFERROR(VLOOKUP($A1117,BD_INSUMOS2[],5,FALSE),\"\")","v":""},{"$f":"+IFERROR(VLOOKUP($A1117,BD_INSUMOS2[],6,FALSE),\"\")","v":""},{"$f":"+IFERROR(VLOOKUP($A1117,BD_INSUMOS2[],7,FALSE),\"\")","v":""},{"$f":"+IFERROR(VLOOKUP($A1117,BD_INSUMOS2[],8,FALSE),\"\")","v":""}]
[1107,{"$f":"+IFERROR(VLOOKUP($A1118,BD_INSUMOS2[],3,FALSE),\"\")","v":""},{"$f":"+IFERROR(VLOOKUP($A1118,BD_INSUMOS2[],5,FALSE),\"\")","v":""},{"$f":"+IFERROR(VLOOKUP($A1118,BD_INSUMOS2[],6,FALSE),\"\")","v":""},{"$f":"+IFERROR(VLOOKUP($A1118,BD_INSUMOS2[],7,FALSE),\"\")","v":""},{"$f":"+IFERROR(VLOOKUP($A1118,BD_INSUMOS2[],8,FALSE),\"\")","v":""}]
[1108,{"$f":"+IFERROR(VLOOKUP($A1119,BD_INSUMOS2[],3,FALSE),\"\")","v":""},{"$f":"+IFERROR(VLOOKUP($A1119,BD_INSUMOS2[],5,FALSE),\"\")","v":""},{"$f":"+IFERROR(VLOOKUP($A1119,BD_INSUMOS2[],6,FALSE),\"\")","v":""},{"$f":"+IFERROR(VLOOKUP($A1119,BD_INSUMOS2[],7,FALSE),\"\")","v":""},{"$f":"+IFERROR(VLOOKUP($A1119,BD_INSUMOS2[],8,FALSE),\"\")","v":""}]
[1109,{"$f":"+IFERROR(VLOOKUP($A1120,BD_INSUMOS2[],3,FALSE),\"\")","v":""},{"$f":"+IFERROR(VLOOKUP($A1120,BD_INSUMOS2[],5,FALSE),\"\")","v":""},{"$f":"+IFERROR(VLOOKUP($A1120,BD_INSUMOS2[],6,FALSE),\"\")","v":""},{"$f":"+IFERROR(VLOOKUP($A1120,BD_INSUMOS2[],7,FALSE),\"\")","v":""},{"$f":"+IFERROR(VLOOKUP($A1120,BD_INSUMOS2[],8,FALSE),\"\")","v":""}]
[1110,{"$f":"+IFERROR(VLOOKUP($A1121,BD_INSUMOS2[],3,FALSE),\"\")","v":""},{"$f":"+IFERROR(VLOOKUP($A1121,BD_INSUMOS2[],5,FALSE),\"\")","v":""},{"$f":"+IFERROR(VLOOKUP($A1121,BD_INSUMOS2[],6,FALSE),\"\")","v":""},{"$f":"+IFERROR(VLOOKUP($A1121,BD_INSUMOS2[],7,FALSE),\"\")","v":""},{"$f":"+IFERROR(VLOOKUP($A1121,BD_INSUMOS2[],8,FALSE),\"\")","v":""}]
[1111,{"$f":"+IFERROR(VLOOKUP($A1122,BD_INSUMOS2[],3,FALSE),\"\")","v":""},{"$f":"+IFERROR(VLOOKUP($A1122,BD_INSUMOS2[],5,FALSE),\"\")","v":""},{"$f":"+IFERROR(VLOOKUP($A1122,BD_INSUMOS2[],6,FALSE),\"\")","v":""},{"$f":"+IFERROR(VLOOKUP($A1122,BD_INSUMOS2[],7,FALSE),\"\")","v":""},{"$f":"+IFERROR(VLOOKUP($A1122,BD_INSUMOS2[],8,FALSE),\"\")","v":""}]
[1112,{"$f":"+IFERROR(VLOOKUP($A1123,BD_INSUMOS2[],3,FALSE),\"\")","v":""},{"$f":"+IFERROR(VLOOKUP($A1123,BD_INSUMOS2[],5,FALSE),\"\")","v":""},{"$f":"+IFERROR(VLOOKUP($A1123,BD_INSUMOS2[],6,FALSE),\"\")","v":""},{"$f":"+IFERROR(VLOOKUP($A1123,BD_INSUMOS2[],7,FALSE),\"\")","v":""},{"$f":"+IFERROR(VLOOKUP($A1123,BD_INSUMOS2[],8,FALSE),\"\")","v":""}]
[1113,{"$f":"+IFERROR(VLOOKUP($A1124,BD_INSUMOS2[],3,FALSE),\"\")","v":""},{"$f":"+IFERROR(VLOOKUP($A1124,BD_INSUMOS2[],5,FALSE),\"\")","v":""},{"$f":"+IFERROR(VLOOKUP($A1124,BD_INSUMOS2[],6,FALSE),\"\")","v":""},{"$f":"+IFERROR(VLOOKUP($A1124,BD_INSUMOS2[],7,FALSE),\"\")","v":""},{"$f":"+IFERROR(VLOOKUP($A1124,BD_INSUMOS2[],8,FALSE),\"\")","v":""}]
[1114,{"$f":"+IFERROR(VLOOKUP($A1125,BD_INSUMOS2[],3,FALSE),\"\")","v":""},{"$f":"+IFERROR(VLOOKUP($A1125,BD_INSUMOS2[],5,FALSE),\"\")","v":""},{"$f":"+IFERROR(VLOOKUP($A1125,BD_INSUMOS2[],6,FALSE),\"\")","v":""},{"$f":"+IFERROR(VLOOKUP($A1125,BD_INSUMOS2[],7,FALSE),\"\")","v":""},{"$f":"+IFERROR(VLOOKUP($A1125,BD_INSUMOS2[],8,FALSE),\"\")","v":""}]
[1115,{"$f":"+IFERROR(VLOOKUP($A1126,BD_INSUMOS2[],3,FALSE),\"\")","v":""},{"$f":"+IFERROR(VLOOKUP($A1126,BD_INSUMOS2[],5,FALSE),\"\")","v":""},{"$f":"+IFERROR(VLOOKUP($A1126,BD_INSUMOS2[],6,FALSE),\"\")","v":""},{"$f":"+IFERROR(VLOOKUP($A1126,BD_INSUMOS2[],7,FALSE),\"\")","v":""},{"$f":"+IFERROR(VLOOKUP($A1126,BD_INSUMOS2[],8,FALSE),\"\")","v":""}]
[1116,{"$f":"+IFERROR(VLOOKUP($A1127,BD_INSUMOS2[],3,FALSE),\"\")","v":""},{"$f":"+IFERROR(VLOOKUP($A1127,BD_INSUMOS2[],5,FALSE),\"\")","v":""},{"$f":"+IFERROR(VLOOKUP($A1127,BD_INSUMOS2[],6,FALSE),\"\")","v":""},{"$f":"+IFERROR(VLOOKUP($A1127,BD_INSUMOS2[],7,FALSE),\"\")","v":""},{"$f":"+IFERROR(VLOOKUP($A1127,BD_INSUMOS2[],8,FALSE),\"\")","v":""}]
[1117,{"$f":"+IFERROR(VLOOKUP($A1128,BD_INSUMOS2[],3,FALSE),\"\")","v":""},{"$f":"+IFERROR(VLOOKUP($A1128,BD_INSUMOS2[],5,FALSE),\"\")","v":""},{"$f":"+IFERROR(VLOOKUP($A1128,BD_INSUMOS2[],6,FALSE),\"\")","v":""},{"$f":"+IFERROR(VLOOKUP($A1128,BD_INSUMOS2[],7,FALSE),\"\")","v":""},{"$f":"+IFERROR(VLOOKUP($A1128,BD_INSUMOS2[],8,FALSE),\"\")","v":""}]
[1118,{"$f":"+IFERROR(VLOOKUP($A1129,BD_INSUMOS2[],3,FALSE),\"\")","v":""},{"$f":"+IFERROR(VLOOKUP($A1129,BD_INSUMOS2[],5,FALSE),\"\")","v":""},{"$f":"+IFERROR(VLOOKUP($A1129,BD_INSUMOS2[],6,FALSE),\"\")","v":""},{"$f":"+IFERROR(VLOOKUP($A1129,BD_INSUMOS2[],7,FALSE),\"\")","v":""},{"$f":"+IFERROR(VLOOKUP($A1129,BD_INSUMOS2[],8,FALSE),\"\")","v":""}]
[1119,{"$f":"+IFERROR(VLOOKUP($A1130,BD_INSUMOS2[],3,FALSE),\"\")","v":""},{"$f":"+IFERROR(VLOOKUP($A1130,BD_INSUMOS2[],5,FALSE),\"\")","v":""},{"$f":"+IFERROR(VLOOKUP($A1130,BD_INSUMOS2[],6,FALSE),\"\")","v":""},{"$f":"+IFERROR(VLOOKUP($A1130,BD_INSUMOS2[],7,FALSE),\"\")","v":""},{"$f":"+IFERROR(VLOOKUP($A1130,BD_INSUMOS2[],8,FALSE),\"\")","v":""}]
[1120,{"$f":"+IFERROR(VLOOKUP($A1131,BD_INSUMOS2[],3,FALSE),\"\")","v":""},{"$f":"+IFERROR(VLOOKUP($A1131,BD_INSUMOS2[],5,FALSE),\"\")","v":""},{"$f":"+IFERROR(VLOOKUP($A1131,BD_INSUMOS2[],6,FALSE),\"\")","v":""},{"$f":"+IFERROR(VLOOKUP($A1131,BD_INSUMOS2[],7,FALSE),\"\")","v":""},{"$f":"+IFERROR(VLOOKUP($A1131,BD_INSUMOS2[],8,FALSE),\"\")","v":""}]
[1121,{"$f":"+IFERROR(VLOOKUP($A1132,BD_INSUMOS2[],3,FALSE),\"\")","v":""},{"$f":"+IFERROR(VLOOKUP($A1132,BD_INSUMOS2[],5,FALSE),\"\")","v":""},{"$f":"+IFERROR(VLOOKUP($A1132,BD_INSUMOS2[],6,FALSE),\"\")","v":""},{"$f":"+IFERROR(VLOOKUP($A1132,BD_INSUMOS2[],7,FALSE),\"\")","v":""},{"$f":"+IFERROR(VLOOKUP($A1132,BD_INSUMOS2[],8,FALSE),\"\")","v":""}]
[1122,{"$f":"+IFERROR(VLOOKUP($A1133,BD_INSUMOS2[],3,FALSE),\"\")","v":""},{"$f":"+IFERROR(VLOOKUP($A1133,BD_INSUMOS2[],5,FALSE),\"\")","v":""},{"$f":"+IFERROR(VLOOKUP($A1133,BD_INSUMOS2[],6,FALSE),\"\")","v":""},{"$f":"+IFERROR(VLOOKUP($A1133,BD_INSUMOS2[],7,FALSE),\"\")","v":""},{"$f":"+IFERROR(VLOOKUP($A1133,BD_INSUMOS2[],8,FALSE),\"\")","v":""}]
[1123,{"$f":"+IFERROR(VLOOKUP($A1134,BD_INSUMOS2[],3,FALSE),\"\")","v":""},{"$f":"+IFERROR(VLOOKUP($A1134,BD_INSUMOS2[],5,FALSE),\"\")","v":""},{"$f":"+IFERROR(VLOOKUP($A1134,BD_INSUMOS2[],6,FALSE),\"\")","v":""},{"$f":"+IFERROR(VLOOKUP($A1134,BD_INSUMOS2[],7,FALSE),\"\")","v":""},{"$f":"+IFERROR(VLOOKUP($A1134,BD_INSUMOS2[],8,FALSE),\"\")","v":""}]
[1124,{"$f":"+IFERROR(VLOOKUP($A1135,BD_INSUMOS2[],3,FALSE),\"\")","v":""},{"$f":"+IFERROR(VLOOKUP($A1135,BD_INSUMOS2[],5,FALSE),\"\")","v":""},{"$f":"+IFERROR(VLOOKUP($A1135,BD_INSUMOS2[],6,FALSE),\"\")","v":""},{"$f":"+IFERROR(VLOOKUP($A1135,BD_INSUMOS2[],7,FALSE),\"\")","v":""},{"$f":"+IFERROR(VLOOKUP($A1135,BD_INSUMOS2[],8,FALSE),\"\")","v":""}]
[1125,{"$f":"+IFERROR(VLOOKUP($A1136,BD_INSUMOS2[],3,FALSE),\"\")","v":""},{"$f":"+IFERROR(VLOOKUP($A1136,BD_INSUMOS2[],5,FALSE),\"\")","v":""},{"$f":"+IFERROR(VLOOKUP($A1136,BD_INSUMOS2[],6,FALSE),\"\")","v":""},{"$f":"+IFERROR(VLOOKUP($A1136,BD_INSUMOS2[],7,FALSE),\"\")","v":""},{"$f":"+IFERROR(VLOOKUP($A1136,BD_INSUMOS2[],8,FALSE),\"\")","v":""}]
[1126,{"$f":"+IFERROR(VLOOKUP($A1137,BD_INSUMOS2[],3,FALSE),\"\")","v":""},{"$f":"+IFERROR(VLOOKUP($A1137,BD_INSUMOS2[],5,FALSE),\"\")","v":""},{"$f":"+IFERROR(VLOOKUP($A1137,BD_INSUMOS2[],6,FALSE),\"\")","v":""},{"$f":"+IFERROR(VLOOKUP($A1137,BD_INSUMOS2[],7,FALSE),\"\")","v":""},{"$f":"+IFERROR(VLOOKUP($A1137,BD_INSUMOS2[],8,FALSE),\"\")","v":""}]
[1127,{"$f":"+IFERROR(VLOOKUP($A1138,BD_INSUMOS2[],3,FALSE),\"\")","v":""},{"$f":"+IFERROR(VLOOKUP($A1138,BD_INSUMOS2[],5,FALSE),\"\")","v":""},{"$f":"+IFERROR(VLOOKUP($A1138,BD_INSUMOS2[],6,FALSE),\"\")","v":""},{"$f":"+IFERROR(VLOOKUP($A1138,BD_INSUMOS2[],7,FALSE),\"\")","v":""},{"$f":"+IFERROR(VLOOKUP($A1138,BD_INSUMOS2[],8,FALSE),\"\")","v":""}]
[1128,{"$f":"+IFERROR(VLOOKUP($A1139,BD_INSUMOS2[],3,FALSE),\"\")","v":""},{"$f":"+IFERROR(VLOOKUP($A1139,BD_INSUMOS2[],5,FALSE),\"\")","v":""},{"$f":"+IFERROR(VLOOKUP($A1139,BD_INSUMOS2[],6,FALSE),\"\")","v":""},{"$f":"+IFERROR(VLOOKUP($A1139,BD_INSUMOS2[],7,FALSE),\"\")","v":""},{"$f":"+IFERROR(VLOOKUP($A1139,BD_INSUMOS2[],8,FALSE),\"\")","v":""}]
[1129,{"$f":"+IFERROR(VLOOKUP($A1140,BD_INSUMOS2[],3,FALSE),\"\")","v":""},{"$f":"+IFERROR(VLOOKUP($A1140,BD_INSUMOS2[],5,FALSE),\"\")","v":""},{"$f":"+IFERROR(VLOOKUP($A1140,BD_INSUMOS2[],6,FALSE),\"\")","v":""},{"$f":"+IFERROR(VLOOKUP($A1140,BD_INSUMOS2[],7,FALSE),\"\")","v":""},{"$f":"+IFERROR(VLOOKUP($A1140,BD_INSUMOS2[],8,FALSE),\"\")","v":""}]
[1130,{"$f":"+IFERROR(VLOOKUP($A1141,BD_INSUMOS2[],3,FALSE),\"\")","v":""},{"$f":"+IFERROR(VLOOKUP($A1141,BD_INSUMOS2[],5,FALSE),\"\")","v":""},{"$f":"+IFERROR(VLOOKUP($A1141,BD_INSUMOS2[],6,FALSE),\"\")","v":""},{"$f":"+IFERROR(VLOOKUP($A1141,BD_INSUMOS2[],7,FALSE),\"\")","v":""},{"$f":"+IFERROR(VLOOKUP($A1141,BD_INSUMOS2[],8,FALSE),\"\")","v":""}]
[1131,{"$f":"+IFERROR(VLOOKUP($A1142,BD_INSUMOS2[],3,FALSE),\"\")","v":""},{"$f":"+IFERROR(VLOOKUP($A1142,BD_INSUMOS2[],5,FALSE),\"\")","v":""},{"$f":"+IFERROR(VLOOKUP($A1142,BD_INSUMOS2[],6,FALSE),\"\")","v":""},{"$f":"+IFERROR(VLOOKUP($A1142,BD_INSUMOS2[],7,FALSE),\"\")","v":""},{"$f":"+IFERROR(VLOOKUP($A1142,BD_INSUMOS2[],8,FALSE),\"\")","v":""}]
[1132,{"$f":"+IFERROR(VLOOKUP($A1143,BD_INSUMOS2[],3,FALSE),\"\")","v":""},{"$f":"+IFERROR(VLOOKUP($A1143,BD_INSUMOS2[],5,FALSE),\"\")","v":""},{"$f":"+IFERROR(VLOOKUP($A1143,BD_INSUMOS2[],6,FALSE),\"\")","v":""},{"$f":"+IFERROR(VLOOKUP($A1143,BD_INSUMOS2[],7,FALSE),\"\")","v":""},{"$f":"+IFERROR(VLOOKUP($A1143,BD_INSUMOS2[],8,FALSE),\"\")","v":""}]
[1133,{"$f":"+IFERROR(VLOOKUP($A1144,BD_INSUMOS2[],3,FALSE),\"\")","v":""},{"$f":"+IFERROR(VLOOKUP($A1144,BD_INSUMOS2[],5,FALSE),\"\")","v":""},{"$f":"+IFERROR(VLOOKUP($A1144,BD_INSUMOS2[],6,FALSE),\"\")","v":""},{"$f":"+IFERROR(VLOOKUP($A1144,BD_INSUMOS2[],7,FALSE),\"\")","v":""},{"$f":"+IFERROR(VLOOKUP($A1144,BD_INSUMOS2[],8,FALSE),\"\")","v":""}]
[1134,{"$f":"+IFERROR(VLOOKUP($A1145,BD_INSUMOS2[],3,FALSE),\"\")","v":""},{"$f":"+IFERROR(VLOOKUP($A1145,BD_INSUMOS2[],5,FALSE),\"\")","v":""},{"$f":"+IFERROR(VLOOKUP($A1145,BD_INSUMOS2[],6,FALSE),\"\")","v":""},{"$f":"+IFERROR(VLOOKUP($A1145,BD_INSUMOS2[],7,FALSE),\"\")","v":""},{"$f":"+IFERROR(VLOOKUP($A1145,BD_INSUMOS2[],8,FALSE),\"\")","v":""}]
[1135,{"$f":"+IFERROR(VLOOKUP($A1146,BD_INSUMOS2[],3,FALSE),\"\")","v":""},{"$f":"+IFERROR(VLOOKUP($A1146,BD_INSUMOS2[],5,FALSE),\"\")","v":""},{"$f":"+IFERROR(VLOOKUP($A1146,BD_INSUMOS2[],6,FALSE),\"\")","v":""},{"$f":"+IFERROR(VLOOKUP($A1146,BD_INSUMOS2[],7,FALSE),\"\")","v":""},{"$f":"+IFERROR(VLOOKUP($A1146,BD_INSUMOS2[],8,FALSE),\"\")","v":""}]
[1136,{"$f":"+IFERROR(VLOOKUP($A1147,BD_INSUMOS2[],3,FALSE),\"\")","v":""},{"$f":"+IFERROR(VLOOKUP($A1147,BD_INSUMOS2[],5,FALSE),\"\")","v":""},{"$f":"+IFERROR(VLOOKUP($A1147,BD_INSUMOS2[],6,FALSE),\"\")","v":""},{"$f":"+IFERROR(VLOOKUP($A1147,BD_INSUMOS2[],7,FALSE),\"\")","v":""},{"$f":"+IFERROR(VLOOKUP($A1147,BD_INSUMOS2[],8,FALSE),\"\")","v":""}]
[1137,{"$f":"+IFERROR(VLOOKUP($A1148,BD_INSUMOS2[],3,FALSE),\"\")","v":""},{"$f":"+IFERROR(VLOOKUP($A1148,BD_INSUMOS2[],5,FALSE),\"\")","v":""},{"$f":"+IFERROR(VLOOKUP($A1148,BD_INSUMOS2[],6,FALSE),\"\")","v":""},{"$f":"+IFERROR(VLOOKUP($A1148,BD_INSUMOS2[],7,FALSE),\"\")","v":""},{"$f":"+IFERROR(VLOOKUP($A1148,BD_INSUMOS2[],8,FALSE),\"\")","v":""}]
[1138,{"$f":"+IFERROR(VLOOKUP($A1149,BD_INSUMOS2[],3,FALSE),\"\")","v":""},{"$f":"+IFERROR(VLOOKUP($A1149,BD_INSUMOS2[],5,FALSE),\"\")","v":""},{"$f":"+IFERROR(VLOOKUP($A1149,BD_INSUMOS2[],6,FALSE),\"\")","v":""},{"$f":"+IFERROR(VLOOKUP($A1149,BD_INSUMOS2[],7,FALSE),\"\")","v":""},{"$f":"+IFERROR(VLOOKUP($A1149,BD_INSUMOS2[],8,FALSE),\"\")","v":""}]
[1139,{"$f":"+IFERROR(VLOOKUP($A1150,BD_INSUMOS2[],3,FALSE),\"\")","v":""},{"$f":"+IFERROR(VLOOKUP($A1150,BD_INSUMOS2[],5,FALSE),\"\")","v":""},{"$f":"+IFERROR(VLOOKUP($A1150,BD_INSUMOS2[],6,FALSE),\"\")","v":""},{"$f":"+IFERROR(VLOOKUP($A1150,BD_INSUMOS2[],7,FALSE),\"\")","v":""},{"$f":"+IFERROR(VLOOKUP($A1150,BD_INSUMOS2[],8,FALSE),\"\")","v":""}]
[1140,{"$f":"+IFERROR(VLOOKUP($A1151,BD_INSUMOS2[],3,FALSE),\"\")","v":""},{"$f":"+IFERROR(VLOOKUP($A1151,BD_INSUMOS2[],5,FALSE),\"\")","v":""},{"$f":"+IFERROR(VLOOKUP($A1151,BD_INSUMOS2[],6,FALSE),\"\")","v":""},{"$f":"+IFERROR(VLOOKUP($A1151,BD_INSUMOS2[],7,FALSE),\"\")","v":""},{"$f":"+IFERROR(VLOOKUP($A1151,BD_INSUMOS2[],8,FALSE),\"\")","v":""}]
[1141,{"$f":"+IFERROR(VLOOKUP($A1152,BD_INSUMOS2[],3,FALSE),\"\")","v":""},{"$f":"+IFERROR(VLOOKUP($A1152,BD_INSUMOS2[],5,FALSE),\"\")","v":""},{"$f":"+IFERROR(VLOOKUP($A1152,BD_INSUMOS2[],6,FALSE),\"\")","v":""},{"$f":"+IFERROR(VLOOKUP($A1152,BD_INSUMOS2[],7,FALSE),\"\")","v":""},{"$f":"+IFERROR(VLOOKUP($A1152,BD_INSUMOS2[],8,FALSE),\"\")","v":""}]
[1142,{"$f":"+IFERROR(VLOOKUP($A1153,BD_INSUMOS2[],3,FALSE),\"\")","v":""},{"$f":"+IFERROR(VLOOKUP($A1153,BD_INSUMOS2[],5,FALSE),\"\")","v":""},{"$f":"+IFERROR(VLOOKUP($A1153,BD_INSUMOS2[],6,FALSE),\"\")","v":""},{"$f":"+IFERROR(VLOOKUP($A1153,BD_INSUMOS2[],7,FALSE),\"\")","v":""},{"$f":"+IFERROR(VLOOKUP($A1153,BD_INSUMOS2[],8,FALSE),\"\")","v":""}]
[1143,{"$f":"+IFERROR(VLOOKUP($A1154,BD_INSUMOS2[],3,FALSE),\"\")","v":""},{"$f":"+IFERROR(VLOOKUP($A1154,BD_INSUMOS2[],5,FALSE),\"\")","v":""},{"$f":"+IFERROR(VLOOKUP($A1154,BD_INSUMOS2[],6,FALSE),\"\")","v":""},{"$f":"+IFERROR(VLOOKUP($A1154,BD_INSUMOS2[],7,FALSE),\"\")","v":""},{"$f":"+IFERROR(VLOOKUP($A1154,BD_INSUMOS2[],8,FALSE),\"\")","v":""}]
[1144,{"$f":"+IFERROR(VLOOKUP($A1155,BD_INSUMOS2[],3,FALSE),\"\")","v":""},{"$f":"+IFERROR(VLOOKUP($A1155,BD_INSUMOS2[],5,FALSE),\"\")","v":""},{"$f":"+IFERROR(VLOOKUP($A1155,BD_INSUMOS2[],6,FALSE),\"\")","v":""},{"$f":"+IFERROR(VLOOKUP($A1155,BD_INSUMOS2[],7,FALSE),\"\")","v":""},{"$f":"+IFERROR(VLOOKUP($A1155,BD_INSUMOS2[],8,FALSE),\"\")","v":""}]
[1145,{"$f":"+IFERROR(VLOOKUP($A1156,BD_INSUMOS2[],3,FALSE),\"\")","v":""},{"$f":"+IFERROR(VLOOKUP($A1156,BD_INSUMOS2[],5,FALSE),\"\")","v":""},{"$f":"+IFERROR(VLOOKUP($A1156,BD_INSUMOS2[],6,FALSE),\"\")","v":""},{"$f":"+IFERROR(VLOOKUP($A1156,BD_INSUMOS2[],7,FALSE),\"\")","v":""},{"$f":"+IFERROR(VLOOKUP($A1156,BD_INSUMOS2[],8,FALSE),\"\")","v":""}]
[1146,{"$f":"+IFERROR(VLOOKUP($A1157,BD_INSUMOS2[],3,FALSE),\"\")","v":""},{"$f":"+IFERROR(VLOOKUP($A1157,BD_INSUMOS2[],5,FALSE),\"\")","v":""},{"$f":"+IFERROR(VLOOKUP($A1157,BD_INSUMOS2[],6,FALSE),\"\")","v":""},{"$f":"+IFERROR(VLOOKUP($A1157,BD_INSUMOS2[],7,FALSE),\"\")","v":""},{"$f":"+IFERROR(VLOOKUP($A1157,BD_INSUMOS2[],8,FALSE),\"\")","v":""}]
[1147,{"$f":"+IFERROR(VLOOKUP($A1158,BD_INSUMOS2[],3,FALSE),\"\")","v":""},{"$f":"+IFERROR(VLOOKUP($A1158,BD_INSUMOS2[],5,FALSE),\"\")","v":""},{"$f":"+IFERROR(VLOOKUP($A1158,BD_INSUMOS2[],6,FALSE),\"\")","v":""},{"$f":"+IFERROR(VLOOKUP($A1158,BD_INSUMOS2[],7,FALSE),\"\")","v":""},{"$f":"+IFERROR(VLOOKUP($A1158,BD_INSUMOS2[],8,FALSE),\"\")","v":""}]
[1148,{"$f":"+IFERROR(VLOOKUP($A1159,BD_INSUMOS2[],3,FALSE),\"\")","v":""},{"$f":"+IFERROR(VLOOKUP($A1159,BD_INSUMOS2[],5,FALSE),\"\")","v":""},{"$f":"+IFERROR(VLOOKUP($A1159,BD_INSUMOS2[],6,FALSE),\"\")","v":""},{"$f":"+IFERROR(VLOOKUP($A1159,BD_INSUMOS2[],7,FALSE),\"\")","v":""},{"$f":"+IFERROR(VLOOKUP($A1159,BD_INSUMOS2[],8,FALSE),\"\")","v":""}]
[1149,{"$f":"+IFERROR(VLOOKUP($A1160,BD_INSUMOS2[],3,FALSE),\"\")","v":""},{"$f":"+IFERROR(VLOOKUP($A1160,BD_INSUMOS2[],5,FALSE),\"\")","v":""},{"$f":"+IFERROR(VLOOKUP($A1160,BD_INSUMOS2[],6,FALSE),\"\")","v":""},{"$f":"+IFERROR(VLOOKUP($A1160,BD_INSUMOS2[],7,FALSE),\"\")","v":""},{"$f":"+IFERROR(VLOOKUP($A1160,BD_INSUMOS2[],8,FALSE),\"\")","v":""}]
[1150,{"$f":"+IFERROR(VLOOKUP($A1161,BD_INSUMOS2[],3,FALSE),\"\")","v":""},{"$f":"+IFERROR(VLOOKUP($A1161,BD_INSUMOS2[],5,FALSE),\"\")","v":""},{"$f":"+IFERROR(VLOOKUP($A1161,BD_INSUMOS2[],6,FALSE),\"\")","v":""},{"$f":"+IFERROR(VLOOKUP($A1161,BD_INSUMOS2[],7,FALSE),\"\")","v":""},{"$f":"+IFERROR(VLOOKUP($A1161,BD_INSUMOS2[],8,FALSE),\"\")","v":""}]
[1151,{"$f":"+IFERROR(VLOOKUP($A1162,BD_INSUMOS2[],3,FALSE),\"\")","v":""},{"$f":"+IFERROR(VLOOKUP($A1162,BD_INSUMOS2[],5,FALSE),\"\")","v":""},{"$f":"+IFERROR(VLOOKUP($A1162,BD_INSUMOS2[],6,FALSE),\"\")","v":""},{"$f":"+IFERROR(VLOOKUP($A1162,BD_INSUMOS2[],7,FALSE),\"\")","v":""},{"$f":"+IFERROR(VLOOKUP($A1162,BD_INSUMOS2[],8,FALSE),\"\")","v":""}]
[1152,{"$f":"+IFERROR(VLOOKUP($A1163,BD_INSUMOS2[],3,FALSE),\"\")","v":""},{"$f":"+IFERROR(VLOOKUP($A1163,BD_INSUMOS2[],5,FALSE),\"\")","v":""},{"$f":"+IFERROR(VLOOKUP($A1163,BD_INSUMOS2[],6,FALSE),\"\")","v":""},{"$f":"+IFERROR(VLOOKUP($A1163,BD_INSUMOS2[],7,FALSE),\"\")","v":""},{"$f":"+IFERROR(VLOOKUP($A1163,BD_INSUMOS2[],8,FALSE),\"\")","v":""}]
[1153,{"$f":"+IFERROR(VLOOKUP($A1164,BD_INSUMOS2[],3,FALSE),\"\")","v":""},{"$f":"+IFERROR(VLOOKUP($A1164,BD_INSUMOS2[],5,FALSE),\"\")","v":""},{"$f":"+IFERROR(VLOOKUP($A1164,BD_INSUMOS2[],6,FALSE),\"\")","v":""},{"$f":"+IFERROR(VLOOKUP($A1164,BD_INSUMOS2[],7,FALSE),\"\")","v":""},{"$f":"+IFERROR(VLOOKUP($A1164,BD_INSUMOS2[],8,FALSE),\"\")","v":""}]
[1154,{"$f":"+IFERROR(VLOOKUP($A1165,BD_INSUMOS2[],3,FALSE),\"\")","v":""},{"$f":"+IFERROR(VLOOKUP($A1165,BD_INSUMOS2[],5,FALSE),\"\")","v":""},{"$f":"+IFERROR(VLOOKUP($A1165,BD_INSUMOS2[],6,FALSE),\"\")","v":""},{"$f":"+IFERROR(VLOOKUP($A1165,BD_INSUMOS2[],7,FALSE),\"\")","v":""},{"$f":"+IFERROR(VLOOKUP($A1165,BD_INSUMOS2[],8,FALSE),\"\")","v":""}]
[1155,{"$f":"+IFERROR(VLOOKUP($A1166,BD_INSUMOS2[],3,FALSE),\"\")","v":""},{"$f":"+IFERROR(VLOOKUP($A1166,BD_INSUMOS2[],5,FALSE),\"\")","v":""},{"$f":"+IFERROR(VLOOKUP($A1166,BD_INSUMOS2[],6,FALSE),\"\")","v":""},{"$f":"+IFERROR(VLOOKUP($A1166,BD_INSUMOS2[],7,FALSE),\"\")","v":""},{"$f":"+IFERROR(VLOOKUP($A1166,BD_INSUMOS2[],8,FALSE),\"\")","v":""}]
[1156,{"$f":"+IFERROR(VLOOKUP($A1167,BD_INSUMOS2[],3,FALSE),\"\")","v":""},{"$f":"+IFERROR(VLOOKUP($A1167,BD_INSUMOS2[],5,FALSE),\"\")","v":""},{"$f":"+IFERROR(VLOOKUP($A1167,BD_INSUMOS2[],6,FALSE),\"\")","v":""},{"$f":"+IFERROR(VLOOKUP($A1167,BD_INSUMOS2[],7,FALSE),\"\")","v":""},{"$f":"+IFERROR(VLOOKUP($A1167,BD_INSUMOS2[],8,FALSE),\"\")","v":""}]
[1157,{"$f":"+IFERROR(VLOOKUP($A1168,BD_INSUMOS2[],3,FALSE),\"\")","v":""},{"$f":"+IFERROR(VLOOKUP($A1168,BD_INSUMOS2[],5,FALSE),\"\")","v":""},{"$f":"+IFERROR(VLOOKUP($A1168,BD_INSUMOS2[],6,FALSE),\"\")","v":""},{"$f":"+IFERROR(VLOOKUP($A1168,BD_INSUMOS2[],7,FALSE),\"\")","v":""},{"$f":"+IFERROR(VLOOKUP($A1168,BD_INSUMOS2[],8,FALSE),\"\")","v":""}]
[1158,{"$f":"+IFERROR(VLOOKUP($A1169,BD_INSUMOS2[],3,FALSE),\"\")","v":""},{"$f":"+IFERROR(VLOOKUP($A1169,BD_INSUMOS2[],5,FALSE),\"\")","v":""},{"$f":"+IFERROR(VLOOKUP($A1169,BD_INSUMOS2[],6,FALSE),\"\")","v":""},{"$f":"+IFERROR(VLOOKUP($A1169,BD_INSUMOS2[],7,FALSE),\"\")","v":""},{"$f":"+IFERROR(VLOOKUP($A1169,BD_INSUMOS2[],8,FALSE),\"\")","v":""}]
[1159,{"$f":"+IFERROR(VLOOKUP($A1170,BD_INSUMOS2[],3,FALSE),\"\")","v":""},{"$f":"+IFERROR(VLOOKUP($A1170,BD_INSUMOS2[],5,FALSE),\"\")","v":""},{"$f":"+IFERROR(VLOOKUP($A1170,BD_INSUMOS2[],6,FALSE),\"\")","v":""},{"$f":"+IFERROR(VLOOKUP($A1170,BD_INSUMOS2[],7,FALSE),\"\")","v":""},{"$f":"+IFERROR(VLOOKUP($A1170,BD_INSUMOS2[],8,FALSE),\"\")","v":""}]
[1160,{"$f":"+IFERROR(VLOOKUP($A1171,BD_INSUMOS2[],3,FALSE),\"\")","v":""},{"$f":"+IFERROR(VLOOKUP($A1171,BD_INSUMOS2[],5,FALSE),\"\")","v":""},{"$f":"+IFERROR(VLOOKUP($A1171,BD_INSUMOS2[],6,FALSE),\"\")","v":""},{"$f":"+IFERROR(VLOOKUP($A1171,BD_INSUMOS2[],7,FALSE),\"\")","v":""},{"$f":"+IFERROR(VLOOKUP($A1171,BD_INSUMOS2[],8,FALSE),\"\")","v":""}]
[1161,{"$f":"+IFERROR(VLOOKUP($A1172,BD_INSUMOS2[],3,FALSE),\"\")","v":""},{"$f":"+IFERROR(VLOOKUP($A1172,BD_INSUMOS2[],5,FALSE),\"\")","v":""},{"$f":"+IFERROR(VLOOKUP($A1172,BD_INSUMOS2[],6,FALSE),\"\")","v":""},{"$f":"+IFERROR(VLOOKUP($A1172,BD_INSUMOS2[],7,FALSE),\"\")","v":""},{"$f":"+IFERROR(VLOOKUP($A1172,BD_INSUMOS2[],8,FALSE),\"\")","v":""}]
[1162,{"$f":"+IFERROR(VLOOKUP($A1173,BD_INSUMOS2[],3,FALSE),\"\")","v":""},{"$f":"+IFERROR(VLOOKUP($A1173,BD_INSUMOS2[],5,FALSE),\"\")","v":""},{"$f":"+IFERROR(VLOOKUP($A1173,BD_INSUMOS2[],6,FALSE),\"\")","v":""},{"$f":"+IFERROR(VLOOKUP($A1173,BD_INSUMOS2[],7,FALSE),\"\")","v":""},{"$f":"+IFERROR(VLOOKUP($A1173,BD_INSUMOS2[],8,FALSE),\"\")","v":""}]
[1163,{"$f":"+IFERROR(VLOOKUP($A1174,BD_INSUMOS2[],3,FALSE),\"\")","v":""},{"$f":"+IFERROR(VLOOKUP($A1174,BD_INSUMOS2[],5,FALSE),\"\")","v":""},{"$f":"+IFERROR(VLOOKUP($A1174,BD_INSUMOS2[],6,FALSE),\"\")","v":""},{"$f":"+IFERROR(VLOOKUP($A1174,BD_INSUMOS2[],7,FALSE),\"\")","v":""},{"$f":"+IFERROR(VLOOKUP($A1174,BD_INSUMOS2[],8,FALSE),\"\")","v":""}]
[1164,{"$f":"+IFERROR(VLOOKUP($A1175,BD_INSUMOS2[],3,FALSE),\"\")","v":""},{"$f":"+IFERROR(VLOOKUP($A1175,BD_INSUMOS2[],5,FALSE),\"\")","v":""},{"$f":"+IFERROR(VLOOKUP($A1175,BD_INSUMOS2[],6,FALSE),\"\")","v":""},{"$f":"+IFERROR(VLOOKUP($A1175,BD_INSUMOS2[],7,FALSE),\"\")","v":""},{"$f":"+IFERROR(VLOOKUP($A1175,BD_INSUMOS2[],8,FALSE),\"\")","v":""}]
[1165,{"$f":"+IFERROR(VLOOKUP($A1176,BD_INSUMOS2[],3,FALSE),\"\")","v":""},{"$f":"+IFERROR(VLOOKUP($A1176,BD_INSUMOS2[],5,FALSE),\"\")","v":""},{"$f":"+IFERROR(VLOOKUP($A1176,BD_INSUMOS2[],6,FALSE),\"\")","v":""},{"$f":"+IFERROR(VLOOKUP($A1176,BD_INSUMOS2[],7,FALSE),\"\")","v":""},{"$f":"+IFERROR(VLOOKUP($A1176,BD_INSUMOS2[],8,FALSE),\"\")","v":""}]
[1166,{"$f":"+IFERROR(VLOOKUP($A1177,BD_INSUMOS2[],3,FALSE),\"\")","v":""},{"$f":"+IFERROR(VLOOKUP($A1177,BD_INSUMOS2[],5,FALSE),\"\")","v":""},{"$f":"+IFERROR(VLOOKUP($A1177,BD_INSUMOS2[],6,FALSE),\"\")","v":""},{"$f":"+IFERROR(VLOOKUP($A1177,BD_INSUMOS2[],7,FALSE),\"\")","v":""},{"$f":"+IFERROR(VLOOKUP($A1177,BD_INSUMOS2[],8,FALSE),\"\")","v":""}]
[1167,{"$f":"+IFERROR(VLOOKUP($A1178,BD_INSUMOS2[],3,FALSE),\"\")","v":""},{"$f":"+IFERROR(VLOOKUP($A1178,BD_INSUMOS2[],5,FALSE),\"\")","v":""},{"$f":"+IFERROR(VLOOKUP($A1178,BD_INSUMOS2[],6,FALSE),\"\")","v":""},{"$f":"+IFERROR(VLOOKUP($A1178,BD_INSUMOS2[],7,FALSE),\"\")","v":""},{"$f":"+IFERROR(VLOOKUP($A1178,BD_INSUMOS2[],8,FALSE),\"\")","v":""}]
[1168,{"$f":"+IFERROR(VLOOKUP($A1179,BD_INSUMOS2[],3,FALSE),\"\")","v":""},{"$f":"+IFERROR(VLOOKUP($A1179,BD_INSUMOS2[],5,FALSE),\"\")","v":""},{"$f":"+IFERROR(VLOOKUP($A1179,BD_INSUMOS2[],6,FALSE),\"\")","v":""},{"$f":"+IFERROR(VLOOKUP($A1179,BD_INSUMOS2[],7,FALSE),\"\")","v":""},{"$f":"+IFERROR(VLOOKUP($A1179,BD_INSUMOS2[],8,FALSE),\"\")","v":""}]
[1169,{"$f":"+IFERROR(VLOOKUP($A1180,BD_INSUMOS2[],3,FALSE),\"\")","v":""},{"$f":"+IFERROR(VLOOKUP($A1180,BD_INSUMOS2[],5,FALSE),\"\")","v":""},{"$f":"+IFERROR(VLOOKUP($A1180,BD_INSUMOS2[],6,FALSE),\"\")","v":""},{"$f":"+IFERROR(VLOOKUP($A1180,BD_INSUMOS2[],7,FALSE),\"\")","v":""},{"$f":"+IFERROR(VLOOKUP($A1180,BD_INSUMOS2[],8,FALSE),\"\")","v":""}]
[1170,{"$f":"+IFERROR(VLOOKUP($A1181,BD_INSUMOS2[],3,FALSE),\"\")","v":""},{"$f":"+IFERROR(VLOOKUP($A1181,BD_INSUMOS2[],5,FALSE),\"\")","v":""},{"$f":"+IFERROR(VLOOKUP($A1181,BD_INSUMOS2[],6,FALSE),\"\")","v":""},{"$f":"+IFERROR(VLOOKUP($A1181,BD_INSUMOS2[],7,FALSE),\"\")","v":""},{"$f":"+IFERROR(VLOOKUP($A1181,BD_INSUMOS2[],8,FALSE),\"\")","v":""}]
[1171,{"$f":"+IFERROR(VLOOKUP($A1182,BD_INSUMOS2[],3,FALSE),\"\")","v":""},{"$f":"+IFERROR(VLOOKUP($A1182,BD_INSUMOS2[],5,FALSE),\"\")","v":""},{"$f":"+IFERROR(VLOOKUP($A1182,BD_INSUMOS2[],6,FALSE),\"\")","v":""},{"$f":"+IFERROR(VLOOKUP($A1182,BD_INSUMOS2[],7,FALSE),\"\")","v":""},{"$f":"+IFERROR(VLOOKUP($A1182,BD_INSUMOS2[],8,FALSE),\"\")","v":""}]
[1172,{"$f":"+IFERROR(VLOOKUP($A1183,BD_INSUMOS2[],3,FALSE),\"\")","v":""},{"$f":"+IFERROR(VLOOKUP($A1183,BD_INSUMOS2[],5,FALSE),\"\")","v":""},{"$f":"+IFERROR(VLOOKUP($A1183,BD_INSUMOS2[],6,FALSE),\"\")","v":""},{"$f":"+IFERROR(VLOOKUP($A1183,BD_INSUMOS2[],7,FALSE),\"\")","v":""},{"$f":"+IFERROR(VLOOKUP($A1183,BD_INSUMOS2[],8,FALSE),\"\")","v":""}]
[1173,{"$f":"+IFERROR(VLOOKUP($A1184,BD_INSUMOS2[],3,FALSE),\"\")","v":""},{"$f":"+IFERROR(VLOOKUP($A1184,BD_INSUMOS2[],5,FALSE),\"\")","v":""},{"$f":"+IFERROR(VLOOKUP($A1184,BD_INSUMOS2[],6,FALSE),\"\")","v":""},{"$f":"+IFERROR(VLOOKUP($A1184,BD_INSUMOS2[],7,FALSE),\"\")","v":""},{"$f":"+IFERROR(VLOOKUP($A1184,BD_INSUMOS2[],8,FALSE),\"\")","v":""}]
[1174,{"$f":"+IFERROR(VLOOKUP($A1185,BD_INSUMOS2[],3,FALSE),\"\")","v":""},{"$f":"+IFERROR(VLOOKUP($A1185,BD_INSUMOS2[],5,FALSE),\"\")","v":""},{"$f":"+IFERROR(VLOOKUP($A1185,BD_INSUMOS2[],6,FALSE),\"\")","v":""},{"$f":"+IFERROR(VLOOKUP($A1185,BD_INSUMOS2[],7,FALSE),\"\")","v":""},{"$f":"+IFERROR(VLOOKUP($A1185,BD_INSUMOS2[],8,FALSE),\"\")","v":""}]
[1175,{"$f":"+IFERROR(VLOOKUP($A1186,BD_INSUMOS2[],3,FALSE),\"\")","v":""},{"$f":"+IFERROR(VLOOKUP($A1186,BD_INSUMOS2[],5,FALSE),\"\")","v":""},{"$f":"+IFERROR(VLOOKUP($A1186,BD_INSUMOS2[],6,FALSE),\"\")","v":""},{"$f":"+IFERROR(VLOOKUP($A1186,BD_INSUMOS2[],7,FALSE),\"\")","v":""},{"$f":"+IFERROR(VLOOKUP($A1186,BD_INSUMOS2[],8,FALSE),\"\")","v":""}]
[1176,{"$f":"+IFERROR(VLOOKUP($A1187,BD_INSUMOS2[],3,FALSE),\"\")","v":""},{"$f":"+IFERROR(VLOOKUP($A1187,BD_INSUMOS2[],5,FALSE),\"\")","v":""},{"$f":"+IFERROR(VLOOKUP($A1187,BD_INSUMOS2[],6,FALSE),\"\")","v":""},{"$f":"+IFERROR(VLOOKUP($A1187,BD_INSUMOS2[],7,FALSE),\"\")","v":""},{"$f":"+IFERROR(VLOOKUP($A1187,BD_INSUMOS2[],8,FALSE),\"\")","v":""}]
[1177,{"$f":"+IFERROR(VLOOKUP($A1188,BD_INSUMOS2[],3,FALSE),\"\")","v":""},{"$f":"+IFERROR(VLOOKUP($A1188,BD_INSUMOS2[],5,FALSE),\"\")","v":""},{"$f":"+IFERROR(VLOOKUP($A1188,BD_INSUMOS2[],6,FALSE),\"\")","v":""},{"$f":"+IFERROR(VLOOKUP($A1188,BD_INSUMOS2[],7,FALSE),\"\")","v":""},{"$f":"+IFERROR(VLOOKUP($A1188,BD_INSUMOS2[],8,FALSE),\"\")","v":""}]
[1178,{"$f":"+IFERROR(VLOOKUP($A1189,BD_INSUMOS2[],3,FALSE),\"\")","v":""},{"$f":"+IFERROR(VLOOKUP($A1189,BD_INSUMOS2[],5,FALSE),\"\")","v":""},{"$f":"+IFERROR(VLOOKUP($A1189,BD_INSUMOS2[],6,FALSE),\"\")","v":""},{"$f":"+IFERROR(VLOOKUP($A1189,BD_INSUMOS2[],7,FALSE),\"\")","v":""},{"$f":"+IFERROR(VLOOKUP($A1189,BD_INSUMOS2[],8,FALSE),\"\")","v":""}]
[1179,{"$f":"+IFERROR(VLOOKUP($A1190,BD_INSUMOS2[],3,FALSE),\"\")","v":""},{"$f":"+IFERROR(VLOOKUP($A1190,BD_INSUMOS2[],5,FALSE),\"\")","v":""},{"$f":"+IFERROR(VLOOKUP($A1190,BD_INSUMOS2[],6,FALSE),\"\")","v":""},{"$f":"+IFERROR(VLOOKUP($A1190,BD_INSUMOS2[],7,FALSE),\"\")","v":""},{"$f":"+IFERROR(VLOOKUP($A1190,BD_INSUMOS2[],8,FALSE),\"\")","v":""}]
[1180,{"$f":"+IFERROR(VLOOKUP($A1191,BD_INSUMOS2[],3,FALSE),\"\")","v":""},{"$f":"+IFERROR(VLOOKUP($A1191,BD_INSUMOS2[],5,FALSE),\"\")","v":""},{"$f":"+IFERROR(VLOOKUP($A1191,BD_INSUMOS2[],6,FALSE),\"\")","v":""},{"$f":"+IFERROR(VLOOKUP($A1191,BD_INSUMOS2[],7,FALSE),\"\")","v":""},{"$f":"+IFERROR(VLOOKUP($A1191,BD_INSUMOS2[],8,FALSE),\"\")","v":""}]
[1181,{"$f":"+IFERROR(VLOOKUP($A1192,BD_INSUMOS2[],3,FALSE),\"\")","v":""},{"$f":"+IFERROR(VLOOKUP($A1192,BD_INSUMOS2[],5,FALSE),\"\")","v":""},{"$f":"+IFERROR(VLOOKUP($A1192,BD_INSUMOS2[],6,FALSE),\"\")","v":""},{"$f":"+IFERROR(VLOOKUP($A1192,BD_INSUMOS2[],7,FALSE),\"\")","v":""},{"$f":"+IFERROR(VLOOKUP($A1192,BD_INSUMOS2[],8,FALSE),\"\")","v":""}]
[1182,{"$f":"+IFERROR(VLOOKUP($A1193,BD_INSUMOS2[],3,FALSE),\"\")","v":""},{"$f":"+IFERROR(VLOOKUP($A1193,BD_INSUMOS2[],5,FALSE),\"\")","v":""},{"$f":"+IFERROR(VLOOKUP($A1193,BD_INSUMOS2[],6,FALSE),\"\")","v":""},{"$f":"+IFERROR(VLOOKUP($A1193,BD_INSUMOS2[],7,FALSE),\"\")","v":""},{"$f":"+IFERROR(VLOOKUP($A1193,BD_INSUMOS2[],8,FALSE),\"\")","v":""}]
[1183,{"$f":"+IFERROR(VLOOKUP($A1194,BD_INSUMOS2[],3,FALSE),\"\")","v":""},{"$f":"+IFERROR(VLOOKUP($A1194,BD_INSUMOS2[],5,FALSE),\"\")","v":""},{"$f":"+IFERROR(VLOOKUP($A1194,BD_INSUMOS2[],6,FALSE),\"\")","v":""},{"$f":"+IFERROR(VLOOKUP($A1194,BD_INSUMOS2[],7,FALSE),\"\")","v":""},{"$f":"+IFERROR(VLOOKUP($A1194,BD_INSUMOS2[],8,FALSE),\"\")","v":""}]
[1184,{"$f":"+IFERROR(VLOOKUP($A1195,BD_INSUMOS2[],3,FALSE),\"\")","v":""},{"$f":"+IFERROR(VLOOKUP($A1195,BD_INSUMOS2[],5,FALSE),\"\")","v":""},{"$f":"+IFERROR(VLOOKUP($A1195,BD_INSUMOS2[],6,FALSE),\"\")","v":""},{"$f":"+IFERROR(VLOOKUP($A1195,BD_INSUMOS2[],7,FALSE),\"\")","v":""},{"$f":"+IFERROR(VLOOKUP($A1195,BD_INSUMOS2[],8,FALSE),\"\")","v":""}]
[1185,{"$f":"+IFERROR(VLOOKUP($A1196,BD_INSUMOS2[],3,FALSE),\"\")","v":""},{"$f":"+IFERROR(VLOOKUP($A1196,BD_INSUMOS2[],5,FALSE),\"\")","v":""},{"$f":"+IFERROR(VLOOKUP($A1196,BD_INSUMOS2[],6,FALSE),\"\")","v":""},{"$f":"+IFERROR(VLOOKUP($A1196,BD_INSUMOS2[],7,FALSE),\"\")","v":""},{"$f":"+IFERROR(VLOOKUP($A1196,BD_INSUMOS2[],8,FALSE),\"\")","v":""}]
[1186,{"$f":"+IFERROR(VLOOKUP($A1197,BD_INSUMOS2[],3,FALSE),\"\")","v":""},{"$f":"+IFERROR(VLOOKUP($A1197,BD_INSUMOS2[],5,FALSE),\"\")","v":""},{"$f":"+IFERROR(VLOOKUP($A1197,BD_INSUMOS2[],6,FALSE),\"\")","v":""},{"$f":"+IFERROR(VLOOKUP($A1197,BD_INSUMOS2[],7,FALSE),\"\")","v":""},{"$f":"+IFERROR(VLOOKUP($A1197,BD_INSUMOS2[],8,FALSE),\"\")","v":""}]
[1187,{"$f":"+IFERROR(VLOOKUP($A1198,BD_INSUMOS2[],3,FALSE),\"\")","v":""},{"$f":"+IFERROR(VLOOKUP($A1198,BD_INSUMOS2[],5,FALSE),\"\")","v":""},{"$f":"+IFERROR(VLOOKUP($A1198,BD_INSUMOS2[],6,FALSE),\"\")","v":""},{"$f":"+IFERROR(VLOOKUP($A1198,BD_INSUMOS2[],7,FALSE),\"\")","v":""},{"$f":"+IFERROR(VLOOKUP($A1198,BD_INSUMOS2[],8,FALSE),\"\")","v":""}]
[1188,{"$f":"+IFERROR(VLOOKUP($A1199,BD_INSUMOS2[],3,FALSE),\"\")","v":""},{"$f":"+IFERROR(VLOOKUP($A1199,BD_INSUMOS2[],5,FALSE),\"\")","v":""},{"$f":"+IFERROR(VLOOKUP($A1199,BD_INSUMOS2[],6,FALSE),\"\")","v":""},{"$f":"+IFERROR(VLOOKUP($A1199,BD_INSUMOS2[],7,FALSE),\"\")","v":""},{"$f":"+IFERROR(VLOOKUP($A1199,BD_INSUMOS2[],8,FALSE),\"\")","v":""}]
[1189,{"$f":"+IFERROR(VLOOKUP($A1200,BD_INSUMOS2[],3,FALSE),\"\")","v":""},{"$f":"+IFERROR(VLOOKUP($A1200,BD_INSUMOS2[],5,FALSE),\"\")","v":""},{"$f":"+IFERROR(VLOOKUP($A1200,BD_INSUMOS2[],6,FALSE),\"\")","v":""},{"$f":"+IFERROR(VLOOKUP($A1200,BD_INSUMOS2[],7,FALSE),\"\")","v":""},{"$f":"+IFERROR(VLOOKUP($A1200,BD_INSUMOS2[],8,FALSE),\"\")","v":""}]
[1190,{"$f":"+IFERROR(VLOOKUP($A1201,BD_INSUMOS2[],3,FALSE),\"\")","v":""},{"$f":"+IFERROR(VLOOKUP($A1201,BD_INSUMOS2[],5,FALSE),\"\")","v":""},{"$f":"+IFERROR(VLOOKUP($A1201,BD_INSUMOS2[],6,FALSE),\"\")","v":""},{"$f":"+IFERROR(VLOOKUP($A1201,BD_INSUMOS2[],7,FALSE),\"\")","v":""},{"$f":"+IFERROR(VLOOKUP($A1201,BD_INSUMOS2[],8,FALSE),\"\")","v":""}]
[1191,{"$f":"+IFERROR(VLOOKUP($A1202,BD_INSUMOS2[],3,FALSE),\"\")","v":""},{"$f":"+IFERROR(VLOOKUP($A1202,BD_INSUMOS2[],5,FALSE),\"\")","v":""},{"$f":"+IFERROR(VLOOKUP($A1202,BD_INSUMOS2[],6,FALSE),\"\")","v":""},{"$f":"+IFERROR(VLOOKUP($A1202,BD_INSUMOS2[],7,FALSE),\"\")","v":""},{"$f":"+IFERROR(VLOOKUP($A1202,BD_INSUMOS2[],8,FALSE),\"\")","v":""}]
[1192,{"$f":"+IFERROR(VLOOKUP($A1203,BD_INSUMOS2[],3,FALSE),\"\")","v":""},{"$f":"+IFERROR(VLOOKUP($A1203,BD_INSUMOS2[],5,FALSE),\"\")","v":""},{"$f":"+IFERROR(VLOOKUP($A1203,BD_INSUMOS2[],6,FALSE),\"\")","v":""},{"$f":"+IFERROR(VLOOKUP($A1203,BD_INSUMOS2[],7,FALSE),\"\")","v":""},{"$f":"+IFERROR(VLOOKUP($A1203,BD_INSUMOS2[],8,FALSE),\"\")","v":""}]
[1193,{"$f":"+IFERROR(VLOOKUP($A1204,BD_INSUMOS2[],3,FALSE),\"\")","v":""},{"$f":"+IFERROR(VLOOKUP($A1204,BD_INSUMOS2[],5,FALSE),\"\")","v":""},{"$f":"+IFERROR(VLOOKUP($A1204,BD_INSUMOS2[],6,FALSE),\"\")","v":""},{"$f":"+IFERROR(VLOOKUP($A1204,BD_INSUMOS2[],7,FALSE),\"\")","v":""},{"$f":"+IFERROR(VLOOKUP($A1204,BD_INSUMOS2[],8,FALSE),\"\")","v":""}]
[1194,{"$f":"+IFERROR(VLOOKUP($A1205,BD_INSUMOS2[],3,FALSE),\"\")","v":""},{"$f":"+IFERROR(VLOOKUP($A1205,BD_INSUMOS2[],5,FALSE),\"\")","v":""},{"$f":"+IFERROR(VLOOKUP($A1205,BD_INSUMOS2[],6,FALSE),\"\")","v":""},{"$f":"+IFERROR(VLOOKUP($A1205,BD_INSUMOS2[],7,FALSE),\"\")","v":""},{"$f":"+IFERROR(VLOOKUP($A1205,BD_INSUMOS2[],8,FALSE),\"\")","v":""}]
[1195,{"$f":"+IFERROR(VLOOKUP($A1206,BD_INSUMOS2[],3,FALSE),\"\")","v":""},{"$f":"+IFERROR(VLOOKUP($A1206,BD_INSUMOS2[],5,FALSE),\"\")","v":""},{"$f":"+IFERROR(VLOOKUP($A1206,BD_INSUMOS2[],6,FALSE),\"\")","v":""},{"$f":"+IFERROR(VLOOKUP($A1206,BD_INSUMOS2[],7,FALSE),\"\")","v":""},{"$f":"+IFERROR(VLOOKUP($A1206,BD_INSUMOS2[],8,FALSE),\"\")","v":""}]
[1196,{"$f":"+IFERROR(VLOOKUP($A1207,BD_INSUMOS2[],3,FALSE),\"\")","v":""},{"$f":"+IFERROR(VLOOKUP($A1207,BD_INSUMOS2[],5,FALSE),\"\")","v":""},{"$f":"+IFERROR(VLOOKUP($A1207,BD_INSUMOS2[],6,FALSE),\"\")","v":""},{"$f":"+IFERROR(VLOOKUP($A1207,BD_INSUMOS2[],7,FALSE),\"\")","v":""},{"$f":"+IFERROR(VLOOKUP($A1207,BD_INSUMOS2[],8,FALSE),\"\")","v":""}]
[1197,{"$f":"+IFERROR(VLOOKUP($A1208,BD_INSUMOS2[],3,FALSE),\"\")","v":""},{"$f":"+IFERROR(VLOOKUP($A1208,BD_INSUMOS2[],5,FALSE),\"\")","v":""},{"$f":"+IFERROR(VLOOKUP($A1208,BD_INSUMOS2[],6,FALSE),\"\")","v":""},{"$f":"+IFERROR(VLOOKUP($A1208,BD_INSUMOS2[],7,FALSE),\"\")","v":""},{"$f":"+IFERROR(VLOOKUP($A1208,BD_INSUMOS2[],8,FALSE),\"\")","v":""}]
[1198,{"$f":"+IFERROR(VLOOKUP($A1209,BD_INSUMOS2[],3,FALSE),\"\")","v":""},{"$f":"+IFERROR(VLOOKUP($A1209,BD_INSUMOS2[],5,FALSE),\"\")","v":""},{"$f":"+IFERROR(VLOOKUP($A1209,BD_INSUMOS2[],6,FALSE),\"\")","v":""},{"$f":"+IFERROR(VLOOKUP($A1209,BD_INSUMOS2[],7,FALSE),\"\")","v":""},{"$f":"+IFERROR(VLOOKUP($A1209,BD_INSUMOS2[],8,FALSE),\"\")","v":""}]
[1199,{"$f":"+IFERROR(VLOOKUP($A1210,BD_INSUMOS2[],3,FALSE),\"\")","v":""},{"$f":"+IFERROR(VLOOKUP($A1210,BD_INSUMOS2[],5,FALSE),\"\")","v":""},{"$f":"+IFERROR(VLOOKUP($A1210,BD_INSUMOS2[],6,FALSE),\"\")","v":""},{"$f":"+IFERROR(VLOOKUP($A1210,BD_INSUMOS2[],7,FALSE),\"\")","v":""},{"$f":"+IFERROR(VLOOKUP($A1210,BD_INSUMOS2[],8,FALSE),\"\")","v":""}]
[1200,{"$f":"+IFERROR(VLOOKUP($A1211,BD_INSUMOS2[],3,FALSE),\"\")","v":""},{"$f":"+IFERROR(VLOOKUP($A1211,BD_INSUMOS2[],5,FALSE),\"\")","v":""},{"$f":"+IFERROR(VLOOKUP($A1211,BD_INSUMOS2[],6,FALSE),\"\")","v":""},{"$f":"+IFERROR(VLOOKUP($A1211,BD_INSUMOS2[],7,FALSE),\"\")","v":""},{"$f":"+IFERROR(VLOOKUP($A1211,BD_INSUMOS2[],8,FALSE),\"\")","v":""}]
[1201,{"$f":"+IFERROR(VLOOKUP($A1212,BD_INSUMOS2[],3,FALSE),\"\")","v":""},{"$f":"+IFERROR(VLOOKUP($A1212,BD_INSUMOS2[],5,FALSE),\"\")","v":""},{"$f":"+IFERROR(VLOOKUP($A1212,BD_INSUMOS2[],6,FALSE),\"\")","v":""},{"$f":"+IFERROR(VLOOKUP($A1212,BD_INSUMOS2[],7,FALSE),\"\")","v":""},{"$f":"+IFERROR(VLOOKUP($A1212,BD_INSUMOS2[],8,FALSE),\"\")","v":""}]
[1202,{"$f":"+IFERROR(VLOOKUP($A1213,BD_INSUMOS2[],3,FALSE),\"\")","v":""},{"$f":"+IFERROR(VLOOKUP($A1213,BD_INSUMOS2[],5,FALSE),\"\")","v":""},{"$f":"+IFERROR(VLOOKUP($A1213,BD_INSUMOS2[],6,FALSE),\"\")","v":""},{"$f":"+IFERROR(VLOOKUP($A1213,BD_INSUMOS2[],7,FALSE),\"\")","v":""},{"$f":"+IFERROR(VLOOKUP($A1213,BD_INSUMOS2[],8,FALSE),\"\")","v":""}]
[1203,{"$f":"+IFERROR(VLOOKUP($A1214,BD_INSUMOS2[],3,FALSE),\"\")","v":""},{"$f":"+IFERROR(VLOOKUP($A1214,BD_INSUMOS2[],5,FALSE),\"\")","v":""},{"$f":"+IFERROR(VLOOKUP($A1214,BD_INSUMOS2[],6,FALSE),\"\")","v":""},{"$f":"+IFERROR(VLOOKUP($A1214,BD_INSUMOS2[],7,FALSE),\"\")","v":""},{"$f":"+IFERROR(VLOOKUP($A1214,BD_INSUMOS2[],8,FALSE),\"\")","v":""}]
[1204,{"$f":"+IFERROR(VLOOKUP($A1215,BD_INSUMOS2[],3,FALSE),\"\")","v":""},{"$f":"+IFERROR(VLOOKUP($A1215,BD_INSUMOS2[],5,FALSE),\"\")","v":""},{"$f":"+IFERROR(VLOOKUP($A1215,BD_INSUMOS2[],6,FALSE),\"\")","v":""},{"$f":"+IFERROR(VLOOKUP($A1215,BD_INSUMOS2[],7,FALSE),\"\")","v":""},{"$f":"+IFERROR(VLOOKUP($A1215,BD_INSUMOS2[],8,FALSE),\"\")","v":""}]
[1205,{"$f":"+IFERROR(VLOOKUP($A1216,BD_INSUMOS2[],3,FALSE),\"\")","v":""},{"$f":"+IFERROR(VLOOKUP($A1216,BD_INSUMOS2[],5,FALSE),\"\")","v":""},{"$f":"+IFERROR(VLOOKUP($A1216,BD_INSUMOS2[],6,FALSE),\"\")","v":""},{"$f":"+IFERROR(VLOOKUP($A1216,BD_INSUMOS2[],7,FALSE),\"\")","v":""},{"$f":"+IFERROR(VLOOKUP($A1216,BD_INSUMOS2[],8,FALSE),\"\")","v":""}]
[1206,{"$f":"+IFERROR(VLOOKUP($A1217,BD_INSUMOS2[],3,FALSE),\"\")","v":""},{"$f":"+IFERROR(VLOOKUP($A1217,BD_INSUMOS2[],5,FALSE),\"\")","v":""},{"$f":"+IFERROR(VLOOKUP($A1217,BD_INSUMOS2[],6,FALSE),\"\")","v":""},{"$f":"+IFERROR(VLOOKUP($A1217,BD_INSUMOS2[],7,FALSE),\"\")","v":""},{"$f":"+IFERROR(VLOOKUP($A1217,BD_INSUMOS2[],8,FALSE),\"\")","v":""}]
[1207,{"$f":"+IFERROR(VLOOKUP($A1218,BD_INSUMOS2[],3,FALSE),\"\")","v":""},{"$f":"+IFERROR(VLOOKUP($A1218,BD_INSUMOS2[],5,FALSE),\"\")","v":""},{"$f":"+IFERROR(VLOOKUP($A1218,BD_INSUMOS2[],6,FALSE),\"\")","v":""},{"$f":"+IFERROR(VLOOKUP($A1218,BD_INSUMOS2[],7,FALSE),\"\")","v":""},{"$f":"+IFERROR(VLOOKUP($A1218,BD_INSUMOS2[],8,FALSE),\"\")","v":""}]
[1208,{"$f":"+IFERROR(VLOOKUP($A1219,BD_INSUMOS2[],3,FALSE),\"\")","v":""},{"$f":"+IFERROR(VLOOKUP($A1219,BD_INSUMOS2[],5,FALSE),\"\")","v":""},{"$f":"+IFERROR(VLOOKUP($A1219,BD_INSUMOS2[],6,FALSE),\"\")","v":""},{"$f":"+IFERROR(VLOOKUP($A1219,BD_INSUMOS2[],7,FALSE),\"\")","v":""},{"$f":"+IFERROR(VLOOKUP($A1219,BD_INSUMOS2[],8,FALSE),\"\")","v":""}]
[1209,{"$f":"+IFERROR(VLOOKUP($A1220,BD_INSUMOS2[],3,FALSE),\"\")","v":""},{"$f":"+IFERROR(VLOOKUP($A1220,BD_INSUMOS2[],5,FALSE),\"\")","v":""},{"$f":"+IFERROR(VLOOKUP($A1220,BD_INSUMOS2[],6,FALSE),\"\")","v":""},{"$f":"+IFERROR(VLOOKUP($A1220,BD_INSUMOS2[],7,FALSE),\"\")","v":""},{"$f":"+IFERROR(VLOOKUP($A1220,BD_INSUMOS2[],8,FALSE),\"\")","v":""}]
[1210,{"$f":"+IFERROR(VLOOKUP($A1221,BD_INSUMOS2[],3,FALSE),\"\")","v":""},{"$f":"+IFERROR(VLOOKUP($A1221,BD_INSUMOS2[],5,FALSE),\"\")","v":""},{"$f":"+IFERROR(VLOOKUP($A1221,BD_INSUMOS2[],6,FALSE),\"\")","v":""},{"$f":"+IFERROR(VLOOKUP($A1221,BD_INSUMOS2[],7,FALSE),\"\")","v":""},{"$f":"+IFERROR(VLOOKUP($A1221,BD_INSUMOS2[],8,FALSE),\"\")","v":""}]
[1211,{"$f":"+IFERROR(VLOOKUP($A1222,BD_INSUMOS2[],3,FALSE),\"\")","v":""},{"$f":"+IFERROR(VLOOKUP($A1222,BD_INSUMOS2[],5,FALSE),\"\")","v":""},{"$f":"+IFERROR(VLOOKUP($A1222,BD_INSUMOS2[],6,FALSE),\"\")","v":""},{"$f":"+IFERROR(VLOOKUP($A1222,BD_INSUMOS2[],7,FALSE),\"\")","v":""},{"$f":"+IFERROR(VLOOKUP($A1222,BD_INSUMOS2[],8,FALSE),\"\")","v":""}]
[1212,{"$f":"+IFERROR(VLOOKUP($A1223,BD_INSUMOS2[],3,FALSE),\"\")","v":""},{"$f":"+IFERROR(VLOOKUP($A1223,BD_INSUMOS2[],5,FALSE),\"\")","v":""},{"$f":"+IFERROR(VLOOKUP($A1223,BD_INSUMOS2[],6,FALSE),\"\")","v":""},{"$f":"+IFERROR(VLOOKUP($A1223,BD_INSUMOS2[],7,FALSE),\"\")","v":""},{"$f":"+IFERROR(VLOOKUP($A1223,BD_INSUMOS2[],8,FALSE),\"\")","v":""}]
[1213,{"$f":"+IFERROR(VLOOKUP($A1224,BD_INSUMOS2[],3,FALSE),\"\")","v":""},{"$f":"+IFERROR(VLOOKUP($A1224,BD_INSUMOS2[],5,FALSE),\"\")","v":""},{"$f":"+IFERROR(VLOOKUP($A1224,BD_INSUMOS2[],6,FALSE),\"\")","v":""},{"$f":"+IFERROR(VLOOKUP($A1224,BD_INSUMOS2[],7,FALSE),\"\")","v":""},{"$f":"+IFERROR(VLOOKUP($A1224,BD_INSUMOS2[],8,FALSE),\"\")","v":""}]
[1214,{"$f":"+IFERROR(VLOOKUP($A1225,BD_INSUMOS2[],3,FALSE),\"\")","v":""},{"$f":"+IFERROR(VLOOKUP($A1225,BD_INSUMOS2[],5,FALSE),\"\")","v":""},{"$f":"+IFERROR(VLOOKUP($A1225,BD_INSUMOS2[],6,FALSE),\"\")","v":""},{"$f":"+IFERROR(VLOOKUP($A1225,BD_INSUMOS2[],7,FALSE),\"\")","v":""},{"$f":"+IFERROR(VLOOKUP($A1225,BD_INSUMOS2[],8,FALSE),\"\")","v":""}]
[1215,{"$f":"+IFERROR(VLOOKUP($A1226,BD_INSUMOS2[],3,FALSE),\"\")","v":""},{"$f":"+IFERROR(VLOOKUP($A1226,BD_INSUMOS2[],5,FALSE),\"\")","v":""},{"$f":"+IFERROR(VLOOKUP($A1226,BD_INSUMOS2[],6,FALSE),\"\")","v":""},{"$f":"+IFERROR(VLOOKUP($A1226,BD_INSUMOS2[],7,FALSE),\"\")","v":""},{"$f":"+IFERROR(VLOOKUP($A1226,BD_INSUMOS2[],8,FALSE),\"\")","v":""}]
[1216,{"$f":"+IFERROR(VLOOKUP($A1227,BD_INSUMOS2[],3,FALSE),\"\")","v":""},{"$f":"+IFERROR(VLOOKUP($A1227,BD_INSUMOS2[],5,FALSE),\"\")","v":""},{"$f":"+IFERROR(VLOOKUP($A1227,BD_INSUMOS2[],6,FALSE),\"\")","v":""},{"$f":"+IFERROR(VLOOKUP($A1227,BD_INSUMOS2[],7,FALSE),\"\")","v":""},{"$f":"+IFERROR(VLOOKUP($A1227,BD_INSUMOS2[],8,FALSE),\"\")","v":""}]
[1217,{"$f":"+IFERROR(VLOOKUP($A1228,BD_INSUMOS2[],3,FALSE),\"\")","v":""},{"$f":"+IFERROR(VLOOKUP($A1228,BD_INSUMOS2[],5,FALSE),\"\")","v":""},{"$f":"+IFERROR(VLOOKUP($A1228,BD_INSUMOS2[],6,FALSE),\"\")","v":""},{"$f":"+IFERROR(VLOOKUP($A1228,BD_INSUMOS2[],7,FALSE),\"\")","v":""},{"$f":"+IFERROR(VLOOKUP($A1228,BD_INSUMOS2[],8,FALSE),\"\")","v":""}]
[1218,{"$f":"+IFERROR(VLOOKUP($A1229,BD_INSUMOS2[],3,FALSE),\"\")","v":""},{"$f":"+IFERROR(VLOOKUP($A1229,BD_INSUMOS2[],5,FALSE),\"\")","v":""},{"$f":"+IFERROR(VLOOKUP($A1229,BD_INSUMOS2[],6,FALSE),\"\")","v":""},{"$f":"+IFERROR(VLOOKUP($A1229,BD_INSUMOS2[],7,FALSE),\"\")","v":""},{"$f":"+IFERROR(VLOOKUP($A1229,BD_INSUMOS2[],8,FALSE),\"\")","v":""}]
[1219,{"$f":"+IFERROR(VLOOKUP($A1230,BD_INSUMOS2[],3,FALSE),\"\")","v":""},{"$f":"+IFERROR(VLOOKUP($A1230,BD_INSUMOS2[],5,FALSE),\"\")","v":""},{"$f":"+IFERROR(VLOOKUP($A1230,BD_INSUMOS2[],6,FALSE),\"\")","v":""},{"$f":"+IFERROR(VLOOKUP($A1230,BD_INSUMOS2[],7,FALSE),\"\")","v":""},{"$f":"+IFERROR(VLOOKUP($A1230,BD_INSUMOS2[],8,FALSE),\"\")","v":""}]
[1220,{"$f":"+IFERROR(VLOOKUP($A1231,BD_INSUMOS2[],3,FALSE),\"\")","v":""},{"$f":"+IFERROR(VLOOKUP($A1231,BD_INSUMOS2[],5,FALSE),\"\")","v":""},{"$f":"+IFERROR(VLOOKUP($A1231,BD_INSUMOS2[],6,FALSE),\"\")","v":""},{"$f":"+IFERROR(VLOOKUP($A1231,BD_INSUMOS2[],7,FALSE),\"\")","v":""},{"$f":"+IFERROR(VLOOKUP($A1231,BD_INSUMOS2[],8,FALSE),\"\")","v":""}]
[1221,{"$f":"+IFERROR(VLOOKUP($A1232,BD_INSUMOS2[],3,FALSE),\"\")","v":""},{"$f":"+IFERROR(VLOOKUP($A1232,BD_INSUMOS2[],5,FALSE),\"\")","v":""},{"$f":"+IFERROR(VLOOKUP($A1232,BD_INSUMOS2[],6,FALSE),\"\")","v":""},{"$f":"+IFERROR(VLOOKUP($A1232,BD_INSUMOS2[],7,FALSE),\"\")","v":""},{"$f":"+IFERROR(VLOOKUP($A1232,BD_INSUMOS2[],8,FALSE),\"\")","v":""}]
[1222,{"$f":"+IFERROR(VLOOKUP($A1233,BD_INSUMOS2[],3,FALSE),\"\")","v":""},{"$f":"+IFERROR(VLOOKUP($A1233,BD_INSUMOS2[],5,FALSE),\"\")","v":""},{"$f":"+IFERROR(VLOOKUP($A1233,BD_INSUMOS2[],6,FALSE),\"\")","v":""},{"$f":"+IFERROR(VLOOKUP($A1233,BD_INSUMOS2[],7,FALSE),\"\")","v":""},{"$f":"+IFERROR(VLOOKUP($A1233,BD_INSUMOS2[],8,FALSE),\"\")","v":""}]
[1223,{"$f":"+IFERROR(VLOOKUP($A1234,BD_INSUMOS2[],3,FALSE),\"\")","v":""},{"$f":"+IFERROR(VLOOKUP($A1234,BD_INSUMOS2[],5,FALSE),\"\")","v":""},{"$f":"+IFERROR(VLOOKUP($A1234,BD_INSUMOS2[],6,FALSE),\"\")","v":""},{"$f":"+IFERROR(VLOOKUP($A1234,BD_INSUMOS2[],7,FALSE),\"\")","v":""},{"$f":"+IFERROR(VLOOKUP($A1234,BD_INSUMOS2[],8,FALSE),\"\")","v":""}]
[1224,{"$f":"+IFERROR(VLOOKUP($A1235,BD_INSUMOS2[],3,FALSE),\"\")","v":""},{"$f":"+IFERROR(VLOOKUP($A1235,BD_INSUMOS2[],5,FALSE),\"\")","v":""},{"$f":"+IFERROR(VLOOKUP($A1235,BD_INSUMOS2[],6,FALSE),\"\")","v":""},{"$f":"+IFERROR(VLOOKUP($A1235,BD_INSUMOS2[],7,FALSE),\"\")","v":""},{"$f":"+IFERROR(VLOOKUP($A1235,BD_INSUMOS2[],8,FALSE),\"\")","v":""}]
[1225,{"$f":"+IFERROR(VLOOKUP($A1236,BD_INSUMOS2[],3,FALSE),\"\")","v":""},{"$f":"+IFERROR(VLOOKUP($A1236,BD_INSUMOS2[],5,FALSE),\"\")","v":""},{"$f":"+IFERROR(VLOOKUP($A1236,BD_INSUMOS2[],6,FALSE),\"\")","v":""},{"$f":"+IFERROR(VLOOKUP($A1236,BD_INSUMOS2[],7,FALSE),\"\")","v":""},{"$f":"+IFERROR(VLOOKUP($A1236,BD_INSUMOS2[],8,FALSE),\"\")","v":""}]
[1226,{"$f":"+IFERROR(VLOOKUP($A1237,BD_INSUMOS2[],3,FALSE),\"\")","v":""},{"$f":"+IFERROR(VLOOKUP($A1237,BD_INSUMOS2[],5,FALSE),\"\")","v":""},{"$f":"+IFERROR(VLOOKUP($A1237,BD_INSUMOS2[],6,FALSE),\"\")","v":""},{"$f":"+IFERROR(VLOOKUP($A1237,BD_INSUMOS2[],7,FALSE),\"\")","v":""},{"$f":"+IFERROR(VLOOKUP($A1237,BD_INSUMOS2[],8,FALSE),\"\")","v":""}]
[1227,{"$f":"+IFERROR(VLOOKUP($A1238,BD_INSUMOS2[],3,FALSE),\"\")","v":""},{"$f":"+IFERROR(VLOOKUP($A1238,BD_INSUMOS2[],5,FALSE),\"\")","v":""},{"$f":"+IFERROR(VLOOKUP($A1238,BD_INSUMOS2[],6,FALSE),\"\")","v":""},{"$f":"+IFERROR(VLOOKUP($A1238,BD_INSUMOS2[],7,FALSE),\"\")","v":""},{"$f":"+IFERROR(VLOOKUP($A1238,BD_INSUMOS2[],8,FALSE),\"\")","v":""}]
[1228,{"$f":"+IFERROR(VLOOKUP($A1239,BD_INSUMOS2[],3,FALSE),\"\")","v":""},{"$f":"+IFERROR(VLOOKUP($A1239,BD_INSUMOS2[],5,FALSE),\"\")","v":""},{"$f":"+IFERROR(VLOOKUP($A1239,BD_INSUMOS2[],6,FALSE),\"\")","v":""},{"$f":"+IFERROR(VLOOKUP($A1239,BD_INSUMOS2[],7,FALSE),\"\")","v":""},{"$f":"+IFERROR(VLOOKUP($A1239,BD_INSUMOS2[],8,FALSE),\"\")","v":""}]
[1229,{"$f":"+IFERROR(VLOOKUP($A1240,BD_INSUMOS2[],3,FALSE),\"\")","v":""},{"$f":"+IFERROR(VLOOKUP($A1240,BD_INSUMOS2[],5,FALSE),\"\")","v":""},{"$f":"+IFERROR(VLOOKUP($A1240,BD_INSUMOS2[],6,FALSE),\"\")","v":""},{"$f":"+IFERROR(VLOOKUP($A1240,BD_INSUMOS2[],7,FALSE),\"\")","v":""},{"$f":"+IFERROR(VLOOKUP($A1240,BD_INSUMOS2[],8,FALSE),\"\")","v":""}]
[1230,{"$f":"+IFERROR(VLOOKUP($A1241,BD_INSUMOS2[],3,FALSE),\"\")","v":""},{"$f":"+IFERROR(VLOOKUP($A1241,BD_INSUMOS2[],5,FALSE),\"\")","v":""},{"$f":"+IFERROR(VLOOKUP($A1241,BD_INSUMOS2[],6,FALSE),\"\")","v":""},{"$f":"+IFERROR(VLOOKUP($A1241,BD_INSUMOS2[],7,FALSE),\"\")","v":""},{"$f":"+IFERROR(VLOOKUP($A1241,BD_INSUMOS2[],8,FALSE),\"\")","v":""}]
[1231,{"$f":"+IFERROR(VLOOKUP($A1242,BD_INSUMOS2[],3,FALSE),\"\")","v":""},{"$f":"+IFERROR(VLOOKUP($A1242,BD_INSUMOS2[],5,FALSE),\"\")","v":""},{"$f":"+IFERROR(VLOOKUP($A1242,BD_INSUMOS2[],6,FALSE),\"\")","v":""},{"$f":"+IFERROR(VLOOKUP($A1242,BD_INSUMOS2[],7,FALSE),\"\")","v":""},{"$f":"+IFERROR(VLOOKUP($A1242,BD_INSUMOS2[],8,FALSE),\"\")","v":""}]
[1232,{"$f":"+IFERROR(VLOOKUP($A1243,BD_INSUMOS2[],3,FALSE),\"\")","v":""},{"$f":"+IFERROR(VLOOKUP($A1243,BD_INSUMOS2[],5,FALSE),\"\")","v":""},{"$f":"+IFERROR(VLOOKUP($A1243,BD_INSUMOS2[],6,FALSE),\"\")","v":""},{"$f":"+IFERROR(VLOOKUP($A1243,BD_INSUMOS2[],7,FALSE),\"\")","v":""},{"$f":"+IFERROR(VLOOKUP($A1243,BD_INSUMOS2[],8,FALSE),\"\")","v":""}]
[1233,{"$f":"+IFERROR(VLOOKUP($A1244,BD_INSUMOS2[],3,FALSE),\"\")","v":""},{"$f":"+IFERROR(VLOOKUP($A1244,BD_INSUMOS2[],5,FALSE),\"\")","v":""},{"$f":"+IFERROR(VLOOKUP($A1244,BD_INSUMOS2[],6,FALSE),\"\")","v":""},{"$f":"+IFERROR(VLOOKUP($A1244,BD_INSUMOS2[],7,FALSE),\"\")","v":""},{"$f":"+IFERROR(VLOOKUP($A1244,BD_INSUMOS2[],8,FALSE),\"\")","v":""}]
[1234,{"$f":"+IFERROR(VLOOKUP($A1245,BD_INSUMOS2[],3,FALSE),\"\")","v":""},{"$f":"+IFERROR(VLOOKUP($A1245,BD_INSUMOS2[],5,FALSE),\"\")","v":""},{"$f":"+IFERROR(VLOOKUP($A1245,BD_INSUMOS2[],6,FALSE),\"\")","v":""},{"$f":"+IFERROR(VLOOKUP($A1245,BD_INSUMOS2[],7,FALSE),\"\")","v":""},{"$f":"+IFERROR(VLOOKUP($A1245,BD_INSUMOS2[],8,FALSE),\"\")","v":""}]
[1235,{"$f":"+IFERROR(VLOOKUP($A1246,BD_INSUMOS2[],3,FALSE),\"\")","v":""},{"$f":"+IFERROR(VLOOKUP($A1246,BD_INSUMOS2[],5,FALSE),\"\")","v":""},{"$f":"+IFERROR(VLOOKUP($A1246,BD_INSUMOS2[],6,FALSE),\"\")","v":""},{"$f":"+IFERROR(VLOOKUP($A1246,BD_INSUMOS2[],7,FALSE),\"\")","v":""},{"$f":"+IFERROR(VLOOKUP($A1246,BD_INSUMOS2[],8,FALSE),\"\")","v":""}]
[1236,{"$f":"+IFERROR(VLOOKUP($A1247,BD_INSUMOS2[],3,FALSE),\"\")","v":""},{"$f":"+IFERROR(VLOOKUP($A1247,BD_INSUMOS2[],5,FALSE),\"\")","v":""},{"$f":"+IFERROR(VLOOKUP($A1247,BD_INSUMOS2[],6,FALSE),\"\")","v":""},{"$f":"+IFERROR(VLOOKUP($A1247,BD_INSUMOS2[],7,FALSE),\"\")","v":""},{"$f":"+IFERROR(VLOOKUP($A1247,BD_INSUMOS2[],8,FALSE),\"\")","v":""}]
[1237,{"$f":"+IFERROR(VLOOKUP($A1248,BD_INSUMOS2[],3,FALSE),\"\")","v":""},{"$f":"+IFERROR(VLOOKUP($A1248,BD_INSUMOS2[],5,FALSE),\"\")","v":""},{"$f":"+IFERROR(VLOOKUP($A1248,BD_INSUMOS2[],6,FALSE),\"\")","v":""},{"$f":"+IFERROR(VLOOKUP($A1248,BD_INSUMOS2[],7,FALSE),\"\")","v":""},{"$f":"+IFERROR(VLOOKUP($A1248,BD_INSUMOS2[],8,FALSE),\"\")","v":""}]
[1238,{"$f":"+IFERROR(VLOOKUP($A1249,BD_INSUMOS2[],3,FALSE),\"\")","v":""},{"$f":"+IFERROR(VLOOKUP($A1249,BD_INSUMOS2[],5,FALSE),\"\")","v":""},{"$f":"+IFERROR(VLOOKUP($A1249,BD_INSUMOS2[],6,FALSE),\"\")","v":""},{"$f":"+IFERROR(VLOOKUP($A1249,BD_INSUMOS2[],7,FALSE),\"\")","v":""},{"$f":"+IFERROR(VLOOKUP($A1249,BD_INSUMOS2[],8,FALSE),\"\")","v":""}]
[1239,{"$f":"+IFERROR(VLOOKUP($A1250,BD_INSUMOS2[],3,FALSE),\"\")","v":""},{"$f":"+IFERROR(VLOOKUP($A1250,BD_INSUMOS2[],5,FALSE),\"\")","v":""},{"$f":"+IFERROR(VLOOKUP($A1250,BD_INSUMOS2[],6,FALSE),\"\")","v":""},{"$f":"+IFERROR(VLOOKUP($A1250,BD_INSUMOS2[],7,FALSE),\"\")","v":""},{"$f":"+IFERROR(VLOOKUP($A1250,BD_INSUMOS2[],8,FALSE),\"\")","v":""}]
[1240,{"$f":"+IFERROR(VLOOKUP($A1251,BD_INSUMOS2[],3,FALSE),\"\")","v":""},{"$f":"+IFERROR(VLOOKUP($A1251,BD_INSUMOS2[],5,FALSE),\"\")","v":""},{"$f":"+IFERROR(VLOOKUP($A1251,BD_INSUMOS2[],6,FALSE),\"\")","v":""},{"$f":"+IFERROR(VLOOKUP($A1251,BD_INSUMOS2[],7,FALSE),\"\")","v":""},{"$f":"+IFERROR(VLOOKUP($A1251,BD_INSUMOS2[],8,FALSE),\"\")","v":""}]
[1241,{"$f":"+IFERROR(VLOOKUP($A1252,BD_INSUMOS2[],3,FALSE),\"\")","v":""},{"$f":"+IFERROR(VLOOKUP($A1252,BD_INSUMOS2[],5,FALSE),\"\")","v":""},{"$f":"+IFERROR(VLOOKUP($A1252,BD_INSUMOS2[],6,FALSE),\"\")","v":""},{"$f":"+IFERROR(VLOOKUP($A1252,BD_INSUMOS2[],7,FALSE),\"\")","v":""},{"$f":"+IFERROR(VLOOKUP($A1252,BD_INSUMOS2[],8,FALSE),\"\")","v":""}]
[1242,{"$f":"+IFERROR(VLOOKUP($A1253,BD_INSUMOS2[],3,FALSE),\"\")","v":""},{"$f":"+IFERROR(VLOOKUP($A1253,BD_INSUMOS2[],5,FALSE),\"\")","v":""},{"$f":"+IFERROR(VLOOKUP($A1253,BD_INSUMOS2[],6,FALSE),\"\")","v":""},{"$f":"+IFERROR(VLOOKUP($A1253,BD_INSUMOS2[],7,FALSE),\"\")","v":""},{"$f":"+IFERROR(VLOOKUP($A1253,BD_INSUMOS2[],8,FALSE),\"\")","v":""}]
[1243,{"$f":"+IFERROR(VLOOKUP($A1254,BD_INSUMOS2[],3,FALSE),\"\")","v":""},{"$f":"+IFERROR(VLOOKUP($A1254,BD_INSUMOS2[],5,FALSE),\"\")","v":""},{"$f":"+IFERROR(VLOOKUP($A1254,BD_INSUMOS2[],6,FALSE),\"\")","v":""},{"$f":"+IFERROR(VLOOKUP($A1254,BD_INSUMOS2[],7,FALSE),\"\")","v":""},{"$f":"+IFERROR(VLOOKUP($A1254,BD_INSUMOS2[],8,FALSE),\"\")","v":""}]
[1244,{"$f":"+IFERROR(VLOOKUP($A1255,BD_INSUMOS2[],3,FALSE),\"\")","v":""},{"$f":"+IFERROR(VLOOKUP($A1255,BD_INSUMOS2[],5,FALSE),\"\")","v":""},{"$f":"+IFERROR(VLOOKUP($A1255,BD_INSUMOS2[],6,FALSE),\"\")","v":""},{"$f":"+IFERROR(VLOOKUP($A1255,BD_INSUMOS2[],7,FALSE),\"\")","v":""},{"$f":"+IFERROR(VLOOKUP($A1255,BD_INSUMOS2[],8,FALSE),\"\")","v":""}]
[1245,{"$f":"+IFERROR(VLOOKUP($A1256,BD_INSUMOS2[],3,FALSE),\"\")","v":""},{"$f":"+IFERROR(VLOOKUP($A1256,BD_INSUMOS2[],5,FALSE),\"\")","v":""},{"$f":"+IFERROR(VLOOKUP($A1256,BD_INSUMOS2[],6,FALSE),\"\")","v":""},{"$f":"+IFERROR(VLOOKUP($A1256,BD_INSUMOS2[],7,FALSE),\"\")","v":""},{"$f":"+IFERROR(VLOOKUP($A1256,BD_INSUMOS2[],8,FALSE),\"\")","v":""}]
[1246,{"$f":"+IFERROR(VLOOKUP($A1257,BD_INSUMOS2[],3,FALSE),\"\")","v":""},{"$f":"+IFERROR(VLOOKUP($A1257,BD_INSUMOS2[],5,FALSE),\"\")","v":""},{"$f":"+IFERROR(VLOOKUP($A1257,BD_INSUMOS2[],6,FALSE),\"\")","v":""},{"$f":"+IFERROR(VLOOKUP($A1257,BD_INSUMOS2[],7,FALSE),\"\")","v":""},{"$f":"+IFERROR(VLOOKUP($A1257,BD_INSUMOS2[],8,FALSE),\"\")","v":""}]
[1247,{"$f":"+IFERROR(VLOOKUP($A1258,BD_INSUMOS2[],3,FALSE),\"\")","v":""},{"$f":"+IFERROR(VLOOKUP($A1258,BD_INSUMOS2[],5,FALSE),\"\")","v":""},{"$f":"+IFERROR(VLOOKUP($A1258,BD_INSUMOS2[],6,FALSE),\"\")","v":""},{"$f":"+IFERROR(VLOOKUP($A1258,BD_INSUMOS2[],7,FALSE),\"\")","v":""},{"$f":"+IFERROR(VLOOKUP($A1258,BD_INSUMOS2[],8,FALSE),\"\")","v":""}]
[1248,{"$f":"+IFERROR(VLOOKUP($A1259,BD_INSUMOS2[],3,FALSE),\"\")","v":""},{"$f":"+IFERROR(VLOOKUP($A1259,BD_INSUMOS2[],5,FALSE),\"\")","v":""},{"$f":"+IFERROR(VLOOKUP($A1259,BD_INSUMOS2[],6,FALSE),\"\")","v":""},{"$f":"+IFERROR(VLOOKUP($A1259,BD_INSUMOS2[],7,FALSE),\"\")","v":""},{"$f":"+IFERROR(VLOOKUP($A1259,BD_INSUMOS2[],8,FALSE),\"\")","v":""}]
[1249,{"$f":"+IFERROR(VLOOKUP($A1260,BD_INSUMOS2[],3,FALSE),\"\")","v":""},{"$f":"+IFERROR(VLOOKUP($A1260,BD_INSUMOS2[],5,FALSE),\"\")","v":""},{"$f":"+IFERROR(VLOOKUP($A1260,BD_INSUMOS2[],6,FALSE),\"\")","v":""},{"$f":"+IFERROR(VLOOKUP($A1260,BD_INSUMOS2[],7,FALSE),\"\")","v":""},{"$f":"+IFERROR(VLOOKUP($A1260,BD_INSUMOS2[],8,FALSE),\"\")","v":""}]
[1250,{"$f":"+IFERROR(VLOOKUP($A1261,BD_INSUMOS2[],3,FALSE),\"\")","v":""},{"$f":"+IFERROR(VLOOKUP($A1261,BD_INSUMOS2[],5,FALSE),\"\")","v":""},{"$f":"+IFERROR(VLOOKUP($A1261,BD_INSUMOS2[],6,FALSE),\"\")","v":""},{"$f":"+IFERROR(VLOOKUP($A1261,BD_INSUMOS2[],7,FALSE),\"\")","v":""},{"$f":"+IFERROR(VLOOKUP($A1261,BD_INSUMOS2[],8,FALSE),\"\")","v":""}]
[1251,{"$f":"+IFERROR(VLOOKUP($A1262,BD_INSUMOS2[],3,FALSE),\"\")","v":""},{"$f":"+IFERROR(VLOOKUP($A1262,BD_INSUMOS2[],5,FALSE),\"\")","v":""},{"$f":"+IFERROR(VLOOKUP($A1262,BD_INSUMOS2[],6,FALSE),\"\")","v":""},{"$f":"+IFERROR(VLOOKUP($A1262,BD_INSUMOS2[],7,FALSE),\"\")","v":""},{"$f":"+IFERROR(VLOOKUP($A1262,BD_INSUMOS2[],8,FALSE),\"\")","v":""}]
[1252,{"$f":"+IFERROR(VLOOKUP($A1263,BD_INSUMOS2[],3,FALSE),\"\")","v":""},{"$f":"+IFERROR(VLOOKUP($A1263,BD_INSUMOS2[],5,FALSE),\"\")","v":""},{"$f":"+IFERROR(VLOOKUP($A1263,BD_INSUMOS2[],6,FALSE),\"\")","v":""},{"$f":"+IFERROR(VLOOKUP($A1263,BD_INSUMOS2[],7,FALSE),\"\")","v":""},{"$f":"+IFERROR(VLOOKUP($A1263,BD_INSUMOS2[],8,FALSE),\"\")","v":""}]
[1253,{"$f":"+IFERROR(VLOOKUP($A1264,BD_INSUMOS2[],3,FALSE),\"\")","v":""},{"$f":"+IFERROR(VLOOKUP($A1264,BD_INSUMOS2[],5,FALSE),\"\")","v":""},{"$f":"+IFERROR(VLOOKUP($A1264,BD_INSUMOS2[],6,FALSE),\"\")","v":""},{"$f":"+IFERROR(VLOOKUP($A1264,BD_INSUMOS2[],7,FALSE),\"\")","v":""},{"$f":"+IFERROR(VLOOKUP($A1264,BD_INSUMOS2[],8,FALSE),\"\")","v":""}]
[1254,{"$f":"+IFERROR(VLOOKUP($A1265,BD_INSUMOS2[],3,FALSE),\"\")","v":""},{"$f":"+IFERROR(VLOOKUP($A1265,BD_INSUMOS2[],5,FALSE),\"\")","v":""},{"$f":"+IFERROR(VLOOKUP($A1265,BD_INSUMOS2[],6,FALSE),\"\")","v":""},{"$f":"+IFERROR(VLOOKUP($A1265,BD_INSUMOS2[],7,FALSE),\"\")","v":""},{"$f":"+IFERROR(VLOOKUP($A1265,BD_INSUMOS2[],8,FALSE),\"\")","v":""}]
[1255,{"$f":"+IFERROR(VLOOKUP($A1266,BD_INSUMOS2[],3,FALSE),\"\")","v":""},{"$f":"+IFERROR(VLOOKUP($A1266,BD_INSUMOS2[],5,FALSE),\"\")","v":""},{"$f":"+IFERROR(VLOOKUP($A1266,BD_INSUMOS2[],6,FALSE),\"\")","v":""},{"$f":"+IFERROR(VLOOKUP($A1266,BD_INSUMOS2[],7,FALSE),\"\")","v":""},{"$f":"+IFERROR(VLOOKUP($A1266,BD_INSUMOS2[],8,FALSE),\"\")","v":""}]
[1256,{"$f":"+IFERROR(VLOOKUP($A1267,BD_INSUMOS2[],3,FALSE),\"\")","v":""},{"$f":"+IFERROR(VLOOKUP($A1267,BD_INSUMOS2[],5,FALSE),\"\")","v":""},{"$f":"+IFERROR(VLOOKUP($A1267,BD_INSUMOS2[],6,FALSE),\"\")","v":""},{"$f":"+IFERROR(VLOOKUP($A1267,BD_INSUMOS2[],7,FALSE),\"\")","v":""},{"$f":"+IFERROR(VLOOKUP($A1267,BD_INSUMOS2[],8,FALSE),\"\")","v":""}]
[1257,{"$f":"+IFERROR(VLOOKUP($A1268,BD_INSUMOS2[],3,FALSE),\"\")","v":""},{"$f":"+IFERROR(VLOOKUP($A1268,BD_INSUMOS2[],5,FALSE),\"\")","v":""},{"$f":"+IFERROR(VLOOKUP($A1268,BD_INSUMOS2[],6,FALSE),\"\")","v":""},{"$f":"+IFERROR(VLOOKUP($A1268,BD_INSUMOS2[],7,FALSE),\"\")","v":""},{"$f":"+IFERROR(VLOOKUP($A1268,BD_INSUMOS2[],8,FALSE),\"\")","v":""}]
[1258,{"$f":"+IFERROR(VLOOKUP($A1269,BD_INSUMOS2[],3,FALSE),\"\")","v":""},{"$f":"+IFERROR(VLOOKUP($A1269,BD_INSUMOS2[],5,FALSE),\"\")","v":""},{"$f":"+IFERROR(VLOOKUP($A1269,BD_INSUMOS2[],6,FALSE),\"\")","v":""},{"$f":"+IFERROR(VLOOKUP($A1269,BD_INSUMOS2[],7,FALSE),\"\")","v":""},{"$f":"+IFERROR(VLOOKUP($A1269,BD_INSUMOS2[],8,FALSE),\"\")","v":""}]
[1259,{"$f":"+IFERROR(VLOOKUP($A1270,BD_INSUMOS2[],3,FALSE),\"\")","v":""},{"$f":"+IFERROR(VLOOKUP($A1270,BD_INSUMOS2[],5,FALSE),\"\")","v":""},{"$f":"+IFERROR(VLOOKUP($A1270,BD_INSUMOS2[],6,FALSE),\"\")","v":""},{"$f":"+IFERROR(VLOOKUP($A1270,BD_INSUMOS2[],7,FALSE),\"\")","v":""},{"$f":"+IFERROR(VLOOKUP($A1270,BD_INSUMOS2[],8,FALSE),\"\")","v":""}]
[1260,{"$f":"+IFERROR(VLOOKUP($A1271,BD_INSUMOS2[],3,FALSE),\"\")","v":""},{"$f":"+IFERROR(VLOOKUP($A1271,BD_INSUMOS2[],5,FALSE),\"\")","v":""},{"$f":"+IFERROR(VLOOKUP($A1271,BD_INSUMOS2[],6,FALSE),\"\")","v":""},{"$f":"+IFERROR(VLOOKUP($A1271,BD_INSUMOS2[],7,FALSE),\"\")","v":""},{"$f":"+IFERROR(VLOOKUP($A1271,BD_INSUMOS2[],8,FALSE),\"\")","v":""}]
[1261,{"$f":"+IFERROR(VLOOKUP($A1272,BD_INSUMOS2[],3,FALSE),\"\")","v":""},{"$f":"+IFERROR(VLOOKUP($A1272,BD_INSUMOS2[],5,FALSE),\"\")","v":""},{"$f":"+IFERROR(VLOOKUP($A1272,BD_INSUMOS2[],6,FALSE),\"\")","v":""},{"$f":"+IFERROR(VLOOKUP($A1272,BD_INSUMOS2[],7,FALSE),\"\")","v":""},{"$f":"+IFERROR(VLOOKUP($A1272,BD_INSUMOS2[],8,FALSE),\"\")","v":""}]
[1262,{"$f":"+IFERROR(VLOOKUP($A1273,BD_INSUMOS2[],3,FALSE),\"\")","v":""},{"$f":"+IFERROR(VLOOKUP($A1273,BD_INSUMOS2[],5,FALSE),\"\")","v":""},{"$f":"+IFERROR(VLOOKUP($A1273,BD_INSUMOS2[],6,FALSE),\"\")","v":""},{"$f":"+IFERROR(VLOOKUP($A1273,BD_INSUMOS2[],7,FALSE),\"\")","v":""},{"$f":"+IFERROR(VLOOKUP($A1273,BD_INSUMOS2[],8,FALSE),\"\")","v":""}]
[1263,{"$f":"+IFERROR(VLOOKUP($A1274,BD_INSUMOS2[],3,FALSE),\"\")","v":""},{"$f":"+IFERROR(VLOOKUP($A1274,BD_INSUMOS2[],5,FALSE),\"\")","v":""},{"$f":"+IFERROR(VLOOKUP($A1274,BD_INSUMOS2[],6,FALSE),\"\")","v":""},{"$f":"+IFERROR(VLOOKUP($A1274,BD_INSUMOS2[],7,FALSE),\"\")","v":""},{"$f":"+IFERROR(VLOOKUP($A1274,BD_INSUMOS2[],8,FALSE),\"\")","v":""}]
[1264,{"$f":"+IFERROR(VLOOKUP($A1275,BD_INSUMOS2[],3,FALSE),\"\")","v":""},{"$f":"+IFERROR(VLOOKUP($A1275,BD_INSUMOS2[],5,FALSE),\"\")","v":""},{"$f":"+IFERROR(VLOOKUP($A1275,BD_INSUMOS2[],6,FALSE),\"\")","v":""},{"$f":"+IFERROR(VLOOKUP($A1275,BD_INSUMOS2[],7,FALSE),\"\")","v":""},{"$f":"+IFERROR(VLOOKUP($A1275,BD_INSUMOS2[],8,FALSE),\"\")","v":""}]
[1265,{"$f":"+IFERROR(VLOOKUP($A1276,BD_INSUMOS2[],3,FALSE),\"\")","v":""},{"$f":"+IFERROR(VLOOKUP($A1276,BD_INSUMOS2[],5,FALSE),\"\")","v":""},{"$f":"+IFERROR(VLOOKUP($A1276,BD_INSUMOS2[],6,FALSE),\"\")","v":""},{"$f":"+IFERROR(VLOOKUP($A1276,BD_INSUMOS2[],7,FALSE),\"\")","v":""},{"$f":"+IFERROR(VLOOKUP($A1276,BD_INSUMOS2[],8,FALSE),\"\")","v":""}]
[1266,{"$f":"+IFERROR(VLOOKUP($A1277,BD_INSUMOS2[],3,FALSE),\"\")","v":""},{"$f":"+IFERROR(VLOOKUP($A1277,BD_INSUMOS2[],5,FALSE),\"\")","v":""},{"$f":"+IFERROR(VLOOKUP($A1277,BD_INSUMOS2[],6,FALSE),\"\")","v":""},{"$f":"+IFERROR(VLOOKUP($A1277,BD_INSUMOS2[],7,FALSE),\"\")","v":""},{"$f":"+IFERROR(VLOOKUP($A1277,BD_INSUMOS2[],8,FALSE),\"\")","v":""}]
[1267,{"$f":"+IFERROR(VLOOKUP($A1278,BD_INSUMOS2[],3,FALSE),\"\")","v":""},{"$f":"+IFERROR(VLOOKUP($A1278,BD_INSUMOS2[],5,FALSE),\"\")","v":""},{"$f":"+IFERROR(VLOOKUP($A1278,BD_INSUMOS2[],6,FALSE),\"\")","v":""},{"$f":"+IFERROR(VLOOKUP($A1278,BD_INSUMOS2[],7,FALSE),\"\")","v":""},{"$f":"+IFERROR(VLOOKUP($A1278,BD_INSUMOS2[],8,FALSE),\"\")","v":""}]
[1268,{"$f":"+IFERROR(VLOOKUP($A1279,BD_INSUMOS2[],3,FALSE),\"\")","v":""},{"$f":"+IFERROR(VLOOKUP($A1279,BD_INSUMOS2[],5,FALSE),\"\")","v":""},{"$f":"+IFERROR(VLOOKUP($A1279,BD_INSUMOS2[],6,FALSE),\"\")","v":""},{"$f":"+IFERROR(VLOOKUP($A1279,BD_INSUMOS2[],7,FALSE),\"\")","v":""},{"$f":"+IFERROR(VLOOKUP($A1279,BD_INSUMOS2[],8,FALSE),\"\")","v":""}]
[1269,{"$f":"+IFERROR(VLOOKUP($A1280,BD_INSUMOS2[],3,FALSE),\"\")","v":""},{"$f":"+IFERROR(VLOOKUP($A1280,BD_INSUMOS2[],5,FALSE),\"\")","v":""},{"$f":"+IFERROR(VLOOKUP($A1280,BD_INSUMOS2[],6,FALSE),\"\")","v":""},{"$f":"+IFERROR(VLOOKUP($A1280,BD_INSUMOS2[],7,FALSE),\"\")","v":""},{"$f":"+IFERROR(VLOOKUP($A1280,BD_INSUMOS2[],8,FALSE),\"\")","v":""}]
[1270,{"$f":"+IFERROR(VLOOKUP($A1281,BD_INSUMOS2[],3,FALSE),\"\")","v":""},{"$f":"+IFERROR(VLOOKUP($A1281,BD_INSUMOS2[],5,FALSE),\"\")","v":""},{"$f":"+IFERROR(VLOOKUP($A1281,BD_INSUMOS2[],6,FALSE),\"\")","v":""},{"$f":"+IFERROR(VLOOKUP($A1281,BD_INSUMOS2[],7,FALSE),\"\")","v":""},{"$f":"+IFERROR(VLOOKUP($A1281,BD_INSUMOS2[],8,FALSE),\"\")","v":""}]
[1271,{"$f":"+IFERROR(VLOOKUP($A1282,BD_INSUMOS2[],3,FALSE),\"\")","v":""},{"$f":"+IFERROR(VLOOKUP($A1282,BD_INSUMOS2[],5,FALSE),\"\")","v":""},{"$f":"+IFERROR(VLOOKUP($A1282,BD_INSUMOS2[],6,FALSE),\"\")","v":""},{"$f":"+IFERROR(VLOOKUP($A1282,BD_INSUMOS2[],7,FALSE),\"\")","v":""},{"$f":"+IFERROR(VLOOKUP($A1282,BD_INSUMOS2[],8,FALSE),\"\")","v":""}]
[1272,{"$f":"+IFERROR(VLOOKUP($A1283,BD_INSUMOS2[],3,FALSE),\"\")","v":""},{"$f":"+IFERROR(VLOOKUP($A1283,BD_INSUMOS2[],5,FALSE),\"\")","v":""},{"$f":"+IFERROR(VLOOKUP($A1283,BD_INSUMOS2[],6,FALSE),\"\")","v":""},{"$f":"+IFERROR(VLOOKUP($A1283,BD_INSUMOS2[],7,FALSE),\"\")","v":""},{"$f":"+IFERROR(VLOOKUP($A1283,BD_INSUMOS2[],8,FALSE),\"\")","v":""}]
[1273,{"$f":"+IFERROR(VLOOKUP($A1284,BD_INSUMOS2[],3,FALSE),\"\")","v":""},{"$f":"+IFERROR(VLOOKUP($A1284,BD_INSUMOS2[],5,FALSE),\"\")","v":""},{"$f":"+IFERROR(VLOOKUP($A1284,BD_INSUMOS2[],6,FALSE),\"\")","v":""},{"$f":"+IFERROR(VLOOKUP($A1284,BD_INSUMOS2[],7,FALSE),\"\")","v":""},{"$f":"+IFERROR(VLOOKUP($A1284,BD_INSUMOS2[],8,FALSE),\"\")","v":""}]
[1274,{"$f":"+IFERROR(VLOOKUP($A1285,BD_INSUMOS2[],3,FALSE),\"\")","v":""},{"$f":"+IFERROR(VLOOKUP($A1285,BD_INSUMOS2[],5,FALSE),\"\")","v":""},{"$f":"+IFERROR(VLOOKUP($A1285,BD_INSUMOS2[],6,FALSE),\"\")","v":""},{"$f":"+IFERROR(VLOOKUP($A1285,BD_INSUMOS2[],7,FALSE),\"\")","v":""},{"$f":"+IFERROR(VLOOKUP($A1285,BD_INSUMOS2[],8,FALSE),\"\")","v":""}]
[1275,{"$f":"+IFERROR(VLOOKUP($A1286,BD_INSUMOS2[],3,FALSE),\"\")","v":""},{"$f":"+IFERROR(VLOOKUP($A1286,BD_INSUMOS2[],5,FALSE),\"\")","v":""},{"$f":"+IFERROR(VLOOKUP($A1286,BD_INSUMOS2[],6,FALSE),\"\")","v":""},{"$f":"+IFERROR(VLOOKUP($A1286,BD_INSUMOS2[],7,FALSE),\"\")","v":""},{"$f":"+IFERROR(VLOOKUP($A1286,BD_INSUMOS2[],8,FALSE),\"\")","v":""}]
[1276,{"$f":"+IFERROR(VLOOKUP($A1287,BD_INSUMOS2[],3,FALSE),\"\")","v":""},{"$f":"+IFERROR(VLOOKUP($A1287,BD_INSUMOS2[],5,FALSE),\"\")","v":""},{"$f":"+IFERROR(VLOOKUP($A1287,BD_INSUMOS2[],6,FALSE),\"\")","v":""},{"$f":"+IFERROR(VLOOKUP($A1287,BD_INSUMOS2[],7,FALSE),\"\")","v":""},{"$f":"+IFERROR(VLOOKUP($A1287,BD_INSUMOS2[],8,FALSE),\"\")","v":""}]
[1277,{"$f":"+IFERROR(VLOOKUP($A1288,BD_INSUMOS2[],3,FALSE),\"\")","v":""},{"$f":"+IFERROR(VLOOKUP($A1288,BD_INSUMOS2[],5,FALSE),\"\")","v":""},{"$f":"+IFERROR(VLOOKUP($A1288,BD_INSUMOS2[],6,FALSE),\"\")","v":""},{"$f":"+IFERROR(VLOOKUP($A1288,BD_INSUMOS2[],7,FALSE),\"\")","v":""},{"$f":"+IFERROR(VLOOKUP($A1288,BD_INSUMOS2[],8,FALSE),\"\")","v":""}]
[1278,{"$f":"+IFERROR(VLOOKUP($A1289,BD_INSUMOS2[],3,FALSE),\"\")","v":""},{"$f":"+IFERROR(VLOOKUP($A1289,BD_INSUMOS2[],5,FALSE),\"\")","v":""},{"$f":"+IFERROR(VLOOKUP($A1289,BD_INSUMOS2[],6,FALSE),\"\")","v":""},{"$f":"+IFERROR(VLOOKUP($A1289,BD_INSUMOS2[],7,FALSE),\"\")","v":""},{"$f":"+IFERROR(VLOOKUP($A1289,BD_INSUMOS2[],8,FALSE),\"\")","v":""}]
[1279,{"$f":"+IFERROR(VLOOKUP($A1290,BD_INSUMOS2[],3,FALSE),\"\")","v":""},{"$f":"+IFERROR(VLOOKUP($A1290,BD_INSUMOS2[],5,FALSE),\"\")","v":""},{"$f":"+IFERROR(VLOOKUP($A1290,BD_INSUMOS2[],6,FALSE),\"\")","v":""},{"$f":"+IFERROR(VLOOKUP($A1290,BD_INSUMOS2[],7,FALSE),\"\")","v":""},{"$f":"+IFERROR(VLOOKUP($A1290,BD_INSUMOS2[],8,FALSE),\"\")","v":""}]
[1280,{"$f":"+IFERROR(VLOOKUP($A1291,BD_INSUMOS2[],3,FALSE),\"\")","v":""},{"$f":"+IFERROR(VLOOKUP($A1291,BD_INSUMOS2[],5,FALSE),\"\")","v":""},{"$f":"+IFERROR(VLOOKUP($A1291,BD_INSUMOS2[],6,FALSE),\"\")","v":""},{"$f":"+IFERROR(VLOOKUP($A1291,BD_INSUMOS2[],7,FALSE),\"\")","v":""},{"$f":"+IFERROR(VLOOKUP($A1291,BD_INSUMOS2[],8,FALSE),\"\")","v":""}]
[1281,{"$f":"+IFERROR(VLOOKUP($A1292,BD_INSUMOS2[],3,FALSE),\"\")","v":""},{"$f":"+IFERROR(VLOOKUP($A1292,BD_INSUMOS2[],5,FALSE),\"\")","v":""},{"$f":"+IFERROR(VLOOKUP($A1292,BD_INSUMOS2[],6,FALSE),\"\")","v":""},{"$f":"+IFERROR(VLOOKUP($A1292,BD_INSUMOS2[],7,FALSE),\"\")","v":""},{"$f":"+IFERROR(VLOOKUP($A1292,BD_INSUMOS2[],8,FALSE),\"\")","v":""}]
[1282,{"$f":"+IFERROR(VLOOKUP($A1293,BD_INSUMOS2[],3,FALSE),\"\")","v":""},{"$f":"+IFERROR(VLOOKUP($A1293,BD_INSUMOS2[],5,FALSE),\"\")","v":""},{"$f":"+IFERROR(VLOOKUP($A1293,BD_INSUMOS2[],6,FALSE),\"\")","v":""},{"$f":"+IFERROR(VLOOKUP($A1293,BD_INSUMOS2[],7,FALSE),\"\")","v":""},{"$f":"+IFERROR(VLOOKUP($A1293,BD_INSUMOS2[],8,FALSE),\"\")","v":""}]
[1283,{"$f":"+IFERROR(VLOOKUP($A1294,BD_INSUMOS2[],3,FALSE),\"\")","v":""},{"$f":"+IFERROR(VLOOKUP($A1294,BD_INSUMOS2[],5,FALSE),\"\")","v":""},{"$f":"+IFERROR(VLOOKUP($A1294,BD_INSUMOS2[],6,FALSE),\"\")","v":""},{"$f":"+IFERROR(VLOOKUP($A1294,BD_INSUMOS2[],7,FALSE),\"\")","v":""},{"$f":"+IFERROR(VLOOKUP($A1294,BD_INSUMOS2[],8,FALSE),\"\")","v":""}]
[1284,{"$f":"+IFERROR(VLOOKUP($A1295,BD_INSUMOS2[],3,FALSE),\"\")","v":""},{"$f":"+IFERROR(VLOOKUP($A1295,BD_INSUMOS2[],5,FALSE),\"\")","v":""},{"$f":"+IFERROR(VLOOKUP($A1295,BD_INSUMOS2[],6,FALSE),\"\")","v":""},{"$f":"+IFERROR(VLOOKUP($A1295,BD_INSUMOS2[],7,FALSE),\"\")","v":""},{"$f":"+IFERROR(VLOOKUP($A1295,BD_INSUMOS2[],8,FALSE),\"\")","v":""}]
[1285,{"$f":"+IFERROR(VLOOKUP($A1296,BD_INSUMOS2[],3,FALSE),\"\")","v":""},{"$f":"+IFERROR(VLOOKUP($A1296,BD_INSUMOS2[],5,FALSE),\"\")","v":""},{"$f":"+IFERROR(VLOOKUP($A1296,BD_INSUMOS2[],6,FALSE),\"\")","v":""},{"$f":"+IFERROR(VLOOKUP($A1296,BD_INSUMOS2[],7,FALSE),\"\")","v":""},{"$f":"+IFERROR(VLOOKUP($A1296,BD_INSUMOS2[],8,FALSE),\"\")","v":""}]
[1286,{"$f":"+IFERROR(VLOOKUP($A1297,BD_INSUMOS2[],3,FALSE),\"\")","v":""},{"$f":"+IFERROR(VLOOKUP($A1297,BD_INSUMOS2[],5,FALSE),\"\")","v":""},{"$f":"+IFERROR(VLOOKUP($A1297,BD_INSUMOS2[],6,FALSE),\"\")","v":""},{"$f":"+IFERROR(VLOOKUP($A1297,BD_INSUMOS2[],7,FALSE),\"\")","v":""},{"$f":"+IFERROR(VLOOKUP($A1297,BD_INSUMOS2[],8,FALSE),\"\")","v":""}]
[1287,{"$f":"+IFERROR(VLOOKUP($A1298,BD_INSUMOS2[],3,FALSE),\"\")","v":""},{"$f":"+IFERROR(VLOOKUP($A1298,BD_INSUMOS2[],5,FALSE),\"\")","v":""},{"$f":"+IFERROR(VLOOKUP($A1298,BD_INSUMOS2[],6,FALSE),\"\")","v":""},{"$f":"+IFERROR(VLOOKUP($A1298,BD_INSUMOS2[],7,FALSE),\"\")","v":""},{"$f":"+IFERROR(VLOOKUP($A1298,BD_INSUMOS2[],8,FALSE),\"\")","v":""}]
[1288,{"$f":"+IFERROR(VLOOKUP($A1299,BD_INSUMOS2[],3,FALSE),\"\")","v":""},{"$f":"+IFERROR(VLOOKUP($A1299,BD_INSUMOS2[],5,FALSE),\"\")","v":""},{"$f":"+IFERROR(VLOOKUP($A1299,BD_INSUMOS2[],6,FALSE),\"\")","v":""},{"$f":"+IFERROR(VLOOKUP($A1299,BD_INSUMOS2[],7,FALSE),\"\")","v":""},{"$f":"+IFERROR(VLOOKUP($A1299,BD_INSUMOS2[],8,FALSE),\"\")","v":""}]
[1289,{"$f":"+IFERROR(VLOOKUP($A1300,BD_INSUMOS2[],3,FALSE),\"\")","v":""},{"$f":"+IFERROR(VLOOKUP($A1300,BD_INSUMOS2[],5,FALSE),\"\")","v":""},{"$f":"+IFERROR(VLOOKUP($A1300,BD_INSUMOS2[],6,FALSE),\"\")","v":""},{"$f":"+IFERROR(VLOOKUP($A1300,BD_INSUMOS2[],7,FALSE),\"\")","v":""},{"$f":"+IFERROR(VLOOKUP($A1300,BD_INSUMOS2[],8,FALSE),\"\")","v":""}]
[1290,{"$f":"+IFERROR(VLOOKUP($A1301,BD_INSUMOS2[],3,FALSE),\"\")","v":""},{"$f":"+IFERROR(VLOOKUP($A1301,BD_INSUMOS2[],5,FALSE),\"\")","v":""},{"$f":"+IFERROR(VLOOKUP($A1301,BD_INSUMOS2[],6,FALSE),\"\")","v":""},{"$f":"+IFERROR(VLOOKUP($A1301,BD_INSUMOS2[],7,FALSE),\"\")","v":""},{"$f":"+IFERROR(VLOOKUP($A1301,BD_INSUMOS2[],8,FALSE),\"\")","v":""}]
[1291,{"$f":"+IFERROR(VLOOKUP($A1302,BD_INSUMOS2[],3,FALSE),\"\")","v":""},{"$f":"+IFERROR(VLOOKUP($A1302,BD_INSUMOS2[],5,FALSE),\"\")","v":""},{"$f":"+IFERROR(VLOOKUP($A1302,BD_INSUMOS2[],6,FALSE),\"\")","v":""},{"$f":"+IFERROR(VLOOKUP($A1302,BD_INSUMOS2[],7,FALSE),\"\")","v":""},{"$f":"+IFERROR(VLOOKUP($A1302,BD_INSUMOS2[],8,FALSE),\"\")","v":""}]
[1292,{"$f":"+IFERROR(VLOOKUP($A1303,BD_INSUMOS2[],3,FALSE),\"\")","v":""},{"$f":"+IFERROR(VLOOKUP($A1303,BD_INSUMOS2[],5,FALSE),\"\")","v":""},{"$f":"+IFERROR(VLOOKUP($A1303,BD_INSUMOS2[],6,FALSE),\"\")","v":""},{"$f":"+IFERROR(VLOOKUP($A1303,BD_INSUMOS2[],7,FALSE),\"\")","v":""},{"$f":"+IFERROR(VLOOKUP($A1303,BD_INSUMOS2[],8,FALSE),\"\")","v":""}]
[1293,{"$f":"+IFERROR(VLOOKUP($A1304,BD_INSUMOS2[],3,FALSE),\"\")","v":""},{"$f":"+IFERROR(VLOOKUP($A1304,BD_INSUMOS2[],5,FALSE),\"\")","v":""},{"$f":"+IFERROR(VLOOKUP($A1304,BD_INSUMOS2[],6,FALSE),\"\")","v":""},{"$f":"+IFERROR(VLOOKUP($A1304,BD_INSUMOS2[],7,FALSE),\"\")","v":""},{"$f":"+IFERROR(VLOOKUP($A1304,BD_INSUMOS2[],8,FALSE),\"\")","v":""}]
[1294,{"$f":"+IFERROR(VLOOKUP($A1305,BD_INSUMOS2[],3,FALSE),\"\")","v":""},{"$f":"+IFERROR(VLOOKUP($A1305,BD_INSUMOS2[],5,FALSE),\"\")","v":""},{"$f":"+IFERROR(VLOOKUP($A1305,BD_INSUMOS2[],6,FALSE),\"\")","v":""},{"$f":"+IFERROR(VLOOKUP($A1305,BD_INSUMOS2[],7,FALSE),\"\")","v":""},{"$f":"+IFERROR(VLOOKUP($A1305,BD_INSUMOS2[],8,FALSE),\"\")","v":""}]
[1295,{"$f":"+IFERROR(VLOOKUP($A1306,BD_INSUMOS2[],3,FALSE),\"\")","v":""},{"$f":"+IFERROR(VLOOKUP($A1306,BD_INSUMOS2[],5,FALSE),\"\")","v":""},{"$f":"+IFERROR(VLOOKUP($A1306,BD_INSUMOS2[],6,FALSE),\"\")","v":""},{"$f":"+IFERROR(VLOOKUP($A1306,BD_INSUMOS2[],7,FALSE),\"\")","v":""},{"$f":"+IFERROR(VLOOKUP($A1306,BD_INSUMOS2[],8,FALSE),\"\")","v":""}]
[1296,{"$f":"+IFERROR(VLOOKUP($A1307,BD_INSUMOS2[],3,FALSE),\"\")","v":""},{"$f":"+IFERROR(VLOOKUP($A1307,BD_INSUMOS2[],5,FALSE),\"\")","v":""},{"$f":"+IFERROR(VLOOKUP($A1307,BD_INSUMOS2[],6,FALSE),\"\")","v":""},{"$f":"+IFERROR(VLOOKUP($A1307,BD_INSUMOS2[],7,FALSE),\"\")","v":""},{"$f":"+IFERROR(VLOOKUP($A1307,BD_INSUMOS2[],8,FALSE),\"\")","v":""}]
[1297,{"$f":"+IFERROR(VLOOKUP($A1308,BD_INSUMOS2[],3,FALSE),\"\")","v":""},{"$f":"+IFERROR(VLOOKUP($A1308,BD_INSUMOS2[],5,FALSE),\"\")","v":""},{"$f":"+IFERROR(VLOOKUP($A1308,BD_INSUMOS2[],6,FALSE),\"\")","v":""},{"$f":"+IFERROR(VLOOKUP($A1308,BD_INSUMOS2[],7,FALSE),\"\")","v":""},{"$f":"+IFERROR(VLOOKUP($A1308,BD_INSUMOS2[],8,FALSE),\"\")","v":""}]
[1298,{"$f":"+IFERROR(VLOOKUP($A1309,BD_INSUMOS2[],3,FALSE),\"\")","v":""},{"$f":"+IFERROR(VLOOKUP($A1309,BD_INSUMOS2[],5,FALSE),\"\")","v":""},{"$f":"+IFERROR(VLOOKUP($A1309,BD_INSUMOS2[],6,FALSE),\"\")","v":""},{"$f":"+IFERROR(VLOOKUP($A1309,BD_INSUMOS2[],7,FALSE),\"\")","v":""},{"$f":"+IFERROR(VLOOKUP($A1309,BD_INSUMOS2[],8,FALSE),\"\")","v":""}]
[1299,{"$f":"+IFERROR(VLOOKUP($A1310,BD_INSUMOS2[],3,FALSE),\"\")","v":""},{"$f":"+IFERROR(VLOOKUP($A1310,BD_INSUMOS2[],5,FALSE),\"\")","v":""},{"$f":"+IFERROR(VLOOKUP($A1310,BD_INSUMOS2[],6,FALSE),\"\")","v":""},{"$f":"+IFERROR(VLOOKUP($A1310,BD_INSUMOS2[],7,FALSE),\"\")","v":""},{"$f":"+IFERROR(VLOOKUP($A1310,BD_INSUMOS2[],8,FALSE),\"\")","v":""}]
[1300,{"$f":"+IFERROR(VLOOKUP($A1311,BD_INSUMOS2[],3,FALSE),\"\")","v":""},{"$f":"+IFERROR(VLOOKUP($A1311,BD_INSUMOS2[],5,FALSE),\"\")","v":""},{"$f":"+IFERROR(VLOOKUP($A1311,BD_INSUMOS2[],6,FALSE),\"\")","v":""},{"$f":"+IFERROR(VLOOKUP($A1311,BD_INSUMOS2[],7,FALSE),\"\")","v":""},{"$f":"+IFERROR(VLOOKUP($A1311,BD_INSUMOS2[],8,FALSE),\"\")","v":""}]
[1301,{"$f":"+IFERROR(VLOOKUP($A1312,BD_INSUMOS2[],3,FALSE),\"\")","v":""},{"$f":"+IFERROR(VLOOKUP($A1312,BD_INSUMOS2[],5,FALSE),\"\")","v":""},{"$f":"+IFERROR(VLOOKUP($A1312,BD_INSUMOS2[],6,FALSE),\"\")","v":""},{"$f":"+IFERROR(VLOOKUP($A1312,BD_INSUMOS2[],7,FALSE),\"\")","v":""},{"$f":"+IFERROR(VLOOKUP($A1312,BD_INSUMOS2[],8,FALSE),\"\")","v":""}]
[1302,{"$f":"+IFERROR(VLOOKUP($A1313,BD_INSUMOS2[],3,FALSE),\"\")","v":""},{"$f":"+IFERROR(VLOOKUP($A1313,BD_INSUMOS2[],5,FALSE),\"\")","v":""},{"$f":"+IFERROR(VLOOKUP($A1313,BD_INSUMOS2[],6,FALSE),\"\")","v":""},{"$f":"+IFERROR(VLOOKUP($A1313,BD_INSUMOS2[],7,FALSE),\"\")","v":""},{"$f":"+IFERROR(VLOOKUP($A1313,BD_INSUMOS2[],8,FALSE),\"\")","v":""}]
[1303,{"$f":"+IFERROR(VLOOKUP($A1314,BD_INSUMOS2[],3,FALSE),\"\")","v":""},{"$f":"+IFERROR(VLOOKUP($A1314,BD_INSUMOS2[],5,FALSE),\"\")","v":""},{"$f":"+IFERROR(VLOOKUP($A1314,BD_INSUMOS2[],6,FALSE),\"\")","v":""},{"$f":"+IFERROR(VLOOKUP($A1314,BD_INSUMOS2[],7,FALSE),\"\")","v":""},{"$f":"+IFERROR(VLOOKUP($A1314,BD_INSUMOS2[],8,FALSE),\"\")","v":""}]
[1304,{"$f":"+IFERROR(VLOOKUP($A1315,BD_INSUMOS2[],3,FALSE),\"\")","v":""},{"$f":"+IFERROR(VLOOKUP($A1315,BD_INSUMOS2[],5,FALSE),\"\")","v":""},{"$f":"+IFERROR(VLOOKUP($A1315,BD_INSUMOS2[],6,FALSE),\"\")","v":""},{"$f":"+IFERROR(VLOOKUP($A1315,BD_INSUMOS2[],7,FALSE),\"\")","v":""},{"$f":"+IFERROR(VLOOKUP($A1315,BD_INSUMOS2[],8,FALSE),\"\")","v":""}]
[1305,{"$f":"+IFERROR(VLOOKUP($A1316,BD_INSUMOS2[],3,FALSE),\"\")","v":""},{"$f":"+IFERROR(VLOOKUP($A1316,BD_INSUMOS2[],5,FALSE),\"\")","v":""},{"$f":"+IFERROR(VLOOKUP($A1316,BD_INSUMOS2[],6,FALSE),\"\")","v":""},{"$f":"+IFERROR(VLOOKUP($A1316,BD_INSUMOS2[],7,FALSE),\"\")","v":""},{"$f":"+IFERROR(VLOOKUP($A1316,BD_INSUMOS2[],8,FALSE),\"\")","v":""}]
[1306,{"$f":"+IFERROR(VLOOKUP($A1317,BD_INSUMOS2[],3,FALSE),\"\")","v":""},{"$f":"+IFERROR(VLOOKUP($A1317,BD_INSUMOS2[],5,FALSE),\"\")","v":""},{"$f":"+IFERROR(VLOOKUP($A1317,BD_INSUMOS2[],6,FALSE),\"\")","v":""},{"$f":"+IFERROR(VLOOKUP($A1317,BD_INSUMOS2[],7,FALSE),\"\")","v":""},{"$f":"+IFERROR(VLOOKUP($A1317,BD_INSUMOS2[],8,FALSE),\"\")","v":""}]
[1307,{"$f":"+IFERROR(VLOOKUP($A1318,BD_INSUMOS2[],3,FALSE),\"\")","v":""},{"$f":"+IFERROR(VLOOKUP($A1318,BD_INSUMOS2[],5,FALSE),\"\")","v":""},{"$f":"+IFERROR(VLOOKUP($A1318,BD_INSUMOS2[],6,FALSE),\"\")","v":""},{"$f":"+IFERROR(VLOOKUP($A1318,BD_INSUMOS2[],7,FALSE),\"\")","v":""},{"$f":"+IFERROR(VLOOKUP($A1318,BD_INSUMOS2[],8,FALSE),\"\")","v":""}]
[1308,{"$f":"+IFERROR(VLOOKUP($A1319,BD_INSUMOS2[],3,FALSE),\"\")","v":""},{"$f":"+IFERROR(VLOOKUP($A1319,BD_INSUMOS2[],5,FALSE),\"\")","v":""},{"$f":"+IFERROR(VLOOKUP($A1319,BD_INSUMOS2[],6,FALSE),\"\")","v":""},{"$f":"+IFERROR(VLOOKUP($A1319,BD_INSUMOS2[],7,FALSE),\"\")","v":""},{"$f":"+IFERROR(VLOOKUP($A1319,BD_INSUMOS2[],8,FALSE),\"\")","v":""}]
[1309,{"$f":"+IFERROR(VLOOKUP($A1320,BD_INSUMOS2[],3,FALSE),\"\")","v":""},{"$f":"+IFERROR(VLOOKUP($A1320,BD_INSUMOS2[],5,FALSE),\"\")","v":""},{"$f":"+IFERROR(VLOOKUP($A1320,BD_INSUMOS2[],6,FALSE),\"\")","v":""},{"$f":"+IFERROR(VLOOKUP($A1320,BD_INSUMOS2[],7,FALSE),\"\")","v":""},{"$f":"+IFERROR(VLOOKUP($A1320,BD_INSUMOS2[],8,FALSE),\"\")","v":""}]
[1310,{"$f":"+IFERROR(VLOOKUP($A1321,BD_INSUMOS2[],3,FALSE),\"\")","v":""},{"$f":"+IFERROR(VLOOKUP($A1321,BD_INSUMOS2[],5,FALSE),\"\")","v":""},{"$f":"+IFERROR(VLOOKUP($A1321,BD_INSUMOS2[],6,FALSE),\"\")","v":""},{"$f":"+IFERROR(VLOOKUP($A1321,BD_INSUMOS2[],7,FALSE),\"\")","v":""},{"$f":"+IFERROR(VLOOKUP($A1321,BD_INSUMOS2[],8,FALSE),\"\")","v":""}]
[1311,{"$f":"+IFERROR(VLOOKUP($A1322,BD_INSUMOS2[],3,FALSE),\"\")","v":""},{"$f":"+IFERROR(VLOOKUP($A1322,BD_INSUMOS2[],5,FALSE),\"\")","v":""},{"$f":"+IFERROR(VLOOKUP($A1322,BD_INSUMOS2[],6,FALSE),\"\")","v":""},{"$f":"+IFERROR(VLOOKUP($A1322,BD_INSUMOS2[],7,FALSE),\"\")","v":""},{"$f":"+IFERROR(VLOOKUP($A1322,BD_INSUMOS2[],8,FALSE),\"\")","v":""}]
[1312,{"$f":"+IFERROR(VLOOKUP($A1323,BD_INSUMOS2[],3,FALSE),\"\")","v":""},{"$f":"+IFERROR(VLOOKUP($A1323,BD_INSUMOS2[],5,FALSE),\"\")","v":""},{"$f":"+IFERROR(VLOOKUP($A1323,BD_INSUMOS2[],6,FALSE),\"\")","v":""},{"$f":"+IFERROR(VLOOKUP($A1323,BD_INSUMOS2[],7,FALSE),\"\")","v":""},{"$f":"+IFERROR(VLOOKUP($A1323,BD_INSUMOS2[],8,FALSE),\"\")","v":""}]
[1313,{"$f":"+IFERROR(VLOOKUP($A1324,BD_INSUMOS2[],3,FALSE),\"\")","v":""},{"$f":"+IFERROR(VLOOKUP($A1324,BD_INSUMOS2[],5,FALSE),\"\")","v":""},{"$f":"+IFERROR(VLOOKUP($A1324,BD_INSUMOS2[],6,FALSE),\"\")","v":""},{"$f":"+IFERROR(VLOOKUP($A1324,BD_INSUMOS2[],7,FALSE),\"\")","v":""},{"$f":"+IFERROR(VLOOKUP($A1324,BD_INSUMOS2[],8,FALSE),\"\")","v":""}]
[1314,{"$f":"+IFERROR(VLOOKUP($A1325,BD_INSUMOS2[],3,FALSE),\"\")","v":""},{"$f":"+IFERROR(VLOOKUP($A1325,BD_INSUMOS2[],5,FALSE),\"\")","v":""},{"$f":"+IFERROR(VLOOKUP($A1325,BD_INSUMOS2[],6,FALSE),\"\")","v":""},{"$f":"+IFERROR(VLOOKUP($A1325,BD_INSUMOS2[],7,FALSE),\"\")","v":""},{"$f":"+IFERROR(VLOOKUP($A1325,BD_INSUMOS2[],8,FALSE),\"\")","v":""}]
[1315,{"$f":"+IFERROR(VLOOKUP($A1326,BD_INSUMOS2[],3,FALSE),\"\")","v":""},{"$f":"+IFERROR(VLOOKUP($A1326,BD_INSUMOS2[],5,FALSE),\"\")","v":""},{"$f":"+IFERROR(VLOOKUP($A1326,BD_INSUMOS2[],6,FALSE),\"\")","v":""},{"$f":"+IFERROR(VLOOKUP($A1326,BD_INSUMOS2[],7,FALSE),\"\")","v":""},{"$f":"+IFERROR(VLOOKUP($A1326,BD_INSUMOS2[],8,FALSE),\"\")","v":""}]
[1316,{"$f":"+IFERROR(VLOOKUP($A1327,BD_INSUMOS2[],3,FALSE),\"\")","v":""},{"$f":"+IFERROR(VLOOKUP($A1327,BD_INSUMOS2[],5,FALSE),\"\")","v":""},{"$f":"+IFERROR(VLOOKUP($A1327,BD_INSUMOS2[],6,FALSE),\"\")","v":""},{"$f":"+IFERROR(VLOOKUP($A1327,BD_INSUMOS2[],7,FALSE),\"\")","v":""},{"$f":"+IFERROR(VLOOKUP($A1327,BD_INSUMOS2[],8,FALSE),\"\")","v":""}]
[1317,{"$f":"+IFERROR(VLOOKUP($A1328,BD_INSUMOS2[],3,FALSE),\"\")","v":""},{"$f":"+IFERROR(VLOOKUP($A1328,BD_INSUMOS2[],5,FALSE),\"\")","v":""},{"$f":"+IFERROR(VLOOKUP($A1328,BD_INSUMOS2[],6,FALSE),\"\")","v":""},{"$f":"+IFERROR(VLOOKUP($A1328,BD_INSUMOS2[],7,FALSE),\"\")","v":""},{"$f":"+IFERROR(VLOOKUP($A1328,BD_INSUMOS2[],8,FALSE),\"\")","v":""}]
[1318,{"$f":"+IFERROR(VLOOKUP($A1329,BD_INSUMOS2[],3,FALSE),\"\")","v":""},{"$f":"+IFERROR(VLOOKUP($A1329,BD_INSUMOS2[],5,FALSE),\"\")","v":""},{"$f":"+IFERROR(VLOOKUP($A1329,BD_INSUMOS2[],6,FALSE),\"\")","v":""},{"$f":"+IFERROR(VLOOKUP($A1329,BD_INSUMOS2[],7,FALSE),\"\")","v":""},{"$f":"+IFERROR(VLOOKUP($A1329,BD_INSUMOS2[],8,FALSE),\"\")","v":""}]
[1319,{"$f":"+IFERROR(VLOOKUP($A1330,BD_INSUMOS2[],3,FALSE),\"\")","v":""},{"$f":"+IFERROR(VLOOKUP($A1330,BD_INSUMOS2[],5,FALSE),\"\")","v":""},{"$f":"+IFERROR(VLOOKUP($A1330,BD_INSUMOS2[],6,FALSE),\"\")","v":""},{"$f":"+IFERROR(VLOOKUP($A1330,BD_INSUMOS2[],7,FALSE),\"\")","v":""},{"$f":"+IFERROR(VLOOKUP($A1330,BD_INSUMOS2[],8,FALSE),\"\")","v":""}]
[1320,{"$f":"+IFERROR(VLOOKUP($A1331,BD_INSUMOS2[],3,FALSE),\"\")","v":""},{"$f":"+IFERROR(VLOOKUP($A1331,BD_INSUMOS2[],5,FALSE),\"\")","v":""},{"$f":"+IFERROR(VLOOKUP($A1331,BD_INSUMOS2[],6,FALSE),\"\")","v":""},{"$f":"+IFERROR(VLOOKUP($A1331,BD_INSUMOS2[],7,FALSE),\"\")","v":""},{"$f":"+IFERROR(VLOOKUP($A1331,BD_INSUMOS2[],8,FALSE),\"\")","v":""}]
[1321,{"$f":"+IFERROR(VLOOKUP($A1332,BD_INSUMOS2[],3,FALSE),\"\")","v":""},{"$f":"+IFERROR(VLOOKUP($A1332,BD_INSUMOS2[],5,FALSE),\"\")","v":""},{"$f":"+IFERROR(VLOOKUP($A1332,BD_INSUMOS2[],6,FALSE),\"\")","v":""},{"$f":"+IFERROR(VLOOKUP($A1332,BD_INSUMOS2[],7,FALSE),\"\")","v":""},{"$f":"+IFERROR(VLOOKUP($A1332,BD_INSUMOS2[],8,FALSE),\"\")","v":""}]
[1322,{"$f":"+IFERROR(VLOOKUP($A1333,BD_INSUMOS2[],3,FALSE),\"\")","v":""},{"$f":"+IFERROR(VLOOKUP($A1333,BD_INSUMOS2[],5,FALSE),\"\")","v":""},{"$f":"+IFERROR(VLOOKUP($A1333,BD_INSUMOS2[],6,FALSE),\"\")","v":""},{"$f":"+IFERROR(VLOOKUP($A1333,BD_INSUMOS2[],7,FALSE),\"\")","v":""},{"$f":"+IFERROR(VLOOKUP($A1333,BD_INSUMOS2[],8,FALSE),\"\")","v":""}]
[1323,{"$f":"+IFERROR(VLOOKUP($A1334,BD_INSUMOS2[],3,FALSE),\"\")","v":""},{"$f":"+IFERROR(VLOOKUP($A1334,BD_INSUMOS2[],5,FALSE),\"\")","v":""},{"$f":"+IFERROR(VLOOKUP($A1334,BD_INSUMOS2[],6,FALSE),\"\")","v":""},{"$f":"+IFERROR(VLOOKUP($A1334,BD_INSUMOS2[],7,FALSE),\"\")","v":""},{"$f":"+IFERROR(VLOOKUP($A1334,BD_INSUMOS2[],8,FALSE),\"\")","v":""}]
[1324,{"$f":"+IFERROR(VLOOKUP($A1335,BD_INSUMOS2[],3,FALSE),\"\")","v":""},{"$f":"+IFERROR(VLOOKUP($A1335,BD_INSUMOS2[],5,FALSE),\"\")","v":""},{"$f":"+IFERROR(VLOOKUP($A1335,BD_INSUMOS2[],6,FALSE),\"\")","v":""},{"$f":"+IFERROR(VLOOKUP($A1335,BD_INSUMOS2[],7,FALSE),\"\")","v":""},{"$f":"+IFERROR(VLOOKUP($A1335,BD_INSUMOS2[],8,FALSE),\"\")","v":""}]
[1325,{"$f":"+IFERROR(VLOOKUP($A1336,BD_INSUMOS2[],3,FALSE),\"\")","v":""},{"$f":"+IFERROR(VLOOKUP($A1336,BD_INSUMOS2[],5,FALSE),\"\")","v":""},{"$f":"+IFERROR(VLOOKUP($A1336,BD_INSUMOS2[],6,FALSE),\"\")","v":""},{"$f":"+IFERROR(VLOOKUP($A1336,BD_INSUMOS2[],7,FALSE),\"\")","v":""},{"$f":"+IFERROR(VLOOKUP($A1336,BD_INSUMOS2[],8,FALSE),\"\")","v":""}]
[1326,{"$f":"+IFERROR(VLOOKUP($A1337,BD_INSUMOS2[],3,FALSE),\"\")","v":""},{"$f":"+IFERROR(VLOOKUP($A1337,BD_INSUMOS2[],5,FALSE),\"\")","v":""},{"$f":"+IFERROR(VLOOKUP($A1337,BD_INSUMOS2[],6,FALSE),\"\")","v":""},{"$f":"+IFERROR(VLOOKUP($A1337,BD_INSUMOS2[],7,FALSE),\"\")","v":""},{"$f":"+IFERROR(VLOOKUP($A1337,BD_INSUMOS2[],8,FALSE),\"\")","v":""}]
[1327,{"$f":"+IFERROR(VLOOKUP($A1338,BD_INSUMOS2[],3,FALSE),\"\")","v":""},{"$f":"+IFERROR(VLOOKUP($A1338,BD_INSUMOS2[],5,FALSE),\"\")","v":""},{"$f":"+IFERROR(VLOOKUP($A1338,BD_INSUMOS2[],6,FALSE),\"\")","v":""},{"$f":"+IFERROR(VLOOKUP($A1338,BD_INSUMOS2[],7,FALSE),\"\")","v":""},{"$f":"+IFERROR(VLOOKUP($A1338,BD_INSUMOS2[],8,FALSE),\"\")","v":""}]
[1328,{"$f":"+IFERROR(VLOOKUP($A1339,BD_INSUMOS2[],3,FALSE),\"\")","v":""},{"$f":"+IFERROR(VLOOKUP($A1339,BD_INSUMOS2[],5,FALSE),\"\")","v":""},{"$f":"+IFERROR(VLOOKUP($A1339,BD_INSUMOS2[],6,FALSE),\"\")","v":""},{"$f":"+IFERROR(VLOOKUP($A1339,BD_INSUMOS2[],7,FALSE),\"\")","v":""},{"$f":"+IFERROR(VLOOKUP($A1339,BD_INSUMOS2[],8,FALSE),\"\")","v":""}]
[1329,{"$f":"+IFERROR(VLOOKUP($A1340,BD_INSUMOS2[],3,FALSE),\"\")","v":""},{"$f":"+IFERROR(VLOOKUP($A1340,BD_INSUMOS2[],5,FALSE),\"\")","v":""},{"$f":"+IFERROR(VLOOKUP($A1340,BD_INSUMOS2[],6,FALSE),\"\")","v":""},{"$f":"+IFERROR(VLOOKUP($A1340,BD_INSUMOS2[],7,FALSE),\"\")","v":""},{"$f":"+IFERROR(VLOOKUP($A1340,BD_INSUMOS2[],8,FALSE),\"\")","v":""}]
[1330,{"$f":"+IFERROR(VLOOKUP($A1341,BD_INSUMOS2[],3,FALSE),\"\")","v":""},{"$f":"+IFERROR(VLOOKUP($A1341,BD_INSUMOS2[],5,FALSE),\"\")","v":""},{"$f":"+IFERROR(VLOOKUP($A1341,BD_INSUMOS2[],6,FALSE),\"\")","v":""},{"$f":"+IFERROR(VLOOKUP($A1341,BD_INSUMOS2[],7,FALSE),\"\")","v":""},{"$f":"+IFERROR(VLOOKUP($A1341,BD_INSUMOS2[],8,FALSE),\"\")","v":""}]
[1331,{"$f":"+IFERROR(VLOOKUP($A1342,BD_INSUMOS2[],3,FALSE),\"\")","v":""},{"$f":"+IFERROR(VLOOKUP($A1342,BD_INSUMOS2[],5,FALSE),\"\")","v":""},{"$f":"+IFERROR(VLOOKUP($A1342,BD_INSUMOS2[],6,FALSE),\"\")","v":""},{"$f":"+IFERROR(VLOOKUP($A1342,BD_INSUMOS2[],7,FALSE),\"\")","v":""},{"$f":"+IFERROR(VLOOKUP($A1342,BD_INSUMOS2[],8,FALSE),\"\")","v":""}]
[1332,{"$f":"+IFERROR(VLOOKUP($A1343,BD_INSUMOS2[],3,FALSE),\"\")","v":""},{"$f":"+IFERROR(VLOOKUP($A1343,BD_INSUMOS2[],5,FALSE),\"\")","v":""},{"$f":"+IFERROR(VLOOKUP($A1343,BD_INSUMOS2[],6,FALSE),\"\")","v":""},{"$f":"+IFERROR(VLOOKUP($A1343,BD_INSUMOS2[],7,FALSE),\"\")","v":""},{"$f":"+IFERROR(VLOOKUP($A1343,BD_INSUMOS2[],8,FALSE),\"\")","v":""}]
[1333,{"$f":"+IFERROR(VLOOKUP($A1344,BD_INSUMOS2[],3,FALSE),\"\")","v":""},{"$f":"+IFERROR(VLOOKUP($A1344,BD_INSUMOS2[],5,FALSE),\"\")","v":""},{"$f":"+IFERROR(VLOOKUP($A1344,BD_INSUMOS2[],6,FALSE),\"\")","v":""},{"$f":"+IFERROR(VLOOKUP($A1344,BD_INSUMOS2[],7,FALSE),\"\")","v":""},{"$f":"+IFERROR(VLOOKUP($A1344,BD_INSUMOS2[],8,FALSE),\"\")","v":""}]
[1334,{"$f":"+IFERROR(VLOOKUP($A1345,BD_INSUMOS2[],3,FALSE),\"\")","v":""},{"$f":"+IFERROR(VLOOKUP($A1345,BD_INSUMOS2[],5,FALSE),\"\")","v":""},{"$f":"+IFERROR(VLOOKUP($A1345,BD_INSUMOS2[],6,FALSE),\"\")","v":""},{"$f":"+IFERROR(VLOOKUP($A1345,BD_INSUMOS2[],7,FALSE),\"\")","v":""},{"$f":"+IFERROR(VLOOKUP($A1345,BD_INSUMOS2[],8,FALSE),\"\")","v":""}]
[1335,{"$f":"+IFERROR(VLOOKUP($A1346,BD_INSUMOS2[],3,FALSE),\"\")","v":""},{"$f":"+IFERROR(VLOOKUP($A1346,BD_INSUMOS2[],5,FALSE),\"\")","v":""},{"$f":"+IFERROR(VLOOKUP($A1346,BD_INSUMOS2[],6,FALSE),\"\")","v":""},{"$f":"+IFERROR(VLOOKUP($A1346,BD_INSUMOS2[],7,FALSE),\"\")","v":""},{"$f":"+IFERROR(VLOOKUP($A1346,BD_INSUMOS2[],8,FALSE),\"\")","v":""}]
[1336,{"$f":"+IFERROR(VLOOKUP($A1347,BD_INSUMOS2[],3,FALSE),\"\")","v":""},{"$f":"+IFERROR(VLOOKUP($A1347,BD_INSUMOS2[],5,FALSE),\"\")","v":""},{"$f":"+IFERROR(VLOOKUP($A1347,BD_INSUMOS2[],6,FALSE),\"\")","v":""},{"$f":"+IFERROR(VLOOKUP($A1347,BD_INSUMOS2[],7,FALSE),\"\")","v":""},{"$f":"+IFERROR(VLOOKUP($A1347,BD_INSUMOS2[],8,FALSE),\"\")","v":""}]
[1337,{"$f":"+IFERROR(VLOOKUP($A1348,BD_INSUMOS2[],3,FALSE),\"\")","v":""},{"$f":"+IFERROR(VLOOKUP($A1348,BD_INSUMOS2[],5,FALSE),\"\")","v":""},{"$f":"+IFERROR(VLOOKUP($A1348,BD_INSUMOS2[],6,FALSE),\"\")","v":""},{"$f":"+IFERROR(VLOOKUP($A1348,BD_INSUMOS2[],7,FALSE),\"\")","v":""},{"$f":"+IFERROR(VLOOKUP($A1348,BD_INSUMOS2[],8,FALSE),\"\")","v":""}]
[1338,{"$f":"+IFERROR(VLOOKUP($A1349,BD_INSUMOS2[],3,FALSE),\"\")","v":""},{"$f":"+IFERROR(VLOOKUP($A1349,BD_INSUMOS2[],5,FALSE),\"\")","v":""},{"$f":"+IFERROR(VLOOKUP($A1349,BD_INSUMOS2[],6,FALSE),\"\")","v":""},{"$f":"+IFERROR(VLOOKUP($A1349,BD_INSUMOS2[],7,FALSE),\"\")","v":""},{"$f":"+IFERROR(VLOOKUP($A1349,BD_INSUMOS2[],8,FALSE),\"\")","v":""}]
[1339,{"$f":"+IFERROR(VLOOKUP($A1350,BD_INSUMOS2[],3,FALSE),\"\")","v":""},{"$f":"+IFERROR(VLOOKUP($A1350,BD_INSUMOS2[],5,FALSE),\"\")","v":""},{"$f":"+IFERROR(VLOOKUP($A1350,BD_INSUMOS2[],6,FALSE),\"\")","v":""},{"$f":"+IFERROR(VLOOKUP($A1350,BD_INSUMOS2[],7,FALSE),\"\")","v":""},{"$f":"+IFERROR(VLOOKUP($A1350,BD_INSUMOS2[],8,FALSE),\"\")","v":""}]
[1340,{"$f":"+IFERROR(VLOOKUP($A1351,BD_INSUMOS2[],3,FALSE),\"\")","v":""},{"$f":"+IFERROR(VLOOKUP($A1351,BD_INSUMOS2[],5,FALSE),\"\")","v":""},{"$f":"+IFERROR(VLOOKUP($A1351,BD_INSUMOS2[],6,FALSE),\"\")","v":""},{"$f":"+IFERROR(VLOOKUP($A1351,BD_INSUMOS2[],7,FALSE),\"\")","v":""},{"$f":"+IFERROR(VLOOKUP($A1351,BD_INSUMOS2[],8,FALSE),\"\")","v":""}]
[1341,{"$f":"+IFERROR(VLOOKUP($A1352,BD_INSUMOS2[],3,FALSE),\"\")","v":""},{"$f":"+IFERROR(VLOOKUP($A1352,BD_INSUMOS2[],5,FALSE),\"\")","v":""},{"$f":"+IFERROR(VLOOKUP($A1352,BD_INSUMOS2[],6,FALSE),\"\")","v":""},{"$f":"+IFERROR(VLOOKUP($A1352,BD_INSUMOS2[],7,FALSE),\"\")","v":""},{"$f":"+IFERROR(VLOOKUP($A1352,BD_INSUMOS2[],8,FALSE),\"\")","v":""}]
[1342,{"$f":"+IFERROR(VLOOKUP($A1353,BD_INSUMOS2[],3,FALSE),\"\")","v":""},{"$f":"+IFERROR(VLOOKUP($A1353,BD_INSUMOS2[],5,FALSE),\"\")","v":""},{"$f":"+IFERROR(VLOOKUP($A1353,BD_INSUMOS2[],6,FALSE),\"\")","v":""},{"$f":"+IFERROR(VLOOKUP($A1353,BD_INSUMOS2[],7,FALSE),\"\")","v":""},{"$f":"+IFERROR(VLOOKUP($A1353,BD_INSUMOS2[],8,FALSE),\"\")","v":""}]
[1343,{"$f":"+IFERROR(VLOOKUP($A1354,BD_INSUMOS2[],3,FALSE),\"\")","v":""},{"$f":"+IFERROR(VLOOKUP($A1354,BD_INSUMOS2[],5,FALSE),\"\")","v":""},{"$f":"+IFERROR(VLOOKUP($A1354,BD_INSUMOS2[],6,FALSE),\"\")","v":""},{"$f":"+IFERROR(VLOOKUP($A1354,BD_INSUMOS2[],7,FALSE),\"\")","v":""},{"$f":"+IFERROR(VLOOKUP($A1354,BD_INSUMOS2[],8,FALSE),\"\")","v":""}]
[1344,{"$f":"+IFERROR(VLOOKUP($A1355,BD_INSUMOS2[],3,FALSE),\"\")","v":""},{"$f":"+IFERROR(VLOOKUP($A1355,BD_INSUMOS2[],5,FALSE),\"\")","v":""},{"$f":"+IFERROR(VLOOKUP($A1355,BD_INSUMOS2[],6,FALSE),\"\")","v":""},{"$f":"+IFERROR(VLOOKUP($A1355,BD_INSUMOS2[],7,FALSE),\"\")","v":""},{"$f":"+IFERROR(VLOOKUP($A1355,BD_INSUMOS2[],8,FALSE),\"\")","v":""}]
[1345,{"$f":"+IFERROR(VLOOKUP($A1356,BD_INSUMOS2[],3,FALSE),\"\")","v":""},{"$f":"+IFERROR(VLOOKUP($A1356,BD_INSUMOS2[],5,FALSE),\"\")","v":""},{"$f":"+IFERROR(VLOOKUP($A1356,BD_INSUMOS2[],6,FALSE),\"\")","v":""},{"$f":"+IFERROR(VLOOKUP($A1356,BD_INSUMOS2[],7,FALSE),\"\")","v":""},{"$f":"+IFERROR(VLOOKUP($A1356,BD_INSUMOS2[],8,FALSE),\"\")","v":""}]
[1346,{"$f":"+IFERROR(VLOOKUP($A1357,BD_INSUMOS2[],3,FALSE),\"\")","v":""},{"$f":"+IFERROR(VLOOKUP($A1357,BD_INSUMOS2[],5,FALSE),\"\")","v":""},{"$f":"+IFERROR(VLOOKUP($A1357,BD_INSUMOS2[],6,FALSE),\"\")","v":""},{"$f":"+IFERROR(VLOOKUP($A1357,BD_INSUMOS2[],7,FALSE),\"\")","v":""},{"$f":"+IFERROR(VLOOKUP($A1357,BD_INSUMOS2[],8,FALSE),\"\")","v":""}]
[1347,{"$f":"+IFERROR(VLOOKUP($A1358,BD_INSUMOS2[],3,FALSE),\"\")","v":""},{"$f":"+IFERROR(VLOOKUP($A1358,BD_INSUMOS2[],5,FALSE),\"\")","v":""},{"$f":"+IFERROR(VLOOKUP($A1358,BD_INSUMOS2[],6,FALSE),\"\")","v":""},{"$f":"+IFERROR(VLOOKUP($A1358,BD_INSUMOS2[],7,FALSE),\"\")","v":""},{"$f":"+IFERROR(VLOOKUP($A1358,BD_INSUMOS2[],8,FALSE),\"\")","v":""}]
[1348,{"$f":"+IFERROR(VLOOKUP($A1359,BD_INSUMOS2[],3,FALSE),\"\")","v":""},{"$f":"+IFERROR(VLOOKUP($A1359,BD_INSUMOS2[],5,FALSE),\"\")","v":""},{"$f":"+IFERROR(VLOOKUP($A1359,BD_INSUMOS2[],6,FALSE),\"\")","v":""},{"$f":"+IFERROR(VLOOKUP($A1359,BD_INSUMOS2[],7,FALSE),\"\")","v":""},{"$f":"+IFERROR(VLOOKUP($A1359,BD_INSUMOS2[],8,FALSE),\"\")","v":""}]
[1349,{"$f":"+IFERROR(VLOOKUP($A1360,BD_INSUMOS2[],3,FALSE),\"\")","v":""},{"$f":"+IFERROR(VLOOKUP($A1360,BD_INSUMOS2[],5,FALSE),\"\")","v":""},{"$f":"+IFERROR(VLOOKUP($A1360,BD_INSUMOS2[],6,FALSE),\"\")","v":""},{"$f":"+IFERROR(VLOOKUP($A1360,BD_INSUMOS2[],7,FALSE),\"\")","v":""},{"$f":"+IFERROR(VLOOKUP($A1360,BD_INSUMOS2[],8,FALSE),\"\")","v":""}]
[1350,{"$f":"+IFERROR(VLOOKUP($A1361,BD_INSUMOS2[],3,FALSE),\"\")","v":""},{"$f":"+IFERROR(VLOOKUP($A1361,BD_INSUMOS2[],5,FALSE),\"\")","v":""},{"$f":"+IFERROR(VLOOKUP($A1361,BD_INSUMOS2[],6,FALSE),\"\")","v":""},{"$f":"+IFERROR(VLOOKUP($A1361,BD_INSUMOS2[],7,FALSE),\"\")","v":""},{"$f":"+IFERROR(VLOOKUP($A1361,BD_INSUMOS2[],8,FALSE),\"\")","v":""}]
[1351,{"$f":"+IFERROR(VLOOKUP($A1362,BD_INSUMOS2[],3,FALSE),\"\")","v":""},{"$f":"+IFERROR(VLOOKUP($A1362,BD_INSUMOS2[],5,FALSE),\"\")","v":""},{"$f":"+IFERROR(VLOOKUP($A1362,BD_INSUMOS2[],6,FALSE),\"\")","v":""},{"$f":"+IFERROR(VLOOKUP($A1362,BD_INSUMOS2[],7,FALSE),\"\")","v":""},{"$f":"+IFERROR(VLOOKUP($A1362,BD_INSUMOS2[],8,FALSE),\"\")","v":""}]
[1352,{"$f":"+IFERROR(VLOOKUP($A1363,BD_INSUMOS2[],3,FALSE),\"\")","v":""},{"$f":"+IFERROR(VLOOKUP($A1363,BD_INSUMOS2[],5,FALSE),\"\")","v":""},{"$f":"+IFERROR(VLOOKUP($A1363,BD_INSUMOS2[],6,FALSE),\"\")","v":""},{"$f":"+IFERROR(VLOOKUP($A1363,BD_INSUMOS2[],7,FALSE),\"\")","v":""},{"$f":"+IFERROR(VLOOKUP($A1363,BD_INSUMOS2[],8,FALSE),\"\")","v":""}]
[1353,{"$f":"+IFERROR(VLOOKUP($A1364,BD_INSUMOS2[],3,FALSE),\"\")","v":""},{"$f":"+IFERROR(VLOOKUP($A1364,BD_INSUMOS2[],5,FALSE),\"\")","v":""},{"$f":"+IFERROR(VLOOKUP($A1364,BD_INSUMOS2[],6,FALSE),\"\")","v":""},{"$f":"+IFERROR(VLOOKUP($A1364,BD_INSUMOS2[],7,FALSE),\"\")","v":""},{"$f":"+IFERROR(VLOOKUP($A1364,BD_INSUMOS2[],8,FALSE),\"\")","v":""}]
[1354,{"$f":"+IFERROR(VLOOKUP($A1365,BD_INSUMOS2[],3,FALSE),\"\")","v":""},{"$f":"+IFERROR(VLOOKUP($A1365,BD_INSUMOS2[],5,FALSE),\"\")","v":""},{"$f":"+IFERROR(VLOOKUP($A1365,BD_INSUMOS2[],6,FALSE),\"\")","v":""},{"$f":"+IFERROR(VLOOKUP($A1365,BD_INSUMOS2[],7,FALSE),\"\")","v":""},{"$f":"+IFERROR(VLOOKUP($A1365,BD_INSUMOS2[],8,FALSE),\"\")","v":""}]
[1355,{"$f":"+IFERROR(VLOOKUP($A1366,BD_INSUMOS2[],3,FALSE),\"\")","v":""},{"$f":"+IFERROR(VLOOKUP($A1366,BD_INSUMOS2[],5,FALSE),\"\")","v":""},{"$f":"+IFERROR(VLOOKUP($A1366,BD_INSUMOS2[],6,FALSE),\"\")","v":""},{"$f":"+IFERROR(VLOOKUP($A1366,BD_INSUMOS2[],7,FALSE),\"\")","v":""},{"$f":"+IFERROR(VLOOKUP($A1366,BD_INSUMOS2[],8,FALSE),\"\")","v":""}]
[1356,{"$f":"+IFERROR(VLOOKUP($A1367,BD_INSUMOS2[],3,FALSE),\"\")","v":""},{"$f":"+IFERROR(VLOOKUP($A1367,BD_INSUMOS2[],5,FALSE),\"\")","v":""},{"$f":"+IFERROR(VLOOKUP($A1367,BD_INSUMOS2[],6,FALSE),\"\")","v":""},{"$f":"+IFERROR(VLOOKUP($A1367,BD_INSUMOS2[],7,FALSE),\"\")","v":""},{"$f":"+IFERROR(VLOOKUP($A1367,BD_INSUMOS2[],8,FALSE),\"\")","v":""}]
[1357,{"$f":"+IFERROR(VLOOKUP($A1368,BD_INSUMOS2[],3,FALSE),\"\")","v":""},{"$f":"+IFERROR(VLOOKUP($A1368,BD_INSUMOS2[],5,FALSE),\"\")","v":""},{"$f":"+IFERROR(VLOOKUP($A1368,BD_INSUMOS2[],6,FALSE),\"\")","v":""},{"$f":"+IFERROR(VLOOKUP($A1368,BD_INSUMOS2[],7,FALSE),\"\")","v":""},{"$f":"+IFERROR(VLOOKUP($A1368,BD_INSUMOS2[],8,FALSE),\"\")","v":""}]
[1358,{"$f":"+IFERROR(VLOOKUP($A1369,BD_INSUMOS2[],3,FALSE),\"\")","v":""},{"$f":"+IFERROR(VLOOKUP($A1369,BD_INSUMOS2[],5,FALSE),\"\")","v":""},{"$f":"+IFERROR(VLOOKUP($A1369,BD_INSUMOS2[],6,FALSE),\"\")","v":""},{"$f":"+IFERROR(VLOOKUP($A1369,BD_INSUMOS2[],7,FALSE),\"\")","v":""},{"$f":"+IFERROR(VLOOKUP($A1369,BD_INSUMOS2[],8,FALSE),\"\")","v":""}]
[1359,{"$f":"+IFERROR(VLOOKUP($A1370,BD_INSUMOS2[],3,FALSE),\"\")","v":""},{"$f":"+IFERROR(VLOOKUP($A1370,BD_INSUMOS2[],5,FALSE),\"\")","v":""},{"$f":"+IFERROR(VLOOKUP($A1370,BD_INSUMOS2[],6,FALSE),\"\")","v":""},{"$f":"+IFERROR(VLOOKUP($A1370,BD_INSUMOS2[],7,FALSE),\"\")","v":""},{"$f":"+IFERROR(VLOOKUP($A1370,BD_INSUMOS2[],8,FALSE),\"\")","v":""}]
[1360,{"$f":"+IFERROR(VLOOKUP($A1371,BD_INSUMOS2[],3,FALSE),\"\")","v":""},{"$f":"+IFERROR(VLOOKUP($A1371,BD_INSUMOS2[],5,FALSE),\"\")","v":""},{"$f":"+IFERROR(VLOOKUP($A1371,BD_INSUMOS2[],6,FALSE),\"\")","v":""},{"$f":"+IFERROR(VLOOKUP($A1371,BD_INSUMOS2[],7,FALSE),\"\")","v":""},{"$f":"+IFERROR(VLOOKUP($A1371,BD_INSUMOS2[],8,FALSE),\"\")","v":""}]
[1361,{"$f":"+IFERROR(VLOOKUP($A1372,BD_INSUMOS2[],3,FALSE),\"\")","v":""},{"$f":"+IFERROR(VLOOKUP($A1372,BD_INSUMOS2[],5,FALSE),\"\")","v":""},{"$f":"+IFERROR(VLOOKUP($A1372,BD_INSUMOS2[],6,FALSE),\"\")","v":""},{"$f":"+IFERROR(VLOOKUP($A1372,BD_INSUMOS2[],7,FALSE),\"\")","v":""},{"$f":"+IFERROR(VLOOKUP($A1372,BD_INSUMOS2[],8,FALSE),\"\")","v":""}]
[1362,{"$f":"+IFERROR(VLOOKUP($A1373,BD_INSUMOS2[],3,FALSE),\"\")","v":""},{"$f":"+IFERROR(VLOOKUP($A1373,BD_INSUMOS2[],5,FALSE),\"\")","v":""},{"$f":"+IFERROR(VLOOKUP($A1373,BD_INSUMOS2[],6,FALSE),\"\")","v":""},{"$f":"+IFERROR(VLOOKUP($A1373,BD_INSUMOS2[],7,FALSE),\"\")","v":""},{"$f":"+IFERROR(VLOOKUP($A1373,BD_INSUMOS2[],8,FALSE),\"\")","v":""}]
[1363,{"$f":"+IFERROR(VLOOKUP($A1374,BD_INSUMOS2[],3,FALSE),\"\")","v":""},{"$f":"+IFERROR(VLOOKUP($A1374,BD_INSUMOS2[],5,FALSE),\"\")","v":""},{"$f":"+IFERROR(VLOOKUP($A1374,BD_INSUMOS2[],6,FALSE),\"\")","v":""},{"$f":"+IFERROR(VLOOKUP($A1374,BD_INSUMOS2[],7,FALSE),\"\")","v":""},{"$f":"+IFERROR(VLOOKUP($A1374,BD_INSUMOS2[],8,FALSE),\"\")","v":""}]
[1364,{"$f":"+IFERROR(VLOOKUP($A1375,BD_INSUMOS2[],3,FALSE),\"\")","v":""},{"$f":"+IFERROR(VLOOKUP($A1375,BD_INSUMOS2[],5,FALSE),\"\")","v":""},{"$f":"+IFERROR(VLOOKUP($A1375,BD_INSUMOS2[],6,FALSE),\"\")","v":""},{"$f":"+IFERROR(VLOOKUP($A1375,BD_INSUMOS2[],7,FALSE),\"\")","v":""},{"$f":"+IFERROR(VLOOKUP($A1375,BD_INSUMOS2[],8,FALSE),\"\")","v":""}]
[1365,{"$f":"+IFERROR(VLOOKUP($A1376,BD_INSUMOS2[],3,FALSE),\"\")","v":""},{"$f":"+IFERROR(VLOOKUP($A1376,BD_INSUMOS2[],5,FALSE),\"\")","v":""},{"$f":"+IFERROR(VLOOKUP($A1376,BD_INSUMOS2[],6,FALSE),\"\")","v":""},{"$f":"+IFERROR(VLOOKUP($A1376,BD_INSUMOS2[],7,FALSE),\"\")","v":""},{"$f":"+IFERROR(VLOOKUP($A1376,BD_INSUMOS2[],8,FALSE),\"\")","v":""}]
[1366,{"$f":"+IFERROR(VLOOKUP($A1377,BD_INSUMOS2[],3,FALSE),\"\")","v":""},{"$f":"+IFERROR(VLOOKUP($A1377,BD_INSUMOS2[],5,FALSE),\"\")","v":""},{"$f":"+IFERROR(VLOOKUP($A1377,BD_INSUMOS2[],6,FALSE),\"\")","v":""},{"$f":"+IFERROR(VLOOKUP($A1377,BD_INSUMOS2[],7,FALSE),\"\")","v":""},{"$f":"+IFERROR(VLOOKUP($A1377,BD_INSUMOS2[],8,FALSE),\"\")","v":""}]
[1367,{"$f":"+IFERROR(VLOOKUP($A1378,BD_INSUMOS2[],3,FALSE),\"\")","v":""},{"$f":"+IFERROR(VLOOKUP($A1378,BD_INSUMOS2[],5,FALSE),\"\")","v":""},{"$f":"+IFERROR(VLOOKUP($A1378,BD_INSUMOS2[],6,FALSE),\"\")","v":""},{"$f":"+IFERROR(VLOOKUP($A1378,BD_INSUMOS2[],7,FALSE),\"\")","v":""},{"$f":"+IFERROR(VLOOKUP($A1378,BD_INSUMOS2[],8,FALSE),\"\")","v":""}]
[1368,{"$f":"+IFERROR(VLOOKUP($A1379,BD_INSUMOS2[],3,FALSE),\"\")","v":""},{"$f":"+IFERROR(VLOOKUP($A1379,BD_INSUMOS2[],5,FALSE),\"\")","v":""},{"$f":"+IFERROR(VLOOKUP($A1379,BD_INSUMOS2[],6,FALSE),\"\")","v":""},{"$f":"+IFERROR(VLOOKUP($A1379,BD_INSUMOS2[],7,FALSE),\"\")","v":""},{"$f":"+IFERROR(VLOOKUP($A1379,BD_INSUMOS2[],8,FALSE),\"\")","v":""}]
[1369,{"$f":"+IFERROR(VLOOKUP($A1380,BD_INSUMOS2[],3,FALSE),\"\")","v":""},{"$f":"+IFERROR(VLOOKUP($A1380,BD_INSUMOS2[],5,FALSE),\"\")","v":""},{"$f":"+IFERROR(VLOOKUP($A1380,BD_INSUMOS2[],6,FALSE),\"\")","v":""},{"$f":"+IFERROR(VLOOKUP($A1380,BD_INSUMOS2[],7,FALSE),\"\")","v":""},{"$f":"+IFERROR(VLOOKUP($A1380,BD_INSUMOS2[],8,FALSE),\"\")","v":""}]
[1370,{"$f":"+IFERROR(VLOOKUP($A1381,BD_INSUMOS2[],3,FALSE),\"\")","v":""},{"$f":"+IFERROR(VLOOKUP($A1381,BD_INSUMOS2[],5,FALSE),\"\")","v":""},{"$f":"+IFERROR(VLOOKUP($A1381,BD_INSUMOS2[],6,FALSE),\"\")","v":""},{"$f":"+IFERROR(VLOOKUP($A1381,BD_INSUMOS2[],7,FALSE),\"\")","v":""},{"$f":"+IFERROR(VLOOKUP($A1381,BD_INSUMOS2[],8,FALSE),\"\")","v":""}]
[1371,{"$f":"+IFERROR(VLOOKUP($A1382,BD_INSUMOS2[],3,FALSE),\"\")","v":""},{"$f":"+IFERROR(VLOOKUP($A1382,BD_INSUMOS2[],5,FALSE),\"\")","v":""},{"$f":"+IFERROR(VLOOKUP($A1382,BD_INSUMOS2[],6,FALSE),\"\")","v":""},{"$f":"+IFERROR(VLOOKUP($A1382,BD_INSUMOS2[],7,FALSE),\"\")","v":""},{"$f":"+IFERROR(VLOOKUP($A1382,BD_INSUMOS2[],8,FALSE),\"\")","v":""}]
[1372,{"$f":"+IFERROR(VLOOKUP($A1383,BD_INSUMOS2[],3,FALSE),\"\")","v":""},{"$f":"+IFERROR(VLOOKUP($A1383,BD_INSUMOS2[],5,FALSE),\"\")","v":""},{"$f":"+IFERROR(VLOOKUP($A1383,BD_INSUMOS2[],6,FALSE),\"\")","v":""},{"$f":"+IFERROR(VLOOKUP($A1383,BD_INSUMOS2[],7,FALSE),\"\")","v":""},{"$f":"+IFERROR(VLOOKUP($A1383,BD_INSUMOS2[],8,FALSE),\"\")","v":""}]
[1373,{"$f":"+IFERROR(VLOOKUP($A1384,BD_INSUMOS2[],3,FALSE),\"\")","v":""},{"$f":"+IFERROR(VLOOKUP($A1384,BD_INSUMOS2[],5,FALSE),\"\")","v":""},{"$f":"+IFERROR(VLOOKUP($A1384,BD_INSUMOS2[],6,FALSE),\"\")","v":""},{"$f":"+IFERROR(VLOOKUP($A1384,BD_INSUMOS2[],7,FALSE),\"\")","v":""},{"$f":"+IFERROR(VLOOKUP($A1384,BD_INSUMOS2[],8,FALSE),\"\")","v":""}]
[1374,{"$f":"+IFERROR(VLOOKUP($A1385,BD_INSUMOS2[],3,FALSE),\"\")","v":""},{"$f":"+IFERROR(VLOOKUP($A1385,BD_INSUMOS2[],5,FALSE),\"\")","v":""},{"$f":"+IFERROR(VLOOKUP($A1385,BD_INSUMOS2[],6,FALSE),\"\")","v":""},{"$f":"+IFERROR(VLOOKUP($A1385,BD_INSUMOS2[],7,FALSE),\"\")","v":""},{"$f":"+IFERROR(VLOOKUP($A1385,BD_INSUMOS2[],8,FALSE),\"\")","v":""}]
[1375,{"$f":"+IFERROR(VLOOKUP($A1386,BD_INSUMOS2[],3,FALSE),\"\")","v":""},{"$f":"+IFERROR(VLOOKUP($A1386,BD_INSUMOS2[],5,FALSE),\"\")","v":""},{"$f":"+IFERROR(VLOOKUP($A1386,BD_INSUMOS2[],6,FALSE),\"\")","v":""},{"$f":"+IFERROR(VLOOKUP($A1386,BD_INSUMOS2[],7,FALSE),\"\")","v":""},{"$f":"+IFERROR(VLOOKUP($A1386,BD_INSUMOS2[],8,FALSE),\"\")","v":""}]
[1376,{"$f":"+IFERROR(VLOOKUP($A1387,BD_INSUMOS2[],3,FALSE),\"\")","v":""},{"$f":"+IFERROR(VLOOKUP($A1387,BD_INSUMOS2[],5,FALSE),\"\")","v":""},{"$f":"+IFERROR(VLOOKUP($A1387,BD_INSUMOS2[],6,FALSE),\"\")","v":""},{"$f":"+IFERROR(VLOOKUP($A1387,BD_INSUMOS2[],7,FALSE),\"\")","v":""},{"$f":"+IFERROR(VLOOKUP($A1387,BD_INSUMOS2[],8,FALSE),\"\")","v":""}]
[1377,{"$f":"+IFERROR(VLOOKUP($A1388,BD_INSUMOS2[],3,FALSE),\"\")","v":""},{"$f":"+IFERROR(VLOOKUP($A1388,BD_INSUMOS2[],5,FALSE),\"\")","v":""},{"$f":"+IFERROR(VLOOKUP($A1388,BD_INSUMOS2[],6,FALSE),\"\")","v":""},{"$f":"+IFERROR(VLOOKUP($A1388,BD_INSUMOS2[],7,FALSE),\"\")","v":""},{"$f":"+IFERROR(VLOOKUP($A1388,BD_INSUMOS2[],8,FALSE),\"\")","v":""}]
[1378,{"$f":"+IFERROR(VLOOKUP($A1389,BD_INSUMOS2[],3,FALSE),\"\")","v":""},{"$f":"+IFERROR(VLOOKUP($A1389,BD_INSUMOS2[],5,FALSE),\"\")","v":""},{"$f":"+IFERROR(VLOOKUP($A1389,BD_INSUMOS2[],6,FALSE),\"\")","v":""},{"$f":"+IFERROR(VLOOKUP($A1389,BD_INSUMOS2[],7,FALSE),\"\")","v":""},{"$f":"+IFERROR(VLOOKUP($A1389,BD_INSUMOS2[],8,FALSE),\"\")","v":""}]
[1379,{"$f":"+IFERROR(VLOOKUP($A1390,BD_INSUMOS2[],3,FALSE),\"\")","v":""},{"$f":"+IFERROR(VLOOKUP($A1390,BD_INSUMOS2[],5,FALSE),\"\")","v":""},{"$f":"+IFERROR(VLOOKUP($A1390,BD_INSUMOS2[],6,FALSE),\"\")","v":""},{"$f":"+IFERROR(VLOOKUP($A1390,BD_INSUMOS2[],7,FALSE),\"\")","v":""},{"$f":"+IFERROR(VLOOKUP($A1390,BD_INSUMOS2[],8,FALSE),\"\")","v":""}]
[1380,{"$f":"+IFERROR(VLOOKUP($A1391,BD_INSUMOS2[],3,FALSE),\"\")","v":""},{"$f":"+IFERROR(VLOOKUP($A1391,BD_INSUMOS2[],5,FALSE),\"\")","v":""},{"$f":"+IFERROR(VLOOKUP($A1391,BD_INSUMOS2[],6,FALSE),\"\")","v":""},{"$f":"+IFERROR(VLOOKUP($A1391,BD_INSUMOS2[],7,FALSE),\"\")","v":""},{"$f":"+IFERROR(VLOOKUP($A1391,BD_INSUMOS2[],8,FALSE),\"\")","v":""}]
[1381,{"$f":"+IFERROR(VLOOKUP($A1392,BD_INSUMOS2[],3,FALSE),\"\")","v":""},{"$f":"+IFERROR(VLOOKUP($A1392,BD_INSUMOS2[],5,FALSE),\"\")","v":""},{"$f":"+IFERROR(VLOOKUP($A1392,BD_INSUMOS2[],6,FALSE),\"\")","v":""},{"$f":"+IFERROR(VLOOKUP($A1392,BD_INSUMOS2[],7,FALSE),\"\")","v":""},{"$f":"+IFERROR(VLOOKUP($A1392,BD_INSUMOS2[],8,FALSE),\"\")","v":""}]
[1382,{"$f":"+IFERROR(VLOOKUP($A1393,BD_INSUMOS2[],3,FALSE),\"\")","v":""},{"$f":"+IFERROR(VLOOKUP($A1393,BD_INSUMOS2[],5,FALSE),\"\")","v":""},{"$f":"+IFERROR(VLOOKUP($A1393,BD_INSUMOS2[],6,FALSE),\"\")","v":""},{"$f":"+IFERROR(VLOOKUP($A1393,BD_INSUMOS2[],7,FALSE),\"\")","v":""},{"$f":"+IFERROR(VLOOKUP($A1393,BD_INSUMOS2[],8,FALSE),\"\")","v":""}]
[1383,{"$f":"+IFERROR(VLOOKUP($A1394,BD_INSUMOS2[],3,FALSE),\"\")","v":""},{"$f":"+IFERROR(VLOOKUP($A1394,BD_INSUMOS2[],5,FALSE),\"\")","v":""},{"$f":"+IFERROR(VLOOKUP($A1394,BD_INSUMOS2[],6,FALSE),\"\")","v":""},{"$f":"+IFERROR(VLOOKUP($A1394,BD_INSUMOS2[],7,FALSE),\"\")","v":""},{"$f":"+IFERROR(VLOOKUP($A1394,BD_INSUMOS2[],8,FALSE),\"\")","v":""}]
[1384,{"$f":"+IFERROR(VLOOKUP($A1395,BD_INSUMOS2[],3,FALSE),\"\")","v":""},{"$f":"+IFERROR(VLOOKUP($A1395,BD_INSUMOS2[],5,FALSE),\"\")","v":""},{"$f":"+IFERROR(VLOOKUP($A1395,BD_INSUMOS2[],6,FALSE),\"\")","v":""},{"$f":"+IFERROR(VLOOKUP($A1395,BD_INSUMOS2[],7,FALSE),\"\")","v":""},{"$f":"+IFERROR(VLOOKUP($A1395,BD_INSUMOS2[],8,FALSE),\"\")","v":""}]
[1385,{"$f":"+IFERROR(VLOOKUP($A1396,BD_INSUMOS2[],3,FALSE),\"\")","v":""},{"$f":"+IFERROR(VLOOKUP($A1396,BD_INSUMOS2[],5,FALSE),\"\")","v":""},{"$f":"+IFERROR(VLOOKUP($A1396,BD_INSUMOS2[],6,FALSE),\"\")","v":""},{"$f":"+IFERROR(VLOOKUP($A1396,BD_INSUMOS2[],7,FALSE),\"\")","v":""},{"$f":"+IFERROR(VLOOKUP($A1396,BD_INSUMOS2[],8,FALSE),\"\")","v":""}]
[1386,{"$f":"+IFERROR(VLOOKUP($A1397,BD_INSUMOS2[],3,FALSE),\"\")","v":""},{"$f":"+IFERROR(VLOOKUP($A1397,BD_INSUMOS2[],5,FALSE),\"\")","v":""},{"$f":"+IFERROR(VLOOKUP($A1397,BD_INSUMOS2[],6,FALSE),\"\")","v":""},{"$f":"+IFERROR(VLOOKUP($A1397,BD_INSUMOS2[],7,FALSE),\"\")","v":""},{"$f":"+IFERROR(VLOOKUP($A1397,BD_INSUMOS2[],8,FALSE),\"\")","v":""}]
[1387,{"$f":"+IFERROR(VLOOKUP($A1398,BD_INSUMOS2[],3,FALSE),\"\")","v":""},{"$f":"+IFERROR(VLOOKUP($A1398,BD_INSUMOS2[],5,FALSE),\"\")","v":""},{"$f":"+IFERROR(VLOOKUP($A1398,BD_INSUMOS2[],6,FALSE),\"\")","v":""},{"$f":"+IFERROR(VLOOKUP($A1398,BD_INSUMOS2[],7,FALSE),\"\")","v":""},{"$f":"+IFERROR(VLOOKUP($A1398,BD_INSUMOS2[],8,FALSE),\"\")","v":""}]
[1388,{"$f":"+IFERROR(VLOOKUP($A1399,BD_INSUMOS2[],3,FALSE),\"\")","v":""},{"$f":"+IFERROR(VLOOKUP($A1399,BD_INSUMOS2[],5,FALSE),\"\")","v":""},{"$f":"+IFERROR(VLOOKUP($A1399,BD_INSUMOS2[],6,FALSE),\"\")","v":""},{"$f":"+IFERROR(VLOOKUP($A1399,BD_INSUMOS2[],7,FALSE),\"\")","v":""},{"$f":"+IFERROR(VLOOKUP($A1399,BD_INSUMOS2[],8,FALSE),\"\")","v":""}]
[1389,{"$f":"+IFERROR(VLOOKUP($A1400,BD_INSUMOS2[],3,FALSE),\"\")","v":""},{"$f":"+IFERROR(VLOOKUP($A1400,BD_INSUMOS2[],5,FALSE),\"\")","v":""},{"$f":"+IFERROR(VLOOKUP($A1400,BD_INSUMOS2[],6,FALSE),\"\")","v":""},{"$f":"+IFERROR(VLOOKUP($A1400,BD_INSUMOS2[],7,FALSE),\"\")","v":""},{"$f":"+IFERROR(VLOOKUP($A1400,BD_INSUMOS2[],8,FALSE),\"\")","v":""}]
[1390,{"$f":"+IFERROR(VLOOKUP($A1401,BD_INSUMOS2[],3,FALSE),\"\")","v":""},{"$f":"+IFERROR(VLOOKUP($A1401,BD_INSUMOS2[],5,FALSE),\"\")","v":""},{"$f":"+IFERROR(VLOOKUP($A1401,BD_INSUMOS2[],6,FALSE),\"\")","v":""},{"$f":"+IFERROR(VLOOKUP($A1401,BD_INSUMOS2[],7,FALSE),\"\")","v":""},{"$f":"+IFERROR(VLOOKUP($A1401,BD_INSUMOS2[],8,FALSE),\"\")","v":""}]
[1391,{"$f":"+IFERROR(VLOOKUP($A1402,BD_INSUMOS2[],3,FALSE),\"\")","v":""},{"$f":"+IFERROR(VLOOKUP($A1402,BD_INSUMOS2[],5,FALSE),\"\")","v":""},{"$f":"+IFERROR(VLOOKUP($A1402,BD_INSUMOS2[],6,FALSE),\"\")","v":""},{"$f":"+IFERROR(VLOOKUP($A1402,BD_INSUMOS2[],7,FALSE),\"\")","v":""},{"$f":"+IFERROR(VLOOKUP($A1402,BD_INSUMOS2[],8,FALSE),\"\")","v":""}]
[1392,{"$f":"+IFERROR(VLOOKUP($A1403,BD_INSUMOS2[],3,FALSE),\"\")","v":""},{"$f":"+IFERROR(VLOOKUP($A1403,BD_INSUMOS2[],5,FALSE),\"\")","v":""},{"$f":"+IFERROR(VLOOKUP($A1403,BD_INSUMOS2[],6,FALSE),\"\")","v":""},{"$f":"+IFERROR(VLOOKUP($A1403,BD_INSUMOS2[],7,FALSE),\"\")","v":""},{"$f":"+IFERROR(VLOOKUP($A1403,BD_INSUMOS2[],8,FALSE),\"\")","v":""}]
[1393,{"$f":"+IFERROR(VLOOKUP($A1404,BD_INSUMOS2[],3,FALSE),\"\")","v":""},{"$f":"+IFERROR(VLOOKUP($A1404,BD_INSUMOS2[],5,FALSE),\"\")","v":""},{"$f":"+IFERROR(VLOOKUP($A1404,BD_INSUMOS2[],6,FALSE),\"\")","v":""},{"$f":"+IFERROR(VLOOKUP($A1404,BD_INSUMOS2[],7,FALSE),\"\")","v":""},{"$f":"+IFERROR(VLOOKUP($A1404,BD_INSUMOS2[],8,FALSE),\"\")","v":""}]
[1394,{"$f":"+IFERROR(VLOOKUP($A1405,BD_INSUMOS2[],3,FALSE),\"\")","v":""},{"$f":"+IFERROR(VLOOKUP($A1405,BD_INSUMOS2[],5,FALSE),\"\")","v":""},{"$f":"+IFERROR(VLOOKUP($A1405,BD_INSUMOS2[],6,FALSE),\"\")","v":""},{"$f":"+IFERROR(VLOOKUP($A1405,BD_INSUMOS2[],7,FALSE),\"\")","v":""},{"$f":"+IFERROR(VLOOKUP($A1405,BD_INSUMOS2[],8,FALSE),\"\")","v":""}]
[1395,{"$f":"+IFERROR(VLOOKUP($A1406,BD_INSUMOS2[],3,FALSE),\"\")","v":""},{"$f":"+IFERROR(VLOOKUP($A1406,BD_INSUMOS2[],5,FALSE),\"\")","v":""},{"$f":"+IFERROR(VLOOKUP($A1406,BD_INSUMOS2[],6,FALSE),\"\")","v":""},{"$f":"+IFERROR(VLOOKUP($A1406,BD_INSUMOS2[],7,FALSE),\"\")","v":""},{"$f":"+IFERROR(VLOOKUP($A1406,BD_INSUMOS2[],8,FALSE),\"\")","v":""}]
[1396,{"$f":"+IFERROR(VLOOKUP($A1407,BD_INSUMOS2[],3,FALSE),\"\")","v":""},{"$f":"+IFERROR(VLOOKUP($A1407,BD_INSUMOS2[],5,FALSE),\"\")","v":""},{"$f":"+IFERROR(VLOOKUP($A1407,BD_INSUMOS2[],6,FALSE),\"\")","v":""},{"$f":"+IFERROR(VLOOKUP($A1407,BD_INSUMOS2[],7,FALSE),\"\")","v":""},{"$f":"+IFERROR(VLOOKUP($A1407,BD_INSUMOS2[],8,FALSE),\"\")","v":""}]
[1397,{"$f":"+IFERROR(VLOOKUP($A1408,BD_INSUMOS2[],3,FALSE),\"\")","v":""},{"$f":"+IFERROR(VLOOKUP($A1408,BD_INSUMOS2[],5,FALSE),\"\")","v":""},{"$f":"+IFERROR(VLOOKUP($A1408,BD_INSUMOS2[],6,FALSE),\"\")","v":""},{"$f":"+IFERROR(VLOOKUP($A1408,BD_INSUMOS2[],7,FALSE),\"\")","v":""},{"$f":"+IFERROR(VLOOKUP($A1408,BD_INSUMOS2[],8,FALSE),\"\")","v":""}]
[1398,{"$f":"+IFERROR(VLOOKUP($A1409,BD_INSUMOS2[],3,FALSE),\"\")","v":""},{"$f":"+IFERROR(VLOOKUP($A1409,BD_INSUMOS2[],5,FALSE),\"\")","v":""},{"$f":"+IFERROR(VLOOKUP($A1409,BD_INSUMOS2[],6,FALSE),\"\")","v":""},{"$f":"+IFERROR(VLOOKUP($A1409,BD_INSUMOS2[],7,FALSE),\"\")","v":""},{"$f":"+IFERROR(VLOOKUP($A1409,BD_INSUMOS2[],8,FALSE),\"\")","v":""}]
[1399,{"$f":"+IFERROR(VLOOKUP($A1410,BD_INSUMOS2[],3,FALSE),\"\")","v":""},{"$f":"+IFERROR(VLOOKUP($A1410,BD_INSUMOS2[],5,FALSE),\"\")","v":""},{"$f":"+IFERROR(VLOOKUP($A1410,BD_INSUMOS2[],6,FALSE),\"\")","v":""},{"$f":"+IFERROR(VLOOKUP($A1410,BD_INSUMOS2[],7,FALSE),\"\")","v":""},{"$f":"+IFERROR(VLOOKUP($A1410,BD_INSUMOS2[],8,FALSE),\"\")","v":""}]
[1400,{"$f":"+IFERROR(VLOOKUP($A1411,BD_INSUMOS2[],3,FALSE),\"\")","v":""},{"$f":"+IFERROR(VLOOKUP($A1411,BD_INSUMOS2[],5,FALSE),\"\")","v":""},{"$f":"+IFERROR(VLOOKUP($A1411,BD_INSUMOS2[],6,FALSE),\"\")","v":""},{"$f":"+IFERROR(VLOOKUP($A1411,BD_INSUMOS2[],7,FALSE),\"\")","v":""},{"$f":"+IFERROR(VLOOKUP($A1411,BD_INSUMOS2[],8,FALSE),\"\")","v":""}]
[1401,{"$f":"+IFERROR(VLOOKUP($A1412,BD_INSUMOS2[],3,FALSE),\"\")","v":""},{"$f":"+IFERROR(VLOOKUP($A1412,BD_INSUMOS2[],5,FALSE),\"\")","v":""},{"$f":"+IFERROR(VLOOKUP($A1412,BD_INSUMOS2[],6,FALSE),\"\")","v":""},{"$f":"+IFERROR(VLOOKUP($A1412,BD_INSUMOS2[],7,FALSE),\"\")","v":""},{"$f":"+IFERROR(VLOOKUP($A1412,BD_INSUMOS2[],8,FALSE),\"\")","v":""}]
[1402,{"$f":"+IFERROR(VLOOKUP($A1413,BD_INSUMOS2[],3,FALSE),\"\")","v":""},{"$f":"+IFERROR(VLOOKUP($A1413,BD_INSUMOS2[],5,FALSE),\"\")","v":""},{"$f":"+IFERROR(VLOOKUP($A1413,BD_INSUMOS2[],6,FALSE),\"\")","v":""},{"$f":"+IFERROR(VLOOKUP($A1413,BD_INSUMOS2[],7,FALSE),\"\")","v":""},{"$f":"+IFERROR(VLOOKUP($A1413,BD_INSUMOS2[],8,FALSE),\"\")","v":""}]
[1403,{"$f":"+IFERROR(VLOOKUP($A1414,BD_INSUMOS2[],3,FALSE),\"\")","v":""},{"$f":"+IFERROR(VLOOKUP($A1414,BD_INSUMOS2[],5,FALSE),\"\")","v":""},{"$f":"+IFERROR(VLOOKUP($A1414,BD_INSUMOS2[],6,FALSE),\"\")","v":""},{"$f":"+IFERROR(VLOOKUP($A1414,BD_INSUMOS2[],7,FALSE),\"\")","v":""},{"$f":"+IFERROR(VLOOKUP($A1414,BD_INSUMOS2[],8,FALSE),\"\")","v":""}]
[1404,{"$f":"+IFERROR(VLOOKUP($A1415,BD_INSUMOS2[],3,FALSE),\"\")","v":""},{"$f":"+IFERROR(VLOOKUP($A1415,BD_INSUMOS2[],5,FALSE),\"\")","v":""},{"$f":"+IFERROR(VLOOKUP($A1415,BD_INSUMOS2[],6,FALSE),\"\")","v":""},{"$f":"+IFERROR(VLOOKUP($A1415,BD_INSUMOS2[],7,FALSE),\"\")","v":""},{"$f":"+IFERROR(VLOOKUP($A1415,BD_INSUMOS2[],8,FALSE),\"\")","v":""}]
[1405,{"$f":"+IFERROR(VLOOKUP($A1416,BD_INSUMOS2[],3,FALSE),\"\")","v":""},{"$f":"+IFERROR(VLOOKUP($A1416,BD_INSUMOS2[],5,FALSE),\"\")","v":""},{"$f":"+IFERROR(VLOOKUP($A1416,BD_INSUMOS2[],6,FALSE),\"\")","v":""},{"$f":"+IFERROR(VLOOKUP($A1416,BD_INSUMOS2[],7,FALSE),\"\")","v":""},{"$f":"+IFERROR(VLOOKUP($A1416,BD_INSUMOS2[],8,FALSE),\"\")","v":""}]
[1406,{"$f":"+IFERROR(VLOOKUP($A1417,BD_INSUMOS2[],3,FALSE),\"\")","v":""},{"$f":"+IFERROR(VLOOKUP($A1417,BD_INSUMOS2[],5,FALSE),\"\")","v":""},{"$f":"+IFERROR(VLOOKUP($A1417,BD_INSUMOS2[],6,FALSE),\"\")","v":""},{"$f":"+IFERROR(VLOOKUP($A1417,BD_INSUMOS2[],7,FALSE),\"\")","v":""},{"$f":"+IFERROR(VLOOKUP($A1417,BD_INSUMOS2[],8,FALSE),\"\")","v":""}]
[1407,{"$f":"+IFERROR(VLOOKUP($A1418,BD_INSUMOS2[],3,FALSE),\"\")","v":""},{"$f":"+IFERROR(VLOOKUP($A1418,BD_INSUMOS2[],5,FALSE),\"\")","v":""},{"$f":"+IFERROR(VLOOKUP($A1418,BD_INSUMOS2[],6,FALSE),\"\")","v":""},{"$f":"+IFERROR(VLOOKUP($A1418,BD_INSUMOS2[],7,FALSE),\"\")","v":""},{"$f":"+IFERROR(VLOOKUP($A1418,BD_INSUMOS2[],8,FALSE),\"\")","v":""}]
[1408,{"$f":"+IFERROR(VLOOKUP($A1419,BD_INSUMOS2[],3,FALSE),\"\")","v":""},{"$f":"+IFERROR(VLOOKUP($A1419,BD_INSUMOS2[],5,FALSE),\"\")","v":""},{"$f":"+IFERROR(VLOOKUP($A1419,BD_INSUMOS2[],6,FALSE),\"\")","v":""},{"$f":"+IFERROR(VLOOKUP($A1419,BD_INSUMOS2[],7,FALSE),\"\")","v":""},{"$f":"+IFERROR(VLOOKUP($A1419,BD_INSUMOS2[],8,FALSE),\"\")","v":""}]
[1409,{"$f":"+IFERROR(VLOOKUP($A1420,BD_INSUMOS2[],3,FALSE),\"\")","v":""},{"$f":"+IFERROR(VLOOKUP($A1420,BD_INSUMOS2[],5,FALSE),\"\")","v":""},{"$f":"+IFERROR(VLOOKUP($A1420,BD_INSUMOS2[],6,FALSE),\"\")","v":""},{"$f":"+IFERROR(VLOOKUP($A1420,BD_INSUMOS2[],7,FALSE),\"\")","v":""},{"$f":"+IFERROR(VLOOKUP($A1420,BD_INSUMOS2[],8,FALSE),\"\")","v":""}]
[1410,{"$f":"+IFERROR(VLOOKUP($A1421,BD_INSUMOS2[],3,FALSE),\"\")","v":""},{"$f":"+IFERROR(VLOOKUP($A1421,BD_INSUMOS2[],5,FALSE),\"\")","v":""},{"$f":"+IFERROR(VLOOKUP($A1421,BD_INSUMOS2[],6,FALSE),\"\")","v":""},{"$f":"+IFERROR(VLOOKUP($A1421,BD_INSUMOS2[],7,FALSE),\"\")","v":""},{"$f":"+IFERROR(VLOOKUP($A1421,BD_INSUMOS2[],8,FALSE),\"\")","v":""}]
[1411,{"$f":"+IFERROR(VLOOKUP($A1422,BD_INSUMOS2[],3,FALSE),\"\")","v":""},{"$f":"+IFERROR(VLOOKUP($A1422,BD_INSUMOS2[],5,FALSE),\"\")","v":""},{"$f":"+IFERROR(VLOOKUP($A1422,BD_INSUMOS2[],6,FALSE),\"\")","v":""},{"$f":"+IFERROR(VLOOKUP($A1422,BD_INSUMOS2[],7,FALSE),\"\")","v":""},{"$f":"+IFERROR(VLOOKUP($A1422,BD_INSUMOS2[],8,FALSE),\"\")","v":""}]
[1412,{"$f":"+IFERROR(VLOOKUP($A1423,BD_INSUMOS2[],3,FALSE),\"\")","v":""},{"$f":"+IFERROR(VLOOKUP($A1423,BD_INSUMOS2[],5,FALSE),\"\")","v":""},{"$f":"+IFERROR(VLOOKUP($A1423,BD_INSUMOS2[],6,FALSE),\"\")","v":""},{"$f":"+IFERROR(VLOOKUP($A1423,BD_INSUMOS2[],7,FALSE),\"\")","v":""},{"$f":"+IFERROR(VLOOKUP($A1423,BD_INSUMOS2[],8,FALSE),\"\")","v":""}]
[1413,{"$f":"+IFERROR(VLOOKUP($A1424,BD_INSUMOS2[],3,FALSE),\"\")","v":""},{"$f":"+IFERROR(VLOOKUP($A1424,BD_INSUMOS2[],5,FALSE),\"\")","v":""},{"$f":"+IFERROR(VLOOKUP($A1424,BD_INSUMOS2[],6,FALSE),\"\")","v":""},{"$f":"+IFERROR(VLOOKUP($A1424,BD_INSUMOS2[],7,FALSE),\"\")","v":""},{"$f":"+IFERROR(VLOOKUP($A1424,BD_INSUMOS2[],8,FALSE),\"\")","v":""}]
[1414,{"$f":"+IFERROR(VLOOKUP($A1425,BD_INSUMOS2[],3,FALSE),\"\")","v":""},{"$f":"+IFERROR(VLOOKUP($A1425,BD_INSUMOS2[],5,FALSE),\"\")","v":""},{"$f":"+IFERROR(VLOOKUP($A1425,BD_INSUMOS2[],6,FALSE),\"\")","v":""},{"$f":"+IFERROR(VLOOKUP($A1425,BD_INSUMOS2[],7,FALSE),\"\")","v":""},{"$f":"+IFERROR(VLOOKUP($A1425,BD_INSUMOS2[],8,FALSE),\"\")","v":""}]
[1415,{"$f":"+IFERROR(VLOOKUP($A1426,BD_INSUMOS2[],3,FALSE),\"\")","v":""},{"$f":"+IFERROR(VLOOKUP($A1426,BD_INSUMOS2[],5,FALSE),\"\")","v":""},{"$f":"+IFERROR(VLOOKUP($A1426,BD_INSUMOS2[],6,FALSE),\"\")","v":""},{"$f":"+IFERROR(VLOOKUP($A1426,BD_INSUMOS2[],7,FALSE),\"\")","v":""},{"$f":"+IFERROR(VLOOKUP($A1426,BD_INSUMOS2[],8,FALSE),\"\")","v":""}]
[1416,{"$f":"+IFERROR(VLOOKUP($A1427,BD_INSUMOS2[],3,FALSE),\"\")","v":""},{"$f":"+IFERROR(VLOOKUP($A1427,BD_INSUMOS2[],5,FALSE),\"\")","v":""},{"$f":"+IFERROR(VLOOKUP($A1427,BD_INSUMOS2[],6,FALSE),\"\")","v":""},{"$f":"+IFERROR(VLOOKUP($A1427,BD_INSUMOS2[],7,FALSE),\"\")","v":""},{"$f":"+IFERROR(VLOOKUP($A1427,BD_INSUMOS2[],8,FALSE),\"\")","v":""}]
[1417,{"$f":"+IFERROR(VLOOKUP($A1428,BD_INSUMOS2[],3,FALSE),\"\")","v":""},{"$f":"+IFERROR(VLOOKUP($A1428,BD_INSUMOS2[],5,FALSE),\"\")","v":""},{"$f":"+IFERROR(VLOOKUP($A1428,BD_INSUMOS2[],6,FALSE),\"\")","v":""},{"$f":"+IFERROR(VLOOKUP($A1428,BD_INSUMOS2[],7,FALSE),\"\")","v":""},{"$f":"+IFERROR(VLOOKUP($A1428,BD_INSUMOS2[],8,FALSE),\"\")","v":""}]
[1418,{"$f":"+IFERROR(VLOOKUP($A1429,BD_INSUMOS2[],3,FALSE),\"\")","v":""},{"$f":"+IFERROR(VLOOKUP($A1429,BD_INSUMOS2[],5,FALSE),\"\")","v":""},{"$f":"+IFERROR(VLOOKUP($A1429,BD_INSUMOS2[],6,FALSE),\"\")","v":""},{"$f":"+IFERROR(VLOOKUP($A1429,BD_INSUMOS2[],7,FALSE),\"\")","v":""},{"$f":"+IFERROR(VLOOKUP($A1429,BD_INSUMOS2[],8,FALSE),\"\")","v":""}]
[1419,{"$f":"+IFERROR(VLOOKUP($A1430,BD_INSUMOS2[],3,FALSE),\"\")","v":""},{"$f":"+IFERROR(VLOOKUP($A1430,BD_INSUMOS2[],5,FALSE),\"\")","v":""},{"$f":"+IFERROR(VLOOKUP($A1430,BD_INSUMOS2[],6,FALSE),\"\")","v":""},{"$f":"+IFERROR(VLOOKUP($A1430,BD_INSUMOS2[],7,FALSE),\"\")","v":""},{"$f":"+IFERROR(VLOOKUP($A1430,BD_INSUMOS2[],8,FALSE),\"\")","v":""}]
[1420,{"$f":"+IFERROR(VLOOKUP($A1431,BD_INSUMOS2[],3,FALSE),\"\")","v":""},{"$f":"+IFERROR(VLOOKUP($A1431,BD_INSUMOS2[],5,FALSE),\"\")","v":""},{"$f":"+IFERROR(VLOOKUP($A1431,BD_INSUMOS2[],6,FALSE),\"\")","v":""},{"$f":"+IFERROR(VLOOKUP($A1431,BD_INSUMOS2[],7,FALSE),\"\")","v":""},{"$f":"+IFERROR(VLOOKUP($A1431,BD_INSUMOS2[],8,FALSE),\"\")","v":""}]
[1421,{"$f":"+IFERROR(VLOOKUP($A1432,BD_INSUMOS2[],3,FALSE),\"\")","v":""},{"$f":"+IFERROR(VLOOKUP($A1432,BD_INSUMOS2[],5,FALSE),\"\")","v":""},{"$f":"+IFERROR(VLOOKUP($A1432,BD_INSUMOS2[],6,FALSE),\"\")","v":""},{"$f":"+IFERROR(VLOOKUP($A1432,BD_INSUMOS2[],7,FALSE),\"\")","v":""},{"$f":"+IFERROR(VLOOKUP($A1432,BD_INSUMOS2[],8,FALSE),\"\")","v":""}]
[1422,{"$f":"+IFERROR(VLOOKUP($A1433,BD_INSUMOS2[],3,FALSE),\"\")","v":""},{"$f":"+IFERROR(VLOOKUP($A1433,BD_INSUMOS2[],5,FALSE),\"\")","v":""},{"$f":"+IFERROR(VLOOKUP($A1433,BD_INSUMOS2[],6,FALSE),\"\")","v":""},{"$f":"+IFERROR(VLOOKUP($A1433,BD_INSUMOS2[],7,FALSE),\"\")","v":""},{"$f":"+IFERROR(VLOOKUP($A1433,BD_INSUMOS2[],8,FALSE),\"\")","v":""}]
[1423,{"$f":"+IFERROR(VLOOKUP($A1434,BD_INSUMOS2[],3,FALSE),\"\")","v":""},{"$f":"+IFERROR(VLOOKUP($A1434,BD_INSUMOS2[],5,FALSE),\"\")","v":""},{"$f":"+IFERROR(VLOOKUP($A1434,BD_INSUMOS2[],6,FALSE),\"\")","v":""},{"$f":"+IFERROR(VLOOKUP($A1434,BD_INSUMOS2[],7,FALSE),\"\")","v":""},{"$f":"+IFERROR(VLOOKUP($A1434,BD_INSUMOS2[],8,FALSE),\"\")","v":""}]
[1424,{"$f":"+IFERROR(VLOOKUP($A1435,BD_INSUMOS2[],3,FALSE),\"\")","v":""},{"$f":"+IFERROR(VLOOKUP($A1435,BD_INSUMOS2[],5,FALSE),\"\")","v":""},{"$f":"+IFERROR(VLOOKUP($A1435,BD_INSUMOS2[],6,FALSE),\"\")","v":""},{"$f":"+IFERROR(VLOOKUP($A1435,BD_INSUMOS2[],7,FALSE),\"\")","v":""},{"$f":"+IFERROR(VLOOKUP($A1435,BD_INSUMOS2[],8,FALSE),\"\")","v":""}]
[1425,{"$f":"+IFERROR(VLOOKUP($A1436,BD_INSUMOS2[],3,FALSE),\"\")","v":""},{"$f":"+IFERROR(VLOOKUP($A1436,BD_INSUMOS2[],5,FALSE),\"\")","v":""},{"$f":"+IFERROR(VLOOKUP($A1436,BD_INSUMOS2[],6,FALSE),\"\")","v":""},{"$f":"+IFERROR(VLOOKUP($A1436,BD_INSUMOS2[],7,FALSE),\"\")","v":""},{"$f":"+IFERROR(VLOOKUP($A1436,BD_INSUMOS2[],8,FALSE),\"\")","v":""}]
[1426,{"$f":"+IFERROR(VLOOKUP($A1437,BD_INSUMOS2[],3,FALSE),\"\")","v":""},{"$f":"+IFERROR(VLOOKUP($A1437,BD_INSUMOS2[],5,FALSE),\"\")","v":""},{"$f":"+IFERROR(VLOOKUP($A1437,BD_INSUMOS2[],6,FALSE),\"\")","v":""},{"$f":"+IFERROR(VLOOKUP($A1437,BD_INSUMOS2[],7,FALSE),\"\")","v":""},{"$f":"+IFERROR(VLOOKUP($A1437,BD_INSUMOS2[],8,FALSE),\"\")","v":""}]
[1427,{"$f":"+IFERROR(VLOOKUP($A1438,BD_INSUMOS2[],3,FALSE),\"\")","v":""},{"$f":"+IFERROR(VLOOKUP($A1438,BD_INSUMOS2[],5,FALSE),\"\")","v":""},{"$f":"+IFERROR(VLOOKUP($A1438,BD_INSUMOS2[],6,FALSE),\"\")","v":""},{"$f":"+IFERROR(VLOOKUP($A1438,BD_INSUMOS2[],7,FALSE),\"\")","v":""},{"$f":"+IFERROR(VLOOKUP($A1438,BD_INSUMOS2[],8,FALSE),\"\")","v":""}]
[1428,{"$f":"+IFERROR(VLOOKUP($A1439,BD_INSUMOS2[],3,FALSE),\"\")","v":""},{"$f":"+IFERROR(VLOOKUP($A1439,BD_INSUMOS2[],5,FALSE),\"\")","v":""},{"$f":"+IFERROR(VLOOKUP($A1439,BD_INSUMOS2[],6,FALSE),\"\")","v":""},{"$f":"+IFERROR(VLOOKUP($A1439,BD_INSUMOS2[],7,FALSE),\"\")","v":""},{"$f":"+IFERROR(VLOOKUP($A1439,BD_INSUMOS2[],8,FALSE),\"\")","v":""}]
[1429,{"$f":"+IFERROR(VLOOKUP($A1440,BD_INSUMOS2[],3,FALSE),\"\")","v":""},{"$f":"+IFERROR(VLOOKUP($A1440,BD_INSUMOS2[],5,FALSE),\"\")","v":""},{"$f":"+IFERROR(VLOOKUP($A1440,BD_INSUMOS2[],6,FALSE),\"\")","v":""},{"$f":"+IFERROR(VLOOKUP($A1440,BD_INSUMOS2[],7,FALSE),\"\")","v":""},{"$f":"+IFERROR(VLOOKUP($A1440,BD_INSUMOS2[],8,FALSE),\"\")","v":""}]
[1430,{"$f":"+IFERROR(VLOOKUP($A1441,BD_INSUMOS2[],3,FALSE),\"\")","v":""},{"$f":"+IFERROR(VLOOKUP($A1441,BD_INSUMOS2[],5,FALSE),\"\")","v":""},{"$f":"+IFERROR(VLOOKUP($A1441,BD_INSUMOS2[],6,FALSE),\"\")","v":""},{"$f":"+IFERROR(VLOOKUP($A1441,BD_INSUMOS2[],7,FALSE),\"\")","v":""},{"$f":"+IFERROR(VLOOKUP($A1441,BD_INSUMOS2[],8,FALSE),\"\")","v":""}]
[1431,{"$f":"+IFERROR(VLOOKUP($A1442,BD_INSUMOS2[],3,FALSE),\"\")","v":""},{"$f":"+IFERROR(VLOOKUP($A1442,BD_INSUMOS2[],5,FALSE),\"\")","v":""},{"$f":"+IFERROR(VLOOKUP($A1442,BD_INSUMOS2[],6,FALSE),\"\")","v":""},{"$f":"+IFERROR(VLOOKUP($A1442,BD_INSUMOS2[],7,FALSE),\"\")","v":""},{"$f":"+IFERROR(VLOOKUP($A1442,BD_INSUMOS2[],8,FALSE),\"\")","v":""}]
[1432,{"$f":"+IFERROR(VLOOKUP($A1443,BD_INSUMOS2[],3,FALSE),\"\")","v":""},{"$f":"+IFERROR(VLOOKUP($A1443,BD_INSUMOS2[],5,FALSE),\"\")","v":""},{"$f":"+IFERROR(VLOOKUP($A1443,BD_INSUMOS2[],6,FALSE),\"\")","v":""},{"$f":"+IFERROR(VLOOKUP($A1443,BD_INSUMOS2[],7,FALSE),\"\")","v":""},{"$f":"+IFERROR(VLOOKUP($A1443,BD_INSUMOS2[],8,FALSE),\"\")","v":""}]
[1433,{"$f":"+IFERROR(VLOOKUP($A1444,BD_INSUMOS2[],3,FALSE),\"\")","v":""},{"$f":"+IFERROR(VLOOKUP($A1444,BD_INSUMOS2[],5,FALSE),\"\")","v":""},{"$f":"+IFERROR(VLOOKUP($A1444,BD_INSUMOS2[],6,FALSE),\"\")","v":""},{"$f":"+IFERROR(VLOOKUP($A1444,BD_INSUMOS2[],7,FALSE),\"\")","v":""},{"$f":"+IFERROR(VLOOKUP($A1444,BD_INSUMOS2[],8,FALSE),\"\")","v":""}]
[1434,{"$f":"+IFERROR(VLOOKUP($A1445,BD_INSUMOS2[],3,FALSE),\"\")","v":""},{"$f":"+IFERROR(VLOOKUP($A1445,BD_INSUMOS2[],5,FALSE),\"\")","v":""},{"$f":"+IFERROR(VLOOKUP($A1445,BD_INSUMOS2[],6,FALSE),\"\")","v":""},{"$f":"+IFERROR(VLOOKUP($A1445,BD_INSUMOS2[],7,FALSE),\"\")","v":""},{"$f":"+IFERROR(VLOOKUP($A1445,BD_INSUMOS2[],8,FALSE),\"\")","v":""}]
[1435,{"$f":"+IFERROR(VLOOKUP($A1446,BD_INSUMOS2[],3,FALSE),\"\")","v":""},{"$f":"+IFERROR(VLOOKUP($A1446,BD_INSUMOS2[],5,FALSE),\"\")","v":""},{"$f":"+IFERROR(VLOOKUP($A1446,BD_INSUMOS2[],6,FALSE),\"\")","v":""},{"$f":"+IFERROR(VLOOKUP($A1446,BD_INSUMOS2[],7,FALSE),\"\")","v":""},{"$f":"+IFERROR(VLOOKUP($A1446,BD_INSUMOS2[],8,FALSE),\"\")","v":""}]
[1436,{"$f":"+IFERROR(VLOOKUP($A1447,BD_INSUMOS2[],3,FALSE),\"\")","v":""},{"$f":"+IFERROR(VLOOKUP($A1447,BD_INSUMOS2[],5,FALSE),\"\")","v":""},{"$f":"+IFERROR(VLOOKUP($A1447,BD_INSUMOS2[],6,FALSE),\"\")","v":""},{"$f":"+IFERROR(VLOOKUP($A1447,BD_INSUMOS2[],7,FALSE),\"\")","v":""},{"$f":"+IFERROR(VLOOKUP($A1447,BD_INSUMOS2[],8,FALSE),\"\")","v":""}]
[1437,{"$f":"+IFERROR(VLOOKUP($A1448,BD_INSUMOS2[],3,FALSE),\"\")","v":""},{"$f":"+IFERROR(VLOOKUP($A1448,BD_INSUMOS2[],5,FALSE),\"\")","v":""},{"$f":"+IFERROR(VLOOKUP($A1448,BD_INSUMOS2[],6,FALSE),\"\")","v":""},{"$f":"+IFERROR(VLOOKUP($A1448,BD_INSUMOS2[],7,FALSE),\"\")","v":""},{"$f":"+IFERROR(VLOOKUP($A1448,BD_INSUMOS2[],8,FALSE),\"\")","v":""}]
[1438,{"$f":"+IFERROR(VLOOKUP($A1449,BD_INSUMOS2[],3,FALSE),\"\")","v":""},{"$f":"+IFERROR(VLOOKUP($A1449,BD_INSUMOS2[],5,FALSE),\"\")","v":""},{"$f":"+IFERROR(VLOOKUP($A1449,BD_INSUMOS2[],6,FALSE),\"\")","v":""},{"$f":"+IFERROR(VLOOKUP($A1449,BD_INSUMOS2[],7,FALSE),\"\")","v":""},{"$f":"+IFERROR(VLOOKUP($A1449,BD_INSUMOS2[],8,FALSE),\"\")","v":""}]
[1439,{"$f":"+IFERROR(VLOOKUP($A1450,BD_INSUMOS2[],3,FALSE),\"\")","v":""},{"$f":"+IFERROR(VLOOKUP($A1450,BD_INSUMOS2[],5,FALSE),\"\")","v":""},{"$f":"+IFERROR(VLOOKUP($A1450,BD_INSUMOS2[],6,FALSE),\"\")","v":""},{"$f":"+IFERROR(VLOOKUP($A1450,BD_INSUMOS2[],7,FALSE),\"\")","v":""},{"$f":"+IFERROR(VLOOKUP($A1450,BD_INSUMOS2[],8,FALSE),\"\")","v":""}]
[1440,{"$f":"+IFERROR(VLOOKUP($A1451,BD_INSUMOS2[],3,FALSE),\"\")","v":""},{"$f":"+IFERROR(VLOOKUP($A1451,BD_INSUMOS2[],5,FALSE),\"\")","v":""},{"$f":"+IFERROR(VLOOKUP($A1451,BD_INSUMOS2[],6,FALSE),\"\")","v":""},{"$f":"+IFERROR(VLOOKUP($A1451,BD_INSUMOS2[],7,FALSE),\"\")","v":""},{"$f":"+IFERROR(VLOOKUP($A1451,BD_INSUMOS2[],8,FALSE),\"\")","v":""}]
[1441,{"$f":"+IFERROR(VLOOKUP($A1452,BD_INSUMOS2[],3,FALSE),\"\")","v":""},{"$f":"+IFERROR(VLOOKUP($A1452,BD_INSUMOS2[],5,FALSE),\"\")","v":""},{"$f":"+IFERROR(VLOOKUP($A1452,BD_INSUMOS2[],6,FALSE),\"\")","v":""},{"$f":"+IFERROR(VLOOKUP($A1452,BD_INSUMOS2[],7,FALSE),\"\")","v":""},{"$f":"+IFERROR(VLOOKUP($A1452,BD_INSUMOS2[],8,FALSE),\"\")","v":""}]
[1442,{"$f":"+IFERROR(VLOOKUP($A1453,BD_INSUMOS2[],3,FALSE),\"\")","v":""},{"$f":"+IFERROR(VLOOKUP($A1453,BD_INSUMOS2[],5,FALSE),\"\")","v":""},{"$f":"+IFERROR(VLOOKUP($A1453,BD_INSUMOS2[],6,FALSE),\"\")","v":""},{"$f":"+IFERROR(VLOOKUP($A1453,BD_INSUMOS2[],7,FALSE),\"\")","v":""},{"$f":"+IFERROR(VLOOKUP($A1453,BD_INSUMOS2[],8,FALSE),\"\")","v":""}]
[1443,{"$f":"+IFERROR(VLOOKUP($A1454,BD_INSUMOS2[],3,FALSE),\"\")","v":""},{"$f":"+IFERROR(VLOOKUP($A1454,BD_INSUMOS2[],5,FALSE),\"\")","v":""},{"$f":"+IFERROR(VLOOKUP($A1454,BD_INSUMOS2[],6,FALSE),\"\")","v":""},{"$f":"+IFERROR(VLOOKUP($A1454,BD_INSUMOS2[],7,FALSE),\"\")","v":""},{"$f":"+IFERROR(VLOOKUP($A1454,BD_INSUMOS2[],8,FALSE),\"\")","v":""}]
[1444,{"$f":"+IFERROR(VLOOKUP($A1455,BD_INSUMOS2[],3,FALSE),\"\")","v":""},{"$f":"+IFERROR(VLOOKUP($A1455,BD_INSUMOS2[],5,FALSE),\"\")","v":""},{"$f":"+IFERROR(VLOOKUP($A1455,BD_INSUMOS2[],6,FALSE),\"\")","v":""},{"$f":"+IFERROR(VLOOKUP($A1455,BD_INSUMOS2[],7,FALSE),\"\")","v":""},{"$f":"+IFERROR(VLOOKUP($A1455,BD_INSUMOS2[],8,FALSE),\"\")","v":""}]
[1445,{"$f":"+IFERROR(VLOOKUP($A1456,BD_INSUMOS2[],3,FALSE),\"\")","v":""},{"$f":"+IFERROR(VLOOKUP($A1456,BD_INSUMOS2[],5,FALSE),\"\")","v":""},{"$f":"+IFERROR(VLOOKUP($A1456,BD_INSUMOS2[],6,FALSE),\"\")","v":""},{"$f":"+IFERROR(VLOOKUP($A1456,BD_INSUMOS2[],7,FALSE),\"\")","v":""},{"$f":"+IFERROR(VLOOKUP($A1456,BD_INSUMOS2[],8,FALSE),\"\")","v":""}]
[1446,{"$f":"+IFERROR(VLOOKUP($A1457,BD_INSUMOS2[],3,FALSE),\"\")","v":""},{"$f":"+IFERROR(VLOOKUP($A1457,BD_INSUMOS2[],5,FALSE),\"\")","v":""},{"$f":"+IFERROR(VLOOKUP($A1457,BD_INSUMOS2[],6,FALSE),\"\")","v":""},{"$f":"+IFERROR(VLOOKUP($A1457,BD_INSUMOS2[],7,FALSE),\"\")","v":""},{"$f":"+IFERROR(VLOOKUP($A1457,BD_INSUMOS2[],8,FALSE),\"\")","v":""}]
[1447,{"$f":"+IFERROR(VLOOKUP($A1458,BD_INSUMOS2[],3,FALSE),\"\")","v":""},{"$f":"+IFERROR(VLOOKUP($A1458,BD_INSUMOS2[],5,FALSE),\"\")","v":""},{"$f":"+IFERROR(VLOOKUP($A1458,BD_INSUMOS2[],6,FALSE),\"\")","v":""},{"$f":"+IFERROR(VLOOKUP($A1458,BD_INSUMOS2[],7,FALSE),\"\")","v":""},{"$f":"+IFERROR(VLOOKUP($A1458,BD_INSUMOS2[],8,FALSE),\"\")","v":""}]
[1448,{"$f":"+IFERROR(VLOOKUP($A1459,BD_INSUMOS2[],3,FALSE),\"\")","v":""},{"$f":"+IFERROR(VLOOKUP($A1459,BD_INSUMOS2[],5,FALSE),\"\")","v":""},{"$f":"+IFERROR(VLOOKUP($A1459,BD_INSUMOS2[],6,FALSE),\"\")","v":""},{"$f":"+IFERROR(VLOOKUP($A1459,BD_INSUMOS2[],7,FALSE),\"\")","v":""},{"$f":"+IFERROR(VLOOKUP($A1459,BD_INSUMOS2[],8,FALSE),\"\")","v":""}]
[1449,{"$f":"+IFERROR(VLOOKUP($A1460,BD_INSUMOS2[],3,FALSE),\"\")","v":""},{"$f":"+IFERROR(VLOOKUP($A1460,BD_INSUMOS2[],5,FALSE),\"\")","v":""},{"$f":"+IFERROR(VLOOKUP($A1460,BD_INSUMOS2[],6,FALSE),\"\")","v":""},{"$f":"+IFERROR(VLOOKUP($A1460,BD_INSUMOS2[],7,FALSE),\"\")","v":""},{"$f":"+IFERROR(VLOOKUP($A1460,BD_INSUMOS2[],8,FALSE),\"\")","v":""}]
[1450,{"$f":"+IFERROR(VLOOKUP($A1461,BD_INSUMOS2[],3,FALSE),\"\")","v":""},{"$f":"+IFERROR(VLOOKUP($A1461,BD_INSUMOS2[],5,FALSE),\"\")","v":""},{"$f":"+IFERROR(VLOOKUP($A1461,BD_INSUMOS2[],6,FALSE),\"\")","v":""},{"$f":"+IFERROR(VLOOKUP($A1461,BD_INSUMOS2[],7,FALSE),\"\")","v":""},{"$f":"+IFERROR(VLOOKUP($A1461,BD_INSUMOS2[],8,FALSE),\"\")","v":""}]
[1451,{"$f":"+IFERROR(VLOOKUP($A1462,BD_INSUMOS2[],3,FALSE),\"\")","v":""},{"$f":"+IFERROR(VLOOKUP($A1462,BD_INSUMOS2[],5,FALSE),\"\")","v":""},{"$f":"+IFERROR(VLOOKUP($A1462,BD_INSUMOS2[],6,FALSE),\"\")","v":""},{"$f":"+IFERROR(VLOOKUP($A1462,BD_INSUMOS2[],7,FALSE),\"\")","v":""},{"$f":"+IFERROR(VLOOKUP($A1462,BD_INSUMOS2[],8,FALSE),\"\")","v":""}]
[1452,{"$f":"+IFERROR(VLOOKUP($A1463,BD_INSUMOS2[],3,FALSE),\"\")","v":""},{"$f":"+IFERROR(VLOOKUP($A1463,BD_INSUMOS2[],5,FALSE),\"\")","v":""},{"$f":"+IFERROR(VLOOKUP($A1463,BD_INSUMOS2[],6,FALSE),\"\")","v":""},{"$f":"+IFERROR(VLOOKUP($A1463,BD_INSUMOS2[],7,FALSE),\"\")","v":""},{"$f":"+IFERROR(VLOOKUP($A1463,BD_INSUMOS2[],8,FALSE),\"\")","v":""}]
[1453,{"$f":"+IFERROR(VLOOKUP($A1464,BD_INSUMOS2[],3,FALSE),\"\")","v":""},{"$f":"+IFERROR(VLOOKUP($A1464,BD_INSUMOS2[],5,FALSE),\"\")","v":""},{"$f":"+IFERROR(VLOOKUP($A1464,BD_INSUMOS2[],6,FALSE),\"\")","v":""},{"$f":"+IFERROR(VLOOKUP($A1464,BD_INSUMOS2[],7,FALSE),\"\")","v":""},{"$f":"+IFERROR(VLOOKUP($A1464,BD_INSUMOS2[],8,FALSE),\"\")","v":""}]
[1454,{"$f":"+IFERROR(VLOOKUP($A1465,BD_INSUMOS2[],3,FALSE),\"\")","v":""},{"$f":"+IFERROR(VLOOKUP($A1465,BD_INSUMOS2[],5,FALSE),\"\")","v":""},{"$f":"+IFERROR(VLOOKUP($A1465,BD_INSUMOS2[],6,FALSE),\"\")","v":""},{"$f":"+IFERROR(VLOOKUP($A1465,BD_INSUMOS2[],7,FALSE),\"\")","v":""},{"$f":"+IFERROR(VLOOKUP($A1465,BD_INSUMOS2[],8,FALSE),\"\")","v":""}]
[1455,{"$f":"+IFERROR(VLOOKUP($A1466,BD_INSUMOS2[],3,FALSE),\"\")","v":""},{"$f":"+IFERROR(VLOOKUP($A1466,BD_INSUMOS2[],5,FALSE),\"\")","v":""},{"$f":"+IFERROR(VLOOKUP($A1466,BD_INSUMOS2[],6,FALSE),\"\")","v":""},{"$f":"+IFERROR(VLOOKUP($A1466,BD_INSUMOS2[],7,FALSE),\"\")","v":""},{"$f":"+IFERROR(VLOOKUP($A1466,BD_INSUMOS2[],8,FALSE),\"\")","v":""}]
[1456,{"$f":"+IFERROR(VLOOKUP($A1467,BD_INSUMOS2[],3,FALSE),\"\")","v":""},{"$f":"+IFERROR(VLOOKUP($A1467,BD_INSUMOS2[],5,FALSE),\"\")","v":""},{"$f":"+IFERROR(VLOOKUP($A1467,BD_INSUMOS2[],6,FALSE),\"\")","v":""},{"$f":"+IFERROR(VLOOKUP($A1467,BD_INSUMOS2[],7,FALSE),\"\")","v":""},{"$f":"+IFERROR(VLOOKUP($A1467,BD_INSUMOS2[],8,FALSE),\"\")","v":""}]
[1457,{"$f":"+IFERROR(VLOOKUP($A1468,BD_INSUMOS2[],3,FALSE),\"\")","v":""},{"$f":"+IFERROR(VLOOKUP($A1468,BD_INSUMOS2[],5,FALSE),\"\")","v":""},{"$f":"+IFERROR(VLOOKUP($A1468,BD_INSUMOS2[],6,FALSE),\"\")","v":""},{"$f":"+IFERROR(VLOOKUP($A1468,BD_INSUMOS2[],7,FALSE),\"\")","v":""},{"$f":"+IFERROR(VLOOKUP($A1468,BD_INSUMOS2[],8,FALSE),\"\")","v":""}]
[1458,{"$f":"+IFERROR(VLOOKUP($A1469,BD_INSUMOS2[],3,FALSE),\"\")","v":""},{"$f":"+IFERROR(VLOOKUP($A1469,BD_INSUMOS2[],5,FALSE),\"\")","v":""},{"$f":"+IFERROR(VLOOKUP($A1469,BD_INSUMOS2[],6,FALSE),\"\")","v":""},{"$f":"+IFERROR(VLOOKUP($A1469,BD_INSUMOS2[],7,FALSE),\"\")","v":""},{"$f":"+IFERROR(VLOOKUP($A1469,BD_INSUMOS2[],8,FALSE),\"\")","v":""}]
[1459,{"$f":"+IFERROR(VLOOKUP($A1470,BD_INSUMOS2[],3,FALSE),\"\")","v":""},{"$f":"+IFERROR(VLOOKUP($A1470,BD_INSUMOS2[],5,FALSE),\"\")","v":""},{"$f":"+IFERROR(VLOOKUP($A1470,BD_INSUMOS2[],6,FALSE),\"\")","v":""},{"$f":"+IFERROR(VLOOKUP($A1470,BD_INSUMOS2[],7,FALSE),\"\")","v":""},{"$f":"+IFERROR(VLOOKUP($A1470,BD_INSUMOS2[],8,FALSE),\"\")","v":""}]
[1460,{"$f":"+IFERROR(VLOOKUP($A1471,BD_INSUMOS2[],3,FALSE),\"\")","v":""},{"$f":"+IFERROR(VLOOKUP($A1471,BD_INSUMOS2[],5,FALSE),\"\")","v":""},{"$f":"+IFERROR(VLOOKUP($A1471,BD_INSUMOS2[],6,FALSE),\"\")","v":""},{"$f":"+IFERROR(VLOOKUP($A1471,BD_INSUMOS2[],7,FALSE),\"\")","v":""},{"$f":"+IFERROR(VLOOKUP($A1471,BD_INSUMOS2[],8,FALSE),\"\")","v":""}]
[1461,{"$f":"+IFERROR(VLOOKUP($A1472,BD_INSUMOS2[],3,FALSE),\"\")","v":""},{"$f":"+IFERROR(VLOOKUP($A1472,BD_INSUMOS2[],5,FALSE),\"\")","v":""},{"$f":"+IFERROR(VLOOKUP($A1472,BD_INSUMOS2[],6,FALSE),\"\")","v":""},{"$f":"+IFERROR(VLOOKUP($A1472,BD_INSUMOS2[],7,FALSE),\"\")","v":""},{"$f":"+IFERROR(VLOOKUP($A1472,BD_INSUMOS2[],8,FALSE),\"\")","v":""}]
[1462,{"$f":"+IFERROR(VLOOKUP($A1473,BD_INSUMOS2[],3,FALSE),\"\")","v":""},{"$f":"+IFERROR(VLOOKUP($A1473,BD_INSUMOS2[],5,FALSE),\"\")","v":""},{"$f":"+IFERROR(VLOOKUP($A1473,BD_INSUMOS2[],6,FALSE),\"\")","v":""},{"$f":"+IFERROR(VLOOKUP($A1473,BD_INSUMOS2[],7,FALSE),\"\")","v":""},{"$f":"+IFERROR(VLOOKUP($A1473,BD_INSUMOS2[],8,FALSE),\"\")","v":""}]
[1463,{"$f":"+IFERROR(VLOOKUP($A1474,BD_INSUMOS2[],3,FALSE),\"\")","v":""},{"$f":"+IFERROR(VLOOKUP($A1474,BD_INSUMOS2[],5,FALSE),\"\")","v":""},{"$f":"+IFERROR(VLOOKUP($A1474,BD_INSUMOS2[],6,FALSE),\"\")","v":""},{"$f":"+IFERROR(VLOOKUP($A1474,BD_INSUMOS2[],7,FALSE),\"\")","v":""},{"$f":"+IFERROR(VLOOKUP($A1474,BD_INSUMOS2[],8,FALSE),\"\")","v":""}]
[1464,{"$f":"+IFERROR(VLOOKUP($A1475,BD_INSUMOS2[],3,FALSE),\"\")","v":""},{"$f":"+IFERROR(VLOOKUP($A1475,BD_INSUMOS2[],5,FALSE),\"\")","v":""},{"$f":"+IFERROR(VLOOKUP($A1475,BD_INSUMOS2[],6,FALSE),\"\")","v":""},{"$f":"+IFERROR(VLOOKUP($A1475,BD_INSUMOS2[],7,FALSE),\"\")","v":""},{"$f":"+IFERROR(VLOOKUP($A1475,BD_INSUMOS2[],8,FALSE),\"\")","v":""}]
[1465,{"$f":"+IFERROR(VLOOKUP($A1476,BD_INSUMOS2[],3,FALSE),\"\")","v":""},{"$f":"+IFERROR(VLOOKUP($A1476,BD_INSUMOS2[],5,FALSE),\"\")","v":""},{"$f":"+IFERROR(VLOOKUP($A1476,BD_INSUMOS2[],6,FALSE),\"\")","v":""},{"$f":"+IFERROR(VLOOKUP($A1476,BD_INSUMOS2[],7,FALSE),\"\")","v":""},{"$f":"+IFERROR(VLOOKUP($A1476,BD_INSUMOS2[],8,FALSE),\"\")","v":""}]
[1466,{"$f":"+IFERROR(VLOOKUP($A1477,BD_INSUMOS2[],3,FALSE),\"\")","v":""},{"$f":"+IFERROR(VLOOKUP($A1477,BD_INSUMOS2[],5,FALSE),\"\")","v":""},{"$f":"+IFERROR(VLOOKUP($A1477,BD_INSUMOS2[],6,FALSE),\"\")","v":""},{"$f":"+IFERROR(VLOOKUP($A1477,BD_INSUMOS2[],7,FALSE),\"\")","v":""},{"$f":"+IFERROR(VLOOKUP($A1477,BD_INSUMOS2[],8,FALSE),\"\")","v":""}]
[1467,{"$f":"+IFERROR(VLOOKUP($A1478,BD_INSUMOS2[],3,FALSE),\"\")","v":""},{"$f":"+IFERROR(VLOOKUP($A1478,BD_INSUMOS2[],5,FALSE),\"\")","v":""},{"$f":"+IFERROR(VLOOKUP($A1478,BD_INSUMOS2[],6,FALSE),\"\")","v":""},{"$f":"+IFERROR(VLOOKUP($A1478,BD_INSUMOS2[],7,FALSE),\"\")","v":""},{"$f":"+IFERROR(VLOOKUP($A1478,BD_INSUMOS2[],8,FALSE),\"\")","v":""}]
[1468,{"$f":"+IFERROR(VLOOKUP($A1479,BD_INSUMOS2[],3,FALSE),\"\")","v":""},{"$f":"+IFERROR(VLOOKUP($A1479,BD_INSUMOS2[],5,FALSE),\"\")","v":""},{"$f":"+IFERROR(VLOOKUP($A1479,BD_INSUMOS2[],6,FALSE),\"\")","v":""},{"$f":"+IFERROR(VLOOKUP($A1479,BD_INSUMOS2[],7,FALSE),\"\")","v":""},{"$f":"+IFERROR(VLOOKUP($A1479,BD_INSUMOS2[],8,FALSE),\"\")","v":""}]
[1469,{"$f":"+IFERROR(VLOOKUP($A1480,BD_INSUMOS2[],3,FALSE),\"\")","v":""},{"$f":"+IFERROR(VLOOKUP($A1480,BD_INSUMOS2[],5,FALSE),\"\")","v":""},{"$f":"+IFERROR(VLOOKUP($A1480,BD_INSUMOS2[],6,FALSE),\"\")","v":""},{"$f":"+IFERROR(VLOOKUP($A1480,BD_INSUMOS2[],7,FALSE),\"\")","v":""},{"$f":"+IFERROR(VLOOKUP($A1480,BD_INSUMOS2[],8,FALSE),\"\")","v":""}]
[1470,{"$f":"+IFERROR(VLOOKUP($A1481,BD_INSUMOS2[],3,FALSE),\"\")","v":""},{"$f":"+IFERROR(VLOOKUP($A1481,BD_INSUMOS2[],5,FALSE),\"\")","v":""},{"$f":"+IFERROR(VLOOKUP($A1481,BD_INSUMOS2[],6,FALSE),\"\")","v":""},{"$f":"+IFERROR(VLOOKUP($A1481,BD_INSUMOS2[],7,FALSE),\"\")","v":""},{"$f":"+IFERROR(VLOOKUP($A1481,BD_INSUMOS2[],8,FALSE),\"\")","v":""}]
[1471,{"$f":"+IFERROR(VLOOKUP($A1482,BD_INSUMOS2[],3,FALSE),\"\")","v":""},{"$f":"+IFERROR(VLOOKUP($A1482,BD_INSUMOS2[],5,FALSE),\"\")","v":""},{"$f":"+IFERROR(VLOOKUP($A1482,BD_INSUMOS2[],6,FALSE),\"\")","v":""},{"$f":"+IFERROR(VLOOKUP($A1482,BD_INSUMOS2[],7,FALSE),\"\")","v":""},{"$f":"+IFERROR(VLOOKUP($A1482,BD_INSUMOS2[],8,FALSE),\"\")","v":""}]
[1472,{"$f":"+IFERROR(VLOOKUP($A1483,BD_INSUMOS2[],3,FALSE),\"\")","v":""},{"$f":"+IFERROR(VLOOKUP($A1483,BD_INSUMOS2[],5,FALSE),\"\")","v":""},{"$f":"+IFERROR(VLOOKUP($A1483,BD_INSUMOS2[],6,FALSE),\"\")","v":""},{"$f":"+IFERROR(VLOOKUP($A1483,BD_INSUMOS2[],7,FALSE),\"\")","v":""},{"$f":"+IFERROR(VLOOKUP($A1483,BD_INSUMOS2[],8,FALSE),\"\")","v":""}]
[1473,{"$f":"+IFERROR(VLOOKUP($A1484,BD_INSUMOS2[],3,FALSE),\"\")","v":""},{"$f":"+IFERROR(VLOOKUP($A1484,BD_INSUMOS2[],5,FALSE),\"\")","v":""},{"$f":"+IFERROR(VLOOKUP($A1484,BD_INSUMOS2[],6,FALSE),\"\")","v":""},{"$f":"+IFERROR(VLOOKUP($A1484,BD_INSUMOS2[],7,FALSE),\"\")","v":""},{"$f":"+IFERROR(VLOOKUP($A1484,BD_INSUMOS2[],8,FALSE),\"\")","v":""}]
[1474,{"$f":"+IFERROR(VLOOKUP($A1485,BD_INSUMOS2[],3,FALSE),\"\")","v":""},{"$f":"+IFERROR(VLOOKUP($A1485,BD_INSUMOS2[],5,FALSE),\"\")","v":""},{"$f":"+IFERROR(VLOOKUP($A1485,BD_INSUMOS2[],6,FALSE),\"\")","v":""},{"$f":"+IFERROR(VLOOKUP($A1485,BD_INSUMOS2[],7,FALSE),\"\")","v":""},{"$f":"+IFERROR(VLOOKUP($A1485,BD_INSUMOS2[],8,FALSE),\"\")","v":""}]
[1475,{"$f":"+IFERROR(VLOOKUP($A1486,BD_INSUMOS2[],3,FALSE),\"\")","v":""},{"$f":"+IFERROR(VLOOKUP($A1486,BD_INSUMOS2[],5,FALSE),\"\")","v":""},{"$f":"+IFERROR(VLOOKUP($A1486,BD_INSUMOS2[],6,FALSE),\"\")","v":""},{"$f":"+IFERROR(VLOOKUP($A1486,BD_INSUMOS2[],7,FALSE),\"\")","v":""},{"$f":"+IFERROR(VLOOKUP($A1486,BD_INSUMOS2[],8,FALSE),\"\")","v":""}]
[1476,{"$f":"+IFERROR(VLOOKUP($A1487,BD_INSUMOS2[],3,FALSE),\"\")","v":""},{"$f":"+IFERROR(VLOOKUP($A1487,BD_INSUMOS2[],5,FALSE),\"\")","v":""},{"$f":"+IFERROR(VLOOKUP($A1487,BD_INSUMOS2[],6,FALSE),\"\")","v":""},{"$f":"+IFERROR(VLOOKUP($A1487,BD_INSUMOS2[],7,FALSE),\"\")","v":""},{"$f":"+IFERROR(VLOOKUP($A1487,BD_INSUMOS2[],8,FALSE),\"\")","v":""}]
[1477,{"$f":"+IFERROR(VLOOKUP($A1488,BD_INSUMOS2[],3,FALSE),\"\")","v":""},{"$f":"+IFERROR(VLOOKUP($A1488,BD_INSUMOS2[],5,FALSE),\"\")","v":""},{"$f":"+IFERROR(VLOOKUP($A1488,BD_INSUMOS2[],6,FALSE),\"\")","v":""},{"$f":"+IFERROR(VLOOKUP($A1488,BD_INSUMOS2[],7,FALSE),\"\")","v":""},{"$f":"+IFERROR(VLOOKUP($A1488,BD_INSUMOS2[],8,FALSE),\"\")","v":""}]
[1478,{"$f":"+IFERROR(VLOOKUP($A1489,BD_INSUMOS2[],3,FALSE),\"\")","v":""},{"$f":"+IFERROR(VLOOKUP($A1489,BD_INSUMOS2[],5,FALSE),\"\")","v":""},{"$f":"+IFERROR(VLOOKUP($A1489,BD_INSUMOS2[],6,FALSE),\"\")","v":""},{"$f":"+IFERROR(VLOOKUP($A1489,BD_INSUMOS2[],7,FALSE),\"\")","v":""},{"$f":"+IFERROR(VLOOKUP($A1489,BD_INSUMOS2[],8,FALSE),\"\")","v":""}]
[1479,{"$f":"+IFERROR(VLOOKUP($A1490,BD_INSUMOS2[],3,FALSE),\"\")","v":""},{"$f":"+IFERROR(VLOOKUP($A1490,BD_INSUMOS2[],5,FALSE),\"\")","v":""},{"$f":"+IFERROR(VLOOKUP($A1490,BD_INSUMOS2[],6,FALSE),\"\")","v":""},{"$f":"+IFERROR(VLOOKUP($A1490,BD_INSUMOS2[],7,FALSE),\"\")","v":""},{"$f":"+IFERROR(VLOOKUP($A1490,BD_INSUMOS2[],8,FALSE),\"\")","v":""}]
[1480,{"$f":"+IFERROR(VLOOKUP($A1491,BD_INSUMOS2[],3,FALSE),\"\")","v":""},{"$f":"+IFERROR(VLOOKUP($A1491,BD_INSUMOS2[],5,FALSE),\"\")","v":""},{"$f":"+IFERROR(VLOOKUP($A1491,BD_INSUMOS2[],6,FALSE),\"\")","v":""},{"$f":"+IFERROR(VLOOKUP($A1491,BD_INSUMOS2[],7,FALSE),\"\")","v":""},{"$f":"+IFERROR(VLOOKUP($A1491,BD_INSUMOS2[],8,FALSE),\"\")","v":""}]
[1481,{"$f":"+IFERROR(VLOOKUP($A1492,BD_INSUMOS2[],3,FALSE),\"\")","v":""},{"$f":"+IFERROR(VLOOKUP($A1492,BD_INSUMOS2[],5,FALSE),\"\")","v":""},{"$f":"+IFERROR(VLOOKUP($A1492,BD_INSUMOS2[],6,FALSE),\"\")","v":""},{"$f":"+IFERROR(VLOOKUP($A1492,BD_INSUMOS2[],7,FALSE),\"\")","v":""},{"$f":"+IFERROR(VLOOKUP($A1492,BD_INSUMOS2[],8,FALSE),\"\")","v":""}]
[1482,{"$f":"+IFERROR(VLOOKUP($A1493,BD_INSUMOS2[],3,FALSE),\"\")","v":""},{"$f":"+IFERROR(VLOOKUP($A1493,BD_INSUMOS2[],5,FALSE),\"\")","v":""},{"$f":"+IFERROR(VLOOKUP($A1493,BD_INSUMOS2[],6,FALSE),\"\")","v":""},{"$f":"+IFERROR(VLOOKUP($A1493,BD_INSUMOS2[],7,FALSE),\"\")","v":""},{"$f":"+IFERROR(VLOOKUP($A1493,BD_INSUMOS2[],8,FALSE),\"\")","v":""}]
[1483,{"$f":"+IFERROR(VLOOKUP($A1494,BD_INSUMOS2[],3,FALSE),\"\")","v":""},{"$f":"+IFERROR(VLOOKUP($A1494,BD_INSUMOS2[],5,FALSE),\"\")","v":""},{"$f":"+IFERROR(VLOOKUP($A1494,BD_INSUMOS2[],6,FALSE),\"\")","v":""},{"$f":"+IFERROR(VLOOKUP($A1494,BD_INSUMOS2[],7,FALSE),\"\")","v":""},{"$f":"+IFERROR(VLOOKUP($A1494,BD_INSUMOS2[],8,FALSE),\"\")","v":""}]
[1484,{"$f":"+IFERROR(VLOOKUP($A1495,BD_INSUMOS2[],3,FALSE),\"\")","v":""},{"$f":"+IFERROR(VLOOKUP($A1495,BD_INSUMOS2[],5,FALSE),\"\")","v":""},{"$f":"+IFERROR(VLOOKUP($A1495,BD_INSUMOS2[],6,FALSE),\"\")","v":""},{"$f":"+IFERROR(VLOOKUP($A1495,BD_INSUMOS2[],7,FALSE),\"\")","v":""},{"$f":"+IFERROR(VLOOKUP($A1495,BD_INSUMOS2[],8,FALSE),\"\")","v":""}]
[1485,{"$f":"+IFERROR(VLOOKUP($A1496,BD_INSUMOS2[],3,FALSE),\"\")","v":""},{"$f":"+IFERROR(VLOOKUP($A1496,BD_INSUMOS2[],5,FALSE),\"\")","v":""},{"$f":"+IFERROR(VLOOKUP($A1496,BD_INSUMOS2[],6,FALSE),\"\")","v":""},{"$f":"+IFERROR(VLOOKUP($A1496,BD_INSUMOS2[],7,FALSE),\"\")","v":""},{"$f":"+IFERROR(VLOOKUP($A1496,BD_INSUMOS2[],8,FALSE),\"\")","v":""}]
[1486,{"$f":"+IFERROR(VLOOKUP($A1497,BD_INSUMOS2[],3,FALSE),\"\")","v":""},{"$f":"+IFERROR(VLOOKUP($A1497,BD_INSUMOS2[],5,FALSE),\"\")","v":""},{"$f":"+IFERROR(VLOOKUP($A1497,BD_INSUMOS2[],6,FALSE),\"\")","v":""},{"$f":"+IFERROR(VLOOKUP($A1497,BD_INSUMOS2[],7,FALSE),\"\")","v":""},{"$f":"+IFERROR(VLOOKUP($A1497,BD_INSUMOS2[],8,FALSE),\"\")","v":""}]
[1487,{"$f":"+IFERROR(VLOOKUP($A1498,BD_INSUMOS2[],3,FALSE),\"\")","v":""},{"$f":"+IFERROR(VLOOKUP($A1498,BD_INSUMOS2[],5,FALSE),\"\")","v":""},{"$f":"+IFERROR(VLOOKUP($A1498,BD_INSUMOS2[],6,FALSE),\"\")","v":""},{"$f":"+IFERROR(VLOOKUP($A1498,BD_INSUMOS2[],7,FALSE),\"\")","v":""},{"$f":"+IFERROR(VLOOKUP($A1498,BD_INSUMOS2[],8,FALSE),\"\")","v":""}]
[1488,{"$f":"+IFERROR(VLOOKUP($A1499,BD_INSUMOS2[],3,FALSE),\"\")","v":""},{"$f":"+IFERROR(VLOOKUP($A1499,BD_INSUMOS2[],5,FALSE),\"\")","v":""},{"$f":"+IFERROR(VLOOKUP($A1499,BD_INSUMOS2[],6,FALSE),\"\")","v":""},{"$f":"+IFERROR(VLOOKUP($A1499,BD_INSUMOS2[],7,FALSE),\"\")","v":""},{"$f":"+IFERROR(VLOOKUP($A1499,BD_INSUMOS2[],8,FALSE),\"\")","v":""}]
[1489,{"$f":"+IFERROR(VLOOKUP($A1500,BD_INSUMOS2[],3,FALSE),\"\")","v":""},{"$f":"+IFERROR(VLOOKUP($A1500,BD_INSUMOS2[],5,FALSE),\"\")","v":""},{"$f":"+IFERROR(VLOOKUP($A1500,BD_INSUMOS2[],6,FALSE),\"\")","v":""},{"$f":"+IFERROR(VLOOKUP($A1500,BD_INSUMOS2[],7,FALSE),\"\")","v":""},{"$f":"+IFERROR(VLOOKUP($A1500,BD_INSUMOS2[],8,FALSE),\"\")","v":""}]
[1490,{"$f":"+IFERROR(VLOOKUP($A1501,BD_INSUMOS2[],3,FALSE),\"\")","v":""},{"$f":"+IFERROR(VLOOKUP($A1501,BD_INSUMOS2[],5,FALSE),\"\")","v":""},{"$f":"+IFERROR(VLOOKUP($A1501,BD_INSUMOS2[],6,FALSE),\"\")","v":""},{"$f":"+IFERROR(VLOOKUP($A1501,BD_INSUMOS2[],7,FALSE),\"\")","v":""},{"$f":"+IFERROR(VLOOKUP($A1501,BD_INSUMOS2[],8,FALSE),\"\")","v":""}]
[1491,{"$f":"+IFERROR(VLOOKUP($A1502,BD_INSUMOS2[],3,FALSE),\"\")","v":""},{"$f":"+IFERROR(VLOOKUP($A1502,BD_INSUMOS2[],5,FALSE),\"\")","v":""},{"$f":"+IFERROR(VLOOKUP($A1502,BD_INSUMOS2[],6,FALSE),\"\")","v":""},{"$f":"+IFERROR(VLOOKUP($A1502,BD_INSUMOS2[],7,FALSE),\"\")","v":""},{"$f":"+IFERROR(VLOOKUP($A1502,BD_INSUMOS2[],8,FALSE),\"\")","v":""}]
[1492,{"$f":"+IFERROR(VLOOKUP($A1503,BD_INSUMOS2[],3,FALSE),\"\")","v":""},{"$f":"+IFERROR(VLOOKUP($A1503,BD_INSUMOS2[],5,FALSE),\"\")","v":""},{"$f":"+IFERROR(VLOOKUP($A1503,BD_INSUMOS2[],6,FALSE),\"\")","v":""},{"$f":"+IFERROR(VLOOKUP($A1503,BD_INSUMOS2[],7,FALSE),\"\")","v":""},{"$f":"+IFERROR(VLOOKUP($A1503,BD_INSUMOS2[],8,FALSE),\"\")","v":""}]
[1493,{"$f":"+IFERROR(VLOOKUP($A1504,BD_INSUMOS2[],3,FALSE),\"\")","v":""},{"$f":"+IFERROR(VLOOKUP($A1504,BD_INSUMOS2[],5,FALSE),\"\")","v":""},{"$f":"+IFERROR(VLOOKUP($A1504,BD_INSUMOS2[],6,FALSE),\"\")","v":""},{"$f":"+IFERROR(VLOOKUP($A1504,BD_INSUMOS2[],7,FALSE),\"\")","v":""},{"$f":"+IFERROR(VLOOKUP($A1504,BD_INSUMOS2[],8,FALSE),\"\")","v":""}]
[1494,{"$f":"+IFERROR(VLOOKUP($A1505,BD_INSUMOS2[],3,FALSE),\"\")","v":""},{"$f":"+IFERROR(VLOOKUP($A1505,BD_INSUMOS2[],5,FALSE),\"\")","v":""},{"$f":"+IFERROR(VLOOKUP($A1505,BD_INSUMOS2[],6,FALSE),\"\")","v":""},{"$f":"+IFERROR(VLOOKUP($A1505,BD_INSUMOS2[],7,FALSE),\"\")","v":""},{"$f":"+IFERROR(VLOOKUP($A1505,BD_INSUMOS2[],8,FALSE),\"\")","v":""}]
[1495,{"$f":"+IFERROR(VLOOKUP($A1506,BD_INSUMOS2[],3,FALSE),\"\")","v":""},{"$f":"+IFERROR(VLOOKUP($A1506,BD_INSUMOS2[],5,FALSE),\"\")","v":""},{"$f":"+IFERROR(VLOOKUP($A1506,BD_INSUMOS2[],6,FALSE),\"\")","v":""},{"$f":"+IFERROR(VLOOKUP($A1506,BD_INSUMOS2[],7,FALSE),\"\")","v":""},{"$f":"+IFERROR(VLOOKUP($A1506,BD_INSUMOS2[],8,FALSE),\"\")","v":""}]
[1496,{"$f":"+IFERROR(VLOOKUP($A1507,BD_INSUMOS2[],3,FALSE),\"\")","v":""},{"$f":"+IFERROR(VLOOKUP($A1507,BD_INSUMOS2[],5,FALSE),\"\")","v":""},{"$f":"+IFERROR(VLOOKUP($A1507,BD_INSUMOS2[],6,FALSE),\"\")","v":""},{"$f":"+IFERROR(VLOOKUP($A1507,BD_INSUMOS2[],7,FALSE),\"\")","v":""},{"$f":"+IFERROR(VLOOKUP($A1507,BD_INSUMOS2[],8,FALSE),\"\")","v":""}]
[1497,{"$f":"+IFERROR(VLOOKUP($A1508,BD_INSUMOS2[],3,FALSE),\"\")","v":""},{"$f":"+IFERROR(VLOOKUP($A1508,BD_INSUMOS2[],5,FALSE),\"\")","v":""},{"$f":"+IFERROR(VLOOKUP($A1508,BD_INSUMOS2[],6,FALSE),\"\")","v":""},{"$f":"+IFERROR(VLOOKUP($A1508,BD_INSUMOS2[],7,FALSE),\"\")","v":""},{"$f":"+IFERROR(VLOOKUP($A1508,BD_INSUMOS2[],8,FALSE),\"\")","v":""}]
[1498,{"$f":"+IFERROR(VLOOKUP($A1509,BD_INSUMOS2[],3,FALSE),\"\")","v":""},{"$f":"+IFERROR(VLOOKUP($A1509,BD_INSUMOS2[],5,FALSE),\"\")","v":""},{"$f":"+IFERROR(VLOOKUP($A1509,BD_INSUMOS2[],6,FALSE),\"\")","v":""},{"$f":"+IFERROR(VLOOKUP($A1509,BD_INSUMOS2[],7,FALSE),\"\")","v":""},{"$f":"+IFERROR(VLOOKUP($A1509,BD_INSUMOS2[],8,FALSE),\"\")","v":""}]
[1499,{"$f":"+IFERROR(VLOOKUP($A1510,BD_INSUMOS2[],3,FALSE),\"\")","v":""},{"$f":"+IFERROR(VLOOKUP($A1510,BD_INSUMOS2[],5,FALSE),\"\")","v":""},{"$f":"+IFERROR(VLOOKUP($A1510,BD_INSUMOS2[],6,FALSE),\"\")","v":""},{"$f":"+IFERROR(VLOOKUP($A1510,BD_INSUMOS2[],7,FALSE),\"\")","v":""},{"$f":"+IFERROR(VLOOKUP($A1510,BD_INSUMOS2[],8,FALSE),\"\")","v":""}]
[1500,{"$f":"+IFERROR(VLOOKUP($A1511,BD_INSUMOS2[],3,FALSE),\"\")","v":""},{"$f":"+IFERROR(VLOOKUP($A1511,BD_INSUMOS2[],5,FALSE),\"\")","v":""},{"$f":"+IFERROR(VLOOKUP($A1511,BD_INSUMOS2[],6,FALSE),\"\")","v":""},{"$f":"+IFERROR(VLOOKUP($A1511,BD_INSUMOS2[],7,FALSE),\"\")","v":""},{"$f":"+IFERROR(VLOOKUP($A1511,BD_INSUMOS2[],8,FALSE),\"\")","v":""}]
[1501,{"$f":"+IFERROR(VLOOKUP($A1512,BD_INSUMOS2[],3,FALSE),\"\")","v":""},{"$f":"+IFERROR(VLOOKUP($A1512,BD_INSUMOS2[],5,FALSE),\"\")","v":""},{"$f":"+IFERROR(VLOOKUP($A1512,BD_INSUMOS2[],6,FALSE),\"\")","v":""},{"$f":"+IFERROR(VLOOKUP($A1512,BD_INSUMOS2[],7,FALSE),\"\")","v":""},{"$f":"+IFERROR(VLOOKUP($A1512,BD_INSUMOS2[],8,FALSE),\"\")","v":""}]
[1502,{"$f":"+IFERROR(VLOOKUP($A1513,BD_INSUMOS2[],3,FALSE),\"\")","v":""},{"$f":"+IFERROR(VLOOKUP($A1513,BD_INSUMOS2[],5,FALSE),\"\")","v":""},{"$f":"+IFERROR(VLOOKUP($A1513,BD_INSUMOS2[],6,FALSE),\"\")","v":""},{"$f":"+IFERROR(VLOOKUP($A1513,BD_INSUMOS2[],7,FALSE),\"\")","v":""},{"$f":"+IFERROR(VLOOKUP($A1513,BD_INSUMOS2[],8,FALSE),\"\")","v":""}]
[1503,{"$f":"+IFERROR(VLOOKUP($A1514,BD_INSUMOS2[],3,FALSE),\"\")","v":""},{"$f":"+IFERROR(VLOOKUP($A1514,BD_INSUMOS2[],5,FALSE),\"\")","v":""},{"$f":"+IFERROR(VLOOKUP($A1514,BD_INSUMOS2[],6,FALSE),\"\")","v":""},{"$f":"+IFERROR(VLOOKUP($A1514,BD_INSUMOS2[],7,FALSE),\"\")","v":""},{"$f":"+IFERROR(VLOOKUP($A1514,BD_INSUMOS2[],8,FALSE),\"\")","v":""}]
[1504,{"$f":"+IFERROR(VLOOKUP($A1515,BD_INSUMOS2[],3,FALSE),\"\")","v":""},{"$f":"+IFERROR(VLOOKUP($A1515,BD_INSUMOS2[],5,FALSE),\"\")","v":""},{"$f":"+IFERROR(VLOOKUP($A1515,BD_INSUMOS2[],6,FALSE),\"\")","v":""},{"$f":"+IFERROR(VLOOKUP($A1515,BD_INSUMOS2[],7,FALSE),\"\")","v":""},{"$f":"+IFERROR(VLOOKUP($A1515,BD_INSUMOS2[],8,FALSE),\"\")","v":""}]
[1505,{"$f":"+IFERROR(VLOOKUP($A1516,BD_INSUMOS2[],3,FALSE),\"\")","v":""},{"$f":"+IFERROR(VLOOKUP($A1516,BD_INSUMOS2[],5,FALSE),\"\")","v":""},{"$f":"+IFERROR(VLOOKUP($A1516,BD_INSUMOS2[],6,FALSE),\"\")","v":""},{"$f":"+IFERROR(VLOOKUP($A1516,BD_INSUMOS2[],7,FALSE),\"\")","v":""},{"$f":"+IFERROR(VLOOKUP($A1516,BD_INSUMOS2[],8,FALSE),\"\")","v":""}]
[1506,{"$f":"+IFERROR(VLOOKUP($A1517,BD_INSUMOS2[],3,FALSE),\"\")","v":""},{"$f":"+IFERROR(VLOOKUP($A1517,BD_INSUMOS2[],5,FALSE),\"\")","v":""},{"$f":"+IFERROR(VLOOKUP($A1517,BD_INSUMOS2[],6,FALSE),\"\")","v":""},{"$f":"+IFERROR(VLOOKUP($A1517,BD_INSUMOS2[],7,FALSE),\"\")","v":""},{"$f":"+IFERROR(VLOOKUP($A1517,BD_INSUMOS2[],8,FALSE),\"\")","v":""}]
[1507,{"$f":"+IFERROR(VLOOKUP($A1518,BD_INSUMOS2[],3,FALSE),\"\")","v":""},{"$f":"+IFERROR(VLOOKUP($A1518,BD_INSUMOS2[],5,FALSE),\"\")","v":""},{"$f":"+IFERROR(VLOOKUP($A1518,BD_INSUMOS2[],6,FALSE),\"\")","v":""},{"$f":"+IFERROR(VLOOKUP($A1518,BD_INSUMOS2[],7,FALSE),\"\")","v":""},{"$f":"+IFERROR(VLOOKUP($A1518,BD_INSUMOS2[],8,FALSE),\"\")","v":""}]
[1508,{"$f":"+IFERROR(VLOOKUP($A1519,BD_INSUMOS2[],3,FALSE),\"\")","v":""},{"$f":"+IFERROR(VLOOKUP($A1519,BD_INSUMOS2[],5,FALSE),\"\")","v":""},{"$f":"+IFERROR(VLOOKUP($A1519,BD_INSUMOS2[],6,FALSE),\"\")","v":""},{"$f":"+IFERROR(VLOOKUP($A1519,BD_INSUMOS2[],7,FALSE),\"\")","v":""},{"$f":"+IFERROR(VLOOKUP($A1519,BD_INSUMOS2[],8,FALSE),\"\")","v":""}]
[1509,{"$f":"+IFERROR(VLOOKUP($A1520,BD_INSUMOS2[],3,FALSE),\"\")","v":""},{"$f":"+IFERROR(VLOOKUP($A1520,BD_INSUMOS2[],5,FALSE),\"\")","v":""},{"$f":"+IFERROR(VLOOKUP($A1520,BD_INSUMOS2[],6,FALSE),\"\")","v":""},{"$f":"+IFERROR(VLOOKUP($A1520,BD_INSUMOS2[],7,FALSE),\"\")","v":""},{"$f":"+IFERROR(VLOOKUP($A1520,BD_INSUMOS2[],8,FALSE),\"\")","v":""}]
[1510,{"$f":"+IFERROR(VLOOKUP($A1521,BD_INSUMOS2[],3,FALSE),\"\")","v":""},{"$f":"+IFERROR(VLOOKUP($A1521,BD_INSUMOS2[],5,FALSE),\"\")","v":""},{"$f":"+IFERROR(VLOOKUP($A1521,BD_INSUMOS2[],6,FALSE),\"\")","v":""},{"$f":"+IFERROR(VLOOKUP($A1521,BD_INSUMOS2[],7,FALSE),\"\")","v":""},{"$f":"+IFERROR(VLOOKUP($A1521,BD_INSUMOS2[],8,FALSE),\"\")","v":""}]
[1511,{"$f":"+IFERROR(VLOOKUP($A1522,BD_INSUMOS2[],3,FALSE),\"\")","v":""},{"$f":"+IFERROR(VLOOKUP($A1522,BD_INSUMOS2[],5,FALSE),\"\")","v":""},{"$f":"+IFERROR(VLOOKUP($A1522,BD_INSUMOS2[],6,FALSE),\"\")","v":""},{"$f":"+IFERROR(VLOOKUP($A1522,BD_INSUMOS2[],7,FALSE),\"\")","v":""},{"$f":"+IFERROR(VLOOKUP($A1522,BD_INSUMOS2[],8,FALSE),\"\")","v":""}]
[1512,{"$f":"+IFERROR(VLOOKUP($A1523,BD_INSUMOS2[],3,FALSE),\"\")","v":""},{"$f":"+IFERROR(VLOOKUP($A1523,BD_INSUMOS2[],5,FALSE),\"\")","v":""},{"$f":"+IFERROR(VLOOKUP($A1523,BD_INSUMOS2[],6,FALSE),\"\")","v":""},{"$f":"+IFERROR(VLOOKUP($A1523,BD_INSUMOS2[],7,FALSE),\"\")","v":""},{"$f":"+IFERROR(VLOOKUP($A1523,BD_INSUMOS2[],8,FALSE),\"\")","v":""}]
[1513,{"$f":"+IFERROR(VLOOKUP($A1524,BD_INSUMOS2[],3,FALSE),\"\")","v":""},{"$f":"+IFERROR(VLOOKUP($A1524,BD_INSUMOS2[],5,FALSE),\"\")","v":""},{"$f":"+IFERROR(VLOOKUP($A1524,BD_INSUMOS2[],6,FALSE),\"\")","v":""},{"$f":"+IFERROR(VLOOKUP($A1524,BD_INSUMOS2[],7,FALSE),\"\")","v":""},{"$f":"+IFERROR(VLOOKUP($A1524,BD_INSUMOS2[],8,FALSE),\"\")","v":""}]
[1514,{"$f":"+IFERROR(VLOOKUP($A1525,BD_INSUMOS2[],3,FALSE),\"\")","v":""},{"$f":"+IFERROR(VLOOKUP($A1525,BD_INSUMOS2[],5,FALSE),\"\")","v":""},{"$f":"+IFERROR(VLOOKUP($A1525,BD_INSUMOS2[],6,FALSE),\"\")","v":""},{"$f":"+IFERROR(VLOOKUP($A1525,BD_INSUMOS2[],7,FALSE),\"\")","v":""},{"$f":"+IFERROR(VLOOKUP($A1525,BD_INSUMOS2[],8,FALSE),\"\")","v":""}]
[1515,{"$f":"+IFERROR(VLOOKUP($A1526,BD_INSUMOS2[],3,FALSE),\"\")","v":""},{"$f":"+IFERROR(VLOOKUP($A1526,BD_INSUMOS2[],5,FALSE),\"\")","v":""},{"$f":"+IFERROR(VLOOKUP($A1526,BD_INSUMOS2[],6,FALSE),\"\")","v":""},{"$f":"+IFERROR(VLOOKUP($A1526,BD_INSUMOS2[],7,FALSE),\"\")","v":""},{"$f":"+IFERROR(VLOOKUP($A1526,BD_INSUMOS2[],8,FALSE),\"\")","v":""}]
[1516,{"$f":"+IFERROR(VLOOKUP($A1527,BD_INSUMOS2[],3,FALSE),\"\")","v":""},{"$f":"+IFERROR(VLOOKUP($A1527,BD_INSUMOS2[],5,FALSE),\"\")","v":""},{"$f":"+IFERROR(VLOOKUP($A1527,BD_INSUMOS2[],6,FALSE),\"\")","v":""},{"$f":"+IFERROR(VLOOKUP($A1527,BD_INSUMOS2[],7,FALSE),\"\")","v":""},{"$f":"+IFERROR(VLOOKUP($A1527,BD_INSUMOS2[],8,FALSE),\"\")","v":""}]
[1517,{"$f":"+IFERROR(VLOOKUP($A1528,BD_INSUMOS2[],3,FALSE),\"\")","v":""},{"$f":"+IFERROR(VLOOKUP($A1528,BD_INSUMOS2[],5,FALSE),\"\")","v":""},{"$f":"+IFERROR(VLOOKUP($A1528,BD_INSUMOS2[],6,FALSE),\"\")","v":""},{"$f":"+IFERROR(VLOOKUP($A1528,BD_INSUMOS2[],7,FALSE),\"\")","v":""},{"$f":"+IFERROR(VLOOKUP($A1528,BD_INSUMOS2[],8,FALSE),\"\")","v":""}]
[1518,{"$f":"+IFERROR(VLOOKUP($A1529,BD_INSUMOS2[],3,FALSE),\"\")","v":""},{"$f":"+IFERROR(VLOOKUP($A1529,BD_INSUMOS2[],5,FALSE),\"\")","v":""},{"$f":"+IFERROR(VLOOKUP($A1529,BD_INSUMOS2[],6,FALSE),\"\")","v":""},{"$f":"+IFERROR(VLOOKUP($A1529,BD_INSUMOS2[],7,FALSE),\"\")","v":""},{"$f":"+IFERROR(VLOOKUP($A1529,BD_INSUMOS2[],8,FALSE),\"\")","v":""}]
[1519,{"$f":"+IFERROR(VLOOKUP($A1530,BD_INSUMOS2[],3,FALSE),\"\")","v":""},{"$f":"+IFERROR(VLOOKUP($A1530,BD_INSUMOS2[],5,FALSE),\"\")","v":""},{"$f":"+IFERROR(VLOOKUP($A1530,BD_INSUMOS2[],6,FALSE),\"\")","v":""},{"$f":"+IFERROR(VLOOKUP($A1530,BD_INSUMOS2[],7,FALSE),\"\")","v":""},{"$f":"+IFERROR(VLOOKUP($A1530,BD_INSUMOS2[],8,FALSE),\"\")","v":""}]
[1520,{"$f":"+IFERROR(VLOOKUP($A1531,BD_INSUMOS2[],3,FALSE),\"\")","v":""},{"$f":"+IFERROR(VLOOKUP($A1531,BD_INSUMOS2[],5,FALSE),\"\")","v":""},{"$f":"+IFERROR(VLOOKUP($A1531,BD_INSUMOS2[],6,FALSE),\"\")","v":""},{"$f":"+IFERROR(VLOOKUP($A1531,BD_INSUMOS2[],7,FALSE),\"\")","v":""},{"$f":"+IFERROR(VLOOKUP($A1531,BD_INSUMOS2[],8,FALSE),\"\")","v":""}]
[1521,{"$f":"+IFERROR(VLOOKUP($A1532,BD_INSUMOS2[],3,FALSE),\"\")","v":""},{"$f":"+IFERROR(VLOOKUP($A1532,BD_INSUMOS2[],5,FALSE),\"\")","v":""},{"$f":"+IFERROR(VLOOKUP($A1532,BD_INSUMOS2[],6,FALSE),\"\")","v":""},{"$f":"+IFERROR(VLOOKUP($A1532,BD_INSUMOS2[],7,FALSE),\"\")","v":""},{"$f":"+IFERROR(VLOOKUP($A1532,BD_INSUMOS2[],8,FALSE),\"\")","v":""}]
[1522,{"$f":"+IFERROR(VLOOKUP($A1533,BD_INSUMOS2[],3,FALSE),\"\")","v":""},{"$f":"+IFERROR(VLOOKUP($A1533,BD_INSUMOS2[],5,FALSE),\"\")","v":""},{"$f":"+IFERROR(VLOOKUP($A1533,BD_INSUMOS2[],6,FALSE),\"\")","v":""},{"$f":"+IFERROR(VLOOKUP($A1533,BD_INSUMOS2[],7,FALSE),\"\")","v":""},{"$f":"+IFERROR(VLOOKUP($A1533,BD_INSUMOS2[],8,FALSE),\"\")","v":""}]
[1523,{"$f":"+IFERROR(VLOOKUP($A1534,BD_INSUMOS2[],3,FALSE),\"\")","v":""},{"$f":"+IFERROR(VLOOKUP($A1534,BD_INSUMOS2[],5,FALSE),\"\")","v":""},{"$f":"+IFERROR(VLOOKUP($A1534,BD_INSUMOS2[],6,FALSE),\"\")","v":""},{"$f":"+IFERROR(VLOOKUP($A1534,BD_INSUMOS2[],7,FALSE),\"\")","v":""},{"$f":"+IFERROR(VLOOKUP($A1534,BD_INSUMOS2[],8,FALSE),\"\")","v":""}]
[1524,{"$f":"+IFERROR(VLOOKUP($A1535,BD_INSUMOS2[],3,FALSE),\"\")","v":""},{"$f":"+IFERROR(VLOOKUP($A1535,BD_INSUMOS2[],5,FALSE),\"\")","v":""},{"$f":"+IFERROR(VLOOKUP($A1535,BD_INSUMOS2[],6,FALSE),\"\")","v":""},{"$f":"+IFERROR(VLOOKUP($A1535,BD_INSUMOS2[],7,FALSE),\"\")","v":""},{"$f":"+IFERROR(VLOOKUP($A1535,BD_INSUMOS2[],8,FALSE),\"\")","v":""}]
[1525,{"$f":"+IFERROR(VLOOKUP($A1536,BD_INSUMOS2[],3,FALSE),\"\")","v":""},{"$f":"+IFERROR(VLOOKUP($A1536,BD_INSUMOS2[],5,FALSE),\"\")","v":""},{"$f":"+IFERROR(VLOOKUP($A1536,BD_INSUMOS2[],6,FALSE),\"\")","v":""},{"$f":"+IFERROR(VLOOKUP($A1536,BD_INSUMOS2[],7,FALSE),\"\")","v":""},{"$f":"+IFERROR(VLOOKUP($A1536,BD_INSUMOS2[],8,FALSE),\"\")","v":""}]
[1526,{"$f":"+IFERROR(VLOOKUP($A1537,BD_INSUMOS2[],3,FALSE),\"\")","v":""},{"$f":"+IFERROR(VLOOKUP($A1537,BD_INSUMOS2[],5,FALSE),\"\")","v":""},{"$f":"+IFERROR(VLOOKUP($A1537,BD_INSUMOS2[],6,FALSE),\"\")","v":""},{"$f":"+IFERROR(VLOOKUP($A1537,BD_INSUMOS2[],7,FALSE),\"\")","v":""},{"$f":"+IFERROR(VLOOKUP($A1537,BD_INSUMOS2[],8,FALSE),\"\")","v":""}]
[1527,{"$f":"+IFERROR(VLOOKUP($A1538,BD_INSUMOS2[],3,FALSE),\"\")","v":""},{"$f":"+IFERROR(VLOOKUP($A1538,BD_INSUMOS2[],5,FALSE),\"\")","v":""},{"$f":"+IFERROR(VLOOKUP($A1538,BD_INSUMOS2[],6,FALSE),\"\")","v":""},{"$f":"+IFERROR(VLOOKUP($A1538,BD_INSUMOS2[],7,FALSE),\"\")","v":""},{"$f":"+IFERROR(VLOOKUP($A1538,BD_INSUMOS2[],8,FALSE),\"\")","v":""}]
[1528,{"$f":"+IFERROR(VLOOKUP($A1539,BD_INSUMOS2[],3,FALSE),\"\")","v":""},{"$f":"+IFERROR(VLOOKUP($A1539,BD_INSUMOS2[],5,FALSE),\"\")","v":""},{"$f":"+IFERROR(VLOOKUP($A1539,BD_INSUMOS2[],6,FALSE),\"\")","v":""},{"$f":"+IFERROR(VLOOKUP($A1539,BD_INSUMOS2[],7,FALSE),\"\")","v":""},{"$f":"+IFERROR(VLOOKUP($A1539,BD_INSUMOS2[],8,FALSE),\"\")","v":""}]
[1529,{"$f":"+IFERROR(VLOOKUP($A1540,BD_INSUMOS2[],3,FALSE),\"\")","v":""},{"$f":"+IFERROR(VLOOKUP($A1540,BD_INSUMOS2[],5,FALSE),\"\")","v":""},{"$f":"+IFERROR(VLOOKUP($A1540,BD_INSUMOS2[],6,FALSE),\"\")","v":""},{"$f":"+IFERROR(VLOOKUP($A1540,BD_INSUMOS2[],7,FALSE),\"\")","v":""},{"$f":"+IFERROR(VLOOKUP($A1540,BD_INSUMOS2[],8,FALSE),\"\")","v":""}]
[1530,{"$f":"+IFERROR(VLOOKUP($A1541,BD_INSUMOS2[],3,FALSE),\"\")","v":""},{"$f":"+IFERROR(VLOOKUP($A1541,BD_INSUMOS2[],5,FALSE),\"\")","v":""},{"$f":"+IFERROR(VLOOKUP($A1541,BD_INSUMOS2[],6,FALSE),\"\")","v":""},{"$f":"+IFERROR(VLOOKUP($A1541,BD_INSUMOS2[],7,FALSE),\"\")","v":""},{"$f":"+IFERROR(VLOOKUP($A1541,BD_INSUMOS2[],8,FALSE),\"\")","v":""}]
[1531,{"$f":"+IFERROR(VLOOKUP($A1542,BD_INSUMOS2[],3,FALSE),\"\")","v":""},{"$f":"+IFERROR(VLOOKUP($A1542,BD_INSUMOS2[],5,FALSE),\"\")","v":""},{"$f":"+IFERROR(VLOOKUP($A1542,BD_INSUMOS2[],6,FALSE),\"\")","v":""},{"$f":"+IFERROR(VLOOKUP($A1542,BD_INSUMOS2[],7,FALSE),\"\")","v":""},{"$f":"+IFERROR(VLOOKUP($A1542,BD_INSUMOS2[],8,FALSE),\"\")","v":""}]
[1532,{"$f":"+IFERROR(VLOOKUP($A1543,BD_INSUMOS2[],3,FALSE),\"\")","v":""},{"$f":"+IFERROR(VLOOKUP($A1543,BD_INSUMOS2[],5,FALSE),\"\")","v":""},{"$f":"+IFERROR(VLOOKUP($A1543,BD_INSUMOS2[],6,FALSE),\"\")","v":""},{"$f":"+IFERROR(VLOOKUP($A1543,BD_INSUMOS2[],7,FALSE),\"\")","v":""},{"$f":"+IFERROR(VLOOKUP($A1543,BD_INSUMOS2[],8,FALSE),\"\")","v":""}]
[1533,{"$f":"+IFERROR(VLOOKUP($A1544,BD_INSUMOS2[],3,FALSE),\"\")","v":""},{"$f":"+IFERROR(VLOOKUP($A1544,BD_INSUMOS2[],5,FALSE),\"\")","v":""},{"$f":"+IFERROR(VLOOKUP($A1544,BD_INSUMOS2[],6,FALSE),\"\")","v":""},{"$f":"+IFERROR(VLOOKUP($A1544,BD_INSUMOS2[],7,FALSE),\"\")","v":""},{"$f":"+IFERROR(VLOOKUP($A1544,BD_INSUMOS2[],8,FALSE),\"\")","v":""}]
[1534,{"$f":"+IFERROR(VLOOKUP($A1545,BD_INSUMOS2[],3,FALSE),\"\")","v":""},{"$f":"+IFERROR(VLOOKUP($A1545,BD_INSUMOS2[],5,FALSE),\"\")","v":""},{"$f":"+IFERROR(VLOOKUP($A1545,BD_INSUMOS2[],6,FALSE),\"\")","v":""},{"$f":"+IFERROR(VLOOKUP($A1545,BD_INSUMOS2[],7,FALSE),\"\")","v":""},{"$f":"+IFERROR(VLOOKUP($A1545,BD_INSUMOS2[],8,FALSE),\"\")","v":""}]
[1535,{"$f":"+IFERROR(VLOOKUP($A1546,BD_INSUMOS2[],3,FALSE),\"\")","v":""},{"$f":"+IFERROR(VLOOKUP($A1546,BD_INSUMOS2[],5,FALSE),\"\")","v":""},{"$f":"+IFERROR(VLOOKUP($A1546,BD_INSUMOS2[],6,FALSE),\"\")","v":""},{"$f":"+IFERROR(VLOOKUP($A1546,BD_INSUMOS2[],7,FALSE),\"\")","v":""},{"$f":"+IFERROR(VLOOKUP($A1546,BD_INSUMOS2[],8,FALSE),\"\")","v":""}]
[1536,{"$f":"+IFERROR(VLOOKUP($A1547,BD_INSUMOS2[],3,FALSE),\"\")","v":""},{"$f":"+IFERROR(VLOOKUP($A1547,BD_INSUMOS2[],5,FALSE),\"\")","v":""},{"$f":"+IFERROR(VLOOKUP($A1547,BD_INSUMOS2[],6,FALSE),\"\")","v":""},{"$f":"+IFERROR(VLOOKUP($A1547,BD_INSUMOS2[],7,FALSE),\"\")","v":""},{"$f":"+IFERROR(VLOOKUP($A1547,BD_INSUMOS2[],8,FALSE),\"\")","v":""}]
[1537,{"$f":"+IFERROR(VLOOKUP($A1548,BD_INSUMOS2[],3,FALSE),\"\")","v":""},{"$f":"+IFERROR(VLOOKUP($A1548,BD_INSUMOS2[],5,FALSE),\"\")","v":""},{"$f":"+IFERROR(VLOOKUP($A1548,BD_INSUMOS2[],6,FALSE),\"\")","v":""},{"$f":"+IFERROR(VLOOKUP($A1548,BD_INSUMOS2[],7,FALSE),\"\")","v":""},{"$f":"+IFERROR(VLOOKUP($A1548,BD_INSUMOS2[],8,FALSE),\"\")","v":""}]
[1538,{"$f":"+IFERROR(VLOOKUP($A1549,BD_INSUMOS2[],3,FALSE),\"\")","v":""},{"$f":"+IFERROR(VLOOKUP($A1549,BD_INSUMOS2[],5,FALSE),\"\")","v":""},{"$f":"+IFERROR(VLOOKUP($A1549,BD_INSUMOS2[],6,FALSE),\"\")","v":""},{"$f":"+IFERROR(VLOOKUP($A1549,BD_INSUMOS2[],7,FALSE),\"\")","v":""},{"$f":"+IFERROR(VLOOKUP($A1549,BD_INSUMOS2[],8,FALSE),\"\")","v":""}]
[1539,{"$f":"+IFERROR(VLOOKUP($A1550,BD_INSUMOS2[],3,FALSE),\"\")","v":""},{"$f":"+IFERROR(VLOOKUP($A1550,BD_INSUMOS2[],5,FALSE),\"\")","v":""},{"$f":"+IFERROR(VLOOKUP($A1550,BD_INSUMOS2[],6,FALSE),\"\")","v":""},{"$f":"+IFERROR(VLOOKUP($A1550,BD_INSUMOS2[],7,FALSE),\"\")","v":""},{"$f":"+IFERROR(VLOOKUP($A1550,BD_INSUMOS2[],8,FALSE),\"\")","v":""}]
[1540,{"$f":"+IFERROR(VLOOKUP($A1551,BD_INSUMOS2[],3,FALSE),\"\")","v":""},{"$f":"+IFERROR(VLOOKUP($A1551,BD_INSUMOS2[],5,FALSE),\"\")","v":""},{"$f":"+IFERROR(VLOOKUP($A1551,BD_INSUMOS2[],6,FALSE),\"\")","v":""},{"$f":"+IFERROR(VLOOKUP($A1551,BD_INSUMOS2[],7,FALSE),\"\")","v":""},{"$f":"+IFERROR(VLOOKUP($A1551,BD_INSUMOS2[],8,FALSE),\"\")","v":""}]
[1541,{"$f":"+IFERROR(VLOOKUP($A1552,BD_INSUMOS2[],3,FALSE),\"\")","v":""},{"$f":"+IFERROR(VLOOKUP($A1552,BD_INSUMOS2[],5,FALSE),\"\")","v":""},{"$f":"+IFERROR(VLOOKUP($A1552,BD_INSUMOS2[],6,FALSE),\"\")","v":""},{"$f":"+IFERROR(VLOOKUP($A1552,BD_INSUMOS2[],7,FALSE),\"\")","v":""},{"$f":"+IFERROR(VLOOKUP($A1552,BD_INSUMOS2[],8,FALSE),\"\")","v":""}]
[1542,{"$f":"+IFERROR(VLOOKUP($A1553,BD_INSUMOS2[],3,FALSE),\"\")","v":""},{"$f":"+IFERROR(VLOOKUP($A1553,BD_INSUMOS2[],5,FALSE),\"\")","v":""},{"$f":"+IFERROR(VLOOKUP($A1553,BD_INSUMOS2[],6,FALSE),\"\")","v":""},{"$f":"+IFERROR(VLOOKUP($A1553,BD_INSUMOS2[],7,FALSE),\"\")","v":""},{"$f":"+IFERROR(VLOOKUP($A1553,BD_INSUMOS2[],8,FALSE),\"\")","v":""}]
[1543,{"$f":"+IFERROR(VLOOKUP($A1554,BD_INSUMOS2[],3,FALSE),\"\")","v":""},{"$f":"+IFERROR(VLOOKUP($A1554,BD_INSUMOS2[],5,FALSE),\"\")","v":""},{"$f":"+IFERROR(VLOOKUP($A1554,BD_INSUMOS2[],6,FALSE),\"\")","v":""},{"$f":"+IFERROR(VLOOKUP($A1554,BD_INSUMOS2[],7,FALSE),\"\")","v":""},{"$f":"+IFERROR(VLOOKUP($A1554,BD_INSUMOS2[],8,FALSE),\"\")","v":""}]
[1544,{"$f":"+IFERROR(VLOOKUP($A1555,BD_INSUMOS2[],3,FALSE),\"\")","v":""},{"$f":"+IFERROR(VLOOKUP($A1555,BD_INSUMOS2[],5,FALSE),\"\")","v":""},{"$f":"+IFERROR(VLOOKUP($A1555,BD_INSUMOS2[],6,FALSE),\"\")","v":""},{"$f":"+IFERROR(VLOOKUP($A1555,BD_INSUMOS2[],7,FALSE),\"\")","v":""},{"$f":"+IFERROR(VLOOKUP($A1555,BD_INSUMOS2[],8,FALSE),\"\")","v":""}]
[1545,{"$f":"+IFERROR(VLOOKUP($A1556,BD_INSUMOS2[],3,FALSE),\"\")","v":""},{"$f":"+IFERROR(VLOOKUP($A1556,BD_INSUMOS2[],5,FALSE),\"\")","v":""},{"$f":"+IFERROR(VLOOKUP($A1556,BD_INSUMOS2[],6,FALSE),\"\")","v":""},{"$f":"+IFERROR(VLOOKUP($A1556,BD_INSUMOS2[],7,FALSE),\"\")","v":""},{"$f":"+IFERROR(VLOOKUP($A1556,BD_INSUMOS2[],8,FALSE),\"\")","v":""}]
[1546,{"$f":"+IFERROR(VLOOKUP($A1557,BD_INSUMOS2[],3,FALSE),\"\")","v":""},{"$f":"+IFERROR(VLOOKUP($A1557,BD_INSUMOS2[],5,FALSE),\"\")","v":""},{"$f":"+IFERROR(VLOOKUP($A1557,BD_INSUMOS2[],6,FALSE),\"\")","v":""},{"$f":"+IFERROR(VLOOKUP($A1557,BD_INSUMOS2[],7,FALSE),\"\")","v":""},{"$f":"+IFERROR(VLOOKUP($A1557,BD_INSUMOS2[],8,FALSE),\"\")","v":""}]
[1547,{"$f":"+IFERROR(VLOOKUP($A1558,BD_INSUMOS2[],3,FALSE),\"\")","v":""},{"$f":"+IFERROR(VLOOKUP($A1558,BD_INSUMOS2[],5,FALSE),\"\")","v":""},{"$f":"+IFERROR(VLOOKUP($A1558,BD_INSUMOS2[],6,FALSE),\"\")","v":""},{"$f":"+IFERROR(VLOOKUP($A1558,BD_INSUMOS2[],7,FALSE),\"\")","v":""},{"$f":"+IFERROR(VLOOKUP($A1558,BD_INSUMOS2[],8,FALSE),\"\")","v":""}]
[1548,{"$f":"+IFERROR(VLOOKUP($A1559,BD_INSUMOS2[],3,FALSE),\"\")","v":""},{"$f":"+IFERROR(VLOOKUP($A1559,BD_INSUMOS2[],5,FALSE),\"\")","v":""},{"$f":"+IFERROR(VLOOKUP($A1559,BD_INSUMOS2[],6,FALSE),\"\")","v":""},{"$f":"+IFERROR(VLOOKUP($A1559,BD_INSUMOS2[],7,FALSE),\"\")","v":""},{"$f":"+IFERROR(VLOOKUP($A1559,BD_INSUMOS2[],8,FALSE),\"\")","v":""}]
[1549,{"$f":"+IFERROR(VLOOKUP($A1560,BD_INSUMOS2[],3,FALSE),\"\")","v":""},{"$f":"+IFERROR(VLOOKUP($A1560,BD_INSUMOS2[],5,FALSE),\"\")","v":""},{"$f":"+IFERROR(VLOOKUP($A1560,BD_INSUMOS2[],6,FALSE),\"\")","v":""},{"$f":"+IFERROR(VLOOKUP($A1560,BD_INSUMOS2[],7,FALSE),\"\")","v":""},{"$f":"+IFERROR(VLOOKUP($A1560,BD_INSUMOS2[],8,FALSE),\"\")","v":""}]
[1550,{"$f":"+IFERROR(VLOOKUP($A1561,BD_INSUMOS2[],3,FALSE),\"\")","v":""},{"$f":"+IFERROR(VLOOKUP($A1561,BD_INSUMOS2[],5,FALSE),\"\")","v":""},{"$f":"+IFERROR(VLOOKUP($A1561,BD_INSUMOS2[],6,FALSE),\"\")","v":""},{"$f":"+IFERROR(VLOOKUP($A1561,BD_INSUMOS2[],7,FALSE),\"\")","v":""},{"$f":"+IFERROR(VLOOKUP($A1561,BD_INSUMOS2[],8,FALSE),\"\")","v":""}]
[1551,{"$f":"+IFERROR(VLOOKUP($A1562,BD_INSUMOS2[],3,FALSE),\"\")","v":""},{"$f":"+IFERROR(VLOOKUP($A1562,BD_INSUMOS2[],5,FALSE),\"\")","v":""},{"$f":"+IFERROR(VLOOKUP($A1562,BD_INSUMOS2[],6,FALSE),\"\")","v":""},{"$f":"+IFERROR(VLOOKUP($A1562,BD_INSUMOS2[],7,FALSE),\"\")","v":""},{"$f":"+IFERROR(VLOOKUP($A1562,BD_INSUMOS2[],8,FALSE),\"\")","v":""}]
[1552,{"$f":"+IFERROR(VLOOKUP($A1563,BD_INSUMOS2[],3,FALSE),\"\")","v":""},{"$f":"+IFERROR(VLOOKUP($A1563,BD_INSUMOS2[],5,FALSE),\"\")","v":""},{"$f":"+IFERROR(VLOOKUP($A1563,BD_INSUMOS2[],6,FALSE),\"\")","v":""},{"$f":"+IFERROR(VLOOKUP($A1563,BD_INSUMOS2[],7,FALSE),\"\")","v":""},{"$f":"+IFERROR(VLOOKUP($A1563,BD_INSUMOS2[],8,FALSE),\"\")","v":""}]
[1553,{"$f":"+IFERROR(VLOOKUP($A1564,BD_INSUMOS2[],3,FALSE),\"\")","v":""},{"$f":"+IFERROR(VLOOKUP($A1564,BD_INSUMOS2[],5,FALSE),\"\")","v":""},{"$f":"+IFERROR(VLOOKUP($A1564,BD_INSUMOS2[],6,FALSE),\"\")","v":""},{"$f":"+IFERROR(VLOOKUP($A1564,BD_INSUMOS2[],7,FALSE),\"\")","v":""},{"$f":"+IFERROR(VLOOKUP($A1564,BD_INSUMOS2[],8,FALSE),\"\")","v":""}]
[1554,{"$f":"+IFERROR(VLOOKUP($A1565,BD_INSUMOS2[],3,FALSE),\"\")","v":""},{"$f":"+IFERROR(VLOOKUP($A1565,BD_INSUMOS2[],5,FALSE),\"\")","v":""},{"$f":"+IFERROR(VLOOKUP($A1565,BD_INSUMOS2[],6,FALSE),\"\")","v":""},{"$f":"+IFERROR(VLOOKUP($A1565,BD_INSUMOS2[],7,FALSE),\"\")","v":""},{"$f":"+IFERROR(VLOOKUP($A1565,BD_INSUMOS2[],8,FALSE),\"\")","v":""}]
[1555,{"$f":"+IFERROR(VLOOKUP($A1566,BD_INSUMOS2[],3,FALSE),\"\")","v":""},{"$f":"+IFERROR(VLOOKUP($A1566,BD_INSUMOS2[],5,FALSE),\"\")","v":""},{"$f":"+IFERROR(VLOOKUP($A1566,BD_INSUMOS2[],6,FALSE),\"\")","v":""},{"$f":"+IFERROR(VLOOKUP($A1566,BD_INSUMOS2[],7,FALSE),\"\")","v":""},{"$f":"+IFERROR(VLOOKUP($A1566,BD_INSUMOS2[],8,FALSE),\"\")","v":""}]
[1556,{"$f":"+IFERROR(VLOOKUP($A1567,BD_INSUMOS2[],3,FALSE),\"\")","v":""},{"$f":"+IFERROR(VLOOKUP($A1567,BD_INSUMOS2[],5,FALSE),\"\")","v":""},{"$f":"+IFERROR(VLOOKUP($A1567,BD_INSUMOS2[],6,FALSE),\"\")","v":""},{"$f":"+IFERROR(VLOOKUP($A1567,BD_INSUMOS2[],7,FALSE),\"\")","v":""},{"$f":"+IFERROR(VLOOKUP($A1567,BD_INSUMOS2[],8,FALSE),\"\")","v":""}]
[1557,{"$f":"+IFERROR(VLOOKUP($A1568,BD_INSUMOS2[],3,FALSE),\"\")","v":""},{"$f":"+IFERROR(VLOOKUP($A1568,BD_INSUMOS2[],5,FALSE),\"\")","v":""},{"$f":"+IFERROR(VLOOKUP($A1568,BD_INSUMOS2[],6,FALSE),\"\")","v":""},{"$f":"+IFERROR(VLOOKUP($A1568,BD_INSUMOS2[],7,FALSE),\"\")","v":""},{"$f":"+IFERROR(VLOOKUP($A1568,BD_INSUMOS2[],8,FALSE),\"\")","v":""}]
[1558,{"$f":"+IFERROR(VLOOKUP($A1569,BD_INSUMOS2[],3,FALSE),\"\")","v":""},{"$f":"+IFERROR(VLOOKUP($A1569,BD_INSUMOS2[],5,FALSE),\"\")","v":""},{"$f":"+IFERROR(VLOOKUP($A1569,BD_INSUMOS2[],6,FALSE),\"\")","v":""},{"$f":"+IFERROR(VLOOKUP($A1569,BD_INSUMOS2[],7,FALSE),\"\")","v":""},{"$f":"+IFERROR(VLOOKUP($A1569,BD_INSUMOS2[],8,FALSE),\"\")","v":""}]
[1559,{"$f":"+IFERROR(VLOOKUP($A1570,BD_INSUMOS2[],3,FALSE),\"\")","v":""},{"$f":"+IFERROR(VLOOKUP($A1570,BD_INSUMOS2[],5,FALSE),\"\")","v":""},{"$f":"+IFERROR(VLOOKUP($A1570,BD_INSUMOS2[],6,FALSE),\"\")","v":""},{"$f":"+IFERROR(VLOOKUP($A1570,BD_INSUMOS2[],7,FALSE),\"\")","v":""},{"$f":"+IFERROR(VLOOKUP($A1570,BD_INSUMOS2[],8,FALSE),\"\")","v":""}]
[1560,{"$f":"+IFERROR(VLOOKUP($A1571,BD_INSUMOS2[],3,FALSE),\"\")","v":""},{"$f":"+IFERROR(VLOOKUP($A1571,BD_INSUMOS2[],5,FALSE),\"\")","v":""},{"$f":"+IFERROR(VLOOKUP($A1571,BD_INSUMOS2[],6,FALSE),\"\")","v":""},{"$f":"+IFERROR(VLOOKUP($A1571,BD_INSUMOS2[],7,FALSE),\"\")","v":""},{"$f":"+IFERROR(VLOOKUP($A1571,BD_INSUMOS2[],8,FALSE),\"\")","v":""}]
[1561,{"$f":"+IFERROR(VLOOKUP($A1572,BD_INSUMOS2[],3,FALSE),\"\")","v":""},{"$f":"+IFERROR(VLOOKUP($A1572,BD_INSUMOS2[],5,FALSE),\"\")","v":""},{"$f":"+IFERROR(VLOOKUP($A1572,BD_INSUMOS2[],6,FALSE),\"\")","v":""},{"$f":"+IFERROR(VLOOKUP($A1572,BD_INSUMOS2[],7,FALSE),\"\")","v":""},{"$f":"+IFERROR(VLOOKUP($A1572,BD_INSUMOS2[],8,FALSE),\"\")","v":""}]
[1562,{"$f":"+IFERROR(VLOOKUP($A1573,BD_INSUMOS2[],3,FALSE),\"\")","v":""},{"$f":"+IFERROR(VLOOKUP($A1573,BD_INSUMOS2[],5,FALSE),\"\")","v":""},{"$f":"+IFERROR(VLOOKUP($A1573,BD_INSUMOS2[],6,FALSE),\"\")","v":""},{"$f":"+IFERROR(VLOOKUP($A1573,BD_INSUMOS2[],7,FALSE),\"\")","v":""},{"$f":"+IFERROR(VLOOKUP($A1573,BD_INSUMOS2[],8,FALSE),\"\")","v":""}]
[1563,{"$f":"+IFERROR(VLOOKUP($A1574,BD_INSUMOS2[],3,FALSE),\"\")","v":""},{"$f":"+IFERROR(VLOOKUP($A1574,BD_INSUMOS2[],5,FALSE),\"\")","v":""},{"$f":"+IFERROR(VLOOKUP($A1574,BD_INSUMOS2[],6,FALSE),\"\")","v":""},{"$f":"+IFERROR(VLOOKUP($A1574,BD_INSUMOS2[],7,FALSE),\"\")","v":""},{"$f":"+IFERROR(VLOOKUP($A1574,BD_INSUMOS2[],8,FALSE),\"\")","v":""}]
[1564,{"$f":"+IFERROR(VLOOKUP($A1575,BD_INSUMOS2[],3,FALSE),\"\")","v":""},{"$f":"+IFERROR(VLOOKUP($A1575,BD_INSUMOS2[],5,FALSE),\"\")","v":""},{"$f":"+IFERROR(VLOOKUP($A1575,BD_INSUMOS2[],6,FALSE),\"\")","v":""},{"$f":"+IFERROR(VLOOKUP($A1575,BD_INSUMOS2[],7,FALSE),\"\")","v":""},{"$f":"+IFERROR(VLOOKUP($A1575,BD_INSUMOS2[],8,FALSE),\"\")","v":""}]
[1565,{"$f":"+IFERROR(VLOOKUP($A1576,BD_INSUMOS2[],3,FALSE),\"\")","v":""},{"$f":"+IFERROR(VLOOKUP($A1576,BD_INSUMOS2[],5,FALSE),\"\")","v":""},{"$f":"+IFERROR(VLOOKUP($A1576,BD_INSUMOS2[],6,FALSE),\"\")","v":""},{"$f":"+IFERROR(VLOOKUP($A1576,BD_INSUMOS2[],7,FALSE),\"\")","v":""},{"$f":"+IFERROR(VLOOKUP($A1576,BD_INSUMOS2[],8,FALSE),\"\")","v":""}]
[1566,{"$f":"+IFERROR(VLOOKUP($A1577,BD_INSUMOS2[],3,FALSE),\"\")","v":""},{"$f":"+IFERROR(VLOOKUP($A1577,BD_INSUMOS2[],5,FALSE),\"\")","v":""},{"$f":"+IFERROR(VLOOKUP($A1577,BD_INSUMOS2[],6,FALSE),\"\")","v":""},{"$f":"+IFERROR(VLOOKUP($A1577,BD_INSUMOS2[],7,FALSE),\"\")","v":""},{"$f":"+IFERROR(VLOOKUP($A1577,BD_INSUMOS2[],8,FALSE),\"\")","v":""}]
[1567,{"$f":"+IFERROR(VLOOKUP($A1578,BD_INSUMOS2[],3,FALSE),\"\")","v":""},{"$f":"+IFERROR(VLOOKUP($A1578,BD_INSUMOS2[],5,FALSE),\"\")","v":""},{"$f":"+IFERROR(VLOOKUP($A1578,BD_INSUMOS2[],6,FALSE),\"\")","v":""},{"$f":"+IFERROR(VLOOKUP($A1578,BD_INSUMOS2[],7,FALSE),\"\")","v":""},{"$f":"+IFERROR(VLOOKUP($A1578,BD_INSUMOS2[],8,FALSE),\"\")","v":""}]
[1568,{"$f":"+IFERROR(VLOOKUP($A1579,BD_INSUMOS2[],3,FALSE),\"\")","v":""},{"$f":"+IFERROR(VLOOKUP($A1579,BD_INSUMOS2[],5,FALSE),\"\")","v":""},{"$f":"+IFERROR(VLOOKUP($A1579,BD_INSUMOS2[],6,FALSE),\"\")","v":""},{"$f":"+IFERROR(VLOOKUP($A1579,BD_INSUMOS2[],7,FALSE),\"\")","v":""},{"$f":"+IFERROR(VLOOKUP($A1579,BD_INSUMOS2[],8,FALSE),\"\")","v":""}]
[1569,{"$f":"+IFERROR(VLOOKUP($A1580,BD_INSUMOS2[],3,FALSE),\"\")","v":""},{"$f":"+IFERROR(VLOOKUP($A1580,BD_INSUMOS2[],5,FALSE),\"\")","v":""},{"$f":"+IFERROR(VLOOKUP($A1580,BD_INSUMOS2[],6,FALSE),\"\")","v":""},{"$f":"+IFERROR(VLOOKUP($A1580,BD_INSUMOS2[],7,FALSE),\"\")","v":""},{"$f":"+IFERROR(VLOOKUP($A1580,BD_INSUMOS2[],8,FALSE),\"\")","v":""}]
[1570,{"$f":"+IFERROR(VLOOKUP($A1581,BD_INSUMOS2[],3,FALSE),\"\")","v":""},{"$f":"+IFERROR(VLOOKUP($A1581,BD_INSUMOS2[],5,FALSE),\"\")","v":""},{"$f":"+IFERROR(VLOOKUP($A1581,BD_INSUMOS2[],6,FALSE),\"\")","v":""},{"$f":"+IFERROR(VLOOKUP($A1581,BD_INSUMOS2[],7,FALSE),\"\")","v":""},{"$f":"+IFERROR(VLOOKUP($A1581,BD_INSUMOS2[],8,FALSE),\"\")","v":""}]
[1571,{"$f":"+IFERROR(VLOOKUP($A1582,BD_INSUMOS2[],3,FALSE),\"\")","v":""},{"$f":"+IFERROR(VLOOKUP($A1582,BD_INSUMOS2[],5,FALSE),\"\")","v":""},{"$f":"+IFERROR(VLOOKUP($A1582,BD_INSUMOS2[],6,FALSE),\"\")","v":""},{"$f":"+IFERROR(VLOOKUP($A1582,BD_INSUMOS2[],7,FALSE),\"\")","v":""},{"$f":"+IFERROR(VLOOKUP($A1582,BD_INSUMOS2[],8,FALSE),\"\")","v":""}]
[1572,{"$f":"+IFERROR(VLOOKUP($A1583,BD_INSUMOS2[],3,FALSE),\"\")","v":""},{"$f":"+IFERROR(VLOOKUP($A1583,BD_INSUMOS2[],5,FALSE),\"\")","v":""},{"$f":"+IFERROR(VLOOKUP($A1583,BD_INSUMOS2[],6,FALSE),\"\")","v":""},{"$f":"+IFERROR(VLOOKUP($A1583,BD_INSUMOS2[],7,FALSE),\"\")","v":""},{"$f":"+IFERROR(VLOOKUP($A1583,BD_INSUMOS2[],8,FALSE),\"\")","v":""}]
[1573,{"$f":"+IFERROR(VLOOKUP($A1584,BD_INSUMOS2[],3,FALSE),\"\")","v":""},{"$f":"+IFERROR(VLOOKUP($A1584,BD_INSUMOS2[],5,FALSE),\"\")","v":""},{"$f":"+IFERROR(VLOOKUP($A1584,BD_INSUMOS2[],6,FALSE),\"\")","v":""},{"$f":"+IFERROR(VLOOKUP($A1584,BD_INSUMOS2[],7,FALSE),\"\")","v":""},{"$f":"+IFERROR(VLOOKUP($A1584,BD_INSUMOS2[],8,FALSE),\"\")","v":""}]
[1574,{"$f":"+IFERROR(VLOOKUP($A1585,BD_INSUMOS2[],3,FALSE),\"\")","v":""},{"$f":"+IFERROR(VLOOKUP($A1585,BD_INSUMOS2[],5,FALSE),\"\")","v":""},{"$f":"+IFERROR(VLOOKUP($A1585,BD_INSUMOS2[],6,FALSE),\"\")","v":""},{"$f":"+IFERROR(VLOOKUP($A1585,BD_INSUMOS2[],7,FALSE),\"\")","v":""},{"$f":"+IFERROR(VLOOKUP($A1585,BD_INSUMOS2[],8,FALSE),\"\")","v":""}]
[1575,{"$f":"+IFERROR(VLOOKUP($A1586,BD_INSUMOS2[],3,FALSE),\"\")","v":""},{"$f":"+IFERROR(VLOOKUP($A1586,BD_INSUMOS2[],5,FALSE),\"\")","v":""},{"$f":"+IFERROR(VLOOKUP($A1586,BD_INSUMOS2[],6,FALSE),\"\")","v":""},{"$f":"+IFERROR(VLOOKUP($A1586,BD_INSUMOS2[],7,FALSE),\"\")","v":""},{"$f":"+IFERROR(VLOOKUP($A1586,BD_INSUMOS2[],8,FALSE),\"\")","v":""}]
[1576,{"$f":"+IFERROR(VLOOKUP($A1587,BD_INSUMOS2[],3,FALSE),\"\")","v":""},{"$f":"+IFERROR(VLOOKUP($A1587,BD_INSUMOS2[],5,FALSE),\"\")","v":""},{"$f":"+IFERROR(VLOOKUP($A1587,BD_INSUMOS2[],6,FALSE),\"\")","v":""},{"$f":"+IFERROR(VLOOKUP($A1587,BD_INSUMOS2[],7,FALSE),\"\")","v":""},{"$f":"+IFERROR(VLOOKUP($A1587,BD_INSUMOS2[],8,FALSE),\"\")","v":""}]
[1577,{"$f":"+IFERROR(VLOOKUP($A1588,BD_INSUMOS2[],3,FALSE),\"\")","v":""},{"$f":"+IFERROR(VLOOKUP($A1588,BD_INSUMOS2[],5,FALSE),\"\")","v":""},{"$f":"+IFERROR(VLOOKUP($A1588,BD_INSUMOS2[],6,FALSE),\"\")","v":""},{"$f":"+IFERROR(VLOOKUP($A1588,BD_INSUMOS2[],7,FALSE),\"\")","v":""},{"$f":"+IFERROR(VLOOKUP($A1588,BD_INSUMOS2[],8,FALSE),\"\")","v":""}]
[1578,{"$f":"+IFERROR(VLOOKUP($A1589,BD_INSUMOS2[],3,FALSE),\"\")","v":""},{"$f":"+IFERROR(VLOOKUP($A1589,BD_INSUMOS2[],5,FALSE),\"\")","v":""},{"$f":"+IFERROR(VLOOKUP($A1589,BD_INSUMOS2[],6,FALSE),\"\")","v":""},{"$f":"+IFERROR(VLOOKUP($A1589,BD_INSUMOS2[],7,FALSE),\"\")","v":""},{"$f":"+IFERROR(VLOOKUP($A1589,BD_INSUMOS2[],8,FALSE),\"\")","v":""}]
[1579,{"$f":"+IFERROR(VLOOKUP($A1590,BD_INSUMOS2[],3,FALSE),\"\")","v":""},{"$f":"+IFERROR(VLOOKUP($A1590,BD_INSUMOS2[],5,FALSE),\"\")","v":""},{"$f":"+IFERROR(VLOOKUP($A1590,BD_INSUMOS2[],6,FALSE),\"\")","v":""},{"$f":"+IFERROR(VLOOKUP($A1590,BD_INSUMOS2[],7,FALSE),\"\")","v":""},{"$f":"+IFERROR(VLOOKUP($A1590,BD_INSUMOS2[],8,FALSE),\"\")","v":""}]
[1580,{"$f":"+IFERROR(VLOOKUP($A1591,BD_INSUMOS2[],3,FALSE),\"\")","v":""},{"$f":"+IFERROR(VLOOKUP($A1591,BD_INSUMOS2[],5,FALSE),\"\")","v":""},{"$f":"+IFERROR(VLOOKUP($A1591,BD_INSUMOS2[],6,FALSE),\"\")","v":""},{"$f":"+IFERROR(VLOOKUP($A1591,BD_INSUMOS2[],7,FALSE),\"\")","v":""},{"$f":"+IFERROR(VLOOKUP($A1591,BD_INSUMOS2[],8,FALSE),\"\")","v":""}]
[1581,{"$f":"+IFERROR(VLOOKUP($A1592,BD_INSUMOS2[],3,FALSE),\"\")","v":""},{"$f":"+IFERROR(VLOOKUP($A1592,BD_INSUMOS2[],5,FALSE),\"\")","v":""},{"$f":"+IFERROR(VLOOKUP($A1592,BD_INSUMOS2[],6,FALSE),\"\")","v":""},{"$f":"+IFERROR(VLOOKUP($A1592,BD_INSUMOS2[],7,FALSE),\"\")","v":""},{"$f":"+IFERROR(VLOOKUP($A1592,BD_INSUMOS2[],8,FALSE),\"\")","v":""}]
[1582,{"$f":"+IFERROR(VLOOKUP($A1593,BD_INSUMOS2[],3,FALSE),\"\")","v":""},{"$f":"+IFERROR(VLOOKUP($A1593,BD_INSUMOS2[],5,FALSE),\"\")","v":""},{"$f":"+IFERROR(VLOOKUP($A1593,BD_INSUMOS2[],6,FALSE),\"\")","v":""},{"$f":"+IFERROR(VLOOKUP($A1593,BD_INSUMOS2[],7,FALSE),\"\")","v":""},{"$f":"+IFERROR(VLOOKUP($A1593,BD_INSUMOS2[],8,FALSE),\"\")","v":""}]
[1583,{"$f":"+IFERROR(VLOOKUP($A1594,BD_INSUMOS2[],3,FALSE),\"\")","v":""},{"$f":"+IFERROR(VLOOKUP($A1594,BD_INSUMOS2[],5,FALSE),\"\")","v":""},{"$f":"+IFERROR(VLOOKUP($A1594,BD_INSUMOS2[],6,FALSE),\"\")","v":""},{"$f":"+IFERROR(VLOOKUP($A1594,BD_INSUMOS2[],7,FALSE),\"\")","v":""},{"$f":"+IFERROR(VLOOKUP($A1594,BD_INSUMOS2[],8,FALSE),\"\")","v":""}]
[1584,{"$f":"+IFERROR(VLOOKUP($A1595,BD_INSUMOS2[],3,FALSE),\"\")","v":""},{"$f":"+IFERROR(VLOOKUP($A1595,BD_INSUMOS2[],5,FALSE),\"\")","v":""},{"$f":"+IFERROR(VLOOKUP($A1595,BD_INSUMOS2[],6,FALSE),\"\")","v":""},{"$f":"+IFERROR(VLOOKUP($A1595,BD_INSUMOS2[],7,FALSE),\"\")","v":""},{"$f":"+IFERROR(VLOOKUP($A1595,BD_INSUMOS2[],8,FALSE),\"\")","v":""}]
[1585,{"$f":"+IFERROR(VLOOKUP($A1596,BD_INSUMOS2[],3,FALSE),\"\")","v":""},{"$f":"+IFERROR(VLOOKUP($A1596,BD_INSUMOS2[],5,FALSE),\"\")","v":""},{"$f":"+IFERROR(VLOOKUP($A1596,BD_INSUMOS2[],6,FALSE),\"\")","v":""},{"$f":"+IFERROR(VLOOKUP($A1596,BD_INSUMOS2[],7,FALSE),\"\")","v":""},{"$f":"+IFERROR(VLOOKUP($A1596,BD_INSUMOS2[],8,FALSE),\"\")","v":""}]
[1586,{"$f":"+IFERROR(VLOOKUP($A1597,BD_INSUMOS2[],3,FALSE),\"\")","v":""},{"$f":"+IFERROR(VLOOKUP($A1597,BD_INSUMOS2[],5,FALSE),\"\")","v":""},{"$f":"+IFERROR(VLOOKUP($A1597,BD_INSUMOS2[],6,FALSE),\"\")","v":""},{"$f":"+IFERROR(VLOOKUP($A1597,BD_INSUMOS2[],7,FALSE),\"\")","v":""},{"$f":"+IFERROR(VLOOKUP($A1597,BD_INSUMOS2[],8,FALSE),\"\")","v":""}]
[1587,{"$f":"+IFERROR(VLOOKUP($A1598,BD_INSUMOS2[],3,FALSE),\"\")","v":""},{"$f":"+IFERROR(VLOOKUP($A1598,BD_INSUMOS2[],5,FALSE),\"\")","v":""},{"$f":"+IFERROR(VLOOKUP($A1598,BD_INSUMOS2[],6,FALSE),\"\")","v":""},{"$f":"+IFERROR(VLOOKUP($A1598,BD_INSUMOS2[],7,FALSE),\"\")","v":""},{"$f":"+IFERROR(VLOOKUP($A1598,BD_INSUMOS2[],8,FALSE),\"\")","v":""}]
[1588,{"$f":"+IFERROR(VLOOKUP($A1599,BD_INSUMOS2[],3,FALSE),\"\")","v":""},{"$f":"+IFERROR(VLOOKUP($A1599,BD_INSUMOS2[],5,FALSE),\"\")","v":""},{"$f":"+IFERROR(VLOOKUP($A1599,BD_INSUMOS2[],6,FALSE),\"\")","v":""},{"$f":"+IFERROR(VLOOKUP($A1599,BD_INSUMOS2[],7,FALSE),\"\")","v":""},{"$f":"+IFERROR(VLOOKUP($A1599,BD_INSUMOS2[],8,FALSE),\"\")","v":""}]
[1589,{"$f":"+IFERROR(VLOOKUP($A1600,BD_INSUMOS2[],3,FALSE),\"\")","v":""},{"$f":"+IFERROR(VLOOKUP($A1600,BD_INSUMOS2[],5,FALSE),\"\")","v":""},{"$f":"+IFERROR(VLOOKUP($A1600,BD_INSUMOS2[],6,FALSE),\"\")","v":""},{"$f":"+IFERROR(VLOOKUP($A1600,BD_INSUMOS2[],7,FALSE),\"\")","v":""},{"$f":"+IFERROR(VLOOKUP($A1600,BD_INSUMOS2[],8,FALSE),\"\")","v":""}]
[1590,{"$f":"+IFERROR(VLOOKUP($A1601,BD_INSUMOS2[],3,FALSE),\"\")","v":""},{"$f":"+IFERROR(VLOOKUP($A1601,BD_INSUMOS2[],5,FALSE),\"\")","v":""},{"$f":"+IFERROR(VLOOKUP($A1601,BD_INSUMOS2[],6,FALSE),\"\")","v":""},{"$f":"+IFERROR(VLOOKUP($A1601,BD_INSUMOS2[],7,FALSE),\"\")","v":""},{"$f":"+IFERROR(VLOOKUP($A1601,BD_INSUMOS2[],8,FALSE),\"\")","v":""}]
[1591,{"$f":"+IFERROR(VLOOKUP($A1602,BD_INSUMOS2[],3,FALSE),\"\")","v":""},{"$f":"+IFERROR(VLOOKUP($A1602,BD_INSUMOS2[],5,FALSE),\"\")","v":""},{"$f":"+IFERROR(VLOOKUP($A1602,BD_INSUMOS2[],6,FALSE),\"\")","v":""},{"$f":"+IFERROR(VLOOKUP($A1602,BD_INSUMOS2[],7,FALSE),\"\")","v":""},{"$f":"+IFERROR(VLOOKUP($A1602,BD_INSUMOS2[],8,FALSE),\"\")","v":""}]
[1592,{"$f":"+IFERROR(VLOOKUP($A1603,BD_INSUMOS2[],3,FALSE),\"\")","v":""},{"$f":"+IFERROR(VLOOKUP($A1603,BD_INSUMOS2[],5,FALSE),\"\")","v":""},{"$f":"+IFERROR(VLOOKUP($A1603,BD_INSUMOS2[],6,FALSE),\"\")","v":""},{"$f":"+IFERROR(VLOOKUP($A1603,BD_INSUMOS2[],7,FALSE),\"\")","v":""},{"$f":"+IFERROR(VLOOKUP($A1603,BD_INSUMOS2[],8,FALSE),\"\")","v":""}]
[1593,{"$f":"+IFERROR(VLOOKUP($A1604,BD_INSUMOS2[],3,FALSE),\"\")","v":""},{"$f":"+IFERROR(VLOOKUP($A1604,BD_INSUMOS2[],5,FALSE),\"\")","v":""},{"$f":"+IFERROR(VLOOKUP($A1604,BD_INSUMOS2[],6,FALSE),\"\")","v":""},{"$f":"+IFERROR(VLOOKUP($A1604,BD_INSUMOS2[],7,FALSE),\"\")","v":""},{"$f":"+IFERROR(VLOOKUP($A1604,BD_INSUMOS2[],8,FALSE),\"\")","v":""}]
[1594,{"$f":"+IFERROR(VLOOKUP($A1605,BD_INSUMOS2[],3,FALSE),\"\")","v":""},{"$f":"+IFERROR(VLOOKUP($A1605,BD_INSUMOS2[],5,FALSE),\"\")","v":""},{"$f":"+IFERROR(VLOOKUP($A1605,BD_INSUMOS2[],6,FALSE),\"\")","v":""},{"$f":"+IFERROR(VLOOKUP($A1605,BD_INSUMOS2[],7,FALSE),\"\")","v":""},{"$f":"+IFERROR(VLOOKUP($A1605,BD_INSUMOS2[],8,FALSE),\"\")","v":""}]
[1595,{"$f":"+IFERROR(VLOOKUP($A1606,BD_INSUMOS2[],3,FALSE),\"\")","v":""},{"$f":"+IFERROR(VLOOKUP($A1606,BD_INSUMOS2[],5,FALSE),\"\")","v":""},{"$f":"+IFERROR(VLOOKUP($A1606,BD_INSUMOS2[],6,FALSE),\"\")","v":""},{"$f":"+IFERROR(VLOOKUP($A1606,BD_INSUMOS2[],7,FALSE),\"\")","v":""},{"$f":"+IFERROR(VLOOKUP($A1606,BD_INSUMOS2[],8,FALSE),\"\")","v":""}]
[1596,{"$f":"+IFERROR(VLOOKUP($A1607,BD_INSUMOS2[],3,FALSE),\"\")","v":""},{"$f":"+IFERROR(VLOOKUP($A1607,BD_INSUMOS2[],5,FALSE),\"\")","v":""},{"$f":"+IFERROR(VLOOKUP($A1607,BD_INSUMOS2[],6,FALSE),\"\")","v":""},{"$f":"+IFERROR(VLOOKUP($A1607,BD_INSUMOS2[],7,FALSE),\"\")","v":""},{"$f":"+IFERROR(VLOOKUP($A1607,BD_INSUMOS2[],8,FALSE),\"\")","v":""}]
[1597,{"$f":"+IFERROR(VLOOKUP($A1608,BD_INSUMOS2[],3,FALSE),\"\")","v":""},{"$f":"+IFERROR(VLOOKUP($A1608,BD_INSUMOS2[],5,FALSE),\"\")","v":""},{"$f":"+IFERROR(VLOOKUP($A1608,BD_INSUMOS2[],6,FALSE),\"\")","v":""},{"$f":"+IFERROR(VLOOKUP($A1608,BD_INSUMOS2[],7,FALSE),\"\")","v":""},{"$f":"+IFERROR(VLOOKUP($A1608,BD_INSUMOS2[],8,FALSE),\"\")","v":""}]
[1598,{"$f":"+IFERROR(VLOOKUP($A1609,BD_INSUMOS2[],3,FALSE),\"\")","v":""},{"$f":"+IFERROR(VLOOKUP($A1609,BD_INSUMOS2[],5,FALSE),\"\")","v":""},{"$f":"+IFERROR(VLOOKUP($A1609,BD_INSUMOS2[],6,FALSE),\"\")","v":""},{"$f":"+IFERROR(VLOOKUP($A1609,BD_INSUMOS2[],7,FALSE),\"\")","v":""},{"$f":"+IFERROR(VLOOKUP($A1609,BD_INSUMOS2[],8,FALSE),\"\")","v":""}]
[1599,{"$f":"+IFERROR(VLOOKUP($A1610,BD_INSUMOS2[],3,FALSE),\"\")","v":""},{"$f":"+IFERROR(VLOOKUP($A1610,BD_INSUMOS2[],5,FALSE),\"\")","v":""},{"$f":"+IFERROR(VLOOKUP($A1610,BD_INSUMOS2[],6,FALSE),\"\")","v":""},{"$f":"+IFERROR(VLOOKUP($A1610,BD_INSUMOS2[],7,FALSE),\"\")","v":""},{"$f":"+IFERROR(VLOOKUP($A1610,BD_INSUMOS2[],8,FALSE),\"\")","v":""}]
[1600,{"$f":"+IFERROR(VLOOKUP($A1611,BD_INSUMOS2[],3,FALSE),\"\")","v":""},{"$f":"+IFERROR(VLOOKUP($A1611,BD_INSUMOS2[],5,FALSE),\"\")","v":""},{"$f":"+IFERROR(VLOOKUP($A1611,BD_INSUMOS2[],6,FALSE),\"\")","v":""},{"$f":"+IFERROR(VLOOKUP($A1611,BD_INSUMOS2[],7,FALSE),\"\")","v":""},{"$f":"+IFERROR(VLOOKUP($A1611,BD_INSUMOS2[],8,FALSE),\"\")","v":""}]
[1601,{"$f":"+IFERROR(VLOOKUP($A1612,BD_INSUMOS2[],3,FALSE),\"\")","v":""},{"$f":"+IFERROR(VLOOKUP($A1612,BD_INSUMOS2[],5,FALSE),\"\")","v":""},{"$f":"+IFERROR(VLOOKUP($A1612,BD_INSUMOS2[],6,FALSE),\"\")","v":""},{"$f":"+IFERROR(VLOOKUP($A1612,BD_INSUMOS2[],7,FALSE),\"\")","v":""},{"$f":"+IFERROR(VLOOKUP($A1612,BD_INSUMOS2[],8,FALSE),\"\")","v":""}]
[1602,{"$f":"+IFERROR(VLOOKUP($A1613,BD_INSUMOS2[],3,FALSE),\"\")","v":""},{"$f":"+IFERROR(VLOOKUP($A1613,BD_INSUMOS2[],5,FALSE),\"\")","v":""},{"$f":"+IFERROR(VLOOKUP($A1613,BD_INSUMOS2[],6,FALSE),\"\")","v":""},{"$f":"+IFERROR(VLOOKUP($A1613,BD_INSUMOS2[],7,FALSE),\"\")","v":""},{"$f":"+IFERROR(VLOOKUP($A1613,BD_INSUMOS2[],8,FALSE),\"\")","v":""}]
[1603,{"$f":"+IFERROR(VLOOKUP($A1614,BD_INSUMOS2[],3,FALSE),\"\")","v":""},{"$f":"+IFERROR(VLOOKUP($A1614,BD_INSUMOS2[],5,FALSE),\"\")","v":""},{"$f":"+IFERROR(VLOOKUP($A1614,BD_INSUMOS2[],6,FALSE),\"\")","v":""},{"$f":"+IFERROR(VLOOKUP($A1614,BD_INSUMOS2[],7,FALSE),\"\")","v":""},{"$f":"+IFERROR(VLOOKUP($A1614,BD_INSUMOS2[],8,FALSE),\"\")","v":""}]
[1604,{"$f":"+IFERROR(VLOOKUP($A1615,BD_INSUMOS2[],3,FALSE),\"\")","v":""},{"$f":"+IFERROR(VLOOKUP($A1615,BD_INSUMOS2[],5,FALSE),\"\")","v":""},{"$f":"+IFERROR(VLOOKUP($A1615,BD_INSUMOS2[],6,FALSE),\"\")","v":""},{"$f":"+IFERROR(VLOOKUP($A1615,BD_INSUMOS2[],7,FALSE),\"\")","v":""},{"$f":"+IFERROR(VLOOKUP($A1615,BD_INSUMOS2[],8,FALSE),\"\")","v":""}]
[1605,{"$f":"+IFERROR(VLOOKUP($A1616,BD_INSUMOS2[],3,FALSE),\"\")","v":""},{"$f":"+IFERROR(VLOOKUP($A1616,BD_INSUMOS2[],5,FALSE),\"\")","v":""},{"$f":"+IFERROR(VLOOKUP($A1616,BD_INSUMOS2[],6,FALSE),\"\")","v":""},{"$f":"+IFERROR(VLOOKUP($A1616,BD_INSUMOS2[],7,FALSE),\"\")","v":""},{"$f":"+IFERROR(VLOOKUP($A1616,BD_INSUMOS2[],8,FALSE),\"\")","v":""}]
[1606,{"$f":"+IFERROR(VLOOKUP($A1617,BD_INSUMOS2[],3,FALSE),\"\")","v":""},{"$f":"+IFERROR(VLOOKUP($A1617,BD_INSUMOS2[],5,FALSE),\"\")","v":""},{"$f":"+IFERROR(VLOOKUP($A1617,BD_INSUMOS2[],6,FALSE),\"\")","v":""},{"$f":"+IFERROR(VLOOKUP($A1617,BD_INSUMOS2[],7,FALSE),\"\")","v":""},{"$f":"+IFERROR(VLOOKUP($A1617,BD_INSUMOS2[],8,FALSE),\"\")","v":""}]
[1607,{"$f":"+IFERROR(VLOOKUP($A1618,BD_INSUMOS2[],3,FALSE),\"\")","v":""},{"$f":"+IFERROR(VLOOKUP($A1618,BD_INSUMOS2[],5,FALSE),\"\")","v":""},{"$f":"+IFERROR(VLOOKUP($A1618,BD_INSUMOS2[],6,FALSE),\"\")","v":""},{"$f":"+IFERROR(VLOOKUP($A1618,BD_INSUMOS2[],7,FALSE),\"\")","v":""},{"$f":"+IFERROR(VLOOKUP($A1618,BD_INSUMOS2[],8,FALSE),\"\")","v":""}]
[1608,{"$f":"+IFERROR(VLOOKUP($A1619,BD_INSUMOS2[],3,FALSE),\"\")","v":""},{"$f":"+IFERROR(VLOOKUP($A1619,BD_INSUMOS2[],5,FALSE),\"\")","v":""},{"$f":"+IFERROR(VLOOKUP($A1619,BD_INSUMOS2[],6,FALSE),\"\")","v":""},{"$f":"+IFERROR(VLOOKUP($A1619,BD_INSUMOS2[],7,FALSE),\"\")","v":""},{"$f":"+IFERROR(VLOOKUP($A1619,BD_INSUMOS2[],8,FALSE),\"\")","v":""}]
[1609,{"$f":"+IFERROR(VLOOKUP($A1620,BD_INSUMOS2[],3,FALSE),\"\")","v":""},{"$f":"+IFERROR(VLOOKUP($A1620,BD_INSUMOS2[],5,FALSE),\"\")","v":""},{"$f":"+IFERROR(VLOOKUP($A1620,BD_INSUMOS2[],6,FALSE),\"\")","v":""},{"$f":"+IFERROR(VLOOKUP($A1620,BD_INSUMOS2[],7,FALSE),\"\")","v":""},{"$f":"+IFERROR(VLOOKUP($A1620,BD_INSUMOS2[],8,FALSE),\"\")","v":""}]
[1610,{"$f":"+IFERROR(VLOOKUP($A1621,BD_INSUMOS2[],3,FALSE),\"\")","v":""},{"$f":"+IFERROR(VLOOKUP($A1621,BD_INSUMOS2[],5,FALSE),\"\")","v":""},{"$f":"+IFERROR(VLOOKUP($A1621,BD_INSUMOS2[],6,FALSE),\"\")","v":""},{"$f":"+IFERROR(VLOOKUP($A1621,BD_INSUMOS2[],7,FALSE),\"\")","v":""},{"$f":"+IFERROR(VLOOKUP($A1621,BD_INSUMOS2[],8,FALSE),\"\")","v":""}]
[1611,{"$f":"+IFERROR(VLOOKUP($A1622,BD_INSUMOS2[],3,FALSE),\"\")","v":""},{"$f":"+IFERROR(VLOOKUP($A1622,BD_INSUMOS2[],5,FALSE),\"\")","v":""},{"$f":"+IFERROR(VLOOKUP($A1622,BD_INSUMOS2[],6,FALSE),\"\")","v":""},{"$f":"+IFERROR(VLOOKUP($A1622,BD_INSUMOS2[],7,FALSE),\"\")","v":""},{"$f":"+IFERROR(VLOOKUP($A1622,BD_INSUMOS2[],8,FALSE),\"\")","v":""}]
[1612,{"$f":"+IFERROR(VLOOKUP($A1623,BD_INSUMOS2[],3,FALSE),\"\")","v":""},{"$f":"+IFERROR(VLOOKUP($A1623,BD_INSUMOS2[],5,FALSE),\"\")","v":""},{"$f":"+IFERROR(VLOOKUP($A1623,BD_INSUMOS2[],6,FALSE),\"\")","v":""},{"$f":"+IFERROR(VLOOKUP($A1623,BD_INSUMOS2[],7,FALSE),\"\")","v":""},{"$f":"+IFERROR(VLOOKUP($A1623,BD_INSUMOS2[],8,FALSE),\"\")","v":""}]
[1613,{"$f":"+IFERROR(VLOOKUP($A1624,BD_INSUMOS2[],3,FALSE),\"\")","v":""},{"$f":"+IFERROR(VLOOKUP($A1624,BD_INSUMOS2[],5,FALSE),\"\")","v":""},{"$f":"+IFERROR(VLOOKUP($A1624,BD_INSUMOS2[],6,FALSE),\"\")","v":""},{"$f":"+IFERROR(VLOOKUP($A1624,BD_INSUMOS2[],7,FALSE),\"\")","v":""},{"$f":"+IFERROR(VLOOKUP($A1624,BD_INSUMOS2[],8,FALSE),\"\")","v":""}]
[1614,{"$f":"+IFERROR(VLOOKUP($A1625,BD_INSUMOS2[],3,FALSE),\"\")","v":""},{"$f":"+IFERROR(VLOOKUP($A1625,BD_INSUMOS2[],5,FALSE),\"\")","v":""},{"$f":"+IFERROR(VLOOKUP($A1625,BD_INSUMOS2[],6,FALSE),\"\")","v":""},{"$f":"+IFERROR(VLOOKUP($A1625,BD_INSUMOS2[],7,FALSE),\"\")","v":""},{"$f":"+IFERROR(VLOOKUP($A1625,BD_INSUMOS2[],8,FALSE),\"\")","v":""}]
[1615,{"$f":"+IFERROR(VLOOKUP($A1626,BD_INSUMOS2[],3,FALSE),\"\")","v":""},{"$f":"+IFERROR(VLOOKUP($A1626,BD_INSUMOS2[],5,FALSE),\"\")","v":""},{"$f":"+IFERROR(VLOOKUP($A1626,BD_INSUMOS2[],6,FALSE),\"\")","v":""},{"$f":"+IFERROR(VLOOKUP($A1626,BD_INSUMOS2[],7,FALSE),\"\")","v":""},{"$f":"+IFERROR(VLOOKUP($A1626,BD_INSUMOS2[],8,FALSE),\"\")","v":""}]
[1616,{"$f":"+IFERROR(VLOOKUP($A1627,BD_INSUMOS2[],3,FALSE),\"\")","v":""},{"$f":"+IFERROR(VLOOKUP($A1627,BD_INSUMOS2[],5,FALSE),\"\")","v":""},{"$f":"+IFERROR(VLOOKUP($A1627,BD_INSUMOS2[],6,FALSE),\"\")","v":""},{"$f":"+IFERROR(VLOOKUP($A1627,BD_INSUMOS2[],7,FALSE),\"\")","v":""},{"$f":"+IFERROR(VLOOKUP($A1627,BD_INSUMOS2[],8,FALSE),\"\")","v":""}]
[1617,{"$f":"+IFERROR(VLOOKUP($A1628,BD_INSUMOS2[],3,FALSE),\"\")","v":""},{"$f":"+IFERROR(VLOOKUP($A1628,BD_INSUMOS2[],5,FALSE),\"\")","v":""},{"$f":"+IFERROR(VLOOKUP($A1628,BD_INSUMOS2[],6,FALSE),\"\")","v":""},{"$f":"+IFERROR(VLOOKUP($A1628,BD_INSUMOS2[],7,FALSE),\"\")","v":""},{"$f":"+IFERROR(VLOOKUP($A1628,BD_INSUMOS2[],8,FALSE),\"\")","v":""}]
[1618,{"$f":"+IFERROR(VLOOKUP($A1629,BD_INSUMOS2[],3,FALSE),\"\")","v":""},{"$f":"+IFERROR(VLOOKUP($A1629,BD_INSUMOS2[],5,FALSE),\"\")","v":""},{"$f":"+IFERROR(VLOOKUP($A1629,BD_INSUMOS2[],6,FALSE),\"\")","v":""},{"$f":"+IFERROR(VLOOKUP($A1629,BD_INSUMOS2[],7,FALSE),\"\")","v":""},{"$f":"+IFERROR(VLOOKUP($A1629,BD_INSUMOS2[],8,FALSE),\"\")","v":""}]
[1619,{"$f":"+IFERROR(VLOOKUP($A1630,BD_INSUMOS2[],3,FALSE),\"\")","v":""},{"$f":"+IFERROR(VLOOKUP($A1630,BD_INSUMOS2[],5,FALSE),\"\")","v":""},{"$f":"+IFERROR(VLOOKUP($A1630,BD_INSUMOS2[],6,FALSE),\"\")","v":""},{"$f":"+IFERROR(VLOOKUP($A1630,BD_INSUMOS2[],7,FALSE),\"\")","v":""},{"$f":"+IFERROR(VLOOKUP($A1630,BD_INSUMOS2[],8,FALSE),\"\")","v":""}]
[1620,{"$f":"+IFERROR(VLOOKUP($A1631,BD_INSUMOS2[],3,FALSE),\"\")","v":""},{"$f":"+IFERROR(VLOOKUP($A1631,BD_INSUMOS2[],5,FALSE),\"\")","v":""},{"$f":"+IFERROR(VLOOKUP($A1631,BD_INSUMOS2[],6,FALSE),\"\")","v":""},{"$f":"+IFERROR(VLOOKUP($A1631,BD_INSUMOS2[],7,FALSE),\"\")","v":""},{"$f":"+IFERROR(VLOOKUP($A1631,BD_INSUMOS2[],8,FALSE),\"\")","v":""}]
[1621,{"$f":"+IFERROR(VLOOKUP($A1632,BD_INSUMOS2[],3,FALSE),\"\")","v":""},{"$f":"+IFERROR(VLOOKUP($A1632,BD_INSUMOS2[],5,FALSE),\"\")","v":""},{"$f":"+IFERROR(VLOOKUP($A1632,BD_INSUMOS2[],6,FALSE),\"\")","v":""},{"$f":"+IFERROR(VLOOKUP($A1632,BD_INSUMOS2[],7,FALSE),\"\")","v":""},{"$f":"+IFERROR(VLOOKUP($A1632,BD_INSUMOS2[],8,FALSE),\"\")","v":""}]
[1622,{"$f":"+IFERROR(VLOOKUP($A1633,BD_INSUMOS2[],3,FALSE),\"\")","v":""},{"$f":"+IFERROR(VLOOKUP($A1633,BD_INSUMOS2[],5,FALSE),\"\")","v":""},{"$f":"+IFERROR(VLOOKUP($A1633,BD_INSUMOS2[],6,FALSE),\"\")","v":""},{"$f":"+IFERROR(VLOOKUP($A1633,BD_INSUMOS2[],7,FALSE),\"\")","v":""},{"$f":"+IFERROR(VLOOKUP($A1633,BD_INSUMOS2[],8,FALSE),\"\")","v":""}]
[1623,{"$f":"+IFERROR(VLOOKUP($A1634,BD_INSUMOS2[],3,FALSE),\"\")","v":""},{"$f":"+IFERROR(VLOOKUP($A1634,BD_INSUMOS2[],5,FALSE),\"\")","v":""},{"$f":"+IFERROR(VLOOKUP($A1634,BD_INSUMOS2[],6,FALSE),\"\")","v":""},{"$f":"+IFERROR(VLOOKUP($A1634,BD_INSUMOS2[],7,FALSE),\"\")","v":""},{"$f":"+IFERROR(VLOOKUP($A1634,BD_INSUMOS2[],8,FALSE),\"\")","v":""}]
[1624,{"$f":"+IFERROR(VLOOKUP($A1635,BD_INSUMOS2[],3,FALSE),\"\")","v":""},{"$f":"+IFERROR(VLOOKUP($A1635,BD_INSUMOS2[],5,FALSE),\"\")","v":""},{"$f":"+IFERROR(VLOOKUP($A1635,BD_INSUMOS2[],6,FALSE),\"\")","v":""},{"$f":"+IFERROR(VLOOKUP($A1635,BD_INSUMOS2[],7,FALSE),\"\")","v":""},{"$f":"+IFERROR(VLOOKUP($A1635,BD_INSUMOS2[],8,FALSE),\"\")","v":""}]
[1625,{"$f":"+IFERROR(VLOOKUP($A1636,BD_INSUMOS2[],3,FALSE),\"\")","v":""},{"$f":"+IFERROR(VLOOKUP($A1636,BD_INSUMOS2[],5,FALSE),\"\")","v":""},{"$f":"+IFERROR(VLOOKUP($A1636,BD_INSUMOS2[],6,FALSE),\"\")","v":""},{"$f":"+IFERROR(VLOOKUP($A1636,BD_INSUMOS2[],7,FALSE),\"\")","v":""},{"$f":"+IFERROR(VLOOKUP($A1636,BD_INSUMOS2[],8,FALSE),\"\")","v":""}]
[1626,{"$f":"+IFERROR(VLOOKUP($A1637,BD_INSUMOS2[],3,FALSE),\"\")","v":""},{"$f":"+IFERROR(VLOOKUP($A1637,BD_INSUMOS2[],5,FALSE),\"\")","v":""},{"$f":"+IFERROR(VLOOKUP($A1637,BD_INSUMOS2[],6,FALSE),\"\")","v":""},{"$f":"+IFERROR(VLOOKUP($A1637,BD_INSUMOS2[],7,FALSE),\"\")","v":""},{"$f":"+IFERROR(VLOOKUP($A1637,BD_INSUMOS2[],8,FALSE),\"\")","v":""}]
[1627,{"$f":"+IFERROR(VLOOKUP($A1638,BD_INSUMOS2[],3,FALSE),\"\")","v":""},{"$f":"+IFERROR(VLOOKUP($A1638,BD_INSUMOS2[],5,FALSE),\"\")","v":""},{"$f":"+IFERROR(VLOOKUP($A1638,BD_INSUMOS2[],6,FALSE),\"\")","v":""},{"$f":"+IFERROR(VLOOKUP($A1638,BD_INSUMOS2[],7,FALSE),\"\")","v":""},{"$f":"+IFERROR(VLOOKUP($A1638,BD_INSUMOS2[],8,FALSE),\"\")","v":""}]
[1628,{"$f":"+IFERROR(VLOOKUP($A1639,BD_INSUMOS2[],3,FALSE),\"\")","v":""},{"$f":"+IFERROR(VLOOKUP($A1639,BD_INSUMOS2[],5,FALSE),\"\")","v":""},{"$f":"+IFERROR(VLOOKUP($A1639,BD_INSUMOS2[],6,FALSE),\"\")","v":""},{"$f":"+IFERROR(VLOOKUP($A1639,BD_INSUMOS2[],7,FALSE),\"\")","v":""},{"$f":"+IFERROR(VLOOKUP($A1639,BD_INSUMOS2[],8,FALSE),\"\")","v":""}]
[1629,{"$f":"+IFERROR(VLOOKUP($A1640,BD_INSUMOS2[],3,FALSE),\"\")","v":""},{"$f":"+IFERROR(VLOOKUP($A1640,BD_INSUMOS2[],5,FALSE),\"\")","v":""},{"$f":"+IFERROR(VLOOKUP($A1640,BD_INSUMOS2[],6,FALSE),\"\")","v":""},{"$f":"+IFERROR(VLOOKUP($A1640,BD_INSUMOS2[],7,FALSE),\"\")","v":""},{"$f":"+IFERROR(VLOOKUP($A1640,BD_INSUMOS2[],8,FALSE),\"\")","v":""}]
[1630,{"$f":"+IFERROR(VLOOKUP($A1641,BD_INSUMOS2[],3,FALSE),\"\")","v":""},{"$f":"+IFERROR(VLOOKUP($A1641,BD_INSUMOS2[],5,FALSE),\"\")","v":""},{"$f":"+IFERROR(VLOOKUP($A1641,BD_INSUMOS2[],6,FALSE),\"\")","v":""},{"$f":"+IFERROR(VLOOKUP($A1641,BD_INSUMOS2[],7,FALSE),\"\")","v":""},{"$f":"+IFERROR(VLOOKUP($A1641,BD_INSUMOS2[],8,FALSE),\"\")","v":""}]
[1631,{"$f":"+IFERROR(VLOOKUP($A1642,BD_INSUMOS2[],3,FALSE),\"\")","v":""},{"$f":"+IFERROR(VLOOKUP($A1642,BD_INSUMOS2[],5,FALSE),\"\")","v":""},{"$f":"+IFERROR(VLOOKUP($A1642,BD_INSUMOS2[],6,FALSE),\"\")","v":""},{"$f":"+IFERROR(VLOOKUP($A1642,BD_INSUMOS2[],7,FALSE),\"\")","v":""},{"$f":"+IFERROR(VLOOKUP($A1642,BD_INSUMOS2[],8,FALSE),\"\")","v":""}]
[1632,{"$f":"+IFERROR(VLOOKUP($A1643,BD_INSUMOS2[],3,FALSE),\"\")","v":""},{"$f":"+IFERROR(VLOOKUP($A1643,BD_INSUMOS2[],5,FALSE),\"\")","v":""},{"$f":"+IFERROR(VLOOKUP($A1643,BD_INSUMOS2[],6,FALSE),\"\")","v":""},{"$f":"+IFERROR(VLOOKUP($A1643,BD_INSUMOS2[],7,FALSE),\"\")","v":""},{"$f":"+IFERROR(VLOOKUP($A1643,BD_INSUMOS2[],8,FALSE),\"\")","v":""}]
[1633,{"$f":"+IFERROR(VLOOKUP($A1644,BD_INSUMOS2[],3,FALSE),\"\")","v":""},{"$f":"+IFERROR(VLOOKUP($A1644,BD_INSUMOS2[],5,FALSE),\"\")","v":""},{"$f":"+IFERROR(VLOOKUP($A1644,BD_INSUMOS2[],6,FALSE),\"\")","v":""},{"$f":"+IFERROR(VLOOKUP($A1644,BD_INSUMOS2[],7,FALSE),\"\")","v":""},{"$f":"+IFERROR(VLOOKUP($A1644,BD_INSUMOS2[],8,FALSE),\"\")","v":""}]
[1634,{"$f":"+IFERROR(VLOOKUP($A1645,BD_INSUMOS2[],3,FALSE),\"\")","v":""},{"$f":"+IFERROR(VLOOKUP($A1645,BD_INSUMOS2[],5,FALSE),\"\")","v":""},{"$f":"+IFERROR(VLOOKUP($A1645,BD_INSUMOS2[],6,FALSE),\"\")","v":""},{"$f":"+IFERROR(VLOOKUP($A1645,BD_INSUMOS2[],7,FALSE),\"\")","v":""},{"$f":"+IFERROR(VLOOKUP($A1645,BD_INSUMOS2[],8,FALSE),\"\")","v":""}]
[1635,{"$f":"+IFERROR(VLOOKUP($A1646,BD_INSUMOS2[],3,FALSE),\"\")","v":""},{"$f":"+IFERROR(VLOOKUP($A1646,BD_INSUMOS2[],5,FALSE),\"\")","v":""},{"$f":"+IFERROR(VLOOKUP($A1646,BD_INSUMOS2[],6,FALSE),\"\")","v":""},{"$f":"+IFERROR(VLOOKUP($A1646,BD_INSUMOS2[],7,FALSE),\"\")","v":""},{"$f":"+IFERROR(VLOOKUP($A1646,BD_INSUMOS2[],8,FALSE),\"\")","v":""}]
[1636,{"$f":"+IFERROR(VLOOKUP($A1647,BD_INSUMOS2[],3,FALSE),\"\")","v":""},{"$f":"+IFERROR(VLOOKUP($A1647,BD_INSUMOS2[],5,FALSE),\"\")","v":""},{"$f":"+IFERROR(VLOOKUP($A1647,BD_INSUMOS2[],6,FALSE),\"\")","v":""},{"$f":"+IFERROR(VLOOKUP($A1647,BD_INSUMOS2[],7,FALSE),\"\")","v":""},{"$f":"+IFERROR(VLOOKUP($A1647,BD_INSUMOS2[],8,FALSE),\"\")","v":""}]
[1637,{"$f":"+IFERROR(VLOOKUP($A1648,BD_INSUMOS2[],3,FALSE),\"\")","v":""},{"$f":"+IFERROR(VLOOKUP($A1648,BD_INSUMOS2[],5,FALSE),\"\")","v":""},{"$f":"+IFERROR(VLOOKUP($A1648,BD_INSUMOS2[],6,FALSE),\"\")","v":""},{"$f":"+IFERROR(VLOOKUP($A1648,BD_INSUMOS2[],7,FALSE),\"\")","v":""},{"$f":"+IFERROR(VLOOKUP($A1648,BD_INSUMOS2[],8,FALSE),\"\")","v":""}]
[1638,{"$f":"+IFERROR(VLOOKUP($A1649,BD_INSUMOS2[],3,FALSE),\"\")","v":""},{"$f":"+IFERROR(VLOOKUP($A1649,BD_INSUMOS2[],5,FALSE),\"\")","v":""},{"$f":"+IFERROR(VLOOKUP($A1649,BD_INSUMOS2[],6,FALSE),\"\")","v":""},{"$f":"+IFERROR(VLOOKUP($A1649,BD_INSUMOS2[],7,FALSE),\"\")","v":""},{"$f":"+IFERROR(VLOOKUP($A1649,BD_INSUMOS2[],8,FALSE),\"\")","v":""}]
[1639,{"$f":"+IFERROR(VLOOKUP($A1650,BD_INSUMOS2[],3,FALSE),\"\")","v":""},{"$f":"+IFERROR(VLOOKUP($A1650,BD_INSUMOS2[],5,FALSE),\"\")","v":""},{"$f":"+IFERROR(VLOOKUP($A1650,BD_INSUMOS2[],6,FALSE),\"\")","v":""},{"$f":"+IFERROR(VLOOKUP($A1650,BD_INSUMOS2[],7,FALSE),\"\")","v":""},{"$f":"+IFERROR(VLOOKUP($A1650,BD_INSUMOS2[],8,FALSE),\"\")","v":""}]
[1640,{"$f":"+IFERROR(VLOOKUP($A1651,BD_INSUMOS2[],3,FALSE),\"\")","v":""},{"$f":"+IFERROR(VLOOKUP($A1651,BD_INSUMOS2[],5,FALSE),\"\")","v":""},{"$f":"+IFERROR(VLOOKUP($A1651,BD_INSUMOS2[],6,FALSE),\"\")","v":""},{"$f":"+IFERROR(VLOOKUP($A1651,BD_INSUMOS2[],7,FALSE),\"\")","v":""},{"$f":"+IFERROR(VLOOKUP($A1651,BD_INSUMOS2[],8,FALSE),\"\")","v":""}]
[1641,{"$f":"+IFERROR(VLOOKUP($A1652,BD_INSUMOS2[],3,FALSE),\"\")","v":""},{"$f":"+IFERROR(VLOOKUP($A1652,BD_INSUMOS2[],5,FALSE),\"\")","v":""},{"$f":"+IFERROR(VLOOKUP($A1652,BD_INSUMOS2[],6,FALSE),\"\")","v":""},{"$f":"+IFERROR(VLOOKUP($A1652,BD_INSUMOS2[],7,FALSE),\"\")","v":""},{"$f":"+IFERROR(VLOOKUP($A1652,BD_INSUMOS2[],8,FALSE),\"\")","v":""}]
[1642,{"$f":"+IFERROR(VLOOKUP($A1653,BD_INSUMOS2[],3,FALSE),\"\")","v":""},{"$f":"+IFERROR(VLOOKUP($A1653,BD_INSUMOS2[],5,FALSE),\"\")","v":""},{"$f":"+IFERROR(VLOOKUP($A1653,BD_INSUMOS2[],6,FALSE),\"\")","v":""},{"$f":"+IFERROR(VLOOKUP($A1653,BD_INSUMOS2[],7,FALSE),\"\")","v":""},{"$f":"+IFERROR(VLOOKUP($A1653,BD_INSUMOS2[],8,FALSE),\"\")","v":""}]
[1643,{"$f":"+IFERROR(VLOOKUP($A1654,BD_INSUMOS2[],3,FALSE),\"\")","v":""},{"$f":"+IFERROR(VLOOKUP($A1654,BD_INSUMOS2[],5,FALSE),\"\")","v":""},{"$f":"+IFERROR(VLOOKUP($A1654,BD_INSUMOS2[],6,FALSE),\"\")","v":""},{"$f":"+IFERROR(VLOOKUP($A1654,BD_INSUMOS2[],7,FALSE),\"\")","v":""},{"$f":"+IFERROR(VLOOKUP($A1654,BD_INSUMOS2[],8,FALSE),\"\")","v":""}]
[1644,{"$f":"+IFERROR(VLOOKUP($A1655,BD_INSUMOS2[],3,FALSE),\"\")","v":""},{"$f":"+IFERROR(VLOOKUP($A1655,BD_INSUMOS2[],5,FALSE),\"\")","v":""},{"$f":"+IFERROR(VLOOKUP($A1655,BD_INSUMOS2[],6,FALSE),\"\")","v":""},{"$f":"+IFERROR(VLOOKUP($A1655,BD_INSUMOS2[],7,FALSE),\"\")","v":""},{"$f":"+IFERROR(VLOOKUP($A1655,BD_INSUMOS2[],8,FALSE),\"\")","v":""}]
[1645,{"$f":"+IFERROR(VLOOKUP($A1656,BD_INSUMOS2[],3,FALSE),\"\")","v":""},{"$f":"+IFERROR(VLOOKUP($A1656,BD_INSUMOS2[],5,FALSE),\"\")","v":""},{"$f":"+IFERROR(VLOOKUP($A1656,BD_INSUMOS2[],6,FALSE),\"\")","v":""},{"$f":"+IFERROR(VLOOKUP($A1656,BD_INSUMOS2[],7,FALSE),\"\")","v":""},{"$f":"+IFERROR(VLOOKUP($A1656,BD_INSUMOS2[],8,FALSE),\"\")","v":""}]
[1646,{"$f":"+IFERROR(VLOOKUP($A1657,BD_INSUMOS2[],3,FALSE),\"\")","v":""},{"$f":"+IFERROR(VLOOKUP($A1657,BD_INSUMOS2[],5,FALSE),\"\")","v":""},{"$f":"+IFERROR(VLOOKUP($A1657,BD_INSUMOS2[],6,FALSE),\"\")","v":""},{"$f":"+IFERROR(VLOOKUP($A1657,BD_INSUMOS2[],7,FALSE),\"\")","v":""},{"$f":"+IFERROR(VLOOKUP($A1657,BD_INSUMOS2[],8,FALSE),\"\")","v":""}]
[1647,{"$f":"+IFERROR(VLOOKUP($A1658,BD_INSUMOS2[],3,FALSE),\"\")","v":""},{"$f":"+IFERROR(VLOOKUP($A1658,BD_INSUMOS2[],5,FALSE),\"\")","v":""},{"$f":"+IFERROR(VLOOKUP($A1658,BD_INSUMOS2[],6,FALSE),\"\")","v":""},{"$f":"+IFERROR(VLOOKUP($A1658,BD_INSUMOS2[],7,FALSE),\"\")","v":""},{"$f":"+IFERROR(VLOOKUP($A1658,BD_INSUMOS2[],8,FALSE),\"\")","v":""}]
[1648,{"$f":"+IFERROR(VLOOKUP($A1659,BD_INSUMOS2[],3,FALSE),\"\")","v":""},{"$f":"+IFERROR(VLOOKUP($A1659,BD_INSUMOS2[],5,FALSE),\"\")","v":""},{"$f":"+IFERROR(VLOOKUP($A1659,BD_INSUMOS2[],6,FALSE),\"\")","v":""},{"$f":"+IFERROR(VLOOKUP($A1659,BD_INSUMOS2[],7,FALSE),\"\")","v":""},{"$f":"+IFERROR(VLOOKUP($A1659,BD_INSUMOS2[],8,FALSE),\"\")","v":""}]
[1649,{"$f":"+IFERROR(VLOOKUP($A1660,BD_INSUMOS2[],3,FALSE),\"\")","v":""},{"$f":"+IFERROR(VLOOKUP($A1660,BD_INSUMOS2[],5,FALSE),\"\")","v":""},{"$f":"+IFERROR(VLOOKUP($A1660,BD_INSUMOS2[],6,FALSE),\"\")","v":""},{"$f":"+IFERROR(VLOOKUP($A1660,BD_INSUMOS2[],7,FALSE),\"\")","v":""},{"$f":"+IFERROR(VLOOKUP($A1660,BD_INSUMOS2[],8,FALSE),\"\")","v":""}]
[1650,{"$f":"+IFERROR(VLOOKUP($A1661,BD_INSUMOS2[],3,FALSE),\"\")","v":""},{"$f":"+IFERROR(VLOOKUP($A1661,BD_INSUMOS2[],5,FALSE),\"\")","v":""},{"$f":"+IFERROR(VLOOKUP($A1661,BD_INSUMOS2[],6,FALSE),\"\")","v":""},{"$f":"+IFERROR(VLOOKUP($A1661,BD_INSUMOS2[],7,FALSE),\"\")","v":""},{"$f":"+IFERROR(VLOOKUP($A1661,BD_INSUMOS2[],8,FALSE),\"\")","v":""}]
[1651,{"$f":"+IFERROR(VLOOKUP($A1662,BD_INSUMOS2[],3,FALSE),\"\")","v":""},{"$f":"+IFERROR(VLOOKUP($A1662,BD_INSUMOS2[],5,FALSE),\"\")","v":""},{"$f":"+IFERROR(VLOOKUP($A1662,BD_INSUMOS2[],6,FALSE),\"\")","v":""},{"$f":"+IFERROR(VLOOKUP($A1662,BD_INSUMOS2[],7,FALSE),\"\")","v":""},{"$f":"+IFERROR(VLOOKUP($A1662,BD_INSUMOS2[],8,FALSE),\"\")","v":""}]
[1652,{"$f":"+IFERROR(VLOOKUP($A1663,BD_INSUMOS2[],3,FALSE),\"\")","v":""},{"$f":"+IFERROR(VLOOKUP($A1663,BD_INSUMOS2[],5,FALSE),\"\")","v":""},{"$f":"+IFERROR(VLOOKUP($A1663,BD_INSUMOS2[],6,FALSE),\"\")","v":""},{"$f":"+IFERROR(VLOOKUP($A1663,BD_INSUMOS2[],7,FALSE),\"\")","v":""},{"$f":"+IFERROR(VLOOKUP($A1663,BD_INSUMOS2[],8,FALSE),\"\")","v":""}]
[1653,{"$f":"+IFERROR(VLOOKUP($A1664,BD_INSUMOS2[],3,FALSE),\"\")","v":""},{"$f":"+IFERROR(VLOOKUP($A1664,BD_INSUMOS2[],5,FALSE),\"\")","v":""},{"$f":"+IFERROR(VLOOKUP($A1664,BD_INSUMOS2[],6,FALSE),\"\")","v":""},{"$f":"+IFERROR(VLOOKUP($A1664,BD_INSUMOS2[],7,FALSE),\"\")","v":""},{"$f":"+IFERROR(VLOOKUP($A1664,BD_INSUMOS2[],8,FALSE),\"\")","v":""}]
[1654,{"$f":"+IFERROR(VLOOKUP($A1665,BD_INSUMOS2[],3,FALSE),\"\")","v":""},{"$f":"+IFERROR(VLOOKUP($A1665,BD_INSUMOS2[],5,FALSE),\"\")","v":""},{"$f":"+IFERROR(VLOOKUP($A1665,BD_INSUMOS2[],6,FALSE),\"\")","v":""},{"$f":"+IFERROR(VLOOKUP($A1665,BD_INSUMOS2[],7,FALSE),\"\")","v":""},{"$f":"+IFERROR(VLOOKUP($A1665,BD_INSUMOS2[],8,FALSE),\"\")","v":""}]
[1655,{"$f":"+IFERROR(VLOOKUP($A1666,BD_INSUMOS2[],3,FALSE),\"\")","v":""},{"$f":"+IFERROR(VLOOKUP($A1666,BD_INSUMOS2[],5,FALSE),\"\")","v":""},{"$f":"+IFERROR(VLOOKUP($A1666,BD_INSUMOS2[],6,FALSE),\"\")","v":""},{"$f":"+IFERROR(VLOOKUP($A1666,BD_INSUMOS2[],7,FALSE),\"\")","v":""},{"$f":"+IFERROR(VLOOKUP($A1666,BD_INSUMOS2[],8,FALSE),\"\")","v":""}]
[1656,{"$f":"+IFERROR(VLOOKUP($A1667,BD_INSUMOS2[],3,FALSE),\"\")","v":""},{"$f":"+IFERROR(VLOOKUP($A1667,BD_INSUMOS2[],5,FALSE),\"\")","v":""},{"$f":"+IFERROR(VLOOKUP($A1667,BD_INSUMOS2[],6,FALSE),\"\")","v":""},{"$f":"+IFERROR(VLOOKUP($A1667,BD_INSUMOS2[],7,FALSE),\"\")","v":""},{"$f":"+IFERROR(VLOOKUP($A1667,BD_INSUMOS2[],8,FALSE),\"\")","v":""}]
[1657,{"$f":"+IFERROR(VLOOKUP($A1668,BD_INSUMOS2[],3,FALSE),\"\")","v":""},{"$f":"+IFERROR(VLOOKUP($A1668,BD_INSUMOS2[],5,FALSE),\"\")","v":""},{"$f":"+IFERROR(VLOOKUP($A1668,BD_INSUMOS2[],6,FALSE),\"\")","v":""},{"$f":"+IFERROR(VLOOKUP($A1668,BD_INSUMOS2[],7,FALSE),\"\")","v":""},{"$f":"+IFERROR(VLOOKUP($A1668,BD_INSUMOS2[],8,FALSE),\"\")","v":""}]
[1658,{"$f":"+IFERROR(VLOOKUP($A1669,BD_INSUMOS2[],3,FALSE),\"\")","v":""},{"$f":"+IFERROR(VLOOKUP($A1669,BD_INSUMOS2[],5,FALSE),\"\")","v":""},{"$f":"+IFERROR(VLOOKUP($A1669,BD_INSUMOS2[],6,FALSE),\"\")","v":""},{"$f":"+IFERROR(VLOOKUP($A1669,BD_INSUMOS2[],7,FALSE),\"\")","v":""},{"$f":"+IFERROR(VLOOKUP($A1669,BD_INSUMOS2[],8,FALSE),\"\")","v":""}]
[1659,{"$f":"+IFERROR(VLOOKUP($A1670,BD_INSUMOS2[],3,FALSE),\"\")","v":""},{"$f":"+IFERROR(VLOOKUP($A1670,BD_INSUMOS2[],5,FALSE),\"\")","v":""},{"$f":"+IFERROR(VLOOKUP($A1670,BD_INSUMOS2[],6,FALSE),\"\")","v":""},{"$f":"+IFERROR(VLOOKUP($A1670,BD_INSUMOS2[],7,FALSE),\"\")","v":""},{"$f":"+IFERROR(VLOOKUP($A1670,BD_INSUMOS2[],8,FALSE),\"\")","v":""}]
[1660,{"$f":"+IFERROR(VLOOKUP($A1671,BD_INSUMOS2[],3,FALSE),\"\")","v":""},{"$f":"+IFERROR(VLOOKUP($A1671,BD_INSUMOS2[],5,FALSE),\"\")","v":""},{"$f":"+IFERROR(VLOOKUP($A1671,BD_INSUMOS2[],6,FALSE),\"\")","v":""},{"$f":"+IFERROR(VLOOKUP($A1671,BD_INSUMOS2[],7,FALSE),\"\")","v":""},{"$f":"+IFERROR(VLOOKUP($A1671,BD_INSUMOS2[],8,FALSE),\"\")","v":""}]
[1661,{"$f":"+IFERROR(VLOOKUP($A1672,BD_INSUMOS2[],3,FALSE),\"\")","v":""},{"$f":"+IFERROR(VLOOKUP($A1672,BD_INSUMOS2[],5,FALSE),\"\")","v":""},{"$f":"+IFERROR(VLOOKUP($A1672,BD_INSUMOS2[],6,FALSE),\"\")","v":""},{"$f":"+IFERROR(VLOOKUP($A1672,BD_INSUMOS2[],7,FALSE),\"\")","v":""},{"$f":"+IFERROR(VLOOKUP($A1672,BD_INSUMOS2[],8,FALSE),\"\")","v":""}]
[1662,{"$f":"+IFERROR(VLOOKUP($A1673,BD_INSUMOS2[],3,FALSE),\"\")","v":""},{"$f":"+IFERROR(VLOOKUP($A1673,BD_INSUMOS2[],5,FALSE),\"\")","v":""},{"$f":"+IFERROR(VLOOKUP($A1673,BD_INSUMOS2[],6,FALSE),\"\")","v":""},{"$f":"+IFERROR(VLOOKUP($A1673,BD_INSUMOS2[],7,FALSE),\"\")","v":""},{"$f":"+IFERROR(VLOOKUP($A1673,BD_INSUMOS2[],8,FALSE),\"\")","v":""}]
[1663,{"$f":"+IFERROR(VLOOKUP($A1674,BD_INSUMOS2[],3,FALSE),\"\")","v":""},{"$f":"+IFERROR(VLOOKUP($A1674,BD_INSUMOS2[],5,FALSE),\"\")","v":""},{"$f":"+IFERROR(VLOOKUP($A1674,BD_INSUMOS2[],6,FALSE),\"\")","v":""},{"$f":"+IFERROR(VLOOKUP($A1674,BD_INSUMOS2[],7,FALSE),\"\")","v":""},{"$f":"+IFERROR(VLOOKUP($A1674,BD_INSUMOS2[],8,FALSE),\"\")","v":""}]
[1664,{"$f":"+IFERROR(VLOOKUP($A1675,BD_INSUMOS2[],3,FALSE),\"\")","v":""},{"$f":"+IFERROR(VLOOKUP($A1675,BD_INSUMOS2[],5,FALSE),\"\")","v":""},{"$f":"+IFERROR(VLOOKUP($A1675,BD_INSUMOS2[],6,FALSE),\"\")","v":""},{"$f":"+IFERROR(VLOOKUP($A1675,BD_INSUMOS2[],7,FALSE),\"\")","v":""},{"$f":"+IFERROR(VLOOKUP($A1675,BD_INSUMOS2[],8,FALSE),\"\")","v":""}]
[1665,{"$f":"+IFERROR(VLOOKUP($A1676,BD_INSUMOS2[],3,FALSE),\"\")","v":""},{"$f":"+IFERROR(VLOOKUP($A1676,BD_INSUMOS2[],5,FALSE),\"\")","v":""},{"$f":"+IFERROR(VLOOKUP($A1676,BD_INSUMOS2[],6,FALSE),\"\")","v":""},{"$f":"+IFERROR(VLOOKUP($A1676,BD_INSUMOS2[],7,FALSE),\"\")","v":""},{"$f":"+IFERROR(VLOOKUP($A1676,BD_INSUMOS2[],8,FALSE),\"\")","v":""}]
[1666,{"$f":"+IFERROR(VLOOKUP($A1677,BD_INSUMOS2[],3,FALSE),\"\")","v":""},{"$f":"+IFERROR(VLOOKUP($A1677,BD_INSUMOS2[],5,FALSE),\"\")","v":""},{"$f":"+IFERROR(VLOOKUP($A1677,BD_INSUMOS2[],6,FALSE),\"\")","v":""},{"$f":"+IFERROR(VLOOKUP($A1677,BD_INSUMOS2[],7,FALSE),\"\")","v":""},{"$f":"+IFERROR(VLOOKUP($A1677,BD_INSUMOS2[],8,FALSE),\"\")","v":""}]
[1667,{"$f":"+IFERROR(VLOOKUP($A1678,BD_INSUMOS2[],3,FALSE),\"\")","v":""},{"$f":"+IFERROR(VLOOKUP($A1678,BD_INSUMOS2[],5,FALSE),\"\")","v":""},{"$f":"+IFERROR(VLOOKUP($A1678,BD_INSUMOS2[],6,FALSE),\"\")","v":""},{"$f":"+IFERROR(VLOOKUP($A1678,BD_INSUMOS2[],7,FALSE),\"\")","v":""},{"$f":"+IFERROR(VLOOKUP($A1678,BD_INSUMOS2[],8,FALSE),\"\")","v":""}]
[1668,{"$f":"+IFERROR(VLOOKUP($A1679,BD_INSUMOS2[],3,FALSE),\"\")","v":""},{"$f":"+IFERROR(VLOOKUP($A1679,BD_INSUMOS2[],5,FALSE),\"\")","v":""},{"$f":"+IFERROR(VLOOKUP($A1679,BD_INSUMOS2[],6,FALSE),\"\")","v":""},{"$f":"+IFERROR(VLOOKUP($A1679,BD_INSUMOS2[],7,FALSE),\"\")","v":""},{"$f":"+IFERROR(VLOOKUP($A1679,BD_INSUMOS2[],8,FALSE),\"\")","v":""}]
[1669,{"$f":"+IFERROR(VLOOKUP($A1680,BD_INSUMOS2[],3,FALSE),\"\")","v":""},{"$f":"+IFERROR(VLOOKUP($A1680,BD_INSUMOS2[],5,FALSE),\"\")","v":""},{"$f":"+IFERROR(VLOOKUP($A1680,BD_INSUMOS2[],6,FALSE),\"\")","v":""},{"$f":"+IFERROR(VLOOKUP($A1680,BD_INSUMOS2[],7,FALSE),\"\")","v":""},{"$f":"+IFERROR(VLOOKUP($A1680,BD_INSUMOS2[],8,FALSE),\"\")","v":""}]
[1670,{"$f":"+IFERROR(VLOOKUP($A1681,BD_INSUMOS2[],3,FALSE),\"\")","v":""},{"$f":"+IFERROR(VLOOKUP($A1681,BD_INSUMOS2[],5,FALSE),\"\")","v":""},{"$f":"+IFERROR(VLOOKUP($A1681,BD_INSUMOS2[],6,FALSE),\"\")","v":""},{"$f":"+IFERROR(VLOOKUP($A1681,BD_INSUMOS2[],7,FALSE),\"\")","v":""},{"$f":"+IFERROR(VLOOKUP($A1681,BD_INSUMOS2[],8,FALSE),\"\")","v":""}]
[1671,{"$f":"+IFERROR(VLOOKUP($A1682,BD_INSUMOS2[],3,FALSE),\"\")","v":""},{"$f":"+IFERROR(VLOOKUP($A1682,BD_INSUMOS2[],5,FALSE),\"\")","v":""},{"$f":"+IFERROR(VLOOKUP($A1682,BD_INSUMOS2[],6,FALSE),\"\")","v":""},{"$f":"+IFERROR(VLOOKUP($A1682,BD_INSUMOS2[],7,FALSE),\"\")","v":""},{"$f":"+IFERROR(VLOOKUP($A1682,BD_INSUMOS2[],8,FALSE),\"\")","v":""}]
[1672,{"$f":"+IFERROR(VLOOKUP($A1683,BD_INSUMOS2[],3,FALSE),\"\")","v":""},{"$f":"+IFERROR(VLOOKUP($A1683,BD_INSUMOS2[],5,FALSE),\"\")","v":""},{"$f":"+IFERROR(VLOOKUP($A1683,BD_INSUMOS2[],6,FALSE),\"\")","v":""},{"$f":"+IFERROR(VLOOKUP($A1683,BD_INSUMOS2[],7,FALSE),\"\")","v":""},{"$f":"+IFERROR(VLOOKUP($A1683,BD_INSUMOS2[],8,FALSE),\"\")","v":""}]
[1673,{"$f":"+IFERROR(VLOOKUP($A1684,BD_INSUMOS2[],3,FALSE),\"\")","v":""},{"$f":"+IFERROR(VLOOKUP($A1684,BD_INSUMOS2[],5,FALSE),\"\")","v":""},{"$f":"+IFERROR(VLOOKUP($A1684,BD_INSUMOS2[],6,FALSE),\"\")","v":""},{"$f":"+IFERROR(VLOOKUP($A1684,BD_INSUMOS2[],7,FALSE),\"\")","v":""},{"$f":"+IFERROR(VLOOKUP($A1684,BD_INSUMOS2[],8,FALSE),\"\")","v":""}]
[1674,{"$f":"+IFERROR(VLOOKUP($A1685,BD_INSUMOS2[],3,FALSE),\"\")","v":""},{"$f":"+IFERROR(VLOOKUP($A1685,BD_INSUMOS2[],5,FALSE),\"\")","v":""},{"$f":"+IFERROR(VLOOKUP($A1685,BD_INSUMOS2[],6,FALSE),\"\")","v":""},{"$f":"+IFERROR(VLOOKUP($A1685,BD_INSUMOS2[],7,FALSE),\"\")","v":""},{"$f":"+IFERROR(VLOOKUP($A1685,BD_INSUMOS2[],8,FALSE),\"\")","v":""}]
[1675,{"$f":"+IFERROR(VLOOKUP($A1686,BD_INSUMOS2[],3,FALSE),\"\")","v":""},{"$f":"+IFERROR(VLOOKUP($A1686,BD_INSUMOS2[],5,FALSE),\"\")","v":""},{"$f":"+IFERROR(VLOOKUP($A1686,BD_INSUMOS2[],6,FALSE),\"\")","v":""},{"$f":"+IFERROR(VLOOKUP($A1686,BD_INSUMOS2[],7,FALSE),\"\")","v":""},{"$f":"+IFERROR(VLOOKUP($A1686,BD_INSUMOS2[],8,FALSE),\"\")","v":""}]
[1676,{"$f":"+IFERROR(VLOOKUP($A1687,BD_INSUMOS2[],3,FALSE),\"\")","v":""},{"$f":"+IFERROR(VLOOKUP($A1687,BD_INSUMOS2[],5,FALSE),\"\")","v":""},{"$f":"+IFERROR(VLOOKUP($A1687,BD_INSUMOS2[],6,FALSE),\"\")","v":""},{"$f":"+IFERROR(VLOOKUP($A1687,BD_INSUMOS2[],7,FALSE),\"\")","v":""},{"$f":"+IFERROR(VLOOKUP($A1687,BD_INSUMOS2[],8,FALSE),\"\")","v":""}]
[1677,{"$f":"+IFERROR(VLOOKUP($A1688,BD_INSUMOS2[],3,FALSE),\"\")","v":""},{"$f":"+IFERROR(VLOOKUP($A1688,BD_INSUMOS2[],5,FALSE),\"\")","v":""},{"$f":"+IFERROR(VLOOKUP($A1688,BD_INSUMOS2[],6,FALSE),\"\")","v":""},{"$f":"+IFERROR(VLOOKUP($A1688,BD_INSUMOS2[],7,FALSE),\"\")","v":""},{"$f":"+IFERROR(VLOOKUP($A1688,BD_INSUMOS2[],8,FALSE),\"\")","v":""}]
[1678,{"$f":"+IFERROR(VLOOKUP($A1689,BD_INSUMOS2[],3,FALSE),\"\")","v":""},{"$f":"+IFERROR(VLOOKUP($A1689,BD_INSUMOS2[],5,FALSE),\"\")","v":""},{"$f":"+IFERROR(VLOOKUP($A1689,BD_INSUMOS2[],6,FALSE),\"\")","v":""},{"$f":"+IFERROR(VLOOKUP($A1689,BD_INSUMOS2[],7,FALSE),\"\")","v":""},{"$f":"+IFERROR(VLOOKUP($A1689,BD_INSUMOS2[],8,FALSE),\"\")","v":""}]
[1679,{"$f":"+IFERROR(VLOOKUP($A1690,BD_INSUMOS2[],3,FALSE),\"\")","v":""},{"$f":"+IFERROR(VLOOKUP($A1690,BD_INSUMOS2[],5,FALSE),\"\")","v":""},{"$f":"+IFERROR(VLOOKUP($A1690,BD_INSUMOS2[],6,FALSE),\"\")","v":""},{"$f":"+IFERROR(VLOOKUP($A1690,BD_INSUMOS2[],7,FALSE),\"\")","v":""},{"$f":"+IFERROR(VLOOKUP($A1690,BD_INSUMOS2[],8,FALSE),\"\")","v":""}]
[1680,{"$f":"+IFERROR(VLOOKUP($A1691,BD_INSUMOS2[],3,FALSE),\"\")","v":""},{"$f":"+IFERROR(VLOOKUP($A1691,BD_INSUMOS2[],5,FALSE),\"\")","v":""},{"$f":"+IFERROR(VLOOKUP($A1691,BD_INSUMOS2[],6,FALSE),\"\")","v":""},{"$f":"+IFERROR(VLOOKUP($A1691,BD_INSUMOS2[],7,FALSE),\"\")","v":""},{"$f":"+IFERROR(VLOOKUP($A1691,BD_INSUMOS2[],8,FALSE),\"\")","v":""}]
[1681,{"$f":"+IFERROR(VLOOKUP($A1692,BD_INSUMOS2[],3,FALSE),\"\")","v":""},{"$f":"+IFERROR(VLOOKUP($A1692,BD_INSUMOS2[],5,FALSE),\"\")","v":""},{"$f":"+IFERROR(VLOOKUP($A1692,BD_INSUMOS2[],6,FALSE),\"\")","v":""},{"$f":"+IFERROR(VLOOKUP($A1692,BD_INSUMOS2[],7,FALSE),\"\")","v":""},{"$f":"+IFERROR(VLOOKUP($A1692,BD_INSUMOS2[],8,FALSE),\"\")","v":""}]
[1682,{"$f":"+IFERROR(VLOOKUP($A1693,BD_INSUMOS2[],3,FALSE),\"\")","v":""},{"$f":"+IFERROR(VLOOKUP($A1693,BD_INSUMOS2[],5,FALSE),\"\")","v":""},{"$f":"+IFERROR(VLOOKUP($A1693,BD_INSUMOS2[],6,FALSE),\"\")","v":""},{"$f":"+IFERROR(VLOOKUP($A1693,BD_INSUMOS2[],7,FALSE),\"\")","v":""},{"$f":"+IFERROR(VLOOKUP($A1693,BD_INSUMOS2[],8,FALSE),\"\")","v":""}]
[1683,{"$f":"+IFERROR(VLOOKUP($A1694,BD_INSUMOS2[],3,FALSE),\"\")","v":""},{"$f":"+IFERROR(VLOOKUP($A1694,BD_INSUMOS2[],5,FALSE),\"\")","v":""},{"$f":"+IFERROR(VLOOKUP($A1694,BD_INSUMOS2[],6,FALSE),\"\")","v":""},{"$f":"+IFERROR(VLOOKUP($A1694,BD_INSUMOS2[],7,FALSE),\"\")","v":""},{"$f":"+IFERROR(VLOOKUP($A1694,BD_INSUMOS2[],8,FALSE),\"\")","v":""}]
[1684,{"$f":"+IFERROR(VLOOKUP($A1695,BD_INSUMOS2[],3,FALSE),\"\")","v":""},{"$f":"+IFERROR(VLOOKUP($A1695,BD_INSUMOS2[],5,FALSE),\"\")","v":""},{"$f":"+IFERROR(VLOOKUP($A1695,BD_INSUMOS2[],6,FALSE),\"\")","v":""},{"$f":"+IFERROR(VLOOKUP($A1695,BD_INSUMOS2[],7,FALSE),\"\")","v":""},{"$f":"+IFERROR(VLOOKUP($A1695,BD_INSUMOS2[],8,FALSE),\"\")","v":""}]
[1685,{"$f":"+IFERROR(VLOOKUP($A1696,BD_INSUMOS2[],3,FALSE),\"\")","v":""},{"$f":"+IFERROR(VLOOKUP($A1696,BD_INSUMOS2[],5,FALSE),\"\")","v":""},{"$f":"+IFERROR(VLOOKUP($A1696,BD_INSUMOS2[],6,FALSE),\"\")","v":""},{"$f":"+IFERROR(VLOOKUP($A1696,BD_INSUMOS2[],7,FALSE),\"\")","v":""},{"$f":"+IFERROR(VLOOKUP($A1696,BD_INSUMOS2[],8,FALSE),\"\")","v":""}]
[1686,{"$f":"+IFERROR(VLOOKUP($A1697,BD_INSUMOS2[],3,FALSE),\"\")","v":""},{"$f":"+IFERROR(VLOOKUP($A1697,BD_INSUMOS2[],5,FALSE),\"\")","v":""},{"$f":"+IFERROR(VLOOKUP($A1697,BD_INSUMOS2[],6,FALSE),\"\")","v":""},{"$f":"+IFERROR(VLOOKUP($A1697,BD_INSUMOS2[],7,FALSE),\"\")","v":""},{"$f":"+IFERROR(VLOOKUP($A1697,BD_INSUMOS2[],8,FALSE),\"\")","v":""}]
[1687,{"$f":"+IFERROR(VLOOKUP($A1698,BD_INSUMOS2[],3,FALSE),\"\")","v":""},{"$f":"+IFERROR(VLOOKUP($A1698,BD_INSUMOS2[],5,FALSE),\"\")","v":""},{"$f":"+IFERROR(VLOOKUP($A1698,BD_INSUMOS2[],6,FALSE),\"\")","v":""},{"$f":"+IFERROR(VLOOKUP($A1698,BD_INSUMOS2[],7,FALSE),\"\")","v":""},{"$f":"+IFERROR(VLOOKUP($A1698,BD_INSUMOS2[],8,FALSE),\"\")","v":""}]
[1688,{"$f":"+IFERROR(VLOOKUP($A1699,BD_INSUMOS2[],3,FALSE),\"\")","v":""},{"$f":"+IFERROR(VLOOKUP($A1699,BD_INSUMOS2[],5,FALSE),\"\")","v":""},{"$f":"+IFERROR(VLOOKUP($A1699,BD_INSUMOS2[],6,FALSE),\"\")","v":""},{"$f":"+IFERROR(VLOOKUP($A1699,BD_INSUMOS2[],7,FALSE),\"\")","v":""},{"$f":"+IFERROR(VLOOKUP($A1699,BD_INSUMOS2[],8,FALSE),\"\")","v":""}]
[1689,{"$f":"+IFERROR(VLOOKUP($A1700,BD_INSUMOS2[],3,FALSE),\"\")","v":""},{"$f":"+IFERROR(VLOOKUP($A1700,BD_INSUMOS2[],5,FALSE),\"\")","v":""},{"$f":"+IFERROR(VLOOKUP($A1700,BD_INSUMOS2[],6,FALSE),\"\")","v":""},{"$f":"+IFERROR(VLOOKUP($A1700,BD_INSUMOS2[],7,FALSE),\"\")","v":""},{"$f":"+IFERROR(VLOOKUP($A1700,BD_INSUMOS2[],8,FALSE),\"\")","v":""}]
[1690,{"$f":"+IFERROR(VLOOKUP($A1701,BD_INSUMOS2[],3,FALSE),\"\")","v":""},{"$f":"+IFERROR(VLOOKUP($A1701,BD_INSUMOS2[],5,FALSE),\"\")","v":""},{"$f":"+IFERROR(VLOOKUP($A1701,BD_INSUMOS2[],6,FALSE),\"\")","v":""},{"$f":"+IFERROR(VLOOKUP($A1701,BD_INSUMOS2[],7,FALSE),\"\")","v":""},{"$f":"+IFERROR(VLOOKUP($A1701,BD_INSUMOS2[],8,FALSE),\"\")","v":""}]
[1691,{"$f":"+IFERROR(VLOOKUP($A1702,BD_INSUMOS2[],3,FALSE),\"\")","v":""},{"$f":"+IFERROR(VLOOKUP($A1702,BD_INSUMOS2[],5,FALSE),\"\")","v":""},{"$f":"+IFERROR(VLOOKUP($A1702,BD_INSUMOS2[],6,FALSE),\"\")","v":""},{"$f":"+IFERROR(VLOOKUP($A1702,BD_INSUMOS2[],7,FALSE),\"\")","v":""},{"$f":"+IFERROR(VLOOKUP($A1702,BD_INSUMOS2[],8,FALSE),\"\")","v":""}]
[1692,{"$f":"+IFERROR(VLOOKUP($A1703,BD_INSUMOS2[],3,FALSE),\"\")","v":""},{"$f":"+IFERROR(VLOOKUP($A1703,BD_INSUMOS2[],5,FALSE),\"\")","v":""},{"$f":"+IFERROR(VLOOKUP($A1703,BD_INSUMOS2[],6,FALSE),\"\")","v":""},{"$f":"+IFERROR(VLOOKUP($A1703,BD_INSUMOS2[],7,FALSE),\"\")","v":""},{"$f":"+IFERROR(VLOOKUP($A1703,BD_INSUMOS2[],8,FALSE),\"\")","v":""}]
[1693,{"$f":"+IFERROR(VLOOKUP($A1704,BD_INSUMOS2[],3,FALSE),\"\")","v":""},{"$f":"+IFERROR(VLOOKUP($A1704,BD_INSUMOS2[],5,FALSE),\"\")","v":""},{"$f":"+IFERROR(VLOOKUP($A1704,BD_INSUMOS2[],6,FALSE),\"\")","v":""},{"$f":"+IFERROR(VLOOKUP($A1704,BD_INSUMOS2[],7,FALSE),\"\")","v":""},{"$f":"+IFERROR(VLOOKUP($A1704,BD_INSUMOS2[],8,FALSE),\"\")","v":""}]
[1694,{"$f":"+IFERROR(VLOOKUP($A1705,BD_INSUMOS2[],3,FALSE),\"\")","v":""},{"$f":"+IFERROR(VLOOKUP($A1705,BD_INSUMOS2[],5,FALSE),\"\")","v":""},{"$f":"+IFERROR(VLOOKUP($A1705,BD_INSUMOS2[],6,FALSE),\"\")","v":""},{"$f":"+IFERROR(VLOOKUP($A1705,BD_INSUMOS2[],7,FALSE),\"\")","v":""},{"$f":"+IFERROR(VLOOKUP($A1705,BD_INSUMOS2[],8,FALSE),\"\")","v":""}]
[1695,{"$f":"+IFERROR(VLOOKUP($A1706,BD_INSUMOS2[],3,FALSE),\"\")","v":""},{"$f":"+IFERROR(VLOOKUP($A1706,BD_INSUMOS2[],5,FALSE),\"\")","v":""},{"$f":"+IFERROR(VLOOKUP($A1706,BD_INSUMOS2[],6,FALSE),\"\")","v":""},{"$f":"+IFERROR(VLOOKUP($A1706,BD_INSUMOS2[],7,FALSE),\"\")","v":""},{"$f":"+IFERROR(VLOOKUP($A1706,BD_INSUMOS2[],8,FALSE),\"\")","v":""}]
[1696,{"$f":"+IFERROR(VLOOKUP($A1707,BD_INSUMOS2[],3,FALSE),\"\")","v":""},{"$f":"+IFERROR(VLOOKUP($A1707,BD_INSUMOS2[],5,FALSE),\"\")","v":""},{"$f":"+IFERROR(VLOOKUP($A1707,BD_INSUMOS2[],6,FALSE),\"\")","v":""},{"$f":"+IFERROR(VLOOKUP($A1707,BD_INSUMOS2[],7,FALSE),\"\")","v":""},{"$f":"+IFERROR(VLOOKUP($A1707,BD_INSUMOS2[],8,FALSE),\"\")","v":""}]
[1697,{"$f":"+IFERROR(VLOOKUP($A1708,BD_INSUMOS2[],3,FALSE),\"\")","v":""},{"$f":"+IFERROR(VLOOKUP($A1708,BD_INSUMOS2[],5,FALSE),\"\")","v":""},{"$f":"+IFERROR(VLOOKUP($A1708,BD_INSUMOS2[],6,FALSE),\"\")","v":""},{"$f":"+IFERROR(VLOOKUP($A1708,BD_INSUMOS2[],7,FALSE),\"\")","v":""},{"$f":"+IFERROR(VLOOKUP($A1708,BD_INSUMOS2[],8,FALSE),\"\")","v":""}]
[1698,{"$f":"+IFERROR(VLOOKUP($A1709,BD_INSUMOS2[],3,FALSE),\"\")","v":""},{"$f":"+IFERROR(VLOOKUP($A1709,BD_INSUMOS2[],5,FALSE),\"\")","v":""},{"$f":"+IFERROR(VLOOKUP($A1709,BD_INSUMOS2[],6,FALSE),\"\")","v":""},{"$f":"+IFERROR(VLOOKUP($A1709,BD_INSUMOS2[],7,FALSE),\"\")","v":""},{"$f":"+IFERROR(VLOOKUP($A1709,BD_INSUMOS2[],8,FALSE),\"\")","v":""}]
[1699,{"$f":"+IFERROR(VLOOKUP($A1710,BD_INSUMOS2[],3,FALSE),\"\")","v":""},{"$f":"+IFERROR(VLOOKUP($A1710,BD_INSUMOS2[],5,FALSE),\"\")","v":""},{"$f":"+IFERROR(VLOOKUP($A1710,BD_INSUMOS2[],6,FALSE),\"\")","v":""},{"$f":"+IFERROR(VLOOKUP($A1710,BD_INSUMOS2[],7,FALSE),\"\")","v":""},{"$f":"+IFERROR(VLOOKUP($A1710,BD_INSUMOS2[],8,FALSE),\"\")","v":""}]
[1700,{"$f":"+IFERROR(VLOOKUP($A1711,BD_INSUMOS2[],3,FALSE),\"\")","v":""},{"$f":"+IFERROR(VLOOKUP($A1711,BD_INSUMOS2[],5,FALSE),\"\")","v":""},{"$f":"+IFERROR(VLOOKUP($A1711,BD_INSUMOS2[],6,FALSE),\"\")","v":""},{"$f":"+IFERROR(VLOOKUP($A1711,BD_INSUMOS2[],7,FALSE),\"\")","v":""},{"$f":"+IFERROR(VLOOKUP($A1711,BD_INSUMOS2[],8,FALSE),\"\")","v":""}]
[1701,{"$f":"+IFERROR(VLOOKUP($A1712,BD_INSUMOS2[],3,FALSE),\"\")","v":""},{"$f":"+IFERROR(VLOOKUP($A1712,BD_INSUMOS2[],5,FALSE),\"\")","v":""},{"$f":"+IFERROR(VLOOKUP($A1712,BD_INSUMOS2[],6,FALSE),\"\")","v":""},{"$f":"+IFERROR(VLOOKUP($A1712,BD_INSUMOS2[],7,FALSE),\"\")","v":""},{"$f":"+IFERROR(VLOOKUP($A1712,BD_INSUMOS2[],8,FALSE),\"\")","v":""}]
[1702,{"$f":"+IFERROR(VLOOKUP($A1713,BD_INSUMOS2[],3,FALSE),\"\")","v":""},{"$f":"+IFERROR(VLOOKUP($A1713,BD_INSUMOS2[],5,FALSE),\"\")","v":""},{"$f":"+IFERROR(VLOOKUP($A1713,BD_INSUMOS2[],6,FALSE),\"\")","v":""},{"$f":"+IFERROR(VLOOKUP($A1713,BD_INSUMOS2[],7,FALSE),\"\")","v":""},{"$f":"+IFERROR(VLOOKUP($A1713,BD_INSUMOS2[],8,FALSE),\"\")","v":""}]
[1703,{"$f":"+IFERROR(VLOOKUP($A1714,BD_INSUMOS2[],3,FALSE),\"\")","v":""},{"$f":"+IFERROR(VLOOKUP($A1714,BD_INSUMOS2[],5,FALSE),\"\")","v":""},{"$f":"+IFERROR(VLOOKUP($A1714,BD_INSUMOS2[],6,FALSE),\"\")","v":""},{"$f":"+IFERROR(VLOOKUP($A1714,BD_INSUMOS2[],7,FALSE),\"\")","v":""},{"$f":"+IFERROR(VLOOKUP($A1714,BD_INSUMOS2[],8,FALSE),\"\")","v":""}]
[1704,{"$f":"+IFERROR(VLOOKUP($A1715,BD_INSUMOS2[],3,FALSE),\"\")","v":""},{"$f":"+IFERROR(VLOOKUP($A1715,BD_INSUMOS2[],5,FALSE),\"\")","v":""},{"$f":"+IFERROR(VLOOKUP($A1715,BD_INSUMOS2[],6,FALSE),\"\")","v":""},{"$f":"+IFERROR(VLOOKUP($A1715,BD_INSUMOS2[],7,FALSE),\"\")","v":""},{"$f":"+IFERROR(VLOOKUP($A1715,BD_INSUMOS2[],8,FALSE),\"\")","v":""}]
[1705,{"$f":"+IFERROR(VLOOKUP($A1716,BD_INSUMOS2[],3,FALSE),\"\")","v":""},{"$f":"+IFERROR(VLOOKUP($A1716,BD_INSUMOS2[],5,FALSE),\"\")","v":""},{"$f":"+IFERROR(VLOOKUP($A1716,BD_INSUMOS2[],6,FALSE),\"\")","v":""},{"$f":"+IFERROR(VLOOKUP($A1716,BD_INSUMOS2[],7,FALSE),\"\")","v":""},{"$f":"+IFERROR(VLOOKUP($A1716,BD_INSUMOS2[],8,FALSE),\"\")","v":""}]
[1706,{"$f":"+IFERROR(VLOOKUP($A1717,BD_INSUMOS2[],3,FALSE),\"\")","v":""},{"$f":"+IFERROR(VLOOKUP($A1717,BD_INSUMOS2[],5,FALSE),\"\")","v":""},{"$f":"+IFERROR(VLOOKUP($A1717,BD_INSUMOS2[],6,FALSE),\"\")","v":""},{"$f":"+IFERROR(VLOOKUP($A1717,BD_INSUMOS2[],7,FALSE),\"\")","v":""},{"$f":"+IFERROR(VLOOKUP($A1717,BD_INSUMOS2[],8,FALSE),\"\")","v":""}]
[1707,{"$f":"+IFERROR(VLOOKUP($A1718,BD_INSUMOS2[],3,FALSE),\"\")","v":""},{"$f":"+IFERROR(VLOOKUP($A1718,BD_INSUMOS2[],5,FALSE),\"\")","v":""},{"$f":"+IFERROR(VLOOKUP($A1718,BD_INSUMOS2[],6,FALSE),\"\")","v":""},{"$f":"+IFERROR(VLOOKUP($A1718,BD_INSUMOS2[],7,FALSE),\"\")","v":""},{"$f":"+IFERROR(VLOOKUP($A1718,BD_INSUMOS2[],8,FALSE),\"\")","v":""}]
[1708,{"$f":"+IFERROR(VLOOKUP($A1719,BD_INSUMOS2[],3,FALSE),\"\")","v":""},{"$f":"+IFERROR(VLOOKUP($A1719,BD_INSUMOS2[],5,FALSE),\"\")","v":""},{"$f":"+IFERROR(VLOOKUP($A1719,BD_INSUMOS2[],6,FALSE),\"\")","v":""},{"$f":"+IFERROR(VLOOKUP($A1719,BD_INSUMOS2[],7,FALSE),\"\")","v":""},{"$f":"+IFERROR(VLOOKUP($A1719,BD_INSUMOS2[],8,FALSE),\"\")","v":""}]
[1709,{"$f":"+IFERROR(VLOOKUP($A1720,BD_INSUMOS2[],3,FALSE),\"\")","v":""},{"$f":"+IFERROR(VLOOKUP($A1720,BD_INSUMOS2[],5,FALSE),\"\")","v":""},{"$f":"+IFERROR(VLOOKUP($A1720,BD_INSUMOS2[],6,FALSE),\"\")","v":""},{"$f":"+IFERROR(VLOOKUP($A1720,BD_INSUMOS2[],7,FALSE),\"\")","v":""},{"$f":"+IFERROR(VLOOKUP($A1720,BD_INSUMOS2[],8,FALSE),\"\")","v":""}]
[1710,{"$f":"+IFERROR(VLOOKUP($A1721,BD_INSUMOS2[],3,FALSE),\"\")","v":""},{"$f":"+IFERROR(VLOOKUP($A1721,BD_INSUMOS2[],5,FALSE),\"\")","v":""},{"$f":"+IFERROR(VLOOKUP($A1721,BD_INSUMOS2[],6,FALSE),\"\")","v":""},{"$f":"+IFERROR(VLOOKUP($A1721,BD_INSUMOS2[],7,FALSE),\"\")","v":""},{"$f":"+IFERROR(VLOOKUP($A1721,BD_INSUMOS2[],8,FALSE),\"\")","v":""}]
[1711,{"$f":"+IFERROR(VLOOKUP($A1722,BD_INSUMOS2[],3,FALSE),\"\")","v":""},{"$f":"+IFERROR(VLOOKUP($A1722,BD_INSUMOS2[],5,FALSE),\"\")","v":""},{"$f":"+IFERROR(VLOOKUP($A1722,BD_INSUMOS2[],6,FALSE),\"\")","v":""},{"$f":"+IFERROR(VLOOKUP($A1722,BD_INSUMOS2[],7,FALSE),\"\")","v":""},{"$f":"+IFERROR(VLOOKUP($A1722,BD_INSUMOS2[],8,FALSE),\"\")","v":""}]
[1712,{"$f":"+IFERROR(VLOOKUP($A1723,BD_INSUMOS2[],3,FALSE),\"\")","v":""},{"$f":"+IFERROR(VLOOKUP($A1723,BD_INSUMOS2[],5,FALSE),\"\")","v":""},{"$f":"+IFERROR(VLOOKUP($A1723,BD_INSUMOS2[],6,FALSE),\"\")","v":""},{"$f":"+IFERROR(VLOOKUP($A1723,BD_INSUMOS2[],7,FALSE),\"\")","v":""},{"$f":"+IFERROR(VLOOKUP($A1723,BD_INSUMOS2[],8,FALSE),\"\")","v":""}]
[1713,{"$f":"+IFERROR(VLOOKUP($A1724,BD_INSUMOS2[],3,FALSE),\"\")","v":""},{"$f":"+IFERROR(VLOOKUP($A1724,BD_INSUMOS2[],5,FALSE),\"\")","v":""},{"$f":"+IFERROR(VLOOKUP($A1724,BD_INSUMOS2[],6,FALSE),\"\")","v":""},{"$f":"+IFERROR(VLOOKUP($A1724,BD_INSUMOS2[],7,FALSE),\"\")","v":""},{"$f":"+IFERROR(VLOOKUP($A1724,BD_INSUMOS2[],8,FALSE),\"\")","v":""}]
[1714,{"$f":"+IFERROR(VLOOKUP($A1725,BD_INSUMOS2[],3,FALSE),\"\")","v":""},{"$f":"+IFERROR(VLOOKUP($A1725,BD_INSUMOS2[],5,FALSE),\"\")","v":""},{"$f":"+IFERROR(VLOOKUP($A1725,BD_INSUMOS2[],6,FALSE),\"\")","v":""},{"$f":"+IFERROR(VLOOKUP($A1725,BD_INSUMOS2[],7,FALSE),\"\")","v":""},{"$f":"+IFERROR(VLOOKUP($A1725,BD_INSUMOS2[],8,FALSE),\"\")","v":""}]
[1715,{"$f":"+IFERROR(VLOOKUP($A1726,BD_INSUMOS2[],3,FALSE),\"\")","v":""},{"$f":"+IFERROR(VLOOKUP($A1726,BD_INSUMOS2[],5,FALSE),\"\")","v":""},{"$f":"+IFERROR(VLOOKUP($A1726,BD_INSUMOS2[],6,FALSE),\"\")","v":""},{"$f":"+IFERROR(VLOOKUP($A1726,BD_INSUMOS2[],7,FALSE),\"\")","v":""},{"$f":"+IFERROR(VLOOKUP($A1726,BD_INSUMOS2[],8,FALSE),\"\")","v":""}]
[1716,{"$f":"+IFERROR(VLOOKUP($A1727,BD_INSUMOS2[],3,FALSE),\"\")","v":""},{"$f":"+IFERROR(VLOOKUP($A1727,BD_INSUMOS2[],5,FALSE),\"\")","v":""},{"$f":"+IFERROR(VLOOKUP($A1727,BD_INSUMOS2[],6,FALSE),\"\")","v":""},{"$f":"+IFERROR(VLOOKUP($A1727,BD_INSUMOS2[],7,FALSE),\"\")","v":""},{"$f":"+IFERROR(VLOOKUP($A1727,BD_INSUMOS2[],8,FALSE),\"\")","v":""}]
[1717,{"$f":"+IFERROR(VLOOKUP($A1728,BD_INSUMOS2[],3,FALSE),\"\")","v":""},{"$f":"+IFERROR(VLOOKUP($A1728,BD_INSUMOS2[],5,FALSE),\"\")","v":""},{"$f":"+IFERROR(VLOOKUP($A1728,BD_INSUMOS2[],6,FALSE),\"\")","v":""},{"$f":"+IFERROR(VLOOKUP($A1728,BD_INSUMOS2[],7,FALSE),\"\")","v":""},{"$f":"+IFERROR(VLOOKUP($A1728,BD_INSUMOS2[],8,FALSE),\"\")","v":""}]
[1718,{"$f":"+IFERROR(VLOOKUP($A1729,BD_INSUMOS2[],3,FALSE),\"\")","v":""},{"$f":"+IFERROR(VLOOKUP($A1729,BD_INSUMOS2[],5,FALSE),\"\")","v":""},{"$f":"+IFERROR(VLOOKUP($A1729,BD_INSUMOS2[],6,FALSE),\"\")","v":""},{"$f":"+IFERROR(VLOOKUP($A1729,BD_INSUMOS2[],7,FALSE),\"\")","v":""},{"$f":"+IFERROR(VLOOKUP($A1729,BD_INSUMOS2[],8,FALSE),\"\")","v":""}]
[1719,{"$f":"+IFERROR(VLOOKUP($A1730,BD_INSUMOS2[],3,FALSE),\"\")","v":""},{"$f":"+IFERROR(VLOOKUP($A1730,BD_INSUMOS2[],5,FALSE),\"\")","v":""},{"$f":"+IFERROR(VLOOKUP($A1730,BD_INSUMOS2[],6,FALSE),\"\")","v":""},{"$f":"+IFERROR(VLOOKUP($A1730,BD_INSUMOS2[],7,FALSE),\"\")","v":""},{"$f":"+IFERROR(VLOOKUP($A1730,BD_INSUMOS2[],8,FALSE),\"\")","v":""}]
[1720,{"$f":"+IFERROR(VLOOKUP($A1731,BD_INSUMOS2[],3,FALSE),\"\")","v":""},{"$f":"+IFERROR(VLOOKUP($A1731,BD_INSUMOS2[],5,FALSE),\"\")","v":""},{"$f":"+IFERROR(VLOOKUP($A1731,BD_INSUMOS2[],6,FALSE),\"\")","v":""},{"$f":"+IFERROR(VLOOKUP($A1731,BD_INSUMOS2[],7,FALSE),\"\")","v":""},{"$f":"+IFERROR(VLOOKUP($A1731,BD_INSUMOS2[],8,FALSE),\"\")","v":""}]
[1721,{"$f":"+IFERROR(VLOOKUP($A1732,BD_INSUMOS2[],3,FALSE),\"\")","v":""},{"$f":"+IFERROR(VLOOKUP($A1732,BD_INSUMOS2[],5,FALSE),\"\")","v":""},{"$f":"+IFERROR(VLOOKUP($A1732,BD_INSUMOS2[],6,FALSE),\"\")","v":""},{"$f":"+IFERROR(VLOOKUP($A1732,BD_INSUMOS2[],7,FALSE),\"\")","v":""},{"$f":"+IFERROR(VLOOKUP($A1732,BD_INSUMOS2[],8,FALSE),\"\")","v":""}]
[1722,{"$f":"+IFERROR(VLOOKUP($A1733,BD_INSUMOS2[],3,FALSE),\"\")","v":""},{"$f":"+IFERROR(VLOOKUP($A1733,BD_INSUMOS2[],5,FALSE),\"\")","v":""},{"$f":"+IFERROR(VLOOKUP($A1733,BD_INSUMOS2[],6,FALSE),\"\")","v":""},{"$f":"+IFERROR(VLOOKUP($A1733,BD_INSUMOS2[],7,FALSE),\"\")","v":""},{"$f":"+IFERROR(VLOOKUP($A1733,BD_INSUMOS2[],8,FALSE),\"\")","v":""}]
[1723,{"$f":"+IFERROR(VLOOKUP($A1734,BD_INSUMOS2[],3,FALSE),\"\")","v":""},{"$f":"+IFERROR(VLOOKUP($A1734,BD_INSUMOS2[],5,FALSE),\"\")","v":""},{"$f":"+IFERROR(VLOOKUP($A1734,BD_INSUMOS2[],6,FALSE),\"\")","v":""},{"$f":"+IFERROR(VLOOKUP($A1734,BD_INSUMOS2[],7,FALSE),\"\")","v":""},{"$f":"+IFERROR(VLOOKUP($A1734,BD_INSUMOS2[],8,FALSE),\"\")","v":""}]
[1724,{"$f":"+IFERROR(VLOOKUP($A1735,BD_INSUMOS2[],3,FALSE),\"\")","v":""},{"$f":"+IFERROR(VLOOKUP($A1735,BD_INSUMOS2[],5,FALSE),\"\")","v":""},{"$f":"+IFERROR(VLOOKUP($A1735,BD_INSUMOS2[],6,FALSE),\"\")","v":""},{"$f":"+IFERROR(VLOOKUP($A1735,BD_INSUMOS2[],7,FALSE),\"\")","v":""},{"$f":"+IFERROR(VLOOKUP($A1735,BD_INSUMOS2[],8,FALSE),\"\")","v":""}]
[1725,{"$f":"+IFERROR(VLOOKUP($A1736,BD_INSUMOS2[],3,FALSE),\"\")","v":""},{"$f":"+IFERROR(VLOOKUP($A1736,BD_INSUMOS2[],5,FALSE),\"\")","v":""},{"$f":"+IFERROR(VLOOKUP($A1736,BD_INSUMOS2[],6,FALSE),\"\")","v":""},{"$f":"+IFERROR(VLOOKUP($A1736,BD_INSUMOS2[],7,FALSE),\"\")","v":""},{"$f":"+IFERROR(VLOOKUP($A1736,BD_INSUMOS2[],8,FALSE),\"\")","v":""}]
[1726,{"$f":"+IFERROR(VLOOKUP($A1737,BD_INSUMOS2[],3,FALSE),\"\")","v":""},{"$f":"+IFERROR(VLOOKUP($A1737,BD_INSUMOS2[],5,FALSE),\"\")","v":""},{"$f":"+IFERROR(VLOOKUP($A1737,BD_INSUMOS2[],6,FALSE),\"\")","v":""},{"$f":"+IFERROR(VLOOKUP($A1737,BD_INSUMOS2[],7,FALSE),\"\")","v":""},{"$f":"+IFERROR(VLOOKUP($A1737,BD_INSUMOS2[],8,FALSE),\"\")","v":""}]
[1727,{"$f":"+IFERROR(VLOOKUP($A1738,BD_INSUMOS2[],3,FALSE),\"\")","v":""},{"$f":"+IFERROR(VLOOKUP($A1738,BD_INSUMOS2[],5,FALSE),\"\")","v":""},{"$f":"+IFERROR(VLOOKUP($A1738,BD_INSUMOS2[],6,FALSE),\"\")","v":""},{"$f":"+IFERROR(VLOOKUP($A1738,BD_INSUMOS2[],7,FALSE),\"\")","v":""},{"$f":"+IFERROR(VLOOKUP($A1738,BD_INSUMOS2[],8,FALSE),\"\")","v":""}]
[1728,{"$f":"+IFERROR(VLOOKUP($A1739,BD_INSUMOS2[],3,FALSE),\"\")","v":""},{"$f":"+IFERROR(VLOOKUP($A1739,BD_INSUMOS2[],5,FALSE),\"\")","v":""},{"$f":"+IFERROR(VLOOKUP($A1739,BD_INSUMOS2[],6,FALSE),\"\")","v":""},{"$f":"+IFERROR(VLOOKUP($A1739,BD_INSUMOS2[],7,FALSE),\"\")","v":""},{"$f":"+IFERROR(VLOOKUP($A1739,BD_INSUMOS2[],8,FALSE),\"\")","v":""}]
[1729,{"$f":"+IFERROR(VLOOKUP($A1740,BD_INSUMOS2[],3,FALSE),\"\")","v":""},{"$f":"+IFERROR(VLOOKUP($A1740,BD_INSUMOS2[],5,FALSE),\"\")","v":""},{"$f":"+IFERROR(VLOOKUP($A1740,BD_INSUMOS2[],6,FALSE),\"\")","v":""},{"$f":"+IFERROR(VLOOKUP($A1740,BD_INSUMOS2[],7,FALSE),\"\")","v":""},{"$f":"+IFERROR(VLOOKUP($A1740,BD_INSUMOS2[],8,FALSE),\"\")","v":""}]
[1730,{"$f":"+IFERROR(VLOOKUP($A1741,BD_INSUMOS2[],3,FALSE),\"\")","v":""},{"$f":"+IFERROR(VLOOKUP($A1741,BD_INSUMOS2[],5,FALSE),\"\")","v":""},{"$f":"+IFERROR(VLOOKUP($A1741,BD_INSUMOS2[],6,FALSE),\"\")","v":""},{"$f":"+IFERROR(VLOOKUP($A1741,BD_INSUMOS2[],7,FALSE),\"\")","v":""},{"$f":"+IFERROR(VLOOKUP($A1741,BD_INSUMOS2[],8,FALSE),\"\")","v":""}]
[1731,{"$f":"+IFERROR(VLOOKUP($A1742,BD_INSUMOS2[],3,FALSE),\"\")","v":""},{"$f":"+IFERROR(VLOOKUP($A1742,BD_INSUMOS2[],5,FALSE),\"\")","v":""},{"$f":"+IFERROR(VLOOKUP($A1742,BD_INSUMOS2[],6,FALSE),\"\")","v":""},{"$f":"+IFERROR(VLOOKUP($A1742,BD_INSUMOS2[],7,FALSE),\"\")","v":""},{"$f":"+IFERROR(VLOOKUP($A1742,BD_INSUMOS2[],8,FALSE),\"\")","v":""}]
[1732,{"$f":"+IFERROR(VLOOKUP($A1743,BD_INSUMOS2[],3,FALSE),\"\")","v":""},{"$f":"+IFERROR(VLOOKUP($A1743,BD_INSUMOS2[],5,FALSE),\"\")","v":""},{"$f":"+IFERROR(VLOOKUP($A1743,BD_INSUMOS2[],6,FALSE),\"\")","v":""},{"$f":"+IFERROR(VLOOKUP($A1743,BD_INSUMOS2[],7,FALSE),\"\")","v":""},{"$f":"+IFERROR(VLOOKUP($A1743,BD_INSUMOS2[],8,FALSE),\"\")","v":""}]
[1733,{"$f":"+IFERROR(VLOOKUP($A1744,BD_INSUMOS2[],3,FALSE),\"\")","v":""},{"$f":"+IFERROR(VLOOKUP($A1744,BD_INSUMOS2[],5,FALSE),\"\")","v":""},{"$f":"+IFERROR(VLOOKUP($A1744,BD_INSUMOS2[],6,FALSE),\"\")","v":""},{"$f":"+IFERROR(VLOOKUP($A1744,BD_INSUMOS2[],7,FALSE),\"\")","v":""},{"$f":"+IFERROR(VLOOKUP($A1744,BD_INSUMOS2[],8,FALSE),\"\")","v":""}]
[1734,{"$f":"+IFERROR(VLOOKUP($A1745,BD_INSUMOS2[],3,FALSE),\"\")","v":""},{"$f":"+IFERROR(VLOOKUP($A1745,BD_INSUMOS2[],5,FALSE),\"\")","v":""},{"$f":"+IFERROR(VLOOKUP($A1745,BD_INSUMOS2[],6,FALSE),\"\")","v":""},{"$f":"+IFERROR(VLOOKUP($A1745,BD_INSUMOS2[],7,FALSE),\"\")","v":""},{"$f":"+IFERROR(VLOOKUP($A1745,BD_INSUMOS2[],8,FALSE),\"\")","v":""}]
[1735,{"$f":"+IFERROR(VLOOKUP($A1746,BD_INSUMOS2[],3,FALSE),\"\")","v":""},{"$f":"+IFERROR(VLOOKUP($A1746,BD_INSUMOS2[],5,FALSE),\"\")","v":""},{"$f":"+IFERROR(VLOOKUP($A1746,BD_INSUMOS2[],6,FALSE),\"\")","v":""},{"$f":"+IFERROR(VLOOKUP($A1746,BD_INSUMOS2[],7,FALSE),\"\")","v":""},{"$f":"+IFERROR(VLOOKUP($A1746,BD_INSUMOS2[],8,FALSE),\"\")","v":""}]
[1736,{"$f":"+IFERROR(VLOOKUP($A1747,BD_INSUMOS2[],3,FALSE),\"\")","v":""},{"$f":"+IFERROR(VLOOKUP($A1747,BD_INSUMOS2[],5,FALSE),\"\")","v":""},{"$f":"+IFERROR(VLOOKUP($A1747,BD_INSUMOS2[],6,FALSE),\"\")","v":""},{"$f":"+IFERROR(VLOOKUP($A1747,BD_INSUMOS2[],7,FALSE),\"\")","v":""},{"$f":"+IFERROR(VLOOKUP($A1747,BD_INSUMOS2[],8,FALSE),\"\")","v":""}]
[1737,{"$f":"+IFERROR(VLOOKUP($A1748,BD_INSUMOS2[],3,FALSE),\"\")","v":""},{"$f":"+IFERROR(VLOOKUP($A1748,BD_INSUMOS2[],5,FALSE),\"\")","v":""},{"$f":"+IFERROR(VLOOKUP($A1748,BD_INSUMOS2[],6,FALSE),\"\")","v":""},{"$f":"+IFERROR(VLOOKUP($A1748,BD_INSUMOS2[],7,FALSE),\"\")","v":""},{"$f":"+IFERROR(VLOOKUP($A1748,BD_INSUMOS2[],8,FALSE),\"\")","v":""}]
[1738,{"$f":"+IFERROR(VLOOKUP($A1749,BD_INSUMOS2[],3,FALSE),\"\")","v":""},{"$f":"+IFERROR(VLOOKUP($A1749,BD_INSUMOS2[],5,FALSE),\"\")","v":""},{"$f":"+IFERROR(VLOOKUP($A1749,BD_INSUMOS2[],6,FALSE),\"\")","v":""},{"$f":"+IFERROR(VLOOKUP($A1749,BD_INSUMOS2[],7,FALSE),\"\")","v":""},{"$f":"+IFERROR(VLOOKUP($A1749,BD_INSUMOS2[],8,FALSE),\"\")","v":""}]
[1739,{"$f":"+IFERROR(VLOOKUP($A1750,BD_INSUMOS2[],3,FALSE),\"\")","v":""},{"$f":"+IFERROR(VLOOKUP($A1750,BD_INSUMOS2[],5,FALSE),\"\")","v":""},{"$f":"+IFERROR(VLOOKUP($A1750,BD_INSUMOS2[],6,FALSE),\"\")","v":""},{"$f":"+IFERROR(VLOOKUP($A1750,BD_INSUMOS2[],7,FALSE),\"\")","v":""},{"$f":"+IFERROR(VLOOKUP($A1750,BD_INSUMOS2[],8,FALSE),\"\")","v":""}]
[1740,{"$f":"+IFERROR(VLOOKUP($A1751,BD_INSUMOS2[],3,FALSE),\"\")","v":""},{"$f":"+IFERROR(VLOOKUP($A1751,BD_INSUMOS2[],5,FALSE),\"\")","v":""},{"$f":"+IFERROR(VLOOKUP($A1751,BD_INSUMOS2[],6,FALSE),\"\")","v":""},{"$f":"+IFERROR(VLOOKUP($A1751,BD_INSUMOS2[],7,FALSE),\"\")","v":""},{"$f":"+IFERROR(VLOOKUP($A1751,BD_INSUMOS2[],8,FALSE),\"\")","v":""}]
[1741,{"$f":"+IFERROR(VLOOKUP($A1752,BD_INSUMOS2[],3,FALSE),\"\")","v":""},{"$f":"+IFERROR(VLOOKUP($A1752,BD_INSUMOS2[],5,FALSE),\"\")","v":""},{"$f":"+IFERROR(VLOOKUP($A1752,BD_INSUMOS2[],6,FALSE),\"\")","v":""},{"$f":"+IFERROR(VLOOKUP($A1752,BD_INSUMOS2[],7,FALSE),\"\")","v":""},{"$f":"+IFERROR(VLOOKUP($A1752,BD_INSUMOS2[],8,FALSE),\"\")","v":""}]
[1742,{"$f":"+IFERROR(VLOOKUP($A1753,BD_INSUMOS2[],3,FALSE),\"\")","v":""},{"$f":"+IFERROR(VLOOKUP($A1753,BD_INSUMOS2[],5,FALSE),\"\")","v":""},{"$f":"+IFERROR(VLOOKUP($A1753,BD_INSUMOS2[],6,FALSE),\"\")","v":""},{"$f":"+IFERROR(VLOOKUP($A1753,BD_INSUMOS2[],7,FALSE),\"\")","v":""},{"$f":"+IFERROR(VLOOKUP($A1753,BD_INSUMOS2[],8,FALSE),\"\")","v":""}]
[1743,{"$f":"+IFERROR(VLOOKUP($A1754,BD_INSUMOS2[],3,FALSE),\"\")","v":""},{"$f":"+IFERROR(VLOOKUP($A1754,BD_INSUMOS2[],5,FALSE),\"\")","v":""},{"$f":"+IFERROR(VLOOKUP($A1754,BD_INSUMOS2[],6,FALSE),\"\")","v":""},{"$f":"+IFERROR(VLOOKUP($A1754,BD_INSUMOS2[],7,FALSE),\"\")","v":""},{"$f":"+IFERROR(VLOOKUP($A1754,BD_INSUMOS2[],8,FALSE),\"\")","v":""}]
[1744,{"$f":"+IFERROR(VLOOKUP($A1755,BD_INSUMOS2[],3,FALSE),\"\")","v":""},{"$f":"+IFERROR(VLOOKUP($A1755,BD_INSUMOS2[],5,FALSE),\"\")","v":""},{"$f":"+IFERROR(VLOOKUP($A1755,BD_INSUMOS2[],6,FALSE),\"\")","v":""},{"$f":"+IFERROR(VLOOKUP($A1755,BD_INSUMOS2[],7,FALSE),\"\")","v":""},{"$f":"+IFERROR(VLOOKUP($A1755,BD_INSUMOS2[],8,FALSE),\"\")","v":""}]
[1745,{"$f":"+IFERROR(VLOOKUP($A1756,BD_INSUMOS2[],3,FALSE),\"\")","v":""},{"$f":"+IFERROR(VLOOKUP($A1756,BD_INSUMOS2[],5,FALSE),\"\")","v":""},{"$f":"+IFERROR(VLOOKUP($A1756,BD_INSUMOS2[],6,FALSE),\"\")","v":""},{"$f":"+IFERROR(VLOOKUP($A1756,BD_INSUMOS2[],7,FALSE),\"\")","v":""},{"$f":"+IFERROR(VLOOKUP($A1756,BD_INSUMOS2[],8,FALSE),\"\")","v":""}]
[1746,{"$f":"+IFERROR(VLOOKUP($A1757,BD_INSUMOS2[],3,FALSE),\"\")","v":""},{"$f":"+IFERROR(VLOOKUP($A1757,BD_INSUMOS2[],5,FALSE),\"\")","v":""},{"$f":"+IFERROR(VLOOKUP($A1757,BD_INSUMOS2[],6,FALSE),\"\")","v":""},{"$f":"+IFERROR(VLOOKUP($A1757,BD_INSUMOS2[],7,FALSE),\"\")","v":""},{"$f":"+IFERROR(VLOOKUP($A1757,BD_INSUMOS2[],8,FALSE),\"\")","v":""}]
[1747,{"$f":"+IFERROR(VLOOKUP($A1758,BD_INSUMOS2[],3,FALSE),\"\")","v":""},{"$f":"+IFERROR(VLOOKUP($A1758,BD_INSUMOS2[],5,FALSE),\"\")","v":""},{"$f":"+IFERROR(VLOOKUP($A1758,BD_INSUMOS2[],6,FALSE),\"\")","v":""},{"$f":"+IFERROR(VLOOKUP($A1758,BD_INSUMOS2[],7,FALSE),\"\")","v":""},{"$f":"+IFERROR(VLOOKUP($A1758,BD_INSUMOS2[],8,FALSE),\"\")","v":""}]
[1748,{"$f":"+IFERROR(VLOOKUP($A1759,BD_INSUMOS2[],3,FALSE),\"\")","v":""},{"$f":"+IFERROR(VLOOKUP($A1759,BD_INSUMOS2[],5,FALSE),\"\")","v":""},{"$f":"+IFERROR(VLOOKUP($A1759,BD_INSUMOS2[],6,FALSE),\"\")","v":""},{"$f":"+IFERROR(VLOOKUP($A1759,BD_INSUMOS2[],7,FALSE),\"\")","v":""},{"$f":"+IFERROR(VLOOKUP($A1759,BD_INSUMOS2[],8,FALSE),\"\")","v":""}]
[1749,{"$f":"+IFERROR(VLOOKUP($A1760,BD_INSUMOS2[],3,FALSE),\"\")","v":""},{"$f":"+IFERROR(VLOOKUP($A1760,BD_INSUMOS2[],5,FALSE),\"\")","v":""},{"$f":"+IFERROR(VLOOKUP($A1760,BD_INSUMOS2[],6,FALSE),\"\")","v":""},{"$f":"+IFERROR(VLOOKUP($A1760,BD_INSUMOS2[],7,FALSE),\"\")","v":""},{"$f":"+IFERROR(VLOOKUP($A1760,BD_INSUMOS2[],8,FALSE),\"\")","v":""}]
[1750,{"$f":"+IFERROR(VLOOKUP($A1761,BD_INSUMOS2[],3,FALSE),\"\")","v":""},{"$f":"+IFERROR(VLOOKUP($A1761,BD_INSUMOS2[],5,FALSE),\"\")","v":""},{"$f":"+IFERROR(VLOOKUP($A1761,BD_INSUMOS2[],6,FALSE),\"\")","v":""},{"$f":"+IFERROR(VLOOKUP($A1761,BD_INSUMOS2[],7,FALSE),\"\")","v":""},{"$f":"+IFERROR(VLOOKUP($A1761,BD_INSUMOS2[],8,FALSE),\"\")","v":""}]
[1751,{"$f":"+IFERROR(VLOOKUP($A1762,BD_INSUMOS2[],3,FALSE),\"\")","v":""},{"$f":"+IFERROR(VLOOKUP($A1762,BD_INSUMOS2[],5,FALSE),\"\")","v":""},{"$f":"+IFERROR(VLOOKUP($A1762,BD_INSUMOS2[],6,FALSE),\"\")","v":""},{"$f":"+IFERROR(VLOOKUP($A1762,BD_INSUMOS2[],7,FALSE),\"\")","v":""},{"$f":"+IFERROR(VLOOKUP($A1762,BD_INSUMOS2[],8,FALSE),\"\")","v":""}]
[1752,{"$f":"+IFERROR(VLOOKUP($A1763,BD_INSUMOS2[],3,FALSE),\"\")","v":""},{"$f":"+IFERROR(VLOOKUP($A1763,BD_INSUMOS2[],5,FALSE),\"\")","v":""},{"$f":"+IFERROR(VLOOKUP($A1763,BD_INSUMOS2[],6,FALSE),\"\")","v":""},{"$f":"+IFERROR(VLOOKUP($A1763,BD_INSUMOS2[],7,FALSE),\"\")","v":""},{"$f":"+IFERROR(VLOOKUP($A1763,BD_INSUMOS2[],8,FALSE),\"\")","v":""}]
[1753,{"$f":"+IFERROR(VLOOKUP($A1764,BD_INSUMOS2[],3,FALSE),\"\")","v":""},{"$f":"+IFERROR(VLOOKUP($A1764,BD_INSUMOS2[],5,FALSE),\"\")","v":""},{"$f":"+IFERROR(VLOOKUP($A1764,BD_INSUMOS2[],6,FALSE),\"\")","v":""},{"$f":"+IFERROR(VLOOKUP($A1764,BD_INSUMOS2[],7,FALSE),\"\")","v":""},{"$f":"+IFERROR(VLOOKUP($A1764,BD_INSUMOS2[],8,FALSE),\"\")","v":""}]
[1754,{"$f":"+IFERROR(VLOOKUP($A1765,BD_INSUMOS2[],3,FALSE),\"\")","v":""},{"$f":"+IFERROR(VLOOKUP($A1765,BD_INSUMOS2[],5,FALSE),\"\")","v":""},{"$f":"+IFERROR(VLOOKUP($A1765,BD_INSUMOS2[],6,FALSE),\"\")","v":""},{"$f":"+IFERROR(VLOOKUP($A1765,BD_INSUMOS2[],7,FALSE),\"\")","v":""},{"$f":"+IFERROR(VLOOKUP($A1765,BD_INSUMOS2[],8,FALSE),\"\")","v":""}]
[1755,{"$f":"+IFERROR(VLOOKUP($A1766,BD_INSUMOS2[],3,FALSE),\"\")","v":""},{"$f":"+IFERROR(VLOOKUP($A1766,BD_INSUMOS2[],5,FALSE),\"\")","v":""},{"$f":"+IFERROR(VLOOKUP($A1766,BD_INSUMOS2[],6,FALSE),\"\")","v":""},{"$f":"+IFERROR(VLOOKUP($A1766,BD_INSUMOS2[],7,FALSE),\"\")","v":""},{"$f":"+IFERROR(VLOOKUP($A1766,BD_INSUMOS2[],8,FALSE),\"\")","v":""}]
[1756,{"$f":"+IFERROR(VLOOKUP($A1767,BD_INSUMOS2[],3,FALSE),\"\")","v":""},{"$f":"+IFERROR(VLOOKUP($A1767,BD_INSUMOS2[],5,FALSE),\"\")","v":""},{"$f":"+IFERROR(VLOOKUP($A1767,BD_INSUMOS2[],6,FALSE),\"\")","v":""},{"$f":"+IFERROR(VLOOKUP($A1767,BD_INSUMOS2[],7,FALSE),\"\")","v":""},{"$f":"+IFERROR(VLOOKUP($A1767,BD_INSUMOS2[],8,FALSE),\"\")","v":""}]
[1757,{"$f":"+IFERROR(VLOOKUP($A1768,BD_INSUMOS2[],3,FALSE),\"\")","v":""},{"$f":"+IFERROR(VLOOKUP($A1768,BD_INSUMOS2[],5,FALSE),\"\")","v":""},{"$f":"+IFERROR(VLOOKUP($A1768,BD_INSUMOS2[],6,FALSE),\"\")","v":""},{"$f":"+IFERROR(VLOOKUP($A1768,BD_INSUMOS2[],7,FALSE),\"\")","v":""},{"$f":"+IFERROR(VLOOKUP($A1768,BD_INSUMOS2[],8,FALSE),\"\")","v":""}]
[1758,{"$f":"+IFERROR(VLOOKUP($A1769,BD_INSUMOS2[],3,FALSE),\"\")","v":""},{"$f":"+IFERROR(VLOOKUP($A1769,BD_INSUMOS2[],5,FALSE),\"\")","v":""},{"$f":"+IFERROR(VLOOKUP($A1769,BD_INSUMOS2[],6,FALSE),\"\")","v":""},{"$f":"+IFERROR(VLOOKUP($A1769,BD_INSUMOS2[],7,FALSE),\"\")","v":""},{"$f":"+IFERROR(VLOOKUP($A1769,BD_INSUMOS2[],8,FALSE),\"\")","v":""}]
[1759,{"$f":"+IFERROR(VLOOKUP($A1770,BD_INSUMOS2[],3,FALSE),\"\")","v":""},{"$f":"+IFERROR(VLOOKUP($A1770,BD_INSUMOS2[],5,FALSE),\"\")","v":""},{"$f":"+IFERROR(VLOOKUP($A1770,BD_INSUMOS2[],6,FALSE),\"\")","v":""},{"$f":"+IFERROR(VLOOKUP($A1770,BD_INSUMOS2[],7,FALSE),\"\")","v":""},{"$f":"+IFERROR(VLOOKUP($A1770,BD_INSUMOS2[],8,FALSE),\"\")","v":""}]
[1760,{"$f":"+IFERROR(VLOOKUP($A1771,BD_INSUMOS2[],3,FALSE),\"\")","v":""},{"$f":"+IFERROR(VLOOKUP($A1771,BD_INSUMOS2[],5,FALSE),\"\")","v":""},{"$f":"+IFERROR(VLOOKUP($A1771,BD_INSUMOS2[],6,FALSE),\"\")","v":""},{"$f":"+IFERROR(VLOOKUP($A1771,BD_INSUMOS2[],7,FALSE),\"\")","v":""},{"$f":"+IFERROR(VLOOKUP($A1771,BD_INSUMOS2[],8,FALSE),\"\")","v":""}]
[1761,{"$f":"+IFERROR(VLOOKUP($A1772,BD_INSUMOS2[],3,FALSE),\"\")","v":""},{"$f":"+IFERROR(VLOOKUP($A1772,BD_INSUMOS2[],5,FALSE),\"\")","v":""},{"$f":"+IFERROR(VLOOKUP($A1772,BD_INSUMOS2[],6,FALSE),\"\")","v":""},{"$f":"+IFERROR(VLOOKUP($A1772,BD_INSUMOS2[],7,FALSE),\"\")","v":""},{"$f":"+IFERROR(VLOOKUP($A1772,BD_INSUMOS2[],8,FALSE),\"\")","v":""}]
[1762,{"$f":"+IFERROR(VLOOKUP($A1773,BD_INSUMOS2[],3,FALSE),\"\")","v":""},{"$f":"+IFERROR(VLOOKUP($A1773,BD_INSUMOS2[],5,FALSE),\"\")","v":""},{"$f":"+IFERROR(VLOOKUP($A1773,BD_INSUMOS2[],6,FALSE),\"\")","v":""},{"$f":"+IFERROR(VLOOKUP($A1773,BD_INSUMOS2[],7,FALSE),\"\")","v":""},{"$f":"+IFERROR(VLOOKUP($A1773,BD_INSUMOS2[],8,FALSE),\"\")","v":""}]
[1763,{"$f":"+IFERROR(VLOOKUP($A1774,BD_INSUMOS2[],3,FALSE),\"\")","v":""},{"$f":"+IFERROR(VLOOKUP($A1774,BD_INSUMOS2[],5,FALSE),\"\")","v":""},{"$f":"+IFERROR(VLOOKUP($A1774,BD_INSUMOS2[],6,FALSE),\"\")","v":""},{"$f":"+IFERROR(VLOOKUP($A1774,BD_INSUMOS2[],7,FALSE),\"\")","v":""},{"$f":"+IFERROR(VLOOKUP($A1774,BD_INSUMOS2[],8,FALSE),\"\")","v":""}]
[1764,{"$f":"+IFERROR(VLOOKUP($A1775,BD_INSUMOS2[],3,FALSE),\"\")","v":""},{"$f":"+IFERROR(VLOOKUP($A1775,BD_INSUMOS2[],5,FALSE),\"\")","v":""},{"$f":"+IFERROR(VLOOKUP($A1775,BD_INSUMOS2[],6,FALSE),\"\")","v":""},{"$f":"+IFERROR(VLOOKUP($A1775,BD_INSUMOS2[],7,FALSE),\"\")","v":""},{"$f":"+IFERROR(VLOOKUP($A1775,BD_INSUMOS2[],8,FALSE),\"\")","v":""}]
[1765,{"$f":"+IFERROR(VLOOKUP($A1776,BD_INSUMOS2[],3,FALSE),\"\")","v":""},{"$f":"+IFERROR(VLOOKUP($A1776,BD_INSUMOS2[],5,FALSE),\"\")","v":""},{"$f":"+IFERROR(VLOOKUP($A1776,BD_INSUMOS2[],6,FALSE),\"\")","v":""},{"$f":"+IFERROR(VLOOKUP($A1776,BD_INSUMOS2[],7,FALSE),\"\")","v":""},{"$f":"+IFERROR(VLOOKUP($A1776,BD_INSUMOS2[],8,FALSE),\"\")","v":""}]
[1766,{"$f":"+IFERROR(VLOOKUP($A1777,BD_INSUMOS2[],3,FALSE),\"\")","v":""},{"$f":"+IFERROR(VLOOKUP($A1777,BD_INSUMOS2[],5,FALSE),\"\")","v":""},{"$f":"+IFERROR(VLOOKUP($A1777,BD_INSUMOS2[],6,FALSE),\"\")","v":""},{"$f":"+IFERROR(VLOOKUP($A1777,BD_INSUMOS2[],7,FALSE),\"\")","v":""},{"$f":"+IFERROR(VLOOKUP($A1777,BD_INSUMOS2[],8,FALSE),\"\")","v":""}]
[1767,{"$f":"+IFERROR(VLOOKUP($A1778,BD_INSUMOS2[],3,FALSE),\"\")","v":""},{"$f":"+IFERROR(VLOOKUP($A1778,BD_INSUMOS2[],5,FALSE),\"\")","v":""},{"$f":"+IFERROR(VLOOKUP($A1778,BD_INSUMOS2[],6,FALSE),\"\")","v":""},{"$f":"+IFERROR(VLOOKUP($A1778,BD_INSUMOS2[],7,FALSE),\"\")","v":""},{"$f":"+IFERROR(VLOOKUP($A1778,BD_INSUMOS2[],8,FALSE),\"\")","v":""}]
[1768,{"$f":"+IFERROR(VLOOKUP($A1779,BD_INSUMOS2[],3,FALSE),\"\")","v":""},{"$f":"+IFERROR(VLOOKUP($A1779,BD_INSUMOS2[],5,FALSE),\"\")","v":""},{"$f":"+IFERROR(VLOOKUP($A1779,BD_INSUMOS2[],6,FALSE),\"\")","v":""},{"$f":"+IFERROR(VLOOKUP($A1779,BD_INSUMOS2[],7,FALSE),\"\")","v":""},{"$f":"+IFERROR(VLOOKUP($A1779,BD_INSUMOS2[],8,FALSE),\"\")","v":""}]
[1769,{"$f":"+IFERROR(VLOOKUP($A1780,BD_INSUMOS2[],3,FALSE),\"\")","v":""},{"$f":"+IFERROR(VLOOKUP($A1780,BD_INSUMOS2[],5,FALSE),\"\")","v":""},{"$f":"+IFERROR(VLOOKUP($A1780,BD_INSUMOS2[],6,FALSE),\"\")","v":""},{"$f":"+IFERROR(VLOOKUP($A1780,BD_INSUMOS2[],7,FALSE),\"\")","v":""},{"$f":"+IFERROR(VLOOKUP($A1780,BD_INSUMOS2[],8,FALSE),\"\")","v":""}]
[1770,{"$f":"+IFERROR(VLOOKUP($A1781,BD_INSUMOS2[],3,FALSE),\"\")","v":""},{"$f":"+IFERROR(VLOOKUP($A1781,BD_INSUMOS2[],5,FALSE),\"\")","v":""},{"$f":"+IFERROR(VLOOKUP($A1781,BD_INSUMOS2[],6,FALSE),\"\")","v":""},{"$f":"+IFERROR(VLOOKUP($A1781,BD_INSUMOS2[],7,FALSE),\"\")","v":""},{"$f":"+IFERROR(VLOOKUP($A1781,BD_INSUMOS2[],8,FALSE),\"\")","v":""}]
[1771,{"$f":"+IFERROR(VLOOKUP($A1782,BD_INSUMOS2[],3,FALSE),\"\")","v":""},{"$f":"+IFERROR(VLOOKUP($A1782,BD_INSUMOS2[],5,FALSE),\"\")","v":""},{"$f":"+IFERROR(VLOOKUP($A1782,BD_INSUMOS2[],6,FALSE),\"\")","v":""},{"$f":"+IFERROR(VLOOKUP($A1782,BD_INSUMOS2[],7,FALSE),\"\")","v":""},{"$f":"+IFERROR(VLOOKUP($A1782,BD_INSUMOS2[],8,FALSE),\"\")","v":""}]
[1772,{"$f":"+IFERROR(VLOOKUP($A1783,BD_INSUMOS2[],3,FALSE),\"\")","v":""},{"$f":"+IFERROR(VLOOKUP($A1783,BD_INSUMOS2[],5,FALSE),\"\")","v":""},{"$f":"+IFERROR(VLOOKUP($A1783,BD_INSUMOS2[],6,FALSE),\"\")","v":""},{"$f":"+IFERROR(VLOOKUP($A1783,BD_INSUMOS2[],7,FALSE),\"\")","v":""},{"$f":"+IFERROR(VLOOKUP($A1783,BD_INSUMOS2[],8,FALSE),\"\")","v":""}]
[1773,{"$f":"+IFERROR(VLOOKUP($A1784,BD_INSUMOS2[],3,FALSE),\"\")","v":""},{"$f":"+IFERROR(VLOOKUP($A1784,BD_INSUMOS2[],5,FALSE),\"\")","v":""},{"$f":"+IFERROR(VLOOKUP($A1784,BD_INSUMOS2[],6,FALSE),\"\")","v":""},{"$f":"+IFERROR(VLOOKUP($A1784,BD_INSUMOS2[],7,FALSE),\"\")","v":""},{"$f":"+IFERROR(VLOOKUP($A1784,BD_INSUMOS2[],8,FALSE),\"\")","v":""}]
[1774,{"$f":"+IFERROR(VLOOKUP($A1785,BD_INSUMOS2[],3,FALSE),\"\")","v":""},{"$f":"+IFERROR(VLOOKUP($A1785,BD_INSUMOS2[],5,FALSE),\"\")","v":""},{"$f":"+IFERROR(VLOOKUP($A1785,BD_INSUMOS2[],6,FALSE),\"\")","v":""},{"$f":"+IFERROR(VLOOKUP($A1785,BD_INSUMOS2[],7,FALSE),\"\")","v":""},{"$f":"+IFERROR(VLOOKUP($A1785,BD_INSUMOS2[],8,FALSE),\"\")","v":""}]
[1775,{"$f":"+IFERROR(VLOOKUP($A1786,BD_INSUMOS2[],3,FALSE),\"\")","v":""},{"$f":"+IFERROR(VLOOKUP($A1786,BD_INSUMOS2[],5,FALSE),\"\")","v":""},{"$f":"+IFERROR(VLOOKUP($A1786,BD_INSUMOS2[],6,FALSE),\"\")","v":""},{"$f":"+IFERROR(VLOOKUP($A1786,BD_INSUMOS2[],7,FALSE),\"\")","v":""},{"$f":"+IFERROR(VLOOKUP($A1786,BD_INSUMOS2[],8,FALSE),\"\")","v":""}]
[1776,{"$f":"+IFERROR(VLOOKUP($A1787,BD_INSUMOS2[],3,FALSE),\"\")","v":""},{"$f":"+IFERROR(VLOOKUP($A1787,BD_INSUMOS2[],5,FALSE),\"\")","v":""},{"$f":"+IFERROR(VLOOKUP($A1787,BD_INSUMOS2[],6,FALSE),\"\")","v":""},{"$f":"+IFERROR(VLOOKUP($A1787,BD_INSUMOS2[],7,FALSE),\"\")","v":""},{"$f":"+IFERROR(VLOOKUP($A1787,BD_INSUMOS2[],8,FALSE),\"\")","v":""}]
[1777,{"$f":"+IFERROR(VLOOKUP($A1788,BD_INSUMOS2[],3,FALSE),\"\")","v":""},{"$f":"+IFERROR(VLOOKUP($A1788,BD_INSUMOS2[],5,FALSE),\"\")","v":""},{"$f":"+IFERROR(VLOOKUP($A1788,BD_INSUMOS2[],6,FALSE),\"\")","v":""},{"$f":"+IFERROR(VLOOKUP($A1788,BD_INSUMOS2[],7,FALSE),\"\")","v":""},{"$f":"+IFERROR(VLOOKUP($A1788,BD_INSUMOS2[],8,FALSE),\"\")","v":""}]
[1778,{"$f":"+IFERROR(VLOOKUP($A1789,BD_INSUMOS2[],3,FALSE),\"\")","v":""},{"$f":"+IFERROR(VLOOKUP($A1789,BD_INSUMOS2[],5,FALSE),\"\")","v":""},{"$f":"+IFERROR(VLOOKUP($A1789,BD_INSUMOS2[],6,FALSE),\"\")","v":""},{"$f":"+IFERROR(VLOOKUP($A1789,BD_INSUMOS2[],7,FALSE),\"\")","v":""},{"$f":"+IFERROR(VLOOKUP($A1789,BD_INSUMOS2[],8,FALSE),\"\")","v":""}]
[1779,{"$f":"+IFERROR(VLOOKUP($A1790,BD_INSUMOS2[],3,FALSE),\"\")","v":""},{"$f":"+IFERROR(VLOOKUP($A1790,BD_INSUMOS2[],5,FALSE),\"\")","v":""},{"$f":"+IFERROR(VLOOKUP($A1790,BD_INSUMOS2[],6,FALSE),\"\")","v":""},{"$f":"+IFERROR(VLOOKUP($A1790,BD_INSUMOS2[],7,FALSE),\"\")","v":""},{"$f":"+IFERROR(VLOOKUP($A1790,BD_INSUMOS2[],8,FALSE),\"\")","v":""}]
[1780,{"$f":"+IFERROR(VLOOKUP($A1791,BD_INSUMOS2[],3,FALSE),\"\")","v":""},{"$f":"+IFERROR(VLOOKUP($A1791,BD_INSUMOS2[],5,FALSE),\"\")","v":""},{"$f":"+IFERROR(VLOOKUP($A1791,BD_INSUMOS2[],6,FALSE),\"\")","v":""},{"$f":"+IFERROR(VLOOKUP($A1791,BD_INSUMOS2[],7,FALSE),\"\")","v":""},{"$f":"+IFERROR(VLOOKUP($A1791,BD_INSUMOS2[],8,FALSE),\"\")","v":""}]
[1781,{"$f":"+IFERROR(VLOOKUP($A1792,BD_INSUMOS2[],3,FALSE),\"\")","v":""},{"$f":"+IFERROR(VLOOKUP($A1792,BD_INSUMOS2[],5,FALSE),\"\")","v":""},{"$f":"+IFERROR(VLOOKUP($A1792,BD_INSUMOS2[],6,FALSE),\"\")","v":""},{"$f":"+IFERROR(VLOOKUP($A1792,BD_INSUMOS2[],7,FALSE),\"\")","v":""},{"$f":"+IFERROR(VLOOKUP($A1792,BD_INSUMOS2[],8,FALSE),\"\")","v":""}]
[1782,{"$f":"+IFERROR(VLOOKUP($A1793,BD_INSUMOS2[],3,FALSE),\"\")","v":""},{"$f":"+IFERROR(VLOOKUP($A1793,BD_INSUMOS2[],5,FALSE),\"\")","v":""},{"$f":"+IFERROR(VLOOKUP($A1793,BD_INSUMOS2[],6,FALSE),\"\")","v":""},{"$f":"+IFERROR(VLOOKUP($A1793,BD_INSUMOS2[],7,FALSE),\"\")","v":""},{"$f":"+IFERROR(VLOOKUP($A1793,BD_INSUMOS2[],8,FALSE),\"\")","v":""}]
[1783,{"$f":"+IFERROR(VLOOKUP($A1794,BD_INSUMOS2[],3,FALSE),\"\")","v":""},{"$f":"+IFERROR(VLOOKUP($A1794,BD_INSUMOS2[],5,FALSE),\"\")","v":""},{"$f":"+IFERROR(VLOOKUP($A1794,BD_INSUMOS2[],6,FALSE),\"\")","v":""},{"$f":"+IFERROR(VLOOKUP($A1794,BD_INSUMOS2[],7,FALSE),\"\")","v":""},{"$f":"+IFERROR(VLOOKUP($A1794,BD_INSUMOS2[],8,FALSE),\"\")","v":""}]
[1784,{"$f":"+IFERROR(VLOOKUP($A1795,BD_INSUMOS2[],3,FALSE),\"\")","v":""},{"$f":"+IFERROR(VLOOKUP($A1795,BD_INSUMOS2[],5,FALSE),\"\")","v":""},{"$f":"+IFERROR(VLOOKUP($A1795,BD_INSUMOS2[],6,FALSE),\"\")","v":""},{"$f":"+IFERROR(VLOOKUP($A1795,BD_INSUMOS2[],7,FALSE),\"\")","v":""},{"$f":"+IFERROR(VLOOKUP($A1795,BD_INSUMOS2[],8,FALSE),\"\")","v":""}]
[1785,{"$f":"+IFERROR(VLOOKUP($A1796,BD_INSUMOS2[],3,FALSE),\"\")","v":""},{"$f":"+IFERROR(VLOOKUP($A1796,BD_INSUMOS2[],5,FALSE),\"\")","v":""},{"$f":"+IFERROR(VLOOKUP($A1796,BD_INSUMOS2[],6,FALSE),\"\")","v":""},{"$f":"+IFERROR(VLOOKUP($A1796,BD_INSUMOS2[],7,FALSE),\"\")","v":""},{"$f":"+IFERROR(VLOOKUP($A1796,BD_INSUMOS2[],8,FALSE),\"\")","v":""}]
[1786,{"$f":"+IFERROR(VLOOKUP($A1797,BD_INSUMOS2[],3,FALSE),\"\")","v":""},{"$f":"+IFERROR(VLOOKUP($A1797,BD_INSUMOS2[],5,FALSE),\"\")","v":""},{"$f":"+IFERROR(VLOOKUP($A1797,BD_INSUMOS2[],6,FALSE),\"\")","v":""},{"$f":"+IFERROR(VLOOKUP($A1797,BD_INSUMOS2[],7,FALSE),\"\")","v":""},{"$f":"+IFERROR(VLOOKUP($A1797,BD_INSUMOS2[],8,FALSE),\"\")","v":""}]
[1787,{"$f":"+IFERROR(VLOOKUP($A1798,BD_INSUMOS2[],3,FALSE),\"\")","v":""},{"$f":"+IFERROR(VLOOKUP($A1798,BD_INSUMOS2[],5,FALSE),\"\")","v":""},{"$f":"+IFERROR(VLOOKUP($A1798,BD_INSUMOS2[],6,FALSE),\"\")","v":""},{"$f":"+IFERROR(VLOOKUP($A1798,BD_INSUMOS2[],7,FALSE),\"\")","v":""},{"$f":"+IFERROR(VLOOKUP($A1798,BD_INSUMOS2[],8,FALSE),\"\")","v":""}]
[1788,{"$f":"+IFERROR(VLOOKUP($A1799,BD_INSUMOS2[],3,FALSE),\"\")","v":""},{"$f":"+IFERROR(VLOOKUP($A1799,BD_INSUMOS2[],5,FALSE),\"\")","v":""},{"$f":"+IFERROR(VLOOKUP($A1799,BD_INSUMOS2[],6,FALSE),\"\")","v":""},{"$f":"+IFERROR(VLOOKUP($A1799,BD_INSUMOS2[],7,FALSE),\"\")","v":""},{"$f":"+IFERROR(VLOOKUP($A1799,BD_INSUMOS2[],8,FALSE),\"\")","v":""}]
[1789,{"$f":"+IFERROR(VLOOKUP($A1800,BD_INSUMOS2[],3,FALSE),\"\")","v":""},{"$f":"+IFERROR(VLOOKUP($A1800,BD_INSUMOS2[],5,FALSE),\"\")","v":""},{"$f":"+IFERROR(VLOOKUP($A1800,BD_INSUMOS2[],6,FALSE),\"\")","v":""},{"$f":"+IFERROR(VLOOKUP($A1800,BD_INSUMOS2[],7,FALSE),\"\")","v":""},{"$f":"+IFERROR(VLOOKUP($A1800,BD_INSUMOS2[],8,FALSE),\"\")","v":""}]
[1790,{"$f":"+IFERROR(VLOOKUP($A1801,BD_INSUMOS2[],3,FALSE),\"\")","v":""},{"$f":"+IFERROR(VLOOKUP($A1801,BD_INSUMOS2[],5,FALSE),\"\")","v":""},{"$f":"+IFERROR(VLOOKUP($A1801,BD_INSUMOS2[],6,FALSE),\"\")","v":""},{"$f":"+IFERROR(VLOOKUP($A1801,BD_INSUMOS2[],7,FALSE),\"\")","v":""},{"$f":"+IFERROR(VLOOKUP($A1801,BD_INSUMOS2[],8,FALSE),\"\")","v":""}]
[1791,{"$f":"+IFERROR(VLOOKUP($A1802,BD_INSUMOS2[],3,FALSE),\"\")","v":""},{"$f":"+IFERROR(VLOOKUP($A1802,BD_INSUMOS2[],5,FALSE),\"\")","v":""},{"$f":"+IFERROR(VLOOKUP($A1802,BD_INSUMOS2[],6,FALSE),\"\")","v":""},{"$f":"+IFERROR(VLOOKUP($A1802,BD_INSUMOS2[],7,FALSE),\"\")","v":""},{"$f":"+IFERROR(VLOOKUP($A1802,BD_INSUMOS2[],8,FALSE),\"\")","v":""}]
[1792,{"$f":"+IFERROR(VLOOKUP($A1803,BD_INSUMOS2[],3,FALSE),\"\")","v":""},{"$f":"+IFERROR(VLOOKUP($A1803,BD_INSUMOS2[],5,FALSE),\"\")","v":""},{"$f":"+IFERROR(VLOOKUP($A1803,BD_INSUMOS2[],6,FALSE),\"\")","v":""},{"$f":"+IFERROR(VLOOKUP($A1803,BD_INSUMOS2[],7,FALSE),\"\")","v":""},{"$f":"+IFERROR(VLOOKUP($A1803,BD_INSUMOS2[],8,FALSE),\"\")","v":""}]
[1793,{"$f":"+IFERROR(VLOOKUP($A1804,BD_INSUMOS2[],3,FALSE),\"\")","v":""},{"$f":"+IFERROR(VLOOKUP($A1804,BD_INSUMOS2[],5,FALSE),\"\")","v":""},{"$f":"+IFERROR(VLOOKUP($A1804,BD_INSUMOS2[],6,FALSE),\"\")","v":""},{"$f":"+IFERROR(VLOOKUP($A1804,BD_INSUMOS2[],7,FALSE),\"\")","v":""},{"$f":"+IFERROR(VLOOKUP($A1804,BD_INSUMOS2[],8,FALSE),\"\")","v":""}]
[1794,{"$f":"+IFERROR(VLOOKUP($A1805,BD_INSUMOS2[],3,FALSE),\"\")","v":""},{"$f":"+IFERROR(VLOOKUP($A1805,BD_INSUMOS2[],5,FALSE),\"\")","v":""},{"$f":"+IFERROR(VLOOKUP($A1805,BD_INSUMOS2[],6,FALSE),\"\")","v":""},{"$f":"+IFERROR(VLOOKUP($A1805,BD_INSUMOS2[],7,FALSE),\"\")","v":""},{"$f":"+IFERROR(VLOOKUP($A1805,BD_INSUMOS2[],8,FALSE),\"\")","v":""}]
[1795,{"$f":"+IFERROR(VLOOKUP($A1806,BD_INSUMOS2[],3,FALSE),\"\")","v":""},{"$f":"+IFERROR(VLOOKUP($A1806,BD_INSUMOS2[],5,FALSE),\"\")","v":""},{"$f":"+IFERROR(VLOOKUP($A1806,BD_INSUMOS2[],6,FALSE),\"\")","v":""},{"$f":"+IFERROR(VLOOKUP($A1806,BD_INSUMOS2[],7,FALSE),\"\")","v":""},{"$f":"+IFERROR(VLOOKUP($A1806,BD_INSUMOS2[],8,FALSE),\"\")","v":""}]
[1796,{"$f":"+IFERROR(VLOOKUP($A1807,BD_INSUMOS2[],3,FALSE),\"\")","v":""},{"$f":"+IFERROR(VLOOKUP($A1807,BD_INSUMOS2[],5,FALSE),\"\")","v":""},{"$f":"+IFERROR(VLOOKUP($A1807,BD_INSUMOS2[],6,FALSE),\"\")","v":""},{"$f":"+IFERROR(VLOOKUP($A1807,BD_INSUMOS2[],7,FALSE),\"\")","v":""},{"$f":"+IFERROR(VLOOKUP($A1807,BD_INSUMOS2[],8,FALSE),\"\")","v":""}]
[1797,{"$f":"+IFERROR(VLOOKUP($A1808,BD_INSUMOS2[],3,FALSE),\"\")","v":""},{"$f":"+IFERROR(VLOOKUP($A1808,BD_INSUMOS2[],5,FALSE),\"\")","v":""},{"$f":"+IFERROR(VLOOKUP($A1808,BD_INSUMOS2[],6,FALSE),\"\")","v":""},{"$f":"+IFERROR(VLOOKUP($A1808,BD_INSUMOS2[],7,FALSE),\"\")","v":""},{"$f":"+IFERROR(VLOOKUP($A1808,BD_INSUMOS2[],8,FALSE),\"\")","v":""}]
[1798,{"$f":"+IFERROR(VLOOKUP($A1809,BD_INSUMOS2[],3,FALSE),\"\")","v":""},{"$f":"+IFERROR(VLOOKUP($A1809,BD_INSUMOS2[],5,FALSE),\"\")","v":""},{"$f":"+IFERROR(VLOOKUP($A1809,BD_INSUMOS2[],6,FALSE),\"\")","v":""},{"$f":"+IFERROR(VLOOKUP($A1809,BD_INSUMOS2[],7,FALSE),\"\")","v":""},{"$f":"+IFERROR(VLOOKUP($A1809,BD_INSUMOS2[],8,FALSE),\"\")","v":""}]
[1799,{"$f":"+IFERROR(VLOOKUP($A1810,BD_INSUMOS2[],3,FALSE),\"\")","v":""},{"$f":"+IFERROR(VLOOKUP($A1810,BD_INSUMOS2[],5,FALSE),\"\")","v":""},{"$f":"+IFERROR(VLOOKUP($A1810,BD_INSUMOS2[],6,FALSE),\"\")","v":""},{"$f":"+IFERROR(VLOOKUP($A1810,BD_INSUMOS2[],7,FALSE),\"\")","v":""},{"$f":"+IFERROR(VLOOKUP($A1810,BD_INSUMOS2[],8,FALSE),\"\")","v":""}]
[1800,{"$f":"+IFERROR(VLOOKUP($A1811,BD_INSUMOS2[],3,FALSE),\"\")","v":""},{"$f":"+IFERROR(VLOOKUP($A1811,BD_INSUMOS2[],5,FALSE),\"\")","v":""},{"$f":"+IFERROR(VLOOKUP($A1811,BD_INSUMOS2[],6,FALSE),\"\")","v":""},{"$f":"+IFERROR(VLOOKUP($A1811,BD_INSUMOS2[],7,FALSE),\"\")","v":""},{"$f":"+IFERROR(VLOOKUP($A1811,BD_INSUMOS2[],8,FALSE),\"\")","v":""}]
[1801,{"$f":"+IFERROR(VLOOKUP($A1812,BD_INSUMOS2[],3,FALSE),\"\")","v":""},{"$f":"+IFERROR(VLOOKUP($A1812,BD_INSUMOS2[],5,FALSE),\"\")","v":""},{"$f":"+IFERROR(VLOOKUP($A1812,BD_INSUMOS2[],6,FALSE),\"\")","v":""},{"$f":"+IFERROR(VLOOKUP($A1812,BD_INSUMOS2[],7,FALSE),\"\")","v":""},{"$f":"+IFERROR(VLOOKUP($A1812,BD_INSUMOS2[],8,FALSE),\"\")","v":""}]
[1802,{"$f":"+IFERROR(VLOOKUP($A1813,BD_INSUMOS2[],3,FALSE),\"\")","v":""},{"$f":"+IFERROR(VLOOKUP($A1813,BD_INSUMOS2[],5,FALSE),\"\")","v":""},{"$f":"+IFERROR(VLOOKUP($A1813,BD_INSUMOS2[],6,FALSE),\"\")","v":""},{"$f":"+IFERROR(VLOOKUP($A1813,BD_INSUMOS2[],7,FALSE),\"\")","v":""},{"$f":"+IFERROR(VLOOKUP($A1813,BD_INSUMOS2[],8,FALSE),\"\")","v":""}]
[1803,{"$f":"+IFERROR(VLOOKUP($A1814,BD_INSUMOS2[],3,FALSE),\"\")","v":""},{"$f":"+IFERROR(VLOOKUP($A1814,BD_INSUMOS2[],5,FALSE),\"\")","v":""},{"$f":"+IFERROR(VLOOKUP($A1814,BD_INSUMOS2[],6,FALSE),\"\")","v":""},{"$f":"+IFERROR(VLOOKUP($A1814,BD_INSUMOS2[],7,FALSE),\"\")","v":""},{"$f":"+IFERROR(VLOOKUP($A1814,BD_INSUMOS2[],8,FALSE),\"\")","v":""}]
[1804,{"$f":"+IFERROR(VLOOKUP($A1815,BD_INSUMOS2[],3,FALSE),\"\")","v":""},{"$f":"+IFERROR(VLOOKUP($A1815,BD_INSUMOS2[],5,FALSE),\"\")","v":""},{"$f":"+IFERROR(VLOOKUP($A1815,BD_INSUMOS2[],6,FALSE),\"\")","v":""},{"$f":"+IFERROR(VLOOKUP($A1815,BD_INSUMOS2[],7,FALSE),\"\")","v":""},{"$f":"+IFERROR(VLOOKUP($A1815,BD_INSUMOS2[],8,FALSE),\"\")","v":""}]
[1805,{"$f":"+IFERROR(VLOOKUP($A1816,BD_INSUMOS2[],3,FALSE),\"\")","v":""},{"$f":"+IFERROR(VLOOKUP($A1816,BD_INSUMOS2[],5,FALSE),\"\")","v":""},{"$f":"+IFERROR(VLOOKUP($A1816,BD_INSUMOS2[],6,FALSE),\"\")","v":""},{"$f":"+IFERROR(VLOOKUP($A1816,BD_INSUMOS2[],7,FALSE),\"\")","v":""},{"$f":"+IFERROR(VLOOKUP($A1816,BD_INSUMOS2[],8,FALSE),\"\")","v":""}]
[1806,{"$f":"+IFERROR(VLOOKUP($A1817,BD_INSUMOS2[],3,FALSE),\"\")","v":""},{"$f":"+IFERROR(VLOOKUP($A1817,BD_INSUMOS2[],5,FALSE),\"\")","v":""},{"$f":"+IFERROR(VLOOKUP($A1817,BD_INSUMOS2[],6,FALSE),\"\")","v":""},{"$f":"+IFERROR(VLOOKUP($A1817,BD_INSUMOS2[],7,FALSE),\"\")","v":""},{"$f":"+IFERROR(VLOOKUP($A1817,BD_INSUMOS2[],8,FALSE),\"\")","v":""}]
[1807,{"$f":"+IFERROR(VLOOKUP($A1818,BD_INSUMOS2[],3,FALSE),\"\")","v":""},{"$f":"+IFERROR(VLOOKUP($A1818,BD_INSUMOS2[],5,FALSE),\"\")","v":""},{"$f":"+IFERROR(VLOOKUP($A1818,BD_INSUMOS2[],6,FALSE),\"\")","v":""},{"$f":"+IFERROR(VLOOKUP($A1818,BD_INSUMOS2[],7,FALSE),\"\")","v":""},{"$f":"+IFERROR(VLOOKUP($A1818,BD_INSUMOS2[],8,FALSE),\"\")","v":""}]
[1808,{"$f":"+IFERROR(VLOOKUP($A1819,BD_INSUMOS2[],3,FALSE),\"\")","v":""},{"$f":"+IFERROR(VLOOKUP($A1819,BD_INSUMOS2[],5,FALSE),\"\")","v":""},{"$f":"+IFERROR(VLOOKUP($A1819,BD_INSUMOS2[],6,FALSE),\"\")","v":""},{"$f":"+IFERROR(VLOOKUP($A1819,BD_INSUMOS2[],7,FALSE),\"\")","v":""},{"$f":"+IFERROR(VLOOKUP($A1819,BD_INSUMOS2[],8,FALSE),\"\")","v":""}]
[1809,{"$f":"+IFERROR(VLOOKUP($A1820,BD_INSUMOS2[],3,FALSE),\"\")","v":""},{"$f":"+IFERROR(VLOOKUP($A1820,BD_INSUMOS2[],5,FALSE),\"\")","v":""},{"$f":"+IFERROR(VLOOKUP($A1820,BD_INSUMOS2[],6,FALSE),\"\")","v":""},{"$f":"+IFERROR(VLOOKUP($A1820,BD_INSUMOS2[],7,FALSE),\"\")","v":""},{"$f":"+IFERROR(VLOOKUP($A1820,BD_INSUMOS2[],8,FALSE),\"\")","v":""}]
[1810,{"$f":"+IFERROR(VLOOKUP($A1821,BD_INSUMOS2[],3,FALSE),\"\")","v":""},{"$f":"+IFERROR(VLOOKUP($A1821,BD_INSUMOS2[],5,FALSE),\"\")","v":""},{"$f":"+IFERROR(VLOOKUP($A1821,BD_INSUMOS2[],6,FALSE),\"\")","v":""},{"$f":"+IFERROR(VLOOKUP($A1821,BD_INSUMOS2[],7,FALSE),\"\")","v":""},{"$f":"+IFERROR(VLOOKUP($A1821,BD_INSUMOS2[],8,FALSE),\"\")","v":""}]
[1811,{"$f":"+IFERROR(VLOOKUP($A1822,BD_INSUMOS2[],3,FALSE),\"\")","v":""},{"$f":"+IFERROR(VLOOKUP($A1822,BD_INSUMOS2[],5,FALSE),\"\")","v":""},{"$f":"+IFERROR(VLOOKUP($A1822,BD_INSUMOS2[],6,FALSE),\"\")","v":""},{"$f":"+IFERROR(VLOOKUP($A1822,BD_INSUMOS2[],7,FALSE),\"\")","v":""},{"$f":"+IFERROR(VLOOKUP($A1822,BD_INSUMOS2[],8,FALSE),\"\")","v":""}]
[1812,{"$f":"+IFERROR(VLOOKUP($A1823,BD_INSUMOS2[],3,FALSE),\"\")","v":""},{"$f":"+IFERROR(VLOOKUP($A1823,BD_INSUMOS2[],5,FALSE),\"\")","v":""},{"$f":"+IFERROR(VLOOKUP($A1823,BD_INSUMOS2[],6,FALSE),\"\")","v":""},{"$f":"+IFERROR(VLOOKUP($A1823,BD_INSUMOS2[],7,FALSE),\"\")","v":""},{"$f":"+IFERROR(VLOOKUP($A1823,BD_INSUMOS2[],8,FALSE),\"\")","v":""}]
[1813,{"$f":"+IFERROR(VLOOKUP($A1824,BD_INSUMOS2[],3,FALSE),\"\")","v":""},{"$f":"+IFERROR(VLOOKUP($A1824,BD_INSUMOS2[],5,FALSE),\"\")","v":""},{"$f":"+IFERROR(VLOOKUP($A1824,BD_INSUMOS2[],6,FALSE),\"\")","v":""},{"$f":"+IFERROR(VLOOKUP($A1824,BD_INSUMOS2[],7,FALSE),\"\")","v":""},{"$f":"+IFERROR(VLOOKUP($A1824,BD_INSUMOS2[],8,FALSE),\"\")","v":""}]
[1814,{"$f":"+IFERROR(VLOOKUP($A1825,BD_INSUMOS2[],3,FALSE),\"\")","v":""},{"$f":"+IFERROR(VLOOKUP($A1825,BD_INSUMOS2[],5,FALSE),\"\")","v":""},{"$f":"+IFERROR(VLOOKUP($A1825,BD_INSUMOS2[],6,FALSE),\"\")","v":""},{"$f":"+IFERROR(VLOOKUP($A1825,BD_INSUMOS2[],7,FALSE),\"\")","v":""},{"$f":"+IFERROR(VLOOKUP($A1825,BD_INSUMOS2[],8,FALSE),\"\")","v":""}]
[1815,{"$f":"+IFERROR(VLOOKUP($A1826,BD_INSUMOS2[],3,FALSE),\"\")","v":""},{"$f":"+IFERROR(VLOOKUP($A1826,BD_INSUMOS2[],5,FALSE),\"\")","v":""},{"$f":"+IFERROR(VLOOKUP($A1826,BD_INSUMOS2[],6,FALSE),\"\")","v":""},{"$f":"+IFERROR(VLOOKUP($A1826,BD_INSUMOS2[],7,FALSE),\"\")","v":""},{"$f":"+IFERROR(VLOOKUP($A1826,BD_INSUMOS2[],8,FALSE),\"\")","v":""}]
[1816,{"$f":"+IFERROR(VLOOKUP($A1827,BD_INSUMOS2[],3,FALSE),\"\")","v":""},{"$f":"+IFERROR(VLOOKUP($A1827,BD_INSUMOS2[],5,FALSE),\"\")","v":""},{"$f":"+IFERROR(VLOOKUP($A1827,BD_INSUMOS2[],6,FALSE),\"\")","v":""},{"$f":"+IFERROR(VLOOKUP($A1827,BD_INSUMOS2[],7,FALSE),\"\")","v":""},{"$f":"+IFERROR(VLOOKUP($A1827,BD_INSUMOS2[],8,FALSE),\"\")","v":""}]
[1817,{"$f":"+IFERROR(VLOOKUP($A1828,BD_INSUMOS2[],3,FALSE),\"\")","v":""},{"$f":"+IFERROR(VLOOKUP($A1828,BD_INSUMOS2[],5,FALSE),\"\")","v":""},{"$f":"+IFERROR(VLOOKUP($A1828,BD_INSUMOS2[],6,FALSE),\"\")","v":""},{"$f":"+IFERROR(VLOOKUP($A1828,BD_INSUMOS2[],7,FALSE),\"\")","v":""},{"$f":"+IFERROR(VLOOKUP($A1828,BD_INSUMOS2[],8,FALSE),\"\")","v":""}]
[1818,{"$f":"+IFERROR(VLOOKUP($A1829,BD_INSUMOS2[],3,FALSE),\"\")","v":""},{"$f":"+IFERROR(VLOOKUP($A1829,BD_INSUMOS2[],5,FALSE),\"\")","v":""},{"$f":"+IFERROR(VLOOKUP($A1829,BD_INSUMOS2[],6,FALSE),\"\")","v":""},{"$f":"+IFERROR(VLOOKUP($A1829,BD_INSUMOS2[],7,FALSE),\"\")","v":""},{"$f":"+IFERROR(VLOOKUP($A1829,BD_INSUMOS2[],8,FALSE),\"\")","v":""}]
[1819,{"$f":"+IFERROR(VLOOKUP($A1830,BD_INSUMOS2[],3,FALSE),\"\")","v":""},{"$f":"+IFERROR(VLOOKUP($A1830,BD_INSUMOS2[],5,FALSE),\"\")","v":""},{"$f":"+IFERROR(VLOOKUP($A1830,BD_INSUMOS2[],6,FALSE),\"\")","v":""},{"$f":"+IFERROR(VLOOKUP($A1830,BD_INSUMOS2[],7,FALSE),\"\")","v":""},{"$f":"+IFERROR(VLOOKUP($A1830,BD_INSUMOS2[],8,FALSE),\"\")","v":""}]
[1820,{"$f":"+IFERROR(VLOOKUP($A1831,BD_INSUMOS2[],3,FALSE),\"\")","v":""},{"$f":"+IFERROR(VLOOKUP($A1831,BD_INSUMOS2[],5,FALSE),\"\")","v":""},{"$f":"+IFERROR(VLOOKUP($A1831,BD_INSUMOS2[],6,FALSE),\"\")","v":""},{"$f":"+IFERROR(VLOOKUP($A1831,BD_INSUMOS2[],7,FALSE),\"\")","v":""},{"$f":"+IFERROR(VLOOKUP($A1831,BD_INSUMOS2[],8,FALSE),\"\")","v":""}]
[1821,{"$f":"+IFERROR(VLOOKUP($A1832,BD_INSUMOS2[],3,FALSE),\"\")","v":""},{"$f":"+IFERROR(VLOOKUP($A1832,BD_INSUMOS2[],5,FALSE),\"\")","v":""},{"$f":"+IFERROR(VLOOKUP($A1832,BD_INSUMOS2[],6,FALSE),\"\")","v":""},{"$f":"+IFERROR(VLOOKUP($A1832,BD_INSUMOS2[],7,FALSE),\"\")","v":""},{"$f":"+IFERROR(VLOOKUP($A1832,BD_INSUMOS2[],8,FALSE),\"\")","v":""}]
[1822,{"$f":"+IFERROR(VLOOKUP($A1833,BD_INSUMOS2[],3,FALSE),\"\")","v":""},{"$f":"+IFERROR(VLOOKUP($A1833,BD_INSUMOS2[],5,FALSE),\"\")","v":""},{"$f":"+IFERROR(VLOOKUP($A1833,BD_INSUMOS2[],6,FALSE),\"\")","v":""},{"$f":"+IFERROR(VLOOKUP($A1833,BD_INSUMOS2[],7,FALSE),\"\")","v":""},{"$f":"+IFERROR(VLOOKUP($A1833,BD_INSUMOS2[],8,FALSE),\"\")","v":""}]
[1823,{"$f":"+IFERROR(VLOOKUP($A1834,BD_INSUMOS2[],3,FALSE),\"\")","v":""},{"$f":"+IFERROR(VLOOKUP($A1834,BD_INSUMOS2[],5,FALSE),\"\")","v":""},{"$f":"+IFERROR(VLOOKUP($A1834,BD_INSUMOS2[],6,FALSE),\"\")","v":""},{"$f":"+IFERROR(VLOOKUP($A1834,BD_INSUMOS2[],7,FALSE),\"\")","v":""},{"$f":"+IFERROR(VLOOKUP($A1834,BD_INSUMOS2[],8,FALSE),\"\")","v":""}]
[1824,{"$f":"+IFERROR(VLOOKUP($A1835,BD_INSUMOS2[],3,FALSE),\"\")","v":""},{"$f":"+IFERROR(VLOOKUP($A1835,BD_INSUMOS2[],5,FALSE),\"\")","v":""},{"$f":"+IFERROR(VLOOKUP($A1835,BD_INSUMOS2[],6,FALSE),\"\")","v":""},{"$f":"+IFERROR(VLOOKUP($A1835,BD_INSUMOS2[],7,FALSE),\"\")","v":""},{"$f":"+IFERROR(VLOOKUP($A1835,BD_INSUMOS2[],8,FALSE),\"\")","v":""}]
[1825,{"$f":"+IFERROR(VLOOKUP($A1836,BD_INSUMOS2[],3,FALSE),\"\")","v":""},{"$f":"+IFERROR(VLOOKUP($A1836,BD_INSUMOS2[],5,FALSE),\"\")","v":""},{"$f":"+IFERROR(VLOOKUP($A1836,BD_INSUMOS2[],6,FALSE),\"\")","v":""},{"$f":"+IFERROR(VLOOKUP($A1836,BD_INSUMOS2[],7,FALSE),\"\")","v":""},{"$f":"+IFERROR(VLOOKUP($A1836,BD_INSUMOS2[],8,FALSE),\"\")","v":""}]
[1826,{"$f":"+IFERROR(VLOOKUP($A1837,BD_INSUMOS2[],3,FALSE),\"\")","v":""},{"$f":"+IFERROR(VLOOKUP($A1837,BD_INSUMOS2[],5,FALSE),\"\")","v":""},{"$f":"+IFERROR(VLOOKUP($A1837,BD_INSUMOS2[],6,FALSE),\"\")","v":""},{"$f":"+IFERROR(VLOOKUP($A1837,BD_INSUMOS2[],7,FALSE),\"\")","v":""},{"$f":"+IFERROR(VLOOKUP($A1837,BD_INSUMOS2[],8,FALSE),\"\")","v":""}]
[1827,{"$f":"+IFERROR(VLOOKUP($A1838,BD_INSUMOS2[],3,FALSE),\"\")","v":""},{"$f":"+IFERROR(VLOOKUP($A1838,BD_INSUMOS2[],5,FALSE),\"\")","v":""},{"$f":"+IFERROR(VLOOKUP($A1838,BD_INSUMOS2[],6,FALSE),\"\")","v":""},{"$f":"+IFERROR(VLOOKUP($A1838,BD_INSUMOS2[],7,FALSE),\"\")","v":""},{"$f":"+IFERROR(VLOOKUP($A1838,BD_INSUMOS2[],8,FALSE),\"\")","v":""}]
[1828,{"$f":"+IFERROR(VLOOKUP($A1839,BD_INSUMOS2[],3,FALSE),\"\")","v":""},{"$f":"+IFERROR(VLOOKUP($A1839,BD_INSUMOS2[],5,FALSE),\"\")","v":""},{"$f":"+IFERROR(VLOOKUP($A1839,BD_INSUMOS2[],6,FALSE),\"\")","v":""},{"$f":"+IFERROR(VLOOKUP($A1839,BD_INSUMOS2[],7,FALSE),\"\")","v":""},{"$f":"+IFERROR(VLOOKUP($A1839,BD_INSUMOS2[],8,FALSE),\"\")","v":""}]
[1829,{"$f":"+IFERROR(VLOOKUP($A1840,BD_INSUMOS2[],3,FALSE),\"\")","v":""},{"$f":"+IFERROR(VLOOKUP($A1840,BD_INSUMOS2[],5,FALSE),\"\")","v":""},{"$f":"+IFERROR(VLOOKUP($A1840,BD_INSUMOS2[],6,FALSE),\"\")","v":""},{"$f":"+IFERROR(VLOOKUP($A1840,BD_INSUMOS2[],7,FALSE),\"\")","v":""},{"$f":"+IFERROR(VLOOKUP($A1840,BD_INSUMOS2[],8,FALSE),\"\")","v":""}]
[1830,{"$f":"+IFERROR(VLOOKUP($A1841,BD_INSUMOS2[],3,FALSE),\"\")","v":""},{"$f":"+IFERROR(VLOOKUP($A1841,BD_INSUMOS2[],5,FALSE),\"\")","v":""},{"$f":"+IFERROR(VLOOKUP($A1841,BD_INSUMOS2[],6,FALSE),\"\")","v":""},{"$f":"+IFERROR(VLOOKUP($A1841,BD_INSUMOS2[],7,FALSE),\"\")","v":""},{"$f":"+IFERROR(VLOOKUP($A1841,BD_INSUMOS2[],8,FALSE),\"\")","v":""}]
[1831,{"$f":"+IFERROR(VLOOKUP($A1842,BD_INSUMOS2[],3,FALSE),\"\")","v":""},{"$f":"+IFERROR(VLOOKUP($A1842,BD_INSUMOS2[],5,FALSE),\"\")","v":""},{"$f":"+IFERROR(VLOOKUP($A1842,BD_INSUMOS2[],6,FALSE),\"\")","v":""},{"$f":"+IFERROR(VLOOKUP($A1842,BD_INSUMOS2[],7,FALSE),\"\")","v":""},{"$f":"+IFERROR(VLOOKUP($A1842,BD_INSUMOS2[],8,FALSE),\"\")","v":""}]
[1832,{"$f":"+IFERROR(VLOOKUP($A1843,BD_INSUMOS2[],3,FALSE),\"\")","v":""},{"$f":"+IFERROR(VLOOKUP($A1843,BD_INSUMOS2[],5,FALSE),\"\")","v":""},{"$f":"+IFERROR(VLOOKUP($A1843,BD_INSUMOS2[],6,FALSE),\"\")","v":""},{"$f":"+IFERROR(VLOOKUP($A1843,BD_INSUMOS2[],7,FALSE),\"\")","v":""},{"$f":"+IFERROR(VLOOKUP($A1843,BD_INSUMOS2[],8,FALSE),\"\")","v":""}]
[1833,{"$f":"+IFERROR(VLOOKUP($A1844,BD_INSUMOS2[],3,FALSE),\"\")","v":""},{"$f":"+IFERROR(VLOOKUP($A1844,BD_INSUMOS2[],5,FALSE),\"\")","v":""},{"$f":"+IFERROR(VLOOKUP($A1844,BD_INSUMOS2[],6,FALSE),\"\")","v":""},{"$f":"+IFERROR(VLOOKUP($A1844,BD_INSUMOS2[],7,FALSE),\"\")","v":""},{"$f":"+IFERROR(VLOOKUP($A1844,BD_INSUMOS2[],8,FALSE),\"\")","v":""}]
[1834,{"$f":"+IFERROR(VLOOKUP($A1845,BD_INSUMOS2[],3,FALSE),\"\")","v":""},{"$f":"+IFERROR(VLOOKUP($A1845,BD_INSUMOS2[],5,FALSE),\"\")","v":""},{"$f":"+IFERROR(VLOOKUP($A1845,BD_INSUMOS2[],6,FALSE),\"\")","v":""},{"$f":"+IFERROR(VLOOKUP($A1845,BD_INSUMOS2[],7,FALSE),\"\")","v":""},{"$f":"+IFERROR(VLOOKUP($A1845,BD_INSUMOS2[],8,FALSE),\"\")","v":""}]
[1835,{"$f":"+IFERROR(VLOOKUP($A1846,BD_INSUMOS2[],3,FALSE),\"\")","v":""},{"$f":"+IFERROR(VLOOKUP($A1846,BD_INSUMOS2[],5,FALSE),\"\")","v":""},{"$f":"+IFERROR(VLOOKUP($A1846,BD_INSUMOS2[],6,FALSE),\"\")","v":""},{"$f":"+IFERROR(VLOOKUP($A1846,BD_INSUMOS2[],7,FALSE),\"\")","v":""},{"$f":"+IFERROR(VLOOKUP($A1846,BD_INSUMOS2[],8,FALSE),\"\")","v":""}]
[1836,{"$f":"+IFERROR(VLOOKUP($A1847,BD_INSUMOS2[],3,FALSE),\"\")","v":""},{"$f":"+IFERROR(VLOOKUP($A1847,BD_INSUMOS2[],5,FALSE),\"\")","v":""},{"$f":"+IFERROR(VLOOKUP($A1847,BD_INSUMOS2[],6,FALSE),\"\")","v":""},{"$f":"+IFERROR(VLOOKUP($A1847,BD_INSUMOS2[],7,FALSE),\"\")","v":""},{"$f":"+IFERROR(VLOOKUP($A1847,BD_INSUMOS2[],8,FALSE),\"\")","v":""}]
[1837,{"$f":"+IFERROR(VLOOKUP($A1848,BD_INSUMOS2[],3,FALSE),\"\")","v":""},{"$f":"+IFERROR(VLOOKUP($A1848,BD_INSUMOS2[],5,FALSE),\"\")","v":""},{"$f":"+IFERROR(VLOOKUP($A1848,BD_INSUMOS2[],6,FALSE),\"\")","v":""},{"$f":"+IFERROR(VLOOKUP($A1848,BD_INSUMOS2[],7,FALSE),\"\")","v":""},{"$f":"+IFERROR(VLOOKUP($A1848,BD_INSUMOS2[],8,FALSE),\"\")","v":""}]
[1838,{"$f":"+IFERROR(VLOOKUP($A1849,BD_INSUMOS2[],3,FALSE),\"\")","v":""},{"$f":"+IFERROR(VLOOKUP($A1849,BD_INSUMOS2[],5,FALSE),\"\")","v":""},{"$f":"+IFERROR(VLOOKUP($A1849,BD_INSUMOS2[],6,FALSE),\"\")","v":""},{"$f":"+IFERROR(VLOOKUP($A1849,BD_INSUMOS2[],7,FALSE),\"\")","v":""},{"$f":"+IFERROR(VLOOKUP($A1849,BD_INSUMOS2[],8,FALSE),\"\")","v":""}]
[1839,{"$f":"+IFERROR(VLOOKUP($A1850,BD_INSUMOS2[],3,FALSE),\"\")","v":""},{"$f":"+IFERROR(VLOOKUP($A1850,BD_INSUMOS2[],5,FALSE),\"\")","v":""},{"$f":"+IFERROR(VLOOKUP($A1850,BD_INSUMOS2[],6,FALSE),\"\")","v":""},{"$f":"+IFERROR(VLOOKUP($A1850,BD_INSUMOS2[],7,FALSE),\"\")","v":""},{"$f":"+IFERROR(VLOOKUP($A1850,BD_INSUMOS2[],8,FALSE),\"\")","v":""}]
[1840,{"$f":"+IFERROR(VLOOKUP($A1851,BD_INSUMOS2[],3,FALSE),\"\")","v":""},{"$f":"+IFERROR(VLOOKUP($A1851,BD_INSUMOS2[],5,FALSE),\"\")","v":""},{"$f":"+IFERROR(VLOOKUP($A1851,BD_INSUMOS2[],6,FALSE),\"\")","v":""},{"$f":"+IFERROR(VLOOKUP($A1851,BD_INSUMOS2[],7,FALSE),\"\")","v":""},{"$f":"+IFERROR(VLOOKUP($A1851,BD_INSUMOS2[],8,FALSE),\"\")","v":""}]
[1841,{"$f":"+IFERROR(VLOOKUP($A1852,BD_INSUMOS2[],3,FALSE),\"\")","v":""},{"$f":"+IFERROR(VLOOKUP($A1852,BD_INSUMOS2[],5,FALSE),\"\")","v":""},{"$f":"+IFERROR(VLOOKUP($A1852,BD_INSUMOS2[],6,FALSE),\"\")","v":""},{"$f":"+IFERROR(VLOOKUP($A1852,BD_INSUMOS2[],7,FALSE),\"\")","v":""},{"$f":"+IFERROR(VLOOKUP($A1852,BD_INSUMOS2[],8,FALSE),\"\")","v":""}]
[1842,{"$f":"+IFERROR(VLOOKUP($A1853,BD_INSUMOS2[],3,FALSE),\"\")","v":""},{"$f":"+IFERROR(VLOOKUP($A1853,BD_INSUMOS2[],5,FALSE),\"\")","v":""},{"$f":"+IFERROR(VLOOKUP($A1853,BD_INSUMOS2[],6,FALSE),\"\")","v":""},{"$f":"+IFERROR(VLOOKUP($A1853,BD_INSUMOS2[],7,FALSE),\"\")","v":""},{"$f":"+IFERROR(VLOOKUP($A1853,BD_INSUMOS2[],8,FALSE),\"\")","v":""}]
[1843,{"$f":"+IFERROR(VLOOKUP($A1854,BD_INSUMOS2[],3,FALSE),\"\")","v":""},{"$f":"+IFERROR(VLOOKUP($A1854,BD_INSUMOS2[],5,FALSE),\"\")","v":""},{"$f":"+IFERROR(VLOOKUP($A1854,BD_INSUMOS2[],6,FALSE),\"\")","v":""},{"$f":"+IFERROR(VLOOKUP($A1854,BD_INSUMOS2[],7,FALSE),\"\")","v":""},{"$f":"+IFERROR(VLOOKUP($A1854,BD_INSUMOS2[],8,FALSE),\"\")","v":""}]
[1844,{"$f":"+IFERROR(VLOOKUP($A1855,BD_INSUMOS2[],3,FALSE),\"\")","v":""},{"$f":"+IFERROR(VLOOKUP($A1855,BD_INSUMOS2[],5,FALSE),\"\")","v":""},{"$f":"+IFERROR(VLOOKUP($A1855,BD_INSUMOS2[],6,FALSE),\"\")","v":""},{"$f":"+IFERROR(VLOOKUP($A1855,BD_INSUMOS2[],7,FALSE),\"\")","v":""},{"$f":"+IFERROR(VLOOKUP($A1855,BD_INSUMOS2[],8,FALSE),\"\")","v":""}]
[1845,{"$f":"+IFERROR(VLOOKUP($A1856,BD_INSUMOS2[],3,FALSE),\"\")","v":""},{"$f":"+IFERROR(VLOOKUP($A1856,BD_INSUMOS2[],5,FALSE),\"\")","v":""},{"$f":"+IFERROR(VLOOKUP($A1856,BD_INSUMOS2[],6,FALSE),\"\")","v":""},{"$f":"+IFERROR(VLOOKUP($A1856,BD_INSUMOS2[],7,FALSE),\"\")","v":""},{"$f":"+IFERROR(VLOOKUP($A1856,BD_INSUMOS2[],8,FALSE),\"\")","v":""}]
[1846,{"$f":"+IFERROR(VLOOKUP($A1857,BD_INSUMOS2[],3,FALSE),\"\")","v":""},{"$f":"+IFERROR(VLOOKUP($A1857,BD_INSUMOS2[],5,FALSE),\"\")","v":""},{"$f":"+IFERROR(VLOOKUP($A1857,BD_INSUMOS2[],6,FALSE),\"\")","v":""},{"$f":"+IFERROR(VLOOKUP($A1857,BD_INSUMOS2[],7,FALSE),\"\")","v":""},{"$f":"+IFERROR(VLOOKUP($A1857,BD_INSUMOS2[],8,FALSE),\"\")","v":""}]
[1847,{"$f":"+IFERROR(VLOOKUP($A1858,BD_INSUMOS2[],3,FALSE),\"\")","v":""},{"$f":"+IFERROR(VLOOKUP($A1858,BD_INSUMOS2[],5,FALSE),\"\")","v":""},{"$f":"+IFERROR(VLOOKUP($A1858,BD_INSUMOS2[],6,FALSE),\"\")","v":""},{"$f":"+IFERROR(VLOOKUP($A1858,BD_INSUMOS2[],7,FALSE),\"\")","v":""},{"$f":"+IFERROR(VLOOKUP($A1858,BD_INSUMOS2[],8,FALSE),\"\")","v":""}]
[1848,{"$f":"+IFERROR(VLOOKUP($A1859,BD_INSUMOS2[],3,FALSE),\"\")","v":""},{"$f":"+IFERROR(VLOOKUP($A1859,BD_INSUMOS2[],5,FALSE),\"\")","v":""},{"$f":"+IFERROR(VLOOKUP($A1859,BD_INSUMOS2[],6,FALSE),\"\")","v":""},{"$f":"+IFERROR(VLOOKUP($A1859,BD_INSUMOS2[],7,FALSE),\"\")","v":""},{"$f":"+IFERROR(VLOOKUP($A1859,BD_INSUMOS2[],8,FALSE),\"\")","v":""}]
[1849,{"$f":"+IFERROR(VLOOKUP($A1860,BD_INSUMOS2[],3,FALSE),\"\")","v":""},{"$f":"+IFERROR(VLOOKUP($A1860,BD_INSUMOS2[],5,FALSE),\"\")","v":""},{"$f":"+IFERROR(VLOOKUP($A1860,BD_INSUMOS2[],6,FALSE),\"\")","v":""},{"$f":"+IFERROR(VLOOKUP($A1860,BD_INSUMOS2[],7,FALSE),\"\")","v":""},{"$f":"+IFERROR(VLOOKUP($A1860,BD_INSUMOS2[],8,FALSE),\"\")","v":""}]
[1850,{"$f":"+IFERROR(VLOOKUP($A1861,BD_INSUMOS2[],3,FALSE),\"\")","v":""},{"$f":"+IFERROR(VLOOKUP($A1861,BD_INSUMOS2[],5,FALSE),\"\")","v":""},{"$f":"+IFERROR(VLOOKUP($A1861,BD_INSUMOS2[],6,FALSE),\"\")","v":""},{"$f":"+IFERROR(VLOOKUP($A1861,BD_INSUMOS2[],7,FALSE),\"\")","v":""},{"$f":"+IFERROR(VLOOKUP($A1861,BD_INSUMOS2[],8,FALSE),\"\")","v":""}]
[1851,{"$f":"+IFERROR(VLOOKUP($A1862,BD_INSUMOS2[],3,FALSE),\"\")","v":""},{"$f":"+IFERROR(VLOOKUP($A1862,BD_INSUMOS2[],5,FALSE),\"\")","v":""},{"$f":"+IFERROR(VLOOKUP($A1862,BD_INSUMOS2[],6,FALSE),\"\")","v":""},{"$f":"+IFERROR(VLOOKUP($A1862,BD_INSUMOS2[],7,FALSE),\"\")","v":""},{"$f":"+IFERROR(VLOOKUP($A1862,BD_INSUMOS2[],8,FALSE),\"\")","v":""}]
[1852,{"$f":"+IFERROR(VLOOKUP($A1863,BD_INSUMOS2[],3,FALSE),\"\")","v":""},{"$f":"+IFERROR(VLOOKUP($A1863,BD_INSUMOS2[],5,FALSE),\"\")","v":""},{"$f":"+IFERROR(VLOOKUP($A1863,BD_INSUMOS2[],6,FALSE),\"\")","v":""},{"$f":"+IFERROR(VLOOKUP($A1863,BD_INSUMOS2[],7,FALSE),\"\")","v":""},{"$f":"+IFERROR(VLOOKUP($A1863,BD_INSUMOS2[],8,FALSE),\"\")","v":""}]
[1853,{"$f":"+IFERROR(VLOOKUP($A1864,BD_INSUMOS2[],3,FALSE),\"\")","v":""},{"$f":"+IFERROR(VLOOKUP($A1864,BD_INSUMOS2[],5,FALSE),\"\")","v":""},{"$f":"+IFERROR(VLOOKUP($A1864,BD_INSUMOS2[],6,FALSE),\"\")","v":""},{"$f":"+IFERROR(VLOOKUP($A1864,BD_INSUMOS2[],7,FALSE),\"\")","v":""},{"$f":"+IFERROR(VLOOKUP($A1864,BD_INSUMOS2[],8,FALSE),\"\")","v":""}]
[1854,{"$f":"+IFERROR(VLOOKUP($A1865,BD_INSUMOS2[],3,FALSE),\"\")","v":""},{"$f":"+IFERROR(VLOOKUP($A1865,BD_INSUMOS2[],5,FALSE),\"\")","v":""},{"$f":"+IFERROR(VLOOKUP($A1865,BD_INSUMOS2[],6,FALSE),\"\")","v":""},{"$f":"+IFERROR(VLOOKUP($A1865,BD_INSUMOS2[],7,FALSE),\"\")","v":""},{"$f":"+IFERROR(VLOOKUP($A1865,BD_INSUMOS2[],8,FALSE),\"\")","v":""}]
[1855,{"$f":"+IFERROR(VLOOKUP($A1866,BD_INSUMOS2[],3,FALSE),\"\")","v":""},{"$f":"+IFERROR(VLOOKUP($A1866,BD_INSUMOS2[],5,FALSE),\"\")","v":""},{"$f":"+IFERROR(VLOOKUP($A1866,BD_INSUMOS2[],6,FALSE),\"\")","v":""},{"$f":"+IFERROR(VLOOKUP($A1866,BD_INSUMOS2[],7,FALSE),\"\")","v":""},{"$f":"+IFERROR(VLOOKUP($A1866,BD_INSUMOS2[],8,FALSE),\"\")","v":""}]
[1856,{"$f":"+IFERROR(VLOOKUP($A1867,BD_INSUMOS2[],3,FALSE),\"\")","v":""},{"$f":"+IFERROR(VLOOKUP($A1867,BD_INSUMOS2[],5,FALSE),\"\")","v":""},{"$f":"+IFERROR(VLOOKUP($A1867,BD_INSUMOS2[],6,FALSE),\"\")","v":""},{"$f":"+IFERROR(VLOOKUP($A1867,BD_INSUMOS2[],7,FALSE),\"\")","v":""},{"$f":"+IFERROR(VLOOKUP($A1867,BD_INSUMOS2[],8,FALSE),\"\")","v":""}]
[1857,{"$f":"+IFERROR(VLOOKUP($A1868,BD_INSUMOS2[],3,FALSE),\"\")","v":""},{"$f":"+IFERROR(VLOOKUP($A1868,BD_INSUMOS2[],5,FALSE),\"\")","v":""},{"$f":"+IFERROR(VLOOKUP($A1868,BD_INSUMOS2[],6,FALSE),\"\")","v":""},{"$f":"+IFERROR(VLOOKUP($A1868,BD_INSUMOS2[],7,FALSE),\"\")","v":""},{"$f":"+IFERROR(VLOOKUP($A1868,BD_INSUMOS2[],8,FALSE),\"\")","v":""}]
[1858,{"$f":"+IFERROR(VLOOKUP($A1869,BD_INSUMOS2[],3,FALSE),\"\")","v":""},{"$f":"+IFERROR(VLOOKUP($A1869,BD_INSUMOS2[],5,FALSE),\"\")","v":""},{"$f":"+IFERROR(VLOOKUP($A1869,BD_INSUMOS2[],6,FALSE),\"\")","v":""},{"$f":"+IFERROR(VLOOKUP($A1869,BD_INSUMOS2[],7,FALSE),\"\")","v":""},{"$f":"+IFERROR(VLOOKUP($A1869,BD_INSUMOS2[],8,FALSE),\"\")","v":""}]
[1859,{"$f":"+IFERROR(VLOOKUP($A1870,BD_INSUMOS2[],3,FALSE),\"\")","v":""},{"$f":"+IFERROR(VLOOKUP($A1870,BD_INSUMOS2[],5,FALSE),\"\")","v":""},{"$f":"+IFERROR(VLOOKUP($A1870,BD_INSUMOS2[],6,FALSE),\"\")","v":""},{"$f":"+IFERROR(VLOOKUP($A1870,BD_INSUMOS2[],7,FALSE),\"\")","v":""},{"$f":"+IFERROR(VLOOKUP($A1870,BD_INSUMOS2[],8,FALSE),\"\")","v":""}]
[1860,{"$f":"+IFERROR(VLOOKUP($A1871,BD_INSUMOS2[],3,FALSE),\"\")","v":""},{"$f":"+IFERROR(VLOOKUP($A1871,BD_INSUMOS2[],5,FALSE),\"\")","v":""},{"$f":"+IFERROR(VLOOKUP($A1871,BD_INSUMOS2[],6,FALSE),\"\")","v":""},{"$f":"+IFERROR(VLOOKUP($A1871,BD_INSUMOS2[],7,FALSE),\"\")","v":""},{"$f":"+IFERROR(VLOOKUP($A1871,BD_INSUMOS2[],8,FALSE),\"\")","v":""}]
[1861,{"$f":"+IFERROR(VLOOKUP($A1872,BD_INSUMOS2[],3,FALSE),\"\")","v":""},{"$f":"+IFERROR(VLOOKUP($A1872,BD_INSUMOS2[],5,FALSE),\"\")","v":""},{"$f":"+IFERROR(VLOOKUP($A1872,BD_INSUMOS2[],6,FALSE),\"\")","v":""},{"$f":"+IFERROR(VLOOKUP($A1872,BD_INSUMOS2[],7,FALSE),\"\")","v":""},{"$f":"+IFERROR(VLOOKUP($A1872,BD_INSUMOS2[],8,FALSE),\"\")","v":""}]
[1862,{"$f":"+IFERROR(VLOOKUP($A1873,BD_INSUMOS2[],3,FALSE),\"\")","v":""},{"$f":"+IFERROR(VLOOKUP($A1873,BD_INSUMOS2[],5,FALSE),\"\")","v":""},{"$f":"+IFERROR(VLOOKUP($A1873,BD_INSUMOS2[],6,FALSE),\"\")","v":""},{"$f":"+IFERROR(VLOOKUP($A1873,BD_INSUMOS2[],7,FALSE),\"\")","v":""},{"$f":"+IFERROR(VLOOKUP($A1873,BD_INSUMOS2[],8,FALSE),\"\")","v":""}]
[1863,{"$f":"+IFERROR(VLOOKUP($A1874,BD_INSUMOS2[],3,FALSE),\"\")","v":""},{"$f":"+IFERROR(VLOOKUP($A1874,BD_INSUMOS2[],5,FALSE),\"\")","v":""},{"$f":"+IFERROR(VLOOKUP($A1874,BD_INSUMOS2[],6,FALSE),\"\")","v":""},{"$f":"+IFERROR(VLOOKUP($A1874,BD_INSUMOS2[],7,FALSE),\"\")","v":""},{"$f":"+IFERROR(VLOOKUP($A1874,BD_INSUMOS2[],8,FALSE),\"\")","v":""}]
[1864,{"$f":"+IFERROR(VLOOKUP($A1875,BD_INSUMOS2[],3,FALSE),\"\")","v":""},{"$f":"+IFERROR(VLOOKUP($A1875,BD_INSUMOS2[],5,FALSE),\"\")","v":""},{"$f":"+IFERROR(VLOOKUP($A1875,BD_INSUMOS2[],6,FALSE),\"\")","v":""},{"$f":"+IFERROR(VLOOKUP($A1875,BD_INSUMOS2[],7,FALSE),\"\")","v":""},{"$f":"+IFERROR(VLOOKUP($A1875,BD_INSUMOS2[],8,FALSE),\"\")","v":""}]
[1865,{"$f":"+IFERROR(VLOOKUP($A1876,BD_INSUMOS2[],3,FALSE),\"\")","v":""},{"$f":"+IFERROR(VLOOKUP($A1876,BD_INSUMOS2[],5,FALSE),\"\")","v":""},{"$f":"+IFERROR(VLOOKUP($A1876,BD_INSUMOS2[],6,FALSE),\"\")","v":""},{"$f":"+IFERROR(VLOOKUP($A1876,BD_INSUMOS2[],7,FALSE),\"\")","v":""},{"$f":"+IFERROR(VLOOKUP($A1876,BD_INSUMOS2[],8,FALSE),\"\")","v":""}]
[1866,{"$f":"+IFERROR(VLOOKUP($A1877,BD_INSUMOS2[],3,FALSE),\"\")","v":""},{"$f":"+IFERROR(VLOOKUP($A1877,BD_INSUMOS2[],5,FALSE),\"\")","v":""},{"$f":"+IFERROR(VLOOKUP($A1877,BD_INSUMOS2[],6,FALSE),\"\")","v":""},{"$f":"+IFERROR(VLOOKUP($A1877,BD_INSUMOS2[],7,FALSE),\"\")","v":""},{"$f":"+IFERROR(VLOOKUP($A1877,BD_INSUMOS2[],8,FALSE),\"\")","v":""}]
[1867,{"$f":"+IFERROR(VLOOKUP($A1878,BD_INSUMOS2[],3,FALSE),\"\")","v":""},{"$f":"+IFERROR(VLOOKUP($A1878,BD_INSUMOS2[],5,FALSE),\"\")","v":""},{"$f":"+IFERROR(VLOOKUP($A1878,BD_INSUMOS2[],6,FALSE),\"\")","v":""},{"$f":"+IFERROR(VLOOKUP($A1878,BD_INSUMOS2[],7,FALSE),\"\")","v":""},{"$f":"+IFERROR(VLOOKUP($A1878,BD_INSUMOS2[],8,FALSE),\"\")","v":""}]
[1868,{"$f":"+IFERROR(VLOOKUP($A1879,BD_INSUMOS2[],3,FALSE),\"\")","v":""},{"$f":"+IFERROR(VLOOKUP($A1879,BD_INSUMOS2[],5,FALSE),\"\")","v":""},{"$f":"+IFERROR(VLOOKUP($A1879,BD_INSUMOS2[],6,FALSE),\"\")","v":""},{"$f":"+IFERROR(VLOOKUP($A1879,BD_INSUMOS2[],7,FALSE),\"\")","v":""},{"$f":"+IFERROR(VLOOKUP($A1879,BD_INSUMOS2[],8,FALSE),\"\")","v":""}]
[1869,{"$f":"+IFERROR(VLOOKUP($A1880,BD_INSUMOS2[],3,FALSE),\"\")","v":""},{"$f":"+IFERROR(VLOOKUP($A1880,BD_INSUMOS2[],5,FALSE),\"\")","v":""},{"$f":"+IFERROR(VLOOKUP($A1880,BD_INSUMOS2[],6,FALSE),\"\")","v":""},{"$f":"+IFERROR(VLOOKUP($A1880,BD_INSUMOS2[],7,FALSE),\"\")","v":""},{"$f":"+IFERROR(VLOOKUP($A1880,BD_INSUMOS2[],8,FALSE),\"\")","v":""}]
[1870,{"$f":"+IFERROR(VLOOKUP($A1881,BD_INSUMOS2[],3,FALSE),\"\")","v":""},{"$f":"+IFERROR(VLOOKUP($A1881,BD_INSUMOS2[],5,FALSE),\"\")","v":""},{"$f":"+IFERROR(VLOOKUP($A1881,BD_INSUMOS2[],6,FALSE),\"\")","v":""},{"$f":"+IFERROR(VLOOKUP($A1881,BD_INSUMOS2[],7,FALSE),\"\")","v":""},{"$f":"+IFERROR(VLOOKUP($A1881,BD_INSUMOS2[],8,FALSE),\"\")","v":""}]
[1871,{"$f":"+IFERROR(VLOOKUP($A1882,BD_INSUMOS2[],3,FALSE),\"\")","v":""},{"$f":"+IFERROR(VLOOKUP($A1882,BD_INSUMOS2[],5,FALSE),\"\")","v":""},{"$f":"+IFERROR(VLOOKUP($A1882,BD_INSUMOS2[],6,FALSE),\"\")","v":""},{"$f":"+IFERROR(VLOOKUP($A1882,BD_INSUMOS2[],7,FALSE),\"\")","v":""},{"$f":"+IFERROR(VLOOKUP($A1882,BD_INSUMOS2[],8,FALSE),\"\")","v":""}]
[1872,{"$f":"+IFERROR(VLOOKUP($A1883,BD_INSUMOS2[],3,FALSE),\"\")","v":""},{"$f":"+IFERROR(VLOOKUP($A1883,BD_INSUMOS2[],5,FALSE),\"\")","v":""},{"$f":"+IFERROR(VLOOKUP($A1883,BD_INSUMOS2[],6,FALSE),\"\")","v":""},{"$f":"+IFERROR(VLOOKUP($A1883,BD_INSUMOS2[],7,FALSE),\"\")","v":""},{"$f":"+IFERROR(VLOOKUP($A1883,BD_INSUMOS2[],8,FALSE),\"\")","v":""}]
[1873,{"$f":"+IFERROR(VLOOKUP($A1884,BD_INSUMOS2[],3,FALSE),\"\")","v":""},{"$f":"+IFERROR(VLOOKUP($A1884,BD_INSUMOS2[],5,FALSE),\"\")","v":""},{"$f":"+IFERROR(VLOOKUP($A1884,BD_INSUMOS2[],6,FALSE),\"\")","v":""},{"$f":"+IFERROR(VLOOKUP($A1884,BD_INSUMOS2[],7,FALSE),\"\")","v":""},{"$f":"+IFERROR(VLOOKUP($A1884,BD_INSUMOS2[],8,FALSE),\"\")","v":""}]
[1874,{"$f":"+IFERROR(VLOOKUP($A1885,BD_INSUMOS2[],3,FALSE),\"\")","v":""},{"$f":"+IFERROR(VLOOKUP($A1885,BD_INSUMOS2[],5,FALSE),\"\")","v":""},{"$f":"+IFERROR(VLOOKUP($A1885,BD_INSUMOS2[],6,FALSE),\"\")","v":""},{"$f":"+IFERROR(VLOOKUP($A1885,BD_INSUMOS2[],7,FALSE),\"\")","v":""},{"$f":"+IFERROR(VLOOKUP($A1885,BD_INSUMOS2[],8,FALSE),\"\")","v":""}]
[1875,{"$f":"+IFERROR(VLOOKUP($A1886,BD_INSUMOS2[],3,FALSE),\"\")","v":""},{"$f":"+IFERROR(VLOOKUP($A1886,BD_INSUMOS2[],5,FALSE),\"\")","v":""},{"$f":"+IFERROR(VLOOKUP($A1886,BD_INSUMOS2[],6,FALSE),\"\")","v":""},{"$f":"+IFERROR(VLOOKUP($A1886,BD_INSUMOS2[],7,FALSE),\"\")","v":""},{"$f":"+IFERROR(VLOOKUP($A1886,BD_INSUMOS2[],8,FALSE),\"\")","v":""}]
[1876,{"$f":"+IFERROR(VLOOKUP($A1887,BD_INSUMOS2[],3,FALSE),\"\")","v":""},{"$f":"+IFERROR(VLOOKUP($A1887,BD_INSUMOS2[],5,FALSE),\"\")","v":""},{"$f":"+IFERROR(VLOOKUP($A1887,BD_INSUMOS2[],6,FALSE),\"\")","v":""},{"$f":"+IFERROR(VLOOKUP($A1887,BD_INSUMOS2[],7,FALSE),\"\")","v":""},{"$f":"+IFERROR(VLOOKUP($A1887,BD_INSUMOS2[],8,FALSE),\"\")","v":""}]
[1877,{"$f":"+IFERROR(VLOOKUP($A1888,BD_INSUMOS2[],3,FALSE),\"\")","v":""},{"$f":"+IFERROR(VLOOKUP($A1888,BD_INSUMOS2[],5,FALSE),\"\")","v":""},{"$f":"+IFERROR(VLOOKUP($A1888,BD_INSUMOS2[],6,FALSE),\"\")","v":""},{"$f":"+IFERROR(VLOOKUP($A1888,BD_INSUMOS2[],7,FALSE),\"\")","v":""},{"$f":"+IFERROR(VLOOKUP($A1888,BD_INSUMOS2[],8,FALSE),\"\")","v":""}]
[1878,{"$f":"+IFERROR(VLOOKUP($A1889,BD_INSUMOS2[],3,FALSE),\"\")","v":""},{"$f":"+IFERROR(VLOOKUP($A1889,BD_INSUMOS2[],5,FALSE),\"\")","v":""},{"$f":"+IFERROR(VLOOKUP($A1889,BD_INSUMOS2[],6,FALSE),\"\")","v":""},{"$f":"+IFERROR(VLOOKUP($A1889,BD_INSUMOS2[],7,FALSE),\"\")","v":""},{"$f":"+IFERROR(VLOOKUP($A1889,BD_INSUMOS2[],8,FALSE),\"\")","v":""}]
[1879,{"$f":"+IFERROR(VLOOKUP($A1890,BD_INSUMOS2[],3,FALSE),\"\")","v":""},{"$f":"+IFERROR(VLOOKUP($A1890,BD_INSUMOS2[],5,FALSE),\"\")","v":""},{"$f":"+IFERROR(VLOOKUP($A1890,BD_INSUMOS2[],6,FALSE),\"\")","v":""},{"$f":"+IFERROR(VLOOKUP($A1890,BD_INSUMOS2[],7,FALSE),\"\")","v":""},{"$f":"+IFERROR(VLOOKUP($A1890,BD_INSUMOS2[],8,FALSE),\"\")","v":""}]
[1880,{"$f":"+IFERROR(VLOOKUP($A1891,BD_INSUMOS2[],3,FALSE),\"\")","v":""},{"$f":"+IFERROR(VLOOKUP($A1891,BD_INSUMOS2[],5,FALSE),\"\")","v":""},{"$f":"+IFERROR(VLOOKUP($A1891,BD_INSUMOS2[],6,FALSE),\"\")","v":""},{"$f":"+IFERROR(VLOOKUP($A1891,BD_INSUMOS2[],7,FALSE),\"\")","v":""},{"$f":"+IFERROR(VLOOKUP($A1891,BD_INSUMOS2[],8,FALSE),\"\")","v":""}]
[1881,{"$f":"+IFERROR(VLOOKUP($A1892,BD_INSUMOS2[],3,FALSE),\"\")","v":""},{"$f":"+IFERROR(VLOOKUP($A1892,BD_INSUMOS2[],5,FALSE),\"\")","v":""},{"$f":"+IFERROR(VLOOKUP($A1892,BD_INSUMOS2[],6,FALSE),\"\")","v":""},{"$f":"+IFERROR(VLOOKUP($A1892,BD_INSUMOS2[],7,FALSE),\"\")","v":""},{"$f":"+IFERROR(VLOOKUP($A1892,BD_INSUMOS2[],8,FALSE),\"\")","v":""}]
[1882,{"$f":"+IFERROR(VLOOKUP($A1893,BD_INSUMOS2[],3,FALSE),\"\")","v":""},{"$f":"+IFERROR(VLOOKUP($A1893,BD_INSUMOS2[],5,FALSE),\"\")","v":""},{"$f":"+IFERROR(VLOOKUP($A1893,BD_INSUMOS2[],6,FALSE),\"\")","v":""},{"$f":"+IFERROR(VLOOKUP($A1893,BD_INSUMOS2[],7,FALSE),\"\")","v":""},{"$f":"+IFERROR(VLOOKUP($A1893,BD_INSUMOS2[],8,FALSE),\"\")","v":""}]
[1883,{"$f":"+IFERROR(VLOOKUP($A1894,BD_INSUMOS2[],3,FALSE),\"\")","v":""},{"$f":"+IFERROR(VLOOKUP($A1894,BD_INSUMOS2[],5,FALSE),\"\")","v":""},{"$f":"+IFERROR(VLOOKUP($A1894,BD_INSUMOS2[],6,FALSE),\"\")","v":""},{"$f":"+IFERROR(VLOOKUP($A1894,BD_INSUMOS2[],7,FALSE),\"\")","v":""},{"$f":"+IFERROR(VLOOKUP($A1894,BD_INSUMOS2[],8,FALSE),\"\")","v":""}]
[1884,{"$f":"+IFERROR(VLOOKUP($A1895,BD_INSUMOS2[],3,FALSE),\"\")","v":""},{"$f":"+IFERROR(VLOOKUP($A1895,BD_INSUMOS2[],5,FALSE),\"\")","v":""},{"$f":"+IFERROR(VLOOKUP($A1895,BD_INSUMOS2[],6,FALSE),\"\")","v":""},{"$f":"+IFERROR(VLOOKUP($A1895,BD_INSUMOS2[],7,FALSE),\"\")","v":""},{"$f":"+IFERROR(VLOOKUP($A1895,BD_INSUMOS2[],8,FALSE),\"\")","v":""}]
[1885,{"$f":"+IFERROR(VLOOKUP($A1896,BD_INSUMOS2[],3,FALSE),\"\")","v":""},{"$f":"+IFERROR(VLOOKUP($A1896,BD_INSUMOS2[],5,FALSE),\"\")","v":""},{"$f":"+IFERROR(VLOOKUP($A1896,BD_INSUMOS2[],6,FALSE),\"\")","v":""},{"$f":"+IFERROR(VLOOKUP($A1896,BD_INSUMOS2[],7,FALSE),\"\")","v":""},{"$f":"+IFERROR(VLOOKUP($A1896,BD_INSUMOS2[],8,FALSE),\"\")","v":""}]
[1886,{"$f":"+IFERROR(VLOOKUP($A1897,BD_INSUMOS2[],3,FALSE),\"\")","v":""},{"$f":"+IFERROR(VLOOKUP($A1897,BD_INSUMOS2[],5,FALSE),\"\")","v":""},{"$f":"+IFERROR(VLOOKUP($A1897,BD_INSUMOS2[],6,FALSE),\"\")","v":""},{"$f":"+IFERROR(VLOOKUP($A1897,BD_INSUMOS2[],7,FALSE),\"\")","v":""},{"$f":"+IFERROR(VLOOKUP($A1897,BD_INSUMOS2[],8,FALSE),\"\")","v":""}]
[1887,{"$f":"+IFERROR(VLOOKUP($A1898,BD_INSUMOS2[],3,FALSE),\"\")","v":""},{"$f":"+IFERROR(VLOOKUP($A1898,BD_INSUMOS2[],5,FALSE),\"\")","v":""},{"$f":"+IFERROR(VLOOKUP($A1898,BD_INSUMOS2[],6,FALSE),\"\")","v":""},{"$f":"+IFERROR(VLOOKUP($A1898,BD_INSUMOS2[],7,FALSE),\"\")","v":""},{"$f":"+IFERROR(VLOOKUP($A1898,BD_INSUMOS2[],8,FALSE),\"\")","v":""}]
[1888,{"$f":"+IFERROR(VLOOKUP($A1899,BD_INSUMOS2[],3,FALSE),\"\")","v":""},{"$f":"+IFERROR(VLOOKUP($A1899,BD_INSUMOS2[],5,FALSE),\"\")","v":""},{"$f":"+IFERROR(VLOOKUP($A1899,BD_INSUMOS2[],6,FALSE),\"\")","v":""},{"$f":"+IFERROR(VLOOKUP($A1899,BD_INSUMOS2[],7,FALSE),\"\")","v":""},{"$f":"+IFERROR(VLOOKUP($A1899,BD_INSUMOS2[],8,FALSE),\"\")","v":""}]
[1889,{"$f":"+IFERROR(VLOOKUP($A1900,BD_INSUMOS2[],3,FALSE),\"\")","v":""},{"$f":"+IFERROR(VLOOKUP($A1900,BD_INSUMOS2[],5,FALSE),\"\")","v":""},{"$f":"+IFERROR(VLOOKUP($A1900,BD_INSUMOS2[],6,FALSE),\"\")","v":""},{"$f":"+IFERROR(VLOOKUP($A1900,BD_INSUMOS2[],7,FALSE),\"\")","v":""},{"$f":"+IFERROR(VLOOKUP($A1900,BD_INSUMOS2[],8,FALSE),\"\")","v":""}]
[1890,{"$f":"+IFERROR(VLOOKUP($A1901,BD_INSUMOS2[],3,FALSE),\"\")","v":""},{"$f":"+IFERROR(VLOOKUP($A1901,BD_INSUMOS2[],5,FALSE),\"\")","v":""},{"$f":"+IFERROR(VLOOKUP($A1901,BD_INSUMOS2[],6,FALSE),\"\")","v":""},{"$f":"+IFERROR(VLOOKUP($A1901,BD_INSUMOS2[],7,FALSE),\"\")","v":""},{"$f":"+IFERROR(VLOOKUP($A1901,BD_INSUMOS2[],8,FALSE),\"\")","v":""}]
[1891,{"$f":"+IFERROR(VLOOKUP($A1902,BD_INSUMOS2[],3,FALSE),\"\")","v":""},{"$f":"+IFERROR(VLOOKUP($A1902,BD_INSUMOS2[],5,FALSE),\"\")","v":""},{"$f":"+IFERROR(VLOOKUP($A1902,BD_INSUMOS2[],6,FALSE),\"\")","v":""},{"$f":"+IFERROR(VLOOKUP($A1902,BD_INSUMOS2[],7,FALSE),\"\")","v":""},{"$f":"+IFERROR(VLOOKUP($A1902,BD_INSUMOS2[],8,FALSE),\"\")","v":""}]
[1892,{"$f":"+IFERROR(VLOOKUP($A1903,BD_INSUMOS2[],3,FALSE),\"\")","v":""},{"$f":"+IFERROR(VLOOKUP($A1903,BD_INSUMOS2[],5,FALSE),\"\")","v":""},{"$f":"+IFERROR(VLOOKUP($A1903,BD_INSUMOS2[],6,FALSE),\"\")","v":""},{"$f":"+IFERROR(VLOOKUP($A1903,BD_INSUMOS2[],7,FALSE),\"\")","v":""},{"$f":"+IFERROR(VLOOKUP($A1903,BD_INSUMOS2[],8,FALSE),\"\")","v":""}]
[1893,{"$f":"+IFERROR(VLOOKUP($A1904,BD_INSUMOS2[],3,FALSE),\"\")","v":""},{"$f":"+IFERROR(VLOOKUP($A1904,BD_INSUMOS2[],5,FALSE),\"\")","v":""},{"$f":"+IFERROR(VLOOKUP($A1904,BD_INSUMOS2[],6,FALSE),\"\")","v":""},{"$f":"+IFERROR(VLOOKUP($A1904,BD_INSUMOS2[],7,FALSE),\"\")","v":""},{"$f":"+IFERROR(VLOOKUP($A1904,BD_INSUMOS2[],8,FALSE),\"\")","v":""}]
[1894,{"$f":"+IFERROR(VLOOKUP($A1905,BD_INSUMOS2[],3,FALSE),\"\")","v":""},{"$f":"+IFERROR(VLOOKUP($A1905,BD_INSUMOS2[],5,FALSE),\"\")","v":""},{"$f":"+IFERROR(VLOOKUP($A1905,BD_INSUMOS2[],6,FALSE),\"\")","v":""},{"$f":"+IFERROR(VLOOKUP($A1905,BD_INSUMOS2[],7,FALSE),\"\")","v":""},{"$f":"+IFERROR(VLOOKUP($A1905,BD_INSUMOS2[],8,FALSE),\"\")","v":""}]
[1895,{"$f":"+IFERROR(VLOOKUP($A1906,BD_INSUMOS2[],3,FALSE),\"\")","v":""},{"$f":"+IFERROR(VLOOKUP($A1906,BD_INSUMOS2[],5,FALSE),\"\")","v":""},{"$f":"+IFERROR(VLOOKUP($A1906,BD_INSUMOS2[],6,FALSE),\"\")","v":""},{"$f":"+IFERROR(VLOOKUP($A1906,BD_INSUMOS2[],7,FALSE),\"\")","v":""},{"$f":"+IFERROR(VLOOKUP($A1906,BD_INSUMOS2[],8,FALSE),\"\")","v":""}]
[1896,{"$f":"+IFERROR(VLOOKUP($A1907,BD_INSUMOS2[],3,FALSE),\"\")","v":""},{"$f":"+IFERROR(VLOOKUP($A1907,BD_INSUMOS2[],5,FALSE),\"\")","v":""},{"$f":"+IFERROR(VLOOKUP($A1907,BD_INSUMOS2[],6,FALSE),\"\")","v":""},{"$f":"+IFERROR(VLOOKUP($A1907,BD_INSUMOS2[],7,FALSE),\"\")","v":""},{"$f":"+IFERROR(VLOOKUP($A1907,BD_INSUMOS2[],8,FALSE),\"\")","v":""}]
[1897,{"$f":"+IFERROR(VLOOKUP($A1908,BD_INSUMOS2[],3,FALSE),\"\")","v":""},{"$f":"+IFERROR(VLOOKUP($A1908,BD_INSUMOS2[],5,FALSE),\"\")","v":""},{"$f":"+IFERROR(VLOOKUP($A1908,BD_INSUMOS2[],6,FALSE),\"\")","v":""},{"$f":"+IFERROR(VLOOKUP($A1908,BD_INSUMOS2[],7,FALSE),\"\")","v":""},{"$f":"+IFERROR(VLOOKUP($A1908,BD_INSUMOS2[],8,FALSE),\"\")","v":""}]
[1898,{"$f":"+IFERROR(VLOOKUP($A1909,BD_INSUMOS2[],3,FALSE),\"\")","v":""},{"$f":"+IFERROR(VLOOKUP($A1909,BD_INSUMOS2[],5,FALSE),\"\")","v":""},{"$f":"+IFERROR(VLOOKUP($A1909,BD_INSUMOS2[],6,FALSE),\"\")","v":""},{"$f":"+IFERROR(VLOOKUP($A1909,BD_INSUMOS2[],7,FALSE),\"\")","v":""},{"$f":"+IFERROR(VLOOKUP($A1909,BD_INSUMOS2[],8,FALSE),\"\")","v":""}]
[1899,{"$f":"+IFERROR(VLOOKUP($A1910,BD_INSUMOS2[],3,FALSE),\"\")","v":""},{"$f":"+IFERROR(VLOOKUP($A1910,BD_INSUMOS2[],5,FALSE),\"\")","v":""},{"$f":"+IFERROR(VLOOKUP($A1910,BD_INSUMOS2[],6,FALSE),\"\")","v":""},{"$f":"+IFERROR(VLOOKUP($A1910,BD_INSUMOS2[],7,FALSE),\"\")","v":""},{"$f":"+IFERROR(VLOOKUP($A1910,BD_INSUMOS2[],8,FALSE),\"\")","v":""}]
[1900,{"$f":"+IFERROR(VLOOKUP($A1911,BD_INSUMOS2[],3,FALSE),\"\")","v":""},{"$f":"+IFERROR(VLOOKUP($A1911,BD_INSUMOS2[],5,FALSE),\"\")","v":""},{"$f":"+IFERROR(VLOOKUP($A1911,BD_INSUMOS2[],6,FALSE),\"\")","v":""},{"$f":"+IFERROR(VLOOKUP($A1911,BD_INSUMOS2[],7,FALSE),\"\")","v":""},{"$f":"+IFERROR(VLOOKUP($A1911,BD_INSUMOS2[],8,FALSE),\"\")","v":""}]
[1901,{"$f":"+IFERROR(VLOOKUP($A1912,BD_INSUMOS2[],3,FALSE),\"\")","v":""},{"$f":"+IFERROR(VLOOKUP($A1912,BD_INSUMOS2[],5,FALSE),\"\")","v":""},{"$f":"+IFERROR(VLOOKUP($A1912,BD_INSUMOS2[],6,FALSE),\"\")","v":""},{"$f":"+IFERROR(VLOOKUP($A1912,BD_INSUMOS2[],7,FALSE),\"\")","v":""},{"$f":"+IFERROR(VLOOKUP($A1912,BD_INSUMOS2[],8,FALSE),\"\")","v":""}]
[1902,{"$f":"+IFERROR(VLOOKUP($A1913,BD_INSUMOS2[],3,FALSE),\"\")","v":""},{"$f":"+IFERROR(VLOOKUP($A1913,BD_INSUMOS2[],5,FALSE),\"\")","v":""},{"$f":"+IFERROR(VLOOKUP($A1913,BD_INSUMOS2[],6,FALSE),\"\")","v":""},{"$f":"+IFERROR(VLOOKUP($A1913,BD_INSUMOS2[],7,FALSE),\"\")","v":""},{"$f":"+IFERROR(VLOOKUP($A1913,BD_INSUMOS2[],8,FALSE),\"\")","v":""}]
[1903,{"$f":"+IFERROR(VLOOKUP($A1914,BD_INSUMOS2[],3,FALSE),\"\")","v":""},{"$f":"+IFERROR(VLOOKUP($A1914,BD_INSUMOS2[],5,FALSE),\"\")","v":""},{"$f":"+IFERROR(VLOOKUP($A1914,BD_INSUMOS2[],6,FALSE),\"\")","v":""},{"$f":"+IFERROR(VLOOKUP($A1914,BD_INSUMOS2[],7,FALSE),\"\")","v":""},{"$f":"+IFERROR(VLOOKUP($A1914,BD_INSUMOS2[],8,FALSE),\"\")","v":""}]
[1904,{"$f":"+IFERROR(VLOOKUP($A1915,BD_INSUMOS2[],3,FALSE),\"\")","v":""},{"$f":"+IFERROR(VLOOKUP($A1915,BD_INSUMOS2[],5,FALSE),\"\")","v":""},{"$f":"+IFERROR(VLOOKUP($A1915,BD_INSUMOS2[],6,FALSE),\"\")","v":""},{"$f":"+IFERROR(VLOOKUP($A1915,BD_INSUMOS2[],7,FALSE),\"\")","v":""},{"$f":"+IFERROR(VLOOKUP($A1915,BD_INSUMOS2[],8,FALSE),\"\")","v":""}]
[1905,{"$f":"+IFERROR(VLOOKUP($A1916,BD_INSUMOS2[],3,FALSE),\"\")","v":""},{"$f":"+IFERROR(VLOOKUP($A1916,BD_INSUMOS2[],5,FALSE),\"\")","v":""},{"$f":"+IFERROR(VLOOKUP($A1916,BD_INSUMOS2[],6,FALSE),\"\")","v":""},{"$f":"+IFERROR(VLOOKUP($A1916,BD_INSUMOS2[],7,FALSE),\"\")","v":""},{"$f":"+IFERROR(VLOOKUP($A1916,BD_INSUMOS2[],8,FALSE),\"\")","v":""}]
[1906,{"$f":"+IFERROR(VLOOKUP($A1917,BD_INSUMOS2[],3,FALSE),\"\")","v":""},{"$f":"+IFERROR(VLOOKUP($A1917,BD_INSUMOS2[],5,FALSE),\"\")","v":""},{"$f":"+IFERROR(VLOOKUP($A1917,BD_INSUMOS2[],6,FALSE),\"\")","v":""},{"$f":"+IFERROR(VLOOKUP($A1917,BD_INSUMOS2[],7,FALSE),\"\")","v":""},{"$f":"+IFERROR(VLOOKUP($A1917,BD_INSUMOS2[],8,FALSE),\"\")","v":""}]
[1907,{"$f":"+IFERROR(VLOOKUP($A1918,BD_INSUMOS2[],3,FALSE),\"\")","v":""},{"$f":"+IFERROR(VLOOKUP($A1918,BD_INSUMOS2[],5,FALSE),\"\")","v":""},{"$f":"+IFERROR(VLOOKUP($A1918,BD_INSUMOS2[],6,FALSE),\"\")","v":""},{"$f":"+IFERROR(VLOOKUP($A1918,BD_INSUMOS2[],7,FALSE),\"\")","v":""},{"$f":"+IFERROR(VLOOKUP($A1918,BD_INSUMOS2[],8,FALSE),\"\")","v":""}]
[1908,{"$f":"+IFERROR(VLOOKUP($A1919,BD_INSUMOS2[],3,FALSE),\"\")","v":""},{"$f":"+IFERROR(VLOOKUP($A1919,BD_INSUMOS2[],5,FALSE),\"\")","v":""},{"$f":"+IFERROR(VLOOKUP($A1919,BD_INSUMOS2[],6,FALSE),\"\")","v":""},{"$f":"+IFERROR(VLOOKUP($A1919,BD_INSUMOS2[],7,FALSE),\"\")","v":""},{"$f":"+IFERROR(VLOOKUP($A1919,BD_INSUMOS2[],8,FALSE),\"\")","v":""}]
[1909,{"$f":"+IFERROR(VLOOKUP($A1920,BD_INSUMOS2[],3,FALSE),\"\")","v":""},{"$f":"+IFERROR(VLOOKUP($A1920,BD_INSUMOS2[],5,FALSE),\"\")","v":""},{"$f":"+IFERROR(VLOOKUP($A1920,BD_INSUMOS2[],6,FALSE),\"\")","v":""},{"$f":"+IFERROR(VLOOKUP($A1920,BD_INSUMOS2[],7,FALSE),\"\")","v":""},{"$f":"+IFERROR(VLOOKUP($A1920,BD_INSUMOS2[],8,FALSE),\"\")","v":""}]
[1910,{"$f":"+IFERROR(VLOOKUP($A1921,BD_INSUMOS2[],3,FALSE),\"\")","v":""},{"$f":"+IFERROR(VLOOKUP($A1921,BD_INSUMOS2[],5,FALSE),\"\")","v":""},{"$f":"+IFERROR(VLOOKUP($A1921,BD_INSUMOS2[],6,FALSE),\"\")","v":""},{"$f":"+IFERROR(VLOOKUP($A1921,BD_INSUMOS2[],7,FALSE),\"\")","v":""},{"$f":"+IFERROR(VLOOKUP($A1921,BD_INSUMOS2[],8,FALSE),\"\")","v":""}]
[1911,{"$f":"+IFERROR(VLOOKUP($A1922,BD_INSUMOS2[],3,FALSE),\"\")","v":""},{"$f":"+IFERROR(VLOOKUP($A1922,BD_INSUMOS2[],5,FALSE),\"\")","v":""},{"$f":"+IFERROR(VLOOKUP($A1922,BD_INSUMOS2[],6,FALSE),\"\")","v":""},{"$f":"+IFERROR(VLOOKUP($A1922,BD_INSUMOS2[],7,FALSE),\"\")","v":""},{"$f":"+IFERROR(VLOOKUP($A1922,BD_INSUMOS2[],8,FALSE),\"\")","v":""}]
[1912,{"$f":"+IFERROR(VLOOKUP($A1923,BD_INSUMOS2[],3,FALSE),\"\")","v":""},{"$f":"+IFERROR(VLOOKUP($A1923,BD_INSUMOS2[],5,FALSE),\"\")","v":""},{"$f":"+IFERROR(VLOOKUP($A1923,BD_INSUMOS2[],6,FALSE),\"\")","v":""},{"$f":"+IFERROR(VLOOKUP($A1923,BD_INSUMOS2[],7,FALSE),\"\")","v":""},{"$f":"+IFERROR(VLOOKUP($A1923,BD_INSUMOS2[],8,FALSE),\"\")","v":""}]
[1913,{"$f":"+IFERROR(VLOOKUP($A1924,BD_INSUMOS2[],3,FALSE),\"\")","v":""},{"$f":"+IFERROR(VLOOKUP($A1924,BD_INSUMOS2[],5,FALSE),\"\")","v":""},{"$f":"+IFERROR(VLOOKUP($A1924,BD_INSUMOS2[],6,FALSE),\"\")","v":""},{"$f":"+IFERROR(VLOOKUP($A1924,BD_INSUMOS2[],7,FALSE),\"\")","v":""},{"$f":"+IFERROR(VLOOKUP($A1924,BD_INSUMOS2[],8,FALSE),\"\")","v":""}]
[1914,{"$f":"+IFERROR(VLOOKUP($A1925,BD_INSUMOS2[],3,FALSE),\"\")","v":""},{"$f":"+IFERROR(VLOOKUP($A1925,BD_INSUMOS2[],5,FALSE),\"\")","v":""},{"$f":"+IFERROR(VLOOKUP($A1925,BD_INSUMOS2[],6,FALSE),\"\")","v":""},{"$f":"+IFERROR(VLOOKUP($A1925,BD_INSUMOS2[],7,FALSE),\"\")","v":""},{"$f":"+IFERROR(VLOOKUP($A1925,BD_INSUMOS2[],8,FALSE),\"\")","v":""}]
[1915,{"$f":"+IFERROR(VLOOKUP($A1926,BD_INSUMOS2[],3,FALSE),\"\")","v":""},{"$f":"+IFERROR(VLOOKUP($A1926,BD_INSUMOS2[],5,FALSE),\"\")","v":""},{"$f":"+IFERROR(VLOOKUP($A1926,BD_INSUMOS2[],6,FALSE),\"\")","v":""},{"$f":"+IFERROR(VLOOKUP($A1926,BD_INSUMOS2[],7,FALSE),\"\")","v":""},{"$f":"+IFERROR(VLOOKUP($A1926,BD_INSUMOS2[],8,FALSE),\"\")","v":""}]
[1916,{"$f":"+IFERROR(VLOOKUP($A1927,BD_INSUMOS2[],3,FALSE),\"\")","v":""},{"$f":"+IFERROR(VLOOKUP($A1927,BD_INSUMOS2[],5,FALSE),\"\")","v":""},{"$f":"+IFERROR(VLOOKUP($A1927,BD_INSUMOS2[],6,FALSE),\"\")","v":""},{"$f":"+IFERROR(VLOOKUP($A1927,BD_INSUMOS2[],7,FALSE),\"\")","v":""},{"$f":"+IFERROR(VLOOKUP($A1927,BD_INSUMOS2[],8,FALSE),\"\")","v":""}]
[1917,{"$f":"+IFERROR(VLOOKUP($A1928,BD_INSUMOS2[],3,FALSE),\"\")","v":""},{"$f":"+IFERROR(VLOOKUP($A1928,BD_INSUMOS2[],5,FALSE),\"\")","v":""},{"$f":"+IFERROR(VLOOKUP($A1928,BD_INSUMOS2[],6,FALSE),\"\")","v":""},{"$f":"+IFERROR(VLOOKUP($A1928,BD_INSUMOS2[],7,FALSE),\"\")","v":""},{"$f":"+IFERROR(VLOOKUP($A1928,BD_INSUMOS2[],8,FALSE),\"\")","v":""}]
[1918,{"$f":"+IFERROR(VLOOKUP($A1929,BD_INSUMOS2[],3,FALSE),\"\")","v":""},{"$f":"+IFERROR(VLOOKUP($A1929,BD_INSUMOS2[],5,FALSE),\"\")","v":""},{"$f":"+IFERROR(VLOOKUP($A1929,BD_INSUMOS2[],6,FALSE),\"\")","v":""},{"$f":"+IFERROR(VLOOKUP($A1929,BD_INSUMOS2[],7,FALSE),\"\")","v":""},{"$f":"+IFERROR(VLOOKUP($A1929,BD_INSUMOS2[],8,FALSE),\"\")","v":""}]
[1919,{"$f":"+IFERROR(VLOOKUP($A1930,BD_INSUMOS2[],3,FALSE),\"\")","v":""},{"$f":"+IFERROR(VLOOKUP($A1930,BD_INSUMOS2[],5,FALSE),\"\")","v":""},{"$f":"+IFERROR(VLOOKUP($A1930,BD_INSUMOS2[],6,FALSE),\"\")","v":""},{"$f":"+IFERROR(VLOOKUP($A1930,BD_INSUMOS2[],7,FALSE),\"\")","v":""},{"$f":"+IFERROR(VLOOKUP($A1930,BD_INSUMOS2[],8,FALSE),\"\")","v":""}]
[1920,{"$f":"+IFERROR(VLOOKUP($A1931,BD_INSUMOS2[],3,FALSE),\"\")","v":""},{"$f":"+IFERROR(VLOOKUP($A1931,BD_INSUMOS2[],5,FALSE),\"\")","v":""},{"$f":"+IFERROR(VLOOKUP($A1931,BD_INSUMOS2[],6,FALSE),\"\")","v":""},{"$f":"+IFERROR(VLOOKUP($A1931,BD_INSUMOS2[],7,FALSE),\"\")","v":""},{"$f":"+IFERROR(VLOOKUP($A1931,BD_INSUMOS2[],8,FALSE),\"\")","v":""}]
[1921,{"$f":"+IFERROR(VLOOKUP($A1932,BD_INSUMOS2[],3,FALSE),\"\")","v":""},{"$f":"+IFERROR(VLOOKUP($A1932,BD_INSUMOS2[],5,FALSE),\"\")","v":""},{"$f":"+IFERROR(VLOOKUP($A1932,BD_INSUMOS2[],6,FALSE),\"\")","v":""},{"$f":"+IFERROR(VLOOKUP($A1932,BD_INSUMOS2[],7,FALSE),\"\")","v":""},{"$f":"+IFERROR(VLOOKUP($A1932,BD_INSUMOS2[],8,FALSE),\"\")","v":""}]
[1922,{"$f":"+IFERROR(VLOOKUP($A1933,BD_INSUMOS2[],3,FALSE),\"\")","v":""},{"$f":"+IFERROR(VLOOKUP($A1933,BD_INSUMOS2[],5,FALSE),\"\")","v":""},{"$f":"+IFERROR(VLOOKUP($A1933,BD_INSUMOS2[],6,FALSE),\"\")","v":""},{"$f":"+IFERROR(VLOOKUP($A1933,BD_INSUMOS2[],7,FALSE),\"\")","v":""},{"$f":"+IFERROR(VLOOKUP($A1933,BD_INSUMOS2[],8,FALSE),\"\")","v":""}]
[1923,{"$f":"+IFERROR(VLOOKUP($A1934,BD_INSUMOS2[],3,FALSE),\"\")","v":""},{"$f":"+IFERROR(VLOOKUP($A1934,BD_INSUMOS2[],5,FALSE),\"\")","v":""},{"$f":"+IFERROR(VLOOKUP($A1934,BD_INSUMOS2[],6,FALSE),\"\")","v":""},{"$f":"+IFERROR(VLOOKUP($A1934,BD_INSUMOS2[],7,FALSE),\"\")","v":""},{"$f":"+IFERROR(VLOOKUP($A1934,BD_INSUMOS2[],8,FALSE),\"\")","v":""}]
[1924,{"$f":"+IFERROR(VLOOKUP($A1935,BD_INSUMOS2[],3,FALSE),\"\")","v":""},{"$f":"+IFERROR(VLOOKUP($A1935,BD_INSUMOS2[],5,FALSE),\"\")","v":""},{"$f":"+IFERROR(VLOOKUP($A1935,BD_INSUMOS2[],6,FALSE),\"\")","v":""},{"$f":"+IFERROR(VLOOKUP($A1935,BD_INSUMOS2[],7,FALSE),\"\")","v":""},{"$f":"+IFERROR(VLOOKUP($A1935,BD_INSUMOS2[],8,FALSE),\"\")","v":""}]
[1925,{"$f":"+IFERROR(VLOOKUP($A1936,BD_INSUMOS2[],3,FALSE),\"\")","v":""},{"$f":"+IFERROR(VLOOKUP($A1936,BD_INSUMOS2[],5,FALSE),\"\")","v":""},{"$f":"+IFERROR(VLOOKUP($A1936,BD_INSUMOS2[],6,FALSE),\"\")","v":""},{"$f":"+IFERROR(VLOOKUP($A1936,BD_INSUMOS2[],7,FALSE),\"\")","v":""},{"$f":"+IFERROR(VLOOKUP($A1936,BD_INSUMOS2[],8,FALSE),\"\")","v":""}]
[1926,{"$f":"+IFERROR(VLOOKUP($A1937,BD_INSUMOS2[],3,FALSE),\"\")","v":""},{"$f":"+IFERROR(VLOOKUP($A1937,BD_INSUMOS2[],5,FALSE),\"\")","v":""},{"$f":"+IFERROR(VLOOKUP($A1937,BD_INSUMOS2[],6,FALSE),\"\")","v":""},{"$f":"+IFERROR(VLOOKUP($A1937,BD_INSUMOS2[],7,FALSE),\"\")","v":""},{"$f":"+IFERROR(VLOOKUP($A1937,BD_INSUMOS2[],8,FALSE),\"\")","v":""}]
[1927,{"$f":"+IFERROR(VLOOKUP($A1938,BD_INSUMOS2[],3,FALSE),\"\")","v":""},{"$f":"+IFERROR(VLOOKUP($A1938,BD_INSUMOS2[],5,FALSE),\"\")","v":""},{"$f":"+IFERROR(VLOOKUP($A1938,BD_INSUMOS2[],6,FALSE),\"\")","v":""},{"$f":"+IFERROR(VLOOKUP($A1938,BD_INSUMOS2[],7,FALSE),\"\")","v":""},{"$f":"+IFERROR(VLOOKUP($A1938,BD_INSUMOS2[],8,FALSE),\"\")","v":""}]
[1928,{"$f":"+IFERROR(VLOOKUP($A1939,BD_INSUMOS2[],3,FALSE),\"\")","v":""},{"$f":"+IFERROR(VLOOKUP($A1939,BD_INSUMOS2[],5,FALSE),\"\")","v":""},{"$f":"+IFERROR(VLOOKUP($A1939,BD_INSUMOS2[],6,FALSE),\"\")","v":""},{"$f":"+IFERROR(VLOOKUP($A1939,BD_INSUMOS2[],7,FALSE),\"\")","v":""},{"$f":"+IFERROR(VLOOKUP($A1939,BD_INSUMOS2[],8,FALSE),\"\")","v":""}]
[1929,{"$f":"+IFERROR(VLOOKUP($A1940,BD_INSUMOS2[],3,FALSE),\"\")","v":""},{"$f":"+IFERROR(VLOOKUP($A1940,BD_INSUMOS2[],5,FALSE),\"\")","v":""},{"$f":"+IFERROR(VLOOKUP($A1940,BD_INSUMOS2[],6,FALSE),\"\")","v":""},{"$f":"+IFERROR(VLOOKUP($A1940,BD_INSUMOS2[],7,FALSE),\"\")","v":""},{"$f":"+IFERROR(VLOOKUP($A1940,BD_INSUMOS2[],8,FALSE),\"\")","v":""}]
[1930,{"$f":"+IFERROR(VLOOKUP($A1941,BD_INSUMOS2[],3,FALSE),\"\")","v":""},{"$f":"+IFERROR(VLOOKUP($A1941,BD_INSUMOS2[],5,FALSE),\"\")","v":""},{"$f":"+IFERROR(VLOOKUP($A1941,BD_INSUMOS2[],6,FALSE),\"\")","v":""},{"$f":"+IFERROR(VLOOKUP($A1941,BD_INSUMOS2[],7,FALSE),\"\")","v":""},{"$f":"+IFERROR(VLOOKUP($A1941,BD_INSUMOS2[],8,FALSE),\"\")","v":""}]
[1931,{"$f":"+IFERROR(VLOOKUP($A1942,BD_INSUMOS2[],3,FALSE),\"\")","v":""},{"$f":"+IFERROR(VLOOKUP($A1942,BD_INSUMOS2[],5,FALSE),\"\")","v":""},{"$f":"+IFERROR(VLOOKUP($A1942,BD_INSUMOS2[],6,FALSE),\"\")","v":""},{"$f":"+IFERROR(VLOOKUP($A1942,BD_INSUMOS2[],7,FALSE),\"\")","v":""},{"$f":"+IFERROR(VLOOKUP($A1942,BD_INSUMOS2[],8,FALSE),\"\")","v":""}]
[1932,{"$f":"+IFERROR(VLOOKUP($A1943,BD_INSUMOS2[],3,FALSE),\"\")","v":""},{"$f":"+IFERROR(VLOOKUP($A1943,BD_INSUMOS2[],5,FALSE),\"\")","v":""},{"$f":"+IFERROR(VLOOKUP($A1943,BD_INSUMOS2[],6,FALSE),\"\")","v":""},{"$f":"+IFERROR(VLOOKUP($A1943,BD_INSUMOS2[],7,FALSE),\"\")","v":""},{"$f":"+IFERROR(VLOOKUP($A1943,BD_INSUMOS2[],8,FALSE),\"\")","v":""}]
[1933,{"$f":"+IFERROR(VLOOKUP($A1944,BD_INSUMOS2[],3,FALSE),\"\")","v":""},{"$f":"+IFERROR(VLOOKUP($A1944,BD_INSUMOS2[],5,FALSE),\"\")","v":""},{"$f":"+IFERROR(VLOOKUP($A1944,BD_INSUMOS2[],6,FALSE),\"\")","v":""},{"$f":"+IFERROR(VLOOKUP($A1944,BD_INSUMOS2[],7,FALSE),\"\")","v":""},{"$f":"+IFERROR(VLOOKUP($A1944,BD_INSUMOS2[],8,FALSE),\"\")","v":""}]
[1934,{"$f":"+IFERROR(VLOOKUP($A1945,BD_INSUMOS2[],3,FALSE),\"\")","v":""},{"$f":"+IFERROR(VLOOKUP($A1945,BD_INSUMOS2[],5,FALSE),\"\")","v":""},{"$f":"+IFERROR(VLOOKUP($A1945,BD_INSUMOS2[],6,FALSE),\"\")","v":""},{"$f":"+IFERROR(VLOOKUP($A1945,BD_INSUMOS2[],7,FALSE),\"\")","v":""},{"$f":"+IFERROR(VLOOKUP($A1945,BD_INSUMOS2[],8,FALSE),\"\")","v":""}]
[1935,{"$f":"+IFERROR(VLOOKUP($A1946,BD_INSUMOS2[],3,FALSE),\"\")","v":""},{"$f":"+IFERROR(VLOOKUP($A1946,BD_INSUMOS2[],5,FALSE),\"\")","v":""},{"$f":"+IFERROR(VLOOKUP($A1946,BD_INSUMOS2[],6,FALSE),\"\")","v":""},{"$f":"+IFERROR(VLOOKUP($A1946,BD_INSUMOS2[],7,FALSE),\"\")","v":""},{"$f":"+IFERROR(VLOOKUP($A1946,BD_INSUMOS2[],8,FALSE),\"\")","v":""}]
[1936,{"$f":"+IFERROR(VLOOKUP($A1947,BD_INSUMOS2[],3,FALSE),\"\")","v":""},{"$f":"+IFERROR(VLOOKUP($A1947,BD_INSUMOS2[],5,FALSE),\"\")","v":""},{"$f":"+IFERROR(VLOOKUP($A1947,BD_INSUMOS2[],6,FALSE),\"\")","v":""},{"$f":"+IFERROR(VLOOKUP($A1947,BD_INSUMOS2[],7,FALSE),\"\")","v":""},{"$f":"+IFERROR(VLOOKUP($A1947,BD_INSUMOS2[],8,FALSE),\"\")","v":""}]
[1937,{"$f":"+IFERROR(VLOOKUP($A1948,BD_INSUMOS2[],3,FALSE),\"\")","v":""},{"$f":"+IFERROR(VLOOKUP($A1948,BD_INSUMOS2[],5,FALSE),\"\")","v":""},{"$f":"+IFERROR(VLOOKUP($A1948,BD_INSUMOS2[],6,FALSE),\"\")","v":""},{"$f":"+IFERROR(VLOOKUP($A1948,BD_INSUMOS2[],7,FALSE),\"\")","v":""},{"$f":"+IFERROR(VLOOKUP($A1948,BD_INSUMOS2[],8,FALSE),\"\")","v":""}]
[1938,{"$f":"+IFERROR(VLOOKUP($A1949,BD_INSUMOS2[],3,FALSE),\"\")","v":""},{"$f":"+IFERROR(VLOOKUP($A1949,BD_INSUMOS2[],5,FALSE),\"\")","v":""},{"$f":"+IFERROR(VLOOKUP($A1949,BD_INSUMOS2[],6,FALSE),\"\")","v":""},{"$f":"+IFERROR(VLOOKUP($A1949,BD_INSUMOS2[],7,FALSE),\"\")","v":""},{"$f":"+IFERROR(VLOOKUP($A1949,BD_INSUMOS2[],8,FALSE),\"\")","v":""}]
[1939,{"$f":"+IFERROR(VLOOKUP($A1950,BD_INSUMOS2[],3,FALSE),\"\")","v":""},{"$f":"+IFERROR(VLOOKUP($A1950,BD_INSUMOS2[],5,FALSE),\"\")","v":""},{"$f":"+IFERROR(VLOOKUP($A1950,BD_INSUMOS2[],6,FALSE),\"\")","v":""},{"$f":"+IFERROR(VLOOKUP($A1950,BD_INSUMOS2[],7,FALSE),\"\")","v":""},{"$f":"+IFERROR(VLOOKUP($A1950,BD_INSUMOS2[],8,FALSE),\"\")","v":""}]
[1940,{"$f":"+IFERROR(VLOOKUP($A1951,BD_INSUMOS2[],3,FALSE),\"\")","v":""},{"$f":"+IFERROR(VLOOKUP($A1951,BD_INSUMOS2[],5,FALSE),\"\")","v":""},{"$f":"+IFERROR(VLOOKUP($A1951,BD_INSUMOS2[],6,FALSE),\"\")","v":""},{"$f":"+IFERROR(VLOOKUP($A1951,BD_INSUMOS2[],7,FALSE),\"\")","v":""},{"$f":"+IFERROR(VLOOKUP($A1951,BD_INSUMOS2[],8,FALSE),\"\")","v":""}]
[1941,{"$f":"+IFERROR(VLOOKUP($A1952,BD_INSUMOS2[],3,FALSE),\"\")","v":""},{"$f":"+IFERROR(VLOOKUP($A1952,BD_INSUMOS2[],5,FALSE),\"\")","v":""},{"$f":"+IFERROR(VLOOKUP($A1952,BD_INSUMOS2[],6,FALSE),\"\")","v":""},{"$f":"+IFERROR(VLOOKUP($A1952,BD_INSUMOS2[],7,FALSE),\"\")","v":""},{"$f":"+IFERROR(VLOOKUP($A1952,BD_INSUMOS2[],8,FALSE),\"\")","v":""}]
[1942,{"$f":"+IFERROR(VLOOKUP($A1953,BD_INSUMOS2[],3,FALSE),\"\")","v":""},{"$f":"+IFERROR(VLOOKUP($A1953,BD_INSUMOS2[],5,FALSE),\"\")","v":""},{"$f":"+IFERROR(VLOOKUP($A1953,BD_INSUMOS2[],6,FALSE),\"\")","v":""},{"$f":"+IFERROR(VLOOKUP($A1953,BD_INSUMOS2[],7,FALSE),\"\")","v":""},{"$f":"+IFERROR(VLOOKUP($A1953,BD_INSUMOS2[],8,FALSE),\"\")","v":""}]
[1943,{"$f":"+IFERROR(VLOOKUP($A1954,BD_INSUMOS2[],3,FALSE),\"\")","v":""},{"$f":"+IFERROR(VLOOKUP($A1954,BD_INSUMOS2[],5,FALSE),\"\")","v":""},{"$f":"+IFERROR(VLOOKUP($A1954,BD_INSUMOS2[],6,FALSE),\"\")","v":""},{"$f":"+IFERROR(VLOOKUP($A1954,BD_INSUMOS2[],7,FALSE),\"\")","v":""},{"$f":"+IFERROR(VLOOKUP($A1954,BD_INSUMOS2[],8,FALSE),\"\")","v":""}]
[1944,{"$f":"+IFERROR(VLOOKUP($A1955,BD_INSUMOS2[],3,FALSE),\"\")","v":""},{"$f":"+IFERROR(VLOOKUP($A1955,BD_INSUMOS2[],5,FALSE),\"\")","v":""},{"$f":"+IFERROR(VLOOKUP($A1955,BD_INSUMOS2[],6,FALSE),\"\")","v":""},{"$f":"+IFERROR(VLOOKUP($A1955,BD_INSUMOS2[],7,FALSE),\"\")","v":""},{"$f":"+IFERROR(VLOOKUP($A1955,BD_INSUMOS2[],8,FALSE),\"\")","v":""}]
[1945,{"$f":"+IFERROR(VLOOKUP($A1956,BD_INSUMOS2[],3,FALSE),\"\")","v":""},{"$f":"+IFERROR(VLOOKUP($A1956,BD_INSUMOS2[],5,FALSE),\"\")","v":""},{"$f":"+IFERROR(VLOOKUP($A1956,BD_INSUMOS2[],6,FALSE),\"\")","v":""},{"$f":"+IFERROR(VLOOKUP($A1956,BD_INSUMOS2[],7,FALSE),\"\")","v":""},{"$f":"+IFERROR(VLOOKUP($A1956,BD_INSUMOS2[],8,FALSE),\"\")","v":""}]
[1946,{"$f":"+IFERROR(VLOOKUP($A1957,BD_INSUMOS2[],3,FALSE),\"\")","v":""},{"$f":"+IFERROR(VLOOKUP($A1957,BD_INSUMOS2[],5,FALSE),\"\")","v":""},{"$f":"+IFERROR(VLOOKUP($A1957,BD_INSUMOS2[],6,FALSE),\"\")","v":""},{"$f":"+IFERROR(VLOOKUP($A1957,BD_INSUMOS2[],7,FALSE),\"\")","v":""},{"$f":"+IFERROR(VLOOKUP($A1957,BD_INSUMOS2[],8,FALSE),\"\")","v":""}]
[1947,{"$f":"+IFERROR(VLOOKUP($A1958,BD_INSUMOS2[],3,FALSE),\"\")","v":""},{"$f":"+IFERROR(VLOOKUP($A1958,BD_INSUMOS2[],5,FALSE),\"\")","v":""},{"$f":"+IFERROR(VLOOKUP($A1958,BD_INSUMOS2[],6,FALSE),\"\")","v":""},{"$f":"+IFERROR(VLOOKUP($A1958,BD_INSUMOS2[],7,FALSE),\"\")","v":""},{"$f":"+IFERROR(VLOOKUP($A1958,BD_INSUMOS2[],8,FALSE),\"\")","v":""}]
[1948,{"$f":"+IFERROR(VLOOKUP($A1959,BD_INSUMOS2[],3,FALSE),\"\")","v":""},{"$f":"+IFERROR(VLOOKUP($A1959,BD_INSUMOS2[],5,FALSE),\"\")","v":""},{"$f":"+IFERROR(VLOOKUP($A1959,BD_INSUMOS2[],6,FALSE),\"\")","v":""},{"$f":"+IFERROR(VLOOKUP($A1959,BD_INSUMOS2[],7,FALSE),\"\")","v":""},{"$f":"+IFERROR(VLOOKUP($A1959,BD_INSUMOS2[],8,FALSE),\"\")","v":""}]
[1949,{"$f":"+IFERROR(VLOOKUP($A1960,BD_INSUMOS2[],3,FALSE),\"\")","v":""},{"$f":"+IFERROR(VLOOKUP($A1960,BD_INSUMOS2[],5,FALSE),\"\")","v":""},{"$f":"+IFERROR(VLOOKUP($A1960,BD_INSUMOS2[],6,FALSE),\"\")","v":""},{"$f":"+IFERROR(VLOOKUP($A1960,BD_INSUMOS2[],7,FALSE),\"\")","v":""},{"$f":"+IFERROR(VLOOKUP($A1960,BD_INSUMOS2[],8,FALSE),\"\")","v":""}]
[1950,{"$f":"+IFERROR(VLOOKUP($A1961,BD_INSUMOS2[],3,FALSE),\"\")","v":""},{"$f":"+IFERROR(VLOOKUP($A1961,BD_INSUMOS2[],5,FALSE),\"\")","v":""},{"$f":"+IFERROR(VLOOKUP($A1961,BD_INSUMOS2[],6,FALSE),\"\")","v":""},{"$f":"+IFERROR(VLOOKUP($A1961,BD_INSUMOS2[],7,FALSE),\"\")","v":""},{"$f":"+IFERROR(VLOOKUP($A1961,BD_INSUMOS2[],8,FALSE),\"\")","v":""}]
[1951,{"$f":"+IFERROR(VLOOKUP($A1962,BD_INSUMOS2[],3,FALSE),\"\")","v":""},{"$f":"+IFERROR(VLOOKUP($A1962,BD_INSUMOS2[],5,FALSE),\"\")","v":""},{"$f":"+IFERROR(VLOOKUP($A1962,BD_INSUMOS2[],6,FALSE),\"\")","v":""},{"$f":"+IFERROR(VLOOKUP($A1962,BD_INSUMOS2[],7,FALSE),\"\")","v":""},{"$f":"+IFERROR(VLOOKUP($A1962,BD_INSUMOS2[],8,FALSE),\"\")","v":""}]
[1952,{"$f":"+IFERROR(VLOOKUP($A1963,BD_INSUMOS2[],3,FALSE),\"\")","v":""},{"$f":"+IFERROR(VLOOKUP($A1963,BD_INSUMOS2[],5,FALSE),\"\")","v":""},{"$f":"+IFERROR(VLOOKUP($A1963,BD_INSUMOS2[],6,FALSE),\"\")","v":""},{"$f":"+IFERROR(VLOOKUP($A1963,BD_INSUMOS2[],7,FALSE),\"\")","v":""},{"$f":"+IFERROR(VLOOKUP($A1963,BD_INSUMOS2[],8,FALSE),\"\")","v":""}]
[1953,{"$f":"+IFERROR(VLOOKUP($A1964,BD_INSUMOS2[],3,FALSE),\"\")","v":""},{"$f":"+IFERROR(VLOOKUP($A1964,BD_INSUMOS2[],5,FALSE),\"\")","v":""},{"$f":"+IFERROR(VLOOKUP($A1964,BD_INSUMOS2[],6,FALSE),\"\")","v":""},{"$f":"+IFERROR(VLOOKUP($A1964,BD_INSUMOS2[],7,FALSE),\"\")","v":""},{"$f":"+IFERROR(VLOOKUP($A1964,BD_INSUMOS2[],8,FALSE),\"\")","v":""}]
[1954,{"$f":"+IFERROR(VLOOKUP($A1965,BD_INSUMOS2[],3,FALSE),\"\")","v":""},{"$f":"+IFERROR(VLOOKUP($A1965,BD_INSUMOS2[],5,FALSE),\"\")","v":""},{"$f":"+IFERROR(VLOOKUP($A1965,BD_INSUMOS2[],6,FALSE),\"\")","v":""},{"$f":"+IFERROR(VLOOKUP($A1965,BD_INSUMOS2[],7,FALSE),\"\")","v":""},{"$f":"+IFERROR(VLOOKUP($A1965,BD_INSUMOS2[],8,FALSE),\"\")","v":""}]
[1955,{"$f":"+IFERROR(VLOOKUP($A1966,BD_INSUMOS2[],3,FALSE),\"\")","v":""},{"$f":"+IFERROR(VLOOKUP($A1966,BD_INSUMOS2[],5,FALSE),\"\")","v":""},{"$f":"+IFERROR(VLOOKUP($A1966,BD_INSUMOS2[],6,FALSE),\"\")","v":""},{"$f":"+IFERROR(VLOOKUP($A1966,BD_INSUMOS2[],7,FALSE),\"\")","v":""},{"$f":"+IFERROR(VLOOKUP($A1966,BD_INSUMOS2[],8,FALSE),\"\")","v":""}]
[1956,{"$f":"+IFERROR(VLOOKUP($A1967,BD_INSUMOS2[],3,FALSE),\"\")","v":""},{"$f":"+IFERROR(VLOOKUP($A1967,BD_INSUMOS2[],5,FALSE),\"\")","v":""},{"$f":"+IFERROR(VLOOKUP($A1967,BD_INSUMOS2[],6,FALSE),\"\")","v":""},{"$f":"+IFERROR(VLOOKUP($A1967,BD_INSUMOS2[],7,FALSE),\"\")","v":""},{"$f":"+IFERROR(VLOOKUP($A1967,BD_INSUMOS2[],8,FALSE),\"\")","v":""}]
[1957,{"$f":"+IFERROR(VLOOKUP($A1968,BD_INSUMOS2[],3,FALSE),\"\")","v":""},{"$f":"+IFERROR(VLOOKUP($A1968,BD_INSUMOS2[],5,FALSE),\"\")","v":""},{"$f":"+IFERROR(VLOOKUP($A1968,BD_INSUMOS2[],6,FALSE),\"\")","v":""},{"$f":"+IFERROR(VLOOKUP($A1968,BD_INSUMOS2[],7,FALSE),\"\")","v":""},{"$f":"+IFERROR(VLOOKUP($A1968,BD_INSUMOS2[],8,FALSE),\"\")","v":""}]
[1958,{"$f":"+IFERROR(VLOOKUP($A1969,BD_INSUMOS2[],3,FALSE),\"\")","v":""},{"$f":"+IFERROR(VLOOKUP($A1969,BD_INSUMOS2[],5,FALSE),\"\")","v":""},{"$f":"+IFERROR(VLOOKUP($A1969,BD_INSUMOS2[],6,FALSE),\"\")","v":""},{"$f":"+IFERROR(VLOOKUP($A1969,BD_INSUMOS2[],7,FALSE),\"\")","v":""},{"$f":"+IFERROR(VLOOKUP($A1969,BD_INSUMOS2[],8,FALSE),\"\")","v":""}]
[1959,{"$f":"+IFERROR(VLOOKUP($A1970,BD_INSUMOS2[],3,FALSE),\"\")","v":""},{"$f":"+IFERROR(VLOOKUP($A1970,BD_INSUMOS2[],5,FALSE),\"\")","v":""},{"$f":"+IFERROR(VLOOKUP($A1970,BD_INSUMOS2[],6,FALSE),\"\")","v":""},{"$f":"+IFERROR(VLOOKUP($A1970,BD_INSUMOS2[],7,FALSE),\"\")","v":""},{"$f":"+IFERROR(VLOOKUP($A1970,BD_INSUMOS2[],8,FALSE),\"\")","v":""}]
[1960,{"$f":"+IFERROR(VLOOKUP($A1971,BD_INSUMOS2[],3,FALSE),\"\")","v":""},{"$f":"+IFERROR(VLOOKUP($A1971,BD_INSUMOS2[],5,FALSE),\"\")","v":""},{"$f":"+IFERROR(VLOOKUP($A1971,BD_INSUMOS2[],6,FALSE),\"\")","v":""},{"$f":"+IFERROR(VLOOKUP($A1971,BD_INSUMOS2[],7,FALSE),\"\")","v":""},{"$f":"+IFERROR(VLOOKUP($A1971,BD_INSUMOS2[],8,FALSE),\"\")","v":""}]
[1961,{"$f":"+IFERROR(VLOOKUP($A1972,BD_INSUMOS2[],3,FALSE),\"\")","v":""},{"$f":"+IFERROR(VLOOKUP($A1972,BD_INSUMOS2[],5,FALSE),\"\")","v":""},{"$f":"+IFERROR(VLOOKUP($A1972,BD_INSUMOS2[],6,FALSE),\"\")","v":""},{"$f":"+IFERROR(VLOOKUP($A1972,BD_INSUMOS2[],7,FALSE),\"\")","v":""},{"$f":"+IFERROR(VLOOKUP($A1972,BD_INSUMOS2[],8,FALSE),\"\")","v":""}]
[1962,{"$f":"+IFERROR(VLOOKUP($A1973,BD_INSUMOS2[],3,FALSE),\"\")","v":""},{"$f":"+IFERROR(VLOOKUP($A1973,BD_INSUMOS2[],5,FALSE),\"\")","v":""},{"$f":"+IFERROR(VLOOKUP($A1973,BD_INSUMOS2[],6,FALSE),\"\")","v":""},{"$f":"+IFERROR(VLOOKUP($A1973,BD_INSUMOS2[],7,FALSE),\"\")","v":""},{"$f":"+IFERROR(VLOOKUP($A1973,BD_INSUMOS2[],8,FALSE),\"\")","v":""}]
[1963,{"$f":"+IFERROR(VLOOKUP($A1974,BD_INSUMOS2[],3,FALSE),\"\")","v":""},{"$f":"+IFERROR(VLOOKUP($A1974,BD_INSUMOS2[],5,FALSE),\"\")","v":""},{"$f":"+IFERROR(VLOOKUP($A1974,BD_INSUMOS2[],6,FALSE),\"\")","v":""},{"$f":"+IFERROR(VLOOKUP($A1974,BD_INSUMOS2[],7,FALSE),\"\")","v":""},{"$f":"+IFERROR(VLOOKUP($A1974,BD_INSUMOS2[],8,FALSE),\"\")","v":""}]
[1964,{"$f":"+IFERROR(VLOOKUP($A1975,BD_INSUMOS2[],3,FALSE),\"\")","v":""},{"$f":"+IFERROR(VLOOKUP($A1975,BD_INSUMOS2[],5,FALSE),\"\")","v":""},{"$f":"+IFERROR(VLOOKUP($A1975,BD_INSUMOS2[],6,FALSE),\"\")","v":""},{"$f":"+IFERROR(VLOOKUP($A1975,BD_INSUMOS2[],7,FALSE),\"\")","v":""},{"$f":"+IFERROR(VLOOKUP($A1975,BD_INSUMOS2[],8,FALSE),\"\")","v":""}]
[1965,{"$f":"+IFERROR(VLOOKUP($A1976,BD_INSUMOS2[],3,FALSE),\"\")","v":""},{"$f":"+IFERROR(VLOOKUP($A1976,BD_INSUMOS2[],5,FALSE),\"\")","v":""},{"$f":"+IFERROR(VLOOKUP($A1976,BD_INSUMOS2[],6,FALSE),\"\")","v":""},{"$f":"+IFERROR(VLOOKUP($A1976,BD_INSUMOS2[],7,FALSE),\"\")","v":""},{"$f":"+IFERROR(VLOOKUP($A1976,BD_INSUMOS2[],8,FALSE),\"\")","v":""}]
[1966,{"$f":"+IFERROR(VLOOKUP($A1977,BD_INSUMOS2[],3,FALSE),\"\")","v":""},{"$f":"+IFERROR(VLOOKUP($A1977,BD_INSUMOS2[],5,FALSE),\"\")","v":""},{"$f":"+IFERROR(VLOOKUP($A1977,BD_INSUMOS2[],6,FALSE),\"\")","v":""},{"$f":"+IFERROR(VLOOKUP($A1977,BD_INSUMOS2[],7,FALSE),\"\")","v":""},{"$f":"+IFERROR(VLOOKUP($A1977,BD_INSUMOS2[],8,FALSE),\"\")","v":""}]
[1967,{"$f":"+IFERROR(VLOOKUP($A1978,BD_INSUMOS2[],3,FALSE),\"\")","v":""},{"$f":"+IFERROR(VLOOKUP($A1978,BD_INSUMOS2[],5,FALSE),\"\")","v":""},{"$f":"+IFERROR(VLOOKUP($A1978,BD_INSUMOS2[],6,FALSE),\"\")","v":""},{"$f":"+IFERROR(VLOOKUP($A1978,BD_INSUMOS2[],7,FALSE),\"\")","v":""},{"$f":"+IFERROR(VLOOKUP($A1978,BD_INSUMOS2[],8,FALSE),\"\")","v":""}]
[1968,{"$f":"+IFERROR(VLOOKUP($A1979,BD_INSUMOS2[],3,FALSE),\"\")","v":""},{"$f":"+IFERROR(VLOOKUP($A1979,BD_INSUMOS2[],5,FALSE),\"\")","v":""},{"$f":"+IFERROR(VLOOKUP($A1979,BD_INSUMOS2[],6,FALSE),\"\")","v":""},{"$f":"+IFERROR(VLOOKUP($A1979,BD_INSUMOS2[],7,FALSE),\"\")","v":""},{"$f":"+IFERROR(VLOOKUP($A1979,BD_INSUMOS2[],8,FALSE),\"\")","v":""}]
[1969,{"$f":"+IFERROR(VLOOKUP($A1980,BD_INSUMOS2[],3,FALSE),\"\")","v":""},{"$f":"+IFERROR(VLOOKUP($A1980,BD_INSUMOS2[],5,FALSE),\"\")","v":""},{"$f":"+IFERROR(VLOOKUP($A1980,BD_INSUMOS2[],6,FALSE),\"\")","v":""},{"$f":"+IFERROR(VLOOKUP($A1980,BD_INSUMOS2[],7,FALSE),\"\")","v":""},{"$f":"+IFERROR(VLOOKUP($A1980,BD_INSUMOS2[],8,FALSE),\"\")","v":""}]
[1970,{"$f":"+IFERROR(VLOOKUP($A1981,BD_INSUMOS2[],3,FALSE),\"\")","v":""},{"$f":"+IFERROR(VLOOKUP($A1981,BD_INSUMOS2[],5,FALSE),\"\")","v":""},{"$f":"+IFERROR(VLOOKUP($A1981,BD_INSUMOS2[],6,FALSE),\"\")","v":""},{"$f":"+IFERROR(VLOOKUP($A1981,BD_INSUMOS2[],7,FALSE),\"\")","v":""},{"$f":"+IFERROR(VLOOKUP($A1981,BD_INSUMOS2[],8,FALSE),\"\")","v":""}]
[1971,{"$f":"+IFERROR(VLOOKUP($A1982,BD_INSUMOS2[],3,FALSE),\"\")","v":""},{"$f":"+IFERROR(VLOOKUP($A1982,BD_INSUMOS2[],5,FALSE),\"\")","v":""},{"$f":"+IFERROR(VLOOKUP($A1982,BD_INSUMOS2[],6,FALSE),\"\")","v":""},{"$f":"+IFERROR(VLOOKUP($A1982,BD_INSUMOS2[],7,FALSE),\"\")","v":""},{"$f":"+IFERROR(VLOOKUP($A1982,BD_INSUMOS2[],8,FALSE),\"\")","v":""}]
[1972,{"$f":"+IFERROR(VLOOKUP($A1983,BD_INSUMOS2[],3,FALSE),\"\")","v":""},{"$f":"+IFERROR(VLOOKUP($A1983,BD_INSUMOS2[],5,FALSE),\"\")","v":""},{"$f":"+IFERROR(VLOOKUP($A1983,BD_INSUMOS2[],6,FALSE),\"\")","v":""},{"$f":"+IFERROR(VLOOKUP($A1983,BD_INSUMOS2[],7,FALSE),\"\")","v":""},{"$f":"+IFERROR(VLOOKUP($A1983,BD_INSUMOS2[],8,FALSE),\"\")","v":""}]
[1973,{"$f":"+IFERROR(VLOOKUP($A1984,BD_INSUMOS2[],3,FALSE),\"\")","v":""},{"$f":"+IFERROR(VLOOKUP($A1984,BD_INSUMOS2[],5,FALSE),\"\")","v":""},{"$f":"+IFERROR(VLOOKUP($A1984,BD_INSUMOS2[],6,FALSE),\"\")","v":""},{"$f":"+IFERROR(VLOOKUP($A1984,BD_INSUMOS2[],7,FALSE),\"\")","v":""},{"$f":"+IFERROR(VLOOKUP($A1984,BD_INSUMOS2[],8,FALSE),\"\")","v":""}]
[1974,{"$f":"+IFERROR(VLOOKUP($A1985,BD_INSUMOS2[],3,FALSE),\"\")","v":""},{"$f":"+IFERROR(VLOOKUP($A1985,BD_INSUMOS2[],5,FALSE),\"\")","v":""},{"$f":"+IFERROR(VLOOKUP($A1985,BD_INSUMOS2[],6,FALSE),\"\")","v":""},{"$f":"+IFERROR(VLOOKUP($A1985,BD_INSUMOS2[],7,FALSE),\"\")","v":""},{"$f":"+IFERROR(VLOOKUP($A1985,BD_INSUMOS2[],8,FALSE),\"\")","v":""}]
[1975,{"$f":"+IFERROR(VLOOKUP($A1986,BD_INSUMOS2[],3,FALSE),\"\")","v":""},{"$f":"+IFERROR(VLOOKUP($A1986,BD_INSUMOS2[],5,FALSE),\"\")","v":""},{"$f":"+IFERROR(VLOOKUP($A1986,BD_INSUMOS2[],6,FALSE),\"\")","v":""},{"$f":"+IFERROR(VLOOKUP($A1986,BD_INSUMOS2[],7,FALSE),\"\")","v":""},{"$f":"+IFERROR(VLOOKUP($A1986,BD_INSUMOS2[],8,FALSE),\"\")","v":""}]
[1976,{"$f":"+IFERROR(VLOOKUP($A1987,BD_INSUMOS2[],3,FALSE),\"\")","v":""},{"$f":"+IFERROR(VLOOKUP($A1987,BD_INSUMOS2[],5,FALSE),\"\")","v":""},{"$f":"+IFERROR(VLOOKUP($A1987,BD_INSUMOS2[],6,FALSE),\"\")","v":""},{"$f":"+IFERROR(VLOOKUP($A1987,BD_INSUMOS2[],7,FALSE),\"\")","v":""},{"$f":"+IFERROR(VLOOKUP($A1987,BD_INSUMOS2[],8,FALSE),\"\")","v":""}]
[1977,{"$f":"+IFERROR(VLOOKUP($A1988,BD_INSUMOS2[],3,FALSE),\"\")","v":""},{"$f":"+IFERROR(VLOOKUP($A1988,BD_INSUMOS2[],5,FALSE),\"\")","v":""},{"$f":"+IFERROR(VLOOKUP($A1988,BD_INSUMOS2[],6,FALSE),\"\")","v":""},{"$f":"+IFERROR(VLOOKUP($A1988,BD_INSUMOS2[],7,FALSE),\"\")","v":""},{"$f":"+IFERROR(VLOOKUP($A1988,BD_INSUMOS2[],8,FALSE),\"\")","v":""}]
[1978,{"$f":"+IFERROR(VLOOKUP($A1989,BD_INSUMOS2[],3,FALSE),\"\")","v":""},{"$f":"+IFERROR(VLOOKUP($A1989,BD_INSUMOS2[],5,FALSE),\"\")","v":""},{"$f":"+IFERROR(VLOOKUP($A1989,BD_INSUMOS2[],6,FALSE),\"\")","v":""},{"$f":"+IFERROR(VLOOKUP($A1989,BD_INSUMOS2[],7,FALSE),\"\")","v":""},{"$f":"+IFERROR(VLOOKUP($A1989,BD_INSUMOS2[],8,FALSE),\"\")","v":""}]
[1979,{"$f":"+IFERROR(VLOOKUP($A1990,BD_INSUMOS2[],3,FALSE),\"\")","v":""},{"$f":"+IFERROR(VLOOKUP($A1990,BD_INSUMOS2[],5,FALSE),\"\")","v":""},{"$f":"+IFERROR(VLOOKUP($A1990,BD_INSUMOS2[],6,FALSE),\"\")","v":""},{"$f":"+IFERROR(VLOOKUP($A1990,BD_INSUMOS2[],7,FALSE),\"\")","v":""},{"$f":"+IFERROR(VLOOKUP($A1990,BD_INSUMOS2[],8,FALSE),\"\")","v":""}]
[1980,{"$f":"+IFERROR(VLOOKUP($A1991,BD_INSUMOS2[],3,FALSE),\"\")","v":""},{"$f":"+IFERROR(VLOOKUP($A1991,BD_INSUMOS2[],5,FALSE),\"\")","v":""},{"$f":"+IFERROR(VLOOKUP($A1991,BD_INSUMOS2[],6,FALSE),\"\")","v":""},{"$f":"+IFERROR(VLOOKUP($A1991,BD_INSUMOS2[],7,FALSE),\"\")","v":""},{"$f":"+IFERROR(VLOOKUP($A1991,BD_INSUMOS2[],8,FALSE),\"\")","v":""}]
[1981,{"$f":"+IFERROR(VLOOKUP($A1992,BD_INSUMOS2[],3,FALSE),\"\")","v":""},{"$f":"+IFERROR(VLOOKUP($A1992,BD_INSUMOS2[],5,FALSE),\"\")","v":""},{"$f":"+IFERROR(VLOOKUP($A1992,BD_INSUMOS2[],6,FALSE),\"\")","v":""},{"$f":"+IFERROR(VLOOKUP($A1992,BD_INSUMOS2[],7,FALSE),\"\")","v":""},{"$f":"+IFERROR(VLOOKUP($A1992,BD_INSUMOS2[],8,FALSE),\"\")","v":""}]
[1982,{"$f":"+IFERROR(VLOOKUP($A1993,BD_INSUMOS2[],3,FALSE),\"\")","v":""},{"$f":"+IFERROR(VLOOKUP($A1993,BD_INSUMOS2[],5,FALSE),\"\")","v":""},{"$f":"+IFERROR(VLOOKUP($A1993,BD_INSUMOS2[],6,FALSE),\"\")","v":""},{"$f":"+IFERROR(VLOOKUP($A1993,BD_INSUMOS2[],7,FALSE),\"\")","v":""},{"$f":"+IFERROR(VLOOKUP($A1993,BD_INSUMOS2[],8,FALSE),\"\")","v":""}]
[1983,{"$f":"+IFERROR(VLOOKUP($A1994,BD_INSUMOS2[],3,FALSE),\"\")","v":""},{"$f":"+IFERROR(VLOOKUP($A1994,BD_INSUMOS2[],5,FALSE),\"\")","v":""},{"$f":"+IFERROR(VLOOKUP($A1994,BD_INSUMOS2[],6,FALSE),\"\")","v":""},{"$f":"+IFERROR(VLOOKUP($A1994,BD_INSUMOS2[],7,FALSE),\"\")","v":""},{"$f":"+IFERROR(VLOOKUP($A1994,BD_INSUMOS2[],8,FALSE),\"\")","v":""}]
[1984,{"$f":"+IFERROR(VLOOKUP($A1995,BD_INSUMOS2[],3,FALSE),\"\")","v":""},{"$f":"+IFERROR(VLOOKUP($A1995,BD_INSUMOS2[],5,FALSE),\"\")","v":""},{"$f":"+IFERROR(VLOOKUP($A1995,BD_INSUMOS2[],6,FALSE),\"\")","v":""},{"$f":"+IFERROR(VLOOKUP($A1995,BD_INSUMOS2[],7,FALSE),\"\")","v":""},{"$f":"+IFERROR(VLOOKUP($A1995,BD_INSUMOS2[],8,FALSE),\"\")","v":""}]
[1985,{"$f":"+IFERROR(VLOOKUP($A1996,BD_INSUMOS2[],3,FALSE),\"\")","v":""},{"$f":"+IFERROR(VLOOKUP($A1996,BD_INSUMOS2[],5,FALSE),\"\")","v":""},{"$f":"+IFERROR(VLOOKUP($A1996,BD_INSUMOS2[],6,FALSE),\"\")","v":""},{"$f":"+IFERROR(VLOOKUP($A1996,BD_INSUMOS2[],7,FALSE),\"\")","v":""},{"$f":"+IFERROR(VLOOKUP($A1996,BD_INSUMOS2[],8,FALSE),\"\")","v":""}]
[1986,{"$f":"+IFERROR(VLOOKUP($A1997,BD_INSUMOS2[],3,FALSE),\"\")","v":""},{"$f":"+IFERROR(VLOOKUP($A1997,BD_INSUMOS2[],5,FALSE),\"\")","v":""},{"$f":"+IFERROR(VLOOKUP($A1997,BD_INSUMOS2[],6,FALSE),\"\")","v":""},{"$f":"+IFERROR(VLOOKUP($A1997,BD_INSUMOS2[],7,FALSE),\"\")","v":""},{"$f":"+IFERROR(VLOOKUP($A1997,BD_INSUMOS2[],8,FALSE),\"\")","v":""}]
[1987,{"$f":"+IFERROR(VLOOKUP($A1998,BD_INSUMOS2[],3,FALSE),\"\")","v":""},{"$f":"+IFERROR(VLOOKUP($A1998,BD_INSUMOS2[],5,FALSE),\"\")","v":""},{"$f":"+IFERROR(VLOOKUP($A1998,BD_INSUMOS2[],6,FALSE),\"\")","v":""},{"$f":"+IFERROR(VLOOKUP($A1998,BD_INSUMOS2[],7,FALSE),\"\")","v":""},{"$f":"+IFERROR(VLOOKUP($A1998,BD_INSUMOS2[],8,FALSE),\"\")","v":""}]
[1988,{"$f":"+IFERROR(VLOOKUP($A1999,BD_INSUMOS2[],3,FALSE),\"\")","v":""},{"$f":"+IFERROR(VLOOKUP($A1999,BD_INSUMOS2[],5,FALSE),\"\")","v":""},{"$f":"+IFERROR(VLOOKUP($A1999,BD_INSUMOS2[],6,FALSE),\"\")","v":""},{"$f":"+IFERROR(VLOOKUP($A1999,BD_INSUMOS2[],7,FALSE),\"\")","v":""},{"$f":"+IFERROR(VLOOKUP($A1999,BD_INSUMOS2[],8,FALSE),\"\")","v":""}]
[1989,{"$f":"+IFERROR(VLOOKUP($A2000,BD_INSUMOS2[],3,FALSE),\"\")","v":""},{"$f":"+IFERROR(VLOOKUP($A2000,BD_INSUMOS2[],5,FALSE),\"\")","v":""},{"$f":"+IFERROR(VLOOKUP($A2000,BD_INSUMOS2[],6,FALSE),\"\")","v":""},{"$f":"+IFERROR(VLOOKUP($A2000,BD_INSUMOS2[],7,FALSE),\"\")","v":""},{"$f":"+IFERROR(VLOOKUP($A2000,BD_INSUMOS2[],8,FALSE),\"\")","v":""}]
[1990,{"$f":"+IFERROR(VLOOKUP($A2001,BD_INSUMOS2[],3,FALSE),\"\")","v":""},{"$f":"+IFERROR(VLOOKUP($A2001,BD_INSUMOS2[],5,FALSE),\"\")","v":""},{"$f":"+IFERROR(VLOOKUP($A2001,BD_INSUMOS2[],6,FALSE),\"\")","v":""},{"$f":"+IFERROR(VLOOKUP($A2001,BD_INSUMOS2[],7,FALSE),\"\")","v":""},{"$f":"+IFERROR(VLOOKUP($A2001,BD_INSUMOS2[],8,FALSE),\"\")","v":""}]
[1991,{"$f":"+IFERROR(VLOOKUP($A2002,BD_INSUMOS2[],3,FALSE),\"\")","v":""},{"$f":"+IFERROR(VLOOKUP($A2002,BD_INSUMOS2[],5,FALSE),\"\")","v":""},{"$f":"+IFERROR(VLOOKUP($A2002,BD_INSUMOS2[],6,FALSE),\"\")","v":""},{"$f":"+IFERROR(VLOOKUP($A2002,BD_INSUMOS2[],7,FALSE),\"\")","v":""},{"$f":"+IFERROR(VLOOKUP($A2002,BD_INSUMOS2[],8,FALSE),\"\")","v":""}]
[1992,{"$f":"+IFERROR(VLOOKUP($A2003,BD_INSUMOS2[],3,FALSE),\"\")","v":""},{"$f":"+IFERROR(VLOOKUP($A2003,BD_INSUMOS2[],5,FALSE),\"\")","v":""},{"$f":"+IFERROR(VLOOKUP($A2003,BD_INSUMOS2[],6,FALSE),\"\")","v":""},{"$f":"+IFERROR(VLOOKUP($A2003,BD_INSUMOS2[],7,FALSE),\"\")","v":""},{"$f":"+IFERROR(VLOOKUP($A2003,BD_INSUMOS2[],8,FALSE),\"\")","v":""}]
[1993,{"$f":"+IFERROR(VLOOKUP($A2004,BD_INSUMOS2[],3,FALSE),\"\")","v":""},{"$f":"+IFERROR(VLOOKUP($A2004,BD_INSUMOS2[],5,FALSE),\"\")","v":""},{"$f":"+IFERROR(VLOOKUP($A2004,BD_INSUMOS2[],6,FALSE),\"\")","v":""},{"$f":"+IFERROR(VLOOKUP($A2004,BD_INSUMOS2[],7,FALSE),\"\")","v":""},{"$f":"+IFERROR(VLOOKUP($A2004,BD_INSUMOS2[],8,FALSE),\"\")","v":""}]
[1994,{"$f":"+IFERROR(VLOOKUP($A2005,BD_INSUMOS2[],3,FALSE),\"\")","v":""},{"$f":"+IFERROR(VLOOKUP($A2005,BD_INSUMOS2[],5,FALSE),\"\")","v":""},{"$f":"+IFERROR(VLOOKUP($A2005,BD_INSUMOS2[],6,FALSE),\"\")","v":""},{"$f":"+IFERROR(VLOOKUP($A2005,BD_INSUMOS2[],7,FALSE),\"\")","v":""},{"$f":"+IFERROR(VLOOKUP($A2005,BD_INSUMOS2[],8,FALSE),\"\")","v":""}]
[1995,{"$f":"+IFERROR(VLOOKUP($A2006,BD_INSUMOS2[],3,FALSE),\"\")","v":""},{"$f":"+IFERROR(VLOOKUP($A2006,BD_INSUMOS2[],5,FALSE),\"\")","v":""},{"$f":"+IFERROR(VLOOKUP($A2006,BD_INSUMOS2[],6,FALSE),\"\")","v":""},{"$f":"+IFERROR(VLOOKUP($A2006,BD_INSUMOS2[],7,FALSE),\"\")","v":""},{"$f":"+IFERROR(VLOOKUP($A2006,BD_INSUMOS2[],8,FALSE),\"\")","v":""}]
[1996,{"$f":"+IFERROR(VLOOKUP($A2007,BD_INSUMOS2[],3,FALSE),\"\")","v":""},{"$f":"+IFERROR(VLOOKUP($A2007,BD_INSUMOS2[],5,FALSE),\"\")","v":""},{"$f":"+IFERROR(VLOOKUP($A2007,BD_INSUMOS2[],6,FALSE),\"\")","v":""},{"$f":"+IFERROR(VLOOKUP($A2007,BD_INSUMOS2[],7,FALSE),\"\")","v":""},{"$f":"+IFERROR(VLOOKUP($A2007,BD_INSUMOS2[],8,FALSE),\"\")","v":""}]
[1997,{"$f":"+IFERROR(VLOOKUP($A2008,BD_INSUMOS2[],3,FALSE),\"\")","v":""},{"$f":"+IFERROR(VLOOKUP($A2008,BD_INSUMOS2[],5,FALSE),\"\")","v":""},{"$f":"+IFERROR(VLOOKUP($A2008,BD_INSUMOS2[],6,FALSE),\"\")","v":""},{"$f":"+IFERROR(VLOOKUP($A2008,BD_INSUMOS2[],7,FALSE),\"\")","v":""},{"$f":"+IFERROR(VLOOKUP($A2008,BD_INSUMOS2[],8,FALSE),\"\")","v":""}]
[1998,{"$f":"+IFERROR(VLOOKUP($A2009,BD_INSUMOS2[],3,FALSE),\"\")","v":""},{"$f":"+IFERROR(VLOOKUP($A2009,BD_INSUMOS2[],5,FALSE),\"\")","v":""},{"$f":"+IFERROR(VLOOKUP($A2009,BD_INSUMOS2[],6,FALSE),\"\")","v":""},{"$f":"+IFERROR(VLOOKUP($A2009,BD_INSUMOS2[],7,FALSE),\"\")","v":""},{"$f":"+IFERROR(VLOOKUP($A2009,BD_INSUMOS2[],8,FALSE),\"\")","v":""}]
[1999,{"$f":"+IFERROR(VLOOKUP($A2010,BD_INSUMOS2[],3,FALSE),\"\")","v":""},{"$f":"+IFERROR(VLOOKUP($A2010,BD_INSUMOS2[],5,FALSE),\"\")","v":""},{"$f":"+IFERROR(VLOOKUP($A2010,BD_INSUMOS2[],6,FALSE),\"\")","v":""},{"$f":"+IFERROR(VLOOKUP($A2010,BD_INSUMOS2[],7,FALSE),\"\")","v":""},{"$f":"+IFERROR(VLOOKUP($A2010,BD_INSUMOS2[],8,FALSE),\"\")","v":""}]
[2000,{"$f":"+IFERROR(VLOOKUP($A2011,BD_INSUMOS2[],3,FALSE),\"\")","v":""},{"$f":"+IFERROR(VLOOKUP($A2011,BD_INSUMOS2[],5,FALSE),\"\")","v":""},{"$f":"+IFERROR(VLOOKUP($A2011,BD_INSUMOS2[],6,FALSE),\"\")","v":""},{"$f":"+IFERROR(VLOOKUP($A2011,BD_INSUMOS2[],7,FALSE),\"\")","v":""},{"$f":"+IFERROR(VLOOKUP($A2011,BD_INSUMOS2[],8,FALSE),\"\")","v":""}]

{"sheet":"NUEVO_APU","index":29,"n_rows":15,"n_cols":7,"rows_kept":15,"cut":false,"hidden":false,"merged":[[13,1,13,2],[10,1,10,2],[11,1,11,2],[12,1,12,2],[0,1,5,1],[0,2,0,4],[1,2,3,4],[4,2,4,4],[6,1,6,4],[9,1,9,2]]}
[null,null,"NOMBRE DEL PROYECTO:"]
[null,null,{"$f":"+Nom_proy1","v":"MEJORAMIENTO DEL TRAMO VIAL LA PAZ - EL PROGRESO ENTRE EL K5+000 Y EL K6+000 DEL MUNICIPIO LA ESTRELLA FLUVIAL"}]
[]
[]
[null,null,"FORMULARIO PARA INCLUIR NUEVO ÍTEM"]
[null,null,"FECHA:",{"$f":"+Fecha_Pres","v":"2019-10-11"}]
[]
[]
[null,{"$f":"+I1048576+1","v":1}]
[null,"NÚMERO CONSECUTIVO GENERAL \n(Se genera automaticamente para ingresar nuevo APU)",null,null,null,null,{"$f":"+IFERROR(VLOOKUP($D$10,'[7]1 APLICATIVO_OBRAS_V13'!#REF!,2,0),\"\")","v":""}]
[null,"CÓDIGO ÍTEM\n(Se genera automaticamente para ingresar nuevo APU)"]
[null,"DESCRIPCIÓN DEL  ÍTEM A INCLUIR"]
[null,"UNIDAD DE MEDIDA DEL  ÍTEM","UNIDAD"]
[null,"FECHA DE REGISTRO DEL  ÍTEM","FECHA"]
[null,null,null,{"$f":"+K6+1","v":1}]

{"sheet":"FORMULARIO_NUEVO_APU","index":30,"n_rows":70,"n_cols":13,"rows_kept":70,"cut":false,"hidden":false,"merged":[[13,1,13,7],[20,1,20,4],[21,1,21,4],[21,5,21,6],[21,8,21,9],[19,5,19,6],[19,8,19,9],[20,5,20,6],[20,8,20,9],[15,5,15,6],[25,1,25,5],[25,8,25,9],[26,1,26,5],[27,8,27,9],[32,1,32,9],[51,1,51,9],[60,1,60,9],[48,1,48,4],[49,1,49,4],[48,8,48,9],[49,8,49,9],[39,1,39,4],[39,8,39,9],[40,1,40,4],[40,8,40,9],[41,1,41,4],[31,1,31,5],[31,8,31,9],[29,1,29,5],[29,8,29,9],[57,1,57,6],[57,8,57,9],[58,1,58,6],[58,8,58,9],[22,1,22,9],[30,1,30,5],[30,8,30,9],[14,1,14,10],[3,1,9,2],[3,3,3,8],[3,9,9,10],[4,3,4,8],[5,3,5,8],[6,3,6,8],[7,3,7,8],[8,3,8,8],[9,3,9,5],[9,6,9,8],[11,1,11,10],[15,8,15,9],[28,1,28,5],[28,8,28,9],[17,5,17,6],[17,8,17,9],[18,5,18,6],[18,8,18,9],[23,1,23,10],[24,1,24,10],[36,8,36,9],[37,1,37,4],[37,8,37,9],[38,1,38,4],[38,8,38,9],[42,1,42,9],[41,8,41,9],[43,1,43,10],[56,8,56,9],[45,8,45,9],[56,1,56,6],[50,8,50,9],[52,1,52,10],[46,8,46,9],[47,1,47,4],[47,8,47,9],[46,1,46,4],[53,1,53,9],[54,1,54,10],[55,1,55,10],[67,1,67,4],[68,1,68,4],[69,1,69,4],[15,1,15,4],[16,1,16,4],[17,1,17,4],[18,1,18,4],[19,1,19,4],[50,1,50,4],[59,1,59,6],[44,1,44,10],[45,1,45,4],[33,1,33,10],[16,5,16,6],[16,8,16,9],[59,8,59,9],[61,1,61,10],[26,8,26,9],[27,1,27,5],[62,1,62,9],[34,1,34,10],[35,1,35,4],[35,8,35,9],[36,1,36,4]]}
[]
[]
[]
[null,null,null,"REPÚBLICA DE COLOMBIA"]
[null,null,null,{"$f":"+DPTO","v":"DEPARTAMENTO DEL CAUCA"}]
[null,null,null,{"$f":"+Nom_Mpio1","v":"MUNICIPIO LA ESTRELLA FLUVIAL"}]
[null,null,null,{"$f":"Dependencia","v":"SECRETARÍA DE OBRAS PÚBLICAS"}]
[null,null,null,{"$f":"+Nom_proy1","v":"MEJORAMIENTO DEL TRAMO VIAL LA PAZ - EL PROGRESO ENTRE EL K5+000 Y EL K6+000 DEL MUNICIPIO LA ESTRELLA FLUVIAL"}]
[]
[null,null,null,"Fecha:",null,null,{"$f":"+Fecha_Pres","v":"2019-10-11"}]
[]
[null,"ANÁLISIS DE PRECIOS UNITARIOS"]
[]
[null,{"$f":"IFERROR(VLOOKUP($A14,LISTA_APU,2,FALSE),\"\")","v":""},null,null,null,null,null,null,"Unidad:",{"$f":"IFERROR(VLOOKUP($A14,LISTA_APU,3,FALSE),\"\")","v":""},{"$f":"+K54","v":0}]
[null,"I. EQUIPO"]
[null,"DESCRIPCIÓN",null,null,null,"TIPO",null,"TARIFA/HORA","RENDIMIENTO",null,"Vr. UNITARIO"]
[null,{"$f":"+IFERROR(VLOOKUP($A17,INSUMOS_BD2,3,FALSE),\"\")","v":""},null,null,null,null,null,{"$f":"IFERROR(ROUND(IF($B17=\"Herramienta Menor HM (% mano de obra)\",HM,IF($B17=\"Herramienta Menor HM2 (% mano de obra)\",HM_2,VLOOKUP($A17,INSUMOS_BD2,5,FALSE))),2),\"\")","v":""},null,null,{"$f":"IFERROR(ROUND(IF(B17=\"Herramienta Menor HM (% mano de obra)\",$K$52*HM,IF(B17=\"Herramienta Menor HM2 (% mano de obra)\",$K$52*HM_2,H17/I17)),0),\"\")","v":""}]
[null,"",null,null,null,null,null,"",null,null,""]
[null,"",null,null,null,null,null,"",null,null,""]
[null,"",null,null,null,null,null,"",null,null,""]
[null,"",null,null,null,null,null,"",null,null,""]
[null,"",null,null,null,null,null,"",null,null,""]
[null,"SUB-TOTAL ",null,null,null,null,null,null,null,null,{"$f":"SUM(K17:K22)","v":0}]
[]
[null,"II. MATERIALES"]
[null,"DESCRIPCIÓN",null,null,null,null,"UNIDAD","CANTIDAD","PRECIO UNIT.",null,"Vr. UNITARIO"]
[null,{"$f":"+IFERROR(VLOOKUP($A27,INSUMOS_BD2,3,FALSE),\"\")","v":""},null,null,null,null,{"$f":"+IFERROR(VLOOKUP($A27,INSUMOS_BD2,4,FALSE),\"\")","v":""},null,{"$f":"+IFERROR(VLOOKUP($A27,INSUMOS_BD2,5,FALSE),\"\")","v":""},null,{"$f":"IFERROR(ROUND(H27*I27,0),\"\")","v":""}]
[null,{"$f":"+IFERROR(VLOOKUP($A28,INSUMOS_BD2,3,FALSE),\"\")","v":""},null,null,null,null,{"$f":"+IFERROR(VLOOKUP($A28,INSUMOS_BD2,4,FALSE),\"\")","v":""},null,{"$f":"+IFERROR(VLOOKUP($A28,INSUMOS_BD2,5,FALSE),\"\")","v":""},null,""]
[null,{"$f":"+IFERROR(VLOOKUP($A29,INSUMOS_BD2,3,FALSE),\"\")","v":""},null,null,null,null,{"$f":"+IFERROR(VLOOKUP($A29,INSUMOS_BD2,4,FALSE),\"\")","v":""},null,{"$f":"+IFERROR(VLOOKUP($A29,INSUMOS_BD2,5,FALSE),\"\")","v":""},null,""]
[null,{"$f":"+IFERROR(VLOOKUP($A30,INSUMOS_BD2,3,FALSE),\"\")","v":""},null,null,null,null,{"$f":"+IFERROR(VLOOKUP($A30,INSUMOS_BD2,4,FALSE),\"\")","v":""},null,{"$f":"+IFERROR(VLOOKUP($A30,INSUMOS_BD2,5,FALSE),\"\")","v":""},null,""]
[null,{"$f":"+IFERROR(VLOOKUP($A31,INSUMOS_BD2,3,FALSE),\"\")","v":""},null,null,null,null,{"$f":"+IFERROR(VLOOKUP($A31,INSUMOS_BD2,4,FALSE),\"\")","v":""},null,{"$f":"+IFERROR(VLOOKUP($A31,INSUMOS_BD2,5,FALSE),\"\")","v":""},null,""]
[null,{"$f":"+IFERROR(VLOOKUP($A32,INSUMOS_BD2,3,FALSE),\"\")","v":""},null,null,null,null,{"$f":"+IFERROR(VLOOKUP($A32,INSUMOS_BD2,4,FALSE),\"\")","v":""},null,{"$f":"+IFERROR(VLOOKUP($A32,INSUMOS_BD2,5,FALSE),\"\")","v":""},null,""]
[null,"SUB-TOTAL ",null,null,null,null,null,null,null,null,{"$f":"SUM(K27:K32)","v":0}]
[]
[null,"III. TRANSPORTES"]
[null,"MATERIAL",null,null,null,"FACT. EXPAN o COMPACT","DISTANCIA","VOL. o PESO","TARIFA (m3 o ton/km)",null,"Vr. UNITARIO",null,"OPCIÓN DISTANCIA A CANTERAS"]
[null,{"$f":"+IFERROR(VLOOKUP($A37,INSUMOS_BD2,3,FALSE),\"\")","v":""},null,null,null,null,{"$f":"+IF(M37=\"Dist. Desalojo sobrantes\",D_Bote,IF(M37=\"Dist. Cantera para relleno\",D_Cantera,IF(M37=\"Dist. Cantera Triturado\",D_Cantera2,IF(M37=\"Dist. Cantera roca muerta\",D_Cantera3,IF(M37=\"Dist. Cantera Agregados rio\",D_Cantera4,IF(M37=\"Dist. Transporte Maquinaria\",Dist_Maquina,\"\"))))))","v":""},null,{"$f":"+IFERROR(VLOOKUP($A37,INSUMOS_BD2,5,FALSE),\"\")","v":""},null,{"$f":"IFERROR(ROUND(G37*H37*I37,0),\"\")","v":""}]
[null,"",null,null,null,null,"",null,"",null,{"$f":"IFERROR(ROUND(G38*H38*I38,0),\"\")","v":""}]
[null,"",null,null,null,null,"",null,"",null,""]
[null,"",null,null,null,null,"",null,"",null,""]
[null,"",null,null,null,null,"",null,"",null,""]
[null,"",null,null,null,null,"",null,"",null,""]
[null,"SUB-TOTAL ",null,null,null,null,null,null,null,null,{"$f":"SUM(K37:K42)","v":0}]
[]
[null,"IV. MANO DE OBRA"]
[null,"TRABAJADOR",null,null,null,"JORNAL","PRESTACIONES","JORNAL TOTAL","RENDIMIENTO",null,"Vr. UNITARIO"]
[null,{"$f":"+IFERROR(VLOOKUP($A47,INSUMOS_BD2,3,FALSE),\"\")","v":""},null,null,null,{"$f":"+IFERROR(VLOOKUP($A47,INSUMOS_BD2,5,FALSE),\"\")","v":""},{"$f":"IF(B47=\"\",\"\",F_PREST)","v":""},{"$f":"+IFERROR(F47*(1+G47),\"\")","v":""},null,null,{"$f":"IFERROR(ROUND(H47/I47,0),\"\")","v":""}]
[null,{"$f":"+IFERROR(VLOOKUP($A48,INSUMOS_BD2,3,FALSE),\"\")","v":""},null,null,null,{"$f":"+IFERROR(VLOOKUP($A48,INSUMOS_BD2,5,FALSE),\"\")","v":""},{"$f":"IF(B48=\"\",\"\",F_PREST)","v":""},{"$f":"+IFERROR(F48*(1+G48),\"\")","v":""},null,null,{"$f":"IFERROR(ROUND(H48/I48,0),\"\")","v":""}]
[null,{"$f":"+IFERROR(VLOOKUP($A49,INSUMOS_BD2,3,FALSE),\"\")","v":""},null,null,null,{"$f":"+IFERROR(VLOOKUP($A49,INSUMOS_BD2,5,FALSE),\"\")","v":""},{"$f":"IF(B49=\"\",\"\",F_PREST)","v":""},{"$f":"+IFERROR(F49*(1+G49),\"\")","v":""},null,null,{"$f":"IFERROR(ROUND(H49/I49,0),\"\")","v":""}]
[null,{"$f":"+IFERROR(VLOOKUP($A50,INSUMOS_BD2,3,FALSE),\"\")","v":""},null,null,null,{"$f":"+IFERROR(VLOOKUP($A50,INSUMOS_BD2,5,FALSE),\"\")","v":""},{"$f":"IF(B50=\"\",\"\",F_PREST)","v":""},{"$f":"+IFERROR(F50*(1+G50),\"\")","v":""},null,null,{"$f":"IFERROR(ROUND(H50/I50,0),\"\")","v":""}]
[null,{"$f":"+IFERROR(VLOOKUP($A51,INSUMOS_BD2,3,FALSE),\"\")","v":""},null,null,null,{"$f":"+IFERROR(VLOOKUP($A51,INSUMOS_BD2,5,FALSE),\"\")","v":""},{"$f":"IF(B51=\"\",\"\",F_PREST)","v":""},{"$f":"+IFERROR(F51*(1+G51),\"\")","v":""},null,null,{"$f":"IFERROR(ROUND(H51/I51,0),\"\")","v":""}]
[null,"SUB-TOTAL ",null,null,null,null,null,null,null,null,{"$f":"SUM(K47:K51)","v":0}]
[]
[null,"TOTAL COSTO DIRECTO",null,null,null,null,null,null,null,null,{"$f":"ROUND((+K52+K43+K33+K23),0)","v":0}]
[]
[null,"V. COSTOS INDIRECTOS"]
[null,"DESCRIPCIÓN",null,null,null,null,null,"PORCENTAJE","V/TOTAL"]
[null,"ADMINISTRACION",null,null,null,null,null,{"$f":"+ADMON","v":0.01},{"$f":"+IFERROR(ROUND($K$54*H58,0),\"\")","v":0}]
[null,"IMPREVISTOS ",null,null,null,null,null,{"$f":"+IMPREVISTOS","v":0.02},{"$f":"+IFERROR(ROUND($K$54*H59,0),\"\")","v":0}]
[null,"UTILIDAD",null,null,null,null,null,{"$f":"+UTILIDAD","v":0.05},0]
[null,"TOTAL COSTOS INDIRECTOS ",null,null,null,null,null,null,null,null,{"$f":"SUM(I58:J60)","v":0}]
[]
[null,"VALOR UNITARIO",null,null,null,null,null,null,null,null,{"$f":"+ROUND(K61+K54,0)","v":0}]
[]
[]
[]
[]
[null,{"$f":"+Responsable","v":"JULIANA MARÍA VELEZ"}]
[null,{"$f":"+Cargo","v":"SECRETARIA DE OBRAS PÚBLICAS"}]
[null,{"$f":"+MT_Responsable","v":"M.P. N°.  191919199 CAU"}]

{"sheet":"FORMULARIO_NUEVO_APU (2)","index":31,"n_rows":53,"n_cols":11,"rows_kept":53,"cut":false,"hidden":true,"merged":[[49,1,49,6],[49,8,49,9],[51,1,51,10],[52,1,52,9],[46,1,46,4],[46,8,46,9],[47,1,47,6],[47,8,47,9],[48,1,48,6],[48,8,48,9],[45,1,45,10],[36,1,36,10],[37,1,37,4],[37,8,37,9],[38,1,38,4],[38,8,38,9],[39,1,39,4],[39,8,39,9],[40,1,40,4],[40,8,40,9],[42,1,42,10],[43,1,43,9],[44,1,44,10],[35,1,35,10],[28,1,28,10],[29,1,29,10],[30,1,30,4],[30,8,30,9],[31,1,31,4],[31,8,31,9],[32,1,32,4],[32,8,32,9],[33,1,33,4],[33,8,33,9],[34,1,34,9],[24,1,24,5],[24,8,24,9],[25,1,25,5],[25,8,25,9],[26,1,26,5],[26,8,26,9],[23,1,23,5],[23,8,23,9],[17,1,17,3],[17,5,17,6],[17,8,17,9],[18,1,18,3],[18,5,18,6],[18,8,18,9],[19,1,19,3],[19,5,19,6],[19,8,19,9],[21,1,21,10],[22,1,22,10],[16,1,16,3],[16,5,16,6],[16,8,16,9],[3,1,3,10],[4,1,4,10],[5,1,5,10],[6,1,6,10],[7,8,7,10],[9,1,11,10],[12,1,12,10],[13,1,13,3],[13,5,13,6],[13,8,13,9],[15,1,15,10]]}
[1,2,3,4,5,6,7,8,9,10,11]
[]
[]
[null,"REPÚBLICA DE COLOMBIA"]
[null,{"$f":"+DPTO","v":"DEPARTAMENTO DEL CAUCA"}]
[null,{"$f":"+Nom_Mpio1","v":"MUNICIPIO LA ESTRELLA FLUVIAL"}]
[null,{"$f":"Dependencia","v":"SECRETARÍA DE OBRAS PÚBLICAS"}]
[null,null,null,null,null,null,null,"Fecha:",{"$f":"+Fecha_Pres","v":"2019-10-11"}]
[]
[null,{"$f":"+Nom_proy1","v":"MEJORAMIENTO DEL TRAMO VIAL LA PAZ - EL PROGRESO ENTRE EL K5+000 Y EL K6+000 DEL MUNICIPIO LA ESTRELLA FLUVIAL"}]
[]
[]
[null,"ANÁLISIS DE PRECIOS UNITARIOS NUEVO"]
["ID","DESCRIPCIÓN"]
["apu33",{"$f":"IFERROR(VLOOKUP($A15,LISTA_APU,2,FALSE),\"\")","v":"BASE ESTABILIZADA CON EMULSIÓN ASFÁLTICA TIPO BEE - 38"},null,null,null,null,null,null,"Unidad:",{"$f":"IFERROR(VLOOKUP($A15,LISTA_APU,3,FALSE),\"\")","v":"m³"},{"$f":"+K53","v":14071}]
[null,"I. EQUIPO"]
[null,"DESCRIPCIÓN",null,null,"MARCA","TIPO",null,"TARIFA/HORA","RENDIMIENTO",null,"Vr. UNITARIO"]
["M7",{"$f":"+IFERROR(VLOOKUP($A18,INSUMOS_BD2,3,FALSE),\"\")","v":"DISOLVENTE PARA PINTURA (ESPECIFICAR EL TIPO DE DISOLVENTE QUE ESTA UTILIZANDO)"},null,null,null,null,null,{"$f":"+IFERROR(VLOOKUP($A18,INSUMOS_BD2,5,FALSE),\"\")","v":26000},null,null,{"$f":"+IFERROR(ROUND(IF(B18=\"HERRAMIENTA MENOR\",$K$42*5%,H18/I18),0),\"\")","v":""}]
[null,{"$f":"+IFERROR(VLOOKUP($A19,INSUMOS_BD2,3,FALSE),\"\")","v":""},null,null,null,null,null,{"$f":"+IFERROR(VLOOKUP($A19,INSUMOS_BD2,5,FALSE),\"\")","v":""},null,null,{"$f":"+IFERROR(ROUND(IF(B19=\"HERRAMIENTA MENOR\",$K$42*5%,H19/I19),0),\"\")","v":""}]
[null,{"$f":"+IFERROR(VLOOKUP($A20,INSUMOS_BD2,3,FALSE),\"\")","v":""},null,null,null,null,null,{"$f":"+IFERROR(VLOOKUP($A20,INSUMOS_BD2,5,FALSE),\"\")","v":""},null,null,{"$f":"+IFERROR(ROUND(IF(B20=\"HERRAMIENTA MENOR\",$K$42*5%,H20/I20),0),\"\")","v":""}]
[null,null,null,null,null,null,null,null,"SUBTOTAL $",null,{"$f":"SUM(K18:K20)","v":0}]
[]
[null,"II. MATERIALES"]
[null,"DESCRIPCIÓN",null,null,null,null,"UNIDAD","CANTIDAD","PRECIO UNIT.",null,"Vr. UNITARIO"]
["M5",{"$f":"+IFERROR(VLOOKUP($A25,INSUMOS_BD2,3,FALSE),\"\")","v":"CEMENTO GRIS"},null,null,null,null,{"$f":"+IFERROR(VLOOKUP($A25,INSUMOS_BD,3,FALSE),\"\")","v":""},0.05,{"$f":"+IFERROR(VLOOKUP($A25,INSUMOS_BD2,5,FALSE),\"\")","v":580},null,{"$f":"IFERROR(ROUND(H25*I25,0),\"\")","v":29}]
[null,{"$f":"+IFERROR(VLOOKUP($A26,INSUMOS_BD2,3,FALSE),\"\")","v":""},null,null,null,null,{"$f":"+IFERROR(VLOOKUP($A26,INSUMOS_BD,3,FALSE),\"\")","v":""},null,{"$f":"+IFERROR(VLOOKUP($A26,INSUMOS_BD2,5,FALSE),\"\")","v":""},null,{"$f":"IFERROR(ROUND(H26*I26,0),\"\")","v":""}]
[null,{"$f":"+IFERROR(VLOOKUP($A27,INSUMOS_BD2,3,FALSE),\"\")","v":""},null,null,null,null,{"$f":"+IFERROR(VLOOKUP($A27,INSUMOS_BD,3,FALSE),\"\")","v":""},null,{"$f":"+IFERROR(VLOOKUP($A27,INSUMOS_BD2,5,FALSE),\"\")","v":""},null,{"$f":"IFERROR(ROUND(H27*I27,0),\"\")","v":""}]
[null,null,null,null,null,null,null,null,"SUBTOTAL $",null,{"$f":"SUM(K25:K27)","v":29}]
[]
[null,"III. TRANSPORTES"]
[null,"MATERIAL",null,null,null,"VOL. o PESO","DISTANCIA","M3 o Ton/Km","TARIFA",null,"Vr. UNITARIO"]
["T1",{"$f":"+IFERROR(VLOOKUP($A32,INSUMOS_BD2,3,FALSE),\"\")","v":"TRANSPORTE DE MATERIAL DE AFIRMADO"},null,null,null,1.3,8,{"$f":"+IFERROR(VLOOKUP($A32,INSUMOS_BD2,5,FALSE),\"\")","v":1250},1250,null,{"$f":"IFERROR(ROUND(F32*G32*I32,0),\"\")","v":13000}]
[null,{"$f":"+IFERROR(VLOOKUP($A33,INSUMOS_BD2,3,FALSE),\"\")","v":""},null,null,null,null,null,"","",null,{"$f":"IFERROR(ROUND(F33*G33*I33,0),\"\")","v":""}]
[null,{"$f":"+IFERROR(VLOOKUP($A34,INSUMOS_BD2,3,FALSE),\"\")","v":""},null,null,null,null,null,"","",null,{"$f":"IFERROR(ROUND(F34*G34*I34,0),\"\")","v":""}]
[null,"SUBTOTAL $",null,null,null,null,null,null,null,null,{"$f":"SUM(K32:K34)","v":13000}]
[]
[null,"IV. MANO DE OBRA"]
[null,"TRABAJADOR",null,null,null,"JORNAL","PRESTACIONES","JORNAL TOTAL","RENDIMIENTO",null,"Vr. UNITARIO"]
["MO35",{"$f":"+IFERROR(VLOOKUP($A39,INSUMOS_BD2,3,FALSE),\"\")","v":"Especialista en Estructuras"},null,null,null,{"$f":"+IFERROR(VLOOKUP($A39,INSUMOS_BD,4,FALSE),\"\")","v":""},{"$f":"IF(B39=\"\",\"\",F_PREST)","v":0.68363548318755485},{"$f":"+IFERROR(F39*(1+G39),\"\")","v":""},300,null,{"$f":"IFERROR(ROUND(H39/I39,0),\"\")","v":""}]
[null,{"$f":"+IFERROR(VLOOKUP($A40,INSUMOS_BD2,3,FALSE),\"\")","v":""},null,null,null,{"$f":"+IFERROR(VLOOKUP($A40,INSUMOS_BD,4,FALSE),\"\")","v":""},{"$f":"IF(B40=\"\",\"\",F_PREST)","v":""},{"$f":"+IFERROR(F40*(1+G40),\"\")","v":""},null,null,{"$f":"IFERROR(ROUND(H40/I40,0),\"\")","v":""}]
[null,{"$f":"+IFERROR(VLOOKUP($A41,INSUMOS_BD2,3,FALSE),\"\")","v":""},null,null,null,"",{"$f":"IF(B41=\"\",\"\",F_PREST)","v":""},{"$f":"+IFERROR(F41*(1+G41),\"\")","v":""},null,null,{"$f":"IFERROR(ROUND(H41/I41,0),\"\")","v":""}]
[null,null,null,null,null,null,null,null,"SUBTOTAL $",null,{"$f":"SUM(K39:K41)","v":0}]
[]
[null,"TOTAL COSTO DIRECTO $",null,null,null,null,null,null,null,null,{"$f":"ROUND((+K42+K35+K28+K21),0)","v":13029}]
[]
[null,"V. COSTOS INDIRECTOS"]
[null,"Descripción",null,null,null,null,null,"Porcentaje","Valor Total"]
[null,"ADMINISTRACION",null,null,null,null,null,{"$f":"+ADMON","v":0.01},{"$f":"+IFERROR($K$44*H48,\"\")","v":130.29}]
[null,"IMPREVISTOS ",null,null,null,null,null,{"$f":"+IMPREVISTOS","v":0.02},{"$f":"+IFERROR($K$44*H49,\"\")","v":260.58}]
[null,"UTILIDAD",null,null,null,null,null,{"$f":"+UTILIDAD","v":0.05},{"$f":"+IFERROR($K$44*H50,\"\")","v":651.45000000000005}]
[null,null,null,null,null,null,null,null,"SUBTOTAL $",null,{"$f":"SUM(I48:J50)","v":1042.3200000000002}]
[]
[null,"Precio Unitario Total Aproximado al peso $",null,null,null,null,null,null,null,null,{"$f":"+ROUND(K51+K44,0)","v":14071}]

{"sheet":"FORM. APUS_NUEVOS","index":32,"n_rows":2024,"n_cols":21,"rows_kept":2024,"cut":false,"hidden":false,"merged":[[174,1,174,9],[175,1,175,10],[176,1,176,9],[181,1,181,4],[182,1,182,4],[183,1,183,4],[163,1,163,4],[163,8,163,9],[164,1,164,4],[164,8,164,9],[165,1,165,9],[166,1,166,10],[167,1,167,9],[168,1,168,10],[169,1,169,10],[170,1,170,6],[170,8,170,9],[171,1,171,6],[171,8,171,9],[172,1,172,6],[172,8,172,9],[173,1,173,6],[173,8,173,9],[153,1,153,4],[153,8,153,9],[154,1,154,4],[154,8,154,9],[155,1,155,4],[155,8,155,9],[156,1,156,9],[157,1,157,10],[158,1,158,10],[159,1,159,4],[159,8,159,9],[160,1,160,4],[160,8,160,9],[161,1,161,4],[161,8,161,9],[162,1,162,4],[162,8,162,9],[143,1,143,5],[143,8,143,9],[144,1,144,5],[144,8,144,9],[145,1,145,5],[145,8,145,9],[146,1,146,9],[147,1,147,10],[148,1,148,10],[149,1,149,4],[149,8,149,9],[150,1,150,4],[150,8,150,9],[151,1,151,4],[151,8,151,9],[152,1,152,4],[152,8,152,9],[134,1,134,4],[134,5,134,6],[134,8,134,9],[135,1,135,4],[135,5,135,6],[135,8,135,9],[136,1,136,9],[137,1,137,10],[138,1,138,10],[139,1,139,5],[139,8,139,9],[140,1,140,5],[140,8,140,9],[141,1,141,5],[141,8,141,9],[142,1,142,5],[142,8,142,9],[127,1,127,7],[128,1,128,10],[129,1,129,4],[129,5,129,6],[129,8,129,9],[130,1,130,4],[130,5,130,6],[130,8,130,9],[131,1,131,4],[131,5,131,6],[131,8,131,9],[132,1,132,4],[132,5,132,6],[132,8,132,9],[133,1,133,4],[133,5,133,6],[133,8,133,9],[288,1,288,9],[289,1,289,10],[290,1,290,9],[295,1,295,4],[296,1,296,4],[297,1,297,4],[277,1,277,4],[277,8,277,9],[278,1,278,4],[278,8,278,9],[279,1,279,9],[280,1,280,10],[281,1,281,9],[282,1,282,10],[283,1,283,10],[284,1,284,6],[284,8,284,9],[285,1,285,6],[285,8,285,9],[286,1,286,6],[286,8,286,9],[287,1,287,6],[287,8,287,9],[267,1,267,4],[267,8,267,9],[268,1,268,4],[268,8,268,9],[269,1,269,4],[269,8,269,9],[270,1,270,9],[271,1,271,10],[272,1,272,10],[273,1,273,4],[273,8,273,9],[274,1,274,4],[274,8,274,9],[275,1,275,4],[275,8,275,9],[276,1,276,4],[276,8,276,9],[257,1,257,5],[257,8,257,9],[258,1,258,5],[258,8,258,9],[259,1,259,5],[259,8,259,9],[260,1,260,9],[261,1,261,10],[262,1,262,10],[263,1,263,4],[263,8,263,9],[264,1,264,4],[264,8,264,9],[265,1,265,4],[265,8,265,9],[266,1,266,4],[266,8,266,9],[248,1,248,4],[248,5,248,6],[248,8,248,9],[249,1,249,4],[249,5,249,6],[249,8,249,9],[250,1,250,9],[251,1,251,10],[252,1,252,10],[253,1,253,5],[253,8,253,9],[254,1,254,5],[254,8,254,9],[255,1,255,5],[255,8,255,9],[256,1,256,5],[256,8,256,9],[241,1,241,7],[242,1,242,10],[243,1,243,4],[243,5,243,6],[243,8,243,9],[244,1,244,4],[244,5,244,6],[244,8,244,9],[245,1,245,4],[245,5,245,6],[245,8,245,9],[246,1,246,4],[246,5,246,6],[246,8,246,9],[247,1,247,4],[247,5,247,6],[247,8,247,9],[573,1,573,9],[574,1,574,10],[575,1,575,9],[580,1,580,4],[581,1,581,4],[582,1,582,4],[562,1,562,4],[562,8,562,9],[563,1,563,4],[563,8,563,9],[564,1,564,9],[565,1,565,10],[566,1,566,9],[567,1,567,10],[568,1,568,10],[569,1,569,6],[569,8,569,9],[570,1,570,6],[570,8,570,9],[571,1,571,6],[571,8,571,9],[572,1,572,6],[572,8,572,9],[552,1,552,4],[552,8,552,9],[553,1,553,4],[553,8,553,9],[554,1,554,4],[554,8,554,9],[555,1,555,9],[556,1,556,10],[557,1,557,10],[558,1,558,4],[558,8,558,9],[559,1,559,4],[559,8,559,9],[560,1,560,4],[560,8,560,9],[561,1,561,4],[561,8,561,9],[542,1,542,5],[542,8,542,9],[543,1,543,5],[543,8,543,9],[544,1,544,5],[544,8,544,9],[545,1,545,9],[546,1,546,10],[547,1,547,10],[548,1,548,4],[548,8,548,9],[549,1,549,4],[549,8,549,9],[550,1,550,4],[550,8,550,9],[551,1,551,4],[551,8,551,9],[533,1,533,4],[533,5,533,6],[533,8,533,9],[534,1,534,4],[534,5,534,6],[534,8,534,9],[535,1,535,9],[536,1,536,10],[537,1,537,10],[538,1,538,5],[538,8,538,9],[539,1,539,5],[539,8,539,9],[540,1,540,5],[540,8,540,9],[541,1,541,5],[541,8,541,9],[526,1,526,7],[527,1,527,10],[528,1,528,4],[528,5,528,6],[528,8,528,9],[529,1,529,4],[529,5,529,6],[529,8,529,9],[530,1,530,4],[530,5,530,6],[530,8,530,9],[531,1,531,4],[531,5,531,6],[531,8,531,9],[532,1,532,4],[532,5,532,6],[532,8,532,9],[628,1,628,6],[628,8,628,9],[629,1,629,6],[629,8,629,9],[630,1,630,9],[631,1,631,10],[632,1,632,9],[635,1,635,4],[636,1,636,4],[637,1,637,4],[9,3,9,8],[617,1,617,4],[617,8,617,9],[618,1,618,4],[618,8,618,9],[619,1,619,4],[619,8,619,9],[620,1,620,4],[620,8,620,9],[621,1,621,9],[622,1,622,10],[623,1,623,9],[624,1,624,10],[625,1,625,10],[626,1,626,4],[626,8,626,9],[627,1,627,6],[627,8,627,9],[607,1,607,4],[607,8,607,9],[608,1,608,4],[608,8,608,9],[611,1,611,4],[611,8,611,9],[612,1,612,9],[613,1,613,10],[614,1,614,10],[615,1,615,4],[615,8,615,9],[616,1,616,4],[616,8,616,9],[597,1,597,5],[597,8,597,9],[598,1,598,5],[598,8,598,9],[599,1,599,5],[599,8,599,9],[600,1,600,5],[600,8,600,9],[601,1,601,5],[601,8,601,9],[602,1,602,9],[603,1,603,10],[604,1,604,10],[605,1,605,4],[605,8,605,9],[606,1,606,4],[606,8,606,9],[589,8,589,9],[590,1,590,4],[590,5,590,6],[590,8,590,9],[591,1,591,4],[591,5,591,6],[591,8,591,9],[592,1,592,9],[593,1,593,10],[594,1,594,10],[595,1,595,5],[595,8,595,9],[596,1,596,5],[596,8,596,9],[609,1,609,4],[609,8,609,9],[610,1,610,4],[610,8,610,9],[679,1,679,10],[680,1,680,9],[681,1,681,10],[682,1,682,10],[683,1,683,4],[683,8,683,9],[684,1,684,6],[684,8,684,9],[685,1,685,6],[685,8,685,9],[686,1,686,6],[686,8,686,9],[688,1,688,10],[689,1,689,9],[692,1,692,4],[693,1,693,4],[694,1,694,4],[668,1,668,4],[668,8,668,9],[669,1,669,9],[670,1,670,10],[671,1,671,10],[672,1,672,4],[672,8,672,9],[673,1,673,4],[673,8,673,9],[674,1,674,4],[674,8,674,9],[675,1,675,4],[675,8,675,9],[676,1,676,4],[676,8,676,9],[677,1,677,4],[677,8,677,9],[657,1,657,5],[657,8,657,9],[658,1,658,5],[658,8,658,9],[660,1,660,10],[661,1,661,10],[662,1,662,4],[662,8,662,9],[663,1,663,4],[663,8,663,9],[664,1,664,4],[664,8,664,9],[665,1,665,4],[665,8,665,9],[666,1,666,4],[666,8,666,9],[667,1,667,4],[667,8,667,9],[647,1,647,4],[647,5,647,6],[647,8,647,9],[648,1,648,4],[648,5,648,6],[648,8,648,9],[650,1,650,10],[651,1,651,10],[652,1,652,5],[652,8,652,9],[653,1,653,5],[653,8,653,9],[654,1,654,5],[654,8,654,9],[655,1,655,5],[655,8,655,9],[656,1,656,5],[656,8,656,9],[641,1,641,10],[642,1,642,4],[642,5,642,6],[642,8,642,9],[643,1,643,4],[643,5,643,6],[643,8,643,9],[644,1,644,4],[644,5,644,6],[644,8,644,9],[645,1,645,4],[645,5,645,6],[645,8,645,9],[646,1,646,4],[646,5,646,6],[646,8,646,9],[583,1,583,7],[584,1,584,10],[585,1,585,4],[585,5,585,6],[585,8,585,9],[586,1,586,4],[586,5,586,6],[586,8,586,9],[587,1,587,4],[587,5,587,6],[587,8,587,9],[588,1,588,4],[588,5,588,6],[588,8,588,9],[589,1,589,4],[589,5,589,6],[922,1,922,10],[923,1,923,9],[924,1,924,10],[925,1,925,10],[926,1,926,4],[926,8,926,9],[927,1,927,6],[927,8,927,9],[928,1,928,6],[928,8,928,9],[929,1,929,6],[929,8,929,9],[931,1,931,10],[932,1,932,9],[935,1,935,4],[936,1,936,4],[937,1,937,4],[911,1,911,4],[911,8,911,9],[912,1,912,9],[913,1,913,10],[914,1,914,10],[915,1,915,4],[915,8,915,9],[916,1,916,4],[916,8,916,9],[917,1,917,4],[917,8,917,9],[918,1,918,4],[918,8,918,9],[919,1,919,4],[919,8,919,9],[920,1,920,4],[920,8,920,9],[900,1,900,5],[900,8,900,9],[901,1,901,5],[901,8,901,9],[903,1,903,10],[904,1,904,10],[905,1,905,4],[905,8,905,9],[906,1,906,4],[906,8,906,9],[907,1,907,4],[907,8,907,9],[908,1,908,4],[908,8,908,9],[909,1,909,4],[909,8,909,9],[910,1,910,4],[910,8,910,9],[890,1,890,4],[890,5,890,6],[890,8,890,9],[891,1,891,4],[891,5,891,6],[891,8,891,9],[893,1,893,10],[894,1,894,10],[895,1,895,5],[895,8,895,9],[896,1,896,5],[896,8,896,9],[897,1,897,5],[897,8,897,9],[898,1,898,5],[898,8,898,9],[899,1,899,5],[899,8,899,9],[882,1,882,3],[882,5,882,6],[882,8,882,9],[884,1,884,10],[885,1,885,4],[885,5,885,6],[885,8,885,9],[886,1,886,4],[886,5,886,6],[886,8,886,9],[887,1,887,4],[887,5,887,6],[887,8,887,9],[888,1,888,4],[888,5,888,6],[888,8,888,9],[889,1,889,4],[889,5,889,6],[889,8,889,9],[979,1,979,10],[980,1,980,9],[981,1,981,10],[982,1,982,10],[983,1,983,4],[983,8,983,9],[984,1,984,6],[984,8,984,9],[985,1,985,6],[985,8,985,9],[986,1,986,6],[986,8,986,9],[988,1,988,10],[989,1,989,9],[992,1,992,4],[993,1,993,4],[994,1,994,4],[968,1,968,4],[968,8,968,9],[969,1,969,9],[970,1,970,10],[971,1,971,10],[972,1,972,4],[972,8,972,9],[973,1,973,4],[973,8,973,9],[974,1,974,4],[974,8,974,9],[975,1,975,4],[975,8,975,9],[976,1,976,4],[976,8,976,9],[977,1,977,4],[977,8,977,9],[957,1,957,5],[957,8,957,9],[958,1,958,5],[958,8,958,9],[960,1,960,10],[961,1,961,10],[962,1,962,4],[962,8,962,9],[963,1,963,4],[963,8,963,9],[964,1,964,4],[964,8,964,9],[965,1,965,4],[965,8,965,9],[966,1,966,4],[966,8,966,9],[967,1,967,4],[967,8,967,9],[947,1,947,4],[947,5,947,6],[947,8,947,9],[948,1,948,4],[948,5,948,6],[948,8,948,9],[950,1,950,10],[951,1,951,10],[952,1,952,5],[952,8,952,9],[953,1,953,5],[953,8,953,9],[954,1,954,5],[954,8,954,9],[955,1,955,5],[955,8,955,9],[956,1,956,5],[956,8,956,9],[939,1,939,3],[939,5,939,6],[939,8,939,9],[941,1,941,10],[942,1,942,4],[942,5,942,6],[942,8,942,9],[943,1,943,4],[943,5,943,6],[943,8,943,9],[944,1,944,4],[944,5,944,6],[944,8,944,9],[945,1,945,4],[945,5,945,6],[945,8,945,9],[946,1,946,4],[946,5,946,6],[946,8,946,9],[1036,1,1036,10],[1037,1,1037,9],[1038,1,1038,10],[1039,1,1039,10],[1040,1,1040,4],[1040,8,1040,9],[1041,1,1041,6],[1041,8,1041,9],[1042,1,1042,6],[1042,8,1042,9],[1043,1,1043,6],[1043,8,1043,9],[1045,1,1045,10],[1046,1,1046,9],[1049,1,1049,4],[1050,1,1050,4],[1051,1,1051,4],[1025,1,1025,4],[1025,8,1025,9],[1026,1,1026,9],[1027,1,1027,10],[1028,1,1028,10],[1029,1,1029,4],[1029,8,1029,9],[1030,1,1030,4],[1030,8,1030,9],[1031,1,1031,4],[1031,8,1031,9],[1032,1,1032,4],[1032,8,1032,9],[1033,1,1033,4],[1033,8,1033,9],[1034,1,1034,4],[1034,8,1034,9],[1014,1,1014,5],[1014,8,1014,9],[1015,1,1015,5],[1015,8,1015,9],[1017,1,1017,10],[1018,1,1018,10],[1019,1,1019,4],[1019,8,1019,9],[1020,1,1020,4],[1020,8,1020,9],[1021,1,1021,4],[1021,8,1021,9],[1022,1,1022,4],[1022,8,1022,9],[1023,1,1023,4],[1023,8,1023,9],[1024,1,1024,4],[1024,8,1024,9],[1004,1,1004,4],[1004,5,1004,6],[1004,8,1004,9],[1005,1,1005,4],[1005,5,1005,6],[1005,8,1005,9],[1007,1,1007,10],[1008,1,1008,10],[1009,1,1009,5],[1009,8,1009,9],[1010,1,1010,5],[1010,8,1010,9],[1011,1,1011,5],[1011,8,1011,9],[1012,1,1012,5],[1012,8,1012,9],[1013,1,1013,5],[1013,8,1013,9],[996,1,996,3],[996,5,996,6],[996,8,996,9],[998,1,998,10],[999,1,999,4],[999,5,999,6],[999,8,999,9],[1000,1,1000,4],[1000,5,1000,6],[1000,8,1000,9],[1001,1,1001,4],[1001,5,1001,6],[1001,8,1001,9],[1002,1,1002,4],[1002,5,1002,6],[1002,8,1002,9],[1003,1,1003,4],[1003,5,1003,6],[1003,8,1003,9],[1093,1,1093,10],[1094,1,1094,9],[1095,1,1095,10],[1096,1,1096,10],[1097,1,1097,4],[1097,8,1097,9],[1098,1,1098,6],[1098,8,1098,9],[1099,1,1099,6],[1099,8,1099,9],[1100,1,1100,6],[1100,8,1100,9],[1102,1,1102,10],[1103,1,1103,9],[1106,1,1106,4],[1107,1,1107,4],[1108,1,1108,4],[1082,1,1082,4],[1082,8,1082,9],[1083,1,1083,9],[1084,1,1084,10],[1085,1,1085,10],[1086,1,1086,4],[1086,8,1086,9],[1087,1,1087,4],[1087,8,1087,9],[1088,1,1088,4],[1088,8,1088,9],[1089,1,1089,4],[1089,8,1089,9],[1090,1,1090,4],[1090,8,1090,9],[1091,1,1091,4],[1091,8,1091,9],[1071,1,1071,5],[1071,8,1071,9],[1072,1,1072,5],[1072,8,1072,9],[1074,1,1074,10],[1075,1,1075,10],[1076,1,1076,4],[1076,8,1076,9],[1077,1,1077,4],[1077,8,1077,9],[1078,1,1078,4],[1078,8,1078,9],[1079,1,1079,4],[1079,8,1079,9],[1080,1,1080,4],[1080,8,1080,9],[1081,1,1081,4],[1081,8,1081,9],[1061,1,1061,4],[1061,5,1061,6],[1061,8,1061,9],[1062,1,1062,4],[1062,5,1062,6],[1062,8,1062,9],[1064,1,1064,10],[1065,1,1065,10],[1066,1,1066,5],[1066,8,1066,9],[1067,1,1067,5],[1067,8,1067,9],[1068,1,1068,5],[1068,8,1068,9],[1069,1,1069,5],[1069,8,1069,9],[1070,1,1070,5],[1070,8,1070,9],[1053,1,1053,3],[1053,5,1053,6],[1053,8,1053,9],[1055,1,1055,10],[1056,1,1056,4],[1056,5,1056,6],[1056,8,1056,9],[1057,1,1057,4],[1057,5,1057,6],[1057,8,1057,9],[1058,1,1058,4],[1058,5,1058,6],[1058,8,1058,9],[1059,1,1059,4],[1059,5,1059,6],[1059,8,1059,9],[1060,1,1060,4],[1060,5,1060,6],[1060,8,1060,9],[1150,1,1150,10],[1151,1,1151,9],[1152,1,1152,10],[1153,1,1153,10],[1154,1,1154,4],[1154,8,1154,9],[1155,1,1155,6],[1155,8,1155,9],[1156,1,1156,6],[1156,8,1156,9],[1157,1,1157,6],[1157,8,1157,9],[1159,1,1159,10],[1160,1,1160,9],[1163,1,1163,4],[1164,1,1164,4],[1165,1,1165,4],[1139,1,1139,4],[1139,8,1139,9],[1140,1,1140,9],[1141,1,1141,10],[1142,1,1142,10],[1143,1,1143,4],[1143,8,1143,9],[1144,1,1144,4],[1144,8,1144,9],[1145,1,1145,4],[1145,8,1145,9],[1146,1,1146,4],[1146,8,1146,9],[1147,1,1147,4],[1147,8,1147,9],[1148,1,1148,4],[1148,8,1148,9],[1128,1,1128,5],[1128,8,1128,9],[1129,1,1129,5],[1129,8,1129,9],[1131,1,1131,10],[1132,1,1132,10],[1133,1,1133,4],[1133,8,1133,9],[1134,1,1134,4],[1134,8,1134,9],[1135,1,1135,4],[1135,8,1135,9],[1136,1,1136,4],[1136,8,1136,9],[1137,1,1137,4],[1137,8,1137,9],[1138,1,1138,4],[1138,8,1138,9],[1118,1,1118,4],[1118,5,1118,6],[1118,8,1118,9],[1119,1,1119,4],[1119,5,1119,6],[1119,8,1119,9],[1121,1,1121,10],[1122,1,1122,10],[1123,1,1123,5],[1123,8,1123,9],[1124,1,1124,5],[1124,8,1124,9],[1125,1,1125,5],[1125,8,1125,9],[1126,1,1126,5],[1126,8,1126,9],[1127,1,1127,5],[1127,8,1127,9],[1110,1,1110,3],[1110,5,1110,6],[1110,8,1110,9],[1112,1,1112,10],[1113,1,1113,4],[1113,5,1113,6],[1113,8,1113,9],[1114,1,1114,4],[1114,5,1114,6],[1114,8,1114,9],[1115,1,1115,4],[1115,5,1115,6],[1115,8,1115,9],[1116,1,1116,4],[1116,5,1116,6],[1116,8,1116,9],[1117,1,1117,4],[1117,5,1117,6],[1117,8,1117,9],[1207,1,1207,10],[1208,1,1208,9],[1209,1,1209,10],[1210,1,1210,10],[1211,1,1211,4],[1211,8,1211,9],[1212,1,1212,6],[1212,8,1212,9],[1213,1,1213,6],[1213,8,1213,9],[1214,1,1214,6],[1214,8,1214,9],[1216,1,1216,10],[1217,1,1217,9],[1220,1,1220,4],[1221,1,1221,4],[1222,1,1222,4],[1196,1,1196,4],[1196,8,1196,9],[1197,1,1197,9],[1198,1,1198,10],[1199,1,1199,10],[1200,1,1200,4],[1200,8,1200,9],[1201,1,1201,4],[1201,8,1201,9],[1202,1,1202,4],[1202,8,1202,9],[1203,1,1203,4],[1203,8,1203,9],[1204,1,1204,4],[1204,8,1204,9],[1205,1,1205,4],[1205,8,1205,9],[1185,1,1185,5],[1185,8,1185,9],[1186,1,1186,5],[1186,8,1186,9],[1188,1,1188,10],[1189,1,1189,10],[1190,1,1190,4],[1190,8,1190,9],[1191,1,1191,4],[1191,8,1191,9],[1192,1,1192,4],[1192,8,1192,9],[1193,1,1193,4],[1193,8,1193,9],[1194,1,1194,4],[1194,8,1194,9],[1195,1,1195,4],[1195,8,1195,9],[1175,1,1175,4],[1175,5,1175,6],[1175,8,1175,9],[1176,1,1176,4],[1176,5,1176,6],[1176,8,1176,9],[1178,1,1178,10],[1179,1,1179,10],[1180,1,1180,5],[1180,8,1180,9],[1181,1,1181,5],[1181,8,1181,9],[1182,1,1182,5],[1182,8,1182,9],[1183,1,1183,5],[1183,8,1183,9],[1184,1,1184,5],[1184,8,1184,9],[1167,1,1167,3],[1167,5,1167,6],[1167,8,1167,9],[1169,1,1169,10],[1170,1,1170,4],[1170,5,1170,6],[1170,8,1170,9],[1171,1,1171,4],[1171,5,1171,6],[1171,8,1171,9],[1172,1,1172,4],[1172,5,1172,6],[1172,8,1172,9],[1173,1,1173,4],[1173,5,1173,6],[1173,8,1173,9],[1174,1,1174,4],[1174,5,1174,6],[1174,8,1174,9],[1264,1,1264,10],[1265,1,1265,9],[1266,1,1266,10],[1267,1,1267,10],[1268,1,1268,4],[1268,8,1268,9],[1269,1,1269,6],[1269,8,1269,9],[1270,1,1270,6],[1270,8,1270,9],[1271,1,1271,6],[1271,8,1271,9],[1273,1,1273,10],[1274,1,1274,9],[1277,1,1277,4]],"merged_total":4984,"flags":["merged_cut"]}
[]
[null,null,null,null,null,null,null,null,null,null,null,null,null,null,null,null,null,null,null,null,"Limpiar_APUS2"]
[]
[null,"LOGOTIPO FORMULADOR",null,"REPÚBLICA DE COLOMBIA",null,null,null,null,null,"LOGOTIPO FORMULADOR"]
[null,null,null,{"$f":"DPTO","v":"DEPARTAMENTO DEL CAUCA"}]
[null,null,null,{"$f":"+Nom_Mpio1","v":"MUNICIPIO LA ESTRELLA FLUVIAL"}]
[null,null,null,{"$f":"+Dependencia","v":"SECRETARÍA DE OBRAS PÚBLICAS"}]
[null,null,null,{"$f":"+Nom_proy1","v":"MEJORAMIENTO DEL TRAMO VIAL LA PAZ - EL PROGRESO ENTRE EL K5+000 Y EL K6+000 DEL MUNICIPIO LA ESTRELLA FLUVIAL"}]
[]
[]
[null,null,null,"Fecha:",null,null,{"$f":"+Fecha_Pres","v":"2019-10-11"}]
[]
[null,"ANÁLISIS DE PRECIOS UNITARIOS"]
[null,{"$f":"IFERROR(VLOOKUP($A14,LISTA_APU,2,FALSE),\"\")","v":""},null,null,null,null,null,null,"Unidad:",{"$f":"IFERROR(VLOOKUP($A14,LISTA_APU,3,FALSE),\"\")","v":""},{"$f":"+K54","v":0}]
[null,"I. EQUIPO"]
[null,"DESCRIPCIÓN",null,null,null,"TIPO",null,"TARIFA/HORA","RENDIMIENTO",null,"Vr. UNITARIO"]
[null,{"$f":"+IFERROR(VLOOKUP($A17,INSUMOS_BD2,3,FALSE),\"\")","v":""},null,null,null,null,null,{"$f":"IFERROR(ROUND(IF($B17=\"Herramienta Menor HM (% mano de obra)\",HM,IF($B17=\"Herramienta Menor HM2 (% mano de obra)\",HM_2,VLOOKUP($A17,INSUMOS_BD2,5,FALSE))),2),\"\")","v":""},null,null,{"$f":"IFERROR(ROUND(IF(B17=\"Herramienta Menor HM (% mano de obra)\",$K$52*HM,IF(B17=\"Herramienta Menor HM2 (% mano de obra)\",$K$52*HM_2,H17/I17)),0),\"\")","v":""}]
[null,"",null,null,null,null,null,"",null,null,""]
[null,"",null,null,null,null,null,"",null,null,""]
[null,"",null,null,null,null,null,"",null,null,""]
[null,"",null,null,null,null,null,"",null,null,""]
[null,"",null,null,null,null,null,"",null,null,""]
[null,"SUB-TOTAL ",null,null,null,null,null,null,null,null,{"$f":"SUM(K17:K22)","v":0}]
[]
[null,"II. MATERIALES"]
[null,"DESCRIPCIÓN",null,null,null,null,"UNIDAD","CANTIDAD","PRECIO UNIT.",null,"Vr. UNITARIO"]
[null,{"$f":"+IFERROR(VLOOKUP($A27,INSUMOS_BD2,3,FALSE),\"\")","v":""},null,null,null,null,{"$f":"+IFERROR(VLOOKUP($A27,INSUMOS_BD2,4,FALSE),\"\")","v":""},null,{"$f":"+IFERROR(VLOOKUP($A27,INSUMOS_BD2,5,FALSE),\"\")","v":""},null,{"$f":"IFERROR(ROUND(H27*I27,0),\"\")","v":""}]
[null,{"$f":"+IFERROR(VLOOKUP($A28,INSUMOS_BD2,3,FALSE),\"\")","v":""},null,null,null,null,{"$f":"+IFERROR(VLOOKUP($A28,INSUMOS_BD2,4,FALSE),\"\")","v":""},null,{"$f":"+IFERROR(VLOOKUP($A28,INSUMOS_BD2,5,FALSE),\"\")","v":""},null,""]
[null,{"$f":"+IFERROR(VLOOKUP($A29,INSUMOS_BD2,3,FALSE),\"\")","v":""},null,null,null,null,{"$f":"+IFERROR(VLOOKUP($A29,INSUMOS_BD2,4,FALSE),\"\")","v":""},null,{"$f":"+IFERROR(VLOOKUP($A29,INSUMOS_BD2,5,FALSE),\"\")","v":""},null,""]
[null,{"$f":"+IFERROR(VLOOKUP($A30,INSUMOS_BD2,3,FALSE),\"\")","v":""},null,null,null,null,{"$f":"+IFERROR(VLOOKUP($A30,INSUMOS_BD2,4,FALSE),\"\")","v":""},null,{"$f":"+IFERROR(VLOOKUP($A30,INSUMOS_BD2,5,FALSE),\"\")","v":""},null,""]
[null,{"$f":"+IFERROR(VLOOKUP($A31,INSUMOS_BD2,3,FALSE),\"\")","v":""},null,null,null,null,{"$f":"+IFERROR(VLOOKUP($A31,INSUMOS_BD2,4,FALSE),\"\")","v":""},null,{"$f":"+IFERROR(VLOOKUP($A31,INSUMOS_BD2,5,FALSE),\"\")","v":""},null,""]
[null,{"$f":"+IFERROR(VLOOKUP($A32,INSUMOS_BD2,3,FALSE),\"\")","v":""},null,null,null,null,{"$f":"+IFERROR(VLOOKUP($A32,INSUMOS_BD2,4,FALSE),\"\")","v":""},null,{"$f":"+IFERROR(VLOOKUP($A32,INSUMOS_BD2,5,FALSE),\"\")","v":""},null,""]
[null,"SUB-TOTAL ",null,null,null,null,null,null,null,null,{"$f":"SUM(K27:K32)","v":0}]
[]
[null,"III. TRANSPORTES"]
[null,"MATERIAL",null,null,null,"FACT. EXPAN o COMPACT","DISTANCIA","VOL. o PESO","TARIFA (m3 o ton/km)",null,"Vr. UNITARIO",null,"OPCIÓN DISTANCIA A CANTERAS"]
[null,{"$f":"+IFERROR(VLOOKUP($A37,INSUMOS_BD2,3,FALSE),\"\")","v":""},null,null,null,null,{"$f":"+IF(M37=\"Dist. Desalojo sobrantes\",D_Bote,IF(M37=\"Dist. Cantera para relleno\",D_Cantera,IF(M37=\"Dist. Cantera Triturado\",D_Cantera2,IF(M37=\"Dist. Cantera roca muerta\",D_Cantera3,IF(M37=\"Dist. Cantera Agregados rio\",D_Cantera4,IF(M37=\"Dist. Transporte Maquinaria\",Dist_Maquina,\"\"))))))","v":""},null,{"$f":"+IFERROR(VLOOKUP($A37,INSUMOS_BD2,5,FALSE),\"\")","v":""},null,{"$f":"IFERROR(ROUND(G37*H37*I37,0),\"\")","v":""}]
[null,"",null,null,null,null,"",null,"",null,{"$f":"IFERROR(ROUND(G38*H38*I38,0),\"\")","v":""}]
[null,"",null,null,null,null,"",null,"",null,""]
[null,"",null,null,null,null,"",null,"",null,""]
[null,"",null,null,null,null,"",null,"",null,""]
[null,"",null,null,null,null,"",null,"",null,""]
[null,"SUB-TOTAL ",null,null,null,null,null,null,null,null,{"$f":"SUM(K37:K42)","v":0}]
[]
[null,"IV. MANO DE OBRA"]
[null,"TRABAJADOR",null,null,null,"JORNAL","PRESTACIONES","JORNAL TOTAL","RENDIMIENTO",null,"Vr. UNITARIO"]
[null,{"$f":"+IFERROR(VLOOKUP($A47,INSUMOS_BD2,3,FALSE),\"\")","v":""},null,null,null,{"$f":"+IFERROR(VLOOKUP($A47,INSUMOS_BD2,5,FALSE),\"\")","v":""},{"$f":"IF(B47=\"\",\"\",F_PREST)","v":""},{"$f":"+IFERROR(F47*(1+G47),\"\")","v":""},null,null,{"$f":"IFERROR(ROUND(H47/I47,0),\"\")","v":""}]
[null,{"$f":"+IFERROR(VLOOKUP($A48,INSUMOS_BD2,3,FALSE),\"\")","v":""},null,null,null,{"$f":"+IFERROR(VLOOKUP($A48,INSUMOS_BD2,5,FALSE),\"\")","v":""},{"$f":"IF(B48=\"\",\"\",F_PREST)","v":""},{"$f":"+IFERROR(F48*(1+G48),\"\")","v":""},null,null,{"$f":"IFERROR(ROUND(H48/I48,0),\"\")","v":""}]
[null,{"$f":"+IFERROR(VLOOKUP($A49,INSUMOS_BD2,3,FALSE),\"\")","v":""},null,null,null,{"$f":"+IFERROR(VLOOKUP($A49,INSUMOS_BD2,5,FALSE),\"\")","v":""},{"$f":"IF(B49=\"\",\"\",F_PREST)","v":""},{"$f":"+IFERROR(F49*(1+G49),\"\")","v":""},null,null,{"$f":"IFERROR(ROUND(H49/I49,0),\"\")","v":""}]
[null,{"$f":"+IFERROR(VLOOKUP($A50,INSUMOS_BD2,3,FALSE),\"\")","v":""},null,null,null,{"$f":"+IFERROR(VLOOKUP($A50,INSUMOS_BD2,5,FALSE),\"\")","v":""},{"$f":"IF(B50=\"\",\"\",F_PREST)","v":""},{"$f":"+IFERROR(F50*(1+G50),\"\")","v":""},null,null,{"$f":"IFERROR(ROUND(H50/I50,0),\"\")","v":""}]
[null,{"$f":"+IFERROR(VLOOKUP($A51,INSUMOS_BD2,3,FALSE),\"\")","v":""},null,null,null,{"$f":"+IFERROR(VLOOKUP($A51,INSUMOS_BD2,5,FALSE),\"\")","v":""},{"$f":"IF(B51=\"\",\"\",F_PREST)","v":""},{"$f":"+IFERROR(F51*(1+G51),\"\")","v":""},null,null,{"$f":"IFERROR(ROUND(H51/I51,0),\"\")","v":""}]
[null,"SUB-TOTAL ",null,null,null,null,null,null,null,null,{"$f":"SUM(K47:K51)","v":0}]
[]
[null,"TOTAL COSTO DIRECTO",null,null,null,null,null,null,null,null,{"$f":"ROUND((+K52+K43+K33+K23),0)","v":0}]
[]
[null,"V. COSTOS INDIRECTOS"]
[null,"DESCRIPCIÓN",null,null,null,null,null,"PORCENTAJE","V/TOTAL"]
[null,"ADMINISTRACION",null,null,null,null,null,{"$f":"+ADMON","v":0.01},{"$f":"+IFERROR(ROUND($K$54*H58,0),\"\")","v":0}]
[null,"IMPREVISTOS ",null,null,null,null,null,{"$f":"+IMPREVISTOS","v":0.02},{"$f":"+IFERROR(ROUND($K$54*H59,0),\"\")","v":0}]
[null,"UTILIDAD",null,null,null,null,null,{"$f":"+UTILIDAD","v":0.05},0]
[null,"TOTAL COSTOS INDIRECTOS ",null,null,null,null,null,null,null,null,{"$f":"SUM(I58:J60)","v":0}]
[]
[null,"VALOR UNITARIO",null,null,null,null,null,null,null,null,{"$f":"+ROUND(K61+K54,0)","v":0}]
[]
[]
[]
[]
[null,{"$f":"+Responsable","v":"JULIANA MARÍA VELEZ"}]
[null,{"$f":"+Cargo","v":"SECRETARIA DE OBRAS PÚBLICAS"}]
[null,{"$f":"+MT_Responsable","v":"M.P. N°.  191919199 CAU"}]
[]
[]
[]
[]
[]
[]
[]
[]
[]
[]
[]
[]
[]
[]
[]
[]
[]
[]
[]
[]
[]
[]
[null,null,null,null,null,null,null,null,null,null,null,null,"OPCIÓN DISTANCIA A CANTERAS"]
[]
[]
[]
[]
[]
[]
[]
[]
[]
[]
[]
[]
[]
[]
[]
[]
[]
[]
[]
[]
[]
[]
[]
[]
[]
[]
[]
[]
[]
[]
[]
[]
[]
[]
[]
[]
[]
[]
[]
[]
[]
[]
[]
[]
[]
[]
[]
[]
[]
[]
[]
[]
[]
[]
[]
[]
[null,null,null,null,null,null,null,null,null,null,null,null,"OPCIÓN DISTANCIA A CANTERAS"]
[]
[]
[]
[]
[]
[]
[]
[]
[]
[]
[]
[]
[]
[]
[]
[]
[]
[]
[]
[]
[]
[]
[]
[]
[]
[]
[]
[]
[]
[]
[]
[]
[]
[]
[]
[]
[]
[]
[]
[]
[]
[]
[]
[]
[]
[]
[]
[]
[]
[]
[]
[]
[]
[]
[]
[]
[null,null,null,null,null,null,null,null,null,null,null,null,"OPCIÓN DISTANCIA A CANTERAS"]
[]
[]
[]
[]
[]
[]
[]
[]
[]
[]
[]
[]
[]
[]
[]
[]
[]
[]
[]
[]
[]
[]
[]
[]
[]
[]
[]
[]
[]
[]
[]
[]
[]
[]
[]
[]
[]
[]
[]
[]
[]
[]
[]
[]
[]
[]
[]
[]
[]
[]
[]
[]
[]
[]
[]
[]
[null,null,null,null,null,null,null,null,null,null,null,null,"OPCIÓN DISTANCIA A CANTERAS"]
[]
[]
[]
[]
[]
[]
[]
[]
[]
[]
[]
[]
[]
[]
[]
[]
[]
[]
[]
[]
[]
[]
[]
[]
[]
[]
[]
[]
[]
[]
[]
[]
[]
[]
[]
[]
[]
[]
[]
[]
[]
[]
[]
[]
[]
[]
[]
[]
[]
[]
[]
[]
[]
[]
[]
[]
[null,null,null,null,null,null,null,null,null,null,null,null,"OPCIÓN DISTANCIA A CANTERAS"]
[null,null,null,null,null,null,null,null,null,null,null,null,"Dist. Cantera para relleno"]
[]
[]
[]
[]
[]
[]
[]
[]
[]
[]
[]
[]
[]
[]
[]
[]
[]
[]
[]
[]
[]
[]
[]
[]
[]
[]
[]
[]
[]
[]
[]
[]
[]
[]
[]
[]
[]
[]
[]
[]
[]
[]
[]
[]
[]
[]
[]
[]
[]
[]
[]
[]
[]
[]
[]
[null,null,null,null,null,null,null,null,null,null,null,null,"OPCIÓN DISTANCIA A CANTERAS"]
[null,null,null,null,null,null,null,null,null,null,null,null,"Dist. Cantera para relleno"]
[]
[]
[]
[]
[]
[]
[]
[]
[]
[]
[]
[]
[]
[]
[]
[]
[]
[]
[]
[]
[]
[]
[]
[]
[]
[]
[]
[]
[]
[]
[]
[]
[]
[]
[]
[]
[]
[]
[]
[]
[]
[]
[]
[]
[]
[]
[]
[]
[]
[]
[]
[]
[]
[]
[]
[null,null,null,null,null,null,null,null,null,null,null,null,"OPCIÓN DISTANCIA A CANTERAS"]
[null,null,null,null,null,null,null,null,null,null,null,null,"Dist. Cantera para relleno"]
[]
[]
[]
[]
[]
[]
[]
[]
[]
[]
[]
[]
[]
[]
[]
[]
[]
[]
[]
[]
[]
[]
[]
[]
[]
[]
[]
[]
[]
[]
[]
[]
[]
[]
[]
[]
[]
[]
[]
[]
[]
[]
[]
[]
[]
[]
[]
[]
[]
[]
[]
[]
[]
[]
[]
[null,null,null,null,null,null,null,null,null,null,null,null,"OPCIÓN DISTANCIA A CANTERAS"]
[null,null,null,null,null,null,null,null,null,null,null,null,"Dist. Cantera para relleno"]
[]
[]
[]
[]
[]
[]
[]
[]
[]
[]
[]
[]
[]
[]
[]
[]
[]
[]
[]
[]
[]
[]
[]
[]
[]
[]
[]
[]
[]
[]
[]
[]
[]
[]
[]
[]
[]
[]
[]
[]
[]
[]
[]
[]
[]
[]
[]
[]
[]
[]
[]
[]
[]
[]
[]
[null,null,null,null,null,null,null,null,null,null,null,null,"OPCIÓN DISTANCIA A CANTERAS"]
[null,null,null,null,null,null,null,null,null,null,null,null,"Dist. Cantera para relleno"]
[]
[]
[]
[]
[]
[]
[]
[]
[]
[]
[]
[]
[]
[]
[]
[]
[]
[]
[]
[]
[]
[]
[]
[]
[]
[]
[]
[]
[]
[]
[]
[]
[]
[]
[]
[]
[]
[]
[]
[]
[]
[]
[]
[]
[]
[]
[]
[]
[]
[]
[]
[]
[]
[]
[]
[null,null,null,null,null,null,null,null,null,null,null,null,"OPCIÓN DISTANCIA A CANTERAS"]
[null,null,null,null,null,null,null,null,null,null,null,null,"Dist. desalojo sobrantes"]
[null,null,null,null,null,null,null,null,null,null,null,null,"Dist. Cantera para relleno"]
[]
[]
[]
[]
[]
[]
[]
[]
[]
[]
[]
[]
[]
[]
[]
[]
[]
[]
[]
[]
[]
[]
[]
[]
[]
[]
[]
[]
[]
[]
[]
[]
[]
[]
[]
[]
[]
[]
[]
[]
[]
[]
[]
[]
[]
[]
[]
[]
[]
[]
[]
[]
[]
[]
[null,null,null,null,null,null,null,null,null,null,null,null,"OPCIÓN DISTANCIA A CANTERAS"]
[null,null,null,null,null,null,null,null,null,null,null,null,"Dist. desalojo sobrantes"]
[null,null,null,null,null,null,null,null,null,null,null,null,"Dist. Cantera para relleno"]
[]
[]
[]
[]
[]
[]
[]
[]
[]
[]
[]
[]
[]
[]
[]
[]
[]
[]
[]
[]
[]
[]
[]
[]
[]
[]
[]
[]
[]
[]
[]
[]
[]
[]
[]
[]
[]
[]
[]
[]
[]
[]
[]
[]
[]
[]
[]
[]
[]
[]
[]
[]
[]
[]
[]
[]
[]
[]
[]
[]
[]
[]
[]
[]
[]
[]
[]
[]
[]
[null,null,null,null,null,null,null,null,null,null,null,null,"OPCIÓN DISTANCIA A CANTERAS"]
[]
[]
[]
[]
[]
[]
[]
[]
[]
[]
[]
[]
[]
[]
[]
[]
[]
[]
[]
[]
[]
[]
[]
[]
[]
[]
[]
[]
[]
[]
[]
[]
[]
[]
[]
[]
[]
[]
[]
[]
[]
[]
[]
[]
[]
[]
[]
[]
[]
[]
[]
[]
[]
[]
[]
[]
[null,null,null,null,null,null,null,null,null,null,null,null,"OPCIÓN DISTANCIA A CANTERAS"]
[]
[]
[]
[]
[]
[]
[]
[]
[]
[]
[]
[]
[]
[]
[]
[]
[]
[]
[]
[]
[]
[]
[]
[]
[]
[]
[]
[]
[]
[]
[]
[]
[]
[]
[]
[]
[]
[]
[]
[]
[]
[]
[]
[]
[]
[]
[]
[]
[]
[]
[]
[]
[]
[]
[]
[]
[null,null,null,null,null,null,null,null,null,null,null,null,"OPCIÓN DISTANCIA A CANTERAS"]
[]
[]
[]
[]
[]
[]
[]
[]
[]
[]
[]
[]
[]
[]
[]
[]
[]
[]
[]
[]
[]
[]
[]
[]
[]
[]
[]
[]
[]
[]
[]
[]
[]
[]
[]
[]
[]
[]
[]
[]
[]
[]
[]
[]
[]
[]
[]
[]
[]
[]
[]
[]
[]
[]
[]
[]
[null,null,null,null,null,null,null,null,null,null,null,null,"OPCIÓN DISTANCIA A CANTERAS"]
[]
[]
[]
[]
[]
[]
[]
[]
[]
[]
[]
[]
[]
[]
[]
[]
[]
[]
[]
[]
[]
[]
[]
[]
[]
[]
[]
[]
[]
[]
[]
[]
[]
[]
[]
[]
[]
[]
[]
[]
[]
[]
[]
[]
[]
[]
[]
[]
[]
[]
[]
[]
[]
[]
[]
[]
[null,null,null,null,null,null,null,null,null,null,null,null,"OPCIÓN DISTANCIA A CANTERAS"]
[]
[]
[]
[]
[]
[]
[]
[]
[]
[]
[]
[]
[]
[]
[]
[]
[]
[]
[]
[]
[]
[]
[]
[]
[]
[]
[]
[]
[]
[]
[]
[]
[]
[]
[]
[]
[]
[]
[]
[]
[]
[]
[]
[]
[]
[]
[]
[]
[]
[]
[]
[]
[]
[]
[]
[]
[null,null,null,null,null,null,null,null,null,null,null,null,"OPCIÓN DISTANCIA A CANTERAS"]
[]
[]
[]
[]
[]
[]
[]
[]
[]
[]
[]
[]
[]
[]
[]
[]
[]
[]
[]
[]
[]
[]
[]
[]
[]
[]
[]
[]
[]
[]
[]
[]
[]
[]
[]
[]
[]
[]
[]
[]
[]
[]
[]
[]
[]
[]
[]
[]
[]
[]
[]
[]
[]
[]
[]
[]
[null,null,null,null,null,null,null,null,null,null,null,null,"OPCIÓN DISTANCIA A CANTERAS"]
[]
[]
[]
[]
[]
[]
[]
[]
[]
[]
[]
[]
[]
[]
[]
[]
[]
[]
[]
[]
[]
[]
[]
[]
[]
[]
[]
[]
[]
[]
[]
[]
[]
[]
[]
[]
[]
[]
[]
[]
[]
[]
[]
[]
[]
[]
[]
[]
[]
[]
[]
[]
[]
[]
[]
[]
[null,null,null,null,null,null,null,null,null,null,null,null,"OPCIÓN DISTANCIA A CANTERAS"]
[]
[]
[]
[]
[]
[]
[]
[]
[]
[]
[]
[]
[]
[]
[]
[]
[]
[]
[]
[]
[]
[]
[]
[]
[]
[]
[]
[]
[]
[]
[]
[]
[]
[]
[]
[]
[]
[]
[]
[]
[]
[]
[]
[]
[]
[]
[]
[]
[]
[]
[]
[]
[]
[]
[]
[]
[null,null,null,null,null,null,null,null,null,null,null,null,"OPCIÓN DISTANCIA A CANTERAS"]
[]
[]
[]
[]
[]
[]
[]
[]
[]
[]
[]
[]
[]
[]
[]
[]
[]
[]
[]
[]
[]
[]
[]
[]
[]
[]
[]
[]
[]
[]
[]
[]
[]
[]
[]
[]
[]
[]
[]
[]
[]
[]
[]
[]
[]
[]
[]
[]
[]
[]
[]
[]
[]
[]
[]
[]
[null,null,null,null,null,null,null,null,null,null,null,null,"OPCIÓN DISTANCIA A CANTERAS"]
[]
[]
[]
[]
[]
[]
[]
[]
[]
[]
[]
[]
[]
[]
[]
[]
[]
[]
[]
[]
[]
[]
[]
[]
[]
[]
[]
[]
[]
[]
[]
[]
[]
[]
[]
[]
[]
[]
[]
[]
[]
[]
[]
[]
[]
[]
[]
[]
[]
[]
[]
[]
[]
[]
[]
[]
[null,null,null,null,null,null,null,null,null,null,null,null,"OPCIÓN DISTANCIA A CANTERAS"]
[]
[]
[]
[]
[]
[]
[]
[]
[]
[]
[]
[]
[]
[]
[]
[]
[]
[]
[]
[]
[]
[]
[]
[]
[]
[]
[]
[]
[]
[]
[]
[]
[]
[]
[]
[]
[]
[]
[]
[]
[]
[]
[]
[]
[]
[]
[]
[]
[]
[]
[]
[]
[]
[]
[]
[]
[null,null,null,null,null,null,null,null,null,null,null,null,"OPCIÓN DISTANCIA A CANTERAS"]
[]
[]
[]
[]
[]
[]
[]
[]
[]
[]
[]
[]
[]
[]
[]
[]
[]
[]
[]
[]
[]
[]
[]
[]
[]
[]
[]
[]
[]
[]
[]
[]
[]
[]
[]
[]
[]
[]
[]
[]
[]
[]
[]
[]
[]
[]
[]
[]
[]
[]
[]
[]
[]
[]
[]
[]
[null,null,null,null,null,null,null,null,null,null,null,null,"OPCIÓN DISTANCIA A CANTERAS"]
[]
[]
[]
[]
[]
[]
[]
[]
[]
[]
[]
[]
[]
[]
[]
[]
[]
[]
[]
[]
[]
[]
[]
[]
[]
[]
[]
[]
[]
[]
[]
[]
[]
[]
[]
[]
[]
[]
[]
[]
[]
[]
[]
[]
[]
[]
[]
[]
[]
[]
[]
[]
[]
[]
[]
[]
[null,null,null,null,null,null,null,null,null,null,null,null,"OPCIÓN DISTANCIA A CANTERAS"]
[]
[]
[]
[]
[]
[]
[]
[]
[]
[]
[]
[]
[]
[]
[]
[]
[]
[]
[]
[]
[]
[]
[]
[]
[]
[]
[]
[]
[]
[]
[]
[]
[]
[]
[]
[]
[]
[]
[]
[]
[]
[]
[]
[]
[]
[]
[]
[]
[]
[]
[]
[]
[]
[]
[]
[]
[null,null,null,null,null,null,null,null,null,null,null,null,"OPCIÓN DISTANCIA A CANTERAS"]
[]
[]
[]
[]
[]
[]
[]
[]
[]
[]
[]
[]
[]
[]
[]
[]
[]
[]
[]
[]
[]
[]
[]
[]
[]
[]
[]
[]
[]
[]
[]
[]
[]
[]
[]
[]
[]
[]
[]
[]
[]
[]
[]
[]
[]
[]
[]
[]
[]
[]
[]
[]
[]
[]
[]
[]
[null,null,null,null,null,null,null,null,null,null,null,null,"OPCIÓN DISTANCIA A CANTERAS"]
[]
[]
[]
[]
[]
[]
[]
[]
[]
[]
[]
[]
[]
[]
[]
[]
[]
[]
[]
[]
[]
[]
[]
[]
[]
[]
[]
[]
[]
[]
[]
[]
[]
[]
[]
[]
[]
[]
[]
[]
[]
[]
[]
[]
[]
[]
[]
[]
[]
[]
[]
[]
[]
[]
[]
[]
[null,null,null,null,null,null,null,null,null,null,null,null,"OPCIÓN DISTANCIA A CANTERAS"]
[]
[]
[]
[]
[]
[]
[]
[]
[]
[]
[]
[]
[]
[]
[]
[]
[]
[]
[]
[]
[]
[]
[]
[]
[]
[]
[]
[]
[]
[]
[]
[]
[]
[]
[]
[]
[]
[]
[]
[]
[]
[]
[]
[]
[]
[]
[]
[]
[]
[]
[]
[]
[]
[]
[]
[]
[null,null,null,null,null,null,null,null,null,null,null,null,"OPCIÓN DISTANCIA A CANTERAS"]
[null,null,null,null,null,null,null,null,null,null,null,null,"Dist. Cantera Agregados rio"]
[null,null,null,null,null,null,null,null,null,null,null,null,"Dist. Cantera Roca Muerta"]
[]
[]
[]
[]
[]
[]
[]
[]
[]
[]
[]
[]
[]
[]
[]
[]
[]
[]
[]
[]
[]
[]
[]
[]
[]
[]
[]
[]
[]
[]
[]
[]
[]
[]
[]
[]
[]
[]
[]
[]
[]
[]
[]
[]
[]
[]
[]
[]
[]
[]
[null,null,null,null,null,null,null,null,null,null,null,null,"OPCIÓN DISTANCIA A CANTERAS"]
[null,null,null,null,null,null,null,null,null,null,null,null,"Dist. Cantera Agregados rio"]
[null,null,null,null,null,null,null,null,null,null,null,null,"Dist. Cantera Roca Muerta"]
[]
[]
[]
[]
[]
[]
[]
[]
[]
[]
[]
[]
[]
[]
[]
[]
[]
[]
[]
[]
[]
[]
[]
[]
[]
[]
[]
[]
[]
[]
[]
[]
[]
[]
[]
[]
[]
[]
[]
[]
[]
[]
[]
[]
[]
[]
[]
[]
[]
[]
[null,null,null,null,null,null,null,null,null,null,null,null,"OPCIÓN DISTANCIA A CANTERAS"]
[null,null,null,null,null,null,null,null,null,null,null,null,"Dist. Cantera Agregados rio"]
[null,null,null,null,null,null,null,null,null,null,null,null,"Dist. Cantera Roca Muerta"]
[]
[]
[]
[]
[]
[]
[]
[]
[]
[]
[]
[]
[]
[]
[]
[]
[]
[]
[]
[]
[]
[]
[]
[]
[]
[]
[]
[]
[]
[]
[]
[]
[]
[]
[]
[]
[]
[]
[]
[]
[]
[]
[]
[]
[]
[]
[]
[]
[]
[]
[null,null,null,null,null,null,null,null,null,null,null,null,"OPCIÓN DISTANCIA A CANTERAS"]
[null,null,null,null,null,null,null,null,null,null,null,null,"Dist. Cantera Agregados rio"]
[null,null,null,null,null,null,null,null,null,null,null,null,"Dist. Cantera Roca Muerta"]
[]
[]
[]
[]
[]
[]
[]
[]
[]
[]
[]
[]
[]
[]
[]
[]
[]
[]
[]
[]
[]
[]
[]
[]
[]
[]
[]
[]
[]
[]
[]
[]
[]
[]
[]
[]
[]
[]
[]
[]
[]
[]
[]
[]
[]
[]
[]
[]
[]
[]
[null,null,null,null,null,null,null,null,null,null,null,null,"OPCIÓN DISTANCIA A CANTERAS"]
[null,null,null,null,null,null,null,null,null,null,null,null,"Dist. Cantera Agregados rio"]
[null,null,null,null,null,null,null,null,null,null,null,null,"Dist. Cantera Roca Muerta"]
[]
[]
[]
[]
[]
[]
[]
[]
[]
[]
[]
[]
[]
[]
[]
[]
[]
[]
[]
[]
[]
[]
[]
[]
[]
[]
[]
[]
[]
[]
[]
[]
[]
[]
[]
[]
[]
[]
[]
[]
[]
[]
[]
[]
[]
[]
[]
[]
[]
[]
[null,null,null,null,null,null,null,null,null,null,null,null,"OPCIÓN DISTANCIA A CANTERAS"]
[null,null,null,null,null,null,null,null,null,null,null,null,"Dist. Cantera Agregados rio"]
[null,null,null,null,null,null,null,null,null,null,null,null,"Dist. Cantera Roca Muerta"]
[]
[]
[]
[]
[]
[]
[]
[]
[]
[]
[]
[]
[]
[]
[]
[]
[]
[]
[]
[]
[]
[]
[]
[]
[]
[]
[]
[]
[]
[]
[]
[]
[]
[]
[]
[]
[]
[]
[]
[]
[]
[]
[]
[]
[]
[]
[]
[]
[]
[]
[null,null,null,null,null,null,null,null,null,null,null,null,"OPCIÓN DISTANCIA A CANTERAS"]
[null,null,null,null,null,null,null,null,null,null,null,null,"Dist. Cantera Agregados rio"]
[null,null,null,null,null,null,null,null,null,null,null,null,"Dist. Cantera Roca Muerta"]

{"sheet":"APUS_PROY","index":33,"n_rows":12,"n_cols":10,"rows_kept":12,"cut":false,"hidden":false,"merged":[[3,15,9,17],[3,9,9,10],[3,3,3,8],[4,3,4,8],[5,3,5,8],[6,3,6,8],[11,1,11,10],[10,1,10,10],[7,3,7,8],[9,3,9,5],[9,6,9,8],[3,1,9,2],[8,3,8,8]]}
[]
[]
[]
[null,"LOGOTIPO FORMULADOR",null,"REPÚBLICA DE COLOMBIA",null,null,null,null,null,"LOGOTIPO FORMULADOR"]
[null,null,null,{"$f":"DPTO","v":"DEPARTAMENTO DEL CAUCA"}]
[null,null,null,{"$f":"+Nom_Mpio1","v":"MUNICIPIO LA ESTRELLA FLUVIAL"}]
[null,null,null,{"$f":"+Dependencia","v":"SECRETARÍA DE OBRAS PÚBLICAS"}]
[null,null,null,{"$f":"+Nom_proy1","v":"MEJORAMIENTO DEL TRAMO VIAL LA PAZ - EL PROGRESO ENTRE EL K5+000 Y EL K6+000 DEL MUNICIPIO LA ESTRELLA FLUVIAL"}]
[]
[null,null,null,"Fecha:",null,null,{"$f":"+Fecha_Pres","v":"2019-10-11"}]
[]
[null,"ANÁLISIS DE PRECIOS UNITARIOS"]

{"sheet":"CANTIDADES","index":34,"n_rows":10138,"n_cols":22,"rows_kept":4500,"cut":true,"hidden":false,"merged":[[39,9,39,12],[498,9,498,12],[23,9,23,12],[24,9,24,12],[25,9,25,12],[26,9,26,12],[27,9,27,12],[28,9,28,12],[29,9,29,12],[74,8,74,16],[40,8,40,16],[42,8,42,16],[43,2,43,17],[48,13,48,16],[50,9,50,12],[51,9,51,12],[52,9,52,12],[53,9,53,12],[54,9,54,12],[55,9,55,12],[73,9,73,12],[30,9,30,12],[31,9,31,12],[34,9,34,12],[35,9,35,12],[36,9,36,12],[62,9,62,12],[32,9,32,12],[33,9,33,12],[60,9,60,12],[61,9,61,12],[37,9,37,12],[2,4,2,14],[3,4,3,14],[4,4,4,14],[5,4,5,14],[6,4,6,14],[7,4,7,14],[8,4,8,14],[14,13,14,16],[16,9,16,12],[17,9,17,12],[18,9,18,12],[19,9,19,12],[20,9,20,12],[21,9,21,12],[22,9,22,12],[14,9,15,12],[14,2,15,7],[14,8,15,8],[2,1,9,3],[2,15,9,17],[9,4,9,8],[9,9,9,14],[38,9,38,12],[85,9,85,12],[86,9,86,12],[87,9,87,12],[88,9,88,12],[89,9,89,12],[90,9,90,12],[91,9,91,12],[92,9,92,12],[93,9,93,12],[94,9,94,12],[95,9,95,12],[96,9,96,12],[97,9,97,12],[98,9,98,12],[99,9,99,12],[100,9,100,12],[56,9,56,12],[57,9,57,12],[58,9,58,12],[59,9,59,12],[76,8,76,16],[77,2,77,17],[63,9,63,12],[64,9,64,12],[65,9,65,12],[66,9,66,12],[67,9,67,12],[68,9,68,12],[69,9,69,12],[70,9,70,12],[71,9,71,12],[72,9,72,12],[136,9,136,12],[137,9,137,12],[138,9,138,12],[139,9,139,12],[140,9,140,12],[101,9,101,12],[102,9,102,12],[103,9,103,12],[104,9,104,12],[105,9,105,12],[106,9,106,12],[107,9,107,12],[119,9,119,12],[120,9,120,12],[121,9,121,12],[122,9,122,12],[123,9,123,12],[82,9,83,12],[154,9,154,12],[155,9,155,12],[156,9,156,12],[157,9,157,12],[158,9,158,12],[159,9,159,12],[160,9,160,12],[161,9,161,12],[162,9,162,12],[163,9,163,12],[195,9,195,12],[145,2,145,17],[150,2,151,7],[150,8,151,8],[150,9,151,12],[150,13,150,16],[150,17,151,17],[152,2,178,7],[152,9,152,12],[153,9,153,12],[164,9,164,12],[165,9,165,12],[166,9,166,12],[167,9,167,12],[168,9,168,12],[169,9,169,12],[170,9,170,12],[171,9,171,12],[172,9,172,12],[173,9,173,12],[174,9,174,12],[175,9,175,12],[178,8,178,16],[176,8,176,16],[179,2,179,17],[184,2,185,7],[184,8,185,8],[184,9,185,12],[184,13,184,16],[184,17,185,17],[203,9,203,12],[204,9,204,12],[205,9,205,12],[206,9,206,12],[207,9,207,12],[208,9,208,12],[209,9,209,12],[212,8,212,16],[222,9,222,12],[223,9,223,12],[224,9,224,12],[186,2,212,7],[186,9,186,12],[187,9,187,12],[196,9,196,12],[197,9,197,12],[198,9,198,12],[199,9,199,12],[200,9,200,12],[201,9,201,12],[202,9,202,12],[258,9,258,12],[259,9,259,12],[260,9,260,12],[261,9,261,12],[262,9,262,12],[210,8,210,16],[213,2,213,17],[218,2,219,7],[218,8,219,8],[218,9,219,12],[218,13,218,16],[218,17,219,17],[220,2,246,7],[220,9,220,12],[221,9,221,12],[255,9,255,12],[256,9,256,12],[257,9,257,12],[263,9,263,12],[264,9,264,12],[265,9,265,12],[225,9,225,12],[226,9,226,12],[227,9,227,12],[228,9,228,12],[229,9,229,12],[230,9,230,12],[231,9,231,12],[232,9,232,12],[233,9,233,12],[234,9,234,12],[235,9,235,12],[236,9,236,12],[237,9,237,12],[238,9,238,12],[239,9,239,12],[240,9,240,12],[241,9,241,12],[244,8,244,16],[247,2,247,17],[252,2,253,7],[252,8,253,8],[252,9,253,12],[252,13,252,16],[252,17,253,17],[242,9,242,12],[243,9,243,12],[246,8,246,16],[254,2,280,7],[254,9,254,12],[310,9,310,12],[311,9,311,12],[327,9,327,12],[315,2,315,17],[320,2,321,7],[292,9,292,12],[293,9,293,12],[294,9,294,12],[295,9,295,12],[296,9,296,12],[297,9,297,12],[298,9,298,12],[299,9,299,12],[300,9,300,12],[301,9,301,12],[302,9,302,12],[303,9,303,12],[304,9,304,12],[320,8,321,8],[320,9,321,12],[320,13,320,16],[320,17,321,17],[322,2,348,7],[322,9,322,12],[323,9,323,12],[324,9,324,12],[325,9,325,12],[326,9,326,12],[328,9,328,12],[329,9,329,12],[330,9,330,12],[331,9,331,12],[378,9,378,12],[379,9,379,12],[345,9,345,12],[361,9,361,12],[362,9,362,12],[363,9,363,12],[364,9,364,12],[365,9,365,12],[366,9,366,12],[346,8,346,16],[348,8,348,16],[349,2,349,17],[354,2,355,7],[354,8,355,8],[354,9,355,12],[354,13,354,16],[354,17,355,17],[417,2,417,17],[422,2,423,7],[422,8,423,8],[422,9,423,12],[422,13,422,16],[422,17,423,17],[395,9,395,12],[396,9,396,12],[397,9,397,12],[398,9,398,12],[399,9,399,12],[400,9,400,12],[401,9,401,12],[402,9,402,12],[403,9,403,12],[404,9,404,12],[405,9,405,12],[424,2,450,7],[424,9,424,12],[425,9,425,12],[426,9,426,12],[427,9,427,12],[428,9,428,12],[448,8,448,16],[450,8,450,16],[451,2,451,17],[456,2,457,7],[456,8,457,8],[456,9,457,12],[456,13,456,16],[456,17,457,17],[458,2,484,7],[429,9,429,12],[430,9,430,12],[431,9,431,12],[432,9,432,12],[433,9,433,12],[434,9,434,12],[435,9,435,12],[436,9,436,12],[437,9,437,12],[438,9,438,12],[439,9,439,12],[440,9,440,12],[441,9,441,12],[442,9,442,12],[443,9,443,12],[444,9,444,12],[472,9,472,12],[473,9,473,12],[474,9,474,12],[475,9,475,12],[476,9,476,12],[477,9,477,12],[478,9,478,12],[479,9,479,12],[480,9,480,12],[481,9,481,12],[445,9,445,12],[446,9,446,12],[447,9,447,12],[463,9,463,12],[464,9,464,12],[465,9,465,12],[466,9,466,12],[467,9,467,12],[458,9,458,12],[459,9,459,12],[460,9,460,12],[461,9,461,12],[462,9,462,12],[468,9,468,12],[469,9,469,12],[470,9,470,12],[471,9,471,12],[592,2,593,7],[592,8,593,8],[592,9,593,12],[592,13,592,16],[592,17,593,17],[594,2,620,7],[594,9,594,12],[595,9,595,12],[596,9,596,12],[597,9,597,12],[532,9,532,12],[533,9,533,12],[534,9,534,12],[535,9,535,12],[536,9,536,12],[537,9,537,12],[538,9,538,12],[539,9,539,12],[540,9,540,12],[541,9,541,12],[542,9,542,12],[543,9,543,12],[544,9,544,12],[582,9,582,12],[583,9,583,12],[545,9,545,12],[546,9,546,12],[547,9,547,12],[548,9,548,12],[549,9,549,12],[565,9,565,12],[566,9,566,12],[643,9,643,12],[644,9,644,12],[645,9,645,12],[646,9,646,12],[608,9,608,12],[609,9,609,12],[610,9,610,12],[611,9,611,12],[612,9,612,12],[613,9,613,12],[614,9,614,12],[615,9,615,12],[616,9,616,12],[617,9,617,12],[601,9,601,12],[602,9,602,12],[603,9,603,12],[604,9,604,12],[605,9,605,12],[606,9,606,12],[607,9,607,12],[632,9,632,12],[633,9,633,12],[634,9,634,12],[640,9,640,12],[641,9,641,12],[642,9,642,12],[748,9,748,12],[790,2,790,17],[795,2,796,7],[795,8,796,8],[795,9,796,12],[795,13,795,16],[795,17,796,17],[797,2,823,7],[708,9,708,12],[669,9,669,12],[670,9,670,12],[671,9,671,12],[672,9,672,12],[673,9,673,12],[674,9,674,12],[675,9,675,12],[676,9,676,12],[677,9,677,12],[678,9,678,12],[679,9,679,12],[680,9,680,12],[681,9,681,12],[682,9,682,12],[683,9,683,12],[684,9,684,12],[685,9,685,12],[689,2,689,17],[694,2,695,7],[694,8,695,8],[694,9,695,12],[694,13,694,16],[694,17,695,17],[923,2,923,17],[928,2,929,7],[928,8,929,8],[928,9,929,12],[928,13,928,16],[928,17,929,17],[930,2,956,7],[932,9,932,12],[933,9,933,12],[964,9,964,12],[930,9,930,12],[931,9,931,12],[942,9,942,12],[943,9,943,12],[944,9,944,12],[945,9,945,12],[946,9,946,12],[947,9,947,12],[934,9,934,12],[935,9,935,12],[936,9,936,12],[937,9,937,12],[938,9,938,12],[939,9,939,12],[940,9,940,12],[941,9,941,12],[948,9,948,12],[949,9,949,12],[950,9,950,12],[951,9,951,12],[952,9,952,12],[953,9,953,12],[965,9,965,12],[954,8,954,16],[956,8,956,16],[957,2,957,17],[962,2,963,7],[962,8,963,8],[962,9,963,12],[962,13,962,16],[962,17,963,17],[964,2,997,7],[966,9,966,12],[967,9,967,12],[968,9,968,12],[1017,9,1017,12],[1018,9,1018,12],[1019,9,1019,12],[1020,9,1020,12],[969,9,969,12],[970,9,970,12],[971,9,971,12],[972,9,972,12],[973,9,973,12],[974,9,974,12],[975,9,975,12],[1009,9,1009,12],[994,9,994,12],[986,9,986,12],[976,9,976,12],[977,9,977,12],[978,9,978,12],[979,9,979,12],[980,9,980,12],[981,9,981,12],[982,9,982,12],[998,2,998,17],[1003,2,1004,7],[1003,8,1004,8],[1003,9,1004,12],[995,8,995,16],[997,8,997,16],[991,9,991,12],[992,9,992,12],[993,9,993,12],[1003,13,1003,16],[1003,17,1004,17],[1056,9,1056,12],[1057,9,1057,12],[1058,9,1058,12],[1059,9,1059,12],[1037,9,1038,12],[1037,13,1037,16],[1037,17,1038,17],[1039,2,1065,7],[1039,9,1039,12],[1040,9,1040,12],[1041,9,1041,12],[1042,9,1042,12],[1043,9,1043,12],[1063,8,1063,16],[1065,8,1065,16],[1048,9,1048,12],[1049,9,1049,12],[1050,9,1050,12],[1051,9,1051,12],[1060,9,1060,12],[1061,9,1061,12],[1062,9,1062,12],[1080,9,1080,12],[1081,9,1081,12],[1082,9,1082,12],[1083,9,1083,12],[1021,9,1021,12],[1022,9,1022,12],[1023,9,1023,12],[1024,9,1024,12],[1025,9,1025,12],[1032,2,1032,17],[1037,2,1038,7],[1005,2,1031,7],[1005,9,1005,12],[1006,9,1006,12],[1007,9,1007,12],[1008,9,1008,12],[1029,8,1029,16],[1031,8,1031,16],[1026,9,1026,12],[1027,9,1027,12],[1028,9,1028,12],[1010,9,1010,12],[1011,9,1011,12],[1012,9,1012,12],[1013,9,1013,12],[1014,9,1014,12],[1015,9,1015,12],[1016,9,1016,12],[1037,8,1038,8],[1097,8,1097,16],[1099,8,1099,16],[1100,2,1100,17],[1117,9,1117,12],[1118,9,1118,12],[1119,9,1119,12],[1120,9,1120,12],[1121,9,1121,12],[1131,9,1131,12],[1132,9,1132,12],[1133,9,1133,12],[1084,9,1084,12],[1085,9,1085,12],[1086,9,1086,12],[1066,2,1066,17],[1071,2,1072,7],[1071,8,1072,8],[1071,9,1072,12],[1071,13,1071,16],[1071,17,1072,17],[1073,2,1099,7],[1073,9,1073,12],[1074,9,1074,12],[1075,9,1075,12],[1076,9,1076,12],[1077,9,1077,12],[1211,2,1211,17],[1172,9,1172,12],[1173,9,1173,12],[1135,9,1135,12],[1136,9,1136,12],[1137,9,1137,12],[1138,9,1138,12],[1139,9,1139,12],[1155,9,1155,12],[1156,9,1156,12],[1107,2,1142,7],[1107,9,1107,12],[1108,9,1108,12],[1109,9,1109,12],[1110,9,1110,12],[1111,9,1111,12],[1140,8,1140,16],[1142,8,1142,16],[1143,2,1143,17],[1148,2,1149,7],[1148,8,1149,8],[1148,9,1149,12],[1148,13,1148,16],[1112,9,1112,12],[1113,9,1113,12],[1134,9,1134,12],[1182,9,1183,12],[1182,13,1182,16],[1182,17,1183,17],[1184,2,1210,7],[1184,9,1184,12],[1185,9,1185,12],[1252,2,1278,7],[1252,9,1252,12],[1253,9,1253,12],[1223,9,1223,12],[1224,9,1224,12],[1225,9,1225,12],[1226,9,1226,12],[1227,9,1227,12],[1228,9,1228,12],[1229,9,1229,12],[1230,9,1230,12],[1231,9,1231,12],[1232,9,1232,12],[1233,9,1233,12],[1234,9,1234,12],[1196,9,1196,12],[1197,9,1197,12],[1198,9,1198,12],[1199,9,1199,12],[1200,9,1200,12],[1201,9,1201,12],[1202,9,1202,12],[1203,9,1203,12],[1204,9,1204,12],[1205,9,1205,12],[1206,9,1206,12],[1207,9,1207,12],[1275,9,1275,12],[1216,2,1217,7],[1216,8,1217,8],[1216,9,1217,12],[1254,9,1254,12],[1292,9,1292,12],[1293,9,1293,12],[1294,9,1294,12],[1295,9,1295,12],[1257,9,1257,12],[1258,9,1258,12],[1259,9,1259,12],[1260,9,1260,12],[1261,9,1261,12],[1262,9,1262,12],[1263,9,1263,12],[1264,9,1264,12],[1265,9,1265,12],[1266,9,1266,12],[1267,9,1267,12],[1268,9,1268,12],[1269,9,1269,12],[1270,9,1270,12],[1271,9,1271,12],[1272,9,1272,12],[1273,9,1273,12],[1432,9,1432,12],[1362,9,1362,12],[1363,9,1363,12],[1364,9,1364,12],[1365,9,1365,12],[1366,9,1366,12],[1367,9,1367,12],[1368,9,1368,12],[1369,9,1369,12],[1370,9,1370,12],[1371,9,1371,12],[1372,9,1372,12],[1373,9,1373,12],[1381,2,1381,17],[1386,2,1387,7],[1386,8,1387,8],[1354,2,1380,7],[1354,9,1354,12],[1355,9,1355,12],[1356,9,1356,12],[1357,9,1357,12],[1358,9,1358,12],[1378,8,1378,16],[1380,8,1380,16],[1374,9,1374,12],[1375,9,1375,12],[1376,9,1376,12],[1377,9,1377,12],[1411,9,1411,12],[1393,9,1393,12],[1394,9,1394,12],[1395,9,1395,12],[1359,9,1359,12],[1360,9,1360,12],[1335,9,1335,12],[1336,9,1336,12],[1337,9,1337,12],[1338,9,1338,12],[1339,9,1339,12],[1340,9,1340,12],[1341,9,1341,12],[1342,9,1342,12],[1343,9,1343,12],[1430,9,1430,12],[1431,9,1431,12],[1565,9,1565,12],[1566,9,1566,12],[1567,9,1567,12],[1568,9,1568,12],[1386,9,1387,12],[1427,9,1427,12],[1428,9,1428,12],[1429,9,1429,12],[1483,2,1483,17],[1488,2,1489,7],[1488,8,1489,8],[1488,9,1489,12],[1488,13,1488,16],[1488,17,1489,17],[1490,2,1516,7],[1490,9,1490,12],[1491,9,1491,12],[1492,9,1492,12],[1493,9,1493,12],[1569,9,1569,12],[1570,9,1570,12],[1571,9,1571,12],[1572,9,1572,12],[1573,9,1573,12],[1583,2,1583,17],[1588,2,1589,7],[1588,8,1589,8],[1588,9,1589,12],[1588,13,1588,16],[1588,17,1589,17],[1433,9,1433,12],[1434,9,1434,12],[1635,9,1635,12],[1636,9,1636,12],[1637,9,1637,12],[1638,9,1638,12],[1472,9,1472,12],[1443,9,1443,12],[1444,9,1444,12],[1422,2,1448,7],[1422,9,1422,12],[1423,9,1423,12],[1424,9,1424,12],[1425,9,1425,12],[1426,9,1426,12],[1446,8,1446,16],[1448,8,1448,16],[1449,2,1449,17],[1454,2,1455,7],[1454,8,1455,8],[1454,9,1455,12],[1639,9,1639,12],[1640,9,1640,12],[1641,9,1641,12],[1642,9,1642,12],[1646,9,1646,12],[1651,9,1651,12],[1613,9,1613,12],[1631,9,1631,12],[1632,9,1632,12],[1633,9,1633,12],[1634,9,1634,12],[1624,2,1657,7],[1624,9,1624,12],[1625,9,1625,12],[1626,9,1626,12],[1627,9,1627,12],[1628,9,1628,12],[1629,9,1629,12],[1630,9,1630,12],[1590,2,1616,7],[1590,9,1590,12],[1591,9,1591,12],[1592,9,1592,12],[1593,9,1593,12],[1594,9,1594,12],[1595,9,1595,12],[1596,9,1596,12],[1614,8,1614,16],[1616,8,1616,16],[1617,2,1617,17],[1622,2,1623,7],[1622,8,1623,8],[1785,9,1785,12],[1786,9,1786,12],[1787,9,1787,12],[1678,9,1678,12],[1679,9,1679,12],[1680,9,1680,12],[1681,9,1681,12],[1682,9,1682,12],[1652,9,1652,12],[1653,9,1653,12],[1654,9,1654,12],[1655,8,1655,16],[1657,8,1657,16],[1658,2,1658,17],[1663,13,1663,16],[1665,9,1665,12],[1666,9,1666,12],[1667,9,1667,12],[1668,9,1668,12],[1669,9,1669,12],[1670,9,1670,12],[1671,9,1671,12],[1672,9,1672,12],[1673,9,1673,12],[1674,9,1674,12],[1675,9,1675,12],[1676,9,1676,12],[1677,9,1677,12],[1663,2,1664,7],[1699,9,1699,12],[1700,9,1700,12],[1701,9,1701,12],[1702,9,1702,12],[1703,9,1703,12],[1704,9,1704,12],[1705,9,1705,12],[1706,9,1706,12],[1707,9,1707,12],[1708,9,1708,12],[1709,9,1709,12],[1710,9,1710,12],[1726,2,1726,17],[1731,2,1732,7],[1731,8,1732,8],[1731,9,1732,12],[1731,13,1731,16],[1731,17,1732,17],[1794,2,1794,17],[1799,2,1800,7],[1799,8,1800,8],[1799,9,1800,12],[1799,13,1799,16],[1799,17,1800,17],[1714,9,1714,12],[1715,9,1715,12],[1716,9,1716,12],[1717,9,1717,12],[1718,9,1718,12],[1719,9,1719,12],[1720,9,1720,12],[1723,8,1723,16],[1725,8,1725,16],[1748,9,1748,12],[1757,8,1757,16],[1844,9,1844,12],[1845,9,1845,12],[1846,9,1846,12],[1847,9,1847,12],[1848,9,1848,12],[1849,9,1849,12],[1850,9,1850,12],[1851,9,1851,12],[1862,2,1862,17],[1867,2,1868,7],[1867,8,1868,8],[1867,9,1868,12],[1867,13,1867,16],[1867,17,1868,17],[1882,9,1882,12],[1883,9,1883,12],[1884,9,1884,12],[1824,9,1824,12],[1852,9,1852,12],[1853,9,1853,12],[1854,9,1854,12],[1855,9,1855,12],[1856,9,1856,12],[1857,9,1857,12],[1858,9,1858,12],[1859,8,1859,16],[1861,8,1861,16],[1983,9,1983,12],[1940,9,1940,12],[1951,9,1951,12],[1952,9,1952,12],[1953,9,1953,12],[1954,9,1954,12],[1955,9,1955,12],[1956,9,1956,12],[1957,9,1957,12],[1958,9,1958,12],[1959,9,1959,12],[1960,9,1960,12],[1923,9,1923,12],[1924,9,1924,12],[1925,9,1925,12],[1926,9,1926,12],[1937,9,1937,12],[1938,9,1938,12],[1939,9,1939,12],[1930,2,1930,17],[1935,2,1936,7],[1935,8,1936,8],[1935,9,1936,12],[2043,9,2043,12],[2044,9,2044,12],[2037,2,2038,7],[2037,9,2038,12],[2011,9,2011,12],[2012,9,2012,12],[2013,9,2013,12],[2014,9,2014,12],[2015,9,2015,12],[2016,9,2016,12],[2017,9,2017,12],[2018,9,2018,12],[2019,9,2019,12],[2020,9,2020,12],[2005,2,2031,7],[2005,9,2005,12],[2006,9,2006,12],[2007,9,2007,12],[2042,9,2042,12],[1937,2,1963,7],[1942,9,1942,12],[1943,9,1943,12],[1944,9,1944,12],[1945,9,1945,12],[1946,9,1946,12],[1947,9,1947,12],[1948,9,1948,12],[1949,9,1949,12],[1950,9,1950,12],[1961,8,1961,16],[1963,8,1963,16],[2088,9,2088,12],[2089,9,2089,12],[2073,9,2073,12],[2074,9,2074,12],[2075,9,2075,12],[2076,9,2076,12],[2077,9,2077,12],[2078,9,2078,12],[2079,9,2079,12],[2080,9,2080,12],[2081,9,2081,12],[2082,9,2082,12],[2083,9,2083,12],[2045,9,2045,12],[2046,9,2046,12],[2047,9,2047,12],[2048,9,2048,12],[2049,9,2049,12],[2050,9,2050,12],[2051,9,2051,12],[2052,9,2052,12],[2053,9,2053,12],[2054,9,2054,12],[2055,9,2055,12],[2056,9,2056,12],[2084,9,2084,12],[2085,9,2085,12],[2086,9,2086,12],[2087,9,2087,12],[2107,9,2107,12],[2108,9,2108,12],[2109,9,2109,12],[2110,9,2110,12],[2111,9,2111,12],[2112,9,2112,12],[2113,9,2113,12],[2114,9,2114,12],[2115,9,2115,12],[2116,9,2116,12],[2117,9,2117,12],[2118,9,2118,12],[2119,9,2119,12],[2120,9,2120,12],[2121,9,2121,12],[2139,17,2140,17],[2141,2,2167,7],[2159,9,2159,12],[2165,8,2165,16],[2167,8,2167,16],[2107,2,2133,7],[2122,9,2122,12],[2163,9,2163,12],[2164,9,2164,12],[2150,9,2150,12],[2151,9,2151,12],[2152,9,2152,12],[2153,9,2153,12]],"bounds":{"rows_first":2000,"rows_last":500,"rows_between":2000,"halvings":0},"merged_total":9221,"flags":["merged_cut"]}
[]
[]
[null,"LOGOTIPO FORMULADOR",null,null,"REPÚBLICA DE COLOMBIA",null,null,null,null,null,null,null,null,null,null,"LOGOTIPO FORMULADOR"]
[null,null,null,null,{"$f":"DPTO","v":"DEPARTAMENTO DEL CAUCA"}]
[null,null,null,null,{"$f":"+Nom_Mpio1","v":"MUNICIPIO LA ESTRELLA FLUVIAL"}]
[null,null,null,null,{"$f":"+Dependencia","v":"SECRETARÍA DE OBRAS PÚBLICAS"}]
[null,null,null,null,{"$f":"+Nom_proy1","v":"MEJORAMIENTO DEL TRAMO VIAL LA PAZ - EL PROGRESO ENTRE EL K5+000 Y EL K6+000 DEL MUNICIPIO LA ESTRELLA FLUVIAL"}]
[]
[null,null,null,null,"MEMORIA DE CANTIDADES DE OBRA"]
[null,null,null,null,"Fecha:",null,null,null,null,{"$f":"+Fecha_Pres","v":"2019-10-11"}]
[]
[null,1,{"$f":"+IFERROR(VLOOKUP(B12,LISTA_ITEMS[],2,FALSE),\"Falta ITEM\")","v":"PLACA HUELLA TIPO 1 (Bord-Cun-Cto-Pp-Cto-Pp-Cto-Cun-Bord)"}]
[null,"1.1",{"$f":"+IFERROR(VLOOKUP(B13,LISTA_ITEMS[],2,FALSE),\"Falta ITEM\")","v":"PRELIMINARES"}]
[null,"1.1.1",{"$f":"+IFERROR(VLOOKUP(B14,LISTA_ITEMS[],2,FALSE),\"Falta ITEM\")","v":"LOCALIZACIÓN Y REPLANTEO"},null,null,null,null,null,null,"Unidad de Medida",null,null,{"$f":"+IFERROR(VLOOKUP(B14,LISTA_ITEMS[],3,FALSE),\"Falta ITEM\")","v":"m"},null,"Cantidad",null,null,{"$f":"+R43","v":0}]
[null,null,"DESCRIPCIÓN GRAFICA",null,null,null,null,null,"No. ","DETALLE",null,null,null,"DIMENSIONES (m)",null,null,null,"TOTAL"]
[null,null,null,null,null,null,null,null,null,null,null,null,null,"CANT.","LONG","ANCHO","e /ALTURA"]
[null,null,null,null,null,null,null,null,1,"Localización y Replanteo de Placa Huella",null,null,null,1,1,null,null,{"$f":"IFERROR(ROUND(IF($M$14=\"m\",N17*O17,IF($M$14=\"m³\",N17*O17*P17*Q17,IF($M$14=\"kg\",N17*O17*Q17,IF($M$14=\"Und\",N17,IF($M$14=\"m²\",IF(AND(O17>0,P17>0,Q17=0),N17*O17*P17,IF(AND(O17>0,P17=0,Q17>0),N17*O17*Q17,IF(AND(N17>0,O17=0,P17>0,Q17>0),N17*P17*Q17,IF(AND(N17>0,Q17>0,O17=0,P17>0),Q17*P17*N17,\"\"))))))))),3),\" \")","v":1}]
[null,null,null,null,null,null,null,null,null,null,null,null,null,null,null,null,null,0]
[null,null,null,null,null,null,null,null,null,null,null,null,null,null,null,null,null,0]
[null,null,null,null,null,null,null,null,null,null,null,null,null,null,null,null,null,0]
[null,null,null,null,null,null,null,null,null,null,null,null,null,null,null,null,null,0]
[null,null,null,null,null,null,null,null,null,null,null,null,null,null,null,null,null,0]
[null,null,null,null,null,null,null,null,null,null,null,null,null,null,null,null,null,0]
[null,null,null,null,null,null,null,null,null,null,null,null,null,null,null,null,null,0]
[null,null,null,null,null,null,null,null,null,null,null,null,null,null,null,null,null,0]
[null,null,null,null,null,null,null,null,null,null,null,null,null,null,null,null,null,0]
[null,null,null,null,null,null,null,null,null,null,null,null,null,null,null,null,null,0]
[null,null,null,null,null,null,null,null,null,null,null,null,null,null,null,null,null,0]
[null,null,null,null,null,null,null,null,null,null,null,null,null,null,null,null,null,0]
[null,null,null,null,null,null,null,null,null,null,null,null,null,null,null,null,null,0]
[null,null,null,null,null,null,null,null,null,null,null,null,null,null,null,null,null,0]
[null,null,null,null,null,null,null,null,null,null,null,null,null,null,null,null,null,0]
[null,null,null,null,null,null,null,null,null,null,null,null,null,null,null,null,null,0]
[null,null,null,null,null,null,null,null,null,null,null,null,null,null,null,null,null,0]
[null,null,null,null,null,null,null,null,null,null,null,null,null,null,null,null,null,0]
[null,null,null,null,null,null,null,null,null,null,null,null,null,null,null,null,null,0]
[null,null,null,null,null,null,null,null,null,null,null,null,null,null,null,null,null,0]
[null,null,null,null,null,null,null,null,null,null,null,null,null,null,null,null,null,0]
[null,null,null,null,null,null,null,null,null,null,null,null,null,null,null,null,null,0]
[null,null,null,null,null,null,null,null,null,null,null,null,null,null,null,null,null,0]
[null,null,null,null,null,null,null,null,"SUBTOTAL",null,null,null,null,null,null,null,null,{"$f":"ROUND(+SUM(R17:R40),2)","v":1}]
[null,null,null,null,null,null,null,null,"CANTIDAD DE  OBRA A EJECUTAR",null,null,null,null,null,null,null,{"$f":"+IFERROR(VLOOKUP(B12,OBRAS_TIPO[],3,FALSE),\"\")","v":"m"},{"$f":"+IFERROR(VLOOKUP(B12,OBRAS_TIPO[],4,FALSE),\"\")","v":0}]
[null,null,null,null,null,null,null,null,"TOTAL/OBRA A EJECUTAR",null,null,null,null,null,null,null,null,{"$f":"IFERROR(R42*R41,\"\")","v":0}]
[null,null,"OBSERVACIONES:"]
[]
[null,1,{"$f":"+IFERROR(VLOOKUP(B46,LISTA_ITEMS[],2,FALSE),\"Falta ITEM\")","v":"PLACA HUELLA TIPO 1 (Bord-Cun-Cto-Pp-Cto-Pp-Cto-Cun-Bord)"}]
[null,"1.2",{"$f":"+IFERROR(VLOOKUP(B47,LISTA_ITEMS[],2,FALSE),\"Falta ITEM\")","v":"MOVIMIENTOS TIERRA"}]
[null,"1.2.1",{"$f":"+IFERROR(VLOOKUP(B48,LISTA_ITEMS[],2,FALSE),\"Falta ITEM\")","v":"EXCAVACION SIN CLASIFICAR DE LA EXPLANACION Y CANALES"},null,null,null,null,null,null,"Unidad de Medida",null,null,{"$f":"+IFERROR(VLOOKUP(B48,LISTA_ITEMS[],3,FALSE),\"Falta ITEM\")","v":"m³"},null,"Cantidad",null,null,{"$f":"+R77","v":0}]
[null,null,"DESCRIPCIÓN GRAFICA",null,null,null,null,null,"No. ","DESCRIPCION",null,null,null,"DIMENSIONES (m)",null,null,null,"TOTAL"]
[null,null,null,null,null,null,null,null,null,null,null,null,null,"CANT.","LONG","ANCHO","e /ALTURA"]
[null,null,null,null,null,null,null,null,1,"Excavación para sub-base y placa-huella",null,null,null,1,1,5.4,0.3,{"$f":"IFERROR(ROUND(IF($M$48=\"m\",N51*O51,IF($M$48=\"m³\",N51*O51*P51*Q51,IF($M$48=\"kg\",N51*O51*Q51,IF($M$48=\"Und\",N51,IF($M$48=\"m²\",IF(AND(O51>0,P51>0,Q51=0),N51*O51*P51,IF(AND(O51>0,P51=0,Q51>0),N51*O51*Q51,IF(AND(N51>0,O51=0,P51>0,Q51>0),N51*P51*Q51,IF(AND(N51>0,Q51>0,O51=0,P51>0),Q51*P51*N51,\"\"))))))))),3),\" \")","v":1.62}]
[null,null,null,null,null,null,null,null,2,"Excavación para sub-base, cunetas y bordillos",null,null,null,2,1,1.1000000000000001,{"$f":"0.35+0.15","v":0.5},1.1000000000000001]
[null,null,null,null,null,null,null,null,null,null,null,null,null,null,null,null,null,0]
[null,null,null,null,null,null,null,null,null,null,null,null,null,null,null,null,null,0]
[null,null,null,null,null,null,null,null,null,null,null,null,null,null,null,null,null,0]
[null,null,null,null,null,null,null,null,null,null,null,null,null,null,null,null,null,0]
[null,null,null,null,null,null,null,null,null,null,null,null,null,null,null,null,null,0]
[null,null,null,null,null,null,null,null,null,null,null,null,null,null,null,null,null,0]
[null,null,null,null,null,null,null,null,null,null,null,null,null,null,null,null,null,0]
[null,null,null,null,null,null,null,null,null,null,null,null,null,null,null,null,null,0]
[null,null,null,null,null,null,null,null,null,null,null,null,null,null,null,null,null,0]
[null,null,null,null,null,null,null,null,null,null,null,null,null,null,null,null,null,0]
[null,null,null,null,null,null,null,null,null,null,null,null,null,null,null,null,null,0]
[null,null,null,null,null,null,null,null,null,null,null,null,null,null,null,null,null,0]
[null,null,null,null,null,null,null,null,null,null,null,null,null,null,null,null,null,0]
[null,null,null,null,null,null,null,null,null,null,null,null,null,null,null,null,null,0]
[null,null,null,null,null,null,null,null,null,null,null,null,null,null,null,null,null,0]
[null,null,null,null,null,null,null,null,null,null,null,null,null,null,null,null,null,0]
[null,null,null,null,null,null,null,null,null,null,null,null,null,null,null,null,null,0]
[null,null,null,null,null,null,null,null,null,null,null,null,null,null,null,null,null,0]
[null,null,null,null,null,null,null,null,null,null,null,null,null,null,null,null,null,0]
[null,null,null,null,null,null,null,null,null,null,null,null,null,null,null,null,null,0]
[null,null,null,null,null,null,null,null,null,null,null,null,null,null,null,null,null,0]
[null,null,null,null,null,null,null,null,null,null,null,null,null,null,null,null,null,0]
[null,null,null,null,null,null,null,null,"SUBTOTAL",null,null,null,null,null,null,null,null,{"$f":"ROUND(+SUM(R51:R74),2)","v":2.72}]
[null,null,null,null,null,null,null,null,"CANTIDAD DE  OBRA A EJECUTAR",null,null,null,null,null,null,null,{"$f":"+IFERROR(VLOOKUP(B46,OBRAS_TIPO[],3,FALSE),\"\")","v":"m"},{"$f":"+IFERROR(VLOOKUP(B46,OBRAS_TIPO[],4,FALSE),\"\")","v":0}]
[null,null,null,null,null,null,null,null,"TOTAL/OBRA A EJECUTAR",null,null,null,null,null,null,null,null,{"$f":"IFERROR(R76*R75,\"\")","v":0}]
[null,null,"OBSERVACIONES:"]
[]
[null,1,{"$f":"+IFERROR(VLOOKUP(B80,LISTA_ITEMS[],2,FALSE),\"Falta ITEM\")","v":"PLACA HUELLA TIPO 1 (Bord-Cun-Cto-Pp-Cto-Pp-Cto-Cun-Bord)"}]
[null,"1.2",{"$f":"+IFERROR(VLOOKUP(B81,LISTA_ITEMS[],2,FALSE),\"Falta ITEM\")","v":"MOVIMIENTOS TIERRA"}]
[null,"1.2.2",{"$f":"+IFERROR(VLOOKUP(B82,LISTA_ITEMS[],2,FALSE),\"Falta ITEM\")","v":"RELLENO PARA ESTRUCTURAS CON MATERIAL IMPORTADO"},null,null,null,null,null,null,"Unidad de Medida",null,null,{"$f":"+IFERROR(VLOOKUP(B82,LISTA_ITEMS[],3,FALSE),\"Falta ITEM\")","v":"m³"},null,"Cantidad",null,null,{"$f":"+R111","v":0}]
[null,null,"DESCRIPCIÓN GRAFICA",null,null,null,null,null,"No. ","DESCRIPCION",null,null,null,"DIMENSIONES (m)",null,null,null,"TOTAL"]
[null,null,null,null,null,null,null,null,null,null,null,null,null,"CANT.","LONG","ANCHO","e /ALTURA"]
[null,null,null,null,null,null,null,null,1,"Atraque en recebo bordillos",null,null,null,2,1,0.3,0.35,{"$f":"IFERROR(ROUND(IF($M$82=\"m\",N85*O85,IF($M$82=\"m³\",N85*O85*P85*Q85,IF($M$82=\"kg\",N85*O85*Q85,IF($M$82=\"Und\",N85,IF($M$82=\"m²\",IF(AND(O85>0,P85>0,Q85=0),N85*O85*P85,IF(AND(O85>0,P85=0,Q85>0),N85*O85*Q85,IF(AND(N85>0,O85=0,P85>0,Q85>0),N85*P85*Q85,IF(AND(N85>0,Q85>0,O85=0,P85>0),Q85*P85*N85,\"\"))))))))),3),\" \")","v":0.21}]
[null,null,null,null,null,null,null,null,null,null,null,null,null,null,null,null,null,0]
[null,null,null,null,null,null,null,null,null,null,null,null,null,null,null,null,null,0]
[null,null,null,null,null,null,null,null,null,null,null,null,null,null,null,null,null,0]
[null,null,null,null,null,null,null,null,null,null,null,null,null,null,null,null,null,0]
[null,null,null,null,null,null,null,null,null,null,null,null,null,null,null,null,null,0]
[null,null,null,null,null,null,null,null,null,null,null,null,null,null,null,null,null,0]
[null,null,null,null,null,null,null,null,null,null,null,null,null,null,null,null,null,0]
[null,null,null,null,null,null,null,null,null,null,null,null,null,null,null,null,null,0]
[null,null,null,null,null,null,null,null,null,null,null,null,null,null,null,null,null,0]
[null,null,null,null,null,null,null,null,null,null,null,null,null,null,null,null,null,0]
[null,null,null,null,null,null,null,null,null,null,null,null,null,null,null,null,null,0]
[null,null,null,null,null,null,null,null,null,null,null,null,null,null,null,null,null,0]
[null,null,null,null,null,null,null,null,null,null,null,null,null,null,null,null,null,0]
[null,null,null,null,null,null,null,null,null,null,null,null,null,null,null,null,null,0]
[null,null,null,null,null,null,null,null,null,null,null,null,null,null,null,null,null,0]
[null,null,null,null,null,null,null,null,null,null,null,null,null,null,null,null,null,0]
[null,null,null,null,null,null,null,null,null,null,null,null,null,null,null,null,null,0]
[null,null,null,null,null,null,null,null,null,null,null,null,null,null,null,null,null,0]
[null,null,null,null,null,null,null,null,null,null,null,null,null,null,null,null,null,0]
[null,null,null,null,null,null,null,null,null,null,null,null,null,null,null,null,null,0]
[null,null,null,null,null,null,null,null,null,null,null,null,null,null,null,null,null,0]
[null,null,null,null,null,null,null,null,null,null,null,null,null,null,null,null,null,0]
[null,null,null,null,null,null,null,null,null,null,null,null,null,null,null,null,null,0]
[null,null,null,null,null,null,null,null,"SUBTOTAL",null,null,null,null,null,null,null,null,{"$f":"ROUND(+SUM(R85:R108),2)","v":0.21}]
[null,null,null,null,null,null,null,null,"CANTIDAD DE  OBRA A EJECUTAR",null,null,null,null,null,null,null,{"$f":"+IFERROR(VLOOKUP(B80,OBRAS_TIPO[],3,FALSE),\"\")","v":"m"},{"$f":"+IFERROR(VLOOKUP(B80,OBRAS_TIPO[],4,FALSE),\"\")","v":0}]
[null,null,null,null,null,null,null,null,"TOTAL/OBRA A EJECUTAR",null,null,null,null,null,null,null,null,{"$f":"IFERROR(R110*R109,\"\")","v":0}]
[null,null,"OBSERVACIONES:"]
[]
[null,1,{"$f":"+IFERROR(VLOOKUP(B114,LISTA_ITEMS[],2,FALSE),\"Falta ITEM\")","v":"PLACA HUELLA TIPO 1 (Bord-Cun-Cto-Pp-Cto-Pp-Cto-Cun-Bord)"}]
[null,"1.2",{"$f":"+IFERROR(VLOOKUP(B115,LISTA_ITEMS[],2,FALSE),\"Falta ITEM\")","v":"MOVIMIENTOS TIERRA"}]
[null,"1.2.3",{"$f":"+IFERROR(VLOOKUP(B116,LISTA_ITEMS[],2,FALSE),\"Falta ITEM\")","v":"RETIRO MATERIAL DE EXCAVACIÓN (Incluye transporte)"},null,null,null,null,null,null,"Unidad de Medida",null,null,{"$f":"+IFERROR(VLOOKUP(B116,LISTA_ITEMS[],3,FALSE),\"Falta ITEM\")","v":"m³"},null,"Cantidad",null,null,{"$f":"+R145","v":0}]
[null,null,"DESCRIPCIÓN GRAFICA",null,null,null,null,null,"No. ","DESCRIPCION",null,null,null,"DIMENSIONES (m)",null,null,null,"TOTAL"]
[null,null,null,null,null,null,null,null,null,null,null,null,null,"CANT.","LONG","ANCHO","e /ALTURA"]
[null,null," ",null,null,null,null,null,1,"Retiro excavación para sub-base y placa-huella",null,null,null,1,1,5.4,0.3,{"$f":"IFERROR(ROUND(IF($M$116=\"m\",N119*O119,IF($M$116=\"m³\",N119*O119*P119*Q119,IF($M$116=\"kg\",N119*O119*Q119,IF($M$116=\"Und\",N119,IF($M$116=\"m²\",IF(AND(O119>0,P119>0,Q119=0),N119*O119*P119,IF(AND(O119>0,P119=0,Q119>0),N119*O119*Q119,IF(AND(N119>0,O119=0,P119>0,Q119>0),N119*P119*Q119,IF(AND(N119>0,Q119>0,O119=0,P119>0),Q119*P119*N119,\"\"))))))))),3),\" \")","v":1.62}]
[null,null,null,null,null,null,null,null,2,"Retiro excavación para sub-base, cunetas y bordillos",null,null,null,2,1,1.1200000000000001,{"$f":"0.35+0.15","v":0.5},1.1200000000000001]
[null,null,null,null,null,null,null,null,null,null,null,null,null,null,null,null,null,0]
[null,null,null,null,null,null,null,null,null,null,null,null,null,null,null,null,null,0]
[null,null,null,null,null,null,null,null,null,null,null,null,null,null,null,null,null,0]
[null,null,null,null,null,null,null,null,null,null,null,null,null,null,null,null,null,0]
[null,null,null,null,null,null,null,null,null,null,null,null,null,null,null,null,null,0]
[null,null,null,null,null,null,null,null,null,null,null,null,null,null,null,null,null,0]
[null,null,null,null,null,null,null,null,null,null,null,null,null,null,null,null,null,0]
[null,null,null,null,null,null,null,null,null,null,null,null,null,null,null,null,null,0]
[null,null,null,null,null,null,null,null,null,null,null,null,null,null,null,null,null,0]
[null,null,null,null,null,null,null,null,null,null,null,null,null,null,null,null,null,0]
[null,null,null,null,null,null,null,null,null,null,null,null,null,null,null,null,null,0]
[null,null,null,null,null,null,null,null,null,null,null,null,null,null,null,null,null,0]
[null,null,null,null,null,null,null,null,null,null,null,null,null,null,null,null,null,0]
[null,null,null,null,null,null,null,null,null,null,null,null,null,null,null,null,null,0]
[null,null,null,null,null,null,null,null,null,null,null,null,null,null,null,null,null,0]
[null,null,null,null,null,null,null,null,null,null,null,null,null,null,null,null,null,0]
[null,null,null,null,null,null,null,null,null,null,null,null,null,null,null,null,null,0]
[null,null,null,null,null,null,null,null,null,null,null,null,null,null,null,null,null,0]
[null,null,null,null,null,null,null,null,null,null,null,null,null,null,null,null,null,0]
[null,null,null,null,null,null,null,null,null,null,null,null,null,null,null,null,null,0]
[null,null,null,null,null,null,null,null,null,null,null,null,null,null,null,null,null,0]
[null,null,null,null,null,null,null,null,null,null,null,null,null,null,null,null,null,0]
[null,null,null,null,null,null,null,null,"SUBTOTAL",null,null,null,null,null,null,null,null,{"$f":"ROUND(+SUM(R119:R142),2)","v":2.74}]
[null,null,null,null,null,null,null,null,"CANTIDAD DE  OBRA A EJECUTAR",null,null,null,null,null,null,null,{"$f":"+IFERROR(VLOOKUP(B114,OBRAS_TIPO[],3,FALSE),\"\")","v":"m"},{"$f":"+IFERROR(VLOOKUP(B114,OBRAS_TIPO[],4,FALSE),\"\")","v":0}]
[null,null,null,null,null,null,null,null,"TOTAL/OBRA A EJECUTAR",null,null,null,null,null,null,null,null,{"$f":"IFERROR(R144*R143,\"\")","v":0}]
[null,null,"OBSERVACIONES:"]
[]
[null,1,{"$f":"+IFERROR(VLOOKUP(B148,LISTA_ITEMS[],2,FALSE),\"Falta ITEM\")","v":"PLACA HUELLA TIPO 1 (Bord-Cun-Cto-Pp-Cto-Pp-Cto-Cun-Bord)"}]
[null,"1.2",{"$f":"+IFERROR(VLOOKUP(B149,LISTA_ITEMS[],2,FALSE),\"Falta ITEM\")","v":"MOVIMIENTOS TIERRA"}]
[null,"1.2.4",{"$f":"+IFERROR(VLOOKUP(B150,LISTA_ITEMS[],2,FALSE),\"Falta ITEM\")","v":"CONFORMACION DE CALZADA EXISTENTE"},null,null,null,null,null,null,"Unidad de Medida",null,null,{"$f":"+IFERROR(VLOOKUP(B150,LISTA_ITEMS[],3,FALSE),\"Falta ITEM\")","v":"m²"},null,"Cantidad",null,null,{"$f":"+R179","v":0}]
[null,null,"DESCRIPCIÓN GRAFICA",null,null,null,null,null,"No. ","DESCRIPCION",null,null,null,"DIMENSIONES (m)",null,null,null,"TOTAL"]
[null,null,null,null,null,null,null,null,null,null,null,null,null,"CANT.","LONG","ANCHO","e /ALTURA"]
[null,null,null,null,null,null,null,null,1,"Área a conformar",null,null,null,1,1,7.6,null,{"$f":"IFERROR(ROUND(IF($M$150=\"m\",N153*O153,IF($M$150=\"m³\",N153*O153*P153*Q153,IF($M$150=\"kg\",N153*O153*Q153,IF($M$150=\"Und\",N153,IF($M$150=\"m²\",IF(AND(O153>0,P153>0,Q153=0),N153*O153*P153,IF(AND(O153>0,P153=0,Q153>0),N153*O153*Q153,IF(AND(N153>0,O153=0,P153>0,Q153>0),N153*P153*Q153,IF(AND(N153>0,Q153>0,O153=0,P153>0),Q153*P153*N153,\"\"))))))))),3),\" \")","v":7.6}]
[null,null,null,null,null,null,null,null,null,null,null,null,null,null,null,null,null," "]
[null,null,null,null,null,null,null,null,null,null,null,null,null,null,null,null,null," "]
[null,null,null,null,null,null,null,null,null,null,null,null,null,null,null,null,null," "]
[null,null,null,null,null,null,null,null,null,null,null,null,null,null,null,null,null," "]
[null,null,null,null,null,null,null,null,null,null,null,null,null,null,null,null,null," "]
[null,null,null,null,null,null,null,null,null,null,null,null,null,null,null,null,null," "]
[null,null,null,null,null,null,null,null,null,null,null,null,null,null,null,null,null," "]
[null,null,null,null,null,null,null,null,null,null,null,null,null,null,null,null,null," "]
[null,null,null,null,null,null,null,null,null,null,null,null,null,null,null,null,null," "]
[null,null,null,null,null,null,null,null,null,null,null,null,null,null,null,null,null," "]
[null,null,null,null,null,null,null,null,null,null,null,null,null,null,null,null,null," "]
[null,null,null,null,null,null,null,null,null,null,null,null,null,null,null,null,null," "]
[null,null,null,null,null,null,null,null,null,null,null,null,null,null,null,null,null," "]
[null,null,null,null,null,null,null,null,null,null,null,null,null,null,null,null,null," "]
[null,null,null,null,null,null,null,null,null,null,null,null,null,null,null,null,null," "]
[null,null,null,null,null,null,null,null,null,null,null,null,null,null,null,null,null," "]
[null,null,null,null,null,null,null,null,null,null,null,null,null,null,null,null,null," "]
[null,null,null,null,null,null,null,null,null,null,null,null,null,null,null,null,null," "]
[null,null,null,null,null,null,null,null,null,null,null,null,null,null,null,null,null," "]
[null,null,null,null,null,null,null,null,null,null,null,null,null,null,null,null,null," "]
[null,null,null,null,null,null,null,null,null,null,null,null,null,null,null,null,null," "]
[null,null,null,null,null,null,null,null,null,null,null,null,null,null,null,null,null," "]
[null,null,null,null,null,null,null,null,null,null,null,null,null,null,null,null,null," "]
[null,null,null,null,null,null,null,null,"SUBTOTAL",null,null,null,null,null,null,null,null,{"$f":"ROUND(+SUM(R153:R176),2)","v":7.6}]
[null,null,null,null,null,null,null,null,"CANTIDAD DE  OBRA A EJECUTAR",null,null,null,null,null,null,null,{"$f":"+IFERROR(VLOOKUP(B148,OBRAS_TIPO[],3,FALSE),\"\")","v":"m"},{"$f":"+IFERROR(VLOOKUP(B148,OBRAS_TIPO[],4,FALSE),\"\")","v":0}]
[null,null,null,null,null,null,null,null,"TOTAL/OBRA A EJECUTAR",null,null,null,null,null,null,null,null,{"$f":"IFERROR(R178*R177,\"\")","v":0}]
[null,null,"OBSERVACIONES:"]
[]
[null,1,{"$f":"+IFERROR(VLOOKUP(B182,LISTA_ITEMS[],2,FALSE),\"Falta ITEM\")","v":"PLACA HUELLA TIPO 1 (Bord-Cun-Cto-Pp-Cto-Pp-Cto-Cun-Bord)"}]
[null,"1.3",{"$f":"+IFERROR(VLOOKUP(B183,LISTA_ITEMS[],2,FALSE),\"Falta ITEM\")","v":" CAPA GRANULAR"}]
[null,"1.3.1",{"$f":"+IFERROR(VLOOKUP(B184,LISTA_ITEMS[],2,FALSE),\"Falta ITEM\")","v":"SUB-BASE GRANULAR (incluye suministro, extendido, nivelación, humedecido y compactación)   "},null,null,null,null,null,null,"Unidad de Medida",null,null,{"$f":"+IFERROR(VLOOKUP(B184,LISTA_ITEMS[],3,FALSE),\"Falta ITEM\")","v":"m³"},null,"Cantidad",null,null,{"$f":"+R213","v":0}]
[null,null,"DESCRIPCIÓN GRAFICA",null,null,null,null,null,"No. ","DESCRIPCION",null,null,null,"DIMENSIONES (m)",null,null,null,"TOTAL"]
[null,null,null,null,null,null,null,null,null,null,null,null,null,"CANT.","LONG","ANCHO","e /ALTURA"]
[null,null,null,null,null,null,null,null,1,"Sub-base placa-huella y piedra pegada",null,null,null,1,1,5.4,0.15,{"$f":"IFERROR(ROUND(IF($M$184=\"m\",N187*O187,IF($M$184=\"m³\",N187*O187*P187*Q187,IF($M$184=\"kg\",N187*O187*Q187,IF($M$184=\"Und\",N187,IF($M$184=\"m²\",IF(AND(O187>0,P187>0,Q187=0),N187*O187*P187,IF(AND(O187>0,P187=0,Q187>0),N187*O187*Q187,IF(AND(N187>0,O187=0,P187>0,Q187>0),N187*P187*Q187,IF(AND(N187>0,Q187>0,O187=0,P187>0),Q187*P187*N187,\"\"))))))))),3),\" \")","v":0.81}]
[null,null,null,null,null,null,null,null,{"$f":"I187+1","v":2},"Sub-base cunetas y bordillos",null,null,null,2,1,1.1000000000000001,0.15,0.33]
[null,null,null,null,null,null,null,null,null,null,null,null,null,null,null,null,null,0]
[null,null,null,null,null,null,null,null,null,null,null,null,null,null,null,null,null,0]
[null,null,null,null,null,null,null,null,null,null,null,null,null,null,null,null,null,0]
[null,null,null,null,null,null,null,null,null,null,null,null,null,null,null,null,null,0]
[null,null,null,null,null,null,null,null,null,null,null,null,null,null,null,null,null,0]
[null,null,null,null,null,null,null,null,null,null,null,null,null,null,null,null,null,0]
[null,null,null,null,null,null,null,null,null,null,null,null,null,null,null,null,null,0]
[null,null,null,null,null,null,null,null,null,null,null,null,null,null,null,null,null,0]
[null,null,null,null,null,null,null,null,null,null,null,null,null,null,null,null,null,0]
[null,null,null,null,null,null,null,null,null,null,null,null,null,null,null,null,null,0]
[null,null,null,null,null,null,null,null,null,null,null,null,null,null,null,null,null,0]
[null,null,null,null,null,null,null,null,null,null,null,null,null,null,null,null,null,0]
[null,null,null,null,null,null,null,null,null,null,null,null,null,null,null,null,null,0]
[null,null,null,null,null,null,null,null,null,null,null,null,null,null,null,null,null,0]
[null,null,null,null,null,null,null,null,null,null,null,null,null,null,null,null,null,0]
[null,null,null,null,null,null,null,null,null,null,null,null,null,null,null,null,null,0]
[null,null,null,null,null,null,null,null,null,null,null,null,null,null,null,null,null,0]
[null,null,null,null,null,null,null,null,null,null,null,null,null,null,null,null,null,0]
[null,null,null,null,null,null,null,null,null,null,null,null,null,null,null,null,null,0]
[null,null,null,null,null,null,null,null,null,null,null,null,null,null,null,null,null,0]
[null,null,null,null,null,null,null,null,null,null,null,null,null,null,null,null,null,0]
[null,null,null,null,null,null,null,null,null,null,null,null,null,null,null,null,null,0]
[null,null,null,null,null,null,null,null,"SUBTOTAL",null,null,null,null,null,null,null,null,{"$f":"ROUND(+SUM(R187:R210),2)","v":1.1399999999999999}]
[null,null,null,null,null,null,null,null,"CANTIDAD DE  OBRA A EJECUTAR",null,null,null,null,null,null,null,{"$f":"+IFERROR(VLOOKUP(B182,OBRAS_TIPO[],3,FALSE),\"\")","v":"m"},{"$f":"+IFERROR(VLOOKUP(B182,OBRAS_TIPO[],4,FALSE),\"\")","v":0}]
[null,null,null,null,null,null,null,null,"TOTAL/OBRA A EJECUTAR",null,null,null,null,null,null,null,null,{"$f":"IFERROR(R212*R211,\"\")","v":0}]
[null,null,"OBSERVACIONES:"]
[]
[null,1,{"$f":"+IFERROR(VLOOKUP(B216,LISTA_ITEMS[],2,FALSE),\"Falta ITEM\")","v":"PLACA HUELLA TIPO 1 (Bord-Cun-Cto-Pp-Cto-Pp-Cto-Cun-Bord)"}]
[null,"1.4",{"$f":"+IFERROR(VLOOKUP(B217,LISTA_ITEMS[],2,FALSE),\"Falta ITEM\")","v":"CONCRETO PLACA HUELLA"}]
[null,"1.4.1",{"$f":"+IFERROR(VLOOKUP(B218,LISTA_ITEMS[],2,FALSE),\"Falta ITEM\")","v":"CONCRETO 21 MPA (CLASE D) PARA PLACA HUELLA"},null,null,null,null,null,null,"Unidad de Medida",null,null,{"$f":"+IFERROR(VLOOKUP(B218,LISTA_ITEMS[],3,FALSE),\"Falta ITEM\")","v":"m³"},null,"Cantidad",null,null,{"$f":"+R247","v":0}]
[null,null,"DESCRIPCIÓN GRAFICA",null,null,null,null,null,"No. ","DESCRIPCION",null,null,null,"DIMENSIONES (m)",null,null,null,"TOTAL"]
[null,null,null,null,null,null,null,null,null,null,null,null,null,"CANT.","LONG","ANCHO","e /ALTURA"]
[null,null,null,null,null,null,null,null,1,"Concreto placa-huella lateral",null,null,null,2,1,0.9,0.15,{"$f":"IFERROR(ROUND(IF($M$218=\"m\",N221*O221,IF($M$218=\"m³\",N221*O221*P221*Q221,IF($M$218=\"kg\",N221*O221*Q221,IF($M$218=\"Und\",N221,IF($M$218=\"m²\",IF(AND(O221>0,P221>0,Q221=0),N221*O221*P221,IF(AND(O221>0,P221=0,Q221>0),N221*O221*Q221,IF(AND(N221>0,O221=0,P221>0,Q221>0),N221*P221*Q221,IF(AND(N221>0,Q221>0,O221=0,P221>0),Q221*P221*N221,\"\"))))))))),3),\" \")","v":0.27}]
[null,null,null,null,null,null,null,null,{"$f":"I221+1","v":2},"Concreto placa-huella central",null,null,null,1,1,1.6,0.15,0.24]
[null,null,null,null,null,null,null,null,null,null,null,null,null,null,null,null,null,0]
[null,null,null,null,null,null,null,null,null,null,null,null,null,null,null,null,null,0]
[null,null,null,null,null,null,null,null,null,null,null,null,null,null,null,null,null,0]
[null,null,null,null,null,null,null,null,null,null,null,null,null,null,null,null,null,0]
[null,null,null,null,null,null,null,null,null,null,null,null,null,null,null,null,null,0]
[null,null,null,null,null,null,null,null,null,null,null,null,null,null,null,null,null,0]
[null,null,null,null,null,null,null,null,null,null,null,null,null,null,null,null,null,0]
[null,null,null,null,null,null,null,null,null,null,null,null,null,null,null,null,null,0]
[null,null,null,null,null,null,null,null,null,null,null,null,null,null,null,null,null,0]
[null,null,null,null,null,null,null,null,null,null,null,null,null,null,null,null,null,0]
[null,null,null,null,null,null,null,null,null,null,null,null,null,null,null,null,null,0]
[null,null,null,null,null,null,null,null,null,null,null,null,null,null,null,null,null,0]
[null,null,null,null,null,null,null,null,null,null,null,null,null,null,null,null,null,0]
[null,null,null,null,null,null,null,null,null,null,null,null,null,null,null,null,null,0]
[null,null,null,null,null,null,null,null,null,null,null,null,null,null,null,null,null,0]
[null,null,null,null,null,null,null,null,null,null,null,null,null,null,null,null,null,0]
[null,null,null,null,null,null,null,null,null,null,null,null,null,null,null,null,null,0]
[null,null,null,null,null,null,null,null,null,null,null,null,null,null,null,null,null,0]
[null,null,null,null,null,null,null,null,null,null,null,null,null,null,null,null,null,0]
[null,null,null,null,null,null,null,null,null,null,null,null,null,null,null,null,null,0]
[null,null,null,null,null,null,null,null,null,null,null,null,null,null,null,null,null,0]
[null,null,null,null,null,null,null,null,null,null,null,null,null,null,null,null,null,0]
[null,null,null,null,null,null,null,null,"SUBTOTAL",null,null,null,null,null,null,null,null,{"$f":"ROUND(+SUM(R221:R244),2)","v":0.51}]
[null,null,null,null,null,null,null,null,"CANTIDAD DE  OBRA A EJECUTAR",null,null,null,null,null,null,null,{"$f":"+IFERROR(VLOOKUP(B216,OBRAS_TIPO[],3,FALSE),\"\")","v":"m"},{"$f":"+IFERROR(VLOOKUP(B216,OBRAS_TIPO[],4,FALSE),\"\")","v":0}]
[null,null,null,null,null,null,null,null,"TOTAL/OBRA A EJECUTAR",null,null,null,null,null,null,null,null,{"$f":"IFERROR(R246*R245,\"\")","v":0}]
[null,null,"OBSERVACIONES:"]
[]
[null,1,{"$f":"+IFERROR(VLOOKUP(B250,LISTA_ITEMS[],2,FALSE),\"Falta ITEM\")","v":"PLACA HUELLA TIPO 1 (Bord-Cun-Cto-Pp-Cto-Pp-Cto-Cun-Bord)"}]
[null,"1.4",{"$f":"+IFERROR(VLOOKUP(B251,LISTA_ITEMS[],2,FALSE),\"Falta ITEM\")","v":"CONCRETO PLACA HUELLA"}]
[null,"1.4.2",{"$f":"+IFERROR(VLOOKUP(B252,LISTA_ITEMS[],2,FALSE),\"Falta ITEM\")","v":"CONCRETO 21 MPA (CLASE D) PARA DENTELLÓN"},null,null,null,null,null,null,"Unidad de Medida",null,null,{"$f":"+IFERROR(VLOOKUP(B252,LISTA_ITEMS[],3,FALSE),\"Falta ITEM\")","v":"m³"},null,"Cantidad",null,null,{"$f":"+R281","v":6.54}]
[null,null,"DESCRIPCIÓN GRAFICA",null,null,null,null,null,"No. ","DESCRIPCION",null,null,null,"DIMENSIONES (m)",null,null,null,"TOTAL"]
[null,null,null,null,null,null,null,null,null,null,null,null,null,"CANT.","LONG","BASE PROM","e /ALTURA"]
[null,null,null,null,null,null,null,null,1,"Concreto Volumen V1 Dentellón",null,null,null,2,7.6,{"$f":"(0.3+0.15)/2","v":0.22499999999999998},0.3,{"$f":"IFERROR(ROUND(IF($M$252=\"m\",N255*O255,IF($M$252=\"m³\",N255*O255*P255*Q255,IF($M$252=\"kg\",N255*O255*Q255,IF($M$252=\"Und\",N255,IF($M$252=\"m²\",IF(AND(O255>0,P255>0,Q255=0),N255*O255*P255,IF(AND(O255>0,P255=0,Q255>0),N255*O255*Q255,IF(AND(N255>0,O255=0,P255>0,Q255>0),N255*P255*Q255,IF(AND(N255>0,Q255>0,O255=0,P255>0),Q255*P255*N255,\"\"))))))))),3),\" \")","v":1.026}]
[null,null,null,null,null,null,null,null,{"$f":"I255+1","v":2},"Concreto Volumen V2 Dentellón",null,null,null,2,7.6,0.65,0.15,1.482]
[null,null,null,null,null,null,null,null,{"$f":"I256+1","v":3},"Concreto Volumen V3 Dentellón",null,null,null,2,7.6,{"$f":"(0.25+0.15)/2","v":0.2},0.25,0.76]
[null,null,null,null,null,null,null,null,null,null,null,null,null,null,null,null,null,0]
[null,null,null,null,null,null,null,null,null,null,null,null,null,null,null,null,null,0]
[null,null,null,null,null,null,null,null,null,null,null,null,null,null,null,null,null,0]
[null,null,null,null,null,null,null,null,null,null,null,null,null,null,null,null,null,0]
[null,null,null,null,null,null,null,null,null,null,null,null,null,null,null,null,null,0]
[null,null,null,null,null,null,null,null,null,null,null,null,null,null,null,null,null,0]
[null,null,null,null,null,null,null,null,null,null,null,null,null,null,null,null,null,0]
[null,null,null,null,null,null,null,null,null,null,null,null,null,null,null,null,null,0]
[null,null,null,null,null,null,null,null,null,null,null,null,null,null,null,null,null,0]
[null,null,null,null,null,null,null,null,null,null,null,null,null,null,null,null,null,0]
[null,null,null,null,null,null,null,null,null,null,null,null,null,null,null,null,null,0]
[null,null,null,null,null,null,null,null,null,null,null,null,null,null,null,null,null,0]
[null,null,null,null,null,null,null,null,null,null,null,null,null,null,null,null,null,0]
[null,null,null,null,null,null,null,null,null,null,null,null,null,null,null,null,null,0]
[null,null,null,null,null,null,null,null,null,null,null,null,null,null,null,null,null,0]
[null,null,null,null,null,null,null,null,null,null,null,null,null,null,null,null,null,0]
[null,null,null,null,null,null,null,null,null,null,null,null,null,null,null,null,null,0]
[null,null,null,null,null,null,null,null,null,null,null,null,null,null,null,null,null,0]
[null,null,null,null,null,null,null,null,null,null,null,null,null,null,null,null,null,0]
[null,null,null,null,null,null,null,null,null,null,null,null,null,null,null,null,null,0]
[null,null,null,null,null,null,null,null,null,null,null,null,null,null,null,null,null,0]
[null,null,null,null,null,null,null,null,"SUBTOTAL",null,null,null,null,null,null,null,null,{"$f":"ROUND(+SUM(R255:R278),2)","v":3.27}]
[null,null,null,null,null,null,null,null,"CANTIDAD DE  DENTELLONES POR PLACA HUELLA",null,null,null,null,null,null,null,"und",2]
[null,null,null,null,null,null,null,null,"TOTAL/OBRA A EJECUTAR",null,null,null,null,null,null,null,null,{"$f":"IFERROR(R280*R279,\"\")","v":6.54}]
[null,null,"OBSERVACIONES:"]
[]
[null,1,{"$f":"+IFERROR(VLOOKUP(B284,LISTA_ITEMS[],2,FALSE),\"Falta ITEM\")","v":"PLACA HUELLA TIPO 1 (Bord-Cun-Cto-Pp-Cto-Pp-Cto-Cun-Bord)"}]
[null,"1.4",{"$f":"+IFERROR(VLOOKUP(B285,LISTA_ITEMS[],2,FALSE),\"Falta ITEM\")","v":"CONCRETO PLACA HUELLA"}]
[null,"1.4.3",{"$f":"+IFERROR(VLOOKUP(B286,LISTA_ITEMS[],2,FALSE),\"Falta ITEM\")","v":"CONCRETO 21 MPA (CLASE D) PARA VIGAS INICIAL Y FINAL"},null,null,null,null,null,null,"Unidad de Medida",null,null,{"$f":"+IFERROR(VLOOKUP(B286,LISTA_ITEMS[],3,FALSE),\"Falta ITEM\")","v":"m³"},null,"Cantidad",null,null,{"$f":"+R315","v":0.92}]
[null,null,"DESCRIPCIÓN GRAFICA",null,null,null,null,null,"No. ","DESCRIPCION",null,null,null,"DIMENSIONES (m)",null,null,null,"TOTAL"]
[null,null,null,null,null,null,null,null,null,null,null,null,null,"CANT.","LONG","ANCHO","e /ALTURA"]
[null,null,null,null,null,null,null,null,1,"Concreto Viga Inicial y final",null,null,null,1,7.6,0.2,0.3,{"$f":"IFERROR(ROUND(IF($M$286=\"m\",N289*O289,IF($M$286=\"m³\",N289*O289*P289*Q289,IF($M$286=\"kg\",N289*O289*Q289,IF($M$286=\"Und\",N289,IF($M$286=\"m²\",IF(AND(O289>0,P289>0,Q289=0),N289*O289*P289,IF(AND(O289>0,P289=0,Q289>0),N289*O289*Q289,IF(AND(N289>0,O289=0,P289>0,Q289>0),N289*P289*Q289,IF(AND(N289>0,Q289>0,O289=0,P289>0),Q289*P289*N289,\"\"))))))))),3),\" \")","v":0.45600000000000002}]
[null,null,null,null,null,null,null,null,null,null,null,null,null,null,null,null,null,0]
[null,null,null,null,null,null,null,null,null,null,null,null,null,null,null,null,null,0]
[null,null,null,null,null,null,null,null,null,null,null,null,null,null,null,null,null,0]
[null,null,null,null,null,null,null,null,null,null,null,null,null,null,null,null,null,0]
[null,null,null,null,null,null,null,null,null,null,null,null,null,null,null,null,null,0]
[null,null,null,null,null,null,null,null,null,null,null,null,null,null,null,null,null,0]
[null,null,null,null,null,null,null,null,null,null,null,null,null,null,null,null,null,0]
[null,null,null,null,null,null,null,null,null,null,null,null,null,null,null,null,null,0]
[null,null,null,null,null,null,null,null,null,null,null,null,null,null,null,null,null,0]
[null,null,null,null,null,null,null,null,null,null,null,null,null,null,null,null,null,0]
[null,null,null,null,null,null,null,null,null,null,null,null,null,null,null,null,null,0]
[null,null,null,null,null,null,null,null,null,null,null,null,null,null,null,null,null,0]
[null,null,null,null,null,null,null,null,null,null,null,null,null,null,null,null,null,0]
[null,null,null,null,null,null,null,null,null,null,null,null,null,null,null,null,null,0]
[null,null,null,null,null,null,null,null,null,null,null,null,null,null,null,null,null,0]
[null,null,null,null,null,null,null,null,null,null,null,null,null,null,null,null,null,0]
[null,null,null,null,null,null,null,null,null,null,null,null,null,null,null,null,null,0]
[null,null,null,null,null,null,null,null,null,null,null,null,null,null,null,null,null,0]
[null,null,null,null,null,null,null,null,null,null,null,null,null,null,null,null,null,0]
[null,null,null,null,null,null,null,null,null,null,null,null,null,null,null,null,null,0]
[null,null,null,null,null,null,null,null,null,null,null,null,null,null,null,null,null,0]
[null,null,null,null,null,null,null,null,null,null,null,null,null,null,null,null,null,0]
[null,null,null,null,null,null,null,null,null,null,null,null,null,null,null,null,null,0]
[null,null,null,null,null,null,null,null,"SUBTOTAL",null,null,null,null,null,null,null,null,{"$f":"ROUND(+SUM(R289:R312),2)","v":0.46}]
[null,null,null,null,null,null,null,null,"CANTIDAD DE  VIGAS POR PLACA HUELLA",null,null,null,null,null,null,null,"und",2]
[null,null,null,null,null,null,null,null,"TOTAL/OBRA A EJECUTAR",null,null,null,null,null,null,null,null,{"$f":"IFERROR(R314*R313,\"\")","v":0.92}]
[null,null,"OBSERVACIONES:"]
[]
[null,1,{"$f":"+IFERROR(VLOOKUP(B318,LISTA_ITEMS[],2,FALSE),\"Falta ITEM\")","v":"PLACA HUELLA TIPO 1 (Bord-Cun-Cto-Pp-Cto-Pp-Cto-Cun-Bord)"}]
[null,"1.4",{"$f":"+IFERROR(VLOOKUP(B319,LISTA_ITEMS[],2,FALSE),\"Falta ITEM\")","v":"CONCRETO PLACA HUELLA"}]
[null,"1.4.4",{"$f":"+IFERROR(VLOOKUP(B320,LISTA_ITEMS[],2,FALSE),\"Falta ITEM\")","v":"CONCRETO 21 MPA (CLASE D) PARA VIGA RIOSTRA"},null,null,null,null,null,null,"Unidad de Medida",null,null,{"$f":"+IFERROR(VLOOKUP(B320,LISTA_ITEMS[],3,FALSE),\"Falta ITEM\")","v":"m³"},null,"Cantidad",null,null,{"$f":"+R349","v":0}]
[null,null,"DESCRIPCIÓN GRAFICA",null,null,null,null,null,"No. ","DESCRIPCION",null,null,null,"DIMENSIONES (m)",null,null,null,"TOTAL"]
[null,null,null,null,null,null,null,null,null,null,null,null,null,"CANT.","LONG","ANCHO","e /ALTURA"]
[null,null,null,null,null,null,null,null,1,"Concreto viga riostra ",null,null,null,{"$f":"ROUND(1/3,2)","v":0.33},7.6,0.15,0.25,{"$f":"IFERROR(ROUND(IF($M$320=\"m\",N323*O323,IF($M$320=\"m³\",N323*O323*P323*Q323,IF($M$320=\"kg\",N323*O323*Q323,IF($M$320=\"Und\",N323,IF($M$320=\"m²\",IF(AND(O323>0,P323>0,Q323=0),N323*O323*P323,IF(AND(O323>0,P323=0,Q323>0),N323*O323*Q323,IF(AND(N323>0,O323=0,P323>0,Q323>0),N323*P323*Q323,IF(AND(N323>0,Q323>0,O323=0,P323>0),Q323*P323*N323,\"\"))))))))),3),\" \")","v":9.4E-2}]
[null,null,null,null,null,null,null,null,{"$f":"I323+1","v":2},"Descuento concreto en cunetas derecha",null,null,null,{"$f":"-ROUND(1/3,2)","v":-0.33},1.1000000000000001,0.15,0.15,-8.0000000000000002E-3]
[null,null,null,null,null,null,null,null,{"$f":"I324+1","v":3},"Descuento concreto en cunetas izq",null,null,null,{"$f":"-ROUND(1/3,2)","v":-0.33},1.1000000000000001,0.15,0.15,-8.0000000000000002E-3]
[null,null,null,null,null,null,null,null,{"$f":"I325+1","v":4},"Descuento concreto en placa huella central",null,null,null,{"$f":"-ROUND(1/3,2)","v":-0.33},1.6,0.15,0.15,-1.2E-2]
[null,null,null,null,null,null,null,null,{"$f":"I326+1","v":5},"Descuento concreto en placa huella lateral derecha",null,null,null,{"$f":"-ROUND(1/3,2)","v":-0.33},0.9,0.15,0.15,-7.0000000000000001E-3]
[null,null,null,null,null,null,null,null,{"$f":"I327+1","v":6},"Descuento concreto en placa huella lateral izq",null,null,null,{"$f":"-ROUND(1/3,2)","v":-0.33},0.9,0.15,0.15,-7.0000000000000001E-3]
[null,null,null,null,null,null,null,null,null,null,null,null,null,null,null,null,null,0]
[null,null,null,null,null,null,null,null,null,null,null,null,null,null,null,null,null,0]
[null,null,null,null,null,null,null,null,null,null,null,null,null,null,null,null,null,0]
[null,null,null,null,null,null,null,null,null,null,null,null,null,null,null,null,null,0]
[null,null,null,null,null,null,null,null,null,null,null,null,null,null,null,null,null,0]
[null,null,null,null,null,null,null,null,null,null,null,null,null,null,null,null,null,0]
[null,null,null,null,null,null,null,null,null,null,null,null,null,null,null,null,null,0]
[null,null,null,null,null,null,null,null,null,null,null,null,null,null,null,null,null,0]
[null,null,null,null,null,null,null,null,null,null,null,null,null,null,null,null,null,0]
[null,null,null,null,null,null,null,null,null,null,null,null,null,null,null,null,null,0]
[null,null,null,null,null,null,null,null,null,null,null,null,null,null,null,null,null,0]
[null,null,null,null,null,null,null,null,null,null,null,null,null,null,null,null,null,0]
[null,null,null,null,null,null,null,null,null,null,null,null,null,null,null,null,null,0]
[null,null,null,null,null,null,null,null,null,null,null,null,null,null,null,null,null,0]
[null,null,null,null,null,null,null,null,null,null,null,null,null,null,null,null,null,0]
[null,null,null,null,null,null,null,null,null,null,null,null,null,null,null,null,null,0]
[null,null,null,null,null,null,null,null,null,null,null,null,null,null,null,null,null,0]
[null,null,null,null,null,null,null,null,null,null,null,null,null,null,null,null,null,0]
[null,null,null,null,null,null,null,null,"SUBTOTAL",null,null,null,null,null,null,null,null,{"$f":"ROUND(+SUM(R323:R346),2)","v":0.05}]
[null,null,null,null,null,null,null,null,"CANTIDAD DE  OBRA A EJECUTAR",null,null,null,null,null,null,null,{"$f":"+IFERROR(VLOOKUP(B318,OBRAS_TIPO[],3,FALSE),\"\")","v":"m"},{"$f":"+IFERROR(VLOOKUP(B318,OBRAS_TIPO[],4,FALSE),\"\")","v":0}]
[null,null,null,null,null,null,null,null,"TOTAL/OBRA A EJECUTAR",null,null,null,null,null,null,null,null,{"$f":"IFERROR(R348*R347,\"\")","v":0}]
[null,null,"OBSERVACIONES:"]
[]
[null,1,{"$f":"+IFERROR(VLOOKUP(B352,LISTA_ITEMS[],2,FALSE),\"Falta ITEM\")","v":"PLACA HUELLA TIPO 1 (Bord-Cun-Cto-Pp-Cto-Pp-Cto-Cun-Bord)"}]
[null,"1.4",{"$f":"+IFERROR(VLOOKUP(B353,LISTA_ITEMS[],2,FALSE),\"Falta ITEM\")","v":"CONCRETO PLACA HUELLA"}]
[null,"1.4.5",{"$f":"+IFERROR(VLOOKUP(B354,LISTA_ITEMS[],2,FALSE),\"Falta ITEM\")","v":"PIEDRA PEGADA"},null,null,null,null,null,null,"Unidad de Medida",null,null,{"$f":"+IFERROR(VLOOKUP(B354,LISTA_ITEMS[],3,FALSE),\"Falta ITEM\")","v":"m³"},null,"Cantidad",null,null,{"$f":"+R383","v":0}]
[null,null,"DESCRIPCIÓN GRAFICA",null,null,null,null,null,"No. ","DESCRIPCION",null,null,null,"DIMENSIONES (m)",null,null,null,"TOTAL"]
[null,null,null,null,null,null,null,null,null,null,null,null,null,"CANT.","LONG","ANCHO","e /ALTURA"]
[null,null,null,null,null,null,null,null,1,"Piedra Pegada",null,null,null,2,1,1,0.15,{"$f":"IFERROR(ROUND(IF($M$354=\"m\",N357*O357,IF($M$354=\"m³\",N357*O357*P357*Q357,IF($M$354=\"kg\",N357*O357*Q357,IF($M$354=\"Und\",N357,IF($M$354=\"m²\",IF(AND(O357>0,P357>0,Q357=0),N357*O357*P357,IF(AND(O357>0,P357=0,Q357>0),N357*O357*Q357,IF(AND(N357>0,O357=0,P357>0,Q357>0),N357*P357*Q357,IF(AND(N357>0,Q357>0,O357=0,P357>0),Q357*P357*N357,\"\"))))))))),3),\" \")","v":0.3}]
[null,null,null,null,null,null,null,null,{"$f":"I357+1","v":2},"Descuento Viga Riostra",null,null,null,{"$f":"-ROUND(1/3,2)","v":-0.33},2,0.15,0.15,-1.4999999999999999E-2]
[null,null,null,null,null,null,null,null,null,null,null,null,null,null,null,null,null,0]
[null,null,null,null,null,null,null,null,null,null,null,null,null,null,null,null,null,0]
[null,null,null,null,null,null,null,null,null,null,null,null,null,null,null,null,null,0]
[null,null,null,null,null,null,null,null,null,null,null,null,null,null,null,null,null,0]
[null,null,null,null,null,null,null,null,null,null,null,null,null,null,null,null,null,0]
[null,null,null,null,null,null,null,null,null,null,null,null,null,null,null,null,null,0]
[null,null,null,null,null,null,null,null,null,null,null,null,null,null,null,null,null,0]
[null,null,null,null,null,null,null,null,null,null,null,null,null,null,null,null,null,0]
[null,null,null,null,null,null,null,null,null,null,null,null,null,null,null,null,null,0]
[null,null,null,null,null,null,null,null,null,null,null,null,null,null,null,null,null,0]
[null,null,null,null,null,null,null,null,null,null,null,null,null,null,null,null,null,0]
[null,null,null,null,null,null,null,null,null,null,null,null,null,null,null,null,null,0]
[null,null,null,null,null,null,null,null,null,null,null,null,null,null,null,null,null,0]
[null,null,null,null,null,null,null,null,null,null,null,null,null,null,null,null,null,0]
[null,null,null,null,null,null,null,null,null,null,null,null,null,null,null,null,null,0]
[null,null,null,null,null,null,null,null,null,null,null,null,null,null,null,null,null,0]
[null,null,null,null,null,null,null,null,null,null,null,null,null,null,null,null,null,0]
[null,null,null,null,null,null,null,null,null,null,null,null,null,null,null,null,null,0]
[null,null,null,null,null,null,null,null,null,null,null,null,null,null,null,null,null,0]
[null,null,null,null,null,null,null,null,null,null,null,null,null,null,null,null,null,0]
[null,null,null,null,null,null,null,null,null,null,null,null,null,null,null,null,null,0]
[null,null,null,null,null,null,null,null,null,null,null,null,null,null,null,null,null,0]
[null,null,null,null,null,null,null,null,"SUBTOTAL",null,null,null,null,null,null,null,null,{"$f":"ROUND(+SUM(R357:R380),2)","v":0.28999999999999998}]
[null,null,null,null,null,null,null,null,"CANTIDAD DE  OBRA A EJECUTAR",null,null,null,null,null,null,null,{"$f":"+IFERROR(VLOOKUP(B352,OBRAS_TIPO[],3,FALSE),\"\")","v":"m"},{"$f":"+IFERROR(VLOOKUP(B352,OBRAS_TIPO[],4,FALSE),\"\")","v":0}]
[null,null,null,null,null,null,null,null,"TOTAL/OBRA A EJECUTAR",null,null,null,null,null,null,null,null,{"$f":"IFERROR(R382*R381,\"\")","v":0}]
[null,null,"OBSERVACIONES:"]
[]
[null,1,{"$f":"+IFERROR(VLOOKUP(B386,LISTA_ITEMS[],2,FALSE),\"Falta ITEM\")","v":"PLACA HUELLA TIPO 1 (Bord-Cun-Cto-Pp-Cto-Pp-Cto-Cun-Bord)"}]
[null,"1.5",{"$f":"+IFERROR(VLOOKUP(B387,LISTA_ITEMS[],2,FALSE),\"Falta ITEM\")","v":"CONCRETO CUNETAS Y BORDILLOS"}]
[null,"1.5.1",{"$f":"+IFERROR(VLOOKUP(B388,LISTA_ITEMS[],2,FALSE),\"Falta ITEM\")","v":"CUNETA EN CONCRETO DE 21 MPA"},null,null,null,null,null,null,"Unidad de Medida",null,null,{"$f":"+IFERROR(VLOOKUP(B388,LISTA_ITEMS[],3,FALSE),\"Falta ITEM\")","v":"m³"},null,"Cantidad",null,null,{"$f":"+R417","v":0}]
[null,null,"DESCRIPCIÓN GRAFICA",null,null,null,null,null,"No. ","DESCRIPCION",null,null,null,"DIMENSIONES (m)",null,null,null,"TOTAL"]
[null,null,null,null,null,null,null,null,null,null,null,null,null,"CANT.","LONG","ANCHO","e /ALTURA"]
[null,null,null,null,null,null,null,null,1,"Concreto Cunetas",null,null,null,2,1,1,0.15,{"$f":"IFERROR(ROUND(IF($M$218=\"m\",N391*O391,IF($M$218=\"m³\",N391*O391*P391*Q391,IF($M$218=\"kg\",N391*O391*Q391,IF($M$218=\"Und\",N391,IF($M$218=\"m²\",IF(AND(O391>0,P391>0,Q391=0),N391*O391*P391,IF(AND(O391>0,P391=0,Q391>0),N391*O391*Q391,IF(AND(N391>0,O391=0,P391>0,Q391>0),N391*P391*Q391,IF(AND(N391>0,Q391>0,O391=0,P391>0),Q391*P391*N391,\"\"))))))))),3),\" \")","v":0.3}]
[null,null,null,null,null,null,null,null,null,null,null,null,null,null,null,null,null,0]
[null,null,null,null,null,null,null,null,null,null,null,null,null,null,null,null,null,0]
[null,null,null,null,null,null,null,null,null,null,null,null,null,null,null,null,null,0]
[null,null,null,null,null,null,null,null,null,null,null,null,null,null,null,null,null,0]
[null,null,null,null,null,null,null,null,null,null,null,null,null,null,null,null,null,0]
[null,null,null,null,null,null,null,null,null,null,null,null,null,null,null,null,null,0]
[null,null,null,null,null,null,null,null,null,null,null,null,null,null,null,null,null,0]
[null,null,null,null,null,null,null,null,null,null,null,null,null,null,null,null,null,0]
[null,null,null,null,null,null,null,null,null,null,null,null,null,null,null,null,null,0]
[null,null,null,null,null,null,null,null,null,null,null,null,null,null,null,null,null,0]
[null,null,null,null,null,null,null,null,null,null,null,null,null,null,null,null,null,0]
[null,null,null,null,null,null,null,null,null,null,null,null,null,null,null,null,null,0]
[null,null,null,null,null,null,null,null,null,null,null,null,null,null,null,null,null,0]
[null,null,null,null,null,null,null,null,null,null,null,null,null,null,null,null,null,0]
[null,null,null,null,null,null,null,null,null,null,null,null,null,null,null,null,null,0]
[null,null,null,null,null,null,null,null,null,null,null,null,null,null,null,null,null,0]
[null,null,null,null,null,null,null,null,null,null,null,null,null,null,null,null,null,0]
[null,null,null,null,null,null,null,null,null,null,null,null,null,null,null,null,null,0]
[null,null,null,null,null,null,null,null,null,null,null,null,null,null,null,null,null,0]
[null,null,null,null,null,null,null,null,null,null,null,null,null,null,null,null,null,0]
[null,null,null,null,null,null,null,null,null,null,null,null,null,null,null,null,null,0]
[null,null,null,null,null,null,null,null,null,null,null,null,null,null,null,null,null,0]
[null,null,null,null,null,null,null,null,null,null,null,null,null,null,null,null,null,0]
[null,null,null,null,null,null,null,null,"SUBTOTAL",null,null,null,null,null,null,null,null,{"$f":"ROUND(+SUM(R391:R414),2)","v":0.3}]
[null,null,null,null,null,null,null,null,"CANTIDAD DE  OBRA A EJECUTAR",null,null,null,null,null,null,null,{"$f":"+IFERROR(VLOOKUP(B386,OBRAS_TIPO[],3,FALSE),\"\")","v":"m"},{"$f":"+IFERROR(VLOOKUP(B386,OBRAS_TIPO[],4,FALSE),\"\")","v":0}]
[null,null,null,null,null,null,null,null,"TOTAL/OBRA A EJECUTAR",null,null,null,null,null,null,null,null,{"$f":"IFERROR(R416*R415,\"\")","v":0}]
[null,null,"OBSERVACIONES:"]
[]
[null,1,{"$f":"+IFERROR(VLOOKUP(B420,LISTA_ITEMS[],2,FALSE),\"Falta ITEM\")","v":"PLACA HUELLA TIPO 1 (Bord-Cun-Cto-Pp-Cto-Pp-Cto-Cun-Bord)"}]
[null,"1.5",{"$f":"+IFERROR(VLOOKUP(B421,LISTA_ITEMS[],2,FALSE),\"Falta ITEM\")","v":"CONCRETO CUNETAS Y BORDILLOS"}]
[null,"1.5.2",{"$f":"+IFERROR(VLOOKUP(B422,LISTA_ITEMS[],2,FALSE),\"Falta ITEM\")","v":"BORDILLO EN CONCRETO DE 21 MPA"},null,null,null,null,null,null,"Unidad de Medida",null,null,{"$f":"+IFERROR(VLOOKUP(B422,LISTA_ITEMS[],3,FALSE),\"Falta ITEM\")","v":"m³"},null,"Cantidad",null,null,{"$f":"+R451","v":0}]
[null,null,"DESCRIPCIÓN GRAFICA",null,null,null,null,null,"No. ","DESCRIPCION",null,null,null,"DIMENSIONES (m)",null,null,null,"TOTAL"]
[null,null,null,null,null,null,null,null,null,null,null,null,null,"CANT.","LONG","ANCHO PROM","e /ALTURA"]
[null,null,null,null,null,null,null,null,1,"Concreto Bordillos V1",null,null,null,2,1,{"$f":"(0.12+0.08)/2","v":0.1},0.2,{"$f":"IFERROR(ROUND(IF($M$422=\"m\",N425*O425,IF($M$422=\"m³\",N425*O425*P425*Q425,IF($M$422=\"kg\",N425*O425*Q425,IF($M$422=\"Und\",N425,IF($M$422=\"m²\",IF(AND(O425>0,P425>0,Q425=0),N425*O425*P425,IF(AND(O425>0,P425=0,Q425>0),N425*O425*Q425,IF(AND(N425>0,O425=0,P425>0,Q425>0),N425*P425*Q425,IF(AND(N425>0,Q425>0,O425=0,P425>0),Q425*P425*N425,\"\"))))))))),3),\" \")","v":0.04}]
[null,null,null,null,null,null,null,null,{"$f":"I425+1","v":2},"Concreto Bordillos V2",null,null,null,2,1,0.12,0.15,3.5999999999999997E-2]
[null,null,null,null,null,null,null,null,null,null,null,null,null,null,null,null,null,0]
[null,null,null,null,null,null,null,null,null,null,null,null,null,null,null,null,null,0]
[null,null,null,null,null,null,null,null,null,null,null,null,null,null,null,null,null,0]
[null,null,null,null,null,null,null,null,null,null,null,null,null,null,null,null,null,0]
[null,null,null,null,null,null,null,null,null,null,null,null,null,null,null,null,null,0]
[null,null,null,null,null,null,null,null,null,null,null,null,null,null,null,null,null,0]
[null,null,null,null,null,null,null,null,null,null,null,null,null,null,null,null,null,0]
[null,null,null,null,null,null,null,null,null,null,null,null,null,null,null,null,null,0]
[null,null,null,null,null,null,null,null,null,null,null,null,null,null,null,null,null,0]
[null,null,null,null,null,null,null,null,null,null,null,null,null,null,null,null,null,0]
[null,null,null,null,null,null,null,null,null,null,null,null,null,null,null,null,null,0]
[null,null,null,null,null,null,null,null,null,null,null,null,null,null,null,null,null,0]
[null,null,null,null,null,null,null,null,null,null,null,null,null,null,null,null,null,0]
[null,null,null,null,null,null,null,null,null,null,null,null,null,null,null,null,null,0]
[null,null,null,null,null,null,null,null,null,null,null,null,null,null,null,null,null,0]
[null,null,null,null,null,null,null,null,null,null,null,null,null,null,null,null,null,0]
[null,null,null,null,null,null,null,null,null,null,null,null,null,null,null,null,null,0]
[null,null,null,null,null,null,null,null,null,null,null,null,null,null,null,null,null,0]
[null,null,null,null,null,null,null,null,null,null,null,null,null,null,null,null,null,0]
[null,null,null,null,null,null,null,null,null,null,null,null,null,null,null,null,null,0]
[null,null,null,null,null,null,null,null,null,null,null,null,null,null,null,null,null,0]
[null,null,null,null,null,null,null,null,null,null,null,null,null,null,null,null,null,0]
[null,null,null,null,null,null,null,null,"SUBTOTAL ITEM",null,null,null,null,null,null,null,null,{"$f":"ROUND(+SUM(R425:R448),2)","v":0.08}]
[null,null,null,null,null,null,null,null,"CANTIDAD DE  OBRA A EJECUTAR",null,null,null,null,null,null,null,{"$f":"+IFERROR(VLOOKUP(B420,OBRAS_TIPO[],3,FALSE),\"\")","v":"m"},{"$f":"+IFERROR(VLOOKUP(B420,OBRAS_TIPO[],4,FALSE),\"\")","v":0}]
[null,null,null,null,null,null,null,null,"TOTAL/OBRA A EJECUTAR",null,null,null,null,null,null,null,null,{"$f":"IFERROR(R450*R449,\"\")","v":0}]
[null,null,"OBSERVACIONES:"]
[]
[null,1,{"$f":"+IFERROR(VLOOKUP(B454,LISTA_ITEMS[],2,FALSE),\"Falta ITEM\")","v":"PLACA HUELLA TIPO 1 (Bord-Cun-Cto-Pp-Cto-Pp-Cto-Cun-Bord)"}]
[null,"1.6",{"$f":"+IFERROR(VLOOKUP(B455,LISTA_ITEMS[],2,FALSE),\"Falta ITEM\")","v":"ACERO REFUERZO"}]
[null,"1.6.1",{"$f":"+IFERROR(VLOOKUP(B456,LISTA_ITEMS[],2,FALSE),\"Falta ITEM\")","v":"ACERO REFUERZO FLEJADO 60000 PSI - 420 Mpa"},null,null,null,null,null,null,"Unidad de Medida",null,null,{"$f":"+IFERROR(VLOOKUP(B456,LISTA_ITEMS[],3,FALSE),\"Falta ITEM\")","v":"kg"},null,"Cantidad",null,null,{"$f":"+R485","v":0}]
[null,null,"DESCRIPCIÓN GRAFICA",null,null,null,null,null,"No. ","DESCRIPCION",null,null,null,"DIMENSIONES (m)",null,null,null,"TOTAL"]
[null,null,null,null,null,null,null,null,null,null,null,null,null,"CANT.","LONG","# BARRA","PESO/m"]
[null,null,null,null,null,null,null,null,1,"EN HUELLAS SENCILLAS →",null,null,null,{"$f":"2*ROUND(1/0.2+1,0)","v":12},0.8,3,0.56000000000000005,{"$f":"IFERROR(ROUND(IF($M$456=\"m\",N459*O459,IF($M$456=\"m³\",N459*O459*P459*Q459,IF($M$456=\"kg\",N459*O459*Q459,IF($M$456=\"Und\",N459,IF($M$456=\"m²\",IF(AND(O459>0,P459>0,Q459=0),N459*O459*P459,IF(AND(O459>0,P459=0,Q459>0),N459*O459*Q459,IF(AND(N459>0,O459=0,P459>0,Q459>0),N459*P459*Q459,IF(AND(N459>0,Q459>0,O459=0,P459>0),Q459*P459*N459,\"\"))))))))),3),\" \")","v":5.3760000000000003}]
[null,null,null,null,null,null,null,null,{"$f":"I459+1","v":2},"EN HUELLA DOBLE →",null,null,null,{"$f":"ROUND(1/0.2+1,0)","v":6},1.4,3,0.56000000000000005,4.7039999999999997]
[null,null,null,null,null,null,null,null,{"$f":"I460+1","v":3},"EN HUELLAS SENCILLAS ↓",null,null,null,{"$f":"2*ROUND((0.9-2*0.05-0.0095)/0.2+1,0)","v":10},1,3,0.56000000000000005,5.6]
[null,null,null,null,null,null,null,null,4,"EN HUELLA DOBLE ↓",null,null,null,{"$f":"ROUND((1.6-2*0.05-0.0095)/0.2+1,0)","v":8},1,3,0.56000000000000005,4.4800000000000004]
[null,null,null,null,null,null,null,null,5,"VIGA RIOSTRA LONGITUDINAL",null,null,null,{"$f":"ROUND(4*2/3,0)","v":3},{"$f":"7.6-0.05*2","v":7.5},3,0.56000000000000005,12.6]
[null,null,null,null,null,null,null,null,6,"VIGA RIOSTRA FLEJES",null,null,null,{"$f":"ROUND(2/3*((7.6-2*0.05-0.0095)/0.2+1),0)","v":26},0.64,3,0.56000000000000005,9.3179999999999996]
[null,null,null,null,null,null,null,null,7,"DENTELLON INICIAL/FINAL ↓",null,null,null,{"$f":"ROUND((7.6-2*0.05-0.0127)/0.26+1,0)","v":30},{"$f":"(0.15+1.08+0.1)+(0.15+0.1+0.214+0.65+0.141+0.1+0.1)","v":2.7850000000000001},4,0.99399999999999999,83.049000000000007]
[null,null,null,null,null,null,null,null,8,"DENTELLON INICIAL /FINAL →",null,null,null,{"$f":"ROUND(4+(1.08/0.22+1)+(0.65/0.22+1),0)","v":14},{"$f":"7.6-2*0.05","v":7.5},3,0.56000000000000005,58.8]
[null,null,null,null,null,null,null,null,9,"VIGA INICIAL /FINAL →",null,null,null,4,{"$f":"7.6-2*0.05+2*0.65","v":8.8000000000000007},4,0.99399999999999999,34.988999999999997]
[null,null,null,null,null,null,null,null,10,"VIGA INICIAL /FINAL ↓",null,null,null,{"$f":"ROUND((7.6-2*0.05-0.0095)/0.2+1,0)","v":38},{"$f":"2*(12+22+7)/100","v":0.82},3,0.56000000000000005,17.45]
[null,null,null,null,null,null,null,null,11,"CUNETAS ↓",null,null,null,{"$f":"2*6","v":12},1,3,0.56000000000000005,6.72]
[null,null,null,null,null,null,null,null,12,"CUNETAS →",null,null,null,{"$f":"2*ROUND(1/0.15+1,0)","v":16},{"$f":"1.058+0.025*2+0.15+0.1","v":1.3580000000000001},3,0.56000000000000005,12.167999999999999]
[null,null,null,null,null,null,null,null,null,null,null,null,null,null,null,null,null,0]
[null,null,null,null,null,null,null,null,null,null,null,null,null,null,null,null,null,0]
[null,null,null,null,null,null,null,null,null,null,null,null,null,null,null,null,null,0]
[null,null,null,null,null,null,null,null,null,null,null,null,null,null,null,null,null,0]
[null,null,null,null,null,null,null,null,null,null,null,null,null,null,null,null,null,0]
[null,null,null,null,null,null,null,null,null,null,null,null,null,null,null,null,null,0]
[null,null,null,null,null,null,null,null,null,null,null,null,null,null,null,null,null,0]
[null,null,null,null,null,null,null,null,null,null,null,null,null,null,null,null,null,0]
[null,null,null,null,null,null,null,null,null,null,null,null,null,null,null,null,null,0]
[null,null,null,null,null,null,null,null,null,null,null,null,null,null,null,null,null,0]
[null,null,null,null,null,null,null,null,null,null,null,null,null,null,null,null,null,0]
[null,null,null,null,null,null,null,null,null,null,null,null,null,null,null,null,null,0]
[null,null,null,null,null,null,null,null,"SUBTOTAL",null,null,null,null,null,null,null,null,{"$f":"ROUND(+SUM(R459:R482),2)","v":255.25}]
[null,null,null,null,null,null,null,null,"CANTIDAD DE  OBRA A EJECUTAR",null,null,null,null,null,null,null,{"$f":"+IFERROR(VLOOKUP(B454,OBRAS_TIPO[],3,FALSE),\"\")","v":"m"},{"$f":"+IFERROR(VLOOKUP(B454,OBRAS_TIPO[],4,FALSE),\"\")","v":0}]
[null,null,null,null,null,null,null,null,"TOTAL/OBRA A EJECUTAR",null,null,null,null,null,null,null,null,{"$f":"IFERROR(R484*R483,\"\")","v":0}]
[null,null,"OBSERVACIONES:"]
[]
[null,1,{"$f":"+IFERROR(VLOOKUP(B488,LISTA_ITEMS[],2,FALSE),\"Falta ITEM\")","v":"PLACA HUELLA TIPO 1 (Bord-Cun-Cto-Pp-Cto-Pp-Cto-Cun-Bord)"}]
[null,"1.7",{"$f":"+IFERROR(VLOOKUP(B489,LISTA_ITEMS[],2,FALSE),\"Falta ITEM\")","v":"SEÑALIZACIÓN"}]
[null,"1.7.1",{"$f":"+IFERROR(VLOOKUP(B490,LISTA_ITEMS[],2,FALSE),\"Falta ITEM\")","v":"SEÑAL VERTICAL DE TRANSITO TIPO 1 CON LAMINA RETRORREFLECTIVA TIPO III 75X75 cm"},null,null,null,null,null,null,"Unidad de Medida",null,null,{"$f":"+IFERROR(VLOOKUP(B490,LISTA_ITEMS[],3,FALSE),\"Falta ITEM\")","v":"Und"},null,"Cantidad",null,null,{"$f":"+R519","v":0}]
[null,null,"DESCRIPCIÓN GRAFICA",null,null,null,null,null,"No. ","DESCRIPCION",null,null,null,"DIMENSIONES (m)",null,null,null,"TOTAL"]
[null,null,null,null,null,null,null,null,null,null,null,null,null,"CANT.","LONG","ANCHO","e /ALTURA"]
[null,null,null,null,null,null,null,null,1,"Señal instalada cada 200m",null,null,null,{"$f":"1/200","v":5.0000000000000001E-3},null,null,null,{"$f":"IFERROR(ROUND(IF($M$490=\"m\",N493*O493,IF($M$490=\"m³\",N493*O493*P493*Q493,IF($M$490=\"kg\",N493*O493*Q493,IF($M$490=\"Und\",N493,IF($M$490=\"m²\",IF(AND(O493>0,P493>0,Q493=0),N493*O493*P493,IF(AND(O493>0,P493=0,Q493>0),N493*O493*Q493,IF(AND(N493>0,O493=0,P493>0,Q493>0),N493*P493*Q493,IF(AND(N493>0,Q493>0,O493=0,P493>0),Q493*P493*N493,\"\"))))))))),3),\" \")","v":5.0000000000000001E-3}]
[null,null,null,null,null,null,null,null,null,null,null,null,null,null,null,null,null,0]
[null,null,null,null,null,null,null,null,null,null,null,null,null,null,null,null,null,0]
[null,null,null,null,null,null,null,null,null,null,null,null,null,null,null,null,null,0]
[null,null,null,null,null,null,null,null,null,null,null,null,null,null,null,null,null,0]
[null,null,null,null,null,null,null,null,null,null,null,null,null,null,null,null,null,0]
[null,null,null,null,null,null,null,null,null,null,null,null,null,null,null,null,null,0]
[null,null,null,null,null,null,null,null,null,null,null,null,null,null,null,null,null,0]
[null,null,null,null,null,null,null,null,null,null,null,null,null,null,null,null,null,0]
[null,null,null,null,null,null,null,null,null,null,null,null,null,null,null,null,null,0]
[null,null,null,null,null,null,null,null,null,null,null,null,null,null,null,null,null,0]
[null,null,null,null,null,null,null,null,null,null,null,null,null,null,null,null,null,0]
[null,null,null,null,null,null,null,null,null,null,null,null,null,null,null,null,null,0]
[null,null,null,null,null,null,null,null,null,null,null,null,null,null,null,null,null,0]
[null,null,null,null,null,null,null,null,null,null,null,null,null,null,null,null,null,0]
[null,null,null,null,null,null,null,null,null,null,null,null,null,null,null,null,null,0]
[null,null,null,null,null,null,null,null,null,null,null,null,null,null,null,null,null,0]
[null,null,null,null,null,null,null,null,null,null,null,null,null,null,null,null,null,0]
[null,null,null,null,null,null,null,null,null,null,null,null,null,null,null,null,null,0]
[null,null,null,null,null,null,null,null,null,null,null,null,null,null,null,null,null,0]
[null,null,null,null,null,null,null,null,null,null,null,null,null,null,null,null,null,0]
[null,null,null,null,null,null,null,null,null,null,null,null,null,null,null,null,null,0]
[null,null,null,null,null,null,null,null,null,null,null,null,null,null,null,null,null,0]
[null,null,null,null,null,null,null,null,null,null,null,null,null,null,null,null,null,0]
[null,null,null,null,null,null,null,null,"SUBTOTAL",null,null,null,null,null,null,null,null,{"$f":"ROUND(+SUM(R493:R516),3)","v":5.0000000000000001E-3}]
[null,null,null,null,null,null,null,null,"CANTIDAD DE  OBRA A EJECUTAR",null,null,null,null,null,null,null,{"$f":"+IFERROR(VLOOKUP(B488,OBRAS_TIPO[],3,FALSE),\"\")","v":"m"},{"$f":"+IFERROR(VLOOKUP(B488,OBRAS_TIPO[],4,FALSE),\"\")","v":0}]
[null,null,null,null,null,null,null,null,"TOTAL/OBRA A EJECUTAR",null,null,null,null,null,null,null,null,{"$f":"INT(IFERROR(R518*R517,\"\"))","v":0}]
[null,null,"OBSERVACIONES:"]
[]
[null,1,{"$f":"+IFERROR(VLOOKUP(B522,LISTA_ITEMS[],2,FALSE),\"Falta ITEM\")","v":"PLACA HUELLA TIPO 1 (Bord-Cun-Cto-Pp-Cto-Pp-Cto-Cun-Bord)"}]
[null,"1.8",{"$f":"+IFERROR(VLOOKUP(B523,LISTA_ITEMS[],2,FALSE),\"Falta ITEM\")","v":"TRANSPORTE DE EQUIPO"}]
[null,"1.8.1",{"$f":"+IFERROR(VLOOKUP(B524,LISTA_ITEMS[],2,FALSE),\"Falta ITEM\")","v":"TRANSPORTE DE MOTONIVELADORA"},null,null,null,null,null,null,"Unidad de Medida",null,null,{"$f":"+IFERROR(VLOOKUP(B524,LISTA_ITEMS[],3,FALSE),\"Falta ITEM\")","v":"km"},null,"Cantidad",null,null,{"$f":"+R553","v":100}]
[null,null,"DESCRIPCIÓN GRAFICA",null,null,null,null,null,"No. ","DESCRIPCION",null,null,null,"DIMENSIONES (m)",null,null,null,"TOTAL"]
[null,null,null,null,null,null,null,null,null,null,null,null,null,"CANT RECORRIDOS","LONG","ANCHO","e /ALTURA"]
[null,null,null,null,null,null,null,null,1,"Distancia hasta la obra",null,null,null,2,{"$f":"Dist_Maquina","v":50},null,null,{"$f":"IFERROR(ROUND(IF($M$524=\"m\",N527*O527,IF($M$524=\"m³\",N527*O527*P527*Q527,IF($M$524=\"kg\",N527*O527*Q527,IF($M$524=\"Und\",N527,IF($M$524=\"km\",N527*O527,IF($M$524=\"m²\",IF(AND(O527>0,P527>0,Q527=0),N527*O527*P527,IF(AND(O527>0,P527=0,Q527>0),N527*O527*Q527,IF(AND(N527>0,O527=0,P527>0,Q527>0),N527*P527*Q527,IF(AND(N527>0,Q527>0,O527=0,P527>0),Q527*P527*N527,\"\")))))))))),3),\" \")","v":100}]
[null,null,null,null,null,null,null,null,null,null,null,null,null,null,null,null,null,0]
[null,null,null,null,null,null,null,null,null,null,null,null,null,null,null,null,null,0]
[null,null,null,null,null,null,null,null,null,null,null,null,null,null,null,null,null,0]
[null,null,null,null,null,null,null,null,null,null,null,null,null,null,null,null,null,0]
[null,null,null,null,null,null,null,null,null,null,null,null,null,null,null,null,null,0]
[null,null,null,null,null,null,null,null,null,null,null,null,null,null,null,null,null,0]
[null,null,null,null,null,null,null,null,null,null,null,null,null,null,null,null,null,0]
[null,null,null,null,null,null,null,null,null,null,null,null,null,null,null,null,null,0]
[null,null,null,null,null,null,null,null,null,null,null,null,null,null,null,null,null,0]
[null,null,null,null,null,null,null,null,null,null,null,null,null,null,null,null,null,0]
[null,null,null,null,null,null,null,null,null,null,null,null,null,null,null,null,null,0]
[null,null,null,null,null,null,null,null,null,null,null,null,null,null,null,null,null,0]
[null,null,null,null,null,null,null,null,null,null,null,null,null,null,null,null,null,0]
[null,null,null,null,null,null,null,null,null,null,null,null,null,null,null,null,null,0]
[null,null,null,null,null,null,null,null,null,null,null,null,null,null,null,null,null,0]
[null,null,null,null,null,null,null,null,null,null,null,null,null,null,null,null,null,0]
[null,null,null,null,null,null,null,null,null,null,null,null,null,null,null,null,null,0]
[null,null,null,null,null,null,null,null,null,null,null,null,null,null,null,null,null,0]
[null,null,null,null,null,null,null,null,null,null,null,null,null,null,null,null,null,0]
[null,null,null,null,null,null,null,null,null,null,null,null,null,null,null,null,null,0]
[null,null,null,null,null,null,null,null,null,null,null,null,null,null,null,null,null,0]
[null,null,null,null,null,null,null,null,null,null,null,null,null,null,null,null,null,0]
[null,null,null,null,null,null,null,null,null,null,null,null,null,null,null,null,null,0]
[null,null,null,null,null,null,null,null,"SUBTOTAL",null,null,null,null,null,null,null,null,{"$f":"ROUND(+SUM(R527:R550),2)","v":100}]
[null,null,null,null,null,null,null,null,"CANTIDAD DE EQUIPOS A TRANSPORTAR",null,null,null,null,null,null,null,"und",1]
[null,null,null,null,null,null,null,null,"TOTAL/OBRA A EJECUTAR",null,null,null,null,null,null,null,null,{"$f":"IFERROR(R552*R551,\"\")","v":100}]
[null,null,"OBSERVACIONES:"]
[]
[null,1,{"$f":"+IFERROR(VLOOKUP(B556,LISTA_ITEMS[],2,FALSE),\"Falta ITEM\")","v":"PLACA HUELLA TIPO 1 (Bord-Cun-Cto-Pp-Cto-Pp-Cto-Cun-Bord)"}]
[null,"1.8",{"$f":"+IFERROR(VLOOKUP(B557,LISTA_ITEMS[],2,FALSE),\"Falta ITEM\")","v":"TRANSPORTE DE EQUIPO"}]
[null,"1.8.2",{"$f":"+IFERROR(VLOOKUP(B558,LISTA_ITEMS[],2,FALSE),\"Falta ITEM\")","v":"TRANSPORTE DE RETROCARGADOR"},null,null,null,null,null,null,"Unidad de Medida",null,null,{"$f":"+IFERROR(VLOOKUP(B558,LISTA_ITEMS[],3,FALSE),\"Falta ITEM\")","v":"km"},null,"Cantidad",null,null,{"$f":"+R587","v":100}]
[null,null,"DESCRIPCIÓN GRAFICA",null,null,null,null,null,"No. ","DESCRIPCION",null,null,null,"DIMENSIONES (m)",null,null,null,"TOTAL"]
[null,null,null,null,null,null,null,null,null,null,null,null,null,"CANT RECORRIDOS","LONG","ANCHO","e /ALTURA"]
[null,null,null,null,null,null,null,null,1,"Distancia hasta la obra",null,null,null,2,{"$f":"Dist_Maquina","v":50},null,null,{"$f":"IFERROR(ROUND(IF($M$558=\"m\",N561*O561,IF($M$558=\"m³\",N561*O561*P561*Q561,IF($M$558=\"kg\",N561*O561*Q561,IF($M$558=\"Und\",N561,IF($M$558=\"km\",N561*O561,IF($M$558=\"m²\",IF(AND(O561>0,P561>0,Q561=0),N561*O561*P561,IF(AND(O561>0,P561=0,Q561>0),N561*O561*Q561,IF(AND(N561>0,O561=0,P561>0,Q561>0),N561*P561*Q561,IF(AND(N561>0,Q561>0,O561=0,P561>0),Q561*P561*N561,\"\")))))))))),3),\" \")","v":100}]
[null,null,null,null,null,null,null,null,null,null,null,null,null,null,null,null,null,0]
[null,null,null,null,null,null,null,null,null,null,null,null,null,null,null,null,null,0]
[null,null,null,null,null,null,null,null,null,null,null,null,null,null,null,null,null,0]
[null,null,null,null,null,null,null,null,null,null,null,null,null,null,null,null,null,0]
[null,null,null,null,null,null,null,null,null,null,null,null,null,null,null,null,null,0]
[null,null,null,null,null,null,null,null,null,null,null,null,null,null,null,null,null,0]
[null,null,null,null,null,null,null,null,null,null,null,null,null,null,null,null,null,0]
[null,null,null,null,null,null,null,null,null,null,null,null,null,null,null,null,null,0]
[null,null,null,null,null,null,null,null,null,null,null,null,null,null,null,null,null,0]
[null,null,null,null,null,null,null,null,null,null,null,null,null,null,null,null,null,0]
[null,null,null,null,null,null,null,null,null,null,null,null,null,null,null,null,null,0]
[null,null,null,null,null,null,null,null,null,null,null,null,null,null,null,null,null,0]
[null,null,null,null,null,null,null,null,null,null,null,null,null,null,null,null,null,0]
[null,null,null,null,null,null,null,null,null,null,null,null,null,null,null,null,null,0]
[null,null,null,null,null,null,null,null,null,null,null,null,null,null,null,null,null,0]
[null,null,null,null,null,null,null,null,null,null,null,null,null,null,null,null,null,0]
[null,null,null,null,null,null,null,null,null,null,null,null,null,null,null,null,null,0]
[null,null,null,null,null,null,null,null,null,null,null,null,null,null,null,null,null,0]
[null,null,null,null,null,null,null,null,null,null,null,null,null,null,null,null,null,0]
[null,null,null,null,null,null,null,null,null,null,null,null,null,null,null,null,null,0]
[null,null,null,null,null,null,null,null,null,null,null,null,null,null,null,null,null,0]
[null,null,null,null,null,null,null,null,null,null,null,null,null,null,null,null,null,0]
[null,null,null,null,null,null,null,null,null,null,null,null,null,null,null,null,null,0]
[null,null,null,null,null,null,null,null,"SUBTOTAL",null,null,null,null,null,null,null,null,{"$f":"ROUND(+SUM(R561:R584),2)","v":100}]
[null,null,null,null,null,null,null,null,"CANTIDAD DE EQUIPOS A TRANSPORTAR",null,null,null,null,null,null,null,"und",1]
[null,null,null,null,null,null,null,null,"TOTAL/OBRA A EJECUTAR",null,null,null,null,null,null,null,null,{"$f":"IFERROR(R586*R585,\"\")","v":100}]
[null,null,"OBSERVACIONES:"]
[]
[null,1,{"$f":"+IFERROR(VLOOKUP(B590,LISTA_ITEMS[],2,FALSE),\"Falta ITEM\")","v":"PLACA HUELLA TIPO 1 (Bord-Cun-Cto-Pp-Cto-Pp-Cto-Cun-Bord)"}]
[null,"1.8",{"$f":"+IFERROR(VLOOKUP(B591,LISTA_ITEMS[],2,FALSE),\"Falta ITEM\")","v":"TRANSPORTE DE EQUIPO"}]
[null,"1.8.3",{"$f":"+IFERROR(VLOOKUP(B592,LISTA_ITEMS[],2,FALSE),\"Falta ITEM\")","v":"TRANSPORTE DE VIBROCOMPACTADOR"},null,null,null,null,null,null,"Unidad de Medida",null,null,{"$f":"+IFERROR(VLOOKUP(B592,LISTA_ITEMS[],3,FALSE),\"Falta ITEM\")","v":"km"},null,"Cantidad",null,null,{"$f":"+R621","v":100}]
[null,null,"DESCRIPCIÓN GRAFICA",null,null,null,null,null,"No. ","DESCRIPCION",null,null,null,"DIMENSIONES (m)",null,null,null,"TOTAL"]
[null,null,null,null,null,null,null,null,null,null,null,null,null,"CANT RECORRIDOS","LONG","ANCHO","e /ALTURA"]
[null,null,null,null,null,null,null,null,1,"Distancia hasta la obra",null,null,null,2,{"$f":"Dist_Maquina","v":50},null,null,{"$f":"IFERROR(ROUND(IF($M$592=\"m\",N595*O595,IF($M$592=\"m³\",N595*O595*P595*Q595,IF($M$592=\"kg\",N595*O595*Q595,IF($M$592=\"Und\",N595,IF($M$592=\"km\",N595*O595,IF($M$592=\"m²\",IF(AND(O595>0,P595>0,Q595=0),N595*O595*P595,IF(AND(O595>0,P595=0,Q595>0),N595*O595*Q595,IF(AND(N595>0,O595=0,P595>0,Q595>0),N595*P595*Q595,IF(AND(N595>0,Q595>0,O595=0,P595>0),Q595*P595*N595,\"\")))))))))),3),\" \")","v":100}]
[null,null,null,null,null,null,null,null,null,null,null,null,null,null,null,null,null,0]
[null,null,null,null,null,null,null,null,null,null,null,null,null,null,null,null,null,0]
[null,null,null,null,null,null,null,null,null,null,null,null,null,null,null,null,null,0]
[null,null,null,null,null,null,null,null,null,null,null,null,null,null,null,null,null,0]
[null,null,null,null,null,null,null,null,null,null,null,null,null,null,null,null,null,0]
[null,null,null,null,null,null,null,null,null,null,null,null,null,null,null,null,null,0]
[null,null,null,null,null,null,null,null,null,null,null,null,null,null,null,null,null,0]
[null,null,null,null,null,null,null,null,null,null,null,null,null,null,null,null,null,0]
[null,null,null,null,null,null,null,null,null,null,null,null,null,null,null,null,null,0]
[null,null,null,null,null,null,null,null,null,null,null,null,null,null,null,null,null,0]
[null,null,null,null,null,null,null,null,null,null,null,null,null,null,null,null,null,0]
[null,null,null,null,null,null,null,null,null,null,null,null,null,null,null,null,null,0]
[null,null,null,null,null,null,null,null,null,null,null,null,null,null,null,null,null,0]
[null,null,null,null,null,null,null,null,null,null,null,null,null,null,null,null,null,0]
[null,null,null,null,null,null,null,null,null,null,null,null,null,null,null,null,null,0]
[null,null,null,null,null,null,null,null,null,null,null,null,null,null,null,null,null,0]
[null,null,null,null,null,null,null,null,null,null,null,null,null,null,null,null,null,0]
[null,null,null,null,null,null,null,null,null,null,null,null,null,null,null,null,null,0]
[null,null,null,null,null,null,null,null,null,null,null,null,null,null,null,null,null,0]
[null,null,null,null,null,null,null,null,null,null,null,null,null,null,null,null,null,0]
[null,null,null,null,null,null,null,null,null,null,null,null,null,null,null,null,null,0]
[null,null,null,null,null,null,null,null,null,null,null,null,null,null,null,null,null,0]
[null,null,null,null,null,null,null,null,null,null,null,null,null,null,null,null,null,0]
[null,null,null,null,null,null,null,null,"SUBTOTAL",null,null,null,null,null,null,null,null,{"$f":"ROUND(+SUM(R595:R618),2)","v":100}]
[null,null,null,null,null,null,null,null,"CANTIDAD DE EQUIPOS A TRANSPORTAR",null,null,null,null,null,null,null,"und",1]
[null,null,null,null,null,null,null,null,"TOTAL/OBRA A EJECUTAR",null,null,null,null,null,null,null,null,{"$f":"IFERROR(R620*R619,\"\")","v":100}]
[null,null,"OBSERVACIONES:"]
[]
[null,2,{"$f":"+IFERROR(VLOOKUP(B624,LISTA_ITEMS[],2,FALSE),\"Falta ITEM\")","v":"PLACA HUELLA TIPO 2 CASO 1  ( Bord-Cun-Cto-Pp-Cto-Pp-Cto-Bord )"}]
[null,"2.1",{"$f":"+IFERROR(VLOOKUP(B625,LISTA_ITEMS[],2,FALSE),\"Falta ITEM\")","v":"PRELIMINARES"}]
[null,"2.1.1",{"$f":"+IFERROR(VLOOKUP(B626,LISTA_ITEMS[],2,FALSE),\"Falta ITEM\")","v":"LOCALIZACIÓN Y REPLANTEO"},null,null,null,null,null,null,"Unidad de Medida",null,null,{"$f":"+IFERROR(VLOOKUP(B626,LISTA_ITEMS[],3,FALSE),\"Falta ITEM\")","v":"m"},null,"Cantidad",null,null,{"$f":"+R655","v":0}]
[null,null,"DESCRIPCIÓN GRAFICA",null,null,null,null,null,"No. ","DETALLE",null,null,null,"DIMENSIONES (m)",null,null,null,"TOTAL"]
[null,null,null,null,null,null,null,null,null,null,null,null,null,"CANT.","LONG","ANCHO","e /ALTURA"]
[null,null,null,null,null,null,null,null,1,"Localización y Replanteo de Placa Huella",null,null,null,1,1,null,null,{"$f":"IFERROR(ROUND(IF($M$626=\"m\",N629*O629,IF($M$626=\"m³\",N629*O629*P629*Q629,IF($M$626=\"kg\",N629*O629*Q629,IF($M$626=\"Und\",N629,IF($M$626=\"m²\",IF(AND(O629>0,P629>0,Q629=0),N629*O629*P629,IF(AND(O629>0,P629=0,Q629>0),N629*O629*Q629,IF(AND(N629>0,O629=0,P629>0,Q629>0),N629*P629*Q629,IF(AND(N629>0,Q629>0,O629=0,P629>0),Q629*P629*N629,\"\"))))))))),3),\" \")","v":1}]
[null,null,null,null,null,null,null,null,null,null,null,null,null,null,null,null,null,0]
[null,null,null,null,null,null,null,null,null,null,null,null,null,null,null,null,null,0]
[null,null,null,null,null,null,null,null,null,null,null,null,null,null,null,null,null,0]
[null,null,null,null,null,null,null,null,null,null,null,null,null,null,null,null,null,0]
[null,null,null,null,null,null,null,null,null,null,null,null,null,null,null,null,null,0]
[null,null,null,null,null,null,null,null,null,null,null,null,null,null,null,null,null,0]
[null,null,null,null,null,null,null,null,null,null,null,null,null,null,null,null,null,0]
[null,null,null,null,null,null,null,null,null,null,null,null,null,null,null,null,null,0]
[null,null,null,null,null,null,null,null,null,null,null,null,null,null,null,null,null,0]
[null,null,null,null,null,null,null,null,null,null,null,null,null,null,null,null,null,0]
[null,null,null,null,null,null,null,null,null,null,null,null,null,null,null,null,null,0]
[null,null,null,null,null,null,null,null,null,null,null,null,null,null,null,null,null,0]
[null,null,null,null,null,null,null,null,null,null,null,null,null,null,null,null,null,0]
[null,null,null,null,null,null,null,null,null,null,null,null,null,null,null,null,null,0]
[null,null,null,null,null,null,null,null,null,null,null,null,null,null,null,null,null,0]
[null,null,null,null,null,null,null,null,null,null,null,null,null,null,null,null,null,0]
[null,null,null,null,null,null,null,null,null,null,null,null,null,null,null,null,null,0]
[null,null,null,null,null,null,null,null,null,null,null,null,null,null,null,null,null,0]
[null,null,null,null,null,null,null,null,null,null,null,null,null,null,null,null,null,0]
[null,null,null,null,null,null,null,null,null,null,null,null,null,null,null,null,null,0]
[null,null,null,null,null,null,null,null,null,null,null,null,null,null,null,null,null,0]
[null,null,null,null,null,null,null,null,null,null,null,null,null,null,null,null,null,0]
[null,null,null,null,null,null,null,null,null,null,null,null,null,null,null,null,null,0]
[null,null,null,null,null,null,null,null,"SUBTOTAL",null,null,null,null,null,null,null,null,{"$f":"ROUND(+SUM(R629:R652),2)","v":1}]
[null,null,null,null,null,null,null,null,"CANTIDAD DE  OBRA A EJECUTAR",null,null,null,null,null,null,null,{"$f":"+IFERROR(VLOOKUP(B624,OBRAS_TIPO[],3,FALSE),\"\")","v":"m"},{"$f":"+IFERROR(VLOOKUP(B624,OBRAS_TIPO[],4,FALSE),\"\")","v":0}]
[null,null,null,null,null,null,null,null,"TOTAL/OBRA A EJECUTAR",null,null,null,null,null,null,null,null,{"$f":"IFERROR(R654*R653,\"\")","v":0}]
[null,null,"OBSERVACIONES:"]
[]
[null,2,{"$f":"+IFERROR(VLOOKUP(B658,LISTA_ITEMS[],2,FALSE),\"Falta ITEM\")","v":"PLACA HUELLA TIPO 2 CASO 1  ( Bord-Cun-Cto-Pp-Cto-Pp-Cto-Bord )"}]
[null,"2.2",{"$f":"+IFERROR(VLOOKUP(B659,LISTA_ITEMS[],2,FALSE),\"Falta ITEM\")","v":"MOVIMIENTOS TIERRA"}]
[null,"2.2.1",{"$f":"+IFERROR(VLOOKUP(B660,LISTA_ITEMS[],2,FALSE),\"Falta ITEM\")","v":"EXCAVACION SIN CLASIFICAR DE LA EXPLANACION Y CANALES"},null,null,null,null,null,null,"Unidad de Medida",null,null,{"$f":"+IFERROR(VLOOKUP(B660,LISTA_ITEMS[],3,FALSE),\"Falta ITEM\")","v":"m³"},null,"Cantidad",null,null,{"$f":"+R689","v":0}]
[null,null,"DESCRIPCIÓN GRAFICA",null,null,null,null,null,"No. ","DESCRIPCION",null,null,null,"DIMENSIONES (m)",null,null,null,"TOTAL"]
[null,null,null,null,null,null,null,null,null,null,null,null,null,"CANT.","LONG","ANCHO","e /ALTURA"]
[null,null,null,null,null,null,null,null,1,"Excavación para sub-base y placa-huella",null,null,null,1,1,5.9,0.3,{"$f":"IFERROR(ROUND(IF($M$660=\"m\",N663*O663,IF($M$660=\"m³\",N663*O663*P663*Q663,IF($M$660=\"kg\",N663*O663*Q663,IF($M$660=\"Und\",N663,IF($M$660=\"m²\",IF(AND(O663>0,P663>0,Q663=0),N663*O663*P663,IF(AND(O663>0,P663=0,Q663>0),N663*O663*Q663,IF(AND(N663>0,O663=0,P663>0,Q663>0),N663*P663*Q663,IF(AND(N663>0,Q663>0,O663=0,P663>0),Q663*P663*N663,\"\"))))))))),3),\" \")","v":1.77}]
[null,null,null,null,null,null,null,null,{"$f":"I663+1","v":2},"Excavación para sub-base, cuneta y bordillo",null,null,null,1,1,1.1000000000000001,{"$f":"0.35+0.15","v":0.5},0.55000000000000004]
[null,null,null,null,null,null,null,null,{"$f":"I664+1","v":3},"Excavación para sub-base y bordillo A15",null,null,null,1,1,0.15,{"$f":"0.35+0.15","v":0.5},7.4999999999999997E-2]
[null,null,null,null,null,null,null,null,null,null,null,null,null,null,null,null,null,0]
[null,null,null,null,null,null,null,null,null,null,null,null,null,null,null,null,null,0]
[null,null,null,null,null,null,null,null,null,null,null,null,null,null,null,null,null,0]
[null,null,null,null,null,null,null,null,null,null,null,null,null,null,null,null,null,0]
[null,null,null,null,null,null,null,null,null,null,null,null,null,null,null,null,null,0]
[null,null,null,null,null,null,null,null,null,null,null,null,null,null,null,null,null,0]
[null,null,null,null,null,null,null,null,null,null,null,null,null,null,null,null,null,0]
[null,null,null,null,null,null,null,null,null,null,null,null,null,null,null,null,null,0]
[null,null,null,null,null,null,null,null,null,null,null,null,null,null,null,null,null,0]
[null,null,null,null,null,null,null,null,null,null,null,null,null,null,null,null,null,0]
[null,null,null,null,null,null,null,null,null,null,null,null,null,null,null,null,null,0]
[null,null,null,null,null,null,null,null,null,null,null,null,null,null,null,null,null,0]
[null,null,null,null,null,null,null,null,null,null,null,null,null,null,null,null,null,0]
[null,null,null,null,null,null,null,null,null,null,null,null,null,null,null,null,null,0]
[null,null,null,null,null,null,null,null,null,null,null,null,null,null,null,null,null,0]
[null,null,null,null,null,null,null,null,null,null,null,null,null,null,null,null,null,0]
[null,null,null,null,null,null,null,null,null,null,null,null,null,null,null,null,null,0]
[null,null,null,null,null,null,null,null,null,null,null,null,null,null,null,null,null,0]
[null,null,null,null,null,null,null,null,null,null,null,null,null,null,null,null,null,0]
[null,null,null,null,null,null,null,null,null,null,null,null,null,null,null,null,null,0]
[null,null,null,null,null,null,null,null,null,null,null,null,null,null,null,null,null,0]
[null,null,null,null,null,null,null,null,"SUBTOTAL",null,null,null,null,null,null,null,null,{"$f":"ROUND(+SUM(R663:R686),2)","v":2.4}]
[null,null,null,null,null,null,null,null,"CANTIDAD DE  OBRA A EJECUTAR",null,null,null,null,null,null,null,{"$f":"+IFERROR(VLOOKUP(B658,OBRAS_TIPO[],3,FALSE),\"\")","v":"m"},{"$f":"+IFERROR(VLOOKUP(B658,OBRAS_TIPO[],4,FALSE),\"\")","v":0}]
[null,null,null,null,null,null,null,null,"TOTAL/OBRA A EJECUTAR",null,null,null,null,null,null,null,null,{"$f":"IFERROR(R688*R687,\"\")","v":0}]
[null,null,"OBSERVACIONES:"]
[]
[null,2,{"$f":"+IFERROR(VLOOKUP(B692,LISTA_ITEMS[],2,FALSE),\"Falta ITEM\")","v":"PLACA HUELLA TIPO 2 CASO 1  ( Bord-Cun-Cto-Pp-Cto-Pp-Cto-Bord )"}]
[null,"2.2",{"$f":"+IFERROR(VLOOKUP(B693,LISTA_ITEMS[],2,FALSE),\"Falta ITEM\")","v":"MOVIMIENTOS TIERRA"}]
[null,"2.2.2",{"$f":"+IFERROR(VLOOKUP(B694,LISTA_ITEMS[],2,FALSE),\"Falta ITEM\")","v":"RELLENO PARA ESTRUCTURAS CON MATERIAL IMPORTADO"},null,null,null,null,null,null,"Unidad de Medida",null,null,{"$f":"+IFERROR(VLOOKUP(B694,LISTA_ITEMS[],3,FALSE),\"Falta ITEM\")","v":"m³"},null,"Cantidad",null,null,{"$f":"+R723","v":0}]
[null,null,"DESCRIPCIÓN GRAFICA",null,null,null,null,null,"No. ","DESCRIPCION",null,null,null,"DIMENSIONES (m)",null,null,null,"TOTAL"]
[null,null,null,null,null,null,null,null,null,null,null,null,null,"CANT.","LONG","ANCHO","e /ALTURA"]
[null,null,null,null,null,null,null,null,1,"Atraque en recebo bordillos",null,null,null,1,1,0.3,0.35,{"$f":"IFERROR(ROUND(IF($M$694=\"m\",N697*O697,IF($M$694=\"m³\",N697*O697*P697*Q697,IF($M$694=\"kg\",N697*O697*Q697,IF($M$694=\"Und\",N697,IF($M$694=\"m²\",IF(AND(O697>0,P697>0,Q697=0),N697*O697*P697,IF(AND(O697>0,P697=0,Q697>0),N697*O697*Q697,IF(AND(N697>0,O697=0,P697>0,Q697>0),N697*P697*Q697,IF(AND(N697>0,Q697>0,O697=0,P697>0),Q697*P697*N697,\"\"))))))))),3),\" \")","v":0.105}]
[null,null,null,null,null,null,null,null,null,null,null,null,null,null,null,null,null,0]
[null,null,null,null,null,null,null,null,null,null,null,null,null,null,null,null,null,0]
[null,null,null,null,null,null,null,null,null,null,null,null,null,null,null,null,null,0]
[null,null,null,null,null,null,null,null,null,null,null,null,null,null,null,null,null,0]
[null,null,null,null,null,null,null,null,null,null,null,null,null,null,null,null,null,0]
[null,null,null,null,null,null,null,null,null,null,null,null,null,null,null,null,null,0]
[null,null,null,null,null,null,null,null,null,null,null,null,null,null,null,null,null,0]
[null,null,null,null,null,null,null,null,null,null,null,null,null,null,null,null,null,0]
[null,null,null,null,null,null,null,null,null,null,null,null,null,null,null,null,null,0]
[null,null,null,null,null,null,null,null,null,null,null,null,null,null,null,null,null,0]
[null,null,null,null,null,null,null,null,null,null,null,null,null,null,null,null,null,0]
[null,null,null,null,null,null,null,null,null,null,null,null,null,null,null,null,null,0]
[null,null,null,null,null,null,null,null,null,null,null,null,null,null,null,null,null,0]
[null,null,null,null,null,null,null,null,null,null,null,null,null,null,null,null,null,0]
[null,null,null,null,null,null,null,null,null,null,null,null,null,null,null,null,null,0]
[null,null,null,null,null,null,null,null,null,null,null,null,null,null,null,null,null,0]
[null,null,null,null,null,null,null,null,null,null,null,null,null,null,null,null,null,0]
[null,null,null,null,null,null,null,null,null,null,null,null,null,null,null,null,null,0]
[null,null,null,null,null,null,null,null,null,null,null,null,null,null,null,null,null,0]
[null,null,null,null,null,null,null,null,null,null,null,null,null,null,null,null,null,0]
[null,null,null,null,null,null,null,null,null,null,null,null,null,null,null,null,null,0]
[null,null,null,null,null,null,null,null,null,null,null,null,null,null,null,null,null,0]
[null,null,null,null,null,null,null,null,null,null,null,null,null,null,null,null,null,0]
[null,null,null,null,null,null,null,null,"SUBTOTAL",null,null,null,null,null,null,null,null,{"$f":"ROUND(+SUM(R697:R720),2)","v":0.11}]
[null,null,null,null,null,null,null,null,"CANTIDAD DE  OBRA A EJECUTAR",null,null,null,null,null,null,null,{"$f":"+IFERROR(VLOOKUP(B692,OBRAS_TIPO[],3,FALSE),\"\")","v":"m"},{"$f":"+IFERROR(VLOOKUP(B692,OBRAS_TIPO[],4,FALSE),\"\")","v":0}]
[null,null,null,null,null,null,null,null,"TOTAL/OBRA A EJECUTAR",null,null,null,null,null,null,null,null,{"$f":"IFERROR(R722*R721,\"\")","v":0}]
[null,null,"OBSERVACIONES:"]
[]
[null,2,{"$f":"+IFERROR(VLOOKUP(B726,LISTA_ITEMS[],2,FALSE),\"Falta ITEM\")","v":"PLACA HUELLA TIPO 2 CASO 1  ( Bord-Cun-Cto-Pp-Cto-Pp-Cto-Bord )"}]
[null,"2.2",{"$f":"+IFERROR(VLOOKUP(B727,LISTA_ITEMS[],2,FALSE),\"Falta ITEM\")","v":"MOVIMIENTOS TIERRA"}]
[null,"2.2.3",{"$f":"+IFERROR(VLOOKUP(B728,LISTA_ITEMS[],2,FALSE),\"Falta ITEM\")","v":"RETIRO MATERIAL DE EXCAVACIÓN (Incluye transporte)"},null,null,null,null,null,null,"Unidad de Medida",null,null,{"$f":"+IFERROR(VLOOKUP(B728,LISTA_ITEMS[],3,FALSE),\"Falta ITEM\")","v":"m³"},null,"Cantidad",null,null,{"$f":"+R757","v":0}]
[null,null,"DESCRIPCIÓN GRAFICA",null,null,null,null,null,"No. ","DESCRIPCION",null,null,null,"DIMENSIONES (m)",null,null,null,"TOTAL"]
[null,null,null,null,null,null,null,null,null,null,null,null,null,"CANT.","LONG","ANCHO","e /ALTURA"]
[null,null," ",null,null,null,null,null,1,"Retiro excavación para sub-base y placa-huella",null,null,null,1,1,5.9,0.3,{"$f":"IFERROR(ROUND(IF($M$728=\"m\",N731*O731,IF($M$728=\"m³\",N731*O731*P731*Q731,IF($M$728=\"kg\",N731*O731*Q731,IF($M$728=\"Und\",N731,IF($M$728=\"m²\",IF(AND(O731>0,P731>0,Q731=0),N731*O731*P731,IF(AND(O731>0,P731=0,Q731>0),N731*O731*Q731,IF(AND(N731>0,O731=0,P731>0,Q731>0),N731*P731*Q731,IF(AND(N731>0,Q731>0,O731=0,P731>0),Q731*P731*N731,\"\"))))))))),3),\" \")","v":1.77}]
[null,null,null,null,null,null,null,null,{"$f":"I731+1","v":2},"Excavación para sub-base, cuneta y bordillo",null,null,null,1,1,1.1000000000000001,{"$f":"0.35+0.15","v":0.5},0.55000000000000004]
[null,null,null,null,null,null,null,null,{"$f":"I732+1","v":3},"Excavación para sub-base y bordillo A15",null,null,null,1,1,0.15,{"$f":"0.35+0.15","v":0.5},7.4999999999999997E-2]
[null,null,null,null,null,null,null,null,null,null,null,null,null,null,null,null,null,0]
[null,null,null,null,null,null,null,null,null,null,null,null,null,null,null,null,null,0]
[null,null,null,null,null,null,null,null,null,null,null,null,null,null,null,null,null,0]
[null,null,null,null,null,null,null,null,null,null,null,null,null,null,null,null,null,0]
[null,null,null,null,null,null,null,null,null,null,null,null,null,null,null,null,null,0]
[null,null,null,null,null,null,null,null,null,null,null,null,null,null,null,null,null,0]
[null,null,null,null,null,null,null,null,null,null,null,null,null,null,null,null,null,0]
[null,null,null,null,null,null,null,null,null,null,null,null,null,null,null,null,null,0]
[null,null,null,null,null,null,null,null,null,null,null,null,null,null,null,null,null,0]
[null,null,null,null,null,null,null,null,null,null,null,null,null,null,null,null,null,0]
[null,null,null,null,null,null,null,null,null,null,null,null,null,null,null,null,null,0]
[null,null,null,null,null,null,null,null,null,null,null,null,null,null,null,null,null,0]
[null,null,null,null,null,null,null,null,null,null,null,null,null,null,null,null,null,0]
[null,null,null,null,null,null,null,null,null,null,null,null,null,null,null,null,null,0]
[null,null,null,null,null,null,null,null,null,null,null,null,null,null,null,null,null,0]
[null,null,null,null,null,null,null,null,null,null,null,null,null,null,null,null,null,0]
[null,null,null,null,null,null,null,null,null,null,null,null,null,null,null,null,null,0]
[null,null,null,null,null,null,null,null,null,null,null,null,null,null,null,null,null,0]
[null,null,null,null,null,null,null,null,null,null,null,null,null,null,null,null,null,0]
[null,null,null,null,null,null,null,null,null,null,null,null,null,null,null,null,null,0]
[null,null,null,null,null,null,null,null,null,null,null,null,null,null,null,null,null,0]
[null,null,null,null,null,null,null,null,"SUBTOTAL",null,null,null,null,null,null,null,null,{"$f":"ROUND(+SUM(R731:R754),2)","v":2.4}]
[null,null,null,null,null,null,null,null,"CANTIDAD DE  OBRA A EJECUTAR",null,null,null,null,null,null,null,{"$f":"+IFERROR(VLOOKUP(B726,OBRAS_TIPO[],3,FALSE),\"\")","v":"m"},{"$f":"+IFERROR(VLOOKUP(B726,OBRAS_TIPO[],4,FALSE),\"\")","v":0}]
[null,null,null,null,null,null,null,null,"TOTAL/OBRA A EJECUTAR",null,null,null,null,null,null,null,null,{"$f":"IFERROR(R756*R755,\"\")","v":0}]
[]
[null,2,{"$f":"+IFERROR(VLOOKUP(B759,LISTA_ITEMS[],2,FALSE),\"Falta ITEM\")","v":"PLACA HUELLA TIPO 2 CASO 1  ( Bord-Cun-Cto-Pp-Cto-Pp-Cto-Bord )"}]
[null,"2.2",{"$f":"+IFERROR(VLOOKUP(B760,LISTA_ITEMS[],2,FALSE),\"Falta ITEM\")","v":"MOVIMIENTOS TIERRA"}]
[null,"2.2.4",{"$f":"+IFERROR(VLOOKUP(B761,LISTA_ITEMS[],2,FALSE),\"Falta ITEM\")","v":"CONFORMACION DE CALZADA EXISTENTE"},null,null,null,null,null,null,"Unidad de Medida",null,null,{"$f":"+IFERROR(VLOOKUP(B761,LISTA_ITEMS[],3,FALSE),\"Falta ITEM\")","v":"m²"},null,"Cantidad",null,null,{"$f":"+R790","v":0}]
[null,null,"DESCRIPCIÓN GRAFICA",null,null,null,null,null,"No. ","DESCRIPCION",null,null,null,"DIMENSIONES (m)",null,null,null,"TOTAL"]
[null,null,null,null,null,null,null,null,null,null,null,null,null,"CANT.","LONG","ANCHO","e /ALTURA"]
[null,null,null,null,null,null,null,null,1,"Área a conformar",null,null,null,1,1,7.15,null,{"$f":"IFERROR(ROUND(IF($M$761=\"m\",N764*O764,IF($M$761=\"m³\",N764*O764*P764*Q764,IF($M$761=\"kg\",N764*O764*Q764,IF($M$761=\"Und\",N764,IF($M$761=\"m²\",IF(AND(O764>0,P764>0,Q764=0),N764*O764*P764,IF(AND(O764>0,P764=0,Q764>0),N764*O764*Q764,IF(AND(N764>0,O764=0,P764>0,Q764>0),N764*P764*Q764,IF(AND(N764>0,Q764>0,O764=0,P764>0),Q764*P764*N764,\"\"))))))))),3),\" \")","v":7.15}]
[null,null,null,null,null,null,null,null,null,null,null,null,null,null,null,null,null," "]
[null,null,null,null,null,null,null,null,null,null,null,null,null,null,null,null,null," "]
[null,null,null,null,null,null,null,null,null,null,null,null,null,null,null,null,null," "]
[null,null,null,null,null,null,null,null,null,null,null,null,null,null,null,null,null," "]
[null,null,null,null,null,null,null,null,null,null,null,null,null,null,null,null,null," "]
[null,null,null,null,null,null,null,null,null,null,null,null,null,null,null,null,null," "]
[null,null,null,null,null,null,null,null,null,null,null,null,null,null,null,null,null," "]
[null,null,null,null,null,null,null,null,null,null,null,null,null,null,null,null,null," "]
[null,null,null,null,null,null,null,null,null,null,null,null,null,null,null,null,null," "]
[null,null,null,null,null,null,null,null,null,null,null,null,null,null,null,null,null," "]
[null,null,null,null,null,null,null,null,null,null,null,null,null,null,null,null,null," "]
[null,null,null,null,null,null,null,null,null,null,null,null,null,null,null,null,null," "]
[null,null,null,null,null,null,null,null,null,null,null,null,null,null,null,null,null," "]
[null,null,null,null,null,null,null,null,null,null,null,null,null,null,null,null,null," "]
[null,null,null,null,null,null,null,null,null,null,null,null,null,null,null,null,null," "]
[null,null,null,null,null,null,null,null,null,null,null,null,null,null,null,null,null," "]
[null,null,null,null,null,null,null,null,null,null,null,null,null,null,null,null,null," "]
[null,null,null,null,null,null,null,null,null,null,null,null,null,null,null,null,null," "]
[null,null,null,null,null,null,null,null,null,null,null,null,null,null,null,null,null," "]
[null,null,null,null,null,null,null,null,null,null,null,null,null,null,null,null,null," "]
[null,null,null,null,null,null,null,null,null,null,null,null,null,null,null,null,null," "]
[null,null,null,null,null,null,null,null,null,null,null,null,null,null,null,null,null," "]
[null,null,null,null,null,null,null,null,null,null,null,null,null,null,null,null,null," "]
[null,null,null,null,null,null,null,null,"SUBTOTAL",null,null,null,null,null,null,null,null,{"$f":"ROUND(+SUM(R764:R787),2)","v":7.15}]
[null,null,null,null,null,null,null,null,"CANTIDAD DE  OBRA A EJECUTAR",null,null,null,null,null,null,null,{"$f":"+IFERROR(VLOOKUP(B759,OBRAS_TIPO[],3,FALSE),\"\")","v":"m"},{"$f":"+IFERROR(VLOOKUP(B759,OBRAS_TIPO[],4,FALSE),\"\")","v":0}]
[null,null,null,null,null,null,null,null,"TOTAL/OBRA A EJECUTAR",null,null,null,null,null,null,null,null,{"$f":"IFERROR(R789*R788,\"\")","v":0}]
[null,null,"OBSERVACIONES:"]
[]
[null,2,{"$f":"+IFERROR(VLOOKUP(B793,LISTA_ITEMS[],2,FALSE),\"Falta ITEM\")","v":"PLACA HUELLA TIPO 2 CASO 1  ( Bord-Cun-Cto-Pp-Cto-Pp-Cto-Bord )"}]
[null,"2.3",{"$f":"+IFERROR(VLOOKUP(B794,LISTA_ITEMS[],2,FALSE),\"Falta ITEM\")","v":" CAPA GRANULAR"}]
[null,"2.3.1",{"$f":"+IFERROR(VLOOKUP(B795,LISTA_ITEMS[],2,FALSE),\"Falta ITEM\")","v":"SUB-BASE GRANULAR (incluye suministro, extendido, nivelación, humedecido y compactación)  "},null,null,null,null,null,null,"Unidad de Medida",null,null,{"$f":"+IFERROR(VLOOKUP(B795,LISTA_ITEMS[],3,FALSE),\"Falta ITEM\")","v":"m³"},null,"Cantidad",null,null,{"$f":"+R824","v":0}]
[null,null,"DESCRIPCIÓN GRAFICA",null,null,null,null,null,"No. ","DESCRIPCION",null,null,null,"DIMENSIONES (m)",null,null,null,"TOTAL"]
[null,null,null,null,null,null,null,null,null,null,null,null,null,"CANT.","LONG","ANCHO","e /ALTURA"]
[null,null,null,null,null,null,null,null,1,"Sub-base placa-huella y piedra pegada",null,null,null,1,1,5.9,0.15,{"$f":"IFERROR(ROUND(IF($M$795=\"m\",N798*O798,IF($M$795=\"m³\",N798*O798*P798*Q798,IF($M$795=\"kg\",N798*O798*Q798,IF($M$795=\"Und\",N798,IF($M$795=\"m²\",IF(AND(O798>0,P798>0,Q798=0),N798*O798*P798,IF(AND(O798>0,P798=0,Q798>0),N798*O798*Q798,IF(AND(N798>0,O798=0,P798>0,Q798>0),N798*P798*Q798,IF(AND(N798>0,Q798>0,O798=0,P798>0),Q798*P798*N798,\"\"))))))))),3),\" \")","v":0.88500000000000001}]
[null,null,null,null,null,null,null,null,{"$f":"I798+1","v":2},"Sub-base cuneta y bordillo",null,null,null,1,1,1.1000000000000001,0.15,0.16500000000000001]
[null,null,null,null,null,null,null,null,{"$f":"I799+1","v":3},"Sub-base bordillo A15",null,null,null,1,1,0.15,0.15,2.3E-2]
[null,null,null,null,null,null,null,null,null,null,null,null,null,null,null,null,null,0]
[null,null,null,null,null,null,null,null,null,null,null,null,null,null,null,null,null,0]
[null,null,null,null,null,null,null,null,null,null,null,null,null,null,null,null,null,0]
[null,null,null,null,null,null,null,null,null,null,null,null,null,null,null,null,null,0]
[null,null,null,null,null,null,null,null,null,null,null,null,null,null,null,null,null,0]
[null,null,null,null,null,null,null,null,null,null,null,null,null,null,null,null,null,0]
[null,null,null,null,null,null,null,null,null,null,null,null,null,null,null,null,null,0]
[null,null,null,null,null,null,null,null,null,null,null,null,null,null,null,null,null,0]
[null,null,null,null,null,null,null,null,null,null,null,null,null,null,null,null,null,0]
[null,null,null,null,null,null,null,null,null,null,null,null,null,null,null,null,null,0]
[null,null,null,null,null,null,null,null,null,null,null,null,null,null,null,null,null,0]
[null,null,null,null,null,null,null,null,null,null,null,null,null,null,null,null,null,0]
[null,null,null,null,null,null,null,null,null,null,null,null,null,null,null,null,null,0]
[null,null,null,null,null,null,null,null,null,null,null,null,null,null,null,null,null,0]
[null,null,null,null,null,null,null,null,null,null,null,null,null,null,null,null,null,0]
[null,null,null,null,null,null,null,null,null,null,null,null,null,null,null,null,null,0]
[null,null,null,null,null,null,null,null,null,null,null,null,null,null,null,null,null,0]
[null,null,null,null,null,null,null,null,null,null,null,null,null,null,null,null,null,0]
[null,null,null,null,null,null,null,null,null,null,null,null,null,null,null,null,null,0]
[null,null,null,null,null,null,null,null,null,null,null,null,null,null,null,null,null,0]
[null,null,null,null,null,null,null,null,null,null,null,null,null,null,null,null,null,0]
[null,null,null,null,null,null,null,null,"SUBTOTAL",null,null,null,null,null,null,null,null,{"$f":"ROUND(+SUM(R798:R821),2)","v":1.07}]
[null,null,null,null,null,null,null,null,"CANTIDAD DE  OBRA A EJECUTAR",null,null,null,null,null,null,null,{"$f":"+IFERROR(VLOOKUP(B793,OBRAS_TIPO[],3,FALSE),\"\")","v":"m"},{"$f":"+IFERROR(VLOOKUP(B793,OBRAS_TIPO[],4,FALSE),\"\")","v":0}]
[null,null,null,null,null,null,null,null,"TOTAL/OBRA A EJECUTAR",null,null,null,null,null,null,null,null,{"$f":"IFERROR(R823*R822,\"\")","v":0}]
[]
[null,2,{"$f":"+IFERROR(VLOOKUP(B826,LISTA_ITEMS[],2,FALSE),\"Falta ITEM\")","v":"PLACA HUELLA TIPO 2 CASO 1  ( Bord-Cun-Cto-Pp-Cto-Pp-Cto-Bord )"}]
[null,"2.4",{"$f":"+IFERROR(VLOOKUP(B827,LISTA_ITEMS[],2,FALSE),\"Falta ITEM\")","v":"CONCRETO PLACA HUELLA"}]
[null,"2.4.1",{"$f":"+IFERROR(VLOOKUP(B828,LISTA_ITEMS[],2,FALSE),\"Falta ITEM\")","v":"CONCRETO 21 MPA (CLASE D) PARA PLACA HUELLA"},null,null,null,null,null,null,"Unidad de Medida",null,null,{"$f":"+IFERROR(VLOOKUP(B828,LISTA_ITEMS[],3,FALSE),\"Falta ITEM\")","v":"m³"},null,"Cantidad",null,null,{"$f":"+R857","v":0}]
[null,null,"DESCRIPCIÓN GRAFICA",null,null,null,null,null,"No. ","DESCRIPCION",null,null,null,"DIMENSIONES (m)",null,null,null,"TOTAL"]
[null,null,null,null,null,null,null,null,null,null,null,null,null,"CANT.","LONG","ANCHO","e /ALTURA"]
[null,null,null,null,null,null,null,null,1,"Concreto placa-huella lateral",null,null,null,2,1,1.1499999999999999,0.15,{"$f":"IFERROR(ROUND(IF($M$828=\"m\",N831*O831,IF($M$828=\"m³\",N831*O831*P831*Q831,IF($M$828=\"kg\",N831*O831*Q831,IF($M$828=\"Und\",N831,IF($M$828=\"m²\",IF(AND(O831>0,P831>0,Q831=0),N831*O831*P831,IF(AND(O831>0,P831=0,Q831>0),N831*O831*Q831,IF(AND(N831>0,O831=0,P831>0,Q831>0),N831*P831*Q831,IF(AND(N831>0,Q831>0,O831=0,P831>0),Q831*P831*N831,\"\"))))))))),3),\" \")","v":0.34499999999999997}]
[null,null,null,null,null,null,null,null,{"$f":"I831+1","v":2},"Concreto placa-huella central",null,null,null,1,1,1.6,0.15,0.24]
[null,null,null,null,null,null,null,null,null,null,null,null,null,null,null,null,null,0]
[null,null,null,null,null,null,null,null,null,null,null,null,null,null,null,null,null,0]
[null,null,null,null,null,null,null,null,null,null,null,null,null,null,null,null,null,0]
[null,null,null,null,null,null,null,null,null,null,null,null,null,null,null,null,null,0]
[null,null,null,null,null,null,null,null,null,null,null,null,null,null,null,null,null,0]
[null,null,null,null,null,null,null,null,null,null,null,null,null,null,null,null,null,0]
[null,null,null,null,null,null,null,null,null,null,null,null,null,null,null,null,null,0]
[null,null,null,null,null,null,null,null,null,null,null,null,null,null,null,null,null,0]
[null,null,null,null,null,null,null,null,null,null,null,null,null,null,null,null,null,0]
[null,null,null,null,null,null,null,null,null,null,null,null,null,null,null,null,null,0]
[null,null,null,null,null,null,null,null,null,null,null,null,null,null,null,null,null,0]
[null,null,null,null,null,null,null,null,null,null,null,null,null,null,null,null,null,0]
[null,null,null,null,null,null,null,null,null,null,null,null,null,null,null,null,null,0]
[null,null,null,null,null,null,null,null,null,null,null,null,null,null,null,null,null,0]
[null,null,null,null,null,null,null,null,null,null,null,null,null,null,null,null,null,0]
[null,null,null,null,null,null,null,null,null,null,null,null,null,null,null,null,null,0]
[null,null,null,null,null,null,null,null,null,null,null,null,null,null,null,null,null,0]
[null,null,null,null,null,null,null,null,null,null,null,null,null,null,null,null,null,0]
[null,null,null,null,null,null,null,null,null,null,null,null,null,null,null,null,null,0]
[null,null,null,null,null,null,null,null,null,null,null,null,null,null,null,null,null,0]
[null,null,null,null,null,null,null,null,null,null,null,null,null,null,null,null,null,0]
[null,null,null,null,null,null,null,null,null,null,null,null,null,null,null,null,null,0]
[null,null,null,null,null,null,null,null,"SUBTOTAL",null,null,null,null,null,null,null,null,{"$f":"ROUND(+SUM(R831:R854),2)","v":0.59}]
[null,null,null,null,null,null,null,null,"CANTIDAD DE  OBRA A EJECUTAR",null,null,null,null,null,null,null,{"$f":"+IFERROR(VLOOKUP(B826,OBRAS_TIPO[],3,FALSE),\"\")","v":"m"},{"$f":"+IFERROR(VLOOKUP(B826,OBRAS_TIPO[],4,FALSE),\"\")","v":0}]
[null,null,null,null,null,null,null,null,"TOTAL/OBRA A EJECUTAR",null,null,null,null,null,null,null,null,{"$f":"IFERROR(R856*R855,\"\")","v":0}]
[]
[null,2,{"$f":"+IFERROR(VLOOKUP(B859,LISTA_ITEMS[],2,FALSE),\"Falta ITEM\")","v":"PLACA HUELLA TIPO 2 CASO 1  ( Bord-Cun-Cto-Pp-Cto-Pp-Cto-Bord )"}]
[null,"2.4",{"$f":"+IFERROR(VLOOKUP(B860,LISTA_ITEMS[],2,FALSE),\"Falta ITEM\")","v":"CONCRETO PLACA HUELLA"}]
[null,"2.4.2",{"$f":"+IFERROR(VLOOKUP(B861,LISTA_ITEMS[],2,FALSE),\"Falta ITEM\")","v":"CONCRETO 21 MPA (CLASE D) PARA DENTELLÓN"},null,null,null,null,null,null,"Unidad de Medida",null,null,{"$f":"+IFERROR(VLOOKUP(B861,LISTA_ITEMS[],3,FALSE),\"Falta ITEM\")","v":"m³"},null,"Cantidad",null,null,{"$f":"+R890","v":6.14}]
[null,null,"DESCRIPCIÓN GRAFICA",null,null,null,null,null,"No. ","DESCRIPCION",null,null,null,"DIMENSIONES (m)",null,null,null,"TOTAL"]
[null,null,null,null,null,null,null,null,null,null,null,null,null,"CANT.","LONG","ANCHO","e /ALTURA"]
[null,null,null,null,null,null,null,null,1,"Concreto Volumen V1 Dentellón",null,null,null,2,7.15,{"$f":"(0.3+0.15)/2","v":0.22499999999999998},0.3,{"$f":"IFERROR(ROUND(IF($M$861=\"m\",N864*O864,IF($M$861=\"m³\",N864*O864*P864*Q864,IF($M$861=\"kg\",N864*O864*Q864,IF($M$861=\"Und\",N864,IF($M$861=\"m²\",IF(AND(O864>0,P864>0,Q864=0),N864*O864*P864,IF(AND(O864>0,P864=0,Q864>0),N864*O864*Q864,IF(AND(N864>0,O864=0,P864>0,Q864>0),N864*P864*Q864,IF(AND(N864>0,Q864>0,O864=0,P864>0),Q864*P864*N864,\"\"))))))))),3),\" \")","v":0.96499999999999997}]
[null,null,null,null,null,null,null,null,{"$f":"I864+1","v":2},"Concreto Volumen V2 Dentellón",null,null,null,2,7.15,0.65,0.15,1.3939999999999999]
[null,null,null,null,null,null,null,null,{"$f":"I865+1","v":3},"Concreto Volumen V3 Dentellón",null,null,null,2,7.15,{"$f":"(0.25+0.15)/2","v":0.2},0.25,0.71499999999999997]
[null,null,null,null,null,null,null,null,null,null,null,null,null,null,null,null,null,0]
[null,null,null,null,null,null,null,null,null,null,null,null,null,null,null,null,null,0]
[null,null,null,null,null,null,null,null,null,null,null,null,null,null,null,null,null,0]
[null,null,null,null,null,null,null,null,null,null,null,null,null,null,null,null,null,0]
[null,null,null,null,null,null,null,null,null,null,null,null,null,null,null,null,null,0]
[null,null,null,null,null,null,null,null,null,null,null,null,null,null,null,null,null,0]
[null,null,null,null,null,null,null,null,null,null,null,null,null,null,null,null,null,0]
[null,null,null,null,null,null,null,null,null,null,null,null,null,null,null,null,null,0]
[null,null,null,null,null,null,null,null,null,null,null,null,null,null,null,null,null,0]
[null,null,null,null,null,null,null,null,null,null,null,null,null,null,null,null,null,0]
[null,null,null,null,null,null,null,null,null,null,null,null,null,null,null,null,null,0]
[null,null,null,null,null,null,null,null,null,null,null,null,null,null,null,null,null,0]
[null,null,null,null,null,null,null,null,null,null,null,null,null,null,null,null,null,0]
[null,null,null,null,null,null,null,null,null,null,null,null,null,null,null,null,null,0]
[null,null,null,null,null,null,null,null,null,null,null,null,null,null,null,null,null,0]
[null,null,null,null,null,null,null,null,null,null,null,null,null,null,null,null,null,0]
[null,null,null,null,null,null,null,null,null,null,null,null,null,null,null,null,null,0]
[null,null,null,null,null,null,null,null,null,null,null,null,null,null,null,null,null,0]
[null,null,null,null,null,null,null,null,null,null,null,null,null,null,null,null,null,0]
[null,null,null,null,null,null,null,null,null,null,null,null,null,null,null,null,null,0]
[null,null,null,null,null,null,null,null,null,null,null,null,null,null,null,null,null,0]
[null,null,null,null,null,null,null,null,"SUBTOTAL",null,null,null,null,null,null,null,null,{"$f":"ROUND(+SUM(R864:R887),2)","v":3.07}]
[null,null,null,null,null,null,null,null,"CANTIDAD DE  DENTELLONES POR PLACA HUELLA",null,null,null,null,null,null,null,"und",2]
[null,null,null,null,null,null,null,null,"TOTAL/OBRA A EJECUTAR",null,null,null,null,null,null,null,null,{"$f":"IFERROR(R889*R888,\"\")","v":6.14}]
[]
[null,2,{"$f":"+IFERROR(VLOOKUP(B892,LISTA_ITEMS[],2,FALSE),\"Falta ITEM\")","v":"PLACA HUELLA TIPO 2 CASO 1  ( Bord-Cun-Cto-Pp-Cto-Pp-Cto-Bord )"}]
[null,"2.4",{"$f":"+IFERROR(VLOOKUP(B893,LISTA_ITEMS[],2,FALSE),\"Falta ITEM\")","v":"CONCRETO PLACA HUELLA"}]
[null,"2.4.3",{"$f":"+IFERROR(VLOOKUP(B894,LISTA_ITEMS[],2,FALSE),\"Falta ITEM\")","v":"CONCRETO 21 MPA (CLASE D) PARA VIGAS INICIAL Y FINAL"},null,null,null,null,null,null,"Unidad de Medida",null,null,{"$f":"+IFERROR(VLOOKUP(B894,LISTA_ITEMS[],3,FALSE),\"Falta ITEM\")","v":"m³"},null,"Cantidad",null,null,{"$f":"+R923","v":0.86}]
[null,null,"DESCRIPCIÓN GRAFICA",null,null,null,null,null,"No. ","DESCRIPCION",null,null,null,"DIMENSIONES (m)",null,null,null,"TOTAL"]
[null,null,null,null,null,null,null,null,null,null,null,null,null,"CANT.","LONG","ANCHO","e /ALTURA"]
[null,null,null,null,null,null,null,null,1,"Concreto Viga Inicial y final",null,null,null,1,7.15,0.2,0.3,{"$f":"IFERROR(ROUND(IF($M$894=\"m\",N897*O897,IF($M$894=\"m³\",N897*O897*P897*Q897,IF($M$894=\"kg\",N897*O897*Q897,IF($M$894=\"Und\",N897,IF($M$894=\"m²\",IF(AND(O897>0,P897>0,Q897=0),N897*O897*P897,IF(AND(O897>0,P897=0,Q897>0),N897*O897*Q897,IF(AND(N897>0,O897=0,P897>0,Q897>0),N897*P897*Q897,IF(AND(N897>0,Q897>0,O897=0,P897>0),Q897*P897*N897,\"\"))))))))),3),\" \")","v":0.42899999999999999}]
[null,null,null,null,null,null,null,null,null,null,null,null,null,null,null,null,null,0]
[null,null,null,null,null,null,null,null,null,null,null,null,null,null,null,null,null,0]
[null,null,null,null,null,null,null,null,null,null,null,null,null,null,null,null,null,0]
[null,null,null,null,null,null,null,null,null,null,null,null,null,null,null,null,null,0]
[null,null,null,null,null,null,null,null,null,null,null,null,null,null,null,null,null,0]
[null,null,null,null,null,null,null,null,null,null,null,null,null,null,null,null,null,0]
[null,null,null,null,null,null,null,null,null,null,null,null,null,null,null,null,null,0]
[null,null,null,null,null,null,null,null,null,null,null,null,null,null,null,null,null,0]
[null,null,null,null,null,null,null,null,null,null,null,null,null,null,null,null,null,0]
[null,null,null,null,null,null,null,null,null,null,null,null,null,null,null,null,null,0]
[null,null,null,null,null,null,null,null,null,null,null,null,null,null,null,null,null,0]
[null,null,null,null,null,null,null,null,null,null,null,null,null,null,null,null,null,0]
[null,null,null,null,null,null,null,null,null,null,null,null,null,null,null,null,null,0]
[null,null,null,null,null,null,null,null,null,null,null,null,null,null,null,null,null,0]
[null,null,null,null,null,null,null,null,null,null,null,null,null,null,null,null,null,0]
[null,null,null,null,null,null,null,null,null,null,null,null,null,null,null,null,null,0]
[null,null,null,null,null,null,null,null,null,null,null,null,null,null,null,null,null,0]
[null,null,null,null,null,null,null,null,null,null,null,null,null,null,null,null,null,0]
[null,null,null,null,null,null,null,null,null,null,null,null,null,null,null,null,null,0]
[null,null,null,null,null,null,null,null,null,null,null,null,null,null,null,null,null,0]
[null,null,null,null,null,null,null,null,null,null,null,null,null,null,null,null,null,0]
[null,null,null,null,null,null,null,null,null,null,null,null,null,null,null,null,null,0]
[null,null,null,null,null,null,null,null,null,null,null,null,null,null,null,null,null,0]
[null,null,null,null,null,null,null,null,"SUBTOTAL",null,null,null,null,null,null,null,null,{"$f":"ROUND(+SUM(R897:R920),2)","v":0.43}]
[null,null,null,null,null,null,null,null,"CANTIDAD DE  VIGAS POR PLACA HUELLA",null,null,null,null,null,null,null,"und",2]
[null,null,null,null,null,null,null,null,"TOTAL/OBRA A EJECUTAR",null,null,null,null,null,null,null,null,{"$f":"IFERROR(R922*R921,\"\")","v":0.86}]
[null,null,"OBSERVACIONES:"]
[]
[null,2,{"$f":"+IFERROR(VLOOKUP(B926,LISTA_ITEMS[],2,FALSE),\"Falta ITEM\")","v":"PLACA HUELLA TIPO 2 CASO 1  ( Bord-Cun-Cto-Pp-Cto-Pp-Cto-Bord )"}]
[null,"2.4",{"$f":"+IFERROR(VLOOKUP(B927,LISTA_ITEMS[],2,FALSE),\"Falta ITEM\")","v":"CONCRETO PLACA HUELLA"}]
[null,"2.4.4",{"$f":"+IFERROR(VLOOKUP(B928,LISTA_ITEMS[],2,FALSE),\"Falta ITEM\")","v":"CONCRETO 21 MPA (CLASE D) PARA VIGA RIOSTRA"},null,null,null,null,null,null,"Unidad de Medida",null,null,{"$f":"+IFERROR(VLOOKUP(B928,LISTA_ITEMS[],3,FALSE),\"Falta ITEM\")","v":"m³"},null,"Cantidad",null,null,{"$f":"+R957","v":0}]
[null,null,"DESCRIPCIÓN GRAFICA",null,null,null,null,null,"No. ","DESCRIPCION",null,null,null,"DIMENSIONES (m)",null,null,null,"TOTAL"]
[null,null,null,null,null,null,null,null,null,null,null,null,null,"CANT.","LONG","ANCHO","e /ALTURA"]
[null,null,null,null,null,null,null,null,1,"Concreto viga riostra ",null,null,null,{"$f":"ROUND(1/3,2)","v":0.33},7.15,0.15,0.25,{"$f":"IFERROR(ROUND(IF($M$928=\"m\",N931*O931,IF($M$928=\"m³\",N931*O931*P931*Q931,IF($M$928=\"kg\",N931*O931*Q931,IF($M$928=\"Und\",N931,IF($M$928=\"m²\",IF(AND(O931>0,P931>0,Q931=0),N931*O931*P931,IF(AND(O931>0,P931=0,Q931>0),N931*O931*Q931,IF(AND(N931>0,O931=0,P931>0,Q931>0),N931*P931*Q931,IF(AND(N931>0,Q931>0,O931=0,P931>0),Q931*P931*N931,\"\"))))))))),3),\" \")","v":8.7999999999999995E-2}]
[null,null,null,null,null,null,null,null,{"$f":"I931+1","v":2},"Descuento concreto en cuneta",null,null,null,{"$f":"-ROUND(1/3,2)","v":-0.33},1.1000000000000001,0.15,0.15,-8.0000000000000002E-3]
[null,null,null,null,null,null,null,null,{"$f":"I932+1","v":3},"Descuento concreto en placa huella central",null,null,null,{"$f":"-ROUND(1/3,2)","v":-0.33},1.6,0.15,0.15,-1.2E-2]
[null,null,null,null,null,null,null,null,{"$f":"I933+1","v":4},"Descuento concreto en placa huella lateral derecha",null,null,null,{"$f":"-ROUND(1/3,2)","v":-0.33},1.1499999999999999,0.15,0.15,-8.9999999999999993E-3]
[null,null,null,null,null,null,null,null,{"$f":"I934+1","v":5},"Descuento concreto en placa huella lateral izq",null,null,null,{"$f":"-ROUND(1/3,2)","v":-0.33},1.1499999999999999,0.15,0.15,-8.9999999999999993E-3]
[null,null,null,null,null,null,null,null,null,null,null,null,null,null,null,null,null,0]
[null,null,null,null,null,null,null,null,null,null,null,null,null,null,null,null,null,0]
[null,null,null,null,null,null,null,null,null,null,null,null,null,null,null,null,null,0]
[null,null,null,null,null,null,null,null,null,null,null,null,null,null,null,null,null,0]
[null,null,null,null,null,null,null,null,null,null,null,null,null,null,null,null,null,0]
[null,null,null,null,null,null,null,null,null,null,null,null,null,null,null,null,null,0]
[null,null,null,null,null,null,null,null,null,null,null,null,null,null,null,null,null,0]
[null,null,null,null,null,null,null,null,null,null,null,null,null,null,null,null,null,0]
[null,null,null,null,null,null,null,null,null,null,null,null,null,null,null,null,null,0]
[null,null,null,null,null,null,null,null,null,null,null,null,null,null,null,null,null,0]
[null,null,null,null,null,null,null,null,null,null,null,null,null,null,null,null,null,0]
[null,null,null,null,null,null,null,null,null,null,null,null,null,null,null,null,null,0]
[null,null,null,null,null,null,null,null,null,null,null,null,null,null,null,null,null,0]
[null,null,null,null,null,null,null,null,null,null,null,null,null,null,null,null,null,0]
[null,null,null,null,null,null,null,null,null,null,null,null,null,null,null,null,null,0]
[null,null,null,null,null,null,null,null,null,null,null,null,null,null,null,null,null,0]
[null,null,null,null,null,null,null,null,null,null,null,null,null,null,null,null,null,0]
[null,null,null,null,null,null,null,null,null,null,null,null,null,null,null,null,null,0]
[null,null,null,null,null,null,null,null,null,null,null,null,null,null,null,null,null,0]
[null,null,null,null,null,null,null,null,"SUBTOTAL",null,null,null,null,null,null,null,null,{"$f":"ROUND(+SUM(R931:R954),2)","v":0.05}]
[null,null,null,null,null,null,null,null,"CANTIDAD DE  OBRA A EJECUTAR",null,null,null,null,null,null,null,{"$f":"+IFERROR(VLOOKUP(B926,OBRAS_TIPO[],3,FALSE),\"\")","v":"m"},{"$f":"+IFERROR(VLOOKUP(B926,OBRAS_TIPO[],4,FALSE),\"\")","v":0}]
[null,null,null,null,null,null,null,null,"TOTAL/OBRA A EJECUTAR",null,null,null,null,null,null,null,null,{"$f":"IFERROR(R956*R955,\"\")","v":0}]
[null,null,"OBSERVACIONES:"]
[]
[null,2,{"$f":"+IFERROR(VLOOKUP(B960,LISTA_ITEMS[],2,FALSE),\"Falta ITEM\")","v":"PLACA HUELLA TIPO 2 CASO 1  ( Bord-Cun-Cto-Pp-Cto-Pp-Cto-Bord )"}]
[null,"2.4",{"$f":"+IFERROR(VLOOKUP(B961,LISTA_ITEMS[],2,FALSE),\"Falta ITEM\")","v":"CONCRETO PLACA HUELLA"}]
[null,"2.4.5",{"$f":"+IFERROR(VLOOKUP(B962,LISTA_ITEMS[],2,FALSE),\"Falta ITEM\")","v":"PIEDRA PEGADA"},null,null,null,null,null,null,"Unidad de Medida",null,null,{"$f":"+IFERROR(VLOOKUP(B962,LISTA_ITEMS[],3,FALSE),\"Falta ITEM\")","v":"m³"},null,"Cantidad",null,null,{"$f":"+R998","v":0}]
[null,null,"DESCRIPCIÓN GRAFICA",null,null,null,null,null,"No. ","DESCRIPCION",null,null,null,"DIMENSIONES (m)",null,null,null,"TOTAL"]
[null,null,null,null,null,null,null,null,null,null,null,null,null,"CANT.","LONG","ANCHO","e /ALTURA"]
[null,null,null,null,null,null,null,null,1,"Piedra Pegada",null,null,null,2,1,1,0.15,{"$f":"IFERROR(ROUND(IF($M$962=\"m\",N965*O965,IF($M$962=\"m³\",N965*O965*P965*Q965,IF($M$962=\"kg\",N965*O965*Q965,IF($M$962=\"Und\",N965,IF($M$962=\"m²\",IF(AND(O965>0,P965>0,Q965=0),N965*O965*P965,IF(AND(O965>0,P965=0,Q965>0),N965*O965*Q965,IF(AND(N965>0,O965=0,P965>0,Q965>0),N965*P965*Q965,IF(AND(N965>0,Q965>0,O965=0,P965>0),Q965*P965*N965,\"\"))))))))),3),\" \")","v":0.3}]
[null,null,null,null,null,null,null,null,{"$f":"I965+1","v":2},"Descuento Viga Riostra",null,null,null,{"$f":"-ROUND(1/3,2)","v":-0.33},{"$f":"1+1","v":2},0.15,0.15,-1.4999999999999999E-2]
[null,null,null,null,null,null,null,null,null,null,null,null,null,null,null,null,null,0]
[null,null,null,null,null,null,null,null,null,null,null,null,null,null,null,null,null,0]
[null,null,null,null,null,null,null,null,null,null,null,null,null,null,null,null,null,0]
[null,null,null,null,null,null,null,null,null,null,null,null,null,null,null,null,null,0]
[null,null,null,null,null,null,null,null,null,null,null,null,null,null,null,null,null,0]
[null,null,null,null,null,null,null,null,null,null,null,null,null,null,null,null,null,0]
[null,null,null,null,null,null,null,null,null,null,null,null,null,null,null,null,null,0]
[null,null,null,null,null,null,null,null,null,null,null,null,null,null,null,null,null,0]
[null,null,null,null,null,null,null,null,null,null,null,null,null,null,null,null,null,0]
[null,null,null,null,null,null,null,null,null,null,null,null,null,null,null,null,null,0]
[null,null,null,null,null,null,null,null,null,null,null,null,null,null,null,null,null,0]
[null,null,null,null,null,null,null,null,null,null,null,null,null,null,null,null,null,0]
[null,null,null,null,null,null,null,null,null,null,null,null,null,null,null,null,null,0]
[null,null,null,null,null,null,null,null,null,null,null,null,null,null,null,null,null,0]
[null,null,null,null,null,null,null,null,null,null,null,null,null,null,null,null,null,0]
[null,null,null,null,null,null,null,null,null,null,null,null,null,null,null,null,null,0]
[null,null,null,null,null,null,null,null,null,null,null,null,null,null,null,null,null,0]
[null,null,null,null,null,null,null,null,null,null,null,null,null,null,null,null,null,0]
[null,null,null,null,null,null,null,null,null,null,null,null,null,null,null,null,null,0]
[null,null,null,null,null,null,null,null,null,null,null,null,null,null,null,null,null,0]
[null,null,null,null,null,null,null,null,null,null,null,null,null,null,null,null,null,0]
[null,null,null,null,null,null,null,null,null,null,null,null,null,null,null,null,null,0]
[null,null,null,null,null,null,null,null,null,null,null,null,null,null,null,null,null,0]
[null,null,null,null,null,null,null,null,null,null,null,null,null,null,null,null,null,0]
[null,null,null,null,null,null,null,null,null,null,null,null,null,null,null,null,null,0]
[null,null,null,null,null,null,null,null,null,null,null,null,null,null,null,null,null,0]
[null,null,null,null,null,null,null,null,null,null,null,null,null,null,null,null,null,0]
[null,null,null,null,null,null,null,null,null,null,null,null,null,null,null,null,null,0]
[null,null,null,null,null,null,null,null,null,null,null,null,null,null,null,null,null,0]
[null,null,null,null,null,null,null,null,"SUBTOTAL",null,null,null,null,null,null,null,null,{"$f":"ROUND(+SUM(R965:R995),2)","v":0.28999999999999998}]
[null,null,null,null,null,null,null,null,"CANTIDAD DE  OBRA A EJECUTAR",null,null,null,null,null,null,null,{"$f":"+IFERROR(VLOOKUP(B960,OBRAS_TIPO[],3,FALSE),\"\")","v":"m"},{"$f":"+IFERROR(VLOOKUP(B960,OBRAS_TIPO[],4,FALSE),\"\")","v":0}]
[null,null,null,null,null,null,null,null,"TOTAL/OBRA A EJECUTAR",null,null,null,null,null,null,null,null,{"$f":"IFERROR(R997*R996,\"\")","v":0}]
[null,null,"OBSERVACIONES:"]
[]
[null,2,{"$f":"+IFERROR(VLOOKUP(B1001,LISTA_ITEMS[],2,FALSE),\"Falta ITEM\")","v":"PLACA HUELLA TIPO 2 CASO 1  ( Bord-Cun-Cto-Pp-Cto-Pp-Cto-Bord )"}]
[null,"2.5",{"$f":"+IFERROR(VLOOKUP(B1002,LISTA_ITEMS[],2,FALSE),\"Falta ITEM\")","v":"CONCRETO CUNETAS Y BORDILLOS"}]
[null,"2.5.1",{"$f":"+IFERROR(VLOOKUP(B1003,LISTA_ITEMS[],2,FALSE),\"Falta ITEM\")","v":"CUNETA EN CONCRETO DE 21 MPA"},null,null,null,null,null,null,"Unidad de Medida",null,null,{"$f":"+IFERROR(VLOOKUP(B1003,LISTA_ITEMS[],3,FALSE),\"Falta ITEM\")","v":"m³"},null,"Cantidad",null,null,{"$f":"+R1032","v":0}]
[null,null,"DESCRIPCIÓN GRAFICA",null,null,null,null,null,"No. ","DESCRIPCION",null,null,null,"DIMENSIONES (m)",null,null,null,"TOTAL"]
[null,null,null,null,null,null,null,null,null,null,null,null,null,"CANT.","LONG","ANCHO","e /ALTURA"]
[null,null,null,null,null,null,null,null,1,"Concreto Cuneta",null,null,null,1,1,1,0.15,{"$f":"IFERROR(ROUND(IF($M$1003=\"m\",N1006*O1006,IF($M$1003=\"m³\",N1006*O1006*P1006*Q1006,IF($M$1003=\"kg\",N1006*O1006*Q1006,IF($M$1003=\"Und\",N1006,IF($M$1003=\"m²\",IF(AND(O1006>0,P1006>0,Q1006=0),N1006*O1006*P1006,IF(AND(O1006>0,P1006=0,Q1006>0),N1006*O1006*Q1006,IF(AND(N1006>0,O1006=0,P1006>0,Q1006>0),N1006*P1006*Q1006,IF(AND(N1006>0,Q1006>0,O1006=0,P1006>0),Q1006*P1006*N1006,\"\"))))))))),3),\" \")","v":0.15}]
[null,null,null,null,null,null,null,null,null,null,null,null,null,null,null,null,null,0]
[null,null,null,null,null,null,null,null,null,null,null,null,null,null,null,null,null,0]
[null,null,null,null,null,null,null,null,null,null,null,null,null,null,null,null,null,0]
[null,null,null,null,null,null,null,null,null,null,null,null,null,null,null,null,null,0]
[null,null,null,null,null,null,null,null,null,null,null,null,null,null,null,null,null,0]
[null,null,null,null,null,null,null,null,null,null,null,null,null,null,null,null,null,0]
[null,null,null,null,null,null,null,null,null,null,null,null,null,null,null,null,null,0]
[null,null,null,null,null,null,null,null,null,null,null,null,null,null,null,null,null,0]
[null,null,null,null,null,null,null,null,null,null,null,null,null,null,null,null,null,0]
[null,null,null,null,null,null,null,null,null,null,null,null,null,null,null,null,null,0]
[null,null,null,null,null,null,null,null,null,null,null,null,null,null,null,null,null,0]
[null,null,null,null,null,null,null,null,null,null,null,null,null,null,null,null,null,0]
[null,null,null,null,null,null,null,null,null,null,null,null,null,null,null,null,null,0]
[null,null,null,null,null,null,null,null,null,null,null,null,null,null,null,null,null,0]
[null,null,null,null,null,null,null,null,null,null,null,null,null,null,null,null,null,0]
[null,null,null,null,null,null,null,null,null,null,null,null,null,null,null,null,null,0]
[null,null,null,null,null,null,null,null,null,null,null,null,null,null,null,null,null,0]
[null,null,null,null,null,null,null,null,null,null,null,null,null,null,null,null,null,0]
[null,null,null,null,null,null,null,null,null,null,null,null,null,null,null,null,null,0]
[null,null,null,null,null,null,null,null,null,null,null,null,null,null,null,null,null,0]
[null,null,null,null,null,null,null,null,null,null,null,null,null,null,null,null,null,0]
[null,null,null,null,null,null,null,null,null,null,null,null,null,null,null,null,null,0]
[null,null,null,null,null,null,null,null,null,null,null,null,null,null,null,null,null,0]
[null,null,null,null,null,null,null,null,"SUBTOTAL",null,null,null,null,null,null,null,null,{"$f":"ROUND(+SUM(R1006:R1029),2)","v":0.15}]
[null,null,null,null,null,null,null,null,"CANTIDAD DE  OBRA A EJECUTAR",null,null,null,null,null,null,null,{"$f":"+IFERROR(VLOOKUP(B1001,OBRAS_TIPO[],3,FALSE),\"\")","v":"m"},{"$f":"+IFERROR(VLOOKUP(B1001,OBRAS_TIPO[],4,FALSE),\"\")","v":0}]
[null,null,null,null,null,null,null,null,"TOTAL/OBRA A EJECUTAR",null,null,null,null,null,null,null,null,{"$f":"IFERROR(R1031*R1030,\"\")","v":0}]
[null,null,"OBSERVACIONES:"]
[]
[null,2,{"$f":"+IFERROR(VLOOKUP(B1035,LISTA_ITEMS[],2,FALSE),\"Falta ITEM\")","v":"PLACA HUELLA TIPO 2 CASO 1  ( Bord-Cun-Cto-Pp-Cto-Pp-Cto-Bord )"}]
[null,"2.5",{"$f":"+IFERROR(VLOOKUP(B1036,LISTA_ITEMS[],2,FALSE),\"Falta ITEM\")","v":"CONCRETO CUNETAS Y BORDILLOS"}]
[null,"2.5.2",{"$f":"+IFERROR(VLOOKUP(B1037,LISTA_ITEMS[],2,FALSE),\"Falta ITEM\")","v":"BORDILLO EN CONCRETO DE 21 MPA"},null,null,null,null,null,null,"Unidad de Medida",null,null,{"$f":"+IFERROR(VLOOKUP(B1037,LISTA_ITEMS[],3,FALSE),\"Falta ITEM\")","v":"m³"},null,"Cantidad",null,null,{"$f":"+R1066","v":0}]
[null,null,"DESCRIPCIÓN GRAFICA",null,null,null,null,null,"No. ","DESCRIPCION",null,null,null,"DIMENSIONES (m)",null,null,null,"TOTAL"]
[null,null,null,null,null,null,null,null,null,null,null,null,null,"CANT.","LONG","ANCHO PROM","e /ALTURA"]
[null,null,null,null,null,null,null,null,1,"Concreto Bordillos V1",null,null,null,1,1,{"$f":"(0.12+0.08)/2","v":0.1},0.2,{"$f":"IFERROR(ROUND(IF($M$1037=\"m\",N1040*O1040,IF($M$1037=\"m³\",N1040*O1040*P1040*Q1040,IF($M$1037=\"kg\",N1040*O1040*Q1040,IF($M$1037=\"Und\",N1040,IF($M$1037=\"m²\",IF(AND(O1040>0,P1040>0,Q1040=0),N1040*O1040*P1040,IF(AND(O1040>0,P1040=0,Q1040>0),N1040*O1040*Q1040,IF(AND(N1040>0,O1040=0,P1040>0,Q1040>0),N1040*P1040*Q1040,IF(AND(N1040>0,Q1040>0,O1040=0,P1040>0),Q1040*P1040*N1040,\"\"))))))))),3),\" \")","v":0.02}]
[null,null,null,null,null,null,null,null,{"$f":"I1040+1","v":2},"Concreto Bordillos V2",null,null,null,1,1,0.12,0.15,1.7999999999999999E-2]
[null,null,null,null,null,null,null,null,null,null,null,null,null,null,null,null,null,0]
[null,null,null,null,null,null,null,null,null,null,null,null,null,null,null,null,null,0]
[null,null,null,null,null,null,null,null,null,null,null,null,null,null,null,null,null,0]
[null,null,null,null,null,null,null,null,null,null,null,null,null,null,null,null,null,0]
[null,null,null,null,null,null,null,null,null,null,null,null,null,null,null,null,null,0]
[null,null,null,null,null,null,null,null,null,null,null,null,null,null,null,null,null,0]
[null,null,null,null,null,null,null,null,null,null,null,null,null,null,null,null,null,0]
[null,null,null,null,null,null,null,null,null,null,null,null,null,null,null,null,null,0]
[null,null,null,null,null,null,null,null,null,null,null,null,null,null,null,null,null,0]
[null,null,null,null,null,null,null,null,null,null,null,null,null,null,null,null,null,0]
[null,null,null,null,null,null,null,null,null,null,null,null,null,null,null,null,null,0]
[null,null,null,null,null,null,null,null,null,null,null,null,null,null,null,null,null,0]
[null,null,null,null,null,null,null,null,null,null,null,null,null,null,null,null,null,0]
[null,null,null,null,null,null,null,null,null,null,null,null,null,null,null,null,null,0]
[null,null,null,null,null,null,null,null,null,null,null,null,null,null,null,null,null,0]
[null,null,null,null,null,null,null,null,null,null,null,null,null,null,null,null,null,0]
[null,null,null,null,null,null,null,null,null,null,null,null,null,null,null,null,null,0]
[null,null,null,null,null,null,null,null,null,null,null,null,null,null,null,null,null,0]
[null,null,null,null,null,null,null,null,null,null,null,null,null,null,null,null,null,0]
[null,null,null,null,null,null,null,null,null,null,null,null,null,null,null,null,null,0]
[null,null,null,null,null,null,null,null,null,null,null,null,null,null,null,null,null,0]
[null,null,null,null,null,null,null,null,null,null,null,null,null,null,null,null,null,0]
[null,null,null,null,null,null,null,null,"SUBTOTAL ITEM",null,null,null,null,null,null,null,null,{"$f":"ROUND(+SUM(R1040:R1063),2)","v":0.04}]
[null,null,null,null,null,null,null,null,"CANTIDAD DE  OBRA A EJECUTAR",null,null,null,null,null,null,null,{"$f":"+IFERROR(VLOOKUP(B1035,OBRAS_TIPO[],3,FALSE),\"\")","v":"m"},{"$f":"+IFERROR(VLOOKUP(B1035,OBRAS_TIPO[],4,FALSE),\"\")","v":0}]
[null,null,null,null,null,null,null,null,"TOTAL/OBRA A EJECUTAR",null,null,null,null,null,null,null,null,{"$f":"IFERROR(R1065*R1064,\"\")","v":0}]
[null,null,"OBSERVACIONES:"]
[]
[null,2,{"$f":"+IFERROR(VLOOKUP(B1069,LISTA_ITEMS[],2,FALSE),\"Falta ITEM\")","v":"PLACA HUELLA TIPO 2 CASO 1  ( Bord-Cun-Cto-Pp-Cto-Pp-Cto-Bord )"}]
[null,"2.5",{"$f":"+IFERROR(VLOOKUP(B1070,LISTA_ITEMS[],2,FALSE),\"Falta ITEM\")","v":"CONCRETO CUNETAS Y BORDILLOS"}]
[null,"2.5.3",{"$f":"+IFERROR(VLOOKUP(B1071,LISTA_ITEMS[],2,FALSE),\"Falta ITEM\")","v":"BORDILLO PREFABRICADO A15 (15x35x80cm)"},null,null,null,null,null,null,"Unidad de Medida",null,null,{"$f":"+IFERROR(VLOOKUP(B1071,LISTA_ITEMS[],3,FALSE),\"Falta ITEM\")","v":"m"},null,"Cantidad",null,null,{"$f":"+R1100","v":0}]
[null,null,"DESCRIPCIÓN GRAFICA",null,null,null,null,null,"No. ","DESCRIPCION",null,null,null,"DIMENSIONES (m)",null,null,null,"TOTAL"]
[null,null,null,null,null,null,null,null,null,null,null,null,null,"CANT.","LONG","ANCHO ","e /ALTURA"]
[null,null,null,null,null,null,null,null,1,"Bordillo A15 (15x35x80cm)",null,null,null,1,1,null,null,{"$f":"IFERROR(ROUND(IF($M$1071=\"m\",N1074*O1074,IF($M$1071=\"m³\",N1074*O1074*P1074*Q1074,IF($M$1071=\"kg\",N1074*O1074*Q1074,IF($M$1071=\"Und\",N1074,IF($M$1071=\"m²\",IF(AND(O1074>0,P1074>0,Q1074=0),N1074*O1074*P1074,IF(AND(O1074>0,P1074=0,Q1074>0),N1074*O1074*Q1074,IF(AND(N1074>0,O1074=0,P1074>0,Q1074>0),N1074*P1074*Q1074,IF(AND(N1074>0,Q1074>0,O1074=0,P1074>0),Q1074*P1074*N1074,\"\"))))))))),3),\" \")","v":1}]
[null,null,null,null,null,null,null,null,null,null,null,null,null,null,null,null,null,0]
[null,null,null,null,null,null,null,null,null,null,null,null,null,null,null,null,null,0]
[null,null,null,null,null,null,null,null,null,null,null,null,null,null,null,null,null,0]
[null,null,null,null,null,null,null,null,null,null,null,null,null,null,null,null,null,0]
[null,null,null,null,null,null,null,null,null,null,null,null,null,null,null,null,null,0]
[null,null,null,null,null,null,null,null,null,null,null,null,null,null,null,null,null,0]
[null,null,null,null,null,null,null,null,null,null,null,null,null,null,null,null,null,0]
[null,null,null,null,null,null,null,null,null,null,null,null,null,null,null,null,null,0]
[null,null,null,null,null,null,null,null,null,null,null,null,null,null,null,null,null,0]
[null,null,null,null,null,null,null,null,null,null,null,null,null,null,null,null,null,0]
[null,null,null,null,null,null,null,null,null,null,null,null,null,null,null,null,null,0]
[null,null,null,null,null,null,null,null,null,null,null,null,null,null,null,null,null,0]
[null,null,null,null,null,null,null,null,null,null,null,null,null,null,null,null,null,0]
[null,null,null,null,null,null,null,null,null,null,null,null,null,null,null,null,null,0]
[null,null,null,null,null,null,null,null,null,null,null,null,null,null,null,null,null,0]
[null,null,null,null,null,null,null,null,null,null,null,null,null,null,null,null,null,0]
[null,null,null,null,null,null,null,null,null,null,null,null,null,null,null,null,null,0]
[null,null,null,null,null,null,null,null,null,null,null,null,null,null,null,null,null,0]
[null,null,null,null,null,null,null,null,null,null,null,null,null,null,null,null,null,0]
[null,null,null,null,null,null,null,null,null,null,null,null,null,null,null,null,null,0]
[null,null,null,null,null,null,null,null,null,null,null,null,null,null,null,null,null,0]
[null,null,null,null,null,null,null,null,null,null,null,null,null,null,null,null,null,0]
[null,null,null,null,null,null,null,null,null,null,null,null,null,null,null,null,null,0]
[null,null,null,null,null,null,null,null,"SUBTOTAL ITEM",null,null,null,null,null,null,null,null,{"$f":"ROUND(+SUM(R1074:R1097),2)","v":1}]
[null,null,null,null,null,null,null,null,"CANTIDAD DE  OBRA A EJECUTAR",null,null,null,null,null,null,null,{"$f":"+IFERROR(VLOOKUP(B1069,OBRAS_TIPO[],3,FALSE),\"\")","v":"m"},{"$f":"+IFERROR(VLOOKUP(B1069,OBRAS_TIPO[],4,FALSE),\"\")","v":0}]
[null,null,null,null,null,null,null,null,"TOTAL/OBRA A EJECUTAR",null,null,null,null,null,null,null,null,{"$f":"IFERROR(R1099*R1098,\"\")","v":0}]
[null,null,"OBSERVACIONES:"]
[]
[null,2,{"$f":"+IFERROR(VLOOKUP(B1103,LISTA_ITEMS[],2,FALSE),\"Falta ITEM\")","v":"PLACA HUELLA TIPO 2 CASO 1  ( Bord-Cun-Cto-Pp-Cto-Pp-Cto-Bord )"}]
[null,"2.6",{"$f":"+IFERROR(VLOOKUP(B1104,LISTA_ITEMS[],2,FALSE),\"Falta ITEM\")","v":"ACERO REFUERZO"}]
[null,"2.6.1",{"$f":"+IFERROR(VLOOKUP(B1105,LISTA_ITEMS[],2,FALSE),\"Falta ITEM\")","v":"ACERO REFUERZO FLEJADO 60000 PSI - 420 Mpa"},null,null,null,null,null,null,"Unidad de Medida",null,null,{"$f":"+IFERROR(VLOOKUP(B1105,LISTA_ITEMS[],3,FALSE),\"Falta ITEM\")","v":"kg"},null,"Cantidad",null,null,{"$f":"+R1143","v":0}]
[null,null,"DESCRIPCIÓN GRAFICA",null,null,null,null,null,"No. ","DESCRIPCION",null,null,null,"DIMENSIONES (m)",null,null,null,"TOTAL"]
[null,null,null,null,null,null,null,null,null,null,null,null,null,"CANT.","LONG","# BARRA","PESO/m"]
[null,null,null,null,null,null,null,null,1,"EN HUELLAS SENCILLAS →",null,null,null,{"$f":"2*ROUND(1/0.2+1,0)","v":12},0.95,3,0.56000000000000005,{"$f":"IFERROR(ROUND(IF($M$1105=\"m\",N1108*O1108,IF($M$1105=\"m³\",N1108*O1108*P1108*Q1108,IF($M$1105=\"kg\",N1108*O1108*Q1108,IF($M$1105=\"Und\",N1108,IF($M$1105=\"m²\",IF(AND(O1108>0,P1108>0,Q1108=0),N1108*O1108*P1108,IF(AND(O1108>0,P1108=0,Q1108>0),N1108*O1108*Q1108,IF(AND(N1108>0,O1108=0,P1108>0,Q1108>0),N1108*P1108*Q1108,IF(AND(N1108>0,Q1108>0,O1108=0,P1108>0),Q1108*P1108*N1108,\"\"))))))))),3),\" \")","v":6.3840000000000003}]
[null,null,null,null,null,null,null,null,{"$f":"I1108+1","v":2},"EN HUELLA DOBLE →",null,null,null,{"$f":"ROUND(1/0.2+1,0)","v":6},1.4,3,0.56000000000000005,4.7039999999999997]
[null,null,null,null,null,null,null,null,{"$f":"I1109+1","v":3},"EN HUELLAS SENCILLAS ↓",null,null,null,{"$f":"2*ROUND(0.95/0.2+1,0)","v":12},1,3,0.56000000000000005,6.72]
[null,null,null,null,null,null,null,null,4,"EN HUELLA DOBLE ↓",null,null,null,{"$f":"ROUND((1.6-2*0.05-0.0095)/0.2+1,0)","v":8},1,3,0.56000000000000005,4.4800000000000004]
[null,null,null,null,null,null,null,null,5,"VIGA RIOSTRA LONGITUDINAL",null,null,null,{"$f":"ROUND(4*2/3,0)","v":3},{"$f":"7.15-2*0.05","v":7.0500000000000007},3,0.56000000000000005,11.843999999999999]
[null,null,null,null,null,null,null,null,6,"VIGA RIOSTRA FLEJES",null,null,null,{"$f":"ROUND(((7.15-2*0.05-0.0095)/0.2+1)*2/3,0)","v":24},0.64,3,0.56000000000000005,8.6020000000000003]
[null,null,null,null,null,null,null,null,7,"DENTELLON INICIAL/FINAL ↓",null,null,null,{"$f":"ROUND(4+(1.08/0.22+1)+(0.65/0.22+1),0)","v":14},{"$f":"7.15-2*0.05","v":7.0500000000000007},3,0.56000000000000005,55.271999999999998]
[null,null,null,null,null,null,null,null,8,"DENTELLON INICIAL /FINAL →",null,null,null,{"$f":"ROUND((7.15-2*0.05-0.0127)/0.26+1,0)","v":28},{"$f":"(0.15+1.08+0.1)+(0.15+0.1+0.214+0.65+0.141+0.1+0.1)","v":2.7850000000000001},4,0.99399999999999999,77.512]
[null,null,null,null,null,null,null,null,9,"VIGA INICIAL /FINAL →",null,null,null,4,{"$f":"7.15-2*0.05+2*0.65","v":8.3500000000000014},4,0.99399999999999999,33.200000000000003]
[null,null,null,null,null,null,null,null,10,"VIGA INICIAL /FINAL ↓",null,null,null,{"$f":"ROUND((7.15-2*0.05- 0.0095)/0.2+1,0)","v":36},0.82,3,0.56000000000000005,16.530999999999999]
[null,null,null,null,null,null,null,null,11,"CUNETAS ↓",null,null,null,6,1,3,0.56000000000000005,3.36]
[null,null,null,null,null,null,null,null,12,"CUNETAS →",null,null,null,{"$f":"ROUND(1/0.15+1,0)","v":8},{"$f":"1.058+0.025*2+0.15+0.1","v":1.3580000000000001},3,0.56000000000000005,6.0839999999999996]
[null,null,null,null,null,null,null,null,null,null,null,null,null,null,null,null,null,0]
[null,null,null,null,null,null,null,null,null,null,null,null,null,null,null,null,null,0]
[null,null,null,null,null,null,null,null,null,null,null,null,null,null,null,null,null,0]
[]
[]
[]
[]
[]
[]
[]
[]
[]
[null,null,null,null,null,null,null,null,null,null,null,null,null,null,null,null,null,0]
[null,null,null,null,null,null,null,null,null,null,null,null,null,null,null,null,null,0]
[null,null,null,null,null,null,null,null,null,null,null,null,null,null,null,null,null,0]
[null,null,null,null,null,null,null,null,null,null,null,null,null,null,null,null,null,0]
[null,null,null,null,null,null,null,null,null,null,null,null,null,null,null,null,null,0]
[null,null,null,null,null,null,null,null,null,null,null,null,null,null,null,null,null,0]
[null,null,null,null,null,null,null,null,null,null,null,null,null,null,null,null,null,0]
[null,null,null,null,null,null,null,null,null,null,null,null,null,null,null,null,null,0]
[null,null,null,null,null,null,null,null,null,null,null,null,null,null,null,null,null,0]
[null,null,null,null,null,null,null,null,"SUBTOTAL",null,null,null,null,null,null,null,null,{"$f":"ROUND(+SUM(R1108:R1140),2)","v":234.69}]
[null,null,null,null,null,null,null,null,"CANTIDAD DE  OBRA A EJECUTAR",null,null,null,null,null,null,null,{"$f":"+IFERROR(VLOOKUP(B1103,OBRAS_TIPO[],3,FALSE),\"\")","v":"m"},{"$f":"+IFERROR(VLOOKUP(B1103,OBRAS_TIPO[],4,FALSE),\"\")","v":0}]
[null,null,null,null,null,null,null,null,"TOTAL/OBRA A EJECUTAR",null,null,null,null,null,null,null,null,{"$f":"IFERROR(R1142*R1141,\"\")","v":0}]
[null,null,"OBSERVACIONES:"]
[]
[null,2,{"$f":"+IFERROR(VLOOKUP(B1146,LISTA_ITEMS[],2,FALSE),\"Falta ITEM\")","v":"PLACA HUELLA TIPO 2 CASO 1  ( Bord-Cun-Cto-Pp-Cto-Pp-Cto-Bord )"}]
[null,"2.7",{"$f":"+IFERROR(VLOOKUP(B1147,LISTA_ITEMS[],2,FALSE),\"Falta ITEM\")","v":"SEÑALIZACIÓN"}]
[null,"2.7.1",{"$f":"+IFERROR(VLOOKUP(B1148,LISTA_ITEMS[],2,FALSE),\"Falta ITEM\")","v":"SEÑAL VERTICAL DE TRANSITO TIPO 1 CON LAMINA RETRORREFLECTIVA TIPO III 75X75 cm"},null,null,null,null,null,null,"Unidad de Medida",null,null,{"$f":"+IFERROR(VLOOKUP(B1148,LISTA_ITEMS[],3,FALSE),\"Falta ITEM\")","v":"und"},null,"Cantidad",null,null,{"$f":"+R1177","v":0}]
[null,null,"DESCRIPCIÓN GRAFICA",null,null,null,null,null,"No. ","DESCRIPCION",null,null,null,"DIMENSIONES (m)",null,null,null,"TOTAL"]
[null,null,null,null,null,null,null,null,null,null,null,null,null,"CANT.","LONG","ANCHO","e /ALTURA"]
[null,null,null,null,null,null,null,null,1,"Señal instalada cada 200m",null,null,null,{"$f":"1/200","v":5.0000000000000001E-3},null,null,null,{"$f":"IFERROR(ROUND(IF($M$1148=\"m\",N1151*O1151,IF($M$1148=\"m³\",N1151*O1151*P1151*Q1151,IF($M$1148=\"kg\",N1151*O1151*Q1151,IF($M$1148=\"Und\",N1151,IF($M$1148=\"m²\",IF(AND(O1151>0,P1151>0,Q1151=0),N1151*O1151*P1151,IF(AND(O1151>0,P1151=0,Q1151>0),N1151*O1151*Q1151,IF(AND(N1151>0,O1151=0,P1151>0,Q1151>0),N1151*P1151*Q1151,IF(AND(N1151>0,Q1151>0,O1151=0,P1151>0),Q1151*P1151*N1151,\"\"))))))))),3),\" \")","v":5.0000000000000001E-3}]
[null,null,null,null,null,null,null,null,null,null,null,null,null,null,null,null,null,0]
[null,null,null,null,null,null,null,null,null,null,null,null,null,null,null,null,null,0]
[null,null,null,null,null,null,null,null,null,null,null,null,null,null,null,null,null,0]
[null,null,null,null,null,null,null,null,null,null,null,null,null,null,null,null,null,0]
[null,null,null,null,null,null,null,null,null,null,null,null,null,null,null,null,null,0]
[null,null,null,null,null,null,null,null,null,null,null,null,null,null,null,null,null,0]
[null,null,null,null,null,null,null,null,null,null,null,null,null,null,null,null,null,0]
[null,null,null,null,null,null,null,null,null,null,null,null,null,null,null,null,null,0]
[null,null,null,null,null,null,null,null,null,null,null,null,null,null,null,null,null,0]
[null,null,null,null,null,null,null,null,null,null,null,null,null,null,null,null,null,0]
[null,null,null,null,null,null,null,null,null,null,null,null,null,null,null,null,null,0]
[null,null,null,null,null,null,null,null,null,null,null,null,null,null,null,null,null,0]
[null,null,null,null,null,null,null,null,null,null,null,null,null,null,null,null,null,0]
[null,null,null,null,null,null,null,null,null,null,null,null,null,null,null,null,null,0]
[null,null,null,null,null,null,null,null,null,null,null,null,null,null,null,null,null,0]
[null,null,null,null,null,null,null,null,null,null,null,null,null,null,null,null,null,0]
[null,null,null,null,null,null,null,null,null,null,null,null,null,null,null,null,null,0]
[null,null,null,null,null,null,null,null,null,null,null,null,null,null,null,null,null,0]
[null,null,null,null,null,null,null,null,null,null,null,null,null,null,null,null,null,0]
[null,null,null,null,null,null,null,null,null,null,null,null,null,null,null,null,null,0]
[null,null,null,null,null,null,null,null,null,null,null,null,null,null,null,null,null,0]
[null,null,null,null,null,null,null,null,null,null,null,null,null,null,null,null,null,0]
[null,null,null,null,null,null,null,null,null,null,null,null,null,null,null,null,null,0]
[null,null,null,null,null,null,null,null,"SUBTOTAL",null,null,null,null,null,null,null,null,{"$f":"ROUND(+SUM(R1151:R1174),3)","v":5.0000000000000001E-3}]
[null,null,null,null,null,null,null,null,"CANTIDAD DE  OBRA A EJECUTAR",null,null,null,null,null,null,null,{"$f":"+IFERROR(VLOOKUP(B1146,OBRAS_TIPO[],3,FALSE),\"\")","v":"m"},{"$f":"+IFERROR(VLOOKUP(B1146,OBRAS_TIPO[],4,FALSE),\"\")","v":0}]
[null,null,null,null,null,null,null,null,"TOTAL/OBRA A EJECUTAR",null,null,null,null,null,null,null,null,{"$f":"INT(IFERROR(R1176*R1175,\"\"))","v":0}]
[null,null,"OBSERVACIONES:"]
[]
[null,2,{"$f":"+IFERROR(VLOOKUP(B1180,LISTA_ITEMS[],2,FALSE),\"Falta ITEM\")","v":"PLACA HUELLA TIPO 2 CASO 1  ( Bord-Cun-Cto-Pp-Cto-Pp-Cto-Bord )"}]
[null,"2.8",{"$f":"+IFERROR(VLOOKUP(B1181,LISTA_ITEMS[],2,FALSE),\"Falta ITEM\")","v":"TRANSPORTE DE EQUIPO"}]
[null,"2.8.1",{"$f":"+IFERROR(VLOOKUP(B1182,LISTA_ITEMS[],2,FALSE),\"Falta ITEM\")","v":"TRANSPORTE DE MOTONIVELADORA"},null,null,null,null,null,null,"Unidad de Medida",null,null,{"$f":"+IFERROR(VLOOKUP(B1182,LISTA_ITEMS[],3,FALSE),\"Falta ITEM\")","v":"km"},null,"Cantidad",null,null,{"$f":"+R1211","v":100}]
[null,null,"DESCRIPCIÓN GRAFICA",null,null,null,null,null,"No. ","DESCRIPCION",null,null,null,"DIMENSIONES (m)",null,null,null,"TOTAL"]
[null,null,null,null,null,null,null,null,null,null,null,null,null,"CANT RECORRIDOS","LONG","ANCHO","e /ALTURA"]
[null,null,null,null,null,null,null,null,1,"Distancia hasta la obra",null,null,null,2,{"$f":"Dist_Maquina","v":50},null,null,{"$f":"IFERROR(ROUND(IF($M$1182=\"m\",N1185*O1185,IF($M$1182=\"m³\",N1185*O1185*P1185*Q1185,IF($M$1182=\"kg\",N1185*O1185*Q1185,IF($M$1182=\"Und\",N1185,IF($M$1182=\"km\",N1185*O1185,IF($M$1182=\"m²\",IF(AND(O1185>0,P1185>0,Q1185=0),N1185*O1185*P1185,IF(AND(O1185>0,P1185=0,Q1185>0),N1185*O1185*Q1185,IF(AND(N1185>0,O1185=0,P1185>0,Q1185>0),N1185*P1185*Q1185,IF(AND(N1185>0,Q1185>0,O1185=0,P1185>0),Q1185*P1185*N1185,\"\")))))))))),3),\" \")","v":100}]
[null,null,null,null,null,null,null,null,null,null,null,null,null,null,null,null,null,0]
[null,null,null,null,null,null,null,null,null,null,null,null,null,null,null,null,null,0]
[null,null,null,null,null,null,null,null,null,null,null,null,null,null,null,null,null,0]
[null,null,null,null,null,null,null,null,null,null,null,null,null,null,null,null,null,0]
[null,null,null,null,null,null,null,null,null,null,null,null,null,null,null,null,null,0]
[null,null,null,null,null,null,null,null,null,null,null,null,null,null,null,null,null,0]
[null,null,null,null,null,null,null,null,null,null,null,null,null,null,null,null,null,0]
[null,null,null,null,null,null,null,null,null,null,null,null,null,null,null,null,null,0]
[null,null,null,null,null,null,null,null,null,null,null,null,null,null,null,null,null,0]
[null,null,null,null,null,null,null,null,null,null,null,null,null,null,null,null,null,0]
[null,null,null,null,null,null,null,null,null,null,null,null,null,null,null,null,null,0]
[null,null,null,null,null,null,null,null,null,null,null,null,null,null,null,null,null,0]
[null,null,null,null,null,null,null,null,null,null,null,null,null,null,null,null,null,0]
[null,null,null,null,null,null,null,null,null,null,null,null,null,null,null,null,null,0]
[null,null,null,null,null,null,null,null,null,null,null,null,null,null,null,null,null,0]
[null,null,null,null,null,null,null,null,null,null,null,null,null,null,null,null,null,0]
[null,null,null,null,null,null,null,null,null,null,null,null,null,null,null,null,null,0]
[null,null,null,null,null,null,null,null,null,null,null,null,null,null,null,null,null,0]
[null,null,null,null,null,null,null,null,null,null,null,null,null,null,null,null,null,0]
[null,null,null,null,null,null,null,null,null,null,null,null,null,null,null,null,null,0]
[null,null,null,null,null,null,null,null,null,null,null,null,null,null,null,null,null,0]
[null,null,null,null,null,null,null,null,null,null,null,null,null,null,null,null,null,0]
[null,null,null,null,null,null,null,null,null,null,null,null,null,null,null,null,null,0]
[null,null,null,null,null,null,null,null,"SUBTOTAL",null,null,null,null,null,null,null,null,{"$f":"ROUND(+SUM(R1185:R1208),2)","v":100}]
[null,null,null,null,null,null,null,null,"CANTIDAD DE EQUIPOS A TRANSPORTAR",null,null,null,null,null,null,null,"und",1]
[null,null,null,null,null,null,null,null,"TOTAL/OBRA A EJECUTAR",null,null,null,null,null,null,null,null,{"$f":"IFERROR(R1210*R1209,\"\")","v":100}]
[null,null,"OBSERVACIONES:"]
[]
[null,2,{"$f":"+IFERROR(VLOOKUP(B1214,LISTA_ITEMS[],2,FALSE),\"Falta ITEM\")","v":"PLACA HUELLA TIPO 2 CASO 1  ( Bord-Cun-Cto-Pp-Cto-Pp-Cto-Bord )"}]
[null,"2.8",{"$f":"+IFERROR(VLOOKUP(B1215,LISTA_ITEMS[],2,FALSE),\"Falta ITEM\")","v":"TRANSPORTE DE EQUIPO"}]
[null,"2.8.2",{"$f":"+IFERROR(VLOOKUP(B1216,LISTA_ITEMS[],2,FALSE),\"Falta ITEM\")","v":"TRANSPORTE DE RETROCARGADOR"},null,null,null,null,null,null,"Unidad de Medida",null,null,{"$f":"+IFERROR(VLOOKUP(B1216,LISTA_ITEMS[],3,FALSE),\"Falta ITEM\")","v":"km"},null,"Cantidad",null,null,{"$f":"+R1245","v":100}]
[null,null,"DESCRIPCIÓN GRAFICA",null,null,null,null,null,"No. ","DESCRIPCION",null,null,null,"DIMENSIONES (m)",null,null,null,"TOTAL"]
[null,null,null,null,null,null,null,null,null,null,null,null,null,"CANT RECORRIDOS","LONG","ANCHO","e /ALTURA"]
[null,null,null,null,null,null,null,null,1,"Distancia hasta la obra",null,null,null,2,{"$f":"Dist_Maquina","v":50},null,null,{"$f":"IFERROR(ROUND(IF($M$1216=\"m\",N1219*O1219,IF($M$1216=\"m³\",N1219*O1219*P1219*Q1219,IF($M$1216=\"kg\",N1219*O1219*Q1219,IF($M$1216=\"Und\",N1219,IF($M$1216=\"km\",N1219*O1219,IF($M$1216=\"m²\",IF(AND(O1219>0,P1219>0,Q1219=0),N1219*O1219*P1219,IF(AND(O1219>0,P1219=0,Q1219>0),N1219*O1219*Q1219,IF(AND(N1219>0,O1219=0,P1219>0,Q1219>0),N1219*P1219*Q1219,IF(AND(N1219>0,Q1219>0,O1219=0,P1219>0),Q1219*P1219*N1219,\"\")))))))))),3),\" \")","v":100}]
[null,null,null,null,null,null,null,null,null,null,null,null,null,null,null,null,null,0]
[null,null,null,null,null,null,null,null,null,null,null,null,null,null,null,null,null,0]
[null,null,null,null,null,null,null,null,null,null,null,null,null,null,null,null,null,0]
[null,null,null,null,null,null,null,null,null,null,null,null,null,null,null,null,null,0]
[null,null,null,null,null,null,null,null,null,null,null,null,null,null,null,null,null,0]
[null,null,null,null,null,null,null,null,null,null,null,null,null,null,null,null,null,0]
[null,null,null,null,null,null,null,null,null,null,null,null,null,null,null,null,null,0]
[null,null,null,null,null,null,null,null,null,null,null,null,null,null,null,null,null,0]
[null,null,null,null,null,null,null,null,null,null,null,null,null,null,null,null,null,0]
[null,null,null,null,null,null,null,null,null,null,null,null,null,null,null,null,null,0]
[null,null,null,null,null,null,null,null,null,null,null,null,null,null,null,null,null,0]
[null,null,null,null,null,null,null,null,null,null,null,null,null,null,null,null,null,0]
[null,null,null,null,null,null,null,null,null,null,null,null,null,null,null,null,null,0]
[null,null,null,null,null,null,null,null,null,null,null,null,null,null,null,null,null,0]
[null,null,null,null,null,null,null,null,null,null,null,null,null,null,null,null,null,0]
[null,null,null,null,null,null,null,null,null,null,null,null,null,null,null,null,null,0]
[null,null,null,null,null,null,null,null,null,null,null,null,null,null,null,null,null,0]
[null,null,null,null,null,null,null,null,null,null,null,null,null,null,null,null,null,0]
[null,null,null,null,null,null,null,null,null,null,null,null,null,null,null,null,null,0]
[null,null,null,null,null,null,null,null,null,null,null,null,null,null,null,null,null,0]
[null,null,null,null,null,null,null,null,null,null,null,null,null,null,null,null,null,0]
[null,null,null,null,null,null,null,null,null,null,null,null,null,null,null,null,null,0]
[null,null,null,null,null,null,null,null,null,null,null,null,null,null,null,null,null,0]
[null,null,null,null,null,null,null,null,"SUBTOTAL",null,null,null,null,null,null,null,null,{"$f":"ROUND(+SUM(R1219:R1242),2)","v":100}]
[null,null,null,null,null,null,null,null,"CANTIDAD DE EQUIPOS A TRANSPORTAR",null,null,null,null,null,null,null,"und",1]
[null,null,null,null,null,null,null,null,"TOTAL/OBRA A EJECUTAR",null,null,null,null,null,null,null,null,{"$f":"IFERROR(R1244*R1243,\"\")","v":100}]
[null,null,"OBSERVACIONES:"]
[]
[null,2,{"$f":"+IFERROR(VLOOKUP(B1248,LISTA_ITEMS[],2,FALSE),\"Falta ITEM\")","v":"PLACA HUELLA TIPO 2 CASO 1  ( Bord-Cun-Cto-Pp-Cto-Pp-Cto-Bord )"}]
[null,"2.8",{"$f":"+IFERROR(VLOOKUP(B1249,LISTA_ITEMS[],2,FALSE),\"Falta ITEM\")","v":"TRANSPORTE DE EQUIPO"}]
[null,"2.8.3",{"$f":"+IFERROR(VLOOKUP(B1250,LISTA_ITEMS[],2,FALSE),\"Falta ITEM\")","v":"TRANSPORTE DE VIBROCOMPACTADOR"},null,null,null,null,null,null,"Unidad de Medida",null,null,{"$f":"+IFERROR(VLOOKUP(B1250,LISTA_ITEMS[],3,FALSE),\"Falta ITEM\")","v":"km"},null,"Cantidad",null,null,{"$f":"+R1279","v":100}]
[null,null,"DESCRIPCIÓN GRAFICA",null,null,null,null,null,"No. ","DESCRIPCION",null,null,null,"DIMENSIONES (m)",null,null,null,"TOTAL"]
[null,null,null,null,null,null,null,null,null,null,null,null,null,"CANT RECORRIDOS","LONG","ANCHO","e /ALTURA"]
[null,null,null,null,null,null,null,null,1,"Distancia hasta la obra",null,null,null,2,{"$f":"Dist_Maquina","v":50},null,null,{"$f":"IFERROR(ROUND(IF($M$1250=\"m\",N1253*O1253,IF($M$1250=\"m³\",N1253*O1253*P1253*Q1253,IF($M$1250=\"kg\",N1253*O1253*Q1253,IF($M$1250=\"Und\",N1253,IF($M$1250=\"km\",N1253*O1253,IF($M$1250=\"m²\",IF(AND(O1253>0,P1253>0,Q1253=0),N1253*O1253*P1253,IF(AND(O1253>0,P1253=0,Q1253>0),N1253*O1253*Q1253,IF(AND(N1253>0,O1253=0,P1253>0,Q1253>0),N1253*P1253*Q1253,IF(AND(N1253>0,Q1253>0,O1253=0,P1253>0),Q1253*P1253*N1253,\"\")))))))))),3),\" \")","v":100}]
[null,null,null,null,null,null,null,null,null,null,null,null,null,null,null,null,null,0]
[null,null,null,null,null,null,null,null,null,null,null,null,null,null,null,null,null,0]
[null,null,null,null,null,null,null,null,null,null,null,null,null,null,null,null,null,0]
[null,null,null,null,null,null,null,null,null,null,null,null,null,null,null,null,null,0]
[null,null,null,null,null,null,null,null,null,null,null,null,null,null,null,null,null,0]
[null,null,null,null,null,null,null,null,null,null,null,null,null,null,null,null,null,0]
[null,null,null,null,null,null,null,null,null,null,null,null,null,null,null,null,null,0]
[null,null,null,null,null,null,null,null,null,null,null,null,null,null,null,null,null,0]
[null,null,null,null,null,null,null,null,null,null,null,null,null,null,null,null,null,0]
[null,null,null,null,null,null,null,null,null,null,null,null,null,null,null,null,null,0]
[null,null,null,null,null,null,null,null,null,null,null,null,null,null,null,null,null,0]
[null,null,null,null,null,null,null,null,null,null,null,null,null,null,null,null,null,0]
[null,null,null,null,null,null,null,null,null,null,null,null,null,null,null,null,null,0]
[null,null,null,null,null,null,null,null,null,null,null,null,null,null,null,null,null,0]
[null,null,null,null,null,null,null,null,null,null,null,null,null,null,null,null,null,0]
[null,null,null,null,null,null,null,null,null,null,null,null,null,null,null,null,null,0]
[null,null,null,null,null,null,null,null,null,null,null,null,null,null,null,null,null,0]
[null,null,null,null,null,null,null,null,null,null,null,null,null,null,null,null,null,0]
[null,null,null,null,null,null,null,null,null,null,null,null,null,null,null,null,null,0]
[null,null,null,null,null,null,null,null,null,null,null,null,null,null,null,null,null,0]
[null,null,null,null,null,null,null,null,null,null,null,null,null,null,null,null,null,0]
[null,null,null,null,null,null,null,null,null,null,null,null,null,null,null,null,null,0]
[null,null,null,null,null,null,null,null,null,null,null,null,null,null,null,null,null,0]
[null,null,null,null,null,null,null,null,"SUBTOTAL",null,null,null,null,null,null,null,null,{"$f":"ROUND(+SUM(R1253:R1276),2)","v":100}]
[null,null,null,null,null,null,null,null,"CANTIDAD DE EQUIPOS A TRANSPORTAR",null,null,null,null,null,null,null,"und",1]
[null,null,null,null,null,null,null,null,"TOTAL/OBRA A EJECUTAR",null,null,null,null,null,null,null,null,{"$f":"IFERROR(R1278*R1277,\"\")","v":100}]
[null,null,"OBSERVACIONES:"]
[]
[null,3,{"$f":"+IFERROR(VLOOKUP(B1282,LISTA_ITEMS[],2,FALSE),\"Falta ITEM\")","v":"PLACA HUELLA TIPO 2 CASO 2  ( Bord-Cto-Pp-Cto-Pp-Cto-Bord )"}]
[null,"3.1",{"$f":"+IFERROR(VLOOKUP(B1283,LISTA_ITEMS[],2,FALSE),\"Falta ITEM\")","v":"PRELIMINARES"}]
[null,"3.1.1",{"$f":"+IFERROR(VLOOKUP(B1284,LISTA_ITEMS[],2,FALSE),\"Falta ITEM\")","v":"LOCALIZACIÓN Y REPLANTEO"},null,null,null,null,null,null,"Unidad de Medida",null,null,{"$f":"+IFERROR(VLOOKUP(B1284,LISTA_ITEMS[],3,FALSE),\"Falta ITEM\")","v":"m"},null,"Cantidad",null,null,{"$f":"+R1313","v":0}]
[null,null,"DESCRIPCIÓN GRAFICA",null,null,null,null,null,"No. ","DETALLE",null,null,null,"DIMENSIONES (m)",null,null,null,"TOTAL"]
[null,null,null,null,null,null,null,null,null,null,null,null,null,"CANT.","LONG","ANCHO","e /ALTURA"]
[null,null,null,null,null,null,null,null,1,"Localización y Replanteo de Placa Huella",null,null,null,1,1,null,null,{"$f":"IFERROR(ROUND(IF($M$1284=\"m\",N1287*O1287,IF($M$1284=\"m³\",N1287*O1287*P1287*Q1287,IF($M$1284=\"kg\",N1287*O1287*Q1287,IF($M$1284=\"Und\",N1287,IF($M$1284=\"m²\",IF(AND(O1287>0,P1287>0,Q1287=0),N1287*O1287*P1287,IF(AND(O1287>0,P1287=0,Q1287>0),N1287*O1287*Q1287,IF(AND(N1287>0,O1287=0,P1287>0,Q1287>0),N1287*P1287*Q1287,IF(AND(N1287>0,Q1287>0,O1287=0,P1287>0),Q1287*P1287*N1287,\"\"))))))))),3),\" \")","v":1}]
[null,null,null,null,null,null,null,null,null,null,null,null,null,null,null,null,null,0]
[null,null,null,null,null,null,null,null,null,null,null,null,null,null,null,null,null,0]
[null,null,null,null,null,null,null,null,null,null,null,null,null,null,null,null,null,0]
[null,null,null,null,null,null,null,null,null,null,null,null,null,null,null,null,null,0]
[null,null,null,null,null,null,null,null,null,null,null,null,null,null,null,null,null,0]
[null,null,null,null,null,null,null,null,null,null,null,null,null,null,null,null,null,0]
[null,null,null,null,null,null,null,null,null,null,null,null,null,null,null,null,null,0]
[null,null,null,null,null,null,null,null,null,null,null,null,null,null,null,null,null,0]
[null,null,null,null,null,null,null,null,null,null,null,null,null,null,null,null,null,0]
[null,null,null,null,null,null,null,null,null,null,null,null,null,null,null,null,null,0]
[null,null,null,null,null,null,null,null,null,null,null,null,null,null,null,null,null,0]
[null,null,null,null,null,null,null,null,null,null,null,null,null,null,null,null,null,0]
[null,null,null,null,null,null,null,null,null,null,null,null,null,null,null,null,null,0]
[null,null,null,null,null,null,null,null,null,null,null,null,null,null,null,null,null,0]
[null,null,null,null,null,null,null,null,null,null,null,null,null,null,null,null,null,0]
[null,null,null,null,null,null,null,null,null,null,null,null,null,null,null,null,null,0]
[null,null,null,null,null,null,null,null,null,null,null,null,null,null,null,null,null,0]
[null,null,null,null,null,null,null,null,null,null,null,null,null,null,null,null,null,0]
[null,null,null,null,null,null,null,null,null,null,null,null,null,null,null,null,null,0]
[null,null,null,null,null,null,null,null,null,null,null,null,null,null,null,null,null,0]
[null,null,null,null,null,null,null,null,null,null,null,null,null,null,null,null,null,0]
[null,null,null,null,null,null,null,null,null,null,null,null,null,null,null,null,null,0]
[null,null,null,null,null,null,null,null,null,null,null,null,null,null,null,null,null,0]
[null,null,null,null,null,null,null,null,"SUBTOTAL",null,null,null,null,null,null,null,null,{"$f":"ROUND(+SUM(R1287:R1310),2)","v":1}]
[null,null,null,null,null,null,null,null,"CANTIDAD DE  OBRA A EJECUTAR",null,null,null,null,null,null,null,{"$f":"+IFERROR(VLOOKUP(B1282,OBRAS_TIPO[],3,FALSE),\"\")","v":"m"},{"$f":"+IFERROR(VLOOKUP(B1282,OBRAS_TIPO[],4,FALSE),\"\")","v":0}]
[null,null,null,null,null,null,null,null,"TOTAL/OBRA A EJECUTAR",null,null,null,null,null,null,null,null,{"$f":"IFERROR(R1312*R1311,\"\")","v":0}]
[null,null,"OBSERVACIONES:"]
[]
[null,3,{"$f":"+IFERROR(VLOOKUP(B1316,LISTA_ITEMS[],2,FALSE),\"Falta ITEM\")","v":"PLACA HUELLA TIPO 2 CASO 2  ( Bord-Cto-Pp-Cto-Pp-Cto-Bord )"}]
[null,"3.2",{"$f":"+IFERROR(VLOOKUP(B1317,LISTA_ITEMS[],2,FALSE),\"Falta ITEM\")","v":"MOVIMIENTOS TIERRA"}]
[null,"3.2.1",{"$f":"+IFERROR(VLOOKUP(B1318,LISTA_ITEMS[],2,FALSE),\"Falta ITEM\")","v":"EXCAVACION SIN CLASIFICAR DE LA EXPLANACION Y CANALES"},null,null,null,null,null,null,"Unidad de Medida",null,null,{"$f":"+IFERROR(VLOOKUP(B1318,LISTA_ITEMS[],3,FALSE),\"Falta ITEM\")","v":"m³"},null,"Cantidad",null,null,{"$f":"+R1347","v":0}]
[null,null,"DESCRIPCIÓN GRAFICA",null,null,null,null,null,"No. ","DESCRIPCION",null,null,null,"DIMENSIONES (m)",null,null,null,"TOTAL"]
[null,null,null,null,null,null,null,null,null,null,null,null,null,"CANT.","LONG","ANCHO","e /ALTURA"]
[null,null,null,null,null,null,null,null,1,"Excavación para sub-base y placa-huella",null,null,null,1,1,6.2,0.3,{"$f":"IFERROR(ROUND(IF($M$1318=\"m\",N1321*O1321,IF($M$1318=\"m³\",N1321*O1321*P1321*Q1321,IF($M$1318=\"kg\",N1321*O1321*Q1321,IF($M$1318=\"Und\",N1321,IF($M$1318=\"m²\",IF(AND(O1321>0,P1321>0,Q1321=0),N1321*O1321*P1321,IF(AND(O1321>0,P1321=0,Q1321>0),N1321*O1321*Q1321,IF(AND(N1321>0,O1321=0,P1321>0,Q1321>0),N1321*P1321*Q1321,IF(AND(N1321>0,Q1321>0,O1321=0,P1321>0),Q1321*P1321*N1321,\"\"))))))))),3),\" \")","v":1.86}]
[null,null,null,null,null,null,null,null,2,"Excavación para bordillos",null,null,null,2,1,0.15,0.35,0.105]
[null,null,null,null,null,null,null,null,null,null,null,null,null,null,null,null,null,0]
[null,null,null,null,null,null,null,null,null,null,null,null,null,null,null,null,null,0]
[null,null,null,null,null,null,null,null,null,null,null,null,null,null,null,null,null,0]
[null,null,null,null,null,null,null,null,null,null,null,null,null,null,null,null,null,0]
[null,null,null,null,null,null,null,null,null,null,null,null,null,null,null,null,null,0]
[null,null,null,null,null,null,null,null,null,null,null,null,null,null,null,null,null,0]
[null,null,null,null,null,null,null,null,null,null,null,null,null,null,null,null,null,0]
[null,null,null,null,null,null,null,null,null,null,null,null,null,null,null,null,null,0]
[null,null,null,null,null,null,null,null,null,null,null,null,null,null,null,null,null,0]
[null,null,null,null,null,null,null,null,null,null,null,null,null,null,null,null,null,0]
[null,null,null,null,null,null,null,null,null,null,null,null,null,null,null,null,null,0]
[null,null,null,null,null,null,null,null,null,null,null,null,null,null,null,null,null,0]
[null,null,null,null,null,null,null,null,null,null,null,null,null,null,null,null,null,0]
[null,null,null,null,null,null,null,null,null,null,null,null,null,null,null,null,null,0]
[null,null,null,null,null,null,null,null,null,null,null,null,null,null,null,null,null,0]
[null,null,null,null,null,null,null,null,null,null,null,null,null,null,null,null,null,0]
[null,null,null,null,null,null,null,null,null,null,null,null,null,null,null,null,null,0]
[null,null,null,null,null,null,null,null,null,null,null,null,null,null,null,null,null,0]
[null,null,null,null,null,null,null,null,null,null,null,null,null,null,null,null,null,0]
[null,null,null,null,null,null,null,null,null,null,null,null,null,null,null,null,null,0]
[null,null,null,null,null,null,null,null,null,null,null,null,null,null,null,null,null,0]
[null,null,null,null,null,null,null,null,null,null,null,null,null,null,null,null,null,0]
[null,null,null,null,null,null,null,null,"SUBTOTAL",null,null,null,null,null,null,null,null,{"$f":"ROUND(+SUM(R1321:R1344),2)","v":1.97}]
[null,null,null,null,null,null,null,null,"CANTIDAD DE  OBRA A EJECUTAR",null,null,null,null,null,null,null,{"$f":"+IFERROR(VLOOKUP(B1316,OBRAS_TIPO[],3,FALSE),\"\")","v":"m"},{"$f":"+IFERROR(VLOOKUP(B1316,OBRAS_TIPO[],4,FALSE),\"\")","v":0}]
[null,null,null,null,null,null,null,null,"TOTAL/OBRA A EJECUTAR",null,null,null,null,null,null,null,null,{"$f":"IFERROR(R1346*R1345,\"\")","v":0}]
[null,null,"OBSERVACIONES:"]
[]
[null,3,{"$f":"+IFERROR(VLOOKUP(B1350,LISTA_ITEMS[],2,FALSE),\"Falta ITEM\")","v":"PLACA HUELLA TIPO 2 CASO 2  ( Bord-Cto-Pp-Cto-Pp-Cto-Bord )"}]
[null,"3.2",{"$f":"+IFERROR(VLOOKUP(B1351,LISTA_ITEMS[],2,FALSE),\"Falta ITEM\")","v":"MOVIMIENTOS TIERRA"}]
[null,"3.2.2",{"$f":"+IFERROR(VLOOKUP(B1352,LISTA_ITEMS[],2,FALSE),\"Falta ITEM\")","v":"RELLENO PARA ESTRUCTURAS CON MATERIAL IMPORTADO"},null,null,null,null,null,null,"Unidad de Medida",null,null,{"$f":"+IFERROR(VLOOKUP(B1352,LISTA_ITEMS[],3,FALSE),\"Falta ITEM\")","v":"m³"},null,"Cantidad",null,null,{"$f":"+R1381","v":0}]
[null,null,"DESCRIPCIÓN GRAFICA",null,null,null,null,null,"No. ","DESCRIPCION",null,null,null,"DIMENSIONES (m)",null,null,null,"TOTAL"]
[null,null,null,null,null,null,null,null,null,null,null,null,null,"CANT.","LONG","ANCHO","e /ALTURA"]
["|",null,null,null,null,null,null,null,1,"Atraque en recebo bordillos",null,null,null,2,1,0.3,0.45,{"$f":"IFERROR(ROUND(IF($M$1352=\"m\",N1355*O1355,IF($M$1352=\"m³\",N1355*O1355*P1355*Q1355,IF($M$1352=\"kg\",N1355*O1355*Q1355,IF($M$1352=\"Und\",N1355,IF($M$1352=\"m²\",IF(AND(O1355>0,P1355>0,Q1355=0),N1355*O1355*P1355,IF(AND(O1355>0,P1355=0,Q1355>0),N1355*O1355*Q1355,IF(AND(N1355>0,O1355=0,P1355>0,Q1355>0),N1355*P1355*Q1355,IF(AND(N1355>0,Q1355>0,O1355=0,P1355>0),Q1355*P1355*N1355,\"\"))))))))),3),\" \")","v":0.27}]
[null,null,null,null,null,null,null,null,null,null,null,null,null,null,null,null,null,0]
[null,null,null,null,null,null,null,null,null,null,null,null,null,null,null,null,null,0]
[null,null,null,null,null,null,null,null,null,null,null,null,null,null,null,null,null,0]
[null,null,null,null,null,null,null,null,null,null,null,null,null,null,null,null,null,0]
[null,null,null,null,null,null,null,null,null,null,null,null,null,null,null,null,null,0]
[null,null,null,null,null,null,null,null,null,null,null,null,null,null,null,null,null,0]
[null,null,null,null,null,null,null,null,null,null,null,null,null,null,null,null,null,0]
[null,null,null,null,null,null,null,null,null,null,null,null,null,null,null,null,null,0]
[null,null,null,null,null,null,null,null,null,null,null,null,null,null,null,null,null,0]
[null,null,null,null,null,null,null,null,null,null,null,null,null,null,null,null,null,0]
[null,null,null,null,null,null,null,null,null,null,null,null,null,null,null,null,null,0]
[null,null,null,null,null,null,null,null,null,null,null,null,null,null,null,null,null,0]
[null,null,null,null,null,null,null,null,null,null,null,null,null,null,null,null,null,0]
[null,null,null,null,null,null,null,null,null,null,null,null,null,null,null,null,null,0]
[null,null,null,null,null,null,null,null,null,null,null,null,null,null,null,null,null,0]
[null,null,null,null,null,null,null,null,null,null,null,null,null,null,null,null,null,0]
[null,null,null,null,null,null,null,null,null,null,null,null,null,null,null,null,null,0]
[null,null,null,null,null,null,null,null,null,null,null,null,null,null,null,null,null,0]
[null,null,null,null,null,null,null,null,null,null,null,null,null,null,null,null,null,0]
[null,null,null,null,null,null,null,null,null,null,null,null,null,null,null,null,null,0]
[null,null,null,null,null,null,null,null,null,null,null,null,null,null,null,null,null,0]
[null,null,null,null,null,null,null,null,null,null,null,null,null,null,null,null,null,0]
[null,null,null,null,null,null,null,null,null,null,null,null,null,null,null,null,null,0]
[null,null,null,null,null,null,null,null,"SUBTOTAL",null,null,null,null,null,null,null,null,{"$f":"ROUND(+SUM(R1355:R1378),2)","v":0.27}]
[null,null,null,null,null,null,null,null,"CANTIDAD DE  OBRA A EJECUTAR",null,null,null,null,null,null,null,{"$f":"+IFERROR(VLOOKUP(B1350,OBRAS_TIPO[],3,FALSE),\"\")","v":"m"},{"$f":"+IFERROR(VLOOKUP(B1350,OBRAS_TIPO[],4,FALSE),\"\")","v":0}]
[null,null,null,null,null,null,null,null,"TOTAL/OBRA A EJECUTAR",null,null,null,null,null,null,null,null,{"$f":"IFERROR(R1380*R1379,\"\")","v":0}]
[null,null,"OBSERVACIONES:"]
[]
[null,3,{"$f":"+IFERROR(VLOOKUP(B1384,LISTA_ITEMS[],2,FALSE),\"Falta ITEM\")","v":"PLACA HUELLA TIPO 2 CASO 2  ( Bord-Cto-Pp-Cto-Pp-Cto-Bord )"}]
[null,"3.2",{"$f":"+IFERROR(VLOOKUP(B1385,LISTA_ITEMS[],2,FALSE),\"Falta ITEM\")","v":"MOVIMIENTOS TIERRA"}]
[null,"3.2.3",{"$f":"+IFERROR(VLOOKUP(B1386,LISTA_ITEMS[],2,FALSE),\"Falta ITEM\")","v":"RETIRO MATERIAL DE EXCAVACIÓN (Incluye transporte)"},null,null,null,null,null,null,"Unidad de Medida",null,null,{"$f":"+IFERROR(VLOOKUP(B1386,LISTA_ITEMS[],3,FALSE),\"Falta ITEM\")","v":"m³"},null,"Cantidad",null,null,{"$f":"+R1415","v":0}]
[null,null,"DESCRIPCIÓN GRAFICA",null,null,null,null,null,"No. ","DESCRIPCION",null,null,null,"DIMENSIONES (m)",null,null,null,"TOTAL"]
[null,null,null,null,null,null,null,null,null,null,null,null,null,"CANT.","LONG","ANCHO","e /ALTURA"]
[null,null," ",null,null,null,null,null,1,"Retiro excavación para sub-base y placa-huella",null,null,null,1,1,6.2,0.3,{"$f":"IFERROR(ROUND(IF($M$1386=\"m\",N1389*O1389,IF($M$1386=\"m³\",N1389*O1389*P1389*Q1389,IF($M$1386=\"kg\",N1389*O1389*Q1389,IF($M$1386=\"Und\",N1389,IF($M$1386=\"m²\",IF(AND(O1389>0,P1389>0,Q1389=0),N1389*O1389*P1389,IF(AND(O1389>0,P1389=0,Q1389>0),N1389*O1389*Q1389,IF(AND(N1389>0,O1389=0,P1389>0,Q1389>0),N1389*P1389*Q1389,IF(AND(N1389>0,Q1389>0,O1389=0,P1389>0),Q1389*P1389*N1389,\"\"))))))))),3),\" \")","v":1.86}]
[null,null,null,null,null,null,null,null,2,"Retiro excavación para bordillos",null,null,null,2,1,0.15,0.35,0.105]
[null,null,null,null,null,null,null,null,null,null,null,null,null,null,null,null,null,0]
[null,null,null,null,null,null,null,null,null,null,null,null,null,null,null,null,null,0]
[null,null,null,null,null,null,null,null,null,null,null,null,null,null,null,null,null,0]
[null,null,null,null,null,null,null,null,null,null,null,null,null,null,null,null,null,0]
[null,null,null,null,null,null,null,null,null,null,null,null,null,null,null,null,null,0]
[null,null,null,null,null,null,null,null,null,null,null,null,null,null,null,null,null,0]
[null,null,null,null,null,null,null,null,null,null,null,null,null,null,null,null,null,0]
[null,null,null,null,null,null,null,null,null,null,null,null,null,null,null,null,null,0]
[null,null,null,null,null,null,null,null,null,null,null,null,null,null,null,null,null,0]
[null,null,null,null,null,null,null,null,null,null,null,null,null,null,null,null,null,0]
[null,null,null,null,null,null,null,null,null,null,null,null,null,null,null,null,null,0]
[null,null,null,null,null,null,null,null,null,null,null,null,null,null,null,null,null,0]
[null,null,null,null,null,null,null,null,null,null,null,null,null,null,null,null,null,0]
[null,null,null,null,null,null,null,null,null,null,null,null,null,null,null,null,null,0]
[null,null,null,null,null,null,null,null,null,null,null,null,null,null,null,null,null,0]
[null,null,null,null,null,null,null,null,null,null,null,null,null,null,null,null,null,0]
[null,null,null,null,null,null,null,null,null,null,null,null,null,null,null,null,null,0]
[null,null,null,null,null,null,null,null,null,null,null,null,null,null,null,null,null,0]
[null,null,null,null,null,null,null,null,null,null,null,null,null,null,null,null,null,0]
[null,null,null,null,null,null,null,null,null,null,null,null,null,null,null,null,null,0]
[null,null,null,null,null,null,null,null,null,null,null,null,null,null,null,null,null,0]
[null,null,null,null,null,null,null,null,null,null,null,null,null,null,null,null,null,0]
[null,null,null,null,null,null,null,null,"SUBTOTAL",null,null,null,null,null,null,null,null,{"$f":"ROUND(+SUM(R1389:R1412),2)","v":1.97}]
[null,null,null,null,null,null,null,null,"CANTIDAD DE  OBRA A EJECUTAR",null,null,null,null,null,null,null,{"$f":"+IFERROR(VLOOKUP(B1384,OBRAS_TIPO[],3,FALSE),\"\")","v":"m"},{"$f":"+IFERROR(VLOOKUP(B1384,OBRAS_TIPO[],4,FALSE),\"\")","v":0}]
[null,null,null,null,null,null,null,null,"TOTAL/OBRA A EJECUTAR",null,null,null,null,null,null,null,null,{"$f":"IFERROR(R1414*R1413,\"\")","v":0}]
[null,null,"OBSERVACIONES:"]
[]
[null,3,{"$f":"+IFERROR(VLOOKUP(B1418,LISTA_ITEMS[],2,FALSE),\"Falta ITEM\")","v":"PLACA HUELLA TIPO 2 CASO 2  ( Bord-Cto-Pp-Cto-Pp-Cto-Bord )"}]
[null,"3.2",{"$f":"+IFERROR(VLOOKUP(B1419,LISTA_ITEMS[],2,FALSE),\"Falta ITEM\")","v":"MOVIMIENTOS TIERRA"}]
[null,"3.2.4",{"$f":"+IFERROR(VLOOKUP(B1420,LISTA_ITEMS[],2,FALSE),\"Falta ITEM\")","v":"CONFORMACION DE CALZADA EXISTENTE"},null,null,null,null,null,null,"Unidad de Medida",null,null,{"$f":"+IFERROR(VLOOKUP(B1420,LISTA_ITEMS[],3,FALSE),\"Falta ITEM\")","v":"m²"},null,"Cantidad",null,null,{"$f":"+R1449","v":0}]
[null,null,"DESCRIPCIÓN GRAFICA",null,null,null,null,null,"No. ","DESCRIPCION",null,null,null,"DIMENSIONES (m)",null,null,null,"TOTAL"]
[null,null,null,null,null,null,null,null,null,null,null,null,null,"CANT.","LONG","ANCHO","e /ALTURA"]
[null,null," ",null,null,null,null,null,1,"Área a conformar",null,null,null,1,1,6.2,null,{"$f":"IFERROR(ROUND(IF($M$1420=\"m\",N1423*O1423,IF($M$1420=\"m³\",N1423*O1423*P1423*Q1423,IF($M$1420=\"kg\",N1423*O1423*Q1423,IF($M$1420=\"Und\",N1423,IF($M$1420=\"m²\",IF(AND(O1423>0,P1423>0,Q1423=0),N1423*O1423*P1423,IF(AND(O1423>0,P1423=0,Q1423>0),N1423*O1423*Q1423,IF(AND(N1423>0,O1423=0,P1423>0,Q1423>0),N1423*P1423*Q1423,IF(AND(N1423>0,Q1423>0,O1423=0,P1423>0),Q1423*P1423*N1423,\"\"))))))))),3),\" \")","v":6.2}]
[null,null,null,null,null,null,null,null,null,null,null,null,null,null,null,null,null," "]
[null,null,null,null,null,null,null,null,null,null,null,null,null,null,null,null,null," "]
[null,null,null,null,null,null,null,null,null,null,null,null,null,null,null,null,null," "]
[null,null,null,null,null,null,null,null,null,null,null,null,null,null,null,null,null," "]
[null,null,null,null,null,null,null,null,null,null,null,null,null,null,null,null,null," "]
[null,null,null,null,null,null,null,null,null,null,null,null,null,null,null,null,null," "]
[null,null,null,null,null,null,null,null,null,null,null,null,null,null,null,null,null," "]
[null,null,null,null,null,null,null,null,null,null,null,null,null,null,null,null,null," "]
[null,null,null,null,null,null,null,null,null,null,null,null,null,null,null,null,null," "]
[null,null,null,null,null,null,null,null,null,null,null,null,null,null,null,null,null," "]
[null,null,null,null,null,null,null,null,null,null,null,null,null,null,null,null,null," "]
[null,null,null,null,null,null,null,null,null,null,null,null,null,null,null,null,null," "]
[null,null,null,null,null,null,null,null,null,null,null,null,null,null,null,null,null," "]
[null,null,null,null,null,null,null,null,null,null,null,null,null,null,null,null,null," "]
[null,null,null,null,null,null,null,null,null,null,null,null,null,null,null,null,null," "]
[null,null,null,null,null,null,null,null,null,null,null,null,null,null,null,null,null," "]
[null,null,null,null,null,null,null,null,null,null,null,null,null,null,null,null,null," "]
[null,null,null,null,null,null,null,null,null,null,null,null,null,null,null,null,null," "]
[null,null,null,null,null,null,null,null,null,null,null,null,null,null,null,null,null," "]
[null,null,null,null,null,null,null,null,null,null,null,null,null,null,null,null,null," "]
[null,null,null,null,null,null,null,null,null,null,null,null,null,null,null,null,null," "]
[null,null,null,null,null,null,null,null,null,null,null,null,null,null,null,null,null," "]
[null,null,null,null,null,null,null,null,null,null,null,null,null,null,null,null,null," "]
[null,null,null,null,null,null,null,null,"SUBTOTAL",null,null,null,null,null,null,null,null,{"$f":"ROUND(+SUM(R1423:R1446),2)","v":6.2}]
[null,null,null,null,null,null,null,null,"CANTIDAD DE  OBRA A EJECUTAR",null,null,null,null,null,null,null,{"$f":"+IFERROR(VLOOKUP(B1418,OBRAS_TIPO[],3,FALSE),\"\")","v":"m"},{"$f":"+IFERROR(VLOOKUP(B1418,OBRAS_TIPO[],4,FALSE),\"\")","v":0}]
[null,null,null,null,null,null,null,null,"TOTAL/OBRA A EJECUTAR",null,null,null,null,null,null,null,null,{"$f":"IFERROR(R1448*R1447,\"\")","v":0}]
[null,null,"OBSERVACIONES:"]
[]
[null,3,{"$f":"+IFERROR(VLOOKUP(B1452,LISTA_ITEMS[],2,FALSE),\"Falta ITEM\")","v":"PLACA HUELLA TIPO 2 CASO 2  ( Bord-Cto-Pp-Cto-Pp-Cto-Bord )"}]
[null,"3.3",{"$f":"+IFERROR(VLOOKUP(B1453,LISTA_ITEMS[],2,FALSE),\"Falta ITEM\")","v":" CAPA GRANULAR"}]
[null,"3.3.1",{"$f":"+IFERROR(VLOOKUP(B1454,LISTA_ITEMS[],2,FALSE),\"Falta ITEM\")","v":"SUB-BASE GRANULAR (incluye suministro, extendido, nivelación, humedecido y compactación)  "},null,null,null,null,null,null,"Unidad de Medida",null,null,{"$f":"+IFERROR(VLOOKUP(B1454,LISTA_ITEMS[],3,FALSE),\"Falta ITEM\")","v":"m³"},null,"Cantidad",null,null,{"$f":"+R1483","v":0}]
[null,null,"DESCRIPCIÓN GRAFICA",null,null,null,null,null,"No. ","DESCRIPCION",null,null,null,"DIMENSIONES (m)",null,null,null,"TOTAL"]
[null,null,null,null,null,null,null,null,null,null,null,null,null,"CANT.","LONG","ANCHO","e /ALTURA"]
[null,null," ",null,null,null,null,null,1,"Sub-base placa-huella, piedra pegada y bordillos",null,null,null,1,1,6.2,0.15,{"$f":"IFERROR(ROUND(IF($M$1454=\"m\",N1457*O1457,IF($M$1454=\"m³\",N1457*O1457*P1457*Q1457,IF($M$1454=\"kg\",N1457*O1457*Q1457,IF($M$1454=\"Und\",N1457,IF($M$1454=\"m²\",IF(AND(O1457>0,P1457>0,Q1457=0),N1457*O1457*P1457,IF(AND(O1457>0,P1457=0,Q1457>0),N1457*O1457*Q1457,IF(AND(N1457>0,O1457=0,P1457>0,Q1457>0),N1457*P1457*Q1457,IF(AND(N1457>0,Q1457>0,O1457=0,P1457>0),Q1457*P1457*N1457,\"\"))))))))),3),\" \")","v":0.93}]
[null,null,null,null,null,null,null,null,null,null,null,null,null,null,null,null,null,0]
[null,null,null,null,null,null,null,null,null,null,null,null,null,null,null,null,null,0]
[null,null,null,null,null,null,null,null,null,null,null,null,null,null,null,null,null,0]
[null,null,null,null,null,null,null,null,null,null,null,null,null,null,null,null,null,0]
[null,null,null,null,null,null,null,null,null,null,null,null,null,null,null,null,null,0]
[null,null,null,null,null,null,null,null,null,null,null,null,null,null,null,null,null,0]
[null,null,null,null,null,null,null,null,null,null,null,null,null,null,null,null,null,0]
[null,null,null,null,null,null,null,null,null,null,null,null,null,null,null,null,null,0]
[null,null,null,null,null,null,null,null,null,null,null,null,null,null,null,null,null,0]
[null,null,null,null,null,null,null,null,null,null,null,null,null,null,null,null,null,0]
[null,null,null,null,null,null,null,null,null,null,null,null,null,null,null,null,null,0]
[null,null,null,null,null,null,null,null,null,null,null,null,null,null,null,null,null,0]
[null,null,null,null,null,null,null,null,null,null,null,null,null,null,null,null,null,0]
[null,null,null,null,null,null,null,null,null,null,null,null,null,null,null,null,null,0]
[null,null,null,null,null,null,null,null,null,null,null,null,null,null,null,null,null,0]
[null,null,null,null,null,null,null,null,null,null,null,null,null,null,null,null,null,0]
[null,null,null,null,null,null,null,null,null,null,null,null,null,null,null,null,null,0]
[null,null,null,null,null,null,null,null,null,null,null,null,null,null,null,null,null,0]
[null,null,null,null,null,null,null,null,null,null,null,null,null,null,null,null,null,0]
[null,null,null,null,null,null,null,null,null,null,null,null,null,null,null,null,null,0]
[null,null,null,null,null,null,null,null,null,null,null,null,null,null,null,null,null,0]
[null,null,null,null,null,null,null,null,null,null,null,null,null,null,null,null,null,0]
[null,null,null,null,null,null,null,null,null,null,null,null,null,null,null,null,null,0]
[null,null,null,null,null,null,null,null,"SUBTOTAL",null,null,null,null,null,null,null,null,{"$f":"ROUND(+SUM(R1457:R1480),2)","v":0.93}]
[null,null,null,null,null,null,null,null,"CANTIDAD DE  OBRA A EJECUTAR",null,null,null,null,null,null,null,{"$f":"+IFERROR(VLOOKUP(B1452,OBRAS_TIPO[],3,FALSE),\"\")","v":"m"},{"$f":"+IFERROR(VLOOKUP(B1452,OBRAS_TIPO[],4,FALSE),\"\")","v":0}]
[null,null,null,null,null,null,null,null,"TOTAL/OBRA A EJECUTAR",null,null,null,null,null,null,null,null,{"$f":"IFERROR(R1482*R1481,\"\")","v":0}]
[null,null,"OBSERVACIONES:"]
[]
[null,3,{"$f":"+IFERROR(VLOOKUP(B1486,LISTA_ITEMS[],2,FALSE),\"Falta ITEM\")","v":"PLACA HUELLA TIPO 2 CASO 2  ( Bord-Cto-Pp-Cto-Pp-Cto-Bord )"}]
[null,"3.4",{"$f":"+IFERROR(VLOOKUP(B1487,LISTA_ITEMS[],2,FALSE),\"Falta ITEM\")","v":"CONCRETO PLACA HUELLA"}]
[null,"3.4.1",{"$f":"+IFERROR(VLOOKUP(B1488,LISTA_ITEMS[],2,FALSE),\"Falta ITEM\")","v":"CONCRETO 21 MPA (CLASE D) PARA PLACA HUELLA"},null,null,null,null,null,null,"Unidad de Medida",null,null,{"$f":"+IFERROR(VLOOKUP(B1488,LISTA_ITEMS[],3,FALSE),\"Falta ITEM\")","v":"m³"},null,"Cantidad",null,null,{"$f":"+R1517","v":0}]
[null,null,"DESCRIPCIÓN GRAFICA",null,null,null,null,null,"No. ","DESCRIPCION",null,null,null,"DIMENSIONES (m)",null,null,null,"TOTAL"]
[null,null,null,null,null,null,null,null,null,null,null,null,null,"CANT.","LONG","ANCHO","e /ALTURA"]
[null,null,null,null,null,null,null,null,1,"Concreto placa-huella lateral",null,null,null,2,1,1.1499999999999999,0.15,{"$f":"IFERROR(ROUND(IF($M$1488=\"m\",N1491*O1491,IF($M$1488=\"m³\",N1491*O1491*P1491*Q1491,IF($M$1488=\"kg\",N1491*O1491*Q1491,IF($M$1488=\"Und\",N1491,IF($M$1488=\"m²\",IF(AND(O1491>0,P1491>0,Q1491=0),N1491*O1491*P1491,IF(AND(O1491>0,P1491=0,Q1491>0),N1491*O1491*Q1491,IF(AND(N1491>0,O1491=0,P1491>0,Q1491>0),N1491*P1491*Q1491,IF(AND(N1491>0,Q1491>0,O1491=0,P1491>0),Q1491*P1491*N1491,\"\"))))))))),3),\" \")","v":0.34499999999999997}]
[null,null,null,null,null,null,null,null,{"$f":"I1491+1","v":2},"Concreto placa-huella central",null,null,null,1,1,1.6,0.15,0.24]
[null,null,null,null,null,null,null,null,null,null,null,null,null,null,null,null,null,0]
[null,null,null,null,null,null,null,null,null,null,null,null,null,null,null,null,null,0]
[null,null,null,null,null,null,null,null,null,null,null,null,null,null,null,null,null,0]
[null,null,null,null,null,null,null,null,null,null,null,null,null,null,null,null,null,0]
[null,null,null,null,null,null,null,null,null,null,null,null,null,null,null,null,null,0]
[null,null,null,null,null,null,null,null,null,null,null,null,null,null,null,null,null,0]
[null,null,null,null,null,null,null,null,null,null,null,null,null,null,null,null,null,0]
[null,null,null,null,null,null,null,null,null,null,null,null,null,null,null,null,null,0]
[null,null,null,null,null,null,null,null,null,null,null,null,null,null,null,null,null,0]
[null,null,null,null,null,null,null,null,null,null,null,null,null,null,null,null,null,0]
[null,null,null,null,null,null,null,null,null,null,null,null,null,null,null,null,null,0]
[null,null,null,null,null,null,null,null,null,null,null,null,null,null,null,null,null,0]
[null,null,null,null,null,null,null,null,null,null,null,null,null,null,null,null,null,0]
[null,null,null,null,null,null,null,null,null,null,null,null,null,null,null,null,null,0]
[null,null,null,null,null,null,null,null,null,null,null,null,null,null,null,null,null,0]
[null,null,null,null,null,null,null,null,null,null,null,null,null,null,null,null,null,0]
[null,null,null,null,null,null,null,null,null,null,null,null,null,null,null,null,null,0]
[null,null,null,null,null,null,null,null,null,null,null,null,null,null,null,null,null,0]
[null,null,null,null,null,null,null,null,null,null,null,null,null,null,null,null,null,0]
[null,null,null,null,null,null,null,null,null,null,null,null,null,null,null,null,null,0]
[null,null,null,null,null,null,null,null,null,null,null,null,null,null,null,null,null,0]
[null,null,null,null,null,null,null,null,null,null,null,null,null,null,null,null,null,0]
[null,null,null,null,null,null,null,null,"SUBTOTAL",null,null,null,null,null,null,null,null,{"$f":"ROUND(+SUM(R1491:R1514),2)","v":0.59}]
[null,null,null,null,null,null,null,null,"CANTIDAD DE  OBRA A EJECUTAR",null,null,null,null,null,null,null,{"$f":"+IFERROR(VLOOKUP(B1486,OBRAS_TIPO[],3,FALSE),\"\")","v":"m"},{"$f":"+IFERROR(VLOOKUP(B1486,OBRAS_TIPO[],4,FALSE),\"\")","v":0}]
[null,null,null,null,null,null,null,null,"TOTAL/OBRA A EJECUTAR",null,null,null,null,null,null,null,null,{"$f":"IFERROR(R1516*R1515,\"\")","v":0}]
[]
[null,3,{"$f":"+IFERROR(VLOOKUP(B1519,LISTA_ITEMS[],2,FALSE),\"Falta ITEM\")","v":"PLACA HUELLA TIPO 2 CASO 2  ( Bord-Cto-Pp-Cto-Pp-Cto-Bord )"}]
[null,"3.4",{"$f":"+IFERROR(VLOOKUP(B1520,LISTA_ITEMS[],2,FALSE),\"Falta ITEM\")","v":"CONCRETO PLACA HUELLA"}]
[null,"3.4.2",{"$f":"+IFERROR(VLOOKUP(B1521,LISTA_ITEMS[],2,FALSE),\"Falta ITEM\")","v":"CONCRETO 21 MPA (CLASE D) PARA DENTELLÓN"},null,null,null,null,null,null,"Unidad de Medida",null,null,{"$f":"+IFERROR(VLOOKUP(B1521,LISTA_ITEMS[],3,FALSE),\"Falta ITEM\")","v":"m³"},null,"Cantidad",null,null,{"$f":"+R1550","v":6.14}]
[null,null,"DESCRIPCIÓN GRAFICA",null,null,null,null,null,"No. ","DESCRIPCION",null,null,null,"DIMENSIONES (m)",null,null,null,"TOTAL"]
[null,null,null,null,null,null,null,null,null,null,null,null,null,"CANT.","LONG","ANCHO","e /ALTURA"]
[null,null,null,null,null,null,null,null,1,"Concreto Volumen V1 Dentellón",null,null,null,2,7.15,{"$f":"(0.3+0.15)/2","v":0.22499999999999998},0.3,{"$f":"IFERROR(ROUND(IF($M$1521=\"m\",N1524*O1524,IF($M$1521=\"m³\",N1524*O1524*P1524*Q1524,IF($M$1521=\"kg\",N1524*O1524*Q1524,IF($M$1521=\"Und\",N1524,IF($M$1521=\"m²\",IF(AND(O1524>0,P1524>0,Q1524=0),N1524*O1524*P1524,IF(AND(O1524>0,P1524=0,Q1524>0),N1524*O1524*Q1524,IF(AND(N1524>0,O1524=0,P1524>0,Q1524>0),N1524*P1524*Q1524,IF(AND(N1524>0,Q1524>0,O1524=0,P1524>0),Q1524*P1524*N1524,\"\"))))))))),3),\" \")","v":0.96499999999999997}]
[null,null,null,null,null,null,null,null,{"$f":"I1524+1","v":2},"Concreto Volumen V2 Dentellón",null,null,null,2,7.15,0.65,0.15,1.3939999999999999]
[null,null,null,null,null,null,null,null,{"$f":"I1525+1","v":3},"Concreto Volumen V3 Dentellón",null,null,null,2,7.15,{"$f":"(0.25+0.15)/2","v":0.2},0.25,0.71499999999999997]
[null,null,null,null,null,null,null,null,null,null,null,null,null,null,null,null,null,0]
[null,null,null,null,null,null,null,null,null,null,null,null,null,null,null,null,null,0]
[null,null,null,null,null,null,null,null,null,null,null,null,null,null,null,null,null,0]
[null,null,null,null,null,null,null,null,null,null,null,null,null,null,null,null,null,0]
[null,null,null,null,null,null,null,null,null,null,null,null,null,null,null,null,null,0]
[null,null,null,null,null,null,null,null,null,null,null,null,null,null,null,null,null,0]
[null,null,null,null,null,null,null,null,null,null,null,null,null,null,null,null,null,0]
[null,null,null,null,null,null,null,null,null,null,null,null,null,null,null,null,null,0]
[null,null,null,null,null,null,null,null,null,null,null,null,null,null,null,null,null,0]
[null,null,null,null,null,null,null,null,null,null,null,null,null,null,null,null,null,0]
[null,null,null,null,null,null,null,null,null,null,null,null,null,null,null,null,null,0]
[null,null,null,null,null,null,null,null,null,null,null,null,null,null,null,null,null,0]
[null,null,null,null,null,null,null,null,null,null,null,null,null,null,null,null,null,0]
[null,null,null,null,null,null,null,null,null,null,null,null,null,null,null,null,null,0]
[null,null,null,null,null,null,null,null,null,null,null,null,null,null,null,null,null,0]
[null,null,null,null,null,null,null,null,null,null,null,null,null,null,null,null,null,0]
[null,null,null,null,null,null,null,null,null,null,null,null,null,null,null,null,null,0]
[null,null,null,null,null,null,null,null,null,null,null,null,null,null,null,null,null,0]
[null,null,null,null,null,null,null,null,null,null,null,null,null,null,null,null,null,0]
[null,null,null,null,null,null,null,null,null,null,null,null,null,null,null,null,null,0]
[null,null,null,null,null,null,null,null,null,null,null,null,null,null,null,null,null,0]
[null,null,null,null,null,null,null,null,"SUBTOTAL",null,null,null,null,null,null,null,null,{"$f":"ROUND(+SUM(R1524:R1547),2)","v":3.07}]
[null,null,null,null,null,null,null,null,"CANTIDAD DE  DENTELLONES POR PLACA HUELLA",null,null,null,null,null,null,null,"und",2]
[null,null,null,null,null,null,null,null,"TOTAL/OBRA A EJECUTAR",null,null,null,null,null,null,null,null,{"$f":"IFERROR(R1549*R1548,\"\")","v":6.14}]
[]
[null,3,{"$f":"+IFERROR(VLOOKUP(B1552,LISTA_ITEMS[],2,FALSE),\"Falta ITEM\")","v":"PLACA HUELLA TIPO 2 CASO 2  ( Bord-Cto-Pp-Cto-Pp-Cto-Bord )"}]
[null,"3.4",{"$f":"+IFERROR(VLOOKUP(B1553,LISTA_ITEMS[],2,FALSE),\"Falta ITEM\")","v":"CONCRETO PLACA HUELLA"}]
[null,"3.4.3",{"$f":"+IFERROR(VLOOKUP(B1554,LISTA_ITEMS[],2,FALSE),\"Falta ITEM\")","v":"CONCRETO 21 MPA (CLASE D) PARA VIGAS INICIAL Y FINAL"},null,null,null,null,null,null,"Unidad de Medida",null,null,{"$f":"+IFERROR(VLOOKUP(B1554,LISTA_ITEMS[],3,FALSE),\"Falta ITEM\")","v":"m³"},null,"Cantidad",null,null,{"$f":"+R1583","v":0.74}]
[null,null,"DESCRIPCIÓN GRAFICA",null,null,null,null,null,"No. ","DESCRIPCION",null,null,null,"DIMENSIONES (m)",null,null,null,"TOTAL"]
[null,null,null,null,null,null,null,null,null,null,null,null,null,"CANT.","LONG","ANCHO","e /ALTURA"]
[null,null,null,null,null,null,null,null,1,"Concreto Viga Inicial y final",null,null,null,1,6.2,0.2,0.3,{"$f":"IFERROR(ROUND(IF($M$1554=\"m\",N1557*O1557,IF($M$1554=\"m³\",N1557*O1557*P1557*Q1557,IF($M$1554=\"kg\",N1557*O1557*Q1557,IF($M$1554=\"Und\",N1557,IF($M$1554=\"m²\",IF(AND(O1557>0,P1557>0,Q1557=0),N1557*O1557*P1557,IF(AND(O1557>0,P1557=0,Q1557>0),N1557*O1557*Q1557,IF(AND(N1557>0,O1557=0,P1557>0,Q1557>0),N1557*P1557*Q1557,IF(AND(N1557>0,Q1557>0,O1557=0,P1557>0),Q1557*P1557*N1557,\"\"))))))))),3),\" \")","v":0.372}]
[null,null,null,null,null,null,null,null,null,null,null,null,null,null,null,null,null,{"$f":"IFERROR(ROUND(IF($M$894=\"m\",N1558*O1558,IF($M$894=\"m³\",N1558*O1558*P1558*Q1558,IF($M$894=\"kg\",N1558*O1558*Q1558,IF($M$894=\"Und\",N1558,IF($M$894=\"m²\",IF(AND(O1558>0,P1558>0,Q1558=0),N1558*O1558*P1558,IF(AND(O1558>0,P1558=0,Q1558>0),N1558*O1558*Q1558,IF(AND(N1558>0,O1558=0,P1558>0,Q1558>0),N1558*P1558*Q1558,IF(AND(N1558>0,Q1558>0,O1558=0,P1558>0),Q1558*P1558*N1558,\"\"))))))))),3),\" \")","v":0}]
[null,null,null,null,null,null,null,null,null,null,null,null,null,null,null,null,null,0]
[null,null,null,null,null,null,null,null,null,null,null,null,null,null,null,null,null,0]
[null,null,null,null,null,null,null,null,null,null,null,null,null,null,null,null,null,0]
[null,null,null,null,null,null,null,null,null,null,null,null,null,null,null,null,null,0]
[null,null,null,null,null,null,null,null,null,null,null,null,null,null,null,null,null,0]
[null,null,null,null,null,null,null,null,null,null,null,null,null,null,null,null,null,0]
[null,null,null,null,null,null,null,null,null,null,null,null,null,null,null,null,null,0]
[null,null,null,null,null,null,null,null,null,null,null,null,null,null,null,null,null,0]
[null,null,null,null,null,null,null,null,null,null,null,null,null,null,null,null,null,0]
[null,null,null,null,null,null,null,null,null,null,null,null,null,null,null,null,null,0]
[null,null,null,null,null,null,null,null,null,null,null,null,null,null,null,null,null,0]
[null,null,null,null,null,null,null,null,null,null,null,null,null,null,null,null,null,0]
[null,null,null,null,null,null,null,null,null,null,null,null,null,null,null,null,null,0]
[null,null,null,null,null,null,null,null,null,null,null,null,null,null,null,null,null,0]
[null,null,null,null,null,null,null,null,null,null,null,null,null,null,null,null,null,0]
[null,null,null,null,null,null,null,null,null,null,null,null,null,null,null,null,null,0]
[null,null,null,null,null,null,null,null,null,null,null,null,null,null,null,null,null,0]
[null,null,null,null,null,null,null,null,null,null,null,null,null,null,null,null,null,0]
[null,null,null,null,null,null,null,null,null,null,null,null,null,null,null,null,null,0]
[null,null,null,null,null,null,null,null,null,null,null,null,null,null,null,null,null,0]
[null,null,null,null,null,null,null,null,null,null,null,null,null,null,null,null,null,0]
[null,null,null,null,null,null,null,null,null,null,null,null,null,null,null,null,null,0]
[null,null,null,null,null,null,null,null,"SUBTOTAL",null,null,null,null,null,null,null,null,{"$f":"ROUND(+SUM(R1557:R1580),2)","v":0.37}]
[null,null,null,null,null,null,null,null,"CANTIDAD DE  VIGAS POR PLACA HUELLA",null,null,null,null,null,null,null,"und",2]
[null,null,null,null,null,null,null,null,"TOTAL/OBRA A EJECUTAR",null,null,null,null,null,null,null,null,{"$f":"IFERROR(R1582*R1581,\"\")","v":0.74}]
[null,null,"OBSERVACIONES:"]
[]
[null,3,{"$f":"+IFERROR(VLOOKUP(B1586,LISTA_ITEMS[],2,FALSE),\"Falta ITEM\")","v":"PLACA HUELLA TIPO 2 CASO 2  ( Bord-Cto-Pp-Cto-Pp-Cto-Bord )"}]
[null,"3.4",{"$f":"+IFERROR(VLOOKUP(B1587,LISTA_ITEMS[],2,FALSE),\"Falta ITEM\")","v":"CONCRETO PLACA HUELLA"}]
[null,"3.4.4",{"$f":"+IFERROR(VLOOKUP(B1588,LISTA_ITEMS[],2,FALSE),\"Falta ITEM\")","v":"CONCRETO 21 MPA (CLASE D) PARA VIGA RIOSTRA"},null,null,null,null,null,null,"Unidad de Medida",null,null,{"$f":"+IFERROR(VLOOKUP(B1588,LISTA_ITEMS[],3,FALSE),\"Falta ITEM\")","v":"m³"},null,"Cantidad",null,null,{"$f":"+R1617","v":0}]
[null,null,"DESCRIPCIÓN GRAFICA",null,null,null,null,null,"No. ","DESCRIPCION",null,null,null,"DIMENSIONES (m)",null,null,null,"TOTAL"]
[null,null,null,null,null,null,null,null,null,null,null,null,null,"CANT.","LONG","ANCHO","e /ALTURA"]
[null,null,null,null,null,null,null,null,1,"Concreto viga riostra ",null,null,null,{"$f":"ROUND(1/3,2)","v":0.33},6.2,0.15,0.25,{"$f":"IFERROR(ROUND(IF($M$1588=\"m\",N1591*O1591,IF($M$1588=\"m³\",N1591*O1591*P1591*Q1591,IF($M$1588=\"kg\",N1591*O1591*Q1591,IF($M$1588=\"Und\",N1591,IF($M$1588=\"m²\",IF(AND(O1591>0,P1591>0,Q1591=0),N1591*O1591*P1591,IF(AND(O1591>0,P1591=0,Q1591>0),N1591*O1591*Q1591,IF(AND(N1591>0,O1591=0,P1591>0,Q1591>0),N1591*P1591*Q1591,IF(AND(N1591>0,Q1591>0,O1591=0,P1591>0),Q1591*P1591*N1591,\"\"))))))))),3),\" \")","v":7.6999999999999999E-2}]
[null,null,null,null,null,null,null,null,{"$f":"I1591+1","v":2},"Descuento concreto en placa huella central",null,null,null,{"$f":"-ROUND(1/3,2)","v":-0.33},1.6,0.15,0.15,-1.2E-2]
[null,null,null,null,null,null,null,null,{"$f":"I1592+1","v":3},"Descuento concreto en placa huella lateral derecha",null,null,null,{"$f":"-ROUND(1/3,2)","v":-0.33},1.1499999999999999,0.15,0.15,-8.9999999999999993E-3]
[null,null,null,null,null,null,null,null,{"$f":"I1593+1","v":4},"Descuento concreto en placa huella lateral izq",null,null,null,{"$f":"-ROUND(1/3,2)","v":-0.33},1.1499999999999999,0.15,0.15,-8.9999999999999993E-3]
[null,null,null,null,null,null,null,null,null,null,null,null,null,null,null,null,null,0]
[null,null,null,null,null,null,null,null,null,null,null,null,null,null,null,null,null,0]
[null,null,null,null,null,null,null,null,null,null,null,null,null,null,null,null,null,0]
[null,null,null,null,null,null,null,null,null,null,null,null,null,null,null,null,null,0]
[null,null,null,null,null,null,null,null,null,null,null,null,null,null,null,null,null,0]
[null,null,null,null,null,null,null,null,null,null,null,null,null,null,null,null,null,0]
[null,null,null,null,null,null,null,null,null,null,null,null,null,null,null,null,null,0]
[null,null,null,null,null,null,null,null,null,null,null,null,null,null,null,null,null,0]
[null,null,null,null,null,null,null,null,null,null,null,null,null,null,null,null,null,0]
[null,null,null,null,null,null,null,null,null,null,null,null,null,null,null,null,null,0]
[null,null,null,null,null,null,null,null,null,null,null,null,null,null,null,null,null,0]
[null,null,null,null,null,null,null,null,null,null,null,null,null,null,null,null,null,0]
[null,null,null,null,null,null,null,null,null,null,null,null,null,null,null,null,null,0]
[null,null,null,null,null,null,null,null,null,null,null,null,null,null,null,null,null,0]
[null,null,null,null,null,null,null,null,null,null,null,null,null,null,null,null,null,0]
[null,null,null,null,null,null,null,null,null,null,null,null,null,null,null,null,null,0]
[null,null,null,null,null,null,null,null,null,null,null,null,null,null,null,null,null,0]
[null,null,null,null,null,null,null,null,null,null,null,null,null,null,null,null,null,0]
[null,null,null,null,null,null,null,null,null,null,null,null,null,null,null,null,null,0]
[null,null,null,null,null,null,null,null,null,null,null,null,null,null,null,null,null,0]
[null,null,null,null,null,null,null,null,"SUBTOTAL",null,null,null,null,null,null,null,null,{"$f":"ROUND(+SUM(R1591:R1614),2)","v":0.05}]
[null,null,null,null,null,null,null,null,"CANTIDAD DE  OBRA A EJECUTAR",null,null,null,null,null,null,null,{"$f":"+IFERROR(VLOOKUP(B1586,OBRAS_TIPO[],3,FALSE),\"\")","v":"m"},{"$f":"+IFERROR(VLOOKUP(B1586,OBRAS_TIPO[],4,FALSE),\"\")","v":0}]
[null,null,null,null,null,null,null,null,"TOTAL/OBRA A EJECUTAR",null,null,null,null,null,null,null,null,{"$f":"IFERROR(R1616*R1615,\"\")","v":0}]
[null,null,"OBSERVACIONES:"]
[]
[null,3,{"$f":"+IFERROR(VLOOKUP(B1620,LISTA_ITEMS[],2,FALSE),\"Falta ITEM\")","v":"PLACA HUELLA TIPO 2 CASO 2  ( Bord-Cto-Pp-Cto-Pp-Cto-Bord )"}]
[null,"3.4",{"$f":"+IFERROR(VLOOKUP(B1621,LISTA_ITEMS[],2,FALSE),\"Falta ITEM\")","v":"CONCRETO PLACA HUELLA"}]
[null,"3.4.5",{"$f":"+IFERROR(VLOOKUP(B1622,LISTA_ITEMS[],2,FALSE),\"Falta ITEM\")","v":"PIEDRA PEGADA"},null,null,null,null,null,null,"Unidad de Medida",null,null,{"$f":"+IFERROR(VLOOKUP(B1622,LISTA_ITEMS[],3,FALSE),\"Falta ITEM\")","v":"m³"},null,"Cantidad",null,null,{"$f":"+R1658","v":0}]
[null,null,"DESCRIPCIÓN GRAFICA",null,null,null,null,null,"No. ","DESCRIPCION",null,null,null,"DIMENSIONES (m)",null,null,null,"TOTAL"]
[null,null,null,null,null,null,null,null,null,null,null,null,null,"CANT.","LONG","ANCHO","e /ALTURA"]
[null,null,null,null,null,null,null,null,1,"Piedra Pegada",null,null,null,2,1,1,0.15,{"$f":"IFERROR(ROUND(IF($M$1622=\"m\",N1625*O1625,IF($M$1622=\"m³\",N1625*O1625*P1625*Q1625,IF($M$1622=\"kg\",N1625*O1625*Q1625,IF($M$1622=\"Und\",N1625,IF($M$1622=\"m²\",IF(AND(O1625>0,P1625>0,Q1625=0),N1625*O1625*P1625,IF(AND(O1625>0,P1625=0,Q1625>0),N1625*O1625*Q1625,IF(AND(N1625>0,O1625=0,P1625>0,Q1625>0),N1625*P1625*Q1625,IF(AND(N1625>0,Q1625>0,O1625=0,P1625>0),Q1625*P1625*N1625,\"\"))))))))),3),\" \")","v":0.3}]
[null,null,null,null,null,null,null,null,{"$f":"I1625+1","v":2},"Descuento Viga Riostra",null,null,null,{"$f":"-ROUND(1/3,2)","v":-0.33},{"$f":"1+1","v":2},0.15,0.15,-1.4999999999999999E-2]
[null,null,null,null,null,null,null,null,null,null,null,null,null,null,null,null,null,0]
[null,null,null,null,null,null,null,null,null,null,null,null,null,null,null,null,null,0]
[null,null,null,null,null,null,null,null,null,null,null,null,null,null,null,null,null,0]
[null,null,null,null,null,null,null,null,null,null,null,null,null,null,null,null,null,0]
[null,null,null,null,null,null,null,null,null,null,null,null,null,null,null,null,null,0]
[null,null,null,null,null,null,null,null,null,null,null,null,null,null,null,null,null,0]
[null,null,null,null,null,null,null,null,null,null,null,null,null,null,null,null,null,0]
[null,null,null,null,null,null,null,null,null,null,null,null,null,null,null,null,null,0]
[null,null,null,null,null,null,null,null,null,null,null,null,null,null,null,null,null,0]
[null,null,null,null,null,null,null,null,null,null,null,null,null,null,null,null,null,0]
[null,null,null,null,null,null,null,null,null,null,null,null,null,null,null,null,null,0]
[null,null,null,null,null,null,null,null,null,null,null,null,null,null,null,null,null,0]
[null,null,null,null,null,null,null,null,null,null,null,null,null,null,null,null,null,0]
[null,null,null,null,null,null,null,null,null,null,null,null,null,null,null,null,null,0]
[null,null,null,null,null,null,null,null,null,null,null,null,null,null,null,null,null,0]
[null,null,null,null,null,null,null,null,null,null,null,null,null,null,null,null,null,0]
[null,null,null,null,null,null,null,null,null,null,null,null,null,null,null,null,null,0]
[null,null,null,null,null,null,null,null,null,null,null,null,null,null,null,null,null,0]
[null,null,null,null,null,null,null,null,null,null,null,null,null,null,null,null,null,0]
[null,null,null,null,null,null,null,null,null,null,null,null,null,null,null,null,null,0]
[null,null,null,null,null,null,null,null,null,null,null,null,null,null,null,null,null,0]
[null,null,null,null,null,null,null,null,null,null,null,null,null,null,null,null,null,0]
[null,null,null,null,null,null,null,null,null,null,null,null,null,null,null,null,null,0]
[null,null,null,null,null,null,null,null,null,null,null,null,null,null,null,null,null,0]
[null,null,null,null,null,null,null,null,null,null,null,null,null,null,null,null,null,0]
[null,null,null,null,null,null,null,null,null,null,null,null,null,null,null,null,null,0]
[null,null,null,null,null,null,null,null,null,null,null,null,null,null,null,null,null,0]
[null,null,null,null,null,null,null,null,null,null,null,null,null,null,null,null,null,0]
[null,null,null,null,null,null,null,null,null,null,null,null,null,null,null,null,null,0]
[null,null,null,null,null,null,null,null,"SUBTOTAL",null,null,null,null,null,null,null,null,{"$f":"ROUND(+SUM(R1625:R1655),2)","v":0.28999999999999998}]
[null,null,null,null,null,null,null,null,"CANTIDAD DE  OBRA A EJECUTAR",null,null,null,null,null,null,null,{"$f":"+IFERROR(VLOOKUP(B1620,OBRAS_TIPO[],3,FALSE),\"\")","v":"m"},{"$f":"+IFERROR(VLOOKUP(B1620,OBRAS_TIPO[],4,FALSE),\"\")","v":0}]
[null,null,null,null,null,null,null,null,"TOTAL/OBRA A EJECUTAR",null,null,null,null,null,null,null,null,{"$f":"IFERROR(R1657*R1656,\"\")","v":0}]
[null,null,"OBSERVACIONES:"]
[]
[null,3,{"$f":"+IFERROR(VLOOKUP(B1661,LISTA_ITEMS[],2,FALSE),\"Falta ITEM\")","v":"PLACA HUELLA TIPO 2 CASO 2  ( Bord-Cto-Pp-Cto-Pp-Cto-Bord )"}]
[null,"3.5",{"$f":"+IFERROR(VLOOKUP(B1662,LISTA_ITEMS[],2,FALSE),\"Falta ITEM\")","v":"CONCRETO CUNETAS Y BORDILLOS"}]
[null,"3.5.1",{"$f":"+IFERROR(VLOOKUP(B1663,LISTA_ITEMS[],2,FALSE),\"Falta ITEM\")","v":"BORDILLO PREFABRICADO A15 (15x35x80cm)"},null,null,null,null,null,null,"Unidad de Medida",null,null,{"$f":"+IFERROR(VLOOKUP(B1663,LISTA_ITEMS[],3,FALSE),\"Falta ITEM\")","v":"m"},null,"Cantidad",null,null,{"$f":"+R1692","v":0}]
[null,null,"DESCRIPCIÓN GRAFICA",null,null,null,null,null,"No. ","DESCRIPCION",null,null,null,"DIMENSIONES (m)",null,null,null,"TOTAL"]
[null,null,null,null,null,null,null,null,null,null,null,null,null,"CANT.","LONG","ANCHO ","e /ALTURA"]
[null,null,null,null,null,null,null,null,1,"Bordillo A15 (15x35x80cm)",null,null,null,2,1,null,null,{"$f":"IFERROR(ROUND(IF($M$1663=\"m\",N1666*O1666,IF($M$1663=\"m³\",N1666*O1666*P1666*Q1666,IF($M$1663=\"kg\",N1666*O1666*Q1666,IF($M$1663=\"Und\",N1666,IF($M$1663=\"m²\",IF(AND(O1666>0,P1666>0,Q1666=0),N1666*O1666*P1666,IF(AND(O1666>0,P1666=0,Q1666>0),N1666*O1666*Q1666,IF(AND(N1666>0,O1666=0,P1666>0,Q1666>0),N1666*P1666*Q1666,IF(AND(N1666>0,Q1666>0,O1666=0,P1666>0),Q1666*P1666*N1666,\"\"))))))))),3),\" \")","v":2}]
[null,null,null,null,null,null,null,null,null,null,null,null,null,null,null,null,null,0]
[null,null,null,null,null,null,null,null,null,null,null,null,null,null,null,null,null,0]
[null,null,null,null,null,null,null,null,null,null,null,null,null,null,null,null,null,0]
[null,null,null,null,null,null,null,null,null,null,null,null,null,null,null,null,null,0]
[null,null,null,null,null,null,null,null,null,null,null,null,null,null,null,null,null,0]
[null,null,null,null,null,null,null,null,null,null,null,null,null,null,null,null,null,0]
[null,null,null,null,null,null,null,null,null,null,null,null,null,null,null,null,null,0]
[null,null,null,null,null,null,null,null,null,null,null,null,null,null,null,null,null,0]
[null,null,null,null,null,null,null,null,null,null,null,null,null,null,null,null,null,0]
[null,null,null,null,null,null,null,null,null,null,null,null,null,null,null,null,null,0]
[null,null,null,null,null,null,null,null,null,null,null,null,null,null,null,null,null,0]
[null,null,null,null,null,null,null,null,null,null,null,null,null,null,null,null,null,0]
[null,null,null,null,null,null,null,null,null,null,null,null,null,null,null,null,null,0]
[null,null,null,null,null,null,null,null,null,null,null,null,null,null,null,null,null,0]
[null,null,null,null,null,null,null,null,null,null,null,null,null,null,null,null,null,0]
[null,null,null,null,null,null,null,null,null,null,null,null,null,null,null,null,null,0]
[null,null,null,null,null,null,null,null,null,null,null,null,null,null,null,null,null,0]
[null,null,null,null,null,null,null,null,null,null,null,null,null,null,null,null,null,0]
[null,null,null,null,null,null,null,null,null,null,null,null,null,null,null,null,null,0]
[null,null,null,null,null,null,null,null,null,null,null,null,null,null,null,null,null,0]
[null,null,null,null,null,null,null,null,null,null,null,null,null,null,null,null,null,0]
[null,null,null,null,null,null,null,null,null,null,null,null,null,null,null,null,null,0]
[null,null,null,null,null,null,null,null,null,null,null,null,null,null,null,null,null,0]
[null,null,null,null,null,null,null,null,"SUBTOTAL ITEM",null,null,null,null,null,null,null,null,{"$f":"ROUND(+SUM(R1666:R1689),2)","v":2}]
[null,null,null,null,null,null,null,null,"CANTIDAD DE  OBRA A EJECUTAR",null,null,null,null,null,null,null,{"$f":"+IFERROR(VLOOKUP(B1661,OBRAS_TIPO[],3,FALSE),\"\")","v":"m"},{"$f":"+IFERROR(VLOOKUP(B1661,OBRAS_TIPO[],4,FALSE),\"\")","v":0}]
[null,null,null,null,null,null,null,null,"TOTAL/OBRA A EJECUTAR",null,null,null,null,null,null,null,null,{"$f":"IFERROR(R1691*R1690,\"\")","v":0}]
[null,null,"OBSERVACIONES:"]
[]
[null,3,{"$f":"+IFERROR(VLOOKUP(B1695,LISTA_ITEMS[],2,FALSE),\"Falta ITEM\")","v":"PLACA HUELLA TIPO 2 CASO 2  ( Bord-Cto-Pp-Cto-Pp-Cto-Bord )"}]
[null,"3.6",{"$f":"+IFERROR(VLOOKUP(B1696,LISTA_ITEMS[],2,FALSE),\"Falta ITEM\")","v":"ACERO REFUERZO"}]
[null,"3.6.1",{"$f":"+IFERROR(VLOOKUP(B1697,LISTA_ITEMS[],2,FALSE),\"Falta ITEM\")","v":"ACERO REFUERZO FLEJADO 60000 PSI - 420 Mpa"},null,null,null,null,null,null,"Unidad de Medida",null,null,{"$f":"+IFERROR(VLOOKUP(B1697,LISTA_ITEMS[],3,FALSE),\"Falta ITEM\")","v":"kg"},null,"Cantidad",null,null,{"$f":"+R1726","v":0}]
[null,null,"DESCRIPCIÓN GRAFICA",null,null,null,null,null,"No. ","DESCRIPCION",null,null,null,"DIMENSIONES (m)",null,null,null,"TOTAL"]
[null,null,null,null,null,null,null,null,null,null,null,null,null,"CANT.","LONG","# BARRA","PESO/m"]
[null,null,null,null,null,null,null,null,1,"EN HUELLAS SENCILLAS →",null,null,null,{"$f":"2*ROUND(1/0.2+1,0)","v":12},0.95,3,0.56000000000000005,{"$f":"IFERROR(ROUND(IF($M$1697=\"m\",N1700*O1700,IF($M$1697=\"m³\",N1700*O1700*P1700*Q1700,IF($M$1697=\"kg\",N1700*O1700*Q1700,IF($M$1697=\"Und\",N1700,IF($M$1697=\"m²\",IF(AND(O1700>0,P1700>0,Q1700=0),N1700*O1700*P1700,IF(AND(O1700>0,P1700=0,Q1700>0),N1700*O1700*Q1700,IF(AND(N1700>0,O1700=0,P1700>0,Q1700>0),N1700*P1700*Q1700,IF(AND(N1700>0,Q1700>0,O1700=0,P1700>0),Q1700*P1700*N1700,\"\"))))))))),3),\" \")","v":6.3840000000000003}]
[null,null,null,null,null,null,null,null,{"$f":"I1700+1","v":2},"EN HUELLA DOBLE →",null,null,null,{"$f":"ROUND(1/0.2+1,0)","v":6},1.4,3,0.56000000000000005,4.7039999999999997]
[null,null,null,null,null,null,null,null,{"$f":"I1701+1","v":3},"EN HUELLAS SENCILLAS ↓",null,null,null,{"$f":"2*ROUND(0.95/0.2+1,0)","v":12},1,3,0.56000000000000005,6.72]
[null,null,null,null,null,null,null,null,4,"EN HUELLA DOBLE ↓",null,null,null,{"$f":"ROUND(1.4/0.2+1,0)","v":8},1,3,0.56000000000000005,4.4800000000000004]
[null,null,null,null,null,null,null,null,5,"VIGA RIOSTRA LONGITUDINAL",null,null,null,{"$f":"ROUND(4*2/3,0)","v":3},6.1,3,0.56000000000000005,10.247999999999999]
[null,null,null,null,null,null,null,null,6,"VIGA RIOSTRA FLEJES",null,null,null,{"$f":"ROUND(2/3*((6.2-2*0.05-0.0095)/0.2+1),0)","v":21},0.64,3,0.56000000000000005,7.525999999999999